{"text_format":"3","workbook":"xls","n_sheets":9,"sheets":["PLANILHA AJUSTADA","PLANILHA ORIGINAL","CRONOGRAMA","RESUMO","QCI","Cotação","INDICE","SEINFRA","SINAPI 12.24"],"not_rendered":{"images":4,"external_links":4,"defined_names":12},"read":"whole","date_system":"1900","formulas":"cached_only"}

{"sheet":"PLANILHA AJUSTADA","index":0,"n_rows":580,"n_cols":15,"rows_kept":580,"merged":[[0,0,2,14],[3,0,3,6],[3,11,3,14],[4,1,4,6],[4,11,4,14],[5,1,5,3],[5,11,5,14],[6,1,6,3],[6,5,6,6],[6,11,6,14],[7,1,7,3],[7,5,7,6],[7,11,7,14],[8,0,9,14],[10,6,10,9],[11,0,11,14],[12,6,12,9],[13,6,13,9],[14,6,14,9],[15,6,15,9],[16,6,16,9],[17,6,17,9],[18,6,18,9],[19,6,19,9],[20,6,20,9],[21,0,21,10],[22,0,22,14],[23,6,23,9],[24,6,24,9],[25,6,25,9],[26,6,26,9],[27,0,27,10],[28,0,28,14],[29,6,29,9],[30,6,30,9],[31,6,31,9],[32,6,32,9],[33,6,33,9],[34,6,34,9],[35,6,35,9],[36,6,36,9],[37,6,37,9],[38,6,38,9],[39,6,39,9],[40,6,40,9],[41,6,41,9],[42,0,42,10],[43,0,43,14],[44,6,44,9],[45,6,45,9],[46,6,46,9],[47,6,47,9],[48,6,48,9],[49,6,49,9],[50,6,50,9],[51,6,51,9],[52,6,52,9],[53,6,53,9],[54,6,54,9],[55,6,55,9],[56,6,56,9],[57,6,57,9],[58,6,58,9],[59,6,59,9],[60,6,60,9],[61,6,61,9],[62,6,62,9],[63,6,63,9],[64,6,64,9],[65,6,65,9],[66,6,66,9],[67,6,67,9],[68,6,68,9],[69,6,69,9],[70,0,70,10],[71,0,71,14],[72,6,72,9],[73,6,73,9],[74,6,74,9],[75,6,75,9],[76,6,76,9],[77,6,77,9],[78,6,78,9],[79,6,79,9],[80,6,80,9],[81,6,81,9],[82,6,82,9],[83,6,83,9],[84,6,84,9],[85,6,85,9],[86,6,86,9],[87,6,87,9],[88,6,88,9],[89,6,89,9],[90,6,90,9],[91,6,91,9],[92,6,92,9],[93,6,93,9],[94,6,94,9],[95,6,95,9],[96,6,96,9],[97,6,97,9],[98,6,98,9],[99,0,99,10],[100,0,100,14],[101,6,101,9],[102,6,102,9],[103,6,103,9],[104,6,104,9],[105,6,105,9],[106,6,106,9],[107,6,107,9],[108,6,108,9],[109,6,109,9],[110,6,110,9],[111,6,111,9],[112,0,112,10],[113,0,113,14],[114,6,114,9],[115,6,115,9],[116,6,116,9],[117,6,117,9],[118,6,118,9],[119,6,119,9],[120,6,120,9],[121,6,121,9],[122,6,122,9],[123,6,123,9],[124,6,124,9],[125,6,125,9],[126,6,126,9],[127,6,127,9],[128,6,128,9],[129,6,129,9],[130,6,130,9],[131,6,131,9],[132,6,132,9],[133,6,133,9],[134,6,134,9],[135,6,135,9],[136,6,136,9],[137,6,137,9],[138,6,138,9],[139,6,139,9],[140,6,140,9],[141,6,141,9],[142,6,142,9],[143,6,143,9],[144,6,144,9],[145,6,145,9],[146,6,146,9],[147,6,147,9],[148,6,148,9],[149,6,149,9],[150,6,150,9],[151,6,151,9],[152,6,152,9],[153,6,153,9],[154,6,154,9],[155,6,155,9],[156,6,156,9],[157,6,157,9],[158,6,158,9],[159,6,159,9],[160,0,160,10],[161,0,161,14],[162,6,162,9],[163,6,163,9],[164,6,164,9],[165,6,165,9],[166,6,166,9],[167,6,167,9],[168,6,168,9],[169,6,169,9],[170,6,170,9],[171,0,171,10],[172,0,172,14],[173,6,173,9],[174,6,174,9],[175,6,175,9],[176,6,176,9],[177,6,177,9],[178,6,178,9],[179,0,179,10],[180,0,180,14],[181,6,181,9],[182,6,182,9],[183,6,183,9],[184,6,184,9],[185,6,185,9],[186,6,186,9],[187,6,187,9],[188,6,188,9],[189,6,189,9],[190,6,190,9],[191,6,191,9],[192,6,192,9],[193,0,193,10],[194,0,194,14],[195,6,195,9],[196,6,196,9],[197,6,197,9],[198,6,198,9],[199,6,199,9],[200,6,200,9],[201,6,201,9],[202,6,202,9],[203,6,203,9],[204,6,204,9],[205,6,205,9],[206,6,206,9],[207,6,207,9],[208,6,208,9],[209,6,209,9],[210,6,210,9],[211,6,211,9],[212,6,212,9],[213,6,213,9],[214,6,214,9],[215,6,215,9],[216,6,216,9],[217,6,217,9],[218,0,218,10],[219,0,219,14],[220,6,220,9],[221,6,221,9],[222,6,222,9],[223,6,223,9],[224,6,224,9],[225,6,225,9],[226,6,226,9],[227,6,227,9],[228,6,228,9],[229,6,229,9],[230,6,230,9],[231,6,231,9],[232,6,232,9],[233,6,233,9],[234,6,234,9],[235,6,235,9],[236,6,236,9],[237,0,237,10],[238,0,238,14],[239,6,239,9],[240,6,240,9],[241,6,241,9],[242,6,242,9],[243,6,243,9],[244,6,244,9],[245,6,245,9],[246,6,246,9],[247,6,247,9],[248,6,248,9],[249,6,249,9],[250,6,250,9],[251,6,251,9],[252,6,252,9],[253,6,253,9],[254,6,254,9],[255,6,255,9],[256,6,256,9],[257,6,257,9],[258,6,258,9],[259,6,259,9],[260,6,260,9],[261,6,261,9],[262,6,262,9],[263,6,263,9],[264,6,264,9],[265,6,265,9],[266,6,266,9],[267,6,267,9],[268,6,268,9],[269,6,269,9],[270,6,270,9],[271,6,271,9],[272,6,272,9],[273,0,273,10],[274,0,274,14],[275,6,275,9],[276,6,276,9],[277,6,277,9],[278,6,278,9],[279,6,279,9],[280,6,280,9],[281,6,281,9],[282,6,282,9],[283,6,283,9],[284,6,284,9],[285,6,285,9],[286,6,286,9],[287,6,287,9],[288,6,288,9],[289,6,289,9],[290,6,290,9],[291,6,291,9],[292,0,292,10],[293,0,293,14],[294,6,294,9],[295,6,295,9],[296,6,296,9],[297,6,297,9],[298,6,298,9],[299,6,299,9],[300,6,300,9],[301,6,301,9],[302,6,302,9],[303,6,303,9],[304,6,304,9],[305,6,305,9],[306,6,306,9],[307,6,307,9],[308,6,308,9],[309,6,309,9],[310,6,310,9],[311,0,311,10],[312,0,312,14],[313,6,313,9],[314,6,314,9],[315,6,315,9],[316,6,316,9],[317,6,317,9],[318,6,318,9],[319,6,319,9],[320,6,320,9],[321,6,321,9],[322,6,322,9],[323,6,323,9],[324,6,324,9],[325,6,325,9],[326,6,326,9],[327,6,327,9],[328,6,328,9],[329,6,329,9],[330,6,330,9],[331,6,331,9],[332,6,332,9],[333,6,333,9],[334,6,334,9],[335,6,335,9],[336,6,336,9],[337,6,337,9],[338,6,338,9],[339,6,339,9],[340,0,340,10],[341,0,341,14],[342,6,342,9],[343,6,343,9],[344,6,344,9],[345,6,345,9],[346,6,346,9],[347,6,347,9],[348,6,348,9],[349,6,349,9],[350,6,350,9],[351,0,351,10],[352,0,352,14],[353,6,353,9],[354,6,354,9],[355,6,355,9],[356,6,356,9],[357,6,357,9],[358,6,358,9],[359,6,359,9],[360,6,360,9],[361,6,361,9],[362,6,362,9],[363,6,363,9],[364,6,364,9],[365,6,365,9],[366,6,366,9],[367,6,367,9],[368,6,368,9],[369,6,369,9],[370,6,370,9],[371,6,371,9],[372,6,372,9],[373,6,373,9],[374,6,374,9],[375,6,375,9],[376,6,376,9],[377,6,377,9],[378,6,378,9],[379,6,379,9],[380,6,380,9],[381,6,381,9],[382,6,382,9],[383,6,383,9],[384,6,384,9],[385,6,385,9],[386,6,386,9],[387,6,387,9],[388,6,388,9],[389,6,389,9],[390,6,390,9],[391,6,391,9],[392,6,392,9],[393,6,393,9],[394,6,394,9],[395,6,395,9],[396,6,396,9],[397,6,397,9],[398,6,398,9],[399,6,399,9],[400,6,400,9],[401,6,401,9],[402,6,402,9],[403,6,403,9],[404,6,404,9],[405,6,405,9],[406,6,406,9],[407,6,407,9],[408,6,408,9],[409,6,409,9],[410,6,410,9],[411,6,411,9],[412,0,412,10],[413,0,413,14],[414,6,414,9],[415,6,415,9],[416,6,416,9],[417,6,417,9],[418,6,418,9],[419,6,419,9],[420,6,420,9],[421,6,421,9],[422,6,422,9],[423,6,423,9],[424,6,424,9],[425,6,425,9],[426,6,426,9],[427,6,427,9],[428,6,428,9],[429,6,429,9],[430,6,430,9],[431,6,431,9],[432,6,432,9],[433,6,433,9],[434,6,434,9],[435,6,435,9],[436,6,436,9],[437,6,437,9],[438,6,438,9],[439,6,439,9],[440,6,440,9],[441,6,441,9],[442,6,442,9],[443,6,443,9],[444,6,444,9],[445,6,445,9],[446,6,446,9],[447,6,447,9],[448,6,448,9],[449,6,449,9],[450,6,450,9],[451,6,451,9],[452,6,452,9],[453,6,453,9],[454,6,454,9],[455,6,455,9],[456,6,456,9],[457,6,457,9],[458,6,458,9],[459,6,459,9],[460,6,460,9],[461,6,461,9],[462,6,462,9],[463,6,463,9],[464,6,464,9],[465,6,465,9],[466,6,466,9],[467,6,467,9],[468,6,468,9],[469,6,469,9],[470,6,470,9],[471,6,471,9],[472,6,472,9],[473,6,473,9],[474,6,474,9],[475,6,475,9],[476,0,476,10],[477,0,477,14],[478,6,478,9],[479,6,479,9],[480,0,480,10],[481,0,481,14],[482,6,482,9],[483,6,483,9],[484,6,484,9],[485,6,485,9],[486,6,486,9],[487,6,487,9],[488,6,488,9],[489,6,489,9],[490,6,490,9],[491,6,491,9],[492,6,492,9],[493,6,493,9],[494,6,494,9],[495,6,495,9],[496,6,496,9],[497,6,497,9],[498,6,498,9],[499,6,499,9],[500,6,500,9],[501,6,501,9],[502,6,502,9],[503,6,503,9],[504,6,504,9],[505,6,505,9],[506,6,506,9],[507,6,507,9],[508,6,508,9],[509,6,509,9],[510,6,510,9],[511,6,511,9],[512,6,512,9],[513,6,513,9],[514,6,514,9],[515,6,515,9],[516,6,516,9],[517,6,517,9],[518,0,518,10],[519,0,519,14],[520,6,520,9],[521,6,521,9],[522,6,522,9],[523,6,523,9],[524,6,524,9],[525,6,525,9],[526,6,526,9],[527,6,527,9],[528,6,528,9],[529,6,529,9],[530,0,530,10],[531,0,531,14],[532,6,532,9],[533,6,533,9],[534,6,534,9],[535,6,535,9],[536,6,536,9],[537,6,537,9],[538,6,538,9],[539,6,539,9],[540,6,540,9],[541,6,541,9],[542,6,542,9],[543,6,543,9],[544,6,544,9],[545,0,545,10],[546,0,546,14],[547,6,547,9],[548,6,548,9],[549,6,549,9],[550,6,550,9],[551,6,551,9],[552,6,552,9],[553,6,553,9],[554,6,554,9],[555,6,555,9],[556,6,556,9],[557,6,557,9],[558,6,558,9],[559,6,559,9],[560,6,560,9],[561,6,561,9],[562,6,562,9],[563,6,563,9],[564,6,564,9],[565,0,565,10],[566,0,566,14],[567,6,567,9],[568,6,568,9],[569,0,569,10],[570,0,570,14],[571,0,571,10]],"flags":["formulas_cached_only"]}
[]
[]
[]
["DADOS DA OBRA"]
["PROJETO:","CONSTRUÇÃO ESCOLA DE EDUCAÇÃO INFANTIL TIPO B"]
["ID DE IDENT:","ID 20106",null,null,"BDI",{"v":0.255,"d":"25.50%"},{"$nulls":5},"Serviço complementar remanescente do pacto original - executado parcialmente no contrato anterior, ou que será mantido por ocasião da repactuação, ou mesmo que deverá ser refeito por ocasião da retomada da obra."]
["NOME OBRA:","CONSTRUÇÃO DE ESCOLA DE EDUCAÇÃO INFANTIL TIPO B",null,null,"Refer.:","INCC 01/2025",{"$nulls":5},"Novos serviços incluídos na planilha em decorrência de elementos ou sistemas construtivos condenados no laudo Técnico de vistoria. (Exemplos, tais como: demolições, remoções, retiradas, refazimentos, bota-foras, outros)"]
["Endereço:","Rua Rui Barbosa, S/N, Jardim Popular, São José dos Quatro Marcos-MT",null,null,"Encargos sociais:","SEM desoneração",{"$nulls":5},"Serviços provenientes de alterações de Projeto (Serviços trocados por outros serviços ou alteração de especificação técnica de materiais). Exemplos: adequações de acessibilidade, acréscimos e outras adequações pertinentes."]
["Planilha Orçamentária "]
[]
["ITEM","CÓDIGO","FONTE","DESCRIÇÃO DOS SERVIÇOS","UNID.","QUANT.","DATA BASE",{"$nulls":3},"PR. UNIT.(R$) sem BDI","FATOR DE CORREÇÃO","PREÇO UNITARIO CORRIGIDO","PR. UNIT.(R$) com BDI","VALOR (R$)"]
[]
[1,null,null,"SERVIÇOS PRELIMINARES ",{"$nulls":10},{"v":55468.729999999996,"d":"55,468.73"}]
["1.1","74209/1","SINAPI","Placa da obra - padrão Governo Federal"," m²",{"v":10,"d":"10.00"},"06/2014",{"$nulls":3},{"v":315.1,"d":"315.10"},{"v":1.9681656798756928,"d":"1.97"},620.16,{"v":778.3,"d":"778.30"},{"v":7783,"d":"7,783.00"}]
["1.2","C2851","SEINFRA","Instalação provisória de água ","un",{"v":1,"d":"1.00"},"03/2021",{"$nulls":3},{"v":1036.79,"d":"1,036.79"},{"v":1.3281409575525551,"d":"1.33"},{"v":1377,"d":"1,377.00"},{"v":1728.13,"d":"1,728.13"},{"v":1728.13,"d":"1,728.13"}]
["1.2","73960/1","SINAPI","Instalação provisória de energia elétrica em baixa tensão ","un",{"v":1,"d":"1.00"},"06/2014",{"$nulls":3},{"v":1128.18,"d":"1,128.18"},{"v":1.9681656798756928,"d":"1.97"},{"v":2220.44,"d":"2,220.44"},{"v":2786.65,"d":"2,786.65"},{"v":2786.65,"d":"2,786.65"}]
["1.4","C2849","SEINFRA","Instalações provisórias de esgoto","un",{"v":1,"d":"1.00"},"03/2021",{"$nulls":3},{"v":206,"d":"206.00"},{"v":1.3281409575525551,"d":"1.33"},273.59,343.35,343.35]
["1.5","73805/1","SINAPI","Barracões provisórios (depósito, escritório, vestiário e refeitório) com piso cimentado"," m²",{"v":60,"d":"60.00"},"06/2014",{"$nulls":3},233.87,{"v":1.9681656798756928,"d":"1.97"},460.29,577.66,{"v":34659.6,"d":"34,659.60"}]
["1.6","74077/1","SINAPI","Locação da obra (execução de gabarito) "," m²",0,"06/2014",{"$nulls":3},5.72,{"v":1.9681656798756928,"d":"1.97"},11.25,14.11,{"v":0,"d":"0.00"}]
["1.7","C2290","SEINFRA","Sondagem do terreno ( 7 furos - um a cada 200 m2)","un",0,"03/2021",{"$nulls":3},54.52,{"v":1.3281409575525551,"d":"1.33"},72.41,90.87,{"v":0,"d":"0.00"}]
["1.8","74220/1","SINAPI","Tapume de chapa de madeira compensada (6mm)"," m²",{"v":80,"d":"80.00"},"06/2014",{"$nulls":3},41.34,{"v":1.9681656798756928,"d":"1.97"},81.36,{"v":102.1,"d":"102.10"},{"v":8168,"d":"8,168.00"}]
["Subtotal ",{"$nulls":13},{"v":55468.729999999996,"d":"55,468.73"}]
[]
[2,null,null,"DEMOLIÇÃO/REMOÇÃO",{"$nulls":10},{"v":5491.1008,"d":"5,491.10"}]
["2.1",97627,"SINAPI","DEMOLIÇÃO DE PILARES E VIGAS EM CONCRETO ARMADO, DE FORMA MECANIZADA COM MARTELETE, SEM REAPROVEITAMENTO. AF_12/2017","m³",20.96,"12/2023",{"$nulls":3},194.33,{"v":1.0742470909077544,"d":"1.07"},208.75,261.98,{"v":5491.1008,"d":"5,491.10"}]
["2.2",97633,"SINAPI","DEMOLIÇÃO DE REVESTIMENTO CERÂMICO, DE FORMA MANUAL, SEM REAPROVEITAMENTO. AF_12/2017","m²",{"v":1510.83,"d":"1,510.83"},"12/2023",{"$nulls":3},21.58,{"v":1.0742470909077544,"d":"1.07"},23.18,29.09,{"v":43950.0447,"d":"43,950.04"}]
["2.3","1619003","SICRO","Demolição mecânica de concreto armado com escavadeira hidráulica","m³",3.01,"12/2023",{"$nulls":3},74.69,{"v":1.0742470909077544,"d":"1.07"},80.23,100.68,{"v":303.0468,"d":"303.05"}]
["Subtotal ",{"$nulls":13},{"v":5491.1008,"d":"5,491.10"}]
[]
[3,null,null,"MOVIMENTO DE TERRAS PARA FUNDAÇÕES",{"$nulls":10},{"v":9847.57096,"d":"9,847.57"}]
["2.1",55835,"SINAPI","Aterro apiloado em camadas de 0,20 m com material argilo - arenoso (entre baldrames)","m³",0,"06/2014",{"$nulls":3},41.83,{"v":1.9681656798756928,"d":"1.97"},82.32,103.31,{"v":0,"d":"0.00"}]
["2.2","73965/10","SINAPI","Escavação manual de valas em qualquer terreno exceto rocha até h=1,50 m ","m³",0,"06/2014",{"$nulls":3},41.83,{"v":1.9681656798756928,"d":"1.97"},82.32,103.31,{"v":0,"d":"0.00"}]
["2.3",79483,"SINAPI","Regularização e compactação do fundo de valas ","m²",0,"06/2014",{"$nulls":3},17.92,{"v":1.9681656798756928,"d":"1.97"},35.26,44.25,{"v":0,"d":"0.00"}]
["2.4",53527,"SINAPI","Reaterro apiloado de vala com material da obra  ","m³",0,"06/2014",{"$nulls":3},47.81,{"v":1.9681656798756928,"d":"1.97"},94.09,118.08,{"v":0,"d":"0.00"}]
[{"$nulls":3},"MURETA"]
["3.1","73965/10","SINAPI","Escavação manual de valas em qualquer terreno exceto rocha até h=1,50 m ","m³",{"v":36.343999999999994,"d":"36.34"},"06/2014",{"$nulls":3},41.83,{"v":1.9681656798756928,"d":"1.97"},82.32,103.31,{"v":3754.6986399999996,"d":"3,754.70"}]
["3.2",79483,"SINAPI","Regularização e compactação do fundo de valas ","m²",{"v":44,"d":"44.00"},"06/2014",{"$nulls":3},17.92,{"v":1.9681656798756928,"d":"1.97"},35.26,44.25,{"v":1947,"d":"1,947.00"}]
["3.3",53527,"SINAPI","Reaterro apiloado de vala com material da obra  ","m³",{"v":29.193999999999996,"d":"29.19"},"06/2014",{"$nulls":3},47.81,{"v":1.9681656798756928,"d":"1.97"},94.09,118.08,{"v":3447.2275199999995,"d":"3,447.23"}]
[{"$nulls":3},"CASTELO D'ÁGUA"]
["3.4","73965/10","SINAPI","Escavação manual de valas em qualquer terreno exceto rocha até h=1,50 m ","m³",0,"06/2014",{"$nulls":3},41.83,{"v":1.9681656798756928,"d":"1.97"},82.32,103.31,{"v":0,"d":"0.00"}]
["3.5",79483,"SINAPI","Regularização e compactação do fundo de valas ","m²",12.96,"06/2014",{"$nulls":3},17.92,{"v":1.9681656798756928,"d":"1.97"},35.26,44.25,573.48]
["3.6",53527,"SINAPI","Reaterro apiloado de vala com material da obra  ","m³",1.06,"06/2014",{"$nulls":3},47.81,{"v":1.9681656798756928,"d":"1.97"},94.09,118.08,{"v":125.1648,"d":"125.16"}]
["Subtotal ",{"$nulls":13},{"v":9847.57096,"d":"9,847.57"}]
[]
[4,null,null,"FUNDAÇÕES",{"$nulls":10},{"v":81566.72123636365,"d":"81,566.72"}]
[{"$nulls":3},"CONCRETO ARMADO PARA FUNDAÇÕES "]
["3.1","74156/3","SINAPI","Estaca a trado (broca) d=20 cm com concreto fck=15 Mpa (sem armação)","m",0,"06/2014",{"$nulls":3},39.67,{"v":1.9681656798756928,"d":"1.97"},78.07,97.97,{"v":0,"d":"0.00"}]
["3.2","73907/6","SINAPI","Lastro de concreto magro (e=3,0 cm) - preparo mecânico","m²",0,"06/2014",{"$nulls":3},78.59,{"v":1.9681656798756928,"d":"1.97"},154.67,194.11,{"v":0,"d":"0.00"}]
["3.3",5651,"SINAPI","Forma de madeira comum para Fundações  - reaproveitamento 5X","m²",0,"06/2014",{"$nulls":3},23.88,{"v":1.9681656798756928,"d":"1.97"},46.99,58.97,{"v":0,"d":"0.00"}]
["3.4","74254/2","SINAPI","Armação aço CA-50, Diam. 6,3 (1/4) á 12,5mm(1/2) -Fornecimento/corte perda de 10%) / dobra / colocação.","kg",0,"06/2014",{"$nulls":3},6.75,{"v":1.9681656798756928,"d":"1.97"},13.28,16.66,{"v":0,"d":"0.00"}]
["3.5","73942/2","SINAPI","Armação de aço  CA-60 Diam. 3,4 a 6,0mm-Fornecimento/corte perda de 10%) / dobra / colocação.","kg",0,"06/2014",{"$nulls":3},{"v":6.6,"d":"6.60"},{"v":1.9681656798756928,"d":"1.97"},12.98,16.28,{"v":0,"d":"0.00"}]
["3.6","74138/3","SINAPI","Concreto para Fundação fck=25MPa, incluindo preparo, lançamento, adensamento.","m³",0,"06/2014",{"$nulls":3},363.24,{"v":1.9681656798756928,"d":"1.97"},714.91,897.21,{"v":0,"d":"0.00"}]
[{"$nulls":3},"CONCRETO ARMADO PARA FUNDAÇÕES - VIGAS BALDRAMES",{"$nulls":8},{"v":0,"d":"0.00"},{"v":0,"d":"0.00"},{"v":0,"d":"0.00"}]
["3.7",5651,"SINAPI","Forma de madeira comum para Fundações  - reaproveitamento 5X","m²",0,"06/2014",{"$nulls":3},23.88,{"v":1.9681656798756928,"d":"1.97"},46.99,58.97,{"v":0,"d":"0.00"}]
["3.8","74254/2","SINAPI","Armação aço CA-50, Diam. 6,3 (1/4) á 12,5mm(1/2) -Fornecimento/corte perda de 10%) / dobra / colocação.","kg",0,"06/2014",{"$nulls":3},6.75,{"v":1.9681656798756928,"d":"1.97"},13.28,16.66,{"v":0,"d":"0.00"}]
["3.9","73942/2","SINAPI","Armação de aço  CA-60 Diam. 3,4 a 6,0mm-Fornecimento/corte perda de 10%) / dobra / colocação.","kg",0,"06/2014",{"$nulls":3},{"v":6.6,"d":"6.60"},{"v":1.9681656798756928,"d":"1.97"},12.98,16.28,{"v":0,"d":"0.00"}]
["3.10","74138/3","SINAPI","Concreto para Fundação fck=25MPa, incluindo preparo, lançamento, adensamento.","m³",0,"06/2014",{"$nulls":3},363.24,{"v":1.9681656798756928,"d":"1.97"},714.91,897.21,{"v":0,"d":"0.00"}]
[{"$nulls":3},"MURETA - FUNDAÇÕES (ESTACAS, BLOCOS E VIGA BALDRAME)"]
["4.1","73907/6","SINAPI","Lastro de concreto magro, e=3,0 cm-preparo mecânico","m²",31.68,"06/2014",{"$nulls":3},78.59,{"v":1.9681656798756928,"d":"1.97"},154.67,194.11,{"v":6149.4048,"d":"6,149.40"}]
["4.2",5651,"SINAPI","Forma de madeira comum para Fundações  - reaproveitamento 5X","m²",295.16,"06/2014",{"$nulls":3},23.88,{"v":1.9681656798756928,"d":"1.97"},46.99,58.97,{"v":17405.5852,"d":"17,405.59"}]
["4.3","74254/2","SINAPI","Armação aço CA-50, Diam. 6,3 (1/4) á 12,5mm(1/2) -Fornecimento/corte perda de 10%) / dobra / colocação.","kg",{"v":655.2727272727271,"d":"655.27"},"06/2014",{"$nulls":3},6.75,{"v":1.9681656798756928,"d":"1.97"},13.28,16.66,{"v":10916.843636363634,"d":"10,916.84"}]
["4.4","73942/2","SINAPI","Armação de aço  CA-60 Diam. 3,4 a 6,0mm-Fornecimento/corte perda de 10%) / dobra / colocação.","kg",{"v":439.8181818181818,"d":"439.82"},"06/2014",{"$nulls":3},{"v":6.6,"d":"6.60"},{"v":1.9681656798756928,"d":"1.97"},12.98,16.28,{"v":7160.240000000001,"d":"7,160.24"}]
["4.5","74138/3","SINAPI","Concreto para Fundação fck=25MPa, incluindo preparo, lançamento, adensamento.","m³",20.51,"06/2014",{"$nulls":3},363.24,{"v":1.9681656798756928,"d":"1.97"},714.91,897.21,{"v":18401.777100000003,"d":"18,401.78"}]
[{"$nulls":3},"FUNDAÇÃO DO CASTELO D'ÁGUA"]
["4.6",72819,"SINAPI","Estaca a trado (broca) d=30 cm com concreto fck=15 Mpa (sem armação) - 3,5 m","m",{"v":77,"d":"77.00"},"06/2014",{"$nulls":3},78.59,{"v":1.9681656798756928,"d":"1.97"},154.67,194.11,{"v":14946.470000000001,"d":"14,946.47"}]
["4.7","73907/6","SINAPI","Lastro de concreto magro, e=3,0 cm-reparo mecânico","m²",10.87,"06/2014",{"$nulls":3},17.52,{"v":1.9681656798756928,"d":"1.97"},34.48,43.27,{"v":470.3449,"d":"470.34"}]
["4.8",5651,"SINAPI","Forma de madeira comum para Fundções  - reaproveitamento 5X","m²",29.01,"06/2014",{"$nulls":3},23.88,{"v":1.9681656798756928,"d":"1.97"},46.99,58.97,{"v":1710.7197,"d":"1,710.72"}]
["4.9","74254/2","SINAPI","Armação aço CA-50, Diam. 6,3 (1/4) á 12,5mm(1/2) -Fornecimento/corte perda de 10%) / dobra / colocação.","kg",50.27,"06/2014",{"$nulls":3},6.75,{"v":1.9681656798756928,"d":"1.97"},13.28,16.66,{"v":837.4982000000001,"d":"837.50"}]
["4.10","73942/2","SINAPI","Armação de aço  CA-60 Diam. 3,4 a 6,0mm-Fornecimento/corte perda de 10%) / dobra / colocação.","kg",53.27,"06/2014",{"$nulls":3},{"v":6.6,"d":"6.60"},{"v":1.9681656798756928,"d":"1.97"},12.98,16.28,{"v":867.2356000000001,"d":"867.24"}]
["4.11","74138/3","SINAPI","Concreto  fck=25MPa, incluindo preparo, lançamento e adensamento.","m³",3.01,"06/2014",{"$nulls":3},363.24,{"v":1.9681656798756928,"d":"1.97"},714.91,897.21,{"v":2700.6021,"d":"2,700.60"}]
["Subtotal ",{"$nulls":13},{"v":81566.72123636365,"d":"81,566.72"}]
[]
[5,null,null,"SUPERESTRUTURA ",{"$nulls":10},{"v":230364.06449999995,"d":"230,364.06"}]
[{"$nulls":3},"CONCRETO ARMADO - PILARES"]
["5.1",84216,"SINAPI","Forma em chapa de madeira compensada resinada- Pilares","m²",63.17,"06/2014",{"$nulls":3},24.62,{"v":1.9681656798756928,"d":"1.97"},48.45,{"v":60.8,"d":"60.80"},{"v":3840.736,"d":"3,840.74"}]
["5.2","74254/2","SINAPI","Armação aço CA-50, Diam. 6,3 (1/4) á 12,5mm(1/2) -Fornecimento/corte perda de 10%) / dobra / colocação.","kg",{"v":125.4,"d":"125.40"},"06/2014",{"$nulls":3},6.75,{"v":1.9681656798756928,"d":"1.97"},13.28,16.66,{"v":2089.164,"d":"2,089.16"}]
["5.3","73942/2","SINAPI","Armação de aço  CA-60 Diam. 3,4 a 6,0mm-Fornecimento/corte perda de 10%) / dobra / colocação.","kg",{"v":60,"d":"60.00"},"06/2014",{"$nulls":3},{"v":6.6,"d":"6.60"},{"v":1.9681656798756928,"d":"1.97"},12.98,16.28,{"v":976.8000000000001,"d":"976.80"}]
["5.4","74138/3","SINAPI","Concreto Bombeado fck=25MPa, incluindo preparo, lançamento e adensamento.","m³",{"v":2.1,"d":"2.10"},"06/2014",{"$nulls":3},363.24,{"v":1.9681656798756928,"d":"1.97"},714.91,897.21,{"v":1884.141,"d":"1,884.14"}]
[{"$nulls":3},"CONCRETO ARMADO - VIGAS"]
["5.5",84216,"SINAPI","Forma madeira comp. resinada 12mm p/ Estrutura corte/ Montagem/ Escoramento/ Desforma-  Vigas","m²",{"v":98.7,"d":"98.70"},"06/2014",{"$nulls":3},24.62,{"v":1.9681656798756928,"d":"1.97"},48.45,{"v":60.8,"d":"60.80"},{"v":6000.96,"d":"6,000.96"}]
["5.6","74254/2","SINAPI","Armação aço CA-50, Diam. 6,3 (1/4) á 12,5mm(1/2) -Fornecimento/corte perda de 10%) / dobra / colocação.","kg",{"v":195.6,"d":"195.60"},"06/2014",{"$nulls":3},6.75,{"v":1.9681656798756928,"d":"1.97"},13.28,16.66,{"v":3258.696,"d":"3,258.70"}]
["5.7","73942/2","SINAPI","Armação de aço  CA-60 Diam. 3,4 a 6,0mm-Fornecimento/corte perda de 10%) / dobra / colocação.","kg",74.23,"06/2014",{"$nulls":3},{"v":6.6,"d":"6.60"},{"v":1.9681656798756928,"d":"1.97"},12.98,16.28,{"v":1208.4644,"d":"1,208.46"}]
["5.8","74138/3","SINAPI","Concreto Bombeado fck=25MPa, incluindo preparo, lançamento e adensamento.","m³",{"v":5.2,"d":"5.20"},"06/2014",{"$nulls":3},363.24,{"v":1.9681656798756928,"d":"1.97"},714.91,897.21,{"v":4665.492,"d":"4,665.49"}]
[{"$nulls":3},"CONCRETO ARMADO - LAJES"]
["4.9",84214,"SINAPI","Forma madeira comp. resinada 12mm p/ Estrutura corte/ Montagem/ Escoramento/ Desforma- Lajes","m²",0,"06/2014",{"$nulls":3},{"v":42.4,"d":"42.40"},{"v":1.9681656798756928,"d":"1.97"},83.45,104.72,{"v":0,"d":"0.00"}]
["4.10","74254/2","SINAPI","Armação aço CA-50, Diam. 6,3 (1/4) á 12,5mm(1/2) -Fornecimento/corte perda de 10%) / dobra / colocação.","kg",0,"06/2014",{"$nulls":3},6.75,{"v":1.9681656798756928,"d":"1.97"},13.28,16.66,{"v":0,"d":"0.00"}]
["4.11","73942/2","SINAPI","Armação de aço  CA-60 Diam. 3,4 a 6,0mm-Fornecimento/corte perda de 10%) / dobra / colocação.","kg",0,"06/2014",{"$nulls":3},{"v":6.6,"d":"6.60"},{"v":1.9681656798756928,"d":"1.97"},12.98,16.28,{"v":0,"d":"0.00"}]
["4.12","74138/3","SINAPI","Concreto Bombeado fck=25MPa, incluindo preparo, lançamento e adensamento.","m³",0,"06/2014",{"$nulls":3},363.24,{"v":1.9681656798756928,"d":"1.97"},714.91,897.21,{"v":0,"d":"0.00"}]
[{"$nulls":3},"CONCRETO ARMADO PARA VERGAS"]
["4.13",83901,"SINAPI","Verga pré-moldada em concreto armado fck 15Mpa - 10x10cm, conforme projeto.","m",0,"06/2014",{"$nulls":3},13.18,{"v":1.9681656798756928,"d":"1.97"},25.94,32.55,{"v":0,"d":"0.00"}]
[{"$nulls":3},"MURETA - ESTRUTURA (PILARES E VIGAS RESPALDO)"]
["5.9",84216,"SINAPI","Forma em chapa de madeira compensada resinada- Pilares","m²",{"v":234.82999999999998,"d":"234.83"},"06/2014",{"$nulls":3},24.62,{"v":1.9681656798756928,"d":"1.97"},48.45,{"v":60.8,"d":"60.80"},{"v":14277.663999999999,"d":"14,277.66"}]
["5.10","74254/2","SINAPI","Armação aço CA-50, Diam. 6,3 (1/4) á 12,5mm(1/2) -Fornecimento/corte perda de 10%) / dobra / colocação.","kg",{"v":677.9999999999999,"d":"678.00"},"06/2014",{"$nulls":3},6.75,{"v":1.9681656798756928,"d":"1.97"},13.28,16.66,{"v":11295.479999999998,"d":"11,295.48"}]
["5.11","73942/2","SINAPI","Armação de aço  CA-60 Diam. 3,4 a 6,0mm-Fornecimento/corte perda de 10%) / dobra / colocação.","kg",{"v":306.09090909090907,"d":"306.09"},"06/2014",{"$nulls":3},{"v":6.6,"d":"6.60"},{"v":1.9681656798756928,"d":"1.97"},12.98,16.28,{"v":4983.16,"d":"4,983.16"}]
["5.12","74138/3","SINAPI","Concreto  fck=25MPa, incluindo preparo, lançamento e adensamento.","m³",{"v":11.809999999999999,"d":"11.81"},"06/2014",{"$nulls":3},363.24,{"v":1.9681656798756928,"d":"1.97"},714.91,897.21,{"v":10596.050099999999,"d":"10,596.05"}]
[{"$nulls":3},"CONCRETO ARMADO - CASTELO D'ÁGUA "]
[null,"MERCADO",null,"Formas ","m²",{"v":370.9,"d":"370.90"},"06/2014",{"$nulls":3},22.24,{"v":1.9681656798756928,"d":"1.97"},43.77,54.93,{"v":20373.537,"d":"20,373.54"}]
[null,"MERCADO",null,"Armadura","kg",{"v":6724.2,"d":"6,724.20"},"06/2014",{"$nulls":3},6.81,{"v":1.9681656798756928,"d":"1.97"},{"v":13.4,"d":"13.40"},16.81,{"v":113033.80199999998,"d":"113,033.80"}]
[null,"MERCADO",null,"Concreto 25Mpa","m³",{"v":35.9,"d":"35.90"},"06/2014",{"$nulls":3},359.52,{"v":1.9681656798756928,"d":"1.97"},707.59,888.02,{"v":31879.917999999998,"d":"31,879.92"}]
["Subtotal ",{"$nulls":13},{"v":230364.06449999995,"d":"230,364.06"}]
[]
[6,null,null,"SISTEMA DE VEDAÇÃO VERTICAL INTERNO E EXTERNO (PAREDES)",{"$nulls":10},{"v":103359.74040000001,"d":"103,359.74"}]
[{"$nulls":3},"ELEMENTOS VAZADOS"]
["6.1","73937/1","SINAPI","Cobogó de concreto (elemento vazado)  - (10x40x40cm) assentado com argamassa traço 1:4 (cimento, areia)","m²",46.31,"06/2014",{"$nulls":3},86.27,{"v":1.9681656798756928,"d":"1.97"},169.79,213.08,{"v":9867.7348,"d":"9,867.73"}]
[{"$nulls":3},"ALVENARIA DE VEDAÇÃO"]
["5.2",87504,"SINAPI","Alvenaria de vedação de 1/2 vez em tijolos cerâmicos de 08 furos (dimensões nominais: 19x19x09); assentamento em argamassa no traço 1:2:8 (cimento, cal e areia) ","m²",{"v":162.937,"d":"162.94"},"06/2014",{"$nulls":3},49.49,{"v":1.9681656798756928,"d":"1.97"},{"v":97.4,"d":"97.40"},122.23,{"v":19915.789510000002,"d":"19,915.79"}]
["5.3","73935/2","SINAPI","Alvenaria de vedação de 1 vez em tijolos cerâmicos de 08 furos (dimensões nominais: 19x19x09); assentamento em argamassa no traço 1:2:8 (cimento, cal e areia)","m²",0,"06/2014",{"$nulls":3},63.09,{"v":1.9681656798756928,"d":"1.97"},124.17,155.83,{"v":0,"d":"0.00"}]
["5.4","73988/1","SINAPI","Encunhamento (aperto de alvenaria) em tijolo cerâmicos maciços 5x10x20cm 1 vez (esp. 20cm), assentamento c/ argamassa traço1:6 (cimento e areia)","m",0,"06/2014",{"$nulls":3},11.89,{"v":1.9681656798756928,"d":"1.97"},{"v":23.4,"d":"23.40"},29.36,{"v":0,"d":"0.00"}]
["6.2","73909/1","SINAPI","Divisórias em madeira com laminado com portas de 80x210cm, incluindo bandeira de vidro e ferragens","m²",37.26,"06/2014",{"$nulls":3},161.49,{"v":1.9681656798756928,"d":"1.97"},317.83,398.87,{"v":14861.8962,"d":"14,861.90"}]
["6.3","C4070","SEINFRA","Divisória de banheiros e sanitários em granito com espessura de 2cm polido assentado com argamassa traço 1:4","m²",42.52,"03/2021",{"$nulls":3},461.53,{"v":1.3281409575525551,"d":"1.33"},612.97,769.27,{"v":32709.3604,"d":"32,709.36"}]
[{"$nulls":3},"MURETA"]
["6.4",87504,"SINAPI","Alvenaria de vedação de 1/2 vez em tijolos cerâmicos de 08 furos (dimensões nominais: 19x19x09); assentamento em argamassa no traço 1:2:8 (cimento, cal e areia) ","m²",411.55,"05/2021",{"$nulls":3},69.05,{"v":1.2877159243484133,"d":"1.29"},88.91,111.58,{"v":45920.749,"d":"45,920.75"}]
["Subtotal ",{"$nulls":13},{"v":103359.74040000001,"d":"103,359.74"}]
[]
[7,null,null,"ESQUADRIAS ",{"$nulls":10},{"v":234852.0375,"d":"234,852.04"}]
[{"$nulls":3},"PORTAS DE MADEIRA"]
["7.1","73910/6","SINAPI","Porta de Madeira - PM1 - 80x210, excluso ferragens, conforme projeto de esquadrias ","und",{"v":15,"d":"15.00"},"06/2014",{"$nulls":3},397.48,{"v":1.9681656798756928,"d":"1.97"},{"v":782.3,"d":"782.30"},981.78,{"v":14726.699999999999,"d":"14,726.70"}]
["7.2","MERCADO",null,"Porta de Madeira - PM2 - 80x210, com visor de vidro, chapa, barra excluso ferragens, conforme projeto de esquadrias ","und",{"v":17,"d":"17.00"},"06/2021",{"$nulls":3},{"v":450,"d":"450.00"},{"v":1.260486117699825,"d":"1.26"},567.21,711.84,{"v":12101.28,"d":"12,101.28"}]
["7.3","MERCADO",null,"Porta de Madeira - PM3 - 80x210, com chapa, barra e ferragens, conforme projeto de esquadrias","und",{"v":4,"d":"4.00"},"06/2021",{"$nulls":3},{"v":380,"d":"380.00"},{"v":1.260486117699825,"d":"1.26"},478.98,601.11,{"v":2404.44,"d":"2,404.44"}]
["7.4","73906/6","SINAPI","Porta de Madeira - PM4 - 60x210 - com veneziana excluso ferragens, conforme projeto de esquadrias","und",{"v":4,"d":"4.00"},"06/2014",{"$nulls":3},642.59,{"v":1.9681656798756928,"d":"1.97"},{"v":1264.72,"d":"1,264.72"},{"v":1587.22,"d":"1,587.22"},{"v":6348.88,"d":"6,348.88"}]
["7.5","73906/3","SINAPI","Porta de Madeira - PM5 - 80x210, com veneziana excluso ferragens, conforme projeto de esquadrias","und",{"v":3,"d":"3.00"},"06/2014",{"$nulls":3},807.17,{"v":1.9681656798756928,"d":"1.97"},{"v":1588.64,"d":"1,588.64"},{"v":1993.74,"d":"1,993.74"},{"v":5981.22,"d":"5,981.22"}]
["7.6","74139/2","SINAPI","Porta de abrir- Box  em madeira Laminado 0,60x1,60m, PM-06, incluso marco, dobradiças e tarjeta tipo LIVRE/OCUPADO, conforme projeto de esquadrias ","und",{"v":10,"d":"10.00"},"06/2014",{"$nulls":3},203.75,{"v":1.9681656798756928,"d":"1.97"},401.01,503.26,{"v":5032.6,"d":"5,032.60"}]
["7.7","74139/2","SINAPI","Porta de abrir- Box  em madeira Laminado 0,60x1,00m, PM-07, incluso marco, dobradiças e tarjeta tipo LIVRE/OCUPADOconforme projeto de esquadrias ","und",{"v":6,"d":"6.00"},"06/2014",{"$nulls":3},203.75,{"v":1.9681656798756928,"d":"1.97"},401.01,503.26,{"v":3019.56,"d":"3,019.56"}]
["7.8","74139/1","SINAPI","Porta de abrir-Box em madeiraLaminado 0,80x1,00m, PM-08, incluso marco, dobradiças e tarjeta tipo LIVRE/OCUPADO, conforme projeto de esquadrias","und",{"v":2,"d":"2.00"},"06/2014",{"$nulls":3},234.71,{"v":1.9681656798756928,"d":"1.97"},461.94,579.73,{"v":1159.46,"d":"1,159.46"}]
[{"$nulls":3},"FERRAGENS E ACESSÓRIOS"]
["7.9","74070/4","SINAPI","Fechadura de embutir completa, para portas internas","und",{"v":30,"d":"30.00"},"06/2014",{"$nulls":3},89.35,{"v":1.9681656798756928,"d":"1.97"},175.85,220.69,{"v":6620.7,"d":"6,620.70"}]
["7.10","74069/1","SINAPI","Fechadura de embutir completa, para portas de banheiro","und",{"v":6,"d":"6.00"},"06/2014",{"$nulls":3},58.36,{"v":1.9681656798756928,"d":"1.97"},114.86,144.14,{"v":864.8399999999999,"d":"864.84"}]
[{"$nulls":3},"PORTAS EM ALUMÍNIO"]
["7.11","74071/2","SINAPI","Porta de abrir de 0,80x2,10m em chapa de alumínio com vidro e veneziana- PA1, conforme projeto de esquadrias, inclusive ferragens","m²",{"v":8.4,"d":"8.40"},"06/2014",{"$nulls":3},907.54,{"v":1.9681656798756928,"d":"1.97"},{"v":1786.18,"d":"1,786.18"},{"v":2241.65,"d":"2,241.65"},{"v":18829.86,"d":"18,829.86"}]
["7.12","74071/2","SINAPI","Porta de abrir de 0,60x2,10m em chapa de alumínio com veneziana- PA2, conforme projeto de esquadrias, inclusive ferragens","m²",2.52,"06/2014",{"$nulls":3},907.54,{"v":1.9681656798756928,"d":"1.97"},{"v":1786.18,"d":"1,786.18"},{"v":2241.65,"d":"2,241.65"},{"v":5648.9580000000005,"d":"5,648.96"}]
[{"$nulls":3},"PORTAS DE VIDRO - PV"]
["7.13","73838/1","SINAPI","Porta de Vidro temperado - PV1 - 165x210, com ferragens, conforme projeto de esquadrias ","und",{"v":2,"d":"2.00"},"06/2014",{"$nulls":3},{"v":1446.49,"d":"1,446.49"},{"v":1.9681656798756928,"d":"1.97"},{"v":2846.93,"d":"2,846.93"},{"v":3572.89,"d":"3,572.89"},{"v":7145.78,"d":"7,145.78"}]
[{"$nulls":3},"JANELAS DE ALUMÍNIO - JA "]
["6.14",68052,"SINAPI","Janela de Alumínio - JA-1, 180x30, completa conforme projeto de esquadrias - Basculante ","m²",1.62,"06/2014",{"$nulls":3},619.29,{"v":1.9681656798756928,"d":"1.97"},{"v":1218.86,"d":"1,218.86"},{"v":1529.66,"d":"1,529.66"},{"v":2478.0492000000004,"d":"2,478.05"}]
["6.15","74067/1","SINAPI","Janela de Alumínio - JA-2, 60x90, completa conforme projeto de esquadrias - Abrir","m²",1.62,"06/2014",{"$nulls":3},621.34,{"v":1.9681656798756928,"d":"1.97"},{"v":1222.9,"d":"1,222.90"},{"v":1534.73,"d":"1,534.73"},{"v":2486.2626,"d":"2,486.26"}]
["6.16",68052,"SINAPI","Janela de Alumínio - JA-3, 120x60, completa conforme projeto de esquadrias - Correr ","m²",1.44,"06/2014",{"$nulls":3},619.29,{"v":1.9681656798756928,"d":"1.97"},{"v":1218.86,"d":"1,218.86"},{"v":1529.66,"d":"1,529.66"},{"v":2202.7104,"d":"2,202.71"}]
["6.17",68052,"SINAPI","Janela de Alumínio - JA-4, 180x60, completa conforme projeto de esquadrias - Basculante ","m²",{"v":8.1,"d":"8.10"},"06/2014",{"$nulls":3},619.29,{"v":1.9681656798756928,"d":"1.97"},{"v":1218.86,"d":"1,218.86"},{"v":1529.66,"d":"1,529.66"},{"v":12390.246000000001,"d":"12,390.25"}]
["6.18","74067/1","SINAPI","Janela de Alumínio - JA-5, 240x60, completa conforme projeto de esquadrias - Correr ","m²",5.04,"06/2014",{"$nulls":3},621.34,{"v":1.9681656798756928,"d":"1.97"},{"v":1222.9,"d":"1,222.90"},{"v":1534.73,"d":"1,534.73"},{"v":7735.0392,"d":"7,735.04"}]
["6.19","74067/1","SINAPI","Janela de Alumínio - JA-6, 120x120, completa conforme projeto de esquadrias - Correr ","m²",{"v":3.6,"d":"3.60"},"06/2014",{"$nulls":3},621.34,{"v":1.9681656798756928,"d":"1.97"},{"v":1222.9,"d":"1,222.90"},{"v":1534.73,"d":"1,534.73"},{"v":5525.028,"d":"5,525.03"}]
["6.20",68052,"SINAPI","Janela de Alumínio - JA-7, 180x90, completa conforme projeto de esquadrias - Basculante","m²",3.24,"06/2014",{"$nulls":3},619.29,{"v":1.9681656798756928,"d":"1.97"},{"v":1218.86,"d":"1,218.86"},{"v":1529.66,"d":"1,529.66"},{"v":4956.098400000001,"d":"4,956.10"}]
["6.21","74067/1","SINAPI","Janela de Alumínio - JA-8, 240x120, completa conforme projeto de esquadrias - Correr ","m²",2.88,"06/2014",{"$nulls":3},621.34,{"v":1.9681656798756928,"d":"1.97"},{"v":1222.9,"d":"1,222.90"},{"v":1534.73,"d":"1,534.73"},{"v":4420.0224,"d":"4,420.02"}]
["6.22","74067/1","SINAPI","Janela de Alumínio - JA-9, 300x120, completa conforme projeto de esquadrias - Correr ","m²",{"v":3.6,"d":"3.60"},"06/2014",{"$nulls":3},621.34,{"v":1.9681656798756928,"d":"1.97"},{"v":1222.9,"d":"1,222.90"},{"v":1534.73,"d":"1,534.73"},{"v":5525.028,"d":"5,525.03"}]
["6.23","74067/1","SINAPI","Janela de Alumínio - JA-10, 240x160, completa conforme projeto de esquadrias - Correr ","m²",7.68,"06/2014",{"$nulls":3},621.34,{"v":1.9681656798756928,"d":"1.97"},{"v":1222.9,"d":"1,222.90"},{"v":1534.73,"d":"1,534.73"},{"v":11786.7264,"d":"11,786.73"}]
["6.24","74067/1","SINAPI","Janela de Alumínio - JA-11, 360x160, completa conforme projeto de esquadrias - Correr ","m²",{"v":14.4,"d":"14.40"},"06/2014",{"$nulls":3},621.34,{"v":1.9681656798756928,"d":"1.97"},{"v":1222.9,"d":"1,222.90"},{"v":1534.73,"d":"1,534.73"},{"v":22100.112,"d":"22,100.11"}]
["6.25","74067/1","SINAPI","Janela de Alumínio - JA-12, 180x160, completa conforme projeto de esquadrias - Correr ","m²",2.88,"06/2014",{"$nulls":3},621.34,{"v":1.9681656798756928,"d":"1.97"},{"v":1222.9,"d":"1,222.90"},{"v":1534.73,"d":"1,534.73"},{"v":4420.0224,"d":"4,420.02"}]
["6.26","74067/1","SINAPI","Janela de Alumínio - JA-13, 180x105, completa conforme projeto de esquadrias - Correr ","m²",{"v":0.945,"d":"0.95"},"06/2014",{"$nulls":3},621.34,{"v":1.9681656798756928,"d":"1.97"},{"v":1222.9,"d":"1,222.90"},{"v":1534.73,"d":"1,534.73"},{"v":1450.3198499999999,"d":"1,450.32"}]
["7.14","MERCADO","CP","Tela de nylon de proteção- fixada na esquadria","m²",12.24,"06/2021",{"$nulls":3},{"v":20,"d":"20.00"},{"v":1.260486117699825,"d":"1.26"},{"v":25.2,"d":"25.20"},31.62,{"v":387.02880000000005,"d":"387.03"}]
[{"$nulls":3},"VIDROS"]
["7.15",72118,"SINAPI","Vidro liso comum incolor, espessura 6mm- fornecimento e instalação","m²",100.68,"06/2014",{"$nulls":3},163.59,{"v":1.9681656798756928,"d":"1.97"},321.97,404.07,{"v":40681.7676,"d":"40,681.77"}]
["7.16",84959,"SINAPI","Vidro miniboreal incolor, espessura 6mm- fornecimento e instalação","m²",11.52,"06/2014",{"$nulls":3},196.57,{"v":1.9681656798756928,"d":"1.97"},386.88,485.53,{"v":5593.3056,"d":"5,593.31"}]
["7.17",85005,"SINAPI","Espelho cristal esp. 4mm com moldura de madeira","m²",17.48,"06/2014",{"$nulls":3},264.62,{"v":1.9681656798756928,"d":"1.97"},520.81,653.61,{"v":11425.1028,"d":"11,425.10"}]
[{"$nulls":3},"FECHAMENTO PÁTIO COBERTO  "]
["7.18",72120,"SINAPI","Vidro temperado incolor espessura 10 mm - fixo - inclusive caixilho (15,32 m2 normal - 95,32 m2 se regiões frias)","m²",15.32,"06/2014",{"$nulls":3},225.51,{"v":1.9681656798756928,"d":"1.97"},443.84,557.01,{"v":8533.3932,"d":"8,533.39"}]
[{"$nulls":3},"ESQUADRIA - GRADIL METÁLICO"]
["7.19","74238/2","SINAPI","Portão de abrir, com moldura em tubo de aço galvanizado e tela de arame galvanizado, tipo belgo ou equivalente 0,95X0,90, GF1, conforme projeto de esquadrias, inclusive ferragens","m²",5.13,"06/2014",{"$nulls":3},666.32,{"v":1.9681656798756928,"d":"1.97"},{"v":1311.42,"d":"1,311.42"},{"v":1645.83,"d":"1,645.83"},{"v":8443.107899999999,"d":"8,443.11"}]
["7.20","74238/2","SINAPI","Portão de abrir, com moldura em tubo de aço galvanizado e tela de arame galvanizado, tipo belgo ou equivalente 1,00X2,10, GF2, conforme projeto de esquadrias, inclusive ferragens","m²",{"v":10.5,"d":"10.50"},"06/2014",{"$nulls":3},666.32,{"v":1.9681656798756928,"d":"1.97"},{"v":1311.42,"d":"1,311.42"},{"v":1645.83,"d":"1,645.83"},{"v":17281.215,"d":"17,281.22"}]
["7.21","73932/1","SINAPI","Gradil fixo com moldura em tubo de aço galvanizado e tela de arame galvanizado, tipo belgo ou equivalente altura 2,20m , conforme projeto arquitetonico, inclusive ferragens ","m²",17.52,"06/2014",{"$nulls":3},{"v":290.9,"d":"290.90"},{"v":1.9681656798756928,"d":"1.97"},572.53,718.52,{"v":12588.4704,"d":"12,588.47"}]
["7.22","74100/1","SINAPI","Portão de correr 3,00x2,15m em gradil metálico belgo ou similar, conforme projeto de esquadrias, inclusive ferragens","m²",6.45,"06/2014",{"$nulls":3},156.09,{"v":1.9681656798756928,"d":"1.97"},307.21,385.54,{"v":2486.733,"d":"2,486.73"}]
["7.23","74100/1","SINAPI","Portão de abrir, 4 folhas, 3,20X2,15m, em gradil tipo belgo ou equivalente, conforme projeto de esquadrias, inclusive ferragens","m²",6.88,"06/2014",{"$nulls":3},156.09,{"v":1.9681656798756928,"d":"1.97"},307.21,385.54,{"v":2652.5152000000003,"d":"2,652.52"}]
["7.24","73737/3","SINAPI","Gradil fixo tipo belgo ou equivalente 33,80x1,70m , conforme projeto de esquadrias, inclusive ferragens e pintura","m",{"v":33.8,"d":"33.80"},"06/2014",{"$nulls":3},417.97,{"v":1.9681656798756928,"d":"1.97"},822.63,{"v":1032.4,"d":"1,032.40"},{"v":34895.12,"d":"34,895.12"}]
["Subtotal ",{"$nulls":13},{"v":234852.0375,"d":"234,852.04"}]
[]
[8,null,null,"SISTEMAS DE COBERTURA ",{"$nulls":10},{"v":174802.29695000002,"d":"174,802.30"}]
[905.61,"73931/3","SINAPI","Estrutura de Madeira aparelhada para vão de 3,0 a 7,0 m para telha cerâmica, conforme projeto","m²",{"v":271.683,"d":"271.68"},"06/2014",{"$nulls":3},58.51,{"v":1.9681656798756928,"d":"1.97"},115.15,144.51,{"v":39260.91033,"d":"39,260.91"}]
["8.2","73938/4","SINAPI","Cobertura em telha cerâmica tipo capa e canal ","m²",{"v":369.951,"d":"369.95"},"06/2014",{"$nulls":3},58.88,{"v":1.9681656798756928,"d":"1.97"},115.88,145.42,{"v":53798.27442,"d":"53,798.27"}]
["8.3",84047,"SINAPI","Telha de vidro tipo colonial","m²",16.94,"06/2014",{"$nulls":3},431.85,{"v":1.9681656798756928,"d":"1.97"},849.95,{"v":1066.68,"d":"1,066.68"},{"v":18069.559200000003,"d":"18,069.56"}]
["8.4","73938/7","SINAPI","Cumeeira com telha cerâmica emboçada com argamassa traço 1:2:8 ","m",0,"06/2014",{"$nulls":3},8.74,{"v":1.9681656798756928,"d":"1.97"},{"v":17.2,"d":"17.20"},21.58,{"v":0,"d":"0.00"}]
["8.5",72110,"SINAPI","Estrutura Treliçada em aço, sac 300, para telha cerâmica (pátio coberto e passarela)","m²",274.85,"06/2014",{"$nulls":3},62.14,{"v":1.9681656798756928,"d":"1.97"},{"v":122.3,"d":"122.30"},153.48,{"v":42183.978,"d":"42,183.98"}]
["8.6","73868/1","SINAPI","Espigão em chapa de aço galvanizado nr. 24, ","m",{"v":11.6,"d":"11.60"},"06/2014",{"$nulls":3},{"v":25,"d":"25.00"},{"v":1.9681656798756928,"d":"1.97"},{"v":49.2,"d":"49.20"},61.74,{"v":716.184,"d":"716.18"}]
["8.7",72107,"SINAPI","Rufo em chapa de aço galvanizado nr. 24, desenvolvimento 25 cm","m",126.87,"06/2014",{"$nulls":3},24.03,{"v":1.9681656798756928,"d":"1.97"},47.29,59.34,{"v":7528.465800000001,"d":"7,528.47"}]
["8.8",71623,"SINAPI","Pingadeira (chapim) em concreto premoldado, largura=30cm espessura 5cm","m",243.16,"06/2014",{"$nulls":3},22.06,{"v":1.9681656798756928,"d":"1.97"},43.41,54.47,{"v":13244.9252,"d":"13,244.93"}]
["Subtotal",{"$nulls":13},{"v":174802.29695000002,"d":"174,802.30"}]
[]
[9,null,null,"IMPERMEABILIZAÇÀO ",{"$nulls":10},{"v":44022.694,"d":"44,022.69"}]
["8.1","74106/1","SINAPI","Impermeabilização com tinta betuminosa em fundações, baldrames ","m²",0,"06/2014",{"$nulls":3},{"v":7.5,"d":"7.50"},{"v":1.9681656798756928,"d":"1.97"},14.76,18.52,{"v":0,"d":"0.00"}]
["9.1","74025/1","SINAPI","Impermeabilização de calhas de concreto com mastique betuminoso a frio","m",{"v":115.5,"d":"115.50"},"06/2014",{"$nulls":3},32.57,{"v":1.9681656798756928,"d":"1.97"},{"v":64.1,"d":"64.10"},80.44,{"v":9290.82,"d":"9,290.82"}]
["9.2",83738,"SINAPI","Impermeabilização de calhas (telhado) com manta asfáltica","m²",207.76,"06/2014",{"$nulls":3},59.21,{"v":1.9681656798756928,"d":"1.97"},116.53,146.24,{"v":30382.8224,"d":"30,382.82"}]
[{"$nulls":3},"MURETA"]
["9.3","74106/1","SINAPI","Impermeabilização com tinta betuminosa em fundações, baldrames ","m²",{"v":234.82999999999998,"d":"234.83"},"06/2014",{"$nulls":3},{"v":7.5,"d":"7.50"},{"v":1.9681656798756928,"d":"1.97"},14.76,18.52,{"v":4349.0516,"d":"4,349.05"}]
["Subtotal",{"$nulls":13},{"v":44022.694,"d":"44,022.69"}]
[]
[10,null,null,"REVESTIMENTOS INTERNOS E EXTERNOS",{"$nulls":10},{"v":348021.18542999995,"d":"348,021.19"}]
["10.1",87878,"SINAPI","Chapisco de aderência em paredes internas, externas, pórticos, vigas, platibanda e calhas","m²",{"v":1154.409,"d":"1,154.41"},"12/2023",{"$nulls":3},4.88,{"v":1.0742470909077544,"d":"1.07"},5.24,6.57,{"v":7584.467130000001,"d":"7,584.47"}]
["10.2",87884,"SINAPI","Chapisco de aderência em lajes prémoldadas","m²",930.54,"12/2023",{"$nulls":3},13.07,{"v":1.0742470909077544,"d":"1.07"},14.04,17.62,{"v":16396.1148,"d":"16,396.11"}]
["10.3",87536,"SINAPI","Emboço paulista para paredes internas e externas traço 1:2:9 - preparo manual - espessura 2,0 cm ","m²",{"v":1154.409,"d":"1,154.41"},"12/2023",{"$nulls":3},37.71,{"v":1.0742470909077544,"d":"1.07"},{"v":40.5,"d":"40.50"},50.82,{"v":58667.06538000001,"d":"58,667.07"}]
["10.4",75481,"SINAPI","Reboco para paredes internas, externas, pórticos, vigas e pérgolas, traço 1:4,5  - espessura 0,5 cm","m²",{"v":701.163,"d":"701.16"},"06/2014",{"$nulls":3},13.46,{"v":1.9681656798756928,"d":"1.97"},26.49,33.24,{"v":23306.65812,"d":"23,306.66"}]
["10.5",87536,"SINAPI","Emboço para lajes - espessura 2,0 cm, traço 1:2:8","m²",930.54,"12/2023",{"$nulls":3},37.71,{"v":1.0742470909077544,"d":"1.07"},{"v":40.5,"d":"40.50"},50.82,{"v":47290.042799999996,"d":"47,290.04"}]
["10.6",87273,"SINAPI","Revestimento cerâmico de paredes PEI IV- cerâmica 30 x 40 cm - incl. rejunte - conforme projeto ","m²",{"v":924.2,"d":"924.20"},"12/2023",{"$nulls":3},71.16,{"v":1.0742470909077544,"d":"1.07"},76.44,95.93,{"v":88658.50600000001,"d":"88,658.51"}]
["10.7",87265,"SINAPI","Revestimento cerâmico de paredes PEI IV - cerâmica 10 x 10 cm - incl. rejunte - conforme projeto","m²",586.63,"12/2023",{"$nulls":3},64.35,{"v":1.0742470909077544,"d":"1.07"},69.12,86.74,{"v":50884.286199999995,"d":"50,884.29"}]
["10.8","73886/1","SINAPI","Roda meio em madeira (largura=7cm)","m",{"v":296.6,"d":"296.60"},"06/2014",{"$nulls":3},10.92,{"v":1.9681656798756928,"d":"1.97"},21.49,26.96,{"v":7996.336000000001,"d":"7,996.34"}]
[{"$nulls":3},"MURETA - ALVENARIA E REVESTIMENTO"]
["10.9",87878,"SINAPI","Chapisco de aderência em paredes internas, externas, pórticos, vigas, pérgolas e muros ","m²",{"v":823.1,"d":"823.10"},"12/2023",{"$nulls":3},4.88,{"v":1.0742470909077544,"d":"1.07"},5.24,6.57,{"v":5407.767000000001,"d":"5,407.77"}]
["10.10",87536,"SINAPI","Reboco tipo paulista para paredes internas, externas, pórticos, vigas e pérgolas  - espessura 2,0 cm ","m²",{"v":823.1,"d":"823.10"},"12/2023",{"$nulls":3},37.71,{"v":1.0742470909077544,"d":"1.07"},{"v":40.5,"d":"40.50"},50.82,{"v":41829.942,"d":"41,829.94"}]
["Subtotal ",{"$nulls":13},{"v":348021.18542999995,"d":"348,021.19"}]
[]
[11,null,null,"SISTEMAS DE PISOS INTERNOS E INTERNOS (PAVIMENTAÇÃO)",{"$nulls":10},{"v":181354.05260000002,"d":"181,354.05"}]
["10.1","74000/1","SINAPI","Camada impermeabilizadora e=5cm ","m²",0,"06/2014",{"$nulls":3},41.15,{"v":1.9681656798756928,"d":"1.97"},80.99,101.64,{"v":0,"d":"0.00"}]
["10.2",87627,"SINAPI","Camada regularizadora e=3cm ","m²",0,"06/2014",{"$nulls":3},29.81,{"v":1.9681656798756928,"d":"1.97"},58.67,73.63,{"v":0,"d":"0.00"}]
["11.1",84191,"SINAPI","Piso de alta resistência em massa granilítica, inclusive polimento e enceramento","m²",215.74,"06/2014",{"$nulls":3},67.24,{"v":1.9681656798756928,"d":"1.97"},132.33,166.07,{"v":35827.9418,"d":"35,827.94"}]
["11.2",87251,"SINAPI","Piso cerâmico antiderrapante PEI V - 40 x 40 cm - incl. rejunte - conforme projeto ","m²",0,"12/2023",{"$nulls":3},55.83,{"v":1.0742470909077544,"d":"1.07"},59.97,75.26,{"v":0,"d":"0.00"}]
["11.3",87257,"SINAPI","Piso cerâmico esmaltado antiderrapante  PEI V - 60 x 60 cm - incl. rejunte - conforme projeto ","m²",0,"12/2023",{"$nulls":3},93.44,{"v":1.0742470909077544,"d":"1.07"},100.37,125.96,{"v":0,"d":"0.00"}]
["11.4",72185,"SINAPI","Piso vinílico em manta e=2mm, rolo de 2m","m²",{"v":70.9,"d":"70.90"},"06/2014",{"$nulls":3},{"v":65.4,"d":"65.40"},{"v":1.9681656798756928,"d":"1.97"},128.71,161.53,{"v":11452.477,"d":"11,452.48"}]
["11.5","C4623","SEINFRA","Piso podotátil de alerta em borracha integrado 30x30cm, assentamento com argamassa (fornecimento e assentamento)","m²",14.85,"03/2021",{"$nulls":3},188.16,{"v":1.3281409575525551,"d":"1.33"},{"v":249.9,"d":"249.90"},313.62,{"v":4657.257,"d":"4,657.26"}]
["11.6","C4623","SEINFRA","Piso podotátil direcional em borracha integrado 30x30cm, assentamento com argamassa (fornecimento e assentamento)","m²",31.59,"03/2021",{"$nulls":3},188.16,{"v":1.3281409575525551,"d":"1.33"},{"v":249.9,"d":"249.90"},313.62,{"v":9907.2558,"d":"9,907.26"}]
["11.7","74111/1","SINAPI","Soleira em granito cinza andorinha, L=15cm, E=2cm ","m",{"v":41.2,"d":"41.20"},"06/2014",{"$nulls":3},32.41,{"v":1.9681656798756928,"d":"1.97"},63.78,80.04,{"v":3297.6480000000006,"d":"3,297.65"}]
[{"$nulls":3},"PAVIMENTAÇÃO EXTERNA"]
["10.10","74164/4","SINAPI","Lastro de brita e=3cm ","m³",{"v":3.7640000000000002,"d":"3.76"},"06/2014",{"$nulls":3},117.35,{"v":1.9681656798756928,"d":"1.97"},230.96,289.85,{"v":1090.9954000000002,"d":"1,091.00"}]
["10.13",73675,"SINAPI","Piso de cimento desempenado com juntas de dilatação","m²",{"v":125.508,"d":"125.51"},"06/2014",{"$nulls":3},57.77,{"v":1.9681656798756928,"d":"1.97"},{"v":113.7,"d":"113.70"},142.69,{"v":17908.73652,"d":"17,908.74"}]
["11.8","73907/3","SINAPI","Rampa de acesso em concreto não estrutural","m²",{"v":18.7,"d":"18.70"},"06/2014",{"$nulls":3},26.62,{"v":1.9681656798756928,"d":"1.97"},52.39,65.74,{"v":1229.338,"d":"1,229.34"}]
["11.9","73764/4","SINAPI","Pavimetação em blocos intertravado de concreto, esp. 6,5cm, FCK 35MPA, asentados sobre colcão de areia","m²",250.28,"06/2014",{"$nulls":3},{"v":50,"d":"50.00"},{"v":1.9681656798756928,"d":"1.97"},{"v":98.4,"d":"98.40"},123.49,{"v":30907.0772,"d":"30,907.08"}]
["11.10",13255,"SINAPI","Tampa cega de concreto para piso, 60x40 cm","m",{"v":25.2,"d":"25.20"},"06/2014",{"$nulls":3},49.71,{"v":1.9681656798756928,"d":"1.97"},97.83,122.77,{"v":3093.8039999999996,"d":"3,093.80"}]
["11.11","MERCADO",null,"Canaleta com grelha furada de concreto para piso, 60x40 cm","m",{"v":102,"d":"102.00"},"06/2021",{"$nulls":3},{"v":350,"d":"350.00"},{"v":1.260486117699825,"d":"1.26"},441.17,553.66,{"v":56473.32,"d":"56,473.32"}]
["11.12","C4623","SEINFRA","Piso tátil de alerta em placas pré-moldadas - 5MPa","m²",2.16,"03/2021",{"$nulls":3},188.16,{"v":1.3281409575525551,"d":"1.33"},{"v":249.9,"d":"249.90"},313.62,{"v":677.4192,"d":"677.42"}]
["11.13","C4623","SEINFRA","Piso tátil direcional em placas pré-moldadas - 5MPa","m²",1.98,"03/2021",{"$nulls":3},188.16,{"v":1.3281409575525551,"d":"1.33"},{"v":249.9,"d":"249.90"},313.62,{"v":620.9676,"d":"620.97"}]
["11.14",84194,"SINAPI","Soleira de concreto 0,90x0,15","m",{"v":3.6,"d":"3.60"},"06/2014",{"$nulls":3},9.73,{"v":1.9681656798756928,"d":"1.97"},19.15,24.03,{"v":86.50800000000001,"d":"86.51"}]
["11.15","74223/1","SINAPI","Meio -fio (GUIA) de concreto premoldado- (playground)","m",{"v":40,"d":"40.00"},"06/2014",{"$nulls":3},37.21,{"v":1.9681656798756928,"d":"1.97"},73.23,{"v":91.9,"d":"91.90"},{"v":3676,"d":"3,676.00"}]
["11.16",73692,"SINAPI","Lastro de areia para o playground","m³",{"v":48.400000000000006,"d":"48.40"},"06/2014",{"$nulls":3},{"v":99.8,"d":"99.80"},{"v":1.9681656798756928,"d":"1.97"},196.42,{"v":246.5,"d":"246.50"},{"v":11930.600000000002,"d":"11,930.60"}]
["11.17","74236/1","SINAPI","Grama batatais em placas","m²",874.95,"06/2014",{"$nulls":3},8.78,{"v":1.9681656798756928,"d":"1.97"},17.28,21.68,{"v":18968.916,"d":"18,968.92"}]
["Subtotal ",{"$nulls":13},{"v":181354.05260000002,"d":"181,354.05"}]
[]
[12,null,null,"PINTURA ",{"$nulls":10},{"v":171570.01200000002,"d":"171,570.01"}]
["12.1","C1207","SEINFRA","Emassamento de paredes internas e externas com massa acrílica - 02 demãos ","m²",{"v":2337.21,"d":"2,337.21"},"03/2021",{"$nulls":3},16.39,{"v":1.3281409575525551,"d":"1.33"},21.76,{"v":27.3,"d":"27.30"},{"v":63805.833000000006,"d":"63,805.83"}]
["12.2","C1208","SEINFRA","Emassamento de lajes internas e externas com massa PVA - 02 demãos ","m²",930.54,"03/2021",{"$nulls":3},12.94,{"v":1.3281409575525551,"d":"1.33"},17.18,21.56,{"v":20062.442399999996,"d":"20,062.44"}]
["12.3",88489,"SINAPI","Pintura em latex acrílico 02 demãos sobre paredes internas, externas e muros ","m²",{"v":2429.83,"d":"2,429.83"},"12/2023",{"$nulls":3},12.42,{"v":1.0742470909077544,"d":"1.07"},13.34,16.74,{"v":40675.354199999994,"d":"40,675.35"}]
["12.4",88487,"SINAPI","Pintura em latex PVA 02 demãos sobre lajes internas e externas ","m²",930.54,"06/2014",{"$nulls":3},6.29,{"v":1.9681656798756928,"d":"1.97"},12.37,15.52,{"v":14441.9808,"d":"14,441.98"}]
["12.5","74065/2","SINAPI","Pintura em esmalte sintético 02 demãos em esquadrias de madeira","m²",178.92,"06/2014",{"$nulls":3},17.13,{"v":1.9681656798756928,"d":"1.97"},33.71,{"v":42.3,"d":"42.30"},{"v":7568.315999999999,"d":"7,568.32"}]
["12.6","74065/1","SINAPI","Pintura em esmalte sintético 02 demãos em rodameio de madeira","m²",30.74,"06/2014",{"$nulls":3},17.21,{"v":1.9681656798756928,"d":"1.97"},33.87,{"v":42.5,"d":"42.50"},{"v":1306.45,"d":"1,306.45"}]
["12.7","74145/1","SINAPI","Pintura em esmalte sintético 02 demãos em esquadrias de ferro","m²",92.96,"06/2014",{"$nulls":3},12.97,{"v":1.9681656798756928,"d":"1.97"},25.52,32.02,{"v":2976.5792,"d":"2,976.58"}]
[{"$nulls":3},"MURETA"]
["12.8",88489,"SINAPI","Pintura em latex acrílico 02 demãos sobre paredes internas, externas e muros ","m²",{"v":823.1,"d":"823.10"},"05/2021",{"$nulls":3},11.96,{"v":1.2877159243484133,"d":"1.29"},{"v":15.4,"d":"15.40"},19.32,{"v":15902.292000000001,"d":"15,902.29"}]
[{"$nulls":3},"CAIXA DÁGUA - 36.000L"]
["11.9","C1522","SEINFRA","Preparo de superfície: jateamento abrasivo ao metal branco, padrão AS 3.","m²",0,"03/2021",{"$nulls":3},30.87,{"v":1.3281409575525551,"d":"1.33"},40.99,51.44,{"v":0,"d":"0.00"}]
["11.10","73865/1","SINAPI","Fundo: uma demão de espessura seca de Epóxi","m²",0,"06/2014",{"$nulls":3},6.67,{"v":1.9681656798756928,"d":"1.97"},13.12,16.46,{"v":0,"d":"0.00"}]
["11.11",79460,"SINAPI","Acabamento: uma demão de espessura seca de primer Epóxi","m²",0,"06/2014",{"$nulls":3},34.64,{"v":1.9681656798756928,"d":"1.97"},68.17,85.55,{"v":0,"d":"0.00"}]
["11.12","73924/1","SINAPI","Pintura Externa: Tinta esmalte sintético – dupla função - revestimento anti-corrosivo.","m²",0,"06/2014",{"$nulls":3},18.45,{"v":1.9681656798756928,"d":"1.97"},36.31,45.56,{"v":0,"d":"0.00"}]
["12.9","C1207","SEINFRA","Emassamento de paredes internas e externas com massa acrílica - 02 demãos ","m²",103.62,"03/2021",{"$nulls":3},16.39,{"v":1.3281409575525551,"d":"1.33"},21.76,{"v":27.3,"d":"27.30"},{"v":2828.826,"d":"2,828.83"}]
["12.10",88489,"SINAPI","Pintura em latex acrílico 02 demãos sobre paredes internas, externas e muros ","m²",103.62,"05/2021",{"$nulls":3},11.96,{"v":1.2877159243484133,"d":"1.29"},{"v":15.4,"d":"15.40"},19.32,{"v":2001.9384000000002,"d":"2,001.94"}]
["Subtotal ",{"$nulls":13},{"v":171570.01200000002,"d":"171,570.01"}]
[]
[13,null,null,"INSTALAÇÃO HIDRÁULICA ",{"$nulls":10},{"v":28000.610999999997,"d":"28,000.61"}]
[{"$nulls":3},"TUBULAÇÕES E CONEXÕES DE PVC RÍGIDO"]
["13.1","74185/1","SINAPI","Registro de gaveta bruto, Ø 3/4\"","un",{"v":1,"d":"1.00"},"06/2014",{"$nulls":3},31.31,{"v":1.9681656798756928,"d":"1.97"},61.62,77.33,77.33]
["13.2","74183/1","SINAPI","Registro de gaveta bruto, Ø 1 1/4\"","un",{"v":5,"d":"5.00"},"06/2014",{"$nulls":3},54.95,{"v":1.9681656798756928,"d":"1.97"},108.15,135.72,{"v":678.6,"d":"678.60"}]
["13.3","74182/1","SINAPI","Registro de gaveta bruto, Ø 1 1/2\"","un",{"v":2,"d":"2.00"},"06/2014",{"$nulls":3},63.12,{"v":1.9681656798756928,"d":"1.97"},124.23,{"v":155.9,"d":"155.90"},{"v":311.8,"d":"311.80"}]
["13.4","74181/1","SINAPI","Registro de gaveta bruto, Ø 2\"","un",{"v":1,"d":"1.00"},"06/2014",{"$nulls":3},82.86,{"v":1.9681656798756928,"d":"1.97"},163.08,204.66,204.66]
["13.5","74180/1","SINAPI","Registro de gaveta bruto, Ø 2.1/2\"","un",{"v":1,"d":"1.00"},"06/2014",{"$nulls":3},180.59,{"v":1.9681656798756928,"d":"1.97"},355.43,446.06,446.06]
["13.6","74176/1","SINAPI","Registro de gaveta com canopla, Ø 3/4\"","un",{"v":23,"d":"23.00"},"06/2014",{"$nulls":3},54.85,{"v":1.9681656798756928,"d":"1.97"},107.95,135.47,{"v":3115.81,"d":"3,115.81"}]
["13.7",73664,"SINAPI","Registro de pressão com canopla p/ chuveiro, Ø 3/4\"","un",{"v":14,"d":"14.00"},"06/2014",{"$nulls":3},52.52,{"v":1.9681656798756928,"d":"1.97"},103.36,129.71,{"v":1815.94,"d":"1,815.94"}]
["13.8","74175/1","SINAPI","Registro de gaveta com canopla, Ø 1\"","un",{"v":8,"d":"8.00"},"06/2014",{"$nulls":3},62.34,{"v":1.9681656798756928,"d":"1.97"},122.69,153.97,{"v":1231.76,"d":"1,231.76"}]
["13.9","73795/10","SINAPI","Válvula de retenção horizontal Ø 11/4\"","un",{"v":1,"d":"1.00"},"06/2014",{"$nulls":3},100.16,{"v":1.9681656798756928,"d":"1.97"},197.13,247.39,247.39]
["13.10","75030/1","SINAPI","Tubo PVC soldável Ø 25 mm, inclusive conexões","m",{"v":66.6,"d":"66.60"},"06/2014",{"$nulls":3},{"v":15.3,"d":"15.30"},{"v":1.9681656798756928,"d":"1.97"},30.11,37.78,{"v":2516.1479999999997,"d":"2,516.15"}]
["13.11","75030/2","SINAPI","Tubo PVC soldável Ø 32 mm, inclusive conexões","m",{"v":16.2,"d":"16.20"},"06/2014",{"$nulls":3},21.56,{"v":1.9681656798756928,"d":"1.97"},42.43,53.24,{"v":862.4879999999999,"d":"862.49"}]
["13.12","75030/3","SINAPI","Tubo PVC soldável Ø 40 mm, inclusive conexões","m",{"v":9,"d":"9.00"},"06/2014",{"$nulls":3},26.26,{"v":1.9681656798756928,"d":"1.97"},51.68,64.85,583.65]
["13.13","75030/4","SINAPI","Tubo PVC soldável classe 15, Ø 50 mm, inclusive conexões","m",{"v":19.8,"d":"19.80"},"06/2014",{"$nulls":3},30.22,{"v":1.9681656798756928,"d":"1.97"},59.47,74.63,{"v":1477.674,"d":"1,477.67"}]
["13.14","75030/5","SINAPI","Tubo PVC soldável classe 15, Ø 60 mm, inclusive conexões","m",{"v":10.799999999999999,"d":"10.80"},"06/2014",{"$nulls":3},{"v":44.7,"d":"44.70"},{"v":1.9681656798756928,"d":"1.97"},87.97,{"v":110.4,"d":"110.40"},{"v":1192.32,"d":"1,192.32"}]
["13.15","75030/6","SINAPI","Tubo PVC soldável classe 15, Ø 75mm, inclusive conexões","m",{"v":16.2,"d":"16.20"},"06/2014",{"$nulls":3},61.25,{"v":1.9681656798756928,"d":"1.97"},120.55,151.29,{"v":2450.8979999999997,"d":"2,450.90"}]
["13.16",40729,"SINAPI","Válvula de descarga: Base Hydra Max, código 4550.404 e acabamento Hydra Max, código 4900.C.MAX 1 ½”, acabamento cromado, DECA ou equivalente","un",{"v":14,"d":"14.00"},"06/2014",{"$nulls":3},153.39,{"v":1.9681656798756928,"d":"1.97"},301.89,378.87,{"v":5304.18,"d":"5,304.18"}]
["13.17","74058/1","SINAPI","Torneira de bóia, diâmetro 25mm","un",{"v":1,"d":"1.00"},"06/2014",{"$nulls":3},43.08,{"v":1.9681656798756928,"d":"1.97"},84.78,106.39,106.39]
["13.18",12613,"SINAPI","Tubo de descarga VDE, série normal, diâmetro 38 mm","un",{"v":14,"d":"14.00"},"12/2023",{"$nulls":3},20.22,{"v":1.0742470909077544,"d":"1.07"},21.72,27.25,{"v":381.5,"d":"381.50"}]
["13.19","MERCADO",null,"Caixa em alvenaria 30x30x30 cm  para Registro","un",{"v":2,"d":"2.00"},"06/2021",{"$nulls":3},{"v":120,"d":"120.00"},{"v":1.260486117699825,"d":"1.26"},151.25,189.81,379.62]
["13.20","MERCADO",null,"Caixa em alvenaria 100x160 cm para bombas","un",{"v":1,"d":"1.00"},"06/2021",{"$nulls":3},{"v":400,"d":"400.00"},{"v":1.260486117699825,"d":"1.26"},504.19,632.75,632.75]
["13.21","74217/2","SINAPI","Hidrômetro completo, Ø 3/4\"","un",{"v":1,"d":"1.00"},"06/2014",{"$nulls":3},114.83,{"v":1.9681656798756928,"d":"1.97"},{"v":226,"d":"226.00"},283.63,283.63]
["13.22","73835/1","SINAPI","Conjunto moto bomba centrifuga CV 3/4, vazão de 5,0 m3/h e Hman = 15mca - Modelo Thebe TH-16 ou equivalente","un",{"v":2,"d":"2.00"},"06/2014",{"$nulls":3},943.96,{"v":1.9681656798756928,"d":"1.97"},{"v":1857.86,"d":"1,857.86"},{"v":2331.61,"d":"2,331.61"},{"v":4663.22,"d":"4,663.22"}]
[{"$nulls":3},"TUBULAÇÕES E CONEXÕES DE FERRO  GALVANIZADO"]
["13.24","73976/6","SINAPI","Tubo FG roscável, diâmetro 1.1/2\" (50 mm), inclusive conexões","m",{"v":12,"d":"12.00"},"06/2014",{"$nulls":3},77.72,{"v":1.9681656798756928,"d":"1.97"},152.96,191.96,{"v":2303.52,"d":"2,303.52"}]
["13.24","73976/5","SINAPI","Tubo FG roscável, diâmetro 1.1/4\" (32 mm), inclusive conexões","m",{"v":18,"d":"18.00"},"06/2014",{"$nulls":3},71.02,{"v":1.9681656798756928,"d":"1.97"},139.77,175.41,{"v":3157.38,"d":"3,157.38"}]
[{"$nulls":3},"CAIXA DÁGUA - 36.000L"]
["13.25","75030/4","SINAPI","Tubulação para extravasor 2\", inclusive conexões","m",{"v":8.7,"d":"8.70"},"06/2014",{"$nulls":3},30.22,{"v":1.9681656798756928,"d":"1.97"},59.47,74.63,{"v":649.281,"d":"649.28"}]
["13.26","75030/3","SINAPI","Tubulação para entrada da caixa dágua 1”, inclusive conexões","m",{"v":7,"d":"7.00"},"06/2014",{"$nulls":3},26.26,{"v":1.9681656798756928,"d":"1.97"},51.68,64.85,{"v":453.94999999999993,"d":"453.95"}]
["13.27","75030/5","SINAPI","Tubulação para saída da caixa dágua 3\", inclusive conexões","m",{"v":4.3,"d":"4.30"},"06/2014",{"$nulls":3},{"v":44.7,"d":"44.70"},{"v":1.9681656798756928,"d":"1.97"},87.97,{"v":110.4,"d":"110.40"},474.72]
["13.28","74182/1","SINAPI","Registro de gaveta para saída interior 1 1/2\", inclusive conexões","un",{"v":1,"d":"1.00"},"06/2014",{"$nulls":3},63.12,{"v":1.9681656798756928,"d":"1.97"},124.23,{"v":155.9,"d":"155.90"},{"v":155.9,"d":"155.90"}]
["13.29","74180/1","SINAPI","Registro de gaveta para dreno interior 2 1/2\", inclusive conexões","un",{"v":1,"d":"1.00"},"06/2014",{"$nulls":3},180.59,{"v":1.9681656798756928,"d":"1.97"},355.43,446.06,446.06]
["13.30","75030/2","SINAPI","Tubulação para recalque 1 1/4\", inclusive conexões","m",{"v":9,"d":"9.00"},"06/2014",{"$nulls":3},21.56,{"v":1.9681656798756928,"d":"1.97"},42.43,53.24,479.16]
["Subtotal ",{"$nulls":13},{"v":28000.610999999997,"d":"28,000.61"}]
[]
[14,null,null,"DRENAGEM DE ÁGUAS PLUVIAIS",{"$nulls":10},{"v":78879.5452,"d":"78,879.55"}]
[{"$nulls":3},"TUBULAÇÕES E CONEXÕES DE PVC"]
["14.1","73816/1","SINAPI","Execução de dreno c/ Tubo de PVC corrugado  Ø100mm","m",{"v":150,"d":"150.00"},"06/2014",{"$nulls":3},52.97,{"v":1.9681656798756928,"d":"1.97"},104.25,130.83,{"v":19624.500000000004,"d":"19,624.50"}]
["14.2","74168/2","SINAPI","Tubo de PVC esgoto série R, ponta e bolsa com anel de borracha, Ø100mm, inclusive conexões","m",{"v":48,"d":"48.00"},"06/2014",{"$nulls":3},36.53,{"v":1.9681656798756928,"d":"1.97"},71.89,90.22,{"v":4330.5599999999995,"d":"4,330.56"}]
["14.3","74168/1","SINAPI","Tubo de PVC esgoto, tipo Vinilfort ou equivalente, ponta e bolsa com junta elástica integrada, Ø150mm, inclusive conexões","m",{"v":60,"d":"60.00"},"06/2014",{"$nulls":3},64.46,{"v":1.9681656798756928,"d":"1.97"},126.86,{"v":159.2,"d":"159.20"},{"v":9552,"d":"9,552.00"}]
["14.4",83652,"SINAPI","Tubo de PVC esgoto, tipo Vinilfort ou equivalente, ponta e bolsa com junta elástica integrada, Ø200mm, inclusive conexões","m",{"v":54,"d":"54.00"},"06/2014",{"$nulls":3},66.95,{"v":1.9681656798756928,"d":"1.97"},131.76,165.35,{"v":8928.9,"d":"8,928.90"}]
[{"$nulls":3},"ACESSÓRIOS"]
["14.5",11708,"SINAPI","Ralo hemisférico (formato abacaxi) de ferro fundido, Ø100mm","un",{"v":14,"d":"14.00"},"05/2021",{"$nulls":3},25.58,{"v":1.2877159243484133,"d":"1.29"},32.93,41.32,578.48]
["14.6","74104/1","SINAPI","Caixa de inspeção em alvenaria com fundo em concreto, 60x60cm","un",{"v":2,"d":"2.00"},"06/2014",{"$nulls":3},117.88,{"v":1.9681656798756928,"d":"1.97"},{"v":232,"d":"232.00"},291.16,582.32]
["14.7",6171,"SINAPI","Tampa de concreto 60x60cm para caixa de inspeção","un",{"v":2,"d":"2.00"},"06/2014",{"$nulls":3},20.24,{"v":1.9681656798756928,"d":"1.97"},39.83,49.98,99.96]
["14.8","MERCADO",null,"Caixa de ralo em alvenaria com fundo em concreto, 40x40cm","un",{"v":6,"d":"6.00"},"06/2021",{"$nulls":3},{"v":140,"d":"140.00"},{"v":1.260486117699825,"d":"1.26"},176.46,221.45,{"v":1328.6999999999998,"d":"1,328.70"}]
["14.9",83622,"SINAPI","Grelha de ferro fundido 40x40cm, tipo leve, para caixa de ralo/brita","un",{"v":1,"d":"1.00"},"06/2014",{"$nulls":3},207.75,{"v":1.9681656798756928,"d":"1.97"},408.88,513.14,513.14]
["14.10",83626,"SINAPI","Grelha de ferro fundido 150 x 150 mm","un",{"v":5,"d":"5.00"},"06/2014",{"$nulls":3},59.78,{"v":1.9681656798756928,"d":"1.97"},117.65,147.65,738.25]
["14.11",72285,"SINAPI","Caixa de areia sem grelha 60x60cm","un",{"v":1,"d":"1.00"},"06/2014",{"$nulls":3},72.72,{"v":1.9681656798756928,"d":"1.97"},143.12,179.61,179.61]
["14.12","73963/5","SINAPI","Poço de visita em alvenaria, fundo em concreto, 110x110cm","un",{"v":6,"d":"6.00"},"06/2014",{"$nulls":3},{"v":1117.36,"d":"1,117.36"},{"v":1.9681656798756928,"d":"1.97"},{"v":2199.14,"d":"2,199.14"},{"v":2759.92,"d":"2,759.92"},{"v":16559.52,"d":"16,559.52"}]
["14.13",6171,"SINAPI","Tampa de concreto Ø60cm para poço de visita","un",{"v":6,"d":"6.00"},"06/2014",{"$nulls":3},20.24,{"v":1.9681656798756928,"d":"1.97"},39.83,49.98,299.88]
["14.14",84043,"SINAPI","Calha meia cana de piso em concreto","m",127.02,"06/2014",{"$nulls":3},103.35,{"v":1.9681656798756928,"d":"1.97"},{"v":203.4,"d":"203.40"},255.26,{"v":32423.1252,"d":"32,423.13"}]
["Subtotal ",{"$nulls":13},{"v":78879.5452,"d":"78,879.55"}]
[]
[15,null,null,"INSTALAÇÃO SANITÁRIA ",{"$nulls":10},{"v":20345.02,"d":"20,345.02"}]
["15.1",72685,"SINAPI","Ralo Sifonada 100x100x50mm","un",{"v":3,"d":"3.00"},"06/2014",{"$nulls":3},20.16,{"v":1.9681656798756928,"d":"1.97"},39.67,49.78,149.34]
["15.2",72291,"SINAPI","Caixa Sifonada 150x185x75mm ","un",{"v":18,"d":"18.00"},"06/2014",{"$nulls":3},42.33,{"v":1.9681656798756928,"d":"1.97"},83.31,104.55,{"v":1881.8999999999999,"d":"1,881.90"}]
["15.3",72684,"SINAPI","Ralo Seco de PVC 100x100mm","un",{"v":9,"d":"9.00"},"06/2014",{"$nulls":3},17.15,{"v":1.9681656798756928,"d":"1.97"},33.75,42.35,{"v":381.15000000000003,"d":"381.15"}]
["15.4","C3738","SEINFRA","Terminal de Ventilação Série Normal 50mm","un",{"v":5,"d":"5.00"},"03/2021",{"$nulls":3},54.47,{"v":1.3281409575525551,"d":"1.33"},72.34,90.78,{"v":453.9,"d":"453.90"}]
["15.5","C3738","SEINFRA","Terminal de Ventilação Série Normal 75mm","un",{"v":7,"d":"7.00"},"03/2021",{"$nulls":3},54.47,{"v":1.3281409575525551,"d":"1.33"},72.34,90.78,635.46]
["15.6","74165/4","SINAPI","Tubo de PVC Série Normal 100mm, fornec. e instalação, inclusive conexões","m",{"v":228,"d":"228.00"},"06/2014",{"$nulls":3},40.61,{"v":1.9681656798756928,"d":"1.97"},79.92,100.29,{"v":22866.120000000003,"d":"22,866.12"}]
["15.7","74165/1","SINAPI","Tubo de PVC Série Normal 40mm, fornec. e instalação, inclusive conexões","m",{"v":19.8,"d":"19.80"},"06/2014",{"$nulls":3},20.87,{"v":1.9681656798756928,"d":"1.97"},41.07,51.54,{"v":1020.4920000000001,"d":"1,020.49"}]
["15.8","74165/2","SINAPI","Tubo de PVC Série Normal 50mm , fornec. e instalação, inclusive conexões","m",{"v":12,"d":"12.00"},"06/2014",{"$nulls":3},{"v":27.8,"d":"27.80"},{"v":1.9681656798756928,"d":"1.97"},54.71,68.66,823.92]
["15.9","74165/3","SINAPI","Tubo de PVC Série Normal 75mm , fornec. e instalação, inclusive conexões","m",{"v":33,"d":"33.00"},"06/2014",{"$nulls":3},38.17,{"v":1.9681656798756928,"d":"1.97"},75.12,94.27,{"v":3110.91,"d":"3,110.91"}]
["15.10","74168/1","SINAPI","Tubo de PVC Série Reforçada 150mm, fornec. e instalação, inclusive conexões","m",{"v":48,"d":"48.00"},"06/2014",{"$nulls":3},64.46,{"v":1.9681656798756928,"d":"1.97"},126.86,{"v":159.2,"d":"159.20"},{"v":7641.599999999999,"d":"7,641.60"}]
["15.6",72291,"SINAPI","Caixa sifonada de sabão em PVC","un",{"v":2,"d":"2.00"},"06/2014",{"$nulls":3},42.33,{"v":1.9681656798756928,"d":"1.97"},83.31,104.55,{"v":209.1,"d":"209.10"}]
["15.7",72290,"SINAPI","Caixa de inspeção em alvenaria de tijolo medindo 900x900x600mm , com tampão em ferro fundido","un",{"v":10,"d":"10.00"},"06/2014",{"$nulls":3},339.74,{"v":1.9681656798756928,"d":"1.97"},668.66,839.16,{"v":8391.6,"d":"8,391.60"}]
["15.8","74051/1","SINAPI","Caixa de gordura Especial, em alvenaria de tijolo, medindo 1100x1100x1200mm, com tampão em ferro fundido","un",{"v":1,"d":"1.00"},"06/2014",{"$nulls":3},{"v":133.6,"d":"133.60"},{"v":1.9681656798756928,"d":"1.97"},262.94,329.98,329.98]
["15.9","73963/5","SINAPI","Poço de visita em alvenaria de tijolo profundidade 1,20m  , com tampão em ferro fundido","un",{"v":4,"d":"4.00"},"06/2014",{"$nulls":3},286.37,{"v":1.9681656798756928,"d":"1.97"},563.62,707.34,{"v":2829.36,"d":"2,829.36"}]
["15.10","74198/2","SINAPI","Sumidouro em alvenaria 2,40 x 2,40 m","un",{"v":1,"d":"1.00"},"06/2014",{"$nulls":3},{"v":1281.18,"d":"1,281.18"},{"v":1.9681656798756928,"d":"1.97"},{"v":2521.57,"d":"2,521.57"},{"v":3164.57,"d":"3,164.57"},{"v":3164.57,"d":"3,164.57"}]
["15.11","74197/1","SINAPI","Fossa séptica 2,30 x 2,30 m","un",{"v":1,"d":"1.00"},"06/2014",{"$nulls":3},910.37,{"v":1.9681656798756928,"d":"1.97"},{"v":1791.75,"d":"1,791.75"},{"v":2248.64,"d":"2,248.64"},{"v":2248.64,"d":"2,248.64"}]
["Subtotal",{"$nulls":13},{"v":20345.02,"d":"20,345.02"}]
[]
[16,null,null,"LOUÇAS E METAIS ",{"$nulls":10},{"v":60518.248499999994,"d":"60,518.25"}]
["16.1","C4635","SEINFRA","Bacia Sanitária Vogue Plus, Linha Conforto com abertura, cor Branco Gelo, código: P.51,  DECA, ou equivalente p/ de descarga, com acessórios, bolsa de borracha para ligacao, tubo pvc ligacao - fornecimento e instalacao","un",{"v":2,"d":"2.00"},"03/2021",{"$nulls":3},{"v":1038.16,"d":"1,038.16"},{"v":1.3281409575525551,"d":"1.33"},{"v":1378.82,"d":"1,378.82"},{"v":1730.41,"d":"1,730.41"},{"v":3460.82,"d":"3,460.82"}]
["16.2",86888,"SINAPI","Bacia Sanitária Convencional com Caixa Acoplada, código Izy P.111, DECA, ou equivalente com acessórios- fornecimento e instalação","un",{"v":7,"d":"7.00"},"12/2023",{"$nulls":3},469.55,{"v":1.0742470909077544,"d":"1.07"},504.41,633.03,{"v":4431.21,"d":"4,431.21"}]
["16.3",72739,"SINAPI","Bacia Convencional Studio Kids, código PI.16, para valvula de descarga, em louca branca,  assento plastico, anel de vedação, tubo pvc ligacao - fornecimento e instalacao, Deca ou equivalente","un",{"v":12,"d":"12.00"},"06/2014",{"$nulls":3},{"v":238.6,"d":"238.60"},{"v":1.9681656798756928,"d":"1.97"},{"v":469.6,"d":"469.60"},589.34,{"v":7072.08,"d":"7,072.08"}]
["16.4","C4642","SEINFRA","Assento Poliéster com abertura frontal Vogue Plus, Linha Conforto, cor Branco Gelo,c código AP.52, DECA, ou equivalente","un",{"v":2,"d":"2.00"},"03/2021",{"$nulls":3},610.76,{"v":1.3281409575525551,"d":"1.33"},811.17,{"v":1018.01,"d":"1,018.01"},{"v":2036.02,"d":"2,036.02"}]
["16.5",377,"SINAPI","Assento plástico Izy, Código AP.01, DECA","un",{"v":7,"d":"7.00"},"12/2023",{"$nulls":3},40.03,{"v":1.0742470909077544,"d":"1.07"},{"v":43,"d":"43.00"},53.96,377.72]
["16.6",11703,"SINAPI","Papeleira Metálica Linha Izy, código 2020.C37, DECA ou equivalente","un",{"v":21,"d":"21.00"},"12/2023",{"$nulls":3},{"v":30.1,"d":"30.10"},{"v":1.0742470909077544,"d":"1.07"},32.33,40.57,851.97]
["16.7",1370,"SINAPI","Ducha Higiênica com registro e derivação Izy, código 1984.C37. ACT.CR, DECA, ou equivalente","un.",{"v":4,"d":"4.00"},"12/2023",{"$nulls":3},122.42,{"v":1.0742470909077544,"d":"1.07"},{"v":131.5,"d":"131.50"},165.03,660.12]
["16.8",86943,"SINAPI","Lavatório Pequeno Ravena/Izy cor Branco Gelo, código: L.915, DECA, ou equivalente, sem coluna,(válvula, sifao e engate flexível cromados), exceto Torneira","un",{"v":8,"d":"8.00"},"12/2023",{"$nulls":3},259.25,{"v":1.0742470909077544,"d":"1.07"},278.49,{"v":349.5,"d":"349.50"},{"v":2796,"d":"2,796.00"}]
["16.9",86901,"SINAPI","Cuba de Embutir Oval cor Branco Gelo, código L.37, DECA, ou equivalente, em bancada  ecomplementos (válvula, sifao e engate flexível cromados), exceto torneira.","un",{"v":21,"d":"21.00"},"12/2023",{"$nulls":3},148.17,{"v":1.0742470909077544,"d":"1.07"},159.17,199.75,{"v":4194.75,"d":"4,194.75"}]
["16.10",86906,"SINAPI","Torneira para lavatório de mesa bica baixa Izy, código 1193.C37, Deca ou equivalente","un",{"v":29,"d":"29.00"},"12/2023",{"$nulls":3},77.59,{"v":1.0742470909077544,"d":"1.07"},83.35,{"v":104.6,"d":"104.60"},{"v":3033.3999999999996,"d":"3,033.40"}]
["16.11","MERCADO",null,"Saboneteira Linha Excellence, código 7009, Melhoramentos ou equivalente","un",{"v":30,"d":"30.00"},"06/2021",{"$nulls":3},{"v":70,"d":"70.00"},{"v":1.260486117699825,"d":"1.26"},88.23,110.72,{"v":3321.6,"d":"3,321.60"}]
["16.12","MERCADO",null,"Dispenser Toalha Linha Excellence, código 7007, Melhoramentos ou equivalente.","un",{"v":27,"d":"27.00"},"06/2021",{"$nulls":3},{"v":75,"d":"75.00"},{"v":1.260486117699825,"d":"1.26"},94.53,118.63,{"v":3203.0099999999998,"d":"3,203.01"}]
["16.13","MERCADO",null,"Barra de apoio, Linha conforto, código 2305.C, cor cromado, DECA ou equivalente","un",{"v":8,"d":"8.00"},"06/2021",{"$nulls":3},{"v":240,"d":"240.00"},{"v":1.260486117699825,"d":"1.26"},302.51,379.65,{"v":3037.2,"d":"3,037.20"}]
["16.14","MERCADO",null,"Barra de apoio para lavatório \" u \", Linha conforto, aço polido, DECA, ou equivalente","un",{"v":2,"d":"2.00"},"06/2021",{"$nulls":3},{"v":300,"d":"300.00"},{"v":1.260486117699825,"d":"1.26"},378.14,474.56,949.12]
["16.15","MERCADO",null,"Barra de apoio para proteção janelas","m",26.35,"06/2021",{"$nulls":3},{"v":358,"d":"358.00"},{"v":1.260486117699825,"d":"1.26"},451.25,566.31,{"v":14922.2685,"d":"14,922.27"}]
["16.16","MERCADO",null,"Banheira Embutir em plástico tipo PVC, 77x45x20cm, Burigotto ou equivalente","un",{"v":4,"d":"4.00"},"06/2021",{"$nulls":3},{"v":185,"d":"185.00"},{"v":1.260486117699825,"d":"1.26"},233.18,292.64,{"v":1170.56,"d":"1,170.56"}]
["16.17","MERCADO",null,"Torneira elétrica Maxi Torneira, LORENZETTI com Mangueira plástica para torneira elétrica, cógigo 8010-A, LORENZETTI, ou equivalente ","un",{"v":4,"d":"4.00"},"06/2021",{"$nulls":3},{"v":215,"d":"215.00"},{"v":1.260486117699825,"d":"1.26"},{"v":271,"d":"271.00"},{"v":340.1,"d":"340.10"},{"v":1360.4,"d":"1,360.40"}]
["16.18",9535,"SINAPI","Chuveiro Maxi Ducha, LORENZETTI, com Mangueira plástica/desviador para duchas elétricas, cógigo 8010-A, LORENZETTI,  ou equivalente ","un",{"v":14,"d":"14.00"},"06/2014",{"$nulls":3},50.42,{"v":1.9681656798756928,"d":"1.97"},99.23,124.53,{"v":1743.42,"d":"1,743.42"}]
["16.19","74176/1","SINAPI","Torneira Acabamento para registro pequeno Linha Izy, código: 4900.C37.PQ, DECA ou equivalente (para chuveiros), Deca ou equivalente","un",{"v":14,"d":"14.00"},"06/2014",{"$nulls":3},54.85,{"v":1.9681656798756928,"d":"1.97"},107.95,135.47,{"v":1896.58,"d":"1,896.58"}]
["15.20",86920,"SINAPI","Tanque Grande (40 L) cor Branco Gelo, código TQ.03, DECA, ou equivalente","un",{"v":2,"d":"2.00"},"05/2021",{"$nulls":3},842.87,{"v":1.2877159243484133,"d":"1.29"},{"v":1085.37,"d":"1,085.37"},{"v":1362.13,"d":"1,362.13"},{"v":2724.26,"d":"2,724.26"}]
["15.21",86914,"SINAPI","Torneira de parede de uso geral com arejador Izy, código 1155.C37, DECA, ou equivalente para jardim ou tanque, padrao alto","un",{"v":3,"d":"3.00"},"05/2021",{"$nulls":3},41.87,{"v":1.2877159243484133,"d":"1.29"},53.91,67.65,{"v":202.95000000000002,"d":"202.95"}]
["15.22",86914,"SINAPI","Torneira de parede de uso geral com bico para mangueira Izy, código 1153.C37, DECA, ou equivalente","un",{"v":10,"d":"10.00"},"05/2021",{"$nulls":3},41.87,{"v":1.2877159243484133,"d":"1.29"},53.91,67.65,{"v":676.5,"d":"676.50"}]
["15.23","MERCADO",null,"Cuba industrial 50x40 profundidade 30 – HIDRONOX, ou equivalente, com sifão em metal cromado 1.1/2x1.1/2\", válvula em metal cromado tipo americana 3.1/2\"x1.1/2\" para pia - fornecimento e instalação","un",{"v":2,"d":"2.00"},"06/2021",{"$nulls":3},{"v":499,"d":"499.00"},{"v":1.260486117699825,"d":"1.26"},628.98,789.36,{"v":1578.72,"d":"1,578.72"}]
["15.24",86936,"SINAPI","Cuba Inox Embutir 40x34x17cm, cuba 3, básica aço inoxidável, com válvula, FRANKE, ou equivalente, com sifão em metal cromado 1.1/2x1.1/2\", válvula em metal cromado tipo americana 3.1/2\"x1.1/2\" para pia - fornecimento e instalação","un.",{"v":13,"d":"13.00"},"05/2021",{"$nulls":3},415.96,{"v":1.2877159243484133,"d":"1.29"},535.63,672.21,{"v":8738.73,"d":"8,738.73"}]
["15.25",86909,"SINAPI","Torneira para cozinha de mesa bica móvel Izy, código 1167.C37, DECA, ou equivalente","un",{"v":13,"d":"13.00"},"05/2021",{"$nulls":3},109.09,{"v":1.2877159243484133,"d":"1.29"},140.47,176.28,{"v":2291.64,"d":"2,291.64"}]
["15.26","MERCADO",null,"Torneira elétrica LorenEasy, LORENZETTI ou equivalente","un",{"v":1,"d":"1.00"},"06/2021",{"$nulls":3},{"v":199,"d":"199.00"},{"v":1.260486117699825,"d":"1.26"},250.83,314.79,314.79]
["Subtotal ",{"$nulls":13},{"v":60518.248499999994,"d":"60,518.25"}]
[]
[17,null,null,"INSTALAÇÃO DE GÁS COMBUSTÍVEL",{"$nulls":10},{"v":13974.56,"d":"13,974.56"}]
["17.1","MERCADO",null,"Central de GLP Botijões P45","un",{"v":2,"d":"2.00"},"06/2021",{"$nulls":3},{"v":3500,"d":"3,500.00"},{"v":1.260486117699825,"d":"1.26"},{"v":4411.7,"d":"4,411.70"},{"v":5536.68,"d":"5,536.68"},{"v":11073.36,"d":"11,073.36"}]
["17.2","73976/3","SINAPI","Tubo de Ferro Galvanizado Ø 3/4\", inclusive conexões","m",{"v":18,"d":"18.00"},"06/2014",{"$nulls":3},{"v":19.4,"d":"19.40"},{"v":1.9681656798756928,"d":"1.97"},38.18,47.91,{"v":862.3799999999999,"d":"862.38"}]
["17.3","MERCADO",null,"Fita anticorrosiva","m",{"v":18,"d":"18.00"},"06/2021",{"$nulls":3},{"v":6.9,"d":"6.90"},{"v":1.260486117699825,"d":"1.26"},8.69,{"v":10.9,"d":"10.90"},{"v":196.20000000000002,"d":"196.20"}]
["17.4","MERCADO",null,"Válvula esfera Ø 3/4\" NPT 300","un",{"v":4,"d":"4.00"},"06/2021",{"$nulls":3},{"v":120,"d":"120.00"},{"v":1.260486117699825,"d":"1.26"},151.25,189.81,759.24]
["17.5","MERCADO",null,"Registro 1º Estágio c/ manômetro","un",{"v":1,"d":"1.00"},"06/2021",{"$nulls":3},{"v":71,"d":"71.00"},{"v":1.260486117699825,"d":"1.26"},89.49,{"v":112.3,"d":"112.30"},{"v":112.3,"d":"112.30"}]
["17.6","MERCADO",null,"Registro 2º Estágio c/ manômetro","un",{"v":2,"d":"2.00"},"06/2021",{"$nulls":3},{"v":71,"d":"71.00"},{"v":1.260486117699825,"d":"1.26"},89.49,{"v":112.3,"d":"112.30"},{"v":224.6,"d":"224.60"}]
["17.7","MERCADO",null,"Registro do Regulador","un",{"v":2,"d":"2.00"},"06/2021",{"$nulls":3},{"v":198,"d":"198.00"},{"v":1.260486117699825,"d":"1.26"},249.57,313.21,626.42]
["17.8","MERCADO",null,"Manômetro NPT 1/4, 0 a 300 Psi","un",{"v":1,"d":"1.00"},"06/2021",{"$nulls":3},{"v":75.9,"d":"75.90"},{"v":1.260486117699825,"d":"1.26"},95.67,120.06,120.06]
["Subtotal ",{"$nulls":13},{"v":13974.56,"d":"13,974.56"}]
[]
[18,null,null,"SISTEMA DE PROTEÇÃO CONTRA INCÊNDIO",{"$nulls":10},{"v":87820.33000000002,"d":"87,820.33"}]
["18.1",72553,"SINAPI","Extintor PQS - 6KG","un",{"v":8,"d":"8.00"},"06/2014",{"$nulls":3},121.51,{"v":1.9681656798756928,"d":"1.97"},239.15,300.13,{"v":2401.04,"d":"2,401.04"}]
["18.2",72554,"SINAPI","Extintor Gás Carbonico - 6KG","un",{"v":2,"d":"2.00"},"06/2014",{"$nulls":3},466.52,{"v":1.9681656798756928,"d":"1.97"},918.18,{"v":1152.31,"d":"1,152.31"},{"v":2304.62,"d":"2,304.62"}]
["18.3","C4394","SEINFRA","Luminária de emergência de 31 Leds autonomia minima de 1 hora","un",{"v":24,"d":"24.00"},"03/2021",{"$nulls":3},259.86,{"v":1.3281409575525551,"d":"1.33"},345.13,433.13,{"v":10395.119999999999,"d":"10,395.12"}]
["18.4",72947,"SINAPI","Marcação no Piso - 1 x 1m para hidrante","un",{"v":7,"d":"7.00"},"06/2014",{"$nulls":3},15.49,{"v":1.9681656798756928,"d":"1.97"},30.48,38.25,267.75]
["18.5","73976/8","SINAPI","Tubo de Aço Galvanizado com DN65 (2.1/2\")","m",{"v":108,"d":"108.00"},"06/2014",{"$nulls":3},121.93,{"v":1.9681656798756928,"d":"1.97"},239.97,301.16,{"v":32525.280000000002,"d":"32,525.28"}]
["18.6",72715,"SINAPI","Tê de 2.1/2\" em Aço Galvanizado","un",{"v":5,"d":"5.00"},"06/2014",{"$nulls":3},89.82,{"v":1.9681656798756928,"d":"1.97"},176.78,221.85,{"v":1109.25,"d":"1,109.25"}]
["18.7",72658,"SINAPI","Tê de redução 2.1/2 x 2.1/2X1\" Aço Galvanizado","un",{"v":1,"d":"1.00"},"06/2014",{"$nulls":3},62.27,{"v":1.9681656798756928,"d":"1.97"},122.55,{"v":153.8,"d":"153.80"},{"v":153.8,"d":"153.80"}]
["18.8",72302,"SINAPI","Cotovelo de 2.1/2\" em Aço Galvanizado","un",{"v":1,"d":"1.00"},"06/2014",{"$nulls":3},75.55,{"v":1.9681656798756928,"d":"1.97"},148.69,{"v":186.6,"d":"186.60"},{"v":186.6,"d":"186.60"}]
["18.9",72304,"SINAPI","Curva fêmea de 90° em Aço Galvanizado","un",{"v":15,"d":"15.00"},"06/2014",{"$nulls":3},96.61,{"v":1.9681656798756928,"d":"1.97"},190.14,238.62,{"v":3579.3,"d":"3,579.30"}]
["18.10",72615,"SINAPI","Luva de 2.1/2\" em Aço Galvanizado","un",{"v":11,"d":"11.00"},"06/2014",{"$nulls":3},48.39,{"v":1.9681656798756928,"d":"1.97"},95.23,119.51,{"v":1314.6100000000001,"d":"1,314.61"}]
["18.11",72658,"SINAPI","Bucha de redução 2.1/2X1.1/2\" em Aço Galvanizado","un",{"v":1,"d":"1.00"},"06/2014",{"$nulls":3},62.27,{"v":1.9681656798756928,"d":"1.97"},122.55,{"v":153.8,"d":"153.80"},{"v":153.8,"d":"153.80"}]
["18.12",72660,"SINAPI","Bucha de redução 2.1/2X1\" em Aço Galvanizado","un",{"v":4,"d":"4.00"},"06/2014",{"$nulls":3},43.62,{"v":1.9681656798756928,"d":"1.97"},85.85,107.74,430.96]
["18.13",72656,"SINAPI","Bucha de redução 1X1/2\" em Aço Galvanizado","un",{"v":1,"d":"1.00"},"06/2014",{"$nulls":3},18.05,{"v":1.9681656798756928,"d":"1.97"},35.52,44.57,44.57]
["18.14",72677,"SINAPI","Niple duplo de 2.1/2\" em Aço Galvanizado","un",{"v":12,"d":"12.00"},"06/2014",{"$nulls":3},41.24,{"v":1.9681656798756928,"d":"1.97"},81.16,101.85,{"v":1222.1999999999998,"d":"1,222.20"}]
["18.15",72673,"SINAPI","Niple duplo de 1.1/2\" em Aço Galvanizado","un",{"v":1,"d":"1.00"},"06/2014",{"$nulls":3},18.99,{"v":1.9681656798756928,"d":"1.97"},37.37,46.89,46.89]
["18.16",72675,"SINAPI","Niple duplo de 1\" em Aço Galvanizado","un",{"v":1,"d":"1.00"},"06/2014",{"$nulls":3},13.78,{"v":1.9681656798756928,"d":"1.97"},27.12,34.03,34.03]
["18.17",72665,"SINAPI","Luva de redução de 3X2.1/2\" em Aço Galvanizado","un",{"v":1,"d":"1.00"},"06/2014",{"$nulls":3},82.17,{"v":1.9681656798756928,"d":"1.97"},161.72,202.95,202.95]
["18.18","MERCADO",null,"Tampão de engate rápido tipo de 2.1/2\" com vedação em neoprene em Latão.","un",{"v":1,"d":"1.00"},"06/2021",{"$nulls":3},{"v":225,"d":"225.00"},{"v":1.260486117699825,"d":"1.26"},{"v":283.6,"d":"283.60"},355.91,355.91]
["18.19","73796/5","SINAPI","Válvula de gaveta de 2.1/2\"","un",{"v":3,"d":"3.00"},"06/2014",{"$nulls":3},92.28,{"v":1.9681656798756928,"d":"1.97"},181.62,227.93,683.79]
["18.20","73795/13","SINAPI","Válvula de retenção horizontal de 2.1/2\"","un",{"v":2,"d":"2.00"},"06/2014",{"$nulls":3},214.29,{"v":1.9681656798756928,"d":"1.97"},421.75,529.29,{"v":1058.58,"d":"1,058.58"}]
["18.21","74169/1","SINAPI","Válvula globo de 45° com 2.1/2\"","un",{"v":1,"d":"1.00"},"06/2014",{"$nulls":3},209.56,{"v":1.9681656798756928,"d":"1.97"},412.44,517.61,517.61]
["18.22","73870/6","SINAPI","Válvula de esfera passagem plena de 2.1/2\"","un",{"v":3,"d":"3.00"},"06/2014",{"$nulls":3},109.56,{"v":1.9681656798756928,"d":"1.97"},215.63,270.61,811.83]
["18.23",85120,"SINAPI","Manômetro NPT 1/2\", 0-300psi","un",{"v":1,"d":"1.00"},"06/2014",{"$nulls":3},52.97,{"v":1.9681656798756928,"d":"1.97"},104.25,130.83,130.83]
["18.24",83492,"SINAPI","Chave Fluxo de palheta 2.1/2\"","un",{"v":1,"d":"1.00"},"06/2014",{"$nulls":3},{"v":368.2,"d":"368.20"},{"v":1.9681656798756928,"d":"1.97"},724.67,909.46,909.46]
["18.25","MERCADO",null,"Alarme de incêndio","un",{"v":4,"d":"4.00"},"06/2021",{"$nulls":3},{"v":99,"d":"99.00"},{"v":1.260486117699825,"d":"1.26"},124.78,156.59,626.36]
["18.26","MERCADO",null,"Acionador manual tipo \"quebre o vidro\" com sirene","un",{"v":3,"d":"3.00"},"06/2021",{"$nulls":3},{"v":99,"d":"99.00"},{"v":1.260486117699825,"d":"1.26"},124.78,156.59,469.77]
["18.27","MERCADO",null,"Caixa de comando para bomba de incêndio","un",{"v":1,"d":"1.00"},"06/2021",{"$nulls":3},{"v":1500,"d":"1,500.00"},{"v":1.260486117699825,"d":"1.26"},{"v":1890.72,"d":"1,890.72"},{"v":2372.85,"d":"2,372.85"},{"v":2372.85,"d":"2,372.85"}]
["18.28","MERCADO",null,"Central de alarme de incêndio tensão de alimentação 220V com bateria celada 12V 7Ah, de sobrepor, grau de proteção IP20, para 10 setores.","un",{"v":1,"d":"1.00"},"06/2021",{"$nulls":3},{"v":570,"d":"570.00"},{"v":1.260486117699825,"d":"1.26"},718.47,901.67,901.67]
["18.29","MERCADO",null,"Placas de sinalização para mangotinhos \"hidrantes\"","un",{"v":3,"d":"3.00"},"06/2021",{"$nulls":3},{"v":25,"d":"25.00"},{"v":1.260486117699825,"d":"1.26"},31.51,39.54,118.62]
["18.30","MERCADO",null,"Caixa 50X50X50 com tampa em concreto armado","un",{"v":1,"d":"1.00"},"06/2021",{"$nulls":3},{"v":301,"d":"301.00"},{"v":1.260486117699825,"d":"1.26"},{"v":379.4,"d":"379.40"},476.14,476.14]
["18.31","MERCADO",null,"Caixa para hidrante de passeio com tampa em Ferro Fundido com a escrita \"INCÊNDIO\" estampada","un",{"v":1,"d":"1.00"},"06/2021",{"$nulls":3},{"v":540,"d":"540.00"},{"v":1.260486117699825,"d":"1.26"},680.66,854.22,854.22]
["18.32","MERCADO",null,"Motobomba THEBE - REF. TH16NR - potência de 1,5CV, Hman= 17m.c.a, Qrec.= 13,3 m³/h, sucção: 1.1/2\", recalque: 1\", monoestágio, trifásico, 60Hz, ou similar.","un",{"v":1,"d":"1.00"},"06/2021",{"$nulls":3},{"v":2100,"d":"2,100.00"},{"v":1.260486117699825,"d":"1.26"},{"v":2647.02,"d":"2,647.02"},{"v":3322.01,"d":"3,322.01"},{"v":3322.01,"d":"3,322.01"}]
["18.33","MERCADO",null,"Suporte para abrigo do mangotinho confeccionado com tubo de ferro galvanizado DN100(4\") com duas chapas de aço 20X20cm e espessura de 4,76mm (3/16\") soldadas nas pontas contendo quatro furos para parafusos M8. h= 80cm.","un",{"v":2,"d":"2.00"},"06/2021",{"$nulls":3},{"v":630,"d":"630.00"},{"v":1.260486117699825,"d":"1.26"},{"v":794.1,"d":"794.10"},996.59,{"v":1993.18,"d":"1,993.18"}]
["18.34","MERCADO",null,"Abrigo com carretel para mangotinho confeccionado em chapa de aço de 0,9mm, medindo (C:90Xh:80XP:30cm) com porta trinco, visor de vidro e veneziana de ventilação. O carretel terá uma mangueira semi-rígida com 25mm de diâmetro com 30m de comprimento tendo em uma das pontas um esguicho de jato regulável DN25  (1\") com vazão de 260l/min e na outra um conector em metal de 1\".","un",{"v":2,"d":"2.00"},"06/2021",{"$nulls":3},{"v":409,"d":"409.00"},{"v":1.260486117699825,"d":"1.26"},515.53,646.99,{"v":1293.98,"d":"1,293.98"}]
["18.35",83417,"SINAPI","Condutor de cobre #2.5mm², isol. 750/1KV, classe 2, cor da isolação: vermelha","m",{"v":170,"d":"170.00"},"06/2014",{"$nulls":3},2.93,{"v":1.9681656798756928,"d":"1.97"},5.76,7.22,{"v":1227.3999999999999,"d":"1,227.40"}]
["18.36",83417,"SINAPI","Condutor de cobre #2.5mm², isol. 750/1KV, classe 2, cor da isolação: amarela","m",{"v":100,"d":"100.00"},"06/2014",{"$nulls":3},2.93,{"v":1.9681656798756928,"d":"1.97"},5.76,7.22,{"v":722,"d":"722.00"}]
["18.37",83417,"SINAPI","Condutor de cobre #2,5mm², isol. 750/1KV, classe 2, cor da isolação: branca","m",{"v":100,"d":"100.00"},"06/2014",{"$nulls":3},2.93,{"v":1.9681656798756928,"d":"1.97"},5.76,7.22,{"v":722,"d":"722.00"}]
["18.38",83417,"SINAPI","Condutor de cobre #2,5mm², isol. 0.6KV, classe 2, cor da isolação: azul-claro","m",{"v":170,"d":"170.00"},"06/2014",{"$nulls":3},2.93,{"v":1.9681656798756928,"d":"1.97"},5.76,7.22,{"v":1227.3999999999999,"d":"1,227.40"}]
["18.39",83417,"SINAPI","Condutor de cobre #2,5mm², isol. 0.6KV, classe 2, cor da isolação: verde","m",{"v":170,"d":"170.00"},"06/2014",{"$nulls":3},2.93,{"v":1.9681656798756928,"d":"1.97"},5.76,7.22,{"v":1227.3999999999999,"d":"1,227.40"}]
["18.40","73860/7","SINAPI","Condutor de cobre #0,75mm², isol. 0.6KV, classe 2, cor da isolação: vermelha","m",{"v":130,"d":"130.00"},"06/2014",{"$nulls":3},1.97,{"v":1.9681656798756928,"d":"1.97"},3.87,4.85,{"v":630.5,"d":"630.50"}]
["18.41","73860/7","SINAPI","Condutor de cobre #0,75mm², isol. 0.6KV, classe 2, cor da isolação: amarela","m",{"v":130,"d":"130.00"},"06/2014",{"$nulls":3},1.97,{"v":1.9681656798756928,"d":"1.97"},3.87,4.85,{"v":630.5,"d":"630.50"}]
["18.42","73860/7","SINAPI","Condutor de cobre #0,75mm², isol. 0.6KV, classe 2, cor da isolação: azul-claro","m",{"v":130,"d":"130.00"},"06/2014",{"$nulls":3},1.97,{"v":1.9681656798756928,"d":"1.97"},3.87,4.85,{"v":630.5,"d":"630.50"}]
["18.43","73860/7","SINAPI","Condutor de cobre #0,75mm², isol. 0.6KV, classe 2, cor da isolação: verde","m",{"v":130,"d":"130.00"},"06/2014",{"$nulls":3},1.97,{"v":1.9681656798756928,"d":"1.97"},3.87,4.85,{"v":630.5,"d":"630.50"}]
["18.44",83418,"SINAPI","Condutor de cobre #4mm², isol. 750/1KV, classe 2, cor da isolação: amarela","m",{"v":90,"d":"90.00"},"06/2014",{"$nulls":3},4.27,{"v":1.9681656798756928,"d":"1.97"},{"v":8.4,"d":"8.40"},10.54,{"v":948.5999999999999,"d":"948.60"}]
["18.45",83418,"SINAPI","Condutor de cobre #4mm², isol. 750/1KV, classe 2, cor da isolação: vermelha","m",{"v":90,"d":"90.00"},"06/2014",{"$nulls":3},4.27,{"v":1.9681656798756928,"d":"1.97"},{"v":8.4,"d":"8.40"},10.54,{"v":948.5999999999999,"d":"948.60"}]
["18.46",83418,"SINAPI","Condutor de cobre #4mm², isol. 750/1KV, classe 2, cor da isolação: branca","m",{"v":90,"d":"90.00"},"06/2014",{"$nulls":3},4.27,{"v":1.9681656798756928,"d":"1.97"},{"v":8.4,"d":"8.40"},10.54,{"v":948.5999999999999,"d":"948.60"}]
["18.47",83418,"SINAPI","Condutor de cobre #4mm², isol. 750/1KV, classe 2, cor da isolação: azul-claro","m",{"v":90,"d":"90.00"},"06/2014",{"$nulls":3},4.27,{"v":1.9681656798756928,"d":"1.97"},{"v":8.4,"d":"8.40"},10.54,{"v":948.5999999999999,"d":"948.60"}]
["18.48",83418,"SINAPI","Condutor de cobre #4mm², isol. 750/1KV, classe 2, cor da isolação: verde","m",{"v":90,"d":"90.00"},"06/2014",{"$nulls":3},4.27,{"v":1.9681656798756928,"d":"1.97"},{"v":8.4,"d":"8.40"},10.54,{"v":948.5999999999999,"d":"948.60"}]
["18.49","74130/4","SINAPI","Disjuntor trifásico de 10A","un",{"v":1,"d":"1.00"},"06/2014",{"$nulls":3},61.18,{"v":1.9681656798756928,"d":"1.97"},120.41,151.11,151.11]
["18.50",68066,"SINAPI","Caixa para disjuntor trifásico e medidor com visor de vidro (32X25X17)cm","un",{"v":1,"d":"1.00"},"06/2014",{"$nulls":3},124.27,{"v":1.9681656798756928,"d":"1.97"},244.58,306.94,306.94]
["18.51","73976/3","SINAPI","Tubo de Aço Galvanizado com DN25 (3/4\")","m",{"v":6,"d":"6.00"},"06/2014",{"$nulls":3},{"v":19.4,"d":"19.40"},{"v":1.9681656798756928,"d":"1.97"},38.18,47.91,287.46]
["18.52",72618,"SINAPI","Luva de 3/4\" em Aço Galvanizado","m",{"v":4,"d":"4.00"},"06/2014",{"$nulls":3},11.82,{"v":1.9681656798756928,"d":"1.97"},23.26,29.19,116.76]
["18.53",72657,"SINAPI","Bucha e contra-bucha  de 3/4\"","un",{"v":4,"d":"4.00"},"06/2014",{"$nulls":3},19.26,{"v":1.9681656798756928,"d":"1.97"},{"v":37.9,"d":"37.90"},47.56,190.24]
["18.54","MERCADO",null,"Presilhas para tubo de Aço Galvanizado de 3/4\"","un",{"v":8,"d":"8.00"},"06/2021",{"$nulls":3},{"v":15,"d":"15.00"},{"v":1.260486117699825,"d":"1.26"},{"v":18.9,"d":"18.90"},23.71,189.68]
["18.55","MERCADO",null,"Placa de sinalização em pvc cod 12 - (316x158) Saída de emergência","un",{"v":4,"d":"4.00"},"06/2021",{"$nulls":3},{"v":25,"d":"25.00"},{"v":1.260486117699825,"d":"1.26"},31.51,39.54,158.16]
["18.56","MERCADO",null,"Placa de sinalização em pvc cod 13 - (316x158) Saída de emergência","un",{"v":8,"d":"8.00"},"06/2021",{"$nulls":3},{"v":25,"d":"25.00"},{"v":1.260486117699825,"d":"1.26"},31.51,39.54,316.32]
["18.57","MERCADO",null,"Placa de sinalização em pvc cod 17 - (316x158) Mensagem \"Saída\"","un",{"v":2,"d":"2.00"},"06/2021",{"$nulls":3},{"v":25,"d":"25.00"},{"v":1.260486117699825,"d":"1.26"},31.51,39.54,79.08]
["18.58","MERCADO",null,"Placa de sinalização em pvc cod 263 - (300x300) Extintor de Incêndio","un",{"v":10,"d":"10.00"},"06/2021",{"$nulls":3},{"v":23,"d":"23.00"},{"v":1.260486117699825,"d":"1.26"},28.99,36.38,{"v":363.8,"d":"363.80"}]
["Subtotal ",{"$nulls":13},{"v":87820.33000000002,"d":"87,820.33"}]
[]
[19,null,null,"INSTALAÇÕES ELÉTRICAS - 127V",{"$nulls":10},{"v":146656.23000000007,"d":"146,656.23"}]
[{"$nulls":3},"CENTRO DE DISTRIBUIÇÃO"]
["19.1","74130/10","SINAPI","Quadro de Distribuição Geral de Baixa Tensão, de embutir, completo (para 08 disjuntores tripolares, com barramento para as fases, neutro e para proteção, disjuntor Geral trifásico de 200A e Dispositivo de Proteção contra Surtos, metálico, pintura eletrostática epóxi cor bege, c/ porta, trinco e acessórios) (QGD - conforme projeto)","un",{"v":1,"d":"1.00"},"06/2014",{"$nulls":3},364.02,{"v":1.9681656798756928,"d":"1.97"},716.45,899.14,899.14]
["19.2","74131/4","SINAPI","Quadro de Distribuição de embutir, completo, (para 09 disjuntores monopolares, com barramento para as fases, neutro e para proteção, disjuntor geral trifásico de 32A, metálico, pintura eletrostática epóxi cor bege, c/ porta, trinco e acessórios) (QD-1 - conforme projeto)","un",{"v":1,"d":"1.00"},"06/2014",{"$nulls":3},406.87,{"v":1.9681656798756928,"d":"1.97"},800.78,{"v":1004.97,"d":"1,004.97"},{"v":1004.97,"d":"1,004.97"}]
["19.3","74131/4","SINAPI","Quadro de Distribuição de embutir, completo (para 12 circuitos , 11 disjuntores monopolares, com barramento para as fases, neutro e para proteção, disjuntor geral trifásico de 50A, pintura eletrostática epóxi cor bege,c/ porta, trinco e acessórios) (QD-2 - conforme projeto)","un",{"v":1,"d":"1.00"},"06/2014",{"$nulls":3},406.87,{"v":1.9681656798756928,"d":"1.97"},800.78,{"v":1004.97,"d":"1,004.97"},{"v":1004.97,"d":"1,004.97"}]
["19.4","74131/4","SINAPI","Quadro de Distribuição de embutir, completo (para 09 circuitos, 05 disjuntores monopolares e 06 disjuntores bipolares), com barramento para as fases, neutro e para proteção, disjuntor geral trifásico de 32A, metálico, pintura eletrostática epóxi cor bege, c/ porta e trinco e acessórios) (QD-3 - conforme projeto)","un",{"v":1,"d":"1.00"},"06/2014",{"$nulls":3},406.87,{"v":1.9681656798756928,"d":"1.97"},800.78,{"v":1004.97,"d":"1,004.97"},{"v":1004.97,"d":"1,004.97"}]
["19.5","74131/4","SINAPI","Quadro de Distribuição de embutir,  completo (para 06 circuitos, 4 disjuntores monopolares, com barramento para as fases, neutro e para proteção, disjuntor geral trifásico de 32A, metálico, pintura eletrostática epóxi cor bege, c/ porta e trinco e acessórios) (QD-4 - conforme projeto)","un",{"v":1,"d":"1.00"},"06/2014",{"$nulls":3},406.87,{"v":1.9681656798756928,"d":"1.97"},800.78,{"v":1004.97,"d":"1,004.97"},{"v":1004.97,"d":"1,004.97"}]
["19.6","74131/4","SINAPI","Quadro de Distribuição de embutir,  completo (para 16 circuitos , 14 disjuntores monopolares), com barramento para as fases, neutro e para proteção, disjuntor geral trifásico de 50A, metálico, pintura eletrostática epóxi cor bege, c/ porta e trinco e acessórios (QD-5 - conforme projeto)","un",{"v":1,"d":"1.00"},"06/2014",{"$nulls":3},406.87,{"v":1.9681656798756928,"d":"1.97"},800.78,{"v":1004.97,"d":"1,004.97"},{"v":1004.97,"d":"1,004.97"}]
["19.7","74131/4","SINAPI","Quadro de Distribuição de embutir,  completo, com 12 circuitos (8 disjuntores monopolares), com barramento para as fases, neutro e para proteção, disjuntor geral trifásico de 32A, metálico, pintura eletrostática epóxi cor bege, c/ porta e trinco e acessórios (QD-6 - conforme projeto)","un",{"v":1,"d":"1.00"},"06/2014",{"$nulls":3},406.87,{"v":1.9681656798756928,"d":"1.97"},800.78,{"v":1004.97,"d":"1,004.97"},{"v":1004.97,"d":"1,004.97"}]
["19.8","74131/5","SINAPI","Quadro de Distribuição de embutir,  completo, com 20 circuitos (18 disjuntores monopolares e um trifásico), com barramento para as fases, neutro e para proteção, disjuntor geral trifásico de 50A, metálico, pintura eletrostática epóxi cor bege, c/ porta e trinco e acessórios (QD-7 - conforme projeto)","un",{"v":1,"d":"1.00"},"06/2014",{"$nulls":3},447.69,{"v":1.9681656798756928,"d":"1.97"},881.12,{"v":1105.8,"d":"1,105.80"},{"v":1105.8,"d":"1,105.80"}]
["19.9","MERCADO",null,"Quadro de comando de Motor, de embutir, completo, p/ 2 motores de 3/4 cv (1 de reserva) , para controle automático de nível de reservatório superior e inferior, com contatores, bases fusíveis completas com fusível, relé térmico de sobrecarga, relé de falta de fase, chaves e lâmpadas,  com porta e trinco e acessórios (QCM - conforme projeto)","un",{"v":1,"d":"1.00"},"06/2021",{"$nulls":3},{"v":1620,"d":"1,620.00"},{"v":1.260486117699825,"d":"1.26"},{"v":2041.98,"d":"2,041.98"},{"v":2562.68,"d":"2,562.68"},{"v":2562.68,"d":"2,562.68"}]
["19.10",83372,"SINAPI","Quadro de medição - fornecimento e instalação","un",{"v":2,"d":"2.00"},"06/2014",{"$nulls":3},740.54,{"v":1.9681656798756928,"d":"1.97"},{"v":1457.5,"d":"1,457.50"},{"v":1829.16,"d":"1,829.16"},{"v":3658.32,"d":"3,658.32"}]
[{"$nulls":3},"DISJUNTORES",{"$nulls":8},{"v":0,"d":"0.00"},{"v":0,"d":"0.00"},{"v":0,"d":"0.00"}]
["19.11","74130/1","SINAPI","Disjuntos monoporlar termomagnético 10A","un",{"v":14,"d":"14.00"},"06/2014",{"$nulls":3},9.39,{"v":1.9681656798756928,"d":"1.97"},18.48,23.19,324.66]
["19.12","74130/1","SINAPI","Disjuntos monoporlar termomagnético 20A","un",{"v":21,"d":"21.00"},"06/2014",{"$nulls":3},9.39,{"v":1.9681656798756928,"d":"1.97"},18.48,23.19,486.99]
["19.13","74130/3","SINAPI","Disjuntos bipolar termomagnético 25A","un",{"v":14,"d":"14.00"},"06/2014",{"$nulls":3},42.63,{"v":1.9681656798756928,"d":"1.97"},{"v":83.9,"d":"83.90"},105.29,{"v":1474.0600000000002,"d":"1,474.06"}]
["19.14","74130/3","SINAPI","Disjuntos bipolar termomagnético 20A","un",{"v":2,"d":"2.00"},"06/2014",{"$nulls":3},42.63,{"v":1.9681656798756928,"d":"1.97"},{"v":83.9,"d":"83.90"},105.29,210.58]
["19.15","74130/3","SINAPI","Disjuntos bipolar termomagnético 32A","un",{"v":1,"d":"1.00"},"06/2014",{"$nulls":3},42.63,{"v":1.9681656798756928,"d":"1.97"},{"v":83.9,"d":"83.90"},105.29,105.29]
["19.16","74130/3","SINAPI","Disjuntos bipolar termomagnético 40A","un",{"v":20,"d":"20.00"},"06/2014",{"$nulls":3},42.63,{"v":1.9681656798756928,"d":"1.97"},{"v":83.9,"d":"83.90"},105.29,{"v":2105.8,"d":"2,105.80"}]
["19.17","74130/4","SINAPI","Disjuntos tripolar termomagnético 32A","un",{"v":3,"d":"3.00"},"06/2014",{"$nulls":3},61.18,{"v":1.9681656798756928,"d":"1.97"},120.41,151.11,{"v":453.33000000000004,"d":"453.33"}]
["19.18","74130/5","SINAPI","Disjuntos tripolar termomagnético 50A","un",{"v":1,"d":"1.00"},"06/2014",{"$nulls":3},81.77,{"v":1.9681656798756928,"d":"1.97"},160.93,201.96,201.96]
["19.19","74130/5","SINAPI","Disjuntos tripolar termomagnético 70A","un",{"v":1,"d":"1.00"},"06/2014",{"$nulls":3},81.77,{"v":1.9681656798756928,"d":"1.97"},160.93,201.96,201.96]
["19.20","74130/5","SINAPI","Disjuntos tripolar termomagnético 100A","un",{"v":3,"d":"3.00"},"06/2014",{"$nulls":3},81.77,{"v":1.9681656798756928,"d":"1.97"},160.93,201.96,605.88]
["19.21","74130/6","SINAPI","Disjuntos tripolar termomagnético 200A","un",{"v":1,"d":"1.00"},"06/2014",{"$nulls":3},81.77,{"v":1.9681656798756928,"d":"1.97"},160.93,201.96,201.96]
["19.22","MERCADO",null,"Dispositivo Diferencial Residual","un",{"v":33,"d":"33.00"},"06/2021",{"$nulls":3},{"v":165,"d":"165.00"},{"v":1.260486117699825,"d":"1.26"},207.98,261.01,{"v":8613.33,"d":"8,613.33"}]
["19.23","MERCADO",null,"Dispositivo de proteção contra surto","un",{"v":1,"d":"1.00"},"06/2021",{"$nulls":3},{"v":345,"d":"345.00"},{"v":1.260486117699825,"d":"1.26"},434.86,545.74,545.74]
[{"$nulls":3},"ELETRODUTOS E ACESSÓRIOS",{"$nulls":8},{"v":0,"d":"0.00"},{"v":0,"d":"0.00"},{"v":0,"d":"0.00"}]
["19.24",72935,"SINAPI","Eletroduto PVC flexível corrugado reforçado, Ø25mm (DN 3/4\"), inclusive curvas","m",{"v":103.2,"d":"103.20"},"06/2014",{"$nulls":3},5.92,{"v":1.9681656798756928,"d":"1.97"},11.65,14.62,{"v":1508.7839999999999,"d":"1,508.78"}]
["19.25",72936,"SINAPI","Eletroduto PVC flexível corrugado reforçado, Ø32mm (DN 1\"), inclusive curvas","m",{"v":211.20000000000002,"d":"211.20"},"06/2014",{"$nulls":3},8.17,{"v":1.9681656798756928,"d":"1.97"},16.07,20.16,{"v":4257.792,"d":"4,257.79"}]
["19.26",72936,"SINAPI","Eletroduto PVC flexível corrugado reforçado, Ø40mm (DN 1 1/4\"), inclusive curvas","m",{"v":16.8,"d":"16.80"},"06/2014",{"$nulls":3},8.17,{"v":1.9681656798756928,"d":"1.97"},16.07,20.16,{"v":338.68800000000005,"d":"338.69"}]
["19.27",55865,"SINAPI","Eletroduto PVC flexível corrugado reforçado, Ø50mm (DN 1 1/2\"), inclusive curvas","m",{"v":10.8,"d":"10.80"},"06/2014",{"$nulls":3},19.34,{"v":1.9681656798756928,"d":"1.97"},38.06,47.76,{"v":515.808,"d":"515.81"}]
["19.28",55866,"SINAPI","Eletroduto PVC flexível corrugado reforçado, Ø60mm (DN 2\"), inclusive curvas","m",{"v":2.4000000000000004,"d":"2.40"},"06/2014",{"$nulls":3},21.39,{"v":1.9681656798756928,"d":"1.97"},42.09,52.82,{"v":126.76800000000001,"d":"126.77"}]
["19.29",55867,"SINAPI","Eletroduto PVC flexível corrugado reforçado, Ø75mm (DN 2 1/2\"), inclusive curvas","m",{"v":30,"d":"30.00"},"06/2014",{"$nulls":3},39.53,{"v":1.9681656798756928,"d":"1.97"},{"v":77.8,"d":"77.80"},97.63,{"v":2928.8999999999996,"d":"2,928.90"}]
["19.30",72311,"SINAPI","Eletroduto Ferro Galvanizado, (DN 2\"), inclusive curvas","m",{"v":6,"d":"6.00"},"06/2014",{"$nulls":3},34.99,{"v":1.9681656798756928,"d":"1.97"},68.86,86.41,518.46]
["19.31","MERCADO",null,"Caixa em Alvenaria tipo - CB-1","un",{"v":1,"d":"1.00"},"06/2021",{"$nulls":3},{"v":165,"d":"165.00"},{"v":1.260486117699825,"d":"1.26"},207.98,261.01,261.01]
["19.32","MERCADO",null,"Caixa em alvenaria tipo R-0","un",{"v":1,"d":"1.00"},"06/2021",{"$nulls":3},{"v":345,"d":"345.00"},{"v":1.260486117699825,"d":"1.26"},434.86,545.74,545.74]
["19.33",83446,"SINAPI","Caixa de passagem 30x30cm em alvenaria com tampa de ferro fundido tipo leve","un",{"v":5,"d":"5.00"},"06/2014",{"$nulls":3},120.21,{"v":1.9681656798756928,"d":"1.97"},236.59,296.92,{"v":1484.6000000000001,"d":"1,484.60"}]
[{"$nulls":3},"CABOS E FIOS (CONDUTORES)"]
[{"$nulls":3},"Condutor de cobre unipolar, isolação em PVC/70ºC, camada de proteção em PVC, não propagador de chamas, classe de tensão 750V, encordoamento classe 5, flexível, com as seguintes seções nominais:"]
["19.34","73860/8","SINAPI","#2,5 mm²","m",{"v":4800,"d":"4,800.00"},"06/2014",{"$nulls":3},2.59,{"v":1.9681656798756928,"d":"1.97"},5.09,6.38,{"v":30624,"d":"30,624.00"}]
["19.35","73860/9","SINAPI","#4 mm²","m",{"v":600,"d":"600.00"},"06/2014",{"$nulls":3},3.76,{"v":1.9681656798756928,"d":"1.97"},{"v":7.4,"d":"7.40"},9.28,{"v":5568,"d":"5,568.00"}]
["19.36","73860/10","SINAPI","#6 mm²","m",{"v":16,"d":"16.00"},"06/2014",{"$nulls":3},5.05,{"v":1.9681656798756928,"d":"1.97"},9.93,12.46,199.36]
["19.37","73860/11","SINAPI","#10 mm²","m",{"v":500,"d":"500.00"},"06/2014",{"$nulls":3},7.69,{"v":1.9681656798756928,"d":"1.97"},15.13,18.98,{"v":9490,"d":"9,490.00"}]
["19.38","73860/13","SINAPI","#25 mm²","m",{"v":180,"d":"180.00"},"06/2014",{"$nulls":3},12.71,{"v":1.9681656798756928,"d":"1.97"},25.01,31.38,{"v":5648.4,"d":"5,648.40"}]
["19.39","73860/22","SINAPI","#35 mm²","m",{"v":120,"d":"120.00"},"06/2014",{"$nulls":3},17.32,{"v":1.9681656798756928,"d":"1.97"},34.08,42.77,{"v":5132.400000000001,"d":"5,132.40"}]
[{"$nulls":3},"ILUMINAÇÃO E TOMADAS"]
["19.40",72339,"SINAPI","Tomada universal, circular, 2P+T, 15A/250v, cor preta, completa","un",{"v":173,"d":"173.00"},"06/2014",{"$nulls":3},{"v":26.6,"d":"26.60"},{"v":1.9681656798756928,"d":"1.97"},52.35,65.69,{"v":11364.369999999999,"d":"11,364.37"}]
["19.41",72339,"SINAPI","Tomada universal, circular, 3P, 20A/250v, cor preta, completa","un",{"v":17,"d":"17.00"},"06/2014",{"$nulls":3},{"v":26.6,"d":"26.60"},{"v":1.9681656798756928,"d":"1.97"},52.35,65.69,{"v":1116.73,"d":"1,116.73"}]
["19.42",72331,"SINAPI","Interruptor simples 10 A, completa","un",{"v":68,"d":"68.00"},"06/2014",{"$nulls":3},8.67,{"v":1.9681656798756928,"d":"1.97"},17.06,21.41,{"v":1455.88,"d":"1,455.88"}]
["19.43",72332,"SINAPI","Interruptor duas seções 10A por seção, completa","un",{"v":3,"d":"3.00"},"06/2014",{"$nulls":3},16.07,{"v":1.9681656798756928,"d":"1.97"},31.62,39.68,{"v":119.03999999999999,"d":"119.04"}]
["19.44",72333,"SINAPI","Interruptor três seções 10A por seção, completa","un",{"v":2,"d":"2.00"},"06/2014",{"$nulls":3},25.48,{"v":1.9681656798756928,"d":"1.97"},50.14,62.92,125.84]
["19.45",72333,"SINAPI","Interruptor Tree-way 10 A, completa","un",{"v":28,"d":"28.00"},"06/2014",{"$nulls":3},25.48,{"v":1.9681656798756928,"d":"1.97"},50.14,62.92,{"v":1761.76,"d":"1,761.76"}]
["19.46",72333,"SINAPI","Interruptor For-way 10 A, completa","un",{"v":1,"d":"1.00"},"06/2014",{"$nulls":3},25.48,{"v":1.9681656798756928,"d":"1.97"},50.14,62.92,62.92]
["19.47","73953/6","SINAPI","Luminárias 2x32W completa","un",{"v":108,"d":"108.00"},"06/2014",{"$nulls":3},80.66,{"v":1.9681656798756928,"d":"1.97"},158.75,199.23,{"v":21516.84,"d":"21,516.84"}]
["19.48","73953/2","SINAPI","Luminárias 2x16 W completa","un",{"v":21,"d":"21.00"},"06/2014",{"$nulls":3},73.94,{"v":1.9681656798756928,"d":"1.97"},145.52,182.62,{"v":3835.02,"d":"3,835.02"}]
["19.49","74041/2","SINAPI","Luminárias 2X32 com alaetas","un",{"v":6,"d":"6.00"},"06/2014",{"$nulls":3},41.87,{"v":1.9681656798756928,"d":"1.97"},{"v":82.4,"d":"82.40"},103.41,620.46]
["19.50","MERCADO",null,"Luminária de piso","un",{"v":5,"d":"5.00"},"06/2021",{"$nulls":3},{"v":60,"d":"60.00"},{"v":1.260486117699825,"d":"1.26"},75.62,{"v":94.9,"d":"94.90"},{"v":474.5,"d":"474.50"}]
["19.51","C2045","SEINFRA","Projetor com lâmpada de vapor metálico 150W","un",{"v":6,"d":"6.00"},"03/2021",{"$nulls":3},384.23,{"v":1.3281409575525551,"d":"1.33"},510.31,640.43,{"v":3842.58,"d":"3,842.58"}]
["19.52","C2045","SEINFRA","Projetor com lâmpada de vapor metálico 250W","un",{"v":2,"d":"2.00"},"03/2021",{"$nulls":3},384.23,{"v":1.3281409575525551,"d":"1.33"},510.31,640.43,{"v":1280.86,"d":"1,280.86"}]
["19.53","74041/1","SINAPI","Arandelas 60W","un",{"v":26,"d":"26.00"},"06/2014",{"$nulls":3},41.59,{"v":1.9681656798756928,"d":"1.97"},81.85,102.72,{"v":2670.72,"d":"2,670.72"}]
["19.54",83387,"SINAPI","Caixa de passagem 4x2\" para interruptor e tomada","un",{"v":292,"d":"292.00"},"06/2014",{"$nulls":3},5.96,{"v":1.9681656798756928,"d":"1.97"},11.73,14.72,{"v":4298.24,"d":"4,298.24"}]
["19.55",83438,"SINAPI","Caixa de passagem de ferro esmaltada octogonal 4x4\"","un",{"v":165,"d":"165.00"},"06/2014",{"$nulls":3},{"v":7,"d":"7.00"},{"v":1.9681656798756928,"d":"1.97"},13.77,17.28,{"v":2851.2000000000003,"d":"2,851.20"}]
["Subtotal ",{"$nulls":13},{"v":146656.23000000007,"d":"146,656.23"}]
[]
[20,null,null,"INSTALAÇÕES DE CLIMATIZAÇÃO",{"$nulls":10},{"v":5057.8,"d":"5,057.80"}]
["20.1","75030/2","SINAPI","Tubo PVC soldável Ø 32 mm, inclusive conexões (drenos para ar condicionado)","m",{"v":95,"d":"95.00"},"06/2014",{"$nulls":3},21.56,{"v":1.9681656798756928,"d":"1.97"},42.43,53.24,{"v":5057.8,"d":"5,057.80"}]
["Subtotal ",{"$nulls":13},{"v":5057.8,"d":"5,057.80"}]
[]
[21,null,null,"INSTALAÇÕES DE REDE ESTRUTURADA",{"$nulls":10},{"v":29064.51,"d":"29,064.51"}]
[{"$nulls":3},"EQUIPAMENTOS PASSIVOS"]
["21.1","MERCADO",null,"Patch Panel 19\"  - 24 portas, Categoria 6","un ",{"v":1,"d":"1.00"},"06/2021",{"$nulls":3},{"v":230,"d":"230.00"},{"v":1.260486117699825,"d":"1.26"},289.91,363.83,363.83]
["21.2","MERCADO",null,"Switch de 24 portas","un ",{"v":2,"d":"2.00"},"06/2021",{"$nulls":3},{"v":360,"d":"360.00"},{"v":1.260486117699825,"d":"1.26"},453.77,569.48,{"v":1138.96,"d":"1,138.96"}]
["21.3","MERCADO",null,"Bloco 110 para rack 19” 100 pares","un ",{"v":1,"d":"1.00"},"06/2021",{"$nulls":3},{"v":270,"d":"270.00"},{"v":1.260486117699825,"d":"1.26"},340.33,427.11,427.11]
["21.4","MERCADO",null,"Guia de Cabos Frontal, fechado ","un ",{"v":4,"d":"4.00"},"06/2021",{"$nulls":3},{"v":60,"d":"60.00"},{"v":1.260486117699825,"d":"1.26"},75.62,{"v":94.9,"d":"94.90"},{"v":379.6,"d":"379.60"}]
["21.5","MERCADO",null,"Guia de Cabos Traseiro","un ",{"v":4,"d":"4.00"},"06/2021",{"$nulls":3},{"v":60,"d":"60.00"},{"v":1.260486117699825,"d":"1.26"},75.62,{"v":94.9,"d":"94.90"},{"v":379.6,"d":"379.60"}]
["21.6","MERCADO",null,"Trava Path Panel","un ",{"v":4,"d":"4.00"},"06/2021",{"$nulls":3},{"v":35,"d":"35.00"},{"v":1.260486117699825,"d":"1.26"},44.11,55.35,{"v":221.4,"d":"221.40"}]
["21.7","MERCADO",null,"Guia de Cabos Vertical, fechado ","un ",{"v":2,"d":"2.00"},"06/2021",{"$nulls":3},{"v":60,"d":"60.00"},{"v":1.260486117699825,"d":"1.26"},75.62,{"v":94.9,"d":"94.90"},{"v":189.8,"d":"189.80"}]
["21.8","MERCADO",null,"Guia de Cabos Superior, fechado ","un ",{"v":1,"d":"1.00"},"06/2021",{"$nulls":3},{"v":60,"d":"60.00"},{"v":1.260486117699825,"d":"1.26"},75.62,{"v":94.9,"d":"94.90"},{"v":94.9,"d":"94.90"}]
[{"$nulls":3},"CABOS EM PAR TRANÇADOS"]
["21.9","MERCADO",null,"Cabo UTP Categoria 5e","m",{"v":1000,"d":"1,000.00"},"06/2021",{"$nulls":3},{"v":2.5,"d":"2.50"},{"v":1.260486117699825,"d":"1.26"},3.15,3.95,{"v":3950,"d":"3,950.00"}]
["21.10","73768/13","SINAPI","Cabo CCI - 5 Pares","m",{"v":30,"d":"30.00"},"06/2014",{"$nulls":3},2.52,{"v":1.9681656798756928,"d":"1.97"},4.95,6.21,{"v":186.3,"d":"186.30"}]
["21.11","C0544","SEINFRA","Cabo coaxial","m",{"v":110,"d":"110.00"},"03/2021",{"$nulls":3},11.88,{"v":1.3281409575525551,"d":"1.33"},15.77,19.79,{"v":2176.9,"d":"2,176.90"}]
[{"$nulls":3},"CABOS DE CONEXÃO"]
["21.12","MERCADO",null,"Cabos de conexões – Patch Cord ultra flexível com RJ 45 nas 2 pontas - 1,50 metros","un ",{"v":24,"d":"24.00"},"06/2021",{"$nulls":3},{"v":25,"d":"25.00"},{"v":1.260486117699825,"d":"1.26"},31.51,39.54,948.96]
["21.13","MERCADO",null,"Cabos de conexões – Patch cord 110 / RJ-45 1 par -1,50m","un ",{"v":15,"d":"15.00"},"06/2021",{"$nulls":3},{"v":25,"d":"25.00"},{"v":1.260486117699825,"d":"1.26"},31.51,39.54,{"v":593.1,"d":"593.10"}]
["21.14","MERCADO",null,"Cabos de conexões – Patch Cord ultra flexível com RJ 45 em 1 ponta - 1,50 metros","un ",{"v":24,"d":"24.00"},"06/2021",{"$nulls":3},{"v":7,"d":"7.00"},{"v":1.260486117699825,"d":"1.26"},8.82,11.06,265.44]
["21.15","MERCADO",null,"Cabos de conexões – Patch Cord ultra flexível com RJ 45 nas 2 pontas - 3,0 metros","un ",{"v":24,"d":"24.00"},"06/2021",{"$nulls":3},{"v":22,"d":"22.00"},{"v":1.260486117699825,"d":"1.26"},27.73,{"v":34.8,"d":"34.80"},{"v":835.1999999999999,"d":"835.20"}]
[{"$nulls":3},"TOMADAS"]
["21.16","C4174","SEINFRA","Tomada modular RJ-45 Categoria 6","un ",{"v":29,"d":"29.00"},"03/2021",{"$nulls":3},53.98,{"v":1.3281409575525551,"d":"1.33"},71.69,89.97,{"v":2609.13,"d":"2,609.13"}]
["21.17",7533,"SINAPI","Conector de TV Tipo F (Coaxial)","un ",{"v":4,"d":"4.00"},"06/2014",{"$nulls":3},{"v":3.3,"d":"3.30"},{"v":1.9681656798756928,"d":"1.97"},6.49,8.14,32.56]
[{"$nulls":3},"CAIXAS E ACESSÓRIOS"]
["21.18",83449,"SINAPI","Caixa subterrânea em alvenaria, tipo R1,60x35x50cm, com tampão em ferro fundido, conforme detalhe de projeto","un ",{"v":4,"d":"4.00"},"06/2014",{"$nulls":3},275.94,{"v":1.9681656798756928,"d":"1.97"},543.09,681.57,{"v":2726.28,"d":"2,726.28"}]
["21.19",83443,"SINAPI","Caixa de passagem em alvenaria 20x20 com tampa de ferro fundido","un ",{"v":4,"d":"4.00"},"06/2014",{"$nulls":3},36.83,{"v":1.9681656798756928,"d":"1.97"},72.48,90.96,363.84]
["21.20","C0627","SEINFRA","Caixa de passagem de piso 15x15 com tampa metálica parafusada","un ",{"v":24,"d":"24.00"},"06/2014",{"$nulls":3},47.69,{"v":1.9681656798756928,"d":"1.97"},93.86,117.79,{"v":2826.96,"d":"2,826.96"}]
["21.21",83371,"SINAPI","Caixa de passagem DG - nº 2 20x20x12cm em chapa metálica","un ",{"v":1,"d":"1.00"},"06/2014",{"$nulls":3},{"v":116.5,"d":"116.50"},{"v":1.9681656798756928,"d":"1.97"},229.29,287.75,287.75]
["21.22",83446,"SINAPI","Caixa de passagem em alvenaria 30x30x12 com tampa de ferro fundido","un ",{"v":1,"d":"1.00"},"06/2014",{"$nulls":3},120.21,{"v":1.9681656798756928,"d":"1.97"},236.59,296.92,296.92]
[{"$nulls":3},"ELETRODUTOS E ACESSÓRIOS"]
["21.23",72309,"SINAPI","Eletroduto Ferro Galvanizado , Ø 11/4\", inclusive curvas","m",{"v":12,"d":"12.00"},"06/2014",{"$nulls":3},19.08,{"v":1.9681656798756928,"d":"1.97"},37.55,47.12,{"v":565.4399999999999,"d":"565.44"}]
["21.24","C1160","SEINFRA","Eletrocalha lisa com tampa 100 x 50 mm","m",{"v":59,"d":"59.00"},"03/2021",{"$nulls":3},68.98,{"v":1.3281409575525551,"d":"1.33"},91.61,114.97,{"v":6783.23,"d":"6,783.23"}]
["21.25","MERCADO","CP","Curva horizontal para eletrocalha 100 x 50 mm","un",{"v":2,"d":"2.00"},"06/2021",{"$nulls":3},11.68,{"v":1.260486117699825,"d":"1.26"},14.72,18.47,36.94]
["21.26","MERCADO","CP","Curva vertical para eletrocalha 100 x 50 mm","un",{"v":1,"d":"1.00"},"06/2021",{"$nulls":3},{"v":26,"d":"26.00"},{"v":1.260486117699825,"d":"1.26"},32.77,41.12,41.12]
["21.27","MERCADO","CP","Tê horizontal para eletrocalha 100 x 50 mm","un",{"v":1,"d":"1.00"},"06/2021",{"$nulls":3},{"v":37,"d":"37.00"},{"v":1.260486117699825,"d":"1.26"},46.63,58.52,58.52]
["21.28","MERCADO","CP","Fechamento para eletrocalha 100 x 50 mm","un",{"v":2,"d":"2.00"},"06/2021",{"$nulls":3},{"v":87,"d":"87.00"},{"v":1.260486117699825,"d":"1.26"},109.66,137.62,275.24]
["21.29","MERCADO","CP","Flange para eletrocalha 100 x 50 mm","un",{"v":1,"d":"1.00"},"06/2021",{"$nulls":3},{"v":6,"d":"6.00"},{"v":1.260486117699825,"d":"1.26"},7.56,9.48,9.48]
["Subtotal ",{"$nulls":13},{"v":29064.51,"d":"29,064.51"}]
[]
[22,null,null,"SISTEMA DE EXAUSTÃO MECÂNICA",{"$nulls":10},{"v":5602.2384999999995,"d":"5,602.24"}]
["22.1","MERCADO",null,"Motor Axial de parede Qmin 3.000m³/h P= 1/3 CV com proteção em Aço Inox","un",{"v":1,"d":"1.00"},"06/2021",{"$nulls":3},{"v":226,"d":"226.00"},{"v":1.260486117699825,"d":"1.26"},284.86,357.49,357.49]
["22.2","MERCADO",null,"Coifa de Centro em Aço Inox de 1400x900x450","un",{"v":1,"d":"1.00"},"06/2021",{"$nulls":3},{"v":1043,"d":"1,043.00"},{"v":1.260486117699825,"d":"1.26"},{"v":1314.68,"d":"1,314.68"},{"v":1649.92,"d":"1,649.92"},{"v":1649.92,"d":"1,649.92"}]
["22.3","MERCADO",null,"Suporte metálico para fixação dos dutos e coifa, conforme projeto e especificação","cj",{"v":6,"d":"6.00"},"06/2021",{"$nulls":3},62.17,{"v":1.260486117699825,"d":"1.26"},78.36,98.34,590.04]
["22.4","MERCADO",null,"Curvas Soldada em Chapa Preta 16, d=19,5cm","un",{"v":2,"d":"2.00"},"06/2021",{"$nulls":3},{"v":62,"d":"62.00"},{"v":1.260486117699825,"d":"1.26"},78.15,98.07,196.14]
["22.5","MERCADO",null,"Curvas Soldada em Chapa Preta 16, d=40 cm","un",2.05,"06/2021",{"$nulls":3},{"v":131,"d":"131.00"},{"v":1.260486117699825,"d":"1.26"},165.12,207.22,{"v":424.801,"d":"424.80"}]
["22.6","MERCADO",null,"Duto circular Soldado em Chapa Preta 16, d=19,5cm","m",2.75,"06/2021",{"$nulls":3},{"v":200,"d":"200.00"},{"v":1.260486117699825,"d":"1.26"},252.09,316.37,{"v":870.0175,"d":"870.02"}]
["22.7","MERCADO",null,"Duto circular Soldado em Chapa Preta 16, d=40cm","m",{"v":2,"d":"2.00"},"06/2021",{"$nulls":3},{"v":245,"d":"245.00"},{"v":1.260486117699825,"d":"1.26"},308.81,387.55,{"v":775.1,"d":"775.10"}]
["22.8","MERCADO",null,"Expansão metálica 40x19,5cm, conforme projeto e especificação","un",{"v":1,"d":"1.00"},"06/2021",{"$nulls":3},{"v":67,"d":"67.00"},{"v":1.260486117699825,"d":"1.26"},84.45,105.98,105.98]
["22.9","MERCADO",null,"Comando Elétrico","un",{"v":1,"d":"1.00"},"06/2021",{"$nulls":3},{"v":400,"d":"400.00"},{"v":1.260486117699825,"d":"1.26"},504.19,632.75,632.75]
["Subtotal ",{"$nulls":13},{"v":5602.2384999999995,"d":"5,602.24"}]
[]
[23,null,null,"SISTEMA DE PROTEÇÃO CONTRA DESCARGAS ATMOSFÉRICAS (SPDA)",{"$nulls":10},{"v":102579.28,"d":"102,579.28"}]
["23.1",68070,"SINAPI","Pára-raios tipo Franklin em aço inox 3 pontas em haste de 3 m. x 1.1/2\" tipo simples","m",{"v":3,"d":"3.00"},"06/2014",{"$nulls":3},42.43,{"v":1.9681656798756928,"d":"1.97"},{"v":83.5,"d":"83.50"},104.79,314.37]
["23.2","MERCADO",null,"Vergalhão CA - 25 # 10 mm2","m",{"v":90,"d":"90.00"},"06/2021",{"$nulls":3},{"v":90,"d":"90.00"},{"v":1.260486117699825,"d":"1.26"},113.44,142.36,{"v":12812.400000000001,"d":"12,812.40"}]
["23.3","MERCADO",null,"Conector mini-gar em bronze estanhado Tel-583","un",{"v":26,"d":"26.00"},"06/2021",{"$nulls":3},{"v":6.5,"d":"6.50"},{"v":1.260486117699825,"d":"1.26"},8.19,10.27,267.02]
["23.4","MERCADO",null,"Isolador simples com chapa de encosto h=100 mm","un",{"v":5,"d":"5.00"},"06/2021",{"$nulls":3},{"v":6,"d":"6.00"},{"v":1.260486117699825,"d":"1.26"},7.56,9.48,{"v":47.400000000000006,"d":"47.40"}]
["23.5","MERCADO",null,"Isolador simples para quinas 90º com chapa de encosto h=100 mm","un",{"v":1,"d":"1.00"},"06/2021",{"$nulls":3},{"v":10,"d":"10.00"},{"v":1.260486117699825,"d":"1.26"},{"v":12.6,"d":"12.60"},15.81,15.81]
["23.6","MERCADO",null,"Caixa de equalização de potências 200x200mm em aço com barramento Expessura  6 mm","un",{"v":1,"d":"1.00"},"06/2021",{"$nulls":3},{"v":499,"d":"499.00"},{"v":1.260486117699825,"d":"1.26"},628.98,789.36,789.36]
["23.7",68069,"SINAPI","Haste tipo coopperweld 5/8\" x 3,00m.","un",{"v":13,"d":"13.00"},"06/2014",{"$nulls":3},38.21,{"v":1.9681656798756928,"d":"1.97"},{"v":75.2,"d":"75.20"},94.37,{"v":1226.81,"d":"1,226.81"}]
["23.8",72927,"SINAPI","Cordoalha de cobre nu 16 mm2","m",{"v":20,"d":"20.00"},"06/2014",{"$nulls":3},26.03,{"v":1.9681656798756928,"d":"1.97"},51.23,64.29,{"v":1285.8000000000002,"d":"1,285.80"}]
["23.9",72929,"SINAPI","Cordoalha de cobre nu 35 mm2","m",{"v":500,"d":"500.00"},"06/2014",{"$nulls":3},35.31,{"v":1.9681656798756928,"d":"1.97"},69.49,{"v":87.2,"d":"87.20"},{"v":43600,"d":"43,600.00"}]
["23.10",72930,"SINAPI","Cordoalha de cobre nu 50 mm2","m",{"v":380,"d":"380.00"},"06/2014",{"$nulls":3},42.29,{"v":1.9681656798756928,"d":"1.97"},83.23,104.45,{"v":39691,"d":"39,691.00"}]
["23.11",83370,"SINAPI","Caixa de inspeção, PVC de 12\", com tampa de aço galvanizado,conforme detalhe no projeto","un",{"v":4,"d":"4.00"},"06/2014",{"$nulls":3},189.47,{"v":1.9681656798756928,"d":"1.97"},{"v":372.9,"d":"372.90"},467.98,{"v":1871.92,"d":"1,871.92"}]
["23.12",72263,"SINAPI","Conector  de bronze para haste de 5/8\" e cabo de 50 mm²","un",{"v":17,"d":"17.00"},"06/2014",{"$nulls":3},15.66,{"v":1.9681656798756928,"d":"1.97"},30.82,38.67,657.39]
["Subtotal",{"$nulls":13},{"v":102579.28,"d":"102,579.28"}]
[]
[24,null,null,"SERVIÇOS COMPLEMENTARES",{"$nulls":10},{"v":88689.69129999999,"d":"88,689.69"}]
["24.1","C0864","SEINFRA","Conjunto de mastros para bandeiras em tubo ferro galvanizado telescópico (alt= 7m (3mx2\" + 4mx1 1/2\")","un",{"v":1,"d":"1.00"},"03/2021",{"$nulls":3},{"v":3759.59,"d":"3,759.59"},{"v":1.3281409575525551,"d":"1.33"},{"v":4993.26,"d":"4,993.26"},{"v":6266.54,"d":"6,266.54"},{"v":6266.54,"d":"6,266.54"}]
["24.2","C4065","SEINFRA","Bancada em granito cinza andorinha - espessura 2cm, conforme projeto","m²",49.69,"03/2021",{"$nulls":3},312.39,{"v":1.3281409575525551,"d":"1.33"},414.89,520.68,{"v":25872.589199999995,"d":"25,872.59"}]
["24.3","C4065","SEINFRA","Prateleira, banco e acabamentos em granito cinza andorinha - espessura 2cm, conforme projeto","m²",23.97,"03/2021",{"$nulls":3},312.39,{"v":1.3281409575525551,"d":"1.33"},414.89,520.68,{"v":12480.699599999998,"d":"12,480.70"}]
["24.4","C2910","SEINFRA","Prateleiras e escaninhos em mdf ","m²",65.05,"03/2021",{"$nulls":3},144.92,{"v":1.3281409575525551,"d":"1.33"},192.47,241.54,{"v":15712.177,"d":"15,712.18"}]
["24.5","C0361","SEINFRA","Bancos de concreto da administração","m",0,"03/2021",{"$nulls":3},183.63,{"v":1.3281409575525551,"d":"1.33"},243.88,306.06,{"v":0,"d":"0.00"}]
["24.6","C0361","SEINFRA","Bancos de concreto do pátio","m",4.52,"03/2021",{"$nulls":3},183.63,{"v":1.3281409575525551,"d":"1.33"},243.88,306.06,{"v":1383.3911999999998,"d":"1,383.39"}]
["24.7","C1869","SEINFRA","Bancos de concreto do pátio","m",{"v":114.6,"d":"114.60"},"03/2021",{"$nulls":3},86.86,{"v":1.3281409575525551,"d":"1.33"},115.36,144.77,{"v":16590.642,"d":"16,590.64"}]
[{"$nulls":3},"CAIXA DÁGUA - 36.000L"]
["24.8","MERCADO",null,"Alça de içamento","un",{"v":2,"d":"2.00"},"06/2021",{"$nulls":3},{"v":300,"d":"300.00"},{"v":1.260486117699825,"d":"1.26"},378.14,474.56,949.12]
["24.9","MERCADO",null,"Suporte de luz piloto","un",{"v":1,"d":"1.00"},"06/2021",{"$nulls":3},{"v":72,"d":"72.00"},{"v":1.260486117699825,"d":"1.26"},90.75,113.89,113.89]
["24.10","MERCADO",null,"Suporte para cinto de segurança","un",{"v":1,"d":"1.00"},"06/2021",{"$nulls":3},{"v":65,"d":"65.00"},{"v":1.260486117699825,"d":"1.26"},81.93,102.82,102.82]
["24.11","MERCADO",null,"Suporte para Pára-raio","un",{"v":1,"d":"1.00"},"06/2021",{"$nulls":3},{"v":54,"d":"54.00"},{"v":1.260486117699825,"d":"1.26"},68.06,85.41,85.41]
["24.12","MERCADO",null,"Placa de aviso \"Extravasor\"","un",{"v":2,"d":"2.00"},"06/2021",{"$nulls":3},{"v":60,"d":"60.00"},{"v":1.260486117699825,"d":"1.26"},75.62,{"v":94.9,"d":"94.90"},{"v":189.8,"d":"189.80"}]
["24.13",73665,"SINAPI","Escada interna e externa tipo marinheiro, inclusive pintura","m",{"v":13.4,"d":"13.40"},"06/2014",{"$nulls":3},46.77,{"v":1.9681656798756928,"d":"1.97"},92.05,115.52,{"v":1547.968,"d":"1,547.97"}]
["24.14","73737/2","SINAPI","Guarda corpo de 1m de altura","m",7.97,"06/2014",{"$nulls":3},355.54,{"v":1.9681656798756928,"d":"1.97"},699.76,878.19,{"v":6999.174300000001,"d":"6,999.17"}]
["24.15","MERCADO",null,"Chapa de aço carbono de alta resistência a corrosão e de qualidade estrutural e solda interna e externa, para confecção do reservatorioconforme projeto","kg",0,"12/2023",{"$nulls":3},{"v":740,"d":"740.00"},{"v":1.0742470909077544,"d":"1.07"},794.94,997.64,{"v":0,"d":"0.00"}]
["24.16","MERCADO",null,"Sistema de ancoragem com 5 nichos, conforme projeto","un",{"v":1,"d":"1.00"},"06/2021",{"$nulls":3},{"v":250,"d":"250.00"},{"v":1.260486117699825,"d":"1.26"},315.12,395.47,395.47]
["Subtotal",{"$nulls":13},{"v":88689.69129999999,"d":"88,689.69"}]
[]
[25,null,null,"SERVIÇOS FINAIS",{"$nulls":10},{"v":6141.4112,"d":"6,141.41"}]
["25.1",9537,"SINAPI","Limpeza final da obra","m²",{"v":1323.58,"d":"1,323.58"},"06/2014",{"$nulls":3},1.88,{"v":1.9681656798756928,"d":"1.97"},{"v":3.7,"d":"3.70"},4.64,{"v":6141.4112,"d":"6,141.41"}]
["Subtotal",{"$nulls":13},{"v":6141.4112,"d":"6,141.41"}]
[]
["Custo TOTAL com BDI incluso",{"$nulls":13},{"v":2314049.682076364,"d":"2,314,049.68"}]
[]
[]
[]
[]
[]
[{"$nulls":4},"LUIZ GUILHEME CADORE SILVA"]
[{"$nulls":4},"Eng. Civil"]
[{"$nulls":4},"CREA: MT041303"]

{"sheet":"PLANILHA ORIGINAL","index":1,"n_rows":569,"n_cols":13,"rows_kept":569,"hidden":true,"merged":[[0,0,2,12],[5,6,5,10],[7,0,7,12],[11,7,11,9],[23,1,23,10],[38,1,38,10],[66,1,66,10],[91,1,91,10],[104,1,104,10],[152,1,152,10],[163,1,163,10],[171,1,171,10],[185,1,185,10],[210,1,210,10],[227,1,227,10],[263,1,263,10],[282,1,282,10],[301,1,301,10],[330,1,330,10],[341,1,341,10],[402,1,402,10],[466,1,466,10],[470,1,470,10],[508,1,508,10],[520,1,520,10],[535,1,535,10],[555,1,555,10],[559,1,559,10],[561,1,561,10],[564,1,565,6],[566,1,567,6],[568,1,568,6]],"flags":["formulas_cached_only"]}
["Ministério da Educação"]
[]
[]
[]
["Obra: Proinfância - Tipo  B"]
["Preço base: Sinapi Junho com desoneração/2014"]
[{"$nulls":12},1.277]
["Planilha Orçamentária "]
[]
[{"$nulls":4},"EDIF B - Edificação principal do Proinfância B - 127V","un",{"v":1,"d":"1.00"},{"$nulls":5},0]
[]
[null,"ITEM","CÓDIGO","FONTE","DESCRIÇÃO DOS SERVIÇOS","UNID.","QUANT.","SINAPI",null,null,"PR. UNIT.(R$)","PR. UNIT.(R$)","VALOR (R$)"]
[]
[null,1,null,null,"SERVIÇOS PRELIMINARES ",{"$nulls":7},{"v":0,"d":"0.00"}]
[null,"1.1","74209/1","SINAPI","Placa da obra - padrão Governo Federal"," m²",{"v":10,"d":"10.00"},{"$error":"#REF!"},{"$error":"#REF!"},{"$error":"#REF!"}]
[null,"1.2","C2851","SEINFRA","Instalação provisória de água ","un",{"v":1,"d":"1.00"},{"$error":"#REF!"},{"$error":"#REF!"},{"$error":"#REF!"}]
[null,"1.3","73960/1","SINAPI","Instalação provisória de energia elétrica em baixa tensão ","un",{"v":1,"d":"1.00"},{"$error":"#REF!"},{"$error":"#REF!"},{"$error":"#REF!"}]
[null,"1.4","C2849","SEINFRA","Instalações provisórias de esgoto","un",{"v":1,"d":"1.00"},{"$error":"#REF!"},{"$error":"#REF!"},{"$error":"#REF!"}]
[null,"1.5","73805/1","SINAPI","Barracões provisórios (depósito, escritório, vestiário e refeitório) com piso cimentado"," m²",{"v":60,"d":"60.00"},{"$error":"#REF!"},{"$error":"#REF!"},{"$error":"#REF!"}]
[null,"1.6","74077/1","SINAPI","Locação da obra (execução de gabarito) "," m²",{"v":1323.58,"d":"1,323.58"},{"$error":"#REF!"},{"$error":"#REF!"},{"$error":"#REF!"}]
[null,"1.7","C2290","SEINFRA","Sondagem do terreno ( 7 furos - um a cada 200 m2)","un",{"v":7,"d":"7.00"},{"$error":"#REF!"},{"$error":"#REF!"},{"$error":"#REF!"}]
[null,"1.8","74220/1","SINAPI","Tapume de chapa de madeira compensada (6mm)"," m²",{"v":80,"d":"80.00"},{"$error":"#REF!"},{"$error":"#REF!"},{"$error":"#REF!"}]
[null,"1.9","73822/2","SINAPI","Limpeza de terreno com remoção de camada vegetal","m²",{"v":2800,"d":"2,800.00"},{"$error":"#REF!"},{"$error":"#REF!"},{"$error":"#REF!"}]
[null,"Subtotal ",{"$nulls":10},{"v":0,"d":"0.00"}]
[]
[null,2,null,null,"MOVIMENTO DE TERRAS PARA FUNDAÇÕES",{"$nulls":7},{"v":0,"d":"0.00"}]
[null,"2.1",55835,"SINAPI","Aterro apiloado em camadas de 0,20 m com material argilo - arenoso (entre baldrames)","m³",{"v":209.894,"d":"209.89"},{"$error":"#REF!"},{"$error":"#REF!"},{"$error":"#REF!"}]
[null,"2.2","73965/10","SINAPI","Escavação manual de valas em qualquer terreno exceto rocha até h=1,50 m ","m³",{"v":122.57329999999999,"d":"122.57"},{"$error":"#REF!"},{"$error":"#REF!"},{"$error":"#REF!"}]
[null,"2.3",79483,"SINAPI","Regularização e compactação do fundo de valas ","m²",{"v":211.89569999999998,"d":"211.90"},{"$error":"#REF!"},{"$error":"#REF!"},{"$error":"#REF!"}]
[null,"2.4",53527,"SINAPI","Reaterro apiloado de vala com material da obra  ","m³",{"v":73.192,"d":"73.19"},{"$error":"#REF!"},{"$error":"#REF!"},{"$error":"#REF!"}]
[{"$nulls":4},"MURETA"]
[null,"2.5","73965/10","SINAPI","Escavação manual de valas em qualquer terreno exceto rocha até h=1,50 m ","m³",{"v":36.343999999999994,"d":"36.34"},{"$error":"#REF!"},{"$error":"#REF!"},{"$error":"#REF!"}]
[null,"2.6",79483,"SINAPI","Regularização e compactação do fundo de valas ","m²",{"v":44,"d":"44.00"},{"$error":"#REF!"},{"$error":"#REF!"},{"$error":"#REF!"}]
[null,"2.7",53527,"SINAPI","Reaterro apiloado de vala com material da obra  ","m³",{"v":29.193999999999996,"d":"29.19"},{"$error":"#REF!"},{"$error":"#REF!"},{"$error":"#REF!"}]
[{"$nulls":4},"CASTELO D'ÁGUA"]
[null,"2.8","73965/10","SINAPI","Escavação manual de valas em qualquer terreno exceto rocha até h=1,50 m ","m³",5.78,{"$error":"#REF!"},{"$error":"#REF!"},{"$error":"#REF!"}]
[null,"2.9",79483,"SINAPI","Regularização e compactação do fundo de valas ","m²",12.96,{"$error":"#REF!"},{"$error":"#REF!"},{"$error":"#REF!"}]
[null,"2.10",53527,"SINAPI","Reaterro apiloado de vala com material da obra  ","m³",1.06,{"$error":"#REF!"},{"$error":"#REF!"},{"$error":"#REF!"}]
[null,"Subtotal ",{"$nulls":10},{"v":0,"d":"0.00"}]
[]
[null,3,null,null,"FUNDAÇÕES",{"$nulls":7},{"v":0,"d":"0.00"}]
[{"$nulls":4},"CONCRETO ARMADO PARA FUNDAÇÕES "]
[null,"3.1","74156/3","SINAPI","Estaca a trado (broca) d=20 cm com concreto fck=15 Mpa (sem armação)","m",{"v":619.5,"d":"619.50"},{"$error":"#REF!"},{"$error":"#REF!"},{"$error":"#REF!"}]
[null,"3.2","73907/6","SINAPI","Lastro de concreto magro (e=3,0 cm) - preparo mecânico","m²",{"v":86.34819999999999,"d":"86.35"},{"$error":"#REF!"},{"$error":"#REF!"},{"$error":"#REF!"}]
[null,"3.3",5651,"SINAPI","Forma de madeira comum para Fundações  - reaproveitamento 5X","m²",192.05,{"$error":"#REF!"},{"$error":"#REF!"},{"$error":"#REF!"}]
[null,"3.4","74254/2","SINAPI","Armação aço CA-50, Diam. 6,3 (1/4) á 12,5mm(1/2) -Fornecimento/corte perda de 10%) / dobra / colocação.","kg",{"v":848.9999999999999,"d":"849.00"},{"$error":"#REF!"},{"$error":"#REF!"},{"$error":"#REF!"}]
[null,"3.5","73942/2","SINAPI","Armação de aço  CA-60 Diam. 3,4 a 6,0mm-Fornecimento/corte perda de 10%) / dobra / colocação.","kg",{"v":227.18181818181816,"d":"227.18"},{"$error":"#REF!"},{"$error":"#REF!"},{"$error":"#REF!"}]
[null,"3.6","74138/3","SINAPI","Concreto para Fundação fck=25MPa, incluindo preparo, lançamento, adensamento.","m³",{"v":23.2,"d":"23.20"},{"$error":"#REF!"},{"$error":"#REF!"},{"$error":"#REF!"}]
[{"$nulls":4},"CONCRETO ARMADO PARA FUNDAÇÕES - VIGAS BALDRAMES"]
[null,"3.7",5651,"SINAPI","Forma de madeira comum para Fundações  - reaproveitamento 5X","m²",631.87,{"$error":"#REF!"},{"$error":"#REF!"},{"$error":"#REF!"}]
[null,"3.8","74254/2","SINAPI","Armação aço CA-50, Diam. 6,3 (1/4) á 12,5mm(1/2) -Fornecimento/corte perda de 10%) / dobra / colocação.","kg",{"v":1160.272727272727,"d":"1,160.27"},{"$error":"#REF!"},{"$error":"#REF!"},{"$error":"#REF!"}]
[null,"3.9","73942/2","SINAPI","Armação de aço  CA-60 Diam. 3,4 a 6,0mm-Fornecimento/corte perda de 10%) / dobra / colocação.","kg",{"v":457.99999999999994,"d":"458.00"},{"$error":"#REF!"},{"$error":"#REF!"},{"$error":"#REF!"}]
[null,"3.10","74138/3","SINAPI","Concreto para Fundação fck=25MPa, incluindo preparo, lançamento, adensamento.","m³",{"v":34.660000000000004,"d":"34.66"},{"$error":"#REF!"},{"$error":"#REF!"},{"$error":"#REF!"}]
[{"$nulls":4},"MURETA - FUNDAÇÕES (ESTACAS, BLOCOS E VIGA BALDRAME)"]
[null,"3.11","73907/6","SINAPI","Lastro de concreto magro, e=3,0 cm-preparo mecânico","m²",31.68,{"$error":"#REF!"},{"$error":"#REF!"},{"$error":"#REF!"}]
[null,"3.12",5651,"SINAPI","Forma de madeira comum para Fundações  - reaproveitamento 5X","m²",295.16,{"$error":"#REF!"},{"$error":"#REF!"},{"$error":"#REF!"}]
[null,"3.13","74254/2","SINAPI","Armação aço CA-50, Diam. 6,3 (1/4) á 12,5mm(1/2) -Fornecimento/corte perda de 10%) / dobra / colocação.","kg",{"v":655.2727272727271,"d":"655.27"},{"$error":"#REF!"},{"$error":"#REF!"},{"$error":"#REF!"}]
[null,"3.14","73942/2","SINAPI","Armação de aço  CA-60 Diam. 3,4 a 6,0mm-Fornecimento/corte perda de 10%) / dobra / colocação.","kg",{"v":439.8181818181818,"d":"439.82"},{"$error":"#REF!"},{"$error":"#REF!"},{"$error":"#REF!"}]
[null,"3.15","74138/3","SINAPI","Concreto para Fundação fck=25MPa, incluindo preparo, lançamento, adensamento.","m³",20.51,{"$error":"#REF!"},{"$error":"#REF!"},{"$error":"#REF!"}]
[{"$nulls":4},"FUNDAÇÃO DO CASTELO D'ÁGUA"]
[null,"3.16",72819,"SINAPI","Estaca a trado (broca) d=30 cm com concreto fck=15 Mpa (sem armação) - 3,5 m","m",{"v":77,"d":"77.00"},{"$error":"#REF!"},{"$error":"#REF!"},{"$error":"#REF!"}]
[null,"3.18","73907/6","SINAPI","Lastro de concreto magro, e=3,0 cm-reparo mecânico","m²",10.87,{"$error":"#REF!"},{"$error":"#REF!"},{"$error":"#REF!"}]
[null,"3.19",5651,"SINAPI","Forma de madeira comum para Fundções  - reaproveitamento 5X","m²",29.01,{"$error":"#REF!"},{"$error":"#REF!"},{"$error":"#REF!"}]
[null,"3.20","74254/2","SINAPI","Armação aço CA-50, Diam. 6,3 (1/4) á 12,5mm(1/2) -Fornecimento/corte perda de 10%) / dobra / colocação.","kg",50.27,{"$error":"#REF!"},{"$error":"#REF!"},{"$error":"#REF!"}]
[null,"3.21","73942/2","SINAPI","Armação de aço  CA-60 Diam. 3,4 a 6,0mm-Fornecimento/corte perda de 10%) / dobra / colocação.","kg",53.27,{"$error":"#REF!"},{"$error":"#REF!"},{"$error":"#REF!"}]
[null,"3.22","74138/3","SINAPI","Concreto  fck=25MPa, incluindo preparo, lançamento e adensamento.","m³",3.01,{"$error":"#REF!"},{"$error":"#REF!"},{"$error":"#REF!"}]
[null,"Subtotal ",{"$nulls":10},{"v":0,"d":"0.00"}]
[]
[null,4,null,null,"SUPERESTRUTURA ",{"$nulls":7},{"v":0,"d":"0.00"}]
[{"$nulls":4},"CONCRETO ARMADO - PILARES"]
[null,"4.1",84216,"SINAPI","Forma em chapa de madeira compensada resinada- Pilares","m²",392.79,{"$error":"#REF!"},{"$error":"#REF!"},{"$error":"#REF!"}]
[null,"4.2","74254/2","SINAPI","Armação aço CA-50, Diam. 6,3 (1/4) á 12,5mm(1/2) -Fornecimento/corte perda de 10%) / dobra / colocação.","kg",{"v":1254,"d":"1,254.00"},{"$error":"#REF!"},{"$error":"#REF!"},{"$error":"#REF!"}]
[null,"4.3","73942/2","SINAPI","Armação de aço  CA-60 Diam. 3,4 a 6,0mm-Fornecimento/corte perda de 10%) / dobra / colocação.","kg",{"v":456.99999999999994,"d":"457.00"},{"$error":"#REF!"},{"$error":"#REF!"},{"$error":"#REF!"}]
[null,"4.4","74138/3","SINAPI","Concreto Bombeado fck=25MPa, incluindo preparo, lançamento e adensamento.","m³",21.88,{"$error":"#REF!"},{"$error":"#REF!"},{"$error":"#REF!"}]
[{"$nulls":4},"CONCRETO ARMADO - VIGAS"]
[null,"4.5",84216,"SINAPI","Forma madeira comp. resinada 12mm p/ Estrutura corte/ Montagem/ Escoramento/ Desforma-  Vigas","m²",657.75,{"$error":"#REF!"},{"$error":"#REF!"},{"$error":"#REF!"}]
[null,"4.6","74254/2","SINAPI","Armação aço CA-50, Diam. 6,3 (1/4) á 12,5mm(1/2) -Fornecimento/corte perda de 10%) / dobra / colocação.","kg",{"v":1303.9090909090908,"d":"1,303.91"},{"$error":"#REF!"},{"$error":"#REF!"},{"$error":"#REF!"}]
[null,"4.7","73942/2","SINAPI","Armação de aço  CA-60 Diam. 3,4 a 6,0mm-Fornecimento/corte perda de 10%) / dobra / colocação.","kg",{"v":494.9090909090908,"d":"494.91"},{"$error":"#REF!"},{"$error":"#REF!"},{"$error":"#REF!"}]
[null,"4.8","74138/3","SINAPI","Concreto Bombeado fck=25MPa, incluindo preparo, lançamento e adensamento.","m³",{"v":34.6,"d":"34.60"},{"$error":"#REF!"},{"$error":"#REF!"},{"$error":"#REF!"}]
[{"$nulls":4},"CONCRETO ARMADO - LAJES"]
[null,"4.9",84214,"SINAPI","Forma madeira comp. resinada 12mm p/ Estrutura corte/ Montagem/ Escoramento/ Desforma- Lajes","m²",958.52,{"$error":"#REF!"},{"$error":"#REF!"},{"$error":"#REF!"}]
[null,"4.10","74254/2","SINAPI","Armação aço CA-50, Diam. 6,3 (1/4) á 12,5mm(1/2) -Fornecimento/corte perda de 10%) / dobra / colocação.","kg",{"v":3466.454545454545,"d":"3,466.45"},{"$error":"#REF!"},{"$error":"#REF!"},{"$error":"#REF!"}]
[null,"4.11","73942/2","SINAPI","Armação de aço  CA-60 Diam. 3,4 a 6,0mm-Fornecimento/corte perda de 10%) / dobra / colocação.","kg",{"v":1586.090909090909,"d":"1,586.09"},{"$error":"#REF!"},{"$error":"#REF!"},{"$error":"#REF!"}]
[null,"4.12","74138/3","SINAPI","Concreto Bombeado fck=25MPa, incluindo preparo, lançamento e adensamento.","m³",75.32,{"$error":"#REF!"},{"$error":"#REF!"},{"$error":"#REF!"}]
[{"$nulls":4},"CONCRETO ARMADO PARA VERGAS"]
[null,"4.13",83901,"SINAPI","Verga pré-moldada em concreto armado fck 15Mpa - 10x10cm, conforme projeto.","m",{"v":307,"d":"307.00"},{"$error":"#REF!"},{"$error":"#REF!"},{"$error":"#REF!"}]
[{"$nulls":4},"MURETA - ESTRUTURA (PILARES E VIGAS RESPALDO)"]
[null,"4.14",84216,"SINAPI","Forma em chapa de madeira compensada resinada- Pilares","m²",{"v":234.82999999999998,"d":"234.83"},{"$error":"#REF!"},{"$error":"#REF!"},{"$error":"#REF!"}]
[null,"4.15","74254/2","SINAPI","Armação aço CA-50, Diam. 6,3 (1/4) á 12,5mm(1/2) -Fornecimento/corte perda de 10%) / dobra / colocação.","kg",{"v":677.9999999999999,"d":"678.00"},{"$error":"#REF!"},{"$error":"#REF!"},{"$error":"#REF!"}]
[null,"4.16","73942/2","SINAPI","Armação de aço  CA-60 Diam. 3,4 a 6,0mm-Fornecimento/corte perda de 10%) / dobra / colocação.","kg",{"v":306.09090909090907,"d":"306.09"},{"$error":"#REF!"},{"$error":"#REF!"},{"$error":"#REF!"}]
[null,"4.17","74138/3","SINAPI","Concreto  fck=25MPa, incluindo preparo, lançamento e adensamento.","m³",{"v":11.809999999999999,"d":"11.81"},{"$error":"#REF!"},{"$error":"#REF!"},{"$error":"#REF!"}]
[null,"Subtotal ",{"$nulls":10},{"v":0,"d":"0.00"}]
[]
[null,5,null,null,"SISTEMA DE VEDAÇÃO VERTICAL INTERNO E EXTERNO (PAREDES)",{"$nulls":7},{"v":0,"d":"0.00"}]
[{"$nulls":4},"ELEMENTOS VAZADOS"]
[null,"5.1","73937/1","SINAPI","Cobogó de concreto (elemento vazado)  - (10x40x40cm) assentado com argamassa traço 1:4 (cimento, areia)","m²",46.31,{"$error":"#REF!"},{"$error":"#REF!"},{"$error":"#REF!"}]
[{"$nulls":4},"ALVENARIA DE VEDAÇÃO"]
[null,"5.2",87504,"SINAPI","Alvenaria de vedação de 1/2 vez em tijolos cerâmicos de 08 furos (dimensões nominais: 19x19x09); assentamento em argamassa no traço 1:2:8 (cimento, cal e areia) ","m²",{"v":1629.37,"d":"1,629.37"},{"$error":"#REF!"},{"$error":"#REF!"},{"$error":"#REF!"}]
[null,"5.3","73935/2","SINAPI","Alvenaria de vedação de 1 vez em tijolos cerâmicos de 08 furos (dimensões nominais: 19x19x09); assentamento em argamassa no traço 1:2:8 (cimento, cal e areia)","m²",14.67,{"$error":"#REF!"},{"$error":"#REF!"},{"$error":"#REF!"}]
[null,"5.4","73988/1","SINAPI","Encunhamento (aperto de alvenaria) em tijolo cerâmicos maciços 5x10x20cm 1 vez (esp. 20cm), assentamento c/ argamassa traço1:6 (cimento e areia)","m",{"v":504,"d":"504.00"},{"$error":"#REF!"},{"$error":"#REF!"},{"$error":"#REF!"}]
[null,"5.5","73909/1","SINAPI","Divisórias em madeira com laminado com portas de 80x210cm, incluindo bandeira de vidro e ferragens","m²",37.26,{"$error":"#REF!"},{"$error":"#REF!"},{"$error":"#REF!"}]
[null,"5.6","C4070","SEINFRA","Divisória de banheiros e sanitários em granito com espessura de 2cm polido assentado com argamassa traço 1:4","m²",42.52,{"$error":"#REF!"},{"$error":"#REF!"},{"$error":"#REF!"}]
[{"$nulls":4},"MURETA"]
[null,"5.7",87504,"SINAPI","Alvenaria de vedação de 1/2 vez em tijolos cerâmicos de 08 furos (dimensões nominais: 19x19x09); assentamento em argamassa no traço 1:2:8 (cimento, cal e areia) ","m²",411.55,{"$error":"#REF!"},{"$error":"#REF!"},{"$error":"#REF!"}]
[null,"Subtotal ",{"$nulls":10},{"v":0,"d":"0.00"}]
[]
[null,6,null,null,"ESQUADRIAS ",{"$nulls":7},{"v":0,"d":"0.00"}]
[{"$nulls":4},"PORTAS DE MADEIRA"]
[null,"6.1","73910/6","SINAPI","Porta de Madeira - PM1 - 80x210, excluso ferragens, conforme projeto de esquadrias ","und",{"v":15,"d":"15.00"},{"$error":"#REF!"},{"$error":"#REF!"},{"$error":"#REF!"}]
[null,"6.2","MERCADO",null,"Porta de Madeira - PM2 - 80x210, com visor de vidro, chapa, barra excluso ferragens, conforme projeto de esquadrias ","und",{"v":17,"d":"17.00"},{"$error":"#REF!"},{"$error":"#REF!"},{"$error":"#REF!"}]
[null,"6.3","MERCADO",null,"Porta de Madeira - PM3 - 80x210, com chapa, barra e ferragens, conforme projeto de esquadrias","und",{"v":4,"d":"4.00"},{"$error":"#REF!"},{"$error":"#REF!"},{"$error":"#REF!"}]
[null,"6.4","73906/6","SINAPI","Porta de Madeira - PM4 - 60x210 - com veneziana excluso ferragens, conforme projeto de esquadrias","und",{"v":4,"d":"4.00"},{"$error":"#REF!"},{"$error":"#REF!"},{"$error":"#REF!"}]
[null,"6.5","73906/3","SINAPI","Porta de Madeira - PM5 - 80x210, com veneziana excluso ferragens, conforme projeto de esquadrias","und",{"v":3,"d":"3.00"},{"$error":"#REF!"},{"$error":"#REF!"},{"$error":"#REF!"}]
[null,"6.6","74139/2","SINAPI","Porta de abrir- Box  em madeira Laminado 0,60x1,60m, PM-06, incluso marco, dobradiças e tarjeta tipo LIVRE/OCUPADO, conforme projeto de esquadrias ","und",{"v":10,"d":"10.00"},{"$error":"#REF!"},{"$error":"#REF!"},{"$error":"#REF!"}]
[null,"6.7","74139/2","SINAPI","Porta de abrir- Box  em madeira Laminado 0,60x1,00m, PM-07, incluso marco, dobradiças e tarjeta tipo LIVRE/OCUPADOconforme projeto de esquadrias ","und",{"v":6,"d":"6.00"},{"$error":"#REF!"},{"$error":"#REF!"},{"$error":"#REF!"}]
[null,"6.8","74139/1","SINAPI","Porta de abrir-Box em madeiraLaminado 0,80x1,00m, PM-08, incluso marco, dobradiças e tarjeta tipo LIVRE/OCUPADO, conforme projeto de esquadrias","und",{"v":2,"d":"2.00"},{"$error":"#REF!"},{"$error":"#REF!"},{"$error":"#REF!"}]
[{"$nulls":4},"FERRAGENS E ACESSÓRIOS"]
[null,"6.9","74070/4","SINAPI","Fechadura de embutir completa, para portas internas","und",{"v":30,"d":"30.00"},{"$error":"#REF!"},{"$error":"#REF!"},{"$error":"#REF!"}]
[null,"6.10","74069/1","SINAPI","Fechadura de embutir completa, para portas de banheiro","und",{"v":6,"d":"6.00"},{"$error":"#REF!"},{"$error":"#REF!"},{"$error":"#REF!"}]
[{"$nulls":4},"PORTAS EM ALUMÍNIO"]
[null,"6.11","74071/2","SINAPI","Porta de abrir de 0,80x2,10m em chapa de alumínio com vidro e veneziana- PA1, conforme projeto de esquadrias, inclusive ferragens","m²",{"v":8.4,"d":"8.40"},{"$error":"#REF!"},{"$error":"#REF!"},{"$error":"#REF!"}]
[null,"6.12","74071/2","SINAPI","Porta de abrir de 0,60x2,10m em chapa de alumínio com veneziana- PA2, conforme projeto de esquadrias, inclusive ferragens","m²",2.52,{"$error":"#REF!"},{"$error":"#REF!"},{"$error":"#REF!"}]
[{"$nulls":4},"PORTAS DE VIDRO - PV"]
[null,"6.13","73838/1","SINAPI","Porta de Vidro temperado - PV1 - 165x210, com ferragens, conforme projeto de esquadrias ","und",{"v":2,"d":"2.00"},{"$error":"#REF!"},{"$error":"#REF!"},{"$error":"#REF!"}]
[{"$nulls":4},"JANELAS DE ALUMÍNIO - JA "]
[null,"6.14",68052,"SINAPI","Janela de Alumínio - JA-1, 180x30, completa conforme projeto de esquadrias - Basculante ","m²",3.24,{"$error":"#REF!"},{"$error":"#REF!"},{"$error":"#REF!"}]
[null,"6.15","74067/1","SINAPI","Janela de Alumínio - JA-2, 60x90, completa conforme projeto de esquadrias - Abrir","m²",3.24,{"$error":"#REF!"},{"$error":"#REF!"},{"$error":"#REF!"}]
[null,"6.16",68052,"SINAPI","Janela de Alumínio - JA-3, 120x60, completa conforme projeto de esquadrias - Correr ","m²",2.88,{"$error":"#REF!"},{"$error":"#REF!"},{"$error":"#REF!"}]
[null,"6.17",68052,"SINAPI","Janela de Alumínio - JA-4, 180x60, completa conforme projeto de esquadrias - Basculante ","m²",{"v":16.2,"d":"16.20"},{"$error":"#REF!"},{"$error":"#REF!"},{"$error":"#REF!"}]
[null,"6.18","74067/1","SINAPI","Janela de Alumínio - JA-5, 240x60, completa conforme projeto de esquadrias - Correr ","m²",10.08,{"$error":"#REF!"},{"$error":"#REF!"},{"$error":"#REF!"}]
[null,"6.19","74067/1","SINAPI","Janela de Alumínio - JA-6, 120x120, completa conforme projeto de esquadrias - Correr ","m²",{"v":7.2,"d":"7.20"},{"$error":"#REF!"},{"$error":"#REF!"},{"$error":"#REF!"}]
[null,"6.20",68052,"SINAPI","Janela de Alumínio - JA-7, 180x90, completa conforme projeto de esquadrias - Basculante","m²",6.48,{"$error":"#REF!"},{"$error":"#REF!"},{"$error":"#REF!"}]
[null,"6.21","74067/1","SINAPI","Janela de Alumínio - JA-8, 240x120, completa conforme projeto de esquadrias - Correr ","m²",5.76,{"$error":"#REF!"},{"$error":"#REF!"},{"$error":"#REF!"}]
[null,"6.22","74067/1","SINAPI","Janela de Alumínio - JA-9, 300x120, completa conforme projeto de esquadrias - Correr ","m²",{"v":7.2,"d":"7.20"},{"$error":"#REF!"},{"$error":"#REF!"},{"$error":"#REF!"}]
[null,"6.23","74067/1","SINAPI","Janela de Alumínio - JA-10, 240x160, completa conforme projeto de esquadrias - Correr ","m²",15.36,{"$error":"#REF!"},{"$error":"#REF!"},{"$error":"#REF!"}]
[null,"6.24","74067/1","SINAPI","Janela de Alumínio - JA-11, 360x160, completa conforme projeto de esquadrias - Correr ","m²",{"v":28.8,"d":"28.80"},{"$error":"#REF!"},{"$error":"#REF!"},{"$error":"#REF!"}]
[null,"6.25","74067/1","SINAPI","Janela de Alumínio - JA-12, 180x160, completa conforme projeto de esquadrias - Correr ","m²",5.76,{"$error":"#REF!"},{"$error":"#REF!"},{"$error":"#REF!"}]
[null,"6.26","74067/1","SINAPI","Janela de Alumínio - JA-13, 180x105, completa conforme projeto de esquadrias - Correr ","m²",1.89,{"$error":"#REF!"},{"$error":"#REF!"},{"$error":"#REF!"}]
[null,"6.27","MERCADO","CP","Tela de nylon de proteção- fixada na esquadria","m²",12.24,{"$error":"#REF!"},{"$error":"#REF!"},{"$error":"#REF!"}]
[{"$nulls":4},"VIDROS"]
[null,"6.28",72118,"SINAPI","Vidro liso comum incolor, espessura 6mm- fornecimento e instalação","m²",100.68,{"$error":"#REF!"},{"$error":"#REF!"},{"$error":"#REF!"}]
[null,"6.29",84959,"SINAPI","Vidro miniboreal incolor, espessura 6mm- fornecimento e instalação","m²",11.52,{"$error":"#REF!"},{"$error":"#REF!"},{"$error":"#REF!"}]
[null,"6.30",85005,"SINAPI","Espelho cristal esp. 4mm com moldura de madeira","m²",17.48,{"$error":"#REF!"},{"$error":"#REF!"},{"$error":"#REF!"}]
[{"$nulls":4},"FECHAMENTO PÁTIO COBERTO  "]
[null,"6.31",72120,"SINAPI","Vidro temperado incolor espessura 10 mm - fixo - inclusive caixilho (15,32 m2 normal - 95,32 m2 se regiões frias)","m²",15.32,{"$error":"#REF!"},{"$error":"#REF!"},{"$error":"#REF!"}]
[{"$nulls":4},"ESQUADRIA - GRADIL METÁLICO"]
[null,"6.32","74238/2","SINAPI","Portão de abrir, com moldura em tubo de aço galvanizado e tela de arame galvanizado, tipo belgo ou equivalente 0,95X0,90, GF1, conforme projeto de esquadrias, inclusive ferragens","m²",5.13,{"$error":"#REF!"},{"$error":"#REF!"},{"$error":"#REF!"}]
[null,"6.33","74238/2","SINAPI","Portão de abrir, com moldura em tubo de aço galvanizado e tela de arame galvanizado, tipo belgo ou equivalente 1,00X2,10, GF2, conforme projeto de esquadrias, inclusive ferragens","m²",{"v":10.5,"d":"10.50"},{"$error":"#REF!"},{"$error":"#REF!"},{"$error":"#REF!"}]
[null,"6.34","73932/1","SINAPI","Gradil fixo com moldura em tubo de aço galvanizado e tela de arame galvanizado, tipo belgo ou equivalente altura 2,20m , conforme projeto arquitetonico, inclusive ferragens ","m²",17.52,{"$error":"#REF!"},{"$error":"#REF!"},{"$error":"#REF!"}]
[null,"6.35","74100/1","SINAPI","Portão de correr 3,00x2,15m em gradil metálico belgo ou similar, conforme projeto de esquadrias, inclusive ferragens","m²",6.45,{"$error":"#REF!"},{"$error":"#REF!"},{"$error":"#REF!"}]
[null,"6.36","74100/1","SINAPI","Portão de abrir, 4 folhas, 3,20X2,15m, em gradil tipo belgo ou equivalente, conforme projeto de esquadrias, inclusive ferragens","m²",6.88,{"$error":"#REF!"},{"$error":"#REF!"},{"$error":"#REF!"}]
[null,"6.37","73737/3","SINAPI","Gradil fixo tipo belgo ou equivalente 33,80x1,70m , conforme projeto de esquadrias, inclusive ferragens e pintura","m",{"v":33.8,"d":"33.80"},{"$error":"#REF!"},{"$error":"#REF!"},{"$error":"#REF!"}]
[null,"Subtotal ",{"$nulls":10},{"v":0,"d":"0.00"}]
[]
[null,7,null,null,"SISTEMAS DE COBERTURA ",{"$nulls":7},{"v":0,"d":"0.00"}]
[null,"7.1","73931/3","SINAPI","Estrutura de Madeira aparelhada para vão de 3,0 a 7,0 m para telha cerâmica, conforme projeto","m²",905.61,{"$error":"#REF!"},{"$error":"#REF!"},{"$error":"#REF!"}]
[null,"7.2","73938/4","SINAPI","Cobertura em telha cerâmica tipo capa e canal ","m²",{"v":1233.17,"d":"1,233.17"},{"$error":"#REF!"},{"$error":"#REF!"},{"$error":"#REF!"}]
[null,"7.3",84047,"SINAPI","Telha de vidro tipo colonial","m²",16.94,{"$error":"#REF!"},{"$error":"#REF!"},{"$error":"#REF!"}]
[null,"7.4","73938/7","SINAPI","Cumeeira com telha cerâmica emboçada com argamassa traço 1:2:8 ","m",150.41,{"$error":"#REF!"},{"$error":"#REF!"},{"$error":"#REF!"}]
[null,"7.5",72110,"SINAPI","Estrutura Treliçada em aço, sac 300, para telha cerâmica (pátio coberto e passarela)","m²",274.85,{"$error":"#REF!"},{"$error":"#REF!"},{"$error":"#REF!"}]
[null,"7.6","73868/1","SINAPI","Espigão em chapa de aço galvanizado nr. 24, ","m",{"v":11.6,"d":"11.60"},{"$error":"#REF!"},{"$error":"#REF!"},{"$error":"#REF!"}]
[null,"7.7",72107,"SINAPI","Rufo em chapa de aço galvanizado nr. 24, desenvolvimento 25 cm","m",126.87,{"$error":"#REF!"},{"$error":"#REF!"},{"$error":"#REF!"}]
[null,"7.8",71623,"SINAPI","Pingadeira (chapim) em concreto premoldado, largura=30cm espessura 5cm","m",243.16,{"$error":"#REF!"},{"$error":"#REF!"},{"$error":"#REF!"}]
[null,"Subtotal",{"$nulls":10},{"v":0,"d":"0.00"}]
[]
[null,8,null,null,"IMPERMEABILIZAÇÀO ",{"$nulls":7},{"v":0,"d":"0.00"}]
[null,"8.1","74106/1","SINAPI","Impermeabilização com tinta betuminosa em fundações, baldrames ","m²",192.05,{"$error":"#REF!"},{"$error":"#REF!"},{"$error":"#REF!"}]
[null,"8.2","74025/1","SINAPI","Impermeabilização de calhas de concreto com mastique betuminoso a frio","m",{"v":115.5,"d":"115.50"},{"$error":"#REF!"},{"$error":"#REF!"},{"$error":"#REF!"}]
[null,"8.3",83738,"SINAPI","Impermeabilização de calhas (telhado) com manta asfáltica","m²",207.76,{"$error":"#REF!"},{"$error":"#REF!"},{"$error":"#REF!"}]
[{"$nulls":4},"MURETA"]
[null,"8.4","74106/1","SINAPI","Impermeabilização com tinta betuminosa em fundações, baldrames ","m²",{"v":234.82999999999998,"d":"234.83"},{"$error":"#REF!"},{"$error":"#REF!"},{"$error":"#REF!"}]
[null,"Subtotal",{"$nulls":10},{"v":0,"d":"0.00"}]
[]
[null,9,null,null,"REVESTIMENTOS INTERNOS E EXTERNOS",{"$nulls":7},{"v":0,"d":"0.00"}]
[null,"9.1",87878,"SINAPI","Chapisco de aderência em paredes internas, externas, pórticos, vigas, platibanda e calhas","m²",{"v":3848.03,"d":"3,848.03"},{"$error":"#REF!"},{"$error":"#REF!"},{"$error":"#REF!"}]
[null,"9.2",87884,"SINAPI","Chapisco de aderência em lajes prémoldadas","m²",930.54,{"$error":"#REF!"},{"$error":"#REF!"},{"$error":"#REF!"}]
[null,"9.3",87536,"SINAPI","Emboço paulista para paredes internas e externas traço 1:2:9 - preparo manual - espessura 2,0 cm ","m²",{"v":3848.03,"d":"3,848.03"},{"$error":"#REF!"},{"$error":"#REF!"},{"$error":"#REF!"}]
[null,"9.4",75481,"SINAPI","Reboco para paredes internas, externas, pórticos, vigas e pérgolas, traço 1:4,5  - espessura 0,5 cm","m²",{"v":2337.21,"d":"2,337.21"},{"$error":"#REF!"},{"$error":"#REF!"},{"$error":"#REF!"}]
[null,"9.5",87536,"SINAPI","Emboço para lajes - espessura 2,0 cm, traço 1:2:8","m²",930.54,{"$error":"#REF!"},{"$error":"#REF!"},{"$error":"#REF!"}]
[null,"9.6",87273,"SINAPI","Revestimento cerâmico de paredes PEI IV- cerâmica 30 x 40 cm - incl. rejunte - conforme projeto ","m²",{"v":924.2,"d":"924.20"},{"$error":"#REF!"},{"$error":"#REF!"},{"$error":"#REF!"}]
[null,"9.7",87265,"SINAPI","Revestimento cerâmico de paredes PEI IV - cerâmica 10 x 10 cm - incl. rejunte - conforme projeto","m²",586.63,{"$error":"#REF!"},{"$error":"#REF!"},{"$error":"#REF!"}]
[null,"9.8","73886/1","SINAPI","Roda meio em madeira (largura=7cm)","m",{"v":296.6,"d":"296.60"},{"$error":"#REF!"},{"$error":"#REF!"},{"$error":"#REF!"}]
[{"$nulls":4},"MURETA - ALVENARIA E REVESTIMENTO"]
[null,"9.9",87878,"SINAPI","Chapisco de aderência em paredes internas, externas, pórticos, vigas, pérgolas e muros ","m²",{"v":823.1,"d":"823.10"},{"$error":"#REF!"},{"$error":"#REF!"},{"$error":"#REF!"}]
[null,"9.10",{"v":87536,"d":"87536.00"},"SINAPI","Reboco tipo paulista para paredes internas, externas, pórticos, vigas e pérgolas  - espessura 2,0 cm ","m²",{"v":823.1,"d":"823.10"},{"$error":"#REF!"},{"$error":"#REF!"},{"$error":"#REF!"}]
[null,"Subtotal ",{"$nulls":10},{"v":0,"d":"0.00"}]
[]
[null,10,null,null,"SISTEMAS DE PISOS INTERNOS E INTERNOS (PAVIMENTAÇÃO)",{"$nulls":7},{"v":0,"d":"0.00"}]
[null,"10.1","74000/1","SINAPI","Camada impermeabilizadora e=5cm ","m²",{"v":1057.82,"d":"1,057.82"},{"$error":"#REF!"},{"$error":"#REF!"},{"$error":"#REF!"}]
[null,"10.2",87627,"SINAPI","Camada regularizadora e=3cm ","m²",{"v":1057.82,"d":"1,057.82"},{"$error":"#REF!"},{"$error":"#REF!"},{"$error":"#REF!"}]
[null,"10.3",84191,"SINAPI","Piso de alta resistência em massa granilítica, inclusive polimento e enceramento","m²",215.74,{"$error":"#REF!"},{"$error":"#REF!"},{"$error":"#REF!"}]
[null,"10.4",87251,"SINAPI","Piso cerâmico antiderrapante PEI V - 40 x 40 cm - incl. rejunte - conforme projeto ","m²",589.95,{"$error":"#REF!"},{"$error":"#REF!"},{"$error":"#REF!"}]
[null,"10.5",87257,"SINAPI","Piso cerâmico esmaltado antiderrapante  PEI V - 60 x 60 cm - incl. rejunte - conforme projeto ","m²",181.23,{"$error":"#REF!"},{"$error":"#REF!"},{"$error":"#REF!"}]
[null,"10.6",72185,"SINAPI","Piso vinílico em manta e=2mm, rolo de 2m","m²",{"v":70.9,"d":"70.90"},{"$error":"#REF!"},{"$error":"#REF!"},{"$error":"#REF!"}]
[null,"10.7","C4623","SEINFRA","Piso podotátil de alerta em borracha integrado 30x30cm, assentamento com argamassa (fornecimento e assentamento)","m²",14.85,{"$error":"#REF!"},{"$error":"#REF!"},{"$error":"#REF!"}]
[null,"10.8","C4623","SEINFRA","Piso podotátil direcional em borracha integrado 30x30cm, assentamento com argamassa (fornecimento e assentamento)","m²",31.59,{"$error":"#REF!"},{"$error":"#REF!"},{"$error":"#REF!"}]
[null,"10.9","74111/1","SINAPI","Soleira em granito cinza andorinha, L=15cm, E=2cm ","m",{"v":41.2,"d":"41.20"},{"$error":"#REF!"},{"$error":"#REF!"},{"$error":"#REF!"}]
[{"$nulls":4},"PAVIMENTAÇÃO EXTERNA"]
[null,"10.10","74164/4","SINAPI","Lastro de brita e=3cm ","m³",9.41,{"$error":"#REF!"},{"$error":"#REF!"},{"$error":"#REF!"}]
[null,"10.13",73675,"SINAPI","Piso de cimento desempenado com juntas de dilatação","m²",313.77,{"$error":"#REF!"},{"$error":"#REF!"},{"$error":"#REF!"}]
[null,"10.12","73907/3","SINAPI","Rampa de acesso em concreto não estrutural","m²",{"v":18.7,"d":"18.70"},{"$error":"#REF!"},{"$error":"#REF!"},{"$error":"#REF!"}]
[null,"10.14","73764/4","SINAPI","Pavimetação em blocos intertravado de concreto, esp. 6,5cm, FCK 35MPA, asentados sobre colcão de areia","m²",250.28,{"$error":"#REF!"},{"$error":"#REF!"},{"$error":"#REF!"}]
[null,"10.15",13255,"SINAPI","Tampa cega de concreto para piso, 60x40 cm","m",{"v":25.2,"d":"25.20"},{"$error":"#REF!"},{"$error":"#REF!"},{"$error":"#REF!"}]
[null,"10.16","MERCADO",null,"Canaleta com grelha furada de concreto para piso, 60x40 cm","m",{"v":102,"d":"102.00"},{"$error":"#REF!"},{"$error":"#REF!"},{"$error":"#REF!"}]
[null,"10.17","C4623","SEINFRA","Piso tátil de alerta em placas pré-moldadas - 5MPa","m²",2.16,{"$error":"#REF!"},{"$error":"#REF!"},{"$error":"#REF!"}]
[null,"10.18","C4623","SEINFRA","Piso tátil direcional em placas pré-moldadas - 5MPa","m²",1.98,{"$error":"#REF!"},{"$error":"#REF!"},{"$error":"#REF!"}]
[null,"10.19",84194,"SINAPI","Soleira de concreto 0,90x0,15","m",{"v":3.6,"d":"3.60"},{"$error":"#REF!"},{"$error":"#REF!"},{"$error":"#REF!"}]
[null,"10.20","74223/1","SINAPI","Meio -fio (GUIA) de concreto premoldado- (playground)","m",{"v":40,"d":"40.00"},{"$error":"#REF!"},{"$error":"#REF!"},{"$error":"#REF!"}]
[null,"10.21",73692,"SINAPI","Lastro de areia para o playground","m³",{"v":48.400000000000006,"d":"48.40"},{"$error":"#REF!"},{"$error":"#REF!"},{"$error":"#REF!"}]
[null,"10.22","74236/1","SINAPI","Grama batatais em placas","m²",874.95,{"$error":"#REF!"},{"$error":"#REF!"},{"$error":"#REF!"}]
[null,"Subtotal ",{"$nulls":10},{"v":0,"d":"0.00"}]
[]
[null,11,null,null,"PINTURA ",{"$nulls":7},{"v":0,"d":"0.00"}]
[null,"11.1","C1207","SEINFRA","Emassamento de paredes internas e externas com massa acrílica - 02 demãos ","m²",{"v":2337.21,"d":"2,337.21"},{"$error":"#REF!"},{"$error":"#REF!"},{"$error":"#REF!"}]
[null,"11.2","C1208","SEINFRA","Emassamento de lajes internas e externas com massa PVA - 02 demãos ","m²",930.54,{"$error":"#REF!"},{"$error":"#REF!"},{"$error":"#REF!"}]
[null,"11.3",88489,"SINAPI","Pintura em latex acrílico 02 demãos sobre paredes internas, externas e muros ","m²",{"v":2429.83,"d":"2,429.83"},{"$error":"#REF!"},{"$error":"#REF!"},{"$error":"#REF!"}]
[null,"11.4",88487,"SINAPI","Pintura em latex PVA 02 demãos sobre lajes internas e externas ","m²",930.54,{"$error":"#REF!"},{"$error":"#REF!"},{"$error":"#REF!"}]
[null,"11.5","74065/2","SINAPI","Pintura em esmalte sintético 02 demãos em esquadrias de madeira","m²",178.92,{"$error":"#REF!"},{"$error":"#REF!"},{"$error":"#REF!"}]
[null,"11.6","74065/1","SINAPI","Pintura em esmalte sintético 02 demãos em rodameio de madeira","m²",30.74,{"$error":"#REF!"},{"$error":"#REF!"},{"$error":"#REF!"}]
[null,"11.7","74145/1","SINAPI","Pintura em esmalte sintético 02 demãos em esquadrias de ferro","m²",92.96,{"$error":"#REF!"},{"$error":"#REF!"},{"$error":"#REF!"}]
[{"$nulls":4},"MURETA"]
[null,"11.8",88489,"SINAPI","Pintura em latex acrílico 02 demãos sobre paredes internas, externas e muros ","m²",{"v":823.1,"d":"823.10"},{"$error":"#REF!"},{"$error":"#REF!"},{"$error":"#REF!"}]
[{"$nulls":4},"CAIXA DÁGUA - 36.000L"]
[null,"11.9","C1522","SEINFRA","Preparo de superfície: jateamento abrasivo ao metal branco, padrão AS 3.","m²",{"v":67,"d":"67.00"},{"$error":"#REF!"},{"$error":"#REF!"},{"$error":"#REF!"}]
[null,"11.10","73865/1","SINAPI","Fundo: uma demão de espessura seca de Epóxi","m²",10.12,{"$error":"#REF!"},{"$error":"#REF!"},{"$error":"#REF!"}]
[null,"11.11",79460,"SINAPI","Acabamento: uma demão de espessura seca de primer Epóxi","m²",{"v":67,"d":"67.00"},{"$error":"#REF!"},{"$error":"#REF!"},{"$error":"#REF!"}]
[null,"11.12","73924/1","SINAPI","Pintura Externa: Tinta esmalte sintético – dupla função - revestimento anti-corrosivo.","m²",{"v":67,"d":"67.00"},{"$error":"#REF!"},{"$error":"#REF!"},{"$error":"#REF!"}]
[null,"Subtotal ",{"$nulls":10},{"v":0,"d":"0.00"}]
[]
[null,12,null,null,"INSTALAÇÃO HIDRÁULICA ",{"$nulls":7},{"v":0,"d":"0.00"}]
[{"$nulls":4},"TUBULAÇÕES E CONEXÕES DE PVC RÍGIDO"]
[null,"12.1","74185/1","SINAPI","Registro de gaveta bruto, Ø 3/4\"","un",{"v":1,"d":"1.00"},{"$error":"#REF!"},{"$error":"#REF!"},{"$error":"#REF!"}]
[null,"12.2","74183/1","SINAPI","Registro de gaveta bruto, Ø 1 1/4\"","un",{"v":5,"d":"5.00"},{"$error":"#REF!"},{"$error":"#REF!"},{"$error":"#REF!"}]
[null,"12.3","74182/1","SINAPI","Registro de gaveta bruto, Ø 1 1/2\"","un",{"v":2,"d":"2.00"},{"$error":"#REF!"},{"$error":"#REF!"},{"$error":"#REF!"}]
[null,"12.4","74181/1","SINAPI","Registro de gaveta bruto, Ø 2\"","un",{"v":1,"d":"1.00"},{"$error":"#REF!"},{"$error":"#REF!"},{"$error":"#REF!"}]
[null,"12.5","74180/1","SINAPI","Registro de gaveta bruto, Ø 2.1/2\"","un",{"v":1,"d":"1.00"},{"$error":"#REF!"},{"$error":"#REF!"},{"$error":"#REF!"}]
[null,"12.6","74176/1","SINAPI","Registro de gaveta com canopla, Ø 3/4\"","un",{"v":23,"d":"23.00"},{"$error":"#REF!"},{"$error":"#REF!"},{"$error":"#REF!"}]
[null,"12.7",73664,"SINAPI","Registro de pressão com canopla p/ chuveiro, Ø 3/4\"","un",{"v":14,"d":"14.00"},{"$error":"#REF!"},{"$error":"#REF!"},{"$error":"#REF!"}]
[null,"12.8","74175/1","SINAPI","Registro de gaveta com canopla, Ø 1\"","un",{"v":8,"d":"8.00"},{"$error":"#REF!"},{"$error":"#REF!"},{"$error":"#REF!"}]
[null,"12.9","73795/10","SINAPI","Válvula de retenção horizontal Ø 11/4\"","un",{"v":1,"d":"1.00"},{"$error":"#REF!"},{"$error":"#REF!"},{"$error":"#REF!"}]
[null,"12.10","75030/1","SINAPI","Tubo PVC soldável Ø 25 mm, inclusive conexões","m",{"v":222,"d":"222.00"},{"$error":"#REF!"},{"$error":"#REF!"},{"$error":"#REF!"}]
[null,"12.11","75030/2","SINAPI","Tubo PVC soldável Ø 32 mm, inclusive conexões","m",{"v":54,"d":"54.00"},{"$error":"#REF!"},{"$error":"#REF!"},{"$error":"#REF!"}]
[null,"12.12","75030/3","SINAPI","Tubo PVC soldável Ø 40 mm, inclusive conexões","m",{"v":30,"d":"30.00"},{"$error":"#REF!"},{"$error":"#REF!"},{"$error":"#REF!"}]
[null,"12.13","75030/4","SINAPI","Tubo PVC soldável classe 15, Ø 50 mm, inclusive conexões","m",{"v":66,"d":"66.00"},{"$error":"#REF!"},{"$error":"#REF!"},{"$error":"#REF!"}]
[null,"12.14","75030/5","SINAPI","Tubo PVC soldável classe 15, Ø 60 mm, inclusive conexões","m",{"v":36,"d":"36.00"},{"$error":"#REF!"},{"$error":"#REF!"},{"$error":"#REF!"}]
[null,"12.15","75030/6","SINAPI","Tubo PVC soldável classe 15, Ø 75mm, inclusive conexões","m",{"v":54,"d":"54.00"},{"$error":"#REF!"},{"$error":"#REF!"},{"$error":"#REF!"}]
[null,"12.16",40729,"SINAPI","Válvula de descarga: Base Hydra Max, código 4550.404 e acabamento Hydra Max, código 4900.C.MAX 1 ½”, acabamento cromado, DECA ou equivalente","un",{"v":14,"d":"14.00"},{"$error":"#REF!"},{"$error":"#REF!"},{"$error":"#REF!"}]
[null,"12.17","74058/1","SINAPI","Torneira de bóia, diâmetro 25mm","un",{"v":1,"d":"1.00"},{"$error":"#REF!"},{"$error":"#REF!"},{"$error":"#REF!"}]
[null,"12.18",12613,"SINAPI","Tubo de descarga VDE, série normal, diâmetro 38 mm","un",{"v":14,"d":"14.00"},{"$error":"#REF!"},{"$error":"#REF!"},{"$error":"#REF!"}]
[null,"12.19","MERCADO",null,"Caixa em alvenaria 30x30x30 cm  para Registro","un",{"v":2,"d":"2.00"},{"$error":"#REF!"},{"$error":"#REF!"},{"$error":"#REF!"}]
[null,"12.20","MERCADO",null,"Caixa em alvenaria 100x160 cm para bombas","un",{"v":1,"d":"1.00"},{"$error":"#REF!"},{"$error":"#REF!"},{"$error":"#REF!"}]
[null,"12.21","74217/2","SINAPI","Hidrômetro completo, Ø 3/4\"","un",{"v":1,"d":"1.00"},{"$error":"#REF!"},{"$error":"#REF!"},{"$error":"#REF!"}]
[null,"12.22","73835/1","SINAPI","Conjunto moto bomba centrifuga CV 3/4, vazão de 5,0 m3/h e Hman = 15mca - Modelo Thebe TH-16 ou equivalente","un",{"v":2,"d":"2.00"},{"$error":"#REF!"},{"$error":"#REF!"},{"$error":"#REF!"}]
[{"$nulls":4},"TUBULAÇÕES E CONEXÕES DE FERRO  GALVANIZADO"]
[null,"12.23","73976/6","SINAPI","Tubo FG roscável, diâmetro 1.1/2\" (50 mm), inclusive conexões","m",{"v":12,"d":"12.00"},{"$error":"#REF!"},{"$error":"#REF!"},{"$error":"#REF!"}]
[null,"12.24","73976/5","SINAPI","Tubo FG roscável, diâmetro 1.1/4\" (32 mm), inclusive conexões","m",{"v":18,"d":"18.00"},{"$error":"#REF!"},{"$error":"#REF!"},{"$error":"#REF!"}]
[{"$nulls":4},"CAIXA DÁGUA - 36.000L"]
[null,"12.25","75030/4","SINAPI","Tubulação para extravasor 2\", inclusive conexões","m",{"v":8.7,"d":"8.70"},{"$error":"#REF!"},{"$error":"#REF!"},{"$error":"#REF!"}]
[null,"12.26","75030/3","SINAPI","Tubulação para entrada da caixa dágua 1”, inclusive conexões","m",{"v":7,"d":"7.00"},{"$error":"#REF!"},{"$error":"#REF!"},{"$error":"#REF!"}]
[null,"12.27","75030/5","SINAPI","Tubulação para saída da caixa dágua 3\", inclusive conexões","m",{"v":4.3,"d":"4.30"},{"$error":"#REF!"},{"$error":"#REF!"},{"$error":"#REF!"}]
[null,"12.28","74182/1","SINAPI","Registro de gaveta para saída interior 1 1/2\", inclusive conexões","un",{"v":1,"d":"1.00"},{"$error":"#REF!"},{"$error":"#REF!"},{"$error":"#REF!"}]
[null,"12.29","74180/1","SINAPI","Registro de gaveta para dreno interior 2 1/2\", inclusive conexões","un",{"v":1,"d":"1.00"},{"$error":"#REF!"},{"$error":"#REF!"},{"$error":"#REF!"}]
[null,"12.30","75030/2","SINAPI","Tubulação para recalque 1 1/4\", inclusive conexões","m",{"v":9,"d":"9.00"},{"$error":"#REF!"},{"$error":"#REF!"},{"$error":"#REF!"}]
[null,"Subtotal ",{"$nulls":10},{"v":0,"d":"0.00"}]
[]
[null,13,null,null,"DRENAGEM DE ÁGUAS PLUVIAIS",{"$nulls":7},{"v":0,"d":"0.00"}]
[{"$nulls":4},"TUBULAÇÕES E CONEXÕES DE PVC"]
[null,"13.1","73816/1","SINAPI","Execução de dreno c/ Tubo de PVC corrugado  Ø75mm","m",{"v":150,"d":"150.00"},{"$error":"#REF!"},{"$error":"#REF!"},{"$error":"#REF!"}]
[null,"13.2","74168/2","SINAPI","Tubo de PVC esgoto série R, ponta e bolsa com anel de borracha, Ø100mm, inclusive conexões","m",{"v":186,"d":"186.00"},{"$error":"#REF!"},{"$error":"#REF!"},{"$error":"#REF!"}]
[null,"13.3","74168/1","SINAPI","Tubo de PVC esgoto, tipo Vinilfort ou equivalente, ponta e bolsa com junta elástica integrada, Ø150mm, inclusive conexões","m",{"v":60,"d":"60.00"},{"$error":"#REF!"},{"$error":"#REF!"},{"$error":"#REF!"}]
[null,"13.4",83652,"SINAPI","Tubo de PVC esgoto, tipo Vinilfort ou equivalente, ponta e bolsa com junta elástica integrada, Ø200mm, inclusive conexões","m",{"v":54,"d":"54.00"},{"$error":"#REF!"},{"$error":"#REF!"},{"$error":"#REF!"}]
[{"$nulls":4},"ACESSÓRIOS"]
[null,"13.5",11708,"SINAPI","Ralo hemisférico (formato abacaxi) de ferro fundido, Ø100mm","un",{"v":14,"d":"14.00"},{"$error":"#REF!"},{"$error":"#REF!"},{"$error":"#REF!"}]
[null,"13.6","74104/1","SINAPI","Caixa de inspeção em alvenaria com fundo em concreto, 60x60cm","un",{"v":4,"d":"4.00"},{"$error":"#REF!"},{"$error":"#REF!"},{"$error":"#REF!"}]
[null,"13.7",6171,"SINAPI","Tampa de concreto 60x60cm para caixa de inspeção","un",{"v":4,"d":"4.00"},{"$error":"#REF!"},{"$error":"#REF!"},{"$error":"#REF!"}]
[null,"13.8","MERCADO",null,"Caixa de ralo em alvenaria com fundo em concreto, 40x40cm","un",{"v":6,"d":"6.00"},{"$error":"#REF!"},{"$error":"#REF!"},{"$error":"#REF!"}]
[null,"13.9",83622,"SINAPI","Grelha de ferro fundido 40x40cm, tipo leve, para caixa de ralo/brita","un",{"v":1,"d":"1.00"},{"$error":"#REF!"},{"$error":"#REF!"},{"$error":"#REF!"}]
[null,"13.10",83626,"SINAPI","Grelha de ferro fundido 150 x 150 mm","un",{"v":5,"d":"5.00"},{"$error":"#REF!"},{"$error":"#REF!"},{"$error":"#REF!"}]
[null,"13.11",72285,"SINAPI","Caixa de areia sem grelha 60x60cm","un",{"v":1,"d":"1.00"},{"$error":"#REF!"},{"$error":"#REF!"},{"$error":"#REF!"}]
[null,"13.12","73963/5","SINAPI","Poço de visita em alvenaria, fundo em concreto, 110x110cm","un",{"v":6,"d":"6.00"},{"$error":"#REF!"},{"$error":"#REF!"},{"$error":"#REF!"}]
[null,"13.13",6171,"SINAPI","Tampa de concreto Ø60cm para poço de visita","un",{"v":6,"d":"6.00"},{"$error":"#REF!"},{"$error":"#REF!"},{"$error":"#REF!"}]
[null,"13.14",84043,"SINAPI","Calha meia cana de piso em concreto","m",127.02,{"$error":"#REF!"},{"$error":"#REF!"},{"$error":"#REF!"}]
[null,"Subtotal ",{"$nulls":10},{"v":0,"d":"0.00"}]
[]
[null,14,null,null,"INSTALAÇÃO SANITÁRIA ",{"$nulls":7},{"v":0,"d":"0.00"}]
[null,"14.1",72685,"SINAPI","Ralo Sifonada 100x100x50mm","un",{"v":3,"d":"3.00"},{"$error":"#REF!"},{"$error":"#REF!"},{"$error":"#REF!"}]
[null,"14.2",72291,"SINAPI","Caixa Sifonada 150x185x75mm ","un",{"v":18,"d":"18.00"},{"$error":"#REF!"},{"$error":"#REF!"},{"$error":"#REF!"}]
[null,"14.3",72684,"SINAPI","Ralo Seco de PVC 100x100mm","un",{"v":9,"d":"9.00"},{"$error":"#REF!"},{"$error":"#REF!"},{"$error":"#REF!"}]
[null,"14.4","C3738","SEINFRA","Terminal de Ventilação Série Normal 50mm","un",{"v":5,"d":"5.00"},{"$error":"#REF!"},{"$error":"#REF!"},{"$error":"#REF!"}]
[null,"14.5","C3738","SEINFRA","Terminal de Ventilação Série Normal 75mm","un",{"v":7,"d":"7.00"},{"$error":"#REF!"},{"$error":"#REF!"},{"$error":"#REF!"}]
[null,"14.6","74165/4","SINAPI","Tubo de PVC Série Normal 100mm, fornec. e instalação, inclusive conexões","m",{"v":228,"d":"228.00"},{"$error":"#REF!"},{"$error":"#REF!"},{"$error":"#REF!"}]
[null,"14.7","74165/1","SINAPI","Tubo de PVC Série Normal 40mm, fornec. e instalação, inclusive conexões","m",{"v":198,"d":"198.00"},{"$error":"#REF!"},{"$error":"#REF!"},{"$error":"#REF!"}]
[null,"14.8","74165/2","SINAPI","Tubo de PVC Série Normal 50mm , fornec. e instalação, inclusive conexões","m",{"v":120,"d":"120.00"},{"$error":"#REF!"},{"$error":"#REF!"},{"$error":"#REF!"}]
[null,"14.9","74165/3","SINAPI","Tubo de PVC Série Normal 75mm , fornec. e instalação, inclusive conexões","m",{"v":66,"d":"66.00"},{"$error":"#REF!"},{"$error":"#REF!"},{"$error":"#REF!"}]
[null,"14.10","74168/1","SINAPI","Tubo de PVC Série Reforçada 150mm, fornec. e instalação, inclusive conexões","m",{"v":48,"d":"48.00"},{"$error":"#REF!"},{"$error":"#REF!"},{"$error":"#REF!"}]
[null,"14.11",72291,"SINAPI","Caixa sifonada de sabão em PVC","un",{"v":2,"d":"2.00"},{"$error":"#REF!"},{"$error":"#REF!"},{"$error":"#REF!"}]
[null,"14.12",72290,"SINAPI","Caixa de inspeção em alvenaria de tijolo medindo 900x900x600mm , com tampão em ferro fundido","un",{"v":10,"d":"10.00"},{"$error":"#REF!"},{"$error":"#REF!"},{"$error":"#REF!"}]
[null,"14.13","74051/1","SINAPI","Caixa de gordura Especial, em alvenaria de tijolo, medindo 1100x1100x1200mm, com tampão em ferro fundido","un",{"v":1,"d":"1.00"},{"$error":"#REF!"},{"$error":"#REF!"},{"$error":"#REF!"}]
[null,"14.14","73963/5","SINAPI","Poço de visita em alvenaria de tijolo profundidade 1,20m  , com tampão em ferro fundido","un",{"v":4,"d":"4.00"},{"$error":"#REF!"},{"$error":"#REF!"},{"$error":"#REF!"}]
[null,"14.15","74198/2","SINAPI","Sumidouro em alvenaria 2,40 x 2,40 m","un",{"v":1,"d":"1.00"},{"$error":"#REF!"},{"$error":"#REF!"},{"$error":"#REF!"}]
[null,"14.16","74197/1","SINAPI","Fossa séptica 2,30 x 2,30 m","un",{"v":1,"d":"1.00"},{"$error":"#REF!"},{"$error":"#REF!"},{"$error":"#REF!"}]
[null,"Subtotal",{"$nulls":10},{"v":0,"d":"0.00"}]
[]
[null,15,null,null,"LOUÇAS E METAIS ",{"$nulls":7},{"v":0,"d":"0.00"}]
[null,"15.1","C4635","SEINFRA","Bacia Sanitária Vogue Plus, Linha Conforto com abertura, cor Branco Gelo, código: P.51,  DECA, ou equivalente p/ de descarga, com acessórios, bolsa de borracha para ligacao, tubo pvc ligacao - fornecimento e instalacao","un",{"v":2,"d":"2.00"},{"$error":"#REF!"},{"$error":"#REF!"},{"$error":"#REF!"}]
[null,"15.2",86888,"SINAPI","Bacia Sanitária Convencional com Caixa Acoplada, código Izy P.111, DECA, ou equivalente com acessórios- fornecimento e instalação","un",{"v":7,"d":"7.00"},{"$error":"#REF!"},{"$error":"#REF!"},{"$error":"#REF!"}]
[null,"15.3",72739,"SINAPI","Bacia Convencional Studio Kids, código PI.16, para valvula de descarga, em louca branca,  assento plastico, anel de vedação, tubo pvc ligacao - fornecimento e instalacao, Deca ou equivalente","un",{"v":12,"d":"12.00"},{"$error":"#REF!"},{"$error":"#REF!"},{"$error":"#REF!"}]
[null,"15.4","C4642","SEINFRA","Assento Poliéster com abertura frontal Vogue Plus, Linha Conforto, cor Branco Gelo,c código AP.52, DECA, ou equivalente","un",{"v":2,"d":"2.00"},{"$error":"#REF!"},{"$error":"#REF!"},{"$error":"#REF!"}]
[null,"15.5",377,"SINAPI","Assento plástico Izy, Código AP.01, DECA","un",{"v":7,"d":"7.00"},{"$error":"#REF!"},{"$error":"#REF!"},{"$error":"#REF!"}]
[null,"15.6",11703,"SINAPI","Papeleira Metálica Linha Izy, código 2020.C37, DECA ou equivalente","un",{"v":21,"d":"21.00"},{"$error":"#REF!"},{"$error":"#REF!"},{"$error":"#REF!"}]
[null,"15.7",1370,"SINAPI","Ducha Higiênica com registro e derivação Izy, código 1984.C37. ACT.CR, DECA, ou equivalente","un.",{"v":4,"d":"4.00"},{"$error":"#REF!"},{"$error":"#REF!"},{"$error":"#REF!"}]
[null,"15.8",86943,"SINAPI","Lavatório Pequeno Ravena/Izy cor Branco Gelo, código: L.915, DECA, ou equivalente, sem coluna,(válvula, sifao e engate flexível cromados), exceto Torneira","un",{"v":8,"d":"8.00"},{"$error":"#REF!"},{"$error":"#REF!"},{"$error":"#REF!"}]
[null,"15.9",86901,"SINAPI","Cuba de Embutir Oval cor Branco Gelo, código L.37, DECA, ou equivalente, em bancada  ecomplementos (válvula, sifao e engate flexível cromados), exceto torneira.","un",{"v":21,"d":"21.00"},{"$error":"#REF!"},{"$error":"#REF!"},{"$error":"#REF!"}]
[null,"15.10",86906,"SINAPI","Torneira para lavatório de mesa bica baixa Izy, código 1193.C37, Deca ou equivalente","un",{"v":29,"d":"29.00"},{"$error":"#REF!"},{"$error":"#REF!"},{"$error":"#REF!"}]
[null,"15.11","MERCADO",null,"Saboneteira Linha Excellence, código 7009, Melhoramentos ou equivalente","un",{"v":30,"d":"30.00"},{"$error":"#REF!"},{"$error":"#REF!"},{"$error":"#REF!"}]
[null,"15.12","MERCADO",null,"Dispenser Toalha Linha Excellence, código 7007, Melhoramentos ou equivalente.","un",{"v":27,"d":"27.00"},{"$error":"#REF!"},{"$error":"#REF!"},{"$error":"#REF!"}]
[null,"15.13","MERCADO",null,"Barra de apoio, Linha conforto, código 2305.C, cor cromado, DECA ou equivalente","un",{"v":8,"d":"8.00"},{"$error":"#REF!"},{"$error":"#REF!"},{"$error":"#REF!"}]
[null,"15.14","MERCADO",null,"Barra de apoio para lavatório \" u \", Linha conforto, aço polido, DECA, ou equivalente","un",{"v":2,"d":"2.00"},{"$error":"#REF!"},{"$error":"#REF!"},{"$error":"#REF!"}]
[null,"15.15","MERCADO",null,"Barra de apoio para proteção janelas","m",26.35,{"$error":"#REF!"},{"$error":"#REF!"},{"$error":"#REF!"}]
[null,"15.16","MERCADO",null,"Banheira Embutir em plástico tipo PVC, 77x45x20cm, Burigotto ou equivalente","un",{"v":4,"d":"4.00"},{"$error":"#REF!"},{"$error":"#REF!"},{"$error":"#REF!"}]
[null,"15.17","MERCADO",null,"Torneira elétrica Maxi Torneira, LORENZETTI com Mangueira plástica para torneira elétrica, cógigo 8010-A, LORENZETTI, ou equivalente ","un",{"v":4,"d":"4.00"},{"$error":"#REF!"},{"$error":"#REF!"},{"$error":"#REF!"}]
[null,"15.18",9535,"SINAPI","Chuveiro Maxi Ducha, LORENZETTI, com Mangueira plástica/desviador para duchas elétricas, cógigo 8010-A, LORENZETTI,  ou equivalente ","un",{"v":14,"d":"14.00"},{"$error":"#REF!"},{"$error":"#REF!"},{"$error":"#REF!"}]
[null,"15.19","74176/1","SINAPI","Torneira Acabamento para registro pequeno Linha Izy, código: 4900.C37.PQ, DECA ou equivalente (para chuveiros), Deca ou equivalente","un",{"v":14,"d":"14.00"},{"$error":"#REF!"},{"$error":"#REF!"},{"$error":"#REF!"}]
[null,"15.20",86920,"SINAPI","Tanque Grande (40 L) cor Branco Gelo, código TQ.03, DECA, ou equivalente","un",{"v":2,"d":"2.00"},{"$error":"#REF!"},{"$error":"#REF!"},{"$error":"#REF!"}]
[null,"15.21",86914,"SINAPI","Torneira de parede de uso geral com arejador Izy, código 1155.C37, DECA, ou equivalente para jardim ou tanque, padrao alto","un",{"v":3,"d":"3.00"},{"$error":"#REF!"},{"$error":"#REF!"},{"$error":"#REF!"}]
[null,"15.22",86914,"SINAPI","Torneira de parede de uso geral com bico para mangueira Izy, código 1153.C37, DECA, ou equivalente","un",{"v":10,"d":"10.00"},{"$error":"#REF!"},{"$error":"#REF!"},{"$error":"#REF!"}]
[null,"15.23","MERCADO",null,"Cuba industrial 50x40 profundidade 30 – HIDRONOX, ou equivalente, com sifão em metal cromado 1.1/2x1.1/2\", válvula em metal cromado tipo americana 3.1/2\"x1.1/2\" para pia - fornecimento e instalação","un",{"v":2,"d":"2.00"},{"$error":"#REF!"},{"$error":"#REF!"},{"$error":"#REF!"}]
[null,"15.24",86936,"SINAPI","Cuba Inox Embutir 40x34x17cm, cuba 3, básica aço inoxidável, com válvula, FRANKE, ou equivalente, com sifão em metal cromado 1.1/2x1.1/2\", válvula em metal cromado tipo americana 3.1/2\"x1.1/2\" para pia - fornecimento e instalação","un.",{"v":13,"d":"13.00"},{"$error":"#REF!"},{"$error":"#REF!"},{"$error":"#REF!"}]
[null,"15.25",86909,"SINAPI","Torneira para cozinha de mesa bica móvel Izy, código 1167.C37, DECA, ou equivalente","un",{"v":13,"d":"13.00"},{"$error":"#REF!"},{"$error":"#REF!"},{"$error":"#REF!"}]
[null,"15.26","MERCADO",null,"Torneira elétrica LorenEasy, LORENZETTI ou equivalente","un",{"v":1,"d":"1.00"},{"$error":"#REF!"},{"$error":"#REF!"},{"$error":"#REF!"}]
[null,"Subtotal ",{"$nulls":10},{"v":0,"d":"0.00"}]
[]
[null,16,null,null,"INSTALAÇÃO DE GÁS COMBUSTÍVEL",{"$nulls":7},{"v":0,"d":"0.00"}]
[null,"16.1","MERCADO",null,"Central de GLP Botijões P45","un",{"v":2,"d":"2.00"},{"$error":"#REF!"},{"$error":"#REF!"},{"$error":"#REF!"}]
[null,"16.2","73976/3","SINAPI","Tubo de Ferro Galvanizado Ø 3/4\", inclusive conexões","m",{"v":18,"d":"18.00"},{"$error":"#REF!"},{"$error":"#REF!"},{"$error":"#REF!"}]
[null,"16.3","MERCADO",null,"Fita anticorrosiva","m",{"v":18,"d":"18.00"},{"$error":"#REF!"},{"$error":"#REF!"},{"$error":"#REF!"}]
[null,"16.4","MERCADO",null,"Válvula esfera Ø 3/4\" NPT 300","un",{"v":4,"d":"4.00"},{"$error":"#REF!"},{"$error":"#REF!"},{"$error":"#REF!"}]
[null,"16.5","MERCADO",null,"Registro 1º Estágio c/ manômetro","un",{"v":1,"d":"1.00"},{"$error":"#REF!"},{"$error":"#REF!"},{"$error":"#REF!"}]
[null,"16.6","MERCADO",null,"Registro 2º Estágio c/ manômetro","un",{"v":2,"d":"2.00"},{"$error":"#REF!"},{"$error":"#REF!"},{"$error":"#REF!"}]
[null,"16.7","MERCADO",null,"Registro do Regulador","un",{"v":2,"d":"2.00"},{"$error":"#REF!"},{"$error":"#REF!"},{"$error":"#REF!"}]
[null,"16.8","MERCADO",null,"Manômetro NPT 1/4, 0 a 300 Psi","un",{"v":1,"d":"1.00"},{"$error":"#REF!"},{"$error":"#REF!"},{"$error":"#REF!"}]
[null,"Subtotal ",{"$nulls":10},{"v":0,"d":"0.00"}]
[]
[null,17,null,null,"SISTEMA DE PROTEÇÃO CONTRA INCÊNDIO",{"$nulls":7},{"v":0,"d":"0.00"}]
[null,"17.1",72553,"SINAPI","Extintor PQS - 6KG","un",{"v":8,"d":"8.00"},{"$error":"#REF!"},{"$error":"#REF!"},{"$error":"#REF!"}]
[null,"17.2",72554,"SINAPI","Extintor Gás Carbonico - 6KG","un",{"v":2,"d":"2.00"},{"$error":"#REF!"},{"$error":"#REF!"},{"$error":"#REF!"}]
[null,"17.3","C4394","SEINFRA","Luminária de emergência de 31 Leds autonomia minima de 1 hora","un",{"v":24,"d":"24.00"},{"$error":"#REF!"},{"$error":"#REF!"},{"$error":"#REF!"}]
[null,"17.4",72947,"SINAPI","Marcação no Piso - 1 x 1m para hidrante","un",{"v":7,"d":"7.00"},{"$error":"#REF!"},{"$error":"#REF!"},{"$error":"#REF!"}]
[null,"17.5","73976/8","SINAPI","Tubo de Aço Galvanizado com DN65 (2.1/2\")","m",{"v":108,"d":"108.00"},{"$error":"#REF!"},{"$error":"#REF!"},{"$error":"#REF!"}]
[null,"17.6",72715,"SINAPI","Tê de 2.1/2\" em Aço Galvanizado","un",{"v":5,"d":"5.00"},{"$error":"#REF!"},{"$error":"#REF!"},{"$error":"#REF!"}]
[null,"17.7",72658,"SINAPI","Tê de redução 2.1/2 x 2.1/2X1\" Aço Galvanizado","un",{"v":1,"d":"1.00"},{"$error":"#REF!"},{"$error":"#REF!"},{"$error":"#REF!"}]
[null,"17.8",72302,"SINAPI","Cotovelo de 2.1/2\" em Aço Galvanizado","un",{"v":1,"d":"1.00"},{"$error":"#REF!"},{"$error":"#REF!"},{"$error":"#REF!"}]
[null,"17.9",72304,"SINAPI","Curva fêmea de 90° em Aço Galvanizado","un",{"v":15,"d":"15.00"},{"$error":"#REF!"},{"$error":"#REF!"},{"$error":"#REF!"}]
[null,"17.10",72615,"SINAPI","Luva de 2.1/2\" em Aço Galvanizado","un",{"v":11,"d":"11.00"},{"$error":"#REF!"},{"$error":"#REF!"},{"$error":"#REF!"}]
[null,"17.11",72658,"SINAPI","Bucha de redução 2.1/2X1.1/2\" em Aço Galvanizado","un",{"v":1,"d":"1.00"},{"$error":"#REF!"},{"$error":"#REF!"},{"$error":"#REF!"}]
[null,"17.12",72660,"SINAPI","Bucha de redução 2.1/2X1\" em Aço Galvanizado","un",{"v":4,"d":"4.00"},{"$error":"#REF!"},{"$error":"#REF!"},{"$error":"#REF!"}]
[null,"17.13",72656,"SINAPI","Bucha de redução 1X1/2\" em Aço Galvanizado","un",{"v":1,"d":"1.00"},{"$error":"#REF!"},{"$error":"#REF!"},{"$error":"#REF!"}]
[null,"17.14",72677,"SINAPI","Niple duplo de 2.1/2\" em Aço Galvanizado","un",{"v":12,"d":"12.00"},{"$error":"#REF!"},{"$error":"#REF!"},{"$error":"#REF!"}]
[null,"17.15",72673,"SINAPI","Niple duplo de 1.1/2\" em Aço Galvanizado","un",{"v":1,"d":"1.00"},{"$error":"#REF!"},{"$error":"#REF!"},{"$error":"#REF!"}]
[null,"17.16",72675,"SINAPI","Niple duplo de 1\" em Aço Galvanizado","un",{"v":1,"d":"1.00"},{"$error":"#REF!"},{"$error":"#REF!"},{"$error":"#REF!"}]
[null,"17.17",72665,"SINAPI","Luva de redução de 3X2.1/2\" em Aço Galvanizado","un",{"v":1,"d":"1.00"},{"$error":"#REF!"},{"$error":"#REF!"},{"$error":"#REF!"}]
[null,"17.18","MERCADO",null,"Tampão de engate rápido tipo de 2.1/2\" com vedação em neoprene em Latão.","un",{"v":1,"d":"1.00"},{"$error":"#REF!"},{"$error":"#REF!"},{"$error":"#REF!"}]
[null,"17.19","73796/5","SINAPI","Válvula de gaveta de 2.1/2\"","un",{"v":3,"d":"3.00"},{"$error":"#REF!"},{"$error":"#REF!"},{"$error":"#REF!"}]
[null,"17.20","73795/13","SINAPI","Válvula de retenção horizontal de 2.1/2\"","un",{"v":2,"d":"2.00"},{"$error":"#REF!"},{"$error":"#REF!"},{"$error":"#REF!"}]
[null,"17.21","74169/1","SINAPI","Válvula globo de 45° com 2.1/2\"","un",{"v":1,"d":"1.00"},{"$error":"#REF!"},{"$error":"#REF!"},{"$error":"#REF!"}]
[null,"17.22","73870/6","SINAPI","Válvula de esfera passagem plena de 2.1/2\"","un",{"v":3,"d":"3.00"},{"$error":"#REF!"},{"$error":"#REF!"},{"$error":"#REF!"}]
[null,"17.23",85120,"SINAPI","Manômetro NPT 1/2\", 0-300psi","un",{"v":1,"d":"1.00"},{"$error":"#REF!"},{"$error":"#REF!"},{"$error":"#REF!"}]
[null,"17.24",83492,"SINAPI","Chave Fluxo de palheta 2.1/2\"","un",{"v":1,"d":"1.00"},{"$error":"#REF!"},{"$error":"#REF!"},{"$error":"#REF!"}]
[null,"17.25","MERCADO",null,"Alarme de incêndio","un",{"v":4,"d":"4.00"},{"$error":"#REF!"},{"$error":"#REF!"},{"$error":"#REF!"}]
[null,"17.26","MERCADO",null,"Acionador manual tipo \"quebre o vidro\" com sirene","un",{"v":3,"d":"3.00"},{"$error":"#REF!"},{"$error":"#REF!"},{"$error":"#REF!"}]
[null,"17.27","MERCADO",null,"Caixa de comando para bomba de incêndio","un",{"v":1,"d":"1.00"},{"$error":"#REF!"},{"$error":"#REF!"},{"$error":"#REF!"}]
[null,"17.28","MERCADO",null,"Central de alarme de incêndio tensão de alimentação 220V com bateria celada 12V 7Ah, de sobrepor, grau de proteção IP20, para 10 setores.","un",{"v":1,"d":"1.00"},{"$error":"#REF!"},{"$error":"#REF!"},{"$error":"#REF!"}]
[null,"17.29","MERCADO",null,"Placas de sinalização para mangotinhos \"hidrantes\"","un",{"v":3,"d":"3.00"},{"$error":"#REF!"},{"$error":"#REF!"},{"$error":"#REF!"}]
[null,"17.30","MERCADO",null,"Caixa 50X50X50 com tampa em concreto armado","un",{"v":1,"d":"1.00"},{"$error":"#REF!"},{"$error":"#REF!"},{"$error":"#REF!"}]
[null,"17.31","MERCADO",null,"Caixa para hidrante de passeio com tampa em Ferro Fundido com a escrita \"INCÊNDIO\" estampada","un",{"v":1,"d":"1.00"},{"$error":"#REF!"},{"$error":"#REF!"},{"$error":"#REF!"}]
[null,"17.32","MERCADO",null,"Motobomba THEBE - REF. TH16NR - potência de 1,5CV, Hman= 17m.c.a, Qrec.= 13,3 m³/h, sucção: 1.1/2\", recalque: 1\", monoestágio, trifásico, 60Hz, ou similar.","un",{"v":1,"d":"1.00"},{"$error":"#REF!"},{"$error":"#REF!"},{"$error":"#REF!"}]
[null,"17.33","MERCADO",null,"Suporte para abrigo do mangotinho confeccionado com tubo de ferro galvanizado DN100(4\") com duas chapas de aço 20X20cm e espessura de 4,76mm (3/16\") soldadas nas pontas contendo quatro furos para parafusos M8. h= 80cm.","un",{"v":2,"d":"2.00"},{"$error":"#REF!"},{"$error":"#REF!"},{"$error":"#REF!"}]
[null,"17.34","MERCADO",null,"Abrigo com carretel para mangotinho confeccionado em chapa de aço de 0,9mm, medindo (C:90Xh:80XP:30cm) com porta trinco, visor de vidro e veneziana de ventilação. O carretel terá uma mangueira semi-rígida com 25mm de diâmetro com 30m de comprimento tendo em uma das pontas um esguicho de jato regulável DN25  (1\") com vazão de 260l/min e na outra um conector em metal de 1\".","un",{"v":2,"d":"2.00"},{"$error":"#REF!"},{"$error":"#REF!"},{"$error":"#REF!"}]
[null,"17.35",83417,"SINAPI","Condutor de cobre #2.5mm², isol. 750/1KV, classe 2, cor da isolação: vermelha","m",{"v":170,"d":"170.00"},{"$error":"#REF!"},{"$error":"#REF!"},{"$error":"#REF!"}]
[null,"17.36",83417,"SINAPI","Condutor de cobre #2.5mm², isol. 750/1KV, classe 2, cor da isolação: amarela","m",{"v":100,"d":"100.00"},{"$error":"#REF!"},{"$error":"#REF!"},{"$error":"#REF!"}]
[null,"17.37",83417,"SINAPI","Condutor de cobre #2,5mm², isol. 750/1KV, classe 2, cor da isolação: branca","m",{"v":100,"d":"100.00"},{"$error":"#REF!"},{"$error":"#REF!"},{"$error":"#REF!"}]
[null,"17.38",83417,"SINAPI","Condutor de cobre #2,5mm², isol. 0.6KV, classe 2, cor da isolação: azul-claro","m",{"v":170,"d":"170.00"},{"$error":"#REF!"},{"$error":"#REF!"},{"$error":"#REF!"}]
[null,"17.39",83417,"SINAPI","Condutor de cobre #2,5mm², isol. 0.6KV, classe 2, cor da isolação: verde","m",{"v":170,"d":"170.00"},{"$error":"#REF!"},{"$error":"#REF!"},{"$error":"#REF!"}]
[null,"17.40","73860/7","SINAPI","Condutor de cobre #0,75mm², isol. 0.6KV, classe 2, cor da isolação: vermelha","m",{"v":130,"d":"130.00"},{"$error":"#REF!"},{"$error":"#REF!"},{"$error":"#REF!"}]
[null,"17.41","73860/7","SINAPI","Condutor de cobre #0,75mm², isol. 0.6KV, classe 2, cor da isolação: amarela","m",{"v":130,"d":"130.00"},{"$error":"#REF!"},{"$error":"#REF!"},{"$error":"#REF!"}]
[null,"17.42","73860/7","SINAPI","Condutor de cobre #0,75mm², isol. 0.6KV, classe 2, cor da isolação: azul-claro","m",{"v":130,"d":"130.00"},{"$error":"#REF!"},{"$error":"#REF!"},{"$error":"#REF!"}]
[null,"17.43","73860/7","SINAPI","Condutor de cobre #0,75mm², isol. 0.6KV, classe 2, cor da isolação: verde","m",{"v":130,"d":"130.00"},{"$error":"#REF!"},{"$error":"#REF!"},{"$error":"#REF!"}]
[null,"17.44",83418,"SINAPI","Condutor de cobre #4mm², isol. 750/1KV, classe 2, cor da isolação: amarela","m",{"v":90,"d":"90.00"},{"$error":"#REF!"},{"$error":"#REF!"},{"$error":"#REF!"}]
[null,"17.45",83418,"SINAPI","Condutor de cobre #4mm², isol. 750/1KV, classe 2, cor da isolação: vermelha","m",{"v":90,"d":"90.00"},{"$error":"#REF!"},{"$error":"#REF!"},{"$error":"#REF!"}]
[null,"17.46",83418,"SINAPI","Condutor de cobre #4mm², isol. 750/1KV, classe 2, cor da isolação: branca","m",{"v":90,"d":"90.00"},{"$error":"#REF!"},{"$error":"#REF!"},{"$error":"#REF!"}]
[null,"17.47",83418,"SINAPI","Condutor de cobre #4mm², isol. 750/1KV, classe 2, cor da isolação: azul-claro","m",{"v":90,"d":"90.00"},{"$error":"#REF!"},{"$error":"#REF!"},{"$error":"#REF!"}]
[null,"17.48",83418,"SINAPI","Condutor de cobre #4mm², isol. 750/1KV, classe 2, cor da isolação: verde","m",{"v":90,"d":"90.00"},{"$error":"#REF!"},{"$error":"#REF!"},{"$error":"#REF!"}]
[null,"17.49","74130/4","SINAPI","Disjuntor trifásico de 10A","un",{"v":1,"d":"1.00"},{"$error":"#REF!"},{"$error":"#REF!"},{"$error":"#REF!"}]
[null,"17.50",68066,"SINAPI","Caixa para disjuntor trifásico e medidor com visor de vidro (32X25X17)cm","un",{"v":1,"d":"1.00"},{"$error":"#REF!"},{"$error":"#REF!"},{"$error":"#REF!"}]
[null,"17.51","73976/3","SINAPI","Tubo de Aço Galvanizado com DN25 (3/4\")","m",{"v":6,"d":"6.00"},{"$error":"#REF!"},{"$error":"#REF!"},{"$error":"#REF!"}]
[null,"17.52",72618,"SINAPI","Luva de 3/4\" em Aço Galvanizado","m",{"v":4,"d":"4.00"},{"$error":"#REF!"},{"$error":"#REF!"},{"$error":"#REF!"}]
[null,"17.53",72657,"SINAPI","Bucha e contra-bucha  de 3/4\"","un",{"v":4,"d":"4.00"},{"$error":"#REF!"},{"$error":"#REF!"},{"$error":"#REF!"}]
[null,"17.54","MERCADO",null,"Presilhas para tubo de Aço Galvanizado de 3/4\"","un",{"v":8,"d":"8.00"},{"$error":"#REF!"},{"$error":"#REF!"},{"$error":"#REF!"}]
[null,"17.55","MERCADO",null,"Placa de sinalização em pvc cod 12 - (316x158) Saída de emergência","un",{"v":4,"d":"4.00"},{"$error":"#REF!"},{"$error":"#REF!"},{"$error":"#REF!"}]
[null,"17.56","MERCADO",null,"Placa de sinalização em pvc cod 13 - (316x158) Saída de emergência","un",{"v":8,"d":"8.00"},{"$error":"#REF!"},{"$error":"#REF!"},{"$error":"#REF!"}]
[null,"17.57","MERCADO",null,"Placa de sinalização em pvc cod 17 - (316x158) Mensagem \"Saída\"","un",{"v":2,"d":"2.00"},{"$error":"#REF!"},{"$error":"#REF!"},{"$error":"#REF!"}]
[null,"17.58","MERCADO",null,"Placa de sinalização em pvc cod 263 - (300x300) Extintor de Incêndio","un",{"v":10,"d":"10.00"},{"$error":"#REF!"},{"$error":"#REF!"},{"$error":"#REF!"}]
[null,"Subtotal ",{"$nulls":10},{"v":0,"d":"0.00"}]
[]
[null,18,null,null,"INSTALAÇÕES ELÉTRICAS - 127V",{"$nulls":7},{"v":0,"d":"0.00"}]
[{"$nulls":4},"CENTRO DE DISTRIBUIÇÃO"]
[null,"18.1","74130/10","SINAPI","Quadro de Distribuição Geral de Baixa Tensão, de embutir, completo (para 08 disjuntores tripolares, com barramento para as fases, neutro e para proteção, disjuntor Geral trifásico de 200A e Dispositivo de Proteção contra Surtos, metálico, pintura eletrostática epóxi cor bege, c/ porta, trinco e acessórios) (QGD - conforme projeto)","un",{"v":1,"d":"1.00"},{"$error":"#REF!"},{"$error":"#REF!"},{"$error":"#REF!"}]
[null,"18.2","74131/4","SINAPI","Quadro de Distribuição de embutir, completo, (para 09 disjuntores monopolares, com barramento para as fases, neutro e para proteção, disjuntor geral trifásico de 32A, metálico, pintura eletrostática epóxi cor bege, c/ porta, trinco e acessórios) (QD-1 - conforme projeto)","un",{"v":1,"d":"1.00"},{"$error":"#REF!"},{"$error":"#REF!"},{"$error":"#REF!"}]
[null,"18.3","74131/4","SINAPI","Quadro de Distribuição de embutir, completo (para 12 circuitos , 11 disjuntores monopolares, com barramento para as fases, neutro e para proteção, disjuntor geral trifásico de 50A, pintura eletrostática epóxi cor bege,c/ porta, trinco e acessórios) (QD-2 - conforme projeto)","un",{"v":1,"d":"1.00"},{"$error":"#REF!"},{"$error":"#REF!"},{"$error":"#REF!"}]
[null,"18.4","74131/4","SINAPI","Quadro de Distribuição de embutir, completo (para 09 circuitos, 05 disjuntores monopolares e 06 disjuntores bipolares), com barramento para as fases, neutro e para proteção, disjuntor geral trifásico de 32A, metálico, pintura eletrostática epóxi cor bege, c/ porta e trinco e acessórios) (QD-3 - conforme projeto)","un",{"v":1,"d":"1.00"},{"$error":"#REF!"},{"$error":"#REF!"},{"$error":"#REF!"}]
[null,"18.5","74131/4","SINAPI","Quadro de Distribuição de embutir,  completo (para 06 circuitos, 4 disjuntores monopolares, com barramento para as fases, neutro e para proteção, disjuntor geral trifásico de 32A, metálico, pintura eletrostática epóxi cor bege, c/ porta e trinco e acessórios) (QD-4 - conforme projeto)","un",{"v":1,"d":"1.00"},{"$error":"#REF!"},{"$error":"#REF!"},{"$error":"#REF!"}]
[null,"18.6","74131/4","SINAPI","Quadro de Distribuição de embutir,  completo (para 16 circuitos , 14 disjuntores monopolares), com barramento para as fases, neutro e para proteção, disjuntor geral trifásico de 50A, metálico, pintura eletrostática epóxi cor bege, c/ porta e trinco e acessórios (QD-5 - conforme projeto)","un",{"v":1,"d":"1.00"},{"$error":"#REF!"},{"$error":"#REF!"},{"$error":"#REF!"}]
[null,"18.7","74131/4","SINAPI","Quadro de Distribuição de embutir,  completo, com 12 circuitos (8 disjuntores monopolares), com barramento para as fases, neutro e para proteção, disjuntor geral trifásico de 32A, metálico, pintura eletrostática epóxi cor bege, c/ porta e trinco e acessórios (QD-6 - conforme projeto)","un",{"v":1,"d":"1.00"},{"$error":"#REF!"},{"$error":"#REF!"},{"$error":"#REF!"}]
[null,"18.8","74131/5","SINAPI","Quadro de Distribuição de embutir,  completo, com 20 circuitos (18 disjuntores monopolares e um trifásico), com barramento para as fases, neutro e para proteção, disjuntor geral trifásico de 50A, metálico, pintura eletrostática epóxi cor bege, c/ porta e trinco e acessórios (QD-7 - conforme projeto)","un",{"v":1,"d":"1.00"},{"$error":"#REF!"},{"$error":"#REF!"},{"$error":"#REF!"}]
[null,"18.9","MERCADO",null,"Quadro de comando de Motor, de embutir, completo, p/ 2 motores de 3/4 cv (1 de reserva) , para controle automático de nível de reservatório superior e inferior, com contatores, bases fusíveis completas com fusível, relé térmico de sobrecarga, relé de falta de fase, chaves e lâmpadas,  com porta e trinco e acessórios (QCM - conforme projeto)","un",{"v":1,"d":"1.00"},{"$error":"#REF!"},{"$error":"#REF!"},{"$error":"#REF!"}]
[null,"18.10",83372,"SINAPI","Quadro de medição - fornecimento e instalação","un",{"v":2,"d":"2.00"},{"$error":"#REF!"},{"$error":"#REF!"},{"$error":"#REF!"}]
[{"$nulls":4},"DISJUNTORES"]
[null,"18.11","74130/1","SINAPI","Disjuntos monoporlar termomagnético 10A","un",{"v":14,"d":"14.00"},{"$error":"#REF!"},{"$error":"#REF!"},{"$error":"#REF!"}]
[null,"18.12","74130/1","SINAPI","Disjuntos monoporlar termomagnético 20A","un",{"v":21,"d":"21.00"},{"$error":"#REF!"},{"$error":"#REF!"},{"$error":"#REF!"}]
[null,"18.13","74130/3","SINAPI","Disjuntos bipolar termomagnético 25A","un",{"v":14,"d":"14.00"},{"$error":"#REF!"},{"$error":"#REF!"},{"$error":"#REF!"}]
[null,"18.14","74130/3","SINAPI","Disjuntos bipolar termomagnético 20A","un",{"v":2,"d":"2.00"},{"$error":"#REF!"},{"$error":"#REF!"},{"$error":"#REF!"}]
[null,"18.15","74130/3","SINAPI","Disjuntos bipolar termomagnético 32A","un",{"v":1,"d":"1.00"},{"$error":"#REF!"},{"$error":"#REF!"},{"$error":"#REF!"}]
[null,"18.16","74130/3","SINAPI","Disjuntos bipolar termomagnético 40A","un",{"v":20,"d":"20.00"},{"$error":"#REF!"},{"$error":"#REF!"},{"$error":"#REF!"}]
[null,"18.17","74130/4","SINAPI","Disjuntos tripolar termomagnético 32A","un",{"v":3,"d":"3.00"},{"$error":"#REF!"},{"$error":"#REF!"},{"$error":"#REF!"}]
[null,"18.18","74130/5","SINAPI","Disjuntos tripolar termomagnético 50A","un",{"v":1,"d":"1.00"},{"$error":"#REF!"},{"$error":"#REF!"},{"$error":"#REF!"}]
[null,"18.19","74130/5",null,"Disjuntos tripolar termomagnético 70A","un",{"v":1,"d":"1.00"},{"$error":"#REF!"},{"$error":"#REF!"},{"$error":"#REF!"}]
[null,"18.20","74130/5","SINAPI","Disjuntos tripolar termomagnético 100A","un",{"v":3,"d":"3.00"},{"$error":"#REF!"},{"$error":"#REF!"},{"$error":"#REF!"}]
[null,"18.21","74130/6",null,"Disjuntos tripolar termomagnético 200A","un",{"v":1,"d":"1.00"},{"$error":"#REF!"},{"$error":"#REF!"},{"$error":"#REF!"}]
[null,"18.22","MERCADO",null,"Dispositivo Diferencial Residual","un",{"v":33,"d":"33.00"},{"$error":"#REF!"},{"$error":"#REF!"},{"$error":"#REF!"}]
[null,"18.23","MERCADO",null,"Dispositivo de proteção contra surto","un",{"v":1,"d":"1.00"},{"$error":"#REF!"},{"$error":"#REF!"},{"$error":"#REF!"}]
[{"$nulls":4},"ELETRODUTOS E ACESSÓRIOS"]
[null,"18.24",72935,"SINAPI","Eletroduto PVC flexível corrugado reforçado, Ø25mm (DN 3/4\"), inclusive curvas","m",{"v":516,"d":"516.00"},{"$error":"#REF!"},{"$error":"#REF!"},{"$error":"#REF!"}]
[null,"18.25",72936,"SINAPI","Eletroduto PVC flexível corrugado reforçado, Ø32mm (DN 1\"), inclusive curvas","m",{"v":1056,"d":"1,056.00"},{"$error":"#REF!"},{"$error":"#REF!"},{"$error":"#REF!"}]
[null,"18.26",72936,"SINAPI","Eletroduto PVC flexível corrugado reforçado, Ø40mm (DN 1 1/4\"), inclusive curvas","m",{"v":84,"d":"84.00"},{"$error":"#REF!"},{"$error":"#REF!"},{"$error":"#REF!"}]
[null,"18.27",55865,"SINAPI","Eletroduto PVC flexível corrugado reforçado, Ø50mm (DN 1 1/2\"), inclusive curvas","m",{"v":54,"d":"54.00"},{"$error":"#REF!"},{"$error":"#REF!"},{"$error":"#REF!"}]
[null,"18.28",55866,"SINAPI","Eletroduto PVC flexível corrugado reforçado, Ø60mm (DN 2\"), inclusive curvas","m",{"v":12,"d":"12.00"},{"$error":"#REF!"},{"$error":"#REF!"},{"$error":"#REF!"}]
[null,"18.29",55867,"SINAPI","Eletroduto PVC flexível corrugado reforçado, Ø75mm (DN 2 1/2\"), inclusive curvas",null,{"v":30,"d":"30.00"},{"$error":"#REF!"},{"$error":"#REF!"},{"$error":"#REF!"}]
[null,"18.30",72311,"SINAPI","Eletroduto Ferro Galvanizado, (DN 2\"), inclusive curvas","m",{"v":6,"d":"6.00"},{"$error":"#REF!"},{"$error":"#REF!"},{"$error":"#REF!"}]
[null,"18.31","MERCADO",null,"Caixa em Alvenaria tipo - CB-1","un",{"v":1,"d":"1.00"},{"$error":"#REF!"},{"$error":"#REF!"},{"$error":"#REF!"}]
[null,"18.32","MERCADO",null,"Caixa em alvenaria tipo R-0","un",{"v":1,"d":"1.00"},{"$error":"#REF!"},{"$error":"#REF!"},{"$error":"#REF!"}]
[null,"18.33",83446,"SINAPI","Caixa de passagem 30x30cm em alvenaria com tampa de ferro fundido tipo leve","un",{"v":5,"d":"5.00"},{"$error":"#REF!"},{"$error":"#REF!"},{"$error":"#REF!"}]
[{"$nulls":4},"CABOS E FIOS (CONDUTORES)"]
[{"$nulls":4},"Condutor de cobre unipolar, isolação em PVC/70ºC, camada de proteção em PVC, não propagador de chamas, classe de tensão 750V, encordoamento classe 5, flexível, com as seguintes seções nominais:"]
[null,"18.34","73860/8","SINAPI","#2,5 mm²","m",{"v":4800,"d":"4,800.00"},{"$error":"#REF!"},{"$error":"#REF!"},{"$error":"#REF!"}]
[null,"18.35","73860/9","SINAPI","#4 mm²","m",{"v":600,"d":"600.00"},{"$error":"#REF!"},{"$error":"#REF!"},{"$error":"#REF!"}]
[null,"18.36","73860/10","SINAPI","#6 mm²","m",{"v":16,"d":"16.00"},{"$error":"#REF!"},{"$error":"#REF!"},{"$error":"#REF!"}]
[null,"18.37","73860/11","SINAPI","#10 mm²","m",{"v":500,"d":"500.00"},{"$error":"#REF!"},{"$error":"#REF!"},{"$error":"#REF!"}]
[null,"18.38","73860/13","SINAPI","#25 mm²","m",{"v":180,"d":"180.00"},{"$error":"#REF!"},{"$error":"#REF!"},{"$error":"#REF!"}]
[null,"18.39","73860/22","SINAPI","#35 mm²","m",{"v":120,"d":"120.00"},{"$error":"#REF!"},{"$error":"#REF!"},{"$error":"#REF!"}]
[{"$nulls":4},"ILUMINAÇÃO E TOMADAS"]
[null,"18.40",72339,"SINAPI","Tomada universal, circular, 2P+T, 15A/250v, cor preta, completa","un",{"v":173,"d":"173.00"},{"$error":"#REF!"},{"$error":"#REF!"},{"$error":"#REF!"}]
[null,"18.41",72339,"SINAPI","Tomada universal, circular, 3P, 20A/250v, cor preta, completa","un",{"v":17,"d":"17.00"},{"$error":"#REF!"},{"$error":"#REF!"},{"$error":"#REF!"}]
[null,"18.42",72331,"SINAPI","Interruptor simples 10 A, completa","un",{"v":68,"d":"68.00"},{"$error":"#REF!"},{"$error":"#REF!"},{"$error":"#REF!"}]
[null,"18.43",72332,"SINAPI","Interruptor duas seções 10A por seção, completa","un",{"v":3,"d":"3.00"},{"$error":"#REF!"},{"$error":"#REF!"},{"$error":"#REF!"}]
[null,"18.44",72333,"SINAPI","Interruptor três seções 10A por seção, completa","un",{"v":2,"d":"2.00"},{"$error":"#REF!"},{"$error":"#REF!"},{"$error":"#REF!"}]
[null,"18.45",72333,"SINAPI","Interruptor Tree-way 10 A, completa","un",{"v":28,"d":"28.00"},{"$error":"#REF!"},{"$error":"#REF!"},{"$error":"#REF!"}]
[null,"18.46",72333,"SINAPI","Interruptor For-way 10 A, completa","un",{"v":1,"d":"1.00"},{"$error":"#REF!"},{"$error":"#REF!"},{"$error":"#REF!"}]
[null,"18.47","73953/6","SINAPI","Luminárias 2x32W completa","un",{"v":108,"d":"108.00"},{"$error":"#REF!"},{"$error":"#REF!"},{"$error":"#REF!"}]
[null,"18.48","73953/2","SINAPI","Luminárias 2x16 W completa","un",{"v":21,"d":"21.00"},{"$error":"#REF!"},{"$error":"#REF!"},{"$error":"#REF!"}]
[null,"18.49","74041/2","SINAPI","Luminárias 2X32 com alaetas","un",{"v":6,"d":"6.00"},{"$error":"#REF!"},{"$error":"#REF!"},{"$error":"#REF!"}]
[null,"18.50","MERCADO",null,"Luminária de piso","un",{"v":5,"d":"5.00"},{"$error":"#REF!"},{"$error":"#REF!"},{"$error":"#REF!"}]
[null,"18.51","C2045","SEINFRA","Projetor com lâmpada de vapor metálico 150W","un",{"v":6,"d":"6.00"},{"$error":"#REF!"},{"$error":"#REF!"},{"$error":"#REF!"}]
[null,"18.52","C2045","SEINFRA","Projetor com lâmpada de vapor metálico 250W","un",{"v":2,"d":"2.00"},{"$error":"#REF!"},{"$error":"#REF!"},{"$error":"#REF!"}]
[null,"18.53","74041/1","SINAPI","Arandelas 60W","un",{"v":26,"d":"26.00"},{"$error":"#REF!"},{"$error":"#REF!"},{"$error":"#REF!"}]
[null,"18.54",83387,"SINAPI","Caixa de passagem 4x2\" para interruptor e tomada","un",{"v":292,"d":"292.00"},{"$error":"#REF!"},{"$error":"#REF!"},{"$error":"#REF!"}]
[null,"18.55",83438,"SINAPI","Caixa de passagem de ferro esmaltada octogonal 4x4\"","un",{"v":165,"d":"165.00"},{"$error":"#REF!"},{"$error":"#REF!"},{"$error":"#REF!"}]
[null,"Subtotal ",{"$nulls":10},{"v":0,"d":"0.00"}]
[]
[null,19,null,null,"INSTALAÇÕES DE CLIMATIZAÇÃO",{"$nulls":7},{"v":0,"d":"0.00"}]
[null,"19.1","75030/2","SINAPI","Tubo PVC soldável Ø 32 mm, inclusive conexões (drenos para ar condicionado)","m",{"v":95,"d":"95.00"},{"$error":"#REF!"},{"$error":"#REF!"},{"$error":"#REF!"}]
[null,"Subtotal ",{"$nulls":10},{"v":0,"d":"0.00"}]
[]
[null,20,null,null,"INSTALAÇÕES DE REDE ESTRUTURADA",{"$nulls":7},{"v":0,"d":"0.00"}]
[{"$nulls":4},"EQUIPAMENTOS PASSIVOS"]
[null,"20.1","MERCADO",null,"Patch Panel 19\"  - 24 portas, Categoria 6","un ",{"v":1,"d":"1.00"},{"$error":"#REF!"},{"$error":"#REF!"},{"$error":"#REF!"}]
[null,"20.2","MERCADO",null,"Switch de 24 portas","un ",{"v":2,"d":"2.00"},{"$error":"#REF!"},{"$error":"#REF!"},{"$error":"#REF!"}]
[null,"20.3","MERCADO",null,"Bloco 110 para rack 19” 100 pares","un ",{"v":1,"d":"1.00"},{"$error":"#REF!"},{"$error":"#REF!"},{"$error":"#REF!"}]
[null,"20.4","MERCADO",null,"Guia de Cabos Frontal, fechado ","un ",{"v":4,"d":"4.00"},{"$error":"#REF!"},{"$error":"#REF!"},{"$error":"#REF!"}]
[null,"20.5","MERCADO",null,"Guia de Cabos Traseiro","un ",{"v":4,"d":"4.00"},{"$error":"#REF!"},{"$error":"#REF!"},{"$error":"#REF!"}]
[null,"20.6","MERCADO",null,"Trava Path Panel","un ",{"v":4,"d":"4.00"},{"$error":"#REF!"},{"$error":"#REF!"},{"$error":"#REF!"}]
[null,"20.7","MERCADO",null,"Guia de Cabos Vertical, fechado ","un ",{"v":2,"d":"2.00"},{"$error":"#REF!"},{"$error":"#REF!"},{"$error":"#REF!"}]
[null,"20.8","MERCADO",null,"Guia de Cabos Superior, fechado ","un ",{"v":1,"d":"1.00"},{"$error":"#REF!"},{"$error":"#REF!"},{"$error":"#REF!"}]
[{"$nulls":4},"CABOS EM PAR TRANÇADOS"]
[null,"20.9","MERCADO",null,"Cabo UTP Categoria 5e","m",{"v":1000,"d":"1,000.00"},{"$error":"#REF!"},{"$error":"#REF!"},{"$error":"#REF!"}]
[null,"20.10","73768/13","SINAPI","Cabo CCI - 5 Pares","m",{"v":30,"d":"30.00"},{"$error":"#REF!"},{"$error":"#REF!"},{"$error":"#REF!"}]
[null,"20.11","C0544","SEINFRA","Cabo coaxial","m",{"v":110,"d":"110.00"},{"$error":"#REF!"},{"$error":"#REF!"},{"$error":"#REF!"}]
[{"$nulls":4},"CABOS DE CONEXÃO"]
[null,"20.12","MERCADO",null,"Cabos de conexões – Patch Cord ultra flexível com RJ 45 nas 2 pontas - 1,50 metros","un ",{"v":24,"d":"24.00"},{"$error":"#REF!"},{"$error":"#REF!"},{"$error":"#REF!"}]
[null,"20.13","MERCADO",null,"Cabos de conexões – Patch cord 110 / RJ-45 1 par -1,50m","un ",{"v":15,"d":"15.00"},{"$error":"#REF!"},{"$error":"#REF!"},{"$error":"#REF!"}]
[null,"20.14","MERCADO",null,"Cabos de conexões – Patch Cord ultra flexível com RJ 45 em 1 ponta - 1,50 metros","un ",{"v":24,"d":"24.00"},{"$error":"#REF!"},{"$error":"#REF!"},{"$error":"#REF!"}]
[null,"20.15","MERCADO",null,"Cabos de conexões – Patch Cord ultra flexível com RJ 45 nas 2 pontas - 3,0 metros","un ",{"v":24,"d":"24.00"},{"$error":"#REF!"},{"$error":"#REF!"},{"$error":"#REF!"}]
[{"$nulls":4},"TOMADAS"]
[null,"20.16",86178,"SINAPI","Tomada modular RJ-45 Categoria 6","un ",{"v":29,"d":"29.00"},{"$error":"#REF!"},{"$error":"#REF!"},{"$error":"#REF!"}]
[null,"20.17",7533,"SINAPI","Conector de TV Tipo F (Coaxial)","un ",{"v":4,"d":"4.00"},{"$error":"#REF!"},{"$error":"#REF!"},{"$error":"#REF!"}]
[{"$nulls":4},"CAIXAS E ACESSÓRIOS"]
[null,"20.18",83449,"SINAPI","Caixa subterrânea em alvenaria, tipo R1,60x35x50cm, com tampão em ferro fundido, conforme detalhe de projeto","un ",{"v":4,"d":"4.00"},{"$error":"#REF!"},{"$error":"#REF!"},{"$error":"#REF!"}]
[null,"20.19",83443,"SINAPI","Caixa de passagem em alvenaria 20x20 com tampa de ferro fundido","un ",{"v":4,"d":"4.00"},{"$error":"#REF!"},{"$error":"#REF!"},{"$error":"#REF!"}]
[null,"20.20","C0627","SEINFRA","Caixa de passagem de piso 15x15 com tampa metálica parafusada","un ",{"v":24,"d":"24.00"},{"$error":"#REF!"},{"$error":"#REF!"},{"$error":"#REF!"}]
[null,"20.21",83371,"SINAPI","Caixa de passagem DG - nº 2 20x20x12cm em chapa metálica","un ",{"v":1,"d":"1.00"},{"$error":"#REF!"},{"$error":"#REF!"},{"$error":"#REF!"}]
[null,"20.22",83446,"SINAPI","Caixa de passagem em alvenaria 30x30x12 com tampa de ferro fundido","un ",{"v":1,"d":"1.00"},{"$error":"#REF!"},{"$error":"#REF!"},{"$error":"#REF!"}]
[{"$nulls":4},"ELETRODUTOS E ACESSÓRIOS"]
[null,"20.23",72309,"SINAPI","Eletroduto Ferro Galvanizado , Ø 11/4\", inclusive curvas","m",{"v":12,"d":"12.00"},{"$error":"#REF!"},{"$error":"#REF!"},{"$error":"#REF!"}]
[null,"20.24","C1160","SEINFRA","Eletrocalha lisa com tampa 100 x 50 mm","m",{"v":59,"d":"59.00"},{"$error":"#REF!"},{"$error":"#REF!"},{"$error":"#REF!"}]
[null,"20.25","MERCADO","CP","Curva horizontal para eletrocalha 100 x 50 mm","un",{"v":2,"d":"2.00"},{"$error":"#REF!"},{"$error":"#REF!"},{"$error":"#REF!"}]
[null,"20.26","MERCADO","CP","Curva vertical para eletrocalha 100 x 50 mm","un",{"v":1,"d":"1.00"},{"$error":"#REF!"},{"$error":"#REF!"},{"$error":"#REF!"}]
[null,"20.27","MERCADO","CP","Tê horizontal para eletrocalha 100 x 50 mm","un",{"v":1,"d":"1.00"},{"$error":"#REF!"},{"$error":"#REF!"},{"$error":"#REF!"}]
[null,"20.28","MERCADO","CP","Fechamento para eletrocalha 100 x 50 mm","un",{"v":2,"d":"2.00"},{"$error":"#REF!"},{"$error":"#REF!"},{"$error":"#REF!"}]
[null,"20.29","MERCADO","CP","Flange para eletrocalha 100 x 50 mm","un",{"v":1,"d":"1.00"},{"$error":"#REF!"},{"$error":"#REF!"},{"$error":"#REF!"}]
[null,"Subtotal ",{"$nulls":10},{"v":0,"d":"0.00"}]
[]
[null,21,null,null,"SISTEMA DE EXAUSTÃO MECÂNICA",{"$nulls":7},{"v":0,"d":"0.00"}]
[null,"21.1","MERCADO",null,"Motor Axial de parede Qmin 3.000m³/h P= 1/3 CV com proteção em Aço Inox","un",{"v":1,"d":"1.00"},{"$error":"#REF!"},{"$error":"#REF!"},{"$error":"#REF!"}]
[null,"21.2","MERCADO",null,"Coifa de Centro em Aço Inox de 1400x900x450","un",{"v":1,"d":"1.00"},{"$error":"#REF!"},{"$error":"#REF!"},{"$error":"#REF!"}]
[null,"21.3","MERCADO",null,"Suporte metálico para fixação dos dutos e coifa, conforme projeto e especificação","cj",{"v":6,"d":"6.00"},{"$error":"#REF!"},{"$error":"#REF!"},{"$error":"#REF!"}]
[null,"21.4","MERCADO",null,"Curvas Soldada em Chapa Preta 16, d=19,5cm","un",{"v":2,"d":"2.00"},{"$error":"#REF!"},{"$error":"#REF!"},{"$error":"#REF!"}]
[null,"21.5","MERCADO",null,"Curvas Soldada em Chapa Preta 16, d=40 cm","un",2.05,{"$error":"#REF!"},{"$error":"#REF!"},{"$error":"#REF!"}]
[null,"21.6","MERCADO",null,"Duto circular Soldado em Chapa Preta 16, d=19,5cm","m",2.75,{"$error":"#REF!"},{"$error":"#REF!"},{"$error":"#REF!"}]
[null,"21.7","MERCADO",null,"Duto circular Soldado em Chapa Preta 16, d=40cm","m",{"v":2,"d":"2.00"},{"$error":"#REF!"},{"$error":"#REF!"},{"$error":"#REF!"}]
[null,"21.8","MERCADO",null,"Expansão metálica 40x19,5cm, conforme projeto e especificação","un",{"v":1,"d":"1.00"},{"$error":"#REF!"},{"$error":"#REF!"},{"$error":"#REF!"}]
[null,"21.9","MERCADO",null,"Comando Elétrico","un",{"v":1,"d":"1.00"},{"$error":"#REF!"},{"$error":"#REF!"},{"$error":"#REF!"}]
[null,"Subtotal ",{"$nulls":10},{"v":0,"d":"0.00"}]
[]
[null,22,null,null,"SISTEMA DE PROTEÇÃO CONTRA DESCARGAS ATMOSFÉRICAS (SPDA)",{"$nulls":7},{"v":0,"d":"0.00"}]
[null,"22.1",68070,"SINAPI","Pára-raios tipo Franklin em aço inox 3 pontas em haste de 3 m. x 1.1/2\" tipo simples","m",{"v":3,"d":"3.00"},{"$error":"#REF!"},{"$error":"#REF!"},{"$error":"#REF!"}]
[null,"22.2","MERCADO",null,"Vergalhão CA - 25 # 10 mm2","m",{"v":90,"d":"90.00"},{"$error":"#REF!"},{"$error":"#REF!"},{"$error":"#REF!"}]
[null,"22.3","MERCADO",null,"Conector mini-gar em bronze estanhado Tel-583","un",{"v":26,"d":"26.00"},{"$error":"#REF!"},{"$error":"#REF!"},{"$error":"#REF!"}]
[null,"22.4","MERCADO",null,"Isolador simples com chapa de encosto h=100 mm","un",{"v":5,"d":"5.00"},{"$error":"#REF!"},{"$error":"#REF!"},{"$error":"#REF!"}]
[null,"22.5","MERCADO",null,"Isolador simples para quinas 90º com chapa de encosto h=100 mm","un",{"v":1,"d":"1.00"},{"$error":"#REF!"},{"$error":"#REF!"},{"$error":"#REF!"}]
[null,"22.6","MERCADO",null,"Caixa de equalização de potências 200x200mm em aço com barramento Expessura  6 mm","un",{"v":1,"d":"1.00"},{"$error":"#REF!"},{"$error":"#REF!"},{"$error":"#REF!"}]
[null,"22.7",68069,"SINAPI","Haste tipo coopperweld 5/8\" x 3,00m.","un",{"v":13,"d":"13.00"},{"$error":"#REF!"},{"$error":"#REF!"},{"$error":"#REF!"}]
[null,"22.8",72927,"SINAPI","Cordoalha de cobre nu 16 mm2","m",{"v":20,"d":"20.00"},{"$error":"#REF!"},{"$error":"#REF!"},{"$error":"#REF!"}]
[null,"22.9",72929,"SINAPI","Cordoalha de cobre nu 35 mm2","m",{"v":500,"d":"500.00"},{"$error":"#REF!"},{"$error":"#REF!"},{"$error":"#REF!"}]
[null,"22.10",72930,"SINAPI","Cordoalha de cobre nu 50 mm2","m",{"v":380,"d":"380.00"},{"$error":"#REF!"},{"$error":"#REF!"},{"$error":"#REF!"}]
[null,"22.11",83370,"SINAPI","Caixa de inspeção, PVC de 12\", com tampa de aço galvanizado,conforme detalhe no projeto","un",{"v":4,"d":"4.00"},{"$error":"#REF!"},{"$error":"#REF!"},{"$error":"#REF!"}]
[null,"22.12",72263,"SINAPI","Conector  de bronze para haste de 5/8\" e cabo de 50 mm²","un",{"v":17,"d":"17.00"},{"$error":"#REF!"},{"$error":"#REF!"},{"$error":"#REF!"}]
[null,"Subtotal",{"$nulls":10},{"v":0,"d":"0.00"}]
[]
[null,23,null,null,"SERVIÇOS COMPLEMENTARES",{"$nulls":7},{"v":0,"d":"0.00"}]
[null,"23.1","C0864","SEINFRA","Conjunto de mastros para bandeiras em tubo ferro galvanizado telescópico (alt= 7m (3mx2\" + 4mx1 1/2\")","un",{"v":1,"d":"1.00"},{"$error":"#REF!"},{"$error":"#REF!"},{"$error":"#REF!"}]
[null,"23.2","C4065","SEINFRA","Bancada em granito cinza andorinha - espessura 2cm, conforme projeto","m²",49.69,{"$error":"#REF!"},{"$error":"#REF!"},{"$error":"#REF!"}]
[null,"23.3","C4065","SEINFRA","Prateleira, banco e acabamentos em granito cinza andorinha - espessura 2cm, conforme projeto","m²",23.97,{"$error":"#REF!"},{"$error":"#REF!"},{"$error":"#REF!"}]
[null,"23.4","C2910","SEINFRA","Prateleiras e escaninhos em mdf ","m²",65.05,{"$error":"#REF!"},{"$error":"#REF!"},{"$error":"#REF!"}]
[null,"23.5","C0361","SEINFRA","Bancos de concreto da administração","m",4.39,{"$error":"#REF!"},{"$error":"#REF!"},{"$error":"#REF!"}]
[null,"23.6","C0361","SEINFRA","Bancos de concreto do pátio","m",4.52,{"$error":"#REF!"},{"$error":"#REF!"},{"$error":"#REF!"}]
[null,"23.7","C1869","SEINFRA","Peitoril em granito cinza, largura=17,00cm espessura variável e pingadeira","m",{"v":114.6,"d":"114.60"},{"$error":"#REF!"},{"$error":"#REF!"},{"$error":"#REF!"}]
[{"$nulls":4},"CAIXA DÁGUA - 36.000L"]
[null,"23.8","MERCADO",null,"Alça de içamento","un",{"v":2,"d":"2.00"},{"$error":"#REF!"},{"$error":"#REF!"},{"$error":"#REF!"}]
[null,"23.10","MERCADO",null,"Suporte de luz piloto","un",{"v":1,"d":"1.00"},{"$error":"#REF!"},{"$error":"#REF!"},{"$error":"#REF!"}]
[null,"23.11","MERCADO",null,"Suporte para cinto de segurança","un",{"v":1,"d":"1.00"},{"$error":"#REF!"},{"$error":"#REF!"},{"$error":"#REF!"}]
[null,"23.12","MERCADO",null,"Suporte para Pára-raio","un",{"v":1,"d":"1.00"},{"$error":"#REF!"},{"$error":"#REF!"},{"$error":"#REF!"}]
[null,"23.13","MERCADO",null,"Placa de aviso \"Extravasor\"","un",{"v":2,"d":"2.00"},{"$error":"#REF!"},{"$error":"#REF!"},{"$error":"#REF!"}]
[null,"23.14",73665,"SINAPI","Escada interna e externa tipo marinheiro, inclusive pintura","m",{"v":13.4,"d":"13.40"},{"$error":"#REF!"},{"$error":"#REF!"},{"$error":"#REF!"}]
[null,"23.15","73737/2","SINAPI","Guarda corpo de 1m de altura","m",7.97,{"$error":"#REF!"},{"$error":"#REF!"},{"$error":"#REF!"}]
[null,"23.16","MERCADO",null,"Chapa de aço carbono de alta resistência a corrosão e de qualidade estrutural e solda interna e externa, para confecção do reservatorioconforme projeto","kg",{"v":2560,"d":"2,560.00"},{"$error":"#REF!"},{"$error":"#REF!"},{"$error":"#REF!"}]
[null,"23.17","MERCADO",null,"Sistema de ancoragem com 5 nichos, conforme projeto","un",{"v":1,"d":"1.00"},{"$error":"#REF!"},{"$error":"#REF!"},{"$error":"#REF!"}]
[null,"Subtotal",{"$nulls":10},{"v":0,"d":"0.00"}]
[]
[null,24,null,null,"SERVIÇOS FINAIS",{"$nulls":7},{"v":0,"d":"0.00"}]
[null,"24.1",9537,"SINAPI","Limpeza final da obra","m²",{"v":1323.58,"d":"1,323.58"},{"$error":"#REF!"},{"$error":"#REF!"},{"$error":"#REF!"}]
[null,"Subtotal",{"$nulls":10},{"v":0,"d":"0.00"}]
[]
[null,"Custo TOTAL com BDI incluso",{"$nulls":10},{"v":0,"d":"0.00"}]
[]
[]
[null,"1 - Esta planilha orçamentária refere-se  ao projeto básico do Programa Proinfância. Os quantitativos são estimados com o objetivo de estabelecer um valor de referência. O orçamento final deverá ser realizado pelo ente federado, com base no projeto executivo. Considera-se projeto executivo aquele cuja elaboração se dá ao final do estabelecimento das fundações adequadas ao solo do local onde o projeto será edificado, bem como outros ajustes que se fizerem necessários."]
[]
[null,"2 - Este orçamento de projeto básico está  em conformidade com o disposto na Resolução do CONFEA nº 361 de 10 de dezembro de 1991, alínea f. "]
[]
[null,"3 - Após a elaboração da nova planilha orçamentária, baseada no projeto executivo, a ART correspondente deverá ser emitida."]

{"sheet":"CRONOGRAMA","index":2,"n_rows":78,"n_cols":30,"rows_kept":78,"merged":[[0,0,0,29],[1,0,1,29],[2,1,2,17],[2,18,3,19],[2,28,3,29],[3,1,3,17],[4,1,4,17],[4,18,5,19],[4,28,5,29],[5,1,5,17],[6,0,6,29],[7,0,9,0],[7,1,9,1],[7,2,8,3],[7,4,7,29],[8,4,8,5],[8,6,8,7],[8,8,8,9],[8,10,8,11],[8,12,8,13],[8,14,8,15],[8,16,8,17],[8,18,8,19],[8,20,8,21],[8,22,8,23],[8,24,8,25],[8,26,8,27],[8,28,8,29],[60,0,60,1],[61,0,61,1],[64,1,66,29],[75,6,75,10],[76,6,76,10],[77,6,77,10]],"flags":["formulas_cached_only"]}
["ESTADO DE MATO GROSSO"]
["PREFEITURA MUNICIPAL DE SÃO JOSÉ DOS QUATRO MARCOS"]
["OBRA:","CONSTRUÇÃO DE ESCOLA DE EDUCAÇÃO INFANTIL TIPO B",{"$nulls":16},"BDI",{"$nulls":9},"TABELA DE REFERENCIA "]
["LOCAL:","Rua Rui Barbosa, S/N, Jardim Popular, São José dos Quatro Marcos-MT"]
["PROPR.:","PREFEITURA MUNICIPAL  DE SÃO JOSE DOS QUATRO MARCOS",{"$nulls":16},{"v":0.2496,"d":"24.96%"},{"$nulls":9},"SINAPI - 01/2024 NÃO DESONERADO"]
["ID OBRA","ID 20106"]
["CRONOGRAMA FISICO FINANCEIRO - CONTRATO 84/2022 - Conv. 884027/2019"]
["ITEM","DESCRIÇÃO / ETAPA","PERIODO",null,"À Executar"]
[{"$nulls":4},"30 DIAS",null,"60 DIAS",null,"90 DIAS",null,"120 DIAS",null,"150 DIAS",null,"180 DIAS",null,"210 DIAS",null,"240 DIAS",null,"270 DIAS",null,"300 DIAS",null,"330 DIAS",null,"360 DIAS",null,"TOTAL"]
[null,null,"Valor(R$)","%","Valor(R$)","%","Valor(R$)","%","Valor(R$)","%","Valor (R$)","%","Valor (R$)","%","Valor (R$)","%","Valor (R$)","%","Valor (R$)","%","Valor (R$)","%","Valor (R$)","%","Valor (R$)","%","Valor (R$)","%","Valor (R$)","%"]
[]
[1,"SERVIÇOS PRELIMINARES ",{"v":55468.729999999996,"d":"55,468.73"},{"v":0.02397041447711213,"d":"2.40%"},{"v":55468.729999999996,"d":"55,468.73"},{"v":1,"d":"100.0%"},{"v":0,"d":"0.00"},{"v":0,"d":"0.0%"},{"v":0,"d":"0.00"},{"v":0,"d":"0.0%"},{"v":0,"d":"0.00"},null,{"v":0,"d":"0.00"},null,{"v":0,"d":"0.00"},null,{"v":0,"d":"0.00"},null,{"v":0,"d":"0.00"},null,{"v":0,"d":"0.00"},null,{"v":0,"d":"0.00"},null,{"v":0,"d":"0.00"},null,{"v":0,"d":"0.00"},null,{"v":55468.729999999996,"d":"55,468.73"},{"v":1,"d":"100%"}]
[]
[2,"DEMOLIÇÃO/REMOÇÃO",{"v":5491.1008,"d":"5,491.10"},{"v":0.002372939890846645,"d":"0.24%"},{"v":5491.1008,"d":"5,491.10"},{"v":1,"d":"100.0%"},{"v":0,"d":"0.00"},{"v":0,"d":"0.0%"},{"v":0,"d":"0.00"},{"v":0,"d":"0.0%"},{"v":0,"d":"0.00"},null,{"v":0,"d":"0.00"},null,{"v":0,"d":"0.00"},null,{"v":0,"d":"0.00"},null,{"v":0,"d":"0.00"},null,{"v":0,"d":"0.00"},null,{"v":0,"d":"0.00"},null,{"v":0,"d":"0.00"},null,{"v":0,"d":"0.00"},null,{"v":5491.1008,"d":"5,491.10"},{"v":1,"d":"100%"}]
[]
[3,"MOVIMENTO DE TERRAS PARA FUNDAÇÕES",{"v":9847.57096,"d":"9,847.57"},{"v":0.004255557275314813,"d":"0.43%"},{"v":0,"d":"0.00"},{"v":0,"d":"0.0%"},{"v":9847.57096,"d":"9,847.57"},{"v":1,"d":"100.0%"},{"v":0,"d":"0.00"},{"v":0,"d":"0.0%"},{"v":0,"d":"0.00"},null,{"v":0,"d":"0.00"},null,{"v":0,"d":"0.00"},null,{"v":0,"d":"0.00"},null,{"v":0,"d":"0.00"},null,{"v":0,"d":"0.00"},null,{"v":0,"d":"0.00"},null,{"v":0,"d":"0.00"},null,{"v":0,"d":"0.00"},null,{"v":9847.57096,"d":"9,847.57"},{"v":1,"d":"100%"}]
[]
[4,"FUNDAÇÕES",{"v":81566.72123636365,"d":"81,566.72"},{"v":0.03524847451121922,"d":"3.52%"},{"v":0,"d":"0.00"},{"v":0,"d":"0.0%"},{"v":81566.72123636365,"d":"81,566.72"},{"v":1,"d":"100.0%"},{"v":0,"d":"0.00"},{"v":0,"d":"0.0%"},{"v":0,"d":"0.00"},null,{"v":0,"d":"0.00"},null,{"v":0,"d":"0.00"},null,{"v":0,"d":"0.00"},null,{"v":0,"d":"0.00"},null,{"v":0,"d":"0.00"},null,{"v":0,"d":"0.00"},null,{"v":0,"d":"0.00"},null,{"v":0,"d":"0.00"},null,{"v":81566.72123636365,"d":"81,566.72"},{"v":1,"d":"100%"}]
[]
[5,"SUPERESTRUTURA ",{"v":230364.06449999995,"d":"230,364.06"},{"v":0.0995501809162963,"d":"9.96%"},{"v":0,"d":"0.00"},null,{"v":0,"d":"0.00"},null,{"v":0,"d":"0.00"},null,{"v":230364.06449999995,"d":"230,364.06"},{"v":1,"d":"100.0%"},{"v":0,"d":"0.00"},null,{"v":0,"d":"0.00"},null,{"v":0,"d":"0.00"},null,{"v":0,"d":"0.00"},null,{"v":0,"d":"0.00"},null,{"v":0,"d":"0.00"},null,{"v":0,"d":"0.00"},null,{"v":0,"d":"0.00"},null,{"v":230364.06449999995,"d":"230,364.06"},{"v":1,"d":"100%"}]
[]
[6,"SISTEMA DE VEDAÇÃO VERTICAL INTERNO E EXTERNO (PAREDES)",{"v":103359.74040000001,"d":"103,359.74"},{"v":0.044666171690513054,"d":"4.47%"},{"v":0,"d":"0.00"},null,{"v":0,"d":"0.00"},null,{"v":0,"d":"0.00"},null,{"v":103359.74040000001,"d":"103,359.74"},{"v":1,"d":"100.0%"},{"v":0,"d":"0.00"},null,{"v":0,"d":"0.00"},null,{"v":0,"d":"0.00"},null,{"v":0,"d":"0.00"},null,{"v":0,"d":"0.00"},null,{"v":0,"d":"0.00"},null,{"v":0,"d":"0.00"},null,{"v":0,"d":"0.00"},null,{"v":103359.74040000001,"d":"103,359.74"},{"v":1,"d":"100%"}]
[]
[7,"ESQUADRIAS ",{"v":234852.0375,"d":"234,852.04"},{"v":0.10148962631142414,"d":"10.15%"},{"v":0,"d":"0.00"},null,{"v":0,"d":"0.00"},null,{"v":0,"d":"0.00"},null,{"v":0,"d":"0.00"},null,{"v":234852.0375,"d":"234,852.04"},{"v":1,"d":"100.0%"},{"v":0,"d":"0.00"},null,{"v":0,"d":"0.00"},null,{"v":0,"d":"0.00"},null,{"v":0,"d":"0.00"},null,{"v":0,"d":"0.00"},null,{"v":0,"d":"0.00"},null,{"v":0,"d":"0.00"},null,{"v":234852.0375,"d":"234,852.04"},{"v":1,"d":"100%"}]
[]
[8,"SISTEMAS DE COBERTURA ",{"v":174802.29695000002,"d":"174,802.30"},{"v":0.0755395609281614,"d":"7.55%"},{"v":0,"d":"0.00"},null,{"v":0,"d":"0.00"},null,{"v":0,"d":"0.00"},null,{"v":0,"d":"0.00"},null,{"v":0,"d":"0.00"},null,{"v":174802.29695000002,"d":"174,802.30"},{"v":1,"d":"100.0%"},{"v":0,"d":"0.00"},null,{"v":0,"d":"0.00"},null,{"v":0,"d":"0.00"},null,{"v":0,"d":"0.00"},null,{"v":0,"d":"0.00"},null,{"v":0,"d":"0.00"},null,{"v":174802.29695000002,"d":"174,802.30"},{"v":1,"d":"100%"}]
[]
[9,"IMPERMEABILIZAÇÀO ",{"v":44022.694,"d":"44,022.69"},{"v":0.019024091980816536,"d":"1.90%"},{"v":0,"d":"0.00"},null,{"v":0,"d":"0.00"},null,{"v":0,"d":"0.00"},null,{"v":0,"d":"0.00"},null,{"v":0,"d":"0.00"},null,{"v":44022.694,"d":"44,022.69"},{"v":1,"d":"100.0%"},{"v":0,"d":"0.00"},null,{"v":0,"d":"0.00"},null,{"v":0,"d":"0.00"},null,{"v":0,"d":"0.00"},null,{"v":0,"d":"0.00"},null,{"v":0,"d":"0.00"},null,{"v":44022.694,"d":"44,022.69"},{"v":1,"d":"100%"}]
[]
[10,"REVESTIMENTOS INTERNOS E EXTERNOS",{"v":348021.18542999995,"d":"348,021.19"},{"v":0.1503948632242526,"d":"15.04%"},{"v":0,"d":"0.00"},null,{"v":0,"d":"0.00"},null,{"v":0,"d":"0.00"},null,{"v":0,"d":"0.00"},null,{"v":0,"d":"0.00"},null,{"v":0,"d":"0.00"},null,{"v":348021.18542999995,"d":"348,021.19"},{"v":1,"d":"100.0%"},{"v":0,"d":"0.00"},null,{"v":0,"d":"0.00"},null,{"v":0,"d":"0.00"},null,{"v":0,"d":"0.00"},null,{"v":0,"d":"0.00"},null,{"v":348021.18542999995,"d":"348,021.19"},{"v":1,"d":"100%"}]
[]
[11,"SISTEMAS DE PISOS INTERNOS E INTERNOS (PAVIMENTAÇÃO)",{"v":181354.05260000002,"d":"181,354.05"},{"v":0.07837085521745307,"d":"7.84%"},{"v":0,"d":"0.00"},null,{"v":0,"d":"0.00"},null,{"v":0,"d":"0.00"},null,{"v":0,"d":"0.00"},null,{"v":0,"d":"0.00"},null,{"v":0,"d":"0.00"},null,{"v":0,"d":"0.00"},null,{"v":181354.05260000002,"d":"181,354.05"},{"v":1,"d":"100.0%"},{"v":0,"d":"0.00"},null,{"v":0,"d":"0.00"},null,{"v":0,"d":"0.00"},null,{"v":0,"d":"0.00"},null,{"v":181354.05260000002,"d":"181,354.05"},{"v":1,"d":"100%"}]
[]
[12,"PINTURA ",{"v":171570.01200000002,"d":"171,570.01"},{"v":0.07414275213229332,"d":"7.41%"},{"v":0,"d":"0.00"},null,{"v":0,"d":"0.00"},null,{"v":0,"d":"0.00"},null,{"v":0,"d":"0.00"},null,{"v":0,"d":"0.00"},null,{"v":0,"d":"0.00"},null,{"v":0,"d":"0.00"},null,{"v":0,"d":"0.00"},null,{"v":171570.01200000002,"d":"171,570.01"},{"v":1,"d":"100.0%"},{"v":0,"d":"0.00"},null,{"v":0,"d":"0.00"},null,{"v":0,"d":"0.00"},null,{"v":171570.01200000002,"d":"171,570.01"},{"v":1,"d":"100%"}]
[]
[13,"INSTALAÇÃO HIDRÁULICA ",{"v":28000.610999999997,"d":"28,000.61"},{"v":0.01210026354096056,"d":"1.21%"},{"v":0,"d":"0.00"},null,{"v":0,"d":"0.00"},null,{"v":0,"d":"0.00"},null,{"v":0,"d":"0.00"},null,{"v":0,"d":"0.00"},null,{"v":0,"d":"0.00"},null,{"v":0,"d":"0.00"},null,{"v":0,"d":"0.00"},null,{"v":0,"d":"0.00"},null,{"v":28000.610999999997,"d":"28,000.61"},{"v":1,"d":"100.0%"},{"v":0,"d":"0.00"},null,{"v":0,"d":"0.00"},null,{"v":28000.610999999997,"d":"28,000.61"},{"v":1,"d":"100%"}]
[]
[14,"DRENAGEM DE ÁGUAS PLUVIAIS",{"v":78879.5452,"d":"78,879.55"},{"v":0.03408723062904272,"d":"3.41%"},{"v":0,"d":"0.00"},null,{"v":0,"d":"0.00"},null,{"v":0,"d":"0.00"},null,{"v":0,"d":"0.00"},null,{"v":0,"d":"0.00"},null,{"v":0,"d":"0.00"},null,{"v":0,"d":"0.00"},null,{"v":0,"d":"0.00"},null,{"v":0,"d":"0.00"},null,{"v":78879.5452,"d":"78,879.55"},{"v":1,"d":"100.0%"},{"v":0,"d":"0.00"},null,{"v":0,"d":"0.00"},null,{"v":78879.5452,"d":"78,879.55"},{"v":1,"d":"100%"}]
[]
[15,"INSTALAÇÃO SANITÁRIA ",{"v":20345.02,"d":"20,345.02"},{"v":0.0087919547093495,"d":"0.88%"},{"v":0,"d":"0.00"},null,{"v":0,"d":"0.00"},null,{"v":0,"d":"0.00"},null,{"v":0,"d":"0.00"},null,{"v":0,"d":"0.00"},null,{"v":0,"d":"0.00"},null,{"v":0,"d":"0.00"},null,{"v":0,"d":"0.00"},null,{"v":0,"d":"0.00"},null,{"v":20345.02,"d":"20,345.02"},{"v":1,"d":"100.0%"},{"v":0,"d":"0.00"},null,{"v":0,"d":"0.00"},null,{"v":20345.02,"d":"20,345.02"},{"v":1,"d":"100%"}]
[]
[16,"LOUÇAS E METAIS ",{"v":60518.248499999994,"d":"60,518.25"},{"v":0.026152527739031876,"d":"2.62%"},{"v":0,"d":"0.00"},null,{"v":0,"d":"0.00"},null,{"v":0,"d":"0.00"},null,{"v":0,"d":"0.00"},null,{"v":0,"d":"0.00"},null,{"v":0,"d":"0.00"},null,{"v":0,"d":"0.00"},null,{"v":0,"d":"0.00"},null,{"v":0,"d":"0.00"},null,{"v":60518.248499999994,"d":"60,518.25"},{"v":1,"d":"100.0%"},{"v":0,"d":"0.00"},null,{"v":0,"d":"0.00"},null,{"v":60518.248499999994,"d":"60,518.25"},{"v":1,"d":"100%"}]
[]
[17,"INSTALAÇÃO DE GÁS COMBUSTÍVEL",{"v":13974.56,"d":"13,974.56"},{"v":0.006039006037009899,"d":"0.60%"},{"v":0,"d":"0.00"},null,{"v":0,"d":"0.00"},null,{"v":0,"d":"0.00"},null,{"v":0,"d":"0.00"},null,{"v":0,"d":"0.00"},null,{"v":0,"d":"0.00"},null,{"v":0,"d":"0.00"},null,{"v":0,"d":"0.00"},null,{"v":0,"d":"0.00"},null,{"v":13974.56,"d":"13,974.56"},{"v":1,"d":"100.0%"},{"v":0,"d":"0.00"},null,{"v":0,"d":"0.00"},null,{"v":13974.56,"d":"13,974.56"},{"v":1,"d":"100%"}]
[]
[18,"SISTEMA DE PROTEÇÃO CONTRA INCÊNDIO",{"v":87820.33000000002,"d":"87,820.33"},{"v":0.03795092675849556,"d":"3.80%"},{"v":0,"d":"0.00"},null,{"v":0,"d":"0.00"},null,{"v":0,"d":"0.00"},null,{"v":0,"d":"0.00"},null,{"v":0,"d":"0.00"},null,{"v":0,"d":"0.00"},null,{"v":0,"d":"0.00"},null,{"v":0,"d":"0.00"},null,{"v":0,"d":"0.00"},null,{"v":87820.33000000002,"d":"87,820.33"},{"v":1,"d":"100.0%"},{"v":0,"d":"0.00"},null,{"v":0,"d":"0.00"},null,{"v":87820.33000000002,"d":"87,820.33"},{"v":1,"d":"100%"}]
[]
[19,"INSTALAÇÕES ELÉTRICAS - 127V",{"v":146656.23000000007,"d":"146,656.23"},{"v":0.06337643963996811,"d":"6.34%"},{"v":0,"d":"0.00"},null,{"v":0,"d":"0.00"},null,{"v":0,"d":"0.00"},null,{"v":0,"d":"0.00"},null,{"v":0,"d":"0.00"},null,{"v":0,"d":"0.00"},null,{"v":0,"d":"0.00"},null,{"v":0,"d":"0.00"},null,{"v":0,"d":"0.00"},null,{"v":0,"d":"0.00"},null,{"v":146656.23000000007,"d":"146,656.23"},{"v":1,"d":"100.0%"},{"v":0,"d":"0.00"},null,{"v":146656.23000000007,"d":"146,656.23"},{"v":1,"d":"100%"}]
[]
[20,"INSTALAÇÕES DE CLIMATIZAÇÃO",{"v":5057.8,"d":"5,057.80"},{"v":0.002185692052843787,"d":"0.22%"},{"v":0,"d":"0.00"},null,{"v":0,"d":"0.00"},null,{"v":0,"d":"0.00"},null,{"v":0,"d":"0.00"},null,{"v":0,"d":"0.00"},null,{"v":0,"d":"0.00"},null,{"v":0,"d":"0.00"},null,{"v":0,"d":"0.00"},null,{"v":0,"d":"0.00"},null,{"v":0,"d":"0.00"},null,{"v":5057.8,"d":"5,057.80"},{"v":1,"d":"100.0%"},{"v":0,"d":"0.00"},null,{"v":5057.8,"d":"5,057.80"},{"v":1,"d":"100%"}]
[]
[21,"INSTALAÇÕES DE REDE ESTRUTURADA",{"v":29064.51,"d":"29,064.51"},{"v":0.012560019875597843,"d":"1.26%"},{"v":0,"d":"0.00"},null,{"v":0,"d":"0.00"},null,{"v":0,"d":"0.00"},null,{"v":0,"d":"0.00"},null,{"v":0,"d":"0.00"},null,{"v":0,"d":"0.00"},null,{"v":0,"d":"0.00"},null,{"v":0,"d":"0.00"},null,{"v":0,"d":"0.00"},null,{"v":0,"d":"0.00"},null,{"v":29064.51,"d":"29,064.51"},{"v":1,"d":"100.0%"},{"v":0,"d":"0.00"},null,{"v":29064.51,"d":"29,064.51"},{"v":1,"d":"100%"}]
[]
[22,"SISTEMA DE EXAUSTÃO MECÂNICA",{"v":5602.2384999999995,"d":"5,602.24"},{"v":0.0024209672520830194,"d":"0.24%"},{"v":0,"d":"0.00"},null,{"v":0,"d":"0.00"},null,{"v":0,"d":"0.00"},null,{"v":0,"d":"0.00"},null,{"v":0,"d":"0.00"},null,{"v":0,"d":"0.00"},null,{"v":0,"d":"0.00"},null,{"v":0,"d":"0.00"},null,{"v":0,"d":"0.00"},null,{"v":0,"d":"0.00"},null,{"v":5602.2384999999995,"d":"5,602.24"},{"v":1,"d":"100.0%"},{"v":0,"d":"0.00"},null,{"v":5602.2384999999995,"d":"5,602.24"},{"v":1,"d":"100%"}]
[]
[23,"SISTEMA DE PROTEÇÃO CONTRA DESCARGAS ATMOSFÉRICAS (SPDA)",{"v":102579.28,"d":"102,579.28"},{"v":0.04432890131725999,"d":"4.43%"},{"v":0,"d":"0.00"},null,{"v":0,"d":"0.00"},null,{"v":0,"d":"0.00"},null,{"v":0,"d":"0.00"},null,{"v":0,"d":"0.00"},null,{"v":0,"d":"0.00"},null,{"v":0,"d":"0.00"},null,{"v":0,"d":"0.00"},null,{"v":0,"d":"0.00"},null,{"v":0,"d":"0.00"},null,{"v":0,"d":"0.00"},null,{"v":102579.28,"d":"102,579.28"},{"v":1,"d":"100.0%"},{"v":102579.28,"d":"102,579.28"},{"v":1,"d":"100%"}]
[]
[24,"SERVIÇOS COMPLEMENTARES",{"v":88689.69129999999,"d":"88,689.69"},{"v":0.038326615019095005,"d":"3.83%"},{"v":0,"d":"0.00"},null,{"v":0,"d":"0.00"},null,{"v":0,"d":"0.00"},null,{"v":0,"d":"0.00"},null,{"v":0,"d":"0.00"},null,{"v":0,"d":"0.00"},null,{"v":0,"d":"0.00"},null,{"v":0,"d":"0.00"},null,{"v":0,"d":"0.00"},null,{"v":0,"d":"0.00"},null,{"v":0,"d":"0.00"},null,{"v":88689.69129999999,"d":"88,689.69"},{"v":1,"d":"100.0%"},{"v":88689.69129999999,"d":"88,689.69"},{"v":1,"d":"100%"}]
[]
[25,"SERVIÇOS FINAIS",{"v":6141.4112,"d":"6,141.41"},{"v":0.002653966873558825,"d":"0.27%"},{"v":0,"d":"0.00"},null,{"v":0,"d":"0.00"},null,{"v":0,"d":"0.00"},null,{"v":0,"d":"0.00"},null,{"v":0,"d":"0.00"},null,{"v":0,"d":"0.00"},null,{"v":0,"d":"0.00"},null,{"v":0,"d":"0.00"},null,{"v":0,"d":"0.00"},null,{"v":0,"d":"0.00"},null,{"v":0,"d":"0.00"},null,{"v":6141.4112,"d":"6,141.41"},{"v":1,"d":"100.0%"},{"v":6141.4112,"d":"6,141.41"},{"v":1,"d":"100%"}]
["TOTAL",null,{"v":2314049.682076364,"d":"2,314,049.68"},{"v":0.9999999999999999,"d":"100.0%"},{"v":60959.830799999996,"d":"60,959.83"},{"v":0.026343354367958777,"d":"2.63%"},{"v":91414.29219636365,"d":"91,414.29"},{"v":0.039504031786534034,"d":"3.95%"},{"v":0,"d":"0.00"},{"v":0,"d":"0.00%"},{"v":333723.8049,"d":"333,723.80"},{"v":0.14421635260680937,"d":"14.42%"},{"v":234852.0375,"d":"234,852.04"},{"v":0.10148962631142414,"d":"10.15%"},{"v":218824.99095,"d":"218,824.99"},{"v":0.09456365290897793,"d":"9.46%"},{"v":348021.18542999995,"d":"348,021.19"},{"v":0.1503948632242526,"d":"15.04%"},{"v":181354.05260000002,"d":"181,354.05"},{"v":0.07837085521745307,"d":"7.84%"},{"v":171570.01200000002,"d":"171,570.01"},{"v":0.07414275213229332,"d":"7.41%"},{"v":289538.3147,"d":"289,538.31"},{"v":0.1251219094138901,"d":"12.51%"},{"v":186380.77850000007,"d":"186,380.78"},{"v":0.08054311882049277,"d":"8.05%"},{"v":197410.38249999998,"d":"197,410.38"},{"v":0.08530948320991383,"d":"8.53%"},{"v":2314049.682076364,"d":"2,314,049.68"},{"v":1,"d":"100.0%"}]
["Valor Acomulado",{"$nulls":3},{"v":60959.830799999996,"d":"60,959.83"},{"v":0.026343354367958777,"d":"2.63%"},{"v":91414.29219636365,"d":"91,414.29"},{"v":0.039504031786534034,"d":"3.95%"},{"v":0,"d":"0.00"},{"v":0,"d":"0.00%"},{"v":333723.8049,"d":"333,723.80"},{"v":0.14421635260680937,"d":"14.42%"},{"v":568575.8424,"d":"568,575.84"},{"v":0.24570597891823348,"d":"24.57%"},{"v":787400.83335,"d":"787,400.83"},{"v":0.3402696318272114,"d":"34.03%"},{"v":1135422.01878,"d":"1,135,422.02"},{"v":0.4906644950514641,"d":"49.07%"},{"v":1316776.07138,"d":"1,316,776.07"},{"v":0.5690353502689172,"d":"56.90%"},{"v":1488346.0833800002,"d":"1,488,346.08"},{"v":0.6431781024012105,"d":"64.32%"},{"v":1777884.3980800002,"d":"1,777,884.40"},{"v":0.7683000118151007,"d":"76.83%"},{"v":1964265.1765800002,"d":"1,964,265.18"},{"v":0.8488431306355934,"d":"84.88%"},{"v":2161675.55908,"d":"2,161,675.56"},{"v":0.9341526138455071,"d":"93.42%"}]
{"$rows_empty":13}
[{"$nulls":6},"LUIZ GUILHERME CADORE SILVA"]
[{"$nulls":6},"ENGENHEIRO CIVIL/FISCAL DE OBRAS"]
[{"$nulls":6},"CREA MT041303"]

{"sheet":"RESUMO","index":3,"n_rows":44,"n_cols":4,"rows_kept":44,"merged":[[0,0,0,3],[1,0,1,3],[2,0,2,3],[3,1,3,3],[4,1,4,3],[5,1,5,3],[6,0,6,3],[7,0,7,3],[8,0,8,3],[36,0,36,3],[37,0,37,1]],"flags":["formulas_cached_only"]}
["PREFEITURA MUNICIPAL DE SÃO JOSÉ DOS QUATRO MARCOS - MT"]
["CNPJ Nº 15.024.029/0001-80"]
[]
["Assunto","Escola de Educação Infantil - Proinfancia tipo B"]
["Localização","Rua Cezar Lattes, s/nº "]
["Bairro","Jardim Popular"]
[]
["RESUMO DE SERVIÇOS"]
[]
["ITEM","DESCRIÇÃO DOS SERVIÇOS","VALOR (R$)","PESO"]
[]
["1.0","SERVIÇOS PRELIMINARES ",{"v":55468.729999999996,"d":"55,468.73"},{"v":0.02397041447711213,"d":"2.40%"}]
["2.0","DEMOLIÇÃO/REMOÇÃO",{"v":5491.1008,"d":"5,491.10"},{"v":0.002372939890846645,"d":"0.24%"}]
["3.0","MOVIMENTO DE TERRAS PARA FUNDAÇÕES",{"v":9847.57096,"d":"9,847.57"},{"v":0.004255557275314813,"d":"0.43%"}]
["4.0","FUNDAÇÕES",{"v":81566.72123636365,"d":"81,566.72"},{"v":0.03524847451121922,"d":"3.52%"}]
["5.0","SUPERESTRUTURA ",{"v":230364.06449999995,"d":"230,364.06"},{"v":0.0995501809162963,"d":"9.96%"}]
["6.0","SISTEMA DE VEDAÇÃO VERTICAL INTERNO E EXTERNO (PAREDES)",{"v":103359.74040000001,"d":"103,359.74"},{"v":0.044666171690513054,"d":"4.47%"}]
["7.0","ESQUADRIAS ",{"v":234852.0375,"d":"234,852.04"},{"v":0.10148962631142414,"d":"10.15%"}]
["8.0","SISTEMAS DE COBERTURA ",{"v":174802.29695000002,"d":"174,802.30"},{"v":0.0755395609281614,"d":"7.55%"}]
["9.0","IMPERMEABILIZAÇÀO ",{"v":44022.694,"d":"44,022.69"},{"v":0.019024091980816536,"d":"1.90%"}]
["10.0","REVESTIMENTOS INTERNOS E EXTERNOS",{"v":348021.18542999995,"d":"348,021.19"},{"v":0.1503948632242526,"d":"15.04%"}]
["11.0","SISTEMAS DE PISOS INTERNOS E INTERNOS (PAVIMENTAÇÃO)",{"v":181354.05260000002,"d":"181,354.05"},{"v":0.07837085521745307,"d":"7.84%"}]
["12.0","PINTURA ",{"v":171570.01200000002,"d":"171,570.01"},{"v":0.07414275213229332,"d":"7.41%"}]
["13.0","INSTALAÇÃO HIDRÁULICA ",{"v":28000.610999999997,"d":"28,000.61"},{"v":0.01210026354096056,"d":"1.21%"}]
["14.0","DRENAGEM DE ÁGUAS PLUVIAIS",{"v":78879.5452,"d":"78,879.55"},{"v":0.03408723062904272,"d":"3.41%"}]
["15.0","INSTALAÇÃO SANITÁRIA ",{"v":20345.02,"d":"20,345.02"},{"v":0.0087919547093495,"d":"0.88%"}]
["16.0","LOUÇAS E METAIS ",{"v":60518.248499999994,"d":"60,518.25"},{"v":0.026152527739031876,"d":"2.62%"}]
["17.0","INSTALAÇÃO DE GÁS COMBUSTÍVEL",{"v":13974.56,"d":"13,974.56"},{"v":0.006039006037009899,"d":"0.60%"}]
["18.0","SISTEMA DE PROTEÇÃO CONTRA INCÊNDIO",{"v":87820.33000000002,"d":"87,820.33"},{"v":0.03795092675849556,"d":"3.80%"}]
["19.0","INSTALAÇÕES ELÉTRICAS - 127V",{"v":146656.23000000007,"d":"146,656.23"},{"v":0.06337643963996811,"d":"6.34%"}]
["20.0","INSTALAÇÕES DE CLIMATIZAÇÃO",{"v":5057.8,"d":"5,057.80"},{"v":0.002185692052843787,"d":"0.22%"}]
["21.0","INSTALAÇÕES DE REDE ESTRUTURADA",{"v":29064.51,"d":"29,064.51"},{"v":0.012560019875597843,"d":"1.26%"}]
["22.0","SISTEMA DE EXAUSTÃO MECÂNICA",{"v":5602.2384999999995,"d":"5,602.24"},{"v":0.0024209672520830194,"d":"0.24%"}]
["23.0","SISTEMA DE PROTEÇÃO CONTRA DESCARGAS ATMOSFÉRICAS (SPDA)",{"v":102579.28,"d":"102,579.28"},{"v":0.04432890131725999,"d":"4.43%"}]
["24.0","SERVIÇOS COMPLEMENTARES",{"v":88689.69129999999,"d":"88,689.69"},{"v":0.038326615019095005,"d":"3.83%"}]
["25.0","SERVIÇOS FINAIS",{"v":6141.4112,"d":"6,141.41"},{"v":0.002653966873558825,"d":"0.27%"}]
[]
["TOTAL DOS SERVIÇOS",null,{"v":2314049.682076364,"d":"2,314,049.68"},{"v":0.9999999999999999,"d":"100.00%"}]
[]
[]
[]
[null,"LUIZ GUILHEME CADORE SILVA"]
[null,"Eng. Civil"]
[null,"CREA: MT041303"]

{"sheet":"QCI","index":4,"n_rows":46,"n_cols":9,"rows_kept":46,"merged":[[0,0,0,4],[1,0,1,4],[2,0,2,4],[3,1,3,4],[4,1,4,4],[5,1,5,4],[6,0,6,4],[7,0,7,4],[8,0,8,4],[9,0,9,4],[11,0,11,4],[37,0,37,4],[38,0,38,1]],"flags":["formulas_cached_only"]}
["PREFEITURA MUNICIPAL DE SÃO JOSÉ DOS QUATRO MARCOS - MT"]
["CNPJ Nº 15.024.029/0001-80"]
[]
["Assunto","Escola de Educação Infantil - Proinfancia tipo B"]
["Localização","Rua Cezar Lattes, s/nº "]
["Bairro","Jardim Popular"]
[]
[]
["RESUMO DE SERVIÇOS"]
[]
["ITEM","DESCRIÇÃO DOS SERVIÇOS","VALOR (R$)","REPASSE","CONTRAPARTIDA"]
[]
["1.0","SERVIÇOS PRELIMINARES ",{"v":55468.729999999996,"d":"55,468.73"},{"v":29342.23182285362,"d":"29,342.23"},{"v":26126.498177146375,"d":"26,126.50"}]
["2.0","DEMOLIÇÃO/REMOÇÃO",{"v":5491.1008,"d":"5,491.10"},{"v":2904.7204188063615,"d":"2,904.72"},{"v":2586.3803811936386,"d":"2,586.38"}]
["3.0","MOVIMENTO DE TERRAS PARA FUNDAÇÕES",{"v":9847.57096,"d":"9,847.57"},{"v":5209.236086716267,"d":"5,209.24"},{"v":4638.334873283732,"d":"4,638.33"}]
["4.0","FUNDAÇÕES",{"v":81566.72123636365,"d":"81,566.72"},{"v":43147.72744116298,"d":"43,147.73"},{"v":38418.99379520067,"d":"38,418.99"}]
["5.0","SUPERESTRUTURA ",{"v":230364.06449999995,"d":"230,364.06"},{"v":121859.57356899651,"d":"121,859.57"},{"v":108504.49093100344,"d":"108,504.49"}]
["6.0","SISTEMA DE VEDAÇÃO VERTICAL INTERNO E EXTERNO (PAREDES)",{"v":103359.74040000001,"d":"103,359.74"},{"v":54675.94920537697,"d":"54,675.95"},{"v":48683.79119462304,"d":"48,683.79"}]
["7.0","ESQUADRIAS ",{"v":234852.0375,"d":"234,852.04"},{"v":124233.65251727439,"d":"124,233.65"},{"v":110618.38498272562,"d":"110,618.38"}]
["8.0","SISTEMAS DE COBERTURA ",{"v":174802.29695000002,"d":"174,802.30"},{"v":92468.12610049301,"d":"92,468.13"},{"v":82334.170849507,"d":"82,334.17"}]
["9.0","IMPERMEABILIZAÇÀO ",{"v":44022.694,"d":"44,022.69"},{"v":23287.42866141964,"d":"23,287.43"},{"v":20735.265338580364,"d":"20,735.27"}]
["10.0","REVESTIMENTOS INTERNOS E EXTERNOS",{"v":348021.18542999995,"d":"348,021.19"},{"v":184098.64985463678,"d":"184,098.65"},{"v":163922.53557536317,"d":"163,922.54"}]
["11.0","SISTEMAS DE PISOS INTERNOS E INTERNOS (PAVIMENTAÇÃO)",{"v":181354.05260000002,"d":"181,354.05"},{"v":95933.91904597763,"d":"95,933.92"},{"v":85420.1335540224,"d":"85,420.13"}]
["12.0","PINTURA ",{"v":171570.01200000002,"d":"171,570.01"},{"v":90758.28968778948,"d":"90,758.29"},{"v":80811.72231221054,"d":"80,811.72"}]
["13.0","INSTALAÇÃO HIDRÁULICA ",{"v":28000.610999999997,"d":"28,000.61"},{"v":14811.956559011629,"d":"14,811.96"},{"v":13188.654440988368,"d":"13,188.65"}]
["14.0","DRENAGEM DE ÁGUAS PLUVIAIS",{"v":78879.5452,"d":"78,879.55"},{"v":41726.24650572783,"d":"41,726.25"},{"v":37153.29869427216,"d":"37,153.30"}]
["15.0","INSTALAÇÃO SANITÁRIA ",{"v":20345.02,"d":"20,345.02"},{"v":10762.249167785047,"d":"10,762.25"},{"v":9582.770832214954,"d":"9,582.77"}]
["16.0","LOUÇAS E METAIS ",{"v":60518.248499999994,"d":"60,518.25"},{"v":32013.360987353837,"d":"32,013.36"},{"v":28504.887512646157,"d":"28,504.89"}]
["17.0","INSTALAÇÃO DE GÁS COMBUSTÍVEL",{"v":13974.56,"d":"13,974.56"},{"v":7392.359247135771,"d":"7,392.36"},{"v":6582.200752864229,"d":"6,582.20"}]
["18.0","SISTEMA DE PROTEÇÃO CONTRA INCÊNDIO",{"v":87820.33000000002,"d":"87,820.33"},{"v":46455.80458790939,"d":"46,455.80"},{"v":41364.525412090625,"d":"41,364.53"}]
["19.0","INSTALAÇÕES ELÉTRICAS - 127V",{"v":146656.23000000007,"d":"146,656.23"},{"v":77579.22524863544,"d":"77,579.23"},{"v":69077.00475136463,"d":"69,077.00"},null,null,1224101.98,{"v":0.5289869052861608,"d":"52.90%"}]
["20.0","INSTALAÇÕES DE CLIMATIZAÇÃO",{"v":5057.8,"d":"5,057.80"},{"v":2675.509969556344,"d":"2,675.51"},{"v":2382.290030443656,"d":"2,382.29"}]
["21.0","INSTALAÇÕES DE REDE ESTRUTURADA",{"v":29064.51,"d":"29,064.51"},{"v":15374.745198558672,"d":"15,374.75"},{"v":13689.764801441326,"d":"13,689.76"}]
["22.0","SISTEMA DE EXAUSTÃO MECÂNICA",{"v":5602.2384999999995,"d":"5,602.24"},{"v":2963.5108067899832,"d":"2,963.51"},{"v":2638.7276932100162,"d":"2,638.73"}]
["23.0","SISTEMA DE PROTEÇÃO CONTRA DESCARGAS ATMOSFÉRICAS (SPDA)",{"v":102579.28,"d":"102,579.28"},{"v":54263.09587368256,"d":"54,263.10"},{"v":48316.184126317436,"d":"48,316.18"}]
["24.0","SERVIÇOS COMPLEMENTARES",{"v":88689.69129999999,"d":"88,689.69"},{"v":46915.685331571935,"d":"46,915.69"},{"v":41774.00596842806,"d":"41,774.01"}]
["25.0","SERVIÇOS FINAIS",{"v":6141.4112,"d":"6,141.41"},{"v":3248.7261047777665,"d":"3,248.73"},{"v":2892.685095222233,"d":"2,892.69"}]
[]
["TOTAL DOS SERVIÇOS",null,{"v":2314049.682076364,"d":"2,314,049.68"},{"v":1224101.98,"d":"1,224,101.98"},{"v":1089947.7020763638,"d":"1,089,947.70"}]
[]
[]
[]
[]
[null,"LUIZ GUILHEME CADORE SILVA"]
[null,"Eng. Civil"]
[null,"CREA: MT041303"]

{"sheet":"Cotação","index":5,"n_rows":551,"n_cols":5,"rows_kept":551,"merged":[[0,0,0,4],[8,0,8,4],[16,0,16,4],[24,0,24,4],[32,0,32,4],[40,0,40,4],[49,0,49,4],[57,0,57,4],[63,0,63,4],[69,0,69,4],[76,0,76,4],[90,0,90,4],[96,0,96,4],[102,0,102,4],[108,0,108,4],[114,0,114,4],[120,0,120,4],[126,0,126,4],[133,0,133,4],[140,0,140,4],[146,0,146,4],[153,0,153,4],[159,0,159,4],[165,0,165,4],[171,0,171,4],[177,0,177,4],[183,0,183,4],[189,0,189,4],[195,0,195,4],[201,0,201,4],[207,0,207,4],[213,0,213,4],[219,0,219,4],[226,0,226,4],[232,0,232,4],[238,0,238,4],[244,0,244,4],[250,0,250,4],[256,0,256,4],[262,0,262,4],[269,0,269,4],[276,0,276,4],[283,0,283,4],[290,0,290,4],[297,0,297,4],[304,0,304,4],[310,0,310,4],[316,0,316,4],[322,0,322,4],[329,0,329,4],[335,0,335,4],[341,0,341,4],[347,0,347,4],[353,0,353,4],[360,0,360,4],[366,0,366,4],[372,0,372,4],[378,0,378,4],[384,0,384,4],[391,0,391,4],[398,0,398,4],[406,0,406,4],[412,0,412,4],[419,0,419,4],[426,0,426,4],[432,0,432,4],[438,0,438,4],[444,0,444,4],[450,0,450,4],[456,0,456,4],[462,0,462,4],[468,0,468,4],[474,0,474,4],[480,0,480,4],[487,0,487,4],[495,0,495,4],[501,0,501,4],[507,0,507,4],[513,0,513,4],[519,0,519,4],[525,0,525,4],[531,0,531,4],[539,0,539,4],[546,0,546,4]],"flags":["formulas_cached_only"]}
["Formas"]
["Fornecedor ","Contato","Unidade m²","Preço ","Data "]
["Inicial Contruções ","(65) 99621-9389",1,{"v":22.24,"d":"R$ 22.24"},"2021-07-15"]
["Pop 90 construções","(65) 99905-3061",1,{"v":27.32,"d":"R$ 27.32"},"2021-07-15"]
["Pedrozo Engenharia ","(65) 99996-1038",1,{"v":29.76,"d":"R$ 29.76"},"2021-07-15"]
[]
[]
[]
["Armadura"]
["Fornecedor ","Contato","Unidade kg","Preço ","Data "]
["Inicial Contruções ","(65) 99621-9389",1,{"v":6.81,"d":"R$ 6.81"},"2021-07-15"]
["Pop 90 construções","(65) 99905-3061",1,{"v":6.94,"d":"R$ 6.94"}]
["Pedrozo Engenharia ","(65) 99996-1038",1,{"v":7.03,"d":"R$ 7.03"}]
[]
[]
[]
["Concreto 25 Mpa"]
["Fornecedor ","Contato","Unidade m³","Preço ","Data "]
["Inicial Contruções ","(65) 99621-9389",1,359.52,"2021-07-15"]
["Pop 90 construções","(65) 99905-3061",1,387.03]
["Pedrozo Engenharia ","(65) 99996-1038",1,411.6]
[]
[]
[]
["Porta de Madeira - PM2 - 80x210, com visor de vidro, chapa, barra excluso ferragens "]
["Fornecedor ","Contato","Unidade","Preço ","Data "]
["Inicial Contruções ","(65) 99621-9389",1,450,"2021-07-15"]
["Pop 90 construções","(65) 99905-3061",1,478.43]
["Pedrozo Engenharia ","(65) 99996-1038",1,462.98]
[]
[]
[]
["Porta de Madeira - PM3 - 80x210, com chapa, barra e ferragens"]
["Fornecedor ","Contato","Unidade","Preço ","Data "]
["Inicial Contruções ","(65) 99621-9389",1,{"v":380,"d":"380.00"},"2021-07-15"]
["Pop 90 construções","(65) 99905-3061",1,401.76]
["Pedrozo Engenharia ","(65) 99996-1038",1,394.32]
[]
[]
[]
["Tela de nylon de Proteção-fixada na esquadria"]
["Fornecedor ","Contato","Unidade m²","Preço ","Data "]
["Inicial Contruções ","(65) 99621-9389",1,{"v":20,"d":"20.00"},"2021-07-15"]
["Pop 90 construções","(65) 99905-3061",1,22.96]
["Pedrozo Engenharia ","(65) 99996-1038",1,22.08]
[]
[]
[]
[]
["Canaleta com grelha furada de concreto para piso, 60x40 cm"]
["Fornecedor ","Contato","Unidade m","Preço ","Data "]
["Inicial Contruções ","(65) 99621-9389",1,{"v":350,"d":"350.00"},"2021-07-15"]
["Pop 90 construções","(65) 99905-3061",1,{"v":378.4,"d":"378.40"}]
["Pedrozo Engenharia ","(65) 99996-1038",1,364.81]
[]
[]
[]
["Caixa em alvenaria 30x30x30 cm  para Registro"]
["Fornecedor ","Contato","Unidade","Preço ","Data "]
["Inicial Contruções ","(65) 99621-9389",1,120,"2021-07-15"]
["Pop 90 construções","(65) 99905-3061",1,134.53]
["Pedrozo Engenharia ","(65) 99996-1038",1,127.21]
[]
["Caixa em alvenaria 100x160 cm para bombas"]
["Fornecedor ","Contato","Unidade","Preço ","Data "]
["Inicial Contruções ","(65) 99621-9389",1,400,"2021-07-15"]
["Pop 90 construções","(65) 99905-3061",1,411.88]
["Pedrozo Engenharia ","(65) 99996-1038",1,403.72]
[]
["Caixa de ralo em alvenaria com fundo em concreto, 40x40cm"]
["Fornecedor ","Contato","Unidade","Preço ","Data "]
["Inicial Contruções ","(65) 99621-9389",1,140,"2021-07-15"]
["Pop 90 construções","(65) 99905-3061",1,153.24]
["Pedrozo Engenharia ","(65) 99996-1038",1,155.5]
[]
[]
["Saboneteira Linha Excellence, código 7009"]
["Fornecedor ","Contato","Unidade","Preço ","Data "]
["Inicial Contruções ","(65) 99621-9389",1,72.34,"2021-07-15"]
["Pop 90 construções","(65) 99905-3061",1,81.4]
["Pedrozo Engenharia ","(65) 99996-1038",1,70]
[]
[]
["Dispenser Toalha Linha Excellence, código 7007"]
["Fornecedor ","Contato","Unidade","Preço ","Data "]
["Inicial Contruções ","(65) 99621-9389",1,79.87,"2021-07-15"]
["Pop 90 construções","(65) 99905-3061",1,75]
["Pedrozo Engenharia ","(65) 99996-1038",1,77.39]
[]
[]
["Barra de apoio, Linha conforto, código 2305.C, cor cromado, DECA ou equivalente"]
["Fornecedor ","Contato","Unidade","Preço ","Data "]
["Inicial Contruções ","(65) 99621-9389",1,240,"2021-07-15"]
["Pop 90 construções","(65) 99905-3061",1,267.26]
["Pedrozo Engenharia ","(65) 99996-1038",1,296.44]
[]
["Barra de apoio para lavatório \" u \", Linha conforto, aço polido, DECA, ou equivalente"]
["Fornecedor ","Contato","Unidade","Preço ","Data "]
["Inicial Contruções ","(65) 99621-9389",1,300,"2021-07-15"]
["Pop 90 construções","(65) 99905-3061",1,328.91]
["Pedrozo Engenharia ","(65) 99996-1038",1,314.12]
[]
["Barra de apoio para proteção janelas"]
["Fornecedor ","Contato","Unidade m","Preço ","Data "]
["Inicial Contruções ","(65) 99621-9389",1,370.6,"2021-07-15"]
["Pop 90 construções","(65) 99905-3061",1,361.03]
["Pedrozo Engenharia ","(65) 99996-1038",1,358]
[]
["Banheira Embutir em plástico tipo PVC, 77x45x20cm, Burigotto ou equivalente"]
["Fornecedor ","Contato","Unidade","Preço ","Data "]
["Inicial Contruções ","(65) 99621-9389",1,185,"2021-07-15"]
["Pop 90 construções","(65) 99905-3061",1,187.98]
["Pedrozo Engenharia ","(65) 99996-1038",1,186.16]
[]
["Torneira elétrica Maxi Torneira, LORENZETTI com Mangueira plástica para torneira elétrica, cógigo 8010-A, LORENZETTI, ou equivalente "]
["Fornecedor ","Contato","Unidade","Preço ","Data "]
["Inicial Contruções ","(65) 99621-9389",1,216.98,"2021-07-15"]
["Pop 90 construções","(65) 99905-3061",1,215,"2021-07-15"]
["Pedrozo Engenharia ","(65) 99996-1038",1,234.9,"2021-07-17"]
[]
["Cuba industrial 50x40 profundidade 30 – HIDRONOX, ou equivalente, com sifão em metal cromado 1.1/2x1.1/2\", válvula em metal cromado tipo americana 3.1/2\"x1.1/2\" para pia - fornecimento e instalação"]
["Fornecedor ","Contato","Unidade","Preço ","Data "]
["Inicial Contruções ","(65) 99621-9389",1,523.9,"2021-07-15"]
["Pop 90 construções","(65) 99905-3061",1,499,"2021-07-16"]
["Pedrozo Engenharia ","(65) 99996-1038",1,503,"2021-07-17"]
[]
["Torneira elétrica LorenEasy, LORENZETTI ou equivalente"]
["Fornecedor ","Contato","Unidade","Preço ","Data "]
["Inicial Contruções ","(65) 99621-9389",1,253.9,"2021-07-15"]
["Pop 90 construções","(65) 99905-3061",1,199]
["Pedrozo Engenharia ","(65) 99996-1038",1,224.21]
[]
[]
["Central de GLP Botijões P45"]
["Fornecedor ","Contato","Unidade","Preço ","Data "]
["Inicial Contruções ","(65) 99621-9389",1,3500,"2021-07-15"]
["Pop 90 construções","(65) 99905-3061",1,3650]
["Pedrozo Engenharia ","(65) 99996-1038",1,3550]
[]
[]
["Fita anticorrosiva"]
["Fornecedor ","Contato","Unidade m","Preço ","Data "]
["Inicial Contruções ","(65) 99621-9389",1,6.9,"2021-07-15"]
["Pop 90 construções","(65) 99905-3061",1,8.12]
["Pedrozo Engenharia ","(65) 99996-1038",1,7.77]
[]
["Válvula esfera Ø 3/4\" NPT 300"]
["Fornecedor ","Contato","Unidade","Preço ","Data "]
["Inicial Contruções ","(65) 99621-9389",1,120,"2021-07-15"]
["Pop 90 construções","(65) 99905-3061",1,123.21]
["Pedrozo Engenharia ","(65) 99996-1038",1,134.66]
[]
[]
["Registro 1º Estágio c/ manômetro"]
["Fornecedor ","Contato","Unidade","Preço ","Data "]
["Inicial Contruções ","(65) 99621-9389",1,75.74,"2021-07-15"]
["Pop 90 construções","(65) 99905-3061",1,81.32]
["Pedrozo Engenharia ","(65) 99996-1038",1,71]
[]
["Registro 2º Estágio c/ manômetro"]
["Fornecedor ","Contato","Unidade","Preço ","Data "]
["Inicial Contruções ","(65) 99621-9389",1,75.74,"2021-07-15"]
["Pop 90 construções","(65) 99905-3061",1,81.32]
["Pedrozo Engenharia ","(65) 99996-1038",1,71]
[]
["Registro do Regulador"]
["Fornecedor ","Contato","Unidade","Preço ","Data "]
["Inicial Contruções ","(65) 99621-9389",1,198,"2021-07-15"]
["Pop 90 construções","(65) 99905-3061",1,203.33]
["Pedrozo Engenharia ","(65) 99996-1038",1,199.9]
[]
["Manômetro NPT 1/4, 0 a 300 Psi"]
["Fornecedor ","Contato","Unidade","Preço ","Data "]
["Inicial Contruções ","(65) 99621-9389",1,75.9,"2021-07-15"]
["Pop 90 construções","(65) 99905-3061",1,88.13]
["Pedrozo Engenharia ","(65) 99996-1038",1,77.81]
[]
["Tampão de engate rápido tipo de 2.1/2\" com vedação em neoprene em Latão."]
["Fornecedor ","Contato","Unidade","Preço ","Data "]
["Inicial Contruções ","(65) 99621-9389",1,225,"2021-07-15"]
["Pop 90 construções","(65) 99905-3061",1,249.4]
["Pedrozo Engenharia ","(65) 99996-1038",1,239.89]
[]
["Alarme de incêndio"]
["Fornecedor ","Contato","Unidade","Preço ","Data "]
["Inicial Contruções ","(65) 99621-9389",1,102.8,"2021-07-15"]
["Pop 90 construções","(65) 99905-3061",1,99]
["Pedrozo Engenharia ","(65) 99996-1038",1,112.76]
[]
["Acionador manual tipo \"quebre o vidro\" com sirene"]
["Fornecedor ","Contato","Unidade","Preço ","Data "]
["Inicial Contruções ","(65) 99621-9389",1,101.9,"2021-07-15"]
["Pop 90 construções","(65) 99905-3061",1,99]
["Pedrozo Engenharia ","(65) 99996-1038",1,111.9]
[]
["Caixa de comando para bomba de incêndio"]
["Fornecedor ","Contato","Unidade","Preço ","Data "]
["Inicial Contruções ","(65) 99621-9389",1,1550,"2021-07-15"]
["Pop 90 construções","(65) 99905-3061",1,1760]
["Pedrozo Engenharia ","(65) 99996-1038",1,1500]
[]
["Central de alarme de incêndio tensão de alimentação 220V com bateria celada 12V 7Ah, de sobrepor, grau de proteção IP20, para 10 setores."]
["Fornecedor ","Contato","Unidade","Preço ","Data "]
["Inicial Contruções ","(65) 99621-9389",1,577.9,"2021-07-15"]
["Pop 90 construções","(65) 99905-3061",1,570]
["Pedrozo Engenharia ","(65) 99996-1038",1,589]
[]
["Placas de sinalização para mangotinhos \"hidrantes\""]
["Fornecedor ","Contato","Unidade","Preço ","Data "]
["Inicial Contruções ","(65) 99621-9389",1,25,"2021-07-15"]
["Pop 90 construções","(65) 99905-3061",1,28.25]
["Pedrozo Engenharia ","(65) 99996-1038",1,26.8]
[]
["Caixa 50X50X50 com tampa em concreto armado"]
["Fornecedor ","Contato","Unidade","Preço ","Data "]
["Inicial Contruções ","(65) 99621-9389",1,301,"2021-07-15"]
["Pop 90 construções","(65) 99905-3061",1,325]
["Pedrozo Engenharia ","(65) 99996-1038",1,310]
[]
["Caixa para hidrante de passeio com tampa em Ferro Fundido com a escrita \"INCÊNDIO\" estampada"]
["Fornecedor ","Contato","Unidade","Preço ","Data "]
["Inicial Contruções ","(65) 99621-9389",1,540,"2021-07-15"]
["Pop 90 construções","(65) 99905-3061",1,556.82]
["Pedrozo Engenharia ","(65) 99996-1038",1,561.04]
[]
[]
["Motobomba THEBE - REF. TH16NR - potência de 1,5CV, Hman= 17m.c.a, Qrec.= 13,3 m³/h, sucção: 1.1/2\", recalque: 1\", monoestágio, trifásico, 60Hz, ou similar."]
["Fornecedor ","Contato","Unidade","Preço ","Data "]
["Inicial Contruções ","(65) 99621-9389",1,2100,"2021-07-15"]
["Pop 90 construções","(65) 99905-3061",1,2230]
["Pedrozo Engenharia ","(65) 99996-1038",1,2300]
[]
["Suporte para abrigo do mangotinho confeccionado com tubo de ferro galvanizado DN100(4\") com duas chapas de aço 20X20cm e espessura de 4,76mm (3/16\") soldadas nas pontas contendo quatro furos para parafusos M8. h= 80cm."]
["Fornecedor ","Contato","Unidade","Preço ","Data "]
["Inicial Contruções ","(65) 99621-9389",1,750,"2021-07-15"]
["Pop 90 construções","(65) 99905-3061",1,630]
["Pedrozo Engenharia ","(65) 99996-1038",1,1038.5]
[]
["Abrigo com carretel para mangotinho confeccionado em chapa de aço de 0,9mm, medindo (C:90Xh:80XP:30cm) com porta trinco, visor de vidro e veneziana de ventilação. O carretel terá uma mangueira semi-rígida com 25mm de diâmetro com 30m de comprimento tendo em uma das pontas um esguicho de jato regulável DN25  (1\") com vazão de 260l/min e na outra um conector em metal de 1\"."]
["Fornecedor ","Contato","Unidade","Preço ","Data "]
["Inicial Contruções ","(65) 99621-9389",1,409,"2021-07-15"]
["Pop 90 construções","(65) 99905-3061",1,526.3]
["Pedrozo Engenharia ","(65) 99996-1038",1,500]
[]
["Presilhas para tubo de Aço Galvanizado de 3/4\""]
["Fornecedor ","Contato","Unidade","Preço ","Data "]
["Inicial Contruções ","(65) 99621-9389",1,18.2,"2021-07-15"]
["Pop 90 construções","(65) 99905-3061",1,15]
["Pedrozo Engenharia ","(65) 99996-1038",1,32.15]
[]
["Placa de sinalização em pvc cod 13 - (316x158) Saída de emergência"]
["Fornecedor ","Contato","Unidade","Preço ","Data "]
["Inicial Contruções ","(65) 99621-9389",1,30.5,"2021-07-15"]
["Pop 90 construções","(65) 99905-3061",1,25]
["Pedrozo Engenharia ","(65) 99996-1038",1,35.15]
[]
["Placa de sinalização em pvc cod 17 - (316x158) Mensagem \"Saída\""]
["Fornecedor ","Contato","Unidade","Preço ","Data "]
["Inicial Contruções ","(65) 99621-9389",1,30.5,"2021-07-15"]
["Pop 90 construções","(65) 99905-3061",1,23]
["Pedrozo Engenharia ","(65) 99996-1038",1,35.15]
[]
["Placa de sinalização em pvc cod 263 - (300x300) Extintor de Incêndio"]
["Fornecedor ","Contato","Unidade","Preço ","Data "]
["Inicial Contruções ","(65) 99621-9389",1,30.5,"2021-07-15"]
["Pop 90 construções","(65) 99905-3061",1,23]
["Pedrozo Engenharia ","(65) 99996-1038",1,35.15]
[]
[]
["Quadro de comando de Motor, de embutir, completo, p/ 2 motores de 3/4 cv (1 de reserva) , para controle automático de nível de reservatório superior e inferior, com contatores, bases fusíveis completas com fusível, relé térmico de sobrecarga, relé de falta de fase, chaves e lâmpadas,  com porta e trinco e acessórios (QCM - conforme projeto)"]
["Fornecedor ","Contato","Unidade","Preço ","Data "]
["Inicial Contruções ","(65) 99621-9389",1,1620,"2021-07-15"]
["Pop 90 construções","(65) 99905-3061",1,2045]
["Pedrozo Engenharia ","(65) 99996-1038",1,1889.9]
[]
[]
["Dispositivo Diferencial Residual"]
["Fornecedor ","Contato","Unidade","Preço ","Data "]
["Inicial Contruções ","(65) 99621-9389",1,165,"2021-07-15"]
["Pop 90 construções","(65) 99905-3061",1,199.9]
["Pedrozo Engenharia ","(65) 99996-1038",1,176.8]
[null,"(65) 99621-9389",1]
[]
["Dispositivo de proteção contra surto"]
["Fornecedor ","Contato","Unidade","Preço ","Data "]
["Inicial Contruções ","(65) 99621-9389",1,521.5,"2021-07-15"]
["Pop 90 construções","(65) 99905-3061",1,360.5]
["Pedrozo Engenharia ","(65) 99996-1038",1,345]
[]
[]
["Caixa em Alvenaria tipo - CB-1"]
["Fornecedor ","Contato","Unidade","Preço ","Data "]
["Inicial Contruções ","(65) 99621-9389",1,165,"2021-07-15"]
["Pop 90 construções","(65) 99905-3061",1,321]
["Pedrozo Engenharia ","(65) 99996-1038",1,180]
[]
[]
["Caixa em alvenaria tipo R-0"]
["Fornecedor ","Contato","Unidade","Preço ","Data "]
["Inicial Contruções ","(65) 99621-9389",1,345,"2021-07-15"]
["Pop 90 construções","(65) 99905-3061",1,421]
["Pedrozo Engenharia ","(65) 99996-1038",1,356.5]
[]
[]
["Luminária de piso"]
["Fornecedor ","Contato","Unidade","Preço ","Data "]
["Inicial Contruções ","(65) 99621-9389",1,71.25,"2021-07-15"]
["Pop 90 construções","(65) 99905-3061",1,60]
["Pedrozo Engenharia ","(65) 99996-1038",1,68.3]
[]
["Patch Panel 19\"  - 24 portas, Categoria 6"]
["Fornecedor ","Contato","Unidade","Preço ","Data "]
["Inicial Contruções ","(65) 99621-9389",1,260,"2021-07-15"]
["Pop 90 construções","(65) 99905-3061",1,258]
["Pedrozo Engenharia ","(65) 99996-1038",1,230]
[]
["Switch de 24 portas"]
["Fornecedor ","Contato","Unidade","Preço ","Data "]
["Inicial Contruções ","(65) 99621-9389",1,401,"2021-07-15"]
["Pop 90 construções","(65) 99905-3061",1,370.9]
["Pedrozo Engenharia ","(65) 99996-1038",1,360]
[]
["Bloco 110 para rack 19” 100 pares"]
["Fornecedor ","Contato","Unidade","Preço ","Data "]
["Inicial Contruções ",null,1,300,"2021-07-15"]
["Pop 90 construções","(65) 99905-3061",1,305.9]
["Pedrozo Engenharia ","(65) 99996-1038",1,270]
[]
[]
["Guia de Cabos Frontal, fechado "]
["Fornecedor ","Contato","Unidade","Preço ","Data "]
["Inicial Contruções ","(65) 99621-9389",1,85,"2021-07-15"]
["Pop 90 construções","(65) 99905-3061",1,78.2]
["Pedrozo Engenharia ","(65) 99996-1038",1,60]
[]
["Guia de Cabos Traseiro"]
["Fornecedor ","Contato","Unidade","Preço ","Data "]
["Inicial Contruções ","(65) 99621-9389",1,85,"2021-07-15"]
["Pop 90 construções","(65) 99905-3061",1,78.2]
["Pedrozo Engenharia ","(65) 99996-1038",1,60]
[]
["Trava Path Panel"]
["Fornecedor ","Contato","Unidade","Preço ","Data "]
["Inicial Contruções ","(65) 99621-9389",1,48,"2021-07-15"]
["Pop 90 construções","(65) 99905-3061",1,105]
["Pedrozo Engenharia ","(65) 99996-1038",1,35]
[]
["Guia de Cabos Vertical, fechado "]
["Fornecedor ","Contato","Unidade","Preço ","Data "]
["Inicial Contruções ","(65) 99621-9389",1,80,"2021-07-15"]
["Pop 90 construções","(65) 99905-3061",1,78.2]
["Pedrozo Engenharia ","(65) 99996-1038",1,60]
[]
["Guia de Cabos Superior, fechado "]
["Fornecedor ","Contato","Unidade","Preço ","Data "]
["Inicial Contruções ","(65) 99621-9389",1,80,"2021-07-15"]
["Pop 90 construções","(65) 99905-3061",1,78.2]
["Pedrozo Engenharia ","(65) 99996-1038",1,60]
[]
[]
["Cabo UTP Categoria 5e"]
["Fornecedor ","Contato","Unidade","Preço ","Data "]
["Inicial Contruções ","(65) 99621-9389",1,2.75,"2021-07-15"]
["Pop 90 construções","(65) 99905-3061",1,3]
["Pedrozo Engenharia ","(65) 99996-1038",1,2.5]
[]
["Cabos de conexões – Patch Cord ultra flexível com RJ 45 nas 2 pontas - 1,50 metros"]
["Fornecedor ","Contato","Unidade","Preço ","Data "]
["Inicial Contruções ","(65) 99621-9389",1,40,"2021-07-15"]
["Pop 90 construções","(65) 99905-3061",1,26.5]
["Pedrozo Engenharia ","(65) 99996-1038",1,25]
[]
["Cabos de conexões – Patch cord 110 / RJ-45 1 par -1,50m"]
["Fornecedor ","Contato","Unidade","Preço ","Data "]
["Inicial Contruções ","(65) 99621-9389",1,30.5,"2021-07-15"]
["Pop 90 construções","(65) 99905-3061",1,34]
["Pedrozo Engenharia ","(65) 99996-1038",1,25]
[]
["Cabos de conexões – Patch Cord ultra flexível com RJ 45 em 1 ponta - 1,50 metros"]
["Fornecedor ","Contato","Unidade","Preço ","Data "]
["Inicial Contruções ","(65) 99621-9389",1,9.5,"2021-07-15"]
["Pop 90 construções","(65) 99905-3061",1,8.5]
["Pedrozo Engenharia ","(65) 99996-1038",1,7]
[]
["Cabos de conexões – Patch Cord ultra flexível com RJ 45 nas 2 pontas - 3,0 metros"]
["Fornecedor ","Contato","Unidade","Preço ","Data "]
["Inicial Contruções ","(65) 99621-9389",1,30.5,"2021-07-15"]
["Pop 90 construções","(65) 99905-3061",1,34.5]
["Pedrozo Engenharia ","(65) 99996-1038",1,22]
[]
[]
["Curva horizontal para eletrocalha 100 x 50 mm"]
["Fornecedor ","Contato","Unidade","Preço ","Data "]
["Inicial Contruções ","(65) 99621-9389",1,20,"2021-07-15"]
["Pop 90 construções","(65) 99905-3061",1,11.68]
["Pedrozo Engenharia ","(65) 99996-1038",1,35]
[]
[]
["Curva vertical para eletrocalha 100 x 50 mm"]
["Fornecedor ","Contato","Unidade","Preço ","Data "]
["Inicial Contruções ","(65) 99621-9389",1,31,"2021-07-15"]
["Pop 90 construções","(65) 99905-3061",1,26]
["Pedrozo Engenharia ","(65) 99996-1038",1,44.1]
[]
[]
[]
["Tê horizontal para eletrocalha 100 x 50 mm"]
["Fornecedor ","Contato","Unidade","Preço ","Data "]
["Inicial Contruções ","(65) 99621-9389",null,65,"2021-07-15"]
["Pop 90 construções","(65) 99905-3061",null,37]
["Pedrozo Engenharia ","(65) 99996-1038",null,38.2]
[]
["Fechamento para eletrocalha 100 x 50 mm"]
["Fornecedor ","Contato","Unidade","Preço ","Data "]
["Inicial Contruções ","(65) 99621-9389",1,105.5,"2021-07-15"]
["Pop 90 construções","(65) 99905-3061",1,87]
["Pedrozo Engenharia ","(65) 99996-1038",1,105]
[]
[]
["Flange para eletrocalha 100 x 50 mm"]
["Fornecedor ","Contato","Unidade","Preço ","Data "]
["Inicial Contruções ","(65) 99621-9389",1,16.05,"2021-07-15"]
["Pop 90 construções","(65) 99905-3061",1,6]
["Pedrozo Engenharia ","(65) 99996-1038",1,18.6]
[]
[]
["Motor Axial de parede Qmin 3.000m³/h P= 1/3 CV com proteção em Aço Inox"]
["Fornecedor ","Contato","Unidade","Preço ","Data "]
["Inicial Contruções ","(65) 99621-9389",1,226,"2021-07-15"]
["Pop 90 construções","(65) 99905-3061",1,345]
["Pedrozo Engenharia ","(65) 99996-1038",1,230]
[]
["Coifa de Centro em Aço Inox de 1400x900x450"]
["Fornecedor ","Contato","Unidade","Preço ","Data "]
["Inicial Contruções ","(65) 99621-9389",1,3054,"2021-07-15"]
["Pop 90 construções","(65) 99905-3061",1,1043]
["Pedrozo Engenharia ","(65) 99996-1038",1,2650]
[]
["Suporte metálico para fixação dos dutos e coifa, conforme projeto e especificação"]
["Fornecedor ","Contato","Cj","Preço ","Data "]
["Inicial Contruções ","(65) 99621-9389",1,32,"2021-07-15"]
["Pop 90 construções","(65) 99905-3061",1,6]
["Pedrozo Engenharia ","(65) 99996-1038",1,105]
[]
["Curvas Soldada em Chapa Preta 16, d=19,5cm"]
["Fornecedor ","Contato","Unidade","Preço ","Data "]
["Inicial Contruções ","(65) 99621-9389",1,290,"2021-07-15"]
["Pop 90 construções","(65) 99905-3061",1,62]
["Pedrozo Engenharia ","(65) 99996-1038",1,190]
[]
["Curvas Soldada em Chapa Preta 16, d=40 cm"]
["Fornecedor ","Contato","Unidade","Preço ","Data "]
["Inicial Contruções ","(65) 99621-9389",1,320,"2021-07-15"]
["Pop 90 construções","(65) 99905-3061",1,131]
["Pedrozo Engenharia ","(65) 99996-1038",1,198]
[]
["Duto circular Soldado em Chapa Preta 16, d=19,5cm"]
["Fornecedor ","Contato","Metro","Preço ","Data "]
["Inicial Contruções ","(65) 99621-9389",1,345,"2021-07-15"]
["Pop 90 construções","(65) 99905-3061",1,200]
["Pedrozo Engenharia ","(65) 99996-1038",1,245]
[]
["Duto circular Soldado em Chapa Preta 16, d=40cm"]
["Fornecedor ","Contato","Metro","Preço ","Data "]
["Inicial Contruções ","(65) 99621-9389",1,345,"2021-07-15"]
["Pop 90 construções","(65) 99905-3061",1,245]
["Pedrozo Engenharia ","(65) 99996-1038",1,250]
[]
["Expansão metálica 40x19,5cm, conforme projeto e especificação"]
["Fornecedor ","Contato","Metro","Preço ","Data "]
["Inicial Contruções ","(65) 99621-9389",1,67,"2021-07-15"]
["Pop 90 construções","(65) 99905-3061",1,89]
["Pedrozo Engenharia ","(65) 99996-1038",1,98]
[]
["Comando Elétrico"]
["Fornecedor ","Contato","Unidade","Preço ","Data "]
["Inicial Contruções ","(65) 99621-9389",1,1058,"2021-07-15"]
["Pop 90 construções","(65) 99905-3061",1,652]
["Pedrozo Engenharia ","(65) 99996-1038",1,400]
[]
["Vergalhão CA - 25 # 10 mm2"]
["Fornecedor ","Contato","metro","Preço ","Data "]
["Inicial Contruções ","(65) 99621-9389",1,150,"2021-07-15"]
["Pop 90 construções","(65) 99905-3061",1,120]
["Pedrozo Engenharia ","(65) 99996-1038",1,90]
[]
[]
["Conector mini-gar em bronze estanhado Tel-583"]
["Fornecedor ","Contato","Unidade","Preço ","Data "]
["Inicial Contruções ","(65) 99621-9389",1,6.5,"2021-07-15"]
["Pop 90 construções","(65) 99905-3061",1,8]
["Pedrozo Engenharia ","(65) 99996-1038",1,12.3]
[]
[]
[]
["Isolador simples com chapa de encosto h=100 mm"]
["Fornecedor ","Contato","Unidade","Preço ","Data "]
["Inicial Contruções ","(65) 99621-9389",1,6,"2021-07-15"]
["Pop 90 construções","(65) 99905-3061",1,35]
["Pedrozo Engenharia ","(65) 99996-1038",1,42]
[]
["Isolador simples para quinas 90º com chapa de encosto h=100 mm"]
["Fornecedor ","Contato","Unidade","Preço ","Data "]
["Inicial Contruções ","(65) 99621-9389",1,10,"2021-07-15"]
["Pop 90 construções","(65) 99905-3061",1,65]
["Pedrozo Engenharia ","(65) 99996-1038",1,37.5]
[]
["Caixa de equalização de potências 200x200mm em aço com barramento Expessura  6 mm"]
["Fornecedor ","Contato","Unidade","Preço ","Data "]
["Inicial Contruções ","(65) 99621-9389",1,625,"2021-07-15"]
["Pop 90 construções","(65) 99905-3061",1,499]
["Pedrozo Engenharia ","(65) 99996-1038",1,1035]
[]
["Alça de içamento"]
["Fornecedor ","Contato","Unidade","Preço ","Data "]
["Inicial Contruções ","(65) 99621-9389",2,625,"2021-07-15"]
["Pop 90 construções","(65) 99905-3061",2,300]
["Pedrozo Engenharia ","(65) 99996-1038",2,452]
[]
["Suporte de luz piloto"]
["Fornecedor ","Contato","Unidade","Preço ","Data "]
["Inicial Contruções ","(65) 99621-9389",1,72,"2021-07-15"]
["Pop 90 construções","(65) 99905-3061",1,72]
["Pedrozo Engenharia ","(65) 99996-1038",1,85]
[]
["Suporte para cinto de segurança"]
["Fornecedor ","Contato","Unidade","Preço ","Data "]
["Inicial Contruções ","(65) 99621-9389",1,65,"2021-07-15"]
["Pop 90 construções","(65) 99905-3061",1,78]
["Pedrozo Engenharia ","(65) 99996-1038",1,125]
[]
["Suporte para Pára-raio"]
["Fornecedor ","Contato","Unidade","Preço ","Data "]
["Inicial Contruções ","(65) 99621-9389",1,321,"2021-07-15"]
["Pop 90 construções","(65) 99905-3061",1,54]
["Pedrozo Engenharia ","(65) 99996-1038",1,65]
[]
[]
[]
["Placa de aviso \"Extravasor\""]
["Fornecedor ","Contato","Unidade","Preço ","Data "]
["Inicial Contruções ","(65) 99621-9389",2,78.3,"2021-07-15"]
["Pop 90 construções","(65) 99905-3061",2,60]
["Pedrozo Engenharia ","(65) 99996-1038",2,62.5]
[]
[]
["Sistema de ancoragem com 5 nichos"]
["Fornecedor ","Contato","Unidade","Preço ","Data "]
["Inicial Contruções ","(65) 99621-9389",1,400,"2021-07-15"]
["Pop 90 construções","(65) 99905-3061",1,250]
["Pedrozo Engenharia ","(65) 99996-1038",1,258]

{"sheet":"INDICE","index":6,"n_rows":136,"n_cols":9,"rows_kept":136,"merged":[[0,0,0,4],[1,0,2,0],[1,1,2,1],[1,2,1,4],[7,6,7,8],[8,6,8,8],[9,6,9,8],[14,6,14,8],[15,6,15,8],[16,6,16,8],[21,6,21,8],[22,6,22,8],[23,6,23,8],[28,6,28,8],[29,6,29,8],[30,6,30,8],[35,6,35,8],[36,6,36,8],[37,6,37,8]],"flags":["formulas_cached_only"]}
["INCC-DI"]
["Mês","Índice","Variação (%)"]
[null,null,"No mês","No ano","12 meses"]
["2014-01-01",{"v":569.72,"d":"569.720"},0.88,0.88,8.34]
["2014-02-01",571.577,0.33,1.21,8.04]
["2014-03-01",573.156,0.28,1.49,{"v":7.8,"d":"7.80"}]
["2014-04-01",578.224,0.88,2.38,7.96]
["2014-05-01",590.099,2.05,4.49,7.75,null,"REAJUSTE COM BASE NOS INDICES ECONOMICOS"]
["2014-06-01",594.013,0.66,5.18,7.23,null,"2014-06-01"]
["2014-07-01",598.441,0.75,5.96,7.52,null,"IR = (I1-I0)/I0"]
["2014-08-01",598.898,0.08,6.04,7.26,null,"IR =  ",{"v":0.9681656798756928,"d":"0.9682"}]
["2014-09-01",599.823,0.15,6.21,6.96,null,"I1=",{"v":1169.116,"d":"1,169.12"},"2025-01-01"]
["2014-10-01",600.865,0.17,6.39,6.87,null,"I0=",{"v":594.013,"d":"594.01"},"2014-06-01"]
["2014-11-01",603.524,0.44,6.86,6.97]
["2014-12-01",604.026,0.08,6.95,6.95,null,"REAJUSTE COM BASE NOS INDICES ECONOMICOS"]
["2015-01-01",609.568,0.92,0.92,6.99,null,"2021-03-01"]
["2015-02-01",611.447,0.31,1.23,6.98,null,"IR = (I1-I0)/I0"]
["2015-03-01",615.248,0.62,1.86,7.34,null,"IR =  ",{"v":0.3281409575525552,"d":"0.3281"}]
["2015-04-01",{"v":618.06,"d":"618.060"},0.46,2.32,6.89,null,"I1=",{"v":1169.116,"d":"1,169.12"},"2025-01-01"]
["2015-05-01",623.951,0.95,{"v":3.3,"d":"3.30"},5.74,null,"I0=",{"v":880.265,"d":"880.27"},"2021-03-01"]
["2015-06-01",635.403,1.84,5.19,6.97]
["2015-07-01",{"v":638.88,"d":"638.880"},0.55,5.77,6.76,null,"REAJUSTE COM BASE NOS INDICES ECONOMICOS"]
["2015-08-01",642.644,0.59,6.39,{"v":7.3,"d":"7.30"},null,"2021-05-01"]
["2015-09-01",644.046,0.22,6.63,7.37,null,"IR = (I1-I0)/I0"]
["2015-10-01",646.355,0.36,7.01,7.57,null,"IR =  ",{"v":0.2877159243484132,"d":"0.2877"}]
["2015-11-01",648.542,0.34,7.37,7.46,null,"I1=",{"v":1169.116,"d":"1,169.12"},"2025-01-01"]
["2015-12-01",649.216,{"v":0.1,"d":"0.10"},7.48,7.48,null,"I0=",{"v":907.899,"d":"907.90"},"2021-05-01"]
["2016-01-01",651.759,0.39,0.39,6.92]
["2016-02-01",655.263,0.54,0.93,7.17,null,"REAJUSTE COM BASE NOS INDICES ECONOMICOS"]
["2016-03-01",659.446,0.64,1.58,7.18,null,"2021-06-01"]
["2016-04-01",663.057,0.55,2.13,7.28,null,"IR = (I1-I0)/I0"]
["2016-05-01",{"v":663.61,"d":"663.610"},0.08,2.22,6.36,null,"IR =  ",{"v":0.260486117699825,"d":"0.2605"}]
["2016-06-01",{"v":676.42,"d":"676.420"},1.93,4.19,6.46,null,"I1=",{"v":1169.116,"d":"1,169.12"},"2025-01-01"]
["2016-07-01",679.751,0.49,{"v":4.7,"d":"4.70"},{"v":6.4,"d":"6.40"},null,"I0=",{"v":927.512,"d":"927.51"},"2021-06-01"]
["2016-08-01",681.756,0.29,5.01,6.09]
["2016-09-01",684.025,0.33,5.36,6.21,null,"REAJUSTE COM BASE NOS INDICES ECONOMICOS"]
["2016-10-01",685.489,0.21,5.59,6.05,null,"2023-12-01"]
["2016-11-01",686.607,0.16,5.76,5.87,null,"IR = (I1-I0)/I0"]
["2016-12-01",688.985,0.35,6.13,6.13,null,"IR =  ",{"v":0.07424709090775448,"d":"0.0742"}]
["2017-01-01",691.792,0.41,0.41,6.14,null,"I1=",{"v":1169.116,"d":"1,169.12"},"2025-01-01"]
["2017-02-01",696.314,0.65,1.06,6.26,null,"I0=",{"v":1088.312,"d":"1,088.31"},"2023-12-01"]
["2017-03-01",{"v":697.41,"d":"697.410"},0.16,1.22,5.76]
["2017-04-01",697.244,-0.02,{"v":1.2,"d":"1.20"},5.16]
["2017-05-01",701.664,0.63,1.84,5.73]
["2017-06-01",708.197,0.93,2.79,{"v":4.7,"d":"4.70"}]
["2017-07-01",710.355,{"v":0.3,"d":"0.30"},{"v":3.1,"d":"3.10"},{"v":4.5,"d":"4.50"}]
["2017-08-01",712.884,0.36,3.47,4.57]
["2017-09-01",{"v":713.33,"d":"713.330"},0.06,3.53,4.28]
["2017-10-01",715.527,0.31,3.85,4.38]
["2017-11-01",717.751,0.31,4.18,4.54]
["2017-12-01",718.276,0.07,4.25,4.25]
["2018-01-01",720.495,0.31,0.31,4.15]
["2018-02-01",721.414,0.13,0.44,{"v":3.6,"d":"3.60"}]
["2018-03-01",723.163,0.24,0.68,3.69]
["2018-04-01",725.245,0.29,0.97,4.02]
["2018-05-01",726.923,0.23,{"v":1.2,"d":"1.20"},{"v":3.6,"d":"3.60"}]
["2018-06-01",733.984,0.97,2.19,3.64]
["2018-07-01",738.487,0.61,2.81,3.96]
["2018-08-01",739.583,0.15,2.97,3.75]
["2018-09-01",741.305,0.23,3.21,3.92]
["2018-10-01",743.866,0.35,3.56,3.96]
["2018-11-01",744.865,0.13,{"v":3.7,"d":"3.70"},3.78]
["2018-12-01",745.856,0.13,3.84,3.84]
["2019-01-01",749.517,0.49,0.49,4.03]
["2019-02-01",{"v":750.18,"d":"750.180"},0.09,0.58,3.99]
["2019-03-01",752.524,0.31,0.89,4.06]
["2019-04-01",755.373,0.38,1.28,4.15]
["2019-05-01",755.625,0.03,1.31,3.95]
["2019-06-01",762.304,0.88,2.21,3.86]
["2019-07-01",766.699,0.58,2.79,3.82]
["2019-08-01",769.951,0.42,3.23,4.11]
["2019-09-01",{"v":773.52,"d":"773.520"},0.46,3.71,4.35]
["2019-10-01",774.939,0.18,{"v":3.9,"d":"3.90"},4.18]
["2019-11-01",775.225,0.04,3.94,4.08]
["2019-12-01",776.839,0.21,4.15,4.15]
["2020-01-01",779.766,0.38,0.38,4.04]
["2020-02-01",782.336,0.33,0.71,4.29]
["2020-03-01",784.338,0.26,0.97,4.23]
["2020-04-01",{"v":786.07,"d":"786.070"},0.22,1.19,4.06]
["2020-05-01",787.666,{"v":0.2,"d":"0.20"},1.39,4.24]
["2020-06-01",790.331,0.34,1.74,3.68]
["2020-07-01",799.589,1.17,2.93,4.29]
["2020-08-01",805.356,0.72,3.67,{"v":4.6,"d":"4.60"}]
["2020-09-01",814.701,1.16,4.87,5.32]
["2020-10-01",828.778,1.73,6.69,6.95]
["2020-11-01",839.382,1.28,8.05,8.28]
["2020-12-01",845.268,{"v":0.7,"d":"0.70"},8.81,8.81]
["2021-01-01",852.809,0.89,0.89,9.37]
["2021-02-01",868.929,1.89,{"v":2.8,"d":"2.80"},11.07]
["2021-03-01",880.265,{"v":1.3,"d":"1.30"},4.14,12.23]
["2021-04-01",888.191,{"v":0.9,"d":"0.90"},5.08,12.99]
["2021-05-01",907.899,2.22,7.41,15.26]
["2021-06-01",927.512,2.16,9.73,17.36]
["2021-07-01",935.359,0.85,10.66,16.98]
["2021-08-01",939.699,0.46,11.17,16.68]
["2021-09-01",{"v":944.52,"d":"944.520"},0.51,11.74,15.93]
["2021-10-01",952.596,0.86,{"v":12.7,"d":"12.70"},14.94]
["2021-11-01",959.001,0.67,13.46,14.25]
["2021-12-01",962.321,0.35,13.85,13.85]
["2022-01-01",969.184,0.71,0.71,13.65]
["2022-02-01",972.904,0.38,{"v":1.1,"d":"1.10"},11.97]
["2022-03-01",981.244,0.86,1.97,11.47]
["2022-04-01",990.543,0.95,2.93,11.52]
["2022-05-01",{"v":1013.164,"d":"1,013.164"},2.28,5.28,11.59]
["2022-06-01",{"v":1034.824,"d":"1,034.824"},2.14,7.53,11.57]
["2022-07-02",{"v":1043.76,"d":"1,043.760"},0.86,8.46,11.59]
["2022-08-03",{"v":1044.679,"d":"1,044.679"},0.09,8.56,11.17]
["2022-09-04",{"v":1045.616,"d":"1,045.616"},0.09,8.66,{"v":10.7,"d":"10.70"}]
["2022-10-09",{"v":1046.896,"d":"1,046.896"},0.12,8.79,{"v":9.9,"d":"9.90"}]
["2022-11-06",{"v":1050.701,"d":"1,050.701"},0.36,9.18,9.56]
["2022-12-07",{"v":1051.632,"d":"1,051.632"},0.09,9.28,9.28]
["2023-01-08",{"v":1056.418,"d":"1,056.418"},0.46,0.46,{"v":9,"d":"9.00"}]
["2023-02-09",{"v":1056.896,"d":"1,056.896"},0.05,{"v":0.5,"d":"0.50"},8.63]
["2023-03-10",{"v":1060.116,"d":"1,060.116"},{"v":0.3,"d":"0.30"},0.81,8.04]
["2023-04-01",{"v":1061.635,"d":"1,061.635"},0.14,0.95,7.18]
["2023-05-01",{"v":1067.919,"d":"1,067.919"},0.59,1.55,5.4]
["2023-06-01",{"v":1075.54,"d":"1,075.540"},0.71,2.27,3.93]
["2023-07-01",{"v":1076.626,"d":"1,076.626"},0.1,2.38,3.15]
["2023-08-01",{"v":1078.412,"d":"1,078.412"},0.17,2.55,3.23]
["2023-09-01",{"v":1082.104,"d":"1,082.104"},0.34,2.9,3.49]
["2023-10-01",{"v":1084.242,"d":"1,084.242"},0.2,3.1,3.57]
["2023-11-01",{"v":1084.986,"d":"1,084.986"},0.07,3.17,3.26]
["2023-12-01",{"v":1088.312,"d":"1,088.312"},0.31,3.49,3.49]
["2024-01-01",{"v":1091.25,"d":"1,091.250"},0.27,0.27,{"v":3.3,"d":"3.30"}]
["2024-02-02",{"v":1092.685,"d":"1,092.685"},{"v":0.13,"d":"0.130"},{"v":0.4,"d":"0.400"},{"v":3.39,"d":"3.390"}]
["2024-03-05",{"v":1095.738,"d":"1,095.738"},{"v":0.28,"d":"0.280"},{"v":0.68,"d":"0.680"},{"v":3.36,"d":"3.360"}]
["2024-04-06",{"v":1101.389,"d":"1,101.389"},{"v":0.52,"d":"0.520"},{"v":1.2,"d":"1.200"},{"v":3.74,"d":"3.740"}]
["2024-05-08",{"v":1110.887,"d":"1,110.887"},{"v":0.86,"d":"0.860"},{"v":2.07,"d":"2.070"},{"v":4.02,"d":"4.020"}]
["2024-06-09",{"v":1118.827,"d":"1,118.827"},{"v":0.71,"d":"0.710"},{"v":2.8,"d":"2.800"},{"v":4.02,"d":"4.020"}]
["2024-07-11",{"v":1126.916,"d":"1,126.916"},{"v":0.72,"d":"0.720"},{"v":3.55,"d":"3.550"},{"v":4.67,"d":"4.670"}]
["2024-08-12",{"v":1134.775,"d":"1,134.775"},{"v":0.7,"d":"0.700"},{"v":4.27,"d":"4.270"},{"v":5.23,"d":"5.230"}]
["2024-09-13",{"v":1141.398,"d":"1,141.398"},{"v":0.58,"d":"0.580"},{"v":4.88,"d":"4.880"},{"v":5.48,"d":"5.480"}]
["2024-10-15",{"v":1149.17,"d":"1,149.170"},{"v":0.68,"d":"0.680"},{"v":5.59,"d":"5.590"},{"v":5.99,"d":"5.990"}]
["2024-11-16",{"v":1153.725,"d":"1,153.725"},{"v":0.4,"d":"0.400"},{"v":6.01,"d":"6.010"},{"v":6.34,"d":"6.340"}]
["2024-12-18",{"v":1159.536,"d":"1,159.536"},{"v":0.5,"d":"0.500"},{"v":6.54,"d":"6.540"},{"v":6.54,"d":"6.540"}]
["2025-01-19",{"v":1169.116,"d":"1,169.116"},{"v":0.83,"d":"0.830"},{"v":0.83,"d":"0.830"},{"v":7.14,"d":"7.140"}]

{"sheet":"SEINFRA","index":7,"n_rows":5591,"n_cols":6,"rows_kept":5591,"hidden":true,"flags":["formulas_cached_only"]}
[]
["1.1.1","C2820","EXECUÇÃO DE SONDAGEM ELÉTRICA VERTICAL AB/2 ATÉ 150m - SEV",null,"UN",623.05]
["1.1.2","C2818","EXECUÇÃO DE SONDAGEM ELÉTRICA VERTICAL AB/2 >150m a 500m-SEV",null,"UN",797.17]
["1.1.3","C2819","EXECUÇÃO DE SONDAGEM ELÉTRICA VERTICAL AB/2 >500m - SEV",null,"UN",1022.78]
["1.1.4","C2833","FOTOGEOLOGIA",null,"UN",453.36]
["1.1.5","C0053","LEVANTAMENTO BATIMÉTRICO",null,"M2",0.56]
["1.1.6","C2937","RELATÓRIO FINAL DE SONDAGEM",null,"UN",1360.08]
["1.1.7","C0333","SERVIÇOS DE SONDAGEM GEOTÉCNICA MISTA EM ROCHA",null,"M",1251.98]
["1.1.8","C0143","SERVIÇOS DE SONDAGEM GEOTÉCNICA MISTA EM SOLOS",null,"M",299.97]
["1.1.9","C2290","SONDAGEM  À PERCUSSÃO P/RECONHECIMENTO DO SUBSOLO",null,"M",69.56]
["1.1.10","C3955","SONDAGEM ROTATIVA P/ RECONHECIMENTO DO SUBSOLO",null,"M",391.25]
["1.2.1","C0580","CADASTRO DE ADUTORA",null,"M",1.64]
["1.2.2","C0581","CADASTRO DE LIGAÇÃO",null,"UN",2.95]
["1.2.3","C0582","CADASTRO DE OBRAS LOCALIZADAS",null,"M2",54.82]
["1.2.4","C0583","CADASTRO DE REDE DE ÁGUA (MEIO MAGNÉTICO)",null,"M",1.24]
["1.2.5","C0584","CADASTRO DE REDE DE ESGOTO/EMISSÁRIO/DRENAGEM (MEIO MAGNÉTICO)",null,"M",1.88]
["1.2.6","C3427","CADASTRO OPERACIONAL DE CLIENTE CAPITAL - PADRÃO",null,"IMÓVEL",12.61]
["1.2.7","C3428","CADASTRO OPERACIONAL DE CLIENTE INTERIOR - PADRÃO",null,"IMÓVEL",11.11]
["1.2.8","C4579","CENSO DE CAMPO - CAPITAL",null,"IMÓVEL",9.38]
["1.2.9","C4580","CENSO DE CAMPO - INTERIOR",null,"IMÓVEL",9.29]
["1.2.10","C4581","SERVIÇO DE OBTENÇÃO / ATUALIZAÇÃO DE PLANTA EM CAMPO MEIO DIGITAL",null,"QUADRA",83.24]
["1.2.11","C4582","SERVIÇO DE OBTENÇÃO / ATUALIZAÇÃO DE QUADRAS (OVERLAYS)",null,"QUADRA",58.87]
["1.3.1","C3507","ELABORAÇÃO DE PROJETO DE CÁLCULO ESTRUTURAL (RESERVATÓRIO ELEVADO)",null,"M2xARF",33.3]
["1.3.2","C3508","ELABORAÇÃO DE PROJETO DE CÁLCULO ESTRUTURAL (RESERVATÓRIO APOIADO, ELEVATÓRIA E  CAIXA DE AREIA)",null,"M2xARF",20.64]
["1.4.1","C0927","CORTE DE CAPOEIRA FINA A FOICE",null,"M2",1.57]
["1.4.2","C4919","LIMPEZA MECANIZADA DE TERRENO COM REMOCAO DE CAMADA VEGETAL, UTILIZANDO TRATOR DE ESTEIRAS",null,"M2",0.23]
["1.4.3","C2102","RASPAGEM E LIMPEZA DO TERRENO",null,"M2",5.07]
["1.4.4","C2204","RETIRADA DE ÁRVORES",null,"UN",486.24]
["1.5.1","C0002","ABRIGO PROVISÓRIO C/1 PAVIMENTO P/ALOJAMENTO E DEPÓSITO",null,"M2",1070.25]
["1.5.2","C0003","ABRIGO PROVISÓRIO C/2 PAVIMENTOS P/ALOJAMENTO E DEPÓSITO",null,"M2",868.03]
["1.5.3","C0043","ALOJAMENTO",null,"M2",345.24]
["1.5.4","C0369","BARRACÃO ABERTO",null,"M2",151.62]
["1.5.5","C0370","BARRACÃO PARA ESCRITÓRIO TIPO A1",null,"UN",7094]
["1.5.6","C0371","BARRACÃO PARA ESCRITÓRIO TIPO A2",null,"UN",11814.57]
["1.5.7","C0372","BARRACÃO PARA ESCRITÓRIO TIPO A3",null,"UN",18674.52]
["1.5.8","C0373","BARRACÃO PARA ESCRITÓRIO TIPO A4",null,"UN",25374.48]
["1.5.9","C0374","BARRACÃO PARA ESCRITÓRIO TIPO A5",null,"UN",34767.44]
["1.5.10","C4991","DESMOBILIZAÇÃO DE EQUIPAMENTOS EM CAMINHÃO EQUIPADO COM GUINDASTE",null,"KM",3.2]
["1.5.11","C4993","DESMOBILIZAÇÃO DE EQUIPAMENTOS EM CAVALO MECÂNICO C/ PRANCHA DE 3 EIXOS",null,"KM",5]
["1.5.12","C2831","FOSSA SUMIDOURO PARA BARRACÃO",null,"UN",2678.07]
["1.5.13","C2851","INSTALAÇÕES PROVISÓRIAS DE ÁGUA",null,"UN",1381.57]
["1.5.14","C2849","INSTALAÇÕES PROVISÓRIAS DE ESGOTO",null,"UN",262.81]
["1.5.15","C2850","INSTALAÇÕES PROVISÓRIAS DE LUZ , FORÇA,TELEFONE E LÓGICA",null,"UN",1676.69]
["1.5.16","C1622","LIGAÇÃO PROVISÓRIA DE ÁGUA E SANITÁRIO",null,"UN",3600.03]
["1.5.17","C4990","MOBILIZAÇÃO DE EQUIPAMENTOS EM CAMINHÃO EQUIPADO COM GUINDASTE",null,"KM",3.2]
["1.5.18","C4992","MOBILIZAÇÃO DE EQUIPAMENTOS EM CAVALO MECÂNICO C/ PRANCHA DE 3 EIXOS",null,"KM",5]
["1.5.19","C4541","PLACA PADRÃO DE OBRA, TIPO BANNER",null,"M2",408]
["1.5.20","C1937","PLACAS PADRÃO DE OBRA",null,"M2",187.01]
["1.5.21","C2936","REFEITÓRIOS",null,"M2",372.84]
["1.5.22","C2946","SANITÁRIOS E CHUVEIROS",null,"M2",283.6]
["1.5.23","C2316","TAPUME DE CHAPA DE MADEIRA COMPENSADA E= 6mm C/ABERTURA E PORTÃO",null,"M2",119.81]
["1.5.24","C3974","TAPUME DE ESTRUTURA DE MADEIRA C/ FECHAMENTO EM CHAPA DE AÇO GALVANIZADO DE 0,3 mm e ALTURA DE 2 M",null,"M2",189.91]
["1.5.25","C2317","TAPUME DE TÁBUAS DE 3.ª C/ABERTURA E PORTÃO",null,"M2",127.64]
["1.5.26","C2318","TAPUME DE TÁBUAS DE 3.ª SOBREPOSTAS",null,"M2",107.62]
["1.6.1","C5208","LOCAÇÃO DE BANHEIRO QUÍMICO - INCLUSO TRANSPORTE, INSTALAÇÃO E MANUTENÇÃO",null,"UNXMÊS",950]
["1.6.2","C4994","LOCAÇÃO DE CONTÊINER ALMOXARIFADO COM PISO NAVAL - 6,00M X 2,35M",null,"MÊS",800.6]
["1.6.3","C4995","LOCAÇÃO DE CONTÊINER BANHEIRO COM 02 VASOS SANITÁRIOS, 01 LAVATÓRIO E 04 CHUVEIROS - 6,00 X 2,35M",null,"MÊS",1163.86]
["1.6.4","C4996","LOCAÇÃO DE CONTÊINER BANHEIRO COM 04 VASOS SANITÁRIOS, 02 LAVATÓRIOS, 01 MICTÓRIO CALHA E 04 CHUVEIROS - 6,00 X 2,35M",null,"MÊS",1280.98]
["1.6.5","C4997","LOCAÇÃO DE CONTÊINER ESCRITÓRIO COM BANHEIRO (01 VASO SANITÁRIO, 01 LAVATÓRIO E 01 CHUVEIRO), JANELA EM VIDRO, PORTAS, LUMINÁRIAS, TOMADAS, FORRO EM PVC, AR CONDICIONADO E ISOLAMENTO TERMO-ACÚSTICO EM ISOPOR - 6,00 X 2,35M",null,"MÊS",1097.99]
["1.7.1","C1630","LOCAÇÃO DA OBRA - EXECUÇÃO DE GABARITO",null,"M2",7.74]
["1.7.2","C2872","LOCAÇÃO DA OBRA COM AUXÍLIO TOPOGRÁFICO (ÁREA >5000 M2)",null,"HA",557.97]
["1.7.3","C2873","LOCAÇÃO DA OBRA COM AUXÍLIO TOPOGRÁFICO (ÁREA ATÉ 5000 M2)",null,"M2",0.3]
["1.7.4","C2874","LOCAÇÃO DE REDE DE ÁGUA",null,"M",0.28]
["1.7.5","C0774","LOCAÇÃO DE OBRAS EM MAR",null,"M2",0.56]
["1.7.6","C0775","LOCAÇÃO DE JAZIDAS EM MAR",null,"M2",0.65]
["1.7.7","C2875","LOCAÇÃO E NIVELAMENTO DE ADUTORA",null,"M",1.78]
["1.7.8","C2876","LOCAÇÃO E NIVELAMENTO DE REDE DE ESGOTO/EMISSÁRIO/DRENAGEM",null,"M",2.42]
["1.7.9","C3528","MUTIRÃO MISTO - LOCAÇÃO DA OBRA - EXECUÇÃO DE GABARITO",null,"M2",5.1]
["1.8.1","C2992","DEMOLIÇÃO DE ALVENARIA DE PEDRA COM REMOÇÃO LATERAL",null,"M3",204.34]
["1.8.2","C1042","DEMOLIÇÃO DE ALVENARIA DE TIJOLOS  C/ REAPROVEITAMENTO",null,"M3",137.68]
["1.8.3","C1043","DEMOLIÇÃO DE ALVENARIA DE TIJOLOS S/ REAPROVEITAMENTO",null,"M3",68.84]
["1.8.4","C1044","DEMOLIÇÃO DE CALHAS",null,"M",25.63]
["1.8.5","C1045","DEMOLIÇÃO DE COBERTURA C/TELHAS CERÂMICAS",null,"M2",13.77]
["1.8.6","C1046","DEMOLIÇÃO DE COBERTURA C/TELHAS ONDULADAS DE FIBROCIMENTO",null,"M2",5.74]
["1.8.7","C1047","DEMOLIÇÃO DE COBOGÓS",null,"M2",38.45]
["1.8.8","C1048","DEMOLIÇÃO DE CONCRETO ARMADO C/MARTELETE PNEUMÁTICO",null,"M3",599.49]
["1.8.9","C1049","DEMOLIÇÃO DE CONCRETO SIMPLES",null,"M3",298.3]
["1.8.10","C1058","DEMOLIÇÃO DE DEGRAUS DE PEDRA",null,"M",36.71]
["1.8.11","C1050","DEMOLIÇÃO DE DIVISÓRIA LEVE",null,"M2",14.82]
["1.8.12","C1051","DEMOLIÇÃO DE DIVISÓRIA OUTRAS (PRÉ MOLDADO)",null,"M2",41.44]
["1.8.13","C1052","DEMOLIÇÃO DE ESTRUTURA DE MADEIRA P/TELHADOS",null,"M2",30.92]
["1.8.14","C1053","DEMOLIÇÃO DE ESTRUTURA METÁLICA",null,"M2",38.7]
["1.8.15","C1054","DEMOLIÇÃO DE FORRO DE PVC",null,"M2",17.21]
["1.8.16","C1055","DEMOLIÇÃO DE FORRO DE TÁBUAS DE PINHO",null,"M2",7.14]
["1.8.17","C1056","DEMOLIÇÃO DE FORRO DE GESSO",null,"M2",4.31]
["1.8.18","C1057","DEMOLIÇÃO DE FORRO PACOTE",null,"M2",11.47]
["1.8.19","C2993","DEMOLIÇÃO DE FORRO DE LAMBRI",null,"M2",7.14]
["1.8.20","C1061","DEMOLIÇÃO DE LOUÇA SANITÁRIA",null,"UN",22.76]
["1.8.21","C1062","DEMOLIÇÃO DE PAVIMENTAÇÃO ASFÁLTICA C/MARTELETE PNEUMÁTICO",null,"M2",24.79]
["1.8.22","C1063","DEMOLIÇÃO DE PÉRGOLAS OU BRISES",null,"M3",298.3]
["1.8.23","C1064","DEMOLIÇÃO DE PISO CERÂMICO",null,"M2",16.06]
["1.8.24","C1065","DEMOLIÇÃO DE PISO CERÂMICO SOBRE LASTRO DE CONCRETO",null,"M2",32.12]
["1.8.25","C1066","DEMOLIÇÃO DE PISO CIMENTADO SOBRE LASTRO DE CONCRETO",null,"M2",29.83]
["1.8.26","C2716","DEMOLIÇÃO DE PISO DE LADRILHO",null,"M2",20.26]
["1.8.27","C1067","DEMOLIÇÃO DE PISO DE TÁBUAS DE PEROBA",null,"M2",21.41]
["1.8.28","C1068","DEMOLIÇÃO DE PISO E VIGAS DE MADEIRA",null,"M2",28.54]
["1.8.29","C1069","DEMOLIÇÃO DE PISO INDUSTRIAL",null,"M2",61.13]
["1.8.30","C1070","DEMOLIÇÃO DE REVESTIMENTO C/ARGAMASSA",null,"M2",11.47]
["1.8.31","C1071","DEMOLIÇÃO DE REVESTIMENTO C/AZULEJOS",null,"M2",57.37]
["1.8.32","C1074","DEMOLIÇÃO DE REVESTIMENTO C/CERÂMICAS",null,"M2",57.37]
["1.8.33","C1072","DEMOLIÇÃO DE REVESTIMENTO C/LAMBRIS",null,"M2",57.37]
["1.8.34","C1073","DEMOLIÇÃO DE REVESTIMENTO C/ PEDRAS NATURAIS",null,"M2",66.19]
["1.8.35","C1075","DEMOLIÇÃO DE SARJETA OU SARJETÃO DE CONCRETO",null,"M2",18.36]
["1.8.36","C1076","DEMOLIÇÃO DE SOLEIRAS, PEITORIS E DEGRAUS",null,"M",29.83]
["1.8.37","C1077","DEMOLIÇÃO DE VIGAS DE FERRO",null,"KG",0.36]
["1.8.38","C3064","DEMOLIÇÃO E REMOÇÃO MANUAL DE PAVIMENTO EM PARALELEPIPEDO E POLIÉDRICO",null,"M2",10.13]
[]
["1.8.39","C3063","DEMOLIÇÃO E REMOÇÃO DE PAREDES DE TAIPA",null,"M2",33.77]
["1.8.40","C2717","DEMOLIÇÃO MANUAL DE CONCRETO ARMADO",null,"M3",550.7]
["1.8.41","C3103","REMOÇÃO DE BUEIROS EXISTENTES",null,"M",162.08]
["1.8.42","C3104","REMOÇÃO DE CERCAS",null,"M",0.51]
["1.8.43","C2197","REMOÇÃO DE PINTURA ANTIGA A CAL",null,"M2",4.05]
["1.8.44","C2198","REMOÇÃO DE PINTURA ANTIGA À TEMPERA",null,"M2",6.08]
["1.8.45","C4914","REMOÇÃO DE PINTURA À ÓLEO OU ESMALTE",null,"M2",14.75]
["1.8.46","C4913","REMOÇÃO DE PINTURA LÁTEX (RASPAGEM E/OU LIXAMENTO E/OU ESCOVAÇÃO)",null,"M2",8.1]
["1.8.47","C3038","RETIRADA DE CAIXA DE AR CONDICIONADO",null,"UN",94.24]
["1.8.48","C3039","RETIRADA DE CARPETE S/REAPROVEITAMENTO",null,"M2",5.07]
["1.8.49","C3376","RETIRADA DE COLETOR EM CONCRETO ATÉ 400mm",null,"M",49.07]
["1.8.50","C2206","RETIRADA DE ESQUADRIAS METÁLICAS",null,"M2",11.47]
["1.8.51","C3040","RETIRADA DE GRADE DE FERRO",null,"M2",9.42]
["1.8.52","C2207","RETIRADA DE GUIAS PRÉ FABRICADAS DE CONCRETO",null,"M",11.47]
["1.8.53","C3373","RETIRADA DE MEIO FIO DE PEDRA GRANÍTICA",null,"M",11.47]
["1.8.54","C2938","RETIRADA DE PAVIMENTAÇÃO ASFÁLTICA COM BASE EM PEDRA",null,"M2",34.05]
["1.8.55","C2939","RETIRADA DE PAVIMENTAÇÃO EM BLOCO DE CONCRETO",null,"M2",13.17]
["1.8.56","C3041","RETIRADA DE PAVIMENTAÇÃO EM BLOKRET C/ REMOÇÃO LATERAL",null,"M2",13.77]
["1.8.57","C2940","RETIRADA DE PAVIMENTAÇÃO EM PARALELEPÍPEDO OU PEDRA TOSCA",null,"M2",12.16]
["1.8.58","C2941","RETIRADA DE PAVIMENTAÇÃO EM PASSEIO CIMENTADO",null,"M2",20.26]
["1.8.59","C2942","RETIRADA DE PAVIMENTAÇÃO EM PEDRA PORTUGUESA",null,"M2",10.13]
["1.8.60","C2209","RETIRADA DE PISO PAVIFLEX",null,"M2",12.82]
["1.8.61","C2210","RETIRADA DE PORTAS E JANELAS, INCLUSIVE BATENTES",null,"M2",18.36]
["1.8.62","C3047","RETIRADA DE TUBO PVC ENTERRADO DN=50mm",null,"M",8.95]
["1.8.63","C3048","RETIRADA DE TUBO PVC ENTERRADO DN=75mm",null,"M",11.06]
["1.8.64","C3049","RETIRADA DE TUBO PVC ENTERRADO DN=85mm",null,"M",12.11]
["1.8.65","C3042","RETIRADA DE TUBO PVC ENTERRADO DN=100mm",null,"M",13.17]
["1.8.66","C3043","RETIRADA DE TUBO PVC ENTERRADO DN=150mm",null,"M",17.9]
["1.8.67","C3044","RETIRADA DE TUBO PVC ENTERRADO DN=200mm",null,"M",24.73]
["1.8.68","C3045","RETIRADA DE TUBO PVC ENTERRADO DN=250mm",null,"M",28.95]
["1.8.69","C3046","RETIRADA DE TUBO PVC ENTERRADO DN=300mm",null,"M",37.9]
["1.8.70","C3054","RETIRADA DE TUBOS DE CONCRETO D=30cm",null,"M",38.84]
["1.8.71","C3055","RETIRADA DE TUBOS DE CONCRETO D=40cm",null,"M",49.36]
["1.8.72","C3056","RETIRADA DE TUBOS DE CONCRETO D=50cm",null,"M",64.74]
["1.8.73","C3057","RETIRADA DE TUBOS DE CONCRETO D=60cm",null,"M",83.34]
["1.8.74","C3050","RETIRADA DE TUBOS DE CONCRETO D=80cm",null,"M",119.76]
["1.8.75","C3051","RETIRADA DE TUBOS DE CONCRETO D=100cm",null,"M",205.16]
["1.8.76","C3052","RETIRADA DE TUBOS DE CONCRETO D=120cm",null,"M",289.98]
["1.8.77","C3053","RETIRADA DE TUBOS DE CONCRETO D=150cm",null,"M",423.71]
["1.8.78","C3377","RETIRADA DE TUBOS E CONEXÕES EM PVC JE DN 50MM",null,"M",3.03]
["1.8.79","C3378","RETIRADA DE TUBOS E CONEXÕES EM PVC JE DN 75MM",null,"M",3.62]
["1.8.80","C3379","RETIRADA DE TUBOS E CONEXÕES EM PVC JE DN 100MM",null,"M",4.85]
["1.8.81","C3380","RETIRADA DE TUBOS E CONEXÕES EM PVC JE DN 125MM",null,"M",6.08]
["1.8.82","C3381","RETIRADA DE TUBOS E CONEXÕES EM PVC JE DN 150MM",null,"M",6.96]
["1.8.83","C3382","RETIRADA DE TUBOS E CONEXÕES EM PVC JE DN 200MM",null,"M",9.09]
["1.8.84","C3383","RETIRADA DE TUBOS E CONEXÕES EM PVC JE DN 250MM",null,"M",10.32]
["1.8.85","C3384","RETIRADA DE TUBOS E CONEXÕES EM PVC JE DN 300MM",null,"M",14.48]
["1.8.86","C3385","RETIRADA DE TUBOS E CONEXÕES EM PVC JE DN 350MM",null,"M",16.05]
["1.8.87","C3386","RETIRADA DE TUBOS E CONEXÕES EM PVC JE DN 400MM",null,"M",18.14]
["1.8.88","C3387","RETIRADA DE TUBOS, PEÇAS E CONEXÕES EM FoFo JE DN 50MM",null,"M",7.49]
["1.8.89","C3388","RETIRADA DE TUBOS, PEÇAS E CONEXÕES EM FoFo JE DN 75MM",null,"M",9.09]
["1.8.90","C3389","RETIRADA DE TUBOS, PEÇAS E CONEXÕES EM FoFo JE DN 100MM",null,"M",14.96]
["1.8.91","C3390","RETIRADA DE TUBOS, PEÇAS E CONEXÕES EM FoFo JE DN 150MM",null,"M",20.71]
["1.8.92","C3391","RETIRADA DE TUBOS, PEÇAS E CONEXÕES EM FoFo JE DN 200MM",null,"M",23.86]
["1.8.93","C3392","RETIRADA DE TUBOS, PEÇAS E CONEXÕES EM FoFo JE DN 250MM",null,"M",29.52]
["1.8.94","C3393","RETIRADA DE TUBOS, PEÇAS E CONEXÕES EM FoFo JE DN 300MM",null,"M",37.38]
["1.8.95","C3394","RETIRADA DE TUBOS, PEÇAS E CONEXÕES EM FoFo JE DN 350MM",null,"M",44.48]
["1.8.96","C3395","RETIRADA DE TUBOS, PEÇAS E CONEXÕES EM FoFo JE DN 400MM",null,"M",50.99]
["1.8.97","C3396","RETIRADA DE TUBOS, PEÇAS E CONEXÕES EM FoFo JE DN 450MM",null,"M",65.08]
["1.8.98","C3397","RETIRADA DE TUBOS, PEÇAS E CONEXÕES EM FoFo JE DN 500MM",null,"M",79.03]
["1.8.99","C3398","RETIRADA DE TUBOS, PEÇAS E CONEXÕES EM FoFo JE DN 600MM",null,"M",91.45]
["1.8.100","C3399","RETIRADA DE TUBOS, PEÇAS E CONEXÕES EM FoFo JE DN 700MM",null,"M",118.39]
["1.8.101","C2211","RETIRADA DE VIDROS C/ REAPROVEITAMENTO",null,"M2",49.9]
["1.9","TRÂNSITO E SEGURANÇA",{"$nulls":3},520.49]
["1.9.1","C0375","BARREIRA DE CONCRETO (NEW JERSEY) SIMPLES",null,"M",407.23]
["1.9.2","C2891","PASSADIÇOS COM CHAPAS DE AÇO",null,"M2",15.6]
["1.9.3","C2892","PASSADIÇOS COM PRANCHAS DE MADEIRA",null,"M2",56.37]
["1.9.4","C2947","SINALIZAÇÃO DE ADVERTÊNCIA",null,"UN",16.4]
["1.9.5","C2948","SINALIZAÇÃO DE TRÂNSITO COM BARREIRAS",null,"M",6.61]
["1.9.6","C2949","SINALIZAÇÃO DE TRÂNSITO NOTURNA",null,"M",3.31]
["1.9.7","C2950","SINALIZAÇÃO EM TAPUME COM INDICATIVO DE FLUXO",null,"M2",9.26]
["1.9.8","C2978","SINALIZAÇÃO EM TAPUME DE PROTEÇÃO COM CHAPAS COMPENSADAS E= 12mm",null,"M",5.71]
["2","MOVIMENTO DE TERRA",{"$nulls":3},25578.47]
["2.1","ESCAVAÇÕES EM CAMPO ABERTO",{"$nulls":3},4001.02]
["2.1.1","C5011","ESCAVAÇÃO DE MATERIAL DE 3ª CATEGORIA COM ESCAVADEIRA E ROMPEDOR HIDRÁULICO DE 1700KG",null,"M3",57.24]
[]
["2.1.2","C2779","ESCAVAÇÃO EM S.Q.N SATURADO, PROF.2.0 a 12.0m (POÇO AMAZONAS)",null,"M3",229.34]
["2.1.3","C1263","ESCAVAÇÃO MANUAL CAMPO ABERTO EM ROCHA C/EXPLOS.PERF.MAN. ATÉ 2M",null,"M3",430.6]
["2.1.4","C1260","ESCAVAÇÃO MANUAL CAMPO ABERTO EM ROCHA C/EXPLOS.PERF.MAN. - 2,01 A 4,00M",null,"M3",457.95]
["2.1.5","C1261","ESCAVAÇÃO MANUAL CAMPO ABERTO EM ROCHA C/EXPLOS.PERF.MAN. - 4,01 A 6,00M",null,"M3",485.3]
["2.1.6","C1262","ESCAVAÇÃO MANUAL CAMPO ABERTO EM ROCHA C/EXPLOS.PERF.MAN. - 6,01 A 8,00M",null,"M3",512.65]
["2.1.7","C1266","ESCAVAÇÃO MANUAL CAMPO ABERTO EM ROCHA C/EXPLOS.PERF.MEC. ATÉ 2M",null,"M3",333.01]
["2.1.8","C1264","ESCAVAÇÃO MANUAL CAMPO ABERTO EM ROCHA C/EXPLOS.PERF.MEC. - 2,01 A 4,00M",null,"M3",361.11]
["2.1.9","C1265","ESCAVAÇÃO MANUAL CAMPO ABERTO EM ROCHA C/EXPLOS.PERF.MEC. - 4,01 A 6,00M",null,"M3",389.2]
["2.1.10","C1254","ESCAVAÇÃO MANUAL CAMPO ABERTO EM ROCHA C/EXPLOS.PERF.MEC. - 6,01 A 8,00M",null,"M3",417.3]
["2.1.11","C1256","ESCAVAÇÃO MANUAL CAMPO ABERTO EM TERRA ATÉ 2M",null,"M3",59.36]
["2.1.12","C1257","ESCAVAÇÃO MANUAL CAMPO ABERTO EM TERRA, DE 2,01 A 4,00M",null,"M3",70.71]
["2.1.13","C1258","ESCAVAÇÃO MANUAL CAMPO ABERTO EM TERRA, DE 4,00 A 6,00M",null,"M3",82.05]
["2.1.14","C1259","ESCAVAÇÃO MANUAL CAMPO ABERTO EM TERRA, DE 6,00 A 8,00M",null,"M3",94.61]
["2.1.15","C1267","ESCAVAÇÃO MECAN. CAMPO ABERTO EM TERRA EXCETO ROCHA ATÉ 2M",null,"M3",2.81]
["2.1.16","C1268","ESCAVAÇÃO MECAN. CAMPO ABERTO EM TERRA EXCETO ROCHA ATÉ 4M",null,"M3",3.23]
["2.1.17","C1269","ESCAVAÇÃO MECAN. CAMPO ABERTO EM TERRA EXCETO ROCHA ATÉ 6M",null,"M3",3.97]
["2.1.18","C1270","ESCAVAÇÃO MECAN. CAMPO ABERTO EM TERRA EXCETO ROCHA ATÉ 8M",null,"M3",4.7]
["2.1.19","C4899","ESCAVAÇÃO MECANIZADA CAMPO ABERTO EM TERRA EXCETO ROCHA ATÉ 10M",null,"M3",5.88]
["2.2","ESCAVAÇÃO E CARGA DE MATERIAL",{"$nulls":3},142.46]
["2.2.1","C3208","ESCAVAÇÃO E CARGA DE MATERIAL 1-CAT.",null,"M3",6.56]
["2.2.2","C3209","ESCAVAÇÃO E CARGA DE MATERIAL 2-CAT.",null,"M3",8.96]
["2.2.3","C3210","ESCAVAÇÃO E CARGA DE MATERIAL 3-CAT.",null,"M3",50.58]
["2.2.4","C3212","ESCAVAÇÃO E CARGA DE SOLO MOLE",null,"M3",13.96]
["2.2.5","C2797","ESCAVAÇÃO SUBMERSA (DRAGAGEM)",null,"M3",62.4]
["2.3","CARGA,TRANSPORTE E DESCARGA DE MATERIAL",{"$nulls":3},566.2]
["2.3.1","C0702","CARGA MANUAL DE ENTULHO EM CAMINHÃO BASCULANTE",null,"M3",30.38]
["2.3.2","C0706","CARGA MANUAL DE ROCHA EM CAMINHÃO BASCULANTE",null,"M3",31.64]
["2.3.3","C0707","CARGA MANUAL DE TERRA EM CAMINHÃO BASCULANTE",null,"M3",25.32]
["2.3.4","C0708","CARGA MECANIZADA DE ENTULHO EM CAMINHÃO BASCULANTE",null,"M3",4.69]
["2.3.5","C0709","CARGA MECANIZADA DE ROCHA EM CAMINHÃO BASCULANTE",null,"M3",5]
["2.3.6","C0710","CARGA MECANIZADA DE TERRA EM CAMINHÃO BASCULANTE",null,"M3",4.42]
["2.3.7","C2987","COMPLEMENTAÇÃO DE TRANSPORTE EM CAMINHÃO BASCULANTE",null,"M3xKM",1.36]
["2.3.8","C2529","TRANSPORTE DE MATERIAL, EXCETO ROCHA EM CAMINHÃO ATÉ 0.5 KM",null,"M3",5.88]
["2.3.9","C2531","TRANSPORTE DE MATERIAL, EXCETO ROCHA EM CAMINHÃO ATÉ 1KM",null,"M3",6.54]
["2.3.10","C2533","TRANSPORTE DE MATERIAL, EXCETO ROCHA EM CAMINHÃO ATÉ 5 KM",null,"M3",32.72]
["2.3.11","C2530","TRANSPORTE DE MATERIAL, EXCETO ROCHA EM CAMINHÃO ATÉ 10KM",null,"M3",39.25]
["2.3.12","C2532","TRANSPORTE DE MATERIAL, EXCETO ROCHA EM CAMINHÃO ATÉ 20KM",null,"M3",58.88]
["2.3.13","C2536","TRANSPORTE HORIZONTAL ATÉ 30M DE MATERIAIS À GRANEL",null,"M3",50.65]
["2.3.14","C2537","TRANSPORTE HORIZONTAL DE 30,00 ATÉ 60,00M DE MATERIAIS À GRANEL",null,"M3",62.81]
["2.3.15","C2535","TRANSPORTE HORIZONTAL DE 60,01 ATÉ 100,00M DE MATERIAIS À GRANEL",null,"M3",83.07]
["2.3.16","C2538","TRANSPORTE VERTICAL DE MATERIAIS À GRANEL P/ A 1A LAJE",null,"M3",36.47]
["2.3.17","C2539","TRANSPORTE VERTICAL DE MATERIAIS À GRANEL P/ A 2A LAJE",null,"M3",87.12]
["2.4","ESCAVAÇÃO, CARGA, TRANSPORTE E DESCARGA DE MATERIAL",{"$nulls":3},1453.62]
["2.4.1","C3131","ARRASAMENTO ATERRO (ESCALONAMENTO) DMT ATÉ 50M",null,"M3",7.54]
["2.4.2","C3182","ESCAVAÇÃO CARGA TRANSP. 1-CAT ATÉ 200M",null,"M3",10.36]
["2.4.3","C3178","ESCAVAÇÃO CARGA TRANSP. 1-CAT 201 A 400M",null,"M3",11.59]
["2.4.4","C3180","ESCAVAÇÃO CARGA TRANSP. 1-CAT 401 A 600M",null,"M3",12.25]
["2.4.5","C3169","ESCAVACAO CARGA TRANSP. 1-CAT 601 A 800M",null,"M3",13.6]
["2.4.6","C3181","ESCAVAÇÃO CARGA TRANSP. 1-CAT 801 A 1000M",null,"M3",14.32]
["2.4.7","C3175","ESCAVAÇÃO CARGA TRANSP. 1-CAT 1001 A 1200M",null,"M3",14.6]
["2.4.8","C3165","ESCAVACÃO CARGA TRANSP. 1-CAT 1201 A 1400M",null,"M3",15.91]
["2.4.9","C3176","ESCAVAÇÃO CARGA TRANSP. 1-CAT 1401 A 1600M",null,"M3",16.54]
["2.4.10","C3177","ESCAVAÇÃO CARGA TRANSP. 1-CAT 1601 A 1800M",null,"M3",17.78]
["2.4.11","C3166","ESCAVAÇÃO CARGA TRANSP. 1-CAT 1801 A 2000M",null,"M3",18.45]
["2.4.12","C3167","ESCAVAÇÃO CARGA TRANSP. 1-CAT 2001 A 3000M",null,"M3",18.95]
["2.4.13","C3168","ESCAVAÇÃO CARGA TRANSP. 1-CAT 3001 A 4000M",null,"M3",21.96]
["2.4.14","C3179","ESCAVAÇÃO CARGA TRANSP. 1-CAT 4001 A 5000M",null,"M3",24.51]
["2.4.15","C3192","ESCAVAÇÃO CARGA TRANSP. 2-CAT ATÉ 200M",null,"M3",13.66]
["2.4.16","C3187","ESCAVAÇÃO CARGA TRANSP. 2-CAT 201 A 400M",null,"M3",14.25]
["2.4.17","C3189","ESCAVAÇÃO CARGA TRANSP. 2-CAT 401 A 600M",null,"M3",16.02]
["2.4.18","C3190","ESCAVAÇÃO CARGA TRANSP. 2-CAT 601 A 800M",null,"M3",16.73]
["2.4.19","C3191","ESCAVAÇÃO CARGA TRANSP. 2-CAT 801 A 1000M",null,"M3",17.49]
["2.4.20","C3170","ESCAVAÇÃO CARGA TRANSP. 2-CAT 1001 A 1200M",null,"M3",18.84]
["2.4.21","C3183","ESCAVAÇÃO CARGA TRANSP. 2-CAT 1201 A 1400M",null,"M3",19.55]
["2.4.22","C3184","ESCAVAÇÃO CARGA TRANSP. 2-CAT 1401 A 1600M",null,"M3",20.26]
["2.4.23","C3185","ESCAVAÇÃO CARGA TRANSP. 2-CAT 1601 A 1800M",null,"M3",21.91]
["2.4.24","C3186","ESCAVAÇÃO CARGA TRANSP. 2-CAT 1801 A 2000M",null,"M3",22.59]
["2.4.25","C3171","ESCAVAÇÃO CARGA TRANSP. 2-CAT 2001 A 3000M",null,"M3",23.18]
["2.4.26","C3188","ESCAVAÇÃO CARGA TRANSP. 2-CAT 3001 A 4000M",null,"M3",26.03]
["2.4.27","C3172","ESCAVAÇÃO CARGA TRANSP. 2-CAT 4001 A 5000M",null,"M3",29.15]
["2.4.28","C3205","ESCAVAÇÃO CARGA TRANSP. 3-CAT ATÉ 50M",null,"M3",50.52]
["2.4.29","C3202","ESCAVAÇÃO CARGA TRANSP. 3-CAT 51 A 100M",null,"M3",57.92]
["2.4.30","C3194","ESCAVAÇÃO CARGA TRANSP. 3-CAT 101 A 200M",null,"M3",58.17]
["2.4.31","C3200","ESCAVAÇÃO CARGA TRANSP. 3-CAT 201 A 400M",null,"M3",58.9]
["2.4.32","C3201","ESCAVAÇÃO CARGA TRANSP. 3-CAT 401 A 600M",null,"M3",59.95]
["2.4.33","C3203","ESCAVAÇÃO CARGA TRANSP. 3-CAT 601 A 800M",null,"M3",62.7]
["2.4.34","C3204","ESCAVAÇÃO CARGA TRANSP. 3-CAT 801 A 1000M",null,"M3",63.71]
["2.4.35","C3193","ESCAVAÇÃO CARGA TRANSP. 3-CAT 1001 A 1200M",null,"M3",64.17]
["2.4.36","C3195","ESCAVAÇÃO CARGA TRANSP. 3-CAT 1201 A 1400M",null,"M3",66.73]
["2.4.37","C3196","ESCAVAÇÃO CARGA TRANSP. 3-CAT 1401 A 1600M",null,"M3",67.72]
["2.4.38","C3197","ESCAVAÇÃO CARGA TRANSP. 3-CAT 1601 A 1800M",null,"M3",68.58]
["2.4.39","C3198","ESCAVAÇÃO CARGA TRANSP. 3-CAT 1801 A 2000M",null,"M3",69.56]
["2.4.40","C3199","ESCAVAÇÃO CARGA TRANSP. 3-CAT 2001 A 3000M",null,"M3",72]
["2.4.41","C3173","ESCAVAÇÃO CARGA TRANSP. 3-CAT 3001 A 4000M",null,"M3",76.1]
["2.4.42","C3174","ESCAVAÇÃO CARGA TRANSP. 3-CAT 4001 A 5000M",null,"M3",78.87]
["2.5","ESCAVAÇÕES EM VALAS,VALETAS,CANAIS E FUNDAÇÕES",{"$nulls":3},18336.5]
["2.5.1","C3280","ESCAVAÇÃO DE BASE DE TUBULÃO A AR COMPRIMIDO ATÉ 12M",null,"M3",961.48]
["2.5.2","C3281","ESCAVAÇÃO DE BASE DE TUBULÃO A AR COMPRIMIDO DE 12,00 A 18M",null,"M3",1074.41]
["2.5.3","C3282","ESCAVAÇÃO DE BASE DE TUBULÃO A CEU ABERTO",null,"M3",648.93]
["2.5.4","C2777","ESCAVAÇÃO DE MATERIAL DE 3A. CAT A FOGO",null,"M3",187.92]
["2.5.5","C3206","ESCAVAÇÃO DE POÇO TUBULÃO A AR COMPRIMIDO C/ DESCIDA DE CAMISA DE CONCRETO ARMADO ATÉ 12m",null,"M3",925.99]
[]
["2.5.6","C3213","ESCAVAÇÃO DE POÇO TUBULÃO A AR COMPRIMIDO C/DESCIDA DE CAMISA DE CONCRETO ARMADO 12,01 A 18,00M",null,"M3",1033.77]
[]
["2.5.7","C3207","ESCAVAÇÃO DE POÇO TUBULÃO A CEU ABERTO  C/ DESCIDA DE CAMISA DE CONCRETO ARMADO",null,"M3",518.53]
[]
["2.5.8","C5012","ESCAVAÇÃO DE VALA EM MATERIAL DE 3ª CATEGORIA COM ESCAVADEIRA E ROMPEDOR HIDRÁULICO DE 1700KG",null,"M3",85.86]
[]
["2.5.9","C5177","ESCAVAÇÃO EM ROCHA BRANDA A FRIO COM ESCAVADEIRA HIDRÁULICA E ROMPEDOR ACOPLADO",null,"M3",82.46]
[]
["2.5.10","C1255","ESCAVAÇÃO MANUAL C/ APIL. FUNDO P/ CAIXA EM ALVENARIA",null,"M3",93.8]
["2.5.11","C2784","ESCAVAÇÃO MANUAL SOLO DE 1A.CAT. PROF. ATÉ 1.50m",null,"M3",53.69]
["2.5.12","C2781","ESCAVAÇÃO MANUAL SOLO DE 1A CAT. PROF. DE 1.51 a 3.00m",null,"M3",70.91]
["2.5.13","C2782","ESCAVAÇÃO MANUAL SOLO DE 1A CAT. PROF. DE 3.01 a 4.50m",null,"M3",83.07]
["2.5.14","C2783","ESCAVAÇÃO MANUAL SOLO DE 1A CAT. PROF. DE 4.51 a 6.00m",null,"M3",97.25]
["2.5.15","C2785","ESCAVAÇÃO MANUAL SOLO DE 2A CAT. PROF. ATÉ 1.50m",null,"M3",70.91]
["2.5.16","C2786","ESCAVAÇÃO MANUAL SOLO DE 2A CAT. PROF. DE 1.51 a 3.00m",null,"M3",107.18]
["2.5.17","C2787","ESCAVAÇÃO MANUAL SOLO DE 2A CAT. PROF. DE 3.01 a 4.50m",null,"M3",143.44]
["2.5.18","C2788","ESCAVAÇÃO MANUAL SOLO DE 2A CAT. PROF. DE 4.51 a 6.00m",null,"M3",179.91]
["2.5.19","C2789","ESCAVAÇÃO MECÂNICA SOLO DE 1A CAT. PROF. ATÉ 2.00m",null,"M3",9.97]
["2.5.20","C2790","ESCAVAÇÃO MECÂNICA SOLO DE 1A CAT. PROF. DE 2.01 a 4.00m",null,"M3",13.19]
["2.5.21","C2791","ESCAVAÇÃO MECÂNICA SOLO DE 1A CAT. PROF. DE 4.01 a 6.00m",null,"M3",18.07]
["2.5.22","C2792","ESCAVAÇÃO MECÂNICA SOLO DE 1A CAT. PROF. DE 6.01 a 8.00m",null,"M3",57.25]
["2.5.23","C2796","ESCAVAÇÃO MECÂNICA SOLO DE 2A.CAT. PROF. ATÉ 2.00m",null,"M3",22.9]
["2.5.24","C2793","ESCAVAÇÃO MECÂNICA SOLO DE 2A CAT. PROF. DE 2.01 a 4.00m",null,"M3",33.41]
["2.5.25","C2794","ESCAVAÇÃO MECÂNICA SOLO DE 2A CAT. PROF. DE 4.01 a 6.00m",null,"M3",43.92]
["2.5.26","C2795","ESCAVAÇÃO MECÂNICA SOLO DE 2A. CAT. PROF. DE 6.01 a 8.00m",null,"M3",85.95]
["2.5.27","C3474","TRAVESSIA MÉTODO NÃO DESTRUTIVO P/ TUBO ATÉ DN 100 (COMPLETO)",null,"M",1747.31]
["2.5.28","C3475","TRAVESSIA MÉTODO NÃO DESTRUTIVO P/ TUBO 100<DN<=200 (COMPLETO)",null,"M",2366.1]
["2.5.29","C3476","TRAVESSIA MÉTODO NÃO DESTRUTIVO P/ TUBO 200<DN<=300 (COMPLETO)",null,"M",2862.84]
["2.5.30","C4218","TRAVESSIA MÉTODO NÃO DESTRUTIVO P/ TUBO 300<DN<=500 (COMPLETO)",null,"M",4656.08]
["2.6","ATERRO,REATERRO E COMPACTAÇÃO",{"$nulls":3},697.93]
["2.6.1","C0095","APILOAMENTO DE PISO OU FUNDO DE VALAS C/MAÇO DE 30 A 60 KG",null,"M2",34.44]
["2.6.2","C0328","ATERRO C/COMPACTAÇÃO MECÂNICA E CONTROLE, MAT. DE AQUISIÇÃO",null,"M3",106.55]
["2.6.3","C0329","ATERRO C/COMPACTAÇÃO MECÂNICA E CONTROLE, MAT. PRODUZIDO (S/TRANSP.)",null,"M3",34.73]
["2.6.4","C0330","ATERRO C/COMPACTAÇÃO MANUAL S/CONTROLE, MAT. C/AQUISIÇÃO",null,"M3",111.44]
["2.6.5","C0331","ATERRO C/COMPACTAÇÃO MANUAL S/CONTROLE, MAT. PRODUZIDO (S/TRANSP.)",null,"M3",39.63]
["2.6.6","C4814","ATERRO COM PÓ DE PEDRA, ESPALHAMENTO E COMPACTAÇÃO MECÂNICA, C/ CONTROLE, MAT. DE AQUISIÇÃO",null,"M3",109.69]
[]
["2.6.7","C3145","COMPACTAÇÃO DE ATERROS  95% P.N",null,"M3",4.93]
["2.6.8","C3146","COMPACTAÇÃO DE ATERROS 100% P.N",null,"M3",5.06]
["2.6.9","C4665","COMPACTAÇÃO DE ATERROS 95% P.I. P/ OBRAS AEROPORTUÁRIAS",null,"M3",5.31]
["2.6.10","C4666","COMPACTAÇÃO DE ATERROS 100% P.I. P/ OBRAS AEROPORTUÁRIAS",null,"M3",5.82]
["2.6.11","C4667","COMPACTAÇÃO DE ATERROS 95% P.M. P/ OBRAS AEROPORTUÁRIAS",null,"M3",5.94]
["2.6.12","C4668","COMPACTAÇÃO DE ATERROS 100% P.M. P/ OBRAS AEROPORTUÁRIAS",null,"M3",6.07]
["2.6.13","C0821","COMPACTAÇÃO MECÂNICA DE CALÇAMENTO C/COMPACTADOR TIPO SAPO",null,"M2",2.19]
["2.6.14","C0822","COMPACTAÇÃO MECÂNICA DO CALÇAMENTO C/ ROLO LISO",null,"M2",1.28]
["2.6.15","C0928","CORTE E ATERRO COMPENSADO S/CONTROLE DO GRAU DE COMPACTAÇÃO",null,"M3",9.04]
["2.6.16","C0930","CORTE MANUAL EM TERRA",null,"M3",60.78]
["2.6.17","C3214","ESPALHAMENTO E ADENSAMENTO DE AREIA",null,"M3",12.28]
["2.6.18","C2989","ESPALHAMENTO MECÂNICO DE SOLO EM BOTA FORA",null,"M3",1.76]
["2.6.19","C3530","MUTIRÃO MISTO - ATERRO COM COMPACTAÇÃO MANUAL S/CONTROLE, MAT. C/AQUISIÇÃO",null,"M3",77]
[]
["2.6.20","C2921","REATERRO C/COMPACTAÇÃO MANUAL S/CONTROLE, MATERIAL DA VALA",null,"M3",34.44]
["2.6.21","C2920","REATERRO C/COMPACTAÇÃO MECÂNICA, E CONTROLE, MATERIAL DA VALA",null,"M3",29.55]
["2.7","CARGA, TRANSPORTE E DESCARGA DE TUBOS E CONEXÕES",{"$nulls":3},380.74]
["2.7.1","C0717","CARGA, DESCARGA E TRANSP. DE TUBOS E CONEXÕES EM MBV DN 100mm ATÉ 15km",null,"M",1.7]
["2.7.2","C0711","CARGA, DESCARGA E TRANSP. DE TUBOS E CONEXÕES EM MBV DN 150mm ATÉ 15km",null,"M",2.41]
["2.7.3","C0712","CARGA, DESCARGA E TRANSP. DE TUBOS E CONEXÕES EM MBV DN 200mm ATÉ 15km",null,"M",3.44]
["2.7.4","C0713","CARGA, DESCARGA E TRANSP. DE TUBOS E CONEXÕES EM MBV DN 250mm ATÉ 15km",null,"M",6.02]
["2.7.5","C0714","CARGA, DESCARGA E TRANSP. DE TUBOS E CONEXÕES EM MBV DN 300mm ATÉ 15km",null,"M",7.4]
["2.7.6","C0715","CARGA, DESCARGA E TRANSP. DE TUBOS E CONEXÕES EM MBV DN 350mm ATÉ 15km",null,"M",12.13]
["2.7.7","C0716","CARGA, DESCARGA E TRANSP. DE TUBOS E CONEXÕES EM MBV DN 400mm ATÉ 15km",null,"M",17.72]
["2.7.8","C4672","CARGA E DESCARGA DE TUBOS CORRUGADOS DE DUPLA PAREDE E CONEXÕES EM PEAD",null,"M",56.35]
[]
["2.7.9","C0703","CARGA E DESCARGA DE TUBOS DE CONCRETO",null,"T",77.19]
["2.7.10","C0704","CARGA E DESCARGA DE TUBOS E CONEXÕES EM AÇO",null,"T",57.89]
["2.7.11","C0705","CARGA E DESCARGA DE TUBOS E CONEXÕES EM FoFo",null,"T",67.54]
["2.7.12","C0727","CARGA, TRANSPORTE E DESCARGA DE TUBOS E PEÇAS EM PVC DN 50mm ATÉ 15km",null,"M",0.43]
["2.7.13","C0728","CARGA, TRANSPORTE E DESCARGA DE TUBOS E PEÇAS EM PVC DN 75mm ATÉ 15km",null,"M",0.69]
["2.7.14","C0718","CARGA, TRANSPORTE E DESCARGA DE TUBOS E PEÇAS EM PVC DN 100mm ATÉ 15km",null,"M",0.76]
["2.7.15","C0719","CARGA, TRANSPORTE E DESCARGA DE TUBOS E PEÇAS EM PVC DN 150mm ATÉ 15km",null,"M",1.15]
["2.7.16","C0720","CARGA, TRANSPORTE E DESCARGA DE TUBOS E PEÇAS EM PVC DN 200mm ATÉ 15km",null,"M",1.52]
["2.7.17","C0721","CARGA, TRANSPORTE E DESCARGA DE TUBOS E PEÇAS EM PVC DN 250mm ATÉ 15km",null,"M",1.92]
["2.7.18","C0722","CARGA, TRANSPORTE E DESCARGA DE TUBOS E PEÇAS EM PVC DN 300mm ATÉ 15km",null,"M",2.27]
["2.7.19","C0723","CARGA, TRANSPORTE E DESCARGA DE TUBOS E PEÇAS EM PVC DN 350mm ATÉ 15km",null,"M",2.68]
["2.7.20","C0724","CARGA, TRANSPORTE E DESCARGA DE TUBOS E PEÇAS EM PVC DN 400mm ATÉ 15km",null,"M",3.05]
["2.7.21","C0725","CARGA, TRANSPORTE E DESCARGA DE TUBOS E PEÇAS EM PVC DN 450mm ATÉ 15km",null,"M",3.52]
["2.7.22","C0726","CARGA, TRANSPORTE E DESCARGA DE TUBOS E PEÇAS EM PVC DN 500mm ATÉ 15km",null,"M",3.91]
["2.7.23","C2980","TRANSPORTE DE TUBOS E CONEXÕES DE FoFo, AÇO OU CONCRETO",null,"T",49.05]
["3","SERVIÇOS AUXILIARES",{"$nulls":3},13452.22]
["3.1","SERVIÇOS PREPARATÓRIOS",{"$nulls":3},17.45]
["3.1.1","C3160","DESMATAMENTO DE JAZIDA",null,"M2",0.43]
["3.1.2","C3161","DESMATAMENTO DESTOCAMENTO DE ÁRVORE E LIMPEZA",null,"M2",0.28]
["3.1.3","C3211","ESCAVAÇÃO E CARGA DE MATERIAL DE JAZIDA",null,"M3",4.9]
["3.1.4","C3218","EXPURGO DE JAZIDA",null,"M3",3.74]
["3.1.5","C3319","NIVELAMENTO DE FUNDO DE VALAS",null,"M2",7.77]
["3.1.6","C2990","REGULARIZAÇÃO DE TALUDES",null,"M2",0.33]
["3.2","SUSTENTAÇÕES DIVERSAS",{"$nulls":3},5136.05]
["3.2.1","C0083","ANDAIME METÁLICO DE ENCAIXE P/FACHADAS-LOCAÇÃO MENSAL",null,"M2",7.77]
["3.2.2","C0084","ANDAIME P/1 M3 DE CONCRETO ARMADO",null,"UN",24.02]
["3.2.3","C0086","ANDAIME P/ALVENARIA DE 1/2 TIJOLO",null,"M2",4.51]
["3.2.4","C0085","ANDAIME P/ALVENARIA DE 1 TIJOLO",null,"M2",11.5]
["3.2.5","C0087","ANDAIME P/REVESTIMENTO DE FORROS",null,"M2",10.37]
["3.2.6","C0088","ANDAIME PRINCIPAL VERTICAL INCLUSIVE DEMOLIÇÃO",null,"M2",57.51]
["3.2.7","C3352","ANDAIME SUSPENSO E PLATAFORMA DE MADEIRA",null,"M2",52.69]
["3.2.8","C0364","BANDEJA SALVA-VIDAS C/TÁBUAS DE 1\"x12\" DE 2ª",null,"M",344.89]
["3.2.9","C3320","CIMBRAMENTO DE MADEIRA",null,"M3",47.12]
["3.2.10","C1236","ENCAIXOTAMENTO DE EDIFICAÇÕES",null,"M2",119.71]
["3.2.11","C1246","ENTELAMENTO DE EDIFICAÇÕES C/PASSARELA DE TÁBUAS DE 1\"x12\" DE 2º",null,"M2",339.9]
["3.2.12","C2804","ESCORAMENTO DE ÁRVORES",null,"UN",140.98]
["3.2.13","C2803","ESCORAMENTO DE POSTES",null,"UN",706.23]
["3.2.14","C3351","ESCORAMENTO P/ OBRAS D'ARTES CORRENTES",null,"M3",68.18]
["3.2.15","C3081","ESCORAMENTO TUBULAR TIPO CONVENCIONAL",null,"M3",47.57]
["3.2.16","C1274","ESCORAMENTO DE PROTEÇÃO EM EDIFICAÇÕES VIZINHAS",null,"M2",223.87]
["3.2.17","C4166","ESTRUTURA DE SUSTENTAÇÃO EM VIGAS TRELIÇADAS E TABLADO DE MADEIRA",null,"M2",274.13]
["3.2.18","C3466","EXECUÇÃO DE ESTRUTURA METÁLICA P/ IÇAMENTO D0 RESERVATÓRIO",null,"KG",18.67]
["3.2.19","C4766","LOCAÇÃO DE CUBETAS (61X61)CM H=21CM, PARA LAJE NERVURADA - FORNECIMENTO",null,"M2XMÊS",27.08]
[]
["3.2.20","C5211","LOCAÇÃO DE CUBETAS (80X80)CM H=20CM, PARA LAJE NERVRURADA - FORNECIMENTO",null,"M2XMÊS",15.47]
[]
["3.2.21","C5212","LOCAÇÃO DE CUBETAS (80X80)CM H=25CM, PARA LAJE NERVRURADA - FORNECIMENTO",null,"M2XMÊS",16.88]
[]
["3.2.22","C5213","LOCAÇÃO DE CUBETAS (80X80)CM H=30CM, PARA LAJE NERVRURADA - FORNECIMENTO",null,"M2XMÊS",18.28]
[]
["3.2.23","C4125","LOCAÇÃO MENSAL DE ANDAIME METÁLICO",null,"M3",8.27]
["3.2.24","C3470","LOCAÇÃO MENSAL DE CIMBRAMENTO METÁLICO",null,"M3",31.5]
["3.2.25","C1271","LOCAÇÃO MENSAL DE ESCORA METÁLICA P/VIGAS/LAJES",null,"M2",5.21]
["3.2.26","C4129","LOCAÇÃO MENSAL DE ESCORAMENTO TUBULAR",null,"M3",16.53]
["3.2.27","C4782","LOCAÇÃO MENSAL PARA ESCORAMENTO E CIMBRAMENTO P/ LAJES NERVURADAS",null,"M2XMÊS",14.25]
["3.2.28","C3468","MONTAGEM E DESMONTAGEM DE ESTRUTURA METÁLICA P/ IÇAMENTO",null,"KG",8.63]
["3.2.29","C4754","PLATAFORMA EM TÁBUAS DE PINHO, INCLUSIVE MOVIMENTAÇÃO (UTIL. 6X)                                   \n",null,"M",4.76]
[]
["3.2.30","C2154","REFORMA DE ANDAIME EXTERNO ATÉ 3 ANDARES",null,"M2",7.01]
["3.2.31","C2155","REFORMA DE ANDAIME EXTERNO MAIOR QUE 3 ANDARES",null,"M2",13.15]
["3.2.32","C2967","SUSTENTAÇÃO DE TUBULAÇÕES EXISTENTES - MADEIRA",null,"M3",2447.84]
["3.2.33","C2968","SUSTENTAÇÃO DE TUBULAÇÕES EXISTENTES - METÁLICA",null,"KG",1.57]
["3.3","ESCORAMENTO DE MADEIRA  EM VALAS E CAVAS",{"$nulls":3},300.47]
["3.3.1","C1272","ESCORAMENTO COMUM DE VALAS TIPO CONTÍNUO C/PRANCHAS PEROBA",null,"M2",131.95]
["3.3.2","C2798","ESCORAMENTO CONTÍNUO COM CHAPA COMPENSADA DE 12mm",null,"M2",22.96]
["3.3.3","C1273","ESCORAMENTO CONTÍNUO P/GALERIA MOLDADA",null,"M2",107.73]
["3.3.4","C2805","ESCORAMENTO DESCONTÍNUO COM PRANCHAS DE MADEIRA",null,"M2",37.83]
["3.4","ESCORAMENTO METÁLICO EM VALAS,CAVAS OU POÇOS",{"$nulls":3},391.04]
["3.4.1","C5178","ESCORAMENTO CONTÍNUO DE VALAS C/BLINDADOS METÁLICOS DE 2,00M",null,"M2",44.32]
["3.4.2","C5179","ESCORAMENTO CONTÍNUO DE VALAS C/BLINDADOS METÁLICOS DE 4,00M",null,"M2",47.31]
["3.4.3","C5180","ESCORAMENTO CONTÍNUO DE VALAS C/BLINDADOS METÁLICOS DE 6,00M",null,"M2",54.91]
["3.4.4","C2799","ESCORAMENTO CONTÍNUO DE VALAS C/PRANCHAS METÁLICAS DE 2.00M",null,"M2",34.42]
["3.4.5","C2800","ESCORAMENTO CONTÍNUO DE VALAS C/PRANCHAS METÁLICAS DE 3.00M",null,"M2",51.37]
["3.4.6","C2801","ESCORAMENTO CONTÍNUO DE VALAS C/PRANCHAS METÁLICAS DE 4.00M",null,"M2",63.76]
["3.4.7","C2802","ESCORAMENTO CONTÍNUO DE VALAS C/PRANCHAS METÁLICAS DE 6.00M",null,"M2",94.95]
["3.5","INSTALAÇÃO DE GUINCHO",{"$nulls":3},5072.61]
["3.5.1","C1355","EXECUÇÃO DE BASE DA CAÇAMBA E INSTALAÇÃO DO GUINCHO",null,"UN",4691.54]
["3.5.2","C2508","TORRE PARA GUINCHO",null,"M",381.07]
["3.6","PRODUÇÃO DE MATERIAIS",{"$nulls":3},414.2]
["3.6.1","C3129","AREIA DE CAMPO - EXTRAÇÃO",null,"M3",4.71]
["3.6.2","C3130","AREIA DE RIO - EXTRAÇÃO",null,"M3",8.95]
["3.6.3","C3139","BRITA PRODUZIDA PARA BASES",null,"M3",96.34]
["3.6.4","C3252","BRITA PRODUZIDA PARA REVESTIMENTOS BETUMINOSOS",null,"M3",111.83]
["3.6.5","C3253","BRITA PRODUZIDA PARA USOS DIVERSOS",null,"M3",103.45]
["3.6.6","C3227","PEDRA DE MÃO/POLIÉDRICA",null,"M3",44.46]
["3.6.7","C3235","ROCHA PARA BRITAGEM",null,"M3",44.46]
["3.7","LASTROS",{"$nulls":3},1854.02]
["3.7.1","C2860","LASTRO DE AREIA ADQUIRIDA",null,"M3",163.85]
["3.7.2","C2861","LASTRO DE AREIA EXTRAIDA (S/ TRANSPORTE)",null,"M3",31.76]
["3.7.3","C2862","LASTRO DE BRITA",null,"M3",156.09]
["3.7.4","C1605","LASTRO DE BRITA  APILOADO MANUALMENTE",null,"M3",171.25]
["3.7.5","C1606","LASTRO DE BRITA ESP.= 10CM, P/CAIXA EM ALVENARIA",null,"M3",140.86]
["3.7.6","C1607","LASTRO DE CONCRETO IMPERMEABILIZADO E=6CM",null,"M2",60.57]
["3.7.7","C1608","LASTRO DE CONCRETO IMPERMEABILIZADO E=8CM",null,"M2",87.03]
["3.7.8","C1609","LASTRO DE CONCRETO INCLUINDO PREPARO E LANÇAMENTO",null,"M3",680.66]
["3.7.9","C1611","LASTRO DE CONCRETO REGULARIZADO ESP.= 5CM",null,"M2",49.03]
["3.7.10","C2863","LASTRO DE PEDRA DE MÃO",null,"M3",197.88]
["3.7.11","C2864","LASTRO DE PÓ DE PEDRA",null,"M3",115.04]
["3.8","SERVIÇOS DE USINAGEM",{"$nulls":3},136.42]
["3.8.1","C3315","USINAGEM DE MISTURAS BETUMINOSAS A FRIO",null,"M3",26.15]
["3.8.2","C3316","USINAGEM DE MISTURAS BETUMINOSAS A QUENTE",null,"M3",91.18]
["3.8.3","C3244","USINAGEM DE MISTURAS DE AGREGADOS",null,"M3",19.09]
["3.9","TRANSPORTE COM ELEVADOR",{"$nulls":3},52.34]
["3.9.1","C2540","TRANSPORTE VERTICAL DE MATERIAIS A GRANEL P/ A 2a. LAJE",null,"M3",25.46]
["3.9.2","C2541","TRANSPORTE VERTICAL DE MATERIAIS A GRANEL P/ A 5a. LAJE",null,"M3",26.88]
["3.10","TRANSPORTE COM GUINDASTE",{"$nulls":3},77.62]
["3.10.1","C2525","TRANSPORTE C/GUINDASTE DE TORRE CAP. 1200KG",null,"CICLO",10.68]
["3.10.2","C2526","TRANSPORTE C/GUINDASTE ESTACIONÁRIO CAP. 1100KG",null,"CICLO",9.17]
["3.10.3","C2528","TRANSPORTE C/GUINDASTE SOBRE TRILHO CAP. 1100KG",null,"CICLO",19.66]
["3.10.4","C2527","TRANSPORTE C/GUINDASTE SOBRE TRILHO CAP. 1200KG",null,"CICLO",38.11]
["4","OBRAS DE DRENAGEM",{"$nulls":3},739104.85]
["4.1","ESGOTAMENTO DE ÁREAS E VALAS",{"$nulls":3},12.42]
["4.1.1","C1278","ESGOTAMENTO C/BOMBA ELÉTRICA DE IMERSÃO 1KW ATÉ 8M",null,"M3",0.04]
["4.1.2","C1277","ESGOTAMENTO C/BOMBA ELÉTRICA DE IMERSÃO  2.7KW ATÉ 8M",null,"M3",0.04]
["4.1.3","C2806","ESGOTAMENTO COM CONJUNTO MOTO-BOMBA DE 20m3/h, H=6m.c.a",null,"H",6.17]
["4.1.4","C2807","ESGOTAMENTO COM CUNJUNTO MOTO-BOMBA DE 20m3/h, H=10m.c.a",null,"H",6.17]
["4.2","REBAIXAMENTO DO LENÇOL FREÁTICO",{"$nulls":3},108.47]
["4.2.1","C2924","REBAIXAMENTO DE LENÇOL FREÁTICO EM ÁREAS",null,"PTxDIA",24.8]
["4.2.2","C2922","REBAIXAMENTO DE LENÇOL FREÁTICO EM ÁREAS (POÇOS DE VISITA)",null,"PTxDIA",39.07]
["4.2.3","C2923","REBAIXAMENTO DE LENÇOL FREÁTICO EM VALAS",null,"M",44.6]
["4.3","OBRAS D' ARTE CORRENTE",{"$nulls":3},705572.67]
["4.3.1","C0109","AQUISIÇÃO, ASSENT. E REJUNT. DE TUBO DE CONCRETO SIMPLES D=30cm",null,"M",83.96]
["4.3.2","C0110","AQUISIÇÃO, ASSENT. E REJUNT. DE TUBO DE CONCRETO SIMPLES D=40cm",null,"M",115.63]
["4.3.3","C0105","AQUISIÇÃO, ASSENT. E REJUNT. DE TUBO DE CONCRETO ARMADO D= 60cm",null,"M",258.38]
["4.3.4","C0108","AQUISIÇÃO, ASSENT. E REJUNT. DE TUBO DE CONCRETO ARMADO D=80cm",null,"M",424.21]
["4.3.5","C0104","AQUISIÇÃO, ASSENT. E REJUNT. DE TUBO DE CONCRETO ARMADO D= 100cm",null,"M",521.07]
["4.3.6","C4325","AQUISIÇÃO, ASSENT. E REJUNT. DE TUBO DE CONCRETO ARMADO D=100 cm, SOBRE BERÇO DE CONCRETO MOLDADO \"IN LOCO\", FCK > 10MPa",null,"M",896]
[]
["4.3.7","C0106","AQUISIÇÃO, ASSENT. E REJUNT. DE TUBO DE CONCRETO ARMADO D=120cm",null,"M",778.66]
["4.3.8","C0107","AQUISIÇÃO, ASSENT. E REJUNT. DE TUBO DE CONCRETO ARMADO D=150cm",null,"M",1141.19]
["4.3.9","C4673","AQUISIÇÃO E ASSENTAMENTO DE TUBO CORRUGADO DE DUPLA PAREDE PEAD D=37,5cm",null,"M",212.26]
[]
["4.3.10","C4674","AQUISIÇÃO E ASSENTAMENTO DE TUBO CORRUGADO DE DUPLA PAREDE PEAD D=45,0cm",null,"M",337.91]
[]
["4.3.11","C4675","AQUISIÇÃO E ASSENTAMENTO DE TUBO CORRUGADO DE DUPLA PAREDE PEAD D=60,0cm",null,"M",576.96]
[]
["4.3.12","C4676","AQUISIÇÃO E ASSENTAMENTO DE TUBO CORRUGADO DE DUPLA PAREDE PEAD D=75,0cm",null,"M",859.61]
[]
["4.3.13","C4677","AQUISIÇÃO E ASSENTAMENTO DE TUBO CORRUGADO DE DUPLA PAREDE PEAD D=90,0cm",null,"M",1103.26]
[]
["4.3.14","C4678","AQUISIÇÃO E ASSENTAMENTO DE TUBO CORRUGADO DE DUPLA PAREDE PEAD D=105,0cm",null,"M",1528.16]
[]
["4.3.15","C4679","AQUISIÇÃO E ASSENTAMENTO DE TUBO CORRUGADO DE DUPLA PAREDE PEAD D=120,0cm",null,"M",1920.22]
[]
["4.3.16","C0424","BOCA DE BUEIRO SIMPLES TUBULAR  D= 80cm",null,"UN",1914.94]
["4.3.17","C0423","BOCA DE BUEIRO SIMPLES TUBULAR  D= 100cm",null,"UN",2530.63]
["4.3.18","C0406","BOCA DE BUEIRO DUPLO TUBULAR    D= 80cm",null,"UN",3160.62]
["4.3.19","C0407","BOCA DE BUEIRO DUPLO TUBULAR    D=100cm",null,"UN",3972.32]
["4.3.20","C0440","BOCA DE BUEIRO TRIPLO TUBULAR   D=100cm",null,"UN",5414]
["4.3.21","C0408","BOCA DE BUEIRO SIMPLES CAPEADO  (1.00 X 1.00m)",null,"UN",2215.49]
["4.3.22","C0409","BOCA DE BUEIRO SIMPLES CAPEADO  (1.50 X 1.00m)",null,"UN",2689.02]
["4.3.23","C0410","BOCA DE BUEIRO SIMPLES CAPEADO  (1.50 X 1.50m)",null,"UN",3890.06]
["4.3.24","C0411","BOCA DE BUEIRO SIMPLES CAPEADO  (2.00 X 1.00m)",null,"UN",3091.32]
["4.3.25","C0412","BOCA DE BUEIRO SIMPLES CAPEADO  (2.00 X 1.50m)",null,"UN",4297.52]
["4.3.26","C0413","BOCA DE BUEIRO SIMPLES CAPEADO  (2.00 X 2.00m)",null,"UN",5754.44]
["4.3.27","C0414","BOCA DE BUEIRO SIMPLES CAPEADO  (2.50 X 1.00m)",null,"UN",3488.86]
["4.3.28","C0415","BOCA DE BUEIRO SIMPLES CAPEADO  (2.50 X 1.50m)",null,"UN",4765.52]
["4.3.29","C0416","BOCA DE BUEIRO SIMPLES CAPEADO  (2.50 X 2.00m)",null,"UN",6460.96]
["4.3.30","C0417","BOCA DE BUEIRO SIMPLES CAPEADO  (2.50 X 2.50m)",null,"UN",8265.83]
["4.3.31","C0418","BOCA DE BUEIRO SIMPLES CAPEADO  (3.00 X 1.00m)",null,"UN",3894.18]
["4.3.32","C0419","BOCA DE BUEIRO SIMPLES CAPEADO  (3.00 X 1.50m)",null,"UN",5462.66]
["4.3.33","C0420","BOCA DE BUEIRO SIMPLES CAPEADO  (3.00 X 2.00m)",null,"UN",7097.58]
["4.3.34","C0421","BOCA DE BUEIRO SIMPLES CAPEADO  (3.00 X 2.50m)",null,"UN",8986.05]
["4.3.35","C0422","BOCA DE BUEIRO SIMPLES CAPEADO  (3.00 X 3.00m)",null,"UN",11128.08]
["4.3.36","C0391","BOCA DE BUEIRO DUPLO CAPEADO    (1.00 X 1.00m)",null,"UN",3170.4]
["4.3.37","C0392","BOCA DE BUEIRO DUPLO CAPEADO    (1.50 X 1.00m)",null,"UN",4025.95]
["4.3.38","C0393","BOCA DE BUEIRO DUPLO CAPEADO    (1.50 X 1.50m)",null,"UN",5537.87]
["4.3.39","C0394","BOCA DE BUEIRO DUPLO CAPEADO    (2.00 X 1.00m)",null,"UN",4779.86]
["4.3.40","C0395","BOCA DE BUEIRO DUPLO CAPEADO    (2.00 X 1.50m)",null,"UN",6310.33]
["4.3.41","C0396","BOCA DE BUEIRO DUPLO CAPEADO    (2.00 X 2.00m)",null,"UN",8095.56]
["4.3.42","C0397","BOCA DE BUEIRO DUPLO CAPEADO    (2.50 X 1.00m)",null,"UN",5504.88]
["4.3.43","C0398","BOCA DE BUEIRO DUPLO CAPEADO    (2.50 X 1.50m)",null,"UN",7161.16]
["4.3.44","C0399","BOCA DE BUEIRO DUPLO CAPEADO    (2.50 X 2.00m)",null,"UN",9344.9]
["4.3.45","C0400","BOCA DE BUEIRO DUPLO CAPEADO    (2.50 X 2.50m)",null,"UN",11547.22]
["4.3.46","C0401","BOCA DE BUEIRO DUPLO CAPEADO    (3.00 X 1.00m)",null,"UN",6248.47]
["4.3.47","C0402","BOCA DE BUEIRO DUPLO CAPEADO    (3.00 X 1.50m)",null,"UN",8388.19]
["4.3.48","C0403","BOCA DE BUEIRO DUPLO CAPEADO    (3.00 X 2.00m)",null,"UN",10481.35]
["4.3.49","C0404","BOCA DE BUEIRO DUPLO CAPEADO    (3.00 X 2.50m)",null,"UN",12828.06]
["4.3.50","C0405","BOCA DE BUEIRO DUPLO CAPEADO    (3.00 X 3.00m)",null,"UN",15428.32]
["4.3.51","C0425","BOCA DE BUEIRO TRIPLO CAPEADO   (1.00 X 1.00m)",null,"UN",4125.02]
["4.3.52","C0426","BOCA DE BUEIRO TRIPLO CAPEADO   (1.50 X 1.00m)",null,"UN",5362.88]
["4.3.53","C0427","BOCA DE BUEIRO TRIPLO CAPEADO   (1.50 X 1.50m)",null,"UN",7185.95]
["4.3.54","C0428","BOCA DE BUEIRO TRIPLO CAPEADO   (2.00 X 1.00m)",null,"UN",6465.58]
["4.3.55","C0431","BOCA DE BUEIRO TRIPLO CAPEADO   (2.50 X 1.00m)",null,"UN",7520.43]
["4.3.56","C0429","BOCA DE BUEIRO TRIPLO CAPEADO   (2.00 X 1.50m)",null,"UN",8324.36]
["4.3.57","C0430","BOCA DE BUEIRO TRIPLO CAPEADO   (2.00 X 2.00m)",null,"UN",10436.21]
["4.3.58","C0432","BOCA DE BUEIRO TRIPLO CAPEADO   (2.50 X 1.50m)",null,"UN",9557.55]
["4.3.59","C0433","BOCA DE BUEIRO TRIPLO CAPEADO   (2.50 X 2.00m)",null,"UN",12229.12]
["4.3.60","C0434","BOCA DE BUEIRO TRIPLO CAPEADO   (2.50 X 2.50m)",null,"UN",14827.85]
["4.3.61","C0435","BOCA DE BUEIRO TRIPLO CAPEADO   (3.00 X 1.00m)",null,"UN",8602.77]
["4.3.62","C0436","BOCA DE BUEIRO TRIPLO CAPEADO   (3.00 X 1.50m)",null,"UN",11312.96]
["4.3.63","C0437","BOCA DE BUEIRO TRIPLO CAPEADO   (3.00 X 2.00m)",null,"UN",13864.36]
["4.3.64","C0438","BOCA DE BUEIRO TRIPLO CAPEADO   (3.00 X 2.50m)",null,"UN",16669.32]
["4.3.65","C0439","BOCA DE BUEIRO TRIPLO CAPEADO   (3.00 X 3.00m)",null,"UN",19727.82]
["4.3.66","C0919","CORPO DE BUEIRO SIMPLES TUBULAR  D= 80cm",null,"M",631.33]
["4.3.67","C0920","CORPO DE BUEIRO SIMPLES TUBULAR  D=100cm",null,"M",803.02]
["4.3.68","C0886","CORPO DE BUEIRO DUPLO TUBULAR   D=  80cm",null,"M",1194.96]
["4.3.69","C0887","CORPO DE BUEIRO DUPLO TUBULAR   D= 100cm",null,"M",1522.25]
["4.3.70","C0918","CORPO DE BUEIRO TRIPLO TUBULAR  D= 100cm",null,"M",2238.99]
["4.3.71","C0888","CORPO DE BUEIRO SIMPLES CAPEADO (1.00 X 1.00m)",null,"M",1711.78]
["4.3.72","C0889","CORPO DE BUEIRO SIMPLES CAPEADO (1.50 X 1.00m)",null,"M",2209.13]
["4.3.73","C0890","CORPO DE BUEIRO SIMPLES CAPEADO (1.50 X 1.50m)",null,"M",2776.53]
["4.3.74","C0891","CORPO DE BUEIRO SIMPLES CAPEADO (2.00 X 1.00m)",null,"M",2718.09]
["4.3.75","C0892","CORPO DE BUEIRO SIMPLES CAPEADO (2.00 X 1.50m)",null,"M",3218.14]
["4.3.76","C0893","CORPO DE BUEIRO SIMPLES CAPEADO (2.00 X 2.00m)",null,"M",3718.19]
["4.3.77","C0894","CORPO DE BUEIRO SIMPLES CAPEADO (2.50 X 1.00m)",null,"M",3073.6]
["4.3.78","C0895","CORPO DE BUEIRO SIMPLES CAPEADO (2.50 X 1.50m)",null,"M",3590.69]
["4.3.79","C0897","CORPO DE BUEIRO SIMPLES CAPEADO (2.50 X 2.50m)",null,"M",4933.2]
["4.3.80","C0896","CORPO DE BUEIRO SIMPLES CAPEADO (2.50 X 2.00m)",null,"M",4369.2]
["4.3.81","C0898","CORPO DE BUEIRO SIMPLES CAPEADO (3.00 X 1.00m)",null,"M",3478.92]
["4.3.82","C0899","CORPO DE BUEIRO SIMPLES CAPEADO (3.00 X 1.50m)",null,"M",4336.7]
["4.3.83","C0900","CORPO DE BUEIRO SIMPLES CAPEADO (3.00 X 2.00m)",null,"M",4941.19]
["4.3.84","C0901","CORPO DE BUEIRO SIMPLES CAPEADO (3.00 X 2.50m)",null,"M",5545.69]
["4.3.85","C0902","CORPO DE BUEIRO SIMPLES CAPEADO (3.00 X 3.00m)",null,"M",6150.18]
["4.3.86","C0872","CORPO DE BUEIRO DUPLO CAPEADO   (1.00 X 1.00m)",null,"M",2801.16]
["4.3.87","C0873","CORPO DE BUEIRO DUPLO CAPEADO   (1.50 X 1.00m)",null,"M",3711.43]
["4.3.88","C0874","CORPO DE BUEIRO DUPLO CAPEADO   (1.50 X 1.50m)",null,"M",4588.15]
["4.3.89","C0875","CORPO DE BUEIRO DUPLO CAPEADO   (2.00 X 1.00m)",null,"M",4687.12]
["4.3.90","C0876","CORPO DE BUEIRO DUPLO CAPEADO   (2.00 X 1.50m)",null,"M",5471.29]
["4.3.91","C0877","CORPO DE BUEIRO DUPLO CAPEADO   (2.00 X 2.00m)",null,"M",6255.46]
["4.3.92","C0878","CORPO DE BUEIRO DUPLO CAPEADO   (2.50 X 1.00m)",null,"M",5398.15]
["4.3.93","C0879","CORPO DE BUEIRO DUPLO CAPEADO   (2.50 X 1.50m)",null,"M",6216.4]
["4.3.94","C0880","CORPO DE BUEIRO DUPLO CAPEADO   (2.50 X 2.00m)",null,"M",7426.15]
["4.3.95","C0921","CORPO DE BUEIRO DUPLO CAPEADO   (2.50 X 2.50m)",null,"M",8314.76]
["4.3.96","C0881","CORPO DE BUEIRO DUPLO CAPEADO   (3.00 X 1.00m)",null,"M",6208.8]
["4.3.97","C0882","CORPO DE BUEIRO DUPLO CAPEADO   (3.00 X 1.50m)",null,"M",7546.59]
["4.3.98","C0883","CORPO DE BUEIRO DUPLO CAPEADO   (3.00 X 2.00m)",null,"M",8504.47]
["4.3.99","C0884","CORPO DE BUEIRO DUPLO CAPEADO   (3.00 X 2.50m)",null,"M",9462.34]
["4.3.100","C0885","CORPO DE BUEIRO DUPLO CAPEADO   (3.00 X 3.00m)",null,"M",10420.22]
["4.3.101","C0903","CORPO DE BUEIRO TRIPLO CAPEADO  (1.00 X 1.00m)",null,"M",3890.53]
["4.3.102","C0905","CORPO DE BUEIRO TRIPLO CAPEADO  (1.50 X 1.50m)",null,"M",6399.73]
["4.3.103","C0904","CORPO DE BUEIRO TRIPLO CAPEADO  (1.50 X 1.00m)",null,"M",5213.73]
["4.3.104","C0907","CORPO DE BUEIRO TRIPLO CAPEADO  (2.00 X 1.50m)",null,"M",7724.44]
["4.3.105","C0906","CORPO DE BUEIRO TRIPLO CAPEADO  (2.00 X 1.00m)",null,"M",6656.16]
["4.3.106","C0908","CORPO DE BUEIRO TRIPLO CAPEADO  (2.00 X 2.00m)",null,"M",8792.72]
["4.3.107","C0909","CORPO DE BUEIRO TRIPLO CAPEADO  (2.50 X 1.00m)",null,"M",7722.7]
["4.3.108","C0910","CORPO DE BUEIRO TRIPLO CAPEADO  (2.50 X 1.50m)",null,"M",8842.11]
["4.3.109","C0911","CORPO DE BUEIRO TRIPLO CAPEADO  (2.50 X 2.00m)",null,"M",10483.11]
["4.3.110","C0912","CORPO DE BUEIRO TRIPLO CAPEADO  (2.50 X 2.50m)",null,"M",11696.33]
["4.3.111","C0913","CORPO DE BUEIRO TRIPLO CAPEADO  (3.00 X 1.00m)",null,"M",8938.67]
["4.3.112","C0914","CORPO DE BUEIRO TRIPLO CAPEADO  (3.00 X 1.50m)",null,"M",10756.49]
["4.3.113","C0915","CORPO DE BUEIRO TRIPLO CAPEADO  (3.00 X 2.00m)",null,"M",12067.74]
["4.3.114","C0916","CORPO DE BUEIRO TRIPLO CAPEADO  (3.00 X 2.50m)",null,"M",13379]
["4.3.115","C0917","CORPO DE BUEIRO TRIPLO CAPEADO  (3.00 X 3.00m)",null,"M",14690.26]
["4.3.116","C4687","CORPO DE BUEIRO SIMPLES - TUBO CORRUGADO DE DUPLA PAREDE PEAD D=120,0cm",null,"M",2215.76]
[]
["4.3.117","C4688","CORPO DE BUEIRO DUPLO - TUBO CORRUGADO DE DUPLA PAREDE PEAD D=120,0cm",null,"M",4330.88]
["4.3.118","C4689","CORPO DE BUEIRO TRIPLO - TUBO CORRUGADO DE DUPLA PAREDE PEAD D=120,0cm",null,"M",6443.52]
["4.3.119","C3630","GALERIA EM PVC HELICOIDAL TIPO RIB LOC D=0,40m",null,"M",214.8]
["4.3.120","C3632","GALERIA EM PVC HELICOIDAL TIPO RIB LOC D=0,60m",null,"M",383.63]
["4.3.121","C3633","GALERIA EM PVC HELICOIDAL TIPO RIB LOC D=0,70m",null,"M",535.37]
["4.3.122","C3631","GALERIA EM PVC HELICOIDAL TIPO RIB LOC D=0,50m",null,"M",269.57]
["4.3.123","C3634","GALERIA EM PVC HELICOIDAL TIPO RIB LOC D=0,80m",null,"M",608.66]
["4.3.124","C3635","GALERIA EM PVC HELICOIDAL TIPO RIB LOC D=0,90m",null,"M",691.08]
["4.3.125","C3636","GALERIA EM PVC HELICOIDAL TIPO RIB LOC D=1,00m",null,"M",988.6]
["4.3.126","C3637","GALERIA EM PVC HELICOIDAL TIPO RIB LOC D=1,20m",null,"M",1198.88]
["4.3.127","C4680","GALERIA EM TUBO CORRUGADO DE DUPLA PAREDE PEAD D=37,5cm",null,"M",179.08]
["4.3.128","C4681","GALERIA EM TUBO CORRUGADO DE DUPLA PAREDE PEAD D=45,0cm",null,"M",296.28]
["4.3.129","C4682","GALERIA EM TUBO CORRUGADO DE DUPLA PAREDE PEAD D=60,0cm",null,"M",518.4]
["4.3.130","C4683","GALERIA EM TUBO CORRUGADO DE DUPLA PAREDE PEAD D=75,0cm",null,"M",780.53]
["4.3.131","C4684","GALERIA EM TUBO CORRUGADO DE DUPLA PAREDE PEAD D=90,0cm",null,"M",1005.67]
["4.3.132","C4685","GALERIA EM TUBO CORRUGADO DE DUPLA PAREDE PEAD D=105,0cm",null,"M",1407.2]
["4.3.133","C4686","GALERIA EM TUBO CORRUGADO DE DUPLA PAREDE PEAD D=120,0cm",null,"M",1774.51]
["4.4","DRENAGEM PROFUNDA",{"$nulls":3},1626.02]
["4.4.1","C3401","COLOCAÇÃO DE MATERIAL PARA O LEITO FILTRANTE",null,"M3",117.8]
["4.4.2","C2728","DRENAGEM COM TUBO CERÂMICO PERFURADO, D= 10cm",null,"M",20.23]
["4.4.3","C2729","DRENAGEM COM TUBO CERÂMICO PERFURADO, D= 15cm",null,"M",27.28]
["4.4.4","C2730","DRENAGEM COM TUBO CERÂMICO PERFURADO, D= 20cm",null,"M",41.86]
["4.4.5","C2731","DRENAGEM COM TUBO DE CONCRETO POROSO, D= 15cm",null,"M",40.64]
["4.4.6","C2732","DRENAGEM COM TUBO DE CONCRETO POROSO, D= 20cm",null,"M",59.42]
["4.4.7","C2733","DRENAGEM COM TUBO DE CONCRETO POROSO, D= 30cm",null,"M",81.23]
["4.4.8","C3071","DRENO PROFUNDO C/TUBO POROSO D=20cm/AREIA",null,"M",69.03]
["4.4.9","C3070","DRENO PROFUNDO C/TUBO POROSO D=20cm/AREIA:BRITA",null,"M",90.88]
["4.4.10","C3072","DRENO PROFUNDO C/TUBO POROSO D=20cm/BRITA",null,"M",124.6]
["4.4.11","C3073","DRENO PROFUNDO COM ENCHIMENTO DE AREIA",null,"M",14.41]
["4.4.12","C3074","DRENO PROFUNDO COM ENCHIMENTO DE BRITA",null,"M",75.84]
["4.4.13","C3085","EXTREMIDADE PARA DRENO PROFUNDO",null,"UN",662.55]
["4.4.14","C2590","TUBO DE PVC CORRUGADO PERFURADO D= 10cm",null,"M",32.23]
["4.4.15","C2591","TUBO DE PVC CORRUGADO PERFURADO D= 15cm",null,"M",76.69]
["4.4.16","C2592","TUBO DE PVC CORRUGADO PERFURADO D= 20cm",null,"M",91.33]
["4.5","DRENAGEM SUB-SUPERFICIAL",{"$nulls":3},752.49]
["4.5.1","C4661","BARBACÃ C/ TUBO PVC ESGOTO 50 mm, INCLUSIVE GEOTÊXTIL NÃO-TECIDO 100% POLIÉSTER COM RESISTÊNCIA A TRAÇÃO LONGITUDINAL MÍNIMA DE 8 kN/m (BIDIM RT-08 OU SIMILAR) E BRITA",null,"UN",7.78]
[]
["4.5.2","C4662","BARBACÃ C/ TUBO PVC ESGOTO 75 mm, INCLUSIVE GEOTÊXTIL NÃO-TECIDO 100% POLIÉSTER COM RESISTÊNCIA A TRAÇÃO LONGITUDINAL MÍNIMA DE 8 kN/m (BIDIM RT-08 OU SIMILAR) E BRITA",null,"UN",9.99]
[]
["4.5.3","C4663","BARBACÃ C/ TUBO PVC ESGOTO 100 mm, INCLUSIVE GEOTÊXTIL NÃO-TECIDO 100% POLIÉSTER COM RESISTÊNCIA A TRAÇÃO LONGITUDINAL MÍNIMA DE 8 kN/m (BIDIM RT-08 OU SIMILAR) E BRITA",null,"UN",10.61]
[]
["4.5.4","C3141","COLCHÃO DRENANTE DE AREIA ( S/TRANSP)",null,"M3",15.43]
["4.5.5","C3142","COLCHÃO DRENANTE DE BRITA ( S/TRANSP)",null,"M3",118.24]
["4.5.6","C3076","DRENO SUB-SUPERFICIAL C/ENCHIMENTO DE BRITA",null,"M",27.17]
["4.5.7","C4660","DRENO SUB-SUPERFICIAL C/ GEOTÊXTIL NÃO TECIDO 100% POLIÉSTER COM RESISTÊNCIA A TRAÇÃO LONGITUDINAL MÍNIMA DE 9 kN/m (BIDIM RT-09 OU SIMILAR) INCLUSIVE ENCHIMENTO DE BRITA",null,"M",47.02]
[]
["4.5.8","C3086","EXTREMIDADE PARA DRENO SUB-SUPERFICIAL",null,"UN",241.94]
["4.5.9","C4659","GEOTEXTIL NÃO TECIDO 100% POLIÉSTER COM RESISTÊNCIA AO PUNCIONAMENTO CBR MÍNIMA DE 2 kN",null,"M2",10.67]
[]
["4.5.10","C4650","GEOTÊXTIL NÃO-TECIDO 100% POLIÉSTER COM RESISTÊNCIA AO PUNCIONAMENTO CBR MÍNIMA DE 5,5 kN (BIDIM RT-31 OU SIMILAR) PARA ÁREAS SUBMERSAS",null,"M2",46.7]
[]
["4.5.11","C4651","GEOTÊXTIL NÃO-TECIDO 100% POLIÉSTER COM RESISTÊNCIA A TRAÇÃO LONGITUDINAL MÍNIMA DE 7 kN/m (BIDIM RT-07 OU SIMILAR)",null,"M2",9.72]
[]
["4.5.12","C4652","GEOTÊXTIL NÃO-TECIDO 100% POLIÉSTER COM RESISTÊNCIA A TRAÇÃO LONGITUDINAL MÍNIMA DE 8 kN/m (BIDIM RT-08 OU SIMILAR)",null,"M2",10.67]
[]
["4.5.13","C4653","GEOTÊXTIL NÃO-TECIDO 100% POLIÉSTER COM RESISTÊNCIA A TRAÇÃO LONGITUDINAL MÍNIMA DE 9 kN/m (BIDIM RT-09 OU SIMILAR)",null,"M2",11.99]
[]
["4.5.14","C4586","GEOTÊXTIL NÃO-TECIDO 100% POLIÉSTER COM RESISTÊNCIA A TRAÇÃO LONGITUDINAL MÍNIMA DE 10 kN/m (BIDIM RT-10 OU SIMILAR)",null,"M2",13.11]
[]
["4.5.15","C4654","GEOTÊXTIL NÃO-TECIDO 100% POLIÉSTER COM RESISTÊNCIA A TRAÇÃO LONGITUDINAL MÍNIMA DE 14 kN/m (BIDIM RT-14 OU SIMILAR)",null,"M2",18.13]
[]
["4.5.16","C4655","GEOTÊXTIL NÃO-TECIDO 100% POLIÉSTER COM RESISTÊNCIA A TRAÇÃO LONGITUDINAL MÍNIMA DE 16 kN/m (BIDIM RT-16 OU SIMILAR)",null,"M2",20.83]
[]
["4.5.17","C4656","GEOTÊXTIL NÃO-TECIDO 100% POLIÉSTER COM RESISTÊNCIA A TRAÇÃO LONGITUDINAL MÍNIMA DE 21 kN/m (BIDIM RT-21 OU SIMILAR)",null,"M2",26.31]
[]
["4.5.18","C4657","GEOTÊXTIL NÃO-TECIDO 100% POLIÉSTER COM RESISTÊNCIA A TRAÇÃO LONGITUDINAL MÍNIMA DE 26 kN/m (BIDIM RT-26 OU SIMILAR)",null,"M2",34.11]
[]
["4.5.19","C4658","GEOTÊXTIL NÃO-TECIDO 100% POLIÉSTER COM RESISTÊNCIA A TRAÇÃO LONGITUDINAL MÍNIMA DE 31 kN/m (BIDIM RT-31 OU SIMILAR)",null,"M2",39.46]
[]
["4.5.20","C4752","MANTA GEOTEXTIL, TECIDA 100% POLIPROPILENO, RESISTÊNCIA A TRAÇÃO DE 55KN/M E DEFORMAÇÃO INFERIOR A 15% (FORNECIMENTO E ASSENTAMENTO)",null,"M2",12.11]
[]
["4.5.21","C4753","PEÇA EM MADEIRA MUIRACATIARA (2,50X5,00CM) PARA FIXAÇÃO DA MANTA GEOTEXTIL",null,"M",20.5]
[]
["4.6","DRENAGEM SUPERFICIAL",{"$nulls":3},31032.78]
["4.6.1","C0365","BANQUETA/ MEIO FIO DE CONCRETO MOLDADO NO LOCAL ",null,"M",30.48]
["4.6.2","C0367","BANQUETA/ MEIO FIO DE CONCRETO PRÉ-MOLDADO (1,00x0,25x0,15m)",null,"M",51.82]
["4.6.3","C0366","BANQUETA/ MEIO FIO DE CONCRETO P/ VIAS URBANAS (1,00x0,35x0,15m)",null,"M",66.22]
["4.6.4","C0368","BANQUETA/ MEIO FIO DE TIJOLO MACIÇO",null,"M",38.07]
["4.6.5","C3065","DESCIDA D'ÁGUA DE CONCRETO ARMADO PADRÃO DERT",null,"M",203.17]
["4.6.6","C3066","DESCIDA D'ÁGUA DE CONCRETO ARMADO TIPO U",null,"M",202.68]
["4.6.7","C3067","DESCIDA D'AGUA EM CALHA PRÉ-MOLDADA DE CONCRETO D= 0,40m",null,"M",71.54]
["4.6.8","C2727","DRENAGEM COM CALHA PRÉ-MOLDADA DE CONCRETO D= 0,30m",null,"M",67.22]
["4.6.9","C4583","MEIO FIO CONJUGADO C/ SARJETA, EXTRUSADO COM CONCRETO FCK 20 MPa",null,"M",77.71]
["4.6.10","C3097","MEIO FIO DE PEDRA GRANÍTICA",null,"M",24.57]
["4.6.11","C3449","MEIO FIO PRÉ MOLDADO (0,07x0,30x1,00)m C/REJUNTAMENTO",null,"M",28.64]
["4.6.12","C2018","POÇO DE VISITA DE ALVENARIA P/ GALERIA DE ÁGUAS PLUVIAIS DIAM. = 1m  E PROFUNDIDADE= 2m",null,"UN",6420.35]
[]
["4.6.13","C2019","POÇO DE VISITA DE ALVENARIA P/ GALERIA DE ÁGUAS PLUVIAIS DIAM. = 1m  E PROFUNDIDADE= 4m",null,"UN",9360.09]
[]
["4.6.14","C2020","POÇO DE VISITA DE ALVENARIA P/ GALERIA DE ÁGUAS PLUVIAIS DIAM.= 1m  E PROFUNDIDADE= 6m",null,"UN",12446.68]
[]
["4.6.15","C3110","SAIDA D'AGUA C/ DISSIPADOR DE ENERGIA",null,"UN",284.58]
["4.6.16","C3322","SARJETA CONJUGADA COM BANQUETA EM CONCRETO SIMPLES",null,"M",97.73]
["4.6.17","C3111","SARJETA DE CONCRETO SIMPLES \"U\" C/H=0,35m/E=0,08m",null,"M",178.62]
["4.6.18","C3112","SARJETA DE CONCRETO SIMPLES C/L=1,00m/E=0,08m",null,"M",63.65]
["4.6.19","C3113","SARJETA DE CONCRETO SIMPLES C/L=1,20m/E=0,08m",null,"M",77.98]
["4.6.20","C2310","TAMPÃO DE FERRO FUNDIDO P/ POÇO DE VISITA  DE DIAM-=1 M",null,"UN",1185.2]
["4.6.21","C4874","TAMPONAMENTO PROVISÓRIO EM CAIXA DE VISITA",null,"UN",55.78]
["5","ARGAMASSAS",{"$nulls":3},37813.13]
["5.1","PREPARAÇÃO DE MATERIAIS",{"$nulls":3},946.66]
["5.1.1","C0115","AREIA SECA MEIO PENEIRADA",null,"M3",351.77]
["5.1.2","C0116","AREIA SECA PENEIRADA",null,"M3",594.89]
["5.2","ARGAMASSA DE CIMENTO",{"$nulls":3},31233.12]
["5.2.1","C0117","ARGAMASSA DE CIMENTO ARENOSO E AREIA S/PEN. TRAÇO 1:2:4",null,"M3",533.66]
["5.2.2","C0129","ARGAMASSA DE CIMENTO ARENOSO E AREIA S/PEN. TRAÇO 1:2:6",null,"M3",488.93]
["5.2.3","C0133","ARGAMASSA DE CIMENTO ARENOSO E AREIA S/PEN. TRAÇO1:2.5:3.5",null,"M3",531.75]
["5.2.4","C0130","ARGAMASSA DE CIMENTO ARENOSO E AREIA S/PEN. TRAÇO 1:3:3",null,"M3",529.9]
["5.2.5","C0131","ARGAMASSA DE CIMENTO ARENOSO E AREIA S/PEN. TRAÇO 1:3:5",null,"M3",486.1]
["5.2.6","C0132","ARGAMASSA DE CIMENTO ARENOSO E AREIA S/PEN. TRAÇO 1:3:7",null,"M3",462.56]
["5.2.7","C0181","ARGAMASSA DE CIMENTO ARENOSO E AREIA S/PEN. TRAÇO 1:3.5:2.5",null,"M3",528.06]
["5.2.8","C0118","ARGAMASSA DE CIMENTO ARENOSO E AREIA S/PEN. TRAÇO 1:4:2",null,"M3",526.16]
["5.2.9","C0119","ARGAMASSA DE CIMENTO ARENOSO E AREIA S/PEN. TRAÇO 1:4:4",null,"M3",483.25]
["5.2.10","C0120","ARGAMASSA DE CIMENTO ARENOSO E AREIA S/PEN. TRAÇO 1:4:6",null,"M3",460.23]
["5.2.11","C0121","ARGAMASSA DE CIMENTO ARENOSO E AREIA S/PEN. TRAÇO 1:4:8",null,"M3",442.06]
["5.2.12","C0122","ARGAMASSA DE CIMENTO ARENOSO E AREIA S/PEN. TRAÇO 1:5:3",null,"M3",480.4]
["5.2.13","C0128","ARGAMASSA DE CIMENTO ARENOSO E AREIA S/PEN. TRAÇO 1:5:5",null,"M3",457.9]
["5.2.14","C0123","ARGAMASSA DE CIMENTO ARENOSO E AREIA S/PEN. TRAÇO 1:5:7",null,"M3",440.08]
["5.2.15","C0179","ARGAMASSA DE CIMENTO ARENOSO E AREIA S/PEN. TRAÇO 1:6:2",null,"M3",477.57]
["5.2.16","C0124","ARGAMASSA DE CIMENTO ARENOSO E AREIA S/PEN. TRAÇO 1:6:4",null,"M3",455.56]
["5.2.17","C0125","ARGAMASSA DE CIMENTO ARENOSO E AREIA S/PEN. TRAÇO 1:6:6",null,"M3",438.12]
["5.2.18","C0180","ARGAMASSA DE CIMENTO ARENOSO E AREIA S/PEN. TRAÇO 1:7:3",null,"M3",453.23]
["5.2.19","C0126","ARGAMASSA DE CIMENTO ARENOSO E AREIA S/PEN. TRAÇO 1:7:5",null,"M3",436.16]
["5.2.20","C0127","ARGAMASSA DE CIMENTO ARENOSO E AREIA S/PEN. TRAÇO 1:8:4",null,"M3",434.18]
["5.2.21","C0162","ARGAMASSA DE CIMENTO BRANCO E PÓ DE MÁRMORE TRAÇO 1:3",null,"M3",1188.57]
["5.2.22","C0160","ARGAMASSA DE CIMENTO E AREIA FINA PENEIRADA E ADITIVO AGLUTINANTE ORGANO-SINTÉTICO NO TRAÇO 1:8",null,"M3",416]
[]
["5.2.23","C0161","ARGAMASSA DE CIMENTO E AREIA MEDIA PENEIRADA E ADITIVO AGLUTINANTE ORGANO-SINTÉTICO NO TRAÇO 1:8",null,"M3",419.02]
[]
["5.2.24","C0155","ARGAMASSA DE CIMENTO E AREIA PENEIRADA C/ IMPERMEABILIZANTE TRAÇO 1:1.5",null,"M3",1308.28]
["5.2.25","C0154","ARGAMASSA DE CIMENTO E AREIA PENEIRADA C/ IMPERMEABILIZANTE TRAÇO 1:4",null,"M3",1158.22]
["5.2.26","C0163","ARGAMASSA DE CIMENTO E AREIA PEN. TRAÇO 1:2",null,"M3",1149.18]
["5.2.27","C0164","ARGAMASSA DE CIMENTO E AREIA PEN. TRAÇO 1:3",null,"M3",1104.13]
["5.2.28","C0165","ARGAMASSA DE CIMENTO E AREIA PEN. TRAÇO 1:4",null,"M3",1018.22]
["5.2.29","C4429","ARGAMASSA DE CIMENTO E AREIA PEN. TRAÇO 1:5",null,"M3",966.39]
["5.2.30","C4430","ARGAMASSA DE CIMENTO E AREIA PEN. TRAÇO 1:6",null,"M3",931.6]
["5.2.31","C3009","ARGAMASSA DE CIMENTO E AREIA PEN. TRAÇO 1:7",null,"M3",906.75]
["5.2.32","C0156","ARGAMASSA DE CIMENTO E AREIA S/PEN. C/IMPERMEAB. TRAÇO 1:2",null,"M3",888.64]
["5.2.33","C0157","ARGAMASSA DE CIMENTO E AREIA S/PEN. C/IMPERMEAB. TRAÇO 1:3",null,"M3",789.29]
["5.2.34","C0158","ARGAMASSA DE CIMENTO E AREIA S/PEN. C/IMPERMEAB. TRAÇO 1:4",null,"M3",703.38]
["5.2.35","C0159","ARGAMASSA DE CIMENTO E AREIA S/PEN. C/IMPERMEAB. TRAÇO 1:5",null,"M3",651.55]
["5.2.36","C0166","ARGAMASSA DE CIMENTO E AREIA S/PEN. TRAÇO 1:1",null,"M3",913.64]
["5.2.37","C0167","ARGAMASSA DE CIMENTO E AREIA S/PEN. TRAÇO 1:1.5",null,"M3",815.96]
["5.2.38","C0168","ARGAMASSA DE CIMENTO E AREIA S/PEN. TRAÇO 1:2",null,"M3",748.64]
["5.2.39","C0169","ARGAMASSA DE CIMENTO E AREIA S/PEN. TRAÇO 1:2.5",null,"M3",699.41]
["5.2.40","C0170","ARGAMASSA DE CIMENTO E AREIA S/PEN. TRAÇO 1:3",null,"M3",649.29]
["5.2.41","C0171","ARGAMASSA DE CIMENTO E AREIA S/PEN. TRAÇO 1:4",null,"M3",563.38]
["5.2.42","C0172","ARGAMASSA DE CIMENTO E AREIA S/PEN. TRAÇO 1:5",null,"M3",511.55]
["5.2.43","C0173","ARGAMASSA DE CIMENTO E AREIA S/PEN. TRAÇO 1:6",null,"M3",476.76]
["5.2.44","C0174","ARGAMASSA DE CIMENTO E AREIA S/PEN. TRAÇO 1:7",null,"M3",451.91]
["5.2.45","C3323","ARGAMASSA DE CIMENTO E AREIA TRAÇO 1:3 COM AREIA PRODUZIDA",null,"M3",558.54]
["5.2.46","C3324","ARGAMASSA DE CIMENTO E AREIA TRAÇO 1:4 COM AREIA PRODUZIDA",null,"M3",472.63]
["5.2.47","C0175","ARGAMASSA DE CIMENTO E PEDRISCO TRAÇO 1:4",null,"M3",505.48]
["5.2.48","C3554","MUTIRÃO MISTO - ARGAMASSA DE CIMENTO E AREIA S/PEN. TRAÇO 1:3",null,"M3",446.69]
["5.2.49","C3553","MUTIRÃO MISTO - ARGAMASSA DE CIMENTO E AREIA S/PEN. TRAÇO 1:6",null,"M3",274.16]
["5.3","ARGAMASSA MISTA",{"$nulls":3},5590.4]
["5.3.1","C0185","ARGAMASSA MISTA DE CAL EM PASTA E AREIA S/PEN. TRAÇO 1:4  C/100 KG DE CIMENTO",null,"M3",620.66]
[]
["5.3.2","C0189","ARGAMASSA MISTA DE CAL HIDR. E AREIA S/PEN. TRAÇO 1:3 C/100KG DE CIMENTO",null,"M3",608.51]
["5.3.3","C0192","ARGAMASSA MISTA DE CAL HIDR. E AREIA S/PEN. TRAÇO 1:4 C/100KG DE CIMENTO",null,"M3",549.95]
["5.3.4","C0194","ARGAMASSA MISTA DE CIMENTO CAL HIDR. E AREIA PEN.  TRAÇO 1:2:8",null,"M3",1062.81]
["5.3.5","C0197","ARGAMASSA MISTA DE CIMENTO CAL HIDR. E AREIA S/PEN. TRAÇO 1:1:4",null,"M3",738.1]
["5.3.6","C0205","ARGAMASSA MISTA DE CIMENTO CAL HIDR. E AREIA S/PEN. TRAÇO 1:2:8",null,"M3",608.17]
["5.3.7","C0200","ARGAMASSA MISTA DE CIMENTO CAL HIDR. E AREIA S/PEN. TRAÇO 1:2:9",null,"M3",574.77]
["5.3.8","C1439","GROUT CIMENTO, CAL HIDR., AREIA E PEDRISCO  TRAÇO 1:0.1:3:2",null,"M3",827.43]
["5.4","ARGAMASSA INDUSTRIALIZADA",{"$nulls":3},42.95]
["5.4.1","C0210","ARGAMASSA PRÉ-FABRICADA P/REBOCO",null,"M2",9.25]
["5.4.2","C0211","ARGAMASSA PRÉ-FABRICADA P/REBOCO IMITAÇÃO TRAVERTINO",null,"M2",9.25]
["5.4.3","C0212","ARGAMASSA PRÉ-FABRICADA P/REBOCO TIPO MASSA RASPADA",null,"M2",23.37]
["5.4.4","C1848","PASTA DE CIMENTO COLANTE",null,"KG",1.08]
["6","FUNDAÇÕES E  ESTRUTURAS",{"$nulls":3},159831.49]
["6.1","TUBULÕES A CÉU ABERTO",{"$nulls":3},16097.79]
["6.1.1","C0825","CONCRETAGEM DE BASE DE TUBULÃO À CÉU ABERTO",null,"M3",1687.25]
["6.1.2","C0826","CONCRETAGEM DE TUBULÃO (CAMISA/ENCHIM.)   À CÉU ABERTO  D=1,20m",null,"M",2579.61]
["6.1.3","C0827","CONCRETAGEM DE TUBULÃO (CAMISA/ENCHIM.)   À CÉU ABERTO  D=1,40m",null,"M",3118.64]
["6.1.4","C0828","CONCRETAGEM DE TUBULÃO (CAMISA/ENCHIM.)   À CÉU ABERTO  D=1,60m",null,"M",3681.4]
["6.1.5","C2636","TUBULÃO - CEU ABERTO - C/CONCRETO FCK 13.5 MPa",null,"M3",668.79]
["6.1.6","C2637","TUBULÃO - CEU ABERTO - C/CONCRETO FCK 13.5 MPa C/RACHÃO",null,"M3",616.77]
["6.1.7","C2638","TUBULÃO - CEU ABERTO - C/CONCRETO FCK 15 MPa",null,"M3",676.52]
["6.1.8","C2634","TUBULAO - CEU ABERTO - C/CONCRETO FCK 15 MPa C/RACHÃO",null,"M3",623.23]
["6.1.9","C2639","TUBULÃO - CEU ABERTO - C/CONCRETO FCK 18 MPa",null,"M3",691.94]
["6.1.10","C2635","TUBULAO - CEU ABERTO - C/CONCRETO FCK 18 MPa  C/RACHÃO",null,"M3",635.43]
["6.1.11","C2641","TUBULÃO - CEU ABERTO - C/CONCRETO USINADO FCK 15 MPa",null,"M3",551.2]
["6.1.12","C2642","TUBULÃO - CEU ABERTO - C/CONCRETO USINADO FCK 20 MPa",null,"M3",567.01]
["6.2","TUBULÕES A AR COMPRIMIDO",{"$nulls":3},30026.33]
["6.2.1","C3148","CONCRETAGEM DE BASES TUBULÃO AR COMPRIMIDO ATE 12m",null,"M3",2089.27]
["6.2.2","C3147","CONCRETAGEM DE BASES TUBULÃO AR COMPRIMIDO 12/18m",null,"M3",2183.51]
["6.2.3","C3149","CONCRETAGEM DE TUBULÃO (CAMISA/ENCHIM.)   AR COMP. D=1,20m  ATÉ 12m",null,"M",3013.63]
["6.2.4","C3150","CONCRETAGEM DE TUBULÃO (CAMISA/ENCHIM.)   AR COMP. D=1,20m  DE 12/18m",null,"M",3102.67]
["6.2.5","C3151","CONCRETAGEM DE TUBULÃO (CAMISA/ENCHIM.)   AR COMP. D=1,40m  ATÉ 12m",null,"M",3656.72]
["6.2.6","C3152","CONCRETAGEM DE TUBULÃO (CAMISA/ENCHIM.)   AR COMP. D=1,40m  DE 12/18m",null,"M",3784.51]
["6.2.7","C3153","CONCRETAGEM DE TUBULÃO (CAMISA/ENCHIM.)   AR COMP. D=1,60m  ATÉ 12m",null,"M",4270.14]
["6.2.8","C3154","CONCRETAGEM DE TUBULÃO (CAMISA/ENCHIM.)   AR COMP. D=1,60m DE 12/18m",null,"M",4529.12]
["6.2.9","C0963","CRAVAÇÃO DE CAMISA METÁLICA P/ TUBULÃO, INCLUSIVE ESCAVAÇÃO MECÂNICA",null,"M",2143.06]
["6.2.10","C2643","TUBULÃO SOB AR COMPRIMIDO - C/CONCRETO FCK 15 MPa",null,"M3",1253.7]
["6.3","ESTACAS",{"$nulls":3},4595.88]
["6.3.1","C5046","CORTE OXI-ACETILENO EM CHAPA DE AÇO  6,3MM",null,"M",1.94]
["6.3.2","C5047","CORTE OXI-ACETILENO EM CHAPA DE AÇO  8,0MM",null,"M",2.25]
["6.3.3","C5048","CORTE OXI-ACETILENO EM CHAPA DE AÇO  9,5MM",null,"M",2.6]
["6.3.4","C5049","CORTE OXI-ACETILENO EM CHAPA DE AÇO 12,5MM",null,"M",3.57]
["6.3.5","C0938","CORTE PERFIL METÁLICO ' I ' DE 10\"X4\"X5/8\"  P/EMPREITADA",null,"UN",41.02]
["6.3.6","C0939","CORTE PERFIL METÁLICO ' I '  DE 12\"X5\"X1/4\" P/EMPREITADA",null,"UN",49.21]
["6.3.7","C0936","CORTE PERFIL METÁLICO DUPLO I DE 10\"X4\"X5/8\" P/EMPREITADA",null,"UN",74.95]
["6.3.8","C0937","CORTE PERFIL METÁLICO DUPLO ' I '  DE 12\"X5\"X1/4\" P/EMPREITADA",null,"UN",89.6]
["6.3.9","C1292","ESTACA DE MADEIRA CONDIÇÕES FAVORÁVEIS D= 22cm P/6 A 8T",null,"M",83.06]
["6.3.10","C1293","ESTACA DE MADEIRA CONDIÇÕES FAVORÁVEIS D= 25cm P/8 A 10T",null,"M",109.64]
["6.3.11","C1290","ESTACA DE MADEIRA CONDIÇÕES POUCO FAVORÁVEIS D= 22cm P/6 A 8T",null,"M",105.14]
["6.3.12","C1291","ESTACA DE MADEIRA CONDIÇÕES POUCO FAVORÁVEIS D= 25cm P/8 A 10T",null,"M",131.73]
["6.3.13","C5221","ESTACA HÉLICE CONTÍNUA, DIÂMETRO DE 30 CM (EXCLUSIVE MOBILIZAÇÃO, DESMOBILIZAÇÃO, ARMADURA, CONCRETO E BOMBEAMENTO)",null,"M",42.71]
[]
["6.3.14","C5222","ESTACA HÉLICE CONTÍNUA, DIÂMETRO DE 40 CM (EXCLUSIVE MOBILIZAÇÃO, DESMOBILIZAÇÃO, ARMADURA, CONCRETO E BOMBEAMENTO)",null,"M",47.5]
[]
["6.3.15","C5223","ESTACA HÉLICE CONTÍNUA, DIÂMETRO DE 50 CM (EXCLUSIVE MOBILIZAÇÃO, DESMOBILIZAÇÃO, ARMADURA, CONCRETO E BOMBEAMENTO)",null,"M",52.25]
[]
["6.3.16","C5224","ESTACA HÉLICE CONTÍNUA, DIÂMETRO DE 70 CM (EXCLUSIVE MOBILIZAÇÃO, DESMOBILIZAÇÃO, ARMADURA, CONCRETO E BOMBEAMENTO)",null,"IM",60.73]
[]
["6.3.17","C4690","ESTACA RAIZ DIÂMETRO 160mm - ATÉ 30 Tf",null,"M",192.4]
["6.3.18","C4691","ESTACA RAIZ DIÂMETRO 200mm - ATÉ 40 Tf",null,"M",233.75]
["6.3.19","C4692","ESTACA RAIZ DIÂMETRO 250mm - ATÉ 60 Tf",null,"M",288.92]
["6.3.20","C4693","ESTACA RAIZ DIÂMETRO 310mm - ATÉ 90 Tf",null,"M",322.8]
["6.3.21","C4697","ESTACA RAIZ DIÂMETRO 350mm - ATÉ 110 Tf",null,"M",358]
["6.3.22","C4694","ESTACA RAIZ DIÂMETRO 410mm - ATÉ 125 Tf",null,"M",478.4]
["6.3.23","C4695","ESTACA RAIZ DIÂMETRO 450mm - ATÉ 145 Tf",null,"M",548.2]
["6.3.24","C4696","ESTACA RAIZ DIÂMETRO 450mm - ATÉ 169 Tf",null,"M",584.88]
["6.3.25","C4698","PERFIL METÁLICO \"I\" OU \"H\" COM CRAVAÇÃO EMPREITADA",null,"KG",16.74]
["6.3.26","C4699","SOLDA DE TOPO EM PERFIL \"I\" OU \"H\"",null,"UN",242.89]
["6.3.27","C2282","SOLDA LONGITUDINAL EM PERFIL METÁLICO P/EMPREITADA",null,"M",34.09]
["6.3.28","C5042","SOLDA OXI-ACETILENO EM CHAPA DE AÇO  6,3MM ",null,"M",38.9]
["6.3.29","C5043","SOLDA OXI-ACETILENO EM CHAPA DE AÇO  8,0MM",null,"M",69.01]
["6.3.30","C5044","SOLDA OXI-ACETILENO EM CHAPA DE AÇO  9,5MM",null,"M",103.39]
["6.3.31","C5045","SOLDA OXI-ACETILENO EM CHAPA DE AÇO 12,5MM",null,"M",185.61]
["6.4","EMBASAMENTOS E BALDRAMES",{"$nulls":3},4165.62]
["6.4.1","C0054","ALVENARIA DE EMBASAMENTO DE PEDRA ARGAMASSADA",null,"M3",576.31]
["6.4.2","C0055","ALVENARIA DE EMBASAMENTO DE TIJOLO COMUM, C/ARGAMASSA MISTA C/ CAL HIDRATADA",null,"M3",870.13]
[]
["6.4.3","C0056","ALVENARIA DE EMBASAMENTO DE TIJOLO FURADO, C/ ARGAMASSA MISTA C/ CAL HIDRATADA (1:2:8)",null,"M3",616.05]
[]
["6.4.4","C4592","ALVENARIA DE EMBASAMENTO EM TIJOLO CERÂMICO FURADO C/ ARGAMASSA CIMENTO E AREIA 1:4",null,"M3",708.27]
[]
["6.4.5","C0089","ANEL DE IMPERMEABILIZAÇÃO C/ARMAÇÃO EM FERRO",null,"M3",834.79]
["6.4.6","C0471","BROCA D= 20cm COM CONCRETO FCK=13.5MPa, MAIS VIGA BALDRAME 20X20cm E UMA FIADA DE BLOCO DE CONCRETO 14X19X39cm",null,"M",130.41]
[]
["6.4.7","C3604","MUTIRÃO MISTO - ALVENARIA DE EMBASAMENTO C/TIJ. FURADO, C/ ARG. MISTA C/CAL HIDRATADA",null,"M3",429.66]
[]
["6.5","FORMAS",{"$nulls":3},7006.84]
["6.5.1","C4713","CONFECÇÃO DE FORMA ACRÍLICA 5MM P/ LOGOMARCAS EM PREMOLDADOS DE CONCRETO (ABRIGO PARADA DE ÔNIBUS), PARA UTIL. 40 X",null,"M2",1148.18]
[]
["6.5.2","C4710","CONFECÇÃO DE FORMA METÁLICA P/ PEÇAS PREMOLDADAS DE CONCRETO (ABRIGO PARADA DE ÔNIBUS), PARA UTIL. 15 X",null,"M2",1053.94]
[]
["6.5.3","C2822","FORMA CURVA CHAPA COMPENSADA PLASTIFICADA, ESP.= 12mm",null,"M2",291.1]
["6.5.4","C3990","FORMA CURVA CHAPA COMPENSADA PLASTIFICADA, ESP.= 18mm",null,"M2",296.5]
["6.5.5","C2823","FORMA CURVA CHAPA COMPENSADA RESINADA, ESP.=  6mm",null,"M2",248.36]
["6.5.6","C2824","FORMA CURVA CHAPA COMPENSADA RESINADA, ESP.= 10mm ",null,"M2",254.06]
["6.5.7","C2825","FORMA CURVA CHAPA COMPENSADA RESINADA, ESP.= 12mm",null,"M2",254.06]
["6.5.8","C3981","FORMA DE PAPELÃO RESINADO TIPO ESTRUTUBOS D=1,20 M  (FORNECIMENTO/MONTAGEM/DESMONTAGEM)",null,"M",220.48]
[]
["6.5.9","C1400","FORMA DE TÁBUAS DE 1\" DE 3A. P/FUNDAÇÕES UTIL. 5 X",null,"M2",83.65]
["6.5.10","C1401","FORMA DE TÁBUAS DE 1\" DE 3A. P/SUPERESTRUTURA - UTIL. 2 X",null,"M2",170.01]
["6.5.11","C4158","FORMA METÁLICA P/ PILAR",null,"M2",198.82]
["6.5.12","C4282","FORMA P/ CONCRETO \"IN LOCO\" (APLICAÇÃO)",null,"M2",95.49]
["6.5.13","C4281","FORMA P/ CONCRETO \"IN LOCO\" (FABRICAÇÃO)",null,"M2",244.84]
["6.5.14","C1404","CONFECÇÃO DE FORMA  P/ PEÇAS PRÉ-MOLDADAS DE CONCRETO PROTENDIDO, REVESTIDAS C/CHAPA METÁLICA.UTIL(10 A 15X)",null,"M2",707.09]
[]
["6.5.15","C1403","FORMA P/ PEÇAS PRÉ-MOLDADAS DE CONCRETO PROTENDIDO, REVESTIDAS C/CHAPA COMPENSADA PLASTIFICADA (12X)",null,"M2",680.1]
[]
["6.5.16","C4301","FORMA PARA CONCRETO \"IN LOCO\", INCLUSIVE DESFORMA",null,"M2",156.45]
["6.5.17","C4302","FORMA PARA CONCRETO PRÉ-MOLDADO, INCLUSIVE DESFORMA",null,"M2",57.66]
["6.5.18","C1399","FORMA PLANA CHAPA COMPENSADA PLASTIFICADA, ESP.= 12mm UTIL. 5X",null,"M2",129.91]
["6.5.19","C3991","FORMA PLANA CHAPA COMPENSADA PLASTIFICADA, ESP.= 18mm UTIL. 5X",null,"M2",134.18]
["6.5.20","C1402","FORMA PLANA CHAPA COMPENSADA RESINADA, ESP.= 10mm P/GALERIA  E BUEIROS CAPEADOS",null,"M2",75.23]
[]
["6.5.21","C2827","FORMA PLANA CHAPA COMPENSADA RESINADA, ESP.= 10mm UTIL. 3X",null,"M2",146.38]
["6.5.22","C1405","FORMA PLANA CHAPA COMPENSADA RESINADA, ESP.= 12mm UTIL. 3 X",null,"M2",146.47]
["6.5.23","C4711","MONTAGEM DE FORMA METÁLICA P/ CONCRETO PREMOLDADO (ABRIGO PARADA DE ÔNIBUS), INCL. DESFORMA",null,"M2",90.26]
[]
["6.5.24","C1799","MONTAGEM, DESMONTAGEM E REPAROS EM FORMAS P/PRE-MOLDADOS",null,"M2",95.92]
["6.5.25","C4759","MONTAGEM E DESMONTAGEM DAS FORMAS/ESCORAMENTOS ESPECIAIS P/ LAJE NERVURADA INCLUSIVE DESMOLDANTE                                        \n",null,"M2",27.7]
[]
["6.6","ARMADURAS",{"$nulls":3},17897.5]
["6.6.1","C3331","ANCORAGEM ATIVA PARA CABO COM 1 CORDOALHA DE 12,7mm",null,"UN",160.48]
["6.6.2","C3332","ANCORAGEM ATIVA PARA CABO COM 2 CORDOALHA DE 12,7mm",null,"UN",271.62]
["6.6.3","C3333","ANCORAGEM ATIVA PARA CABO COM 4 CORDOALHA DE 12,7mm",null,"UN",488.65]
["6.6.4","C3334","ANCORAGEM ATIVA PARA CABO COM 6 CORDOALHA DE 12,7mm",null,"UN",667.28]
["6.6.5","C3335","ANCORAGEM ATIVA PARA CABO COM 7 CORDOALHA DE 12,7mm",null,"UN",768.95]
["6.6.6","C3336","ANCORAGEM ATIVA PARA CABO COM 12 CORDOALHA DE 12,7mm",null,"UN",1323.55]
["6.6.7","C3337","ANCORAGEM PASSIVA PARA CABO COM 1 CORDOALHA DE 12,7mm",null,"UN",60.43]
["6.6.8","C3338","ANCORAGEM PASSIVA PARA CABO COM 2 CORDOALHA DE 12,7mm",null,"UN",107.41]
["6.6.9","C3339","ANCORAGEM PASSIVA PARA CABO COM 4 CORDOALHA DE 12,7mm",null,"UN",234.41]
["6.6.10","C3340","ANCORAGEM PASSIVA PARA CABO COM 6 CORDOALHA DE 12,7mm ",null,"UN",310.2]
["6.6.11","C3341","ANCORAGEM PASSIVA PARA CABO COM 7 CORDOALHA DE 12,7mm",null,"UN",342.08]
["6.6.12","C3342","ANCORAGEM PASSIVA PARA CABO COM 12 CORDOALHA DE 12,7mm",null,"UN",471.67]
["6.6.13","C4132","ARMADURA  P/ ESTACAS PRÉ-MOLDADAS DE CONCRETO (APLICAÇÃO)",null,"T",1564.22]
["6.6.14","C0213","ARMADURA CA-25 GROSSA D= 12,5 A 25,0mm",null,"KG",15.17]
["6.6.15","C0214","ARMADURA CA-25 MÉDIA D= 6,3 A 10,0mm",null,"KG",14.04]
["6.6.16","C0215","ARMADURA CA-50A GROSSA D= 12,5 A 25,0mm",null,"KG",13.46]
["6.6.17","C0216","ARMADURA CA-50A MÉDIA D= 6,3 A 10,0mm",null,"KG",12.33]
["6.6.18","C0217","ARMADURA CA-60 FINA D=3,40 A 6,40mm",null,"KG",12.42]
["6.6.19","C0218","ARMADURA CA-60 MÉDIA D= 6,4 A 9,5mm",null,"KG",12.9]
["6.6.20","C4151","ARMADURA DE AÇO CA 50/60",null,"KG",13.27]
["6.6.21","C3985","ARMADURA DE CORDOALHA CP-190RB",null,"KG",31.74]
["6.6.22","C0219","ARMADURA DE TELA DE AÇO",null,"M2",26.13]
["6.6.23","C0220","ARMADURA EM TELA SOLDADA DE AÇO CA-60B",null,"KG",26.02]
["6.6.24","C4071","ARMADURA EM TELA SOLDÁVEL Q-92",null,"M2",12.24]
["6.6.25","C4131","ARMADURA P/ ESTACAS PRÉ-MOLDADAS DE CONCRETO (FABRICAÇÃO)",null,"T",10743.62]
["6.6.26","C3344","CONFECÇÃO E COLOCAÇÃO DE CABO COM 1 CORDOALHA DE D=12,7mm COM BAINHA",null,"KG",43.85]
["6.6.27","C3325","CONFECÇÃO E COLOCAÇÃO DE CABO COM 2 CORDOALHA DE D=12,7mm COM BAINHA",null,"KG",30.24]
["6.6.28","C3326","CONFECÇÃO E COLOCAÇÃO DE CABO COM 4 CORDOALHA DE D=12,7mm COM BAINHA",null,"KG",24.05]
["6.6.29","C3327","CONFECÇAO E COLOCAÇAO DE CABO COM 6 CORDOALHA DE D=12,7mm COM BAINHA",null,"KG",25.05]
["6.6.30","C3328","CONFECÇÃO E COLOCAÇÃO DE CABO COM 7 CORDOALHAS DE D=12,7mm COM BAINHA",null,"KG",23.91]
[]
["6.6.31","C3329","CONFECÇÃO E COLOCAÇÃO DE CABO COM 12 CORDOALHAS DE D=12,7mm COM BAINHA",null,"KG",22.04]
[]
["6.6.32","C3343","PROTENSÃO E INJEÇÃO EM CABO COM CORDOALHA DE 12,7mm",null,"KG",16.28]
["6.6.33","C3330","PURGADOR PARA ANCORAGEM",null,"UN",7.79]
["6.7","CONCRETOS",{"$nulls":3},31638.41]
["6.7.1","C0006","ACABAMENTO DE SUPERFÍCIES C/DESEMPENADEIRA MECÂNICA",null,"M2",0.22]
["6.7.2","C0028","ADENSAMENTO/REGULARIZAÇÃO SUP.CONCRETO RÉGUA DUPLA L=3 A 6m",null,"M2",6.48]
["6.7.3","C0027","ADENSAMENTO/REGULARIZAÇÃO SUPERFICIAL DE CONCRETO C/RÉGUA SIMPLES L= 3m",null,"M2",4.99]
[]
["6.7.4","C0034","ADIÇÃO DE IMPERMEABILIZANTE PARA CONCRETO ESTRUTURAL",null,"M3",55.44]
["6.7.5","C0461","BOMBEAMENTO DE CONCRETO",null,"M3",48.32]
["6.7.6","C0829","CONCRETO CICLÓPICO FCK 10 MPa  COM AGREGADO PRODUZIDO (S/TRANSP)",null,"M3",569.35]
["6.7.7","C0830","CONCRETO CICLÓPICO FCK 15 MPa COM AGREGADO ADQUIRIDO",null,"M3",688.95]
["6.7.8","C4134","CONCRETO DE ALTO DESEMPENHO FCK > 50 MPa / EXECUTADO EM CENTRAL DOSADORA",null,"M3",720.99]
[]
["6.7.9","C4438","CONCRETO FCK > 30 MPa SUBMERSO C/ PLATAFORMA FLUTUANTE, INCLUSIVE LANÇAMENTO, CURA E TRANSPORTE",null,"M3",1009.39]
[]
["6.7.10","C0834","CONCRETO GROUT (ARGAMASSA AUTONIVELANTE), LANÇAMENTO E CURA",null,"M3",4796.48]
["6.7.11","C0833","CONCRETO GROUT C/ATÉ 50% DE PEDRISCO EM PESO, LANÇAMENTO E CURA",null,"M3",3708.23]
["6.7.12","C4291","CONCRETO MOLDADO \"IN LOCO\" FCK ACIMA DE 10 MPa, INCLUSIVE LANÇAMENTO E CURA",null,"M3",842.73]
[]
["6.7.13","C4292","CONCRETO MOLDADO \"IN LOCO\" FCK ACIMA DE 50 MPa, INCLUSIVE LANÇAMENTO E CURA",null,"M3",1254.98]
[]
["6.7.14","C0836","CONCRETO NÃO ESTRUTURAL PREPARO MANUAL",null,"M3",520.89]
["6.7.15","C3268","CONCRETO P/VIBR., FCK=10MPa COM AGREGADO PRODUZIDO (S/TRANSP.) ",null,"M3",428.13]
["6.7.16","C3269","CONCRETO P/VIBR., FCK=13,5MPa COM AGREGADO PRODUZIDO (S/TRANSP.)",null,"M3",447.81]
["6.7.17","C3270","CONCRETO P/VIBR., FCK=15MPa COM AGREGADO PRODUZIDO (S/ TRANSP.)",null,"M3",456.24]
["6.7.18","C3271","CONCRETO P/VIBR., FCK=18MPA COM AGREGADO PRODUZIDO (S/ TRANSP.)",null,"M3",474.52]
["6.7.19","C3272","CONCRETO P/VIBR., FCK=20MPa COM AGREGADO PRODUZIDO (S/TRANSP.)",null,"M3",485.75]
["6.7.20","C3273","CONCRETO P/VIBR., FCK=25MPa COM AGREGADO PRODUZIDO (S/TRANSP.)",null,"M3",495.11]
["6.7.21","C3274","CONCRETO P/VIBR., FCK=30MPa COM AGREGADO PRODUZIDO (S/TRANSP.)",null,"M3",529.03]
["6.7.22","C3275","CONCRETO P/VIBR., FCK=35MPa COM AGREGADO PRODUZIDO (S/TRANSP.)",null,"M3",564.68]
["6.7.23","C3276","CONCRETO P/VIBR., FCK=40MPa COM AGREGADO PRODUZIDO (S/TRANSP.)",null,"M3",606.14]
["6.7.24","C0838","CONCRETO P/VIBR., FCK 10 MPa COM AGREGADO ADQUIRIDO",null,"M3",482.49]
["6.7.25","C0839","CONCRETO P/VIBR., FCK 13.5 MPa COM AGREGADO ADQUIRIDO",null,"M3",500.48]
["6.7.26","C0840","CONCRETO P/VIBR., FCK 15 MPa COM AGREGADO ADQUIRIDO",null,"M3",508.17]
["6.7.27","C0841","CONCRETO P/VIBR., FCK 18 MPa COM AGREGADO ADQUIRIDO",null,"M3",524.93]
["6.7.28","C0842","CONCRETO P/VIBR., FCK 20 MPa COM AGREGADO ADQUIRIDO",null,"M3",535.11]
["6.7.29","C0843","CONCRETO P/VIBR., FCK 25 MPa COM AGREGADO ADQUIRIDO",null,"M3",545.53]
["6.7.30","C0844","CONCRETO P/VIBR., FCK 30 MPa COM AGREGADO ADQUIRIDO",null,"M3",584.09]
["6.7.31","C0845","CONCRETO P/VIBR., FCK 35 MPa COM AGREGADO ADQUIRIDO",null,"M3",609.11]
["6.7.32","C0846","CONCRETO P/VIBR., FCK 40 MPa COM AGREGADO ADQUIRIDO",null,"M3",647.01]
["6.7.33","C3731","CONCRETO P/VIBR., FCK 50MPa COM AGREGADO ADQUIRIDO",null,"M3",886.79]
["6.7.34","C0847","CONCRETO PRE-MISTURADO FCK=10 MPa",null,"M3",369.88]
["6.7.35","C0848","CONCRETO PRE-MISTURADO FCK 15 MPa",null,"M3",375.92]
["6.7.36","C0849","CONCRETO PRE-MISTURADO FCK 20 MPa",null,"M3",391.73]
["6.7.37","C0850","CONCRETO PRE-MISTURADO FCK 25 MPa",null,"M3",402.79]
["6.7.38","C0851","CONCRETO PRE-MISTURADO FCK 30 MPa",null,"M3",416.21]
["6.7.39","C0852","CONCRETO PRE-MISTURADO FCK 35 MPa",null,"M3",429.63]
["6.7.40","C4169","CONCRETO PRE-MISTURADO FCK 50 MPa",null,"M3",491.82]
["6.7.41","C0853","CONCRETO PRE-MISTURADO FCK 40 MPa",null,"M3",448.19]
["6.7.42","C4170","CONCRETO PRE-MISTURADO FCK 50 MPa - ALTO DESEMPENHO",null,"M3",666.88]
["6.7.43","C4293","CONCRETO PRÉ-MOLDADO FCK ACIMA DE 50 MPa INCLUSIVE LANÇAMENTO, CURA E TRANSPORTE",null,"M3",856.41]
[]
["6.7.44","C4303","INJEÇÃO DE CONCRETO SUBMERSO C/ PLATAFORMA FLUTUANTE",null,"M3",1353.65]
["6.7.45","C4135","LANÇAMENTO DE CONCRETO EM PRÉ-MOLDADO",null,"M3",46.16]
["6.7.46","C1603","LANÇAMENTO E APLICAÇÃO DE CONCRETO C/ ELEVAÇÃO",null,"M3",296.38]
["6.7.47","C1604","LANÇAMENTO E APLICAÇÃO DE CONCRETO S/ ELEVAÇÃO",null,"M3",175.28]
["6.7.48","C3531","MUTIRÃO MISTO - CONCRETO P/VIBR., FCK 13.5 MPa COM AGREGADO ADQUIRIDO",null,"M3",378.92]
["6.8","ELEMENTOS DE CONCRETO PRÉ FABRICADO",{"$nulls":3},32223.78]
["6.8.1","C3250","CONFECÇÃO DE BANQUETA / MEIO FIO PRÉ-MOLDADA DE CONCRETO (1,00 x 0,25 x 0,15 m)",null,"M",32.32]
[]
["6.8.2","C3251","CONFECÇÃO DE BANQUETA / MEIO FIO  PRÉ-MOLDADA DE CONCRETO PARA VIAS URBANAS (1,00 x 0,35 x 0,15m)",null,"M",46.91]
[]
["6.8.3","C3606","CONFECÇÃO E MONTAGEM DE ABÓBADAS PRÉ-MOLDADAS DE CONCRETO P/TERMINAL RODOVIARIO  TIPO \"A\"",null,"M",2596.36]
[]
["6.8.4","C3609","CONFECÇÃO E MONTAGEM DE PILAR PRÉ-MOLDADO DE CONCRETO P/TERMINAL RODOVIARIO  TIPO \"A\"",null,"UN",4020.84]
[]
["6.8.5","C3607","CONFECÇÃO E MONTAGEM DE PÓRTICO INDICATIVO PRÉ-MOLDADO DE CONCRETO P/TERMINAL RODOVIÁRIO",null,"UN",15888.56]
[]
["6.8.6","C3608","CONFECÇÃO E MONTAGEM DE SAPATA PRÉ-MOLDADA DE CONCRETO P/TERMINAL RODOVIÁRIO  TIPO \"A\"",null,"M",2295.41]
[]
["6.8.7","C3610","CONFECÇÃO E MONTAGEM DE VIGA CALHA PRÉ-MOLDADA DE CONCRETO P/TERMINAL RODOVIÁRIO  TIPO \"A\"",null,"M",979.52]
[]
["6.8.8","C3284","ESTACAS DE CONCRETO ARMADO (2,20 x 0,10 x 0,10 M) P/ CERCAS",null,"UN",40.2]
["6.8.9","C4449","LAJE PRÉ-FABRICADA P/ FÔRRO - VÃO ATÉ 2 m",null,"M2",118.43]
["6.8.10","C4418","LAJE PRÉ-FABRICADA P/ FÔRRO - VÃO DE 2,01 A 3 m",null,"M2",128.67]
["6.8.11","C4419","LAJE PRÉ-FABRICADA P/ FÔRRO - VÃO DE 3,01 A 4 m",null,"M2",132.8]
["6.8.12","C4420","LAJE PRÉ-FABRICADA P/ FÔRRO - VÃO ACIMA DE 4,01 m",null,"M2",137.34]
["6.8.13","C4448","LAJE PRÉ-FABRICADA P/ PISO - VÃO ATÉ 2 m",null,"M2",121.62]
["6.8.14","C4415","LAJE PRÉ-FABRICADA P/ PISO - VÃO DE 2,01 A 3 m",null,"M2",135.05]
["6.8.15","C4416","LAJE PRÉ-FABRICADA P/ PISO - VÃO DE 3,01 A 4 m",null,"M2",140.42]
["6.8.16","C4417","LAJE PRÉ-FABRICADA P/ PISO - VÃO ACIMA DE 4,01 m",null,"M2",141.92]
["6.8.17","C4455","LAJE PRÉ-FABRICADA TRELIÇADA P/ FÔRRO - VÃO ATÉ 2,80 m",null,"M2",135.53]
["6.8.18","C4456","LAJE PRÉ-FABRICADA TRELIÇADA P/ FÔRRO - VÃO  DE 2,81 A 3,80 m",null,"M2",135.8]
["6.8.19","C4457","LAJE PRÉ-FABRICADA TRELIÇADA P/ FÔRRO - VÃO  DE 3,81 A 4,80 m",null,"M2",144.56]
["6.8.20","C4458","LAJE PRÉ-FABRICADA TRELIÇADA P/ FÔRRO - VÃO  ACIMA DE 4,81 m",null,"M2",180.84]
["6.8.21","C4450","LAJE PRÉ-FABRICADA TRELIÇADA P/ PISO - VÃO ATÉ 1,80 m",null,"M2",132.47]
["6.8.22","C4451","LAJE PRÉ-FABRICADA TRELIÇADA P/ PISO - VÃO DE 1,81 A 2,80 m",null,"M2",144.21]
["6.8.23","C4452","LAJE PRÉ-FABRICADA TRELIÇADA P/ PISO - VÃO DE 2,81 A 3,80 m",null,"M2",150.62]
["6.8.24","C4453","LAJE PRÉ-FABRICADA TRELIÇADA P/ PISO - VÃO DE 3,81 A 4,80 m",null,"M2",152.8]
["6.8.25","C4454","LAJE PRÉ-FABRICADA TRELIÇADA P/ PISO - VÃO ACIMA DE 4,81 m",null,"M2",173.89]
["6.8.26","C2881","MONTAGEM DE ANEL PRÉ-MOLDADO D=0,60m, h=0,50m",null,"UN",10.31]
["6.8.27","C3459","MONTAGEM  DE ANEL PRÉ-MOLDADO D=1,00m  h=0,50m",null,"UN",30.18]
["6.8.28","C4598","MONTAGEM DE ANEL PREMOLDADO D=1,20m h=0,50m MSD FUNASA TIPO 10 (MATERIAL E EXECUÇÃO)",null,"UN",40.99]
[]
["6.8.29","C3460","MONTAGEM  DE ANEL PRÉ-MOLDADO D=1,50m  h=0,50m",null,"UN",54.85]
["6.8.30","C2882","MONTAGEM DE ANEL PRÉ-MOLDADO P/DECANTO DIGESTOR/FILTRO ANAERÓBIO",null,"UN",65.35]
["6.8.31","C2883","MONTAGEM DE CALHA VERTEDOURA PRÉ-MOLDADA P/FILTRO ANAERÓBIO",null,"UN",32.87]
["6.8.32","C2884","MONTAGEM DE CÂMARA DE DECANTAÇÃO PRÉ-MOLDADA",null,"UN",379.28]
["6.8.33","C2885","MONTAGEM DE TAMPA DE FECHAMENTO/LAJE DE FUNDO P/ANEL D=600MM",null,"UN",6.46]
["6.8.34","C2886","MONTAGEM DE TAMPA PRÉ-MOLDADA P/DECANTO/FILTRO/FUNDO FALSO",null,"UN",54.35]
["6.8.35","C3289","MOURÃO DE CONCRETO (2,20 x 0,15 x 0,15 M)",null,"UN",91.57]
["6.8.36","C1838","PAINEL PROTENDIDO P/PISOS/PAREDES DE VEDAÇÃO ESP.=10cm",null,"M2",214.78]
["6.8.37","C1839","PAINEL PROTENDIDO P/PISOS/PAREDES DE VEDAÇÃO ESP.=15cm",null,"M2",262.98]
["6.8.38","C1840","PAINEL PROTENDIDO P/PISOS/PAREDES DE VEDAÇÃO ESP.=20cm",null,"M2",320.11]
["6.8.39","C1841","PAINEL PROTENDIDO P/PISOS/PAREDES DE VEDAÇÃO ESP.=25cm",null,"M2",328.43]
["6.8.40","C1842","PAINEL-COBERTURA DE CONCRETO CELULAR AUTOCLAVADO ARMADO, C/ DIMENSÕES 7,5X40X280cm",null,"M2",95.38]
[]
["6.8.41","C1843","PAINEL-LAJE DE CONCRETO CELULAR AUTOCLAVADO, C/ DIMENSÕES 10X40X280cm",null,"M2",110.2]
["6.8.42","C1899","PEÇAS PRÉ- MOLDADAS (PM) DE CONCRETO, ESP.= 3cm",null,"M2",444.34]
["6.8.43","C1900","PEÇAS PRÉ- MOLDADAS (PM) DE CONCRETO, ESP.= 4cm",null,"M2",459.62]
["6.8.44","C1901","PEÇAS PRÉ- MOLDADAS (PM) DE CONCRETO, ESP.= 5cm",null,"M2",466.88]
["6.8.45","C1886","PÉRGOLAS PRÉ-MOLDADAS (PM) DE CONCRETO, ESP.= 5cm",null,"M2",447.76]
["6.9","JUNTA DE DILATAÇÃO",{"$nulls":3},3897.82]
["6.9.1","C4998","FUNGENBAND PARA JUNTA DE DILATAÇÃO, O-22, ATÉ  5MCA",null,"M",110.78]
["6.9.2","C4999","FUNGENBAND PARA JUNTA DE DILATAÇÃO, O-22, ATÉ 30MCA",null,"M",153]
["6.9.3","C5000","FUNGENBAND PARA JUNTA DE DILATAÇÃO, O-35/06, ATÉ 100MCA",null,"M",242.43]
["6.9.4","C5001","FUNGENBAND PARA JUNTA DE DILATAÇÃO, O-35/10, ATÉ 100MCA",null,"M",313.55]
["6.9.5","C4073","JUNTA ASFÁLTICA NAS PLACAS DOS TALUDES DAS LAGOAS (SEÇÃO 1,5 x 3,0 cm)",null,"M",13.09]
["6.9.6","C3732","JUNTA DE DILATAÇÃO À BASE DE MASTIQUE (1.00 x 1.00cm)",null,"M",24.94]
["6.9.7","C4209","JUNTA DILATAÇÃO COM CORDA DE SISAL E ASFALTO OXIDADO (SEÇÃO 1,5 x 3 cm)",null,"M",17.59]
["6.9.8","C5009","JUNTA DE MOVIMENTAÇÃO PARA ESTRUTURA DE CONCRETO DE 20 X 40 MM (TIPO JUNTA JEENE 20/30 VV OU SIMILAR)\n",null,"M",530.04]
[]
["6.9.9","C5008","JUNTA DE MOVIMENTAÇÃO PARA ESTRUTURA DE CONCRETO DE 25 X 50 MM (TIPO JUNTA JEENE 25/40 VV OU SIMILAR)\n",null,"M",662.1]
[]
["6.9.10","C5007","JUNTA DE MOVIMENTAÇÃO PARA ESTRUTURA DE CONCRETO DE 35 X 60 MM (TIPO JUNTA JEENE 35/50 VV OU SIMILAR)",null,"M",788.39]
[]
["6.9.11","C5010","JUNTA DE MOVIMENTAÇÃO PARA ESTRUTURA DE CONCRETO DE 50 X 80 MM (TIPO JUNTA JEENE 50/70 VV OU SIMILAR)\n",null,"M",928.34]
[]
["6.9.12","C4571","MASTIQUE BETUMINOSO MODIFICADO COM POLIURETANO, TIXOTRÓPICO, BICOMPONENTE PARA JUNTA DE DILATAÇÃO",null,"M",34.09]
[]
["6.9.13","C1814","NEOPRENE P/ JUNTAS DE DILATAÇÃO",null,"M",30.07]
["6.9.14","C2268","SELANTE ELASTRÔMETRO P/ JUNTA DE DILATAÇÃO",null,"M",49.41]
["6.10","RECUPERAÇÃO ESTRUTURAL",{"$nulls":3},6492.57]
["6.10.1","C0005","ACABAMENTO DE PEDREIRO",null,"M2",84.14]
["6.10.2","C0094","APICOAMENTO EM CONCRETO/PREPARO DA SUPERFÍCIE",null,"M2",40.52]
["6.10.3","C0098","APLICAÇÃO DE ADESIVO ESTRUTURAL BASE EPOXI",null,"KG",135.73]
["6.10.4","C0809","COLOCAÇÃO DE INJETORES",null,"UN",20.22]
["6.10.5","C3156","CONCRETO PROJETADO (MEDIDO NA MÁQUINA 35MPa)",null,"M3",1520.48]
["6.10.6","C0929","CORTE EM CONCRETO DETERIORADO",null,"M2",40.52]
["6.10.7","C3083","EXECUÇÃO DE FUROS EM CONCRETO C/BROCA 1/2\"<= D <=1\"",null,"UN",21.29]
["6.10.8","C3082","EXECUÇÃO DE FUROS EM CONCRETO C/BROCA 1\"< D <=1 1/2\"",null,"UN",30.26]
["6.10.9","C4410","EXECUÇÃO DE FURO EM CONCRETO COM BROCA - Ø 1 1/2\" A 2\"",null,"M",110.23]
["6.10.10","C3084","EXECUÇÃO DE PINGADEIRAS",null,"M",13.51]
["6.10.11","C3467","FORNECIMENTO E COLOCAÇÃO DE CHUMBADOR PARABOULT DE  3/4\" a 1\"",null,"UN",98.23]
["6.10.12","C2830","FORNECIMENTO E CRAVAÇÃO DE PINOS C/PISTOLA P/FIXAÇÃO DE TELA",null,"UN",5.87]
["6.10.13","C1523","JATEAMENTO DE AR COMPRIMIDO, P/LIMPEZA DE SUPERFÍCIES",null,"M2",18.08]
["6.10.14","C1524","JATEAMENTO DE AREIA À SECO EM SUPERFÍCIES",null,"M2",15.55]
["6.10.15","C3091","LIMPEZA COM JATO DE AREIA/ÁGUA",null,"M2",96.11]
["6.10.16","C3095","LIMPEZA DE SUPERFÍCIE C/ ESCOVA DE AÇO",null,"M2",8.1]
["6.10.17","C2900","PINTURA PROTEÇÃO C/INIBIDOR MIGRATÓRIO CORROSÃO, 3 DEMÃOS",null,"M2",26.61]
["6.10.18","C4738","RECUPERAÇÃO CONCRETO, C/REFORÇO E RECONSTITUIÇÃO “GROUNT”, ESP.=60MM",null,"M2",579.83]
["6.10.19","C4737","RECUPERAÇÃO CONCRETO, C/MICROCONCRETO FLUIDO, ESP.=300MM\n",null,"M2",1969.21]
[]
["6.10.20","C4739","RECUPERAÇÃO CONCRETO, S/REFORÇO E RECONSTITUIÇÃO “GROUNT”, ESP.=60MM",null,"M2",479.91]
["6.10.21","C4740","RECUPERAÇÃO CONCRETO, S/REFORÇO RECONSTITUIÇÃO C/ ARGAMASSA POLIMÉRICA ESP.=25MM",null,"M2",348.59]
[]
["6.10.22","C4741","RECUPERAÇÃO CONCRETO, SÓ REFORÇO DA ARMADURA",null,"M2",295.89]
["6.10.23","C3102","RECUPERAÇÃO DE GUARDA CORPO",null,"M",339.79]
["6.10.24","C3106","REPOSIÇÃO DE ARMADURA OXIDADA (REFORÇO, FORNECIMENTO, DOBBRAGEM E COLOCAÇÃO)",null,"KG",24.68]
[]
["6.10.25","C3114","SELAGEM DE FISSURAS C/ INJEÇÃO DE RESINAS",null,"KG",169.22]
["6.11","RASGO EM CONCRETO  PARA TUBULAÇÕES",{"$nulls":3},96.57]
["6.11.1","C2098","RASGO EM CONCRETO P/TUBULAÇÕES D=15 A 25mm (1/2\" A 1\")",null,"M",20.26]
["6.11.2","C2099","RASGO EM CONCRETO P/TUBULAÇÕES D=32 A 50mm (1 1/4\" A 2\")",null,"M",31.57]
["6.11.3","C2100","RASGO EM CONCRETO P/TUBULAÇÕES D=65 A 100mm (2 1/2\" A 4\")",null,"M",44.74]
["6.12","OUTROS ELEMENTOS",{"$nulls":3},5692.38]
["6.12.1","C0090","APARELHO DE APOIO EM NEOPRENE",null,"KG",66]
["6.12.2","C3402","BLOCO DE ANCORAGEM EM CONCRETO CICLÓPICO",null,"M3",1023.57]
["6.12.3","C3403","BLOCO DE ANCORAGEM EM CONCRETO SIMPLES FCK=10MPa",null,"M3",817.1]
["6.12.4","C3404","BLOCO DE ANCORAGEM EM CONCRETO ESTRUTURAL FCK=15MPa",null,"M3",1835.01]
["6.12.5","C4098","BLOCO DE POLIESTIRENO EXPANDIDO (ISOPOR) EM CAIXÃO PERDIDO",null,"M3",460.64]
["6.12.6","C4379","CANTONEIRA EM AÇO (6 x 6 x 1/2\") - FORNECIMENTO E COLOCAÇÃO",null,"M",299.02]
["6.12.7","C3068","DRENO DE PVC D= 75mm",null,"UN",53.81]
["6.12.8","C4297","DRENOS DE PVC D=75mm",null,"M",181.64]
["6.12.9","C3069","DRENO DE PVC D=100mm",null,"UN",60.77]
["6.12.10","C4326","FORNECIMENTO E COLOCAÇÃO DE CANTONEIRA EM AÇO SAC (3\"X3\"X5/16\")",null,"M",150.24]
["6.12.11","C3088","FORNECIMENTO E COLOCAÇÃO DE CANTONEIRA DE FERRO (4\"X4\"X3/8\")",null,"KG",38.91]
["6.12.12","C2829","FORNECIMENTO E COLOCAÇÃO DE ISOPOR 20MM (PLACA DE 1,20 X 0,60M)",null," M2",23.97]
["6.12.13","C3089","GUARDA CORPO (VARANDA)",null,"M",442.75]
["6.12.14","C1094","MONTAGEM DE APOIO AOS PÓRTICOS",null,"M",238.95]
["7","CONTENÇÕES",{"$nulls":3},11702.33]
["7.1","ENROCAMENTO E PROTEÇÃO DE TALUDES",{"$nulls":3},677.37]
["7.1.1","C3077","ENROCAMENTO DE PEDRA ARRUMADA (PRODUZIDA) (S/TRANSPORTE)",null,"M3",126.41]
["7.1.2","C2764","ENROCAMENTO DE PEDRA DE MÃO ARRUMADA (ADQUIRIDA)",null,"M3",207.75]
["7.1.3","C2765","ENROCAMENTO DE PEDRA DE MÃO JOGADA (ADQUIRIDA)",null,"M3",184.19]
["7.1.4","C3078","ENROCAMENTO DE PEDRA JOGADA (PRODUZIDA) (S/TRANSPORTE)",null,"M3",105.07]
["7.1.5","C3079","ENROCAMENTO DE PEDRA JOGADA DE CORTE DE 3.ª CATEGORIA (S/TRANSPORTE)",null,"M3",53.95]
["7.2","ENSECADEIRAS",{"$nulls":3},772.94]
["7.2.1","C2767","ENSECADEIRA COM SACOS DE AREIA, S/ FORNECIMENTO DE AREIA",null,"M3",110.88]
["7.2.2","C1244","ENSECADEIRA DE PAREDE SIMPLES",null,"M2",189.42]
["7.2.3","C1243","ENSECADEIRA DE PAREDE DUPLA",null,"M2",472.64]
["7.3","MURO DE ARRIMO",{"$nulls":3},6825.63]
["7.3.1","C1808","MURO DE ARRIMO C/ BLOCOS DE CONCRETO ARTICULADO (30X15X28)cm",null,"M2",352.47]
["7.3.2","C1809","MURO DE ARRIMO C/ BLOCOS DE CONCRETO ARTICULADO (60X45X15)cm  C/INJEÇÃO ATÉ 2,5m",null,"M2",531.86]
[]
["7.3.3","C1810","MURO DE ARRIMO C/GABIÃO, ALTURA 2m",null,"M",1675.83]
["7.3.4","C1811","MURO DE ARRIMO C/GABIÃO, ALTURA 4m",null,"M",4265.47]
["7.4","GABIÕES",{"$nulls":3},3426.39]
["7.4.1","C2763","ENCHIMENTO DE GABIÃO COM PEDRA DE MÃO",null,"M3",217.88]
["7.4.2","C1317","ESTIVAS - ESTRUTURAS SUBMERSAS C/GABIÕES-SACO ALT.= 1m",null,"M",1235.35]
["7.4.3","C1422","GABIÃO COLCHÃO ESP.= 30cm",null,"M2",239.95]
["7.4.4","C1420","GABIÃO P/EXECUÇÃO DE OBRAS",null,"M3",655.98]
["7.4.5","C2834","GABIÃO TELA GALV. REVEST. PVC TIPO CAIXA ALT.=0,50m",null,"M3",374.49]
["7.4.6","C2835","GABIÃO TELA GALV. REVEST. PVC TIPO CAIXA ALT.=1,00m",null,"M3",365.17]
["7.4.7","C2836","GABIÃO TELA GALV. REVEST. PVC TIPO COLCHÃO RENO ALT.=0,17m",null,"M2",104.24]
["7.4.8","C2837","GABIÃO TELA GALV. REVEST. PVC TIPO COLCHÃO RENO ALT.=0,23m",null,"M2",111.82]
["7.4.9","C2838","GABIÃO TELA GALV. REVEST. PVC TIPO COLCHÃO RENO ALT.=0,30m",null,"M2",121.51]
["8","PAREDES E PAINÉIS",{"$nulls":3},27467.24]
["8.1","ALVENARIA DE ELEVAÇÃO",{"$nulls":3},3737.17]
["8.1.1","C0047","ALVENARIA DE BLOCO CERÂMICO FURADO (9x19x39)cm  C/ARGAMASSA MISTA DE CAL HIDRATADA, ESP=9 cm",null,"M2",38.43]
[]
["8.1.2","C0046","ALVENARIA DE BLOCO CERÂMICO FURADO (19x19x39)cm C/ARGAMASSA MISTA DE CAL HIDRATADA ESP=19 cm",null,"M2",74.11]
[]
["8.1.3","C3612","ALVENARIA DE BLOCO DE CONCRETO TIPO STONE CINZA (14x19x49)cm C/ARGAMASSA MISTA DE CAL HIDRATADA ESP=14 CM",null,"M2",100.89]
[]
["8.1.4","C3613","ALVENARIA DE BLOCO DE CONCRETO TIPO STONE COLORIDO (14x19x49)cm C/ARGAMASSA MISTA DE CAL HIDRATADA ESP=14 cm",null,"M2",127.73]
[]
["8.1.5","C3743","ALVENARIA DE BLOCO DE CONCRETO (9x19x39)cm C/ARGAMASSA MISTA DE CAL HIDRATADA ESP=9 cm",null,"M2",67.62]
[]
["8.1.6","C3744","ALVENARIA DE BLOCO DE CONCRETO (14x19x39)cm C/ARGAMASSA MISTA DE CAL HIDRATADA ESP=14 cm",null,"M2",80.56]
[]
["8.1.7","C0048","ALVENARIA DE BLOCO DE CONCRETO (19x19x39)cm C/ARGAMASSA MISTA DE CAL HIDRATADA ESP=19 cm",null,"M2",92.45]
[]
["8.1.8","C0050","ALVENARIA DE BLOCO DE VIDRO C/ARGAMASSA MISTA DE CAL HIDRATADA ESP=10 cm",null,"M2",564.69]
[]
["8.1.9","C0073","ALVENARIA DE TIJOLO CERÂMICO FURADO (9x19x19)cm C/ARGAMASSA MISTA DE CAL HIDRATADA ESP.=10cm (1:2:8)",null,"M2",67.7]
[]
["8.1.10","C0074","ALVENARIA DE TIJOLO CERÂMICO FURADO (9x19x19)cm C/ARGAMASSA MISTA DE CAL HIDRATADA ESP=20 cm",null,"M2",116.27]
[]
["8.1.11","C3658","ALVENARIA DE TIJOLO CERÂMICO FURADO (9x19x19)cm C/ARGAMASSA MISTA DE CAL HIDRATADA, ESP=30cm",null,"M2",170]
[]
["8.1.12","C0075","ALVENARIA DE TIJOLO COMUM C/ARGAMASSA MISTA DE CAL HIDRATADA 1:2:8   ESP=5 cm",null,"M2",69.01]
[]
["8.1.13","C0076","ALVENARIA DE TIJOLO COMUM C/ARGAMASSA MISTA DE CAL HIDRATADA 1:2:8   ESP=10 cm",null,"M2",130.08]
[]
["8.1.14","C0077","ALVENARIA DE TIJOLO COMUM C/ARGAMASSA MISTA DE CAL HIDRATADA 1:2:8   ESP=20 cm",null,"M2",227.19]
[]
["8.1.15","C0078","ALVENARIA DE TIJOLO COMUM C/ARGAMASSA MISTA DE CAL HIDRATADA 1:2:8   ESP=30 cm",null,"M2",311.93]
[]
["8.1.16","C3614","ALVENARIA DE TIJOLO MACIÇO APARENTE (23x11x5)cm C/ARGAMASSA MISTA DE CAL HIDRATADA, ESP=11 cm",null,"M2",203.06]
[]
["8.1.17","C3615","ALVENARIA DE TIJOLO MACIÇO APARENTE (23x11x5)cm C/ARGAMASSA MISTA DE CAL HIDRATADA ESP=22 cm",null,"M2",361.82]
[]
["8.1.18","C0061","ALVENARIA DE TIJOLO REFRATÁRIO 1/2 VEZ C/ARGAMASSA 1:4+100 Kg CIMENTO",null,"M2",258.82]
["8.1.19","C0060","ALVENARIA DE TIJOLO REFRATÁRIO 1 VEZ C/ARGAMASSA 1:4+100 Kg CIMENTO",null,"M2",470.33]
["8.1.20","C3533","MUTIRÃO MISTO - ALVENARIA DE TIJOLO CERÂMICO FURADO (9X19X19)cm ARGAMASSA MISTA DE CAL HIDRATADA ESP=10CM",null,"M2",45]
[]
["8.1.21","C4507","PAREDE DE BLOCO DE GESSO STAND, INCLUSIVE EMASSAMENTO - FORNECIMENTO E EXECUÇÃO",null,"M2",70.17]
[]
["8.1.22","C4508","PAREDE DE BLOCO DE GESSO HIDROFUGANTE, INCLUSIVE EMASSAMENTO - FORNECIMENTO E EXECUÇÃO",null,"M2",89.31]
[]
["8.2","ALVENARIA ESTRUTURAL",{"$nulls":3},1529.14]
["8.2.1","C0068","ALVENARIA ESTRUTURAL DE BLOCO DE CONCRETO (14x19x39)cm C/ARGAMASSA MISTA DE CAL HIDRATADA ESP=14 cm",null,"M2",94.7]
[]
["8.2.2","C0069","ALVENARIA ESTRUTURAL DE BLOCO DE CONCRETO (19x19x39)cm C/ARGAMASSA MISTA DE CAL HIDRATADA ESP=19 cm",null,"M2",113.04]
[]
["8.2.3","C0064","ALVENARIA ESTRUTURAL DE BLOCO CERÂMICO (9X19X39cm) ESP.=9cm",null,"M2",45.06]
["8.2.4","C0062","ALVENARIA ESTRUTURAL DE BLOCO CERÂMICO (14X19X39cm) ESP.=14cm",null,"M2",48.71]
["8.2.5","C4542","ALVENARIA ESTRUTURAL DE BLOCO CERÂMICO (14X19X39cm) ESP.=14cm - COM SUPERFÍCIE EXTERNA LISA PARA ACABAMENTO APARENTE",null,"M2",61.36]
[]
["8.2.6","C0063","ALVENARIA ESTRUTURAL DE BLOCO CERÂMICO (19X19X39cm) ESP.=19cm",null,"M2",58.62]
["8.2.7","C4585","ALVENARIA ESTRUTURAL DE BLOCO CERÂMICO COM SUPERFÍCIES EXTERNA LISA, PARA ACABAMENTO APARENTE (14x19x29)cm ESP. 14cm, INCLUSIVE PEÇAS ESPECIAIS CALHA U E J",null,"M2",65.87]
[]
["8.2.8","C0079","AMARRAÇÃO EM PAREDES, COM FERRO",null,"UN",189.22]
["8.2.9","C4952","PAREDE PRÉ-MOLDADA EM CONCRETO ARMADO, REFORÇADA PARA PENITENCIÁRIA, ESP.=13CM,\nINCLUSIVE TRANSPORTE E MONTAGEM",null,"M2",417.32]
[]
["8.2.10","C4953","PAREDE PRÉ-MOLDADA EM CONCRETO ARMADO, REFORÇADA PARA PENITENCIÁRIA, ESP.=16CM, INCLUSIVE TRANSPORTE E MONTAGEM",null,"M2",435.24]
[]
["8.3","ALVENARIA DE PEDRA",{"$nulls":3},3625.35]
["8.3.1","C3345","ALVENARIA DE PEDRA ARGAMASSADA (TRAÇO 1:3) C/AGREGADOS ADQUIRIDOS",null,"M3",601.15]
["8.3.2","C3346","ALVENARIA DE PEDRA ARGAMASSADA (TRAÇO 1:3) C/AGREGADOS PRODUZIDOS (S/TRANSP)",null,"M3",494.81]
[]
["8.3.3","C3347","ALVENARIA DE PEDRA ARGAMASSADA (TRAÇO 1:4) C/AGREGADOS ADQUIRIDOS",null,"M3",575.37]
["8.3.4","C0057","ALVENARIA DE PEDRA ARGAMASSADA (TRAÇO 1:4) C/AGREGADOS PRODUZIDOS (S/TRANSP)",null,"M3",469.03]
[]
["8.3.5","C3723","ALVENARIA DE PEDRA ARGAMASSADA (TRAÇO 1:6) C/AGREGADOS ADQUIRIDOS",null,"M3",549.39]
["8.3.6","C0058","ALVENARIA DE PEDRA ARGAMASSADA (TRAÇO 1:2:8) C/ AGREGADOS ADQUIRIDOS",null,"M3",588.81]
["8.3.7","C3529","MUTIRÃO MISTO - ALVENARIA DE PEDRA ARGAMASSADA (TRAÇO 1:6) C/AGREGADOS ADQUIRIDOS",null,"M3",346.79]
[]
["8.4","RASGO EM ALVENARIA P/ TUBULAÇÕES",{"$nulls":3},38.16]
["8.4.1","C2095","RASGO EM ALVENARIA P/TUBULAÇÕES D=15 A 25mm (1/2\" A 1\")",null,"M",7.89]
["8.4.2","C2096","RASGO EM ALVENARIA P/TUBULAÇÕES D=32 A 50mm (1 1/4\" A 2\")",null,"M",12.37]
["8.4.3","C2097","RASGO EM ALVENARIA P/TUBULAÇÕES D=65 A 100mm (2 1/2\" A 4\")",null,"M",17.9]
["8.5","DIVISÓRIAS",{"$nulls":3},4549.21]
["8.5.1","C4495","DIVISÓRIA DE GESSO ACARTONADO e=48mm, S/ REVESTIMENTO - FORNECIMENTO E MONTAGEM",null,"M2",121.15]
[]
["8.5.2","C4496","DIVISÓRIA DE GESSO ACARTONADO e=70mm, S/ REVESTIMENTO - FORNECIMENTO E MONTAGEM",null,"M2",123.5]
[]
["8.5.3","C1134","DIVISÓRIA DE GRANILITE C/ARGAMASSA DE CIMENTO E AREIA",null,"M2",312.86]
["8.5.4","C4070","DIVISÓRIA DE GRANITO CINZA E=2cm",null,"M2",487.54]
["8.5.5","C4096","DIVISÓRIA DE GRANITO CINZA E=3cm",null,"M2",518.78]
["8.5.6","C1142","DIVISÓRIA PRÉ-MOLDADA EM CONCRETO ESP.=5cm",null,"M2",202.09]
["8.5.7","C4486","DIVISÓRIA PAINEL CELULAR, MONTANTE/RODAPÉ SIMPLES, PERFIL EM AÇO - FORNECIMENTO E MONTAGEM",null,"M2",107.41]
[]
["8.5.8","C4488","DIVISÓRIA PAINEL CELULAR, MONTANTE/RODAPÉ SIMPLES, PERFIL EM ALUMÍNIO - FORNECIMENTO E MONTAGEM",null,"M2",109.31]
[]
["8.5.9","C4487","DIVISÓRIA PAINEL CELULAR, MONTANTE/RODAPÉ DUPLO, PERFIL EM AÇO - FORNECIMENTO E MONTAGEM",null,"M2",128.09]
[]
["8.5.10","C4489","DIVISÓRIA PAINEL CELULAR, MONTANTE/RODAPÉ DUPLO, PERFIL EM ALUMÍNIO - FORNECIMENTO E MONTAGEM",null,"M2",136.64]
[]
["8.5.11","C4497","DIVISÓRIA PAINEL FIBRAROC, MONTANTE/RODAPÉ SIMPLES, PERFIL EM AÇO - FORNECIMENTO E MONTAGEM",null,"M2",266.44]
[]
["8.5.12","C4498","DIVISÓRIA PAINEL FIBRAROC, MONTANTE/RODAPÉ SIMPLES, PERFIL EM ALUMÍNIO - FORNECIMENTO E MONTAGEM",null,"M2",299.38]
[]
["8.5.13","C4499","DIVISÓRIA PAINEL FIBRAROC, MONTANTE/RODAPÉ DUPLO, PERFIL EM AÇO - FORNECIMENTO E MONTAGEM",null,"M2",277.09]
[]
["8.5.14","C4500","DIVISÓRIA PAINEL FIBRAROC, MONTANTE/RODAPÉ DUPLO, PERFIL EM ALUMÍNIO - FORNECIMENTO E MONTAGEM",null,"M2",311.35]
[]
["8.5.15","C4493","DIVISÓRIA PAINEL PVC, MONTANTE/RODAPÉ SIMPLES, PERFIL EM AÇO - FORNECIMENTO E MONTAGEM",null,"M2",224.21]
[]
["8.5.16","C4494","DIVISÓRIA PAINEL PVC, MONTANTE/RODAPÉ SIMPLES, PERFIL EM ALUMÍNIO - FORNECIMENTO E MONTAGEM",null,"M2",272.64]
[]
["8.5.17","C5214","REMANEJAMENTO DE DIVISÓRIA LEVE - DESMONTAGEM E REMONTAGEM",null,"M2",29.65]
["8.5.18","C4490","VÃO DE PORTA - PORTA COMPLETA C/ FECHADURA TIPO CILINDRO, P/ DIVISÓRIAS EM GERAL (SEM REQUADRO) - FORNECIMENTO E MONTAGEM",null,"UN",212.82]
[]
["8.5.19","C4491","VÃO DE PORTA - PORTA COMPLETA C/ FECHADURA TIPO CILINDRO, P/ DIVISÓRIAS EM GERAL (COM REQUADRO EM ALUMÍNIO) - FORNECIMENTO E MONTAGEM",null,"UN",228.83]
[]
["8.5.20","C4492","VIDRO TRANSPARENTE LISO 4mm, P/ DIVISÓRIAS EM GERAL FORNECIMENTO E MONTAGEM",null,"M2",179.43]
[]
["8.6","ELEMENTOS VAZADOS",{"$nulls":3},3089.88]
["8.6.1","C1177","ALVENARIA DE BLOCOS DE VIDRO (20x20x10)cm",null,"M2",535.67]
["8.6.2","C1174","ALVENARIA DE ELEMENTO VAZADO CERÂMICO (20X20X10cm) C/ARG. CIMENTO E AREIA TRAÇO 1:3",null,"M2",134.9]
[]
["8.6.3","C1175","ALVENARIA DE ELEMENTO VAZADO DE CONCRETO (20X10X6cm) C/ARG. CIMENTO E AREIA TRAÇO 1:3 ANTI-CHUVA",null,"M2",308.68]
[]
["8.6.4","C1176","ALVENARIA DE ELEMENTO VAZADO DE CONCRETO (20X20X20cm) C/ARG. CIMENTO E AREIA TRAÇO 1:3",null,"M2",255.85]
[]
["8.6.5","C0051","ALVENARIA DE ELEMENTO VAZADO DE CONCRETO (32X12X6cm) C/ARG. CIMENTO E AREIA TRAÇO 1:3 TIPO PESTANA",null,"M2",319.86]
[]
["8.6.6","C0052","ALVENARIA DE ELEMENTO VAZADO DE CONCRETO (50X50X6cm) C/ARG. CIMENTO E AREIA TRAÇO 1:3 ANTI-CHUVA",null,"M2",135.56]
[]
["8.6.7","C0804","COBOGÓ ANTI-CHUVA (50x40)cm C/ARG. CIMENTO E AREIA TRAÇO 1:3",null,"M2",188.47]
["8.6.8","C0805","COBOGÓ DE CIMENTO TIPO DIAMANTE",null,"M2",150.49]
["8.6.9","C0806","COBOGÓ DE CIMENTO TIPO VENEZIANO (50X50X6)cm C/ARG. CIMENTO E AREIA TRAÇO 1:3",null,"M2",145.65]
[]
["8.6.10","C4525","COBOGÓ DE VIDRO (20x10x18)cm",null,"M2",751.04]
["8.6.11","C3534","MUTIRÃO MISTO - COBOGÓ ANTI-CHUVA (50X40)cm",null,"M2",163.71]
["8.7","VERGAS E CHAPIM",{"$nulls":3},3872.97]
["8.7.1","C3521","CHAPIM EM GRANITO VERDE MERUOCA",null,"M2",350.95]
["8.7.2","C0773","CHAPIM PRÉ-MOLDADO DE CONCRETO",null,"M2",143.55]
["8.7.3","C3532","MUTIRÃO MISTO - VERGA RETA DE CONCRETO ARMADO",null,"M3",1392.29]
["8.7.4","C2665","VERGA EM ARCO DE CONCRETO ARMADO",null,"M",91.24]
["8.7.5","C2666","VERGA RETA DE CONCRETO ARMADO",null,"M3",1894.94]
["8.8","OUTROS ELEMENTOS",{"$nulls":3},7025.36]
["8.8.1","C0383","BATE-MACAS EM AÇO INOXIDÁVEL CONTRA IMPACTO EM PAREDE",null,"M",480.14]
["8.8.2","C0384","BATE-MACAS EM MADEIRA BOLEADA",null,"M",131.28]
["8.8.3","C4501","FACHADA DE VIDRO TEMPERADO DE 10mm FIXADO COM SPIDER GLASS",null,"M2",889.52]
["8.8.4","C4444","FACHADA METÁLICA PADRÃO PARA DELEGACIAS",null,"M2",633.59]
["8.8.5","C1391","FLANELÓGRAFO EM MONTANTE DE MADEIRA",null,"M2",298.26]
["8.8.6","C1791","MESA EM ALVENARIA, TAMPO CONCRETO PRÉ-MOLDADO, ACABADA",null,"M2",393.32]
["8.8.7","C1836","PAINEL ESTRUTURADO AÇO INOX, ESCOVADO CHAPA 20",null,"M2",904.25]
["8.8.8","C1837","PAINEL INFORMATIVO DUPLO C/PORTA DE CORRER EM VIDRO",null,"M2",931.68]
["8.8.9","C1897","PEÇA DE MADEIRA BOLEADA NAS QUINAS FIXADAS EM PAREDES",null,"M",61.41]
["8.8.10","C0032","PORTA EM PVC P/DIVISÓRIA (0,80X2,10)M COMPLETA - FORNECIMENTO E MONTAGEM",null,"UN",410.13]
["8.8.11","C4756","PRATELEIRA DE GRANITO CINZA ESP.=2CM                                    \n",null,"M2",302.19]
[]
["8.8.12","C2910","PRATELEIRA DE MADEIRA DE LEI PLAINADA",null,"M2",179.68]
["8.8.13","C2023","PRATELEIRA DE MÁRMORE NATURAL POLIDA DE 1 FACE",null,"M2",370.5]
["8.8.14","C2024","PRATELEIRA DE MÁRMORE NATURAL POLIDA DE 2 FACES",null,"M2",370.5]
["8.8.15","C2021","PRATELEIRA DE MARMORITE NATURAL POLIDA DE 1 FACE",null,"M2",177.25]
["8.8.16","C2022","PRATELEIRA DE MARMORITE NATURAL POLIDA DE 2 FACES",null,"M2",198.84]
["8.8.17","C4757","PRATELEIRA PRÉ-MOLDADA \"IN LOCO\" DE CONCRETO ESP.=5,0CM                                \n",null,"M2",276.97]
[]
["8.8.18","C3674","SUPORTE EM BARRA CHATA DE FERRO ENGASTADO NA PAREDE P/BANCADAS E/OU PRATELEIRAS",null,"UN",15.85]
[]
["9","ESQUADRIAS E FERRAGENS",{"$nulls":3},95920.33]
["9.1","ESQUADRIAS DE MADEIRA",{"$nulls":3},44045.92]
["9.1.1","C0363","BANDEIROLA EM MADEIRA",null,"M2",202.27]
["9.1.2","C1284","ESQUADRIAS DE MADEIRA E VIDRO",null,"M2",474.49]
["9.1.3","C3544","JANELA TIPO FICHA (1.40X1.10)m - MADEIRA MISTA - COMPLETA - PADRÃO POPULAR",null,"UN",426.9]
["9.1.4","C1519","JANELA VENEZIANA MÓVEL (S/ACESSÓRIOS)",null,"M2",330.04]
["9.1.5","C3543","MUTIRÃO MISTO - JANELA TIPO FICHA (1.40X1.10)m - MADEIRA MISTA - COMPLETA",null,"UN",319.41]
["9.1.6","C3541","MUTIRÃO MISTO - PORTA TIPO FICHA (0.60X2.10)m - MADEIRA MISTA - COMPLETA",null,"UN",368.83]
["9.1.7","C3537","MUTIRÃO MISTO - PORTA TIPO FICHA (0.80X2.10)m - ROLADA MADEIRA MISTA - COMPLETA C/FECHADURA",null,"UN",440.51]
[]
["9.1.8","C3539","MUTIRÃO MISTO - PORTA TIPO FICHA (0.80X2.10)m - ROLADA MADEIRA MISTA - COMPLETA S/FECHADURA",null,"UN",387.39]
[]
["9.1.9","C1959","PORTA COMPENSADO P/ARMÁRIO EMBUTIDO C/BATENTE DE (7X1.5)cm",null,"M2",193.21]
["9.1.10","C1960","PORTA COMPENSADO P/ARMÁRIO SOB PIA",null,"M2",200.16]
["9.1.11","C1962","PORTA COMPLETA, BLINDOR/CHUMBO (0,60X2.1O)m (S/ACESSÓRIOS)",null,"UN",2681.43]
["9.1.12","C1963","PORTA COMPLETA, BLINDOR/CHUMBO (0,80X2,10)m  (S/ACESSÓRIOS)",null,"UN",3515.28]
["9.1.13","C1961","PORTA COMPLETA, BLINDOR/CHUMBO (1,20X2,10)m (S/ACESSÓRIOS)",null,"UN",5182.99]
["9.1.14","C1977","PORTA EXTERNA DE CEDRO LISA COMPLETA UMA FOLHA (0.80X 2.10)m",null,"UN",964.68]
["9.1.15","C1978","PORTA EXTERNA DE CEDRO LISA COMPLETA UMA FOLHA (0.90X2.10)m",null,"UN",1014.76]
["9.1.16","C1979","PORTA EXTERNA DE CEDRO LISA COMPLETA UMA FOLHA (1.00X2.10)m",null,"UN",1037.45]
["9.1.17","C1985","PORTA INTERNA DE CEDRO LISA COMPLETA UMA FOLHA (0.60X 2.10)m",null,"UN",958.65]
["9.1.18","C1986","PORTA INTERNA DE CEDRO LISA COMPLETA UMA FOLHA (0.70X 2.10)m",null,"UN",982.83]
["9.1.19","C1987","PORTA INTERNA DE CEDRO LISA COMPLETA UMA FOLHA (0.80X 2.10)m",null,"UN",1026.74]
["9.1.20","C1988","PORTA INTERNA DE CEDRO LISA COMPLETA UMA FOLHA (0.90X 2.10)m",null,"UN",1076.82]
["9.1.21","C1989","PORTA INTERNA DE CEDRO LISA COMPLETA UMA FOLHA (1.00X 2.10)m",null,"UN",1099.51]
["9.1.22","C1974","PORTA EXTERNA DE CEDRO LISA COMPLETA DUAS FOLHAS (1.60X2.10)m",null,"UN",1445.28]
["9.1.23","C1975","PORTA EXTERNA DE CEDRO LISA COMPLETA DUAS FOLHAS (1.80X2.10)m",null,"UN",1545.44]
["9.1.24","C1976","PORTA EXTERNA DE CEDRO LISA COMPLETA DUAS FOLHAS (2.00X2.10)m",null,"UN",1590.82]
["9.1.25","C1980","PORTA INTERNA DE CEDRO LISA COMPLETA DUAS FOLHAS (1.20X 2.10)m",null,"UN",1370.31]
["9.1.26","C1981","PORTA INTERNA DE CEDRO LISA COMPLETA DUAS FOLHAS (1.40X 2.10)m",null,"UN",1418.67]
["9.1.27","C1982","PORTA INTERNA DE CEDRO LISA COMPLETA DUAS FOLHAS (1.60X 2.10)m",null,"UN",1506.49]
["9.1.28","C1983","PORTA INTERNA DE CEDRO LISA COMPLETA DUAS FOLHAS (1.80X 2.10)m",null,"UN",1606.65]
["9.1.29","C1984","PORTA INTERNA DE CEDRO LISA COMPLETA DUAS FOLHAS (2.00X 2.10)m",null,"UN",1652.03]
["9.1.30","C4604","PORTA EXTERNA DE MUIRACATIARA 1 FOLHA COMPLETA (0,60x2,10x0,03m)",null,"UN",1398.9]
["9.1.31","C1992","PORTA TIPO EUCATEX  (S/ACESSÓRIOS)",null,"UN",284]
["9.1.32","C3405","PORTA TIPO FICHA  EXTERNA-PADRÃO FUNASA (0,55X1,90m)",null,"UN",434.73]
["9.1.33","C3542","PORTA TIPO FICHA (0.60X2.10)m - MADEIRA MISTA - COMPLETA - PADRÃO POPULAR",null,"UN",476.32]
["9.1.34","C3538","PORTA TIPO FICHA (0.80X2.10)m - ROLADA MADEIRA MISTA - COMPLETA C/FECHADURA - PADRÃO POPULAR",null,"UN",548.45]
[]
["9.1.35","C3540","PORTA TIPO FICHA (0.80X2.10)m - ROLADA MADEIRA MISTA - COMPLETA S/FECHADURA - PADRÃO POPULAR",null,"UN",494.88]
[]
["9.1.36","C1993","PORTA TIPO FICHA EMBUTIDA (S/ACESSÓRIOS)",null,"M2",439.79]
["9.1.37","C1994","PORTA TIPO PARANÁ (S/ACESSÓRIOS)",null,"M2",155.87]
["9.1.38","C4423","PORTA TIPO PARANÁ (0,60 x 2,10 m), C/ FERRAGENS",null,"UN",374.66]
["9.1.39","C4424","PORTA TIPO PARANÁ (0,60 x 2,10 m), COMPLETA",null,"UN",1066.7]
["9.1.40","C4425","PORTA TIPO PARANÁ (0,70 x 2,10 m), C/ FERRAGENS",null,"UN",386.04]
["9.1.41","C4426","PORTA TIPO PARANÁ (0,70 x 2,10 m), COMPLETA",null,"UN",1078.08]
["9.1.42","C4427","PORTA TIPO PARANÁ (0,80 x 2,10 m), C/ FERRAGENS",null,"UN",405.16]
["9.1.43","C4428","PORTA TIPO PARANÁ (0,80 x 2,10 m), COMPLETA",null,"UN",1097.2]
["9.1.44","C4396","PORTA TIPO VENEZIANA  0,60x1.80 (FORNECIMENTO E MONTAGEM)",null,"UN",385.1]
["9.2","ESQUADRIAS METÁLICAS",{"$nulls":3},38828.34]
["9.2.1","C0807","COFRE-TRANCA PARA GRADES DE FERRO SEGURANÇA MÁXIMA",null,"UN",2619.92]
["9.2.2","C4560","GRADE DE ALUMÍNIO DE PROTEÇÃO",null,"M2",287.57]
["9.2.3","C1426","GRADE DE FERRO DE PROTEÇÃO",null,"M2",253.27]
["9.2.4","C3681","GRADE DE FERRO TUBULAR C/MOLDURA EM BARRA CHATA DE FERRO",null,"M2",466.75]
["9.2.5","C4955","GRADE DE FERRO P/CELAS DE SEGURANÇA MÁXIMA, EM FERRO CHATO 2\" X 3/8\" (40KG/M2) E AÇO CA-60 (32KG/M2)",null,"M2",1136.87]
[]
["9.2.6","C1437","GRELHA DE FERRO P/CANALETAS",null,"M2",256.32]
["9.2.7","C4830","JANELA BASCULANTE EM ALUMÍNIO ANODIZADO NATURAL, EXCLUSIVE VIDRO",null,"M2",538.25]
["9.2.8","C1516","JANELA DE ALUMÍNIO, TIPO VENEZIANA",null,"M2",668.68]
["9.2.9","C1517","JANELA DE FERRO TIPO CAIXILHO BASCULANTE OU FIXO",null,"M2",372.13]
["9.2.10","C1518","JANELA DE FERRO TIPO CAIXILHO DE CORRER OU MAXIMAR",null,"M2",432.68]
["9.2.11","C4515","JANELA EM ALUMÍNIO ANODIZADO NATURAL/FOSCO, DE CORRER, COM BANDEIROLA E/OU PEITORIL, SEM VIDRO - FORNECIMENTO E MONTAGEM",null,"M2",366.28]
[]
["9.2.12","C4513","JANELA EM ALUMÍNIO ANODIZADO NATURAL/FOSCO, DE CORRER, SEM BANDEIROLA E/OU PEITORIL, SEM VIDRO - FORNECIMENTO E MONTAGEM",null,"M2",311.95]
[]
["9.2.13","C4519","JANELA EM ALUMÍNIO ANODIZADO PRETO, DE CORRER, SEM BANDEIROLA E/OU PEITORIL, SEM VIDRO - FORNECIMENTO E MONTAGEM",null,"M2",344.72]
[]
["9.2.14","C4521","JANELA EM ALUMÍNIO ANODIZADO PRETO, DE CORRER, COM BANDEIROLA E/OU PEITORIL, SEM VIDRO - FORNECIMENTO E MONTAGEM",null,"M2",397.68]
[]
["9.2.15","C1958","PORTA DE FERRO COMPACTA EM CHAPA, INCLUS. BATENTES E FERRAGENS",null,"M2",395.62]
["9.2.16","C1966","PORTA CORTA-FOGO UMA FOLHA (0,80X2,10)m  OU  (0,90x2,10)m",null,"UN",1260.8]
["9.2.17","C1964","PORTA CORTA-FOGO DUAS FOLHAS LARG.=1,20 A 2,20m  E ALT.=2,10 A 2,40 m",null,"UN",1433.05]
["9.2.18","C1965","PORTA CORTA-FOGO INDUSTRIAL DE CORRER",null,"M2",2098.79]
["9.2.19","C1969","PORTA DE AÇO EM CHAPA ONDULADA OU GRADES DE ENROLAR",null,"M2",364.37]
["9.2.20","C1967","PORTA DE ALUMÍNIO ANODIZADO COMPACTA",null,"M2",648.65]
["9.2.21","C1968","PORTA DE ALUMÍNIO C/VIDRO CRISTAL TEMPERADO",null,"M2",456.4]
["9.2.22","C1973","PORTA DE ALUMÍNIO E ACRÍLICO",null,"M2",506.14]
["9.2.23","C1970","PORTA DE FERRO EM CHAPA",null,"M2",306.2]
["9.2.24","C4518","PORTA EM ALUMÍNIO ANODIZADO NATURAL/FOSCO, DE ABRIR, COM BANDEIROLA E/OU PEITORIL, SEM VIDRO - FORNECIMENTO E MONTAGEM",null,"M2",449.4]
[]
["9.2.25","C4517","PORTA EM ALUMÍNIO ANODIZADO NATURAL/FOSCO, DE ABRIR, SEM BANDEIROLA E/OU PEITORIL, SEM VIDRO - FORNECIMENTO E MONTAGEM",null,"M2",407.91]
[]
["9.2.26","C4516","PORTA EM ALUMÍNIO ANODIZADO NATURAL/FOSCO, DE CORRER, COM BANDEIROLA E/OU PEITORIL, SEM VIDRO - FORNECIMENTO E MONTAGEM",null,"M2",438.25]
[]
["9.2.27","C4514","PORTA EM ALUMÍNIO ANODIZADO NATURAL/FOSCO, DE CORRER, SEM BANDEIROLA E/OU PEITORIL, SEM VIDRO - FORNECIMENTO E MONTAGEM",null,"M2",404.39]
[]
["9.2.28","C4524","PORTA EM ALUMÍNIO ANODIZADO PRETO, DE ABRIR, COM BANDEIROLA E/OU PEITORIL, SEM VIDRO - FORNECIMENTO E MONTAGEM",null,"M2",494.41]
[]
["9.2.29","C4523","PORTA EM ALUMÍNIO ANODIZADO PRETO, DE ABRIR, SEM BANDEIROLA E/OU PEITORIL, SEM VIDRO - FORNECIMENTO E MONTAGEM",null,"M2",451.93]
[]
["9.2.30","C4522","PORTA EM ALUMÍNIO ANODIZADO PRETO, DE CORRER, COM BANDEIROLA E/OU PEITORIL, SEM VIDRO - FORNECIMENTO E MONTAGEM",null,"M2",464.45]
[]
["9.2.31","C4520","PORTA EM ALUMÍNIO ANODIZADO PRETO, DE CORRER, SEM BANDEIROLA E/OU PEITORIL, SEM VIDRO - FORNECIMENTO E MONTAGEM",null,"M2",449.4]
[]
["9.2.32","C3737","PORTA FRIGORÍFICA TERMO-ISOLANTE DE ACIONAMENTO MANUAL C/AQUECIMENTO. 2100X1000X150MM -( FORNECIMENTO",null,"UN",3352.31]
[]
["9.2.33","C1991","PORTA SASAZAKI-VENEZIANA, INCLUSIVE BATENTES E FERRAGENS",null,"M2",394.52]
["9.2.34","C4872","PORTÃO COM PERFIL EM TUBO DE AÇO GALVANIZADO DE 2\" (1X2,5)m, INCL. PILARES DE SUSTENTAÇÃO",null,"UN",1902.07]
[]
["9.2.35","C4873","PORTÃO COM PERFIL EM TUBO DE AÇO GALVANIZADO DE 2\" (4X2,5)m, INCL. PILARES DE SUSTENTAÇÃO",null,"UN",5476.8]
[]
["9.2.36","C3733","PORTÃO DE ALUMÍNIO ANODIZADO NATURAL, FECHAMENTO TOTAL C/ LAMBRI BOLA E CORREDIÇO (FORNECIMENTO E MONTAGEM)",null,"M2",485.06]
[]
["9.2.37","C4397","PORTÃO DE ALUMÍNIO EM TUBOS DE 20 mm (FORNECIMENTO E MONTAGEM)",null,"M2",448.84]
["9.2.38","C1999","PORTÃO DE FERRO EM BARRA CHATA TIPO TIJOLINHO",null,"M2",215.78]
["9.2.39","C3659","PORTÃO DE METALON E BARRA CHATA DE FERRO C/FECHADURA E DOBRADIÇA, INCLUS. PINTURA ESMALTE SINTÉTICO",null,"M2",491.21]
[]
["9.2.40","C2903","PORTÃO DE TUBO DE AÇO GALVANIZADO DE 2\" (1X2)m, INCL. PILARES DE SUSTENTAÇÃO",null,"UN",1487.88]
[]
["9.2.41","C2904","PORTÃO DE TUBO DE AÇO GALVANIZADO DE 2\" (4X2)m, INCL.. PILARES DE SUSTENTAÇÃO",null,"UN",4455.55]
[]
["9.2.42","C3729","REMANEJAMENTO DE ESQUADRIAS DE ALUMÍNIO",null,"M2",84.64]
["9.2.43","C2423","TELA METÁLICA AÇO GALVANIZADO, MALHA (13 X 13)MM2",null,"M2",143.81]
["9.2.44","C3249","TRANCA EM FERRO PARA CELAS PRISIONAIS",null,"UN",390.71]
["9.2.45","C4400","TELA DE AÇO ELETROSOLDADA COM FIOS DE 3,4mm C/ 15 cm (INSTALADO)",null,"KG",8.25]
["9.2.46","C4401","TELA DE AÇO ELETROSOLDADA COM FIOS DE 5,0mm C/ 15 cm (INSTALADO)",null,"KG",7.68]
["9.3","MOBILIÁRIO",{"$nulls":3},5392.81]
["9.3.1","C0221","ARMÁRIO ALTO EM DIVISÓRIA (ABERTO)",null,"M2",380.46]
["9.3.2","C0222","ARMÁRIO BAIXO EM DIVISÓRIA (FECHADO)",null,"M2",515.19]
["9.3.3","C0223","ARMÁRIO DE AÇO P/ UTENSÍLIOS (1.90X0.90X0.50)m",null,"UN",701.88]
["9.3.4","C0224","ARMÁRIO DE AÇO TIPO ESCANINHO - MODELO 3 PORTAS",null,"UN",274.74]
["9.3.5","C0226","ARMÁRIO EM BRUMASA REVESTIDO COM FÓRMICA",null,"M2",379.71]
["9.3.6","C0227","ARMÁRIO SOBREPOR EM MADEIRA C/ CAPEADO EM CEREJEIRA",null,"M2",712.9]
["9.3.7","C0228","ARMÁRIO SOBREPOR EM MADEIRA SUCUPIRA",null,"M2",680.44]
["9.3.8","C0353","BALCÃO EM BRUMASA REVESTIDO EM FÓRMICA",null,"M2",701.44]
["9.3.9","C1450","GUARDA-ROUPA EM MADEIRA SUCUPIRA",null,"M2",567.53]
["9.3.10","C2134","RECIPIENTE PRÉ-MOLDADO C/PORTA EM CHAPA DE AÇO, P/GUARDAR TELEVISÃO",null,"UN",305.13]
["9.3.11","C2295","SUPORTE METÁLICO PARA TELEVISÃO",null,"UN",173.39]
["9.4","OUTROS ELEMENTOS",{"$nulls":3},7653.26]
["9.4.1","C0042","ALIZAR (GUARNIÇÃO) DE MADEIRA",null,"M",10.93]
["9.4.2","C4422","ALIZAR DE MADEIRA L= 5 cm (1 FACE)",null,"CJ",48.59]
["9.4.3","C3437","ARMADOR DE EMBUTIR",null,"UN",34.5]
["9.4.4","C3438","ARMADOR TIPO RABO DE ANDORINHA",null,"UN",25.14]
["9.4.5","C3651","BATE-MACAS EM AÇO INOXIDÁVEL CONTRA IMPACTO EM PORTA DE MADEIRA",null,"M2",806.73]
["9.4.6","C0585","CADEADO GRANDE PARA CELAS",null,"UN",169]
["9.4.7","C0586","CADEADO MÉDIO",null,"UN",28.49]
["9.4.8","C0587","CADEADO PEQUENO",null,"UN",19.14]
["9.4.9","C0699","CAPEADO DE CEREJEIRA C/APLICAÇÃO",null,"M2",58.27]
["9.4.10","C0700","CAPEADO DE MOGNO C/ APLICAÇÃO",null,"M2",69.28]
["9.4.11","C0701","CAPEADO DE PAU-MARFIM C/ APLICAÇÃO",null,"M2",65.93]
["9.4.12","C0922","CORRIMÃO EM ALUMÍNIO ANODIZADO",null,"M",106.2]
["9.4.13","C0923","CORRIMÃO EM MADEIRA MACIÇA ( PINTADA )",null,"M",90.29]
["9.4.14","C0924","CORRIMÃO EM TUBO DE AÇO INOX",null,"M",201.68]
["9.4.15","C1144","DOBRADIÇA CROMADA 3\" X 2 1/2\"",null,"UN",29.76]
["9.4.16","C1143","DOBRADIÇA CROMADA 3 1/2\" X 3\"",null,"UN",48.98]
["9.4.17","C1145","DOBRADIÇA CROMADA TIPO PALMELA",null,"UN",29.08]
["9.4.18","C1146","DOBRADIÇA CROMADA TIPO VAI - VEM",null,"UN",123.63]
["9.4.19","C4588","DOBRADIÇA DE FERRO (PADRÃO POPULAR)",null,"UN",25.27]
["9.4.20","C4552","DOBRADIÇA PARA FIXAÇÃO EM GRANITO",null,"UN",112.71]
["9.4.21","C1360","FECHADURA COMPLETA PARA PORTA EXTERNA",null,"UN",162.9]
["9.4.22","C1361","FECHADURA COMPLETA PARA PORTA INTERNA",null,"UN",154.61]
["9.4.23","C1362","FECHADURA DE TARJETA (LIVRE-OCUPADA)",null,"UN",115.75]
["9.4.24","C4553","FECHADURA DE TARJETA (LIVRE-OCUPADA) PARA FIXAÇÃO EM GRANITO",null,"UN",115.75]
["9.4.25","C4587","FECHADURA DE SOBREPOR (PADRÃO POPULAR)",null,"UN",149.04]
["9.4.26","C1364","FERROLHO DE SOBREPOR OU EMBUTIR GRANDE",null,"UN",27.67]
["9.4.27","C1365","FERROLHO DE SOBREPOR OU EMBUTIR MÉDIO",null,"UN",24.16]
["9.4.28","C1366","FERROLHO DE SOBREPOR OU EMBUTIR PEQUENO",null,"UN",13.55]
["9.4.29","C1407","FORRAMENTO EM AÇO (BATENTAÇO) LARG. =12cm",null,"M",60.99]
["9.4.30","C3673","FORRAMENTO EM AÇO C/PERFIL \"U\"  L=15CM  - PARA PRESÍDIOS",null,"M",58.74]
["9.4.31","C4421","FORRAMENTO DE MADEIRA L = 15 cm",null,"CJ",594.85]
["9.4.32","C1408","FORRAMENTO OU BATENTE DE MADEIRA",null,"M",68.79]
["9.4.33","C1447","GUARDA CORPO C/BARRA CHATA DE FERRO E CORRIMÃO EM MADEIRA MACIÇA",null,"M2",212.1]
["9.4.34","C3683","GUARDA CORPO DE MADEIRA E CORDA DE SISAL",null,"M",105.43]
["9.4.35","C1449","GUARDA CORPO METÁLICO EM TUBO DE AÇO GALVANIZADO DE 2 1/2\"",null,"M",365.28]
["9.4.36","C1795","MOLA HIDRÁULICA P/PORTA DE VIDRO",null,"UN",781.73]
["9.4.37","C4954","MOLA PNEUMÁTICA DE PISO, EM AÇO INOX, BLINDADA, P/ PORTAS DE ATÉ 120KG E LARGURA ATÉ 1,20M, COMPLETA",null,"UN",290.85]
[]
["9.4.38","C1796","MOLA P/ PORTA TIPO COIMBRA",null,"UN",188.47]
["9.4.39","C3552","MUTIRÃO MISTO - ARMADOR RABO DE ANDORINHA",null,"UN",18.2]
["9.4.40","C1868","PEGADOR METÁLICO P/PORTA (INTERNO)",null,"UN",52.93]
["9.4.41","C3522","PILAR EM MADEIRA LIMPA DE 1a. QUALIDADE 20cmX20cm",null,"M",129.11]
["9.4.42","C3676","PORTA DE PVC SANFONADA (0,80 X 2,10) COMPLETA - FORNECIMENTO E MONTAGEM",null,"UN",150.15]
["9.4.43","C4556","PORTÃO PIVOTANTE NYLOFOR, COMPOSTO DE QUADRO, PAINÉIS E ACESSÓRIOS COM PINTURA ELETROSTÁTICA COM TINTA POLIESTER, NAS CORES VERDE OU BRANCA, COM POSTE EM AÇO REVESTIDO, COR VERDE OU BRANCA - FORNECIMENTO E MONTAGEM",null,"M2",630.91]
[]
["9.4.44","C4557","PORTÃO DESLIZANTE NYLOFOR, COMPOSTO DE QUADRO, PAINÉIS E ACESSÓRIOS COM PINTURA ELETROSTÁTICA COM TINTA POLIESTER, NAS CORES VERDE OU BRANCA, COM POSTE EM AÇO REVESTIDO, COR VERDE OU BRANCA - FORNECIMENTO E MONTAGEM\t\t\t\t\t\t\t\t\n",null,"M2",630.91]
[]
["9.4.45","C2031","PRENDEDOR METÁLICO PARA PORTA",null,"UN",35.6]
["9.4.46","C2215","REVESTIMENTO DE FÓRMICA EM ESQUADRIAS OU MÓVEIS",null,"M2",103.03]
["9.4.47","C2319","TARJETA CROMADA P/ JANELAS VENEZIANAS",null,"UN",11.29]
["9.4.48","C3675","VENEZIANA INDUSTRIAL DE PVC RÍGIDO, TRANSLÚCIDO E MONTANTES EM AÇO GALVANIZADO OU ALUMÍNIO (FORNECIM",null,"M2",296.87]
[]
["10","VIDROS",{"$nulls":3},79787.74]
["10.1","CRISTAL COMUM",{"$nulls":3},2357.13]
["10.1.1","C2670","VIDRO COMUM EM CAIXILHOS C/MASSA ESP.= 4mm, COLOCADO",null,"M2",179.43]
["10.1.2","C2671","VIDRO COMUM EM CAIXILHOS C/MASSA ESP.= 5mm, COLOCADO",null,"M2",209.33]
["10.1.3","C2672","VIDRO COMUM EM CAIXILHOS C/MASSA ESP.= 6mm, COLOCADO",null,"M2",254.19]
["10.1.4","C2673","VIDRO COMUM FUMÊ EM CAIXILHOS C/MASSA E= 4mm, COLOCADO",null,"M2",239.24]
["10.1.5","C2674","VIDRO COMUM FUMÊ EM CAIXILHOS C/MASSA E= 5mm, COLOCADO",null,"M2",258.24]
["10.1.6","C2675","VIDRO COMUM FUMÊ EM CAIXILHOS C/MASSA E= 6mm, COLOCADO",null,"M2",358.85]
["10.1.7","C4826","VIDRO LAMINADO DUPLO, INCOLOR, C/MASSA PARA CAIXILHOS E=6MM (FORNECIMENTO E COLOCAÇÃO)",null,"M2",708.33]
[]
["10.1.8","C2984","VIDRO TRANSLÚCIDO CANELADO OU MARTELADO E=3mm (COLOCADO)",null,"M2",149.52]
["10.2","CRISTAL TEMPERADO",{"$nulls":3},74677.13]
["10.2.1","C1382","FIXO 2 FOLHAS E BASCULANTE DE VIDRO TEMPERADO (1.80X2.10)m  E=10mm",null,"CJ",2611.36]
["10.2.2","C1383","FIXO 2 FOLHAS. 2  BANDEIRAS E 1 CONTRAVENTAMENTO DE VIDRO TEMPERADO (1.80 X 3.50)m  E=10mm",null,"CJ",4356.26]
[]
["10.2.3","C1384","FIXO 3 FOLHAS 3 BANDEIRAS E 2 CONTRAVENTAMENTO DE VIDRO TEMPERADO (2.70 X3.50)m  E=10mm",null,"CJ",6678.01]
[]
["10.2.4","C1385","FIXO 3 FOLHAS E BASCULANTES 2 FOLHAS DE VIDRO TEMPERADO (0.70X2.10)m  E=10mm",null,"CJ",4049.67]
[]
["10.2.5","C1386","FIXO DE VIDRO TEMPERADO C/BANDEIRA (0.90X3.50)m  E=10mm",null,"CJ",2089.41]
["10.2.6","C1387","FIXO DE VIDRO TEMPERADO 1 FOLHA   (0.90X2.10)m  E=10mm",null,"CJ",1240.81]
["10.2.7","C1388","FIXO DE VIDRO TEMPERADO 2 FOLHAS (1.80X2.10)m  E=10mm",null,"CJ",2445.17]
["10.2.8","C1389","FIXO DE VIDRO TEMPERADO 3 FOLHAS (2.70X2.10)m  E=10mm",null,"CJ",3649.53]
["10.2.9","C1390","FIXO E BASCULANTE DE VIDRO TEMPERADO  (0.90X2.10)m  E=10mm",null,"CJ",1344.35]
["10.2.10","C1952","PORTA 2 FOLHAS C/BANDEIRA DE VIDRO TEMPERADO E=10mm C/MOLA (1.80X2.90)m",null,"CJ",5664.64]
["10.2.11","C1953","PORTA 2 FOLHAS C/BANDEIRA DE VIDRO TEMPERADO E=10mm C/MOLA (1.80X3.50)m",null,"CJ",6257.52]
["10.2.12","C1954","PORTA 2 FOLHAS C/BANDEIRA E FIXO 2 FLS. DE VIDRO TEMPERADO E=10mm (3.60X2.90)m",null,"CJ",8940.85]
[]
["10.2.13","C1955","PORTA 2 FOLHAS. FIXA 2 FOLHAS. 3 BANDEIRAS 2 CONTRAVENTAMENTO DE VIDRO TEMPERADO DE10mm (3.60X3.50)m",null,"CJ",11026.19]
[]
["10.2.14","C1956","PORTA C/BANDEIRA DE VIDRO TEMPERADO E=10mm C/MOLA (0.90X2.90)m  ",null,"CJ",2927.71]
["10.2.15","C1957","PORTA C/BANDEIRA DE VIDRO TEMPERADO E=10mm C/MOLA (0.90X3.50)m",null,"CJ",3224.15]
["10.2.16","C1972","PORTA DE VIDRO TEMPERADO 1 FOLHA (0.90X2.10)m  E=10mm",null,"CJ",2355.21]
["10.2.17","C1971","PORTA DE VIDRO TEMPERADO  2 FOLHAS (1.80X2.10)m  E=10mm",null,"CJ",4688.54]
["10.2.18","C4949","VIDRO TEMPERADO INCOLOR C/MASSA E=6MM, COLOCADO",null,"M2",293.89]
["10.2.19","C4950","VIDRO TEMPERADO INCOLOR C/MASSA E=8MM, COLOCADO",null,"M2",371.37]
["10.2.20","C4951","VIDRO TEMPERADO INCOLOR C/MASSA E=10MM, COLOCADO",null,"M2",462.49]
["10.3","OUTROS  ELEMENTOS ",{"$nulls":3},2753.48]
["10.3.1","C3650","GUICHÊ EM AÇO INOX E VIDRO TEMPERADO E=6MM",null,"M2",554.06]
["10.3.2","C1451","GUICHÊ EM ALUMÍNIO E VIDRO TEMPERADO E=10mm",null,"M2",715.58]
["10.3.3","C1873","PELÍCULA DE INSULFILM",null,"M2",50.07]
["10.3.4","C1874","PELÍCULA DE POLIÉSTER, INVESTIGAÇÃO",null,"M2",96.11]
["10.3.5","C3649","VISOR COM VIDRO TEMPERADO E=6MM E MOLDURA DE AÇO INOX",null,"M2",498.24]
["10.3.6","C2679","VISOR COM VIDRO TEMPERADO E=6mm E MOLDURA DE ALUMÍNIO",null,"M2",407.37]
["10.3.7","C2680","VISOR COM VIDRO TEMPERADO E=6mm E MOLDURA DE MADEIRA",null,"M2",432.05]
["11","COBERTURA",{"$nulls":3},25732.34]
["11.1","ESTRUTURA DE MADEIRA",{"$nulls":3},1870.77]
["11.1.1","C3722","ESTRUTURA DE MADEIRA P/ COBERTA DE PALHA DE CARNÁUBA",null,"M2",115.74]
["11.1.2","C1336","ESTRUTURA DE MADEIRA P/ TELHA CERÂMICA OU CONCRETO VÃO 3 A 7m (TESOURAS / TERÇAS / CONTRAVENTAMENTOS / FERRAGENS)",null,"M2",141.16]
[]
["11.1.3","C1337","ESTRUTURA DE MADEIRA P/ TELHA CERÂMICA OU CONCRETO VÃO 7 A 10m (TESOURAS / TERÇAS / CONTRAVENTAMENTOS / FERRAGENS)",null,"M2",159.41]
[]
["11.1.4","C1335","ESTRUTURA DE MADEIRA P/ TELHA CERÂMICA OU CONCRETO VÃO 10 A 13m (TESOURAS / TERÇAS / CONTRAVENTAMENTOS / FERRAGENS)",null,"M2",180.54]
[]
["11.1.5","C1338","ESTRUTURA DE MADEIRA P/ TELHA ONDULADA DE FIBROCIMENTO, ALUMÍNIO OU PLÁSTICAS, VÃO 10m",null,"M2",106.63]
[]
["11.1.6","C1339","ESTRUTURA DE MADEIRA P/ TELHA ONDULADA DE FIBROCIMENTO, ALUMÍNIO OU PLÁSTICAS,  VÃO 15m",null,"M2",125.5]
[]
["11.1.7","C1340","ESTRUTURA DE MADEIRA P/ TELHA ONDULADA DE FIBROCIMENTO, ALUMÍNIO OU PLÁSTICAS, VÃO 20m",null,"M2",152.26]
[]
["11.1.8","C4511","ESTRUTURA DE MADEIRA P/ TELHAS ONDULADAS DE FIBROCIMENTO, ALUMÍNIO OU PLÁSTICAS, APOIADA SOBRE PAREDES E/OU LAJES DE FORRO",null,"M2",77.46]
[]
["11.1.9","C1341","ESTRUTURA DE MADEIRA P/ TELHA ESTRUTURAL DE FIBROCIMENTO ANCORADA EM LAJES OU EM PAREDES",null,"M2",40.14]
[]
["11.1.10","C3005","MADEIRAMENTO P/TELHA CERÂMICA C/ REAPROVEITAMENTO",null,"M2",49.82]
["11.1.11","C4459","MADEIRAMENTO P/ TELHA CERÂMICA - (RIPA, CAIBRO)",null,"M2",63.69]
["11.1.12","C4460","MADEIRAMENTO P/ TELHA CERÂMICA - (RIPA, CAIBRO, LINHA)",null,"M2",113.12]
["11.1.13","C4467","MADEIRAMENTO P/TELHA CERÂMICA - (RIPA, CAIBRO, LINHA) - CASA POPULAR",null,"M2",76.44]
["11.1.14","C3006","MADEIRAMENTO P/TELHA FIBROCIMENTO C/ REAPROVEITAMENTO",null,"M2",49.38]
["11.1.15","C2237","RIPA DE PEROBA (2X8)cm",null,"M",25.59]
["11.1.16","C2460","TESOURA EM MASSARANDUBA C/ACESSÓRIOS",null,"M",149.44]
["11.1.17","C2678","VIGA DE MADEIRA MACIÇA 6\" X 3\"",null,"M",74.9]
["11.1.18","C3721","VIGA DE MADEIRA MACIÇA 10\"x 4\"",null,"M",169.55]
["11.2","ESTRUTURA METÁLICA",{"$nulls":3},10235.07]
["11.2.1","C0818","COLUNAS P/PÉ DIREITO DE 6m  VÃO DE 20m",null,"M2",81.51]
["11.2.2","C0819","COLUNAS P/PÉ DIREITO DE 6m  VÃO DE 30m",null,"M2",92.02]
["11.2.3","C0820","COLUNAS P/PÉ DIREITO DE 6m  VÃO DE 40m",null,"M2",101.78]
["11.2.4","C1318","ESTRUTURA DE ALUMÍNIO EM ARCO VÃO DE 20m",null,"M2",245.24]
["11.2.5","C1319","ESTRUTURA DE ALUMÍNIO EM ARCO VÃO DE 30m",null,"M2",274.61]
["11.2.6","C1320","ESTRUTURA DE ALUMÍNIO EM ARCO VÃO DE 40m",null,"M2",303.98]
["11.2.7","C1324","ESTRUTURA DE ALUMÍNIO EM DUAS ÁGUAS VÃO DE 20m",null,"M2",258.29]
["11.2.8","C1321","ESTRUTURA DE ALUMÍNIO EM DUAS ÁGUAS VÃO DE 25m",null,"M2",277.87]
["11.2.9","C1322","ESTRUTURA DE ALUMÍNIO EM DUAS ÁGUAS VÃO DE 30m",null,"M2",297.45]
["11.2.10","C1323","ESTRUTURA DE ALUMÍNIO EM DUAS ÁGUAS VÃO DE 40m",null,"M2",330.08]
["11.2.11","C1325","ESTRUTURA DE ALUMÍNIO EM SHED VÃO DE 20 A 30m",null,"M2",333.34]
["11.2.12","C1342","ESTRUTURA ESPACIAL DE ALUMÍNIO VÃO DE 20m",null,"M2",257.16]
["11.2.13","C1343","ESTRUTURA ESPACIAL DE ALUMÍNIO VÃO DE 30m",null,"M2",299.58]
["11.2.14","C1344","ESTRUTURA ESPACIAL DE ALUMÍNIO VÃO DE 40m",null,"M2",338.74]
["11.2.15","C1345","ESTRUTURA ESPACIAL DE ALUMÍNIO VÃO DE 50m",null,"M2",377.89]
["11.2.16","C1346","ESTRUTURA ESPACIAL DE ALUMÍNIO VÃO DE 60m",null,"M2",417.05]
["11.2.17","C1352","ESTRUTURA METÁLICA EM TUBO DE AÇO 150mm, INCLUS. PINTURA",null,"M",610.53]
["11.2.18","C1353","ESTRUTURA METÁLICA TRELIÇADA EM AÇO, EM MARQUISES",null,"M2",269.14]
["11.2.19","C5217","ESTRUTURA TRELIÇADA DE COBERTURA, TIPO ARCO, COM LIGAÇÕES PARAFUSADAS, INCLUSOS PERFIS METÁLICOS, CHAPAS METÁLICAS, TRANSPORTE COM GUINDASTE, JATEAMENTO E PINTURA\n",null,"KG",20.45]
[]
["11.2.20","C5218","ESTRUTURA TRELIÇADA DE COBERTURA, TIPO ARCO, COM LIGAÇÕES SOLDADAS, INCLUSOS PERFIS METÁLICOS, CHAPAS METÁLICAS, TRANSPORTE COM GUINDASTE, JATEAMENTO E PINTURA",null,"KG",20.4]
[]
["11.2.21","C5215","ESTRUTURA TRELIÇADA DE COBERTURA, TIPO FINK, COM LIGAÇÕES PARAFUSADAS, INCLUSOS PERFIS METÁLICOS, CHAPAS METÁLICAS, TRANSPORTE COM GUINDASTE, JATEAMENTO E PINTURA",null,"KG",11.49]
[]
["11.2.22","C5216","ESTRUTURA TRELIÇADA DE COBERTURA, TIPO FINK, COM LIGAÇÕES SOLDADAS, INCLUSOS PERFIS METÁLICOS, CHAPAS METÁLICAS, TRANSPORTE COM GUINDASTE, JATEAMENTO E PINTURA\n",null,"KG",18.36]
[]
["11.2.23","C5219","ESTRUTURA TRELIÇADA DE COBERTURA, TIPO SHED, COM LIGAÇÕES PARAFUSADAS, INCLUSOS PERFIS METÁLICOS, CHAPAS METÁLICAS, TRANSPORTE COM GUINDASTE, JATEAMENTO E PINTURA",null,"KG",20.27]
[]
["11.2.24","C5220","ESTRUTURA TRELIÇADA DE COBERTURA, TIPO SHED, COM LIGAÇÕES SOLDADAS, INCLUSOS PERFIS METÁLICOS, CHAPAS METÁLICAS, TRANSPORTE COM GUINDASTE, JATEAMENTO E PINTURA",null,"KG",19.3]
[]
["11.2.25","C1600","LANTERNIM SIMPLES VÃO DE 20m",null,"M2",34.79]
["11.2.26","C1601","LANTERNIM SIMPLES VÃO DE 30m",null,"M2",44.82]
["11.2.27","C1602","LANTERNIM SIMPLES VÃO DE 40m",null,"M2",57.89]
["11.2.28","C1597","LANTERNIM DUPLO VÃO DE 20m",null,"M2",60.56]
["11.2.29","C1598","LANTERNIM DUPLO VÃO DE 30m",null,"M2",70.8]
["11.2.30","C1599","LANTERNIM DUPLO VÃO DE 40m",null,"M2",80.56]
["11.2.31","C1879","PERFIL METÁLICO ' I ', PRÉ-PINTADO C/ H=200mm",null,"M",521.17]
["11.2.32","C1878","PERFIL METÁLICO  ' I ', PRÉ-PINTADO C/ H=300mm",null,"M",995.28]
["11.2.33","C1880","PERFIL METÁLICO ' I ', PRÉ-PINTADO C/ H=400mm",null,"M",1288.09]
["11.2.34","C1881","PERFIL METÁLICO ' I ', PRÉ-PINTADO C/ H=500mm",null,"M",1771.82]
["11.2.35","C4395","PERFIL \"U\" EM ALUMÍNIO 3/4\" x 3/4\" P/ COBERTURA",null,"M",32.76]
["11.3","TELHAS",{"$nulls":3},6364.35]
["11.3.1","C0041","ALGEIROZ EM TELHAMENTO COLONIAL",null,"M",30.76]
["11.3.2","C0387","BEIRA E BICA EM TELHA COLONIAL",null,"M",15.38]
["11.3.3","C0675","CANTONEIRA DE FIBROCIMENTO P/TELHA ONDULADA",null,"M",58.05]
["11.3.4","C0803","COBERTURA C/TELHA PVC RÍGIDO INCLINAÇÃO 27%",null,"M2",79.11]
["11.3.5","C0987","CUMEEIRA ARTICULADA DE FIBROCIMENTO P/TELHA MODULADA",null,"M",83.6]
["11.3.6","C0988","CUMEEIRA ARTICULADA DE FIBROCIMENTO P/TELHA VOGATEX",null,"M",56.58]
["11.3.7","C0989","CUMEEIRA CERÂMICA DA TELHA CANAL \"TIMOM\"",null,"M",31.99]
["11.3.8","C0990","CUMEEIRA CERÂMICA DA TELHA RETANGULAR \"TIMOM\"",null,"M",33.16]
["11.3.9","C0994","CUMEEIRA DE CONCRETO COLORIDA INCLUSIVE EMBOÇAMENTO",null,"M",104.17]
["11.3.10","C0995","CUMEEIRA NORMAL DE FIBROCIMENTO P/TELHA CANALETE 49",null,"M",157.61]
["11.3.11","C0996","CUMEEIRA NORMAL DE FIBROCIMENTO P/TELHA CANALETE 90",null,"M",172.15]
["11.3.12","C0997","CUMEEIRA NORMAL DE FIBROCIMENTO P/TELHA KALHETA DELTA",null,"M",127.35]
["11.3.13","C0998","CUMEEIRA NORMAL DE FIBROCIMENTO P/TELHA KALHETÃO",null,"M",167.78]
["11.3.14","C0999","CUMEEIRA NORMAL DE FIBROCIMENTO P/TELHA MAXIPLAC",null,"M",95.25]
["11.3.15","C1000","CUMEEIRA NORMAL DE FIBROCIMENTO P/TELHA ONDULADA",null,"M",44.09]
["11.3.16","C1001","CUMEEIRA NORMAL PARA TELHA DE MADEIRA",null,"M",24.47]
["11.3.17","C5202","CUMEEIRA ONDULADA DE ALUMÍNIO",null,"M",108.47]
["11.3.18","C4463","CUMEEIRA TELHA CERÂMICA, EMBOÇADA",null,"M",32.39]
["11.3.19","C1002","CUMEEIRA TERMOACÚSTICA",null,"M",78.3]
["11.3.20","C1003","CUMEEIRA TIPO ONDULINE EM ESTRUTURA DE MADEIRA",null,"M",54.07]
["11.3.21","C1004","CUMEEIRA TIPO ONDULINE EM ESTRUTURA METÁLICA",null,"M",71.52]
["11.3.22","C1005","CUMEEIRA TIPO SHED OU RUFO DE FIBROCIMENTO P/TELHA ONDULADA",null,"M",63.83]
["11.3.23","C1006","CUMEEIRA UNIVERSAL DE FIBROCIMENTO P/TELHA ONDULADA",null,"M",53.47]
["11.3.24","C3858","DESMONTAGEM DE TELHAMENTO EM ESTRUTURAS METÁLICAS",null,"M2",11.31]
["11.3.25","C4464","EMBOÇAMENTO DA ÚLTIMA FIADA TELHA CERÂMICA",null,"M",15.29]
["11.3.26","C1363","FECHAMENTO LATERAL C/TELHA DE FIBROCIMENTO ONDULADA E=6mm",null,"M2",54.97]
["11.3.27","C1380","FIXAÇÃO DE TELHAS CANALETE 90-(LINHA DE FIXAÇÃO)",null,"UN",252.06]
["11.3.28","C1381","FIXAÇÃO DE TELHAS KALHETÃO (LINHA DE FIXAÇÃO)",null,"UN",152.44]
["11.3.29","C3859","MONTAGEM DE TELHAMENTO EM ESTRUTURAS METÁLICAS",null,"M2",14.14]
["11.3.30","C2199","RETELHAMENTO C/ OUTROS TIPOS DE TELHA MAT. FIXAÇÃO",null,"M2",55.11]
["11.3.31","C2200","RETELHAMENTO C/ TELHA CERÂMICA  ATE 20% NOVA",null,"M2",56.09]
["11.3.32","C2201","RETELHAMENTO C/ TELHA CERÂMICA COM 50% NOVA",null,"M2",62.48]
["11.3.33","C2203","RETELHAMENTO C/ TELHA FIBROCIMENTO MAT. DE FIXAÇÃO",null,"M2",45.52]
["11.3.34","C2303","TAMPÃO DE FIBROCIMENTO P/TELHA KALHETA DELTA",null,"M",66.6]
["11.3.35","C2304","TAMPÃO DE FIBROCIMENTO P/TELHA KALHETÃO",null,"M",41.42]
["11.3.36","C2305","TAMPÃO E RUFO DE FIBROCIMENTO",null,"M",113.69]
["11.3.37","C4462","TELHA CERÂMICA",null,"M2",75.26]
["11.3.38","C2429","TELHA CERÂMICA TIPO CANAL C/ ESBARRO \"TIMON\"",null,"M2",123.36]
["11.3.39","C2430","TELHA CERÂMICA TIPO RETANGULAR C/ ESBARRO \"TIMOM\"",null,"M2",135.06]
["11.3.40","C2431","TELHA DE AÇO ZINCADA PRÉ-PINTADA INCLINAÇÃO 1%.VAO 10.5m",null,"M2",133.86]
["11.3.41","C2432","TELHA DE AÇO ZINCADA PRÉ-PINTADA INCLINAÇÃO 2.75% VÃO 16m",null,"M2",133.86]
["11.3.42","C2433","TELHA DE AÇO ZINCADA PRÉ-PINTADA INCLINAÇÃO 3%.VÃO 22m",null,"M2",216.43]
["11.3.43","C2434","TELHA DE AÇO ZINCADA PRÉ-PINTADA INCLINAÇÃO 3%.VÃO 24m",null,"M2",236.16]
["11.3.44","C2435","TELHA DE AÇO ZINCADA PRÉ-PINTADA INCLINAÇÃO 3%.VÃO 26m",null,"M2",272.41]
["11.3.45","C2425","TELHA DE ALUMÍNIO C/ MIOLO POLIURETANO, TRAPEZOIDAL + LISA",null,"M2",161.26]
["11.3.46","C2426","TELHA DE ALUMÍNIO C/MIOLO POLIURETANO, TRAPEZOIDAL+TRAPEZOIDAL",null,"M2",161.26]
["11.3.47","C4827","TELHA DE ALUMÍNIO ONDULADA, ESP.=0,7MM",null,"M2",77.85]
["11.3.48","C4554","TELHA DE ALUMÍNIO, TRAPEZOIDAL e = 0,7mm",null,"M2",69.12]
["11.3.49","C2436","TELHA DE CONCRETO COLORIDA INCLINAÇÃO ACIMA DE 30%",null,"M2",60.48]
["11.3.50","C2437","TELHA DE FIBROCIMENTO CANALETE 49 INCLINAÇÃO 3%",null,"M2",135.72]
["11.3.51","C2438","TELHA DE FIBROCIMENTO CANALETE 90 INCLINAÇÃO 3%",null,"M2",179.93]
["11.3.52","C2439","TELHA DE FIBROCIMENTO CANALETE 90 INCLINAÇÃO 9%",null,"M2",182.76]
["11.3.53","C2440","TELHA DE FIBROCIMENTO KALHETA DELTA INCLINAÇÃO 3%",null,"M2",165.87]
["11.3.54","C2441","TELHA DE FIBROCIMENTO KALHETÃO INCLINAÇÃO 3%",null,"M2",149.59]
["11.3.55","C2442","TELHA DE FIBROCIMENTO KALHETÃO INCLINAÇÃO 9%",null,"M2",150.97]
["11.3.56","C2443","TELHA DE FIBROCIMENTO MAXIPLAC E=6mm INCLINAÇÃO 27%",null,"M2",32.17]
["11.3.57","C2444","TELHA DE FIBROCIMENTO MODULADA, INCLINAÇÃO 18%",null,"M2",179.81]
["11.3.58","C2446","TELHA DE FIBROCIMENTO ONDULADA E=6mm EM ARCO",null,"M2",57.48]
["11.3.59","C2445","TELHA DE FIBROCIMENTO ONDULADA E=6mm , INCLINAÇÃO 27%",null,"M2",54.04]
["11.3.60","C3745","TELHA DE FIBROCIMENTO ONDULADA E= 8mm, INCLINAÇÃO 27%",null,"M2",69.69]
["11.3.61","C2447","TELHA DE FIBROCIMENTO VOGATEX, INCLINAÇÃO 27%",null,"M2",20.55]
["11.3.62","C2448","TELHA DE MADEIRA COMPENSADA ONDULADA E=6mm",null,"M2",26.2]
["11.3.63","C2449","TELHA DE POLIESTER REFORÇADO",null,"M2",41.71]
["11.3.64","C2450","TELHA TERMOACÚSTICA TRAPEZOIDAL INCLINAÇÃO 17.6%",null,"M2",165.71]
["11.3.65","C2451","TELHA TIPO ONDULINE EM ESTRUTURA DE MADEIRA",null,"M2",50.47]
["11.3.66","C2452","TELHA TIPO ONDULINE EM ESTRUTURA METÁLICA",null,"M2",85.37]
["11.3.67","C2453","TELHA TRANSPARENTE ONDULADA",null,"M2",75.27]
["11.4","COBERTURA (MADEIRAMENTO E TELHAMENTO)",{"$nulls":3},865]
["11.4.1","C0800","COBERTURA C/TELHA ESTRUTURAL DE FIBRO-CIMENTO, CANALETE 49 C/ APOIOS",null,"M2",183.24]
["11.4.2","C0801","COBERTURA C/TELHA ESTRUTURAL DE FIBRO-CIMENTO, CANALETE 90 C/ APOIOS",null,"M2",200.36]
["11.4.3","C0802","COBERTURA C/TELHA ONDULADA DE FIBRO-CIMENTO E= 6mm ( C/MADEIRAMENTO )",null,"M2",154.07]
["11.4.4","C4465","COBERTURA TELHA CERÂMICA - (RIPA, CAIBRO)",null,"M2",138.95]
["11.4.5","C4466","COBERTURA TELHA CERÂMICA (RIPA, CAIBRO, LINHA)",null,"M2",188.38]
["11.5","DOMOS",{"$nulls":3},4164.31]
["11.5.1","C4370","ABÓBADA DE POLICARBONATO TRANSPARENTE (FORN./MONTAGEM)",null,"M2",634.12]
["11.5.2","C0769","CHAPA POLICARBONATO  ALVEOLAR CRISTAL ESP.= 6mm",null,"M2",134.05]
["11.5.3","C0770","CHAPA POLICARBONATO COMPACTO CRISTAL ESP.= 6mm",null,"M2",550.8]
["11.5.4","C0771","CHAPA POLICARBONATO FUMÊ ESP.= 4mm",null,"M2",101.04]
["11.5.5","C1147","DOMO INDIVIDUAL DE ACRÍLICO",null,"M2",672.73]
["11.5.6","C1148","DOMO INDIVIDUAL DE FIBRA DE VIDRO",null,"M2",533.36]
["11.5.7","C1149","DOMO MODULAR DE ACRÍLICO",null,"M2",728.8]
["11.5.8","C1150","DOMO MODULAR DE FIBRA DE VIDRO",null,"M2",809.41]
["11.6","OUTROS ELEMENTOS",{"$nulls":3},2232.84]
["11.6.1","C3448","BEIRAL DE MADEIRA (1X10)cm",null,"M",34.32]
["11.6.2","C0388","BEIRAL DE MADEIRA DE (2 X 8)cm, INCLUSIVE PINTURA",null,"M",34.64]
["11.6.3","C0657","CALHA DE ALUMÍNIO DESENVOLVIMENTO DE 25cm",null,"M",70.96]
["11.6.4","C0658","CALHA DE CHAPA COBRE 26 DESENVOLVIMENTO 33cm",null,"M",162.83]
["11.6.5","C0659","CALHA DE CHAPA COBRE 26 DESENVOLVIMENTO 50cm",null,"M",195.62]
["11.6.6","C0660","CALHA DE CHAPA GALVANIZADA 26 DESENVOLVIMENTO 33cm",null,"M",69.92]
["11.6.7","C0661","CALHA DE CHAPA GALVANIZADA 26 DESENVOLVIMENTO 50cm",null,"M",89.75]
["11.6.8","C0662","CALHA DE FIBERGLASS ESP.= 2mm  DESENVOLVIMENTO 30cm",null,"M",47.76]
["11.6.9","C4910","CALHA EM CHAPA DE ALUMÍNIO LISA 22, ESP.=0,71MM, INCLUSO TRANSPORTE VERTICAL",null,"M2",176.24]
[]
["11.6.10","C3684","COBERTA EM PALHA DE CARNAÚBA",null,"M2",40.59]
["11.6.11","C3746","ESTACIONAMENTO COBERTO C/ TELHA DE FIBROCIMENTO - VAGA (4,50x2,75)",null,"M2",181.06]
["11.6.12","C1631","LONA PLÁSTICA PRETA, P/SERVIÇOS EM COBERTAS",null,"M2",11.31]
["11.6.13","C2248","RUFO DE CHAPA COBRE 26 DESENVOLVIMENTO 33cm",null,"M",128.73]
["11.6.14","C2249","RUFO DE CHAPA GALVANIZADA 26 DESENVOLVIMENTO 33cm",null,"M",40.55]
["11.6.15","C2250","RUFO DE FIBROCIMENTO",null,"M",109.44]
["11.6.16","C2251","RUFO DE FIBROCIMENTO C/ VEDAÇÃO ELÁSTICA",null,"M",137.35]
["11.6.17","C2252","RUFO DE FIBROCIMENTO P/TELHA MAXIPLAC",null,"M",81.64]
["11.6.18","C2253","RUFO DE FIBROCIMENTO P/TELHA ONDULADA",null,"M",63.83]
["11.6.19","C3652","RUFO/ALGEIROZ EM CONCRETO PRÉ-MOLDADO L=30CM",null,"M",129.06]
["11.6.20","C4911","RUFO EM CHAPA DE ALUMÍNIO LISA 22, ESP.=0,71MM, INCLUSO TRANSPORTE VERTICAL",null,"M2",160.17]
[]
["11.6.21","C2479","TOLDO COM ESTRUTURA METÁLICA",null,"M2",267.07]
["12","IMPERMEABILIZAÇÃO",{"$nulls":3},3241.48]
["12.1","BALDRAMES",{"$nulls":3},98.16]
["12.1.1","C1462","IMPERMEABILIZAÇÃO DE ALVENARIA DE EMBASAMENTO NO RESPALDO C/ARGAMASSA CIMENTO E AREIA S/ PENEIRAMENTO, TRAÇO 1:3, ESP.=2cm C/ ADITIVO IMPERMABILIZANTE",null,"M2",51.12]
[]
["12.1.2","C1466","IMPERMEABILIZAÇÃO HORIZONTAL DE ALICERCES C/MANTA BUTÍLICA EM PAREDES DE 1 ½  TIJOLO",null,"M",47.04]
[]
["12.2","PISOS",{"$nulls":3},131.98]
["12.2.1","C1424","GEOTEXTIL COMO CAMADA  DE DESLIZAMENTO / SEPARAÇÃO OU COMO CAMADA DE BERÇO E/OU AMORTECIMENTO",null,"M2",13.62]
[]
["12.2.2","C1465","IMPERMEABILIZAÇÃO DE ÁREAS SUJEITAS A INFILTRAÇÃO POR LENÇOL FREÁTICO",null,"M2",55.79]
["12.2.3","C1472","IMPERMEABILIZAÇÃO P/ REBAIXO BANHEIRO E COZINHA C/TINTA ASFÁLTICA",null,"M2",19.72]
["12.2.4","C2057","PROTEÇÃO DE SUPERFÍCIES IMPERMEABILIZADAS",null,"M2",42.85]
["12.3","CALHAS",{"$nulls":3},171.9]
["12.3.1","C1458","IMPERMEABILIZAÇÃO C/ IMPERMEABILIZANTE ESTRUTURAL E APLICAÇÃO DE MEMBRANA DE BASE ACRÍLICA",null,"M2",71.22]
[]
["12.3.2","C1463","IMPERMEABILIZAÇÃO DE CALHA, VIGA-CALHA, JARDINEIRA C/MANTA ASFÁLTICA .AUTO-ADESIVA",null,"M2",41.66]
[]
["12.3.3","C1470","IMPERMEABILIZAÇÃO JARDINEIRAS C/ARGAMASSA DE CIMENTO E AREIA S/ PENEIRAMENTO, TRAÇO 1:3 - ESP.= 3cm",null,"M2",59.02]
[]
["12.4","COBERTURAS",{"$nulls":3},708.03]
["12.4.1","C1476","IMPERMEABILIZAÇÃO À BASE DE ELASTÔMEROS  SINTÉTICOS CALANDRADOS E PRÉ-VULCANIZADOS C/ MANTA BUTÍLICA",null,"M2",175.05]
[]
["12.4.2","C1173","IMPERMEABILIZAÇÃO À BASE DE ELASTÔMEROS SINTÉTICOS \"NEOPRENE + HYPALON\"",null,"M2",236.3]
[]
["12.4.3","C1232","IMPERMEABILIZAÇÃO À BASE DE EMULSÃO ASFÁLTICA ESTRUTURADA C/ VÉU DE FIBRA DE VIDRO C/ PINTURA DEFLETIVA",null,"M2",189.66]
[]
["12.4.4","C1459","IMPERMEABLIZAÇÃO C/ APLICAÇÃO DIRETA DE IMPERMEABILIZANTE ESTRUTURAL SEGUIDA DE APLICAÇÃO DE MEMBRANA DE BASE ACRÍLICA",null,"M2",71.22]
[]
["12.4.5","C1779","IMPERMEABILIZAÇÃO DE LAJES C/ MANTA ASFÁLTICA PRÉ-FABRICADA, C/ VÉU DE POLIÉSTER",null,"M2",35.8]
[]
["12.5","RESERVATÓRIOS",{"$nulls":3},279.28]
["12.5.1","C1473","IMPERMEABILIZAÇÃO DE RESERVATÓRIOS E PISCINAS ELEVADAS C/ IMPERMEABILIZANTE ESTRUTURAL C/ APLICAÇÃO DE MEMBRANA ELÁSTICA BI-COMPONENTE",null,"M2",36.66]
[]
["12.5.2","C1475","IMPERMEABILIZAÇÃO DE SUPERFÍCIES INTERNAS DE RESERVATÓRIOS ENTERRADOS",null,"M2",93.99]
["12.5.3","C1469","IMPERMEABILIZAÇÃO INTERNA E EXTERNA P/RESERVATÓRIO ENTERRADO",null,"M2",100.26]
["12.5.4","C1460","IMPERMEABILIZAÇÃO INTERNA C/ CIMENTO IMPERMEABILIZANTE ESTRUTURAL",null,"M2",20.09]
["12.5.5","C1467","IMPERMEABILIZAÇÃO INTERNA DE PISCINAS ENTERRADAS C/CIMENTO IMPERMEABILIZANTE ESTRUTURAL",null,"M2",24.71]
[]
["12.5.6","C2033","PREPARO DE SUPERFÍCIE INTERNA EM RESERVATÓRIOS A SEREM IMPERMEABILIZADOS",null,"M2",3.57]
[]
["12.6","CORTINA",{"$nulls":3},286.57]
["12.6.1","C0667","CAMADA PROTETORA DE SUPERFÍCIES HORIZONTAIS C/ ARGAMASSA DE CIMENTO E AREIA S/ PENEIRAMENTO TRAÇO 1:5 - ESP.= 1 A 2 cm",null,"M2",41.36]
[]
["12.6.2","C0668","CAMADA PROTETORA DE SUPERFÍCIES VERTICAIS C/ PINTURA DE EMULSÃO ASFÁLTICA E ARGAMASSA DE CIMENTO E AREIA S/ PENEIRAMENTO TRAÇO 1:5, ESP.= 1 A 2 cm",null,"M2",51.07]
[]
["12.6.3","C1461","IMPERMEABILIZAÇÃO DE ÁREAS SUJEITAS À UMIDADE C/ APLICAÇÃO DE DUAS DEMÃOS DE IMPERMEABILIZANTE ESTRUTURAL DILUÍDO C/ ÁGUA E EMULSÃO ADESIVA TRAÇO 12:4:1",null,"M2",14.58]
[]
["12.6.4","C2188","REGULARIZAÇÃO DE SUPERFÍCIES HORIZONTAIS E VERTICAIS C/ ARGAMASSA DE CIMENTO E AREIA S/ PENEIRAMENTO, TRAÇO 1:3, ESP.= 6cm P/ APLICAÇÃO DE IMPERMEABILIZAÇÃO",null,"M2",67.93]
[]
["12.6.5","C2217","REVESTIMENTO DE SUPERFÍCIE HORIZONTAL OU VERTICAL C/ARGAMASSA DE CIMENTO E AREIA S/ PENEIRAMENTO TRAÇO 1:3, ESP.= 5cm",null,"M2",111.63]
[]
["12.7","OUTROS ELEMENTOS",{"$nulls":3},354.67]
["12.7.1","C4723","IMPERMEABILIZAÇÃO À BASE DE ARGAMASSA POLIMÉRICA E RESINA EPOXI(SUPERFÍCIES EM CONTATO DIRETO COM ÁGUA RESIDUÁRIAS OU CONTATO COM GASES                                                                                                                                                  ",null,"M2",56.95]
[]
["12.7.2","C4722","IMPERMEABILIZAÇÃO À BASE DE ARGAMASSA POLIMÉRICA, RESINA TERMOPLÁSTICA E TELA DE POLIESTER MALHA 2X2MM (SUPERFÍCIE EM CONTATO DIRETO COM A ÁGUA)",null,"M2",43.42]
[]
["12.7.3","C4724","IMPERMEABILIZAÇÃO À BASE DE ARGAMASSA POLIMÉRICA (LAJE DE RESERVATÓRIO SOB AÇÃO DE GASES)",null,"M2",8.13]
[]
["12.7.4","C2841","IMPERMEABILIZAÇÃO C/ ARGAMASSA DE  CIMENTO E AREIA 1:3 ADITIVADA, ESP.= 2.50cm",null,"M2",46.13]
[]
["12.7.5","C2842","IMPERMEABILIZAÇÃO C/ CIMENTO CRISTALIZANTE, BASE ACRÍLICA",null,"M2",70.23]
["12.7.6","C2843","IMPERMEABILIZAÇÃO C/ EMULSÃO ASFÁLTICA CONSUMO 2kg/m²",null,"M2",40.58]
["12.7.7","C3444","IMPERMEABILIZAÇÃO C/ SIKA E IGOL P/ CX. D´ÁGUA",null,"M2",68.27]
["12.7.8","C4021","IMPERMEABILIZAÇÃO DE ACABAMENTO C/ HEYDICRYL PLUS, COR BRANCA, CONSUMO 3,0 KG/M2, REFORÇADA C/ TELA",null,"M2",20.96]
[]
["12.8","IMPERMEABILIZAÇÃO UTILIZANDO MANTA ASFÁLTICA (ABNT NBR 9952:2014)",{"$nulls":3},1210.89]
["12.8.1","C5013","IMPERMEABILIZAÇÃO COM MANTA ASFÁLTICA, CLASSE B, ESTRUTURADA COM POLIESTER NÃO TECIDO, FACE EXPOSTA EM ALUMÍNIO, TIPO II, E=3MM\n",null,"M2",65.47]
[]
["12.8.2","C5014","IMPERMEABILIZAÇÃO COM MANTA ASFÁLTICA, CLASSE B, ESTRUTURADA COM POLIESTER NÃO TECIDO, FACE EXPOSTA EM ALUMÍNIO, TIPO II, E=4MM\n",null,"M2",79.31]
[]
["12.8.3","C5015","IMPERMEABILIZAÇÃO COM MANTA ASFÁLTICA, CLASSE B, ESTRUTURADA COM POLIESTER NÃO TECIDO, FACE EXPOSTA EM ALUMÍNIO, TIPO III, E=3MM\n",null,"M2",72.35]
[]
["12.8.4","C5016","IMPERMEABILIZAÇÃO COM MANTA ASFÁLTICA, CLASSE B, ESTRUTURADA COM POLIESTER NÃO TECIDO, FACE EXPOSTA EM ALUMÍNIO, TIPO III, E=4MM\n",null,"M2",83.46]
[]
["12.8.5","C5017","IMPERMEABILIZAÇÃO COM MANTA ASFÁLTICA, CLASSE B, ESTRUTURADA COM POLIESTER NÃO TECIDO, FACES EM POLIETILENO, TIPO II, E=3MM",null,"M2",62.7]
[]
["12.8.6","C5018","IMPERMEABILIZAÇÃO COM MANTA ASFÁLTICA, CLASSE B, ESTRUTURADA COM POLIESTER NÃO TECIDO, FACES EM POLIETILENO, TIPO II, E=4MM",null,"M2",71.64]
[]
["12.8.7","C5019","IMPERMEABILIZAÇÃO COM MANTA ASFÁLTICA, CLASSE B, ESTRUTURADA COM POLIESTER NÃO TECIDO, FACES EM POLIETILENO, TIPO III, E=3MM",null,"M2",66.86]
[]
["12.8.8","C5020","IMPERMEABILIZAÇÃO COM MANTA ASFÁLTICA, CLASSE B, ESTRUTURADA COM POLIESTER NÃO TECIDO, FACES EM POLIETILENO, TIPO III, E=4MM",null,"M2",75.87]
[]
["12.8.9","C5021","IMPERMEABILIZAÇÃO COM MANTA ASFÁLTICA, CLASSE B, ESTRUTURADA COM POLIESTER NÃO TECIDO, FACES EM POLIETILENO, TIPO IV, E=3MM",null,"M2",72.96]
[]
["12.8.10","C5022","IMPERMEABILIZAÇÃO COM MANTA ASFÁLTICA, CLASSE B, ESTRUTURADA COM POLIESTER NÃO TECIDO, FACES EM POLIETILENO, TIPO IV, E=4MM",null,"M2",84.83]
[]
["12.8.11","C5023","IMPERMEABILIZAÇÃO COM MANTA ASFÁLTICA, CLASSE B, EM DUAS CAMADAS TIPO II, E=3MM E E=4MM",null,"M2",130.37]
[]
["12.8.12","C5024","IMPERMEABILIZAÇÃO COM MANTA ASFÁLTICA, CLASSE B, EM DUAS CAMADAS, TIPO II DE E=3MM E TIPO III DE E=4MM",null,"M2",134.61]
[]
["12.8.13","C5029","IMPERMEABILIZAÇÃO COM MANTA ASFÁLTICA, CLASSE B, EM DUAS CAMADAS TIPO III, E=3MM E E=4MM",null,"M2",138.77]
[]
["12.8.14","C5025","PROTEÇÃO MECÂNICA, COM ARGAMASSA DE CIMENTO E AREIA TRAÇO 1:4, E=2CM",null,"M2",34.83]
["12.8.15","C5026","PROTEÇÃO MECÂNICA, COM CAMADA SEPARADORA DE FILME DE POLIETILENO, COM ARGAMASSA DE CIMENTO E AREIA TRAÇO 1:4, E=2CM",null,"M2",36.86]
[]
["13","PROTEÇÃO TÉRMICA",{"$nulls":3},1141.09]
["13.1","ISOLAMENTO DE PAREDES",{"$nulls":3},324.87]
["13.1.1","C1505","ISOLAMENTO TÉRMICO C/PAINEL DE FIBRA DE VIDRO FLEXÍVEL ESP.=50mm FIXADO COM ADESIVO HIDRO-ASFÁLTICO",null,"M2",63.65]
[]
["13.1.2","C1503","ISOLAMENTO TÉRMICO C/PAINEL DE FIBRA DE VIDRO RÍGIDO ESP.= 25mm FIXADO COM ASFALTO OXIDADO (MODIFICADO)",null,"M2",91.23]
[]
["13.1.3","C1506","ISOLAMENTO TÉRMICO C/PAINEL DE FIBRA DE VIDRO SEMI-RÍGIDO ESP.= 50mm FIXADO C/ARAME E TELA",null,"M2",71.81]
[]
["13.1.4","C1504","ISOLAMENTO TÉRMICO C/TIJOLO CERÂMICO FURADO (30X20X10)cm",null,"M2",98.18]
["13.2","ISOLAMENTO DE COBERTURAS E LAJES",{"$nulls":3},676.88]
["13.2.1","C1500","ISOLAMENTO TÉRMICO C/ARGILA EXPANDIDA AGLOMERADA ESP.= 20cm",null,"M2",175.27]
["13.2.2","C1508","ISOLAMENTO TÉRMICO C/LAJOTAS PRE-MOLDADAS DE CONCRETO",null,"M2",87.78]
["13.2.3","C1510","ISOLAMENTO TÉRMICO C/PEDRA BRITADA SOLTA ESP.= 25cm, SOBRE ARGAMASA DE PROTEÇÃO P/IMPERMEABILIZAÇÃO",null,"M2",41.85]
[]
["13.2.4","C1511","ISOLAMENTO TÉRMICO C/PLACAS DE CONCRETO CELULAR ESP.= 5cm",null,"M2",97.48]
["13.2.5","C1512","ISOLAMENTO TÉRMICO C/PLACAS DE POLIESTIRENO EXPANDIDO ESP.= 5cm",null,"M2",49.73]
["13.2.6","C1513","ISOLAMENTO TÉRMICO C/VERMICULITA AGLOMERADA C/CIMENTO E AREIA ESP.= 15cm",null,"M2",224.77]
[]
["13.3","ISOLAMENTO DE TUBOS DE AÇO",{"$nulls":3},139.34]
["13.3.1","C3717","ISOLAMENTO TÉRMICO COM POLIESTIRENO EXPANDIDO (ISOPOR) EM TUBO DE AÇO PRETO  DE 2\"",null,"M",59.15]
[]
["13.3.2","C3718","ISOLAMENTO TÉRMICO COM POLIESTIRENO EXPANDIDO (ISOPOR) EM TUBO DE AÇO PRETO  DE 2 1/2\"",null,"M",80.19]
[]
["14","REVESTIMENTOS",{"$nulls":3},11377.66]
["14.1","ARGAMASSAS PARA PAREDES INTERNAS E EXTERNAS",{"$nulls":3},1662.64]
["14.1.1","C0776","CHAPISCO C/ ARGAMASSA DE CIMENTO E AREIA S/PENEIRAR TRAÇO 1:3  ESP.= 5mm P/ PAREDE",null,"M2",7.96]
[]
["14.1.2","C0777","CHAPISCO C/ ARGAMASSA DE CIMENTO E PEDRISCO TRAÇO 1:4  ESP.= 7mm P/ PAREDE",null,"M2",12.97]
[]
["14.1.3","C1220","EMBOÇO C/ ARGAMASSA DE CIMENTO E AREIA S/ PENEIRAR, TRAÇO 1:3",null,"M2",41.26]
["14.1.4","C1221","EMBOÇO C/ ARGAMASSA DE CIMENTO E AREIA S/ PENEIRAR, TRAÇO 1:4",null,"M2",39.54]
["14.1.5","C1226","EMBOÇO C/ ARGAMASSA DE CIMENTO E AREIA S/ PENEIRAR, TRAÇO 1:5",null,"M2",38.5]
["14.1.6","C3245","EMBOÇO C/ ARGAMASSA DE CIMENTO E AREIA S/ PENEIRAR, TRAÇO 1:6",null,"M2",37.81]
["14.1.7","C3246","EMBOÇO C/ ARGAMASSA DE CIMENTO E AREIA S/ PENEIRAR, TRAÇO 1:7",null,"M2",37.31]
["14.1.8","C1211","EMBOÇO C/ ARGAMASSA DE CIMENTO, ARENOSO E AREIA S/PENEIRAR TRAÇO 1:7:3  ESP.= 20mm P/ PAREDE",null,"M2",37.34]
[]
["14.1.9","C3023","EMBOÇO C/ ARGAMASSA DE CIMENTO E AREIA PENEIRADA, TRAÇO 1:3",null,"M2",50.35]
["14.1.10","C3029","EMBOÇO C/ ARGAMASSA DE CIMENTO E AREIA PENEIRADA, TRAÇO 1:4",null,"M2",48.64]
["14.1.11","C3080","EMBOÇO C/ ARGAMASSA DE CIMENTO E AREIA PENEIRADA, TRAÇO 1:5",null,"M2",47.6]
["14.1.12","C3120","EMBOÇO C/ ARGAMASSA DE CIMENTO E AREIA PENEIRADA, TRAÇO 1:6",null,"M2",46.9]
["14.1.13","C3122","EMBOÇO C/ ARGAMASSA DE CIMENTO E AREIA PENEIRADA, TRAÇO 1:7",null,"M2",46.41]
["14.1.14","C1212","EMBOÇO C/ ARGAMASSA MISTA DE CIMENTO, CAL EM PASTA E AREIA S/PENEIRAR TRAÇO 1:1.5:9  ESP.= 20mm P/ PAREDE",null,"M2",39.84]
[]
["14.1.15","C1213","EMBOÇO C/ ARGAMASSA MISTA DE CIMENTO, CAL HIDRATADA E AREIA S/PENEIRAR TRAÇO 1:2:9  ESP.= 20mm P/ PAREDE",null,"M2",39.77]
[]
["14.1.16","C1238","ENCHIMENTO DE RASGO C/ARGAMASSA DIAM.= 15 A 25mm (1/2\" A 1\")",null,"M",6.11]
["14.1.17","C1239","ENCHIMENTO DE RASGO C/ARGAMASSA DIAM.= 32 A 50mm (1 1/4\" A 2\")",null,"M",8.57]
["14.1.18","C1240","ENCHIMENTO DE RASGO C/ARGAMASSA DIAM.= 65 A100mm  (2 1/2\" A 4\")",null,"M",13.58]
["14.1.19","C1245","ENTELAMENTO CORRETIVO DE SUPERFÍCIE C/TRINCA P/RETRAÇÃO OU DILATAÇÃO TELA LARG.=15cm REF. CENT.LARG.=5cm",null,"M",21.62]
[]
["14.1.20","C1247","ENTELAMENTO PREVENTIVO DE SUPERFÍCIE SUJEITA A TRINCAS P/RETRAÇÃO OU DILATAÇÃO TELA LARG.= 25cm",null,"M",6.51]
[]
["14.1.21","C3545","MUTIRÃO MISTO - CHAPISCO C/ARGAMASSA DE CIMENTO E PEDRISCO TRAÇO 1:4  ESP.=7mm P/PAREDE",null,"M2",7.78]
[]
["14.1.22","C3546","MUTIRÃO MISTO - REBOCO C/ ARGAMASSA DE CAL TRAÇO 1:4 P/PAREDE",null,"M2",17.43]
["14.1.23","C4831","REBOCO ACÚSTICO C/VERMICULITA AGLOMERADA C/CIMENTO E AREIA ESP=25MM",null,"M2",125.91]
["14.1.24","C2110","REBOCO C/ACABAMENTO.LISO.C/ARGAMASSA DE CIMENTO E AREIA PENEIRADA E ADITIVO IMPERMEABILIZANTE TRAÇO 1:1.5 ESP=5 mm",null,"M2",45.53]
[]
["14.1.25","C2121","REBOCO C/ARGAMASSA DE CAL EM PASTA E AREIA PENEIRADA TRAÇO 1:3  ESP=5 mm P/PAREDE",null,"M2",28.69]
[]
["14.1.26","C2122","REBOCO C/ARGAMASSA DE CAL EM PASTA E AREIA PENEIRADA TRAÇO 1:4  ESP=5 mm P/PAREDE",null,"M2",28.24]
[]
["14.1.27","C2123","REBOCO C/ARGAMASSA DE CAL HIDRATADA E AREIA PENEIRADA TRAÇO 1:3  ESP=5 mm P/PAREDE",null,"M2",28.28]
[]
["14.1.28","C3408","REBOCO C/ ARGAMASSA DE CIMENTO E AREIA S/ PENEIRAR, TRAÇO 1:3",null,"M2",44.5]
["14.1.29","C3409","REBOCO C/ ARGAMASSA DE CIMENTO E AREIA S/ PENEIRAR, TRAÇO 1:4",null,"M2",42.36]
["14.1.30","C3124","REBOCO C/ ARGAMASSA DE CIMENTO E AREIA S/ PENEIRAR, TRAÇO 1:5",null,"M2",41.06]
["14.1.31","C3407","REBOCO C/ ARGAMASSA DE CIMENTO E AREIA S/ PENEIRAR, TRAÇO 1:6",null,"M2",40.19]
["14.1.32","C3162","REBOCO C/ ARGAMASSA DE CIMENTO E AREIA S/ PENEIRAR, TRAÇO 1:7",null,"M2",39.57]
["14.1.33","C3028","REBOCO C/ ARGAMASSA DE CIMENTO E AREIA PENEIRADA, TRAÇO 1:3",null,"M2",55.88]
["14.1.34","C3037","REBOCO C/ ARGAMASSA DE CIMENTO E AREIA PENEIRADA, TRAÇO 1:4",null,"M2",53.73]
["14.1.35","C3087","REBOCO C/ ARGAMASSA DE CIMENTO E AREIA PENEIRADA, TRAÇO 1:5",null,"M2",52.43]
["14.1.36","C3121","REBOCO C/ ARGAMASSA DE CIMENTO E AREIA PENEIRADA, TRAÇO 1:6",null,"M2",51.56]
["14.1.37","C3123","REBOCO C/ ARGAMASSA DE CIMENTO E AREIA PENEIRADA, TRAÇO 1:7",null,"M2",50.94]
["14.1.38","C2126","REBOCO C/ARGAMASSA PRÉ-FABRICADA ESP=5 mm P/ PAREDE",null,"M2",32.81]
["14.1.39","C4002","REBOCO C/ ARGAMASSA PRÉ-FABRICADA ESP=20 mm P/ PAREDE",null,"M2",62.83]
["14.1.40","C2108","REBOCO C/ARGAMASSA PRÉ-FABRICADA,  ADESIVO DE ALTA RESISTÊNCIA P/TINTA EPÓXI ESP= 5mm P/PAREDE",null,"M2",37.69]
[]
["14.1.41","C2127","REBOCO COM BARITA ESP.=1CM",null,"M2",107.76]
["14.1.42","C4510","REBOCO DE GESSO SOBRE BLOCO DE CONCRETO E/OU TIJOLO CERÂMICO - FORNECIMENTO E EXECUÇÃO",null,"M2",21.69]
[]
["14.1.43","C4509","REBOCO DE GESSO SOBRE GESSO E/OU EMBOÇO - FORNECIMENTO E EXECUÇÃO",null,"M2",16.89]
["14.1.44","C2205","RETIRADA DE AZULEJOS DAS CAIXAS E IMERSÃO EM ÁGUA",null,"M2",0.3]
["14.2","ACABAMENTOS DE PAREDES INTERNAS E EXTERNAS",{"$nulls":3},7427.35]
["14.2.1","C0007","ACABAMENTO INTERNO E EXTERNO EM PAREDE DE CONCRETO C/CIMENTO  ESP= 2 mm",null,"M2",15.9]
[]
["14.2.2","C0334","AZULEJOS JUNTA A PRUMO C/ARGAMASSA MISTA CIMENTO,  CAL HIDRATADA .E AREIA TRAÇO 1:2:8",null,"M2",138.85]
[]
["14.2.3","C0335","AZULEJOS JUNTA A PRUMO C/ARGAMASSA DE CAL EM PASTA E AREIA TRAÇO 1:3.C/100KG DE CIMENTO",null,"M2",137.92]
[]
["14.2.4","C0336","AZULEJOS JUNTA À PRUMO C/CIMENTO COLANTE",null,"M2",67.23]
["14.2.5","C0337","AZULEJOS JUNTA À PRUMO C/COLA A BASE DE PVA",null,"M2",80.07]
["14.2.6","C0338","AZULEJOS JUNTA AMARRADA C/ARGAMASSA MISTA CIMENTO, CAL HIDRATADA E AREIA TRAÇO 1:2:8",null,"M2",128.11]
[]
["14.2.7","C0339","AZULEJOS JUNTA AMARRADA C/ARGAMASSA DE CAL VIRGEM E AREIA TRAÇO 1:3.C/100Kg DE CIMENTO",null,"M2",126.87]
[]
["14.2.8","C0340","AZULEJOS JUNTA AMARRADA C/CIMENTO COLANTE",null,"M2",64.81]
["14.2.9","C0341","AZULEJOS JUNTA AMARRADA C/COLA À BASE DE PVA",null,"M2",77.38]
["14.2.10","C0342","AZULEJOS JUNTA DIAGONAL C/ARGAMASSA DE CAL EM PASTA E AREIA TRAÇO 1:3 C/100KG DE CIMENTO",null,"M2",164.48]
[]
["14.2.11","C0343","AZULEJOS JUNTA DIAGONAL C/ARGAMASSA MISTA CIMENTO, CAL HIDRATADA E AREIA TRAÇO 1:2:8",null,"M2",165.71]
[]
["14.2.12","C0344","AZULEJOS JUNTA DIAGONAL C/CIMENTO COLANTE",null,"M2",72.06]
["14.2.13","C0345","AZULEJOS JUNTA DIAGONAL C/COLA A BASE DE PVA",null,"M2",86.78]
["14.2.14","C0674","CANTONEIRA DE ALUMÍNIO P/ AZULEJOS",null,"M",29.03]
["14.2.15","C4832","CANTONEIRA DE ALUMÍNIO 1 1/4\" X 1 1/4\"",null,"M",41.33]
["14.2.16","C4431","CERÂMICA ESMALTADA C/ ARG. CIMENTO E AREIA ATÉ 10x10cm (100 cm²) - DECORATIVA P/ PAREDE",null,"M2",132.07]
[]
["14.2.17","C4432","CERÂMICA ESMALTADA RETIFICADA C/ ARG. CIMENTO E AREIA ATÉ 30x30cm (900 cm²) - PEI-5/PEI-4 P/ PAREDE",null,"M2",113.84]
[]
["14.2.18","C4434","CERÂMICA ESMALTADA RETIFICADA C/ ARG. CIMENTO E AREIA ACIMA DE 30x30cm (900 cm²) - PEI-5/PEI-4 P/ PAREDE",null,"M2",143.49]
[]
["14.2.19","C4442","CERÂMICA ESMALTADA C/ ARG. PRÉ-FABRICADA ATÉ 10x10cm (100cm²) - DECORATIVA - P/ PAREDE",null,"M2",90.38]
[]
["14.2.20","C4443","CERÂMICA ESMALTADA RETIFICADA C/ ARG. PRÉ-FABRICADA ATÉ 30x30cm (900cm²) - PEI-5/PEI-4 - P/ PAREDE",null,"M2",76.99]
[]
["14.2.21","C4445","CERÂMICA ESMALTADA RETIFICADA C/ ARG. PRÉ-FABRICADA ACIMA DE 30x30cm (900cm²) - PEI-5/PEI-4 - P/ PAREDE",null,"M2",111.48]
[]
["14.2.22","C0766","CERÂMICA VERMELHA (7.5X15)cm C/ARGAMASSA MISTA CIMENTO CAL HIDRATADA E AREIA",null,"M2",101.71]
[]
["14.2.23","C0782","CHAPISCO MECÂNICO DE ADÔRNO",null,"M2",22.23]
["14.2.24","C1367","FILETE DE GRANITO LARG.= 4cm",null,"M",31.43]
["14.2.25","C4411","PASTILHA (5x5)cm EM CORES, COM ARGAMASSA PRÉ-FABRICADA",null,"M2",160.32]
["14.2.26","C1849","PASTILHAS DE PORCELANA C/ARGAMASSA PRÉ-FABRICADA",null,"M2",190.13]
["14.2.27","C1850","PASTILHAS DE PORCELANA EM SUPERFÍCIES CURVAS",null,"M2",204.27]
["14.2.28","C1851","PASTILHAS DE PORCELANA C/ARGAMASSA MISTA CIMENTO, CAL HIDRATADA E AREIA TRAÇO 1:3:9",null,"M2",214.4]
[]
["14.2.29","C1853","PASTILHAS DE PORCELANA C/CIMENTO COLANTE INCLUSIVE LIMPEZA",null,"M2",163.67]
["14.2.30","C1861","PASTILHAS DE PORCELANA EM FAIXAS ATÉ 40cm DE LARGURA C/ARGAMASSA PRÉ-FABRICADA",null,"M2",162.11]
[]
["14.2.31","C1857","PASTILHAS DE PORCELANA EM FAIXAS DE ATÉ 4cm, C/ARGAMASSA MISTA DE CIMENTO, CAL HIDRATADA E AREIA",null,"M",29.85]
[]
["14.2.32","C1856","PASTILHAS DE PORCELANA EM FAIXAS DE 5 A 14cm, C/ARGAMASSA MISTA DE CIMENTO, CAL HIDRATADA E AREIA",null,"M",49.41]
[]
["14.2.33","C1854","PASTILHAS DE PORCELANA EM FAIXAS DE 15 A 24cm, C/ARGAMASSA MISTA DE CIMENTO, CAL HIDRATADA E AREIA",null,"M",66.99]
[]
["14.2.34","C1855","PASTILHAS DE PORCELANA EM FAIXAS DE 25 A 40cm, C/ARGAMASSA MISTA DE CIMENTO, CAL HIDRATADA  E AREIA",null,"M",94.68]
[]
["14.2.35","C1858","PASTILHAS DE PORCELANA EM SUPERFICIES CURVAS",null,"M2",249.5]
["14.2.36","C1801","PASTILHA DE VIDRO (MOSAICO VIDROSO) 2X2CM C/ARGAMASSA MISTA CIMENTO,CAL E AREIA  TRAÇO 1:1:6  INCLUSIVE. LIMPEZA",null,"M2",418.91]
[]
["14.2.37","C1866","PEDRAS NATURAIS DECORATIVAS POLIDAS, C/ARGAMASSA MISTA CIMENTO CAL HIDRATADA E AREIA",null,"M2",79.01]
[]
["14.2.38","C1867","PEDRAS NATURAIS DECORATIVAS, C/ARGAMASSA MISTA CIMENTO. CAL HIDRATADA E AREIA",null,"M2",72.7]
[]
["14.2.39","C1877","PERFIL DE ALUMÍNIO TIPO ( L- T- U )",null,"M",32.61]
["14.2.40","C1904","PINGADOR METÁLICO/ALUMÍNIO ( 1 X 1)cm  P/ FACHADAS",null,"M",26.25]
["14.2.41","C1936","PLACAS DE MÁRMORE PADRONIZADO C/CIMENTO COLANTE",null,"M2",283.8]
["14.2.42","C4436","PORCELANATO RETIFICADO NATURAL (FOSCO) C/ ARG. CIMENTO E AREIA P/ PAREDE",null,"M2",175.9]
["14.2.43","C4447","PORCELANATO RETIFICADO NATURAL (FOSCO) C/ ARG. PRÉ-FABRICADA - P/ PAREDE",null,"M2",143.89]
["14.2.44","C4435","PORCELANATO RETIFICADO POLIDO C/ ARG. CIMENTO E AREIA P/ PAREDE",null,"M2",162.85]
["14.2.45","C4446","PORCELANATO RETIFICADO POLIDO C/ ARG. PRÉ-FABRICADA - P/ PAREDE",null,"M2",130.84]
["14.2.46","C1102","REJUNTAMENTO C/ ARG. PRÉ-FABRICADA, JUNTA ATÉ 2mm EM CERÂMICA, ATÉ 10x10 cm (100 cm²) - DECORATIVA (PAREDE/PISO)",null,"M2",15.18]
[]
["14.2.47","C1120","REJUNTAMENTO C/ ARG. PRÉ-FABRICADA, JUNTA ATÉ 2mm EM CERÂMICA, ATÉ 30x30 cm (900 cm²) (PAREDE/PISO)",null,"M2",10.95]
[]
["14.2.48","C1123","REJUNTAMENTO C/ ARG. PRÉ-FABRICADA, JUNTA ATÉ 2mm EM CERÂMICA, ACIMA DE 30x30 cm (900 cm²) E PORCELANATOS (PAREDE/PISO)",null,"M2",10.53]
[]
["14.2.49","C1126","REJUNTAMENTO C/ ARG. PRÉ-FABRICADA, JUNTA ENTRE 2mm E 6mm EM CERÂMICA, ATÉ 10x10 cm (100 cm²) - DECORATIVA (PAREDE/PISO)",null,"M2",21.69]
[]
["14.2.50","C1129","REJUNTAMENTO C/ ARG. PRÉ-FABRICADA, JUNTA ENTRE 2mm E 6mm EM CERÂMICA, ATÉ 30x30 cm (900 cm²) (PAREDE/PISO)",null,"M2",13.25]
[]
["14.2.51","C1427","REJUNTAMENTO C/ ARG. PRÉ-FABRICADA, JUNTA ENTRE 2mm E 6mm EM CERÂMICA, ACIMA DE 30x30 cm (900 cm²) E PORCELANATOS (PAREDE/PISO)",null,"M2",12.2]
[]
["14.2.52","C2058","REJUNTAMENTO C/ ARG. PRÉ-FABRICADA, JUNTA ENTRE 6mm E 10mm EM CERÂMICA, ATÉ 10x10 cm (100 cm²) - DECORATIVA (PAREDE/PISO)",null,"M2",28.2]
[]
["14.2.53","C2780","REJUNTAMENTO C/ ARG. PRÉ-FABRICADA, JUNTA ENTRE 6mm E 10mm EM CERÂMICA, ATÉ 30x30 cm (900 cm²) (PAREDE/PISO)",null,"M2",15.55]
[]
["14.2.54","C2828","REJUNTAMENTO C/ ARG. PRÉ-FABRICADA, JUNTA ENTRE 6mm E 10mm EM CERÂMICA, ACIMA DE 30x30 cm (900 cm²) E PORCELANATOS (PAREDE/PISO)",null,"M2",13.87]
[]
["14.2.55","C2190","REJUNTAMENTO P/AZULEJO C/ARGAMASSA PRÉ FABRICADA  ESP.= 3mm",null,"M2",14.12]
["14.2.56","C2191","REJUNTAMENTO P/AZULEJO C/CIMENTO BRANCO ESP.= 3mm",null,"M2",11.88]
["14.2.57","C2103","REJUNTAMENTO P/CERÂMICA C/ L-FLEX E EPOXI (PAREDE/PISO)",null,"M2",60.82]
["14.2.58","C2212","REVESTIMENTO C/CARPETE ESP= 4mm",null,"M2",54.47]
["14.2.59","C2223","REVESTIMENTO C/CHAPAS FIBROCIMENTO SOBRE CAIBROS VERTICAIS",null,"M2",87.76]
["14.2.60","C2224","REVESTIMENTO C/CHAPAS FIBROCIMENTO SOBRE PERFIS ESTRUTURAIS ESP.= 35mm",null,"M2",95.87]
["14.2.61","C2225","REVESTIMENTO C/CHAPAS FIBROCIMENTO SOBRE PERFIS ESTRUTURAIS ESP.= 50mm",null,"M2",123.27]
["14.2.62","C2226","REVESTIMENTO C/CHAPAS FIBROCIMENTO SOBRE PERFIS ESTRUTURAIS TIPO \" I \" ",null,"M2",79.04]
["14.2.63","C2227","REVESTIMENTO C/CHAPAS FIBROCIMENTO SOBRE SARRAFOS",null,"M2",108.78]
["14.2.64","C2228","REVESTIMENTO C/CHAPAS FIBROCIMENTO SOBRE SARRAFOS VERTICAIS",null,"M2",118.42]
["14.2.65","C2216","REVESTIMENTO C/LAMINADO MELAMÍNICO COLADO",null,"M2",76.87]
["14.2.66","C2213","REVESTIMENTO C/CORTIÇA ESP= 12mm",null,"M2",150.82]
["14.2.67","C2218","REVESTIMENTO C/PEDRAS GRANÍTICAS",null,"M2",159.64]
["14.2.68","C2214","REVESTIMENTO C/QUARTZOLITE",null,"M2",32.86]
["14.2.69","C2221","REVESTIMENTO INTERNO C/PAPEL DE PAREDE",null,"M2",50.05]
["14.2.70","C2222","REVESTIMENTO METÁLICO, TIPO \"REYNOBOND\" DUAS CHAPAS",null,"M2",601.49]
["14.2.71","C4128","TIJOLINHO APARENTE 6,50x18cm C/ ARGAMASSA DE CIMENTO E AREIA 1:3",null,"M2",127.53]
["14.3","ARGAMASSAS PARA TETOS",{"$nulls":3},504.81]
["14.3.1","C0778","CHAPISCO C/ ARGAMASSA DE CIMENTO E AREIA  S/ PENEIRAR TRAÇO 1:3  ESP=5 mm P/ TETO",null,"M2",15.67]
[]
["14.3.2","C0779","CHAPISCO C/ PASTA DE CIMENTO COLANTE P/ TETO",null,"M2",11.03]
["14.3.3","C0781","CHAPISCO C/ ARGAMASSA DE CIMENTO E AREIA S/ PENEIRAR TRAÇO 1:4 P/ TETO",null,"M2",15.16]
["14.3.4","C3034","REBOCO C/ ARGAMASSA MISTA DE CIMENTO, CAL HIDRATADA E AREIA S/ PENEIRAR, TRAÇO 1:2:8, ESP=20 mm P/ TETO",null,"M2",45.15]
[]
["14.3.5","C1218","EMBOÇO C/ ARGAMASSA MISTA DE CIMENTO, CAL HIDRATADA E AREIA S/ PENEIRAR TRAÇO 1:2:9  ESP=20 mm P/ TETO",null,"M2",44.48]
[]
["14.3.6","C1217","EMBOÇO C/ ARGAMASSA MISTA CIMENTO, CAL HIDRATADA E AREIA S/ PENEIRAR TRAÇO 1:2:11 ESP=20 mm P/ TETO",null,"M2",42.28]
[]
["14.3.7","C2111","REBOCO C/ ARGAMASSA DE CAL EM PASTA E AREIA PENEIRADA TRAÇO 1:2  ESP=5 mm P/ TETO",null,"M2",33.51]
[]
["14.3.8","C2107","REBOCO  C/ ARGAMASSA DE CAL EM PASTA E AREIA PENEIRADA TRAÇO 1:1.5  ESP=5 mm P/ TETO",null,"M2",33.71]
[]
["14.3.9","C2112","REBOCO C/ ARGAMASSA DE CAL EM PASTA E AREIA PENEIRADA TRAÇO 1:3  ESP=5 mm P/ TETO",null,"M2",33.41]
[]
["14.3.10","C2113","REBOCO C/ ARGAMASSA DE CAL EM PASTA E AREIA PENEIRADA TRAÇO 1:4  ESP=5 mm P/ TETO",null,"M2",33.17]
[]
["14.3.11","C2116","REBOCO C/ ARGAMASSA DE CAL HIDRATADA E AREIA PENEIRADA TRAÇO 1:3  ESP=5 mm P/ TETO",null,"M2",33.19]
[]
["14.3.12","C2125","REBOCO C/ ARGAMASSA DE CAL HIDRATADA E AREIA PENEIRADA, TRAÇO 1:4.5  ESP=5 mm P/ TETO",null,"M2",32.4]
[]
["14.3.13","C3032","REBOCO  C/ ARGAMASSA DE CAL HIDRATADA E AREIA S/ PENEIRAR, TRAÇO 1:3, C/ 100 KG DE CIMENTO E ESP=20 mm P/ TETO",null,"M2",45.15]
[]
["14.3.14","C3033","REBOCO C/ ARGAMASSA DE CAL HIDRATADA E AREIA S/ PENEIRAR TRAÇO 1:4, C/ 100 KG DE CIMENTO E ESP=20 mm P/ TETO",null,"M2",43.98]
[]
["14.3.15","C3035","REBOCO C/ ARGAMASSA DE CIMENTO E AREIA S/ PENEIRAR TRAÇO 1:6, ESP=20 mm P/ TETO",null,"M2",42.52]
[]
["14.4","ACABAMENTOS PARA TETOS",{"$nulls":3},1782.86]
["14.4.1","C4479","FORRO ACÚSTICO EM PLACAS DE FIBRA MINERAL C/PERFIL \"T\" EM AÇO - FORNECIMENTO E MONTAGEM",null,"M2",120.58]
[]
["14.4.2","C4480","FORRO ACÚSTICO EM PLACAS DE FIBRA MINERAL C/PERFIL \"T\" EM ALUMÍNIO - FORNECIMENTO E MONTAGEM",null,"M2",101.88]
[]
["14.4.3","C4481","FORRO ACÚSTICO EM PLACAS DE FIBRA MINERAL C/PERFIL \"CARTOLA\" EM ALUMÍNIO - FORNECIMENTO E MONTAGEM",null,"M2",104.86]
[]
["14.4.4","C4790","FORRO BOREAL MODULADO ESTRUTURADO (25X625X1250MM), COM PERFIL T LEVE EM AÇO BRANCO E TRATAMENTO TERMO-ACÚSTICO EM LÃ DE VIDRO, FECHAMENTO EM PELÍCULA DE PVC PERFURADO OU EQUIVALENTE - FORNECIMENTO E INSTALAÇÃO",null,"M2",90.67]
[]
["14.4.5","C4285","FORRO DE GESSO ACARTONADO ARAMADO - FORNECIMENTO E MONTAGEM",null,"M2",54.69]
["14.4.6","C4294","FORRO DE GESSO ACARTONADO ESTRUTURADO - FORNECIMENTO E MONTAGEM",null,"M2",71.94]
["14.4.7","C3970","FORRO DE GESSO CONVENCIONAL (60x60)cm COM TIRO E ARAME GALVANIZADO ENCAPADO - FORNECIMENTO E MONTAGEM",null,"M2",38.78]
[]
["14.4.8","C3971","FORRO DE GESSO CONVENCIONAL (60x60)cm SEM TIRO E ARAME GALVANIZADO ENCAPADO - FORNECIMENTO E MONTAGEM",null,"M2",31.03]
[]
["14.4.9","C2998","FORRO DE LAMBRI DE MADEIRA (7x1)cm",null,"M2",177.27]
["14.4.10","C4484","FORRO PACOTE C/ PERFIL \"CARTOLA\" EM AÇO - FORNECIMENTO E MONTAGEM",null,"M2",86.28]
["14.4.11","C4485","FORRO PACOTE C/ PERFIL \"CARTOLA\" EM ALUMÍNIO - FORNECIMENTO E MONTAGEM",null,"M2",118.85]
["14.4.12","C4482","FORRO PACOTE C/ PERFIL \"T\" EM AÇO - FORNECIMENTO E MONTAGEM",null,"M2",70.93]
["14.4.13","C4483","FORRO PACOTE C/ PERFIL \"T\" EM ALUMÍNIO - FORNECIMENTO E MONTAGEM",null,"M2",76.69]
["14.4.14","C4472","FORRO PVC - COLMÉIA - FORNECIMENTO E MONTAGEM",null,"M2",196.35]
["14.4.15","C4468","FORRO PVC - LAMBRI (100x6000 OU 200x6000)mm - FORNECIMENTO E MONTAGEM",null,"M2",69.54]
["14.4.16","C4471","FORRO PVC - MODULADO (618x1250)mm C/ PERFIL \"CARTOLA\" EM ALUMÍNIO - FORNECIMENTO E MONTAGEM",null,"M2",125.67]
[]
["14.4.17","C4469","FORRO PVC - MODULADO (618x1250)mm C/ PERFIL \"T\" EM AÇO - FORNECIMENTO E MONTAGEM",null,"M2",88.88]
[]
["14.4.18","C4470","FORRO PVC - MODULADO (618x1250)mm C/ PERFIL \"T\" EM ALUMÍNIO - FORNECIMENTO E MONTAGEM",null,"M2",91.51]
[]
["14.4.19","C4512","REMANEJAMENTO DE FORROS (PACOTE / MODULADOS) - EXECUÇÃO",null,"M2",15.34]
["14.4.20","C4506","SANCA DE GESSO P/ FORRO ACARTONADO - FORNECIMENTO E MONTAGEM",null,"M",19.39]
["14.4.21","C4284","SANCA DE GESSO P/ FORRO CONVENCIONAL - FORNECIMENTO E MONTAGEM",null,"M",19.39]
["14.4.22","C2478","TIROS E PINO DE AÇO PARA FIXAÇÃO",null,"UN",12.34]
["15","PISOS",{"$nulls":3},16446.96]
["15.1","PISOS INTERNOS",{"$nulls":3},13105.56]
["15.1.1","C0099","APLICAÇÃO DE SINTECO EM PISOS C/MADEIRA",null,"M2",57.24]
["15.1.2","C4437","CERÂMICA ESMALTADA RETIFICADA C/ ARG. CIMENTO E AREIA ATÉ 30x30cm (900 cm²) - PEI-5/PEI-4 P/ PISO",null,"M2",104.42]
[]
["15.1.3","C4439","CERÂMICA ESMALTADA RETIFICADA C/ ARG. CIMENTO E AREIA ACIMA DE 30x30cm (900 cm²) - PEI-5/PEI-4 P/ PISO",null,"M2",134.06]
[]
["15.1.4","C2996","CERÂMICA ESMALTADA RETIFICADA C/ ARG. PRÉ-FABRICADA ATÉ 30x30 cm (900 cm²) - PEI-5/PEI-4 - P/ PISO",null,"M2",71.34]
[]
["15.1.5","C3001","CERÂMICA ESMALTADA RETIFICADA C/ ARG. PRÉ-FABRICADA ACIMA DE 30x30 cm (900 cm²) - PEI-5/PEI-4 - P/ PISO",null,"M2",105.82]
[]
["15.1.6","C0837","CONCRETO NÃO-ESTRUTURAL S/BETONEIRA P/LASTRO",null,"M3",503.58]
["15.1.7","C0871","CORDÃO DE PEROBA P/RODAPÉS",null,"M",19.56]
["15.1.8","C1032","DEGRAU COM FORRAÇÃO TÊXTIL (20X30)cm",null,"M",46.34]
["15.1.9","C1033","DEGRAU COM PLACAS LISAS DE BORRACHA (50X32X2.5)cm  ",null,"M",127.81]
["15.1.10","C1034","DEGRAU DE GRANILITE MOLDADO NO LOCAL (20X30)cm",null,"M",122.52]
["15.1.11","C1035","DEGRAU DE MÁRMORE (20X30)cm",null,"M",132.11]
["15.1.12","C1036","DEGRAU INDUSTRIAL MONOLÍTICO C/PINGADEIRA",null,"M",94.15]
["15.1.13","C1037","DEGRAU INDUSTRIAL MONOLÍTICO S/PINGADEIRA",null,"M",68.09]
["15.1.14","C1038","DEGRAU PRÉ-MOLDADO DE GRANILITE",null,"M",103.2]
["15.1.15","C1237","ENCERAMENTO DE PISOS C/ DUAS DEMÃOS DE CÊRA",null,"M2",29.47]
["15.1.16","C4066","GRANITO POLIDO E=2cm, BRANCO, ARGAMASSA CIMENTO E AREIA 1:4, C/ REJUNTAMENTO",null,"M2",556.54]
[]
["15.1.17","C4065","GRANITO POLIDO E=2cm, CINZA, ARGAMASSA DE CIMENTO E AREIA 1:4, C/ REJUNTAMENTO",null,"M2",378.59]
[]
["15.1.18","C4067","GRANITO POLIDO E=2cm, OUTRAS CORES, ARGAMASSA CIMENTO E AREIA 1:4, C/ REJUNTAMENTO",null,"M2",457.83]
[]
["15.1.19","C4064","GRANITO POLIDO E=2cm, PRETO,  ARGAMASSA CIMENTO E AREIA 1:4, C/ REJUNTAMENTO",null,"M2",505.39]
[]
["15.1.20","C1623","LIMPEZA DE BASE OU LASTRO",null,"M2",2.03]
["15.1.21","C3547","MUTIRÃO MISTO - PEITORIL DE CIMENTO",null,"M2",114.41]
["15.1.22","C3549","MUTIRÃO MISTO - PISO CIMENTADO ESP.=1.5cm",null,"M2",32.27]
["15.1.23","C3548","MUTIRÃO MISTO - PISO MORTO DE CONCRETO FCK=13.5 MPa C/PREPARO E LANÇAMENTO",null,"M3",432.64]
[]
["15.1.24","C1846","PARQUETES DE MADEIRA FIXADOS C/COLA A BASE DE PVA",null,"M2",107.26]
["15.1.25","C1852","PASTILHAS DE PORCELANA C/CIMENTO COLANTE",null,"M2",154.87]
["15.1.26","C1859","PASTILHAS DE PORCELANA C/ARGAMASSA MISTA CIMENTO, CAL HIDRATADA E AREIA",null,"M2",257.63]
["15.1.27","C3015","PEITORIL DE CIMENTO",null,"M2",176.41]
["15.1.28","C1869","PEITORIL DE GRANITO L= 15 cm",null,"M",97.1]
["15.1.29","C1870","PEITORIL DE MARMORE L= 15cm",null,"M",92.06]
["15.1.30","C1871","PEITORIL DE MÁRMORE  L= 25cm",null,"M",128.52]
["15.1.31","C3016","PEITORIL DE MARMORITE",null,"M2",188.99]
["15.1.32","C1872","PEITORIL PRÉ-MOLDADO DE GRANILITE L= 10cm",null,"M",59.57]
["15.1.33","C1912","PISO ANTIDERRAPANTE NITOPISO TF-5000, SELADO C/NITOP. FC-140",null,"M2",187.32]
["15.1.34","C1914","PISO C/FORRAÇÃO TÊXTIL ( CARPETE  E = 4mm )",null,"M2",50.58]
["15.1.35","C1915","PISO CIMENTADO C/ ARGAMASSA DE CIMENTO E AREIA S/ PENEIRAR, TRAÇO 1:4, ESP.= 1.5cm",null,"M2",55.57]
[]
["15.1.36","C1916","PISO CIMENTADO C/ ARGAMASSA DE CIMENTO E AREIA S/ PENEIRAR, TRAÇO 1:4, ESP.= 1,5cm C/ IMPERMEABILIZANTE",null,"M2",57.67]
[]
["15.1.37","C4601","PISO CIMENTADO COM ARGAMASSA DE CIMENTO E AREIA S/ PENEIRAR ESP. 2,0 cm",null,"M2",57.38]
["15.1.38","C2901","PISO DE BORRACHA ANTI-DERRAPANTE (COLOCADO)",null,"M2",216.17]
["15.1.39","C1921","PISO DE BORRACHA (LENÇOL) ANTIDERRAPANTE TIPO GRÃO DE ARROZ,  ESP.= 3mm",null,"M2",147.9]
["15.1.40","C4833","PISO EMBORRACHADO, DRENANTE E ANTI-IMPACTO, COMPOSTO POR PARTÍCULAS DE BORRACHA RECICLADA PRENSADA, PIGMENTADA E ATÓXICA, 50X50X2,5CM  (FORNECIMENTO E EXECUÇÃO)",null,"M2",284.12]
[]
["15.1.41","C5210","PISO EMBORRACHADO DRENANTE E ANTI-IMPACTO, COMPOSTO POR PARTÍCULAS DE BORRACHA RECICLADA PRENSADA, PIGMENTADA E ATÓXICA, 50X50X4CM (FORNECIMENTO E EXECUÇÃO)",null,"M2",448]
[]
["15.1.42","C3024","PISO EM MÁRMORE BRANCO ESP.= 3cm",null,"M2",412.9]
["15.1.43","C1919","PISO INDUSTRIAL NATURAL  ESP.= 12mm, INCLUS. POLIMENTO (EXTERNO)",null,"M2",116.54]
["15.1.44","C1920","PISO INDUSTRIAL NATURAL  ESP.= 12mm, INCLUS. POLIMENTO (INTERNO)",null,"M2",145.51]
["15.1.45","C1922","PISO MONOLÍTICO C/ARGAMASSA A BASE DE EPOXI",null,"M2",117.72]
["15.1.46","C3025","PISO MORTO CONCRETO FCK=13,5MPa C/PREPARO E LANÇAMENTO",null,"M3",675.76]
["15.1.47","C3026","PISO MORTO DE TIJOLO MACIÇO C/REJUNTAMENTO",null,"M2",69.18]
["15.1.48","C3027","PISO MORTO DE TIJOLO MACIÇO S/REJUNTAMENTO",null,"M2",49.89]
["15.1.49","C2902","PISO TIPO MONOLÍTICO DE ALTA RESISTÊNCIA",null,"M2",83.7]
["15.1.50","C4022","PISO TIPO MONOLÍTICO DE ALTA RESISTÊNCIA, DE BAIXA ESPESSURA, DE POLIURETANO ANTIDERRAPANTE, S/ JUNTAS, TIPO DUROCOR OU SIMILAR",null,"M2",299.97]
[]
["15.1.51","C4503","PISO VINÍLICO TIPO \"PAVIFLEX\", e=1,6mm - FORNECIMENTO E COLOCAÇÃO",null,"M2",89.23]
["15.1.52","C4504","PISO VINÍLICO TIPO \"PAVIFLEX\", e=2,0mm - FORNECIMENTO E COLOCAÇÃO",null,"M2",111.54]
["15.1.53","C1934","PLACA DE BORRACHA (50x50)cm  ESP.= 7,5mm, ARGAMASSA DE CIMENTO E AREIA PENEIRADA 1:2, E NATA DE COLA PVA",null,"M2",250.51]
[]
["15.1.54","C1933","PLACA DE BORRACHA (50X50)cm  ESP.=13mm,  E NATA DE COLA PVA",null,"M2",308.79]
["15.1.55","C4099","POLIMENTO EM CONCRETO NIVELADO À LASER",null,"M2",16.16]
["15.1.56","C1943","POLIMENTO EM PISO INDUSTRIAL",null,"M2",67]
["15.1.57","C1944","POLIMENTO EM PISOS DE MÁRMORE",null,"M2",65.62]
["15.1.58","C4441","PORCELANATO RETIFICADO NATURAL (FOSCO) C/ ARG. CIMENTO E AREIA P/ PISO",null,"M2",166.48]
["15.1.59","C3007","PORCELANATO RETIFICADO NATURAL (FOSCO) C/ ARG. PRÉ-FABRICADA - P/ PISO",null,"M2",138.24]
["15.1.60","C3002","PORCELANATO RETIFICADO POLIDO C/ ARG. PRÉ-FABRICADA - P/ PISO",null,"M2",125.18]
["15.1.61","C4440","PORCELANATO POLIDO C/ ARG. CIMENTO E AREIA P/ PISO",null,"M2",153.42]
["15.1.62","C2101","RASPAGEM E CALAFETAÇÃO DE TACOS C/UMA DEMÃO DE CÊRA",null,"M2",57.91]
["15.1.63","C2181","REGULARIZAÇÃO DE BASE C/ ARGAMASSA CIMENTO E AREIA S/ PENEIRAR, TRAÇO 1:3 - ESP= 3cm",null,"M2",31.26]
[]
["15.1.64","C2179","REGULARIZAÇÃO DE BASE C/ ARGAMASSA CIMENTO E AREIA S/ PENEIRAR, TRAÇO 1:4 - ESP= 3cm",null,"M2",28.68]
[]
["15.1.65","C2180","REGULARIZAÇÃO DE BASE C/ ARGAMASSA CIMENTO E AREIA S/ PENEIRAR, TRAÇO 1:5 - ESP= 3cm",null,"M2",27.13]
[]
["15.1.66","C2184","REGULARIZAÇÃO DE BASE C/ ARGAMASSA CIMENTO E AREIA S/ PENEIRAR, TRAÇO 1:5 - ESP= 3cm, C/IMPERMEABILIZANTE",null,"M2",31.33]
[]
["15.1.67","C2185","REGULARIZAÇÃO PARA DEGRAUS C/ ARGAMASSA DE CIMENTO E AREIA S/ PENEIRAR, TRAÇO 1:5 - ESP= 1cm",null,"M",9.63]
[]
["15.1.68","C2186","REGULARIZAÇÃO PARA RODAPÉS C/ ARGAMASSA DE CIMENTO E AREIA S/ PENEIRAR, TRAÇO 1:5 - H=7cm, ESP= 3cm",null,"M",5.77]
[]
["15.1.69","C2234","REVESTIMENTOS DE PISOS C/GRANILITE",null,"M2",150.47]
["15.1.70","C2219","REVESTIMENTO EPÓXICO P/PISOS DUAS DEMÃOS",null,"M2",185.87]
["15.1.71","C2240","RODAPÉ COM FORRAÇÃO TÊXTIL (CARPETE) H= 7cm",null,"M",9.54]
["15.1.72","C4001","RODAPÉ DE GRANITO H=10 cm",null,"M",49.69]
["15.1.73","C2241","RODAPÉ DE MÁRMORE H= 10cm",null,"M",38.57]
["15.1.74","C2242","RODAPÉ DE PEROBA (7X1.5)cm",null,"M",35.37]
["15.1.75","C2245","RODAPÉ INDUSTRIAL MONOLÍTICO H= 7cm",null,"M",15.81]
["15.1.76","C2244","RODAPÉ INDUSTRIAL MONOLÍTICO H= 10cm",null,"M",26.45]
["15.1.77","C2246","RODAPÉ PRE-MOLDADO DE GRANILITE  H= 10cm",null,"M",67.12]
["15.1.78","C4505","RODAPÉ VINÍLICO, H=5cm - FORNECIMENTO E COLOCAÇÃO",null,"M",27.12]
["15.1.79","C2283","SOLEIRA CIMENTADA L= 15cm",null,"M",10.17]
["15.1.80","C2284","SOLEIRA DE GRANITO L= 15cm",null,"M",97.1]
["15.1.81","C2285","SOLEIRA DE GRANITO L= 25cm",null,"M",168.77]
["15.1.82","C2286","SOLEIRA DE MARMORE L= 15cm",null,"M",66.14]
["15.1.83","C2287","SOLEIRA DE MÁRMORE L= 25 cm",null,"M",109.7]
["15.1.84","C3058","SOLEIRA DE MARMORITE",null,"M2",181.17]
["15.1.85","C2288","SOLEIRA PRÉ-MOLDADA DE GRANILITE L= 15cm",null,"M",65.38]
["15.1.86","C2289","SOLEIRA PRÉ-MOLDADA DE GRANILITE L= 25cm",null,"M",105.72]
["15.1.87","C3488","TÁBUAS CORRIDAS SOBRE VIGAS DE PEROBA",null,"M2",410.85]
["15.1.88","C2296","TACOS DE MADEIRA C/ARGAMASSA DE CIMENTO E AREIA PENEIRADA TRAÇO 1:4",null,"M2",248.65]
["15.1.89","C2297","TACOS DE MADEIRA C/COLA À BASE DE PVA",null,"M2",199.56]
["15.1.90","C2315","TAPETE TIPO TABACOW, ESP. ATÉ 6mm (COLOCADO)",null,"M2",95.93]
["15.1.91","C2314","TAPETE TIPO TABACOW  ESP.  6,01mm <= ESP <= 10mm",null,"M2",118.83]
["15.2","PISOS EXTERNOS",{"$nulls":3},3341.4]
["15.2.1","C3410","CALÇADA DE PROTEÇÃO EM CIMENTADO C/ BASE DE CONCRETO",null,"M2",312.54]
["15.2.2","C1586","LADRILHOS HIDRÁULICOS C/ARGAMASSA DE CAL 1:4+100KG CIMENTO",null,"M2",154.62]
["15.2.3","C5225","LONA PLÁSTICA PRETA APLICADA EM PISOS",null,"M2",1.46]
["15.2.4","C1862","PAVIMENTAÇÃO RÚSTICA C/CONCRETO P/LASTRO NA ESP.DE 9cm E CAMADA SUPERFICIAL DE  CONCRETO FCK=13.5MPa  NA ESP.DE 3cm",null,"M2",161.91]
[]
["15.2.5","C1863","PEDRA CARIRI ESP.= 2cm, C/ ARGAMASSA MISTA DE CIMENTO CAL HIDRATADA E AREIA",null,"M2",64.61]
[]
["15.2.6","C1864","PEDRA PORTUGUESA - COR BRANCA",null,"M2",188.42]
["15.2.7","C1865","PEDRA PORTUGUESA  2 CORES",null,"M2",188.42]
["15.2.8","C3014","PEDRA SÃO TOMÉ",null,"M2",294.34]
["15.2.9","C3450","PISO CIMENTADO ESP.=1,50cm C/ JUNTA PLÁSTICA ( 27x3 )mm EM MÓDULOS ( 1,00x1,00 )m",null,"M2",63.46]
[]
["15.2.10","C1847","PISO DE CONCRETO FCK=13,5MPa ESP=7 cm, INCL. PREPARO DE CAIXA",null,"M2",97.57]
["15.2.11","C1917","PISO DE CONCRETO FCK=15MPa  ESP.= 12cm,  ARMADO C/TELA DE AÇO",null,"M2",125.38]
["15.2.12","C1935","PISO DE CONCRETO FCK=20MPa  ESP.= 20cm, P/ESTACIONAMENTO DE ÔNIBUS",null,"M2",150.56]
["15.2.13","C5028","PISO INTERTRAVADO TIPO TIJOLINHO (20 X 10 X 4CM), CINZA - COMPACTAÇÃO MECANIZADA",null,"M2",51.82]
[]
["15.2.14","C5027","PISO INTERTRAVADO TIPO TIJOLINHO (20 X 10 X 4CM), COLORIDO - COMPACTAÇÃO MECANIZADA\n",null,"M2",59.98]
[]
["15.2.15","C4916","PISO INTERTRAVADO TIPO TIJOLINHO (20X10X6)CM 35MPA, COLORIDO - COMPACTAÇÃO MECANIZADA\n",null,"M2",62.93]
[]
["15.2.16","C4819","PISO INTERTRAVADO TIPO TIJOLINHO (20X10X6)CM 35MPA, COR CINZA - COMPACTAÇÃO MECANIZADA",null,"M2",56.47]
[]
["15.2.17","C4917","PISO INTERTRAVADO TIPO TIJOLINHO (20X10X8)CM 35MPA, COR CINZA - COMPACTAÇÃO MECANIZADA",null,"M2",78.62]
[]
["15.2.18","C4918","PISO INTERTRAVADO TIPO TIJOLINHO (20X10X10)CM 35MPA, COR CINZA - COMPACTAÇÃO MECANIZADA",null,"M2",89.02]
[]
["15.2.19","C4165","PISO MONOLÍTICO DE POLIURETANO, ANTIDERRAPANTE, AUTONIVELANTE, S/ JUNTAS",null,"M2",205.53]
["15.2.20","C3012","PISO PRÉ-MOLDADO ARTICULADO DE 6 FACES e = 4,5 cm",null,"M2",52.07]
["15.2.21","C3013","PISO PRÉ-MOLDADO ARTICULADO DE 6 FACES e = 6,0 cm",null,"M2",54.38]
["15.2.22","C1923","PISO PRÉ-MOLDADO ARTICULADO E INTERTRAVADO DE 16 FACES - e = 4,5 cm P/ PASSEIO",null,"M2",74.21]
[]
["15.2.23","C1089","PISO PRÉ-MOLDADO ARTICULADO E INTERTRAVADO DE 16 FACES - e = 6,0 cm P/ TRÁFEGO LEVE",null,"M2",94.89]
[]
["15.2.24","C3782","PISO PRÉ-MOLDADO ARTICULADO E INTERTRAVADO DE 16 FACES - e = 8,0 cm (35 MPa) P/ TRÁFEGO PESADO",null,"M2",113.93]
[]
["15.2.25","C4576","PISO PRÉ-MOLDADO ARTICULADO, INTERTRAVADO, SEXTAVADO E COM CUNHAS MACHO E FÊMEA NAS FACES LATERAIS e=8,0cm (fck=35Mpa) P/ TRÁFEGO PESADO",null,"M2",104.22]
[]
["15.2.26","C1924","PISO RÚSTICO DE CONCRETO RIPADO (0.50X0.50)m  JUNTAS= 5cm  ESP.= 8cm",null,"M2",128.75]
["15.2.27","C1925","PISO RÚSTICO DE CONCRETO RIPADO (1.00X1.00)m  JUNTAS= 10cm  ESP.= 8cm",null,"M2",112.8]
["15.2.28","C1926","PISO RÚSTICO DE CONCRETO RIPADO (1.20X1.20)m   ESP.= 7cm",null,"M2",93.31]
["15.2.29","C1927","PISO RÚSTICO DE CONCRETO RIPADO (1.50X1.50)m   ESP.= 7cm",null,"M2",92.29]
["15.2.30","C2032","REGULARIZAÇÃO MECANIZADA  ATÉ 0,40 M , COMPACTADA P/ PAVIMENTAÇÃO",null,"M2",12.89]
["16","INSTALAÇÕES HIDRÁULICAS",{"$nulls":3},1908231.85]
["16.1","TUBOS E CONEXÕES DE FERRO FUNDIDO",{"$nulls":3},8302.5]
["16.1.1","C0319","ASSENTAMENTO DE TUBOS, PEÇAS E CONEXÕES EM FoFo, JE DN 50mm",null,"M",6.36]
["16.1.2","C0322","ASSENTAMENTO DE TUBOS, PEÇAS E CONEXÕES EM FoFo, JE DN 75mm",null,"M",7.89]
["16.1.3","C0308","ASSENTAMENTO DE TUBOS, PEÇAS E CONEXÕES EM FoFo, JE DN 100mm",null,"M",12.87]
["16.1.4","C0311","ASSENTAMENTO DE TUBOS, PEÇAS E CONEXÕES EM FoFo, JE DN 150mm",null,"M",17.12]
["16.1.5","C0312","ASSENTAMENTO DE TUBOS, PEÇAS E CONEXÕES EM FoFo, JE DN 200mm",null,"M",20.45]
["16.1.6","C0313","ASSENTAMENTO DE TUBOS, PEÇAS E CONEXÕES EM FoFo, JE DN 250mm",null,"M",24.58]
["16.1.7","C0314","ASSENTAMENTO DE TUBOS, PEÇAS E CONEXÕES EM FoFo, JE DN 300mm",null,"M",31.17]
["16.1.8","C0315","ASSENTAMENTO DE TUBOS, PEÇAS E CONEXÕES EM FoFo, JE DN 350mm",null,"M",36.96]
["16.1.9","C0316","ASSENTAMENTO DE TUBOS, PEÇAS E CONEXÕES EM FoFo, JE DN 400mm",null,"M",42.79]
["16.1.10","C0317","ASSENTAMENTO DE TUBOS, PEÇAS E CONEXÕES EM FoFo, JE DN 450mm",null,"M",54.11]
["16.1.11","C0318","ASSENTAMENTO DE TUBOS, PEÇAS E CONEXÕES EM FoFo, JE DN 500mm",null,"M",66.18]
["16.1.12","C0320","ASSENTAMENTO DE TUBOS, PEÇAS E CONEXÕES EM FoFo, JE DN 600mm",null,"M",81.08]
["16.1.13","C0321","ASSENTAMENTO DE TUBOS, PEÇAS E CONEXÕES EM FoFo, JE DN 700mm",null,"M",98.58]
["16.1.14","C0323","ASSENTAMENTO DE TUBOS, PEÇAS E CONEXÕES EM FoFo, JE DN 800mm",null,"M",103.01]
["16.1.15","C0324","ASSENTAMENTO DE TUBOS, PEÇAS E CONEXÕES EM FoFo, JE DN 900mm",null,"M",131.23]
["16.1.16","C0307","ASSENTAMENTO DE TUBOS, PEÇAS E CONEXÕES EM FoFo, JE DN 1000mm",null,"M",154.18]
["16.1.17","C0309","ASSENTAMENTO DE TUBOS, PEÇAS E CONEXÕES EM FoFo, JE DN 1100mm",null,"M",175.7]
["16.1.18","C0310","ASSENTAMENTO DE TUBOS, PEÇAS E CONEXÕES EM FoFo, JE DN 1200mm",null,"M",201.68]
["16.1.19","C0475","BUCHA DE REDUÇÃO FERRO FUNDIDO D= 75X50mm (3\"X2\")",null,"UN",99.42]
["16.1.20","C0476","BUCHA DE REDUÇÃO FERRO FUNDIDO D=100X75mm (4\"X3\")",null,"UN",129.35]
["16.1.21","C0477","BUCHA DE REDUÇÃO FERRO FUNDIDO D=150X100mm (6\"X4\")",null,"UN",366.21]
["16.1.22","C0655","CAIXA SIFONADA DE FERRO FUNDIDO D= 150mm",null,"UN",283.57]
["16.1.23","C1438","GRELHA HEMISFÉRICA FERRO FUNDIDO D=80mm (3\")",null,"UN",71.18]
["16.1.24","C1536","JOELHO FERRO FUNDIDO D= 50mm (2\")",null,"UN",96.65]
["16.1.25","C1537","JOELHO FERRO FUNDIDO D= 75mm (3\")",null,"UN",140.56]
["16.1.26","C1535","JOELHO FERRO FUNDIDO D= 100mm (4\")",null,"UN",184.88]
["16.1.27","C1538","JOELHO FERRO FUNDIDO D=150mm (6\")",null,"UN",397.54]
["16.1.28","C1534","JOELHO FERRO FUNDIDO C/VISITA D= 100X50mm (4\"X2\")",null,"UN",165.77]
["16.1.29","C1539","JOELHO FERRO FUNDIDO JUNTA ELÁSTICA, D= 50mm (2\")",null,"UN",62.61]
["16.1.30","C1569","JUNÇÃO DUPLA FERRO FUNDIDO. J.E. D=100X100mm (4\"X4\")",null,"UN",571.23]
["16.1.31","C1679","LUVA BIPARTIDA FERRO FUNDIDO D= 50mm (2\")",null,"UN",148.4]
["16.1.32","C1680","LUVA BIPARTIDA FERRO FUNDIDO D= 75mm (3\")",null,"UN",182.31]
["16.1.33","C1681","LUVA BIPARTIDA FERRO FUNDIDO D=150mm (6\")",null,"UN",342.87]
["16.1.34","C1682","LUVA BIPARTIDA FERRO FUNDIDO D=100mm (4\")",null,"UN",214.6]
["16.1.35","C1683","LUVA BOLSAXBOLSA FERRO FUNDIDO D= 50mm (2\")",null,"UN",80.61]
["16.1.36","C1684","LUVA BOLSAXBOLSA FERRO FUNDIDO D= 75mm (3\")",null,"UN",98.07]
["16.1.37","C1685","LUVA BOLSAXBOLSA FERRO FUNDIDO D=100mm (4\")",null,"UN",247.79]
["16.1.38","C1686","LUVA BOLSAXBOLSA FERRO FUNDIDO D=150MM (6')",null,"UN",317.68]
["16.1.39","C1938","PLUG FERRO FUNDIDO D= 50mm (2\")",null,"UN",75.55]
["16.1.40","C1939","PLUG FERRO FUNDIDO D= 75mm (3\")",null,"UN",98.53]
["16.1.41","C1940","PLUG FERRO FUNDIDO D=100mm (4\")",null,"UN",162.14]
["16.1.42","C1941","PLUG FERRO FUNDIDO D=150mm (6\")",null,"UN",183.75]
["16.1.43","C2415","TÊ SANITÁRIO FERRO FUNDIDO D= 50X50mm (2\"X2\")",null,"UN",136.8]
["16.1.44","C2416","TÊ SANITÁRIO FERRO FUNDIDO D= 75X50mm (3\"X2\")",null,"UN",230.59]
["16.1.45","C2422","TÊ SANITÁRIO FERRO FUNDIDO D=75X75mm (3\"X3\")",null,"UN",237.12]
["16.1.46","C2418","TÊ SANITÁRIO FERRO FUNDIDO D=100X50mm (4\"X2\")",null,"UN",213.27]
["16.1.47","C2419","TÊ SANITÁRIO FERRO FUNDIDO D=100X75mm (4\"X3\")",null,"UN",277.03]
["16.1.48","C2417","TÊ SANITÁRIO FERRO FUNDIDO D=100X100mm (4\"X4\")",null,"UN",256.34]
["16.1.49","C2420","TÊ SANITÁRIO FERRO FUNDIDO D=150X100mm (6\"X4\")",null,"UN",445.87]
["16.1.50","C2421","TÊ SANITÁRIO FERRO FUNDIDO D=150X150mm (6\"X6\")",null,"UN",518.27]
["16.2","TUBOS E CONEXÕES DE AÇO",{"$nulls":3},29015.14]
["16.2.1","C0264","ASSENTAMENTO DE TUBOS E CONEXÕES EM AÇO, J.ELASTICA D=16\"",null,"M",42.48]
["16.2.2","C0265","ASSENTAMENTO DE TUBOS E CONEXÕES EM AÇO, J.ELASTICA D=20\"",null,"M",64.86]
["16.2.3","C0266","ASSENTAMENTO DE TUBOS E CONEXÕES EM AÇO, J.ELASTICA D=24\"",null,"M",78.37]
["16.2.4","C0267","ASSENTAMENTO DE TUBOS E CONEXÕES EM AÇO, J.ELASTICA D=28\"",null,"M",93.92]
["16.2.5","C0268","ASSENTAMENTO DE TUBOS E CONEXÕES EM AÇO, J.ELASTICA D=32\"",null,"M",96.04]
["16.2.6","C0269","ASSENTAMENTO DE TUBOS E CONEXÕES EM AÇO, J.ELASTICA D=36\"",null,"M",121.6]
["16.2.7","C0270","ASSENTAMENTO DE TUBOS E CONEXÕES EM AÇO, J.ELASTICA D=40\"",null,"M",141.54]
["16.2.8","C0271","ASSENTAMENTO DE TUBOS E CONEXÕES EM AÇO, J.ELASTICA D=44\"",null,"M",174.83]
["16.2.9","C0272","ASSENTAMENTO DE TUBOS E CONEXÕES EM AÇO, J.ELASTICA D=48\"",null,"M",196.38]
["16.2.10","C0273","ASSENTAMENTO DE TUBOS E CONEXÕES EM AÇO, J.ELASTICA D=60\"",null,"M",288.3]
["16.2.11","C0274","ASSENTAMENTO DE TUBOS E CONEXÕES EM AÇO, J.ELASTICA D=72\"",null,"M",365.58]
["16.2.12","C0248","ASSENTAMENTO DE TUBOS E CONEXÕES EM AÇO, J. SOLDADA D=16\"",null,"M",100]
["16.2.13","C0249","ASSENTAMENTO DE TUBOS E CONEXÕES EM AÇO, J. SOLDADA D=20\"",null,"M",125.04]
["16.2.14","C0250","ASSENTAMENTO DE TUBOS E CONEXÕES EM AÇO, J. SOLDADA D=24\"",null,"M",146.61]
["16.2.15","C0251","ASSENTAMENTO DE TUBOS E CONEXÕES EM AÇO, J. SOLDADA D=28\"",null,"M",175.22]
["16.2.16","C0252","ASSENTAMENTO DE TUBOS E CONEXÕES EM AÇO, J. SOLDADA D=30\"",null,"M",184.56]
["16.2.17","C0253","ASSENTAMENTO DE TUBOS E CONEXÕES EM AÇO, J. SOLDADA D=32\"",null,"M",197.81]
["16.2.18","C0254","ASSENTAMENTO DE TUBOS E CONEXÕES EM AÇO, J. SOLDADA D=36\"",null,"M",221.26]
["16.2.19","C0255","ASSENTAMENTO DE TUBOS E CONEXÕES EM AÇO, J. SOLDADA D=40\"",null,"M",255.09]
["16.2.20","C0256","ASSENTAMENTO DE TUBOS E CONEXÕES EM AÇO, J. SOLDADA D=42\"",null,"M",334.16]
["16.2.21","C0257","ASSENTAMENTO DE TUBOS E CONEXÕES EM AÇO, J. SOLDADA D=44\"",null,"M",348.05]
["16.2.22","C0258","ASSENTAMENTO DE TUBOS E CONEXÕES EM AÇO, J. SOLDADA D=48\"",null,"M",379.78]
["16.2.23","C0259","ASSENTAMENTO DE TUBOS E CONEXÕES EM AÇO, J. SOLDADA D=54\"",null,"M",480.87]
["16.2.24","C0260","ASSENTAMENTO DE TUBOS E CONEXÕES EM AÇO, J. SOLDADA D=56\"",null,"M",524.95]
["16.2.25","C0261","ASSENTAMENTO DE TUBOS E CONEXÕES EM AÇO, J. SOLDADA D=60\"",null,"M",561.34]
["16.2.26","C0262","ASSENTAMENTO DE TUBOS E CONEXÕES EM AÇO, J. SOLDADA D=64\"",null,"M",612.53]
["16.2.27","C0234","ASSENTAMENTO DE TUBOS E CONEXÒES EM AÇO, J. SOLDADA D=72\"",null,"M",702.84]
["16.2.28","C0263","ASSENTAMENTO DE TUBOS E CONEXÕES EM AÇO, J. SOLDADA D=84\"",null,"M",866.4]
["16.2.29","C0247","ASSENTAMENTO DE TUBOS E CONEXÕES EM AÇO, J. SOLDADA D=100\"",null,"M",1009.04]
["16.2.30","C4875","ASSENTAMENTO DE TUBOS, PEÇAS E CONEXÕES EM AÇO CARBONO SCHEDULE D = 3\"",null,"M",17.61]
[]
["16.2.31","C4373","BUCHA DE REDUÇÃO DE AÇO GALVANIZADO 1 1/4\"x 1\"",null,"UN",26.27]
["16.2.32","C4374","BUCHA DE REDUÇÃO DE AÇO GALVANIZADO 1 1/2\"x 1\"",null,"UN",32.57]
["16.2.33","C4376","BUCHA DE REDUÇÃO DE AÇO GALVANIZADO 2\"x 1/2\"",null,"UN",45.19]
["16.2.34","C0510","BUJÃO EM AÇO GALV. D=15mm (1/2\")  À  25mm (1\")",null,"UN",8.7]
["16.2.35","C0511","BUJÃO EM AÇO GALV. D=32mm (1 1/4\")  À 50mm (2\")",null,"UN",20.15]
["16.2.36","C0512","BUJÃO EM AÇO GALV. D=65mm (2 1/2\")  À  80mm (3\")",null,"UN",49.58]
["16.2.37","C0509","BUJÃO EM AÇO GALV. D=100mm (4')",null,"UN",116.26]
["16.2.38","C0513","BUJÃO OU TAMPÃO AÇO GALV. D=65mm (2 1/2')  À  80mm (3\")",null,"UN",49.58]
["16.2.39","C3700","COTOVELO 90 AÇO ASTM A-120 ROSCÁVEL DE 20mm (3/4\")",null,"UN",82.36]
["16.2.40","C3701","COTOVELO 90 AÇO ASTM A-120 ROSCÁVEL DE 25mm (1\")",null,"UN",131.18]
["16.2.41","C3702","COTOVELO 90 AÇO ASTM A-120 ROSCÁVEL DE 32mm (1 1/4\")",null,"UN",177.55]
["16.2.42","C3703","COTOVELO 90 AÇO ASTM A-120 ROSCÁVEL DE 40mm (1 1/2\")",null,"UN",188.12]
["16.2.43","C3704","COTOVELO 90 AÇO ASTM A-120 ROSCÁVEL DE 50mm (2\")",null,"UN",198.69]
["16.2.44","C3705","COTOVELO 90 AÇO ASTM A-120 ROSCÁVEL DE 80mm (3\")",null,"UN",211.29]
["16.2.45","C3706","COTOVELO 90 AÇO ASTM A-120 ROSCÁVEL DE 100mm (4\")",null,"UN",223]
["16.2.46","C0940","COTOVELO AÇO GALV. D= 15mm (1/2\")",null,"UN",26.65]
["16.2.47","C0941","COTOVELO AÇO GALV. D= 20mm (3/4\")",null,"UN",30.49]
["16.2.48","C0942","COTOVELO AÇO GALV. D= 25mm (1\")",null,"UN",36.3]
["16.2.49","C0943","COTOVELO AÇO GALV. D= 32mm (1 1/4\")",null,"UN",60.35]
["16.2.50","C0944","COTOVELO AÇO GALV. D= 40mm (1 1/2\")",null,"UN",69.4]
["16.2.51","C0945","COTOVELO AÇO GALV. D= 50mm (2\")",null,"UN",88.8]
["16.2.52","C0946","COTOVELO AÇO GALV. D= 65mm (2 1/2\")",null,"UN",139.19]
["16.2.53","C0947","COTOVELO AÇO GALV. D= 80mm (3\")",null,"UN",180.8]
["16.2.54","C0948","COTOVELO AÇO GALV. D=100mm (4\")",null,"UN",319.2]
["16.2.55","C0949","COTOVELO AÇO GALV. D=125mm (5\")",null,"UN",451.14]
["16.2.56","C0950","COTOVELO AÇO GALV. D=150mm (6\")",null,"UN",1075.57]
["16.2.57","C0960","COTOVELO REDUÇÃO AÇO GALV. D= 20X15mm (3/4X1/2'')  A  25X20mm (1\"x3/4\")",null,"UN",31.92]
["16.2.58","C0962","COTOVELO REDUÇÃO AÇO GALV. D=32X20mm (1 1/4\"X3/4'')  A  50X40mm ( 2\"x1 1/2\")",null,"UN",55.71]
["16.2.59","C0961","COTOVELO REDUÇÃO AÇO GALV. D= 65X50mm (2 1/2\"X2'')",null,"UN",158.13]
["16.2.60","C0965","CRUZETA EM AÇO GALV. D=15mm (1/2\")",null,"UN",52.85]
["16.2.61","C0964","CRUZETA EM AÇO GALV. D=15mm  À 25mm",null,"UN",73.18]
["16.2.62","C0967","CRUZETA EM AÇO GALV. D=32mm (1 1/4\")",null,"UN",116.23]
["16.2.63","C0966","CRUZETA EM AÇO GALV. D=32mm  À 50mm",null,"UN",116.23]
["16.2.64","C0969","CRUZETA EM AÇO GALV. D=65mm (2 1/2\")",null,"UN",272.53]
["16.2.65","C0968","CRUZETA EM AÇO GALV. D=65mm  À 80mm",null,"UN",272.53]
["16.2.66","C4375","BUCHA DE REDUÇÃO DE AÇO GALVANIZADO 1 1/2\"x 1\" 1/4\"",null,"UN",32.57]
["16.2.67","C1016","CURVA EM AÇO GALV. D= 15 A 25mm  (1/2\")  A  (1\")",null,"UN",36.15]
["16.2.68","C1017","CURVA EM AÇO GALV. D= 65 A 80mm  (2 1/2\")  A  (3\")",null,"UN",271.75]
["16.2.69","C1018","CURVA EM AÇO GALV. D=100 A 150mm  (4\")  A  (6\")",null,"UN",718.02]
["16.2.70","C1394","FLANGE SEXTAVADA EM AÇO GALV. D=15mm (1/2\")",null,"UN",29.99]
["16.2.71","C1395","FLANGE SEXTAVADA EM AÇO GALV. D=15mm (1/2\")  À  25mm (3/4\")",null,"UN",29.82]
["16.2.72","C1396","FLANGE SEXTAVADA EM AÇO GALV. D=32mm (1 1/4\")",null,"UN",63.45]
["16.2.73","C1392","FLANGE SEXTAVADA EM AÇO GALV. D=32mm (1\")  À  50mm (2\")",null,"UN",63.15]
["16.2.74","C1397","FLANGE SEXTAVADA EM AÇO GALV. D=65mm (2 1/2\")",null,"UN",129.04]
["16.2.75","C1398","FLANGE SEXTAVADA EM AÇO GALV. D=65mm(2 1/2\")  À  80mm (3\")",null,"UN",128.71]
["16.2.76","C1393","FLANGE SEXTAVADA EM AÇO GALV. D=100mm (4\")",null,"UN",243.36]
["16.2.77","C3845","FORNECIMENTO, MONTAGEM, INSPEÇÃO E ASSENTAMENTO DE TUBOS E CONEXÕES EM AÇO, J. SOLDADA D=4\", API 5 LX SOLDA, NORMA API 104",null,"M",258.82]
[]
["16.2.78","C3844","FORNECIMENTO, MONTAGEM, INSPEÇÃO E ASSENTAMENTO DE TUBOS E CONEXÕES EM AÇO, J. SOLDADA D=6\", API 5 LX SOLDA, NORMA API 104",null,"M",364.4]
[]
["16.2.79","C3719","JUNTA DE BORRACHA ROSQUEADA DE 3/4\"",null,"UN",150.9]
["16.2.80","C3720","JUNTA DE BORRACHA ROSQUEADA DE 1\"",null,"UN",170.29]
["16.2.81","C1691","LUVA DE REDUÇÃO AÇO GALV. D= 20X15mm  À 25X20mm",null,"UN",20.15]
["16.2.82","C1692","LUVA DE REDUÇÃO AÇO GALV. D= 32X15mm  À 50X40mm",null,"UN",38.99]
["16.2.83","C1690","LUVA DE REDUÇÃO AÇO GALV. D=80X65mm (3\"X2 1/2\")",null,"UN",135.28]
["16.2.84","C1688","LUVA DE REDUÇÃO AÇO GALV. D=100X50mm (4\"X2\")",null,"UN",224.58]
["16.2.85","C1693","LUVA DE REDUÇÃO AÇO GALV. D=100X50mm À 100X80mm",null,"UN",224.58]
["16.2.86","C1689","LUVA DE REDUÇÃO AÇO GALV. D=100X65mm (4\"X2 1/2\")",null,"UN",224.58]
["16.2.87","C1687","LUVA DE REDUÇÃO AÇO GALV. D=100X80mm (4\"X3\")",null,"UN",224.58]
["16.2.88","C3712","LUVA DE UNIÃO AÇO ASTM  A-120 DE 20mm (3/4\")",null,"UN",62.96]
["16.2.89","C3713","LUVA DE UNIÃO AÇO ASTM  A-120 DE 25mm (1\")",null,"UN",76.76]
["16.2.90","C4402","LUVA DE UNIÃO AÇO ASTM A-120 DE 40mm (1 1/2\")",null,"UN",101.89]
["16.2.91","C1694","LUVA DE UNIÃO AÇO GALVANIZADO DE (2 1/2\")",null,"UN",100.5]
["16.2.92","C1695","LUVA DE UNIÃO AÇO GALVANIZADO DE (3\")",null,"UN",129.76]
["16.2.93","C1696","LUVA DE UNIÃO AÇO GALVANIZADO DE (4\")",null,"UN",197.76]
["16.2.94","C1705","LUVA AÇO GALV. D=15mm (1/2\")  À  25mm (1\")",null,"UN",48.67]
["16.2.95","C1706","LUVA AÇO GALV. D=32mm (1 1/4\")  À  50mm (2\")",null,"UN",37.47]
["16.2.96","C1707","LUVA AÇO GALV. D=65mm (2 1/2\")  À  80mm (3\")",null,"UN",90.44]
["16.2.97","C1704","LUVA AÇO GALV. D=100mm (4\") À 150mm (6\")",null,"UN",193.81]
["16.2.98","C1822","NIPLE DUPLO DE REDUÇÃO AÇO GALV. D=20X15mm (3/4\"X1/2\")",null,"UN",19.48]
["16.2.99","C1826","NIPLE DUPLO DE REDUÇÃO AÇO GALV. D=20X15mm (3/4\"X1/2\")  À  25X20mm (1\"X3/4\")",null,"UN",19.48]
["16.2.100","C1823","NIPLE DUPLO DE REDUÇÃO AÇO GALV. D=32X15mm (1 1/4\"X1/2\")",null,"UN",43.36]
["16.2.101","C1824","NIPLE DUPLO REDUÇÃO AÇO GALV. D=32X15mm (1 1/4\"X1/2\")  À  50X40mm (2\"X1 1/2\")",null,"UN",43.36]
["16.2.102","C1825","NIPLE DUPLO DE REDUÇÃO AÇO GALV. D=65X32mm(2 1/2\"X1 1/4\")  À  80X65mm(3\"X2 1/2\")",null,"UN",82.89]
[]
["16.2.103","C1815","NIPLE DUPLO DE REDUÇÃO AÇO GALV. D=80X50mm (3\"X2\")  À  80X65mm (3\"X2 1/2\")",null,"UN",153.09]
["16.2.104","C1817","NIPLE DUPLO AÇO GALV. D=15mm (1/2\")  À 25mm (1\")",null,"UN",15.76]
["16.2.105","C1818","NIPLE DUPLO AÇO GALV. D=32mm  (1 1/4\")  À 50mm (2\")",null,"UN",35.54]
["16.2.106","C1821","NIPLE DUPLO AÇO GALV. D=65mm (2 1/2\")",null,"UN",78.97]
["16.2.107","C1819","NIPLE DUPLO AÇO GALV. D=65mm (2 1/2\")  À 80mm (3\")",null,"UN",78.97]
["16.2.108","C1816","NIPLE DUPLO AÇO GALV. D=100mm (4\")",null,"UN",180.93]
["16.2.109","C3711","REDUÇÃO AÇO ASTM  A-120  ROSCÁVEL DE (1\"x 1 1/2\")  À (1\"x 3/4\")",null,"UN",38.14]
["16.2.110","C3710","REDUÇÃO AÇO ASTM  A-120  ROSCÁVEL DE (2\"x 1 1/2\")  À (2\"x 3/4\")",null,"UN",38.14]
["16.2.111","C3709","REDUÇÃO AÇO ASTM  A-120  ROSCÁVEL DE (3\"x 2 1/2\")  À (3\"x 3/4\")",null,"UN",38.18]
["16.2.112","C3708","REDUÇÃO AÇO ASTM  A-120  ROSCÁVEL DE (4\"x 2\")",null,"UN",53.01]
["16.2.113","C3707","REDUÇÃO AÇO ASTM  A-120  ROSCÁVEL DE (4\"x 3\")",null,"UN",49.47]
["16.2.114","C2307","TAMPÃO EM AÇO GALV. D=15mm (1/2\")  À 25mm(1\")",null,"UN",16.1]
["16.2.115","C2308","TAMPÃO EM AÇO GALV. D=32mm (1 1/4\")  À  50mm(2\")",null,"UN",25.86]
["16.2.116","C2309","TAMPÃO EM AÇO GALV. D=65mm(2 1/2\")  À  80mm(3\")",null,"UN",65.26]
["16.2.117","C2306","TAMPÃO EM AÇO GALV. D=100mm (4')",null,"UN",144.88]
["16.2.118","C3692","TÊ AÇO ASTM A-120 ROSCÁVEL DE 20mm (3/4\")",null,"UN",24.95]
["16.2.119","C3693","TÊ AÇO ASTM A-120 ROSCÁVEL DE 25mm (1\")",null,"UN",25.55]
["16.2.120","C3694","TÊ AÇO ASTM A-120 ROSCÁVEL DE 32mm (1 1/4\")",null,"UN",41.15]
["16.2.121","C3696","TÊ AÇO ASTM A-120 ROSCÁVEL DE 40mm (1 1/2\")",null,"UN",42.18]
["16.2.122","C3697","TÊ AÇO ASTM A-120 ROSCÁVEL DE 50mm (2\")",null,"UN",109.3]
["16.2.123","C3698","TÊ AÇO ASTM  A-120  ROSCÁVEL DE 80mm (3\")",null,"UN",140.97]
["16.2.124","C3699","TÊ AÇO ASTM  A-120  ROSCÁVEL DE 100mm (4\")",null,"UN",172.37]
["16.2.125","C2321","TÊ AÇO GALV. D= 15mm (1/2\")",null,"UN",32.27]
["16.2.126","C2322","TÊ AÇO GALV. D= 20mm (3/4\")",null,"UN",36.73]
["16.2.127","C2323","TÊ AÇO GALV. D= 25mm (1\")",null,"UN",45.86]
["16.2.128","C2324","TÊ AÇO GALV. D= 32mm (1 1/4\")",null,"UN",73.78]
["16.2.129","C2325","TÊ AÇO GALV. D= 40mm (1 1/2\")",null,"UN",83.63]
["16.2.130","C2326","TÊ AÇO GALV. D= 50mm (2\")",null,"UN",110.94]
["16.2.131","C2327","TÊ AÇO GALV. D= 65mm (2 1/2\")",null,"UN",184.59]
["16.2.132","C2328","TÊ AÇO GALV. D= 80mm (3\")",null,"UN",232.31]
["16.2.133","C2329","TÊ AÇO GALV. D=100mm (4\")",null,"UN",401.6]
["16.2.134","C2330","TÊ AÇO GALV. D=125mm (5\")",null,"UN",558.87]
["16.2.135","C2331","TÊ AÇO GALV. D=150mm (6\")",null,"UN",1232.05]
["16.2.136","C2394","TE REDUÇÃO AÇO GALVANIZADO 3/4\" X 1/2\"\n",null,"UN",39.14]
[]
["16.2.137","C2395","TE REDUÇÃO AÇO GALVANIZADO 1 1/4\" X 1/2\"",null,"UN",78.47]
["16.2.138","C2396","TE REDUÇÃO AÇO GALVANIZADO 2 1/2\" X 1\"\n",null,"UN",195.96]
[]
["16.2.139","C2397","TE REDUÇÃO AÇO GALVANIZADO 4\" X 2\"\n",null,"UN",468.31]
[]
["16.2.140","C3685","TUBO AÇO ASTM A-120 PRETO C/ ROSCA DE 20mm (3/4\")",null,"M",27.96]
["16.2.141","C3686","TUBO AÇO ASTM A-120 PRETO  C/ ROSCA DE 25mm (1\")",null,"M",42.48]
["16.2.142","C3687","TUBO AÇO ASTM A-120 PRETO  C/ ROSCA DE 32mm (1 1/4\")",null,"M",51.27]
["16.2.143","C3688","TUBO AÇO ASTM A-120 PRETO  C/ ROSCA DE 40mm (1 1/2\")",null,"M",71.81]
["16.2.144","C3690","TUBO AÇO ASTM A-120 PRETO  C/ ROSCA DE 80mm (3\")",null,"M",140.04]
["16.2.145","C3689","TUBO AÇO ASTM A-120 PRETO  C/ ROSCA DE 50mm (2\")",null,"M",79.35]
["16.2.146","C3691","TUBO AÇO ASTM A-120 PRETO  C/ ROSCA DE 100mm (4\")",null,"M",187.25]
["16.2.147","C2558","TUBO AÇO GALV. C/OU S/COSTURA D=15mm (1/2\")",null,"M",31.43]
["16.2.148","C2559","TUBO AÇO GALV. C/OU S/COSTURA D=20mm (3/4\")",null,"M",37.83]
["16.2.149","C2560","TUBO AÇO GALV. C/OU S/COSTURA D=25mm (1\")",null,"M",50.65]
["16.2.150","C2561","TUBO AÇO GALV. C/OU S/COSTURA D=32mm (1 1/4\")",null,"M",67.83]
["16.2.151","C2554","TUBO AÇO GALV. C/OU S/COSTURA D= 40mm (1 1/2\")",null,"M",80.69]
["16.2.152","C2562","TUBO AÇO GALV. C/OU S/COSTURA D=50mm (2\")",null,"M",108.98]
["16.2.153","C2563","TUBO AÇO GALV. C/OU S/COSTURA D=65mm (2 1/2\")",null,"M",131.07]
["16.2.154","C2564","TUBO AÇO GALV. C/OU S/COSTURA D=80mm (3\")",null,"M",169.33]
["16.2.155","C2555","TUBO AÇO GALV. C/OU S/COSTURA D=100mm (4\")",null,"M",222.47]
["16.2.156","C2556","TUBO AÇO GALV. C/OU S/COSTURA D=125mm (5\")",null,"M",311.47]
["16.2.157","C2557","TUBO AÇO GALV. C/OU S/COSTURA D=150mm (6\")",null,"M",344.4]
["16.2.158","C2543","TUBO AÇO GALV. C/OU S/COST.INCL.CONEXÕES D= 15mm (1/2\")",null,"M",62.67]
["16.2.159","C2544","TUBO AÇO GALV. C/OU S/COST.INCL.CONEXÕES D= 20mm (3/4\")",null,"M",75.21]
["16.2.160","C2545","TUBO AÇO GALV. C/OU S/COST.INCL.CONEXÕES D= 25mm (1\")",null,"M",104]
["16.2.161","C2546","TUBO AÇO GALV. C/OU S/COST.INCL.CONEXÕES D= 32mm (1 1/4\")",null,"M",122.29]
["16.2.162","C2547","TUBO AÇO GALV. C/OU S/COST.INCL.CONEXÕES D= 40mm(1 1/2\")",null,"M",137.34]
["16.2.163","C2552","TUBO AÇO GALV. C/OU S/COST.INCL.CONEXÕES D=50mm (2\")",null,"M",178.14]
["16.2.164","C2553","TUBO AÇO GALV. C/OU S/COST.INCL.CONEXÕES D=65mm (2 1/2\")",null,"M",212.3]
["16.2.165","C2548","TUBO AÇO GALV. C/OU S/COST.INCL.CONEXÕES D= 80mm (3\")",null,"M",253.44]
["16.2.166","C2549","TUBO AÇO GALV. C/OU S/COST.INCL.CONEXÕES D=100mm (4\")",null,"M",322.75]
["16.2.167","C2550","TUBO AÇO GALV. C/OU S/COST.INCL.CONEXÕES D=125mm (5\")",null,"M",440.66]
["16.2.168","C2551","TUBO AÇO GALV. C/OU S/COST.INCL.CONEXÕES D=150mm (6\")",null,"M",480.25]
["16.3","TUBOS E CONEXÕES DE PVC",{"$nulls":3},19197.07]
["16.3.1","C0014","ADAPTADOR DE JUNTA ELAST.P/SIFÃO METAL PVC P/ESGOTO  D=40mm",null,"UN",10.36]
["16.3.2","C0015","ADAPTADOR P/ SIFÃO PVC 40mm (1 1/4\")",null,"UN",8.58]
["16.3.3","C3653","ADAPTADOR PVC P/ REGISTRO 25mm (3/4\")",null,"UN",5.51]
["16.3.4","C3654","ADAPTADOR PVC P/ REGISTRO 32mm (1\")",null,"UN",6.65]
["16.3.5","C3655","ADAPTADOR PVC P/ REGISTRO 40mm (1 1/4\")",null,"UN",11.61]
["16.3.6","C3656","ADAPTADOR PVC P/ REGISTRO 50mm (1 1/2\")",null,"UN",12.48]
["16.3.7","C3657","ADAPTADOR PVC P/ REGISTRO 60mm (2\")",null,"UN",20.21]
["16.3.8","C0016","ADAPTADOR PVC P/ REGISTRO 75mm (2 1/2'')",null,"UN",32.07]
["16.3.9","C0017","ADAPTADOR PVC P/ REGISTRO 85mm (3'')",null,"UN",40.38]
["16.3.10","C0019","ADAPTADOR PVC SOLD. FLANGES LIVRES P/CX. D'ÁGUA 20mm (1/2')",null,"UN",17.13]
["16.3.11","C0020","ADAPTADOR PVC SOLD. FLANGES LIVRES P/CX. D'ÁGUA 25mm (3/4\")",null,"UN",21.14]
["16.3.12","C0021","ADAPTADOR PVC SOLD. FLANGES LIVRES P/CX. D'ÁGUA 32mm (1\")",null,"UN",25.3]
["16.3.13","C0022","ADAPTADOR PVC SOLD. FLANGES LIVRES P/CX. D'ÁGUA 40mm (1 1/4\")",null,"UN",40.14]
["16.3.14","C0023","ADAPTADOR PVC SOLD. FLANGES LIVRES P/CX. D'ÁGUA 50mm (1 1/2\")",null,"UN",43.3]
["16.3.15","C0024","ADAPTADOR PVC SOLD. FLANGES LIVRES P/CX. D'ÁGUA 60mm (2\")",null,"UN",68.47]
["16.3.16","C0025","ADAPTADOR PVC SOLD. FLANGES LIVRES P/CX. D'ÁGUA 75mm (2 1/2\")",null,"UN",245.72]
["16.3.17","C0026","ADAPTADOR PVC SOLD. FLANGES LIVRES P/CX. D'ÁGUA 85mm (3\")",null,"UN",346.59]
["16.3.18","C0018","ADAPTADOR PVC SOLD. FLANGES LIVRES P/CX. D'ÁGUA 110mm (4\")",null,"UN",308.84]
["16.3.19","C4330","AQUISIÇÃO E ASSENTAMENTO DE TUBO PVC RÍGIDO PBA DEFoFo, INCLUSIVE CONEXÕES - DN 100",null,"M",52.14]
[]
["16.3.20","C4329","AQUISIÇÃO E ASSENTAMENTO DE TUBO PVC RÍGIDO PBA DEFoFo, INCLUSIVE CONEXÕES - DN 150",null,"M",135.97]
[]
["16.3.21","C0289","ASSENTAMENTO DE TUBOS E CONEXÕES EM PVC, JE DN 40mm",null,"M",2.29]
["16.3.22","C0291","ASSENTAMENTO DE TUBOS E CONEXÕES EM PVC, JE DN 50mm",null,"M",2.52]
["16.3.23","C0292","ASSENTAMENTO DE TUBOS E CONEXÕES EM PVC, JE DN 75mm",null,"M",3.01]
["16.3.24","C0281","ASSENTAMENTO DE TUBOS E CONEXÕES EM PVC, JE DN 100mm",null,"M",4.01]
["16.3.25","C0282","ASSENTAMENTO DE TUBOS E CONEXÕES EM PVC, JE DN 125mm",null,"M",5.1]
["16.3.26","C0283","ASSENTAMENTO DE TUBOS E CONEXÕES EM PVC, JE DN 150mm",null,"M",5.8]
["16.3.27","C0284","ASSENTAMENTO DE TUBOS E CONEXÕES EM PVC, JE DN 200mm",null,"M",7.56]
["16.3.28","C0285","ASSENTAMENTO DE TUBOS E CONEXÕES EM PVC, JE DN 250mm",null,"M",9.81]
["16.3.29","C0286","ASSENTAMENTO DE TUBOS E CONEXÕES EM PVC, JE DN 300mm",null,"M",12.02]
["16.3.30","C0287","ASSENTAMENTO DE TUBOS E CONEXÕES EM PVC, JE DN 350mm",null,"M",13.36]
["16.3.31","C0288","ASSENTAMENTO DE TUBOS E CONEXÕES EM PVC, JE DN 400mm",null,"M",15.12]
["16.3.32","C0290","ASSENTAMENTO DE TUBOS E CONEXÕES EM PVC, JE DN 450mm",null,"M",17.45]
["16.3.33","C0233","ASSENTAMENTO DE TUBOS E CONEXÕES EM PVC, JE DN 500mm",null,"M",20.17]
["16.3.34","C0277","ASSENTAMENTO DE TUBOS E CONEXÕES EM PVC, J.SOLDADA DN 32mm",null,"M",1.39]
["16.3.35","C0278","ASSENTAMENTO DE TUBOS E CONEXÕES EM PVC, J.SOLDADA DN 40mm",null,"M",1.81]
["16.3.36","C0279","ASSENTAMENTO DE TUBOS E CONEXÕES EM PVC, J.SOLDADA DN 50mm",null,"M",1.81]
["16.3.37","C0280","ASSENTAMENTO DE TUBOS E CONEXÕES EM PVC, J.SOLDADA DN 75mm",null,"M",1.86]
["16.3.38","C0275","ASSENTAMENTO DE TUBOS E CONEXÕES EM PVC, J.SOLDADA DN 100mm",null,"M",1.86]
["16.3.39","C0276","ASSENTAMENTO DE TUBOS E CONEXÕES EM PVC, J.SOLDADA DN 150mm",null,"M",2.79]
["16.3.40","C0488","BUCHA REDUÇÃO LONGA PVC P/ESGOTO 50X40mm",null,"UN",12.45]
["16.3.41","C0507","BUCHA REDUÇÃO PVC ROSC. D=3/4\"X1/2\" (25X20mm)",null,"UN",5.79]
["16.3.42","C0496","BUCHA REDUÇÃO PVC ROSC. D=1\"X1/2\"(32X20mm)",null,"UN",8.39]
["16.3.43","C0497","BUCHA REDUÇÃO PVC ROSC. D=1\"X3/4\" (32X25mm)",null,"UN",8.3]
["16.3.44","C0494","BUCHA REDUÇÃO PVC ROSC. D=1 1/4\"X1/2\" (40X20mm)",null,"UN",12.43]
["16.3.45","C0495","BUCHA REDUÇÃO PVC ROSC. D=1 1/4\"X3/4\" (40X25mm)",null,"UN",12.55]
["16.3.46","C0493","BUCHA REDUÇÃO PVC ROSC. D=1 1/4\"X1\" (40X32mm)",null,"UN",12.77]
["16.3.47","C0491","BUCHA REDUÇÃO PVC ROSC. D=1 1/2\"X1/2\" (50X20mm)",null,"UN",13.51]
["16.3.48","C0492","BUCHA REDUÇÃO PVC ROSC. D=1 1/2\"X3/4\" (50X25mm)",null,"UN",14.97]
["16.3.49","C0490","BUCHA REDUÇÃO PVC ROSC. D=1 1/2\"X1\" (50X32mm)",null,"UN",16.42]
["16.3.50","C0489","BUCHA REDUÇÃO PVC ROSC. D=1 1/2\"X1 1/4\" (50X40mm)",null,"UN",14.93]
["16.3.51","C0503","BUCHA REDUÇÃO PVC ROSC. D=2\"X1\" (60X32mm)",null,"UN",23.16]
["16.3.52","C0502","BUCHA REDUÇÃO PVC ROSC. D=2\"X1 1/4\" (60X40mm)",null,"UN",23.22]
["16.3.53","C0501","BUCHA REDUÇÃO PVC ROSC. D=2\"X1 1/2\" (60X50mm)",null,"UN",25.41]
["16.3.54","C0499","BUCHA REDUÇÃO PVC ROSC. D=2 1/2\"X1 1/4\" (75X40mm)",null,"UN",34.89]
["16.3.55","C0498","BUCHA REDUÇÃO PVC ROSC. D=2 1/2\"X1 1/2\" (75X50mm)",null,"UN",37.22]
["16.3.56","C0500","BUCHA REDUÇÃO PVC ROSC. D=2 1/2\"X2\" (75X60mm)",null,"UN",44.2]
["16.3.57","C0504","BUCHA REDUÇÃO PVC ROSC. D=3\"X1 1/2\" (85X50mm)",null,"UN",36.49]
["16.3.58","C0506","BUCHA REDUÇÃO PVC ROSC. D=3\"X2\" (85X60mm)",null,"UN",26.56]
["16.3.59","C0505","BUCHA REDUÇÃO PVC ROSC. D=3\"X2 1/2\" (85X75mm)",null,"UN",48.38]
["16.3.60","C0508","BUCHA REDUÇÃO PVC ROSC. D=4\"X3\" (110X85mm)",null,"UN",109.69]
["16.3.61","C3586","CAIXA SIFONADA 150X150X50cm COM GRELHA - PADRÃO POPULAR",null,"UN",61.91]
["16.3.62","C0680","CAP (TAMPÃO) OU PLUG (BUJÃO) PVC P/ESGOTO D=50mm-SOLD.",null,"UN",7.37]
["16.3.63","C0676","CAP (TAMPÃO) OU PLUG (BUJÃO) PVC P/ESGOTO  D=75mm - SOLD.",null,"UN",12.07]
["16.3.64","C0678","CAP (TAMPÃO) OU PLUG (BUJÃO) PVC P/ESGOTO D=100mm SOLD.",null,"UN",18.06]
["16.3.65","C0679","CAP (TAMPÃO) OU PLUG (BUJÃO) PVC P/ESGOTO D=50mm C/ANÉIS",null,"UN",8.49]
["16.3.66","C0681","CAP (TAMPÃO) OU PLUG (BUJÃO) PVC P/ESGOTO D=75mm C/ANÉIS",null,"UN",12.39]
["16.3.67","C0677","CAP (TAMPÃO) OU PLUG (BUJÃO) PVC P/ESGOTO D=100mm C/ANÉIS",null,"UN",18.01]
["16.3.68","C0685","CAP PVC BRANCO ROSC. D=1/2\" (20mm)",null,"UN",6.29]
["16.3.69","C0688","CAP PVC BRANCO ROSC. D=3/4\" (25mm)",null,"UN",6.91]
["16.3.70","C0684","CAP PVC BRANCO ROSC. D=1\" (32mm)",null,"UN",9.88]
["16.3.71","C0683","CAP PVC BRANCO ROSC. D=1 1/4\" (40mm)",null,"UN",18.84]
["16.3.72","C0682","CAP PVC BRANCO ROSC. D=1 1/2\" (50mm)",null,"UN",19.28]
["16.3.73","C0686","CAP PVC BRANCO ROSC. D=2 1/2\" (75mm)",null,"UN",33.8]
["16.3.74","C0687","CAP PVC BRANCO ROSC. D=3\" (85mm)",null,"UN",41.34]
["16.3.75","C0689","CAP PVC BRANCO ROSC. D=4\"(110mm)",null,"UN",62.86]
["16.3.76","C0690","CAP PVC SOLD. MARROM D= 20mm (1/2\")",null,"UN",3.77]
["16.3.77","C0691","CAP PVC SOLD. MARROM D= 25mm (3/4\")",null,"UN",3.89]
["16.3.78","C0692","CAP PVC SOLD. MARROM D= 32mm (1\")",null,"UN",4.91]
["16.3.79","C0693","CAP PVC SOLD. MARROM D= 40mm (1 1/4\")",null,"UN",8.34]
["16.3.80","C0694","CAP PVC SOLD. MARROM D= 50mm (1 1/2\")",null,"UN",12.22]
["16.3.81","C0695","CAP PVC SOLD. MARROM D= 60mm (2\")",null,"UN",17.91]
["16.3.82","C0696","CAP PVC SOLD. MARROM D= 75mm (2 1/2\")",null,"UN",29.75]
["16.3.83","C0697","CAP PVC SOLD. MARROM D= 85mm (3\")",null,"UN",59.58]
["16.3.84","C0698","CAP PVC SOLD. MARROM D=110mm (4\")",null,"UN",93.93]
["16.3.85","C0952","COTOVELO PVC SOLD. MARROM D=20mm (1/2\")",null,"UN",9.6]
["16.3.86","C0953","COTOVELO PVC SOLD. MARROM D=25mm (3/4\")",null,"UN",9.83]
["16.3.87","C0954","COTOVELO PVC SOLD. MARROM D=32mm (1\")",null,"UN",11.85]
["16.3.88","C0955","COTOVELO PVC SOLD. MARROM D=40mm (1 1/4\")",null,"UN",20.57]
["16.3.89","C0956","COTOVELO PVC SOLD. MARROM D=50mm (1 1/2\")",null,"UN",19.95]
["16.3.90","C0957","COTOVELO PVC SOLD. MARROM D=60mm (2\")",null,"UN",46.51]
["16.3.91","C0958","COTOVELO PVC SOLD. MARROM D=75mm (2 1/2\")",null,"UN",86.46]
["16.3.92","C0959","COTOVELO PVC SOLD. MARROM D=85mm (3\")",null,"UN",131.83]
["16.3.93","C0951","COTOVELO PVC SOLD. MARROM D=110mm (4\")",null,"UN",250.67]
["16.3.94","C0973","CRUZETA PVC BRANCO ROSC. D=1/2\" (20mm)",null,"UN",23]
["16.3.95","C0975","CRUZETA PVC BRANCO ROSC. D=3/4\" (25mm)",null,"UN",29.45]
["16.3.96","C0972","CRUZETA PVC BRANCO ROSC. D=1\" (32mm)",null,"UN",27.9]
["16.3.97","C0971","CRUZETA PVC BRANCO ROSC. D=1 1/4\" (40mm)",null,"UN",48.18]
["16.3.98","C0970","CRUZETA PVC BRANCO ROSC. D=1 1/2\" (50mm)",null,"UN",57.81]
["16.3.99","C0974","CRUZETA PVC BRANCO ROSC. D=2\" (60mm)",null,"UN",63.47]
["16.3.100","C0976","CRUZETA PVC SOLD. MARROM D= 20mm (1/2\")",null,"UN",19.55]
["16.3.101","C0977","CRUZETA PVC SOLD. MARROM D= 25mm (3/4\")",null,"UN",23.02]
["16.3.102","C0978","CRUZETA PVC SOLD. MARROM D= 32mm (1\")",null,"UN",24.31]
["16.3.103","C0980","CRUZETA PVC SOLD. MARROM D=40mm (1 1/4\")",null,"UN",34.21]
["16.3.104","C0981","CRUZETA PVC SOLD. MARROM D=50mm (1 1/2\")",null,"UN",48.95]
["16.3.105","C0982","CRUZETA PVC SOLD. MARROM D=60mm (2\")",null,"UN",52.55]
["16.3.106","C0983","CRUZETA PVC SOLD. MARROM D=75mm (2 1/2\")",null,"UN",77.65]
["16.3.107","C0984","CRUZETA PVC SOLD. MARROM D=85mm (3\")",null,"UN",104.22]
["16.3.108","C0979","CRUZETA PVC SOLD. MARROM D=110mm (4\")",null,"UN",194.45]
["16.3.109","C1525","JOELHO 90 PVC SOLD./ROSCA. D= 20mmX1/2\"",null,"UN",12]
["16.3.110","C1526","JOELHO 90 PVC SOLD./ROSCA. D= 25mmX3/4\"",null,"UN",12.65]
["16.3.111","C1527","JOELHO 90 PVC SOLD./ROSCA. D= 32mmX1\"",null,"UN",20.68]
["16.3.112","C1532","JOELHO C/VISITA. PVC P/ESG. D=75X50mm - JUNTA C/ANÉIS",null,"UN",41.15]
["16.3.113","C1528","JOELHO C/VISITA PVC P/ESG. D=100X50mm - JUNTA C/ANÉIS",null,"UN",54.1]
["16.3.114","C1530","JOELHO C/VISITA PVC P/ESG. D=100X75mm - JUNTA C/ANÉIS",null,"UN",56.17]
["16.3.115","C1533","JOELHO C/VISITA. PVC P/ESG. D=75X50mm - JUNTA SOLD.",null,"UN",38.61]
["16.3.116","C1529","JOELHO C/VISITA PVC P/ESG. D=100X50mm - JUNTA SOLD.",null,"UN",52.02]
["16.3.117","C1531","JOELHO C/VISITA PVC P/ESG. D=100X75mm - JUNTA SOLD.",null,"UN",54.88]
["16.3.118","C1543","JOELHO OU CURVA PVC ROSC. D=1/2\"(20mm)",null,"UN",12.55]
["16.3.119","C1547","JOELHO OU CURVA PVC ROSC. D=3/4\" (25mm)",null,"UN",13.55]
["16.3.120","C1542","JOELHO OU CURVA PVC ROSC. D=1\" (32mm)",null,"UN",16.7]
["16.3.121","C1541","JOELHO OU CURVA PVC ROSC. D=1 1/4\" (40mm)",null,"UN",30.31]
["16.3.122","C1540","JOELHO OU CURVA PVC ROSC. D=1 1/2\" (50mm)",null,"UN",31.46]
["16.3.123","C1545","JOELHO OU CURVA PVC ROSC. D=2\" (60mm)",null,"UN",52.96]
["16.3.124","C1544","JOELHO OU CURVA PVC ROSC. D=2 1/2\" (75mm)",null,"UN",76.45]
["16.3.125","C1546","JOELHO OU CURVA PVC ROSC. D=3\" (85mm)",null,"UN",79.05]
["16.3.126","C1548","JOELHO OU CURVA PVC ROSC. D=4\" (110mm)",null,"UN",164.04]
["16.3.127","C1551","JOELHO PVC BRANCO P/ESGOTO D=40mm (1 1/2\")",null,"UN",17.15]
["16.3.128","C1552","JOELHO PVC BRANCO P/ESGOTO D=50mm (2\")",null,"UN",18.78]
["16.3.129","C1554","JOELHO PVC BRANCO P/ESGOTO D=75mm (3\")",null,"UN",29.73]
["16.3.130","C1549","JOELHO PVC BRANCO P/ESGOTO D=100mm (4\")",null,"UN",38.15]
["16.3.131","C1553","JOELHO PVC BRANCO P/ESGOTO D=50mm (2\") - JUNTA C/ANÉIS",null,"UN",21.53]
["16.3.132","C1555","JOELHO PVC BRANCO P/ESGOTO D=75mm (3\") - JUNTA C/ANÉIS",null,"UN",30.89]
["16.3.133","C1550","JOELHO PVC BRANCO P/ESGOTO D=100mm (4\") - JUNTA C/ANÉIS",null,"UN",38.85]
["16.3.134","C1556","JOELHO PVC CINZA P/ESGOTO D=150mm (6\") - JUNTA C/ANÉIS",null,"UN",149.64]
["16.3.135","C1557","JOELHO PVC CINZA. P/ESGOTO D=150mm (6\") - JUNTA SOLD",null,"UN",127.47]
["16.3.136","C1558","JOELHO PVC SOLD. AZUL D=20mmX1/2\"",null,"UN",16.02]
["16.3.137","C1559","JOELHO PVC SOLD. AZUL D=25mmX3/4\"",null,"UN",17.86]
["16.3.138","C1560","JOELHO REDUÇÃO PVC SOLD./ROSCA. D=25mmX1/2\"",null,"UN",14.09]
["16.3.139","C1561","JOELHO REDUÇÃO PVC SOLD./ROSCA. D=32mmX3/4\"",null,"UN",24.11]
["16.3.140","C1568","JOELHO REDUÇÃO PVC ROSC. D=3/4\"X1/2\" (25X20mm)",null,"UN",14.32]
["16.3.141","C1567","JOELHO REDUÇÃO PVC ROSC. D=1\"X3/4\" (32X25mm)",null,"UN",16.21]
["16.3.142","C1562","JOELHO REDUÇÃO PVC SOLD. AZUL D=25mmX1/2\"",null,"UN",14.87]
["16.3.143","C1563","JOELHO REDUÇÃO PVC SOLD. AZUL D=32mmX3/4\"",null,"UN",29.57]
["16.3.144","C1564","JOELHO REDUÇÃO PVC SOLD.MARROM D=25X20mm (3/4\"X1/2\")",null,"UN",12.18]
["16.3.145","C1565","JOELHO REDUÇÃO PVC SOLD.MARROM D=32X25mm (1\"X3/4\")",null,"UN",15.13]
["16.3.146","C1566","JOELHO REDUÇÃO PVC SOLD.MARROM D=40X32mm (1 1/4\"X1\")",null,"UN",18.85]
["16.3.147","C4388","JOELHO 45 PVC BRANCO PARA ESGOTO D=40mm (1 1/4\")",null,"UN",21.06]
["16.3.148","C4669","JOELHO 45 PVC BRANCO PARA ESGOTO D=50mm (2\")",null,"UN",22.97]
["16.3.149","C4389","JOELHO 45 PVC BRANCO PARA ESGOTO D=75mm (3\")",null,"UN",29.37]
["16.3.150","C4390","JOELHO 45 PVC BRANCO PARA ESGOTO D=100mm (4\")",null,"UN",35.19]
["16.3.151","C4391","JOELHO 45 PVC SOLDÁVEL D=25mm (3/4\")",null,"UN",9.23]
["16.3.152","C4392","JOELHO 45 PVC SOLDÁVEL D=32mm (1\")",null,"UN",13.73]
["16.3.153","C4393","JOELHO 45 PVC SOLDÁVEL D=40mm (1 1/4\")",null,"UN",16.78]
["16.3.154","C3994","JUNÇÃO PVC BRANCO 50 x 50 mm (2\" x 2\")",null,"UN",33.2]
["16.3.155","C1575","JUNÇÃO SIMPLES C/INSPEÇÃO PVC P/ESGOTO D=75mm (3\")-C/ANÉIS",null,"UN",42.95]
["16.3.156","C1574","JUNÇÃO SIMPLES C/INSPEÇÃO PVC P/ESGOTO D=100mm (4\")-C/ANÉIS",null,"UN",50.47]
["16.3.157","C1579","JUNÇÃO SIMPLES DE REDUÇÃO PVC P/ESGOTO 75X50mm (3\"X2\")",null,"UN",38.69]
["16.3.158","C1580","JUNÇÃO SIMPLES DE REDUÇÃO PVC P/ESGOTO 75X50mm (3\"X2\")-C/ANÉIS",null,"UN",40.45]
["16.3.159","C1576","JUNÇÃO SIMPLES DE REDUÇÃO PVC P/ESGOTO 100X50mm (4\"X2\")-C/ANÉIS",null,"UN",51.84]
["16.3.160","C1577","JUNÇÃO SIMPLES DE REDUÇÃO PVC P/ESGOTO 100X75mm (4\"X3\")-C/ANÉIS",null,"UN",58.37]
["16.3.161","C1578","JUNÇÃO SIMPLES DE REDUÇÃO PVC P/ESGOTO 150X100mm (6\"X4\")-C/ANÉIS",null,"UN",116.31]
["16.3.162","C1582","JUNÇÃO SIMPLES DE REDUÇÃO PVC P/ESGOTO 100X50mm(4\"X2\")",null,"UN",50.8]
["16.3.163","C1583","JUNÇÃO SIMPLES DE REDUÇÃO PVC P/ESGOTO 100X75mm(4\"X3\")",null,"UN",58.14]
["16.3.164","C1581","JUNÇÃO SIMPLES DE REDUÇÃO PVC P/ESGOTO 150X100mm(6\"X4\")",null,"UN",107.74]
["16.3.165","C1585","JUNÇÃO SIMPLES C/INSPEÇÃO PVC P/ESGOTO D=75mm (3\")",null,"UN",42.31]
["16.3.166","C1584","JUNÇÃO SIMPLES C/INSPEÇÃO PVC P/ESGOTO D=100mm (4\")",null,"UN",50.56]
["16.3.167","C1572","JUNÇÃO DUPLA PVC BRANCO D=75mm (3\") - JUNTA C/ANÉIS",null,"UN",53.56]
["16.3.168","C1570","JUNÇÃO DUPLA PVC BRANCO D=100mm (4\") - JUNTA C/ANÉIS",null,"UN",82.13]
["16.3.169","C1573","JUNÇÃO DUPLA PVC BRANCO D=75mm(3\") - JUNTA SOLD.",null,"UN",52.28]
["16.3.170","C1571","JUNÇÃO DUPLA PVC BRANCO D=100mm (4\") - JUNTA SOLD.",null,"UN",82.31]
["16.3.171","C1720","LUVA PVC BRANCO ROSC. D=1/2\" (20mm)",null,"UN",7.09]
["16.3.172","C1724","LUVA PVC BRANCO ROSC. D=3/4\" (25mm)",null,"UN",8.13]
["16.3.173","C1719","LUVA PVC BRANCO ROSC. D=1\" (32mm)",null,"UN",10.76]
["16.3.174","C1718","LUVA PVC BRANCO ROSC. D=1 1/4\" (40mm)",null,"UN",15.37]
["16.3.175","C1717","LUVA PVC BRANCO ROSC. D=1 1/2\"  (50mm)",null,"UN",21.68]
["16.3.176","C1722","LUVA PVC BRANCO ROSC. D=2\" (60mm)",null,"UN",23.89]
["16.3.177","C1721","LUVA PVC BRANCO ROSC. D=2 1/2\" (75mm)",null,"UN",35.07]
["16.3.178","C1723","LUVA PVC BRANCO ROSC. D=3\" (85mm)",null,"UN",45.63]
["16.3.179","C1725","LUVA PVC BRANCO ROSC. D=4\" (110mm)",null,"UN",62.8]
["16.3.180","C1726","LUVA PVC SOLD. AZUL C/ROSCA MET. D=20mmX1/2\"",null,"UN",10.28]
["16.3.181","C1727","LUVA PVC SOLD. AZUL C/ROSCA MET. D=25mmX3/4\"",null,"UN",11.98]
["16.3.182","C1728","LUVA PVC SOLD. MARROM D= 20mm (1/2\")",null,"UN",5.65]
["16.3.183","C1729","LUVA PVC SOLD. MARROM D= 25mm (3/4\")",null,"UN",5.96]
["16.3.184","C1730","LUVA PVC SOLD. MARROM D= 32mm (1\")",null,"UN",7.55]
["16.3.185","C1731","LUVA PVC SOLD. MARROM D= 40mm (1 1/4\")",null,"UN",12.76]
["16.3.186","C1732","LUVA PVC SOLD. MARROM D= 50mm (1 1/2\")",null,"UN",13.68]
["16.3.187","C1733","LUVA PVC SOLD. MARROM D= 60mm (2\")",null,"UN",24.32]
["16.3.188","C1734","LUVA PVC SOLD. MARROM D= 75mm (2 1/2\")",null,"UN",35.42]
["16.3.189","C1735","LUVA PVC SOLD. MARROM D= 85mm (3\")",null,"UN",62.88]
["16.3.190","C1736","LUVA PVC SOLD. MARROM D=110mm (4\")",null,"UN",63.95]
["16.3.191","C1737","LUVA PVC SOLD./ROSCA. D=20mmX1/2\"",null,"UN",8.93]
["16.3.192","C1738","LUVA PVC SOLD./ROSCA. D=25mmX1/2\"",null,"UN",9.62]
["16.3.193","C1739","LUVA PVC SOLD./ROSCA. D=25mmX3/4\"",null,"UN",9.29]
["16.3.194","C1740","LUVA PVC SOLD./ROSCA. D=32mmX1\"",null,"UN",12.75]
["16.3.195","C1741","LUVA PVC SOLD./ROSCA. D=40mmX1 1/4\"",null,"UN",24.08]
["16.3.196","C1742","LUVA PVC SOLD./ROSCA. D=50mmX1 1/2\"",null,"UN",33.22]
["16.3.197","C1752","LUVA REDUÇÃO PVC ROSC. D=3/4\"X1/2\" (25X20mm)",null,"UN",9.62]
["16.3.198","C1751","LUVA REDUÇÃO PVC ROSC. D=1\"X3/4\" (32X25mm)",null,"UN",11.39]
["16.3.199","C1753","LUVA REDUÇÃO PVC SOLDÁVEL AZUL C/ROSCA METÁLICA, D=25mmX1/2\"",null,"UN",11.31]
["16.3.200","C1743","LUVA REDUÇÃO PVC SOLDÁVEL MARROM D= 25X20mm (3/4\"X1/2\")",null,"UN",6.47]
["16.3.201","C1744","LUVA REDUÇÃO PVC SOLDÁVEL MARROM D= 32X25mm (1\"X3/4\")",null,"UN",8.61]
["16.3.202","C1745","LUVA REDUÇÃO PVC SOLDÁVEL MARROM D= 40X32mm (1 1/4\"X1\")",null,"UN",18.56]
["16.3.203","C1748","LUVA REDUÇÃO PVC SOLDÁVEL MARROM D=75X60mm ( 2 1/2\"X2\")",null,"UN",28.36]
["16.3.204","C1749","LUVA REDUÇÃO PVC SOLDÁVEL MARROM D=85X60mm (3\"X2\")",null,"UN",37.11]
["16.3.205","C1750","LUVA REDUÇÃO PVC SOLDÁVEL MARROM D=85X75mm (3\"X2 1/2\")",null,"UN",45.15]
["16.3.206","C1746","LUVA REDUÇÃO PVC SOLDÁVEL MARROM D=110X75mm (4\"X2 1/2\")",null,"UN",69.82]
["16.3.207","C1747","LUVA REDUÇÃO PVC SOLDÁVEL MARROM D=110X85mm (4\"X3\")",null,"UN",65.26]
["16.3.208","C1760","LUVA SIMPLES PVC BRANCO P/ESGOTO 40mm (1 1/2\")",null,"UN",9.87]
["16.3.209","C1761","LUVA SIMPLES PVC BRANCO P/ESGOTO 50mm (2\")",null,"UN",12.42]
["16.3.210","C1762","LUVA SIMPLES PVC BRANCO P/ESGOTO 75mm (3\")",null,"UN",20.96]
["16.3.211","C1758","LUVA SIMPLES PVC BRANCO P/ESGOTO 100mm (4\")",null,"UN",25.88]
["16.3.212","C1759","LUVA SIMPLES PVC BRANCO P/ESGOTO 150mm (6\")",null,"UN",63.55]
["16.3.213","C1756","LUVA SIMPLES PVC BRANCO P/ESGOTO D=50mm (2\")-C/ANÉIS",null,"UN",14.67]
["16.3.214","C1757","LUVA SIMPLES PVC BRANCO P/ESGOTO D=75mm (3\")-C/ANÉIS",null,"UN",21.6]
["16.3.215","C1754","LUVA SIMPLES PVC BRANCO P/ESGOTO D=100mm (4')-C/ANÉIS",null,"UN",25.79]
["16.3.216","C1755","LUVA SIMPLES PVC BRANCO P/ESGOTO D=150mm (6\")-C/ANÉIS",null,"UN",72.16]
["16.3.217","C1697","LUVA DUPLA OU DE CORRER PVC P/ESGOTO 40mm",null,"UN",9.87]
["16.3.218","C1699","LUVA DUPLA PVC P/ESGOTO D=50mm (2\")-C/ANÉIS",null,"UN",23.1]
["16.3.219","C1700","LUVA DUPLA PVC P/ESGOTO D=75mm (3\")-C/ANÉIS",null,"UN",27.74]
["16.3.220","C1698","LUVA DUPLA PVC P/ESGOTO D=100mm (4\")-C/ANÉIS",null,"UN",38.41]
["16.3.221","C1702","LUVA DUPLA PVC P/ESGOTO 50mm JUNTAS SOLDADAS",null,"UN",20.85]
["16.3.222","C1703","LUVA DUPLA PVC P/ESGOTO 75mm JUNTAS SOLDADAS",null,"UN",27.1]
["16.3.223","C1701","LUVA DUPLA PVC P/ESGOTO 100mm JUNTAS SOLDADAS",null,"UN",38.5]
["16.3.224","C3582","MUTIRÃO MISTO - ADAPTADOR DE JUNTA ELÂSTICA P/SIFÃO METAL PVC P/ESGOTO D=40mm",null,"UN",7.4]
[]
["16.3.225","C3556","MUTIRÃO MISTO - ADAPTADOR PVC SOLDÁVEL FLANGES LIVRES P/CX. D'ÁGUA 25mm (3/4\")",null,"UN",19.24]
[]
["16.3.226","C3585","MUTIRÃO MISTO - CAIXA SIFONADA 150X150X50cm COM GRELHA",null,"UN",51.36]
["16.3.227","C3588","MUTIRÃO MISTO - JOELHO PVC BRANCO P/ESGOTO D=40mm(1 1/2\")",null,"UN",11.24]
["16.3.228","C3589","MUTIRÃO MISTO - JOELHO PVC BRANCO P/ESGOTO D=50mm(2\")",null,"UN",12.87]
["16.3.229","C3587","MUTIRÃO MISTO - JOELHO PVC BRANCO P/ESGOTO D=100mm(4\")",null,"UN",28.65]
["16.3.230","C3559","MUTIRÃO MISTO - JOELHO PVC SOLDÁVEL AZUL D=25mmX3/4\"",null,"UN",14.07]
["16.3.231","C3557","MUTIRÃO MISTO - JOELHO REDUÇÃO 90 PVC SOLDÁVEL C/ROSCA D=25mmX1/2\"",null,"UN",9.87]
["16.3.232","C3558","MUTIRÃO MISTO - JOELHO REDUÇÃO PVC SOLDÁVEL AZUL D=25mmX1/2\"",null,"UN",11.08]
["16.3.233","C3560","MUTIRÃO MISTO - LUVA PVC  SOLDÁVEL AZUL C/ROSCA MET. D=25mmX3/4\"",null,"UN",10.08]
["16.3.234","C3561","MUTIRÃO MISTO - TE PVC SOLDÁVEL MARROM D=25mm (3/4\")",null,"UN",7.07]
["16.3.235","C3562","MUTIRÃO MISTO - TUBO PVC SOLDÁVEL MARROM D= 25mm (3/4\")",null,"M",7.56]
["16.3.236","C3591","MUTIRÃO MISTO - TUBO PVC BRANCO P/ESGOTO D=40mm(1 1/2\")",null,"M",14.04]
["16.3.237","C3592","MUTIRÃO MISTO - TUBO PVC BRANCO P/ESGOTO D=50mm(2\")",null,"M",19.86]
["16.3.238","C3590","MUTIRÃO MISTO - TUBO PVC BRANCO P/ESGOTO D=100mm(4\")",null,"M",33.62]
["16.3.239","C1827","NIPLE EM PVC C/ ROSCA DE 1 1/4\"",null,"UN",18.02]
["16.3.240","C1828","NIPLE EM PVC C/ ROSCA DE 2 1/2\"",null,"UN",29.85]
["16.3.241","C2093","RALO SECO  PVC RÍGIDO",null,"UN",60.6]
["16.3.242","C2145","REDUÇÃO EXCÊNTRICA PVC BRANCO REFORÇADO  D=75X50mm (3\"X2\")",null,"UN",17.92]
["16.3.243","C2143","REDUÇÃO EXCÊNTRICA PVC BRANCO REFORÇADO  D=100X75mm (4\"X3\")",null,"UN",25.94]
["16.3.244","C2144","REDUÇÃO EXCÊNTRICA PVC BRANCO REFORÇADO  D=150x150mm(6\"x4\")= (150 X 100MM)",null,"UN",79.63]
[]
["16.3.245","C2153","REDUÇÃO PVC BRANCO/CINZA P/ESGOTO D=100X75mm (4\"X3\")",null,"UN",39]
["16.3.246","C2151","REDUÇÃO PVC BRANCO P/ESGOTO D=75X50mm (3\"X2\")",null,"UN",29.09]
["16.3.247","C2146","REDUÇÃO PVC BRANCO P/ESGOTO D=100X50mm (4\"X2\")",null,"UN",25.09]
["16.3.248","C2149","REDUÇÃO PVC BRANCO P/ESGOTO D=150X100mm (6\"X4\")",null,"UN",78.87]
["16.3.249","C2152","REDUÇÃO PVC BRANCO P/ESGOTO D=75X50mm (3\"X2\")-C/ANÉIS",null,"UN",38]
["16.3.250","C2147","REDUÇÃO PVC BRANCO P/ESGOTO D=100X50mm (4\"X2\")-C/ANÉIS",null,"UN",40.73]
["16.3.251","C2148","REDUÇÃO PVC BRANCO P/ESGOTO D=100X75mm (4\"X3\")-C/ANÉIS",null,"UN",55.93]
["16.3.252","C2150","REDUÇÃO PVC BRANCO P/ESGOTO D=150X100mm (6\"X4\")-C/ANÉIS",null,"UN",84.81]
["16.3.253","C2320","TÊ PVC BRANCO C/INSPEÇÃO P/ESGOTO D=150mm(6\")",null,"UN",238.38]
["16.3.254","C2345","TÊ PVC BRANCO C/INSPEÇÃO P/ESGOTO D=75mm (3\")",null,"UN",55.26]
["16.3.255","C2343","TÊ PVC BRANCO C/INSPEÇÃO P/ESGOTO D=100mm (4\")",null,"UN",65.29]
["16.3.256","C2346","TÊ PVC BRANCO C/INSPEÇÃO P/ESGOTO D=75mm (3\")-JUNTAS C/ANEIS",null,"UN",55.9]
["16.3.257","C2344","TÊ PVC BRANCO C/INSPEÇÃO P/ESGOTO D=100mm (4\")-JUNTAS C/ANÉIS",null,"UN",65.2]
["16.3.258","C2350","TÊ PVC BRANCO C/REDUÇÃO P/ESGOTO D=75X50mm (3\"X2\")",null,"UN",37.12]
["16.3.259","C2347","TÊ PVC BRANCO C/REDUÇÃO P/ESGOTO D=100X50mm (4\"X2\")",null,"UN",48.99]
["16.3.260","C2348","TÊ PVC BRANCO C/REDUÇÃO P/ESGOTO D=100X75mm (4\"X3\")",null,"UN",53.19]
["16.3.261","C2349","TÊ PVC BRANCO C/REDUÇÃO P/ESGOTO D=150X100mm (6\"X4\")",null,"UN",138.37]
["16.3.262","C2360","TÊ PVC BRANCO P/ESGOTO D=50mm (2\") - JUNTA C/ANÉIS",null,"UN",29.24]
["16.3.263","C2362","TÊ PVC BRANCO P/ESGOTO D=75mm (3\") - JUNTA C/ANÉIS",null,"UN",44.86]
["16.3.264","C2355","TÊ PVC BRANCO P/ESGOTO D=100mm (4\") - JUNTA C/ANÉIS",null,"UN",51.87]
["16.3.265","C2351","TÊ PVC BRANCO P/ ESGOTO D=150mm (6\") - JUNTA C/ANÉIS",null,"UN",91.94]
["16.3.266","C2358","TÊ PVC BRANCO P/ESGOTO D=40mm (1 1/2\")-JUNTAS SOLD.",null,"UN",19.96]
["16.3.267","C2359","TÊ PVC BRANCO P/ESGOTO D=50MM (2')-JUNTAS SOLD.",null,"UN",25.12]
["16.3.268","C2363","TÊ PVC BRANCO P/ESGOTO D=75mm (3\")-JUNTAS SOLD.",null,"UN",43.11]
["16.3.269","C2356","TÊ PVC BRANCO P/ESGOTO D=100mm (4\")-JUNTAS SOLD.",null,"UN",50.8]
["16.3.270","C2352","TÊ PVC BRANCO P/ ESGOTO D=150mm (6\") - JUNTAS SOLD.",null,"UN",79.02]
["16.3.271","C2361","TÊ PVC BRANCO P/ESGOTO D=75X50mm (3\"X2\")-JUNTAS C/ANÉIS",null,"UN",38.88]
["16.3.272","C2353","TÊ PVC BRANCO P/ESGOTO D=100X50mm (4\"X2\")-JUNTAS C/ANÉIS",null,"UN",50.03]
["16.3.273","C2354","TÊ PVC BRANCO P/ESGOTO D=100X75mm (4\"X3\")-JUNTAS C/ANÉIS",null,"UN",77.03]
["16.3.274","C2357","TÊ PVC BRANCO P/ESGOTO D=150X100mm (6\"X4\")-JUNTAS C/ANÉIS",null,"UN",146.94]
["16.3.275","C2364","TÊ PVC BRANCO ROSC. D=  1/2\" (20mm)",null,"UN",15.4]
["16.3.276","C2371","TÊ PVC BRANCO ROSC. D=3/4' (25mm)",null,"UN",16.36]
["16.3.277","C2366","TÊ PVC BRANCO ROSC. D= 1\" (32mm)",null,"UN",25.11]
["16.3.278","C2365","TÊ PVC BRANCO ROSC. D= 1 1/2\" (50mm)",null,"UN",46.04]
["16.3.279","C2368","TÊ PVC BRANCO ROSC. D=1 1/4\" (40mm)",null,"UN",40.41]
["16.3.280","C2367","TÊ PVC BRANCO ROSC. D= 2\" (60mm)",null,"UN",71.59]
["16.3.281","C2369","TÊ PVC BRANCO ROSC. D=2 1/2\" (75mm)",null,"UN",89.96]
["16.3.282","C2370","TÊ PVC BRANCO ROSC. D=3\" (85mm)",null,"UN",109.69]
["16.3.283","C2372","TÊ PVC BRANCO ROSC. D=4\" (110mm)",null,"UN",211.39]
["16.3.284","C2373","TÊ PVC CINZA C/INSPEÇÃO P/ESGOTO D=150mm (6\")-JUNTAS C/ANÉIS",null,"UN",334.46]
["16.3.285","C2375","TÊ PVC CINZA C/INSPEÇÃO P/ESGOTO D=150mm (6\")-JUNTAS SOLD.",null,"UN",325.85]
["16.3.286","C2376","TÊ PVC CINZA P/ESGOTO D=150MM (6')-JUNTAS C/ANÉIS",null,"UN",201.45]
["16.3.287","C2377","TÊ PVC CINZA P/ESGOTO D=150MM (6')-JUNTAS SOLD.",null,"UN",188.53]
["16.3.288","C2378","TÊ PVC SOLD./ROSCA AZUL D=20mmX20mmX1/2\"",null,"UN",19.66]
["16.3.289","C2379","TÊ PVC SOLD./ROSCA AZUL D=25mmX25mmX3/4'",null,"UN",21.97]
["16.3.290","C2380","TÊ PVC SOLD. MARROM D= 20mm (1/2\")",null,"UN",10.8]
["16.3.291","C2381","TÊ PVC SOLD. MARROM D= 25mm (3/4\")",null,"UN",11.08]
["16.3.292","C2382","TÊ PVC SOLD. MARROM D= 32mm (1\")",null,"UN",14.14]
["16.3.293","C2383","TÊ PVC SOLD. MARROM D= 40mm (1 1/4\")",null,"UN",25.58]
["16.3.294","C2384","TÊ PVC SOLD. MARROM D= 50mm (1 1/2\")",null,"UN",26.6]
["16.3.295","C2385","TÊ PVC SOLD. MARROM D= 60mm (2\")",null,"UN",50.47]
["16.3.296","C2386","TÊ PVC SOLD. MARROM D= 75mm (2 1/2\")",null,"UN",87.44]
["16.3.297","C2387","TÊ PVC SOLD. MARROM D= 85mm (3\")",null,"UN",110.78]
["16.3.298","C2388","TÊ PVC SOLD. MARROM D=110mm (4\")",null,"UN",216.06]
["16.3.299","C2389","TE PVC SOLD./ROSCA D=20mmX20mmX1/2\"",null,"UN",12.89]
["16.3.300","C2390","TE PVC SOLD./ROSCA D=25mmX25mmX3/4\"",null,"UN",15.02]
["16.3.301","C2391","TE PVC SOLD./ROSCA D=32mmX32mmX1\"",null,"UN",25.81]
["16.3.302","C2400","TE REDUCAO PVC ROSCAVEL DE 3/4\" X 1/2\" PARA AGUA FRIA\n",null,"UN",20.73]
[]
["16.3.303","C2399","TE REDUCAO PVC ROSCAVEL DE 1\" X 3/4\" PARA AGUA FRIA\n",null,"UN",23.7]
[]
["16.3.304","C2398","TE REDUCAO PVC ROSCAVEL DE 1 1/2\" X 3/4\" PARA AGUA FRIA\n",null,"UN",42.89]
[]
["16.3.305","C5126","TE REDUCAO PVC ROSCAVEL DE 1 1/4\" X 1\" PARA AGUA FRIA\n",null,"UN",40.53]
[]
["16.3.306","C5127","TE REDUCAO PVC ROSCAVEL DE 1 1/2\" X 1 1/4\" PARA AGUA FRIA",null,"UN",41.1]
["16.3.307","C2393","TÊ REDUÇÃO PVC SOLD./ROSCA AZUL D=32mmX32mmX3/4\"",null,"UN",24.24]
["16.3.308","C2392","TÊ REDUÇÃO PVC SOLD./ROSCA AZUL D=25mmX25mmX1/2\"",null,"UN",20.84]
["16.3.309","C2404","TE REDUCAO PVC SOLDAVEL DE 25X20 MM PARA AGUA FRIA\n",null,"UN",14.26]
[]
["16.3.310","C2405","TE REDUCAO PVC SOLDAVEL DE 32X25 MM PARA AGUA FRIA\n",null,"UN",17.81]
[]
["16.3.311","C2406","TE REDUCAO PVC SOLDAVEL DE  40X32MM PARA AGUA FRIA\n",null,"UN",25.71]
[]
["16.3.312","C2407","TE REDUCAO PVC SOLDAVEL DE  50X20MM PARA ÁGUA FRIA",null,"UN",26.21]
["16.3.313","C2408","TE REDUCAO PVC SOLDAVEL DE  50X25MM PARA AGUA FRIA",null,"UN",28.01]
["16.3.314","C2409","TE REDUCAO PVC SOLDAVEL DE  50X32MM PARA AGUA FRIA",null,"UN",33.2]
["16.3.315","C2410","TE REDUCAO PVC SOLDAVEL DE  50X40MM PARA AGUA FRIA\n",null,"UN",36.99]
[]
["16.3.316","C2411","TE REDUCAO PVC SOLDAVEL DE  75X50MM PARA AGUA FRIA",null,"UN",74.31]
["16.3.317","C2412","TE REDUCAO PVC ROSCAVEL DE 2 1/2\" X 2\" PARA AGUA FRIA\n",null,"UN",91.14]
[]
["16.3.318","C2413","TE REDUCAO PVC SOLDAVEL DE  85X60MM PARA AGUA FRIA",null,"UN",136.61]
["16.3.319","C2414","TE REDUCAO PVC ROSCAVEL DE 3\" X 2 1/2\" PARA AGUA FRIA\n",null,"UN",93.67]
[]
["16.3.320","C2401","TE REDUCAO PVC SOLDAVEL DE 110X60MM PARA AGUA FRIA",null,"UN",186.74]
["16.3.321","C2402","TE REDUCAO PVC SOLDAVEL DE 110X75MM PARA AGUA FRIA",null,"UN",198.5]
["16.3.322","C2403","TE REDUCAO PVC SOLDAVEL DE 110X85MM PARA AGUA FRIA",null,"UN",221.64]
["16.3.323","C2341","TÊ REDUÇÃO PVC SOLD./ROSCA. D=25mmX25mmX1/2\"",null,"UN",16.05]
["16.3.324","C2342","TÊ REDUÇÃO PVC SOLD./ROSCA. D=32mmX32mmX3/4\"",null,"UN",25.77]
["16.3.325","C4822","TERMINAL DE VENTILAÇÃO PVC 50MM",null,"UN",18.84]
["16.3.326","C4823","TERMINAL DE VENTILACAO PVC 75 MM",null,"UN",28.2]
["16.3.327","C4824","TERMINAL DE VENTILAÇÃO PVC 100MM\n",null,"UN",32.86]
[]
["16.3.328","C2595","TUBO PVC BRANCO P/ESGOTO D=40mm (1 1/2\")",null,"M",19.1]
["16.3.329","C2596","TUBO PVC BRANCO P/ESGOTO D=50mm (2\")",null,"M",26.19]
["16.3.330","C2598","TUBO PVC BRANCO P/ESGOTO D=75mm (3\")",null,"M",40.49]
["16.3.331","C2593","TUBO PVC BRANCO P/ESGOTO D=100MM (4')",null,"M",44.59]
["16.3.332","C2597","TUBO PVC BRANCO P/ESGOTO D=50mm (2\") - JUNTA C/ANÉIS",null,"M",26.16]
["16.3.333","C2599","TUBO PVC BRANCO P/ESGOTO D=75mm (3\") - JUNTA C/ANÉIS",null,"M",39.33]
["16.3.334","C2594","TUBO PVC BRANCO P/ESGOTO D=100mm (4\") - JUNTA C/ANÉIS",null,"M",42.67]
["16.3.335","C2600","TUBO PVC BRANCO RÍGIDO ESGOTO D=150mm (6\")",null,"M",70.13]
["16.3.336","C2601","TUBO PVC BRANCO RÍGIDO ESGOTO D=200mm (8\")",null,"M",129.39]
["16.3.337","C2602","TUBO PVC BRANCO RÍGIDO ESGOTO D=250mm (10\")",null,"M",146.4]
["16.3.338","C2603","TUBO PVC BRANCO RÍGIDO ESGOTO D=300mm (12\")",null,"M",204.2]
["16.3.339","C2613","TUBO PVC CINZA RÍGIDO ESGOTO D=150mm (6\") JUNTA C/ANÉIS",null,"M",124.75]
["16.3.340","C2614","TUBO PVC CINZA RÍGIDO ESGOTO D=150mm (6\") JUNTA SOLD.",null,"M",127.57]
["16.3.341","C2607","TUBO PVC ROSC. BRANCO D= 1/2\" (20mm)",null,"M",12.66]
["16.3.342","C2611","TUBO PVC ROSC. BRANCO D= 3/4\" (25mm)",null,"M",18.46]
["16.3.343","C2606","TUBO PVC ROSC. BRANCO D= 1\" (32mm)",null,"M",27.89]
["16.3.344","C2605","TUBO PVC ROSC. BRANCO D= 1 1/4\" (40mm)",null,"M",38.75]
["16.3.345","C2604","TUBO PVC ROSC. BRANCO D= 1 1/2\" (50mm)",null,"M",48.59]
["16.3.346","C2609","TUBO PVC ROSC. BRANCO D= 2\" (60mm)",null,"M",66.87]
["16.3.347","C2608","TUBO PVC ROSC. BRANCO D= 2 1/2\" (75mm)",null,"M",91.43]
["16.3.348","C2610","TUBO PVC ROSC. BRANCO D= 3\" (85mm)",null,"M",124.85]
["16.3.349","C2612","TUBO PVC ROSC. BRANCO D= 4\"(110mm)",null,"M",147.69]
["16.3.350","C4760","TUBO PVC SÉRIE REFORÇADA P/ ESGOTO D=100MM (4\") - INCLUSIVE CONEXÕES                                     \n",null,"M",83.36]
[]
["16.3.351","C4763","TUBO PVC SÉRIE REFORÇADA P/ ESGOTO D=150MM (6\") JUNTA COM ANEL                                \n",null,"M",122.42]
[]
["16.3.352","C2615","TUBO PVC SOLD. MARROM D= 20mm (1/2\")",null,"M",7.42]
["16.3.353","C2616","TUBO PVC SOLD. MARROM D= 25mm (3/4\")",null,"M",10.09]
["16.3.354","C2617","TUBO PVC SOLD. MARROM D= 32mm (1\")",null,"M",14.85]
["16.3.355","C2618","TUBO PVC SOLD. MARROM D= 40mm (1 1/4\")",null,"M",22.11]
["16.3.356","C2619","TUBO PVC SOLD. MARROM D= 50mm (1 1/2\")",null,"M",25.88]
["16.3.357","C2620","TUBO PVC SOLD. MARROM D= 60mm (2\")",null,"M",38.66]
["16.3.358","C2621","TUBO PVC SOLD. MARROM D= 75mm (2 1/2\")",null,"M",60.35]
["16.3.359","C2622","TUBO PVC SOLD. MARROM D= 85mm (3\")",null,"M",73.88]
["16.3.360","C2623","TUBO PVC SOLD. MARROM D=110mm (4\")",null,"M",106.69]
["16.3.361","C2624","TUBO PVC SOLD. MARROM INCL.CONEXÕES D= 20mm (1/2\")",null,"M",21.56]
["16.3.362","C2625","TUBO PVC SOLD. MARROM INCL.CONEXÕES D= 25mm(3/4\")",null,"M",25.91]
["16.3.363","C2626","TUBO PVC SOLD. MARROM INCL.CONEXÕES D= 32mm(1\")",null,"M",34.22]
["16.3.364","C2627","TUBO PVC SOLD. MARROM INCL.CONEXÕES D= 40mm (1 1/4\")",null,"M",42.44]
["16.3.365","C2628","TUBO PVC SOLD. MARROM INCL.CONEXÕES D= 50mm (1 1/2\")",null,"M",48.51]
["16.3.366","C2629","TUBO PVC SOLD. MARROM INCL.CONEXÕES D= 60mm (2\")",null,"M",67.02]
["16.3.367","C2631","TUBO PVC SOLD. MARROM INCL.CONEXÕES D=75mm (2 1/2\")",null,"M",99.33]
["16.3.368","C2632","TUBO PVC SOLD. MARROM INCL.CONEXÕES D=85MM(3')",null,"M",113.17]
["16.3.369","C2630","TUBO PVC SOLD. MARROM INCL.CONEXÕES D=110mm(4')",null,"M",157.69]
["16.3.370","C2648","UNIÃO PVC BRANCO ROSC. D=1/2\" (20mm)",null,"UN",13.02]
["16.3.371","C2652","UNIÃO PVC BRANCO ROSC. D=3/4\" (25mm)",null,"UN",15.03]
["16.3.372","C2647","UNIÃO PVC BRANCO ROSC. D=1\" (32mm)",null,"UN",26.55]
["16.3.373","C2646","UNIÃO PVC BRANCO ROSC. D=1 1/4\" (40mm)",null,"UN",44.12]
["16.3.374","C2645","UNIÃO PVC BRANCO ROSC. D=1 1/2\" (50mm)",null,"UN",44.74]
["16.3.375","C2650","UNIÃO PVC BRANCO ROSC. D=2\" (60mm)",null,"UN",97.3]
["16.3.376","C2651","UNIÃO PVC BRANCO ROSC. D=3\" (85mm)",null,"UN",241.39]
["16.3.377","C2649","UNIÃO PVC BRANCO ROSC. D=2 1/2\" (75mm)",null,"UN",192.95]
["16.3.378","C2653","UNIÃO PVC BRANCO ROSC. D=4\" (110mm)",null,"UN",366.81]
["16.3.379","C2654","UNIÃO PVC SOLD. MARROM D= 20mm (1/2\")",null,"UN",12.18]
["16.3.380","C2655","UNIÃO PVC SOLD. MARROM D= 25mm (3/4\")",null,"UN",13.95]
["16.3.381","C2656","UNIÃO PVC SOLD. MARROM D= 32mm (1\")",null,"UN",20.28]
["16.3.382","C2657","UNIÃO PVC SOLD. MARROM D= 40mm (1 1/4\")",null,"UN",36.63]
["16.3.383","C2658","UNIÃO PVC SOLD. MARROM D= 50mm (1 1/2\")",null,"UN",39.42]
["16.3.384","C2659","UNIÃO PVC SOLD. MARROM D= 60mm (2\")",null,"UN",88.67]
["16.3.385","C2660","UNIÃO PVC SOLD. MARROM D= 75mm (2 1/2\")",null,"UN",174.82]
["16.3.386","C2661","UNIÃO PVC SOLD. MARROM D= 85mm (3\")",null,"UN",204.43]
["16.3.387","C2662","UNIÃO PVC SOLD. MARROM D=110mm (4\")",null,"UN",434.09]
["16.4","TUBOS E CONEXÕES DE PRFV",{"$nulls":3},326.47]
["16.4.1","C4188","ASSENTAMENTO DE TUBO, PEÇAS E CONEXÕES EM PRFV, JE DN 300mm",null,"M",17.43]
["16.4.2","C4189","ASSENTAMENTO DE TUBO, PEÇAS E CONEXÕES EM PRFV, JE DN 350mm",null,"M",18.27]
["16.4.3","C4190","ASSENTAMENTO DE TUBO, PEÇAS E CONEXÕES EM PRFV, JE DN 400mm",null,"M",20.86]
["16.4.4","C4191","ASSENTAMENTO DE TUBO, PEÇAS E CONEXÕES EM PRFV, JE DN 450mm",null,"M",21.98]
["16.4.5","C4192","ASSENTAMENTO DE TUBO, PEÇAS E CONEXÕES EM PRFV, JE DN 500mm",null,"M",23.14]
["16.4.6","C4193","ASSENTAMENTO DE TUBO, PEÇAS E CONEXÕES EM PRFV, JE DN 600mm",null,"M",25.59]
["16.4.7","C4194","ASSENTAMENTO DE TUBO, PEÇAS E CONEXÕES EM PRFV, JE DN 700mm",null,"M",28.87]
["16.4.8","C4195","ASSENTAMENTO DE TUBO, PEÇAS E CONEXÕES EM PRFV, JE DN 800mm",null,"M",34.75]
["16.4.9","C4196","ASSENTAMENTO DE TUBO, PEÇAS E CONEXÕES EM PRFV, JE DN 900mm",null,"M",39.08]
["16.4.10","C4197","ASSENTAMENTO DE TUBO, PEÇAS E CONEXÕES EM PRFV, JE DN 1000mm",null,"M",44.17]
["16.4.11","C4198","ASSENTAMENTO DE TUBO, PEÇAS E CONEXÕES EM PRFV, JE DN 1200mm",null,"M",52.33]
["16.5","TUBOS E CONEXÕES DE CERÂMICA",{"$nulls":3},402.02]
["16.5.1","C0235","ASSENTAMENTO DE TUBOS E CONEXÕES CERÂMICOS, J.ARG. D= 100mm",null,"M",7.48]
["16.5.2","C0239","ASSENTAMENTO DE TUBOS E CONEXÕES CERÂMICOS, J.ARG. D=150mm",null,"M",9.66]
["16.5.3","C0236","ASSENTAMENTO DE TUBOS E CONEXÕES CERÂMICOS, J.ARG. D= 200mm",null,"M",11.74]
["16.5.4","C0237","ASSENTAMENTO DE TUBOS E CONEXÕES CERÂMICOS, J.ARG. D= 250mm",null,"M",15.85]
["16.5.5","C0238","ASSENTAMENTO DE TUBOS E CONEXÕES CERÂMICOS, J.ARG. D= 300mm",null,"M",19.63]
["16.5.6","C0240","ASSENTAMENTO DE TUBOS E CONEXÕES CERÂMICOS, J.ASF. D= 100mm",null,"M",23.92]
["16.5.7","C0241","ASSENTAMENTO DE TUBOS E CONEXÕES CERÂMICOS, J.ASF. D= 150mm",null,"M",27.14]
["16.5.8","C0242","ASSENTAMENTO DE TUBOS E CONEXÕES CERÂMICOS, J.ASF. D= 200mm",null,"M",32.14]
["16.5.9","C0243","ASSENTAMENTO DE TUBOS E CONEXÕES CERÂMICOS, J.ASF. D= 250mm",null,"M",43.59]
["16.5.10","C0244","ASSENTAMENTO DE TUBOS E CONEXÕES CERÂMICOS, J.ASF. D= 300mm",null,"M",55.12]
["16.5.11","C0245","ASSENTAMENTO DE TUBOS E CONEXÕES CERÂMICOS, J.ASF. D= 350mm",null,"M",70]
["16.5.12","C0246","ASSENTAMENTO DE TUBOS E CONEXÕES CERÂMICOS, J.ASF. D= 400mm",null,"M",85.75]
["16.6","TUBOS E CONEXÕES DE CONCRETO",{"$nulls":3},3303.38]
["16.6.1","C0305","ASSENTAMENTO DE TUBOS EM CONCRETO,JUNTA ARGAMASSADA, D=150mm",null,"M",24.85]
["16.6.2","C0306","ASSENTAMENTO DE TUBOS EM CONCRETO,JUNTA ARGAMASSADA, D=200mm",null,"M",33.08]
["16.6.3","C0298","ASSENTAMENTO DE TUBOS EM CONCRETO, JE D= 300mm",null,"M",42.8]
["16.6.4","C0299","ASSENTAMENTO DE TUBOS EM CONCRETO, JE D= 400mm",null,"M",66.67]
["16.6.5","C0300","ASSENTAMENTO DE TUBOS EM CONCRETO, JE D=500mm",null,"M",91.84]
["16.6.6","C0301","ASSENTAMENTO DE TUBOS EM CONCRETO, JE D=600mm",null,"M",115.49]
["16.6.7","C0302","ASSENTAMENTO DE TUBOS EM CONCRETO, JE D= 700mm",null,"M",144.53]
["16.6.8","C0303","ASSENTAMENTO DE TUBOS EM CONCRETO, JE D= 800mm",null,"M",170.46]
["16.6.9","C0304","ASSENTAMENTO DE TUBOS EM CONCRETO, JE D= 900mm",null,"M",210.69]
["16.6.10","C0293","ASSENTAMENTO DE TUBOS EM CONCRETO, JE D= 1000mm",null,"M",270.08]
["16.6.11","C0294","ASSENTAMENTO DE TUBOS EM CONCRETO, JE D= 1200mm",null,"M",360.04]
["16.6.12","C0295","ASSENTAMENTO DE TUBOS EM CONCRETO, JE D=1500mm",null,"M",455.31]
["16.6.13","C0296","ASSENTAMENTO DE TUBOS EM CONCRETO, JE D= 1750mm",null,"M",579.84]
["16.6.14","C0297","ASSENTAMENTO DE TUBOS EM CONCRETO, JE D=2000mm",null,"M",737.7]
["16.7","TUBOS E CONEXÕES DE COBRE",{"$nulls":3},8368.12]
["16.7.1","C1007","CURVA COBRE OU BRONZE D= 15mm (1/2\")",null,"UN",13.48]
["16.7.2","C1008","CURVA COBRE OU BRONZE D= 22mm (3/4\")",null,"UN",19.61]
["16.7.3","C1009","CURVA COBRE OU BRONZE D= 28mm (1\")",null,"UN",27.43]
["16.7.4","C1010","CURVA COBRE OU BRONZE D= 35mm (1 1/4\")",null,"UN",50.58]
["16.7.5","C1011","CURVA COBRE OU BRONZE D= 42mm (1 1/2\")",null,"UN",70.67]
["16.7.6","C1012","CURVA COBRE OU BRONZE D= 54mm (2\")",null,"UN",103.83]
["16.7.7","C1013","CURVA COBRE OU BRONZE D= 66mm (2 1/2\")",null,"UN",325.76]
["16.7.8","C1014","CURVA COBRE OU BRONZE D= 79mm (3\")",null,"UN",311.2]
["16.7.9","C1015","CURVA COBRE OU BRONZE D=104mm (4\")",null,"UN",751.66]
["16.7.10","C2332","TÊ COBRE OU BRONZE D= 15mm (1/2\")",null,"UN",16.24]
["16.7.11","C2333","TÊ COBRE OU BRONZE D= 22mm (3/4\")",null,"UN",23.85]
["16.7.12","C2334","TÊ COBRE OU BRONZE D= 28mm (1\")",null,"UN",32.89]
["16.7.13","C2335","TÊ COBRE OU BRONZE D= 35mm (1 1/4\")",null,"UN",68.83]
["16.7.14","C2336","TÊ COBRE OU BRONZE D= 42mm (1 1/2\")",null,"UN",84.85]
["16.7.15","C2337","TÊ COBRE OU BRONZE D= 54mm (2\")",null,"UN",150.82]
["16.7.16","C2338","TÊ COBRE OU BRONZE D= 66mm (2 1/2\")",null,"UN",388.62]
["16.7.17","C2339","TÊ COBRE OU BRONZE D= 79mm (3\")",null,"UN",464.3]
["16.7.18","C2340","TÊ COBRE OU BRONZE D=104mm (4\")",null,"UN",935.13]
["16.7.19","C2565","TUBO COBRE D= 15mm(1/2\") CLASSE E",null,"M",33.34]
["16.7.20","C2566","TUBO COBRE D= 22mm (3/4\") CLASSE E",null,"M",55.84]
["16.7.21","C2567","TUBO COBRE D= 28mm (1\") CLASSE E",null,"M",69.09]
["16.7.22","C2568","TUBO COBRE D= 35mm (1 1/4\") CLASSE E",null,"M",100.64]
["16.7.23","C2569","TUBO COBRE D= 42mm (1 1/2\") CLASSE E",null,"M",132.48]
["16.7.24","C2570","TUBO COBRE D= 54mm (2\") CLASSE E",null,"M",192.37]
["16.7.25","C2571","TUBO COBRE D= 66mm (2 1/2\") CLASSE E",null,"M",267.83]
["16.7.26","C2572","TUBO COBRE D= 79mm (3\") CLASSE E",null,"M",385.75]
["16.7.27","C2573","TUBO COBRE D=104mm (4\") CLASSE E",null,"M",562.65]
["16.7.28","C2574","TUBO COBRE INCLUSIVE CONEXÕES D= 15mm (1/2\") CLASSE E",null,"M",66.88]
["16.7.29","C2575","TUBO COBRE INCLUSIVE CONEXÕES D= 22mm (3/4\") CLASSE E",null,"M",100.42]
["16.7.30","C2576","TUBO COBRE INCLUSIVE CONEXÕES D= 28mm (1\") CLASSE E",null,"M",120.92]
["16.7.31","C2577","TUBO COBRE INCLUSIVE CONEXÕES D= 35mm (1 1/4\") CLASSE E",null,"M",168.64]
["16.7.32","C2578","TUBO COBRE INCLUSIVE CONEXÕES D= 42mm (1 1/2\") CLASSE E",null,"M",207.91]
["16.7.33","C2579","TUBO COBRE INCLUSIVE CONEXÕES D= 54mm (2\") CLASSE E",null,"M",299.04]
["16.7.34","C2580","TUBO COBRE INCLUSIVE CONEXÕES D= 66mm (2 1/2\") CLASSE E",null,"M",413.26]
["16.7.35","C2581","TUBO COBRE INCLUSIVE CONEXÕES D= 79mm (3\") CLASSE E",null,"M",552.05]
["16.7.36","C2582","TUBO COBRE INCLUSIVE CONEXÕES D=104mm (4\") CLASSE E",null,"M",799.26]
["16.8","REGISTROS E VÁLVULAS",{"$nulls":3},16005.14]
["16.8.1","C3599","MUTIRÃO MISTO - REGISTRO DE GAVETA BRUTO D=20mm (3/4\")",null,"UN",48.91]
["16.8.2","C3600","MUTIRÃO MISTO - REGISTRO DE PRESSÃO D=20mm (3/4\")",null,"UN",36.17]
["16.8.3","C2156","REGISTRO DE GAVETA BRUTO D= 15mm (1/2\")",null,"UN",58.37]
["16.8.4","C2157","REGISTRO DE GAVETA BRUTO D= 20mm (3/4\")",null,"UN",60.3]
["16.8.5","C2158","REGISTRO DE GAVETA BRUTO D= 25mm (1\")",null,"UN",80.31]
["16.8.6","C2159","REGISTRO DE GAVETA BRUTO D= 32mm (1 1/4\")",null,"UN",114.8]
["16.8.7","C2160","REGISTRO DE GAVETA BRUTO D= 40mm (1 1/2\")",null,"UN",134.37]
["16.8.8","C2161","REGISTRO DE GAVETA BRUTO D= 50mm (2\")",null,"UN",171.25]
["16.8.9","C2162","REGISTRO DE GAVETA BRUTO D= 65mm (2 1/2\")",null,"UN",325.52]
["16.8.10","C2163","REGISTRO DE GAVETA BRUTO D= 80mm (3\")",null,"UN",382.56]
["16.8.11","C2164","REGISTRO DE GAVETA BRUTO D=100mm (4\")",null,"UN",752.9]
["16.8.12","C2165","REGISTRO DE GAVETA C/CANOPLA CROMADA D= 15mm (1/2\")",null,"UN",103.5]
["16.8.13","C2166","REGISTRO DE GAVETA C/CANOPLA CROMADA D= 20mm (3/4\")",null,"UN",113.18]
["16.8.14","C2167","REGISTRO DE GAVETA C/CANOPLA CROMADA D= 25mm (1\")",null,"UN",132.1]
["16.8.15","C2168","REGISTRO DE GAVETA C/CANOPLA CROMADA D= 32mm (1 1/4\")",null,"UN",188.42]
["16.8.16","C2169","REGISTRO DE GAVETA C/CANOPLA CROMADA D= 40mm (1 1/2\")",null,"UN",195.12]
["16.8.17","C2171","REGISTRO DE PRESSÃO C/CANOPLA CROMADA D= 15mm (1/2\")",null,"UN",105.68]
["16.8.18","C2172","REGISTRO DE PRESSÃO C/CANOPLA CROMADA D= 20mm (3/4\")",null,"UN",108.4]
["16.8.19","C2170","REGISTRO DE PRESSAO C/CANOPLA CROMADA D=25MM (1\")",null,"UN",111.37]
["16.8.20","C3601","REGISTRO DE PRESSÃO D=20mm (3/4\") - PADRÃO POPULAR",null,"UN",49.04]
["16.8.21","C2173","REGISTRO DE RECALQUE NO PASSEIO D= 65mm (2 1/2\")",null,"UN",796.83]
["16.8.22","C2177","REGISTRO GLOBO /FECHO RÁPIDO DE 3/4\"",null,"UN",70.96]
["16.8.23","C2176","REGISTRO GLOBO /FECHO RÁPIDO DE 1\"",null,"UN",90.73]
["16.8.24","C2175","REGISTRO GLOBO /FECHO RÁPIDO DE 1 1/4\"",null,"UN",128.13]
["16.8.25","C2178","REGISTRO GLOBO/FECHO RÁPIDO DE 1 1/2\"",null,"UN",151.43]
["16.8.26","C2174","REGISTRO GLOBO / FECHO RÁPIDO DE 2\"",null,"UN",225.66]
["16.8.27","C4403","REGISTRO GLOBO / FECHO RÁPIDO DE 2 1/2\"",null,"UN",239.48]
["16.8.28","C3695","REGISTRO GLOBO EM BRONZE ROSC. DE 3/4\"",null,"UN",82.35]
["16.8.29","C3714","REGISTRO GLOBO EM BRONZE ROSC. DE 1\"",null,"UN",102.21]
["16.8.30","C2684","VÁLVULA DE DESCARGA CROMADA C/CANOPLA LISA DE 32 OU 40mm",null,"UN",273.99]
["16.8.31","C2685","VÁLVULA DE DESCARGA CROMADA C/REGISTRO ACOPLADO DE 32 OU 40mm",null,"UN",402.33]
["16.8.32","C2686","VÁLVULA DE DESCARGA PVC RÍGIDO S/REGISTRO .ACOPLADO. D=50mm (1 1/2\")",null,"UN",193.3]
["16.8.33","C2687","VÁLVULA DE FLUXO EM AÇO GALVANIZADO DE  (2 1/2\")",null,"UN",457.82]
["16.8.34","C2688","VÁLVULA DE RETENÇÃO DE PÉ C/CRIVO D= 15mm (1/2\")",null,"UN",77.98]
["16.8.35","C2689","VÁLVULA DE RETENÇÃO DE PÉ C/CRIVO D= 20mm (3/4\")",null,"UN",85.41]
["16.8.36","C2690","VÁLVULA DE RETENÇÃO DE PÉ C/CRIVO D= 25mm (1\")",null,"UN",91.79]
["16.8.37","C2691","VÁLVULA DE RETENÇÃO DE PÉ C/CRIVO D= 32mm (1 1/4\")",null,"UN",145.25]
["16.8.38","C2692","VÁLVULA DE RETENÇÃO DE PÉ C/CRIVO D= 40mm (1 1/2\")",null,"UN",152.4]
["16.8.39","C2693","VÁLVULA DE RETENÇÃO DE PÉ C/CRIVO D= 50mm (2\")",null,"UN",209.94]
["16.8.40","C2694","VÁLVULA DE RETENÇÃO DE PÉ C/CRIVO D= 65mm (2 1/2\")",null,"UN",357.31]
["16.8.41","C2695","VÁLVULA DE RETENÇÃO DE PÉ C/CRIVO D= 80mm (3\")",null,"UN",469.42]
["16.8.42","C2696","VÁLVULA DE RETENÇÃO DE PÉ C/CRIVO D=100mm (4\")",null,"UN",799.9]
["16.8.43","C4775","VÁLVULA DE RETENÇÃO DE PVC P/ ESGOTO D=150MM",null,"UN",336.34]
["16.8.44","C2707","VÁLVULA DE RETENÇÃO HORIZONTAL D= 15mm (1/2\")",null,"UN",72.25]
["16.8.45","C2708","VÁLVULA DE RETENÇÃO HORIZONTAL D= 20mm (3/4\")",null,"UN",87.74]
["16.8.46","C2709","VÁLVULA DE RETENÇÃO HORIZONTAL D= 25mm (1\")",null,"UN",110.76]
["16.8.47","C2710","VÁLVULA DE RETENÇÃO HORIZONTAL D= 32mm (1 1/4\")",null,"UN",172.63]
["16.8.48","C2711","VÁLVULA DE RETENÇÃO HORIZONTAL D= 40mm (1 1/2\")",null,"UN",219.92]
["16.8.49","C2712","VÁLVULA DE RETENÇÃO HORIZONTAL D= 50mm (2\")",null,"UN",281.54]
["16.8.50","C2713","VÁLVULA DE RETENÇÃO HORIZONTAL D= 65mm (2 1/2\")",null,"UN",444.34]
["16.8.51","C2714","VÁLVULA DE RETENÇÃO HORIZONTAL D= 80mm (3\")",null,"UN",603.19]
["16.8.52","C2706","VÁLVULA DE RETENÇÃO HORIZONTAL D= 100mm (4\")",null,"UN",904.73]
["16.8.53","C2697","VÁLVULA DE RETENÇÃO HORIZ.OU VERT. D= 15mm (1/2\")",null,"UN",72.25]
["16.8.54","C2698","VÁLVULA DE RETENÇÃO HORIZ.OU VERT. D= 20mm (3/4\")",null,"UN",87.74]
["16.8.55","C2699","VÁLVULA DE RETENÇÃO HORIZ.OU VERT. D= 25mm (1\")",null,"UN",110.76]
["16.8.56","C2700","VÁLVULA DE RETENÇÃO HORIZ.OU VERT. D= 32mm (1 1/4\")",null,"UN",172.63]
["16.8.57","C2701","VÁLVULA DE RETENÇÃO HORIZ.OU VERT. D= 40mm (1 1/2\")",null,"UN",219.92]
["16.8.58","C2702","VÁLVULA DE RETENÇÃO HORIZ.OU VERT. D= 50mm (2\")",null,"UN",281.54]
["16.8.59","C2703","VÁLVULA DE RETENÇÃO HORIZ.OU VERT. D= 65mm (2 1/2\")",null,"UN",444.34]
["16.8.60","C2704","VÁLVULA DE RETENÇÃO HORIZ.OU VERT. D= 80mm (3\")",null,"UN",603.19]
["16.8.61","C2705","VÁLVULA DE RETENÇÃO HORIZ.OU VERT. D=100mm (4\")",null,"UN",904.73]
["16.8.62","C4005","VÁLVULA ELETRÔNICA CROMADA P/ MICTÓRIO",null,"UN",324.9]
["16.8.63","C3715","VÁLVULA MOTORIZADA DE 2 VIAS ROSC. DE 3/4\"",null,"UN",327.43]
["16.8.64","C3716","VÁLVULA MOTORIZADA DE 2 VIAS ROSC. DE 1\"",null,"UN",345.38]
["16.9","LOUÇAS, METAIS E ACESSÓRIOS",{"$nulls":3},42637.38]
["16.9.1","C0091","APARELHO MISTURADOR P/PIA TIPO MESA",null,"UN",292.01]
["16.9.2","C0092","APARELHO MISTURADOR P/PIA TIPO PAREDE",null,"UN",328.68]
["16.9.3","C0225","ARMÁRIO DE EMBUTIR C/ESPELHO (45x60)cm",null,"UN",174.89]
["16.9.4","C0348","BACIA DE LOUÇA BRANCA C/CAIXA ACOPLADA",null,"UN",670.95]
["16.9.5","C0349","BACIA DE LOUÇA BRANCA C/CAIXA ACOPLADA, ENTRADA HORIZONTAL",null,"UN",696.69]
["16.9.6","C3247","BACIA DE LOUÇA BRANCA P/ CRIANÇA, INCLUSIVE TAMPA",null,"UN",641.59]
["16.9.7","C0350","BACIA SIFONADA DE LOUÇA BRANCA C/ACESSÓRIOS E TUBO DE LIGAÇÃO",null,"UN",418.47]
["16.9.8","C0351","BACIA TURCA DE LOUÇA BRANCA",null,"UN",879.23]
["16.9.9","C0355","BANCADA DE GRANITO C/ 2  CUBAS LOUÇAS, S/ACESSÓRIOS (1.60x0.60)m",null,"UN",753.94]
["16.9.10","C0356","BANCADA DE GRANITO C/ 3 CUBAS DE LOUÇAS, S/ACESSÓRIOS (2.00x0.60)m",null,"UN",989.19]
["16.9.11","C0357","BANCADA DE GRANITO (OUTRAS CORES) E= 3cm (COLOCADO)",null,"M2",615.18]
["16.9.12","C4068","BANCADA DE GRANITO CINZA E=2cm",null,"M2",418.56]
["16.9.13","C4069","BANCADA DE GRANITO (OUTRAS CORES) ESP. = 2cm (COLOCADO)",null,"M2",505.68]
["16.9.14","C0358","BANCADA DE GRANITO PRETO C/BOLEAMENTO DUPLO (COLOCADO)",null,"M2",930.96]
["16.9.15","C0359","BANCADA DE MÁRMORE  LARG.= 0.60m  ESP.= 3cm",null,"M",341.66]
["16.9.16","C3996","BANCADA EM GRANITO P/ LAVATÓRIO, INCL. LOUÇA BRANCA E ACESSÓRIOS",null,"CJ",927.62]
["16.9.17","C3997","BANCADA EM GRANITO P/ PIA DE COZINHA, INCL. CUBA DE AÇO INOX  E ACESSÓRIOS",null,"CJ",1008.97]
["16.9.18","C3670","BANHEIRA HOSPITALAR C/ TAMPO E CUBA DE AÇO INOX DIMENSÃO 1800X600MM",null,"UN",1965.8]
["16.9.19","C0386","BEBEDOURO EM AÇO INOX COM 1,60m",null,"UN",2438.88]
["16.9.20","C0515","CABIDE DE LOUÇA BRANCA C/DOIS GANCHOS",null,"UN",62.48]
["16.9.21","C0516","CABIDE DE LOUÇA BRANCA C/ UM GANCHO",null,"UN",66.61]
["16.9.22","C0600","CAIXA DE DESCARGA PLÁSTICA DE SOBREPOR",null,"UN",191.98]
["16.9.23","C3513","CHUVEIRO CROMADO C/ ARTICULAÇÃO",null,"UN",107.84]
["16.9.24","C0797","CHUVEIRO PLÁSTICO (INSTALADO)",null,"UN",13.89]
["16.9.25","C3671","CONE PARA EXPURGO EM AÇO INOX COM TAMPA E GRELHA - L=500MM X C=500MM, ALTURA ATÉ 300MM E SAÍDA D=100MM",null,"UN",1150.49]
[]
["16.9.26","C0985","CUBA DE INOX PARA BANCADA,COMPLETA",null,"UN",420.87]
["16.9.27","C4770","CUBA DE LOUÇA BRANCA DE SOBREPOR, D=41CM, S/ TORNEIRA C/ ACESSÓRIOS",null,"UN",487.39]
["16.9.28","C0986","CUBA DE LOUÇA DE EMBUTIR C/ TORNEIRA E ACESSÓRIOS",null,"UN",470.23]
["16.9.29","C4821","CUBA DE LOUÇA DE EMBUTIR S/TORNEIRA C/ACESSÓRIOS",null,"UN",371.57]
["16.9.30","C1151","DUCHA P/ WC CROMADO (INSTALADO)",null,"UN",75.15]
["16.9.31","C1241","ENGATE CROMADO (INSTALADO)",null,"UN",26.88]
["16.9.32","C1242","ENGATE PLÁSTICO (INSTALADO)",null,"UN",12.44]
["16.9.33","C4835","ESPELHO CRISTAL, ESPESSURA 4MM, COM PARAFUSOS DE FIXAÇÃO, SEM MOLDURA",null,"M2",531.1]
["16.9.34","C3669","LAVA OLHOS DE EMERGÊNCIA C/ CUBA FLEXÍVEL E CHUVEIRO P/ LABORATÓRIO",null,"UN",774.79]
["16.9.35","C3003","LAVATÓRIO C/TAMPÃO DE MÁRMORE C/ 1 CUBA DE LOUÇA",null,"UN",379.4]
["16.9.36","C1618","LAVATÓRIO DE LOUÇA BRANCA C/COLUNA, C/ TORNEIRA E ACESSÓRIOS",null,"UN",682.66]
["16.9.37","C1619","LAVATÓRIO DE LOUÇA BRANCA S/COLUNA C/TORNEIRA E ACESSÓRIOS",null,"UN",555.03]
["16.9.38","C3004","LAVATÓRIO DE LOUÇA BRANCA S/COLUNA C/TORNEIRA DE METAL E ACESSÓRIOS - PADRÃO POPULAR",null,"UN",314.26]
[]
["16.9.39","C3598","LAVATÓRIO DE LOUÇA BRANCA S/COLUNA C/TORNEIRA PLÁSTICA E ACESSÓRIOS - PADRÃO POPULAR",null,"UN",270.04]
[]
["16.9.40","C1793","MICTÓRIO COLETIVO DE AÇO INOXIDÁVEL",null,"M",1024.55]
["16.9.41","C1792","MICTORIO DE LOUÇA BRANCA",null,"UN",649.87]
["16.9.42","C3593","MUTIRÃO MISTO - BACIA SIFONADA DE LOUÇA BRANCA C/ACESSÓRIOS",null,"UN",338.23]
["16.9.43","C3596","MUTIRÃO MISTO - CAIXA DE DESCARGA PLASTICA DE SOBREPOR",null,"UN",137.12]
["16.9.44","C3597","MUTIRÃO MISTO - LAVATÓRIO DE LOUÇA BRANCA S/COLUNA C/TORNEIRA PLÁSTICA E ACESSÓRIOS",null,"UN",212.02]
[]
["16.9.45","C3602","MUTIRÃO MISTO - PIA DE COZINHA EM CIMENTO (1,20x0,50)m",null,"UN",138.75]
["16.9.46","C3594","MUTIRÃO MISTO - TANQUE DE LAVAR DE CIMENTO (1.00X0.50)m COMPLETA",null,"UN",184.93]
["16.9.47","C1898","PEÇAS DE APOIO DEFICIENTES C/TUBO INOX  P/WC'S",null,"M",199.9]
["16.9.48","C3017","PIA DE AÇO INOX  (1.20x0.60)m C/ 1 CUBA E ACESSÓRIOS",null,"UN",748.19]
["16.9.49","C1903","PIA DE AÇO INOX. (1.50X0.58)m C/ 1 CUBA E ACESSÓRIOS",null,"UN",931.01]
["16.9.50","C3018","PIA DE AÇO INOX  (2.20x0.60)m C/ 1 CUBA E ACESSÓRIOS",null,"UN",1184.96]
["16.9.51","C3019","PIA DE AÇO INOX (3.00x0.60)m  C/ 1 CUBA  E  ACESSÓRIOS",null,"UN",1956.61]
["16.9.52","C1902","PIA DE AÇO INOX  (2.00X0.58)m  C/ 2 CUBAS E ACESSÓRIOS",null,"UN",1648.43]
["16.9.53","C3020","PIA DE AÇO INOX (4.20X0.60)m C/ 2 CUBAS E ACESSÓRIOS",null,"UN",2764.27]
["16.9.54","C3603","PIA DE COZINHA EM CIMENTO (1,20x0,50)m - PADRÃO POPULAR",null,"UN",158.21]
["16.9.55","C3021","PIA DE COZINHA EM MARMORITE 1,00x0,50m COMP. - PADRÃO POPULAR",null,"UN",249.39]
["16.9.56","C1997","PORTA-PAPEL DE LOUCA BRANCA (15X15)cm",null,"UN",82.21]
["16.9.57","C4670","PORTA PAPEL METÁLICO",null,"UN",35.61]
["16.9.58","C4825","PORTA PAPEL TOALHA (DISPENSER)EM ABS",null,"UN",67.68]
["16.9.59","C1990","PORTA SABÃO LÍQUIDO DE VIDRO (INSTALAD0)",null,"UN",54.71]
["16.9.60","C1995","PORTA TOALHA DE LOUÇA BRANCA",null,"UN",99.29]
["16.9.61","C1996","PORTA TOALHA DE PAPEL - METALICO (INSTALADO)",null,"UN",57.32]
["16.9.62","C2255","SABONETEIRA DE LOUÇA BRANCA  (7.5X15)cm",null,"UN",76.91]
["16.9.63","C2254","SABONETEIRA DE LOUÇA BRANCA  (15X15)cm S/ALÇA",null,"UN",81.28]
["16.9.64","C4671","SABONETEIRA METÁLICA",null,"UN",45.87]
["16.9.65","C2271","SIFÃO CROMADO 1\" X 1 1/2\" (INSTALADO)",null,"UN",202.8]
["16.9.66","C2270","SIFÃO CROMADO 1 1/4\" X 2\" (INSTALADO)",null,"UN",212.52]
["16.9.67","C2272","SIFÃO DE PVC RÍGIDO D= 2\"  (INSTALADO)",null,"UN",30.98]
["16.9.68","C2294","SUPORTE DE MÁRMORE P/FILTROS",null,"UN",94.74]
["16.9.69","C2302","TAMPO DE AÇO INOX P/ BANCADAS",null,"M2",1100.51]
["16.9.70","C2311","TANQUE DE AÇO INOXIDÁVEL",null,"UN",758.54]
["16.9.71","C3059","TANQUE DE LAVAR DE CIMENTO (1.00x0.50)m COMPLETA C/ TORNEIRA DE METAL - PADRÃO POPULAR",null,"UN",224.98]
[]
["16.9.72","C3595","TANQUE DE LAVAR DE CIMENTO (1.00X0.50)m COMPLETA C/ TORNEIRA DE PLÁSTICO - PADRÃO POPULAR",null,"UN",202.62]
[]
["16.9.73","C2312","TANQUE DE LOUÇA C/COLUNA",null,"UN",793.67]
["16.9.74","C3682","TANQUE LAVANDERIA EM AÇO INOX C/CUBA E ESFREGADOR DIMENSÃO 1200X600X200MM",null,"UN",1606.58]
[]
["16.9.75","C2313","TANQUE PRÉ-MOLDADO DE CONCRETO (0.80X0.70)m",null,"UN",267.78]
["16.9.76","C2496","TORNEIRA CIRÚRGICA (INSTALADO)",null,"UN",167.57]
["16.9.77","C2502","TORNEIRA DE FECHAMENTO AUTOMÁTICO",null,"UN",211.41]
["16.9.78","C2503","TORNEIRA DE PAREDE C/ FOTO SENSOR ",null,"UN",774.53]
["16.9.79","C4820","TORNEIRA DE PAREDE P/ PIA, ACABAMENTO CROMADO, C/ BICA MÓVEL E AREJADOR, 1/2 \" OU 3/4 \"",null,"UN",128.3]
[]
["16.9.80","C2504","TORNEIRA DE PRESSÃO CROMADA LONGA P/PIA",null,"UN",141.21]
["16.9.81","C2505","TORNEIRA DE PRESSÃO CROMADA USO GERAL",null,"UN",72.73]
["16.9.82","C2506","TORNEIRA DE PRESSÃO P/JARDIM DE 3/4\"",null,"UN",35.45]
["16.9.83","C3998","TORNEIRA ELETRÔNICA C/ ANTI-VANDALISMO, P/ LAVATÓRIO DE BANCADA",null,"UN",204.1]
["16.9.84","C3999","TORNEIRA ELETRÔNICA C/ ANTI-VANDALISMO, P/ PIA DE COZINHA",null,"UN",243.4]
["16.9.85","C4000","TORNEIRA TIPO JARDIM CROMADA",null,"UN",71.59]
["16.10","EQUIPAMENTOS",{"$nulls":3},117069.74]
["16.10.1","C0001","ABRIGO P/ HIDRANTE C/MANGUEIRA E ESGUICHO DE LATÃO",null,"UN",2551.18]
["16.10.2","C0010","ACIONADOR MANUAL, TIPO \"QUEBRA VIDRO\", MOD.EUROTRON/SIMILAR",null,"UN",80.79]
["16.10.3","C0100","AQUECEDOR À GÁS EM CAIXA DE FERRO ESMALTADO",null,"UN",3822.6]
["16.10.4","C0332","AUTOMÁTICO DE BOIA",null,"UN",88.83]
["16.10.5","C0385","BATERIA SELADA 12V/7.5AH, P/LUMINÁRIAS AUTÔNOMAS",null,"UN",171.85]
["16.10.6","C0389","BLOCO LUMINOSO AUTÔNOMO, INDICADOR DE SETA, MOD. UNITRON/SIMILAR",null,"UN",334.23]
["16.10.7","C1802","BOMBA CENTRÍFUGA DE 1/4 CV, INCLUSIVE MAT.DE SUCÇÃO",null,"UN",836.05]
["16.10.8","C0442","BOMBA CENTRÍFUGA DE 1/3 CV, INCLUSIVE MAT.DE SUCÇÃO",null,"UN",782.58]
["16.10.9","C0441","BOMBA CENTRÍFUGA DE 1/2 CV, INCLUSIVE MAT.DE SUCCÃO",null,"UN",799.04]
["16.10.10","C0443","BOMBA CENTRÍFUGA DE 1 CV, INCLUSIVE MAT.DE SUCÇÃO",null,"UN",1217.17]
["16.10.11","C0444","BOMBA CENTRÍFUGA DE 1 1/2 CV, INCLUSIVE MAT.DE SUCÇÃO",null,"UN",1496.89]
["16.10.12","C0445","BOMBA CENTRÍFUGA DE 2 CV, INCLUSIVE MAT.DE SUCÇÃO",null,"UN",1864.85]
["16.10.13","C0446","BOMBA CENTRÍFUGA DE 3 CV, INCLUSIVE MAT.DE SUCÇÃO",null,"UN",2031.56]
["16.10.14","C0447","BOMBA CENTRÍFUGA DE 5 CV, INCLUSIVE MAT.DE SUCÇÃO",null,"UN",2709.07]
["16.10.15","C0448","BOMBA CENTRÍFUGA P/ PRESSURIZAÇÃO/HIDRANTE 10 CV",null,"UN",3568.72]
["16.10.16","C0449","BOMBA CENTRÍFUGA P/ PRESSURIZAÇÃO/HIDRANTE 15 CV",null,"UN",3959.74]
["16.10.17","C0451","BOMBA CENTRÍFUGA P/ PRESSURUZAÇÃO/HIDRANTE 20 CV",null,"UN",6033.07]
["16.10.18","C0450","BOMBA CENTRÍFUGA P/ PRESSURIZAÇÃO/HIDRANTE 25 CV",null,"UN",7229.68]
["16.10.19","C0455","BOMBA INJETORA DE 1/3 CV, MONOSÁFICA, INCL.MAT. SUCÇÃO",null,"UN",1653.32]
["16.10.20","C0454","BOMBA INJETORA DE 1/2 CV, MONOFÁSICA INCL. MAT. SUCÇÃO",null,"UN",1612.57]
["16.10.21","C0459","BOMBA INJETORA DE 3/4 CV, MONOFÁSICA INCL. MAT. SUCÇÃO",null,"UN",1875.13]
["16.10.22","C0453","BOMBA INJETORA DE 1 CV, TRIFÁSICA INCL. MAT. SUCÇÃO",null,"UN",2119.24]
["16.10.23","C0452","BOMBA INJETORA DE 1 1/2 CV, TRIFÁSICA INCL. MAT. SUCÇÃO",null,"UN",2503.15]
["16.10.24","C0457","BOMBA INJETORA DE 2 CV, TRIFÁSICA INCL. MAT. SUCÇÃO",null,"UN",2670.61]
["16.10.25","C0456","BOMBA INJETORA DE 2 1/2 CV, TRIFÁSICA INCL. MAT. SUCÇÃO",null,"UN",2741.95]
["16.10.26","C0458","BOMBA INJETORA DE 3 CV, TRIFÁSICA INCL. MAT. SUCÇÃO",null,"UN",2860.24]
["16.10.27","C0460","BOMBA INJETORA DE 7.5 CV, INCLUSIVE MAT. DE SUCÇÃO",null,"UN",4232.53]
["16.10.28","C0729","CASA DE BOMBAS(1.5X1.5)m,  EM ALVENARIA E CONCRETO",null,"UN",1115.36]
["16.10.29","C0732","CENTRAL ALARME P/6 LAÇOS SUPERV., MOD. FIRE-LITE/SIMILAR",null,"UN",7727.61]
["16.10.30","C0730","CENTRAL ALARME P/12 LAÇOS SUPERV., MOD.FIRE-LITE/SIMILAR",null,"UN",15396.87]
["16.10.31","C0731","CENTRAL ALARME P/18 LAÇOS SUPERV., MOD.FIRE-LITE/SIMILAR",null,"UN",23099.34]
["16.10.32","C0796","CHUVEIRO ELÉTRICO AUTOMÁTICO 220V-2800/4400W (INSTALADO)",null,"UN",382.97]
["16.10.33","C4385","ESGUICHO DE AGULHA 1/2\" x 1/2\"",null,"UN",118.28]
["16.10.34","C4589","EXTINTOR EM CARRETA, CAP. 50KG - PO QUIMICO",null,"UN",3079.08]
["16.10.35","C1357","EXTINTOR DE ÁGUA, PRESSURIZADA CAPACIDADE 10L",null,"UN",259.89]
["16.10.36","C1359","EXTINTOR DE GÁS CARBÔNICO OU PÓ QUÍMICO DE 4 OU 6KG",null,"UN",860.71]
["16.10.37","C1456","HIDRANTE C/REGISTRO GLOBO ANGULAR  D= 65mm (2 1/2\")",null,"UN",910.5]
["16.10.38","C4304","HIDRANTE DE PISO",null,"UN",1234.95]
["16.10.39","C2275","SINALIZADOR AUDIO-VISUAL, SIRENE BITONAL E STROBO/SIMILAR",null,"UN",261.82]
["16.10.40","C2291","SPRINKLERS CROMADO (INSTALADO)",null,"UN",72.54]
["16.10.41","C2292","SPRINKLERS EM BRONZE (INSTALADO)",null,"UN",75.22]
["16.10.42","C2497","TORNEIRA DE BÓIA D= 20mm (3/4\")",null,"UN",46.57]
["16.10.43","C2498","TORNEIRA DE BÓIA D= 25mm (1\")",null,"UN",60.06]
["16.10.44","C2499","TORNEIRA DE BÓIA D= 32mm (1 1/4\")",null,"UN",89]
["16.10.45","C2500","TORNEIRA DE BÓIA D= 40mm (1 1/2\")",null,"UN",86.98]
["16.10.46","C2501","TORNEIRA DE BÓIA D= 50mm (2\")",null,"UN",141.83]
["16.10.47","C2507","TORNEIRA ELÉTRICA AUTOMÁTICA 220V-2800W (INSTALADO)",null,"UN",203.52]
["16.11","POÇOS E CAIXAS",{"$nulls":3},150099.24]
["16.11.1","C0011","ACRÉSCIMO DE CÂMARA EM PV C/ANÉIS DE CONCRETO D= 600mm",null,"M",314.2]
["16.11.2","C0012","ACRÉSCIMO DE CÂMARA EM PV C/ANÉIS DE CONCRETO D=1000mm",null,"M",513.93]
["16.11.3","C0013","ACRÉSCIMO DE CÂMARA EM PV C/ANÉIS DE CONCRETO D=1200mm",null,"M",737.32]
["16.11.4","C0232","ASSENTAMENTO DE TUBO DE QUEDA",null,"M",277.19]
["16.11.5","C3441","CAIXA D´ÁGUA EM FYBERGLASS - CAP. 500L",null,"UN",375.87]
["16.11.6","C3442","CAIXA D´ÁGUA EM FYBERGLASS - CAP. 1000L",null,"UN",546.99]
["16.11.7","C4595","CAIXA D'ÁGUA EM POLIETILENO CAP.310 ATÉ 500 L, COM TAMPA",null,"UN",288.46]
["16.11.8","C0601","CAIXA DE GORDURA/SABÃO EM ALVENARIA",null,"UN",356.53]
["16.11.9","C3584","CAIXA DE GORDURA/SABÃO PRÉ MOLDADA - PADRÃO POPULAR",null,"UN",98.03]
["16.11.10","C0605","CAIXA DE INSPEÇÃO EM ALVENARIA - 1/2 TIJOLO COMUM",null,"M2",175.86]
["16.11.11","C0603","CAIXA EM ALVENARIA (40X40X60cm) DE 1/2 TIJOLO COMUM, LASTRO DE CONCRETO E TAMPA DE CONCRETO",null,"UN",318.69]
[]
["16.11.12","C0609","CAIXA EM ALVENARIA (60X60X60cm) DE 1/2 TIJOLO COMUM, LASTRO DE CONCRETO E TAMPA DE CONCRETO",null,"UN",497.69]
[]
["16.11.13","C0602","CAIXA EM ALVENARIA (80X80X60cm) DE 1/2 TIJOLO COMUM, LASTRO DE CONCRETO E TAMPA DE CONCRETO",null,"UN",696.05]
[]
["16.11.14","C0604","CAIXA DE INSPEÇÃO EM ALVENARIA - 1 TIJOLO COMUM",null,"M2",272.9]
["16.11.15","C0610","CAIXA EM ALVENARIA (40X40X60cm) DE 1 TIJOLO COMUM, LASTRO DE CONCRETO E TAMPA DE CONCRETO",null,"UN",538.1]
[]
["16.11.16","C0607","CAIXA EM ALVENARIA (60X60X60cm) DE 1 TIJOLO COMUM, LASTRO DE CONCRETO E TAMPA DE CONCRETO",null,"UN",774.39]
[]
["16.11.17","C0608","CAIXA EM ALVENARIA (80X80X60cm) DE 1 TIJOLO COMUM, LASTRO DE CONCRETO E TAMPA DE CONCRETO",null,"UN",1013.63]
[]
["16.11.18","C0606","CAIXA DE INSPEÇÃO EM ALVENARIA - TAMPA DE CONCRETO ESP.= 5cm",null,"M2",238.07]
["16.11.19","C0613","CAIXA DE INSPEÇÃO EM ALVENARIA-LASTRO DE CONCRETO ESP.= 10cm",null,"M3",678.82]
["16.11.20","C0611","CAIXA DE INSPEÇÃO EM ALVENARIA P/LIGAÇÃO CONDOMINIAL, DI= (40X40)cm",null,"UN",195.73]
["16.11.21","C0614","CAIXA DE INSPEÇÃO NO PASSEIO C/TUBO PVC D=300mm TAMPA FoFo",null,"UN",778.17]
["16.11.22","C0615","CAIXA DE INSPEÇÃO NO PASSEIO EM ANÉIS D= 600mm, PADRÃO CAGECE",null,"UN",250.83]
["16.11.23","C0623","CAIXA DE MACROMEDIDOR (2.10 X 2.10)m",null,"UN",6050.31]
["16.11.24","C0637","CAIXA DE PITOMETRIA (1.30 X 1.30)m",null,"UN",1988.51]
["16.11.25","C0638","CAIXA DE PITOMETRIA (1.50 X 1.50)m",null,"UN",2672.21]
["16.11.26","C0639","CAIXA EM ALVENARIA 1 VEZ, S/TAMPA, CINTA ARM., FUNDO CONC. (4.80 X 1.50)m",null,"UN",6463.37]
["16.11.27","C0640","CAIXA EM ALVENARIA C/DOSADOR A NIVEL CONSTANTE ",null,"UN",1811.92]
["16.11.28","C0641","CAIXA EM ALVENARIA C/TAMPA EM CONCRETO FUNDO BRITA (1.0 X 1.0)m",null,"UN",1113.12]
["16.11.29","C0642","CAIXA EM ALVENARIA S/TAMPA E FUNDO BRITA P/FILTRO (1.0.X.1.0)m",null,"UN",923.21]
["16.11.30","C0643","CAIXA EM ALVENARIA S/TAMPA E FUNDO CONCRETO (1.20 X 1.20)m",null,"UN",1366.13]
["16.11.31","C0644","CAIXA EM ALVENARIA S/TAMPA E FUNDO LAJE (1.60 X 1.30)m FILTRO",null,"UN",1439.03]
["16.11.32","C0645","CAIXA INSPEÇÃO EM ANÉIS D=600mm, P/REDE CONDOMÍNIO (0.50<h<0.80)m",null,"UN",233.85]
["16.11.33","C0646","CAIXA INSPEÇÃO EM ANÉIS D=800mm, P/REDE CONDOM.(1.00<h<=1.50)m",null,"UN",507.73]
["16.11.34","C0647","CAIXA INSPEÇÃO EM ANÉIS D=800mm, P/REDE CONDOMI.0,80<h<1,00m",null,"UN",349.46]
["16.11.35","C0648","CAIXA INSPEÇÃO NO PASSEIO C/TUBO PVC D=300mm TAMPA FoFo/CONCRETO",null,"UN",851.02]
["16.11.36","C0649","CAIXA INSPEÇÃO NO PASSEIO EM ALVENARIA DI=(50X50)cm, PADRÃO CAGECE",null,"UN",386.54]
["16.11.37","C3411","CAIXA P/ REGISTRO DE DESCARGA EM ALVENARIA DE TIJOLO MACIÇO DN ATÉ 200mm",null,"UN",1090.15]
["16.11.38","C3412","CAIXA P/ REGISTRO DE DESCARGA EM ALVENARIA DE TIJOLO MACIÇO  200<DN<=500mm",null,"UN",3428.96]
[]
["16.11.39","C3413","CAIXA P/ REGISTRO DE DESCARGA EM ALVENARIA DE TIJOLO MACIÇO  500<DN<=700mm",null,"UN",5232.2]
[]
["16.11.40","C3414","CAIXA P/ REGISTRO DE DESCARGA EM ALVENARIA DE TIJOLO MACIÇO  700<DN<=900mm",null,"UN",6533.61]
[]
["16.11.41","C0653","CAIXA P/REGISTRO OU VENTOSA EM ALVENARIA DE TIJOLO MACIÇO, DN ATÉ 200mm",null,"UN",721.19]
["16.11.42","C0650","CAIXA P/REGISTRO OU VENTOSA EM ALVENARIA DE TIJOLO MACIÇO, 200<DN<=500mm",null,"UN",3060.01]
["16.11.43","C0651","CAIXA P/REGISTRO OU VENTOSA EM ALVENARIA DE TIJOLO MACIÇO, 500<DN<=700mm",null,"UN",4624.27]
["16.11.44","C0652","CAIXA P/REGISTRO OU VENTOSA EM ALVENARIA DE TIJOLO MACIÇO, 700<DN<=900mm",null,"UN",5903.23]
["16.11.45","C4923","CAIXA SIFONADA PVC 100 X 100 X 50MM, ACABAMENTO BRANCO (GRELHA OU TAMPA CEGA)",null,"UN",41.09]
[]
["16.11.46","C4924","CAIXA SIFONADA PVC 100 X 100 X 50MM, ACABAMENTO CROMADO (GRELHA OU TAMPA CEGA)",null,"UN",58.03]
[]
["16.11.47","C4925","CAIXA SIFONADA PVC 100 X 100 X 50MM, ACABAMENTO INOX (GRELHA OU TAMPA CEGA)",null,"UN",58.8]
[]
["16.11.48","C4926","CAIXA SIFONADA PVC 150 X 150 X 50MM, ACABAMENTO BRANCO (GRELHA OU TAMPA CEGA)\n",null,"UN",61.91]
[]
["16.11.49","C4927","CAIXA SIFONADA PVC 150 X 150 X 50MM, ACABAMENTO CROMADO (GRELHA OU TAMPA CEGA)",null,"UN",65.35]
[]
["16.11.50","C4928","CAIXA SIFONADA PVC 150 X 150 X 50MM, ACABAMENTO INOX (GRELHA OU TAMPA CEGA)",null,"UN",77.02]
[]
["16.11.51","C4929","CAIXA SIFONADA PVC 150 X 185 X 75MM, ACABAMENTO BRANCO (GRELHA OU TAMPA CEGA)",null,"UN",75.39]
[]
["16.11.52","C4378","CAIXA SIFONADA PVC 150 X 185 X 75MM, ACABAMENTO CROMADO (GRELHA OU TAMPA CEGA)",null,"UN",93.13]
[]
["16.11.53","C4930","CAIXA SIFONADA PVC 150 X 185 X 75MM, ACABAMENTO INOX (GRELHA OU TAMPA CEGA)",null,"UN",131.02]
[]
["16.11.54","C2816","EXECUÇÃO COMPLETA DE TIL (LAJE DE FUNDO EM CONCRETO ARMADO)",null,"UN",357.71]
["16.11.55","C4327","GRELHA DE FERRO FUNDIDO (900 x 500 x 70 mm)",null,"UN",508.05]
["16.11.56","C3583","MUTIRÃO MISTO - CAIXA DE GORDURA/SABÃO PRÉ MOLDADA",null,"UN",87.48]
["16.11.57","C2907","POÇO DE VISITA, C/ANÉIS DE CONCRETO, PROF. ATÉ 1.00m, D= 600mm",null,"UN",893.51]
["16.11.58","C2908","POÇO DE VISITA, C/ANÉIS DE CONCRETO, PROF. ATÉ 1.50m, D=1000mm",null,"UN",2451.64]
["16.11.59","C2909","POÇO DE VISITA, C/ANÉIS DE CONCRETO, PROF. ATÉ 1.50m, D=1200mm",null,"UN",4336.9]
["16.11.60","C4572","POÇO DE VISITA PRÉ-MOLDADO PARA GALERIA DE ÁGUAS PLUVIAIS Ø 1,0 m E PROFUNDIDADE 2,0m",null,"UN",2561.63]
[]
["16.11.61","C4573","POÇO DE VISITA PRÉ-MOLDADO PARA GALERIA DE ÁGUAS PLUVIAIS Ø 2,0 m E PROFUNDIDADE 3,0m",null,"UN",3242.25]
[]
["16.11.62","C4574","POÇO DE VISITA PRÉ-MOLDADO PARA GALERIA DE ÁGUAS PLUVIAIS Ø 1,0 m E PROFUNDIDADE 4,0m",null,"UN",3934.32]
[]
["16.11.63","C4764","POÇO TUBULAR C/ TUBO GEOMECÂNICO DE 6``, PROFUNDIDADE 100M, COMPLETAMENTE EXECUTADO, INCLUSIVE MARCAÇÃO (FORNECIMENTO E EXECUÇÃO)",null,"UN",37274.09]
[]
["16.11.64","C3648","RESERVATÓRIO PRÉ MOLDADO ELEVADO CILÍNDRICO D=2,0M, CAP.=12,0M3, H=9,0M COMPLETO E CISTERNA CAP.=4,5 M3",null,"UN",23883.99]
[]
["16.11.65","C4312","SOBRETAMPA EM FERRO FUNDIDO COM D=600mm",null,"UN",760.73]
["16.11.66","C4328","SOBRETAMPA EM FERRO FUNDIDO C/ D=800 mm",null,"UN",1159.05]
["16.11.67","C4772","TAMPA EM CONCRETO ARMADO, ESPESSURA 0,05M",null,"M2",83.15]
["16.11.68","C4773","TAMPA EM CONCRETO ARMADO, ESPESSURA 0,08M",null,"M2",133.04]
["16.11.69","C4783","TAMPA EM CONCRETO ARMADO, ESPESSURA 0,15M",null,"M2",249.45]
["16.11.70","C4610","TAMPA EM CONCRETO ARMADO (0,70 x 0,70 x 0,15 m)",null,"UN",122.23]
["16.11.71","C4609","TAMPA EM CONCRETO ARMADO (0,80 x 0,80 x 0,15 m)",null,"UN",159.65]
["16.11.72","C4611","TAMPA EM CONCRETO ARMADO (0,90 x 0,90 x 0,15 m)",null,"UN",202.05]
["16.11.73","C4612","TAMPA EM CONCRETO ARMADO (1,00 x 1,00 x 0,15 m)",null,"UN",249.45]
["16.11.74","C4216","TAMPA EM CONCRETO ARMADO PARA REGISTRO (70x70x12cm)",null,"UN",99.65]
["16.12","GRADEAMENTO, COMPORTA, VERTEDOURO E CALHAS",{"$nulls":3},27732.42]
["16.12.1","C0663","CALHA PARSHALL EM FIBRA DE VIDRO PARA ÁGUA/ESGOTO W:3\" (FORNECIMENTO E INSTALAÇÃO)",null,"UN",1455.21]
[]
["16.12.2","C0664","CALHA PARSHALL EM FIBRA DE VIDRO PARA ÁGUA/ESGOTO W:6\"(FORNECIMENTO E INSTALAÇÃO)",null,"UN",2017.37]
[]
["16.12.3","C0665","CALHA PARSHALL EM FIBRA DE VIDRO PARA ÁGUA/ESGOTO W:9\"(FORNECIMENTO E INSTALAÇÃO)",null,"UN",2320.77]
[]
["16.12.4","C4742","CALHA PARSHALL EM FIBRA DE VIDRO PARA ÁGUA/ESGOTO W:12\" (FORNECIMENTO E INSTALAÇÃO)",null,"UN",12483.99]
[]
["16.12.5","C0823","COMPORTA EM FIBRA, CALHA EM ALUMÍNIO",null,"M2",434.37]
["16.12.6","C0824","COMPORTA EM MADEIRA TRATADA C/ÓLEO DE LINHAÇA, CALHA ALUMÍNIO",null,"M2",211.18]
["16.12.7","C2734","DRENO DE FUNDO EM PVC DO FILTRO D=1.50m, PADRÃO CAGECE",null,"UN",496.7]
["16.12.8","C2735","DRENO DE FUNDO EM PVC DO FILTRO D=2.20m, PADRÃO CAGECE",null,"UN",725.46]
["16.12.9","C2736","DRENO DE FUNDO EM PVC DO FILTRO D=2.80m, PADRÃO CAGECE",null,"UN",1576.94]
["16.12.10","C2737","DRENO DE FUNDO EM PVC DO FILTRO D=3.20m, PADRÃO CAGECE",null,"UN",1832.14]
["16.12.11","C2815","GRADE DE PVC DE 25 mm P/ CAIXA DE NÍVEL",null,"UN",367.54]
["16.12.12","C4898","GRADE DE RETENÇÃO DE SÓLIDOS EM FERRO CHATO, COM BARRAS DE 10MMX40MM (1.1/4\"x1/2\") COM ESPAÇAMENTO E=20MM",null,"M2",1497.18]
[]
["16.12.13","C2839","GRADE EM FERRO CHATO 1 1/4\" X 1/2\" ",null,"M2",1684.2]
["16.12.14","C2981","VERTEDOURO EM MADEIRA DE LEI TRATADA C/ÓLEO DE LINHAÇA",null,"M2",126.86]
["16.12.15","C2982","VERTEDOURO TRIANGULAR EM CHAPA DE ALUMÍNIO ESP. 3/16\" (50x40)cm",null,"UN",169.74]
["16.12.16","C2983","VERTEDOURO TRIANGULAR EM FIBRA E CANTONEIRA DE ALUMÍNIO",null,"M2",332.77]
["16.13","LIGAÇÕES PREDIAIS",{"$nulls":3},2658.59]
["16.13.1","C5050","CAIXA DE GORDURA EM PVC, COM CESTO 18L",null,"UN",326.56]
["16.13.2","C3489","CAIXA DE INSPEÇÃO EM ALVENARIA P/ LIGAÇÃO CONDOMINIAL DI=30x30cm",null,"UN",186.36]
["16.13.3","C3415","CAIXA EM ALVENARIA PARA LIGAÇÃO D´ÁGUA 1 1/2\" E 2\"",null,"UN",604.71]
["16.13.4","C3738","INSTALAÇÃO DE TUBO DE VENTILAÇÃO 50mm C/ L=4m, C/ REBOCO E PINTURA A CAL (C/ MATERIAL)",null,"UN",76.09]
[]
["16.13.5","C3739","INSTALAÇÃO DE TUBO DE VENTILAÇÃO 50mm C/ L=4m, COM REBOCO E PINTURA A CAL (SEM MATERIAL)",null,"UN",22.17]
[]
["16.13.6","C2865","LIGAÇÃO PREDIAL D'ÁGUA PADRÃO CAGECE",null,"UN",56.97]
["16.13.7","C4813","LIGAÇÃO PREDIAL MND COM USO DE PERFURATRIZ PNEUMÁTICA TIPO MOLE, INCLUSIVE RAMAL",null,"UN",549.07]
[]
["16.13.8","C5041","RAMAL INTRADOMICILIAR DE ESGOTO PARA TUBULAÇÃO DE 40MM",null,"M",47.48]
["16.13.9","C5124","RAMAL INTRADOMICILIAR DE ESGOTO PARA TUBULAÇÃO DE 50MM",null,"M",52.7]
["16.13.10","C5125","RAMAL INTRADOMICILIAR DE ESGOTO PARA TUBULAÇÃO DE 100MM",null,"M",67.84]
["16.13.11","C2911","RAMAL PREDIAL COM PAVIMENTAÇÃO EM ASFALTO COM BASE EM PEDRA",null,"M",33.78]
["16.13.12","C2912","RAMAL PREDIAL COM PAVIMENTAÇÃO EM PEDRA TOSCA OU PARALELO",null,"M",28.09]
["16.13.13","C2919","RAMAL PREDIAL S/ PAVIMENTAÇÃO",null,"M",16.84]
["16.13.14","C2913","RAMAL PREDIAL DE ESGOTO EM MBV 100mm, C/PAVIMENTO EM ASFALTO",null,"M",109.48]
["16.13.15","C2914","RAMAL PREDIAL DE ESGOTO EM MBV 100mm, C/PAVIMENTO EM PEDRA TOSCA",null,"M",109.79]
["16.13.16","C2915","RAMAL PREDIAL DE ESGOTO EM MBV 100mm, S/PAVIMENTO",null,"M",89.05]
["16.13.17","C2916","RAMAL PREDIAL DE ESGOTO EM PVC 100mm, C/PAVIMENTO EM ASFALTO",null,"M",115.37]
["16.13.18","C2917","RAMAL PREDIAL DE ESGOTO EM PVC 100mm, C/PAVIMENTO EM PEDRA TOSCA",null,"M",84.75]
["16.13.19","C2918","RAMAL PREDIAL DE ESGOTO EM PVC 100mm, S/ PAVIMENTO",null,"M",81.49]
["16.14","OUTROS ELEMENTOS",{"$nulls":3},943804.33]
["16.14.1","C3435","ABRIGO P/ QUADRO COMANDO(54x54cm) DE POÇOS, ÁREA NÃO INUNDÁVEL",null,"UN",822.93]
["16.14.2","C3433","ABRIGO P/ QUADRO COMANDO(108x108cm), POÇOS ÁREA NÃO INUNDÁVEL",null,"UN",1331.6]
["16.14.3","C3434","ABRIGO P/ QUADRO COMANDO(120x120cm),  COM MURETA DE 2,10m",null,"UN",3214.25]
["16.14.4","C1079","DESOBSTRUÇÃO DE TUBULAÇÕES",null,"M",32.08]
["16.14.5","C1250","ENVELOPE DE CONCRETO P/PROTEÇÃO DE TUBO PVC ENTERRADO",null,"M",20.48]
["16.14.6","C1248","ENVELOPE DE CONCRETO P/TUBOS PVC ENTERRADO, TIPO C, FCK= 13,5MPa",null,"M3",877.87]
["16.14.7","C5209","ESTAÇÃO DE TRATAMENTO DE ESGOTO (ETE), VAZÃO DE 5,00 M3/DIA, CONFECCIONADA EM POLIESTER REFORÇADA E FIBRA DE VIDRO, COMPLETA INCLUINDO FORNECIMENTO, MONTAGEM E TREINAMENTO",null,"UN",206055.74]
[]
["16.14.8","C4846","ESTAÇÃO DE TRATAMENTO DE ESGOTO (ETE), VAZÃO DE 10,00 M3/DIA, CONFECCIONADA EM POLIESTER REFORÇADA E FIBRA DE VIDRO, COMPLETA INCLUINDO FORNECIMENTO, MONTAGEM E TREINAMENTO",null,"UN",206055.74]
[]
["16.14.9","C4847","ESTAÇÃO DE TRATAMENTO DE ESGOTO (ETE), VAZÃO DE 15,00 M3/DIA, CONFECCIONADA EM POLIESTER REFORÇADA E FIBRA DE VIDRO, COMPLETA INCLUINDO FORNECIMENTO, MONTAGEM E TREINAMENTO",null,"UN",246694.77]
[]
["16.14.10","C4848","ESTAÇÃO DE TRATAMENTO DE ESGOTO (ETE), VAZÃO DE 20,00 M3/DIA, CONFECCIONADA EM POLIESTER REFORÇADA E FIBRA DE VIDRO, COMPLETA INCLUINDO FORNECIMENTO, MONTAGEM E TREINAMENTO",null,"UN",264223.02]
[]
["16.14.11","C2832","FOSSA SÉPTICA E SUMIDOURO  EM ALVENARIA",null,"UN",4777.43]
["16.14.12","C4162","FOSSA SÉPTICA E SUMIDOURO EM ANÉIS D=1,20M",null,"UN",3342.89]
["16.14.13","C1436","GRELHA DE FERRO P/ CALHAS E CAIXAS",null,"M2",189.65]
["16.14.14","C3995","GRELHA HEMISFÉRICA DE FERRO FUNDIDO D=150 mm (6\")",null,"UN",158.46]
["16.14.15","C2852","LAJE C/FURO EXCÊNTRICO DE 600 MM P/POÇO DE VISITA D= 1000mm",null,"UN",213.45]
["16.14.16","C2853","LAJE C/FURO EXCÊNTRICO DE 600 MM P/POÇO DE VISITA D=1200mm",null,"UN",261.13]
["16.14.17","C2854","LAJE DE FUNDO P/POÇO DE VISITA C/ANÉIS PRÉ-MOLDADO D= 600mm",null,"UN",309.83]
["16.14.18","C2856","LAJE DE FUNDO P/POÇO DE VISITA C/ANÉIS PRÉ-MOLDADO D=1000mm",null,"UN",538.45]
["16.14.19","C2855","LAJE DE FUNDO P/POÇO DE VISITA C/ANÉIS PRÉ-MOLDADO D=1200mm",null,"UN",641.72]
["16.14.20","C1948","PONTO HIDRÁULICO, MATERIAL E EXECUÇÃO",null,"PT",275.07]
["16.14.21","C1950","PONTO SANITÁRIO, MATERIAL E EXECUÇÃO",null,"PT",256.64]
["16.14.22","C4602","PONTO DE ESGOTO EM PVC P/ TANQUE E LAVATÓRIO MSD FUNASA TIPO 10 (MATERIAL E EXECUÇÃO)",null,"PT",272.83]
[]
["16.14.23","C4603","PONTO DE ESGOTO EM PVC P/ SANITÁRIO INCLUSIVE COLUNA VENTILAÇÃO MSD FUNASA TIPO 10 (MATERIAL E EXECUÇÃO)",null,"PT",284.69]
[]
["16.14.24","C5201","TELA DE ADVERTÊNCIA SUBTERRÂNEA COM FITA LARGURA 40CM AMARELA - APLICADA",null,"M",9.08]
[]
["16.14.25","C4020","VASO DE EQUALIZAÇÃO DE 400 L",null,"UN",2944.53]
["16.15","INSTALAÇÕES DE PRODUÇÃO",{"$nulls":3},73913.58]
["16.15.1","C3465","INSTALAÇÃO E FORNECIMENTO DE MONOVIA: TRILHO, TROLLEY / TALHA MANUAL 0,5 T",null,"UN",9709.42]
[]
["16.15.2","C3463","INSTALAÇÃO E FORNECIMENTO DE MONOVIA:TRILHO,TROLLEY / TALHA MANUAL 1,0 T",null,"UN",10393.96]
["16.15.3","C3464","INSTALAÇÃO E FORNECIMENTO DE MONOVIA:TRILHO,TROLLEY / TALHA MANUAL 2,0 T",null,"UN",10958.13]
["16.15.4","C3417","INSTALAÇÃO ELETROMECÂNICA DE CONJUNTO MOTO-BOMBA ATÉ 4 CV",null,"UN",733]
["16.15.5","C3416","INSTALAÇÃO ELETROMECÂNICA DE CONJUNTO MOTO-BOMBA DE 4 À 7,5 CV",null,"UN",2200.33]
["16.15.6","C3418","INSTALAÇÃO ELETROMECÂNICA DE CONJUNTO MOTO-BOMBA DE 7,5 À 15 CV",null,"UN",4552.8]
["16.15.7","C3419","INSTALAÇÃO ELETROMECÂNICA DE CONJUNTO MOTO-BOMBA DE 15 À 50 CV",null,"UN",5078.53]
["16.15.8","C3420","INSTALAÇÃO ELETROMECÂNICA DE CONJUNTO MOTO-BOMBA DE 50 À 100 CV",null,"UN",8263.76]
["16.15.9","C3421","INSTALAÇÃO ELETROMECÂNICA DE CONJUNTO MOTO-BOMBA DE 100 À 200 CV",null,"UN",9742.66]
["16.15.10","C3422","INSTALAÇÃO ELETROMECÂNICA DE CONJUNTO MOTO-BOMBA DE 200 À 500 CV",null,"UN",12280.99]
["16.16","SERVIÇOS ESPECIAIS",{"$nulls":3},311399.68]
["16.16.1","C4907","ADICIONAL PARA ABERTURA DE BOLETIM DE OCORRÊNCIA POLICIAL",null,"UN",21.75]
["16.16.2","C4867","APLICAÇÃO DE PRODUTO QUÍMICO \"DESINCRUSTANTE\" EM POÇO",null,"L",55.73]
["16.16.3","C4855","CESTO DE LIMPEZA EM AÇO INOX PARA GRADE DE ENTRADA DO POÇO DE SUCÇÃO D=70X30X30CM",null,"UN",1303.95]
[]
["16.16.4","C4856","CESTO TIPO BANDEJA COM ESTRUTURA PARA IÇAMENTO E TUBO GUIA EM AÇO INOX",null,"UN",1342.91]
["16.16.5","C4854","COLOCAÇÃO DE MATERIAL PARA LEITO SECAGEM\n",null,"M3",117.8]
[]
["16.16.6","C4909","DESLOCAMENTO DE MOTO PARA REGULARIZAÇÃO DA FRAUDE NÃO EFETIVADA",null,"UN",13.01]
["16.16.7","C4908","DESLOCAMENTO DE VEICULO PARA REGULARIZAÇÃO DA FRAUDE NÃO EFETIVADA",null,"UN",17.36]
["16.16.8","C3462","DESMONTAGEM DE TUBOS, CONEXÕES E PÇS ESPECIAIS, RESERVATÓRIO ELEVADO",null,"UN",3025.92]
["16.16.9","C5185","DESTINAÇÃO FINAL DO RESÍDUO SOLIDO NÃO SEGREGADO EM TERRENO LICENCIADO - SEM TRANSPORTE",null,"M3",11.2]
[]
["16.16.10","C5186","DESTINAÇÃO FINAL DO RESÍDUO SÓLIDO SEGREGADO EM USINA DE RECICLAGEM LICENCIADA - SEM TRANSPORTE",null,"M3",19.3]
[]
["16.16.11","C4865","FORNECIMENTO E ASSENTAMENTO DE LAJOTA PRE-MOLDADA DE CONCRETO E = 5cm SOBRE LEITO DE SECAGEM",null,"M2",53.7]
[]
["16.16.12","C3523","FORNECIMENTO E MONTAGEM DE PLACA DE FIBRA DE 2,50mX1,20m, ESP. 3mm P/ FLOCULADOR",null,"M2",174.91]
[]
["16.16.13","C4862","FORNECIMENTO E MONTAGEM DE PLACA DE PVC C/ ESP. 6mm P/ FLOCULADOR",null,"M2",185.74]
["16.16.14","C4863","FORNECIMENTO E MONTAGEM DE PLACA DE PVC C/ ESP. 10mm P/ FLOCULADOR",null,"M2",637.85]
["16.16.15","C4864","FORNECIMENTO E MONTAGEM DE PLACA DE PVC C/ ESP. 25mm P/ FLOCULADOR\n",null,"M2",953.64]
[]
["16.16.16","C4577","FORNECIMENTO E MONTAGEM DE PLACA EM FIBRA DE VIDRO e = 3,00mm",null,"M2",300.16]
["16.16.17","C4578","FORNECIMENTO E MONTAGEM DE PLACA EM FIBRA DE VIDRO COM RESINA ISOFTÁLICA e = 3,00mm",null,"M2",386.79]
[]
["16.16.18","C4905","IDENTIFICAÇÃO DE DERIVAÇÃO DO RAMAL PREDIAL DE ÁGUA, REMOÇÃO DA DERIVAÇÃO E APLICAÇÃO DO TERMO DE OCORRÊNCIA - TO",null,"UN",23.19]
[]
["16.16.19","C4904","IDENTIFICAÇÃO DE HIDRÔMETRO INVERTIDO, DESCONCECTADO OU RETIRADO, ADEQUAÇÃO DO HIDRÔMETRO E APLICAÇÃO DO TERMO DE OCORRÊNCIA - TO",null,"UN",16.26]
[]
["16.16.20","C4906","IDENTIFICAÇÃO DE RELIGAÇÃO CLANDESTINA, REGULARIZAÇÃO DA LIGAÇÃO E APLICAÇÃO DO TERMO DE OCORRÊNCIA - TO",null,"UN",23.19]
[]
["16.16.21","C4903","IDENTIFICAÇÃO DE VIOLAÇÃO DO LACRE DA LIGAÇÃO, RECOLOCAÇÃO DO LACRE NA  LIGAÇÃO E APLICAÇÃO DO TERMO DE OCORRÊNCIA - TO",null,"UN",13.03]
[]
["16.16.22","C4902","IDENTIFICAÇÃO DE VIOLAÇÃO DO HIDRÔMETRO OU DO LACRE DO HIDROMETRO, SUBSTITUIÇÃO DO HIDROMETRO VIOLADO E APLIAÇÃO DO TERMO DE OCORRÊNCIA - TO",null,"UN",16.26]
[]
["16.16.23","C4900","IDENTIFICAÇÃO E RETIRDA DO BY-PASS E APLICAÇÃO DO TERMO DE OCORRÊNCIA - TO",null,"UN",141.91]
[]
["16.16.24","C4901","IDENTIFICAÇÃO E SUPRESSÃO DE LIGAÇÃO CLANDESTINA E APLICAÇÃO DO TERMO DE OCORRÊNCIA - TO",null,"UN",128.62]
[]
["16.16.25","C3471","MONTAGEM BARRILETE FILTRO FIBRA, KIT'S, PÇS VAZÃO ATÉ 50 m3/h",null,"UN",8923.6]
["16.16.26","C3473","MONTAGEM BARRILETE FILTRO FIBRA, KIT'S, PÇS VAZÃO 95,01 À 230 m3/h",null,"UN",22451.36]
["16.16.27","C5181","MONTAGEM DE TANQUE HIDROPNEUMÁTICO CAP 500L",null,"UN",880.91]
["16.16.28","C5182","MONTAGEM DE TANQUE HIDROPNEUMÁTICO CAP 1000L",null,"UN",1321.36]
["16.16.29","C5183","MONTAGEM DE TANQUE HIDROPNEUMÁTICO CAP 3500L\n",null,"UN",1761.82]
[]
["16.16.30","C5184","MONTAGEM DE TANQUE HIDROPNEUMÁTICO CAP 4500L",null,"UN",1761.82]
["16.16.31","C3502","MONTAGEM DE TUBOS, CONEXÕES E EQUIPAMENTOS DE TRATAMENTO, CASA DE OPERAÇÃO",null,"UN",3274.56]
[]
["16.16.32","C3496","MONTAGEM DE TUBOS, CONEXÕES E PÇS, ELEVATÓRIA CAP ATÉ 5 l/s",null,"UN",2077.73]
["16.16.33","C3497","MONTAGEM DE TUBOS, CONEXÕES E PÇS, ELEVATÓRIA C/ VAZÃO DE 5,01 À 10 l/s",null,"UN",3498.39]
["16.16.34","C3498","MONTAGEM DE TUBOS, CONEXÕES E PÇS, ELEVATÓRIA C/ VAZÃO DE 10,01 À 20 l/s",null,"UN",8974.4]
["16.16.35","C3499","MONTAGEM DE TUBOS, CONEXÕES E PÇS, ELEVATÓRIA C/ VAZÃO DE 20,01 À 40 l/s",null,"UN",18655.21]
["16.16.36","C3500","MONTAGEM DE TUBOS, CONEXÕES E PÇS, ELEVATÓRIA C/ VAZÃO DE 40,01 À 60 l/s",null,"UN",33599.14]
["16.16.37","C3501","MONTAGEM DE TUBOS, CONEXÕES E PÇS, ELEVATÓRIA C/ VAZÃO DE 60,01 À 90 l/s",null,"UN",43719.46]
["16.16.38","C3490","MONTAGEM DE TUBOS, CONEXÕES E PÇS, RESERVATÓRIO APOIADO CAP ATÉ 100 M3",null,"UN",1492.33]
["16.16.39","C3491","MONTAGEM DE TUBOS, CONEXÕES E PÇS, RESERVATÓRIO APOIADO CAP DE 100,01 À 300 M3",null,"UN",2239.74]
[]
["16.16.40","C3492","MONTAGEM DE TUBOS, CONEXÕES E PÇS, RESERVATÓRIO APOIADO CAP DE 300,01 À 600 M3",null,"UN",2989.64]
[]
["16.16.41","C3512","MONTAGEM DE TUBOS, CONEXÕES E PÇS, RESERVATÓRIO ELEVADO CAP. ATÉ 50 M3",null,"UN",2688.9]
["16.16.42","C3493","MONTAGEM DE TUBOS, CONEXÕES E PÇS, RESERVATÓRIO ELEVADO CAP DE 50,01 À 100 M3",null,"UN",4507.88]
[]
["16.16.43","C3494","MONTAGEM DE TUBOS, CONEXÕES E PÇS, RESERVATÓRIO ELEVADO CAP  DE 100,01 À 300 M3",null,"UN",6294.76]
[]
["16.16.44","C3525","MONTAGEM DE TUBOS, CONEXÕES E PÇS ESPECIAIS EM FLOCULADOR/DECANTADOR",null,"UN",4419.84]
["16.16.45","C3495","MONTAGEM DE TUBOS, CONEXÕES E PÇS, RESERVATÓRIO ELEVADO CAP  DE 300,01 À 600 M3",null,"UN",8919.44]
[]
["16.16.46","C3461","MONTAGEM  DE TUBOS, CONEXÕES E PÇS ESPECIAIS, AERADOR BANDEJA",null,"UN",4376.32]
["16.16.47","C3472","MONTAGEM BARRILETE FILTRO FIBRA, KIT'S, PÇS VAZÃO 50,01 À 95 m3/h",null,"UN",17847.2]
["16.16.48","C3503","MONTAGEM DOS EQUIPAMENTOS DA ETE - REATOR E INSTALAÇÕES HIDRÁULICAS",null,"CJ",54539.76]
["16.16.49","C3524","RECUPERAÇÃO DE PLACAS DE CONCRETO DOS FLOCULADORES",null,"M2",294.03]
["16.16.50","C5187","TAMPONAMENTO DA LIGAÇÃO DE ESGOTO",null,"UN",60.32]
["16.16.51","C5207","TANQUE DE COMBUSTÍVEL 200 L",null,"UN",782.66]
["16.16.52","C4866","TESTES DE VAZÃO DO POÇO, DN 6 E PROFUNDIDADE DE 25,00m",null,"UN",6571.21]
["16.16.53","C4613","TMND PARA TUBO 500<DN<=800mm",null,"M",6910.93]
["16.16.54","C4614","TMND PARA TUBO 800<DN<=1200mm",null,"M",10975.04]
["16.16.55","C4615","TMND PARA TUBO 1200<DN<=1500mm",null,"M",15446.96]
["16.16.56","C4812","TRANSFERÊNCIA DE LIGAÇÃO PREDIAL DE ÁGUA EM REDE EXISTENTE",null,"UN",158.78]
["16.17","INSTALAÇÕES DIVERSAS",{"$nulls":3},153997.05]
["16.17.1","C3509","INSTALAÇÕES HIDRO-SANITÁRIAS KIT-01 C/ FORN. DE MATERIAL",null,"UN",944.45]
["16.17.2","C3510","INSTALAÇÕES HIDRO-SANITÁRIAS KIT-02 C/ FORN. DE MATERIAL",null,"UN",1391.33]
["16.17.3","C3511","INSTALAÇÕES HIDRO-SANITÁRIAS KIT-03 C/ FORN. DE MATERIAL",null,"UN",1297.39]
["16.17.4","C3457","MONTAGEM DAS INSTALAÇÕES HIDRO-SANITÁRIAS DAS ELEVATÓRIAS",null,"UN",3526.08]
["16.17.5","C4857","MONTAGEM DE TUBOS, CONEXÕES E PEÇAS DE LEITO DRENANTE",null,"UN",376.96]
["16.17.6","C4868","MONTAGEM DE TUBOS, CONEXÕES E PÇS, ELEVATÓRIA C VAZÃO DE 90,01 A 200L/S",null,"UN",65207.46]
["16.17.7","C4869","MONTAGEM DE TUBOS, CONEXÕES E PÇS, ELEVATÓRIA C VAZÃO DE 200,01 À 350L/S",null,"UN",81228.18]
["16.17.8","C4006","REDE DE GÁS P/ COZINHA (FORN./MONTAGEM)",null,"M",25.2]
["17","SERVIÇOS OPERACIONAIS",{"$nulls":3},28537.74]
["17.1","INSTALAÇÃO E SUBSTITUIÇÃO DE HIDRÔMETRO",{"$nulls":3},819.05]
["17.1.1","C2718","DESLOCAMENTO DE HIDRÔMETRO C/ CAIXA OU CAVALETE",null,"UN",70.14]
["17.1.2","C2844","INST. DE HIDRÔMETRO E CAVALETE 1§ COMPART. (CASO H), RECUO (CASO G)",null,"UN",54.92]
["17.1.3","C2845","INST. DE HIDRÔMETRO E CAVALETE C/ CAIXA NO MURO P002 (CASO I)",null,"UN",73.6]
["17.1.4","C2846","INSTALAÇÃO DE HIDRANTE DE COLUNA",null,"UN",165.87]
["17.1.5","C2847","INSTALAÇÃO DE HIDRANTE SUBTERRÂNEO",null,"UN",231.32]
["17.1.6","C2848","INSTALAÇÃO OU SUBSTITUIÇÃO DE CAIXA DO HIDRÔMETRO",null,"UN",37.02]
["17.1.7","C2956","SUBST. DE HIDRÔMETRO DA CALÇADA P/ PADRÃO CASO: A, B, C OU D C/ CAIXA",null,"UN",74.26]
["17.1.8","C2957","SUBST. DE HIDRÔMETRO CAVALETE MONTADO C/RECUP. CALÇADA/MURO (CASO F)",null,"UN",35.45]
["17.1.9","C2958","SUBSTITUIÇÃO OU INSTALAÇÃO DE HIDRÔMETRO EM CAVALETE MONTADO (CASO E,N)",null,"UN",17.06]
[]
["17.1.10","C2963","SUBSTITUIÇÃO DE REGISTRO PVC 3/4\" NO CAVALETE",null,"UN",12.53]
["17.1.11","C4201","SUBSTITUIÇÃO DE KIT CAVALETE (CASO E, N) CALÇADA / MURO (CASO F)",null,"UN",17.01]
["17.1.12","C4202","SUBSTITUIÇÃO DE KIT CAVALETE MONTADO C/ RECUP. CALÇADA / MURO (CASO F)",null,"UN",29.87]
["17.2","CORTE E SUPRESSÃO DE LIGAÇÃO",{"$nulls":3},1652.99]
["17.2.1","C0029","ADICIONAL DE LIGAÇÃO D'ÁGUA EM CORREDOR DE ATIVIDADE",null,"UN",43.66]
["17.2.2","C0030","ADICIONAL DE LIGAÇÃO DE ESGOTO EM CORREDOR DE ATIVIDADE",null,"UN",57.33]
["17.2.3","C0031","ADICIONAL DE SUPRESSÃO EM CORREDOR DE ATIVIDADE",null,"UN",33.19]
["17.2.4","C3430","CORTE AGRAVADO E EXECUÇÃO DA LIGAÇÃO C/ FORNECIMENTO MATERIAL",null,"UN",60.84]
["17.2.5","C4593","CORTE DO RAMAL PREDIAL DE ÁGUA DE MODO SIMPLES OU AGRAVADO E RELIGAÇÃO COM O FORNECIMENTO DE MATERIAL",null,"UN",47.82]
[]
["17.2.6","C4897","CORTE E BISELAMENTO EM EXTREMIDADES P/TUBOS EM AÇO DESVIO DE 0 A 15º",null,"UN",165.53]
["17.2.7","C4594","CORTE E RELIGAÇÃO COM CHIBÁGUA COM FORNECIMENTO DE MATERIAL",null,"UN",91.53]
["17.2.8","C4204","CORTE EM TUBULAÇÃO DE F°F° P/ LIGAÇÃO EM NOVO PV",null,"UN",195.68]
["17.2.9","C0931","CORTE OU RELIGAÇÃO DE ÁGUA NO FERRULE(PAV. EM ASFALTO)",null,"UN",61.04]
["17.2.10","C0932","CORTE OU RELIGAÇÃO DE ÁGUA NO FERRULE(PAV. EM P.TOSCA)",null,"UN",43.6]
["17.2.11","C0933","CORTE OU RELIGAÇÃO DE ÁGUA NO MEIO FIO ATE 1\"(CAPITAL)",null,"UN",32.36]
["17.2.12","C0934","CORTE OU RELIGAÇÃO DE ÁGUA NO MEIO FIO ATE 1\"(INTERIOR)",null,"UN",27.47]
["17.2.13","C4719","CORTE OU RELIGAÇÃO DO RAMAL PREDIAL DE ÁGUA PELO MÉTODO AGRAVADO NO MEIO FIO, COM USO DE CARRO",null,"UN",39.3]
[]
["17.2.14","C4718","CORTE OU RELIGAÇÃO SIMPLES COM A UTILIZAÇÃO DE CHAVE MAGNÉTICA, COM USO DE MOTO",null,"UN",7.91]
[]
["17.2.15","C4716","CORTE SIMPLES DO RAMAL DE ÁGUA NO KIT CAVALETE COM USO DE MOTO",null,"UN",11.22]
["17.2.16","C3432","CORTE SIMPLES E EXECUÇÃO DA SUPRESSÃO DE LIGAÇÃO C/ PAVIMENTO ASFÁLTICO",null,"UN",101.5]
[]
["17.2.17","C3780","CORTE SIMPLES E EXECUÇÃO DA SUPRESSÃO DE LIGAÇÃO C/ PAVIMENTO DE PEDRA TOSCA",null,"UN",47.35]
[]
["17.2.18","C4721","DESLOCAMENTO PARA EXECUÇÃO DE CORTE NA LIGAÇÃO PREDIAL, NÃO EFETIVADO",null,"UN",5.38]
["17.2.19","C3431","CORTE SIMPLES E EXECUÇÃO DA SUPRESSÃO SEM PAVIMENTO",null,"UN",45.89]
["17.2.20","C2721","DESOBSTRUÇÃO E LIMPEZA DE REDE ENTRE PV's DN ATE 200 C/VARETA",null,"UN",89.51]
["17.2.21","C4717","RELIGAÇÃO SIMPLES DO RAMAL PREDIAL DE ÁGUA NO KIT CAVALETE COM USO DE MOTO",null,"UN",8.09]
[]
["17.2.22","C4605","RELIGAÇÃO DO RAMAL PREDIAL DE ÁGUA EM QUALQUER TIPO DE PAVIMENTO DO LOGRADOURO COM O FORNECIMENTO DE MATERIAL",null,"UN",24.62]
[]
["17.2.23","C4606","SUPRESSÃO DO RAMAL PREDIAL DE ÁGUA COM A REMOÇÃO DO HIDRÔMETRO EM LOGRADOURO SEM PAVIMENTO",null,"UN",69.69]
[]
["17.2.24","C4607","SUPRESSÃO DO RAMAL PREDIAL DE ÁGUA COM A REMOÇÃO DO HIDRÔMETRO EM LOGRADOURO COM PAVIMENTO DE PEDRA TOSCA OU PARALELO",null,"UN",78.19]
[]
["17.2.25","C4608","SUPRESSÃO DO RAMAL PREDIAL DE ÁGUA COM A REMOÇÃO DO HIDRÔMETRO EM LOGRADOURO COM PAVIMENTO EM ASFALTO",null,"UN",154.63]
[]
["17.2.26","C4720","SUPRESSÃO DO RAMAL PREDIAL DE ÁGUA COM USO DE CHIBAGUA E RETIRADA DE HIDRÔMETRO",null,"UN",53.84]
[]
["17.2.27","C2979","TRANSFERÊNCIA DE LIGAÇÃO EM REDE REMANEJADA",null,"UN",17.44]
["17.2.28","C2986","VISITA AO LOCAL DA SUPRESSÃO (PAGAR SE HOUVER QUITAÇÃO APÓS VISITA)",null,"UN",11.52]
["17.2.29","C4616","VISITA DE COBRANÇA COM ORDEM DE CORTE AOS CLIENTES INADIMPLENTES",null,"UN",26.86]
["17.3","RETIRADA DE VAZAMENTO EM REDE E LIGAÇÃO D'ÁGUA/OUTROS",{"$nulls":3},3563.89]
["17.3.1","C0810","COLOCAÇÃO DE REGISTRO EM REDE EM OPERAÇÃO DN  50 a 100",null,"UN",74.75]
["17.3.2","C0811","COLOCAÇÃO DE REGISTRO EM REDE EM OPERAÇÃO DN 150 a 200",null,"UN",104.65]
["17.3.3","C0812","COLOCAÇÃO DE REGISTRO EM REDE EM OPERAÇÃO DN 250 a 300",null,"UN",134.55]
["17.3.4","C2719","DESOBSTRUÇÃO DE REDE EM TUBO FoFo ATÉ 75mm COM VARETAS",null,"M",7.65]
["17.3.5","C2715","RETIRADA DE VAZAMENTO EM LIGAÇÃO, RUA COM PAVIMENTAÇÃO EM ASFALTO",null,"UN",53.89]
["17.3.6","C2738","RETIRADA DE VAZAMENTO EM LIGAÇÃO, NA CALÇADA SEM PAVIMENTAÇÃO",null,"UN",26.16]
["17.3.7","C2739","RETIRADA DE VAZAMENTO EM LIGAÇÃO, NA CALÇADA, QUALQUER TIPO DE PAVIMENTAÇÃO",null,"UN",29.11]
[]
["17.3.8","C2740","RETIRADA DE VAZAMENTO EM LIGAÇÃO, RUA COM PAVIMENTAÇÃO EM PEDRA TOSCA OU PARALELO",null,"UN",43.6]
[]
["17.3.9","C2741","RETIRADA DE VAZAMENTO EM LIGAÇÃO, RUA SEM PAVIMENTAÇÃO",null,"UN",26.16]
["17.3.10","C2742","RETIRADA DE VAZAMENTO EM REDE DE CA/FoFo ATÉ DN 100mm, PAVIMENTAÇÃO EM ASFALTO",null,"UN",155.57]
[]
["17.3.11","C2743","RETIRADA DE VAZAMENTO EM REDE DE CA/FoFo ATÉ DN 100mm, PAVIMENTAÇÃO EM PEDRA TOSCA",null,"UN",131.93]
[]
["17.3.12","C2744","RETIRADA DE VAZAMENTO EM REDE DE CA/FoFo ATÉ DN 100mm, SEM PAVIMENTAÇÃO",null,"UN",108.29]
["17.3.13","C2745","RETIRADA DE VAZAMENTO EM REDE DE CA/FoFo DN 150 À 250mm, PAVIMENTAÇÃO EM ASFALTO",null,"UN",284.99]
[]
["17.3.14","C2746","RETIRADA DE VAZAMENTO EM REDE DE CA/FoFo DN 150 À 250mm, PAVIMENTAÇÃO EM PEDRA TOSCA",null,"UN",261.35]
[]
["17.3.15","C2747","RETIRADA DE VAZAMENTO EM REDE DE CA/FoFo DN 150 À 250mm, S/ PAVIMENTAÇÃO",null,"UN",237.71]
["17.3.16","C2748","RETIRADA DE VAZAMENTO EM REDE DE FoFo DN 300mm, PAVIMENTAÇÃO EM ASFALTO",null,"UN",363.3]
[]
["17.3.17","C2749","RETIRADA DE VAZAMENTO EM REDE DE FoFo DN 300mm, PAVIMENTAÇÃO EM PEDRA TOSCA",null,"UN",350.21]
[]
["17.3.18","C2750","RETIRADA DE VAZAMENTO EM REDE DE FoFo DN 300mm, S/ PAVIMENTAÇÃO",null,"UN",326.57]
["17.3.19","C2751"," RETIRADA DE VAZAMENTO EM REDE DE PVC ATÉ DN 100mm, PAVIMENTAÇÃO EM ASFALTO",null,"UN",128.9]
[]
["17.3.20","C2752","RETIRADA DE VAZAMENTO EM REDE DE PVC ATÉ DN 100mm, PAVIMENTAÇÃO EM PEDRA TOSCA",null,"UN",105.26]
[]
["17.3.21","C2753","RETIRADA DE VAZAMENTO EM REDE DE PVC ATÉ DN 100mm, S/PAVIMENTAÇÃO",null,"UN",80.78]
["17.3.22","C2754","RETIRADA DE VAZAMENTO EM REDE DE PVC/DEFoFo DN 150 À 250mm",null,"UN",194.68]
["17.3.23","C2755","RETIRADA DE VAZAMENTO EM REDE DE PVC/DEFoFo DN 150 À 250mm, PAVIMENTAÇÃO EM PEDRA TOSCA",null,"UN",170.44]
[]
["17.3.24","C2756","RETIRADA DE VAZAMENTO EM REDE DE PVC/DEFoFo DN 150 À 250mm, S/ PAVIMENTAÇÃO",null,"UN",147.4]
[]
["17.3.25","C2890","RETIRADA DE VAZAMENTO NO CAVALETE",null,"UN",15.99]
["17.4","INJETAMENTO EM TUBULAÇÃO",{"$nulls":3},13983.64]
["17.4.1","C2762","INJETAMENTO EM TUBO EXISTENTE PVC ATE 100mm INCL. DESLOCAMENTO",null,"UN",261.15]
["17.4.2","C2761","INJETAMENTO EM TUBO EXISTENTE PVC 100<DN<=200mm INCL. DESLOCAMENTO",null,"UN",379.32]
["17.4.3","C2760","INJETAMENTO EM TUBO EXISTENTE FoFo ATE DN 200mm INCL. DESLOCAMENTO",null,"UN",845.55]
["17.4.4","C2757","INJETAMENTO EM TUBO EXISTENTE DE PVC DN>200mm INCL. DESLOCAMENTO",null,"UN",462.49]
["17.4.5","C2758","INJETAMENTO EM TUBO EXISTENTE FoFo 200<DN<=300mm INCL. DESLOCAMETO",null,"UN",1311.08]
["17.4.6","C2759","INJETAMENTO EM TUBO EXISTENTE FoFo 300<DN<=500mm INCL. DESLOCAMENTO",null,"UN",2331.32]
["17.4.7","C4596","INJETAMENTO EM TUBO EXISTENTE FoFo 500<DN<=800 INCL. DESLOCAMENTO",null,"UN",3730.1]
["17.4.8","C4597","INJETAMENTO EM TUBO EXISTENTE FoFo 800<DN<=1000 INCL. DESLOCAMENTO",null,"UN",4662.63]
["17.5","MANUTENÇÃO EM REDE DE ESGOTO",{"$nulls":3},3094.76]
["17.5.1","C0231","ASSENTAMENTO DE TAMPÃO FoFo P/ POÇO DE VISITA",null,"UN",60.11]
["17.5.2","C0514","BY-PASS EM REDE DE ESGOTO",null,"UN",43.31]
["17.5.3","C4074","CHUMBAMENTO DE RAMAL INTRA-DOMICILIAR DN 100 NA CAIXA DE INSPEÇÃO",null,"UN",28.81]
["17.5.4","C0795","CHUMBAMENTO TUBULAÇÃO NO POÇO VISITA (BLOCO DE CONCRETO)",null,"UN",81.26]
["17.5.5","C0813","COLOCAÇÃO DE TAMPA EM CAIXA DE INSPEÇÃO",null,"UN",13]
["17.5.6","C0814","COLOCAÇÃO E CHUMBAMENTO LAJE EXCÊNTRICA, CHAMINÉ E TAMPÃO EM PV",null,"UN",183.01]
["17.5.7","C0815","COLOCAÇÃO E CHUMBAMENTO LAJE EXCENTRICA E TAMPÃO EM PV",null,"UN",155.89]
["17.5.8","C0816","COLOCAÇÃO TUBO CONCRETO PB D= 600 EM PV C/REJUNT./TRANSPORTE",null,"UN",188.24]
["17.5.9","C0817","COLOCAÇÃO TUBO CONCRETO PB D=1000 EM PV C/REJUNT./TRANSPORTE",null,"UN",369.75]
["17.5.10","C2721","DESOBSTRUÇÃO E LIMPEZA DE REDE ENTRE PV's DN ATE 200 C/VARETA",null,"UN",89.51]
["17.5.11","C2720","DESOBSTRUÇÃO E LIMPEZA DE REDE ENTRE PV's DN 200,01 a 400 C/VARETA",null,"UN",179.69]
["17.5.12","C2988","DESOBSTRUÇÃO E LIMPEZA DE REDE ESGOTO ENTRE PV's (INCLUSIVE)",null,"M",2.38]
["17.5.13","C2722","DESOBSTRUÇÃO EM LIGAÇÃO DE ESGOTO DN 100 C/LIMPEZA DA CAIXA",null,"UN",45.09]
["17.5.14","C2723","DESOBSTRUÇÃO EM LIGAÇÃO DE ESGOTO DN>100 C/LIMPEZA DA CAIXA",null,"UN",45.09]
["17.5.15","C2725","DESOBSTRUÇÃO EM REDE ENTRE PV's DN ATE 200mm, C/EQUIP.A JATO",null,"UN",25.49]
["17.5.16","C2724","DESOBSTRUÇÃO EM REDE ENTRE PV's DN 200,01 a 400mm, C/EQUIP. A JATO",null,"UN",25.49]
["17.5.17","C2817","EXECUÇÃO DE CALHA EM CONCRETO NO POÇO DE VISITA",null,"UN",107.24]
["17.5.18","C4212","LIMPEZA DE CAIXAS DE INSPEÇÃO",null,"UN",41.81]
["17.5.19","C2866","LIMPEZA DE PV PROF. ATÉ 2.00m C/EQUIPAMENTO A VÁCUO",null,"UN",37.85]
["17.5.20","C2871","LIMPEZA DE PV PROF. 2,01 a 3,00m C/EQUIPAMENTO A VACUO",null,"UN",49.1]
["17.5.21","C2867","LIMPEZA DE PV PROF. MAIOR QUE 3.00m C/EQUIPAMENTO A VÁCUO",null,"UN",81.84]
["17.5.22","C2868","LIMPEZA DE PV's PROF. ATE 2,00m, MANUAL",null,"UN",116.66]
["17.5.23","C2869","LIMPEZA DE PV's PROF. ENTRE 2.00  A  3.00m, MANUAL",null,"UN",175.12]
["17.5.24","C2870","LIMPEZA DE PV's PROF. MAIOR QUE 3.00m, MANUAL",null,"UN",233.58]
["17.5.25","C2888","NIVELAMENTO DE TAMPÃO DO TIL/TERMINAL DE LIMPEZA",null,"UN",121.34]
["17.5.26","C2889","NIVELAMENTO DE TAMPÃO EM POÇO DE VISITA",null,"UN",238.75]
["17.5.27","C2934","RECUPERAÇÃO DE CAIXA DE INSPEÇÃO",null,"UN",108.55]
["17.5.28","C2943","RETIRADA DE POÇO DE VISITA",null,"UN",134.02]
["17.5.29","C2951","SONDAGEM E INSPEÇÃO EM POÇO DE VISITA",null,"UN",18.3]
["17.5.30","C2977","TAMPONAMENTO PROVISÓRIO DE POÇO DE VISITA",null,"UN",94.48]
["17.6","RECUPERAÇÃO DE TUBULAÇÃO",{"$nulls":3},104.45]
["17.6.1","C2935","RECUPERAÇÃO TUBULAÇÃO FoFo DN 250mm (CORTE E DESBASTE PONTA)",null,"UN",104.45]
["17.7","SERVIÇO COMERCIAL",{"$nulls":3},5318.96]
["17.7.1","C4199","COLOCAÇÃO DE APARELHO ELIMINADOR DE AR",null,"UN",205.15]
["17.7.2","C4200","COLOCAÇÃO DE VENTOSA EM REDE EM OPERAÇÃO DN 150 A 200",null,"UN",346.53]
["17.7.3","C2766","ENSAIO DE HIDRÔMETRO",null,"BAN",75.06]
["17.7.4","C4207","INSTALAÇÃO DE MACROMEDIDOR TIPO WALTMANN PARA DIÂMETROS ATÉ 300mm",null,"UN",1186.47]
["17.7.5","C4206","INSTALAÇÃO DE MACROMEDIDOR TIPO WALTMANN PARA DIÂMETROS ENTRE 350mm E 600mm",null,"UN",1666.07]
[]
["17.7.6","C2859","LANÇAMENTO DE ESGOTO NO INTERCEPTOR",null,"UN",27.2]
["17.7.7","C2880","MEDIÇÃO DE PRESSÃO E VAZÃO",null,"UN",1030.51]
["17.7.8","C4213","MONTAGEM DE TUBOS, CONEXÕES E PEÇAS ESPECIAIS, SUBST. REGISTRO P/ TOMADA D'ÁGUA",null,"UN",459.75]
[]
["17.7.9","C2961","SUBSTITUIÇÃO DE REGISTRO COM VOLANTE 3/4\" (C/ MATERIAL)",null,"UN",59.5]
["17.7.10","C2959","SUBSTITUIÇÃO DE REGISTRO COM VOLANTE 1\" (C/ MATERIAL)",null,"UN",79.42]
["17.7.11","C2960","SUBSTITUIÇÃO DE REGISTRO COM VOLANTE 2\" (C/ MATERIAL)",null,"UN",155.32]
["17.7.12","C2962","SUBSTITUIÇÃO DE REGISTRO DE PVC C/BORBOLETA 3/4\"(C/MATERIAL)",null,"UN",27.98]
["18","INST. ELÉTRICAS, TELEFONIA, LÓGICA, SOM E SISTEMAS DE CONTROLE",{"$nulls":3},7078089.17]
["18.1","ELETRODUTOS DE PVC E CONEXÕES",{"$nulls":3},1413.04]
["18.1.1","C1019","CURVA P/ELETRODUTO PVC ROSC. D= 20mm (1/2\")",null,"UN",6.06]
["18.1.2","C1020","CURVA P/ELETRODUTO PVC ROSC. D= 25mm (3/4\")",null,"UN",7.53]
["18.1.3","C1021","CURVA P/ELETRODUTO PVC ROSC. D= 32mm (1\")",null,"UN",10.37]
["18.1.4","C1022","CURVA P/ELETRODUTO PVC ROSC. D= 40mm (1 1/4\")",null,"UN",14.26]
["18.1.5","C1023","CURVA P/ELETRODUTO PVC ROSC. D= 50mm (1 1/2\")",null,"UN",17.65]
["18.1.6","C1024","CURVA P/ELETRODUTO PVC ROSC. D= 60mm (2\")",null,"UN",27.42]
["18.1.7","C1025","CURVA P/ELETRODUTO PVC ROSC. D= 75mm (2 1/2\")",null,"UN",61.83]
["18.1.8","C1026","CURVA P/ELETRODUTO PVC ROSC. D= 85mm (3\")",null,"UN",71.45]
["18.1.9","C1027","CURVA P/ELETRODUTO PVC ROSC. D=110mm (4\")",null,"UN",104.77]
["18.1.10","C1204","ELETRODUTO CONDULETE DE PVC DE 1/2\"",null,"M",20.13]
["18.1.11","C1205","ELETRODUTO CONDULETE DE PVC DE 3/4\"",null,"M",27.81]
["18.1.12","C1203","ELETRODUTO CONDULETE DE PVC DE 1\"",null,"M",38.68]
["18.1.13","C1185","ELETRODUTO PVC ROSC. D= 20mm (1/2\")",null,"M",11.82]
["18.1.14","C1186","ELETRODUTO PVC ROSC. D= 25mm (3/4\")",null,"M",12.72]
["18.1.15","C1187","ELETRODUTO PVC ROSC. D= 32mm (1\")",null,"M",16.73]
["18.1.16","C1188","ELETRODUTO PVC ROSC. D= 40mm (1 1/4\")",null,"M",23.89]
["18.1.17","C1189","ELETRODUTO PVC ROSC. D= 50mm (1 1/2\")",null,"M",28.19]
["18.1.18","C1190","ELETRODUTO PVC ROSC. D= 60mm (2\")",null,"M",41.06]
["18.1.19","C1191","ELETRODUTO PVC ROSC. D= 75mm (2 1/2\")",null,"M",57.04]
["18.1.20","C1192","ELETRODUTO PVC ROSC. D= 85mm (3\")",null,"M",69.6]
["18.1.21","C1193","ELETRODUTO PVC ROSC. D=110mm (4\")",null,"M",97.18]
["18.1.22","C1195","ELETRODUTO PVC ROSC.INCL.CONEXÕES D= 20mm (1/2\")",null,"M",18.42]
["18.1.23","C1196","ELETRODUTO PVC ROSC.INCL.CONEXÕES D= 25mm (3/4\")",null,"M",19.41]
["18.1.24","C1197","ELETRODUTO PVC ROSC.INCL.CONEXÕES D= 32mm (1\")",null,"M",29.43]
["18.1.25","C1198","ELETRODUTO PVC ROSC.INCL.CONEXÕES D= 40mm (1 1/4\")",null,"M",34.44]
["18.1.26","C1199","ELETRODUTO PVC ROSC.INCL.CONEXÕES D= 50mm (1 1/2\")",null,"M",40.26]
["18.1.27","C1194","ELETRODUTO PVC ROSC.INCL.CONEXOES D= 60mm (2\")",null,"M",52.35]
["18.1.28","C1200","ELETRODUTO PVC ROSC.INCL.CONEXÕES D= 75mm (2 1/2\")",null,"M",70.56]
["18.1.29","C1202","ELETRODUTO PVC ROSC.INCL.CONEXÕES D=85MM (3\")",null,"M",82.31]
["18.1.30","C1201","ELETRODUTO PVC ROSC.INCL.CONEXÕES D=110mm (4\")",null,"M",111.69]
["18.1.31","C1184","ELETRODUTO FLEXÍVEL, TIPO GARGANTA",null,"M",19.1]
["18.1.32","C1708","LUVA P/ELETRODUTO PVC ROSC. D= 20mm (1/2\")",null,"UN",1.76]
["18.1.33","C1709","LUVA P/ELETRODUTO PVC ROSC. D= 25mm (3/4\")",null,"UN",2.62]
["18.1.34","C1710","LUVA P/ELETRODUTO PVC ROSC. D= 32mm (1\")",null,"UN",4.05]
["18.1.35","C1711","LUVA P/ELETRODUTO PVC ROSC. D= 40mm (1 1/4\")",null,"UN",5.93]
["18.1.36","C1712","LUVA P/ELETRODUTO PVC ROSC. D= 50mm (1 1/2\")",null,"UN",7.85]
["18.1.37","C1713","LUVA P/ELETRODUTO PVC ROSC. D= 60mm (2\")",null,"UN",9.91]
["18.1.38","C1714","LUVA P/ELETRODUTO PVC ROSC. D= 75mm (2 1/2\")",null,"UN",20.96]
["18.1.39","C1715","LUVA P/ELETRODUTO PVC ROSC. D= 85mm (3\")",null,"UN",33.49]
["18.1.40","C1716","LUVA P/ELETRODUTO PVC ROSC. D=110mm (4\")",null,"UN",49.86]
["18.1.41","C3566","MUTIRÃO MISTO - CURVA P/ELETRODUTO PVC ROSC. D=25mm (3/4\")",null,"UN",5.42]
["18.1.42","C3568","MUTIRÃO MISTO - ELETRODUTO TIPO CONDULETE DE PVC DE 1/2\"",null,"M",15.91]
["18.1.43","C3569","MUTIRÃO MISTO - ELETRODUTO DE PVC ROSC. D=25mm (3/4)\"",null,"M",9.13]
["18.1.44","C3574","MUTIRÃO MISTO - LUVA P/ELETRODUTO PVC ROSC. D=25mm(3/4\")",null,"UN",1.99]
["18.2","ELETRODUTOS DE ALUMÍNIO",{"$nulls":3},442.15]
["18.2.1","C1179","ELETRODUTO DE ALUMÍNIO, INCLUSIVE CONEXÕES DE  3/4\"",null,"M",28.32]
["18.2.2","C1181","ELETRODUTO DE ALUMÍNIO, INCLUSIVE CONEXÕES DE 1\"",null,"M",35.99]
["18.2.3","C1178","ELETRODUTO DE ALUMÍNIO, INCLUSIVE CONEXÕES DE  1 1/4\"",null,"M",45.28]
["18.2.4","C1180","ELETRODUTO DE ALUMÍNIO, INCLUSIVE CONEXÕES DE 1 1/2\"",null,"M",54.09]
["18.2.5","C1183","ELETRODUTO DE ALUMÍNIO, INCLUSIVE CONEXÕES DE 2\"",null,"M",75.11]
["18.2.6","C1182","ELETRODUTO DE ALUMÍNIO, INCLUSIVE CONEXÕES DE 2 1/2\"",null,"M",89.94]
["18.2.7","C4536","ELETRODUTO DE ALUMÍNIO, INCLUSIVE CONEXÕES DE 3\"",null,"M",113.42]
["18.3","DUTOS E ACESSÓRIOS",{"$nulls":3},1730.5]
["18.3.1","C1162","DUTO PERFURADO - PERFILADOS CHAPA DE AÇO (15X35)mm",null,"M",44.53]
["18.3.2","C1153","DUTO PERFURADO -  PERFILADOS CHAPA DE AÇO (19X38)mm",null,"M",44.81]
["18.3.3","C1163","DUTO PERFURADO - PERFILADOS CHAPA DE AÇO (25X25)mm",null,"M",48.4]
["18.3.4","C1164","DUTO PERFURADO - PERFILADOS CHAPA DE AÇO (35X35)mm",null,"M",48.83]
["18.3.5","C1165","DUTO PERFURADO - PERFILADOS CHAPA DE AÇO (38X38)mm",null,"M",54.9]
["18.3.6","C1156","DUTO PERFURADO - ELETROCALHA CHAPA DE AÇO (25X20)mm",null,"M",52.22]
["18.3.7","C1157","DUTO PERFURADO - ELETROCALHA CHAPA DE AÇO (25X75)mm",null,"M",56.67]
["18.3.8","C1158","DUTO PERFURADO - ELETROCALHA CHAPA DE AÇO (50X50)mm",null,"M",58.21]
["18.3.9","C1161","DUTO PERFURADO - ELETROCALHA DE CHAPA DE AÇO (50X75)mm",null,"M",63.9]
["18.3.10","C1160","DUTO PERFURADO - ELETROCALHA DE CHAPA DE AÇO (50X100)mm",null,"M",76.36]
["18.3.11","C1159","DUTO PERFURADO - ELETROCALHA CHAPA DE AÇO (75X75)mm",null,"M",63.85]
["18.3.12","C1155","DUTO PERFURADO - ELETROCALHA CHAPA DE AÇO (100X100)mm",null,"M",85.92]
["18.3.13","C1154","DUTO PERFURADO - ELETROCALHA CHAPA DE AÇO (100 X 200)mm",null,"M",100.24]
["18.3.14","C4535","DUTO PERFURADO - ELETROCALHA CHAPA DE AÇO (100X300)mm",null,"M",154.33]
["18.3.15","C3617","DUTOS FLEXÍVEIS EM PEAD (POLIETILENO DE ALTA DENSIDADE) - D=1 1/4\", INCLUSIVE CONEXÕES",null,"M",28.49]
[]
["18.3.16","C3618","DUTOS FLEXÍVEIS EM PEAD (POLIETILENO DE ALTA DENSIDADE) - D=1 1/2\", INCLUSIVE CONEXÕES",null,"M",33.94]
[]
["18.3.17","C3619","DUTOS FLEXÍVEIS EM PEAD (POLIETILENO DE ALTA DENSIDADE) - D=2\", INCLUSIVE CONEXÕES",null,"M",40.99]
[]
["18.3.18","C3620","DUTOS FLEXÍVEIS EM PEAD (POLIETILENO DE ALTA DENSIDADE) - D=3\", INCLUSIVE CONEXÕES",null,"M",58.35]
[]
["18.3.19","C3621","DUTOS FLEXÍVEIS EM PEAD (POLIETILENO DE ALTA DENSIDADE) - D=4\", INCLUSIVE CONEXÕES",null,"M",72.04]
[]
["18.3.20","C3623","DUTOS FLEXÍVEIS EM PEAD (POLIETILENO DE ALTA DENSIDADE) - D=5\", INCLUSIVE CONEXÕES",null,"M",102.96]
[]
["18.3.21","C3624","DUTOS FLEXÍVEIS EM PEAD (POLIETILENO DE ALTA DENSIDADE) - D=6\", INCLUSIVE CONEXÕES",null,"M",108.23]
[]
["18.3.22","C2301","TAMPA NORMAL P/DUTO PERFURADO, ATE (100X100)mm",null,"M",82.31]
["18.3.23","C2300","TAMPA NORMAL P/ DUTO PERFURADO, ATE (100 X200)mm",null,"M",110.54]
["18.3.24","C4537","TAMPA NORMAL P/ DUTO PERFURADO, ATÉ (100 x 300) mm",null,"M",139.48]
["18.4","CANALETAS",{"$nulls":3},678.56]
["18.4.1","C0672","CANALETA PLÁSTICA (20 X 10)MM, SISTEMA \"X\"",null,"M",11.62]
["18.4.2","C0673","CANALETA PLÁSTICA (50 X 20)MM, SISTEMA \"X\"",null,"M",31.15]
["18.4.3","C0671","CANALETA PLÁSTICA (110 X 20)MM, SISTEMA \"X\"",null,"M",82.53]
["18.4.4","C3515","CANALETA EVOLUTIVA SISTEMA DLP 60MM X 50MM COM DIVISÓRIA INTERNA",null,"M",85.64]
["18.4.5","C4026","CANALETA DE CONCRETO 20cm x 20cm C/ TAMPA EM CHAPA DE ALUMÍNIO CORRUGADO",null,"M",237.61]
[]
["18.4.6","C3516","COTOVELO 90 VARIAVEL SISTEMA DLP PARA CANALETA 60MM X 50MM COM DIVISÓRIA INTERNA",null,"UN",52.29]
[]
["18.4.7","C3517","COTOVELO INTERNO SISTEMA DLP PARA CANALETA 60MM X 50MM COM DIVISÓRIA INTERNA",null,"UN",54.72]
[]
["18.4.8","C3518","DERIVAÇÃO EM PVC SISTEMA DLP 60MM X 50MM",null,"UN",57.91]
["18.4.9","C3520","GRAMPO DE SUSTENTAÇÃO DOS CABOS PARA CANALETA EM PVC SISTEMA DLP 60MM X 50MM",null,"UN",10.32]
[]
["18.4.10","C1478","INSTALAÇÃO INTEGRADA DE CANALETA NO PISO (25X30)MM",null,"M",34.85]
["18.4.11","C3519","LUVA PARA CANALETA SISTEMA DLP 60MM X 50MM",null,"UN",19.92]
["18.5","CONEXÕES METÁLICAS",{"$nulls":3},200.25]
["18.5.1","C0478","BUCHA E ARRUELA DE AÇO GALV. D= 15mm (1/2\")",null,"PAR",1.62]
["18.5.2","C0479","BUCHA E ARRUELA DE AÇO GALV. D= 20mm (3/4\")",null,"PAR",1.77]
["18.5.3","C0480","BUCHA E ARRUELA DE AÇO GALV. D= 25mm (1\")",null,"PAR",2.05]
["18.5.4","C0481","BUCHA E ARRUELA DE AÇO GALV. D= 32mm (1 1/4\")",null,"PAR",3.52]
["18.5.5","C0482","BUCHA E ARRUELA DE AÇO GALV. D= 40mm (1 1/2\")",null,"PAR",4.42]
["18.5.6","C0483","BUCHA E ARRUELA DE AÇO GALV. D= 50mm (2\")",null,"PAR",6.96]
["18.5.7","C0484","BUCHA E ARRUELA DE AÇO GALV. D= 65mm (2 1/2\")",null,"PAR",11.68]
["18.5.8","C0485","BUCHA E ARRUELA DE AÇO GALV. D= 80mm (3\")",null,"PAR",18.88]
["18.5.9","C0486","BUCHA E ARRUELA DE AÇO GALV. D= 90mm (3 1/2\")",null,"PAR",25.28]
["18.5.10","C0487","BUCHA E ARRUELA DE AÇO GALV. D=100mm (4\")",null,"PAR",23.18]
["18.5.11","C0466","BRAÇADEIRA TIPO \"D\", METÁLICA ATE 1\"",null,"UN",7.77]
["18.5.12","C0467","BRAÇADEIRA TIPO \"D\", METÁLICA ATE 2\"",null,"UN",8.92]
["18.5.13","C0468","BRAÇADEIRA TIPO \"D\", METÁLICA ATE 3\"",null,"UN",10.42]
["18.5.14","C0469","BRAÇADEIRA TIPO \"D\", METÁLICA ATE 4\"",null,"UN",11.58]
["18.5.15","C3481","CONECTOR DE CAIXA TIPO RETO (BOX RETO) EM AÇO  DIAM.=1\"",null,"UN",8.01]
["18.5.16","C3480","CONECTOR DE CAIXA TIPO RETO (BOX RETO) EM AÇO  DIAM.=1 1/4\"",null,"UN",12.08]
["18.5.17","C3479","CONECTOR DE CAIXA TIPO RETO (BOX RETO) EM AÇO  DIAM.=2\"",null,"UN",19.22]
["18.5.18","C3484","SUPORTE DE EQUIPAMENTOS P/INSTALAÇÃO DE TOMADAS E INTERRUPTORES EM DUTOS DE ALUMÍNIO C/DIM. 73MM X 25MM",null,"UN",22.89]
[]
["18.6","QUADROS / CAIXAS",{"$nulls":3},63346.95]
["18.6.1","C0593","CAIXA AQUATIC PVC RÍGIDO REF. 921.07, C/ ENCAIXE",null,"UN",104.42]
["18.6.2","C0594","CAIXA AQUATIC PVC RÍGIDO REF. 921.06 , S/ ENCAIXE",null,"UN",94.01]
["18.6.3","C3504","CAIXA ALVENARIA / REBOCO / C/ TAMPA CONCRETO S/ FUNDO DI=30x30x50 cm",null,"UN",180.2]
["18.6.4","C0591","CAIXA ALVENARIA/REBOCO C/TAMPA CONCRETO FUNDO BRITA 60x60x60cm",null,"UN",330.97]
["18.6.5","C0592","CAIXA ALVENARIA/REBOCO C/TAMPA CONCRETO FUNDO BRITA 80x80x80cm",null,"UN",504.44]
["18.6.6","C0596","CAIXA DE ALVENARIA C/ TAMPA SELADA PELA COELCE",null,"UN",702.52]
["18.6.7","C0595","CAIXA DE ALUMINIO FUNDIDO (40X40X15)cm, C/TAMPA CEGA",null,"UN",340.2]
["18.6.8","C3926","CAIXA DE CONCRETO P/ BASE METÁLICA",null,"UN",751.49]
["18.6.9","C0598","CAIXA DE DERIVAÇÃO NO PISO 300X300MM OU 420X420MM",null,"UN",95.65]
["18.6.10","C4853","CAIXA DE EQUIPOTENCIALIZAÇÃO DE TERRA",null,"UN",502.98]
["18.6.11","C4861","CAIXA DE INSPEÇÃO DE TERRA CILÍNDRICA 300x600mm",null,"UN",129.22]
["18.6.12","C0620","CAIXA DE LIGAÇÃO C/TOMADA UNIVERSAL E TOMADA TEL.240X180MM",null,"UN",173.19]
["18.6.13","C0617","CAIXA DE LIGAÇÃO C/2 TOMADAS UNIVERSAL E 2 P/TEL.250X250MM",null,"UN",177.41]
["18.6.14","C0619","CAIXA DE LIGAÇÃO C/TOMADA P/TELEFONE D=9CM C/MOLDURA 11X11CM",null,"UN",161.45]
["18.6.15","C0618","CAIXA DE LIGAÇÃO C/TOMADA DE 3P. D=9CM C/MOLDURA 11X11CM",null,"UN",163.75]
["18.6.16","C0621","CAIXA DE LIGAÇÃO EM CHAPA AÇO ESTAMPADA, 3\"X3\", 4\"X2\",4\"X4\"",null,"UN",9.12]
["18.6.17","C0616","CAIXA DE LIGAÇÃO EM CHAPA AÇO ESTAMPADA 4\"X6\", 5\"X5\"",null,"UN",17.41]
["18.6.18","C0622","CAIXA DE LIGAÇÃO PLÁSTICA DE SOBREPOR, SISTEMA \"X\"",null,"UN",18.6]
["18.6.19","C4762","CAIXA DE LIGAÇÃO PVC 4\" X 2\"",null,"UN",9.55]
["18.6.20","C4761","CAIXA DE LIGAÇÃO PVC 4\" X 4\"",null,"UN",11.88]
["18.6.21","C0626","CAIXA DE PASSAGEM COM TAMPA PARAFUSADA 100X100X80mm",null,"UN",30.38]
["18.6.22","C0627","CAIXA DE PASSAGEM COM TAMPA PARAFUSADA 150X150X80mm",null,"UN",53.78]
["18.6.23","C0628","CAIXA DE PASSAGEM COM TAMPA PARAFUSADA 200X200X100mm",null,"UN",88.78]
["18.6.24","C0629","CAIXA DE PASSAGEM COM TAMPA PARAFUSADA 400X400X150mm",null,"UN",187.02]
["18.6.25","C0630","CAIXA DE PASSAGEM COM TAMPA PARAFUSADA 500X500X150mm",null,"UN",232.19]
["18.6.26","C0636","CAIXA DE PASSAGEM EM ALVENARIA - 1/2 TIJOLO COMUM",null,"M2",176.29]
["18.6.27","C5175","CAIXA DE PISO 4\"X2\", EM ALUMÍNIO",null,"UN",40.58]
["18.6.28","C5176","CAIXA DE PISO 4\"X4\", EM ALUMÍNIO",null,"UN",45.54]
["18.6.29","C0631","CAIXA EM ALVENARIA (40X40X60cm) DE 1/2 TIJOLO COMUM, LASTRO DE BRITA E TAMPA DE CONCRETO",null,"UN",299.7]
[]
["18.6.30","C0632","CAIXA EM ALVENARIA (60X60X60cm) DE 1/2 TIJOLO COMUM, LASTRO DE BRITA E TAMPA DE CONCRETO",null,"UN",466.03]
[]
["18.6.31","C0634","CAIXA EM ALVENARIA (80X80X60cm) DE 1/2 TIJOLO COMUM, LASTRO DE BRITA E TAMPA DE CONCRETO",null,"UN",642.43]
[]
["18.6.32","C0635","CAIXA DE PASSAGEM EM ALVENARIA - 1 TIJOLO COMUM",null,"M2",272.78]
["18.6.33","C0624","CAIXA EM ALVENARIA (40X40X60cm) DE 1 TIJOLO COMUM, LASTRO DE BRITA E TAMPA DE CONCRETO",null,"UN",504.17]
[]
["18.6.34","C0625","CAIXA EM ALVENARIA (60X60X60cm) DE 1 TIJOLO COMUM, LASTRO DE BRITA E TAMPA DE CONCRETO",null,"UN",720.66]
[]
["18.6.35","C0633","CAIXA EM ALVENARIA (80X80X60cm) DE 1 TIJOLO COMUM, LASTRO DE BRITA E TAMPA DE CONCRETO",null,"UN",938.84]
[]
["18.6.36","C4836","CAIXA EM ALVENARIA TIJOLO FURADO, ESP. = 10cm ( 30x 30x40cm), FUNDO DE CONCRETO, EXCETO ESCAVAÇÃO E TAMPA",null,"UN",97.99]
[]
["18.6.37","C4837","CAIXA EM ALVENARIA TIJOLO FURADO, ESP. = 10cm ( 40x 40x60cm), FUNDO DE CONCRETO, EXCETO ESCAVAÇÃO E TAMPA                           \n",null,"UN",179.34]
[]
["18.6.38","C4838","CAIXA EM ALVENARIA TIJOLO FURADO, ESP. = 10cm ( 60x 60x60cm), FUNDO DE CONCRETO, EXCETO ESCAVAÇÃO E TAMPA                   \n",null,"UN",260.61]
[]
["18.6.39","C4839","CAIXA EM ALVENARIA TIJOLO FURADO, ESP. = 10cm ( 80x 80x60cm), FUNDO DE CONCRETO, EXCETO ESCAVAÇÃO E TAMPA",null,"UN",335.69]
[]
["18.6.40","C4840","CAIXA EM ALVENARIA TIJOLO FURADO, ESP. = 10cm (100x100x80cm), FUNDO DE CONCRETO, EXCETO ESCAVAÇÃO E TAMPA\n",null,"UN",535.95]
[]
["18.6.41","C4841","CAIXA EM ALVENARIA TIJOLO FURADO, ESP. = 10cm ( 30x 30x40cm), LASTRO DE BRITA, EXCETO ESCAVAÇÃO E TAMPA",null,"UN",92.9]
[]
["18.6.42","C4842","CAIXA EM ALVENARIA TIJOLO FURADO, ESP. = 10cm ( 40x 40x60cm), LASTRO DE BRITA, EXCETO ESCAVAÇÃO E TAMPA   \n",null,"UN",169.16]
[]
["18.6.43","C4843","CAIXA EM ALVENARIA TIJOLO FURADO, ESP. = 10cm ( 60x 60x60cm), LASTRO DE BRITA, EXCETO ESCAVAÇÃO E TAMPA",null,"UN",240.24]
[]
["18.6.44","C4844","CAIXA EM ALVENARIA TIJOLO FURADO, ESP. = 10cm ( 80x 80x60cm), LASTRO DE BRITA, EXCETO ESCAVAÇÃO E TAMPA",null,"UN",310.22]
[]
["18.6.45","C4845","CAIXA EM ALVENARIA TIJOLO FURADO, ESP. = 10cm (100x100x80cm), LASTRO EM BRITA, EXCETO ESCAVAÇÃO E TAMPA",null,"UN",495.2]
[]
["18.6.46","C3927","CAIXA DE PASSAGEM TIPO A P/ BALIZAMENTO NOTURNO (80x80x80cm)",null,"UN",1025.31]
["18.6.47","C3928","CAIXA DE PASSAGEM TIPO B P/ BALIZAMENTO NOTURNO (150x150x80cm)",null,"UN",1767.76]
["18.6.48","C0654","CAIXA PRÉ MOLDADA CONC.P/ AR CONDICIONADO",null,"UN",224.73]
["18.6.49","C0856","CONDULETE DE PVC DE 1/2\", TIPO C - E - LL - LR",null,"UN",20.5]
["18.6.50","C0857","CONDULETE DE PVC DE 3/4\" TIPO C - E - LL - LR",null,"UN",25.31]
["18.6.51","C0855","CONDULETE DE PVC DE 1\" TIPO C - E - LL - LR",null,"UN",31.9]
["18.6.52","C1406","FORNECIMENTO E INSTALAÇÃO DE BARRAMENTO DE COBRE P/QUADROS",null,"KG",149.19]
["18.6.53","C3781","MEDIÇÃO TRIFÁSICA INSTALADA EM MURO - SAÍDA SUBTRRÂNEA",null,"UN",3012.06]
["18.6.54","C3564","MUTIRÃO MISTO - CAIXA DE LIGAÇÃO EM CHAPA AÇO ESTAMPADA, 3\"X3\", 4\"X2\", 4\"X4\"",null,"UN",5.96]
["18.6.55","C3578","MUTIRÃO MISTO - QUADRO DE MEDIÇÃO PADRÃO COELCE",null,"UN",89.86]
["18.6.56","C1895","PETROLET ALUMÍNIO DE 1/2\", TIPO T - X - L",null,"UN",19.8]
["18.6.57","C1890","PETROLET ALUMÍNIO DE 3/4\", TIPO T - X - L",null,"UN",26.92]
["18.6.58","C1894","PETROLET ALUMÍNIO DE 1\", TIPO T - X - L",null,"UN",36.53]
["18.6.59","C1893","PETROLET ALUMÍNIO DE 1 1/4\", TIPO T - X - L",null,"UN",52.98]
["18.6.60","C1892","PETROLET ALUMÍNIO DE 1 1/2\", TIPO T - X - L",null,"UN",59.36]
["18.6.61","C1896","PETROLET ALUMÍNIO DE 2\", TIPO T - X - L",null,"UN",79.99]
["18.6.62","C1887","PETROLET ALUMÍNIO DE 2 1/2\", TIPO T - X - L",null,"UN",137.57]
["18.6.63","C1889","PETROLET ALUMÍNIO DE 3\", TIPO T - X - L",null,"UN",187.31]
["18.6.64","C1888","PETROLET ALUMÍNIO DE 3 1/2\", TIPO T - X - L",null,"UN",204.37]
["18.6.65","C1891","PETROLET ALUMÍNIO DE 4\", TIPO T - X - L",null,"UN",318.67]
["18.6.66","C1946","PONTE DE CRUZAMENTO EM CAIXA DE DERIVAÇÃO",null,"UN",21.91]
["18.6.67","C2064","QUADRO ANUNCIADOR DE ENFERMARIA",null,"UN",182.07]
["18.6.68","C2090","QUADRO P/ MEDIÇÃO EM POSTE DE CONCRETO",null,"UN",1758.56]
["18.6.69","C2092","QUADRO P/ MEDIÇÃO PRIMÁRIA 15KV",null,"UN",1594.22]
["18.6.70","C2091","QUADRO P/ MEDIÇÃO PRIMÁRIA 15KV HORA-SAZONAL",null,"UN",1617.93]
["18.6.71","C2065","QUADRO DE COMANDO DE BOMBAS - COMPLETO",null,"UN",421.88]
["18.6.72","C2076","QUADRO DE DISTRIBUIÇÃO EMBUTIR ATE 3 DIVISÕES, S/BARRAMENTO",null,"UN",88.57]
["18.6.73","C2078","QUADRO DE DISTRIBUIÇÃO EMBUTIR ATE 6 DIVISÕES, S/BARRAMENTO",null,"UN",104.58]
["18.6.74","C2066","QUADRO DE DISTRIBUIÇÃO DE LUZ SOBREPOR ATE 6 DIVISÕES, C/BARRAMENTO",null,"UN",220.15]
["18.6.75","C2077","QUADRO DE DISTRIBUIÇÃO DE LUZ EMBUTIR ATE 6 DIVISÕES, C/BARRAMENTO",null,"UN",220.15]
["18.6.76","C2067","QUADRO DE DISTRIBUIÇÃO DE LUZ EMBUTIR ATÉ 12 DIVISÕES 207X332X95mm, C/BARRAMENTO",null,"UN",323.71]
[]
["18.6.77","C2068","QUADRO DE DISTRIBUIÇÃO DE LUZ EMBUTIR ATÉ 24 DIVISÕES 332X332X95mm, C/BARRAMENTO",null,"UN",396.26]
[]
["18.6.78","C2069","QUADRO DE DISTRIBUIÇÃO DE LUZ EMBUTIR ATÉ 36 DIVISÕES 457X332X95mm, C/ BARRAMENTO",null,"UN",483.48]
[]
["18.6.79","C2071","QUADRO DE DISTRIBUIÇÃO DE LUZ EMBUTIR ATÉ 72 DIVISÕES 457X646X95mm, C/BARRAMENTO",null,"UN",802.34]
[]
["18.6.80","C2070","QUADRO DE DISTRIBUIÇÃO DE LUZ EMBUTIR ATÉ 72 DIVISÕES 457X646X150mm, C/BARRAMENTO",null,"UN",838.94]
[]
["18.6.81","C2072","QUADRO DE DISTRIBUIÇÃO DE LUZ SOBREPOR ATÉ 12 DIVISÕES 255X315X135mm, C/BARRAMENTO",null,"UN",344.65]
[]
["18.6.82","C2075","QUADRO DE DISTRIBUIÇÃO DE LUZ.SOBREPOR ATÉ 24 DIVISÕES 450X315X135mm, C/BARRAMENTO",null,"UN",460.83]
[]
["18.6.83","C2074","QUADRO DE DISTRIBUIÇÃO DE LUZ.SOBREPOR ATE 64 DIVISÕES 650X440X205mm, C/BARRAMENTO",null,"UN",790.99]
[]
["18.6.84","C2073","QUADRO DE DISTRIBUIÇÃO DE LUZ SOBREPOR ATÉ 128 DIVISÕES 650X875X205mm, C/BARRAMENTO",null,"UN",1177.65]
[]
["18.6.85","C2062","QUADRO DE DISTRIBUIÇÃO GERAL BAIXA TENSÃO, C/ACESSÓRIOS - 1UN DE MEDIÇÃO",null,"UN",2453.51]
["18.6.86","C2061","QUADRO DE DISTRIBUIÇÃO GERAL BAIXA TENSÃO, C/ACESSÓRIOS- 3UN DE MEDIÇÃO",null,"UN",3183.38]
["18.6.87","C2084","QUADRO DE DISTRIBUIÇÃO, PADRÃO TELEBRÁS 200X200X120mm",null,"UN",93.87]
["18.6.88","C2085","QUADRO DE DISTRIBUIÇÃO, PADRÃO TELEBRÁS 400X400X120mm",null,"UN",155.16]
["18.6.89","C2086","QUADRO DE DISTRIBUIÇÃO, PADRÃO TELEBRÁS 600X600X120mm",null,"UN",237.4]
["18.6.90","C2087","QUADRO DE DISTRIBUIÇÃO, PADRÃO TELEBRÁS 800X800X120mm",null,"UN",398.8]
["18.6.91","C2080","QUADRO DE DISTRIBUIÇÃO, PADRÃO TELEBRAS 1200X1000X150mm",null,"UN",590.37]
["18.6.92","C2081","QUADRO DE DISTRIBUIÇÃO, PADRÃO TELEBRAS 1200X1200X150mm",null,"UN",649.06]
["18.6.93","C2079","QUADRO DE DISTRIBUIÇÃO PADRÃO TELEBRAS-1200X1500X150mm",null,"UN",700.54]
["18.6.94","C2082","QUADRO DE DISTRIBUIÇÃO, PADRÃO TELEBRAS 1200X1700X150mm",null,"UN",1062.11]
["18.6.95","C2088","QUADRO DE FORÇA, C/ BARRAMENTO (0.90X1.90X0.60)M",null,"UN",2950.94]
["18.6.96","C2089","QUADRO DE FORÇA, C/ BARRAMENTO (1.80X1.90X0.60)M",null,"UN",5589.04]
["18.6.97","C3925","QUADRO DE FORÇA P/ 10kW",null,"UN",12389.85]
["18.6.98","C3579","QUADRO DE MEDIÇÃO PADRÃO COELCE - PADRÃO POPULAR",null,"UN",110.96]
["18.6.99","C4052","QUADRO METÁLICO (600 x 400 x 400)mm - INSTALADO",null,"UN",1324.15]
["18.6.100","C2299","TAMPA DE CONCRETO ESP.= 5cm P/CAIXA EM ALVENARIA ",null,"M2",237.93]
["18.7","FIOS, CABOS E ACESSÓRIOS",{"$nulls":3},5765.68]
["18.7.1","C0111","ARAME GALVANIZADO PARA PESCA",null,"M",3.16]
["18.7.2","C3750","CABO DE FIBRA ÓPTICA, 01 PAR",null,"M",7.27]
["18.7.3","C3751","CABO DE FIBRA ÓPTICA, 02 PARES",null,"M",8.5]
["18.7.4","C3752","CABO DE FIBRA ÓPTICA, 03 PARES",null,"M",9.24]
["18.7.5","C3753","CABO DE FIBRA ÓPTICA, 04 PARES",null,"M",9.66]
["18.7.6","C0522","CABO COBRE NU 6MM2",null,"M",13.88]
["18.7.7","C0517","CABO COBRE NU 10MM2",null,"M",16.85]
["18.7.8","C0518","CABO COBRE NU 16MM2",null,"M",24.63]
["18.7.9","C0519","CABO COBRE NU 25MM2",null,"M",32.34]
["18.7.10","C0520","CABO COBRE NU 35MM2",null,"M",45.68]
["18.7.11","C0521","CABO COBRE NU 50MM2",null,"M",65.6]
["18.7.12","C0523","CABO COBRE NU 70MM2",null,"M",83.8]
["18.7.13","C3907","CABO COBRE NU, FORMAÇÃO 7 FIOS, 10mm²",null,"M",14.45]
["18.7.14","C4558","CABO CORDPLAST (CABO PP) 3 x 2,50 mm²",null,"M",10.31]
["18.7.15","C4377","CABO EM PVC 1000V 2,5 mm²",null,"M",7.69]
["18.7.16","C0554","CABO EM PVC 1000V  4MM2",null,"M",9.23]
["18.7.17","C0556","CABO EM PVC 1000V  6MM2",null,"M",10.99]
["18.7.18","C0547","CABO EM PVC 1000V  10MM2",null,"M",14.32]
["18.7.19","C0550","CABO EM PVC 1000V  16MM2",null,"M",19.37]
["18.7.20","C0553","CABO EM PVC 1000V  25MM2",null,"M",25.94]
["18.7.21","C0558","CABO EM PVC 1000V  35MM2",null,"M",34.6]
["18.7.22","C0555","CABO EM PVC 1000V  50MM2",null,"M",49.83]
["18.7.23","C0559","CABO EM PVC 1000V  70MM2",null,"M",64.74]
["18.7.24","C0557","CABO EM PVC 1000V  95MM2",null,"M",81.61]
["18.7.25","C0548","CABO EM PVC 1000V  120MM2",null,"M",105.82]
["18.7.26","C0549","CABO EM PVC 1000V  150MM2",null,"M",131.12]
["18.7.27","C0551","CABO EM PVC 1000V  185MM2",null,"M",162.71]
["18.7.28","C0552","CABO EM PVC 1000V  240MM2",null,"M",211.66]
["18.7.29","C4771","CABO EM PVC 1000V 300MM2",null,"M",264.81]
["18.7.30","C4818","CABO EM PVC 1000V 400MM2",null,"M",347.37]
["18.7.31","C4538","CABO EM PVC 15000V 35MM2",null,"M",63.72]
["18.7.32","C4539","CABO EM PVC 15000V 120MM2",null,"M",146.07]
["18.7.33","C0540","CABO ISOLADO PVC 750V 2,5MM2",null,"M",7.43]
["18.7.34","C0534","CABO ISOLADO PVC 750V 4MM2",null,"M",9.32]
["18.7.35","C0537","CABO ISOLADO PVC 750V 6MM2",null,"M",10.48]
["18.7.36","C0524","CABO ISOLADO PVC 750V 10MM2",null,"M",16.23]
["18.7.37","C0527","CABO ISOLADO PVC 750V 16MM2",null,"M",19.27]
["18.7.38","C0530","CABO ISOLADO PVC 750V 25 MM2",null,"M",25.88]
["18.7.39","C0532","CABO ISOLADO PVC 750V 35MM2",null,"M",34.16]
["18.7.40","C0536","CABO ISOLADO PVC 750V 50MM2",null,"M",49.03]
["18.7.41","C0538","CABO ISOLADO PVC 750V 70MM2",null,"M",63.5]
["18.7.42","C0539","CABO ISOLADO PVC 750V 95MM2",null,"M",81.21]
["18.7.43","C0525","CABO ISOLADO PVC 750V 120MM2",null,"M",103.37]
["18.7.44","C0526","CABO ISOLADO PVC 750V 150MM2",null,"M",128.81]
["18.7.45","C0528","CABO ISOLADO PVC 750V 185MM2",null,"M",160.04]
["18.7.46","C0529","CABO ISOLADO PVC 750V 240MM2",null,"M",208.69]
["18.7.47","C0531","CABO ISOLADO PVC 750V 300MM2",null,"M",258.83]
["18.7.48","C0533","CABO ISOLADO PVC 750V 400MM2",null,"M",337.37]
["18.7.49","C0535","CABO ISOLADO PVC 750V 500MM2",null,"M",418.59]
["18.7.50","C0541","CABO LÓGICO 4 PARES, CATEGORIA 3 - UTP (10 MPBS)",null,"M",13.55]
["18.7.51","C0542","CABO LÓGICO 4 PARES, CATEGORIA 4 - UTP (20 MPBS)",null,"M",13.94]
["18.7.52","C0543","CABO LÓGICO 4 PARES, CATEGORIA 5 - UTP (100 MBPS)",null,"M",14.4]
["18.7.53","C4533","CABO LÓGICO 4 PARES, CATEGORIA 6 - UTP",null,"M",15.04]
["18.7.54","C4534","CABO LÓGICO CTP APL-100 - 50",null,"M",83.54]
["18.7.55","C0544","CABO LÓGICO/VÍDEO COAXIAL 5O (OHMS)",null,"M",13.81]
["18.7.56","C0545","CABO LÓGICO/VÍDEO COAXIAL 75 (OHMS)",null,"M",14.16]
["18.7.57","C0546","CABO LÓGICO/VÍDEO COAXIAL 95 (OHMS)",null,"M",14.54]
["18.7.58","C4031","CABO SINGELO ISOLAÇÃO 15 kV, DIÂMETRO 25 mm² - INSTALADO",null,"M",50.83]
["18.7.59","C0562","CABO TELEFÔNICO CCI - 1",null,"M",7.94]
["18.7.60","C0563","CABO TELEFÔNICO CCI - 2",null,"M",8.62]
["18.7.61","C0564","CABO TELEFÔNICO CCI - 3",null,"M",8.7]
["18.7.62","C0565","CABO TELEFÔNICO CCI - 4",null,"M",9.49]
["18.7.63","C0566","CABO TELEFÔNICO CCI - 5",null,"M",9.99]
["18.7.64","C0567","CABO TELEFÔNICO CCI - 6",null,"M",10.75]
["18.7.65","C0568","CABO TELEFÔNICO CI 50-10",null,"M",18.52]
["18.7.66","C0570","CABO TELEFÔNICO CI 50-20",null,"M",24.38]
["18.7.67","C0572","CABO TELEFÔNICO CI 50-30",null,"M",30.12]
["18.7.68","C0573","CABO TELEFÔNICO CI 50-50",null,"M",41.32]
["18.7.69","C0569","CABO TELEFÔNICO CI 50-100",null,"M",54.93]
["18.7.70","C0571","CABO TELEFÔNICO CI 50-200",null,"M",116.07]
["18.7.71","C0574","CABO TELEFÔNICO CTP-APL 10",null,"M",20.91]
["18.7.72","C0575","CABO TELEFÔNICO CTP-APL 20",null,"M",27.72]
["18.7.73","C0578","CABO TELEFÔNICO CTP-APL 30",null,"M",30.64]
["18.7.74","C0579","CABO TELEFÔNICO CTP-APL 50",null,"M",41.32]
["18.7.75","C0576","CABO TELEFÔNICO CTP-APL 100",null,"M",76.32]
["18.7.76","C0577","CABO TELEFÔNICO CTP-APL 200",null,"M",86.43]
["18.7.77","C0560","CABO TELEFÔNICO CCE - 2",null,"M",11.49]
["18.7.78","C0561","CABO TELEFÔNICO CCE - 3",null,"M",12.14]
["18.7.79","C3908","CABO UNIPOLAR ISOLADO EM EPR 3,6/6kV, 10mm²",null,"M",44.98]
["18.7.80","C0798","CLEATS PARA FIAÇÃO APARENTE",null,"UN",6.1]
["18.7.81","C3565","CLEATS PARA FIAÇÃO APARENTE (MUTIRÃO MISTO)",null,"UN",3.99]
["18.7.82","C3911","CONECTOR DE ATERRAMENTO TIPO K2C17-10mm BURDY",null,"UN",13.4]
["18.7.83","C0859","CONECTOR SPLIT - BOLT P/ CABOS ATE 16MM2",null,"UN",10.23]
["18.7.84","C0860","CONECTOR SPLIT - BOLT P/ CABOS ATE 35MM2",null,"UN",12.48]
["18.7.85","C0858","CONECTOR SPLIT - BOLT P/ CABOS ATE 120MM2",null,"UN",34.84]
["18.7.86","C0861","CONECTOR SPLIT - BOLT P/ CABOS ATE 500MM2",null,"UN",85.61]
["18.7.87","C0869","CORDOALHA COBRE NÚ 35MM2 E ISOLADORES P/PARA-RAIO",null,"M",63.29]
["18.7.88","C0870","CORDOALHA COBRE NÚ 70MM2 E ISOLADORES P/PARA-RAIO",null,"M",103.66]
["18.7.89","C1369","FIO ISOLADO PVC P/750V 0.5MM2",null,"M",4.01]
["18.7.90","C1370","FIO ISOLADO PVC P/750V 0.75MM2",null,"M",4.7]
["18.7.91","C1373","FIO ISOLADO PVC P/750V 1MM2",null,"M",5.22]
["18.7.92","C1371","FIO ISOLADO PVC P/750V 1.5 MM2",null,"M",5.9]
["18.7.93","C1374","FIO ISOLADO PVC P/750V 2.5 MM2",null,"M",7.05]
["18.7.94","C1375","FIO ISOLADO PVC P/750V 4MM2",null,"M",8.77]
["18.7.95","C1376","FIO ISOLADO PVC P/750V 6MM2",null,"M",10.42]
["18.7.96","C1372","FIO ISOLADO PVC P/750V 10MM2",null,"M",13.55]
["18.7.97","C1377","FIO PARALELO ISOLADO, ( 2 X 0,75 )MM2",null,"M",4.88]
["18.7.98","C1378","FIO PARALELO ISOLADO, ( 2 X 1,00 )MM2",null,"M",6.56]
["18.7.99","C1379","FIO PARALELO ISOLADO, ( 2 X 1,50 )MM2",null,"M",9.52]
["18.7.100","C3572","HASTE DE FERRO GALVANIZADO 1.20m PARA ATERRAMENTO (MUTIRÃO MISTO)",null,"UN",30.17]
["18.7.101","C3922","KIT CONECTOR SN-10, 5kV-20A, CABO 10mm²",null,"UN",109.39]
["18.7.102","C3570","MUTIRÃO MISTO - FIO ISOLADO PVC P/750V 1.5MM2",null,"M",3.79]
["18.7.103","C3563","MUTIRÃO MISTO - CABO ISOLADO PVC 750V 6MM2",null,"M",7.73]
["18.7.104","C3571","MUTIRÃO MISTO - FIO PARALELO ISOLADO, (2X0,75)MM2",null,"M",3.4]
["18.7.105","C2455","TERMINAL DE PRESSÃO P/ CABOS ATÉ 16MM2",null,"UN",13.83]
["18.7.106","C2457","TERMINAL DE PRESSÃO P/ CABOS ATÉ 35MM2",null,"UN",15.06]
["18.7.107","C2454","TERMINAL DE PRESSÃO P/ CABOS ATÉ 120MM2",null,"UN",29.79]
["18.7.108","C2456","TERMINAL DE PRESSÃO P/ CABOS ATÉ 240MM2",null,"UN",39.33]
["18.7.109","C2458","TERMINAL DE PRESSÃO P/ CABOS ATÉ 500MM2",null,"UN",80.72]
["18.7.110","C2459","TERMINAL DE PRESSÃO P/ VERGALHÕES DE COBRE 3/8\"",null,"UN",31.64]
["18.7.111","C3482","TERMINAL OLHAL PARA CABO DE 1,50MM2 À 2,50MM2",null,"UN",9.11]
["18.7.112","C3483","TERMINAL OLHAL PARA CABO DE 4,00MM2 À 6,00MM2",null,"UN",9.11]
["18.7.113","C3478","VERGALHÃO ROSCA TOTAL DE 3/8\"",null,"M",12.66]
["18.8","BASES, CHAVES E DISJUNTORES",{"$nulls":3},165149.5]
["18.8.1","C0380","BASE DE FUSÍVEL DIAZED EM QUADRO DE DISTRIBUIÇÃO ATÉ 25A",null,"UN",61.75]
["18.8.2","C0381","BASE DE FUSÍVEL DIAZED EM QUADRO DE DISTRIBUIÇÃO ATÉ 63A",null,"UN",75.74]
["18.8.3","C0382","BASE DE FUSÍVEL NH 00 EM QUADRO DE DISTRIBUIÇÃO ATÉ 125A",null,"UN",72.62]
["18.8.4","C0376","BASE DE FUSÍVEL TIPO 'NH' 1 ATÉ 250A EM QUADRO DE LUZ E FORÇA",null,"UN",208.37]
["18.8.5","C0377","BASE DE FUSÍVEL TIPO 'NH' 2 ATÉ 400A EM QUADRO DE LUZ E FORÇA",null,"UN",216.72]
["18.8.6","C0378","BASE DE FUSÍVEL TIPO 'NH' 3 ATÉ 630A EM QUADRO DE FORÇA",null,"UN",284.83]
["18.8.7","C0379","BASE DE FUSÍVEL TIPO 'NH' 4 ATÉ 1250A EM QUADRO DE FORÇA",null,"UN",1193.26]
["18.8.8","C4057","CHAVE PRESSOSTÁTICA 2\" - INSTALADO",null,"UN",549.97]
["18.8.9","C4769","CHAVE REVERSORA TRIPOLAR SOB CARGA 630A",null,"UN",5746.83]
["18.8.10","C0789","CHAVE SECCIONADORA TRIPOLAR ACIONAM.FRONTAL ROTATIVO 16A",null,"UN",234.06]
["18.8.11","C0792","CHAVE SECCIONADORA TRIPOLAR ACIONAM.FRONTAL ROTATIVO 25A",null,"UN",295.56]
["18.8.12","C0793","CHAVE SECCIONADORA TRIPOLAR ACIONAM.FRONTAL ROTATIVO 40A",null,"UN",347.92]
["18.8.13","C0794","CHAVE SECCIONADORA TRIPOLAR ACIONAM.FRONTAL ROTATIVO 63A",null,"UN",504.65]
["18.8.14","C0787","CHAVE SECCIONADORA TRIPOLAR ACIONAM.FRONTAL ROTATIVO 100A",null,"UN",617.99]
["18.8.15","C0788","CHAVE SECCIONADORA TRIPOLAR ACIONAM.FRONTAL ROTATIVO 125A",null,"UN",636.38]
["18.8.16","C0790","CHAVE SECCIONADORA TRIPOLAR ACIONAM.FRONTAL ROTATIVO 200A",null,"UN",638.56]
["18.8.17","C0791","CHAVE SECCIONADORA TRIPOLAR ACIONAM.FRONTAL ROTATIVO 250A",null,"UN",791.29]
["18.8.18","C0783","CHAVE SECCIONADORA ACIONAMENTO POR ALAVANCA.MONOPOLAR 40A",null,"UN",199.49]
["18.8.19","C0785","CHAVE SECCIONADORA ACIONAMENTO POR ALAVANCA.TRIPOLAR 40A",null,"UN",240.71]
["18.8.20","C0786","CHAVE SECCIONADORA ACIONAMENTO POR ALAVANCA.TRIPOLAR 63A",null,"UN",389.56]
["18.8.21","C0784","CHAVE SECCIONADORA ACIONAMENTO POR ALAVANCA.TRIPOLAR 100A",null,"UN",488.37]
["18.8.22","C4032","CHAVE SECCIONADORA C/ FUSÍVEL, ABERTURA SOB CARGA, 15 kV, 160 A - INSTALADO",null,"UN",944.16]
["18.8.23","C4036","CONTACTOR 65A - INSTALADO",null,"UN",727.6]
["18.8.24","C0780","CONTACTOR AUXILIAR 2NA + 2NF",null,"UN",144.41]
["18.8.25","C1092","DISJUNTOR MONOPOLAR EM QUADRO DE DISTRIBUIÇÃO 10A",null,"UN",25.47]
["18.8.26","C1093","DISJUNTOR MONOPOLAR EM QUADRO DE DISTRIBUIÇÃO 16A",null,"UN",25.47]
["18.8.27","C1095","DISJUNTOR MONOPOLAR EM QUADRO DE DISTRIBUIÇÃO 20A",null,"UN",25.47]
["18.8.28","C1096","DISJUNTOR MONOPOLAR EM QUADRO DE DISTRIBUIÇÃO 25A",null,"UN",25.47]
["18.8.29","C1098","DISJUNTOR MONOPOLAR EM QUADRO DE DISTRIBUIÇÃO 32A",null,"UN",32.98]
["18.8.30","C1099","DISJUNTOR MONOPOLAR EM QUADRO DE DISTRIBUIÇÃO 40A",null,"UN",32.98]
["18.8.31","C1101","DISJUNTOR MONOPOLAR EM QUADRO DE DISTRIBUIÇÃO 50A",null,"UN",32.98]
["18.8.32","C1081","DISJUNTOR BIPOLAR EM QUADRO DE DISTRIBUICAO 10A",null,"UN",79.9]
["18.8.33","C1082","DISJUNTOR BIPOLAR EM QUADRO DE DISTRIBUIÇÃO 16A",null,"UN",79.9]
["18.8.34","C1084","DISJUNTOR BIPOLAR EM QUADRO DE DISTRIBUIÇÃO 20A",null,"UN",79.9]
["18.8.35","C1085","DISJUNTOR BIPOLAR EM QUADRO DE DISTRIBUIÇÃO 25A",null,"UN",79.9]
["18.8.36","C1087","DISJUNTOR BIPOLAR EM QUADRO DE DISTRIBUIÇÃO 32A",null,"UN",80.73]
["18.8.37","C1088","DISJUNTOR BIPOLAR EM QUADRO DE DISTRIBUIÇÃO 40A",null,"UN",80.97]
["18.8.38","C1090","DISJUNTOR BIPOLAR EM QUADRO DE DISTRIBUIÇÃO 50A",null,"UN",84.02]
["18.8.39","C4530","DISJUNTOR DIFERENCIAL DR-16A - 40A, 30mA",null,"UN",162.96]
["18.8.40","C4531","DISJUNTOR DIFERENCIAL DR-80A, 30mA",null,"UN",273.47]
["18.8.41","C4815","DISJUNTOR TERMOMAGNÉTICO TRIPOLAR 125 A, COM CAIXA MOLDADA 10 KA\n",null,"UN",423.91]
[]
["18.8.42","C4816","DISJUNTOR TERMOMAGNÉTICO TRIPOLAR 175 A, COM CAIXA MOLDADA 10 KA\n",null,"UN",618.14]
[]
["18.8.43","C4817","DISJUNTOR TERMOMAGNÉTICO TRIPOLAR 250 A, COM CAIXA MOLDADA 10 KA\n",null,"UN",970.45]
[]
["18.8.44","C4774","DISJUNTOR TERMOMAGNETICO TRIPOLAR 800A/600V",null,"UN",4272.97]
["18.8.45","C4934","DISJUNTOR TÉRMICO E MAGNÉTICO AJUSTAVEIS, TRIPOLAR DE 350 ATE 400A, CAPACIDADE DE INTERRUPCAO DE 35KA\n",null,"UN",1822.13]
[]
["18.8.46","C4935","DISJUNTOR TÉRMICO E MAGNÉTICO AJUSTAVEIS, TRIPOLAR DE 450 ATE 600A, CAPACIDADE DE INTERRUPCAO DE 35KA",null,"UN",4309.2]
[]
["18.8.47","C1106","DISJUNTOR TRIPOLAR C/ACIONAMENTO NA PORTA DO Q.D.ATE 16 A",null,"UN",108.37]
["18.8.48","C1111","DISJUNTOR TRIPOLAR C/ACIONAMENTO NA PORTA DO Q.D.ATE 32A",null,"UN",108.37]
["18.8.49","C1114","DISJUNTOR TRIPOLAR C/ACIONAMENTO NA PORTA DO Q.D.ATE 63A",null,"UN",119.77]
["18.8.50","C1104","DISJUNTOR TRIPOLAR C/ACIONAMENTO NA PORTA DO Q.D.ATE 100A",null,"UN",257.83]
["18.8.51","C1108","DISJUNTOR TRIPOLAR C/ACIONAMENTO NA PORTA DO Q.D.ATE 160A",null,"UN",318]
["18.8.52","C1109","DISJUNTOR TRIPOLAR C/ACIONAMENTO NA PORTA DO Q.D.ATE 250A",null,"UN",2375.08]
["18.8.53","C1112","DISJUNTOR TRIPOLAR C/ACIONAMENTO NA PORTA DO Q.D.ATE 400A",null,"UN",2630.72]
["18.8.54","C1113","DISJUNTOR TRIPOLAR C/ACIONAMENTO NA PORTA DO Q.D.ATE 630A",null,"UN",3647.05]
["18.8.55","C1103","DISJUNTOR TRIPOLAR C/ACIONAMENTO NA PORTA DO Q.D.ATE 1000A",null,"UN",15477.69]
["18.8.56","C1105","DISJUNTOR TRIPOLAR C/ACIONAMENTO NA PORTA DO Q.D.ATE 1250A",null,"UN",15546.74]
["18.8.57","C1107","DISJUNTOR TRIPOLAR C/ACIONAMENTO NA PORTA DO Q.D.ATE 1600A",null,"UN",18857.3]
["18.8.58","C1115","DISJUNTOR TRIPOLAR C/ACIONAMENTO NA PORTA DO Q.D.ATE 2500A",null,"UN",34667.96]
["18.8.59","C1110","DISJUNTOR TRIPOLAR C/ACIONAMENTO NA PORTA DO Q.D.ATE 3150A",null,"UN",34998.13]
["18.8.60","C1116","DISJUNTOR TRIPOLAR EM QUADRO DE DISTRIBUIÇÃO 175A",null,"UN",318]
["18.8.61","C1118","DISJUNTOR TRIPOLAR EM QUADRO DE DISTRIBUIÇÃO 10A",null,"UN",103.29]
["18.8.62","C1119","DISJUNTOR TRIPOLAR EM QUADRO DE DISTRIBUIÇÃO 16A",null,"UN",103.29]
["18.8.63","C1121","DISJUNTOR TRIPOLAR EM QUADRO DE DISTRIBUIÇÃO 20A",null,"UN",103.29]
["18.8.64","C1122","DISJUNTOR TRIPOLAR EM QUADRO DE DISTRIBUIÇÃO 25A",null,"UN",103.29]
["18.8.65","C1124","DISJUNTOR TRIPOLAR EM QUADRO DE DISTRIBUIÇÃO 32A",null,"UN",103.29]
["18.8.66","C1125","DISJUNTOR TRIPOLAR EM QUADRO DE DISTRIBUIÇÃO 40A",null,"UN",103.29]
["18.8.67","C1127","DISJUNTOR TRIPOLAR EM QUADRO DE DISTRIBUIÇÃO 50A",null,"UN",103.29]
["18.8.68","C1128","DISJUNTOR TRIPOLAR EM QUADRO DE DISTRIBUIÇÃO 60A",null,"UN",114.98]
["18.8.69","C1130","DISJUNTOR TRIPOLAR EM QUADRO DE DISTRIBUIÇÃO 70A",null,"UN",148.04]
["18.8.70","C1131","DISJUNTOR TRIPOLAR EM QUADRO DE DISTRIBUIÇÃO 90A",null,"UN",148.04]
["18.8.71","C1117","DISJUNTOR TRIPOLAR EM QUADRO DE DISTRIBUIÇÃO 100A",null,"UN",148.04]
["18.8.72","C3567","MUTIRÃO MISTO - DISJUNTOR MONOPOLAR EM QUADRO DE DISTRIBUIÇÃO DE 16A",null,"UN",19.14]
["18.8.73","C2260","SECCIONADOR FUSÍVEL DIAZED MONOPOLAR ATE 25A",null,"UN",118.53]
["18.8.74","C2261","SECCIONADOR FUSÍVEL DIAZED MONOPOLAR ATE 63A",null,"UN",173.16]
["18.8.75","C2259","SECCIONADOR FUSÍVEL DIAZED BIPOLAR.ATE 25A",null,"UN",317.21]
["18.8.76","C2258","SECCIONADOR FUSÍVEL DIAZED BIPOLAR ATE 63 A",null,"UN",322.35]
["18.8.77","C2262","SECCIONADOR FUSÍVEL DIAZED TRIPOLAR ATE 25A, EM QUADRO DISTRIBUIÇÃO",null,"UN",307.64]
["18.8.78","C2263","SECCIONADOR FUSÍVEL NH TRIPOLAR MANOBRA C/CARGA.ATE 125A",null,"UN",374.23]
["18.8.79","C2264","SECCIONADOR FUSÍVEL NH TRIPOLAR MANOBRA C/CARGA.ATE 250A",null,"UN",694.81]
["18.8.80","C2265","SECCIONADOR FUSÍVEL NH TRIPOLAR MANOBRA S/CARGA.ATE 250A",null,"UN",694.81]
["18.8.81","C2266","SECCIONADOR FUSÍVEL NH TRIPOLAR MANOBRA S/CARGA.ATE 400A",null,"UN",972.96]
["18.8.82","C2267","SECCIONADOR FUSÍVEL NH TRIPOLAR MANOBRA S/CARGA.ATE 630A",null,"UN",1211.35]
["18.9","TOMADAS / INTERRUPTORES / ESPELHOS",{"$nulls":3},2986.13]
["18.9.1","C0597","CAIXA DE AÇO INOXIDÁVEL C/ 8 TOMADAS 2P+T/250V (COMPLETA)",null,"UN",158.21]
["18.9.2","C0670","CAMPAINHA TIPO SIRENE ESCOLAR, C/INTERRUPTOR PULSADOR",null,"UN",184.26]
["18.9.3","C0863","CONJUNTO ARSTOP COMPLETO (15 A 30A)",null,"UN",50.77]
["18.9.4","C1491","INTERRUPTOR UMA TECLA BIPOLAR PARALELO 20A 250V",null,"UN",36.89]
["18.9.5","C1492","INTERRUPTOR UMA TECLA PARALELO 10A 250V",null,"UN",25.39]
["18.9.6","C1493","INTERRUPTOR UMA TECLA PARALELO E TOMADA UNIVERSAL 10A 250V",null,"UN",41.29]
["18.9.7","C1494","INTERRUPTOR UMA TECLA SIMPLES 10A 250V",null,"UN",18.51]
["18.9.8","C1498","INTERRUPTOR.UMA TECLA SIMPLES UMA PARALELA.10A.250V",null,"UN",40.3]
["18.9.9","C1497","INTERRUPTOR UMA TECLA SIMPLES UMA P/CAMPAINHA 10A 250V",null,"UN",29.1]
["18.9.10","C1496","INTERRUPTOR UMA TECLA SIMPLES E TOMADA UNIVERSAL 10A 250V",null,"UN",36.03]
["18.9.11","C1495","INTERRUPTOR UMA TECLA SIMPLES DUAS PARALELO 10A 250V",null,"UN",60.96]
["18.9.12","C1490","INTERRUPTOR UMA TECLA 10A - 250V, SISTEMA \"X\"",null,"UN",25.05]
["18.9.13","C1481","INTERRUPTOR DUAS TECLAS PARALELO 10A 250V",null,"UN",46.6]
["18.9.14","C1482","INTERRUPTOR DUAS TECLAS PARALELO E TOMADA 10A 250V",null,"UN",57.83]
["18.9.15","C1479","INTERRUPTOR DUAS TECLAS SIMPLES 10A 250V",null,"UN",32.64]
["18.9.16","C1484","INTERRUPTOR DUAS TECLAS SIMPLES UMA PARALELO 10A 250V",null,"UN",54.34]
["18.9.17","C1483","INTERRUPTOR DUAS TECLAS SIMPLES E TOMADA 10A 250V",null,"UN",51.52]
["18.9.18","C1480","INTERRUPTOR DUAS TECLAS 10A - 250V, SISTEMA \"X\"",null,"UN",33.4]
["18.9.19","C1485","INTERRUPTOR PULSADOR DE CAMPAINHA 10A 250V",null,"UN",22.2]
["18.9.20","C1488","INTERRUPTOR TRES TECLAS PARALELO 10A 250V",null,"UN",67.34]
["18.9.21","C1489","INTERRUPTOR TRES TECLAS SIMPLES 10A 250V",null,"UN",46.12]
["18.9.22","C1486","INTERRUPTOR TECLA SIMPLES TECLA PARALELO E TOMADA 10A 250V",null,"UN",63.47]
["18.9.23","C1487","INTERRUPTOR TIPO CHAMADA ENFERMARIA",null,"UN",29.87]
["18.9.24","C3573","MUTIRÃO MISTO - INTERRUPTOR UMA TECLA SIMPLES E TOMADA UNIVERSAL 10A 250V",null,"UN",28.22]
[]
["18.9.25","C3581","MUTIRÃO MISTO - SOQUETE DE BAQUELITE",null,"UN",7.03]
["18.9.26","C1928","PLACA P/CAIXA ESTAMPADA 4\"X2\" OU 3\"X3\"",null,"UN",5.3]
["18.9.27","C1929","PLACA P/CAIXA ESTAMPADA 4\"X4\"",null,"UN",9.02]
["18.9.28","C1942","PLUG TRIPOLAR (3P+T) - 32A/380V",null,"UN",61.97]
["18.9.29","C3580","SOQUETE DE BAQUELITE - PADRÃO POPULAR",null,"UN",10.19]
["18.9.30","C2298","TAMPA CEGA PLÁSTICA, SISTEMA \"X\"",null,"UN",14.84]
["18.9.31","C2484","TOMADA 2 POLOS MAIS TERRA 20A 250V",null,"UN",24.65]
["18.9.32","C2480","TOMADA 2 POLOS MAIS TERRA 20A - 250V, SISTEMA \"X\"",null,"UN",31.5]
["18.9.33","C2481","TOMADA C/TRAVA MECÂNICA E PLUG DE EMBUTIR 30A/250V",null,"UN",72.13]
["18.9.34","C2482","TOMADA C/TRAVA MECÂNICA E PLUG, DE SOBREPOR 30A/250V",null,"UN",72.13]
["18.9.35","C4792","TOMADA DUPLA DE EMBUTIR 2P+T 10A-250V",null,"UN",29.87]
["18.9.36","C4931","TOMADA DUPLA DE PISO PARA LÓGICA RJ45, 8 FIOS, CAT-6E, COMPLETA (PLACA/TAMPA EM LATÃO 4\"x4\", COM 2 CONECTORES, EXCETO CAIXA 4\"X4\")",null,"UN ",112.21]
[]
["18.9.37","C4117","TOMADA ENERGIZADA TIPO PLUG DE GUITARRA PARA SPOT ORIENTÁVEL DE 50W. EMBUTIDA NO FORRO DE GESSO. DEMANDA TOTAL 60%",null,"UN",29.77]
[]
["18.9.38","C2486","TOMADA P/TELEFONE 4 POLOS PADRÃO TELEBRAS",null,"UN",34.75]
["18.9.39","C2487","TOMADA P/TELEFONE 4 POLOS, SISTEMA \"X\"",null,"UN",37.36]
["18.9.40","C2488","TOMADA P/TELEFONE.PINO JACK 1/4\"",null,"UN",28.85]
["18.9.41","C2485","TOMADA P/ COMPUTADOR, SISTEMA \"X\"",null,"UN",34.96]
["18.9.42","C4174","TOMADA PARA LÓGICA, COM 1 CONECTOR RJ45, 8 FIOS, CAT-5E, COMPLETA PARA CAIXA 4\"x4\" (NÃO INCLUSA)",null,"UN",52.64]
[]
["18.9.43","C4920","TOMADA PARA LÓGICA, COM 2 CONECTORES RJ45, 8 FIOS, CAT-5E, COMPLETA PARA CAIXA 4\"x4\" (NÃO INCLUSA)",null,"UN",76.41]
[]
["18.9.44","C4921","TOMADA PARA LÓGICA, COM 1 CONECTOR RJ45, 8 FIOS, CAT-5E, COMPLETA PARA CAIXA 4\"x2\" (NÃO INCLUSA)",null,"UN",46.63]
[]
["18.9.45","C5190","TOMADA PARA LÓGICA, COM 1 CONECTOR RJ45, 8 FIOS, CAT-6, COMPLETA PARA CAIXA 4\"x2\" (NÃO INCLUSA)",null,"UN",40.28]
[]
["18.9.46","C4794","TOMADA PARA LÓGICA, COM 2 CONECTORES RJ45, 8 FIOS, CAT-5E, COMPLETA PARA CAIXA 4\"x2\" (NÃO INCLUSA)",null,"UN",59.11]
[]
["18.9.47","C5191","TOMADA PARA LÓGICA, COM 2 CONECTORES RJ45, 8 FIOS, CAT-6, COMPLETA PARA CAIXA 4\"x2\" (NÃO INCLUSA)\n",null,"UN",90.64]
[]
["18.9.48","C3486","TOMADA P/ PISO FÊMEA PARA RJ-11(TELEFÔNICA)",null,"UN",87.64]
["18.9.49","C4793","TOMADA SIMPLES DE PISO 2P+T 20A-250V C/ PLACA EM LATÃO CAIXA 4\"X2\" (NÃO INCLUI A CAIXA) ",null,"UN",63.53]
[]
["18.9.50","C4932","TOMADA SIMPLES DE PISO PARA LÓGICA RJ45, 8 FIOS, CAT-6E, COMPLETA (PLACA/TAMPA EM LATÃO 4\"x2\", COM 1 CONECTOR, EXCETO CAIXA 4\"X2\")",null,"UN",66.43]
[]
["18.9.51","C2490","TOMADA TRIPOLAR, MAIS TERRA - 25A/250V",null,"UN",78.37]
["18.9.52","C2491","TOMADA TRIPOLAR, MAIS TERRA - 30A/250V",null,"UN",92.47]
["18.9.53","C2489","TOMADA TRIPOLAR (3P+T) - 32A/380V",null,"UN",83.51]
["18.9.54","C2493","TOMADA UNIVERSAL 10A 250V",null,"UN",19.42]
["18.9.55","C2492","TOMADA UNIVERSAL 10A - 250V, SISTEMA \"X\"",null,"UN",31.14]
["18.9.56","C2494","TOMADA VOLTAMP - 30A (MACHO/FÊMEA)",null,"UN",89.32]
["18.9.57","C2495","TOMADA VOLTAMP - 60A (MACHO/FÊMEA)",null,"UN",151.75]
["18.10","LUMINÁRIAS INTERNAS / EXTERNAS / ACESSÓRIOS",{"$nulls":3},33517.76]
["18.10.1","C4371","ARANDELA BLINDADA, EM ALUMÍNIO FUNDIDO COM PINTURA ELETROSTÁTICA A PÓ, COM GRADE DE PROTEÇÃO E SUPORTE ARTICULADO, GLOBO EM VIDRO E SOQUETE E-27",null,"UN",371.93]
[]
["18.10.2","C4834","ARANDELA COM SOQUETE E-27, CORPO E GRADE FRONTAL DE PROTEÇÃO EM ALUMÍNIO, DIFUSOR EM VIDRO TRANSPARENTE COM UMA LÂMPADA ELETRÔNICA FLUORESCENTE COMPACTA DE 15W, COMPLETA\n",null,"UN",114.85]
[]
["18.10.3","C4828","ARANDELA DE SOBREPOR CORPO EM ALUMINIO, SOQUETE E-27, DIFUSOR EM VIDRO TEMPERADO FOSCO, COM DUAS LÂMPADAS ELETRÔNICAS COMPACTAS DE 20W COMPLETA",null,"M2",103.34]
[]
["18.10.4","C4948","ARANDELA DE SOBREPOR  CORPO EM ALUMINIO, SOQUETE E-27, DIFUSOR EM VIDRO TEMPERADO FOSCO, COM UMA LAMPADA ELETRÔNICA COMPACTA DE 20W COMPLETA",null,"UN",95.18]
[]
["18.10.5","C4105","ARANDELA PARA FLUORESCENTE COMPACTA 18W EM ALUMÍNIO ANODIZADO E PINTADO POR PROCESSO ELETROSTÁTICO COM UM VISOR EM VIDRO FOSCO",null,"UN",233.19]
[]
["18.10.6","C4106","ARANDELA PARA FLUORESCENTE COMPACTA 18W EM ALUMÍNIO ANODIZADO E PINTADO POR PROCESSO ELETROSTÁTICO COM DOIS VISORES EM VIDRO FOSCO",null,"UN",266.22]
[]
["18.10.7","C4107","ARANDELA PARA LÂMPADA INCANDESCENTE 60W EM ALUMÍNIO ANODIZADO E PINTADO POR PROCESSO ELETROSTÁTICO COM REFLETOR EM ALUMÍNIO ANODIZADO ALTO BRILHO",null,"UN",171.05]
[]
["18.10.8","C4801","BALIZADOR, CORPO DE ALUMÍNIO INJETADO, BORRACHA DE VEDAÇÃO, DIFUSOR EM VIDRO PRENSADO, GRADE FRONTAL DE PROTEÇÃO, COM LAMP. FL. COMPLETA 15W OU 18W",null,"UN",116.42]
[]
["18.10.9","C4807","BALIZADOR DE SOBREPOR TIPO TARTARUGA, CORPO EM ALUMÍNIO E GRADE DE PROTEÇÃO, PARA UMA LÂMPADA LED, SOQUETE E27, POTÊNCIA 7W FATOR DE POTÊNCIA MÍNIMO 0,92",null,"UN",229.77]
[]
["18.10.10","C4808","BALIZADOR DE SOBREPOR/EMBUTIR, CORPO EM ALUMÍNIO E GRADE DE PROTEÇÃO, PARA UMA LÂMPADA 9LED, SOQUETE E27, POTÊNCIA 1W FATOR DE POTÊNCIA MÍNIMO 0,93",null,"UN",376.49]
[]
["18.10.11","C3906","BASE METÁLICA INCL. TUBO GALVANIZADO 2\" P/ LUMINÁRIA ELEVADA SN-05",null,"UN",419.58]
["18.10.12","C1029","CÉLULA FOTOELÉTRICA P/ LÂMPADA,  ATÉ 250W",null,"UN",82.89]
["18.10.13","C1030","CÉLULA FOTOELÉTRICA P/ LÂMPADA, ATÉ 1000W",null,"UN",82.89]
["18.10.14","C4104","CLARABÓIA ARTIFICIAL 60X200CM COM DIFUSOR APOIADO NO FORRO E LUMINÁRIA MAIS REATOR ELETRÔNICO APLICADOS NA LAJE PARA 2 FLUORESCENTES 32W COR QUENTE",null,"UN",168.81]
[]
["18.10.15","C3915","GLOBO PRISMÁTICO AZUL PARA LUMINÁRIA SN-05 (45W)",null,"UN",327.89]
["18.10.16","C3917","GLOBO PRISMÁTICO CLARO / ÂMBAR P/ LUMINÁRIA SN-05 (30W)",null,"UN",421.59]
["18.10.17","C3916","GLOBO PRISMÁTICO CLARO PARA LUMINÁRIA SN-05 (30W)",null,"UN",268.59]
["18.10.18","C3918","LÂMPADA 30W-6.6A, BASE MÉDIUM PREFOCUS",null,"UN",140.28]
["18.10.19","C3919","LÂMPADA 45W-6.6A, BASE MÉDIUM PREFOCUS",null,"UN",140.28]
["18.10.20","C4103","LÂMPADA FLUORESCENTE 32W/3000K MAIS REATOR ELETRÔNICO FIXADOS SOBRE SANCA",null,"UN",54.23]
[]
["18.10.21","C1765","LÂMPADA FLUORESCENTE DE 16W OU 20W (SUBSTITUIÇÃO)",null,"UN",16.93]
["18.10.22","C1766","LÂMPADA FLUORESCENTE DE 32W OU 40W (SUBSTITUIÇÃO)",null,"UN",17.46]
["18.10.23","C1767","LÂMPADA FLUORESCENTE, TIPO PL, ATE 13W (SUBSTITUIÇÃO)",null,"UN",22.57]
["18.10.24","C1769","LÂMPADA INCANDESCENTE  ATE 150W (SUBSTITUIÇÃO)",null,"UN",11.94]
["18.10.25","C1763","LÂMPADA  MISTA DE 160  A 500W  (SUBSTITUIÇÃO)",null,"UN",75.55]
["18.10.26","C1771","LÂMPADA VAPOR DE MERCÚRIO ATE 250W  (SUBSTITUIÇÃO)",null,"UN",50.75]
["18.10.27","C1773","LÂMPADA VAPOR DE MERCÚRIO ATÉ 400W (SUBSTITUIÇÃO)",null,"UN",66.32]
["18.10.28","C1772","LÂMPADA VAPOR DE MERCÚRIO ATE 400W (SUBSTITUIÇÃO)",null,"UN",66.32]
["18.10.29","C1776","LÂMPADA VAPOR DE SÓDIO ATE 70W  (SUBSTITUIÇÃO)",null,"UN",47.47]
["18.10.30","C1774","LÂMPADA VAPOR DE SÓDIO ATE 250W  (SUBSTITUIÇÃO)",null,"UN",68.05]
["18.10.31","C1775","LÂMPADA VAPOR DE SÓDIO ATE 400W (SUBSTITUIÇÃO)",null,"UN",78.01]
["18.10.32","C1777","LÂMPADA VAPOR METÁLICO ATE 1000W (SUBSTITUIÇÃO)",null,"UN",282.35]
["18.10.33","C1778","LÂMPADA VAPOR METÁLICO ATE 2000W (SUBSTITUIÇÃO)",null,"UN",480.1]
["18.10.34","C4111","LUMINÁRIA APLICADA NAS LATERAIS DAS PAREDES EXPOSITORAS EM CHAPA DE AÇO PINTADA COM REFLETOR DE ALUMÍNIO ANODIZADO ALTO BRILHO E DIFUSOR EM VIDRO TRANSPARENTE TEMPERADO COM PONTO DE LUZ DE 300W A 2M DO PISO",null,"UN",343.86]
[]
["18.10.35","C4945","LUMINÁRIA CILÍNDRICA DE SOBREPOR COM SOQUETE E-27, ANEL DE ARREMATE EM ALUMÍNIO ANODIZADO E PINTADO POR PROCESSO ELETROSTÁTICO, COM REFLETOR EM ALUMÍNIO ANODIZADO ALTO BRILHO, CONTROLE ANTIOFUSCAMENTO E LÂMPADA FLUORESCENTE ELETRÔNICA COMPACTA 1 X 15W - COMPLETA\n",null,"UN",100.48]
[]
["18.10.36","C4944","LUMINÁRIA CILÍNDRICA DE EMBUTIR COM SOQUETE E-27, ANEL DE ARREMATE EM ALUMÍNIO ANODIZADO E PINTADO POR PROCESSO ELETROSTÁTICO COM REFLETOR EM ALUMÍNIO ANODIZADO ALTO BRILHO, CONTROLE ANTIOFUSCAMENTO E DIFUSOR EM VIDRO TEMPERADO, COM  LÂMPADAS FLUORESCENTES ELETRÔNICAS COMPACTAS DE 2 X 20W COMPLETA\n",null,"UN",112.61]
[]
["18.10.37","C1650","LUMINÁRIA C/LÂMPADA INCANDESCENTE, A PROVA DE TEMPO, VAPOR, ETC.",null,"UN",193.47]
["18.10.38","C1652","LUMINÁRIA COMPLETA, EMBUTIDA EM LAJE P/ PRESÍDIO",null,"UN",226.86]
["18.10.39","C1653","LUMINÁRIA DE ADVERTENCIA - INTERNA/EXTERNA",null,"UN",120.46]
["18.10.40","C3627","LUMINÁRIA DE ALTO RENDIMENTO, CORPO EM ALUMÍNIO FUNDIDO P/ LÂMPADAS VAPOR DE SÓDIO 400W",null,"UN",708.52]
[]
["18.10.41","C4109","LUMINÁRIA DE APLICAR EM CHAPA DE AÇO TRATADA E PINTADA EM EPÓXI BRANCO COM REFLETOR PARABÓLICO EM CHAPA DE ALUMÍNIO ANODIZADO ALTO BRILHO PARA LÂMPADA FLUORESCENTE 1X32W COR QUENTE MAIS REATOR AFP-PR",null,"UN",192.79]
[]
["18.10.42","C4100","LUMINÁRIA DE EMBUTIR CILÍNDRICA COM ANEL DE ARREMATE EM ALUMÍNIO ANODIZADO E PINTADO POR PROCESSO ELETROSTÁTICO COM REFLETOR EM ALUMÍNIO ANODIZADO ALTO BRILHO COM CONTROLE ANTIOFUSCAMENTO PARA LÂMPADA FLUORESCENTE COMPACTA DE 23W",null,"UN",216.49]
[]
["18.10.43","C4811","LUMINÁRIA DE EMBUTIR CILÍNDRICA COM CORPO EM CHAPA DE AÇO FOSFATIZADA E PINTADA ELETROSTATICAMENTE E REFLETOR REPUXADO EM ALUMÍNIO ANODIZADO, COM VIDRO JATEADO CENTRAL, PARA UMA LÂMPADA FLUORESCENTE COMPACTA 20W, COMPLETA",null,"UN",144.53]
[]
["18.10.44","C4799","LUMINÁRIA DE EMBUTIR CILÍNDRICA COM CORPO EM CHAPA DE AÇO FOSFATIZADA E PINTADA ELETROSTATICAMENTE E REFLETOR REPUXADO EM ALUMÍNIO ANODIZADO, COM VIDRO JATEADO CENTRAL PARA DUAS LÂMPADAS FLUORESCENTES COMPACTAS 20W, COMPLETA",null,"UN",175.41]
[]
["18.10.45","C4101","LUMINÁRIA DE EMBUTIR COM ANEL DE ARREMATE EM ALUMÍNIO ANODIZADO E PINTADO POR PROCESSO ELETROSTÁTICO COM REFLETOR EM ALUMÍNIO ANODIZADO ALTO BRILHO COM CONTROLE ANTIOFUSCAMENTO PARA LÂMPADA FLUORESCENTE COMPACTA DE 26W",null,"UN",185.24]
[]
["18.10.46","C4102","LUMINÁRIA DE EMBUTIR COM ANEL DE ARREMATE EM ALUMÍNIO ANODIZADO E PINTADO POR PROCESSO ELETROSTÁTICO PARA LÂMPADA DICRÓICA DE 50W",null,"UN",166.45]
[]
["18.10.47","C4943","LUMINÁRIA DE EMBUTIR COM CORPO EM CHAPA DE AÇO FOSFATIZADA E PINTADA ELETROSTATICAMENTE, COM REFLETOR E ALETAS PARABÓLICAS EM ALUMÍNIO ANODIZADO, COM 04 LÂMPADAS FLUORESCENTES TUBULARES DE 16W, MONTADA C/02 REATORES ELETRÔNICOS DUPLOS 2X16W - COMPLETA",null,"UN",285.31]
[]
["18.10.48","C4797","LUMINÁRIA DE EMBUTIR COM 2 LAMPADAS T8 DE 16W ALETAS PLANAS EM CHAPA DE AÇO PINTADA ELETROSTATICAMENTE REFLETOR EM ALUMÍNIO COMPLETA",null,"UN",173.68]
[]
["18.10.49","C4540","LUMINÁRIA DE EMBUTIR CORPO E GRADE DE PROTEÇÃO EM LIGA DE ALUMÍNIO FUNDIDO, REFLETOR EM CHAPA DE ALUMÍNIO ANODIZADO",null,"UN",191.2]
[]
["18.10.50","C4809","LUMINÁRIA DE EMBUTIR, EM LED, CORPO EM ALUMÍNIO E REFLETOR EM ALUMÍNIO ANODIZADO DE ALTO BRILHO, POTÊNCIA MINIMA 40W E MAXIMA DE 50W",null,"UN",439.93]
[]
["18.10.51","C4433","LUMINÁRIA DE EMBUTIR EM TETO, CIRCULAR, CORPO EM ALUMÍNIO ANODIZADO COM LÂMPADA HQI DE 70W",null,"UN",200.1]
[]
["18.10.52","C4795","LUMINÁRIA DE EMBUTIR PARA QUATRO LÂMPADAS FLUORESCENTES TUBULARES T8 DE 16W, CORPO E ALETAS PLANAS EM CHAPA DE AÇO TRATADA E PINTADA, COM ACABAMENTO EM PINTURA NA COR BRANCA, REFLETOR EM ALUMÍNIO ANODIZADO, REATOR ELETRÔNICO 2X(2X16W), FATOR DE POTÊNCIA 0,98, COMPLETA",null,"UN",293.26]
[]
["18.10.53","C4796","LUMINÁRIA DE EMBUTIR PARA QUATRO LÂMPADAS FLUORESCENTES TUBULARES T8 DE 16W, CORPO EM CHAPA DE AÇO TRATADA E PINTADA NA COR BRANCA, REFLETOR COM ACABAMENTO ESPECULAR DE ALTO BRILHO, REATOR ELETRÔNICO 2X(2X16)W, FATOR DE POTÊNCIA 0,98, COMPLETA",null,"UN",285.82]
[]
["18.10.54","C4394","LUMINÁRIA DE EMERGÊNCIA",null,"UN",263.26]
["18.10.55","C4412","LUMINÁRIA DE PISO MÓVEL, CORPO EM ALUMÍNIO, REFLETOR EM ALUMÍNIO ANODIZADO COM PROTETOR DE VIDRO EM GRADE DE ALUMÍNIO",null,"UN",224.28]
[]
["18.10.56","C4798","LUMINÁRIA DE SOBREPOR  COM CORPO EM CHAPA DE AÇO TRATADA E PINTADA NA COR BRANCA, REFLETOR C/ ACABAMENTO ESPECULAR DE ALTO BRILHO, P/ DUAS LÃMPADAS FLUORESCENTES TUBULARES T8 DE 16W, REATOR ELETRÔNICO P/2X16W, FP DO CJ. 33W E FATOR DE POTÊNCIA 0,98, COMPLETA",null,"UN",150.21]
[]
["18.10.57","C4802","LUMINÁRIA DE SOBREPOR/EMBUTIR RETANGULAR EM PA(POLYAMIDE) COM REFLETOR EM PMMA OPTICO PARA 2 LED'S TUBULARES T5 DE 20W, TONALIDADE 5000K, COR BRANCA, GRAU DE PROTEÇÃO IP20 E 1 LED DRIVER - COMPLETA",null,"UN",506.93]
[]
["18.10.58","C4800","LUMINÁRIA DE SOBREPOR CILÍNDRICA COM CORPO EM CHAPA DE AÇO FOSFATIZADA E PINTADA ELETROSTATICAMENTE E REFLETOR REPUXADO EM ALUMÍNIO ANODIZADO, COM VIDRO JATEADO CENTRAL PARA DUAS LÂMPADAS FLUORESCENTES COMPACTAS 20W, COMPLETA",null,"UN",139.99]
[]
["18.10.59","C5192","LUMINÁRIA DE SOBREPOR COM CORPO EM CHAPA DE AÇO TRATADA E PINTADA COR BRANCO, SEM ALETAS, REFLETOR C/ ACABAMENTO ESPECULAR DE ALTO BRILHO, P/ DUAS LÂMPADAS FLUORESCENTES TUBULARES T8 DE 32W, REATOR ELETRÔNICO P/2X32W, FP DO CJ. 33W E FATOR DE POTÊNCIA 0,98",null,"UN",172.05]
[]
["18.10.60","C4946","LUMINÁRIA DE SOBREPOR COM CORPO EM POLICARBONATO INJETADO E REFLETOR EM CHAPA DE AÇO TRATADA COM ACABAMENTO EM PINTURA ELETROSTÁTICA EPÓXI-PÓ NA COR BRANCA, DIFUSOR EM POLICARBONATO INJETADO E TEXTURIZADO DE ALTO IMPACTO COM ACABAMENTO EXTERNO LISO E ESTABILIZADO PARA RAIOS UV, VEDAÇÃO EM POLIURETANO E GRAU DE PROTEÇÃO IP-65, REATOR ELETRONICO COM 2 LÂMPADAS FLUORESCENTES TUBULARES DE 32W - COMPLETA",null,"UN",196.84]
[]
["18.10.61","C4803","LUMINÁRIA DE EMBUTIR/SOBREPOR RETANGULAR CORPO EM CHAPA DE AÇO, PINTURA EPÓXI BRANCA COM REFLETOR EM ALUMÍNIO ESPELHO, PARA 4 LED'S TUBULARES T5 DE 10W, TONALIDADE 5000K, COR BRANCA, GRAU DE PROTEÇÃO IP20 E 1 LED DRIVER - COMPLETA",null,"UN",506.93]
[]
["18.10.62","C4804","LUMINÁRIA DE EMBUTIR/SOBREPOR RETANGULAR CORPO EM CHAPA DE AÇO, PINTURA EPÓXI BRANCA COM REFLETOR EM ALUMÍNIO ESPELHO, PARA 2 LED'S TUBULAR T5 DE 10W, TONALIDADE 5000K, COR BRANCA, GRAU DE PROTEÇÃO IP20 E 1 LED DRIVER - COMPLETA",null,"UN",506.93]
[]
["18.10.63","C3628","LUMINÁRIA DECORATIVA, CORPO EM ALUMÍNIO FUNDIDO P/ LÂMPADAS VAPOR DE SÓDIO 250W",null,"UN",550.05]
[]
["18.10.64","C3924","LUMINÁRIA ELEVADA MÉDIA INTENSIDADE SN-05",null,"UN",441.61]
["18.10.65","C1659","LUMINÁRIA FECHADA, BRAÇO, LENTE DE VIDRO E LÂMPADA DE VAPOR DE MERCÚRIO 250W",null,"UN",457.59]
[]
["18.10.66","C1658","LUMINÁRIA FECHADA, BRAÇO LENTE VIDRO C/ LÂMPADA DE VAPOR DE MERCÚRIO 400W",null,"UN",489.55]
[]
["18.10.67","C1660","LUMINÁRIA FECHADA, BRAÇO, LENTE VIDRO E LÂMPADA DE VAPOR DE SÓDIO 360W",null,"UN",576.47]
["18.10.68","C1662","LUMINÁRIA FLUORESCENTE COMPLETA (1 X 16)W",null,"UN",104.09]
["18.10.69","C1637","LUMINÁRIA FLUORESCENTE COMPLETA (1 X 32)W",null,"UN",105.33]
["18.10.70","C1661","LUMINÁRIA FLUORESCENTE COMPLETA ( 2 X 16 )W",null,"UN",117.46]
["18.10.71","C1638","LUMINÁRIA FLUORESCENTE COMPLETA (2 X 32)W",null,"UN",134.01]
["18.10.72","C1639","LUMINÁRIA FLUORESCENTE COMPLETA (4 X 16)W",null,"UN",194.76]
["18.10.73","C1636","LUMINÁRIA FLUORESCENTE COMPLETA ( 4 X 32 )W",null,"UN",240.82]
["18.10.74","C1640","LUMINÁRIA FLUORESCENTE COMPLETA C/1 LÂMPADA DE 20W",null,"UN",88.74]
["18.10.75","C1663","LUMINÁRIA FLUORESCENTE COMPLETA C/ 1 LÂMPADA 40W",null,"UN",89.98]
["18.10.76","C1665","LUMINÁRIA FLUORESCENTE COMPLETA C/2 LÂMPADAS DE 20W",null,"UN",117.46]
["18.10.77","C1666","LUMINÁRIA FLUORESCENTE COMPLETA C/2 LÂMPADAS DE 40W",null,"UN",134.01]
["18.10.78","C1667","LUMINÁRIA FLUORESCENTE COMPLETA C/2 LÂMPADAS DE 65W",null,"UN",153]
["18.10.79","C1664","LUMINÁRIA FLUORESCENTE COMPLETA C/ 3 LÂMPADAS 40W",null,"UN",162.59]
["18.10.80","C1641","LUMINÁRIA FLUORESCENTE COMPLETA C/4 LÂMPADAS DE 20W",null,"UN",194.76]
["18.10.81","C1642","LUMINÁRIA FLUORESCENTE COMPLETA C/4 LÂMPADAS DE 40W",null,"UN",240.82]
["18.10.82","C4947","LUMINÁRIA HERMÉTICA DE EMBUTIR, COM CORPO EM CHAPA DE AÇO FOSFATIZADA E PINTADA ELETROSTATICAMENTE, REFLETOR E ALETAS PARABÓLICAS EM ALUMÍNIO ANODIZADO DE ALTA PUREZA E REFLETÂNCIA, DIFUSOR EM VIDRO TEMPERADO E VEDAÇÃO AUTO-ADESIVA CURVA FOTOMÉTRICA ABERTA, COM 2 REATORES 2X16W E QUATRO LÂMPADAS FLUORESCENTES TUBULARES DE 16W - COMPLETA",null,"UN",264.83]
[]
["18.10.83","C1668","LUMINÁRIA P/MUROS FECHADA  C/ LÂMPADA",null,"UN",113.24]
["18.10.84","C1669","LUMINÁRIA PAREDE,TIPO ARANDELA C/ LÂMPADA INCANDESCENTE",null,"UN",79.81]
["18.10.85","C4806","LUMINÁRIA PENDENTE EM LED, CORPO EM ALUMÍNIO, POTÊNCIA MÍNIMA 200W E MÁXIMA 210W",null,"UN",785.9]
[]
["18.10.86","C4805","LUMINÁRIA PENDENTE EM LED, FACHO DE LUZ FECHADO (<60°), CORPO EM ALUMÍNIO E REFLETOR EM ALUMÍNIO ANODIZADO DE ALTO BRILHO, POTENCIA MÍNIMA 90W E MÁXIMA 100W - COMPLETA",null,"UN",525.9]
[]
["18.10.87","C4956","LUMINÁRIA PENDENTE PARA FACHO ABERTO, COM PORTA-LÂMPADA EM CERÂMICA, DIFUSOR EM VIDRO TEMPERADO, COM UMA LÂMPADA MULTIVAPOR METÁLICO 150W, COM REATOR E IGNITOR, COMPLETA",null,"UN",221.76]
[]
["18.10.88","C4108","LUMINÁRIA QUADRADA EMBUTIDA NA PAREDE PARA LÂMPADA FLUORESCENTE COMPACTA 2X26W EM ALUMÍNIO FUNDIDO E PINTADO POR PROCESSO ELETROSTÁTICO COM REFLETOR EM ALUMÍNIO ANODIZADO ALTO BRILHO E DIFUSOR EM VIDRO TRANPARENTE PRISMÁTICO",null,"UN",462.44]
[]
["18.10.89","C1671","LUMINÁRIA REFLETORA COM LÂMPADA HALÓGENA DICROICA 50W",null,"UN",64]
["18.10.90","C1670","LUMINÁRIA REFLETORA COM LÂMPADA HALÓGENA DICROICA 75W",null,"UN",90.68]
["18.10.91","C1672","LUMINÁRIA REFLETORA INTERNA SIMPLES C/OU S/VIDRO",null,"UN",158.94]
["18.10.92","C1643","LUMINÁRIA REFLETORA.INTERNA.SIMPLES C/LÂMPADA MERCÚRIO",null,"UN",168.53]
["18.10.93","C4957","LUMINÁRIA TIPO BALIZADOR DE EMBUTIR COM SOQUETE E-27 PARA LÂMPADA FLUORESCENTE ELETRÔNICA COMPACTA DE 9W \n",null,"UN",75.2]
[]
["18.10.94","C1673","LUMINÁRIA TIPO GLOBO PLÁSTICO C/ LÂMPADA INCANDESCENTE",null,"UN",77.27]
["18.10.95","C1674","LUMINÁRIA TIPO GLOBO VIDRO C/ LAMPADA INCANDESCENTE",null,"UN",111.7]
["18.10.96","C1675","LUMINÁRIA TIPO GLOBO VIDRO C/ LÂMPADA MISTA, ATÉ 160W",null,"UN",134.67]
["18.10.97","C1676","LUMINÁRIA TIPO GLOBO VIDRO C/ LÂMPADA MISTA, ATÉ 500W",null,"UN",175.31]
["18.10.98","C1677","LUMINÁRIA TIPO SPOT DIRECIONAL C/ BRAÇO E C/ LÂMPADA INCANDESCENTE",null,"UN",94.57]
["18.10.99","C1678","LUMINÁRIA TIPO SPOT SIMPLES C/ LÂMPADA INCANDESCENTE",null,"UN",57.87]
["18.10.100","C1875","PENDENTE OU PLAFONIER C/GLOBO LEITOSO C/ 1 LÂMPADA DE 60W",null,"UN",57.73]
["18.10.101","C3921","PLACA SUPORTE P/ LUMINÁRIA SN-05",null,"UN",364.32]
["18.10.102","C2009","POSTE DE FERRO P/ JARDIM H=2.80M, C/GLOBO E LÂMPADA VAPOR DE SÓDIO 70W",null,"UN",485.21]
["18.10.103","C2010","POSTE DE FERRO P/JARDIM H=2.80M, C/GLOBO DE VIDRO, S/ LÂMPADA",null,"UN",365.11]
["18.10.104","C3625","POSTE METÁLICO CÔNICO RETO FLANGEADO H=10.0m P/02 LUMINÁRIAS DECORATIVAS",null,"UN",1595.7]
[]
["18.10.105","C3626","POSTE METÁLICO DECORATIVO CÔNICO RETO FLANGEADO H=4.0m P/01 OU 02 LUMINÁRIAS DECORATIVAS",null,"UN",1369.34]
[]
["18.10.106","C2050","PROJETOR C/ LÂMPADA VAPOR DE  MERCÚRIO DE 250W, COMPLETA (SEM FOTOCÉLULA)\n",null,"UN",341.02]
[]
["18.10.107","C2049","PROJETOR C/ LÂMPADA HALÓGENA DUPLO ENVELOPE DE 500W",null,"UN",249.92]
["18.10.108","C2048","PROJETOR C/ LÂMPADA DE VAPOR DE MERCÚRIO DE 250W, C/FOTOCÉLULA",null,"UN",385.55]
["18.10.109","C2051","PROJETOR C/ LÂMPADA VAPOR METÁLICO 1000W  C/FOTOCÉLULA",null,"UN",914.63]
["18.10.110","C2054","PROJETOR C/ LÂMPADA DE VAPOR DE MERCÚRIO 250W, C/FOTOCÉLULA",null,"UN",385.55]
["18.10.111","C2047","PROJETOR EM ALUMÍNIO, C/ LÂMPADA FLUORESCENTE ATÉ PL-13W",null,"UN",155.91]
["18.10.112","C2044","PROJETOR EM ALUMÍNIO, C/ LÂMPADA FLUORESCENTE ATÉ PL-18W",null,"UN",156.28]
["18.10.113","C4915","PROJETOR EM ALUMÍNIO, C/ LÂMPADA DE VAPOR METÁLICO DE 250W, S/FOTOCÉLULA",null,"UN",368.17]
["18.10.114","C2045","PROJETOR EM ALUMÍNIO, C/ LÂMPADA DE VAPOR METÁLICO E FOTOCÉLULA ATÉ 400W",null,"UN",446.04]
[]
["18.10.115","C2046","PROJETOR EM ALUMÍNIO, C/ LÂMPADA DE VAPOR METÁLICO E FOTOCÉLULA ATÉ 1000W",null,"UN",981.56]
[]
["18.10.116","C4115","PROJETOR EM ALUMÍNIO POLIDO COM REFLETOR EM ALUMÍNIO ANODIZADO E DIFUSOR EM VIDRO PLANO TEMPERADO TRANSPARENTE DIÂMETRO = 40CM PARA LÂMPADA VAPOR METÁLICO 400W C/ REATOR E IGNITOR",null,"UN",727.4]
[]
["18.10.117","C4112","PROJETOR EMBUTIDO NO FORRO EM CHAPA DE AÇO PINTADA COM REFLETOR DE ALUMÍNIO ANODIZADO ALTO BRILHO E DIFUSOR EM VIDRO TRANSPARENTE TEMPERADO PARA LÂMPADA DE VAPOR METÁLICO 400W C/ REATOR E IGNITOR",null,"UN",551.93]
[]
["18.10.118","C4810","PROJETOR, EM LED (TEMPERATURA DE COR 4000K), CORPO EM ALUMÍNIO, LENTE EM ACRÍLICO E VEDAÇÃO EM SILICONE, GRAU DE PROTEÇÃO IP65, POTÊNCIA MÍNIMA 60W E MÁXIMA 70W, FLUXO LUMINOSO MÍNIMO 5.000LM, FATOR DE POTÊNCIA MÍNIMO 0,92",null,"UN",593.08]
[]
["18.10.119","C2053","PROJETOR EXTERNO C/ LÂMPADA DE VAPOR DE MERCÚRIO DE 400W, S/ FOTOCÉLULA",null,"UN",372.98]
[]
["18.10.120","C2105","REATOR AFP-220V, SIMPLES P/ LÂMPADA FLUORESCENTE (SUBSTITUIÇÃO)",null,"UN",41.05]
["18.10.121","C2104","REATOR AFP-220V, DUPLO P/ LÂMPADA FLUORESCENTE (SUBSTITUIÇÃO)",null,"UN",51.65]
["18.10.122","C2106","REATOR DE PARTIDA P/ LÂMPADA VAPOR DE MERCÚRIO ATÉ 1000W",null,"UN",277.59]
["18.10.123","C4110","SISTEMA DE ILUMINAÇÃO COM LED BRANCO PARA FIXAÇÃO LATERAL EM LINHA COM DISPERSÃO A 90 GRAUS E SUPORTE DE ALUMÍNIO, ALIMENTAÇÃO POR DRIVER REMOTO EM CORRENTE CONTÍNUA",null,"M",843.12]
[]
["18.10.124","C4113","SPOT ORIENTÁVEL PARA PLUG DE GUITARRA. PARA LÂMPADAS DICRÓICAS DIVERSAS",null,"UN",201.45]
["18.10.125","C4116","TRANSFORMADOR PARA LEDS",null,"UN",86.57]
["18.11","LUMINÁRIAS EXTERNAS EM POSTES DE CONCRETO",{"$nulls":3},58129.29]
["18.11.1","C4791","LUMINÁRIA 1 PÉTALA EM POSTE DE CONCRETO CIRCULAR H=12M, ALTURA LIVRE 10,20M, LÂMPADA VAPOR METÁLICO DE 150W, INCLUSIVE O POSTE",null,"UN",3296.05]
[]
["18.11.2","C4980","LUMINÁRIA 1 PÉTALA EM POSTE DE CONCRETO CIRCULAR H=12M, ALTURA LIVRE 10,20M, LÂMPADA VAPOR METÁLICO DE 400W, INCLUSIVE O POSTE",null,"UN",3389.25]
[]
["18.11.3","C4981","LUMINÁRIA 2 PÉTALAS EM POSTE DE CONCRETO CIRCULAR H=12M, ALTURA LIVRE 10,20M, LÂMPADA VAPOR METÁLICO DE 400W, INCLUSIVE O POSTE",null,"UN",3936.29]
[]
["18.11.4","C4982","LUMINÁRIA 3 PÉTALAS EM POSTE DE CONCRETO CIRCULAR H=12M, ALTURA LIVRE 10,20M, LÂMPADA VAPOR METÁLICO DE 400W, INCLUSIVE O POSTE",null,"UN",4575.73]
[]
["18.11.5","C4983","LUMINÁRIA 4 PÉTALAS EM POSTE DE CONCRETO CIRCULAR H=12M, ALTURA LIVRE 10,20M, LÂMPADA VAPOR METÁLICO DE 400W, INCLUSIVE O POSTE",null,"UN",5230.64]
[]
["18.11.6","C5035","LUMINÁRIA 4 PÉTALAS EM POSTE DE CONCRETO CIRCULAR H=14M, ALTURA LIVRE 12M, LÂMPADA VAPOR METÁLICO DE 400W, INCLUSIVE O POSTE",null,"UN",5823.17]
[]
["18.11.7","C4870","LUMINÁRIA FECHADA (1 UNIDADE) EM POSTE DE CONCRETO CIRCULAR H= 9,0M, ALTURA LIVRE  7,5M, LÂMPADA DE VAPOR METÁLICO DE 150W, INCLUSIVE O POSTE",null,"UN",2112.32]
[]
["18.11.8","C4977","LUMINÁRIA FECHADA (2 UNIDADES) EM POSTE DE CONCRETO CIRCULAR H= 9,0M, ALTURA LIVRE  7,5M, LÂMPADA DE VAPOR METÁLICO DE 250W, INCLUSIVE O POSTE",null,"UN",2766.2]
[]
["18.11.9","C4978","LUMINÁRIA FECHADA (1 UNIDADE) EM POSTE DE CONCRETO CIRCULAR H= 9,0M, ALTURA LIVRE  7,5M, LÂMPADA DE VAPOR METÁLICO DE 250W, INCLUSIVE O POSTE",null,"UN",2240.87]
[]
["18.11.10","C4871","LUMINÁRIA FECHADA (2 UNIDADES) EM POSTE DE CONCRETO CIRCULAR H= 9,0M, ALTURA LIVRE  7,5M, LÂMPADA DE VAPOR METÁLICO DE 150W, INCLUSIVE O POSTE\n",null,"UN",2601.95]
[]
["18.11.11","C5032","PROJETOR (1 UNIDADE) EM POSTE DE CONCRETO CIRCULAR H= 8M, ALTURA LIVRE 6,60M, LÂMPADA DE VAPOR METÁLICO DE 150W, INCLUSIVE O POSTE",null,"UN",1633.55]
[]
["18.11.12","C5031","PROJETOR (2 UNIDADES) EM POSTE DE CONCRETO CIRCULAR H= 8M, ALTURA LIVRE 6,60M, LÂMPADA DE VAPOR METÁLICO DE 150W, INCLUSIVE O POSTE",null,"UN",1945.4]
[]
["18.11.13","C4984","PROJETOR (1 UNIDADE) EM POSTE DE CONCRETO CIRCULAR H=10M, ALTURA LIVRE  8,40M, LÂMPADA DE VAPOR DE MERCÚRIO DE 250W, INCLUSIVE O POSTE",null,"UN",2127.37]
[]
["18.11.14","C4985","PROJETOR (1 UNIDADE) EM POSTE DE CONCRETO CIRCULAR H=10M, ALTURA LIVRE  8,40M, LÂMPADA DE VAPOR DE MERCÚRIO DE 400W, INCLUSIVE O POSTE",null,"UN",2150]
[]
["18.11.15","C4986","PROJETOR (2 UNIDADES) EM POSTE DE CONCRETO CIRCULAR H=10M, ALTURA LIVRE  8,40M, LÂMPADA DE VAPOR DE MERCÚRIO DE 250W, INCLUSIVE O POSTE",null,"UN",2482.86]
[]
["18.11.16","C4987","PROJETOR (2 UNIDADES) EM POSTE DE CONCRETO CIRCULAR H=10M, ALTURA LIVRE  8,40M, LÂMPADA DE VAPOR DE MERCÚRIO DE 400W, INCLUSIVE O POSTE",null,"UN",2528.12]
[]
["18.11.17","C4988","PROJETOR (3 UNIDADES) EM POSTE DE CONCRETO CIRCULAR H=10M, ALTURA LIVRE  8,40M, LÂMPADA DE VAPOR DE MERCÚRIO DE 400W, INCLUSIVE O POSTE",null,"UN",2938.41]
[]
["18.11.18","C5034","PROJETOR (3 UNIDADES) EM POSTE DE CONCRETO CIRCULAR H=10M, ALTURA LIVRE 8,40M, LÂMPADA DE VAPOR METÁLICO DE 400W, INCLUSIVE O POSTE",null,"UN",3015.59]
[]
["18.11.19","C4989","PROJETOR (4 UNIDADES) EM POSTE DE CONCRETO CIRCULAR H=10M, ALTURA LIVRE  8,40M, LÂMPADA DE VAPOR DE MERCÚRIO DE 400W, INCLUSIVE O POSTE",null,"UN",3335.52]
[]
["18.12","APARELHOS ELÉTRICOS",{"$nulls":3},324424.69]
["18.12.1","C0081","AMPERÍMETRO (72X72)MM, ESC. 0-250A",null,"UN",170.44]
["18.12.2","C0082","AMPERÍMETRO (96X96)MM, ESC. 0-500A",null,"UN",182.88]
["18.12.3","C0080","AMPERÍMETRO (144X144)MM, ESC. 0-1000A",null,"UN",296.17]
["18.12.4","C0101","AQUECEDOR CENTRAL ELETROAUTOMATICO 220V-5060 A 7480W",null,"UN",1186.67]
["18.12.5","C0102","AQUECEDOR ELÉTRICO CAP.50  A 250L. 110/220V",null,"UN",4768.52]
["18.12.6","C0103","AQUECEDOR INDIVIDUAL ELETROAUTOMATICO 220V - 4840 W",null,"UN",28.84]
["18.12.7","C0465","BOTOEIRA EM ALUMÍNIO FUNDIDO \"LIGA - DESLIGA\"",null,"UN",181.81]
["18.12.8","C1286","ESTABILIZADOR DE TENSÃO/CORRENTE DE 1KVA",null,"UN",290.98]
["18.12.9","C1287","ESTABILIZADOR DE TENSÃO/CORRENTE DE 3KVA",null,"UN",683.95]
["18.12.10","C1288","ESTABILIZADOR DE TENSÃO/CORRENTE DE 5KVA",null,"UN",1010.97]
["18.12.11","C1289","ESTABILIZADOR DE TENSÃO/CORRENTE DE 7.5KVA",null,"UN",1201.29]
["18.12.12","C1285","ESTABILIZADOR DE TENSÃO/CORRENTE DE 10KVA",null,"UN",2725.63]
["18.12.13","C1354","EXAUSTOR ELETROMECÂNICO INDUSTRIAL D= 400MM",null,"UN",1242.26]
["18.12.14","C1477","INSTALAÇÃO DE EXAUSTOR ELÉTRICO TIPO DOMICILIAR",null,"UN",260.82]
["18.12.15","C2276","SINALIZADOR P/ ENTRADA E SAÍDA DE VEÍCULOS",null,"UN",304.28]
["18.12.16","C2512","TRANSFORMADOR 2KVA MONOFASICO 220V/110V",null,"UN",318.54]
["18.12.17","C2517","TRANSFORMADOR DE CORRENTE EM QD - FAIXA 50 A 250/5A",null,"UN",173.12]
["18.12.18","C2518","TRANSFORMADOR DE CORRENTE EM QD - FAIXA 200 A 400/5A",null,"UN",175.99]
["18.12.19","C2519","TRANSFORMADOR DE CORRENTE EM QD - FAIXA 400 A 800/5A",null,"UN",185.55]
["18.12.20","C2520","TRANSFORMADOR DE CORRENTE EM QD - FAIXA 1000 A 1500/5A",null,"UN",210.34]
["18.12.21","C4059","TRANSFORMADOR DE CORRENTE 15 KV - INSTALADO",null,"UN",1175.25]
["18.12.22","C4404","TRANSFORMADOR DE FORÇA À SECO 750 KVA/13.800-380/220V (FORNECIMENTO E MONTAGEM)",null,"UN",67649.59]
[]
["18.12.23","C4405","TRANSFORMADOR DE FORÇA À SECO 2.500 KVA/13.800-440/240V (FORNECIMENTO E MONTAGEM)",null,"UN",168214.97]
[]
["18.12.24","C0832","TRANSFORMADOR DE POTENCIAL 115 VAC 400 VA",null,"UN",1091.32]
["18.12.25","C4060","TRANSFORMADOR DE POTÊNCIA 15 KV - INSTALADO",null,"UN",1633.6]
["18.12.26","C2524","TRANSFORMADOR P/CABINE PRIMÁRIA 500KVA-15KV",null,"UN",67877.98]
["18.12.27","C2663","VENTILADOR DE TETO C/ ALETAS DE MADEIRA",null,"UN",296.81]
["18.12.28","C2664","VENTILADOR DE TETO METÁLICO",null,"UN",284.51]
["18.12.29","C2682","VOLTÍMETRO (72X72)MM, ESC. 0-500V",null,"UN",170.2]
["18.12.30","C2683","VOLTÍMETRO (96X96)MM, ESC. 0-500V",null,"UN",197]
["18.12.31","C2681","VOLTÍMETRO (144X144)MM, ESC. 0-500V",null,"UN",234.41]
["18.13","EQUIPAMENTOS",{"$nulls":3},5397124.54]
["18.13.1","C4372","BALANÇA ELETRÔNICA C/ PLATAFORMA 18x3, CAP. 80 TON. (FORN./MONTAGEM)",null,"UN",186588]
["18.13.2","C4184","GRUPO GERADOR 951/1000 KVA, COM QUADRO AUTOMÁTICO - COMPLETO",null,"UN",839122.29]
["18.13.3","C4063","GRUPO GERADOR 781/950 KVA C/ QUADRO AUTOMÁTICO - COMPLETO",null,"UN",800898.61]
["18.13.4","C4062","GRUPO GERADOR 636/780 KVA C/ QUADRO AUTOMÁTICO - COMPLETO",null,"UN",660834.3]
["18.13.5","C3668","GRUPO GERADOR 501/635 KVA, COM QUADRO AUTOMÁTICO - COMPLETO",null,"UN",422325.82]
["18.13.6","C4061","GRUPO GERADOR 451/500 KVA COM QUADRO AUTOMÁTICO - COMPLETO",null,"UN",317417.47]
["18.13.7","C4183","GRUPO GERADOR 386/450 KVA, COM QUADRO AUTOMÁTICO - COMPLETO",null,"UN",302889.45]
["18.13.8","C3667","GRUPO GERADOR 361/385 KVA, COM QUADRO AUTOMÁTICO - COMPLETO",null,"UN",267432.39]
["18.13.9","C3666","GRUPO GERADOR 291/360 KVA, COM QUADRO AUTOMÁTICO - COMPLETO",null,"UN",241659.87]
["18.13.10","C1443","GRUPO GERADOR 261/290 KVA, C/ QUADRO AUTOMÁTICO - COMPLETO",null,"UN",217540.95]
["18.13.11","C3664","GRUPO GERADOR 236/260 KVA, COM QUADRO AUTOMÁTICO - COMPLETO",null,"UN",213431.76]
["18.13.12","C4182","GRUPO GERADOR 216/235 KVA, COM QUADRO AUTOMÁTICO - COMPLETO",null,"UN",186308.48]
["18.13.13","C3663","GRUPO GERADOR 171/215  KVA, COM QUADRO AUTOMÁTICO - COMPLETO",null,"UN",167942.05]
["18.13.14","C1441","GRUPO GERADOR 141/170 KVA, C/ QUADRO AUTOMÁTICO - COMPLETO",null,"UN",144659.6]
["18.13.15","C3661","GRUPO GERADOR 121/140  KVA, COM QUADRO AUTOMÁTICO - COMPLETO",null,"UN",128019.6]
["18.13.16","C1440","GRUPO GERADOR 86/120 KVA, C/ QUADRO AUTOMÁTICO - COMPLETO",null,"UN",114499.6]
["18.13.17","C1444","GRUPO GERADOR 56/85 KVA, C/ QUADRO AUTOMÁTICO - COMPLETO",null,"UN",99537.15]
["18.13.18","C3660","GRUPO GERADOR 45/55 KVA, COM QUADRO AUTOMÁTICO - COMPLETO",null,"UN",86017.15]
["18.14","POSTES P/ ENERGIA E COMUNICAÇÃO",{"$nulls":3},21479.85]
["18.14.1","C3576","MUTIRÃO MISTO - MINI POSTE H=1.50m REX MONO E ROLDANA",null,"UN",41.03]
["18.14.2","C2000","POSTE C/ACESSÓRIOS ATÉ  A ENTRADA DA SUBESTAÇÃO ABRIGADA",null,"UN",11926.99]
["18.14.3","C2012","POSTE P/EDIFICAÇÕES POTÊNCIA INSTALADA ATÉ 5KW",null,"UN",739.28]
["18.14.4","C2017","POSTE P/EDIFICAÇÕES POTÊNCIA INSTALADA DE 5,01 À 10KW",null,"UN",859.19]
["18.14.5","C2013","POSTE P/EDIFICAÇÕES POTÊNCIA INSTALADA DE 10,01 À 15KW",null,"UN",1190.13]
["18.14.6","C2014","POSTE P/EDIFICAÇÕES POTÊNCIA INSTALADA DE 15,01 À 20KW",null,"UN",1361.49]
["18.14.7","C2015","POSTE P/EDIFICAÇÕES POTÊNCIA INSTALADA DE 20,01 À 25 KW",null,"UN",2377.43]
["18.14.8","C2016","POSTE P/EDIFICAÇÕES POTÊNCIA INSTALADA DE 25,01 À 30 KW",null,"UN",2984.31]
["18.15","POSTES EM CONCRETO",{"$nulls":3},37525.9]
["18.15.1","C4958","POSTE DE CONCRETO CIRCULAR, RESISTÊNCIA NOMINAL 200KG, H= 7,00M, PESO APROXIMADO 670 KG",null,"UN",997.39]
[]
["18.15.2","C5030","POSTE DE CONCRETO CIRCULAR, RESISTÊNCIA NOMINAL 200KG, H= 8,00M, PESO APROXIMADO 570 KG",null,"UN",1149.28]
[]
["18.15.3","C4959","POSTE DE CONCRETO CIRCULAR, RESISTÊNCIA NOMINAL 200KG, H= 9,00M, PESO APROXIMADO 670 KG",null,"UN",1308.7]
[]
["18.15.4","C5033","POSTE DE CONCRETO CIRCULAR, RESISTÊNCIA NOMINAL 200KG, H=10,00M, PESO APROXIMADO DE 790 KG",null,"UN",1591.17]
[]
["18.15.5","C4960","POSTE DE CONCRETO CIRCULAR, RESISTÊNCIA NOMINAL 200KG, H=11,00M, PESO APROXIMADO 910KG",null,"UN",1724.76]
[]
["18.15.6","C4961","POSTE DE CONCRETO CIRCULAR, RESISTÊNCIA NOMINAL 300KG, H= 7,00M, PESO APROXIMADO 500KG",null,"UN",1135.69]
[]
["18.15.7","C4962","POSTE DE CONCRETO CIRCULAR, RESISTÊNCIA NOMINAL 300KG, H= 9,00M, PESO APROXIMADO 710KG",null,"UN",1415.58]
[]
["18.15.8","C4963","POSTE DE CONCRETO CIRCULAR, RESISTÊNCIA NOMINAL 300KG, H=11,00M, PESO APROXIMADO 950KG",null,"UN",1729.22]
[]
["18.15.9","C4964","POSTE DE CONCRETO CIRCULAR, RESISTÊNCIA NOMINAL 400KG, H= 9,00M, PESO APROXIMADO 740KG",null,"UN",1588.95]
[]
["18.15.10","C4965","POSTE DE CONCRETO CIRCULAR, RESISTÊNCIA NOMINAL 400KG, H=11,00M, PESO APROXIMADO 990KG",null,"UN",2039.59]
[]
["18.15.11","C4979","POSTE DE CONCRETO CIRCULAR, RESISTÊNCIA NOMINAL 400KG, H=12,00M, PESO APROXIMADO 1.130KG",null,"UN",2554.33]
[]
["18.15.12","C4966","POSTE DE CONCRETO CIRCULAR, RESISTÊNCIA NOMINAL 400KG, H=14,00M, PESO APROXIMADO 1.430KG",null,"UN",3120.36]
[]
["18.15.13","C4976","POSTE DE CONCRETO DUPLO T, RESISTÊNCIA NOMINAL 150KG, H= 9,00M, PESO APROXIMADO 470KG",null,"UN",1096.95]
[]
["18.15.14","C4967","POSTE DE CONCRETO DUPLO T, RESISTÊNCIA NOMINAL 200KG, H= 8,00M, PESO APROXIMADO 400KG",null,"UN",930.98]
[]
["18.15.15","C4968","POSTE DE CONCRETO DUPLO T, RESISTÊNCIA NOMINAL 200KG, H= 9,00M, PESO APROXIMADO 470KG",null,"UN",1096.95]
[]
["18.15.16","C4969","POSTE DE CONCRETO DUPLO T, RESISTÊNCIA NOMINAL 200KG, H=11,000M, PESO APROXIMADO 640KG",null,"UN",1335.11]
[]
["18.15.17","C4970","POSTE DE CONCRETO DUPLO T, RESISTÊNCIA NOMINAL 300KG, H= 9,00M, PESO APROXIMADO 845KG",null,"UN",1358.11]
[]
["18.15.18","C4971","POSTE DE CONCRETO DUPLO T, RESISTÊNCIA NOMINAL 300KG, H=10,00M, PESO APROXIMADO 993KG",null,"UN",1551.15]
[]
["18.15.19","C4972","POSTE DE CONCRETO DUPLO T, RESISTÊNCIA NOMINAL 300KG, H=12,00M, PESO APROXIMADO 1.330KG",null,"UN",2031.26]
[]
["18.15.20","C4973","POSTE DE CONCRETO DUPLO T, RESISTÊNCIA NOMINAL 400KG, H=12,00M, PESO APROXIMADO 1.3307KG",null,"UN",2031.26]
[]
["18.15.21","C4974","POSTE DE CONCRETO DUPLO T, RESISTÊNCIA NOMINAL 600KG, H=12,00M, PESO APROXIMADO 1.330KG",null,"UN",2103.24]
[]
["18.15.22","C4975","POSTE DE CONCRETO DUPLO T, RESISTÊNCIA NOMINAL 1000KG, H=12,00M, PESO APROXIMADO 1.585KG",null,"UN",3635.87]
[]
["18.16","SUBESTAÇÃO DE DISTRIBUIÇÃO  AÉREA - CLASSE 15 kV",{"$nulls":3},340495.84]
["18.16.1","C4936","SUBESTAÇÃO AÉREA DE 15 KVA/13.800-380/220V COM QUADRO DE MEDIÇÃO E PROTEÇÃO GERAL,INCLUSIVE MALHA DE ATERRAMENTO\n",null,"UN",25600.37]
[]
["18.16.2","C4937","SUBESTAÇÃO AÉREA DE 30 KVA/13.800-380/220V COM QUADRO DE MEDIÇÃO E PROTEÇÃO GERAL, INCLUSIVE MALHA DE ATERRAMENTO",null,"UN",27674.24]
[]
["18.16.3","C4938","SUBESTAÇÃO AÉREA DE 45 KVA/13.800-380/220V COM QUADRO DE MEDIÇÃO E PROTEÇÃO GERAL, INCLUSIVE MALHA DE ATERRAMENTO",null,"UN",29583.62]
[]
["18.16.4","C4939","SUBESTAÇÃO AÉREA DE 75 KVA/13.800-380/220V COM QUADRO DE MEDIÇÃO E PROTEÇÃO GERAL, INCLUSIVE MALHA DE ATERRAMENTO",null,"UN",35058.25]
[]
["18.16.5","C4940","SUBESTAÇÃO AÉREA DE 112,5 KVA/13.800-380/220V COM QUADRO DE MEDIÇÃO E PROTEÇÃO GERAL, INCLUSIVE MALHA DE ATERRAMENTO",null,"UN",39486.61]
[]
["18.16.6","C4941","SUBESTAÇÃO AÉREA DE 150 KVA/13.800-380/220V COM QUADRO DE MEDIÇÃO E PROTEÇÃO GERAL, INCLUSIVE MALHA DE ATERRAMENTO",null,"UN",48314.03]
[]
["18.16.7","C4942","SUBESTAÇÃO AÉREA DE 225 KVA/13.800-380/220V COM QUADRO DE MEDIÇÃO E PROTEÇÃO GERAL, INCLUSIVE MALHA DE ATERRAMENTO",null,"UN",59953.97]
[]
["18.16.8","C4758","SUBESTAÇÃO AÉREA DE 300 KVA/13.800-380/220V COM QUADRO DE MEDIÇÃO E PROTEÇÃO GERAL, INCLUSIVE MALHA DE ATERRAMENTO",null,"UN",74824.75]
[]
["18.17","SERVIÇOS AUXILIARES DE TELEFONIA, SOM, LÓGICA E SISTEMAS DE CONTROLE",{"$nulls":3},528845.58]
["18.17.1","C4532","PATCH CORD, CATEGORIA 6, EXTENSAO DE 2,50 M",null,"UN",41.49]
["18.17.2","C4042","ALARME SONORO/VISUAL, SIRENE 120 dB, COM ACIONADOR MANUAL, ALIMENTAÇÃO 220 VAC - INSTALADO",null,"UN",224.4]
[]
["18.17.3","C0093","APARELHO SINALIZADOR DE OBSTÁCULOS C/CÉLULA FOTOELÉTRICA",null,"UN",161.5]
["18.17.4","C4567","BANDEJA MÓVEL, PADRÃO 19\"",null,"UN",72.33]
["18.17.5","C0390","BLOCO TELEFÔNICO DE LIGAÇÃO INTERNA BLI - 10",null,"UN",19.19]
["18.17.6","C4566","BLOCO IDC-100 PARES INTERNO, IDC-IDC, PADRÃO 19\"",null,"UN",324.69]
["18.17.7","C4043","COMPUTADOR PENTIUM 4 , 2,80 GHz, 512 K CACHE, HD 40 GB, 128 MB DDR SDRAM, INCLUINDO PLACA ",null,"UN",2771.72]
[]
["18.17.8","C4058","CENTRAL DE CONTROLE P/ SEGURANÇA COMPLETA - INSTALADO",null,"UN",3843.53]
["18.17.9","C4024","CENTRAL DE TELEFONIA C/ 50 RAMAIS E 10 LINHAS TRONCO",null,"UN",6690]
["18.17.10","C4004","CONTROLADOR LÓGICO PROGRAMÁVEL MODULAR",null,"UN",23510]
["18.17.11","C4176","CONJUNTO DE CONVERSORES (EMISSOR E RECEPTOR) DE UTP/COAXIAL COM TERMINAIS DE CONEXÃO, CAIXAS DE PROTEÇÃO E FONTE DE ALIMENTAÇÃO",null,"UN",985.19]
[]
["18.17.12","C4177","DETECTOR TERMO-VELOCIMÉTRICO, MONTAGEM DE TETO, C/ BASE ALIMENTAÇÃO 220 VAC, OPERAÇÃO EM REDE - INSTALADO",null,"UN",357.06]
[]
["18.17.13","C4041","DETETOR IÔNICO DE FUMAÇA, MONTAGEM DE TETO, C/ BASE ALIMENTAÇÃO 220VAC, UMA SAÍDA DIGITAL - INSTALADO",null,"UN",230.9]
[]
["18.17.14","C3765","DISTRIBUIDOR INTERNO ÓPTICO PARA 24 FIBRAS",null,"UN",818.88]
["18.17.15","C4564","DISTRIBUIDOR INTERNO ÓPTICO - D.I.O. PARA 12 FIBRAS MONO-MODO, COM CONCETORES ST, PADRÃO 19\"",null,"UN",532.32]
[]
["18.17.16","C4565","DISTRIBUIDOR INTERNO ÓPTICO - D.I.O. PARA 24 FIBRAS MONO-MODO, COM CONECTORES ST, PADRÃO 19\"",null,"UN",818.88]
[]
["18.17.17","C4050","GRAVADOR DE VÍDEO, TIPO TIME HOPSE, 960 HORAS - INSTALADO",null,"UN",1628.3]
["18.17.18","C3760","HUB TIPO 24 PORTAS",null,"UN",2154.47]
["18.17.19","C4181","MÓDULO PARA COMUNICAÇÃO EM REDE RS 485 PROTOCOLO MODBUS RTU",null,"UN",2293.86]
["18.17.20","C4048","MONITOR INDUSTRIAL DE VÍDEO COLORIDO, DIGITAL, TELA 19\", PORTA PARALELA - INSTALADO",null,"UN",1430.46]
[]
["18.17.21","C4049","MONITOR INDUSTRIAL DE VÍDEO COLORIDO, VÍDEO COMPOSTO, 2 CANAIS DE ENTRADA E 1 DE SAÍDA, DIMENSÕES 14 - INSTALADO",null,"UN",816.76]
[]
["18.17.22","C4033","NO-BREAK TRIFÁSICO, 380/380 VAC-LL, 60 Hz, 2000VA, BATERIAS INCORPORADAS, AUTO-PORTANTE EM GABINETE IP-44 - INSTALADO",null,"CJ",2887.62]
[]
["18.17.23","C4568","ORGANIZADOR DE CABOS HORIZONTAL, ABERTO, PADRÃO RACK 19\"",null,"UN",40.18]
["18.17.24","C4876","PAINEL ELETRICO C/1 SOFT START 7,5CV, 380V/60Hz - MONTAGEM COM SUPERVISÃO DE ENGENHEIRO",null,"UN",19003.03]
[]
["18.17.25","C4877","PAINEL ELETRICO C/1 SOFT START 10CV, 380V/60Hz - MONTAGEM COM SUPERVISÃO DE ENGENHEIRO",null,"UN",19301.07]
[]
["18.17.26","C4878","PAINEL ELETRICO C/1 SOFT START 12,5CV, 380/60Hz - MONTAGEM COM SUPERVISÃO DE ENGENHEIRO",null,"UN",20284.88]
[]
["18.17.27","C4879","PAINEL ELETRICO C/1 SOFT START 20CV, 380/60Hz - MONTAGEM COM SUPERVISÃO DE ENGENHEIRO",null,"UN",19541.1]
[]
["18.17.28","C4880","PAINEL ELETRICO C/1 SOFT START 25CV, 380/60Hz - MONTAGEM COM SUPERVISÃO DE ENGENHEIRO",null,"UN",20174.11]
[]
["18.17.29","C4881","PAINEL ELETRICO C/1 SOFT START 30CV, 380V/60Hz - MONTAGEM COM SUPERVISÃO DE ENGENHEIRO",null,"UN",21186.94]
[]
["18.17.30","C4882","PAINEL ELETRICO C/1 SOFT START 40CV, 380V/60Hz - MONTAGEM COM SUPERVISÃO DE ENGENHEIRO",null,"UN",21899.08]
[]
["18.17.31","C4883","PAINEL ELETRICO C/1 SOFT START 50CV, 380V/60Hz - MONTAGEM COM SUPERVISÃO DE ENGENHEIRO",null,"UN",22168.12]
[]
["18.17.32","C4884","PAINEL ELETRICO C/2 SOFT START 7,5CV, 380V/60Hz - MONTAGEM COM SUPERVISÃO DE ENGENHEIRO",null,"UN",22108.16]
[]
["18.17.33","C4885","PAINEL ELETRICO C/2 SOFT START 10CV, 380V/60Hz - MONTAGEM COM SUPERVISÃO DE ENGENHEIRO",null,"UN",22326.37]
[]
["18.17.34","C4886","PAINEL ELETRICO C/2 SOFT START 12,5CV, 380V/60Hz - MONTAGEM COM SUPERVISÃO DE ENGENHEIRO",null,"UN",22785.31]
[]
["18.17.35","C4887","PAINEL ELETRICO C/2 SOFT START 15CV, 380V/60Hz - MONTAGEM COM SUPERVISÃO DE ENGENHEIRO",null,"UN",23402.5]
[]
["18.17.36","C4888","PAINEL ELETRICO C/2 SOFT START 20CV, 380V/60Hz - MONTAGEM COM SUPERVISÃO DE ENGENHEIRO",null,"UN",23924.75]
[]
["18.17.37","C4889","PAINEL ELETRICO C/2 SOFT START 25CV, 380V/60Hz - MONTAGEM COM SUPERVISÃO DE ENGENHEIRO",null,"UN",24177.96]
[]
["18.17.38","C4890","PAINEL ELÉTRICO C/2 SOFT START 30CV, 380V/60HZ - MONTAGEM COM SUPERVISÃO DE ENGENHEIRO",null,"UN",24320.38]
[]
["18.17.39","C4891","PAINEL ELÉTRICO C/2 SOFT START 35CV, 380 V/60HZ - MONTAGEM COM SUPERVISÃO DE ENGENHEIRO",null,"UN",25033.49]
[]
["18.17.40","C4892","PAINEL ELÉTRICO C/2 SOFT START 40CV, 380V/60HZ - MONTAGEM COM SUPERVISÃO DE ENGENHEIRO",null,"UN",25443.99]
[]
["18.17.41","C4893","PAINEL ELETRICO C/2 SOFT START 50CV, 380V/60Hz - MONTAGEM COM SUPERVISÃO DE ENGENHEIRO",null,"UN",28245.1]
[]
["18.17.42","C4894","PAINEL ELETRICO C/2 SOFT START 60CV, 380V/60Hz - MONTAGEM COM SUPERVISÃO DE ENGENHEIRO",null,"UN",30175.81]
[]
["18.17.43","C3770","PATCH CABLE EXTRA-FLEXÍVEL RJ-45/RJ-45 DE 1,50m",null,"UN",19.36]
["18.17.44","C4526","PATCH CABLE EXTRA-FLEXÍVEL RJ-45/RJ-45 DE 2,50m",null,"UN",20.53]
["18.17.45","C5188","PATCH PANEL 24 PORTAS, CATEGORIA 6, COM RACKS DE 19\" E 1U DE ALTURA",null,"UN",1086.01]
["18.17.46","C5189","PATCH PANEL 48 PORTAS, CATEGORIA 6, COM RACKS DE 19\" E 2U DE ALTURA",null,"UN",3370.68]
["18.17.47","C3764","RACK FECHADO 24 U'S, 670mm, PROFUNDIDADE PADRÃO 19\"",null,"UN",2431.44]
["18.17.48","C3763","RACK FECHADO 36 U'S, 670mm, PROFUNDIDADE PADRÃO 19\"",null,"UN",2559.28]
["18.17.49","C3762","RACK FECHADO 44 U'S, 670mm, PROFUNDIDADE PADRÃO 19\"",null,"UN",2929.55]
["18.17.50","C4569","RÉGUA DE TOMADAS ELÉTRICAS, COM 08 TOMADAS, PADRÃO RACK 19\"",null,"UN",123.75]
["18.17.51","C4895","RELÉ DE NÍVEL COM 2 ELETRODOS CONTATOS DE 10A - 250V",null,"UN",174.72]
["18.17.52","C4896","RELÉ DE NÍVEL COM 3 ELETRODOS CONTATOS DE 10A - 250V",null,"UN",191.94]
["18.17.53","C4563","ROTEADOR AUTO-GERENCIÁVEL P/ COMUNICAÇÃO DE DADOS, PARA FIBRA ÓPTICA MONO-MODO, COM CONECTORES ST - PADRÃO RACK 19\"",null,"UN",5451.74]
[]
["18.17.54","C4044","SENSOR DE INTRUSÃO MICRO-PROCESSADOR, TIPO MULTIFEIXES, MONTAGEM DE PAREDE, ALIMENTAÇÃO 220 VAC, UMA - INSTALADO",null,"UN",145.38]
[]
["18.17.55","C4055","SENSOR INFRA-VERMELHO ATIVO/PASSIVO FEIXE DUPLO DISTÂNCIA MÁXIMA 100m - INSTALADO",null,"UN",787.99]
[]
["18.17.56","C4398","SOFTWARE DE GERENCIAMENTO DE PESAGEM (INSTALADO)",null,"UN",2740.48]
["18.17.57","C4180","SOFTWARE DE GERENCIAMENTO E CADASTRAMENTO COM BANCO DE DADOS, INTERFACE AMIGÁVEL, PLATAFORMA WINDOWS",null,"UN",6912.16]
[]
["18.17.58","C4054","SOFTWARE DE PROGRAMAÇÃO DE PLCs RSLOGIX 500, CD - INSTALADO",null,"UN",4795.86]
["18.17.59","C4040","SOFTWARE SUPERVISÓRIO RS VIEW 32 VERSÃO RUNTIME 150 COM GERENCIADOR DE COMUNICAÇÕES RSLINX - INSTALADO",null,"UN",4316.27]
[]
["18.17.60","C4056","TRANSMISSOR ELETRÔNICO DE PRESSÃO TIPO INSERÇÃO, COM INDICADOR INCORPORADO, GERAÇÃO DE SINAL PROPORC - INSTALADO",null,"UN",2632.56]
[]
["18.18","OUTROS ELEMENTOS",{"$nulls":3},94832.96]
["18.18.1","C0327","ATERRAMENTO COMPLETO C/ 3 HASTES COPPERWELD P/PÁRA-RAIOS",null,"CJ",981.07]
["18.18.2","C0326","ATERRAMENTO COMPLETO C/ HASTE COPPERWELD 3/4\"X 2.40M",null,"UN",335.96]
["18.18.3","C0325","ATERRAMENTO COMPLETO C/ HASTE COPPERWELD 3/4\" X 3.0M",null,"UN",385.83]
["18.18.4","C4765","ATERRAMENTO COMPLETO C/ HASTE COPPERWELD 5/8\"X 2.40M                              ",null,"UN",340.84]
["18.18.5","C4562","DISPOSITIVO DE PROTEÇÃO CONTRA SURTOS DE TENSÃO - DPS's - 40 KA/440V",null,"UN",133.83]
["18.18.6","C1152","DUTO DE ALONGAMENTO PARA EXAUSTOR EÓLICO",null,"M",144.77]
["18.18.7","C4933","HASTE DE ATERRAMENTO COPPERWELD 5/8\"X 2.40M                                        \n",null,"UN",136.14]
[]
["18.18.8","C4767","HASTE DE TERRA EM AÇO COBREADO, COM SEÇÃO CIRCULAR MÍNIMA DE 13X2000MM",null,"UN",111.3]
["18.18.9","C3575","HASTE DE FERRO GALVANIZADO 1.20m PARA ATERRAMENTO - PADRÃO POPULAR",null,"UN",40.72]
["18.18.10","C3910","HASTE DE TERRA 5/8\"x3,00m GCW 19L30",null,"UN",162.71]
["18.18.11","C4208","PÁRA-RAIO TIPO FRANKLIN C/ SINALIZADOR (FORNECIMENTO E MONTAGEM)",null,"UN",3390.68]
["18.18.12","C1790","MASTRO SIMPLES DE FERRO GALV. P/PÁRA-RAIO H=3M, D=40 OU 50MM",null,"UN",954]
["18.18.13","C4203","MEDIÇÃO TRIFÁSICA INSTALADA EM MURO - SAÍDA SUBTERRÂNEA",null,"UN",2889.66]
["18.18.14","C4561","MÓDULO DE EMERGÊNCIA PARA LUMINÁRIA COMUM",null,"UN",112.39]
["18.18.15","C3577","MINI POSTE H=1.50m REX MONO E ROLDANA - PADRÃO POPULAR",null,"UN",51.58]
["18.18.16","C3453","MONTAGEM DAS INSTALAÇÕES ELÉTRICAS, ELEVATÓRIA VAZÃO ATÉ 10 l/s",null,"UN",2963.52]
["18.18.17","C3452","MONTAGEM DAS INSTALAÇÕES ELÉTRICAS, ELEVATÓRIA VAZÃO 10,01 a 20 l/s",null,"UN",4445.28]
["18.18.18","C3454","MONTAGEM DAS INSTALAÇÕES ELÉTRICAS, ELEVATÓRIA VAZÃO 20,01 a 40 l/s",null,"UN",7759.68]
["18.18.19","C3455","MONTAGEM DAS INSTALAÇÕES ELÉTRICAS, ELEVATÓRIA VAZÃO 40,01 a 60 l/s",null,"UN",15142.4]
["18.18.20","C3456","MONTAGEM DAS INSTALAÇÕES ELÉTRICAS, ELEVATÓRIA VAZÃO 60,01 a 90 l/s",null,"UN",21771.2]
["18.18.21","C4599","MONTAGEM DE PAINEL ELÉTRICO C/ 02 SOFT-STARTER 7,5 CV",null,"UN",4426.95]
["18.18.22","C2059","PÁRA-RAIOS TIPO CRISTAL VALVER",null,"UN",264.44]
["18.18.23","C2060","PARA-RAIOS TIPO FRANKLIN",null,"UN",164.36]
["18.18.24","C3929","POÇO DE ATERRAMENTO DIAM. = 0,60 m P/ BALIZAMENTO NOTURNO",null,"UN",946.26]
["18.18.25","C1947","PONTO ELÉTRICO, MATERIAL E EXECUÇÃO",null,"PT",282.75]
["18.18.26","C1949","PONTO LÓGICO, MATERIAL E EXECUÇÃO",null,"PT",226.17]
["18.18.27","C3679","PONTO PARA SISTEMA DE SOM, MATERIAL E EXECUÇÃO",null,"PT",447.37]
["18.18.28","C1951","PONTO TELEFÔNICO, MATERIAL E EXECUÇÃO",null,"PT",251.94]
["18.18.29","C2056","PROTEÇÃO DA  CORDOALHA DOS PÁRA-RAIOS C/TUBO PVC RIGIDOS 50MM (2\") X3.00M",null,"UN",216.22]
["18.18.30","C4214","RAMAL TRIFÁSICO BAIXA TENSÃO POR VÃO DE 100m",null,"UN",11909.6]
["18.18.31","C3909","SOLDA EXOTÉRMICA",null,"UN",40.1]
["18.18.32","C4215","SUBSTITUIÇÃO DE TRAFO DE 30 Kva PARA 45 Kva",null,"UN",13309.99]
["18.18.33","C2424","TELA PARA ALONGAMENTO DE FORRO - E. EÓLICO",null,"UN",93.25]
["19","PINTURA",{"$nulls":3},3071.51]
["19.1","PAREDES E FORROS",{"$nulls":3},911.4]
["19.1.1","C3487","APLICAÇÃO DE LIQUIBRILHO SOBRE PINTURAS, DUAS DEMÃOS",null,"M2",20.37]
["19.1.2","C0588","CAIAÇÃO EM DUAS DEMÃOS COM SUPERCAL",null,"M2",5.81]
["19.1.3","C0589","CAIAÇÃO EM TRES DEMÃOS EM PAREDES",null,"M2",8.72]
["19.1.4","C0866","CONSERVADO \"P\" IMPERMEÁVEL, 2 DEMÃOS (PAREDES INTERNAS)",null,"M2",16.04]
["19.1.5","C0867","CONSERVADO \"P\" IMPERMEÁVEL, 3 DEMÃOS (PAREDES EXTERNAS)",null,"M2",25.9]
["19.1.6","C1207","EMASSAMENTO DE PAREDES EXTERNAS 2 DEMÃOS C/MASSA ACRÍLICA",null,"M2",17.69]
["19.1.7","C1208","EMASSAMENTO DE PAREDES INTERNAS 2 DEMÃOS C/MASSA DE PVA",null,"M2",14.04]
["19.1.8","C1209","EMASSAMENTO DE PAREDES INTERNAS 2 DEMÃOS C/MASSA A ÓLEO",null,"M2",19.23]
["19.1.9","C1233","EMULSÃO DE PAREDES INTERNAS OU CONCRETO 2 DEMÃOS DE RESINA ACRÍLICA",null,"M2",13.87]
["19.1.10","C1234","EMULSÃO DE PAREDES EXTERNAS 2 DEMÃOS EM RESINA ACRÍLICA",null,"M2",35.44]
["19.1.11","C4167","LATEX ACRÍLICO TRÊS DEMÃOS EM PAREDES INTERNAS S/ MASSA",null,"M2",28.82]
["19.1.12","C1614","LATEX DUAS DEMÃOS EM PAREDES EXTERNAS S/MASSA",null,"M2",24.63]
["19.1.13","C1615","LATEX DUAS DEMÃOS EM PAREDES INTERNAS S/MASSA",null,"M2",22.85]
["19.1.14","C1616","LATEX TRÊS DEMÃOS EM PAREDES EXTERNAS S/MASSA",null,"M2",29.92]
["19.1.15","C1617","LATEX TRÊS DEMÃOS EM PAREDES INTERNAS S/MASSA",null,"M2",27.87]
["19.1.16","C3550","MUTIRÃO MISTO - PINTURA HIDRACOR",null,"M2",9.52]
["19.1.17","C1905","PINTURA C/ EMASSAMENTO E LIXAMENTO EM PAREDE INTERNA, À BASE EPÓXI",null,"M2",142.31]
["19.1.18","C3098","PINTURA COM NATA DE CIMENTO EM DUAS DEMÃOS",null,"M2",8.96]
["19.1.19","C3022","PINTURA ESMALTE SINTÉTICO EM PAREDES",null,"M2",26.16]
["19.1.20","C2898","PINTURA HIDRACOR",null,"M2",12.56]
["19.1.21","C4072","PINTURA IMPERMEÁVEL EM PAREDE C/ SIKA 107, DUAS DEMÃOS",null,"M2",14.38]
["19.1.22","C2232","REVESTIMENTO TEXTURIZADO EM PAREDES INTERNA/EXTERNA C/DESEMPENADEIRA  ",null,"M2",53.4]
["19.1.23","C2233","REVESTIMENTO TEXTURIZADO EM PAREDES INTERNA/EXTERNA C/ROLO",null,"M2",32.65]
["19.1.24","C2274","SILICONE UMA DEMÃO EM PAREDES DE TIJOLOS",null,"M2",29.76]
["19.1.25","C2644","TÊMPERA SIMPLES MÉDIA INTERNA",null,"M2",24.22]
["19.1.26","C2461","TEXTURA ACRÍLICA 1 DEMÃO EM PAREDES EXTERNAS",null,"M2",15.02]
["19.1.27","C2462","TEXTURA ACRÍLICA 1 DEMÃO EM PAREDES INTERNAS",null,"M2",15.91]
["19.1.28","C2464","TINTA À ÓLEO EM PAREDES INTERNAS DUAS DEMÃOS S/MASSA",null,"M2",24.32]
["19.1.29","C2465","TINTA À ÓLEO EM PAREDES INTERNAS TRÊS DEMÃOS S/MASSA",null,"M2",29.44]
["19.1.30","C2471","TINTA CERÂMICA DUAS DEMÃOS",null,"M2",23.55]
["19.1.31","C2476","TINTA EPÓXI EM PAREDES, C/ SELADOR E EMASSAMENTO ACRÍLICO",null,"M2",125.46]
["19.1.32","C2477","TINTA IMPERMEÁVEL MINERAL EM PÓ 3 DEMÃOS EM PAREDES EXTERNAS",null,"M2",12.58]
["19.2","PISO",{"$nulls":3},369.23]
["19.2.1","C1039","DEMARCAÇÃO DE PISO À BASE DE EMULSÃO ACRÍLICA",null,"M",37.84]
["19.2.2","C1040","DEMARCAÇÃO DE QUADRA ESPORTIVA C/TINTA ACRÍLICA",null,"M",37.78]
["19.2.3","C1041","DEMARCAÇÃO DE QUADRA TIPO ESCOLAR C/TINTA ACRÍLICA",null,"M",16.35]
["19.2.4","C1907","PINTURA DE PISO INTERNO/EXTERNO. C/TINTA BASE RESINA ACRÍLICA-QUARTZO.2 DEMÃOS",null,"M2",24.33]
[]
["19.2.5","C1910","PINTURA P/PISO À BASE LATEX ACRÍLICO, TIPO \"NOVACOR\"",null,"M2",27.64]
["19.2.6","C2466","TINTA ACRÍLICA 2 DEMÃOS C/ ROLO DE LÃ",null,"M2",45.22]
["19.2.7","C2470","TINTA CERÂMICA DE ACABAMENTO, DUAS DEMÃOS",null,"M2",23.83]
["19.2.8","C2472","TINTA DE BASE ASFÁLTICA 2 DEMÃOS C/BROXA",null,"M2",17.99]
["19.2.9","C2475","TINTA EPOXI EM PISOS, C/ SELADOR E EMASSAMENTO ACRÍLICO",null,"M2",138.25]
["19.3","ESQUADRIAS DE MADEIRA",{"$nulls":3},184.91]
["19.3.1","C1206","EMASSAMENTO DE ESQUADRIAS DE MADEIRA P/TINTA ÓLEO OU ESMALTE 2 DEMÃOS",null,"M2",19.34]
["19.3.2","C1280","ESMALTE DUAS DEMÃOS EM ESQUADRIAS DE MADEIRA",null,"M2",26.42]
["19.3.3","C3551","MUTIRÃO MISTO - ESMALTE DUAS DEMÃOS EM ESQUADRIAS DE MADEIRA",null,"M2",19.04]
["19.3.4","C1876","PENTOX  2 DEMÃOS APLICADO EM MADEIRAS (CUPINICIDA)",null,"M2",23.47]
["19.3.5","C2897","PINTURA COM SELADOR EM MADEIRA",null,"M2",8.82]
["19.3.6","C2468","TINTA ANTIFLAMA TRÊS DEMÃOS EM ESQUADRIAS DE MADEIRA",null,"M2",60.1]
["19.3.7","C2667","VERNIZ 3 DEMÃOS EM ESQUADRIAS DE MADEIRA",null,"M2",27.72]
["19.4","SUPERFÍCIES METÁLICAS",{"$nulls":3},747.36]
["19.4.1","C0044","ALUMÍNIO SINTÉTICO EM ESTRUTURA DE AÇO CARBONO 50 MICRA C/REVÓLVER",null,"M2",13.5]
["19.4.2","C0045","ALUMÍNIO SINTÉTICO EM ESTRUTURA DE AÇO CARBONO 50 MICRA C/TRINCHA",null,"M2",22.42]
["19.4.3","C0463","BORRACHA CLORADA EM ESTRUTURA  DE  AÇO CARBONO 50 MICRA C/REVÓLVER",null,"M2",18.5]
["19.4.4","C0464","BORRACHA CLORADA EM ESTRUTURA DE AÇO CARBONO 50 MICRA C/TRINCHA",null,"M2",25.26]
["19.4.5","C1279","ESMALTE DUAS DEMÃOS EM ESQUADRIAS DE FERRO",null,"M2",48.18]
["19.4.6","C1281","ESMALTE SINTÉTICO EM ESTRUTURA DE AÇO CARBONO 50 MICRA C/REVÓLVER",null,"M2",11.84]
["19.4.7","C1282","ESMALTE SINTÉTICO EM ESTRUTURA DE AÇO CARBONO 50 MICRA C/TRINCHA",null,"M2",21.01]
["19.4.8","C1428","GRAFITE DUAS DEMÃOS EM ESQUADRIAS DE FERRO",null,"M2",50.23]
["19.4.9","C1520","JATEAMENTO AO METAL BRANCO EM ESTRUTURAS DE AÇO CARBONO",null,"M2",93.36]
["19.4.10","C1521","JATEAMENTO AO METAL QUASE BRANCO EM ESTRUTURA DE AÇO CARBONO",null,"M2",33.17]
["19.4.11","C1522","JATEAMENTO COMERCIAL EM ESTRUTURA DE AÇO CARBONO",null,"M2",39.31]
["19.4.12","C3425","PINTURA A ÓLEO PARA FERRO FUNDIDO",null,"M2",22.18]
["19.4.13","C1911","PINTURA PARA ESTRUTURA DE ALUMÍNIO",null,"M2",22.02]
["19.4.14","C2040","PINTURA C/ PRIMER EPOXI EM ESTRUTURA DE AÇO CARBONO 25 MICRA C/REVÓLVER",null,"M2",12.11]
["19.4.15","C2473","PINTURA C/ TINTA EPOXI EM ESTRUTURA DE AÇO CARBONO 50 MICRA C/REVÓLVER",null,"M2",20.87]
["19.4.16","C4309","PINTURA POLIURETANO EM 02 (DUAS) DEMÃOS SOBRE TUBULAÇÃO",null,"M2",26.13]
["19.4.17","C4409","PINTURA POLIURETANO EM ESTRUTURAS DE AÇO CARBONO, 65 MICRA C/ REVOLVER",null,"M2",14.35]
["19.4.18","C2036","PRIMER À BASE DE BORRACHA CLORADA. EM ESTRUTURA DE AÇO 25 MICRA C/REVÓLVER",null,"M2",11.68]
[]
["19.4.19","C2037","PRIMER À BASE DE BORRACHA CLORADA. EM ESTRUTURA DE. AÇO 25 MICRA C/TRINCHA",null,"M2",13.76]
[]
["19.4.20","C2038","PRIMER EM ESTRUTURA DE AÇO CARBONO 25 MICRA C/REVÓLVER",null,"M2",7.15]
["19.4.21","C2039","PRIMER EM ESTRUTURA DE AÇO CARBONO 25 MICRA C/TRINCHA",null,"M2",11.08]
["19.4.22","C2041","PRIMER EPOXI EM ESTRUTURA DE AÇO CARBONO 25 MICRA C/TRINCHA",null,"M2",14.11]
["19.4.23","C2042","PRIMER SINTÉTICO EM ESTRUTURA DE AÇO CARBONO 25 MICRA C/REVÓLVER",null,"M2",9.61]
["19.4.24","C2043","PRIMER SINTÉTICO EM ESTRUTURA DE AÇO CARBONO 25 MICRA C/TRINCHA",null,"M2",16.45]
["19.4.25","C2467","TINTA ANTIFLAMA 2 DEMÃOS E PRIMER EM ESQUADRIAS DE FERRO",null,"M2",85.51]
["19.4.26","C2469","TINTA AUTOMOTIVA 2 DEMÃOS EM METÁLICOS",null,"M2",56.5]
["19.4.27","C2474","TINTA EPOXI EM ESTRUTURA DE AÇO CARBONO 50 MICRA C/TRINCHA",null,"M2",27.07]
["19.5","SUPERFÍCIES DE CONCRETO",{"$nulls":3},234.52]
["19.5.1","C1235","EMULSÃO DE RESINAS ACRÍLICAS EM CONCRETO - 2 DEMÃOS",null,"M2",40.84]
["19.5.2","C4714","PINTURA DE LOGOTIPOS COM TINTA À ÓLEO EM CONCRETO",null,"M2",97.03]
["19.5.3","C2187","REGULARIZAÇÃO DE SUPERFÍCIE DE CONCRETO  APARENTE - 2 DEMÃOS",null,"M2",13.53]
["19.5.4","C2273","SILICONE EM PAREDES DE CONCRETO OU TIJOLO CERÂMICO - 1 DEMÃO",null,"M2",16.61]
["19.5.5","C2542","TRATAMENTO DE SUPERFÍCIE DE CONCRETO APARENTE",null,"M2",20.76]
["19.5.6","C2668","VERNIZ ACRÍLICO EM PAREDES DE CONCRETO - 2 DEMÃOS",null,"M2",12.25]
["19.5.7","C2669","VERNIZ POLIURETANO SOBRE PRIMER EM PAREDE CONCRETO - 3 DEMÃOS",null,"M2",33.5]
["19.6","OUTROS ELEMENTOS",{"$nulls":3},624.09]
["19.6.1","C4025","DESENHOS INSERIDOS NO PASSEIO DE CONCRETO",null,"M2",74.48]
["19.6.2","C1613","LATEX ACRÍLICO 2 DEMÃOS EM TELHAS DE FIBROCIMENTO",null,"M2",26.8]
["19.6.3","C1620","LETREIRO - LETRA EM CAIXA DE ZINCO, H= 20CM",null,"UN",104.08]
["19.6.4","C1621","LETREIRO - LETRA EM PAREDES",null,"UN",17.97]
["19.6.5","C1906","PINTURA C/ EMASSAMENTO P/ QUADRO-VERDE",null,"M2",48.61]
["19.6.6","C1908","PINTURA EXTERNA DE RUFOS, CALHAS E CONDUTORES C/ESMALTE SINTÉTICO",null,"M",20.48]
["19.6.7","C1909","PINTURA EXTERNA DE RUFOS E  INTERNA DE CALHAS C/TINTA BETUMINOSA 1 DEMÃO",null,"M2",15]
["19.6.8","C2899","PINTURA LOGOTIPO CAGECE - PROJETO PADRÃO",null,"UN",316.67]
["20","PAVIMENTAÇÃO DO SISTEMA VIÁRIO",{"$nulls":3},3737.29]
["20.1","REGULARIZAÇÃO DO SUB-LEITO",{"$nulls":3},2.97]
["20.1.1","C3233","REGULARIZAÇÃO DO SUB-LEITO",null,"M2",2.97]
["20.2","REFORÇO, SUB-BASE E BASE",{"$nulls":3},1185.41]
["20.2.1","C3132","BASE DE BRITA GRADUADA (S/TRANSP)",null,"M3",156.18]
["20.2.2","C3133","BASE MACADAME HIDRÁULICO C/ENCHIMENTO DE AREIA (S/TRANSP)",null,"M3",131.59]
["20.2.3","C3134","BASE SOLO BRITA COM 20% DE BRITA (S/TRANSP)",null,"M3",66.65]
["20.2.4","C3135","BASE SOLO BRITA COM 30% DE BRITA (S/TRANSP)",null,"M3",80.67]
["20.2.5","C3136","BASE SOLO BRITA COM 40% DE BRITA (S/TRANSP)",null,"M3",94.59]
["20.2.6","C3137","BASE SOLO BRITA COM 50% DE BRITA (S/TRANSP)",null,"M3",108.61]
["20.2.7","C3138","BASE SOLO BRITA COM 60% DE BRITA (S/TRANSP)",null,"M3",122.53]
["20.2.8","C3217","ESTABILIZAÇÃO GRANULOMÉTRICA DE SOLOS S/ MISTURA DE MATERIAIS (S/TRANSP)",null,"M3",28.64]
["20.2.9","C3216","ESTABILIZAÇÃO GRANULOMÉTRICA DE SOLOS C/ MISTURA DE MATERIAIS (S/TRANSP)",null,"M3",34.75]
["20.2.10","C3215","ESTABILIZACÂO SOLO BETUME MISTURADO NA PISTA (S/TRANSP)",null,"M3",42.9]
["20.2.11","C3930","SUB BASE/BASE DE SOLO CAL (3%) (S/TRANSP)",null,"M3",87.69]
["20.2.12","C3931","SUB BASE/BASE DE SOLO CAL (4%) (S/TRANSP)",null,"M3",106.1]
["20.2.13","C3968","SUB BASE/BASE DE SOLO CAL (5%) (S/TRANSP)",null,"M3",124.51]
["20.3","RECOMPOSIÇÃO DE SUB BASE E BASE",{"$nulls":3},741.12]
["20.3.1","C3163","ESCAVAÇÃO E CARGA DE MATERIAL ADICIONAL DE JAZIDA P/ RECOMPOSIÇÃO DE SUB-BASE/BASE/REVESTIMENTO PRIMÁRIO",null,"M3",4.9]
[]
["20.3.2","C3164","ESCARIFICAÇÃO P/APROVEITAMENTO DE SUB-BASE/BASE/REVESTIMENTO PRIMÁRIO",null,"M3",6.66]
["20.3.3","C4549","RECICLAGEM DE BASE E REVESTIMENTO SEM ADIÇÃO DE MATERIAL",null,"M3",67.61]
["20.3.4","C4235","RECICLAGEM DE BASE E REVESTIMENTO COM ADIÇÃO DE BRITA NA TAXA DE 86 Kg/m² (S/ TRANSP.)",null,"M3",97.48]
[]
["20.3.5","C4236","RECICLAGEM DE BASE E REVESTIMENTO COM ADIÇÃO DE BRITA NA TAXA DE 129 Kg/m² (S/ TRANSP.)",null,"M3",112.31]
[]
["20.3.6","C4237","RECICLAGEM DE BASE E REVESTIMENTO COM ADIÇÃO DE BRITA NA TAXA DE 172 Kg/m² (S/ TRANSP.)",null,"M3",127.06]
[]
["20.3.7","C4238","RECICLAGEM DE BASE E REVESTIMENTO COM ADIÇÃO DE BRITA NA TAXA DE 215 Kg/m² (S/ TRANSP.)",null,"M3",141.89]
[]
["20.3.8","C4239","RECICLAGEM DE BASE E REVESTIMENTO COM ADIÇÃO DE BRITA NA TAXA DE 258 Kg/m² (S/ TRANSP.)",null,"M3",156.63]
[]
["20.3.9","C3231","RECOMPOSIÇÃO DE  SUB-BASE/BASE SOLO ESTABILIZADO GRANULOMETRICAMENTE (S/TRANSP)",null,"M3",26.58]
[]
["20.4","IMPRIMAÇÃO",{"$nulls":3},0.51]
["20.4.1","C3221","IMPRIMAÇÃO - EXECUÇÃO (S/TRANSP)",null,"M2",0.51]
["20.5","PINTURA DE LIGAÇÃO",{"$nulls":3},0.3]
["20.5.1","C3228","PINTURA DE LIGAÇÃO - EXECUÇÃO (S/TRANSP)",null,"M2",0.3]
["20.6","MISTURAS BETUMINOSAS À QUENTE",{"$nulls":3},796.47]
["20.6.1","C3126","AREIA ASFALTO USINADA À QUENTE C/ESPALHAMENTO DE MOTONIVELADORA (S/TRANSP)",null,"M3",146.13]
[]
["20.6.2","C3128","AREIA ASFALTO USINADA À QUENTE - AAUQ (S/TRANSP)",null,"M3",147.93]
["20.6.3","C3155","CONCRETO BETUMINOSO USINADO À QUENTE - CBUQ (S/TRANSP)",null,"M3",230.19]
["20.6.4","C3230","PRÉ MISTURADO À QUENTE - PMQ (S/TRANSP)",null,"M3",272.22]
["20.7","MISTURAS BETUMINOSAS À FRIO",{"$nulls":3},301.44]
["20.7.1","C3127","AREIA ASFALTO USINADA À FRIO - AAUF (S/TRANSP)",null,"M3",94.62]
["20.7.2","C3229","PRÉ MISTURADO À FRIO - PMF (S/TRANSP)",null,"M3",206.82]
["20.8","REVESTIMENTO EM PEDRA",{"$nulls":3},430.99]
["20.8.1","C3010","PAVIMENTAÇÃO BRIPAR INCLUSIVE COMPACTAÇÃO (S/TRANSP)",null,"M2",90.64]
["20.8.2","C2893","PAVIMENTAÇÃO EM PARALELEPÍPEDO C/ REJUNTAMENTO (AGREGADO ADQUIRIDO)",null,"M2",66.43]
["20.8.3","C3107","PAVIMENTAÇÃO EM PARALELEPÍPEDO C/ REJUNTAMENTO (AGREGADO PRODUZIDO) (S/TRANSP)",null,"M2",55.45]
[]
["20.8.4","C2894","PAVIMENTAÇÃO EM PARALELEPÍPEDO S/ REJUNTAMENTO (AGREGADO ADQUIRIDO)",null,"M2",62.6]
["20.8.5","C2895","PAVIMENTAÇÃO EM PEDRA TOSCA C/ REJUNTAMENTO (AGREGADO ADQUIRIDO)",null,"M2",74.6]
["20.8.6","C3348","PAVIMENTAÇÃO EM PEDRA TOSCA S/ REJUNTAMENTO (AGREGADO PRODUZIDO)",null,"M2",30.9]
["20.8.7","C2896","PAVIMENTAÇÃO EM PEDRA TOSCA S/ REJUNTAMENTO (AGREGADO ADQUIRIDO)",null,"M2",50.37]
["20.9","REVESTIMENTO PRIMÁRIO",{"$nulls":3},244.76]
["20.9.1","C2944","REVESTIMENTO DE BRITA COM AGREGADO ADQUIRIDO",null,"M3",120.85]
["20.9.2","C2945","REVESTIMENTO DE PEDRISCO COM AGREGADO ADQUIRIDO",null,"M3",111.49]
["20.9.3","C3234","REVESTIMENTO COM SOLO (PIÇARRA) (S/TRANSP)",null,"M3",12.42]
["20.10","TRATAMENTOS SUPERFICIAIS",{"$nulls":3},33.32]
["20.10.1","C3125","APLICAÇÃO DE EMULSÃO ASFÁLTICA C/ÁGUA EM TRATAMENTO SUPERFICIAL (S/TRANSP)",null,"M2",0.37]
[]
["20.10.2","C3242","TRATAMENTO SUPERFICIAL SIMPLES (S/TRANSP)",null,"M2",2.62]
["20.10.3","C3240","TRATAMENTO SUPERFICIAL DUPLO (S/TRANSP)",null,"M2",7.85]
["20.10.4","C3241","TRATAMENTO SUPERFICIAL DUPLO C/CAPA SELANTE (S/TRANSP)",null,"M2",9.82]
["20.10.5","C3243","TRATAMENTO SUPERFICIAL TRIPLO (S/TRANSP)",null,"M2",12.66]
["21","CONSERVAÇÃO DO SISTEMA VIÁRIO",{"$nulls":3},121633.86]
["21.1","FERROVIÁRIA",{"$nulls":3},114380.4]
["21.1.1","C4337","ACABAMENTO MANUAL DO PERFIL DO LASTRO DE BRITA APÓS O NIVELAMENTO, INCLUSIVE COMPACTAÇÃO DA SUPERFÍCIE, BITOLA MÉTRICA, VIA SINGELA",null,"M",6.67]
[]
["21.1.2","C4335","ALARGAMENTO DE CORTE, MANUAL",null,"M3",62.23]
["21.1.3","C4357","APLICAÇÃO DE RETENSORES",null,"UN",1.11]
["21.1.4","C4359","ASSENTAMENTO DE MARCO QUILOMÉTRICO OU MECTOMÉTRICO",null,"UN",33.34]
["21.1.5","C4227","CARGA MANUAL DE ACESSÓRIOS METÁLICOS E MATERIAIS DIVERSOS COM ARRUMAÇÃO DA CARGA EM VAGÕES OU CAMINHÕES, BITOLA MÉTRICA",null,"T",36]
[]
["21.1.6","C4367","CARGA MANUAL DE DORMENTE DE CONCRETO COM ARRUMAÇÃO DA CARGA EM VAGÕES OU CAMINHÕES, BITOLA MÉTRICA",null,"UN",7.56]
[]
["21.1.7","C4225","CARGA MANUAL DE DORMENTES DE CONCRETO COM ARRUMAÇÃO DA CARGA EM VAGÕES OU CAMINHÕES - BITOLA MÉTRICA",null,"T",37.78]
[]
["21.1.8","C4224","CARGA MANUAL DE DORMENTES DE MADEIRA COM ARRUMAÇÃO DA CARGA EM VAGÕES OU CAMINHÕES - BITOLA MÉTRICA",null,"UN",4.22]
[]
["21.1.9","C4228","CARGA MANUAL DE DORMENTES ESPECIAIS PARA AMV COM ARRUMAÇÃO DA CARGA EM VAGÕES OU CAMINHÕES, BITOLA MÉTRICA",null,"UN",4.89]
[]
["21.1.10","C4226","CARGA MANUAL DE TRILHOS COM ARRUMAÇÃO DA CARGA EM VAGÕES OU CAMINHÕES",null,"T",42.23]
[]
["21.1.11","C4349","CONSERVAÇÃO MANUAL DE JUNTAS COM DESMONTAGEM - TALAS COM 6 FUROS - INCLUINDO: DESMONTAGEM, LIMPEZA, INSPEÇÃO VISUAL PARA DETECÇÃO DE DEFEITOS NAS EXTREMIDADES DOS TRILHOS E TALA, FIXAÇÃO, LUBRIFICAÇÃO E REMONTAGEM",null,"UN",19.56]
[]
["21.1.12","C4348","CONSERVAÇÃO MANUAL DE JUNTAS SEM DESMONTAGEM",null,"UN",0.89]
["21.1.13","C4352","CONSOLIDAÇÃO MANUAL DA FIXAÇÃO ELÁSTICA - SUBSTITUIÇÃO OU REPOSICIONAMENTO DE PEÇAS DA FIXAÇÃO DOS DORMENTES DE CONCRETO (SEM FORNECIMENTO)",null,"UN",2]
[]
["21.1.14","C4351","CONSOLIDAÇÃO MANUAL DA FIXAÇÃO RÍGIDA (PREGO OU TIREFÃO) COM OU SEM SUBSTITUIÇÃO",null,"UN",2]
[]
["21.1.15","C4341","CONSOLIDAÇÃO MANUAL DAS FIXAÇÕES DE AMV COM ABERTURA MENOR OU IGUAL A 1:10, BITOLA MÉTRICA",null,"UN",1000.13]
[]
["21.1.16","C4342","CONSOLIDAÇÃO MANUAL DAS FIXAÇÕES DE AMV COM ABERTURA MAIOR QUE 1:10, BITOLA MÉTRICA",null,"UN",777.87]
[]
["21.1.17","C4358","CORREÇÃO MANUAL DE BITOLA",null,"M",8.89]
["21.1.18","C4220","DEMOLIÇÃO MANUAL DE AMV COM ABERTURA DE 1:8 COM MATERIAL METÁLICO TIPO ATÉ TR 45, BITOLA MÉTRICA COM SEPARAÇÃO E EMPILHAMENTO DOS MATERIAIS",null,"UN",2667]
[]
["21.1.19","C4221","DEMOLIÇÃO MANUAL DE AMV COM ABERTURA DE 1:10 COM MATERIAL METÁLICO TIPO ATÉ TR 45, BITOLA MÉTRICA COM SEPARAÇÃO E EMPILHAMENTO DOS MATERIAIS",null,"UN",3067.05]
[]
["21.1.20","C4222","DEMOLIÇÃO MANUAL DE AMV COM ABERTURA DE 1:14 COM MATERIAL METÁLICO TIPO ATÉ TR 45, BITOLA MÉTRICA COM SEPARAÇÃO E EMPILHAMENTO DOS MATERIAIS",null,"UN",3527.11]
[]
["21.1.21","C4219","DEMOLIÇÃO MANUAL DE LINHA, BITOLA MÉTRICA, DE MATERIAL METÁLICO ATÉ 45 Kg/m INCLUSIVE SEPARAÇÃO E EMPILHAMENTO DO MATERIAL",null,"KM",40005]
[]
["21.1.22","C4232","DESCARGA MANUAL DE ACESSÓRIOS METÁLICOS E MATERIAIS DIVERSOS DE VAGÕES OU CAMINHÕES COM EMPILHAMENTO, BITOLA MÉTRICA",null,"T",30.67]
[]
["21.1.23","C4230","DESCARGA MANUAL DE DORMENTES DE CONCRETO EM VAGÕES OU CAMINHÕES, COM EMPILHAMENTO - BITOLA MÉTRICA",null,"T",33.34]
[]
["21.1.24","C4229","DESCARGA MANUAL DE DORMENTES DE MADEIRAS EM VAGÕES OU CAMINHÕES, COM EMPILHAMENTO - BITOLA MÉTRICA",null,"UN",3.56]
[]
["21.1.25","C4231","DESCARGA MANUAL DE TRILHOS DE VAGÕES OU CAMINHÕES, COM EMPILHAMENTO - BITOLA MÉTRICA",null,"T",35.56]
[]
["21.1.26","C4338","DESGUARNECIMENTO MANUAL DA VIA SINGELA PELA RETIRADA DO LASTRO ATÉ A FACE INFERIOR DO DORMENTE, BITOLA MÉTRICA",null,"M",28.89]
[]
["21.1.27","C4223","DESMONTAGEM MANUAL DE CONTRA-TRILHO, ATÉ TR 45 INCLUINDO A RETIRADA DO CONTRA-TRILHO, DAS FIXAÇÕES E EMPILHAMENTO AO LADO DA LINHA",null,"M",11.56]
[]
["21.1.28","C4360","FURAÇÃO MANUAL DE DORMENTE DE MADEIRA PARA APLICAÇÃO DAS FIXAÇÕES",null,"UN",1.11]
["21.1.29","C4369","LASTRAMENTO MANUAL DA VIA COM FORNECIMENTO DE MATERIAL",null,"M3",167.65]
["21.1.30","C4368","LASTRAMENTO MANUAL DA VIA SEM FORNECIMENTO DE MATERIAL",null,"M3",11.56]
["21.1.31","C4233","LASTREAMENTO MANUAL, COM TERRA, EM VIA SINGELA, SEM FORNECIMENTO DO MATERIAL, ESTANDO ESTE NA MARGEM DA LINHA, COMPREENDENDO O RESGUARNECIMENTO (COLOCAÇÃO DO LASTRO), NIVELAMENTO, ALINHAMENTO, SOCARIA E ACABAMENTO - BITOLA MÉTRICA",null,"KM",30003.75]
[]
["21.1.32","C4234","LASTREAMENTO MANUAL, COM TERRA, EM VIA SINGELA, SEM FORNECIMENTO DO MATERIAL, ESTANDO ESTE NA MARGEM DA LINHA, COMPREENDENDO O RESGUARNECIMENTO (COLOCAÇÃO DO LASTRO), SOCARIA E ACABAMENTO - BITOLA MÉTRICA",null,"KM",24003]
[]
["21.1.33","C4334","LIMPEZA DE CORTE, MANUAL",null,"M3",55.56]
["21.1.34","C4363","LIMPEZA DE VALETAS REVESTIDAS COM CONCRETO",null,"M",5.56]
["21.1.35","C4365","LIMPEZA MANUAL DE LASTRO",null,"M",24.45]
["21.1.36","C4339","LIMPEZA MANUAL DE LASTRO DE BRITA, POR METRO LINEAR DE LINHA, COMPREENDENDO TODAS AS OPERAÇÕES INCLUSIVE RESGUARNECIMENTO E ACABAMENTO DO PERFIL DO LASTRO, BITOLA MÉTRICA",null,"M",37.34]
[]
["21.1.37","C4364","LIMPEZA DE BUEIRO, INCLUINDO A RETIRADA DOS ENTULHOS BEM COMO A ROÇADA E LIMPEZA GERAL DAS BOCAS",null,"M",22.23]
[]
["21.1.38","C4344","NIVELAMENTO MANUAL DA VIA COMPREENDENDO ALINHAMENTO, SOCARIA E ACABAMENTO DO LASTRO DE TERRA, BITOLA MÉTRICA",null,"M",18.89]
[]
["21.1.39","C4343","NIVELAMENTO MANUAL DE VIA COMPREENDENDO SOCARIA E RECOMPOSIÇÃO DO LASTRO DE BRITA, BITOLA MÉTRICA",null,"M",22.23]
[]
["21.1.40","C4347","NIVELAMENTO MANUAL DE JUNTA COMPREENDENDO SOCARIA, REAPERTO E RECOMPOSIÇÃO DO LASTRO, BITOLA MÉTRICA",null,"UN",22.23]
[]
["21.1.41","C4356","PUXAMENTO MANUAL DA LINHA, POR FRAÇÃO DE ATÉ 20 cm, COMPREENDENDO REAPERTO DA FIXAÇÃO, DESGUARNECIMENTO PARCIAL DO OMBRO DO LASTRO, PUXAMENTO, RECOLOCAÇÃO DO LASTRO E ACABAMENTO, BITOLA MÉTRICA",null,"M",20]
[]
["21.1.42","C4333","REFORÇO DE ATERRO, MANUAL",null,"M3",44.45]
["21.1.43","C4340","REFORÇO MANUAL DE LASTRO EM LINHAS E AMVs, SEM FORNECIMENTO INCLUSIVE ACABAMENTO DO PERFIL DO LASTRO, BITOLA MÉTRICA",null,"M3",22.23]
[]
["21.1.44","C4350","REGULAGEM MANUAL DE FOLGAS NAS JUNTAS - TALAS COM 6 FUROS (TRILHOS DE 18 METROS). USO DE 91,24% DOS Hh/UN PARA TALA DE 4 FUROS",null,"UN",55.78]
[]
["21.1.45","C4336","REGULARIZAÇÃO DE BANQUETA DE PLATAFORMA, MANUAL",null,"M3",22.23]
["21.1.46","C4366","REGULARIZAÇÃO FINAL DO LASTRO, APÓS O NIVELAMENTO, INCLUINDO PERFILAMENTO E COMPACTAÇÃO MANUAL DO LASTRO",null,"KM",6667.5]
[]
["21.1.47","C4354","REPOSICIONAMENTO, REAPERTO OU REBATIMENTO DAS FIXAÇÕES EM LINHAS COM 2 FIXAÇÕES POR FILA DE TRILHO, MANUAL",null,"M",1.11]
[]
["21.1.48","C4187","ROÇO MANUAL DE FAIXA FERROVIÁRIA",null,"M2",0.44]
["21.1.49","C4345","SOLDAGEM ELÉTRICA EM ESTALEIRO TR-37",null,"UN",177.8]
["21.1.50","C4346","SOLDAGEM ELÉTRICA EM ESTALEIRO TR-45",null,"UN",177.8]
["21.1.51","C4362","SUBSTITUIÇÃO DO LASTRO EM AMV COM ABERTURA MENOR OU IGUAL A 1:10, BITOLA MÉTRICA, MANUAL",null,"AMV",1333.5]
[]
["21.1.52","C4353","SUBSTITUIÇÃO, OU COMPLEMENTAÇÃO OU REPOSICIONAMENTO MANUAL DE FIXAÇÕES DE DORMENTES DE CONCRETO (SEM FORNECIMENTO)",null,"UN",4.22]
[]
["21.1.53","C4361","TARUGAMENTO DE DORMENTES",null,"UN",0.67]
["21.2","RODOVIÁRIA",{"$nulls":3},6779.92]
["21.2.1","C4546","APLICAÇÃO DE REJUVENESCEDOR PDC/REJUVASEAC BR",null,"M2",16.34]
["21.2.2","C3905","BRITA PRA BASE DE REMENDO PROFUNDO",null,"M3",160.8]
["21.2.3","C3954","CAPINA MANUAL",null,"M2",0.78]
["21.2.4","C3884","CAPA SELANTE C/ PEDRISCO (S/TRANSP)",null,"M2",1.42]
["21.2.5","C3891","COMBATE À EXSUDAÇÃO COM AREIA",null,"M2",1.1]
["21.2.6","C3140","CAPA SELANTE COM AREIA ( S/TRANSP)",null,"M2",0.79]
["21.2.7","C3892","COMBATE À EXSUDAÇÃO COM PEDRISCO",null,"M2",1.41]
["21.2.8","C3945","CORREÇÃO DE DEFEITOS (ESPALHAMENTO MANUAL E COMPACTAÇÃO DE MISTURA  BETUMINOSA)",null,"M3",242.4]
[]
["21.2.9","C3904","CORTE E LIMPEZA DE ÁREAS GRAMADAS",null,"M2",0.17]
["21.2.10","C3895","ENCHIMENTO E COMPACTAÇÃO DA MISTURA BETUMINOSA EM TAPA BURACO",null,"M3",515.05]
["21.2.11","C3940","ESPALHAMENTO E COMPACTAÇÃO DE MISTURA BETUMINOSA PRÉ MISTURADA À FRIO",null,"M3",45.55]
[]
["21.2.12","C3942","ESPALHAMENTO E COMPACTAÇÃO  DE MISTURA BETUMINOSA PRÉ MISTURADA À QUENTE",null,"M3",33.81]
[]
["21.2.13","C3937","ESPALHAMENTO E COMPACTAÇÃO DE MISTURA DE AREIA ASFALTO USINADA À QUENTE",null,"M3",33.81]
[]
["21.2.14","C3935","ESPALHAMENTO E COMPACTAÇÃO DE MISTURA DE AREIA ASFALTO USINADO À FRIO",null,"M3",45.05]
["21.2.15","C5036","FRESAGEM CONTÍNUA DE REVESTIMENTO BETUMINOSO",null,"M3",53.56]
["21.2.16","C5037","FRESAGEM DESCONTÍNUA DE REVESTIMENTO BETUMINOSO",null,"M3",85.43]
["21.2.17","C5039","LAMA ASFALTICA FAIXA 1 (2MM)-6KG/M2 (S/TRANSP)",null,"M2",1.43]
["21.2.18","C5040","LAMA ASFALTICA FAIXA 2 (4MM)-8KG/M2 (S/TRANSP)",null,"M2",15.47]
["21.2.19","C5038","LAMA ASFÁLTICA FAIXA 3 (6mm) - 10 Kg/m² (S/TRANSP)",null,"M2",3.73]
["21.2.20","C4544","MICRO-REVESTIMENTO ASFÁLTICO (1 CAMADA) - 14 Kg/m²",null,"M2",3.03]
["21.2.21","C4545","MICRO-REVESTIMENTO ASFÁLTICO (2 CAMADAS) - 25 Kg/m²",null,"M2",5.84]
["21.2.22","C3092","LIMPEZA DE BUEIRO",null,"M3",23.54]
["21.2.23","C3894","LIMPEZA DE DESCIDA D'ÁGUA",null,"M",1.46]
["21.2.24","C3896","LIMPEZA DE PLACA DE SINALIZAÇÃO",null,"M2",9.63]
["21.2.25","C3093","LIMPEZA DE PONTE",null,"M",8.61]
["21.2.26","C3094","LIMPEZA DE SARJETA E MEIO-FIO",null,"M",0.73]
["21.2.27","C3893","LIMPEZA DE VALETA DE DRENAGEM",null,"M",4.38]
["21.2.28","C3096","LIMPEZA DE VALETA DE CORTE",null,"M",1.09]
["21.2.29","C3938","MISTURA BETUMINOSA PRÉ MISTURADA À FRIO EM BETONEIRA (S/TRANSP)",null,"M3",198.54]
["21.2.30","C3939","MISTURA BETUMINOSA PRÉ MISTURADA USINADA À FRIO (S/TRANSP)",null,"M3",171.86]
["21.2.31","C3941","MISTURA BETUMINOSA PRÉ MISTURADA USINADA À QUENTE (S/TRANSP)",null,"M3",228.05]
["21.2.32","C3936","MISTURA DE AREIA ASFALTO USINADA À QUENTE (S/TRANSP)",null,"M3",109.56]
["21.2.33","C3885"," MISTURA DE AREIA ASFALTO À FRIO EM BETONEIRA (S/TRANSP)",null,"M3",75.46]
["21.2.34","C3934","MISTURA DE AREIA ASFALTO USINADA À FRIO (S/TRANSP)",null,"M3",48.78]
["21.2.35","C3889","PENEIRAMENTO MANUAL",null,"M3",36.64]
["21.2.36","C0096","REATERRO APILOADO",null,"M3",53.93]
["21.2.37","C3890","REATERRO E COMPACTAÇÃO DE BUEIRO",null,"M3",42.52]
["21.2.38","C3101","RECOMPOSIÇÃO DE PAVIMENTAÇÃO EM PARALELEPÍPEDO C/REAPROVEITAMENTO",null,"M2",26.75]
["21.2.39","C3100","RECOMPOSIÇÃO DE PAVIMENTAÇÃO EM PEDRA TOSCA  C/REAPROVEITAMENTO",null,"M2",19.24]
["21.2.40","C3897","RECOMPOSIÇÃO DE PLACA DE SINALIZAÇÃO",null,"M2",40.64]
["21.2.41","C3883","RECOMPOSIÇÃO DE REVESTIMENTO PRIMÁRIO",null,"M3",11.53]
["21.2.42","C3952","RECOMPOSIÇÃO MANUAL DE ATERRO",null,"M3",167.09]
["21.2.43","C3953","RECOMPOSIÇÃO MECANIZADA DE ATERRO",null,"M3",22.83]
["21.2.44","C3947","RECOMPOSIÇÃO PARCIAL DE CERCA (SUBSTITUIÇÃO DE ESTACA DE CONCRETO)",null,"UN",68.34]
["21.2.45","C3948","RECOMPOSIÇÃO PARCIAL DE CERCA DE ESTACAS DE CONCRETO (SUBSTITUIÇÃO DE ARAME FARPADO)",null,"M",3.09]
[]
["21.2.46","C3951","RECOMPOSIÇÃO PARCIAL DE CERCA DE ESTACAS DE MADEIRA(SUBSTITUIÇÃO DE ARAME FARPADO)",null,"M",2.38]
[]
["21.2.47","C3946","RECOMPOSIÇÃO PARCIAL DE CERCA (SUBSTITUIÇÃO DE MOURÕES DE CONCRETO)",null,"UN",154.76]
["21.2.48","C3232","RECONFORMAÇÃO/PATROLAGEM DA PLATAFORMA",null,"M2",0.1]
["21.2.49","C3943","REMENDO PROFUNDO COM DEMOLIÇÃO MANUAL(ENCHIMENTO E COMPACTAÇÃO DO MATERIAL DE BASE E MISTURA BETUMINOSA)",null,"M3",508.5]
[]
["21.2.50","C3944","REMENDO PROFUNDO COM DEMOLIÇÃO MECANIZADA (ENCHIMENTO E COMPACTAÇÃO DO MATERIAL DE BASE E MISTURA BETUMINOSA)",null,"M3",359.08]
[]
["21.2.51","C3902","REMOÇÃO DE MATACÕES",null,"M3",143.97]
["21.2.52","C3888","REMOÇÃO MANUAL DA CAMADA GRANULAR DO PAVIMENTO",null,"M3",137.94]
["21.2.53","C3899","REMOÇÃO MANUAL DE BARREIRA EM ROCHA",null,"M3",49.6]
["21.2.54","C3898","REMOÇÃO MANUAL DE BARREIRA EM SOLO",null,"M3",33.06]
["21.2.55","C3886","REMOÇÃO MANUAL DE REVESTIMENTO BETUMINOSO",null,"M3",218.98]
["21.2.56","C3887","REMOÇÃO MECANIZADA DA CAMADA GRANULAR DO PAVIMENTO",null,"M3",10.35]
["21.2.57","C3901","REMOÇÃO MECANIZADA DE BARREIRA EM ROCHA",null,"M3",12.31]
["21.2.58","C3900","REMOÇÃO MECANIZADA DE BARREIRA EM SOLO",null,"M3",8.04]
["21.2.59","C3159","REMOÇÃO MECANIZADA DE REVESTIMENTO BETUMINOSO",null,"M3",20.57]
["21.2.60","C3109","ROÇADA MANUAL",null,"HA",1961.25]
["21.2.61","C3903","ROÇADA MECANIZADA",null,"HA",446.5]
["21.2.62","C3115","SELAGEM DE TRINCA : S/TRANSP",null,"L",3.96]
["21.2.63","C3932","SOLO BRITA PARA BASE DE REMENDO PROFUNDO (S/TRANSP)",null,"M3",58.67]
["21.2.64","C3933","SOLO PARA BASE DE REMENDO PROFUNDO (S/TRANSP)",null,"M3",8.64]
["21.3","URBANA",{"$nulls":3},473.54]
["21.3.1","C2925","RECOMPOSIÇÃO DE CAPA EM AREIA ASFÁLTICA (AAUQ), ESP.= 5cm",null,"M2",63.97]
["21.3.2","C2926","RECOMPOSIÇÃO DE CAPA EM CONCRETO ASFÁLTICO (CBUQ), ESP.= 5cm",null,"M2",61.82]
["21.3.3","C2135","RECOMPOSIÇÃO DE GUIAS DE CONCRETO",null,"M",41.61]
["21.3.4","C2927","RECOMPOSIÇÃO DE MEIO FIO EM CONCRETO",null,"M",22.51]
["21.3.5","C2928","RECOMPOSIÇÃO DE MEIO FIO EM PEDRA GRANITICA",null,"M",22.03]
["21.3.6","C3036","RECOMPOSIÇÃO DE PAVIMENTAÇÃO C/BLOKRET REAPROVEITADO",null,"M2",22.07]
["21.3.7","C2136","RECOMPOSIÇÃO DE PAVIMENTAÇÃO DE PRÉ- MOLDADO S/ COXIM DE AREIA",null,"M2",42.96]
["21.3.8","C2929","RECOMPOSIÇÃO DE PAVIMENTAÇÃO EM PARALELEPÍPEDO C/REJUNTAMENTO",null,"M2",56.61]
["21.3.9","C2930","RECOMPOSIÇÃO DE PAVIMENTAÇÃO EM PARALELEPÍPEDO S/REJUNTAMENTO",null,"M2",38.04]
["21.3.10","C2931","RECOMPOSIÇÃO DE PAVIMENTAÇÃO EM PEDRA PORTUGUESA",null,"M2",45.17]
["21.3.11","C2932","RECOMPOSIÇÃO DE PAVIMENTAÇÃO EM PEDRA TOSCA C/REJUNTAMENTO",null,"M2",34.33]
["21.3.12","C2933","RECOMPOSIÇÃO DE PAVIMENTAÇÃO EM PEDRA TOSCA S/REJUNTAMENTO",null,"M2",22.42]
["22","OBRAS PORTUÁRIAS",{"$nulls":3},128796.29]
["22.1","FUNDAÇÕES",{"$nulls":3},126058.95]
["22.1.1","C5129","CONFECÇÃO DE CAMISA METÁLICA, E =  6.3MM; D =  600MM                                       \n",null,"M",1001.19]
[]
["22.1.2","C5130","CONFECÇÃO DE CAMISA METÁLICA, E =  6.3MM; D =  700MM",null,"M",1161.21]
["22.1.3","C5131","CONFECÇÃO DE CAMISA METÁLICA, E =  6.3MM; D =  800MM",null,"M",1321.29]
["22.1.4","C5132","CONFECÇÃO DE CAMISA METÁLICA, E =  6.3MM; D =  900MM",null,"M",1481.3]
["22.1.5","C5133","CONFECÇÃO DE CAMISA METÁLICA, E =  6.3MM; D = 1000MM",null,"M",1641.38]
["22.1.6","C5134","CONFECÇÃO DE CAMISA METÁLICA, E =  8.0MM; D =  700MM",null,"M",1494]
["22.1.7","C5135","CONFECÇÃO DE CAMISA METÁLICA, E =  8.0MM; D =  800MM",null,"M",1697.26]
["22.1.8","C5136","CONFECÇÃO DE CAMISA METÁLICA, E =  8.0MM; D =  900MM",null,"M",1900.5]
["22.1.9","C5137","CONFECÇÃO DE CAMISA METÁLICA, E =  8.0MM; D = 1000MM",null,"M",2103.76]
["22.1.10","C5138","CONFECÇÃO DE CAMISA METÁLICA, E =  8.0MM; D = 1100MM",null,"M",2307.05]
["22.1.11","C5139","CONFECÇÃO DE CAMISA METÁLICA, E =  8.0MM; D = 1200MM",null,"M",2510.26]
["22.1.12","C5140","CONFECÇÃO DE CAMISA METÁLICA, E =  9.5MM; D =  900MM",null,"M",2278.22]
["22.1.13","C5141","CONFECÇÃO DE CAMISA METÁLICA, E =  9.5MM; D = 1000MM",null,"M",2519.6]
["22.1.14","C5142","CONFECÇÃO DE CAMISA METÁLICA, E =  9.5MM; D = 1100MM",null,"M",2760.99]
["22.1.15","C5143","CONFECÇÃO DE CAMISA METÁLICA, E =  9.5MM; D = 1200MM",null,"M",3002.3]
["22.1.16","C5144","CONFECÇÃO DE CAMISA METÁLICA, E =  9.5MM; D = 1300MM",null,"M",3243.7]
["22.1.17","C5145","CONFECÇÃO DE CAMISA METÁLICA, E =  9.5MM; D = 1400MM",null,"M",3485.02]
["22.1.18","C5146","CONFECÇÃO DE CAMISA METÁLICA, E =  9.5MM; D = 1500MM",null,"M",3726.41]
["22.1.19","C5147","CONFECÇÃO DE CAMISA METÁLICA, E = 12.5MM; D = 1400MM",null,"M",4635.26]
["22.1.20","C5148","CONFECÇÃO DE CAMISA METÁLICA, E = 12.5MM; D = 1500MM",null,"M",4952.89]
["22.1.21","C5149","CONFECÇÃO DE CAMISA METÁLICA, E = 12.5MM; D = 1600MM",null,"M",5270.53]
["22.1.22","C5150","CONFECÇÃO DE CAMISA METÁLICA, E = 12.5MM; D = 1700MM",null,"M",5588.03]
["22.1.23","C5151","CONFECÇÃO DE CAMISA METÁLICA, E = 12.5MM; D = 1800MM",null,"M",5905.64]
["22.1.24","C5152","CRAVAÇÃO DE CAMISA METÁLICA, E =  6.3MM; D =  600MM, C/ UTILIZAÇÃO DE MARTELO VIBRATÓRIO E  PLATAFORMA FLUTUANTE",null,"M",444.25]
[]
["22.1.25","C5153","CRAVAÇÃO DE CAMISA METÁLICA, E =  6.3MM; D =  700MM, C/ UTILIZAÇÃO DE MARTELO VIBRATÓRIO E  PLATAFORMA FLUTUANTE",null,"M",445.01]
[]
["22.1.26","C5154","CRAVAÇÃO DE CAMISA METÁLICA, E =  6.3MM; D =  800MM, C/ UTILIZAÇÃO DE MARTELO VIBRATÓRIO E  PLATAFORMA FLUTUANTE",null,"M",466.16]
[]
["22.1.27","C5155","CRAVAÇÃO DE CAMISA METÁLICA, E =  6.3MM; D =  900MM, C/ UTILIZAÇÃO DE MARTELO VIBRATÓRIO E  PLATAFORMA FLUTUANTE",null,"M",466.92]
[]
["22.1.28","C5156","CRAVAÇÃO DE CAMISA METÁLICA, E =  6.3MM; D = 1000MM, C/ UTILIZAÇÃO DE MARTELO VIBRATÓRIO E  PLATAFORMA FLUTUANTE",null,"M",493.96]
[]
["22.1.29","C5157","CRAVAÇÃO DE CAMISA METÁLICA, E =  8.0MM; D =  700MM, C/ UTILIZAÇÃO DE MARTELO VIBRATÓRIO E  PLATAFORMA FLUTUANTE",null,"M",445.37]
[]
["22.1.30","C5158","CRAVAÇÃO DE CAMISA METÁLICA, E =  8.0MM; D =  800MM, C/ UTILIZAÇÃO DE MARTELO VIBRATÓRIO E  PLATAFORMA FLUTUANTE",null,"M",466.55]
[]
["22.1.31","C5159","CRAVAÇÃO DE CAMISA METÁLICA, E =  8.0MM; D =  900MM, C/ UTILIZAÇÃO DE MARTELO VIBRATÓRIO E  PLATAFORMA FLUTUANTE",null,"M",467.4]
[]
["22.1.32","C5160","CRAVAÇÃO DE CAMISA METÁLICA, E =  8.0MM; D = 1000MM, C/ UTILIZAÇÃO DE MARTELO VIBRATÓRIO E  PLATAFORMA FLUTUANTE",null,"M",494.49]
[]
["22.1.33","C5161","CRAVAÇÃO DE CAMISA METÁLICA, E =  8.0MM; D = 1100MM, C/ UTILIZAÇÃO DE MARTELO VIBRATÓRIO E  PLATAFORMA FLUTUANTE",null,"M",495.41]
[]
["22.1.34","C5162","CRAVAÇÃO DE CAMISA METÁLICA, E =  8.0MM; D = 1200MM, C/ UTILIZAÇÃO DE MARTELO VIBRATÓRIO E  PLATAFORMA FLUTUANTE",null,"M",522.56]
[]
["22.1.35","C5163","CRAVAÇÃO DE CAMISA METÁLICA, E =  9.5MM; D =  900MM, C/ UTILIZAÇÃO DE MARTELO VIBRATÓRIO E  PLATAFORMA FLUTUANTE",null,"M",468.27]
[]
["22.1.36","C5164","CRAVAÇÃO DE CAMISA METÁLICA, E =  9.5MM; D = 1000MM, C/ UTILIZAÇÃO DE MARTELO VIBRATÓRIO E  PLATAFORMA FLUTUANTE",null,"M",495.5]
[]
["22.1.37","C5165","CRAVAÇÃO DE CAMISA METÁLICA, E =  9.5MM; D = 1100MM, C/ UTILIZAÇÃO DE MARTELO VIBRATÓRIO E  PLATAFORMA FLUTUANTE",null,"M",496.45]
[]
["22.1.38","C5166","CRAVAÇÃO DE CAMISA METÁLICA, E =  9.5MM; D = 1200MM, C/ UTILIZAÇÃO DE MARTELO VIBRATÓRIO E  PLATAFORMA FLUTUANTE",null,"M",523.74]
[]
["22.1.39","C5167","CRAVAÇÃO DE CAMISA METÁLICA, E =  9.5MM; D = 1300MM, C/ UTILIZAÇÃO DE MARTELO VIBRATÓRIO E  PLATAFORMA FLUTUANTE",null,"M",524.84]
[]
["22.1.40","C5168","CRAVAÇÃO DE CAMISA METÁLICA, E =  9.5MM; D = 1400MM, C/ UTILIZAÇÃO DE MARTELO VIBRATÓRIO E  PLATAFORMA FLUTUANTE",null,"M",552.16]
[]
["22.1.41","C5169","CRAVAÇÃO DE CAMISA METÁLICA, E =  9.5MM; D = 1500MM, C/ UTILIZAÇÃO DE MARTELO VIBRATÓRIO E  PLATAFORMA FLUTUANTE",null,"M",579.54]
[]
["22.1.42","C5170","CRAVAÇÃO DE CAMISA METÁLICA, E = 12.5MM; D = 1400MM, C/ UTILIZAÇÃO DE MARTELO VIBRATÓRIO E  PLATAFORMA FLUTUANTE",null,"M",555.63]
[]
["22.1.43","C5171","CRAVAÇÃO DE CAMISA METÁLICA, E = 12.5MM; D = 1500MM, C/ UTILIZAÇÃO DE MARTELO VIBRATÓRIO E  PLATAFORMA FLUTUANTE",null,"M",583.28]
[]
["22.1.44","C5172","CRAVAÇÃO DE CAMISA METÁLICA, E = 12.5MM; D = 1600MM, C/ UTILIZAÇÃO DE MARTELO VIBRATÓRIO E  PLATAFORMA FLUTUANTE",null,"M",605.06]
[]
["22.1.45","C5173","CRAVAÇÃO DE CAMISA METÁLICA, E = 12.5MM; D = 1700MM, C/ UTILIZAÇÃO DE MARTELO VIBRATÓRIO E  PLATAFORMA FLUTUANTE",null,"M",632.81]
[]
["22.1.46","C5174","CRAVAÇÃO DE CAMISA METÁLICA, E = 12.5MM; D = 1800MM, C/ UTILIZAÇÃO DE MARTELO VIBRATÓRIO E  PLATAFORMA FLUTUANTE",null,"M",660.67]
[]
["22.1.47","C4319","CRAVAÇÃO DE ESTACA PRÉ-MOLDADA C/ UTILIZAÇÃO DE PLATAFORMA FLUTUANTE",null,"M",1235.31]
["22.1.48","C4144","ESCAVAÇÃO EM ROCHA ALTERADA D= 0,93m",null,"M3",1292.85]
["22.1.49","C4145","ESCAVAÇÃO EM ROCHA SÃ D= 0,93m",null,"M3",5238.12]
["22.1.50","C4143","ESCAVAÇÃO EM SOLO D= 0,93m",null,"M3",808.15]
["22.1.51","C4298","ESCAVAÇÃO EM ROCHA ALTERADA DIÂMETRO 0,93m C/ UTILIZAÇÃO DE PLATAFORMA FLUTUANTE",null,"M3",3613.63]
[]
["22.1.52","C4299","ESCAVAÇÃO EM ROCHA SÃ DIÂMETRO 0,93m C/ UTILIZAÇÃO DE PLATAFORMA FLUTUANTE",null,"M3",10499.71]
[]
["22.1.53","C4300","ESCAVAÇÃO EM SOLO DIÂMETRO 0,93m C/ UTILIZAÇÃO DE PLATAFORMA FLUTUANTE",null,"M3",1806.84]
["22.1.54","C3983","FABRICAÇÃO E FORNECIMENTO DE ACESSÓRIOS METÁLICOS PARA ESTACA DE CONCRETO (PONTEIRA E ANEL)",null,"T",21196.72]
[]
["22.1.55","C4310","POSICIONAMENTO, OPERAÇÃO E REMOÇÃO DE CAMISA METÁLICA C/ UTILIZAÇÃO DE PLATAFORMA FLUTUANTE",null,"UN",2493.8]
[]
["22.2","ESTRUTURAS",{"$nulls":3},2486.85]
["22.2.1","C4146","CARGA E TRANSP. DE ESTACA PRÉ-MOLDADA DO ESTOQUE AO LOCAL DE APLICAÇÃO, INCLUSIVE ASSENTAMENTO",null,"M",207.26]
[]
["22.2.2","C4318","CARGA E TRANSPORTE DE ESTACA PRÉ-MOLDADA DO ESTOQUE AO LOCAL DE APLICAÇÃO C/ UTILIZAÇÃO DE PLATAFORMA FLUTUANTE, INCLUSIVE ASSENTAMENTO",null,"M",535]
[]
["22.2.3","C4153","CARGA E TRANSP. DE PEÇAS PRÉ-MOLDADAS DO ESTOQUE AO LOCAL DE APLICAÇÃO, INCLUSIVE ASSENTAMENTO",null,"M3",143.46]
[]
["22.2.4","C4290","CARGA E TRANSPORTE DE PEÇAS PRÉ-MOLDADAS, INCLUSIVE ASSENTAMENTO C/ UTILIZAÇÃO DE PLATAFORMA FLUTUANTE",null,"M3",417.86]
[]
["22.2.5","C4311","POSICIONAMENTO, OPERAÇÃO E REMOÇÃO DE CONTRAVENTAMENTO METÁLICO DE ESTACAS C/ PLATAFORMA FLUTUANTE",null,"T",1183.27]
[]
["22.3","QUEBRA-MAR / ENROCAMENTO",{"$nulls":3},186.9]
["22.3.1","C4288","CARGA E ARRUMAÇÃO DE PEDRAS (0,001 T ATÉ 1,00 T), INCLUSIVE LANÇAMENTO",null,"M3",14.01]
["22.3.2","C4287","CARGA E ARRUMAÇÃO DE PEDRAS (1,00 T ATÉ 6,00 T), INCLUSIVE LANÇAMENTO",null,"M3",17.66]
["22.3.3","C1097","CARGA E ARRUMAÇÃO DE PEDRAS COM GUINDASTE MUNIDO DE CAÇAMBA METÁLICA",null,"M3",26.89]
["22.3.4","C4289","CARGA E LANÇAMENTO DE BRITA P/ REVESTIMENTO, INCLUSIVE ESPALHAMENTO",null,"M3",25.12]
["22.3.5","C4306","LAVRA, SELEÇÃO E ESTOQUE DE PEDRAS (1,00 T ATÉ 4,00 T)",null,"M3",33.9]
["22.3.6","C4307","LAVRA, SELEÇÃO E ESTOQUE DE PEDRAS (4,00 T ATÉ 6,00 T)",null,"M3",36.17]
["22.3.7","C4308","LAVRA, SELEÇÃO E ESTOQUE DE PEDRAS (0,0001 T ATÉ 1,00 T)",null,"M3",33.15]
["22.3.8","C4332","TRANSPORTE DE PEDRAS ATÉ 1,0 T EM RODOVIA PAVIMENTADA (Y = 2,11X + 3,95)",null,"M3",0]
["22.3.9","C4413","TRANSPORTE DE PEDRA ATÉ 1,0 T EM TRECHO NÃO PAVIMENTADO (Y = 3,52X + 3,95)",null,"M3",0]
["22.3.10","C4313","TRANSPORTE DE PEDRAS DE 1,0 T ATÉ 6,0 T EM RODOVIA PAVIMENTADA (Y = 2,56X + 6,40)",null,"M3",0]
[]
["22.3.11","C4414","TRANSPORTE DE PEDRA DE 1,00 T ATÉ 6,00 T EM TRECHO NÃO PAVIMENTADO (Y = 4,27X + 6,40)",null,"M3",0]
[]
["22.4","DRAGAGEM",{"$nulls":3},63.59]
["22.4.1","C4315","ATERRO HIDRÁULICO, INCLUINDO DRAGAGEM, ESPALHAMENTO NIVELADO E MOBILIZAÇÃO/DESMOBILIZAÇÃO DA DRAGA",null,"M3",33.71]
[]
["22.4.2","C4283","DRAGAGEM INCLUINDO MOBILIZAÇÃO/DESMOBILIZAÇÃO DA DRAGA",null,"M3",29.88]
["23","TRANSPORTES PARA OBRAS RODOVIÁRIAS",{"$nulls":3},0]
["23.1","LOCAL",{"$nulls":3},0]
["23.1.1","C3143","TRANSPORTE LOCAL C/ DMT ATÉ 4,00 KM (Y = 1,26X + 1,32)",null,"T",0]
["23.1.2","C3144","TRANSPORTE LOCAL COM DMT ENTRE 4,01 Km E 30,00 Km (Y = 0,90X + 1,32)",null,"T",0]
["23.1.3","C4161","TRANSPORTE LOCAL C/ DMT SUPERIOR A 30,00 Km (Y = 0,70X + 1,32)",null,"T",0]
["23.1.4","C3157","TRANSPORTE  LOCAL D'ÁGUA P/SERVIÇOS DE PAVIMENTAÇÃO C/ DMT SUPERIOR A 7,00 Km (Y = 1,45X)",null,"T",0]
[]
["23.1.5","C3312","TRANSPORTE  LOCAL  DE BRITA P/ TRATAMENTOS SUPERFICIAIS (Y = 1,05X + 5,27)",null,"T",0]
["23.1.6","C3224","TRANSPORTE LOCAL DE LIGANTES BETUMINOSOS C/DMT SUPERIOR A 15,00 Km (Y = 2,11X)",null,"T",0]
[]
["23.1.7","C3225","TRANSPORTE LOCAL DE MISTURA BETUMINOSA À FRIO (Y = 1,05X + 3,16)",null,"T",0]
["23.1.8","C3226","TRANSPORTE LOCAL DE MISTURA BETUMINOSA À QUENTE (Y = 1,05X + 3,95)",null,"T",0]
["23.2","COMERCIAL",{"$nulls":3},0]
["23.2.1","C3311","TRANSPORTE COMERCIAL EM RODOVIA PAVIMENTADA (Y = 0,49X)",null,"T",0]
["23.2.2","C3310","TRANSPORTE COMERCIAL EM RODOVIA NÃO PAVIMENTADA (Y = 0,61X)",null,"T",0]
["23.3","MATERIAL BETUMINOSO",{"$nulls":3},0]
["23.3.1","I0001","TRANSPORTE COMERCIAL DE MATERIAL BETUMINOSO À FRIO (Y = 0,57X + 55,44)",null,"T",0]
["23.3.2","I0002","TRANSPORTE COMERCIAL DE MATERIAL BETUMINOSO À QUENTE (Y = 0,60X + 61,66)",null,"T",0]
["24","SINALIZAÇÃO DO SISTEMA VIÁRIO",{"$nulls":3},297541.83]
["24.1","SINALIZAÇÃO HORIZONTAL",{"$nulls":3},4867.29]
["24.1.1","C0354","BALIZADOR EM PVC RÍGIDO D=3\" C/ENCHIMENTO DE CONCRETO",null,"UN",211.6]
["24.1.2","C3219","FAIXA.HORIZONTAL/TINTA REFLETIVA/RESINA ACRÍLICA À BASE D'ÁGUA",null,"M2",16.22]
["24.1.3","C3220","FAIXA.HORIZONTAL/TINTA REFLETIVA/RESINA ACRÍLICA",null,"M2",27]
["24.1.4","C3616","SEGREGADOR DE TRÁFEGO TIPO JABOTI: FORNECIMENTO E APLICAÇÃO",null,"UN",141.68]
["24.1.5","C3236","SÍMBOLOS NO PAVIMENTO/RESINA ACRÍLICA",null,"M2",33.88]
["24.1.6","C3237","SÍMBOLOS NO PAVIMENTO/RESINA ACRÍLICA À BASE D'ÁGUA",null,"M2",21.95]
["24.1.7","C3116","SONORIZADOR PRÉ-MOLDADO DE CONCRETO (30MPA) L=9,00M",null,"UN",4192.34]
["24.1.8","C3117","TACHA REFLETIVA MONODIRECIONAL : FORNECIMENTO/APLICAÇÃO",null,"UN",25.29]
["24.1.9","C4527","TACHA REFLETIVA BIDIRECIONAL: FORNECIMENTO/APLICAÇÃO",null,"UN",27.09]
["24.1.10","C3118","TACHÃO REFLETIVO MONODIRECIONAL: FORNECIMENTO/APLICAÇÃO",null,"UN",58.28]
["24.1.11","C4528","TACHÃO REFLETIVO BIDIRECIONAL: FORNECIMENTO/APLICAÇÃO",null,"UN",62.05]
["24.1.12","C3119","TARTARUGAS: FORNECIMENTO/APLICAÇÃO",null,"UN",49.91]
["24.2","SINALIZAÇÃO VERTICAL",{"$nulls":3},44912.92]
["24.2.1","C3158","DEFENSAS METÁLICAS SEMI-MALEÁVEIS SIMPLES",null,"M",535.96]
["24.2.2","C3321","MARCO DE REFERÊNCIA DO SISTEMA RODOVIÁRIO ESTADUAL (S.R.E) EM CONCRETO",null,"UN",101.89]
["24.2.3","C3370","MARCO QUILOMÉTRICO REFLETIVO EM AÇO GALVANIZADO",null,"M2",766.6]
["24.2.4","C3286","MARCO QUILOMÉTRICO REFLETIVO EM AÇO GALVANIZADO C/PELÍCULA ANTI-PICHANTE",null,"M2",860.31]
[]
["24.2.5","C3371","MARCO QUILOMÉTRICO REFLETIVO EM ALUMÍNIO",null,"M2",909.1]
["24.2.6","C3285","MARCO QUILOMÉTRICO REFLETIVO EM ALUMÍNIO C/PELÍCULA ANTI-PICHANTE",null,"M2",1025.93]
["24.2.7","C3372","MARCO QUILOMÉTRICO REFLETIVO EM POLIÉSTER C/ FIBRA DE VIDRO",null,"M2",1336.1]
["24.2.8","C3287","MARCO QUILOMÉTRICO REFLETIVO EM POLIÉSTER C/FIBRA DE VIDRO C/PELÍCULA ANTI-PICHANTE",null,"M2",1383.06]
[]
["24.2.9","C3362","PAINEL REFLETIVO EM AÇO GALVANIZADO",null,"M2",688]
["24.2.10","C3291","PAINEL REFLETIVO EM AÇO GALVANIZADO C/PELÍCULA ANTI-PICHANTE",null,"M2",781.71]
["24.2.11","C3363","PAINEL REFLETIVO EM ALUMÍNIO",null,"M2",830.5]
["24.2.12","C3290","PAINEL REFLETIVO EM ALUMÍNIO C/PELÍCULA ANTI-PICHANTE",null,"M2",947.33]
["24.2.13","C3374","PAINEL REFLETIVO EM POLIÉSTER COM FIBRA DE VIDRO",null,"M2",1259.13]
["24.2.14","C3292","PAINEL REFLETIVO EM POLIÉSTER COM FIBRA DE VIDRO C/PELÍCULA ANTI-PICHANTE",null,"M2",1304.46]
["24.2.15","C3364","PAINEL SEMI-REFLETIVO EM AÇO GALVANIZADO",null,"M2",534.18]
["24.2.16","C3294","PAINEL SEMI-REFLETIVO EM AÇO GALVANIZADO C/PELÍCULA ANTI-PICHANTE",null,"M2",581.27]
["24.2.17","C3365","PAINEL SEMI-REFLETIVO EM ALUMÍNIO",null,"M2",782.43]
["24.2.18","C3293","PAINEL SEMI-REFLETIVO EM ALUMÍNIO C/PELÍCULA ANTI-PICHANTE",null,"M2",833.99]
["24.2.19","C3366","PAINEL SEMI-REFLETIVO EM POLIÉSTER COM FIBRA DE VIDRO",null,"M2",1108.61]
["24.2.20","C3295","PAINEL SEMI-REFLETIVO EM POLIÉSTER COM FIBRA DE VIDRO C/PELÍCULA ANTI-PICHANTE",null,"M2",1155.62]
[]
["24.2.21","C3353","PLACA DE REGULAMENTAÇÃO/ADVERTÊNCIA REFLETIVA EM ACO GALVANIZADO",null,"M2",766.44]
["24.2.22","C3297","PLACA DE REGULAMENTAÇÃO/ADVERTÊNCIA REFLETIVA EM AÇO GALVANIZADO C/PELÍCULA ANTI-PICHANTE",null,"M2",860.15]
[]
["24.2.23","C3354","PLACA DE REGULAMENTAÇÃO/ADVERTÊNCIA REFLETIVA EM ALUMÍNIO",null,"M2",908.94]
["24.2.24","C3296","PLACA DE REGULAMENTAÇÃO/ADVERTÊNCIA REFLETIVA EM ALUMÍNIO C/PELÍCULA ANTI-PICHANTE",null,"M2",1025.77]
[]
["24.2.25","C3355","PLACA DE REGULAMENTAÇÃO/ADVERTÊNCIA REFLETIVA EM POLIÉSTER COM FIBRA DE VIDRO",null,"M2",1335.94]
[]
["24.2.26","C3298","PLACA DE REGULAMENTAÇÃO/ADVERTÊNCIA REFLETIVA EM POLIÉSTER COM FIBRA DE VIDRO C/PELÍCULA ANTI-PICHANTE",null,"M2",1382.9]
[]
["24.2.27","C3367","PLACA DE SINALIZAÇÃO DE OBRA EM AÇO GALVANIZADO",null,"M2",765.17]
["24.2.28","C3299","PLACA DE SINALIZAÇÃO DE OBRA EM AÇO GALVANIZADO C/PELÍCULA ANTI-PICHANTE",null,"M2",858.88]
["24.2.29","C3368","PLACA DE SINALIZAÇÃO DE OBRA REFLETIVA EM ALUMÍNIO",null,"M2",907.67]
["24.2.30","C3300","PLACA DE SINALIZAÇÃO DE OBRA REFLETIVA EM ALUMÍNIO C/PELÍCULA ANTI-PICHANTE",null,"M2",1024.5]
[]
["24.2.31","C3369","PLACA DE SINALIZAÇÃO DE OBRA REFLETIVA EM POLIÉSTER C/ FIBRA DE VIDRO",null,"M2",1334.67]
["24.2.32","C3301","PLACA DE SINALIZAÇÃO DE OBRA REFLETIVA EM POLIÉSTER C/FIBRA DE VIDRO C/PELÍCULA ANTI-PICHANTE",null,"M2",1381.63]
[]
["24.2.33","C4550","PLACA DE SINALIZAÇÃO REFLETIVA COM REAPROVEITAMENTO DE CHAPA DE AÇO",null,"M2",395.26]
["24.2.34","C4551","PLACA DE SINALIZAÇÃO SEMI-REFLETIVA COM REAPROVEITAMENTO DE CHAPA DE AÇO",null,"M2",342.74]
[]
["24.2.35","C3629","PLACA EM CHAPA GALVANIZADA C/ESTRUTURA INTERNA EM METALON PINTADA, IMPRESSÃO EM VINIL 02 FACES, ABRAÇADEIRAS",null,"M2",856.2]
[]
["24.2.36","C3356","PLACA INDICATIVA/EDUCATIVA/SERVIÇOS REFLETIVA EM AÇO GALVANIZADO",null,"M2",874.19]
["24.2.37","C3303","PLACA INDICATIVA/EDUCATIVA/SERVIÇOS REFLETIVA EM AÇO GALVANIZADO C/PELÍCULA ANTI-PICHANTE",null,"M2",967.9]
[]
["24.2.38","C3357","PLACA INDICATIVA/EDUCATIVA/SERVIÇOS REFLETIVA EM ALUMÍNIO",null,"M2",1016.69]
["24.2.39","C3302","PLACA INDICATIVA/EDUCATIVA/SERVIÇOS REFLETIVA EM ALUMÍNIO C/PELÍCULA ANTI-PICHANTE",null,"M2",1133.52]
[]
["24.2.40","C3358","PLACA INDICATIVA/EDUCATIVA/SERVIÇOS REFLETIVA EM POLIÉSTER COM FIBRA DE VIDRO",null,"M2",1443.69]
[]
["24.2.41","C3304","PLACA INDICATIVA/EDUCATIVA/SERVIÇOS REFLETIVA EM POLIÉSTER COM FIBRA DE VIDRO C/PELÍCULA ANTI-PICHANTE",null,"M2",1490.65]
[]
["24.2.42","C3359","PLACA INDICATIVA/EDUCATIVA/SERVIÇOS SEMI-REFLETIVA EM AÇO GALVANIZADO",null,"M2",720.37]
["24.2.43","C3307","PLACA INDICATIVA/EDUCATIVA/SERVIÇOS SEMI-REFLETIVA EM AÇO GALVANIZADO C/PELÍCULA ANTI-PICHANTE",null,"M2",767.46]
[]
["24.2.44","C3360","PLACA INDICATIVA/EDUCATIVA/SERVIÇOS SEMI-REFLETIVA EM ALUMÍNIO",null,"M2",968.62]
["24.2.45","C3306","PLACA INDICATIVA/EDUCATIVA/SERVIÇOS SEMI-REFLETIVA EM ALUMÍNIO C/PELÍCULA ANTI-PICHANTE",null,"M2",1020.18]
[]
["24.2.46","C3361","PLACA INDICATIVA/EDUCATIVA/SERVIÇOS SEMI-REFLETIVA EM POLIÉSTER C/ FIBRA DE VIDRO",null,"M2",1294.8]
[]
["24.2.47","C3305","PLACA INDICATIVA/EDUCATIVA/SERVIÇOS SEMI-REFLETIVA EM POLIÉSTER C/FIBRA DE VIDRO C/PELÍCULA ANTI-PICHANTE",null,"M2",1341.81]
[]
["24.3","PÓRTICOS E SEMI-PÓRTICOS METÁLICOS",{"$nulls":3},247761.62]
["24.3.1","C5002","PÓRTICO METÁLICO C/ VÃO DE 12,50M, VENTO 35M/S ÁREA DE EXPOSIÇÃO ATÉ 18,75M2 (SEM PLACA/PAINEL) - FORNECIMENTO E MONTAGEM",null,"UN",56334.22]
[]
["24.3.2","C5003","PÓRTICO METÁLICO C/ VÃO DE 24,80M, VENTO 35M/S ÁREA DE EXPOSIÇÃO ATÉ 37,20M2 (SEM PLACA/PAINEL) - FORNECIMENTO E MONTAGEM",null,"UN",79019.22]
[]
["24.3.3","C5004","SEMI-PÓRTICO METÁLICO SIMPLES C/ VÃO DE 2,70M, VENTO 35M/S ÁREA DE EXPOSIÇÃO ATÉ 4,05M2 (SEM PLACA/PAINEL) - FORNECIMENTO E MONTAGEM",null,"UN",24485.15]
[]
["24.3.4","C5005","SEMI-PÓRTICO METÁLICO SIMPLES C/ VÃO DE 7,20M, VENTO 35M/S ÁREA DE EXPOSIÇÃO ATÉ 10,65M2 (SEM PLACA/PAINEL) - FORNECIMENTO E MONTAGEM",null,"UN",32698.75]
[]
["24.3.5","C5006","SEMI-PÓRTICO METÁLICO DUPLO C/ VÃO DE 2 X 7,20M, VENTO 35M/S ÁREA DE EXPOSIÇÃO ATÉ 2 X 10,80M2 (SEM PLACA/PAINEL) - FORNECIMENTO E MONTAGEM",null,"UN",55224.28]
[]
["25","URBANIZAÇÃO/PAISAGISMO",{"$nulls":3},212672.73]
["25.1","URBANIZAÇÃO",{"$nulls":3},134763.43]
["25.1.1","C0004","ABRIGO PRÉ-MOLDADO EM CONCRETO (PARADA DE ÔNIBUS)",null,"UN",6589.77]
["25.1.2","C4715","ABRIGO PRÉ-MOLDADO P/ PARADA DE ÔNIBUS, C=4,00M, L=1,50M (5,7 T) S/ TRANSPORTE",null,"UN",11207.76]
[]
["25.1.3","C3641","BALANÇO ANDORINHA C/02 CADEIRAS, CONFECÇÃO EM TUBO VAPOR E PINTURA ESMALTE SINTÉTICO",null,"UN",705.93]
[]
["25.1.4","C0352","BALANÇO ANDORINHA C/03 CADEIRAS, CONFECÇÃO EM TUBO VAPOR E PINTURA ESMALTE SINTÉTICO",null,"UN",913.5]
[]
["25.1.5","C3611","BANCO DE MADEIRA C/ASSENTO FIXADO EM CONCRETO E ENCOSTO FIXADO EM TUBO DE AÇO GALVANIZADO 3\" (MÓDULO DE 2,60m)",null,"UN",1256.37]
[]
["25.1.6","C0360","BANCO DE MADEIRA C/ESTRUTURA DE FERRO - L= 3.00m",null,"UN",1181.52]
["25.1.7","C0361","BANCO EM ALVENARIA, TAMPO EM CONCRETO, C/ENCOSTO H=80cm (PINTADO)",null,"M",202.06]
["25.1.8","C3439","BANCO EM \"U\" S/ ENCOSTO E C/ TIJOLO APARENTE",null,"M",345.69]
["25.1.9","C3440","BANCO EM \"U\" S/ ENCOSTO PADRÃO",null,"M",352.6]
["25.1.10","C0462","BORBOLETA C/ CONTADOR DE ACESSO",null,"UN",2309.77]
["25.1.11","C4712","CARGA/DESCARGA DE ABRIGO PREMOLDADO (PARADA DE ÔNIBUS), INCLUSIVE ASSENTAMENTO",null,"UN",615.04]
[]
["25.1.12","C0926","CARROSSEL DE RODA",null,"UN",1154.79]
["25.1.13","C3642","CARROSSEL ESPECIAL C/ 04 CADEIRAS, CONFECÇÃO EM TUBO VAPOR E PINTURA ESMALTE SINTÉTICO",null,"UN",981.73]
[]
["25.1.14","C3643","CARROSSEL TIPO OLA, CONFECÇÃO EM TUBO VAPOR E PINTURA ESMALTE SINTÉTICO",null,"UN",1240.17]
[]
["25.1.15","C0864","CONJUNTO DE MASTRO P/ TRÊS BANDEIRAS E PEDESTAL",null,"UN",4200.5]
["25.1.16","C0865","CONJUNTO DE TABELAS P/ BASQUETE EM COMPENSADO NAVAL, MODELO OFICIAL, 1,05X1,80M, ESP. 18MM",null,"CJ",3514.08]
[]
["25.1.17","C1349","CONJUNTO PARA FUTSAL COM TRAVES OFICIAIS DE 3,00 X 2,00 M EM TUBO DE ACO GALVANIZADO 3\" COM REQUADRO EM TUBO DE 1\", PINTURA EM PRIMER COM TINTA ESMALTE SINTETICO E REDES",null,"CJ",4452.67]
[]
["25.1.18","C0925","CORRIMÃO EM TUBO GALVANIZADO DE 2\" (FORNECIMENTO E MONTAGEM)",null,"M",143.74]
["25.1.19","C2995","ESCADA HORIZONTAL E VERTICAL, CONFECÇÃO  EM TUBO VAPOR E PINTURA ESMALTE SINTÉTICO",null,"UN",705.93]
[]
["25.1.20","C2997","ESCORREGADOR GRANDE, CONFECÇÃO EM TUBO VAPOR E PINTURA ESMALTE SINTÉTICO",null,"UN",978.9]
[]
["25.1.21","C3645","ESCORREGADOR PEQUENO, CONFECÇÃO EM TUBO VAPOR E PINTURA ESMALTE SINTÉTICO",null,"UN",816.44]
[]
["25.1.22","C1347","CONJUNTO PARA BASQUETE COM TABELAS EM COMPENSADO NAVAL, MODELO OFICIAL, 1,05X1,80M, ESP. 18MM, COMPLETO, INCLUSIVE ESTRUTURA EM TUBOS DE AÇO GALVANIZADO DE 4\" E DE 1\", ACABAMENTO EM MASSA PLÁSTICA, PRIMER E TINTA ESMALTE SINTÉTICO, COM REFORÇO TIPO MÃO FRANCESA, AVANÇO LIVRE DE 2,30M\n",null,"CJ",5137.47]
[]
["25.1.23","C1348","ESTRUTURA METÁLICA DE TRAVES DE FUTEBOL DE CAMPO OFICIAL, EM TUBOS DE AÇO GALVANIZADO, DIMENSÕES 7,32 X 2,44 X 1,50, COM ACABAMENTO E PINTURA, INCLUSIVE REDE EM FIO 100% NYLON COM PROTEÇÃO UV",null,"CJ",4101.25]
[]
["25.1.24","C1350","ESTRUTURA METÁLICA EM RODÍZIOS, COM TABELAS DE BASQUETE EM COMPENSADO NAVAL, MODELO OFICIAL, 1,05X1,80M, ESP. 18MM",null,"CJ",13503.87]
[]
["25.1.25","C1351","CONJUNTO PARA QUADRA DE VOLEI OFICIAL COM POSTES EM TUBO DE ACO GALVANIZADO 3\", H = *255* CM, PINTURA EM TINTA ESMALTE SINTETICO, REDE DE NYLON COM 2 MM, MALHA 10 X 10 CM E ANTENAS OFICIAIS",null,"CJ",2703.16]
[]
["25.1.26","C3646","GAIOLA LABIRINTO, CONFECÇÃO EM TUBO VAPOR E PINTURA ESMALTE SINTÉTICO",null,"UN",998.14]
["25.1.27","C3647","GANGORRA C/ 02 PRANCHAS, CONFECÇÃO EM TUBO VAPOR E PINTURA ESMALTE SINTÉTICO",null,"UN",1112.18]
[]
["25.1.28","C3000","GANGORRA C/ 03 PRANCHAS, CONFECÇÃO EM TUBO VAPOR E PINTURA ESMALTE SINTÉTICO",null,"UN",1222.59]
[]
["25.1.29","C3526","LIMPEZA MANUAL DE AGUAPÉS EM LAGOAS",null,"M2",4.05]
["25.1.30","C3527","LIMPEZA MECANIZADA DE AGUAPÉS EM LAGOAS",null,"M2",3.47]
["25.1.31","C3451","LIXEIRA EM FIBRA DE VIDRO CAP.=40L e DIAM.=35cm",null,"UN",372.9]
["25.1.32","C4570","TOTEM RODOVIÁRIO - PADRÃO DER",null,"UN",61510.99]
["25.1.33","C3060","TRAVE DE MADEIRA (3X2)m  P/FUTEBOL DE CAMPO",null,"UN",224.4]
["25.2","PAISAGISMO",{"$nulls":3},77854.19]
["25.2.1","C0112","ARBUSTOS ORNAMENTAIS EM GERAL. C/ ALTURA MÍNIMA DE 50CM",null,"UN",48.47]
["25.2.2","C0113","ARBUSTOS ORNAMENTAIS EM GERAL INCLUSIVE CONSERVAÇÃO P/ 60 DIAS",null,"M2",78.85]
["25.2.3","C3061","ÁRVORE C/ TUTOR E ADUBO",null,"UN",103.57]
["25.2.4","C3062","ÁRVORE C/ TUTOR, GRADE, ADUBO E CAVA",null,"UN",151.28]
["25.2.5","C0229","ÁRVORES ORNAMENTAIS EM GERAL. C/ ALTURA  MÉDIA DE 2.50M.EXCETO PALMÁCEAS",null,"UN",61.49]
[]
["25.2.6","C0230","ÁRVORES ORNAMENTAIS EM GERAL.INCLUSIVE CONSERVAÇÃO",null,"M2",186.51]
["25.2.7","C1080","DESPRAGUEJAMENTO DE ÁREAS GRAMADAS",null,"M2",0.1]
["25.2.8","C1253","ESCAVAÇÃO, CARGA E TRANSPORTE DE TERRA RETIRADA DE CAVA ABERTA P/ PLANTIO .ATÉ 5KM",null,"M3",150.73]
[]
["25.2.9","C3443","GRAMA CAPIM DE BURRO / PAPUAN",null,"M2",13.85]
["25.2.10","C1429","GRAMA EM ÁREAS EXTERNAS, INCLUSIVE MATERIAL",null,"M2",15.61]
["25.2.11","C1430","GRAMA EM PLACAS E=6 CM FORNECIMENTO E PLANTIO",null,"M2",22.01]
["25.2.12","C1431","GRAMA EM PLACAS.INCLUSIVE CONSERVAÇÃO",null,"M2",24.75]
["25.2.13","C3426","GRAMA PARA TALUDE DE LAGOA, CONSERVAÇÃO ATÉ 45 DIAS",null,"M2",7.13]
["25.2.14","C4849","GRAMA SINTÉTICA ESPORTIVA PARA FUTEBOL EM POLIETILENO, COM ALTURA MINIMA DE 50MM (FORNECIMENTO E COLOCAÇÃO)",null,"M2",169.73]
[]
["25.2.15","C1452","HERBÁCEAS ORNAMENTAIS EM GERAL",null,"M2",239.22]
["25.2.16","C1453","HERBÁCEAS ORNAMENTAIS EM GERAL.INCLUSIVE CONSERVAÇÃO P/ 60 DIAS",null,"M2",313.89]
["25.2.17","C1454","HERBICIDA ESTERILIZANTE DE SOLO",null,"M2",3.52]
["25.2.18","C1455","HERBICIDA ESTERILIZANTE DE SOLO",null,"HA",1650.79]
["25.2.19","C1457","HIDROSSEMEADURA DE TERRENOS",null,"HA",21405.91]
["25.2.20","C1499","IRRIGAÇÃO DIÁRIA DE ÁREA PLANTADA",null,"M2",0.34]
["25.2.21","C1612","LASTRO URBANIZADO C/ SEIXO ROLADO",null,"M2",81.52]
["25.2.22","C1788","MANUTENÇÃO C/ COBERTURA DE TERRA VEGETAL P/ ÁREAS GRAMADAS",null,"HA",30323.11]
["25.2.23","C1789","MANUTENÇÃO C/ CORTE E REFILAMENTO DE ÁREAS GRAMADAS C/MICROTRATOR",null,"HA",2873.3]
["25.2.24","C1781","MANUTENÇÃO, CORTE E REFILAMENTO DE ÁREAS GRAMADAS C/ 25% DE OBSTÁCULOS",null,"HA",2467.24]
[]
["25.2.25","C1782","MANUTENÇÃO, CORTE E REFILAMENTO DE ÁREAS GRAMADAS C/ROÇADEIRA TRACIONADA",null,"HA",2576.3]
[]
["25.2.26","C1783","MANUTENÇÃO MENSAL DE ÁREA PLANTADA C/ LIMPEZA DIÁRIA",null,"M2",0.21]
["25.2.27","C1787","MANUTENÇÃO MENSAL DE ÁREAS VERDES - IRRIGAÇÃO",null,"HA",12581.92]
["25.2.28","C1786","MANUTENÇÃO MENSAL DE ÁREAS VERDES - LIMPEZA GERAL E DIÁRIA",null,"HA",2113]
["25.2.29","C1784","MANUTENÇÃO MENSAL DE CANTEIROS C/ ATÉ 7.000 M2",null,"M2",1.97]
["25.2.30","C1785","MANUTENÇÃO MENSAL P/PODA E LIMPEZA DE ARBUSTOS",null,"M2",0.09]
["25.2.31","C2035","PREPARO E SUBSTITUIÇÃO DE TERRA P/PLANTAÇÃO",null,"M3",179.02]
["25.2.32","C2235","REVOLVIMENTO MECÂNICO DE TERRA PROFUNDIDADE 20-30cm",null,"M2",0.56]
["25.2.33","C2238","ROÇADO MANUAL INCLUSIVE RASTELAMENTO P/ HERBÁCEAS",null,"M2",1.66]
["25.2.34","C2534","TRANSPORTE DE TERRA FÉRTIL.P/PLANTIO DE HERBÁCEAS/ÁRVORES ORNAMENTAIS",null,"M3",6.54]
["25.3","PROTEÇÃO AMBIENTAL",{"$nulls":3},55.11]
["25.3.1","C3259","CARGA E TRANSPORTE ATÉ 5KM DE REVESTIMENTO BETUMINOSO DEMOLIDO",null,"M3",39.05]
["25.3.2","C3277","ESCARIFICAÇÃO DE JAZIDAS/EMPRÉSTIMOS/CAMINHOS DE SERVIÇOS",null,"M3",2.25]
["25.3.3","C3279","ESCAVAÇÃO COM ESTOCAGEM DE MATERIAL EXPURGADO (TERRA VEGETAL)",null,"M3",5.9]
["25.3.4","C3283","ESPALHAMENTO DO MATERIAL EXPURGADO (TERRA VEGETAL)",null,"M3",4.44]
["25.3.5","C3308","RECONFORMAÇÃO DA FAIXA DE DOMÍNIO, EMPRÉSTIMOS, JAZIDAS E TALUDES",null,"M2",0.23]
["25.3.6","C3108","REVESTIMENTO VEGETAL DE TALUDES (VEGETAÇÃO NÃO INCLUÍDA)",null,"M2",3.24]
["26","MUROS E FECHAMENTOS",{"$nulls":3},45065.45]
["26.1","MUROS",{"$nulls":3},3600.26]
["26.1.1","C1803","MURETA C/TIJOLO MACIÇO, REBOCADA, INCL. FUNDAÇÕES",null,"M2",382.87]
["26.1.2","C1804","MURO DIVISÓRIO C/BLOCOS DE CONCRETO 14x19x39 CM, H=1.80M, SOBRE SAPATA CORRIDA DE CONCRETO FCK = 13,5 MPa E PILARES DE CONCRETO",null,"M",286.83]
[]
["26.1.3","C1805","MURO DIVISÓRIO C/ BLOCOS DE CONCRETO 14x19x39 CM, H=1,80 M, SOBRE SAPATA CORRIDA, C/ PILARETES E CINTA DE AMARRAÇÃO DE CONCRETO C/ PINGADEIRAS",null,"M",408.9]
[]
["26.1.4","C2887","MURO EM ALVENARIA C/FUNDAÇÃO, REBOCO 2 FACES, ALTURA ÚTIL 1.80M",null,"M",461.12]
["26.1.5","C1806","MURO C/MOURÕES E PLACAS PRÉ-FABRICADAS DE CONCRETO H=2.00M",null,"M",300]
["26.1.6","C1807","MURO CONTORNO DE ALVENARIA E CONCRETO (PILAR+CINTA) REBOCADO, COM PINTURA",null,"M2",337.23]
[]
["26.1.7","C4912","MURO CONTORNO DE ALVENARIA E CONCRETO (PILAR+CINTA), REBOCADO, SEM PINTURA",null,"M2",310.11]
[]
["26.1.8","C4600","MURO DE ALVENARIA COM FUNDAÇÃO, REBOCO 2 FACES, ALT. ÚTIL 1,80m COM CERCA DE PROTEÇÃO EM \"V\" COM ARAME FARPADO",null,"M",471.64]
[]
["26.1.9","C4859","MURO DE ALVENARIA COM FUNDAÇÃO, REBOCO 2 FACES, ALT. ÚTIL 2,50 m COM CERCA DE PROTEÇÃO TIPO CONCERTINA",null,"M",641.56]
[]
["26.2","ALAMBRADOS",{"$nulls":3},2738.63]
["26.2.1","C3736","ALAMBRADO C/ TELA DE ALUMÍNIO FIO ESP.=1.5 MM E MALHA DE (4X4)MM",null,"M2",140.16]
["26.2.2","C0036","ALAMBRADO C/TELA DE ARAME GALVANIZADO.. ALTURA 2M",null,"M",178.88]
["26.2.3","C3436","ALAMBRADO C/TELA DE NYLON FIO ESP.=3MM E MALHA DE (5 X 5)CM",null,"M2",82.66]
["26.2.4","C3680","ALAMBRADO C/ TELA DE PVC FIO 10 MALHA DE 2\"X2\"",null,"M2",111.6]
["26.2.5","C0037","ALAMBRADO C/TELA GALVANIZADA SOLDADA ALTURA 2M",null,"M",111.33]
["26.2.6","C0035","ALAMBRADO C/ TUBO DE AÇO GALVANIZADO 2\", INCLUSIVE PINTURA",null,"M2",329.76]
["26.2.7","C5193","ALAMBRADO C/ TUBO DE AÇO GALVANIZADO 2 1/2\", INCLUSIVE PINTURA",null,"M2",402.9]
["26.2.8","C0038","ALAMBRADO C/TUBO DE AÇO GALVANIZADO 4\", INCLUSIVE PINTURA",null,"M2",603.01]
["26.2.9","C0039","ALAMBRADO P/QUADRA ESPORTIVA ALTURA 1M",null,"M",265.68]
["26.2.10","C0040","ALAMBRADO P/QUADRA ESPORTIVA ALTURA 4M",null,"M",512.65]
["26.3","CERCAS",{"$nulls":3},3668.24]
["26.3.1","C0733","CERCA DE ARAME FARPADO 7 FIOS,MURETA C/ ALTURA DE 0,70M - FUNDAÇÃO E REBOCO NAS 2 FACES",null,"M",326.05]
[]
["26.3.2","C0742","CERCA DE ARAME FARPADO -  ESTACA PONTA VIRADA, C/11 FIOS",null,"M",111.13]
["26.3.3","C0735","CERCA C/ ESTACAS DE CONCRETO ARMADO (2,20 X 0,10 X 0,10M)E MOURÃO DE CONCRETO ARMADO (2,20 X 0,15 X 0,15M) - 4 FIOS DE ARAME FARPADO",null,"M",44.63]
[]
["26.3.4","C0743","CERCA C/ ESTACAS DE CONCRETO ARMADO (2,20 X 0,10 X 0,10M) E MOURÃO DE CONCRETO ARMADO (2,20 X 0,15 X 0,15M) - 6 FIOS DE ARAME FARPADO",null,"M",56.82]
[]
["26.3.5","C0736","CERCA C/ ESTACAS DE CONCRETO ARMADO (2,20 X 0,10 X 0,10M) E MOURÃO DE CONCRETO ARMADO (2,20 X 0,15 X 0,15M) - 8 FIOS DE ARAME FARPADO",null,"M",69]
[]
["26.3.6","C0740","CERCA DE MADEIRA C/ ARAME GALVANIZADO",null,"M2",123.78]
["26.3.7","C0741","CERCA DE MADEIRA C/ TRAVESSAS DE MADEIRA",null,"M2",223.3]
["26.3.8","C4858","CERCA DE PROTEÇÃO EM \"V\" COM ARAME FARPADO",null,"M",31.49]
["26.3.9","C4731","CERCA COM ESTACAS DE MADEIRA ROLIÇA, D=10CM (DE 7 ATÉ 11CM), DISTANTES A 1,50M E MOURÕES ROLIÇOS, D=12CM (DE 10 ATÉ 15CM), DISTANTES A 50,00M - 4 FIOS DE ARAME FARPADO",null,"M",22.87]
[]
["26.3.10","C4732","CERCA COM ESTACAS DE MADEIRA ROLIÇA, D=10CM (DE 7 ATÉ 11CM), DISTANTES A 1,50M E MOURÕES ROLIÇOS, D=12CM (DE 10 ATÉ 15CM), DISTANTES A 50,00M - 6 FIOS DE ARAME FARPADO",null,"M",26.86]
[]
["26.3.11","C4733","CERCA COM ESTACAS DE MADEIRA ROLIÇA, D=10CM (DE 7 ATÉ 11CM), DISTANTES A 1,50M E MOURÕES ROLIÇOS, D=12CM (DE 10 ATÉ 15CM), DISTANTES A 50,00M - 8 FIOS DE ARAME FARPADO",null,"M",32.88]
[]
["26.3.12","C4725","CERCA/GRADIL NYLOFOR H=2,43M, MALHA 5 X 20CM - FIO 5,00MM, COM FIXADORES DE POLIAMIDA EM POSTE 40 x 60 MM CHUMBADOS EM BASE DE CONCRETO (EXCLUSIVE ESTA), REVESTIDOS EM POLIESTER POR PROCESSO DE PINTURA ELETROSTÁTICA (GRADIL E POSTE), NAS CORES VERDE OU BRANCA - FORNECIMENTO E INSTALAÇÃO",null,"M",455.23]
[]
["26.3.13","C4726","CERCA/GRADIL NYLOFOR H=2,03M, MALHA 5 X 20CM - FIO 5,00MM, COM FIXADORES DE POLIAMIDA EM POSTE 40 x 60 MM CHUMBADOS EM BASE DE CONCRETO (EXCLUSIVE ESTA) , REVESTIDOS EM POLIESTER POR PROCESSO DE PINTURA ELETROSTÁTICA (GRADIL E POSTE), NAS CORES VERDE OU BRANCA - FORNECIMENTO E INSTALAÇÃO",null,"M",377.59]
[]
["26.3.14","C4727","CERCA/GRADIL NYLOFOR H=1,53M, MALHA 5 X 20CM - FIO 5,00MM, COM FIXADORES DE POLIAMIDA EM POSTE 40 x 60 MM CHUMBADOS EM BASE DE CONCRETO (EXCLUSIVE ESTA) , REVESTIDOS EM POLIESTER POR PROCESSO DE PINTURA ELETROSTÁTICA (GRADIL E POSTE), NAS CORES VERDE OU BRANCA - FORNECIMENTO E INSTALAÇÃO",null,"M",301.78]
[]
["26.3.15","C4852","CERCA/GRADIL NYLOFOR H=1,03M, MALHA 5 X 20CM - FIO 5,00MM, COM FIXADORES DE POLIAMIDA EM POSTE 40 x 60 MM CHUMBADOS EM BASE DE CONCRETO (EXCLUSIVE ESTA) , REVESTIDOS EM POLIESTER POR PROCESSO DE PINTURA ELETROSTÁTICA (GRADIL E POSTE), NAS CORES VERDE OU BRANCA - FORNECIMENTO E INSTALAÇÃO",null,"M",216.43]
[]
["26.3.16","C4728","CERCA/GRADIL NYLOFOR H=2,43M, MALHA 5 X 20CM - FIO 4,30MM, COM FIXADORES DE POLIAMIDA EM POSTE 40 x 60 MM CHUMBADOS EM BASE DE CONCRETO (EXCLUSIVE ESTA) , REVESTIDOS EM POLIESTER POR PROCESSO DE PINTURA ELETROSTÁTICA (GRADIL E POSTE), NAS CORES VERDE OU BRANCA - FORNECIMENTO E INSTALAÇÃO",null,"M",402.91]
[]
["26.3.17","C4729","CERCA/GRADIL NYLOFOR H=2,03M, MALHA 5 X 20CM - FIO 4,30MM, COM FIXADORES DE POLIAMIDA EM POSTE 40 x 60 MM CHUMBADOS EM BASE DE CONCRETO (EXCLUSIVE ESTA) , REVESTIDOS EM POLIESTER POR PROCESSO DE PINTURA ELETROSTÁTICA (GRADIL E POSTE), NAS CORES VERDE OU BRANCA - FORNECIMENTO E INSTALAÇÃO",null,"M",324.14]
[]
["26.3.18","C4730","CERCA/GRADIL NYLOFOR H=1,53M, MALHA 5 X 20CM - FIO 4,30MM, COM FIXADORES DE POLIAMIDA EM POSTE 40 x 60 MM CHUMBADOS EM BASE DE CONCRETO (EXCLUSIVE ESTA) , REVESTIDOS EM POLIESTER POR PROCESSO DE PINTURA ELETROSTÁTICA (GRADIL E POSTE), NAS CORES VERDE OU BRANCA - FORNECIMENTO E INSTALAÇÃO",null,"M",267.46]
[]
["26.3.19","C4851","CERCA/GRADIL NYLOFOR H=1,03M, MALHA 5 X 20CM - FIO 4,30MM, COM FIXADORES DE POLIAMIDA EM POSTE 40 x 60 MM CHUMBADOS EM BASE DE CONCRETO (EXCLUSIVE ESTA) , REVESTIDOS EM POLIESTER POR PROCESSO DE PINTURA ELETROSTÁTICA (GRADIL E POSTE), NAS CORES VERDE OU BRANCA - FORNECIMENTO E INSTALAÇÃO",null,"M",192.3]
[]
["26.3.20","C4734","RECOMPOSIÇÃO PARCIAL DE CERCA - SUBSTITUIÇÃO ESTACA DE MADEIRA ROLIÇA D=10CM (DE 7 ATÉ 11CM)",null,"UN",20.6]
[]
["26.3.21","C4735","RECOMPOSIÇÃO PARCIAL DE CERCA - SUBSTITUIÇÃO MOURÃO DE MADEIRA ROLIÇA D=12CM (DE 10 ATÉ 15CM)",null,"UN",21.24]
[]
["26.3.22","C4736","REMOÇÃO E RECOLOCAÇÃO DE CERCA DE MADEIRA - ESTACA D=10CM ( DE 7 ATÉ 11CM), E MOURÃO D=12CM(DE 10 ATÉ 15CM) - 4 FIOS DE ARAME",null,"M",19.75]
[]
["26.4","DISPOSITIVOS DE PROTEÇÃO E ACESSO",{"$nulls":3},34654.34]
["26.4.1","C1251","ESCADA DE MARINHEIRO,C/TUBO GALVANIZADO 3/4\",H=VAR",null,"M",374.86]
["26.4.2","C2775","ESCADA DE MARINHEIRO, DEGRAUS FERRO REDONDO 3/4\"",null,"M",166.95]
["26.4.3","C2774","ESCADA DE MARINHEIRO, DEGRAUS FERRO REDONDO 1/2\"",null,"M",95.24]
["26.4.4","C2773","ESCADA DE MARINHEIRO, DEGRAUS FERRO REDONDO 1\"",null,"M",209.48]
["26.4.5","C5206","ESCADA DE MARINHEIRO EM AÇO INOX 304 COM PROTEÇÃO",null,"M",2360.92]
["26.4.6","C5205","ESCADA DE MARINHEIRO EM AÇO INOX 304 SEM PROTEÇÃO",null,"M",1858.37]
["26.4.7","C5204","ESCADA DE MARINHEIRO EM AÇO INOX 316L COM PROTEÇÃO",null,"M",2988.3]
["26.4.8","C5203","ESCADA DE MARINHEIRO EM AÇO INOX 316L SEM PROTEÇÃO",null,"M",5270.87]
["26.4.9","C2768","ESCADA DE MARINHEIRO EM FERRO CHATO C/PROTEÇÃO",null,"M",868.75]
["26.4.10","C2769","ESCADA DE MARINHEIRO EM FERRO CHATO S/PROTEÇÃO",null,"M",381.29]
["26.4.11","C2776","ESCADA DE MARINHEIRO EM FERRO REDONDO 1\"",null,"M",214.73]
["26.4.12","C4748","ESCADA DE MARINHEIRO EM FIBRA DE VIDRO PULTRUDADA, PERFIL QUADRADO, PINTURA PROTETORA CONTRA RAIOS UV, COM GUARDA CORPO",null,"M",2182.55]
[]
["26.4.13","C4749","ESCADA DE MARINHEIRO EM FIBRA DE VIDRO PULTRUDADA, PERFIL QUADRADO, PINTURA PROTETORA CONTRA RAIOS UV, SEM GUARDA CORPO",null,"M",1679.98]
[]
["26.4.14","C2770","ESCADA DE MARINHEIRO TIPO PISCINA EM FERRO CHATO",null,"M",460.8]
["26.4.15","C2772","ESCADA DE MARINHEIRO TIPO PISCINA, FERRO REDONDO 1\"",null,"M",219.43]
["26.4.16","C2771","ESCADA DE MARINHEIRO TIPO PISCINA, TUBO GALVANIZADO 1\" ",null,"M",268.49]
["26.4.17","C1252","ESCADA HELICOIDAL,PRÉ-MOLDADA CONCRETO,D=1,0M",null,"M",783.72]
["26.4.18","C4383","ESCADA PRÉ-MOLDADA EM CONCRETO Ø = 1,80m - h = 3,50m - FORNECIMENTO / MONTAGEM",null,"UN",4027.6]
[]
["26.4.19","C2814","ESTRADO DE MADEIRA COM BARROTE 3x3\"",null,"M2",104.36]
["26.4.20","C4386","ESTRUTURA PRÉ-FABRICADA EM AÇO GALVANIZADO PARA ESCADA - FORNECIMENTO E MONTAGEM",null,"KG",39.98]
[]
["26.4.21","C3505","GUARDA CORPO C/ CORRIMÃO EM TUBO DE AÇO GALVANIZADO 3/4\"",null,"M",140.96]
["26.4.22","C3506","GUARDA CORPO C/ CORRIMÃO EM TUBO DE AÇO GALVANIZADO 2\"",null,"M",369.43]
["26.4.23","C4755","GUARDA CORPO C/ CORRIMÃO EM TUBO SUPERIOR DE AÇO GALVANIZADO 3\" 80MM                                 \n",null,"M",625.53]
[]
["26.4.24","C4747","GUARDA CORPO EM FIBRA DE VIDRO C/ PERFIS PULTRUDADOS PINTADOS EM ESMALTE PU ACRÍLICO E SISTEMA DE ANCORAGEM EM AÇO INOXIDÁVEL AISI304 - H=1,10M",null,"M",647.42]
[]
["26.4.25","C4829","GUARDA CORPO TIPO GRADIL EM TUBO DE AÇO GALVANIZADO, H = 1,10m, COM BARRAS VERTICAIS A CADA 0,11m DE 1\" (25,4mm) E BARRA VERTICAL A CADA M DE 11/2\" (38mm), UM TUBO HORIZONTAL SUPERIOR DE 3\" (80mm) E UM TUBO HORIZONTAL INFERIOR DE 11/2\" (38mm)",null,"M",737.11]
[]
["26.4.26","C2972","TAMPA CHAPA 1/4\" ANTI-DERRAPANTE 50x70cm,C/ CANTONEIRA ARTICULADA",null,"UN",448.43]
["26.4.27","C2970","TAMPA CHAPA 1/4\" ANTI-DERRAPANTE 70x70CM,C/ CANTONEIRA ARTICULADA",null,"UN",539.79]
["26.4.28","C2969","TAMPA CHAPA 1/4\" ANTI-DERRAPANTE 70x130CM, C/CANTONEIRA ARTICULADA",null,"UN",843.49]
["26.4.29","C2971","TAMPA CHAPA 1/4\"ANTI DERRAPANTE 80x150CM,C/ CANTONEIRA ARTICULADA",null,"UN",1016.1]
["26.4.30","C2974","TAMPA DE INSPEÇÃO CORREDIÇA EM CHAPA DE AÇO  GALVANIZADA E=1/16\", 125 X 70CM -  PADRÃO CAGECE",null,"UN",496.45]
[]
["26.4.31","C2973","TAMPA DE INSPEÇÃO EM CHAPA DE AÇO GALVANIZADO E=3/16\" P/ RESERVATÓRIO, PADRÃO CAGECE",null,"UN",742.43]
[]
["26.4.32","C2975","TAMPA DE INSPEÇÃO REMOVÍVEL EM CHAPA DE AÇO GALVANIZADO E=1/16\", 70 X 70CM - PADRÃO  CAGECE",null,"UN",189.99]
[]
["26.4.33","C2976","TAMPA DE INSPEÇÃO REMOVÍVEL EM CHAPA DE AÇO GALVANIZADO E=1/16\", 90 X 70CM PADRÃO CAGECE",null,"UN",253.42]
[]
["26.4.34","C4751","TAMPA EM FIBRA DE VIDRO, PERFIS PULTRUDADOS (\"I\" DE 18MM X 25MM) E COBERTURA SUPERFICIAL DE CHAPA PLANA ESP. 3MM, C/ ANTI-DERRAPANTE",null,"M2",1823.56]
[]
["26.4.35","C4750","TAMPA EM FIBRA DE VIDRO, PERFIS PULTRUDADOS (\"I\" DE 18MM X 25MM) E COBERTURA SUPERFICIAL DE CHAPA PLANA ESP. 4MM, C/ ANTI-DERRAPANTE",null,"M2",1223.56]
[]
["26.5","OUTROS ELEMENTOS",{"$nulls":3},403.98]
["26.5.1","C1275","ESFERA PRÉ-MOLDADA DE CONCRETO, DIAMETRO 25 CM",null,"UN",45.74]
["26.5.2","C1276","ESFERA PRÉ-MOLDADA DE CONCRETO, DIAMETRO 40 CM",null,"UN",66.04]
["26.5.3","C4860","FORNECIMENTO E COLOCAÇÃO DE CONCERTINAS EM ESPIRAL D=450mm",null,"M",30.06]
["26.5.4","C1423","GARRA METÁLICA (PEGA LADRÃO) P/ MUROS",null,"M",41.37]
["26.5.5","C1830","OURIÇO P/ ALAMBRADO DE PRESÍDIO",null,"M",120.64]
["26.5.6","C1829","OURIÇO P/ MURALHA DE PRESÍDIO",null,"M",100.13]
["27","SISTEMA DE AR CONDICIONADO",{"$nulls":3},58596.55]
["27.1","EM EDIFICAÇÕES",{"$nulls":3},57048.55]
["27.1.1","C3866","APARELHO DE JANELA CAP. 7.500 BTU (FORNECIMENTO E MONTAGEM)",null,"UN",1368.9]
["27.1.2","C3867","APARELHO DE JANELA CAP. 10.000 BTU (FORNECIMENTO E MONTAGEM)",null,"UN",1738.99]
["27.1.3","C3868","APARELHO DE JANELA CAP. 12.000 BTU (FORNECIMENTO E MONTAGEM)",null,"UN",2040]
["27.1.4","C3870","APARELHO DE JANELA CAP. 18.000 BTU (FORNECIMENTO E MONTAGEM)",null,"UN",3161.57]
["27.1.5","C3871","APARELHO DE JANELA CAP. 21.000 BTU (FORNECIMENTO E MONTAGEM)",null,"UN",3643.29]
["27.1.6","C3872","APARELHO DE JANELA CAP. 30.000 BTU (FORNECIMENTO E MONTAGEM)",null,"UN",4639.77]
["27.1.7","C4121","DIFUSOR LINEAR DE INSUFLAMENTO, EM ALUMÍNIO, COM REGISTROS ETC.",null,"M",281.61]
["27.1.8","C3873","GRELHA DE INSUFLAMENTO/RETORNO, EM ALUMÍNIO ATÉ 0,25 M2 (FORNECIMENTO E MONTAGEM)",null,"UN",175.36]
[]
["27.1.9","C3874","GRELHA DE INSUFLAMENTO/RETORNO, EM ALUMÍNIO DE 0,26 M2 À 0,49 M2 (FORNECIMENTO E MONTAGEM)",null,"UN",260.45]
[]
["27.1.10","C3875","GRELHA DE INSUFLAMENTO/RETORNO, EM ALUMÍNIO DE 0,50 M2 À 0,64 M2 (FORNECIMENTO E MONTAGEM)",null,"UN",309.45]
[]
["27.1.11","C3876","GRELHA DE INSUFLAMENTO/RETORNO, EM ALUMÍNIO DE 0,65 M2 À 0,81M2 (FORNECIMENTO E MONTAGEM)",null,"UN",386.01]
[]
["27.1.12","C3877","GRELHA DE INSUFLAMENTO/RETORNO, EM ALUMÍNIO DE 0,82 M2 À 1,00 M2 (FORNECIMENTO E MONTAGEM)",null,"UN",468.07]
[]
["27.1.13","C4123","REDE DE INSUFLAMENTO/RETORNO C/ DUTOS EM CHAPA GALVANIZADA, DEFLETORES, CHAVEAMENTOS, FIXAÇÕES, ISOLAMENTO TÉRMICO EM CHAPAS DE ISOPOR AUTO-EXTINGUÍVEL, DUTOS FLEXÍVEIS DE LIGAÇÃO ETC.",null,"KG",15.35]
[]
["27.1.14","C4119","REDE DE INSUFLAMENTO/RETORNO, C/ DUTOS EM CHAPA GALVANIZADA, DEFLETORES, CHAVEAMENTOS, FIXAÇÕES, ISOLAMENTO TÉRMICO EM MANTAS DE LÃ DE ROCHA OU VIDRO, DUTOS FLEXÍVEIS DE LIGAÇÃO ETC.",null,"KG",19.81]
[]
["27.1.15","C3734","REMANEJAMENTO DE CONDENSADORES DE MINICENTRAIS DE AR CONDICIONADO, INCLUSIVE PONTO DE FORÇA E RECARGA DE GAS",null,"UN",1379.8]
[]
["27.1.16","C3878","REMANEJAMENTO DE GRELHA DE INSUFLAMENTO/RETORNO, ATÉ 0,25 M2",null,"UN",35.99]
["27.1.17","C3879","REMANEJAMENTO DE GRELHA DE INSUFLAMENTO/RETORNO, DE 0,26 M2 À 0,49 M2",null,"UN",73.03]
["27.1.18","C3880","REMANEJAMENTO DE GRELHA DE INSUFLAMENTO/RETORNO, DE 0,50 M2 À 0,64 M2",null,"UN",90.01]
["27.1.19","C3881","REMANEJAMENTO DE GRELHA DE INSUFLAMENTO/RETORNO, DE 0,65 M2 À 0,81 M2",null,"UN",113.97]
["27.1.20","C3882","REMANEJAMENTO DE GRELHA DE INSUFLAMENTO/RETORNO, DE 0,82 M2 À 1,00 M2",null,"UN",139.98]
["27.1.21","C2269","SERVIÇO DE HIGIENIZAÇÃO E TRATAMENTO DE SISTEMA DE AR-CONDICIONADO",null,"M",77.28]
["27.1.22","C3860","SPLIT SYSTEM COMPLETO C/ CONTROLE REMOTO - CAP. 1,00 TR (FORNECIMENTO E MONTAGEM)",null,"UN",2735.44]
[]
["27.1.23","C3861","SPLIT SYSTEM COMPLETO C/ CONTROLE REMOTO - CAP. 1,50 TR (FORNECIMENTO E MONTAGEM)",null,"UN",4135.99]
[]
["27.1.24","C3862","SPLIT SYSTEM COMPLETO C/ CONTROLE REMOTO - CAP. 2,00 TR (FORNECIMENTO E MONTAGEM)",null,"UN",5116.67]
[]
["27.1.25","C3863","SPLIT SYSTEM COMPLETO C/ CONTROLE REMOTO - CAP. 2,50 TR (FORNECIMENTO E MONTAGEM)",null,"UN",7481.6]
[]
["27.1.26","C3864","SPLIT SYSTEM COMPLETO C/ CONTROLE REMOTO - CAP. 3,00 TR (FORNECIMENTO E MONTAGEM)",null,"UN",7806.47]
[]
["27.1.27","C3865","SPLIT SYSTEM COMPLETO C/ CONTROLE REMOTO - CAP. 4,00 TR (FORNECIMENTO E MONTAGEM)",null,"UN",9353.69]
[]
["27.2","REDE FRIGORÍGENA",{"$nulls":3},1548]
["27.2.1","C4776","REDE FRIGORÍGENA C/ TUBO DE COBRE 1/4\" FLEXÍVEL, ISOLADO COM BORRACHA ELASTOMÉRICA, SUSTENTAÇÃO, SOLDA E LIMPEZA",null,"M",51.64]
[]
["27.2.2","C4777","REDE FRIGORÍGENA C/ TUBO DE COBRE 3/8\" FLEXÍVEL, ISOLADO COM BORRACHA ELASTOMÉRICA, SUSTENTAÇÃO, SOLDA E LIMPEZA ",null,"M",52.54]
[]
["27.2.3","C4778","REDE FRIGORÍGENA C/ TUBO DE COBRE 1/2\" FLEXÍVEL, ISOLADO COM BORRACHA ELASTOMÉRICA, SUSTENTAÇÃO, SOLDA E LIMPEZA",null,"M",66.17]
[]
["27.2.4","C4779","REDE FRIGORÍGENA C/ TUBO DE COBRE 5/8\" FLEXÍVEL, ISOLADO COM BORRACHA ELASTOMÉRICA, SUSTENTAÇÃO, SOLDA E LIMPEZA",null,"M",77.58]
[]
["27.2.5","C4780","REDE FRIGORÍGENA C/ TUBO DE COBRE 3/4\" FLEXÍVEL, ISOLADO COM BORRACHA ELASTOMÉRICA, SUSTENTAÇÃO, SOLDA E LIMPEZA",null,"M",90.17]
[]
["27.2.6","C4781","REDE FRIGORÍGENA C/ TUBO DE COBRE 7/8\" FLEXÍVEL, ISOLADO COM BORRACHA ELASTOMÉRICA, SUSTENTAÇÃO, SOLDA E LIMPEZA",null,"M",109.3]
[]
["27.2.7","C4784","REDE FRIGORÍGENA C/ TUBO DE COBRE 1\", ISOLADO COM BORRACHA ELASTOMÉRICA, SUSTENTAÇÃO, SOLDA E LIMPEZA",null,"M",133.85]
[]
["27.2.8","C4785","REDE FRIGORÍGENA C/ TUBO DE COBRE 1 1/8\", ISOLADO COM BORRACHA ELASTOMÉRICA, SUSTENTAÇÃO, SOLDA E LIMPEZA",null,"M",136.2]
[]
["27.2.9","C4786","REDE FRIGORÍGENA C/ TUBO DE COBRE 1 1/4\", ISOLADO COM BORRACHA ELASTOMÉRICA, SUSTENTAÇÃO, SOLDA E LIMPEZA",null,"M",189.22]
[]
["27.2.10","C4787","REDE FRIGORÍGENA C/ TUBO DE COBRE 1 3/8\", ISOLADO COM BORRACHA ELASTOMÉRICA, SUSTENTAÇÃO, SOLDA E LIMPEZA",null,"M",191.11]
[]
["27.2.11","C4788","REDE FRIGORÍGENA C/ TUBO DE COBRE 1 1/2\", ISOLADO COM BORRACHA ELASTOMÉRICA, SUSTENTAÇÃO, SOLDA E LIMPEZA",null,"M",223.46]
[]
["27.2.12","C4789","REDE FRIGORÍGENA C/ TUBO DE COBRE 1 5/8\", ISOLADO COM BORRACHA ELASTOMÉRICA, SUSTENTAÇÃO, SOLDA E LIMPEZA",null,"M",226.76]
[]
["28","REDE DE DISTRIBUIÇÃO DE GÁS NATURAL",{"$nulls":3},34359.87]
["28.1","REDE DE GÁS NATURAL EM PEAD",{"$nulls":3},17609.1]
["28.1.1","C5056","ASSENTAMENTO COM DEMOLIÇÕES, ESCAVAÇÃO, LIMPEZA, SOLDAGEM DE CONEXÕES E VÁLVULAS COM ACESSÓRIOS, INTERLIGAÇÃO EM REDE NÃO GASEIFICADA, REATERRO, INSTALAÇÃO DE TACHA DE SINALIZAÇÃO, RECOMPOSIÇÕES COM EXCEÇÃO DE ASFALTO E/OU CERÂMICA EM RAMAL DE LIGAÇÃO DE POLIETILENO DE ALTA DENSIDADE (PEAD), JUNTA SOLDADA POR ELETROFUSÃO, DIÂMETRO DE 20MM ATÉ 63MM UTILIZANDO MD DE ATÉ 15 METROS DE COMPRIMENTO",null,"UN",1954.32]
[]
["28.1.2","C5055","ASSENTAMENTO COM DEMOLIÇÕES, ESCAVAÇÃO, LIMPEZA, SOLDAGEM DE CONEXÕES E VÁLVULAS COM ACESSÓRIOS, TESTE PNEUMÁTICO COM LAUDO E COMISSIONAMENTO, INERTIZAÇÃO, INTERLIGAÇÃO EM REDE GASEIFICADA COM REALIZAÇÃO DE FURO EM CARGA, REATERRO, INSTALAÇÃO DE TACHA DE SINALIZAÇÃO, RECOMPOSIÇÕES COM EXCEÇÃO DE ASFALTO E/OU CERÂMICA EM RAMAL DE LIGAÇÃO DE POLIETILENO DE ALTA DENSIDADE (PEAD), JUNTA SOLDADA POR ELETROFUSÃO, DIÂMETRO DE 20MM ATÉ 63MM UTILIZANDO MD DE ATÉ 15 METROS DE COMPRIMENTO",null,"UN ",3039.51]
[]
["28.1.3","C5054","ASSENTAMENTO COM DEMOLIÇÕES, ESCAVAÇÃO, LIMPEZA, SOLDAGEM DE CONEXÕES E VÁLVULAS COM ACESSÓRIOS, INTERLIGAÇÃO EM REDE NÃO GASEIFICADA, REATERRO, INSTALAÇÃO DE TACHA DE SINALIZAÇÃO, RECOMPOSIÇÕES COM EXCEÇÃO DE ASFALTO E/OU CERÂMICA EM RAMAL DE LIGAÇÃO DE POLIETILENO DE ALTA DENSIDADE (PEAD), JUNTA SOLDADA POR ELETROFUSÃO, DIÂMETRO DE 20MM ATÉ 63MM UTILIZANDO MD E MND COM PERFURATRIZ PNEUMÁTICA TIPO MOLE DE ATÉ 20 METROS DE COMPRIMENTO",null,"UN",2059.03]
[]
["28.1.4","C5053","ASSENTAMENTO COM DEMOLIÇÕES, ESCAVAÇÃO, LIMPEZA, SOLDAGEM DE CONEXÕES E VÁLVULAS COM ACESSÓRIOS, TESTE PNEUMÁTICO COM LAUDO E COMISSIONAMENTO, INERTIZAÇÃO, INTERLIGAÇÃO EM REDE GASEIFICADA COM REALIZAÇÃO DE FURO EM CARGA, REATERRO, INSTALAÇÃO DE TACHA DE SINALIZAÇÃO, RECOMPOSIÇÕES COM EXCEÇÃO DE ASFALTO E/OU CERÂMICA EM RAMAL DE LIGAÇÃO DE POLIETILENO DE ALTA DENSIDADE (PEAD), JUNTA SOLDADA POR ELETROFUSÃO, DIÂMETRO DE 20MM ATÉ 63MM UTILIZANDO MD E MND COM PERFURATRIZ PNEUMÁTICA TIPO MOLE DE ATÉ 20 METROS DE COMPRIMENTO",null,"UN",3400.03]
[]
["28.1.5","C5058","ASSENTAMENTO COMPLEMENTAR COM DEMOLIÇÕES, ESCAVAÇÃO, LIMPEZA, SOLDAGEM DE CONEXÕES E VÁLVULAS COM ACESSÓRIOS, TESTE PNEUMÁTICO COM LAUDO E COMISSIONAMENTO, INERTIZAÇÃO, INTERLIGAÇÃO EM REDE GASEIFICADA COM REALIZAÇÃO DE FURO EM CARGA, REATERRO, INSTALAÇÃO DE TACHA DE SINALIZAÇÃO, RECOMPOSIÇÕES COM EXCEÇÃO DE ASFALTO E/OU CERÂMICA EM RAMAL DE LIGAÇÃO DE POLIETILENO DE ALTA DENSIDADE (PEAD), JUNTA SOLDADA POR ELETROFUSÃO, DIÂMETRO DE 20MM ATÉ 63MM UTILIZANDO MD",null,"M",175.63]
[]
["28.1.6","C5057","ASSENTAMENTO COMPLEMENTAR COM DEMOLIÇÕES, ESCAVAÇÃO, LIMPEZA, SOLDAGEM DE CONEXÕES E VÁLVULAS COM ACESSÓRIOS, TESTE PNEUMÁTICO COM LAUDO E COMISSIONAMENTO, INERTIZAÇÃO, INTERLIGAÇÃO EM REDE GASEIFICADA COM REALIZAÇÃO DE FURO EM CARGA, REATERRO, INSTALAÇÃO DE TACHA DE SINALIZAÇÃO, RECOMPOSIÇÕES COM EXCEÇÃO DE ASFALTO E/OU CERÂMICA EM RAMAL DE LIGAÇÃO DE POLIETILENO DE ALTA DENSIDADE (PEAD), JUNTA SOLDADA POR ELETROFUSÃO, DIÂMETRO DE 20MM ATÉ 63MM UTILIZANDO MD E MND COM PERFURATRIZ PNEUMÁTICA TIPO MOLE",null,"M",162.98]
[]
["28.1.7","C5060","ASSENTAMENTO COMPLEMENTAR COM DEMOLIÇÕES, ESCAVAÇÃO, LIMPEZA, SOLDAGEM DE CONEXÕES E VÁLVULAS COM ACESSÓRIOS, INTERLIGAÇÃO EM REDE NÃO GASEIFICADA, REATERRO, INSTALAÇÃO DE TACHA DE SINALIZAÇÃO, RECOMPOSIÇÕES COM EXCEÇÃO DE ASFALTO E/OU CERÂMICA EM RAMAL DE LIGAÇÃO DE POLIETILENO DE ALTA DENSIDADE (PEAD), JUNTA SOLDADA POR ELETROFUSÃO, DIÂMETRO DE 20MM ATÉ 63MM UTILIZANDO MD",null,"M",114.47]
[]
["28.1.8","C5059","ASSENTAMENTO COMPLEMENTAR COM DEMOLIÇÕES, ESCAVAÇÃO, LIMPEZA, SOLDAGEM DE CONEXÕES E VÁLVULAS COM ACESSÓRIOS, INTERLIGAÇÃO EM REDE NÃO GASEIFICADA, REATERRO, INSTALAÇÃO DE TACHA DE SINALIZAÇÃO, RECOMPOSIÇÕES COM EXCEÇÃO DE ASFALTO E/OU CERÂMICA EM RAMAL DE LIGAÇÃO DE POLIETILENO DE ALTA DENSIDADE (PEAD), JUNTA SOLDADA POR ELETROFUSÃO, DIÂMETRO DE 20MM ATÉ 63MM UTILIZANDO MD E MND COM PERFURATRIZ PNEUMÁTICA TIPO MOLE",null,"M",97.67]
[]
["28.1.9","C5061","ASSENTAMENTO EM VALA DE REDE DE GASODUTO DE POLIETILENO DE ALTA DENSIDADE (PEAD) COM CONEXÕES, VÁLVULAS E ACESSÓRIOS COM JUNTA SOLDADA POR ELETROFUSÃO, DIAMETRO 32 MM",null,"M",14.96]
[]
["28.1.10","C5062","ASSENTAMENTO EM VALA DE REDE DE GASODUTO DE POLIETILENO DE ALTA DENSIDADE (PEAD) COM CONEXÕES, VÁLVULAS E ACESSÓRIOS COM JUNTA SOLDADA POR ELETROFUSÃO, DIAMETRO 63 MM",null,"M",15.94]
[]
["28.1.11","C5063","ASSENTAMENTO EM VALA DE REDE DE GASODUTO DE POLIETILENO DE ALTA DENSIDADE (PEAD) COM CONEXÕES, VÁLVULAS E ACESSÓRIOS COM JUNTA SOLDADA POR ELETROFUSÃO, DIÂMETRO 90 MM \n",null,"M",16.97]
[]
["28.1.12","C5064","ASSENTAMENTO EM VALA DE REDE DE GASODUTO DE POLIETILENO DE ALTA DENSIDADE (PEAD) COM CONEXÕES, VÁLVULAS E ACESSÓRIOS COM JUNTA SOLDADA POR ELETROFUSÃO, DIAMETRO 110 MM",null,"M",22]
[]
["28.1.13","C5065","FURO DIRECIONAL E PUXE PARA DUTO EM PEAD DN 20MM ATÉ 63MM - MÉTODO NÃO DESTRUTIVO (MND)",null,"M",91.8]
[]
["28.1.14","C5068","FURO DIRECIONAL E PUXE PARA DUTO EM PEAD DN 90 MM - MÉTODO NÃO DESTRUTIVO (MND)",null,"M",131.47]
[]
["28.1.15","C5070","FURO DIRECIONAL E PUXE PARA DUTO EM PEAD DN 110 MM - MÉTODO NÃO DESTRUTIVO (MND)",null,"M",148.13]
[]
["28.1.16","C5066","INSTALAÇÃO DE CONEXÕES, VÁLVULAS, ACESSÓRIOS E NIPLES COM ABERTURA E FECHAMENTO DE TIE-IN COM DISTÂNCIA DE ATÉ 2 METROS ENTRE PEÇAS E ACABAMENTO AO NÍVEL DO PISO PRONTO PARA REDE DE PEAD DN 32 MM, EM REDE DE GASODUTO, QUANDO UTILIZADO O LANÇAMENTO PELO METÓDO NÃO DESTRUTIVO (MND) - FURO DIRECIONAL",null,"UN",617.77]
[]
["28.1.17","C5067","INSTALAÇÃO DE CONEXÕES, VÁLVULAS, ACESSÓRIOS E NIPLES COM ABERTURA E FECHAMENTO DE TIE-IN COM DISTÂNCIA DE ATÉ 2 METROS ENTRE PEÇAS E ACABAMENTO AO NÍVEL DO PISO PRONTO PARA REDE DE PEAD DN 63 MM, EM REDE DE GASODUTO, QUANDO UTILIZADO O LANÇAMENTO PELO METÓDO NÃO DESTRUTIVO (MND)",null,"UN",817.75]
[]
["28.1.18","C5069","INSTALAÇÃO DE CONEXÕES, VÁLVULAS, ACESSÓRIOS E NIPLES COM ABERTURA E FECHAMENTO DE TIE-IN COM DISTÂNCIA DE ATÉ 2 METROS ENTRE PEÇAS E ACABAMENTO AO NÍVEL DO PISO PRONTO PARA REDE DE PEAD DN 90MM, EM REDE DE GASODUTO, QUANDO UTILIZADO O LANÇAMENTO PELO MÉTODO NÃO DESTRUTIVO (MND)",null,"UN",1079.3]
[]
["28.1.19","C5071","INSTALAÇÃO DE CONEXÕES, VÁLVULAS, ACESSÓRIOS E NIPLES COM ABERTURA E FECHAMENTO DE TIE-IN COM DISTÂNCIA DE ATÉ 2 METROS ENTRE PEÇAS E ACABAMENTO AO NÍVEL DO PISO PRONTO PARA REDE DE PEAD DN 110 MM, EM REDE DE GASODUTO, QUANDO UTILIZADO O LANÇAMENTO PELO MÉTODO NÃO DESTRUTIVO (MND)",null,"UN",1535.11]
[]
["28.1.20","C5072","SERVIÇO DE PINÇAMENTOS PARA REDE DE DISTRIBUIÇÃO DE GÁS NATURAL EM PEAD DE DN 20MM ATÉ 63MM",null,"UN",1015.21]
[]
["28.1.21","C5128","SERVIÇO DE PINÇAMENTOS PARA REDE DE DISTRIBUIÇÃO DE GÁS NATURAL EM PEAD DE DN 90MM ATÉ 200MM",null,"UN",1099.05]
[]
["28.2","REDE DE GÁS NATURAL EM AÇO CARBONO",{"$nulls":3},11478.76]
["28.2.1","C5073","CARGA, TRANSPORTE, DESCARGA, DESFILE, SOLDA INCLUSIVE DE CONEXÕES, INSPEÇÃO VISUAL COM ACOMPANHAMENTO DE INSPETOR DE SOLDA, DESCIDA DA COLUNA NA VALA DE DUTOS EM AÇO CARBONO, DN 1\", SCH 40, API 5L PARA RAMAIS DE DISTRIBUIÇÃO DE GÁS NATURAL",null,"M",32.49]
[]
["28.2.2","C5074","CARGA, TRANSPORTE, DESCARGA, DESFILE, SOLDA INCLUSIVE NOS TIE-IN E CONEXÕES, INSPEÇÃO VISUAL COM ACOMPANHAMENTO DE INSPETOR DE SOLDA, DESCIDA DA COLUNA NA VALA OU COLOCAÇÃO NOS ROLETES DO FURO DIRECIONAL DE DUTOS EM AÇO CARBONO DN 2\", SCH 40, API 5L PARA RAMAIS DE DISTRIBUIÇÃO DE GÁS NATURAL",null,"M",47.34]
[]
["28.2.3","C5077","CARGA, TRANSPORTE, DESCARGA, DESFILE, SOLDA INCLUSIVE NOS TIE-IN E CONEXÕES, INSPEÇÃO VISUAL COM ACOMPANHAMENTO DE INSPETOR DE SOLDA, DESCIDA DA COLUNA NA VALA OU COLOCAÇÃO NOS ROLETES DO FURO DIRECIONAL DE DUTOS EM AÇO CARBONO DN 3\", SCH 40, API 5L PARA RAMAIS DE DISTRIBUIÇÃO DE GÁS NATURAL",null,"M",52]
[]
["28.2.4","C5080","CARGA, TRANSPORTE, DESCARGA, DESFILE, SOLDA INCLUSIVE NOS TIE-IN E CONEXÕES, INSPEÇÃO VISUAL COM ACOMPANHAMENTO DE INSPETOR DE SOLDA, DESCIDA DA COLUNA NA VALA OU COLOCAÇÃO NOS ROLETES DO FURO DIRECIONAL DE DUTOS EM AÇO CARBONO DN 4\", SCH 40, API 5L PARA RAMAIS DE DISTRIBUIÇÃO DE GÁS NATURAL",null,"M",55.9]
[]
["28.2.5","C5083","CARGA, TRANSPORTE, DESCARGA, DESFILE, SOLDA INCLUSIVE NOS TIE-IN E CONEXÕES, INSPEÇÃO VISUAL COM ACOMPANHAMENTO DE INSPETOR DE SOLDA, DESCIDA DA COLUNA NA VALA OU COLOCAÇÃO NOS ROLETES DO FURO DIRECIONAL DE DUTOS EM AÇO CARBONO DN 6\", SCH 40, API 5L PARA REDE E RAMAIS DE DISTRIBUIÇÃO DE GÁS NATURAL",null,"M",67.09]
[]
["28.2.6","C5086","CARGA,TRANSPORTE, DESCARGA,DESFILE, SOLDA INCLUSIVE NOS TIE-IN E CONEXÕES, INSPEÇÃO VISUAL COM ACOMPANHAMENTO INSPETOR DE SOLDA, DESCIDA DA COLUNA NA VALA OU COLOCAÇÃO NOS ROLETES DO FURO DIRECIONAL DE DUTOS DN 8\",SCH 40, API 5L PARA REDE E RAMAIS DE DISTRIBUIÇÃO DE GÁS NATURAL",null,"M",71.49]
[]
["28.2.7","C5089","CARGA,TRANSPORTE, DESCARGA,DESFILE, SOLDA INCLUSIVE NOS TIE-IN E CONEXÕES, INSPEÇÃO VISUAL  COM ACOMPANHAMENTO INSPETOR DE SOLDA, DESCIDA DA COLUNA NA VALA OU COLOCAÇÃO NOS ROLETES DO FURO DIRECIONAL DE DUTOS DN 10\", SCH 40, API 5L PARA REDE E RAMAIS DE DISTRIBUIÇÃO DE GÁS NATURAL",null,"M",81.46]
[]
["28.2.8","C5092","CARGA,TRANSPORTE, DESCARGA,DESFILE, SOLDA INCLUSIVE NOS TIE-IN E CONEXÕES, INSPEÇÃO VISUAL COM ACOMPANHAMENTO INSPETOR DE SOLDA, DESCIDA DA COLUNA NA VALA OU COLOCAÇÃO NOS ROLETES DO FURO DIRECIONAL DE DUTOS 12\", SCH 40, API 5L PARA REDE E RAMAIS DE DISTRIBUIÇÃO DE GÁS NATURAL",null,"M",91.95]
[]
["28.2.9","C5075","FURO DIRECIONAL E PUXE PARA DUTO EM AÇO CARBONO DN 2\", SCH 40, API 5L PARA RAMAIS DE DISTRIBUIÇÃO DE GÁS NATURAL - MÉTODO NÃO DESTRUTIVO (MND)",null,"M",205.35]
[]
["28.2.10","C5078","FURO DIRECIONAL E PUXE PARA DUTO EM AÇO CARBONO DN 3\", SCH 40, API 5L PARA RAMAIS DE DISTRIBUIÇÃO DE GÁS NATURAL - MÉTODO NÃO DESTRUTIVO (MND)",null,"M",208.67]
[]
["28.2.11","C5081","FURO-DIRECIONAL E PUXE PARA DUTO EM AÇO CARBONO DN 4\", SCH 40, API 5L PARA RAMAIS DE DISTRIBUIÇÃO DE GÁS NATURAL - METÓDO NÃO DESTRUTIVO (MND)",null,"M",218.38]
[]
["28.2.12","C5084","FURO-DIRECIONAL E PUXE PARA DUTO EM AÇO CARBONO DN 6\", SCH 40, API 5L PARA REDE E RAMAIS DE DISTRIBUIÇÃO DE GÁS NATURAL - MÉTODO NÃO DESTRUTIVO (MND)",null,"M",162.89]
[]
["28.2.13","C5087","FURO-DIRECIONAL E PUXE PARA DUTO EM AÇO CARBONO DN 8\", SCH 40, API 5L PARA REDE E RAMAIS DE DISTRIBUIÇÃO DE GÁS NATURAL - MÉTODO NÃO DESTRUTIVO (MND)",null,"M",181]
[]
["28.2.14","C5090","FURO-DIRECIONAL E PUXE PARA DUTO EM AÇO CARBONO DN 10\", SCH 40, API 5L PARA REDE E RAMAIS DE DISTRIBUIÇÃO DE GÁS NATURAL - MÉTODO NÃO DESTRUTIVO (MND)",null,"M",252.11]
[]
["28.2.15","C5093","FURO-DIRECIONAL E PUXE PARA DUTO EM AÇO CARBONO DN 12\", SCH 40, API 5L PARA REDE E RAMAIS DE DISTRIBUIÇÃO DE GÁS NATURAL - MÉTODO NÃO DESTRUTIVO (MND)",null,"M",289.08]
[]
["28.2.16","C5099","INSTALAÇÃO DE VÁLVULA DN 2\" DE AÇO CARBONO API 6D COM EXTREMIDADES FLANGEADAS E TESTE",null,"UN",517.56]
[]
["28.2.17","C5100","INSTALAÇÃO DE VÁLVULA DN 3\" DE AÇO CARBONO API 6D COM EXTREMIDADES FLANGEADAS E TESTE",null,"UN",583.25]
[]
["28.2.18","C5101","INSTALAÇÃO DE VÁLVULA DN 4\" DE AÇO CARBONO API 6D COM EXTREMIDADES FLANGEADAS E TESTE",null,"UN",675.67]
[]
["28.2.19","C5102","INSTALAÇAO DE VÁLVULA DN 6\" DE AÇO CARBONO API 6D COM EXTREMIDADES FLANGEADAS E TESTE",null,"UN",1327.36]
[]
["28.2.20","C5103","INSTALAÇÃO DE VÁLVULA DN 8\" DE AÇO CARBONO API 6D COM EXTREMIDADES FLANGEADAS E TESTE",null,"UN",1646.08]
[]
["28.2.21","C5104","INSTALAÇÃO DE VÁLVULA DN 10\" DE AÇO CARBONO API 6D COM EXTREMIDADES FLANGEADAS E TESTE",null,"UN",2041.2]
[]
["28.2.22","C5105","INSTALAÇÃO DE VÁLVULA DN 12\" DE AÇO CARBONO API 6D COM EXTREMIDADES FLANGEADAS E TESTE",null,"UN",2294.66]
[]
["28.2.23","C5106","SPOOL EM AÇO CARBONO DN 2\", SCH 40, INCLUINDO MONTAGEM, SOLDA, TESTE SIMPLIFICADO E INSTALAÇÃO - (PESO APROXIMADO DE FLANGES/CONEXÕES: MÍNIMO = 5,40KG/UN; MÁXIMO = 8,26KG/UN)",null,"KG",142.65]
[]
["28.2.24","C5107","SPOOL EM AÇO CARBONO DN 3\", SCH 40, INCLUINDO MONTAGEM, SOLDA, TESTE SIMPLIFICADO E INSTALAÇÃO - (PESO APROXIMADO DE FLANGES/CONEXÕES: MÍNIMO = 11,20KG/UN; MÁXIMO = 19,73KG/UN)",null,"KG",71.88]
[]
["28.2.25","C5108","SPOOL EM AÇO CARBONO DN 4\", SCH 40, INCLUINDO MONTAGEM, SOLDA, TESTE SIMPLIFICADO E INSTALAÇÃO - (PESO APROXIMADO DE FLANGES/CONEXÕES: MÍNIMO = 15,00KG/UN; MÁXIMO = 30,64KG/UN)",null,"KG",52.16]
[]
["28.2.26","C5109","SPOOL EM AÇO CARBONO DN 6\", SCH 40, INCLUINDO MONTAGEM, SOLDA, TESTE SIMPLIFICADO E INSTALAÇÃO - (PESO APROXIMADO DE FLANGES/CONEXÕES: MÍNIMO = 24,80KG/UN; MÁXIMO = 64,20KG/UN)",null,"KG",43.9]
[]
["28.2.27","C5110","SPOOL EM AÇO CARBONO DN 8\", SCH 40, INCLUINDO MONTAGEM, SOLDA, TESTE SIMPLIFICADO E INSTALAÇÃO - (PESO APROXIMADO DE FLANGES/CONEXÕES: MÍNIMO = 39,00KG/UN; MÁXIMO = 117,20KG/UN)",null,"KG",25.06]
[]
["28.2.28","C5111","SPOOL EM AÇO CARBONO DN 10\", SCH 40, INCLUINDO MONTAGEM, SOLDA, TESTE SIMPLIFICADO E INSTALAÇÃO - (PESO APROXIMADO DE FLANGES/CONEXÕES: MÍNIMO = 53,40KG/UN; MÁXIMO = 190,00KG/UN)",null,"KG",21.81]
[]
["28.2.29","C5112","SPOOL EM AÇO CARBONO DN 12\", SCH 40, INCLUINDO MONTAGEM, SOLDA, TESTE SIMPLIFICADO E INSTALAÇÃO - (PESO APROXIMADO DE FLANGES/CONEXÕES: MÍNIMO = 72,40KG/UN; MÁXIMO = 306,50KG/UN)",null,"KG",18.32]
[]
["28.3","PINTURAS",{"$nulls":3},1161.61]
["28.3.1","C5113","TINTA DE ACABAMENTO EPÓXI POLIAMIDA DE ALTA ESPESSURA 200 MICRAS DE PELÍCULA SECA PARA TUBULAÇÃO E SUPORTES EM AÇO CARBONO",null,"M2",80.88]
[]
["28.3.2","C5194","TINTA DE ACABAMENTO EPÓXI POLIAMIDA DE ALTA ESPESSURA 200 MICRAS DE PELICULA SECA PARA TUBULAÇÃO E SUPORTES EM AÇO CARBONO, EM OBRAS E SERVIÇOS DE GASODUTOS EM OPERAÇÃO",null,"M2",89.72]
[]
["28.3.3","C5119","TINTA DE ACABAMENTO POLIURETANO ACRÍLICO 70 MICRAS DE PELÍCULA SECA PARA TUBULAÇÃO E SUPORTES EM AÇO CARBONO",null,"M2",32.12]
[]
["28.3.4","C5200","TINTA DE ACABAMENTO POLIURETANO ACRÍLICO 70 MICRAS DE PELICULA SECA PARA TUBULAÇÃO E SUPORTES EM AÇO CARBONO, EM OBRAS E SERVIÇOS DE GASODUTOS EM OPERAÇÃO",null,"M2",35.6]
[]
["28.3.5","C5118","TINTA DE FUNDO DE EPÓXI ZINCO POLIAMIDA 50 MICRAS DE PELÍCULA SECA PARA SUPORTES DE TUBULAÇÃO EM AÇO CARBONO, COM RETIRADA DA MANTA DE POLIETILENO",null,"M2",118.39]
[]
["28.3.6","C5199","TINTA DE FUNDO DE EPÓXI ZINCO POLIAMIDA 50 MICRAS DE PELICULA SECA PARA SUPORTES DE TUBULAÇÃO EM AÇO CARBONO, EM OBRAS E SERVIÇOS DE GASODUTOS EM OPERAÇÃO",null,"M2",120.43]
[]
["28.3.7","C5117","TINTA DE FUNDO DE ZINCO ETIL SILICATO DE 75 MICRAS DE PELÍCULA SECA PARA TUBULAÇÃO EM AÇO CARBONO, COM RETIRADA DA MANTA DE POLIETILENO",null,"M2",138.09]
[]
["28.3.8","C5198","TINTA DE FUNDO DE ZINCO ETIL SILICATO DE 75 MICRAS DE PELICULA SECA PARA TUBULAÇÃO EM AÇO CARBONO, EM OBRAS E SERVIÇOS DE GASODUTOS EM OPERAÇÃO",null,"M2",234.53]
[]
["28.3.9","C5115","TINTA DE FUNDO EPÓXI FOSFATO DE ZINCO DE 100 MICRAS DE PELÍCULA SECA PARA TUBULAÇÃO EM AÇO CARBONO, COM RETIRADA DA MANTA DE POLIETILENO\n",null,"M2",43.63]
[]
["28.3.10","C5196","TINTA DE FUNDO EPÓXI FOSFATO DE ZINCO DE 100 MICRAS DE PELICULA SECA PARA TUBULAÇÃO EM AÇO CARBONO, EM OBRAS E SERVIÇOS DE GASODUTOS EM OPERAÇÃO",null,"M2",141.1]
[]
["28.3.11","C5116","TINTA INTERMEDIÁRIA EPÓXI ÓXIDO DE FERRO DE 30 MICRAS DE PELICULA SECA PARA TUBULAÇÃO EM AÇO CARBONO",null,"M2",14.67]
[]
["28.3.12","C5197","TINTA INTERMEDIÁRIA EPÓXI OXIDO DE FERRO DE 30 MICRAS DE PELICULA SECA PARA TUBULAÇÃO EM AÇO CARBONO, EM OBRAS E SERVIÇOS DE GASODUTOS EM OPERAÇÃO",null,"M2",25.87]
[]
["28.3.13","C5114","TINTA INTERMEDIÁRIA DE EPÓXI POLIAMIDA DE ALTA ESPESSURA 100 MICRAS DE PELICULA SECA PARA TUBULAÇÃO EM AÇO CARBONO",null,"M2",40.93]
[]
["28.3.14","C5195","TINTA INTERMEDIÁRIA DE EPÓXI POLIAMIDA DE ALTA ESPESSURA 100 MICRAS DE PELICULA SECA PARA TUBULAÇÃO EM AÇO CARBONO, EM OBRAS E SERVIÇOS DE GASODUTOS EM OPERAÇÃO",null,"M2",45.65]
[]
["28.4","DIVERSOS",{"$nulls":3},4110.4]
["28.4.1","C5123","FORMA METÁLICA CIRCULAR PARA JAQUETA EM CONCRETO REUTILIZAÇÃO 15 VEZES",null,"M2",77.23]
["28.4.2","C5095","FORNECIMENTO E COLOCAÇÃO DE CANTONEIRA EM AÇO (1 1/2 \"X 1 1/2\" X 3/16\")",null,"M",36.72]
["28.4.3","C5098","INSTALAÇÃO DE CAIXA DE CONCRETO PRÉ-MOLDADA ENTRE 1,60 M À 2,00 M DE LARGURAS E 2,50 DE PROFUNDIDADE",null,"UN",967.09]
[]
["28.4.4","C5051","INSTALAÇÃO, TESTE E COMISSIONAMENTO DE CRM COM MEDIDOR DIAFRAGMA INCLUINDO FIXAÇÃO DE CONDULETE TIPO \"E\"",null,"UN",859.67]
[]
["28.4.5","C5052","INSTALAÇÃO, TESTE E COMISSIONAMENTO DE CRM COM MEDIDOR ROTATIVO DE G6 ATÉ G65, INCLUINDO FIXAÇÃO DA CAIXA CONDULETE TIPO \"E\"",null,"UN",1049.47]
[]
["28.4.6","C5121","MARCO SINALIZADOR PADRÃO CEGÁS (1,80 x 0,15 x 0,15)M CONFECÇÃO, PINTURA E INSTALAÇÃO EM BASE DE CONCRETO",null,"UN",361.62]
[]
["28.4.7","C5122","PLACA PRÉ-MOLDADA ESPESSURA 5CM COM MALHA DE AÇO 10X10CM PARA PROTEÇÃO DE GASODUTO",null,"M2",111.56]
[]
["28.4.8","C5096","POÇO EM AÇO INOX DE 1\", PARA INSPEÇÃO DE VAZAMENTO DE GÁS EM CAIXA DE PASSAGEM DE CONCRETO",null,"UN",237.65]
[]
["28.4.9","C5097","PUXADOR EM AÇO CA-25, PARA TAMPA DE CONCRETO",null,"UN",62.38]
["28.4.10","C5076","SERVIÇO DE INSTALAÇÃO DE MANTA TERMOCONTRATIL PARA DUTO DE 2\" COM INSPEÇÃO, FITA E REPAROS COM BASTÃO, MASTIC E MANCHÃO DO REVESTIMENTO COMPLETO DA TUBULAÇÃO",null,"UN",33.06]
[]
["28.4.11","C5079","SERVIÇO DE INSTALAÇÃO DE MANTA TERMOCONTRATIL PARA DUTO DE 3\" COM INSPEÇÃO, FITA E REPAROS DO REVESTIMENTO COMPLETO DA TUBULAÇÃO",null,"UN",35.31]
[]
["28.4.12","C5082","SERVIÇO DE INSTALAÇÃO DE MANTA TERMOCONTRATIL PARA DUTO DE 4\" COM INSPEÇÃO, FITA E REPAROS DO REVESTIMENTO COMPLETO DA TUBULAÇÃO",null,"UN",36.99]
[]
["28.4.13","C5085","SERVIÇO DE INSTALAÇÃO DE MANTA TERMOCONTRATIL PARA DUTO DE 6\" COM INSPEÇÃO, FITA E REPAROS DO REVESTIMENTO COMPLETO DA TUBULAÇÃO",null,"UN",43.16]
[]
["28.4.14","C5088","SERVIÇO DE INSTALAÇÃO DE MANTA TERMOCONTRATIL PARA DUTO DE 8\" COM INSPEÇÃO, FITA E REPAROS DO REVESTIMENTO COMPLETO DA TUBULAÇÃO",null,"UN",45.93]
[]
["28.4.15","C5091","SERVIÇO DE INSTALAÇÃO DE MANTA TERMOCONTRATIL PARA DUTO DE 10\" COM INSPEÇÃO, FITA E REPAROS DO REVESTIMENTO COMPLETO DA TUBULAÇÃO",null,"UN",48.91]
[]
["28.4.16","C5094","SERVIÇO DE INSTALAÇÃO DE MANTA TERMOCONTRATIL PARA DUTO DE 12\" COM INSPEÇÃO, FITA E REPAROS DO REVESTIMENTO COMPLETO DA TUBULAÇÃO",null,"UN",57.43]
[]
["28.4.17","C5120","TACHA SINALIZAÇÃO PADRÃO CEGÁS: FORNECIMENTO E INSTALAÇÃO",null,"UN",46.22]
["29","ACESSIBILIDADE À EDIFICAÇÕES E ESPAÇOS",{"$nulls":3},9725.93]
["29.1","SERVIÇOS PRELIMINARES",{"$nulls":3},127.69]
["29.1.1","C4618","DEMOLIÇÃO DE INSTALAÇÃO HIDRÁULICA - TUBOS E CONEXÕES",null,"PT",41.67]
["29.1.2","C4619","DEMOLIÇÃO DE INSTALAÇÃO SANITÁRIA - TUBOS E CONEXÕES",null,"PT",40.29]
["29.1.3","C4639","RETIRADA DE GUARDA-CORPO EM TUBOS C/ PEÇAS E CONEXÕES FERRO GALVANIZADO (SEM REAPROVEITAMENTO) DN ATÉ 60mm",null,"M",34.26]
[]
["29.1.4","C4640","RETIRADA DE GUIAS PRE-FABRICADAS DE CONCRETO",null,"M",11.47]
["29.2","ESQUADRIAS E FERRAGENS",{"$nulls":3},1878.46]
["29.2.1","C4621","BATEDOR PARA PORTA EM CHAPA DE ALUMÍNIO TIPO XADREZ LAVRADA ESP. 3mm C/ FIXAÇÃO SOBRE MADEIRA LISA OU REVESTIMENTO MELAMÍNICO COM FITA DUPLA FACE",null,"M2",122.37]
[]
["29.2.2","C4643","INSTALAÇÃO DE BARRA ANTI-PÂNICO DUPLA C/ TRAVA EM AÇO INOX DIÂM. 1 1/2",null,"CJ",1351.16]
["29.2.3","C4638","PUXADOR HORIZONTAL/VERTICAL PARA PORTA",null,"M",227.23]
["29.2.4","C4647","RETIRADA DE DISPOSITIVO DE PRESSÃO DAS PORTAS",null,"UN",35.97]
["29.2.5","C4637","RETIRADA COM SUBSTITUIÇÃO DE MAÇANETA EXISTENTE POR TIPO ALAVANCA",null,"UN",141.73]
["29.3","INSTALAÇÕES, LOUÇAS E ACESSÓRIOS",{"$nulls":3},4767.99]
["29.3.1","C4642","ASSENTO / BANCO - ARTICULÁVEL PARA BANHO DE DEFICIENTE",null,"UN",695.64]
["29.3.2","C4635","BACIA SANITÁRIA PARA CADEIRANTES C/ ASSENTO (ABERTURA FRONTAL)",null,"UN",1222.46]
["29.3.3","C4634","BASE EM GRANITO COM MAPA TÁTIL",null,"UN",1609.41]
["29.3.4","C4636","LAVATÓRIO DE LOUÇA BRANCA C/ COLUNA SUSPENSA E ACESSÓRIOS",null,"UN",601.6]
["29.3.5","C4630","REINSTALAÇÃO DE PONTO HIDRÁULICO, MATERIAL E EXECUÇÃO",null,"PT",133.07]
["29.3.6","C4631","REINSTALAÇÃO DE PONTO SANITÁRIO, MATERIAL E EXECUÇÃO",null,"PT",144.81]
["29.3.7","C4632","REMANEJAMENTO DE BACIA SANITÁRIA",null,"UN",203.43]
["29.3.8","C4633","REMANEJAMENTO DE BANCADA DE GRANITO",null,"M2",157.57]
["29.4","PISOS",{"$nulls":3},528.46]
["29.4.1","C4625","BASE EM PREMOLDADO DE CONCRETO COM ADITIVO IMPERMEABILIZANTE P/ INSTALAÇÃO DE BACIA SANITÁRIA",null,"UN",85.45]
[]
["29.4.2","C4622","FITA ADESIVA ANTIDERRAPANTE E FOSFORESCENTE",null,"UN",56.19]
["29.4.3","C4623","PISO PODOTÁTIL INTERNO EM BORRACHA 30x30cm ASSENTAMENTO COM COLA VINIL (FORNECIMENTO E ASSENTAMENTO)",null,"M2",238.27]
[]
["29.4.4","C4624","PISO PODOTÁTIL EXTERNO EM PMC ESP. 3CM, ASSENTADO COM ARGAMASSA (FORNECIMENTO E ASSENTAMENTO)",null,"M2",148.55]
[]
["29.5","SINALIZAÇÃO",{"$nulls":3},788.48]
["29.5.1","C4850","PLACA EM ACRÍLICO ADESIVADA PARA SINALIZAÇÃO COM INDICAÇÃO DE ROTA DE FUGA 26X13CM",null,"M",13.66]
[]
["29.5.2","C4626","PLACA EM ALUMÍNIO 15x30cm C/ VINIL APLICADO EM 1 FACE E FIXAÇÃO COM FITA DUPLA FACE (FORNECIMENTO E MONTAGEM)",null,"UN",20.13]
[]
["29.5.3","C4627","PLACA EM ALUMÍNIO 20x20cm C/ VINIL APLICADO EM 1 FACE E FIXAÇÃO COM FITA DUPLA FACE (FORNECIMENTO E MONTAGEM)",null,"UN",17.66]
[]
["29.5.4","C4628","PLACA EM ALUMÍNIO 20x25cm C/ VINIL APLICADO EM 1 FACE E FIXAÇÃO COM FITA DUPLA FACE (FORNECIMENTO E MONTAGEM)",null,"UN",21.89]
[]
["29.5.5","C4629","PLACA EM AÇO GALVANIZADO C/ APLICAÇÃO EM 1 FACE EM VINIL E FUNDO C/ PINTURA EM ESMALTE SINTÉTICO PRETO FOSCO (FORNECIMENTO E MONTAGEM)",null,"M2",550.69]
[]
["29.5.6","C4648","PLACAS COM BRAILLE PARA SINALIZAÇÃO TÁTIL",null,"UN",86.68]
["29.5.7","C4641","SÍMBOLO INTERNACIONAL DE ACESSO - SIA - 15x15cm",null,"UN",20.23]
["29.5.8","C4649","SINALIZAÇÃO PARA EXTINTOR",null,"UN",57.54]
["29.6","DIVERSOS",{"$nulls":3},1634.85]
["29.6.1","C4646","CORRIMÃO DUPLA ALTURA EM AÇO INOX DIAM 1 1/2",null,"M",387.74]
["29.6.2","C4644","FORNECIMENTO E MONTAGEM DE BOTÕES EM BRAILLE COM SINALIZAÇÃO SONORA",null,"CJ",1056.81]
["29.6.3","C4620","GUIA DE BALIZAMENTO EM ALVENARIA ESP.=10cm ALTURA ATÉ 15cm COMPLETAMENTE EXECUTADA E ACABAMENTO EM TEXTURA ACRÍLICA E TOPO EM CHAPIM EM PMC",null,"M",190.3]
[]
["30","SERVIÇOS DIVERSOS",{"$nulls":3},237.02]
["30.1","INDENIZAÇÕES",{"$nulls":3},1.57]
["30.1.1","C2840","INDENIZAÇÃO DE JAZIDA",null,"M3",1.57]
["30.2","LIMPEZA FINAL",{"$nulls":3},235.45]
["30.2.1","C1078","DESCUPINIZAÇÃO C/ MATERIAL INSETICIDA",null,"M2",13.85]
["30.2.2","C3605","LIMPEZA DA UNIDADE CASA TIPO \"T 01\" - PADRÃO POPULAR",null,"UN",162.08]
["30.2.3","C3447","LIMPEZA DE PISO EM ÁREA URBANIZADA",null,"M2",1.52]
["30.2.4","C1625","LIMPEZA DE PISOS E REVESTIMENTOS",null,"M2",10.15]
["30.2.5","C1626","LIMPEZA DE REVESTIMENTOS CERÂMICOS",null,"M2",9.08]
["30.2.6","C1627","LIMPEZA DE VIDROS",null,"M2",12.16]
["30.2.7","C1628","LIMPEZA GERAL",null,"M2",14.18]
["30.2.8","C1629","LIMPEZA, RETIRADA DO PAPEL E LAVAGEM DE MOSAICO VIDROSO",null,"M2",12.43]

{"sheet":"SINAPI 12.24","index":8,"n_rows":7830,"n_cols":4,"rows_kept":7830,"hidden":true,"flags":["formulas_cached_only"]}
[]
[97141,"ASSENTAMENTO DE TUBO DE FERRO FUNDIDO PARA REDE DE ÁGUA, DN 80 MM, JUNTA ELÁSTICA, INSTALADO EM LOCAL COM NÍVEL ALTO DE INTERFERÊNCIAS (NÃO INCLUI FORNECIMENTO). AF_05/2024","M",4.07]
[97142,"ASSENTAMENTO DE TUBO DE FERRO FUNDIDO PARA REDE DE ÁGUA, DN 100 MM, JUNTA ELÁSTICA, INSTALADO EM LOCAL COM NÍVEL ALTO DE INTERFERÊNCIAS (NÃO INCLUI FORNECIMENTO). AF_05/2024","M",4.67]
[97143,"ASSENTAMENTO DE TUBO DE FERRO FUNDIDO PARA REDE DE ÁGUA, DN 150 MM, JUNTA ELÁSTICA, INSTALADO EM LOCAL COM NÍVEL ALTO DE INTERFERÊNCIAS (NÃO INCLUI FORNECIMENTO). AF_05/2024","M",6.13]
[97144,"ASSENTAMENTO DE TUBO DE FERRO FUNDIDO PARA REDE DE ÁGUA, DN 200 MM, JUNTA ELÁSTICA, INSTALADO EM LOCAL COM NÍVEL ALTO DE INTERFERÊNCIAS (NÃO INCLUI FORNECIMENTO). AF_05/2024","M",7.6]
[97145,"ASSENTAMENTO DE TUBO DE FERRO FUNDIDO PARA REDE DE ÁGUA, DN 250 MM, JUNTA ELÁSTICA, INSTALADO EM LOCAL COM NÍVEL ALTO DE INTERFERÊNCIAS (NÃO INCLUI FORNECIMENTO). AF_05/2024","M",9.08]
[97146,"ASSENTAMENTO DE TUBO DE FERRO FUNDIDO PARA REDE DE ÁGUA, DN 300 MM, JUNTA ELÁSTICA, INSTALADO EM LOCAL COM NÍVEL ALTO DE INTERFERÊNCIAS (NÃO INCLUI FORNECIMENTO). AF_05/2024","M",10.59]
[97147,"ASSENTAMENTO DE TUBO DE FERRO FUNDIDO PARA REDE DE ÁGUA, DN 350 MM, JUNTA ELÁSTICA, INSTALADO EM LOCAL COM NÍVEL ALTO DE INTERFERÊNCIAS (NÃO INCLUI FORNECIMENTO). AF_05/2024","M",12.08]
[97148,"ASSENTAMENTO DE TUBO DE FERRO FUNDIDO PARA REDE DE ÁGUA, DN 400 MM, JUNTA ELÁSTICA, INSTALADO EM LOCAL COM NÍVEL ALTO DE INTERFERÊNCIAS (NÃO INCLUI FORNECIMENTO). AF_05/2024","M",13.57]
[97149,"ASSENTAMENTO DE TUBO DE FERRO FUNDIDO PARA REDE DE ÁGUA, DN 450 MM, JUNTA ELÁSTICA, INSTALADO EM LOCAL COM NÍVEL ALTO DE INTERFERÊNCIAS (NÃO INCLUI FORNECIMENTO). AF_05/2024","M",15.09]
[97150,"ASSENTAMENTO DE TUBO DE FERRO FUNDIDO PARA REDE DE ÁGUA, DN 500 MM, JUNTA ELÁSTICA, INSTALADO EM LOCAL COM NÍVEL ALTO DE INTERFERÊNCIAS (NÃO INCLUI FORNECIMENTO). AF_05/2024","M",19.91]
[97151,"ASSENTAMENTO DE TUBO DE FERRO FUNDIDO PARA REDE DE ÁGUA, DN 600 MM, JUNTA ELÁSTICA, INSTALADO EM LOCAL COM NÍVEL ALTO DE INTERFERÊNCIAS (NÃO INCLUI FORNECIMENTO). AF_05/2024","M",23.45]
[97152,"ASSENTAMENTO DE TUBO DE FERRO FUNDIDO PARA REDE DE ÁGUA, DN 700 MM, JUNTA ELÁSTICA, INSTALADO EM LOCAL COM NÍVEL ALTO DE INTERFERÊNCIAS (NÃO INCLUI FORNECIMENTO). AF_05/2024","M",26.67]
[97153,"ASSENTAMENTO DE TUBO DE FERRO FUNDIDO PARA REDE DE ÁGUA, DN 800 MM, JUNTA ELÁSTICA, INSTALADO EM LOCAL COM NÍVEL ALTO DE INTERFERÊNCIAS (NÃO INCLUI FORNECIMENTO). AF_05/2024","M",30.1]
[97154,"ASSENTAMENTO DE TUBO DE FERRO FUNDIDO PARA REDE DE ÁGUA, DN 900 MM, JUNTA ELÁSTICA, INSTALADO EM LOCAL COM NÍVEL ALTO DE INTERFERÊNCIAS (NÃO INCLUI FORNECIMENTO). AF_05/2024","M",33.57]
[97155,"ASSENTAMENTO DE TUBO DE FERRO FUNDIDO PARA REDE DE ÁGUA, DN 1000 MM, JUNTA ELÁSTICA, INSTALADO EM LOCAL COM NÍVEL ALTO DE INTERFERÊNCIAS (NÃO INCLUI FORNECIMENTO). AF_05/2024","M",37.05]
[97156,"ASSENTAMENTO DE TUBO DE FERRO FUNDIDO PARA REDE DE ÁGUA, DN 1200 MM, JUNTA ELÁSTICA, INSTALADO EM LOCAL COM NÍVEL ALTO DE INTERFERÊNCIAS (NÃO INCLUI FORNECIMENTO). AF_05/2024","M",44.47]
[97157,"ASSENTAMENTO DE TUBO DE FERRO FUNDIDO PARA REDE DE ÁGUA, DN 80 MM, JUNTA ELÁSTICA, INSTALADO EM LOCAL COM NÍVEL BAIXO DE INTERFERÊNCIAS (NÃO INCLUI FORNECIMENTO). AF_05/2024","M",3.09]
[97158,"ASSENTAMENTO DE TUBO DE FERRO FUNDIDO PARA REDE DE ÁGUA, DN 100 MM, JUNTA ELÁSTICA, INSTALADO EM LOCAL COM NÍVEL BAIXO DE INTERFERÊNCIAS (NÃO INCLUI FORNECIMENTO). AF_05/2024","M",3.59]
[97159,"ASSENTAMENTO DE TUBO DE FERRO FUNDIDO PARA REDE DE ÁGUA, DN 150 MM, JUNTA ELÁSTICA, INSTALADO EM LOCAL COM NÍVEL BAIXO DE INTERFERÊNCIAS (NÃO INCLUI FORNECIMENTO). AF_05/2024","M",4.8]
[97160,"ASSENTAMENTO DE TUBO DE FERRO FUNDIDO PARA REDE DE ÁGUA, DN 200 MM, JUNTA ELÁSTICA, INSTALADO EM LOCAL COM NÍVEL BAIXO DE INTERFERÊNCIAS (NÃO INCLUI FORNECIMENTO). AF_05/2024","M",6]
[97161,"ASSENTAMENTO DE TUBO DE FERRO FUNDIDO PARA REDE DE ÁGUA, DN 250 MM, JUNTA ELÁSTICA, INSTALADO EM LOCAL COM NÍVEL BAIXO DE INTERFERÊNCIAS (NÃO INCLUI FORNECIMENTO). AF_05/2024","M",7.22]
[97162,"ASSENTAMENTO DE TUBO DE FERRO FUNDIDO PARA REDE DE ÁGUA, DN 300 MM, JUNTA ELÁSTICA, INSTALADO EM LOCAL COM NÍVEL BAIXO DE INTERFERÊNCIAS (NÃO INCLUI FORNECIMENTO). AF_05/2024","M",8.46]
[97163,"ASSENTAMENTO DE TUBO DE FERRO FUNDIDO PARA REDE DE ÁGUA, DN 350 MM, JUNTA ELÁSTICA, INSTALADO EM LOCAL COM NÍVEL BAIXO DE INTERFERÊNCIAS (NÃO INCLUI FORNECIMENTO). AF_05/2024","M",9.69]
[97164,"ASSENTAMENTO DE TUBO DE FERRO FUNDIDO PARA REDE DE ÁGUA, DN 400 MM, JUNTA ELÁSTICA, INSTALADO EM LOCAL COM NÍVEL BAIXO DE INTERFERÊNCIAS (NÃO INCLUI FORNECIMENTO). AF_05/2024","M",10.94]
[97165,"ASSENTAMENTO DE TUBO DE FERRO FUNDIDO PARA REDE DE ÁGUA, DN 450 MM, JUNTA ELÁSTICA, INSTALADO EM LOCAL COM NÍVEL BAIXO DE INTERFERÊNCIAS (NÃO INCLUI FORNECIMENTO). AF_05/2024","M",12.2]
[97166,"ASSENTAMENTO DE TUBO DE FERRO FUNDIDO PARA REDE DE ÁGUA, DN 500 MM, JUNTA ELÁSTICA, INSTALADO EM LOCAL COM NÍVEL BAIXO DE INTERFERÊNCIAS (NÃO INCLUI FORNECIMENTO). AF_05/2024","M",15.67]
[97167,"ASSENTAMENTO DE TUBO DE FERRO FUNDIDO PARA REDE DE ÁGUA, DN 600 MM, JUNTA ELÁSTICA, INSTALADO EM LOCAL COM NÍVEL BAIXO DE INTERFERÊNCIAS (NÃO INCLUI FORNECIMENTO). AF_05/2024","M",18.53]
[97168,"ASSENTAMENTO DE TUBO DE FERRO FUNDIDO PARA REDE DE ÁGUA, DN 700 MM, JUNTA ELÁSTICA, INSTALADO EM LOCAL COM NÍVEL BAIXO DE INTERFERÊNCIAS (NÃO INCLUI FORNECIMENTO). AF_05/2024","M",21.08]
[97169,"ASSENTAMENTO DE TUBO DE FERRO FUNDIDO PARA REDE DE ÁGUA, DN 800 MM, JUNTA ELÁSTICA, INSTALADO EM LOCAL COM NÍVEL BAIXO DE INTERFERÊNCIAS (NÃO INCLUI FORNECIMENTO). AF_05/2024","M",23.81]
[97170,"ASSENTAMENTO DE TUBO DE FERRO FUNDIDO PARA REDE DE ÁGUA, DN 900 MM, JUNTA ELÁSTICA, INSTALADO EM LOCAL COM NÍVEL BAIXO DE INTERFERÊNCIAS (NÃO INCLUI FORNECIMENTO). AF_05/2024","M",26.6]
[97171,"ASSENTAMENTO DE TUBO DE FERRO FUNDIDO PARA REDE DE ÁGUA, DN 1000 MM, JUNTA ELÁSTICA, INSTALADO EM LOCAL COM NÍVEL BAIXO DE INTERFERÊNCIAS (NÃO INCLUI FORNECIMENTO). AF_05/2024","M",29.4]
[97172,"ASSENTAMENTO DE TUBO DE FERRO FUNDIDO PARA REDE DE ÁGUA, DN 1200 MM, JUNTA ELÁSTICA, INSTALADO EM LOCAL COM NÍVEL BAIXO DE INTERFERÊNCIAS (NÃO INCLUI FORNECIMENTO). AF_05/2024","M",35.47]
[105249,"ASSENTAMENTO DE CONEXÃO 2 ACESSOS ALINHADOS DE FERRO FUNDIDO PARA REDE DE ÁGUA, DN 1200, JUNTA ELÁSTICA, INSTALADO EM LOCAL COM NÍVEL ALTO DE INTERFERÊNCIAS (NÃO INCLUI FORNECIMENTO). AF_05/2024","UN",101.41]
[105250,"ASSENTAMENTO DE CONEXÃO 2 ACESSOS INCLINADOS DE FERRO FUNDIDO PARA REDE DE ÁGUA, DN 80, JUNTA ELÁSTICA, INSTALADO EM LOCAL COM NÍVEL ALTO DE INTERFERÊNCIAS (NÃO INCLUI FORNECIMENTO). AF_05/2024","UN",13.02]
[105251,"ASSENTAMENTO DE CONEXÃO 2 ACESSOS INCLINADOS DE FERRO FUNDIDO PARA REDE DE ÁGUA, DN 100, JUNTA ELÁSTICA, INSTALADO EM LOCAL COM NÍVEL ALTO DE INTERFERÊNCIAS (NÃO INCLUI FORNECIMENTO). AF_05/2024","UN",14.91]
[105252,"ASSENTAMENTO DE CONEXÃO 2 ACESSOS INCLINADOS DE FERRO FUNDIDO PARA REDE DE ÁGUA, DN 150, JUNTA ELÁSTICA, INSTALADO EM LOCAL COM NÍVEL ALTO DE INTERFERÊNCIAS (NÃO INCLUI FORNECIMENTO). AF_05/2024","UN",19.57]
[105253,"ASSENTAMENTO DE CONEXÃO 2 ACESSOS INCLINADOS DE FERRO FUNDIDO PARA REDE DE ÁGUA, DN 200, JUNTA ELÁSTICA, INSTALADO EM LOCAL COM NÍVEL ALTO DE INTERFERÊNCIAS (NÃO INCLUI FORNECIMENTO). AF_05/2024","UN",24.24]
[105254,"ASSENTAMENTO DE CONEXÃO 2 ACESSOS INCLINADOS DE FERRO FUNDIDO PARA REDE DE ÁGUA, DN 250, JUNTA ELÁSTICA, INSTALADO EM LOCAL COM NÍVEL ALTO DE INTERFERÊNCIAS (NÃO INCLUI FORNECIMENTO). AF_05/2024","UN",29.08]
[105255,"ASSENTAMENTO DE CONEXÃO 2 ACESSOS INCLINADOS DE FERRO FUNDIDO PARA REDE DE ÁGUA, DN 300, JUNTA ELÁSTICA, INSTALADO EM LOCAL COM NÍVEL ALTO DE INTERFERÊNCIAS (NÃO INCLUI FORNECIMENTO). AF_05/2024","UN",33.92]
[105256,"ASSENTAMENTO DE CONEXÃO 2 ACESSOS INCLINADOS DE FERRO FUNDIDO PARA REDE DE ÁGUA, DN 350, JUNTA ELÁSTICA, INSTALADO EM LOCAL COM NÍVEL ALTO DE INTERFERÊNCIAS (NÃO INCLUI FORNECIMENTO). AF_05/2024","UN",38.73]
[105257,"ASSENTAMENTO DE CONEXÃO 2 ACESSOS INCLINADOS DE FERRO FUNDIDO PARA REDE DE ÁGUA, DN 400, JUNTA ELÁSTICA, INSTALADO EM LOCAL COM NÍVEL ALTO DE INTERFERÊNCIAS (NÃO INCLUI FORNECIMENTO). AF_05/2024","UN",43.54]
[105258,"ASSENTAMENTO DE CONEXÃO 2 ACESSOS ALINHADOS DE FERRO FUNDIDO PARA REDE DE ÁGUA, DN 400, JUNTA ELÁSTICA, INSTALADO EM LOCAL COM NÍVEL BAIXO DE INTERFERÊNCIAS (NÃO INCLUI FORNECIMENTO). AF_05/2024","UN",24.81]
[105259,"ASSENTAMENTO DE CONEXÃO 3 ACESSOS DE FERRO FUNDIDO PARA REDE DE ÁGUA, DN 100, JUNTA ELÁSTICA, INSTALADO EM LOCAL COM NÍVEL BAIXO DE INTERFERÊNCIAS (NÃO INCLUI FORNECIMENTO). AF_05/2024","UN",16.14]
[105261,"ASSENTAMENTO DE CONEXÃO 2 ACESSOS ALINHADOS DE FERRO FUNDIDO PARA REDE DE ÁGUA, DN 450, JUNTA ELÁSTICA, INSTALADO EM LOCAL COM NÍVEL BAIXO DE INTERFERÊNCIAS (NÃO INCLUI FORNECIMENTO). AF_05/2024","UN",27.79]
[105262,"ASSENTAMENTO DE CONEXÃO 2 ACESSOS ALINHADOS DE FERRO FUNDIDO PARA REDE DE ÁGUA, DN 500, JUNTA ELÁSTICA, INSTALADO EM LOCAL COM NÍVEL BAIXO DE INTERFERÊNCIAS (NÃO INCLUI FORNECIMENTO). AF_05/2024","UN",35.29]
[105263,"ASSENTAMENTO DE CONEXÃO 2 ACESSOS ALINHADOS DE FERRO FUNDIDO PARA REDE DE ÁGUA, DN 600, JUNTA ELÁSTICA, INSTALADO EM LOCAL COM NÍVEL BAIXO DE INTERFERÊNCIAS (NÃO INCLUI FORNECIMENTO). AF_05/2024","UN",41.94]
[105264,"ASSENTAMENTO DE CONEXÃO 2 ACESSOS ALINHADOS DE FERRO FUNDIDO PARA REDE DE ÁGUA, DN 700, JUNTA ELÁSTICA, INSTALADO EM LOCAL COM NÍVEL BAIXO DE INTERFERÊNCIAS (NÃO INCLUI FORNECIMENTO). AF_05/2024","UN",47.73]
[105265,"ASSENTAMENTO DE CONEXÃO 2 ACESSOS ALINHADOS DE FERRO FUNDIDO PARA REDE DE ÁGUA, DN 800, JUNTA ELÁSTICA, INSTALADO EM LOCAL COM NÍVEL BAIXO DE INTERFERÊNCIAS (NÃO INCLUI FORNECIMENTO). AF_05/2024","UN",53.83]
[105266,"ASSENTAMENTO DE CONEXÃO 2 ACESSOS ALINHADOS DE FERRO FUNDIDO PARA REDE DE ÁGUA, DN 900, JUNTA ELÁSTICA, INSTALADO EM LOCAL COM NÍVEL BAIXO DE INTERFERÊNCIAS (NÃO INCLUI FORNECIMENTO). AF_05/2024","UN",60.18]
[105267,"ASSENTAMENTO DE CONEXÃO 2 ACESSOS ALINHADOS DE FERRO FUNDIDO PARA REDE DE ÁGUA, DN 1000, JUNTA ELÁSTICA, INSTALADO EM LOCAL COM NÍVEL BAIXO DE INTERFERÊNCIAS (NÃO INCLUI FORNECIMENTO). AF_05/2024","UN",66.65]
[105268,"ASSENTAMENTO DE CONEXÃO 2 ACESSOS ALINHADOS DE FERRO FUNDIDO PARA REDE DE ÁGUA, DN 1200, JUNTA ELÁSTICA, INSTALADO EM LOCAL COM NÍVEL BAIXO DE INTERFERÊNCIAS (NÃO INCLUI FORNECIMENTO). AF_05/2024","UN",82.92]
[105269,"ASSENTAMENTO DE CONEXÃO 2 ACESSOS INCLINADOS DE FERRO FUNDIDO PARA REDE DE ÁGUA, DN 80, JUNTA ELÁSTICA, INSTALADO EM LOCAL COM NÍVEL BAIXO DE INTERFERÊNCIAS (NÃO INCLUI FORNECIMENTO). AF_05/2024","UN",10]
[105270,"ASSENTAMENTO DE CONEXÃO 2 ACESSOS INCLINADOS DE FERRO FUNDIDO PARA REDE DE ÁGUA, DN 450, JUNTA ELÁSTICA, INSTALADO EM LOCAL COM NÍVEL ALTO DE INTERFERÊNCIAS (NÃO INCLUI FORNECIMENTO). AF_05/2024","UN",48.52]
[105271,"ASSENTAMENTO DE CONEXÃO 2 ACESSOS INCLINADOS DE FERRO FUNDIDO PARA REDE DE ÁGUA, DN 500, JUNTA ELÁSTICA, INSTALADO EM LOCAL COM NÍVEL ALTO DE INTERFERÊNCIAS (NÃO INCLUI FORNECIMENTO). AF_05/2024","UN",63.61]
[105272,"ASSENTAMENTO DE CONEXÃO 2 ACESSOS INCLINADOS DE FERRO FUNDIDO PARA REDE DE ÁGUA, DN 600, JUNTA ELÁSTICA, INSTALADO EM LOCAL COM NÍVEL ALTO DE INTERFERÊNCIAS (NÃO INCLUI FORNECIMENTO). AF_05/2024","UN",75.08]
[105273,"ASSENTAMENTO DE CONEXÃO 2 ACESSOS INCLINADOS DE FERRO FUNDIDO PARA REDE DE ÁGUA, DN 700, JUNTA ELÁSTICA, INSTALADO EM LOCAL COM NÍVEL ALTO DE INTERFERÊNCIAS (NÃO INCLUI FORNECIMENTO). AF_05/2024","UN",85.66]
[105274,"ASSENTAMENTO DE CONEXÃO 2 ACESSOS INCLINADOS DE FERRO FUNDIDO PARA REDE DE ÁGUA, DN 800, JUNTA ELÁSTICA, INSTALADO EM LOCAL COM NÍVEL ALTO DE INTERFERÊNCIAS (NÃO INCLUI FORNECIMENTO). AF_05/2024","UN",96.59]
[105275,"ASSENTAMENTO DE CONEXÃO 2 ACESSOS INCLINADOS DE FERRO FUNDIDO PARA REDE DE ÁGUA, DN 900, JUNTA ELÁSTICA, INSTALADO EM LOCAL COM NÍVEL ALTO DE INTERFERÊNCIAS (NÃO INCLUI FORNECIMENTO). AF_05/2024","UN",107.73]
[105276,"ASSENTAMENTO DE CONEXÃO 2 ACESSOS INCLINADOS DE FERRO FUNDIDO PARA REDE DE ÁGUA, DN 1000, JUNTA ELÁSTICA, INSTALADO EM LOCAL COM NÍVEL ALTO DE INTERFERÊNCIAS (NÃO INCLUI FORNECIMENTO). AF_05/2024","UN",119.03]
[105277,"ASSENTAMENTO DE CONEXÃO 2 ACESSOS INCLINADOS DE FERRO FUNDIDO PARA REDE DE ÁGUA, DN 1200, JUNTA ELÁSTICA, INSTALADO EM LOCAL COM NÍVEL ALTO DE INTERFERÊNCIAS (NÃO INCLUI FORNECIMENTO). AF_05/2024","UN",144.92]
[105278,"ASSENTAMENTO DE CONEXÃO 3 ACESSOS DE FERRO FUNDIDO PARA REDE DE ÁGUA, DN 80, JUNTA ELÁSTICA, INSTALADO EM LOCAL COM NÍVEL ALTO DE INTERFERÊNCIAS (NÃO INCLUI FORNECIMENTO). AF_05/2024","UN",17.94]
[105279,"ASSENTAMENTO DE CONEXÃO 3 ACESSOS DE FERRO FUNDIDO PARA REDE DE ÁGUA, DN 100, JUNTA ELÁSTICA, INSTALADO EM LOCAL COM NÍVEL ALTO DE INTERFERÊNCIAS (NÃO INCLUI FORNECIMENTO). AF_05/2024","UN",20.58]
[105280,"ASSENTAMENTO DE CONEXÃO 3 ACESSOS DE FERRO FUNDIDO PARA REDE DE ÁGUA, DN 150, JUNTA ELÁSTICA, INSTALADO EM LOCAL COM NÍVEL ALTO DE INTERFERÊNCIAS (NÃO INCLUI FORNECIMENTO). AF_05/2024","UN",27.01]
[105281,"ASSENTAMENTO DE CONEXÃO 3 ACESSOS DE FERRO FUNDIDO PARA REDE DE ÁGUA, DN 200, JUNTA ELÁSTICA, INSTALADO EM LOCAL COM NÍVEL ALTO DE INTERFERÊNCIAS (NÃO INCLUI FORNECIMENTO). AF_05/2024","UN",33.44]
[105282,"ASSENTAMENTO DE CONEXÃO 2 ACESSOS INCLINADOS DE FERRO FUNDIDO PARA REDE DE ÁGUA, DN 100, JUNTA ELÁSTICA, INSTALADO EM LOCAL COM NÍVEL BAIXO DE INTERFERÊNCIAS (NÃO INCLUI FORNECIMENTO). AF_05/2024","UN",11.58]
[105283,"ASSENTAMENTO DE CONEXÃO 3 ACESSOS DE FERRO FUNDIDO PARA REDE DE ÁGUA, DN 150, JUNTA ELÁSTICA, INSTALADO EM LOCAL COM NÍVEL BAIXO DE INTERFERÊNCIAS (NÃO INCLUI FORNECIMENTO). AF_05/2024","UN",21.5]
[105284,"ASSENTAMENTO DE CONEXÃO 3 ACESSOS DE FERRO FUNDIDO PARA REDE DE ÁGUA, DN 250, JUNTA ELÁSTICA, INSTALADO EM LOCAL COM NÍVEL ALTO DE INTERFERÊNCIAS (NÃO INCLUI FORNECIMENTO). AF_05/2024","UN",40.22]
[105297,"ASSENTAMENTO DE CONEXÃO 2 ACESSOS ALINHADOS DE FERRO FUNDIDO PARA REDE DE ÁGUA, DN 80, JUNTA ELÁSTICA, INSTALADO EM LOCAL COM NÍVEL ALTO DE INTERFERÊNCIAS (NÃO INCLUI FORNECIMENTO). AF_05/2024","UN",8.96]
[105298,"ASSENTAMENTO DE CONEXÃO 2 ACESSOS INCLINADOS DE FERRO FUNDIDO PARA REDE DE ÁGUA, DN 150, JUNTA ELÁSTICA, INSTALADO EM LOCAL COM NÍVEL BAIXO DE INTERFERÊNCIAS (NÃO INCLUI FORNECIMENTO). AF_05/2024","UN",15.43]
[105299,"ASSENTAMENTO DE CONEXÃO 2 ACESSOS INCLINADOS DE FERRO FUNDIDO PARA REDE DE ÁGUA, DN 200, JUNTA ELÁSTICA, INSTALADO EM LOCAL COM NÍVEL BAIXO DE INTERFERÊNCIAS (NÃO INCLUI FORNECIMENTO). AF_05/2024","UN",19.31]
[105300,"ASSENTAMENTO DE CONEXÃO 2 ACESSOS INCLINADOS DE FERRO FUNDIDO PARA REDE DE ÁGUA, DN 250, JUNTA ELÁSTICA, INSTALADO EM LOCAL COM NÍVEL BAIXO DE INTERFERÊNCIAS (NÃO INCLUI FORNECIMENTO). AF_05/2024","UN",23.34]
[105301,"ASSENTAMENTO DE CONEXÃO 2 ACESSOS INCLINADOS DE FERRO FUNDIDO PARA REDE DE ÁGUA, DN 300, JUNTA ELÁSTICA, INSTALADO EM LOCAL COM NÍVEL BAIXO DE INTERFERÊNCIAS (NÃO INCLUI FORNECIMENTO). AF_05/2024","UN",27.38]
[105302,"ASSENTAMENTO DE CONEXÃO 2 ACESSOS INCLINADOS DE FERRO FUNDIDO PARA REDE DE ÁGUA, DN 350, JUNTA ELÁSTICA, INSTALADO EM LOCAL COM NÍVEL BAIXO DE INTERFERÊNCIAS (NÃO INCLUI FORNECIMENTO). AF_05/2024","UN",31.41]
[105303,"ASSENTAMENTO DE CONEXÃO 2 ACESSOS INCLINADOS DE FERRO FUNDIDO PARA REDE DE ÁGUA, DN 400, JUNTA ELÁSTICA, INSTALADO EM LOCAL COM NÍVEL BAIXO DE INTERFERÊNCIAS (NÃO INCLUI FORNECIMENTO). AF_05/2024","UN",35.42]
[105304,"ASSENTAMENTO DE CONEXÃO 2 ACESSOS INCLINADOS DE FERRO FUNDIDO PARA REDE DE ÁGUA, DN 450, JUNTA ELÁSTICA, INSTALADO EM LOCAL COM NÍVEL BAIXO DE INTERFERÊNCIAS (NÃO INCLUI FORNECIMENTO). AF_05/2024","UN",39.6]
[105305,"ASSENTAMENTO DE CONEXÃO 2 ACESSOS INCLINADOS DE FERRO FUNDIDO PARA REDE DE ÁGUA, DN 500, JUNTA ELÁSTICA, INSTALADO EM LOCAL COM NÍVEL BAIXO DE INTERFERÊNCIAS (NÃO INCLUI FORNECIMENTO). AF_05/2024","UN",50.58]
[105306,"ASSENTAMENTO DE CONEXÃO 2 ACESSOS INCLINADOS DE FERRO FUNDIDO PARA REDE DE ÁGUA, DN 600, JUNTA ELÁSTICA, INSTALADO EM LOCAL COM NÍVEL BAIXO DE INTERFERÊNCIAS (NÃO INCLUI FORNECIMENTO). AF_05/2024","UN",59.93]
[105307,"ASSENTAMENTO DE CONEXÃO 2 ACESSOS INCLINADOS DE FERRO FUNDIDO PARA REDE DE ÁGUA, DN 700, JUNTA ELÁSTICA, INSTALADO EM LOCAL COM NÍVEL BAIXO DE INTERFERÊNCIAS (NÃO INCLUI FORNECIMENTO). AF_05/2024","UN",68.43]
[105317,"ASSENTAMENTO DE CONEXÃO 2 ACESSOS ALINHADOS DE FERRO FUNDIDO PARA REDE DE ÁGUA, DN 300, JUNTA ELÁSTICA, INSTALADO EM LOCAL COM NÍVEL BAIXO DE INTERFERÊNCIAS (NÃO INCLUI FORNECIMENTO). AF_05/2024","UN",19.12]
[105318,"ASSENTAMENTO DE CONEXÃO 2 ACESSOS ALINHADOS DE FERRO FUNDIDO PARA REDE DE ÁGUA, DN 350, JUNTA ELÁSTICA, INSTALADO EM LOCAL COM NÍVEL BAIXO DE INTERFERÊNCIAS (NÃO INCLUI FORNECIMENTO). AF_05/2024","UN",21.96]
[105319,"ASSENTAMENTO DE CONEXÃO 3 ACESSOS DE FERRO FUNDIDO PARA REDE DE ÁGUA, DN 200, JUNTA ELÁSTICA, INSTALADO EM LOCAL COM NÍVEL BAIXO DE INTERFERÊNCIAS (NÃO INCLUI FORNECIMENTO). AF_05/2024","UN",26.86]
[105320,"ASSENTAMENTO DE CONEXÃO 3 ACESSOS DE FERRO FUNDIDO PARA REDE DE ÁGUA, DN 250, JUNTA ELÁSTICA, INSTALADO EM LOCAL COM NÍVEL BAIXO DE INTERFERÊNCIAS (NÃO INCLUI FORNECIMENTO). AF_05/2024","UN",32.59]
[105321,"ASSENTAMENTO DE CONEXÃO 3 ACESSOS DE FERRO FUNDIDO PARA REDE DE ÁGUA, DN 300, JUNTA ELÁSTICA, INSTALADO EM LOCAL COM NÍVEL BAIXO DE INTERFERÊNCIAS (NÃO INCLUI FORNECIMENTO). AF_05/2024","UN",38.28]
[105322,"ASSENTAMENTO DE CONEXÃO 3 ACESSOS DE FERRO FUNDIDO PARA REDE DE ÁGUA, DN 350, JUNTA ELÁSTICA, INSTALADO EM LOCAL COM NÍVEL BAIXO DE INTERFERÊNCIAS (NÃO INCLUI FORNECIMENTO). AF_05/2024","UN",43.95]
[105323,"ASSENTAMENTO DE CONEXÃO 3 ACESSOS DE FERRO FUNDIDO PARA REDE DE ÁGUA, DN 400, JUNTA ELÁSTICA, INSTALADO EM LOCAL COM NÍVEL BAIXO DE INTERFERÊNCIAS (NÃO INCLUI FORNECIMENTO). AF_05/2024","UN",49.62]
[105324,"ASSENTAMENTO DE CONEXÃO 3 ACESSOS DE FERRO FUNDIDO PARA REDE DE ÁGUA, DN 450, JUNTA ELÁSTICA, INSTALADO EM LOCAL COM NÍVEL BAIXO DE INTERFERÊNCIAS (NÃO INCLUI FORNECIMENTO). AF_05/2024","UN",55.6]
[105325,"ASSENTAMENTO DE CONEXÃO 3 ACESSOS DE FERRO FUNDIDO PARA REDE DE ÁGUA, DN 500, JUNTA ELÁSTICA, INSTALADO EM LOCAL COM NÍVEL BAIXO DE INTERFERÊNCIAS (NÃO INCLUI FORNECIMENTO). AF_05/2024","UN",70.58]
[105326,"ASSENTAMENTO DE CONEXÃO 3 ACESSOS DE FERRO FUNDIDO PARA REDE DE ÁGUA, DN 600, JUNTA ELÁSTICA, INSTALADO EM LOCAL COM NÍVEL BAIXO DE INTERFERÊNCIAS (NÃO INCLUI FORNECIMENTO). AF_05/2024","UN",83.9]
[105340,"ASSENTAMENTO DE CONEXÃO 2 ACESSOS INCLINADOS DE FERRO FUNDIDO PARA REDE DE ÁGUA, DN 800, JUNTA ELÁSTICA, INSTALADO EM LOCAL COM NÍVEL BAIXO DE INTERFERÊNCIAS (NÃO INCLUI FORNECIMENTO). AF_05/2024","UN",77.26]
[105341,"ASSENTAMENTO DE CONEXÃO 2 ACESSOS INCLINADOS DE FERRO FUNDIDO PARA REDE DE ÁGUA, DN 1000, JUNTA ELÁSTICA, INSTALADO EM LOCAL COM NÍVEL BAIXO DE INTERFERÊNCIAS (NÃO INCLUI FORNECIMENTO). AF_05/2024","UN",95.51]
[105342,"ASSENTAMENTO DE CONEXÃO 2 ACESSOS INCLINADOS DE FERRO FUNDIDO PARA REDE DE ÁGUA, DN 1200, JUNTA ELÁSTICA, INSTALADO EM LOCAL COM NÍVEL BAIXO DE INTERFERÊNCIAS (NÃO INCLUI FORNECIMENTO). AF_05/2024","UN",117.2]
[105343,"ASSENTAMENTO DE CONEXÃO 3 ACESSOS DE FERRO FUNDIDO PARA REDE DE ÁGUA, DN 80, JUNTA ELÁSTICA, INSTALADO EM LOCAL COM NÍVEL BAIXO DE INTERFERÊNCIAS (NÃO INCLUI FORNECIMENTO). AF_05/2024","UN",13.91]
[105344,"ASSENTAMENTO DE CONEXÃO 3 ACESSOS DE FERRO FUNDIDO PARA REDE DE ÁGUA, DN 700, JUNTA ELÁSTICA, INSTALADO EM LOCAL COM NÍVEL BAIXO DE INTERFERÊNCIAS (NÃO INCLUI FORNECIMENTO). AF_05/2024","UN",95.46]
[105345,"ASSENTAMENTO DE CONEXÃO 3 ACESSOS DE FERRO FUNDIDO PARA REDE DE ÁGUA, DN 900, JUNTA ELÁSTICA, INSTALADO EM LOCAL COM NÍVEL BAIXO DE INTERFERÊNCIAS (NÃO INCLUI FORNECIMENTO). AF_05/2024","UN",120.36]
[105346,"ASSENTAMENTO DE CONEXÃO 3 ACESSOS DE FERRO FUNDIDO PARA REDE DE ÁGUA, DN 1000, JUNTA ELÁSTICA, INSTALADO EM LOCAL COM NÍVEL BAIXO DE INTERFERÊNCIAS (NÃO INCLUI FORNECIMENTO). AF_05/2024","UN",133.32]
[105347,"ASSENTAMENTO DE CONEXÃO 3 ACESSOS DE FERRO FUNDIDO PARA REDE DE ÁGUA, DN 1200, JUNTA ELÁSTICA, INSTALADO EM LOCAL COM NÍVEL BAIXO DE INTERFERÊNCIAS (NÃO INCLUI FORNECIMENTO). AF_05/2024","UN",165.85]
[105348,"ASSENTAMENTO DE CONEXÃO 3 ACESSOS DE FERRO FUNDIDO PARA REDE DE ÁGUA, DN 300, JUNTA ELÁSTICA, INSTALADO EM LOCAL COM NÍVEL ALTO DE INTERFERÊNCIAS (NÃO INCLUI FORNECIMENTO). AF_05/2024","UN",46.98]
[105349,"ASSENTAMENTO DE CONEXÃO 3 ACESSOS DE FERRO FUNDIDO PARA REDE DE ÁGUA, DN 350, JUNTA ELÁSTICA, INSTALADO EM LOCAL COM NÍVEL ALTO DE INTERFERÊNCIAS (NÃO INCLUI FORNECIMENTO). AF_05/2024","UN",53.72]
[105350,"ASSENTAMENTO DE CONEXÃO 3 ACESSOS DE FERRO FUNDIDO PARA REDE DE ÁGUA, DN 400, JUNTA ELÁSTICA, INSTALADO EM LOCAL COM NÍVEL ALTO DE INTERFERÊNCIAS (NÃO INCLUI FORNECIMENTO). AF_05/2024","UN",60.46]
[105351,"ASSENTAMENTO DE CONEXÃO 3 ACESSOS DE FERRO FUNDIDO PARA REDE DE ÁGUA, DN 450, JUNTA ELÁSTICA, INSTALADO EM LOCAL COM NÍVEL ALTO DE INTERFERÊNCIAS (NÃO INCLUI FORNECIMENTO). AF_05/2024","UN",67.51]
[105352,"ASSENTAMENTO DE CONEXÃO 3 ACESSOS DE FERRO FUNDIDO PARA REDE DE ÁGUA, DN 500, JUNTA ELÁSTICA, INSTALADO EM LOCAL COM NÍVEL ALTO DE INTERFERÊNCIAS (NÃO INCLUI FORNECIMENTO). AF_05/2024","UN",87.97]
[105353,"ASSENTAMENTO DE CONEXÃO 3 ACESSOS DE FERRO FUNDIDO PARA REDE DE ÁGUA, DN 600, JUNTA ELÁSTICA, INSTALADO EM LOCAL COM NÍVEL ALTO DE INTERFERÊNCIAS (NÃO INCLUI FORNECIMENTO). AF_05/2024","UN",104.09]
[105354,"ASSENTAMENTO DE CONEXÃO 3 ACESSOS DE FERRO FUNDIDO PARA REDE DE ÁGUA, DN 700, JUNTA ELÁSTICA, INSTALADO EM LOCAL COM NÍVEL ALTO DE INTERFERÊNCIAS (NÃO INCLUI FORNECIMENTO). AF_05/2024","UN",118.45]
[105355,"ASSENTAMENTO DE CONEXÃO 3 ACESSOS DE FERRO FUNDIDO PARA REDE DE ÁGUA, DN 800, JUNTA ELÁSTICA, INSTALADO EM LOCAL COM NÍVEL ALTO DE INTERFERÊNCIAS (NÃO INCLUI FORNECIMENTO). AF_05/2024","UN",133.46]
[105356,"ASSENTAMENTO DE CONEXÃO 3 ACESSOS DE FERRO FUNDIDO PARA REDE DE ÁGUA, DN 900, JUNTA ELÁSTICA, INSTALADO EM LOCAL COM NÍVEL ALTO DE INTERFERÊNCIAS (NÃO INCLUI FORNECIMENTO). AF_05/2024","UN",148.94]
[105357,"ASSENTAMENTO DE CONEXÃO 3 ACESSOS DE FERRO FUNDIDO PARA REDE DE ÁGUA, DN 1000, JUNTA ELÁSTICA, INSTALADO EM LOCAL COM NÍVEL ALTO DE INTERFERÊNCIAS (NÃO INCLUI FORNECIMENTO). AF_05/2024","UN",164.7]
[105358,"ASSENTAMENTO DE CONEXÃO 3 ACESSOS DE FERRO FUNDIDO PARA REDE DE ÁGUA, DN 1200, JUNTA ELÁSTICA, INSTALADO EM LOCAL COM NÍVEL ALTO DE INTERFERÊNCIAS (NÃO INCLUI FORNECIMENTO). AF_05/2024","UN",202.82]
[105369,"FORNECIMENTO E ASSENTAMENTO DE TE RANHURADO EM FERRO FUNDIDO, DN 80 (3\") PARA REDE DE ÁGUA, INSTALADO EM LOCAL COM NÍVEL ALTO DE INTERFERÊNCIAS (INCLUI FORNECIMENTO). AF_05/2024","UN",71.82]
[105377,"FORNECIMENTO E ASSENTAMENTO DE CURVA 45 GRAUS RANHURADA EM FERRO FUNDIDO, DN 80 MM (3\") PARA REDE DE ÁGUA, INSTALADO EM LOCAL COM NÍVEL ALTO DE INTERFERÊNCIAS (INCLUI FORNECIMENTO). AF_05/2024","UN",45.16]
[105378,"ASSENTAMENTO DE CONEXÃO 2 ACESSOS ALINHADOS DE FERRO FUNDIDO PARA REDE DE ÁGUA, DN 100, JUNTA ELÁSTICA, INSTALADO EM LOCAL COM NÍVEL ALTO DE INTERFERÊNCIAS (NÃO INCLUI FORNECIMENTO). AF_05/2024","UN",10.28]
[105379,"ASSENTAMENTO DE CONEXÃO 2 ACESSOS ALINHADOS DE FERRO FUNDIDO PARA REDE DE ÁGUA, DN 150, JUNTA ELÁSTICA, INSTALADO EM LOCAL COM NÍVEL ALTO DE INTERFERÊNCIAS (NÃO INCLUI FORNECIMENTO). AF_05/2024","UN",13.48]
[105380,"ASSENTAMENTO DE CONEXÃO 2 ACESSOS ALINHADOS DE FERRO FUNDIDO PARA REDE DE ÁGUA, DN 1000, JUNTA ELÁSTICA, INSTALADO EM LOCAL COM NÍVEL ALTO DE INTERFERÊNCIAS (NÃO INCLUI FORNECIMENTO). AF_05/2024","UN",82.34]
[105388,"ASSENTAMENTO DE CONEXÃO 2 ACESSOS ALINHADOS DE FERRO FUNDIDO PARA REDE DE ÁGUA, DN 150, JUNTA ELÁSTICA, INSTALADO EM LOCAL COM NÍVEL BAIXO DE INTERFERÊNCIAS (NÃO INCLUI FORNECIMENTO). AF_05/2024","UN",10.73]
[105389,"ASSENTAMENTO DE CONEXÃO 2 ACESSOS ALINHADOS DE FERRO FUNDIDO PARA REDE DE ÁGUA, DN 200, JUNTA ELÁSTICA, INSTALADO EM LOCAL COM NÍVEL BAIXO DE INTERFERÊNCIAS (NÃO INCLUI FORNECIMENTO). AF_05/2024","UN",13.41]
[105390,"ASSENTAMENTO DE CONEXÃO 2 ACESSOS INCLINADOS DE FERRO FUNDIDO PARA REDE DE ÁGUA, DN 900, JUNTA ELÁSTICA, INSTALADO EM LOCAL COM NÍVEL BAIXO DE INTERFERÊNCIAS (NÃO INCLUI FORNECIMENTO). AF_05/2024","UN",86.31]
[105391,"ASSENTAMENTO DE CONEXÃO 3 ACESSOS DE FERRO FUNDIDO PARA REDE DE ÁGUA, DN 800, JUNTA ELÁSTICA, INSTALADO EM LOCAL COM NÍVEL BAIXO DE INTERFERÊNCIAS (NÃO INCLUI FORNECIMENTO). AF_05/2024","UN",107.67]
[105392,"ASSENTAMENTO DE CONEXÃO 2 ACESSOS ALINHADOS DE FERRO FUNDIDO PARA REDE DE ÁGUA, DN 200, JUNTA ELÁSTICA, INSTALADO EM LOCAL COM NÍVEL ALTO DE INTERFERÊNCIAS (NÃO INCLUI FORNECIMENTO). AF_05/2024","UN",16.71]
[105393,"ASSENTAMENTO DE CONEXÃO 2 ACESSOS ALINHADOS DE FERRO FUNDIDO PARA REDE DE ÁGUA, DN 250, JUNTA ELÁSTICA, INSTALADO EM LOCAL COM NÍVEL ALTO DE INTERFERÊNCIAS (NÃO INCLUI FORNECIMENTO). AF_05/2024","UN",20.11]
[105394,"ASSENTAMENTO DE CONEXÃO 2 ACESSOS ALINHADOS DE FERRO FUNDIDO PARA REDE DE ÁGUA, DN 300, JUNTA ELÁSTICA, INSTALADO EM LOCAL COM NÍVEL ALTO DE INTERFERÊNCIAS (NÃO INCLUI FORNECIMENTO). AF_05/2024","UN",23.47]
[105395,"ASSENTAMENTO DE CONEXÃO 2 ACESSOS ALINHADOS DE FERRO FUNDIDO PARA REDE DE ÁGUA, DN 350, JUNTA ELÁSTICA, INSTALADO EM LOCAL COM NÍVEL ALTO DE INTERFERÊNCIAS (NÃO INCLUI FORNECIMENTO). AF_05/2024","UN",26.84]
[105396,"ASSENTAMENTO DE CONEXÃO 2 ACESSOS ALINHADOS DE FERRO FUNDIDO PARA REDE DE ÁGUA, DN 400, JUNTA ELÁSTICA, INSTALADO EM LOCAL COM NÍVEL ALTO DE INTERFERÊNCIAS (NÃO INCLUI FORNECIMENTO). AF_05/2024","UN",30.23]
[105397,"ASSENTAMENTO DE CONEXÃO 2 ACESSOS ALINHADOS DE FERRO FUNDIDO PARA REDE DE ÁGUA, DN 450, JUNTA ELÁSTICA, INSTALADO EM LOCAL COM NÍVEL ALTO DE INTERFERÊNCIAS (NÃO INCLUI FORNECIMENTO). AF_05/2024","UN",33.74]
[105398,"ASSENTAMENTO DE CONEXÃO 2 ACESSOS ALINHADOS DE FERRO FUNDIDO PARA REDE DE ÁGUA, DN 500, JUNTA ELÁSTICA, INSTALADO EM LOCAL COM NÍVEL ALTO DE INTERFERÊNCIAS (NÃO INCLUI FORNECIMENTO). AF_05/2024","UN",43.98]
[105399,"ASSENTAMENTO DE CONEXÃO 2 ACESSOS ALINHADOS DE FERRO FUNDIDO PARA REDE DE ÁGUA, DN 600, JUNTA ELÁSTICA, INSTALADO EM LOCAL COM NÍVEL ALTO DE INTERFERÊNCIAS (NÃO INCLUI FORNECIMENTO). AF_05/2024","UN",52.02]
[105400,"ASSENTAMENTO DE CONEXÃO 2 ACESSOS ALINHADOS DE FERRO FUNDIDO PARA REDE DE ÁGUA, DN 700, JUNTA ELÁSTICA, INSTALADO EM LOCAL COM NÍVEL ALTO DE INTERFERÊNCIAS (NÃO INCLUI FORNECIMENTO). AF_05/2024","UN",59.21]
[105401,"ASSENTAMENTO DE CONEXÃO 2 ACESSOS ALINHADOS DE FERRO FUNDIDO PARA REDE DE ÁGUA, DN 800, JUNTA ELÁSTICA, INSTALADO EM LOCAL COM NÍVEL ALTO DE INTERFERÊNCIAS (NÃO INCLUI FORNECIMENTO). AF_05/2024","UN",66.71]
[105402,"ASSENTAMENTO DE CONEXÃO 2 ACESSOS ALINHADOS DE FERRO FUNDIDO PARA REDE DE ÁGUA, DN 900, JUNTA ELÁSTICA, INSTALADO EM LOCAL COM NÍVEL ALTO DE INTERFERÊNCIAS (NÃO INCLUI FORNECIMENTO). AF_05/2024","UN",74.46]
[97173,"ASSENTAMENTO DE TUBO DE AÇO CARBONO PARA REDE DE ÁGUA, DN 600 MM (24\"), JUNTA SOLDADA, INSTALADO EM LOCAL COM NÍVEL ALTO DE INTERFERÊNCIAS (NÃO INCLUI FORNECIMENTO). AF_05/2024","M",37.94]
[97174,"ASSENTAMENTO DE TUBO DE AÇO CARBONO PARA REDE DE ÁGUA, DN 700 MM (28\"), JUNTA SOLDADA, INSTALADO EM LOCAL COM NÍVEL ALTO DE INTERFERÊNCIAS (NÃO INCLUI FORNECIMENTO). AF_05/2024","M",44.98]
[97175,"ASSENTAMENTO DE TUBO DE AÇO CARBONO PARA REDE DE ÁGUA, DN 800 MM (32\"), JUNTA SOLDADA, INSTALADO EM LOCAL COM NÍVEL ALTO DE INTERFERÊNCIAS (NÃO INCLUI FORNECIMENTO). AF_05/2024","M",52.03]
[97176,"ASSENTAMENTO DE TUBO DE AÇO CARBONO PARA REDE DE ÁGUA, DN 900 MM (36\"), JUNTA SOLDADA, INSTALADO EM LOCAL COM NÍVEL ALTO DE INTERFERÊNCIAS (NÃO INCLUI FORNECIMENTO). AF_05/2024","M",59.1]
[97177,"ASSENTAMENTO DE TUBO DE AÇO CARBONO PARA REDE DE ÁGUA, DN 1000 MM (40\") OU DN 1100 MM (44\"), JUNTA SOLDADA, INSTALADO EM LOCAL COM NÍVEL ALTO DE INTERFERÊNCIAS (NÃO INCLUI FORNECIMENTO). AF_05/2024","M",66.14]
[97178,"ASSENTAMENTO DE TUBO DE AÇO CARBONO PARA REDE DE ÁGUA, DN 1200 MM (48\") OU DN 1300 MM (52\"), JUNTA SOLDADA, INSTALADO EM LOCAL COM NÍVEL ALTO DE INTERFERÊNCIAS (NÃO INCLUI FORNECIMENTO). AF_05/2024","M",80.25]
[97179,"ASSENTAMENTO DE TUBO DE AÇO CARBONO PARA REDE DE ÁGUA, DN 1400 MM (56'') OU DN 1500 MM (60\"), JUNTA SOLDADA, INSTALADO EM LOCAL COM NÍVEL ALTO DE INTERFERÊNCIAS (NÃO INCLUI FORNECIMENTO). AF_05/2024","M",94.36]
[97180,"ASSENTAMENTO DE TUBO DE AÇO CARBONO PARA REDE DE ÁGUA, DN 1600 MM (64\") OU DN 1700 MM (68\"), JUNTA SOLDADA, INSTALADO EM LOCAL COM NÍVEL ALTO DE INTERFERÊNCIAS (NÃO INCLUI FORNECIMENTO). AF_05/2024","M",108.47]
[97181,"ASSENTAMENTO DE TUBO DE AÇO CARBONO PARA REDE DE ÁGUA, DN 1800 MM (72\") OU DN 1900 MM (76\"), JUNTA SOLDADA, INSTALADO EM LOCAL COM NÍVEL ALTO DE INTERFERÊNCIAS (NÃO INCLUI FORNECIMENTO). AF_05/2024","M",122.59]
[97182,"ASSENTAMENTO DE TUBO DE AÇO CARBONO PARA REDE DE ÁGUA, DN 2000 MM (80\") OU DN 2100 MM (84\"), JUNTA SOLDADA, INSTALADO EM LOCAL COM NÍVEL ALTO DE INTERFERÊNCIAS (NÃO INCLUI FORNECIMENTO). AF_05/2024","M",141.01]
[97183,"ASSENTAMENTO DE TUBO DE AÇO CARBONO PARA REDE DE ÁGUA, DN 600 MM (24\"), JUNTA SOLDADA, INSTALADO EM LOCAL COM NÍVEL BAIXO DE INTERFERÊNCIAS (NÃO INCLUI FORNECIMENTO). AF_05/2024","M",33.89]
[97184,"ASSENTAMENTO DE TUBO DE AÇO CARBONO PARA REDE DE ÁGUA, DN 700 MM (28\"), JUNTA SOLDADA, INSTALADO EM LOCAL COM NÍVEL BAIXO DE INTERFERÊNCIAS (NÃO INCLUI FORNECIMENTO). AF_05/2024","M",40.24]
[97185,"ASSENTAMENTO DE TUBO DE AÇO CARBONO PARA REDE DE ÁGUA, DN 800 MM (32\"), JUNTA SOLDADA, INSTALADO EM LOCAL COM NÍVEL BAIXO DE INTERFERÊNCIAS (NÃO INCLUI FORNECIMENTO). AF_05/2024","M",46.63]
[97186,"ASSENTAMENTO DE TUBO DE AÇO CARBONO PARA REDE DE ÁGUA, DN 900 MM (36\"), JUNTA SOLDADA, INSTALADO EM LOCAL COM NÍVEL BAIXO DE INTERFERÊNCIAS (NÃO INCLUI FORNECIMENTO). AF_05/2024","M",53]
[97187,"ASSENTAMENTO DE TUBO DE AÇO CARBONO PARA REDE DE ÁGUA, DN 1000 MM (40\") OU DN 1100 MM (44\"), JUNTA SOLDADA, INSTALADO EM LOCAL COM NÍVEL BAIXO DE INTERFERÊNCIAS (NÃO INCLUI FORNECIMENTO). AF_05/2024","M",59.36]
[97188,"ASSENTAMENTO DE TUBO DE AÇO CARBONO PARA REDE DE ÁGUA, DN 1200 MM (48\") OU DN 1300 MM (52\"), JUNTA SOLDADA, INSTALADO EM LOCAL COM NÍVEL BAIXO DE INTERFERÊNCIAS (NÃO INCLUI FORNECIMENTO). AF_05/2024","M",72.12]
[97189,"ASSENTAMENTO DE TUBO DE AÇO CARBONO PARA REDE DE ÁGUA, DN 1400 MM (56'') OU DN 1500 MM (60\"), JUNTA SOLDADA, INSTALADO EM LOCAL COM NÍVEL BAIXO DE INTERFERÊNCIAS (NÃO INCLUI FORNECIMENTO). AF_05/2024","M",84.87]
[97190,"ASSENTAMENTO DE TUBO DE AÇO CARBONO PARA REDE DE ÁGUA, DN 1600 MM (64\") OU DN 1700 MM (68\"), JUNTA SOLDADA, INSTALADO EM LOCAL COM NÍVEL BAIXO DE INTERFERÊNCIAS (NÃO INCLUI FORNECIMENTO). AF_05/2024","M",97.6]
[97191,"ASSENTAMENTO DE TUBO DE AÇO CARBONO PARA REDE DE ÁGUA, DN 1800 MM (72\") OU DN 1900 MM (76\"), JUNTA SOLDADA, INSTALADO EM LOCAL COM NÍVEL BAIXO DE INTERFERÊNCIAS (NÃO INCLUI FORNECIMENTO). AF_05/2024","M",110.35]
[97192,"ASSENTAMENTO DE TUBO DE AÇO CARBONO PARA REDE DE ÁGUA, DN 2000 MM (80\") OU DN 2100 MM (84\"), JUNTA SOLDADA, INSTALADO EM LOCAL COM NÍVEL BAIXO DE INTERFERÊNCIAS (NÃO INCLUI FORNECIMENTO). AF_05/2024","M",126.42]
[90694,"TUBO DE PVC PARA REDE COLETORA DE ESGOTO DE PAREDE MACIÇA, DN 100 MM, JUNTA ELÁSTICA - FORNECIMENTO E ASSENTAMENTO. AF_01/2021","M",45.31]
[90695,"TUBO DE PVC PARA REDE COLETORA DE ESGOTO DE PAREDE MACIÇA, DN 150 MM, JUNTA ELÁSTICA  - FORNECIMENTO E ASSENTAMENTO. AF_01/2021","M",86.67]
[90696,"TUBO DE PVC PARA REDE COLETORA DE ESGOTO DE PAREDE MACIÇA, DN 200 MM, JUNTA ELÁSTICA - FORNECIMENTO E ASSENTAMENTO. AF_01/2021","M",145.27]
[90697,"TUBO DE PVC PARA REDE COLETORA DE ESGOTO DE PAREDE MACIÇA, DN 250 MM, JUNTA ELÁSTICA  - FORNECIMENTO E ASSENTAMENTO. AF_01/2021","M",225.83]
[90698,"TUBO DE PVC PARA REDE COLETORA DE ESGOTO DE PAREDE MACIÇA, DN 300 MM, JUNTA ELÁSTICA,  FORNECIMENTO E ASSENTAMENTO. AF_01/2021","M",345.66]
[90699,"TUBO DE PVC PARA REDE COLETORA DE ESGOTO DE PAREDE MACIÇA, DN 350 MM, JUNTA ELÁSTICA  - FORNECIMENTO E ASSENTAMENTO. AF_01/2021","M",486.93]
[90700,"TUBO DE PVC PARA REDE COLETORA DE ESGOTO DE PAREDE MACIÇA, DN 400 MM, JUNTA ELÁSTICA  FORNECIMENTO E ASSENTAMENTO. AF_01/2021","M",569.23]
[90701,"TUBO DE PVC CORRUGADO DE DUPLA PAREDE PARA REDE COLETORA DE ESGOTO, DN 150 MM, JUNTA ELÁSTICA - FORNECIMENTO E ASSENTAMENTO. AF_01/2021","M",67.96]
[90702,"TUBO DE PVC CORRUGADO DE DUPLA PAREDE PARA REDE COLETORA DE ESGOTO, DN 200 MM, JUNTA ELÁSTICA - FORNECIMENTO E ASSENTAMENTO. AF_01/2021","M",113.02]
[90703,"TUBO DE PVC CORRUGADO DE DUPLA PAREDE PARA REDE COLETORA DE ESGOTO, DN 250 MM, JUNTA ELÁSTICA - FORNECIMENTO E ASSENTAMENTO. AF_01/2021","M",177.81]
[90704,"TUBO DE PVC CORRUGADO DE DUPLA PAREDE PARA REDE COLETORA DE ESGOTO, DN 300 MM, JUNTA ELÁSTICA - FORNECIMENTO E ASSENTAMENTO. AF_01/2021","M",265.3]
[90705,"TUBO DE PVC CORRUGADO DE DUPLA PAREDE PARA REDE COLETORA DE ESGOTO, DN 350 MM, JUNTA ELÁSTICA - FORNECIMENTO E ASSENTAMENTO. AF_01/2021","M",346.12]
[90706,"TUBO DE PVC CORRUGADO DE DUPLA PAREDE PARA REDE COLETORA DE ESGOTO, DN 400 MM, JUNTA ELÁSTICA - FORNECIMENTO E ASSENTAMENTO. AF_01/2021","M",459.67]
[90708,"TUBO DE PEAD CORRUGADO DE DUPLA PAREDE PARA REDE COLETORA DE ESGOTO, DN 600 MM, JUNTA ELÁSTICA INTEGRADA - FORNECIMENTO E ASSENTAMENTO. AF_01/2021","M",667.29]
[90724,"JUNTA ARGAMASSADA ENTRE TUBO DN 100 MM E O POÇO DE VISITA/ CAIXA DE CONCRETO OU ALVENARIA EM REDES DE ESGOTO. AF_01/2021","UN",18.98]
[90725,"JUNTA ARGAMASSADA ENTRE TUBO DN 150 MM E O POÇO DE VISITA/ CAIXA DE CONCRETO OU ALVENARIA EM REDES DE ESGOTO. AF_01/2021","UN",23.43]
[90726,"JUNTA ARGAMASSADA ENTRE TUBO DN 200 MM E O POÇO/ CAIXA DE CONCRETO OU ALVENARIA EM REDES DE ESGOTO. AF_01/2021","UN",27.97]
[90727,"JUNTA ARGAMASSADA ENTRE TUBO DN 250 MM E O POÇO DE VISITA/ CAIXA DE CONCRETO OU ALVENARIA EM REDES DE ESGOTO. AF_01/2021","UN",32.41]
[90728,"JUNTA ARGAMASSADA ENTRE TUBO DN 300 MM E O POÇO DE VISITA/ CAIXA DE CONCRETO OU ALVENARIA EM REDES DE ESGOTO. AF_01/2021","UN",36.87]
[90729,"JUNTA ARGAMASSADA ENTRE TUBO DN 350 MM E O POÇO DE VISITA/ CAIXA DE CONCRETO OU ALVENARIA EM REDES DE ESGOTO. AF_01/2021","UN",41.33]
[90730,"JUNTA ARGAMASSADA ENTRE TUBO DN 400 MM E O POÇO DE VISITA/ CAIXA DE CONCRETO OU ALVENARIA EM REDES DE ESGOTO. AF_01/2021","UN",45.78]
[90731,"JUNTA ARGAMASSADA ENTRE TUBO DN 450 MM E O POÇO DE VISITA/ CAIXA DE CONCRETO OU ALVENARIA EM REDES DE ESGOTO. AF_01/2021","UN",50.23]
[90732,"JUNTA ARGAMASSADA ENTRE TUBO DN 600 MM E O POÇO DE VISITA/ CAIXA DE CONCRETO OU ALVENARIA EM REDES DE ESGOTO. AF_01/2021","UN",63.59]
[90733,"ASSENTAMENTO DE TUBO DE PVC PARA REDE COLETORA DE ESGOTO DE PAREDE MACIÇA, DN 100 MM, JUNTA ELÁSTICA (NÃO INCLUI FORNECIMENTO). AF_01/2021","M",2.6]
[90734,"ASSENTAMENTO DE TUBO DE PVC PARA REDE COLETORA DE ESGOTO DE PAREDE MACIÇA, DN 150 MM, JUNTA ELÁSTICA,  (NÃO INCLUI FORNECIMENTO). AF_01/2021","M",3.08]
[90735,"ASSENTAMENTO DE TUBO DE PVC PARA REDE COLETORA DE ESGOTO DE PAREDE MACIÇA, DN 200 MM, JUNTA ELÁSTICA (NÃO INCLUI FORNECIMENTO). AF_01/2021","M",3.56]
[90736,"ASSENTAMENTO DE TUBO DE PVC PARA REDE COLETORA DE ESGOTO DE PAREDE MACIÇA, DN 250 MM, JUNTA ELÁSTICA (NÃO INCLUI FORNECIMENTO). AF_01/2021","M",4.04]
[90737,"ASSENTAMENTO DE TUBO DE PVC PARA REDE COLETORA DE ESGOTO DE PAREDE MACIÇA, DN 300 MM, JUNTA ELÁSTICA  (NÃO INCLUI FORNECIMENTO). AF_01/2021","M",4.52]
[90738,"ASSENTAMENTO DE TUBO DE PVC PARA REDE COLETORA DE ESGOTO DE PAREDE MACIÇA, DN 350 MM, JUNTA ELÁSTICA (NÃO INCLUI FORNECIMENTO). AF_01/2021","M",5.01]
[90739,"ASSENTAMENTO DE TUBO DE PVC PARA REDE COLETORA DE ESGOTO DE PAREDE MACIÇA, DN 400 MM, JUNTA ELÁSTICA (NÃO INCLUI FORNECIMENTO). AF_01/2021","M",8]
[90740,"ASSENTAMENTO DE TUBO DE PVC CORRUGADO DE DUPLA PAREDE PARA REDE COLETORA DE ESGOTO, DN 150 MM, JUNTA ELÁSTICA (NÃO INCLUI FORNECIMENTO). AF_01/2021","M",3.43]
[90741,"ASSENTAMENTO DE TUBO DE PVC CORRUGADO DE DUPLA PAREDE PARA REDE COLETORA DE ESGOTO, DN 200 MM, JUNTA ELÁSTICA (NÃO INCLUI FORNECIMENTO). AF_01/2021","M",3.91]
[90742,"ASSENTAMENTO DE TUBO DE PVC CORRUGADO DE DUPLA PAREDE PARA REDE COLETORA DE ESGOTO, DN 250 MM, JUNTA ELÁSTICA (NÃO INCLUI FORNECIMENTO). AF_01/2021","M",4.39]
[90743,"ASSENTAMENTO DE TUBO DE PVC CORRUGADO DE DUPLA PAREDE PARA REDE COLETORA DE ESGOTO, DN 300 MM, JUNTA ELÁSTICA (NÃO INCLUI FORNECIMENTO). AF_01/2021","M",4.87]
[90744,"ASSENTAMENTO DE TUBO DE PVC CORRUGADO DE DUPLA PAREDE PARA REDE COLETORA DE ESGOTO, DN 350 MM, JUNTA ELÁSTICA (NÃO INCLUI FORNECIMENTO). AF_01/2021","M",5.35]
[90745,"ASSENTAMENTO DE TUBO DE PVC CORRUGADO DE DUPLA PAREDE PARA REDE COLETORA DE ESGOTO, DN 400 MM, JUNTA ELÁSTICA  (NÃO INCLUI FORNECIMENTO). AF_01/2021","M",8.94]
[90746,"ASSENTAMENTO DE TUBO DE PEAD CORRUGADO DE DUPLA PAREDE PARA REDE COLETORA DE ESGOTO, DN 450 MM, JUNTA ELÁSTICA INTEGRADA (NÃO INCLUI FORNECIMENTO). AF_01/2021","M",2.81]
[90747,"ASSENTAMENTO DE TUBO DE PEAD CORRUGADO DE DUPLA PAREDE PARA REDE COLETORA DE ESGOTO, DN 600 MM, JUNTA ELÁSTICA INTEGRADA (NÃO INCLUI FORNECIMENTO). AF_01/2021","M",15.43]
[94869,"TUBO DE PEAD CORRUGADO DE DUPLA PAREDE PARA REDE COLETORA DE ESGOTO, DN 250 MM, JUNTA ELÁSTICA INTEGRADA - FORNECIMENTO E ASSENTAMENTO. AF_01/2021","M",117.64]
[94870,"ASSENTAMENTO DE TUBO DE PEAD CORRUGADO DE DUPLA PAREDE PARA REDE COLETORA DE ESGOTO, DN 250 MM, JUNTA ELÁSTICA INTEGRADA (NÃO INCLUI FORNECIMENTO). AF_01/2021","M",1.88]
[94871,"TUBO DE PEAD CORRUGADO DE DUPLA PAREDE PARA REDE COLETORA DE ESGOTO, DN 300 MM, JUNTA ELÁSTICA INTEGRADA - FORNECIMENTO E ASSENTAMENTO. AF_01/2021","M",183.86]
[94872,"ASSENTAMENTO DE TUBO DE PEAD CORRUGADO DE DUPLA PAREDE PARA REDE COLETORA DE ESGOTO, DN 300 MM, JUNTA ELÁSTICA INTEGRADA  (NÃO INCLUI FORNECIMENTO). AF_01/2021","M",2.51]
[94875,"TUBO DE PEAD CORRUGADO DE DUPLA PAREDE PARA REDE COLETORA DE ESGOTO, DN 800 MM, JUNTA ELÁSTICA INTEGRADA - FORNECIMENTO E ASSENTAMENTO. AF_01/2021","M",{"v":1083.35,"d":"1,083.35"}]
[94876,"ASSENTAMENTO DE TUBO DE PEAD CORRUGADO DE DUPLA PAREDE PARA REDE COLETORA DE ESGOTO, DN 800 MM, JUNTA ELÁSTICA INTEGRADA  (NÃO INCLUI FORNECIMENTO). AF_01/2021","M",26.65]
[94878,"ASSENTAMENTO DE TUBO DE PEAD CORRUGADO DE DUPLA PAREDE PARA REDE COLETORA DE ESGOTO, DN 900 MM, JUNTA ELÁSTICA INTEGRADA (NÃO INCLUI FORNECIMENTO). AF_01/2021","M",30.71]
[94879,"TUBO DE PEAD CORRUGADO DE DUPLA PAREDE PARA REDE COLETORA DE ESGOTO, DN 1000 MM, JUNTA ELÁSTICA INTEGRADA - FORNECIMENTO E ASSENTAMENTO. AF_01/2021","M",{"v":1668.02,"d":"1,668.02"}]
[94880,"ASSENTAMENTO DE TUBO DE PEAD CORRUGADO DE DUPLA PAREDE PARA REDE COLETORA DE ESGOTO, DN 1000 MM, JUNTA ELÁSTICA INTEGRADA (NÃO INCLUI FORNECIMENTO). AF_01/2021","M",40.18]
[94881,"TUBO DE PEAD CORRUGADO DE DUPLA PAREDE PARA REDE COLETORA DE ESGOTO, DN 1200 MM, JUNTA ELÁSTICA INTEGRADA - FORNECIMENTO E ASSENTAMENTO. AF_01/2021","M",{"v":2296.21,"d":"2,296.21"}]
[94882,"ASSENTAMENTO DE TUBO DE PEAD CORRUGADO DE DUPLA PAREDE PARA REDE COLETORA DE ESGOTO, DN 1200 MM, JUNTA ELÁSTICA INTEGRADA (NÃO INCLUI FORNECIMENTO). AF_01/2021","M",46.43]
[94884,"ASSENTAMENTO DE TUBO DE PEAD CORRUGADO DE DUPLA PAREDE PARA REDE COLETORA DE ESGOTO, DN 1500 MM, JUNTA ELÁSTICA INTEGRADA (NÃO INCLUI FORNECIMENTO). AF_01/2021","M",59.11]
[97121,"ASSENTAMENTO DE TUBO DE PVC PBA PARA REDE DE ÁGUA, DN 50 MM, JUNTA ELÁSTICA INTEGRADA, INSTALADO EM LOCAL COM NÍVEL ALTO DE INTERFERÊNCIAS (NÃO INCLUI FORNECIMENTO). AF_05/2024","M",2.34]
[97122,"ASSENTAMENTO DE TUBO DE PVC PBA PARA REDE DE ÁGUA, DN 75 MM, JUNTA ELÁSTICA INTEGRADA, INSTALADO EM LOCAL COM NÍVEL ALTO DE INTERFERÊNCIAS (NÃO INCLUI FORNECIMENTO). AF_05/2024","M",2.84]
[97123,"ASSENTAMENTO DE TUBO DE PVC PBA PARA REDE DE ÁGUA, DN 100 MM, JUNTA ELÁSTICA INTEGRADA, INSTALADO EM LOCAL COM NÍVEL ALTO DE INTERFERÊNCIAS (NÃO INCLUI FORNECIMENTO). AF_05/2024","M",3.3]
[97124,"ASSENTAMENTO DE TUBO DE PVC PBA PARA REDE DE ÁGUA, DN 50 MM, JUNTA ELÁSTICA INTEGRADA, INSTALADO EM LOCAL COM NÍVEL BAIXO DE INTERFERÊNCIAS (NÃO INCLUI FORNECIMENTO). AF_05/2024","M",1.92]
[97125,"ASSENTAMENTO DE TUBO DE PVC PBA PARA REDE DE ÁGUA, DN 75 MM, JUNTA ELÁSTICA INTEGRADA, INSTALADO EM LOCAL COM NÍVEL BAIXO DE INTERFERÊNCIAS (NÃO INCLUI FORNECIMENTO). AF_05/2024","M",2.34]
[97126,"ASSENTAMENTO DE TUBO DE PVC PBA PARA REDE DE ÁGUA, DN 100 MM, JUNTA ELÁSTICA INTEGRADA, INSTALADO EM LOCAL COM NÍVEL BAIXO DE INTERFERÊNCIAS (NÃO INCLUI FORNECIMENTO). AF_05/2024","M",2.73]
[102264,"TUBO DE PVC BRANCO PARA REDE COLETORA DE ESGOTO CONDOMINIAL DE PAREDE MACIÇA, DN 100 MM, JUNTA ELÁSTICA - FORNECIMENTO E ASSENTAMENTO. AF_01/2021","M",19.25]
[102265,"JUNTA ARGAMASSADA ENTRE TUBO DN 800 MM E O POÇO DE VISITA/ CAIXA DE CONCRETO OU ALVENARIA EM REDES DE ESGOTO. AF_01/2021","UN",81.4]
[102266,"JUNTA ARGAMASSADA ENTRE TUBO DN 900 MM E O POÇO DE VISITA/ CAIXA DE CONCRETO OU ALVENARIA EM REDES DE ESGOTO. AF_01/2021","UN",90.32]
[102267,"JUNTA ARGAMASSADA ENTRE TUBO DN 1000 MM E O POÇO DE VISITA/ CAIXA DE CONCRETO OU ALVENARIA EM REDES DE ESGOTO. AF_01/2021","UN",103.75]
[102268,"JUNTA ARGAMASSADA ENTRE TUBO DN 1200 MM E O POÇO DE VISITA/ CAIXA DE CONCRETO OU ALVENARIA EM REDES DE ESGOTO. AF_01/2021","UN",117.11]
[102269,"JUNTA ARGAMASSADA ENTRE TUBO DN 1500 MM E O POÇO DE VISITA/ CAIXA DE CONCRETO OU ALVENARIA EM REDES DE ESGOTO. AF_01/2021","UN",143.84]
[105260,"ASSENTAMENTO E FORNECIMENTO DE TUBO DE PVC PBA PARA REDE DE ÁGUA, DN 50, JUNTA ELÁSTICA INTEGRADA, INSTALADO EM LOCAL COM NÍVEL ALTO DE INTERFERÊNCIAS (INCLUI FORNECIMENTO). AF_05/2024","UN",20.5]
[105285,"ASSENTAMENTO E FORNECIMENTO DE TUBO DE PVC PBA PARA REDE DE ÁGUA, DN 50, JUNTA ELÁSTICA INTEGRADA, INSTALADO EM LOCAL COM NÍVEL BAIXO DE INTERFERÊNCIAS (INCLUI FORNECIMENTO). AF_05/2024","UN",20.08]
[105286,"ASSENTAMENTO E FORNECIMENTO DE LUVA SIMPLES, PVC PBA, JE, DN 50 / DE 60 MM, PARA REDE AGUA, JUNTA ELÁSTICA INTEGRADA, INSTALADO EM LOCAL COM NÍVEL ALTO DE INTERFERÊNCIAS (INCLUI FORNECIMENTO). AF_05/2024","UN",23.98]
[105287,"ASSENTAMENTO E FORNECIMENTO DE LUVA SIMPLES, PVC PBA, JE, DN 50 / DE 60 MM, PARA REDE AGUA, JUNTA ELÁSTICA INTEGRADA, INSTALADO EM LOCAL COM NÍVEL BAIXO DE INTERFERÊNCIAS (INCLUI FORNECIMENTO). AF_05/2024","UN",22.3]
[105288,"ASSENTAMENTO E FORNECIMENTO DE LUVA SIMPLES, PVC PBA, JE, DN 75 / DE 85 MM, PARA REDE AGUA, JUNTA ELÁSTICA INTEGRADA, INSTALADO EM LOCAL COM NÍVEL ALTO DE INTERFERÊNCIAS (INCLUI FORNECIMENTO). AF_05/2024","UN",39.45]
[105289,"ASSENTAMENTO E FORNECIMENTO DE LUVA SIMPLES, PVC PBA, JE, DN 75 / DE 85 MM, PARA REDE AGUA, JUNTA ELÁSTICA INTEGRADA, INSTALADO EM LOCAL COM NÍVEL BAIXO DE INTERFERÊNCIAS (INCLUI FORNECIMENTO). AF_05/2024","UN",37.45]
[105290,"ASSENTAMENTO E FORNECIMENTO DE LUVA SIMPLES, PVC PBA, JE, DN 100 / DE 110 MM, PARA REDE AGUA, JUNTA ELÁSTICA INTEGRADA, INSTALADO EM LOCAL COM NÍVEL ALTO DE INTERFERÊNCIAS (INCLUI FORNECIMENTO). AF_05/2024","UN",52.98]
[105291,"ASSENTAMENTO E FORNECIMENTO DE LUVA SIMPLES, PVC PBA, JE, DN 100 / DE 110 MM, PARA REDE AGUA, JUNTA ELÁSTICA INTEGRADA, INSTALADO EM LOCAL COM NÍVEL BAIXO DE INTERFERÊNCIAS (INCLUI FORNECIMENTO). AF_05/2024","UN",50.67]
[105292,"ASSENTAMENTO E FORNECIMENTO DE CURVA PVC PBA, JE, PB, 45 GRAUS, DN 50 / DE 60 MM, PARA REDE AGUA, JUNTA ELÁSTICA INTEGRADA, INSTALADO EM LOCAL COM NÍVEL ALTO DE INTERFERÊNCIAS (INCLUI FORNECIMENTO). AF_05/2024","UN",39.77]
[105293,"ASSENTAMENTO E FORNECIMENTO DE CURVA PVC PBA, JE, PB, 45 GRAUS, DN 50 / DE 60 MM, PARA REDE AGUA, JUNTA ELÁSTICA INTEGRADA, INSTALADO EM LOCAL COM NÍVEL BAIXO DE INTERFERÊNCIAS (INCLUI FORNECIMENTO). AF_05/2024","UN",37.25]
[105294,"ASSENTAMENTO E FORNECIMENTO DE CURVA PVC PBA, JE, PB, 45 GRAUS, DN 75 / DE 85 MM, PARA REDE AGUA, JUNTA ELÁSTICA INTEGRADA, INSTALADO EM LOCAL COM NÍVEL ALTO DE INTERFERÊNCIAS (INCLUI FORNECIMENTO). AF_05/2024","UN",80.34]
[105295,"ASSENTAMENTO E FORNECIMENTO DE CURVA PVC PBA, JE, PB, 45 GRAUS, DN 75 / DE 85 MM, PARA REDE AGUA, JUNTA ELÁSTICA INTEGRADA, INSTALADO EM LOCAL COM NÍVEL BAIXO DE INTERFERÊNCIAS (INCLUI FORNECIMENTO). AF_05/2024","UN",77.35]
[105296,"ASSENTAMENTO E FORNECIMENTO DE CURVA PVC PBA, JE, PB, 45 GRAUS, DN 100 / DE 110 MM, PARA REDE AGUA, JUNTA ELÁSTICA INTEGRADA, INSTALADO EM LOCAL COM NÍVEL ALTO DE INTERFERÊNCIAS (INCLUI FORNECIMENTO). AF_05/2024","UN",137.19]
[105308,"ASSENTAMENTO DE TUBO DE PVC PBA PARA REDE DE ÁGUA, DN 125, JUNTA ELÁSTICA INTEGRADA, INSTALADO EM LOCAL COM NÍVEL ALTO DE INTERFERÊNCIAS (NÃO INCLUI FORNECIMENTO). AF_05/2024","M",3.84]
[105309,"ASSENTAMENTO DE TUBO DE PVC PBA PARA REDE DE ÁGUA, DN 140, JUNTA ELÁSTICA INTEGRADA, INSTALADO EM LOCAL COM NÍVEL ALTO DE INTERFERÊNCIAS (NÃO INCLUI FORNECIMENTO). AF_05/2024","M",4.14]
[105310,"ASSENTAMENTO DE TUBO DE PVC PBA PARA REDE DE ÁGUA, DN 180, JUNTA ELÁSTICA INTEGRADA, INSTALADO EM LOCAL COM NÍVEL ALTO DE INTERFERÊNCIAS (NÃO INCLUI FORNECIMENTO). AF_05/2024","M",4.88]
[105311,"ASSENTAMENTO DE TUBO DE PVC DEFOFO OU PRFV OU RPVC PARA REDE DE ÁGUA, DN 100, JUNTA ELÁSTICA INTEGRADA, INSTALADO EM LOCAL COM NÍVEL ALTO DE INTERFERÊNCIAS (NÃO INCLUI FORNECIMENTO). AF_05/2024","M",3.07]
[105312,"ASSENTAMENTO DE TUBO DE PVC PBA PARA REDE DE ÁGUA, DN 125, JUNTA ELÁSTICA INTEGRADA, INSTALADO EM LOCAL COM NÍVEL BAIXO DE INTERFERÊNCIAS (NÃO INCLUI FORNECIMENTO). AF_05/2024","M",3.19]
[105313,"ASSENTAMENTO DE TUBO DE PVC PBA PARA REDE DE ÁGUA, DN 140, JUNTA ELÁSTICA INTEGRADA, INSTALADO EM LOCAL COM NÍVEL BAIXO DE INTERFERÊNCIAS (NÃO INCLUI FORNECIMENTO). AF_05/2024","M",3.45]
[105314,"ASSENTAMENTO DE TUBO DE PVC PBA PARA REDE DE ÁGUA, DN 180, JUNTA ELÁSTICA INTEGRADA, INSTALADO EM LOCAL COM NÍVEL BAIXO DE INTERFERÊNCIAS (NÃO INCLUI FORNECIMENTO). AF_05/2024","M",4.08]
[105315,"ASSENTAMENTO DE CONEXÃO 2 ACESSOS ALINHADOS DE PVC PBA PARA REDE DE ÁGUA, DN 50, JUNTA ELÁSTICA INTEGRADA, INSTALADO EM LOCAL COM NÍVEL BAIXO DE INTERFERÊNCIAS (NÃO INCLUI FORNECIMENTO). AF_05/2024","UN",8.05]
[105316,"ASSENTAMENTO DE CONEXÃO 2 ACESSOS ALINHADOS DE FERRO FUNDIDO PARA REDE DE ÁGUA, DN 250, JUNTA ELÁSTICA, INSTALADO EM LOCAL COM NÍVEL BAIXO DE INTERFERÊNCIAS (NÃO INCLUI FORNECIMENTO). AF_05/2024","UN",16.29]
[105327,"ASSENTAMENTO E FORNECIMENTO DE TUBO DE PVC PBA PARA REDE DE ÁGUA, DN 75, JUNTA ELÁSTICA INTEGRADA, INSTALADO EM LOCAL COM NÍVEL ALTO DE INTERFERÊNCIAS (INCLUI FORNECIMENTO). AF_05/2024","UN",38.51]
[105328,"ASSENTAMENTO E FORNECIMENTO DE TUBO DE PVC PBA PARA REDE DE ÁGUA, DN 75, JUNTA ELÁSTICA INTEGRADA, INSTALADO EM LOCAL COM NÍVEL BAIXO DE INTERFERÊNCIAS (INCLUI FORNECIMENTO). AF_05/2024","UN",38.01]
[105329,"ASSENTAMENTO E FORNECIMENTO DE TUBO DE PVC PBA PARA REDE DE ÁGUA, DN 100, JUNTA ELÁSTICA INTEGRADA, INSTALADO EM LOCAL COM NÍVEL ALTO DE INTERFERÊNCIAS (INCLUI FORNECIMENTO). AF_05/2024","UN",62.89]
[105330,"ASSENTAMENTO E FORNECIMENTO DE TUBO DE PVC PBA PARA REDE DE ÁGUA, DN 100, JUNTA ELÁSTICA INTEGRADA, INSTALADO EM LOCAL COM NÍVEL BAIXO DE INTERFERÊNCIAS (INCLUI FORNECIMENTO). AF_05/2024","UN",62.32]
[105331,"ASSENTAMENTO E FORNECIMENTO DE TUBO DE PVC DEFOFO OU PRFV OU RPVC PARA REDE DE ÁGUA, DN 100, JUNTA ELÁSTICA INTEGRADA, INSTALADO EM LOCAL COM NÍVEL ALTO DE INTERFERÊNCIAS (INCLUI FORNECIMENTO). AF_05/2024","M",44.52]
[105332,"ASSENTAMENTO E FORNECIMENTO DE TUBO DE PVC DEFOFO OU PRFV OU RPVC PARA REDE DE ÁGUA, DN 100, JUNTA ELÁSTICA INTEGRADA, INSTALADO EM LOCAL COM NÍVEL BAIXO DE INTERFERÊNCIAS (INCLUI FORNECIMENTO). AF_05/2024","M",43.99]
[105333,"ASSENTAMENTO E FORNECIMENTO DE TUBO DE PVC DEFOFO PARA REDE DE ÁGUA, DN 200, JUNTA ELÁSTICA INTEGRADA, INSTALADO EM LOCAL COM NÍVEL ALTO DE INTERFERÊNCIAS (INCLUI FORNECIMENTO). AF_05/2024","M",197.36]
[105334,"ASSENTAMENTO E FORNECIMENTO DE TUBO DE PVC DEFOFO PARA REDE DE ÁGUA, DN 200, JUNTA ELÁSTICA INTEGRADA, INSTALADO EM LOCAL COM NÍVEL BAIXO DE INTERFERÊNCIAS (INCLUI FORNECIMENTO). AF_05/2024","M",195.45]
[105335,"ASSENTAMENTO E FORNECIMENTO DE TUBO DE PVC DEFOFO PARA REDE DE ÁGUA, DN 250, JUNTA ELÁSTICA INTEGRADA, INSTALADO EM LOCAL COM NÍVEL ALTO DE INTERFERÊNCIAS (INCLUI FORNECIMENTO). AF_05/2024","M",297.65]
[105336,"ASSENTAMENTO E FORNECIMENTO DE TUBO DE PVC DEFOFO PARA REDE DE ÁGUA, DN 250, JUNTA ELÁSTICA INTEGRADA, INSTALADO EM LOCAL COM NÍVEL BAIXO DE INTERFERÊNCIAS (INCLUI FORNECIMENTO). AF_05/2024","M",295.39]
[105337,"ASSENTAMENTO E FORNECIMENTO DE TUBO DE PVC DEFOFO PARA REDE DE ÁGUA, DN 300, JUNTA ELÁSTICA INTEGRADA, INSTALADO EM LOCAL COM NÍVEL ALTO DE INTERFERÊNCIAS (INCLUI FORNECIMENTO). AF_05/2024","M",420.09]
[105338,"ASSENTAMENTO E FORNECIMENTO DE TUBO DE PVC DEFOFO PARA REDE DE ÁGUA, DN 300, JUNTA ELÁSTICA INTEGRADA, INSTALADO EM LOCAL COM NÍVEL BAIXO DE INTERFERÊNCIAS (INCLUI FORNECIMENTO). AF_05/2024","M",417.47]
[105339,"ASSENTAMENTO DE TUBO DE PVC DEFOFO OU PRFV OU RPVC PARA REDE DE ÁGUA, DN 100, JUNTA ELÁSTICA INTEGRADA, INSTALADO EM LOCAL COM NÍVEL BAIXO DE INTERFERÊNCIAS (NÃO INCLUI FORNECIMENTO). AF_05/2024","M",2.54]
[105359,"ASSENTAMENTO DE CONEXÃO 2 ACESSOS ALINHADOS DE PVC PBA PARA REDE DE ÁGUA, DN 50, JUNTA ELÁSTICA INTEGRADA, INSTALADO EM LOCAL COM NÍVEL ALTO DE INTERFERÊNCIAS (NÃO INCLUI FORNECIMENTO). AF_05/2024","UN",9.73]
[105360,"ASSENTAMENTO DE CONEXÃO 2 ACESSOS ALINHADOS DE PVC PBA PARA REDE DE ÁGUA, DN 75, JUNTA ELÁSTICA INTEGRADA, INSTALADO EM LOCAL COM NÍVEL ALTO DE INTERFERÊNCIAS (NÃO INCLUI FORNECIMENTO). AF_05/2024","UN",11.96]
[105361,"ASSENTAMENTO DE CONEXÃO 2 ACESSOS ALINHADOS DE PVC PBA PARA REDE DE ÁGUA, DN 100, JUNTA ELÁSTICA INTEGRADA, INSTALADO EM LOCAL COM NÍVEL ALTO DE INTERFERÊNCIAS (NÃO INCLUI FORNECIMENTO). AF_05/2024","UN",13.97]
[105362,"ASSENTAMENTO DE CONEXÃO 2 ACESSOS INCLINADOS DE PVC PBA PARA REDE DE ÁGUA, DN 50, JUNTA ELÁSTICA INTEGRADA, INSTALADO EM LOCAL COM NÍVEL ALTO DE INTERFERÊNCIAS (NÃO INCLUI FORNECIMENTO). AF_05/2024","UN",14.2]
[105363,"ASSENTAMENTO DE CONEXÃO 2 ACESSOS INCLINADOS DE PVC PBA PARA REDE DE ÁGUA, DN 75, JUNTA ELÁSTICA INTEGRADA, INSTALADO EM LOCAL COM NÍVEL ALTO DE INTERFERÊNCIAS (NÃO INCLUI FORNECIMENTO). AF_05/2024","UN",17.24]
[105364,"ASSENTAMENTO DE CONEXÃO 2 ACESSOS INCLINADOS DE PVC PBA PARA REDE DE ÁGUA, DN 100, JUNTA ELÁSTICA INTEGRADA, INSTALADO EM LOCAL COM NÍVEL ALTO DE INTERFERÊNCIAS (NÃO INCLUI FORNECIMENTO). AF_05/2024","UN",20.07]
[105365,"ASSENTAMENTO DE CONEXÃO 3 ACESSOS DE PVC PBA PARA REDE DE ÁGUA, DN 50, JUNTA ELÁSTICA INTEGRADA, INSTALADO EM LOCAL COM NÍVEL ALTO DE INTERFERÊNCIAS (NÃO INCLUI FORNECIMENTO). AF_05/2024","UN",19.47]
[105366,"ASSENTAMENTO DE CONEXÃO 3 ACESSOS DE PVC PBA PARA REDE DE ÁGUA, DN 75, JUNTA ELÁSTICA INTEGRADA, INSTALADO EM LOCAL COM NÍVEL ALTO DE INTERFERÊNCIAS (NÃO INCLUI FORNECIMENTO). AF_05/2024","UN",23.9]
[105367,"ASSENTAMENTO DE CONEXÃO 3 ACESSOS DE PVC PBA PARA REDE DE ÁGUA, DN 100, JUNTA ELÁSTICA INTEGRADA, INSTALADO EM LOCAL COM NÍVEL ALTO DE INTERFERÊNCIAS (NÃO INCLUI FORNECIMENTO). AF_05/2024","UN",27.96]
[105368,"FORNECIMENTO E ASSENTAMENTO DE CURVA 45 GRAUS RANHURADA EM FERRO FUNDIDO, DN 80 MM (3\") PARA REDE DE ÁGUA, INSTALADO EM LOCAL COM NÍVEL BAIXO DE INTERFERÊNCIAS (INCLUI FORNECIMENTO). AF_05/2024","UN",42.14]
[105370,"FORNECIMENTO E ASSENTAMENTO DE TE RANHURADO EM FERRO FUNDIDO, DN 80 (3\") PARA REDE DE ÁGUA, INSTALADO EM LOCAL COM NÍVEL BAIXO DE INTERFERÊNCIAS (INCLUI FORNECIMENTO). AF_05/2024","UN",67.79]
[105371,"ASSENTAMENTO DE CONEXÃO 3 ACESSOS DE PVC PBA PARA REDE DE ÁGUA, DN 100, JUNTA ELÁSTICA INTEGRADA, INSTALADO EM LOCAL COM NÍVEL BAIXO DE INTERFERÊNCIAS (NÃO INCLUI FORNECIMENTO). AF_05/2024","UN",23.35]
[105372,"ASSENTAMENTO DE CONEXÃO 2 ACESSOS ALINHADOS DE FERRO FUNDIDO PARA REDE DE ÁGUA, DN 80, JUNTA ELÁSTICA, INSTALADO EM LOCAL COM NÍVEL BAIXO DE INTERFERÊNCIAS (NÃO INCLUI FORNECIMENTO). AF_05/2024","UN",6.95]
[105373,"ASSENTAMENTO DE CONEXÃO 2 ACESSOS ALINHADOS DE FERRO FUNDIDO PARA REDE DE ÁGUA, DN 100, JUNTA ELÁSTICA, INSTALADO EM LOCAL COM NÍVEL BAIXO DE INTERFERÊNCIAS (NÃO INCLUI FORNECIMENTO). AF_05/2024","UN",8.06]
[105374,"ASSENTAMENTO E FORNECIMENTO DE CURVA PVC PBA, JE, PB, 45 GRAUS, DN 100 / DE 110 MM, PARA REDE AGUA, JUNTA ELÁSTICA INTEGRADA, INSTALADO EM LOCAL COM NÍVEL BAIXO DE INTERFERÊNCIAS (INCLUI FORNECIMENTO). AF_05/2024","UN",133.74]
[105375,"ASSENTAMENTO E FORNECIMENTO DE TE DE REDUCAO, PVC PBA, BBB, JE, DN 100 X 50 / DE 110 X 60 MM, PARA REDE AGUA, JUNTA ELÁSTICA INTEGRADA, INSTALADO EM LOCAL COM NÍVEL ALTO DE INTERFERÊNCIAS (INCLUI FORNECIMENTO). AF_05/2024","UN",107.26]
[105376,"ASSENTAMENTO E FORNECIMENTO DE TE DE REDUCAO, PVC PBA, BBB, JE, DN 100 X 50 / DE 110 X 60 MM, PARA REDE AGUA, JUNTA ELÁSTICA INTEGRADA, INSTALADO EM LOCAL COM NÍVEL BAIXO DE INTERFERÊNCIAS (INCLUI FORNECIMENTO). AF_05/2024","UN",102.65]
[105381,"ASSENTAMENTO DE CONEXÃO 2 ACESSOS ALINHADOS DE PVC PBA PARA REDE DE ÁGUA, DN 75, JUNTA ELÁSTICA INTEGRADA, INSTALADO EM LOCAL COM NÍVEL BAIXO DE INTERFERÊNCIAS (NÃO INCLUI FORNECIMENTO). AF_05/2024","UN",9.96]
[105382,"ASSENTAMENTO DE CONEXÃO 2 ACESSOS ALINHADOS DE PVC PBA PARA REDE DE ÁGUA, DN 100, JUNTA ELÁSTICA INTEGRADA, INSTALADO EM LOCAL COM NÍVEL BAIXO DE INTERFERÊNCIAS (NÃO INCLUI FORNECIMENTO). AF_05/2024","UN",11.66]
[105383,"ASSENTAMENTO DE CONEXÃO 2 ACESSOS INCLINADOS DE PVC PBA PARA REDE DE ÁGUA, DN 50, JUNTA ELÁSTICA INTEGRADA, INSTALADO EM LOCAL COM NÍVEL BAIXO DE INTERFERÊNCIAS (NÃO INCLUI FORNECIMENTO). AF_05/2024","UN",11.68]
[105384,"ASSENTAMENTO DE CONEXÃO 2 ACESSOS INCLINADOS DE PVC PBA PARA REDE DE ÁGUA, DN 75, JUNTA ELÁSTICA INTEGRADA, INSTALADO EM LOCAL COM NÍVEL BAIXO DE INTERFERÊNCIAS (NÃO INCLUI FORNECIMENTO). AF_05/2024","UN",14.25]
[105385,"ASSENTAMENTO DE CONEXÃO 2 ACESSOS INCLINADOS DE PVC PBA PARA REDE DE ÁGUA, DN 100, JUNTA ELÁSTICA INTEGRADA, INSTALADO EM LOCAL COM NÍVEL BAIXO DE INTERFERÊNCIAS (NÃO INCLUI FORNECIMENTO). AF_05/2024","UN",16.62]
[105386,"ASSENTAMENTO DE CONEXÃO 3 ACESSOS DE PVC PBA PARA REDE DE ÁGUA, DN 50, JUNTA ELÁSTICA INTEGRADA, INSTALADO EM LOCAL COM NÍVEL BAIXO DE INTERFERÊNCIAS (NÃO INCLUI FORNECIMENTO). AF_05/2024","UN",16.1]
[105387,"ASSENTAMENTO DE CONEXÃO 3 ACESSOS DE PVC PBA PARA REDE DE ÁGUA, DN 75, JUNTA ELÁSTICA INTEGRADA, INSTALADO EM LOCAL COM NÍVEL BAIXO DE INTERFERÊNCIAS (NÃO INCLUI FORNECIMENTO). AF_05/2024","UN",19.92]
[92833,"TUBO DE CONCRETO PARA REDES COLETORAS DE ESGOTO SANITÁRIO, DIÂMETRO DE 300 MM, JUNTA ELÁSTICA, INSTALADO EM LOCAL COM BAIXO NÍVEL DE INTERFERÊNCIAS - FORNECIMENTO E ASSENTAMENTO. AF_03/2024","M",225.27]
[92834,"ASSENTAMENTO DE TUBO DE CONCRETO PARA REDES COLETORAS DE ESGOTO SANITÁRIO, DIÂMETRO DE 300 MM, JUNTA ELÁSTICA, INSTALADO EM LOCAL COM BAIXO NÍVEL DE INTERFERÊNCIAS (NÃO INCLUI FORNECIMENTO). AF_03/2024","M",19.37]
[92835,"TUBO DE CONCRETO PARA REDES COLETORAS DE ESGOTO SANITÁRIO, DIÂMETRO DE 400 MM, JUNTA ELÁSTICA, INSTALADO EM LOCAL COM BAIXO NÍVEL DE INTERFERÊNCIAS - FORNECIMENTO E ASSENTAMENTO. AF_03/2024","M",236.6]
[92836,"ASSENTAMENTO DE TUBO DE CONCRETO PARA REDES COLETORAS DE ESGOTO SANITÁRIO, DIÂMETRO DE 400 MM, JUNTA ELÁSTICA, INSTALADO EM LOCAL COM BAIXO NÍVEL DE INTERFERÊNCIAS (NÃO INCLUI FORNECIMENTO). AF_03/2024","M",25.41]
[92837,"TUBO DE CONCRETO PARA REDES COLETORAS DE ESGOTO SANITÁRIO, DIÂMETRO DE 500 MM, JUNTA ELÁSTICA, INSTALADO EM LOCAL COM BAIXO NÍVEL DE INTERFERÊNCIAS - FORNECIMENTO E ASSENTAMENTO. AF_03/2024","M",422.5]
[92838,"ASSENTAMENTO DE TUBO DE CONCRETO PARA REDES COLETORAS DE ESGOTO SANITÁRIO, DIÂMETRO DE 500 MM, JUNTA ELÁSTICA, INSTALADO EM LOCAL COM BAIXO NÍVEL DE INTERFERÊNCIAS (NÃO INCLUI FORNECIMENTO). AF_03/2024","M",31.81]
[92839,"TUBO DE CONCRETO PARA REDES COLETORAS DE ESGOTO SANITÁRIO, DIÂMETRO DE 600 MM, JUNTA ELÁSTICA, INSTALADO EM LOCAL COM BAIXO NÍVEL DE INTERFERÊNCIAS - FORNECIMENTO E ASSENTAMENTO. AF_03/2024","M",517.94]
[92840,"ASSENTAMENTO DE TUBO DE CONCRETO PARA REDES COLETORAS DE ESGOTO SANITÁRIO, DIÂMETRO DE 600 MM, JUNTA ELÁSTICA, INSTALADO EM LOCAL COM BAIXO NÍVEL DE INTERFERÊNCIAS (NÃO INCLUI FORNECIMENTO). AF_03/2024","M",38.54]
[92841,"TUBO DE CONCRETO PARA REDES COLETORAS DE ESGOTO SANITÁRIO, DIÂMETRO DE 700 MM, JUNTA ELÁSTICA, INSTALADO EM LOCAL COM BAIXO NÍVEL DE INTERFERÊNCIAS - FORNECIMENTO E ASSENTAMENTO. AF_03/2024","M",674.76]
[92842,"ASSENTAMENTO DE TUBO DE CONCRETO PARA REDES COLETORAS DE ESGOTO SANITÁRIO, DIÂMETRO DE 700 MM, JUNTA ELÁSTICA, INSTALADO EM LOCAL COM BAIXO NÍVEL DE INTERFERÊNCIAS (NÃO INCLUI FORNECIMENTO). AF_03/2024","M",48.59]
[92843,"TUBO DE CONCRETO PARA REDES COLETORAS DE ESGOTO SANITÁRIO, DIÂMETRO DE 800 MM, JUNTA ELÁSTICA, INSTALADO EM LOCAL COM BAIXO NÍVEL DE INTERFERÊNCIAS - FORNECIMENTO E ASSENTAMENTO. AF_03/2024","M",697.89]
[92844,"ASSENTAMENTO DE TUBO DE CONCRETO PARA REDES COLETORAS DE ESGOTO SANITÁRIO, DIÂMETRO DE 800 MM, JUNTA ELÁSTICA, INSTALADO EM LOCAL COM BAIXO NÍVEL DE INTERFERÊNCIAS (NÃO INCLUI FORNECIMENTO). AF_03/2024","M",57.88]
[92845,"TUBO DE CONCRETO PARA REDES COLETORAS DE ESGOTO SANITÁRIO, DIÂMETRO DE 900 MM, JUNTA ELÁSTICA, INSTALADO EM LOCAL COM BAIXO NÍVEL DE INTERFERÊNCIAS - FORNECIMENTO E ASSENTAMENTO. AF_03/2024","M",{"v":1036.86,"d":"1,036.86"}]
[92846,"ASSENTAMENTO DE TUBO DE CONCRETO PARA REDES COLETORAS DE ESGOTO SANITÁRIO, DIÂMETRO DE 900 MM, JUNTA ELÁSTICA, INSTALADO EM LOCAL COM BAIXO NÍVEL DE INTERFERÊNCIAS (NÃO INCLUI FORNECIMENTO). AF_03/2024","M",66.44]
[92847,"TUBO DE CONCRETO PARA REDES COLETORAS DE ESGOTO SANITÁRIO, DIÂMETRO DE 1000 MM, JUNTA ELÁSTICA, INSTALADO EM LOCAL COM BAIXO NÍVEL DE INTERFERÊNCIAS - FORNECIMENTO E ASSENTAMENTO. AF_03/2024","M",{"v":1062.83,"d":"1,062.83"}]
[92848,"ASSENTAMENTO DE TUBO DE CONCRETO PARA REDES COLETORAS DE ESGOTO SANITÁRIO, DIÂMETRO DE 1000 MM, JUNTA ELÁSTICA, INSTALADO EM LOCAL COM BAIXO NÍVEL DE INTERFERÊNCIAS (NÃO INCLUI FORNECIMENTO). AF_03/2024","M",78.68]
[92849,"TUBO DE CONCRETO PARA REDES COLETORAS DE ESGOTO SANITÁRIO, DIÂMETRO DE 300 MM, JUNTA ELÁSTICA, INSTALADO EM LOCAL COM ALTO NÍVEL DE INTERFERÊNCIAS - FORNECIMENTO E ASSENTAMENTO. AF_03/2024","M",227.47]
[92850,"ASSENTAMENTO DE TUBO DE CONCRETO PARA REDES COLETORAS DE ESGOTO SANITÁRIO, DIÂMETRO DE 300 MM, JUNTA ELÁSTICA, INSTALADO EM LOCAL COM ALTO NÍVEL DE INTERFERÊNCIAS (NÃO INCLUI FORNECIMENTO). AF_03/2024","M",21.57]
[92851,"TUBO DE CONCRETO PARA REDES COLETORAS DE ESGOTO SANITÁRIO, DIÂMETRO DE 400 MM, JUNTA ELÁSTICA, INSTALADO EM LOCAL COM ALTO NÍVEL DE INTERFERÊNCIAS - FORNECIMENTO E ASSENTAMENTO. AF_03/2024","M",239.73]
[92852,"ASSENTAMENTO DE TUBO DE CONCRETO PARA REDES COLETORAS DE ESGOTO SANITÁRIO, DIÂMETRO DE 400 MM, JUNTA ELÁSTICA, INSTALADO EM LOCAL COM ALTO NÍVEL DE INTERFERÊNCIAS (NÃO INCLUI FORNECIMENTO). AF_03/2024","M",28.54]
[92853,"TUBO DE CONCRETO PARA REDES COLETORAS DE ESGOTO SANITÁRIO, DIÂMETRO DE 500 MM, JUNTA ELÁSTICA, INSTALADO EM LOCAL COM ALTO NÍVEL DE INTERFERÊNCIAS - FORNECIMENTO E ASSENTAMENTO. AF_03/2024","M",426.56]
[92854,"ASSENTAMENTO DE TUBO DE CONCRETO PARA REDES COLETORAS DE ESGOTO SANITÁRIO, DIÂMETRO DE 500 MM, JUNTA ELÁSTICA, INSTALADO EM LOCAL COM ALTO NÍVEL DE INTERFERÊNCIAS (NÃO INCLUI FORNECIMENTO). AF_03/2024","M",35.87]
[92855,"TUBO DE CONCRETO PARA REDES COLETORAS DE ESGOTO SANITÁRIO, DIÂMETRO DE 600 MM, JUNTA ELÁSTICA, INSTALADO EM LOCAL COM ALTO NÍVEL DE INTERFERÊNCIAS - FORNECIMENTO E ASSENTAMENTO. AF_03/2024","M",522.93]
[92856,"ASSENTAMENTO DE TUBO DE CONCRETO PARA REDES COLETORAS DE ESGOTO SANITÁRIO, DIÂMETRO DE 600 MM, JUNTA ELÁSTICA, INSTALADO EM LOCAL COM ALTO NÍVEL DE INTERFERÊNCIAS (NÃO INCLUI FORNECIMENTO). AF_03/2024","M",43.53]
[92857,"TUBO DE CONCRETO PARA REDES COLETORAS DE ESGOTO SANITÁRIO, DIÂMETRO DE 700 MM, JUNTA ELÁSTICA, INSTALADO EM LOCAL COM ALTO NÍVEL DE INTERFERÊNCIAS - FORNECIMENTO E ASSENTAMENTO. AF_03/2024","M",680.71]
[92858,"ASSENTAMENTO DE TUBO DE CONCRETO PARA REDES COLETORAS DE ESGOTO SANITÁRIO, DIÂMETRO DE 700 MM, JUNTA ELÁSTICA, INSTALADO EM LOCAL COM ALTO NÍVEL DE INTERFERÊNCIAS (NÃO INCLUI FORNECIMENTO). AF_03/2024","M",54.54]
[92859,"TUBO DE CONCRETO PARA REDES COLETORAS DE ESGOTO SANITÁRIO, DIÂMETRO DE 800 MM, JUNTA ELÁSTICA, INSTALADO EM LOCAL COM ALTO NÍVEL DE INTERFERÊNCIAS - FORNECIMENTO E ASSENTAMENTO. AF_03/2024","M",704.79]
[92860,"ASSENTAMENTO DE TUBO DE CONCRETO PARA REDES COLETORAS DE ESGOTO SANITÁRIO, DIÂMETRO DE 800 MM, JUNTA ELÁSTICA, INSTALADO EM LOCAL COM ALTO NÍVEL DE INTERFERÊNCIAS (NÃO INCLUI FORNECIMENTO). AF_03/2024","M",64.78]
[92861,"TUBO DE CONCRETO PARA REDES COLETORAS DE ESGOTO SANITÁRIO, DIÂMETRO DE 900 MM, JUNTA ELÁSTICA, INSTALADO EM LOCAL COM ALTO NÍVEL DE INTERFERÊNCIAS - FORNECIMENTO E ASSENTAMENTO. AF_03/2024","M",{"v":1044.67,"d":"1,044.67"}]
[92862,"ASSENTAMENTO DE TUBO DE CONCRETO PARA REDES COLETORAS DE ESGOTO SANITÁRIO, DIÂMETRO DE 900 MM, JUNTA ELÁSTICA, INSTALADO EM LOCAL COM ALTO NÍVEL DE INTERFERÊNCIAS (NÃO INCLUI FORNECIMENTO). AF_03/2024","M",74.25]
[92863,"TUBO DE CONCRETO PARA REDES COLETORAS DE ESGOTO SANITÁRIO, DIÂMETRO DE 1000 MM, JUNTA ELÁSTICA, INSTALADO EM LOCAL COM ALTO NÍVEL DE INTERFERÊNCIAS - FORNECIMENTO E ASSENTAMENTO. AF_03/2024","M",{"v":1071.59,"d":"1,071.59"}]
[92864,"ASSENTAMENTO DE TUBO DE CONCRETO PARA REDES COLETORAS DE ESGOTO SANITÁRIO, DIÂMETRO DE 1000 MM, JUNTA ELÁSTICA, INSTALADO EM LOCAL COM ALTO NÍVEL DE INTERFERÊNCIAS (NÃO INCLUI FORNECIMENTO). AF_03/2024","M",87.44]
[92210,"TUBO DE CONCRETO PARA REDES COLETORAS DE ÁGUAS PLUVIAIS, DIÂMETRO DE 400 MM, JUNTA RÍGIDA, INSTALADO EM LOCAL COM BAIXO NÍVEL DE INTERFERÊNCIAS - FORNECIMENTO E ASSENTAMENTO. AF_03/2024","M",160.64]
[92211,"TUBO DE CONCRETO PARA REDES COLETORAS DE ÁGUAS PLUVIAIS, DIÂMETRO DE 500 MM, JUNTA RÍGIDA, INSTALADO EM LOCAL COM BAIXO NÍVEL DE INTERFERÊNCIAS - FORNECIMENTO E ASSENTAMENTO. AF_03/2024","M",195.09]
[92212,"TUBO DE CONCRETO PARA REDES COLETORAS DE ÁGUAS PLUVIAIS, DIÂMETRO DE 600 MM, JUNTA RÍGIDA, INSTALADO EM LOCAL COM BAIXO NÍVEL DE INTERFERÊNCIAS - FORNECIMENTO E ASSENTAMENTO. AF_03/2024","M",300.55]
[92213,"TUBO DE CONCRETO PARA REDES COLETORAS DE ÁGUAS PLUVIAIS, DIÂMETRO DE 700 MM, JUNTA RÍGIDA, INSTALADO EM LOCAL COM BAIXO NÍVEL DE INTERFERÊNCIAS - FORNECIMENTO E ASSENTAMENTO. AF_03/2024","M",401.4]
[92214,"TUBO DE CONCRETO PARA REDES COLETORAS DE ÁGUAS PLUVIAIS, DIÂMETRO DE 800 MM, JUNTA RÍGIDA, INSTALADO EM LOCAL COM BAIXO NÍVEL DE INTERFERÊNCIAS - FORNECIMENTO E ASSENTAMENTO. AF_03/2024","M",486.97]
[92215,"TUBO DE CONCRETO PARA REDES COLETORAS DE ÁGUAS PLUVIAIS, DIÂMETRO DE 900 MM, JUNTA RÍGIDA, INSTALADO EM LOCAL COM BAIXO NÍVEL DE INTERFERÊNCIAS - FORNECIMENTO E ASSENTAMENTO. AF_03/2024","M",559.55]
[92216,"TUBO DE CONCRETO PARA REDES COLETORAS DE ÁGUAS PLUVIAIS, DIÂMETRO DE 1000 MM, JUNTA RÍGIDA, INSTALADO EM LOCAL COM BAIXO NÍVEL DE INTERFERÊNCIAS - FORNECIMENTO E ASSENTAMENTO. AF_03/2024","M",579.52]
[92219,"TUBO DE CONCRETO PARA REDES COLETORAS DE ÁGUAS PLUVIAIS, DIÂMETRO DE 400 MM, JUNTA RÍGIDA, INSTALADO EM LOCAL COM ALTO NÍVEL DE INTERFERÊNCIAS - FORNECIMENTO E ASSENTAMENTO. AF_03/2024","M",163.77]
[92220,"TUBO DE CONCRETO PARA REDES COLETORAS DE ÁGUAS PLUVIAIS, DIÂMETRO DE 500 MM, JUNTA RÍGIDA, INSTALADO EM LOCAL COM ALTO NÍVEL DE INTERFERÊNCIAS - FORNECIMENTO E ASSENTAMENTO. AF_03/2024","M",199.16]
[92221,"TUBO DE CONCRETO PARA REDES COLETORAS DE ÁGUAS PLUVIAIS, DIÂMETRO DE 600 MM, JUNTA RÍGIDA, INSTALADO EM LOCAL COM ALTO NÍVEL DE INTERFERÊNCIAS - FORNECIMENTO E ASSENTAMENTO. AF_03/2024","M",305.53]
[92222,"TUBO DE CONCRETO PARA REDES COLETORAS DE ÁGUAS PLUVIAIS, DIÂMETRO DE 700 MM, JUNTA RÍGIDA, INSTALADO EM LOCAL COM ALTO NÍVEL DE INTERFERÊNCIAS - FORNECIMENTO E ASSENTAMENTO. AF_03/2024","M",407.34]
[92223,"TUBO DE CONCRETO PARA REDES COLETORAS DE ÁGUAS PLUVIAIS, DIÂMETRO DE 800 MM, JUNTA RÍGIDA, INSTALADO EM LOCAL COM ALTO NÍVEL DE INTERFERÊNCIAS - FORNECIMENTO E ASSENTAMENTO. AF_03/2024","M",493.83]
[92224,"TUBO DE CONCRETO PARA REDES COLETORAS DE ÁGUAS PLUVIAIS, DIÂMETRO DE 900 MM, JUNTA RÍGIDA, INSTALADO EM LOCAL COM ALTO NÍVEL DE INTERFERÊNCIAS - FORNECIMENTO E ASSENTAMENTO. AF_03/2024","M",567.37]
[92226,"TUBO DE CONCRETO PARA REDES COLETORAS DE ÁGUAS PLUVIAIS, DIÂMETRO DE 1000 MM, JUNTA RÍGIDA, INSTALADO EM LOCAL COM ALTO NÍVEL DE INTERFERÊNCIAS - FORNECIMENTO E ASSENTAMENTO. AF_03/2024","M",588.29]
[92808,"ASSENTAMENTO DE TUBO DE CONCRETO PARA REDES COLETORAS DE ÁGUAS PLUVIAIS, DIÂMETRO DE 300 MM, JUNTA RÍGIDA, INSTALADO EM LOCAL COM BAIXO NÍVEL DE INTERFERÊNCIAS (NÃO INCLUI FORNECIMENTO). AF_03/2024","M",22.03]
[92809,"ASSENTAMENTO DE TUBO DE CONCRETO PARA REDES COLETORAS DE ÁGUAS PLUVIAIS, DIÂMETRO DE 400 MM, JUNTA RÍGIDA, INSTALADO EM LOCAL COM BAIXO NÍVEL DE INTERFERÊNCIAS (NÃO INCLUI FORNECIMENTO). AF_03/2024","M",30.76]
[92810,"ASSENTAMENTO DE TUBO DE CONCRETO PARA REDES COLETORAS DE ÁGUAS PLUVIAIS, DIÂMETRO DE 500 MM, JUNTA RÍGIDA, INSTALADO EM LOCAL COM BAIXO NÍVEL DE INTERFERÊNCIAS (NÃO INCLUI FORNECIMENTO). AF_03/2024","M",39.87]
[92811,"ASSENTAMENTO DE TUBO DE CONCRETO PARA REDES COLETORAS DE ÁGUAS PLUVIAIS, DIÂMETRO DE 600 MM, JUNTA RÍGIDA, INSTALADO EM LOCAL COM BAIXO NÍVEL DE INTERFERÊNCIAS (NÃO INCLUI FORNECIMENTO). AF_03/2024","M",49.23]
[92812,"ASSENTAMENTO DE TUBO DE CONCRETO PARA REDES COLETORAS DE ÁGUAS PLUVIAIS, DIÂMETRO DE 700 MM, JUNTA RÍGIDA, INSTALADO EM LOCAL COM BAIXO NÍVEL DE INTERFERÊNCIAS (NÃO INCLUI FORNECIMENTO). AF_03/2024","M",58.86]
[92813,"ASSENTAMENTO DE TUBO DE CONCRETO PARA REDES COLETORAS DE ÁGUAS PLUVIAIS, DIÂMETRO DE 800 MM, JUNTA RÍGIDA, INSTALADO EM LOCAL COM BAIXO NÍVEL DE INTERFERÊNCIAS (NÃO INCLUI FORNECIMENTO). AF_03/2024","M",68.82]
[92814,"ASSENTAMENTO DE TUBO DE CONCRETO PARA REDES COLETORAS DE ÁGUAS PLUVIAIS, DIÂMETRO DE 900 MM, JUNTA RÍGIDA, INSTALADO EM LOCAL COM BAIXO NÍVEL DE INTERFERÊNCIAS (NÃO INCLUI FORNECIMENTO). AF_03/2024","M",79.09]
[92815,"ASSENTAMENTO DE TUBO DE CONCRETO PARA REDES COLETORAS DE ÁGUAS PLUVIAIS, DIÂMETRO DE 1000 MM, JUNTA RÍGIDA, INSTALADO EM LOCAL COM BAIXO NÍVEL DE INTERFERÊNCIAS (NÃO INCLUI FORNECIMENTO). AF_03/2024","M",89.56]
[92816,"TUBO DE CONCRETO PARA REDES COLETORAS DE ÁGUAS PLUVIAIS, DIÂMETRO DE 1200 MM, JUNTA RÍGIDA, INSTALADO EM LOCAL COM BAIXO NÍVEL DE INTERFERÊNCIAS - FORNECIMENTO E ASSENTAMENTO. AF_03/2024","M",843.26]
[92817,"ASSENTAMENTO DE TUBO DE CONCRETO PARA REDES COLETORAS DE ÁGUAS PLUVIAIS, DIÂMETRO DE 1200 MM, JUNTA RÍGIDA, INSTALADO EM LOCAL COM BAIXO NÍVEL DE INTERFERÊNCIAS (NÃO INCLUI FORNECIMENTO). AF_03/2024","M",111.48]
[92818,"TUBO DE CONCRETO PARA REDES COLETORAS DE ÁGUAS PLUVIAIS, DIÂMETRO DE 1500 MM, JUNTA RÍGIDA, INSTALADO EM LOCAL COM BAIXO NÍVEL DE INTERFERÊNCIAS - FORNECIMENTO E ASSENTAMENTO. AF_03/2024","M",{"v":1206.66,"d":"1,206.66"}]
[92819,"ASSENTAMENTO DE TUBO DE CONCRETO PARA REDES COLETORAS DE ÁGUAS PLUVIAIS, DIÂMETRO DE 1500 MM, JUNTA RÍGIDA, INSTALADO EM LOCAL COM BAIXO NÍVEL DE INTERFERÊNCIAS (NÃO INCLUI FORNECIMENTO). AF_03/2024","M",146.48]
[92820,"ASSENTAMENTO DE TUBO DE CONCRETO PARA REDES COLETORAS DE ÁGUAS PLUVIAIS, DIÂMETRO DE 300 MM, JUNTA RÍGIDA, INSTALADO EM LOCAL COM ALTO NÍVEL DE INTERFERÊNCIAS (NÃO INCLUI FORNECIMENTO). AF_03/2024","M",24.23]
[92821,"ASSENTAMENTO DE TUBO DE CONCRETO PARA REDES COLETORAS DE ÁGUAS PLUVIAIS, DIÂMETRO DE 400 MM, JUNTA RÍGIDA, INSTALADO EM LOCAL COM ALTO NÍVEL DE INTERFERÊNCIAS (NÃO INCLUI FORNECIMENTO). AF_03/2024","M",33.89]
[92822,"ASSENTAMENTO DE TUBO DE CONCRETO PARA REDES COLETORAS DE ÁGUAS PLUVIAIS, DIÂMETRO DE 500 MM, JUNTA RÍGIDA, INSTALADO EM LOCAL COM ALTO NÍVEL DE INTERFERÊNCIAS (NÃO INCLUI FORNECIMENTO). AF_03/2024","M",43.94]
[92824,"ASSENTAMENTO DE TUBO DE CONCRETO PARA REDES COLETORAS DE ÁGUAS PLUVIAIS, DIÂMETRO DE 600 MM, JUNTA RÍGIDA, INSTALADO EM LOCAL COM ALTO NÍVEL DE INTERFERÊNCIAS (NÃO INCLUI FORNECIMENTO). AF_03/2024","M",54.21]
[92825,"ASSENTAMENTO DE TUBO DE CONCRETO PARA REDES COLETORAS DE ÁGUAS PLUVIAIS, DIÂMETRO DE 700 MM, JUNTA RÍGIDA, INSTALADO EM LOCAL COM ALTO NÍVEL DE INTERFERÊNCIAS (NÃO INCLUI FORNECIMENTO). AF_03/2024","M",64.8]
[92826,"ASSENTAMENTO DE TUBO DE CONCRETO PARA REDES COLETORAS DE ÁGUAS PLUVIAIS, DIÂMETRO DE 800 MM, JUNTA RÍGIDA, INSTALADO EM LOCAL COM ALTO NÍVEL DE INTERFERÊNCIAS (NÃO INCLUI FORNECIMENTO). AF_03/2024","M",75.68]
[92827,"ASSENTAMENTO DE TUBO DE CONCRETO PARA REDES COLETORAS DE ÁGUAS PLUVIAIS, DIÂMETRO DE 900 MM, JUNTA RÍGIDA, INSTALADO EM LOCAL COM ALTO NÍVEL DE INTERFERÊNCIAS (NÃO INCLUI FORNECIMENTO). AF_03/2024","M",86.91]
[92828,"ASSENTAMENTO DE TUBO DE CONCRETO PARA REDES COLETORAS DE ÁGUAS PLUVIAIS, DIÂMETRO DE 1000 MM, JUNTA RÍGIDA, INSTALADO EM LOCAL COM ALTO NÍVEL DE INTERFERÊNCIAS (NÃO INCLUI FORNECIMENTO). AF_03/2024","M",98.33]
[92829,"TUBO DE CONCRETO PARA REDES COLETORAS DE ÁGUAS PLUVIAIS, DIÂMETRO DE 1200 MM, JUNTA RÍGIDA, INSTALADO EM LOCAL COM ALTO NÍVEL DE INTERFERÊNCIAS - FORNECIMENTO E ASSENTAMENTO. AF_03/2024","M",853.88]
[92830,"ASSENTAMENTO DE TUBO DE CONCRETO PARA REDES COLETORAS DE ÁGUAS PLUVIAIS, DIÂMETRO DE 1200 MM, JUNTA RÍGIDA, INSTALADO EM LOCAL COM ALTO NÍVEL DE INTERFERÊNCIAS (NÃO INCLUI FORNECIMENTO). AF_03/2024","M",122.1]
[92831,"TUBO DE CONCRETO PARA REDES COLETORAS DE ÁGUAS PLUVIAIS, DIÂMETRO DE 1500 MM, JUNTA RÍGIDA, INSTALADO EM LOCAL COM ALTO NÍVEL DE INTERFERÊNCIAS - FORNECIMENTO E ASSENTAMENTO. AF_03/2024","M",{"v":1220.09,"d":"1,220.09"}]
[92832,"ASSENTAMENTO DE TUBO DE CONCRETO PARA REDES COLETORAS DE ÁGUAS PLUVIAIS, DIÂMETRO DE 1500 MM, JUNTA RÍGIDA, INSTALADO EM LOCAL COM ALTO NÍVEL DE INTERFERÊNCIAS (NÃO INCLUI FORNECIMENTO). AF_03/2024","M",159.91]
[95565,"TUBO DE CONCRETO PARA REDES COLETORAS DE ÁGUAS PLUVIAIS, DIÂMETRO DE 300MM, JUNTA RÍGIDA, INSTALADO EM LOCAL COM BAIXO NÍVEL DE INTERFERÊNCIAS - FORNECIMENTO E ASSENTAMENTO. AF_03/2024","M",137.12]
[95566,"TUBO DE CONCRETO PARA REDES COLETORAS DE ÁGUAS PLUVIAIS, DIÂMETRO DE 300MM, JUNTA RÍGIDA, INSTALADO EM LOCAL COM ALTO NÍVEL DE INTERFERÊNCIAS - FORNECIMENTO E ASSENTAMENTO. AF_03/2024","M",139.32]
[95567,"TUBO DE CONCRETO (SIMPLES) PARA REDES COLETORAS DE ÁGUAS PLUVIAIS, DIÂMETRO DE 300 MM, JUNTA RÍGIDA, INSTALADO EM LOCAL COM BAIXO NÍVEL DE INTERFERÊNCIAS - FORNECIMENTO E ASSENTAMENTO. AF_03/2024","M",85.89]
[95568,"TUBO DE CONCRETO (SIMPLES) PARA REDES COLETORAS DE ÁGUAS PLUVIAIS, DIÂMETRO DE 400 MM, JUNTA RÍGIDA, INSTALADO EM LOCAL COM BAIXO NÍVEL DE INTERFERÊNCIAS - FORNECIMENTO E ASSENTAMENTO. AF_03/2024","M",106.21]
[95569,"TUBO DE CONCRETO (SIMPLES) PARA REDES COLETORAS DE ÁGUAS PLUVIAIS, DIÂMETRO DE 500 MM, JUNTA RÍGIDA, INSTALADO EM LOCAL COM BAIXO NÍVEL DE INTERFERÊNCIAS - FORNECIMENTO E ASSENTAMENTO. AF_03/2024","M",152.18]
[95570,"TUBO DE CONCRETO (SIMPLES) PARA REDES COLETORAS DE ÁGUAS PLUVIAIS, DIÂMETRO DE 300 MM, JUNTA RÍGIDA, INSTALADO EM LOCAL COM ALTO NÍVEL DE INTERFERÊNCIAS - FORNECIMENTO E ASSENTAMENTO. AF_03/2024","M",88.09]
[95571,"TUBO DE CONCRETO (SIMPLES) PARA REDES COLETORAS DE ÁGUAS PLUVIAIS, DIÂMETRO DE 400 MM, JUNTA RÍGIDA, INSTALADO EM LOCAL COM ALTO NÍVEL DE INTERFERÊNCIAS - FORNECIMENTO E ASSENTAMENTO. AF_03/2024","M",109.34]
[95572,"TUBO DE CONCRETO (SIMPLES) PARA REDES COLETORAS DE ÁGUAS PLUVIAIS, DIÂMETRO DE 500 MM, JUNTA RÍGIDA, INSTALADO EM LOCAL COM ALTO NÍVEL DE INTERFERÊNCIAS - FORNECIMENTO E ASSENTAMENTO. AF_03/2024","M",156.25]
[97127,"ASSENTAMENTO DE TUBO DE PVC DEFOFO OU PRFV OU RPVC PARA REDE DE ÁGUA, DN 150 MM, JUNTA ELÁSTICA INTEGRADA, INSTALADO EM LOCAL COM NÍVEL ALTO DE INTERFERÊNCIAS (NÃO INCLUI FORNECIMENTO). AF_05/2024","M",4.04]
[97128,"ASSENTAMENTO DE TUBO DE PVC DEFOFO OU PRFV OU RPVC PARA REDE DE ÁGUA, DN 200 MM, JUNTA ELÁSTICA INTEGRADA, INSTALADO EM LOCAL COM NÍVEL ALTO DE INTERFERÊNCIAS (NÃO INCLUI FORNECIMENTO). AF_05/2024","M",8.3]
[97129,"ASSENTAMENTO DE TUBO DE PVC DEFOFO OU PRFV OU RPVC PARA REDE DE ÁGUA, DN 250 MM, JUNTA ELÁSTICA INTEGRADA, INSTALADO EM LOCAL COM NÍVEL ALTO DE INTERFERÊNCIAS (NÃO INCLUI FORNECIMENTO). AF_05/2024","M",9.83]
[97130,"ASSENTAMENTO DE TUBO DE PVC DEFOFO OU PRFV OU RPVC PARA REDE DE ÁGUA, DN 300 MM, JUNTA ELÁSTICA INTEGRADA, INSTALADO EM LOCAL COM NÍVEL ALTO DE INTERFERÊNCIAS (NÃO INCLUI FORNECIMENTO). AF_05/2024","M",11.39]
[97131,"ASSENTAMENTO DE TUBO DE PVC DEFOFO OU PRFV OU RPVC PARA REDE DE ÁGUA, DN 350 MM, JUNTA ELÁSTICA INTEGRADA, INSTALADO EM LOCAL COM NÍVEL ALTO DE INTERFERÊNCIAS (NÃO INCLUI FORNECIMENTO). AF_05/2024","M",12.94]
[97132,"ASSENTAMENTO DE TUBO DE PVC DEFOFO OU PRFV OU RPVC PARA REDE DE ÁGUA, DN 400 MM, JUNTA ELÁSTICA INTEGRADA, INSTALADO EM LOCAL COM NÍVEL ALTO DE INTERFERÊNCIAS (NÃO INCLUI FORNECIMENTO). AF_05/2024","M",14.48]
[97133,"ASSENTAMENTO DE TUBO DE PVC DEFOFO OU PRFV OU RPVC PARA REDE DE ÁGUA, DN 500 MM, JUNTA ELÁSTICA INTEGRADA, INSTALADO EM LOCAL COM NÍVEL ALTO DE INTERFERÊNCIAS (NÃO INCLUI FORNECIMENTO). AF_05/2024","M",17.58]
[97134,"ASSENTAMENTO DE TUBO DE PVC DEFOFO OU PRFV OU RPVC PARA REDE DE ÁGUA, DN 150 MM, JUNTA ELÁSTICA INTEGRADA, INSTALADO EM LOCAL COM NÍVEL BAIXO DE INTERFERÊNCIAS (NÃO INCLUI FORNECIMENTO). AF_05/2024","M",3.37]
[97135,"ASSENTAMENTO DE TUBO DE PVC DEFOFO OU PRFV OU RPVC PARA REDE DE ÁGUA, DN 200 MM, JUNTA ELÁSTICA INTEGRADA, INSTALADO EM LOCAL COM NÍVEL BAIXO DE INTERFERÊNCIAS (NÃO INCLUI FORNECIMENTO). AF_05/2024","M",6.39]
[97136,"ASSENTAMENTO DE TUBO DE PVC DEFOFO OU PRFV OU RPVC PARA REDE DE ÁGUA, DN 250 MM, JUNTA ELÁSTICA INTEGRADA, INSTALADO EM LOCAL COM NÍVEL BAIXO DE INTERFERÊNCIAS (NÃO INCLUI FORNECIMENTO). AF_05/2024","M",7.57]
[97137,"ASSENTAMENTO DE TUBO DE PVC DEFOFO OU PRFV OU RPVC PARA REDE DE ÁGUA, DN 300 MM, JUNTA ELÁSTICA INTEGRADA, INSTALADO EM LOCAL COM NÍVEL BAIXO DE INTERFERÊNCIAS (NÃO INCLUI FORNECIMENTO). AF_05/2024","M",8.77]
[97138,"ASSENTAMENTO DE TUBO DE PVC DEFOFO OU PRFV OU RPVC PARA REDE DE ÁGUA, DN 350 MM, JUNTA ELÁSTICA INTEGRADA, INSTALADO EM LOCAL COM NÍVEL BAIXO DE INTERFERÊNCIAS (NÃO INCLUI FORNECIMENTO). AF_05/2024","M",9.98]
[97139,"ASSENTAMENTO DE TUBO DE PVC DEFOFO OU PRFV OU RPVC PARA REDE DE ÁGUA, DN 400 MM, JUNTA ELÁSTICA INTEGRADA, INSTALADO EM LOCAL COM NÍVEL BAIXO DE INTERFERÊNCIAS (NÃO INCLUI FORNECIMENTO). AF_05/2024","M",11.17]
[97140,"ASSENTAMENTO DE TUBO DE PVC DEFOFO OU PRFV OU RPVC PARA REDE DE ÁGUA, DN 500 MM, JUNTA ELÁSTICA INTEGRADA, INSTALADO EM LOCAL COM NÍVEL BAIXO DE INTERFERÊNCIAS (NÃO INCLUI FORNECIMENTO). AF_05/2024","M",13.56]
[103089,"ASSENTAMENTO DE TUBO DE FERRO FUNDIDO PARA REDE DE ÁGUA, DN 80 MM, JUNTA FLANGEADA (NÃO INCLUI O FORNECIMENTO). AF_09/2021","M",11.69]
[103090,"ASSENTAMENTO DE TUBO DE FERRO FUNDIDO PARA REDE DE ÁGUA, DN 100 MM, JUNTA FLANGEADA (NÃO INCLUI O FORNECIMENTO). AF_09/2021","M",13.96]
[103091,"ASSENTAMENTO DE TUBO DE FERRO FUNDIDO PARA REDE DE ÁGUA, DN 150 MM, JUNTA FLANGEADA (NÃO INCLUI O FORNECIMENTO). AF_09/2021","M",19.6]
[103092,"ASSENTAMENTO DE TUBO DE FERRO FUNDIDO PARA REDE DE ÁGUA, DN 200 MM, JUNTA FLANGEADA (NÃO INCLUI O FORNECIMENTO). AF_09/2021","M",25.24]
[103093,"ASSENTAMENTO DE TUBO DE FERRO FUNDIDO PARA REDE DE ÁGUA, DN 250 MM, JUNTA FLANGEADA (NÃO INCLUI O FORNECIMENTO). AF_09/2021","M",38.58]
[103094,"ASSENTAMENTO DE TUBO DE FERRO FUNDIDO PARA REDE DE ÁGUA, DN 300 MM, JUNTA FLANGEADA (NÃO INCLUI O FORNECIMENTO). AF_09/2021","M",44.25]
[103095,"ASSENTAMENTO DE TUBO DE FERRO FUNDIDO PARA REDE DE ÁGUA, DN 350 MM, JUNTA FLANGEADA (NÃO INCLUI O FORNECIMENTO). AF_09/2021","M",57.56]
[103096,"ASSENTAMENTO DE TUBO DE FERRO FUNDIDO PARA REDE DE ÁGUA, DN 400 MM, JUNTA FLANGEADA (NÃO INCLUI O FORNECIMENTO). AF_09/2021","M",63.22]
[103097,"ASSENTAMENTO DE TUBO DE FERRO FUNDIDO PARA REDE DE ÁGUA, DN 450 MM, JUNTA FLANGEADA (NÃO INCLUI O FORNECIMENTO). AF_09/2021","M",76.54]
[103098,"ASSENTAMENTO DE TUBO DE FERRO FUNDIDO PARA REDE DE ÁGUA, DN 500 MM, JUNTA FLANGEADA (NÃO INCLUI O FORNECIMENTO). AF_09/2021","M",82.21]
[103099,"ASSENTAMENTO DE TUBO DE FERRO FUNDIDO PARA REDE DE ÁGUA, DN 600 MM, JUNTA FLANGEADA (NÃO INCLUI O FORNECIMENTO). AF_09/2021","M",93.49]
[103100,"ASSENTAMENTO DE TUBO DE FERRO FUNDIDO PARA REDE DE ÁGUA, DN 700 MM, JUNTA FLANGEADA (NÃO INCLUI O FORNECIMENTO). AF_09/2021","M",99.73]
[103101,"ASSENTAMENTO DE TUBO DE FERRO FUNDIDO PARA REDE DE ÁGUA, DN 800 MM, JUNTA FLANGEADA (NÃO INCLUI O FORNECIMENTO). AF_09/2021","M",109.82]
[103102,"ASSENTAMENTO DE TUBO DE FERRO FUNDIDO PARA REDE DE ÁGUA, DN 900 MM, JUNTA FLANGEADA (NÃO INCLUI O FORNECIMENTO). AF_09/2021","M",126.47]
[103103,"ASSENTAMENTO DE TUBO DE FERRO FUNDIDO PARA REDE DE ÁGUA, DN 1000 MM, JUNTA FLANGEADA (NÃO INCLUI O FORNECIMENTO). AF_09/2021","M",136.56]
[103104,"ASSENTAMENTO DE TUBO DE FERRO FUNDIDO PARA REDE DE ÁGUA, DN 1200 MM, JUNTA FLANGEADA (NÃO INCLUI O FORNECIMENTO). AF_09/2021","M",163.3]
[103105,"ASSENTAMENTO DE CONEXÃO COM 2 ACESSOS, FERRO FUNDIDO PARA REDE DE ÁGUA, DN  80 MM, JUNTA FLANGEADA (NÃO INCLUI O FORNECIMENTO). AF_09/2021","UN",49.8]
[103106,"ASSENTAMENTO DE CONEXÃO COM 2 ACESSOS, FERRO FUNDIDO PARA REDE DE ÁGUA, DN  100 MM, JUNTA FLANGEADA (NÃO INCLUI O FORNECIMENTO). AF_09/2021","UN",59.31]
[103107,"ASSENTAMENTO DE CONEXÃO COM 2 ACESSOS, FERRO FUNDIDO PARA REDE DE ÁGUA, DN  150 MM, JUNTA FLANGEADA (NÃO INCLUI O FORNECIMENTO). AF_09/2021","UN",83.04]
[103108,"ASSENTAMENTO DE CONEXÃO COM 2 ACESSOS, FERRO FUNDIDO PARA REDE DE ÁGUA, DN  200 MM, JUNTA FLANGEADA (NÃO INCLUI O FORNECIMENTO). AF_09/2021","UN",106.77]
[103109,"ASSENTAMENTO DE CONEXÃO COM 2 ACESSOS, FERRO FUNDIDO PARA REDE DE ÁGUA, DN  250 MM, JUNTA FLANGEADA (NÃO INCLUI O FORNECIMENTO). AF_09/2021","UN",175.09]
[103110,"ASSENTAMENTO DE CONEXÃO COM 2 ACESSOS, FERRO FUNDIDO PARA REDE DE ÁGUA, DN  300 MM, JUNTA FLANGEADA (NÃO INCLUI O FORNECIMENTO). AF_09/2021","UN",198.83]
[103111,"ASSENTAMENTO DE CONEXÃO COM 2 ACESSOS, FERRO FUNDIDO PARA REDE DE ÁGUA, DN  350 MM, JUNTA FLANGEADA (NÃO INCLUI O FORNECIMENTO). AF_09/2021","UN",267.15]
[103112,"ASSENTAMENTO DE CONEXÃO COM 2 ACESSOS, FERRO FUNDIDO PARA REDE DE ÁGUA, DN  400 MM, JUNTA FLANGEADA (NÃO INCLUI O FORNECIMENTO). AF_09/2021","UN",290.87]
[103113,"ASSENTAMENTO DE CONEXÃO COM 2 ACESSOS, FERRO FUNDIDO PARA REDE DE ÁGUA, DN  450 MM, JUNTA FLANGEADA (NÃO INCLUI O FORNECIMENTO). AF_09/2021","UN",359.2]
[103114,"ASSENTAMENTO DE CONEXÃO COM 2 ACESSOS, FERRO FUNDIDO PARA REDE DE ÁGUA, DN  500 MM, JUNTA FLANGEADA (NÃO INCLUI O FORNECIMENTO). AF_09/2021","UN",382.92]
[103115,"ASSENTAMENTO DE CONEXÃO COM 2 ACESSOS, FERRO FUNDIDO PARA REDE DE ÁGUA, DN  600 MM, JUNTA FLANGEADA (NÃO INCLUI O FORNECIMENTO). AF_09/2021","UN",430.39]
[103116,"ASSENTAMENTO DE CONEXÃO COM 2 ACESSOS, FERRO FUNDIDO PARA REDE DE ÁGUA, DN  700 MM, JUNTA FLANGEADA (NÃO INCLUI O FORNECIMENTO). AF_09/2021","UN",522.45]
[103117,"ASSENTAMENTO DE CONEXÃO COM 2 ACESSOS, FERRO FUNDIDO PARA REDE DE ÁGUA, DN  800 MM, JUNTA FLANGEADA (NÃO INCLUI O FORNECIMENTO). AF_09/2021","UN",569.91]
[103118,"ASSENTAMENTO DE CONEXÃO COM 2 ACESSOS, FERRO FUNDIDO PARA REDE DE ÁGUA, DN  900 MM, JUNTA FLANGEADA (NÃO INCLUI O FORNECIMENTO). AF_09/2021","UN",661.97]
[103119,"ASSENTAMENTO DE CONEXÃO COM 2 ACESSOS, FERRO FUNDIDO PARA REDE DE ÁGUA, DN  1000 MM, JUNTA FLANGEADA (NÃO INCLUI O FORNECIMENTO). AF_09/2021","UN",709.43]
[103120,"ASSENTAMENTO DE CONEXÃO COM 2 ACESSOS, FERRO FUNDIDO PARA REDE DE ÁGUA, DN  1200 MM, JUNTA FLANGEADA (NÃO INCLUI O FORNECIMENTO). AF_09/2021","UN",848.95]
[103121,"ASSENTAMENTO DE CONEXÃO COM 3 ACESSOS, FERRO FUNDIDO PARA REDE DE ÁGUA, DN  80 MM, JUNTA FLANGEADA (NÃO INCLUI O FORNECIMENTO). AF_09/2021","UN",65.19]
[103122,"ASSENTAMENTO DE CONEXÃO COM 3 ACESSOS, FERRO FUNDIDO PARA REDE DE ÁGUA, DN  100 MM, JUNTA FLANGEADA (NÃO INCLUI O FORNECIMENTO). AF_09/2021","UN",79.41]
[103123,"ASSENTAMENTO DE CONEXÃO COM 3 ACESSOS, FERRO FUNDIDO PARA REDE DE ÁGUA, DN  150 MM, JUNTA FLANGEADA (NÃO INCLUI O FORNECIMENTO). AF_09/2021","UN",115.03]
[103124,"ASSENTAMENTO DE CONEXÃO COM 3 ACESSOS, FERRO FUNDIDO PARA REDE DE ÁGUA, DN  200 MM, JUNTA FLANGEADA (NÃO INCLUI O FORNECIMENTO). AF_09/2021","UN",150.59]
[103125,"ASSENTAMENTO DE CONEXÃO COM 3 ACESSOS, FERRO FUNDIDO PARA REDE DE ÁGUA, DN  250 MM, JUNTA FLANGEADA (NÃO INCLUI O FORNECIMENTO). AF_09/2021","UN",253.1]
[103126,"ASSENTAMENTO DE CONEXÃO COM 3 ACESSOS, FERRO FUNDIDO PARA REDE DE ÁGUA, DN  300 MM, JUNTA FLANGEADA (NÃO INCLUI O FORNECIMENTO). AF_09/2021","UN",288.69]
[103127,"ASSENTAMENTO DE CONEXÃO COM 3 ACESSOS, FERRO FUNDIDO PARA REDE DE ÁGUA, DN  350 MM, JUNTA FLANGEADA (NÃO INCLUI O FORNECIMENTO). AF_09/2021","UN",391.19]
[103128,"ASSENTAMENTO DE CONEXÃO COM 3 ACESSOS, FERRO FUNDIDO PARA REDE DE ÁGUA, DN  400 MM, JUNTA FLANGEADA (NÃO INCLUI O FORNECIMENTO). AF_09/2021","UN",426.78]
[103129,"ASSENTAMENTO DE CONEXÃO COM 3 ACESSOS, FERRO FUNDIDO PARA REDE DE ÁGUA, DN  450 MM, JUNTA FLANGEADA (NÃO INCLUI O FORNECIMENTO). AF_09/2021","UN",529.27]
[103130,"ASSENTAMENTO DE CONEXÃO COM 3 ACESSOS, FERRO FUNDIDO PARA REDE DE ÁGUA, DN  500 MM, JUNTA FLANGEADA (NÃO INCLUI O FORNECIMENTO). AF_09/2021","UN",564.86]
[103131,"ASSENTAMENTO DE CONEXÃO COM 3 ACESSOS, FERRO FUNDIDO PARA REDE DE ÁGUA, DN  600 MM, JUNTA FLANGEADA (NÃO INCLUI O FORNECIMENTO). AF_09/2021","UN",636.05]
[103132,"ASSENTAMENTO DE CONEXÃO COM 3 ACESSOS, FERRO FUNDIDO PARA REDE DE ÁGUA, DN  700 MM, JUNTA FLANGEADA (NÃO INCLUI O FORNECIMENTO). AF_09/2021","UN",774.12]
[103133,"ASSENTAMENTO DE CONEXÃO COM 3 ACESSOS, FERRO FUNDIDO PARA REDE DE ÁGUA, DN  800 MM, JUNTA FLANGEADA (NÃO INCLUI O FORNECIMENTO). AF_09/2021","UN",845.33]
[103134,"ASSENTAMENTO DE CONEXÃO COM 3 ACESSOS, FERRO FUNDIDO PARA REDE DE ÁGUA, DN  900 MM, JUNTA FLANGEADA (NÃO INCLUI O FORNECIMENTO). AF_09/2021","UN",983.41]
[103135,"ASSENTAMENTO DE CONEXÃO COM 3 ACESSOS, FERRO FUNDIDO PARA REDE DE ÁGUA, DN  1000 MM, JUNTA FLANGEADA (NÃO INCLUI O FORNECIMENTO). AF_09/2021","UN",{"v":1054.6,"d":"1,054.60"}]
[103136,"ASSENTAMENTO DE CONEXÃO COM 3 ACESSOS, FERRO FUNDIDO PARA REDE DE ÁGUA, DN  1200 MM, JUNTA FLANGEADA (NÃO INCLUI O FORNECIMENTO). AF_09/2021","UN",{"v":1263.89,"d":"1,263.89"}]
[103137,"ASSENTAMENTO DE CONEXÃO COM 1 ACESSO, FERRO FUNDIDO PARA REDE DE ÁGUA, DN  80 MM, JUNTA FLANGEADA (NÃO INCLUI O FORNECIMENTO). AF_09/2021","UN",34.46]
[103138,"ASSENTAMENTO DE CONEXÃO COM 1 ACESSO, FERRO FUNDIDO PARA REDE DE ÁGUA, DN  100 MM, JUNTA FLANGEADA (NÃO INCLUI O FORNECIMENTO). AF_09/2021","UN",39.2]
[103139,"ASSENTAMENTO DE CONEXÃO COM 1 ACESSO, FERRO FUNDIDO PARA REDE DE ÁGUA, DN  150 MM, JUNTA FLANGEADA (NÃO INCLUI O FORNECIMENTO). AF_09/2021","UN",51.08]
[103140,"ASSENTAMENTO DE CONEXÃO COM 1 ACESSO, FERRO FUNDIDO PARA REDE DE ÁGUA, DN  200 MM, JUNTA FLANGEADA (NÃO INCLUI O FORNECIMENTO). AF_09/2021","UN",62.94]
[103141,"ASSENTAMENTO DE CONEXÃO COM 1 ACESSO, FERRO FUNDIDO PARA REDE DE ÁGUA, DN  250 MM, JUNTA FLANGEADA (NÃO INCLUI O FORNECIMENTO). AF_09/2021","UN",97.11]
[103142,"ASSENTAMENTO DE CONEXÃO COM 1 ACESSO, FERRO FUNDIDO PARA REDE DE ÁGUA, DN  300 MM, JUNTA FLANGEADA (NÃO INCLUI O FORNECIMENTO). AF_09/2021","UN",108.96]
[103143,"ASSENTAMENTO DE CONEXÃO COM 1 ACESSO, FERRO FUNDIDO PARA REDE DE ÁGUA, DN  350 MM, JUNTA FLANGEADA (NÃO INCLUI O FORNECIMENTO). AF_09/2021","UN",143.14]
[103144,"ASSENTAMENTO DE CONEXÃO COM 1 ACESSO, FERRO FUNDIDO PARA REDE DE ÁGUA, DN  400 MM, JUNTA FLANGEADA (NÃO INCLUI O FORNECIMENTO). AF_09/2021","UN",154.99]
[103145,"ASSENTAMENTO DE CONEXÃO COM 1 ACESSO, FERRO FUNDIDO PARA REDE DE ÁGUA, DN  450 MM, JUNTA FLANGEADA (NÃO INCLUI O FORNECIMENTO). AF_09/2021","UN",189.15]
[103146,"ASSENTAMENTO DE CONEXÃO COM 1 ACESSO, FERRO FUNDIDO PARA REDE DE ÁGUA, DN  500 MM, JUNTA FLANGEADA (NÃO INCLUI O FORNECIMENTO). AF_09/2021","UN",201.01]
[103147,"ASSENTAMENTO DE CONEXÃO COM 1 ACESSO, FERRO FUNDIDO PARA REDE DE ÁGUA, DN  600 MM, JUNTA FLANGEADA (NÃO INCLUI O FORNECIMENTO). AF_09/2021","UN",224.74]
[103148,"ASSENTAMENTO DE CONEXÃO COM 1 ACESSO, FERRO FUNDIDO PARA REDE DE ÁGUA, DN  700 MM, JUNTA FLANGEADA (NÃO INCLUI O FORNECIMENTO). AF_09/2021","UN",270.77]
[103149,"ASSENTAMENTO DE CONEXÃO COM 1 ACESSO, FERRO FUNDIDO PARA REDE DE ÁGUA, DN  800 MM, JUNTA FLANGEADA (NÃO INCLUI O FORNECIMENTO). AF_09/2021","UN",294.51]
[103150,"ASSENTAMENTO DE CONEXÃO COM 1 ACESSO, FERRO FUNDIDO PARA REDE DE ÁGUA, DN  900 MM, JUNTA FLANGEADA (NÃO INCLUI O FORNECIMENTO). AF_09/2021","UN",340.49]
[103151,"ASSENTAMENTO DE CONEXÃO COM 1 ACESSO, FERRO FUNDIDO PARA REDE DE ÁGUA, DN  1000 MM, JUNTA FLANGEADA (NÃO INCLUI O FORNECIMENTO). AF_09/2021","UN",364.26]
[103152,"ASSENTAMENTO DE CONEXÃO COM 1 ACESSO, FERRO FUNDIDO PARA REDE DE ÁGUA, DN  1200 MM, JUNTA FLANGEADA (NÃO INCLUI O FORNECIMENTO). AF_09/2021","UN",434.03]
[103372,"TUBO PEAD LISO PARA REDE DE ÁGUA OU ESGOTO, DIÂMETRO DE 20 MM, JUNTA SOLDADA (NÃO INCLUI A EXECUÇÃO DE SOLDA) - FORNECIMENTO E ASSENTAMENTO. AF_12/2021","M",5.23]
[103373,"TUBO PEAD LISO PARA REDE DE ÁGUA OU ESGOTO, DIÂMETRO DE 32 MM, JUNTA SOLDADA (NÃO INCLUI A EXECUÇÃO DE SOLDA) - FORNECIMENTO E ASSENTAMENTO. AF_12/2021","M",10.27]
[103376,"TUBO PEAD LISO PARA REDE DE ÁGUA OU ESGOTO, DIÂMETRO DE 110 MM, JUNTA SOLDADA (NÃO INCLUI A EXECUÇÃO DE SOLDA) - FORNECIMENTO E ASSENTAMENTO. AF_12/2021","M",122.87]
[103377,"TUBO PEAD LISO PARA REDE DE ÁGUA OU ESGOTO, DIÂMETRO DE 160 MM, JUNTA SOLDADA (NÃO INCLUI A EXECUÇÃO DE SOLDA) - FORNECIMENTO E ASSENTAMENTO. AF_12/2021","M",263.05]
[103379,"TUBO PEAD LISO PARA REDE DE ÁGUA OU ESGOTO, DIÂMETRO DE 200 MM, JUNTA SOLDADA (NÃO INCLUI A EXECUÇÃO DE SOLDA) - FORNECIMENTO E ASSENTAMENTO. AF_12/2021","M",409.62]
[103383,"TUBO PEAD LISO PARA REDE DE ÁGUA OU ESGOTO, DIÂMETRO DE 315 MM, JUNTA SOLDADA (NÃO INCLUI A EXECUÇÃO DE SOLDA) - FORNECIMENTO E ASSENTAMENTO. AF_12/2021","M",{"v":1005.38,"d":"1,005.38"}]
[103385,"TUBO PEAD LISO PARA REDE DE ÁGUA OU ESGOTO, DIÂMETRO DE 400 MM, JUNTA SOLDADA (NÃO INCLUI A EXECUÇÃO DE SOLDA) - FORNECIMENTO E ASSENTAMENTO. AF_12/2021","M",{"v":1621.23,"d":"1,621.23"}]
[103387,"TUBO PEAD LISO PARA REDE DE ÁGUA OU ESGOTO, DIÂMETRO DE 500 MM, JUNTA SOLDADA (NÃO INCLUI A EXECUÇÃO DE SOLDA) - FORNECIMENTO E ASSENTAMENTO. AF_12/2021","M",{"v":2843.98,"d":"2,843.98"}]
[103389,"TUBO PEAD LISO PARA REDE DE ÁGUA OU ESGOTO, DIÂMETRO DE 630 MM, JUNTA SOLDADA (NÃO INCLUI A EXECUÇÃO DE SOLDA) - FORNECIMENTO E ASSENTAMENTO. AF_12/2021","M",{"v":4229.44,"d":"4,229.44"}]
[103391,"TUBO PEAD LISO PARA REDE DE ÁGUA OU ESGOTO, DIÂMETRO DE 800 MM, JUNTA SOLDADA (NÃO INCLUI A EXECUÇÃO DE SOLDA) - FORNECIMENTO E ASSENTAMENTO. AF_12/2021","M",{"v":2788.08,"d":"2,788.08"}]
[103392,"TUBO PEAD LISO PARA REDE DE ÁGUA OU ESGOTO, DIÂMETRO DE 900 MM, JUNTA SOLDADA (NÃO INCLUI A EXECUÇÃO DE SOLDA) - FORNECIMENTO E ASSENTAMENTO. AF_12/2021","M",{"v":4555.46,"d":"4,555.46"}]
[103393,"TUBO PEAD LISO PARA REDE DE ÁGUA OU ESGOTO, DIÂMETRO DE 1000 MM, JUNTA SOLDADA (NÃO INCLUI A EXECUÇÃO DE SOLDA) - FORNECIMENTO E ASSENTAMENTO. AF_12/2021","M",{"v":5024.64,"d":"5,024.64"}]
[103397,"ASSENTAMENTO DE CONEXÃO COM 2 ACESSOS, EM PEAD LISO PARA REDE DE ÁGUA OU ESGOTO, DIÂMETRO DE 20 MM, JUNTA SOLDADA (NÃO INCLUI O FORNECIMENTO E EXECUÇÃO DE SOLDA). AF_12/2021","UN",3.16]
[103398,"ASSENTAMENTO DE CONEXÃO COM 2 ACESSOS, EM PEAD LISO PARA REDE DE ÁGUA OU ESGOTO, DIÂMETRO DE 32 MM, JUNTA SOLDADA (NÃO INCLUI O FORNECIMENTO E EXECUÇÃO DE SOLDA). AF_12/2021","UN",5.07]
[103399,"ASSENTAMENTO DE CONEXÃO COM 2 ACESSOS, EM PEAD LISO PARA REDE DE ÁGUA OU ESGOTO, DIÂMETRO DE 63 MM, JUNTA SOLDADA (NÃO INCLUI O FORNECIMENTO E EXECUÇÃO DE SOLDA). AF_12/2021","UN",9.99]
[103400,"ASSENTAMENTO DE CONEXÃO COM 2 ACESSOS, EM PEAD LISO PARA REDE DE ÁGUA OU ESGOTO, DIÂMETRO DE 90 MM, JUNTA SOLDADA (NÃO INCLUI O FORNECIMENTO E EXECUÇÃO DE SOLDA). AF_12/2021","UN",14.26]
[103401,"ASSENTAMENTO DE CONEXÃO COM 2 ACESSOS, EM PEAD LISO PARA REDE DE ÁGUA OU ESGOTO, DIÂMETRO DE 110 MM, JUNTA SOLDADA (NÃO INCLUI O FORNECIMENTO E EXECUÇÃO DE SOLDA). AF_12/2021","UN",17.44]
[103402,"ASSENTAMENTO DE CONEXÃO COM 2 ACESSOS, EM PEAD LISO PARA REDE DE ÁGUA OU ESGOTO, DIÂMETRO DE 160 MM, JUNTA SOLDADA (NÃO INCLUI O FORNECIMENTO E EXECUÇÃO DE SOLDA). AF_12/2021","UN",25.37]
[103403,"ASSENTAMENTO DE CONEXÃO COM 2 ACESSOS, EM PEAD LISO PARA REDE DE ÁGUA OU ESGOTO, DIÂMETRO DE 180 MM, JUNTA SOLDADA (NÃO INCLUI O FORNECIMENTO E EXECUÇÃO DE SOLDA). AF_12/2021","UN",28.54]
[103404,"ASSENTAMENTO DE CONEXÃO COM 2 ACESSOS, EM PEAD LISO PARA REDE DE ÁGUA OU ESGOTO, DIÂMETRO DE 200 MM, JUNTA SOLDADA (NÃO INCLUI O FORNECIMENTO E EXECUÇÃO DE SOLDA). AF_12/2021","UN",31.72]
[103405,"ASSENTAMENTO DE CONEXÃO COM 2 ACESSOS, EM PEAD LISO PARA REDE DE ÁGUA OU ESGOTO, DIÂMETRO DE 225 MM, JUNTA SOLDADA (NÃO INCLUI O FORNECIMENTO E EXECUÇÃO DE SOLDA). AF_12/2021","UN",35.68]
[103406,"ASSENTAMENTO DE CONEXÃO COM 2 ACESSOS, EM PEAD LISO PARA REDE DE ÁGUA OU ESGOTO, DIÂMETRO DE 250 MM, JUNTA SOLDADA (NÃO INCLUI O FORNECIMENTO E EXECUÇÃO DE SOLDA). AF_12/2021","UN",39.64]
[103407,"ASSENTAMENTO DE CONEXÃO COM 2 ACESSOS, EM PEAD LISO PARA REDE DE ÁGUA OU ESGOTO, DIÂMETRO DE 280 MM, JUNTA SOLDADA (NÃO INCLUI O FORNECIMENTO E EXECUÇÃO DE SOLDA). AF_12/2021","UN",44.4]
[103408,"ASSENTAMENTO DE CONEXÃO COM 2 ACESSOS, EM PEAD LISO PARA REDE DE ÁGUA OU ESGOTO, DIÂMETRO DE 315 MM, JUNTA SOLDADA (NÃO INCLUI O FORNECIMENTO E EXECUÇÃO DE SOLDA). AF_12/2021","UN",49.96]
[103409,"ASSENTAMENTO DE CONEXÃO COM 2 ACESSOS, EM PEAD LISO PARA REDE DE ÁGUA OU ESGOTO, DIÂMETRO DE 355 MM, JUNTA SOLDADA (NÃO INCLUI O FORNECIMENTO E EXECUÇÃO DE SOLDA). AF_12/2021","UN",56.3]
[103410,"ASSENTAMENTO DE CONEXÃO COM 2 ACESSOS, EM PEAD LISO PARA REDE DE ÁGUA OU ESGOTO, DIÂMETRO DE 400 MM, JUNTA SOLDADA (NÃO INCLUI O FORNECIMENTO E EXECUÇÃO DE SOLDA). AF_12/2021","UN",63.44]
[103411,"ASSENTAMENTO DE CONEXÃO COM 3 ACESSOS, EM PEAD LISO PARA REDE DE ÁGUA OU ESGOTO, DIÂMETRO DE 20 MM, JUNTA SOLDADA (NÃO INCLUI O FORNECIMENTO E EXECUÇÃO DE SOLDA). AF_12/2021","UN",6.34]
[103412,"ASSENTAMENTO DE CONEXÃO COM 3 ACESSOS, EM PEAD LISO PARA REDE DE ÁGUA OU ESGOTO, DIÂMETRO DE 32 MM, JUNTA SOLDADA (NÃO INCLUI O FORNECIMENTO E EXECUÇÃO DE SOLDA). AF_12/2021","UN",10.14]
[103413,"ASSENTAMENTO DE CONEXÃO COM 3 ACESSOS, EM PEAD LISO PARA REDE DE ÁGUA OU ESGOTO, DIÂMETRO DE 63 MM, JUNTA SOLDADA (NÃO INCLUI O FORNECIMENTO E EXECUÇÃO DE SOLDA). AF_12/2021","UN",19.98]
[103414,"ASSENTAMENTO DE CONEXÃO COM 3 ACESSOS, EM PEAD LISO PARA REDE DE ÁGUA OU ESGOTO, DIÂMETRO DE 90 MM, JUNTA SOLDADA (NÃO INCLUI O FORNECIMENTO E EXECUÇÃO DE SOLDA). AF_12/2021","UN",28.54]
[103415,"ASSENTAMENTO DE CONEXÃO COM 3 ACESSOS, EM PEAD LISO PARA REDE DE ÁGUA OU ESGOTO, DIÂMETRO DE 110 MM, JUNTA SOLDADA (NÃO INCLUI O FORNECIMENTO E EXECUÇÃO DE SOLDA). AF_12/2021","UN",34.89]
[103416,"ASSENTAMENTO DE CONEXÃO COM 3 ACESSOS, EM PEAD LISO PARA REDE DE ÁGUA OU ESGOTO, DIÂMETRO DE 160 MM, JUNTA SOLDADA (NÃO INCLUI O FORNECIMENTO E EXECUÇÃO DE SOLDA). AF_12/2021","UN",50.75]
[103417,"ASSENTAMENTO DE CONEXÃO COM 3 ACESSOS, EM PEAD LISO PARA REDE DE ÁGUA OU ESGOTO, DIÂMETRO DE 180 MM, JUNTA SOLDADA (NÃO INCLUI O FORNECIMENTO E EXECUÇÃO DE SOLDA). AF_12/2021","UN",57.1]
[103418,"ASSENTAMENTO DE CONEXÃO COM 3 ACESSOS, EM PEAD LISO PARA REDE DE ÁGUA OU ESGOTO, DIÂMETRO DE 200 MM, JUNTA SOLDADA (NÃO INCLUI O FORNECIMENTO E EXECUÇÃO DE SOLDA). AF_12/2021","UN",63.44]
[103419,"ASSENTAMENTO DE CONEXÃO COM 3 ACESSOS, EM PEAD LISO PARA REDE DE ÁGUA OU ESGOTO, DIÂMETRO DE 225 MM, JUNTA SOLDADA (NÃO INCLUI O FORNECIMENTO E EXECUÇÃO DE SOLDA). AF_12/2021","UN",71.38]
[103420,"ASSENTAMENTO DE CONEXÃO COM 3 ACESSOS, EM PEAD LISO PARA REDE DE ÁGUA OU ESGOTO, DIÂMETRO DE 250 MM, JUNTA SOLDADA (NÃO INCLUI O FORNECIMENTO E EXECUÇÃO DE SOLDA). AF_12/2021","UN",79.3]
[103421,"ASSENTAMENTO DE CONEXÃO COM 3 ACESSOS, EM PEAD LISO PARA REDE DE ÁGUA OU ESGOTO, DIÂMETRO DE 280 MM, JUNTA SOLDADA (NÃO INCLUI O FORNECIMENTO E EXECUÇÃO DE SOLDA). AF_12/2021","UN",88.83]
[103422,"ASSENTAMENTO DE CONEXÃO COM 3 ACESSOS, EM PEAD LISO PARA REDE DE ÁGUA OU ESGOTO, DIÂMETRO DE 315 MM, JUNTA SOLDADA (NÃO INCLUI O FORNECIMENTO E EXECUÇÃO DE SOLDA). AF_12/2021","UN",99.93]
[103423,"ASSENTAMENTO DE CONEXÃO COM 3 ACESSOS, EM PEAD LISO PARA REDE DE ÁGUA OU ESGOTO, DIÂMETRO DE 355 MM, JUNTA SOLDADA (NÃO INCLUI O FORNECIMENTO E EXECUÇÃO DE SOLDA). AF_12/2021","UN",112.62]
[103424,"ASSENTAMENTO DE CONEXÃO COM 3 ACESSOS, EM PEAD LISO PARA REDE DE ÁGUA OU ESGOTO, DIÂMETRO DE 400 MM, JUNTA SOLDADA (NÃO INCLUI O FORNECIMENTO E EXECUÇÃO DE SOLDA). AF_12/2021","UN",126.89]
[103425,"LUVA, EM PEAD LISO PARA REDE DE ÁGUA OU ESGOTO, DIÂMETRO DE 20 MM, JUNTA SOLDADA POR ELETROFUSÃO (NÃO INCLUI A EXECUÇÃO DE SOLDA). AF_12/2021","UN",14.63]
[103426,"LUVA, EM PEAD LISO PARA REDE DE ÁGUA OU ESGOTO, DIÂMETRO DE 32 MM, JUNTA SOLDADA POR ELETROFUSÃO (NÃO INCLUI A EXECUÇÃO DE SOLDA). AF_12/2021","UN",17.43]
[103427,"LUVA, EM PEAD LISO PARA REDE DE ÁGUA OU ESGOTO, DIÂMETRO DE 63 MM, JUNTA SOLDADA POR ELETROFUSÃO (NÃO INCLUI A EXECUÇÃO DE SOLDA). AF_12/2021","UN",34.94]
[103428,"LUVA, EM PEAD LISO PARA REDE DE ÁGUA OU ESGOTO, DIÂMETRO DE 200 MM, JUNTA SOLDADA POR ELETROFUSÃO (NÃO INCLUI A EXECUÇÃO DE SOLDA). AF_12/2021","UN",236.86]
[103429,"LUVA, EM PEAD LISO PARA REDE DE ÁGUA OU ESGOTO, DIÂMETRO DE 400 MM, JUNTA SOLDADA POR ELETROFUSÃO (NÃO INCLUI A EXECUÇÃO DE SOLDA). AF_12/2021","UN",{"v":2657.62,"d":"2,657.62"}]
[103430,"COTOVELO 45 GRAUS, EM PEAD LISO PARA REDE DE ÁGUA OU ESGOTO, DIÂMETRO DE 32 MM, JUNTA SOLDADA POR ELETROFUSÃO (NÃO INCLUI A EXECUÇÃO DE SOLDA). AF_12/2021","UN",31.62]
[103431,"COTOVELO 45 GRAUS, EM PEAD LISO PARA REDE DE ÁGUA OU ESGOTO, DIÂMETRO DE 63 MM, JUNTA SOLDADA POR ELETROFUSÃO (NÃO INCLUI A EXECUÇÃO DE SOLDA). AF_12/2021","UN",55.32]
[103432,"COTOVELO 45 GRAUS, EM PEAD LISO PARA REDE DE ÁGUA OU ESGOTO, DIÂMETRO DE 200 MM, JUNTA SOLDADA POR ELETROFUSÃO (NÃO INCLUI A EXECUÇÃO DE SOLDA). AF_12/2021","UN",{"v":1509.17,"d":"1,509.17"}]
[103433,"COTOVELO 90 GRAUS, EM PEAD LISO PARA REDE DE ÁGUA OU ESGOTO, DIÂMETRO DE 20 MM, JUNTA SOLDADA POR ELETROFUSÃO (NÃO INCLUI A EXECUÇÃO DE SOLDA). AF_12/2021","UN",31.48]
[103434,"COTOVELO 90 GRAUS, EM PEAD LISO PARA REDE DE ÁGUA OU ESGOTO, DIÂMETRO DE 32 MM, JUNTA SOLDADA POR ELETROFUSÃO (NÃO INCLUI A EXECUÇÃO DE SOLDA). AF_12/2021","UN",43.48]
[103435,"COTOVELO 90 GRAUS, EM PEAD LISO PARA REDE DE ÁGUA OU ESGOTO, DIÂMETRO DE 63 MM, JUNTA SOLDADA POR ELETROFUSÃO (NÃO INCLUI A EXECUÇÃO DE SOLDA). AF_12/2021","UN",80.85]
[103436,"COTOVELO 90 GRAUS, POLIETILENO DE ALTA DENSIDADE (PEAD) PARA REDE DE ÁGUA OU ESGOTO, DIÂMETRO DE 200 MM, JUNTA SOLDADA POR ELETROFUSÃO (NÃO INCLUI A EXECUÇÃO DE SOLDA). AF_12/2021","UN",{"v":2138.76,"d":"2,138.76"}]
[103437,"TÊ DE SERVIÇO, EM PEAD LISO PARA REDE DE ÁGUA OU ESGOTO, DIÂMETRO DE 63 X 20 MM, JUNTA SOLDADA POR ELETROFUSÃO (NÃO INCLUI A EXECUÇÃO DE SOLDA). AF_12/2021","UN",167.81]
[103438,"TÊ DE SERVIÇO, EM PEAD LISO PARA REDE DE ÁGUA OU ESGOTO, DIÂMETRO DE 63 X 32 MM, JUNTA SOLDADA POR ELETROFUSÃO (NÃO INCLUI A EXECUÇÃO DE SOLDA). AF_12/2021","UN",167.81]
[103439,"TÊ DE SERVIÇO, EM PEAD LISO PARA REDE DE ÁGUA OU ESGOTO, DIÂMETRO DE 63 X 63 MM, JUNTA SOLDADA POR ELETROFUSÃO (NÃO INCLUI A EXECUÇÃO DE SOLDA). AF_12/2021","UN",198.04]
[103440,"TÊ DE SERVIÇO, EM PEAD LISO PARA REDE DE ÁGUA OU ESGOTO, DIÂMETRO DE 200 X 20 MM, JUNTA SOLDADA POR ELETROFUSÃO (NÃO INCLUI A EXECUÇÃO DE SOLDA). AF_12/2021","UN",376.42]
[103441,"TÊ DE SERVIÇO, EM PEAD LISO PARA REDE DE ÁGUA OU ESGOTO, DIÂMETRO DE 200 X 32 MM, JUNTA SOLDADA POR ELETROFUSÃO (NÃO INCLUI A EXECUÇÃO DE SOLDA). AF_12/2021","UN",381.32]
[103442,"TÊ DE SERVIÇO, EM PEAD LISO PARA REDE DE ÁGUA OU ESGOTO, DIÂMETRO DE 200 X 63 MM, JUNTA SOLDADA POR ELETROFUSÃO (NÃO INCLUI A EXECUÇÃO DE SOLDA). AF_12/2021","UN",499.47]
[98441,"PAREDE DE MADEIRA COMPENSADA PARA CONSTRUÇÃO TEMPORÁRIA EM CHAPA SIMPLES, EXTERNA, SEM VÃO. AF_03/2024","M2",113.04]
[98443,"PAREDE DE MADEIRA COMPENSADA PARA CONSTRUÇÃO TEMPORÁRIA EM CHAPA SIMPLES, INTERNA, SEM VÃO. AF_03/2024","M2",93.42]
[98445,"PAREDE DE MADEIRA COMPENSADA PARA CONSTRUÇÃO TEMPORÁRIA EM CHAPA SIMPLES, EXTERNA, COM ÁREA LÍQUIDA MAIOR OU IGUAL A 6 M², COM VÃO. AF_03/2024","M2",130.46]
[98446,"PAREDE DE MADEIRA COMPENSADA PARA CONSTRUÇÃO TEMPORÁRIA EM CHAPA SIMPLES, EXTERNA, COM ÁREA LÍQUIDA MENOR QUE 6 M², COM VÃO. AF_03/2024","M2",161.54]
[98447,"PAREDE DE MADEIRA COMPENSADA PARA CONSTRUÇÃO TEMPORÁRIA EM CHAPA SIMPLES, INTERNA, COM ÁREA LÍQUIDA MAIOR OU IGUAL A 6 M², COM VÃO. AF_03/2024","M2",107.7]
[98448,"PAREDE DE MADEIRA COMPENSADA PARA CONSTRUÇÃO TEMPORÁRIA EM CHAPA SIMPLES, INTERNA, COM ÁREA LÍQUIDA MENOR QUE 6 M², COM VÃO. AF_03/2024","M2",133.59]
[98449,"PAREDE DE MADEIRA COMPENSADA PARA CONSTRUÇÃO TEMPORÁRIA EM CHAPA DUPLA, EXTERNA, SEM VÃO. AF_03/2024","M2",165.95]
[98451,"PAREDE DE MADEIRA COMPENSADA PARA CONSTRUÇÃO TEMPORÁRIA EM CHAPA DUPLA, INTERNA, SEM VÃO. AF_03/2024","M2",143.81]
[98453,"PAREDE DE MADEIRA COMPENSADA PARA CONSTRUÇÃO TEMPORÁRIA EM CHAPA DUPLA, EXTERNA, COM ÁREA LÍQUIDA MAIOR OU IGUAL A QUE 6 M², COM VÃO. AF_03/2024","M2",187.05]
[98454,"PAREDE DE MADEIRA COMPENSADA PARA CONSTRUÇÃO TEMPORÁRIA EM CHAPA DUPLA, EXTERNA, COM ÁREA LÍQUIDA MENOR QUE 6 M², COM VÃO. AF_03/2024","M2",225.14]
[98455,"PAREDE DE MADEIRA COMPENSADA PARA CONSTRUÇÃO TEMPORÁRIA EM CHAPA DUPLA, INTERNA, COM ÁREA LÍQUIDA MAIOR OU IGUAL A 6 M², COM VÃO. AF_03/2024","M2",161.05]
[98456,"PAREDE DE MADEIRA COMPENSADA PARA CONSTRUÇÃO TEMPORÁRIA EM CHAPA DUPLA, INTERNA, COM ÁREA LÍQUIDA MENOR QUE 6 M², COM VÃO. AF_03/2024","M2",194.33]
[98458,"TAPUME COM COMPENSADO DE MADEIRA. AF_03/2024","M2",115.03]
[98459,"TAPUME COM TELHA METÁLICA. AF_03/2024","M2",92.89]
[98460,"PISO PARA CONSTRUÇÃO TEMPORÁRIA EM MADEIRA, SEM REAPROVEITAMENTO. AF_03/2024","M2",80.22]
[98461,"ESTRUTURA DE MADEIRA PROVISÓRIA PARA SUPORTE DE CAIXA DÁGUA ELEVADA DE 1000 LITROS. AF_03/2024","UN",{"v":6638.83,"d":"6,638.83"}]
[98462,"ESTRUTURA DE MADEIRA PROVISÓRIA PARA SUPORTE DE CAIXA DÁGUA ELEVADA DE 3000 LITROS. AF_03/2024","UN",{"v":11235.29,"d":"11,235.29"}]
[105113,"ESTRUTURA DE MADEIRA PROVISÓRIA PARA SUPORTE DE CAIXA D'ÁGUA ELEVADA DE 2000 LITROS. AF_03/2024","UN",{"v":8752.61,"d":"8,752.61"}]
[105114,"EXECUÇÃO DOS APOIOS PARA CONTÊINER OU MÓDULO HABITÁVEL. AF_03/2024","M3",{"v":1898.91,"d":"1,898.91"}]
[105115,"INSTALAÇÃO E DESINSTALAÇÃO MECANIZADA DE CONTÊINER OU MÓDULO HABITÁVEL DE USOS DIVERSOS. AF_03/2024","UN",126.08]
[105116,"INSTALAÇÃO E DESINSTALAÇÃO MANUAL DE CONTÊINER OU MÓDULO HABITÁVEL PEQUENO. AF_03/2024","UN",10.64]
[105126,"INSTALAÇÃO DE CONCERTINA SIMPLES, ESPIRAL DE 300 MM. AF_03/2024","M",31.21]
[105127,"INSTALAÇÃO DE CONCERTINA DUPLA CLIPADA, ESPIRAL DE 300 MM. AF_03/2024","M",27.88]
[105128,"INSTALAÇÃO DE CONCERTINA FLAT, ESPIRAL DE 300 MM. AF_03/2024","M",91.39]
[105130,"EXECUÇÃO DE PILARETES PARA TAPUMES E CONSTRUÇÕES TEMPORÁRIAS. AF_03/2024","M",30.41]
[5631,"ESCAVADEIRA HIDRÁULICA SOBRE ESTEIRAS, CAÇAMBA 0,80 M3, PESO OPERACIONAL 17 T, POTENCIA BRUTA 111 HP - CHP DIURNO. AF_06/2014","CHP",207.95]
[5678,"RETROESCAVADEIRA SOBRE RODAS COM CARREGADEIRA, TRAÇÃO 4X4, POTÊNCIA LÍQ. 88 HP, CAÇAMBA CARREG. CAP. MÍN. 1 M3, CAÇAMBA RETRO CAP. 0,26 M3, PESO OPERACIONAL MÍN. 6.674 KG, PROFUNDIDADE ESCAVAÇÃO MÁX. 4,37 M - CHP DIURNO. AF_06/2014","CHP",141.64]
[5680,"RETROESCAVADEIRA SOBRE RODAS COM CARREGADEIRA, TRAÇÃO 4X2, POTÊNCIA LÍQ. 79 HP, CAÇAMBA CARREG. CAP. MÍN. 1 M3, CAÇAMBA RETRO CAP. 0,20 M3, PESO OPERACIONAL MÍN. 6.570 KG, PROFUNDIDADE ESCAVAÇÃO MÁX. 4,37 M - CHP DIURNO. AF_06/2014","CHP",129.1]
[5684,"ROLO COMPACTADOR VIBRATÓRIO DE UM CILINDRO AÇO LISO, POTÊNCIA 80 HP, PESO OPERACIONAL MÁXIMO 8,1 T, IMPACTO DINÂMICO 16,15 / 9,5 T, LARGURA DE TRABALHO 1,68 M - CHP DIURNO. AF_06/2014","CHP",161.56]
[5689,"GRADE DE DISCO CONTROLE REMOTO REBOCÁVEL, COM 24 DISCOS 24 X 6 MM COM PNEUS PARA TRANSPORTE - CHP DIURNO. AF_06/2014","CHP",6.32]
[5795,"MARTELETE OU ROMPEDOR PNEUMÁTICO MANUAL, 28 KG, COM SILENCIADOR - CHP DIURNO. AF_07/2016","CHP",23.96]
[5811,"CAMINHÃO BASCULANTE 6 M3, PESO BRUTO TOTAL 16.000 KG, CARGA ÚTIL MÁXIMA 13.071 KG, DISTÂNCIA ENTRE EIXOS 4,80 M, POTÊNCIA 230 CV INCLUSIVE CAÇAMBA METÁLICA - CHP DIURNO. AF_06/2014","CHP",212.31]
[5823,"USINA DE CONCRETO FIXA, CAPACIDADE NOMINAL DE 90 A 120 M3/H, SEM SILO - CHP DIURNO. AF_07/2016","CHP",213.5]
[5824,"CAMINHÃO TOCO, PBT 16.000 KG, CARGA ÚTIL MÁX. 10.685 KG, DIST. ENTRE EIXOS 4,8 M, POTÊNCIA 189 CV, INCLUSIVE CARROCERIA FIXA ABERTA DE MADEIRA P/ TRANSPORTE GERAL DE CARGA SECA, DIMEN. APROX. 2,5 X 7,00 X 0,50 M - CHP DIURNO. AF_06/2014","CHP",224.35]
[5835,"VIBROACABADORA DE ASFALTO SOBRE ESTEIRAS, LARGURA DE PAVIMENTAÇÃO 1,90 M A 5,30 M, POTÊNCIA 105 HP CAPACIDADE 450 T/H - CHP DIURNO. AF_11/2014","CHP",369.11]
[5839,"VASSOURA MECÂNICA REBOCÁVEL COM ESCOVA CILÍNDRICA, LARGURA ÚTIL DE VARRIMENTO DE 2,44 M - CHP DIURNO. AF_06/2014","CHP",9.33]
[5843,"TRATOR DE PNEUS, POTÊNCIA 122 CV, TRAÇÃO 4X4, PESO COM LASTRO DE 4.510 KG - CHP DIURNO. AF_06/2014","CHP",169.73]
[5847,"TRATOR DE ESTEIRAS, POTÊNCIA 170 HP, PESO OPERACIONAL 19 T, CAÇAMBA 5,2 M3 - CHP DIURNO. AF_06/2014","CHP",272.23]
[5851,"TRATOR DE ESTEIRAS, POTÊNCIA 150 HP, PESO OPERACIONAL 16,7 T, COM RODA MOTRIZ ELEVADA E LÂMINA 3,18 M3 - CHP DIURNO. AF_06/2014","CHP",260.06]
[5855,"TRATOR DE ESTEIRAS, POTÊNCIA 347 HP, PESO OPERACIONAL 38,5 T, COM LÂMINA 8,70 M3 - CHP DIURNO. AF_06/2014","CHP",708.24]
[5863,"ROLO COMPACTADOR VIBRATÓRIO REBOCÁVEL, CILINDRO DE AÇO LISO, POTÊNCIA DE TRAÇÃO DE 65 CV, PESO 4,7 T, IMPACTO DINÂMICO 18,3 T, LARGURA DE TRABALHO 1,67 M - CHP DIURNO. AF_02/2016","CHP",24.36]
[5867,"ROLO COMPACTADOR VIBRATÓRIO TANDEM AÇO LISO, POTÊNCIA 58 HP, PESO SEM/COM LASTRO 6,5 / 9,4 T, LARGURA DE TRABALHO 1,2 M - CHP DIURNO. AF_06/2014","CHP",163]
[5875,"RETROESCAVADEIRA SOBRE RODAS COM CARREGADEIRA, TRAÇÃO 4X4, POTÊNCIA LÍQ. 72 HP, CAÇAMBA CARREG. CAP. MÍN. 0,79 M3, CAÇAMBA RETRO CAP. 0,18 M3, PESO OPERACIONAL MÍN. 7.140 KG, PROFUNDIDADE ESCAVAÇÃO MÁX. 4,50 M - CHP DIURNO. AF_06/2014","CHP",129.71]
[5879,"ROLO COMPACTADOR VIBRATÓRIO PÉ DE CARNEIRO, OPERADO POR CONTROLE REMOTO, POTÊNCIA 12,5 KW, PESO OPERACIONAL 1,675 T, LARGURA DE TRABALHO 0,85 M - CHP DIURNO. AF_02/2016","CHP",144.05]
[5882,"USINA DE LAMA ASFÁLTICA, PROD 30 A 50 T/H, SILO DE AGREGADO 7 M3, RESERVATÓRIOS PARA EMULSÃO E ÁGUA DE 2,3 M3 CADA, MISTURADOR TIPO PUG MILL A SER MONTADO SOBRE CAMINHÃO - CHP DIURNO. AF_10/2014","CHP",124.06]
[5890,"CAMINHÃO TOCO, PESO BRUTO TOTAL 14.300 KG, CARGA ÚTIL MÁXIMA 9590 KG, DISTÂNCIA ENTRE EIXOS 4,76 M, POTÊNCIA 185 CV (NÃO INCLUI CARROCERIA) - CHP DIURNO. AF_06/2014","CHP",211.22]
[5894,"CAMINHÃO TOCO, PESO BRUTO TOTAL 16.000 KG, CARGA ÚTIL MÁXIMA DE 10.685 KG, DISTÂNCIA ENTRE EIXOS 4,80 M, POTÊNCIA 189 CV EXCLUSIVE CARROCERIA - CHP DIURNO. AF_06/2014","CHP",219.75]
[5901,"CAMINHÃO PIPA 10.000 L TRUCADO, PESO BRUTO TOTAL 23.000 KG, CARGA ÚTIL MÁXIMA 15.935 KG, DISTÂNCIA ENTRE EIXOS 4,8 M, POTÊNCIA 230 CV, INCLUSIVE TANQUE DE AÇO PARA TRANSPORTE DE ÁGUA - CHP DIURNO. AF_06/2014","CHP",328.69]
[5909,"ESPARGIDOR DE ASFALTO PRESSURIZADO COM TANQUE DE 2500 L, REBOCÁVEL COM MOTOR A GASOLINA POTÊNCIA 3,4 HP - CHP DIURNO. AF_07/2014","CHP",32.9]
[5921,"GRADE DE DISCO REBOCÁVEL COM 20 DISCOS 24\" X 6 MM COM PNEUS PARA TRANSPORTE - CHP DIURNO. AF_06/2014","CHP",4.96]
[5928,"GUINDAUTO HIDRÁULICO, CAPACIDADE MÁXIMA DE CARGA 6200 KG, MOMENTO MÁXIMO DE CARGA 11,7 TM, ALCANCE MÁXIMO HORIZONTAL 9,70 M, INCLUSIVE CAMINHÃO TOCO PBT 16.000 KG, POTÊNCIA DE 189 CV - CHP DIURNO. AF_06/2014","CHP",287.9]
[5932,"MOTONIVELADORA POTÊNCIA BÁSICA LÍQUIDA (PRIMEIRA MARCHA) 125 HP, PESO BRUTO 13032 KG, LARGURA DA LÂMINA DE 3,7 M - CHP DIURNO. AF_06/2014","CHP",254.6]
[5940,"PÁ CARREGADEIRA SOBRE RODAS, POTÊNCIA LÍQUIDA 128 HP, CAPACIDADE DA CAÇAMBA 1,7 A 2,8 M3, PESO OPERACIONAL 11632 KG - CHP DIURNO. AF_06/2014","CHP",162.68]
[5944,"PÁ CARREGADEIRA SOBRE RODAS, POTÊNCIA 197 HP, CAPACIDADE DA CAÇAMBA 2,5 A 3,5 M3, PESO OPERACIONAL 18338 KG - CHP DIURNO. AF_06/2014","CHP",224.57]
[5953,"COMPRESSOR DE AR REBOCÁVEL, VAZÃO 189 PCM, PRESSÃO EFETIVA DE TRABALHO 102 PSI, MOTOR DIESEL, POTÊNCIA 63 CV - CHP DIURNO. AF_06/2015","CHP",62.56]
[6259,"CAMINHÃO PIPA 6.000 L, PESO BRUTO TOTAL 13.000 KG, DISTÂNCIA ENTRE EIXOS 4,80 M, POTÊNCIA 189 CV INCLUSIVE TANQUE DE AÇO PARA TRANSPORTE DE ÁGUA, CAPACIDADE 6 M3 - CHP DIURNO. AF_06/2014","CHP",265.56]
[6879,"ROLO COMPACTADOR DE PNEUS ESTÁTICO, PRESSÃO VARIÁVEL, POTÊNCIA 111 HP, PESO SEM/COM LASTRO 9,5 / 26 T, LARGURA DE TRABALHO 1,90 M - CHP DIURNO. AF_07/2014","CHP",214.64]
[7030,"TANQUE DE ASFALTO ESTACIONÁRIO COM SERPENTINA, CAPACIDADE 30.000 L - CHP DIURNO. AF_05/2023","CHP",279.67]
[7042,"MOTOBOMBA TRASH (PARA ÁGUA SUJA) AUTO ESCORVANTE, MOTOR GASOLINA DE 6,41 HP, DIÂMETROS DE SUCÇÃO X RECALQUE: 3\" X 3\", HM/Q = 10 MCA / 60 M3/H A 23 MCA / 0 M3/H - CHP DIURNO. AF_10/2014","CHP",25.63]
[7049,"ROLO COMPACTADOR PE DE CARNEIRO VIBRATORIO, POTENCIA 125 HP, PESO OPERACIONAL SEM/COM LASTRO 11,95 / 13,30 T, IMPACTO DINAMICO 38,5 / 22,5 T, LARGURA DE TRABALHO 2,15 M - CHP DIURNO. AF_06/2014","CHP",226.35]
[67826,"CAMINHÃO BASCULANTE 6 M3 TOCO, PESO BRUTO TOTAL 16.000 KG, CARGA ÚTIL MÁXIMA 11.130 KG, DISTÂNCIA ENTRE EIXOS 5,36 M, POTÊNCIA 185 CV, INCLUSIVE CAÇAMBA METÁLICA - CHP DIURNO. AF_06/2014","CHP",194.24]
[73417,"GRUPO GERADOR ESTACIONÁRIO, MOTOR DIESEL POTÊNCIA 170 KVA - CHP DIURNO. AF_02/2016","CHP",199.29]
[73436,"ROLO COMPACTADOR VIBRATÓRIO PÉ DE CARNEIRO PARA SOLOS, POTÊNCIA 80 HP, PESO OPERACIONAL SEM/COM LASTRO 7,4 / 8,8 T, LARGURA DE TRABALHO 1,68 M - CHP DIURNO. AF_02/2016","CHP",164.84]
[73467,"CAMINHÃO TOCO, PBT 14.300 KG, CARGA ÚTIL MÁX. 9.710 KG, DIST. ENTRE EIXOS 3,56 M, POTÊNCIA 185 CV, INCLUSIVE CARROCERIA FIXA ABERTA DE MADEIRA P/ TRANSPORTE GERAL DE CARGA SECA, DIMEN. APROX. 2,50 X 6,50 X 0,50 M - CHP DIURNO. AF_06/2014","CHP",258]
[73536,"MOTOBOMBA CENTRÍFUGA, MOTOR A GASOLINA, POTÊNCIA 5,42 HP, BOCAIS 1 1/2\" X 1\", DIÂMETRO ROTOR 143 MM HM/Q = 6 MCA / 16,8 M3/H A 38 MCA / 6,6 M3/H - CHP DIURNO. AF_06/2014","CHP",21.7]
[83362,"ESPARGIDOR DE ASFALTO PRESSURIZADO, TANQUE 6 M3 COM ISOLAÇÃO TÉRMICA, AQUECIDO COM 2 MAÇARICOS, COM BARRA ESPARGIDORA 3,60 M, MONTADO SOBRE CAMINHÃO  TOCO, PBT 14.300 KG, POTÊNCIA 185 CV - CHP DIURNO. AF_05/2023","CHP",275.2]
[83765,"GRUPO DE SOLDAGEM COM GERADOR A DIESEL 60 CV PARA SOLDA ELÉTRICA, SOBRE 04 RODAS, COM MOTOR 4 CILINDROS 600 A - CHP DIURNO. AF_02/2016","CHP",100.08]
[87445,"BETONEIRA CAPACIDADE NOMINAL 400 L, CAPACIDADE DE MISTURA 310 L, MOTOR A DIESEL POTÊNCIA 5,0 HP, SEM CARREGADOR - CHP DIURNO. AF_05/2023","CHP",5.53]
[88386,"MISTURADOR DE ARGAMASSA, EIXO HORIZONTAL, CAPACIDADE DE MISTURA 300 KG, MOTOR ELÉTRICO POTÊNCIA 5 CV - CHP DIURNO. AF_05/2023","CHP",5.46]
[88393,"MISTURADOR DE ARGAMASSA, EIXO HORIZONTAL, CAPACIDADE DE MISTURA 600 KG, MOTOR ELÉTRICO POTÊNCIA 7,5 CV - CHP DIURNO. AF_05/2023","CHP",7.53]
[88399,"MISTURADOR DE ARGAMASSA, EIXO HORIZONTAL, CAPACIDADE DE MISTURA 160 KG, MOTOR ELÉTRICO POTÊNCIA 3 CV - CHP DIURNO. AF_05/2023","CHP",4.03]
[88418,"PROJETOR DE ARGAMASSA, CAPACIDADE DE PROJEÇÃO 1,5 M3/H, ALCANCE DE 30 ATÉ 60 M, MOTOR ELÉTRICO POTÊNCIA 7,5 HP - CHP DIURNO. AF_06/2014","CHP",15.34]
[88433,"PROJETOR DE ARGAMASSA, CAPACIDADE DE PROJEÇÃO 2 M3/H, ALCANCE ATÉ 50 M, MOTOR ELÉTRICO POTÊNCIA 7,5 HP - CHP DIURNO. AF_06/2014","CHP",19.97]
[88830,"BETONEIRA CAPACIDADE NOMINAL DE 400 L, CAPACIDADE DE MISTURA 280 L, MOTOR ELÉTRICO TRIFÁSICO POTÊNCIA DE 2 CV, SEM CARREGADOR - CHP DIURNO. AF_05/2023","CHP",2.13]
[88843,"TRATOR DE ESTEIRAS, POTÊNCIA 125 HP, PESO OPERACIONAL 12,9 T, COM LÂMINA 2,7 M3 - CHP DIURNO. AF_10/2014","CHP",216.68]
[88907,"ESCAVADEIRA HIDRÁULICA SOBRE ESTEIRAS, CAÇAMBA 1,20 M3, PESO OPERACIONAL 21 T, POTÊNCIA BRUTA 155 HP - CHP DIURNO. AF_06/2014","CHP",249.86]
[89021,"BOMBA SUBMERSÍVEL ELÉTRICA TRIFÁSICA, POTÊNCIA 2,96 HP, Ø ROTOR 144 MM SEMI-ABERTO, BOCAL DE SAÍDA Ø 2\", HM/Q = 2 MCA / 38,8 M3/H A 28 MCA / 5 M3/H - CHP DIURNO. AF_06/2014","CHP",2.84]
[89028,"TANQUE DE ASFALTO ESTACIONÁRIO COM MAÇARICO, CAPACIDADE 20.000 L - CHP DIURNO. AF_05/2023","CHP",188.22]
[89032,"TRATOR DE ESTEIRAS, POTÊNCIA 100 HP, PESO OPERACIONAL 9,4 T, COM LÂMINA 2,19 M3 - CHP DIURNO. AF_06/2014","CHP",195.27]
[89035,"TRATOR DE PNEUS, POTÊNCIA 85 CV, TRAÇÃO 4X4, PESO COM LASTRO DE 4.675 KG - CHP DIURNO. AF_06/2014","CHP",126.53]
[89225,"BETONEIRA CAPACIDADE NOMINAL DE 600 L, CAPACIDADE DE MISTURA 360 L, MOTOR ELÉTRICO TRIFÁSICO POTÊNCIA DE 4 CV, SEM CARREGADOR - CHP DIURNO. AF_05/2023","CHP",5.97]
[89234,"FRESADORA DE ASFALTO A FRIO SOBRE RODAS, LARGURA FRESAGEM DE 1,0 M, POTÊNCIA 208 HP - CHP DIURNO. AF_11/2014","CHP",566.8]
[89242,"FRESADORA DE ASFALTO A FRIO SOBRE RODAS, LARGURA FRESAGEM DE 2,0 M, POTÊNCIA 550 HP - CHP DIURNO. AF_11/2014","CHP",{"v":1349.23,"d":"1,349.23"}]
[89250,"RECICLADORA DE ASFALTO A FRIO SOBRE RODAS, LARGURA FRESAGEM DE 2,0 M, POTÊNCIA 422 HP - CHP DIURNO. AF_11/2014","CHP",{"v":1167.6,"d":"1,167.60"}]
[89257,"VIBROACABADORA DE ASFALTO SOBRE ESTEIRAS, LARGURA DE PAVIMENTAÇÃO 2,13 M A 4,55 M, POTÊNCIA 100 HP CAPACIDADE 400 T/H - CHP DIURNO. AF_11/2014","CHP",318.66]
[89272,"GUINDASTE HIDRÁULICO AUTOPROPELIDO, COM LANÇA TELESCÓPICA 28,80 M, CAPACIDADE MÁXIMA 30 T, POTÊNCIA 97 KW, TRAÇÃO 4 X 4 - CHP DIURNO. AF_11/2014","CHP",217.32]
[89278,"BETONEIRA CAPACIDADE NOMINAL DE 600 L, CAPACIDADE DE MISTURA 440 L, MOTOR A DIESEL POTÊNCIA 10 HP, COM CARREGADOR - CHP DIURNO. AF_05/2023","CHP",13.03]
[89843,"BATE-ESTACAS POR GRAVIDADE, POTÊNCIA DE 160 HP, PESO DO MARTELO ATÉ 3 TONELADAS - CHP DIURNO. AF_11/2014","CHP",205.63]
[89876,"CAMINHÃO BASCULANTE 14 M3, COM CAVALO MECÂNICO DE CAPACIDADE MÁXIMA DE TRAÇÃO COMBINADO DE 36000 KG, POTÊNCIA 286 CV, INCLUSIVE SEMIREBOQUE COM CAÇAMBA METÁLICA - CHP DIURNO. AF_12/2014","CHP",345.36]
[89883,"CAMINHÃO BASCULANTE 18 M3, COM CAVALO MECÂNICO DE CAPACIDADE MÁXIMA DE TRAÇÃO COMBINADO DE 45000 KG, POTÊNCIA 330 CV, INCLUSIVE SEMIREBOQUE COM CAÇAMBA METÁLICA - CHP DIURNO. AF_12/2014","CHP",381.59]
[90586,"VIBRADOR DE IMERSÃO, DIÂMETRO DE PONTEIRA 45MM, MOTOR ELÉTRICO TRIFÁSICO POTÊNCIA DE 2 CV - CHP DIURNO. AF_06/2015","CHP",1.41]
[90625,"PERFURATRIZ MANUAL, TORQUE MÁXIMO 83 N.M, POTÊNCIA 5 CV, COM DIÂMETRO MÁXIMO 4\" - CHP DIURNO. AF_06/2015","CHP",9.78]
[90631,"PERFURATRIZ SOBRE ESTEIRA, TORQUE MÁXIMO 600 KGF, PESO MÉDIO 1000 KG, POTÊNCIA 20 HP, DIÂMETRO MÁXIMO 10\" - CHP DIURNO. AF_06/2015","CHP",156.48]
[90637,"MISTURADOR DUPLO HORIZONTAL DE ALTA TURBULÊNCIA, CAPACIDADE / VOLUME 2 X 500 LITROS, MOTORES ELÉTRICOS MÍNIMO 5 CV CADA, PARA NATA CIMENTO, ARGAMASSA E OUTROS - CHP DIURNO. AF_06/2015","CHP",16.88]
[90643,"BOMBA TRIPLEX, PARA INJEÇÃO DE NATA DE CIMENTO, VAZÃO MÁXIMA DE 100 LITROS/MINUTO, PRESSÃO MÁXIMA DE 70 BAR - CHP DIURNO. AF_06/2015","CHP",28.4]
[90650,"BOMBA CENTRÍFUGA MONOESTÁGIO COM MOTOR ELÉTRICO MONOFÁSICO, POTÊNCIA 15 HP, DIÂMETRO DO ROTOR 173 MM, HM/Q = 30 MCA / 90 M3/H A 45 MCA / 55 M3/H - CHP DIURNO. AF_06/2015","CHP",12.1]
[90656,"BOMBA DE PROJEÇÃO DE CONCRETO SECO, POTÊNCIA 10 CV, VAZÃO 3 M3/H - CHP DIURNO. AF_06/2015","CHP",16.72]
[90662,"BOMBA DE PROJEÇÃO DE CONCRETO SECO, POTÊNCIA 10 CV, VAZÃO 6 M3/H - CHP DIURNO. AF_06/2015","CHP",17.43]
[90668,"PROJETOR PNEUMÁTICO DE ARGAMASSA PARA CHAPISCO E REBOCO COM RECIPIENTE ACOPLADO, TIPO CANEQUINHA, COM COMPRESSOR DE AR REBOCÁVEL VAZÃO 89 PCM E MOTOR DIESEL DE 20 CV - CHP DIURNO. AF_05/2023","CHP",33.58]
[90674,"PERFURATRIZ COM TORRE METÁLICA PARA EXECUÇÃO DE ESTACA HÉLICE CONTÍNUA, PROFUNDIDADE MÁXIMA DE 30 M, DIÂMETRO MÁXIMO DE 800 MM, POTÊNCIA INSTALADA DE 268 HP, MESA ROTATIVA COM TORQUE MÁXIMO DE 170 KNM - CHP DIURNO. AF_06/2015","CHP",747.37]
[90680,"PERFURATRIZ HIDRÁULICA SOBRE CAMINHÃO COM TRADO CURTO ACOPLADO, PROFUNDIDADE MÁXIMA DE 20 M, DIÂMETRO MÁXIMO DE 1500 MM, POTÊNCIA INSTALADA DE 137 HP, MESA ROTATIVA COM TORQUE MÁXIMO DE 30 KNM - CHP DIURNO. AF_06/2015","CHP",392.74]
[90686,"MANIPULADOR TELESCÓPICO, POTÊNCIA DE 85 HP, CAPACIDADE DE CARGA DE 3.500 KG, ALTURA MÁXIMA DE ELEVAÇÃO DE 12,3 M - CHP DIURNO. AF_05/2023","CHP",172.46]
[90692,"MINICARREGADEIRA SOBRE RODAS, POTÊNCIA LÍQUIDA DE 47 HP, CAPACIDADE NOMINAL DE OPERAÇÃO DE 646 KG - CHP DIURNO. AF_06/2015","CHP",133.41]
[90964,"COMPRESSOR DE AR REBOCÁVEL, VAZÃO 89 PCM, PRESSÃO EFETIVA DE TRABALHO 102 PSI, MOTOR DIESEL, POTÊNCIA 20 CV - CHP DIURNO. AF_06/2015","CHP",33.49]
[90972,"COMPRESSOR DE AR REBOCAVEL, VAZÃO 250 PCM, PRESSAO DE TRABALHO 102 PSI, MOTOR A DIESEL POTÊNCIA 81 CV - CHP DIURNO. AF_06/2015","CHP",81.15]
[90979,"COMPRESSOR DE AR REBOCÁVEL, VAZÃO 748 PCM, PRESSÃO EFETIVA DE TRABALHO 102 PSI, MOTOR DIESEL, POTÊNCIA 210 CV - CHP DIURNO. AF_06/2015","CHP",209.55]
[90999,"COMPRESSOR DE AR REBOCAVEL, VAZÃO 400 PCM, PRESSAO DE TRABALHO 102 PSI, MOTOR A DIESEL POTÊNCIA 110 CV - CHP DIURNO. AF_06/2015","CHP",107.14]
[91031,"CAMINHÃO TRUCADO (C/ TERCEIRO EIXO) ELETRÔNICO - POTÊNCIA 231CV - PBT = 22000KG - DIST. ENTRE EIXOS 5170 MM - INCLUI CARROCERIA FIXA ABERTA DE MADEIRA - CHP DIURNO. AF_06/2015","CHP",268.59]
[91277,"PLACA VIBRATÓRIA REVERSÍVEL COM MOTOR 4 TEMPOS A GASOLINA, FORÇA CENTRÍFUGA DE 25 KN (2500 KGF), POTÊNCIA 5,5 CV - CHP DIURNO. AF_08/2015","CHP",10.38]
[91283,"CORTADORA DE PISO COM MOTOR 4 TEMPOS A GASOLINA, POTÊNCIA DE 13 HP, COM DISCO DE CORTE DIAMANTADO SEGMENTADO PARA CONCRETO, DIÂMETRO DE 350 MM, FURO DE 1\" (14 X 1\") - CHP DIURNO. AF_08/2015","CHP",11.2]
[91386,"CAMINHÃO BASCULANTE 10 M3, TRUCADO CABINE SIMPLES, PESO BRUTO TOTAL 23.000 KG, CARGA ÚTIL MÁXIMA 15.935 KG, DISTÂNCIA ENTRE EIXOS 4,80 M, POTÊNCIA 230 CV INCLUSIVE CAÇAMBA METÁLICA - CHP DIURNO. AF_06/2014","CHP",277.86]
[91533,"COMPACTADOR DE SOLOS DE PERCUSSÃO (SOQUETE) COM MOTOR A GASOLINA 4 TEMPOS, POTÊNCIA 4 CV - CHP DIURNO. AF_08/2015","CHP",30.28]
[91634,"GUINDAUTO HIDRÁULICO, CAPACIDADE MÁXIMA DE CARGA 6500 KG, MOMENTO MÁXIMO DE CARGA 5,8 TM, ALCANCE MÁXIMO HORIZONTAL 7,60 M, INCLUSIVE CAMINHÃO TOCO PBT 9.700 KG, POTÊNCIA DE 160 CV - CHP DIURNO. AF_08/2015","CHP",244.85]
[91645,"CAMINHÃO DE TRANSPORTE DE MATERIAL ASFÁLTICO 30.000 L, COM CAVALO MECÂNICO DE CAPACIDADE MÁXIMA DE TRAÇÃO COMBINADO DE 66.000 KG, POTÊNCIA 360 CV, INCLUSIVE TANQUE DE ASFALTO COM SERPENTINA - CHP DIURNO. AF_08/2015","CHP",492.07]
[91692,"SERRA CIRCULAR DE BANCADA COM MOTOR ELÉTRICO POTÊNCIA DE 5HP, COM COIFA PARA DISCO 10\" - CHP DIURNO. AF_08/2015","CHP",23.35]
[92043,"DISTRIBUIDOR DE AGREGADOS REBOCAVEL, CAPACIDADE 1,9 M³, LARGURA DE TRABALHO 3,66 M - CHP DIURNO. AF_11/2015","CHP",13.19]
[92106,"CAMINHÃO PARA EQUIPAMENTO DE LIMPEZA A SUCÇÃO, COM CAMINHÃO TRUCADO DE PESO BRUTO TOTAL 23000 KG, CARGA ÚTIL MÁXIMA 15935 KG, DISTÂNCIA ENTRE EIXOS 4,80 M, POTÊNCIA 230 CV, INCLUSIVE LIMPADORA A SUCÇÃO, TANQUE 12000 L - CHP DIURNO. AF_05/2023","CHP",367.47]
[92112,"PENEIRA ROTATIVA COM MOTOR ELÉTRICO TRIFÁSICO DE 2 CV, CILINDRO DE 1 M X 0,60 M, COM FUROS DE 3,17 MM - CHP DIURNO. AF_05/2023","CHP",3.87]
[92118,"DOSADOR DE AREIA, CAPACIDADE DE 26 LITROS - CHP DIURNO. AF_05/2023","CHP",0.49]
[92138,"CAMINHONETE COM MOTOR A DIESEL, POTÊNCIA 180 CV, CABINE DUPLA, 4X4 - CHP DIURNO. AF_11/2015","CHP",97.87]
[92145,"CAMINHONETE CABINE SIMPLES COM MOTOR 1.6 FLEX, CÂMBIO MANUAL, POTÊNCIA 101/104 CV, 2 PORTAS - CHP DIURNO. AF_11/2015","CHP",80.66]
[92242,"CAMINHÃO DE TRANSPORTE DE MATERIAL ASFÁLTICO 20.000 L, COM CAVALO MECÂNICO DE CAPACIDADE MÁXIMA DE TRAÇÃO COMBINADO DE 45.000 KG, POTÊNCIA 330 CV, INCLUSIVE TANQUE DE ASFALTO COM MAÇARICO - CHP DIURNO. AF_12/2015","CHP",427.62]
[92716,"APARELHO PARA CORTE E SOLDA OXI-ACETILENO SOBRE RODAS, INCLUSIVE CILINDROS E MAÇARICOS - CHP DIURNO. AF_05/2023","CHP",136.17]
[92960,"MÁQUINA EXTRUSORA DE CONCRETO PARA GUIAS E SARJETAS, MOTOR A DIESEL, POTÊNCIA 14 CV - CHP DIURNO. AF_12/2015","CHP",19.66]
[92966,"MARTELO PERFURADOR PNEUMÁTICO MANUAL, HASTE 25 X 75 MM, 21 KG - CHP DIURNO. AF_12/2015","CHP",24.09]
[93224,"PERFURATRIZ COM TORRE METÁLICA PARA EXECUÇÃO DE ESTACA HÉLICE CONTÍNUA, PROFUNDIDADE MÁXIMA DE 32 M, DIÂMETRO MÁXIMO DE 1000 MM, POTÊNCIA INSTALADA DE 350 HP, MESA ROTATIVA COM TORQUE MÁXIMO DE 263 KNM - CHP DIURNO. AF_01/2016","CHP",{"v":1106.06,"d":"1,106.06"}]
[93233,"BETONEIRA CAPACIDADE NOMINAL 400 L, CAPACIDADE DE MISTURA 310 L, MOTOR A GASOLINA POTÊNCIA 5,5 HP, SEM CARREGADOR - CHP DIURNO. AF_02/2016","CHP",5.83]
[93272,"GRUA ASCENSIONAL, LANCA DE 30 M, CAPACIDADE DE 1,0 T A 30 M, ALTURA ATE 39 M - CHP DIURNO. AF_05/2023","CHP",98.04]
[93281,"GUINCHO ELÉTRICO DE COLUNA, CAPACIDADE 400 KG, COM MOTO FREIO, MOTOR TRIFÁSICO DE 1,25 CV - CHP DIURNO. AF_03/2016","CHP",22.43]
[93287,"GUINDASTE HIDRÁULICO AUTOPROPELIDO, COM LANÇA TELESCÓPICA 40 M, CAPACIDADE MÁXIMA 60 T, POTÊNCIA 260 KW - CHP DIURNO. AF_03/2016","CHP",350.38]
[93402,"GUINDAUTO HIDRÁULICO, CAPACIDADE MÁXIMA DE CARGA 3300 KG, MOMENTO MÁXIMO DE CARGA 5,8 TM, ALCANCE MÁXIMO HORIZONTAL 7,60 M, INCLUSIVE CAMINHÃO TOCO PBT 16.000 KG, POTÊNCIA DE 189 CV - CHP DIURNO. AF_03/2016","CHP",281.85]
[93408,"MÁQUINA JATO DE PRESSAO PORTÁTIL, CAMARA DE 1 SAIDA, CAPACIDADE 280 L, DIAMETRO 670 MM, BICO DE JATO CURTO VENTURI DE 5/16\" , MANGUEIRA DE 1\" COM COMPRESSOR DE AR REBOCÁVEL 189 PCM E MOTOR DIESEL 63 CV - CHP DIURNO. AF_05/2023","CHP",87.2]
[93415,"GERADOR PORTÁTIL MONOFÁSICO, POTÊNCIA 5500 VA, MOTOR A GASOLINA, POTÊNCIA DO MOTOR 13 CV - CHP DIURNO. AF_03/2016","CHP",11.97]
[93421,"GRUPO GERADOR REBOCÁVEL, POTÊNCIA 66 KVA, MOTOR A DIESEL - CHP DIURNO. AF_03/2016","CHP",80.03]
[93427,"GRUPO GERADOR ESTACIONÁRIO, POTÊNCIA 150 KVA, MOTOR A DIESEL- CHP DIURNO. AF_03/2016","CHP",181.44]
[93433,"USINA DE MISTURA ASFÁLTICA À QUENTE, TIPO CONTRA FLUXO, PROD 40 A 80 TON/HORA - CHP DIURNO. AF_05/2023","CHP",{"v":2758.95,"d":"2,758.95"}]
[93439,"USINA DE ASFALTO À FRIO, CAPACIDADE DE 40 A 60 TON/HORA, ELÉTRICA POTÊNCIA 30 CV - CHP DIURNO. AF_05/2023","CHP",248.4]
[95121,"USINA MISTURADORA DE SOLOS, CAPACIDADE DE 200 A 500 TON/H, POTENCIA 75KW - CHP DIURNO. AF_07/2016","CHP",350.99]
[95127,"DISTRIBUIDOR DE AGREGADOS AUTOPROPELIDO, CAP 3 M3, A DIESEL, POTÊNCIA 176CV - CHP DIURNO. AF_07/2016","CHP",218.22]
[95133,"MÁQUINA DEMARCADORA DE FAIXA DE TRÁFEGO À FRIO, AUTOPROPELIDA, POTÊNCIA 38 HP - CHP DIURNO. AF_07/2016","CHP",176.65]
[95139,"TALHA MANUAL DE CORRENTE, CAPACIDADE DE 2 TON. COM ELEVAÇÃO DE 3 M - CHP DIURNO. AF_07/2016","CHP",0.06]
[95212,"GRUA ASCENCIONAL, LANCA DE 42 M, CAPACIDADE DE 1,5 T A 30 M, ALTURA ATE 39 M - CHP DIURNO. AF_05/2023","CHP",160.82]
[95258,"MARTELO DEMOLIDOR PNEUMÁTICO MANUAL, 32 KG - CHP DIURNO. AF_09/2016","CHP",23.41]
[95264,"COMPACTADOR DE SOLOS DE PERCUSÃO (SOQUETE) COM MOTOR A GASOLINA, POTÊNCIA 3 CV - CHP DIURNO. AF_09/2016","CHP",6.59]
[95270,"RÉGUA VIBRATÓRIA DUPLA PARA CONCRETO, PESO DE 60KG, COMPRIMENTO 4 M, COM MOTOR A GASOLINA, POTÊNCIA 5,5 HP - CHP DIURNO. AF_09/2016","CHP",9.95]
[95276,"POLIDORA DE PISO (POLITRIZ), PESO DE 100KG, DIÂMETRO 450 MM, MOTOR ELÉTRICO, POTÊNCIA 4 HP - CHP DIURNO. AF_05/2023","CHP",3.67]
[95282,"DESEMPENADEIRA DE CONCRETO, PESO DE 78 KG, 4 PÁS, MOTOR A GASOLINA, POTÊNCIA 5,5 HP - CHP DIURNO. AF_05/2023","CHP",10.17]
[95620,"PERFURATRIZ PNEUMATICA MANUAL DE PESO MEDIO, MARTELETE, 18KG, COMPRIMENTO MÁXIMO DE CURSO DE 6 M, DIAMETRO DO PISTAO DE 5,5 CM - CHP DIURNO. AF_11/2016","CHP",22.63]
[95631,"ROLO COMPACTADOR VIBRATORIO TANDEM, ACO LISO, POTENCIA 125 HP, PESO SEM/COM LASTRO 10,20/11,65 T, LARGURA DE TRABALHO 1,73 M - CHP DIURNO. AF_11/2016","CHP",235.13]
[95702,"PERFURATRIZ MANUAL, TORQUE MAXIMO 55 KGF.M, POTENCIA 5 CV, COM DIAMETRO MAXIMO 8 1/2\" - CHP DIURNO. AF_11/2016","CHP",39.39]
[95708,"PERFURATRIZ SOBRE ESTEIRA, TORQUE MÁXIMO 600 KGF, POTÊNCIA ENTRE 50 E 60 HP, DIÂMETRO MÁXIMO 10\" - CHP DIURNO. AF_11/2016","CHP",160.56]
[95720,"ESCAVADEIRA HIDRAULICA SOBRE ESTEIRA, EQUIPADA COM CLAMSHELL, COM CAPACIDADE DA CAÇAMBA ENTRE 1,20 E 1,50 M3, PESO OPERACIONAL ENTRE 20,00 E 22,00 TON, POTENCIA LIQUIDA ENTRE 150 E 160 HP - CHP DIURNO. AF_11/2016","CHP",279.38]
[95872,"GRUPO GERADOR COM CARENAGEM, MOTOR DIESEL POTÊNCIA STANDART ENTRE 250 E 260 KVA - CHP DIURNO. AF_12/2016","CHP",307.62]
[96013,"TRATOR DE PNEUS COM POTÊNCIA DE 122 CV, TRAÇÃO 4X4, COM VASSOURA MECÂNICA ACOPLADA - CHP DIURNO. AF_02/2017","CHP",178.03]
[96020,"TRATOR DE PNEUS COM POTÊNCIA DE 122 CV, TRAÇÃO 4X4, COM GRADE DE DISCOS ACOPLADA - CHP DIURNO. AF_02/2017","CHP",177.56]
[96028,"TRATOR DE PNEUS COM POTÊNCIA DE 85 CV, TRAÇÃO 4X4, COM GRADE DE DISCOS ACOPLADA - CHP DIURNO. AF_02/2017","CHP",134.4]
[96035,"CAMINHÃO BASCULANTE 10 M3, TRUCADO, POTÊNCIA 230 CV, INCLUSIVE CAÇAMBA METÁLICA, COM DISTRIBUIDOR DE AGREGADOS ACOPLADO - CHP DIURNO. AF_02/2017","CHP",291.56]
[96157,"TRATOR DE PNEUS COM POTÊNCIA DE 85 CV, TRAÇÃO 4X4, COM VASSOURA MECÂNICA ACOPLADA - CHP DIURNO. AF_03/2017","CHP",134.87]
[96158,"MINICARREGADEIRA SOBRE RODAS POTENCIA 47HP CAPACIDADE OPERACAO 646 KG, COM VASSOURA MECÂNICA ACOPLADA - CHP DIURNO. AF_03/2017","CHP",142.74]
[96245,"MINIESCAVADEIRA SOBRE ESTEIRAS, POTÊNCIA LÍQUIDA DE *30* HP, PESO OPERACIONAL DE *3.500* KG - CHP DIURNO. AF_04/2017","CHP",119.29]
[96463,"ROLO COMPACTADOR DE PNEUS, ESTÁTICO, PRESSÃO VARIÁVEL, POTÊNCIA 110 HP, PESO SEM/COM LASTRO 10,8/27 T, LARGURA DE ROLAGEM 2,30 M - CHP DIURNO. AF_06/2017","CHP",221.78]
[98764,"INVERSOR DE SOLDA MONOFÁSICO DE 160 A, POTÊNCIA DE 5400 W, TENSÃO DE 220 V, PARA SOLDA COM ELETRODOS DE 2,0 A 4,0 MM E PROCESSO TIG - CHP DIURNO. AF_06/2018","CHP",5.07]
[99833,"LAVADORA DE ALTA PRESSAO (LAVA-JATO) PARA AGUA FRIA, PRESSAO DE OPERACAO ENTRE 1400 E 1900 LIB/POL2, VAZAO MAXIMA ENTRE 400 E 700 L/H - CHP DIURNO. AF_05/2023","CHP",5.05]
[100641,"USINA DE MISTURA ASFÁLTICA À QUENTE, TIPO CONTRA FLUXO, PROD 100 A 140 TON/HORA - CHP DIURNO. AF_12/2019","CHP",{"v":5015.97,"d":"5,015.97"}]
[100647,"USINA DE ASFALTO, TIPO GRAVIMÉTRICA, PROD 150 TON/HORA - CHP DIURNO. AF_12/2019","CHP",{"v":6816.83,"d":"6,816.83"}]
[102275,"MARTELO DEMOLIDOR ELÉTRICO, COM POTÊNCIA DE 2.000 W, 1.000 IMPACTOS POR MINUTO, PESO DE 30 KG - CHP DIURNO. AF_01/2021","CHP",23.02]
[102874,"PERFURATRIZ HIDRÁULICA SOBRE ESTEIRA, TORQUE MÁXIMO 161 KNM, PROFUNDIDADE MÁXIMA 54 M, DIÂMETRO MÁXIMO 1500 MM, POTÊNCIA MOTOR 268 HP - CHP DIURNO. AF_04/2019","CHP",{"v":1023.47,"d":"1,023.47"}]
[102880,"PERFURATRIZ PARA EXECUÇÃO DE ESTACAS SECANTES, TIPO HÉLICE CONTÍNUA COM CABEÇOTE DUPLO E TUBO METÁLICO - CHP DIURNO. AF_04/2019","CHP",{"v":1427.7,"d":"1,427.70"}]
[102964,"PERFURATRIZ HIDRÁULICA SOBRE ESTEIRA, TORQUE MÁXIMO 98 KNM, PROFUNDIDADE MÁXIMA 25 M, DIÂMETRO MÁXIMO 115 MM, POTÊNCIA MOTOR 190 HP - CHP DIURNO. AF_02/2021","CHP",482.89]
[102976,"PERFURATRIZ ROTATIVA SOBRE ESTEIRA, TORQUE MAXIMO 2500 KGM, POTENCIA 110 HP, MOTOR DIESEL- CHP DIURNO. AF_05/2017","CHP",272.56]
[103224,"PERFURATRIZ PARA FURO DIRECIONAL HORIZONTAL (HDD) COM CAPACIDADE ATÉ 89 KN, POTÊNCIA 24,8 HP A 80 HP (INCLUSO FERRAMENTAS E LOCALIZADOR) - CHP DIURNO. AF_05/2023","CHP",431]
[103230,"PERFURATRIZ PARA FURO DIRECIONAL HORIZONTAL (HDD) COM CAPACIDADE DE 90 KN A 200 KN, POTÊNCIA 100 HP A 160 HP (INCLUSO FERRAMENTAS E LOCALIZADOR) - CHP DIURNO. AF_05/2023","CHP",967.63]
[103236,"PERFURATRIZ PARA FURO DIRECIONAL HORIZONTAL (HDD) COM CAPACIDADE DE 201 KN A 560 KN, POTÊNCIA 200 HP A 260 HP (INCLUSO FERRAMENTAS E LOCALIZADOR) - CHP DIURNO. AF_05/2023","CHP",{"v":1326.89,"d":"1,326.89"}]
[104091,"TERMOFUSORA PARA TUBOS E CONEXÕES EM PPR COM DIÂMETROS DE 20 A 63 MM, POTÊNCIA DE 800 W, TENSAO 220 V - CHP DIURNO. AF_05/2022","CHP",0.87]
[104097,"TERMOFUSORA PARA TUBOS E CONEXÕES EM PPR COM DIÂMETROS DE 75 A 110 MM, POTÊNCIA DE *1100* W, TENSÃO 220 V - CHP DIURNO. AF_05/2022","CHP",1.22]
[104695,"PERFURATRIZ DE COROA DIAMANTADA PARA CONCRETO, DIÂMETRO ATÉ 250 MM, MOTOR ELÉTRICO 220 V, POTÊNCIA 2.500 W - CHP DIURNO. AF_05/2023","CHP",26.31]
[104716,"ESCAVADEIRA HIDRÁULICA DE BRAÇO LONGO (LONGO ALCANCE) SOBRE ESTEIRAS, CAÇAMBA 0,52 M3, PESO OPERACIONAL 24 T, POTÊNCIA LÍQUIDA 155 HP  - CHP DIURNO. AF_06/2023","CHP",269.67]
[5632,"ESCAVADEIRA HIDRÁULICA SOBRE ESTEIRAS, CAÇAMBA 0,80 M3, PESO OPERACIONAL 17 T, POTENCIA BRUTA 111 HP - CHI DIURNO. AF_06/2014","CHI",82.81]
[5679,"RETROESCAVADEIRA SOBRE RODAS COM CARREGADEIRA, TRAÇÃO 4X4, POTÊNCIA LÍQ. 88 HP, CAÇAMBA CARREG. CAP. MÍN. 1 M3, CAÇAMBA RETRO CAP. 0,26 M3, PESO OPERACIONAL MÍN. 6.674 KG, PROFUNDIDADE ESCAVAÇÃO MÁX. 4,37 M - CHI DIURNO. AF_06/2014","CHI",56.5]
[5681,"RETROESCAVADEIRA SOBRE RODAS COM CARREGADEIRA, TRAÇÃO 4X2, POTÊNCIA LÍQ. 79 HP, CAÇAMBA CARREG. CAP. MÍN. 1 M3, CAÇAMBA RETRO CAP. 0,20 M3, PESO OPERACIONAL MÍN. 6.570 KG, PROFUNDIDADE ESCAVAÇÃO MÁX. 4,37 M - CHI DIURNO. AF_06/2014","CHI",52.92]
[5685,"ROLO COMPACTADOR VIBRATÓRIO DE UM CILINDRO AÇO LISO, POTÊNCIA 80 HP, PESO OPERACIONAL MÁXIMO 8,1 T, IMPACTO DINÂMICO 16,15 / 9,5 T, LARGURA DE TRABALHO 1,68 M - CHI DIURNO. AF_06/2014","CHI",61.86]
[5690,"GRADE DE DISCO CONTROLE REMOTO REBOCÁVEL, COM 24 DISCOS 24\" X 6 MM COM PNEUS PARA TRANSPORTE - CHI DIURNO. AF_06/2014","CHI",4.09]
[5806,"MOTOBOMBA CENTRÍFUGA, MOTOR A GASOLINA, POTÊNCIA 5,42 HP, BOCAIS 1 1/2\" X 1\", DIÂMETRO ROTOR 143 MM HM/Q = 6 MCA / 16,8 M3/H A 38 MCA / 6,6 M3/H - CHI DIURNO. AF_06/2014","CHI",0.27]
[5826,"CAMINHÃO TOCO, PBT 16.000 KG, CARGA ÚTIL MÁX. 10.685 KG, DIST. ENTRE EIXOS 4,8 M, POTÊNCIA 189 CV, INCLUSIVE CARROCERIA FIXA ABERTA DE MADEIRA P/ TRANSPORTE GERAL DE CARGA SECA, DIMEN. APROX. 2,5 X 7,00 X 0,50 M - CHI DIURNO. AF_06/2014","CHI",64.4]
[5829,"USINA DE CONCRETO FIXA, CAPACIDADE NOMINAL DE 90 A 120 M3/H, SEM SILO - CHI DIURNO. AF_07/2016","CHI",152.66]
[5837,"VIBROACABADORA DE ASFALTO SOBRE ESTEIRAS, LARGURA DE PAVIMENTAÇÃO 1,90 M A 5,30 M, POTÊNCIA 105 HP CAPACIDADE 450 T/H - CHI DIURNO. AF_11/2014","CHI",137.84]
[5841,"VASSOURA MECÂNICA REBOCÁVEL COM ESCOVA CILÍNDRICA, LARGURA ÚTIL DE VARRIMENTO DE 2,44 M - CHI DIURNO. AF_06/2014","CHI",4.69]
[5845,"TRATOR DE PNEUS, POTÊNCIA 122 CV, TRAÇÃO 4X4, PESO COM LASTRO DE 4.510 KG - CHI DIURNO. AF_06/2014","CHI",47.07]
[5849,"TRATOR DE ESTEIRAS, POTÊNCIA 170 HP, PESO OPERACIONAL 19 T, CAÇAMBA 5,2 M3 - CHI DIURNO. AF_06/2014","CHI",84.05]
[5853,"TRATOR DE ESTEIRAS, POTÊNCIA 150 HP, PESO OPERACIONAL 16,7 T, COM RODA MOTRIZ ELEVADA E LÂMINA 3,18 M3 - CHI DIURNO. AF_06/2014","CHI",84.44]
[5857,"TRATOR DE ESTEIRAS, POTÊNCIA 347 HP, PESO OPERACIONAL 38,5 T, COM LÂMINA 8,70 M3 - CHI DIURNO. AF_06/2014","CHI",227.15]
[5865,"ROLO COMPACTADOR VIBRATÓRIO REBOCÁVEL, CILINDRO DE AÇO LISO, POTÊNCIA DE TRAÇÃO DE 65 CV, PESO 4,7 T, IMPACTO DINÂMICO 18,3 T, LARGURA DE TRABALHO 1,67 M - CHI DIURNO. AF_02/2016","CHI",12.26]
[5869,"ROLO COMPACTADOR VIBRATÓRIO TANDEM AÇO LISO, POTÊNCIA 58 HP, PESO SEM/COM LASTRO 6,5 / 9,4 T, LARGURA DE TRABALHO 1,2 M - CHI DIURNO. AF_06/2014","CHI",71.13]
[5877,"RETROESCAVADEIRA SOBRE RODAS COM CARREGADEIRA, TRAÇÃO 4X4, POTÊNCIA LÍQ. 72 HP, CAÇAMBA CARREG. CAP. MÍN. 0,79 M3, CAÇAMBA RETRO CAP. 0,18 M3, PESO OPERACIONAL MÍN. 7.140 KG, PROFUNDIDADE ESCAVAÇÃO MÁX. 4,50 M - CHI DIURNO. AF_06/2014","CHI",55.36]
[5881,"ROLO COMPACTADOR VIBRATÓRIO PÉ DE CARNEIRO, OPERADO POR CONTROLE REMOTO, POTÊNCIA 12,5 KW, PESO OPERACIONAL 1,675 T, LARGURA DE TRABALHO 0,85 M - CHI DIURNO. AF_02/2016","CHI",76.76]
[5884,"USINA DE LAMA ASFÁLTICA, PROD 30 A 50 T/H, SILO DE AGREGADO 7 M3, RESERVATÓRIOS PARA EMULSÃO E ÁGUA DE 2,3 M3 CADA, MISTURADOR TIPO PUG MILL A SER MONTADO SOBRE CAMINHÃO - CHI DIURNO. AF_10/2014","CHI",52.52]
[5892,"CAMINHÃO TOCO, PESO BRUTO TOTAL 14.300 KG, CARGA ÚTIL MÁXIMA 9590 KG, DISTÂNCIA ENTRE EIXOS 4,76 M, POTÊNCIA 185 CV (NÃO INCLUI CARROCERIA) - CHI DIURNO. AF_06/2014","CHI",59.27]
[5896,"CAMINHÃO TOCO, PESO BRUTO TOTAL 16.000 KG, CARGA ÚTIL MÁXIMA DE 10.685 KG, DISTÂNCIA ENTRE EIXOS 4,80 M, POTÊNCIA 189 CV EXCLUSIVE CARROCERIA - CHI DIURNO. AF_06/2014","CHI",62]
[5903,"CAMINHÃO PIPA 10.000 L TRUCADO, PESO BRUTO TOTAL 23.000 KG, CARGA ÚTIL MÁXIMA 15.935 KG, DISTÂNCIA ENTRE EIXOS 4,8 M, POTÊNCIA 230 CV, INCLUSIVE TANQUE DE AÇO PARA TRANSPORTE DE ÁGUA - CHI DIURNO. AF_06/2014","CHI",76.4]
[5911,"ESPARGIDOR DE ASFALTO PRESSURIZADO COM TANQUE DE 2500 L, REBOCÁVEL COM MOTOR A GASOLINA POTÊNCIA 3,4 HP - CHI DIURNO. AF_07/2014","CHI",25.31]
[5923,"GRADE DE DISCO REBOCÁVEL COM 20 DISCOS 24\" X 6 MM COM PNEUS PARA TRANSPORTE - CHI DIURNO. AF_06/2014","CHI",3.21]
[5930,"GUINDAUTO HIDRÁULICO, CAPACIDADE MÁXIMA DE CARGA 6200 KG, MOMENTO MÁXIMO DE CARGA 11,7 TM, ALCANCE MÁXIMO HORIZONTAL 9,70 M, INCLUSIVE CAMINHÃO TOCO PBT 16.000 KG, POTÊNCIA DE 189 CV - CHI DIURNO. AF_06/2014","CHI",76.74]
[5934,"MOTONIVELADORA POTÊNCIA BÁSICA LÍQUIDA (PRIMEIRA MARCHA) 125 HP, PESO BRUTO 13032 KG, LARGURA DA LÂMINA DE 3,7 M - CHI DIURNO. AF_06/2014","CHI",92.08]
[5942,"PÁ CARREGADEIRA SOBRE RODAS, POTÊNCIA LÍQUIDA 128 HP, CAPACIDADE DA CAÇAMBA 1,7 A 2,8 M3, PESO OPERACIONAL 11632 KG - CHI DIURNO. AF_06/2014","CHI",68.46]
[5946,"PÁ CARREGADEIRA SOBRE RODAS, POTÊNCIA 197 HP, CAPACIDADE DA CAÇAMBA 2,5 A 3,5 M3, PESO OPERACIONAL 18338 KG - CHI DIURNO. AF_06/2014","CHI",86.65]
[5952,"MARTELETE OU ROMPEDOR PNEUMÁTICO MANUAL, 28 KG, COM SILENCIADOR - CHI DIURNO. AF_07/2016","CHI",21.51]
[5954,"COMPRESSOR DE AR REBOCÁVEL, VAZÃO 189 PCM, PRESSÃO EFETIVA DE TRABALHO 102 PSI, MOTOR DIESEL, POTÊNCIA 63 CV - CHI DIURNO. AF_06/2015","CHI",6.74]
[5961,"CAMINHÃO BASCULANTE 6 M3, PESO BRUTO TOTAL 16.000 KG, CARGA ÚTIL MÁXIMA 13.071 KG, DISTÂNCIA ENTRE EIXOS 4,80 M, POTÊNCIA 230 CV INCLUSIVE CAÇAMBA METÁLICA - CHI DIURNO. AF_06/2014","CHI",66.69]
[6260,"CAMINHÃO PIPA 6.000 L, PESO BRUTO TOTAL 13.000 KG, DISTÂNCIA ENTRE EIXOS 4,80 M, POTÊNCIA 189 CV INCLUSIVE TANQUE DE AÇO PARA TRANSPORTE DE ÁGUA, CAPACIDADE 6 M3 - CHI DIURNO. AF_06/2014","CHI",63.76]
[6880,"ROLO COMPACTADOR DE PNEUS ESTÁTICO, PRESSÃO VARIÁVEL, POTÊNCIA 111 HP, PESO SEM/COM LASTRO 9,5 / 26 T, LARGURA DE TRABALHO 1,90 M - CHI DIURNO. AF_07/2014","CHI",84.75]
[7031,"TANQUE DE ASFALTO ESTACIONÁRIO COM SERPENTINA, CAPACIDADE 30.000 L - CHI DIURNO. AF_05/2023","CHI",6.33]
[7043,"MOTOBOMBA TRASH (PARA ÁGUA SUJA) AUTO ESCORVANTE, MOTOR GASOLINA DE 6,41 HP, DIÂMETROS DE SUCÇÃO X RECALQUE: 3\" X 3\", HM/Q = 10 MCA / 60 M3/H A 23 MCA / 0 M3/H - CHI DIURNO. AF_10/2014","CHI",0.33]
[7050,"ROLO COMPACTADOR PE DE CARNEIRO VIBRATORIO, POTENCIA 125 HP, PESO OPERACIONAL SEM/COM LASTRO 11,95 / 13,30 T, IMPACTO DINAMICO 38,5 / 22,5 T, LARGURA DE TRABALHO 2,15 M - CHI DIURNO. AF_06/2014","CHI",77.64]
[67827,"CAMINHÃO BASCULANTE 6 M3 TOCO, PESO BRUTO TOTAL 16.000 KG, CARGA ÚTIL MÁXIMA 11.130 KG, DISTÂNCIA ENTRE EIXOS 5,36 M, POTÊNCIA 185 CV, INCLUSIVE CAÇAMBA METÁLICA - CHI DIURNO. AF_06/2014","CHI",67.9]
[73395,"GRUPO GERADOR ESTACIONÁRIO, MOTOR DIESEL POTÊNCIA 170 KVA - CHI DIURNO. AF_02/2016","CHI",9.67]
[83766,"GRUPO DE SOLDAGEM COM GERADOR A DIESEL 60 CV PARA SOLDA ELÉTRICA, SOBRE 04 RODAS, COM MOTOR 4 CILINDROS 600 A - CHI DIURNO. AF_02/2016","CHI",39.23]
[87446,"BETONEIRA CAPACIDADE NOMINAL 400 L, CAPACIDADE DE MISTURA 310 L, MOTOR A DIESEL POTÊNCIA 5,0 HP, SEM CARREGADOR - CHI DIURNO. AF_05/2023","CHI",0.58]
[88392,"MISTURADOR DE ARGAMASSA, EIXO HORIZONTAL, CAPACIDADE DE MISTURA 300 KG, MOTOR ELÉTRICO POTÊNCIA 5 CV - CHI DIURNO. AF_05/2023","CHI",1.14]
[88398,"MISTURADOR DE ARGAMASSA, EIXO HORIZONTAL, CAPACIDADE DE MISTURA 600 KG, MOTOR ELÉTRICO POTÊNCIA 7,5 CV - CHI DIURNO. AF_05/2023","CHI",1.35]
[88404,"MISTURADOR DE ARGAMASSA, EIXO HORIZONTAL, CAPACIDADE DE MISTURA 160 KG, MOTOR ELÉTRICO POTÊNCIA 3 CV - CHI DIURNO. AF_05/2023","CHI",1.08]
[88430,"PROJETOR DE ARGAMASSA, CAPACIDADE DE PROJEÇÃO 1,5 M3/H, ALCANCE DE 30 ATÉ 60 M, MOTOR ELÉTRICO POTÊNCIA 7,5 HP - CHI DIURNO. AF_06/2014","CHI",7.05]
[88438,"PROJETOR DE ARGAMASSA, CAPACIDADE DE PROJEÇÃO 2 M3/H, ALCANCE ATÉ 50 M, MOTOR ELÉTRICO POTÊNCIA 7,5 HP - CHI DIURNO. AF_06/2014","CHI",9.35]
[88831,"BETONEIRA CAPACIDADE NOMINAL DE 400 L, CAPACIDADE DE MISTURA 280 L, MOTOR ELÉTRICO TRIFÁSICO POTÊNCIA DE 2 CV, SEM CARREGADOR - CHI DIURNO. AF_05/2023","CHI",0.43]
[88844,"TRATOR DE ESTEIRAS, POTÊNCIA 125 HP, PESO OPERACIONAL 12,9 T, COM LÂMINA 2,7 M3 - CHI DIURNO. AF_10/2014","CHI",72.35]
[88908,"ESCAVADEIRA HIDRÁULICA SOBRE ESTEIRAS, CAÇAMBA 1,20 M3, PESO OPERACIONAL 21 T, POTÊNCIA BRUTA 155 HP - CHI DIURNO. AF_06/2014","CHI",90.52]
[89022,"BOMBA SUBMERSÍVEL ELÉTRICA TRIFÁSICA, POTÊNCIA 2,96 HP, Ø ROTOR 144 MM SEMI-ABERTO, BOCAL DE SAÍDA Ø 2\", HM/Q = 2 MCA / 38,8 M3/H A 28 MCA / 5 M3/H - CHI DIURNO. AF_06/2014","CHI",0.43]
[89027,"TANQUE DE ASFALTO ESTACIONÁRIO COM MAÇARICO, CAPACIDADE 20.000 L - CHI DIURNO. AF_05/2023","CHI",5.14]
[89031,"TRATOR DE ESTEIRAS, POTÊNCIA 100 HP, PESO OPERACIONAL 9,4 T, COM LÂMINA 2,19 M3 - CHI DIURNO. AF_06/2014","CHI",70.09]
[89036,"TRATOR DE PNEUS, POTÊNCIA 85 CV, TRAÇÃO 4X4, PESO COM LASTRO DE 4.675 KG - CHI DIURNO. AF_06/2014","CHI",40.27]
[89218,"BATE-ESTACAS POR GRAVIDADE, POTÊNCIA DE 160 HP, PESO DO MARTELO ATÉ 3 TONELADAS - CHI DIURNO. AF_11/2014","CHI",80.63]
[89226,"BETONEIRA CAPACIDADE NOMINAL DE 600 L, CAPACIDADE DE MISTURA 360 L, MOTOR ELÉTRICO TRIFÁSICO POTÊNCIA DE 4 CV, SEM CARREGADOR - CHI DIURNO. AF_05/2023","CHI",1.76]
[89235,"FRESADORA DE ASFALTO A FRIO SOBRE RODAS, LARGURA FRESAGEM DE 1,0 M, POTÊNCIA 208 HP - CHI DIURNO. AF_11/2014","CHI",178.27]
[89243,"FRESADORA DE ASFALTO A FRIO SOBRE RODAS, LARGURA FRESAGEM DE 2,0 M, POTÊNCIA 550 HP - CHI DIURNO. AF_11/2014","CHI",387.87]
[89251,"RECICLADORA DE ASFALTO A FRIO SOBRE RODAS, LARGURA FRESAGEM DE 2,0 M, POTÊNCIA 422 HP - CHI DIURNO. AF_11/2014","CHI",339.84]
[89258,"VIBROACABADORA DE ASFALTO SOBRE ESTEIRAS, LARGURA DE PAVIMENTAÇÃO 2,13 M A 4,55 M, POTÊNCIA 100 HP, CAPACIDADE 400 T/H - CHI DIURNO. AF_11/2014","CHI",116.81]
[89273,"GUINDASTE HIDRÁULICO AUTOPROPELIDO, COM LANÇA TELESCÓPICA 28,80 M, CAPACIDADE MÁXIMA 30 T, POTÊNCIA 97 KW, TRAÇÃO 4 X 4 - CHI DIURNO. AF_11/2014","CHI",103.12]
[89279,"BETONEIRA CAPACIDADE NOMINAL DE 600 L, CAPACIDADE DE MISTURA 440 L, MOTOR A DIESEL POTÊNCIA 10 HP, COM CARREGADOR - CHI DIURNO. AF_05/2023","CHI",2.13]
[89877,"CAMINHÃO BASCULANTE 14 M3, COM CAVALO MECÂNICO DE CAPACIDADE MÁXIMA DE TRAÇÃO COMBINADO DE 36000 KG, POTÊNCIA 286 CV, INCLUSIVE SEMIREBOQUE COM CAÇAMBA METÁLICA - CHI DIURNO. AF_12/2014","CHI",92.65]
[89884,"CAMINHÃO BASCULANTE 18 M3, COM CAVALO MECÂNICO DE CAPACIDADE MÁXIMA DE TRAÇÃO COMBINADO DE 45000 KG, POTÊNCIA 330 CV, INCLUSIVE SEMIREBOQUE COM CAÇAMBA METÁLICA - CHI DIURNO. AF_12/2014","CHI",96.5]
[90587,"VIBRADOR DE IMERSÃO, DIÂMETRO DE PONTEIRA 45MM, MOTOR ELÉTRICO TRIFÁSICO POTÊNCIA DE 2 CV - CHI DIURNO. AF_06/2015","CHI",0.53]
[90626,"PERFURATRIZ MANUAL, TORQUE MÁXIMO 83 N.M, POTÊNCIA 5 CV, COM DIÂMETRO MÁXIMO 4\" - CHI DIURNO. AF_06/2015","CHI",3.21]
[90632,"PERFURATRIZ SOBRE ESTEIRA, TORQUE MÁXIMO 600 KGF, PESO MÉDIO 1000 KG, POTÊNCIA 20 HP, DIÂMETRO MÁXIMO 10\" - CHI DIURNO. AF_06/2015","CHI",88.76]
[90638,"MISTURADOR DUPLO HORIZONTAL DE ALTA TURBULÊNCIA, CAPACIDADE / VOLUME 2 X 500 LITROS, MOTORES ELÉTRICOS MÍNIMO 5 CV CADA, PARA NATA CIMENTO, ARGAMASSA E OUTROS - CHI DIURNO. AF_06/2015","CHI",5.43]
[90644,"BOMBA TRIPLEX, PARA INJEÇÃO DE NATA DE CIMENTO, VAZÃO MÁXIMA DE 100 LITROS/MINUTO, PRESSÃO MÁXIMA DE 70 BAR - CHI DIURNO. AF_06/2015","CHI",8.1]
[90651,"BOMBA CENTRÍFUGA MONOESTÁGIO COM MOTOR ELÉTRICO MONOFÁSICO, POTÊNCIA 15 HP, DIÂMETRO DO ROTOR 173 MM, HM/Q = 30 MCA / 90 M3/H A 45 MCA / 55 M3/H - CHI DIURNO. AF_06/2015","CHI",0.97]
[90657,"BOMBA DE PROJEÇÃO DE CONCRETO SECO, POTÊNCIA 10 CV, VAZÃO 3 M3/H - CHI DIURNO. AF_06/2015","CHI",5.27]
[90663,"BOMBA DE PROJEÇÃO DE CONCRETO SECO, POTÊNCIA 10 CV, VAZÃO 6 M3/H - CHI DIURNO. AF_06/2015","CHI",5.65]
[90669,"PROJETOR PNEUMÁTICO DE ARGAMASSA PARA CHAPISCO E REBOCO COM RECIPIENTE ACOPLADO, TIPO CANEQUINHA, COM COMPRESSOR DE AR REBOCÁVEL VAZÃO 89 PCM E MOTOR DIESEL DE 20 CV - CHI DIURNO. AF_05/2023","CHI",9.04]
[90675,"PERFURATRIZ COM TORRE METÁLICA PARA EXECUÇÃO DE ESTACA HÉLICE CONTÍNUA, PROFUNDIDADE MÁXIMA DE 30 M, DIÂMETRO MÁXIMO DE 800 MM, POTÊNCIA INSTALADA DE 268 HP, MESA ROTATIVA COM TORQUE MÁXIMO DE 170 KNM - CHI DIURNO. AF_06/2015","CHI",324.19]
[90681,"PERFURATRIZ HIDRÁULICA SOBRE CAMINHÃO COM TRADO CURTO ACOPLADO, PROFUNDIDADE MÁXIMA DE 20 M, DIÂMETRO MÁXIMO DE 1500 MM, POTÊNCIA INSTALADA DE 137 HP, MESA ROTATIVA COM TORQUE MÁXIMO DE 30 KNM - CHI DIURNO. AF_06/2015","CHI",160.64]
[90687,"MANIPULADOR TELESCÓPICO, POTÊNCIA DE 85 HP, CAPACIDADE DE CARGA DE 3.500 KG, ALTURA MÁXIMA DE ELEVAÇÃO DE 12,3 M - CHI DIURNO. AF_05/2023","CHI",69.96]
[90693,"MINICARREGADEIRA SOBRE RODAS, POTÊNCIA LÍQUIDA DE 47 HP, CAPACIDADE NOMINAL DE OPERAÇÃO DE 646 KG - CHI DIURNO. AF_06/2015","CHI",55.86]
[90965,"COMPRESSOR DE AR REBOCÁVEL, VAZÃO 89 PCM, PRESSÃO EFETIVA DE TRABALHO 102 PSI, MOTOR DIESEL, POTÊNCIA 20 CV - CHI DIURNO. AF_06/2015","CHI",9]
[90973,"COMPRESSOR DE AR REBOCAVEL, VAZÃO 250 PCM, PRESSAO DE TRABALHO 102 PSI, MOTOR A DIESEL POTÊNCIA 81 CV - CHI DIURNO. AF_06/2015","CHI",9.03]
[90982,"COMPRESSOR DE AR REBOCÁVEL, VAZÃO 748 PCM, PRESSÃO EFETIVA DE TRABALHO 102 PSI, MOTOR DIESEL, POTÊNCIA 210 CV - CHI DIURNO. AF_06/2015","CHI",22.94]
[91001,"COMPRESSOR DE AR REBOCAVEL, VAZÃO 400 PCM, PRESSAO DE TRABALHO 102 PSI, MOTOR A DIESEL POTÊNCIA 110 CV - CHI DIURNO. AF_06/2015","CHI",10.71]
[91032,"CAMINHÃO TRUCADO (C/ TERCEIRO EIXO) ELETRÔNICO - POTÊNCIA 231CV - PBT = 22000KG - DIST. ENTRE EIXOS 5170 MM - INCLUI CARROCERIA FIXA ABERTA DE MADEIRA - CHI DIURNO. AF_06/2015","CHI",70.2]
[91278,"PLACA VIBRATÓRIA REVERSÍVEL COM MOTOR 4 TEMPOS A GASOLINA, FORÇA CENTRÍFUGA DE 25 KN (2500 KGF), POTÊNCIA 5,5 CV - CHI DIURNO. AF_08/2015","CHI",0.76]
[91285,"CORTADORA DE PISO COM MOTOR 4 TEMPOS A GASOLINA, POTÊNCIA DE 13 HP, COM DISCO DE CORTE DIAMANTADO SEGMENTADO PARA CONCRETO, DIÂMETRO DE 350 MM, FURO DE 1\" (14 X 1\") - CHI DIURNO. AF_08/2015","CHI",1.12]
[91387,"CAMINHÃO BASCULANTE 10 M3, TRUCADO CABINE SIMPLES, PESO BRUTO TOTAL 23.000 KG, CARGA ÚTIL MÁXIMA 15.935 KG, DISTÂNCIA ENTRE EIXOS 4,80 M, POTÊNCIA 230 CV INCLUSIVE CAÇAMBA METÁLICA - CHI DIURNO. AF_06/2014","CHI",77.47]
[91395,"CAMINHÃO TOCO, PBT 14.300 KG, CARGA ÚTIL MÁX. 9.710 KG, DIST. ENTRE EIXOS 3,56 M, POTÊNCIA 185 CV, INCLUSIVE CARROCERIA FIXA ABERTA DE MADEIRA P/ TRANSPORTE GERAL DE CARGA SECA, DIMEN. APROX. 2,50 X 6,50 X 0,50 M - CHI DIURNO. AF_06/2014","CHI",61.51]
[91486,"ESPARGIDOR DE ASFALTO PRESSURIZADO, TANQUE 6 M3 COM ISOLAÇÃO TÉRMICA, AQUECIDO COM 2 MAÇARICOS, COM BARRA ESPARGIDORA 3,60 M, MONTADO SOBRE CAMINHÃO  TOCO, PBT 14.300 KG, POTÊNCIA 185 CV - CHI DIURNO. AF_05/2023","CHI",70.97]
[91534,"COMPACTADOR DE SOLOS DE PERCUSSÃO (SOQUETE) COM MOTOR A GASOLINA 4 TEMPOS, POTÊNCIA 4 CV - CHI DIURNO. AF_08/2015","CHI",22.83]
[91635,"GUINDAUTO HIDRÁULICO, CAPACIDADE MÁXIMA DE CARGA 6500 KG, MOMENTO MÁXIMO DE CARGA 5,8 TM, ALCANCE MÁXIMO HORIZONTAL 7,60 M, INCLUSIVE CAMINHÃO TOCO PBT 9.700 KG, POTÊNCIA DE 160 CV - CHI DIURNO. AF_08/2015","CHI",68.25]
[91646,"CAMINHÃO DE TRANSPORTE DE MATERIAL ASFÁLTICO 30.000 L, COM CAVALO MECÂNICO DE CAPACIDADE MÁXIMA DE TRAÇÃO COMBINADO DE 66.000 KG, POTÊNCIA 360 CV, INCLUSIVE TANQUE DE ASFALTO COM SERPENTINA - CHI DIURNO. AF_08/2015","CHI",103.14]
[91693,"SERRA CIRCULAR DE BANCADA COM MOTOR ELÉTRICO POTÊNCIA DE 5HP, COM COIFA PARA DISCO 10\" - CHI DIURNO. AF_08/2015","CHI",21.84]
[92044,"DISTRIBUIDOR DE AGREGADOS REBOCAVEL, CAPACIDADE 1,9 M³, LARGURA DE TRABALHO 3,66 M - CHI DIURNO. AF_11/2015","CHI",7.8]
[92107,"CAMINHÃO PARA EQUIPAMENTO DE LIMPEZA A SUCÇÃO COM CAMINHÃO TRUCADO DE PESO BRUTO TOTAL 23000 KG, CARGA ÚTIL MÁXIMA 15935 KG, DISTÂNCIA ENTRE EIXOS 4,80 M, POTÊNCIA 230 CV, INCLUSIVE LIMPADORA A SUCÇÃO, TANQUE 12000 L - CHI DIURNO. AF_05/2023","CHI",96.05]
[92113,"PENEIRA ROTATIVA COM MOTOR ELÉTRICO TRIFÁSICO DE 2 CV, CILINDRO DE 1 M X 0,60 M, COM FUROS DE 3,17 MM - CHI DIURNO. AF_05/2023","CHI",1.26]
[92119,"DOSADOR DE AREIA, CAPACIDADE DE 26 LITROS - CHI DIURNO. AF_05/2023","CHI",0.31]
[92139,"CAMINHONETE COM MOTOR A DIESEL, POTÊNCIA 180 CV, CABINE DUPLA, 4X4 - CHI DIURNO. AF_11/2015","CHI",45.19]
[92146,"CAMINHONETE CABINE SIMPLES COM MOTOR 1.6 FLEX, CÂMBIO MANUAL, POTÊNCIA 101/104 CV, 2 PORTAS - CHI DIURNO. AF_11/2015","CHI",33.62]
[92243,"CAMINHÃO DE TRANSPORTE DE MATERIAL ASFÁLTICO 20.000 L, COM CAVALO MECÂNICO DE CAPACIDADE MÁXIMA DE TRAÇÃO COMBINADO DE 45.000 KG, POTÊNCIA 330 CV, INCLUSIVE TANQUE DE ASFALTO COM MAÇARICO - CHI DIURNO. AF_12/2015","CHI",85.42]
[92717,"APARELHO PARA CORTE E SOLDA OXI-ACETILENO SOBRE RODAS, INCLUSIVE CILINDROS E MAÇARICOS - CHI DIURNO. AF_05/2023","CHI",0.28]
[92961,"MÁQUINA EXTRUSORA DE CONCRETO PARA GUIAS E SARJETAS, MOTOR A DIESEL, POTÊNCIA 14 CV - CHI DIURNO. AF_12/2015","CHI",5.29]
[92967,"MARTELO PERFURADOR PNEUMÁTICO MANUAL, HASTE 25 X 75 MM, 21 KG - CHI DIURNO. AF_12/2015","CHI",21.57]
[93225,"PERFURATRIZ COM TORRE METÁLICA PARA EXECUÇÃO DE ESTACA HÉLICE CONTÍNUA, PROFUNDIDADE MÁXIMA DE 32 M, DIÂMETRO MÁXIMO DE 1000 MM, POTÊNCIA INSTALADA DE 350 HP, MESA ROTATIVA COM TORQUE MÁXIMO DE 263 KNM - CHI DIURNO. AF_01/2016","CHI",485.52]
[93234,"BETONEIRA CAPACIDADE NOMINAL 400 L, CAPACIDADE DE MISTURA 310 L, MOTOR A GASOLINA POTÊNCIA 5,5 HP, SEM CARREGADOR - CHI DIURNO. AF_02/2016","CHI",0.54]
[93244,"ROLO COMPACTADOR VIBRATÓRIO PÉ DE CARNEIRO PARA SOLOS, POTÊNCIA 80 HP, PESO OPERACIONAL SEM/COM LASTRO 7,4 / 8,8 T, LARGURA DE TRABALHO 1,68 M - CHI DIURNO. AF_02/2016","CHI",63.54]
[93274,"GRUA ASCENSIONAL, LANÇA DE 30 M, CAPACIDADE DE 1,0 T A 30 M, ALTURA ATÉ 39 M - CHI DIURNO. AF_05/2023","CHI",62.01]
[93282,"GUINCHO ELÉTRICO DE COLUNA, CAPACIDADE 400 KG, COM MOTO FREIO, MOTOR TRIFÁSICO DE 1,25 CV - CHI DIURNO. AF_03/2016","CHI",21.34]
[93288,"GUINDASTE HIDRÁULICO AUTOPROPELIDO, COM LANÇA TELESCÓPICA 40 M, CAPACIDADE MÁXIMA 60 T, POTÊNCIA 260 KW - CHI DIURNO. AF_03/2016","CHI",175.18]
[93403,"GUINDAUTO HIDRÁULICO, CAPACIDADE MÁXIMA DE CARGA 3300 KG, MOMENTO MÁXIMO DE CARGA 5,8 TM, ALCANCE MÁXIMO HORIZONTAL 7,60 M, INCLUSIVE CAMINHÃO TOCO PBT 16.000 KG, POTÊNCIA DE 189 CV - CHI DIURNO. AF_03/2016","CHI",73.58]
[93409,"MÁQUINA JATO DE PRESSAO PORTÁTIL, CAMARA DE 1 SAIDA, CAPACIDADE 280 L, DIAMETRO 670 MM, BICO DE JATO CURTO VENTURI DE 5/16\" , MANGUEIRA DE 1\" COM COMPRESSOR DE AR REBOCÁVEL 189 PCM E MOTOR DIESEL 63 CV - CHI DIURNO. AF_05/2023","CHI",28.62]
[93416,"GERADOR PORTÁTIL MONOFÁSICO, POTÊNCIA 5500 VA, MOTOR A GASOLINA, POTÊNCIA DO MOTOR 13 CV - CHI DIURNO. AF_03/2016","CHI",0.46]
[93422,"GRUPO GERADOR REBOCÁVEL, POTÊNCIA 66 KVA, MOTOR A DIESEL - CHI DIURNO. AF_03/2016","CHI",6.07]
[93428,"GRUPO GERADOR ESTACIONÁRIO, POTÊNCIA 150 KVA, MOTOR A DIESEL- CHI DIURNO. AF_03/2016","CHI",8.6]
[93434,"USINA DE MISTURA ASFÁLTICA À QUENTE, TIPO CONTRA FLUXO, PROD 40 A 80 TON/HORA - CHI DIURNO. AF_05/2023","CHI",315.75]
[93440,"USINA DE ASFALTO À FRIO, CAPACIDADE DE 40 A 60 TON/HORA, ELÉTRICA POTÊNCIA 30 CV - CHI DIURNO. AF_05/2023","CHI",121.62]
[95122,"USINA MISTURADORA DE SOLOS, CAPACIDADE DE 200 A 500 TON/H, POTENCIA 75KW - CHI DIURNO. AF_07/2016","CHI",204.48]
[95128,"DISTRIBUIDOR DE AGREGADOS AUTOPROPELIDO, CAP 3 M3, A DIESEL, POTÊNCIA 176CV - CHI DIURNO. AF_07/2016","CHI",45.1]
[95140,"TALHA MANUAL DE CORRENTE, CAPACIDADE DE 2 TON. COM ELEVAÇÃO DE 3 M - CHI DIURNO. AF_07/2016","CHI",0.04]
[95213,"GRUA ASCENCIONAL, LANÇA DE 42 M, CAPACIDADE DE 1,5 T A 30 M, ALTURA ATÉ 39 M - CHI DIURNO. AF_05/2023","CHI",91.71]
[95259,"MARTELO DEMOLIDOR PNEUMÁTICO MANUAL, 32 KG - CHI DIURNO. AF_09/2016","CHI",21.24]
[95265,"COMPACTADOR DE SOLOS DE PERCUSÃO (SOQUETE) COM MOTOR A GASOLINA, POTÊNCIA 3 CV - CHI DIURNO. AF_09/2016","CHI",0.9]
[95271,"RÉGUA VIBRATÓRIA DUPLA PARA CONCRETO, PESO DE 60KG, COMPRIMENTO 4 M, COM MOTOR A GASOLINA, POTÊNCIA 5,5 HP - CHI DIURNO. AF_09/2016","CHI",0.6]
[95277,"POLIDORA DE PISO (POLITRIZ), PESO DE 100KG, DIÂMETRO 450 MM, MOTOR ELÉTRICO, POTÊNCIA 4 HP - CHI DIURNO. AF_05/2023","CHI",0.6]
[95283,"DESEMPENADEIRA DE CONCRETO, PESO DE 78 KG, 4 PÁS, MOTOR A GASOLINA, POTÊNCIA 5,5 HP - CHI DIURNO. AF_05/2023","CHI",0.72]
[95621,"PERFURATRIZ PNEUMATICA MANUAL DE PESO MEDIO, MARTELETE, 18KG, COMPRIMENTO MÁXIMO DE CURSO DE 6 M, DIAMETRO DO PISTAO DE 5,5 CM - CHI DIURNO. AF_11/2016","CHI",20.85]
[95632,"ROLO COMPACTADOR VIBRATORIO TANDEM, ACO LISO, POTENCIA 125 HP, PESO SEM/COM LASTRO 10,20/11,65 T, LARGURA DE TRABALHO 1,73 M - CHI DIURNO. AF_11/2016","CHI",82.02]
[95703,"PERFURATRIZ MANUAL, TORQUE MAXIMO 55 KGF.M, POTENCIA 5 CV, COM DIAMETRO MAXIMO 8 1/2\" - CHI DIURNO. AF_11/2016","CHI",28.84]
[95709,"PERFURATRIZ SOBRE ESTEIRA, TORQUE MÁXIMO 600 KGF, POTÊNCIA ENTRE 50 E 60 HP, DIÂMETRO MÁXIMO 10\" - CHI DIURNO. AF_11/2016","CHI",89.42]
[95721,"ESCAVADEIRA HIDRAULICA SOBRE ESTEIRA, EQUIPADA COM CLAMSHELL, COM CAPACIDADE DA CAÇAMBA ENTRE 1,20 E 1,50 M3, PESO OPERACIONAL ENTRE 20,00 E 22,00 TON, POTENCIA LIQUIDA ENTRE 150 E 160 HP - CHI DIURNO. AF_11/2016","CHI",105.36]
[95873,"GRUPO GERADOR COM CARENAGEM, MOTOR DIESEL POTÊNCIA STANDART ENTRE 250 E 260 KVA - CHI DIURNO. AF_12/2016","CHI",13.75]
[96014,"TRATOR DE PNEUS COM POTÊNCIA DE 122 CV, TRAÇÃO 4X4, COM VASSOURA MECÂNICA ACOPLADA - CHI DIURNO. AF_02/2017","CHI",51.5]
[96021,"TRATOR DE PNEUS COM POTÊNCIA DE 122 CV, TRAÇÃO 4X4, COM GRADE DE DISCOS ACOPLADA - CHI DIURNO. AF_02/2017","CHI",51.25]
[96029,"TRATOR DE PNEUS COM POTÊNCIA DE 85 CV, TRAÇÃO 4X4, COM GRADE DE DISCOS ACOPLADA - CHI DIURNO. AF_02/2017","CHI",44.49]
[96036,"CAMINHÃO BASCULANTE 10 M3, TRUCADO, POTÊNCIA 230 CV, INCLUSIVE CAÇAMBA METÁLICA, COM DISTRIBUIDOR DE AGREGADOS ACOPLADO - CHI DIURNO. AF_02/2017","CHI",85.78]
[96155,"TRATOR DE PNEUS COM POTÊNCIA DE 85 CV, TRAÇÃO 4X4, COM VASSOURA MECÂNICA ACOPLADA - CHI DIURNO. AF_02/2017","CHI",44.74]
[96156,"MINICARREGADEIRA SOBRE RODAS POTENCIA 47HP CAPACIDADE OPERACAO 646 KG, COM VASSOURA MECÂNICA ACOPLADA - CHI DIURNO. AF_03/2017","CHI",60.55]
[96159,"MÁQUINA DEMARCADORA DE FAIXA DE TRÁFEGO À FRIO, AUTOPROPELIDA, POTÊNCIA 38 HP - CHI DIURNO. AF_07/2016","CHI",86.64]
[96246,"MINIESCAVADEIRA SOBRE ESTEIRAS, POTÊNCIA LÍQUIDA DE *30* HP, PESO OPERACIONAL DE *3.500* KG - CHI DIURNO. AF_04/2017","CHI",62.89]
[96464,"ROLO COMPACTADOR DE PNEUS, ESTÁTICO, PRESSÃO VARIÁVEL, POTÊNCIA 110 HP, PESO SEM/COM LASTRO 10,8/27 T, LARGURA DE ROLAGEM 2,30 M - CHI DIURNO. AF_06/2017","CHI",88.65]
[98765,"INVERSOR DE SOLDA MONOFÁSICO DE 160 A, POTÊNCIA DE 5400 W, TENSÃO DE 220 V, PARA SOLDA COM ELETRODOS DE 2,0 A 4,0 MM E PROCESSO TIG - CHI DIURNO. AF_06/2018","CHI",0.1]
[99834,"LAVADORA DE ALTA PRESSAO (LAVA-JATO) PARA AGUA FRIA, PRESSAO DE OPERACAO ENTRE 1400 E 1900 LIB/POL2, VAZAO MAXIMA ENTRE 400 E 700 L/H - CHI DIURNO. AF_05/2023","CHI",0.24]
[100642,"USINA DE MISTURA ASFÁLTICA À QUENTE, TIPO CONTRA FLUXO, PROD 100 A 140 TON/HORA - CHI DIURNO. AF_12/2019","CHI",281.43]
[100648,"USINA DE ASFALTO, TIPO GRAVIMÉTRICA, PROD 150 TON/HORA - CHI DIURNO. AF_12/2019","CHI",564.32]
[102274,"MARTELO DEMOLIDOR ELÉTRICO, COM POTÊNCIA DE 2.000 W, 1.000 IMPACTOS POR MINUTO, PESO DE 30 KG -  CHI DIURNO. AF_01/2021","CHI",20.15]
[102875,"PERFURATRIZ HIDRÁULICA SOBRE ESTEIRA, TORQUE MÁXIMO 161 KNM, PROFUNDIDADE MÁXIMA 54 M, DIÂMETRO MÁXIMO 1500 MM, POTÊNCIA MOTOR 268 HP - CHI DIURNO. AF_04/2019","CHI",463.49]
[102881,"PERFURATRIZ PARA EXECUÇÃO DE ESTACAS SECANTES, TIPO HÉLICE CONTÍNUA COM CABEÇOTE DUPLO E TUBO METÁLICO - CHI DIURNO. AF_04/2019","CHI",635.64]
[102965,"PERFURATRIZ HIDRÁULICA SOBRE ESTEIRA, TORQUE MÁXIMO 98 KNM, PROFUNDIDADE MÁXIMA 25 M, DIÂMETRO MÁXIMO 115 MM, POTÊNCIA MOTOR 190 HP - CHI DIURNO. AF_02/2021","CHI",236.12]
[102975,"PERFURATRIZ ROTATIVA SOBRE ESTEIRA, TORQUE MAXIMO 2500 KGM, POTENCIA 110 HP, MOTOR DIESEL - CHI DIURNO. AF_05/2017","CHI",136.82]
[103225,"PERFURATRIZ PARA FURO DIRECIONAL HORIZONTAL (HDD) COM CAPACIDADE ATÉ 89 KN, POTÊNCIA 24,8 HP A 80 HP (INCLUSO FERRAMENTAS E LOCALIZADOR) - CHI DIURNO. AF_05/2023","CHI",209.46]
[103231,"PERFURATRIZ PARA FURO DIRECIONAL HORIZONTAL (HDD) COM CAPACIDADE DE 90 KN A 200 KN, POTÊNCIA 100 HP A 160 HP (INCLUSO FERRAMENTAS E LOCALIZADOR) - CHI DIURNO. AF_05/2023","CHI",452.46]
[103237,"PERFURATRIZ PARA FURO DIRECIONAL HORIZONTAL (HDD) COM CAPACIDADE DE 201 KN A 560 KN, POTÊNCIA 200 HP A 260 HP (INCLUSO FERRAMENTAS E LOCALIZADOR) - CHI DIURNO. AF_05/2023","CHI",610.77]
[104092,"TERMOFUSORA PARA TUBOS E CONEXÕES EM PPR COM DIÂMETROS DE 20 A 63 MM, POTÊNCIA DE 800 W, TENSAO 220 V - CHI DIURNO. AF_05/2022","CHI",0.07]
[104098,"TERMOFUSORA PARA TUBOS E CONEXÕES EM PPR COM DIÂMETROS DE 75 A 110 MM, POTÊNCIA DE *1100* W, TENSÃO 220 V - CHI DIURNO. AF_05/2022","CHI",0.11]
[104696,"PERFURATRIZ DE COROA DIAMANTADA PARA CONCRETO, DIÂMETRO ATÉ 250 MM, MOTOR ELÉTRICO 220 V, POTÊNCIA 2.500 W - CHI DIURNO. AF_05/2023","CHI",22.88]
[104717,"ESCAVADEIRA HIDRÁULICA DE BRAÇO LONGO (LONGO ALCANCE) SOBRE ESTEIRAS, CAÇAMBA 0,52 M3, PESO OPERACIONAL 24 T, POTÊNCIA LÍQUIDA 155 HP - CHI DIURNO. AF_06/2023","CHI",100.48]
[5089,"ROLO COMPACTADOR VIBRATÓRIO PÉ DE CARNEIRO PARA SOLOS, POTÊNCIA 80 HP, PESO OPERACIONAL SEM/COM LASTRO 7,4 / 8,8 T, LARGURA DE TRABALHO 1,68 M - MANUTENÇÃO. AF_02/2016","H",41.71]
[5627,"ESCAVADEIRA HIDRÁULICA SOBRE ESTEIRAS, CAÇAMBA 0,80 M3, PESO OPERACIONAL 17 T, POTENCIA BRUTA 111 HP - DEPRECIAÇÃO. AF_06/2014","H",46.35]
[5628,"ESCAVADEIRA HIDRÁULICA SOBRE ESTEIRAS, CAÇAMBA 0,80 M3, PESO OPERACIONAL 17 T, POTENCIA BRUTA 111 HP - JUROS. AF_06/2014","H",12.25]
[5629,"ESCAVADEIRA HIDRÁULICA SOBRE ESTEIRAS, CAÇAMBA 0,80 M3, PESO OPERACIONAL 17 T, POTENCIA BRUTA 111 HP - MANUTENÇÃO. AF_06/2014","H",57.94]
[5630,"ESCAVADEIRA HIDRÁULICA SOBRE ESTEIRAS, CAÇAMBA 0,80 M3, PESO OPERACIONAL 17 T, POTENCIA BRUTA 111 HP - MATERIAIS NA OPERAÇÃO. AF_06/2014","H",67.2]
[5658,"GRADE DE DISCO CONTROLE REMOTO REBOCÁVEL, COM 24 DISCOS 24\" X 6 MM COM PNEUS PARA TRANSPORTE - MANUTENÇÃO. AF_06/2014","H",2.23]
[5664,"RETROESCAVADEIRA SOBRE RODAS COM CARREGADEIRA, TRAÇÃO 4X4, POTÊNCIA LÍQ. 88 HP, CAÇAMBA CARREG. CAP. MÍN. 1 M3, CAÇAMBA RETRO CAP. 0,26 M3, PESO OPERACIONAL MÍN. 6.674 KG, PROFUNDIDADE ESCAVAÇÃO MÁX. 4,37 M - MANUTENÇÃO. AF_06/2014","H",31.92]
[5667,"RETROESCAVADEIRA SOBRE RODAS COM CARREGADEIRA, TRAÇÃO 4X2, POTÊNCIA LÍQ. 79 HP, CAÇAMBA CARREG. CAP. MÍN. 1 M3, CAÇAMBA RETRO CAP. 0,20 M3, PESO OPERACIONAL MÍN. 6.570 KG, PROFUNDIDADE ESCAVAÇÃO MÁX. 4,37 M - MANUTENÇÃO. AF_06/2014","H",28.39]
[5668,"RETROESCAVADEIRA SOBRE RODAS COM CARREGADEIRA, TRAÇÃO 4X2, POTÊNCIA LÍQ. 79 HP, CAÇAMBA CARREG. CAP. MÍN. 1 M3, CAÇAMBA RETRO CAP. 0,20 M3, PESO OPERACIONAL MÍN. 6.570 KG, PROFUNDIDADE ESCAVAÇÃO MÁX. 4,37 M - MATERIAIS NA OPERAÇÃO. AF_06/2014","H",47.79]
[5674,"ROLO COMPACTADOR VIBRATÓRIO DE UM CILINDRO AÇO LISO, POTÊNCIA 80 HP, PESO OPERACIONAL MÁXIMO 8,1 T, IMPACTO DINÂMICO 16,15 / 9,5 T, LARGURA DE TRABALHO 1,68 M - MANUTENÇÃO. AF_06/2014","H",40.11]
[5692,"MOTOBOMBA CENTRÍFUGA, MOTOR A GASOLINA, POTÊNCIA 5,42 HP, BOCAIS 1 1/2\" X 1\", DIÂMETRO ROTOR 143 MM HM/Q = 6 MCA / 16,8 M3/H A 38 MCA / 6,6 M3/H - MANUTENÇÃO. AF_06/2014","H",0.24]
[5693,"MOTOBOMBA CENTRÍFUGA, MOTOR A GASOLINA, POTÊNCIA 5,42 HP, BOCAIS 1 1/2\" X 1\", DIÂMETRO ROTOR 143 MM HM/Q = 6 MCA / 16,8 M3/H A 38 MCA / 6,6 M3/H - MATERIAIS NA OPERAÇÃO. AF_06/2014","H",21.19]
[5695,"CAMINHÃO BASCULANTE 6 M3, PESO BRUTO TOTAL 16.000 KG, CARGA ÚTIL MÁXIMA 13.071 KG, DISTÂNCIA ENTRE EIXOS 4,80 M, POTÊNCIA 230 CV INCLUSIVE CAÇAMBA METÁLICA - MANUTENÇÃO. AF_06/2014","H",39.98]
[5703,"USINA DE CONCRETO FIXA, CAPACIDADE NOMINAL DE 90 A 120 M3/H, SEM SILO - MATERIAIS NA OPERAÇÃO. AF_07/2016","H",25.22]
[5705,"CAMINHÃO TOCO, PBT 16.000 KG, CARGA ÚTIL MÁX. 10.685 KG, DIST. ENTRE EIXOS 4,8 M, POTÊNCIA 189 CV, INCLUSIVE CARROCERIA FIXA ABERTA DE MADEIRA P/ TRANSPORTE GERAL DE CARGA SECA, DIMEN. APROX. 2,5 X 7,00 X 0,50 M - MANUTENÇÃO. AF_06/2014","H",38.46]
[5707,"USINA MISTURADORA DE SOLOS, CAPACIDADE DE 200 A 500 TON/H, POTENCIA 75KW - MANUTENÇÃO. AF_07/2016","H",78.94]
[5710,"VIBROACABADORA DE ASFALTO SOBRE ESTEIRAS, LARGURA DE PAVIMENTAÇÃO 1,90 M A 5,30 M, POTÊNCIA 105 HP CAPACIDADE 450 T/H - MANUTENÇÃO. AF_11/2014","H",138.42]
[5711,"VIBROACABADORA DE ASFALTO SOBRE ESTEIRAS, LARGURA DE PAVIMENTAÇÃO 1,90 M A 5,30 M, POTÊNCIA 105 HP CAPACIDADE 450 T/H - MATERIAIS NA OPERAÇÃO. AF_11/2014","H",92.85]
[5714,"TRATOR DE PNEUS, POTÊNCIA 85 CV, TRAÇÃO 4X4, PESO COM LASTRO DE 4.675 KG - MANUTENÇÃO. AF_06/2014","H",16]
[5715,"TRATOR DE PNEUS, POTÊNCIA 85 CV, TRAÇÃO 4X4, PESO COM LASTRO DE 4.675 KG - MATERIAIS NA OPERAÇÃO. AF_06/2014","H",70.26]
[5718,"TRATOR DE ESTEIRAS, POTÊNCIA 170 HP, PESO OPERACIONAL 19 T, CAÇAMBA 5,2 M3 - MATERIAIS NA OPERAÇÃO. AF_06/2014","H",110.82]
[5721,"TRATOR DE ESTEIRAS, POTÊNCIA 150 HP, PESO OPERACIONAL 16,7 T, COM RODA MOTRIZ ELEVADA E LÂMINA 3,18 M3 - MATERIAIS NA OPERAÇÃO. AF_06/2014","H",97.78]
[5722,"TRATOR DE ESTEIRAS, POTÊNCIA 347 HP, PESO OPERACIONAL 38,5 T, COM LÂMINA 8,70 M3 - MATERIAIS NA OPERAÇÃO. AF_06/2014","H",226.13]
[5724,"TRATOR DE ESTEIRAS, POTÊNCIA 100 HP, PESO OPERACIONAL 9,4 T, COM LÂMINA 2,19 M3 - MANUTENÇÃO. AF_06/2014","H",60.04]
[5727,"ROLO COMPACTADOR VIBRATÓRIO REBOCÁVEL, CILINDRO DE AÇO LISO, POTÊNCIA DE TRAÇÃO DE 65 CV, PESO 4,7 T, IMPACTO DINÂMICO 18,3 T, LARGURA DE TRABALHO 1,67 M - MANUTENÇÃO. AF_02/2016","H",12.1]
[5729,"ROLO COMPACTADOR VIBRATÓRIO TANDEM AÇO LISO, POTÊNCIA 58 HP, PESO SEM/COM LASTRO 6,5 / 9,4 T, LARGURA DE TRABALHO 1,2 M - MANUTENÇÃO. AF_06/2014","H",49.26]
[5730,"ROLO COMPACTADOR VIBRATÓRIO TANDEM AÇO LISO, POTÊNCIA 58 HP, PESO SEM/COM LASTRO 6,5 / 9,4 T, LARGURA DE TRABALHO 1,2 M - MATERIAIS NA OPERAÇÃO. AF_06/2014","H",42.61]
[5735,"RETROESCAVADEIRA SOBRE RODAS COM CARREGADEIRA, TRAÇÃO 4X4, POTÊNCIA LÍQ. 72 HP, CAÇAMBA CARREG. CAP. MÍN. 0,79 M3, CAÇAMBA RETRO CAP. 0,18 M3, PESO OPERACIONAL MÍN. 7.140 KG, PROFUNDIDADE ESCAVAÇÃO MÁX. 4,50 M - MANUTENÇÃO. AF_06/2014","H",30.8]
[5736,"RETROESCAVADEIRA SOBRE RODAS COM CARREGADEIRA, TRAÇÃO 4X4, POTÊNCIA LÍQ. 72 HP, CAÇAMBA CARREG. CAP. MÍN. 0,79 M3, CAÇAMBA RETRO CAP. 0,18 M3, PESO OPERACIONAL MÍN. 7.140 KG, PROFUNDIDADE ESCAVAÇÃO MÁX. 4,50 M - MATERIAIS NA OPERAÇÃO. AF_06/2014","H",43.55]
[5738,"ROLO COMPACTADOR VIBRATÓRIO PÉ DE CARNEIRO, OPERADO POR CONTROLE REMOTO, POTÊNCIA 12,5 KW, PESO OPERACIONAL 1,675 T, LARGURA DE TRABALHO 0,85 M - DEPRECIAÇÃO. AF_02/2016","H",43.8]
[5739,"ROLO COMPACTADOR VIBRATÓRIO PÉ DE CARNEIRO, OPERADO POR CONTROLE REMOTO, POTÊNCIA 12,5 KW, PESO OPERACIONAL 1,675 T, LARGURA DE TRABALHO 0,85 M - MANUTENÇÃO. AF_02/2016","H",54.81]
[5741,"USINA DE LAMA ASFÁLTICA, PROD 30 A 50 T/H, SILO DE AGREGADO 7 M3, RESERVATÓRIOS PARA EMULSÃO E ÁGUA DE 2,3 M3 CADA, MISTURADOR TIPO PUG MILL A SER MONTADO SOBRE CAMINHÃO - MANUTENÇÃO. AF_10/2014","H",42.78]
[5742,"USINA DE LAMA ASFÁLTICA, PROD 30 A 50 T/H, SILO DE AGREGADO 7 M3, RESERVATÓRIOS PARA EMULSÃO E ÁGUA DE 2,3 M3 CADA, MISTURADOR TIPO PUG MILL A SER MONTADO SOBRE CAMINHÃO - MATERIAIS NA OPERAÇÃO. AF_10/2014","H",28.76]
[5747,"CAMINHÃO PIPA 6.000 L, PESO BRUTO TOTAL 13.000 KG, DISTÂNCIA ENTRE EIXOS 4,80 M, POTÊNCIA 189 CV INCLUSIVE TANQUE DE AÇO PARA TRANSPORTE DE ÁGUA, CAPACIDADE 6 M3 - MATERIAIS NA OPERAÇÃO. AF_06/2014","H",164.92]
[5751,"CAMINHÃO TOCO, PESO BRUTO TOTAL 14.300 KG, CARGA ÚTIL MÁXIMA 9590 KG, DISTÂNCIA ENTRE EIXOS 4,76 M, POTÊNCIA 185 CV (NÃO INCLUI CARROCERIA) - MANUTENÇÃO. AF_06/2014","H",33.02]
[5754,"CAMINHÃO TOCO, PESO BRUTO TOTAL 16.000 KG, CARGA ÚTIL MÁXIMA DE 10.685 KG, DISTÂNCIA ENTRE EIXOS 4,80 M, POTÊNCIA 189 CV EXCLUSIVE CARROCERIA - MANUTENÇÃO. AF_06/2014","H",36.26]
[5763,"CAMINHÃO PIPA 10.000 L TRUCADO, PESO BRUTO TOTAL 23.000 KG, CARGA ÚTIL MÁXIMA 15.935 KG, DISTÂNCIA ENTRE EIXOS 4,8 M, POTÊNCIA 230 CV, INCLUSIVE TANQUE DE AÇO PARA TRANSPORTE DE ÁGUA - MANUTENÇÃO. AF_06/2014","H",51.62]
[5765,"ESPARGIDOR DE ASFALTO PRESSURIZADO COM TANQUE DE 2500 L, REBOCÁVEL COM MOTOR A GASOLINA POTÊNCIA 3,4 HP - MANUTENÇÃO. AF_07/2014","H",4.64]
[5766,"ESPARGIDOR DE ASFALTO PRESSURIZADO COM TANQUE DE 2500 L, REBOCÁVEL COM MOTOR A GASOLINA POTÊNCIA 3,4 HP - MATERIAIS NA OPERAÇÃO. AF_07/2014","H",2.95]
[5779,"MOTONIVELADORA POTÊNCIA BÁSICA LÍQUIDA (PRIMEIRA MARCHA) 125 HP, PESO BRUTO 13032 KG, LARGURA DA LÂMINA DE 3,7 M - MANUTENÇÃO. AF_06/2014","H",75.23]
[5787,"PÁ CARREGADEIRA SOBRE RODAS, POTÊNCIA 197 HP, CAPACIDADE DA CAÇAMBA 2,5 A 3,5 M3, PESO OPERACIONAL 18338 KG - MATERIAIS NA OPERAÇÃO. AF_06/2014","H",73.38]
[5797,"COMPRESSOR DE AR REBOCÁVEL, VAZÃO 189 PCM, PRESSÃO EFETIVA DE TRABALHO 102 PSI, MOTOR DIESEL, POTÊNCIA 63 CV - MANUTENÇÃO. AF_06/2015","H",6.65]
[5800,"BOMBA SUBMERSÍVEL ELÉTRICA TRIFÁSICA, POTÊNCIA 2,96 HP, Ø ROTOR 144 MM SEMI-ABERTO, BOCAL DE SAÍDA Ø 2\", HM/Q = 2 MCA / 38,8 M3/H A 28 MCA / 5 M3/H - MANUTENÇÃO. AF_06/2014","H",0.38]
[7032,"TANQUE DE ASFALTO ESTACIONÁRIO COM SERPENTINA, CAPACIDADE 30.000 L - DEPRECIAÇÃO. AF_05/2023","H",4.7]
[7033,"TANQUE DE ASFALTO ESTACIONÁRIO COM SERPENTINA, CAPACIDADE 30.000 L - JUROS. AF_05/2023","H",1.63]
[7034,"TANQUE DE ASFALTO ESTACIONÁRIO COM SERPENTINA, CAPACIDADE 30.000 L - MANUTENÇÃO. AF_05/2023","H",5.88]
[7035,"TANQUE DE ASFALTO ESTACIONÁRIO COM SERPENTINA, CAPACIDADE 30.000 L - MATERIAIS NA OPERAÇÃO. AF_05/2023","H",267.46]
[7038,"ROLO COMPACTADOR DE PNEUS ESTÁTICO, PRESSÃO VARIÁVEL, POTÊNCIA 111 HP, PESO SEM/COM LASTRO 9,5 / 26 T, LARGURA DE TRABALHO 1,90 M - DEPRECIAÇÃO. AF_07/2014","H",50.1]
[7039,"ROLO COMPACTADOR DE PNEUS ESTÁTICO, PRESSÃO VARIÁVEL, POTÊNCIA 111 HP, PESO SEM/COM LASTRO 9,5 / 26 T, LARGURA DE TRABALHO 1,90 M - JUROS. AF_07/2014","H",13.44]
[7040,"ROLO COMPACTADOR DE PNEUS ESTÁTICO, PRESSÃO VARIÁVEL, POTÊNCIA 111 HP, PESO SEM/COM LASTRO 9,5 / 26 T, LARGURA DE TRABALHO 1,90 M - MANUTENÇÃO. AF_07/2014","H",62.69]
[7044,"MOTOBOMBA TRASH (PARA ÁGUA SUJA) AUTO ESCORVANTE, MOTOR GASOLINA DE 6,41 HP, DIÂMETROS DE SUCÇÃO X RECALQUE: 3\" X 3\", HM/Q = 10 MCA / 60 M3/H A 23 MCA / 0 M3/H - DEPRECIAÇÃO. AF_10/2014","H",0.27]
[7045,"MOTOBOMBA TRASH (PARA ÁGUA SUJA) AUTO ESCORVANTE, MOTOR GASOLINA DE 6,41 HP, DIÂMETROS DE SUCÇÃO X RECALQUE: 3\" X 3\", HM/Q = 10 MCA / 60 M3/H A 23 MCA / 0 M3/H - JUROS. AF_10/2014","H",0.06]
[7046,"MOTOBOMBA TRASH (PARA ÁGUA SUJA) AUTO ESCORVANTE, MOTOR GASOLINA DE 6,41 HP, DIÂMETROS DE SUCÇÃO X RECALQUE: 3\" X 3\", HM/Q = 10 MCA / 60 M3/H A 23 MCA / 0 M3/H - MANUTENÇÃO. AF_10/2014","H",0.3]
[7047,"MOTOBOMBA TRASH (PARA ÁGUA SUJA) AUTO ESCORVANTE, MOTOR GASOLINA DE 6,41 HP, DIÂMETROS DE SUCÇÃO X RECALQUE: 3\" X 3\", HM/Q = 10 MCA / 60 M3/H A 23 MCA / 0 M3/H - MATERIAIS NA OPERAÇÃO. AF_10/2014","H",25]
[7051,"ROLO COMPACTADOR PE DE CARNEIRO VIBRATORIO, POTENCIA 125 HP, PESO OPERACIONAL SEM/COM LASTRO 11,95 / 13,30 T, IMPACTO DINAMICO 38,5 / 22,5 T, LARGURA DE TRABALHO 2,15 M - DEPRECIAÇÃO. AF_06/2014","H",44.43]
[7052,"ROLO COMPACTADOR PE DE CARNEIRO VIBRATORIO, POTENCIA 125 HP, PESO OPERACIONAL SEM/COM LASTRO 11,95 / 13,30 T, IMPACTO DINAMICO 38,5 / 22,5 T, LARGURA DE TRABALHO 2,15 M - JUROS. AF_06/2014","H",12]
[7053,"ROLO COMPACTADOR PE DE CARNEIRO VIBRATORIO, POTENCIA 125 HP, PESO OPERACIONAL SEM/COM LASTRO 11,95 / 13,30 T, IMPACTO DINAMICO 38,5 / 22,5 T, LARGURA DE TRABALHO 2,15 M - MANUTENÇÃO. AF_06/2014","H",55.61]
[7054,"ROLO COMPACTADOR PE DE CARNEIRO VIBRATORIO, POTENCIA 125 HP, PESO OPERACIONAL SEM/COM LASTRO 11,95 / 13,30 T, IMPACTO DINAMICO 38,5 / 22,5 T, LARGURA DE TRABALHO 2,15 M - MATERIAIS NA OPERAÇÃO. AF_06/2014","H",93.1]
[7058,"CAMINHÃO BASCULANTE 6 M3 TOCO, PESO BRUTO TOTAL 16.000 KG, CARGA ÚTIL MÁXIMA 11.130 KG, DISTÂNCIA ENTRE EIXOS 5,36 M, POTÊNCIA 185 CV, INCLUSIVE CAÇAMBA METÁLICA - DEPRECIAÇÃO. AF_06/2014","H",22.94]
[7059,"CAMINHÃO BASCULANTE 6 M3 TOCO, PESO BRUTO TOTAL 16.000 KG, CARGA ÚTIL MÁXIMA 11.130 KG, DISTÂNCIA ENTRE EIXOS 5,36 M, POTÊNCIA 185 CV, INCLUSIVE CAÇAMBA METÁLICA - JUROS. AF_06/2014","H",8.83]
[7060,"CAMINHÃO BASCULANTE 6 M3 TOCO, PESO BRUTO TOTAL 16.000 KG, CARGA ÚTIL MÁXIMA 11.130 KG, DISTÂNCIA ENTRE EIXOS 5,36 M, POTÊNCIA 185 CV, INCLUSIVE CAÇAMBA METÁLICA - MANUTENÇÃO. AF_06/2014","H",41.36]
[7061,"CAMINHÃO BASCULANTE 6 M3 TOCO, PESO BRUTO TOTAL 16.000 KG, CARGA ÚTIL MÁXIMA 11.130 KG, DISTÂNCIA ENTRE EIXOS 5,36 M, POTÊNCIA 185 CV, INCLUSIVE CAÇAMBA METÁLICA - MATERIAIS NA OPERAÇÃO. AF_06/2014","H",84.98]
[7063,"TRATOR DE PNEUS, POTÊNCIA 122 CV, TRAÇÃO 4X4, PESO COM LASTRO DE 4.510 KG - DEPRECIAÇÃO. AF_06/2014","H",19.96]
[7064,"TRATOR DE PNEUS, POTÊNCIA 122 CV, TRAÇÃO 4X4, PESO COM LASTRO DE 4.510 KG - JUROS. AF_06/2014","H",5.39]
[7065,"TRATOR DE PNEUS, POTÊNCIA 122 CV, TRAÇÃO 4X4, PESO COM LASTRO DE 4.510 KG - MANUTENÇÃO. AF_06/2014","H",21.83]
[7066,"TRATOR DE PNEUS, POTÊNCIA 122 CV, TRAÇÃO 4X4, PESO COM LASTRO DE 4.510 KG - MATERIAIS NA OPERAÇÃO. AF_06/2014","H",100.83]
[53786,"RETROESCAVADEIRA SOBRE RODAS COM CARREGADEIRA, TRAÇÃO 4X4, POTÊNCIA LÍQ. 88 HP, CAÇAMBA CARREG. CAP. MÍN. 1 M3, CAÇAMBA RETRO CAP. 0,26 M3, PESO OPERACIONAL MÍN. 6.674 KG, PROFUNDIDADE ESCAVAÇÃO MÁX. 4,37 M - MATERIAIS NA OPERAÇÃO. AF_06/2014","H",53.22]
[53788,"ROLO COMPACTADOR VIBRATÓRIO DE UM CILINDRO AÇO LISO, POTÊNCIA 80 HP, PESO OPERACIONAL MÁXIMO 8,1 T, IMPACTO DINÂMICO 16,15 / 9,5 T, LARGURA DE TRABALHO 1,68 M - MATERIAIS NA OPERAÇÃO. AF_06/2014","H",59.59]
[53792,"CAMINHÃO BASCULANTE 6 M3, PESO BRUTO TOTAL 16.000 KG, CARGA ÚTIL MÁXIMA 13.071 KG, DISTÂNCIA ENTRE EIXOS 4,80 M, POTÊNCIA 230 CV INCLUSIVE CAÇAMBA METÁLICA - MATERIAIS NA OPERAÇÃO. AF_06/2014","H",105.64]
[53794,"USINA DE CONCRETO FIXA, CAPACIDADE NOMINAL DE 90 A 120 M3/H, SEM SILO - MANUTENÇÃO. AF_07/2016","H",35.62]
[53797,"CAMINHÃO TOCO, PBT 16.000 KG, CARGA ÚTIL MÁX. 10.685 KG, DIST. ENTRE EIXOS 4,8 M, POTÊNCIA 189 CV, INCLUSIVE CARROCERIA FIXA ABERTA DE MADEIRA P/ TRANSPORTE GERAL DE CARGA SECA, DIMEN. APROX. 2,5 X 7,00 X 0,50 M - MATERIAIS NA OPERAÇÃO. AF_06/2014","H",121.49]
[53804,"VASSOURA MECÂNICA REBOCÁVEL COM ESCOVA CILÍNDRICA, LARGURA ÚTIL DE VARRIMENTO DE 2,44 M - MANUTENÇÃO. AF_06/2014","H",4.64]
[53806,"TRATOR DE ESTEIRAS, POTÊNCIA 170 HP, PESO OPERACIONAL 19 T, CAÇAMBA 5,2 M3 - MANUTENÇÃO. AF_06/2014","H",77.36]
[53810,"TRATOR DE ESTEIRAS, POTÊNCIA 150 HP, PESO OPERACIONAL 16,7 T, COM RODA MOTRIZ ELEVADA E LÂMINA 3,18 M3 - MANUTENÇÃO. AF_06/2014","H",77.84]
[53814,"TRATOR DE ESTEIRAS, POTÊNCIA 347 HP, PESO OPERACIONAL 38,5 T, COM LÂMINA 8,70 M3 - MANUTENÇÃO. AF_06/2014","H",254.96]
[53817,"TRATOR DE ESTEIRAS, POTÊNCIA 100 HP, PESO OPERACIONAL 9,4 T, COM LÂMINA 2,19 M3 - MATERIAIS NA OPERAÇÃO. AF_06/2014","H",65.14]
[53818,"ROLO COMPACTADOR VIBRATÓRIO REBOCÁVEL, CILINDRO DE AÇO LISO, POTÊNCIA DE TRAÇÃO DE 65 CV, PESO 4,7 T, IMPACTO DINÂMICO 18,3 T, LARGURA DE TRABALHO 1,67 M - DEPRECIAÇÃO. AF_02/2016","H",9.67]
[53827,"CAMINHÃO TOCO, PESO BRUTO TOTAL 14.300 KG, CARGA ÚTIL MÁXIMA 9590 KG, DISTÂNCIA ENTRE EIXOS 4,76 M, POTÊNCIA 185 CV (NÃO INCLUI CARROCERIA) - MATERIAIS NA OPERAÇÃO. AF_06/2014","H",118.93]
[53829,"CAMINHÃO TOCO, PESO BRUTO TOTAL 16.000 KG, CARGA ÚTIL MÁXIMA DE 10.685 KG, DISTÂNCIA ENTRE EIXOS 4,80 M, POTÊNCIA 189 CV EXCLUSIVE CARROCERIA - MATERIAIS NA OPERAÇÃO. AF_06/2014","H",121.49]
[53831,"CAMINHÃO PIPA 10.000 L TRUCADO, PESO BRUTO TOTAL 23.000 KG, CARGA ÚTIL MÁXIMA 15.935 KG, DISTÂNCIA ENTRE EIXOS 4,8 M, POTÊNCIA 230 CV, INCLUSIVE TANQUE DE AÇO PARA TRANSPORTE DE ÁGUA - MATERIAIS NA OPERAÇÃO. AF_06/2014","H",200.67]
[53840,"GRADE DE DISCO REBOCÁVEL COM 20 DISCOS 24\" X 6 MM COM PNEUS PARA TRANSPORTE - DEPRECIAÇÃO. AF_06/2014","H",2.52]
[53841,"GRADE DE DISCO REBOCÁVEL COM 20 DISCOS 24\" X 6 MM COM PNEUS PARA TRANSPORTE - MANUTENÇÃO. AF_06/2014","H",1.75]
[53849,"MOTONIVELADORA POTÊNCIA BÁSICA LÍQUIDA (PRIMEIRA MARCHA) 125 HP, PESO BRUTO 13032 KG, LARGURA DA LÂMINA DE 3,7 M - MATERIAIS NA OPERAÇÃO. AF_06/2014","H",87.29]
[53857,"PÁ CARREGADEIRA SOBRE RODAS, POTÊNCIA LÍQUIDA 128 HP, CAPACIDADE DA CAÇAMBA 1,7 A 2,8 M3, PESO OPERACIONAL 11632 KG - MANUTENÇÃO. AF_06/2014","H",46.55]
[53858,"PÁ CARREGADEIRA SOBRE RODAS, POTÊNCIA LÍQUIDA 128 HP, CAPACIDADE DA CAÇAMBA 1,7 A 2,8 M3, PESO OPERACIONAL 11632 KG - MATERIAIS NA OPERAÇÃO. AF_06/2014","H",47.67]
[53861,"PÁ CARREGADEIRA SOBRE RODAS, POTÊNCIA 197 HP, CAPACIDADE DA CAÇAMBA 2,5 A 3,5 M3, PESO OPERACIONAL 18338 KG - MANUTENÇÃO. AF_06/2014","H",64.54]
[53863,"MARTELETE OU ROMPEDOR PNEUMÁTICO MANUAL, 28 KG, COM SILENCIADOR - MANUTENÇÃO. AF_07/2016","H",2.45]
[53865,"COMPRESSOR DE AR REBOCÁVEL, VAZÃO 189 PCM, PRESSÃO EFETIVA DE TRABALHO 102 PSI, MOTOR DIESEL, POTÊNCIA 63 CV - MATERIAIS NA OPERAÇÃO. AF_06/2015","H",49.17]
[53866,"BOMBA SUBMERSÍVEL ELÉTRICA TRIFÁSICA, POTÊNCIA 2,96 HP, Ø ROTOR 144 MM SEMI-ABERTO, BOCAL DE SAÍDA Ø 2\", HM/Q = 2 MCA / 38,8 M3/H A 28 MCA / 5 M3/H - MATERIAIS NA OPERAÇÃO. AF_06/2014","H",2.03]
[53882,"CAMINHÃO PIPA 6.000 L, PESO BRUTO TOTAL 13.000 KG, DISTÂNCIA ENTRE EIXOS 4,80 M, POTÊNCIA 189 CV INCLUSIVE TANQUE DE AÇO PARA TRANSPORTE DE ÁGUA, CAPACIDADE 6 M3 - MANUTENÇÃO. AF_06/2014","H",36.88]
[55263,"ROLO COMPACTADOR DE PNEUS ESTÁTICO, PRESSÃO VARIÁVEL, POTÊNCIA 111 HP, PESO SEM/COM LASTRO 9,5 / 26 T, LARGURA DE TRABALHO 1,90 M - MATERIAIS NA OPERAÇÃO. AF_07/2014","H",67.2]
[73303,"GRUPO GERADOR ESTACIONÁRIO, MOTOR DIESEL POTÊNCIA 170 KVA - DEPRECIAÇÃO. AF_02/2016","H",7.15]
[73307,"GRUPO GERADOR ESTACIONÁRIO, MOTOR DIESEL POTÊNCIA 170 KVA - MANUTENÇÃO. AF_02/2016","H",6.38]
[73309,"ROLO COMPACTADOR VIBRATÓRIO PÉ DE CARNEIRO PARA SOLOS, POTÊNCIA 80 HP, PESO OPERACIONAL SEM/COM LASTRO 7,4 / 8,8 T, LARGURA DE TRABALHO 1,68 M - DEPRECIAÇÃO. AF_02/2016","H",33.33]
[73311,"GRUPO GERADOR ESTACIONÁRIO, MOTOR DIESEL POTÊNCIA 170 KVA - MATERIAIS NA OPERAÇÃO. AF_02/2016","H",185.76]
[73313,"ROLO COMPACTADOR VIBRATÓRIO PÉ DE CARNEIRO PARA SOLOS, POTÊNCIA 80 HP, PESO OPERACIONAL SEM/COM LASTRO 7,4 / 8,8 T, LARGURA DE TRABALHO 1,68 M - JUROS. AF_02/2016","H",9]
[73315,"ROLO COMPACTADOR VIBRATÓRIO PÉ DE CARNEIRO PARA SOLOS, POTÊNCIA 80 HP, PESO OPERACIONAL SEM/COM LASTRO 7,4 / 8,8 T, LARGURA DE TRABALHO 1,68 M - MATERIAIS NA OPERAÇÃO. AF_02/2016","H",59.59]
[73335,"CAMINHÃO TOCO, PBT 14.300 KG, CARGA ÚTIL MÁX. 9.710 KG, DIST. ENTRE EIXOS 3,56 M, POTÊNCIA 185 CV, INCLUSIVE CARROCERIA FIXA ABERTA DE MADEIRA P/ TRANSPORTE GERAL DE CARGA SECA, DIMEN. APROX. 2,50 X 6,50 X 0,50 M - MANUTENÇÃO. AF_06/2014","H",35.07]
[73340,"CAMINHÃO TOCO, PBT 14.300 KG, CARGA ÚTIL MÁX. 9.710 KG, DIST. ENTRE EIXOS 3,56 M, POTÊNCIA 185 CV, INCLUSIVE CARROCERIA FIXA ABERTA DE MADEIRA P/ TRANSPORTE GERAL DE CARGA SECA, DIMEN. APROX. 2,50 X 6,50 X 0,50 M - MATERIAIS NA OPERAÇÃO. AF_06/2014","H",161.42]
[83361,"ESPARGIDOR DE ASFALTO PRESSURIZADO, TANQUE 6 M3 COM ISOLAÇÃO TÉRMICA, AQUECIDO COM 2 MAÇARICOS, COM BARRA ESPARGIDORA 3,60 M, MONTADO SOBRE CAMINHÃO  TOCO, PBT 14.300 KG, POTÊNCIA 185 CV - MANUTENÇÃO. AF_08/2015","H",42.81]
[83761,"GRUPO DE SOLDAGEM COM GERADOR A DIESEL 60 CV PARA SOLDA ELÉTRICA, SOBRE 04 RODAS, COM MOTOR 4 CILINDROS 600 A - DEPRECIAÇÃO. AF_02/2016","H",9.52]
[83762,"GRUPO DE SOLDAGEM COM GERADOR A DIESEL 60 CV PARA SOLDA ELÉTRICA, SOBRE 04 RODAS, COM MOTOR 4 CILINDROS 600 A - MANUTENÇÃO. AF_02/2016","H",8.5]
[83763,"GRUPO DE SOLDAGEM COM GERADOR A DIESEL 60 CV PARA SOLDA ELÉTRICA, SOBRE 04 RODAS, COM MOTOR 4 CILINDROS 600 A - MATERIAIS NA OPERAÇÃO. AF_02/2016","H",52.35]
[83764,"GRUPO DE SOLDAGEM COM GERADOR A DIESEL 60 CV PARA SOLDA ELÉTRICA, SOBRE 04 RODAS, COM MOTOR 4 CILINDROS 600 A - JUROS. AF_02/2016","H",3.35]
[87026,"GRADE DE DISCO REBOCÁVEL COM 20 DISCOS 24\" X 6 MM COM PNEUS PARA TRANSPORTE - JUROS. AF_06/2014","H",0.69]
[87441,"BETONEIRA CAPACIDADE NOMINAL 400 L, CAPACIDADE DE MISTURA 310 L, MOTOR A DIESEL POTÊNCIA 5,0 CV, SEM CARREGADOR - DEPRECIAÇÃO. AF_05/2023","H",0.47]
[87442,"BETONEIRA CAPACIDADE NOMINAL 400 L, CAPACIDADE DE MISTURA 310 L, MOTOR A DIESEL POTÊNCIA 5,0 CV, SEM CARREGADOR - JUROS. AF_05/2023","H",0.11]
[87443,"BETONEIRA CAPACIDADE NOMINAL 400 L, CAPACIDADE DE MISTURA 310 L, MOTOR A DIESEL POTÊNCIA 5,0 CV, SEM CARREGADOR - MANUTENÇÃO. AF_05/2023","H",0.59]
[87444,"BETONEIRA CAPACIDADE NOMINAL 400 L, CAPACIDADE DE MISTURA 310 L, MOTOR A DIESEL POTÊNCIA 5,0 CV, SEM CARREGADOR - MATERIAIS NA OPERAÇÃO. AF_05/2023","H",4.36]
[88387,"MISTURADOR DE ARGAMASSA, EIXO HORIZONTAL, CAPACIDADE DE MISTURA 300 KG, MOTOR ELÉTRICO POTÊNCIA 5 CV - DEPRECIAÇÃO. AF_05/2023","H",0.93]
[88389,"MISTURADOR DE ARGAMASSA, EIXO HORIZONTAL, CAPACIDADE DE MISTURA 300 KG, MOTOR ELÉTRICO POTÊNCIA 5 CV - JUROS. AF_05/2023","H",0.21]
[88390,"MISTURADOR DE ARGAMASSA, EIXO HORIZONTAL, CAPACIDADE DE MISTURA 300 KG, MOTOR ELÉTRICO POTÊNCIA 5 CV - MANUTENÇÃO. AF_05/2023","H",1.01]
[88391,"MISTURADOR DE ARGAMASSA, EIXO HORIZONTAL, CAPACIDADE DE MISTURA 300 KG, MOTOR ELÉTRICO POTÊNCIA 5 CV - MATERIAIS NA OPERAÇÃO. AF_05/2023","H",3.31]
[88394,"MISTURADOR DE ARGAMASSA, EIXO HORIZONTAL, CAPACIDADE DE MISTURA 600 KG, MOTOR ELÉTRICO POTÊNCIA 7,5 CV - DEPRECIAÇÃO. AF_05/2023","H",1.1]
[88395,"MISTURADOR DE ARGAMASSA, EIXO HORIZONTAL, CAPACIDADE DE MISTURA 600 KG, MOTOR ELÉTRICO POTÊNCIA 7,5 CV - JUROS. AF_05/2023","H",0.25]
[88396,"MISTURADOR DE ARGAMASSA, EIXO HORIZONTAL, CAPACIDADE DE MISTURA 600 KG, MOTOR ELÉTRICO POTÊNCIA 7,5 CV - MANUTENÇÃO. AF_05/2023","H",1.21]
[88397,"MISTURADOR DE ARGAMASSA, EIXO HORIZONTAL, CAPACIDADE DE MISTURA 600 KG, MOTOR ELÉTRICO POTÊNCIA 7,5 CV - MATERIAIS NA OPERAÇÃO. AF_05/2023","H",4.97]
[88400,"MISTURADOR DE ARGAMASSA, EIXO HORIZONTAL, CAPACIDADE DE MISTURA 160 KG, MOTOR ELÉTRICO POTÊNCIA 3 CV - DEPRECIAÇÃO. AF_05/2023","H",0.88]
[88401,"MISTURADOR DE ARGAMASSA, EIXO HORIZONTAL, CAPACIDADE DE MISTURA 160 KG, MOTOR ELÉTRICO POTÊNCIA 3 CV - JUROS. AF_05/2023","H",0.2]
[88402,"MISTURADOR DE ARGAMASSA, EIXO HORIZONTAL, CAPACIDADE DE MISTURA 160 KG, MOTOR ELÉTRICO POTÊNCIA 3 CV - MANUTENÇÃO. AF_05/2023","H",0.96]
[88403,"MISTURADOR DE ARGAMASSA, EIXO HORIZONTAL, CAPACIDADE DE MISTURA 160 KG, MOTOR ELÉTRICO POTÊNCIA 3 CV - MATERIAIS NA OPERAÇÃO. AF_05/2023","H",1.99]
[88419,"PROJETOR DE ARGAMASSA, CAPACIDADE DE PROJEÇÃO 1,5 M3/H, ALCANCE DE 30 ATÉ 60 M, MOTOR ELÉTRICO POTÊNCIA 7,5 HP - DEPRECIAÇÃO. AF_06/2014","H",5.73]
[88422,"PROJETOR DE ARGAMASSA, CAPACIDADE DE PROJEÇÃO 1,5 M3/H, ALCANCE DE 30 ATÉ 60 M, MOTOR ELÉTRICO POTÊNCIA 7,5 HP - JUROS. AF_06/2014","H",1.32]
[88425,"PROJETOR DE ARGAMASSA, CAPACIDADE DE PROJEÇÃO 1,5 M3/H, ALCANCE DE 30 ATÉ 60 M, MOTOR ELÉTRICO POTÊNCIA 7,5 HP - MANUTENÇÃO. AF_06/2014","H",7.17]
[88427,"PROJETOR DE ARGAMASSA, CAPACIDADE DE PROJEÇÃO 1,5 M3/H, ALCANCE DE 30 ATÉ 60 M, MOTOR ELÉTRICO POTÊNCIA 7,5 HP - MATERIAIS NA OPERAÇÃO. AF_06/2014","H",1.12]
[88434,"PROJETOR DE ARGAMASSA, CAPACIDADE DE PROJEÇÃO 2 M3/H, ALCANCE ATÉ 50 M, MOTOR ELÉTRICO POTÊNCIA 7,5 HP - DEPRECIAÇÃO. AF_06/2014","H",7.6]
[88435,"PROJETOR DE ARGAMASSA, CAPACIDADE DE PROJEÇÃO 2 M3/H, ALCANCE ATÉ 50 M, MOTOR ELÉTRICO POTÊNCIA 7,5 HP - JUROS. AF_06/2014","H",1.75]
[88436,"PROJETOR DE ARGAMASSA, CAPACIDADE DE PROJEÇÃO 2 M3/H, ALCANCE ATÉ 50 M, MOTOR ELÉTRICO POTÊNCIA 7,5 HP - MANUTENÇÃO. AF_06/2014","H",9.5]
[88437,"PROJETOR DE ARGAMASSA, CAPACIDADE DE PROJEÇÃO 2 M3/H, ALCANCE ATÉ 50 M, MOTOR ELÉTRICO POTÊNCIA 7,5 HP - MATERIAIS NA OPERAÇÃO. AF_06/2014","H",1.12]
[88569,"ESPARGIDOR DE ASFALTO PRESSURIZADO COM TANQUE DE 2500 L, REBOCÁVEL COM MOTOR A GASOLINA POTÊNCIA 3,4 HP - DEPRECIAÇÃO. AF_07/2014","H",3.71]
[88570,"ESPARGIDOR DE ASFALTO PRESSURIZADO COM TANQUE DE 2500 L, REBOCÁVEL COM MOTOR A GASOLINA POTÊNCIA 3,4 HP - JUROS. AF_07/2014","H",1.28]
[88826,"BETONEIRA CAPACIDADE NOMINAL DE 400 L, CAPACIDADE DE MISTURA 280 L, MOTOR ELÉTRICO TRIFÁSICO POTÊNCIA DE 2 CV, SEM CARREGADOR - DEPRECIAÇÃO. AF_05/2023","H",0.35]
[88827,"BETONEIRA CAPACIDADE NOMINAL DE 400 L, CAPACIDADE DE MISTURA 280 L, MOTOR ELÉTRICO TRIFÁSICO POTÊNCIA DE 2 CV, SEM CARREGADOR - JUROS. AF_05/2023","H",0.08]
[88828,"BETONEIRA CAPACIDADE NOMINAL DE 400 L, CAPACIDADE DE MISTURA 280 L, MOTOR ELÉTRICO TRIFÁSICO POTÊNCIA DE 2 CV, SEM CARREGADOR - MANUTENÇÃO. AF_05/2023","H",0.38]
[88829,"BETONEIRA CAPACIDADE NOMINAL DE 400 L, CAPACIDADE DE MISTURA 280 L, MOTOR ELÉTRICO TRIFÁSICO POTÊNCIA DE 2 CV, SEM CARREGADOR - MATERIAIS NA OPERAÇÃO. AF_05/2023","H",1.32]
[88839,"TRATOR DE ESTEIRAS, POTÊNCIA 125 HP, PESO OPERACIONAL 12,9 T, COM LÂMINA 2,7 M3 - DEPRECIAÇÃO. AF_10/2014","H",35.15]
[88840,"TRATOR DE ESTEIRAS, POTÊNCIA 125 HP, PESO OPERACIONAL 12,9 T, COM LÂMINA 2,7 M3 - JUROS. AF_10/2014","H",15.48]
[88841,"TRATOR DE ESTEIRAS, POTÊNCIA 125 HP, PESO OPERACIONAL 12,9 T, COM LÂMINA 2,7 M3 - MANUTENÇÃO. AF_10/2014","H",62.84]
[88842,"TRATOR DE ESTEIRAS, POTÊNCIA 125 HP, PESO OPERACIONAL 12,9 T, COM LÂMINA 2,7 M3 - MATERIAIS NA OPERAÇÃO. AF_10/2014","H",81.49]
[88847,"USINA DE LAMA ASFÁLTICA, PROD 30 A 50 T/H, SILO DE AGREGADO 7 M3, RESERVATÓRIOS PARA EMULSÃO E ÁGUA DE 2,3 M3 CADA, MISTURADOR TIPO PUG MILL A SER MONTADO SOBRE CAMINHÃO - DEPRECIAÇÃO. AF_10/2014","H",22.82]
[88848,"USINA DE LAMA ASFÁLTICA, PROD 30 A 50 T/H, SILO DE AGREGADO 7 M3, RESERVATÓRIOS PARA EMULSÃO E ÁGUA DE 2,3 M3 CADA, MISTURADOR TIPO PUG MILL A SER MONTADO SOBRE CAMINHÃO - JUROS. AF_10/2014","H",9.38]
[88853,"MOTOBOMBA CENTRÍFUGA, MOTOR A GASOLINA, POTÊNCIA 5,42 HP, BOCAIS 1 1/2\" X 1\", DIÂMETRO ROTOR 143 MM HM/Q = 6 MCA / 16,8 M3/H A 38 MCA / 6,6 M3/H - DEPRECIAÇÃO. AF_06/2014","H",0.22]
[88854,"MOTOBOMBA CENTRÍFUGA, MOTOR A GASOLINA, POTÊNCIA 5,42 HP, BOCAIS 1 1/2\" X 1\", DIÂMETRO ROTOR 143 MM HM/Q = 6 MCA / 16,8 M3/H A 38 MCA / 6,6 M3/H - JUROS. AF_06/2014","H",0.05]
[88855,"GRADE DE DISCO CONTROLE REMOTO REBOCÁVEL, COM 24 DISCOS 24\" X 6 MM COM PNEUS PARA TRANSPORTE - DEPRECIAÇÃO. AF_06/2014","H",3.21]
[88856,"GRADE DE DISCO CONTROLE REMOTO REBOCÁVEL, COM 24 DISCOS 24\" X 6 MM COM PNEUS PARA TRANSPORTE - JUROS. AF_06/2014","H",0.88]
[88857,"RETROESCAVADEIRA SOBRE RODAS COM CARREGADEIRA, TRAÇÃO 4X4, POTÊNCIA LÍQ. 88 HP, CAÇAMBA CARREG. CAP. MÍN. 1 M3, CAÇAMBA RETRO CAP. 0,26 M3, PESO OPERACIONAL MÍN. 6.674 KG, PROFUNDIDADE ESCAVAÇÃO MÁX. 4,37 M - DEPRECIAÇÃO. AF_06/2014","H",25.54]
[88858,"RETROESCAVADEIRA SOBRE RODAS COM CARREGADEIRA, TRAÇÃO 4X4, POTÊNCIA LÍQ. 88 HP, CAÇAMBA CARREG. CAP. MÍN. 1 M3, CAÇAMBA RETRO CAP. 0,26 M3, PESO OPERACIONAL MÍN. 6.674 KG, PROFUNDIDADE ESCAVAÇÃO MÁX. 4,37 M - JUROS. AF_06/2014","H",6.75]
[88859,"RETROESCAVADEIRA SOBRE RODAS COM CARREGADEIRA, TRAÇÃO 4X2, POTÊNCIA LÍQ. 79 HP, CAÇAMBA CARREG. CAP. MÍN. 1 M3, CAÇAMBA RETRO CAP. 0,20 M3, PESO OPERACIONAL MÍN. 6.570 KG, PROFUNDIDADE ESCAVAÇÃO MÁX. 4,37 M - DEPRECIAÇÃO. AF_06/2014","H",22.71]
[88860,"RETROESCAVADEIRA SOBRE RODAS COM CARREGADEIRA, TRAÇÃO 4X2, POTÊNCIA LÍQ. 79 HP, CAÇAMBA CARREG. CAP. MÍN. 1 M3, CAÇAMBA RETRO CAP. 0,20 M3, PESO OPERACIONAL MÍN. 6.570 KG, PROFUNDIDADE ESCAVAÇÃO MÁX. 4,37 M - JUROS. AF_06/2014","H",6]
[88900,"ESCAVADEIRA HIDRÁULICA SOBRE ESTEIRAS, CAÇAMBA 1,20 M3, PESO OPERACIONAL 21 T, POTÊNCIA BRUTA 155 HP - DEPRECIAÇÃO. AF_06/2014","H",52.45]
[88902,"ESCAVADEIRA HIDRÁULICA SOBRE ESTEIRAS, CAÇAMBA 1,20 M3, PESO OPERACIONAL 21 T, POTÊNCIA BRUTA 155 HP - JUROS. AF_06/2014","H",13.86]
[88903,"ESCAVADEIRA HIDRÁULICA SOBRE ESTEIRAS, CAÇAMBA 1,20 M3, PESO OPERACIONAL 21 T, POTÊNCIA BRUTA 155 HP - MANUTENÇÃO. AF_06/2014","H",65.56]
[88904,"ESCAVADEIRA HIDRÁULICA SOBRE ESTEIRAS, CAÇAMBA 1,20 M3, PESO OPERACIONAL 21 T, POTÊNCIA BRUTA 155 HP - MATERIAIS NA OPERAÇÃO. AF_06/2014","H",93.78]
[89009,"TRATOR DE ESTEIRAS, POTÊNCIA 150 HP, PESO OPERACIONAL 16,7 T, COM RODA MOTRIZ ELEVADA E LÂMINA 3,18 M3 - DEPRECIAÇÃO. AF_06/2014","H",43.54]
[89010,"TRATOR DE ESTEIRAS, POTÊNCIA 150 HP, PESO OPERACIONAL 16,7 T, COM RODA MOTRIZ ELEVADA E LÂMINA 3,18 M3 - JUROS. AF_06/2014","H",19.18]
[89011,"RETROESCAVADEIRA SOBRE RODAS COM CARREGADEIRA, TRAÇÃO 4X4, POTÊNCIA LÍQ. 72 HP, CAÇAMBA CARREG. CAP. MÍN. 0,79 M3, CAÇAMBA RETRO CAP. 0,18 M3, PESO OPERACIONAL MÍN. 7.140 KG, PROFUNDIDADE ESCAVAÇÃO MÁX. 4,50 M - DEPRECIAÇÃO. AF_06/2014","H",24.64]
[89012,"RETROESCAVADEIRA SOBRE RODAS COM CARREGADEIRA, TRAÇÃO 4X4, POTÊNCIA LÍQ. 72 HP, CAÇAMBA CARREG. CAP. MÍN. 0,79 M3, CAÇAMBA RETRO CAP. 0,18 M3, PESO OPERACIONAL MÍN. 7.140 KG, PROFUNDIDADE ESCAVAÇÃO MÁX. 4,50 M - JUROS. AF_06/2014","H",6.51]
[89013,"TRATOR DE ESTEIRAS, POTÊNCIA 347 HP, PESO OPERACIONAL 38,5 T, COM LÂMINA 8,70 M3 - DEPRECIAÇÃO. AF_06/2014","H",142.61]
[89014,"TRATOR DE ESTEIRAS, POTÊNCIA 347 HP, PESO OPERACIONAL 38,5 T, COM LÂMINA 8,70 M3 - JUROS. AF_06/2014","H",62.82]
[89015,"VASSOURA MECÂNICA REBOCÁVEL COM ESCOVA CILÍNDRICA, LARGURA ÚTIL DE VARRIMENTO DE 2,44 M - DEPRECIAÇÃO. AF_06/2014","H",3.71]
[89016,"VASSOURA MECÂNICA REBOCÁVEL COM ESCOVA CILÍNDRICA, LARGURA ÚTIL DE VARRIMENTO DE 2,44 M - JUROS. AF_06/2014","H",0.98]
[89017,"TRATOR DE ESTEIRAS, POTÊNCIA 170 HP, PESO OPERACIONAL 19 T, CAÇAMBA 5,2 M3 - DEPRECIAÇÃO. AF_06/2014","H",43.27]
[89018,"TRATOR DE ESTEIRAS, POTÊNCIA 170 HP, PESO OPERACIONAL 19 T, CAÇAMBA 5,2 M3 - JUROS. AF_06/2014","H",19.06]
[89019,"BOMBA SUBMERSÍVEL ELÉTRICA TRIFÁSICA, POTÊNCIA 2,96 HP, Ø ROTOR 144 MM SEMI-ABERTO, BOCAL DE SAÍDA Ø 2\", HM/Q = 2 MCA / 38,8 M3/H A 28 MCA / 5 M3/H - DEPRECIAÇÃO. AF_06/2014","H",0.35]
[89020,"BOMBA SUBMERSÍVEL ELÉTRICA TRIFÁSICA, POTÊNCIA 2,96 HP, Ø ROTOR 144 MM SEMI-ABERTO, BOCAL DE SAÍDA Ø 2\", HM/Q = 2 MCA / 38,8 M3/H A 28 MCA / 5 M3/H - JUROS. AF_06/2014","H",0.08]
[89023,"TANQUE DE ASFALTO ESTACIONÁRIO COM MAÇARICO, CAPACIDADE 20.000 L - DEPRECIAÇÃO. AF_05/2023","H",3.82]
[89024,"TANQUE DE ASFALTO ESTACIONÁRIO COM MAÇARICO, CAPACIDADE 20.000 L - JUROS. AF_05/2023","H",1.32]
[89025,"TANQUE DE ASFALTO ESTACIONÁRIO COM MAÇARICO, CAPACIDADE 20.000 L - MANUTENÇÃO. AF_05/2023","H",4.78]
[89026,"TANQUE DE ASFALTO ESTACIONÁRIO COM MAÇARICO, CAPACIDADE 20.000 L - MATERIAIS NA OPERAÇÃO. AF_05/2023","H",178.3]
[89029,"TRATOR DE ESTEIRAS, POTÊNCIA 100 HP, PESO OPERACIONAL 9,4 T, COM LÂMINA 2,19 M3 - DEPRECIAÇÃO. AF_06/2014","H",33.58]
[89030,"TRATOR DE ESTEIRAS, POTÊNCIA 100 HP, PESO OPERACIONAL 9,4 T, COM LÂMINA 2,19 M3 - JUROS. AF_06/2014","H",14.79]
[89033,"TRATOR DE PNEUS, POTÊNCIA 85 CV, TRAÇÃO 4X4, PESO COM LASTRO DE 4.675 KG - DEPRECIAÇÃO. AF_06/2014","H",14.63]
[89034,"TRATOR DE PNEUS, POTÊNCIA 85 CV, TRAÇÃO 4X4, PESO COM LASTRO DE 4.675 KG - JUROS. AF_06/2014","H",3.92]
[89128,"PÁ CARREGADEIRA SOBRE RODAS, POTÊNCIA LÍQUIDA 128 HP, CAPACIDADE DA CAÇAMBA 1,7 A 2,8 M3, PESO OPERACIONAL 11632 KG - DEPRECIAÇÃO. AF_06/2014","H",37.24]
[89129,"PÁ CARREGADEIRA SOBRE RODAS, POTÊNCIA LÍQUIDA 128 HP, CAPACIDADE DA CAÇAMBA 1,7 A 2,8 M3, PESO OPERACIONAL 11632 KG - JUROS. AF_06/2014","H",9.84]
[89130,"PÁ CARREGADEIRA SOBRE RODAS, POTÊNCIA 197 HP, CAPACIDADE DA CAÇAMBA 2,5 A 3,5 M3, PESO OPERACIONAL 18338 KG - DEPRECIAÇÃO. AF_06/2014","H",51.63]
[89131,"PÁ CARREGADEIRA SOBRE RODAS, POTÊNCIA 197 HP, CAPACIDADE DA CAÇAMBA 2,5 A 3,5 M3, PESO OPERACIONAL 18338 KG - JUROS. AF_06/2014","H",13.64]
[89210,"ROLO COMPACTADOR VIBRATÓRIO DE UM CILINDRO AÇO LISO, POTÊNCIA 80 HP, PESO OPERACIONAL MÁXIMO 8,1 T, IMPACTO DINÂMICO 16,15 / 9,5 T, LARGURA DE TRABALHO 1,68 M - DEPRECIAÇÃO. AF_06/2014","H",32.05]
[89211,"ROLO COMPACTADOR VIBRATÓRIO DE UM CILINDRO AÇO LISO, POTÊNCIA 80 HP, PESO OPERACIONAL MÁXIMO 8,1 T, IMPACTO DINÂMICO 16,15 / 9,5 T, LARGURA DE TRABALHO 1,68 M - JUROS. AF_06/2014","H",8.6]
[89212,"BATE-ESTACAS POR GRAVIDADE, POTÊNCIA DE 160 HP, PESO DO MARTELO ATÉ 3 TONELADAS - DEPRECIAÇÃO. AF_11/2014","H",30]
[89213,"BATE-ESTACAS POR GRAVIDADE, POTÊNCIA DE 160 HP, PESO DO MARTELO ATÉ 3 TONELADAS - JUROS. AF_11/2014","H",9.25]
[89214,"BATE-ESTACAS POR GRAVIDADE, POTÊNCIA DE 160 HP, PESO DO MARTELO ATÉ 3 TONELADAS - MANUTENÇÃO. AF_11/2014","H",28.16]
[89215,"BATE-ESTACAS POR GRAVIDADE, POTÊNCIA DE 160 HP, PESO DO MARTELO ATÉ 3 TONELADAS - MATERIAIS NA OPERAÇÃO. AF_11/2014","H",96.84]
[89221,"BETONEIRA CAPACIDADE NOMINAL DE 600 L, CAPACIDADE DE MISTURA 360 L, MOTOR ELÉTRICO TRIFÁSICO POTÊNCIA DE 4 CV, SEM CARREGADOR - DEPRECIAÇÃO. AF_05/2023","H",1.43]
[89222,"BETONEIRA CAPACIDADE NOMINAL DE 600 L, CAPACIDADE DE MISTURA 360 L, MOTOR ELÉTRICO TRIFÁSICO POTÊNCIA DE 4 CV, SEM CARREGADOR - JUROS. AF_05/2023","H",0.33]
[89223,"BETONEIRA CAPACIDADE NOMINAL DE 600 L, CAPACIDADE DE MISTURA 360 L, MOTOR ELÉTRICO TRIFÁSICO POTÊNCIA DE 4 CV, SEM CARREGADOR - MANUTENÇÃO. AF_05/2023","H",1.56]
[89224,"BETONEIRA CAPACIDADE NOMINAL DE 600 L, CAPACIDADE DE MISTURA 360 L, MOTOR ELÉTRICO TRIFÁSICO POTÊNCIA DE 4 CV, SEM CARREGADOR - MATERIAIS NA OPERAÇÃO. AF_05/2023","H",2.65]
[89228,"MOTONIVELADORA POTÊNCIA BÁSICA LÍQUIDA (PRIMEIRA MARCHA) 125 HP, PESO BRUTO 13032 KG, LARGURA DA LÂMINA DE 3,7 M - DEPRECIAÇÃO. AF_06/2014","H",46.8]
[89229,"MOTONIVELADORA POTÊNCIA BÁSICA LÍQUIDA (PRIMEIRA MARCHA) 125 HP, PESO BRUTO 13032 KG, LARGURA DA LÂMINA DE 3,7 M - JUROS. AF_06/2014","H",16.49]
[89230,"FRESADORA DE ASFALTO A FRIO SOBRE RODAS, LARGURA FRESAGEM DE 1,0 M, POTÊNCIA 208 HP - DEPRECIAÇÃO. AF_11/2014","H",120.11]
[89231,"FRESADORA DE ASFALTO A FRIO SOBRE RODAS, LARGURA FRESAGEM DE 1,0 M, POTÊNCIA 208 HP - JUROS. AF_11/2014","H",36.78]
[89232,"FRESADORA DE ASFALTO A FRIO SOBRE RODAS, LARGURA FRESAGEM DE 1,0 M, POTÊNCIA 208 HP - MANUTENÇÃO. AF_11/2014","H",214.25]
[89233,"FRESADORA DE ASFALTO A FRIO SOBRE RODAS, LARGURA FRESAGEM DE 1,0 M, POTÊNCIA 208 HP - MATERIAIS NA OPERAÇÃO. AF_11/2014","H",174.28]
[89236,"FRESADORA DE ASFALTO A FRIO SOBRE RODAS, LARGURA FRESAGEM DE 2,0 M, POTÊNCIA 550 HP - DEPRECIAÇÃO. AF_11/2014","H",280.58]
[89237,"FRESADORA DE ASFALTO A FRIO SOBRE RODAS, LARGURA FRESAGEM DE 2,0 M, POTÊNCIA 550 HP - JUROS. AF_11/2014","H",85.91]
[89238,"FRESADORA DE ASFALTO A FRIO SOBRE RODAS, LARGURA FRESAGEM DE 2,0 M, POTÊNCIA 550 HP - MANUTENÇÃO. AF_11/2014","H",500.48]
[89239,"FRESADORA DE ASFALTO A FRIO SOBRE RODAS, LARGURA FRESAGEM DE 2,0 M, POTÊNCIA 550 HP - MATERIAIS NA OPERAÇÃO. AF_11/2014","H",460.88]
[89240,"VIBROACABADORA DE ASFALTO SOBRE ESTEIRAS, LARGURA DE PAVIMENTAÇÃO 1,90 M A 5,30 M, POTÊNCIA 105 HP CAPACIDADE 450 T/H - DEPRECIAÇÃO. AF_11/2014","H",86.11]
[89241,"VIBROACABADORA DE ASFALTO SOBRE ESTEIRAS, LARGURA DE PAVIMENTAÇÃO 1,90 M A 5,30 M, POTÊNCIA 105 HP CAPACIDADE 450 T/H - JUROS. AF_11/2014","H",30.35]
[89246,"RECICLADORA DE ASFALTO A FRIO SOBRE RODAS, LARGURA FRESAGEM DE 2,0 M, POTÊNCIA 422 HP - DEPRECIAÇÃO. AF_11/2014","H",243.81]
[89247,"RECICLADORA DE ASFALTO A FRIO SOBRE RODAS, LARGURA FRESAGEM DE 2,0 M, POTÊNCIA 422 HP - JUROS. AF_11/2014","H",74.65]
[89248,"RECICLADORA DE ASFALTO A FRIO SOBRE RODAS, LARGURA FRESAGEM DE 2,0 M, POTÊNCIA 422 HP - MANUTENÇÃO. AF_11/2014","H",434.89]
[89249,"RECICLADORA DE ASFALTO A FRIO SOBRE RODAS, LARGURA FRESAGEM DE 2,0 M, POTÊNCIA 422 HP - MATERIAIS NA OPERAÇÃO. AF_11/2014","H",392.87]
[89253,"VIBROACABADORA DE ASFALTO SOBRE ESTEIRAS, LARGURA DE PAVIMENTAÇÃO 2,13 M A 4,55 M, POTÊNCIA 100 HP, CAPACIDADE 400 T/H - DEPRECIAÇÃO. AF_11/2014","H",70.56]
[89254,"VIBROACABADORA DE ASFALTO SOBRE ESTEIRAS, LARGURA DE PAVIMENTAÇÃO 2,13 M A 4,55 M, POTÊNCIA 100 HP, CAPACIDADE 400 T/H - JUROS. AF_11/2014","H",24.87]
[89255,"VIBROACABADORA DE ASFALTO SOBRE ESTEIRAS, LARGURA DE PAVIMENTAÇÃO 2,13 M A 4,55 M, POTÊNCIA 100 HP, CAPACIDADE 400 T/H - MANUTENÇÃO. AF_11/2014","H",113.43]
[89256,"VIBROACABADORA DE ASFALTO SOBRE ESTEIRAS, LARGURA DE PAVIMENTAÇÃO 2,13 M A 4,55 M, POTÊNCIA 100 HP, CAPACIDADE 400 T/H - MATERIAIS NA OPERAÇÃO. AF_11/2014","H",88.42]
[89259,"GUINDAUTO HIDRÁULICO, CAPACIDADE MÁXIMA DE CARGA 6200 KG, MOMENTO MÁXIMO DE CARGA 11,7 TM, ALCANCE MÁXIMO HORIZONTAL 9,70 M, INCLUSIVE CAMINHÃO TOCO PBT 16.000 KG, POTÊNCIA DE 189 CV - DEPRECIAÇÃO. AF_06/2014","H",27.32]
[89260,"GUINDAUTO HIDRÁULICO, CAPACIDADE MÁXIMA DE CARGA 6200 KG, MOMENTO MÁXIMO DE CARGA 11,7 TM, ALCANCE MÁXIMO HORIZONTAL 9,70 M, INCLUSIVE CAMINHÃO TOCO PBT 16.000 KG, POTÊNCIA DE 189 CV - JUROS. AF_06/2014","H",10.03]
[89262,"GUINDAUTO HIDRÁULICO, CAPACIDADE MÁXIMA DE CARGA 6200 KG, MOMENTO MÁXIMO DE CARGA 11,7 TM, ALCANCE MÁXIMO HORIZONTAL 9,70 M, INCLUSIVE CAMINHÃO TOCO PBT 16.000 KG, POTÊNCIA DE 189 CV - MANUTENÇÃO. AF_06/2014","H",46.24]
[89264,"CAMINHÃO TOCO, PBT 16.000 KG, CARGA ÚTIL MÁX. 10.685 KG, DIST. ENTRE EIXOS 4,8 M, POTÊNCIA 189 CV, INCLUSIVE CARROCERIA FIXA ABERTA DE MADEIRA P/ TRANSPORTE GERAL DE CARGA SECA, DIMEN. APROX. 2,5 X 7,00 X 0,50 M - DEPRECIAÇÃO. AF_06/2014","H",21.1]
[89265,"CAMINHÃO TOCO, PBT 16.000 KG, CARGA ÚTIL MÁX. 10.685 KG, DIST. ENTRE EIXOS 4,8 M, POTÊNCIA 189 CV, INCLUSIVE CARROCERIA FIXA ABERTA DE MADEIRA P/ TRANSPORTE GERAL DE CARGA SECA, DIMEN. APROX. 2,5 X 7,00 X 0,50 M - JUROS. AF_06/2014","H",8.41]
[89266,"CAMINHÃO TOCO, PBT 16.000 KG, CARGA ÚTIL MÁX. 10.685 KG, DIST. ENTRE EIXOS 4,8 M, POTÊNCIA 189 CV, INCLUSIVE CARROCERIA FIXA ABERTA DE MADEIRA P/ TRANSPORTE GERAL DE CARGA SECA, DIMEN. APROX. 2,5 X 7,00 X 0,50 M - IMPOSTOS E SEGUROS. AF_06/2014","H",3.39]
[89267,"GUINDASTE HIDRÁULICO AUTOPROPELIDO, COM LANÇA TELESCÓPICA 28,80 M, CAPACIDADE MÁXIMA 30 T, POTÊNCIA 97 KW, TRAÇÃO 4 X 4 - DEPRECIAÇÃO. AF_11/2014","H",52.21]
[89268,"GUINDASTE HIDRÁULICO AUTOPROPELIDO, COM LANÇA TELESCÓPICA 28,80 M, CAPACIDADE MÁXIMA 30 T, POTÊNCIA 97 KW, TRAÇÃO 4 X 4 - JUROS. AF_11/2014","H",18.4]
[89269,"GUINDASTE HIDRÁULICO AUTOPROPELIDO, COM LANÇA TELESCÓPICA 28,80 M, CAPACIDADE MÁXIMA 30 T, POTÊNCIA 97 KW, TRAÇÃO 4 X 4 - IMPOSTOS E SEGUROS. AF_11/2014","H",7.44]
[89270,"GUINDASTE HIDRÁULICO AUTOPROPELIDO, COM LANÇA TELESCÓPICA 28,80 M, CAPACIDADE MÁXIMA 30 T, POTÊNCIA 97 KW, TRAÇÃO 4 X 4 - MANUTENÇÃO. AF_11/2014","H",83.94]
[89271,"GUINDASTE HIDRÁULICO AUTOPROPELIDO, COM LANÇA TELESCÓPICA 28,80 M, CAPACIDADE MÁXIMA 30 T, POTÊNCIA 97 KW, TRAÇÃO 4 X 4 - MATERIAIS NA OPERAÇÃO. AF_11/2014","H",30.26]
[89274,"BETONEIRA CAPACIDADE NOMINAL DE 600 L, CAPACIDADE DE MISTURA 440 L, MOTOR A DIESEL POTÊNCIA 10 CV, COM CARREGADOR - DEPRECIAÇÃO. AF_05/2023","H",1.73]
[89275,"BETONEIRA CAPACIDADE NOMINAL DE 600 L, CAPACIDADE DE MISTURA 440 L, MOTOR A DIESEL POTÊNCIA 10 CV, COM CARREGADOR - JUROS. AF_05/2023","H",0.4]
[89276,"BETONEIRA CAPACIDADE NOMINAL DE 600 L, CAPACIDADE DE MISTURA 440 L, MOTOR A DIESEL POTÊNCIA 10 CV, COM CARREGADOR - MANUTENÇÃO. AF_05/2023","H",2.17]
[89277,"BETONEIRA CAPACIDADE NOMINAL DE 600 L, CAPACIDADE DE MISTURA 440 L, MOTOR A DIESEL POTÊNCIA 10 CV, COM CARREGADOR - MATERIAIS NA OPERAÇÃO. AF_05/2023","H",8.73]
[89280,"ROLO COMPACTADOR VIBRATÓRIO TANDEM AÇO LISO, POTÊNCIA 58 HP, PESO SEM/COM LASTRO 6,5 / 9,4 T, LARGURA DE TRABALHO 1,2 M - DEPRECIAÇÃO. AF_06/2014","H",39.36]
[89281,"ROLO COMPACTADOR VIBRATÓRIO TANDEM AÇO LISO, POTÊNCIA 58 HP, PESO SEM/COM LASTRO 6,5 / 9,4 T, LARGURA DE TRABALHO 1,2 M - JUROS. AF_06/2014","H",10.56]
[89870,"CAMINHÃO BASCULANTE 14 M3, COM CAVALO MECÂNICO DE CAPACIDADE MÁXIMA DE TRAÇÃO COMBINADO DE 36000 KG, POTÊNCIA 286 CV, INCLUSIVE SEMIREBOQUE COM CAÇAMBA METÁLICA - DEPRECIAÇÃO. AF_12/2014","H",40.21]
[89871,"CAMINHÃO BASCULANTE 14 M3, COM CAVALO MECÂNICO DE CAPACIDADE MÁXIMA DE TRAÇÃO COMBINADO DE 36000 KG, POTÊNCIA 286 CV, INCLUSIVE SEMIREBOQUE COM CAÇAMBA METÁLICA - JUROS. AF_12/2014","H",14.15]
[89872,"CAMINHÃO BASCULANTE 14 M3, COM CAVALO MECÂNICO DE CAPACIDADE MÁXIMA DE TRAÇÃO COMBINADO DE 36000 KG, POTÊNCIA 286 CV, INCLUSIVE SEMIREBOQUE COM CAÇAMBA METÁLICA - IMPOSTOS E SEGUROS. AF_12/2014","H",5.72]
[89873,"CAMINHÃO BASCULANTE 14 M3, COM CAVALO MECÂNICO DE CAPACIDADE MÁXIMA DE TRAÇÃO COMBINADO DE 36000 KG, POTÊNCIA 286 CV, INCLUSIVE SEMIREBOQUE COM CAÇAMBA METÁLICA - MANUTENÇÃO. AF_12/2014","H",68.82]
[89874,"CAMINHÃO BASCULANTE 14 M3, COM CAVALO MECÂNICO DE CAPACIDADE MÁXIMA DE TRAÇÃO COMBINADO DE 36000 KG, POTÊNCIA 286 CV, INCLUSIVE SEMIREBOQUE COM CAÇAMBA METÁLICA - MATERIAIS NA OPERAÇÃO. AF_12/2014","H",183.89]
[89878,"CAMINHÃO BASCULANTE 18 M3, COM CAVALO MECÂNICO DE CAPACIDADE MÁXIMA DE TRAÇÃO COMBINADO DE 45000 KG, POTÊNCIA 330 CV, INCLUSIVE SEMIREBOQUE COM CAÇAMBA METÁLICA - DEPRECIAÇÃO. AF_12/2014","H",43.03]
[89879,"CAMINHÃO BASCULANTE 18 M3, COM CAVALO MECÂNICO DE CAPACIDADE MÁXIMA DE TRAÇÃO COMBINADO DE 45000 KG, POTÊNCIA 330 CV, INCLUSIVE SEMIREBOQUE COM CAÇAMBA METÁLICA - JUROS. AF_12/2014","H",14.89]
[89880,"CAMINHÃO BASCULANTE 18 M3, COM CAVALO MECÂNICO DE CAPACIDADE MÁXIMA DE TRAÇÃO COMBINADO DE 45000 KG, POTÊNCIA 330 CV, INCLUSIVE SEMIREBOQUE COM CAÇAMBA METÁLICA - IMPOSTOS E SEGUROS. AF_12/2014","H",6.01]
[89881,"CAMINHÃO BASCULANTE 18 M3, COM CAVALO MECÂNICO DE CAPACIDADE MÁXIMA DE TRAÇÃO COMBINADO DE 45000 KG, POTÊNCIA 330 CV, INCLUSIVE SEMIREBOQUE COM CAÇAMBA METÁLICA - MANUTENÇÃO. AF_12/2014","H",72.93]
[89882,"CAMINHÃO BASCULANTE 18 M3, COM CAVALO MECÂNICO DE CAPACIDADE MÁXIMA DE TRAÇÃO COMBINADO DE 45000 KG, POTÊNCIA 330 CV, INCLUSIVE SEMIREBOQUE COM CAÇAMBA METÁLICA - MATERIAIS NA OPERAÇÃO. AF_12/2014","H",212.16]
[90582,"VIBRADOR DE IMERSÃO, DIÂMETRO DE PONTEIRA 45MM, MOTOR ELÉTRICO TRIFÁSICO POTÊNCIA DE 2 CV - DEPRECIAÇÃO. AF_06/2015","H",0.43]
[90583,"VIBRADOR DE IMERSÃO, DIÂMETRO DE PONTEIRA 45MM, MOTOR ELÉTRICO TRIFÁSICO POTÊNCIA DE 2 CV - JUROS. AF_06/2015","H",0.1]
[90584,"VIBRADOR DE IMERSÃO, DIÂMETRO DE PONTEIRA 45MM, MOTOR ELÉTRICO TRIFÁSICO POTÊNCIA DE 2 CV - MANUTENÇÃO. AF_06/2015","H",0.33]
[90585,"VIBRADOR DE IMERSÃO, DIÂMETRO DE PONTEIRA 45MM, MOTOR ELÉTRICO TRIFÁSICO POTÊNCIA DE 2 CV - MATERIAIS NA OPERAÇÃO. AF_06/2015","H",0.55]
[90621,"PERFURATRIZ MANUAL, TORQUE MÁXIMO 83 N.M, POTÊNCIA 5 CV, COM DIÂMETRO MÁXIMO 4\" - DEPRECIAÇÃO. AF_06/2015","H",2.61]
[90622,"PERFURATRIZ MANUAL, TORQUE MÁXIMO 83 N.M, POTÊNCIA 5 CV, COM DIÂMETRO MÁXIMO 4\" - JUROS. AF_06/2015","H",0.6]
[90623,"PERFURATRIZ MANUAL, TORQUE MÁXIMO 83 N.M, POTÊNCIA 5 CV, COM DIÂMETRO MÁXIMO 4\" - MANUTENÇÃO. AF_06/2015","H",3.26]
[90624,"PERFURATRIZ MANUAL, TORQUE MÁXIMO 83 N.M, POTÊNCIA 5 CV, COM DIÂMETRO MÁXIMO 4\" - MATERIAIS NA OPERAÇÃO. AF_06/2015","H",3.31]
[90627,"PERFURATRIZ SOBRE ESTEIRA, TORQUE MÁXIMO 600 KGF, PESO MÉDIO 1000 KG, POTÊNCIA 20 HP, DIÂMETRO MÁXIMO 10\" - DEPRECIAÇÃO. AF_06/2015","H",52.86]
[90628,"PERFURATRIZ SOBRE ESTEIRA, TORQUE MÁXIMO 600 KGF, PESO MÉDIO 1000 KG, POTÊNCIA 20 HP, DIÂMETRO MÁXIMO 10\" - JUROS. AF_06/2015","H",14.18]
[90629,"PERFURATRIZ SOBRE ESTEIRA, TORQUE MÁXIMO 600 KGF, PESO MÉDIO 1000 KG, POTÊNCIA 20 HP, DIÂMETRO MÁXIMO 10\" - MANUTENÇÃO. AF_06/2015","H",66.15]
[90630,"PERFURATRIZ SOBRE ESTEIRA, TORQUE MÁXIMO 600 KGF, PESO MÉDIO 1000 KG, POTÊNCIA 20 HP, DIÂMETRO MÁXIMO 10\" - MATERIAIS NA OPERAÇÃO. AF_06/2015","H",1.57]
[90633,"MISTURADOR DUPLO HORIZONTAL DE ALTA TURBULÊNCIA, CAPACIDADE / VOLUME 2 X 500 LITROS, MOTORES ELÉTRICOS MÍNIMO 5 CV CADA, PARA NATA CIMENTO, ARGAMASSA E OUTROS - DEPRECIAÇÃO. AF_06/2015","H",4.41]
[90634,"MISTURADOR DUPLO HORIZONTAL DE ALTA TURBULÊNCIA, CAPACIDADE / VOLUME 2 X 500 LITROS, MOTORES ELÉTRICOS MÍNIMO 5 CV CADA, PARA NATA CIMENTO, ARGAMASSA E OUTROS - JUROS. AF_06/2015","H",1.02]
[90635,"MISTURADOR DUPLO HORIZONTAL DE ALTA TURBULÊNCIA, CAPACIDADE / VOLUME 2 X 500 LITROS, MOTORES ELÉTRICOS MÍNIMO 5 CV CADA, PARA NATA CIMENTO, ARGAMASSA E OUTROS - MANUTENÇÃO. AF_06/2015","H",4.82]
[90636,"MISTURADOR DUPLO HORIZONTAL DE ALTA TURBULÊNCIA, CAPACIDADE / VOLUME 2 X 500 LITROS, MOTORES ELÉTRICOS MÍNIMO 5 CV CADA, PARA NATA CIMENTO, ARGAMASSA E OUTROS - MATERIAIS NA OPERAÇÃO. AF_06/2015","H",6.63]
[90639,"BOMBA TRIPLEX, PARA INJEÇÃO DE NATA DE CIMENTO, VAZÃO MÁXIMA DE 100 LITROS/MINUTO, PRESSÃO MÁXIMA DE 70 BAR - DEPRECIAÇÃO. AF_06/2015","H",6.58]
[90640,"BOMBA TRIPLEX, PARA INJEÇÃO DE NATA DE CIMENTO, VAZÃO MÁXIMA DE 100 LITROS/MINUTO, PRESSÃO MÁXIMA DE 70 BAR - JUROS. AF_06/2015","H",1.52]
[90641,"BOMBA TRIPLEX, PARA INJEÇÃO DE NATA DE CIMENTO, VAZÃO MÁXIMA DE 100 LITROS/MINUTO, PRESSÃO MÁXIMA DE 70 BAR - MANUTENÇÃO. AF_06/2015","H",7.2]
[90642,"BOMBA TRIPLEX, PARA INJEÇÃO DE NATA DE CIMENTO, VAZÃO MÁXIMA DE 100 LITROS/MINUTO, PRESSÃO MÁXIMA DE 70 BAR - MATERIAIS NA OPERAÇÃO. AF_06/2015","H",13.1]
[90646,"BOMBA CENTRÍFUGA MONOESTÁGIO COM MOTOR ELÉTRICO MONOFÁSICO, POTÊNCIA 15 HP, DIÂMETRO DO ROTOR 173 MM, HM/Q = 30 MCA / 90 M3/H A 45 MCA / 55 M3/H - DEPRECIAÇÃO. AF_06/2015","H",0.79]
[90647,"BOMBA CENTRÍFUGA MONOESTÁGIO COM MOTOR ELÉTRICO MONOFÁSICO, POTÊNCIA 15 HP, DIÂMETRO DO ROTOR 173 MM, HM/Q = 30 MCA / 90 M3/H A 45 MCA / 55 M3/H - JUROS. AF_06/2015","H",0.18]
[90648,"BOMBA CENTRÍFUGA MONOESTÁGIO COM MOTOR ELÉTRICO MONOFÁSICO, POTÊNCIA 15 HP, DIÂMETRO DO ROTOR 173 MM, HM/Q = 30 MCA / 90 M3/H A 45 MCA / 55 M3/H - MANUTENÇÃO. AF_06/2015","H",0.86]
[90649,"BOMBA CENTRÍFUGA MONOESTÁGIO COM MOTOR ELÉTRICO MONOFÁSICO, POTÊNCIA 15 HP, DIÂMETRO DO ROTOR 173 MM, HM/Q = 30 MCA / 90 M3/H A 45 MCA / 55 M3/H - MATERIAIS NA OPERAÇÃO. AF_06/2015","H",10.27]
[90652,"BOMBA DE PROJEÇÃO DE CONCRETO SECO, POTÊNCIA 10 CV, VAZÃO 3 M3/H - DEPRECIAÇÃO. AF_06/2015","H",4.28]
[90653,"BOMBA DE PROJEÇÃO DE CONCRETO SECO, POTÊNCIA 10 CV, VAZÃO 3 M3/H - JUROS. AF_06/2015","H",0.99]
[90654,"BOMBA DE PROJEÇÃO DE CONCRETO SECO, POTÊNCIA 10 CV, VAZÃO 3 M3/H - MANUTENÇÃO. AF_06/2015","H",4.69]
[90655,"BOMBA DE PROJEÇÃO DE CONCRETO SECO, POTÊNCIA 10 CV, VAZÃO 3 M3/H - MATERIAIS NA OPERAÇÃO. AF_06/2015","H",6.76]
[90658,"BOMBA DE PROJEÇÃO DE CONCRETO SECO, POTÊNCIA 10 CV, VAZÃO 6 M3/H - DEPRECIAÇÃO. AF_06/2015","H",4.59]
[90659,"BOMBA DE PROJEÇÃO DE CONCRETO SECO, POTÊNCIA 10 CV, VAZÃO 6 M3/H - JUROS. AF_06/2015","H",1.06]
[90660,"BOMBA DE PROJEÇÃO DE CONCRETO SECO, POTÊNCIA 10 CV, VAZÃO 6 M3/H - MANUTENÇÃO. AF_06/2015","H",5.02]
[90661,"BOMBA DE PROJEÇÃO DE CONCRETO SECO, POTÊNCIA 10 CV, VAZÃO 6 M3/H - MATERIAIS NA OPERAÇÃO. AF_06/2015","H",6.76]
[90664,"PROJETOR PNEUMÁTICO DE ARGAMASSA PARA CHAPISCO E REBOCO COM RECIPIENTE ACOPLADO, TIPO CANEQUINHA, COM COMPRESSOR DE AR REBOCÁVEL VAZÃO 89 PCM E MOTOR DIESEL DE 20 CV - DEPRECIAÇÃO. AF_05/2023","H",7.14]
[90665,"PROJETOR PNEUMÁTICO DE ARGAMASSA PARA CHAPISCO E REBOCO COM RECIPIENTE ACOPLADO, TIPO CANEQUINHA, COM COMPRESSOR DE AR REBOCÁVEL VAZÃO 89 PCM E MOTOR DIESEL DE 20 CV - JUROS. AF_05/2023","H",1.9]
[90666,"PROJETOR PNEUMÁTICO DE ARGAMASSA PARA CHAPISCO E REBOCO COM RECIPIENTE ACOPLADO, TIPO CANEQUINHA, COM COMPRESSOR DE AR REBOCÁVEL VAZÃO 89 PCM E MOTOR DIESEL DE 20 CV - MANUTENÇÃO. AF_05/2023","H",8.94]
[90667,"PROJETOR PNEUMÁTICO DE ARGAMASSA PARA CHAPISCO E REBOCO COM RECIPIENTE ACOPLADO, TIPO CANEQUINHA, COM COMPRESSOR DE AR REBOCÁVEL VAZÃO 89 PCM E MOTOR DIESEL DE 20 CV - MATERIAIS NA OPERAÇÃO. AF_05/2023","H",15.6]
[90670,"PERFURATRIZ COM TORRE METÁLICA PARA EXECUÇÃO DE ESTACA HÉLICE CONTÍNUA, PROFUNDIDADE MÁXIMA DE 30 M, DIÂMETRO MÁXIMO DE 800 MM, POTÊNCIA INSTALADA DE 268 HP, MESA ROTATIVA COM TORQUE MÁXIMO DE 170 KNM - DEPRECIAÇÃO. AF_06/2015","H",238.49]
[90671,"PERFURATRIZ COM TORRE METÁLICA PARA EXECUÇÃO DE ESTACA HÉLICE CONTÍNUA, PROFUNDIDADE MÁXIMA DE 30 M, DIÂMETRO MÁXIMO DE 800 MM, POTÊNCIA INSTALADA DE 268 HP, MESA ROTATIVA COM TORQUE MÁXIMO DE 170 KNM - JUROS. AF_06/2015","H",63.98]
[90672,"PERFURATRIZ COM TORRE METÁLICA PARA EXECUÇÃO DE ESTACA HÉLICE CONTÍNUA, PROFUNDIDADE MÁXIMA DE 30 M, DIÂMETRO MÁXIMO DE 800 MM, POTÊNCIA INSTALADA DE 268 HP, MESA ROTATIVA COM TORQUE MÁXIMO DE 170 KNM - MANUTENÇÃO. AF_06/2015","H",298.45]
[90673,"PERFURATRIZ COM TORRE METÁLICA PARA EXECUÇÃO DE ESTACA HÉLICE CONTÍNUA, PROFUNDIDADE MÁXIMA DE 30 M, DIÂMETRO MÁXIMO DE 800 MM, POTÊNCIA INSTALADA DE 268 HP, MESA ROTATIVA COM TORQUE MÁXIMO DE 170 KNM - MATERIAIS NA OPERAÇÃO. AF_06/2015","H",124.73]
[90676,"PERFURATRIZ HIDRÁULICA SOBRE CAMINHÃO COM TRADO CURTO ACOPLADO, PROFUNDIDADE MÁXIMA DE 20 M, DIÂMETRO MÁXIMO DE 1500 MM, POTÊNCIA INSTALADA DE 137 HP, MESA ROTATIVA COM TORQUE MÁXIMO DE 30 KNM - DEPRECIAÇÃO. AF_06/2015","H",97.51]
[90677,"PERFURATRIZ HIDRÁULICA SOBRE CAMINHÃO COM TRADO CURTO ACOPLADO, PROFUNDIDADE MÁXIMA DE 20 M, DIÂMETRO MÁXIMO DE 1500 MM, POTÊNCIA INSTALADA DE 137 HP, MESA ROTATIVA COM TORQUE MÁXIMO DE 30 KNM - JUROS. AF_06/2015","H",29.47]
[90678,"PERFURATRIZ HIDRÁULICA SOBRE CAMINHÃO COM TRADO CURTO ACOPLADO, PROFUNDIDADE MÁXIMA DE 20 M, DIÂMETRO MÁXIMO DE 1500 MM, POTÊNCIA INSTALADA DE 137 HP, MESA ROTATIVA COM TORQUE MÁXIMO DE 30 KNM - MANUTENÇÃO. AF_06/2015","H",136.45]
[90679,"PERFURATRIZ HIDRÁULICA SOBRE CAMINHÃO COM TRADO CURTO ACOPLADO, PROFUNDIDADE MÁXIMA DE 20 M, DIÂMETRO MÁXIMO DE 1500 MM, POTÊNCIA INSTALADA DE 137 HP, MESA ROTATIVA COM TORQUE MÁXIMO DE 30 KNM - MATERIAIS NA OPERAÇÃO. AF_06/2015","H",95.65]
[90682,"MANIPULADOR TELESCÓPICO, POTÊNCIA DE 85 HP, CAPACIDADE DE CARGA DE 3.500 KG, ALTURA MÁXIMA DE ELEVAÇÃO DE 12,3 M - DEPRECIAÇÃO. AF_05/2023","H",39.46]
[90683,"MANIPULADOR TELESCÓPICO, POTÊNCIA DE 85 HP, CAPACIDADE DE CARGA DE 3.500 KG, ALTURA MÁXIMA DE ELEVAÇÃO DE 12,3 M - JUROS. AF_05/2023","H",9.12]
[90684,"MANIPULADOR TELESCÓPICO, POTÊNCIA DE 85 HP, CAPACIDADE DE CARGA DE 3.500 KG, ALTURA MÁXIMA DE ELEVAÇÃO DE 12,3 M - MANUTENÇÃO. AF_05/2023","H",43.16]
[90685,"MANIPULADOR TELESCÓPICO, POTÊNCIA DE 85 HP, CAPACIDADE DE CARGA DE 3.500 KG, ALTURA MÁXIMA DE ELEVAÇÃO DE 12,3 M - MATERIAIS NA OPERAÇÃO. AF_05/2023","H",59.34]
[90688,"MINICARREGADEIRA SOBRE RODAS, POTÊNCIA LÍQUIDA DE 47 HP, CAPACIDADE NOMINAL DE OPERAÇÃO DE 646 KG - DEPRECIAÇÃO. AF_06/2015","H",28.8]
[90689,"MINICARREGADEIRA SOBRE RODAS, POTÊNCIA LÍQUIDA DE 47 HP, CAPACIDADE NOMINAL DE OPERAÇÃO DE 646 KG - JUROS. AF_06/2015","H",5.68]
[90690,"MINICARREGADEIRA SOBRE RODAS, POTÊNCIA LÍQUIDA DE 47 HP, CAPACIDADE NOMINAL DE OPERAÇÃO DE 646 KG - MANUTENÇÃO. AF_06/2015","H",36]
[90691,"MINICARREGADEIRA SOBRE RODAS, POTÊNCIA LÍQUIDA DE 47 HP, CAPACIDADE NOMINAL DE OPERAÇÃO DE 646 KG - MATERIAIS NA OPERAÇÃO. AF_06/2015","H",41.55]
[90957,"COMPRESSOR DE AR REBOCÁVEL, VAZÃO 189 PCM, PRESSÃO EFETIVA DE TRABALHO 102 PSI, MOTOR DIESEL, POTÊNCIA 63 CV - DEPRECIAÇÃO. AF_06/2015","H",5.32]
[90958,"COMPRESSOR DE AR REBOCÁVEL, VAZÃO 189 PCM, PRESSÃO EFETIVA DE TRABALHO 102 PSI, MOTOR DIESEL, POTÊNCIA 63 CV - JUROS. AF_06/2015","H",1.42]
[90960,"COMPRESSOR DE AR REBOCÁVEL, VAZÃO 89 PCM, PRESSÃO EFETIVA DE TRABALHO 102 PSI, MOTOR DIESEL, POTÊNCIA 20 CV - DEPRECIAÇÃO. AF_06/2015","H",7.1]
[90961,"COMPRESSOR DE AR REBOCÁVEL, VAZÃO 89 PCM, PRESSÃO EFETIVA DE TRABALHO 102 PSI, MOTOR DIESEL, POTÊNCIA 20 CV - JUROS. AF_06/2015","H",1.9]
[90962,"COMPRESSOR DE AR REBOCÁVEL, VAZÃO 89 PCM, PRESSÃO EFETIVA DE TRABALHO 102 PSI, MOTOR DIESEL, POTÊNCIA 20 CV - MANUTENÇÃO. AF_06/2015","H",8.89]
[90963,"COMPRESSOR DE AR REBOCÁVEL, VAZÃO 89 PCM, PRESSÃO EFETIVA DE TRABALHO 102 PSI, MOTOR DIESEL, POTÊNCIA 20 CV - MATERIAIS NA OPERAÇÃO. AF_06/2015","H",15.6]
[90968,"COMPRESSOR DE AR REBOCAVEL, VAZÃO 250 PCM, PRESSAO DE TRABALHO 102 PSI, MOTOR A DIESEL POTÊNCIA 81 CV - DEPRECIAÇÃO. AF_06/2015","H",7.12]
[90969,"COMPRESSOR DE AR REBOCAVEL, VAZÃO 250 PCM, PRESSAO DE TRABALHO 102 PSI, MOTOR A DIESEL POTÊNCIA 81 CV - JUROS. AF_06/2015","H",1.91]
[90970,"COMPRESSOR DE AR REBOCAVEL, VAZÃO 250 PCM, PRESSAO DE TRABALHO 102 PSI, MOTOR A DIESEL POTÊNCIA 81 CV - MANUTENÇÃO. AF_06/2015","H",8.91]
[90971,"COMPRESSOR DE AR REBOCAVEL, VAZÃO 250 PCM, PRESSAO DE TRABALHO 102 PSI, MOTOR A DIESEL POTÊNCIA 81 CV - MATERIAIS NA OPERAÇÃO. AF_06/2015","H",63.21]
[90975,"COMPRESSOR DE AR REBOCÁVEL, VAZÃO 748 PCM, PRESSÃO EFETIVA DE TRABALHO 102 PSI, MOTOR DIESEL, POTÊNCIA 210 CV - DEPRECIAÇÃO. AF_06/2015","H",18.09]
[90976,"COMPRESSOR DE AR REBOCÁVEL, VAZÃO 748 PCM, PRESSÃO EFETIVA DE TRABALHO 102 PSI, MOTOR DIESEL, POTÊNCIA 210 CV - JUROS. AF_06/2015","H",4.85]
[90977,"COMPRESSOR DE AR REBOCÁVEL, VAZÃO 748 PCM, PRESSÃO EFETIVA DE TRABALHO 102 PSI, MOTOR DIESEL, POTÊNCIA 210 CV - MANUTENÇÃO. AF_06/2015","H",22.63]
[90978,"COMPRESSOR DE AR REBOCÁVEL, VAZÃO 748 PCM, PRESSÃO EFETIVA DE TRABALHO 102 PSI, MOTOR DIESEL, POTÊNCIA 210 CV - MATERIAIS NA OPERAÇÃO. AF_06/2015","H",163.98]
[90992,"COMPRESSOR DE AR REBOCAVEL, VAZÃO 400 PCM, PRESSAO DE TRABALHO 102 PSI, MOTOR A DIESEL POTÊNCIA 110 CV - DEPRECIAÇÃO. AF_06/2015","H",8.45]
[90993,"COMPRESSOR DE AR REBOCAVEL, VAZÃO 400 PCM, PRESSAO DE TRABALHO 102 PSI, MOTOR A DIESEL POTÊNCIA 110 CV - JUROS. AF_06/2015","H",2.26]
[90994,"COMPRESSOR DE AR REBOCAVEL, VAZÃO 400 PCM, PRESSAO DE TRABALHO 102 PSI, MOTOR A DIESEL POTÊNCIA 110 CV - MANUTENÇÃO. AF_06/2015","H",10.57]
[90995,"COMPRESSOR DE AR REBOCAVEL, VAZÃO 400 PCM, PRESSAO DE TRABALHO 102 PSI, MOTOR A DIESEL POTÊNCIA 110 CV - MATERIAIS NA OPERAÇÃO. AF_06/2015","H",85.86]
[91021,"PERFURATRIZ HIDRÁULICA SOBRE CAMINHÃO COM TRADO CURTO ACOPLADO, PROFUNDIDADE MÁXIMA DE 20 M, DIÂMETRO MÁXIMO DE 1500 MM, POTÊNCIA INSTALADA DE 137 HP, MESA ROTATIVA COM TORQUE MÁXIMO DE 30 KNM - IMPOSTOS E SEGUROS. AF_06/2015","H",11.94]
[91026,"CAMINHÃO TRUCADO (C/ TERCEIRO EIXO) ELETRÔNICO - POTÊNCIA 231CV - PBT = 22000KG - DIST. ENTRE EIXOS 5170 MM - INCLUI CARROCERIA FIXA ABERTA DE MADEIRA - DEPRECIAÇÃO. AF_06/2015","H",24.76]
[91027,"CAMINHÃO TRUCADO (C/ TERCEIRO EIXO) ELETRÔNICO - POTÊNCIA 231CV - PBT = 22000KG - DIST. ENTRE EIXOS 5170 MM - INCLUI CARROCERIA FIXA ABERTA DE MADEIRA - JUROS. AF_06/2015","H",9.93]
[91028,"CAMINHÃO TRUCADO (C/ TERCEIRO EIXO) ELETRÔNICO - POTÊNCIA 231CV - PBT = 22000KG - DIST. ENTRE EIXOS 5170 MM - INCLUI CARROCERIA FIXA ABERTA DE MADEIRA - IMPOSTOS E SEGUROS. AF_06/2015","H",4.01]
[91029,"CAMINHÃO TRUCADO (C/ TERCEIRO EIXO) ELETRÔNICO - POTÊNCIA 231CV - PBT = 22000KG - DIST. ENTRE EIXOS 5170 MM - INCLUI CARROCERIA FIXA ABERTA DE MADEIRA - MANUTENÇÃO. AF_06/2015","H",45.39]
[91030,"CAMINHÃO TRUCADO (C/ TERCEIRO EIXO) ELETRÔNICO - POTÊNCIA 231CV - PBT = 22000KG - DIST. ENTRE EIXOS 5170 MM - INCLUI CARROCERIA FIXA ABERTA DE MADEIRA - MATERIAIS NA OPERAÇÃO. AF_06/2015","H",153]
[91273,"PLACA VIBRATÓRIA REVERSÍVEL COM MOTOR 4 TEMPOS A GASOLINA, FORÇA CENTRÍFUGA DE 25 KN (2500 KGF), POTÊNCIA 5,5 CV - DEPRECIAÇÃO. AF_08/2015","H",0.6]
[91274,"PLACA VIBRATÓRIA REVERSÍVEL COM MOTOR 4 TEMPOS A GASOLINA, FORÇA CENTRÍFUGA DE 25 KN (2500 KGF), POTÊNCIA 5,5 CV - JUROS. AF_08/2015","H",0.16]
[91275,"PLACA VIBRATÓRIA REVERSÍVEL COM MOTOR 4 TEMPOS A GASOLINA, FORÇA CENTRÍFUGA DE 25 KN (2500 KGF), POTÊNCIA 5,5 CV - MANUTENÇÃO. AF_08/2015","H",0.75]
[91276,"PLACA VIBRATÓRIA REVERSÍVEL COM MOTOR 4 TEMPOS A GASOLINA, FORÇA CENTRÍFUGA DE 25 KN (2500 KGF), POTÊNCIA 5,5 CV - MATERIAIS NA OPERAÇÃO. AF_08/2015","H",8.87]
[91279,"CORTADORA DE PISO COM MOTOR 4 TEMPOS A GASOLINA, POTÊNCIA DE 13 HP, COM DISCO DE CORTE DIAMANTADO SEGMENTADO PARA CONCRETO, DIÂMETRO DE 350 MM, FURO DE 1\" (14 X 1\") - DEPRECIAÇÃO. AF_08/2015","H",0.92]
[91280,"CORTADORA DE PISO COM MOTOR 4 TEMPOS A GASOLINA, POTÊNCIA DE 13 HP, COM DISCO DE CORTE DIAMANTADO SEGMENTADO PARA CONCRETO, DIÂMETRO DE 350 MM, FURO DE 1\" (14 X 1\") - JUROS. AF_08/2015","H",0.2]
[91281,"CORTADORA DE PISO COM MOTOR 4 TEMPOS A GASOLINA, POTÊNCIA DE 13 HP, COM DISCO DE CORTE DIAMANTADO SEGMENTADO PARA CONCRETO, DIÂMETRO DE 350 MM, FURO DE 1\" (14 X 1\") - MANUTENÇÃO. AF_08/2015","H",1.15]
[91282,"CORTADORA DE PISO COM MOTOR 4 TEMPOS A GASOLINA, POTÊNCIA DE 13 HP, COM DISCO DE CORTE DIAMANTADO SEGMENTADO PARA CONCRETO, DIÂMETRO DE 350 MM, FURO DE 1\" (14 X 1\") - MATERIAIS NA OPERAÇÃO. AF_08/2015","H",8.93]
[91354,"CAMINHÃO TOCO, PESO BRUTO TOTAL 14.300 KG, CARGA ÚTIL MÁXIMA 9590 KG, DISTÂNCIA ENTRE EIXOS 4,76 M, POTÊNCIA 185 CV (NÃO INCLUI CARROCERIA) - DEPRECIAÇÃO. AF_06/2014","H",17.61]
[91355,"CAMINHÃO TOCO, PESO BRUTO TOTAL 14.300 KG, CARGA ÚTIL MÁXIMA 9590 KG, DISTÂNCIA ENTRE EIXOS 4,76 M, POTÊNCIA 185 CV (NÃO INCLUI CARROCERIA) - JUROS. AF_06/2014","H",7.24]
[91356,"CAMINHÃO TOCO, PESO BRUTO TOTAL 14.300 KG, CARGA ÚTIL MÁXIMA 9590 KG, DISTÂNCIA ENTRE EIXOS 4,76 M, POTÊNCIA 185 CV (NÃO INCLUI CARROCERIA) - IMPOSTOS E SEGUROS. AF_06/2014","H",2.92]
[91359,"CAMINHÃO PIPA 6.000 L, PESO BRUTO TOTAL 13.000 KG, DISTÂNCIA ENTRE EIXOS 4,80 M, POTÊNCIA 189 CV INCLUSIVE TANQUE DE AÇO PARA TRANSPORTE DE ÁGUA, CAPACIDADE 6 M3 - DEPRECIAÇÃO. AF_06/2014","H",20.99]
[91360,"CAMINHÃO PIPA 6.000 L, PESO BRUTO TOTAL 13.000 KG, DISTÂNCIA ENTRE EIXOS 4,80 M, POTÊNCIA 189 CV INCLUSIVE TANQUE DE AÇO PARA TRANSPORTE DE ÁGUA, CAPACIDADE 6 M3 - JUROS. AF_06/2014","H",8.03]
[91361,"CAMINHÃO PIPA 6.000 L, PESO BRUTO TOTAL 13.000 KG, DISTÂNCIA ENTRE EIXOS 4,80 M, POTÊNCIA 189 CV INCLUSIVE TANQUE DE AÇO PARA TRANSPORTE DE ÁGUA, CAPACIDADE 6 M3 - IMPOSTOS E SEGUROS. AF_06/2014","H",3.24]
[91367,"CAMINHÃO BASCULANTE 6 M3, PESO BRUTO TOTAL 16.000 KG, CARGA ÚTIL MÁXIMA 13.071 KG, DISTÂNCIA ENTRE EIXOS 4,80 M, POTÊNCIA 230 CV INCLUSIVE CAÇAMBA METÁLICA - DEPRECIAÇÃO. AF_06/2014","H",22.18]
[91368,"CAMINHÃO BASCULANTE 6 M3, PESO BRUTO TOTAL 16.000 KG, CARGA ÚTIL MÁXIMA 13.071 KG, DISTÂNCIA ENTRE EIXOS 4,80 M, POTÊNCIA 230 CV INCLUSIVE CAÇAMBA METÁLICA - JUROS. AF_06/2014","H",8.51]
[91369,"CAMINHÃO BASCULANTE 6 M3, PESO BRUTO TOTAL 16.000 KG, CARGA ÚTIL MÁXIMA 13.071 KG, DISTÂNCIA ENTRE EIXOS 4,80 M, POTÊNCIA 230 CV INCLUSIVE CAÇAMBA METÁLICA - IMPOSTOS E SEGUROS. AF_06/2014","H",3.43]
[91375,"CAMINHÃO TOCO, PESO BRUTO TOTAL 16.000 KG, CARGA ÚTIL MÁXIMA DE 10.685 KG, DISTÂNCIA ENTRE EIXOS 4,80 M, POTÊNCIA 189 CV EXCLUSIVE CARROCERIA - DEPRECIAÇÃO. AF_06/2014","H",19.34]
[91376,"CAMINHÃO TOCO, PESO BRUTO TOTAL 16.000 KG, CARGA ÚTIL MÁXIMA DE 10.685 KG, DISTÂNCIA ENTRE EIXOS 4,80 M, POTÊNCIA 189 CV EXCLUSIVE CARROCERIA - JUROS. AF_06/2014","H",7.95]
[91377,"CAMINHÃO TOCO, PESO BRUTO TOTAL 16.000 KG, CARGA ÚTIL MÁXIMA DE 10.685 KG, DISTÂNCIA ENTRE EIXOS 4,80 M, POTÊNCIA 189 CV EXCLUSIVE CARROCERIA - IMPOSTOS E SEGUROS. AF_06/2014","H",3.21]
[91380,"CAMINHÃO BASCULANTE 10 M3, TRUCADO CABINE SIMPLES, PESO BRUTO TOTAL 23.000 KG, CARGA ÚTIL MÁXIMA 15.935 KG, DISTÂNCIA ENTRE EIXOS 4,80 M, POTÊNCIA 230 CV INCLUSIVE CAÇAMBA METÁLICA - DEPRECIAÇÃO. AF_06/2014","H",29.18]
[91381,"CAMINHÃO BASCULANTE 10 M3, TRUCADO CABINE SIMPLES, PESO BRUTO TOTAL 23.000 KG, CARGA ÚTIL MÁXIMA 15.935 KG, DISTÂNCIA ENTRE EIXOS 4,80 M, POTÊNCIA 230 CV INCLUSIVE CAÇAMBA METÁLICA - JUROS. AF_06/2014","H",11.2]
[91382,"CAMINHÃO BASCULANTE 10 M3, TRUCADO CABINE SIMPLES, PESO BRUTO TOTAL 23.000 KG, CARGA ÚTIL MÁXIMA 15.935 KG, DISTÂNCIA ENTRE EIXOS 4,80 M, POTÊNCIA 230 CV INCLUSIVE CAÇAMBA METÁLICA - IMPOSTOS E SEGUROS. AF_06/2014","H",4.52]
[91383,"CAMINHÃO BASCULANTE 10 M3, TRUCADO CABINE SIMPLES, PESO BRUTO TOTAL 23.000 KG, CARGA ÚTIL MÁXIMA 15.935 KG, DISTÂNCIA ENTRE EIXOS 4,80 M, POTÊNCIA 230 CV INCLUSIVE CAÇAMBA METÁLICA - MANUTENÇÃO. AF_06/2014","H",52.51]
[91384,"CAMINHÃO BASCULANTE 10 M3, TRUCADO CABINE SIMPLES, PESO BRUTO TOTAL 23.000 KG, CARGA ÚTIL MÁXIMA 15.935 KG, DISTÂNCIA ENTRE EIXOS 4,80 M, POTÊNCIA 230 CV INCLUSIVE CAÇAMBA METÁLICA - MATERIAIS NA OPERAÇÃO. AF_06/2014","H",147.88]
[91390,"CAMINHÃO TOCO, PBT 14.300 KG, CARGA ÚTIL MÁX. 9.710 KG, DIST. ENTRE EIXOS 3,56 M, POTÊNCIA 185 CV, INCLUSIVE CARROCERIA FIXA ABERTA DE MADEIRA P/ TRANSPORTE GERAL DE CARGA SECA, DIMEN. APROX. 2,50 X 6,50 X 0,50 M - DEPRECIAÇÃO. AF_06/2014","H",19.25]
[91391,"CAMINHÃO TOCO, PBT 14.300 KG, CARGA ÚTIL MÁX. 9.710 KG, DIST. ENTRE EIXOS 3,56 M, POTÊNCIA 185 CV, INCLUSIVE CARROCERIA FIXA ABERTA DE MADEIRA P/ TRANSPORTE GERAL DE CARGA SECA, DIMEN. APROX. 2,50 X 6,50 X 0,50 M - JUROS. AF_06/2014","H",7.67]
[91392,"CAMINHÃO TOCO, PBT 14.300 KG, CARGA ÚTIL MÁX. 9.710 KG, DIST. ENTRE EIXOS 3,56 M, POTÊNCIA 185 CV, INCLUSIVE CARROCERIA FIXA ABERTA DE MADEIRA P/ TRANSPORTE GERAL DE CARGA SECA, DIMEN. APROX. 2,50 X 6,50 X 0,50 M - IMPOSTOS E SEGUROS. AF_06/2014","H",3.09]
[91396,"CAMINHÃO PIPA 10.000 L TRUCADO, PESO BRUTO TOTAL 23.000 KG, CARGA ÚTIL MÁXIMA 15.935 KG, DISTÂNCIA ENTRE EIXOS 4,8 M, POTÊNCIA 230 CV, INCLUSIVE TANQUE DE AÇO PARA TRANSPORTE DE ÁGUA - DEPRECIAÇÃO. AF_06/2014","H",29.11]
[91397,"CAMINHÃO PIPA 10.000 L TRUCADO, PESO BRUTO TOTAL 23.000 KG, CARGA ÚTIL MÁXIMA 15.935 KG, DISTÂNCIA ENTRE EIXOS 4,8 M, POTÊNCIA 230 CV, INCLUSIVE TANQUE DE AÇO PARA TRANSPORTE DE ÁGUA - JUROS. AF_06/2014","H",11.25]
[91398,"CAMINHÃO PIPA 10.000 L TRUCADO, PESO BRUTO TOTAL 23.000 KG, CARGA ÚTIL MÁXIMA 15.935 KG, DISTÂNCIA ENTRE EIXOS 4,8 M, POTÊNCIA 230 CV, INCLUSIVE TANQUE DE AÇO PARA TRANSPORTE DE ÁGUA - IMPOSTOS E SEGUROS. AF_06/2014","H",4.54]
[91402,"CAMINHÃO BASCULANTE 6 M3 TOCO, PESO BRUTO TOTAL 16.000 KG, CARGA ÚTIL MÁXIMA 11.130 KG, DISTÂNCIA ENTRE EIXOS 5,36 M, POTÊNCIA 185 CV, INCLUSIVE CAÇAMBA METÁLICA - IMPOSTOS E SEGUROS. AF_06/2014","H",3.56]
[91466,"GUINDAUTO HIDRÁULICO, CAPACIDADE MÁXIMA DE CARGA 6200 KG, MOMENTO MÁXIMO DE CARGA 11,7 TM, ALCANCE MÁXIMO HORIZONTAL 9,70 M, INCLUSIVE CAMINHÃO TOCO PBT 16.000 KG, POTÊNCIA DE 189 CV - IMPOSTOS E SEGUROS. AF_08/2015","H",4.05]
[91467,"GUINDAUTO HIDRÁULICO, CAPACIDADE MÁXIMA DE CARGA 6200 KG, MOMENTO MÁXIMO DE CARGA 11,7 TM, ALCANCE MÁXIMO HORIZONTAL 9,70 M, INCLUSIVE CAMINHÃO TOCO PBT 16.000 KG, POTÊNCIA DE 189 CV - MATERIAIS NA OPERAÇÃO. AF_08/2015","H",164.92]
[91468,"ESPARGIDOR DE ASFALTO PRESSURIZADO, TANQUE 6 M3 COM ISOLAÇÃO TÉRMICA, AQUECIDO COM 2 MAÇARICOS, COM BARRA ESPARGIDORA 3,60 M, MONTADO SOBRE CAMINHÃO  TOCO, PBT 14.300 KG, POTÊNCIA 185 CV - DEPRECIAÇÃO. AF_05/2023","H",25.48]
[91469,"ESPARGIDOR DE ASFALTO PRESSURIZADO, TANQUE 6 M3 COM ISOLAÇÃO TÉRMICA, AQUECIDO COM 2 MAÇARICOS, COM BARRA ESPARGIDORA 3,60 M, MONTADO SOBRE CAMINHÃO  TOCO, PBT 14.300 KG, POTÊNCIA 185 CV - JUROS. AF_05/2023","H",9.97]
[91484,"ESPARGIDOR DE ASFALTO PRESSURIZADO, TANQUE 6 M3 COM ISOLAÇÃO TÉRMICA, AQUECIDO COM 2 MAÇARICOS, COM BARRA ESPARGIDORA 3,60 M, MONTADO SOBRE CAMINHÃO  TOCO, PBT 14.300 KG, POTÊNCIA 185 CV - IMPOSTOS E SEGUROS. AF_05/2023","H",4.02]
[91485,"ESPARGIDOR DE ASFALTO PRESSURIZADO, TANQUE 6 M3 COM ISOLAÇÃO TÉRMICA, AQUECIDO COM 2 MAÇARICOS, COM BARRA ESPARGIDORA 3,60 M, MONTADO SOBRE CAMINHÃO  TOCO, PBT 14.300 KG, POTÊNCIA 185 CV - MATERIAIS NA OPERAÇÃO. AF_05/2023","H",161.42]
[91529,"COMPACTADOR DE SOLOS DE PERCUSSÃO (SOQUETE) COM MOTOR A GASOLINA 4 TEMPOS, POTÊNCIA 4 CV - DEPRECIAÇÃO. AF_08/2015","H",0.88]
[91530,"COMPACTADOR DE SOLOS DE PERCUSSÃO (SOQUETE) COM MOTOR A GASOLINA 4 TEMPOS, POTÊNCIA 4 CV - JUROS. AF_08/2015","H",0.23]
[91531,"COMPACTADOR DE SOLOS DE PERCUSSÃO (SOQUETE) COM MOTOR A GASOLINA 4 TEMPOS, POTÊNCIA 4 CV - MANUTENÇÃO. AF_08/2015","H",1.11]
[91532,"COMPACTADOR DE SOLOS DE PERCUSSÃO (SOQUETE) COM MOTOR A GASOLINA 4 TEMPOS, POTÊNCIA 4 CV - MATERIAIS NA OPERAÇÃO. AF_08/2015","H",6.34]
[91629,"GUINDAUTO HIDRÁULICO, CAPACIDADE MÁXIMA DE CARGA 6500 KG, MOMENTO MÁXIMO DE CARGA 5,8 TM, ALCANCE MÁXIMO HORIZONTAL 7,60 M, INCLUSIVE CAMINHÃO TOCO PBT 9.700 KG, POTÊNCIA DE 160 CV - DEPRECIAÇÃO. AF_08/2015","H",21.63]
[91630,"GUINDAUTO HIDRÁULICO, CAPACIDADE MÁXIMA DE CARGA 6500 KG, MOMENTO MÁXIMO DE CARGA 5,8 TM, ALCANCE MÁXIMO HORIZONTAL 7,60 M, INCLUSIVE CAMINHÃO TOCO PBT 9.700 KG, POTÊNCIA DE 160 CV - JUROS. AF_08/2015","H",8.04]
[91631,"GUINDAUTO HIDRÁULICO, CAPACIDADE MÁXIMA DE CARGA 6500 KG, MOMENTO MÁXIMO DE CARGA 5,8 TM, ALCANCE MÁXIMO HORIZONTAL 7,60 M, INCLUSIVE CAMINHÃO TOCO PBT 9.700 KG, POTÊNCIA DE 160 CV - IMPOSTOS E SEGUROS. AF_08/2015","H",3.24]
[91632,"GUINDAUTO HIDRÁULICO, CAPACIDADE MÁXIMA DE CARGA 6500 KG, MOMENTO MÁXIMO DE CARGA 5,8 TM, ALCANCE MÁXIMO HORIZONTAL 7,60 M, INCLUSIVE CAMINHÃO TOCO PBT 9.700 KG, POTÊNCIA DE 160 CV - MANUTENÇÃO. AF_08/2015","H",37.02]
[91633,"GUINDAUTO HIDRÁULICO, CAPACIDADE MÁXIMA DE CARGA 6500 KG, MOMENTO MÁXIMO DE CARGA 5,8 TM, ALCANCE MÁXIMO HORIZONTAL 7,60 M, INCLUSIVE CAMINHÃO TOCO PBT 9.700 KG, POTÊNCIA DE 160 CV - MATERIAIS NA OPERAÇÃO. AF_08/2015","H",139.58]
[91640,"CAMINHÃO DE TRANSPORTE DE MATERIAL ASFÁLTICO 30.000 L, COM CAVALO MECÂNICO DE CAPACIDADE MÁXIMA DE TRAÇÃO COMBINADO DE 66.000 KG, POTÊNCIA 360 CV, INCLUSIVE TANQUE DE ASFALTO COM SERPENTINA - DEPRECIAÇÃO. AF_08/2015","H",41.47]
[91641,"CAMINHÃO DE TRANSPORTE DE MATERIAL ASFÁLTICO 30.000 L, COM CAVALO MECÂNICO DE CAPACIDADE MÁXIMA DE TRAÇÃO COMBINADO DE 66.000 KG, POTÊNCIA 360 CV, INCLUSIVE TANQUE DE ASFALTO COM SERPENTINA - JUROS. AF_08/2015","H",16.74]
[91642,"CAMINHÃO DE TRANSPORTE DE MATERIAL ASFÁLTICO 30.000 L, COM CAVALO MECÂNICO DE CAPACIDADE MÁXIMA DE TRAÇÃO COMBINADO DE 66.000 KG, POTÊNCIA 360 CV, INCLUSIVE TANQUE DE ASFALTO COM SERPENTINA - IMPOSTOS E SEGUROS. AF_08/2015","H",6.77]
[91643,"CAMINHÃO DE TRANSPORTE DE MATERIAL ASFÁLTICO 30.000 L, COM CAVALO MECÂNICO DE CAPACIDADE MÁXIMA DE TRAÇÃO COMBINADO DE 66.000 KG, POTÊNCIA 360 CV, INCLUSIVE TANQUE DE ASFALTO COM SERPENTINA - MANUTENÇÃO. AF_08/2015","H",74.81]
[91644,"CAMINHÃO DE TRANSPORTE DE MATERIAL ASFÁLTICO 30.000 L, COM CAVALO MECÂNICO DE CAPACIDADE MÁXIMA DE TRAÇÃO COMBINADO DE 66.000 KG, POTÊNCIA 360 CV, INCLUSIVE TANQUE DE ASFALTO COM SERPENTINA - MATERIAIS NA OPERAÇÃO. AF_08/2015","H",314.12]
[91688,"SERRA CIRCULAR DE BANCADA COM MOTOR ELÉTRICO POTÊNCIA DE 5HP, COM COIFA PARA DISCO 10\" - DEPRECIAÇÃO. AF_08/2015","H",0.1]
[91689,"SERRA CIRCULAR DE BANCADA COM MOTOR ELÉTRICO POTÊNCIA DE 5HP, COM COIFA PARA DISCO 10\" - JUROS. AF_08/2015","H",0.02]
[91690,"SERRA CIRCULAR DE BANCADA COM MOTOR ELÉTRICO POTÊNCIA DE 5HP, COM COIFA PARA DISCO 10\" - MANUTENÇÃO. AF_08/2015","H",0.07]
[91691,"SERRA CIRCULAR DE BANCADA COM MOTOR ELÉTRICO POTÊNCIA DE 5HP, COM COIFA PARA DISCO 10\" - MATERIAIS NA OPERAÇÃO. AF_08/2015","H",1.44]
[92040,"DISTRIBUIDOR DE AGREGADOS REBOCAVEL, CAPACIDADE 1,9 M³, LARGURA DE TRABALHO 3,66 M - DEPRECIAÇÃO. AF_11/2015","H",6.47]
[92041,"DISTRIBUIDOR DE AGREGADOS REBOCAVEL, CAPACIDADE 1,9 M³, LARGURA DE TRABALHO 3,66 M - JUROS. AF_11/2015","H",1.33]
[92042,"DISTRIBUIDOR DE AGREGADOS REBOCAVEL, CAPACIDADE 1,9 M³, LARGURA DE TRABALHO 3,66 M - MANUTENÇÃO. AF_11/2015","H",5.39]
[92101,"CAMINHÃO PARA EQUIPAMENTO DE LIMPEZA A SUCÇÃO COM CAMINHÃO TRUCADO DE PESO BRUTO TOTAL 23000 KG, CARGA ÚTIL MÁXIMA 15935 KG, DISTÂNCIA ENTRE EIXOS 4,80 M, POTÊNCIA 230 CV, INCLUSIVE LIMPADORA A SUCÇÃO, TANQUE 12000 L - DEPRECIAÇÃO. AF_05/2023","H",44.82]
[92102,"CAMINHÃO PARA EQUIPAMENTO DE LIMPEZA A SUCÇÃO COM CAMINHÃO TRUCADO DE PESO BRUTO TOTAL 23000 KG, CARGA ÚTIL MÁXIMA 15935 KG, DISTÂNCIA ENTRE EIXOS 4,80 M, POTÊNCIA 230 CV, INCLUSIVE LIMPADORA A SUCÇÃO, TANQUE 12000 L - JUROS. AF_05/2023","H",14.05]
[92103,"CAMINHÃO PARA EQUIPAMENTO DE LIMPEZA A SUCÇÃO COM CAMINHÃO TRUCADO DE PESO BRUTO TOTAL 23000 KG, CARGA ÚTIL MÁXIMA 15935 KG, DISTÂNCIA ENTRE EIXOS 4,80 M, POTÊNCIA 230 CV, INCLUSIVE LIMPADORA A SUCÇÃO, TANQUE 12000 L - IMPOSTOS E SEGUROS. AF_05/2023","H",5.68]
[92104,"CAMINHÃO PARA EQUIPAMENTO DE LIMPEZA A SUCÇÃO COM CAMINHÃO TRUCADO DE PESO BRUTO TOTAL 23000 KG, CARGA ÚTIL MÁXIMA 15935 KG, DISTÂNCIA ENTRE EIXOS 4,80 M, POTÊNCIA 230 CV, INCLUSIVE LIMPADORA A SUCÇÃO, TANQUE 12000 L - MANUTENÇÃO. AF_05/2023","H",70.75]
[92105,"CAMINHÃO PARA EQUIPAMENTO DE LIMPEZA A SUCÇÃO COM CAMINHÃO TRUCADO DE PESO BRUTO TOTAL 23000 KG, CARGA ÚTIL MÁX. 15935 KG, DISTÂNCIA ENTRE EIXOS 4,80 M, POTÊNCIA 230 CV, INCLUSIVE LIMPADORA A SUCÇÃO, TANQUE 12000 L - MATERIAIS NA OPERAÇÃO. AF_05/2023","H",200.67]
[92108,"PENEIRA ROTATIVA COM MOTOR ELÉTRICO TRIFÁSICO DE 2 CV, CILINDRO DE 1 M X 0,60 M, COM FUROS DE 3,17 MM - DEPRECIAÇÃO. AF_05/2023","H",1.03]
[92109,"PENEIRA ROTATIVA COM MOTOR ELÉTRICO TRIFÁSICO DE 2 CV, CILINDRO DE 1 M X 0,60 M, COM FUROS DE 3,17 MM - JUROS. AF_05/2023","H",0.23]
[92110,"PENEIRA ROTATIVA COM MOTOR ELÉTRICO TRIFÁSICO DE 2 CV, CILINDRO DE 1 M X 0,60 M, COM FUROS DE 3,17 MM - MANUTENÇÃO. AF_05/2023","H",1.29]
[92111,"PENEIRA ROTATIVA COM MOTOR ELÉTRICO TRIFÁSICO DE 2 CV, CILINDRO DE 1 M X 0,60 M, COM FUROS DE 3,17 MM - MATERIAIS NA OPERAÇÃO. AF_05/2023","H",1.32]
[92114,"DOSADOR DE AREIA, CAPACIDADE DE 26 LITROS - DEPRECIAÇÃO. AF_05/2023","H",0.26]
[92115,"DOSADOR DE AREIA, CAPACIDADE DE 26 LITROS - JUROS. AF_05/2023","H",0.05]
[92116,"DOSADOR DE AREIA, CAPACIDADE DE 26 LITROS - MANUTENÇÃO. AF_05/2023","H",0.18]
[92133,"CAMINHONETE COM MOTOR A DIESEL, POTÊNCIA 180 CV, CABINE DUPLA, 4X4 - DEPRECIAÇÃO. AF_11/2015","H",12.74]
[92134,"CAMINHONETE COM MOTOR A DIESEL, POTÊNCIA 180 CV, CABINE DUPLA, 4X4 - JUROS. AF_11/2015","H",3.93]
[92135,"CAMINHONETE COM MOTOR A DIESEL, POTÊNCIA 180 CV, CABINE DUPLA, 4X4 - IMPOSTOS E SEGUROS. AF_11/2015","H",1.59]
[92136,"CAMINHONETE COM MOTOR A DIESEL, POTÊNCIA 180 CV, CABINE DUPLA, 4X4 - MANUTENÇÃO. AF_11/2015","H",15.93]
[92137,"CAMINHONETE COM MOTOR A DIESEL, POTÊNCIA 180 CV, CABINE DUPLA, 4X4 - MATERIAIS NA OPERAÇÃO. AF_11/2015","H",36.75]
[92140,"CAMINHONETE CABINE SIMPLES COM MOTOR 1.6 FLEX, CÂMBIO MANUAL, POTÊNCIA 101/104 CV, 2 PORTAS - DEPRECIAÇÃO. AF_11/2015","H",4.67]
[92141,"CAMINHONETE CABINE SIMPLES COM MOTOR 1.6 FLEX, CÂMBIO MANUAL, POTÊNCIA 101/104 CV, 2 PORTAS - JUROS. AF_11/2015","H",1.44]
[92142,"CAMINHONETE CABINE SIMPLES COM MOTOR 1.6 FLEX, CÂMBIO MANUAL, POTÊNCIA 101/104 CV, 2 PORTAS - IMPOSTOS E SEGUROS. AF_11/2015","H",0.58]
[92143,"CAMINHONETE CABINE SIMPLES COM MOTOR 1.6 FLEX, CÂMBIO MANUAL, POTÊNCIA 101/104 CV, 2 PORTAS - MANUTENÇÃO. AF_11/2015","H",5.83]
[92144,"CAMINHONETE CABINE SIMPLES COM MOTOR 1.6 FLEX, CÂMBIO MANUAL, POTÊNCIA 101/104 CV, 2 PORTAS - MATERIAIS NA OPERAÇÃO. AF_11/2015","H",41.21]
[92237,"CAMINHÃO DE TRANSPORTE DE MATERIAL ASFÁLTICO 20.000 L, COM CAVALO MECÂNICO DE CAPACIDADE MÁXIMA DE TRAÇÃO COMBINADO DE 45.000 KG, POTÊNCIA 330 CV, INCLUSIVE TANQUE DE ASFALTO COM MAÇARICO - DEPRECIAÇÃO. AF_12/2015","H",30.19]
[92238,"CAMINHÃO DE TRANSPORTE DE MATERIAL ASFÁLTICO 20.000 L, COM CAVALO MECÂNICO DE CAPACIDADE MÁXIMA DE TRAÇÃO COMBINADO DE 45.000 KG, POTÊNCIA 330 CV, INCLUSIVE TANQUE DE ASFALTO COM MAÇARICO - JUROS. AF_12/2015","H",12.16]
[92239,"CAMINHÃO DE TRANSPORTE DE MATERIAL ASFÁLTICO 20.000 L, COM CAVALO MECÂNICO DE CAPACIDADE MÁXIMA DE TRAÇÃO COMBINADO DE 45.000 KG, POTÊNCIA 330 CV, INCLUSIVE TANQUE DE ASFALTO COM MAÇARICO - IMPOSTOS E SEGUROS. AF_12/2015","H",4.91]
[92240,"CAMINHÃO DE TRANSPORTE DE MATERIAL ASFÁLTICO 20.000 L, COM CAVALO MECÂNICO DE CAPACIDADE MÁXIMA DE TRAÇÃO COMBINADO DE 45.000 KG, POTÊNCIA 330 CV, INCLUSIVE TANQUE DE ASFALTO COM MAÇARICO - MANUTENÇÃO. AF_12/2015","H",54.23]
[92241,"CAMINHÃO DE TRANSPORTE DE MATERIAL ASFÁLTICO 20.000 L, COM CAVALO MECÂNICO DE CAPACIDADE MÁXIMA DE TRAÇÃO COMBINADO DE 45.000 KG, POTÊNCIA 330 CV, INCLUSIVE TANQUE DE ASFALTO COM MAÇARICO - MATERIAIS NA OPERAÇÃO. AF_12/2015","H",287.97]
[92712,"APARELHO PARA CORTE E SOLDA OXI-ACETILENO SOBRE RODAS, INCLUSIVE CILINDROS E MAÇARICOS - DEPRECIAÇÃO. AF_05/2023","H",0.23]
[92713,"APARELHO PARA CORTE E SOLDA OXI-ACETILENO SOBRE RODAS, INCLUSIVE CILINDROS E MAÇARICOS - JUROS. AF_05/2023","H",0.05]
[92714,"APARELHO PARA CORTE E SOLDA OXI-ACETILENO SOBRE RODAS, INCLUSIVE CILINDROS E MAÇARICOS - MANUTENÇÃO. AF_05/2023","H",0.29]
[92715,"APARELHO PARA CORTE E SOLDA OXI-ACETILENO SOBRE RODAS, INCLUSIVE CILINDROS E MAÇARICOS - MATERIAIS NA OPERAÇÃO. AF_05/2023","H",135.6]
[92956,"MÁQUINA EXTRUSORA DE CONCRETO PARA GUIAS E SARJETAS, MOTOR A DIESEL, POTÊNCIA 14 CV - DEPRECIAÇÃO. AF_12/2015","H",4.3]
[92957,"MÁQUINA EXTRUSORA DE CONCRETO PARA GUIAS E SARJETAS, MOTOR A DIESEL, POTÊNCIA 14 CV - JUROS. AF_12/2015","H",0.99]
[92958,"MÁQUINA EXTRUSORA DE CONCRETO PARA GUIAS E SARJETAS, MOTOR A DIESEL, POTÊNCIA 14 CV - MANUTENÇÃO. AF_12/2015","H",4.7]
[92959,"MÁQUINA EXTRUSORA DE CONCRETO PARA GUIAS E SARJETAS, MOTOR A DIESEL, POTÊNCIA 14 CV - MATERIAIS NA OPERAÇÃO. AF_12/2015","H",9.67]
[92963,"MARTELO PERFURADOR PNEUMÁTICO MANUAL, HASTE 25 X 75 MM, 21 KG - DEPRECIAÇÃO. AF_12/2015","H",2.01]
[92964,"MARTELO PERFURADOR PNEUMÁTICO MANUAL, HASTE 25 X 75 MM, 21 KG - JUROS. AF_12/2015","H",0.46]
[92965,"MARTELO PERFURADOR PNEUMÁTICO MANUAL, HASTE 25 X 75 MM, 21 KG - MANUTENÇÃO. AF_12/2015","H",2.52]
[93220,"PERFURATRIZ COM TORRE METÁLICA PARA EXECUÇÃO DE ESTACA HÉLICE CONTÍNUA, PROFUNDIDADE MÁXIMA DE 32 M, DIÂMETRO MÁXIMO DE 1000 MM, POTÊNCIA INSTALADA DE 350 HP, MESA ROTATIVA COM TORQUE MÁXIMO DE 263 KNM - DEPRECIAÇÃO. AF_01/2016","H",365.69]
[93221,"PERFURATRIZ COM TORRE METÁLICA PARA EXECUÇÃO DE ESTACA HÉLICE CONTÍNUA, PROFUNDIDADE MÁXIMA DE 32 M, DIÂMETRO MÁXIMO DE 1000 MM, POTÊNCIA INSTALADA DE 350 HP, MESA ROTATIVA COM TORQUE MÁXIMO DE 263 KNM - JUROS. AF_01/2016","H",98.11]
[93222,"PERFURATRIZ COM TORRE METÁLICA PARA EXECUÇÃO DE ESTACA HÉLICE CONTÍNUA, PROFUNDIDADE MÁXIMA DE 32 M, DIÂMETRO MÁXIMO DE 1000 MM, POTÊNCIA INSTALADA DE 350 HP, MESA ROTATIVA COM TORQUE MÁXIMO DE 263 KNM - MANUTENÇÃO. AF_01/2016","H",457.62]
[93223,"PERFURATRIZ COM TORRE METÁLICA PARA EXECUÇÃO DE ESTACA HÉLICE CONTÍNUA, PROFUNDIDADE MÁXIMA DE 32 M, DIÂMETRO MÁXIMO DE 1000 MM, POTÊNCIA INSTALADA DE 350 HP, MESA ROTATIVA COM TORQUE MÁXIMO DE 263 KNM - MATERIAIS NA OPERAÇÃO. AF_01/2016","H",162.92]
[93229,"BETONEIRA CAPACIDADE NOMINAL 400 L, CAPACIDADE DE MISTURA 310 L, MOTOR A GASOLINA POTÊNCIA 5,5 CV, SEM CARREGADOR - DEPRECIAÇÃO. AF_02/2016","H",0.44]
[93230,"BETONEIRA CAPACIDADE NOMINAL 400 L, CAPACIDADE DE MISTURA 310 L, MOTOR A GASOLINA POTÊNCIA 5,5 CV, SEM CARREGADOR - JUROS. AF_02/2016","H",0.1]
[93231,"BETONEIRA CAPACIDADE NOMINAL 400 L, CAPACIDADE DE MISTURA 310 L, MOTOR A GASOLINA POTÊNCIA 5,5 CV, SEM CARREGADOR - MANUTENÇÃO. AF_02/2016","H",0.55]
[93232,"BETONEIRA CAPACIDADE NOMINAL 400 L, CAPACIDADE DE MISTURA 310 L, MOTOR A GASOLINA POTÊNCIA 5,5 CV, SEM CARREGADOR - MATERIAIS NA OPERAÇÃO. AF_02/2016","H",4.74]
[93235,"GRUPO GERADOR ESTACIONÁRIO, MOTOR DIESEL POTÊNCIA 170 KVA - JUROS. AF_02/2016","H",2.52]
[93238,"ROLO COMPACTADOR VIBRATÓRIO REBOCÁVEL, CILINDRO DE AÇO LISO, POTÊNCIA DE TRAÇÃO DE 65 CV, PESO 4,7 T, IMPACTO DINÂMICO 18,3 T, LARGURA DE TRABALHO 1,67 M - JUROS. AF_02/2016","H",2.59]
[93239,"ROLO COMPACTADOR VIBRATÓRIO PÉ DE CARNEIRO, OPERADO POR CONTROLE REMOTO, POTÊNCIA 12,5 KW, PESO OPERACIONAL 1,675 T, LARGURA DE TRABALHO 0,85 M - JUROS. AF_02/2016","H",11.75]
[93240,"ROLO COMPACTADOR VIBRATÓRIO PÉ DE CARNEIRO, OPERADO POR CONTROLE REMOTO, POTÊNCIA 12,5 KW, PESO OPERACIONAL 1,675 T, LARGURA DE TRABALHO 0,85 M - MATERIAIS NA OPERAÇÃO. AF_02/2016","H",12.48]
[93267,"GRUA ASCENCIONAL, LANÇA DE 30 M, CAPACIDADE DE 1,0 T A 30 M, ALTURA ATÉ 39 M   DEPRECIAÇÃO. AF_05/2023","H",26.87]
[93269,"GRUA ASCENCIONAL, LANÇA DE 30 M, CAPACIDADE DE 1,0 T A 30 M, ALTURA ATÉ 39 M   JUROS. AF_05/2023","H",10.07]
[93270,"GRUA ASCENCIONAL, LANÇA DE 30 M, CAPACIDADE DE 1,0 T A 30 M, ALTURA ATÉ 39 M   MANUTENÇÃO. AF_05/2023","H",26.12]
[93271,"GRUA ASCENCIONAL, LANÇA DE 30 M, CAPACIDADE DE 1,0 T A 30 M, ALTURA ATÉ 39 M   MATERIAIS NA OPERAÇÃO. AF_05/2023","H",9.91]
[93277,"GUINCHO ELÉTRICO DE COLUNA, CAPACIDADE 400 KG, COM MOTO FREIO, MOTOR TRIFÁSICO DE 1,25 CV - DEPRECIAÇÃO. AF_03/2016","H",0.29]
[93278,"GUINCHO ELÉTRICO DE COLUNA, CAPACIDADE 400 KG, COM MOTO FREIO, MOTOR TRIFÁSICO DE 1,25 CV - JUROS. AF_03/2016","H",0.06]
[93279,"GUINCHO ELÉTRICO DE COLUNA, CAPACIDADE 400 KG, COM MOTO FREIO, MOTOR TRIFÁSICO DE 1,25 CV - MANUTENÇÃO. AF_03/2016","H",0.27]
[93280,"GUINCHO ELÉTRICO DE COLUNA, CAPACIDADE 400 KG, COM MOTO FREIO, MOTOR TRIFÁSICO DE 1,25 CV - MATERIAIS NA OPERAÇÃO. AF_03/2016","H",0.82]
[93283,"GUINDASTE HIDRÁULICO AUTOPROPELIDO, COM LANÇA TELESCÓPICA 40 M, CAPACIDADE MÁXIMA 60 T, POTÊNCIA 260 KW - DEPRECIAÇÃO. AF_03/2016","H",100.42]
[93284,"GUINDASTE HIDRÁULICO AUTOPROPELIDO, COM LANÇA TELESCÓPICA 40 M, CAPACIDADE MÁXIMA 60 T, POTÊNCIA 260 KW - JUROS. AF_03/2016","H",35.39]
[93285,"GUINDASTE HIDRÁULICO AUTOPROPELIDO, COM LANÇA TELESCÓPICA 40 M, CAPACIDADE MÁXIMA 60 T, POTÊNCIA 260 KW - MANUTENÇÃO. AF_03/2016","H",161.42]
[93286,"GUINDASTE HIDRÁULICO AUTOPROPELIDO, COM LANÇA TELESCÓPICA 40 M, CAPACIDADE MÁXIMA 60 T, POTÊNCIA 260 KW - MATERIAIS NA OPERAÇÃO. AF_03/2016","H",13.78]
[93296,"GUINDASTE HIDRÁULICO AUTOPROPELIDO, COM LANÇA TELESCÓPICA 40 M, CAPACIDADE MÁXIMA 60 T, POTÊNCIA 260 KW - IMPOSTOS E SEGUROS. AF_03/2016","H",14.3]
[93397,"GUINDAUTO HIDRÁULICO, CAPACIDADE MÁXIMA DE CARGA 3300 KG, MOMENTO MÁXIMO DE CARGA 5,8 TM, ALCANCE MÁXIMO HORIZONTAL 7,60 M, INCLUSIVE CAMINHÃO TOCO PBT 16.000 KG, POTÊNCIA DE 189 CV - DEPRECIAÇÃO. AF_03/2016","H",25.01]
[93398,"GUINDAUTO HIDRÁULICO, CAPACIDADE MÁXIMA DE CARGA 3300 KG, MOMENTO MÁXIMO DE CARGA 5,8 TM, ALCANCE MÁXIMO HORIZONTAL 7,60 M, INCLUSIVE CAMINHÃO TOCO PBT 16.000 KG, POTÊNCIA DE 189 CV - JUROS. AF_03/2016","H",9.43]
[93399,"GUINDAUTO HIDRÁULICO, CAPACIDADE MÁXIMA DE CARGA 3300 KG, MOMENTO MÁXIMO DE CARGA 5,8 TM, ALCANCE MÁXIMO HORIZONTAL 7,60 M, INCLUSIVE CAMINHÃO TOCO PBT 16.000 KG, POTÊNCIA DE 189 CV - IMPOSTOS E SEGUROS. AF_03/2016","H",3.8]
[93400,"GUINDAUTO HIDRÁULICO, CAPACIDADE MÁXIMA DE CARGA 3300 KG, MOMENTO MÁXIMO DE CARGA 5,8 TM, ALCANCE MÁXIMO HORIZONTAL 7,60 M, INCLUSIVE CAMINHÃO TOCO PBT 16.000 KG, POTÊNCIA DE 189 CV - MANUTENÇÃO. AF_03/2016","H",43.35]
[93401,"GUINDAUTO HIDRÁULICO, CAPACIDADE MÁXIMA DE CARGA 3300 KG, MOMENTO MÁXIMO DE CARGA 5,8 TM, ALCANCE MÁXIMO HORIZONTAL 7,60 M, INCLUSIVE CAMINHÃO TOCO PBT 16.000 KG, POTÊNCIA DE 189 CV - MATERIAIS NA OPERAÇÃO. AF_03/2016","H",164.92]
[93404,"MÁQUINA JATO DE PRESSAO PORTÁTIL, CAMARA DE 1 SAIDA, CAPACIDADE 280 L, DIAMETRO 670 MM, BICO DE JATO CURTO VENTURI DE 5/16\" , MANGUEIRA DE 1\" COM COMPRESSOR DE AR REBOCÁVEL 189 PCM E MOTOR DIESEL 63 CV - DEPRECIAÇÃO. AF_05/2023","H",7.84]
[93405,"MÁQUINA JATO DE PRESSAO PORTÁTIL, CAMARA DE 1 SAIDA, CAPACIDADE 280 L, DIAMETRO 670 MM, BICO DE JATO CURTO VENTURI DE 5/16\" , MANGUEIRA DE 1\" COM COMPRESSOR DE AR REBOCÁVEL 189 PCM E MOTOR DIESEL 63 CV - JUROS. AF_05/2023","H",2]
[93406,"MÁQUINA JATO DE PRESSAO PORTÁTIL, CAMARA DE 1 SAIDA, CAPACIDADE 280 L, DIAMETRO 670 MM, BICO DE JATO CURTO VENTURI DE 5/16\" , MANGUEIRA DE 1\" COM COMPRESSOR DE AR REBOCÁVEL 189 PCM E MOTOR DIESEL 63 CV - MANUTENÇÃO. AF_05/2023","H",9.41]
[93407,"MÁQUINA JATO DE PRESSAO PORTÁTIL, CAMARA DE 1 SAIDA, CAPACIDADE 280 L, DIAMETRO 670 MM, BICO DE JATO CURTO VENTURI DE 5/16\" , MANGUEIRA DE 1\" COM COMPRESSOR DE AR REBOCÁVEL 189 PCM E MOTOR DIESEL 63 CV - MATERIAIS NA OPERAÇÃO. AF_05/2023","H",49.17]
[93411,"GERADOR PORTÁTIL MONOFÁSICO, POTÊNCIA 5500 VA, MOTOR A GASOLINA, POTÊNCIA DO MOTOR 13 CV - DEPRECIAÇÃO. AF_03/2016","H",0.34]
[93412,"GERADOR PORTÁTIL MONOFÁSICO, POTÊNCIA 5500 VA, MOTOR A GASOLINA, POTÊNCIA DO MOTOR 13 CV - JUROS. AF_03/2016","H",0.12]
[93413,"GERADOR PORTÁTIL MONOFÁSICO, POTÊNCIA 5500 VA, MOTOR A GASOLINA, POTÊNCIA DO MOTOR 13 CV - MANUTENÇÃO. AF_03/2016","H",0.3]
[93414,"GERADOR PORTÁTIL MONOFÁSICO, POTÊNCIA 5500 VA, MOTOR A GASOLINA, POTÊNCIA DO MOTOR 13 CV - MATERIAIS NA OPERAÇÃO. AF_03/2016","H",11.21]
[93417,"GRUPO GERADOR REBOCÁVEL, POTÊNCIA 66 KVA, MOTOR A DIESEL - DEPRECIAÇÃO. AF_03/2016","H",4.49]
[93418,"GRUPO GERADOR REBOCÁVEL, POTÊNCIA 66 KVA, MOTOR A DIESEL - JUROS. AF_03/2016","H",1.58]
[93419,"GRUPO GERADOR REBOCÁVEL, POTÊNCIA 66 KVA, MOTOR A DIESEL - MANUTENÇÃO. AF_03/2016","H",4.01]
[93420,"GRUPO GERADOR REBOCÁVEL, POTÊNCIA 66 KVA, MOTOR A DIESEL - MATERIAIS NA OPERAÇÃO. AF_03/2016","H",69.95]
[93423,"GRUPO GERADOR ESTACIONÁRIO, POTÊNCIA 150 KVA, MOTOR A DIESEL- DEPRECIAÇÃO. AF_03/2016","H",6.36]
[93424,"GRUPO GERADOR ESTACIONÁRIO, POTÊNCIA 150 KVA, MOTOR A DIESEL- JUROS. AF_03/2016","H",2.24]
[93425,"GRUPO GERADOR ESTACIONÁRIO, POTÊNCIA 150 KVA, MOTOR A DIESEL- MANUTENÇÃO. AF_03/2016","H",5.68]
[93426,"GRUPO GERADOR ESTACIONÁRIO, POTÊNCIA 150 KVA, MOTOR A DIESEL- MATERIAIS NA OPERAÇÃO. AF_03/2016","H",167.16]
[93429,"USINA DE MISTURA ASFÁLTICA À QUENTE, TIPO CONTRA FLUXO, PROD 40 A 80 TON/HORA - DEPRECIAÇÃO. AF_05/2023","H",157.32]
[93430,"USINA DE MISTURA ASFÁLTICA À QUENTE, TIPO CONTRA FLUXO, PROD 40 A 80 TON/HORA - JUROS. AF_05/2023","H",48.36]
[93431,"USINA DE MISTURA ASFÁLTICA À QUENTE, TIPO CONTRA FLUXO, PROD 40 A 80 TON/HORA - MANUTENÇÃO. AF_05/2023","H",196.8]
[93432,"USINA DE MISTURA ASFÁLTICA À QUENTE, TIPO CONTRA FLUXO, PROD 40 A 80 TON/HORA - MATERIAIS NA OPERAÇÃO. AF_05/2023","H",{"v":2246.4,"d":"2,246.40"}]
[93435,"USINA DE ASFALTO À FRIO, CAPACIDADE DE 40 A 60 TON/HORA, ELÉTRICA POTÊNCIA 30 CV - DEPRECIAÇÃO. AF_05/2023","H",8.83]
[93436,"USINA DE ASFALTO À FRIO, CAPACIDADE DE 40 A 60 TON/HORA, ELÉTRICA POTÊNCIA 30 CV - JUROS. AF_05/2023","H",2.72]
[93437,"USINA DE ASFALTO À FRIO, CAPACIDADE DE 40 A 60 TON/HORA, ELÉTRICA POTÊNCIA 30 CV - MANUTENÇÃO. AF_05/2023","H",9.66]
[93438,"USINA DE ASFALTO À FRIO, CAPACIDADE DE 40 A 60 TON/HORA, ELÉTRICA POTÊNCIA 30 CV - MATERIAIS NA OPERAÇÃO. AF_05/2023","H",117.12]
[95114,"MARTELETE OU ROMPEDOR PNEUMÁTICO MANUAL, 28 KG, COM SILENCIADOR - DEPRECIAÇÃO. AF_07/2016","H",1.96]
[95115,"MARTELETE OU ROMPEDOR PNEUMÁTICO MANUAL, 28 KG, COM SILENCIADOR - JUROS. AF_07/2016","H",0.45]
[95116,"USINA DE CONCRETO FIXA, CAPACIDADE NOMINAL DE 90 A 120 M3/H, SEM SILO - DEPRECIAÇÃO. AF_07/2016","H",32.55]
[95117,"USINA DE CONCRETO FIXA, CAPACIDADE NOMINAL DE 90 A 120 M3/H, SEM SILO - JUROS. AF_07/2016","H",10.04]
[95118,"USINA MISTURADORA DE SOLOS, CAPACIDADE DE 200 A 500 TON/H, POTENCIA 75KW - DEPRECIAÇÃO. AF_07/2016","H",72.15]
[95119,"USINA MISTURADORA DE SOLOS, CAPACIDADE DE 200 A 500 TON/H, POTENCIA 75KW - JUROS. AF_07/2016","H",22.26]
[95120,"USINA MISTURADORA DE SOLOS, CAPACIDADE DE 200 A 500 TON/H, POTENCIA 75KW - MATERIAIS NA OPERAÇÃO. AF_07/2016","H",67.57]
[95123,"DISTRIBUIDOR DE AGREGADOS AUTOPROPELIDO, CAP 3 M3, A DIESEL, POTÊNCIA 176CV - DEPRECIAÇÃO. AF_07/2016","H",17.87]
[95124,"DISTRIBUIDOR DE AGREGADOS AUTOPROPELIDO, C/AP 3 M3, A DIESEL, POTÊNCIA 176CV - JUROS. AF_07/2016","H",5.51]
[95125,"DISTRIBUIDOR DE AGREGADOS AUTOPROPELIDO, CAP 3 M3, A DIESEL, POTÊNCIA 176CV - MANUTENÇÃO. AF_07/2016","H",19.56]
[95126,"DISTRIBUIDOR DE AGREGADOS AUTOPROPELIDO, CAP 3 M3, A DIESEL, POTÊNCIA 176CV - MATERIAIS NA OPERAÇÃO. AF_07/2016","H",153.56]
[95129,"MÁQUINA DEMARCADORA DE FAIXA DE TRÁFEGO À FRIO, AUTOPROPELIDA, POTÊNCIA 38 HP - DEPRECIAÇÃO. AF_07/2016","H",47.9]
[95130,"MÁQUINA DEMARCADORA DE FAIXA DE TRÁFEGO À FRIO, AUTOPROPELIDA, POTÊNCIA 38 HP - JUROS. AF_07/2016","H",17.36]
[95131,"MÁQUINA DEMARCADORA DE FAIXA DE TRÁFEGO À FRIO, AUTOPROPELIDA, POTÊNCIA 38 HP - MANUTENÇÃO. AF_07/2016","H",56.38]
[95132,"MÁQUINA DEMARCADORA DE FAIXA DE TRÁFEGO À FRIO, AUTOPROPELIDA, POTÊNCIA 38 HP - MATERIAIS NA OPERAÇÃO. AF_07/2016","H",33.63]
[95136,"TALHA MANUAL DE CORRENTE, CAPACIDADE DE 2 TON. COM ELEVAÇÃO DE 3 M - DEPRECIAÇÃO. AF_07/2016","H",0.03]
[95137,"TALHA MANUAL DE CORRENTE, CAPACIDADE DE 2 TON. COM ELEVAÇÃO DE 3 M - JUROS. AF_07/2016","H",0.01]
[95138,"TALHA MANUAL DE CORRENTE, CAPACIDADE DE 2 TON. COM ELEVAÇÃO DE 3 M - MANUTENÇÃO. AF_07/2016","H",0.02]
[95208,"GRUA ASCENCIONAL, LANÇA DE 42 M, CAPACIDADE DE 1,5 T A 30 M, ALTURA ATÉ 39 M   DEPRECIAÇÃO. AF_05/2023","H",54.13]
[95209,"GRUA ASCENCIONAL, LANCA DE 42 M, CAPACIDADE DE 1,5 T A 30 M, ALTURA ATE 39 M   JUROS. AF_05/2023","H",12.51]
[95210,"GRUA ASCENCIONAL, LANCA DE 42 M, CAPACIDADE DE 1,5 T A 30 M, ALTURA ATE 39 M   MANUTENÇÃO. AF_05/2023","H",59.2]
[95211,"GRUA ASCENCIONAL, LANCA DE 42 M, CAPACIDADE DE 1,5 T A 30 M, ALTURA ATE 39 M   MATERIAIS NA OPERAÇÃO. AF_05/2023","H",9.91]
[95217,"PULVERIZADOR DE TINTA ELÉTRICO/MÁQUINA DE PINTURA AIRLESS, VAZÃO 2 L/MIN - MATERIAIS NA OPERAÇÃO. AF_05/2023","H",0.66]
[95255,"MARTELO DEMOLIDOR PNEUMÁTICO MANUAL, 32 KG - DEPRECIAÇÃO. AF_09/2016","H",1.74]
[95256,"MARTELO DEMOLIDOR PNEUMÁTICO MANUAL, 32 KG - JUROS. AF_09/2016","H",0.4]
[95257,"MARTELO DEMOLIDOR PNEUMÁTICO MANUAL, 32 KG - MANUTENÇÃO. AF_09/2016","H",2.17]
[95260,"COMPACTADOR DE SOLOS DE PERCUSÃO (SOQUETE) COM MOTOR A GASOLINA, POTÊNCIA 3 CV - DEPRECIAÇÃO. AF_09/2016","H",0.71]
[95261,"COMPACTADOR DE SOLOS DE PERCUSÃO (SOQUETE) COM MOTOR A GASOLINA, POTÊNCIA 3 CV - JUROS. AF_09/2016","H",0.19]
[95262,"COMPACTADOR DE SOLOS DE PERCUSÃO (SOQUETE) COM MOTOR A GASOLINA, POTÊNCIA 3 CV - MANUTENÇÃO. AF_09/2016","H",0.89]
[95263,"COMPACTADOR DE SOLOS DE PERCUSÃO (SOQUETE) COM MOTOR A GASOLINA, POTÊNCIA 3 CV - MATERIAIS NA OPERAÇÃO. AF_09/2016","H",4.8]
[95266,"RÉGUA VIBRATÓRIA DUPLA PARA CONCRETO, PESO DE 60KG, COMPRIMENTO 4 M, COM MOTOR A GASOLINA, POTÊNCIA 5,5 HP - DEPRECIAÇÃO. AF_09/2016","H",0.5]
[95267,"RÉGUA VIBRATÓRIA DUPLA PARA CONCRETO, PESO DE 60KG, COMPRIMENTO 4 M, COM MOTOR A GASOLINA, POTÊNCIA 5,5 HP - JUROS. AF_09/2016","H",0.1]
[95268,"RÉGUA VIBRATÓRIA DUPLA PARA CONCRETO, PESO DE 60KG, COMPRIMENTO 4 M, COM MOTOR A GASOLINA, POTÊNCIA 5,5 HP - MANUTENÇÃO. AF_09/2016","H",0.48]
[95269,"RÉGUA VIBRATÓRIA DUPLA PARA CONCRETO, PESO DE 60KG, COMPRIMENTO 4 M, COM MOTOR A GASOLINA, POTÊNCIA 5,5 HP - MATERIAIS NA OPERAÇÃO. AF_09/2016","H",8.87]
[95272,"POLIDORA DE PISO (POLITRIZ), PESO DE 100KG, DIÂMETRO 450 MM, MOTOR ELÉTRICO, POTÊNCIA 4 HP - DEPRECIAÇÃO. AF_05/2023","H",0.49]
[95273,"POLIDORA DE PISO (POLITRIZ), PESO DE 100KG, DIÂMETRO 450 MM, MOTOR ELÉTRICO, POTÊNCIA 4 HP - JUROS. AF_05/2023","H",0.11]
[95274,"POLIDORA DE PISO (POLITRIZ), PESO DE 100KG, DIÂMETRO 450 MM, MOTOR ELÉTRICO, POTÊNCIA 4 HP - MANUTENÇÃO. AF_05/2023","H",0.38]
[95275,"POLIDORA DE PISO (POLITRIZ), PESO DE 100KG, DIÂMETRO 450 MM, MOTOR ELÉTRICO, POTÊNCIA 4 HP - MATERIAIS NA OPERAÇÃO. AF_05/2023","H",2.69]
[95278,"DESEMPENADEIRA DE CONCRETO, PESO DE 78 KG, 4 PÁS, MOTOR A GASOLINA, POTÊNCIA 5,5 HP - DEPRECIAÇÃO. AF_05/2023","H",0.6]
[95279,"DESEMPENADEIRA DE CONCRETO, PESO DE 78 KG, 4 PÁS, MOTOR A GASOLINA, POTÊNCIA 5,5 HP - JUROS. AF_05/2023","H",0.12]
[95280,"DESEMPENADEIRA DE CONCRETO, PESO DE 78 KG, 4 PÁS, MOTOR A GASOLINA, POTÊNCIA 5,5 HP - MANUTENÇÃO. AF_05/2023","H",0.58]
[95281,"DESEMPENADEIRA DE CONCRETO, PESO DE 78 KG, 4 PÁS, MOTOR A GASOLINA, POTÊNCIA 5,5 HP   MATERIAIS NA OPERAÇÃO. AF_05/2023","H",8.87]
[95617,"PERFURATRIZ PNEUMATICA MANUAL DE PESO MEDIO, MARTELETE, 18KG, COMPRIMENTO MÁXIMO DE CURSO DE 6 M, DIAMETRO DO PISTAO DE 5,5 CM - DEPRECIAÇÃO. AF_11/2016","H",1.42]
[95618,"PERFURATRIZ PNEUMATICA MANUAL DE PESO MEDIO, MARTELETE, 18KG, COMPRIMENTO MÁXIMO DE CURSO DE 6 M, DIAMETRO DO PISTAO DE 5,5 CM - JUROS. AF_11/2016","H",0.33]
[95619,"PERFURATRIZ PNEUMATICA MANUAL DE PESO MEDIO, MARTELETE, 18KG, COMPRIMENTO MÁXIMO DE CURSO DE 6 M, DIAMETRO DO PISTAO DE 5,5 CM - MANUTENÇÃO. AF_11/2016","H",1.78]
[95627,"ROLO COMPACTADOR VIBRATORIO TANDEM, ACO LISO, POTENCIA 125 HP, PESO SEM/COM LASTRO 10,20/11,65 T, LARGURA DE TRABALHO 1,73 M - DEPRECIAÇÃO. AF_11/2016","H",47.95]
[95628,"ROLO COMPACTADOR VIBRATORIO TANDEM, ACO LISO, POTENCIA 125 HP, PESO SEM/COM LASTRO 10,20/11,65 T, LARGURA DE TRABALHO 1,73 M - JUROS. AF_11/2016","H",12.86]
[95629,"ROLO COMPACTADOR VIBRATORIO TANDEM, ACO LISO, POTENCIA 125 HP, PESO SEM/COM LASTRO 10,20/11,65 T, LARGURA DE TRABALHO 1,73 M - MANUTENÇÃO. AF_11/2016","H",60.01]
[95630,"ROLO COMPACTADOR VIBRATORIO TANDEM, ACO LISO, POTENCIA 125 HP, PESO SEM/COM LASTRO 10,20/11,65 T, LARGURA DE TRABALHO 1,73 M - MATERIAIS NA OPERAÇÃO. AF_11/2016","H",93.1]
[95698,"PERFURATRIZ MANUAL, TORQUE MAXIMO 55 KGF.M, POTENCIA 5 CV, COM DIAMETRO MAXIMO 8 1/2\" - DEPRECIAÇÃO. AF_11/2016","H",5.79]
[95699,"PERFURATRIZ MANUAL, TORQUE MAXIMO 55 KGF.M, POTENCIA 5 CV, COM DIAMETRO MAXIMO 8 1/2\" - JUROS. AF_11/2016","H",1.33]
[95700,"PERFURATRIZ MANUAL, TORQUE MAXIMO 55 KGF.M, POTENCIA 5 CV, COM DIAMETRO MAXIMO 8 1/2\" - MANUTENÇÃO. AF_11/2016","H",7.24]
[95701,"PERFURATRIZ MANUAL, TORQUE MAXIMO 55 KGF.M, POTENCIA 5 CV, COM DIAMETRO MAXIMO 8 1/2\" - MATERIAIS NA OPERAÇÃO. AF_11/2016","H",3.31]
[95704,"PERFURATRIZ SOBRE ESTEIRA, TORQUE MÁXIMO 600 KGF, POTÊNCIA ENTRE 50 E 60 HP, DIÂMETRO MÁXIMO 10\" - DEPRECIAÇÃO. AF_11/2016","H",53.38]
[95705,"PERFURATRIZ SOBRE ESTEIRA, TORQUE MÁXIMO 600 KGF, POTÊNCIA ENTRE 50 E 60 HP, DIÂMETRO MÁXIMO 10\" - JUROS. AF_11/2016","H",14.32]
[95706,"PERFURATRIZ SOBRE ESTEIRA, TORQUE MÁXIMO 600 KGF, POTÊNCIA ENTRE 50 E 60 HP, DIÂMETRO MÁXIMO 10\" - MANUTENÇÃO. AF_11/2016","H",66.8]
[95707,"PERFURATRIZ SOBRE ESTEIRA, TORQUE MÁXIMO 600 KGF, POTÊNCIA ENTRE 50 E 60 HP, DIÂMETRO MÁXIMO 10\" - MATERIAIS NA OPERAÇÃO. AF_11/2016","H",4.34]
[95716,"ESCAVADEIRA HIDRAULICA SOBRE ESTEIRA, EQUIPADA COM CLAMSHELL, COM CAPACIDADE DA CAÇAMBA ENTRE 1,20 E 1,50 M3, PESO OPERACIONAL ENTRE 20,00 E 22,00 TON, POTENCIA LIQUIDA ENTRE 150 E 160 HP - DEPRECIAÇÃO. AF_11/2016","H",64.19]
[95717,"ESCAVADEIRA HIDRAULICA SOBRE ESTEIRA, EQUIPADA COM CLAMSHELL, COM CAPACIDADE DA CAÇAMBA ENTRE 1,20 E 1,50 M3, PESO OPERACIONAL ENTRE 20,00 E 22,00 TON, POTENCIA LIQUIDA ENTRE 150 E 160 HP - JUROS. AF_11/2016","H",16.96]
[95718,"ESCAVADEIRA HIDRAULICA SOBRE ESTEIRA, EQUIPADA COM CLAMSHELL, COM CAPACIDADE DA CAÇAMBA ENTRE 1,20 E 1,50 M3, PESO OPERACIONAL ENTRE 20,00 E 22,00 TON, POTENCIA LIQUIDA ENTRE 150 E 160 HP - MANUTENÇÃO. AF_11/2016","H",80.24]
[95719,"ESCAVADEIRA HIDRAULICA SOBRE ESTEIRA, EQUIPADA COM CLAMSHELL, COM CAPACIDADE DA CAÇAMBA ENTRE 1,20 E 1,50 M3, PESO OPERACIONAL ENTRE 20,00 E 22,00 TON, POTENCIA LIQUIDA ENTRE 150 E 160 HP - MATERIAIS NA OPERAÇÃO. AF_11/2016","H",93.78]
[95869,"GRUPO GERADOR COM CARENAGEM, MOTOR DIESEL POTÊNCIA STANDART ENTRE 250 E 260 KVA - JUROS. AF_12/2016","H",3.58]
[95870,"GRUPO GERADOR COM CARENAGEM, MOTOR DIESEL POTÊNCIA STANDART ENTRE 250 E 260 KVA - MANUTENÇÃO. AF_12/2016","H",9.08]
[95871,"GRUPO GERADOR COM CARENAGEM, MOTOR DIESEL POTÊNCIA STANDART ENTRE 250 E 260 KVA - MATERIAIS NA OPERAÇÃO. AF_12/2016","H",284.79]
[95874,"GRUPO GERADOR COM CARENAGEM, MOTOR DIESEL POTÊNCIA STANDART ENTRE 250 E 260 KVA - DEPRECIAÇÃO. AF_12/2016","H",10.17]
[96008,"TRATOR DE PNEUS COM POTÊNCIA DE 122 CV, TRAÇÃO 4X4, COM VASSOURA MECÂNICA ACOPLADA - DEPRECIAÇÃO. AF_02/2017","H",23.49]
[96009,"TRATOR DE PNEUS COM POTÊNCIA DE 122 CV, TRAÇÃO 4X4, COM VASSOURA MECÂNICA ACOPLADA - JUROS. AF_02/2017","H",6.29]
[96011,"TRATOR DE PNEUS COM POTÊNCIA DE 122 CV, TRAÇÃO 4X4, COM VASSOURA MECÂNICA ACOPLADA - MANUTENÇÃO. AF_02/2017","H",25.7]
[96012,"TRATOR DE PNEUS COM POTÊNCIA DE 122 CV, TRAÇÃO 4X4, COM VASSOURA MECÂNICA ACOPLADA - MATERIAIS NA OPERAÇÃO. AF_02/2017","H",100.83]
[96015,"TRATOR DE PNEUS COM POTÊNCIA DE 122 CV, TRAÇÃO 4X4, COM GRADE DE DISCOS ACOPLADA - DEPRECIAÇÃO. AF_02/2017","H",23.29]
[96016,"TRATOR DE PNEUS COM POTÊNCIA DE 122 CV, TRAÇÃO 4X4, COM GRADE DE DISCOS ACOPLADA - JUROS. AF_02/2017","H",6.24]
[96018,"TRATOR DE PNEUS COM POTÊNCIA DE 122 CV, TRAÇÃO 4X4, COM GRADE DE DISCOS ACOPLADA - MANUTENÇÃO. AF_02/2017","H",25.48]
[96019,"TRATOR DE PNEUS COM POTÊNCIA DE 122 CV, TRAÇÃO 4X4, COM GRADE DE DISCOS ACOPLADA - MATERIAIS NA OPERAÇÃO. AF_02/2017","H",100.83]
[96023,"TRATOR DE PNEUS COM POTÊNCIA DE 85 CV, TRAÇÃO 4X4, COM GRADE DE DISCOS ACOPLADA - DEPRECIAÇÃO. AF_02/2017","H",17.96]
[96024,"TRATOR DE PNEUS COM POTÊNCIA DE 85 CV, TRAÇÃO 4X4, COM GRADE DE DISCOS ACOPLADA - JUROS. AF_02/2017","H",4.81]
[96026,"TRATOR DE PNEUS COM POTÊNCIA DE 85 CV, TRAÇÃO 4X4, COM GRADE DE DISCOS ACOPLADA - MANUTENÇÃO. AF_02/2017","H",19.65]
[96027,"TRATOR DE PNEUS COM POTÊNCIA DE 85 CV, TRAÇÃO 4X4, COM GRADE DE DISCOS ACOPLADA - MATERIAIS NA OPERAÇÃO. AF_02/2017","H",70.26]
[96030,"CAMINHÃO BASCULANTE 10 M3, TRUCADO, POTÊNCIA 230 CV, INCLUSIVE CAÇAMBA METÁLICA, COM DISTRIBUIDOR DE AGREGADOS ACOPLADO - DEPRECIAÇÃO. AF_02/2017","H",35.65]
[96031,"CAMINHÃO BASCULANTE 10 M3, TRUCADO, POTÊNCIA 230 CV, INCLUSIVE CAÇAMBA METÁLICA, COM DISTRIBUIDOR DE AGREGADOS ACOPLADO - JUROS. AF_02/2017","H",12.53]
[96032,"CAMINHÃO BASCULANTE 10 M3, TRUCADO, POTÊNCIA 230 CV, INCLUSIVE CAÇAMBA METÁLICA, COM DISTRIBUIDOR DE AGREGADOS ACOPLADO - IMPOSTOS E SEGUROS. AF_02/2017","H",5.03]
[96033,"CAMINHÃO BASCULANTE 10 M3, TRUCADO, POTÊNCIA 230 CV, INCLUSIVE CAÇAMBA METÁLICA, COM DISTRIBUIDOR DE AGREGADOS ACOPLADO - MANUTENÇÃO. AF_02/2017","H",57.9]
[96034,"CAMINHÃO BASCULANTE 10 M3, TRUCADO, POTÊNCIA 230 CV, INCLUSIVE CAÇAMBA METÁLICA, COM DISTRIBUIDOR DE AGREGADOS ACOPLADO - MATERIAIS NA OPERAÇÃO. AF_02/2017","H",147.88]
[96053,"TRATOR DE PNEUS COM POTÊNCIA DE 85 CV, TRAÇÃO 4X4, COM VASSOURA MECÂNICA ACOPLADA - DEPRECIAÇÃO. AF_03/2017","H",18.16]
[96054,"MINICARREGADEIRA SOBRE RODAS POTENCIA 47HP CAPACIDADE OPERACAO 646 KG, COM VASSOURA MECÂNICA ACOPLADA - DEPRECIAÇÃO. AF_03/2017","H",32.51]
[96055,"TRATOR DE PNEUS COM POTÊNCIA DE 85 CV, TRAÇÃO 4X4, COM VASSOURA MECÂNICA ACOPLADA - JUROS. AF_03/2017","H",4.86]
[96056,"TRATOR DE PNEUS COM POTÊNCIA DE 85 CV, TRAÇÃO 4X4, COM VASSOURA MECÂNICA ACOPLADA - MANUTENÇÃO. AF_03/2017","H",19.87]
[96057,"TRATOR DE PNEUS COM POTÊNCIA DE 85 CV, TRAÇÃO 4X4, COM VASSOURA MECÂNICA ACOPLADA - MATERIAIS NA OPERAÇÃO. AF_03/2017","H",70.26]
[96060,"MINICARREGADEIRA SOBRE RODAS POTENCIA 47HP CAPACIDADE OPERACAO 646 KG, COM VASSOURA MECÂNICA ACOPLADA - JUROS. AF_03/2017","H",6.66]
[96061,"MINICARREGADEIRA SOBRE RODAS POTENCIA 47HP CAPACIDADE OPERACAO 646 KG, COM VASSOURA MECÂNICA ACOPLADA - MANUTENÇÃO. AF_03/2017","H",40.64]
[96062,"MINICARREGADEIRA SOBRE RODAS POTENCIA 47HP CAPACIDADE OPERACAO 646 KG, COM VASSOURA MECÂNICA ACOPLADA - MATERIAIS NA OPERAÇÃO. AF_03/2017","H",41.55]
[96241,"MINIESCAVADEIRA SOBRE ESTEIRAS, POTÊNCIA LÍQUIDA DE *30* HP, PESO OPERACIONAL DE *3.500* KG - DEPRECIAÇÃO. AF_04/2017","H",30.6]
[96242,"MINIESCAVADEIRA SOBRE ESTEIRAS, POTÊNCIA LÍQUIDA DE *30* HP, PESO OPERACIONAL DE *3.500* KG - JUROS. AF_04/2017","H",8.08]
[96243,"MINIESCAVADEIRA SOBRE ESTEIRAS, POTÊNCIA LÍQUIDA DE *30* HP, PESO OPERACIONAL DE *3.500* KG - MANUTENÇÃO. AF_04/2017","H",38.25]
[96244,"MINIESCAVADEIRA SOBRE ESTEIRAS, POTÊNCIA LÍQUIDA DE *30* HP, PESO OPERACIONAL DE *3.500* KG - MATERIAIS NA OPERAÇÃO. AF_04/2017","H",18.15]
[96301,"PERFURATRIZ ROTATIVA SOBRE ESTEIRA, TORQUE MAXIMO 2500 KGM, POTENCIA 110 HP, MOTOR DIESEL - MATERIAIS NA OPERAÇÃO. AF_05/2017","H",51.23]
[96457,"ROLO COMPACTADOR DE PNEUS, ESTÁTICO, PRESSÃO VARIÁVEL, POTÊNCIA 110 HP, PESO SEM/COM LASTRO 10,8/27 T, LARGURA DE ROLAGEM 2,30 M - MATERIAIS NA OPERAÇÃO. AF_06/2017","H",66.58]
[96458,"ROLO COMPACTADOR DE PNEUS, ESTÁTICO, PRESSÃO VARIÁVEL, POTÊNCIA 110 HP, PESO SEM/COM LASTRO 10,8/27 T, LARGURA DE ROLAGEM 2,30 M - MANUTENÇÃO. AF_06/2017","H",66.55]
[96459,"ROLO COMPACTADOR DE PNEUS, ESTÁTICO, PRESSÃO VARIÁVEL, POTÊNCIA 110 HP, PESO SEM/COM LASTRO 10,8/27 T, LARGURA DE ROLAGEM 2,30 M - JUROS. AF_06/2017","H",14.26]
[96460,"ROLO COMPACTADOR DE PNEUS, ESTÁTICO, PRESSÃO VARIÁVEL, POTÊNCIA 110 HP, PESO SEM/COM LASTRO 10,8/27 T, LARGURA DE ROLAGEM 2,30 M - DEPRECIAÇÃO. AF_06/2017","H",53.18]
[98760,"INVERSOR DE SOLDA MONOFÁSICO DE 160 A, POTÊNCIA DE 5400 W, TENSÃO DE 220 V, PARA SOLDA COM ELETRODOS DE 2,0 A 4,0 MM E PROCESSO TIG - DEPRECIAÇÃO. AF_06/2018","H",0.08]
[98761,"INVERSOR DE SOLDA MONOFÁSICO DE 160 A, POTÊNCIA DE 5400 W, TENSÃO DE 220 V, PARA SOLDA COM ELETRODOS DE 2,0 A 4,0 MM E PROCESSO TIG - JUROS. AF_06/2018","H",0.02]
[98762,"INVERSOR DE SOLDA MONOFÁSICO DE 160 A, POTÊNCIA DE 5400 W, TENSÃO DE 220 V, PARA SOLDA COM ELETRODOS DE 2,0 A 4,0 MM E PROCESSO TIG - MANUTENÇÃO. AF_06/2018","H",0.11]
[98763,"INVERSOR DE SOLDA MONOFÁSICO DE 160 A, POTÊNCIA DE 5400 W, TENSÃO DE 220 V, PARA SOLDA COM ELETRODOS DE 2,0 A 4,0 MM E PROCESSO TIG - MATERIAIS NA OPERAÇÃO. AF_06/2018","H",4.86]
[99829,"LAVADORA DE ALTA PRESSAO (LAVA-JATO) PARA AGUA FRIA, PRESSAO DE OPERACAO ENTRE 1400 E 1900 LIB/POL2, VAZAO MAXIMA ENTRE 400 E 700 L/H - DEPRECIAÇÃO. AF_05/2023","H",0.2]
[99830,"LAVADORA DE ALTA PRESSAO (LAVA-JATO) PARA AGUA FRIA, PRESSAO DE OPERACAO ENTRE 1400 E 1900 LIB/POL2, VAZAO MAXIMA ENTRE 400 E 700 L/H - JUROS. AF_05/2023","H",0.04]
[99831,"LAVADORA DE ALTA PRESSAO (LAVA-JATO) PARA AGUA FRIA, PRESSAO DE OPERACAO ENTRE 1400 E 1900 LIB/POL2, VAZAO MAXIMA ENTRE 400 E 700 L/H - MANUTENÇÃO. AF_05/2023","H",0.13]
[99832,"LAVADORA DE ALTA PRESSAO (LAVA-JATO) PARA AGUA FRIA, PRESSAO DE OPERACAO ENTRE 1400 E 1900 LIB/POL2, VAZAO MAXIMA ENTRE 400 E 700 L/H - MATERIAIS NA OPERAÇÃO. AF_05/2023","H",4.68]
[100637,"USINA DE MISTURA ASFÁLTICA À QUENTE, TIPO CONTRA FLUXO, PROD 100 A 140 TON/HORA - DEPRECIAÇÃO. AF_12/2019","H",193.24]
[100638,"USINA DE MISTURA ASFÁLTICA À QUENTE, TIPO CONTRA FLUXO, PROD 100 A 140 TON/HORA - JUROS. AF_12/2019","H",59.4]
[100639,"USINA DE MISTURA ASFÁLTICA À QUENTE, TIPO CONTRA FLUXO, PROD 100 A 140 TON/HORA - MANUTENÇÃO. AF_12/2019","H",241.74]
[100640,"USINA DE MISTURA ASFÁLTICA À QUENTE, TIPO CONTRA FLUXO, PROD 100 A 140 TON/HORA - MATERIAIS NA OPERAÇÃO. AF_12/2019","H",{"v":4492.8,"d":"4,492.80"}]
[100643,"USINA DE ASFALTO, TIPO GRAVIMÉTRICA, PROD 150 TON/HORA - DEPRECIAÇÃO. AF_12/2019","H",395.96]
[100644,"USINA DE ASFALTO, TIPO GRAVIMÉTRICA, PROD 150 TON/HORA - JUROS. AF_12/2019","H",139.57]
[100645,"USINA DE ASFALTO, TIPO GRAVIMÉTRICA, PROD 150 TON/HORA - MANUTENÇÃO. AF_12/2019","H",636.51]
[100646,"USINA DE ASFALTO, TIPO GRAVIMÉTRICA, PROD 150 TON/HORA - MATERIAIS NA OPERAÇÃO. AF_12/2019","H",{"v":5616,"d":"5,616.00"}]
[102270,"MARTELO DEMOLIDOR ELÉTRICO, COM POTÊNCIA DE 2.000 W, 1.000 IMPACTOS POR MINUTO, PESO DE 30 KG - DEPRECIAÇÃO. AF_01/2021","H",0.86]
[102271,"MARTELO DEMOLIDOR ELÉTRICO, COM POTÊNCIA DE 2.000 W, 1.000 IMPACTOS POR MINUTO, PESO DE 30 KG - JUROS. AF_01/2021","H",0.19]
[102272,"MARTELO DEMOLIDOR ELÉTRICO, COM POTÊNCIA DE 2.000 W, 1.000 IMPACTOS POR MINUTO, PESO DE 30 KG - MANUTENÇÃO. AF_01/2021","H",1.07]
[102273,"MARTELO DEMOLIDOR ELÉTRICO, COM POTÊNCIA DE 2.000 W, 1.000 IMPACTOS POR MINUTO, PESO DE 30 KG - MATERIAIS NA OPERAÇÃO. AF_01/2021","H",1.8]
[102809,"CALDEIRA A GÁS COM TERMOSTATO, CAPACIDADE 100 LITROS - MATERIAIS NA OPERAÇÃO. AF_05/2023","H",18.8]
[102815,"CENTRAL DE LAMA BENTONÍTICA (DEPÓSITO DE BENTONITA, MISTURADOR DE ALTA TURBULÊNCIA, SILOS DE ARMAZENAMENTO DE LAMA E ÁGUA, LABORATÓRIO DE CONTROLE DE QUALIDADE DA LAMA) - MATERIAIS NA OPERAÇÃO. AF_04/2019","H",3.6]
[102826,"CONJUNTO MACACO E BOMBA HIDRÁULICA PARA PROTENSAO DE CORDOALHAS, ESFORÇO MAXIMO DE 115 TONELADAS - MATERIAIS NA OPERAÇÃO. AF_05/2023","H",6.76]
[102832,"CONJUNTO CILINDRO E BOMBA HIDRÁULICA PARA PROTENSÃO DE MONOBARRAS PARA TIRANTES, ESFORÇO MÁXIMO DE 30 TONELADAS  - MATERIAIS NA OPERAÇÃO. AF_05/2023","H",9.01]
[102843,"GUINDASTE HIDRAULICO AUTOPROPELIDO, COM LANÇA TRELIÇADA 40 M, CAPACIDADE MÁXIMA 75 T, EQUIPADO COM CLAMSHELL - MATERIAIS NA OPERAÇÃO. AF_04/2019","H",140.4]
[102849,"GUINDASTE SOBRE ESTEIRAS, COM LANÇA TRELIÇADA 40 M, CAPACIDADE MÁXIMA 75 T - MATERIAIS NA OPERAÇÃO. AF_04/2019","H",68.64]
[102855,"GUINDASTE SOBRE ESTEIRAS, COM LANÇA TRELIÇADA 40 M, CAPACIDADE MÁXIMA 75 T, EQUIPADO COM CLAMSHELL - MATERIAIS NA OPERAÇÃO. AF_04/2019","H",68.64]
[102861,"MÁQUINA FORMER DOBRAS DIVERSAS: 220V/380V TRIFÁSICO OU MONOFÁSICO, CAPACIDADE 0,5-1,27MM, MOTOR 2CV - MATERIAIS NA OPERAÇÃO. AF_05/2023","H",1.32]
[102867,"MÁQUINA SOLDA ARCO COM PISTOLA DE SOLDAGEM PARA STUD BOLT DE 5 MM A 22 MM - MATERIAIS NA OPERAÇÃO. AF_05/2023","H",0.72]
[102870,"PERFURATRIZ HIDRÁULICA SOBRE ESTEIRA, TORQUE MÁXIMO 161 KNM, PROFUNDIDADE MÁXIMA 54 M, DIÂMETRO MÁXIMO 1500 MM, POTÊNCIA MOTOR 268 HP - DEPRECIAÇÃO. AF_04/2019","H",347.81]
[102871,"PERFURATRIZ HIDRÁULICA SOBRE ESTEIRA, TORQUE MÁXIMO 161 KNM, PROFUNDIDADE MÁXIMA 54 M, DIÂMETRO MÁXIMO 1500 MM, POTÊNCIA MOTOR 268 HP - JUROS. AF_04/2019","H",93.96]
[102872,"PERFURATRIZ HIDRÁULICA SOBRE ESTEIRA, TORQUE MÁXIMO 161 KNM, PROFUNDIDADE MÁXIMA 54 M, DIÂMETRO MÁXIMO 1500 MM, POTÊNCIA MOTOR 268 HP - MANUTENÇÃO. AF_04/2019","H",435.25]
[102873,"PERFURATRIZ HIDRÁULICA SOBRE ESTEIRA, TORQUE MÁXIMO 161 KNM, PROFUNDIDADE MÁXIMA 54 M, DIÂMETRO MÁXIMO 1500 MM, POTÊNCIA MOTOR 268 HP - MATERIAIS NA OPERAÇÃO. AF_04/2019","H",124.73]
[102876,"PERFURATRIZ PARA EXECUÇÃO DE ESTACAS SECANTES, TIPO HÉLICE CONTÍNUA COM CABEÇOTE DUPLO E TUBO METÁLICO - DEPRECIAÇÃO. AF_04/2019","H",483.34]
[102877,"PERFURATRIZ PARA EXECUÇÃO DE ESTACAS SECANTES, TIPO HÉLICE CONTÍNUA COM CABEÇOTE DUPLO E TUBO METÁLICO - JUROS. AF_04/2019","H",130.58]
[102878,"PERFURATRIZ PARA EXECUÇÃO DE ESTACAS SECANTES, TIPO HÉLICE CONTÍNUA COM CABEÇOTE DUPLO E TUBO METÁLICO - MANUTENÇÃO. AF_04/2019","H",604.86]
[102879,"PERFURATRIZ PARA EXECUÇÃO DE ESTACAS SECANTES, TIPO HÉLICE CONTÍNUA COM CABEÇOTE DUPLO E TUBO METÁLICO - MATERIAIS NA OPERAÇÃO. AF_04/2019","H",187.2]
[102885,"PLATAFORMA ELEVATÓRIA - MATERIAIS NA OPERAÇÃO. AF_04/2019","H",1.35]
[102891,"PÓRTICO ROLANTE MONOVIGA, PERFIL I, 4 PERNAS, CAPACIDADE 5 T  - MATERIAIS NA OPERAÇÃO. AF_04/2019","H",1.35]
[102897,"ESCAVADEIRA HIDRÁULICA SOBRE ESTEIRA, PESO OPERACIONAL ENTRE 22,00 E 23,50 T, POTÊNCIA NOMINAL 139 HP, COM MARTELO ROMPEDOR HIDRÁULICO 1700 KG - MATERIAIS NA OPERAÇÃO. AF_04/2019","H",93.78]
[102903,"TORRE, COMPOSTA POR GUINCHO MECÂNICO, GUINCHO MANUAL, CABOS DE AÇO, PITEIRA E SOQUETE  - MATERIAIS NA OPERAÇÃO. AF_05/2023","H",12.16]
[102909,"UNIDADE DOSADORA AIRLESS TIPO HOT SPRAY - MATERIAIS NA OPERAÇÃO. AF_05/2023","H",4.32]
[102915,"ENCERADEIRA INDUSTRIAL, 400 MM, 220V, 1 HP - MATERIAIS NA OPERAÇÃO. AF_05/2023","H",0.66]
[102927,"SERRA FITA HORIZONTAL, ELÉTRICA, COM CONTROLE HIDRÁULICO, PAINEL DE COMANDO EM 24 V, MOTOR ELÉTRICO 1,5 CV, DIMENSÕES DA FITA 3880 X 27 X 0,9 MM, TRIFÁSICA - MATERIAIS NA OPERAÇÃO. AF_05/2023","H",0.99]
[102933,"FURADEIRA ELETROMAGNÉTICA, VELOCIDADE (SEM CARGA/ COM CARGA) 450/ 270 RPM, ESPESSURA MÁXIMA DA CHAPA A SER FURADA 50 MM, PORÇA DE ADESÃO MAGNÉTICA 17000 N, POTÊNCIA 1100 W, ALIMENTÇÃO 220 - 60 HZ, MONOFÁSICA - MATERIAIS NA OPERAÇÃO. AF_08/2019","H",0.99]
[102939,"MÁQUINA METALEIRA UNIVERSAL MODELO IW 110/180 BTD - MATERIAIS NA OPERAÇÃO. AF_05/2023","H",9.91]
[102945,"TARTARUGA DE OXICORTE CG1, MONOFÁSICA, 220 V, FREQUÊNCIA 50 HZ, VELOCIDADE DE CORTE (MM/MIN) 50 A 750, DIÂMETRO MÍNIMO DO COMPASSO MM 200 - MATERIAIS NA OPERAÇÃO. AF_05/2023","H",0.02]
[102951,"BETONEIRA CAPACIDADE NOMINAL DE 250 L, CAPACIDADE DE MISTURA DE 175 L, MOTOR ELÉTRICO MONOFÁSICO POTÊNCIA 1CV - MATERIAIS NA OPERAÇÃO. AF_05/2023","H",0.66]
[102957,"RETROESCAVADEIRA SOBRE RODAS COM CARREGADEIRA , PESO OPERACIONAL MÍN. 6,674, POTÊNCIA LÍQ 88 HP, COM MARTELO ROMPEDOR HIDRÁULICO ENTRE  275 A 362 KG - MATERIAIS NA OPERAÇÃO. AF_02/2021","H",40.99]
[102960,"PERFURATRIZ HIDRÁULICA SOBRE ESTEIRA, TORQUE MÁXIMO 98 KNM, PROFUNDIDADE MÁXIMA 25 M, DIÂMETRO MÁXIMO 115 MM, POTÊNCIA MOTOR 190 HP - DEPRECIAÇÃO. AF_02/2021","H",168.8]
[102961,"PERFURATRIZ HIDRÁULICA SOBRE ESTEIRA, TORQUE MÁXIMO 98 KNM, PROFUNDIDADE MÁXIMA 25 M, DIÂMETRO MÁXIMO 115 MM, POTÊNCIA MOTOR 190 HP - JUROS. AF_02/2021","H",45.6]
[102962,"PERFURATRIZ HIDRÁULICA SOBRE ESTEIRA, TORQUE MÁXIMO 98 KNM, PROFUNDIDADE MÁXIMA 25 M, DIÂMETRO MÁXIMO 115 MM, POTÊNCIA MOTOR 190 HP - MANUTENÇÃO. AF_02/2021","H",158.35]
[102963,"PERFURATRIZ HIDRÁULICA SOBRE ESTEIRA, TORQUE MÁXIMO 98 KNM, PROFUNDIDADE MÁXIMA 25 M, DIÂMETRO MÁXIMO 115 MM, POTÊNCIA MOTOR 190 HP - MATERIAIS NA OPERAÇÃO. AF_02/2021","H",88.42]
[102969,"COMPRESSOR DE AR, VAZAO DE 10 PCM, RESERVATORIO 100 L, PRESSAO DE TRABALHO ENTRE 6,9 E 9,7 BAR, POTENCIA 2 HP, TENSAO 110/220 V - MATERIAIS NA OPERAÇÃO. AF_05/2023","H",0.15]
[102972,"PERFURATRIZ ROTATIVA SOBRE ESTEIRA, TORQUE MAXIMO 2500 KGM, POTENCIA 110 HP, MOTOR DIESEL - DEPRECIAÇÃO. AF_05/2017","H",90.09]
[102973,"PERFURATRIZ ROTATIVA SOBRE ESTEIRA, TORQUE MAXIMO 2500 KGM, POTENCIA 110 HP, MOTOR DIESEL - JUROS. AF_05/2017","H",25.01]
[102974,"PERFURATRIZ ROTATIVA SOBRE ESTEIRA, TORQUE MAXIMO 2500 KGM, POTENCIA 110 HP, MOTOR DIESEL - MANUTENÇÃO. AF_05/2017","H",84.51]
[102985,"MÁQUINA DEMARCADORA DE FAIXA DE TRÁFEGO À FRIO, TRAÇÃO MANUAL, 4 CV, PRESSÃO MAX 3300 PSI, TANQUE 20 L - MATERIAIS NA OPERAÇÃO. AF_06/2021","H",15.6]
[103156,"MÁQUINA PARA SOLDA POR ELETROFUSÃO PARA TUBOS DE POLIETILENO DE ALTA DENSIDADE (PEAD) COM DIÂMETRO EXTERNO DE 20 A 800 MM, POTÊNCIA ENTRE 2750 E 3000 W - MATERIAIS NA OPERAÇÃO. AF_05/2023","H",2.52]
[103162,"MÁQUINA PARA SOLDA POR ELETROFUSÃO PARA TUBOS DE POLIETILENO DE ALTA DENSIDADE (PEAD) COM DIÂMETRO EXTERNO DE 20 A 1600 MM, POTÊNCIA DE 3500 W - MATERIAIS NA OPERAÇÃO. AF_05/2023","H",0.71]
[103168,"MÁQUINA PARA SOLDA POR TERMOFUSÃO PARA TUBOS DE POLIETILENO DE ALTA DENSIDADE (PEAD) COM DIÂMETRO EXTERNO DE 90 A 315 MM, POTÊNCIA ENTRE 2500 E 5350 W - MATERIAIS NA OPERAÇÃO. AF_05/2023","H",0.8]
[103174,"MÁQUINA PARA SOLDA POR TERMOFUSÃO PARA TUBOS DE POLIETILENO DE ALTA DENSIDADE (PEAD) COM DIÂMETRO EXTERNO DE 315 A 630 MM, POTÊNCIA ENTRE 8000 E 12350 W - MATERIAIS NA OPERAÇÃO. AF_05/2023","H",2.01]
[103180,"MÁQUINA PARA SOLDA POR TERMOFUSÃO PARA TUBOS DE POLIETILENO DE ALTA DENSIDADE (PEAD) COM DIÂMETRO EXTERNO DE 710 A 1200 MM, POTÊNCIA ENTRE 16000 E 29500 W - MATERIAIS NA OPERAÇÃO. AF_05/2023","H",4.63]
[103220,"PERFURATRIZ PARA FURO DIRECIONAL HORIZONTAL (HDD) COM CAPACIDADE ATÉ 89 KN, POTÊNCIA 24,8 HP A 80 HP (INCLUSO FERRAMENTAS E LOCALIZADOR) - DEPRECIAÇÃO. AF_05/2023","H",147.81]
[103221,"PERFURATRIZ PARA FURO DIRECIONAL HORIZONTAL (HDD) COM CAPACIDADE ATÉ 89 KN, POTÊNCIA 24,8 HP A 80 HP (INCLUSO FERRAMENTAS E LOCALIZADOR) - JUROS. AF_05/2023","H",39.93]
[103222,"PERFURATRIZ PARA FURO DIRECIONAL HORIZONTAL (HDD) COM CAPACIDADE ATÉ 89 KN, POTÊNCIA 24,8 HP A 80 HP (INCLUSO FERRAMENTAS E LOCALIZADOR) - MANUTENÇÃO. AF_05/2023","H",184.98]
[103223,"PERFURATRIZ PARA FURO DIRECIONAL HORIZONTAL (HDD) COM CAPACIDADE ATÉ 89 KN, POTÊNCIA 24,8 HP A 80 HP (INCLUSO FERRAMENTAS E LOCALIZADOR) - MATERIAIS NA OPERAÇÃO. AF_05/2023","H",36.56]
[103226,"PERFURATRIZ PARA FURO DIRECIONAL HORIZONTAL (HDD) COM CAPACIDADE DE 90 KN A 200 KN, POTÊNCIA 100 HP A 160 HP (INCLUSO FERRAMENTAS E LOCALIZADOR) - DEPRECIAÇÃO. AF_05/2023","H",339.12]
[103227,"PERFURATRIZ PARA FURO DIRECIONAL HORIZONTAL (HDD) COM CAPACIDADE DE 90 KN A 200 KN, POTÊNCIA 100 HP A 160 HP (INCLUSO FERRAMENTAS E LOCALIZADOR) - JUROS. AF_05/2023","H",91.62]
[103228,"PERFURATRIZ PARA FURO DIRECIONAL HORIZONTAL (HDD) COM CAPACIDADE DE 90 KN A 200 KN, POTÊNCIA 100 HP A 160 HP (INCLUSO FERRAMENTAS E LOCALIZADOR - MANUTENÇÃO. AF_05/2023","H",424.38]
[103229,"PERFURATRIZ PARA FURO DIRECIONAL HORIZONTAL (HDD) COM CAPACIDADE DE 90 KN A 200 KN, POTÊNCIA 100 HP A 160 HP (INCLUSO FERRAMENTAS E LOCALIZADOR) - MATERIAIS NA OPERAÇÃO. AF_05/2023","H",90.79]
[103232,"PERFURATRIZ PARA FURO DIRECIONAL HORIZONTAL (HDD) COM CAPACIDADE DE 201 KN A 560 KN, POTÊNCIA 200 HP A 260 HP (INCLUSO FERRAMENTAS E LOCALIZADOR) - DEPRECIAÇÃO. AF_05/2023","H",463.76]
[103233,"PERFURATRIZ PARA FURO DIRECIONAL HORIZONTAL (HDD) COM CAPACIDADE DE 201 KN A 560 KN, POTÊNCIA 200 HP A 260 HP (INCLUSO FERRAMENTAS E LOCALIZADOR) - JUROS. AF_05/2023","H",125.29]
[103234,"PERFURATRIZ PARA FURO DIRECIONAL HORIZONTAL (HDD) COM CAPACIDADE DE 201 KN A 560 KN, POTÊNCIA 200 HP A 260 HP (INCLUSO FERRAMENTAS E LOCALIZADOR) - MANUTENÇÃO. AF_05/2023","H",609.06]
[103235,"PERFURATRIZ PARA FURO DIRECIONAL HORIZONTAL (HDD) COM CAPACIDADE DE 201 KN A 560 KN, POTÊNCIA 200 HP A 260 HP (INCLUSO FERRAMENTAS E LOCALIZADOR) - MATERIAIS NA OPERAÇÃO. AF_05/2023","H",107.06]
[103241,"MISTURADOR PARA PREPARO DE LAMA ESTABILIZANTE COM CAPACIDADE DE *4000* L, COM BOMBA CENTRÍFUGA 5,5 HP A 23,07 HP, PARA SISTEMA DE FURO DIRECIONAL - MATERIAIS NA OPERAÇÃO. AF_05/2023","H",12.43]
[103660,"VARREDEIRA DE GRAMA SINTÉTICA A GASOLINA, 2,4 CV, 4 TEMPOS - MATERIAIS NA OPERAÇÃO. AF_05/2023","H",11.95]
[103666,"BATE ESTACA PARA INSTALAÇÃO DE DEFENSAS METÁLICAS (GUARD RAIL) FIXO, INCLUSIVE CAMINHÃO TOCO PBT 9.700 KG, POTÊNCIA DE 160 CV - MATERIAIS NA OPERAÇÃO. AF_05/2023","H",141.52]
[103792,"MINI GUINDASTE ARANHA SOBRE ESTEIRAS E LANCA TELESCÓPICA, CAPACIDADE MÁXIMA DE CARGA 3,0 TON, RAIO MÁXIMO DE TRABALHO 8,25 M, ALTURA DE LANÇA DO SOLO 9,2 M, 55 M DE CABO DE AÇO 8 MM, MOTOR ELÉTRICO 220/380 VOLTS - MATERIAIS NA OPERAÇÃO. AF_03/2022","H",4.96]
[103937,"CONJUNTO MACACO HIDRÁULICO E CENTRAL DE BOMBEAMENTO MOTORIZADO 1,8 KW PARA PROTENSÃO DE MONOCABOS PARA CONCRETO PROTENDIDO, ESFORÇO MÁXIMO DE 20 TONELADAS  - MATERIAIS NA OPERAÇÃO. AF_05/2022","H",1.62]
[103943,"CONJUNTO MACACO HIDRÁULICO E CENTRAL DE BOMBEAMENTO MOTORIZADO 1,8 KW PARA PROTENSÃO DE MONOCABOS PARA CONCRETO PROTENDIDO, ESFORÇO MÁXIMO DE 30 TONELADAS  - MATERIAIS NA OPERAÇÃO. AF_05/2022","H",1.62]
[104087,"TERMOFUSORA PARA TUBOS E CONEXÕES EM PPR COM DIÂMETROS DE 20 A 63 MM, POTÊNCIA DE 800 W, TENSAO 220 V - DEPRECIAÇÃO. AF_05/2022","H",0.06]
[104088,"TERMOFUSORA PARA TUBOS E CONEXÕES EM PPR COM DIÂMETROS DE 20 A 63 MM, POTÊNCIA DE 800 W, TENSAO 220 V - JUROS. AF_05/2022","H",0.01]
[104089,"TERMOFUSORA PARA TUBOS E CONEXÕES EM PPR COM DIÂMETROS DE 20 A 63 MM, POTÊNCIA DE 800 W, TENSAO 220 V - MANUTENÇÃO. AF_05/2022","H",0.08]
[104090,"TERMOFUSORA PARA TUBOS E CONEXÕES EM PPR COM DIÂMETROS DE 20 A 63 MM, POTÊNCIA DE 800 W, TENSAO 220 V - MATERIAIS NA OPERAÇÃO. AF_05/2022","H",0.72]
[104093,"TERMOFUSORA PARA TUBOS E CONEXÕES EM PPR COM DIÂMETROS DE 75 A 110 MM, POTÊNCIA DE *1100* W, TENSÃO 220 V - DEPRECIAÇÃO. AF_05/2022","H",0.09]
[104094,"TERMOFUSORA PARA TUBOS E CONEXÕES EM PPR COM DIÂMETROS DE 75 A 110 MM, POTÊNCIA DE *1100* W, TENSÃO 220 V - JUROS. AF_05/2022","H",0.02]
[104095,"TERMOFUSORA PARA TUBOS E CONEXÕES EM PPR COM DIÂMETROS DE 75 A 110 MM, POTÊNCIA DE *1100* W, TENSÃO 220 V - MANUTENÇÃO. AF_05/2022","H",0.12]
[104096,"TERMOFUSORA PARA TUBOS E CONEXÕES EM PPR COM DIÂMETROS DE 75 A 110 MM, POTÊNCIA DE *1100* W, TENSÃO 220 V - MATERIAIS NA OPERAÇÃO. AF_05/2022","H",0.99]
[104519,"LIXADEIRA DE PAREDE, COM LED, POTÊNCIA 750 W, FREQUÊNCIA 60 HZ, VELOCIDADE 1000 A 2100 RPM, DIÂMETRO DA LIXA 225 MM - MATERIAIS NA OPERAÇÃO. AF_12/2022","H",0.67]
[104655,"MARTELETE PERFURADOR/ ROMPEDOR ELÉTRICO, POTÊNCIA 800 W, 220 V - MATERIAIS NA OPERAÇÃO. AF_05/2023","H",0.72]
[104687,"GRUPO GERADOR DIESEL, COM CARENAGEM, POTÊNCIA STANDART ENTRE 400 E 460 KVA, VELOCIDADE DE 1800 RPM, FREQUÊNCIA DE 60 HZ - MATERIAIS NA OPERAÇÃO. AF_05/2023","H",468.74]
[104691,"PERFURATRIZ DE COROA DIAMANTADA PARA CONCRETO, DIÂMETRO ATÉ 250 MM, MOTOR ELÉTRICO 220 V, POTÊNCIA 2.500 W - DEPRECIAÇÃO. AF_05/2023","H",0.95]
[104692,"PERFURATRIZ DE COROA DIAMANTADA PARA CONCRETO, DIÂMETRO ATÉ 250 MM, MOTOR ELÉTRICO 220 V, POTÊNCIA 2.500 W - JUROS. AF_05/2023","H",0.21]
[104693,"PERFURATRIZ DE COROA DIAMANTADA PARA CONCRETO, DIÂMETRO ATÉ 250 MM, MOTOR ELÉTRICO 220 V, POTÊNCIA 2.500 W - MANUTENÇÃO. AF_05/2023","H",1.18]
[104694,"PERFURATRIZ DE COROA DIAMANTADA PARA CONCRETO, DIÂMETRO ATÉ 250 MM, MOTOR ELÉTRICO 220 V, POTÊNCIA 2.500 W - MATERIAIS NA OPERAÇÃO. AF_05/2023","H",2.25]
[104703,"CAMINHÃO TANQUE PARA HIDROSSEMEADURA, COM CAPACIDADE DE 8.000 LITROS, INCLUINDO BOMBA PARA LANÇAMENTO COM MOTOR DIESEL COM POTÊNCIA DE 105 CV - MATERIAIS NA OPERAÇÃO. AF_06/2023","H",96.47]
[104709,"GUINDASTE HIDRÁULICO AUTOPROPELIDO, COM LANÇA TRELICADA 41 M, CAPACIDADE MÁXIMA DE ELEVAÇÃO 43 T, POTÊNCIA 230 KW, EQUIPADO COM CAÇAMBA DE ARRASTO (DRAGLINE) DE 0,76 M3 - MATERIAIS NA OPERAÇÃO. AF_06/2023","H",{"v":1219.92,"d":"1,219.92"}]
[104712,"ESCAVADEIRA HIDRÁULICA DE BRAÇO LONGO (LONGO ALCANCE) SOBRE ESTEIRAS, CAÇAMBA 0,52 M3, PESO OPERACIONAL 24 T, POTÊNCIA LÍQUIDA 155 HP - DEPRECIAÇÃO. AF_06/2023","H",60.33]
[104713,"ESCAVADEIRA HIDRÁULICA DE BRAÇO LONGO (LONGO ALCANCE) SOBRE ESTEIRAS, CAÇAMBA 0,52 M3, PESO OPERACIONAL 24 T, POTÊNCIA LÍQUIDA 155 HP - JUROS. AF_06/2023","H",15.94]
[104714,"ESCAVADEIRA HIDRÁULICA DE BRAÇO LONGO (LONGO ALCANCE) SOBRE ESTEIRAS, CAÇAMBA 0,52 M3, PESO OPERACIONAL 24 T, POTÊNCIA LÍQUIDA 155 HP - MANUTENÇÃO. AF_06/2023","H",75.41]
[104715,"ESCAVADEIRA HIDRÁULICA DE BRAÇO LONGO (LONGO ALCANCE) SOBRE ESTEIRAS, CAÇAMBA 0,52 M3, PESO OPERACIONAL 24 T, POTÊNCIA LÍQUIDA 155 HP  - MATERIAIS NA OPERAÇÃO. AF_06/2023","H",93.78]
[104906,"GUINDASTE HIDRÁULICO RODOVIÁRIO, LANCA TELESCÓPICA DE *50+20* M, CAPACIDADE MÁXIMA DE 90T, 4 EIXOS, POTÊNCIA 330 KW, MOTOR DIESEL - MATERIAIS NA OPERAÇÃO. AF_01/2024","H",102.96]
[104912,"GUINDASTE DERRICK, LANÇA DE *20* M, CARGA MÁXIMA 10T, POTÊNCIA 45 KW - MATERIAIS NA OPERAÇÃO. AF_01/2024","H",40.54]
[92259,"INSTALAÇÃO DE TESOURA (INTEIRA OU MEIA), BIAPOIADA, EM MADEIRA NÃO APARELHADA, PARA VÃOS MAIORES OU IGUAIS A 3,0 M E MENORES QUE 6,0 M, INCLUSO IÇAMENTO. AF_07/2019","UN",428.54]
[92260,"INSTALAÇÃO DE TESOURA (INTEIRA OU MEIA), BIAPOIADA, EM MADEIRA NÃO APARELHADA, PARA VÃOS MAIORES OU IGUAIS A 6,0 M E MENORES QUE 8,0 M, INCLUSO IÇAMENTO. AF_07/2019","UN",488.92]
[92261,"INSTALAÇÃO DE TESOURA (INTEIRA OU MEIA), BIAPOIADA, EM MADEIRA NÃO APARELHADA, PARA VÃOS MAIORES OU IGUAIS A 8,0 M E MENORES QUE 10,0 M, INCLUSO IÇAMENTO. AF_07/2019","UN",547.44]
[92262,"INSTALAÇÃO DE TESOURA (INTEIRA OU MEIA), BIAPOIADA, EM MADEIRA NÃO APARELHADA, PARA VÃOS MAIORES OU IGUAIS A 10,0 M E MENORES QUE 12,0 M, INCLUSO IÇAMENTO. AF_07/2019","UN",641.67]
[92539,"TRAMA DE MADEIRA COMPOSTA POR RIPAS, CAIBROS E TERÇAS PARA TELHADOS DE ATÉ 2 ÁGUAS PARA TELHA DE ENCAIXE DE CERÂMICA OU DE CONCRETO, INCLUSO TRANSPORTE VERTICAL. AF_07/2019","M2",69]
[92540,"TRAMA DE MADEIRA COMPOSTA POR RIPAS, CAIBROS E TERÇAS PARA TELHADOS DE MAIS QUE 2 ÁGUAS PARA TELHA DE ENCAIXE DE CERÂMICA OU DE CONCRETO, INCLUSO TRANSPORTE VERTICAL. AF_07/2019","M2",78]
[92541,"TRAMA DE MADEIRA COMPOSTA POR RIPAS, CAIBROS E TERÇAS PARA TELHADOS DE ATÉ 2 ÁGUAS PARA TELHA CERÂMICA CAPA-CANAL, INCLUSO TRANSPORTE VERTICAL. AF_07/2019","M2",74.32]
[92542,"TRAMA DE MADEIRA COMPOSTA POR RIPAS, CAIBROS E TERÇAS PARA TELHADOS DE MAIS QUE 2 ÁGUAS PARA TELHA CERÂMICA CAPA-CANAL, INCLUSO TRANSPORTE VERTICAL. AF_07/2019","M2",90.57]
[92543,"TRAMA DE MADEIRA COMPOSTA POR TERÇAS PARA TELHADOS DE ATÉ 2 ÁGUAS PARA TELHA ONDULADA DE FIBROCIMENTO, METÁLICA, PLÁSTICA OU TERMOACÚSTICA, INCLUSO TRANSPORTE VERTICAL. AF_07/2019","M2",20.63]
[92544,"TRAMA DE MADEIRA COMPOSTA POR TERÇAS PARA TELHADOS DE ATÉ 2 ÁGUAS PARA TELHA ESTRUTURAL DE FIBROCIMENTO, INCLUSO TRANSPORTE VERTICAL. AF_07/2019","M2",16.4]
[92545,"FABRICAÇÃO E INSTALAÇÃO DE TESOURA INTEIRA EM MADEIRA NÃO APARELHADA, VÃO DE 3 M, PARA TELHA CERÂMICA OU DE CONCRETO, INCLUSO IÇAMENTO. AF_07/2019","UN",930.73]
[92546,"FABRICAÇÃO E INSTALAÇÃO DE TESOURA INTEIRA EM MADEIRA NÃO APARELHADA, VÃO DE 4 M, PARA TELHA CERÂMICA OU DE CONCRETO, INCLUSO IÇAMENTO. AF_07/2019","UN",{"v":1143.83,"d":"1,143.83"}]
[92547,"FABRICAÇÃO E INSTALAÇÃO DE TESOURA INTEIRA EM MADEIRA NÃO APARELHADA, VÃO DE 5 M, PARA TELHA CERÂMICA OU DE CONCRETO, INCLUSO IÇAMENTO. AF_07/2019","UN",{"v":1207.06,"d":"1,207.06"}]
[92548,"FABRICAÇÃO E INSTALAÇÃO DE TESOURA INTEIRA EM MADEIRA NÃO APARELHADA, VÃO DE 6 M, PARA TELHA CERÂMICA OU DE CONCRETO, INCLUSO IÇAMENTO. AF_07/2019","UN",{"v":1342.86,"d":"1,342.86"}]
[92549,"FABRICAÇÃO E INSTALAÇÃO DE TESOURA INTEIRA EM MADEIRA NÃO APARELHADA, VÃO DE 7 M, PARA TELHA CERÂMICA OU DE CONCRETO, INCLUSO IÇAMENTO. AF_07/2019","UN",{"v":1684.38,"d":"1,684.38"}]
[92550,"FABRICAÇÃO E INSTALAÇÃO DE TESOURA INTEIRA EM MADEIRA NÃO APARELHADA, VÃO DE 8 M, PARA TELHA CERÂMICA OU DE CONCRETO, INCLUSO IÇAMENTO. AF_07/2019","UN",{"v":2089.38,"d":"2,089.38"}]
[92551,"FABRICAÇÃO E INSTALAÇÃO DE TESOURA INTEIRA EM MADEIRA NÃO APARELHADA, VÃO DE 9 M, PARA TELHA CERÂMICA OU DE CONCRETO, INCLUSO IÇAMENTO. AF_07/2019","UN",{"v":2170.51,"d":"2,170.51"}]
[92552,"FABRICAÇÃO E INSTALAÇÃO DE TESOURA INTEIRA EM MADEIRA NÃO APARELHADA, VÃO DE 10 M, PARA TELHA CERÂMICA OU DE CONCRETO, INCLUSO IÇAMENTO. AF_07/2019","UN",{"v":2358.06,"d":"2,358.06"}]
[92553,"FABRICAÇÃO E INSTALAÇÃO DE TESOURA INTEIRA EM MADEIRA NÃO APARELHADA, VÃO DE 11 M, PARA TELHA CERÂMICA OU DE CONCRETO, INCLUSO IÇAMENTO. AF_07/2019","UN",{"v":2708.78,"d":"2,708.78"}]
[92554,"FABRICAÇÃO E INSTALAÇÃO DE TESOURA INTEIRA EM MADEIRA NÃO APARELHADA, VÃO DE 12 M, PARA TELHA CERÂMICA OU DE CONCRETO, INCLUSO IÇAMENTO. AF_07/2019","UN",{"v":2801.74,"d":"2,801.74"}]
[92555,"FABRICAÇÃO E INSTALAÇÃO DE TESOURA INTEIRA EM MADEIRA NÃO APARELHADA, VÃO DE 3 M, PARA TELHA ONDULADA DE FIBROCIMENTO, METÁLICA, PLÁSTICA OU TERMOACÚSTICA, INCLUSO IÇAMENTO. AF_07/2019","UN",918.54]
[92556,"FABRICAÇÃO E INSTALAÇÃO DE TESOURA INTEIRA EM MADEIRA NÃO APARELHADA, VÃO DE 4 M, PARA TELHA ONDULADA DE FIBROCIMENTO, METÁLICA, PLÁSTICA OU TERMOACÚSTICA, INCLUSO IÇAMENTO. AF_07/2019","UN",{"v":1122.47,"d":"1,122.47"}]
[92557,"FABRICAÇÃO E INSTALAÇÃO DE TESOURA INTEIRA EM MADEIRA NÃO APARELHADA, VÃO DE 5 M, PARA TELHA ONDULADA DE FIBROCIMENTO, METÁLICA, PLÁSTICA OU TERMOACÚSTICA, INCLUSO IÇAMENTO. AF_07/2019","UN",{"v":1185.69,"d":"1,185.69"}]
[92558,"FABRICAÇÃO E INSTALAÇÃO DE TESOURA INTEIRA EM MADEIRA NÃO APARELHADA, VÃO DE 6 M, PARA TELHA ONDULADA DE FIBROCIMENTO, METÁLICA, PLÁSTICA OU TERMOACÚSTICA, INCLUSO IÇAMENTO. AF_07/2019","UN",{"v":1330.66,"d":"1,330.66"}]
[92559,"FABRICAÇÃO E INSTALAÇÃO DE TESOURA INTEIRA EM MADEIRA NÃO APARELHADA, VÃO DE 7 M, PARA TELHA ONDULADA DE FIBROCIMENTO, METÁLICA, PLÁSTICA OU TERMOACÚSTICA, INCLUSO IÇAMENTO. AF_07/2019","UN",{"v":1661.67,"d":"1,661.67"}]
[92560,"FABRICAÇÃO E INSTALAÇÃO DE TESOURA INTEIRA EM MADEIRA NÃO APARELHADA, VÃO DE 8 M, PARA TELHA ONDULADA DE FIBROCIMENTO, METÁLICA, PLÁSTICA OU TERMOACÚSTICA, INCLUSO IÇAMENTO. AF_07/2019","UN",{"v":2058.45,"d":"2,058.45"}]
[92561,"FABRICAÇÃO E INSTALAÇÃO DE TESOURA INTEIRA EM MADEIRA NÃO APARELHADA, VÃO DE 9 M, PARA TELHA ONDULADA DE FIBROCIMENTO, METÁLICA, PLÁSTICA OU TERMOACÚSTICA, INCLUSO IÇAMENTO. AF_07/2019","UN",{"v":2140.41,"d":"2,140.41"}]
[92562,"FABRICAÇÃO E INSTALAÇÃO DE TESOURA INTEIRA EM MADEIRA NÃO APARELHADA, VÃO DE 10 M, PARA TELHA ONDULADA DE FIBROCIMENTO, METÁLICA, PLÁSTICA OU TERMOACÚSTICA, INCLUSO IÇAMENTO. AF_07/2019","UN",{"v":2306.6,"d":"2,306.60"}]
[92563,"FABRICAÇÃO E INSTALAÇÃO DE TESOURA INTEIRA EM MADEIRA NÃO APARELHADA, VÃO DE 11 M, PARA TELHA ONDULADA DE FIBROCIMENTO, METÁLICA, PLÁSTICA OU TERMOACÚSTICA, INCLUSO IÇAMENTO. AF_07/2019","UN",{"v":2648.6,"d":"2,648.60"}]
[92564,"FABRICAÇÃO E INSTALAÇÃO DE TESOURA INTEIRA EM MADEIRA NÃO APARELHADA, VÃO DE 12 M, PARA TELHA ONDULADA DE FIBROCIMENTO, METÁLICA, PLÁSTICA OU TERMOACÚSTICA, INCLUSO IÇAMENTO. AF_07/2019","UN",{"v":2728.03,"d":"2,728.03"}]
[100379,"FABRICAÇÃO E INSTALAÇÃO DE PONTALETES DE MADEIRA NÃO APARELHADA PARA TELHADOS COM ATÉ 2 ÁGUAS E COM TELHA CERÂMICA OU DE CONCRETO EM EDIFÍCIO RESIDENCIAL TÉRREO, INCLUSO TRANSPORTE VERTICAL. AF_07/2019","M2",34.78]
[100380,"FABRICAÇÃO E INSTALAÇÃO DE PONTALETES DE MADEIRA NÃO APARELHADA PARA TELHADOS COM ATÉ 2 ÁGUAS E COM TELHA CERÂMICA OU DE CONCRETO EM EDIFÍCIO RESIDENCIAL DE MÚLTIPLOS PAVIMENTOS, INCLUSO TRANSPORTE VERTICAL. AF_07/2019","M2",46.06]
[100381,"FABRICAÇÃO E INSTALAÇÃO DE PONTALETES DE MADEIRA NÃO APARELHADA PARA TELHADOS COM ATÉ 2 ÁGUAS E COM TELHA CERÂMICA OU DE CONCRETO EM EDIFÍCIO INSTITUCIONAL TÉRREO, INCLUSO TRANSPORTE VERTICAL. AF_07/2019","M2",51.77]
[100383,"FABRICAÇÃO E INSTALAÇÃO DE PONTALETES DE MADEIRA NÃO APARELHADA PARA TELHADOS COM ATÉ 2 ÁGUAS E COM TELHA ONDULADA DE FIBROCIMENTO, ALUMÍNIO OU PLÁSTICA EM EDIFÍCIO RESIDENCIAL DE MÚLTIPLOS PAVIMENTOS, INCLUSO TRANSPORTE VERTICAL. AF_07/2019","M2",22.98]
[100384,"FABRICAÇÃO E INSTALAÇÃO DE PONTALETES DE MADEIRA NÃO APARELHADA PARA TELHADOS COM ATÉ 2 ÁGUAS E COM TELHA ONDULADA DE FIBROCIMENTO, ALUMÍNIO OU PLÁSTICA EM EDIFÍCIO INSTITUCIONAL TÉRREO, INCLUSO TRANSPORTE VERTICAL. AF_07/2019","M2",24.22]
[100385,"FABRICAÇÃO E INSTALAÇÃO DE PONTALETES DE MADEIRA NÃO APARELHADA PARA TELHADOS COM MAIS QUE 2 ÁGUAS E COM TELHA CERÂMICA OU DE CONCRETO EM EDIFÍCIO RESIDENCIAL TÉRREO, INCLUSO TRANSPORTE VERTICAL. AF_07/2019","M2",31.1]
[100386,"FABRICAÇÃO E INSTALAÇÃO DE PONTALETES DE MADEIRA NÃO APARELHADA PARA TELHADOS COM MAIS QUE 2 ÁGUAS E COM TELHA CERÂMICA OU DE CONCRETO EM EDIFÍCIO RESIDENCIAL DE MÚLTIPLOS PAVIMENTOS. AF_07/2019","M2",39.92]
[100387,"FABRICAÇÃO E INSTALAÇÃO DE PONTALETES DE MADEIRA NÃO APARELHADA PARA TELHADOS COM MAIS QUE 2 ÁGUAS E COM TELHA CERÂMICA OU DE CONCRETO EM EDIFÍCIO INSTITUCIONAL TÉRREO, INCLUSO TRANSPORTE VERTICAL. AF_07/2019","M2",48.72]
[100388,"RETIRADA E RECOLOCAÇÃO DE RIPA EM TELHADOS DE ATÉ 2 ÁGUAS COM TELHA CERÂMICA OU DE CONCRETO DE ENCAIXE, INCLUSO TRANSPORTE VERTICAL. AF_07/2019","M2",17.71]
[100389,"RETIRADA E RECOLOCAÇÃO DE CAIBRO EM TELHADOS DE ATÉ 2 ÁGUAS COM TELHA CERÂMICA OU DE CONCRETO DE ENCAIXE, INCLUSO TRANSPORTE VERTICAL. AF_07/2019","M2",16.04]
[100390,"RETIRADA E RECOLOCAÇÃO DE RIPA EM TELHADOS DE MAIS DE 2 ÁGUAS COM TELHA CERÂMICA OU DE CONCRETO DE ENCAIXE, INCLUSO TRANSPORTE VERTICAL. AF_07/2019","M2",21.29]
[100391,"RETIRADA E RECOLOCAÇÃO DE CAIBRO EM TELHADOS DE MAIS DE 2 ÁGUAS COM TELHA CERÂMICA OU DE CONCRETO DE ENCAIXE, INCLUSO TRANSPORTE VERTICAL. AF_07/2019","M2",18.46]
[100392,"RETIRADA E RECOLOCAÇÃO DE RIPA EM TELHADOS DE ATÉ 2 ÁGUAS COM TELHA CERÂMICA CAPA-CANAL, INCLUSO TRANSPORTE VERTICAL. AF_07/2019","M2",13.98]
[100393,"RETIRADA E RECOLOCAÇÃO DE CAIBRO EM TELHADOS DE ATÉ 2 ÁGUAS COM TELHA CERÂMICA CAPA-CANAL, INCLUSO TRANSPORTE VERTICAL. AF_07/2019","M2",18.41]
[100394,"RETIRADA E RECOLOCAÇÃO DE RIPA EM TELHADOS DE MAIS DE 2 ÁGUAS COM TELHA CERÂMICA CAPA-CANAL, INCLUSO TRANSPORTE VERTICAL. AF_07/2019","M2",16.76]
[100395,"RETIRADA E RECOLOCAÇÃO DE CAIBRO EM TELHADOS DE MAIS DE 2 ÁGUAS COM TELHA CERÂMICA CAPA-CANAL, INCLUSO TRANSPORTE VERTICAL. AF_07/2019","M2",21.99]
[94189,"TELHAMENTO COM TELHA DE CONCRETO DE ENCAIXE, COM ATÉ 2 ÁGUAS, INCLUSO TRANSPORTE VERTICAL. AF_07/2019","M2",45.47]
[94192,"TELHAMENTO COM TELHA DE CONCRETO DE ENCAIXE, COM MAIS DE 2 ÁGUAS, INCLUSO TRANSPORTE VERTICAL. AF_07/2019","M2",47.92]
[94195,"TELHAMENTO COM TELHA CERÂMICA DE ENCAIXE, TIPO PORTUGUESA, COM ATÉ 2 ÁGUAS, INCLUSO TRANSPORTE VERTICAL. AF_07/2019","M2",64.51]
[94198,"TELHAMENTO COM TELHA CERÂMICA DE ENCAIXE, TIPO PORTUGUESA, COM MAIS DE 2 ÁGUAS, INCLUSO TRANSPORTE VERTICAL. AF_07/2019","M2",67.74]
[94201,"TELHAMENTO COM TELHA CERÂMICA CAPA-CANAL, TIPO COLONIAL, COM ATÉ 2 ÁGUAS, INCLUSO TRANSPORTE VERTICAL. AF_07/2019","M2",90.35]
[94204,"TELHAMENTO COM TELHA CERÂMICA CAPA-CANAL, TIPO COLONIAL, COM MAIS DE 2 ÁGUAS, INCLUSO TRANSPORTE VERTICAL. AF_07/2019","M2",95.86]
[94224,"EMBOÇAMENTO COM ARGAMASSA TRAÇO 1:2:9 (CIMENTO, CAL E AREIA). AF_07/2019","M",25.06]
[94226,"SUBCOBERTURA COM MANTA PLÁSTICA REVESTIDA POR PELÍCULA DE ALUMÍNO, INCLUSO TRANSPORTE VERTICAL. AF_07/2019","M2",20.26]
[94232,"AMARRAÇÃO DE TELHAS CERÂMICAS OU DE CONCRETO. AF_07/2019","UN",2.69]
[94440,"TELHAMENTO COM TELHA CERÂMICA DE ENCAIXE, TIPO FRANCESA, COM ATÉ 2 ÁGUAS, INCLUSO TRANSPORTE VERTICAL. AF_07/2019","M2",64.51]
[94441,"TELHAMENTO COM TELHA CERÂMICA DE ENCAIXE, TIPO FRANCESA, COM MAIS DE 2 ÁGUAS, INCLUSO TRANSPORTE VERTICAL. AF_07/2019","M2",67.74]
[94442,"TELHAMENTO COM TELHA CERÂMICA DE ENCAIXE, TIPO ROMANA, COM ATÉ 2 ÁGUAS, INCLUSO TRANSPORTE VERTICAL. AF_07/2019","M2",64.51]
[94443,"TELHAMENTO COM TELHA CERÂMICA DE ENCAIXE, TIPO ROMANA, COM MAIS DE 2 ÁGUAS, INCLUSO TRANSPORTE VERTICAL. AF_07/2019","M2",67.74]
[94445,"TELHAMENTO COM TELHA CERÂMICA CAPA-CANAL, TIPO PLAN, COM ATÉ 2 ÁGUAS, INCLUSO TRANSPORTE VERTICAL. AF_07/2019","M2",90.35]
[94446,"TELHAMENTO COM TELHA CERÂMICA CAPA-CANAL, TIPO PLAN, COM MAIS DE 2 ÁGUAS, INCLUSO TRANSPORTE VERTICAL. AF_07/2019","M2",95.86]
[94447,"TELHAMENTO COM TELHA CERÂMICA CAPA-CANAL, TIPO PAULISTA, COM ATÉ 2 ÁGUAS, INCLUSO TRANSPORTE VERTICAL. AF_07/2019","M2",90.35]
[94448,"TELHAMENTO COM TELHA CERÂMICA CAPA-CANAL, TIPO PAULISTA, COM MAIS DE 2 ÁGUAS, INCLUSO TRANSPORTE VERTICAL. AF_07/2019","M2",95.86]
[94207,"TELHAMENTO COM TELHA ONDULADA DE FIBROCIMENTO E = 6 MM, COM RECOBRIMENTO LATERAL DE 1/4 DE ONDA PARA TELHADO COM INCLINAÇÃO MAIOR QUE 10°, COM ATÉ 2 ÁGUAS, INCLUSO IÇAMENTO. AF_07/2019","M2",48.38]
[94210,"TELHAMENTO COM TELHA ONDULADA DE FIBROCIMENTO E = 6 MM, COM RECOBRIMENTO LATERAL DE 1 1/4 DE ONDA PARA TELHADO COM INCLINAÇÃO MÁXIMA DE 10°, COM ATÉ 2 ÁGUAS, INCLUSO IÇAMENTO. AF_07/2019","M2",51.43]
[94218,"TELHAMENTO COM TELHA ESTRUTURAL DE FIBROCIMENTO E= 8 MM, COM ATÉ 2 ÁGUAS, INCLUSO IÇAMENTO. AF_07/2019_PS","M2",128.16]
[94213,"TELHAMENTO COM TELHA DE AÇO/ALUMÍNIO E = 0,5 MM, COM ATÉ 2 ÁGUAS, INCLUSO IÇAMENTO. AF_07/2019","M2",66.62]
[94216,"TELHAMENTO COM TELHA METÁLICA TERMOACÚSTICA E = 30 MM, COM ATÉ 2 ÁGUAS, INCLUSO IÇAMENTO. AF_07/2019","M2",191.6]
[94219,"CUMEEIRA E ESPIGÃO PARA TELHA CERÂMICA EMBOÇADA COM ARGAMASSA TRAÇO 1:2:9 (CIMENTO, CAL E AREIA), PARA TELHADOS COM MAIS DE 2 ÁGUAS, INCLUSO TRANSPORTE VERTICAL. AF_07/2019","M",43.52]
[94220,"CUMEEIRA E ESPIGÃO PARA TELHA DE CONCRETO EMBOÇADA COM ARGAMASSA TRAÇO 1:2:9 (CIMENTO, CAL E AREIA), PARA TELHADOS COM MAIS DE 2 ÁGUAS, INCLUSO TRANSPORTE VERTICAL. AF_07/2019","M",60.02]
[94221,"CUMEEIRA PARA TELHA CERÂMICA EMBOÇADA COM ARGAMASSA TRAÇO 1:2:9 (CIMENTO, CAL E AREIA) PARA TELHADOS COM ATÉ 2 ÁGUAS, INCLUSO TRANSPORTE VERTICAL. AF_07/2019","M",37.13]
[94222,"CUMEEIRA PARA TELHA DE CONCRETO EMBOÇADA COM ARGAMASSA TRAÇO 1:2:9 (CIMENTO, CAL E AREIA) PARA TELHADOS COM ATÉ 2 ÁGUAS, INCLUSO TRANSPORTE VERTICAL. AF_07/2019","M",53.63]
[94223,"CUMEEIRA PARA TELHA DE FIBROCIMENTO ONDULADA E = 6 MM, INCLUSO ACESSÓRIOS DE FIXAÇÃO E IÇAMENTO. AF_07/2019","M",82.55]
[94451,"CUMEEIRA PARA TELHA DE FIBROCIMENTO ESTRUTURAL E = 6 MM, INCLUSO ACESSÓRIOS DE FIXAÇÃO E IÇAMENTO. AF_07/2019","M",92.53]
[100325,"CUMEEIRA SHED PARA TELHA ONDULADA DE FIBROCIMENTO, E = 6 MM, INCLUSO ACESSÓRIOS DE FIXAÇÃO E IÇAMENTO. AF_07/2019","M",89.89]
[100327,"RUFO EXTERNO/INTERNO EM CHAPA DE AÇO GALVANIZADO NÚMERO 26, CORTE DE 33 CM, INCLUSO IÇAMENTO. AF_07/2019","M",64.24]
[100328,"RETIRADA E RECOLOCAÇÃO DE  TELHA CERÂMICA DE ENCAIXE, COM ATÉ DUAS ÁGUAS, INCLUSO IÇAMENTO. AF_07/2019","M2",19.19]
[100329,"RETIRADA E RECOLOCAÇÃO DE  TELHA CERÂMICA DE ENCAIXE, COM MAIS DE DUAS ÁGUAS, INCLUSO IÇAMENTO. AF_07/2019","M2",22.44]
[100330,"RETIRADA E RECOLOCAÇÃO DE  TELHA CERÂMICA CAPA-CANAL, COM ATÉ DUAS ÁGUAS, INCLUSO IÇAMENTO. AF_07/2019","M2",26.13]
[100331,"RETIRADA E RECOLOCAÇÃO DE  TELHA CERÂMICA CAPA-CANAL, COM MAIS DE DUAS ÁGUAS, INCLUSO IÇAMENTO. AF_07/2019","M2",31.66]
[100434,"CALHA DE BEIRAL, SEMICIRCULAR DE PVC, DIAMETRO 125 MM, INCLUINDO CABECEIRAS, EMENDAS, BOCAIS, SUPORTES E VEDAÇÕES, EXCLUINDO CONDUTORES, INCLUSO TRANSPORTE VERTICAL. AF_07/2019","M",161.37]
[100435,"RUFO EM FIBROCIMENTO PARA TELHA ONDULADA E = 6 MM, ABA DE 26 CM, INCLUSO TRANSPORTE VERTICAL, EXCETO CONTRARRUFO. AF_07/2019","M",65.21]
[94227,"CALHA EM CHAPA DE AÇO GALVANIZADO NÚMERO 24, DESENVOLVIMENTO DE 33 CM, INCLUSO TRANSPORTE VERTICAL. AF_07/2019","M",70.77]
[94228,"CALHA EM CHAPA DE AÇO GALVANIZADO NÚMERO 24, DESENVOLVIMENTO DE 50 CM, INCLUSO TRANSPORTE VERTICAL. AF_07/2019","M",95.91]
[94229,"CALHA EM CHAPA DE AÇO GALVANIZADO NÚMERO 24, DESENVOLVIMENTO DE 100 CM, INCLUSO TRANSPORTE VERTICAL. AF_07/2019","M",185.94]
[94231,"RUFO EM CHAPA DE AÇO GALVANIZADO NÚMERO 24, CORTE DE 25 CM, INCLUSO TRANSPORTE VERTICAL. AF_07/2019","M",57.07]
[94449,"TELHAMENTO COM TELHA ONDULADA DE FIBRA DE VIDRO E = 0,6 MM, PARA TELHADO COM INCLINAÇÃO MAIOR QUE 10°, COM ATÉ 2 ÁGUAS, INCLUSO IÇAMENTO. AF_07/2019","M2",63.01]
[92255,"INSTALAÇÃO DE TESOURA (INTEIRA OU MEIA), EM AÇO, PARA VÃOS MAIORES OU IGUAIS A 3,0 M E MENORES QUE 6,0 M, INCLUSO IÇAMENTO. AF_07/2019","UN",183.13]
[92256,"INSTALAÇÃO DE TESOURA (INTEIRA OU MEIA), EM AÇO, PARA VÃOS MAIORES OU IGUAIS A 6,0 M E MENORES QUE 8,0 M, INCLUSO IÇAMENTO. AF_07/2019","UN",223.72]
[92257,"INSTALAÇÃO DE TESOURA (INTEIRA OU MEIA), EM AÇO, PARA VÃOS MAIORES OU IGUAIS A 8,0 M E MENORES QUE 10,0 M, INCLUSO IÇAMENTO. AF_07/2019","UN",263.88]
[92258,"INSTALAÇÃO DE TESOURA (INTEIRA OU MEIA), EM AÇO, PARA VÃOS MAIORES OU IGUAIS A 10,0 M E MENORES QUE 12,0 M, INCLUSO IÇAMENTO. AF_07/2019","UN",328.46]
[92568,"TRAMA DE AÇO COMPOSTA POR RIPAS, CAIBROS E TERÇAS PARA TELHADOS DE ATÉ 2 ÁGUAS PARA TELHA DE ENCAIXE DE CERÂMICA OU DE CONCRETO, INCLUSO TRANSPORTE VERTICAL. AF_07/2019","M2",123.78]
[92569,"TRAMA DE AÇO COMPOSTA POR RIPAS E CAIBROS PARA TELHADOS DE ATÉ 2 ÁGUAS PARA TELHA DE ENCAIXE DE CERÂMICA OU DE CONCRETO, INCLUSO TRANSPORTE VERTICAL. AF_07/2019","M2",68.69]
[92570,"TRAMA DE AÇO COMPOSTA POR RIPAS PARA TELHADOS DE ATÉ 2 ÁGUAS PARA TELHA DE ENCAIXE DE CERÂMICA OU DE CONCRETO, INCLUSO TRANSPORTE VERTICAL. AF_07/2019","M2",43.34]
[92571,"TRAMA DE AÇO COMPOSTA POR RIPAS, CAIBROS E TERÇAS PARA TELHADOS DE MAIS DE 2 ÁGUAS PARA TELHA DE ENCAIXE DE CERÂMICA OU DE CONCRETO, INCLUSO TRANSPORTE VERTICAL. AF_07/2019","M2",131.69]
[92572,"TRAMA DE AÇO COMPOSTA POR RIPAS E CAIBROS PARA TELHADOS DE MAIS DE 2 ÁGUAS PARA TELHA DE ENCAIXE DE CERÂMICA OU DE CONCRETO, INCLUSO TRANSPORTE VERTICAL. AF_07/2019","M2",78.68]
[92573,"TRAMA DE AÇO COMPOSTA POR RIPAS PARA TELHADOS DE MAIS DE 2 ÁGUAS PARA TELHA DE ENCAIXE DE CERÂMICA OU DE CONCRETO, INCLUSO TRANSPORTE VERTICAL, INCLUSO TRANSPORTE VERTICAL. AF_07/2019","M2",46.7]
[92574,"TRAMA DE AÇO COMPOSTA POR RIPAS, CAIBROS E TERÇAS PARA TELHADOS DE ATÉ 2 ÁGUAS PARA TELHA CERÂMICA CAPA-CANAL, INCLUSO TRANSPORTE VERTICAL. AF_07/2019","M2",125.81]
[92575,"TRAMA DE AÇO COMPOSTA POR RIPAS E CAIBROS PARA TELHADOS DE ATÉ 2 ÁGUAS PARA TELHA CERÂMICA CAPA-CANAL, INCLUSO TRANSPORTE VERTICAL. AF_07/2019","M2",62.93]
[92576,"TRAMA DE AÇO COMPOSTA POR RIPAS PARA TELHADOS DE ATÉ 2 ÁGUAS PARA TELHA CERÂMICA CAPA-CANAL, INCLUSO TRANSPORTE VERTICAL. AF_07/2019","M2",34.26]
[92577,"TRAMA DE AÇO COMPOSTA POR RIPAS, CAIBROS E TERÇAS PARA TELHADOS DE MAIS DE 2 ÁGUAS PARA TELHA CERÂMICA CAPA-CANAL, INCLUSO TRANSPORTE VERTICAL. AF_07/2019","M2",134.13]
[92578,"TRAMA DE AÇO COMPOSTA POR RIPAS E CAIBROS PARA TELHADOS DE MAIS DE 2 ÁGUAS PARA TELHA CERÂMICA CAPA-CANAL, INCLUSO TRANSPORTE VERTICAL. AF_07/2019","M2",67.57]
[92579,"TRAMA DE AÇO COMPOSTA POR RIPAS PARA TELHADOS DE MAIS DE 2 ÁGUAS PARA TELHA CERÂMICA CAPA-CANAL, INCLUSO TRANSPORTE VERTICAL. AF_07/2019","M2",36.93]
[92580,"TRAMA DE AÇO COMPOSTA POR TERÇAS PARA TELHADOS DE ATÉ 2 ÁGUAS PARA TELHA ONDULADA DE FIBROCIMENTO, METÁLICA, PLÁSTICA OU TERMOACÚSTICA, INCLUSO TRANSPORTE VERTICAL. AF_07/2019","M2",46.12]
[92581,"TRAMA DE AÇO COMPOSTA POR TERÇAS PARA TELHADOS DE ATÉ 2 ÁGUAS PARA TELHA ESTRUTURAL DE FIBROCIMENTO, INCLUSO TRANSPORTE VERTICAL. AF_07/2019","M2",48.09]
[92582,"FABRICAÇÃO E INSTALAÇÃO DE TESOURA INTEIRA EM AÇO, VÃO DE 3 M, PARA TELHA CERÂMICA OU DE CONCRETO, INCLUSO IÇAMENTO. AF_07/2019","UN",681.92]
[92584,"FABRICAÇÃO E INSTALAÇÃO DE TESOURA INTEIRA EM AÇO, VÃO DE 4 M, PARA TELHA CERÂMICA OU DE CONCRETO, INCLUSO IÇAMENTO. AF_07/2019","UN",797.98]
[92586,"FABRICAÇÃO E INSTALAÇÃO DE TESOURA INTEIRA EM AÇO, VÃO DE 5 M, PARA TELHA CERÂMICA OU DE CONCRETO, INCLUSO IÇAMENTO. AF_07/2019","UN",914.03]
[92588,"FABRICAÇÃO E INSTALAÇÃO DE TESOURA INTEIRA EM AÇO, VÃO DE 6 M, PARA TELHA CERÂMICA OU DE CONCRETO, INCLUSO IÇAMENTO. AF_07/2019","UN",{"v":1154.42,"d":"1,154.42"}]
[92590,"FABRICAÇÃO E INSTALAÇÃO DE TESOURA INTEIRA EM AÇO, VÃO DE 7 M, PARA TELHA CERÂMICA OU DE CONCRETO, INCLUSO IÇAMENTO. AF_07/2019","UN",{"v":1270.47,"d":"1,270.47"}]
[92592,"FABRICAÇÃO E INSTALAÇÃO DE TESOURA INTEIRA EM AÇO, VÃO DE 8 M, PARA TELHA CERÂMICA OU DE CONCRETO, INCLUSO IÇAMENTO. AF_07/2019","UN",{"v":1426.69,"d":"1,426.69"}]
[92594,"FABRICAÇÃO E INSTALAÇÃO DE TESOURA INTEIRA EM AÇO, VÃO DE 9 M, PARA TELHA CERÂMICA OU DE CONCRETO, INCLUSO IÇAMENTO. AF_07/2019","UN",{"v":1655.84,"d":"1,655.84"}]
[92596,"FABRICAÇÃO E INSTALAÇÃO DE TESOURA INTEIRA EM AÇO, VÃO DE 10 M, PARA TELHA CERÂMICA OU DE CONCRETO, INCLUSO IÇAMENTO. AF_07/2019","UN",{"v":1841.44,"d":"1,841.44"}]
[92598,"FABRICAÇÃO E INSTALAÇÃO DE TESOURA INTEIRA EM AÇO, VÃO DE 11 M, PARA TELHA CERÂMICA OU DE CONCRETO, INCLUSO IÇAMENTO. AF_07/2019","UN",{"v":1957.49,"d":"1,957.49"}]
[92600,"FABRICAÇÃO E INSTALAÇÃO DE TESOURA INTEIRA EM AÇO, VÃO DE 12 M, PARA TELHA CERÂMICA OU DE CONCRETO, INCLUSO IÇAMENTO. AF_07/2019","UN",{"v":2102.9,"d":"2,102.90"}]
[92602,"FABRICAÇÃO E INSTALAÇÃO DE TESOURA INTEIRA EM AÇO, VÃO DE 3 M, PARA TELHA ONDULADA DE FIBROCIMENTO, METÁLICA, PLÁSTICA OU TERMOACÚSTICA, INCLUSO IÇAMENTO. AF_07/2019","UN",681.92]
[92604,"FABRICAÇÃO E INSTALAÇÃO DE TESOURA INTEIRA EM AÇO, VÃO DE 4 M, PARA TELHA ONDULADA DE FIBROCIMENTO, METÁLICA, PLÁSTICA OU TERMOACÚSTICA, INCLUSO IÇAMENTO. AF_07/2019","UN",768.62]
[92606,"FABRICAÇÃO E INSTALAÇÃO DE TESOURA INTEIRA EM AÇO, VÃO DE 5 M, PARA TELHA ONDULADA DE FIBROCIMENTO, METÁLICA, PLÁSTICA OU TERMOACÚSTICA, INCLUSO IÇAMENTO. AF_07/2019","UN",884.68]
[92608,"FABRICAÇÃO E INSTALAÇÃO DE TESOURA INTEIRA EM AÇO, VÃO DE 6 M, PARA TELHA ONDULADA DE FIBROCIMENTO, METÁLICA, PLÁSTICA OU TERMOACÚSTICA, INCLUSO IÇAMENTO. AF_07/2019","UN",{"v":1095.71,"d":"1,095.71"}]
[92610,"FABRICAÇÃO E INSTALAÇÃO DE TESOURA INTEIRA EM AÇO, VÃO DE 7 M, PARA TELHA ONDULADA DE FIBROCIMENTO, METÁLICA, PLÁSTICA OU TERMOACÚSTICA, INCLUSO IÇAMENTO. AF_07/2019","UN",{"v":1211.77,"d":"1,211.77"}]
[92612,"FABRICAÇÃO E INSTALAÇÃO DE TESOURA INTEIRA EM AÇO, VÃO DE 8 M, PARA TELHA ONDULADA DE FIBROCIMENTO, METÁLICA, PLÁSTICA OU TERMOACÚSTICA, INCLUSO IÇAMENTO, INCLUSO IÇAMENTO. AF_07/2019","UN",{"v":1367.98,"d":"1,367.98"}]
[92614,"FABRICAÇÃO E INSTALAÇÃO DE TESOURA INTEIRA EM AÇO, VÃO DE 9 M, PARA TELHA ONDULADA DE FIBROCIMENTO, METÁLICA, PLÁSTICA OU TERMOACÚSTICA, INCLUSO IÇAMENTO. AF_07/2019","UN",{"v":1538.43,"d":"1,538.43"}]
[92616,"FABRICAÇÃO E INSTALAÇÃO DE TESOURA INTEIRA EM AÇO, VÃO DE 10 M, PARA TELHA ONDULADA DE FIBROCIMENTO, METÁLICA, PLÁSTICA OU TERMOACÚSTICA, INCLUSO IÇAMENTO. AF_07/2019","UN",{"v":1753.38,"d":"1,753.38"}]
[92618,"FABRICAÇÃO E INSTALAÇÃO DE TESOURA INTEIRA EM AÇO, VÃO DE 11 M, PARA TELHA ONDULADA DE FIBROCIMENTO, METÁLICA, PLÁSTICA OU TERMOACÚSTICA, INCLUSO IÇAMENTO. AF_07/2019","UN",{"v":1869.43,"d":"1,869.43"}]
[92620,"FABRICAÇÃO E INSTALAÇÃO DE TESOURA INTEIRA EM AÇO, VÃO DE 12 M, PARA TELHA ONDULADA DE FIBROCIMENTO, METÁLICA, PLÁSTICA OU TERMOACÚSTICA, INCLUSO IÇAMENTO. AF_07/2019","UN",{"v":1985.48,"d":"1,985.48"}]
[100357,"FABRICAÇÃO E INSTALAÇÃO DE MEIA TESOURA DE MADEIRA NÃO APARELHADA, COM VÃO DE 3 M, PARA TELHA CERÂMICA OU DE CONCRETO, INCLUSO IÇAMENTO. AF_07/2019","UN",964.56]
[100358,"FABRICAÇÃO E INSTALAÇÃO DE MEIA TESOURA DE MADEIRA NÃO APARELHADA, COM VÃO DE 4 M, PARA TELHA CERÂMICA OU DE CONCRETO, INCLUSO IÇAMENTO. AF_07/2019","UN",{"v":1310.35,"d":"1,310.35"}]
[100359,"FABRICAÇÃO E INSTALAÇÃO DE MEIA TESOURA DE MADEIRA NÃO APARELHADA, COM VÃO DE 5 M, PARA TELHA CERÂMICA OU DE CONCRETO, INCLUSO IÇAMENTO. AF_07/2019","UN",{"v":1374.79,"d":"1,374.79"}]
[100360,"FABRICAÇÃO E INSTALAÇÃO DE MEIA TESOURA DE MADEIRA NÃO APARELHADA, COM VÃO DE 6 M, PARA TELHA CERÂMICA OU DE CONCRETO, INCLUSO IÇAMENTO. AF_07/2019","UN",{"v":1523.16,"d":"1,523.16"}]
[100361,"FABRICAÇÃO E INSTALAÇÃO DE MEIA TESOURA DE MADEIRA NÃO APARELHADA, COM VÃO DE 7 M, PARA TELHA CERÂMICA OU DE CONCRETO, INCLUSO IÇAMENTO. AF_07/2019","UN",{"v":1895.99,"d":"1,895.99"}]
[100362,"FABRICAÇÃO E INSTALAÇÃO DE MEIA TESOURA DE MADEIRA NÃO APARELHADA, COM VÃO DE 8 M, PARA TELHA CERÂMICA OU DE CONCRETO, INCLUSO IÇAMENTO. AF_07/2019","UN",{"v":2560.8,"d":"2,560.80"}]
[100363,"FABRICAÇÃO E INSTALAÇÃO DE MEIA TESOURA DE MADEIRA NÃO APARELHADA, COM VÃO DE 9 M, PARA TELHA CERÂMICA OU DE CONCRETO, INCLUSO IÇAMENTO. AF_07/2019","UN",{"v":2640.4,"d":"2,640.40"}]
[100364,"FABRICAÇÃO E INSTALAÇÃO DE MEIA TESOURA DE MADEIRA NÃO APARELHADA, COM VÃO DE 10 M, PARA TELHA CERÂMICA OU DE CONCRETO, INCLUSO IÇAMENTO. AF_07/2019","UN",{"v":2861.84,"d":"2,861.84"}]
[100365,"FABRICAÇÃO E INSTALAÇÃO DE MEIA TESOURA DE MADEIRA NÃO APARELHADA, COM VÃO DE 11 M, PARA TELHA CERÂMICA OU DE CONCRETO, INCLUSO IÇAMENTO. AF_07/2019","UN",{"v":3283,"d":"3,283.00"}]
[100366,"FABRICAÇÃO E INSTALAÇÃO DE MEIA TESOURA DE MADEIRA NÃO APARELHADA, COM VÃO DE 12 M, PARA TELHA CERÂMICA OU DE CONCRETO, INCLUSO IÇAMENTO. AF_07/2019","UN",{"v":3493.95,"d":"3,493.95"}]
[100367,"FABRICAÇÃO E INSTALAÇÃO DE MEIA TESOURA DE MADEIRA NÃO APARELHADA, COM VÃO DE 3 M, PARA TELHA ONDULADA DE FIBROCIMENTO, ALUMÍNIO, PLÁSTICA OU TERMOACÚSTICA, INCLUSO IÇAMENTO. AF_07/2019","UN",940.17]
[100368,"FABRICAÇÃO E INSTALAÇÃO DE MEIA TESOURA DE MADEIRA NÃO APARELHADA, COM VÃO DE 4 M, PARA TELHA ONDULADA DE FIBROCIMENTO, ALUMÍNIO, PLÁSTICA OU TERMOACÚSTICA, INCLUSO IÇAMENTO. AF_07/2019","UN",{"v":1280.25,"d":"1,280.25"}]
[100369,"FABRICAÇÃO E INSTALAÇÃO DE MEIA TESOURA DE MADEIRA NÃO APARELHADA, COM VÃO DE 5 M, PARA TELHA ONDULADA DE FIBROCIMENTO, ALUMÍNIO, PLÁSTICA OU TERMOACÚSTICA, INCLUSO IÇAMENTO. AF_07/2019","UN",{"v":1344.7,"d":"1,344.70"}]
[100370,"FABRICAÇÃO E INSTALAÇÃO DE MEIA TESOURA DE MADEIRA NÃO APARELHADA, COM VÃO DE 6 M, PARA TELHA ONDULADA DE FIBROCIMENTO, ALUMÍNIO, PLÁSTICA OU TERMOACÚSTICA, INCLUSO IÇAMENTO. AF_07/2019","UN",{"v":1586.28,"d":"1,586.28"}]
[100371,"FABRICAÇÃO E INSTALAÇÃO DE MEIA TESOURA DE MADEIRA NÃO APARELHADA, COM VÃO DE 7 M, PARA TELHA ONDULADA DE FIBROCIMENTO, ALUMÍNIO, PLÁSTICA OU TERMOACÚSTICA, INCLUSO IÇAMENTO. AF_07/2019","UN",{"v":1815.74,"d":"1,815.74"}]
[100372,"FABRICAÇÃO E INSTALAÇÃO DE MEIA TESOURA DE MADEIRA NÃO APARELHADA, COM VÃO DE 8 M, PARA TELHA ONDULADA DE FIBROCIMENTO, ALUMÍNIO, PLÁSTICA OU TERMOACÚSTICA, INCLUSO IÇAMENTO. AF_07/2019","UN",{"v":2423.31,"d":"2,423.31"}]
[100373,"FABRICAÇÃO E INSTALAÇÃO DE MEIA TESOURA DE MADEIRA NÃO APARELHADA, COM VÃO DE 9 M, PARA TELHA ONDULADA DE FIBROCIMENTO, ALUMÍNIO, PLÁSTICA OU TERMOACÚSTICA, INCLUSO IÇAMENTO. AF_07/2019","UN",{"v":2501.3,"d":"2,501.30"}]
[100374,"FABRICAÇÃO E INSTALAÇÃO DE MEIA TESOURA DE MADEIRA NÃO APARELHADA, COM VÃO DE 10 M, PARA TELHA ONDULADA DE FIBROCIMENTO, ALUMÍNIO, PLÁSTICA OU TERMOACÚSTICA, INCLUSO IÇAMENTO. AF_07/2019","UN",{"v":2677.88,"d":"2,677.88"}]
[100375,"FABRICAÇÃO E INSTALAÇÃO DE MEIA TESOURA DE MADEIRA NÃO APARELHADA, COM VÃO DE 11 M, PARA TELHA ONDULADA DE FIBROCIMENTO, ALUMÍNIO, PLÁSTICA OU TERMOACÚSTICA, INCLUSO IÇAMENTO. AF_07/2019","UN",{"v":3009.75,"d":"3,009.75"}]
[100376,"FABRICAÇÃO E INSTALAÇÃO DE MEIA TESOURA DE MADEIRA NÃO APARELHADA, COM VÃO DE 12 M, PARA TELHA ONDULADA DE FIBROCIMENTO, ALUMÍNIO, PLÁSTICA OU TERMOACÚSTICA, INCLUSO IÇAMENTO. AF_07/2019","UN",{"v":2951.56,"d":"2,951.56"}]
[100377,"FABRICAÇÃO E INSTALAÇÃO DE TESOURA (INTEIRA OU MEIA) EM AÇO, VÃOS MAIORES OU IGUAIS A 3,0 M E MENORES OU IGUAL A 6,0 M, INCLUSO IÇAMENTO. AF_07/2019","KG",11.33]
[100378,"FABRICAÇÃO E INSTALAÇÃO DE TESOURA (INTEIRA OU MEIA) EM AÇO, VÃOS MAIORES QUE 6,0 M E MENORES QUE 12,0 M, INCLUSO IÇAMENTO. AF_07/2019","KG",10.49]
[100382,"FABRICAÇÃO E INSTALAÇÃO DE PONTALETES DE MADEIRA NÃO APARELHADA PARA TELHADOS COM ATÉ 2 ÁGUAS E COM TELHA ONDULADA DE FIBROCIMENTO, ALUMÍNIO OU PLÁSTICA EM EDIFÍCIO RESIDENCIAL TÉRREO, INCLUSO TRANSPORTE VERTICAL. AF_07/2019","M2",21.18]
[104314,"TRAMA DE AÇO COMPOSTA POR TERÇAS PARA TELHADOS DE ATÉ 2 ÁGUAS PARA TELHA ONDULADA DE FIBROCIMENTO, METÁLICA, PLÁSTICA OU TERMOACÚSTICA, INCLUSO TRANSPORTE VERTICAL (EM KG). AF_07/2019","KG",10.62]
[94444,"TELHAMENTO COM TELHA DE ENCAIXE, TIPO FRANCESA DE VIDRO, COM ATÉ 2 ÁGUAS, INCLUSO TRANSPORTE VERTICAL. AF_07/2019","M2",948.06]
[104482,"ESGOTAMENTO DE VALA COM BOMBA SUBMERSÍVEL. AF_12/2022","H",27.71]
[104184,"INSTALAÇÃO E DESINSTALAÇÃO DE REGISTRO DE PVC PARA SISTEMA DE REBAIXAMENTO DE LENÇOL FREÁTICO POR PONTEIRAS FILTRANTES. AF_12/2022","UN",28.02]
[104185,"INSTALAÇÃO E DESINSTALAÇÃO DE CONJUNTO DE BOMBAS, À VÁCUO E CENTRÍFUGA, PARA SISTEMA DE REBAIXAMENTO DE LENÇOL FREÁTICO POR PONTEIRAS FILTRANTES (EXCLUI O FORNECIMENTO DE BOMBAS). AF_12/2022","UN",23.31]
[104186,"PERFURAÇÃO DE SOLO PARA SISTEMA DE REBAIXAMENTO DE LENÇOL FREÁTICO POR POÇOS PROFUNDOS, DIÂMETRO DO POÇO DE 400 MM. AF_12/2022","M",267.29]
[104187,"INSTALAÇÃO E RETIRADA DE REVESTIMENTO METÁLICO PARA PERFURAÇÃO DE SOLO PARA SISTEMA DE REBAIXAMENTO DE LENÇOL FREÁTICO POR PORÇOS PROFUNDOS, DIÂMETRO DO POÇO DE 400 MM. AF_12/2022","M",{"v":1457.52,"d":"1,457.52"}]
[104189,"INSTALAÇÃO DE MATERIAL GRANULAR FILTRANTE PARA SISTEMA DE REBAIXAMENTO DE LENÇOL FREÁTICO POR POÇOS PROFUNDOSA, DIÂMETRO DO POÇO DE 400 MM. AF_12/2022","M3",180.59]
[104190,"INSTALAÇÃO E DESINSTALAÇÃO DE SISTEMA DE BOMBA PARA SISTEMA DE REBAIXAMENTO DE LENÇOL FREÁTICO POR POÇOS PROFUNDOS (EXCLUI O FORNECIMENTO DE BOMBA). AF_12/2022","UN",625.34]
[102661,"DRENO SUBSUPERFICIAL (SEÇÃO 0,40 X 0,40 M), COM TUBO DE PEAD CORRUGADO PERFURADO, DN 100 MM, ENCHIMENTO COM AREIA. AF_07/2021","M",40.64]
[102662,"DRENO SUBSUPERFICIAL (SEÇÃO 0,40 X 0,40 M), COM TUBO DE PVC CORRUGADO RÍGIDO PERFURADO, DN 100 MM, ENCHIMENTO COM AREIA. AF_07/2021","M",94.03]
[102663,"DRENO SUBSUPERFICIAL (SEÇÃO 0,40 X 0,40 M), COM TUBO DE CONCRETO SIMPLES POROSO, DN 200 MM, ENCHIMENTO COM AREIA. AF_07/2021","M",68.94]
[102664,"DRENO SUBSUPERFICIAL (SEÇÃO 0,40 X 0,40 M), CEGO, ENCHIMENTO DE BRITA, ENVOLVIDO COM MANTA GEOTÊXTIL. AF_07/2021","M",58.9]
[102665,"DRENO SUBSUPERFICIAL (SEÇÃO 0,40 X 0,40 M), CEGO, ENCHIMENTO DE BRITA. AF_07/2021","M",35.38]
[102666,"DRENO SUBSUPERFICIAL (SEÇÃO 0,40 X 0,40 M), COM TUBO DE PEAD CORRUGADO PERFURADO, DN 100 MM, ENCHIMENTO COM BRITA, ENVOLVIDO COM MANTA GEOTÊXTIL. AF_07/2021","M",69.73]
[102668,"DRENO SUBSUPERFICIAL (SEÇÃO 0,40 X 0,40 M), COM TUBO DE PVC CORRUGADO RÍGIDO PERFURADO, DN 100 MM, ENCHIMENTO COM BRITA, ENVOLVIDO COM MANTA GEOTÊXTIL. AF_07/2021","M",123.12]
[102669,"DRENO SUBSUPERFICIAL (SEÇÃO 0,40 X 0,40 M), COM TUBO DE CONCRETO SIMPLES POROSO, DN 200 MM, ENCHIMENTO COM BRITA, ENVOLVIDO COM MANTA GEOTÊXTIL. AF_07/2021","M",97.17]
[102670,"DRENO PROFUNDO (SEÇÃO 0,50 X 1,50 M), COM TUBO DE PEAD CORRUGADO PERFURADO, DN 100 MM, ENCHIMENTO COM AREIA, COM SELO DE ARGILA. AF_07/2021","M",125.77]
[102672,"DRENO PROFUNDO (SEÇÃO 0,50 X 1,50 M), COM TUBO DE PVC CORRUGADO RÍGIDO PERFURADO, DN 100 MM, ENCHIMENTO COM AREIA, COM SELO DE ARGILA. AF_07/2021","M",192.05]
[102673,"DRENO PROFUNDO (SEÇÃO 0,50 X 1,50 M), COM TUBO DE CONCRETO SIMPLES POROSO, DN 200 MM, ENCHIMENTO COM AREIA, COM SELO DE ARGILA. AF_07/2021","M",178.96]
[102674,"DRENO PROFUNDO (SEÇÃO 0,50 X 1,50 M), COM TUBO DE PEAD CORRUGADO PERFURADO, DN 100 MM, ENCHIMENTO COM AREIA. AF_07/2021","M",139.61]
[102676,"DRENO PROFUNDO (SEÇÃO 0,50 X 1,50 M), COM TUBO DE PVC CORRUGADO RÍGIDO PERFURADO, DN 100 MM, ENCHIMENTO COM AREIA. AF_07/2021","M",196.17]
[102677,"DRENO PROFUNDO (SEÇÃO 0,50 X 1,50 M), COM TUBO DE CONCRETO SIMPLES POROSO, DN 200 MM, ENCHIMENTO COM AREIA. AF_07/2021","M",173.38]
[102678,"DRENO PROFUNDO (SEÇÃO 0,50 X 1,50 M), CEGO, ENCHIMENTO DE BRITA, ENVOLVIDO COM MANTA GEOTÊXTIL, COM SELO DE ARGILA. AF_07/2021","M",180.11]
[102679,"DRENO PROFUNDO (SEÇÃO 0,50 X 1,50 M), CEGO, ENCHIMENTO DE BRITA, ENVOLVIDO COM MANTA GEOTÊXTIL. AF_07/2021","M",202.04]
[102680,"DRENO PROFUNDO (SEÇÃO 0,50 X 1,50 M), COM TUBO DE PEAD CORRUGADO PERFURADO, DN 100 MM, ENCHIMENTO COM BRITA, ENVOLVIDO COM MANTA GEOTÊXTIL, COM SELO DE ARGILA. AF_07/2021","M",192.06]
[102681,"DRENO PROFUNDO (SEÇÃO 0,50 X 1,50 M), COM TUBO DE PVC CORRUGADO RÍGIDO PERFURADO, DN 100 MM, ENCHIMENTO COM BRITA, ENVOLVIDO COM MANTA GEOTÊXTIL, COM SELO DE ARGILA. AF_07/2021","M",248.62]
[102683,"DRENO PROFUNDO (SEÇÃO 0,50 X 1,50 M), COM TUBO DE CONCRETO SIMPLES POROSO, DN 200 MM, ENCHIMENTO COM BRITA, ENVOLVIDO COM MANTA GEOTÊXTIL, COM SELO DE ARGILA. AF_07/2021","M",230.5]
[102684,"DRENO PROFUNDO (SEÇÃO 0,50 X 1,50 M), COM TUBO DE PEAD CORRUGADO PERFURADO, DN 100 MM, ENCHIMENTO COM BRITA, ENVOLVIDO COM MANTA GEOTÊXTIL. AF_07/2021","M",213.98]
[102685,"DRENO PROFUNDO (SEÇÃO 0,50 X 1,50 M), COM TUBO DE PVC CORRUGADO RÍGIDO PERFURADO, DN 100 MM, ENCHIMENTO COM BRITA, ENVOLVIDO COM MANTA GEOTÊXTIL. AF_07/2021","M",270.53]
[102687,"DRENO PROFUNDO (SEÇÃO 0,50 X 1,50 M), COM TUBO DE CONCRETO SIMPLES POROSO, DN 200 MM, ENCHIMENTO COM BRITA, ENVOLVIDO COM MANTA GEOTÊXTIL. AF_07/2021","M",246.88]
[102688,"DRENO ESPINHA DE PEIXE (SEÇÃO 0,40 X 0,40 M), COM TUBO DE PEAD CORRUGADO PERFURADO, DN 100 MM, ENCHIMENTO COM AREIA, INCLUSIVE CONEXÕES. AF_07/2021","M",46.44]
[102689,"DRENO ESPINHA DE PEIXE (SEÇÃO 0,40 X 0,40 M), COM TUBO DE PVC CORRUGADO RÍGIDO PERFURADO, DN 100 MM, ENCHIMENTO COM AREIA, INCLUSIVE CONEXÕES. AF_07/2021","M",97.4]
[102690,"DRENO ESPINHA DE PEIXE (SEÇÃO (0,40 X 0,40 M), COM TUBO DE PEAD CORRUGADO PERFURADO, DN 100 MM, ENCHIMENTO COM BRITA, ENVOLVIDO COM MANTA GEOTÊXTIL, INCLUSIVE CONEXÕES. AF_07/2021","M",75.53]
[102693,"DRENO ESPINHA DE PEIXE (SEÇÃO 0,40 X 0,40 M), COM TUBO DE PVC CORRUGADO RÍGIDO PERFURADO, DN 100 MM, ENCHIMENTO COM BRITA, ENVOLVIDO COM MANTA GEOTÊXTIL, INCLUSIVE CONEXÕES. AF_07/2021","M",126.5]
[102694,"DRENO ESPINHA DE PEIXE (SEÇÃO 0,50 X 0,80 M), COM TUBO DE PEAD CORRUGADO PERFURADO, DN 100 MM, ENCHIMENTO COM AREIA, INCLUSIVE CONEXÕES. AF_07/2021","M",90.16]
[102696,"DRENO ESPINHA DE PEIXE (SEÇÃO 0,50 X 0,80 M), COM TUBO DE PVC CORRUGADO RÍGIDO PERFURADO, DN 100 MM, ENCHIMENTO COM AREIA, INCLUSIVE CONEXÕES. AF_07/2021","M",140.98]
[102697,"DRENO ESPINHA DE PEIXE (SEÇÃO 0,50 X 0,80 M), COM TUBO DE PEAD CORRUGADO PERFURADO, DN 100 MM, ENCHIMENTO COM BRITA, ENVOLVIDO COM MANTA GEOTÊXTIL, INCLUSIVE CONEXÕES. AF_07/2021","M",136.73]
[102703,"DRENO ESPINHA DE PEIXE (SEÇÃO 0,50 X 0,80 M), COM TUBO DE PVC CORRUGADO RÍGIDO PERFURADO, DN 100 MM, ENCHIMENTO COM BRITA, ENVOLVIDO COM MANTA GEOTÊXTIL, INCLUSIVE CONEXÕES. AF_07/2021","M",187.56]
[102704,"TUBO DE PEAD CORRUGADO PERFURADO, DN 100 MM, PARA DRENO - FORNECIMENTO E ASSENTAMENTO. AF_07/2021","M",12.17]
[102705,"TUBO DE PVC CORRUGADO RÍGIDO PERFURADO, DN 100 MM, PARA DRENO - FORNECIMENTO E ASSENTAMENTO. AF_07/2021","M",62.04]
[102707,"TUBO DE CONCRETO SIMPLES POROSO, DN 200 MM, PARA DRENO - FORNECIMENTO E ASSENTAMENTO. AF_07/2021","M",44.98]
[102708,"LUVA DE PVC, SÉRIE NORMAL, PARA ESGOTO PREDIAL, DN 100 MM, INSTALADA EM DRENO  - FORNECIMENTO E INSTALAÇÃO. AF_07/2021","UN",23.12]
[102710,"JUNÇÃO SIMPLES DE PVC, 45 GRAUS, SÉRIE NORMAL, PARA ESGOTO PREDIAL, DN 100 MM, INSTALADA EM DRENO - FORNECIMENTO E INSTALAÇÃO. AF_07/2021","UN",57.24]
[102711,"JUNÇÃO DUPLA DE PVC, SÉRIE NORMAL, PARA ESGOTO PREDIAL, DN 100 X 100 X 100 MM, INSTALADA EM DRENO  - FORNECIMENTO E INSTALAÇÃO. AF_07/2021","UN",75.21]
[102712,"GEOTÊXTIL NÃO TECIDO 100% POLIÉSTER, RESISTÊNCIA A TRAÇÃO DE 9 KN/M (RT - 9), INSTALADO EM DRENO - FORNECIMENTO E INSTALAÇÃO. AF_07/2021","M2",9.14]
[102713,"GEOTÊXTIL NÃO TECIDO 100% POLIÉSTER, RESISTÊNCIA A TRAÇÃO DE 14 KN/M (RT - 14), INSTALADO EM DRENO - FORNECIMENTO E INSTALAÇÃO. AF_07/2021","M2",12.57]
[102715,"GEOTÊXTIL NÃO TECIDO 100% POLIÉSTER, RESISTÊNCIA A TRAÇÃO DE 26 KN/M (RT - 26), INSTALADO EM DRENO - FORNECIMENTO E INSTALAÇÃO. AF_07/2021","M2",24.9]
[102716,"ENCHIMENTO DE AREIA PARA DRENO, LANÇAMENTO MECANIZADO. AF_07/2021","M3",167.71]
[102717,"ENCHIMENTO DE BRITA PARA DRENO, LANÇAMENTO MECANIZADO. AF_07/2021","M3",204.36]
[102718,"ENCHIMENTO DE AREIA PARA DRENO, LANÇAMENTO MANUAL. AF_07/2021","M3",176.97]
[102719,"ENCHIMENTO DE BRITA PARA DRENO, LANÇAMENTO MANUAL. AF_07/2021","M3",213.62]
[102722,"DRENO EM MURO DE CONTENÇÃO, EXECUTADO NO PÉ DO MURO, COM TUBO DE PEAD CORRUGADO FLEXÍVEL PERFURADO, ENCHIMENTO COM BRITA, ENVOLVIDO COM MANTA GEOTÊXTIL. AF_07/2021","M",59.1]
[102723,"DRENO EM MURO DE CONTENÇÃO, EXECUTADO NO PÉ DO MURO, COM TUBO DE PVC CORRUGADO RÍGIDO PERFURADO, ENCHIMENTO COM BRITA, ENVOLVIDO COM MANTA GEOTÊXTIL. AF_07/2021","M",108.97]
[102724,"DRENO BARBACÃ, DN 100 MM, COM MATERIAL DRENANTE. AF_07/2021","UN",30.86]
[102725,"DRENO BARBACÃ, DN 75 MM, COM MATERIAL DRENANTE. AF_07/2021","UN",30.28]
[102726,"DRENO BARBACÃ, DN 50 MM, COM MATERIAL DRENANTE. AF_07/2021","UN",28.39]
[103653,"GEOTÊXTIL NÃO TECIDO 100% POLIÉSTER, RESISTÊNCIA A TRAÇÃO DE 31 KN/M (RT-31), INSTALADO EM DRENO - FORNECIMENTO E INSTALAÇÃO. AF_07/2021","M2",29.75]
[92743,"MURO DE GABIÃO, ENCHIMENTO COM PEDRA DE MÃO TIPO RACHÃO, DE GRAVIDADE, COM GAIOLAS DE COMPRIMENTO IGUAL A 2 M, PARA MUROS COM ALTURA MENOR OU IGUAL A 4 M - FORNECIMENTO E EXECUÇÃO. AF_03/2024","M3",720.27]
[92744,"MURO DE GABIÃO, ENCHIMENTO COM PEDRA DE MÃO TIPO RACHÃO, DE GRAVIDADE, COM GAIOLAS DE COMPRIMENTO IGUAL A 5 M, PARA MUROS COM ALTURA MENOR OU IGUAL A 4 M - FORNECIMENTO E EXECUÇÃO. AF_03/2024","M3",685.42]
[92745,"MURO DE GABIÃO, ENCHIMENTO COM PEDRA DE MÃO TIPO RACHÃO, DE GRAVIDADE, COM GAIOLAS DE COMPRIMENTO IGUAL A 2 M, PARA MUROS COM ALTURA MAIOR QUE 4 M E MENOR OU IGUAL A 6 M - FORNECIMENTO E EXECUÇÃO. AF_03/2024","M3",859.48]
[92746,"MURO DE GABIÃO, ENCHIMENTO COM PEDRA DE MÃO TIPO RACHÃO, DE GRAVIDADE, COM GAIOLAS DE COMPRIMENTO IGUAL A 5 M, PARA MUROS COM ALTURA MAIOR QUE 4 M E MENOR OU IGUAL A 6 M - FORNECIMENTO E EXECUÇÃO. AF_03/2024","M3",796.44]
[92747,"MURO DE GABIÃO, ENCHIMENTO COM PEDRA DE MÃO TIPO RACHÃO, DE GRAVIDADE, COM GAIOLAS DE COMPRIMENTO IGUAL A 2 M, PARA MUROS COM ALTURA MAIOR QUE 6 M E MENOR OU IGUAL A 10 M - FORNECIMENTO E EXECUÇÃO. AF_03/2024","M3",945.8]
[92748,"MURO DE GABIÃO, ENCHIMENTO COM PEDRA DE MÃO TIPO RACHÃO, DE GRAVIDADE, COM GAIOLAS DE COMPRIMENTO IGUAL A 5 M, PARA MUROS COM ALTURA MAIOR QUE 6 M E MENOR OU IGUAL A 10 M- FORNECIMENTO E EXECUÇÃO. AF_03/2024","M3",863.45]
[92749,"MURO DE GABIÃO, ENCHIMENTO COM PEDRA DE MÃO TIPO RACHÃO, COM SOLO REFORÇADO, PARA MUROS COM ALTURA MENOR OU IGUAL A 4 M - FORNECIMENTO E EXECUÇÃO. AF_03/2024","M3",999.77]
[92750,"MURO DE GABIÃO, ENCHIMENTO COM PEDRA DE MÃO TIPO RACHÃO, COM SOLO REFORÇADO, PARA MUROS COM ALTURA MAIOR QUE 4 M E MENOR OU IGUAL A 12 M - FORNECIMENTO E EXECUÇÃO. AF_03/2024","M3",{"v":1623.17,"d":"1,623.17"}]
[92751,"MURO DE GABIÃO, ENCHIMENTO COM PEDRA DE MÃO TIPO RACHÃO, COM SOLO REFORÇADO, PARA MUROS COM ALTURA MAIOR QUE 12 M E MENOR OU IGUAL A 20 M - FORNECIMENTO E EXECUÇÃO. AF_03/2024","M3",{"v":1987.93,"d":"1,987.93"}]
[92752,"MURO DE GABIÃO, ENCHIMENTO COM PEDRA DE MÃO TIPO RACHÃO, COM SOLO REFORÇADO, PARA MUROS COM ALTURA MAIOR QUE 20 M E MENOR OU IGUAL A 28 M - FORNECIMENTO E EXECUÇÃO. AF_03/2024","M3",{"v":2350.4,"d":"2,350.40"}]
[92753,"MURO DE GABIÃO, ENCHIMENTO COM RESÍDUO DE CONSTRUÇÃO E DEMOLIÇÃO, DE GRAVIDADE, COM GAIOLA TRAPEZOIDAL DE COMPRIMENTO IGUAL A 2 M, PARA MUROS COM ALTURA MENOR OU IGUAL A 2 M - FORNECIMENTO E EXECUÇÃO. AF_03/2024","M3",615.4]
[92754,"MURO DE GABIÃO, ENCHIMENTO COM RESÍDUO DE CONSTRUÇÃO E DEMOLIÇÃO, DE GRAVIDADE, COM GAIOLA TRAPEZOIDAL DE COMPRIMENTO IGUAL A 2 M, PARA MUROS COM ALTURA MAIOR QUE 2 M E MENOR OU IGUAL A 4 M - FORNECIMENTO E EXECUÇÃO. AF_03/2024","M3",599.97]
[92755,"PROTEÇÃO SUPERFICIAL DE CANAL EM GABIÃO TIPO COLCHÃO, ALTURA DE 17 CENTÍMETROS, ENCHIMENTO COM PEDRA DE MÃO TIPO RACHÃO - FORNECIMENTO E EXECUÇÃO. AF_03/2024","M2",249.72]
[92756,"PROTEÇÃO SUPERFICIAL DE CANAL EM GABIÃO TIPO COLCHÃO, ALTURA DE 23 CENTÍMETROS, ENCHIMENTO COM PEDRA DE MÃO TIPO RACHÃO - FORNECIMENTO E EXECUÇÃO. AF_03/2024","M2",288.82]
[92757,"PROTEÇÃO SUPERFICIAL DE CANAL EM GABIÃO TIPO COLCHÃO, ALTURA DE 30 CENTÍMETROS, ENCHIMENTO COM PEDRA DE MÃO TIPO RACHÃO - FORNECIMENTO E EXECUÇÃO. AF_03/2024","M2",335.61]
[92758,"PROTEÇÃO SUPERFICIAL DE CANAL EM GABIÃO TIPO SACO, DIÂMETRO DE 65 CENTÍMETROS, ENCHIMENTO MANUAL COM PEDRA DE MÃO TIPO RACHÃO - FORNECIMENTO E EXECUÇÃO. AF_03/2024","M3",751.74]
[91069,"EXECUÇÃO DE REVESTIMENTO DE CONCRETO PROJETADO COM ESPESSURA DE 7 CM, ARMADO COM TELA, INCLINAÇÃO MENOR QUE 90°, APLICAÇÃO CONTÍNUA, UTILIZANDO EQUIPAMENTO DE PROJEÇÃO COM 6 M³/H DE CAPACIDADE. AF_07/2024","M2",208.8]
[91070,"EXECUÇÃO DE REVESTIMENTO DE CONCRETO PROJETADO COM ESPESSURA DE 10 CM, ARMADO COM TELA, INCLINAÇÃO MENOR QUE 90°, APLICAÇÃO CONTÍNUA, UTILIZANDO EQUIPAMENTO DE PROJEÇÃO COM 6 M³/H DE CAPACIDADE. AF_07/2024","M2",222.25]
[91071,"EXECUÇÃO DE REVESTIMENTO DE CONCRETO PROJETADO COM ESPESSURA DE 7 CM, ARMADO COM TELA, INCLINAÇÃO DE 90°, APLICAÇÃO CONTÍNUA, UTILIZANDO EQUIPAMENTO DE PROJEÇÃO COM 6 M³/H DE CAPACIDADE. AF_07/2024","M2",318.71]
[91072,"EXECUÇÃO DE REVESTIMENTO DE CONCRETO PROJETADO COM ESPESSURA DE 10 CM, ARMADO COM TELA, INCLINAÇÃO DE 90°, APLICAÇÃO CONTÍNUA, UTILIZANDO EQUIPAMENTO DE PROJEÇÃO COM 6 M³/H DE CAPACIDADE. AF_07/2024","M2",330.01]
[91073,"EXECUÇÃO DE REVESTIMENTO DE CONCRETO PROJETADO COM ESPESSURA DE 7 CM, ARMADO COM TELA, INCLINAÇÃO MENOR QUE 90°, APLICAÇÃO CONTÍNUA, UTILIZANDO EQUIPAMENTO DE PROJEÇÃO COM 3 M³/H DE CAPACIDADE. AF_07/2024","M2",264.55]
[91074,"EXECUÇÃO DE REVESTIMENTO DE CONCRETO PROJETADO COM ESPESSURA DE 10 CM, ARMADO COM TELA, INCLINAÇÃO MENOR QUE 90°, APLICAÇÃO CONTÍNUA, UTILIZANDO EQUIPAMENTO DE PROJEÇÃO COM 3 M³/H DE CAPACIDADE. AF_07/2024","M2",255.17]
[91075,"EXECUÇÃO DE REVESTIMENTO DE CONCRETO PROJETADO COM ESPESSURA DE 7 CM, ARMADO COM TELA, INCLINAÇÃO DE 90°, APLICAÇÃO CONTÍNUA, UTILIZANDO EQUIPAMENTO DE PROJEÇÃO COM 3 M³/H DE CAPACIDADE. AF_07/2024","M2",401.21]
[91076,"EXECUÇÃO DE REVESTIMENTO DE CONCRETO PROJETADO COM ESPESSURA DE 10 CM, ARMADO COM TELA, INCLINAÇÃO DE 90°, APLICAÇÃO CONTÍNUA, UTILIZANDO EQUIPAMENTO DE PROJEÇÃO COM 3 M³/H DE CAPACIDADE. AF_07/2024","M2",372.75]
[91077,"EXECUÇÃO DE REVESTIMENTO DE CONCRETO PROJETADO COM ESPESSURA DE 7 CM, ARMADO COM FIBRAS DE AÇO, INCLINAÇÃO MENOR QUE 90°, APLICAÇÃO CONTÍNUA, UTILIZANDO EQUIPAMENTO DE PROJEÇÃO COM 6 M³/H DE CAPACIDADE. AF_07/2024","M2",191.21]
[91078,"EXECUÇÃO DE REVESTIMENTO DE CONCRETO PROJETADO COM ESPESSURA DE 10 CM, ARMADO COM FIBRAS DE AÇO, INCLINAÇÃO MENOR QUE 90°, APLICAÇÃO CONTÍNUA, UTILIZANDO EQUIPAMENTO DE PROJEÇÃO COM 6 M³/H DE CAPACIDADE. AF_07/2024","M2",210.54]
[91079,"EXECUÇÃO DE REVESTIMENTO DE CONCRETO PROJETADO COM ESPESSURA DE 7 CM, ARMADO COM FIBRAS DE AÇO, INCLINAÇÃO DE 90°, APLICAÇÃO CONTÍNUA, UTILIZANDO EQUIPAMENTO DE PROJEÇÃO COM 6 M³/H DE CAPACIDADE. AF_07/2024","M2",206.05]
[91080,"EXECUÇÃO DE REVESTIMENTO DE CONCRETO PROJETADO COM ESPESSURA DE 10 CM, ARMADO COM FIBRAS DE AÇO, INCLINAÇÃO DE 90°, APLICAÇÃO CONTÍNUA, UTILIZANDO EQUIPAMENTO DE PROJEÇÃO COM 6 M³/H DE CAPACIDADE. AF_07/2024","M2",221.89]
[91081,"EXECUÇÃO DE REVESTIMENTO DE CONCRETO PROJETADO COM ESPESSURA DE 7 CM, ARMADO COM FIBRAS DE AÇO, INCLINAÇÃO MENOR QUE 90°, APLICAÇÃO CONTÍNUA, UTILIZANDO EQUIPAMENTO DE PROJEÇÃO COM 3 M³/H DE CAPACIDADE. AF_07/2024","M2",270.31]
[91082,"EXECUÇÃO DE REVESTIMENTO DE CONCRETO PROJETADO COM ESPESSURA DE 10 CM, ARMADO COM FIBRAS DE AÇO, INCLINAÇÃO MENOR QUE 90°, APLICAÇÃO CONTÍNUA, UTILIZANDO EQUIPAMENTO DE PROJEÇÃO COM 3 M³/H DE CAPACIDADE. AF_07/2024","M2",251.19]
[91083,"EXECUÇÃO DE REVESTIMENTO DE CONCRETO PROJETADO COM ESPESSURA DE 7 CM, ARMADO COM FIBRAS DE AÇO, INCLINAÇÃO DE 90°, APLICAÇÃO CONTÍNUA, UTILIZANDO EQUIPAMENTO DE PROJEÇÃO COM 3 M³/H DE CAPACIDADE. AF_07/2024","M2",332.93]
[91084,"EXECUÇÃO DE REVESTIMENTO DE CONCRETO PROJETADO COM ESPESSURA DE 10 CM, ARMADO COM FIBRAS DE AÇO, INCLINAÇÃO DE 90°, APLICAÇÃO CONTÍNUA, UTILIZANDO EQUIPAMENTO DE PROJEÇÃO COM 3 M³/H DE CAPACIDADE. AF_07/2024","M2",275.89]
[91086,"EXECUÇÃO DE REVESTIMENTO DE CONCRETO PROJETADO COM ESPESSURA DE 7 CM, ARMADO COM TELA, INCLINAÇÃO MENOR QUE 90°, APLICAÇÃO DESCONTÍNUA, UTILIZANDO EQUIPAMENTO DE PROJEÇÃO COM 6 M³/H DE CAPACIDADE. AF_07/2024","M2",226.81]
[91087,"EXECUÇÃO DE REVESTIMENTO DE CONCRETO PROJETADO COM ESPESSURA DE 10 CM, ARMADO COM TELA, INCLINAÇÃO MENOR QUE 90°, APLICAÇÃO DESCONTÍNUA, UTILIZANDO EQUIPAMENTO DE PROJEÇÃO COM 6 M³/H DE CAPACIDADE. AF_07/2024","M2",241.77]
[91088,"EXECUÇÃO DE REVESTIMENTO DE CONCRETO PROJETADO COM ESPESSURA DE 7 CM, ARMADO COM TELA, INCLINAÇÃO DE 90°, APLICAÇÃO DESCONTÍNUA, UTILIZANDO EQUIPAMENTO DE PROJEÇÃO COM 6 M³/H DE CAPACIDADE. AF_07/2024","M2",336.97]
[91089,"EXECUÇÃO DE REVESTIMENTO DE CONCRETO PROJETADO COM ESPESSURA DE 10 CM, ARMADO COM TELA, INCLINAÇÃO DE 90°, APLICAÇÃO DESCONTÍNUA, UTILIZANDO EQUIPAMENTO DE PROJEÇÃO COM 6 M³/H DE CAPACIDADE. AF_07/2024","M2",350.56]
[91090,"EXECUÇÃO DE REVESTIMENTO DE CONCRETO PROJETADO COM ESPESSURA DE 7 CM, ARMADO COM TELA, INCLINAÇÃO MENOR QUE 90°, APLICAÇÃO DESCONTÍNUA, UTILIZANDO EQUIPAMENTO DE PROJEÇÃO COM 3 M³/H DE CAPACIDADE. AF_07/2024","M2",268.9]
[91091,"EXECUÇÃO DE REVESTIMENTO DE CONCRETO PROJETADO COM ESPESSURA DE 10 CM, ARMADO COM TELA, INCLINAÇÃO MENOR QUE 90°, APLICAÇÃO DESCONTÍNUA, UTILIZANDO EQUIPAMENTO DE PROJEÇÃO COM 3 M³/H DE CAPACIDADE. AF_07/2024","M2",269.23]
[91092,"EXECUÇÃO DE REVESTIMENTO DE CONCRETO PROJETADO COM ESPESSURA DE 7 CM, ARMADO COM TELA, INCLINAÇÃO DE 90°, APLICAÇÃO DESCONTÍNUA, UTILIZANDO EQUIPAMENTO DE PROJEÇÃO COM 3 M³/H DE CAPACIDADE. AF_07/2024","M2",396.15]
[91093,"EXECUÇÃO DE REVESTIMENTO DE CONCRETO PROJETADO COM ESPESSURA DE 10 CM, ARMADO COM TELA, INCLINAÇÃO DE 90°, APLICAÇÃO DESCONTÍNUA, UTILIZANDO EQUIPAMENTO DE PROJEÇÃO COM 3 M³/H DE CAPACIDADE. AF_07/2024","M2",385.51]
[91094,"EXECUÇÃO DE REVESTIMENTO DE CONCRETO PROJETADO COM ESPESSURA DE 7 CM, ARMADO COM FIBRAS DE AÇO, INCLINAÇÃO MENOR QUE 90°, APLICAÇÃO DESCONTÍNUA, UTILIZANDO EQUIPAMENTO DE PROJEÇÃO COM 6 M³/H DE CAPACIDADE. AF_07/2024","M2",183.53]
[91095,"EXECUÇÃO DE REVESTIMENTO DE CONCRETO PROJETADO COM ESPESSURA DE 10 CM, ARMADO COM FIBRAS DE AÇO, INCLINAÇÃO MENOR QUE 90°, APLICAÇÃO DESCONTÍNUA, UTILIZANDO EQUIPAMENTO DE PROJEÇÃO COM 6 M³/H DE CAPACIDADE. AF_07/2024","M2",205.11]
[91096,"EXECUÇÃO DE REVESTIMENTO DE CONCRETO PROJETADO COM ESPESSURA DE 7 CM, ARMADO COM FIBRAS DE AÇO, INCLINAÇÃO DE 90°, APLICAÇÃO DESCONTÍNUA, UTILIZANDO EQUIPAMENTO DE PROJEÇÃO COM 6 M³/H DE CAPACIDADE. AF_07/2024","M2",195.71]
[91097,"EXECUÇÃO DE REVESTIMENTO DE CONCRETO PROJETADO COM ESPESSURA DE 10 CM, ARMADO COM FIBRAS DE AÇO, INCLINAÇÃO DE 90°, APLICAÇÃO DESCONTÍNUA, UTILIZANDO EQUIPAMENTO DE PROJEÇÃO COM 6 M³/H DE CAPACIDADE. AF_07/2024","M2",215.02]
[91098,"EXECUÇÃO DE REVESTIMENTO DE CONCRETO PROJETADO COM ESPESSURA DE 7 CM, ARMADO COM FIBRAS DE AÇO, INCLINAÇÃO MENOR QUE 90°, APLICAÇÃO DESCONTÍNUA, UTILIZANDO EQUIPAMENTO DE PROJEÇÃO COM 3 M³/H DE CAPACIDADE. AF_07/2024","M2",240.09]
[91099,"EXECUÇÃO DE REVESTIMENTO DE CONCRETO PROJETADO COM ESPESSURA DE 10 CM, ARMADO COM FIBRAS DE AÇO, INCLINAÇÃO MENOR QUE 90°, APLICAÇÃO DESCONTÍNUA, UTILIZANDO EQUIPAMENTO DE PROJEÇÃO COM 3 M³/H DE CAPACIDADE. AF_07/2024","M2",238.27]
[91100,"EXECUÇÃO DE REVESTIMENTO DE CONCRETO PROJETADO COM ESPESSURA DE 7 CM, ARMADO COM FIBRAS DE AÇO, INCLINAÇÃO DE 90°, APLICAÇÃO DESCONTÍNUA, UTILIZANDO EQUIPAMENTO DE PROJEÇÃO COM 3 M³/H DE CAPACIDADE. AF_07/2024","M2",279.66]
[91101,"EXECUÇÃO DE REVESTIMENTO DE CONCRETO PROJETADO COM ESPESSURA DE 10 CM, ARMADO COM FIBRAS DE AÇO, INCLINAÇÃO DE 90°, APLICAÇÃO DESCONTÍNUA, UTILIZANDO EQUIPAMENTO DE PROJEÇÃO COM 3 M³/H DE CAPACIDADE. AF_07/2024","M2",257.67]
[93957,"EXECUÇÃO DE GRAMPO PARA SOLO GRAMPEADO COM COMPRIMENTO MENOR OU IGUAL A 6 M, DIÂMETRO DE 10 CM, PERFURAÇÃO COM EQUIPAMENTO MANUAL E ARMADURA COM DIÂMETRO DE 20 MM. AF_07/2024","M",329.85]
[93959,"EXECUÇÃO DE GRAMPO PARA SOLO GRAMPEADO COM COMPRIMENTO MAIOR QUE 6 M E MENOR OU IGUAL A 10 M, DIÂMETRO DE 10 CM, PERFURAÇÃO COM EQUIPAMENTO MANUAL E ARMADURA COM DIÂMETRO DE 20 MM. AF_07/2024","M",267.63]
[93961,"EXECUÇÃO DE GRAMPO PARA SOLO GRAMPEADO COM COMPRIMENTO MAIOR QUE 10 M, DIÂMETRO DE 10 CM, PERFURAÇÃO COM EQUIPAMENTO MANUAL E ARMADURA COM DIÂMETRO DE 20 MM. AF_07/2024","M",241.36]
[93967,"EXECUÇÃO DE GRAMPO PARA SOLO GRAMPEADO COM COMPRIMENTO MENOR OU IGUAL A 6 M, DIÂMETRO DE 7 CM, PERFURAÇÃO COM EQUIPAMENTO MANUAL E ARMADURA COM DIÂMETRO DE 20 MM. AF_07/2024","M",275.19]
[93969,"EXECUÇÃO DE GRAMPO PARA SOLO GRAMPEADO COM COMPRIMENTO MAIOR QUE 6 M E MENOR OU IGUAL A 10 M, DIÂMETRO DE 7 CM, PERFURAÇÃO COM EQUIPAMENTO MANUAL E ARMADURA COM DIÂMETRO DE 20 MM. AF_07/2024","M",223.61]
[93971,"EXECUÇÃO DE GRAMPO PARA SOLO GRAMPEADO COM COMPRIMENTO MAIOR QUE 10 M, DIÂMETRO DE 7 CM, PERFURAÇÃO COM EQUIPAMENTO MANUAL E ARMADURA COM DIÂMETRO DE 20 MM. AF_07/2024","M",202.52]
[95108,"EXECUÇÃO DE PROTEÇÃO DA CABEÇA DO TIRANTE COM USO DE FÔRMAS METÁLICAS, 50 UTILIZAÇÕES, E CONCRETO FCK =15 MPA. AF_11/2023","UN",37.61]
[100341,"FABRICAÇÃO, MONTAGEM E DESMONTAGEM DE FÔRMA PARA CORTINA DE CONTENÇÃO, EM CHAPA DE MADEIRA COMPENSADA PLASTIFICADA, E = 18 MM, 10 UTILIZAÇÕES. AF_11/2024","M2",46.94]
[100342,"ARMAÇÃO DE CORTINA DE CONTENÇÃO EM CONCRETO ARMADO, COM AÇO CA-50 DE 6,3 MM - MONTAGEM. AF_11/2024","KG",17.56]
[100343,"ARMAÇÃO DE CORTINA DE CONTENÇÃO EM CONCRETO ARMADO, COM AÇO CA-50 DE 8 MM - MONTAGEM. AF_11/2024","KG",15.89]
[100344,"ARMAÇÃO DE CORTINA DE CONTENÇÃO EM CONCRETO ARMADO, COM AÇO CA-50 DE 10 MM - MONTAGEM. AF_11/2024","KG",13.38]
[100345,"ARMAÇÃO DE CORTINA DE CONTENÇÃO EM CONCRETO ARMADO, COM AÇO CA-50 DE 12,5 MM - MONTAGEM. AF_11/2024","KG",10.64]
[100346,"ARMAÇÃO DE CORTINA DE CONTENÇÃO EM CONCRETO ARMADO, COM AÇO CA-50 DE 16 MM - MONTAGEM. AF_11/2024","KG",10.25]
[100347,"ARMAÇÃO DE CORTINA DE CONTENÇÃO EM CONCRETO ARMADO, COM AÇO CA-50 DE 20 MM - MONTAGEM. AF_11/2024","KG",11.63]
[100348,"ARMAÇÃO DE CORTINA DE CONTENÇÃO EM CONCRETO ARMADO, COM AÇO CA-50 DE 25 MM - MONTAGEM. AF_11/2024","KG",11.47]
[100349,"CONCRETAGEM DE CORTINA DE CONTENÇÃO, ATRAVÉS DE BOMBA - LANÇAMENTO, ADENSAMENTO E ACABAMENTO. AF_11/2024","M3",898.08]
[104841,"EXECUÇÃO DE PERFURAÇÃO PARA TIRANTE, COMPRIMENTO MAIOR OU IGUAL A 14 M E MENOR QUE 22 M, COM DIÂMETRO DE FURO DE 100 MM EXECUTADO COM HASTE E TUBOS DE REVESTIMENTO UTILIZANDO PERFURATRIZ SOBRE ESTEIRA. AF_11/2023","M",85.64]
[104842,"EXECUÇÃO DE PERFURAÇÃO PARA TIRANTE, COMPRIMENTO MAIOR OU IGUAL A 22 M E MENOR QUE 30 M, COM DIÂMETRO DE FURO DE 100 MM EXECUTADO COM HASTE E TUBOS DE REVESTIMENTO UTILIZANDO PERFURATRIZ SOBRE ESTEIRA. AF_11/2023","M",73.59]
[104843,"EXECUÇÃO DE PERFURAÇÃO PARA TIRANTE, COMPRIMENTO MAIOR OU IGUAL A 6 M E MENOR QUE 14 M, COM DIÂMETRO DE FURO DE 150 MM EXECUTADO COM HASTE E TUBOS DE REVESTIMENTO UTILIZANDO PERFURATRIZ SOBRE ESTEIRA. AF_11/2023","M",116.48]
[104844,"EXECUÇÃO DE PERFURAÇÃO PARA TIRANTE, COMPRIMENTO MAIOR OU IGUAL A 14 M E MENOR QUE 22 M, COM DIÂMETRO DE FURO DE 150 MM EXECUTADO COM HASTE E TUBOS DE REVESTIMENTO UTILIZANDO PERFURATRIZ SOBRE ESTEIRA. AF_11/2023","M",94.25]
[104845,"EXECUÇÃO DE PERFURAÇÃO PARA TIRANTE, COMPRIMENTO MAIOR OU IGUAL A 6 M E MENOR QUE 14 M, COM DIÂMETRO DE FURO DE 200 MM EXECUTADO COM HASTE E TUBOS DE REVESTIMENTO UTILIZANDO PERFURATRIZ SOBRE ESTEIRA. AF_11/2023","M",132.38]
[104846,"EXECUÇÃO DE PERFURAÇÃO PARA TIRANTE, COMPRIMENTO MAIOR OU IGUAL A 14 M E MENOR QUE 22 M, COM DIÂMETRO DE FURO DE 200 MM EXECUTADO COM HASTE E TUBOS DE REVESTIMENTO UTILIZANDO PERFURATRIZ SOBRE ESTEIRA. AF_11/2023","M",107.02]
[104847,"EXECUÇÃO DE PERFURAÇÃO PARA TIRANTE, COMPRIMENTO MAIOR OU IGUAL A 22 M E MENOR QUE 30 M, COM DIÂMETRO DE FURO DE 200 MM EXECUTADO COM HASTE E TUBOS DE REVESTIMENTO UTILIZANDO PERFURATRIZ SOBRE ESTEIRA. AF_11/2023","M",91.41]
[104848,"EXECUÇÃO DE PERFURAÇÃO PARA TIRANTE, COMPRIMENTO MAIOR OU IGUAL A 6 M E MENOR QUE 14 M, COM DIÂMETRO DE FURO DE 100 MM EXECUTADO COM HASTE UTILIZANDO PERFURATRIZ MANUAL SOBRE BASE DE MONTAGEM. AF_11/2023","M",69.53]
[104849,"EXECUÇÃO DE PERFURAÇÃO PARA TIRANTE, COMPRIMENTO MAIOR OU IGUAL A 14 M E MENOR QUE 22 M, COM DIÂMETRO DE FURO DE 100 MM EXECUTADO COM HASTE UTILIZANDO PERFURATRIZ MANUAL SOBRE BASE DE MONTAGEM. AF_11/2023","M",60.14]
[104850,"EXECUÇÃO DE PERFURAÇÃO PARA TIRANTE, COMPRIMENTO MAIOR OU IGUAL A 22 M E MENOR QUE 30 M, COM DIÂMETRO DE FURO DE 100 MM EXECUTADO COM HASTE UTILIZANDO PERFURATRIZ MANUAL SOBRE BASE DE MONTAGEM. AF_11/2023","M",53.84]
[104851,"EXECUÇÃO DE PERFURAÇÃO PARA TIRANTE, COMPRIMENTO MAIOR OU IGUAL A 6 M E MENOR QUE 14 M, COM DIÂMETRO DE FURO DE 150 MM EXECUTADO COM HASTE UTILIZANDO PERFURATRIZ MANUAL SOBRE BASE DE MONTAGEM. AF_11/2023","M",76.77]
[104852,"EXECUÇÃO DE PERFURAÇÃO PARA TIRANTE, COMPRIMENTO MAIOR OU IGUAL A 14 M E MENOR QUE 22 M, COM DIÂMETRO DE FURO DE 150 MM EXECUTADO COM HASTE UTILIZANDO PERFURATRIZ MANUAL SOBRE BASE DE MONTAGEM. AF_11/2023","M",65.96]
[104853,"EXECUÇÃO DE PERFURAÇÃO PARA TIRANTE, COMPRIMENTO MAIOR OU IGUAL A 22 M E MENOR QUE 30 M, COM DIÂMETRO DE FURO DE 150 MM EXECUTADO COM HASTE UTILIZANDO PERFURATRIZ MANUAL SOBRE BASE DE MONTAGEM. AF_11/2023","M",58.71]
[104854,"EXECUÇÃO DE PERFURAÇÃO PARA TIRANTE, COMPRIMENTO MAIOR OU IGUAL A 14 M E MENOR QUE 22 M, COM DIÂMETRO DE FURO DE 200 MM EXECUTADO COM HASTE UTILIZANDO PERFURATRIZ MANUAL SOBRE BASE DE MONTAGEM. AF_11/2023","M",74.61]
[104855,"EXECUÇÃO DE PERFURAÇÃO PARA TIRANTE, COMPRIMENTO MAIOR OU IGUAL A 22 M E MENOR QUE 30 M, COM DIÂMETRO DE FURO DE 200 MM EXECUTADO COM HASTE UTILIZANDO PERFURATRIZ MANUAL SOBRE BASE DE MONTAGEM. AF_11/2023","M",65.91]
[104875,"PERFURAÇÃO DE PAREDE DIAFRAGMA COM COROA DIAMANTADA DE DIÂMETRO DE 102 MM. AF_11/2023","M",107.49]
[104876,"PERFURAÇÃO DE CORTINA PRÉ-MOLDADA COM MARTELETE ROMPEDOR. AF_11/2023","UN",21.05]
[104877,"EXECUÇÃO DE LONGARINA, PARA TIRANTES PROVISÓRIOS, COM PERFIL METÁLICO, INCLUINDO CUNHA E SOLIDARIZAÇÃO. AF_11/2023","UN",614.88]
[104878,"EXECUÇÃO DE LONGARINA, PARA TIRANTES PERMANENTES, COM PERFIL METÁLICO, INCLUINDO CUNHA E SOLIDARIZAÇÃO. AF_11/2023","UN",{"v":2317.28,"d":"2,317.28"}]
[104879,"EXECUÇÃO DE PERFURAÇÃO PARA TIRANTE, COMPRIMENTO MAIOR OU IGUAL A 22 M E MENOR QUE 30 M, COM DIÂMETRO DE FURO DE 150 MM EXECUTADO COM HASTE E TUBOS DE REVESTIMENTO UTILIZANDO PERFURATRIZ SOBRE ESTEIRA. AF_11/2023","M",80.79]
[104880,"EXECUÇÃO DE PERFURAÇÃO PARA TIRANTE, COMPRIMENTO MAIOR OU IGUAL A 6 M E MENOR QUE 14 M, COM DIÂMETRO DE FURO DE 200 MM EXECUTADO COM HASTE UTILIZANDO PERFURATRIZ MANUAL SOBRE BASE DE MONTAGEM. AF_11/2023","M",87.54]
[104886,"EXECUÇÃO DE PERFURAÇÃO PARA TIRANTE, COMPRIMENTO MAIOR OU IGUAL A 6 M E MENOR QUE 14 M, COM DIÂMETRO DE FURO DE 100 MM EXECUTADO COM HASTE UTILIZANDO PERFURATRIZ SOBRE ESTEIRA. AF_11/2023","M",52.87]
[104887,"EXECUÇÃO DE PERFURAÇÃO PARA TIRANTE, COMPRIMENTO MAIOR OU IGUAL A 14 M E MENOR QUE 22 M, COM DIÂMETRO DE FURO DE 100 MM EXECUTADO COM HASTE UTILIZANDO PERFURATRIZ SOBRE ESTEIRA. AF_11/2023","M",46.87]
[104888,"EXECUÇÃO DE PERFURAÇÃO PARA TIRANTE, COMPRIMENTO MAIOR OU IGUAL A 22 M E MENOR QUE 30 M, COM DIÂMETRO DE FURO DE 100 MM EXECUTADO COM HASTE UTILIZANDO PERFURATRIZ SOBRE ESTEIRA. AF_11/2023","M",42.8]
[104889,"EXECUÇÃO DE PERFURAÇÃO PARA TIRANTE, COMPRIMENTO MAIOR OU IGUAL A 6 M E MENOR QUE 14 M, COM DIÂMETRO DE FURO DE 200 MM EXECUTADO COM HASTE UTILIZANDO PERFURATRIZ SOBRE ESTEIRA. AF_11/2023","M",60.88]
[104890,"EXECUÇÃO DE PERFURAÇÃO PARA TIRANTE, COMPRIMENTO MAIOR OU IGUAL A 14 M E MENOR QUE 22 M, COM DIÂMETRO DE FURO DE 200 MM EXECUTADO COM HASTE UTILIZANDO PERFURATRIZ SOBRE ESTEIRA. AF_11/2023","M",53.33]
[104891,"EXECUÇÃO DE PERFURAÇÃO PARA TIRANTE, COMPRIMENTO MAIOR OU IGUAL A 22 M E MENOR QUE 30 M, COM DIÂMETRO DE FURO DE 200 MM EXECUTADO COM HASTE UTILIZANDO PERFURATRIZ SOBRE ESTEIRA. AF_11/2023","M",48.25]
[104892,"EXECUÇÃO DE PERFURAÇÃO PARA TIRANTE, COMPRIMENTO MAIOR OU IGUAL A 6 M E MENOR QUE 14 M, COM DIÂMETRO DE FURO DE 100 MM EXECUTADO COM HASTE E TUBOS DE REVESTIMENTO UTILIZANDO PERFURATRIZ SOBRE ESTEIRA. AF_11/2023","M",105.77]
[102989,"CANALETA MEIA CANA PRÉ-MOLDADA DE CONCRETO (D = 20 CM) - FORNECIMENTO E INSTALAÇÃO. AF_08/2021","M",37.86]
[102990,"CANALETA MEIA CANA PRÉ-MOLDADA DE CONCRETO (D = 30 CM) - FORNECIMENTO E INSTALAÇÃO. AF_08/2021","M",46.07]
[102991,"CANALETA MEIA CANA PRÉ-MOLDADA DE CONCRETO (D = 40 CM) - FORNECIMENTO E INSTALAÇÃO. AF_08/2021","M",59.71]
[102992,"CANALETA MEIA CANA PRÉ-MOLDADA DE CONCRETO (D = 50 CM) - FORNECIMENTO E INSTALAÇÃO. AF_08/2021","M",88.11]
[102993,"CANALETA MEIA CANA PRÉ-MOLDADA DE CONCRETO (D = 60 CM) - FORNECIMENTO E INSTALAÇÃO. AF_08/2021","M",114.68]
[102994,"CANALETA MEIA CANA PRÉ-MOLDADA DE CONCRETO (D = 80 CM) - FORNECIMENTO E INSTALAÇÃO. AF_08/2021","M",196.25]
[102995,"EXECUÇÃO DE CANALETA DE CONCRETO MOLDADO IN LOCO, ESPESSURA DE 0,07 M, GEOMETRIA TRAPEZOIDAL (DIMENSÕES INTERNAS: B=0,6 M; B=0,147 M; H=0,2 M). AF_08/2021","M",60.6]
[102996,"EXECUÇÃO DE CANALETA DE CONCRETO MOLDADO IN LOCO, ESPESSURA DE 0,07 M, GEOMETRIA TRAPEZOIDAL (DIMENSÕES INTERNAS: B=0,9 M; B=0,246 M; H=0,3 M). AF_08/2021","M",85.83]
[102997,"EXECUÇÃO DE CANALETA DE CONCRETO MOLDADO IN LOCO, ESPESSURA DE 0,08 M, GEOMETRIA TRAPEZOIDAL (DIMENSÕES INTERNAS: B=1M; B=0,5 M; H=0,25 M). AF_08/2021","M",115.75]
[102998,"EXECUÇÃO DE CANALETA DE CONCRETO MOLDADO IN LOCO, ESPESSURA DE 0,08 M, GEOMETRIA TRAPEZOIDAL (DIMENSÕES INTERNAS: B=1,074 M; B=0,534 M; H=0,27 M). AF_08/2021","M",110.28]
[102999,"EXECUÇÃO DE CANALETA DE CONCRETO MOLDADO IN LOCO, ESPESSURA DE 0,08 M, GEOMETRIA TRAPEZOIDAL (DIMENSÕES INTERNAS: B=1,4 M; B=0,7 M; H=0,35 M). AF_08/2021","M",139.6]
[103000,"EXECUÇÃO DE CANALETA DE CONCRETO MOLDADO IN LOCO, ESPESSURA DE 0,08 M, GEOMETRIA TRAPEZOIDAL (DIMENSÕES INTERNAS: B=1,474 M; B=0,934 M; H=0,27 M). AF_08/2021","M",140.2]
[103001,"GRELHA DE FERRO FUNDIDO SIMPLES COM REQUADRO, 150 X 1000 MM, ASSENTADA COM ARGAMASSA 1 : 3 CIMENTO: AREIA - FORNECIMENTO E INSTALAÇÃO. AF_08/2021","UN",162.61]
[103002,"GRELHA DE FERRO FUNDIDO SIMPLES COM REQUADRO, 200 X 1000 MM, ASSENTADA COM ARGAMASSA 1 : 3 CIMENTO: AREIA - FORNECIMENTO E INSTALAÇÃO. AF_08/2021","UN",200.94]
[103003,"GRELHA DE FERRO FUNDIDO SIMPLES COM REQUADRO, 300 X 1000 MM, ASSENTADA COM ARGAMASSA 1 : 3 CIMENTO: AREIA - FORNECIMENTO E INSTALAÇÃO. AF_08/2021","UN",277.67]
[103005,"CAIXA COM GRELHA RETANGULAR DE FERRO FUNDIDO, EM ALVENARIA COM TIJOLOS CERÂMICOS MACIÇOS, DIMENSÕES INTERNAS: 0,15 X 1,00 X 0,3 M. AF_08/2021","UN",548.97]
[103006,"CAIXA COM GRELHA RETANGULAR DE FERRO FUNDIDO, EM ALVENARIA COM TIJOLOS CERÂMICOS MACIÇOS, DIMENSÕES INTERNAS: 0,20 X 1,00 X 0,4 M. AF_08/2021","UN",760.04]
[103007,"CAIXA COM GRELHA RETANGULAR DE FERRO FUNDIDO, EM ALVENARIA COM TIJOLOS CERÂMICOS MACIÇOS, DIMENSÕES INTERNAS: 0,30 X 1,00 X 0,5 M. AF_08/2021","UN",995.97]
[97933,"CAIXA COM GRELHA SIMPLES RETANGULAR, EM CONCRETO PRÉ-MOLDADO, DIMENSÕES INTERNAS: 0,6X1,0X1,0 M. AF_12/2020","UN",{"v":1143.46,"d":"1,143.46"}]
[97934,"CAIXA COM GRELHA DUPLA RETANGULAR, EM CONCRETO PRÉ-MOLDADO, DIMENSÕES INTERNAS: 0,5X2,2X1,0 M. AF_12/2020","UN",{"v":2516.12,"d":"2,516.12"}]
[97935,"CAIXA PARA BOCA DE LOBO SIMPLES RETANGULAR, EM CONCRETO PRÉ-MOLDADO, DIMENSÕES INTERNAS: 0,6X1,0X1,2 M. AF_12/2020","UN",932.76]
[97936,"CAIXA PARA BOCA DE LOBO DUPLA RETANGULAR, EM CONCRETO PRÉ-MOLDADO, DIMENSÕES INTERNAS: 0,6X2,2X1,2 M. AF_12/2020","UN",{"v":2124.7,"d":"2,124.70"}]
[97947,"CAIXA COM GRELHA SIMPLES RETANGULAR, EM ALVENARIA COM TIJOLOS CERÂMICOS MACIÇOS, DIMENSÕES INTERNAS: 0,5X1X1 M. AF_12/2020","UN",{"v":1918.9,"d":"1,918.90"}]
[97948,"CAIXA COM GRELHA DUPLA RETANGULAR, EM ALVENARIA COM TIJOLOS CERÂMICOS MACIÇOS, DIMENSÕES INTERNAS: 0,5X2,2X1 M. AF_12/2020","UN",{"v":3528.59,"d":"3,528.59"}]
[97949,"CAIXA PARA BOCA DE LOBO SIMPLES RETANGULAR, EM ALVENARIA COM TIJOLOS CERÂMICOS MACIÇOS, DIMENSÕES INTERNAS: 0,6X1X1,2 M. AF_12/2020","UN",{"v":1924.95,"d":"1,924.95"}]
[97950,"CAIXA PARA BOCA DE LOBO DUPLA RETANGULAR, EM ALVENARIA COM TIJOLOS CERÂMICOS MACIÇOS, DIMENSÕES INTERNAS: 0,6X2,2X1,2 M. AF_12/2020","UN",{"v":3379.58,"d":"3,379.58"}]
[97951,"CAIXA PARA BOCA DE LOBO COMBINADA COM GRELHA RETANGULAR, EM ALVENARIA COM TIJOLOS CERÂMICOS MACIÇOS, DIMENSÕES INTERNAS: 1,3X1X1,2 M. AF_12/2020","UN",{"v":3087.36,"d":"3,087.36"}]
[97952,"CAIXA PARA BOCA DE LOBO DUPLA COMBINADA COM GRELHA RETANGULAR, EM ALVENARIA COM TIJOLOS CERÂMICOS MACIÇOS, DIMENSÕES INTERNAS: 1,3X2,2X1,2 M. AF_12/2020","UN",{"v":5328.31,"d":"5,328.31"}]
[97953,"CAIXA COM GRELHA SIMPLES RETANGULAR, EM ALVENARIA COM BLOCOS DE CONCRETO, DIMENSÕES INTERNAS: 0,5X1X1 M. AF_12/2020","UN",{"v":1465.81,"d":"1,465.81"}]
[97955,"CAIXA COM GRELHA DUPLA RETANGULAR, EM ALVENARIA COM BLOCOS DE CONCRETO, DIMENSÕES INTERNAS: 0,5X2,2X1 M. AF_12/2020","UN",{"v":3204.48,"d":"3,204.48"}]
[97956,"CAIXA PARA BOCA DE LOBO SIMPLES RETANGULAR, EM ALVENARIA COM BLOCOS DE CONCRETO, DIMENSÕES INTERNAS: 0,6X1X1,2 M. AF_12/2020","UN",{"v":1583.76,"d":"1,583.76"}]
[97957,"CAIXA PARA BOCA DE LOBO DUPLA RETANGULAR, EM ALVENARIA COM BLOCOS DE CONCRETO, DIMENSÕES INTERNAS: 0,6X2,2X1,2 M. AF_12/2020","UN",{"v":2822.33,"d":"2,822.33"}]
[97961,"CAIXA PARA BOCA DE LOBO COMBINADA COM GRELHA RETANGULAR, EM ALVENARIA COM BLOCOS DE CONCRETO, DIMENSÕES INTERNAS: 1,3X1X1,2 M. AF_12/2020","UN",{"v":2573.07,"d":"2,573.07"}]
[97973,"CAIXA PARA BOCA DE LOBO DUPLA COMBINADA COM GRELHA RETANGULAR, EM ALVENARIA COM BLOCOS DE CONCRETO, DIMENSÕES INTERNAS: 1,3X2,2X1,2 M. AF_12/2020","UN",{"v":4823.69,"d":"4,823.69"}]
[97974,"POÇO DE INSPEÇÃO CIRCULAR PARA ESGOTO, EM CONCRETO PRÉ-MOLDADO, DIÂMETRO INTERNO = 0,60 M, PROFUNDIDADE = 0,90 M, EXCLUINDO TAMPÃO. AF_12/2020_PA","UN",517.42]
[97975,"POÇO DE INSPEÇÃO CIRCULAR PARA ESGOTO, EM CONCRETO PRÉ-MOLDADO, DIÂMETRO INTERNO = 0,60 M, PROFUNDIDADE = 1,40 M, EXCLUINDO TAMPÃO. AF_12/2020_PA","UN",672.29]
[97976,"POÇO DE INSPEÇÃO CIRCULAR PARA ESGOTO, EM ALVENARIA COM TIJOLOS CERÂMICOS MACIÇOS, DIÂMETRO INTERNO = 0,60 M, PROFUNDIDADE = 0,95 M, EXCLUINDO TAMPÃO. AF_12/2020_PA","UN",{"v":1206.68,"d":"1,206.68"}]
[97977,"POÇO DE INSPEÇÃO CIRCULAR PARA ESGOTO, EM ALVENARIA COM TIJOLOS CERÂMICOS MACIÇOS, DIÂMETRO INTERNO = 0,60 M, PROFUNDIDADE = 1,45 M, EXCLUINDO TAMPÃO. AF_12/2020_PA","UN",{"v":1720.69,"d":"1,720.69"}]
[97978,"BASE PARA POÇO DE VISITA CIRCULAR PARA ESGOTO, EM CONCRETO PRÉ-MOLDADO, DIÂMETRO INTERNO = 0,80 M, PROFUNDIDADE = 1,35 M, EXCLUINDO TAMPÃO. AF_12/2020_PA","UN",{"v":1028.98,"d":"1,028.98"}]
[97980,"BASE PARA POÇO DE VISITA CIRCULAR PARA  ESGOTO, EM ALVENARIA COM TIJOLOS CERÂMICOS MACIÇOS, DIÂMETRO INTERNO = 0,80 M, PROFUNDIDADE = 1,40 M, EXCLUINDO TAMPÃO. AF_12/2020_PA","UN",{"v":2227.41,"d":"2,227.41"}]
[97981,"ACRÉSCIMO PARA POÇO DE VISITA CIRCULAR PARA ESGOTO, EM ALVENARIA COM TIJOLOS CERÂMICOS MACIÇOS, DIÂMETRO INTERNO = 0,8 M. AF_12/2020","M",{"v":1263.09,"d":"1,263.09"}]
[97983,"ACRÉSCIMO PARA POÇO DE VISITA CIRCULAR PARA ESGOTO, EM CONCRETO PRÉ-MOLDADO, DIÂMETRO INTERNO = 1 M. AF_12/2020","M",545.87]
[97985,"ACRÉSCIMO PARA POÇO DE VISITA CIRCULAR PARA  ESGOTO, EM ALVENARIA COM TIJOLOS CERÂMICOS MACIÇOS, DIÂMETRO INTERNO = 1 M. AF_12/2020","M",{"v":1519.26,"d":"1,519.26"}]
[97987,"ACRÉSCIMO PARA POÇO DE VISITA CIRCULAR PARA ESGOTO, EM CONCRETO PRÉ-MOLDADO, DIÂMETRO INTERNO = 1,2 M. AF_12/2020","M",727.68]
[97988,"BASE PARA POÇO DE VISITA CIRCULAR PARA  ESGOTO, EM ALVENARIA COM TIJOLOS CERÂMICOS MACIÇOS, DIÂMETRO INTERNO = 1,20 M, PROFUNDIDADE = 1,40 M, EXCLUINDO TAMPÃO. AF_12/2020_PA","UN",{"v":3285.61,"d":"3,285.61"}]
[97989,"ACRÉSCIMO PARA POÇO DE VISITA CIRCULAR PARA ESGOTO, EM ALVENARIA COM TIJOLOS CERÂMICOS MACIÇOS, DIÂMETRO INTERNO = 1,2 M. AF_12/2020","M",{"v":1775.37,"d":"1,775.37"}]
[97991,"ACRÉSCIMO PARA POÇO DE VISITA CIRCULAR PARA  ESGOTO, EM CONCRETO PRÉ-MOLDADO, DIÂMETRO INTERNO = 1,5 M. AF_12/2020","M",998.35]
[97992,"BASE PARA POÇO DE VISITA CIRCULAR PARA ESGOTO, EM ALVENARIA COM TIJOLOS CERÂMICOS MACIÇOS, DIÂMETRO INTERNO = 1,50 M, PROFUNDIDADE = 1,40 M, EXCLUINDO TAMPÃO. AF_12/2020_PA","UN",{"v":4229.26,"d":"4,229.26"}]
[97993,"ACRÉSCIMO PARA POÇO DE VISITA CIRCULAR PARA  ESGOTO, EM ALVENARIA COM TIJOLOS CERÂMICOS MACIÇOS, DIÂMETRO INTERNO = 1,5 M. AF_12/2020","M",{"v":2159.69,"d":"2,159.69"}]
[97994,"BASE PARA POÇO DE VISITA RETANGULAR PARA  ESGOTO, EM ALVENARIA COM BLOCOS DE CONCRETO, DIMENSÕES INTERNAS = 1X1 M, PROFUNDIDADE = 1,40 M, EXCLUINDO TAMPÃO. AF_12/2020_PA","UN",{"v":2807.43,"d":"2,807.43"}]
[97995,"ACRÉSCIMO PARA POÇO DE VISITA RETANGULAR PARA ESGOTO, EM ALVENARIA COM BLOCOS DE CONCRETO, DIMENSÕES INTERNAS = 1X1 M. AF_12/2020","M",{"v":1388.75,"d":"1,388.75"}]
[97996,"BASE PARA POÇO DE VISITA RETANGULAR PARA ESGOTO, EM ALVENARIA COM BLOCOS DE CONCRETO, DIMENSÕES INTERNAS = 1X1,5 M, PROFUNDIDADE = 1,40 M, EXCLUINDO TAMPÃO. AF_12/2020_PA","UN",{"v":3557.6,"d":"3,557.60"}]
[97997,"ACRÉSCIMO PARA POÇO DE VISITA RETANGULAR PARA ESGOTO, EM ALVENARIA COM BLOCOS DE CONCRETO, DIMENSÕES INTERNAS = 1X1,5 M. AF_12/2020","M",{"v":1658.9,"d":"1,658.90"}]
[97999,"ACRÉSCIMO PARA POÇO DE VISITA RETANGULAR PARA ESGOTO, EM ALVENARIA COM BLOCOS DE CONCRETO, DIMENSÕES INTERNAS = 1X2 M. AF_12/2020","M",{"v":1929.13,"d":"1,929.13"}]
[98001,"ACRÉSCIMO PARA POÇO DE VISITA RETANGULAR PARA ESGOTO, EM ALVENARIA COM BLOCOS DE CONCRETO, DIMENSÕES INTERNAS = 1X2,5 M. AF_12/2020","M",{"v":2199.29,"d":"2,199.29"}]
[98002,"BASE PARA POÇO DE VISITA RETANGULAR PARA ESGOTO, EM ALVENARIA COM BLOCOS DE CONCRETO, DIMENSÕES INTERNAS = 1X3 M, PROFUNDIDADE = 1,40 M, EXCLUINDO TAMPÃO. AF_12/2020_PA","UN",{"v":5843.82,"d":"5,843.82"}]
[98003,"ACRÉSCIMO PARA POÇO DE VISITA RETANGULAR PARA ESGOTO, EM ALVENARIA COM BLOCOS DE CONCRETO, DIMENSÕES INTERNAS = 1X3 M. AF_12/2020","M",{"v":2469.51,"d":"2,469.51"}]
[98005,"ACRÉSCIMO PARA POÇO DE VISITA RETANGULAR PARA ESGOTO, EM ALVENARIA COM BLOCOS DE CONCRETO, DIMENSÕES INTERNAS = 1X3,5 M. AF_12/2020","M",{"v":2739.75,"d":"2,739.75"}]
[98006,"BASE PARA POÇO DE VISITA RETANGULAR PARA ESGOTO, EM ALVENARIA COM BLOCOS DE CONCRETO, DIMENSÕES INTERNAS = 1X4 M, PROFUNDIDADE = 1,40 M, EXCLUINDO TAMPÃO. AF_12/2020_PA","UN",{"v":7353.17,"d":"7,353.17"}]
[98007,"ACRÉSCIMO PARA POÇO DE VISITA RETANGULAR PARA ESGOTO, EM ALVENARIA COM BLOCOS DE CONCRETO, DIMENSÕES INTERNAS = 1X4 M. AF_12/2020","M",{"v":3009.9,"d":"3,009.90"}]
[98008,"BASE PARA POÇO DE VISITA RETANGULAR PARA ESGOTO, EM ALVENARIA COM BLOCOS DE CONCRETO, DIMENSÕES INTERNAS = 1,5X1,5 M, PROFUNDIDADE = 1,45 M, EXCLUINDO TAMPÃO . AF_12/2020_PA","UN",{"v":4422.6,"d":"4,422.60"}]
[98009,"ACRÉSCIMO PARA POÇO DE VISITA RETANGULAR PARA ESGOTO, EM ALVENARIA COM BLOCOS DE CONCRETO, DIMENSÕES INTERNAS = 1,5X1,5 M. AF_12/2020","M",{"v":1929.13,"d":"1,929.13"}]
[98010,"BASE PARA POÇO DE VISITA RETANGULAR PARA ESGOTO, EM ALVENARIA COM BLOCOS DE CONCRETO, DIMENSÕES INTERNAS = 1,5X2 M, PROFUNDIDADE = 1,40 M, EXCLUINDO TAMPÃO. AF_12/2020_PA","UN",{"v":5404,"d":"5,404.00"}]
[98011,"ACRÉSCIMO PARA POÇO DE VISITA RETANGULAR PARA ESGOTO, EM ALVENARIA COM BLOCOS DE CONCRETO, DIMENSÕES INTERNAS = 1,5X2 M. AF_12/2020","M",{"v":2199.29,"d":"2,199.29"}]
[98012,"BASE PARA POÇO DE VISITA RETANGULAR PARA ESGOTO, EM ALVENARIA COM BLOCOS DE CONCRETO, DIMENSÕES INTERNAS = 1,5X2,5 M, PROFUNDIDADE = 1,40 M, EXCLUINDO TAMPÃO. AF_12/2020_PA","UN",{"v":6356.94,"d":"6,356.94"}]
[98013,"ACRÉSCIMO PARA POÇO DE VISITA RETANGULAR PARA ESGOTO, EM ALVENARIA COM BLOCOS DE CONCRETO, DIMENSÕES INTERNAS = 1,5X2,5 M. AF_12/2020","M",{"v":2469.51,"d":"2,469.51"}]
[98014,"BASE PARA POÇO DE VISITA RETANGULAR PARA ESGOTO, EM ALVENARIA COM BLOCOS DE CONCRETO, DIMENSÕES INTERNAS = 1,5X3 M, PROFUNDIDADE = 1,40 M, EXCLUINDO TAMPÃO. AF_12/2020_PA","UN",{"v":7309.82,"d":"7,309.82"}]
[98015,"ACRÉSCIMO PARA POÇO DE VISITA RETANGULAR PARA ESGOTO, EM ALVENARIA COM BLOCOS DE CONCRETO, DIMENSÕES INTERNAS = 1,5X3 M. AF_12/2020","M",{"v":2739.75,"d":"2,739.75"}]
[98016,"BASE PARA POÇO DE VISITA RETANGULAR PARA ESGOTO, EM ALVENARIA COM BLOCOS DE CONCRETO, DIMENSÕES INTERNAS = 1,5X3,5 M, PROFUNDIDADE = 1,40 M, EXCLUINDO TAMPÃO. AF_12/2020_PA","UN",{"v":8262.8,"d":"8,262.80"}]
[98017,"ACRÉSCIMO PARA POÇO DE VISITA RETANGULAR PARA ESGOTO, EM ALVENARIA COM BLOCOS DE CONCRETO, DIMENSÕES INTERNAS = 1,5X3,5 M. AF_12/2020","M",{"v":3009.9,"d":"3,009.90"}]
[98018,"BASE PARA POÇO DE VISITA RETANGULAR PARA ESGOTO, EM ALVENARIA COM BLOCOS DE CONCRETO, DIMENSÕES INTERNAS = 1,5X4 M, PROFUNDIDADE = 1,40 M, EXCLUINDO TAMPÃO. AF_12/2020_PA","UN",{"v":9215.67,"d":"9,215.67"}]
[98019,"ACRÉSCIMO PARA POÇO DE VISITA RETANGULAR PARA ESGOTO, EM ALVENARIA COM BLOCOS DE CONCRETO, DIMENSÕES INTERNAS = 1,5X4 M. AF_12/2020","M",{"v":3305.52,"d":"3,305.52"}]
[98020,"BASE PARA POÇO DE VISITA RETANGULAR PARA ESGOTO, EM ALVENARIA COM BLOCOS DE CONCRETO, DIMENSÕES INTERNAS = 2X2 M, PROFUNDIDADE = 1,40 M, EXCLUINDO TAMPÃO. AF_12/2020_PA","UN",{"v":6543.26,"d":"6,543.26"}]
[98021,"ACRÉSCIMO PARA POÇO DE VISITA RETANGULAR PARA ESGOTO, EM ALVENARIA COM BLOCOS DE CONCRETO, DIMENSÕES INTERNAS = 2X2 M. AF_12/2020","M",{"v":2494.98,"d":"2,494.98"}]
[98022,"BASE PARA POÇO DE VISITA RETANGULAR PARA ESGOTO, EM ALVENARIA COM BLOCOS DE CONCRETO, DIMENSÕES INTERNAS = 2X2,5 M, PROFUNDIDADE = 1,40 M, EXCLUINDO TAMPÃO. AF_12/2020_PA","UN",{"v":7680.24,"d":"7,680.24"}]
[98023,"ACRÉSCIMO PARA POÇO DE VISITA RETANGULAR PARA ESGOTO, EM ALVENARIA COM BLOCOS DE CONCRETO, DIMENSÕES INTERNAS = 2X2,5 M. AF_12/2020","M",{"v":2765.14,"d":"2,765.14"}]
[98024,"BASE PARA POÇO DE VISITA RETANGULAR PARA ESGOTO, EM ALVENARIA COM BLOCOS DE CONCRETO, DIMENSÕES INTERNAS = 2X3 M, PROFUNDIDADE = 1,40 M, EXCLUINDO TAMPÃO. AF_12/2020_PA","UN",{"v":8880.19,"d":"8,880.19"}]
[98025,"ACRÉSCIMO PARA POÇO DE VISITA RETANGULAR PARA ESGOTO, EM ALVENARIA COM BLOCOS DE CONCRETO, DIMENSÕES INTERNAS = 2X3 M. AF_12/2020","M",{"v":3035.37,"d":"3,035.37"}]
[98026,"BASE PARA POÇO DE VISITA RETANGULAR PARA ESGOTO, EM ALVENARIA COM BLOCOS DE CONCRETO, DIMENSÕES INTERNAS = 2X3,5 M, PROFUNDIDADE = 1,40 M, EXCLUINDO TAMPÃO. AF_12/2020_PA","UN",{"v":10025.1,"d":"10,025.10"}]
[98027,"ACRÉSCIMO PARA POÇO DE VISITA RETANGULAR PARA ESGOTO, EM ALVENARIA COM BLOCOS DE CONCRETO, DIMENSÕES INTERNAS = 2X3,5 M. AF_12/2020","M",{"v":3305.52,"d":"3,305.52"}]
[98028,"BASE PARA POÇO DE VISITA RETANGULAR PARA ESGOTO, EM ALVENARIA COM BLOCOS DE CONCRETO, DIMENSÕES INTERNAS = 2X4 M, PROFUNDIDADE = 1,40 M, EXCLUINDO TAMPÃO. AF_12/2020_PA","UN",{"v":11170.08,"d":"11,170.08"}]
[98029,"ACRÉSCIMO PARA POÇO DE VISITA RETANGULAR PARA ESGOTO, EM ALVENARIA COM BLOCOS DE CONCRETO, DIMENSÕES INTERNAS = 2X4 M. AF_12/2020","M",{"v":3580.94,"d":"3,580.94"}]
[98030,"BASE PARA POÇO DE VISITA RETANGULAR PARA ESGOTO, EM ALVENARIA COM BLOCOS DE CONCRETO, DIMENSÕES INTERNAS = 2,5X2,5 M, PROFUNDIDADE = 1,40 M, EXCLUINDO TAMPÃO. AF_12/2020_PA","UN",{"v":9117.49,"d":"9,117.49"}]
[98031,"ACRÉSCIMO PARA POÇO DE VISITA RETANGULAR PARA ESGOTO, EM ALVENARIA COM BLOCOS DE CONCRETO, DIMENSÕES INTERNAS = 2,5X2,5 M. AF_12/2020","M",{"v":3040.68,"d":"3,040.68"}]
[98032,"BASE PARA POÇO DE VISITA RETANGULAR PARA ESGOTO, EM ALVENARIA COM BLOCOS DE CONCRETO, DIMENSÕES INTERNAS = 2,5X3 M, PROFUNDIDADE = 1,40 M, EXCLUINDO TAMPÃO. AF_12/2020_PA","UN",{"v":10504.67,"d":"10,504.67"}]
[98033,"ACRÉSCIMO PARA POÇO DE VISITA RETANGULAR PARA ESGOTO, EM ALVENARIA COM BLOCOS DE CONCRETO, DIMENSÕES INTERNAS = 2,5X3 M. AF_12/2020","M",{"v":3310.84,"d":"3,310.84"}]
[98034,"BASE PARA POÇO DE VISITA RETANGULAR PARA ESGOTO, EM ALVENARIA COM BLOCOS DE CONCRETO, DIMENSÕES INTERNAS = 2,5X3,5 M, PROFUNDIDADE = 1,40 M, EXCLUINDO TAMPÃO. AF_12/2020_PA","UN",{"v":11891.86,"d":"11,891.86"}]
[98035,"ACRÉSCIMO PARA POÇO DE VISITA RETANGULAR PARA ESGOTO, EM ALVENARIA COM BLOCOS DE CONCRETO, DIMENSÕES INTERNAS = 2,5X3,5 M. AF_12/2020","M",{"v":3580.94,"d":"3,580.94"}]
[98036,"BASE PARA POÇO DE VISITA RETANGULAR PARA ESGOTO, EM ALVENARIA COM BLOCOS DE CONCRETO, DIMENSÕES INTERNAS = 2,5X4 M, PROFUNDIDADE = 1,40 M, EXCLUINDO TAMPÃO. AF_12/2020_PA","UN",{"v":13279.06,"d":"13,279.06"}]
[98037,"ACRÉSCIMO PARA POÇO DE VISITA RETANGULAR PARA ESGOTO, EM ALVENARIA COM BLOCOS DE CONCRETO, DIMENSÕES INTERNAS = 2,5X4 M. AF_12/2020","M",{"v":3856.41,"d":"3,856.41"}]
[98038,"BASE PARA POÇO DE VISITA RETANGULAR PARA ESGOTO, EM ALVENARIA COM BLOCOS DE CONCRETO, DIMENSÕES INTERNAS = 3X3 M, PROFUNDIDADE = 1,40 M, EXCLUINDO TAMPÃO. AF_12/2020_PA","UN",{"v":12153.27,"d":"12,153.27"}]
[98039,"ACRÉSCIMO PARA POÇO DE VISITA RETANGULAR PARA ESGOTO, EM ALVENARIA COM BLOCOS DE CONCRETO, DIMENSÕES INTERNAS = 3X3 M. AF_12/2020","M",{"v":3586.26,"d":"3,586.26"}]
[98040,"BASE PARA POÇO DE VISITA RETANGULAR PARA ESGOTO, EM ALVENARIA COM BLOCOS DE CONCRETO, DIMENSÕES INTERNAS = 3X3,5 M, PROFUNDIDADE = 1,40 M, EXCLUINDO TAMPÃO. AF_12/2020_PA","UN",{"v":13751.44,"d":"13,751.44"}]
[98041,"ACRÉSCIMO PARA POÇO DE VISITA RETANGULAR PARA ESGOTO, EM ALVENARIA COM BLOCOS DE CONCRETO, DIMENSÕES INTERNAS = 3X3,5 M. AF_12/2020","M",{"v":3856.41,"d":"3,856.41"}]
[98042,"BASE PARA POÇO DE VISITA RETANGULAR PARA ESGOTO, EM ALVENARIA COM BLOCOS DE CONCRETO, DIMENSÕES INTERNAS = 3X4 M, PROFUNDIDADE = 1,40 M, EXCLUINDO TAMPÃO. AF_12/2020_PA","UN",{"v":15349.68,"d":"15,349.68"}]
[98043,"ACRÉSCIMO PARA POÇO DE VISITA RETANGULAR PARA ESGOTO, EM ALVENARIA COM BLOCOS DE CONCRETO, DIMENSÕES INTERNAS = 3X4 M. AF_12/2020","M",{"v":4131.96,"d":"4,131.96"}]
[98044,"BASE PARA POÇO DE VISITA RETANGULAR PARA ESGOTO, EM ALVENARIA COM BLOCOS DE CONCRETO, DIMENSÕES INTERNAS = 3,5X3,5 M, PROFUNDIDADE = 1,40 M, EXCLUINDO TAMPÃO. AF_12/2020_PA","UN",{"v":15611.16,"d":"15,611.16"}]
[98045,"ACRÉSCIMO PARA POÇO DE VISITA RETANGULAR PARA ESGOTO, EM ALVENARIA COM BLOCOS DE CONCRETO, DIMENSÕES INTERNAS = 3,5X3,5 M. AF_12/2020","M",{"v":4131.96,"d":"4,131.96"}]
[98046,"BASE PARA POÇO DE VISITA RETANGULAR PARA ESGOTO, EM ALVENARIA COM BLOCOS DE CONCRETO, DIMENSÕES INTERNAS = 3,5X4 M, PROFUNDIDADE = 1,40 M, EXCLUINDO TAMPÃO. AF_12/2020_PA","UN",{"v":17420.14,"d":"17,420.14"}]
[98047,"ACRÉSCIMO PARA POÇO DE VISITA RETANGULAR PARA ESGOTO, EM ALVENARIA COM BLOCOS DE CONCRETO, DIMENSÕES INTERNAS = 3,5X4 M. AF_12/2020","M",{"v":4407.42,"d":"4,407.42"}]
[98048,"BASE PARA POÇO DE VISITA RETANGULAR PARA ESGOTO, EM ALVENARIA COM BLOCOS DE CONCRETO, DIMENSÕES INTERNAS = 4X4 M, PROFUNDIDADE = 1,45 M, EXCLUINDO TAMPÃO. AF_12/2020_PA","UN",{"v":19490.8,"d":"19,490.80"}]
[98049,"ACRÉSCIMO PARA POÇO DE VISITA RETANGULAR PARA ESGOTO, EM ALVENARIA COM BLOCOS DE CONCRETO, DIMENSÕES INTERNAS = 4X4 M. AF_12/2020","M",{"v":4631.03,"d":"4,631.03"}]
[98050,"CHAMINÉ CIRCULAR PARA POÇO DE VISITA PARA ESGOTO, EM CONCRETO PRÉ-MOLDADO, DIÂMETRO INTERNO = 0,6 M. AF_12/2020","M",302.21]
[98051,"CHAMINÉ CIRCULAR PARA POÇO DE VISITA PARA ESGOTO, EM ALVENARIA COM TIJOLOS CERÂMICOS MACIÇOS, DIÂMETRO INTERNO = 0,6 M. AF_12/2020","M",{"v":1012.56,"d":"1,012.56"}]
[98405,"BASE PARA POÇO DE VISITA CIRCULAR PARA  ESGOTO, EM ALVENARIA COM TIJOLOS CERÂMICOS MACIÇOS, DIÂMETRO INTERNO = 1,0 M, PROFUNDIDADE = 1,40 M, EXCLUINDO TAMPÃO. AF_12/2020_PA","UN",{"v":2754.52,"d":"2,754.52"}]
[98406,"BASE PARA POÇO DE VISITA RETANGULAR PARA ESGOTO, EM ALVENARIA COM BLOCOS DE CONCRETO, DIMENSÕES INTERNAS = 1X3,5 M, PROFUNDIDADE = 1,40 M, EXCLUINDO TAMPÃO. AF_12/2020_PA","UN",{"v":6598.48,"d":"6,598.48"}]
[98407,"BASE PARA POÇO DE VISITA RETANGULAR PARA ESGOTO, EM ALVENARIA COM BLOCOS DE CONCRETO, DIMENSÕES INTERNAS = 1X2 M, PROFUNDIDADE = 1,40 M, EXCLUINDO TAMPÃO. AF_12/2020_PA","UN",{"v":4307.66,"d":"4,307.66"}]
[98408,"BASE PARA POÇO DE VISITA RETANGULAR PARA ESGOTO, EM ALVENARIA COM BLOCOS DE CONCRETO, DIMENSÕES INTERNAS = 1X2,5 M, PROFUNDIDADE = 1,40 M, EXCLUINDO TAMPÃO. AF_12/2020_PA","UN",{"v":5057.81,"d":"5,057.81"}]
[98409,"ACRÉSCIMO PARA POÇO DE VISITA CIRCULAR PARA ESGOTO, EM CONCRETO PRÉ-MOLDADO, DIÂMETRO INTERNO = 0,8 M. AF_12/2020","M",412.74]
[98410,"BASE PARA POÇO DE VISITA CIRCULAR PARA ESGOTO, EM CONCRETO PRÉ-MOLDADO, DIÂMETRO INTERNO = 1,0 M, PROFUNDIDADE = 1,35 M, EXCLUINDO TAMPÃO. AF_12/2020_PA","UN",{"v":1337.92,"d":"1,337.92"}]
[99240,"ACRÉSCIMO PARA POÇO DE VISITA CIRCULAR PARA DRENAGEM, EM CONCRETO PRÉ-MOLDADO, DIÂMETRO INTERNO = 1,2 M. AF_12/2020","M",724.1]
[99241,"ACRÉSCIMO PARA POÇO DE VISITA RETANGULAR PARA DRENAGEM, EM ALVENARIA COM BLOCOS DE CONCRETO, DIMENSÕES INTERNAS = 1,5X1,5 M. AF_12/2020","M",{"v":1853.98,"d":"1,853.98"}]
[99242,"BASE PARA POÇO DE VISITA CIRCULAR PARA DRENAGEM, EM ALVENARIA COM TIJOLOS CERÂMICOS MACIÇOS, DIÂMETRO INTERNO = 1,2 M, PROFUNDIDADE = 1,40 M, EXCLUINDO TAMPÃO. AF_12/2020_PA","UN",{"v":3183.43,"d":"3,183.43"}]
[99243,"ACRÉSCIMO PARA POÇO DE VISITA CIRCULAR PARA DRENAGEM, EM ALVENARIA COM TIJOLOS CERÂMICOS MACIÇOS, DIÂMETRO INTERNO = 1,2 M. AF_12/2020","M",{"v":1678.6,"d":"1,678.60"}]
[99244,"BASE PARA POÇO DE VISITA RETANGULAR PARA DRENAGEM, EM ALVENARIA COM BLOCOS DE CONCRETO, DIMENSÕES INTERNAS = 1,5X2 M, PROFUNDIDADE = 1,40 M, EXCLUINDO TAMPÃO. AF_12/2020_PA","UN",{"v":5281.23,"d":"5,281.23"}]
[99246,"ACRÉSCIMO PARA POÇO DE VISITA CIRCULAR PARA DRENAGEM, EM CONCRETO PRÉ-MOLDADO, DIÂMETRO INTERNO = 1,5 M. AF_12/2020","M",993.46]
[99247,"ACRÉSCIMO PARA POÇO DE VISITA RETANGULAR PARA DRENAGEM, EM ALVENARIA COM BLOCOS DE CONCRETO, DIMENSÕES INTERNAS = 1,5X2 M. AF_12/2020","M",{"v":2113.1,"d":"2,113.10"}]
[99248,"BASE PARA POÇO DE VISITA CIRCULAR PARA DRENAGEM, EM ALVENARIA COM TIJOLOS CERÂMICOS MACIÇOS, DIÂMETRO INTERNO = 1,50 M, PROFUNDIDADE = 1,40 M, EXCLUINDO TAMPÃO. AF_12/2020_PA","UN",{"v":4105.94,"d":"4,105.94"}]
[99249,"ACRÉSCIMO PARA POÇO DE VISITA CIRCULAR PARA DRENAGEM, EM ALVENARIA COM TIJOLOS CERÂMICOS MACIÇOS, DIÂMETRO INTERNO = 1,5 M. AF_12/2020","M",{"v":2047.85,"d":"2,047.85"}]
[99252,"BASE PARA POÇO DE VISITA RETANGULAR PARA DRENAGEM, EM ALVENARIA COM BLOCOS DE CONCRETO, DIMENSÕES INTERNAS = 1X1 M, PROFUNDIDADE = 1,40 M, EXCLUINDO TAMPÃO. AF_12/2020_PA","UN",{"v":2743.44,"d":"2,743.44"}]
[99254,"ACRÉSCIMO PARA POÇO DE VISITA RETANGULAR PARA DRENAGEM, EM ALVENARIA COM BLOCOS DE CONCRETO, DIMENSÕES INTERNAS = 1X1 M. AF_12/2020","M",{"v":1335.7,"d":"1,335.70"}]
[99256,"BASE PARA POÇO DE VISITA RETANGULAR PARA DRENAGEM, EM ALVENARIA COM BLOCOS DE CONCRETO, DIMENSÕES INTERNAS = 1,5X2,5 M, PROFUNDIDADE = 1,40 M, EXCLUINDO TAMPÃO. AF_12/2020_PA","UN",{"v":6212.04,"d":"6,212.04"}]
[99259,"BASE PARA POÇO DE VISITA RETANGULAR PARA DRENAGEM, EM ALVENARIA COM BLOCOS DE CONCRETO, DIMENSÕES INTERNAS = 1X1,5 M, PROFUNDIDADE = 1,40 M, EXCLUINDO TAMPÃO. AF_12/2020_PA","UN",{"v":3475.94,"d":"3,475.94"}]
[99261,"ACRÉSCIMO PARA POÇO DE VISITA RETANGULAR PARA DRENAGEM, EM ALVENARIA COM BLOCOS DE CONCRETO, DIMENSÕES INTERNAS = 1X1,5 M. AF_12/2020","M",{"v":1594.81,"d":"1,594.81"}]
[99263,"ACRÉSCIMO PARA POÇO DE VISITA RETANGULAR PARA DRENAGEM, EM ALVENARIA COM BLOCOS DE CONCRETO, DIMENSÕES INTERNAS = 1,5X2,5 M. AF_12/2020","M",{"v":2372.27,"d":"2,372.27"}]
[99265,"BASE PARA POÇO DE VISITA RETANGULAR PARA DRENAGEM, EM ALVENARIA COM BLOCOS DE CONCRETO, DIMENSÕES INTERNAS = 1X2 M, PROFUNDIDADE = 1,40 M, EXCLUINDO TAMPÃO. AF_12/2020_PA","UN",{"v":4208.35,"d":"4,208.35"}]
[99266,"ACRÉSCIMO PARA POÇO DE VISITA RETANGULAR PARA DRENAGEM, EM ALVENARIA COM BLOCOS DE CONCRETO, DIMENSÕES INTERNAS = 1X2 M. AF_12/2020","M",{"v":1853.98,"d":"1,853.98"}]
[99267,"BASE PARA POÇO DE VISITA RETANGULAR PARA DRENAGEM, EM ALVENARIA COM BLOCOS DE CONCRETO, DIMENSÕES INTERNAS = 1X2,5 M, PROFUNDIDADE = 1,40 M, EXCLUINDO TAMPÃO. AF_12/2020_PA","UN",{"v":4940.83,"d":"4,940.83"}]
[99268,"POÇO DE INSPEÇÃO CIRCULAR PARA DRENAGEM, EM CONCRETO PRÉ-MOLDADO, DIÂMETRO INTERNO = 0,60 M, PROFUNDIDADE = 0,90 M, EXCLUINDO TAMPÃO. AF_12/2020_PA","UN",512.85]
[99269,"ACRÉSCIMO PARA POÇO DE VISITA RETANGULAR PARA DRENAGEM, EM ALVENARIA COM BLOCOS DE CONCRETO, DIMENSÕES INTERNAS = 1X2,5 M. AF_12/2020","M",{"v":2113.1,"d":"2,113.10"}]
[99270,"POÇO DE INSPEÇÃO CIRCULAR PARA DRENAGEM, EM CONCRETO PRÉ-MOLDADO, DIÂMETRO INTERNO = 0,60 M, PROFUNDIDADE = 1,40 M, EXCLUINDO TAMPÃO. AF_12/2020_PA","UN",666.94]
[99271,"BASE PARA POÇO DE VISITA RETANGULAR PARA DRENAGEM, EM ALVENARIA COM BLOCOS DE CONCRETO, DIMENSÕES INTERNAS = 1,5X3 M, PROFUNDIDADE = 1,40 M, EXCLUINDO TAMPÃO. AF_12/2020_PA","UN",{"v":7142.77,"d":"7,142.77"}]
[99272,"POÇO DE INSPEÇÃO CIRCULAR PARA DRENAGEM, EM ALVENARIA COM TIJOLOS CERÂMICOS MACIÇOS, DIÂMETRO INTERNO = 0,60 M, PROFUNDIDADE = 0,95 M, EXCLUINDO TAMPÃO. AF_12/2020_PA","UN",{"v":1160.69,"d":"1,160.69"}]
[99273,"POÇO DE INSPEÇÃO CIRCULAR PARA DRENAGEM, EM ALVENARIA COM TIJOLOS CERÂMICOS MACIÇOS, DIÂMETRO INTERNO = 0,60 M, PROFUNDIDADE = 1,45 M, EXCLUINDO TAMPÃO. AF_12/2020_PA","UN",{"v":1639.15,"d":"1,639.15"}]
[99274,"BASE PARA POÇO DE VISITA RETANGULAR PARA DRENAGEM, EM ALVENARIA COM BLOCOS DE CONCRETO, DIMENSÕES INTERNAS = 1X3 M, PROFUNDIDADE = 1,40 M, EXCLUINDO TAMPÃO. AF_12/2020_PA","UN",{"v":5709.18,"d":"5,709.18"}]
[99275,"BASE PARA POÇO DE VISITA CIRCULAR PARA DRENAGEM, EM CONCRETO PRÉ-MOLDADO, DIÂMETRO INTERNO = 0,80 M, PROFUNDIDADE = 1,35 M, EXCLUINDO TAMPÃO. AF_12/2020_PA","UN",{"v":1020,"d":"1,020.00"}]
[99276,"ACRÉSCIMO PARA POÇO DE VISITA RETANGULAR PARA DRENAGEM, EM ALVENARIA COM BLOCOS DE CONCRETO, DIMENSÕES INTERNAS = 1,5X3 M. AF_12/2020","M",{"v":2631.45,"d":"2,631.45"}]
[99277,"ACRÉSCIMO PARA POÇO DE VISITA RETANGULAR PARA DRENAGEM, EM ALVENARIA COM BLOCOS DE CONCRETO, DIMENSÕES INTERNAS = 1X3 M. AF_12/2020","M",{"v":2372.27,"d":"2,372.27"}]
[99278,"ACRÉSCIMO PARA POÇO DE VISITA CIRCULAR PARA DRENAGEM, EM CONCRETO PRÉ-MOLDADO, DIÂMETRO INTERNO = 0,8 M. AF_12/2020","M",410.56]
[99279,"BASE PARA POÇO DE VISITA RETANGULAR PARA DRENAGEM, EM ALVENARIA COM BLOCOS DE CONCRETO, DIMENSÕES INTERNAS = 1X3,5 M, PROFUNDIDADE = 1,40 M, EXCLUINDO TAMPÃO. AF_12/2020_PA","UN",{"v":6446.18,"d":"6,446.18"}]
[99280,"BASE PARA POÇO DE VISITA CIRCULAR PARA DRENAGEM, EM ALVENARIA COM TIJOLOS CERÂMICOS MACIÇOS, DIÂMETRO INTERNO = 0,80 M, PROFUNDIDADE = 1,40 M, EXCLUINDO TAMPÃO. AF_12/2020_PA","UN",{"v":2146.82,"d":"2,146.82"}]
[99281,"ACRÉSCIMO PARA POÇO DE VISITA RETANGULAR PARA DRENAGEM, EM ALVENARIA COM BLOCOS DE CONCRETO, DIMENSÕES INTERNAS = 1X3,5 M. AF_12/2020","M",{"v":2631.45,"d":"2,631.45"}]
[99282,"ACRÉSCIMO PARA POÇO DE VISITA RETANGULAR PARA DRENAGEM, EM ALVENARIA COM BLOCOS DE CONCRETO, DIMENSÕES INTERNAS = 2,5X2,5 M. AF_12/2020","M",{"v":2917.31,"d":"2,917.31"}]
[99283,"ACRÉSCIMO PARA POÇO DE VISITA CIRCULAR PARA DRENAGEM, EM ALVENARIA COM TIJOLOS CERÂMICOS MACIÇOS, DIÂMETRO INTERNO = 0,8 M. AF_12/2020","M",{"v":1186.38,"d":"1,186.38"}]
[99284,"BASE PARA POÇO DE VISITA RETANGULAR PARA DRENAGEM, EM ALVENARIA COM BLOCOS DE CONCRETO, DIMENSÕES INTERNAS = 1,5X3,5 M, PROFUNDIDADE = 1,40 M, EXCLUINDO TAMPÃO. AF_12/2020_PA","UN",{"v":8073.61,"d":"8,073.61"}]
[99285,"BASE PARA POÇO DE VISITA CIRCULAR PARA DRENAGEM, EM CONCRETO PRÉ-MOLDADO, DIÂMETRO INTERNO = 1,0 M, PROFUNDIDADE = 1,35 M, EXCLUINDO TAMPÃO. AF_05/2018_PA","UN",{"v":1383.05,"d":"1,383.05"}]
[99286,"BASE PARA POÇO DE VISITA RETANGULAR PARA DRENAGEM, EM ALVENARIA COM BLOCOS DE CONCRETO, DIMENSÕES INTERNAS = 1X4 M, PROFUNDIDADE = 1,40 M, EXCLUINDO TAMPÃO. AF_12/2020_PA","UN",{"v":7183.22,"d":"7,183.22"}]
[99287,"BASE PARA POÇO DE VISITA RETANGULAR PARA DRENAGEM, EM ALVENARIA COM BLOCOS DE CONCRETO, DIMENSÕES INTERNAS = 2,5X3 M, PROFUNDIDADE = 1,40 M, EXCLUINDO TAMPÃO. AF_12/2020_PA","UN",{"v":10263.88,"d":"10,263.88"}]
[99288,"ACRÉSCIMO PARA POÇO DE VISITA CIRCULAR PARA DRENAGEM, EM CONCRETO PRÉ-MOLDADO, DIÂMETRO INTERNO = 1 M. AF_12/2020","M",543.02]
[99289,"ACRÉSCIMO PARA POÇO DE VISITA RETANGULAR PARA DRENAGEM, EM ALVENARIA COM BLOCOS DE CONCRETO, DIMENSÕES INTERNAS = 1X4 M. AF_12/2020","M",{"v":2890.55,"d":"2,890.55"}]
[99290,"BASE PARA POÇO DE VISITA RETANGULAR PARA DRENAGEM, EM ALVENARIA COM BLOCOS DE CONCRETO, DIMENSÕES INTERNAS = 1,5X1,5 M, PROFUNDIDADE = 1,40 M, EXCLUINDO TAMPÃO. AF_12/2020_PA","UN",{"v":4321.98,"d":"4,321.98"}]
[99291,"ACRÉSCIMO PARA POÇO DE VISITA RETANGULAR PARA DRENAGEM, EM ALVENARIA COM BLOCOS DE CONCRETO, DIMENSÕES INTERNAS = 1,5X3,5 M. AF_12/2020","M",{"v":2890.55,"d":"2,890.55"}]
[99292,"BASE PARA POÇO DE VISITA CIRCULAR PARA DRENAGEM, EM ALVENARIA COM TIJOLOS CERÂMICOS MACIÇOS, DIÂMETRO INTERNO = 1,0 M, PROFUNDIDADE = 1,40 M, EXCLUINDO TAMPÃO. AF_12/2020_PA","UN",{"v":2662.63,"d":"2,662.63"}]
[99293,"ACRÉSCIMO PARA POÇO DE VISITA CIRCULAR PARA DRENAGEM, EM ALVENARIA COM TIJOLOS CERÂMICOS MACIÇOS, DIÂMETRO INTERNO = 1 M. AF_12/2020","M",{"v":1432.52,"d":"1,432.52"}]
[99294,"BASE PARA POÇO DE VISITA RETANGULAR PARA DRENAGEM, EM ALVENARIA COM BLOCOS DE CONCRETO, DIMENSÕES INTERNAS = 1,5X4 M, PROFUNDIDADE = 1,40 M, EXCLUINDO TAMPÃO. AF_12/2020_PA","UN",{"v":9004.35,"d":"9,004.35"}]
[99296,"ACRÉSCIMO PARA POÇO DE VISITA RETANGULAR PARA DRENAGEM, EM ALVENARIA COM BLOCOS DE CONCRETO, DIMENSÕES INTERNAS = 2,5X3 M. AF_12/2020","M",{"v":3176.43,"d":"3,176.43"}]
[99297,"ACRÉSCIMO PARA POÇO DE VISITA RETANGULAR PARA DRENAGEM, EM ALVENARIA COM BLOCOS DE CONCRETO, DIMENSÕES INTERNAS = 1,5X4 M. AF_12/2020","M",{"v":3171.81,"d":"3,171.81"}]
[99298,"BASE PARA POÇO DE VISITA RETANGULAR PARA DRENAGEM, EM ALVENARIA COM BLOCOS DE CONCRETO, DIMENSÕES INTERNAS = 2,5X3,5 M, PROFUNDIDADE = 1,40 M, EXCLUINDO TAMPÃO. AF_12/2020_PA","UN",{"v":11618.72,"d":"11,618.72"}]
[99299,"ACRÉSCIMO PARA POÇO DE VISITA RETANGULAR PARA DRENAGEM, EM ALVENARIA COM BLOCOS DE CONCRETO, DIMENSÕES INTERNAS = 2,5X3,5 M. AF_12/2020","M",{"v":3435.48,"d":"3,435.48"}]
[99300,"BASE PARA POÇO DE VISITA RETANGULAR PARA DRENAGEM, EM ALVENARIA COM BLOCOS DE CONCRETO, DIMENSÕES INTERNAS = 2,5X4 M, PROFUNDIDADE = 1,40 M, EXCLUINDO TAMPÃO. AF_12/2020_PA","UN",{"v":12973.57,"d":"12,973.57"}]
[99301,"BASE PARA POÇO DE VISITA RETANGULAR PARA DRENAGEM, EM ALVENARIA COM BLOCOS DE CONCRETO, DIMENSÕES INTERNAS = 2X2 M, PROFUNDIDADE = 1,40 M, EXCLUINDO TAMPÃO. AF_12/2020_PA","UN",{"v":6393.7,"d":"6,393.70"}]
[99302,"ACRÉSCIMO PARA POÇO DE VISITA RETANGULAR PARA DRENAGEM, EM ALVENARIA COM BLOCOS DE CONCRETO, DIMENSÕES INTERNAS = 2,5X4 M. AF_12/2020","M",{"v":3699.21,"d":"3,699.21"}]
[99303,"BASE PARA POÇO DE VISITA RETANGULAR PARA DRENAGEM, EM ALVENARIA COM BLOCOS DE CONCRETO, DIMENSÕES INTERNAS = 3X3 M, PROFUNDIDADE = 1,40 M, EXCLUINDO TAMPÃO. AF_12/2020_PA","UN",{"v":11873.94,"d":"11,873.94"}]
[99304,"ACRÉSCIMO PARA POÇO DE VISITA RETANGULAR PARA DRENAGEM, EM ALVENARIA COM BLOCOS DE CONCRETO, DIMENSÕES INTERNAS = 3X3 M. AF_12/2020","M",{"v":3440.1,"d":"3,440.10"}]
[99305,"BASE PARA POÇO DE VISITA RETANGULAR PARA DRENAGEM, EM ALVENARIA COM BLOCOS DE CONCRETO, DIMENSÕES INTERNAS = 3X3,5 M, PROFUNDIDADE = 1,40 M, EXCLUINDO TAMPÃO. AF_12/2020_PA","UN",{"v":13435.04,"d":"13,435.04"}]
[99306,"ACRÉSCIMO PARA POÇO DE VISITA RETANGULAR PARA DRENAGEM, EM ALVENARIA COM BLOCOS DE CONCRETO, DIMENSÕES INTERNAS = 3X3,5 M. AF_12/2020","M",{"v":3699.21,"d":"3,699.21"}]
[99307,"ACRÉSCIMO PARA POÇO DE VISITA RETANGULAR PARA DRENAGEM, EM ALVENARIA COM BLOCOS DE CONCRETO, DIMENSÕES INTERNAS = 2X2 M. AF_12/2020","M",{"v":2394.41,"d":"2,394.41"}]
[99308,"BASE PARA POÇO DE VISITA RETANGULAR PARA DRENAGEM, EM ALVENARIA COM BLOCOS DE CONCRETO, DIMENSÕES INTERNAS = 3X4 M, PROFUNDIDADE = 1,40 M, EXCLUINDO TAMPÃO. AF_12/2020_PA","UN",{"v":14996.21,"d":"14,996.21"}]
[99309,"ACRÉSCIMO PARA POÇO DE VISITA RETANGULAR PARA DRENAGEM, EM ALVENARIA COM BLOCOS DE CONCRETO, DIMENSÕES INTERNAS = 3X4 M. AF_12/2020","M",{"v":3963.01,"d":"3,963.01"}]
[99310,"BASE PARA POÇO DE VISITA RETANGULAR PARA DRENAGEM, EM ALVENARIA COM BLOCOS DE CONCRETO, DIMENSÕES INTERNAS = 3,5X3,5 M, PROFUNDIDADE = 1,40 M, EXCLUINDO TAMPÃO. AF_12/2020_PA","UN",{"v":15251.49,"d":"15,251.49"}]
[99311,"ACRÉSCIMO PARA POÇO DE VISITA RETANGULAR PARA DRENAGEM, EM ALVENARIA COM BLOCOS DE CONCRETO, DIMENSÕES INTERNAS = 3,5X3,5 M. AF_12/2020","M",{"v":3963.01,"d":"3,963.01"}]
[99312,"BASE PARA POÇO DE VISITA RETANGULAR PARA DRENAGEM, EM ALVENARIA COM BLOCOS DE CONCRETO, DIMENSÕES INTERNAS = 2X2,5 M, PROFUNDIDADE = 1,40 M, EXCLUINDO TAMPÃO. AF_12/2020_PA","UN",{"v":7504.61,"d":"7,504.61"}]
[99313,"BASE PARA POÇO DE VISITA RETANGULAR PARA DRENAGEM, EM ALVENARIA COM BLOCOS DE CONCRETO, DIMENSÕES INTERNAS = 3,5X4 M, PROFUNDIDADE = 1,40 M, EXCLUINDO TAMPÃO. AF_12/2020_PA","UN",{"v":17018.71,"d":"17,018.71"}]
[99314,"ACRÉSCIMO PARA POÇO DE VISITA RETANGULAR PARA DRENAGEM, EM ALVENARIA COM BLOCOS DE CONCRETO, DIMENSÕES INTERNAS = 3,5X4 M. AF_12/2020","M",{"v":4226.73,"d":"4,226.73"}]
[99315,"BASE PARA POÇO DE VISITA RETANGULAR PARA DRENAGEM, EM ALVENARIA COM BLOCOS DE CONCRETO, DIMENSÕES INTERNAS = 4X4 M, PROFUNDIDADE = 1,40 M, EXCLUINDO TAMPÃO. AF_12/2020_PA","UN",{"v":19041.4,"d":"19,041.40"}]
[99317,"ACRÉSCIMO PARA POÇO DE VISITA RETANGULAR PARA DRENAGEM, EM ALVENARIA COM BLOCOS DE CONCRETO, DIMENSÕES INTERNAS = 2X2,5 M. AF_12/2020","M",{"v":2653.52,"d":"2,653.52"}]
[99318,"CHAMINÉ CIRCULAR PARA POÇO DE VISITA PARA DRENAGEM, EM CONCRETO PRÉ-MOLDADO, DIÂMETRO INTERNO = 0,6 M. AF_12/2020","M",301.23]
[99319,"CHAMINÉ CIRCULAR PARA POÇO DE VISITA PARA DRENAGEM, EM ALVENARIA COM TIJOLOS CERÂMICOS MACIÇOS, DIÂMETRO INTERNO = 0,6 M. AF_12/2020","M",948.4]
[99320,"BASE PARA POÇO DE VISITA RETANGULAR PARA DRENAGEM, EM ALVENARIA COM BLOCOS DE CONCRETO, DIMENSÕES INTERNAS = 2X3 M, PROFUNDIDADE = 1,40 M, EXCLUINDO TAMPÃO. AF_12/2020_PA","UN",{"v":8678.47,"d":"8,678.47"}]
[99321,"ACRÉSCIMO PARA POÇO DE VISITA RETANGULAR PARA DRENAGEM, EM ALVENARIA COM BLOCOS DE CONCRETO, DIMENSÕES INTERNAS = 2X3 M. AF_12/2020","M",{"v":2912.69,"d":"2,912.69"}]
[99322,"BASE PARA POÇO DE VISITA RETANGULAR PARA DRENAGEM, EM ALVENARIA COM BLOCOS DE CONCRETO, DIMENSÕES INTERNAS = 2X3,5 M, PROFUNDIDADE = 1,40 M, EXCLUINDO TAMPÃO. AF_12/2020_PA","UN",{"v":9797.31,"d":"9,797.31"}]
[99323,"ACRÉSCIMO PARA POÇO DE VISITA RETANGULAR PARA DRENAGEM, EM ALVENARIA COM BLOCOS DE CONCRETO, DIMENSÕES INTERNAS = 2X3,5 M. AF_12/2020","M",{"v":3171.81,"d":"3,171.81"}]
[99324,"BASE PARA POÇO DE VISITA RETANGULAR PARA DRENAGEM, EM ALVENARIA COM BLOCOS DE CONCRETO, DIMENSÕES INTERNAS = 2X4 M, PROFUNDIDADE = 1,40 M, EXCLUINDO TAMPÃO. AF_12/2020_PA","UN",{"v":10916.2,"d":"10,916.20"}]
[99325,"ACRÉSCIMO PARA POÇO DE VISITA RETANGULAR PARA DRENAGEM, EM ALVENARIA COM BLOCOS DE CONCRETO, DIMENSÕES INTERNAS = 2X4 M. AF_12/2020","M",{"v":3435.48,"d":"3,435.48"}]
[99326,"BASE PARA POÇO DE VISITA RETANGULAR PARA DRENAGEM, EM ALVENARIA COM BLOCOS DE CONCRETO, DIMENSÕES INTERNAS = 2,5X2,5 M, PROFUNDIDADE = 1,40 M, EXCLUINDO TAMPÃO. AF_12/2020_PA","UN",{"v":8909.05,"d":"8,909.05"}]
[99327,"ACRÉSCIMO PARA POÇO DE VISITA RETANGULAR PARA DRENAGEM, EM ALVENARIA COM BLOCOS DE CONCRETO, DIMENSÕES INTERNAS = 4X4 M. AF_12/2020","M",{"v":4445.37,"d":"4,445.37"}]
[101800,"CAIXA COM GRELHA RETANGULAR DE FERRO FUNDIDO, EM ALVENARIA COM TIJOLOS CERÂMICOS MACIÇOS, DIMENSÕES INTERNAS: 0,30 X 1,00 X 1,00. AF_12/2020","UN",{"v":1448.59,"d":"1,448.59"}]
[101801,"CAIXA COM GRELHA RETANGULAR DE FERRO FUNDIDO, EM ALVENARIA COM BLOCOS DE CONCRETO, DIMENSÕES INTERNAS: 0,30 X 1,00 X 1,00. AF_12/2020","UN",988.02]
[101806,"CAIXA ENTERRADA DISTRIBUIDORA DE VAZÃO (SUMIDOUROS MÚLTIPLOS), RETANGULAR, EM ALVENARIA COM TIJOLOS MACIÇOS, DIMENSÕES INTERNAS: 0,60 X 0,60 X H=0,50 M. AF_12/2020","UN",562.99]
[101807,"CAIXA ENTERRADA DISTRIBUIDORA DE VAZÃO (SUMIDOUROS MÚLTIPLOS), RETANGULAR, EM ALVENARIA COM BLOCOS DE CONCRETO, DIMENSÕES INTERNAS: 0,60 X 0,60 X H=0,50 M. AF_12/2020","UN",512.27]
[101808,"CAIXA ENTERRADA DISTRIBUIDORA DE VAZÃO (SUMIDOUROS MÚLTIPLOS), RETANGULAR, EM CONCRETO PRÉ-MOLDADO, DIMENSÕES INTERNAS: 0,60 X 0,60 X H=0,50 M. AF_12/2020","UN",569.16]
[101809,"BASE PARA POCO DE VISITA RETANGULAR PARA ESGOTO E DRENAGEM, EM CONCRETO ESTRUTURAL, DIMENSÕES INTERNAS DE 90X150 M, PROFUNDIDADE DE 1,25 M, EXCLUINDO TAMPÃO. AF_12/2020_PA","UN",{"v":3166.17,"d":"3,166.17"}]
[102139,"BASE PARA POÇO DE VISITA CIRCULAR PARA  ESGOTO, EM CONCRETO PRÉ-MOLDADO, DIÂMETRO INTERNO = 1,20 M, PROFUNDIDADE = 1,60 M, EXCLUINDO TAMPÃO. AF_12/2020_PA","UN",{"v":1850.12,"d":"1,850.12"}]
[102141,"BASE PARA POÇO DE VISITA CIRCULAR PARA  ESGOTO, EM CONCRETO PRÉ-MOLDADO, DIÂMETRO INTERNO = 1,50 M, PROFUNDIDADE = 1,35 M, EXCLUINDO TAMPÃO. AF_12/2020_PA","UN",{"v":2870.55,"d":"2,870.55"}]
[102142,"BASE PARA POÇO DE VISITA CIRCULAR PARA DRENAGEM, EM CONCRETO PRÉ-MOLDADO, DIÂMETRO INTERNO = 1,50 M, PROFUNDIDADE = 1,35 M, EXCLUINDO TAMPÃO. AF_12/2020_PA","UN",{"v":2830.02,"d":"2,830.02"}]
[102457,"BASE PARA POÇO DE VISITA CIRCULAR PARA DRENAGEM, EM CONCRETO PRÉ-MOLDADO, DIÂMETRO INTERNO = 1,20 M, PROFUNDIDADE = 1,60 M, EXCLUINDO TAMPÃO. AF_05/2021_PA","UN",{"v":1765.06,"d":"1,765.06"}]
[94263,"GUIA (MEIO-FIO) CONCRETO, MOLDADA  IN LOCO  EM TRECHO RETO COM EXTRUSORA, 13 CM BASE X 22 CM ALTURA. AF_01/2024","M",39.51]
[94264,"GUIA (MEIO-FIO) CONCRETO, MOLDADA  IN LOCO  EM TRECHO CURVO COM EXTRUSORA, 13 CM BASE X 22 CM ALTURA. AF_01/2024","M",43.8]
[94265,"GUIA (MEIO-FIO) CONCRETO, MOLDADA  IN LOCO  EM TRECHO RETO COM EXTRUSORA, 15 CM BASE X 30 CM ALTURA. AF_01/2024","M",56.17]
[94266,"GUIA (MEIO-FIO) CONCRETO, MOLDADA  IN LOCO  EM TRECHO CURVO COM EXTRUSORA, 15 CM BASE X 30 CM ALTURA. AF_01/2024","M",61.07]
[94267,"GUIA (MEIO-FIO) E SARJETA CONJUGADOS DE CONCRETO, MOLDADA  IN LOCO  EM TRECHO RETO COM EXTRUSORA, 45 CM BASE (15 CM BASE DA GUIA + 30 CM BASE DA SARJETA) X 22 CM ALTURA. AF_01/2024","M",68.58]
[94268,"GUIA (MEIO-FIO) E SARJETA CONJUGADOS DE CONCRETO, MOLDADA  IN LOCO  EM TRECHO CURVO COM EXTRUSORA, 45 CM BASE (15 CM BASE DA GUIA + 30 CM BASE DA SARJETA) X 22 CM ALTURA. AF_01/2024","M",73.98]
[94269,"GUIA (MEIO-FIO) E SARJETA CONJUGADOS DE CONCRETO, MOLDADA  IN LOCO  EM TRECHO RETO COM EXTRUSORA, 60 CM BASE (15 CM BASE DA GUIA + 45 CM BASE DA SARJETA) X 26 CM ALTURA. AF_01/2024","M",100.59]
[94270,"GUIA (MEIO-FIO) E SARJETA CONJUGADOS DE CONCRETO, MOLDADA IN LOCO  EM TRECHO CURVO COM EXTRUSORA, 60 CM BASE (15 CM BASE DA GUIA + 45 CM BASE DA SARJETA) X 26 CM ALTURA. AF_01/2024","M",108.1]
[94271,"GUIA (MEIO-FIO) E SARJETA CONJUGADOS DE CONCRETO, MOLDADA  IN LOCO  EM TRECHO RETO COM EXTRUSORA, 65 CM BASE (15 CM BASE DA GUIA + 50 CM BASE DA SARJETA) X 26 CM ALTURA. AF_01/2024","M",123.05]
[94272,"GUIA (MEIO-FIO) E SARJETA CONJUGADOS DE CONCRETO, MOLDADA  IN LOCO  EM TRECHO CURVO COM EXTRUSORA, 65 CM BASE (15 CM BASE DA GUIA + 50 CM BASE DA SARJETA) X 26 CM ALTURA. AF_01/2024","M",133.07]
[94273,"ASSENTAMENTO DE GUIA (MEIO-FIO) EM TRECHO RETO, CONFECCIONADA EM CONCRETO PRÉ-FABRICADO, DIMENSÕES 100X15X13X30 CM (COMPRIMENTO X BASE INFERIOR X BASE SUPERIOR X ALTURA). AF_01/2024","M",57.69]
[94274,"ASSENTAMENTO DE GUIA (MEIO-FIO) EM TRECHO CURVO, CONFECCIONADA EM CONCRETO PRÉ-FABRICADO, DIMENSÕES 100X15X13X30 CM (COMPRIMENTO X BASE INFERIOR X BASE SUPERIOR X ALTURA). AF_01/2024","M",60.28]
[94275,"ASSENTAMENTO DE GUIA (MEIO-FIO) EM TRECHO RETO, CONFECCIONADA EM CONCRETO PRÉ-FABRICADO, DIMENSÕES 100X15X13X20 CM (COMPRIMENTO X BASE INFERIOR X BASE SUPERIOR X ALTURA). AF_01/2024","M",52.33]
[94276,"ASSENTAMENTO DE GUIA (MEIO-FIO) EM TRECHO CURVO, CONFECCIONADA EM CONCRETO PRÉ-FABRICADO, DIMENSÕES 100X15X13X20 CM (COMPRIMENTO X BASE INFERIOR X BASE SUPERIOR X ALTURA). AF_01/2024","M",54.91]
[94277,"ASSENTAMENTO DE GUIA (MEIO-FIO) EM TRECHO RETO, CONFECCIONADA EM CONCRETO PRÉ-FABRICADO, DIMENSÕES 80X08X08X25 CM (COMPRIMENTO X BASE INFERIOR X BASE SUPERIOR X ALTURA). AF_01/2024","M",45.78]
[94278,"ASSENTAMENTO DE GUIA (MEIO-FIO) EM TRECHO CURVO, CONFECCIONADA EM CONCRETO PRÉ-FABRICADO, DIMENSÕES 80X08X08X25 CM (COMPRIMENTO X BASE INFERIOR X BASE SUPERIOR X ALTURA). AF_01/2024","M",48.37]
[94279,"ASSENTAMENTO DE GUIA (MEIO-FIO) EM TRECHO RETO, CONFECCIONADA EM CONCRETO PRÉ-FABRICADO, DIMENSÕES 39X6,5X6,5X19 CM (COMPRIMENTO X BASE INFERIOR X BASE SUPERIOR X ALTURA), PARA DELIMITAÇÃO DE JARDINS, PRAÇAS OU PASSEIOS. AF_01/2024","M",56.33]
[94280,"ASSENTAMENTO DE GUIA (MEIO-FIO) EM TRECHO CURVO, CONFECCIONADA EM CONCRETO PRÉ-FABRICADO, DIMENSÕES 39X6,5X6,5X19 CM (COMPRIMENTO X BASE INFERIOR X BASE SUPERIOR X ALTURA), PARA DELIMITAÇÃO DE JARDINS, PRAÇAS OU PASSEIOS. AF_01/2024","M",58.92]
[94281,"EXECUÇÃO DE SARJETA DE CONCRETO USINADO, MOLDADA  IN LOCO  EM TRECHO RETO, 30 CM BASE X 15 CM ALTURA. AF_01/2024","M",54.68]
[94282,"EXECUÇÃO DE SARJETA DE CONCRETO USINADO, MOLDADA  IN LOCO  EM TRECHO CURVO, 30 CM BASE X 15 CM ALTURA. AF_01/2024","M",61.51]
[94283,"EXECUÇÃO DE SARJETA DE CONCRETO USINADO, MOLDADA  IN LOCO  EM TRECHO RETO, 45 CM BASE X 15 CM ALTURA. AF_01/2024","M",75.98]
[94284,"EXECUÇÃO DE SARJETA DE CONCRETO USINADO, MOLDADA  IN LOCO  EM TRECHO CURVO, 45 CM BASE X 15 CM ALTURA. AF_01/2024","M",82.81]
[94285,"EXECUÇÃO DE SARJETA DE CONCRETO USINADO, MOLDADA  IN LOCO  EM TRECHO RETO, 60 CM BASE X 15 CM ALTURA. AF_01/2024","M",99.4]
[94286,"EXECUÇÃO DE SARJETA DE CONCRETO USINADO, MOLDADA  IN LOCO  EM TRECHO CURVO, 60 CM BASE X 15 CM ALTURA. AF_01/2024","M",106.25]
[94287,"EXECUÇÃO DE SARJETA DE CONCRETO USINADO, MOLDADA  IN LOCO  EM TRECHO RETO, 30 CM BASE X 10 CM ALTURA. AF_01/2024","M",40.2]
[94288,"EXECUÇÃO DE SARJETA DE CONCRETO USINADO, MOLDADA  IN LOCO  EM TRECHO CURVO, 30 CM BASE X 10 CM ALTURA. AF_01/2024","M",46.29]
[94289,"EXECUÇÃO DE SARJETA DE CONCRETO USINADO, MOLDADA  IN LOCO  EM TRECHO RETO, 45 CM BASE X 10 CM ALTURA. AF_01/2024","M",53.95]
[94290,"EXECUÇÃO DE SARJETA DE CONCRETO USINADO, MOLDADA  IN LOCO  EM TRECHO CURVO, 45 CM BASE X 10 CM ALTURA. AF_01/2024","M",60.04]
[94291,"EXECUÇÃO DE SARJETA DE CONCRETO USINADO, MOLDADA  IN LOCO  EM TRECHO RETO, 60 CM BASE X 10 CM ALTURA. AF_01/2024","M",68.2]
[94292,"EXECUÇÃO DE SARJETA DE CONCRETO USINADO, MOLDADA  IN LOCO  EM TRECHO CURVO, 60 CM BASE X 10 CM ALTURA. AF_01/2024","M",74.28]
[94293,"EXECUÇÃO DE SARJETÃO DE CONCRETO USINADO, MOLDADA  IN LOCO  EM TRECHO RETO, 100 CM BASE X 20 CM ALTURA. AF_01/2024","M",223.2]
[94294,"EXECUÇÃO DE ESCORAS DE CONCRETO PARA CONTENÇÃO DE GUIAS PRÉ-FABRICADAS. AF_01/2024","M",9.42]
[104491,"ADUELA/ GALERIA FECHADA PRE-MOLDADA DE CONCRETO ARMADO, SECAO QUADRANGULAR INTERNA DE 1,50 X 1,50 M (L X A), MISULA DE 20 X 20 CM, C = 1,00 M, ESPESSURA MIN = 15 CM, TB-45 E FCK DO CONCRETO = 30 MPA   FORNECIMENTO E ASSENTAMENTO. AF_01/2023","M",{"v":4177.76,"d":"4,177.76"}]
[104492,"ADUELA/ GALERIA FECHADA PRE-MOLDADA DE CONCRETO ARMADO, SECAO QUADRANGULAR INTERNA DE 2,00 X 2,00 M (L X A), MISULA DE 20 X 20 CM, C = 1,00 M, ESPESSURA MIN = 15 CM, TB-45 E FCK DO CONCRETO = 30 MPA   FORNECIMENTO E ASSENTAMENTO. AF_01/2023","M",{"v":5224.81,"d":"5,224.81"}]
[104494,"ADUELA/ GALERIA FECHADA PRE-MOLDADA DE CONCRETO ARMADO, SECAO QUADRANGULAR INTERNA DE 2,50 X 2,50 M (L X A), MISULA DE 20 X 20 CM, C = 1,00 M, ESPESSURA MIN = 15 CM, TB-45 E FCK DO CONCRETO = 30 MPA   FORNECIMENTO E ASSENTAMENTO. AF_01/2023","M",{"v":7060.54,"d":"7,060.54"}]
[104497,"ADUELA/ GALERIA FECHADA PRE-MOLDADA DE CONCRETO ARMADO, SECAO QUADRANGULAR INTERNA DE 3,00 X 3,00 M (L X A), MISULA DE 20 X 20 CM, C = 1,00 M, ESPESSURA MIN = 20 CM, TB-45 E FCK DO CONCRETO = 30 MPA   FORNECIMENTO E ASSENTAMENTO. AF_01/2023","M",{"v":8460.97,"d":"8,460.97"}]
[104515,"APLICAÇÃO DE MANTA GEOTÊXTIL NAS JUNTAS RÍGIDAS DE ADUELAS PRÉ-MOLDADAS DE CONCRETO ARMADO. AF_01/2023","M2",25.69]
[102727,"FABRICAÇÃO, MONTAGEM E DESMONTAGEM DE FÔRMA PARA BOCA PARA BUEIRO, EM CHAPA DE MADEIRA COMPENSADA RESINADA, E = 17 MM, 2 UTILIZAÇÕES. AF_07/2021","M2",114.59]
[102728,"ARMAÇÃO DE MURO ALA E MURO TESTA UTILIZANDO AÇO CA-50 DE 6,3 MM - MONTAGEM. AF_07/2021","KG",15.4]
[102729,"ARMAÇÃO DE MURO ALA E MURO TESTA UTILIZANDO AÇO CA-50 DE 8 MM - MONTAGEM. AF_07/2021","KG",14.48]
[102730,"ARMAÇÃO DE MURO ALA E MURO TESTA UTILIZANDO AÇO CA-50 DE 10 MM - MONTAGEM. AF_07/2021","KG",12.95]
[102731,"ARMAÇÃO DE MURO ALA E MURO TESTA UTILIZANDO AÇO CA-50 DE 12,5 MM - MONTAGEM. AF_07/2021","KG",10.92]
[102732,"ARMAÇÃO DE MURO ALA E MURO TESTA UTILIZANDO AÇO CA-50 DE 16 MM - MONTAGEM. AF_07/2021","KG",10.35]
[102733,"ARMAÇÃO DE MURO ALA E MURO TESTA UTILIZANDO AÇO CA-50 DE 20 MM - MONTAGEM. AF_07/2021","KG",11.59]
[102734,"ARMAÇÃO DE SOLEIRA UTILIZANDO AÇO CA-50 DE 6,3 MM - MONTAGEM. AF_07/2021","KG",14.55]
[102735,"ARMAÇÃO DE SOLEIRA UTILIZANDO AÇO CA-50 DE 8 MM - MONTAGEM. AF_07/2021","KG",13.73]
[102736,"CONCRETAGEM DE BOCA PARA BUEIRO, FCK = 20 MPA, COM USO DE BOMBA - LANÇAMENTO, ADENSAMENTO E ACABAMENTO. AF_07/2021","M3",861.77]
[102737,"BOCA PARA BUEIRO SIMPLES TUBULAR D = 40 CM EM CONCRETO, ALAS COM ESCONSIDADE DE 0°, INCLUINDO FÔRMAS E MATERIAIS. AF_07/2021","UN",{"v":1268.48,"d":"1,268.48"}]
[102738,"BOCA PARA BUEIRO SIMPLES TUBULAR D = 60 CM EM CONCRETO, ALAS COM ESCONSIDADE DE 0°, INCLUINDO FÔRMAS E MATERIAIS. AF_07/2021","UN",{"v":2596.75,"d":"2,596.75"}]
[102739,"BOCA PARA BUEIRO SIMPLES TUBULAR D = 80 CM EM CONCRETO, ALAS COM ESCONSIDADE DE 0°, INCLUINDO FÔRMAS E MATERIAIS. AF_07/2021","UN",{"v":4345.86,"d":"4,345.86"}]
[102740,"BOCA PARA BUEIRO SIMPLES TUBULAR D = 100 CM EM CONCRETO, ALAS COM ESCONSIDADE DE 0°, INCLUINDO FÔRMAS E MATERIAIS. AF_07/2021","UN",{"v":6511.21,"d":"6,511.21"}]
[102741,"BOCA PARA BUEIRO SIMPLES TUBULAR D = 120 CM EM CONCRETO, ALAS COM ESCONSIDADE DE 0°, INCLUINDO FÔRMAS E MATERIAIS. AF_07/2021","UN",{"v":9136.07,"d":"9,136.07"}]
[102742,"BOCA PARA BUEIRO SIMPLES TUBULAR D = 150 CM EM CONCRETO, ALAS COM ESCONSIDADE DE 0°, INCLUINDO FÔRMAS E MATERIAIS. AF_07/2021","UN",{"v":15815.67,"d":"15,815.67"}]
[102743,"BOCA PARA BUEIRO DUPLO TUBULAR D = 80 CM EM CONCRETO, ALAS COM ESCONSIDADE DE 0°, INCLUINDO FÔRMAS E MATERIAIS. AF_07/2021","UN",{"v":5277.24,"d":"5,277.24"}]
[102744,"BOCA PARA BUEIRO DUPLO TUBULAR D = 100 CM EM CONCRETO, ALAS COM ESCONSIDADE DE 0°, INCLUINDO FÔRMAS E MATERIAIS. AF_07/2021","UN",{"v":7901.6,"d":"7,901.60"}]
[102745,"BOCA PARA BUEIRO DUPLO TUBULAR D = 120 CM EM CONCRETO, ALAS COM ESCONSIDADE DE 0°, INCLUINDO FÔRMAS E MATERIAIS. AF_07/2021","UN",{"v":11101.56,"d":"11,101.56"}]
[102746,"BOCA PARA BUEIRO DUPLO TUBULAR D = 150 CM EM CONCRETO, ALAS COM ESCONSIDADE DE 0°, INCLUINDO FÔRMAS E MATERIAIS. AF_07/2021","UN",{"v":19241.19,"d":"19,241.19"}]
[102747,"BOCA PARA BUEIRO TRIPLO TUBULAR D = 100 CM EM CONCRETO, ALAS COM ESCONSIDADE DE 0°, INCLUINDO FÔRMAS E MATERIAIS. AF_07/2021","UN",{"v":9818.46,"d":"9,818.46"}]
[102748,"BOCA PARA BUEIRO TRIPLO TUBULAR D = 120 CM EM CONCRETO, ALAS COM ESCONSIDADE DE 0°, INCLUINDO FÔRMAS E MATERIAIS. AF_07/2021","UN",{"v":13734.91,"d":"13,734.91"}]
[102749,"BOCA PARA BUEIRO TRIPLO TUBULAR D = 150 CM EM CONCRETO, ALAS COM ESCONSIDADE DE 0°, INCLUINDO FÔRMAS E MATERIAIS. AF_07/2021","UN",{"v":23577.39,"d":"23,577.39"}]
[102750,"BOCA PARA BUEIRO SIMPLES TUBULAR D = 60 CM EM CONCRETO, ALAS COM ESCONSIDADE DE 30°, INCLUINDO FÔRMAS E MATERIAIS. AF_07/2021","UN",{"v":3165.82,"d":"3,165.82"}]
[102751,"BOCA PARA BUEIRO SIMPLES TUBULAR D = 80 CM EM CONCRETO, ALAS COM ESCONSIDADE DE 30°, INCLUINDO FÔRMAS E MATERIAIS. AF_07/2021","UN",{"v":5496.81,"d":"5,496.81"}]
[102752,"BOCA PARA BUEIRO SIMPLES TUBULAR D = 100 CM EM CONCRETO, ALAS COM ESCONSIDADE DE 30°, INCLUINDO FÔRMAS E MATERIAIS. AF_07/2021","UN",{"v":8753.63,"d":"8,753.63"}]
[102753,"BOCA PARA BUEIRO SIMPLES TUBULAR D = 120 CM EM CONCRETO, ALAS COM ESCONSIDADE DE 30°, INCLUINDO FÔRMAS E MATERIAIS. AF_07/2021","UN",{"v":12953.59,"d":"12,953.59"}]
[102754,"BOCA PARA BUEIRO SIMPLES TUBULAR D = 150 CM EM CONCRETO, ALAS COM ESCONSIDADE DE 30°, INCLUINDO FÔRMAS E MATERIAIS. AF_07/2021","UN",{"v":24622.85,"d":"24,622.85"}]
[102755,"BOCA PARA BUEIRO DUPLO TUBULAR D = 100 CM EM CONCRETO, ALAS COM ESCONSIDADE DE 30°, INCLUINDO FÔRMAS E MATERIAIS. AF_07/2021","UN",{"v":12244.11,"d":"12,244.11"}]
[102756,"BOCA PARA BUEIRO DUPLO TUBULAR D = 120 CM EM CONCRETO, ALAS COM ESCONSIDADE DE 30°, INCLUINDO FÔRMAS E MATERIAIS. AF_07/2021","UN",{"v":18176.29,"d":"18,176.29"}]
[102757,"BOCA PARA BUEIRO DUPLO TUBULAR D = 150 CM EM CONCRETO, ALAS COM ESCONSIDADE DE 30°, INCLUINDO FÔRMAS E MATERIAIS. AF_07/2021","UN",{"v":33809.64,"d":"33,809.64"}]
[102758,"BOCA PARA BUEIRO TRIPLO TUBULAR D = 100 CM EM CONCRETO, ALAS COM ESCONSIDADE DE 30°, INCLUINDO FÔRMAS E MATERIAIS. AF_07/2021","UN",{"v":15748.95,"d":"15,748.95"}]
[102759,"BOCA PARA BUEIRO TRIPLO TUBULAR D = 120 CM EM CONCRETO, ALAS COM ESCONSIDADE DE 30°, INCLUINDO FÔRMAS E MATERIAIS. AF_07/2021","UN",{"v":23420.8,"d":"23,420.80"}]
[102760,"BOCA PARA BUEIRO TRIPLO TUBULAR D = 150 CM EM CONCRETO, ALAS COM ESCONSIDADE DE 30°, INCLUINDO FÔRMAS E MATERIAIS. AF_07/2021","UN",{"v":43163.36,"d":"43,163.36"}]
[102761,"BOCA PARA BUEIRO SIMPLES CELULAR 150 X 150 CM EM CONCRETO, ALAS COM ESCONSIDADE DE 30°, INCLUINDO FÔRMAS E MATERIAIS. AF_07/2021","UN",{"v":15076.05,"d":"15,076.05"}]
[102762,"BOCA PARA BUEIRO SIMPLES CELULAR 200 X 200 CM EM CONCRETO, ALAS COM ESCONSIDADE DE 30°, INCLUINDO FÔRMAS E MATERIAIS. AF_07/2021","UN",{"v":23370.91,"d":"23,370.91"}]
[102763,"BOCA PARA BUEIRO SIMPLES CELULAR 250 X 250 CM EM CONCRETO, ALAS COM ESCONSIDADE DE 30°, INCLUINDO FÔRMAS E MATERIAIS. AF_07/2021","UN",{"v":32446.52,"d":"32,446.52"}]
[102764,"BOCA PARA BUEIRO SIMPLES CELULAR 300 X 300 CM EM CONCRETO, ALAS COM ESCONSIDADE DE 30°, INCLUINDO FÔRMAS E MATERIAIS. AF_07/2021","UN",{"v":45888.11,"d":"45,888.11"}]
[102765,"BOCA PARA BUEIRO DUPLO CELULAR 150 X 150 CM EM CONCRETO, ALAS COM ESCONSIDADE DE 30°, INCLUINDO FÔRMAS E MATERIAIS. AF_07/2021","UN",{"v":18857.44,"d":"18,857.44"}]
[102766,"BOCA PARA BUEIRO DUPLO CELULAR 200 X 200 CM EM CONCRETO, ALAS COM ESCONSIDADE DE 30°, INCLUINDO FÔRMAS E MATERIAIS. AF_07/2021","UN",{"v":28475.04,"d":"28,475.04"}]
[102767,"BOCA PARA BUEIRO DUPLO CELULAR 250 X 250 CM EM CONCRETO, ALAS COM ESCONSIDADE DE 30°, INCLUINDO FÔRMAS E MATERIAIS. AF_07/2021","UN",{"v":39722.19,"d":"39,722.19"}]
[102768,"BOCA PARA BUEIRO DUPLO CELULAR 300 X 300 CM EM CONCRETO, ALAS COM ESCONSIDADE DE 30°, INCLUINDO FÔRMAS E MATERIAIS. AF_07/2021","UN",{"v":55660.38,"d":"55,660.38"}]
[102769,"BOCA PARA BUEIRO TRIPLO CELULAR 150 X 150 CM EM CONCRETO, ALAS COM ESCONSIDADE DE 30°, INCLUINDO FÔRMAS E MATERIAIS. AF_07/2021","UN",{"v":21897.11,"d":"21,897.11"}]
[102770,"BOCA PARA BUEIRO TRIPLO CELULAR 200 X 200 CM EM CONCRETO, ALAS COM ESCONSIDADE DE 30°, INCLUINDO FÔRMAS E MATERIAIS. AF_07/2021","UN",{"v":33636.14,"d":"33,636.14"}]
[102771,"BOCA PARA BUEIRO TRIPLO CELULAR 250 X 250 CM EM CONCRETO, ALAS COM ESCONSIDADE DE 30°, INCLUINDO FÔRMAS E MATERIAIS. AF_07/2021","UN",{"v":46904.88,"d":"46,904.88"}]
[102772,"BOCA PARA BUEIRO TRIPLO CELULAR 300 X 300 CM EM CONCRETO, ALAS COM ESCONSIDADE DE 30°, INCLUINDO FÔRMAS E MATERIAIS. AF_07/2021","UN",{"v":66067.78,"d":"66,067.78"}]
[102773,"BOCA PARA BUEIRO SIMPLES TUBULAR D = 40 CM EM GABIÃO, ALAS COM ESCONSIDADE DE 45°, INCLUINDO FÔRMAS E MATERIAIS. AF_07/2021","UN",{"v":8650.36,"d":"8,650.36"}]
[102774,"BOCA PARA BUEIRO SIMPLES TUBULAR D = 60 CM EM GABIÃO, ALAS COM ESCONSIDADE DE 45°, INCLUINDO FÔRMAS E MATERIAIS. AF_07/2021","UN",{"v":8650.36,"d":"8,650.36"}]
[102775,"BOCA PARA BUEIRO SIMPLES TUBULAR D = 80 CM EM GABIÃO, ALAS COM ESCONSIDADE DE 45°, INCLUINDO FÔRMAS E MATERIAIS. AF_07/2021","UN",{"v":12971.98,"d":"12,971.98"}]
[102776,"BOCA PARA BUEIRO SIMPLES TUBULAR D = 100 CM EM GABIÃO, ALAS COM ESCONSIDADE DE 45°, INCLUINDO FÔRMAS E MATERIAIS. AF_07/2021","UN",{"v":12971.98,"d":"12,971.98"}]
[102777,"BOCA PARA BUEIRO SIMPLES TUBULAR D = 120 CM EM GABIÃO, ALAS COM ESCONSIDADE DE 45°, INCLUINDO FÔRMAS E MATERIAIS. AF_07/2021","UN",{"v":19671.91,"d":"19,671.91"}]
[102778,"BOCA PARA BUEIRO SIMPLES TUBULAR D = 150 CM EM GABIÃO, ALAS COM ESCONSIDADE DE 45°, INCLUINDO FÔRMAS E MATERIAIS. AF_07/2021","UN",{"v":29469.2,"d":"29,469.20"}]
[102779,"BOCA PARA BUEIRO DUPLO TUBULAR D = 40 CM EM GABIÃO, ALAS COM ESCONSIDADE DE 45°, INCLUINDO FÔRMAS E MATERIAIS. AF_07/2021","UN",{"v":8650.36,"d":"8,650.36"}]
[102780,"BOCA PARA BUEIRO DUPLO TUBULAR D = 60 CM EM GABIÃO, ALAS COM ESCONSIDADE DE 45°, INCLUINDO FÔRMAS E MATERIAIS. AF_07/2021","UN",{"v":9948.27,"d":"9,948.27"}]
[102781,"BOCA PARA BUEIRO DUPLO TUBULAR D = 80 CM EM GABIÃO, ALAS COM ESCONSIDADE DE 45°, INCLUINDO FÔRMAS E MATERIAIS. AF_07/2021","UN",{"v":14810.09,"d":"14,810.09"}]
[102782,"BOCA PARA BUEIRO DUPLO TUBULAR D = 100 CM EM GABIÃO, ALAS COM ESCONSIDADE DE 45°, INCLUINDO FÔRMAS E MATERIAIS. AF_07/2021","UN",{"v":16508.8,"d":"16,508.80"}]
[102783,"BOCA PARA BUEIRO DUPLO TUBULAR D = 120 CM EM GABIÃO, ALAS COM ESCONSIDADE DE 45°, INCLUINDO FÔRMAS E MATERIAIS. AF_07/2021","UN",{"v":21910.83,"d":"21,910.83"}]
[102784,"BOCA PARA BUEIRO DUPLO TUBULAR D = 150 CM EM GABIÃO, ALAS COM ESCONSIDADE DE 45°, INCLUINDO FÔRMAS E MATERIAIS. AF_07/2021","UN",{"v":34367.85,"d":"34,367.85"}]
[102785,"BOCA PARA BUEIRO TRIPLO TUBULAR D = 40 CM EM GABIÃO, ALAS COM ESCONSIDADE DE 45°, INCLUINDO FÔRMAS E MATERIAIS. AF_07/2021","UN",{"v":9948.27,"d":"9,948.27"}]
[102786,"BOCA PARA BUEIRO TRIPLO TUBULAR D = 60 CM EM GABIÃO, ALAS COM ESCONSIDADE DE 45°, INCLUINDO FÔRMAS E MATERIAIS. AF_07/2021","UN",{"v":11106.78,"d":"11,106.78"}]
[102787,"BOCA PARA BUEIRO TRIPLO TUBULAR D = 80 CM EM GABIÃO, ALAS COM ESCONSIDADE DE 45°, INCLUINDO FÔRMAS E MATERIAIS. AF_07/2021","UN",{"v":16508.8,"d":"16,508.80"}]
[102788,"BOCA PARA BUEIRO TRIPLO TUBULAR D = 100 CM EM GABIÃO, ALAS COM ESCONSIDADE DE 45°, INCLUINDO FÔRMAS E MATERIAIS. AF_07/2021","UN",{"v":18181.37,"d":"18,181.37"}]
[102789,"BOCA PARA BUEIRO TRIPLO TUBULAR D = 120 CM EM GABIÃO, ALAS COM ESCONSIDADE DE 45°, INCLUINDO FÔRMAS E MATERIAIS. AF_07/2021","UN",{"v":23992.92,"d":"23,992.92"}]
[102790,"BOCA PARA BUEIRO TRIPLO TUBULAR D = 150 CM EM GABIÃO, ALAS COM ESCONSIDADE DE 45°, INCLUINDO FÔRMAS E MATERIAIS. AF_07/2021","UN",{"v":39702.12,"d":"39,702.12"}]
[102791,"BOCA PARA BUEIRO SIMPLES CELULAR 150 X 150 CM EM GABIÃO, ALAS COM ESCONSIDADE DE 45°, INCLUINDO FÔRMAS E MATERIAIS. AF_07/2021","UN",{"v":31792.63,"d":"31,792.63"}]
[102792,"BOCA PARA BUEIRO SIMPLES CELULAR 200 X 200 CM EM GABIÃO, ALAS COM ESCONSIDADE DE 45°, INCLUINDO FÔRMAS E MATERIAIS. AF_07/2021","UN",{"v":51842.13,"d":"51,842.13"}]
[102793,"BOCA PARA BUEIRO SIMPLES CELULAR 250 X 250 CM EM GABIÃO, ALAS COM ESCONSIDADE DE 45°, INCLUINDO FÔRMAS E MATERIAIS. AF_07/2021","UN",{"v":69904.46,"d":"69,904.46"}]
[102794,"BOCA PARA BUEIRO SIMPLES CELULAR 300 X 300 CM EM GABIÃO, ALAS COM ESCONSIDADE DE 45°, INCLUINDO FÔRMAS E MATERIAIS. AF_07/2021","UN",{"v":100407.56,"d":"100,407.56"}]
[102795,"BOCA PARA BUEIRO DUPLO CELULAR 150 X 150 CM EM GABIÃO, ALAS COM ESCONSIDADE DE 45°, INCLUINDO FÔRMAS E MATERIAIS. AF_07/2021","UN",{"v":33868.26,"d":"33,868.26"}]
[102796,"BOCA PARA BUEIRO DUPLO CELULAR 200 X 200 CM EM GABIÃO, ALAS COM ESCONSIDADE DE 45°, INCLUINDO FÔRMAS E MATERIAIS. AF_07/2021","UN",{"v":54785.83,"d":"54,785.83"}]
[102797,"BOCA PARA BUEIRO DUPLO CELULAR 250 X 250 CM EM GABIÃO, ALAS COM ESCONSIDADE DE 45°, INCLUINDO FÔRMAS E MATERIAIS. AF_07/2021","UN",{"v":77673.85,"d":"77,673.85"}]
[102798,"BOCA PARA BUEIRO DUPLO CELULAR 300 X 300 CM EM GABIÃO, ALAS COM ESCONSIDADE DE 45°, INCLUINDO FÔRMAS E MATERIAIS. AF_07/2021","UN",{"v":95250.15,"d":"95,250.15"}]
[102799,"BOCA PARA BUEIRO TRIPLO CELULAR 150 X 150 CM EM GABIÃO, ALAS COM ESCONSIDADE DE 45°, INCLUINDO FÔRMAS E MATERIAIS. AF_07/2021","UN",{"v":34588.53,"d":"34,588.53"}]
[102800,"BOCA PARA BUEIRO TRIPLO CELULAR 200 X 200 CM EM GABIÃO, ALAS COM ESCONSIDADE DE 45°, INCLUINDO FÔRMAS E MATERIAIS. AF_07/2021","UN",{"v":60087.84,"d":"60,087.84"}]
[102801,"BOCA PARA BUEIRO TRIPLO CELULAR 250 X 250 CM EM GABIÃO, ALAS COM ESCONSIDADE DE 45°, INCLUINDO FÔRMAS E MATERIAIS. AF_07/2021","UN",{"v":84169.22,"d":"84,169.22"}]
[102802,"BOCA PARA BUEIRO TRIPLO CELULAR 300 X 300 CM EM GABIÃO, ALAS COM ESCONSIDADE DE 45°, INCLUINDO FÔRMAS E MATERIAIS. AF_07/2021","UN",{"v":101027.19,"d":"101,027.19"}]
[101570,"ESCORAMENTO DE VALA, TIPO PONTALETEAMENTO, COM PROFUNDIDADE DE 0 A 1,5 M, LARGURA MENOR QUE 1,5 M. AF_08/2020","M2",21.51]
[101571,"ESCORAMENTO DE VALA, TIPO PONTALETEAMENTO, COM PROFUNDIDADE DE 0 A 1,5 M, LARGURA MAIOR OU IGUAL A 1,5 M E MENOR QUE 2,5 M. AF_08/2020","M2",29.6]
[101572,"ESCORAMENTO DE VALA, TIPO PONTALETEAMENTO, COM PROFUNDIDADE DE 1,5 A 3,0 M, LARGURA MENOR QUE 1,5 M. AF_08/2020","M2",16.86]
[101573,"ESCORAMENTO DE VALA, TIPO PONTALETEAMENTO, COM PROFUNDIDADE DE 1,5 A 3,0 M, LARGURA MAIOR OU IGUAL A 1,5 M E MENOR QUE 2,5 M. AF_08/2020","M2",24.94]
[101574,"ESCORAMENTO DE VALA, TIPO PONTALETEAMENTO, COM PROFUNDIDADE DE 3,0 A 4,5 M, LARGURA MENOR QUE 1,5 M. AF_08/2020","M2",12.89]
[101575,"ESCORAMENTO DE VALA, TIPO PONTALETEAMENTO, COM PROFUNDIDADE DE 3,0 A 4,5 M, LARGURA MAIOR OU IGUAL A 1,5 M E MENOR QUE 2,5 M. AF_08/2020","M2",21.17]
[101576,"ESCORAMENTO DE VALA, TIPO DESCONTÍNUO, COM PROFUNDIDADE DE 0 A 1,5 M, LARGURA MENOR QUE 1,5 M. AF_08/2020","M2",37.37]
[101577,"ESCORAMENTO DE VALA, TIPO DESCONTÍNUO, COM PROFUNDIDADE DE 0 A 1,5 M, LARGURA MAIOR OU IGUAL A 1,5 M E MENOR QUE 2,5 M. AF_08/2020","M2",47.68]
[101578,"ESCORAMENTO DE VALA, TIPO DESCONTÍNUO, COM PROFUNDIDADE DE 1,5 M A 3,0 M, LARGURA MENOR QUE 1,5 M. AF_08/2020","M2",30.72]
[101579,"ESCORAMENTO DE VALA, TIPO DESCONTÍNUO, COM PROFUNDIDADE DE 1,5 A 3,0 M, LARGURA MAIOR OU IGUAL A 1,5 M E MENOR QUE 2,5 M. AF_08/2020","M2",41.03]
[101580,"ESCORAMENTO DE VALA, TIPO DESCONTÍNUO, COM PROFUNDIDADE DE 3,0 A 4,5 M, LARGURA MENOR QUE 1,5 M. AF_08/2020","M2",26.87]
[101581,"ESCORAMENTO DE VALA, TIPO DESCONTÍNUO, COM PROFUNDIDADE DE 3,0 A 4,5 M, LARGURA MAIOR OU IGUAL A 1,5 E MENOR QUE 2,5 M. AF_08/2020","M2",37.38]
[101582,"ESCORAMENTO DE VALA, TIPO CONTÍNUO, COM PROFUNDIDADE DE 0 A 1,5 M, LARGURA MENOR QUE 1,5 M. AF_08/2020","M2",61.11]
[101583,"ESCORAMENTO DE VALA, TIPO CONTÍNUO, COM PROFUNDIDADE DE 0 A 1,5 M, LARGURA MAIOR OU IGUAL A 1,5 M E MENOR QUE 2,5 M. AF_08/2020","M2",77.08]
[101584,"ESCORAMENTO DE VALA, TIPO CONTÍNUO, COM PROFUNDIDADE DE 1,5 M A 3,0 M, LARGURA MENOR QUE 1,5 M. AF_08/2020","M2",49.95]
[101585,"ESCORAMENTO DE VALA, TIPO CONTÍNUO, COM PROFUNDIDADE DE 1,5 A 3,0 M, LARGURA MAIOR OU IGUAL A 1,5 M E MENOR QUE 2,5 M. AF_08/2020","M2",65.92]
[101586,"ESCORAMENTO DE VALA, TIPO CONTÍNUO, COM PROFUNDIDADE DE 3,0 A 4,5 M, LARGURA MENOR QUE 1,5 M. AF_08/2020","M2",42.7]
[101587,"ESCORAMENTO DE VALA, TIPO CONTÍNUO, COM PROFUNDIDADE DE 3,0 A 4,5 M, LARGURA MAIOR OU IGUAL A 1,5 E MENOR QUE 2,5 M. AF_08/2020","M2",58.87]
[101588,"ESCORAMENTO DE VALA, TIPO CONTÍNUO COM PERFIL METÁLICO \"U\", COM PROFUNDIDADE DE 0 A 1,5 M, LARGURA MENOR QUE 1,5 M. AF_08/2020","M2",88.76]
[101589,"ESCORAMENTO DE VALA,TIPO CONTÍNUO COM PERFIL METÁLICO \"U\", COM PROFUNDIDADE DE 0 A 1,5 M, LARGURA MAIOR OU IGUAL A 1,5 E MENOR QUE 2,5 M. AF_08/2020","M2",129.67]
[101590,"ESCORAMENTO DE VALA, TIPO CONTÍNUO COM PERFIL METÁLICO \"U\", COM PROFUNDIDADE DE 1,5 A 3,0 M, LARGURA MENOR QUE 1,5 M. AF_08/2020","M2",67.11]
[101591,"ESCORAMENTO DE VALA, TIPO CONTÍNUO COM PERFIL METÁLICO \"U\", COM PROFUNDIDADE DE 1,5 A 3,0 M, LARGURA MAIOR OU IGUAL 1,5 M E MENOR QUE 2,5 M. AF_08/2020","M2",108]
[101592,"ESCORAMENTO DE VALA, TIPO CONTÍNUO COM PERFIL METÁLICO \"U\", COM PROFUNDIDADE DE 3,0 A 4,5 M, LARGURA MENOR QUE 1,5 M. AF_08/2020","M2",46.93]
[101593,"ESCORAMENTO DE VALA, TIPO CONTÍNUO COM PERFIL METÁLICO \"U\", COM PROFUNDIDADE DE 3,0 A 4,5 M, LARGURA MAIOR OU IGUAL A 1,5 M E MENOR QUE 2,5 M. AF_08/2020","M2",88.01]
[101600,"ESCORAMENTO DE VALA, TIPO BLINDAGEM, COM PROFUNDIDADE DE 0 A 1,5 M, LARGURA MENOR QUE 1,5 M - EXECUÇÃO, NÃO INCLUI MATERIAL. AF_08/2020","M2",16.71]
[101601,"ESCORAMENTO DE VALA, TIPO BLINDAGEM COM PROFUNDIDADE DE 0 A 1,5 M, LARGURA MAIOR OU IGUAL A 1,5 M E MENOR QUE 2,5 M - EXECUÇÃO, NÃO INCLUI MATERIAL. AF_08/2020","M2",24.73]
[101602,"ESCORAMENTO DE VALA, TIPO BLINDAGEM, COM PROFUNDIDADE DE 1,5 A 3,0 M, LARGURA MENOR QUE 1,5 M - EXECUÇÃO, NÃO INCLUI MATERIAL. AF_08/2020","M2",12.38]
[101603,"ESCORAMENTO DE VALA, TIPO BLINDAGEM, COM PROFUNDIDADE DE 1,5 A 3,0 M, LARGURA MAIOR OU IGUAL A 1,5 M E MENOR QUE 2,5 M - EXECUÇÃO, NÃO INCLUI MATERIAL. AF_08/2020","M2",20.42]
[101604,"ESCORAMENTO DE VALA, TIPO BLINDAGEM, COM PROFUNDIDADE DE 3,0 A 4,5 M, LARGURA MENOR QUE 1,5 M - EXECUÇÃO, NÃO INCLUI MATERIAL. AF_08/2020","M2",8.11]
[101605,"ESCORAMENTO DE VALA, TIPO BLINDAGEM, COM PROFUNDIDADE DE 3,0 A 4,5 M, LARGURA MAIOR OU IGUAL A 1,5 M E MENOR QUE 2,5 M - EXECUÇÃO, NÃO INCLUI MATERIAL. AF_08/2020","M2",16.13]
[90788,"KIT DE PORTA-PRONTA DE MADEIRA EM ACABAMENTO MELAMÍNICO BRANCO, FOLHA LEVE OU MÉDIA, 60X210CM, EXCLUSIVE FECHADURA, FIXAÇÃO COM PREENCHIMENTO PARCIAL DE ESPUMA EXPANSIVA - FORNECIMENTO E INSTALAÇÃO. AF_12/2019","UN",896.87]
[90789,"KIT DE PORTA-PRONTA DE MADEIRA EM ACABAMENTO MELAMÍNICO BRANCO, FOLHA LEVE OU MÉDIA, 70X210CM, EXCLUSIVE FECHADURA, FIXAÇÃO COM PREENCHIMENTO PARCIAL DE ESPUMA EXPANSIVA - FORNECIMENTO E INSTALAÇÃO. AF_12/2019","UN",898.52]
[90790,"KIT DE PORTA-PRONTA DE MADEIRA EM ACABAMENTO MELAMÍNICO BRANCO, FOLHA LEVE OU MÉDIA, 80X210CM, EXCLUSIVE FECHADURA, FIXAÇÃO COM PREENCHIMENTO PARCIAL DE ESPUMA EXPANSIVA - FORNECIMENTO E INSTALAÇÃO. AF_12/2019","UN",926.57]
[90791,"KIT DE PORTA-PRONTA DE MADEIRA EM ACABAMENTO MELAMÍNICO BRANCO, FOLHA PESADA OU SUPERPESADA, 80X210CM, FIXAÇÃO COM PREENCHIMENTO PARCIAL DE ESPUMA EXPANSIVA - FORNECIMENTO E INSTALAÇÃO. AF_12/2019","UN",{"v":1085.4,"d":"1,085.40"}]
[90793,"KIT DE PORTA-PRONTA DE MADEIRA EM ACABAMENTO MELAMÍNICO BRANCO, FOLHA PESADA OU SUPERPESADA, 90X210CM, FIXAÇÃO COM PREENCHIMENTO TOTAL DE ESPUMA EXPANSIVA - FORNECIMENTO E INSTALAÇÃO. AF_12/2019","UN",{"v":1148.5,"d":"1,148.50"}]
[90794,"KIT DE PORTA-PRONTA DE MADEIRA EM ACABAMENTO MELAMÍNICO BRANCO, FOLHA LEVE OU MÉDIA, E BATENTE METÁLICO, 60X210CM, FIXAÇÃO COM ARGAMASSA - FORNECIMENTO E INSTALAÇÃO. AF_12/2019","UN",769.57]
[90795,"KIT DE PORTA-PRONTA DE MADEIRA EM ACABAMENTO MELAMÍNICO BRANCO, FOLHA LEVE OU MÉDIA, E BATENTE METÁLICO, 70X210CM, FIXAÇÃO COM ARGAMASSA - FORNECIMENTO E INSTALAÇÃO. AF_12/2019","UN",776.64]
[90796,"KIT DE PORTA-PRONTA DE MADEIRA EM ACABAMENTO MELAMÍNICO BRANCO, FOLHA LEVE OU MÉDIA, E BATENTE METÁLICO, 80X210CM, FIXAÇÃO COM ARGAMASSA - FORNECIMENTO E INSTALAÇÃO. AF_12/2019","UN",783.73]
[90797,"KIT DE PORTA-PRONTA DE MADEIRA EM ACABAMENTO MELAMÍNICO BRANCO, FOLHA LEVE OU MÉDIA, E BATENTE METÁLICO, 90X210CM, FIXAÇÃO COM ARGAMASSA - FORNECIMENTO E INSTALAÇÃO. AF_12/2019","UN",790.79]
[90798,"KIT DE PORTA-PRONTA DE MADEIRA EM ACABAMENTO MELAMÍNICO BRANCO, FOLHA PESADA OU SUPERPESADA, E BATENTE METÁLICO, 80X210CM, FIXAÇÃO COM ARGAMASSA - FORNECIMENTO E INSTALAÇÃO. AF_12/2019","UN",{"v":1149.61,"d":"1,149.61"}]
[90799,"KIT DE PORTA-PRONTA DE MADEIRA EM ACABAMENTO MELAMÍNICO BRANCO, FOLHA PESADA OU SUPERPESADA, E BATENTE METÁLICO, 90X210CM, FIXAÇÃO COM ARGAMASSA - FORNECIMENTO E INSTALAÇÃO. AF_12/2019","UN",{"v":1185.86,"d":"1,185.86"}]
[90801,"BATENTE PARA PORTA DE MADEIRA, PADRÃO MÉDIO - FORNECIMENTO E MONTAGEM. AF_12/2019","UN",340.76]
[90806,"BATENTE PARA PORTA DE MADEIRA, FIXAÇÃO COM ARGAMASSA, PADRÃO MÉDIO - FORNECIMENTO E INSTALAÇÃO. AF_12/2019","UN",431.26]
[90820,"PORTA DE MADEIRA PARA PINTURA, SEMI-OCA (LEVE OU MÉDIA), 60X210CM, ESPESSURA DE 3,5CM, INCLUSO DOBRADIÇAS - FORNECIMENTO E INSTALAÇÃO. AF_12/2019","UN",336.89]
[90821,"PORTA DE MADEIRA PARA PINTURA, SEMI-OCA (LEVE OU MÉDIA), 70X210CM, ESPESSURA DE 3,5CM, INCLUSO DOBRADIÇAS - FORNECIMENTO E INSTALAÇÃO. AF_12/2019","UN",343.41]
[90822,"PORTA DE MADEIRA PARA PINTURA, SEMI-OCA (LEVE OU MÉDIA), 80X210CM, ESPESSURA DE 3,5CM, INCLUSO DOBRADIÇAS - FORNECIMENTO E INSTALAÇÃO. AF_12/2019","UN",368.51]
[90823,"PORTA DE MADEIRA PARA PINTURA, SEMI-OCA (LEVE OU MÉDIA), 90X210CM, ESPESSURA DE 3,5CM, INCLUSO DOBRADIÇAS - FORNECIMENTO E INSTALAÇÃO. AF_12/2019","UN",454.7]
[90824,"PORTA DE MADEIRA PARA PINTURA, SEMI-OCA (PESADA OU SUPERPESADA), 80X210CM, ESPESSURA DE 3,5CM, INCLUSO DOBRADIÇAS - FORNECIMENTO E INSTALAÇÃO. AF_12/2019","UN",652.85]
[90825,"PORTA DE MADEIRA, MACIÇA (PESADA OU SUPERPESADA), 90X210CM, ESPESSURA DE 3,5CM, INCLUSO DOBRADIÇAS - FORNECIMENTO E INSTALAÇÃO. AF_12/2019","UN",727.76]
[90830,"FECHADURA DE EMBUTIR COM CILINDRO, EXTERNA, COMPLETA, ACABAMENTO PADRÃO MÉDIO, INCLUSO EXECUÇÃO DE FURO - FORNECIMENTO E INSTALAÇÃO. AF_12/2019","UN",186.22]
[90831,"FECHADURA DE EMBUTIR PARA PORTA DE BANHEIRO, COMPLETA, ACABAMENTO PADRÃO MÉDIO, INCLUSO EXECUÇÃO DE FURO - FORNECIMENTO E INSTALAÇÃO. AF_12/2019","UN",163.92]
[90841,"KIT DE PORTA DE MADEIRA PARA PINTURA, SEMI-OCA (LEVE OU MÉDIA), PADRÃO MÉDIO, 60X210CM, ESPESSURA DE 3,5CM, ITENS INCLUSOS: DOBRADIÇAS, MONTAGEM E INSTALAÇÃO DO BATENTE, FECHADURA COM EXECUÇÃO DO FURO - FORNECIMENTO E INSTALAÇÃO. AF_12/2019","UN",{"v":1055.43,"d":"1,055.43"}]
[90842,"KIT DE PORTA DE MADEIRA PARA PINTURA, SEMI-OCA (LEVE OU MÉDIA), PADRÃO MÉDIO, 70X210CM, ESPESSURA DE 3,5CM, ITENS INCLUSOS: DOBRADIÇAS, MONTAGEM E INSTALAÇÃO DO BATENTE, FECHADURA COM EXECUÇÃO DO FURO - FORNECIMENTO E INSTALAÇÃO. AF_12/2019","UN",{"v":1064.52,"d":"1,064.52"}]
[90843,"KIT DE PORTA DE MADEIRA PARA PINTURA, SEMI-OCA (LEVE OU MÉDIA), PADRÃO MÉDIO, 80X210CM, ESPESSURA DE 3,5CM, ITENS INCLUSOS: DOBRADIÇAS, MONTAGEM E INSTALAÇÃO DO BATENTE, FECHADURA COM EXECUÇÃO DO FURO - FORNECIMENTO E INSTALAÇÃO. AF_12/2019","UN",{"v":1114.49,"d":"1,114.49"}]
[90844,"KIT DE PORTA DE MADEIRA PARA PINTURA, SEMI-OCA (LEVE OU MÉDIA), PADRÃO MÉDIO, 90X210CM, ESPESSURA DE 3,5CM, ITENS INCLUSOS: DOBRADIÇAS, MONTAGEM E INSTALAÇÃO DO BATENTE, FECHADURA COM EXECUÇÃO DO FURO - FORNECIMENTO E INSTALAÇÃO. AF_12/2019","UN",{"v":1203.25,"d":"1,203.25"}]
[90845,"KIT DE PORTA DE MADEIRA PARA PINTURA, SEMI-OCA (PESADA OU SUPERPESADA), PADRÃO MÉDIO, 80X210CM, ESPESSURA DE 3,5CM, ITENS INCLUSOS: DOBRADIÇAS, MONTAGEM E INSTALAÇÃO DO BATENTE, FECHADURA COM EXECUÇÃO DO FURO - FORNECIMENTO E INSTALAÇÃO. AF_12/2019","UN",{"v":1398.83,"d":"1,398.83"}]
[90846,"KIT DE PORTA DE MADEIRA PARA PINTURA, SEMI-OCA (PESADA OU SUPERPESADA), PADRÃO MÉDIO, 90X210CM, ESPESSURA DE 3,5CM, ITENS INCLUSOS: DOBRADIÇAS, MONTAGEM E INSTALAÇÃO DO BATENTE, FECHADURA COM EXECUÇÃO DO FURO - FORNECIMENTO E INSTALAÇÃO. AF_12/2019","UN",{"v":1476.31,"d":"1,476.31"}]
[90847,"KIT DE PORTA DE MADEIRA PARA PINTURA, SEMI-OCA (LEVE OU MÉDIA), PADRÃO MÉDIO, 60X210CM, ESPESSURA DE 3,5CM, ITENS INCLUSOS: DOBRADIÇAS, MONTAGEM E INSTALAÇÃO DO BATENTE, SEM FECHADURA - FORNECIMENTO E INSTALAÇÃO. AF_12/2019","UN",891.51]
[90848,"KIT DE PORTA DE MADEIRA PARA PINTURA, SEMI-OCA (LEVE OU MÉDIA), PADRÃO MÉDIO, 70X210CM, ESPESSURA DE 3,5CM, ITENS INCLUSOS: DOBRADIÇAS, MONTAGEM E INSTALAÇÃO DO BATENTE, SEM FECHADURA - FORNECIMENTO E INSTALAÇÃO. AF_12/2019","UN",900.6]
[90849,"KIT DE PORTA DE MADEIRA PARA PINTURA, SEMI-OCA (LEVE OU MÉDIA), PADRÃO MÉDIO, 80X210CM, ESPESSURA DE 3,5CM, ITENS INCLUSOS: DOBRADIÇAS, MONTAGEM E INSTALAÇÃO DO BATENTE, SEM FECHADURA - FORNECIMENTO E INSTALAÇÃO. AF_12/2019","UN",928.27]
[90850,"KIT DE PORTA DE MADEIRA PARA PINTURA, SEMI-OCA (LEVE OU MÉDIA), PADRÃO MÉDIO, 90X210CM, ESPESSURA DE 3,5CM, ITENS INCLUSOS: DOBRADIÇAS, MONTAGEM E INSTALAÇÃO DO BATENTE, SEM FECHADURA - FORNECIMENTO E INSTALAÇÃO. AF_12/2019","UN",{"v":1017.03,"d":"1,017.03"}]
[90851,"KIT DE PORTA DE MADEIRA PARA PINTURA, SEMI-OCA (PESADA OU SUPERPESADA), PADRÃO MÉDIO, 80X210CM, ESPESSURA DE 3,5CM, ITENS INCLUSOS: DOBRADIÇAS, MONTAGEM E INSTALAÇÃO DO BATENTE, SEM FECHADURA - FORNECIMENTO E INSTALAÇÃO. AF_12/2019","UN",{"v":1212.61,"d":"1,212.61"}]
[90852,"KIT DE PORTA DE MADEIRA PARA PINTURA, SEMI-OCA (PESADA OU SUPERPESADA), PADRÃO MÉDIO, 90X210CM, ESPESSURA DE 3,5CM, ITENS INCLUSOS: DOBRADIÇAS, MONTAGEM E INSTALAÇÃO DO BATENTE, SEM FECHADURA - FORNECIMENTO E INSTALAÇÃO. AF_12/2019","UN",{"v":1290.09,"d":"1,290.09"}]
[91009,"PORTA DE MADEIRA PARA VERNIZ, SEMI-OCA (LEVE OU MÉDIA), 60X210CM, ESPESSURA DE 3,5CM, INCLUSO DOBRADIÇAS - FORNECIMENTO E INSTALAÇÃO. AF_12/2019","UN",349.12]
[91010,"PORTA DE MADEIRA PARA VERNIZ, SEMI-OCA (LEVE OU MÉDIA), 70X210CM, ESPESSURA DE 3,5CM, INCLUSO DOBRADIÇAS - FORNECIMENTO E INSTALAÇÃO. AF_12/2019","UN",356.22]
[91011,"PORTA DE MADEIRA PARA VERNIZ, SEMI-OCA (LEVE OU MÉDIA), 80X210CM, ESPESSURA DE 3,5CM, INCLUSO DOBRADIÇAS - FORNECIMENTO E INSTALAÇÃO. AF_12/2019","UN",418.16]
[91012,"PORTA DE MADEIRA PARA VERNIZ, SEMI-OCA (LEVE OU MÉDIA), 90X210CM, ESPESSURA DE 3,5CM, INCLUSO DOBRADIÇAS - FORNECIMENTO E INSTALAÇÃO. AF_12/2019","UN",465.54]
[91013,"KIT DE PORTA DE MADEIRA PARA VERNIZ, SEMI-OCA (LEVE OU MÉDIA), PADRÃO MÉDIO, 60X210CM, ESPESSURA DE 3,5CM, ITENS INCLUSOS: DOBRADIÇAS, MONTAGEM E INSTALAÇÃO DO BATENTE, SEM FECHADURA - FORNECIMENTO E INSTALAÇÃO. AF_12/2019","UN",903.74]
[91014,"KIT DE PORTA DE MADEIRA PARA VERNIZ, SEMI-OCA (LEVE OU MÉDIA), PADRÃO MÉDIO, 70X210CM, ESPESSURA DE 3,5CM, ITENS INCLUSOS: DOBRADIÇAS, MONTAGEM E INSTALAÇÃO DO BATENTE, SEM FECHADURA - FORNECIMENTO E INSTALAÇÃO. AF_12/2019","UN",913.41]
[91015,"KIT DE PORTA DE MADEIRA PARA VERNIZ, SEMI-OCA (LEVE OU MÉDIA), PADRÃO MÉDIO, 80X210CM, ESPESSURA DE 3,5CM, ITENS INCLUSOS: DOBRADIÇAS, MONTAGEM E INSTALAÇÃO DO BATENTE, SEM FECHADURA - FORNECIMENTO E INSTALAÇÃO. AF_12/2019","UN",977.92]
[91016,"KIT DE PORTA DE MADEIRA PARA VERNIZ, SEMI-OCA (LEVE OU MÉDIA), PADRÃO MÉDIO, 90X210CM, ESPESSURA DE 3,5CM, ITENS INCLUSOS: DOBRADIÇAS, MONTAGEM E INSTALAÇÃO DO BATENTE, SEM FECHADURA - FORNECIMENTO E INSTALAÇÃO. AF_12/2019","UN",{"v":1027.87,"d":"1,027.87"}]
[91287,"BATENTE PARA PORTA DE MADEIRA, PADRÃO POPULAR - FORNECIMENTO E MONTAGEM. AF_12/2019","UN",247.38]
[91292,"BATENTE PARA PORTA DE MADEIRA, FIXAÇÃO COM ARGAMASSA, PADRÃO POPULAR. FORNECIMENTO E INSTALAÇÃO. AF_12/2019","UN",337.88]
[91295,"PORTA DE MADEIRA FRISADA, SEMI-OCA (LEVE OU MÉDIA), 60X210CM, ESPESSURA DE 3CM, INCLUSO DOBRADIÇAS - FORNECIMENTO E INSTALAÇÃO. AF_12/2019","UN",359.71]
[91296,"PORTA DE MADEIRA FRISADA, SEMI-OCA (LEVE OU MÉDIA), 70X210CM, ESPESSURA DE 3CM, INCLUSO DOBRADIÇAS - FORNECIMENTO E INSTALAÇÃO. AF_12/2019","UN",385.81]
[91297,"PORTA DE MADEIRA FRISADA, SEMI-OCA (LEVE OU MÉDIA), 80X210CM, ESPESSURA DE 3,5CM, INCLUSO DOBRADIÇAS - FORNECIMENTO E INSTALAÇÃO. AF_12/2019","UN",425.22]
[91298,"PORTA DE MADEIRA TIPO VENEZIANA, 80X210CM, ESPESSURA DE 3CM, INCLUSO DOBRADIÇAS - FORNECIMENTO E INSTALAÇÃO. AF_12/2019","UN",886.49]
[91299,"PORTA DE MADEIRA, TIPO MEXICANA, MACIÇA (PESADA OU SUPERPESADA), 80X210CM, ESPESSURA DE 3,5CM, INCLUSO DOBRADIÇAS - FORNECIMENTO E INSTALAÇÃO. AF_12/2019","UN",{"v":1241.58,"d":"1,241.58"}]
[91304,"FECHADURA DE EMBUTIR COM CILINDRO, EXTERNA, COMPLETA, ACABAMENTO PADRÃO POPULAR, INCLUSO EXECUÇÃO DE FURO - FORNECIMENTO E INSTALAÇÃO. AF_12/2019","UN",111.12]
[91305,"FECHADURA DE EMBUTIR PARA PORTA DE BANHEIRO, COMPLETA, ACABAMENTO PADRÃO POPULAR, INCLUSO EXECUÇÃO DE FURO - FORNECIMENTO E INSTALAÇÃO. AF_12/2019","UN",112.25]
[91306,"FECHADURA DE EMBUTIR PARA PORTAS INTERNAS, COMPLETA, ACABAMENTO PADRÃO MÉDIO, COM EXECUÇÃO DE FURO - FORNECIMENTO E INSTALAÇÃO. AF_12/2019","UN",163.92]
[91307,"FECHADURA DE EMBUTIR PARA PORTAS INTERNAS, COMPLETA, ACABAMENTO PADRÃO POPULAR, COM EXECUÇÃO DE FURO - FORNECIMENTO E INSTALAÇÃO. AF_12/2019","UN",94.82]
[91312,"KIT DE PORTA DE MADEIRA PARA PINTURA, SEMI-OCA (LEVE OU MÉDIA), PADRÃO POPULAR, 60X210CM, ESPESSURA DE 3,5CM, ITENS INCLUSOS: DOBRADIÇAS, MONTAGEM E INSTALAÇÃO DO BATENTE, FECHADURA COM EXECUÇÃO DO FURO - FORNECIMENTO E INSTALAÇÃO. AF_12/2019","UN",870.15]
[91313,"KIT DE PORTA DE MADEIRA PARA PINTURA, SEMI-OCA (LEVE OU MÉDIA), PADRÃO POPULAR, 70X210CM, ESPESSURA DE 3,5CM, ITENS INCLUSOS: DOBRADIÇAS, MONTAGEM E INSTALAÇÃO DO BATENTE, FECHADURA COM EXECUÇÃO DO FURO - FORNECIMENTO E INSTALAÇÃO. AF_12/2019","UN",860.97]
[91314,"KIT DE PORTA DE MADEIRA PARA PINTURA, SEMI-OCA (LEVE OU MÉDIA), PADRÃO POPULAR, 80X210CM, ESPESSURA DE 3,5CM, ITENS INCLUSOS: DOBRADIÇAS, MONTAGEM E INSTALAÇÃO DO BATENTE, FECHADURA COM EXECUÇÃO DO FURO - FORNECIMENTO E INSTALAÇÃO. AF_12/2019","UN",904.11]
[91315,"KIT DE PORTA DE MADEIRA PARA PINTURA, SEMI-OCA (LEVE OU MÉDIA), PADRÃO POPULAR, 90X210CM, ESPESSURA DE 3,5CM, ITENS INCLUSOS: DOBRADIÇAS, MONTAGEM E INSTALAÇÃO DO BATENTE, FECHADURA COM EXECUÇÃO DO FURO - FORNECIMENTO E INSTALAÇÃO. AF_12/2019","UN",992.03]
[91316,"KIT DE PORTA DE MADEIRA PARA PINTURA, SEMI-OCA (PESADA OU SUPERPESADA), PADRÃO POPULAR, 80X210CM, ESPESSURA DE 3,5CM, ITENS INCLUSOS: DOBRADIÇAS, MONTAGEM E INSTALAÇÃO DO BATENTE, FECHADURA COM EXECUÇÃO DO FURO - FORNECIMENTO E INSTALAÇÃO. AF_12/2019","UN",{"v":1188.45,"d":"1,188.45"}]
[91317,"KIT DE PORTA DE MADEIRA PARA PINTURA, SEMI-OCA (PESADA OU SUPERPESADA), PADRÃO POPULAR, 90X210CM, ESPESSURA DE 3,5CM, ITENS INCLUSOS: DOBRADIÇAS, MONTAGEM E INSTALAÇÃO DO BATENTE, FECHADURA COM EXECUÇÃO DO FURO - FORNECIMENTO E INSTALAÇÃO. AF_12/2019","UN",{"v":1265.09,"d":"1,265.09"}]
[91318,"KIT DE PORTA DE MADEIRA PARA PINTURA, SEMI-OCA (LEVE OU MÉDIA), PADRÃO POPULAR, 60X210CM, ESPESSURA DE 3,5CM, ITENS INCLUSOS: DOBRADIÇAS, MONTAGEM E INSTALAÇÃO DO BATENTE, SEM FECHADURA - FORNECIMENTO E INSTALAÇÃO. AF_12/2019","UN",757.9]
[91319,"KIT DE PORTA DE MADEIRA PARA PINTURA, SEMI-OCA (LEVE OU MÉDIA), PADRÃO POPULAR, 70X210CM, ESPESSURA DE 3,5CM, ITENS INCLUSOS: DOBRADIÇAS, MONTAGEM E INSTALAÇÃO DO BATENTE, SEM FECHADURA - FORNECIMENTO E INSTALAÇÃO. AF_12/2019","UN",766.15]
[91320,"KIT DE PORTA DE MADEIRA PARA PINTURA, SEMI-OCA (LEVE OU MÉDIA), PADRÃO POPULAR, 80X210CM, ESPESSURA DE 3,5CM, ITENS INCLUSOS: DOBRADIÇAS, MONTAGEM E INSTALAÇÃO DO BATENTE, SEM FECHADURA - FORNECIMENTO E INSTALAÇÃO. AF_12/2019","UN",792.99]
[91321,"KIT DE PORTA DE MADEIRA PARA PINTURA, SEMI-OCA (LEVE OU MÉDIA), PADRÃO POPULAR, 90X210CM, ESPESSURA DE 3,5CM, ITENS INCLUSOS: DOBRADIÇAS, MONTAGEM E INSTALAÇÃO DO BATENTE, SEM FECHADURA - FORNECIMENTO E INSTALAÇÃO. AF_12/2019","UN",880.91]
[91322,"KIT DE PORTA DE MADEIRA PARA PINTURA, SEMI-OCA (PESADA OU SUPERPESADA), PADRÃO POPULAR, 80X210CM, ESPESSURA DE 3,5CM, ITENS INCLUSOS: DOBRADIÇAS, MONTAGEM E INSTALAÇÃO DO BATENTE, SEM FECHADURA - FORNECIMENTO E INSTALAÇÃO. AF_12/2019","UN",{"v":1077.33,"d":"1,077.33"}]
[91323,"KIT DE PORTA DE MADEIRA PARA PINTURA, SEMI-OCA (PESADA OU SUPERPESADA), PADRÃO POPULAR, 90X210CM, ESPESSURA DE 3,5CM, ITENS INCLUSOS: DOBRADIÇAS, MONTAGEM E INSTALAÇÃO DO BATENTE, SEM FECHADURA - FORNECIMENTO E INSTALAÇÃO. AF_12/2019","UN",{"v":1153.97,"d":"1,153.97"}]
[91324,"KIT DE PORTA DE MADEIRA PARA VERNIZ, SEMI-OCA (LEVE OU MÉDIA), PADRÃO POPULAR, 60X210CM, ESPESSURA DE 3,5CM, ITENS INCLUSOS: DOBRADIÇAS, MONTAGEM E INSTALAÇÃO DO BATENTE, SEM FECHADURA - FORNECIMENTO E INSTALAÇÃO. AF_12/2019","UN",770.13]
[91325,"KIT DE PORTA DE MADEIRA PARA VERNIZ, SEMI-OCA (LEVE OU MÉDIA), PADRÃO POPULAR, 70X210CM, ESPESSURA DE 3,5CM, ITENS INCLUSOS: DOBRADIÇAS, MONTAGEM E INSTALAÇÃO DO BATENTE, SEM FECHADURA - FORNECIMENTO E INSTALAÇÃO. AF_12/2019","UN",778.96]
[91326,"KIT DE PORTA DE MADEIRA PARA VERNIZ, SEMI-OCA (LEVE OU MÉDIA), PADRÃO POPULAR, 80X210CM, ESPESSURA DE 3,5CM, ITENS INCLUSOS: DOBRADIÇAS, MONTAGEM E INSTALAÇÃO DO BATENTE, SEM FECHADURA - FORNECIMENTO E INSTALAÇÃO. AF_12/2019","UN",842.64]
[91327,"KIT DE PORTA DE MADEIRA PARA VERNIZ, SEMI-OCA (LEVE OU MÉDIA), PADRÃO POPULAR, 90X210CM, ESPESSURA DE 3,5CM, ITENS INCLUSOS: DOBRADIÇAS, MONTAGEM E INSTALAÇÃO DO BATENTE, SEM FECHADURA - FORNECIMENTO E INSTALAÇÃO. AF_12/2019","UN",891.75]
[91328,"KIT DE PORTA DE MADEIRA FRISADA, SEMI-OCA (LEVE OU MÉDIA), PADRÃO MÉDIO 60X210CM, ESPESSURA DE 3CM, ITENS INCLUSOS: DOBRADIÇAS, MONTAGEM E INSTALAÇÃO DO BATENTE, SEM FECHADURA - FORNECIMENTO E INSTALAÇÃO. AF_12/2019","UN",914.33]
[91329,"KIT DE PORTA DE MADEIRA FRISADA, SEMI-OCA (LEVE OU MÉDIA), PADRÃO POPULAR, 60X210CM, ESPESSURA DE 3CM, ITENS INCLUSOS: DOBRADIÇAS, MONTAGEM E INSTALAÇÃO DO BATENTE, SEM FECHADURA - FORNECIMENTO E INSTALAÇÃO. AF_12/2019","UN",780.72]
[91330,"KIT DE PORTA DE MADEIRA FRISADA, SEMI-OCA (LEVE OU MÉDIA), PADRÃO MÉDIO, 70X210CM, ESPESSURA DE 3CM, ITENS INCLUSOS: DOBRADIÇAS, MONTAGEM E INSTALAÇÃO DO BATENTE, SEM FECHADURA - FORNECIMENTO E INSTALAÇÃO. AF_12/2019","UN",943]
[91331,"KIT DE PORTA DE MADEIRA FRISADA, SEMI-OCA (LEVE OU MÉDIA), PADRÃO POPULAR, 70X210CM, ESPESSURA DE 3CM, ITENS INCLUSOS: DOBRADIÇAS, MONTAGEM E INSTALAÇÃO DO BATENTE, SEM FECHADURA - FORNECIMENTO E INSTALAÇÃO. AF_12/2019","UN",808.55]
[91332,"KIT DE PORTA DE MADEIRA FRISADA, SEMI-OCA (LEVE OU MÉDIA), PADRÃO MÉDIO, 80X210CM, ESPESSURA DE 3,5CM, ITENS INCLUSOS: DOBRADIÇAS, MONTAGEM E INSTALAÇÃO DO BATENTE, SEM FECHADURA - FORNECIMENTO E INSTALAÇÃO. AF_12/2019","UN",984.98]
[91333,"KIT DE PORTA DE MADEIRA FRISADA, SEMI-OCA (LEVE OU MÉDIA), PADRÃO POPULAR, 80X210CM, ESPESSURA DE 3,5CM, ITENS INCLUSOS: DOBRADIÇAS, MONTAGEM E INSTALAÇÃO DO BATENTE, SEM FECHADURA - FORNECIMENTO E INSTALAÇÃO. AF_12/2019","UN",849.7]
[91334,"KIT DE PORTA DE MADEIRA TIPO VENEZIANA, PADRÃO MÉDIO, 80X210CM, ESPESSURA DE 3CM, ITENS INCLUSOS: DOBRADIÇAS, MONTAGEM E INSTALAÇÃO DO BATENTE, SEM FECHADURA - FORNECIMENTO E INSTALAÇÃO. AF_12/2019","UN",{"v":1446.25,"d":"1,446.25"}]
[91335,"KIT DE PORTA DE MADEIRA TIPO VENEZIANA, PADRÃO POPULAR, 80X210CM, ESPESSURA DE 3CM, ITENS INCLUSOS: DOBRADIÇAS, MONTAGEM E INSTALAÇÃO DO BATENTE, SEM FECHADURA - FORNECIMENTO E INSTALAÇÃO. AF_12/2019","UN",{"v":1310.97,"d":"1,310.97"}]
[91336,"KIT DE PORTA DE MADEIRA TIPO MEXICANA, MACIÇA (PESADA OU SUPERPESADA), PADRÃO MÉDIO, 80X210CM, ESPESSURA DE 3CM, ITENS INCLUSOS: DOBRADIÇAS, MONTAGEM E INSTALAÇÃO DO BATENTE, SEM FECHADURA - FORNECIMENTO E INSTALAÇÃO. AF_12/2019","UN",{"v":1801.34,"d":"1,801.34"}]
[91337,"KIT DE PORTA DE MADEIRA TIPO MEXICANA, MACIÇA (PESADA OU SUPERPESADA), PADRÃO POPULAR, 80X210CM, ESPESSURA DE 3CM, ITENS INCLUSOS: DOBRADIÇAS, MONTAGEM E INSTALAÇÃO DO BATENTE, SEM FECHADURA - FORNECIMENTO E INSTALAÇÃO. AF_12/2019","UN",{"v":1666.06,"d":"1,666.06"}]
[100659,"ALIZAR DE 5X1,5CM PARA PORTA FIXADO COM PREGOS, PADRÃO MÉDIO - FORNECIMENTO E INSTALAÇÃO. AF_12/2019","M",12.85]
[100660,"ALIZAR DE 5X1,5CM PARA PORTA FIXADO COM PREGOS, PADRÃO POPULAR - FORNECIMENTO E INSTALAÇÃO. AF_12/2019","M",8.66]
[100675,"KIT DE PORTA-PRONTA DE MADEIRA EM ACABAMENTO MELAMÍNICO BRANCO, FOLHA LEVE OU MÉDIA, 90X210, EXCLUSIVE FECHADURA, FIXAÇÃO COM PREENCHIMENTO TOTAL DE ESPUMA EXPANSIVA - FORNECIMENTO E INSTALAÇÃO. AF_12/2019","UN",{"v":1024.42,"d":"1,024.42"}]
[100676,"BATENTE PARA PORTA COM BANDEIRA, FIXAÇÃO COM PARAFUSO E BUCHA. AF_12/2019","UN",204.14]
[100678,"KIT DE PORTA DE MADEIRA PARA VERNIZ, SEMI-OCA (LEVE OU MÉDIA), PADRÃO MÉDIO, 60X210CM, ESPESSURA DE 3,5CM, ITENS INCLUSOS: DOBRADIÇAS, MONTAGEM E INSTALAÇÃO DE BATENTE, FECHADURA COM EXECUÇÃO DO FURO - FORNECIMENTO E INSTALAÇÃO. AF_12/2019","UN",{"v":1067.66,"d":"1,067.66"}]
[100679,"KIT DE PORTA DE MADEIRA PARA VERNIZ, SEMI-OCA (LEVE OU MÉDIA), PADRÃO POPULAR, 60X210CM, ESPESSURA DE 3,5CM, ITENS INCLUSOS: DOBRADIÇAS, MONTAGEM E INSTALAÇÃO DE BATENTE, FECHADURA COM EXECUÇÃO DO FURO - FORNECIMENTO E INSTALAÇÃO. AF_12/2019","UN",882.38]
[100680,"KIT DE PORTA DE MADEIRA PARA VERNIZ, SEMI-OCA (LEVE OU MÉDIA), PADRÃO MÉDIO, 70X210CM, ESPESSURA DE 3,5CM, ITENS INCLUSOS: DOBRADIÇAS, MONTAGEM E INSTALAÇÃO DE BATENTE, FECHADURA COM EXECUÇÃO DO FURO - FORNECIMENTO E INSTALAÇÃO. AF_12/2019","UN",{"v":1077.33,"d":"1,077.33"}]
[100681,"KIT DE PORTA DE MADEIRA FRISADA, SEMI-OCA (LEVE OU MÉDIA), PADRÃO MÉDIO, 70X210CM, ESPESSURA DE 3CM, ITENS INCLUSOS: DOBRADIÇAS, MONTAGEM E INSTALAÇÃO DE BATENTE, FECHADURA COM EXECUÇÃO DO FURO - FORNECIMENTO E INSTALAÇÃO. AF_12/2019","UN",{"v":1106.92,"d":"1,106.92"}]
[100682,"KIT DE PORTA DE MADEIRA FRISADA, SEMI-OCA (LEVE OU MÉDIA), PADRÃO POPULAR, 70X210CM, ESPESSURA DE 3CM, ITENS INCLUSOS: DOBRADIÇAS, MONTAGEM E INSTALAÇÃO DE BATENTE, FECHADURA COM EXECUÇÃO DO FURO - FORNECIMENTO E INSTALAÇÃO. AF_12/2019","UN",903.37]
[100683,"KIT DE PORTA DE MADEIRA PARA VERNIZ, SEMI-OCA (LEVE OU MÉDIA), PADRÃO MÉDIO, 80X210CM, ESPESSURA DE 3,5CM, ITENS INCLUSOS: DOBRADIÇAS, MONTAGEM E INSTALAÇÃO DE BATENTE, FECHADURA COM EXECUÇÃO DO FURO - FORNECIMENTO E INSTALAÇÃO. AF_12/2019","UN",{"v":1164.14,"d":"1,164.14"}]
[100684,"KIT DE PORTA DE MADEIRA PARA VERNIZ, SEMI-OCA (LEVE OU MÉDIA), PADRÃO POPULAR, 80X210CM, ESPESSURA DE 3,5CM, ITENS INCLUSOS: DOBRADIÇAS, MONTAGEM E INSTALAÇÃO DE BATENTE, FECHADURA COM EXECUÇÃO DO FURO - FORNECIMENTO E INSTALAÇÃO. AF_12/2019","UN",953.76]
[100685,"KIT DE PORTA DE MADEIRA PARA VERNIZ, SEMI-OCA (LEVE OU MÉDIA), PADRÃO MÉDIO, 90X210CM, ESPESSURA DE 3,5CM, ITENS INCLUSOS: DOBRADIÇAS, MONTAGEM E INSTALAÇÃO DE BATENTE, FECHADURA COM EXECUÇÃO DO FURO - FORNECIMENTO E INSTALAÇÃO. AF_12/2019","UN",{"v":1214.09,"d":"1,214.09"}]
[100686,"KIT DE PORTA DE MADEIRA PARA VERNIZ, SEMI-OCA (LEVE OU MÉDIA), PADRÃO POPULAR, 90X210CM, ESPESSURA DE 3CM, ITENS INCLUSOS: DOBRADIÇAS, MONTAGEM E INSTALAÇÃO DE BATENTE, FECHADURA COM EXECUÇÃO DO FURO - FORNECIMENTO E INSTALAÇÃO. AF_12/2019","UN",{"v":1002.87,"d":"1,002.87"}]
[100687,"KIT DE PORTA DE MADEIRA FRISADA, SEMI-OCA (LEVE OU MÉDIA), PADRÃO MÉDIO, 60X210CM, ESPESSURA DE 3,5CM, ITENS INCLUSOS: DOBRADIÇAS, MONTAGEM E INSTALAÇÃO DE BATENTE, FECHADURA COM EXECUÇÃO DO FURO - FORNECIMENTO E INSTALAÇÃO. AF_12/2019","UN",{"v":1078.25,"d":"1,078.25"}]
[100688,"KIT DE PORTA DE MADEIRA FRISADA, SEMI-OCA (LEVE OU MÉDIA), PADRÃO POPULAR, 60X210CM, ESPESSURA DE 3CM, ITENS INCLUSOS: DOBRADIÇAS, MONTAGEM E INSTALAÇÃO DE BATENTE, FECHADURA COM EXECUÇÃO DO FURO - FORNECIMENTO E INSTALAÇÃO. AF_12/2019","UN",892.97]
[100689,"KIT DE PORTA DE MADEIRA FRISADA, SEMI-OCA (LEVE OU MÉDIA), PADRÃO MÉDIO, 80X210CM, ESPESSURA DE 3,5CM, ITENS INCLUSOS: DOBRADIÇAS, MONTAGEM E INSTALAÇÃO DE BATENTE, FECHADURA COM EXECUÇÃO DO FURO - FORNECIMENTO E INSTALAÇÃO. AF_12/2019","UN",{"v":1171.2,"d":"1,171.20"}]
[100690,"KIT DE PORTA DE MADEIRA FRISADA, SEMI-OCA (LEVE OU MÉDIA), PADRÃO POPULAR, 80X210CM, ESPESSURA DE 3,5CM, ITENS INCLUSOS: DOBRADIÇAS, MONTAGEM E INSTALAÇÃO DE BATENTE, FECHADURA COM EXECUÇÃO DO FURO - FORNECIMENTO E INSTALAÇÃO. AF_12/2019","UN",960.82]
[100691,"KIT DE PORTA DE MADEIRA TIPO VENEZIANA, 80X210CM (ESPESSURA DE 3CM), PADRÃO MÉDIO, ITENS INCLUSOS: DOBRADIÇAS, MONTAGEM E INSTALAÇÃO DE BATENTE, FECHADURA COM EXECUÇÃO DO FURO - FORNECIMENTO E INSTALAÇÃO. AF_12/2019","UN",{"v":1632.47,"d":"1,632.47"}]
[100692,"KIT DE PORTA DE MADEIRA TIPO VENEZIANA, 80X210CM (ESPESSURA DE 3CM), PADRÃO POPULAR, ITENS INCLUSOS: DOBRADIÇAS, MONTAGEM E INSTALAÇÃO DE BATENTE, FECHADURA COM EXECUÇÃO DO FURO - FORNECIMENTO E INSTALAÇÃO. AF_12/2019","UN",{"v":1422.09,"d":"1,422.09"}]
[100693,"KIT DE PORTA DE MADEIRA TIPO MEXICANA, MACIÇA (PESADA OU SUPERPESADA), PADRÃO MÉDIO, 80X210CM, ESPESSURA DE 3,5CM, ITENS INCLUSOS: DOBRADIÇAS, MONTAGEM E INSTALAÇÃO DE BATENTE, FECHADURA COM EXECUÇÃO DO FURO - FORNECIMENTO E INSTALAÇÃO. AF_12/2019","UN",{"v":1987.56,"d":"1,987.56"}]
[100694,"KIT DE PORTA DE MADEIRA TIPO MEXICANA, MACIÇA (PESADA OU SUPERPESADA), PADRÃO POPULAR, 80X210CM, ESPESSURA DE 3,5CM, ITENS INCLUSOS: DOBRADIÇAS, MONTAGEM E INSTALAÇÃO DE BATENTE, FECHADURA COM EXECUÇÃO DO FURO - FORNECIMENTO E INSTALAÇÃO. AF_12/2019","UN",{"v":1777.18,"d":"1,777.18"}]
[100695,"RECOLOCAÇÃO DE FOLHAS DE PORTA DE MADEIRA LEVE OU MÉDIA DE 60CM DE LARGURA, CONSIDERANDO REAPROVEITAMENTO DO MATERIAL. AF_12/2019","UN",56.01]
[100696,"RECOLOCAÇÃO DE FOLHAS DE PORTA DE MADEIRA LEVE OU MÉDIA DE 70CM DE LARGURA, CONSIDERANDO REAPROVEITAMENTO DO MATERIAL. AF_12/2019","UN",62.32]
[100697,"RECOLOCAÇÃO DE FOLHAS DE PORTA DE MADEIRA LEVE OU MÉDIA DE 80CM DE LARGURA, CONSIDERANDO REAPROVEITAMENTO DO MATERIAL. AF_12/2019","UN",68.69]
[100698,"RECOLOCAÇÃO DE FOLHAS DE PORTA DE MADEIRA LEVE OU MÉDIA DE 90CM DE LARGURA, CONSIDERANDO REAPROVEITAMENTO DO MATERIAL. AF_12/2019","UN",75.03]
[100699,"RECOLOCAÇÃO DE FOLHAS DE PORTA DE MADEIRA PESADA OU SUPERPESADA DE 80CM DE LARGURA, CONSIDERANDO REAPROVEITAMENTO DO MATERIAL. AF_12/2019","UN",89.24]
[100700,"PORTA DE MADEIRA COMPENSADA LISA PARA PINTURA, 120X210X3,5CM, 2 FOLHAS, INCLUSO ADUELA 2A, ALIZAR 2A E DOBRADIÇAS. AF_12/2019","UN",898.02]
[100712,"KIT DE PORTA DE MADEIRA PARA VERNIZ, SEMI-OCA (LEVE OU MÉDIA), PADRÃO POPULAR, 70X210CM, ESPESSURA DE 3,5CM, ITENS INCLUSOS: DOBRADIÇAS, MONTAGEM E INSTALAÇÃO DE BATENTE, FECHADURA COM EXECUÇÃO DO FURO - FORNECIMENTO E INSTALAÇÃO. AF_12/2019","UN",873.78]
[100665,"JANELA DE MADEIRA (CEDRINHO/ANGELIM OU EQUIV.) DE ABRIR COM 4 FOLHAS (2 VENEZIANAS E 2 GUILHOTINAS), COM BATENTE, ALIZAR E FERRAGENS, EXCLUSIVE VIDROS, ACABAMENTO E CONTRAMARCO, FIXAÇÃO C/ PARAFUSO E ESPUMA - FORNECIMENTO E INSTALAÇÃO. AF_11/2024","M2",778.35]
[100666,"JANELA DE MADEIRA (PINUS/EUCALIPTO OU EQUIV.) DE ABRIR COM 4 FOLHAS (2 VENEZIANAS E 2 GUILHOTINAS), COM BATENTE, ALIZAR E FERRAGENS, EXCLUSIVE VIDROS, ACABAMENTO E CONTRAMARCO, FIXAÇÃO C/ PARAFUSO E ESPUMA - FORNECIMENTO E INSTALAÇÃO. AF_11/2024","M2",620]
[100667,"JANELA DE MADEIRA (IMBUIA/CEDRO OU EQUIV.) DE ABRIR COM 4 FOLHAS (2 VENEZIANAS E 2 GUILHOTINAS), COM BATENTE, ALIZAR E FERRAGENS, EXCLUSIVE VIDROS, ACABAMENTO E CONTRAMARCO, FIXAÇÃO C/ PARAFUSO E ESPUMA - FORNECIMENTO E INSTALAÇÃO. AF_11/2024","M2",{"v":1002.22,"d":"1,002.22"}]
[100668,"JANELA DE MADEIRA (CEDRINHO/ANGELIM OU EQUIV.) TIPO MAXIM-AR, PARA VIDRO, COM BATENTE, ALIZAR E FERRAGENS, EXCLUSIVE VIDRO, ACABAMENTO E CONTRAMARCO, FIXAÇÃO C/ PARAFUSO E ESPUMA - FORNECIMENTO E INSTALAÇÃO. AF_11/2024","M2",{"v":1159.46,"d":"1,159.46"}]
[100669,"JANELA DE MADEIRA (PINUS/EUCALIPTO OU EQUIV.) TIPO BASCULANTE COM 2 FOLHAS PARA VIDRO, COM BATENTE, ALIZAR E FERRAGENS, EXCLUSIVE VIDROS, ACABAMENTO E CONTRAMARCO, FIXAÇÃO C/ PARAFUSO E ESPUMA - FORNECIMENTO E INSTALAÇÃO. AF_11/2024","M2",805.62]
[100670,"JANELA DE MADEIRA (CEDRINHO/ANGELIM OU EQUIV.) DE CORRER COM 6 FOLHAS (4 VENEZ. FIXAS E 2 DE CORRER), COM BATENTE, ALIZAR E FERRAGENS, EXCLUSIVE VIDROS, ACABAMENTO E CONTRAMARCO, FIXAÇÃO C/ PARAFUSO E ESPUMA - FORNECIMENTO E INSTALAÇÃO. AF_11/2024","M2",969.72]
[100671,"JANELA DE MADEIRA (IMBUIA/CEDRO OU EQUIV) DE CORRER COM 6 FOLHAS (4 VENEZ. FIXAS E 2 DE CORRER), COM BATENTE, ALIZAR E FERRAGENS, EXCLUSIVE VIDROS, ACABAMENTO E CONTRAMARCO, FIXAÇÃO C/ PARAFUSO E ESPUMA - FORNECIMENTO E INSTALAÇÃO. AF_11/2024","M2",{"v":1197.46,"d":"1,197.46"}]
[100672,"JANELA DE MADEIRA (PINUS/EUCALIPTO OU EQUIV.) DE CORRER COM 6 FOLHAS (4 VENEZ. FIXAS E 2 DE CORRER), COM BATENTE, ALIZAR E FERRAGENS, EXCLUSIVE VIDROS, ACABAMENTO E CONTRAMARCO, FIXAÇÃO C/ PARAFUSO E ESPUMA - FORNECIMENTO E INSTALAÇÃO. AF_11/2024","M2",782.27]
[100701,"PORTA DE FERRO, DE ABRIR, TIPO GRADE COM CHAPA, COM GUARNIÇÕES. AF_12/2019","M2",759.88]
[94559,"JANELA DE AÇO TIPO BASCULANTE PARA VIDROS, COM BATENTE, FERRAGENS E PINTURA ANTICORROSIVA, EXCLUSIVE VIDROS, ACABAMENTO, ALIZAR E CONTRAMARCO, FIXAÇÃO COM ARGAMASSA. FORNECIMENTO E INSTALAÇÃO. AF_11/2024","M2",684.45]
[94562,"JANELA DE AÇO DE CORRER COM 4 FOLHAS PARA VIDRO, COM BATENTE, FERRAGENS E PINTURA ANTICORROSIVA, EXCLUSIVE VIDROS, ALIZAR E CONTRAMARCO, FIXAÇÃO COM ARGAMASSA. FORNECIMENTO E INSTALAÇÃO. AF_11/2024","M2",592.23]
[94587,"CONTRAMARCO DE AÇO, FIXAÇÃO COM ARGAMASSA - FORNECIMENTO E INSTALAÇÃO. AF_11/2024","M",62.84]
[94588,"CONTRAMARCO DE AÇO, FIXAÇÃO COM PARAFUSO - FORNECIMENTO E INSTALAÇÃO. AF_11/2024","M",73.43]
[105813,"JANELA DE AÇO GALVANIZADO TIPO MAXIM-AR, COM BATENTE, FERRAGENS, PINTURA ANTICORROSIVA E GRADE, 1 FOLHA, EXCLUSIVE ALIZAR E CONTRAMARCO, FIXAÇÃO COM ARGAMASSA - FORNECIMENTO E INSTALAÇÃO. AF_11/2024","M2",990.06]
[99837,"GUARDA-CORPO DE AÇO GALVANIZADO DE 1,10M, MONTANTES TUBULARES DE 1.1/4\" ESPAÇADOS DE 1,20M, TRAVESSA SUPERIOR DE 1.1/2\", GRADIL FORMADO POR TUBOS HORIZONTAIS DE 1\" E VERTICAIS DE 3/4\", FIXADO COM CHUMBADOR MECÂNICO. AF_04/2019_PS","M",571.25]
[99839,"GUARDA-CORPO DE AÇO GALVANIZADO DE 1,10M DE ALTURA, MONTANTES TUBULARES DE 1.1/2  ESPAÇADOS DE 1,20M, TRAVESSA SUPERIOR DE 2 , GRADIL FORMADO POR BARRAS CHATAS EM FERRO DE 32X4,8MM, FIXADO COM CHUMBADOR MECÂNICO. AF_04/2019_PS","M",481.89]
[99841,"GUARDA-CORPO PANORÂMICO COM PERFIS DE ALUMÍNIO E VIDRO LAMINADO 8 MM, FIXADO COM CHUMBADOR MECÂNICO. AF_04/2019_PS","M",{"v":1482.35,"d":"1,482.35"}]
[99855,"CORRIMÃO SIMPLES, DIÂMETRO EXTERNO = 1 1/2\", EM AÇO GALVANIZADO. AF_04/2019_PS","M",102.8]
[99857,"CORRIMÃO SIMPLES, DIÂMETRO EXTERNO = 1 1/2\", EM ALUMÍNIO. AF_04/2019_PS","M",86.22]
[99861,"GRADIL EM FERRO FIXADO EM VÃOS DE JANELAS, FORMADO POR BARRAS CHATAS DE 25X4,8 MM. AF_04/2019","M2",599.82]
[99862,"GRADIL EM ALUMÍNIO FIXADO EM VÃOS DE JANELAS, FORMADO POR TUBOS DE 3/4\". AF_04/2019","M2",577.98]
[90838,"PORTA CORTA-FOGO 90X210X4CM - FORNECIMENTO E INSTALAÇÃO. AF_12/2019","UN",{"v":1891.32,"d":"1,891.32"}]
[91338,"PORTA DE ALUMÍNIO DE ABRIR COM LAMBRI, COM GUARNIÇÃO, FIXAÇÃO COM PARAFUSOS - FORNECIMENTO E INSTALAÇÃO. AF_12/2019","M2",837.96]
[91341,"PORTA EM ALUMÍNIO DE ABRIR TIPO VENEZIANA COM GUARNIÇÃO, FIXAÇÃO COM PARAFUSOS - FORNECIMENTO E INSTALAÇÃO. AF_12/2019","M2",651.81]
[94805,"PORTA DE ALUMÍNIO DE ABRIR PARA VIDRO SEM GUARNIÇÃO, 87X210CM, FIXAÇÃO COM PARAFUSOS, INCLUSIVE VIDROS - FORNECIMENTO E INSTALAÇÃO. AF_12/2019","UN",835.27]
[94806,"PORTA EM AÇO DE ABRIR PARA VIDRO SEM GUARNIÇÃO, 87X210CM, FIXAÇÃO COM PARAFUSOS, EXCLUSIVE VIDROS - FORNECIMENTO E INSTALAÇÃO. AF_12/2019","UN",876.75]
[94807,"PORTA EM AÇO DE ABRIR TIPO VENEZIANA SEM GUARNIÇÃO, 87X210CM, FIXAÇÃO COM PARAFUSOS - FORNECIMENTO E INSTALAÇÃO. AF_12/2019","UN",797.02]
[100702,"PORTA DE CORRER DE ALUMÍNIO, COM DUAS FOLHAS PARA VIDRO, INCLUSO VIDRO LISO INCOLOR, FECHADURA E PUXADOR, SEM ALIZAR. AF_12/2019","M2",462.64]
[102188,"MOLA HIDRAULICA DE PISO PARA PORTA DE VIDRO TEMPERADO. AF_01/2021","UN",{"v":1030.47,"d":"1,030.47"}]
[102189,"JOGO DE FERRAGENS CROMADAS PARA PORTA DE VIDRO TEMPERADO, UMA FOLHA COMPOSTO DE DOBRADICAS SUPERIOR E INFERIOR, TRINCO, FECHADURA, CONTRA FECHADURA COM CAPUCHINHO SEM MOLA E PUXADOR. AF_01/2021","UN",262.67]
[100703,"PUXADOR CENTRAL PARA ESQUADRIA DE MADEIRA. AF_12/2019","UN",36]
[100704,"PORTA CADEADO ZINCADO OXIDADO PRETO COM CADEADO DE AÇO INOX, LARGURA DE *50* MM. AF_12/2019","UN",77.97]
[100705,"TARJETA TIPO LIVRE/OCUPADO PARA PORTA DE BANHEIRO. AF_12/2019","UN",86.94]
[100706,"CREMONA EM LATÃO CROMADO OU POLIDO, COMPLETA. AF_12/2019","UN",74.06]
[100707,"FECHO DE EMBUTIR TIPO UNHA 22CM. AF_12/2019","UN",164.9]
[100708,"FECHO DE EMBUTIR TIPO UNHA 40CM. AF_12/2019","UN",207.99]
[100709,"DOBRADIÇA EM AÇO/FERRO, 3\" X 21/2\", E=1,9 A 2MM, SEN ANEL, CROMADO OU ZINCADO, TAMPA BOLA, COM PARAFUSOS. AF_12/2019","UN",44.32]
[100710,"DOBRADIÇA TIPO VAI E VEM EM LATÃO POLIDO 3\". AF_12/2019","UN",110.29]
[102151,"INSTALAÇÃO DE VIDRO LISO INCOLOR, E = 3 MM, EM ESQUADRIA DE MADEIRA, FIXADO COM BAGUETE. AF_01/2021","M2",242.95]
[102152,"INSTALAÇÃO DE VIDRO LISO, E = 4 MM, EM ESQUADRIA DE MADEIRA, FIXADO COM BAGUETE. AF_01/2021","M2",271.7]
[102153,"INSTALAÇÃO DE VIDRO LISO FUME, E = 4 MM, EM ESQUADRIA DE MADEIRA, FIXADO COM BAGUETE. AF_01/2021","M2",348.36]
[102154,"INSTALAÇÃO DE VIDRO LISO INCOLOR, E = 5 MM, EM ESQUADRIA DE MADEIRA, FIXADO COM BAGUETE. AF_01/2021","M2",301.89]
[102155,"INSTALAÇÃO DE VIDRO LISO FUME, E = 5 MM, EM ESQUADRIA DE MADEIRA, FIXADO COM BAGUETE. AF_01/2021","M2",364.6]
[102156,"INSTALAÇÃO DE VIDRO LISO INCOLOR, E = 6 MM, EM ESQUADRIA DE MADEIRA, FIXADO COM BAGUETE. AF_01/2021","M2",351.57]
[102157,"INSTALAÇÃO DE VIDRO LISO FUME, E = 6 MM, EM ESQUADRIA DE MADEIRA, FIXADO COM BAGUETE. AF_01/2021","M2",485.74]
[102158,"INSTALAÇÃO DE VIDRO LISO INCOLOR, E = 8 MM, EM ESQUADRIA DE MADEIRA, FIXADO COM BAGUETE. AF_01/2021","M2",494.45]
[102159,"INSTALAÇÃO DE VIDRO LISO INCOLOR, E = 10 MM, EM ESQUADRIA DE MADEIRA, FIXADO COM BAGUETE. AF_01/2021","M2",591.74]
[102160,"INSTALAÇÃO DE VIDRO IMPRESSO, E = 4 MM, EM ESQUADRIA DE MADEIRA, FIXADO COM BAGUETE. AF_01/2021","M2",233.36]
[102161,"INSTALAÇÃO DE VIDRO LISO INCOLOR, E = 3 MM, EM ESQUADRIA DE ALUMÍNIO OU PVC, FIXADO COM BAGUETE. AF_01/2021_PS","M2",352.94]
[102162,"INSTALAÇÃO DE VIDRO LISO INCOLOR, E = 4 MM, EM ESQUADRIA DE ALUMÍNIO OU PVC, FIXADO COM BAGUETE. AF_01/2021_PS","M2",381.69]
[102163,"INSTALAÇÃO DE VIDRO LISO FUME, E = 4 MM, EM ESQUADRIA DE ALUMÍNIO OU PVC, FIXADO COM BAGUETE. AF_01/2021_PS","M2",458.35]
[102164,"INSTALAÇÃO DE VIDRO LISO INCOLOR, E = 5 MM, EM ESQUADRIA DE ALUMÍNIO OU PVC, FIXADO COM BAGUETE. AF_01/2021_PS","M2",391.65]
[102165,"INSTALAÇÃO DE VIDRO LISO FUME, E = 5 MM, EM ESQUADRIA DE ALUMÍNIO OU PVC, FIXADO COM BAGUETE. AF_01/2021_PS","M2",454.36]
[102166,"INSTALAÇÃO DE VIDRO LISO INCOLOR, E = 6 MM, EM ESQUADRIA DE ALUMÍNIO OU PVC, FIXADO COM BAGUETE. AF_01/2021_PS","M2",421.08]
[102167,"INSTALAÇÃO DE VIDRO LISO FUME, E = 6 MM, EM ESQUADRIA DE ALUMÍNIO OU PVC, FIXADO COM BAGUETE. AF_01/2021_PS","M2",555.25]
[102168,"INSTALAÇÃO DE VIDRO LISO INCOLOR, E = 8 MM, EM ESQUADRIA DE ALUMÍNIO OU PVC, FIXADO COM BAGUETE. AF_01/2021_PS","M2",545.97]
[102169,"INSTALAÇÃO DE VIDRO LISO INCOLOR, E = 10 MM, EM ESQUADRIA DE ALUMÍNIO OU PVC, FIXADO COM BAGUETE. AF_01/2021_PS","M2",636.58]
[102170,"INSTALAÇÃO DE VIDRO IMPRESSO, E = 4 MM, EM ESQUADRIA DE ALUMÍNIO OU PVC, FIXADO COM BAGUETE. AF_01/2021_PS","M2",343.35]
[102171,"INSTALAÇÃO DE VIDRO ARAMADO, E = 6 MM, EM ESQUADRIA DE ALUMÍNIO OU PVC, FIXADO COM BAGUETE. AF_01/2021_PS","M2",698.32]
[102172,"INSTALAÇÃO DE VIDRO ARAMADO, E = 7 MM, EM ESQUADRIA DE ALUMÍNIO OU PVC, FIXADO COM BAGUETE. AF_01/2021_PS","M2",689.41]
[102176,"INSTALAÇÃO DE VIDRO LAMINADO, E = 8 MM (4+4), ENCAIXADO EM PERFIL U. AF_01/2021_PS","M2",{"v":1270.15,"d":"1,270.15"}]
[102177,"INSTALAÇÃO DE VIDRO LAMINADO, E = 12 MM (4+4+4), ENCAIXADO EM PERFIL U. AF_01/2021_PS","M2",{"v":2641.57,"d":"2,641.57"}]
[102178,"INSTALAÇÃO DE VIDRO LAMINADO, E = 15 MM (5+5+5), ENCAIXADO EM PERFIL U. AF_01/2021_PS","M2",{"v":3048.54,"d":"3,048.54"}]
[102179,"INSTALAÇÃO DE VIDRO TEMPERADO, E = 6 MM, ENCAIXADO EM PERFIL U. AF_01/2021_PS","M2",426.83]
[102180,"INSTALAÇÃO DE VIDRO TEMPERADO, E = 8 MM, ENCAIXADO EM PERFIL U. AF_01/2021_PS","M2",506.31]
[102181,"INSTALAÇÃO DE VIDRO TEMPERADO, E = 10 MM, ENCAIXADO EM PERFIL U. AF_01/2021_PS","M2",612.09]
[102182,"PORTA PIVOTANTE DE VIDRO TEMPERADO, 90X210 CM, ESPESSURA 10 MM, INCLUSIVE ACESSÓRIOS. AF_01/2021","UN",{"v":1287.57,"d":"1,287.57"}]
[102183,"PORTA PIVOTANTE DE VIDRO TEMPERADO, 2 FOLHAS DE 90X210 CM, ESPESSURA DE 10MM, INCLUSIVE ACESSÓRIOS. AF_01/2021","UN",{"v":2586.21,"d":"2,586.21"}]
[102184,"PORTA DE ABRIR COM MOLA HIDRÁULICA, EM VIDRO TEMPERADO, 90X210 CM, ESPESSURA 10 MM, INCLUSIVE ACESSÓRIOS. AF_01/2021","UN",{"v":2297.46,"d":"2,297.46"}]
[102185,"PORTA DE ABRIR COM MOLA HIDRÁULICA, EM VIDRO TEMPERADO, 2 FOLHAS DE 90X210 CM, ESPESSURA DD 10MM, INCLUSIVE ACESSÓRIOS. AF_01/2021","UN",{"v":4605.68,"d":"4,605.68"}]
[102190,"REMOÇÃO DE VIDRO LISO COMUM DE ESQUADRIA COM BAGUETE DE MADEIRA. AF_01/2021","M2",17.01]
[102191,"REMOÇÃO DE VIDRO LISO COMUM DE ESQUADRIA COM BAGUETE DE ALUMÍNIO OU PVC. AF_01/2021","M2",20.68]
[102192,"REMOÇÃO DE VIDRO TEMPERADO FIXADO EM PERFIL U. AF_01/2021","M2",14.75]
[94569,"JANELA DE ALUMÍNIO TIPO MAXIM-AR, COM VIDROS, BATENTE E FERRAGENS, EXCLUSIVE ALIZAR, ACABAMENTO E CONTRAMARCO, FIXAÇÃO COM PARAFUSO. FORNECIMENTO E INSTALAÇÃO. AF_11/2024","M2",628.75]
[94570,"JANELA DE ALUMÍNIO DE CORRER COM 2 FOLHAS PARA VIDROS, COM VIDROS, BATENTE, ACABAMENTO COM ACETATO OU BRILHANTE E FERRAGENS, EXCLUSIVE ALIZAR E CONTRAMARCO, FIXAÇÃO COM PARAFUSO. FORNECIMENTO E INSTALAÇÃO. AF_11/2024","M2",333.1]
[94572,"JANELA DE ALUMÍNIO DE CORRER COM 3 FOLHAS (2 VENEZIANAS E 1 PARA VIDRO), COM VIDROS, BATENTE E FERRAGENS, EXCLUSIVE ACABAMENTO, ALIZAR E CONTRAMARCO, FIXAÇÃO COM PARAFUSO. FORNECIMENTO E INSTALAÇÃO. AF_11/2024","M2",475.77]
[94573,"JANELA DE ALUMÍNIO DE CORRER COM 4 FOLHAS PARA VIDROS, COM VIDROS, BATENTE E FERRAGENS, EXCLUSIVE ACABAMENTO, ALIZAR E CONTRAMARCO, FIXAÇÃO COM PARAFUSO. FORNECIMENTO E INSTALAÇÃO. AF_11/2024","M2",370.74]
[94589,"CONTRAMARCO DE ALUMÍNIO, FIXAÇÃO COM ARGAMASSA - FORNECIMENTO E INSTALAÇÃO. AF_11/2024","M",19.26]
[94590,"CONTRAMARCO DE ALUMÍNIO, FIXAÇÃO COM PARAFUSO - FORNECIMENTO E INSTALAÇÃO. AF_11/2024","M",25.92]
[100674,"JANELA FIXA DE ALUMÍNIO PARA VIDRO, COM VIDRO, BATENTE E FERRAGENS, EXCLUSIVE ACABAMENTO, ALIZAR E CONTRAMARCO, FIXAÇÃO COM PARAFUSO - FORNECIMENTO E INSTALAÇÃO. AF_11/2024","M2",723.54]
[105812,"GUARNIÇÃO DE ALUMÍNIO - FORNECIMENTO E INSTALAÇÃO. AF_11/2024","M",29.06]
[101096,"TUBULÃO A CÉU ABERTO, DIÂMETRO DO FUSTE DE 70CM, ESCAVAÇÃO MANUAL, SEM ALARGAMENTO DE BASE, CONCRETO FEITO EM OBRA E LANÇADO COM JERICA. AF_05/2020_PA","M3",{"v":1377.75,"d":"1,377.75"}]
[101097,"TUBULÃO A CÉU ABERTO, DIÂMETRO DO FUSTE DE 80CM, ESCAVAÇÃO MANUAL, SEM ALARGAMENTO DE BASE, CONCRETO FEITO EM OBRA E LANÇADO COM JERICA. AF_05/2020_PA","M3",{"v":1313.56,"d":"1,313.56"}]
[101098,"TUBULÃO A CÉU ABERTO, DIÂMETRO DO FUSTE DE 100CM, ESCAVAÇÃO MANUAL, SEM ALARGAMENTO DE BASE, CONCRETO FEITO EM OBRA E LANÇADO COM JERICA. AF_05/2020_PA","M3",{"v":1232.84,"d":"1,232.84"}]
[101099,"TUBULÃO A CÉU ABERTO, DIÂMETRO DO FUSTE DE 120CM, ESCAVAÇÃO MANUAL, SEM ALARGAMENTO DE BASE, CONCRETO FEITO EM OBRA E LANÇADO COM JERICA. AF_05/2020_PA","M3",{"v":1138.96,"d":"1,138.96"}]
[101100,"TUBULÃO A CÉU ABERTO, DIÂMETRO DO FUSTE DE 70CM, ESCAVAÇÃO MECÂNICA, SEM ALARGAMENTO DE BASE, CONCRETO FEITO EM OBRA E LANÇADO COM JERICA. AF_05/2020_PA","M3",{"v":1081.25,"d":"1,081.25"}]
[101101,"TUBULÃO A CÉU ABERTO, DIÂMETRO DO FUSTE DE 80CM, ESCAVAÇÃO MECÂNICA, SEM ALARGAMENTO DE BASE, CONCRETO FEITO EM OBRA E LANÇADO COM JERICA (EXCLUSIVE MOBILIZAÇÃO E DESMOBILIZAÇÃO). AF_05/2020_PA","M3",{"v":1057.99,"d":"1,057.99"}]
[101102,"TUBULÃO A CÉU ABERTO, DIÂMETRO DO FUSTE DE 100CM, ESCAVAÇÃO MECÂNICA, SEM ALARGAMENTO DE BASE, CONCRETO FEITO EM OBRA E LANÇADO COM JERICA (EXCLUSIVE MOBILIZAÇÃO E DESMOBILIZAÇÃO). AF_05/2020_PA","M3",{"v":1033.78,"d":"1,033.78"}]
[101103,"TUBULÃO A CÉU ABERTO, DIÂMETRO DO FUSTE DE 120CM, ESCAVAÇÃO MECÂNICA, SEM ALARGAMENTO DE BASE, CONCRETO FEITO EM OBRA E LANÇADO COM JERICA (EXCLUSIVE MOBILIZAÇÃO E DESMOBILIZAÇÃO). AF_05/2020_PA","M3",976.58]
[101104,"TUBULÃO A CÉU ABERTO, DIÂMETRO DO FUSTE DE 70CM, ESCAVAÇÃO MANUAL, SEM ALARGAMENTO DE BASE, CONCRETO USINADO E LANÇADO COM BOMBA OU DIRETAMENTE DO CAMINHÃO (EXCLUSIVE BOMBEAMENTO). AF_05/2020_PA","M3",{"v":1505.13,"d":"1,505.13"}]
[101105,"TUBULÃO A CÉU ABERTO, DIÂMETRO DO FUSTE DE 80CM, ESCAVAÇÃO MANUAL, SEM ALARGAMENTO DE BASE, CONCRETO USINADO E LANÇADO COM BOMBA OU DIRETAMENTE DO CAMINHÃO (EXCLUSIVE BOMBEAMENTO). AF_05/2020_PA","M3",{"v":1439.06,"d":"1,439.06"}]
[101106,"TUBULÃO A CÉU ABERTO, DIÂMETRO DO FUSTE DE 100CM, ESCAVAÇÃO MANUAL, SEM ALARGAMENTO DE BASE, CONCRETO USINADO E LANÇADO COM BOMBA OU DIRETAMENTE DO CAMINHÃO (EXCLUSIVE BOMBEAMENTO). AF_05/2020_PA","M3",{"v":1355.93,"d":"1,355.93"}]
[101107,"TUBULÃO A CÉU ABERTO, DIÂMETRO DO FUSTE DE 120CM, ESCAVAÇÃO MANUAL, SEM ALARGAMENTO DE BASE, CONCRETO USINADO E LANÇADO COM BOMBA OU DIRETAMENTE DO CAMINHÃO (EXCLUSIVE BOMBEAMENTO). AF_05/2020_PA","M3",{"v":1258.26,"d":"1,258.26"}]
[101108,"TUBULÃO A CÉU ABERTO, DIÂMETRO DO FUSTE DE 70CM, ESCAVAÇÃO MECÂNICA, SEM ALARGAMENTO DE BASE, CONCRETO USINADO E LANÇADO COM BOMBA OU DIRETAMENTE DO CAMINHÃO (EXCLUSIVE BOMBEAMENTO, MOBILIZAÇÃO E DESMOBILIZAÇÃO). AF_05/2020_PA","M3",{"v":1203.31,"d":"1,203.31"}]
[101109,"TUBULÃO A CÉU ABERTO, DIÂMETRO DO FUSTE DE 80CM, ESCAVAÇÃO MECÂNICA, SEM ALARGAMENTO DE BASE, CONCRETO USINADO E LANÇADO COM BOMBA OU DIRETAMENTE DO CAMINHÃO (EXCLUSIVE BOMBEAMENTO, MOBILIZAÇÃO E DESMOBILIZAÇÃO). AF_05/2020_PA","M3",{"v":1178.44,"d":"1,178.44"}]
[101110,"TUBULÃO A CÉU ABERTO, DIÂMETRO DO FUSTE DE 100CM, ESCAVAÇÃO MECÂNICA, SEM ALARGAMENTO DE BASE, CONCRETO USINADO E LANÇADO COM BOMBA OU DIRETAMENTE DO CAMINHÃO (EXCLUSIVE BOMBEAMENTO, MOBILIZAÇÃO E DESMOBILIZAÇÃO). AF_05/2020_PA","M3",{"v":1152.43,"d":"1,152.43"}]
[101111,"TUBULÃO A CÉU ABERTO, DIÂMETRO DO FUSTE DE 120CM, ESCAVAÇÃO MECÂNICA, SEM ALARGAMENTO DE BASE, CONCRETO USINADO E LANÇADO COM BOMBA OU DIRETAMENTE DO CAMINHÃO (EXCLUSIVE BOMBEAMENTO, MOBILIZAÇÃO E DESMOBILIZAÇÃO). AF_05/2020_PA","M3",{"v":1092.05,"d":"1,092.05"}]
[101112,"ALARGAMENTO DE BASE DE TUBULÃO A CÉU ABERTO, ESCAVAÇÃO MANUAL, CONCRETO FEITO EM OBRA E LANÇADO COM JERICA. AF_05/2020","M3",{"v":1031.2,"d":"1,031.20"}]
[101113,"ALARGAMENTO DE BASE DE TUBULÃO A CÉU ABERTO, ESCAVAÇÃO MANUAL, CONCRETO USINADO E LANÇADO COM BOMBA OU DIRETAMENTE DO CAMINHÃO (EXCLUSIVE BOMBEAMENTO). AF_05/2020","M3",{"v":1164.97,"d":"1,164.97"}]
[95601,"ARRASAMENTO MECANICO DE ESTACA DE CONCRETO ARMADO, DIAMETROS DE ATÉ 40 CM. AF_05/2021","UN",15.14]
[95602,"ARRASAMENTO MECANICO DE ESTACA DE CONCRETO ARMADO, DIAMETROS DE 41 CM A 60 CM. AF_05/2021","UN",24.24]
[95603,"ARRASAMENTO MECANICO DE ESTACA DE CONCRETO ARMADO, DIAMETROS DE 61 CM A 80 CM. AF_05/2021","UN",41.36]
[95604,"ARRASAMENTO MECANICO DE ESTACA DE CONCRETO ARMADO, DIAMETROS DE 81 CM A 100 CM. AF_05/2021","UN",64.18]
[95605,"ARRASAMENTO MECANICO DE ESTACA DE CONCRETO ARMADO, DIAMETROS DE 101 CM A 150 CM. AF_05/2021","UN",117.86]
[95607,"ARRASAMENTO MECÂNICO DE ESTACA METÁLICA, PERFIL LAMINADO TIPO  I  FAMÍLIA 250. AF_05/2021","UN",26.17]
[95608,"ARRASAMENTO MECÂNICO DE ESTACA METÁLICA, PERFIL LAMINADO TIPO  H - FAMÍLIA 250. AF_05/2021","UN",37.96]
[95609,"ARRASAMENTO MECÂNICO DE ESTACA METÁLICA, PERFIL LAMINADO TIPO  H - FAMÍLIA 310. AF_05/2021","UN",48.13]
[100651,"ESTACA HÉLICE CONTÍNUA, DIÂMETRO DE 30 CM, INCLUSO CONCRETO FCK=30MPA E ARMADURA MÍNIMA (EXCLUSIVE BOMBEAMENTO, MOBILIZAÇÃO E DESMOBILIZAÇÃO). AF_12/2019_PA","M",169.18]
[100652,"ESTACA HÉLICE CONTÍNUA , DIÂMETRO DE 50 CM, INCLUSO CONCRETO FCK=30MPA E ARMADURA MÍNIMA (EXCLUSIVE BOMBEAMENTO, MOBILIZAÇÃO E DESMOBILIZAÇÃO). AF_12/2019_PA","M",336.25]
[100653,"ESTACA HÉLICE CONTÍNUA, DIÂMETRO DE 70 CM, INCLUSO CONCRETO FCK=30MPA E ARMADURA MÍNIMA (EXCLUSIVE BOMBEAMENTO, MOBILIZAÇÃO E DESMOBILIZAÇÃO). AF_12/2019_PA","M",568.88]
[100654,"ESTACA HÉLICE CONTÍNUA, DIÂMETRO DE 80 CM, INCLUSO CONCRETO FCK=30MPA E ARMADURA MÍNIMA (EXCLUSIVE BOMBEAMENTO, MOBILIZAÇÃO E DESMOBILIZAÇÃO). AF_12/2019_PA","M",756.72]
[100655,"ESTACA HÉLICE CONTÍNUA, DIÂMETRO DE 90 CM, INCLUSO CONCRETO FCK=30MPA E ARMADURA MÍNIMA (EXCLUSIVE BOMBEAMENTO, MOBILIZAÇÃO E DESMOBILIZAÇÃO). AF_12/2019_PA","M",886.82]
[100656,"ESTACA PRÉ-MOLDADA DE CONCRETO, SEÇÃO QUADRADA, CAPACIDADE DE 25 TONELADAS, INCLUSO EMENDA (EXCLUSIVE MOBILIZAÇÃO E DESMOBILIZAÇÃO). AF_12/2019","M",112.44]
[100657,"ESTACA PRÉ-MOLDADA DE CONCRETO SEÇÃO QUADRADA, CAPACIDADE DE 50 TONELADAS, INCLUSO EMENDA (EXCLUSIVE MOBILIZAÇÃO E DESMOBILIZAÇÃO). AF_12/2019","M",145.7]
[100658,"ESTACA PRÉ-MOLDADA DE CONCRETO CENTRIFUGADO, SEÇÃO CIRCULAR, CAPACIDADE DE 100 TONELADAS, INCLUSO EMENDA (EXCLUSIVE MOBILIZAÇÃO E DESMOBILIZAÇÃO). AF_12/2019","M",338.49]
[100889,"ESTACA METÁLICA PARA FUNDAÇÃO, UTILIZANDO PERFIL LAMINADO HP250X62 (EXCLUSIVE MOBILIZAÇÃO E DESMOBILIZAÇÃO). AF_01/2020","KG",11.91]
[100890,"ESTACA METÁLICA PARA FUNDAÇÃO, UTILIZANDO PERFIL LAMINADO HP310X79 (EXCLUSIVE MOBILIZAÇÃO E DESMOBILIZAÇÃO). AF_01/2020","KG",11.75]
[100892,"ESTACA METÁLICA PARA CONTENÇÃO, UTILIZANDO PERFIL LAMINADO W250X32,7 (EXCLUSIVE MOBILIZAÇÃO E DESMOBILIZAÇÃO). AF_01/2020","KG",12.32]
[100893,"ESTACA METÁLICA PARA CONTENÇÃO, UTILIZANDO PERFIL LAMINADO W250X38,5 (EXCLUSIVE MOBILIZAÇÃO E DESMOBILIZAÇÃO). AF_01/2020","KG",12.16]
[100894,"ESTACA METÁLICA PARA CONTENÇÃO, UTILIZANDO PERFIL LAMINADO W250X44,8 (EXCLUSIVE MOBILIZAÇÃO E DESMOBILIZAÇÃO). AF_01/2020","KG",12.06]
[100896,"ESTACA ESCAVADA MECANICAMENTE, SEM FLUIDO ESTABILIZANTE, COM 25CM DE DIÂMETRO, CONCRETO LANÇADO POR CAMINHÃO BETONEIRA (EXCLUSIVE MOBILIZAÇÃO E DESMOBILIZAÇÃO). AF_01/2020_PA","M",72.65]
[100897,"ESTACA ESCAVADA MECANICAMENTE, SEM FLUIDO ESTABILIZANTE, COM 40CM DE DIÂMETRO, CONCRETO LANÇADO POR CAMINHÃO BETONEIRA (EXCLUSIVE MOBILIZAÇÃO E DESMOBILIZAÇÃO). AF_01/2020_PA","M",149.29]
[100898,"ESTACA ESCAVADA MECANICAMENTE, SEM FLUIDO ESTABILIZANTE, COM 60CM DE DIÂMETRO, CONCRETO LANÇADO POR CAMINHÃO BETONEIRA (EXCLUSIVE MOBILIZAÇÃO E DESMOBILIZAÇÃO). AF_01/2020_PA","M",298.46]
[100899,"ESTACA ESCAVADA MECANICAMENTE, SEM FLUIDO ESTABILIZANTE, COM 25CM DE DIÂMETRO, CONCRETO LANÇADO MANUALMENTE (EXCLUSIVE MOBILIZAÇÃO E DESMOBILIZAÇÃO). AF_01/2020_PA","M",95.02]
[100900,"ESTACA ESCAVADA MECANICAMENTE, SEM FLUIDO ESTABILIZANTE, COM 60CM DE DIÂMETRO, CONCRETO LANÇADO POR BOMBA LANÇA (EXCLUSIVE BOMBEAMENTO, MOBILIZAÇÃO E DESMOBILIZAÇÃO). AF_01/2020_PA","M",344.61]
[101173,"ESTACA BROCA DE CONCRETO, DIÂMETRO DE 20CM, ESCAVAÇÃO MANUAL COM TRADO CONCHA, COM ARMADURA DE ARRANQUE. AF_05/2020","M",64.66]
[101174,"ESTACA BROCA DE CONCRETO, DIÂMETRO DE 25CM, ESCAVAÇÃO MANUAL COM TRADO CONCHA, COM ARMADURA DE ARRANQUE. AF_05/2020","M",90.22]
[101175,"ESTACA BROCA DE CONCRETO, DIÂMETRO DE 30CM, ESCAVAÇÃO MANUAL COM TRADO CONCHA, COM ARMADURA DE ARRANQUE. AF_05/2020","M",123.37]
[101176,"ESTACA BROCA DE CONCRETO, DIÂMETRO DE 30CM, ESCAVAÇÃO MANUAL COM TRADO CONCHA, INTEIRAMENTE ARMADA. AF_05/2020_PA","M",153.04]
[102521,"ARRASAMENTO MECÂNICO DE ESTACA BARRETE DE CONCRETO ARMADO, SEÇÃO DE 0,40 X 2,50 M. AF_05/2021","UN",97.22]
[102522,"ARRASAMENTO MECÂNICO DE ESTACA BARRETE DE CONCRETO ARMADO, SEÇÃO DE 0,60 X 2,50 M. AF_05/2021","UN",142.63]
[102523,"ARRASAMENTO MECÂNICO DE ESTACA BARRETE DE CONCRETO ARMADO, SEÇÃO DE 0,80 X 2,50 M. AF_05/2021","UN",188.05]
[95240,"LASTRO DE CONCRETO MAGRO, APLICADO EM PISOS, LAJES SOBRE SOLO OU RADIERS, ESPESSURA DE 3 CM. AF_01/2024","M2",21.29]
[95241,"LASTRO DE CONCRETO MAGRO, APLICADO EM PISOS, LAJES SOBRE SOLO OU RADIERS, ESPESSURA DE 5 CM. AF_01/2024","M2",41.38]
[96616,"LASTRO DE CONCRETO MAGRO, APLICADO EM BLOCOS DE COROAMENTO OU SAPATAS. AF_01/2024","M3",883.87]
[96617,"LASTRO DE CONCRETO MAGRO, APLICADO EM BLOCOS DE COROAMENTO OU SAPATAS, ESPESSURA DE 3 CM. AF_01/2024","M2",22.02]
[96619,"LASTRO DE CONCRETO MAGRO, APLICADO EM BLOCOS DE COROAMENTO OU SAPATAS, ESPESSURA DE 5 CM. AF_01/2024","M2",44.18]
[96620,"LASTRO DE CONCRETO MAGRO, APLICADO EM PISOS, LAJES SOBRE SOLO OU RADIERS. AF_01/2024","M3",827.87]
[96621,"LASTRO COM MATERIAL GRANULAR, APLICAÇÃO EM BLOCOS DE COROAMENTO, ESPESSURA DE *5 CM*. AF_01/2024","M3",306.85]
[96622,"LASTRO COM MATERIAL GRANULAR, APLICADO EM PISOS OU LAJES SOBRE SOLO, ESPESSURA DE *5 CM*. AF_01/2024","M3",293.34]
[96623,"LASTRO COM MATERIAL GRANULAR, APLICADO EM BLOCOS DE COROAMENTO, ESPESSURA DE *10 CM*. AF_01/2024","M3",263.54]
[96624,"LASTRO COM MATERIAL GRANULAR (PEDRA BRITADA N.2), APLICADO EM PISOS OU LAJES SOBRE SOLO, ESPESSURA DE *10 CM*. AF_01/2024","M3",250.03]
[97082,"ESCAVAÇÃO MANUAL DE VIGA DE BORDA PARA RADIER. AF_09/2021","M3",59]
[97083,"COMPACTAÇÃO MECÂNICA DE SOLO PARA EXECUÇÃO DE RADIER, PISO DE CONCRETO OU LAJE SOBRE SOLO, COM COMPACTADOR DE SOLOS A PERCUSSÃO. AF_09/2021","M2",3.14]
[97084,"COMPACTAÇÃO MECÂNICA DE SOLO PARA EXECUÇÃO DE RADIER, PISO DE CONCRETO OU LAJE SOBRE SOLO, COM COMPACTADOR DE SOLOS TIPO PLACA VIBRATÓRIA. AF_09/2021","M2",0.66]
[97086,"FABRICAÇÃO, MONTAGEM E DESMONTAGEM DE FORMA PARA RADIER, PISO DE CONCRETO OU LAJE SOBRE SOLO, EM MADEIRA SERRADA, 4 UTILIZAÇÕES. AF_09/2021","M2",120.94]
[97087,"CAMADA SEPARADORA PARA EXECUÇÃO DE RADIER, PISO DE CONCRETO OU LAJE SOBRE SOLO, EM LONA PLÁSTICA. AF_09/2021","M2",3.1]
[97088,"ARMAÇÃO PARA EXECUÇÃO DE RADIER, PISO DE CONCRETO OU LAJE SOBRE SOLO, COM USO DE TELA Q-92. AF_09/2021","KG",20.51]
[97089,"ARMAÇÃO PARA EXECUÇÃO DE RADIER, PISO DE CONCRETO OU LAJE SOBRE SOLO, COM USO DE TELA Q-113. AF_09/2021","KG",18.75]
[97090,"ARMAÇÃO PARA EXECUÇÃO DE RADIER, PISO DE CONCRETO OU LAJE SOBRE SOLO, COM USO DE TELA Q-138. AF_09/2021","KG",18.43]
[97091,"ARMAÇÃO PARA EXECUÇÃO DE RADIER, PISO DE CONCRETO OU LAJE SOBRE SOLO, COM USO DE TELA Q-159. AF_09/2021","KG",17.88]
[97092,"ARMAÇÃO PARA EXECUÇÃO DE RADIER, PISO DE CONCRETO OU LAJE SOBRE SOLO, COM USO DE TELA Q-196. AF_09/2021","KG",17.31]
[97093,"ARMAÇÃO PARA EXECUÇÃO DE RADIER, PISO DE CONCRETO OU LAJE SOBRE SOLO, COM USO DE TELA Q-283. AF_09/2021","KG",16.26]
[97096,"CONCRETAGEM DE RADIER, PISO DE CONCRETO OU LAJE SOBRE SOLO, FCK 30 MPA - LANÇAMENTO, ADENSAMENTO E ACABAMENTO. AF_09/2021","M3",855.66]
[97097,"ACABAMENTO POLIDO PARA PISO DE CONCRETO ARMADO OU LAJE SOBRE SOLO DE ALTA RESISTÊNCIA. AF_09/2021","M2",39.68]
[97101,"EXECUÇÃO DE RADIER, ESPESSURA DE 10 CM, FCK = 30 MPA, COM USO DE FORMAS EM MADEIRA SERRADA. AF_09/2021","M2",226.72]
[97102,"EXECUÇÃO DE RADIER, ESPESSURA DE 15 CM, FCK = 30 MPA, COM USO DE FORMAS EM MADEIRA SERRADA. AF_09/2021","M2",285.51]
[97103,"EXECUÇÃO DE RADIER, ESPESSURA DE 20 CM, FCK = 30 MPA, COM USO DE FORMAS EM MADEIRA SERRADA. AF_09/2021","M2",339.74]
[100322,"LASTRO COM MATERIAL GRANULAR (PEDRA BRITADA N.3), APLICADO EM PISOS OU LAJES SOBRE SOLO, ESPESSURA DE *10 CM*. AF_01/2024","M3",238.17]
[100323,"LASTRO COM MATERIAL GRANULAR (AREIA MÉDIA), APLICADO EM PISOS OU LAJES SOBRE SOLO, ESPESSURA DE *10 CM*. AF_01/2024","M3",208.38]
[100324,"LASTRO COM MATERIAL GRANULAR (PEDRA BRITADA N.1 E PEDRA BRITADA N.2), APLICADO EM PISOS OU LAJES SOBRE SOLO, ESPESSURA DE *10 CM*. AF_01/2024","M3",249.5]
[103072,"EXECUÇÃO DE RADIER, ESPESSURA DE 25 CM, FCK = 30 MPA, COM USO DE FORMAS EM MADEIRA SERRADA. AF_09/2021","M2",402.49]
[103073,"EXECUÇÃO DE RADIER, ESPESSURA DE 30 CM, FCK = 30 MPA, COM USO DE FORMAS EM MADEIRA SERRADA. AF_09/2021","M2",485.71]
[103074,"EXECUÇÃO DE PISO DE CONCRETO, SEM ACABAMENTO SUPERFICIAL, ESPESSURA DE 15 CM, FCK = 30 MPA, COM USO DE FORMAS EM MADEIRA SERRADA. AF_09/2021","M2",225.5]
[103075,"EXECUÇÃO DE PISO DE CONCRETO, COM ACABAMENTO SUPERFICIAL, ESPESSURA DE 15 CM, FCK = 30 MPA, COM USO DE FORMAS EM MADEIRA SERRADA. AF_09/2021","M2",265.18]
[103076,"EXECUÇÃO DE LAJE SOBRE SOLO, ESPESSURA DE 10 CM, FCK = 30 MPA, COM USO DE FORMAS EM MADEIRA SERRADA. AF_09/2021","M2",193.97]
[103077,"EXECUÇÃO DE LAJE SOBRE SOLO, ESPESSURA DE 15 CM, FCK = 30 MPA, COM USO DE FORMAS EM MADEIRA SERRADA. AF_09/2021","M2",252.76]
[103078,"EXECUÇÃO DE LAJE SOBRE SOLO, ESPESSURA DE 20 CM, FCK = 30 MPA, COM USO DE FORMAS EM MADEIRA SERRADA. AF_09/2021","M2",306.99]
[103079,"EXECUÇÃO DE LAJE SOBRE SOLO, ESPESSURA DE 25 CM, FCK = 30 MPA, COM USO DE FORMAS EM MADEIRA SERRADA. AF_09/2021","M2",369.74]
[103080,"EXECUÇÃO DE LAJE SOBRE SOLO, ESPESSURA DE 30 CM, FCK = 30 MPA, COM USO DE FORMAS EM MADEIRA SERRADA. AF_09/2021","M2",452.96]
[92263,"FABRICAÇÃO DE FÔRMA PARA PILARES E ESTRUTURAS SIMILARES, EM CHAPA DE MADEIRA COMPENSADA RESINADA, E = 17 MM. AF_09/2020","M2",206.65]
[92264,"FABRICAÇÃO DE FÔRMA PARA PILARES E ESTRUTURAS SIMILARES, EM CHAPA DE MADEIRA COMPENSADA PLASTIFICADA, E = 18 MM. AF_09/2020","M2",273.49]
[92265,"FABRICAÇÃO DE FÔRMA PARA VIGAS, EM CHAPA DE MADEIRA COMPENSADA RESINADA, E = 17 MM. AF_09/2020","M2",149.44]
[92266,"FABRICAÇÃO DE FÔRMA PARA VIGAS, EM CHAPA DE MADEIRA COMPENSADA PLASTIFICADA, E = 18 MM. AF_09/2020","M2",206.77]
[92267,"FABRICAÇÃO DE FÔRMA PARA LAJES, EM CHAPA DE MADEIRA COMPENSADA RESINADA, E = 17 MM. AF_09/2020","M2",76.55]
[92268,"FABRICAÇÃO DE FÔRMA PARA LAJES, EM CHAPA DE MADEIRA COMPENSADA PLASTIFICADA, E = 18 MM. AF_09/2020","M2",129.08]
[92269,"FABRICAÇÃO DE FÔRMA PARA PILARES E ESTRUTURAS SIMILARES, EM MADEIRA SERRADA, E=25 MM. AF_09/2020","M2",168.88]
[92270,"FABRICAÇÃO DE FÔRMA PARA VIGAS, COM MADEIRA SERRADA, E = 25 MM. AF_09/2020","M2",155.36]
[92271,"FABRICAÇÃO DE FÔRMA PARA LAJES, EM MADEIRA SERRADA, E=25 MM. AF_09/2020","M2",92.09]
[92272,"FABRICAÇÃO DE ESCORAS DE VIGA DO TIPO GARFO, EM MADEIRA. AF_09/2020","M",49.16]
[92273,"FABRICAÇÃO DE ESCORAS DO TIPO PONTALETE, EM MADEIRA, PARA PÉ-DIREITO SIMPLES. AF_09/2020","M",19.14]
[92409,"MONTAGEM E DESMONTAGEM DE FÔRMA DE PILARES RETANGULARES E ESTRUTURAS SIMILARES, PÉ-DIREITO SIMPLES, EM MADEIRA SERRADA, 1 UTILIZAÇÃO. AF_09/2020","M2",261.22]
[92411,"MONTAGEM E DESMONTAGEM DE FÔRMA DE PILARES RETANGULARES E ESTRUTURAS SIMILARES, PÉ-DIREITO SIMPLES, EM MADEIRA SERRADA, 2 UTILIZAÇÕES. AF_09/2020","M2",168.11]
[92413,"MONTAGEM E DESMONTAGEM DE FÔRMA DE PILARES RETANGULARES E ESTRUTURAS SIMILARES, PÉ-DIREITO SIMPLES, EM MADEIRA SERRADA, 4 UTILIZAÇÕES. AF_09/2020","M2",107.07]
[92415,"MONTAGEM E DESMONTAGEM DE FÔRMA DE PILARES RETANGULARES E ESTRUTURAS SIMILARES, PÉ-DIREITO SIMPLES, EM CHAPA DE MADEIRA COMPENSADA RESINADA, 2 UTILIZAÇÕES. AF_09/2020","M2",166.84]
[92417,"MONTAGEM E DESMONTAGEM DE FÔRMA DE PILARES RETANGULARES E ESTRUTURAS SIMILARES, PÉ-DIREITO DUPLO, EM CHAPA DE MADEIRA COMPENSADA RESINADA, 2 UTILIZAÇÕES. AF_09/2020","M2",188.08]
[92419,"MONTAGEM E DESMONTAGEM DE FÔRMA DE PILARES RETANGULARES E ESTRUTURAS SIMILARES, PÉ-DIREITO SIMPLES, EM CHAPA DE MADEIRA COMPENSADA RESINADA, 4 UTILIZAÇÕES. AF_09/2020","M2",105.14]
[92421,"MONTAGEM E DESMONTAGEM DE FÔRMA DE PILARES RETANGULARES E ESTRUTURAS SIMILARES, PÉ-DIREITO DUPLO, EM CHAPA DE MADEIRA COMPENSADA RESINADA, 4 UTILIZAÇÕES. AF_09/2020","M2",121.43]
[92423,"MONTAGEM E DESMONTAGEM DE FÔRMA DE PILARES RETANGULARES E ESTRUTURAS SIMILARES, PÉ-DIREITO SIMPLES, EM CHAPA DE MADEIRA COMPENSADA RESINADA, 6 UTILIZAÇÕES. AF_09/2020","M2",86.32]
[92425,"MONTAGEM E DESMONTAGEM DE FÔRMA DE PILARES RETANGULARES E ESTRUTURAS SIMILARES, PÉ-DIREITO DUPLO, EM CHAPA DE MADEIRA COMPENSADA RESINADA, 6 UTILIZAÇÕES. AF_09/2020","M2",100.48]
[92427,"MONTAGEM E DESMONTAGEM DE FÔRMA DE PILARES RETANGULARES E ESTRUTURAS SIMILARES, PÉ-DIREITO SIMPLES, EM CHAPA DE MADEIRA COMPENSADA RESINADA, 8 UTILIZAÇÕES. AF_09/2020","M2",76.79]
[92429,"MONTAGEM E DESMONTAGEM DE FÔRMA DE PILARES RETANGULARES E ESTRUTURAS SIMILARES, PÉ-DIREITO DUPLO, EM CHAPA DE MADEIRA COMPENSADA RESINADA, 8 UTILIZAÇÕES. AF_09/2020","M2",89.9]
[92431,"MONTAGEM E DESMONTAGEM DE FÔRMA DE PILARES RETANGULARES E ESTRUTURAS SIMILARES, PÉ-DIREITO SIMPLES, EM CHAPA DE MADEIRA COMPENSADA PLASTIFICADA, 10 UTILIZAÇÕES. AF_09/2020","M2",73.47]
[92433,"MONTAGEM E DESMONTAGEM DE FÔRMA DE PILARES RETANGULARES E ESTRUTURAS SIMILARES, PÉ-DIREITO DUPLO, EM CHAPA DE MADEIRA COMPENSADA PLASTIFICADA, 10 UTILIZAÇÕES. AF_09/2020","M2",85.93]
[92435,"MONTAGEM E DESMONTAGEM DE FÔRMA DE PILARES RETANGULARES E ESTRUTURAS SIMILARES, PÉ-DIREITO SIMPLES, EM CHAPA DE MADEIRA COMPENSADA PLASTIFICADA, 12 UTILIZAÇÕES. AF_09/2020","M2",69.79]
[92437,"MONTAGEM E DESMONTAGEM DE FÔRMA DE PILARES RETANGULARES E ESTRUTURAS SIMILARES, PÉ-DIREITO DUPLO, EM CHAPA DE MADEIRA COMPENSADA PLASTIFICADA, 12 UTILIZAÇÕES. AF_09/2020","M2",81.83]
[92439,"MONTAGEM E DESMONTAGEM DE FÔRMA DE PILARES RETANGULARES E ESTRUTURAS SIMILARES, PÉ-DIREITO SIMPLES, EM CHAPA DE MADEIRA COMPENSADA PLASTIFICADA, 14 UTILIZAÇÕES. AF_09/2020","M2",67.15]
[92441,"MONTAGEM E DESMONTAGEM DE FÔRMA DE PILARES RETANGULARES E ESTRUTURAS SIMILARES, PÉ-DIREITO DUPLO, EM CHAPA DE MADEIRA COMPENSADA PLASTIFICADA, 14 UTILIZAÇÕES. AF_09/2020","M2",78.88]
[92443,"MONTAGEM E DESMONTAGEM DE FÔRMA DE PILARES RETANGULARES E ESTRUTURAS SIMILARES, PÉ-DIREITO SIMPLES, EM CHAPA DE MADEIRA COMPENSADA PLASTIFICADA, 18 UTILIZAÇÕES. AF_09/2020","M2",61.3]
[92445,"MONTAGEM E DESMONTAGEM DE FÔRMA DE PILARES RETANGULARES E ESTRUTURAS SIMILARES, PÉ-DIREITO DUPLO, EM CHAPA DE MADEIRA COMPENSADA PLASTIFICADA, 18 UTILIZAÇÕES. AF_09/2020","M2",72.62]
[92446,"MONTAGEM E DESMONTAGEM DE FÔRMA DE VIGA, ESCORAMENTO COM PONTALETE DE MADEIRA, PÉ-DIREITO SIMPLES, EM MADEIRA SERRADA, 1 UTILIZAÇÃO. AF_09/2020","M2",279.59]
[92447,"MONTAGEM E DESMONTAGEM DE FÔRMA DE VIGA, ESCORAMENTO COM PONTALETE DE MADEIRA, PÉ-DIREITO SIMPLES, EM MADEIRA SERRADA, 2 UTILIZAÇÕES. AF_09/2020","M2",196.53]
[92448,"MONTAGEM E DESMONTAGEM DE FÔRMA DE VIGA, ESCORAMENTO COM PONTALETE DE MADEIRA, PÉ-DIREITO SIMPLES, EM MADEIRA SERRADA, 4 UTILIZAÇÕES. AF_09/2020","M2",157.26]
[92449,"MONTAGEM E DESMONTAGEM DE FÔRMA DE VIGA, ESCORAMENTO COM GARFO DE MADEIRA, PÉ-DIREITO DUPLO, EM CHAPA DE MADEIRA RESINADA, 2 UTILIZAÇÕES. AF_09/2020","M2",333]
[92450,"MONTAGEM E DESMONTAGEM DE FÔRMA DE VIGA, ESCORAMENTO METÁLICO, PÉ-DIREITO DUPLO, EM CHAPA DE MADEIRA RESINADA, 2 UTILIZAÇÕES. AF_09/2020","M2",396.47]
[92451,"MONTAGEM E DESMONTAGEM DE FÔRMA DE VIGA, ESCORAMENTO COM GARFO DE MADEIRA, PÉ-DIREITO SIMPLES, EM CHAPA DE MADEIRA RESINADA, 2 UTILIZAÇÕES. AF_09/2020","M2",224.43]
[92452,"MONTAGEM E DESMONTAGEM DE FÔRMA DE VIGA, ESCORAMENTO METÁLICO, PÉ-DIREITO SIMPLES, EM CHAPA DE MADEIRA RESINADA, 2 UTILIZAÇÕES. AF_09/2020","M2",219.02]
[92453,"MONTAGEM E DESMONTAGEM DE FÔRMA DE VIGA, ESCORAMENTO COM GARFO DE MADEIRA, PÉ-DIREITO DUPLO, EM CHAPA DE MADEIRA RESINADA, 4 UTILIZAÇÕES. AF_09/2020","M2",285.65]
[92454,"MONTAGEM E DESMONTAGEM DE FÔRMA DE VIGA, ESCORAMENTO METÁLICO, PÉ-DIREITO DUPLO, EM CHAPA DE MADEIRA RESINADA, 4 UTILIZAÇÕES. AF_09/2020","M2",359.61]
[92455,"MONTAGEM E DESMONTAGEM DE FÔRMA DE VIGA, ESCORAMENTO COM GARFO DE MADEIRA, PÉ-DIREITO SIMPLES, EM CHAPA DE MADEIRA RESINADA, 4 UTILIZAÇÕES. AF_09/2020","M2",183.61]
[92456,"MONTAGEM E DESMONTAGEM DE FÔRMA DE VIGA, ESCORAMENTO METÁLICO, PÉ-DIREITO SIMPLES, EM CHAPA DE MADEIRA RESINADA, 4 UTILIZAÇÕES. AF_09/2020","M2",181.05]
[92457,"MONTAGEM E DESMONTAGEM DE FÔRMA DE VIGA, ESCORAMENTO COM GARFO DE MADEIRA, PÉ-DIREITO DUPLO, EM CHAPA DE MADEIRA RESINADA, 6 UTILIZAÇÕES. AF_09/2020","M2",247.27]
[92458,"MONTAGEM E DESMONTAGEM DE FÔRMA DE VIGA, ESCORAMENTO METÁLICO, PÉ-DIREITO DUPLO, EM CHAPA DE MADEIRA RESINADA, 6 UTILIZAÇÕES. AF_09/2020","M2",337.3]
[92459,"MONTAGEM E DESMONTAGEM DE FÔRMA DE VIGA, ESCORAMENTO COM GARFO DE MADEIRA, PÉ-DIREITO SIMPLES, EM CHAPA DE MADEIRA RESINADA, 6 UTILIZAÇÕES. AF_09/2020","M2",155.09]
[92460,"MONTAGEM E DESMONTAGEM DE FÔRMA DE VIGA, ESCORAMENTO METÁLICO, PÉ-DIREITO SIMPLES, EM CHAPA DE MADEIRA RESINADA, 6 UTILIZAÇÕES. AF_09/2020","M2",150.58]
[92461,"MONTAGEM E DESMONTAGEM DE FÔRMA DE VIGA, ESCORAMENTO COM GARFO DE MADEIRA, PÉ-DIREITO DUPLO, EM CHAPA DE MADEIRA RESINADA, 8 UTILIZAÇÕES. AF_09/2020","M2",228.27]
[92462,"MONTAGEM E DESMONTAGEM DE FÔRMA DE VIGA, ESCORAMENTO METÁLICO, PÉ-DIREITO DUPLO, EM CHAPA DE MADEIRA RESINADA, 8 UTILIZAÇÕES. AF_09/2020","M2",323.71]
[92463,"MONTAGEM E DESMONTAGEM DE FÔRMA DE VIGA, ESCORAMENTO COM GARFO DE MADEIRA, PÉ-DIREITO SIMPLES, EM CHAPA DE MADEIRA RESINADA, 8 UTILIZAÇÕES. AF_09/2020","M2",140.46]
[92464,"MONTAGEM E DESMONTAGEM DE FÔRMA DE VIGA, ESCORAMENTO METÁLICO, PÉ-DIREITO SIMPLES, EM CHAPA DE MADEIRA RESINADA, 8 UTILIZAÇÕES. AF_09/2020","M2",144.9]
[92465,"MONTAGEM E DESMONTAGEM DE FÔRMA DE VIGA, ESCORAMENTO COM GARFO DE MADEIRA, PÉ-DIREITO DUPLO, EM CHAPA DE MADEIRA PLASTIFICADA, 10 UTILIZAÇÕES. AF_09/2020","M2",180.46]
[92466,"MONTAGEM E DESMONTAGEM DE FÔRMA DE VIGA, ESCORAMENTO METÁLICO, PÉ-DIREITO DUPLO, EM CHAPA DE MADEIRA PLASTIFICADA, 10 UTILIZAÇÕES. AF_09/2020","M2",318.41]
[92467,"MONTAGEM E DESMONTAGEM DE FÔRMA DE VIGA, ESCORAMENTO COM GARFO DE MADEIRA, PÉ-DIREITO SIMPLES, EM CHAPA DE MADEIRA PLASTIFICADA, 10 UTILIZAÇÕES. AF_09/2020","M2",115.48]
[92468,"MONTAGEM E DESMONTAGEM DE FÔRMA DE VIGA, ESCORAMENTO METÁLICO, PÉ-DIREITO SIMPLES, EM CHAPA DE MADEIRA PLASTIFICADA, 10 UTILIZAÇÕES. AF_09/2020","M2",139.6]
[92469,"MONTAGEM E DESMONTAGEM DE FÔRMA DE VIGA, ESCORAMENTO COM GARFO DE MADEIRA, PÉ-DIREITO DUPLO, EM CHAPA DE MADEIRA PLASTIFICADA, 12 UTILIZAÇÕES. AF_09/2020","M2",163.75]
[92470,"MONTAGEM E DESMONTAGEM DE FÔRMA DE VIGA, ESCORAMENTO METÁLICO, PÉ-DIREITO DUPLO, EM CHAPA DE MADEIRA PLASTIFICADA, 12 UTILIZAÇÕES. AF_09/2020","M2",311.11]
[92471,"MONTAGEM E DESMONTAGEM DE FÔRMA DE VIGA, ESCORAMENTO COM GARFO DE MADEIRA, PÉ-DIREITO SIMPLES, EM CHAPA DE MADEIRA PLASTIFICADA, 12 UTILIZAÇÕES. AF_09/2020","M2",104.91]
[92472,"MONTAGEM E DESMONTAGEM DE FÔRMA DE VIGA, ESCORAMENTO METÁLICO, PÉ-DIREITO SIMPLES, EM CHAPA DE MADEIRA PLASTIFICADA, 12 UTILIZAÇÕES. AF_09/2020","M2",132.98]
[92473,"MONTAGEM E DESMONTAGEM DE FÔRMA DE VIGA, ESCORAMENTO COM GARFO DE MADEIRA, PÉ-DIREITO DUPLO, EM CHAPA DE MADEIRA PLASTIFICADA, 14 UTILIZAÇÕES. AF_09/2020","M2",150.35]
[92474,"MONTAGEM E DESMONTAGEM DE FÔRMA DE VIGA, ESCORAMENTO METÁLICO, PÉ-DIREITO DUPLO, EM CHAPA DE MADEIRA PLASTIFICADA, 14 UTILIZAÇÕES. AF_09/2020","M2",304.92]
[92475,"MONTAGEM E DESMONTAGEM DE FÔRMA DE VIGA, ESCORAMENTO COM GARFO DE MADEIRA, PÉ-DIREITO SIMPLES, EM CHAPA DE MADEIRA PLASTIFICADA, 14 UTILIZAÇÕES. AF_09/2020","M2",96.42]
[92476,"MONTAGEM E DESMONTAGEM DE FÔRMA DE VIGA, ESCORAMENTO METÁLICO, PÉ-DIREITO SIMPLES, EM CHAPA DE MADEIRA PLASTIFICADA, 14 UTILIZAÇÕES. AF_09/2020","M2",127.45]
[92477,"MONTAGEM E DESMONTAGEM DE FÔRMA DE VIGA, ESCORAMENTO COM GARFO DE MADEIRA, PÉ-DIREITO DUPLO, EM CHAPA DE MADEIRA PLASTIFICADA, 18 UTILIZAÇÕES. AF_09/2020","M2",121.31]
[92478,"MONTAGEM E DESMONTAGEM DE FÔRMA DE VIGA, ESCORAMENTO METÁLICO, PÉ-DIREITO DUPLO, EM CHAPA DE MADEIRA PLASTIFICADA, 18 UTILIZAÇÕES. AF_09/2020","M2",292.43]
[92479,"MONTAGEM E DESMONTAGEM DE FÔRMA DE VIGA, ESCORAMENTO COM GARFO DE MADEIRA, PÉ-DIREITO SIMPLES, EM CHAPA DE MADEIRA PLASTIFICADA, 18 UTILIZAÇÕES. AF_09/2020","M2",77.99]
[92480,"MONTAGEM E DESMONTAGEM DE FÔRMA DE VIGA, ESCORAMENTO METÁLICO, PÉ-DIREITO SIMPLES, EM CHAPA DE MADEIRA PLASTIFICADA, 18 UTILIZAÇÕES. AF_09/2020","M2",116.13]
[92482,"MONTAGEM E DESMONTAGEM DE FÔRMA DE LAJE MACIÇA, PÉ-DIREITO SIMPLES, EM MADEIRA SERRADA, 1 UTILIZAÇÃO. AF_09/2020","M2",300.21]
[92484,"MONTAGEM E DESMONTAGEM DE FÔRMA DE LAJE MACIÇA, PÉ-DIREITO SIMPLES, EM MADEIRA SERRADA, 2 UTILIZAÇÕES. AF_09/2020","M2",210.47]
[92486,"MONTAGEM E DESMONTAGEM DE FÔRMA DE LAJE MACIÇA, PÉ-DIREITO SIMPLES, EM MADEIRA SERRADA, 4 UTILIZAÇÕES. AF_09/2020","M2",152.54]
[92488,"MONTAGEM E DESMONTAGEM DE FÔRMA DE LAJE NERVURADA COM CUBETA E ASSOALHO, PÉ-DIREITO DUPLO, EM CHAPA DE MADEIRA COMPENSADA RESINADA, 8 UTILIZAÇÕES. AF_09/2020","M2",126.33]
[92490,"MONTAGEM E DESMONTAGEM DE FÔRMA DE LAJE NERVURADA COM CUBETA E ASSOALHO, PÉ-DIREITO SIMPLES, EM CHAPA DE MADEIRA COMPENSADA RESINADA, 8 UTILIZAÇÕES. AF_09/2020","M2",81.13]
[92492,"MONTAGEM E DESMONTAGEM DE FÔRMA DE LAJE NERVURADA COM CUBETA E ASSOALHO, PÉ-DIREITO DUPLO, EM CHAPA DE MADEIRA COMPENSADA RESINADA, 10 UTILIZAÇÕES. AF_09/2020","M2",120.15]
[92494,"MONTAGEM E DESMONTAGEM DE FÔRMA DE LAJE NERVURADA COM CUBETA E ASSOALHO, PÉ-DIREITO SIMPLES, EM CHAPA DE MADEIRA COMPENSADA RESINADA, 10 UTILIZAÇÕES. AF_09/2020","M2",75.96]
[92496,"MONTAGEM E DESMONTAGEM DE FÔRMA DE LAJE NERVURADA COM CUBETA E ASSOALHO, PÉ-DIREITO DUPLO, EM CHAPA DE MADEIRA COMPENSADA RESINADA, 12 UTILIZAÇÕES. AF_09/2020","M2",115.12]
[92498,"MONTAGEM E DESMONTAGEM DE FÔRMA DE LAJE NERVURADA COM CUBETA E ASSOALHO, PÉ-DIREITO SIMPLES, EM CHAPA DE MADEIRA COMPENSADA RESINADA, 12 UTILIZAÇÕES. AF_09/2020","M2",71.79]
[92500,"MONTAGEM E DESMONTAGEM DE FÔRMA DE LAJE NERVURADA COM CUBETA E ASSOALHO, PÉ-DIREITO DUPLO, EM CHAPA DE MADEIRA COMPENSADA RESINADA, 14 UTILIZAÇÕES. AF_09/2020","M2",111.34]
[92502,"MONTAGEM E DESMONTAGEM DE FÔRMA DE LAJE NERVURADA COM CUBETA E ASSOALHO, PÉ-DIREITO SIMPLES, EM CHAPA DE MADEIRA COMPENSADA RESINADA, 14 UTILIZAÇÕES. AF_09/2020","M2",68.86]
[92504,"MONTAGEM E DESMONTAGEM DE FÔRMA DE LAJE NERVURADA COM CUBETA E ASSOALHO, PÉ-DIREITO DUPLO, EM CHAPA DE MADEIRA COMPENSADA RESINADA, 18 UTILIZAÇÕES. AF_09/2020","M2",104.35]
[92506,"MONTAGEM E DESMONTAGEM DE FÔRMA DE LAJE NERVURADA COM CUBETA E ASSOALHO, PÉ-DIREITO SIMPLES, EM CHAPA DE MADEIRA COMPENSADA RESINADA, 18 UTILIZAÇÕES. AF_09/2020","M2",63.32]
[92508,"MONTAGEM E DESMONTAGEM DE FÔRMA DE LAJE MACIÇA, PÉ-DIREITO DUPLO, EM CHAPA DE MADEIRA COMPENSADA RESINADA, 2 UTILIZAÇÕES. AF_09/2020","M2",128.37]
[92510,"MONTAGEM E DESMONTAGEM DE FÔRMA DE LAJE MACIÇA, PÉ-DIREITO SIMPLES, EM CHAPA DE MADEIRA COMPENSADA RESINADA, 2 UTILIZAÇÕES. AF_09/2020","M2",81.43]
[92512,"MONTAGEM E DESMONTAGEM DE FÔRMA DE LAJE MACIÇA, PÉ-DIREITO DUPLO, EM CHAPA DE MADEIRA COMPENSADA RESINADA, 4 UTILIZAÇÕES. AF_09/2020","M2",107.71]
[92514,"MONTAGEM E DESMONTAGEM DE FÔRMA DE LAJE MACIÇA, PÉ-DIREITO SIMPLES, EM CHAPA DE MADEIRA COMPENSADA RESINADA, 4 UTILIZAÇÕES. AF_09/2020","M2",61.85]
[92515,"MONTAGEM E DESMONTAGEM DE FÔRMA DE LAJE MACIÇA, PÉ-DIREITO DUPLO, EM CHAPA DE MADEIRA COMPENSADA RESINADA, 6 UTILIZAÇÕES. AF_09/2020","M2",97.94]
[92518,"MONTAGEM E DESMONTAGEM DE FÔRMA DE LAJE MACIÇA, PÉ-DIREITO SIMPLES, EM CHAPA DE MADEIRA COMPENSADA RESINADA, 6 UTILIZAÇÕES. AF_09/2020","M2",53.11]
[92520,"MONTAGEM E DESMONTAGEM DE FÔRMA DE LAJE MACIÇA, PÉ-DIREITO DUPLO, EM CHAPA DE MADEIRA COMPENSADA RESINADA, 8 UTILIZAÇÕES. AF_09/2020","M2",91.86]
[92522,"MONTAGEM E DESMONTAGEM DE FÔRMA DE LAJE MACIÇA, PÉ-DIREITO SIMPLES, EM CHAPA DE MADEIRA COMPENSADA RESINADA, 8 UTILIZAÇÕES. AF_09/2020","M2",47.98]
[92524,"MONTAGEM E DESMONTAGEM DE FÔRMA DE LAJE MACIÇA, PÉ-DIREITO DUPLO, EM CHAPA DE MADEIRA COMPENSADA PLASTIFICADA, 10 UTILIZAÇÕES. AF_09/2020","M2",92.37]
[92526,"MONTAGEM E DESMONTAGEM DE FÔRMA DE LAJE MACIÇA, PÉ-DIREITO SIMPLES, EM CHAPA DE MADEIRA COMPENSADA PLASTIFICADA, 10 UTILIZAÇÕES. AF_09/2020","M2",49.38]
[92528,"MONTAGEM E DESMONTAGEM DE FÔRMA DE LAJE MACIÇA, PÉ-DIREITO DUPLO, EM CHAPA DE MADEIRA COMPENSADA PLASTIFICADA, 12 UTILIZAÇÕES. AF_09/2020","M2",88.63]
[92530,"MONTAGEM E DESMONTAGEM DE FÔRMA DE LAJE MACIÇA, PÉ-DIREITO SIMPLES, EM CHAPA DE MADEIRA COMPENSADA PLASTIFICADA, 12 UTILIZAÇÕES. AF_09/2020","M2",46.46]
[92532,"MONTAGEM E DESMONTAGEM DE FÔRMA DE LAJE MACIÇA, PÉ-DIREITO DUPLO, EM CHAPA DE MADEIRA COMPENSADA PLASTIFICADA, 14 UTILIZAÇÕES. AF_09/2020","M2",85.47]
[92534,"MONTAGEM E DESMONTAGEM DE FÔRMA DE LAJE MACIÇA, PÉ-DIREITO SIMPLES, EM CHAPA DE MADEIRA COMPENSADA PLASTIFICADA, 14 UTILIZAÇÕES. AF_09/2020","M2",44.02]
[92536,"MONTAGEM E DESMONTAGEM DE FÔRMA DE LAJE MACIÇA, PÉ-DIREITO DUPLO, EM CHAPA DE MADEIRA COMPENSADA PLASTIFICADA, 18 UTILIZAÇÕES. AF_09/2020","M2",79.21]
[92538,"MONTAGEM E DESMONTAGEM DE FÔRMA DE LAJE MACIÇA, PÉ-DIREITO SIMPLES, EM CHAPA DE MADEIRA COMPENSADA PLASTIFICADA, 18 UTILIZAÇÕES. AF_09/2020","M2",39.07]
[96252,"FABRICAÇÃO DE FÔRMA PARA PILARES CIRCULARES, EM CHAPA DE MADEIRA COMPENSADA RESINADA, PÉ-DIREITO SIMPLES. AF_05/2024","M2",200.81]
[96258,"MONTAGEM E DESMONTAGEM DE FÔRMA DE PILARES CIRCULARES, PÉ-DIREITO SIMPLES, EM MADEIRA, 2 UTILIZAÇÕES. AF_05/2024","M2",163.71]
[96529,"FABRICAÇÃO, MONTAGEM E DESMONTAGEM DE FÔRMA PARA SAPATA, EM MADEIRA SERRADA, E=25 MM, 1 UTILIZAÇÃO. AF_01/2024","M2",279.26]
[96530,"FABRICAÇÃO, MONTAGEM E DESMONTAGEM DE FÔRMA PARA VIGA BALDRAME, EM MADEIRA SERRADA, E=25 MM, 1 UTILIZAÇÃO. AF_01/2024","M2",169.69]
[96531,"FABRICAÇÃO, MONTAGEM E DESMONTAGEM DE FÔRMA PARA BLOCO DE COROAMENTO, EM MADEIRA SERRADA, E=25 MM, 2 UTILIZAÇÕES. AF_01/2024","M2",117.65]
[96532,"FABRICAÇÃO, MONTAGEM E DESMONTAGEM DE FÔRMA PARA SAPATA, EM MADEIRA SERRADA, E=25 MM, 2 UTILIZAÇÕES. AF_01/2024","M2",182.11]
[96533,"FABRICAÇÃO, MONTAGEM E DESMONTAGEM DE FÔRMA PARA VIGA BALDRAME, EM MADEIRA SERRADA, E=25 MM, 2 UTILIZAÇÕES. AF_01/2024","M2",105.44]
[96534,"FABRICAÇÃO, MONTAGEM E DESMONTAGEM DE FÔRMA PARA BLOCO DE COROAMENTO, EM MADEIRA SERRADA, E=25 MM, 4 UTILIZAÇÕES. AF_01/2024","M2",82.24]
[96535,"FABRICAÇÃO, MONTAGEM E DESMONTAGEM DE FÔRMA PARA SAPATA, EM MADEIRA SERRADA, E=25 MM, 4 UTILIZAÇÕES. AF_01/2024","M2",131.58]
[96536,"FABRICAÇÃO, MONTAGEM E DESMONTAGEM DE FÔRMA PARA VIGA BALDRAME, EM MADEIRA SERRADA, E=25 MM, 4 UTILIZAÇÕES. AF_01/2024","M2",71.99]
[96537,"FABRICAÇÃO, MONTAGEM E DESMONTAGEM DE FÔRMA PARA BLOCO DE COROAMENTO, EM CHAPA DE MADEIRA COMPENSADA RESINADA, E=17 MM, 2 UTILIZAÇÕES. AF_01/2024","M2",205.66]
[96538,"FABRICAÇÃO, MONTAGEM E DESMONTAGEM DE FÔRMA PARA SAPATA, EM CHAPA DE MADEIRA COMPENSADA RESINADA, E=17 MM, 2 UTILIZAÇÕES. AF_01/2024","M2",255.84]
[96539,"FABRICAÇÃO, MONTAGEM E DESMONTAGEM DE FÔRMA PARA VIGA BALDRAME, EM CHAPA DE MADEIRA COMPENSADA RESINADA, E=17 MM, 2 UTILIZAÇÕES. AF_01/2024","M2",143.57]
[96540,"FABRICAÇÃO, MONTAGEM E DESMONTAGEM DE FÔRMA PARA BLOCO DE COROAMENTO, EM CHAPA DE MADEIRA COMPENSADA RESINADA, E=17 MM, 4 UTILIZAÇÕES. AF_01/2024","M2",138.31]
[96541,"FABRICAÇÃO, MONTAGEM E DESMONTAGEM DE FÔRMA PARA SAPATA, EM CHAPA DE MADEIRA COMPENSADA RESINADA, E=17 MM, 4 UTILIZAÇÕES. AF_01/2024","M2",181.14]
[96542,"FABRICAÇÃO, MONTAGEM E DESMONTAGEM DE FÔRMA PARA VIGA BALDRAME, EM CHAPA DE MADEIRA COMPENSADA RESINADA, E=17 MM, 4 UTILIZAÇÕES. AF_01/2024","M2",101.07]
[96543,"ARMAÇÃO DE BLOCO UTILIZANDO AÇO CA-60 DE 5 MM - MONTAGEM. AF_01/2024","KG",20.17]
[101791,"FABRICAÇÃO DE ESCORAS DO TIPO PONTALETE, EM MADEIRA, PARA PÉ-DIREITO DUPLO. AF_09/2020","M",35.33]
[101792,"ESCORAMENTO DE FÔRMAS DE LAJE EM MADEIRA NÃO APARELHADA, PÉ-DIREITO SIMPLES, INCLUSO TRAVAMENTO, 4 UTILIZAÇÕES. AF_09/2020","M3",18.13]
[101793,"ESCORAMENTO DE FÔRMAS DE LAJE EM MADEIRA NÃO APARELHADA, PÉ-DIREITO DUPLO, INCLUSO TRAVAMENTO, 4 UTILIZAÇÕES. AF_09/2020","M3",29.76]
[101969,"FABRICAÇÃO DE FÔRMA PARA ESCADAS, COM 2 LANCES EM \"U\" E LAJE PLANA, EM CHAPA DE MADEIRA COMPENSADA PLASTIFICADA, E=18 MM. AF_11/2020","M2",256.28]
[101971,"FABRICAÇÃO DE FÔRMA PARA ESCADAS, COM 2 LANCES EM \"U\" E LAJE PLANA, EM CHAPA DE MADEIRA COMPENSADA RESINADA, E= 17 MM. AF_11/2020","M2",196.35]
[101973,"FABRICAÇÃO DE FÔRMA PARA ESCADAS, COM 2 LANCES EM \"U\" E LAJE PLANA, EM MADEIRA SERRADA, E=25 MM. AF_11/2020","M2",191.8]
[101974,"MONTAGEM E DESMONTAGEM DE FÔRMA PARA ESCADAS, COM 2 LANCES EM \"U\" E LAJE PLANA, EM MADEIRA SERRADA, 1 UTILIZAÇÃO. AF_11/2020","M2",468.14]
[101975,"MONTAGEM E DESMONTAGEM DE FÔRMA PARA ESCADAS, COM 2 LANCES EM \"U\"  E LAJE PLANA, EM MADEIRA SERRADA, 2 UTILIZAÇÕES. AF_11/2020","M2",398.91]
[101977,"MONTAGEM E DESMONTAGEM DE FÔRMA PARA ESCADAS, COM 2 LANCES EM \"U\" E LAJE PLANA, EM CHAPA DE MADEIRA COMPENSADA RESINADA, 2 UTILIZAÇÕES. AF_11/2020","M2",353.02]
[101980,"MONTAGEM E DESMONTAGEM DE FÔRMA PARA ESCADAS, COM 2 LANCES EM \"U\" E LAJE PLANA, EM CHAPA DE MADEIRA COMPENSADA RESINADA, 4 UTILIZAÇÕES. AF_11/2020","M2",338.52]
[101981,"MONTAGEM E DESMONTAGEM DE FÔRMA PARA ESCADAS, COM 2 LANCES EM \"U\" E LAJE PLANA, EM CHAPA DE MADEIRA COMPENSADA PLASTIFICADA, 6 UTILIZAÇÕES. AF_11/2020","M2",295.14]
[101982,"MONTAGEM E DESMONTAGEM DE FÔRMA PARA ESCADAS, COM 2 LANCES EM \"U\" E LAJE PLANA, EM CHAPA DE MADEIRA COMPENSADA PLASTIFICADA, 8 UTILIZAÇÕES. AF_11/2020","M2",261.89]
[101983,"MONTAGEM E DESMONTAGEM DE FÔRMA PARA ESCADAS, COM 2 LANCES EM \"U\" E LAJE PLANA, EM CHAPA DE MADEIRA COMPENSADA PLASTIFICADA, 10 UTILIZAÇÕES. AF_11/2020","M2",240.9]
[101985,"FABRICAÇÃO DE FÔRMA PARA ESCADAS, COM 2 LANCES EM \"U\" E LAJE CASCATA, EM CHAPA DE MADEIRA COMPENSADA PLASTIFICADA, E=18 MM. AF_11/2020","M2",266.85]
[101986,"FABRICAÇÃO DE FÔRMA PARA ESCADAS, COM 2 LANCES EM \"U\" E LAJE CASCATA, EM CHAPA DE MADEIRA COMPENSADA RESINADA, E= 17 MM. AF_11/2020","M2",190.65]
[101987,"FABRICAÇÃO DE FÔRMA PARA ESCADAS, COM 2 LANCES EM \"U\" E LAJE CASCATA, EM MADEIRA SERRADA, E=25 MM. AF_11/2020","M2",219.62]
[101988,"FABRICAÇÃO DE FÔRMA PARA ESCADAS, COM 2 LANCES EM \"L\" E LAJE PLANA, EM CHAPA DE MADEIRA COMPENSADA PLASTIFICADA, E=18 MM. AF_11/2020","M2",263.8]
[101989,"FABRICAÇÃO DE FÔRMA PARA ESCADAS, COM 2 LANCES EM \"L\" E LAJE PLANA, EM CHAPA DE MADEIRA COMPENSADA RESINADA, E= 17 MM. AF_11/2020","M2",204.62]
[101990,"FABRICAÇÃO DE FÔRMA PARA ESCADAS, COM 2 LANCES EM \"L\" E LAJE PLANA, EM MADEIRA SERRADA, E=25 MM. AF_11/2020","M2",206.06]
[101991,"FABRICAÇÃO DE FÔRMA PARA ESCADAS, COM 2 LANCES EM \"L\" E LAJE CASCATA, EM CHAPA DE MADEIRA COMPENSADA PLASTIFICADA, E=18 MM. AF_11/2020","M2",264.64]
[101992,"FABRICAÇÃO DE FÔRMA PARA ESCADAS, COM 2 LANCES EM \"L\" E LAJE CASCATA, EM CHAPA DE MADEIRA COMPENSADA RESINADA, E= 17 MM. AF_11/2020","M2",191.8]
[101993,"FABRICAÇÃO DE FÔRMA PARA ESCADAS, COM 2 LANCES EM \"L\" E LAJE CASCATA, EM MADEIRA SERRADA, E=25 MM. AF_11/2020","M2",256.05]
[101994,"FABRICAÇÃO DE FÔRMA PARA ESCADAS, COM 1 LANCE E LAJE PLANA, EM CHAPA DE MADEIRA COMPENSADA PLASTIFICADA, E=18 MM. AF_11/2020","M2",282.26]
[101995,"FABRICAÇÃO DE FÔRMA PARA ESCADAS, COM 1 LANCE E LAJE PLANA, EM CHAPA DE MADEIRA COMPENSADA RESINADA, E= 17 MM. AF_11/2020","M2",215.82]
[101996,"FABRICAÇÃO DE FÔRMA PARA ESCADAS, COM 1 LANCE E LAJE PLANA, EM MADEIRA SERRADA, E=25 MM. AF_11/2020","M2",220.71]
[101997,"FABRICAÇÃO DE FÔRMA PARA ESCADAS, COM 1 LANCE E LAJE CASCATA, EM CHAPA DE MADEIRA COMPENSADA PLASTIFICADA, E=18 MM. AF_11/2020","M2",264.5]
[101998,"FABRICAÇÃO DE FÔRMA PARA ESCADAS, COM 1 LANCE E LAJE CASCATA, EM CHAPA DE MADEIRA COMPENSADA RESINADA, E= 17 MM. AF_11/2020","M2",190]
[101999,"FABRICAÇÃO DE FÔRMA PARA ESCADAS, COM 1 LANCE E LAJE CASCATA, EM MADEIRA SERRADA, E=25 MM. AF_11/2020","M2",273.54]
[102000,"MONTAGEM E DESMONTAGEM DE FÔRMA PARA ESCADAS, COM 2 LANCES EM \"U\" E LAJE CASCATA, EM MADEIRA SERRADA, 1 UTILIZAÇÃO. AF_11/2020","M2",461.77]
[102001,"MONTAGEM E DESMONTAGEM DE FÔRMA PARA ESCADAS, COM 2 LANCES EM \"U\" E LAJE CASCATA, EM MADEIRA SERRADA, 2 UTILIZAÇÕES. AF_11/2020","M2",397.34]
[102002,"MONTAGEM E DESMONTAGEM DE FÔRMA PARA ESCADAS, COM 2 LANCES EM \"U\" E LAJE CASCATA, EM CHAPA DE MADEIRA COMPENSADA RESINADA, 2 UTILIZAÇÕES. AF_11/2020","M2",337.79]
[102003,"MONTAGEM E DESMONTAGEM DE FÔRMA PARA ESCADAS, COM 2 LANCES EM \"U\" E LAJE CASCATA, EM CHAPA DE MADEIRA COMPENSADA RESINADA, 4 UTILIZAÇÕES. AF_11/2020","M2",321.09]
[102004,"MONTAGEM E DESMONTAGEM DE FÔRMA PARA ESCADAS, COM 2 LANCES EM \"U\" E LAJE CASCATA, EM CHAPA DE MADEIRA COMPENSADA PLASTIFICADA, 6 UTILIZAÇÕES. AF_11/2020","M2",286.47]
[102005,"MONTAGEM E DESMONTAGEM DE FÔRMA PARA ESCADAS, COM 2 LANCES EM \"U\" E LAJE CASCATA, EM CHAPA DE MADEIRA COMPENSADA PLASTIFICADA, 8 UTILIZAÇÕES. AF_11/2020","M2",252.05]
[102006,"MONTAGEM E DESMONTAGEM DE FÔRMA PARA ESCADAS, COM 2 LANCES EM \"U\" E LAJE CASCATA, EM CHAPA DE MADEIRA COMPENSADA PLASTIFICADA, 10 UTILIZAÇÕES. AF_11/2020","M2",230.33]
[102007,"MONTAGEM E DESMONTAGEM DE FÔRMA PARA ESCADAS, COM 2 LANCES EM \"L\" E LAJE PLANA, EM MADEIRA SERRADA, 1 UTILIZAÇÃO. AF_11/2020","M2",458.31]
[102008,"MONTAGEM E DESMONTAGEM DE FÔRMA PARA ESCADAS, COM 2 LANCES EM \"L\" E LAJE PLANA, EM MADEIRA SERRADA, 2 UTILIZAÇÕES. AF_11/2020","M2",383.72]
[102009,"MONTAGEM E DESMONTAGEM DE FÔRMA PARA ESCADAS, COM 2 LANCES EM \"L\" E LAJE PLANA, EM CHAPA DE MADEIRA COMPENSADA RESINADA, 2 UTILIZAÇÕES. AF_11/2020","M2",352.34]
[102010,"MONTAGEM E DESMONTAGEM DE FÔRMA PARA ESCADAS, COM 2 LANCES EM \"L\" E LAJE PLANA, EM CHAPA DE MADEIRA COMPENSADA RESINADA, 4 UTILIZAÇÕES. AF_11/2020","M2",333.85]
[102011,"MONTAGEM E DESMONTAGEM DE FÔRMA PARA ESCADAS, COM 2 LANCES EM \"L\" E LAJE PLANA, EM CHAPA DE MADEIRA COMPENSADA PLASTIFICADA, 6 UTILIZAÇÕES. AF_11/2020","M2",288.11]
[102012,"MONTAGEM E DESMONTAGEM DE FÔRMA PARA ESCADAS, COM 2 LANCES EM \"L\" E LAJE PLANA, EM CHAPA DE MADEIRA COMPENSADA PLASTIFICADA, 8 UTILIZAÇÕES. AF_11/2020","M2",254.03]
[102013,"MONTAGEM E DESMONTAGEM DE FÔRMA PARA ESCADAS, COM 2 LANCES EM \"L\" E LAJE PLANA, EM CHAPA DE MADEIRA COMPENSADA PLASTIFICADA, 10 UTILIZAÇÕES. AF_11/2020","M2",235.15]
[102014,"MONTAGEM E DESMONTAGEM DE FÔRMA PARA ESCADAS, COM 2 LANCES EM \"L\" E LAJE CASCATA, EM MADEIRA SERRADA, 1 UTILIZAÇÃO. AF_11/2020","M2",497.67]
[102015,"MONTAGEM E DESMONTAGEM DE FÔRMA PARA ESCADAS, COM 2 LANCES EM \"L\" E LAJE CASCATA, EM MADEIRA SERRADA, 2 UTILIZAÇÕES. AF_11/2020","M2",417.42]
[102016,"MONTAGEM E DESMONTAGEM DE FÔRMA PARA ESCADAS, COM 2 LANCES EM \"L\" E LAJE CASCATA, EM CHAPA DE MADEIRA COMPENSADA RESINADA, 2 UTILIZAÇÕES. AF_11/2020","M2",332.78]
[102017,"MONTAGEM E DESMONTAGEM DE FÔRMA PARA ESCADAS, COM 2 LANCES EM \"L\" E LAJE CASCATA, EM CHAPA DE MADEIRA COMPENSADA RESINADA, 4 UTILIZAÇÕES. AF_11/2020","M2",313.15]
[102036,"MONTAGEM E DESMONTAGEM DE FÔRMA PARA ESCADAS, COM 2 LANCES EM \"L\" E LAJE CASCATA, EM CHAPA DE MADEIRA COMPENSADA PLASTIFICADA, 6 UTILIZAÇÕES. AF_11/2020","M2",276.63]
[102037,"MONTAGEM E DESMONTAGEM DE FÔRMA PARA ESCADAS, COM 2 LANCES EM \"L\" E LAJE CASCATA, EM CHAPA DE MADEIRA COMPENSADA PLASTIFICADA, 8 UTILIZAÇÕES. AF_11/2020","M2",242.46]
[102038,"MONTAGEM E DESMONTAGEM DE FÔRMA PARA ESCADAS, COM 2 LANCES EM \"L\" E LAJE CASCATA, EM CHAPA DE MADEIRA COMPENSADA PLASTIFICADA, 10 UTILIZAÇÕES. AF_11/2020","M2",223.53]
[102039,"MONTAGEM E DESMONTAGEM DE FÔRMA PARA ESCADAS, COM 1 LANCE E LAJE PLANA, EM MADEIRA SERRADA, 1 UTILIZAÇÃO. AF_11/2020","M2",477.33]
[102040,"MONTAGEM E DESMONTAGEM DE FÔRMA PARA ESCADAS, COM 1 LANCE E LAJE PLANA, EM MADEIRA SERRADA, 2 UTILIZAÇÕES. AF_11/2020","M2",398.45]
[102041,"MONTAGEM E DESMONTAGEM DE FÔRMA PARA ESCADAS, COM 1 LANCE E LAJE PLANA, EM CHAPA DE MADEIRA COMPENSADA RESINADA, 2 UTILIZAÇÕES. AF_11/2020","M2",354.12]
[102042,"MONTAGEM E DESMONTAGEM DE FÔRMA PARA ESCADAS, COM 1 LANCE E LAJE PLANA, EM CHAPA DE MADEIRA COMPENSADA RESINADA, 4 UTILIZAÇÕES. AF_11/2020","M2",331.46]
[102043,"MONTAGEM E DESMONTAGEM DE FÔRMA PARA ESCADAS, COM 1 LANCE E LAJE PLANA, EM CHAPA DE MADEIRA COMPENSADA PLASTIFICADA, 6 UTILIZAÇÕES. AF_11/2020","M2",286.77]
[102044,"MONTAGEM E DESMONTAGEM DE FÔRMA PARA ESCADAS, COM 1 LANCE E LAJE PLANA, EM CHAPA DE MADEIRA COMPENSADA PLASTIFICADA, 8 UTILIZAÇÕES. AF_11/2020","M2",253.48]
[102045,"MONTAGEM E DESMONTAGEM DE FÔRMA PARA ESCADAS, COM 1 LANCE E LAJE PLANA, EM CHAPA DE MADEIRA COMPENSADA PLASTIFICADA, 10 UTILIZAÇÕES. AF_11/2020","M2",233.5]
[102046,"MONTAGEM E DESMONTAGEM DE FÔRMA PARA ESCADAS, COM 1 LANCE E LAJE CASCATA, EM MADEIRA SERRADA, 1 UTILIZAÇÃO. AF_11/2020","M2",502.67]
[102047,"MONTAGEM E DESMONTAGEM DE FÔRMA PARA ESCADAS, COM 1 LANCE E LAJE CASCATA, EM MADEIRA SERRADA, 2 UTILIZAÇÕES. AF_11/2020","M2",428.36]
[102048,"MONTAGEM E DESMONTAGEM DE FÔRMA PARA ESCADAS, COM 1 LANCE E LAJE CASCATA, EM CHAPA DE MADEIRA COMPENSADA RESINADA, 2 UTILIZAÇÕES. AF_11/2020","M2",321.54]
[102049,"MONTAGEM E DESMONTAGEM DE FÔRMA PARA ESCADAS, COM 1 LANCE E LAJE CASCATA, EM CHAPA DE MADEIRA COMPENSADA RESINADA, 4 UTILIZAÇÕES. AF_11/2020","M2",296.56]
[102050,"MONTAGEM E DESMONTAGEM DE FÔRMA PARA ESCADAS, COM 1 LANCE E LAJE CASCATA, EM CHAPA DE MADEIRA COMPENSADA PLASTIFICADA, 6 UTILIZAÇÕES. AF_11/2020","M2",262.75]
[102051,"MONTAGEM E DESMONTAGEM DE FÔRMA PARA ESCADAS, COM 1 LANCE E LAJE CASCATA, EM CHAPA DE MADEIRA COMPENSADA PLASTIFICADA, 8 UTILIZAÇÕES. AF_11/2020","M2",228.6]
[102052,"MONTAGEM E DESMONTAGEM DE FÔRMA PARA ESCADAS, COM 1 LANCE E LAJE CASCATA, EM CHAPA DE MADEIRA COMPENSADA PLASTIFICADA, 10 UTILIZAÇÕES. AF_11/2020","M2",209.68]
[102059,"MONTAGEM E DESMONTAGEM DE FÔRMA PARA ESCADA DUPLA COM 2 LANCES EM \"X\" E LAJE PLANA, EM MADEIRA SERRADA, 1 UTILIZAÇÃO. AF_11/2020","M2",447.42]
[102060,"MONTAGEM E DESMONTAGEM DE FÔRMA PARA ESCADA DUPLA COM 2 LANCES EM \"X\" E LAJE PLANA, EM MADEIRA SERRADA, 2 UTILIZAÇÕES. AF_11/2020","M2",376.79]
[102061,"MONTAGEM E DESMONTAGEM DE FÔRMA PARA ESCADA DUPLA COM 2 LANCES EM \"X\" E LAJE PLANA, EM CHAPA DE MADEIRA COMPENSADA RESINADA, 2 UTILIZAÇÕES. AF_11/2020","M2",333.95]
[102062,"MONTAGEM E DESMONTAGEM DE FÔRMA PARA ESCADA DUPLA COM 2 LANCES EM \"X\" E LAJE PLANA, EM CHAPA DE MADEIRA COMPENSADA RESINADA, 4 UTILIZAÇÕES. AF_11/2020","M2",320.36]
[102063,"MONTAGEM E DESMONTAGEM DE FÔRMA PARA ESCADA DUPLA COM 2 LANCES EM \"X\" E LAJE PLANA, EM CHAPA DE MADEIRA COMPENSADA PLASTIFICADA, 6 UTILIZAÇÕES. AF_11/2020","M2",276.82]
[102064,"MONTAGEM E DESMONTAGEM DE FÔRMA PARA ESCADA DUPLA COM 2 LANCES EM \"X\" E LAJE PLANA, EM CHAPA DE MADEIRA COMPENSADA PLASTIFICADA, 8 UTILIZAÇÕES. AF_11/2020","M2",242.88]
[102065,"MONTAGEM E DESMONTAGEM DE FÔRMA PARA ESCADA DUPLA COM 2 LANCES EM \"X\" E LAJE PLANA, EM CHAPA DE MADEIRA COMPENSADA PLASTIFICADA, 10 UTILIZAÇÕES. AF_11/2020","M2",224.14]
[102066,"MONTAGEM E DESMONTAGEM DE FÔRMA PARA ESCADA DUPLA COM 2 LANCES EM \"X\" E LAJE CASCATA, EM MADEIRA SERRADA, 1 UTILIZAÇÃO. AF_11/2020","M2",453.15]
[102067,"MONTAGEM E DESMONTAGEM DE FÔRMA PARA ESCADA DUPLA COM 2 LANCES EM \"X\" E LAJE CASCATA, EM MADEIRA SERRADA, 2 UTILIZAÇÕES. AF_11/2020","M2",388.01]
[102068,"MONTAGEM E DESMONTAGEM DE FÔRMA PARA ESCADA DUPLA COM 2 LANCES EM \"X\" E LAJE CASCATA, EM CHAPA DE MADEIRA COMPENSADA RESINADA, 2 UTILIZAÇÕES. AF_11/2020","M2",302.08]
[102069,"MONTAGEM E DESMONTAGEM DE FÔRMA PARA ESCADA DUPLA COM 2 LANCES EM \"X\" E LAJE CASCATA, EM CHAPA DE MADEIRA COMPENSADA RESINADA, 4 UTILIZAÇÕES. AF_11/2020","M2",287.39]
[102070,"MONTAGEM E DESMONTAGEM DE FÔRMA PARA ESCADA DUPLA COM 2 LANCES EM \"X\" E LAJE CASCATA, EM CHAPA DE MADEIRA COMPENSADA PLASTIFICADA, 6 UTILIZAÇÕES. AF_11/2020","M2",254.86]
[102071,"MONTAGEM E DESMONTAGEM DE FÔRMA PARA ESCADA DUPLA COM 2 LANCES EM \"X\" E LAJE CASCATA, EM CHAPA DE MADEIRA COMPENSADA PLASTIFICADA, 8 UTILIZAÇÕES. AF_11/2020","M2",222.9]
[102072,"MONTAGEM E DESMONTAGEM DE FÔRMA PARA ESCADA DUPLA COM 2 LANCES EM \"X\" E LAJE CASCATA, EM CHAPA DE MADEIRA COMPENSADA PLASTIFICADA, 10 UTILIZAÇÕES. AF_11/2020","M2",212.05]
[102073,"ESCADA EM CONCRETO ARMADO MOLDADO IN LOCO, FCK 25 MPA, COM 1 LANCE E LAJE PLANA, FÔRMA EM CHAPA DE MADEIRA COMPENSADA RESINADA. AF_11/2020_PA","M3",{"v":4350.32,"d":"4,350.32"}]
[102074,"ESCADA EM CONCRETO ARMADO MOLDADO IN LOCO, FCK 25 MPA, COM 2 LANCES EM  U  E LAJE PLANA, FÔRMA EM CHAPA DE MADEIRA COMPENSADA RESINADA. AF_11/2020_PA","M3",{"v":5142.42,"d":"5,142.42"}]
[102075,"ESCADA EM CONCRETO ARMADO MOLDADO IN LOCO, FCK 25 MPA, COM 2 LANCES EM  L  E LAJE PLANA, FÔRMA EM CHAPA DE MADEIRA COMPENSADA RESINADA. AF_11/2020_PA","M3",{"v":5286.96,"d":"5,286.96"}]
[102076,"ESCADA EM CONCRETO ARMADO MOLDADO IN LOCO, FCK 25 MPA, COM 2 LANCES EM  X  E LAJE PLANA, FÔRMA EM CHAPA DE MADEIRA COMPENSADA RESINADA. AF_11/2020_PA","M3",{"v":5482.78,"d":"5,482.78"}]
[102077,"ESCADA EM CONCRETO ARMADO MOLDADO IN LOCO, FCK 25 MPA, COM 1 LANCE E LAJE CASCATA, FÔRMA EM CHAPA DE MADEIRA COMPENSADA RESINADA. AF_11/2020_PA","M3",{"v":5795.75,"d":"5,795.75"}]
[102078,"ESCADA EM CONCRETO ARMADO MOLDADO IN LOCO, FCK 25 MPA, COM 2 LANCES EM  U  E LAJE CASCATA, FÔRMA EM CHAPA DE MADEIRA COMPENSADA RESINADA. AF_11/2020_PA","M3",{"v":6032.96,"d":"6,032.96"}]
[102079,"ESCADA EM CONCRETO ARMADO MOLDADO IN LOCO, FCK 25 MPA, COM 2 LANCES EM  L  E LAJE CASCATA, FÔRMA EM CHAPA DE MADEIRA COMPENSADA RESINADA. AF_11/2020_PA","M3",{"v":5726.23,"d":"5,726.23"}]
[102080,"ESCADA EM CONCRETO ARMADO MOLDADO IN LOCO, FCK 25 MPA, COM 2 LANCES EM  X  E LAJE CASCATA, FÔRMA EM CHAPA DE MADEIRA COMPENSADA RESINADA. AF_11/2020_PA","M3",{"v":5040.44,"d":"5,040.44"}]
[102086,"FABRICAÇÃO DE FÔRMA PARA ESCADA DUPLA COM 2 LANCES EM \"X\" E LAJE PLANA, EM CHAPA DE MADEIRA COMPENSADA PLASTIFICADA, E=18 MM. AF_11/2020","M2",269.9]
[102087,"FABRICAÇÃO DE FÔRMA PARA ESCADA DUPLA COM 2 LANCES EM \"X\" E LAJE PLANA, EM CHAPA DE MADEIRA COMPENSADA RESINADA, E= 17 MM. AF_11/2020","M2",207.76]
[102088,"FABRICAÇÃO DE FÔRMA PARA ESCADA DUPLA COM 2 LANCES EM X E LAJE PLANA, EM MADEIRA SERRADA, E=25 MM. AF_11/2020","M2",206.28]
[102089,"FABRICAÇÃO DE FÔRMA PARA ESCADA DUPLA COM 2 LANCES EM \"X\" E LAJE CASCATA, EM CHAPA DE MADEIRA COMPENSADA PLASTIFICADA, E=18 MM. AF_11/2020","M2",251.86]
[102090,"FABRICAÇÃO DE FÔRMA PARA ESCADA DUPLA COM 2 LANCES EM \"X\" E LAJE CASCATA, EM CHAPA DE MADEIRA COMPENSADA RESINADA, E= 17 MM. AF_11/2020","M2",181.37]
[102091,"FABRICAÇÃO DE FÔRMA PARA ESCADA DUPLA COM 2 LANCES EM X E LAJE CASCATA, EM MADEIRA SERRADA, E=25 MM. AF_11/2020","M2",233.29]
[103760,"MONTAGEM E DESMONTAGEM DE FÔRMA DE LAJE MACIÇA, PÉ-DIREITO SIMPLES, EM CHAPA DE MADEIRA COMPENSADA RESINADA E CIMBRAMENTO DE MADEIRA, 2 UTILIZAÇÕES. AF_03/2022","M2",125.76]
[103761,"MONTAGEM E DESMONTAGEM DE FÔRMA DE LAJE MACIÇA, PÉ-DIREITO SIMPLES, EM CHAPA DE MADEIRA COMPENSADA RESINADA E CIMBRAMENTO DE MADEIRA, 4 UTILIZAÇÕES. AF_03/2022","M2",86.07]
[103762,"MONTAGEM E DESMONTAGEM DE FÔRMA DE LAJE MACIÇA, PÉ-DIREITO SIMPLES, EM CHAPA DE MADEIRA COMPENSADA RESINADA E CIMBRAMENTO DE MADEIRA, 6 UTILIZAÇÕES. AF_03/2022","M2",72.49]
[103763,"MONTAGEM E DESMONTAGEM DE FÔRMA DE LAJE MACIÇA, PÉ-DIREITO SIMPLES, EM CHAPA DE MADEIRA COMPENSADA RESINADA E CIMBRAMENTO DE MADEIRA, 8 UTILIZAÇÕES. AF_03/2022","M2",63.73]
[104925,"FABRICAÇÃO, MONTAGEM E DESMONTAGEM DE FÔRMA PARA SAPATA CORRIDA, EM MADEIRA SERRADA, E=25 MM, 1 UTILIZAÇÃO. AF_01/2024","M2",191.43]
[104926,"FABRICAÇÃO, MONTAGEM E DESMONTAGEM DE FÔRMA PARA SAPATA CORRIDA, EM MADEIRA SERRADA, E=25 MM, 2 UTILIZAÇÕES. AF_01/2024","M2",117.07]
[104927,"FABRICAÇÃO, MONTAGEM E DESMONTAGEM DE FÔRMA PARA SAPATA CORRIDA, EM MADEIRA SERRADA, E=25 MM, 4 UTILIZAÇÕES. AF_01/2024","M2",78.42]
[104928,"FABRICAÇÃO, MONTAGEM E DESMONTAGEM DE FÔRMA PARA SAPATA CORRIDA, EM CHAPA DE MADEIRA COMPENSADA RESINADA, E=17 MM, 2 UTILIZAÇÕES. AF_01/2024","M2",162.22]
[104929,"FABRICAÇÃO, MONTAGEM E DESMONTAGEM DE FÔRMA PARA SAPATA CORRIDA, EM CHAPA DE MADEIRA COMPENSADA RESINADA, E=17 MM, 4 UTILIZAÇÕES. AF_01/2024","M2",96.9]
[105403,"FABRICAÇÃO DE FÔRMA PARA PILARES CIRCULARES, EM CHAPA DE MADEIRA COMPENSADA RESINADA, PÉ-DIREITO DUPLO. AF_05/2024","M2",245.6]
[105406,"MONTAGEM E DESMONTAGEM DE FÔRMA DE PILARES CIRCULARES, PÉ-DIREITO DUPLO, EM MADEIRA, 2 UTILIZAÇÕES. AF_05/2024","M2",227.33]
[89996,"ARMAÇÃO VERTICAL DE ALVENARIA ESTRUTURAL; DIÂMETRO DE 10,0 MM. AF_09/2021","KG",11.55]
[89997,"ARMAÇÃO VERTICAL DE ALVENARIA ESTRUTURAL; DIÂMETRO DE 12,5 MM. AF_09/2021","KG",9.45]
[89998,"ARMAÇÃO DE CINTA DE ALVENARIA ESTRUTURAL; DIÂMETRO DE 10,0 MM. AF_09/2021","KG",11.03]
[89999,"ARMAÇÃO DE VERGA E CONTRAVERGA DE ALVENARIA ESTRUTURAL; DIÂMETRO DE 8,0 MM. AF_09/2021","KG",16.77]
[90000,"ARMAÇÃO DE VERGA E CONTRAVERGA DE ALVENARIA ESTRUTURAL; DIÂMETRO DE 10,0 MM. AF_09/2021","KG",13.66]
[91593,"ARMAÇÃO DO SISTEMA DE PAREDES DE CONCRETO, EXECUTADA EM PAREDES DE EDIFICAÇÕES MULTIFAMILIARES, TELA Q-138. AF_12/2024_PS","KG",13.58]
[91594,"ARMAÇÃO DO SISTEMA DE PAREDES DE CONCRETO, EXECUTADA EM PAREDES DE EDIFICAÇÕES UNIFAMILIARES OU MULTIFAMILIARES, TELA Q-92. AF_12/2024_PS","KG",13.6]
[91595,"ARMAÇÃO DO SISTEMA DE PAREDES DE CONCRETO, EXECUTADA EM PAREDES DE EDIFICAÇÕES UNIFAMILIARES, TELA Q-61. AF_12/2024_PS","KG",13.79]
[91596,"ARMAÇÃO DO SISTEMA DE PAREDES DE CONCRETO, EXECUTADA COMO ARMADURA POSITIVA DE LAJES, TELA Q-138. AF_12/2024","KG",13.56]
[91597,"ARMAÇÃO DO SISTEMA DE PAREDES DE CONCRETO, EXECUTADA COMO ARMADURA NEGATIVA DE LAJES, TELA T-196. AF_12/2024","KG",9.9]
[91598,"ARMAÇÃO DO SISTEMA DE PAREDES DE CONCRETO, EXECUTADA COMO ARMADURA POSITIVA DE LAJES, TELA Q-113. AF_12/2024","KG",13.09]
[91599,"ARMAÇÃO DO SISTEMA DE PAREDES DE CONCRETO, EXECUTADA COMO ARMADURA NEGATIVA DE LAJES, TELA L-159. AF_12/2024","KG",10.26]
[91600,"ARMAÇÃO DO SISTEMA DE PAREDES DE CONCRETO, EXECUTADA EM PLATIBANDAS, TELA Q-92. AF_12/2024_PS","KG",14.68]
[91601,"ARMAÇÃO DO SISTEMA DE PAREDES DE CONCRETO, EXECUTADA COMO REFORÇO, VERGALHÃO DE 6,3 MM DE DIÂMETRO. AF_12/2024","KG",13.26]
[91602,"ARMAÇÃO DO SISTEMA DE PAREDES DE CONCRETO, EXECUTADA COMO REFORÇO, VERGALHÃO DE 8,0 MM DE DIÂMETRO. AF_12/2024","KG",12.47]
[91603,"ARMAÇÃO DO SISTEMA DE PAREDES DE CONCRETO, EXECUTADA COMO REFORÇO, VERGALHÃO DE 10,0 MM DE DIÂMETRO. AF_12/2024","KG",11.23]
[92759,"ARMAÇÃO DE PILAR OU VIGA DE ESTRUTURA CONVENCIONAL DE CONCRETO ARMADO UTILIZANDO AÇO CA-60 DE 5,0 MM - MONTAGEM. AF_06/2022","KG",14.78]
[92760,"ARMAÇÃO DE PILAR OU VIGA DE ESTRUTURA CONVENCIONAL DE CONCRETO ARMADO UTILIZANDO AÇO CA-50 DE 6,3 MM - MONTAGEM. AF_06/2022","KG",14.19]
[92761,"ARMAÇÃO DE PILAR OU VIGA DE ESTRUTURA CONVENCIONAL DE CONCRETO ARMADO UTILIZANDO AÇO CA-50 DE 8,0 MM - MONTAGEM. AF_06/2022","KG",13.5]
[92762,"ARMAÇÃO DE PILAR OU VIGA DE ESTRUTURA CONVENCIONAL DE CONCRETO ARMADO UTILIZANDO AÇO CA-50 DE 10,0 MM - MONTAGEM. AF_06/2022","KG",12.14]
[92763,"ARMAÇÃO DE PILAR OU VIGA DE ESTRUTURA CONVENCIONAL DE CONCRETO ARMADO UTILIZANDO AÇO CA-50 DE 12,5 MM - MONTAGEM. AF_06/2022","KG",10.25]
[92764,"ARMAÇÃO DE PILAR OU VIGA DE ESTRUTURA CONVENCIONAL DE CONCRETO ARMADO UTILIZANDO AÇO CA-50 DE 16,0 MM - MONTAGEM. AF_06/2022","KG",9.95]
[92765,"ARMAÇÃO DE PILAR OU VIGA DE ESTRUTURA CONVENCIONAL DE CONCRETO ARMADO UTILIZANDO AÇO CA-50 DE 20,0 MM - MONTAGEM. AF_06/2022","KG",11.4]
[92766,"ARMAÇÃO DE PILAR OU VIGA DE ESTRUTURA CONVENCIONAL DE CONCRETO ARMADO UTILIZANDO AÇO CA-50 DE 25,0 MM - MONTAGEM. AF_06/2022","KG",11.29]
[92767,"ARMAÇÃO DE LAJE DE ESTRUTURA CONVENCIONAL DE CONCRETO ARMADO UTILIZANDO AÇO CA-60 DE 4,2 MM - MONTAGEM. AF_06/2022","KG",16.09]
[92768,"ARMAÇÃO DE LAJE DE ESTRUTURA CONVENCIONAL DE CONCRETO ARMADO UTILIZANDO AÇO CA-60 DE 5,0 MM - MONTAGEM. AF_06/2022","KG",14.31]
[92769,"ARMAÇÃO DE LAJE DE ESTRUTURA CONVENCIONAL DE CONCRETO ARMADO UTILIZANDO AÇO CA-50 DE 6,3 MM - MONTAGEM. AF_06/2022","KG",13.72]
[92770,"ARMAÇÃO DE LAJE DE ESTRUTURA CONVENCIONAL DE CONCRETO ARMADO UTILIZANDO AÇO CA-50 DE 8,0 MM - MONTAGEM. AF_06/2022","KG",13.05]
[92771,"ARMAÇÃO DE LAJE DE ESTRUTURA CONVENCIONAL DE CONCRETO ARMADO UTILIZANDO AÇO CA-50 DE 10,0 MM - MONTAGEM. AF_06/2022","KG",11.72]
[92772,"ARMAÇÃO DE LAJE DE ESTRUTURA CONVENCIONAL DE CONCRETO ARMADO UTILIZANDO AÇO CA-50 DE 12,5 MM - MONTAGEM. AF_06/2022","KG",9.86]
[92773,"ARMAÇÃO DE LAJE DE ESTRUTURA CONVENCIONAL DE CONCRETO ARMADO UTILIZANDO AÇO CA-50 DE 16,0 MM - MONTAGEM. AF_06/2022","KG",9.7]
[92774,"ARMAÇÃO DE LAJE DE ESTRUTURA CONVENCIONAL DE CONCRETO ARMADO UTILIZANDO AÇO CA-50 DE 20,0 MM - MONTAGEM. AF_06/2022","KG",11.25]
[92798,"CORTE E DOBRA DE AÇO CA-50, DIÂMETRO DE 25,0 MM. AF_06/2022","KG",10.39]
[92799,"CORTE E DOBRA DE AÇO CA-60, DIÂMETRO DE 4,2 MM. AF_06/2022","KG",11.9]
[92800,"CORTE E DOBRA DE AÇO CA-60, DIÂMETRO DE 5,0 MM. AF_06/2022","KG",10.89]
[92801,"CORTE E DOBRA DE AÇO CA-50, DIÂMETRO DE 6,3 MM. AF_06/2022","KG",11.16]
[92802,"CORTE E DOBRA DE AÇO CA-50, DIÂMETRO DE 8,0 MM. AF_06/2022","KG",11.18]
[92803,"CORTE E DOBRA DE AÇO CA-50, DIÂMETRO DE 10,0 MM. AF_06/2022","KG",10.36]
[92804,"CORTE E DOBRA DE AÇO CA-50, DIÂMETRO DE 12,5 MM. AF_06/2022","KG",8.88]
[92805,"CORTE E DOBRA DE AÇO CA-50, DIÂMETRO DE 16,0 MM. AF_06/2022","KG",8.81]
[92806,"CORTE E DOBRA DE AÇO CA-50, DIÂMETRO DE 20,0 MM. AF_06/2022","KG",10.4]
[92875,"CORTE E DOBRA DE AÇO CA-25, DIÂMETRO DE 6,3 MM. AF_06/2022","KG",10.53]
[92876,"CORTE E DOBRA DE AÇO CA-25, DIÂMETRO DE 8,0 MM. AF_06/2022","KG",10.32]
[92877,"CORTE E DOBRA DE AÇO CA-25, DIÂMETRO DE 10,0 MM. AF_06/2022","KG",11.2]
[92878,"CORTE E DOBRA DE AÇO CA-25, DIÂMETRO DE 12,5 MM. AF_06/2022","KG",11.05]
[92879,"CORTE E DOBRA DE AÇO CA-25, DIÂMETRO DE 16,0 MM. AF_06/2022","KG",10.95]
[92880,"CORTE E DOBRA DE AÇO CA-25, DIÂMETRO DE 20,0 MM. AF_06/2022","KG",11.21]
[92881,"CORTE E DOBRA DE AÇO CA-25, DIÂMETRO DE 25,0 MM. AF_06/2022","KG",11.18]
[92882,"ARMAÇÃO UTILIZANDO AÇO CA-25 DE 6,3 MM - MONTAGEM. AF_06/2022","KG",14.02]
[92883,"ARMAÇÃO UTILIZANDO AÇO CA-25 DE 8,0 MM - MONTAGEM. AF_06/2022","KG",13.06]
[92884,"ARMAÇÃO UTILIZANDO AÇO CA-25 DE 10,0 MM - MONTAGEM. AF_06/2022","KG",13.38]
[92885,"ARMAÇÃO UTILIZANDO AÇO CA-25 DE 12,5 MM - MONTAGEM. AF_06/2022","KG",12.79]
[92886,"ARMAÇÃO UTILIZANDO AÇO CA-25 DE 16,0 MM - MONTAGEM. AF_06/2022","KG",12.29]
[92887,"ARMAÇÃO UTILIZANDO AÇO CA-25 DE 20,0 MM - MONTAGEM. AF_06/2022","KG",12.27]
[92888,"ARMAÇÃO UTILIZANDO AÇO CA-25 DE 25,0 MM - MONTAGEM. AF_06/2022","KG",12.01]
[92915,"ARMAÇÃO DE ESTRUTURAS DIVERSAS DE CONCRETO ARMADO, EXCETO VIGAS, PILARES, LAJES E FUNDAÇÕES, UTILIZANDO AÇO CA-60 DE 5,0 MM - MONTAGEM. AF_06/2022","KG",17.27]
[92916,"ARMAÇÃO DE ESTRUTURAS DIVERSAS DE CONCRETO ARMADO, EXCETO VIGAS, PILARES, LAJES E FUNDAÇÕES, UTILIZANDO AÇO CA-50 DE 6,3 MM - MONTAGEM. AF_06/2022","KG",16.04]
[92917,"ARMAÇÃO DE ESTRUTURAS DIVERSAS DE CONCRETO ARMADO, EXCETO VIGAS, PILARES, LAJES E FUNDAÇÕES, UTILIZANDO AÇO CA-50 DE 8,0 MM - MONTAGEM. AF_06/2022","KG",14.81]
[92919,"ARMAÇÃO DE ESTRUTURAS DIVERSAS DE CONCRETO ARMADO, EXCETO VIGAS, PILARES, LAJES E FUNDAÇÕES, UTILIZANDO AÇO CA-50 DE 10,0 MM - MONTAGEM. AF_06/2022","KG",13.06]
[92921,"ARMAÇÃO DE ESTRUTURAS DIVERSAS DE CONCRETO ARMADO, EXCETO VIGAS, PILARES, LAJES E FUNDAÇÕES, UTILIZANDO AÇO CA-50 DE 12,5 MM - MONTAGEM. AF_06/2022","KG",10.84]
[92922,"ARMAÇÃO DE ESTRUTURAS DIVERSAS DE CONCRETO ARMADO, EXCETO VIGAS, PILARES, LAJES E FUNDAÇÕES, UTILIZANDO AÇO CA-50 DE 16,0 MM - MONTAGEM. AF_06/2022","KG",10.41]
[92923,"ARMAÇÃO DE ESTRUTURAS DIVERSAS DE CONCRETO ARMADO, EXCETO VIGAS, PILARES, LAJES E FUNDAÇÕES, UTILIZANDO AÇO CA-50 DE 20,0 MM - MONTAGEM. AF_06/2022","KG",11.75]
[92924,"ARMAÇÃO DE ESTRUTURAS DIVERSAS DE CONCRETO ARMADO, EXCETO VIGAS, PILARES, LAJES E FUNDAÇÕES, UTILIZANDO AÇO CA-50 DE 25,0 MM - MONTAGEM. AF_06/2022","KG",11.56]
[95448,"CORTE E DOBRA DE AÇO CA-50, DIÂMETRO DE 32 MM. AF_06/2022","KG",11.41]
[95576,"MONTAGEM DE ARMADURA DE ESTACAS, DIÂMETRO = 8,0 MM. AF_09/2021_PS","KG",13.68]
[95577,"MONTAGEM DE ARMADURA DE ESTACAS, DIÂMETRO = 10,0 MM. AF_09/2021_PS","KG",11.81]
[95578,"MONTAGEM DE ARMADURA DE ESTACAS, DIÂMETRO = 12,5 MM. AF_09/2021_PS","KG",9.89]
[95579,"MONTAGEM DE ARMADURA DE ESTACAS, DIÂMETRO = 16,0 MM. AF_09/2021_PS","KG",9.59]
[95580,"MONTAGEM DE ARMADURA DE ESTACAS, DIÂMETRO = 20,0 MM. AF_09/2021_PS","KG",11.1]
[95581,"MONTAGEM DE ARMADURA DE ESTACAS, DIÂMETRO = 25,0 MM. AF_09/2021_PS","KG",11.06]
[95582,"MONTAGEM DE ARMADURA DE ESTACAS, DIÂMETRO = 32,0 MM. AF_09/2021_PS","KG",12.06]
[95583,"MONTAGEM DE ARMADURA TRANSVERSAL DE ESTACAS DE SEÇÃO CIRCULAR, DIÂMETRO = 5,0 MM. AF_09/2021_PS","KG",16.48]
[95584,"MONTAGEM DE ARMADURA TRANSVERSAL DE ESTACAS DE SEÇÃO CIRCULAR, DIÂMETRO = 6,30 MM. AF_09/2021_PS","KG",14.89]
[95592,"MONTAGEM DE ARMADURA TRANVERSAL DE ESTACAS DE SEÇÃO RETANGULAR, DIÂMETRO = 5,0 MM. AF_09/2021_PS","KG",16.48]
[95593,"MONTAGEM DE ARMADURA TRANSVERSAL DE ESTACAS DE SEÇÃO RETANGULAR, DIÂMETRO = 6,30 MM. AF_09/2021_PS","KG",14.89]
[95943,"ARMAÇÃO DE ESCADA, DE UMA ESTRUTURA CONVENCIONAL DE CONCRETO ARMADO UTILIZANDO AÇO CA-60 DE 5,0 MM - MONTAGEM. AF_11/2020","KG",22.19]
[95944,"ARMAÇÃO DE ESCADA, DE UMA ESTRUTURA CONVENCIONAL DE CONCRETO ARMADO UTILIZANDO AÇO CA-50 DE 6,3 MM - MONTAGEM. AF_11/2020","KG",20.44]
[95945,"ARMAÇÃO DE ESCADA, DE UMA ESTRUTURA CONVENCIONAL DE CONCRETO ARMADO UTILIZANDO AÇO CA-50 DE 8,0 MM - MONTAGEM. AF_11/2020","KG",16.9]
[95946,"ARMAÇÃO DE ESCADA, DE UMA ESTRUTURA CONVENCIONAL DE CONCRETO ARMADO UTILIZANDO AÇO CA-50 DE 10,0 MM - MONTAGEM. AF_11/2020","KG",13.7]
[95947,"ARMAÇÃO DE ESCADA, DE UMA ESTRUTURA CONVENCIONAL DE CONCRETO ARMADO UTILIZANDO AÇO CA-50 DE 12,5 MM - MONTAGEM. AF_11/2020","KG",10.7]
[95948,"ARMAÇÃO DE ESCADA, DE UMA ESTRUTURA CONVENCIONAL DE CONCRETO ARMADO UTILIZANDO AÇO CA-50 DE 16,0 MM - MONTAGEM. AF_11/2020","KG",9.58]
[96544,"ARMAÇÃO DE BLOCO UTILIZANDO AÇO CA-50 DE 6,3 MM - MONTAGEM. AF_01/2024","KG",18.47]
[96545,"ARMAÇÃO DE BLOCO UTILIZANDO AÇO CA-50 DE 8 MM - MONTAGEM. AF_01/2024","KG",16.89]
[96546,"ARMAÇÃO DE BLOCO UTILIZANDO AÇO CA-50 DE 10 MM - MONTAGEM. AF_01/2024","KG",14.89]
[100064,"ARMAÇÃO DO SISTEMA DE PAREDES DE CONCRETO, EXECUTADA COMO ARMADURA POSITIVA DE LAJES, TELA Q-159. AF_12/2024","KG",13.49]
[100066,"ARMAÇÃO DO SISTEMA DE PAREDES DE CONCRETO, EXECUTADA COMO ARMADURA POSITIVA DE LAJES, TELA Q-196. AF_12/2024","KG",13.56]
[100067,"ARMAÇÃO DO SISTEMA DE PAREDES DE CONCRETO, EXECUTADA COMO REFORÇO, VERGALHÃO DE 5,0 MM DE DIÂMETRO. AF_12/2024","KG",12.74]
[100068,"ARMAÇÃO DO SISTEMA DE PAREDES DE CONCRETO, EXECUTADA COMO REFORÇO, VERGALHÃO DE 12,5 MM DE DIÂMETRO. AF_12/2024","KG",9.67]
[102920,"ARMAÇÃO DE CINTA DE ALVENARIA ESTRUTURAL; DIÂMETRO DE 12,5 MM. AF_09/2021","KG",9.12]
[102921,"ARMAÇÃO VERTICAL DE ALVENARIA ESTRUTURAL; DIÂMETRO DE 16,0 MM. AF_09/2021","KG",8.84]
[102922,"ARMAÇÃO DE VERGA E CONTRAVERGA DE ALVENARIA ESTRUTURAL; DIÂMETRO DE 16,0 MM. AF_09/2021","KG",9.67]
[102923,"ARMAÇÃO DE CINTA DE ALVENARIA ESTRUTURAL; DIÂMETRO DE 16,0 MM. AF_09/2021","KG",8.64]
[103088,"ARMAÇÃO DE VERGA E CONTRAVERGA DE ALVENARIA ESTRUTURAL; DIÂMETRO DE 12,5 MM. AF_09/2021","KG",10.8]
[104104,"ARMAÇÃO DE ESTRUTURAS DIVERSAS DE CONCRETO ARMADO, EXCETO VIGAS, PILARES, LAJES E FUNDAÇÕES, UTILIZANDO AÇO CA-50 DE 32,0 MM - MONTAGEM. AF_06/2022","KG",12.21]
[104105,"ARMAÇÃO DE PILAR OU VIGA DE ESTRUTURA CONVENCIONAL DE CONCRETO ARMADO UTILIZANDO AÇO CA-50 DE 32,0 MM. AF_06/2022","KG",12.22]
[104106,"ARMAÇÃO DE PILAR OU VIGA DE ESTRUTURA DE CONCRETO ARMADO EMBUTIDA EM ALVENARIA DE VEDAÇÃO UTILIZANDO AÇO CA-50 DE 16,0 MM - MONTAGEM. AF_06/2022","KG",11.01]
[104107,"ARMAÇÃO DE PILAR OU VIGA DE ESTRUTURA DE CONCRETO ARMADO EMBUTIDA EM ALVENARIA DE VEDAÇÃO UTILIZANDO AÇO CA-50 DE 12,5 MM - MONTAGEM. AF_06/2022","KG",11.65]
[104108,"ARMAÇÃO DE PILAR OU VIGA DE ESTRUTURA DE CONCRETO ARMADO EMBUTIDA EM ALVENARIA DE VEDAÇÃO UTILIZANDO AÇO CA-50 DE 10,0 MM - MONTAGEM. AF_06/2022","KG",13.77]
[104109,"ARMAÇÃO DE PILAR OU VIGA DE ESTRUTURA DE CONCRETO ARMADO EMBUTIDA EM ALVENARIA DE VEDAÇÃO UTILIZANDO AÇO CA-50 DE 8,0 MM - MONTAGEM. AF_06/2022","KG",16.57]
[104110,"ARMAÇÃO DE PILAR OU VIGA DE ESTRUTURA DE CONCRETO ARMADO EMBUTIDA EM ALVENARIA DE VEDAÇÃO UTILIZANDO AÇO CA-50 DE 6,3 MM - MONTAGEM. AF_06/2022","KG",18.52]
[104111,"ARMAÇÃO DE PILAR OU VIGA DE ESTRUTURA DE CONCRETO ARMADO EMBUTIDA EM ALVENARIA DE VEDAÇÃO UTILIZANDO AÇO CA-60 DE 5,0 MM - MONTAGEM. AF_06/2022","KG",20.63]
[104915,"ARMAÇÃO DE BLOCO E SAPATA UTILIZANDO AÇO CA-50 DE 25 MM - MONTAGEM. AF_01/2024","KG",11.35]
[104917,"ARMAÇÃO DE SAPATA ISOLADA, VIGA BALDRAME E SAPATA CORRIDA UTILIZANDO AÇO CA-50 DE 6,3 MM - MONTAGEM. AF_01/2024","KG",16.24]
[104918,"ARMAÇÃO DE SAPATA ISOLADA, VIGA BALDRAME E SAPATA CORRIDA UTILIZANDO AÇO CA-50 DE 8 MM - MONTAGEM. AF_01/2024","KG",15.26]
[104919,"ARMAÇÃO DE SAPATA ISOLADA, VIGA BALDRAME E SAPATA CORRIDA UTILIZANDO AÇO CA-50 DE 10 MM - MONTAGEM. AF_01/2024","KG",13.7]
[104920,"ARMAÇÃO DE BLOCO, SAPATA ISOLADA, VIGA BALDRAME E SAPATA CORRIDA UTILIZANDO AÇO CA-50 DE 12,5 MM - MONTAGEM. AF_01/2024","KG",11.64]
[104921,"ARMAÇÃO DE BLOCO, SAPATA ISOLADA, VIGA BALDRAME E SAPATA CORRIDA UTILIZANDO AÇO CA-50 DE 16 MM - MONTAGEM. AF_01/2024","KG",11.05]
[104922,"ARMAÇÃO DE BLOCO, SAPATA ISOLADA E SAPATA CORRIDA UTILIZANDO AÇO CA-50 DE 20 MM - MONTAGEM. AF_01/2024","KG",12.3]
[105814,"ARMAÇÃO DO SISTEMA DE PAREDES DE CONCRETO, EXECUTADA EM PAREDES DE EDIFICAÇÕES MULTIFAMILIARES, TELA Q-283. AF_12/2024_PS","KG",13.36]
[89993,"GRAUTEAMENTO VERTICAL EM ALVENARIA ESTRUTURAL. AF_09/2021","M3",{"v":1155.48,"d":"1,155.48"}]
[89994,"GRAUTEAMENTO DE CINTA INTERMEDIÁRIA OU DE CONTRAVERGA EM ALVENARIA ESTRUTURAL. AF_09/2021","M3",{"v":1020.34,"d":"1,020.34"}]
[89995,"GRAUTEAMENTO DE CINTA SUPERIOR OU DE VERGA EM ALVENARIA ESTRUTURAL. AF_09/2021","M3",{"v":1120.91,"d":"1,120.91"}]
[90278,"GRAUTE FGK=15 MPA; TRAÇO 1:0,04:2,2:2,5 (EM MASSA SECA DE CIMENTO/CAL/AREIA GROSSA/BRITA 0) - PREPARO MECÂNICO COM BETONEIRA 400 L. AF_09/2021","M3",628.23]
[90279,"GRAUTE FGK=20 MPA; TRAÇO 1:0,04:1,8:2,1 (EM MASSA SECA DE CIMENTO/ CAL/ AREIA GROSSA/ BRITA 0) - PREPARO MECÂNICO COM BETONEIRA 400 L. AF_09/2021","M3",690.37]
[90280,"GRAUTE FGK=25 MPA; TRAÇO 1:0,02:1,3:1,6 (EM MASSA SECA DE CIMENTO/ CAL/ AREIA GROSSA/ BRITA 0) - PREPARO MECÂNICO COM BETONEIRA 400 L. AF_09/2021","M3",766.5]
[90281,"GRAUTE FGK=30 MPA; TRAÇO 1:0,02:0,9:1,2 (EM MASSA SECA DE CIMENTO/ CAL/ AREIA GROSSA/ BRITA 0) - PREPARO MECÂNICO COM BETONEIRA 400 L. AF_09/2021","M3",891.14]
[90282,"GRAUTE FGK=15 MPA; TRAÇO 1:2,2:2,5:0,3 (EM MASSA SECA DE CIMENTO/ AREIA GROSSA/ BRITA 0/ ADITIVO) - PREPARO MECÂNICO COM BETONEIRA 400 L. AF_09/2021","M3",619.29]
[90283,"GRAUTE FGK=20 MPA; TRAÇO 1:1,8:2,1:0,4 (EM MASSA SECA DE CIMENTO/ AREIA GROSSA/ BRITA 0/ ADITIVO) - PREPARO MECÂNICO COM BETONEIRA 400 L. AF_09/2021","M3",681.98]
[90284,"GRAUTE FGK=25 MPA; TRAÇO 1:1,3:1,6:0,4 (EM MASSA SECA DE CIMENTO/ AREIA GROSSA/ BRITA 0/ ADITIVO) - PREPARO MECÂNICO COM BETONEIRA 400 L. AF_09/2021","M3",762.1]
[90285,"GRAUTE FGK=30 MPA; TRAÇO 1:0,9:1,2:0,6 (EM MASSA SECA DE CIMENTO/ AREIA GROSSA/ BRITA 0/ ADITIVO) - PREPARO MECÂNICO COM BETONEIRA 400 L. AF_09/2021","M3",893.6]
[94962,"CONCRETO MAGRO PARA LASTRO, TRAÇO 1:4,5:4,5 (EM MASSA SECA DE CIMENTO/ AREIA MÉDIA/ BRITA 1) - PREPARO MECÂNICO COM BETONEIRA 400 L. AF_05/2021","M3",480.22]
[94963,"CONCRETO FCK = 15MPA, TRAÇO 1:3,4:3,5 (EM MASSA SECA DE CIMENTO/ AREIA MÉDIA/ BRITA 1) - PREPARO MECÂNICO COM BETONEIRA 400 L. AF_05/2021","M3",534.32]
[94964,"CONCRETO FCK = 20MPA, TRAÇO 1:2,7:3 (EM MASSA SECA DE CIMENTO/ AREIA MÉDIA/ BRITA 1) - PREPARO MECÂNICO COM BETONEIRA 400 L. AF_05/2021","M3",583.21]
[94965,"CONCRETO FCK = 25MPA, TRAÇO 1:2,3:2,7 (EM MASSA SECA DE CIMENTO/ AREIA MÉDIA/ BRITA 1) - PREPARO MECÂNICO COM BETONEIRA 400 L. AF_05/2021","M3",609.8]
[94966,"CONCRETO FCK = 30MPA, TRAÇO 1:2,1:2,5 (EM MASSA SECA DE CIMENTO/ AREIA MÉDIA/ BRITA 1) - PREPARO MECÂNICO COM BETONEIRA 400 L. AF_05/2021","M3",631.18]
[94967,"CONCRETO FCK = 40MPA, TRAÇO 1:1,6:1,9 (EM MASSA SECA DE CIMENTO/ AREIA MÉDIA/ BRITA 1) - PREPARO MECÂNICO COM BETONEIRA 400 L. AF_05/2021","M3",719.16]
[94968,"CONCRETO MAGRO PARA LASTRO, TRAÇO 1:4,5:4,5 (EM MASSA SECA DE CIMENTO/ AREIA MÉDIA/ BRITA 1) - PREPARO MECÂNICO COM BETONEIRA 600 L. AF_05/2021","M3",478.49]
[94969,"CONCRETO FCK = 15MPA, TRAÇO 1:3,4:3,5 (EM MASSA SECA DE CIMENTO/ AREIA MÉDIA/ BRITA 1) - PREPARO MECÂNICO COM BETONEIRA 600 L. AF_05/2021","M3",529.32]
[94970,"CONCRETO FCK = 20MPA, TRAÇO 1:2,7:3 (EM MASSA SECA DE CIMENTO/ AREIA MÉDIA/ BRITA 1) - PREPARO MECÂNICO COM BETONEIRA 600 L. AF_05/2021","M3",572.79]
[94971,"CONCRETO FCK = 25MPA, TRAÇO 1:2,3:2,7 (EM MASSA SECA DE CIMENTO/ AREIA MÉDIA/ BRITA 1) - PREPARO MECÂNICO COM BETONEIRA 600 L. AF_05/2021","M3",605.23]
[94972,"CONCRETO FCK = 30MPA, TRAÇO 1:2,1:2,5 (EM MASSA SECA DE CIMENTO/ AREIA MÉDIA/ BRITA 1) - PREPARO MECÂNICO COM BETONEIRA 600 L. AF_05/2021","M3",626.55]
[94973,"CONCRETO FCK = 40MPA, TRAÇO 1:1,6:1,9 (EM MASSA SECA DE CIMENTO/ AREIA MÉDIA/ BRITA 1) - PREPARO MECÂNICO COM BETONEIRA 600 L. AF_05/2021","M3",713.2]
[94974,"CONCRETO MAGRO PARA LASTRO, TRAÇO 1:4,5:4,5 (EM MASSA SECA DE CIMENTO/ AREIA MÉDIA/ BRITA 1) - PREPARO MANUAL. AF_05/2021","M3",542.5]
[94975,"CONCRETO FCK = 15MPA, TRAÇO 1:3,4:3,5 (EM MASSA SECA DE CIMENTO/ AREIA MÉDIA/ BRITA 1) - PREPARO MANUAL. AF_05/2021","M3",590.45]
[96555,"CONCRETAGEM DE BLOCO DE COROAMENTO OU VIGA BALDRAME, FCK 30 MPA, COM USO DE JERICA - LANÇAMENTO, ADENSAMENTO E ACABAMENTO. AF_01/2024","M3",848.52]
[96556,"CONCRETAGEM DE SAPATA, FCK 30 MPA, COM USO DE JERICA - LANÇAMENTO, ADENSAMENTO E ACABAMENTO. AF_01/2024","M3",993.91]
[96557,"CONCRETAGEM DE BLOCO DE COROAMENTO OU VIGA BALDRAME, FCK 30 MPA, COM USO DE BOMBA - LANÇAMENTO, ADENSAMENTO E ACABAMENTO. AF_01/2024","M3",989.76]
[96558,"CONCRETAGEM DE SAPATA, FCK 30 MPA, COM USO DE BOMBA - LANÇAMENTO, ADENSAMENTO E ACABAMENTO. AF_01/2024","M3",{"v":1027.78,"d":"1,027.78"}]
[99235,"CONCRETAGEM DE EDIFICAÇÕES (PAREDES E LAJES) FEITAS COM SISTEMA DE FÔRMAS MANUSEÁVEIS, COM CONCRETO USINADO AUTOADENSÁVEL FCK 25 MPA - LANÇAMENTO E ACABAMENTO. AF_09/2024","M3",902.49]
[99431,"CONCRETAGEM DE LAJES EM EDIFICAÇÕES UNIFAMILIARES FEITAS COM SISTEMA DE FÔRMAS MANUSEÁVEIS, COM CONCRETO USINADO BOMBEÁVEL FCK 25 MPA - LANÇAMENTO, ADENSAMENTO E ACABAMENTO. AF_09/2024","M3",{"v":1002.68,"d":"1,002.68"}]
[99432,"CONCRETAGEM DE PAREDES EM EDIFICAÇÕES UNIFAMILIARES FEITAS COM SISTEMA DE FÔRMAS MANUSEÁVEIS, COM CONCRETO USINADO BOMBEÁVEL FCK 25 MPA - LANÇAMENTO, ADENSAMENTO E ACABAMENTO. AF_09/2024","M3",980.63]
[99433,"CONCRETAGEM DE PLATIBANDA EM EDIFICAÇÕES UNIFAMILIARES FEITAS COM SISTEMA DE FÔRMAS MANUSEÁVEIS, COM CONCRETO USINADO BOMBEÁVEL FCK 25 MPA - LANÇAMENTO, ADENSAMENTO E ACABAMENTO. AF_09/2024","M3",{"v":1056.84,"d":"1,056.84"}]
[99434,"CONCRETAGEM DE LAJES EM EDIFICAÇÕES MULTIFAMILIARES FEITAS COM SISTEMA DE FÔRMAS MANUSEÁVEIS, COM CONCRETO USINADO BOMBEÁVEL FCK 25 MPA - LANÇAMENTO, ADENSAMENTO E ACABAMENTO. AF_09/2024","M3",{"v":1006.03,"d":"1,006.03"}]
[99435,"CONCRETAGEM DE PAREDES EM EDIFICAÇÕES MULTIFAMILIARES FEITAS COM SISTEMA DE FÔRMAS MANUSEÁVEIS, COM CONCRETO USINADO BOMBEÁVEL FCK 25 MPA - LANÇAMENTO, ADENSAMENTO E ACABAMENTO. AF_09/2024","M3",983.04]
[99436,"CONCRETAGEM DE PLATIBANDA EM EDIFICAÇÕES MULTIFAMILIARES FEITAS COM SISTEMA DE FÔRMAS MANUSEÁVEIS, COM CONCRETO USINADO BOMBEÁVEL FCK 25 MPA - LANÇAMENTO, ADENSAMENTO E ACABAMENTO. AF_09/2024","M3",{"v":1075.96,"d":"1,075.96"}]
[99437,"CONCRETAGEM DE PLATIBANDA EM EDIFICAÇÕES UNIFAMILIARES FEITAS COM SISTEMA DE FÔRMAS MANUSEÁVEIS, COM CONCRETO USINADO AUTOADENSÁVEL FCK 25 MPA - LANÇAMENTO E ACABAMENTO. AF_09/2024","M3",957.84]
[99438,"CONCRETAGEM DE PLATIBANDA EM EDIFICAÇÕES MULTIFAMILIARES FEITAS COM SISTEMA DE FÔRMAS MANUSEÁVEIS, COM CONCRETO USINADO AUTOADENSÁVEL FCK 25 MPA - LANÇAMENTO E ACABAMENTO. AF_09/2024","M3",964.14]
[99439,"CONCRETAGEM DE EDIFICAÇÕES (PAREDES E LAJES) FEITAS COM SISTEMA DE FÔRMAS MANUSEÁVEIS, COM CONCRETO USINADO BOMBEÁVEL FCK 25 MPA - LANÇAMENTO, ADENSAMENTO E ACABAMENTO. AF_09/2024","M3",989.6]
[102473,"CONCRETO MAGRO PARA LASTRO, TRAÇO 1:4,5:4,5 (EM MASSA SECA DE CIMENTO/ AREIA MÉDIA/ SEIXO ROLADO) - PREPARO MECÂNICO COM BETONEIRA 400 L. AF_05/2021","M3",715.49]
[102474,"CONCRETO FCK = 15MPA, TRAÇO 1:3,4:3,4 (EM MASSA SECA DE CIMENTO/ AREIA MÉDIA/ SEIXO ROLADO) - PREPARO MECÂNICO COM BETONEIRA 400 L. AF_05/2021","M3",763.68]
[102475,"CONCRETO FCK = 20MPA, TRAÇO 1:2,6:2,9 (EM MASSA SECA DE CIMENTO/ AREIA MÉDIA/ SEIXO ROLADO) - PREPARO MECÂNICO COM BETONEIRA 400 L. AF_05/2021","M3",819.73]
[102476,"CONCRETO FCK = 25MPA, TRAÇO 1:2,2:2,5 (EM MASSA SECA DE CIMENTO/ AREIA MÉDIA/ SEIXO ROLADO) - PREPARO MECÂNICO COM BETONEIRA 400 L. AF_05/2021","M3",846.57]
[102477,"CONCRETO FCK = 30MPA, TRAÇO 1:1,9:2,3 (EM MASSA SECA DE CIMENTO/ AREIA MÉDIA/ SEIXO ROLADO) - PREPARO MECÂNICO COM BETONEIRA 400 L. AF_05/2021","M3",889.77]
[102478,"CONCRETO FCK = 40MPA, TRAÇO 1:1,4:1,8 (EM MASSA SECA DE CIMENTO/ AREIA MÉDIA/ SEIXO ROLADO) - PREPARO MECÂNICO COM BETONEIRA 400 L. AF_05/2021","M3",956.13]
[102479,"CONCRETO MAGRO PARA LASTRO, TRAÇO 1:4,5:4,5 (EM MASSA SECA DE CIMENTO/ AREIA MÉDIA/ SEIXO ROLADO) - PREPARO MECÂNICO COM BETONEIRA 600 L. AF_05/2021","M3",714.97]
[102480,"CONCRETO FCK = 15MPA, TRAÇO 1:3,4:3,4 (EM MASSA SECA DE CIMENTO/ AREIA MÉDIA/ SEIXO ROLADO) - PREPARO MECÂNICO COM BETONEIRA 600 L. AF_05/2021","M3",759.52]
[102481,"CONCRETO FCK = 20MPA, TRAÇO 1:2,6:2,9 (EM MASSA SECA DE CIMENTO/ AREIA MÉDIA/ SEIXO ROLADO) - PREPARO MECÂNICO COM BETONEIRA 600 L. AF_05/2021","M3",810.47]
[102482,"CONCRETO FCK = 25MPA, TRAÇO 1:2,2:2,5 (EM MASSA SECA DE CIMENTO/ AREIA MÉDIA/ SEIXO ROLADO) - PREPARO MECÂNICO COM BETONEIRA 600 L. AF_05/2021","M3",846.5]
[102483,"CONCRETO FCK = 30MPA, TRAÇO 1:1,9:2,3 (EM MASSA SECA DE CIMENTO/ AREIA MÉDIA/ SEIXO ROLADO) - PREPARO MECÂNICO COM BETONEIRA 600 L. AF_05/2021","M3",886.53]
[102484,"CONCRETO FCK = 40MPA, TRAÇO 1:1,4:1,8 (EM MASSA SECA DE CIMENTO/ AREIA MÉDIA/ SEIXO ROLADO) - PREPARO MECÂNICO COM BETONEIRA 600 L. AF_05/2021","M3",957.45]
[102485,"CONCRETO MAGRO PARA LASTRO, TRAÇO 1:4,5:4,5 (EM MASSA SECA DE CIMENTO/ AREIA MÉDIA/ SEIXO ROLADO) - PREPARO MANUAL. AF_05/2021","M3",783.73]
[102486,"CONCRETO FCK = 15MPA, TRAÇO 1:3,4:3,4 (EM MASSA SECA DE CIMENTO/ AREIA MÉDIA/ SEIXO ROLADO) - PREPARO MANUAL. AF_05/2021","M3",822.41]
[102487,"CONCRETO CICLÓPICO FCK = 15MPA, 30% PEDRA DE MÃO EM VOLUME REAL, INCLUSIVE LANÇAMENTO. AF_05/2021","M3",675.05]
[103183,"CONCRETAGEM DE ESCADAS EM EDIFICAÇÕES MULTIFAMILIARES FEITAS COM SISTEMA DE FÔRMAS MANUSEÁVEIS COM CONCRETO USINADO BOMBEÁVEL, FCK 25 MPA - LANÇAMENTO, ADENSAMENTO E ACABAMENTO. AF_09/2024","M3",{"v":1056.18,"d":"1,056.18"}]
[103184,"CONCRETAGEM DE ESCADAS EM EDIFICAÇÕES MULTIFAMILIARES FEITAS COM SISTEMA DE FÔRMAS MANUSEÁVEIS COM CONCRETO USINADO AUTOADENSÁVEL, FCK 25 MPA - LANÇAMENTO E ACABAMENTO. AF_09/2024","M3",921.62]
[103669,"CONCRETAGEM DE PILARES, FCK = 25 MPA,  COM USO DE BALDES - LANÇAMENTO, ADENSAMENTO E ACABAMENTO. AF_02/2022","M3",{"v":1173.45,"d":"1,173.45"}]
[103670,"LANÇAMENTO COM USO DE BALDES, ADENSAMENTO E ACABAMENTO DE CONCRETO EM ESTRUTURAS. AF_02/2022","M3",277.21]
[103671,"CONCRETAGEM DE PILARES, FCK = 25 MPA, COM USO DE GRUA - LANÇAMENTO, ADENSAMENTO E ACABAMENTO. AF_02/2022","M3",941.18]
[103672,"CONCRETAGEM DE PILARES, FCK = 25 MPA, COM USO DE BOMBA - LANÇAMENTO, ADENSAMENTO E ACABAMENTO. AF_02/2022_PS","M3",883.55]
[103673,"LANÇAMENTO COM USO DE BOMBA, ADENSAMENTO E ACABAMENTO DE CONCRETO EM ESTRUTURAS. AF_02/2022","M3",38.9]
[103674,"CONCRETAGEM DE VIGAS E LAJES, FCK=25 MPA, PARA LAJES PREMOLDADAS COM USO DE BOMBA - LANÇAMENTO, ADENSAMENTO E ACABAMENTO. AF_02/2022_PS","M3",902.58]
[103675,"CONCRETAGEM DE VIGAS E LAJES, FCK=25 MPA, PARA LAJES MACIÇAS OU NERVURADAS COM USO DE BOMBA - LANÇAMENTO, ADENSAMENTO E ACABAMENTO. AF_02/2022_PS","M3",884.09]
[103676,"CONCRETAGEM DE VIGAS E LAJES, FCK=25 MPA, PARA LAJES PREMOLDADAS COM JERICAS EM ELEVADOR DE CABO EM EDIFICAÇÃO DE MULTIPAVIMENTOS ATÉ 16 ANDARES - LANÇAMENTO, ADENSAMENTO E ACABAMENTO. AF_02/2022","M3",{"v":1225.91,"d":"1,225.91"}]
[103677,"CONCRETAGEM DE VIGAS E LAJES, FCK=25 MPA, PARA LAJES MACIÇAS OU NERVURADAS COM JERICAS EM ELEVADOR DE CABO EM EDIFICAÇÃO DE MULTIPAVIMENTOS ATÉ 16 ANDARES  - LANÇAMENTO, ADENSAMENTO E ACABAMENTO. AF_02/2022","M3",{"v":1067.12,"d":"1,067.12"}]
[103678,"CONCRETAGEM DE VIGAS E LAJES, FCK=25 MPA, PARA LAJES PREMOLDADAS COM JERICAS EM CREMALHEIRA EM EDIFICAÇÃO DE MULTIPAVIMENTOS ATÉ 16 ANDARES  - LANÇAMENTO, ADENSAMENTO E ACABAMENTO. AF_02/2022","M3",{"v":1137.13,"d":"1,137.13"}]
[103679,"CONCRETAGEM DE VIGAS E LAJES, FCK=25 MPA, PARA LAJES MACIÇAS OU NERVURADAS COM JERICAS EM CREMALHEIRA EM EDIFICAÇÃO DE MULTIPAVIMENTOS ATÉ 16 ANDARES - LANÇAMENTO, ADENSAMENTO E ACABAMENTO. AF_02/2022","M3",{"v":1027.72,"d":"1,027.72"}]
[103680,"CONCRETAGEM DE VIGAS E LAJES, FCK=25 MPA, PARA LAJES PREMOLDADAS COM GRUA DE CAÇAMBA DE 350 L EM EDIFICAÇÃO DE MULTIPAVIMENTOS ATÉ 16 ANDARES - LANÇAMENTO, ADENSAMENTO E ACABAMENTO. AF_02/2022","M3",{"v":1072.05,"d":"1,072.05"}]
[103681,"CONCRETAGEM DE VIGAS E LAJES, FCK=25 MPA, PARA LAJES MACIÇAS OU NERVURADAS COM GRUA DE CAÇAMBA DE 500 L EM EDIFICAÇÃO DE MULTIPAVIMENTOS ATÉ 16 ANDARES - LANÇAMENTO, ADENSAMENTO E ACABAMENTO. AF_02/2022","M3",965.45]
[103682,"CONCRETAGEM DE VIGAS E LAJES, FCK=25 MPA, PARA QUALQUER TIPO DE LAJE COM BALDES EM EDIFICAÇÃO TÉRREA - LANÇAMENTO, ADENSAMENTO E ACABAMENTO. AF_02/2022","M3",{"v":1190.05,"d":"1,190.05"}]
[103683,"CONCRETAGEM DE VIGAS E LAJES, FCK=25 MPA, PARA QUALQUER TIPO DE LAJE COM BALDES EM EDIFICAÇÃO DE MULTIPAVIMENTOS ATÉ 04 ANDARES - LANÇAMENTO, ADENSAMENTO E ACABAMENTO. AF_02/2022","M3",{"v":1459.06,"d":"1,459.06"}]
[103684,"CONCRETAGEM DE RESERVATÓRIOS, FCK=25 MPA, COM USO DE BOMBA - LANÇAMENTO, ADENSAMENTO E ACABAMENTO. AF_02/2022_PS","M3",900.06]
[103685,"CONCRETAGEM DE MURETAS, FCK=25 MPA, COM USO DE BOMBA - LANÇAMENTO, ADENSAMENTO E ACABAMENTO. AF_02/2022_PS","M3",888.36]
[103686,"CONCRETAGEM DE ESCADAS, FCK=25 MPA, COM USO DE BOMBA - LANÇAMENTO, ADENSAMENTO E ACABAMENTO. AF_02/2022_PS","M3",944.44]
[103687,"CONCRETAGEM DE PILARES, FCK=25 MPA, COM USO DE JERICAS EM ELEVADOR DE CABO - LANÇAMENTO, ADENSAMENTO E ACABAMENTO. AF_02/2022","M3",{"v":1288.53,"d":"1,288.53"}]
[103688,"CONCRETAGEM DE PILARES, FCK=25 MPA, COM USO DE JERICAS EM CREMALHEIRA - LANÇAMENTO, ADENSAMENTO E ACABAMENTO. AF_02/2022","M3",{"v":1061.08,"d":"1,061.08"}]
[104916,"ARMAÇÃO DE SAPATA ISOLADA, VIGA BALDRAME E SAPATA CORRIDA UTILIZANDO AÇO CA-60 DE 5 MM - MONTAGEM. AF_01/2024","KG",17.2]
[104923,"CONCRETAGEM DE SAPATA CORRIDA, FCK 30 MPA, COM USO DE JERICA - LANÇAMENTO, ADENSAMENTO E ACABAMENTO. AF_01/2024","M3",904.29]
[104924,"CONCRETAGEM DE SAPATA CORRIDA, FCK 30 MPA, COM USO DE BOMBA - LANÇAMENTO, ADENSAMENTO E ACABAMENTO. AF_01/2024","M3",{"v":1019.46,"d":"1,019.46"}]
[101963,"LAJE PRÉ-MOLDADA UNIDIRECIONAL, BIAPOIADA, PARA PISO, ENCHIMENTO EM CERÂMICA, VIGOTA CONVENCIONAL, ALTURA TOTAL DA LAJE (ENCHIMENTO+CAPA) = (8+4). AF_11/2020_PA","M2",195.58]
[101964,"LAJE PRÉ-MOLDADA UNIDIRECIONAL, BIAPOIADA, PARA FORRO, ENCHIMENTO EM CERÂMICA, VIGOTA CONVENCIONAL, ALTURA TOTAL DA LAJE (ENCHIMENTO+CAPA) = (8+3). AF_11/2020_PA","M2",180.88]
[101165,"ALVENARIA DE EMBASAMENTO COM BLOCO ESTRUTURAL DE CONCRETO, DE 14X19X29CM E ARGAMASSA DE ASSENTAMENTO COM PREPARO EM BETONEIRA. AF_05/2020","M3",{"v":1010.2,"d":"1,010.20"}]
[101166,"ALVENARIA DE EMBASAMENTO COM BLOCO ESTRUTURAL DE CERÂMICA, DE 14X19X29CM E ARGAMASSA DE ASSENTAMENTO COM PREPARO EM BETONEIRA. AF_05/2020","M3",708]
[98575,"TRATAMENTO DE JUNTA DE DILATAÇÃO, COM TARUGO DE POLIETILENO E SELANTE PU, INCLUSO PREENCHIMENTO COM ESPUMA EXPANSIVA PU. AF_09/2023","M",67.2]
[98576,"TRATAMENTO DE JUNTA DE DILATAÇÃO COM MANTA ASFÁLTICA ADERIDA COM MAÇARICO. AF_09/2023","M",26.59]
[98577,"TRATAMENTO DE JUNTA SERRADA, COM TARUGO DE POLIETILENO E SELANTE À BASE DE SILICONE. AF_09/2023","M",44.29]
[93184,"VERGA PRÉ-MOLDADA COM ATÉ 1,5 M DE VÃO, ESPESSURA DE *20* CM. AF_03/2024","M",29.9]
[93187,"VERGA MOLDADA IN LOCO EM CONCRETO, ESPESSURA DE *20* CM. AF_03/2024","M",77.23]
[93191,"VERGA MOLDADA IN LOCO COM UTILIZAÇÃO DE BLOCOS CANALETA, ESPESSURA DE *20* CM. AF_03/2024","M",75.44]
[93194,"CONTRAVERGA PRÉ-MOLDADA, ESPESSURA DE *20* CM. AF_03/2024","M",29.24]
[93197,"CONTRAVERGA MOLDADA IN LOCO EM CONCRETO, ESPESSURA DE *20* CM. AF_03/2024","M",59.08]
[93199,"CONTRAVERGA MOLDADA IN LOCO COM UTILIZAÇÃO DE BLOCOS CANALETA, ESPESSURA DE *20* CM. AF_03/2024","M",54.71]
[93200,"FIXAÇÃO (ENCUNHAMENTO) DE ALVENARIA DE VEDAÇÃO COM ARGAMASSA APLICADA COM BISNAGA. AF_03/2024","M",10.85]
[93202,"FIXAÇÃO (ENCUNHAMENTO) DE ALVENARIA DE VEDAÇÃO COM TIJOLO MACIÇO. AF_03/2024","M",28.19]
[93203,"FIXAÇÃO (ENCUNHAMENTO) DE ALVENARIA DE VEDAÇÃO COM ESPUMA DE POLIURETANO EXPANSIVA. AF_03/2024","M",16.62]
[93205,"CINTA DE AMARRAÇÃO DE ALVENARIA MOLDADA IN LOCO COM UTILIZAÇÃO DE BLOCOS CANALETA, ESPESSURA DE *20* CM. AF_03/2024","M",73.99]
[105021,"VERGA PRÉ-MOLDADA COM ATÉ 1,5 M DE VÃO, ESPESSURA DE *15* CM. AF_03/2024","M",25.59]
[105022,"VERGA PRÉ-MOLDADA COM ATÉ 1,5 M DE VÃO, ESPESSURA DE *10* CM. AF_03/2024","M",22.12]
[105023,"VERGA MOLDADA IN LOCO EM CONCRETO, ESPESSURA DE *15* CM. AF_03/2024","M",65.3]
[105024,"VERGA MOLDADA IN LOCO EM CONCRETO, ESPESSURA DE *10* CM. AF_03/2024","M",53.34]
[105025,"VERGA MOLDADA IN LOCO COM UTILIZAÇÃO DE BLOCOS CANALETA, ESPESSURA DE *15* CM. AF_03/2024","M",62.41]
[105026,"VERGA MOLDADA IN LOCO COM UTILIZAÇÃO DE BLOCOS CANALETA, ESPESSURA DE *10* CM. AF_03/2024","M",44.01]
[105027,"CONTRAVERGA PRÉ-MOLDADA, ESPESSURA DE *15* CM. AF_03/2024","M",25.26]
[105028,"CONTRAVERGA PRÉ-MOLDADA, ESPESSURA DE *10* CM. AF_03/2024","M",21.82]
[105029,"CONTRAVERGA MOLDADA IN LOCO EM CONCRETO, ESPESSURA DE *15* CM. AF_03/2024","M",50.46]
[105030,"CONTRAVERGA MOLDADA IN LOCO EM CONCRETO, ESPESSURA DE *10* CM. AF_03/2024","M",41.86]
[105031,"CONTRAVERGA MOLDADA IN LOCO COM UTILIZAÇÃO DE BLOCOS CANALETA, ESPESSURA DE *15* CM. AF_03/2024","M",51.9]
[105032,"CONTRAVERGA MOLDADA IN LOCO COM UTILIZAÇÃO DE BLOCOS CANALETA, ESPESSURA DE *10* CM. AF_03/2024","M",35.27]
[105033,"CINTA DE AMARRAÇÃO DE ALVENARIA MOLDADA IN LOCO COM UTILIZAÇÃO DE BLOCOS CANALETA, ESPESSURA DE *15* CM. AF_03/2024","M",61.33]
[105034,"CINTA DE AMARRAÇÃO DE ALVENARIA MOLDADA IN LOCO COM UTILIZAÇÃO DE BLOCOS CANALETA, ESPESSURA DE *10* CM. AF_03/2024","M",43.66]
[105035,"VERGA PRÉ-FABRICADA COM ATÉ 1,5 M DE VÃO, ESPESSURA DE *20* CM. AF_03/2024","M",66.14]
[105036,"VERGA PRÉ-FABRICADA COM ATÉ 1,5 M DE VÃO, ESPESSURA DE *15* CM. AF_03/2024","M",47.65]
[105037,"VERGA PRÉ-FABRICADA COM ATÉ 1,5 M DE VÃO, ESPESSURA DE *10* CM. AF_03/2024","M",32.24]
[105038,"CONTRAVERGA PRÉ-FABRICADA, ESPESSURA DE *20* CM. AF_03/2024","M",65.97]
[105039,"CONTRAVERGA PRÉ-FABRICADA, ESPESSURA DE *15* CM. AF_03/2024","M",47.46]
[105040,"CONTRAVERGA PRÉ-FABRICADA, ESPESSURA DE *10* CM. AF_03/2024","M",32.09]
[97733,"PEÇA RETANGULAR PRÉ-MOLDADA, VOLUME DE CONCRETO DE ATÉ 10 LITROS, TAXA DE AÇO APROXIMADA DE 30KG/M³. AF_03/2024","M3",{"v":3429.18,"d":"3,429.18"}]
[97734,"PEÇA RETANGULAR PRÉ-MOLDADA, VOLUME DE CONCRETO DE 10 A 30 LITROS, TAXA DE AÇO APROXIMADA DE 30KG/M³. AF_03/2024","M3",{"v":3003.14,"d":"3,003.14"}]
[97735,"PEÇA RETANGULAR PRÉ-MOLDADA, VOLUME DE CONCRETO DE 30 A 100 LITROS, TAXA DE AÇO APROXIMADA DE 30KG/M³. AF_03/2024","M3",{"v":2504.11,"d":"2,504.11"}]
[97736,"PEÇA RETANGULAR PRÉ-MOLDADA, VOLUME DE CONCRETO ACIMA DE 100 LITROS, TAXA DE AÇO APROXIMADA DE 30KG/M³. AF_03/2024","M3",{"v":1616.38,"d":"1,616.38"}]
[97737,"PEÇA RETANGULAR PRÉ-MOLDADA, VOLUME DE CONCRETO DE 30 A 70 LITROS, TAXA DE AÇO APROXIMADA DE 70KG/M³. AF_03/2024","M3",{"v":3327.41,"d":"3,327.41"}]
[97738,"PEÇA CIRCULAR PRÉ-MOLDADA, VOLUME DE CONCRETO DE 10 A 30 LITROS, TAXA DE FIBRA DE POLIPROPILENO APROXIMADA DE 6 KG/M³. AF_03/2024_PS","M3",{"v":4197.15,"d":"4,197.15"}]
[97739,"PEÇA CIRCULAR PRÉ-MOLDADA, VOLUME DE CONCRETO DE 30 A 100 LITROS, TAXA DE AÇO APROXIMADA DE 30KG/M³. AF_03/2024","M3",{"v":3092.94,"d":"3,092.94"}]
[97740,"PEÇA CIRCULAR PRÉ-MOLDADA, VOLUME DE CONCRETO ACIMA DE 100 LITROS, TAXA DE AÇO APROXIMADA DE 30KG/M³. AF_03/2024","M3",{"v":2298.14,"d":"2,298.14"}]
[98615,"CONTENÇÃO EM CORTINA COM ESTACAS ESPAÇADAS COM 30 CM DE DIÂMETRO E PROFUNDIDADE MENOR OU IGUAL A 10 M. AF_06/2018","M2",177.42]
[98616,"CONTENÇÃO EM CORTINA COM ESTACAS ESPAÇADAS COM 30 CM DE DIÂMETRO E PROFUNDIDADE MAIOR QUE 10 M E MENOR OU IGUAL A 15 M. AF_06/2018","M2",144.54]
[98617,"CONTENÇÃO EM CORTINA COM ESTACAS ESPAÇADAS COM 30 CM DE DIÂMETRO E PROFUNDIDADE MAIOR QUE 15 M. AF_06/2018","M2",135.85]
[98618,"CONTENÇÃO EM CORTINA COM ESTACAS ESPAÇADAS COM 40 CM DE DIÂMETRO E PROFUNDIDADE MENOR OU IGUAL A 10 M. AF_06/2018","M2",185.35]
[98619,"CONTENÇÃO EM CORTINA COM ESTACAS ESPAÇADAS COM 40 CM DE DIÂMETRO E PROFUNDIDADE MAIOR QUE 10 M E MENOR OU IGUAL A 15 M. AF_06/2018","M2",172.15]
[98620,"CONTENÇÃO EM CORTINA COM ESTACAS ESPAÇADAS COM 40 CM DE DIÂMETRO E PROFUNDIDADE MAIOR QUE 15 M. AF_06/2018","M2",165.49]
[98621,"CONTENÇÃO EM CORTINA COM ESTACAS ESPAÇADAS COM 50 CM DE DIÂMETRO E PROFUNDIDADE MENOR OU IGUAL A 10 M. AF_06/2018","M2",214.62]
[98622,"CONTENÇÃO EM CORTINA COM ESTACAS ESPAÇADAS COM 50 CM DE DIÂMETRO E PROFUNDIDADE MAIOR QUE 10 M E MENOR OU IGUAL A 15 M. AF_06/2018","M2",203.99]
[98623,"CONTENÇÃO EM CORTINA COM ESTACAS ESPAÇADAS COM 50 CM DE DIÂMETRO E PROFUNDIDADE MAIOR QUE 15 M. AF_06/2018","M2",198.55]
[98624,"CONTENÇÃO EM CORTINA COM ESTACAS ESPAÇADAS COM 60 CM DE DIÂMETRO E PROFUNDIDADE MENOR OU IGUAL A 10 M. AF_06/2018","M2",245.63]
[98625,"CONTENÇÃO EM CORTINA COM ESTACAS ESPAÇADAS COM 60 CM DE DIÂMETRO E PROFUNDIDADE MAIOR QUE 10 M E MENOR OU IGUAL A 15 M. AF_06/2018","M2",236.6]
[98626,"CONTENÇÃO EM CORTINA COM ESTACAS ESPAÇADAS COM 60 CM DE DIÂMETRO E PROFUNDIDADE MAIOR QUE 15 M. AF_06/2018","M2",231.9]
[98627,"CONTENÇÃO EM CORTINA COM ESTACAS SECANTES COM 40 CM DE DIÂMETRO E PROFUNDIDADE MENOR OU IGUAL A 10 M. AF_06/2018","M2",703.12]
[98628,"CONTENÇÃO EM CORTINA COM ESTACAS SECANTES COM 40 CM DE DIÂMETRO E PROFUNDIDADE MAIOR QUE 10 M E MENOR OU IGUAL A 15 M. AF_06/2018","M2",614.85]
[98629,"CONTENÇÃO EM CORTINA COM ESTACAS SECANTES COM 40 CM DE DIÂMETRO E PROFUNDIDADE MAIOR QUE 15 M. AF_06/2018","M2",570.51]
[98630,"CONTENÇÃO EM CORTINA COM ESTACAS SECANTES COM 50 CM DE DIÂMETRO E PROFUNDIDADE MENOR OU IGUAL A 10 M. AF_06/2018","M2",752.01]
[98632,"CONTENÇÃO EM CORTINA COM ESTACAS SECANTES COM 50 CM DE DIÂMETRO E PROFUNDIDADE MAIOR QUE 15 M. AF_06/2018","M2",646.25]
[98655,"EXECUÇÃO DE MURETA GUIA PARA CONTENÇÃO/ FUNDAÇÃO COM 30 CM DE ESPESSURA. AF_06/2018","M",745.42]
[98656,"EXECUÇÃO DE MURETA GUIA PARA CONTENÇÃO/ FUNDAÇÃO COM 40 CM DE ESPESSURA. AF_06/2018","M",758.88]
[98657,"EXECUÇÃO DE MURETA GUIA PARA CONTENÇÃO/ FUNDAÇÃO COM 50 CM DE ESPESSURA. AF_06/2018","M",772.36]
[98658,"EXECUÇÃO DE MURETA GUIA PARA CONTENÇÃO/ FUNDAÇÃO COM 60 CM DE ESPESSURA. AF_06/2018","M",785.81]
[98659,"EXECUÇÃO DE MURETA GUIA PARA CONTENÇÃO/ FUNDAÇÃO COM 80 CM DE ESPESSURA. AF_06/2018","M",812.73]
[98746,"SOLDA DE TOPO EM CHAPA/PERFIL/TUBO DE AÇO CHANFRADO, ESPESSURA=1/4''. AF_06/2018","M",65.85]
[98749,"SOLDA DE TOPO EM CHAPA/PERFIL/TUBO DE AÇO CHANFRADO, ESPESSURA=5/16''. AF_06/2018","M",80.01]
[98750,"SOLDA DE TOPO EM CHAPA/PERFIL/TUBO DE AÇO CHANFRADO, ESPESSURA=3/8''. AF_06/2018","M",97.27]
[98751,"SOLDA DE TOPO EM CHAPA/PERFIL/TUBO DE AÇO CHANFRADO, ESPESSURA=1/2''. AF_06/2018","M",142.36]
[98752,"SOLDA DE TOPO EM CHAPA/PERFIL/TUBO DE AÇO CHANFRADO, ESPESSURA=5/8''. AF_06/2018","M",196.83]
[98753,"SOLDA DE TOPO EM CHAPA/PERFIL/TUBO DE AÇO CHANFRADO, ESPESSURA=3/4''. AF_06/2018","M",264.72]
[100763,"VIGA METÁLICA EM PERFIL LAMINADO OU SOLDADO EM AÇO ESTRUTURAL, COM CONEXÕES PARAFUSADAS, INCLUSOS MÃO DE OBRA, TRANSPORTE E IÇAMENTO UTILIZANDO GUINDASTE - FORNECIMENTO E INSTALAÇÃO. AF_01/2020_PSA","KG",15.64]
[100764,"VIGA METÁLICA EM PERFIL LAMINADO OU SOLDADO EM AÇO ESTRUTURAL, COM CONEXÕES SOLDADAS, INCLUSOS MÃO DE OBRA, TRANSPORTE E IÇAMENTO UTILIZANDO GUINDASTE - FORNECIMENTO E INSTALAÇÃO. AF_01/2020_PA","KG",15.37]
[100765,"PILAR METÁLICO PERFIL LAMINADO/SOLDADO EM AÇO ESTRUTURAL, COM CONEXÕES PARAFUSADAS, INCLUSOS MÃO DE OBRA, TRANSPORTE E IÇAMENTO UTILIZANDO GUINDASTE - FORNECIMENTO E INSTALAÇÃO. AF_01/2020_PSA","KG",13.92]
[100766,"PILAR METÁLICO PERFIL LAMINADO OU SOLDADO EM AÇO ESTRUTURAL, COM CONEXÕES SOLDADAS, INCLUSOS MÃO DE OBRA, TRANSPORTE E IÇAMENTO UTILIZANDO GUINDASTE - FORNECIMENTO E INSTALAÇÃO. AF_01/2020_PA","KG",14.07]
[100767,"CONTRAVENTAMENTO COM CANTONEIRAS DE AÇO, ABAS IGUAIS, COM CONEXÕES PARAFUSADAS, INCLUSOS MÃO DE OBRA, TRANSPORTE E IÇAMENTO UTILIZANDO TALHA MANUAL, PARA EDIFÍCIOS DE ATÉ 2 PAVIMENTOS - FORNECIMENTO E INSTALAÇÃO. AF_01/2020_PSA","KG",16.03]
[100768,"CONTRAVENTAMENTO COM CANTONEIRAS DE AÇO, ABAS IGUAIS, COM CONEXÕES SOLDADAS, INCLUSOS MÃO DE OBRA, TRANSPORTE E IÇAMENTO UTILIZANDO TALHA MANUAL, PARA EDIFÍCIOS DE ATÉ 2 PAVIMENTOS - FORNECIMENTO E INSTALAÇÃO. AF_01/2020_PA","KG",15.27]
[100769,"CONTRAVENTAMENTO COM CANTONEIRAS DE AÇO, ABAS IGUAIS, COM CONEXÕES PARAFUSADAS, INCLUSOS MÃO DE OBRA, TRANSPORTE E IÇAMENTO UTILIZANDO GUINDASTE, PARA EDIFÍCIOS DE 3 A 5 PAVIMENTOS - FORNECIMENTO E INSTALAÇÃO. AF_01/2020_PSA","KG",22.12]
[100770,"CONTRAVENTAMENTO COM CANTONEIRAS DE AÇO, ABAS IGUAIS, COM CONEXÕES SOLDADAS, INCLUSOS MÃO DE OBRA, TRANSPORTE E IÇAMENTO UTILIZANDO GUINDASTE, PARA EDIFÍCIOS DE 3 A 5 PAVIMENTOS - FORNECIMENTO E INSTALAÇÃO. AF_01/2020_PA","KG",21.12]
[100771,"CONTRAVENTAMENTO COM CANTONEIRAS DE AÇO, ABAS IGUAIS, COM CONEXÕES PARAFUSADAS, INCLUSOS MÃO DE OBRA, TRANSPORTE E IÇAMENTO UTILIZANDO GRUA, PARA EDIFÍCIOS DE 6 A 10 PAVIMENTOS - FORNECIMENTO E INSTALAÇÃO. AF_01/2020_PSA","KG",16.97]
[100772,"CONTRAVENTAMENTO COM CANTONEIRAS DE AÇO, ABAS IGUAIS, COM CONEXÕES SOLDADAS, INCLUSOS MÃO DE OBRA, TRANSPORTE E IÇAMENTO UTILIZANDO GRUA, PARA EDIFÍCIOS DE 6 A 10 PAVIMENTOS - FORNECIMENTO E INSTALAÇÃO. AF_01/2020_PA","KG",16.07]
[100773,"ESTRUTURA TRELIÇADA DE COBERTURA, TIPO ARCO, COM LIGAÇÕES SOLDADAS, INCLUSOS PERFIS METÁLICOS, CHAPAS METÁLICAS, MÃO DE OBRA E TRANSPORTE COM GUINDASTE - FORNECIMENTO E INSTALAÇÃO. AF_01/2020_PSA","KG",18.94]
[100774,"ESTRUTURA TRELIÇADA DE COBERTURA, TIPO SHED, COM LIGAÇÕES SOLDADAS, INCLUSOS PERFIS METÁLICOS, CHAPAS METÁLICAS, MÃO DE OBRA E TRANSPORTE COM GUINDASTE - FORNECIMENTO E INSTALAÇÃO. AF_01/2020_PSA","KG",11.3]
[100775,"ESTRUTURA TRELIÇADA DE COBERTURA, TIPO FINK, COM LIGAÇÕES SOLDADAS, INCLUSOS PERFIS METÁLICOS, CHAPAS METÁLICAS, MÃO DE OBRA E TRANSPORTE COM GUINDASTE - FORNECIMENTO E INSTALAÇÃO. AF_01/2020_PSA","KG",12.72]
[100776,"ESTRUTURA TRELIÇADA DE COBERTURA, TIPO ARCO, COM LIGAÇÕES PARAFUSADAS, INCLUSOS PERFIS METÁLICOS, CHAPAS METÁLICAS, MÃO DE OBRA E TRANSPORTE COM GUINDASTE - FORNECIMENTO E INSTALAÇÃO. AF_01/2020_PSA","KG",19.04]
[100777,"ESTRUTURA TRELIÇADA DE COBERTURA, TIPO SHED, COM LIGAÇÕES PARAFUSADAS, INCLUSOS PERFIS METÁLICOS, CHAPAS METÁLICAS, MÃO DE OBRA E TRANSPORTE COM GUINDASTE - FORNECIMENTO E INSTALAÇÃO. AF_01/2020_PSA","KG",11.26]
[100778,"ESTRUTURA TRELIÇADA DE COBERTURA, TIPO FINK, COM LIGAÇÕES PARAFUSADAS, INCLUSOS PERFIS METÁLICOS, CHAPAS METÁLICAS, MÃO DE OBRA E TRANSPORTE COM GUINDASTE - FORNECIMENTO E INSTALAÇÃO. AF_01/2020_PSA","KG",12.68]
[103795,"FABRICAÇÃO, MONTAGEM E DESMONTAGEM DE FÔRMA PARA ESCADA HIDRÁULICA, EM CHAPA DE MADEIRA COMPENSADA RESINADA, E = 17 MM, 3 UTILIZAÇÕES. AF_08/2022","M2",94.98]
[103796,"FABRICAÇÃO, MONTAGEM E DESMONTAGEM DE FÔRMA PARA BACIA DE DISSIPAÇÃO, EM MADEIRA SERRADA, E = 25 MM, 2 UTILIZAÇÕES. AF_08/2022","M2",72.07]
[103797,"ARMAÇÃO DE DESCIDA D'ÁGUA UTILIZANDO AÇO CA-60 DE 5 MM - MONTAGEM. AF_08/2022","KG",16.72]
[103798,"CONCRETAGEM DE DISSIPADOR DE ENERGIA, CONCRETO USINADO, FCK = 20 MPA, COM USO DE BOMBA - LANÇAMENTO, ADENSAMENTO E ACABAMENTO. AF_08/2022","M3",878.04]
[103799,"PEDRA DE MÃO FIXADA COM CONCRETO PARA BACIA DE DISSIPAÇÃO, 40% DE CONCRETO EM VOLUME, FCK = 20 MPA, COM USO DE JERICA E PREPARO EM BETONEIRA DE 600 L - AREIA, BRITA E PEDRA DE MÃO COMERCIAIS - LANÇAMENTO, ADENSAMENTO E ACABAMENTO. AF_08/2022","M3",512.67]
[103800,"PEDRA ARGAMASSADA COM CIMENTO E AREIA 1:3, 40% DE ARGAMASSA EM VOLUME - AREIA E PEDRA DE MÃO COMERCIAIS - FORNECIMENTO E ASSENTAMENTO. AF_08/2022","M3",598.45]
[103801,"CONCRETAGEM DE DISSIPADOR DE ENERGIA, FCK = 20 MPA, COM USO DE JERICAS E PREPARO EM BETONEIRA DE 600 L - AREIA E BRITA COMERCIAIS - LANÇAMENTO, ADENSAMENTO E ACABAMENTO. AF_08/2022","M3",754.86]
[103925,"ESCADA HIDRÁULICA, LARGURA ATÉ 1M, TIPO DESCIDA D'ÁGUA DE CORTE OU ATERRO EM DEGRAUS (DCD 02, 04 E DAD 02), EM CONCRETO USINADO, FCK = 20 MPA, LANÇADO COM BOMBA, INCLUINDO ARMAÇÃO, MATERIAIS E FÔRMAS (3 UTILIZAÇÕES). AF_08/2022","M3",{"v":2007.82,"d":"2,007.82"}]
[103926,"ESCADA HIDRÁULICA, LARGURA DE 1 A 4,1 M, TIPO DESCIDA D'ÁGUA DE ATERRO EM DEGRAUS (DAD 04, 06, 08, 10, 12, 14, 16, 18), EM CONCRETO USINADO, FCK = 20 MPA, LANÇADO COM BOMBA, INCLUINDO ARMAÇÃO, MATERIAIS E FÔRMAS (3 UTILIZAÇÕES). AF_08/2022","M3",{"v":1656.72,"d":"1,656.72"}]
[103928,"BACIA DE DISSIPAÇÃO, TIPO BACIA EM PEDRA DE MÃO ARGAMASSADA (DES 01, 02, 03, 04), LANÇADO MANUALMENTE, INCLUINDO MATERIAIS E FÔRMAS (2 UTILIZAÇÕES). AF_08/2022","M3",598.45]
[103929,"BACIA DE DISSIPAÇÃO, TIPO BACIA COM DENTES DE CONCRETO (01), COM PREPARO MANUAL, FCK = 20 MPA, LANÇADO MANUALMENTE, INCLUINDO MATERIAIS E FÔRMAS (2 UTILIZAÇÕES). AF_08/2022","M3",{"v":1475.63,"d":"1,475.63"}]
[103930,"BACIA DE DISSIPAÇÃO, LARGURA ATÉ 1 M, TIPO BACIA EM PEDRA DE MÃO FIXADA COM CONCRETO (DEB 01, 02), COM PREPARO MANUAL, FCK = 20 MPA, LANÇADO MANUALMENTE, INCLUINDO MATERIAIS E FÔRMAS (2 UTILIZAÇÕES). AF_08/2022","M3",921.56]
[103931,"BACIA DE DISSIPAÇÃO, LARGURA DE 1 A 4 M, TIPO BACIA EM PEDRA DE MÃO FIXADA COM CONCRETO (DEB 03, 04, 05, 06), COM PREPARO MANUAL, FCK = 20 MPA, LANÇADO MANUALMENTE, INCLUINDO MATERIAIS E FÔRMAS (2 UTILIZAÇÕES). AF_08/2022","M3",679.97]
[103932,"BACIA DE DISSIPAÇÃO, LARGURA DE 4 A 9,2 M, TIPO BACIA EM PEDRA DE MÃO FIXADA COM CONCRETO (DEB 07, 08, 09, 10, 11, 12, 13), COM PREPARO MANUAL, FCK = 20 MPA, LANÇADO MANUALMENTE, INCLUINDO MATERIAIS E FÔRMAS (2 UTILIZAÇÕES). AF_08/2022","M3",644.58]
[103933,"DESCIDA D'ÁGUA RÁPIDA (DAR 03), EM CONCRETO USINADO, FCK = 20 MPA, LANÇADO COM BOMBA, INCLUINDO ARMAÇÃO, MATERIAIS E FÔRMAS (2 UTILIZAÇÕES). AF_08/2022","M3",{"v":1875.02,"d":"1,875.02"}]
[105041,"VIGA DE MADEIRA SERRADA, PINUS OU EQUIVALENTE DA REGIÃO, SEÇÃO RETANGULAR 7,5 X 10 CM. AF_03/2024","M",57.26]
[105042,"PILAR DE MADEIRA ROLIÇA, EUCALIPTO OU EQUIVALENTE DA REGIÃO, FIXADO COM VERGALHÃO, DIÂMETRO DE 12 A 15 CM, APOIO ARTICULADO, COMPRIMENTO DE 3 M. AF_03/2024","M",65.61]
[105045,"VIGA DE MADEIRA SERRADA, PINUS OU EQUIVALENTE DA REGIÃO, SEÇÃO RETANGULAR 7,5 X 15 CM. AF_03/2024","M",67.4]
[105046,"PILAR DE MADEIRA ROLIÇA, EUCALIPTO OU EQUIVALENTE DA REGIÃO, FIXADO COM VERGALHÃO, DIÂMETRO DE 12 A 15 CM, APOIO ARTICULADO, COMPRIMENTO DE 6 M. AF_03/2024","M",55.94]
[105050,"PILAR DE MADEIRA ROLIÇA, EUCALIPTO OU EQUIVALENTE DA REGIÃO, FIXADO COM VERGALHÃO, DIÂMETRO DE 21 A 29 CM, APOIO ARTICULADO, COMPRIMENTO DE 3 M. AF_03/2024","M",211.95]
[105053,"PILAR DE MADEIRA ROLIÇA, EUCALIPTO OU EQUIVALENTE DA REGIÃO, FIXADO COM VERGALHÃO, DIÂMETRO DE 21 A 29 CM, APOIO ARTICULADO, COMPRIMENTO DE 6 M. AF_03/2024","M",202.4]
[105056,"PILAR DE MADEIRA ROLIÇA, EUCALIPTO OU EQUIVALENTE DA REGIÃO, FIXADO COM VERGALHÃO, DIÂMETRO DE 30 A 34 CM, APOIO ARTICULADO, COMPRIMENTO DE 3 M. AF_03/2024","M",294.35]
[105058,"PILAR DE MADEIRA ROLIÇA, EUCALIPTO OU EQUIVALENTE DA REGIÃO, FIXADO COM VERGALHÃO, DIÂMETRO DE 30 A 34 CM, APOIO ARTICULADO, COMPRIMENTO DE 6 M. AF_03/2024","M",285.44]
[105061,"PILAR DE MADEIRA SERRADA, MAÇARANDUBA OU EQUIVALENTE DA REGIÃO, NÃO APARELHADO, FIXADO COM VERGALHÃO, SEÇÃO QUADRADA 10 X 10 CM, APOIO ARTICULADO, COMPRIMENTO DE 3 M. AF_03/2024","M",85.13]
[105064,"PILAR DE MADEIRA SERRADA, MAÇARANDUBA OU EQUIVALENTE DA REGIÃO, NÃO APARELHADO, FIXADO COM VERGALHÃO, SEÇÃO QUADRADA 10 X 10 CM, APOIO ARTICULADO, COMPRIMENTO DE 6 M. AF_03/2024","M",72.88]
[105068,"PILAR DE MADEIRA SERRADA, MAÇARANDUBA OU EQUIVALENTE DA REGIÃO, NÃO APARELHADO, FIXADO COM VERGALHÃO, SEÇÃO QUADRADA 15 X 15 CM, APOIO ARTICULADO, COMPRIMENTO DE 3 M. AF_03/2024","M",139.01]
[105071,"PILAR DE MADEIRA SERRADA, MAÇARANDUBA OU EQUIVALENTE DA REGIÃO, NÃO APARELHADO, FIXADO COM VERGALHÃO, SEÇÃO QUADRADA 15 X 15 CM, APOIO ARTICULADO, COMPRIMENTO DE 6 M. AF_03/2024","M",126.77]
[105074,"PILAR DE MADEIRA SERRADA, MAÇARANDUBA OU EQUIVALENTE DA REGIÃO, NÃO APARELHADO, FIXADO COM VERGALHÃO, SEÇÃO QUADRADA 20 X 20 CM, APOIO ARTICULADO, COMPRIMENTO DE 3 M. AF_03/2024","M",214.41]
[105077,"PILAR DE MADEIRA SERRADA, MAÇARANDUBA OU EQUIVALENTE DA REGIÃO, NÃO APARELHADO, FIXADO COM VERGALHÃO, SEÇÃO QUADRADA 20 X 20 CM, APOIO ARTICULADO, COMPRIMENTO DE 6 M. AF_03/2024","M",202.22]
[105080,"VIGA DE MADEIRA SERRADA, MAÇARANDUBA OU EQUIVALENTE DA REGIÃO, APARELHADA, SEÇÃO RETANGULAR 6 X 12 CM. AF_03/2024","M",57.13]
[105081,"VIGA DE MADEIRA SERRADA, MAÇARANDUBA OU EQUIVALENTE DA REGIÃO, APARELHADA, SEÇÃO RETANGULAR 6 X 16 CM. AF_03/2024","M",65.69]
[105082,"VIGA DE MADEIRA SERRADA, MAÇARANDUBA OU EQUIVALENTE DA REGIÃO, NÃO APARELHADA, SEÇÃO RETANGULAR 6 X 12 CM. AF_03/2024","M",59.43]
[105083,"VIGA DE MADEIRA SERRADA, MAÇARANDUBA OU EQUIVALENTE DA REGIÃO, NÃO APARELHADA, SEÇÃO RETANGULAR 6 X 16 CM. AF_03/2024","M",66.73]
[105084,"VIGA DE MADEIRA SERRADA, MAÇARANDUBA OU EQUIVALENTE DA REGIÃO, NÃO APARELHADA, SEÇÃO RETANGULAR 6 X 20 CM. AF_03/2024","M",82.22]
[105085,"VIGA DE MADEIRA SERRADA, MAÇARANDUBA OU EQUIVALENTE DA REGIÃO, NÃO APARELHADA, SEÇÃO RETANGULAR 8 X 16 CM. AF_03/2024","M",85.82]
[105086,"VIGA DE MADEIRA SERRADA, MAÇARANDUBA OU EQUIVALENTE DA REGIÃO, NÃO APARELHADA, SEÇÃO RETANGULAR 6 X 25 CM. AF_03/2024","M",76.64]
[105087,"VIGA DE MADEIRA SERRADA, MAÇARANDUBA OU EQUIVALENTE DA REGIÃO, NÃO APARELHADA, SEÇÃO RETANGULAR 6 X 30 CM. AF_03/2024","M",85.78]
[105088,"VIGA DE MADEIRA SERRADA, MAÇARANDUBA OU EQUIVALENTE DA REGIÃO, NÃO APARELHADA, SEÇÃO RETANGULAR 6 X 40 CM. AF_03/2024","M",152.77]
[105089,"VIGA DE MADEIRA SERRADA, MAÇARANDUBA OU EQUIVALENTE DA REGIÃO, APARELHADA, SEÇÃO RETANGULAR 8 X 30 CM. AF_03/2024","M",141.23]
[105090,"PISO DE MADEIRA, SOBRE VIGOTAS DE MADEIRA SEÇÃO 7,5 X 15 CM. AF_03/2024","M2",483.28]
[105091,"VIGA DE MADEIRA SERRADA, MAÇARANDUBA OU EQUIVALENTE DA REGIÃO, APARELHADA, SEÇÃO RETANGULAR 7,5 X 23 CM. AF_03/2024","M",112.49]
[105092,"VIGA DE MADEIRA SERRADA, MAÇARANDUBA OU EQUIVALENTE DA REGIÃO, NÃO APARELHADA, SEÇÃO RETANGULAR 7,5 X 23 CM. AF_03/2024","M",122.11]
[105093,"VIGA DE MADEIRA SERRADA, MAÇARANDUBA OU EQUIVALENTE DA REGIÃO, NÃO APARELHADA, SEÇÃO RETANGULAR 8 X 30 CM. AF_03/2024","M",123.93]
[105095,"PILAR DE MADEIRA ROLIÇA, EUCALIPTO OU EQUIVALENTE DA REGIÃO, FIXADO COM VERGALHÃO, DIÂMETRO DE 16 A 20 CM, APOIO ARTICULADO, COMPRIMENTO DE 3 M. AF_03/2024","M",99.86]
[105098,"PILAR DE MADEIRA ROLIÇA, EUCALIPTO OU EQUIVALENTE DA REGIÃO, FIXADO COM VERGALHÃO, DIÂMETRO DE 16 A 20 CM, APOIO ARTICULADO, COMPRIMENTO DE 6 M. AF_03/2024","M",90.21]
[105099,"VIGA DE MADEIRA ROLIÇA, EUCALIPTO OU EQUIVALENTE DA REGIÃO, DIÂMETRO DE 12 A 15 CM. AF_03/2024","M",78.4]
[105100,"VIGA DE MADEIRA ROLIÇA, EUCALIPTO OU EQUIVALENTE DA REGIÃO, DIÂMETRO DE 16 A 20 CM. AF_03/2024","M",115.15]
[105101,"VIGA DE MADEIRA ROLIÇA, EUCALIPTO OU EQUIVALENTE DA REGIÃO, DIÂMETRO DE 21 A 29 CM. AF_03/2024","M",232.48]
[105102,"VIGA DE MADEIRA ROLIÇA, EUCALIPTO OU EQUIVALENTE DA REGIÃO, DIÂMETRO DE 30 A 34 CM. AF_03/2024","M",321.71]
[98562,"IMPERMEABILIZAÇÃO DE SUPERFÍCIE COM ARGAMASSA DE CIMENTO E AREIA, COM ADITIVO IMPERMEABILIZANTE, E = 1,5CM. AF_09/2023","M2",49.11]
[98555,"IMPERMEABILIZAÇÃO DE SUPERFÍCIE COM ARGAMASSA POLIMÉRICA / MEMBRANA ACRÍLICA, 3 DEMÃOS. AF_09/2023","M2",28.89]
[98556,"IMPERMEABILIZAÇÃO DE SUPERFÍCIE COM ARGAMASSA POLIMÉRICA / MEMBRANA ACRÍLICA, 4 DEMÃOS, REFORÇADA COM VÉU DE POLIÉSTER (MAV). AF_09/2023","M2",53.73]
[98558,"TRATAMENTO DE RALO OU PONTO EMERGENTE COM ARGAMASSA POLIMÉRICA / MEMBRANA ACRÍLICA REFORÇADO COM TELA DE POLIÉSTER (MAV). AF_09/2023","UN",9.01]
[98559,"TRATAMENTO DE RODAPÉ COM TELA DE POLIÉSTER. AF_09/2023","M",4.69]
[98546,"IMPERMEABILIZAÇÃO DE SUPERFÍCIE COM MANTA ASFÁLTICA, UMA CAMADA, INCLUSIVE APLICAÇÃO DE PRIMER ASFÁLTICO, E=4MM. AF_09/2023","M2",128.9]
[98547,"IMPERMEABILIZAÇÃO DE SUPERFÍCIE COM MANTA ASFÁLTICA, DUAS CAMADAS, INCLUSIVE APLICAÇÃO DE PRIMER ASFÁLTICO, E=3MM E E=4MM. AF_09/2023","M2",211.18]
[98553,"IMPERMEABILIZAÇÃO DE SUPERFÍCIE COM MEMBRANA À BASE DE POLIURETANO, 2 DEMÃOS. AF_09/2023","M2",171.49]
[98554,"IMPERMEABILIZAÇÃO DE SUPERFÍCIE COM MEMBRANA À BASE DE RESINA ACRÍLICA, 3 DEMÃOS. AF_09/2023","M2",45.25]
[98557,"IMPERMEABILIZAÇÃO DE SUPERFÍCIE COM EMULSÃO ASFÁLTICA, 2 DEMÃOS. AF_09/2023","M2",38.94]
[98563,"PROTEÇÃO MECÂNICA DE SUPERFÍCIE HORIZONTAL COM ARGAMASSA DE CIMENTO E AREIA, TRAÇO 1:3, E=2CM. AF_09/2023","M2",39.22]
[98564,"PROTEÇÃO MECÂNICA DE SUPERFÍCIE VERTICAL COM ARGAMASSA DE CIMENTO E AREIA, TRAÇO 1:3, E=2CM. AF_09/2023","M2",52.05]
[98565,"PROTEÇÃO MECÂNICA DE SUPERFICIE HORIZONTAL COM ARGAMASSA DE CIMENTO E AREIA, TRAÇO 1:3, E=3CM. AF_09/2023","M2",55.66]
[98566,"PROTEÇÃO MECÂNICA DE SUPERFÍCIE VERTICAL COM ARGAMASSA DE CIMENTO E AREIA, TRAÇO 1:3, E=3CM. AF_09/2023","M2",68.49]
[98567,"PROTEÇÃO MECÂNICA DE SUPERFICIE HORIZONTAL COM ARGAMASSA DE CIMENTO E AREIA, TRAÇO 1:3, E=4CM. AF_09/2023","M2",71.19]
[98568,"PROTEÇÃO MECÂNICA DE SUPERFÍCIE VERTICAL COM ARGAMASSA DE CIMENTO E AREIA, TRAÇO 1:3, E=4CM. AF_09/2023","M2",84.02]
[98569,"PROTEÇÃO MECÂNICA DE SUPERFICIE HORIZONTAL COM ARGAMASSA DE CIMENTO E AREIA, TRAÇO 1:3, E=5CM. AF_09/2023","M2",87.64]
[98570,"PROTEÇÃO MECÂNICA DE SUPERFÍCIE VERTICAL COM ARGAMASSA DE CIMENTO E AREIA, TRAÇO 1:3, E=5CM. AF_09/2023","M2",100.47]
[98571,"PROTEÇÃO MECÂNICA DE SUPERFICIE HORIZONTAL COM CONCRETO 15 MPA, E=4CM. AF_09/2023","M2",51.42]
[98572,"PROTEÇÃO MECÂNICA DE SUPERFICIE HORIZONTAL COM CONCRETO 15 MPA, E=5CM. AF_09/2023","M2",63.04]
[98573,"PROTEÇÃO MECÂNICA DE SUPERFÍCIE VERTICAL COM CONCRETO 15 MPA, E=5CM. AF_09/2023","M2",75.34]
[91831,"ELETRODUTO FLEXÍVEL CORRUGADO, PVC, DN 20 MM (1/2\"), PARA CIRCUITOS TERMINAIS, INSTALADO EM FORRO - FORNECIMENTO E INSTALAÇÃO. AF_03/2023_PA","M",16.59]
[91833,"ELETRODUTO FLEXÍVEL CORRUGADO REFORÇADO, PVC, DN 20 MM (1/2\"), PARA CIRCUITOS TERMINAIS, INSTALADO EM FORRO - FORNECIMENTO E INSTALAÇÃO. AF_03/2023_PA","M",17.18]
[91834,"ELETRODUTO FLEXÍVEL CORRUGADO, PVC, DN 25 MM (3/4\"), PARA CIRCUITOS TERMINAIS, INSTALADO EM FORRO - FORNECIMENTO E INSTALAÇÃO. AF_03/2023_PA","M",17.34]
[91835,"ELETRODUTO FLEXÍVEL CORRUGADO REFORÇADO, PVC, DN 25 MM (3/4\"), PARA CIRCUITOS TERMINAIS, INSTALADO EM FORRO - FORNECIMENTO E INSTALAÇÃO. AF_03/2023_PA","M",18.84]
[91836,"ELETRODUTO FLEXÍVEL CORRUGADO, PVC, DN 32 MM (1\"), PARA CIRCUITOS TERMINAIS, INSTALADO EM FORRO - FORNECIMENTO E INSTALAÇÃO. AF_03/2023_PA","M",20.07]
[91837,"ELETRODUTO FLEXÍVEL CORRUGADO REFORÇADO, PVC, DN 32 MM (1\"), PARA CIRCUITOS TERMINAIS, INSTALADO EM FORRO - FORNECIMENTO E INSTALAÇÃO. AF_03/2023_PA","M",23.57]
[91839,"ELETRODUTO FLEXÍVEL LISO, PEAD, DN 32 MM (1\"), PARA CIRCUITOS TERMINAIS, INSTALADO EM FORRO - FORNECIMENTO E INSTALAÇÃO. AF_03/2023_PA","M",17.81]
[91840,"ELETRODUTO FLEXÍVEL CORRUGADO, PEAD, DN 40 MM (1 1/4\"), PARA CIRCUITOS TERMINAIS, INSTALADO EM FORRO - FORNECIMENTO E INSTALAÇÃO. AF_03/2023_PA","M",20.05]
[91841,"ELETRODUTO FLEXÍVEL LISO, PEAD, DN 40 MM (1 1/4\"), PARA CIRCUITOS TERMINAIS, INSTALADO EM FORRO - FORNECIMENTO E INSTALAÇÃO. AF_03/2023_PA","M",19.43]
[91843,"ELETRODUTO FLEXÍVEL CORRUGADO REFORÇADO, PVC, DN 20 MM (1/2\"), PARA CIRCUITOS TERMINAIS, INSTALADO EM LAJE - FORNECIMENTO E INSTALAÇÃO. AF_03/2023","M",6.21]
[91845,"ELETRODUTO FLEXÍVEL CORRUGADO REFORÇADO, PVC, DN 25 MM (3/4\"), PARA CIRCUITOS TERMINAIS, INSTALADO EM LAJE - FORNECIMENTO E INSTALAÇÃO. AF_03/2023","M",7.84]
[91847,"ELETRODUTO FLEXÍVEL CORRUGADO REFORÇADO, PVC, DN 32 MM (1\"), PARA CIRCUITOS TERMINAIS, INSTALADO EM LAJE - FORNECIMENTO E INSTALAÇÃO. AF_03/2023","M",12.61]
[91849,"ELETRODUTO FLEXÍVEL LISO, PEAD, DN 32 MM (1\"), PARA CIRCUITOS TERMINAIS, INSTALADO EM LAJE - FORNECIMENTO E INSTALAÇÃO. AF_03/2023","M",6.85]
[91850,"ELETRODUTO FLEXÍVEL CORRUGADO, PEAD, DN 40 MM (1 1/4\"), PARA CIRCUITOS TERMINAIS, INSTALADO EM LAJE - FORNECIMENTO E INSTALAÇÃO. AF_03/2023","M",9.05]
[91851,"ELETRODUTO FLEXÍVEL LISO, PEAD, DN 40 MM (1 1/4\"), PARA CIRCUITOS TERMINAIS, INSTALADO EM LAJE - FORNECIMENTO E INSTALAÇÃO. AF_03/2023","M",8.43]
[91852,"ELETRODUTO FLEXÍVEL CORRUGADO, PVC, DN 20 MM (1/2\"), PARA CIRCUITOS TERMINAIS, INSTALADO EM PAREDE - FORNECIMENTO E INSTALAÇÃO. AF_03/2023","M",8.46]
[91853,"ELETRODUTO FLEXÍVEL CORRUGADO REFORÇADO, PVC, DN 20 MM (1/2\"), PARA CIRCUITOS TERMINAIS, INSTALADO EM PAREDE - FORNECIMENTO E INSTALAÇÃO. AF_03/2023","M",9]
[91854,"ELETRODUTO FLEXÍVEL CORRUGADO, PVC, DN 25 MM (3/4\"), PARA CIRCUITOS TERMINAIS, INSTALADO EM PAREDE - FORNECIMENTO E INSTALAÇÃO. AF_03/2023","M",9.15]
[91855,"ELETRODUTO FLEXÍVEL CORRUGADO REFORÇADO, PVC, DN 25 MM (3/4\"), PARA CIRCUITOS TERMINAIS, INSTALADO EM PAREDE - FORNECIMENTO E INSTALAÇÃO. AF_03/2023","M",10.54]
[91856,"ELETRODUTO FLEXÍVEL CORRUGADO, PVC, DN 32 MM (1\"), PARA CIRCUITOS TERMINAIS, INSTALADO EM PAREDE - FORNECIMENTO E INSTALAÇÃO. AF_03/2023","M",11.77]
[91857,"ELETRODUTO FLEXÍVEL CORRUGADO REFORÇADO, PVC, DN 32 MM (1\"), PARA CIRCUITOS TERMINAIS, INSTALADO EM PAREDE - FORNECIMENTO E INSTALAÇÃO. AF_03/2023","M",15]
[91859,"ELETRODUTO FLEXÍVEL LISO, PEAD, DN 32 MM (1\"), PARA CIRCUITOS TERMINAIS, INSTALADO EM PAREDE - FORNECIMENTO E INSTALAÇÃO. AF_03/2023","M",9.68]
[91860,"ELETRODUTO FLEXÍVEL CORRUGADO, PEAD, DN 40 MM (1 1/4\"), PARA CIRCUITOS TERMINAIS, INSTALADO EM PAREDE - FORNECIMENTO E INSTALAÇÃO. AF_03/2023","M",11.76]
[91861,"ELETRODUTO FLEXÍVEL LISO, PEAD, DN 40 MM (1 1/4\"), PARA CIRCUITOS TERMINAIS, INSTALADO EM PAREDE - FORNECIMENTO E INSTALAÇÃO. AF_03/2023","M",11.19]
[91862,"ELETRODUTO RÍGIDO ROSCÁVEL, PVC, DN 20 MM (1/2\"), PARA CIRCUITOS TERMINAIS, INSTALADO EM FORRO - FORNECIMENTO E INSTALAÇÃO. AF_03/2023","M",9.14]
[91863,"ELETRODUTO RÍGIDO ROSCÁVEL, PVC, DN 25 MM (3/4\"), PARA CIRCUITOS TERMINAIS, INSTALADO EM FORRO - FORNECIMENTO E INSTALAÇÃO. AF_03/2023","M",10.81]
[91864,"ELETRODUTO RÍGIDO ROSCÁVEL, PVC, DN 32 MM (1\"), PARA CIRCUITOS TERMINAIS, INSTALADO EM FORRO - FORNECIMENTO E INSTALAÇÃO. AF_03/2023","M",14.62]
[91865,"ELETRODUTO RÍGIDO ROSCÁVEL, PVC, DN 40 MM (1 1/4\"), PARA CIRCUITOS TERMINAIS, INSTALADO EM FORRO - FORNECIMENTO E INSTALAÇÃO. AF_03/2023","M",18.35]
[91866,"ELETRODUTO RÍGIDO ROSCÁVEL, PVC, DN 20 MM (1/2\"), PARA CIRCUITOS TERMINAIS, INSTALADO EM LAJE - FORNECIMENTO E INSTALAÇÃO. AF_03/2023","M",7.95]
[91867,"ELETRODUTO RÍGIDO ROSCÁVEL, PVC, DN 25 MM (3/4\"), PARA CIRCUITOS TERMINAIS, INSTALADO EM LAJE - FORNECIMENTO E INSTALAÇÃO. AF_03/2023","M",9.63]
[91868,"ELETRODUTO RÍGIDO ROSCÁVEL, PVC, DN 32 MM (1\"), PARA CIRCUITOS TERMINAIS, INSTALADO EM LAJE - FORNECIMENTO E INSTALAÇÃO. AF_03/2023","M",13.45]
[91869,"ELETRODUTO RÍGIDO ROSCÁVEL, PVC, DN 40 MM (1 1/4\"), PARA CIRCUITOS TERMINAIS, INSTALADO EM LAJE - FORNECIMENTO E INSTALAÇÃO. AF_03/2023","M",17.13]
[91870,"ELETRODUTO RÍGIDO ROSCÁVEL, PVC, DN 20 MM (1/2\"), PARA CIRCUITOS TERMINAIS, INSTALADO EM PAREDE - FORNECIMENTO E INSTALAÇÃO. AF_03/2023","M",11.95]
[91871,"ELETRODUTO RÍGIDO ROSCÁVEL, PVC, DN 25 MM (3/4\"), PARA CIRCUITOS TERMINAIS, INSTALADO EM PAREDE - FORNECIMENTO E INSTALAÇÃO. AF_03/2023","M",13.63]
[91872,"ELETRODUTO RÍGIDO ROSCÁVEL, PVC, DN 32 MM (1\"), PARA CIRCUITOS TERMINAIS, INSTALADO EM PAREDE - FORNECIMENTO E INSTALAÇÃO. AF_03/2023","M",17.44]
[91873,"ELETRODUTO RÍGIDO ROSCÁVEL, PVC, DN 40 MM (1 1/4\"), PARA CIRCUITOS TERMINAIS, INSTALADO EM PAREDE - FORNECIMENTO E INSTALAÇÃO. AF_03/2023","M",21.12]
[93008,"ELETRODUTO RÍGIDO ROSCÁVEL, PVC, DN 50 MM (1 1/2\"), PARA REDE ENTERRADA DE DISTRIBUIÇÃO DE ENERGIA ELÉTRICA - FORNECIMENTO E INSTALAÇÃO. AF_12/2021","M",17.91]
[93009,"ELETRODUTO RÍGIDO ROSCÁVEL, PVC, DN 60 MM (2\"), PARA REDE ENTERRADA DE DISTRIBUIÇÃO DE ENERGIA ELÉTRICA - FORNECIMENTO E INSTALAÇÃO. AF_12/2021","M",26.64]
[93010,"ELETRODUTO RÍGIDO ROSCÁVEL, PVC, DN 75 MM (2 1/2\"), PARA REDE ENTERRADA DE DISTRIBUIÇÃO DE ENERGIA ELÉTRICA - FORNECIMENTO E INSTALAÇÃO. AF_12/2021","M",37.21]
[93011,"ELETRODUTO RÍGIDO ROSCÁVEL, PVC, DN 85 MM (3\"), PARA REDE ENTERRADA DE DISTRIBUIÇÃO DE ENERGIA ELÉTRICA - FORNECIMENTO E INSTALAÇÃO. AF_12/2021","M",45.57]
[93012,"ELETRODUTO RÍGIDO ROSCÁVEL, PVC, DN 110 MM (4\"), PARA REDE ENTERRADA DE DISTRIBUIÇÃO DE ENERGIA ELÉTRICA - FORNECIMENTO E INSTALAÇÃO. AF_12/2021","M",69.07]
[95726,"ELETRODUTO RÍGIDO SOLDÁVEL, PVC, DN 20 MM (1/2\"), APARENTE - FORNECIMENTO E INSTALAÇÃO. AF_10/2022_PA","M",15.6]
[95727,"ELETRODUTO RÍGIDO SOLDÁVEL, PVC, DN 25 MM (3/4\"), APARENTE - FORNECIMENTO E INSTALAÇÃO. AF_10/2022_PA","M",19.04]
[95728,"ELETRODUTO RÍGIDO SOLDÁVEL, PVC, DN 32 MM (1\"), APARENTE - FORNECIMENTO E INSTALAÇÃO. AF_10/2022_PA","M",24.64]
[97667,"ELETRODUTO FLEXÍVEL CORRUGADO, PEAD, DN 50 (1 1/2\"), PARA REDE ENTERRADA DE DISTRIBUIÇÃO DE ENERGIA ELÉTRICA - FORNECIMENTO E INSTALAÇÃO. AF_12/2021","M",7.85]
[97668,"ELETRODUTO FLEXÍVEL CORRUGADO, PEAD, DN 63 (2\"), PARA REDE ENTERRADA DE DISTRIBUIÇÃO DE ENERGIA ELÉTRICA - FORNECIMENTO E INSTALAÇÃO. AF_12/2021","M",11.19]
[97669,"ELETRODUTO FLEXÍVEL CORRUGADO, PEAD, DN 90 (3\"), PARA REDE ENTERRADA DE DISTRIBUIÇÃO DE ENERGIA ELÉTRICA - FORNECIMENTO E INSTALAÇÃO. AF_12/2021","M",16.58]
[97670,"ELETRODUTO FLEXÍVEL CORRUGADO, PEAD, DN 100 (4\"), PARA REDE ENTERRADA DE DISTRIBUIÇÃO DE ENERGIA ELÉTRICA - FORNECIMENTO E INSTALAÇÃO. AF_12/2021","M",21.24]
[91874,"LUVA PARA ELETRODUTO, PVC, ROSCÁVEL, DN 20 MM (1/2\"), PARA CIRCUITOS TERMINAIS, INSTALADA EM FORRO - FORNECIMENTO E INSTALAÇÃO. AF_03/2023","UN",6.76]
[91875,"LUVA PARA ELETRODUTO, PVC, ROSCÁVEL, DN 25 MM (3/4\"), PARA CIRCUITOS TERMINAIS, INSTALADA EM FORRO - FORNECIMENTO E INSTALAÇÃO. AF_03/2023","UN",7.96]
[91876,"LUVA PARA ELETRODUTO, PVC, ROSCÁVEL, DN 32 MM (1\"), PARA CIRCUITOS TERMINAIS, INSTALADA EM FORRO - FORNECIMENTO E INSTALAÇÃO. AF_03/2023","UN",9.6]
[91877,"LUVA PARA ELETRODUTO, PVC, ROSCÁVEL, DN 40 MM (1 1/4\"), PARA CIRCUITOS TERMINAIS, INSTALADA EM FORRO - FORNECIMENTO E INSTALAÇÃO. AF_03/2023","UN",11.89]
[91878,"LUVA PARA ELETRODUTO, PVC, ROSCÁVEL, DN 20 MM (1/2\"), PARA CIRCUITOS TERMINAIS, INSTALADA EM LAJE - FORNECIMENTO E INSTALAÇÃO. AF_03/2023","UN",5.36]
[91879,"LUVA PARA ELETRODUTO, PVC, ROSCÁVEL, DN 25 MM (3/4\"), PARA CIRCUITOS TERMINAIS, INSTALADA EM LAJE - FORNECIMENTO E INSTALAÇÃO. AF_03/2023","UN",6.56]
[91880,"LUVA PARA ELETRODUTO, PVC, ROSCÁVEL, DN 32 MM (1\"), PARA CIRCUITOS TERMINAIS, INSTALADA EM LAJE - FORNECIMENTO E INSTALAÇÃO. AF_03/2023","UN",8.19]
[91881,"LUVA PARA ELETRODUTO, PVC, ROSCÁVEL, DN 40 MM (1 1/4\"), PARA CIRCUITOS TERMINAIS, INSTALADA EM LAJE - FORNECIMENTO E INSTALAÇÃO. AF_03/2023","UN",10.47]
[91882,"LUVA PARA ELETRODUTO, PVC, ROSCÁVEL, DN 20 MM (1/2\"), PARA CIRCUITOS TERMINAIS, INSTALADA EM PAREDE - FORNECIMENTO E INSTALAÇÃO. AF_03/2023","UN",9.68]
[91884,"LUVA PARA ELETRODUTO, PVC, ROSCÁVEL, DN 25 MM (3/4\"), PARA CIRCUITOS TERMINAIS, INSTALADA EM PAREDE - FORNECIMENTO E INSTALAÇÃO. AF_03/2023","UN",10.88]
[91885,"LUVA PARA ELETRODUTO, PVC, ROSCÁVEL, DN 32 MM (1\"), PARA CIRCUITOS TERMINAIS, INSTALADA EM PAREDE - FORNECIMENTO E INSTALAÇÃO. AF_03/2023","UN",12.47]
[91886,"LUVA PARA ELETRODUTO, PVC, ROSCÁVEL, DN 40 MM (1 1/4\"), PARA CIRCUITOS TERMINAIS, INSTALADA EM PAREDE - FORNECIMENTO E INSTALAÇÃO. AF_03/2023","UN",14.7]
[91887,"CURVA 90 GRAUS PARA ELETRODUTO, PVC, ROSCÁVEL, DN 20 MM (1/2\"), PARA CIRCUITOS TERMINAIS, INSTALADA EM FORRO - FORNECIMENTO E INSTALAÇÃO. AF_03/2023","UN",11.83]
[91889,"CURVA 180 GRAUS PARA ELETRODUTO, PVC, ROSCÁVEL, DN 20 MM (1/2\"), PARA CIRCUITOS TERMINAIS, INSTALADA EM FORRO - FORNECIMENTO E INSTALAÇÃO. AF_03/2023","UN",11.5]
[91890,"CURVA 90 GRAUS PARA ELETRODUTO, PVC, ROSCÁVEL, DN 25 MM (3/4\"), PARA CIRCUITOS TERMINAIS, INSTALADA EM FORRO - FORNECIMENTO E INSTALAÇÃO. AF_03/2023","UN",13.04]
[91892,"CURVA 180 GRAUS PARA ELETRODUTO, PVC, ROSCÁVEL, DN 25 MM (3/4\"), PARA CIRCUITOS TERMINAIS, INSTALADA EM FORRO - FORNECIMENTO E INSTALAÇÃO. AF_03/2023","UN",15.2]
[91893,"CURVA 90 GRAUS PARA ELETRODUTO, PVC, ROSCÁVEL, DN 32 MM (1\"), PARA CIRCUITOS TERMINAIS, INSTALADA EM FORRO - FORNECIMENTO E INSTALAÇÃO. AF_03/2023","UN",16.26]
[91895,"CURVA 180 GRAUS PARA ELETRODUTO, PVC, ROSCÁVEL, DN 32 MM (1\"), PARA CIRCUITOS TERMINAIS, INSTALADA EM FORRO - FORNECIMENTO E INSTALAÇÃO. AF_03/2023","UN",18.46]
[91896,"CURVA 90 GRAUS PARA ELETRODUTO, PVC, ROSCÁVEL, DN 40 MM (1 1/4\"), PARA CIRCUITOS TERMINAIS, INSTALADA EM FORRO - FORNECIMENTO E INSTALAÇÃO. AF_03/2023","UN",18.69]
[91898,"CURVA 180 GRAUS PARA ELETRODUTO, PVC, ROSCÁVEL, DN 40 MM (1 1/4\"), PARA CIRCUITOS TERMINAIS, INSTALADA EM FORRO - FORNECIMENTO E INSTALAÇÃO. AF_03/2023","UN",21.04]
[91899,"CURVA 90 GRAUS PARA ELETRODUTO, PVC, ROSCÁVEL, DN 20 MM (1/2\"), PARA CIRCUITOS TERMINAIS, INSTALADA EM LAJE - FORNECIMENTO E INSTALAÇÃO. AF_03/2023","UN",9.7]
[91901,"CURVA 180 GRAUS PARA ELETRODUTO, PVC, ROSCÁVEL, DN 20 MM (1/2\"), PARA CIRCUITOS TERMINAIS, INSTALADA EM LAJE - FORNECIMENTO E INSTALAÇÃO. AF_03/2023","UN",9.37]
[91902,"CURVA 90 GRAUS PARA ELETRODUTO, PVC, ROSCÁVEL, DN 25 MM (3/4\"), PARA CIRCUITOS TERMINAIS, INSTALADA EM LAJE - FORNECIMENTO E INSTALAÇÃO. AF_03/2023","UN",10.9]
[91904,"CURVA 180 GRAUS PARA ELETRODUTO, PVC, ROSCÁVEL, DN 25 MM (3/4\"), PARA CIRCUITOS TERMINAIS, INSTALADA EM LAJE - FORNECIMENTO E INSTALAÇÃO. AF_03/2023","UN",13.06]
[91905,"CURVA 90 GRAUS PARA ELETRODUTO, PVC, ROSCÁVEL, DN 32 MM (1\"), PARA CIRCUITOS TERMINAIS, INSTALADA EM LAJE - FORNECIMENTO E INSTALAÇÃO. AF_03/2023","UN",14.11]
[91907,"CURVA 180 GRAUS PARA ELETRODUTO, PVC, ROSCÁVEL, DN 32 MM (1\"), PARA CIRCUITOS TERMINAIS, INSTALADA EM LAJE - FORNECIMENTO E INSTALAÇÃO. AF_03/2023","UN",16.31]
[91908,"CURVA 90 GRAUS PARA ELETRODUTO, PVC, ROSCÁVEL, DN 40 MM (1 1/4\"), PARA CIRCUITOS TERMINAIS, INSTALADA EM LAJE - FORNECIMENTO E INSTALAÇÃO. AF_03/2023","UN",16.6]
[91910,"CURVA 180 GRAUS PARA ELETRODUTO, PVC, ROSCÁVEL, DN 40 MM (1 1/4\"), PARA CIRCUITOS TERMINAIS, INSTALADA EM LAJE - FORNECIMENTO E INSTALAÇÃO. AF_03/2023","UN",18.95]
[91911,"CURVA 90 GRAUS PARA ELETRODUTO, PVC, ROSCÁVEL, DN 20 MM (1/2\"), PARA CIRCUITOS TERMINAIS, INSTALADA EM PAREDE - FORNECIMENTO E INSTALAÇÃO. AF_03/2023","UN",16.21]
[91913,"CURVA 180 GRAUS PARA ELETRODUTO, PVC, ROSCÁVEL, DN 20 MM (1/2\"), PARA CIRCUITOS TERMINAIS, INSTALADA EM PAREDE - FORNECIMENTO E INSTALAÇÃO. AF_03/2023","UN",15.88]
[91914,"CURVA 90 GRAUS PARA ELETRODUTO, PVC, ROSCÁVEL, DN 25 MM (3/4\"), PARA CIRCUITOS TERMINAIS, INSTALADA EM PAREDE - FORNECIMENTO E INSTALAÇÃO. AF_03/2023","UN",17.37]
[91916,"CURVA 180 GRAUS PARA ELETRODUTO, PVC, ROSCÁVEL, DN 25 MM (3/4\"), PARA CIRCUITOS TERMINAIS, INSTALADA EM PAREDE - FORNECIMENTO E INSTALAÇÃO. AF_03/2023","UN",19.53]
[91917,"CURVA 90 GRAUS PARA ELETRODUTO, PVC, ROSCÁVEL, DN 32 MM (1\"), PARA CIRCUITOS TERMINAIS, INSTALADA EM PAREDE - FORNECIMENTO E INSTALAÇÃO. AF_03/2023","UN",20.54]
[91919,"CURVA 180 GRAUS PARA ELETRODUTO, PVC, ROSCÁVEL, DN 32 MM (1\"), PARA CIRCUITOS TERMINAIS, INSTALADA EM PAREDE - FORNECIMENTO E INSTALAÇÃO. AF_03/2023","UN",22.74]
[91920,"CURVA 90 GRAUS PARA ELETRODUTO, PVC, ROSCÁVEL, DN 40 MM (1 1/4\"), PARA CIRCUITOS TERMINAIS, INSTALADA EM PAREDE - FORNECIMENTO E INSTALAÇÃO. AF_03/2023","UN",22.92]
[91922,"CURVA 180 GRAUS PARA ELETRODUTO, PVC, ROSCÁVEL, DN 40 MM (1 1/4\"), PARA CIRCUITOS TERMINAIS, INSTALADA EM PAREDE - FORNECIMENTO E INSTALAÇÃO. AF_03/2023","UN",25.27]
[93013,"LUVA PARA ELETRODUTO, PVC, ROSCÁVEL, DN 50 MM (1 1/2\"), PARA REDE ENTERRADA DE DISTRIBUIÇÃO DE ENERGIA ELÉTRICA - FORNECIMENTO E INSTALAÇÃO. AF_12/2021","UN",14.81]
[93014,"LUVA PARA ELETRODUTO, PVC, ROSCÁVEL, DN 60 MM (2\"), PARA REDE ENTERRADA DE DISTRIBUIÇÃO DE ENERGIA ELÉTRICA - FORNECIMENTO E INSTALAÇÃO. AF_12/2021","UN",18.2]
[93015,"LUVA PARA ELETRODUTO, PVC, ROSCÁVEL, DN 75 MM (2 1/2\"), PARA REDE ENTERRADA DE DISTRIBUIÇÃO DE ENERGIA ELÉTRICA - FORNECIMENTO E INSTALAÇÃO. AF_12/2021","UN",27.59]
[93016,"LUVA PARA ELETRODUTO, PVC, ROSCÁVEL, DN 85 MM (3\"), PARA REDE ENTERRADA DE DISTRIBUIÇÃO DE ENERGIA ELÉTRICA - FORNECIMENTO E INSTALAÇÃO. AF_12/2021","UN",33.54]
[93017,"LUVA PARA ELETRODUTO, PVC, ROSCÁVEL, DN 110 MM (4\"), PARA REDE ENTERRADA DE DISTRIBUIÇÃO DE ENERGIA ELÉTRICA - FORNECIMENTO E INSTALAÇÃO. AF_12/2021","UN",50.43]
[93018,"CURVA 90 GRAUS PARA ELETRODUTO, PVC, ROSCÁVEL, DN 50 MM (1 1/2\"), PARA REDE ENTERRADA DE DISTRIBUIÇÃO DE ENERGIA ELÉTRICA - FORNECIMENTO E INSTALAÇÃO. AF_12/2021","UN",22.62]
[93020,"CURVA 90 GRAUS PARA ELETRODUTO, PVC, ROSCÁVEL, DN 60 MM (2\"), PARA REDE ENTERRADA DE DISTRIBUIÇÃO DE ENERGIA ELÉTRICA - FORNECIMENTO E INSTALAÇÃO. AF_12/2021","UN",29]
[93022,"CURVA 90 GRAUS PARA ELETRODUTO, PVC, ROSCÁVEL, DN 75 MM (2 1/2\"), PARA REDE ENTERRADA DE DISTRIBUIÇÃO DE ENERGIA ELÉTRICA - FORNECIMENTO E INSTALAÇÃO. AF_12/2021","UN",48.48]
[93024,"CURVA 90 GRAUS PARA ELETRODUTO, PVC, ROSCÁVEL, DN 85 MM (3\"), PARA REDE ENTERRADA DE DISTRIBUIÇÃO DE ENERGIA ELÉTRICA - FORNECIMENTO E INSTALAÇÃO. AF_12/2021","UN",50.97]
[93026,"CURVA 90 GRAUS PARA ELETRODUTO, PVC, ROSCÁVEL, DN 110 MM (4\"), PARA REDE ENTERRADA DE DISTRIBUIÇÃO DE ENERGIA ELÉTRICA - FORNECIMENTO E INSTALAÇÃO. AF_12/2021","UN",83.37]
[97559,"CURVA 135 GRAUS PARA ELETRODUTO, PVC, ROSCÁVEL, DN 25 MM (3/4\"), PARA CIRCUITOS TERMINAIS, INSTALADA EM FORRO - FORNECIMENTO E INSTALAÇÃO. AF_03/2023","UN",12.8]
[97562,"CURVA 135 GRAUS PARA ELETRODUTO, PVC, ROSCÁVEL, DN 25 MM (3/4\"), PARA CIRCUITOS TERMINAIS, INSTALADA EM LAJE - FORNECIMENTO E INSTALAÇÃO. AF_03/2023","UN",10.66]
[97564,"CURVA 135 GRAUS PARA ELETRODUTO, PVC, ROSCÁVEL, DN 25 MM (3/4\"), PARA CIRCUITOS TERMINAIS, INSTALADA EM PAREDE - FORNECIMENTO E INSTALAÇÃO. AF_03/2023","UN",17.13]
[104395,"CONDULETE DE PVC, TIPO E, PARA ELETRODUTO DE PVC SOLDÁVEL DN 20 MM (1/2''), APARENTE - FORNECIMENTO E INSTALAÇÃO. AF_10/2022","UN",21.2]
[91924,"CABO DE COBRE FLEXÍVEL ISOLADO, 1,5 MM², ANTI-CHAMA 450/750 V, PARA CIRCUITOS TERMINAIS - FORNECIMENTO E INSTALAÇÃO. AF_03/2023","M",3.07]
[91925,"CABO DE COBRE FLEXÍVEL ISOLADO, 1,5 MM², ANTI-CHAMA 0,6/1,0 KV, PARA CIRCUITOS TERMINAIS - FORNECIMENTO E INSTALAÇÃO. AF_03/2023","M",3.74]
[91926,"CABO DE COBRE FLEXÍVEL ISOLADO, 2,5 MM², ANTI-CHAMA 450/750 V, PARA CIRCUITOS TERMINAIS - FORNECIMENTO E INSTALAÇÃO. AF_03/2023","M",4.49]
[91927,"CABO DE COBRE FLEXÍVEL ISOLADO, 2,5 MM², ANTI-CHAMA 0,6/1,0 KV, PARA CIRCUITOS TERMINAIS - FORNECIMENTO E INSTALAÇÃO. AF_03/2023","M",5.07]
[91928,"CABO DE COBRE FLEXÍVEL ISOLADO, 4 MM², ANTI-CHAMA 450/750 V, PARA CIRCUITOS TERMINAIS - FORNECIMENTO E INSTALAÇÃO. AF_03/2023","M",7]
[91929,"CABO DE COBRE FLEXÍVEL ISOLADO, 4 MM², ANTI-CHAMA 0,6/1,0 KV, PARA CIRCUITOS TERMINAIS - FORNECIMENTO E INSTALAÇÃO. AF_03/2023","M",7.5]
[91930,"CABO DE COBRE FLEXÍVEL ISOLADO, 6 MM², ANTI-CHAMA 450/750 V, PARA CIRCUITOS TERMINAIS - FORNECIMENTO E INSTALAÇÃO. AF_03/2023","M",9.79]
[91931,"CABO DE COBRE FLEXÍVEL ISOLADO, 6 MM², ANTI-CHAMA 0,6/1,0 KV, PARA CIRCUITOS TERMINAIS - FORNECIMENTO E INSTALAÇÃO. AF_03/2023","M",10.61]
[91932,"CABO DE COBRE FLEXÍVEL ISOLADO, 10 MM², ANTI-CHAMA 450/750 V, PARA CIRCUITOS TERMINAIS - FORNECIMENTO E INSTALAÇÃO. AF_03/2023","M",17.65]
[91933,"CABO DE COBRE FLEXÍVEL ISOLADO, 10 MM², ANTI-CHAMA 0,6/1,0 KV, PARA CIRCUITOS TERMINAIS - FORNECIMENTO E INSTALAÇÃO. AF_03/2023","M",17.01]
[91934,"CABO DE COBRE FLEXÍVEL ISOLADO, 16 MM², ANTI-CHAMA 450/750 V, PARA CIRCUITOS TERMINAIS - FORNECIMENTO E INSTALAÇÃO. AF_03/2023","M",25.48]
[91935,"CABO DE COBRE FLEXÍVEL ISOLADO, 16 MM², ANTI-CHAMA 0,6/1,0 KV, PARA CIRCUITOS TERMINAIS - FORNECIMENTO E INSTALAÇÃO. AF_03/2023","M",26.74]
[92979,"CABO DE COBRE FLEXÍVEL ISOLADO, 10 MM², ANTI-CHAMA 450/750 V, PARA DISTRIBUIÇÃO - FORNECIMENTO E INSTALAÇÃO. AF_10/2020","M",11.98]
[92980,"CABO DE COBRE FLEXÍVEL ISOLADO, 10 MM², ANTI-CHAMA 0,6/1,0 KV, PARA DISTRIBUIÇÃO - FORNECIMENTO E INSTALAÇÃO. AF_10/2020","M",11.44]
[92981,"CABO DE COBRE FLEXÍVEL ISOLADO, 16 MM², ANTI-CHAMA 450/750 V, PARA DISTRIBUIÇÃO - FORNECIMENTO E INSTALAÇÃO. AF_10/2020","M",17.1]
[92982,"CABO DE COBRE FLEXÍVEL ISOLADO, 16 MM², ANTI-CHAMA 0,6/1,0 KV, PARA DISTRIBUIÇÃO - FORNECIMENTO E INSTALAÇÃO. AF_10/2020","M",18.13]
[92984,"CABO DE COBRE FLEXÍVEL ISOLADO, 25 MM², ANTI-CHAMA 0,6/1,0 KV, PARA REDE ENTERRADA DE DISTRIBUIÇÃO DE ENERGIA ELÉTRICA - FORNECIMENTO E INSTALAÇÃO. AF_12/2021","M",29.77]
[92986,"CABO DE COBRE FLEXÍVEL ISOLADO, 35 MM², ANTI-CHAMA 0,6/1,0 KV, PARA REDE ENTERRADA DE DISTRIBUIÇÃO DE ENERGIA ELÉTRICA - FORNECIMENTO E INSTALAÇÃO. AF_12/2021","M",41.26]
[92988,"CABO DE COBRE FLEXÍVEL ISOLADO, 50 MM², ANTI-CHAMA 0,6/1,0 KV, PARA REDE ENTERRADA DE DISTRIBUIÇÃO DE ENERGIA ELÉTRICA - FORNECIMENTO E INSTALAÇÃO. AF_12/2021","M",60.03]
[92990,"CABO DE COBRE FLEXÍVEL ISOLADO, 70 MM², ANTI-CHAMA 0,6/1,0 KV, PARA REDE ENTERRADA DE DISTRIBUIÇÃO DE ENERGIA ELÉTRICA - FORNECIMENTO E INSTALAÇÃO. AF_12/2021","M",83.22]
[92992,"CABO DE COBRE FLEXÍVEL ISOLADO, 95 MM², ANTI-CHAMA 0,6/1,0 KV, PARA REDE ENTERRADA DE DISTRIBUIÇÃO DE ENERGIA ELÉTRICA - FORNECIMENTO E INSTALAÇÃO. AF_12/2021","M",107.66]
[92994,"CABO DE COBRE FLEXÍVEL ISOLADO, 120 MM², ANTI-CHAMA 0,6/1,0 KV, PARA REDE ENTERRADA DE DISTRIBUIÇÃO DE ENERGIA ELÉTRICA - FORNECIMENTO E INSTALAÇÃO. AF_12/2021","M",140.02]
[92996,"CABO DE COBRE FLEXÍVEL ISOLADO, 150 MM², ANTI-CHAMA 0,6/1,0 KV, PARA REDE ENTERRADA DE DISTRIBUIÇÃO DE ENERGIA ELÉTRICA - FORNECIMENTO E INSTALAÇÃO. AF_12/2021","M",169.44]
[92998,"CABO DE COBRE FLEXÍVEL ISOLADO, 185 MM², ANTI-CHAMA 0,6/1,0 KV, PARA REDE ENTERRADA DE DISTRIBUIÇÃO DE ENERGIA ELÉTRICA - FORNECIMENTO E INSTALAÇÃO. AF_12/2021","M",207.72]
[93000,"CABO DE COBRE FLEXÍVEL ISOLADO, 240 MM², ANTI-CHAMA 0,6/1,0 KV, PARA REDE ENTERRADA DE DISTRIBUIÇÃO DE ENERGIA ELÉTRICA - FORNECIMENTO E INSTALAÇÃO. AF_12/2021","M",275.15]
[93002,"CABO DE COBRE FLEXÍVEL ISOLADO, 300 MM², ANTI-CHAMA 0,6/1,0 KV, PARA REDE ENTERRADA DE DISTRIBUIÇÃO DE ENERGIA ELÉTRICA - FORNECIMENTO E INSTALAÇÃO. AF_12/2021","M",355.95]
[101884,"CABO DE COBRE ISOLADO, 10 MM², ANTI-CHAMA 450/750 V, INSTALADO EM ELETROCALHA OU PERFILADO - FORNECIMENTO E INSTALAÇÃO. AF_10/2020","M",11.73]
[101885,"CABO DE COBRE ISOLADO, 10 MM², ANTI-CHAMA 0,6/1 KV, INSTALADO EM ELETROCALHA OU PERFILADO - FORNECIMENTO E INSTALAÇÃO. AF_10/2020","M",11.19]
[101886,"CABO DE COBRE ISOLADO, 16 MM², ANTI-CHAMA 450/750 V, INSTALADO EM ELETROCALHA OU PERFILADO - FORNECIMENTO E INSTALAÇÃO. AF_10/2020","M",16.81]
[101887,"CABO DE COBRE ISOLADO, 16 MM², ANTI-CHAMA 0,6/1 KV, INSTALADO EM ELETROCALHA OU PERFILADO - FORNECIMENTO E INSTALAÇÃO. AF_10/2020","M",17.84]
[101888,"CABO DE COBRE ISOLADO, 25 MM², ANTI-CHAMA 450/750 V, INSTALADO EM ELETROCALHA OU PERFILADO - FORNECIMENTO E INSTALAÇÃO. AF_10/2020","M",26.36]
[101889,"CABO DE COBRE ISOLADO, 25 MM², ANTI-CHAMA 0,6/1 KV, INSTALADO EM ELETROCALHA OU PERFILADO - FORNECIMENTO E INSTALAÇÃO. AF_10/2020","M",27.71]
[91936,"CAIXA OCTOGONAL 4\" X 4\", PVC, INSTALADA EM LAJE - FORNECIMENTO E INSTALAÇÃO. AF_03/2023","UN",17.55]
[91937,"CAIXA OCTOGONAL 3\" X 3\", PVC, INSTALADA EM LAJE - FORNECIMENTO E INSTALAÇÃO. AF_03/2023","UN",15.47]
[91939,"CAIXA RETANGULAR 4\" X 2\" ALTA (2,00 M DO PISO), PVC, INSTALADA EM PAREDE - FORNECIMENTO E INSTALAÇÃO. AF_03/2023","UN",30.04]
[91940,"CAIXA RETANGULAR 4\" X 2\" MÉDIA (1,30 M DO PISO), PVC, INSTALADA EM PAREDE - FORNECIMENTO E INSTALAÇÃO. AF_03/2023","UN",17.45]
[91941,"CAIXA RETANGULAR 4\" X 2\" BAIXA (0,30 M DO PISO), PVC, INSTALADA EM PAREDE - FORNECIMENTO E INSTALAÇÃO. AF_03/2023","UN",11.27]
[91942,"CAIXA RETANGULAR 4\" X 4\" ALTA (2,00 M DO PISO), PVC, INSTALADA EM PAREDE - FORNECIMENTO E INSTALAÇÃO. AF_03/2023","UN",33.78]
[91943,"CAIXA RETANGULAR 4\" X 4\" MÉDIA (1,30 M DO PISO), PVC, INSTALADA EM PAREDE - FORNECIMENTO E INSTALAÇÃO. AF_03/2023","UN",20.74]
[91944,"CAIXA RETANGULAR 4\" X 4\" BAIXA (0,30 M DO PISO), PVC, INSTALADA EM PAREDE - FORNECIMENTO E INSTALAÇÃO. AF_03/2023","UN",14.32]
[92865,"CAIXA OCTOGONAL 4\" X 4\", METÁLICA, INSTALADA EM LAJE - FORNECIMENTO E INSTALAÇÃO. AF_03/2023","UN",14.73]
[92866,"CAIXA SEXTAVADA 3\" X 3\", METÁLICA, INSTALADA EM LAJE - FORNECIMENTO E INSTALAÇÃO. AF_03/2023","UN",12.59]
[92867,"CAIXA RETANGULAR 4\" X 2\" ALTA (2,00 M DO PISO), METÁLICA, INSTALADA EM PAREDE - FORNECIMENTO E INSTALAÇÃO. AF_03/2023","UN",29.29]
[92868,"CAIXA RETANGULAR 4\" X 2\" MÉDIA (1,30 M DO PISO), METÁLICA, INSTALADA EM PAREDE - FORNECIMENTO E INSTALAÇÃO. AF_03/2023","UN",16.7]
[92869,"CAIXA RETANGULAR 4\" X 2\" BAIXA (0,30 M DO PISO), METÁLICA, INSTALADA EM PAREDE - FORNECIMENTO E INSTALAÇÃO. AF_03/2023","UN",10.52]
[92870,"CAIXA RETANGULAR 4\" X 4\" ALTA (2,00 M DO PISO), METÁLICA, INSTALADA EM PAREDE - FORNECIMENTO E INSTALAÇÃO. AF_03/2023","UN",32.53]
[92871,"CAIXA RETANGULAR 4\" X 4\" MÉDIA (1,30 M DO PISO), METÁLICA, INSTALADA EM PAREDE - FORNECIMENTO E INSTALAÇÃO. AF_03/2023","UN",19.49]
[92872,"CAIXA RETANGULAR 4\" X 4\" BAIXA (0,30 M DO PISO), METÁLICA, INSTALADA EM PAREDE - FORNECIMENTO E INSTALAÇÃO. AF_03/2023","UN",13.07]
[95777,"CONDULETE DE ALUMÍNIO, TIPO B, PARA ELETRODUTO DE AÇO GALVANIZADO DN 20 MM (3/4''), APARENTE - FORNECIMENTO E INSTALAÇÃO. AF_10/2022","UN",24.39]
[95778,"CONDULETE DE ALUMÍNIO, TIPO C, PARA ELETRODUTO DE AÇO GALVANIZADO DN 20 MM (3/4''), APARENTE - FORNECIMENTO E INSTALAÇÃO. AF_10/2022","UN",27.24]
[95779,"CONDULETE DE ALUMÍNIO, TIPO E, PARA ELETRODUTO DE AÇO GALVANIZADO DN 20 MM (3/4''), APARENTE - FORNECIMENTO E INSTALAÇÃO. AF_10/2022","UN",22.57]
[95780,"CONDULETE DE ALUMÍNIO, TIPO B, PARA ELETRODUTO DE AÇO GALVANIZADO DN 25 MM (1''), APARENTE - FORNECIMENTO E INSTALAÇÃO. AF_10/2022","UN",29.23]
[95781,"CONDULETE DE ALUMÍNIO, TIPO C, PARA ELETRODUTO DE AÇO GALVANIZADO DN 25 MM (1''), APARENTE - FORNECIMENTO E INSTALAÇÃO. AF_10/2022","UN",33.1]
[95782,"CONDULETE DE ALUMÍNIO, TIPO E, ELETRODUTO DE AÇO GALVANIZADO DN 25 MM (1''), APARENTE - FORNECIMENTO E INSTALAÇÃO. AF_10/2022","UN",31.32]
[95785,"CONDULETE DE ALUMÍNIO, TIPO E, PARA ELETRODUTO DE AÇO GALVANIZADO DN 32 MM (1 1/4''), APARENTE - FORNECIMENTO E INSTALAÇÃO. AF_10/2022","UN",37.24]
[95787,"CONDULETE DE ALUMÍNIO, TIPO LR, PARA ELETRODUTO DE AÇO GALVANIZADO DN 20 MM (3/4''), APARENTE - FORNECIMENTO E INSTALAÇÃO. AF_10/2022","UN",27.08]
[95789,"CONDULETE DE ALUMÍNIO, TIPO LR, PARA ELETRODUTO DE AÇO GALVANIZADO DN 25 MM (1''), APARENTE - FORNECIMENTO E INSTALAÇÃO. AF_10/2022","UN",37.29]
[95791,"CONDULETE DE ALUMÍNIO, TIPO LR, PARA ELETRODUTO DE AÇO GALVANIZADO DN 32 MM (1 1/4''), APARENTE - FORNECIMENTO E INSTALAÇÃO. AF_10/2022","UN",52.27]
[95795,"CONDULETE DE ALUMÍNIO, TIPO T, PARA ELETRODUTO DE AÇO GALVANIZADO DN 20 MM (3/4''), APARENTE - FORNECIMENTO E INSTALAÇÃO. AF_10/2022","UN",30.92]
[95796,"CONDULETE DE ALUMÍNIO, TIPO T, PARA ELETRODUTO DE AÇO GALVANIZADO DN 25 MM (1''), APARENTE - FORNECIMENTO E INSTALAÇÃO. AF_10/2022","UN",43.85]
[95797,"CONDULETE DE ALUMÍNIO, TIPO T, PARA ELETRODUTO DE AÇO GALVANIZADO DN 32 MM (1 1/4''), APARENTE - FORNECIMENTO E INSTALAÇÃO. AF_10/2022","UN",60.98]
[95801,"CONDULETE DE ALUMÍNIO, TIPO X, PARA ELETRODUTO DE AÇO GALVANIZADO DN 20 MM (3/4''), APARENTE - FORNECIMENTO E INSTALAÇÃO. AF_10/2022","UN",37.24]
[95802,"CONDULETE DE ALUMÍNIO, TIPO X, PARA ELETRODUTO DE AÇO GALVANIZADO DN 25 MM (1''), APARENTE - FORNECIMENTO E INSTALAÇÃO. AF_10/2022","UN",46.22]
[95803,"CONDULETE DE ALUMÍNIO, TIPO X, PARA ELETRODUTO DE AÇO GALVANIZADO DN 32 MM (1 1/4''), APARENTE - FORNECIMENTO E INSTALAÇÃO. AF_10/2022","UN",67.79]
[95804,"CONDULETE DE PVC, TIPO B, PARA ELETRODUTO DE PVC SOLDÁVEL DN 20 MM (1/2''), APARENTE - FORNECIMENTO E INSTALAÇÃO. AF_10/2022","UN",21.7]
[95805,"CONDULETE DE PVC, TIPO B, PARA ELETRODUTO DE PVC SOLDÁVEL DN 25 MM (3/4''), APARENTE - FORNECIMENTO E INSTALAÇÃO. AF_10/2022","UN",22.91]
[95806,"CONDULETE DE PVC, TIPO B, PARA ELETRODUTO DE PVC SOLDÁVEL DN 32 MM (1''), APARENTE - FORNECIMENTO E INSTALAÇÃO. AF_10/2022","UN",25.12]
[95807,"CONDULETE DE PVC, TIPO LL, PARA ELETRODUTO DE PVC SOLDÁVEL DN 20 MM (1/2''), APARENTE - FORNECIMENTO E INSTALAÇÃO. AF_10/2022","UN",25.49]
[95808,"CONDULETE DE PVC, TIPO LL, PARA ELETRODUTO DE PVC SOLDÁVEL DN 25 MM (3/4''), APARENTE - FORNECIMENTO E INSTALAÇÃO. AF_10/2022","UN",29.12]
[95809,"CONDULETE DE PVC, TIPO LL, PARA ELETRODUTO DE PVC SOLDÁVEL DN 32 MM (1''), APARENTE - FORNECIMENTO E INSTALAÇÃO. AF_10/2022","UN",36.2]
[95810,"CONDULETE DE PVC, TIPO LB, PARA ELETRODUTO DE PVC SOLDÁVEL DN 20 MM (1/2''), APARENTE - FORNECIMENTO E INSTALAÇÃO. AF_10/2022","UN",16.09]
[95811,"CONDULETE DE PVC, TIPO LB, PARA ELETRODUTO DE PVC SOLDÁVEL DN 25 MM (3/4''), APARENTE - FORNECIMENTO E INSTALAÇÃO. AF_10/2022","UN",19.72]
[95812,"CONDULETE DE PVC, TIPO LB, PARA ELETRODUTO DE PVC SOLDÁVEL DN 32 MM (1''), APARENTE - FORNECIMENTO E INSTALAÇÃO. AF_10/2022","UN",26.8]
[95813,"CONDULETE DE PVC, TIPO TB, PARA ELETRODUTO DE PVC SOLDÁVEL DN 20 MM (1/2''), APARENTE - FORNECIMENTO E INSTALAÇÃO. AF_10/2022","UN",18.67]
[95814,"CONDULETE DE PVC, TIPO TB, PARA ELETRODUTO DE PVC SOLDÁVEL DN 25 MM (3/4''), APARENTE - FORNECIMENTO E INSTALAÇÃO. AF_10/2022","UN",23.52]
[95815,"CONDULETE DE PVC, TIPO TB, PARA ELETRODUTO DE PVC SOLDÁVEL DN 32 MM (1''), APARENTE - FORNECIMENTO E INSTALAÇÃO. AF_10/2022","UN",34.56]
[95816,"CONDULETE DE PVC, TIPO X, PARA ELETRODUTO DE PVC SOLDÁVEL DN 20 MM (1/2''), APARENTE - FORNECIMENTO E INSTALAÇÃO. AF_10/2022","UN",30.92]
[95817,"CONDULETE DE PVC, TIPO X, PARA ELETRODUTO DE PVC SOLDÁVEL DN 25 MM (3/4\"), APARENTE - FORNECIMENTO E INSTALAÇÃO. AF_10/2022","UN",36.48]
[95818,"CONDULETE DE PVC, TIPO X, PARA ELETRODUTO DE PVC SOLDÁVEL DN 32 MM (1''), APARENTE - FORNECIMENTO E INSTALAÇÃO. AF_10/2022","UN",50.71]
[97881,"CAIXA ENTERRADA ELÉTRICA RETANGULAR, EM CONCRETO PRÉ-MOLDADO, FUNDO COM BRITA, DIMENSÕES INTERNAS: 0,3X0,3X0,3 M. AF_12/2020","UN",143]
[97882,"CAIXA ENTERRADA ELÉTRICA RETANGULAR, EM CONCRETO PRÉ-MOLDADO, FUNDO COM BRITA, DIMENSÕES INTERNAS: 0,4X0,4X0,4 M. AF_12/2020","UN",225.93]
[97883,"CAIXA ENTERRADA ELÉTRICA RETANGULAR, EM CONCRETO PRÉ-MOLDADO, FUNDO COM BRITA, DIMENSÕES INTERNAS: 0,6X0,6X0,5 M. AF_12/2020","UN",436.49]
[97884,"CAIXA ENTERRADA ELÉTRICA RETANGULAR, EM CONCRETO PRÉ-MOLDADO, FUNDO COM BRITA, DIMENSÕES INTERNAS: 0,8X0,8X0,5 M. AF_12/2020","UN",856.64]
[97885,"CAIXA ENTERRADA ELÉTRICA RETANGULAR, EM CONCRETO PRÉ-MOLDADO, FUNDO COM BRITA, DIMENSÕES INTERNAS: 1X1X0,5 M. AF_12/2020","UN",{"v":1320.21,"d":"1,320.21"}]
[97886,"CAIXA ENTERRADA ELÉTRICA RETANGULAR, EM ALVENARIA COM TIJOLOS CERÂMICOS MACIÇOS, FUNDO COM BRITA, DIMENSÕES INTERNAS: 0,3X0,3X0,3 M. AF_12/2020","UN",171.96]
[97887,"CAIXA ENTERRADA ELÉTRICA RETANGULAR, EM ALVENARIA COM TIJOLOS CERÂMICOS MACIÇOS, FUNDO COM BRITA, DIMENSÕES INTERNAS: 0,4X0,4X0,4 M. AF_12/2020","UN",270.57]
[97888,"CAIXA ENTERRADA ELÉTRICA RETANGULAR, EM ALVENARIA COM TIJOLOS CERÂMICOS MACIÇOS, FUNDO COM BRITA, DIMENSÕES INTERNAS: 0,6X0,6X0,6 M. AF_12/2020","UN",523.41]
[97889,"CAIXA ENTERRADA ELÉTRICA RETANGULAR, EM ALVENARIA COM TIJOLOS CERÂMICOS MACIÇOS, FUNDO COM BRITA, DIMENSÕES INTERNAS: 0,8X0,8X0,6 M. AF_12/2020","UN",710.1]
[97890,"CAIXA ENTERRADA ELÉTRICA RETANGULAR, EM ALVENARIA COM TIJOLOS CERÂMICOS MACIÇOS, FUNDO COM BRITA, DIMENSÕES INTERNAS: 1X1X0,6 M. AF_12/2020","UN",817.05]
[97891,"CAIXA ENTERRADA ELÉTRICA RETANGULAR, EM ALVENARIA COM BLOCOS DE CONCRETO, FUNDO COM BRITA, DIMENSÕES INTERNAS: 0,4X0,4X0,4 M. AF_12/2020","UN",209.32]
[97892,"CAIXA ENTERRADA ELÉTRICA RETANGULAR, EM ALVENARIA COM BLOCOS DE CONCRETO, FUNDO COM BRITA, DIMENSÕES INTERNAS: 0,6X0,6X0,6 M. AF_12/2020","UN",393.94]
[97893,"CAIXA ENTERRADA ELÉTRICA RETANGULAR, EM ALVENARIA COM BLOCOS DE CONCRETO, FUNDO COM BRITA, DIMENSÕES INTERNAS: 0,8X0,8X0,6 M. AF_12/2020","UN",544.96]
[97894,"CAIXA ENTERRADA ELÉTRICA RETANGULAR, EM ALVENARIA COM BLOCOS DE CONCRETO, FUNDO COM BRITA, DIMENSÕES INTERNAS: 1X1X0,6 M. AF_12/2020","UN",616.95]
[104396,"CONDULETE DE PVC, TIPO E, PARA ELETRODUTO DE PVC SOLDÁVEL DN 25 MM (3/4''), APARENTE - FORNECIMENTO E INSTALAÇÃO. AF_10/2022","UN",21.57]
[104397,"CONDULETE DE PVC, TIPO E, PARA ELETRODUTO DE PVC SOLDÁVEL DN 32 MM (1''), APARENTE - FORNECIMENTO E INSTALAÇÃO. AF_10/2022","UN",25.76]
[104398,"CONDULETE DE PVC, TIPO LR, PARA ELETRODUTO DE PVC SOLDÁVEL DN 20 MM (1/2''), APARENTE - FORNECIMENTO E INSTALAÇÃO. AF_10/2022","UN",25.48]
[104399,"CONDULETE DE PVC, TIPO LR, PARA ELETRODUTO DE PVC SOLDÁVEL DN 25 MM (3/4''), APARENTE - FORNECIMENTO E INSTALAÇÃO. AF_10/2022","UN",27.77]
[104400,"CONDULETE DE PVC, TIPO LR, PARA ELETRODUTO DE PVC SOLDÁVEL DN 32 MM (1''), APARENTE - FORNECIMENTO E INSTALAÇÃO. AF_10/2022","UN",35.62]
[104401,"CONDULETE DE PVC, TIPO C, PARA ELETRODUTO DE PVC SOLDÁVEL DN 20 MM (1/2''), APARENTE - FORNECIMENTO E INSTALAÇÃO. AF_10/2022","UN",24.14]
[104402,"CONDULETE DE PVC, TIPO C, PARA ELETRODUTO DE PVC SOLDÁVEL DN 25 MM (3/4''), APARENTE - FORNECIMENTO E INSTALAÇÃO. AF_10/2022","UN",25.23]
[104403,"CONDULETE DE PVC, TIPO C, PARA ELETRODUTO DE PVC SOLDÁVEL DN 32 MM (1''), APARENTE - FORNECIMENTO E INSTALAÇÃO. AF_10/2022","UN",31.38]
[104404,"CONDULETE DE PVC, TIPO T, PARA ELETRODUTO DE PVC SOLDÁVEL DN 25 MM (3/4''), APARENTE - FORNECIMENTO E INSTALAÇÃO. AF_10/2022","UN",32.5]
[104405,"CONDULETE DE PVC, TIPO T, PARA ELETRODUTO DE PVC SOLDÁVEL DN 32 MM (1''), APARENTE - FORNECIMENTO E INSTALAÇÃO. AF_10/2022","UN",43.96]
[93653,"DISJUNTOR MONOPOLAR TIPO DIN, CORRENTE NOMINAL DE 10A - FORNECIMENTO E INSTALAÇÃO. AF_10/2020","UN",12.36]
[93654,"DISJUNTOR MONOPOLAR TIPO DIN, CORRENTE NOMINAL DE 16A - FORNECIMENTO E INSTALAÇÃO. AF_10/2020","UN",12.96]
[93655,"DISJUNTOR MONOPOLAR TIPO DIN, CORRENTE NOMINAL DE 20A - FORNECIMENTO E INSTALAÇÃO. AF_10/2020","UN",14.25]
[93656,"DISJUNTOR MONOPOLAR TIPO DIN, CORRENTE NOMINAL DE 25A - FORNECIMENTO E INSTALAÇÃO. AF_10/2020","UN",14.25]
[93657,"DISJUNTOR MONOPOLAR TIPO DIN, CORRENTE NOMINAL DE 32A - FORNECIMENTO E INSTALAÇÃO. AF_10/2020","UN",15.78]
[93658,"DISJUNTOR MONOPOLAR TIPO DIN, CORRENTE NOMINAL DE 40A - FORNECIMENTO E INSTALAÇÃO. AF_10/2020","UN",22.62]
[93659,"DISJUNTOR MONOPOLAR TIPO DIN, CORRENTE NOMINAL DE 50A - FORNECIMENTO E INSTALAÇÃO. AF_10/2020","UN",25.64]
[93660,"DISJUNTOR BIPOLAR TIPO DIN, CORRENTE NOMINAL DE 10A - FORNECIMENTO E INSTALAÇÃO. AF_10/2020","UN",59.88]
[93661,"DISJUNTOR BIPOLAR TIPO DIN, CORRENTE NOMINAL DE 16A - FORNECIMENTO E INSTALAÇÃO. AF_10/2020","UN",61.09]
[93662,"DISJUNTOR BIPOLAR TIPO DIN, CORRENTE NOMINAL DE 20A - FORNECIMENTO E INSTALAÇÃO. AF_10/2020","UN",63.66]
[93663,"DISJUNTOR BIPOLAR TIPO DIN, CORRENTE NOMINAL DE 25A - FORNECIMENTO E INSTALAÇÃO. AF_10/2020","UN",63.66]
[93664,"DISJUNTOR BIPOLAR TIPO DIN, CORRENTE NOMINAL DE 32A - FORNECIMENTO E INSTALAÇÃO. AF_10/2020","UN",66.71]
[93665,"DISJUNTOR BIPOLAR TIPO DIN, CORRENTE NOMINAL DE 40A - FORNECIMENTO E INSTALAÇÃO. AF_10/2020","UN",70.49]
[93666,"DISJUNTOR BIPOLAR TIPO DIN, CORRENTE NOMINAL DE 50A - FORNECIMENTO E INSTALAÇÃO. AF_10/2020","UN",76.51]
[93667,"DISJUNTOR TRIPOLAR TIPO DIN, CORRENTE NOMINAL DE 10A - FORNECIMENTO E INSTALAÇÃO. AF_10/2020","UN",74.99]
[93668,"DISJUNTOR TRIPOLAR TIPO DIN, CORRENTE NOMINAL DE 16A - FORNECIMENTO E INSTALAÇÃO. AF_10/2020","UN",76.8]
[93669,"DISJUNTOR TRIPOLAR TIPO DIN, CORRENTE NOMINAL DE 20A - FORNECIMENTO E INSTALAÇÃO. AF_10/2020","UN",80.67]
[93670,"DISJUNTOR TRIPOLAR TIPO DIN, CORRENTE NOMINAL DE 25A - FORNECIMENTO E INSTALAÇÃO. AF_10/2020","UN",80.67]
[93671,"DISJUNTOR TRIPOLAR TIPO DIN, CORRENTE NOMINAL DE 32A - FORNECIMENTO E INSTALAÇÃO. AF_10/2020","UN",85.23]
[93672,"DISJUNTOR TRIPOLAR TIPO DIN, CORRENTE NOMINAL DE 40A - FORNECIMENTO E INSTALAÇÃO. AF_10/2020","UN",92.14]
[93673,"DISJUNTOR TRIPOLAR TIPO DIN, CORRENTE NOMINAL DE 50A - FORNECIMENTO E INSTALAÇÃO. AF_10/2020","UN",101.19]
[97359,"QUADRO DE MEDIÇÃO GERAL DE ENERGIA COM 8 MEDIDORES - FORNECIMENTO E INSTALAÇÃO. AF_10/2020","UN",{"v":3861.33,"d":"3,861.33"}]
[97360,"QUADRO DE MEDIÇÃO GERAL DE ENERGIA COM 12 MEDIDORES - FORNECIMENTO E INSTALAÇÃO. AF_10/2020","UN",{"v":7449.5,"d":"7,449.50"}]
[97361,"QUADRO DE MEDIÇÃO GERAL DE ENERGIA COM 16 MEDIDORES - FORNECIMENTO E INSTALAÇÃO. AF_10/2020","UN",{"v":9932.68,"d":"9,932.68"}]
[97362,"QUADRO DE MEDIÇÃO GERAL DE ENERGIA PARA BARRAMENTO BLINDADO COM 4 MEDIDORES - FORNECIMENTO E INSTALAÇÃO. AF_10/2020","UN",{"v":2124.81,"d":"2,124.81"}]
[101875,"QUADRO DE DISTRIBUIÇÃO DE ENERGIA EM CHAPA DE AÇO GALVANIZADO, DE EMBUTIR, COM BARRAMENTO TRIFÁSICO, PARA 12 DISJUNTORES DIN 100A - FORNECIMENTO E INSTALAÇÃO. AF_10/2020","UN",454.19]
[101876,"QUADRO DE DISTRIBUIÇÃO DE ENERGIA EM PVC, DE EMBUTIR, SEM BARRAMENTO, PARA 6 DISJUNTORES - FORNECIMENTO E INSTALAÇÃO. AF_10/2020","UN",85.74]
[101877,"QUADRO DE DISTRIBUIÇÃO DE ENERGIA EM PVC, DE EMBUTIR, SEM BARRAMENTO, PARA 3 DISJUNTORES - FORNECIMENTO E INSTALAÇÃO. AF_10/2020","UN",58.86]
[101878,"QUADRO DE DISTRIBUIÇÃO DE ENERGIA EM CHAPA DE AÇO GALVANIZADO, DE SOBREPOR, COM BARRAMENTO TRIFÁSICO, PARA 18 DISJUNTORES DIN 100A - FORNECIMENTO E INSTALAÇÃO. AF_10/2020","UN",621.61]
[101879,"QUADRO DE DISTRIBUIÇÃO DE ENERGIA EM CHAPA DE AÇO GALVANIZADO, DE EMBUTIR, COM BARRAMENTO TRIFÁSICO, PARA 24 DISJUNTORES DIN 100A - FORNECIMENTO E INSTALAÇÃO. AF_10/2020","UN",658.34]
[101880,"QUADRO DE DISTRIBUIÇÃO DE ENERGIA EM CHAPA DE AÇO GALVANIZADO, DE EMBUTIR, COM BARRAMENTO TRIFÁSICO, PARA 30 DISJUNTORES DIN 150A - FORNECIMENTO E INSTALAÇÃO. AF_10/2020","UN",757.99]
[101881,"QUADRO DE DISTRIBUIÇÃO DE ENERGIA EM CHAPA DE AÇO GALVANIZADO, DE EMBUTIR, COM BARRAMENTO TRIFÁSICO, PARA 40 DISJUNTORES DIN 100A - FORNECIMENTO E INSTALAÇÃO. AF_10/2020","UN",{"v":1091.19,"d":"1,091.19"}]
[101882,"QUADRO DE DISTRIBUIÇÃO DE ENERGIA EM CHAPA DE AÇO GALVANIZADO, DE EMBUTIR, COM BARRAMENTO TRIFÁSICO, PARA 30 DISJUNTORES DIN 225A - FORNECIMENTO E INSTALAÇÃO. AF_10/2020","UN",{"v":1550.5,"d":"1,550.50"}]
[101883,"QUADRO DE DISTRIBUIÇÃO DE ENERGIA EM CHAPA DE AÇO GALVANIZADO, DE EMBUTIR, COM BARRAMENTO TRIFÁSICO, PARA 18 DISJUNTORES DIN 100A - FORNECIMENTO E INSTALAÇÃO. AF_10/2020","UN",627.44]
[101890,"DISJUNTOR MONOPOLAR TIPO NEMA, CORRENTE NOMINAL DE 10 ATÉ 30A - FORNECIMENTO E INSTALAÇÃO. AF_10/2020","UN",17.03]
[101891,"DISJUNTOR MONOPOLAR TIPO NEMA, CORRENTE NOMINAL DE 35 ATÉ 50A - FORNECIMENTO E INSTALAÇÃO. AF_10/2020","UN",29.11]
[101892,"DISJUNTOR BIPOLAR TIPO NEMA, CORRENTE NOMINAL DE 10 ATÉ 50A - FORNECIMENTO E INSTALAÇÃO. AF_10/2020","UN",75.33]
[101893,"DISJUNTOR TRIPOLAR TIPO NEMA, CORRENTE NOMINAL DE 10 ATÉ 50A - FORNECIMENTO E INSTALAÇÃO. AF_10/2020","UN",96.41]
[101894,"DISJUNTOR TRIPOLAR TIPO NEMA, CORRENTE NOMINAL DE 60 ATÉ 100A - FORNECIMENTO E INSTALAÇÃO. AF_10/2020","UN",163.75]
[101895,"DISJUNTOR TERMOMAGNÉTICO TRIPOLAR , CORRENTE NOMINAL DE 125A - FORNECIMENTO E INSTALAÇÃO. AF_10/2020","UN",445.33]
[101896,"DISJUNTOR TERMOMAGNÉTICO TRIPOLAR , CORRENTE NOMINAL DE 200A - FORNECIMENTO E INSTALAÇÃO. AF_10/2020","UN",669.76]
[101897,"DISJUNTOR TERMOMAGNÉTICO TRIPOLAR , CORRENTE NOMINAL DE 250A - FORNECIMENTO E INSTALAÇÃO. AF_10/2020","UN",{"v":1069.88,"d":"1,069.88"}]
[101898,"DISJUNTOR TERMOMAGNÉTICO TRIPOLAR , CORRENTE NOMINAL DE 400A - FORNECIMENTO E INSTALAÇÃO. AF_10/2020","UN",{"v":1429.35,"d":"1,429.35"}]
[101899,"DISJUNTOR TERMOMAGNÉTICO TRIPOLAR , CORRENTE NOMINAL DE 600A - FORNECIMENTO E INSTALAÇÃO. AF_10/2020","UN",{"v":2284.39,"d":"2,284.39"}]
[101900,"DISJUNTOR BAIXA TENSÃO TRIPOLAR A SECO  800A/600V - FORNECIMENTO E INSTALAÇÃO. AF_10/2020","UN",{"v":4760.96,"d":"4,760.96"}]
[101901,"CONTATOR TRIPOLAR I NOMINAL 12A - FORNECIMENTO E INSTALAÇÃO. AF_10/2020","UN",158.4]
[101902,"CONTATOR TRIPOLAR I NOMINAL 22A - FORNECIMENTO E INSTALAÇÃO. AF_10/2020","UN",195.69]
[101903,"CONTATOR TRIPOLAR I NOMINAL 38A - FORNECIMENTO E INSTALAÇÃO. AF_10/2020","UN",407.63]
[101904,"CONTATOR TRIPOLAR I NOMIMAL 95A - FORNECIMENTO E INSTALAÇÃO. AF_10/2020","UN",{"v":1500.04,"d":"1,500.04"}]
[101938,"CAIXA DE PROTEÇÃO PARA MEDIDOR MONOFÁSICO DE EMBUTIR - FORNECIMENTO E INSTALAÇÃO. AF_10/2020","UN",115.34]
[101946,"QUADRO DE MEDIÇÃO GERAL DE ENERGIA PARA 1 MEDIDOR DE SOBREPOR - FORNECIMENTO E INSTALAÇÃO. AF_10/2020","UN",164.43]
[91945,"SUPORTE PARAFUSADO COM PLACA DE ENCAIXE 4\" X 2\" ALTO (2,00 M DO PISO) PARA PONTO ELÉTRICO - FORNECIMENTO E INSTALAÇÃO. AF_03/2023","UN",13.41]
[91946,"SUPORTE PARAFUSADO COM PLACA DE ENCAIXE 4\" X 2\" MÉDIO (1,30 M DO PISO) PARA PONTO ELÉTRICO - FORNECIMENTO E INSTALAÇÃO. AF_03/2023","UN",10.55]
[91947,"SUPORTE PARAFUSADO COM PLACA DE ENCAIXE 4\" X 2\" BAIXO (0,30 M DO PISO) PARA PONTO ELÉTRICO - FORNECIMENTO E INSTALAÇÃO. AF_03/2023","UN",8.74]
[91949,"SUPORTE PARAFUSADO COM PLACA DE ENCAIXE 4\" X 4\" ALTO (2,00 M DO PISO) PARA PONTO ELÉTRICO - FORNECIMENTO E INSTALAÇÃO. AF_03/2023","UN",19]
[91950,"SUPORTE PARAFUSADO COM PLACA DE ENCAIXE 4\" X 4\" MÉDIO (1,30 M DO PISO) PARA PONTO ELÉTRICO - FORNECIMENTO E INSTALAÇÃO. AF_03/2023","UN",15.5]
[91951,"SUPORTE PARAFUSADO COM PLACA DE ENCAIXE 4\" X 4\" BAIXO (0,30 M DO PISO) PARA PONTO ELÉTRICO - FORNECIMENTO E INSTALAÇÃO. AF_03/2023","UN",13.4]
[91952,"INTERRUPTOR SIMPLES (1 MÓDULO), 10A/250V, SEM SUPORTE E SEM PLACA - FORNECIMENTO E INSTALAÇÃO. AF_03/2023","UN",18]
[91953,"INTERRUPTOR SIMPLES (1 MÓDULO), 10A/250V, INCLUINDO SUPORTE E PLACA - FORNECIMENTO E INSTALAÇÃO. AF_03/2023","UN",28.55]
[91954,"INTERRUPTOR PARALELO (1 MÓDULO), 10A/250V, SEM SUPORTE E SEM PLACA - FORNECIMENTO E INSTALAÇÃO. AF_03/2023","UN",24.17]
[91955,"INTERRUPTOR PARALELO (1 MÓDULO), 10A/250V, INCLUINDO SUPORTE E PLACA - FORNECIMENTO E INSTALAÇÃO. AF_03/2023","UN",34.72]
[91956,"INTERRUPTOR SIMPLES (1 MÓDULO) COM INTERRUPTOR PARALELO (1 MÓDULO), 10A/250V, SEM SUPORTE E SEM PLACA - FORNECIMENTO E INSTALAÇÃO. AF_03/2023","UN",39.12]
[91957,"INTERRUPTOR SIMPLES (1 MÓDULO) COM INTERRUPTOR PARALELO (1 MÓDULO), 10A/250V, INCLUINDO SUPORTE E PLACA - FORNECIMENTO E INSTALAÇÃO. AF_03/2023","UN",49.67]
[91958,"INTERRUPTOR SIMPLES (2 MÓDULOS), 10A/250V, SEM SUPORTE E SEM PLACA - FORNECIMENTO E INSTALAÇÃO. AF_03/2023","UN",33]
[91959,"INTERRUPTOR SIMPLES (2 MÓDULOS), 10A/250V, INCLUINDO SUPORTE E PLACA - FORNECIMENTO E INSTALAÇÃO. AF_03/2023","UN",43.55]
[91960,"INTERRUPTOR PARALELO (2 MÓDULOS), 10A/250V, SEM SUPORTE E SEM PLACA - FORNECIMENTO E INSTALAÇÃO. AF_03/2023","UN",45.34]
[91961,"INTERRUPTOR PARALELO (2 MÓDULOS), 10A/250V, INCLUINDO SUPORTE E PLACA - FORNECIMENTO E INSTALAÇÃO. AF_03/2023","UN",55.89]
[91962,"INTERRUPTOR SIMPLES (1 MÓDULO) COM INTERRUPTOR PARALELO (2 MÓDULOS), 10A/250V, SEM SUPORTE E SEM PLACA - FORNECIMENTO E INSTALAÇÃO. AF_03/2023","UN",60.28]
[91963,"INTERRUPTOR SIMPLES (1 MÓDULO) COM INTERRUPTOR PARALELO (2 MÓDULOS), 10A/250V, INCLUINDO SUPORTE E PLACA - FORNECIMENTO E INSTALAÇÃO. AF_03/2023","UN",70.83]
[91964,"INTERRUPTOR SIMPLES (2 MÓDULOS) COM INTERRUPTOR PARALELO (1 MÓDULO), 10A/250V, SEM SUPORTE E SEM PLACA - FORNECIMENTO E INSTALAÇÃO. AF_03/2023","UN",54.12]
[91965,"INTERRUPTOR SIMPLES (2 MÓDULOS) COM INTERRUPTOR PARALELO (1 MÓDULO), 10A/250V, INCLUINDO SUPORTE E PLACA - FORNECIMENTO E INSTALAÇÃO. AF_03/2023","UN",64.67]
[91966,"INTERRUPTOR SIMPLES (3 MÓDULOS), 10A/250V, SEM SUPORTE E SEM PLACA - FORNECIMENTO E INSTALAÇÃO. AF_03/2023","UN",48.01]
[91967,"INTERRUPTOR SIMPLES (3 MÓDULOS), 10A/250V, INCLUINDO SUPORTE E PLACA - FORNECIMENTO E INSTALAÇÃO. AF_03/2023","UN",58.56]
[91968,"INTERRUPTOR PARALELO (3 MÓDULOS), 10A/250V, SEM SUPORTE E SEM PLACA - FORNECIMENTO E INSTALAÇÃO. AF_03/2023","UN",66.44]
[91969,"INTERRUPTOR PARALELO (3 MÓDULOS), 10A/250V, INCLUINDO SUPORTE E PLACA - FORNECIMENTO E INSTALAÇÃO. AF_03/2023","UN",76.99]
[91970,"INTERRUPTOR SIMPLES (3 MÓDULOS) COM INTERRUPTOR PARALELO (1 MÓDULO), 10A/250V, SEM SUPORTE E SEM PLACA - FORNECIMENTO E INSTALAÇÃO. AF_03/2023","UN",69.46]
[91971,"INTERRUPTOR SIMPLES (3 MÓDULOS) COM INTERRUPTOR PARALELO (1 MÓDULO), 10A/250V, INCLUINDO SUPORTE E PLACA - FORNECIMENTO E INSTALAÇÃO. AF_03/2023","UN",84.96]
[91972,"INTERRUPTOR SIMPLES (2 MÓDULOS) COM INTERRUPTOR PARALELO (2 MÓDULOS), 10A/250V, SEM SUPORTE E SEM PLACA - FORNECIMENTO E INSTALAÇÃO. AF_03/2023","UN",75.67]
[91973,"INTERRUPTOR SIMPLES (2 MÓDULOS) COM INTERRUPTOR PARALELO (2 MÓDULOS), 10A/250V, INCLUINDO SUPORTE E PLACA - FORNECIMENTO E INSTALAÇÃO. AF_03/2023","UN",91.17]
[91974,"INTERRUPTOR SIMPLES (4 MÓDULOS), 10A/250V, SEM SUPORTE E SEM PLACA - FORNECIMENTO E INSTALAÇÃO. AF_03/2023","UN",63.29]
[91975,"INTERRUPTOR SIMPLES (4 MÓDULOS), 10A/250V, INCLUINDO SUPORTE E PLACA - FORNECIMENTO E INSTALAÇÃO. AF_03/2023","UN",78.79]
[91976,"INTERRUPTOR SIMPLES (6 MÓDULOS), 10A/250V, SEM SUPORTE E SEM PLACA - FORNECIMENTO E INSTALAÇÃO. AF_03/2023","UN",93.34]
[91977,"INTERRUPTOR SIMPLES (6 MÓDULOS), 10A/250V, INCLUINDO SUPORTE E PLACA - FORNECIMENTO E INSTALAÇÃO. AF_03/2023","UN",108.84]
[91978,"INTERRUPTOR INTERMEDIÁRIO (1 MÓDULO), 10A/250V, SEM SUPORTE E SEM PLACA - FORNECIMENTO E INSTALAÇÃO. AF_03/2023","UN",38.16]
[91979,"INTERRUPTOR INTERMEDIÁRIO (1 MÓDULO), 10A/250V, INCLUINDO SUPORTE E PLACA - FORNECIMENTO E INSTALAÇÃO. AF_03/2023","UN",48.71]
[91980,"INTERRUPTOR BIPOLAR (1 MÓDULO), 10A/250V, SEM SUPORTE E SEM PLACA - FORNECIMENTO E INSTALAÇÃO. AF_03/2023","UN",36.98]
[91981,"INTERRUPTOR BIPOLAR (1 MÓDULO), 10A/250V, INCLUINDO SUPORTE E PLACA - FORNECIMENTO E INSTALAÇÃO. AF_03/2023","UN",47.53]
[91982,"DIMMER ROTATIVO (1 MÓDULO), 220V/600W, SEM SUPORTE E SEM PLACA - FORNECIMENTO E INSTALAÇÃO. AF_03/2023","UN",86.18]
[91983,"DIMMER ROTATIVO (1 MÓDULO), 220V/600W, INCLUINDO SUPORTE E PLACA - FORNECIMENTO E INSTALAÇÃO. AF_03/2023","UN",96.73]
[91984,"INTERRUPTOR PULSADOR CAMPAINHA (1 MÓDULO), 10A/250V, SEM SUPORTE E SEM PLACA - FORNECIMENTO E INSTALAÇÃO. AF_03/2023","UN",16.91]
[91985,"INTERRUPTOR PULSADOR CAMPAINHA (1 MÓDULO), 10A/250V, INCLUINDO SUPORTE E PLACA - FORNECIMENTO E INSTALAÇÃO. AF_03/2023","UN",27.46]
[91986,"CAMPAINHA CIGARRA (1 MÓDULO), 10A/250V, SEM SUPORTE E SEM PLACA - FORNECIMENTO E INSTALAÇÃO. AF_03/2023","UN",35.58]
[91987,"CAMPAINHA CIGARRA (1 MÓDULO), 10A/250V, INCLUINDO SUPORTE E PLACA - FORNECIMENTO E INSTALAÇÃO. AF_03/2023","UN",46.13]
[91988,"INTERRUPTOR PULSADOR MINUTERIA (1 MÓDULO), 10A/250V, SEM SUPORTE E SEM PLACA - FORNECIMENTO E INSTALAÇÃO. AF_03/2023","UN",20.87]
[91989,"INTERRUPTOR PULSADOR MINUTERIA (1 MÓDULO), 10A/250V, INCLUINDO SUPORTE E PLACA - FORNECIMENTO E INSTALAÇÃO. AF_03/2023","UN",31.42]
[91990,"TOMADA ALTA DE EMBUTIR (1 MÓDULO), 2P+T 10 A, SEM SUPORTE E SEM PLACA - FORNECIMENTO E INSTALAÇÃO. AF_03/2023","UN",32.51]
[91991,"TOMADA ALTA DE EMBUTIR (1 MÓDULO), 2P+T 20 A, SEM SUPORTE E SEM PLACA - FORNECIMENTO E INSTALAÇÃO. AF_03/2023","UN",34.65]
[91992,"TOMADA ALTA DE EMBUTIR (1 MÓDULO), 2P+T 10 A, INCLUINDO SUPORTE E PLACA - FORNECIMENTO E INSTALAÇÃO. AF_03/2023","UN",43.06]
[91993,"TOMADA ALTA DE EMBUTIR (1 MÓDULO), 2P+T 20 A, INCLUINDO SUPORTE E PLACA - FORNECIMENTO E INSTALAÇÃO. AF_03/2023","UN",45.2]
[91994,"TOMADA MÉDIA DE EMBUTIR (1 MÓDULO), 2P+T 10 A, SEM SUPORTE E SEM PLACA - FORNECIMENTO E INSTALAÇÃO. AF_03/2023","UN",23.07]
[91995,"TOMADA MÉDIA DE EMBUTIR (1 MÓDULO), 2P+T 20 A, SEM SUPORTE E SEM PLACA - FORNECIMENTO E INSTALAÇÃO. AF_03/2023","UN",25.21]
[91996,"TOMADA MÉDIA DE EMBUTIR (1 MÓDULO), 2P+T 10 A, INCLUINDO SUPORTE E PLACA - FORNECIMENTO E INSTALAÇÃO. AF_03/2023","UN",33.62]
[91997,"TOMADA MÉDIA DE EMBUTIR (1 MÓDULO), 2P+T 20 A, INCLUINDO SUPORTE E PLACA - FORNECIMENTO E INSTALAÇÃO. AF_03/2023","UN",35.76]
[91998,"TOMADA BAIXA DE EMBUTIR (1 MÓDULO), 2P+T 10 A, SEM SUPORTE E SEM PLACA - FORNECIMENTO E INSTALAÇÃO. AF_03/2023","UN",19.42]
[91999,"TOMADA BAIXA DE EMBUTIR (1 MÓDULO), 2P+T 20 A, SEM SUPORTE E SEM PLACA - FORNECIMENTO E INSTALAÇÃO. AF_03/2023","UN",21.56]
[92000,"TOMADA BAIXA DE EMBUTIR (1 MÓDULO), 2P+T 10 A, INCLUINDO SUPORTE E PLACA - FORNECIMENTO E INSTALAÇÃO. AF_03/2023","UN",29.97]
[92001,"TOMADA BAIXA DE EMBUTIR (1 MÓDULO), 2P+T 20 A, INCLUINDO SUPORTE E PLACA - FORNECIMENTO E INSTALAÇÃO. AF_03/2023","UN",32.11]
[92002,"TOMADA MÉDIA DE EMBUTIR (2 MÓDULOS), 2P+T 10 A, SEM SUPORTE E SEM PLACA - FORNECIMENTO E INSTALAÇÃO. AF_03/2023","UN",43.14]
[92003,"TOMADA MÉDIA DE EMBUTIR (2 MÓDULOS), 2P+T 20 A, SEM SUPORTE E SEM PLACA - FORNECIMENTO E INSTALAÇÃO. AF_03/2023","UN",47.42]
[92004,"TOMADA MÉDIA DE EMBUTIR (2 MÓDULOS), 2P+T 10 A, INCLUINDO SUPORTE E PLACA - FORNECIMENTO E INSTALAÇÃO. AF_03/2023","UN",53.69]
[92005,"TOMADA MÉDIA DE EMBUTIR (2 MÓDULOS), 2P+T 20 A, INCLUINDO SUPORTE E PLACA - FORNECIMENTO E INSTALAÇÃO. AF_03/2023","UN",57.97]
[92006,"TOMADA BAIXA DE EMBUTIR (2 MÓDULOS), 2P+T 10 A, SEM SUPORTE E SEM PLACA - FORNECIMENTO E INSTALAÇÃO. AF_03/2023","UN",35.79]
[92007,"TOMADA BAIXA DE EMBUTIR (2 MÓDULOS), 2P+T 20 A, SEM SUPORTE E SEM PLACA - FORNECIMENTO E INSTALAÇÃO. AF_03/2023","UN",40.07]
[92008,"TOMADA BAIXA DE EMBUTIR (2 MÓDULOS), 2P+T 10 A, INCLUINDO SUPORTE E PLACA - FORNECIMENTO E INSTALAÇÃO. AF_03/2023","UN",46.34]
[92009,"TOMADA BAIXA DE EMBUTIR (2 MÓDULOS), 2P+T 20 A, INCLUINDO SUPORTE E PLACA - FORNECIMENTO E INSTALAÇÃO. AF_03/2023","UN",50.62]
[92010,"TOMADA MÉDIA DE EMBUTIR (3 MÓDULOS), 2P+T 10 A, SEM SUPORTE E SEM PLACA - FORNECIMENTO E INSTALAÇÃO. AF_03/2023","UN",63.14]
[92011,"TOMADA MÉDIA DE EMBUTIR (3 MÓDULOS), 2P+T 20 A, SEM SUPORTE E SEM PLACA - FORNECIMENTO E INSTALAÇÃO. AF_03/2023","UN",69.56]
[92012,"TOMADA MÉDIA DE EMBUTIR (3 MÓDULOS), 2P+T 10 A, INCLUINDO SUPORTE E PLACA - FORNECIMENTO E INSTALAÇÃO. AF_03/2023","UN",73.69]
[92013,"TOMADA MÉDIA DE EMBUTIR (3 MÓDULOS), 2P+T 20 A, INCLUINDO SUPORTE E PLACA - FORNECIMENTO E INSTALAÇÃO. AF_03/2023","UN",80.11]
[92014,"TOMADA BAIXA DE EMBUTIR (3 MÓDULOS), 2P+T 10 A, SEM SUPORTE E SEM PLACA - FORNECIMENTO E INSTALAÇÃO. AF_03/2023","UN",52.15]
[92015,"TOMADA BAIXA DE EMBUTIR (3 MÓDULOS), 2P+T 20 A, SEM SUPORTE E SEM PLACA - FORNECIMENTO E INSTALAÇÃO. AF_03/2023","UN",58.57]
[92016,"TOMADA BAIXA DE EMBUTIR (3 MÓDULOS), 2P+T 10 A, INCLUINDO SUPORTE E PLACA - FORNECIMENTO E INSTALAÇÃO. AF_03/2023","UN",62.7]
[92017,"TOMADA BAIXA DE EMBUTIR (3 MÓDULOS), 2P+T 20 A, INCLUINDO SUPORTE E PLACA - FORNECIMENTO E INSTALAÇÃO. AF_03/2023","UN",69.12]
[92018,"TOMADA BAIXA DE EMBUTIR (4 MÓDULOS), 2P+T 10 A, SEM SUPORTE E SEM PLACA - FORNECIMENTO E INSTALAÇÃO. AF_03/2023","UN",69.05]
[92019,"TOMADA BAIXA DE EMBUTIR (4 MÓDULOS), 2P+T 10 A, INCLUINDO SUPORTE E PLACA - FORNECIMENTO E INSTALAÇÃO. AF_03/2023","UN",84.55]
[92020,"TOMADA BAIXA DE EMBUTIR (6 MÓDULOS), 2P+T 10 A, SEM SUPORTE E SEM PLACA - FORNECIMENTO E INSTALAÇÃO. AF_03/2023","UN",102.03]
[92021,"TOMADA BAIXA DE EMBUTIR (6 MÓDULOS), 2P+T 10 A, INCLUINDO SUPORTE E PLACA - FORNECIMENTO E INSTALAÇÃO. AF_03/2023","UN",117.53]
[92022,"INTERRUPTOR SIMPLES (1 MÓDULO) COM 1 TOMADA DE EMBUTIR 2P+T 10 A, SEM SUPORTE E SEM PLACA - FORNECIMENTO E INSTALAÇÃO. AF_03/2023","UN",38.02]
[92023,"INTERRUPTOR SIMPLES (1 MÓDULO) COM 1 TOMADA DE EMBUTIR 2P+T 10 A, INCLUINDO SUPORTE E PLACA - FORNECIMENTO E INSTALAÇÃO. AF_03/2023","UN",48.57]
[92024,"INTERRUPTOR SIMPLES (1 MÓDULO) COM 2 TOMADAS DE EMBUTIR 2P+T 10 A, SEM SUPORTE E SEM PLACA - FORNECIMENTO E INSTALAÇÃO. AF_03/2023","UN",58.08]
[92025,"INTERRUPTOR SIMPLES (1 MÓDULO) COM 2 TOMADAS DE EMBUTIR 2P+T 10 A, INCLUINDO SUPORTE E PLACA - FORNECIMENTO E INSTALAÇÃO. AF_03/2023","UN",68.63]
[92026,"INTERRUPTOR SIMPLES (2 MÓDULOS) COM 1 TOMADA DE EMBUTIR 2P+T 10 A, SEM SUPORTE E SEM PLACA - FORNECIMENTO E INSTALAÇÃO. AF_03/2023","UN",53.02]
[92027,"INTERRUPTOR SIMPLES (2 MÓDULOS) COM 1 TOMADA DE EMBUTIR 2P+T 10 A, INCLUINDO SUPORTE E PLACA - FORNECIMENTO E INSTALAÇÃO. AF_03/2023","UN",63.57]
[92028,"INTERRUPTOR PARALELO (1 MÓDULO) COM 1 TOMADA DE EMBUTIR 2P+T 10 A, SEM SUPORTE E SEM PLACA - FORNECIMENTO E INSTALAÇÃO. AF_03/2023","UN",44.24]
[92029,"INTERRUPTOR PARALELO (1 MÓDULO) COM 1 TOMADA DE EMBUTIR 2P+T 10 A, INCLUINDO SUPORTE E PLACA - FORNECIMENTO E INSTALAÇÃO. AF_03/2023","UN",54.79]
[92030,"INTERRUPTOR PARALELO (1 MÓDULO) COM 2 TOMADAS DE EMBUTIR 2P+T 10 A, SEM SUPORTE E SEM PLACA - FORNECIMENTO E INSTALAÇÃO. AF_03/2023","UN",64.24]
[92031,"INTERRUPTOR PARALELO (1 MÓDULO) COM 2 TOMADAS DE EMBUTIR 2P+T 10 A, INCLUINDO SUPORTE E PLACA - FORNECIMENTO E INSTALAÇÃO. AF_03/2023","UN",74.79]
[92032,"INTERRUPTOR PARALELO (2 MÓDULOS) COM 1 TOMADA DE EMBUTIR 2P+T 10 A, SEM SUPORTE E SEM PLACA - FORNECIMENTO E INSTALAÇÃO. AF_03/2023","UN",65.34]
[92033,"INTERRUPTOR PARALELO (2 MÓDULOS) COM 1 TOMADA DE EMBUTIR 2P+T 10 A, INCLUINDO SUPORTE E PLACA - FORNECIMENTO E INSTALAÇÃO. AF_03/2023","UN",75.89]
[92034,"INTERRUPTOR SIMPLES (1 MÓDULO), INTERRUPTOR PARALELO (1 MÓDULO) E 1 TOMADA DE EMBUTIR 2P+T 10 A, SEM SUPORTE E SEM PLACA - FORNECIMENTO E INSTALAÇÃO. AF_03/2023","UN",59.18]
[92035,"INTERRUPTOR SIMPLES (1 MÓDULO), INTERRUPTOR PARALELO (1 MÓDULO) E 1 TOMADA DE EMBUTIR 2P+T 10 A, INCLUINDO SUPORTE E PLACA - FORNECIMENTO E INSTALAÇÃO. AF_03/2023","UN",69.73]
[97595,"SENSOR DE PRESENÇA COM FOTOCÉLULA, FIXAÇÃO EM PAREDE - FORNECIMENTO E INSTALAÇÃO. AF_09/2024","UN",107.39]
[97596,"SENSOR DE PRESENÇA SEM FOTOCÉLULA, FIXAÇÃO EM PAREDE - FORNECIMENTO E INSTALAÇÃO. AF_09/2024","UN",74.45]
[97597,"SENSOR DE PRESENÇA COM FOTOCÉLULA, FIXAÇÃO EM TETO - FORNECIMENTO E INSTALAÇÃO. AF_09/2024","UN",75.54]
[97598,"SENSOR DE PRESENÇA SEM FOTOCÉLULA, FIXAÇÃO EM TETO - FORNECIMENTO E INSTALAÇÃO. AF_09/2024","UN",71.33]
[97599,"LUMINÁRIA DE EMERGÊNCIA, COM 30 LÂMPADAS LED DE 2 W, SEM REATOR - FORNECIMENTO E INSTALAÇÃO. AF_09/2024","UN",15.93]
[97609,"LÂMPADA COMPACTA DE LED 6 W, BASE E27 - FORNECIMENTO E INSTALAÇÃO. AF_09/2024","UN",11.96]
[97610,"LÂMPADA COMPACTA DE LED 10 W, BASE E27 - FORNECIMENTO E INSTALAÇÃO. AF_09/2024","UN",12.49]
[100902,"LÂMPADA TUBULAR LED DE 9/10 W, COM SOQUETE, BASE G13 - FORNECIMENTO E INSTALAÇÃO. AF_09/2024_PS","UN",24.84]
[100903,"LÂMPADA TUBULAR LED DE 18/20 W, COM SOQUETE, BASE G13 - FORNECIMENTO E INSTALAÇÃO. AF_09/2024_PS","UN",27.16]
[103782,"LUMINÁRIA TIPO PLAFON CIRCULAR, DE SOBREPOR, COM LED DE 12/13 W - FORNECIMENTO E INSTALAÇÃO. AF_09/2024","UN",25.35]
[105554,"LÂMPADA TUBULAR LED 9/10W SEM SOQUETE - FORNECIMENTO E INSTALAÇÃO. AF_09/2024","UN",13.35]
[101489,"ENTRADA DE ENERGIA ELÉTRICA, AÉREA, MONOFÁSICA, COM CAIXA DE SOBREPOR, CABO DE 10 MM2 E DISJUNTOR DIN 50A (NÃO INCLUSO O POSTE DE CONCRETO). AF_07/2020_PS","UN",{"v":1442.64,"d":"1,442.64"}]
[101490,"ENTRADA DE ENERGIA ELÉTRICA, AÉREA, MONOFÁSICA, COM CAIXA DE SOBREPOR, CABO DE 16 MM2 E DISJUNTOR DIN 50A (NÃO INCLUSO O POSTE DE CONCRETO). AF_07/2020_PS","UN",{"v":1549.67,"d":"1,549.67"}]
[101491,"ENTRADA DE ENERGIA ELÉTRICA, AÉREA, MONOFÁSICA, COM CAIXA DE SOBREPOR, CABO DE 25 MM2 E DISJUNTOR DIN 50A (NÃO INCLUSO O POSTE DE CONCRETO). AF_07/2020_PS","UN",{"v":1583,"d":"1,583.00"}]
[101492,"ENTRADA DE ENERGIA ELÉTRICA, AÉREA, MONOFÁSICA, COM CAIXA DE SOBREPOR, CABO DE 35 MM2 E DISJUNTOR DIN 50A (NÃO INCLUSO O POSTE DE CONCRETO). AF_07/2020_PS","UN",{"v":1738.79,"d":"1,738.79"}]
[101493,"ENTRADA DE ENERGIA ELÉTRICA, AÉREA, MONOFÁSICA, COM CAIXA DE EMBUTIR, CABO DE 10 MM2 E DISJUNTOR DIN 50A (NÃO INCLUSO O POSTE DE CONCRETO). AF_07/2020_PS","UN",{"v":1428.75,"d":"1,428.75"}]
[101494,"ENTRADA DE ENERGIA ELÉTRICA, AÉREA, MONOFÁSICA, COM CAIXA DE EMBUTIR, CABO DE 16 MM2 E DISJUNTOR DIN 50A (NÃO INCLUSO O POSTE DE CONCRETO). AF_07/2020_PS","UN",{"v":1535.78,"d":"1,535.78"}]
[101495,"ENTRADA DE ENERGIA ELÉTRICA, AÉREA, MONOFÁSICA, COM CAIXA DE EMBUTIR, CABO DE 25 MM2 E DISJUNTOR DIN 50A (NÃO INCLUSO O POSTE DE CONCRETO). AF_07/2020_PS","UN",{"v":1569.11,"d":"1,569.11"}]
[101496,"ENTRADA DE ENERGIA ELÉTRICA, AÉREA, MONOFÁSICA, COM CAIXA DE EMBUTIR, CABO DE 35 MM2 E DISJUNTOR DIN 50A (NÃO INCLUSO O POSTE DE CONCRETO). AF_07/2020_PS","UN",{"v":1724.9,"d":"1,724.90"}]
[101497,"ENTRADA DE ENERGIA ELÉTRICA, AÉREA, BIFÁSICA, COM CAIXA DE SOBREPOR, CABO DE 10 MM2 E DISJUNTOR DIN 50A (NÃO INCLUSO O POSTE DE CONCRETO). AF_07/2020_PS","UN",{"v":1712.77,"d":"1,712.77"}]
[101498,"ENTRADA DE ENERGIA ELÉTRICA, AÉREA, BIFÁSICA, COM CAIXA DE SOBREPOR, CABO DE 16 MM2 E DISJUNTOR DIN 50A (NÃO INCLUSO O POSTE DE CONCRETO). AF_07/2020_PS","UN",{"v":1874.78,"d":"1,874.78"}]
[101499,"ENTRADA DE ENERGIA ELÉTRICA, AÉREA, BIFÁSICA, COM CAIXA DE SOBREPOR, CABO DE 25 MM2 E DISJUNTOR DIN 50A (NÃO INCLUSO O POSTE DE CONCRETO). AF_07/2020_PS","UN",{"v":1925.23,"d":"1,925.23"}]
[101500,"ENTRADA DE ENERGIA ELÉTRICA, AÉREA, BIFÁSICA, COM CAIXA DE SOBREPOR, CABO DE 35 MM2 E DISJUNTOR DIN 50A (NÃO INCLUSO O POSTE DE CONCRETO). AF_07/2020_PS","UN",{"v":2145.93,"d":"2,145.93"}]
[101501,"ENTRADA DE ENERGIA ELÉTRICA, AÉREA, BIFÁSICA, COM CAIXA DE EMBUTIR, CABO DE 10 MM2 E DISJUNTOR DIN 50A (NÃO INCLUSO O POSTE DE CONCRETO). AF_07/2020_PS","UN",{"v":1707.11,"d":"1,707.11"}]
[101502,"ENTRADA DE ENERGIA ELÉTRICA, AÉREA, BIFÁSICA, COM CAIXA DE EMBUTIR, CABO DE 16 MM2 E DISJUNTOR DIN 50A (NÃO INCLUSO O POSTE DE CONCRETO). AF_07/2020_PS","UN",{"v":1869.12,"d":"1,869.12"}]
[101503,"ENTRADA DE ENERGIA ELÉTRICA, AÉREA, BIFÁSICA, COM CAIXA DE EMBUTIR, CABO DE 25 MM2 E DISJUNTOR DIN 50A (NÃO INCLUSO O POSTE DE CONCRETO). AF_07/2020_PS","UN",{"v":1919.57,"d":"1,919.57"}]
[101504,"ENTRADA DE ENERGIA ELÉTRICA, AÉREA, BIFÁSICA, COM CAIXA DE EMBUTIR, CABO DE 35 MM2 E DISJUNTOR DIN 50A (NÃO INCLUSO O POSTE DE CONCRETO). AF_07/2020_PS","UN",{"v":2140.27,"d":"2,140.27"}]
[101505,"ENTRADA DE ENERGIA ELÉTRICA, AÉREA, TRIFÁSICA, COM CAIXA DE SOBREPOR, CABO DE 10 MM2 E DISJUNTOR DIN 50A (NÃO INCLUSO O POSTE DE CONCRETO). AF_07/2020_PS","UN",{"v":1831.86,"d":"1,831.86"}]
[101506,"ENTRADA DE ENERGIA ELÉTRICA, AÉREA, TRIFÁSICA, COM CAIXA DE SOBREPOR, CABO DE 16 MM2 E DISJUNTOR DIN 50A (NÃO INCLUSO O POSTE DE CONCRETO). AF_07/2020_PS","UN",{"v":2047.86,"d":"2,047.86"}]
[101507,"ENTRADA DE ENERGIA ELÉTRICA, AÉREA, TRIFÁSICA, COM CAIXA DE SOBREPOR, CABO DE 25 MM2 E DISJUNTOR DIN 50A (NÃO INCLUSO O POSTE DE CONCRETO). AF_07/2020_PS","UN",{"v":2115.13,"d":"2,115.13"}]
[101508,"ENTRADA DE ENERGIA ELÉTRICA, AÉREA, TRIFÁSICA, COM CAIXA DE SOBREPOR, CABO DE 35 MM2 E DISJUNTOR DIN 50A (NÃO INCLUSO O POSTE DE CONCRETO). AF_07/2020_PS","UN",{"v":2399.61,"d":"2,399.61"}]
[101509,"ENTRADA DE ENERGIA ELÉTRICA, AÉREA, TRIFÁSICA, COM CAIXA DE EMBUTIR, CABO DE 10 MM2 E DISJUNTOR DIN 50A (NÃO INCLUSO O POSTE DE CONCRETO). AF_07/2020","UN",{"v":1931.22,"d":"1,931.22"}]
[101510,"ENTRADA DE ENERGIA ELÉTRICA, AÉREA, TRIFÁSICA, COM CAIXA DE EMBUTIR, CABO DE 16 MM2 E DISJUNTOR DIN 50A (NÃO INCLUSO O POSTE DE CONCRETO). AF_07/2020","UN",{"v":2147.22,"d":"2,147.22"}]
[101511,"ENTRADA DE ENERGIA ELÉTRICA, AÉREA, TRIFÁSICA, COM CAIXA DE EMBUTIR, CABO DE 25 MM2 E DISJUNTOR DIN 50A (NÃO INCLUSO O POSTE DE CONCRETO). AF_07/2020","UN",{"v":2214.49,"d":"2,214.49"}]
[101512,"ENTRADA DE ENERGIA ELÉTRICA, AÉREA, TRIFÁSICA, COM CAIXA DE EMBUTIR, CABO DE 35 MM2 E DISJUNTOR DIN 50A (NÃO INCLUSO O POSTE DE CONCRETO). AF_07/2020","UN",{"v":2498.97,"d":"2,498.97"}]
[101513,"ENTRADA DE ENERGIA ELÉTRICA, SUBTERRÂNEA, MONOFÁSICA, COM CAIXA DE SOBREPOR, CABO DE 10 MM2 E DISJUNTOR DIN 50A (NÃO INCLUSA MURETA DE ALVENARIA). AF_07/2020_PS","UN",770.22]
[101514,"ENTRADA DE ENERGIA ELÉTRICA, SUBTERRÂNEA, MONOFÁSICA, COM CAIXA DE SOBREPOR, CABO DE 16 MM2 E DISJUNTOR DIN 50A (NÃO INCLUSA MURETA DE ALVENARIA). AF_07/2020_PS","UN",898.65]
[101515,"ENTRADA DE ENERGIA ELÉTRICA, SUBTERRÂNEA, MONOFÁSICA, COM CAIXA DE SOBREPOR, CABO DE 25 MM2 E DISJUNTOR DIN 50A (NÃO INCLUSA MURETA DE ALVENARIA). AF_07/2020_PS","UN",938.65]
[101516,"ENTRADA DE ENERGIA ELÉTRICA, SUBTERRÂNEA, MONOFÁSICA, COM CAIXA DE SOBREPOR, CABO DE 35 MM2 E DISJUNTOR DIN 50A (NÃO INCLUSA MURETA DE ALVENARIA). AF_07/2020_PS","UN",{"v":1090.32,"d":"1,090.32"}]
[101517,"ENTRADA DE ENERGIA ELÉTRICA, SUBTERRÂNEA, MONOFÁSICA, COM CAIXA DE EMBUTIR, CABO DE 10 MM2 E DISJUNTOR DIN 50A (NÃO INCLUSA MURETA DE ALVENARIA). AF_07/2020_PS","UN",756.32]
[101518,"ENTRADA DE ENERGIA ELÉTRICA, SUBTERRÂNEA, MONOFÁSICA, COM CAIXA DE EMBUTIR, CABO DE 16 MM2 E DISJUNTOR DIN 50A (NÃO INCLUSA MURETA DE ALVENARIA). AF_07/2020_PS","UN",884.75]
[101519,"ENTRADA DE ENERGIA ELÉTRICA, SUBTERRÂNEA, MONOFÁSICA, COM CAIXA DE EMBUTIR, CABO DE 25 MM2 E DISJUNTOR DIN 50A (NÃO INCLUSA MURETA DE ALVENARIA). AF_07/2020_PS","UN",924.75]
[101520,"ENTRADA DE ENERGIA ELÉTRICA, SUBTERRÂNEA, MONOFÁSICA, COM CAIXA DE EMBUTIR, CABO DE 35 MM2 E DISJUNTOR DIN 50A (NÃO INCLUSA MURETA DE ALVENARIA). AF_07/2020_PS","UN",{"v":1076.42,"d":"1,076.42"}]
[101521,"ENTRADA DE ENERGIA ELÉTRICA, SUBTERRÂNEA, BIFÁSICA, COM CAIXA DE SOBREPOR, CABO DE 10 MM2 E DISJUNTOR DIN 50A (NÃO INCLUSA MURETA DE ALVENARIA). AF_07/2020_PS","UN",{"v":1056.51,"d":"1,056.51"}]
[101522,"ENTRADA DE ENERGIA ELÉTRICA, SUBTERRÂNEA, BIFÁSICA, COM CAIXA DE SOBREPOR, CABO DE 16 MM2 E DISJUNTOR DIN 50A (NÃO INCLUSA MURETA DE ALVENARIA). AF_07/2020_PS","UN",{"v":1249.17,"d":"1,249.17"}]
[101523,"ENTRADA DE ENERGIA ELÉTRICA, SUBTERRÂNEA, BIFÁSICA, COM CAIXA DE SOBREPOR, CABO DE 25 MM2 E DISJUNTOR DIN 50A (NÃO INCLUSA MURETA DE ALVENARIA). AF_07/2020_PS","UN",{"v":1309.16,"d":"1,309.16"}]
[101524,"ENTRADA DE ENERGIA ELÉTRICA, SUBTERRÂNEA, BIFÁSICA, COM CAIXA DE SOBREPOR, CABO DE 35 MM2 E DISJUNTOR DIN 50A (NÃO INCLUSA MURETA DE ALVENARIA). AF_07/2020_PS","UN",{"v":1536.66,"d":"1,536.66"}]
[101525,"ENTRADA DE ENERGIA ELÉTRICA, SUBTERRÂNEA, BIFÁSICA, COM CAIXA DE EMBUTIR, CABO DE 10 MM2 E DISJUNTOR DIN 50A (NÃO INCLUSA MURETA DE ALVENARIA). AF_07/2020_PS","UN",{"v":1050.85,"d":"1,050.85"}]
[101526,"ENTRADA DE ENERGIA ELÉTRICA, SUBTERRÂNEA, BIFÁSICA, COM CAIXA DE EMBUTIR, CABO DE 16 MM2 E DISJUNTOR DIN 50A (NÃO INCLUSA MURETA DE ALVENARIA). AF_07/2020_PS","UN",{"v":1243.51,"d":"1,243.51"}]
[101527,"ENTRADA DE ENERGIA ELÉTRICA, SUBTERRÂNEA, BIFÁSICA, COM CAIXA DE EMBUTIR, CABO DE 25 MM2 E DISJUNTOR DIN 50A (NÃO INCLUSA MURETA DE ALVENARIA). AF_07/2020_PS","UN",{"v":1303.5,"d":"1,303.50"}]
[101528,"ENTRADA DE ENERGIA ELÉTRICA, SUBTERRÂNEA, BIFÁSICA, COM CAIXA DE EMBUTIR, CABO DE 35 MM2 E DISJUNTOR DIN 50A (NÃO INCLUSA MURETA DE ALVENARIA). AF_07/2020_PS","UN",{"v":1531,"d":"1,531.00"}]
[101529,"ENTRADA DE ENERGIA ELÉTRICA, SUBTERRÂNEA, TRIFÁSICA, COM CAIXA DE SOBREPOR, CABO DE 10 MM2 E DISJUNTOR DIN 50A (NÃO INCLUSA MURETA DE ALVENARIA). AF_07/2020_PS","UN",{"v":1193.46,"d":"1,193.46"}]
[101530,"ENTRADA DE ENERGIA ELÉTRICA, SUBTERRÂNEA, TRIFÁSICA, COM CAIXA DE SOBREPOR, CABO DE 16 MM2 E DISJUNTOR DIN 50A (NÃO INCLUSA MURETA DE ALVENARIA). AF_07/2020_PS","UN",{"v":1450.33,"d":"1,450.33"}]
[101531,"ENTRADA DE ENERGIA ELÉTRICA, SUBTERRÂNEA, TRIFÁSICA, COM CAIXA DE SOBREPOR, CABO DE 25 MM2 E DISJUNTOR DIN 50A (NÃO INCLUSA MURETA DE ALVENARIA). AF_07/2020_PS","UN",{"v":1530.32,"d":"1,530.32"}]
[101532,"ENTRADA DE ENERGIA ELÉTRICA, SUBTERRÂNEA, TRIFÁSICA, COM CAIXA DE SOBREPOR, CABO DE 35 MM2 E DISJUNTOR DIN 50A (NÃO INCLUSA MURETA DE ALVENARIA). AF_07/2020_PS","UN",{"v":1833.66,"d":"1,833.66"}]
[101533,"ENTRADA DE ENERGIA ELÉTRICA, SUBTERRÂNEA, TRIFÁSICA, COM CAIXA DE EMBUTIR, CABO DE 10 MM2 E DISJUNTOR DIN 50A (NÃO INCLUSA MURETA DE ALVENARIA). AF_07/2020","UN",{"v":1292.82,"d":"1,292.82"}]
[101534,"ENTRADA DE ENERGIA ELÉTRICA, SUBTERRÂNEA, TRIFÁSICA, COM CAIXA DE EMBUTIR, CABO DE 16 MM2 E DISJUNTOR DIN 50A (NÃO INCLUSA MURETA DE ALVENARIA). AF_07/2020","UN",{"v":1549.69,"d":"1,549.69"}]
[101535,"ENTRADA DE ENERGIA ELÉTRICA, SUBTERRÂNEA, TRIFÁSICA, COM CAIXA DE EMBUTIR, CABO DE 25 MM2 E DISJUNTOR DIN 50A (NÃO INCLUSA MURETA DE ALVENARIA). AF_07/2020","UN",{"v":1629.68,"d":"1,629.68"}]
[101536,"ENTRADA DE ENERGIA ELÉTRICA, SUBTERRÂNEA, TRIFÁSICA, COM CAIXA DE EMBUTIR, CABO DE 35 MM2 E DISJUNTOR DIN 50A (NÃO INCLUSA MURETA DE ALVENARIA). AF_07/2020","UN",{"v":1933.02,"d":"1,933.02"}]
[101537,"APARELHO SINALIZADOR DE SAÍDA DE GARAGEM, COM CÉLULA FOTOELÉTRICA - FORNECIMENTO E INSTALAÇÃO. AF_07/2020","UN",82.89]
[101538,"ARMAÇÃO SECUNDÁRIA, COM 1 ESTRIBO E 1 ISOLADOR - FORNECIMENTO E INSTALAÇÃO. AF_07/2020","UN",55.96]
[101539,"ARMAÇÃO SECUNDÁRIA, COM 2 ESTRIBOS E 2 ISOLADORES - FORNECIMENTO E INSTALAÇÃO. AF_07/2020","UN",90.82]
[101540,"ARMAÇÃO SECUNDÁRIA, COM 3 ESTRIBOS E 3 ISOLADORES - FORNECIMENTO E INSTALAÇÃO. AF_07/2020","UN",154.99]
[101541,"ARMAÇÃO SECUNDÁRIA, COM 4 ESTRIBOS E 4 ISOLADORES - FORNECIMENTO E INSTALAÇÃO. AF_07/2020","UN",201.71]
[101542,"ARMAÇÃO SECUNDÁRIA, COM 1 ESTRIBO, SEM ISOLADOR - FORNECIMENTO E INSTALAÇÃO. AF_07/2020","UN",41.79]
[101543,"ARMAÇÃO SECUNDÁRIA, COM 2 ESTRIBOS, SEM ISOLADOR - FORNECIMENTO E INSTALAÇÃO. AF_07/2020","UN",73.38]
[101544,"ARMAÇÃO SECUNDÁRIA, COM 3 ESTRIBOS, SEM ISOLADOR - FORNECIMENTO E INSTALAÇÃO. AF_07/2020","UN",118.21]
[101545,"ARMAÇÃO SECUNDÁRIA, COM 4 ESTRIBOS, SEM ISOLADOR - FORNECIMENTO E INSTALAÇÃO. AF_07/2020","UN",173]
[101546,"ISOLADOR, TIPO PINO, PARA TENSÃO 15 KV - FORNECIMENTO E INSTALAÇÃO. AF_07/2020","UN",31.35]
[101547,"ISOLADOR, TIPO DISCO, PARA TENSÃO 15 KV - FORNECIMENTO E INSTALAÇÃO. AF_07/2020","UN",98.34]
[101548,"ISOLADOR, TIPO ROLDANA, PARA BAIXA TENSÃO - FORNECIMENTO E INSTALAÇÃO. AF_07/2020","UN",7.72]
[101549,"GRAMPO PARALELO METÁLICO, PARA REDES AÉREAS DE DISTRIBUIÇÃO DE ENERGIA ELÉTRICA DE BAIXA TENSÃO - FORNECIMENTO E INSTALAÇÃO. AF_07/2020","UN",16.39]
[101553,"ALÇA PREFORMADA DE DISTRIBUIÇÃO, EM  AÇO GALVANIZADO, AWG 1 - FORNECIMENTO E INSTALAÇÃO. AF_07/2020","UN",19.66]
[101554,"ALÇA PREFORMADA DE DISTRIBUIÇÃO, EM  AÇO GALVANIZADO, AWG 2 - FORNECIMENTO E INSTALAÇÃO. AF_07/2020","UN",13.67]
[101555,"ALÇA PREFORMADA DE DISTRIBUIÇÃO, EM  AÇO GALVANIZADO, AWG 4 - FORNECIMENTO E INSTALAÇÃO. AF_07/2020","UN",8.21]
[101556,"ALÇA PREFORMADA DE DISTRIBUIÇÃO, EM  AÇO GALVANIZADO, AWG 6 - FORNECIMENTO E INSTALAÇÃO. AF_07/2020","UN",7.35]
[101560,"CABO DE COBRE FLEXÍVEL ISOLADO, 10 MM², 0,6/1,0 KV, PARA REDE AÉREA DE DISTRIBUIÇÃO DE ENERGIA ELÉTRICA DE BAIXA TENSÃO - FORNECIMENTO E INSTALAÇÃO. AF_07/2020","M",11.18]
[101561,"CABO DE COBRE FLEXÍVEL ISOLADO, 16 MM², 0,6/1,0 KV, PARA REDE AÉREA DE DISTRIBUIÇÃO DE ENERGIA ELÉTRICA DE BAIXA TENSÃO - FORNECIMENTO E INSTALAÇÃO. AF_07/2020","M",17.77]
[101562,"CABO DE COBRE FLEXÍVEL ISOLADO, 25 MM², 0,6/1,0 KV, PARA REDE AÉREA DE DISTRIBUIÇÃO DE ENERGIA ELÉTRICA DE BAIXA TENSÃO - FORNECIMENTO E INSTALAÇÃO. AF_07/2020","M",27.51]
[101563,"CABO DE COBRE FLEXÍVEL ISOLADO, 35 MM², 0,6/1,0 KV, PARA REDE AÉREA DE DISTRIBUIÇÃO DE ENERGIA ELÉTRICA DE BAIXA TENSÃO - FORNECIMENTO E INSTALAÇÃO. AF_07/2020","M",38.86]
[101564,"CABO DE COBRE FLEXÍVEL ISOLADO, 50 MM², 0,6/1,0 KV, PARA REDE AÉREA DE DISTRIBUIÇÃO DE ENERGIA ELÉTRICA DE BAIXA TENSÃO - FORNECIMENTO E INSTALAÇÃO. AF_07/2020","M",57.43]
[101565,"CABO DE COBRE FLEXÍVEL ISOLADO, 70 MM², 0,6/1,0 KV, PARA REDE AÉREA DE DISTRIBUIÇÃO DE ENERGIA ELÉTRICA DE BAIXA TENSÃO - FORNECIMENTO E INSTALAÇÃO. AF_07/2020","M",80.31]
[101567,"CABO DE COBRE FLEXÍVEL ISOLADO, 95 MM², 0,6/1,0 KV, PARA REDE AÉREA DE DISTRIBUIÇÃO DE ENERGIA ELÉTRICA DE BAIXA TENSÃO - FORNECIMENTO E INSTALAÇÃO. AF_07/2020","M",104.25]
[101568,"CABO DE COBRE FLEXÍVEL ISOLADO, 120 MM², 0,6/1,0 KV, PARA REDE AÉREA DE DISTRIBUIÇÃO DE ENERGIA ELÉTRICA DE BAIXA TENSÃO - FORNECIMENTO E INSTALAÇÃO. AF_07/2020","M",136.31]
[101630,"SUBSTITUIÇÃO DE REATOR PARA ILUMINAÇÃO PÚBLICA (NÃO INCLUI FORNECIMENTO). AF_08/2020","UN",82.24]
[101632,"RELÉ FOTOELÉTRICO PARA COMANDO DE ILUMINAÇÃO EXTERNA 1000 W - FORNECIMENTO E INSTALAÇÃO. AF_08/2020","UN",39.98]
[101633,"SUBSTITUIÇÃO DE RELÉ FOTOELÉTRICO PARA COMANDO DE ILUMINAÇÃO EXTERNA 1000 W - FORNECIMENTO E INSTALAÇÃO. AF_08/2020","UN",109.55]
[101636,"BRAÇO PARA ILUMINAÇÃO PÚBLICA, EM TUBO DE AÇO GALVANIZADO, COMPRIMENTO DE 1,50 M, PARA FIXAÇÃO EM POSTE DE CONCRETO - FORNECIMENTO E INSTALAÇÃO. AF_08/2020","UN",159.04]
[101637,"BRAÇO PARA ILUMINAÇÃO PÚBLICA, EM TUBO DE AÇO GALVANIZADO, COMPRIMENTO DE 1,50 M, PARA FIXAÇÃO EM POSTE METÁLICO - FORNECIMENTO E INSTALAÇÃO. AF_08/2020","UN",153.2]
[101651,"SUBSTITUIÇÃO DE LÂMPADA PARA ILUMINAÇÃO PÚBLICA (NÃO INCLUI FORNECIMENTO). AF_08/2020","UN",71.58]
[101653,"LUMINÁRIA ABERTA PARA ILUMINAÇÃO PÚBLICA, PARA LÂMPADA VAPOR DE MERCÚRIO ATÉ 400 W E MISTA ATÉ 500 W, COM BRAÇO EM TUBO DE AÇO GALV 1\", COMPRIMENTO DE 1,50 M, PARA POSTE DE CONCRETO - FORNECIMENTO E INSTALAÇÃO (EXCLUSIVE LÂMPADA E REATOR). AF_08/2020","UN",290.64]
[101654,"LUMINÁRIA DE LED PARA ILUMINAÇÃO PÚBLICA, DE 33 W ATÉ 50 W - FORNECIMENTO E INSTALAÇÃO. AF_08/2020","UN",183.2]
[101655,"LUMINÁRIA DE LED PARA ILUMINAÇÃO PÚBLICA, DE 51 W ATÉ 67 W - FORNECIMENTO E INSTALAÇÃO. AF_08/2020","UN",270.11]
[101656,"LUMINÁRIA DE LED PARA ILUMINAÇÃO PÚBLICA, DE 68 W ATÉ 97 W - FORNECIMENTO E INSTALAÇÃO. AF_08/2020","UN",290.4]
[101657,"LUMINÁRIA DE LED PARA ILUMINAÇÃO PÚBLICA, DE 98 W ATÉ 137 W - FORNECIMENTO E INSTALAÇÃO. AF_08/2020","UN",333.63]
[101658,"LUMINÁRIA DE LED PARA ILUMINAÇÃO PÚBLICA, DE 138 W ATÉ 180 W - FORNECIMENTO E INSTALAÇÃO. AF_08/2020","UN",422.51]
[101659,"LUMINÁRIA DE LED PARA ILUMINAÇÃO PÚBLICA, DE 181 W ATÉ 239 W - FORNECIMENTO E INSTALAÇÃO. AF_08/2020","UN",477.8]
[101660,"LUMINÁRIA DE LED PARA ILUMINAÇÃO PÚBLICA, DE 240 W ATÉ 350 W - FORNECIMENTO E INSTALAÇÃO. AF_08/2020","UN",738.76]
[101661,"SUBSTITUIÇÃO DE LUMINÁRIA DE VAPOR DE MERCÚRIO/VAPOR DE SÓDIO POR LUMINÁRIA DE LED PARA ILUMINAÇÃO PÚBLICA (NÃO INCLUI FORNECIMENTO). AF_08/2020","UN",119.74]
[101663,"ABRAÇADEIRA DE FIXAÇÃO DE BRAÇOS DE LUMINÁRIAS DE 2\" - FORNECIMENTO E INSTALAÇÃO. AF_08/2020","UN",25.82]
[101664,"ABRAÇADEIRA DE FIXAÇÃO DE BRAÇOS DE LUMINÁRIAS DE 3\" - FORNECIMENTO E INSTALAÇÃO. AF_08/2020","UN",26.98]
[101665,"ABRAÇADEIRA DE FIXAÇÃO DE BRAÇOS DE LUMINÁRIAS DE 4\" - FORNECIMENTO E INSTALAÇÃO. AF_08/2020","UN",31.96]
[100578,"ASSENTAMENTO DE POSTE DE CONCRETO COM COMPRIMENTO NOMINAL DE 9 M, CARGA NOMINAL MENOR OU IGUAL A 1000 DAN, ENGASTAMENTO SIMPLES COM 1,5 M DE SOLO (NÃO INCLUI FORNECIMENTO). AF_11/2019","UN",522.46]
[100579,"ASSENTAMENTO DE POSTE DE CONCRETO COM COMPRIMENTO NOMINAL DE 10 M, CARGA NOMINAL MENOR OU IGUAL A 1000 DAN, ENGASTAMENTO SIMPLES COM 1,6 M DE SOLO (NÃO INCLUI FORNECIMENTO). AF_11/2019","UN",573.63]
[100580,"ASSENTAMENTO DE POSTE DE CONCRETO COM COMPRIMENTO NOMINAL DE 10 M, CARGA NOMINAL MAIOR QUE 1000 DAN, ENGASTAMENTO SIMPLES COM 1,6 M DE SOLO (NÃO INCLUI FORNECIMENTO). AF_11/2019","UN",620.61]
[100581,"ASSENTAMENTO DE POSTE DE CONCRETO COM COMPRIMENTO NOMINAL DE 10,5 M, CARGA NOMINAL MENOR OU IGUAL A 1000 DAN, ENGASTAMENTO SIMPLES COM 1,65 M DE SOLO (NÃO INCLUI FORNECIMENTO). AF_11/2019","UN",598.99]
[100582,"ASSENTAMENTO DE POSTE DE CONCRETO COM COMPRIMENTO NOMINAL DE 10,5 M, CARGA NOMINAL MAIOR QUE 1000 DAN, ENGASTAMENTO SIMPLES COM 1,65 M DE SOLO (NÃO INCLUI FORNECIMENTO). AF_11/2019","UN",683.58]
[100583,"ASSENTAMENTO DE POSTE DE CONCRETO COM COMPRIMENTO NOMINAL DE 11 M, CARGA NOMINAL MENOR OU IGUAL A 1000 DAN, ENGASTAMENTO SIMPLES COM 1,7 M DE SOLO (NÃO INCLUI FORNECIMENTO). AF_11/2019","UN",625.92]
[100584,"ASSENTAMENTO DE POSTE DE CONCRETO COM COMPRIMENTO NOMINAL DE 11 M, CARGA NOMINAL MAIOR QUE 1000 DAN, ENGASTAMENTO SIMPLES COM 1,7 M DE SOLO (NÃO INCLUI FORNECIMENTO). AF_11/2019","UN",676.85]
[100585,"ASSENTAMENTO DE POSTE DE CONCRETO COM COMPRIMENTO NOMINAL DE 12 M, CARGA NOMINAL MENOR OU IGUAL A 1000 DAN, ENGASTAMENTO SIMPLES COM 1,8 M DE SOLO (NÃO INCLUI FORNECIMENTO). AF_11/2019","UN",678.44]
[100586,"ASSENTAMENTO DE POSTE DE CONCRETO COM COMPRIMENTO NOMINAL DE 12 M, CARGA NOMINAL MAIOR QUE 1000 DAN, ENGASTAMENTO SIMPLES COM 1,8 M DE SOLO (NÃO INCLUI FORNECIMENTO). AF_11/2019","UN",759.67]
[100587,"ASSENTAMENTO DE POSTE DE CONCRETO COM COMPRIMENTO NOMINAL DE 13 M, CARGA NOMINAL MENOR OU IGUAL A 1000 DAN, ENGASTAMENTO SIMPLES COM 1,9 M DE SOLO (NÃO INCLUI FORNECIMENTO). AF_11/2019","UN",732.53]
[100588,"ASSENTAMENTO DE POSTE DE CONCRETO COM COMPRIMENTO NOMINAL DE 13 M, CARGA NOMINAL MAIOR QUE 1000 DAN, ENGASTAMENTO SIMPLES COM 1,9 M DE SOLO (NÃO INCLUI FORNECIMENTO). AF_11/2019","UN",795.7]
[100589,"ASSENTAMENTO DE POSTE DE CONCRETO COM COMPRIMENTO NOMINAL DE 13,5 M, CARGA NOMINAL MENOR OU IGUAL A 1000 DAN, ENGASTAMENTO SIMPLES COM 1,95 M DE SOLO (NÃO INCLUI FORNECIMENTO). AF_11/2019","UN",803.15]
[100590,"ASSENTAMENTO DE POSTE DE CONCRETO COM COMPRIMENTO NOMINAL DE 13,5 M, CARGA NOMINAL MAIOR QUE 1000 DAN, ENGASTAMENTO SIMPLES COM 1,95 M DE SOLO (NÃO INCLUI FORNECIMENTO). AF_11/2019","UN",865.39]
[100591,"ASSENTAMENTO DE POSTE DE CONCRETO COM COMPRIMENTO NOMINAL DE 14 M, CARGA NOMINAL MENOR OU IGUAL A 1000 DAN, ENGASTAMENTO SIMPLES COM 2 M DE SOLO (NÃO INCLUI FORNECIMENTO). AF_11/2019","UN",803.3]
[100592,"ASSENTAMENTO DE POSTE DE CONCRETO COM COMPRIMENTO NOMINAL DE 14 M, CARGA NOMINAL MAIOR QUE 1000 DAN, ENGASTAMENTO SIMPLES COM 2 M DE SOLO (NÃO INCLUI FORNECIMENTO). AF_11/2019","UN",854.92]
[100593,"ASSENTAMENTO DE POSTE DE CONCRETO COM COMPRIMENTO NOMINAL DE 15 M, CARGA NOMINAL MENOR OU IGUAL A 1000 DAN, ENGASTAMENTO SIMPLES COM 2,1 M DE SOLO (NÃO INCLUI FORNECIMENTO). AF_11/2019","UN",860.26]
[100594,"ASSENTAMENTO DE POSTE DE CONCRETO COM COMPRIMENTO NOMINAL DE 15 M, CARGA NOMINAL MAIOR QUE 1000 DAN, ENGASTAMENTO SIMPLES COM 2,1 M DE SOLO (NÃO INCLUI FORNECIMENTO). AF_11/2019","UN",947.91]
[100595,"ASSENTAMENTO DE POSTE DE CONCRETO COM COMPRIMENTO NOMINAL DE 18 M, CARGA NOMINAL MENOR OU IGUAL A 1000 DAN, ENGASTAMENTO SIMPLES COM 2,4 M DE SOLO (NÃO INCLUI FORNECIMENTO). AF_11/2019","UN",{"v":1031.02,"d":"1,031.02"}]
[100596,"ASSENTAMENTO DE POSTE DE CONCRETO COM COMPRIMENTO NOMINAL DE 18 M, CARGA NOMINAL MAIOR QUE 1000 DAN, ENGASTAMENTO SIMPLES COM 2,4 M DE SOLO (NÃO INCLUI FORNECIMENTO). AF_11/2019","UN",{"v":1149.42,"d":"1,149.42"}]
[100597,"ASSENTAMENTO DE POSTE DE CONCRETO COM COMPRIMENTO NOMINAL DE 20 M, CARGA NOMINAL MENOR OU IGUAL A 1000 DAN, ENGASTAMENTO SIMPLES COM 2,6 M DE SOLO (NÃO INCLUI FORNECIMENTO). AF_11/2019","UN",{"v":1185.09,"d":"1,185.09"}]
[100598,"ASSENTAMENTO DE POSTE DE CONCRETO COM COMPRIMENTO NOMINAL DE 20 M, CARGA NOMINAL MAIOR QUE 1000, ENGASTAMENTO SIMPLES COM 2,6 M DE SOLO (NÃO INCLUI FORNECIMENTO). AF_11/2019","UN",{"v":1282.73,"d":"1,282.73"}]
[100599,"ASSENTAMENTO DE POSTE DE CONCRETO COM COMPRIMENTO NOMINAL DE 9 M, CARGA NOMINAL DE 150 DAN, ENGASTAMENTO BASE CONCRETADA COM 1 M DE CONCRETO E 0,5 M DE SOLO (NÃO INCLUI FORNECIMENTO). AF_11/2019","UN",557.83]
[100600,"ASSENTAMENTO DE POSTE DE CONCRETO COM COMPRIMENTO NOMINAL DE 9 M, CARGA NOMINAL DE 300 DAN, ENGASTAMENTO BASE CONCRETADA COM 1 M DE CONCRETO E 0,5 M DE SOLO (NÃO INCLUI FORNECIMENTO). AF_11/2019","UN",661.06]
[100601,"ASSENTAMENTO DE POSTE DE CONCRETO COM COMPRIMENTO NOMINAL DE 9 M, CARGA NOMINAL DE 400 DAN, ENGASTAMENTO BASE CONCRETADA COM 1 M DE CONCRETO E 0,5 M DE SOLO (NÃO INCLUI FORNECIMENTO). AF_11/2019","UN",841.09]
[100602,"ASSENTAMENTO DE POSTE DE CONCRETO COM COMPRIMENTO NOMINAL DE 9 M, CARGA NOMINAL DE 600 DAN, ENGASTAMENTO BASE CONCRETADA COM 1 M DE CONCRETO E 0,5 M DE SOLO (NÃO INCLUI FORNECIMENTO). AF_11/2019","UN",{"v":1065.62,"d":"1,065.62"}]
[100603,"ASSENTAMENTO DE POSTE DE CONCRETO COM COMPRIMENTO NOMINAL DE 9 M, CARGA NOMINAL DE 1000 DAN, ENGASTAMENTO BASE CONCRETADA COM 1 M DE CONCRETO E 0,5 M DE SOLO (NÃO INCLUI FORNECIMENTO). AF_11/2019","UN",{"v":1641.17,"d":"1,641.17"}]
[100604,"ASSENTAMENTO DE POSTE DE CONCRETO COM COMPRIMENTO NOMINAL DE 10 M, CARGA NOMINAL DE 300 DAN, ENGASTAMENTO BASE CONCRETADA COM 1 M DE CONCRETO E 0,6 M DE SOLO (NÃO INCLUI FORNECIMENTO). AF_11/2019","UN",701.44]
[100605,"ASSENTAMENTO DE POSTE DE CONCRETO COM COMPRIMENTO NOMINAL DE 10 M, CARGA NOMINAL DE 600 DAN, ENGASTAMENTO BASE CONCRETADA COM 1 M DE CONCRETO E 0,6 M DE SOLO (NÃO INCLUI FORNECIMENTO). AF_11/2019","UN",{"v":1114.36,"d":"1,114.36"}]
[100606,"ASSENTAMENTO DE POSTE DE CONCRETO COM COMPRIMENTO NOMINAL DE 10 M, CARGA NOMINAL DE 1000 DAN, ENGASTAMENTO BASE CONCRETADA COM 1 M DE CONCRETO E 0,6 M DE SOLO (NÃO INCLUI FORNECIMENTO). AF_11/2019","UN",{"v":1700.55,"d":"1,700.55"}]
[100607,"ASSENTAMENTO DE POSTE DE CONCRETO COM COMPRIMENTO NOMINAL DE 10,5 M, CARGA NOMINAL DE 300 DAN, ENGASTAMENTO BASE CONCRETADA COM 1 M DE CONCRETO E 0,65 M DE SOLO (NÃO INCLUI FORNECIMENTO). AF_11/2019","UN",720.57]
[100608,"ASSENTAMENTO DE POSTE DE CONCRETO COM COMPRIMENTO NOMINAL DE 10,5 M, CARGA NOMINAL DE 600 DAN, ENGASTAMENTO BASE CONCRETADA COM 1 M DE CONCRETO E 0,65 M DE SOLO (NÃO INCLUI FORNECIMENTO). AF_11/2019","UN",{"v":1138.37,"d":"1,138.37"}]
[100609,"ASSENTAMENTO DE POSTE DE CONCRETO COM COMPRIMENTO NOMINAL DE 10,5 M, CARGA NOMINAL DE 1000 DAN, ENGASTAMENTO BASE CONCRETADA COM 1 M DE CONCRETO E 0,65 M DE SOLO (NÃO INCLUI FORNECIMENTO). AF_11/2019","UN",{"v":1732.16,"d":"1,732.16"}]
[100610,"ASSENTAMENTO DE POSTE DE CONCRETO COM COMPRIMENTO NOMINAL DE 11 M, CARGA NOMINAL DE 300 DAN, ENGASTAMENTO BASE CONCRETADA COM 1 M DE CONCRETO E 0,7 M DE SOLO (NÃO INCLUI FORNECIMENTO). AF_11/2019","UN",739.68]
[100611,"ASSENTAMENTO DE POSTE DE CONCRETO COM COMPRIMENTO NOMINAL DE 11 M, CARGA NOMINAL DE 400 DAN, ENGASTAMENTO BASE CONCRETADA COM 1 M DE CONCRETO E 0,7 M DE SOLO (NÃO INCLUI FORNECIMENTO). AF_11/2019","UN",927.07]
[100612,"ASSENTAMENTO DE POSTE DE CONCRETO COM COMPRIMENTO NOMINAL DE 11 M, CARGA NOMINAL DE 600 DAN, ENGASTAMENTO BASE CONCRETADA COM 1 M DE CONCRETO E 0,7 M DE SOLO (NÃO INCLUI FORNECIMENTO). AF_11/2019","UN",{"v":1161.92,"d":"1,161.92"}]
[100613,"ASSENTAMENTO DE POSTE DE CONCRETO COM COMPRIMENTO NOMINAL DE 11 M, CARGA NOMINAL DE 1000 DAN, ENGASTAMENTO BASE CONCRETADA COM 1 M DE CONCRETO E 0,7 M DE SOLO (NÃO INCLUI FORNECIMENTO). AF_11/2019","UN",{"v":1762.93,"d":"1,762.93"}]
[100614,"ASSENTAMENTO DE POSTE DE CONCRETO COM COMPRIMENTO NOMINAL DE 12 M, CARGA NOMINAL DE 400 DAN, ENGASTAMENTO BASE CONCRETADA COM 1 M DE CONCRETO E 0,8 M DE SOLO (NÃO INCLUI FORNECIMENTO). AF_11/2019","UN",969.29]
[100615,"ASSENTAMENTO DE POSTE DE CONCRETO COM COMPRIMENTO NOMINAL DE 12 M, CARGA NOMINAL DE 600 DAN, ENGASTAMENTO BASE CONCRETADA COM 1 M DE CONCRETO E 0,8 M DE SOLO (NÃO INCLUI FORNECIMENTO). AF_11/2019","UN",{"v":1208.57,"d":"1,208.57"}]
[100616,"ASSENTAMENTO DE POSTE DE CONCRETO COM COMPRIMENTO NOMINAL DE 12 M, CARGA NOMINAL DE 1000 DAN, ENGASTAMENTO BASE CONCRETADA COM 1 M DE CONCRETO E 0,8 M DE SOLO (NÃO INCLUI FORNECIMENTO). AF_11/2019","UN",{"v":1827.32,"d":"1,827.32"}]
[100617,"ASSENTAMENTO DE POSTE DE CONCRETO COM COMPRIMENTO NOMINAL DE 13 M, CARGA NOMINAL DE 600 DAN, ENGASTAMENTO BASE CONCRETADA COM 1 M DE CONCRETO E 0,9 M DE SOLO (NÃO INCLUI FORNECIMENTO). AF_11/2019","UN",{"v":1254.93,"d":"1,254.93"}]
[100618,"ASSENTAMENTO DE POSTE DE CONCRETO COM COMPRIMENTO NOMINAL DE 13 M, CARGA NOMINAL DE 1000 DAN, ENGASTAMENTO BASE CONCRETADA COM 1 M DE CONCRETO E 0,9 M DE SOLO - SOMENTE INSTALAÇÃO, SEM FORNECIMENTO. AF_11/2019","UN",{"v":1900.11,"d":"1,900.11"}]
[100619,"POSTE DECORATIVO PARA JARDIM EM AÇO TUBULAR, H = *2,5* M, SEM LUMINÁRIA - FORNECIMENTO E INSTALAÇÃO. AF_11/2019","UN",563.07]
[100620,"POSTE DE AÇO CONICO CONTÍNUO CURVO SIMPLES, FLANGEADO, H=9M, INCLUSIVE LUMINÁRIA, SEM LÂMPADA - FORNECIMENTO E INSTALACAO. AF_11/2019","UN",{"v":2687.84,"d":"2,687.84"}]
[100621,"POSTE DE AÇO CONICO CONTÍNUO CURVO DUPLO, FLANGEADO, H=9M, INCLUSIVE LUMINÁRIAS, SEM LÂMPADAS - FORNECIMENTO E INSTALACAO. AF_11/2019","UN",{"v":3126.04,"d":"3,126.04"}]
[100622,"POSTE DE AÇO CONICO CONTÍNUO CURVO SIMPLES, ENGASTADO, H=9M, INCLUSIVE LUMINÁRIA, SEM LÂMPADA - FORNECIMENTO E INSTALACAO. AF_11/2019","UN",{"v":2387.57,"d":"2,387.57"}]
[100623,"POSTE DE AÇO CONICO CONTÍNUO CURVO DUPLO, ENGASTADO, H=9M, INCLUSIVE LUMINÁRIAS, SEM LÂMPADAS - FORNECIMENTO E INSTALACAO. AF_11/2019","UN",{"v":2572.37,"d":"2,572.37"}]
[97605,"LUMINÁRIA ARANDELA TIPO MEIA LUA, DE SOBREPOR, COM 1 LÂMPADA LED DE 6 W, SEM REATOR - FORNECIMENTO E INSTALAÇÃO. AF_09/2024","UN",88.24]
[97607,"LUMINÁRIA ARANDELA TIPO TARTARUGA, DE SOBREPOR, COM 1 LÂMPADA LED DE 6 W, SEM REATOR - FORNECIMENTO E INSTALAÇÃO. AF_09/2024","UN",111.82]
[102102,"TRANSFORMADOR DE DISTRIBUIÇÃO, 30 KVA, TRIFÁSICO, 60 HZ, CLASSE 15 KV, IMERSO EM ÓLEO MINERAL, INSTALAÇÃO EM POSTE (NÃO INCLUSO SUPORTE) - FORNECIMENTO E INSTALAÇÃO. AF_12/2020","UN",{"v":20291.83,"d":"20,291.83"}]
[102103,"TRANSFORMADOR DE DISTRIBUIÇÃO, 45 KVA, TRIFÁSICO, 60 HZ, CLASSE 15 KV, IMERSO EM ÓLEO MINERAL, INSTALAÇÃO EM POSTE (NÃO INCLUSO SUPORTE) - FORNECIMENTO E INSTALAÇÃO. AF_12/2020","UN",{"v":22623.58,"d":"22,623.58"}]
[102104,"TRANSFORMADOR DE DISTRIBUIÇÃO, 75 KVA, TRIFÁSICO, 60 HZ, CLASSE 15 KV, IMERSO EM ÓLEO MINERAL, INSTALAÇÃO EM POSTE (NÃO INCLUSO SUPORTE) - FORNECIMENTO E INSTALAÇÃO. AF_12/2020","UN",{"v":29138.09,"d":"29,138.09"}]
[102105,"TRANSFORMADOR DE DISTRIBUIÇÃO, 112,5 KVA, TRIFÁSICO, 60 HZ, CLASSE 15 KV, IMERSO EM ÓLEO MINERAL, INSTALAÇÃO EM POSTE (NÃO INCLUSO SUPORTE) - FORNECIMENTO E INSTALAÇÃO. AF_12/2020","UN",{"v":35907.68,"d":"35,907.68"}]
[102106,"TRANSFORMADOR DE DISTRIBUIÇÃO, 150 KVA, TRIFÁSICO, 60 HZ, CLASSE 15 KV, IMERSO EM ÓLEO MINERAL, INSTALAÇÃO EM POSTE (NÃO INCLUSO SUPORTE) - FORNECIMENTO E INSTALAÇÃO. AF_12/2020","UN",{"v":45163.71,"d":"45,163.71"}]
[102107,"TRANSFORMADOR DE DISTRIBUIÇÃO, 225 KVA, TRIFÁSICO, 60 HZ, CLASSE 15 KV, IMERSO EM ÓLEO MINERAL, INSTALAÇÃO EM POSTE (NÃO INCLUSO SUPORTE) - FORNECIMENTO E INSTALAÇÃO. AF_12/2020","UN",{"v":63189.52,"d":"63,189.52"}]
[102108,"TRANSFORMADOR DE DISTRIBUIÇÃO, 300 KVA, TRIFÁSICO, 60 HZ, CLASSE 15 KV, IMERSO EM ÓLEO MINERAL, INSTALAÇÃO EM POSTE (NÃO INCLUSO SUPORTE) - FORNECIMENTO E INSTALAÇÃO. AF_12/2020","UN",{"v":73653.09,"d":"73,653.09"}]
[102109,"SUPORTE PARA TRANSFORMADOR EM POSTE DE CONCRETO CIRCULAR - FORNECIMENTO E INSTALAÇÃO. AF_12/2020","UN",72.66]
[102110,"SUPORTE PARA TRANSFORMADOR EM POSTE DE CONCRETO DUPLO T - FORNECIMENTO E INSTALAÇÃO. AF_12/2020","UN",244.36]
[103654,"TRANSFORMADOR DE DISTRIBUIÇÃO, 500KVA, TRIFÁSICO, 60 HZ, CLASSE 15 KV, IMERSO EM ÓLEO MINERAL, INSTALAÇÃO EM SOLO (NÃO INCLUSO ABRIGO) - FORNECIMENTO E INSTALAÇÃO. AF_02/2022","UN",{"v":119732.57,"d":"119,732.57"}]
[103655,"TRANSFORMADOR DE DISTRIBUIÇÃO, 750 KVA, TRIFÁSICO, 60 HZ, CLASSE 15 KV, IMERSO EM ÓLEO MINERAL, INSTALAÇÃO EM SOLO (NÃO INCLUSO ABRIGO) - FORNECIMENTO E INSTALAÇÃO. AF_02/2022","UN",{"v":164125.49,"d":"164,125.49"}]
[103656,"TRANSFORMADOR DE DISTRIBUIÇÃO, 1000 KVA, TRIFÁSICO, 60 HZ, CLASSE 15 KV, IMERSO EM ÓLEO MINERAL, INSTALAÇÃO EM SOLO (NÃO INCLUSO ABRIGO) - FORNECIMENTO E INSTALAÇÃO. AF_02/2022","UN",{"v":229632.64,"d":"229,632.64"}]
[96973,"CORDOALHA DE COBRE NU 35 MM², NÃO ENTERRADA, COM ISOLADOR - FORNECIMENTO E INSTALAÇÃO. AF_08/2023","M",72.3]
[96974,"CORDOALHA DE COBRE NU 50 MM², NÃO ENTERRADA, COM ISOLADOR - FORNECIMENTO E INSTALAÇÃO. AF_08/2023","M",93.87]
[96975,"CORDOALHA DE COBRE NU 70 MM², NÃO ENTERRADA, COM ISOLADOR - FORNECIMENTO E INSTALAÇÃO. AF_08/2023","M",116.64]
[96976,"CORDOALHA DE COBRE NU 95 MM², NÃO ENTERRADA, COM ISOLADOR - FORNECIMENTO E INSTALAÇÃO. AF_08/2023","M",154.82]
[96977,"CORDOALHA DE COBRE NU 50 MM², ENTERRADA - FORNECIMENTO E INSTALAÇÃO. AF_08/2023","M",62.47]
[96978,"CORDOALHA DE COBRE NU 70 MM², ENTERRADA - FORNECIMENTO E INSTALAÇÃO. AF_08/2023","M",82.34]
[96979,"CORDOALHA DE COBRE NU 95 MM², ENTERRADA - FORNECIMENTO E INSTALAÇÃO. AF_08/2023","M",117.9]
[96984,"ELETRODUTO PVC RÍGIDO, DIÂMETRO 40MM, COM 3 METROS, PARA SPDA - FORNECIMENTO E INSTALAÇÃO. AF_08/2023","UN",54.9]
[96985,"HASTE DE ATERRAMENTO, DIÂMETRO 5/8\", COM 3 METROS - FORNECIMENTO E INSTALAÇÃO. AF_08/2023","UN",66.38]
[96986,"HASTE DE ATERRAMENTO, DIÂMETRO 3/4\", COM 3 METROS - FORNECIMENTO E INSTALAÇÃO. AF_08/2023","UN",99.22]
[96987,"BASE METÁLICA PARA MASTRO 1 ½\"  PARA SPDA - FORNECIMENTO E INSTALAÇÃO. AF_08/2023","UN",129.23]
[96988,"MASTRO 1 ½\", COM 3 METROS, PARA SPDA - FORNECIMENTO E INSTALAÇÃO. AF_08/2023","UN",198.24]
[96989,"CAPTOR TIPO FRANKLIN PARA SPDA - FORNECIMENTO E INSTALAÇÃO. AF_08/2023","UN",166.02]
[98463,"SUPORTE ISOLADOR PARA FIXAÇÃO DA CORDOALHA DE COBRE EM ALVENARIA OU CONCRETO - FORNECIMENTO E INSTALAÇÃO. AF_08/2023","UN",26.25]
[104746,"MINI CAPTOR PARA SPDA - FORNECIMENTO E INSTALAÇÃO. AF_08/2023","UN",28.95]
[104749,"CONECTOR GRAMPO METÁLICO TIPO OLHAL, PARA SPDA, PARA HASTE DE ATERRAMENTO DE 3/4'' E CABOS DE 10 A 50 MM2 - FORNECIMENTO E INSTALAÇÃO. AF_08/2023","UN",17.37]
[104750,"CONECTOR GRAMPO METÁLICO TIPO OLHAL, PARA SPDA, PARA HASTE DE ATERRAMENTO DE 5/8'' E CABOS DE 10 A 50 MM2 - FORNECIMENTO E INSTALAÇÃO. AF_08/2023","UN",14.21]
[104751,"CONECTOR GRAMPO PARALELO METÁLICO, PARA SPDA, PARA CABOS DE 6 A 50 MM2 - FORNECIMENTO E INSTALAÇÃO. AF_08/2023","UN",19.63]
[104752,"CONECTOR SPLIT-BOLT, PARA SPDA, PARA CABOS ATÉ 35 MM2 - FORNECIMENTO E INSTALAÇÃO. AF_08/2023","UN",21.73]
[104753,"CONECTOR SPLIT-BOLT, PARA SPDA, PARA CABOS ATÉ 50 MM2 - FORNECIMENTO E INSTALAÇÃO. AF_08/2023","UN",26.84]
[104754,"CONECTOR SPLIT-BOLT, PARA SPDA, PARA CABOS ATÉ 70 MM2 - FORNECIMENTO E INSTALAÇÃO. AF_08/2023","UN",35.59]
[104755,"CONECTOR SPLIT-BOLT, PARA SPDA, PARA CABOS ATÉ 95 MM2 - FORNECIMENTO E INSTALAÇÃO. AF_08/2023","UN",49.17]
[103490,"PLACA DE CONCRETO PRÉ-MOLDADO COMO PROTEÇÃO MECÂNICA ADICIONAL NO REATERRO PARA REDE ENTERRADA DE DISTRIBUIÇÃO DE ENERGIA ELÉTRICA - FORNECIMENTO E INSTALAÇÃO. AF_12/2021","M3",{"v":3151.74,"d":"3,151.74"}]
[103491,"CONCRETAGEM COMO PROTEÇÃO MECÂNICA ADICIONAL NO REATERRO PARA REDE ENTERRADA DE DISTRIBUIÇÃO DE ENERGIA ELÉTRICA - FORNECIMENTO E INSTALAÇÃO. AF_12/2021","M3",660.36]
[104758,"FURO MANUAL EM ALVENARIA, PARA INSTALAÇÕES ELÉTRICAS, DIÂMETROS MENORES OU IGUAIS A 40 MM. AF_09/2023","UN",14.34]
[104759,"FURO MANUAL EM ALVENARIA, PARA INSTALAÇÕES ELÉTRICAS, DIÂMETROS MAIORES QUE 40 MM E MENORES OU IGUAIS A 75 MM. AF_09/2023","UN",38.25]
[104760,"FURO MANUAL EM ALVENARIA, PARA INSTALAÇÕES ELÉTRICAS, DIÂMETROS MAIORES QUE 75 MM E MENORES OU IGUAIS A 100 MM. AF_09/2023","UN",55.87]
[104761,"FURO MECANIZADO EM CONCRETO, COM MARTELO DEMOLIDOR, PARA INSTALAÇÕES ELÉTRICAS, DIÂMETROS MENORES OU IGUAIS A 40 MM. AF_09/2023","UN",7.96]
[104762,"FURO MECANIZADO EM CONCRETO, COM MARTELO DEMOLIDOR, PARA INSTALAÇÕES ELÉTRICAS, DIÂMETROS MAIORES QUE 40 MM E MENORES OU IGUAIS A 75 MM. AF_09/2023","UN",21.24]
[104763,"FURO MECANIZADO EM CONCRETO, COM MARTELO DEMOLIDOR, PARA INSTALAÇÕES ELÉTRICAS, DIÂMETROS MAIORES QUE 75 MM E MENORES OU IGUAIS A 150 MM. AF_09/2023","UN",31.02]
[104764,"SUPORTE PARA 2 ELETRODUTOS, ESPAÇADO A CADA 80 CM, EM PERFILADO COM COMPRIMENTO DE 25 CM FIXADO EM LAJE, POR METRO DE ELETRODUTO FIXADO. AF_09/2023","M",19.72]
[104765,"SUPORTE PARA 4 ELETRODUTOS, ESPAÇADO A CADA 80 CM, EM PERFILADO COM COMPRIMENTO DE 42 CM FIXADO EM LAJE, POR METRO DE ELETRODUTO FIXADO. AF_09/2023","M",15.7]
[104766,"CHUMBAMENTO LINEAR EM ALVENARIA PARA ELETRODUTOS COM DIÂMETROS MENORES OU IGUAIS A 40 MM. AF_09/2023","M",15.46]
[104768,"FURO MECANIZADO EM ALVENARIA, PARA INSTALAÇÕES ELÉTRICAS, DIÂMETROS MENORES OU IGUAIS A 40 MM. AF_09/2023","UN",0.6]
[104770,"FURO MECANIZADO EM ALVENARIA, PARA INSTALAÇÕES ELÉTRICAS, DIÂMETROS MAIORES QUE 40 MM E MENORES OU IGUAIS A 75 MM. AF_09/2023","UN",1.62]
[104772,"FURO MECANIZADO EM ALVENARIA, PARA INSTALAÇÕES ELÉTRICAS, DIÂMETROS MAIORES QUE 75 MM E MENORES OU IGUAIS A 100 MM. AF_09/2023","UN",2.36]
[104774,"FURO MECANIZADO EM CONCRETO, COM PERFURATRIZ, PARA INSTALAÇÕES ELÉTRICAS, DIÂMETROS MENORES OU IGUAIS A 40 MM. AF_09/2023","UN",2.17]
[104776,"FURO MECANIZADO EM CONCRETO, COM PERFURATRIZ, PARA INSTALAÇÕES ELÉTRICAS, DIÂMETROS MAIORES QUE 40 MM E MENORES OU IGUAIS A 75 MM. AF_09/2023","UN",5.79]
[104778,"FURO MECANIZADO EM CONCRETO, COM PERFURATRIZ, PARA INSTALAÇÕES ELÉTRICAS, DIÂMETROS MAIORES QUE 75 MM E MENORES OU IGUAIS A 150 MM. AF_09/2023","UN",8.48]
[104780,"RASGO LINEAR MECANIZADO EM ALVENARIA, PARA ELETRODUTOS, DIÂMETROS MENORES OU IGUAIS A 40 MM. AF_09/2023","M",4.79]
[104785,"FIXAÇÃO DE ELETRODUTOS, DIÂMETROS MENORES OU IGUAIS A 40 MM, COM ABRAÇADEIRA METÁLICA RÍGIDA TIPO D COM PARAFUSO DE FIXAÇÃO 1 1/4\", FIXADA DIRETAMENTE NA LAJE OU PAREDE. AF_09/2023","M",12.11]
[96765,"ABRIGO PARA HIDRANTE, 90X60X17CM, COM REGISTRO GLOBO ANGULAR 45 GRAUS 2 1/2\", ADAPTADOR STORZ 2 1/2\", MANGUEIRA DE INCÊNDIO 20M, REDUÇÃO 2 1/2\" X 1 1/2\" E ESGUICHO EM LATÃO 1 1/2\" - FORNECIMENTO E INSTALAÇÃO. AF_10/2020","UN",{"v":1435.84,"d":"1,435.84"}]
[101905,"EXTINTOR DE INCÊNDIO PORTÁTIL COM CARGA DE ÁGUA PRESSURIZADA DE 10 L, CLASSE A - FORNECIMENTO E INSTALAÇÃO. AF_10/2020_PE","UN",222.71]
[101906,"EXTINTOR DE INCÊNDIO PORTÁTIL COM CARGA DE CO2 DE 4 KG, CLASSE BC - FORNECIMENTO E INSTALAÇÃO. AF_10/2020_PE","UN",656.05]
[101907,"EXTINTOR DE INCÊNDIO PORTÁTIL COM CARGA DE CO2 DE 6 KG, CLASSE BC - FORNECIMENTO E INSTALAÇÃO. AF_10/2020_PE","UN",708.85]
[101908,"EXTINTOR DE INCÊNDIO PORTÁTIL COM CARGA DE PQS DE 4 KG, CLASSE BC - FORNECIMENTO E INSTALAÇÃO. AF_10/2020_PE","UN",216.11]
[101909,"EXTINTOR DE INCÊNDIO PORTÁTIL COM CARGA DE PQS DE 6 KG, CLASSE BC - FORNECIMENTO E INSTALAÇÃO. AF_10/2020_PE","UN",251.31]
[101910,"EXTINTOR DE INCÊNDIO PORTÁTIL COM CARGA DE PQS DE 8 KG, CLASSE BC - FORNECIMENTO E INSTALAÇÃO. AF_10/2020_PE","UN",295.3]
[101911,"EXTINTOR DE INCÊNDIO PORTÁTIL COM CARGA DE PQS DE 12 KG, CLASSE BC - FORNECIMENTO E INSTALAÇÃO. AF_10/2020_PE","UN",339.29]
[101912,"ABRIGO PARA HIDRANTE, 75X45X17CM, COM REGISTRO GLOBO ANGULAR 45 GRAUS 2 1/2\", ADAPTADOR STORZ 2 1/2\", MANGUEIRA DE INCÊNDIO 15M 2 1/2\" E ESGUICHO EM LATÃO 2 1/2\" - FORNECIMENTO E INSTALAÇÃO. AF_10/2020","UN",{"v":1895.2,"d":"1,895.20"}]
[101913,"CAIXA DE INCÊNDIO 45X75X17CM - FORNECIMENTO E INSTALAÇÃO. AF_10/2020","UN",342.09]
[101914,"CAIXA DE INCÊNDIO 60X90X17CM - FORNECIMENTO E INSTALAÇÃO. AF_10/2020","UN",436.07]
[101915,"CONJUNTO DE MANGUEIRA PARA COMBATE A INCÊNDIO EM FIBRA DE POLIESTER PURA, COM 1.1/2\", REVESTIDA INTERNAMENTE, COMPRIMENTO DE 15M - FORNECIMENTO E INSTALAÇÃO. AF_10/2020","UN",429.07]
[101916,"HIDRANTE SUBTERRÂNEO PREDIAL (COM CURVA LONGA E CAIXA), DN 75 MM - FORNECIMENTO E INSTALAÇÃO. AF_10/2020","UN",{"v":3372.02,"d":"3,372.02"}]
[101917,"MANÔMETRO 0 A 200 PSI (0 A 14 KGF/CM2), D = 50MM - FORNECIMENTO E INSTALAÇÃO. AF_10/2020","UN",161.85]
[98261,"CABO TELEFÔNICO CCI-50 1 PAR, INSTALADO EM ENTRADA DE EDIFICAÇÃO - FORNECIMENTO E INSTALAÇÃO. AF_11/2019","M",3.97]
[98262,"CABO TELEFÔNICO CCI-50 2 PARES, SEM BLINDAGEM, INSTALADO EM ENTRADA DE EDIFICAÇÃO - FORNECIMENTO E INSTALAÇÃO. AF_11/2019","M",5.05]
[98263,"CABO TELEFÔNICO CCI-50 3 PARES, SEM BLINDAGEM, INSTALADO EM ENTRADA DE EDIFICAÇÃO - FORNECIMENTO E INSTALAÇÃO. AF_11/2019","M",5.28]
[98264,"CABO TELEFÔNICO CCI-50 4 PARES, SEM BLINDAGEM, INSTALADO EM ENTRADA DE EDIFICAÇÃO - FORNECIMENTO E INSTALAÇÃO. AF_11/2019","M",6.44]
[98265,"CABO TELEFÔNICO CCI-50 5 PARES, SEM BLINDAGEM, INSTALADO EM ENTRADA DE EDIFICAÇÃO - FORNECIMENTO E INSTALAÇÃO. AF_11/2019","M",7.21]
[98266,"CABO TELEFÔNICO CCI-50 6 PARES, SEM BLINDAGEM, INSTALADO EM ENTRADA DE EDIFICAÇÃO - FORNECIMENTO E INSTALAÇÃO. AF_11/2019","M",8.28]
[98267,"CABO TELEFÔNICO CI-50 10 PARES INSTALADO EM ENTRADA DE EDIFICAÇÃO - FORNECIMENTO E INSTALAÇÃO. AF_11/2019","M",13.31]
[98268,"CABO TELEFÔNICO CI-50 20 PARES INSTALADO EM ENTRADA DE EDIFICAÇÃO - FORNECIMENTO E INSTALAÇÃO. AF_11/2019","M",21.87]
[98269,"CABO TELEFÔNICO CI-50 30 PARES INSTALADO EM ENTRADA DE EDIFICAÇÃO - FORNECIMENTO E INSTALAÇÃO. AF_11/2019","M",30.16]
[98270,"CABO TELEFÔNICO CI-50 50 PARES INSTALADO EM ENTRADA DE EDIFICAÇÃO - FORNECIMENTO E INSTALAÇÃO. AF_11/2019","M",45.95]
[98271,"CABO TELEFÔNICO CI-50 75 PARES INSTALADO EM ENTRADA DE EDIFICAÇÃO - FORNECIMENTO E INSTALAÇÃO. AF_11/2019","M",65]
[98272,"CABO TELEFÔNICO CI-50 200 PARES INSTALADO EM ENTRADA DE EDIFICAÇÃO - FORNECIMENTO E INSTALAÇÃO. AF_11/2019","M",150.43]
[98273,"CABO TELEFÔNICO CCI-50 4 PARES, SEM BLINDAGEM, INSTALADO EM PRUMADA - FORNECIMENTO E INSTALAÇÃO. AF_11/2019","M",3.51]
[98274,"CABO TELEFÔNICO CCI-50 5 PARES, SEM BLINDAGEM, INSTALADO EM PRUMADA - FORNECIMENTO E INSTALAÇÃO. AF_11/2019","M",4.27]
[98275,"CABO TELEFÔNICO CCI-50 6 PARES, SEM BLINDAGEM, INSTALADO EM PRUMADA - FORNECIMENTO E INSTALAÇÃO. AF_11/2019","M",5.34]
[98276,"CABO TELEFÔNICO CI-50 10 PARES INSTALADO EM PRUMADA - FORNECIMENTO E INSTALAÇÃO. AF_11/2019","M",10.38]
[98277,"CABO TELEFÔNICO CI-50 20 PARES INSTALADO EM PRUMADA - FORNECIMENTO E INSTALAÇÃO. AF_11/2019","M",18.95]
[98278,"CABO TELEFÔNICO CI-50 30 PARES INSTALADO EM PRUMADA - FORNECIMENTO E INSTALAÇÃO. AF_11/2019","M",27.23]
[98279,"CABO TELEFÔNICO CI-50 50 PARES INSTALADO EM PRUMADA - FORNECIMENTO E INSTALAÇÃO. AF_11/2019","M",43.01]
[98280,"CABO TELEFÔNICO CCI-50 1 PAR, SEM BLINDAGEM, INSTALADO EM DISTRIBUIÇÃO DE EDIFICAÇÃO RESIDENCIAL - FORNECIMENTO E INSTALAÇÃO. AF_11/2019","M",7.74]
[98281,"CABO TELEFÔNICO CCI-50 2 PARES, SEM BLINDAGEM, INSTALADO EM DISTRIBUIÇÃO DE EDIFICAÇÃO RESIDENCIAL - FORNECIMENTO E INSTALAÇÃO. AF_11/2019","M",8.81]
[98282,"CABO TELEFÔNICO CCI-50 3 PARES, SEM BLINDAGEM, INSTALADO EM DISTRIBUIÇÃO DE EDIFICAÇÃO RESIDENCIAL - FORNECIMENTO E INSTALAÇÃO. AF_11/2019","M",9.05]
[98283,"CABO TELEFÔNICO CCI-50 4 PARES, SEM BLINDAGEM, INSTALADO EM DISTRIBUIÇÃO DE EDIFICAÇÃO RESIDENCIAL - FORNECIMENTO E INSTALAÇÃO. AF_11/2019","M",10.2]
[98284,"CABO TELEFÔNICO CCI-50 5 PARES, SEM BLINDAGEM, INSTALADO EM DISTRIBUIÇÃO DE EDIFICAÇÃO RESIDENCIAL - FORNECIMENTO E INSTALAÇÃO. AF_11/2019","M",10.98]
[98285,"CABO TELEFÔNICO CCI-50 6 PARES, SEM BLINDAGEM, INSTALADO EM DISTRIBUIÇÃO DE EDIFICAÇÃO RESIDENCIAL - FORNECIMENTO E INSTALAÇÃO. AF_11/2019","M",12.05]
[98286,"CABO TELEFÔNICO CI-50 10 PARES INSTALADO EM DISTRIBUIÇÃO DE EDIFICAÇÃO RESIDENCIAL - FORNECIMENTO E INSTALAÇÃO. AF_11/2019","M",17.08]
[98287,"CABO TELEFÔNICO CCI-50 1 PAR, SEM BLINDAGEM, INSTALADO EM DISTRIBUIÇÃO DE EDIFICAÇÃO INSTITUCIONAL - FORNECIMENTO E INSTALAÇÃO. AF_11/2019","M",1.71]
[98288,"CABO TELEFÔNICO CCI-50 2 PARES, SEM BLINDAGEM, INSTALADO EM DISTRIBUIÇÃO DE EDIFICAÇÃO INSTITUCIONAL - FORNECIMENTO E INSTALAÇÃO. AF_11/2019","M",2.78]
[98289,"CABO TELEFÔNICO CCI-50 3 PARES, SEM BLINDAGEM, INSTALADO EM DISTRIBUIÇÃO DE EDIFICAÇÃO INSTITUCIONAL - FORNECIMENTO E INSTALAÇÃO. AF_11/2019","M",3.02]
[98290,"CABO TELEFÔNICO CCI-50 4 PARES, SEM BLINDAGEM, INSTALADO EM DISTRIBUIÇÃO DE EDIFICAÇÃO INSTITUCIONAL - FORNECIMENTO E INSTALAÇÃO. AF_11/2019","M",4.17]
[98291,"CABO TELEFÔNICO CCI-50 5 PARES, SEM BLINDAGEM, INSTALADO EM DISTRIBUIÇÃO DE EDIFICAÇÃO INSTITUCIONAL - FORNECIMENTO E INSTALAÇÃO. AF_11/2019","M",4.95]
[98292,"CABO TELEFÔNICO CCI-50 6 PARES, SEM BLINDAGEM, INSTALADO EM DISTRIBUIÇÃO DE EDIFICAÇÃO INSTITUCIONAL - FORNECIMENTO E INSTALAÇÃO. AF_11/2019","M",6.02]
[98293,"CABO TELEFÔNICO CI-50 10 PARES INSTALADO EM DISTRIBUIÇÃO DE EDIFICAÇÃO INSTITUCIONAL - FORNECIMENTO E INSTALAÇÃO. AF_11/2019","M",11.05]
[98400,"CABO TELEFÔNICO CTP-APL-50 10 PARES INSTALADO EM ENTRADA DE EDIFICAÇÃO - FORNECIMENTO E INSTALAÇÃO. AF_11/2019","M",16.57]
[98401,"CABO TELEFÔNICO CTP-APL-50 20 PARES INSTALADO EM ENTRADA DE EDIFICAÇÃO - FORNECIMENTO E INSTALAÇÃO. AF_11/2019","M",26.38]
[98402,"CABO TELEFÔNICO CTP-APL-50 30 PARES INSTALADO EM ENTRADA DE EDIFICAÇÃO - FORNECIMENTO E INSTALAÇÃO. AF_11/2019","M",30.86]
[100556,"CAIXA DE PASSAGEM PARA TELEFONE 15X15X10CM (SOBREPOR), FORNECIMENTO E INSTALACAO. AF_11/2019","UN",43.36]
[100557,"CAIXA DE PASSAGEM PARA TELEFONE 80X80X15CM (SOBREPOR) FORNECIMENTO E INSTALACAO. AF_11/2019","UN",546.26]
[100560,"QUADRO DE DISTRIBUIÇÃO PARA TELEFONE N.2, 20X20X12CM EM CHAPA METALICA, DE EMBUTIR, SEM ACESSORIOS, PADRÃO TELEBRAS, FORNECIMENTO E INSTALAÇÃO. AF_11/2019","UN",118.13]
[100561,"QUADRO DE DISTRIBUICAO PARA TELEFONE N.3, 40X40X12CM EM CHAPA METALICA, DE EMBUTIR, SEM ACESSORIOS, PADRAO TELEBRAS, FORNECIMENTO E INSTALAÇÃO. AF_11/2019","UN",217.14]
[100562,"QUADRO DE DISTRIBUICAO PARA TELEFONE N.4, 60X60X12CM EM CHAPA METALICA, DE EMBUTIR, SEM ACESSORIOS, PADRAO TELEBRAS, FORNECIMENTO E INSTALAÇÃO. AF_11/2019","UN",337.15]
[100563,"QUADRO DE DISTRIBUIÇÃO PARA TELEFONE N.5, 80X80X12CM EM CHAPA METALICA, SEM ACESSORIOS, PADRAO TELEBRAS, FORNECIMENTO E INSTALAÇÃO. AF_11/2019","UN",486.93]
[101795,"CAIXA ENTERRADA PARA INSTALAÇÕES TELEFÔNICAS TIPO R1, EM ALVENARIA COM BLOCOS DE CONCRETO, DIMENSÕES INTERNAS: 0,35X0,60X0,60 M, EXCLUINDO TAMPÃO. AF_12/2020","UN",611.07]
[101798,"TAMPA PARA CAIXA TIPO R1, EM FERRO FUNDIDO, DIMENSÕES INTERNAS: 0,40 X 0,60 M - FORNECIMENTO E INSTALAÇÃO. AF_12/2020","UN",253.08]
[101799,"TAMPA PARA CAIXA TIPO R2 E R3, EM FERRO FUNDIDO, DIMENSÕES INTERNAS: 0,55 X 1,10 M - FORNECIMENTO E INSTALAÇÃO. AF_12/2020","UN",602.3]
[98397,"PINTURA ANTICORROSIVA DE DUTO METÁLICO. AF_03/2024","M2",9.67]
[103244,"AR CONDICIONADO SPLIT INVERTER, HI-WALL (PAREDE), 9000 BTU/H, CICLO FRIO - FORNECIMENTO E INSTALAÇÃO. AF_11/2021_PE","UN",{"v":3140.29,"d":"3,140.29"}]
[103245,"AR CONDICIONADO SPLIT ON/OFF, HI-WALL (PAREDE), 9000 BTUS/H, CICLO FRIO - FORNECIMENTO E INSTALAÇÃO. AF_11/2021_PE","UN",{"v":2459.06,"d":"2,459.06"}]
[103246,"AR CONDICIONADO SPLIT ON/OFF, HI-WALL (PAREDE), 9000 BTUS/H, CICLO QUENTE/FRIO - FORNECIMENTO E INSTALAÇÃO. AF_11/2021_PE","UN",{"v":2689.44,"d":"2,689.44"}]
[103247,"AR CONDICIONADO SPLIT INVERTER, HI-WALL (PAREDE), 12000 BTU/H, CICLO FRIO - FORNECIMENTO E INSTALAÇÃO. AF_11/2021_PE","UN",{"v":3494.62,"d":"3,494.62"}]
[103248,"AR CONDICIONADO SPLIT ON/OFF, HI-WALL (PAREDE), 12000 BTUS/H, CICLO FRIO - FORNECIMENTO E INSTALAÇÃO. AF_11/2021_PE","UN",{"v":2840.29,"d":"2,840.29"}]
[103249,"AR CONDICIONADO SPLIT ON/OFF, HI-WALL (PAREDE), 12000 BTUS/H, CICLO QUENTE/FRIO - FORNECIMENTO E INSTALAÇÃO. AF_11/2021_PE","UN",{"v":3057.71,"d":"3,057.71"}]
[103250,"AR CONDICIONADO SPLIT INVERTER, HI-WALL (PAREDE), 18000 BTU/H, CICLO FRIO - FORNECIMENTO E INSTALAÇÃO. AF_11/2021_PE","UN",{"v":5109.75,"d":"5,109.75"}]
[103251,"AR CONDICIONADO SPLIT ON/OFF, HI-WALL (PAREDE), 18000 BTUS/H, CICLO FRIO - FORNECIMENTO E INSTALAÇÃO. AF_11/2021_PE","UN",{"v":4016.91,"d":"4,016.91"}]
[103252,"AR CONDICIONADO SPLIT ON/OFF, HI-WALL (PAREDE), 18000 BTUS/H, CICLO QUENTE/FRIO - FORNECIMENTO E INSTALAÇÃO. AF_11/2021_PE","UN",{"v":4457.62,"d":"4,457.62"}]
[103253,"AR CONDICIONADO SPLIT INVERTER, HI-WALL (PAREDE), 24000 BTU/H, CICLO FRIO - FORNECIMENTO E INSTALAÇÃO. AF_11/2021_PE","UN",{"v":6995.08,"d":"6,995.08"}]
[103254,"AR CONDICIONADO SPLIT ON/OFF, HI-WALL (PAREDE), 24000 BTUS/H, CICLO FRIO - FORNECIMENTO E INSTALAÇÃO. AF_11/2021_PE","UN",{"v":5208.4,"d":"5,208.40"}]
[103255,"AR CONDICIONADO SPLIT ON/OFF, HI-WALL (PAREDE), 24000 BTUS/H, CICLO QUENTE/FRIO - FORNECIMENTO E INSTALAÇÃO. AF_11/2021_PE","UN",{"v":5838.79,"d":"5,838.79"}]
[103256,"AR CONDICIONADO SPLIT INVERTER, PISO TETO, 18000 BTU/H, CICLO FRIO - FORNECIMENTO E INSTALAÇÃO. AF_11/2021_PSE","UN",{"v":13033.85,"d":"13,033.85"}]
[103257,"AR CONDICIONADO SPLIT ON/OFF, PISO TETO, 18.000 BTU/H, CICLO FRIO - FORNECIMENTO E INSTALAÇÃO. AF_11/2021_PSE","UN",{"v":7396.7,"d":"7,396.70"}]
[103258,"AR CONDICIONADO SPLIT INVERTER, PISO TETO, 24000 BTU/H, CICLO FRIO - FORNECIMENTO E INSTALAÇÃO. AF_11/2021_PSE","UN",{"v":14583.84,"d":"14,583.84"}]
[103259,"AR CONDICIONADO SPLIT ON/OFF, PISO TETO, 24.000 BTU/H, CICLO FRIO - FORNECIMENTO E INSTALAÇÃO. AF_11/2021_PSE","UN",{"v":7800.16,"d":"7,800.16"}]
[103260,"AR CONDICIONADO SPLIT INVERTER, PISO TETO, 24000 BTU/H, QUENTE/FRIO - FORNECIMENTO E INSTALAÇÃO. AF_11/2021_PSE","UN",{"v":8016.03,"d":"8,016.03"}]
[103261,"AR CONDICIONADO SPLIT INVERTER, PISO TETO, 36000 BTU/H, CICLO FRIO - FORNECIMENTO E INSTALAÇÃO. AF_11/2021_PSE","UN",{"v":16459.47,"d":"16,459.47"}]
[103262,"AR CONDICIONADO SPLIT ON/OFF, PISO TETO, 36.000 BTU/H, CICLO FRIO - FORNECIMENTO E INSTALAÇÃO. AF_11/2021_PSE","UN",{"v":10278.62,"d":"10,278.62"}]
[103263,"AR CONDICIONADO SPLIT INVERTER, PISO TETO, 48000 BTU/H, CICLO FRIO - FORNECIMENTO E INSTALAÇÃO. AF_11/2021_PE","UN",{"v":22809.07,"d":"22,809.07"}]
[103264,"AR CONDICIONADO SPLIT ON/OFF, PISO TETO, 48.000 BTU/H, CICLO FRIO - FORNECIMENTO E INSTALAÇÃO. AF_11/2021_PE","UN",{"v":12689.24,"d":"12,689.24"}]
[103265,"AR CONDICIONADO SPLIT INVERTER, PISO TETO, APRESENTANDO ENTRE 54000 E 58000 BTU/H, CICLO FRIO - FORNECIMENTO E INSTALAÇÃO. AF_11/2021_PE","UN",{"v":27545.97,"d":"27,545.97"}]
[103266,"AR CONDICIONADO SPLIT ON/OFF, PISO TETO, 60.000 BTU/H, CICLO FRIO - FORNECIMENTO E INSTALAÇÃO. AF_11/2021_PE","UN",{"v":14198.77,"d":"14,198.77"}]
[103267,"AR CONDICIONADO SPLIT ON/OFF, CASSETE (TETO), FRIO 4 VIAS 18000 BTU/H - FORNECIMENTO E INSTALAÇÃO. AF_11/2021_PE","UN",{"v":8095.84,"d":"8,095.84"}]
[103268,"AR CONDICIONADO SPLIT ON/OFF, CASSETE (TETO), 18000 BTU/H, CICLO QUENTE/FRIO - FORNECIMENTO E INSTALAÇÃO. AF_11/2021_PE","UN",{"v":9633.43,"d":"9,633.43"}]
[103269,"AR CONDICIONADO SPLIT ON/OFF, CASSETE (TETO), FRIO 4 VIAS 24000 BTU/H - FORNECIMENTO E INSTALAÇÃO. AF_11/2021_PE","UN",{"v":9975.62,"d":"9,975.62"}]
[103270,"AR CONDICIONADO SPLIT ON/OFF, CASSETE (TETO), 24000 BTU/H, CICLO QUENTE/FRIO - FORNECIMENTO E INSTALAÇÃO. AF_11/2021_PE","UN",{"v":10359.73,"d":"10,359.73"}]
[103271,"AR CONDICIONADO SPLIT ON/OFF, CASSETE (TETO), FRIO 4 VIAS 36000 BTU/H - FORNECIMENTO E INSTALAÇÃO. AF_11/2021_PE","UN",{"v":14716.93,"d":"14,716.93"}]
[103272,"AR CONDICIONADO SPLIT ON/OFF, CASSETE (TETO), 36000 BTU/H, CICLO QUENTE/FRIO - FORNECIMENTO E INSTALAÇÃO. AF_11/2021_PE","UN",{"v":15205.39,"d":"15,205.39"}]
[103273,"AR CONDICIONADO SPLIT ON/OFF, CASSETE (TETO), FRIO 4 VIAS 48000 BTU/H - FORNECIMENTO E INSTALAÇÃO. AF_11/2021_PE","UN",{"v":15545.37,"d":"15,545.37"}]
[103274,"AR CONDICIONADO SPLIT ON/OFF, CASSETE (TETO), 48000 BTU/H, CICLO QUENTE/FRIO - FORNECIMENTO E INSTALAÇÃO. AF_11/2021_PE","UN",{"v":17842.68,"d":"17,842.68"}]
[103275,"AR CONDICIONADO SPLIT ON/OFF, CASSETE (TETO), FRIO 4 VIAS 60000 BTU/H - FORNECIMENTO E INSTALAÇÃO. AF_11/2021_PE","UN",{"v":17748.9,"d":"17,748.90"}]
[103276,"AR CONDICIONADO SPLIT ON/OFF, CASSETE (TETO), 60000 BTU/H, CICLO QUENTE/FRIO - FORNECIMENTO E INSTALAÇÃO. AF_11/2021_PE","UN",{"v":18637.42,"d":"18,637.42"}]
[103277,"AR CONDICIONADO SPLITÃO 10 TR - FORNECIMENTO E INSTALAÇÃO. AF_11/2021_PE","UN",{"v":34500.55,"d":"34,500.55"}]
[103278,"AR CONDICIONADO SPLITÃO 15 TR - FORNECIMENTO E INSTALAÇÃO. AF_11/2021_PE","UN",{"v":44257.47,"d":"44,257.47"}]
[103288,"RASGO E CHUMBAMENTO EM ALVENARIA PARA TUBOS DE SPLIT PAREDE DE 9000 A 24000 BTUS/H. AF_11/2021","UN",14.51]
[103289,"TUBO EM COBRE FLEXÍVEL, DN 1/4\", COM ISOLAMENTO, INSTALADO EM FORRO, PARA RAMAL DE ALIMENTAÇÃO DE AR CONDICIONADO, INCLUSO FIXADOR. AF_11/2021_PA","M",31.1]
[103290,"TUBO EM COBRE FLEXÍVEL, DN 3/8\", COM ISOLAMENTO, INSTALADO EM FORRO, PARA RAMAL DE ALIMENTAÇÃO DE AR CONDICIONADO, INCLUSO FIXADOR. AF_11/2021_PA","M",47.76]
[103291,"TUBO EM COBRE FLEXÍVEL, DN 1/2\", COM ISOLAMENTO, INSTALADO EM FORRO, PARA RAMAL DE ALIMENTAÇÃO DE AR CONDICIONADO, INCLUSO FIXADOR. AF_11/2021_PA","M",59.9]
[103292,"TUBO EM COBRE FLEXÍVEL, DN 5/8\", COM ISOLAMENTO, INSTALADO EM FORRO, PARA RAMAL DE ALIMENTAÇÃO DE AR CONDICIONADO, INCLUSO FIXADOR. AF_11/2021_PA","M",72.23]
[101936,"INSTALAÇÃO DE TUBOS E CONEXÕES, EM AÇO/FERRO GALVANIZADO, PARA O CENTRO DE MEDIÇÃO DE GÁS DE EDIFÍCIO RESIDENCIAL, COM 4 PAVIMENTOS, 16 UNIDADES HABITACIONAIS, DN 32 (1 1/4\") - FORNECIMENTO E INSTALAÇÃO. AF_10/2020","UN",{"v":7335.73,"d":"7,335.73"}]
[101937,"INSTALAÇÃO DE TUBOS E CONEXÕES, EM AÇO/FERRO GALVANIZADO, PARA O CENTRO DE MEDIÇÃO DE GÁS DE EDIFÍCIO RESIDENCIAL, COM 4 PAVIMENTOS, 16 UNIDADES HABITACIONAIS, DN 50 (2\") - FORNECIMENTO E INSTALAÇÃO. AF_10/2020","UN",{"v":13385.69,"d":"13,385.69"}]
[98294,"CABO ELETRÔNICO CATEGORIA 5E, INSTALADO EM EDIFICAÇÃO RESIDENCIAL - FORNECIMENTO E INSTALAÇÃO. AF_11/2019","M",8.64]
[98295,"CABO ELETRÔNICO CATEGORIA 5E, INSTALADO EM EDIFICAÇÃO INSTITUCIONAL - FORNECIMENTO E INSTALAÇÃO. AF_11/2019","M",7.95]
[98296,"CABO ELETRÔNICO CATEGORIA 6, INSTALADO EM EDIFICAÇÃO RESIDENCIAL - FORNECIMENTO E INSTALAÇÃO. AF_11/2019","M",12.55]
[98297,"CABO ELETRÔNICO CATEGORIA 6, INSTALADO EM EDIFICAÇÃO INSTITUCIONAL - FORNECIMENTO E INSTALAÇÃO. AF_11/2019","M",11.46]
[98298,"CABO ELETRÔNICO CATEGORIA 6A, INSTALADO EM EDIFICAÇÃO RESIDENCIAL - FORNECIMENTO E INSTALAÇÃO. AF_11/2019","M",31.26]
[98299,"CABO ELETRÔNICO CATEGORIA 6A, INSTALADO EM EDIFICAÇÃO INSTITUCIONAL - FORNECIMENTO E INSTALAÇÃO. AF_11/2019","M",29.92]
[98300,"CABO COAXIAL RG6 95% - FORNECIMENTO E INSTALAÇÃO. AF_11/2019","M",6.32]
[98301,"PATCH PANEL 24 PORTAS, CATEGORIA 5E - FORNECIMENTO E INSTALAÇÃO. AF_11/2019","UN",625.27]
[98302,"PATCH PANEL 24 PORTAS, CATEGORIA 6 - FORNECIMENTO E INSTALAÇÃO. AF_11/2019","UN",{"v":1168.43,"d":"1,168.43"}]
[98304,"PATCH PANEL 48 PORTAS, CATEGORIA 6 - FORNECIMENTO E INSTALAÇÃO. AF_11/2019","UN",{"v":3654.6,"d":"3,654.60"}]
[98305,"RACK FECHADO PARA SERVIDOR - FORNECIMENTO E INSTALAÇÃO. AF_11/2019","UN",{"v":2683.94,"d":"2,683.94"}]
[98306,"BLOCO DE ENGATE RÁPIDO PARA BASTIDOR TIPO M10 - FORNECIMENTO E INSTALAÇÃO. AF_11/2019","UN",61.8]
[98307,"TOMADA DE REDE RJ45 - FORNECIMENTO E INSTALAÇÃO. AF_11/2019","UN",45.03]
[98308,"TOMADA PARA TELEFONE RJ11 - FORNECIMENTO E INSTALAÇÃO. AF_11/2019","UN",29.86]
[98593,"PATCH PANEL 48 PORTAS, CATEGORIA 5E - FORNECIMENTO E INSTALAÇÃO. AF_11/2019","UN",{"v":2547.08,"d":"2,547.08"}]
[100553,"CABO COAXIAL RG11 95% - FORNECIMENTO E INSTALAÇÃO. AF_11/2019","M",32.62]
[100554,"CABO COAXIAL RG59 95% - FORNECIMENTO E INSTALAÇÃO. AF_11/2019","M",6.03]
[100555,"RACK ABERTO EM COLUNA 44U PARA SERVIDOR - FORNECIMENTO E INSTALAÇÃO. AF_11/2019","UN",{"v":1344.38,"d":"1,344.38"}]
[89355,"TUBO, PVC, SOLDÁVEL, DE 20MM, INSTALADO EM RAMAL OU SUB-RAMAL DE ÁGUA - FORNECIMENTO E INSTALAÇÃO. AF_06/2022","M",18.98]
[89356,"TUBO, PVC, SOLDÁVEL, DE 25MM, INSTALADO EM RAMAL OU SUB-RAMAL DE ÁGUA - FORNECIMENTO E INSTALAÇÃO. AF_06/2022","M",21.89]
[89357,"TUBO, PVC, SOLDÁVEL, DE 32MM, INSTALADO EM RAMAL OU SUB-RAMAL DE ÁGUA - FORNECIMENTO E INSTALAÇÃO. AF_06/2022","M",29.99]
[89401,"TUBO, PVC, SOLDÁVEL, DE 20MM, INSTALADO EM RAMAL DE DISTRIBUIÇÃO DE ÁGUA - FORNECIMENTO E INSTALAÇÃO. AF_06/2022","M",9.97]
[89402,"TUBO, PVC, SOLDÁVEL, DE 25MM, INSTALADO EM RAMAL DE DISTRIBUIÇÃO DE ÁGUA - FORNECIMENTO E INSTALAÇÃO. AF_06/2022","M",11.47]
[89403,"TUBO, PVC, SOLDÁVEL, DE 32MM, INSTALADO EM RAMAL DE DISTRIBUIÇÃO DE ÁGUA - FORNECIMENTO E INSTALAÇÃO. AF_06/2022","M",17.56]
[89446,"TUBO, PVC, SOLDÁVEL, DE 25MM, INSTALADO EM PRUMADA DE ÁGUA - FORNECIMENTO E INSTALAÇÃO. AF_06/2022","M",4.91]
[89447,"TUBO, PVC, SOLDÁVEL, DE 32MM, INSTALADO EM PRUMADA DE ÁGUA - FORNECIMENTO E INSTALAÇÃO. AF_06/2022","M",9.76]
[89448,"TUBO, PVC, SOLDÁVEL, DE 40MM, INSTALADO EM PRUMADA DE ÁGUA - FORNECIMENTO E INSTALAÇÃO. AF_06/2022","M",14.92]
[89449,"TUBO, PVC, SOLDÁVEL, DE 50MM, INSTALADO EM PRUMADA DE ÁGUA - FORNECIMENTO E INSTALAÇÃO. AF_06/2022","M",16.53]
[89450,"TUBO, PVC, SOLDÁVEL, DE 60MM, INSTALADO EM PRUMADA DE ÁGUA - FORNECIMENTO E INSTALAÇÃO. AF_06/2022","M",26.44]
[89451,"TUBO, PVC, SOLDÁVEL, DE 75MM, INSTALADO EM PRUMADA DE ÁGUA - FORNECIMENTO E INSTALAÇÃO. AF_06/2022","M",43.04]
[89452,"TUBO, PVC, SOLDÁVEL, DE 85MM, INSTALADO EM PRUMADA DE ÁGUA - FORNECIMENTO E INSTALAÇÃO. AF_06/2022","M",59.24]
[89508,"TUBO PVC, SÉRIE R, ÁGUA PLUVIAL, DN 40 MM, FORNECIDO E INSTALADO EM RAMAL DE ENCAMINHAMENTO. AF_06/2022","M",16.37]
[89509,"TUBO PVC, SÉRIE R, ÁGUA PLUVIAL, DN 50 MM, FORNECIDO E INSTALADO EM RAMAL DE ENCAMINHAMENTO. AF_06/2022","M",22.16]
[89511,"TUBO PVC, SÉRIE R, ÁGUA PLUVIAL, DN 75 MM, FORNECIDO E INSTALADO EM RAMAL DE ENCAMINHAMENTO. AF_06/2022","M",37.88]
[89512,"TUBO PVC, SÉRIE R, ÁGUA PLUVIAL, DN 100 MM, FORNECIDO E INSTALADO EM RAMAL DE ENCAMINHAMENTO. AF_06/2022","M",47.97]
[89576,"TUBO PVC, SÉRIE R, ÁGUA PLUVIAL, DN 75 MM, FORNECIDO E INSTALADO EM CONDUTORES VERTICAIS DE ÁGUAS PLUVIAIS. AF_06/2022","M",26.5]
[89578,"TUBO PVC, SÉRIE R, ÁGUA PLUVIAL, DN 100 MM, FORNECIDO E INSTALADO EM CONDUTORES VERTICAIS DE ÁGUAS PLUVIAIS. AF_06/2022","M",32.84]
[89580,"TUBO PVC, SÉRIE R, ÁGUA PLUVIAL, DN 150 MM, FORNECIDO E INSTALADO EM CONDUTORES VERTICAIS DE ÁGUAS PLUVIAIS. AF_06/2022","M",68]
[89633,"TUBO, CPVC, SOLDÁVEL, DN 15MM, INSTALADO EM RAMAL OU SUB-RAMAL DE ÁGUA - FORNECIMENTO E INSTALAÇÃO. AF_06/2022","M",25.84]
[89634,"TUBO, CPVC, SOLDÁVEL, DN 22MM, INSTALADO EM RAMAL OU SUB-RAMAL DE ÁGUA - FORNECIMENTO E INSTALAÇÃO. AF_06/2022","M",37.02]
[89635,"TUBO, CPVC, SOLDÁVEL, DN 28MM, INSTALADO EM RAMAL OU SUB-RAMAL DE ÁGUA - FORNECIMENTO E INSTALAÇÃO. AF_06/2022","M",54.98]
[89636,"TUBO, CPVC, SOLDÁVEL, DN 35MM, INSTALADO EM RAMAL OU SUB-RAMAL DE ÁGUA   FORNECIMENTO E INSTALAÇÃO. AF_06/2022","M",69.36]
[89711,"TUBO PVC, SERIE NORMAL, ESGOTO PREDIAL, DN 40 MM, FORNECIDO E INSTALADO EM RAMAL DE DESCARGA OU RAMAL DE ESGOTO SANITÁRIO. AF_08/2022","M",20.54]
[89712,"TUBO PVC, SERIE NORMAL, ESGOTO PREDIAL, DN 50 MM, FORNECIDO E INSTALADO EM RAMAL DE DESCARGA OU RAMAL DE ESGOTO SANITÁRIO. AF_08/2022","M",26.22]
[89713,"TUBO PVC, SERIE NORMAL, ESGOTO PREDIAL, DN 75 MM, FORNECIDO E INSTALADO EM RAMAL DE DESCARGA OU RAMAL DE ESGOTO SANITÁRIO. AF_08/2022","M",32.72]
[89714,"TUBO PVC, SERIE NORMAL, ESGOTO PREDIAL, DN 100 MM, FORNECIDO E INSTALADO EM RAMAL DE DESCARGA OU RAMAL DE ESGOTO SANITÁRIO. AF_08/2022","M",36.51]
[89716,"TUBO, CPVC, SOLDÁVEL, DN 22MM, INSTALADO EM RAMAL DE DISTRIBUIÇÃO DE ÁGUA - FORNECIMENTO E INSTALAÇÃO. AF_06/2022","M",27.58]
[89717,"TUBO, CPVC, SOLDÁVEL, DN 28MM, INSTALADO EM RAMAL DE DISTRIBUIÇÃO DE ÁGUA - FORNECIMENTO E INSTALAÇÃO. AF_06/2022","M",43.84]
[89770,"TUBO, CPVC, SOLDÁVEL, DN 35MM, INSTALADO EM PRUMADA DE ÁGUA   FORNECIMENTO E INSTALAÇÃO. AF_06/2022","M",48]
[89771,"TUBO, CPVC, SOLDÁVEL, DN 42MM, INSTALADO EM PRUMADA DE ÁGUA   FORNECIMENTO E INSTALAÇÃO. AF_06/2022","M",64.09]
[89773,"TUBO, CPVC, SOLDÁVEL, DN 73MM, INSTALADO EM PRUMADA DE ÁGUA   FORNECIMENTO E INSTALAÇÃO. AF_06/2022","M",150.72]
[89775,"TUBO, CPVC, SOLDÁVEL, DN 89MM, INSTALADO EM PRUMADA DE ÁGUA   FORNECIMENTO E INSTALAÇÃO. AF_06/2022","M",235.75]
[89798,"TUBO PVC, SERIE NORMAL, ESGOTO PREDIAL, DN 50 MM, FORNECIDO E INSTALADO EM PRUMADA DE ESGOTO SANITÁRIO OU VENTILAÇÃO. AF_08/2022","M",13.38]
[89799,"TUBO PVC, SERIE NORMAL, ESGOTO PREDIAL, DN 75 MM, FORNECIDO E INSTALADO EM PRUMADA DE ESGOTO SANITÁRIO OU VENTILAÇÃO. AF_08/2022","M",22.05]
[89800,"TUBO PVC, SERIE NORMAL, ESGOTO PREDIAL, DN 100 MM, FORNECIDO E INSTALADO EM PRUMADA DE ESGOTO SANITÁRIO OU VENTILAÇÃO. AF_08/2022","M",28.07]
[89848,"TUBO PVC, SERIE NORMAL, ESGOTO PREDIAL, DN 100 MM, FORNECIDO E INSTALADO EM SUBCOLETOR AÉREO DE ESGOTO SANITÁRIO. AF_08/2022","M",26.97]
[89849,"TUBO PVC, SERIE NORMAL, ESGOTO PREDIAL, DN 150 MM, FORNECIDO E INSTALADO EM SUBCOLETOR AÉREO DE ESGOTO SANITÁRIO. AF_08/2022","M",55.83]
[89865,"TUBO, PVC, SOLDÁVEL, DE 25MM, INSTALADO EM DRENO DE AR-CONDICIONADO - FORNECIMENTO E INSTALAÇÃO. AF_08/2022","M",15.92]
[92275,"TUBO EM COBRE RÍGIDO, DN 22 MM, CLASSE E, SEM ISOLAMENTO, INSTALADO EM PRUMADA DE HIDRÁULICA PREDIAL - FORNECIMENTO E INSTALAÇÃO. AF_04/2022","M",56.41]
[92276,"TUBO EM COBRE RÍGIDO, DN 28 MM, CLASSE E, SEM ISOLAMENTO, INSTALADO EM PRUMADA DE HIDRÁULICA PREDIAL - FORNECIMENTO E INSTALAÇÃO. AF_04/2022","M",71.63]
[92277,"TUBO EM COBRE RÍGIDO, DN 35 MM, CLASSE E, SEM ISOLAMENTO, INSTALADO EM PRUMADA DE HIDRÁULICA PREDIAL - FORNECIMENTO E INSTALAÇÃO. AF_04/2022","M",103.54]
[92278,"TUBO EM COBRE RÍGIDO, DN 42 MM, CLASSE E, SEM ISOLAMENTO, INSTALADO EM PRUMADA DE HIDRÁULICA PREDIAL - FORNECIMENTO E INSTALAÇÃO. AF_04/2022","M",139.35]
[92279,"TUBO EM COBRE RÍGIDO, DN 54 MM, CLASSE E, SEM ISOLAMENTO, INSTALADO EM PRUMADA DE HIDRÁULICA PREDIAL - FORNECIMENTO E INSTALAÇÃO. AF_04/2022","M",201.47]
[92280,"TUBO EM COBRE RÍGIDO, DN 66 MM, CLASSE E, SEM ISOLAMENTO, INSTALADO EM PRUMADA DE HIDRÁULICA PREDIAL - FORNECIMENTO E INSTALAÇÃO. AF_04/2022","M",282.91]
[92281,"TUBO EM COBRE RÍGIDO, DN 22 MM, CLASSE E, COM ISOLAMENTO, INSTALADO EM PRUMADA DE HIDRÁULICA PREDIAL - FORNECIMENTO E INSTALAÇÃO. AF_04/2022","M",108.34]
[92282,"TUBO EM COBRE RÍGIDO, DN 28 MM, CLASSE E, COM ISOLAMENTO, INSTALADO EM PRUMADA DE HIDRÁULICA PREDIAL - FORNECIMENTO E INSTALAÇÃO. AF_04/2022","M",125.65]
[92283,"TUBO EM COBRE RÍGIDO, DN 35 MM, CLASSE E, COM ISOLAMENTO, INSTALADO EM PRUMADA DE HIDRÁULICA PREDIAL - FORNECIMENTO E INSTALAÇÃO. AF_04/2022","M",171.73]
[92284,"TUBO EM COBRE RÍGIDO, DN 42 MM, CLASSE E, COM ISOLAMENTO, INSTALADO EM PRUMADA DE HIDRÁULICA PREDIAL - FORNECIMENTO E INSTALAÇÃO. AF_04/2022","M",217.05]
[92285,"TUBO EM COBRE RÍGIDO, DN 54 MM, CLASSE E, COM ISOLAMENTO, INSTALADO EM PRUMADA DE HIDRÁULICA PREDIAL - FORNECIMENTO E INSTALAÇÃO. AF_04/2022","M",294.28]
[92286,"TUBO EM COBRE RÍGIDO, DN 66 MM, CLASSE E, COM ISOLAMENTO, INSTALADO EM PRUMADA DE HIDRÁULICA PREDIAL - FORNECIMENTO E INSTALAÇÃO. AF_04/2022","M",377]
[92305,"TUBO EM COBRE RÍGIDO, DN 15 MM, CLASSE E, SEM ISOLAMENTO, INSTALADO EM RAMAL DE DISTRIBUIÇÃO DE HIDRÁULICA PREDIAL - FORNECIMENTO E INSTALAÇÃO. AF_04/2022","M",37.92]
[92306,"TUBO EM COBRE RÍGIDO, DN 22 MM, CLASSE E, SEM ISOLAMENTO, INSTALADO EM RAMAL DE DISTRIBUIÇÃO DE HIDRÁULICA PREDIAL - FORNECIMENTO E INSTALAÇÃO. AF_04/2022","M",61.65]
[92307,"TUBO EM COBRE RÍGIDO, DN 28 MM, CLASSE E, SEM ISOLAMENTO, INSTALADO EM RAMAL DE DISTRIBUIÇÃO DE HIDRÁULICA PREDIAL - FORNECIMENTO E INSTALAÇÃO. AF_04/2022","M",77.12]
[92308,"TUBO EM COBRE RÍGIDO, DN 15 MM, CLASSE E, COM ISOLAMENTO, INSTALADO EM RAMAL DE DISTRIBUIÇÃO DE HIDRÁULICA PREDIAL - FORNECIMENTO E INSTALAÇÃO. AF_04/2022","M",51.8]
[92309,"TUBO EM COBRE RÍGIDO, DN 22 MM, CLASSE E, COM ISOLAMENTO, INSTALADO EM RAMAL DE DISTRIBUIÇÃO DE HIDRÁULICA PREDIAL - FORNECIMENTO E INSTALAÇÃO. AF_04/2022","M",116.19]
[92310,"TUBO EM COBRE RÍGIDO, DN 28 MM, CLASSE E, COM ISOLAMENTO, INSTALADO EM RAMAL DE DISTRIBUIÇÃO DE HIDRÁULICA PREDIAL - FORNECIMENTO E INSTALAÇÃO. AF_04/2022","M",133.75]
[92320,"TUBO EM COBRE RÍGIDO, DN 15 MM, CLASSE E, SEM ISOLAMENTO, INSTALADO EM RAMAL E SUB-RAMAL DE HIDRÁULICA PREDIAL - FORNECIMENTO E INSTALAÇÃO. AF_04/2022","M",48.69]
[92321,"TUBO EM COBRE RÍGIDO, DN 22 MM, CLASSE E, SEM ISOLAMENTO, INSTALADO EM RAMAL E SUB-RAMAL DE HIDRÁULICA PREDIAL - FORNECIMENTO E INSTALAÇÃO. AF_04/2022","M",80.2]
[92322,"TUBO EM COBRE RÍGIDO, DN 28 MM, CLASSE E, SEM ISOLAMENTO, INSTALADO EM RAMAL E SUB-RAMAL DE HIDRÁULICA PREDIAL - FORNECIMENTO E INSTALAÇÃO. AF_04/2022","M",102.33]
[92323,"TUBO EM COBRE RÍGIDO, DN 15 MM, CLASSE E, COM ISOLAMENTO, INSTALADO EM RAMAL E SUB-RAMAL DE HIDRÁULICA PREDIAL - FORNECIMENTO E INSTALAÇÃO. AF_04/2022","M",59.98]
[92324,"TUBO EM COBRE RÍGIDO, DN 22 MM, CLASSE E, COM ISOLAMENTO, INSTALADO EM RAMAL E SUB-RAMAL DE HIDRÁULICA PREDIAL - FORNECIMENTO E INSTALAÇÃO. AF_04/2022","M",132.15]
[92325,"TUBO EM COBRE RÍGIDO, DN 28 MM, CLASSE E, COM ISOLAMENTO, INSTALADO EM RAMAL E SUB-RAMAL DE HIDRÁULICA PREDIAL - FORNECIMENTO E INSTALAÇÃO. AF_04/2022","M",156.39]
[92335,"TUBO DE AÇO GALVANIZADO COM COSTURA, CLASSE MÉDIA, CONEXÃO RANHURADA, DN 50 (2\"), INSTALADO EM PRUMADAS - FORNECIMENTO E INSTALAÇÃO. AF_10/2020","M",90.47]
[92336,"TUBO DE AÇO GALVANIZADO COM COSTURA, CLASSE MÉDIA, CONEXÃO RANHURADA, DN 65 (2 1/2\"), INSTALADO EM PRUMADAS - FORNECIMENTO E INSTALAÇÃO. AF_10/2020","M",111.17]
[92337,"TUBO DE AÇO GALVANIZADO COM COSTURA, CLASSE MÉDIA, CONEXÃO RANHURADA, DN 80 (3\"), INSTALADO EM PRUMADAS - FORNECIMENTO E INSTALAÇÃO. AF_10/2020","M",146.56]
[92338,"TUBO DE AÇO PRETO SEM COSTURA, CONEXÃO SOLDADA, DN 50 (2\"), INSTALADO EM PRUMADAS - FORNECIMENTO E INSTALAÇÃO. AF_10/2020","M",136.28]
[92339,"TUBO DE AÇO PRETO SEM COSTURA, CONEXÃO SOLDADA, DN 65 (2 1/2\"), INSTALADO EM PRUMADAS - FORNECIMENTO E INSTALAÇÃO. AF_10/2020","M",206.73]
[92341,"TUBO DE AÇO GALVANIZADO COM COSTURA, CLASSE MÉDIA, DN 50 (2\"), CONEXÃO ROSQUEADA, INSTALADO EM PRUMADAS - FORNECIMENTO E INSTALAÇÃO. AF_10/2020","M",100.34]
[92342,"TUBO DE AÇO GALVANIZADO COM COSTURA, CLASSE MÉDIA, DN 65 (2 1/2\"), CONEXÃO ROSQUEADA, INSTALADO EM PRUMADAS - FORNECIMENTO E INSTALAÇÃO. AF_10/2020","M",121.11]
[92343,"TUBO DE AÇO GALVANIZADO COM COSTURA, CLASSE MÉDIA, DN 80 (3\"), CONEXÃO ROSQUEADA, INSTALADO EM PRUMADAS - FORNECIMENTO E INSTALAÇÃO. AF_10/2020","M",156.59]
[92359,"TUBO DE AÇO PRETO SEM COSTURA, CONEXÃO SOLDADA, DN 25 (1\"), INSTALADO EM REDE DE ALIMENTAÇÃO PARA HIDRANTE - FORNECIMENTO E INSTALAÇÃO. AF_10/2020","M",64.31]
[92360,"TUBO DE AÇO PRETO SEM COSTURA, CONEXÃO SOLDADA, DN 32 (1 1/4\"), INSTALADO EM REDE DE ALIMENTAÇÃO PARA HIDRANTE - FORNECIMENTO E INSTALAÇÃO. AF_10/2020","M",85.98]
[92361,"TUBO DE AÇO PRETO SEM COSTURA, CONEXÃO SOLDADA, DN 50 (2\"), INSTALADO EM REDE DE ALIMENTAÇÃO PARA HIDRANTE - FORNECIMENTO E INSTALAÇÃO. AF_10/2020","M",116.04]
[92362,"TUBO DE AÇO PRETO SEM COSTURA, CONEXÃO SOLDADA, DN 65 (2 1/2\"), INSTALADO EM REDE DE ALIMENTAÇÃO PARA HIDRANTE - FORNECIMENTO E INSTALAÇÃO. AF_10/2020","M",185.68]
[92364,"TUBO DE AÇO GALVANIZADO COM COSTURA, CLASSE MÉDIA, DN 32 (1 1/4\"), CONEXÃO ROSQUEADA, INSTALADO EM REDE DE ALIMENTAÇÃO PARA HIDRANTE - FORNECIMENTO E INSTALAÇÃO. AF_10/2020","M",54.9]
[92365,"TUBO DE AÇO GALVANIZADO COM COSTURA, CLASSE MÉDIA, DN 40 (1 1/2\"), CONEXÃO ROSQUEADA, INSTALADO EM REDE DE ALIMENTAÇÃO PARA HIDRANTE - FORNECIMENTO E INSTALAÇÃO. AF_10/2020","M",63.18]
[92366,"TUBO DE AÇO GALVANIZADO COM COSTURA, CLASSE MÉDIA, DN 50 (2\"), CONEXÃO ROSQUEADA, INSTALADO EM REDE DE ALIMENTAÇÃO PARA HIDRANTE - FORNECIMENTO E INSTALAÇÃO. AF_10/2020","M",88.12]
[92367,"TUBO DE AÇO GALVANIZADO COM COSTURA, CLASSE MÉDIA, DN 65 (2 1/2\"), CONEXÃO ROSQUEADA, INSTALADO EM REDE DE ALIMENTAÇÃO PARA HIDRANTE - FORNECIMENTO E INSTALAÇÃO. AF_10/2020","M",108.33]
[92368,"TUBO DE AÇO GALVANIZADO COM COSTURA, CLASSE MÉDIA, DN 80 (3\"), CONEXÃO ROSQUEADA, INSTALADO EM REDE DE ALIMENTAÇÃO PARA HIDRANTE - FORNECIMENTO E INSTALAÇÃO. AF_10/2020","M",143.31]
[92645,"TUBO DE AÇO PRETO SEM COSTURA, CONEXÃO SOLDADA, DN 25 (1\"), INSTALADO EM REDE DE ALIMENTAÇÃO PARA SPRINKLER - FORNECIMENTO E INSTALAÇÃO. AF_10/2020","M",67.96]
[92646,"TUBO DE AÇO PRETO SEM COSTURA, CONEXÃO SOLDADA, DN 32 (1 1/4\"), INSTALADO EM REDE DE ALIMENTAÇÃO PARA SPRINKLER - FORNECIMENTO E INSTALAÇÃO. AF_10/2020","M",89.63]
[92648,"TUBO DE AÇO PRETO SEM COSTURA, CONEXÃO SOLDADA, DN 40 (1 1/2\"), INSTALADO EM REDE DE ALIMENTAÇÃO PARA SPRINKLER - FORNECIMENTO E INSTALAÇÃO. AF_10/2020","M",98.08]
[92649,"TUBO DE AÇO PRETO SEM COSTURA, CONEXÃO SOLDADA, DN 50 (2\"), INSTALADO EM REDE DE ALIMENTAÇÃO PARA SPRINKLER - FORNECIMENTO E INSTALAÇÃO. AF_10/2020","M",119.68]
[92650,"TUBO DE AÇO PRETO SEM COSTURA, CONEXÃO SOLDADA, DN 65 (2 1/2\"), INSTALADO EM REDE DE ALIMENTAÇÃO PARA SPRINKLER - FORNECIMENTO E INSTALAÇÃO. AF_10/2020","M",189.32]
[92652,"TUBO DE AÇO GALVANIZADO COM COSTURA, CLASSE MÉDIA, CONEXÃO ROSQUEADA, DN 32 (1 1/4\"), INSTALADO EM REDE DE ALIMENTAÇÃO PARA SPRINKLER - FORNECIMENTO E INSTALAÇÃO. AF_10/2020","M",59.41]
[92653,"TUBO DE AÇO GALVANIZADO COM COSTURA, CLASSE MÉDIA, CONEXÃO ROSQUEADA, DN 40 (1 1/2\"), INSTALADO EM REDE DE ALIMENTAÇÃO PARA SPRINKLER - FORNECIMENTO E INSTALAÇÃO. AF_10/2020","M",67.74]
[92654,"TUBO DE AÇO GALVANIZADO COM COSTURA, CLASSE MÉDIA, CONEXÃO ROSQUEADA, DN 50 (2\"), INSTALADO EM REDE DE ALIMENTAÇÃO PARA SPRINKLER - FORNECIMENTO E INSTALAÇÃO. AF_10/2020","M",92.67]
[92655,"TUBO DE AÇO GALVANIZADO COM COSTURA, CLASSE MÉDIA, CONEXÃO ROSQUEADA, DN 65 (2 1/2\"), INSTALADO EM REDE DE ALIMENTAÇÃO PARA SPRINKLER - FORNECIMENTO E INSTALAÇÃO. AF_10/2020","M",112.98]
[92656,"TUBO DE AÇO GALVANIZADO COM COSTURA, CLASSE MÉDIA, CONEXÃO ROSQUEADA, DN 80 (3\"), INSTALADO EM REDE DE ALIMENTAÇÃO PARA SPRINKLER - FORNECIMENTO E INSTALAÇÃO. AF_10/2020","M",147.95]
[92687,"TUBO DE AÇO GALVANIZADO COM COSTURA, CLASSE MÉDIA, CONEXÃO ROSQUEADA, DN 15 (1/2\"), INSTALADO EM RAMAIS E SUB-RAMAIS DE GÁS - FORNECIMENTO E INSTALAÇÃO. AF_10/2020","M",27.73]
[92688,"TUBO DE AÇO GALVANIZADO COM COSTURA, CLASSE MÉDIA, CONEXÃO ROSQUEADA, DN 20 (3/4\"), INSTALADO EM RAMAIS E SUB-RAMAIS DE GÁS - FORNECIMENTO E INSTALAÇÃO. AF_10/2020","M",38.71]
[92689,"TUBO DE AÇO PRETO SEM COSTURA, CLASSE MÉDIA, CONEXÃO SOLDADA, DN 15 (1/2\"), INSTALADO EM RAMAIS E SUB-RAMAIS DE GÁS - FORNECIMENTO E INSTALAÇÃO. AF_10/2020","M",47.82]
[92690,"TUBO DE AÇO PRETO SEM COSTURA, CLASSE MÉDIA, CONEXÃO SOLDADA, DN 20 (3/4\"), INSTALADO EM RAMAIS E SUB-RAMAIS DE GÁS - FORNECIMENTO E INSTALAÇÃO. AF_10/2020","M",68.19]
[92691,"TUBO DE AÇO PRETO SEM COSTURA, CLASSE MÉDIA, CONEXÃO SOLDADA, DN 25 (1\"), INSTALADO EM RAMAIS  E SUB-RAMAIS DE GÁS - FORNECIMENTO E INSTALAÇÃO. AF_10/2020","M",88.5]
[94462,"TUBO DE AÇO GALVANIZADO COM COSTURA, CLASSE MÉDIA, DN 50 MM (2\"), CONEXÃO ROSQUEADA, INSTALADO EM RESERVAÇÃO PREDIAL DE ÁGUA - FORNECIMENTO E INSTALAÇÃO. AF_04/2024","M",95.72]
[94463,"TUBO DE AÇO GALVANIZADO COM COSTURA, CLASSE MÉDIA, DN 65 MM (2 1/2\"), CONEXÃO ROSQUEADA, INSTALADO EM RESERVAÇÃO PREDIAL DE ÁGUA - FORNECIMENTO E INSTALAÇÃO. AF_04/2024","M",117.5]
[94464,"TUBO DE AÇO GALVANIZADO COM COSTURA, CLASSE MÉDIA, DN 80 MM (3\"), CONEXÃO ROSQUEADA, INSTALADO EM RESERVAÇÃO PREDIAL DE ÁGUA - FORNECIMENTO E INSTALAÇÃO. AF_04/2024","M",154.73]
[94602,"TUBO EM COBRE RÍGIDO, DN 54 MM, CLASSE E, SEM ISOLAMENTO, INSTALADO EM RESERVAÇÃO PREDIAL DE ÁGUA - FORNECIMENTO E INSTALAÇÃO. AF_04/2024","M",219.37]
[94603,"TUBO EM COBRE RÍGIDO, DN 66 MM, CLASSE E, SEM ISOLAMENTO, INSTALADO EM RESERVAÇÃO PREDIAL DE ÁGUA - FORNECIMENTO E INSTALAÇÃO. AF_04/2024","M",300.61]
[94604,"TUBO EM COBRE RÍGIDO, DN 79 MM, CLASSE E, SEM ISOLAMENTO, INSTALADO EM RESERVAÇÃO PREDIAL DE ÁGUA - FORNECIMENTO E INSTALAÇÃO. AF_04/2024","M",429.41]
[94605,"TUBO EM COBRE RÍGIDO, DN 104 MM, CLASSE E, SEM ISOLAMENTO, INSTALADO EM RESERVAÇÃO PREDIAL DE ÁGUA - FORNECIMENTO E INSTALAÇÃO. AF_04/2024","M",623.34]
[94648,"TUBO, PVC, SOLDÁVEL, DE  25MM, INSTALADO EM RESERVAÇÃO PREDIAL DE ÁGUA - FORNECIMENTO E INSTALAÇÃO. AF_04/2024","M",6.16]
[94649,"TUBO, PVC, SOLDÁVEL, DE 32MM, INSTALADO EM RESERVAÇÃO PREDIAL DE ÁGUA - FORNECIMENTO E INSTALAÇÃO. AF_04/2024","M",11.47]
[94650,"TUBO, PVC, SOLDÁVEL, DE 40MM, INSTALADO EM RESERVAÇÃO PREDIAL DE ÁGUA - FORNECIMENTO E INSTALAÇÃO. AF_04/2024","M",17.38]
[94651,"TUBO, PVC, SOLDÁVEL, DE 50MM, INSTALADO EM RESERVAÇÃO PREDIAL DE ÁGUA - FORNECIMENTO E INSTALAÇÃO. AF_04/2024","M",20.19]
[94652,"TUBO, PVC, SOLDÁVEL, DE 60MM, INSTALADO EM RESERVAÇÃO PREDIAL DE ÁGUA - FORNECIMENTO E INSTALAÇÃO. AF_04/2024","M",31.65]
[94653,"TUBO, PVC, SOLDÁVEL, DE 75MM, INSTALADO EM RESERVAÇÃO PREDIAL DE ÁGUA - FORNECIMENTO E INSTALAÇÃO. AF_04/2024","M",51.16]
[94654,"TUBO, PVC, SOLDÁVEL, DE 85MM, INSTALADO EM RESERVAÇÃO PREDIAL DE ÁGUA - FORNECIMENTO E INSTALAÇÃO. AF_04/2024","M",69.73]
[94655,"TUBO, PVC, SOLDÁVEL, DE 110MM, INSTALADO EM RESERVAÇÃO PREDIAL DE ÁGUA - FORNECIMENTO E INSTALAÇÃO. AF_04/2024","M",109.81]
[94716,"TUBO, CPVC, SOLDÁVEL, DN 22 MM, INSTALADO EM RESERVAÇÃO PREDIAL DE ÁGUA - FORNECIMENTO E INSTALAÇÃO. AF_04/2024","M",22.74]
[94717,"TUBO, CPVC, SOLDÁVEL, DN 28 MM, INSTALADO EM RESERVAÇÃO PREDIAL DE ÁGUA - FORNECIMENTO E INSTALAÇÃO. AF_04/2024","M",38.28]
[94718,"TUBO, CPVC, SOLDÁVEL, DN 35 MM, INSTALADO EM RESERVAÇÃO PREDIAL DE ÁGUA - FORNECIMENTO E INSTALAÇÃO. AF_04/2024","M",49.99]
[94719,"TUBO, CPVC, SOLDÁVEL, DN 42 MM, INSTALADO EM RESERVAÇÃO PREDIAL DE ÁGUA - FORNECIMENTO E INSTALAÇÃO. AF_04/2024","M",66.75]
[94720,"TUBO, CPVC, SOLDÁVEL, DN 54 MM, INSTALADO EM RESERVAÇÃO PREDIAL DE ÁGUA - FORNECIMENTO E INSTALAÇÃO. AF_04/2024","M",97.74]
[94721,"TUBO, CPVC, SOLDÁVEL, DN 73 MM, INSTALADO EM RESERVAÇÃO PREDIAL DE ÁGUA - FORNECIMENTO E INSTALAÇÃO. AF_04/2024","M",158.38]
[94722,"TUBO, CPVC, SOLDÁVEL, DN 89 MM, INSTALADO EM RESERVAÇÃO PREDIAL DE ÁGUA - FORNECIMENTO E INSTALAÇÃO. AF_04/2024","M",247.23]
[94723,"TUBO, CPVC, SOLDÁVEL, DN 114 MM, INSTALADO EM RESERVAÇÃO PREDIAL DE ÁGUA - FORNECIMENTO E INSTALAÇÃO. AF_04/2024","M",466.1]
[95697,"TUBO DE AÇO PRETO SEM COSTURA, CONEXÃO SOLDADA, DN 40 (1 1/2\"), INSTALADO EM REDE DE ALIMENTAÇÃO PARA HIDRANTE - FORNECIMENTO E INSTALAÇÃO. AF_10/2020","M",94.44]
[96635,"TUBO, PPR, DN 25, CLASSE PN 20,  INSTALADO EM RAMAL OU SUB-RAMAL DE ÁGUA   FORNECIMENTO E INSTALAÇÃO. AF_08/2022","M",37.64]
[96636,"TUBO, PPR, DN 25, CLASSE PN 25 INSTALADO EM RAMAL OU SUB-RAMAL DE ÁGUA   FORNECIMENTO E INSTALAÇÃO. AF_08/2022","M",39.87]
[96644,"TUBO, PPR, DN 25, CLASSE PN 20,  INSTALADO EM RAMAL DE DISTRIBUIÇÃO DE ÁGUA   FORNECIMENTO E INSTALAÇÃO. AF_08/2022","M",20.35]
[96645,"TUBO, PPR, DN 32, CLASSE PN 12,  INSTALADO EM RAMAL DE DISTRIBUIÇÃO DE ÁGUA   FORNECIMENTO E INSTALAÇÃO. AF_08/2022","M",18.07]
[96646,"TUBO, PPR, DN 40, CLASSE PN 12,  INSTALADO EM RAMAL DE DISTRIBUIÇÃO DE ÁGUA   FORNECIMENTO E INSTALAÇÃO. AF_08/2022","M",22.05]
[96647,"TUBO, PPR, DN 25, CLASSE PN 25,  INSTALADO EM RAMAL DE DISTRIBUIÇÃO DE ÁGUA   FORNECIMENTO E INSTALAÇÃO. AF_08/2022","M",22.08]
[96648,"TUBO, PPR, DN 32, CLASSE PN 25,  INSTALADO EM RAMAL DE DISTRIBUIÇÃO DE ÁGUA   FORNECIMENTO E INSTALAÇÃO. AF_08/2022","M",27.19]
[96649,"TUBO, PPR, DN 40, CLASSE PN 25,  INSTALADO EM RAMAL DE DISTRIBUIÇÃO DE ÁGUA   FORNECIMENTO E INSTALAÇÃO. AF_08/2022","M",35.87]
[96668,"TUBO, PPR, DN 25, CLASSE PN 20,  INSTALADO EM PRUMADA DE ÁGUA   FORNECIMENTO E INSTALAÇÃO. AF_08/2022","M",15.76]
[96669,"TUBO, PPR, DN 32, CLASSE PN 12,  INSTALADO EM PRUMADA DE ÁGUA   FORNECIMENTO E INSTALAÇÃO. AF_08/2022","M",15.61]
[96670,"TUBO, PPR, DN 40, CLASSE PN 12,  INSTALADO EM PRUMADA DE ÁGUA   FORNECIMENTO E INSTALAÇÃO. AF_08/2022","M",20.28]
[96671,"TUBO, PPR, DN 50, CLASSE PN 12,  INSTALADO EM PRUMADA DE ÁGUA   FORNECIMENTO E INSTALAÇÃO. AF_08/2022","M",30.59]
[96672,"TUBO, PPR, DN 63, CLASSE PN 12,  INSTALADO EM PRUMADA DE ÁGUA   FORNECIMENTO E INSTALAÇÃO. AF_08/2022","M",46.5]
[96673,"TUBO, PPR, DN 75, CLASSE PN 12,  INSTALADO EM PRUMADA DE ÁGUA   FORNECIMENTO E INSTALAÇÃO. AF_08/2022","M",58.6]
[96674,"TUBO, PPR, DN 90, CLASSE PN 12,  INSTALADO EM PRUMADA DE ÁGUA   FORNECIMENTO E INSTALAÇÃO. AF_08/2022","M",94.51]
[96675,"TUBO, PPR, DN 110, CLASSE PN 12,  INSTALADO EM PRUMADA DE ÁGUA   FORNECIMENTO E INSTALAÇÃO. AF_08/2022","M",137.23]
[96676,"TUBO, PPR, DN 25, CLASSE PN 25,  INSTALADO EM PRUMADA DE ÁGUA   FORNECIMENTO E INSTALAÇÃO. AF_08/2022","M",19.97]
[96677,"TUBO, PPR, DN 32, CLASSE PN 25,  INSTALADO EM PRUMADA DE ÁGUA   FORNECIMENTO E INSTALAÇÃO. AF_08/2022","M",26]
[96678,"TUBO, PPR, DN 40, CLASSE PN 25,  INSTALADO EM PRUMADA DE ÁGUA   FORNECIMENTO E INSTALAÇÃO. AF_08/2022","M",35.74]
[96679,"TUBO, PPR, DN 50, CLASSE PN 25,  INSTALADO EM PRUMADA DE ÁGUA   FORNECIMENTO E INSTALAÇÃO. AF_08/2022","M",53.15]
[96680,"TUBO, PPR, DN 63, CLASSE PN 25,  INSTALADO EM PRUMADA DE ÁGUA   FORNECIMENTO E INSTALAÇÃO. AF_08/2022","M",87.68]
[96681,"TUBO, PPR, DN 75, CLASSE PN 25,  INSTALADO EM PRUMADA DE ÁGUA   FORNECIMENTO E INSTALAÇÃO. AF_08/2022","M",117.88]
[96682,"TUBO, PPR, DN 90, CLASSE PN 25,  INSTALADO EM PRUMADA DE ÁGUA   FORNECIMENTO E INSTALAÇÃO. AF_08/2022","M",194.15]
[96683,"TUBO, PPR, DN 110, CLASSE PN 25,  INSTALADO EM PRUMADA DE ÁGUA   FORNECIMENTO E INSTALAÇÃO. AF_08/2022","M",266.34]
[96718,"TUBO, PPR, DN 20 MM, CLASSE PN 20,  INSTALADO EM RESERVAÇÃO PREDIAL DE ÁGUA - FORNECIMENTO E INSTALAÇÃO. AF_04/2024","M",12.88]
[96719,"TUBO, PPR, DN 25 MM, CLASSE PN 20,  INSTALADO EM RESERVAÇÃO PREDIAL DE ÁGUA - FORNECIMENTO E INSTALAÇÃO. AF_04/2024","M",16.5]
[96720,"TUBO, PPR, DN 32 MM, CLASSE PN 12,  INSTALADO EM RESERVAÇÃO PREDIAL DE ÁGUA - FORNECIMENTO E INSTALAÇÃO. AF_04/2024","M",14.96]
[96721,"TUBO, PPR, DN 40 MM, CLASSE PN 12,  INSTALADO EM RESERVAÇÃO PREDIAL DE ÁGUA - FORNECIMENTO E INSTALAÇÃO. AF_04/2024","M",19.45]
[96722,"TUBO, PPR, DN 50 MM, CLASSE PN 12,  INSTALADO EM RESERVAÇÃO PREDIAL DE ÁGUA - FORNECIMENTO E INSTALAÇÃO. AF_04/2024","M",29.84]
[96723,"TUBO, PPR, DN 63 MM, CLASSE PN 12,  INSTALADO EM RESERVAÇÃO PREDIAL DE ÁGUA - FORNECIMENTO E INSTALAÇÃO. AF_04/2024","M",46.36]
[96724,"TUBO, PPR, DN 75 MM, CLASSE PN 12,  INSTALADO EM RESERVAÇÃO PREDIAL DE ÁGUA - FORNECIMENTO E INSTALAÇÃO. AF_04/2024","M",59.53]
[96725,"TUBO, PPR, DN 90 MM, CLASSE PN 12,  INSTALADO EM RESERVAÇÃO PREDIAL DE ÁGUA - FORNECIMENTO E INSTALAÇÃO. AF_04/2024","M",97.43]
[96726,"TUBO, PPR, DN 110 MM, CLASSE PN 12,  INSTALADO EM RESERVAÇÃO PREDIAL DE ÁGUA - FORNECIMENTO E INSTALAÇÃO. AF_04/2024","M",144.01]
[96727,"TUBO, PPR, DN 20 MM, CLASSE PN 25,  INSTALADO EM RESERVAÇÃO PREDIAL DE ÁGUA - FORNECIMENTO E INSTALAÇÃO. AF_04/2024","M",14.66]
[96728,"TUBO, PPR, DN 25 MM, CLASSE PN 25,  INSTALADO EM RESERVAÇÃO PREDIAL DE ÁGUA - FORNECIMENTO E INSTALAÇÃO. AF_04/2024","M",18.96]
[96729,"TUBO, PPR, DN 32 MM, CLASSE PN 25,  INSTALADO EM RESERVAÇÃO PREDIAL DE ÁGUA - FORNECIMENTO E INSTALAÇÃO. AF_04/2024","M",24.44]
[96730,"TUBO, PPR, DN 40 MM, CLASSE PN 25,  INSTALADO EM RESERVAÇÃO PREDIAL DE ÁGUA - FORNECIMENTO E INSTALAÇÃO. AF_04/2024","M",33.81]
[96731,"TUBO, PPR, DN 50 MM, CLASSE PN 25,  INSTALADO EM RESERVAÇÃO PREDIAL DE ÁGUA - FORNECIMENTO E INSTALAÇÃO. AF_04/2024","M",51.13]
[96732,"TUBO, PPR, DN 63 MM, CLASSE PN 25,  INSTALADO EM RESERVAÇÃO PREDIAL DE ÁGUA - FORNECIMENTO E INSTALAÇÃO. AF_04/2024","M",86.16]
[96733,"TUBO, PPR, DN 75 MM, CLASSE PN 25,  INSTALADO EM RESERVAÇÃO PREDIAL DE ÁGUA - FORNECIMENTO E INSTALAÇÃO. AF_04/2024","M",117.43]
[96734,"TUBO, PPR, DN 90 MM, CLASSE PN 25,  INSTALADO EM RESERVAÇÃO PREDIAL DE ÁGUA - FORNECIMENTO E INSTALAÇÃO. AF_04/2024","M",195.88]
[96735,"TUBO, PPR, DN 110 MM, CLASSE PN 25,  INSTALADO EM RESERVAÇÃO PREDIAL DE ÁGUA - FORNECIMENTO E INSTALAÇÃO. AF_04/2024","M",272.41]
[96798,"TUBO, PEX, MONOCAMADA, DN 16, INSTALADO EM RAMAL/SUB-RAMAL OU DISTRIBUIÇÃO DE ÁGUA - FORNECIMENTO E INSTALAÇÃO. AF_02/2023","M",7.51]
[96799,"TUBO, PEX, MONOCAMADA, DN 20, INSTALADO EM RAMAL/SUB-RAMAL OU DISTRIBUIÇÃO DE ÁGUA - FORNECIMENTO E INSTALAÇÃO. AF_02/2023","M",9.63]
[96800,"TUBO, PEX, MONOCAMADA, DN 25, INSTALADO EM RAMAL/SUB-RAMAL OU DISTRIBUIÇÃO DE ÁGUA - FORNECIMENTO E INSTALAÇÃO. AF_02/2023","M",13.13]
[96801,"TUBO, PEX, MONOCAMADA, DN 32, INSTALADO EM RAMAL/SUB-RAMAL OU DISTRIBUIÇÃO DE ÁGUA - FORNECIMENTO E INSTALAÇÃO. AF_02/2023","M",19.96]
[97327,"TUBO EM COBRE FLEXÍVEL, DN 1/4\", COM ISOLAMENTO, INSTALADO EM RAMAL DE ALIMENTAÇÃO DE AR CONDICIONADO COM CONDENSADORA INDIVIDUAL   FORNECIMENTO E INSTALAÇÃO. AF_12/2015","M",26.05]
[97328,"TUBO EM COBRE FLEXÍVEL, DN 3/8\", COM ISOLAMENTO, INSTALADO EM RAMAL DE ALIMENTAÇÃO DE AR CONDICIONADO COM CONDENSADORA INDIVIDUAL - FORNECIMENTO E INSTALAÇÃO. AF_12/2015","M",42.67]
[97329,"TUBO EM COBRE FLEXÍVEL, DN 1/2\", COM ISOLAMENTO, INSTALADO EM RAMAL DE ALIMENTAÇÃO DE AR CONDICIONADO COM CONDENSADORA INDIVIDUAL - FORNECIMENTO E INSTALAÇÃO. AF_12/2015","M",54.71]
[97330,"TUBO EM COBRE FLEXÍVEL, DN 5/8\", COM ISOLAMENTO, INSTALADO EM RAMAL DE ALIMENTAÇÃO DE AR CONDICIONADO COM CONDENSADORA INDIVIDUAL - FORNECIMENTO E INSTALAÇÃO. AF_12/2015","M",67]
[97331,"TUBO EM COBRE FLEXÍVEL, DN 1/4\", COM ISOLAMENTO, INSTALADO EM RAMAL DE ALIMENTAÇÃO DE AR CONDICIONADO COM CONDENSADORA CENTRAL - FORNECIMENTO E INSTALAÇÃO. AF_12/2015","M",26.38]
[97332,"TUBO EM COBRE FLEXÍVEL, DN 3/8\", COM ISOLAMENTO, INSTALADO EM RAMAL DE ALIMENTAÇÃO DE AR CONDICIONADO COM CONDENSADORA CENTRAL - FORNECIMENTO E INSTALAÇÃO. AF_12/2015","M",43.04]
[97333,"TUBO EM COBRE FLEXÍVEL, DN 1/2\", COM ISOLAMENTO, INSTALADO EM RAMAL DE ALIMENTAÇÃO DE AR CONDICIONADO COM CONDENSADORA CENTRAL - FORNECIMENTO E INSTALAÇÃO. AF_12/2015","M",55.18]
[97334,"TUBO EM COBRE FLEXÍVEL, DN 5/8\", COM ISOLAMENTO, INSTALADO EM RAMAL DE ALIMENTAÇÃO DE AR CONDICIONADO COM CONDENSADORA CENTRAL   FORNECIMENTO E INSTALAÇÃO. AF_12/2015","M",67.51]
[97335,"TUBO EM COBRE RÍGIDO, DN 22 MM, CLASSE A, SEM ISOLAMENTO, INSTALADO EM PRUMADA DE GÁS COMBUSTÍVEL - FORNECIMENTO E INSTALAÇÃO. AF_04/2022","M",81.23]
[97336,"TUBO EM COBRE RÍGIDO, DN 28 MM, CLASSE A, SEM ISOLAMENTO, INSTALADO EM PRUMADA DE GÁS COMBUSTÍVEL - FORNECIMENTO E INSTALAÇÃO. AF_04/2022","M",103.37]
[97337,"TUBO EM COBRE RÍGIDO, DN 35 MM, CLASSE A, SEM ISOLAMENTO, INSTALADO EM PRUMADA DE GÁS COMBUSTÍVEL - FORNECIMENTO E INSTALAÇÃO. AF_04/2022","M",155.48]
[97338,"TUBO EM COBRE RÍGIDO, DN 42 MM, CLASSE A, SEM ISOLAMENTO, INSTALADO EM PRUMADA DE GÁS COMBUSTÍVEL - FORNECIMENTO E INSTALAÇÃO. AF_04/2022","M",187.08]
[97339,"TUBO EM COBRE RÍGIDO, DN 54 MM, CLASSE A, SEM ISOLAMENTO, INSTALADO EM PRUMADA DE GÁS COMBUSTÍVEL - FORNECIMENTO E INSTALAÇÃO. AF_04/2022","M",201.47]
[97340,"TUBO EM COBRE RÍGIDO, DN 66 MM, CLASSE A, SEM ISOLAMENTO, INSTALADO EM PRUMADA DE GÁS COMBUSTÍVEL - FORNECIMENTO E INSTALAÇÃO. AF_04/2022","M",202.66]
[97498,"TUBO DE AÇO GALVANIZADO COM COSTURA, CLASSE MÉDIA, DN 25 (1\"), CONEXÃO ROSQUEADA, INSTALADO EM REDE DE ALIMENTAÇÃO PARA HIDRANTE - FORNECIMENTO E INSTALAÇÃO. AF_10/2020","M",44.54]
[97535,"TUBO DE AÇO GALVANIZADO COM COSTURA, CLASSE MÉDIA, CONEXÃO ROSQUEADA, DN 25 (1\"), INSTALADO EM REDE DE ALIMENTAÇÃO PARA SPRINKLER - FORNECIMENTO E INSTALAÇÃO. AF_10/2020","M",49.05]
[97536,"TUBO DE AÇO GALVANIZADO COM COSTURA, CLASSE MÉDIA, CONEXÃO ROSQUEADA, DN 25 (1\"), INSTALADO EM RAMAIS  E SUB-RAMAIS DE GÁS - FORNECIMENTO E INSTALAÇÃO. AF_10/2020","M",59.42]
[100788,"KIT CAVALETE PARA GÁS - SEM MEDIDOR OU REGULADOR - ENTRADA INDIVIDUAL PRINCIPAL, EM AÇO GALVANIZADO DN 15 E 25 MM (1/2\" E 1\") - FORNECIMENTO E INSTALAÇÃO. AF_01/2020","UN",623.48]
[100791,"TUBO, PEX, MULTICAMADA, DN 16, INSTALADO EM IMPLANTAÇÃO DE INSTALAÇÕES DE GÁS - FORNECIMENTO E INSTALAÇÃO. AF_01/2020","M",16.26]
[100792,"TUBO, PEX, MULTICAMADA, DN 20, INSTALADO EM IMPLANTAÇÃO DE INSTALAÇÕES DE GÁS - FORNECIMENTO E INSTALAÇÃO. AF_01/2020","M",23.36]
[100793,"TUBO, PEX, MULTICAMADA, DN 26, INSTALADO EM IMPLANTAÇÃO DE INSTALAÇÕES DE GÁS - FORNECIMENTO E INSTALAÇÃO. AF_01/2020","M",30.72]
[100794,"TUBO, PEX, MULTICAMADA, DN 32, INSTALADO EM IMPLANTAÇÃO DE INSTALAÇÕES DE GÁS - FORNECIMENTO E INSTALAÇÃO. AF_01/2020","M",41.15]
[100799,"TUBO, PEX, MULTICAMADA, COM TUBO LUVA, DN 16, INSTALADO EM IMPLANTAÇÃO DE INSTALAÇÕES DE GÁS - FORNECIMENTO E INSTALAÇÃO. AF_01/2020","M",16.72]
[100800,"TUBO, PEX, MULTICAMADA, COM TUBO LUVA, DN 20, INSTALADO EM IMPLANTAÇÃO DE INSTALAÇÕES DE GÁS - FORNECIMENTO E INSTALAÇÃO. AF_01/2020","M",23.82]
[100801,"TUBO, PEX, MULTICAMADA, COM TUBO LUVA, DN 26, INSTALADO EM IMPLANTAÇÃO DE INSTALAÇÕES DE GÁS - FORNECIMENTO E INSTALAÇÃO. AF_01/2020","M",31.19]
[100802,"TUBO, PEX, MULTICAMADA, COM TUBO LUVA, DN 32, INSTALADO EM IMPLANTAÇÃO DE INSTALAÇÕES DE GÁS - FORNECIMENTO E INSTALAÇÃO. AF_01/2020","M",41.61]
[100803,"TUBO, PEX, MULTICAMADA, DN 16, INSTALADO EM RAMAL INTERNO DE INSTALAÇÕES DE GÁS - FORNECIMENTO E INSTALAÇÃO. AF_01/2020","M",15.31]
[100804,"TUBO, PEX, MULTICAMADA, DN 20, INSTALADO EM RAMAL INTERNO DE INSTALAÇÕES DE GÁS - FORNECIMENTO E INSTALAÇÃO. AF_01/2020","M",22.24]
[100805,"TUBO, PEX, MULTICAMADA, DN 26, INSTALADO EM RAMAL INTERNO DE INSTALAÇÕES DE GÁS - FORNECIMENTO E INSTALAÇÃO. AF_01/2020","M",29.38]
[100806,"TUBO, PEX, MULTICAMADA, DN 32, INSTALADO EM RAMAL INTERNO DE INSTALAÇÕES DE GÁS - FORNECIMENTO E INSTALAÇÃO. AF_01/2020","M",39.51]
[100807,"TUBO, PEX, MULTICAMADA, COM TUBO LUVA, DN 16, INSTALADO EM RAMAL INTERNO DE INSTALAÇÕES DE GÁS - FORNECIMENTO E INSTALAÇÃO. AF_01/2020","M",22.09]
[100808,"TUBO, PEX, MULTICAMADA, COM TUBO LUVA, DN 20, INSTALADO EM RAMAL INTERNO DE INSTALAÇÕES DE GÁS - FORNECIMENTO E INSTALAÇÃO. AF_01/2020","M",30.2]
[100809,"TUBO, PEX, MULTICAMADA, COM TUBO LUVA, DN 26, INSTALADO EM RAMAL INTERNO DE INSTALAÇÕES DE GÁS - FORNECIMENTO E INSTALAÇÃO. AF_01/2020","M",38.8]
[100810,"TUBO, PEX, MULTICAMADA, COM TUBO LUVA, DN 32, INSTALADO EM RAMAL INTERNO DE INSTALAÇÕES DE GÁS - FORNECIMENTO E INSTALAÇÃO. AF_01/2020","M",50.99]
[101918,"TUBO DE AÇO GALVANIZADO COM COSTURA, CLASSE MÉDIA, DN 100 (4\"), CONEXÃO ROSQUEADA, INSTALADO EM PRUMADAS - FORNECIMENTO E INSTALAÇÃO. AF_10/2020","M",208.6]
[101919,"UNIÃO, EM FERRO GALVANIZADO, 4\", CONEXÃO ROSQUEADA, INSTALADO EM PRUMADAS - FORNECIMENTO E INSTALAÇÃO. AF_10/2020","UN",337.41]
[101920,"LUVA, EM FERRO GALVANIZADO, 4\", CONEXÃO ROSQUEADA, INSTALADO EM PRUMADAS - FORNECIMENTO E INSTALAÇÃO. AF_10/2020","UN",163.69]
[101921,"LUVA DE REDUÇÃO, EM FERRO GALVANIZADO, 4\" X 2 1/2\", CONEXÃO ROSQUEADA, INSTALADO EM PRUMADAS - FORNECIMENTO E INSTALAÇÃO. AF_10/2020","UN",186.06]
[101922,"LUVA DE REDUÇÃO, EM FERRO GALVANIZADO, 4\" X 2\", CONEXÃO ROSQUEADA, INSTALADO EM PRUMADAS - FORNECIMENTO E INSTALAÇÃO. AF_10/2020","UN",186.06]
[101923,"LUVA DE REDUÇÃO, EM FERRO GALVANIZADO, 4\" X 3\", CONEXÃO ROSQUEADA, INSTALADO EM PRUMADAS - FORNECIMENTO E INSTALAÇÃO. AF_10/2020","UN",186.06]
[101924,"NIPLE, EM FERRO GALVANIZADO, 4\", CONEXÃO ROSQUEADA, INSTALADO EM PRUMADAS - FORNECIMENTO E INSTALAÇÃO. AF_10/2020","UN",154.33]
[101925,"JOELHO 90°, EM FERRO GALVANIZADO, 4\", CONEXÃO ROSQUEADA, INSTALADO EM PRUMADAS - FORNECIMENTO E INSTALAÇÃO. AF_10/2020","UN",257.15]
[101926,"TÊ, EM FERRO GALVANIZADO, 4\", CONEXÃO ROSQUEADA, INSTALADO EM PRUMADAS - FORNECIMENTO E INSTALAÇÃO. AF_10/2020","UN",331.88]
[101927,"TUBO DE AÇO GALVANIZADO COM COSTURA, CLASSE MÉDIA, DN 100 (4\"), CONEXÃO ROSQUEADA, INSTALADO EM REDE DE ALIMENTAÇÃO PARA HIDRANTE - FORNECIMENTO E INSTALAÇÃO. AF_10/2020","M",194.54]
[101928,"UNIÃO, EM FERRO GALVANIZADO, 4\", CONEXÃO ROSQUEADA, INSTALADO EM REDE DE ALIMENTAÇÃO PARA HIDRANTE - FORNECIMENTO E INSTALAÇÃO. AF_10/2020","UN",342.79]
[101929,"LUVA, EM FERRO GALVANIZADO, 4\", CONEXÃO ROSQUEADA, INSTALADO EM REDE DE ALIMENTAÇÃO PARA HIDRANTE - FORNECIMENTO E INSTALAÇÃO. AF_10/2020","UN",169.07]
[101930,"LUVA DE REDUÇÃO, EM FERRO GALVANIZADO, 4\" X 2 1/2\", CONEXÃO ROSQUEADA, INSTALADO EM REDE DE ALIMENTAÇÃO PARA HIDRANTE - FORNECIMENTO E INSTALAÇÃO. AF_10/2020","UN",191.44]
[101931,"LUVA DE REDUÇÃO, EM FERRO GALVANIZADO, 4\" X 2\", CONEXÃO ROSQUEADA, INSTALADO EM REDE DE ALIMENTAÇÃO PARA HIDRANTE - FORNECIMENTO E INSTALAÇÃO. AF_10/2020","UN",191.44]
[101932,"LUVA DE REDUÇÃO, EM FERRO GALVANIZADO, 4\" X 3\", CONEXÃO ROSQUEADA, INSTALADO EM REDE DE ALIMENTAÇÃO PARA HIDRANTE - FORNECIMENTO E INSTALAÇÃO. AF_10/2020","UN",191.44]
[101933,"NIPLE, EM FERRO GALVANIZADO, 4\", CONEXÃO ROSQUEADA, INSTALADO EM REDE DE ALIMENTAÇÃO PARA HIDRANTE - FORNECIMENTO E INSTALAÇÃO. AF_10/2020","UN",159.71]
[101934,"JOELHO 90°, EM FERRO GALVANIZADO, 4\", CONEXÃO ROSQUEADA, INSTALADO EM REDE DE ALIMENTAÇÃO PARA HIDRANTE - FORNECIMENTO E INSTALAÇÃO. AF_10/2020","UN",265.23]
[101935,"TÊ, EM FERRO GALVANIZADO, 4\", CONEXÃO ROSQUEADA, INSTALADO EM REDE DE ALIMENTAÇÃO PARA HIDRANTE - FORNECIMENTO E INSTALAÇÃO. AF_10/2020","UN",342.65]
[103802,"TUBO EM COBRE RÍGIDO, DN 15 MM, CLASSE E, SEM ISOLAMENTO, INSTALADO EM RAMAL E SUB-RAMAL DE GÁS COMBUSTÍVEL - FORNECIMENTO E INSTALAÇÃO. AF_04/2022","M",39.98]
[103803,"TUBO EM COBRE RÍGIDO, DN 22 MM, CLASSE E, SEM ISOLAMENTO, INSTALADO EM RAMAL E SUB-RAMAL DE GÁS COMBUSTÍVEL - FORNECIMENTO E INSTALAÇÃO. AF_04/2022","M",68.73]
[103804,"TUBO EM COBRE RÍGIDO, DN 28 MM, CLASSE E, SEM ISOLAMENTO, INSTALADO EM RAMAL E SUB-RAMAL DE GÁS COMBUSTÍVEL - FORNECIMENTO E INSTALAÇÃO. AF_04/2022","M",83.36]
[103835,"TUBO EM COBRE RÍGIDO, DN 15 MM, CLASSE A, SEM ISOLAMENTO, INSTALADO EM RAMAL E SUB-RAMAL DE GÁS MEDICINAL - FORNECIMENTO E INSTALAÇÃO. AF_04/2022","M",62.45]
[103836,"TUBO EM COBRE RÍGIDO, DN 22 MM, CLASSE A, SEM ISOLAMENTO, INSTALADO EM RAMAL E SUB-RAMAL DE GÁS MEDICINAL - FORNECIMENTO E INSTALAÇÃO. AF_04/2022","M",97.2]
[103837,"TUBO EM COBRE RÍGIDO, DN 28 MM, CLASSE A, SEM ISOLAMENTO, INSTALADO EM RAMAL E SUB-RAMAL DE GÁS MEDICINAL - FORNECIMENTO E INSTALAÇÃO. AF_04/2022","M",122.61]
[103868,"TUBO EM COBRE RÍGIDO, DN 15 MM, CLASSE E, SEM ISOLAMENTO, INSTALADO EM RAMAL E SUB-RAMAL DE AQUECIMENTO SOLAR - FORNECIMENTO E INSTALAÇÃO. AF_04/2022","M",49.27]
[103869,"TUBO EM COBRE RÍGIDO, DN 22 MM, CLASSE E, SEM ISOLAMENTO, INSTALADO EM RAMAL E SUB-RAMAL DE AQUECIMENTO SOLAR - FORNECIMENTO E INSTALAÇÃO. AF_04/2022","M",75.24]
[103870,"TUBO EM COBRE RÍGIDO, DN 28 MM, CLASSE E, SEM ISOLAMENTO, INSTALADO EM RAMAL E SUB-RAMAL DE AQUECIMENTO SOLAR - FORNECIMENTO E INSTALAÇÃO. AF_04/2022","M",92.6]
[103871,"TUBO EM COBRE RÍGIDO, DN 15 MM, CLASSE E, COM ISOLAMENTO, INSTALADO EM RAMAL E SUB-RAMAL DE AQUECIMENTO SOLAR - FORNECIMENTO E INSTALAÇÃO. AF_04/2022","M",60.46]
[103872,"TUBO EM COBRE RÍGIDO, DN 22 MM, CLASSE E, COM ISOLAMENTO, INSTALADO EM RAMAL E SUB-RAMAL DE AQUECIMENTO SOLAR - FORNECIMENTO E INSTALAÇÃO. AF_04/2022","M",127.08]
[103873,"TUBO EM COBRE RÍGIDO, DN 28 MM, CLASSE E, COM ISOLAMENTO, INSTALADO EM RAMAL E SUB-RAMAL DE AQUECIMENTO SOLAR - FORNECIMENTO E INSTALAÇÃO. AF_04/2022","M",146.55]
[103978,"TUBO, PVC, SOLDÁVEL, DE 40MM, INSTALADO EM RAMAL DE DISTRIBUIÇÃO DE ÁGUA - FORNECIMENTO E INSTALAÇÃO. AF_06/2022","M",24.08]
[103979,"TUBO, PVC, SOLDÁVEL, DE 50MM, INSTALADO EM RAMAL DE DISTRIBUIÇÃO DE ÁGUA - FORNECIMENTO E INSTALAÇÃO. AF_06/2022","M",27.44]
[104021,"TUBO, CPVC, SOLDÁVEL, DN 42MM, INSTALADO EM RAMAL DE DISTRIBUIÇÃO DE ÁGUA - FORNECIMENTO E INSTALAÇÃO. AF_06/2022","M",73.54]
[104166,"TUBO PVC, SÉRIE R, ÁGUA PLUVIAL, DN 150 MM, FORNECIDO E INSTALADO EM RAMAL DE ENCAMINHAMENTO. AF_06/2022","M",73.52]
[104194,"TUBO, PPR, DN 20, CLASSE PN20, INSTALADO EM RAMAL OU SUB-RAMAL DE ÁGUA - FORNECIMENTO E INSTALAÇÃO. AF_08/2022","M",19.7]
[104195,"TUBO, PPR, DN 20, CLASSE PN25, INSTALADO EM RAMAL OU SUB-RAMAL DE ÁGUA - FORNECIMENTO E INSTALAÇÃO. AF_08/2022","M",20.92]
[104315,"TUBO, PVC, SOLDÁVEL, DE 20MM, INSTALADO EM DRENO DE AR CONDICIONADO - FORNECIMENTO E INSTALAÇÃO. AF_08/2022","M",14.86]
[104316,"TUBO, PVC, SOLDÁVEL, DE 32MM, INSTALADO EM DRENO DE AR CONDICIONADO - FORNECIMENTO E INSTALAÇÃO. AF_08/2022","M",21.42]
[105138,"BUCHA DE REDUÇÃO PVC, SOLDÁVEL, LONGA, DN 60 X 25 MM, INSTALADO EM RESERVAÇÃO PREDIAL DE ÁGUA - FORNECIMENTO E INSTALAÇÃO. AF_04/2024","UN",15.95]
[105139,"BUCHA DE REDUÇÃO PVC, SOLDÁVEL, LONGA, DN 60 X 32 MM, INSTALADO EM RESERVAÇÃO PREDIAL DE ÁGUA - FORNECIMENTO E INSTALAÇÃO. AF_04/2024","UN",18.72]
[105140,"BUCHA DE REDUÇÃO PVC, SOLDÁVEL, LONGA, DN 60 X 50 MM, INSTALADO EM RESERVAÇÃO PREDIAL DE ÁGUA - FORNECIMENTO E INSTALAÇÃO. AF_04/2024","UN",24.06]
[105141,"BUCHA DE REDUÇÃO PVC, SOLDÁVEL, LONGA, DN 75 X 50 MM, INSTALADO EM RESERVAÇÃO PREDIAL DE ÁGUA - FORNECIMENTO E INSTALAÇÃO. AF_04/2024","UN",28.68]
[105142,"LUVA DE REDUÇÃO SOLDÁVEL, PVC, DN 32 MM X 25 MM, INSTALADO EM RESERVAÇÃO PREDIAL DE ÁGUA - FORNECIMENTO E INSTALAÇÃO. AF_04/2024","UN",6.38]
[105143,"LUVA DE REDUÇÃO SOLDÁVEL, PVC, DN 40 MM X 32 MM, INSTALADO EM RESERVAÇÃO PREDIAL DE ÁGUA - FORNECIMENTO E INSTALAÇÃO. AF_04/2024","UN",9.51]
[105144,"LUVA DE REDUÇÃO SOLDÁVEL, PVC, DN 60 MM X 50 MM, INSTALADO EM RESERVAÇÃO PREDIAL DE ÁGUA - FORNECIMENTO E INSTALAÇÃO. AF_04/2024","UN",20.12]
[105145,"LUVA DE REDUÇÃO, SOLDÁVEL, PVC, DN 50 X 25 MM, INSTALADO EM RESERVAÇÃO PREDIAL DE ÁGUA - FORNECIMENTO E INSTALAÇÃO. AF_04/2024","UN",11.02]
[105153,"JOELHO PPR 45 GRAUS, SOLDÁVEL, DN 63 MM, INSTALADO EM RESERVAÇÃO PREDIAL DE ÁGUA - FORNECIMENTO E INSTALAÇÃO. AF_04/2024","UN",46.04]
[89358,"JOELHO 90 GRAUS, PVC, SOLDÁVEL, DN 20MM, INSTALADO EM RAMAL OU SUB-RAMAL DE ÁGUA - FORNECIMENTO E INSTALAÇÃO. AF_06/2022","UN",7.58]
[89359,"JOELHO 45 GRAUS, PVC, SOLDÁVEL, DN 20MM, INSTALADO EM RAMAL OU SUB-RAMAL DE ÁGUA - FORNECIMENTO E INSTALAÇÃO. AF_06/2022","UN",8.08]
[89360,"CURVA 90 GRAUS, PVC, SOLDÁVEL, DN 20MM, INSTALADO EM RAMAL OU SUB-RAMAL DE ÁGUA - FORNECIMENTO E INSTALAÇÃO. AF_06/2022","UN",8.99]
[89361,"CURVA 45 GRAUS, PVC, SOLDÁVEL, DN 20MM, INSTALADO EM RAMAL OU SUB-RAMAL DE ÁGUA - FORNECIMENTO E INSTALAÇÃO. AF_06/2022","UN",9.05]
[89362,"JOELHO 90 GRAUS, PVC, SOLDÁVEL, DN 25MM, INSTALADO EM RAMAL OU SUB-RAMAL DE ÁGUA - FORNECIMENTO E INSTALAÇÃO. AF_06/2022","UN",9.04]
[89363,"JOELHO 45 GRAUS, PVC, SOLDÁVEL, DN 25MM, INSTALADO EM RAMAL OU SUB-RAMAL DE ÁGUA - FORNECIMENTO E INSTALAÇÃO. AF_06/2022","UN",9.75]
[89364,"CURVA 90 GRAUS, PVC, SOLDÁVEL, DN 25MM, INSTALADO EM RAMAL OU SUB-RAMAL DE ÁGUA - FORNECIMENTO E INSTALAÇÃO. AF_06/2022","UN",11.12]
[89365,"CURVA 45 GRAUS, PVC, SOLDÁVEL, DN 25MM, INSTALADO EM RAMAL OU SUB-RAMAL DE ÁGUA - FORNECIMENTO E INSTALAÇÃO. AF_06/2022","UN",10.63]
[89366,"JOELHO 90 GRAUS COM BUCHA DE LATÃO, PVC, SOLDÁVEL, DN 25MM, X 3/4  INSTALADO EM RAMAL OU SUB-RAMAL DE ÁGUA - FORNECIMENTO E INSTALAÇÃO. AF_06/2022","UN",15.15]
[89367,"JOELHO 90 GRAUS, PVC, SOLDÁVEL, DN 32MM, INSTALADO EM RAMAL OU SUB-RAMAL DE ÁGUA - FORNECIMENTO E INSTALAÇÃO. AF_06/2022","UN",12.42]
[89368,"JOELHO 45 GRAUS, PVC, SOLDÁVEL, DN 32MM, INSTALADO EM RAMAL OU SUB-RAMAL DE ÁGUA - FORNECIMENTO E INSTALAÇÃO. AF_06/2022","UN",14.01]
[89369,"CURVA 90 GRAUS, PVC, SOLDÁVEL, DN 32MM, INSTALADO EM RAMAL OU SUB-RAMAL DE ÁGUA - FORNECIMENTO E INSTALAÇÃO. AF_06/2022","UN",16.14]
[89370,"CURVA 45 GRAUS, PVC, SOLDÁVEL, DN 32MM, INSTALADO EM RAMAL OU SUB-RAMAL DE ÁGUA - FORNECIMENTO E INSTALAÇÃO. AF_06/2022","UN",14.31]
[89371,"LUVA, PVC, SOLDÁVEL, DN 20MM, INSTALADO EM RAMAL OU SUB-RAMAL DE ÁGUA - FORNECIMENTO E INSTALAÇÃO. AF_06/2022","UN",5.72]
[89372,"LUVA DE CORRER, PVC, SOLDÁVEL, DN 20MM, INSTALADO EM RAMAL OU SUB-RAMAL DE ÁGUA - FORNECIMENTO E INSTALAÇÃO. AF_06/2022","UN",14.79]
[89373,"LUVA DE REDUÇÃO, PVC, SOLDÁVEL, DN 25MM X 20MM, INSTALADO EM RAMAL OU SUB-RAMAL DE ÁGUA - FORNECIMENTO E INSTALAÇÃO. AF_06/2022","UN",6.81]
[89374,"LUVA COM BUCHA DE LATÃO, PVC, SOLDÁVEL, DN 20MM X 1/2\", INSTALADO EM RAMAL OU SUB-RAMAL DE ÁGUA - FORNECIMENTO E INSTALAÇÃO. AF_06/2022","UN",9.45]
[89375,"UNIÃO, PVC, SOLDÁVEL, DN 20MM, INSTALADO EM RAMAL OU SUB-RAMAL DE ÁGUA - FORNECIMENTO E INSTALAÇÃO. AF_06/2022","UN",11.12]
[89376,"ADAPTADOR CURTO COM BOLSA E ROSCA PARA REGISTRO, PVC, SOLDÁVEL, DN 20MM X 1/2 , INSTALADO EM RAMAL OU SUB-RAMAL DE ÁGUA - FORNECIMENTO E INSTALAÇÃO. AF_06/2022","UN",5.44]
[89377,"CURVA DE TRANSPOSIÇÃO, PVC, SOLDÁVEL, DN 20MM, INSTALADO EM RAMAL OU SUB-RAMAL DE ÁGUA - FORNECIMENTO E INSTALAÇÃO. AF_06/2022","UN",9.55]
[89378,"LUVA, PVC, SOLDÁVEL, DN 25MM, INSTALADO EM RAMAL OU SUB-RAMAL DE ÁGUA - FORNECIMENTO E INSTALAÇÃO. AF_06/2022","UN",6.76]
[89379,"LUVA DE CORRER, PVC, SOLDÁVEL, DN 25MM, INSTALADO EM RAMAL OU SUB-RAMAL DE ÁGUA - FORNECIMENTO E INSTALAÇÃO. AF_12/2014","UN",17.39]
[89380,"LUVA DE REDUÇÃO, PVC, SOLDÁVEL, DN 32MM X 25MM, INSTALADO EM RAMAL OU SUB-RAMAL DE ÁGUA - FORNECIMENTO E INSTALAÇÃO. AF_06/2022","UN",9.56]
[89381,"LUVA COM BUCHA DE LATÃO, PVC, SOLDÁVEL, DN 25MM X 3/4 , INSTALADO EM RAMAL OU SUB-RAMAL DE ÁGUA - FORNECIMENTO E INSTALAÇÃO. AF_06/2022","UN",11.57]
[89382,"UNIÃO, PVC, SOLDÁVEL, DN 25MM, INSTALADO EM RAMAL OU SUB-RAMAL DE ÁGUA - FORNECIMENTO E INSTALAÇÃO. AF_06/2022","UN",13.38]
[89383,"ADAPTADOR CURTO COM BOLSA E ROSCA PARA REGISTRO, PVC, SOLDÁVEL, DN 25MM X 3/4 , INSTALADO EM RAMAL OU SUB-RAMAL DE ÁGUA - FORNECIMENTO E INSTALAÇÃO. AF_06/2022","UN",6.34]
[89384,"CURVA DE TRANSPOSIÇÃO, PVC, SOLDÁVEL, DN 25MM, INSTALADO EM RAMAL OU SUB-RAMAL DE ÁGUA   FORNECIMENTO E INSTALAÇÃO. AF_06/2022","UN",12.17]
[89385,"LUVA SOLDÁVEL E COM ROSCA, PVC, SOLDÁVEL, DN 25MM X 3/4 , INSTALADO EM RAMAL OU SUB-RAMAL DE ÁGUA - FORNECIMENTO E INSTALAÇÃO. AF_06/2022","UN",6.92]
[89386,"LUVA, PVC, SOLDÁVEL, DN 32MM, INSTALADO EM RAMAL OU SUB-RAMAL DE ÁGUA - FORNECIMENTO E INSTALAÇÃO. AF_06/2022","UN",9.22]
[89387,"LUVA DE CORRER, PVC, SOLDÁVEL, DN 32MM, INSTALADO EM RAMAL OU SUB-RAMAL DE ÁGUA   FORNECIMENTO E INSTALAÇÃO. AF_06/2022","UN",27.59]
[89389,"LUVA SOLDÁVEL E COM ROSCA, PVC, SOLDÁVEL, DN 32MM X 1 , INSTALADO EM RAMAL OU SUB-RAMAL DE ÁGUA - FORNECIMENTO E INSTALAÇÃO. AF_06/2022","UN",10.85]
[89390,"UNIÃO, PVC, SOLDÁVEL, DN 32MM, INSTALADO EM RAMAL OU SUB-RAMAL DE ÁGUA - FORNECIMENTO E INSTALAÇÃO. AF_06/2022","UN",19.79]
[89391,"ADAPTADOR CURTO COM BOLSA E ROSCA PARA REGISTRO, PVC, SOLDÁVEL, DN 32MM X 1 , INSTALADO EM RAMAL OU SUB-RAMAL DE ÁGUA - FORNECIMENTO E INSTALAÇÃO. AF_06/2022","UN",8.35]
[89392,"CURVA DE TRANSPOSIÇÃO, PVC, SOLDÁVEL, DN 32MM, INSTALADO EM RAMAL OU SUB-RAMAL DE ÁGUA   FORNECIMENTO E INSTALAÇÃO. AF_06/2022","UN",22.59]
[89393,"TE, PVC, SOLDÁVEL, DN 20MM, INSTALADO EM RAMAL OU SUB-RAMAL DE ÁGUA - FORNECIMENTO E INSTALAÇÃO. AF_06/2022","UN",10.53]
[89394,"TÊ COM BUCHA DE LATÃO NA BOLSA CENTRAL, PVC, SOLDÁVEL, DN 20MM X 1/2 , INSTALADO EM RAMAL OU SUB-RAMAL DE ÁGUA - FORNECIMENTO E INSTALAÇÃO. AF_06/2022","UN",17.36]
[89395,"TE, PVC, SOLDÁVEL, DN 25MM, INSTALADO EM RAMAL OU SUB-RAMAL DE ÁGUA - FORNECIMENTO E INSTALAÇÃO. AF_06/2022","UN",12.49]
[89396,"TÊ COM BUCHA DE LATÃO NA BOLSA CENTRAL, PVC, SOLDÁVEL, DN 25MM X 1/2 , INSTALADO EM RAMAL OU SUB-RAMAL DE ÁGUA - FORNECIMENTO E INSTALAÇÃO. AF_06/2022","UN",19.05]
[89397,"TÊ DE REDUÇÃO, PVC, SOLDÁVEL, DN 25MM X 20MM, INSTALADO EM RAMAL OU SUB-RAMAL DE ÁGUA - FORNECIMENTO E INSTALAÇÃO. AF_06/2022","UN",14.01]
[89398,"TE, PVC, SOLDÁVEL, DN 32MM, INSTALADO EM RAMAL OU SUB-RAMAL DE ÁGUA - FORNECIMENTO E INSTALAÇÃO. AF_06/2022","UN",17.37]
[89399,"TÊ COM BUCHA DE LATÃO NA BOLSA CENTRAL, PVC, SOLDÁVEL, DN 32MM X 3/4 , INSTALADO EM RAMAL OU SUB-RAMAL DE ÁGUA - FORNECIMENTO E INSTALAÇÃO. AF_06/2022","UN",23.1]
[89400,"TÊ DE REDUÇÃO, PVC, SOLDÁVEL, DN 32MM X 25MM, INSTALADO EM RAMAL OU SUB-RAMAL DE ÁGUA - FORNECIMENTO E INSTALAÇÃO. AF_06/2022","UN",18.81]
[89404,"JOELHO 90 GRAUS, PVC, SOLDÁVEL, DN 20MM, INSTALADO EM RAMAL DE DISTRIBUIÇÃO DE ÁGUA - FORNECIMENTO E INSTALAÇÃO. AF_06/2022","UN",6.93]
[89405,"JOELHO 45 GRAUS, PVC, SOLDÁVEL, DN 20MM, INSTALADO EM RAMAL DE DISTRIBUIÇÃO DE ÁGUA - FORNECIMENTO E INSTALAÇÃO. AF_06/2022","UN",7.43]
[89406,"CURVA 90 GRAUS, PVC, SOLDÁVEL, DN 20MM, INSTALADO EM RAMAL DE DISTRIBUIÇÃO DE ÁGUA - FORNECIMENTO E INSTALAÇÃO. AF_06/2022","UN",8.34]
[89407,"CURVA 45 GRAUS, PVC, SOLDÁVEL, DN 20MM, INSTALADO EM RAMAL DE DISTRIBUIÇÃO DE ÁGUA - FORNECIMENTO E INSTALAÇÃO. AF_06/2022","UN",8.4]
[89408,"JOELHO 90 GRAUS, PVC, SOLDÁVEL, DN 25MM, INSTALADO EM RAMAL DE DISTRIBUIÇÃO DE ÁGUA - FORNECIMENTO E INSTALAÇÃO. AF_06/2022","UN",8.29]
[89409,"JOELHO 45 GRAUS, PVC, SOLDÁVEL, DN 25MM, INSTALADO EM RAMAL DE DISTRIBUIÇÃO DE ÁGUA - FORNECIMENTO E INSTALAÇÃO. AF_06/2022","UN",9]
[89410,"CURVA 90 GRAUS, PVC, SOLDÁVEL, DN 25MM, INSTALADO EM RAMAL DE DISTRIBUIÇÃO DE ÁGUA - FORNECIMENTO E INSTALAÇÃO. AF_06/2022","UN",10.37]
[89411,"CURVA 45 GRAUS, PVC, SOLDÁVEL, DN 25MM, INSTALADO EM RAMAL DE DISTRIBUIÇÃO DE ÁGUA - FORNECIMENTO E INSTALAÇÃO. AF_06/2022","UN",9.88]
[89412,"JOELHO 90 GRAUS, PVC, SOLDÁVEL, DN 25MM, X 3/4  INSTALADO EM RAMAL DE DISTRIBUIÇÃO DE ÁGUA - FORNECIMENTO E INSTALAÇÃO. AF_06/2022","UN",9.24]
[89413,"JOELHO 90 GRAUS, PVC, SOLDÁVEL, DN 32MM, INSTALADO EM RAMAL DE DISTRIBUIÇÃO DE ÁGUA - FORNECIMENTO E INSTALAÇÃO. AF_06/2022","UN",11.52]
[89414,"JOELHO 45 GRAUS, PVC, SOLDÁVEL, DN 32MM, INSTALADO EM RAMAL DE DISTRIBUIÇÃO DE ÁGUA - FORNECIMENTO E INSTALAÇÃO. AF_06/2022","UN",13.11]
[89415,"CURVA 90 GRAUS, PVC, SOLDÁVEL, DN 32MM, INSTALADO EM RAMAL DE DISTRIBUIÇÃO DE ÁGUA - FORNECIMENTO E INSTALAÇÃO. AF_06/2022","UN",15.24]
[89416,"CURVA 45 GRAUS, PVC, SOLDÁVEL, DN 32MM, INSTALADO EM RAMAL DE DISTRIBUIÇÃO DE ÁGUA - FORNECIMENTO E INSTALAÇÃO. AF_06/2022","UN",13.41]
[89417,"LUVA, PVC, SOLDÁVEL, DN 20MM, INSTALADO EM RAMAL DE DISTRIBUIÇÃO DE ÁGUA - FORNECIMENTO E INSTALAÇÃO. AF_06/2022","UN",5.28]
[89418,"LUVA DE CORRER, PVC, SOLDÁVEL, DN 20MM, INSTALADO EM RAMAL DE DISTRIBUIÇÃO DE ÁGUA - FORNECIMENTO E INSTALAÇÃO. AF_06/2022","UN",14.35]
[89419,"LUVA DE REDUÇÃO, PVC, SOLDÁVEL, DN 25MM X 20MM, INSTALADO EM RAMAL DE DISTRIBUIÇÃO DE ÁGUA - FORNECIMENTO E INSTALAÇÃO. AF_06/2022","UN",6.33]
[89421,"UNIÃO, PVC, SOLDÁVEL, DN 20MM, INSTALADO EM RAMAL DE DISTRIBUIÇÃO DE ÁGUA - FORNECIMENTO E INSTALAÇÃO. AF_06/2022","UN",10.68]
[89423,"CURVA DE TRANSPOSIÇÃO, PVC, SOLDÁVEL, DN 20MM, INSTALADO EM RAMAL DE DISTRIBUIÇÃO DE ÁGUA   FORNECIMENTO E INSTALAÇÃO. AF_06/2022","UN",9.11]
[89424,"LUVA, PVC, SOLDÁVEL, DN 25MM, INSTALADO EM RAMAL DE DISTRIBUIÇÃO DE ÁGUA - FORNECIMENTO E INSTALAÇÃO. AF_06/2022","UN",6.26]
[89425,"LUVA DE CORRER, PVC, SOLDÁVEL, DN 25MM, INSTALADO EM RAMAL DE DISTRIBUIÇÃO DE ÁGUA - FORNECIMENTO E INSTALAÇÃO. AF_06/2022","UN",16.89]
[89426,"LUVA DE REDUÇÃO, PVC, SOLDÁVEL, DN 32MM X 25MM, INSTALADO EM RAMAL DE DISTRIBUIÇÃO DE ÁGUA - FORNECIMENTO E INSTALAÇÃO. AF_06/2022","UN",9]
[89427,"LUVA COM BUCHA DE LATÃO, PVC, SOLDÁVEL, DN 25MM X 3/4 , INSTALADO EM RAMAL DE DISTRIBUIÇÃO DE ÁGUA - FORNECIMENTO E INSTALAÇÃO. AF_06/2022","UN",11.09]
[89428,"UNIÃO, PVC, SOLDÁVEL, DN 25MM, INSTALADO EM RAMAL DE DISTRIBUIÇÃO DE ÁGUA - FORNECIMENTO E INSTALAÇÃO. AF_06/2022","UN",12.88]
[89429,"ADAPTADOR CURTO COM BOLSA E ROSCA PARA REGISTRO, PVC, SOLDÁVEL, DN 25MM X 3/4 , INSTALADO EM RAMAL DE DISTRIBUIÇÃO DE ÁGUA - FORNECIMENTO E INSTALAÇÃO. AF_06/2022","UN",5.86]
[89430,"CURVA DE TRANSPOSIÇÃO, PVC, SOLDÁVEL, DN 25MM, INSTALADO EM RAMAL DE DISTRIBUIÇÃO DE ÁGUA   FORNECIMENTO E INSTALAÇÃO. AF_06/2022","UN",11.67]
[89431,"LUVA, PVC, SOLDÁVEL, DN 32MM, INSTALADO EM RAMAL DE DISTRIBUIÇÃO DE ÁGUA - FORNECIMENTO E INSTALAÇÃO. AF_06/2022","UN",8.62]
[89432,"LUVA DE CORRER, PVC, SOLDÁVEL, DN 32MM, INSTALADO EM RAMAL DE DISTRIBUIÇÃO DE ÁGUA   FORNECIMENTO E INSTALAÇÃO. AF_06/2022","UN",26.99]
[89433,"LUVA DE REDUÇÃO, PVC, SOLDÁVEL, DN 40MM X 32MM, INSTALADO EM RAMAL DE DISTRIBUIÇÃO DE ÁGUA - FORNECIMENTO E INSTALAÇÃO. AF_06/2022","UN",12.36]
[89434,"LUVA SOLDÁVEL E COM ROSCA, PVC, SOLDÁVEL, DN 32MM X 1 , INSTALADO EM RAMAL DE DISTRIBUIÇÃO DE ÁGUA - FORNECIMENTO E INSTALAÇÃO. AF_06/2022","UN",10.29]
[89435,"UNIÃO, PVC, SOLDÁVEL, DN 32MM, INSTALADO EM RAMAL DE DISTRIBUIÇÃO DE ÁGUA - FORNECIMENTO E INSTALAÇÃO. AF_06/2022","UN",19.19]
[89436,"ADAPTADOR CURTO COM BOLSA E ROSCA PARA REGISTRO, PVC, SOLDÁVEL, DN 32MM X 1 , INSTALADO EM RAMAL DE DISTRIBUIÇÃO DE ÁGUA - FORNECIMENTO E INSTALAÇÃO. AF_06/2022","UN",7.79]
[89437,"CURVA DE TRANSPOSIÇÃO, PVC, SOLDÁVEL, DN 32MM, INSTALADO EM RAMAL DE DISTRIBUIÇÃO DE ÁGUA   FORNECIMENTO E INSTALAÇÃO. AF_06/2022","UN",21.99]
[89438,"TE, PVC, SOLDÁVEL, DN 20MM, INSTALADO EM RAMAL DE DISTRIBUIÇÃO DE ÁGUA - FORNECIMENTO E INSTALAÇÃO. AF_06/2022","UN",9.65]
[89439,"TÊ SOLDÁVEL E COM ROSCA NA BOLSA CENTRAL, PVC, SOLDÁVEL, DN 20MM X 1/2 , INSTALADO EM RAMAL DE DISTRIBUIÇÃO DE ÁGUA - FORNECIMENTO E INSTALAÇÃO. AF_06/2022","UN",11.01]
[89440,"TE, PVC, SOLDÁVEL, DN 25MM, INSTALADO EM RAMAL DE DISTRIBUIÇÃO DE ÁGUA - FORNECIMENTO E INSTALAÇÃO. AF_06/2022","UN",11.49]
[89442,"TÊ DE REDUÇÃO, PVC, SOLDÁVEL, DN 25MM X 20MM, INSTALADO EM RAMAL DE DISTRIBUIÇÃO DE ÁGUA - FORNECIMENTO E INSTALAÇÃO. AF_06/2022","UN",13.07]
[89443,"TE, PVC, SOLDÁVEL, DN 32MM, INSTALADO EM RAMAL DE DISTRIBUIÇÃO DE ÁGUA - FORNECIMENTO E INSTALAÇÃO. AF_06/2022","UN",16.17]
[89444,"TÊ COM BUCHA DE LATÃO NA BOLSA CENTRAL, PVC, SOLDÁVEL, DN 32MM X 3/4 , INSTALADO EM RAMAL DE DISTRIBUIÇÃO DE ÁGUA - FORNECIMENTO E INSTALAÇÃO. AF_06/2022","UN",22.5]
[89445,"TÊ DE REDUÇÃO, PVC, SOLDÁVEL, DN 32MM X 25MM, INSTALADO EM RAMAL DE DISTRIBUIÇÃO DE ÁGUA - FORNECIMENTO E INSTALAÇÃO. AF_06/2022","UN",17.71]
[89481,"JOELHO 90 GRAUS, PVC, SOLDÁVEL, DN 25MM, INSTALADO EM PRUMADA DE ÁGUA - FORNECIMENTO E INSTALAÇÃO. AF_06/2022","UN",5.19]
[89485,"JOELHO 45 GRAUS, PVC, SOLDÁVEL, DN 25MM, INSTALADO EM PRUMADA DE ÁGUA - FORNECIMENTO E INSTALAÇÃO. AF_06/2022","UN",5.9]
[89489,"CURVA 90 GRAUS, PVC, SOLDÁVEL, DN 25MM, INSTALADO EM PRUMADA DE ÁGUA - FORNECIMENTO E INSTALAÇÃO. AF_06/2022","UN",7.27]
[89490,"CURVA 45 GRAUS, PVC, SOLDÁVEL, DN 25MM, INSTALADO EM PRUMADA DE ÁGUA - FORNECIMENTO E INSTALAÇÃO. AF_06/2022","UN",6.78]
[89492,"JOELHO 90 GRAUS, PVC, SOLDÁVEL, DN 32MM, INSTALADO EM PRUMADA DE ÁGUA - FORNECIMENTO E INSTALAÇÃO. AF_06/2022","UN",7.91]
[89493,"JOELHO 45 GRAUS, PVC, SOLDÁVEL, DN 32MM, INSTALADO EM PRUMADA DE ÁGUA - FORNECIMENTO E INSTALAÇÃO. AF_06/2022","UN",9.5]
[89494,"CURVA 90 GRAUS, PVC, SOLDÁVEL, DN 32MM, INSTALADO EM PRUMADA DE ÁGUA - FORNECIMENTO E INSTALAÇÃO. AF_06/2022","UN",11.63]
[89496,"CURVA 45 GRAUS, PVC, SOLDÁVEL, DN 32MM, INSTALADO EM PRUMADA DE ÁGUA - FORNECIMENTO E INSTALAÇÃO. AF_06/2022","UN",9.8]
[89497,"JOELHO 90 GRAUS, PVC, SOLDÁVEL, DN 40MM, INSTALADO EM PRUMADA DE ÁGUA - FORNECIMENTO E INSTALAÇÃO. AF_06/2022","UN",12.46]
[89498,"JOELHO 45 GRAUS, PVC, SOLDÁVEL, DN 40MM, INSTALADO EM PRUMADA DE ÁGUA - FORNECIMENTO E INSTALAÇÃO. AF_06/2022","UN",12.51]
[89499,"CURVA 90 GRAUS, PVC, SOLDÁVEL, DN 40MM, INSTALADO EM PRUMADA DE ÁGUA - FORNECIMENTO E INSTALAÇÃO. AF_06/2022","UN",18.11]
[89500,"CURVA 45 GRAUS, PVC, SOLDÁVEL, DN 40MM, INSTALADO EM PRUMADA DE ÁGUA - FORNECIMENTO E INSTALAÇÃO. AF_06/2022","UN",12.02]
[89501,"JOELHO 90 GRAUS, PVC, SOLDÁVEL, DN 50MM, INSTALADO EM PRUMADA DE ÁGUA - FORNECIMENTO E INSTALAÇÃO. AF_06/2022","UN",13.71]
[89502,"JOELHO 45 GRAUS, PVC, SOLDÁVEL, DN 50MM, INSTALADO EM PRUMADA DE ÁGUA - FORNECIMENTO E INSTALAÇÃO. AF_06/2022","UN",16.01]
[89503,"CURVA 90 GRAUS, PVC, SOLDÁVEL, DN 50MM, INSTALADO EM PRUMADA DE ÁGUA - FORNECIMENTO E INSTALAÇÃO. AF_06/2022","UN",21.14]
[89504,"CURVA 45 GRAUS, PVC, SOLDÁVEL, DN 50MM, INSTALADO EM PRUMADA DE ÁGUA - FORNECIMENTO E INSTALAÇÃO. AF_06/2022","UN",17.66]
[89505,"JOELHO 90 GRAUS, PVC, SOLDÁVEL, DN 60MM, INSTALADO EM PRUMADA DE ÁGUA - FORNECIMENTO E INSTALAÇÃO. AF_06/2022","UN",37.98]
[89506,"JOELHO 45 GRAUS, PVC, SOLDÁVEL, DN 60MM, INSTALADO EM PRUMADA DE ÁGUA - FORNECIMENTO E INSTALAÇÃO. AF_06/2022","UN",36.37]
[89507,"CURVA 90 GRAUS, PVC, SOLDÁVEL, DN 60MM, INSTALADO EM PRUMADA DE ÁGUA - FORNECIMENTO E INSTALAÇÃO. AF_06/2022","UN",42.73]
[89510,"CURVA 45 GRAUS, PVC, SOLDÁVEL, DN 60MM, INSTALADO EM PRUMADA DE ÁGUA - FORNECIMENTO E INSTALAÇÃO. AF_06/2022","UN",25.09]
[89513,"JOELHO 90 GRAUS, PVC, SOLDÁVEL, DN 75MM, INSTALADO EM PRUMADA DE ÁGUA - FORNECIMENTO E INSTALAÇÃO. AF_06/2022","UN",93.71]
[89514,"JOELHO 90 GRAUS, PVC, SERIE R, ÁGUA PLUVIAL, DN 40 MM, JUNTA SOLDÁVEL, FORNECIDO E INSTALADO EM RAMAL DE ENCAMINHAMENTO. AF_06/2022","UN",8.28]
[89515,"JOELHO 45 GRAUS, PVC, SOLDÁVEL, DN 75MM, INSTALADO EM PRUMADA DE ÁGUA - FORNECIMENTO E INSTALAÇÃO. AF_06/2022","UN",75.12]
[89516,"JOELHO 45 GRAUS, PVC, SERIE R, ÁGUA PLUVIAL, DN 40 MM, JUNTA SOLDÁVEL, FORNECIDO E INSTALADO EM RAMAL DE ENCAMINHAMENTO. AF_06/2022","UN",8.37]
[89517,"CURVA 90 GRAUS, PVC, SOLDÁVEL, DN 75MM, INSTALADO EM PRUMADA DE ÁGUA - FORNECIMENTO E INSTALAÇÃO. AF_06/2022","UN",63.26]
[89518,"JOELHO 90 GRAUS, PVC, SERIE R, ÁGUA PLUVIAL, DN 50 MM, JUNTA ELÁSTICA, FORNECIDO E INSTALADO EM RAMAL DE ENCAMINHAMENTO. AF_06/2022","UN",15.23]
[89519,"CURVA 45 GRAUS, PVC, SOLDÁVEL, DN 75MM, INSTALADO EM PRUMADA DE ÁGUA - FORNECIMENTO E INSTALAÇÃO. AF_06/2022","UN",43.53]
[89520,"JOELHO 45 GRAUS, PVC, SERIE R, ÁGUA PLUVIAL, DN 50 MM, JUNTA ELÁSTICA, FORNECIDO E INSTALADO EM RAMAL DE ENCAMINHAMENTO. AF_06/2022","UN",15.96]
[89521,"JOELHO 90 GRAUS, PVC, SOLDÁVEL, DN 85MM, INSTALADO EM PRUMADA DE ÁGUA - FORNECIMENTO E INSTALAÇÃO. AF_06/2022","UN",111.77]
[89522,"JOELHO 90 GRAUS, PVC, SERIE R, ÁGUA PLUVIAL, DN 75 MM, JUNTA ELÁSTICA, FORNECIDO E INSTALADO EM RAMAL DE ENCAMINHAMENTO. AF_06/2022","UN",29.53]
[89523,"JOELHO 45 GRAUS, PVC, SOLDÁVEL, DN 85MM, INSTALADO EM PRUMADA DE ÁGUA - FORNECIMENTO E INSTALAÇÃO. AF_06/2022","UN",91.86]
[89524,"JOELHO 45 GRAUS, PVC, SERIE R, ÁGUA PLUVIAL, DN 75 MM, JUNTA ELÁSTICA, FORNECIDO E INSTALADO EM RAMAL DE ENCAMINHAMENTO. AF_06/2022","UN",29.99]
[89525,"CURVA 90 GRAUS, PVC, SOLDÁVEL, DN 85MM, INSTALADO EM PRUMADA DE ÁGUA - FORNECIMENTO E INSTALAÇÃO. AF_06/2022","UN",79.49]
[89526,"CURVA 87 GRAUS E 30 MINUTOS, PVC, SERIE R, ÁGUA PLUVIAL, DN 75 MM, JUNTA ELÁSTICA, FORNECIDO E INSTALADO EM RAMAL DE ENCAMINHAMENTO. AF_06/2022","UN",38.45]
[89527,"CURVA 45 GRAUS, PVC, SOLDÁVEL, DN 85MM, INSTALADO EM PRUMADA DE ÁGUA - FORNECIMENTO E INSTALAÇÃO. AF_06/2022","UN",52.49]
[89528,"LUVA, PVC, SOLDÁVEL, DN 25MM, INSTALADO EM PRUMADA DE ÁGUA - FORNECIMENTO E INSTALAÇÃO. AF_06/2022","UN",4.18]
[89529,"JOELHO 90 GRAUS, PVC, SERIE R, ÁGUA PLUVIAL, DN 100 MM, JUNTA ELÁSTICA, FORNECIDO E INSTALADO EM RAMAL DE ENCAMINHAMENTO. AF_06/2022","UN",36.77]
[89530,"LUVA DE CORRER, PVC, SOLDÁVEL, DN 25MM, INSTALADO EM PRUMADA DE ÁGUA - FORNECIMENTO E INSTALAÇÃO. AF_06/2022","UN",14.81]
[89531,"JOELHO 45 GRAUS, PVC, SERIE R, ÁGUA PLUVIAL, DN 100 MM, JUNTA ELÁSTICA, FORNECIDO E INSTALADO EM RAMAL DE ENCAMINHAMENTO. AF_06/2022","UN",37.8]
[89532,"LUVA DE REDUÇÃO, PVC, SOLDÁVEL, DN 32MM X 25MM, INSTALADO EM PRUMADA DE ÁGUA - FORNECIMENTO E INSTALAÇÃO. AF_06/2022","UN",6.76]
[89535,"CURVA 87 GRAUS E 30 MINUTOS, PVC, SERIE R, ÁGUA PLUVIAL, DN 100 MM, JUNTA ELÁSTICA, FORNECIDO E INSTALADO EM RAMAL DE ENCAMINHAMENTO. AF_06/2022","UN",42.23]
[89536,"UNIÃO, PVC, SOLDÁVEL, DN 25MM, INSTALADO EM PRUMADA DE ÁGUA - FORNECIMENTO E INSTALAÇÃO. AF_06/2022","UN",10.8]
[89540,"CURVA DE TRANSPOSIÇÃO, PVC, SOLDÁVEL, DN 25MM, INSTALADO EM PRUMADA DE ÁGUA  - FORNECIMENTO E INSTALAÇÃO. AF_06/2022","UN",9.59]
[89541,"LUVA, PVC, SOLDÁVEL, DN 32MM, INSTALADO EM PRUMADA DE ÁGUA - FORNECIMENTO E INSTALAÇÃO. AF_06/2022","UN",6.21]
[89542,"LUVA DE CORRER, PVC, SOLDÁVEL, DN 32MM, INSTALADO EM PRUMADA DE ÁGUA - FORNECIMENTO E INSTALAÇÃO. AF_06/2022","UN",24.58]
[89544,"LUVA SIMPLES, PVC, SERIE R, ÁGUA PLUVIAL, DN 40 MM, JUNTA SOLDÁVEL, FORNECIDO E INSTALADO EM RAMAL DE ENCAMINHAMENTO. AF_06/2022","UN",8.54]
[89545,"LUVA SIMPLES, PVC, SERIE R, ÁGUA PLUVIAL, DN 50 MM, JUNTA ELÁSTICA, FORNECIDO E INSTALADO EM RAMAL DE ENCAMINHAMENTO. AF_06/2022","UN",16.81]
[89546,"BUCHA DE REDUÇÃO LONGA, PVC, SERIE R, ÁGUA PLUVIAL, DN 50 X 40 MM, JUNTA ELÁSTICA, FORNECIDO E INSTALADO EM RAMAL DE ENCAMINHAMENTO. AF_06/2022","UN",11.25]
[89547,"LUVA SIMPLES, PVC, SERIE R, ÁGUA PLUVIAL, DN 75 MM, JUNTA ELÁSTICA, FORNECIDO E INSTALADO EM RAMAL DE ENCAMINHAMENTO. AF_06/2022","UN",22.53]
[89548,"LUVA DE CORRER, PVC, SERIE R, ÁGUA PLUVIAL, DN 75 MM, JUNTA ELÁSTICA, FORNECIDO E INSTALADO EM RAMAL DE ENCAMINHAMENTO. AF_06/2022","UN",22.99]
[89549,"REDUÇÃO EXCÊNTRICA, PVC, SERIE R, ÁGUA PLUVIAL, DN 75 X 50 MM, JUNTA ELÁSTICA, FORNECIDO E INSTALADO EM RAMAL DE ENCAMINHAMENTO. AF_06/2022","UN",19.07]
[89550,"TÊ DE INSPEÇÃO, PVC, SERIE R, ÁGUA PLUVIAL, DN 75 MM, JUNTA ELÁSTICA, FORNECIDO E INSTALADO EM RAMAL DE ENCAMINHAMENTO. AF_06/2022","UN",40.72]
[89551,"LUVA SOLDÁVEL E COM ROSCA, PVC, SOLDÁVEL, DN 32MM X 1 , INSTALADO EM PRUMADA DE ÁGUA - FORNECIMENTO E INSTALAÇÃO. AF_06/2022","UN",8.05]
[89552,"UNIÃO, PVC, SOLDÁVEL, DN 32MM, INSTALADO EM PRUMADA DE ÁGUA - FORNECIMENTO E INSTALAÇÃO. AF_06/2022","UN",16.78]
[89553,"ADAPTADOR CURTO COM BOLSA E ROSCA PARA REGISTRO, PVC, SOLDÁVEL, DN 32MM X 1 , INSTALADO EM PRUMADA DE ÁGUA - FORNECIMENTO E INSTALAÇÃO. AF_06/2022","UN",5.55]
[89554,"LUVA SIMPLES, PVC, SERIE R, ÁGUA PLUVIAL, DN 100 MM, JUNTA ELÁSTICA, FORNECIDO E INSTALADO EM RAMAL DE ENCAMINHAMENTO. AF_06/2022","UN",28.71]
[89555,"CURVA DE TRANSPOSIÇÃO, PVC, SOLDÁVEL, DN 32MM, INSTALADO EM PRUMADA DE ÁGUA   FORNECIMENTO E INSTALAÇÃO. AF_06/2022","UN",19.58]
[89556,"LUVA DE CORRER, PVC, SERIE R, ÁGUA PLUVIAL, DN 100 MM, JUNTA ELÁSTICA, FORNECIDO E INSTALADO EM RAMAL DE ENCAMINHAMENTO. AF_06/2022","UN",39.89]
[89557,"REDUÇÃO EXCÊNTRICA, PVC, SERIE R, ÁGUA PLUVIAL, DN 100 X 75 MM, JUNTA ELÁSTICA, FORNECIDO E INSTALADO EM RAMAL DE ENCAMINHAMENTO. AF_06/2022","UN",31.72]
[89558,"LUVA, PVC, SOLDÁVEL, DN 40MM, INSTALADO EM PRUMADA DE ÁGUA - FORNECIMENTO E INSTALAÇÃO. AF_06/2022","UN",9.3]
[89559,"TÊ DE INSPEÇÃO, PVC, SERIE R, ÁGUA PLUVIAL, DN 100 MM, JUNTA ELÁSTICA, FORNECIDO E INSTALADO EM RAMAL DE ENCAMINHAMENTO. AF_06/2022","UN",66.1]
[89560,"LUVA DE CORRER, PVC, SOLDÁVEL, DN 40MM, INSTALADO EM PRUMADA DE ÁGUA   FORNECIMENTO E INSTALAÇÃO. AF_06/2022","UN",31.5]
[89561,"JUNÇÃO SIMPLES, PVC, SERIE R, ÁGUA PLUVIAL, DN 40 MM, JUNTA SOLDÁVEL, FORNECIDO E INSTALADO EM RAMAL DE ENCAMINHAMENTO. AF_06/2022","UN",14.74]
[89562,"LUVA DE REDUÇÃO, PVC, SOLDÁVEL, DN 40MM X 32MM, INSTALADO EM PRUMADA DE ÁGUA - FORNECIMENTO E INSTALAÇÃO. AF_06/2022","UN",9.75]
[89563,"JUNÇÃO SIMPLES, PVC, SERIE R, ÁGUA PLUVIAL, DN 50 MM, JUNTA ELÁSTICA, FORNECIDO E INSTALADO EM RAMAL DE ENCAMINHAMENTO. AF_06/2022","UN",34.48]
[89564,"LUVA COM ROSCA, PVC, SOLDÁVEL, DN 40MM X 1.1/4 , INSTALADO EM PRUMADA DE ÁGUA - FORNECIMENTO E INSTALAÇÃO. AF_06/2022","UN",14.38]
[89565,"JUNÇÃO SIMPLES, PVC, SERIE R, ÁGUA PLUVIAL, DN 75 X 75 MM, JUNTA ELÁSTICA, FORNECIDO E INSTALADO EM RAMAL DE ENCAMINHAMENTO. AF_06/2022","UN",55.33]
[89566,"TÊ, PVC, SERIE R, ÁGUA PLUVIAL, DN 75 MM, JUNTA ELÁSTICA, FORNECIDO E INSTALADO EM RAMAL DE ENCAMINHAMENTO. AF_06/2022","UN",47.02]
[89567,"JUNÇÃO SIMPLES, PVC, SERIE R, ÁGUA PLUVIAL, DN 100 X 100 MM, JUNTA ELÁSTICA, FORNECIDO E INSTALADO EM RAMAL DE ENCAMINHAMENTO. AF_06/2022","UN",79.36]
[89568,"UNIÃO, PVC, SOLDÁVEL, DN 40MM, INSTALADO EM PRUMADA DE ÁGUA - FORNECIMENTO E INSTALAÇÃO. AF_06/2022","UN",29.25]
[89569,"JUNÇÃO SIMPLES, PVC, SERIE R, ÁGUA PLUVIAL, DN 100 X 75 MM, JUNTA ELÁSTICA, FORNECIDO E INSTALADO EM RAMAL DE ENCAMINHAMENTO. AF_06/2022","UN",92.35]
[89570,"ADAPTADOR CURTO COM BOLSA E ROSCA PARA REGISTRO, PVC, SOLDÁVEL, DN 40MM X 1.1/2 , INSTALADO EM PRUMADA DE ÁGUA - FORNECIMENTO E INSTALAÇÃO. AF_06/2022","UN",10.72]
[89571,"TÊ, PVC, SERIE R, ÁGUA PLUVIAL, DN 100 X 100 MM, JUNTA ELÁSTICA, FORNECIDO E INSTALADO EM RAMAL DE ENCAMINHAMENTO. AF_06/2022","UN",68.89]
[89572,"ADAPTADOR CURTO COM BOLSA E ROSCA PARA REGISTRO, PVC, SOLDÁVEL, DN 40MM X 1.1/4 , INSTALADO EM PRUMADA DE ÁGUA - FORNECIMENTO E INSTALAÇÃO. AF_06/2022","UN",8.28]
[89573,"TÊ, PVC, SERIE R, ÁGUA PLUVIAL, DN 100 X 75 MM, JUNTA ELÁSTICA, FORNECIDO E INSTALADO EM RAMAL DE ENCAMINHAMENTO. AF_06/2022","UN",75.41]
[89574,"JUNÇÃO DUPLA, PVC, SERIE R, ÁGUA PLUVIAL, DN 100 X 100 X 100 MM, JUNTA ELÁSTICA, FORNECIDO E INSTALADO EM RAMAL DE ENCAMINHAMENTO. AF_06/2022","UN",152.42]
[89575,"LUVA, PVC, SOLDÁVEL, DN 50MM, INSTALADO EM PRUMADA DE ÁGUA - FORNECIMENTO E INSTALAÇÃO. AF_06/2022","UN",11.17]
[89577,"LUVA DE CORRER, PVC, SOLDÁVEL, DN 50MM, INSTALADO EM PRUMADA DE ÁGUA - FORNECIMENTO E INSTALAÇÃO. AF_06/2022","UN",33.49]
[89579,"LUVA DE REDUÇÃO, PVC, SOLDÁVEL, DN 50MM X 25MM, INSTALADO EM PRUMADA DE ÁGUA   FORNECIMENTO E INSTALAÇÃO. AF_06/2022","UN",11.03]
[89581,"JOELHO 90 GRAUS, PVC, SERIE R, ÁGUA PLUVIAL, DN 75 MM, JUNTA ELÁSTICA, FORNECIDO E INSTALADO EM CONDUTORES VERTICAIS DE ÁGUAS PLUVIAIS. AF_06/2022","UN",33.23]
[89582,"JOELHO 45 GRAUS, PVC, SERIE R, ÁGUA PLUVIAL, DN 75 MM, JUNTA ELÁSTICA, FORNECIDO E INSTALADO EM CONDUTORES VERTICAIS DE ÁGUAS PLUVIAIS. AF_06/2022","UN",33.69]
[89583,"CURVA 87 GRAUS E 30 MINUTOS, PVC, SERIE R, ÁGUA PLUVIAL, DN 75 MM, JUNTA ELÁSTICA, FORNECIDO E INSTALADO EM CONDUTORES VERTICAIS DE ÁGUAS PLUVIAIS. AF_06/2022","UN",42.15]
[89584,"JOELHO 90 GRAUS, PVC, SERIE R, ÁGUA PLUVIAL, DN 100 MM, JUNTA ELÁSTICA, FORNECIDO E INSTALADO EM CONDUTORES VERTICAIS DE ÁGUAS PLUVIAIS. AF_06/2022","UN",43.46]
[89585,"JOELHO 45 GRAUS, PVC, SERIE R, ÁGUA PLUVIAL, DN 100 MM, JUNTA ELÁSTICA, FORNECIDO E INSTALADO EM CONDUTORES VERTICAIS DE ÁGUAS PLUVIAIS. AF_06/2022","UN",44.49]
[89587,"CURVA 87 GRAUS E 30 MINUTOS, PVC, SERIE R, ÁGUA PLUVIAL, DN 100 MM, JUNTA ELÁSTICA, FORNECIDO E INSTALADO EM CONDUTORES VERTICAIS DE ÁGUAS PLUVIAIS. AF_06/2022","UN",48.92]
[89590,"JOELHO 90 GRAUS, PVC, SERIE R, ÁGUA PLUVIAL, DN 150 MM, JUNTA ELÁSTICA, FORNECIDO E INSTALADO EM CONDUTORES VERTICAIS DE ÁGUAS PLUVIAIS. AF_06/2022","UN",131.34]
[89591,"JOELHO 45 GRAUS, PVC, SERIE R, ÁGUA PLUVIAL, DN 150 MM, JUNTA ELÁSTICA, FORNECIDO E INSTALADO EM CONDUTORES VERTICAIS DE ÁGUAS PLUVIAIS. AF_06/2022","UN",128.18]
[89592,"CURVA 87 GRAUS E 30 MINUTOS, PVC, SERIE R, ÁGUA PLUVIAL, DN 150 MM, JUNTA ELÁSTICA, FORNECIDO E INSTALADO EM CONDUTORES VERTICAIS DE ÁGUAS PLUVIAIS. AF_06/2022","UN",155.91]
[89593,"LUVA COM ROSCA, PVC, SOLDÁVEL, DN 50MM X 1.1/2 , INSTALADO EM PRUMADA DE ÁGUA - FORNECIMENTO E INSTALAÇÃO. AF_06/2022","UN",22.71]
[89594,"UNIÃO, PVC, SOLDÁVEL, DN 50MM, INSTALADO EM PRUMADA DE ÁGUA - FORNECIMENTO E INSTALAÇÃO. AF_06/2022","UN",32.63]
[89595,"ADAPTADOR CURTO COM BOLSA E ROSCA PARA REGISTRO, PVC, SOLDÁVEL, DN 50MM X 1.1/4 , INSTALADO EM PRUMADA DE ÁGUA - FORNECIMENTO E INSTALAÇÃO. AF_06/2022","UN",13.51]
[89596,"ADAPTADOR CURTO COM BOLSA E ROSCA PARA REGISTRO, PVC, SOLDÁVEL, DN 50MM X 1.1/2 , INSTALADO EM PRUMADA DE ÁGUA - FORNECIMENTO E INSTALAÇÃO. AF_06/2022","UN",9.97]
[89597,"LUVA, PVC, SOLDÁVEL, DN 60MM, INSTALADO EM PRUMADA DE ÁGUA - FORNECIMENTO E INSTALAÇÃO. AF_06/2022","UN",21.26]
[89598,"LUVA DE CORRER, PVC, SOLDÁVEL, DN 60MM, INSTALADO EM PRUMADA DE ÁGUA   FORNECIMENTO E INSTALAÇÃO. AF_06/2022","UN",45.14]
[89599,"LUVA SIMPLES, PVC, SERIE R, ÁGUA PLUVIAL, DN 75 MM, JUNTA ELÁSTICA, FORNECIDO E INSTALADO EM CONDUTORES VERTICAIS DE ÁGUAS PLUVIAIS. AF_06/2022","UN",25]
[89600,"LUVA DE CORRER, PVC, SERIE R, ÁGUA PLUVIAL, DN 75 MM, JUNTA ELÁSTICA, FORNECIDO E INSTALADO EM CONDUTORES VERTICAIS DE ÁGUAS PLUVIAIS. AF_06/2022","UN",25.45]
[89605,"LUVA DE REDUÇÃO, PVC, SOLDÁVEL, DN 60MM X 50MM, INSTALADO EM PRUMADA DE ÁGUA - FORNECIMENTO E INSTALAÇÃO. AF_06/2022","UN",19.32]
[89609,"UNIÃO, PVC, SOLDÁVEL, DN 60MM, INSTALADO EM PRUMADA DE ÁGUA - FORNECIMENTO E INSTALAÇÃO. AF_06/2022","UN",75.24]
[89610,"ADAPTADOR CURTO COM BOLSA E ROSCA PARA REGISTRO, PVC, SOLDÁVEL, DN 60MM X 2 , INSTALADO EM PRUMADA DE ÁGUA - FORNECIMENTO E INSTALAÇÃO. AF_06/2022","UN",18.34]
[89611,"LUVA, PVC, SOLDÁVEL, DN 75MM, INSTALADO EM PRUMADA DE ÁGUA - FORNECIMENTO E INSTALAÇÃO. AF_06/2022","UN",30.1]
[89612,"UNIÃO, PVC, SOLDÁVEL, DN 75MM, INSTALADO EM PRUMADA DE ÁGUA - FORNECIMENTO E INSTALAÇÃO. AF_06/2022","UN",147.12]
[89613,"ADAPTADOR CURTO COM BOLSA E ROSCA PARA REGISTRO, PVC, SOLDÁVEL, DN 75MM X 2.1/2\", INSTALADO EM PRUMADA DE ÁGUA - FORNECIMENTO E INSTALAÇÃO. AF_12/2014","UN",28.43]
[89614,"LUVA, PVC, SOLDÁVEL, DN 85MM, INSTALADO EM PRUMADA DE ÁGUA - FORNECIMENTO E INSTALAÇÃO. AF_06/2022","UN",54.85]
[89615,"UNIÃO, PVC, SOLDÁVEL, DN 85MM, INSTALADO EM PRUMADA DE ÁGUA - FORNECIMENTO E INSTALAÇÃO. AF_06/2022","UN",173.84]
[89616,"ADAPTADOR CURTO COM BOLSA E ROSCA PARA REGISTRO, PVC, SOLDÁVEL, DN 85MM X 3 , INSTALADO EM PRUMADA DE ÁGUA - FORNECIMENTO E INSTALAÇÃO. AF_06/2022","UN",37.97]
[89617,"TE, PVC, SOLDÁVEL, DN 25MM, INSTALADO EM PRUMADA DE ÁGUA - FORNECIMENTO E INSTALAÇÃO. AF_06/2022","UN",7.36]
[89620,"TE, PVC, SOLDÁVEL, DN 32MM, INSTALADO EM PRUMADA DE ÁGUA - FORNECIMENTO E INSTALAÇÃO. AF_06/2022","UN",11.39]
[89622,"TÊ DE REDUÇÃO, PVC, SOLDÁVEL, DN 32MM X 25MM, INSTALADO EM PRUMADA DE ÁGUA - FORNECIMENTO E INSTALAÇÃO. AF_06/2022","UN",13.26]
[89623,"TE, PVC, SOLDÁVEL, DN 40MM, INSTALADO EM PRUMADA DE ÁGUA - FORNECIMENTO E INSTALAÇÃO. AF_06/2022","UN",18.24]
[89624,"TÊ DE REDUÇÃO, PVC, SOLDÁVEL, DN 40MM X 32MM, INSTALADO EM PRUMADA DE ÁGUA - FORNECIMENTO E INSTALAÇÃO. AF_06/2022","UN",16.84]
[89625,"TE, PVC, SOLDÁVEL, DN 50MM, INSTALADO EM PRUMADA DE ÁGUA - FORNECIMENTO E INSTALAÇÃO. AF_06/2022","UN",21.59]
[89626,"TÊ DE REDUÇÃO, PVC, SOLDÁVEL, DN 50MM X 40MM, INSTALADO EM PRUMADA DE ÁGUA - FORNECIMENTO E INSTALAÇÃO. AF_06/2022","UN",27.91]
[89627,"TÊ DE REDUÇÃO, PVC, SOLDÁVEL, DN 50MM X 25MM, INSTALADO EM PRUMADA DE ÁGUA - FORNECIMENTO E INSTALAÇÃO. AF_06/2022","UN",18.87]
[89628,"TE, PVC, SOLDÁVEL, DN 60MM, INSTALADO EM PRUMADA DE ÁGUA - FORNECIMENTO E INSTALAÇÃO. AF_06/2022","UN",44.29]
[89629,"TE, PVC, SOLDÁVEL, DN 75MM, INSTALADO EM PRUMADA DE ÁGUA - FORNECIMENTO E INSTALAÇÃO. AF_06/2022","UN",74]
[89630,"TE DE REDUÇÃO, PVC, SOLDÁVEL, DN 75MM X 50MM, INSTALADO EM PRUMADA DE ÁGUA - FORNECIMENTO E INSTALAÇÃO. AF_06/2022","UN",56.16]
[89631,"TE, PVC, SOLDÁVEL, DN 85MM, INSTALADO EM PRUMADA DE ÁGUA - FORNECIMENTO E INSTALAÇÃO. AF_06/2022","UN",96.88]
[89632,"TE DE REDUÇÃO, PVC, SOLDÁVEL, DN 85MM X 60MM, INSTALADO EM PRUMADA DE ÁGUA - FORNECIMENTO E INSTALAÇÃO. AF_06/2022","UN",111.07]
[89637,"JOELHO 90 GRAUS, CPVC, SOLDÁVEL, DN 15MM, INSTALADO EM RAMAL OU SUB-RAMAL DE ÁGUA - FORNECIMENTO E INSTALAÇÃO. AF_06/2022","UN",10.91]
[89638,"JOELHO 45 GRAUS, CPVC, SOLDÁVEL, DN 15MM, INSTALADO EM RAMAL OU SUB-RAMAL DE ÁGUA - FORNECIMENTO E INSTALAÇÃO. AF_06/2022","UN",11.86]
[89639,"CURVA 90 GRAUS, CPVC, SOLDÁVEL, DN 15MM, INSTALADO EM RAMAL OU SUB-RAMAL DE ÁGUA - FORNECIMENTO E INSTALAÇÃO. AF_06/2022","UN",12.54]
[89640,"JOELHO DE TRANSIÇÃO, 90 GRAUS, CPVC, SOLDÁVEL, DN 15MM X 1/2\", INSTALADO EM RAMAL OU SUB-RAMAL DE ÁGUA - FORNECIMENTO E INSTALAÇÃO. AF_06/2022","UN",19.79]
[89641,"JOELHO 90 GRAUS, CPVC, SOLDÁVEL, DN 22MM, INSTALADO EM RAMAL OU SUB-RAMAL DE ÁGUA - FORNECIMENTO E INSTALAÇÃO. AF_06/2022","UN",14.16]
[89642,"JOELHO 45 GRAUS, CPVC, SOLDÁVEL, DN 22MM, INSTALADO EM RAMAL OU SUB-RAMAL DE ÁGUA - FORNECIMENTO E INSTALAÇÃO. AF_06/2022","UN",15.84]
[89643,"CURVA 90 GRAUS, CPVC, SOLDÁVEL, DN 22MM, INSTALADO EM RAMAL OU SUB-RAMAL DE ÁGUA - FORNECIMENTO E INSTALAÇÃO. AF_06/2022","UN",17.18]
[89644,"JOELHO DE TRANSIÇÃO, 90 GRAUS, CPVC, SOLDÁVEL, DN 22MM X 1/2\", INSTALADO EM RAMAL OU SUB-RAMAL DE ÁGUA - FORNECIMENTO E INSTALAÇÃO. AF_06/2022","UN",24.21]
[89645,"JOELHO DE TRANSIÇÃO, 90 GRAUS, CPVC, SOLDÁVEL, DN 22MM X 3/4\", INSTALADO EM RAMAL OU SUB-RAMAL DE ÁGUA - FORNECIMENTO E INSTALAÇÃO. AF_06/2022","UN",33.9]
[89646,"JOELHO 90 GRAUS, CPVC, SOLDÁVEL, DN 28MM, INSTALADO EM RAMAL OU SUB-RAMAL DE ÁGUA - FORNECIMENTO E INSTALAÇÃO. AF_06/2022","UN",21.51]
[89647,"JOELHO 45 GRAUS, CPVC, SOLDÁVEL, DN 28MM, INSTALADO EM RAMAL OU SUB-RAMAL DE ÁGUA   FORNECIMENTO E INSTALAÇÃO. AF_06/2022","UN",20.82]
[89648,"CURVA 90 GRAUS, CPVC, SOLDÁVEL, DN 28MM, INSTALADO EM RAMAL OU SUB-RAMAL DE ÁGUA   FORNECIMENTO E INSTALAÇÃO. AF_06/2022","UN",26.05]
[89649,"JOELHO 90 GRAUS, CPVC, SOLDÁVEL, DN 35MM, INSTALADO EM RAMAL OU SUB-RAMAL DE ÁGUA   FORNECIMENTO E INSTALAÇÃO. AF_06/2022","UN",31.72]
[89650,"JOELHO 45 GRAUS, CPVC, SOLDÁVEL, DN 35MM, INSTALADO EM RAMAL OU SUB-RAMAL DE ÁGUA   FORNECIMENTO E INSTALAÇÃO. AF_06/2022","UN",30]
[89651,"LUVA, CPVC, SOLDÁVEL, DN 15MM, INSTALADO EM RAMAL OU SUB-RAMAL DE ÁGUA - FORNECIMENTO E INSTALAÇÃO. AF_06/2022","UN",7.45]
[89652,"LUVA DE CORRER, CPVC, SOLDÁVEL, DN 15MM, INSTALADO EM RAMAL OU SUB-RAMAL DE ÁGUA   FORNECIMENTO E INSTALAÇÃO. AF_06/2022","UN",12.78]
[89653,"LUVA DE TRANSIÇÃO, CPVC, SOLDÁVEL, DN15MM X 1/2\", INSTALADO EM RAMAL OU SUB-RAMAL DE ÁGUA - FORNECIMENTO E INSTALAÇÃO. AF_06/2022","UN",18.18]
[89654,"UNIÃO, CPVC, SOLDÁVEL, DN15MM, INSTALADO EM RAMAL OU SUB-RAMAL DE ÁGUA   FORNECIMENTO E INSTALAÇÃO. AF_06/2022","UN",21.07]
[89655,"CONECTOR, CPVC, SOLDÁVEL, DN 15MM X 1/2 , INSTALADO EM RAMAL OU SUB-RAMAL DE ÁGUA   FORNECIMENTO E INSTALAÇÃO. AF_06/2022","UN",25.12]
[89656,"ADAPTADOR, CPVC, SOLDÁVEL, DN15MM, INSTALADO EM RAMAL OU SUB-RAMAL DE ÁGUA   FORNECIMENTO E INSTALAÇÃO. AF_06/2022","UN",23.4]
[89657,"CURVA DE TRANSPOSIÇÃO, CPVC, SOLDÁVEL, DN15MM, INSTALADO EM RAMAL OU SUB-RAMAL DE ÁGUA   FORNECIMENTO E INSTALAÇÃO. AF_06/2022","UN",14.48]
[89658,"LUVA, CPVC, SOLDÁVEL, DN 22MM, INSTALADO EM RAMAL OU SUB-RAMAL DE ÁGUA   FORNECIMENTO E INSTALAÇÃO. AF_06/2022","UN",9.98]
[89659,"LUVA DE CORRER, CPVC, SOLDÁVEL, DN 22MM, INSTALADO EM RAMAL OU SUB-RAMAL DE ÁGUA   FORNECIMENTO E INSTALAÇÃO. AF_06/2022","UN",18.03]
[89660,"LUVA DE TRANSIÇÃO, CPVC, SOLDÁVEL, DN22MM X 25MM, INSTALADO EM RAMAL OU SUB-RAMAL DE ÁGUA - FORNECIMENTO E INSTALAÇÃO. AF_06/2022","UN",10.14]
[89661,"UNIÃO, CPVC, SOLDÁVEL, DN22MM, INSTALADO EM RAMAL OU SUB-RAMAL DE ÁGUA   FORNECIMENTO E INSTALAÇÃO. AF_06/2022","UN",24.63]
[89662,"CONECTOR, CPVC, SOLDÁVEL, DN 22MM X 1/2 , INSTALADO EM RAMAL OU SUB-RAMAL DE ÁGUA   FORNECIMENTO E INSTALAÇÃO. AF_06/2022","UN",32.56]
[89663,"ADAPTADOR, CPVC, SOLDÁVEL, DN22MM, INSTALADO EM RAMAL OU SUB-RAMAL DE ÁGUA   FORNECIMENTO E INSTALAÇÃO. AF_06/2022","UN",31.42]
[89664,"CURVA DE TRANSPOSIÇÃO, CPVC, SOLDÁVEL, DN22MM, INSTALADO EM RAMAL OU SUB-RAMAL DE ÁGUA   FORNECIMENTO E INSTALAÇÃO. AF_06/2022","UN",17.95]
[89666,"BUCHA DE REDUÇÃO, CPVC, SOLDÁVEL, DN22MM X 15MM, INSTALADO EM RAMAL OU SUB-RAMAL DE ÁGUA   FORNECIMENTO E INSTALAÇÃO. AF_06/2022","UN",7.72]
[89667,"TÊ DE INSPEÇÃO, PVC, SERIE R, ÁGUA PLUVIAL, DN 75 MM, JUNTA ELÁSTICA, FORNECIDO E INSTALADO EM CONDUTORES VERTICAIS DE ÁGUAS PLUVIAIS. AF_06/2022","UN",43.18]
[89668,"CONECTOR, CPVC, SOLDÁVEL, DN22MM X 3/4\", INSTALADO EM RAMAL OU SUB-RAMAL DE ÁGUA - FORNECIMENTO E INSTALAÇÃO. AF_06/2022","UN",30.67]
[89669,"LUVA SIMPLES, PVC, SERIE R, ÁGUA PLUVIAL, DN 100 MM, JUNTA ELÁSTICA, FORNECIDO E INSTALADO EM CONDUTORES VERTICAIS DE ÁGUAS PLUVIAIS. AF_06/2022","UN",33.22]
[89670,"LUVA, CPVC, SOLDÁVEL, DN 28MM, INSTALADO EM RAMAL OU SUB-RAMAL DE ÁGUA   FORNECIMENTO E INSTALAÇÃO. AF_06/2022","UN",14.9]
[89671,"LUVA DE CORRER, PVC, SERIE R, ÁGUA PLUVIAL, DN 100 MM, JUNTA ELÁSTICA, FORNECIDO E INSTALADO EM CONDUTORES VERTICAIS DE ÁGUAS PLUVIAIS. AF_06/2022","UN",44.35]
[89672,"LUVA DE CORRER, CPVC, SOLDÁVEL, DN 28MM, INSTALADO EM RAMAL OU SUB-RAMAL DE ÁGUA   FORNECIMENTO E INSTALAÇÃO. AF_06/2022","UN",24.91]
[89673,"REDUÇÃO EXCÊNTRICA, PVC, SERIE R, ÁGUA PLUVIAL, DN 100 X 75 MM, JUNTA ELÁSTICA, FORNECIDO E INSTALADO EM CONDUTORES VERTICAIS DE ÁGUAS PLUVIAIS. AF_06/2022","UN",35.19]
[89674,"UNIÃO, CPVC, SOLDÁVEL, DN28MM, INSTALADO EM RAMAL OU SUB-RAMAL DE ÁGUA   FORNECIMENTO E INSTALAÇÃO. AF_06/2022","UN",32.14]
[89675,"TÊ DE INSPEÇÃO, PVC, SERIE R, ÁGUA PLUVIAL, DN 100 MM, JUNTA ELÁSTICA, FORNECIDO E INSTALADO EM CONDUTORES VERTICAIS DE ÁGUAS PLUVIAIS. AF_06/2022","UN",70.56]
[89676,"CONECTOR, CPVC, SOLDÁVEL, DN 28MM X 1 , INSTALADO EM RAMAL OU SUB-RAMAL DE ÁGUA   FORNECIMENTO E INSTALAÇÃO. AF_06/2022","UN",38.65]
[89677,"LUVA SIMPLES, PVC, SERIE R, ÁGUA PLUVIAL, DN 150 MM, JUNTA ELÁSTICA, FORNECIDO E INSTALADO EM CONDUTORES VERTICAIS DE ÁGUAS PLUVIAIS. AF_06/2022","UN",76.86]
[89678,"BUCHA DE REDUÇÃO, CPVC, SOLDÁVEL, DN28MM X 22MM, INSTALADO EM RAMAL OU SUB-RAMAL DE ÁGUA   FORNECIMENTO E INSTALAÇÃO. AF_06/2022","UN",12.67]
[89679,"LUVA DE CORRER, PVC, SERIE R, ÁGUA PLUVIAL, DN 150 MM, JUNTA ELÁSTICA, FORNECIDO E INSTALADO EM CONDUTORES VERTICAIS DE ÁGUAS PLUVIAIS. AF_06/2022","UN",121.79]
[89680,"LUVA, CPVC, SOLDÁVEL, DN 35MM, INSTALADO EM RAMAL OU SUB-RAMAL DE ÁGUA   FORNECIMENTO E INSTALAÇÃO. AF_06/2022","UN",23.74]
[89681,"REDUÇÃO EXCÊNTRICA, PVC, SERIE R, ÁGUA PLUVIAL, DN 150 X 100 MM, JUNTA ELÁSTICA, FORNECIDO E INSTALADO EM CONDUTORES VERTICAIS DE ÁGUAS PLUVIAIS. AF_06/2022","UN",88.69]
[89682,"LUVA DE CORRER, CPVC, SOLDÁVEL, DN 35MM, INSTALADO EM RAMAL OU SUB-RAMAL DE ÁGUA   FORNECIMENTO E INSTALAÇÃO. AF_06/2022","UN",33.18]
[89683,"TÊ DE INSPEÇÃO, PVC, SERIE R, ÁGUA PLUVIAL, DN 150 X 100 MM, JUNTA ELÁSTICA, FORNECIDO E INSTALADO EM CONDUTORES VERTICAIS DE ÁGUAS PLUVIAIS. AF_06/2022","UN",277.28]
[89684,"UNIÃO, CPVC, SOLDÁVEL, DN35MM, INSTALADO EM RAMAL OU SUB-RAMAL DE ÁGUA   FORNECIMENTO E INSTALAÇÃO. AF_06/2022","UN",46.7]
[89685,"JUNÇÃO SIMPLES, PVC, SERIE R, ÁGUA PLUVIAL, DN 75 X 75 MM, JUNTA ELÁSTICA, FORNECIDO E INSTALADO EM CONDUTORES VERTICAIS DE ÁGUAS PLUVIAIS. AF_06/2022","UN",60.26]
[89686,"CONECTOR, CPVC, SOLDÁVEL, DN 35MM X 1 1/4 , INSTALADO EM RAMAL OU SUB-RAMAL DE ÁGUA   FORNECIMENTO E INSTALAÇÃO. AF_06/2022","UN",59.18]
[89687,"TÊ, PVC, SERIE R, ÁGUA PLUVIAL, DN 75 X 75 MM, JUNTA ELÁSTICA, FORNECIDO E INSTALADO EM CONDUTORES VERTICAIS DE ÁGUAS PLUVIAIS. AF_06/2022","UN",51.95]
[89689,"BUCHA DE REDUÇÃO, CPVC, SOLDÁVEL, DN35MM X 28MM, INSTALADO EM RAMAL OU SUB-RAMAL DE ÁGUA   FORNECIMENTO E INSTALAÇÃO. AF_06/2022","UN",39.52]
[89690,"JUNÇÃO SIMPLES, PVC, SERIE R, ÁGUA PLUVIAL, DN 100 X 100 MM, JUNTA ELÁSTICA, FORNECIDO E INSTALADO EM CONDUTORES VERTICAIS DE ÁGUAS PLUVIAIS. AF_06/2022","UN",88.29]
[89691,"TE, CPVC, SOLDÁVEL, DN 15MM, INSTALADO EM RAMAL OU SUB-RAMAL DE ÁGUA - FORNECIMENTO E INSTALAÇÃO. AF_06/2022","UN",14.09]
[89692,"JUNÇÃO SIMPLES, PVC, SERIE R, ÁGUA PLUVIAL, DN 100 X 75 MM, JUNTA ELÁSTICA, FORNECIDO E INSTALADO EM CONDUTORES VERTICAIS DE ÁGUAS PLUVIAIS. AF_06/2022","UN",99.94]
[89693,"TÊ, PVC, SERIE R, ÁGUA PLUVIAL, DN 100 X 100 MM, JUNTA ELÁSTICA, FORNECIDO E INSTALADO EM CONDUTORES VERTICAIS DE ÁGUAS PLUVIAIS. AF_06/2022","UN",77.82]
[89694,"TE DE TRANSIÇÃO, CPVC, SOLDÁVEL, DN 15MM X 1/2 , INSTALADO EM RAMAL OU SUB-RAMAL DE ÁGUA   FORNECIMENTO E INSTALAÇÃO. AF_06/2022","UN",20.93]
[89695,"TÊ MISTURADOR, CPVC, SOLDÁVEL, DN15MM, INSTALADO EM RAMAL OU SUB-RAMAL DE ÁGUA   FORNECIMENTO E INSTALAÇÃO. AF_06/2022","UN",17.77]
[89696,"TÊ, PVC, SERIE R, ÁGUA PLUVIAL, DN 100 X 75 MM, JUNTA ELÁSTICA, FORNECIDO E INSTALADO EM CONDUTORES VERTICAIS DE ÁGUAS PLUVIAIS. AF_06/2022","UN",83]
[89697,"TE, CPVC, SOLDÁVEL, DN 22MM, INSTALADO EM RAMAL OU SUB-RAMAL DE ÁGUA - FORNECIMENTO E INSTALAÇÃO. AF_06/2022","UN",18.5]
[89698,"JUNÇÃO SIMPLES, PVC, SERIE R, ÁGUA PLUVIAL, DN 150 X 150 MM, JUNTA ELÁSTICA, FORNECIDO E INSTALADO EM CONDUTORES VERTICAIS DE ÁGUAS PLUVIAIS. AF_06/2022","UN",260.92]
[89699,"JUNÇÃO SIMPLES, PVC, SERIE R, ÁGUA PLUVIAL, DN 150 X 100 MM, JUNTA ELÁSTICA, FORNECIDO E INSTALADO EM CONDUTORES VERTICAIS DE ÁGUAS PLUVIAIS. AF_06/2022","UN",197.14]
[89700,"TE DE TRANSIÇÃO, CPVC, SOLDÁVEL, DN 22MM X 1/2 , INSTALADO EM RAMAL OU SUB-RAMAL DE ÁGUA   FORNECIMENTO E INSTALAÇÃO. AF_06/2022","UN",23.99]
[89701,"TÊ, PVC, SERIE R, ÁGUA PLUVIAL, DN 150 X 150 MM, JUNTA ELÁSTICA, FORNECIDO E INSTALADO EM CONDUTORES VERTICAIS DE ÁGUAS PLUVIAIS. AF_06/2022","UN",193.7]
[89702,"TÊ MISTURADOR, CPVC, SOLDÁVEL, DN22MM, INSTALADO EM RAMAL OU SUB-RAMAL DE ÁGUA   FORNECIMENTO E INSTALAÇÃO. AF_06/2022","UN",22.98]
[89703,"TE MISTURADOR DE TRANSIÇÃO, CPVC, SOLDÁVEL, DN 22MM X 3/4\", INSTALADO EM RAMAL OU SUB-RAMAL DE ÁGUA - FORNECIMENTO E INSTALAÇÃO. AF_06/2022","UN",49.97]
[89704,"TÊ, PVC, SERIE R, ÁGUA PLUVIAL, DN 150 X 100 MM, JUNTA ELÁSTICA, FORNECIDO E INSTALADO EM CONDUTORES VERTICAIS DE ÁGUAS PLUVIAIS. AF_06/2022","UN",149.76]
[89705,"TÊ, CPVC, SOLDÁVEL, DN28MM, INSTALADO EM RAMAL OU SUB-RAMAL DE ÁGUA   FORNECIMENTO E INSTALAÇÃO. AF_06/2022","UN",26.77]
[89706,"TÊ, CPVC, SOLDÁVEL, DN35MM, INSTALADO EM RAMAL OU SUB-RAMAL DE ÁGUA   FORNECIMENTO E INSTALAÇÃO. AF_06/2022","UN",59.07]
[89718,"TUBO, CPVC, SOLDÁVEL, DN 35MM, INSTALADO EM RAMAL DE DISTRIBUIÇÃO DE ÁGUA   FORNECIMENTO E INSTALAÇÃO. AF_06/2022","M",56.25]
[89719,"JOELHO 90 GRAUS, CPVC, SOLDÁVEL, DN 22MM, INSTALADO EM RAMAL DE DISTRIBUIÇÃO DE ÁGUA   FORNECIMENTO E INSTALAÇÃO. AF_06/2022","UN",13.47]
[89720,"JOELHO 45 GRAUS, CPVC, SOLDÁVEL, DN 22MM, INSTALADO EM RAMAL DE DISTRIBUIÇÃO DE ÁGUA   FORNECIMENTO E INSTALAÇÃO. AF_06/2022","UN",15.15]
[89721,"CURVA 90 GRAUS, CPVC, SOLDÁVEL, DN 22MM, INSTALADO EM RAMAL DE DISTRIBUIÇÃO DE ÁGUA - FORNECIMENTO E INSTALAÇÃO. AF_06/2022","UN",16.49]
[89723,"JOELHO 90 GRAUS, CPVC, SOLDÁVEL, DN 28MM, INSTALADO EM RAMAL DE DISTRIBUIÇÃO DE ÁGUA   FORNECIMENTO E INSTALAÇÃO. AF_06/2022","UN",20.69]
[89724,"JOELHO 90 GRAUS, PVC, SERIE NORMAL, ESGOTO PREDIAL, DN 40 MM, JUNTA SOLDÁVEL, FORNECIDO E INSTALADO EM RAMAL DE DESCARGA OU RAMAL DE ESGOTO SANITÁRIO. AF_08/2022","UN",10.08]
[89725,"JOELHO 45 GRAUS, CPVC, SOLDÁVEL, DN 28MM, INSTALADO EM RAMAL DE DISTRIBUIÇÃO DE ÁGUA   FORNECIMENTO E INSTALAÇÃO. AF_06/2022","UN",20]
[89726,"JOELHO 45 GRAUS, PVC, SERIE NORMAL, ESGOTO PREDIAL, DN 40 MM, JUNTA SOLDÁVEL, FORNECIDO E INSTALADO EM RAMAL DE DESCARGA OU RAMAL DE ESGOTO SANITÁRIO. AF_08/2022","UN",10.31]
[89727,"CURVA 90 GRAUS, CPVC, SOLDÁVEL, DN 28MM, INSTALADO EM RAMAL DE DISTRIBUIÇÃO DE ÁGUA   FORNECIMENTO E INSTALAÇÃO. AF_06/2022","UN",25.23]
[89728,"CURVA CURTA 90 GRAUS, PVC, SERIE NORMAL, ESGOTO PREDIAL, DN 40 MM, JUNTA SOLDÁVEL, FORNECIDO E INSTALADO EM RAMAL DE DESCARGA OU RAMAL DE ESGOTO SANITÁRIO. AF_08/2022","UN",13.01]
[89729,"JOELHO 90 GRAUS, CPVC, SOLDÁVEL, DN 35MM, INSTALADO EM RAMAL DE DISTRIBUIÇÃO DE ÁGUA   FORNECIMENTO E INSTALAÇÃO. AF_06/2022","UN",30.77]
[89730,"CURVA LONGA 90 GRAUS, PVC, SERIE NORMAL, ESGOTO PREDIAL, DN 40 MM, JUNTA SOLDÁVEL, FORNECIDO E INSTALADO EM RAMAL DE DESCARGA OU RAMAL DE ESGOTO SANITÁRIO. AF_08/2022","UN",14.92]
[89731,"JOELHO 90 GRAUS, PVC, SERIE NORMAL, ESGOTO PREDIAL, DN 50 MM, JUNTA ELÁSTICA, FORNECIDO E INSTALADO EM RAMAL DE DESCARGA OU RAMAL DE ESGOTO SANITÁRIO. AF_08/2022","UN",14.72]
[89732,"JOELHO 45 GRAUS, PVC, SERIE NORMAL, ESGOTO PREDIAL, DN 50 MM, JUNTA ELÁSTICA, FORNECIDO E INSTALADO EM RAMAL DE DESCARGA OU RAMAL DE ESGOTO SANITÁRIO. AF_08/2022","UN",15.45]
[89733,"CURVA CURTA 90 GRAUS, PVC, SERIE NORMAL, ESGOTO PREDIAL, DN 50 MM, JUNTA ELÁSTICA, FORNECIDO E INSTALADO EM RAMAL DE DESCARGA OU RAMAL DE ESGOTO SANITÁRIO. AF_08/2022","UN",23.21]
[89734,"JOELHO 45 GRAUS, CPVC, SOLDÁVEL, DN 35MM, INSTALADO EM RAMAL DE DISTRIBUIÇÃO DE ÁGUA   FORNECIMENTO E INSTALAÇÃO. AF_06/2022","UN",29.05]
[89735,"CURVA LONGA 90 GRAUS, PVC, SERIE NORMAL, ESGOTO PREDIAL, DN 50 MM, JUNTA ELÁSTICA, FORNECIDO E INSTALADO EM RAMAL DE DESCARGA OU RAMAL DE ESGOTO SANITÁRIO. AF_08/2022","UN",25.4]
[89736,"LUVA, CPVC, SOLDÁVEL, DN 22MM, INSTALADO EM RAMAL DE DISTRIBUIÇÃO DE ÁGUA   FORNECIMENTO E INSTALAÇÃO. AF_06/2022","UN",9.52]
[89737,"JOELHO 90 GRAUS, PVC, SERIE NORMAL, ESGOTO PREDIAL, DN 75 MM, JUNTA ELÁSTICA, FORNECIDO E INSTALADO EM RAMAL DE DESCARGA OU RAMAL DE ESGOTO SANITÁRIO. AF_08/2022","UN",22.44]
[89738,"LUVA DE CORRER, CPVC, SOLDÁVEL, DN 22MM, INSTALADO EM RAMAL DE DISTRIBUIÇÃO DE ÁGUA   FORNECIMENTO E INSTALAÇÃO. AF_12/2014","UN",17.57]
[89739,"JOELHO 45 GRAUS, PVC, SERIE NORMAL, ESGOTO PREDIAL, DN 75 MM, JUNTA ELÁSTICA, FORNECIDO E INSTALADO EM RAMAL DE DESCARGA OU RAMAL DE ESGOTO SANITÁRIO. AF_08/2022","UN",23.42]
[89740,"LUVA DE TRANSIÇÃO, CPVC, SOLDÁVEL, DN 22MM X 25MM, INSTALADO EM RAMAL DE DISTRIBUIÇÃO DE ÁGUA   FORNECIMENTO E INSTALAÇÃO. AF_06/2022","UN",9.66]
[89741,"UNIÃO, CPVC, SOLDÁVEL, DN 22MM, INSTALADO EM RAMAL DE DISTRIBUIÇÃO DE ÁGUA   FORNECIMENTO E INSTALAÇÃO. AF_06/2022","UN",24.17]
[89742,"CURVA CURTA 90 GRAUS, PVC, SERIE NORMAL, ESGOTO PREDIAL, DN 75 MM, JUNTA ELÁSTICA, FORNECIDO E INSTALADO EM RAMAL DE DESCARGA OU RAMAL DE ESGOTO SANITÁRIO. AF_08/2022","UN",39.58]
[89743,"CURVA LONGA 90 GRAUS, PVC, SERIE NORMAL, ESGOTO PREDIAL, DN 75 MM, JUNTA ELÁSTICA, FORNECIDO E INSTALADO EM RAMAL DE DESCARGA OU RAMAL DE ESGOTO SANITÁRIO. AF_08/2022","UN",60.24]
[89744,"JOELHO 90 GRAUS, PVC, SERIE NORMAL, ESGOTO PREDIAL, DN 100 MM, JUNTA ELÁSTICA, FORNECIDO E INSTALADO EM RAMAL DE DESCARGA OU RAMAL DE ESGOTO SANITÁRIO. AF_08/2022","UN",27.45]
[89746,"JOELHO 45 GRAUS, PVC, SERIE NORMAL, ESGOTO PREDIAL, DN 100 MM, JUNTA ELÁSTICA, FORNECIDO E INSTALADO EM RAMAL DE DESCARGA OU RAMAL DE ESGOTO SANITÁRIO. AF_08/2022","UN",28.29]
[89747,"ADAPTADOR, CPVC, SOLDÁVEL, DN 22MM, INSTALADO EM RAMAL DE DISTRIBUIÇÃO DE ÁGUA   FORNECIMENTO E INSTALAÇÃO. AF_06/2022","UN",30.96]
[89748,"CURVA CURTA 90 GRAUS, PVC, SERIE NORMAL, ESGOTO PREDIAL, DN 100 MM, JUNTA ELÁSTICA, FORNECIDO E INSTALADO EM RAMAL DE DESCARGA OU RAMAL DE ESGOTO SANITÁRIO. AF_08/2022","UN",42.54]
[89749,"CURVA DE TRANSPOSIÇÃO, CPVC, SOLDÁVEL, DN 22MM, INSTALADO EM RAMAL DE DISTRIBUIÇÃO DE ÁGUA   FORNECIMENTO E INSTALAÇÃO. AF_06/2022","UN",17.49]
[89750,"CURVA LONGA 90 GRAUS, PVC, SERIE NORMAL, ESGOTO PREDIAL, DN 100 MM, JUNTA ELÁSTICA, FORNECIDO E INSTALADO EM RAMAL DE DESCARGA OU RAMAL DE ESGOTO SANITÁRIO. AF_08/2022","UN",77.72]
[89752,"LUVA SIMPLES, PVC, SERIE NORMAL, ESGOTO PREDIAL, DN 40 MM, JUNTA SOLDÁVEL, FORNECIDO E INSTALADO EM RAMAL DE DESCARGA OU RAMAL DE ESGOTO SANITÁRIO. AF_08/2022","UN",7.6]
[89753,"LUVA SIMPLES, PVC, SERIE NORMAL, ESGOTO PREDIAL, DN 50 MM, JUNTA ELÁSTICA, FORNECIDO E INSTALADO EM RAMAL DE DESCARGA OU RAMAL DE ESGOTO SANITÁRIO. AF_08/2022","UN",9.19]
[89754,"LUVA DE CORRER, PVC, SERIE NORMAL, ESGOTO PREDIAL, DN 50 MM, JUNTA ELÁSTICA, FORNECIDO E INSTALADO EM RAMAL DE DESCARGA OU RAMAL DE ESGOTO SANITÁRIO. AF_08/2022","UN",20.82]
[89755,"LUVA, CPVC, SOLDÁVEL, DN 28MM, INSTALADO EM RAMAL DE DISTRIBUIÇÃO DE ÁGUA   FORNECIMENTO E INSTALAÇÃO. AF_06/2022","UN",14.36]
[89756,"LUVA DE CORRER, CPVC, SOLDÁVEL, DN 28MM, INSTALADO EM RAMAL DE DISTRIBUIÇÃO DE ÁGUA   FORNECIMENTO E INSTALAÇÃO. AF_06/2022","UN",24.37]
[89757,"UNIÃO, CPVC, SOLDÁVEL, DN 28MM, INSTALADO EM RAMAL DE DISTRIBUIÇÃO DE ÁGUA   FORNECIMENTO E INSTALAÇÃO. AF_06/2022","UN",31.6]
[89758,"CONECTOR, CPVC, SOLDÁVEL, DN 28MM X 1 , INSTALADO EM RAMAL DE DISTRIBUIÇÃO DE ÁGUA   FORNECIMENTO E INSTALAÇÃO. AF_06/2022","UN",38.66]
[89759,"BUCHA DE REDUÇÃO, CPVC, SOLDÁVEL, DN 28MM X 22MM, INSTALADO EM RAMAL DE DISTRIBUIÇÃO DE ÁGUA - FORNECIMENTO E INSTALAÇÃO. AF_06/2022","UN",12.16]
[89760,"LUVA, CPVC, SOLDÁVEL, DN 35MM, INSTALADO EM RAMAL DE DISTRIBUIÇÃO DE ÁGUA - FORNECIMENTO E INSTALAÇÃO. AF_06/2022","UN",23.11]
[89761,"LUVA DE CORRER, CPVC, SOLDÁVEL, DN 35MM, INSTALADO EM RAMAL DE DISTRIBUIÇÃO DE ÁGUA - FORNECIMENTO E INSTALAÇÃO. AF_06/2022","UN",32.55]
[89762,"UNIÃO, CPVC, SOLDÁVEL, DN35MM, INSTALADO EM RAMAL DE DISTRIBUIÇÃO DE ÁGUA - FORNECIMENTO E INSTALAÇÃO. AF_06/2022","UN",46.07]
[89763,"CONECTOR, CPVC, SOLDÁVEL, DN 35MM X 1 1/4 , INSTALADO EM RAMAL DE DISTRIBUIÇÃO DE ÁGUA - FORNECIMENTO E INSTALAÇÃO. AF_06/2022","UN",58.56]
[89764,"BUCHA DE REDUÇÃO, CPVC, SOLDÁVEL, DN35MM X 28MM, INSTALADO EM RAMAL DE DISTRIBUIÇÃO DE ÁGUA - FORNECIMENTO E INSTALAÇÃO. AF_06/2022","UN",38.93]
[89765,"TE, CPVC, SOLDÁVEL, DN 22MM, INSTALADO EM RAMAL DE DISTRIBUIÇÃO DE ÁGUA - FORNECIMENTO E INSTALAÇÃO. AF_06/2022","UN",17.57]
[89767,"TÊ MISTURADOR, CPVC, SOLDÁVEL, DN 22MM, INSTALADO EM RAMAL DE DISTRIBUIÇÃO DE ÁGUA - FORNECIMENTO E INSTALAÇÃO. AF_06/2022","UN",22.05]
[89768,"TÊ, CPVC, SOLDÁVEL, DN 28MM, INSTALADO EM RAMAL DE DISTRIBUIÇÃO DE ÁGUA - FORNECIMENTO E INSTALAÇÃO. AF_06/2022","UN",25.7]
[89769,"TÊ, CPVC, SOLDÁVEL, DN35MM, INSTALADO EM RAMAL DE DISTRIBUIÇÃO DE ÁGUA - FORNECIMENTO E INSTALAÇÃO. AF_06/2022","UN",57.81]
[89772,"TUBO, CPVC, SOLDÁVEL, DN 54MM, INSTALADO EM PRUMADA DE ÁGUA   FORNECIMENTO E INSTALAÇÃO. AF_06/2022","M",93.52]
[89774,"LUVA SIMPLES, PVC, SERIE NORMAL, ESGOTO PREDIAL, DN 75 MM, JUNTA ELÁSTICA, FORNECIDO E INSTALADO EM RAMAL DE DESCARGA OU RAMAL DE ESGOTO SANITÁRIO. AF_08/2022","UN",15.52]
[89776,"LUVA DE CORRER, PVC, SERIE NORMAL, ESGOTO PREDIAL, DN 75 MM, JUNTA ELÁSTICA, FORNECIDO E INSTALADO EM RAMAL DE DESCARGA OU RAMAL DE ESGOTO SANITÁRIO. AF_08/2022","UN",25.46]
[89777,"JOELHO 90 GRAUS, CPVC, SOLDÁVEL, DN 35MM, INSTALADO EM PRUMADA DE ÁGUA   FORNECIMENTO E INSTALAÇÃO. AF_06/2022","UN",27.04]
[89778,"LUVA SIMPLES, PVC, SERIE NORMAL, ESGOTO PREDIAL, DN 100 MM, JUNTA ELÁSTICA, FORNECIDO E INSTALADO EM RAMAL DE DESCARGA OU RAMAL DE ESGOTO SANITÁRIO. AF_08/2022","UN",17.92]
[89779,"LUVA DE CORRER, PVC, SERIE NORMAL, ESGOTO PREDIAL, DN 100 MM, JUNTA ELÁSTICA, FORNECIDO E INSTALADO EM RAMAL DE DESCARGA OU RAMAL DE ESGOTO SANITÁRIO. AF_08/2022","UN",34.67]
[89780,"JOELHO 45 GRAUS, CPVC, SOLDÁVEL, DN 35MM, INSTALADO EM PRUMADA DE ÁGUA - FORNECIMENTO E INSTALAÇÃO. AF_06/2022","UN",25.32]
[89781,"JOELHO 90 GRAUS, CPVC, SOLDÁVEL, DN 42MM, INSTALADO EM PRUMADA DE ÁGUA   FORNECIMENTO E INSTALAÇÃO. AF_06/2022","UN",38.29]
[89782,"TE, PVC, SERIE NORMAL, ESGOTO PREDIAL, DN 40 X 40 MM, JUNTA SOLDÁVEL, FORNECIDO E INSTALADO EM RAMAL DE DESCARGA OU RAMAL DE ESGOTO SANITÁRIO. AF_08/2022","UN",14.67]
[89783,"JUNÇÃO SIMPLES, PVC, SERIE NORMAL, ESGOTO PREDIAL, DN 40 MM, JUNTA SOLDÁVEL, FORNECIDO E INSTALADO EM RAMAL DE DESCARGA OU RAMAL DE ESGOTO SANITÁRIO. AF_08/2022","UN",14.77]
[89784,"TE, PVC, SERIE NORMAL, ESGOTO PREDIAL, DN 50 X 50 MM, JUNTA ELÁSTICA, FORNECIDO E INSTALADO EM RAMAL DE DESCARGA OU RAMAL DE ESGOTO SANITÁRIO. AF_08/2022","UN",23.96]
[89785,"JUNÇÃO SIMPLES, PVC, SERIE NORMAL, ESGOTO PREDIAL, DN 50 X 50 MM, JUNTA ELÁSTICA, FORNECIDO E INSTALADO EM RAMAL DE DESCARGA OU RAMAL DE ESGOTO SANITÁRIO. AF_08/2022","UN",26.31]
[89786,"TE, PVC, SERIE NORMAL, ESGOTO PREDIAL, DN 75 X 75 MM, JUNTA ELÁSTICA, FORNECIDO E INSTALADO EM RAMAL DE DESCARGA OU RAMAL DE ESGOTO SANITÁRIO. AF_08/2022","UN",38.59]
[89787,"JOELHO 45 GRAUS, CPVC, SOLDÁVEL, DN 42MM, INSTALADO EM PRUMADA DE ÁGUA   FORNECIMENTO E INSTALAÇÃO. AF_06/2022","UN",37.87]
[89788,"JOELHO 90 GRAUS, CPVC, SOLDÁVEL, DN 54MM, INSTALADO EM PRUMADA DE ÁGUA   FORNECIMENTO E INSTALAÇÃO. AF_06/2022","UN",82.98]
[89789,"JOELHO 45 GRAUS, CPVC, SOLDÁVEL, DN 54MM, INSTALADO EM PRUMADA DE ÁGUA   FORNECIMENTO E INSTALAÇÃO. AF_06/2022","UN",70.46]
[89790,"JOELHO 90 GRAUS, CPVC, SOLDÁVEL, DN 73MM, INSTALADO EM PRUMADA DE ÁGUA   FORNECIMENTO E INSTALAÇÃO. AF_06/2022","UN",165.59]
[89791,"JOELHO 45 GRAUS, CPVC, SOLDÁVEL, DN 73MM, INSTALADO EM PRUMADA DE ÁGUA   FORNECIMENTO E INSTALAÇÃO. AF_06/2022","UN",159.93]
[89792,"JOELHO 90 GRAUS, CPVC, SOLDÁVEL, DN 89MM, INSTALADO EM PRUMADA DE ÁGUA   FORNECIMENTO E INSTALAÇÃO. AF_06/2022","UN",196.2]
[89793,"JOELHO 45 GRAUS, CPVC, SOLDÁVEL, DN 89MM, INSTALADO EM PRUMADA DE ÁGUA   FORNECIMENTO E INSTALAÇÃO. AF_06/2022","UN",231.44]
[89794,"LUVA, CPVC, SOLDÁVEL, DN 35MM, INSTALADO EM PRUMADA DE ÁGUA   FORNECIMENTO E INSTALAÇÃO. AF_06/2022","UN",20.64]
[89795,"JUNÇÃO SIMPLES, PVC, SERIE NORMAL, ESGOTO PREDIAL, DN 75 X 75 MM, JUNTA ELÁSTICA, FORNECIDO E INSTALADO EM RAMAL DE DESCARGA OU RAMAL DE ESGOTO SANITÁRIO. AF_08/2022","UN",40.67]
[89796,"TE, PVC, SERIE NORMAL, ESGOTO PREDIAL, DN 100 X 100 MM, JUNTA ELÁSTICA, FORNECIDO E INSTALADO EM RAMAL DE DESCARGA OU RAMAL DE ESGOTO SANITÁRIO. AF_08/2022","UN",43.24]
[89797,"JUNÇÃO SIMPLES, PVC, SERIE NORMAL, ESGOTO PREDIAL, DN 100 X 100 MM, JUNTA ELÁSTICA, FORNECIDO E INSTALADO EM RAMAL DE DESCARGA OU RAMAL DE ESGOTO SANITÁRIO. AF_08/2022","UN",51.31]
[89801,"JOELHO 90 GRAUS, PVC, SERIE NORMAL, ESGOTO PREDIAL, DN 50 MM, JUNTA ELÁSTICA, FORNECIDO E INSTALADO EM PRUMADA DE ESGOTO SANITÁRIO OU VENTILAÇÃO. AF_08/2022","UN",9.9]
[89802,"JOELHO 45 GRAUS, PVC, SERIE NORMAL, ESGOTO PREDIAL, DN 50 MM, JUNTA ELÁSTICA, FORNECIDO E INSTALADO EM PRUMADA DE ESGOTO SANITÁRIO OU VENTILAÇÃO. AF_08/2022","UN",10.63]
[89803,"CURVA CURTA 90 GRAUS, PVC, SERIE NORMAL, ESGOTO PREDIAL, DN 50 MM, JUNTA ELÁSTICA, FORNECIDO E INSTALADO EM PRUMADA DE ESGOTO SANITÁRIO OU VENTILAÇÃO. AF_08/2022","UN",18.39]
[89804,"CURVA LONGA 90 GRAUS, PVC, SERIE NORMAL, ESGOTO PREDIAL, DN 50 MM, JUNTA ELÁSTICA, FORNECIDO E INSTALADO EM PRUMADA DE ESGOTO SANITÁRIO OU VENTILAÇÃO. AF_08/2022","UN",20.58]
[89805,"JOELHO 90 GRAUS, PVC, SERIE NORMAL, ESGOTO PREDIAL, DN 75 MM, JUNTA ELÁSTICA, FORNECIDO E INSTALADO EM PRUMADA DE ESGOTO SANITÁRIO OU VENTILAÇÃO. AF_08/2022","UN",20.6]
[89806,"JOELHO 45 GRAUS, PVC, SERIE NORMAL, ESGOTO PREDIAL, DN 75 MM, JUNTA ELÁSTICA, FORNECIDO E INSTALADO EM PRUMADA DE ESGOTO SANITÁRIO OU VENTILAÇÃO. AF_08/2022","UN",21.58]
[89807,"CURVA CURTA 90 GRAUS, PVC, SERIE NORMAL, ESGOTO PREDIAL, DN 75 MM, JUNTA ELÁSTICA, FORNECIDO E INSTALADO EM PRUMADA DE ESGOTO SANITÁRIO OU VENTILAÇÃO. AF_08/2022","UN",37.74]
[89808,"CURVA LONGA 90 GRAUS, PVC, SERIE NORMAL, ESGOTO PREDIAL, DN 75 MM, JUNTA ELÁSTICA, FORNECIDO E INSTALADO EM PRUMADA DE ESGOTO SANITÁRIO OU VENTILAÇÃO. AF_08/2022","UN",58.4]
[89809,"JOELHO 90 GRAUS, PVC, SERIE NORMAL, ESGOTO PREDIAL, DN 100 MM, JUNTA ELÁSTICA, FORNECIDO E INSTALADO EM PRUMADA DE ESGOTO SANITÁRIO OU VENTILAÇÃO. AF_08/2022","UN",28.59]
[89810,"JOELHO 45 GRAUS, PVC, SERIE NORMAL, ESGOTO PREDIAL, DN 100 MM, JUNTA ELÁSTICA, FORNECIDO E INSTALADO EM PRUMADA DE ESGOTO SANITÁRIO OU VENTILAÇÃO. AF_08/2022","UN",29.43]
[89811,"CURVA CURTA 90 GRAUS, PVC, SERIE NORMAL, ESGOTO PREDIAL, DN 100 MM, JUNTA ELÁSTICA, FORNECIDO E INSTALADO EM PRUMADA DE ESGOTO SANITÁRIO OU VENTILAÇÃO. AF_08/2022","UN",43.68]
[89812,"CURVA LONGA 90 GRAUS, PVC, SERIE NORMAL, ESGOTO PREDIAL, DN 100 MM, JUNTA ELÁSTICA, FORNECIDO E INSTALADO EM PRUMADA DE ESGOTO SANITÁRIO OU VENTILAÇÃO. AF_08/2022","UN",78.86]
[89813,"LUVA SIMPLES, PVC, SERIE NORMAL, ESGOTO PREDIAL, DN 50 MM, JUNTA ELÁSTICA, FORNECIDO E INSTALADO EM PRUMADA DE ESGOTO SANITÁRIO OU VENTILAÇÃO. AF_08/2022","UN",5.9]
[89814,"LUVA DE CORRER, PVC, SERIE NORMAL, ESGOTO PREDIAL, DN 50 MM, JUNTA ELÁSTICA, FORNECIDO E INSTALADO EM PRUMADA DE ESGOTO SANITÁRIO OU VENTILAÇÃO. AF_08/2022","UN",17.61]
[89815,"LUVA DE CORRER, CPVC, SOLDÁVEL, DN 35MM, INSTALADO EM PRUMADA DE ÁGUA   FORNECIMENTO E INSTALAÇÃO. AF_06/2022","UN",30.08]
[89816,"UNIÃO, CPVC, SOLDÁVEL, DN35MM, INSTALADO EM PRUMADA DE ÁGUA   FORNECIMENTO E INSTALAÇÃO. AF_06/2022","UN",43.6]
[89817,"LUVA SIMPLES, PVC, SERIE NORMAL, ESGOTO PREDIAL, DN 75 MM, JUNTA ELÁSTICA, FORNECIDO E INSTALADO EM PRUMADA DE ESGOTO SANITÁRIO OU VENTILAÇÃO. AF_08/2022","UN",14.26]
[89818,"CONECTOR, CPVC, SOLDÁVEL, DN 35MM X 1 1/4 , INSTALADO EM PRUMADA DE ÁGUA   FORNECIMENTO E INSTALAÇÃO. AF_06/2022","UN",56.16]
[89819,"LUVA DE CORRER, PVC, SERIE NORMAL, ESGOTO PREDIAL, DN 75 MM, JUNTA ELÁSTICA, FORNECIDO E INSTALADO EM PRUMADA DE ESGOTO SANITÁRIO OU VENTILAÇÃO. AF_08/2022","UN",24.24]
[89821,"LUVA SIMPLES, PVC, SERIE NORMAL, ESGOTO PREDIAL, DN 100 MM, JUNTA ELÁSTICA, FORNECIDO E INSTALADO EM PRUMADA DE ESGOTO SANITÁRIO OU VENTILAÇÃO. AF_08/2022","UN",18.67]
[89822,"LUVA, CPVC, SOLDÁVEL, DN 42MM, INSTALADO EM PRUMADA DE ÁGUA   FORNECIMENTO E INSTALAÇÃO. AF_06/2022","UN",26.98]
[89823,"LUVA DE CORRER, PVC, SERIE NORMAL, ESGOTO PREDIAL, DN 100 MM, JUNTA ELÁSTICA, FORNECIDO E INSTALADO EM PRUMADA DE ESGOTO SANITÁRIO OU VENTILAÇÃO. AF_08/2022","UN",35.42]
[89824,"LUVA DE CORRER, CPVC, SOLDÁVEL, DN 42MM, INSTALADO EM PRUMADA DE ÁGUA   FORNECIMENTO E INSTALAÇÃO. AF_06/2022","UN",40.86]
[89825,"TE, PVC, SERIE NORMAL, ESGOTO PREDIAL, DN 50 X 50 MM, JUNTA ELÁSTICA, FORNECIDO E INSTALADO EM PRUMADA DE ESGOTO SANITÁRIO OU VENTILAÇÃO. AF_08/2022","UN",17.54]
[89826,"LUVA DE TRANSIÇÃO, CPVC, SOLDÁVEL, DN42MM X 1.1/2 , INSTALADO EM PRUMADA DE ÁGUA   FORNECIMENTO E INSTALAÇÃO. AF_06/2022","UN",132.9]
[89827,"JUNÇÃO SIMPLES, PVC, SERIE NORMAL, ESGOTO PREDIAL, DN 50 X 50 MM, JUNTA ELÁSTICA, FORNECIDO E INSTALADO EM PRUMADA DE ESGOTO SANITÁRIO OU VENTILAÇÃO. AF_08/2022","UN",19.89]
[89828,"UNIÃO, CPVC, SOLDÁVEL, DN42MM, INSTALADO EM PRUMADA DE ÁGUA   FORNECIMENTO E INSTALAÇÃO. AF_06/2022","UN",63.49]
[89829,"TE, PVC, SERIE NORMAL, ESGOTO PREDIAL, DN 75 X 75 MM, JUNTA ELÁSTICA, FORNECIDO E INSTALADO EM PRUMADA DE ESGOTO SANITÁRIO OU VENTILAÇÃO. AF_08/2022","UN",36.15]
[89830,"JUNÇÃO SIMPLES, PVC, SERIE NORMAL, ESGOTO PREDIAL, DN 75 X 75 MM, JUNTA ELÁSTICA, FORNECIDO E INSTALADO EM PRUMADA DE ESGOTO SANITÁRIO OU VENTILAÇÃO. AF_08/2022","UN",38.23]
[89831,"CONECTOR, CPVC, SOLDÁVEL, DN 42MM X 1.1/2 , INSTALADO EM PRUMADA DE ÁGUA   FORNECIMENTO E INSTALAÇÃO. AF_06/2022","UN",67.83]
[89832,"BUCHA DE REDUÇÃO, CPVC, SOLDÁVEL, DN 42MM X 22MM, INSTALADO EM RAMAL DE DISTRIBUIÇÃO DE ÁGUA - FORNECIMENTO E INSTALAÇÃO. AF_06/2022","UN",43.39]
[89833,"TE, PVC, SERIE NORMAL, ESGOTO PREDIAL, DN 100 X 100 MM, JUNTA ELÁSTICA, FORNECIDO E INSTALADO EM PRUMADA DE ESGOTO SANITÁRIO OU VENTILAÇÃO. AF_08/2022","UN",44.75]
[89834,"JUNÇÃO SIMPLES, PVC, SERIE NORMAL, ESGOTO PREDIAL, DN 100 X 100 MM, JUNTA ELÁSTICA, FORNECIDO E INSTALADO EM PRUMADA DE ESGOTO SANITÁRIO OU VENTILAÇÃO. AF_08/2022","UN",52.82]
[89835,"LUVA, CPVC, SOLDÁVEL, DN 54MM, INSTALADO EM PRUMADA DE ÁGUA   FORNECIMENTO E INSTALAÇÃO. AF_06/2022","UN",46.38]
[89836,"LUVA DE TRANSIÇÃO, CPVC, SOLDÁVEL, DN 54MM X 2 , INSTALADO EM PRUMADA DE ÁGUA   FORNECIMENTO E INSTALAÇÃO. AF_06/2022","UN",208.99]
[89837,"UNIÃO, CPVC, SOLDÁVEL, DN 54MM, INSTALADO EM PRUMADA DE ÁGUA   FORNECIMENTO E INSTALAÇÃO. AF_06/2022","UN",140.2]
[89838,"LUVA, CPVC, SOLDÁVEL, DN 73MM, INSTALADO EM PRUMADA DE ÁGUA   FORNECIMENTO E INSTALAÇÃO. AF_06/2022","UN",160.54]
[89839,"UNIÃO, CPVC, SOLDÁVEL, DN 73MM, INSTALADO EM PRUMADA DE ÁGUA   FORNECIMENTO E INSTALAÇÃO. AF_06/2022","UN",182.02]
[89840,"LUVA, CPVC, SOLDÁVEL, DN 89MM, INSTALADO EM PRUMADA DE ÁGUA   FORNECIMENTO E INSTALAÇÃO. AF_06/2022","UN",189.64]
[89841,"UNIÃO, CPVC, SOLDÁVEL, DN 89MM, INSTALADO EM PRUMADA DE ÁGUA   FORNECIMENTO E INSTALAÇÃO. AF_06/2022","UN",276.77]
[89842,"TÊ, CPVC, SOLDÁVEL, DN 35MM, INSTALADO EM PRUMADA DE ÁGUA   FORNECIMENTO E INSTALAÇÃO. AF_06/2022","UN",52.86]
[89844,"TE, CPVC, SOLDÁVEL, DN  42MM, INSTALADO EM PRUMADA DE ÁGUA   FORNECIMENTO E INSTALAÇÃO. AF_06/2022","UN",66.58]
[89845,"TÊ, CPVC, SOLDÁVEL, DN 54 MM, INSTALADO EM PRUMADA DE ÁGUA   FORNECIMENTO E INSTALAÇÃO. AF_06/2022","UN",104.39]
[89846,"TÊ, CPVC, SOLDÁVEL, DN 73MM, INSTALADO EM PRUMADA DE ÁGUA   FORNECIMENTO E INSTALAÇÃO. AF_06/2022","UN",223.03]
[89847,"TÊ, CPVC, SOLDÁVEL, DN 89MM, INSTALADO EM PRUMADA DE ÁGUA   FORNECIMENTO E INSTALAÇÃO. AF_06/2022","UN",266.94]
[89850,"JOELHO 90 GRAUS, PVC, SERIE NORMAL, ESGOTO PREDIAL, DN 100 MM, JUNTA ELÁSTICA, FORNECIDO E INSTALADO EM SUBCOLETOR AÉREO DE ESGOTO SANITÁRIO. AF_08/2022","UN",31.39]
[89851,"JOELHO 45 GRAUS, PVC, SERIE NORMAL, ESGOTO PREDIAL, DN 100 MM, JUNTA ELÁSTICA, FORNECIDO E INSTALADO EM SUBCOLETOR AÉREO DE ESGOTO SANITÁRIO. AF_08/2022","UN",32.23]
[89852,"CURVA CURTA 90 GRAUS, PVC, SERIE NORMAL, ESGOTO PREDIAL, DN 100 MM, JUNTA ELÁSTICA, FORNECIDO E INSTALADO EM SUBCOLETOR AÉREO DE ESGOTO SANITÁRIO. AF_08/2022","UN",46.48]
[89853,"CURVA LONGA 90 GRAUS, PVC, SERIE NORMAL, ESGOTO PREDIAL, DN 100 MM, JUNTA ELÁSTICA, FORNECIDO E INSTALADO EM SUBCOLETOR AÉREO DE ESGOTO SANITÁRIO. AF_08/2022","UN",81.66]
[89854,"JOELHO 90 GRAUS, PVC, SERIE NORMAL, ESGOTO PREDIAL, DN 150 MM, JUNTA ELÁSTICA, FORNECIDO E INSTALADO EM SUBCOLETOR AÉREO DE ESGOTO SANITÁRIO. AF_08/2022","UN",105.61]
[89855,"JOELHO 45 GRAUS, PVC, SERIE NORMAL, ESGOTO PREDIAL, DN 150 MM, JUNTA ELÁSTICA, FORNECIDO E INSTALADO EM SUBCOLETOR AÉREO DE ESGOTO SANITÁRIO. AF_08/2022","UN",110.84]
[89856,"LUVA SIMPLES, PVC, SERIE NORMAL, ESGOTO PREDIAL, DN 100 MM, JUNTA ELÁSTICA, FORNECIDO E INSTALADO EM SUBCOLETOR AÉREO DE ESGOTO SANITÁRIO. AF_08/2022","UN",20.55]
[89857,"LUVA DE CORRER, PVC, SERIE NORMAL, ESGOTO PREDIAL, DN 100 MM, JUNTA ELÁSTICA, FORNECIDO E INSTALADO EM SUBCOLETOR AÉREO DE ESGOTO SANITÁRIO. AF_08/2022","UN",37.29]
[89860,"TE, PVC, SERIE NORMAL, ESGOTO PREDIAL, DN 100 X 100 MM, JUNTA ELÁSTICA, FORNECIDO E INSTALADO EM SUBCOLETOR AÉREO DE ESGOTO SANITÁRIO. AF_08/2022","UN",48.48]
[89861,"JUNÇÃO SIMPLES, PVC, SERIE NORMAL, ESGOTO PREDIAL, DN 100 X 100 MM, JUNTA ELÁSTICA, FORNECIDO E INSTALADO EM SUBCOLETOR AÉREO DE ESGOTO SANITÁRIO. AF_08/2022","UN",56.55]
[89866,"JOELHO 90 GRAUS, PVC, SOLDÁVEL, DN 25MM, INSTALADO EM DRENO DE AR-CONDICIONADO - FORNECIMENTO E INSTALAÇÃO. AF_08/2022","UN",7.04]
[89867,"JOELHO 45 GRAUS, PVC, SOLDÁVEL, DN 25MM, INSTALADO EM DRENO DE AR-CONDICIONADO - FORNECIMENTO E INSTALAÇÃO. AF_08/2022","UN",7.75]
[89868,"LUVA, PVC, SOLDÁVEL, DN 25MM, INSTALADO EM DRENO DE AR-CONDICIONADO - FORNECIMENTO E INSTALAÇÃO. AF_08/2022","UN",5.41]
[89869,"TE, PVC, SOLDÁVEL, DN 25MM, INSTALADO EM DRENO DE AR-CONDICIONADO - FORNECIMENTO E INSTALAÇÃO. AF_08/2022","UN",9.82]
[89979,"LUVA COM BUCHA DE LATÃO, PVC, SOLDÁVEL, DN 32MM X 1 , INSTALADO EM RAMAL OU SUB-RAMAL DE ÁGUA   FORNECIMENTO E INSTALAÇÃO. AF_06/2022","UN",22.72]
[89981,"LUVA SOLDÁVEL E COM BUCHA DE LATÃO, PVC, SOLDÁVEL, DN 32MM X 1 , INSTALADO EM PRUMADA DE ÁGUA   FORNECIMENTO E INSTALAÇÃO. AF_06/2022","UN",19.92]
[90373,"JOELHO 90 GRAUS COM BUCHA DE LATÃO, PVC, SOLDÁVEL, DN 25MM, X 1/2  INSTALADO EM RAMAL OU SUB-RAMAL DE ÁGUA - FORNECIMENTO E INSTALAÇÃO. AF_06/2022","UN",12.17]
[90374,"TÊ COM BUCHA DE LATÃO NA BOLSA CENTRAL, PVC, SOLDÁVEL, DN 25MM X 3/4 , INSTALADO EM RAMAL OU SUB-RAMAL DE ÁGUA - FORNECIMENTO E INSTALAÇÃO. AF_06/2022","UN",20.63]
[92287,"COTOVELO EM COBRE, DN 22 MM, 90 GRAUS, SEM ANEL DE SOLDA, INSTALADO EM PRUMADA DE HIDRÁULICA PREDIAL - FORNECIMENTO E INSTALAÇÃO. AF_04/2022","UN",17.41]
[92288,"COTOVELO EM COBRE, DN 28 MM, 90 GRAUS, SEM ANEL DE SOLDA, INSTALADO EM PRUMADA DE HIDRÁULICA PREDIAL - FORNECIMENTO E INSTALAÇÃO. AF_04/2022","UN",27.55]
[92289,"COTOVELO EM COBRE, DN 35 MM, 90 GRAUS, SEM ANEL DE SOLDA, INSTALADO EM PRUMADA DE HIDRÁULICA PREDIAL - FORNECIMENTO E INSTALAÇÃO. AF_04/2022","UN",49.01]
[92290,"COTOVELO EM COBRE, DN 42 MM, 90 GRAUS, SEM ANEL DE SOLDA, INSTALADO EM PRUMADA DE HIDRÁULICA PREDIAL - FORNECIMENTO E INSTALAÇÃO. AF_04/2022","UN",74.43]
[92291,"COTOVELO EM COBRE, DN 54 MM, 90 GRAUS, SEM ANEL DE SOLDA, INSTALADO EM PRUMADA DE HIDRÁULICA PREDIAL - FORNECIMENTO E INSTALAÇÃO. AF_04/2022","UN",115.49]
[92292,"COTOVELO EM COBRE, DN 66 MM, 90 GRAUS, SEM ANEL DE SOLDA, INSTALADO EM PRUMADA DE HIDRÁULICA PREDIAL - FORNECIMENTO E INSTALAÇÃO. AF_04/2022","UN",359.34]
[92293,"LUVA EM COBRE, DN 22 MM, SEM ANEL DE SOLDA, INSTALADO EM PRUMADA DE HIDRÁULICA PREDIAL - FORNECIMENTO E INSTALAÇÃO. AF_04/2022","UN",9.86]
[92294,"LUVA EM COBRE, DN 28 MM, SEM ANEL DE SOLDA, INSTALADO EM PRUMADA DE HIDRÁULICA PREDIAL - FORNECIMENTO E INSTALAÇÃO. AF_04/2022","UN",16.78]
[92295,"LUVA EM COBRE, DN 35 MM, SEM ANEL DE SOLDA, INSTALADO EM PRUMADA DE HIDRÁULICA PREDIAL - FORNECIMENTO E INSTALAÇÃO. AF_04/2022","UN",31.79]
[92296,"LUVA EM COBRE, DN 42 MM, SEM ANEL DE SOLDA, INSTALADO EM PRUMADA DE HIDRÁULICA PREDIAL - FORNECIMENTO E INSTALAÇÃO. AF_04/2022","UN",42.16]
[92297,"LUVA EM COBRE, DN 54 MM, SEM ANEL DE SOLDA, INSTALADO EM PRUMADA DE HIDRÁULICA PREDIAL - FORNECIMENTO E INSTALAÇÃO. AF_04/2022","UN",65.53]
[92298,"LUVA EM COBRE, DN 66 MM, SEM ANEL DE SOLDA, INSTALADO EM PRUMADA DE HIDRÁULICA PREDIAL - FORNECIMENTO E INSTALAÇÃO. AF_04/2022","UN",184.98]
[92299,"TE EM COBRE, DN 22 MM, SEM ANEL DE SOLDA, INSTALADO EM PRUMADA DE HIDRÁULICA PREDIAL - FORNECIMENTO E INSTALAÇÃO. AF_04/2022","UN",22.91]
[92300,"TE EM COBRE, DN 28 MM, SEM ANEL DE SOLDA, INSTALADO EM PRUMADA DE HIDRÁULICA PREDIAL - FORNECIMENTO E INSTALAÇÃO. AF_04/2022","UN",34.99]
[92301,"TE EM COBRE, DN 35 MM, SEM ANEL DE SOLDA, INSTALADO EM PRUMADA DE HIDRÁULICA PREDIAL - FORNECIMENTO E INSTALAÇÃO. AF_04/2022","UN",69.67]
[92302,"TE EM COBRE, DN 42 MM, SEM ANEL DE SOLDA, INSTALADO EM PRUMADA DE HIDRÁULICA PREDIAL - FORNECIMENTO E INSTALAÇÃO. AF_04/2022","UN",92.13]
[92303,"TE EM COBRE, DN 54 MM, SEM ANEL DE SOLDA, INSTALADO EM PRUMADA DE HIDRÁULICA PREDIAL - FORNECIMENTO E INSTALAÇÃO. AF_04/2022","UN",169.58]
[92304,"TE EM COBRE, DN 66 MM, SEM ANEL DE SOLDA, INSTALADO EM PRUMADA DE HIDRÁULICA PREDIAL - FORNECIMENTO E INSTALAÇÃO. AF_04/2022","UN",441.76]
[92311,"COTOVELO EM COBRE, DN 15 MM, 90 GRAUS, SEM ANEL DE SOLDA, INSTALADO EM RAMAL DE DISTRIBUIÇÃO   FORNECIMENTO E INSTALAÇÃO. AF_04/2022","UN",12.68]
[92312,"COTOVELO EM COBRE, DN 22 MM, 90 GRAUS, SEM ANEL DE SOLDA, INSTALADO EM RAMAL DE DISTRIBUIÇÃO DE HIDRÁULICA PREDIAL - FORNECIMENTO E INSTALAÇÃO. AF_04/2022","UN",21.33]
[92313,"COTOVELO EM COBRE, DN 28 MM, 90 GRAUS, SEM ANEL DE SOLDA, INSTALADO EM RAMAL DE DISTRIBUIÇÃO DE HIDRÁULICA PREDIAL - FORNECIMENTO E INSTALAÇÃO. AF_04/2022","UN",31.16]
[92314,"LUVA EM COBRE, DN 15 MM, SEM ANEL DE SOLDA, INSTALADO EM RAMAL DE DISTRIBUIÇÃO DE HIDRÁULICA PREDIAL - FORNECIMENTO E INSTALAÇÃO. AF_04/2022","UN",8.48]
[92315,"LUVA EM COBRE, DN 22 MM, SEM ANEL DE SOLDA, INSTALADO EM RAMAL DE DISTRIBUIÇÃO DE HIDRÁULICA PREDIAL - FORNECIMENTO E INSTALAÇÃO. AF_04/2022","UN",12.49]
[92316,"LUVA EM COBRE, DN 28 MM, SEM ANEL DE SOLDA, INSTALADO EM RAMAL DE DISTRIBUIÇÃO DE HIDRÁULICA PREDIAL - FORNECIMENTO E INSTALAÇÃO. AF_04/2022","UN",19.2]
[92317,"TE EM COBRE, DN 15 MM, SEM ANEL DE SOLDA, INSTALADO EM RAMAL DE DISTRIBUIÇÃO DE HIDRÁULICA PREDIAL - FORNECIMENTO E INSTALAÇÃO. AF_04/2022","UN",17.78]
[92318,"TE EM COBRE, DN 22 MM, SEM ANEL DE SOLDA, INSTALADO EM RAMAL DE DISTRIBUIÇÃO DE HIDRÁULICA PREDIAL - FORNECIMENTO E INSTALAÇÃO. AF_04/2022","UN",28.14]
[92319,"TE EM COBRE, DN 28 MM, SEM ANEL DE SOLDA, INSTALADO EM RAMAL DE DISTRIBUIÇÃO DE HIDRÁULICA PREDIAL - FORNECIMENTO E INSTALAÇÃO. AF_04/2022","UN",39.83]
[92326,"COTOVELO EM COBRE, DN 15 MM, 90 GRAUS, SEM ANEL DE SOLDA, INSTALADO EM RAMAL E SUB-RAMAL DE HIDRÁULICA PREDIAL - FORNECIMENTO E INSTALAÇÃO. AF_04/2022","UN",13.34]
[92327,"COTOVELO EM COBRE, DN 22 MM, 90 GRAUS, SEM ANEL DE SOLDA, INSTALADO EM RAMAL E SUB-RAMAL DE HIDRÁULICA PREDIAL - FORNECIMENTO E INSTALAÇÃO. AF_04/2022","UN",24.25]
[92328,"COTOVELO EM COBRE, DN 28 MM, 90 GRAUS, SEM ANEL DE SOLDA, INSTALADO EM RAMAL E SUB-RAMAL DE HIDRÁULICA PREDIAL - FORNECIMENTO E INSTALAÇÃO. AF_04/2022","UN",36.37]
[92329,"LUVA EM COBRE, DN 15 MM, SEM ANEL DE SOLDA, INSTALADO EM RAMAL E SUB-RAMAL DE HIDRÁULICA PREDIAL - FORNECIMENTO E INSTALAÇÃO. AF_04/2022","UN",8.65]
[92330,"LUVA EM COBRE, DN 22 MM, SEM ANEL DE SOLDA, INSTALADO EM RAMAL E SUB-RAMAL DE HIDRÁULICA PREDIAL - FORNECIMENTO E INSTALAÇÃO. AF_04/2022","UN",14.46]
[92331,"LUVA EM COBRE, DN 28 MM, SEM ANEL DE SOLDA, INSTALADO EM RAMAL E SUB-RAMAL DE HIDRÁULICA PREDIAL - FORNECIMENTO E INSTALAÇÃO. AF_04/2022","UN",22.7]
[92332,"TE EM COBRE, DN 15 MM, SEM ANEL DE SOLDA, INSTALADO EM RAMAL E SUB-RAMAL DE HIDRÁULICA PREDIAL - FORNECIMENTO E INSTALAÇÃO. AF_04/2022","UN",18.11]
[92333,"TE EM COBRE, DN 22 MM, SEM ANEL DE SOLDA, INSTALADO EM RAMAL E SUB-RAMAL DE HIDRÁULICA PREDIAL - FORNECIMENTO E INSTALAÇÃO. AF_04/2022","UN",32.04]
[92334,"TE EM COBRE, DN 28 MM, SEM ANEL DE SOLDA, INSTALADO EM RAMAL E SUB-RAMAL DE HIDRÁULICA PREDIAL - FORNECIMENTO E INSTALAÇÃO. AF_04/2022","UN",46.77]
[92344,"NIPLE, EM FERRO GALVANIZADO, DN 50 (2\"), CONEXÃO ROSQUEADA, INSTALADO EM PRUMADAS - FORNECIMENTO E INSTALAÇÃO. AF_10/2020","UN",59.03]
[92345,"LUVA, EM FERRO GALVANIZADO, DN 50 (2\"), CONEXÃO ROSQUEADA, INSTALADO EM PRUMADAS - FORNECIMENTO E INSTALAÇÃO. AF_10/2020","UN",59.01]
[92346,"NIPLE, EM FERRO GALVANIZADO, DN 65 (2 1/2\"), CONEXÃO ROSQUEADA, INSTALADO EM PRUMADAS - FORNECIMENTO E INSTALAÇÃO. AF_10/2020","UN",76.95]
[92347,"LUVA, EM FERRO GALVANIZADO, DN 65 (2 1/2\"), CONEXÃO ROSQUEADA, INSTALADO EM PRUMADAS - FORNECIMENTO E INSTALAÇÃO. AF_10/2020","UN",85.29]
[92348,"NIPLE, EM FERRO GALVANIZADO, DN 80 (3\"), CONEXÃO ROSQUEADA, INSTALADO EM PRUMADAS - FORNECIMENTO E INSTALAÇÃO. AF_10/2020","UN",107.02]
[92349,"LUVA, EM FERRO GALVANIZADO, DN 80 (3\"), CONEXÃO ROSQUEADA, INSTALADO EM PRUMADAS - FORNECIMENTO E INSTALAÇÃO. AF_10/2020","UN",114.44]
[92350,"JOELHO 45 GRAUS, EM FERRO GALVANIZADO, DN 50 (2\"), CONEXÃO ROSQUEADA, INSTALADO EM PRUMADAS - FORNECIMENTO E INSTALAÇÃO. AF_10/2020","UN",87.82]
[92351,"JOELHO 90 GRAUS, EM FERRO GALVANIZADO, DN 50 (2\"), CONEXÃO ROSQUEADA, INSTALADO EM PRUMADAS - FORNECIMENTO E INSTALAÇÃO. AF_10/2020","UN",85.96]
[92352,"JOELHO 45 GRAUS, EM FERRO GALVANIZADO, DN 65 (2 1/2\"), CONEXÃO ROSQUEADA, INSTALADO EM PRUMADAS - FORNECIMENTO E INSTALAÇÃO. AF_10/2020","UN",131.4]
[92353,"JOELHO 90 GRAUS, EM FERRO GALVANIZADO, DN 65 (2 1/2\"), CONEXÃO ROSQUEADA, INSTALADO EM PRUMADAS - FORNECIMENTO E INSTALAÇÃO. AF_10/2020","UN",123.24]
[92354,"JOELHO 45 GRAUS, EM FERRO GALVANIZADO, DN 80 (3\"), CONEXÃO ROSQUEADA, INSTALADO EM PRUMADAS - FORNECIMENTO E INSTALAÇÃO. AF_10/2020","UN",173.29]
[92355,"JOELHO 90 GRAUS, EM FERRO GALVANIZADO, DN 80 (3\"), CONEXÃO ROSQUEADA, INSTALADO EM PRUMADAS - FORNECIMENTO E INSTALAÇÃO. AF_10/2020","UN",157.56]
[92356,"TÊ, EM FERRO GALVANIZADO, DN 50 (2\"), CONEXÃO ROSQUEADA, INSTALADO EM PRUMADAS - FORNECIMENTO E INSTALAÇÃO. AF_10/2020","UN",114.6]
[92357,"TÊ, EM FERRO GALVANIZADO, DN 65 (2 1/2\"), CONEXÃO ROSQUEADA, INSTALADO EM PRUMADAS - FORNECIMENTO E INSTALAÇÃO. AF_10/2020","UN",168.45]
[92358,"TÊ, EM FERRO GALVANIZADO, DN 80 (3\"), CONEXÃO ROSQUEADA, INSTALADO EM PRUMADAS - FORNECIMENTO E INSTALAÇÃO. AF_10/2020","UN",208.58]
[92369,"NIPLE, EM FERRO GALVANIZADO, DN 25 (1\"), CONEXÃO ROSQUEADA, INSTALADO EM REDE DE ALIMENTAÇÃO PARA HIDRANTE - FORNECIMENTO E INSTALAÇÃO. AF_10/2020","UN",32.42]
[92370,"LUVA, EM FERRO GALVANIZADO, DN 25 (1\"), CONEXÃO ROSQUEADA, INSTALADO EM REDE DE ALIMENTAÇÃO PARA HIDRANTE - FORNECIMENTO E INSTALAÇÃO. AF_10/2020","UN",33.92]
[92371,"NIPLE, EM FERRO GALVANIZADO, DN 32 (1 1/4\"), CONEXÃO ROSQUEADA, INSTALADO EM REDE DE ALIMENTAÇÃO PARA HIDRANTE - FORNECIMENTO E INSTALAÇÃO. AF_10/2020","UN",38.95]
[92372,"LUVA, EM FERRO GALVANIZADO, DN 32 (1 1/4\"), CONEXÃO ROSQUEADA, INSTALADO EM REDE DE ALIMENTAÇÃO PARA HIDRANTE - FORNECIMENTO E INSTALAÇÃO. AF_10/2020","UN",40.34]
[92373,"NIPLE, EM FERRO GALVANIZADO, DN 40 (1 1/2\"), CONEXÃO ROSQUEADA, INSTALADO EM REDE DE ALIMENTAÇÃO PARA HIDRANTE - FORNECIMENTO E INSTALAÇÃO. AF_10/2020","UN",45.83]
[92374,"LUVA, EM FERRO GALVANIZADO, DN 40 (1 1/2\"), CONEXÃO ROSQUEADA, INSTALADO EM REDE DE ALIMENTAÇÃO PARA HIDRANTE - FORNECIMENTO E INSTALAÇÃO. AF_10/2020","UN",46.1]
[92375,"NIPLE, EM FERRO GALVANIZADO, DN 50 (2\"), CONEXÃO ROSQUEADA, INSTALADO EM REDE DE ALIMENTAÇÃO PARA HIDRANTE - FORNECIMENTO E INSTALAÇÃO. AF_10/2020","UN",58.99]
[92376,"LUVA, EM FERRO GALVANIZADO, DN 50 (2\"), CONEXÃO ROSQUEADA, INSTALADO EM REDE DE ALIMENTAÇÃO PARA HIDRANTE - FORNECIMENTO E INSTALAÇÃO. AF_10/2020","UN",58.97]
[92377,"NIPLE, EM FERRO GALVANIZADO, DN 65 (2 1/2\"), CONEXÃO ROSQUEADA, INSTALADO EM REDE DE ALIMENTAÇÃO PARA HIDRANTE - FORNECIMENTO E INSTALAÇÃO. AF_10/2020","UN",78.53]
[92378,"LUVA, EM FERRO GALVANIZADO, DN 65 (2 1/2\"), CONEXÃO ROSQUEADA, INSTALADO EM REDE DE ALIMENTAÇÃO PARA HIDRANTE - FORNECIMENTO E INSTALAÇÃO. AF_10/2020","UN",86.87]
[92379,"NIPLE, EM FERRO GALVANIZADO, DN 80 (3\"), CONEXÃO ROSQUEADA, INSTALADO EM REDE DE ALIMENTAÇÃO PARA HIDRANTE - FORNECIMENTO E INSTALAÇÃO. AF_10/2020","UN",110.28]
[92380,"LUVA, EM FERRO GALVANIZADO, DN 80 (3\"), CONEXÃO ROSQUEADA, INSTALADO EM REDE DE ALIMENTAÇÃO PARA HIDRANTE - FORNECIMENTO E INSTALAÇÃO. AF_10/2020","UN",117.7]
[92381,"JOELHO 45 GRAUS, EM FERRO GALVANIZADO, DN 25 (1\"), CONEXÃO ROSQUEADA, INSTALADO EM REDE DE ALIMENTAÇÃO PARA HIDRANTE - FORNECIMENTO E INSTALAÇÃO. AF_10/2020","UN",49.05]
[92382,"JOELHO 90 GRAUS, EM FERRO GALVANIZADO, DN 25 (1\"), CONEXÃO ROSQUEADA, INSTALADO EM REDE DE ALIMENTAÇÃO PARA HIDRANTE - FORNECIMENTO E INSTALAÇÃO. AF_10/2020","UN",47.06]
[92383,"JOELHO 45 GRAUS, EM FERRO GALVANIZADO, DN 32 (1 1/4\"), CONEXÃO ROSQUEADA, INSTALADO EM REDE DE ALIMENTAÇÃO PARA HIDRANTE - FORNECIMENTO E INSTALAÇÃO. AF_10/2020","UN",61.27]
[92384,"JOELHO 90 GRAUS, EM FERRO GALVANIZADO, DN 32 (1 1/4\"), CONEXÃO ROSQUEADA, INSTALADO EM REDE DE ALIMENTAÇÃO PARA HIDRANTE - FORNECIMENTO E INSTALAÇÃO. AF_10/2020","UN",57.31]
[92385,"JOELHO 45 GRAUS, EM FERRO GALVANIZADO, DN 40 (1 1/2\"), CONEXÃO ROSQUEADA, INSTALADO EM REDE DE ALIMENTAÇÃO PARA HIDRANTE - FORNECIMENTO E INSTALAÇÃO. AF_10/2020","UN",70.06]
[92386,"JOELHO 90 GRAUS, EM FERRO GALVANIZADO, DN 40 (1 1/2\"), CONEXÃO ROSQUEADA, INSTALADO EM REDE DE ALIMENTAÇÃO PARA HIDRANTE - FORNECIMENTO E INSTALAÇÃO. AF_10/2020","UN",67.33]
[92387,"JOELHO 45 GRAUS, EM FERRO GALVANIZADO, DN 50 (2\"), CONEXÃO ROSQUEADA, INSTALADO EM REDE DE ALIMENTAÇÃO PARA HIDRANTE - FORNECIMENTO E INSTALAÇÃO. AF_10/2020","UN",87.73]
[92388,"JOELHO 90 GRAUS, EM FERRO GALVANIZADO, DN 50 (2\"), CONEXÃO ROSQUEADA, INSTALADO EM REDE DE ALIMENTAÇÃO PARA HIDRANTE - FORNECIMENTO E INSTALAÇÃO. AF_10/2020","UN",85.87]
[92389,"JOELHO 45 GRAUS, EM FERRO GALVANIZADO, DN 65 (2 1/2\"), CONEXÃO ROSQUEADA, INSTALADO EM REDE DE ALIMENTAÇÃO PARA HIDRANTE - FORNECIMENTO E INSTALAÇÃO. AF_10/2020","UN",133.82]
[92390,"JOELHO 90 GRAUS, EM FERRO GALVANIZADO, DN 65 (2 1/2\"), CONEXÃO ROSQUEADA, INSTALADO EM REDE DE ALIMENTAÇÃO PARA HIDRANTE - FORNECIMENTO E INSTALAÇÃO. AF_10/2020","UN",125.66]
[92635,"JOELHO 45 GRAUS, EM FERRO GALVANIZADO, CONEXÃO ROSQUEADA, DN 80 (3\"), INSTALADO EM REDE DE ALIMENTAÇÃO PARA HIDRANTE - FORNECIMENTO E INSTALAÇÃO. AF_10/2020","UN",178.17]
[92636,"JOELHO 90 GRAUS, EM FERRO GALVANIZADO, CONEXÃO ROSQUEADA, DN 80 (3\"), INSTALADO EM REDE DE ALIMENTAÇÃO PARA HIDRANTE - FORNECIMENTO E INSTALAÇÃO. AF_10/2020","UN",162.44]
[92637,"TÊ, EM FERRO GALVANIZADO, CONEXÃO ROSQUEADA, DN 25 (1\"), INSTALADO EM REDE DE ALIMENTAÇÃO PARA HIDRANTE - FORNECIMENTO E INSTALAÇÃO. AF_10/2020","UN",63.52]
[92638,"TÊ, EM FERRO GALVANIZADO, CONEXÃO ROSQUEADA, DN 32 (1 1/4\"), INSTALADO EM REDE DE ALIMENTAÇÃO PARA HIDRANTE - FORNECIMENTO E INSTALAÇÃO. AF_10/2020","UN",76.93]
[92639,"TÊ, EM FERRO GALVANIZADO, CONEXÃO ROSQUEADA, DN 40 (1 1/2\"), INSTALADO EM REDE DE ALIMENTAÇÃO PARA HIDRANTE - FORNECIMENTO E INSTALAÇÃO. AF_10/2020","UN",88.74]
[92640,"TÊ, EM FERRO GALVANIZADO, CONEXÃO ROSQUEADA, DN 50 (2\"), INSTALADO EM REDE DE ALIMENTAÇÃO PARA HIDRANTE - FORNECIMENTO E INSTALAÇÃO. AF_10/2020","UN",114.47]
[92642,"TÊ, EM FERRO GALVANIZADO, CONEXÃO ROSQUEADA, DN 65 (2 1/2\"), INSTALADO EM REDE DE ALIMENTAÇÃO PARA HIDRANTE - FORNECIMENTO E INSTALAÇÃO. AF_10/2020","UN",171.61]
[92644,"TÊ, EM FERRO GALVANIZADO, CONEXÃO ROSQUEADA, DN 80 (3\"), INSTALADO EM REDE DE ALIMENTAÇÃO PARA HIDRANTE - FORNECIMENTO E INSTALAÇÃO. AF_10/2020","UN",215.09]
[92657,"NIPLE, EM FERRO GALVANIZADO, CONEXÃO ROSQUEADA, DN 25 (1\"), INSTALADO EM REDE DE ALIMENTAÇÃO PARA SPRINKLER - FORNECIMENTO E INSTALAÇÃO. AF_10/2020","UN",23.64]
[92658,"LUVA, EM FERRO GALVANIZADO, CONEXÃO ROSQUEADA, DN 25 (1\"), INSTALADO EM REDE DE ALIMENTAÇÃO PARA SPRINKLER - FORNECIMENTO E INSTALAÇÃO. AF_10/2020","UN",25.14]
[92659,"NIPLE, EM FERRO GALVANIZADO, CONEXÃO ROSQUEADA, DN 32 (1 1/4\"), INSTALADO EM REDE DE ALIMENTAÇÃO PARA SPRINKLER - FORNECIMENTO E INSTALAÇÃO. AF_10/2020","UN",28.96]
[92660,"LUVA, EM FERRO GALVANIZADO, CONEXÃO ROSQUEADA, DN 32 (1 1/4\"), INSTALADO EM REDE DE ALIMENTAÇÃO PARA SPRINKLER - FORNECIMENTO E INSTALAÇÃO. AF_10/2020","UN",30.35]
[92661,"NIPLE, EM FERRO GALVANIZADO, CONEXÃO ROSQUEADA, DN 40 (1 1/2\"), INSTALADO EM REDE DE ALIMENTAÇÃO PARA SPRINKLER - FORNECIMENTO E INSTALAÇÃO. AF_10/2020","UN",34.45]
[92662,"LUVA, EM FERRO GALVANIZADO, CONEXÃO ROSQUEADA, DN 40 (1 1/2\"), INSTALADO EM REDE DE ALIMENTAÇÃO PARA SPRINKLER - FORNECIMENTO E INSTALAÇÃO. AF_10/2020","UN",34.72]
[92663,"NIPLE, EM FERRO GALVANIZADO, CONEXÃO ROSQUEADA, DN 50 (2\"), INSTALADO EM REDE DE ALIMENTAÇÃO PARA SPRINKLER - FORNECIMENTO E INSTALAÇÃO. AF_10/2020","UN",45.88]
[92664,"LUVA, EM FERRO GALVANIZADO, CONEXÃO ROSQUEADA, DN 50 (2\"), INSTALADO EM REDE DE ALIMENTAÇÃO PARA SPRINKLER - FORNECIMENTO E INSTALAÇÃO. AF_10/2020","UN",45.86]
[92665,"NIPLE, EM FERRO GALVANIZADO, CONEXÃO ROSQUEADA, DN 65 (2 1/2\"), INSTALADO EM REDE DE ALIMENTAÇÃO PARA SPRINKLER - FORNECIMENTO E INSTALAÇÃO. AF_10/2020","UN",62.82]
[92666,"LUVA, EM FERRO GALVANIZADO, CONEXÃO ROSQUEADA, DN 65 (2 1/2\"), INSTALADO EM REDE DE ALIMENTAÇÃO PARA SPRINKLER - FORNECIMENTO E INSTALAÇÃO. AF_10/2020","UN",71.16]
[92667,"NIPLE, EM FERRO GALVANIZADO, CONEXÃO ROSQUEADA, DN 80 (3\"), INSTALADO EM REDE DE ALIMENTAÇÃO PARA SPRINKLER - FORNECIMENTO E INSTALAÇÃO. AF_10/2020","UN",92.02]
[92668,"LUVA, EM FERRO GALVANIZADO, CONEXÃO ROSQUEADA, DN 80 (3\"), INSTALADO EM REDE DE ALIMENTAÇÃO PARA SPRINKLER - FORNECIMENTO E INSTALAÇÃO. AF_10/2020","UN",99.44]
[92669,"JOELHO 45 GRAUS, EM FERRO GALVANIZADO, CONEXÃO ROSQUEADA, DN 25 (1\"), INSTALADO EM REDE DE ALIMENTAÇÃO PARA SPRINKLER - FORNECIMENTO E INSTALAÇÃO. AF_10/2020","UN",35.86]
[92670,"JOELHO 90 GRAUS, EM FERRO GALVANIZADO, CONEXÃO ROSQUEADA, DN 25 (1\"), INSTALADO EM REDE DE ALIMENTAÇÃO PARA SPRINKLER - FORNECIMENTO E INSTALAÇÃO. AF_10/2020","UN",33.87]
[92671,"JOELHO 45 GRAUS, EM FERRO GALVANIZADO, CONEXÃO ROSQUEADA, DN 32 (1 1/4\"), INSTALADO EM REDE DE ALIMENTAÇÃO PARA SPRINKLER - FORNECIMENTO E INSTALAÇÃO. AF_10/2020","UN",46.3]
[92672,"JOELHO 90 GRAUS, EM FERRO GALVANIZADO, CONEXÃO ROSQUEADA, DN 32 (1 1/4\"), INSTALADO EM REDE DE ALIMENTAÇÃO PARA SPRINKLER - FORNECIMENTO E INSTALAÇÃO. AF_10/2020","UN",42.34]
[92673,"JOELHO 45 GRAUS, EM FERRO GALVANIZADO, CONEXÃO ROSQUEADA, DN 40 (1 1/2\"), INSTALADO EM REDE DE ALIMENTAÇÃO PARA SPRINKLER - FORNECIMENTO E INSTALAÇÃO. AF_10/2020","UN",53]
[92674,"JOELHO 90 GRAUS, EM FERRO GALVANIZADO, CONEXÃO ROSQUEADA, DN 40 (1 1/2\"), INSTALADO EM REDE DE ALIMENTAÇÃO PARA SPRINKLER - FORNECIMENTO E INSTALAÇÃO. AF_10/2020","UN",50.27]
[92675,"JOELHO 45 GRAUS, EM FERRO GALVANIZADO, CONEXÃO ROSQUEADA, DN 50 (2\"), INSTALADO EM REDE DE ALIMENTAÇÃO PARA SPRINKLER - FORNECIMENTO E INSTALAÇÃO. AF_10/2020","UN",68.12]
[92676,"JOELHO 90 GRAUS, EM FERRO GALVANIZADO, CONEXÃO ROSQUEADA, DN 50 (2\"), INSTALADO EM REDE DE ALIMENTAÇÃO PARA SPRINKLER - FORNECIMENTO E INSTALAÇÃO. AF_10/2020","UN",66.26]
[92677,"JOELHO 45 GRAUS, EM FERRO GALVANIZADO, CONEXÃO ROSQUEADA, DN 65 (2 1/2\"), INSTALADO EM REDE DE ALIMENTAÇÃO PARA SPRINKLER - FORNECIMENTO E INSTALAÇÃO. AF_10/2020","UN",110.31]
[92678,"JOELHO 90 GRAUS, EM FERRO GALVANIZADO, CONEXÃO ROSQUEADA, DN 65 (2 1/2\"), INSTALADO EM REDE DE ALIMENTAÇÃO PARA SPRINKLER - FORNECIMENTO E INSTALAÇÃO. AF_10/2020","UN",102.15]
[92679,"JOELHO 45 GRAUS, EM FERRO GALVANIZADO, CONEXÃO ROSQUEADA, DN 80 (3\"), INSTALADO EM REDE DE ALIMENTAÇÃO PARA SPRINKLER - FORNECIMENTO E INSTALAÇÃO. AF_10/2020","UN",150.8]
[92680,"JOELHO 90 GRAUS, EM FERRO GALVANIZADO, CONEXÃO ROSQUEADA, DN 80 (3\"), INSTALADO EM REDE DE ALIMENTAÇÃO PARA SPRINKLER - FORNECIMENTO E INSTALAÇÃO. AF_10/2020","UN",135.07]
[92681,"TÊ, EM FERRO GALVANIZADO, CONEXÃO ROSQUEADA, DN 25 (1\"), INSTALADO EM REDE DE ALIMENTAÇÃO PARA SPRINKLER - FORNECIMENTO E INSTALAÇÃO. AF_10/2020","UN",45.91]
[92682,"TÊ, EM FERRO GALVANIZADO, CONEXÃO ROSQUEADA, DN 32 (1 1/4\"), INSTALADO EM REDE DE ALIMENTAÇÃO PARA SPRINKLER - FORNECIMENTO E INSTALAÇÃO. AF_10/2020","UN",56.9]
[92683,"TÊ, EM FERRO GALVANIZADO, CONEXÃO ROSQUEADA, DN 40 (1 1/2\"), INSTALADO EM REDE DE ALIMENTAÇÃO PARA SPRINKLER - FORNECIMENTO E INSTALAÇÃO. AF_10/2020","UN",66.01]
[92684,"TÊ, EM FERRO GALVANIZADO, CONEXÃO ROSQUEADA, DN 50 (2\"), INSTALADO EM REDE DE ALIMENTAÇÃO PARA SPRINKLER - FORNECIMENTO E INSTALAÇÃO. AF_10/2020","UN",88.3]
[92685,"TÊ, EM FERRO GALVANIZADO, CONEXÃO ROSQUEADA, DN 65 (2 1/2\"), INSTALADO EM REDE DE ALIMENTAÇÃO PARA SPRINKLER - FORNECIMENTO E INSTALAÇÃO. AF_10/2020","UN",140.29]
[92686,"TÊ, EM FERRO GALVANIZADO, CONEXÃO ROSQUEADA, DN 80 (3\"), INSTALADO EM REDE DE ALIMENTAÇÃO PARA SPRINKLER - FORNECIMENTO E INSTALAÇÃO. AF_10/2020","UN",178.56]
[92692,"NIPLE, EM FERRO GALVANIZADO, CONEXÃO ROSQUEADA, DN 15 (1/2\"), INSTALADO EM RAMAIS E SUB-RAMAIS DE GÁS - FORNECIMENTO E INSTALAÇÃO. AF_10/2020","UN",12.79]
[92693,"LUVA, EM FERRO GALVANIZADO, CONEXÃO ROSQUEADA, DN 15 (1/2\"), INSTALADO EM RAMAIS E SUB-RAMAIS DE GÁS - FORNECIMENTO E INSTALAÇÃO. AF_10/2020","UN",13.12]
[92694,"NIPLE, EM FERRO GALVANIZADO, CONEXÃO ROSQUEADA, DN 20 (3/4\"), INSTALADO EM RAMAIS E SUB-RAMAIS DE GÁS - FORNECIMENTO E INSTALAÇÃO. AF_10/2020","UN",20.39]
[92695,"LUVA, EM FERRO GALVANIZADO, CONEXÃO ROSQUEADA, DN 20 (3/4\"), INSTALADO EM RAMAIS E SUB-RAMAIS DE GÁS - FORNECIMENTO E INSTALAÇÃO. AF_10/2020","UN",20.73]
[92696,"NIPLE, EM FERRO GALVANIZADO, CONEXÃO ROSQUEADA, DN 25 (1\"), INSTALADO EM RAMAIS E SUB-RAMAIS DE GÁS - FORNECIMENTO E INSTALAÇÃO. AF_10/2020","UN",32.05]
[92697,"LUVA, EM FERRO GALVANIZADO, CONEXÃO ROSQUEADA, DN 25 (1\"), INSTALADO EM RAMAIS E SUB-RAMAIS DE GÁS - FORNECIMENTO E INSTALAÇÃO. AF_10/2020","UN",33.55]
[92698,"JOELHO 45 GRAUS, EM FERRO GALVANIZADO, CONEXÃO ROSQUEADA, DN 15 (1/2\"), INSTALADO EM RAMAIS E SUB-RAMAIS DE GÁS - FORNECIMENTO E INSTALAÇÃO. AF_10/2020","UN",18.91]
[92699,"JOELHO 90 GRAUS, EM FERRO GALVANIZADO, CONEXÃO ROSQUEADA, DN 15 (1/2\"), INSTALADO EM RAMAIS E SUB-RAMAIS DE GÁS - FORNECIMENTO E INSTALAÇÃO. AF_10/2020","UN",17.82]
[92700,"JOELHO 45 GRAUS, EM FERRO GALVANIZADO, CONEXÃO ROSQUEADA, DN 20 (3/4\"), INSTALADO EM RAMAIS E SUB-RAMAIS DE GÁS - FORNECIMENTO E INSTALAÇÃO. AF_10/2020","UN",30.94]
[92701,"JOELHO 90 GRAUS, EM FERRO GALVANIZADO, CONEXÃO ROSQUEADA, DN 20 (3/4\"), INSTALADO EM RAMAIS E SUB-RAMAIS DE GÁS - FORNECIMENTO E INSTALAÇÃO. AF_10/2020","UN",29.33]
[92702,"JOELHO 45 GRAUS, EM FERRO GALVANIZADO, CONEXÃO ROSQUEADA, DN 25 (1\"), INSTALADO EM RAMAIS E SUB-RAMAIS DE GÁS - FORNECIMENTO E INSTALAÇÃO. AF_10/2020","UN",48.54]
[92703,"JOELHO 90 GRAUS, EM FERRO GALVANIZADO, CONEXÃO ROSQUEADA, DN 25 (1\"), INSTALADO EM RAMAIS E SUB-RAMAIS DE GÁS - FORNECIMENTO E INSTALAÇÃO. AF_10/2020","UN",46.55]
[92704,"TÊ, EM FERRO GALVANIZADO, CONEXÃO ROSQUEADA, DN 15 (1/2\"), INSTALADO EM RAMAIS E SUB-RAMAIS DE GÁS - FORNECIMENTO E INSTALAÇÃO. AF_10/2020","UN",24]
[92705,"TÊ, EM FERRO GALVANIZADO, CONEXÃO ROSQUEADA, DN 20 (3/4\"), INSTALADO EM RAMAIS E SUB-RAMAIS DE GÁS - FORNECIMENTO E INSTALAÇÃO. AF_10/2020","UN",38.81]
[92706,"TÊ, EM FERRO GALVANIZADO, CONEXÃO ROSQUEADA, DN 25 (1\"), INSTALADO EM RAMAIS E SUB-RAMAIS DE GÁS - FORNECIMENTO E INSTALAÇÃO. AF_10/2020","UN",62.82]
[92889,"UNIÃO, EM FERRO GALVANIZADO, DN 50 (2\"), CONEXÃO ROSQUEADA, INSTALADO EM PRUMADAS - FORNECIMENTO E INSTALAÇÃO. AF_10/2020","UN",113.16]
[92890,"UNIÃO, EM FERRO GALVANIZADO, DN 65 (2 1/2\"), CONEXÃO ROSQUEADA, INSTALADO EM PRUMADAS - FORNECIMENTO E INSTALAÇÃO. AF_10/2020","UN",170.04]
[92891,"UNIÃO, EM FERRO GALVANIZADO, DN 80 (3\"), CONEXÃO ROSQUEADA, INSTALADO EM PRUMADAS - FORNECIMENTO E INSTALAÇÃO. AF_10/2020","UN",247.87]
[92892,"UNIÃO, EM FERRO GALVANIZADO, DN 25 (1\"), CONEXÃO ROSQUEADA, INSTALADO EM REDE DE ALIMENTAÇÃO PARA HIDRANTE - FORNECIMENTO E INSTALAÇÃO. AF_10/2020","UN",50.03]
[92893,"UNIÃO, EM FERRO GALVANIZADO, DN 32 (1 1/4\"), CONEXÃO ROSQUEADA, INSTALADO EM REDE DE ALIMENTAÇÃO PARA HIDRANTE - FORNECIMENTO E INSTALAÇÃO. AF_10/2020","UN",70.3]
[92894,"UNIÃO, EM FERRO GALVANIZADO, DN 40 (1 1/2\"), CONEXÃO ROSQUEADA, INSTALADO EM REDE DE ALIMENTAÇÃO PARA HIDRANTE - FORNECIMENTO E INSTALAÇÃO. AF_10/2020","UN",83.7]
[92895,"UNIÃO, EM FERRO GALVANIZADO, DN 50 (2\"), CONEXÃO ROSQUEADA, INSTALADO EM REDE DE ALIMENTAÇÃO PARA HIDRANTE - FORNECIMENTO E INSTALAÇÃO. AF_10/2020","UN",113.12]
[92896,"UNIÃO, EM FERRO GALVANIZADO, DN 65 (2 1/2\"), CONEXÃO ROSQUEADA, INSTALADO EM REDE DE ALIMENTAÇÃO PARA HIDRANTE - FORNECIMENTO E INSTALAÇÃO. AF_10/2020","UN",171.62]
[92897,"UNIÃO, EM FERRO GALVANIZADO, DN 80 (3\"), CONEXÃO ROSQUEADA, INSTALADO EM REDE DE ALIMENTAÇÃO PARA HIDRANTE - FORNECIMENTO E INSTALAÇÃO. AF_10/2020","UN",251.13]
[92898,"UNIÃO, EM FERRO GALVANIZADO, CONEXÃO ROSQUEADA, DN 25 (1\"), INSTALADO EM REDE DE ALIMENTAÇÃO PARA SPRINKLER - FORNECIMENTO E INSTALAÇÃO. AF_10/2020","UN",41.25]
[92899,"UNIÃO, EM FERRO GALVANIZADO, CONEXÃO ROSQUEADA, DN 32 (1 1/4\"), INSTALADO EM REDE DE ALIMENTAÇÃO PARA SPRINKLER - FORNECIMENTO E INSTALAÇÃO. AF_10/2020","UN",60.31]
[92900,"UNIÃO, EM FERRO GALVANIZADO, CONEXÃO ROSQUEADA, DN 40 (1 1/2\"), INSTALADO EM REDE DE ALIMENTAÇÃO PARA SPRINKLER - FORNECIMENTO E INSTALAÇÃO. AF_10/2020","UN",72.32]
[92901,"UNIÃO, EM FERRO GALVANIZADO, CONEXÃO ROSQUEADA, DN 50 (2\"), INSTALADO EM REDE DE ALIMENTAÇÃO PARA SPRINKLER - FORNECIMENTO E INSTALAÇÃO. AF_10/2020","UN",100.01]
[92902,"UNIÃO, EM FERRO GALVANIZADO, CONEXÃO ROSQUEADA, DN 65 (2 1/2\"), INSTALADO EM REDE DE ALIMENTAÇÃO PARA SPRINKLER - FORNECIMENTO E INSTALAÇÃO. AF_10/2020","UN",155.91]
[92903,"UNIÃO, EM FERRO GALVANIZADO, CONEXÃO ROSQUEADA, DN 80 (3\"), INSTALADO EM REDE DE ALIMENTAÇÃO PARA SPRINKLER - FORNECIMENTO E INSTALAÇÃO. AF_10/2020","UN",232.87]
[92904,"UNIÃO, EM FERRO GALVANIZADO, CONEXÃO ROSQUEADA, DN 15 (1/2\"), INSTALADO EM RAMAIS E SUB-RAMAIS DE GÁS - FORNECIMENTO E INSTALAÇÃO. AF_10/2020","UN",27.92]
[92905,"UNIÃO, EM FERRO GALVANIZADO, CONEXÃO ROSQUEADA, DN 20 (3/4\"), INSTALADO EM RAMAIS E SUB-RAMAIS DE GÁS - FORNECIMENTO E INSTALAÇÃO. AF_10/2020","UN",40.14]
[92906,"UNIÃO, EM FERRO GALVANIZADO, CONEXÃO ROSQUEADA, DN 25 (1\"), INSTALADO EM RAMAIS E SUB-RAMAIS DE GÁS - FORNECIMENTO E INSTALAÇÃO. AF_10/2020","UN",49.66]
[92907,"LUVA DE REDUÇÃO, EM FERRO GALVANIZADO, 2\" X 1 1/2\", CONEXÃO ROSQUEADA, INSTALADO EM PRUMADAS - FORNECIMENTO E INSTALAÇÃO. AF_10/2020","UN",62.16]
[92908,"LUVA DE REDUÇÃO, EM FERRO GALVANIZADO, 2\" X 1 1/4\", CONEXÃO ROSQUEADA, INSTALADO EM PRUMADAS - FORNECIMENTO E INSTALAÇÃO. AF_10/2020","UN",62.16]
[92909,"LUVA DE REDUÇÃO, EM FERRO GALVANIZADO, 2\" X 1\", CONEXÃO ROSQUEADA, INSTALADO EM PRUMADAS - FORNECIMENTO E INSTALAÇÃO. AF_10/2020","UN",62.16]
[92910,"LUVA DE REDUÇÃO, EM FERRO GALVANIZADO, 2 1/2\" X 1 1/2\", CONEXÃO ROSQUEADA, INSTALADO EM PRUMADAS - FORNECIMENTO E INSTALAÇÃO. AF_10/2020","UN",88.81]
[92911,"LUVA DE REDUÇÃO, EM FERRO GALVANIZADO, 2 1/2\" X 2\", CONEXÃO ROSQUEADA, INSTALADO EM PRUMADAS - FORNECIMENTO E INSTALAÇÃO. AF_10/2020","UN",88.81]
[92912,"LUVA DE REDUÇÃO, EM FERRO GALVANIZADO, 3\" X 1 1/2\", CONEXÃO ROSQUEADA, INSTALADO EM PRUMADAS - FORNECIMENTO E INSTALAÇÃO. AF_10/2020","UN",117.88]
[92913,"LUVA DE REDUÇÃO, EM FERRO GALVANIZADO, 3\" X 2 1/2\", CONEXÃO ROSQUEADA, INSTALADO EM PRUMADAS - FORNECIMENTO E INSTALAÇÃO. AF_10/2020","UN",120.59]
[92914,"LUVA DE REDUÇÃO, EM FERRO GALVANIZADO, 3\" X 2\", CONEXÃO ROSQUEADA, INSTALADO EM PRUMADAS - FORNECIMENTO E INSTALAÇÃO. AF_10/2020","UN",120.59]
[92918,"LUVA DE REDUÇÃO, EM FERRO GALVANIZADO, 1\" X 1/2\", CONEXÃO ROSQUEADA, INSTALADO EM REDE DE ALIMENTAÇÃO PARA HIDRANTE - FORNECIMENTO E INSTALAÇÃO. AF_10/2020","UN",33.79]
[92920,"LUVA DE REDUÇÃO, EM FERRO GALVANIZADO, 1\" X 3/4\", CONEXÃO ROSQUEADA, INSTALADO EM REDE DE ALIMENTAÇÃO PARA HIDRANTE - FORNECIMENTO E INSTALAÇÃO. AF_10/2020","UN",34]
[92925,"LUVA DE REDUÇÃO, EM FERRO GALVANIZADO, 1 1/4\" X 1\", CONEXÃO ROSQUEADA, INSTALADO EM REDE DE ALIMENTAÇÃO PARA HIDRANTE - FORNECIMENTO E INSTALAÇÃO. AF_10/2020","UN",41.46]
[92926,"LUVA DE REDUÇÃO, EM FERRO GALVANIZADO, 1 1/4\" X 1/2\", CONEXÃO ROSQUEADA, INSTALADO EM REDE DE ALIMENTAÇÃO PARA HIDRANTE - FORNECIMENTO E INSTALAÇÃO. AF_10/2020","UN",41.45]
[92927,"LUVA DE REDUÇÃO, EM FERRO GALVANIZADO, 1 1/4\" X 3/4\", CONEXÃO ROSQUEADA, INSTALADO EM REDE DE ALIMENTAÇÃO PARA HIDRANTE - FORNECIMENTO E INSTALAÇÃO. AF_10/2020","UN",41.45]
[92928,"LUVA DE REDUÇÃO, EM FERRO GALVANIZADO, 1 1/2\" X 1 1/4\", CONEXÃO ROSQUEADA, INSTALADO EM REDE DE ALIMENTAÇÃO PARA HIDRANTE - FORNECIMENTO E INSTALAÇÃO. AF_10/2020","UN",47.26]
[92929,"LUVA DE REDUÇÃO, EM FERRO GALVANIZADO, 1 1/2\" X 1\", CONEXÃO ROSQUEADA, INSTALADO EM REDE DE ALIMENTAÇÃO PARA HIDRANTE - FORNECIMENTO E INSTALAÇÃO. AF_10/2020","UN",47.26]
[92930,"LUVA DE REDUÇÃO, EM FERRO GALVANIZADO, 1 1/2\" X 3/4\", CONEXÃO ROSQUEADA, INSTALADO EM REDE DE ALIMENTAÇÃO PARA HIDRANTE - FORNECIMENTO E INSTALAÇÃO. AF_10/2020","UN",47.26]
[92931,"LUVA DE REDUÇÃO, EM FERRO GALVANIZADO, 2\" X 1 1/2\", CONEXÃO ROSQUEADA, INSTALADO EM REDE DE ALIMENTAÇÃO PARA HIDRANTE - FORNECIMENTO E INSTALAÇÃO. AF_10/2020","UN",62.12]
[92932,"LUVA DE REDUÇÃO, EM FERRO GALVANIZADO, 2\" X 1 1/4\", CONEXÃO ROSQUEADA, INSTALADO EM REDE DE ALIMENTAÇÃO PARA HIDRANTE - FORNECIMENTO E INSTALAÇÃO. AF_10/2020","UN",62.12]
[92933,"LUVA DE REDUÇÃO, EM FERRO GALVANIZADO, 2\" X 1\", CONEXÃO ROSQUEADA, INSTALADO EM REDE DE ALIMENTAÇÃO PARA HIDRANTE - FORNECIMENTO E INSTALAÇÃO. AF_10/2020","UN",62.12]
[92934,"LUVA DE REDUÇÃO, EM FERRO GALVANIZADO, 2 1/2\" X 1 1/2\", CONEXÃO ROSQUEADA, INSTALADO EM REDE DE ALIMENTAÇÃO PARA HIDRANTE - FORNECIMENTO E INSTALAÇÃO. AF_10/2020","UN",90.39]
[92935,"LUVA DE REDUÇÃO, EM FERRO GALVANIZADO, 2 1/2\" X 2\", CONEXÃO ROSQUEADA, INSTALADO EM REDE DE ALIMENTAÇÃO PARA HIDRANTE - FORNECIMENTO E INSTALAÇÃO. AF_10/2020","UN",90.39]
[92936,"LUVA DE REDUÇÃO, EM FERRO GALVANIZADO, 3\" X 2 1/2\", CONEXÃO ROSQUEADA, INSTALADO EM REDE DE ALIMENTAÇÃO PARA HIDRANTE - FORNECIMENTO E INSTALAÇÃO. AF_10/2020","UN",123.85]
[92937,"LUVA DE REDUÇÃO, EM FERRO GALVANIZADO, 3\" X 2\", CONEXÃO ROSQUEADA, INSTALADO EM REDE DE ALIMENTAÇÃO PARA HIDRANTE - FORNECIMENTO E INSTALAÇÃO. AF_10/2020","UN",123.85]
[92938,"LUVA DE REDUÇÃO, EM FERRO GALVANIZADO, 1\" X 1/2\", CONEXÃO ROSQUEADA, INSTALADO EM REDE DE ALIMENTAÇÃO PARA SPRINKLER - FORNECIMENTO E INSTALAÇÃO. AF_10/2020","UN",25.01]
[92939,"LUVA DE REDUÇÃO, EM FERRO GALVANIZADO, 1\" X 3/4\", CONEXÃO ROSQUEADA, INSTALADO EM REDE DE ALIMENTAÇÃO PARA SPRINKLER - FORNECIMENTO E INSTALAÇÃO. AF_10/2020","UN",25.22]
[92940,"LUVA DE REDUÇÃO, EM FERRO GALVANIZADO, 1 1/4\" X 1\", CONEXÃO ROSQUEADA, INSTALADO EM REDE DE ALIMENTAÇÃO PARA SPRINKLER - FORNECIMENTO E INSTALAÇÃO. AF_10/2020","UN",31.47]
[92941,"LUVA DE REDUÇÃO, EM FERRO GALVANIZADO, 1 1/4\" X 1/2\", CONEXÃO ROSQUEADA, INSTALADO EM REDE DE ALIMENTAÇÃO PARA SPRINKLER - FORNECIMENTO E INSTALAÇÃO. AF_10/2020","UN",31.46]
[92942,"LUVA DE REDUÇÃO, EM FERRO GALVANIZADO, 1 1/4\" X 3/4\", CONEXÃO ROSQUEADA, INSTALADO EM REDE DE ALIMENTAÇÃO PARA SPRINKLER - FORNECIMENTO E INSTALAÇÃO. AF_10/2020","UN",31.46]
[92943,"LUVA DE REDUÇÃO, EM FERRO GALVANIZADO, 1 1/2\" X 1 1/4\", CONEXÃO ROSQUEADA, INSTALADO EM REDE DE ALIMENTAÇÃO PARA SPRINKLER - FORNECIMENTO E INSTALAÇÃO. AF_10/2020","UN",35.88]
[92944,"LUVA DE REDUÇÃO, EM FERRO GALVANIZADO, 1 1/2\" X 1\", CONEXÃO ROSQUEADA, INSTALADO EM REDE DE ALIMENTAÇÃO PARA SPRINKLER - FORNECIMENTO E INSTALAÇÃO. AF_10/2020","UN",35.88]
[92945,"LUVA DE REDUÇÃO, EM FERRO GALVANIZADO, 1 1/2\" X 3/4\", CONEXÃO ROSQUEADA, INSTALADO EM REDE DE ALIMENTAÇÃO PARA SPRINKLER - FORNECIMENTO E INSTALAÇÃO. AF_10/2020","UN",35.88]
[92946,"LUVA DE REDUÇÃO, EM FERRO GALVANIZADO, 2\" X 1 1/2\", CONEXÃO ROSQUEADA, INSTALADO EM REDE DE ALIMENTAÇÃO PARA SPRINKLER - FORNECIMENTO E INSTALAÇÃO. AF_10/2020","UN",49.01]
[92947,"LUVA DE REDUÇÃO, EM FERRO GALVANIZADO, 2\" X 1 1/4\", CONEXÃO ROSQUEADA, INSTALADO EM REDE DE ALIMENTAÇÃO PARA SPRINKLER - FORNECIMENTO E INSTALAÇÃO. AF_10/2020","UN",49.01]
[92948,"LUVA DE REDUÇÃO, EM FERRO GALVANIZADO, 2\" X 1\", CONEXÃO ROSQUEADA, INSTALADO EM REDE DE ALIMENTAÇÃO PARA SPRINKLER - FORNECIMENTO E INSTALAÇÃO. AF_10/2020","UN",49.01]
[92949,"LUVA DE REDUÇÃO, EM FERRO GALVANIZADO, 2 1/2\" X 1 1/2\", CONEXÃO ROSQUEADA, INSTALADO EM REDE DE ALIMENTAÇÃO PARA SPRINKLER - FORNECIMENTO E INSTALAÇÃO. AF_10/2020","UN",74.68]
[92950,"LUVA DE REDUÇÃO, EM FERRO GALVANIZADO, 2 1/2\" X 2\", CONEXÃO ROSQUEADA, INSTALADO EM REDE DE ALIMENTAÇÃO PARA SPRINKLER - FORNECIMENTO E INSTALAÇÃO. AF_10/2020","UN",74.68]
[92951,"LUVA DE REDUÇÃO, EM FERRO GALVANIZADO, 3\" X 2 1/2\", CONEXÃO ROSQUEADA, INSTALADO EM REDE DE ALIMENTAÇÃO PARA SPRINKLER - FORNECIMENTO E INSTALAÇÃO. AF_10/2020","UN",105.59]
[92952,"LUVA DE REDUÇÃO, EM FERRO GALVANIZADO, 3\" X 2\", CONEXÃO ROSQUEADA, INSTALADO EM REDE DE ALIMENTAÇÃO PARA SPRINKLER - FORNECIMENTO E INSTALAÇÃO. AF_10/2020","UN",105.59]
[92953,"LUVA DE REDUÇÃO, EM FERRO GALVANIZADO, 3/4\" X 1/2\", CONEXÃO ROSQUEADA, INSTALADO EM RAMAIS E SUB-RAMAIS DE GÁS - FORNECIMENTO E INSTALAÇÃO. AF_10/2020","UN",21.81]
[93050,"LUVA PASSANTE EM COBRE, DN 22 MM, SEM ANEL DE SOLDA, INSTALADO EM PRUMADA DE HIDRÁULICA PREDIAL - FORNECIMENTO E INSTALAÇÃO. AF_04/2022","UN",11.19]
[93052,"JUNTA DE EXPANSÃO EM COBRE, DN 22 MM, PONTA X PONTA, INSTALADO EM PRUMADA DE HIDRÁULICA PREDIAL - FORNECIMENTO E INSTALAÇÃO. AF_04/2022","UN",523.75]
[93054,"CONECTOR EM BRONZE/LATÃO, DN 22 MM X 3/4\", SEM ANEL DE SOLDA, BOLSA X ROSCA F, INSTALADO EM PRUMADA DE HIDRÁULICA PREDIAL - FORNECIMENTO E INSTALAÇÃO. AF_04/2022","UN",22.35]
[93055,"CURVA DE TRANSPOSIÇÃO EM BRONZE/LATÃO, DN 22 MM, SEM ANEL DE SOLDA, BOLSA X BOLSA, INSTALADO EM PRUMADA DE HIDRÁULICA PREDIAL - FORNECIMENTO E INSTALAÇÃO. AF_04/2022","UN",45.14]
[93056,"LUVA PASSANTE EM COBRE, DN 28 MM, SEM ANEL DE SOLDA, INSTALADO EM PRUMADA DE HIDRÁULICA PREDIAL - FORNECIMENTO E INSTALAÇÃO. AF_04/2022","UN",16.78]
[93057,"BUCHA DE REDUÇÃO EM COBRE, DN 28 MM X 22 MM, SEM ANEL DE SOLDA, PONTA X BOLSA, INSTALADO EM PRUMADA DE HIDRÁULICA PREDIAL - FORNECIMENTO E INSTALAÇÃO. AF_04/2022","UN",13.93]
[93058,"JUNTA DE EXPANSÃO EM COBRE, DN 28 MM, PONTA X PONTA, INSTALADO EM PRUMADA DE HIDRÁULICA PREDIAL - FORNECIMENTO E INSTALAÇÃO. AF_04/2022","UN",576.17]
[93059,"CONECTOR EM BRONZE/LATÃO, DN 28 MM X 1/2\", SEM ANEL DE SOLDA, BOLSA X ROSCA F, INSTALADO EM PRUMADA DE HIDRÁULICA PREDIAL - FORNECIMENTO E INSTALAÇÃO. AF_04/2022","UN",29.3]
[93060,"CURVA DE TRANSPOSIÇÃO EM BRONZE/LATÃO, DN 28 MM, SEM ANEL DE SOLDA, BOLSA X BOLSA, INSTALADO EM PRUMADA DE HIDRÁULICA PREDIAL - FORNECIMENTO E INSTALAÇÃO. AF_04/2022","UN",79.19]
[93061,"LUVA PASSANTE EM COBRE, DN 35 MM, SEM ANEL DE SOLDA, INSTALADO EM PRUMADA DE HIDRÁULICA PREDIAL - FORNECIMENTO E INSTALAÇÃO. AF_04/2022","UN",31.92]
[93062,"BUCHA DE REDUÇÃO EM COBRE, DN 35 MM X 28 MM, SEM ANEL DE SOLDA, PONTA X BOLSA, INSTALADO EM PRUMADA DE HIDRÁULICA PREDIAL - FORNECIMENTO E INSTALAÇÃO. AF_04/2022","UN",26.91]
[93063,"JUNTA DE EXPANSÃO EM BRONZE/LATÃO, DN 35 MM, PONTA X PONTA, INSTALADO EM PRUMADA DE HIDRÁULICA PREDIAL - FORNECIMENTO E INSTALAÇÃO. AF_04/2022","UN",660.22]
[93064,"LUVA PASSANTE EM COBRE, DN 42 MM, SEM ANEL DE SOLDA, INSTALADO EM PRUMADA DE HIDRÁULICA PREDIAL - FORNECIMENTO E INSTALAÇÃO. AF_04/2022","UN",49.08]
[93065,"BUCHA DE REDUÇÃO EM COBRE, DN 42 MM X 35 MM, SEM ANEL DE SOLDA, PONTA X BOLSA, INSTALADO EM PRUMADA DE HIDRÁULICA PREDIAL - FORNECIMENTO E INSTALAÇÃO. AF_04/2022","UN",44.09]
[93066,"JUNTA DE EXPANSÃO EM BRONZE/LATÃO, DN 42 MM, PONTA X PONTA, INSTALADO EM PRUMADA DE HIDRÁULICA PREDIAL - FORNECIMENTO E INSTALAÇÃO. AF_04/2022","UN",828.54]
[93067,"LUVA PASSANTE EM COBRE, DN 54 MM, SEM ANEL DE SOLDA, INSTALADO EM PRUMADA DE HIDRÁULICA PREDIAL - FORNECIMENTO E INSTALAÇÃO. AF_04/2022","UN",73.06]
[93068,"BUCHA DE REDUÇÃO EM COBRE, DN 54 MM X 42 MM, SEM ANEL DE SOLDA, PONTA X BOLSA, INSTALADO EM PRUMADA DE HIDRÁULICA PREDIAL - FORNECIMENTO E INSTALAÇÃO. AF_04/2022","UN",62.11]
[93069,"JUNTA DE EXPANSÃO EM BRONZE/LATÃO, DN 54 MM, PONTA X PONTA, INSTALADO EM PRUMADA DE HIDRÁULICA PREDIAL - FORNECIMENTO E INSTALAÇÃO. AF_04/2022","UN",{"v":1148.52,"d":"1,148.52"}]
[93070,"LUVA PASSANTE EM COBRE, DN 66 MM, SEM ANEL DE SOLDA, INSTALADO EM PRUMADA DE HIDRÁULICA PREDIAL - FORNECIMENTO E INSTALAÇÃO. AF_04/2022","UN",184.98]
[93071,"BUCHA DE REDUÇÃO EM COBRE, DN 66 MM X 54 MM, SEM ANEL DE SOLDA, PONTA X BOLSA, INSTALADO EM PRUMADA DE HIDRÁULICA PREDIAL - FORNECIMENTO E INSTALAÇÃO. AF_04/2022","UN",170.06]
[93072,"JUNTA DE EXPANSÃO EM BRONZE/LATÃO, DN 66 MM, PONTA X PONTA, INSTALADO EM PRUMADA DE HIDRÁULICA PREDIAL - FORNECIMENTO E INSTALAÇÃO. AF_04/2022","UN",{"v":1515.79,"d":"1,515.79"}]
[93074,"CURVA EM COBRE, DN 15 MM, 45 GRAUS, SEM ANEL DE SOLDA, BOLSA X BOLSA, INSTALADO EM RAMAL DE DISTRIBUIÇÃO DE HIDRÁULICA PREDIAL - FORNECIMENTO E INSTALAÇÃO. AF_04/2022","UN",13.06]
[93075,"COTOVELO EM BRONZE/LATÃO, DN 15 MM X 1/2\", 90 GRAUS, SEM ANEL DE SOLDA, BOLSA X ROSCA F, INSTALADO EM RAMAL DE DISTRIBUIÇÃO DE HIDRÁULICA PREDIAL - FORNECIMENTO E INSTALAÇÃO. AF_04/2022","UN",19.52]
[93076,"CURVA EM COBRE, DN 22 MM, 45 GRAUS, SEM ANEL DE SOLDA, BOLSA X BOLSA, INSTALADO EM RAMAL DE DISTRIBUIÇÃO DE HIDRÁULICA PREDIAL - FORNECIMENTO E INSTALAÇÃO. AF_04/2022","UN",21.04]
[93077,"COTOVELO EM BRONZE/LATÃO, DN 22 MM X 1/2\", 90 GRAUS, SEM ANEL DE SOLDA, BOLSA X ROSCA F, INSTALADO EM RAMAL DE DISTRIBUIÇÃO DE HIDRÁULICA PREDIAL - FORNECIMENTO E INSTALAÇÃO. AF_04/2022","UN",27.74]
[93078,"COTOVELO EM BRONZE/LATÃO, DN 22 MM X 3/4\", 90 GRAUS, SEM ANEL DE SOLDA, BOLSA X ROSCA F, INSTALADO EM RAMAL DE DISTRIBUIÇÃO DE HIDRÁULICA PREDIAL - FORNECIMENTO E INSTALAÇÃO. AF_04/2022","UN",31.2]
[93079,"CURVA EM COBRE, DN 28 MM, 45 GRAUS, SEM ANEL DE SOLDA, BOLSA X BOLSA, INSTALADO EM RAMAL DE DISTRIBUIÇÃO DE HIDRÁULICA PREDIAL - FORNECIMENTO E INSTALAÇÃO. AF_04/2022","UN",29.38]
[93080,"LUVA PASSANTE EM COBRE, DN 15 MM, SEM ANEL DE SOLDA, INSTALADO EM RAMAL DE DISTRIBUIÇÃO DE HIDRÁULICA PREDIAL - FORNECIMENTO E INSTALAÇÃO. AF_04/2022","UN",8.51]
[93081,"CONECTOR EM BRONZE/LATÃO, DN 15 MM X 1/2\", SEM ANEL DE SOLDA, BOLSA X ROSCA F, INSTALADO EM RAMAL DE DISTRIBUIÇÃO DE HIDRÁULICA PREDIAL - FORNECIMENTO E INSTALAÇÃO. AF_04/2022","UN",18.47]
[93082,"CURVA DE TRANSPOSIÇÃO EM BRONZE/LATÃO, DN 15 MM, SEM ANEL DE SOLDA, BOLSA X BOLSA, INSTALADO EM RAMAL DE DISTRIBUIÇÃO DE HIDRÁULICA PREDIAL - FORNECIMENTO E INSTALAÇÃO. AF_04/2022","UN",23.95]
[93083,"JUNTA DE EXPANSÃO EM COBRE, DN 15 MM, PONTA X PONTA, INSTALADO EM RAMAL DE DISTRIBUIÇÃO DE HIDRÁULICA PREDIAL - FORNECIMENTO E INSTALAÇÃO. AF_04/2022","UN",453.4]
[93084,"LUVA PASSANTE EM COBRE, DN 22 MM, SEM ANEL DE SOLDA, INSTALADO EM RAMAL DE DISTRIBUIÇÃO DE HIDRÁULICA PREDIAL - FORNECIMENTO E INSTALAÇÃO. AF_04/2022","UN",13.82]
[93085,"BUCHA DE REDUÇÃO EM COBRE, DN 22 MM X 15 MM, SEM ANEL DE SOLDA, PONTA X BOLSA, INSTALADO EM RAMAL DE DISTRIBUIÇÃO DE HIDRÁULICA PREDIAL - FORNECIMENTO E INSTALAÇÃO. AF_04/2022","UN",14.74]
[93086,"JUNTA DE EXPANSÃO EM COBRE, DN 22 MM, PONTA X PONTA, INSTALADO EM RAMAL DE DISTRIBUIÇÃO DE HIDRÁULICA PREDIAL - FORNECIMENTO E INSTALAÇÃO. AF_04/2022","UN",526.38]
[93087,"CONECTOR EM BRONZE/LATÃO, DN 22 MM X 1/2\", SEM ANEL DE SOLDA, BOLSA X ROSCA F, INSTALADO EM RAMAL DE DISTRIBUIÇÃO DE HIDRÁULICA PREDIAL - FORNECIMENTO E INSTALAÇÃO. AF_04/2022","UN",19.35]
[93088,"CONECTOR EM BRONZE/LATÃO, DN 22 MM X 3/4\", SEM ANEL DE SOLDA, BOLSA X ROSCA F, INSTALADO EM RAMAL DE DISTRIBUIÇÃO DE HIDRÁULICA PREDIAL - FORNECIMENTO E INSTALAÇÃO. AF_04/2022","UN",23.97]
[93089,"CURVA DE TRANSPOSIÇÃO EM BRONZE/LATÃO, DN 22 MM, SEM ANEL DE SOLDA, BOLSA X BOLSA, INSTALADO EM RAMAL DE DISTRIBUIÇÃO DE HIDRÁULICA PREDIAL - FORNECIMENTO E INSTALAÇÃO. AF_04/2022","UN",47.77]
[93090,"LUVA PASSANTE EM COBRE, DN 28 MM, SEM ANEL DE SOLDA, INSTALADO EM RAMAL DE DISTRIBUIÇÃO DE HIDRÁULICA PREDIAL - FORNECIMENTO E INSTALAÇÃO. AF_04/2022","UN",19.2]
[93091,"BUCHA DE REDUÇÃO EM COBRE, DN 28 MM X 22 MM, SEM ANEL DE SOLDA, INSTALADO EM RAMAL DE DISTRIBUIÇÃO DE HIDRÁULICA PREDIAL - FORNECIMENTO E INSTALAÇÃO. AF_04/2022","UN",16.46]
[93092,"JUNTA DE EXPANSÃO EM COBRE, DN 28 MM, PONTA X PONTA, INSTALADO EM RAMAL DE DISTRIBUIÇÃO DE HIDRÁULICA PREDIAL - FORNECIMENTO E INSTALAÇÃO. AF_04/2022","UN",578.59]
[93093,"CONECTOR EM BRONZE/LATÃO, DN 28 MM X 1/2\", SEM ANEL DE SOLDA, BOLSA X ROSCA F, INSTALADO EM RAMAL DE DISTRIBUIÇÃO DE HIDRÁULICA PREDIAL - FORNECIMENTO E INSTALAÇÃO. AF_04/2022","UN",30.51]
[93094,"CURVA DE TRANSPOSIÇÃO EM BRONZE/LATÃO, DN 28 MM, SEM ANEL DE SOLDA, BOLSA X BOLSA, INSTALADO EM RAMAL DE DISTRIBUIÇÃO DE HIDRÁULICA PREDIAL - FORNECIMENTO E INSTALAÇÃO. AF_04/2022","UN",81.61]
[93097,"CURVA EM COBRE, DN 15 MM, 45 GRAUS, SEM ANEL DE SOLDA, BOLSA X BOLSA, INSTALADO EM RAMAL E SUB-RAMAL DE HIDRÁULICA PREDIAL - FORNECIMENTO E INSTALAÇÃO. AF_04/2022","UN",13.32]
[93098,"COTOVELO EM BRONZE/LATÃO, DN 15 MM X 1/2\", 90 GRAUS, SEM ANEL DE SOLDA, BOLSA X ROSCA F, INSTALADO EM RAMAL E SUB-RAMAL DE HIDRÁULICA PREDIAL - FORNECIMENTO E INSTALAÇÃO. AF_04/2022","UN",19.66]
[93099,"CURVA EM COBRE, DN 22 MM, 45 GRAUS, SEM ANEL DE SOLDA, BOLSA X BOLSA, INSTALADO EM RAMAL E SUB-RAMAL DE HIDRÁULICA PREDIAL - FORNECIMENTO E INSTALAÇÃO. AF_04/2022","UN",23.96]
[93100,"COTOVELO EM BRONZE/LATÃO, DN 22 MM X 1/2\", 90 GRAUS, SEM ANEL DE SOLDA, BOLSA X ROSCA F, INSTALADO EM RAMAL E SUB-RAMAL DE HIDRÁULICA PREDIAL - FORNECIMENTO E INSTALAÇÃO. AF_04/2022","UN",29.19]
[93101,"COTOVELO EM BRONZE/LATÃO, DN 22 MM X 3/4\", 90 GRAUS, SEM ANEL DE SOLDA, BOLSA X ROSCA F, INSTALADO EM RAMAL E SUB-RAMAL DE HIDRÁULICA PREDIAL - FORNECIMENTO E INSTALAÇÃO. AF_04/2022","UN",32.66]
[93102,"CURVA EM COBRE, DN 28 MM, 45 GRAUS, SEM ANEL DE SOLDA, BOLSA X BOLSA, INSTALADO EM RAMAL E SUB-RAMAL DE HIDRÁULICA PREDIAL - FORNECIMENTO E INSTALAÇÃO. AF_04/2022","UN",34.59]
[93103,"LUVA PASSANTE EM COBRE, DN 15 MM, SEM ANEL DE SOLDA, INSTALADO EM RAMAL E SUB-RAMAL DE HIDRÁULICA PREDIAL - FORNECIMENTO E INSTALAÇÃO. AF_04/2022","UN",8.68]
[93104,"CONECTOR EM BRONZE/LATÃO, DN 15 MM X 1/2\", SEM ANEL DE SOLDA, BOLSA X ROSCA F, INSTALADO EM RAMAL E SUB-RAMAL DE HIDRÁULICA PREDIAL - FORNECIMENTO E INSTALAÇÃO. AF_04/2022","UN",18.56]
[93105,"CURVA DE TRANSPOSIÇÃO EM BRONZE/LATÃO, DN 15 MM, SEM ANEL DE SOLDA, BOLSA X BOLSA, INSTALADO EM RAMAL E SUB-RAMAL DE HIDRÁULICA PREDIAL - FORNECIMENTO E INSTALAÇÃO. AF_04/2022","UN",24.12]
[93106,"JUNTA DE EXPANSÃO EM COBRE, DN 15 MM, PONTA X PONTA, INSTALADO EM RAMAL E SUB-RAMAL DE HIDRÁULICA PREDIAL - FORNECIMENTO E INSTALAÇÃO. AF_04/2022","UN",453.57]
[93107,"LUVA PASSANTE EM COBRE, DN 22 MM, SEM ANEL DE SOLDA, INSTALADO EM RAMAL E SUB-RAMAL DE HIDRÁULICA PREDIAL - FORNECIMENTO E INSTALAÇÃO. AF_04/2022","UN",15.79]
[93108,"BUCHA DE REDUÇÃO EM COBRE, DN 22 MM X 15 MM, SEM ANEL DE SOLDA, PONTA X BOLSA, INSTALADO EM RAMAL E SUB-RAMAL DE HIDRÁULICA PREDIAL - FORNECIMENTO E INSTALAÇÃO. AF_04/2022","UN",13.3]
[93109,"JUNTA DE EXPANSÃO EM COBRE, DN 22 MM, PONTA X PONTA, INSTALADO EM RAMAL E SUB-RAMAL DE HIDRÁULICA PREDIAL - FORNECIMENTO E INSTALAÇÃO. AF_04/2022","UN",528.35]
[93110,"CONECTOR EM BRONZE/LATÃO, DN 22 MM X 1/2\", SEM ANEL DE SOLDA, BOLSA X ROSCA F, INSTALADO EM RAMAL E SUB-RAMAL DE HIDRÁULICA PREDIAL - FORNECIMENTO E INSTALAÇÃO. AF_04/2022","UN",20.34]
[93111,"CONECTOR EM BRONZE/LATÃO, DN 22 MM X 3/4\", SEM ANEL DE SOLDA, BOLSA X ROSCA F, INSTALADO EM RAMAL E SUB-RAMAL DE HIDRÁULICA PREDIAL - FORNECIMENTO E INSTALAÇÃO. AF_04/2022","UN",24.65]
[93112,"CURVA DE TRANSPOSIÇÃO EM BRONZE/LATÃO, DN 22 MM, SEM ANEL DE SOLDA, BOLSA X BOLSA, INSTALADO EM RAMAL E SUB-RAMAL DE HIDRÁULICA PREDIAL - FORNECIMENTO E INSTALAÇÃO. AF_04/2022","UN",49.74]
[93113,"LUVA PASSANTE EM COBRE, DN 28 MM, SEM ANEL DE SOLDA, INSTALADO EM RAMAL E SUB-RAMAL  DE HIDRÁULICA PREDIAL - FORNECIMENTO E INSTALAÇÃO. AF_04/2022","UN",22.7]
[93114,"CONECTOR EM BRONZE/LATÃO, DN 28 MM X 1/2\", SEM ANEL DE SOLDA, BOLSA X ROSCA F, INSTALADO EM RAMAL E SUB-RAMAL DE HIDRÁULICA PREDIAL - FORNECIMENTO E INSTALAÇÃO. AF_04/2022","UN",32.26]
[93115,"CURVA DE TRANSPOSIÇÃO EM BRONZE/LATÃO, DN 28 MM, SEM ANEL DE SOLDA, BOLSA X BOLSA, INSTALADO EM RAMAL E SUB-RAMAL DE HIDRÁULICA PREDIAL - FORNECIMENTO E INSTALAÇÃO. AF_04/2022","UN",85.11]
[93116,"JUNTA DE EXPANSÃO EM COBRE, DN 28 MM, PONTA X PONTA, INSTALADO EM RAMAL E SUB-RAMAL DE HIDRÁULICA PREDIAL - FORNECIMENTO E INSTALAÇÃO. AF_04/2022","UN",582.09]
[93117,"TE DUPLA CURVA EM BRONZE/LATÃO, DN 1/2\" X 15 MM X 1/2\", SEM ANEL DE SOLDA, ROSCA F X BOLSA X ROSCA F, INSTALADO EM RAMAL E SUB-RAMAL DE HIDRÁULICA PREDIAL - FORNECIMENTO E INSTALAÇÃO. AF_04/2022","UN",58.12]
[93118,"TE DUPLA CURVA EM BRONZE/LATÃO, DN 3/4\" X 22 MM X 3/4\", SEM ANEL DE SOLDA, ROSCA F X BOLSA X ROSCA F, INSTALADO EM RAMAL E SUB-RAMAL DE HIDRÁULICA PREDIAL - FORNECIMENTO E INSTALAÇÃO. AF_04/2022","UN",85.66]
[93119,"CURVA EM COBRE, DN 22 MM, 45 GRAUS, SEM ANEL DE SOLDA, BOLSA X BOLSA, INSTALADO EM PRUMADA DE HIDRÁULICA PREDIAL - FORNECIMENTO E INSTALAÇÃO. AF_04/2022","UN",17.12]
[93120,"COTOVELO EM BRONZE/LATÃO, DN 22 MM X 1/2\", 90 GRAUS, SEM ANEL DE SOLDA, BOLSA X ROSCA F, INSTALADO EM PRUMADA DE HIDRÁULICA PREDIAL - FORNECIMENTO E INSTALAÇÃO. AF_04/2022","UN",25.78]
[93121,"COTOVELO EM BRONZE/LATÃO, DN 22 MM X 3/4\", 90 GRAUS, SEM ANEL DE SOLDA, BOLSA X ROSCA F, INSTALADO EM PRUMADA DE HIDRÁULICA PREDIAL - FORNECIMENTO E INSTALAÇÃO. AF_04/2022","UN",29.24]
[93122,"CURVA EM COBRE, DN 28 MM, 45 GRAUS, SEM ANEL DE SOLDA, BOLSA X BOLSA, INSTALADO EM PRUMADA DE HIDRÁULICA PREDIAL - FORNECIMENTO E INSTALAÇÃO. AF_04/2022","UN",25.77]
[93123,"CURVA EM COBRE, DN 35 MM, 45 GRAUS, SEM ANEL DE SOLDA, BOLSA X BOLSA, INSTALADO EM PRUMADA DE HIDRÁULICA PREDIAL -  FORNECIMENTO E INSTALAÇÃO. AF_04/2022","UN",57.77]
[93124,"CURVA EM COBRE, DN 42 MM, 45 GRAUS, SEM ANEL DE SOLDA, BOLSA X BOLSA, INSTALADO EM PRUMADA DE HIDRÁULICA PREDIAL - FORNECIMENTO E INSTALAÇÃO. AF_04/2022","UN",90.86]
[93125,"CURVA EM COBRE, DN 54 MM, 45 GRAUS, SEM ANEL DE SOLDA, BOLSA X BOLSA, INSTALADO EM PRUMADA DE HIDRÁULICA PREDIAL - FORNECIMENTO E INSTALAÇÃO. AF_04/2022","UN",133.7]
[93126,"CURVA EM COBRE, DN 66 MM, 45 GRAUS, SEM ANEL DE SOLDA, BOLSA X BOLSA, INSTALADO EM PRUMADA DE HIDRÁULICA PREDIAL - FORNECIMENTO E INSTALAÇÃO. AF_04/2022","UN",296.03]
[93133,"BUCHA DE REDUÇÃO EM COBRE, DN 28 MM X 22 MM, SEM ANEL DE SOLDA, INSTALADO EM RAMAL E SUB-RAMAL DE HIDRÁULICA PREDIAL - FORNECIMENTO E INSTALAÇÃO. AF_04/2022","UN",19.19]
[94465,"LUVA, EM FERRO GALVANIZADO, CONEXÃO ROSQUEADA, DN 50 MM (2\"), INSTALADO EM RESERVAÇÃO PREDIAL DE ÁGUA - FORNECIMENTO E INSTALAÇÃO. AF_04/2024","UN",43.59]
[94466,"NIPLE, EM FERRO GALVANIZADO, CONEXÃO ROSQUEADA, DN 50 MM (2\"), INSTALADO EM RESERVAÇÃO PREDIAL DE ÁGUA - FORNECIMENTO E INSTALAÇÃO. AF_04/2024","UN",43.61]
[94467,"LUVA, EM FERRO GALVANIZADO, CONEXÃO ROSQUEADA, DN 65 MM (2 1/2\"), INSTALADO EM RESERVAÇÃO PREDIAL DE ÁGUA - FORNECIMENTO E INSTALAÇÃO. AF_04/2024","UN",69.68]
[94468,"NIPLE, EM FERRO GALVANIZADO, CONEXÃO ROSQUEADA, DN 65 MM (2 1/2\"), INSTALADO EM RESERVAÇÃO PREDIAL DE ÁGUA - FORNECIMENTO E INSTALAÇÃO. AF_04/2024","UN",61.34]
[94469,"LUVA, EM FERRO GALVANIZADO, CONEXÃO ROSQUEADA, DN 80 MM (3\"), INSTALADO EM RESERVAÇÃO PREDIAL DE ÁGUA - FORNECIMENTO E INSTALAÇÃO. AF_04/2024","UN",99.31]
[94470,"NIPLE, EM FERRO GALVANIZADO, CONEXÃO ROSQUEADA, DN 80 MM (3\"), INSTALADO EM RESERVAÇÃO PREDIAL DE ÁGUA - FORNECIMENTO E INSTALAÇÃO. AF_04/2024","UN",91.89]
[94471,"COTOVELO 90 GRAUS, EM FERRO GALVANIZADO, CONEXÃO ROSQUEADA, DN 50 MM (2\"), INSTALADO EM RESERVAÇÃO PREDIAL DE ÁGUA - FORNECIMENTO E INSTALAÇÃO. AF_04/2024","UN",62.85]
[94472,"COTOVELO 45 GRAUS, EM FERRO GALVANIZADO, CONEXÃO ROSQUEADA, DN 50 MM (2\"), INSTALADO EM RESERVAÇÃO PREDIAL DE ÁGUA - FORNECIMENTO E INSTALAÇÃO. AF_04/2024","UN",64.71]
[94473,"COTOVELO 90 GRAUS, EM FERRO GALVANIZADO, CONEXÃO ROSQUEADA, DN 65 MM (2 1/2\"), INSTALADO EM RESERVAÇÃO PREDIAL DE ÁGUA - FORNECIMENTO E INSTALAÇÃO. AF_04/2024","UN",99.88]
[94474,"COTOVELO 45 GRAUS, EM FERRO GALVANIZADO, CONEXÃO ROSQUEADA, DN 65 MM (2 1/2\"), INSTALADO EM RESERVAÇÃO PREDIAL DE ÁGUA - FORNECIMENTO E INSTALAÇÃO. AF_04/2024","UN",108.04]
[94475,"COTOVELO 90 GRAUS, EM FERRO GALVANIZADO, CONEXÃO ROSQUEADA, DN 80 MM (3\"), INSTALADO EM RESERVAÇÃO PREDIAL DE ÁGUA - FORNECIMENTO E INSTALAÇÃO. AF_04/2024","UN",134.85]
[94476,"COTOVELO 45 GRAUS, EM FERRO GALVANIZADO, CONEXÃO ROSQUEADA, DN 80 MM (3\"), INSTALADO EM RESERVAÇÃO PREDIAL DE ÁGUA - FORNECIMENTO E INSTALAÇÃO. AF_04/2024","UN",150.58]
[94477,"TÊ, EM FERRO GALVANIZADO, CONEXÃO ROSQUEADA, DN 50 MM (2\"), INSTALADO EM RESERVAÇÃO PREDIAL DE ÁGUA - FORNECIMENTO E INSTALAÇÃO. AF_04/2024","UN",83.75]
[94478,"TÊ, EM FERRO GALVANIZADO, CONEXÃO ROSQUEADA, DN 65 MM (2 1/2\"), INSTALADO EM RESERVAÇÃO PREDIAL DE ÁGUA - FORNECIMENTO E INSTALAÇÃO. AF_04/2024","UN",137.27]
[94479,"TÊ, EM FERRO GALVANIZADO, CONEXÃO ROSQUEADA, DN 80 MM (3\"), INSTALADO EM RESERVAÇÃO PREDIAL DE ÁGUA - FORNECIMENTO E INSTALAÇÃO. AF_04/2024","UN",178.24]
[94606,"LUVA EM COBRE, DN 54 MM, SEM ANEL DE SOLDA, INSTALADO EM RESERVAÇÃO PREDIAL DE ÁGUA - FORNECIMENTO E INSTALAÇÃO. AF_04/2024","UN",77.47]
[94608,"LUVA EM COBRE, DN 66 MM, SEM ANEL DE SOLDA, INSTALADO EM RESERVAÇÃO PREDIAL DE ÁGUA - FORNECIMENTO E INSTALAÇÃO. AF_04/2024","UN",196.09]
[94610,"LUVA EM COBRE, DN 79 MM, SEM ANEL DE SOLDA, INSTALADO EM RESERVAÇÃO PREDIAL DE ÁGUA - FORNECIMENTO E INSTALAÇÃO. AF_04/2024","UN",287.42]
[94612,"LUVA DE COBRE, DN 104 MM, SEM ANEL DE SOLDA, INSTALADO EM RESERVAÇÃO PREDIAL DE ÁGUA - FORNECIMENTO E INSTALAÇÃO. AF_04/2024","UN",408.99]
[94614,"COTOVELO EM COBRE, DN 54 MM, 90 GRAUS, SEM ANEL DE SOLDA, INSTALADO EM RESERVAÇÃO PREDIAL DE ÁGUA - FORNECIMENTO E INSTALAÇÃO. AF_04/2024","UN",132.42]
[94615,"CURVA EM COBRE, DN 54 MM, 45 GRAUS, SEM ANEL DE SOLDA, BOLSA X BOLSA, INSTALADO EM RESERVAÇÃO PREDIAL DE ÁGUA - FORNECIMENTO E INSTALAÇÃO. AF_04/2024","UN",150.63]
[94616,"COTOVELO EM COBRE, DN 66 MM, 90 GRAUS, SEM ANEL DE SOLDA, INSTALADO EM RESERVAÇÃO PREDIAL DE ÁGUA - FORNECIMENTO E INSTALAÇÃO. AF_04/2024","UN",374.77]
[94617,"CURVA EM COBRE, DN 66 MM, 45 GRAUS, SEM ANEL DE SOLDA, BOLSA X BOLSA, INSTALADO EM RESERVAÇÃO PREDIAL DE ÁGUA - FORNECIMENTO E INSTALAÇÃO. AF_04/2024","UN",311.46]
[94618,"COTOVELO EM COBRE, DN 79 MM, 90 GRAUS, SEM ANEL DE SOLDA, INSTALADO EM RESERVAÇÃO PREDIAL DE ÁGUA - FORNECIMENTO E INSTALAÇÃO. AF_04/2024","UN",364.11]
[94620,"COTOVELO EM COBRE, DN 104 MM, 90 GRAUS, SEM ANEL DE SOLDA, INSTALADO EM RESERVAÇÃO PREDIAL DE ÁGUA - FORNECIMENTO E INSTALAÇÃO. AF_04/2024","UN",843.01]
[94622,"TE EM COBRE, DN 54 MM, SEM ANEL DE SOLDA, INSTALADO EM RESERVAÇÃO PREDIAL DE ÁGUA - FORNECIMENTO E INSTALAÇÃO. AF_04/2024","UN",193.43]
[94623,"TE EM COBRE, DN 66 MM, SEM ANEL DE SOLDA, INSTALADO EM RESERVAÇÃO PREDIAL DE ÁGUA - FORNECIMENTO E INSTALAÇÃO. AF_04/2024","UN",463.97]
[94624,"TE EM COBRE, DN 79 MM, SEM ANEL DE SOLDA, INSTALADO EM RESERVAÇÃO PREDIAL DE ÁGUA - FORNECIMENTO E INSTALAÇÃO. AF_04/2024","UN",700.12]
[94625,"TE EM COBRE, DN 104 MM, SEM ANEL DE SOLDA, INSTALADO EM RESERVAÇÃO PREDIAL DE ÁGUA - FORNECIMENTO E INSTALAÇÃO. AF_04/2024","UN",{"v":1469.37,"d":"1,469.37"}]
[94656,"ADAPTADOR CURTO COM BOLSA E ROSCA PARA REGISTRO, PVC, SOLDÁVEL, DN  25 MM X 3/4\", INSTALADO EM RESERVAÇÃO PREDIAL DE ÁGUA - FORNECIMENTO E INSTALAÇÃO. AF_04/2024","UN",3.27]
[94657,"LUVA PVC, SOLDÁVEL, DN  25 MM, INSTALADO EM RESERVAÇÃO PREDIAL DE ÁGUA - FORNECIMENTO E INSTALAÇÃO. AF_04/2024","UN",3.77]
[94658,"ADAPTADOR CURTO COM BOLSA E ROSCA PARA REGISTRO, PVC, SOLDÁVEL, DN 32 MM X 1\", INSTALADO EM RESERVAÇÃO PREDIAL DE ÁGUA - FORNECIMENTO E INSTALAÇÃO. AF_04/2024","UN",4.9]
[94659,"LUVA PVC, SOLDÁVEL, DN 32 MM, INSTALADO EM RESERVAÇÃO PREDIAL DE ÁGUA - FORNECIMENTO E INSTALAÇÃO. AF_04/2024","UN",5.85]
[94660,"ADAPTADOR CURTO COM BOLSA E ROSCA PARA REGISTRO, PVC, SOLDÁVEL, DN 40 MM X 1 1/4\", INSTALADO EM RESERVAÇÃO PREDIAL DE ÁGUA - FORNECIMENTO E INSTALAÇÃO. AF_04/2024","UN",7.72]
[94661,"LUVA, PVC, SOLDÁVEL, DN 40 MM, INSTALADO EM RESERVAÇÃO PREDIAL DE ÁGUA - FORNECIMENTO E INSTALAÇÃO. AF_04/2024","UN",9.18]
[94662,"ADAPTADOR CURTO COM BOLSA E ROSCA PARA REGISTRO, PVC, SOLDÁVEL, DN 50 MM X 1 1/2\", INSTALADO EM RESERVAÇÃO PREDIAL DE ÁGUA - FORNECIMENTO E INSTALAÇÃO. AF_04/2024","UN",10.17]
[94663,"LUVA, PVC, SOLDÁVEL, DN 50 MM, INSTALADO EM RESERVAÇÃO PREDIAL DE ÁGUA - FORNECIMENTO E INSTALAÇÃO. AF_04/2024","UN",11.56]
[94664,"ADAPTADOR CURTO COM BOLSA E ROSCA PARA REGISTRO, PVC, SOLDÁVEL, DN 60 MM X 2\", INSTALADO EM RESERVAÇÃO PREDIAL DE ÁGUA - FORNECIMENTO E INSTALAÇÃO. AF_04/2024","UN",18.42]
[94665,"LUVA, PVC, SOLDÁVEL, DN 60 MM, INSTALADO EM RESERVAÇÃO PREDIAL DE ÁGUA - FORNECIMENTO E INSTALAÇÃO. AF_04/2024","UN",22.43]
[94666,"ADAPTADOR CURTO COM BOLSA E ROSCA PARA REGISTRO, PVC, SOLDÁVEL, DN 75 MM X 2 1/2\", INSTALADO EM RESERVAÇÃO PREDIAL DE ÁGUA - FORNECIMENTO E INSTALAÇÃO. AF_04/2024","UN",29.93]
[94667,"LUVA, PVC, SOLDÁVEL, DN 75 MM, INSTALADO EM RESERVAÇÃO PREDIAL DE ÁGUA - FORNECIMENTO E INSTALAÇÃO. AF_04/2024","UN",33.02]
[94668,"ADAPTADOR CURTO COM BOLSA E ROSCA PARA REGISTRO, PVC, SOLDÁVEL, DN 85 MM X 3\", INSTALADO EM RESERVAÇÃO PREDIAL DE ÁGUA - FORNECIMENTO E INSTALAÇÃO. AF_04/2024","UN",39.75]
[94669,"LUVA, PVC, SOLDÁVEL, DN 85 MM, INSTALADO EM RESERVAÇÃO PREDIAL DE ÁGUA - FORNECIMENTO E INSTALAÇÃO. AF_04/2024","UN",59.25]
[94670,"ADAPTADOR CURTO COM BOLSA E ROSCA PARA REGISTRO, PVC, SOLDÁVEL, DN 110 MM X 4\", INSTALADO EM RESERVAÇÃO PREDIAL DE ÁGUA - FORNECIMENTO E INSTALAÇÃO. AF_04/2024","UN",62.99]
[94671,"LUVA, PVC, SOLDÁVEL, DN 110 MM, INSTALADO EM RESERVAÇÃO PREDIAL DE ÁGUA - FORNECIMENTO E INSTALAÇÃO. AF_04/2024","UN",96.85]
[94672,"JOELHO 90 GRAUS COM BUCHA DE LATÃO, PVC, SOLDÁVEL, DN  25 MM X 3/4\", INSTALADO EM RESERVAÇÃO PREDIAL DE ÁGUA - FORNECIMENTO E INSTALAÇÃO. AF_04/2024","UN",5.58]
[94673,"CURVA 90 GRAUS, PVC, SOLDÁVEL, DN  25 MM, INSTALADO EM RESERVAÇÃO PREDIAL DE ÁGUA - FORNECIMENTO E INSTALAÇÃO. AF_04/2024","UN",6.66]
[94674,"JOELHO 90 GRAUS, PVC, SOLDÁVEL, DN 32 MM INSTALADO EM RESERVAÇÃO PREDIAL DE ÁGUA - FORNECIMENTO E INSTALAÇÃO. AF_04/2024","UN",7.4]
[94675,"CURVA 90 GRAUS, PVC, SOLDÁVEL, DN 32 MM, INSTALADO EM RESERVAÇÃO PREDIAL DE ÁGUA - FORNECIMENTO E INSTALAÇÃO. AF_04/2024","UN",11.12]
[94676,"JOELHO 90 GRAUS, PVC, SOLDÁVEL, DN 40 MM INSTALADO EM RESERVAÇÃO PREDIAL DE ÁGUA - FORNECIMENTO E INSTALAÇÃO. AF_04/2024","UN",12.25]
[94677,"CURVA 90 GRAUS, PVC, SOLDÁVEL, DN 40 MM, INSTALADO EM RESERVAÇÃO PREDIAL DE ÁGUA - FORNECIMENTO E INSTALAÇÃO. AF_04/2024","UN",17.9]
[94678,"JOELHO 90 GRAUS, PVC, SOLDÁVEL, DN 50 MM INSTALADO EM RESERVAÇÃO PREDIAL DE ÁGUA - FORNECIMENTO E INSTALAÇÃO. AF_04/2024","UN",14.31]
[94679,"CURVA 90 GRAUS, PVC, SOLDÁVEL, DN 50 MM, INSTALADO EM RESERVAÇÃO PREDIAL DE ÁGUA - FORNECIMENTO E INSTALAÇÃO. AF_04/2024","UN",21.74]
[94680,"JOELHO 90 GRAUS, PVC, SOLDÁVEL, DN 60 MM INSTALADO EM RESERVAÇÃO PREDIAL DE ÁGUA - FORNECIMENTO E INSTALAÇÃO. AF_04/2024","UN",39.73]
[94681,"CURVA 90 GRAUS, PVC, SOLDÁVEL, DN 60 MM, INSTALADO EM RESERVAÇÃO PREDIAL DE ÁGUA - FORNECIMENTO E INSTALAÇÃO. AF_04/2024","UN",44.48]
[94682,"JOELHO 90 GRAUS, PVC, SOLDÁVEL, DN 75 MM INSTALADO EM RESERVAÇÃO PREDIAL DE ÁGUA - FORNECIMENTO E INSTALAÇÃO. AF_04/2024","UN",98.04]
[94683,"CURVA 90 GRAUS, PVC, SOLDÁVEL, DN 75 MM, INSTALADO EM RESERVAÇÃO PREDIAL DE ÁGUA - FORNECIMENTO E INSTALAÇÃO. AF_04/2024","UN",67.59]
[94684,"JOELHO 90 GRAUS, PVC, SOLDÁVEL, DN 85 MM INSTALADO EM RESERVAÇÃO PREDIAL DE ÁGUA - FORNECIMENTO E INSTALAÇÃO. AF_04/2024","UN",118.34]
[94685,"CURVA 90 GRAUS, PVC, SOLDÁVEL, DN 85 MM, INSTALADO EM RESERVAÇÃO PREDIAL DE ÁGUA - FORNECIMENTO E INSTALAÇÃO. AF_04/2024","UN",86.06]
[94686,"JOELHO 90 GRAUS, PVC, SOLDÁVEL, DN 110 MM INSTALADO EM RESERVAÇÃO PREDIAL DE ÁGUA - FORNECIMENTO E INSTALAÇÃO. AF_04/2024","UN",227.62]
[94687,"CURVA 90 GRAUS, PVC, SOLDÁVEL, DN 110 MM, INSTALADO EM RESERVAÇÃO PREDIAL DE ÁGUA - FORNECIMENTO E INSTALAÇÃO. AF_04/2024","UN",206.2]
[94688,"TÊ, PVC, SOLDÁVEL, DN  25 MM INSTALADO EM RESERVAÇÃO PREDIAL DE ÁGUA - FORNECIMENTO E INSTALAÇÃO. AF_04/2024","UN",6.53]
[94689,"TÊ COM BUCHA DE LATÃO NA BOLSA CENTRAL, PVC, SOLDÁVEL, DN  25 MM X 3/4\", INSTALADO EM RESERVAÇÃO PREDIAL DE ÁGUA - FORNECIMENTO E INSTALAÇÃO. AF_04/2024","UN",8.76]
[94690,"TÊ, PVC, SOLDÁVEL, DN 32 MM INSTALADO EM RESERVAÇÃO PREDIAL DE ÁGUA - FORNECIMENTO E INSTALAÇÃO. AF_04/2024","UN",10.67]
[94691,"TÊ DE REDUÇÃO, PVC, SOLDÁVEL, DN 32 MM X  25 MM, INSTALADO EM RESERVAÇÃO PREDIAL DE ÁGUA - FORNECIMENTO E INSTALAÇÃO. AF_04/2024","UN",12.67]
[94692,"TÊ, PVC, SOLDÁVEL, DN 40 MM INSTALADO EM RESERVAÇÃO PREDIAL DE ÁGUA - FORNECIMENTO E INSTALAÇÃO. AF_04/2024","UN",17.95]
[94693,"TÊ DE REDUÇÃO, PVC, SOLDÁVEL, DN 40 MM X 32 MM, INSTALADO EM RESERVAÇÃO PREDIAL DE ÁGUA - FORNECIMENTO E INSTALAÇÃO. AF_04/2024","UN",16.58]
[94694,"TÊ, PVC, SOLDÁVEL, DN 50 MM INSTALADO EM RESERVAÇÃO PREDIAL DE ÁGUA - FORNECIMENTO E INSTALAÇÃO. AF_04/2024","UN",22.39]
[94695,"TÊ DE REDUÇÃO, PVC, SOLDÁVEL, DN 50 MM X 40 MM, INSTALADO EM RESERVAÇÃO PREDIAL DE ÁGUA - FORNECIMENTO E INSTALAÇÃO. AF_04/2024","UN",28.81]
[94696,"TÊ, PVC, SOLDÁVEL, DN 60 MM INSTALADO EM RESERVAÇÃO PREDIAL DE ÁGUA - FORNECIMENTO E INSTALAÇÃO. AF_04/2024","UN",46.66]
[94697,"TÊ, PVC, SOLDÁVEL, DN 75 MM INSTALADO EM RESERVAÇÃO PREDIAL DE ÁGUA - FORNECIMENTO E INSTALAÇÃO. AF_04/2024","UN",79.78]
[94698,"TÊ DE REDUÇÃO, PVC, SOLDÁVEL, DN 75 MM X 50 MM, INSTALADO EM RESERVAÇÃO PREDIAL DE ÁGUA - FORNECIMENTO E INSTALAÇÃO. AF_04/2024","UN",61.66]
[94699,"TÊ, PVC, SOLDÁVEL, DN 85 MM INSTALADO EM RESERVAÇÃO PREDIAL DE ÁGUA - FORNECIMENTO E INSTALAÇÃO. AF_04/2024","UN",105.63]
[94700,"TÊ DE REDUÇÃO, PVC, SOLDÁVEL, DN 85 MM X 60 MM, INSTALADO EM RESERVAÇÃO PREDIAL DE ÁGUA - FORNECIMENTO E INSTALAÇÃO. AF_04/2024","UN",119.21]
[94701,"TÊ, PVC, SOLDÁVEL, DN 110 MM INSTALADO EM RESERVAÇÃO PREDIAL DE ÁGUA - FORNECIMENTO E INSTALAÇÃO. AF_04/2024","UN",205.62]
[94702,"TÊ DE REDUÇÃO, PVC, SOLDÁVEL, DN 110 MM X 60 MM, INSTALADO EM RESERVAÇÃO PREDIAL DE ÁGUA - FORNECIMENTO E INSTALAÇÃO. AF_04/2024","UN",171.34]
[94703,"ADAPTADOR COM FLANGE E ANEL DE VEDAÇÃO, PVC, SOLDÁVEL, DN  25 MM X 3/4\", INSTALADO EM RESERVAÇÃO PREDIAL DE ÁGUA - FORNECIMENTO E INSTALAÇÃO. AF_04/2024","UN",18.16]
[94704,"ADAPTADOR COM FLANGE E ANEL DE VEDAÇÃO, PVC, SOLDÁVEL, DN 32 MM X 1\", INSTALADO EM RESERVAÇÃO PREDIAL DE ÁGUA - FORNECIMENTO E INSTALAÇÃO. AF_04/2024","UN",24.3]
[94705,"ADAPTADOR COM FLANGE E ANEL DE VEDAÇÃO, PVC, SOLDÁVEL, DN 40 MM X 1 1/4\", INSTALADO EM RESERVAÇÃO PREDIAL DE ÁGUA - FORNECIMENTO E INSTALAÇÃO. AF_04/2024","UN",33.24]
[94706,"ADAPTADOR COM FLANGE E ANEL DE VEDAÇÃO, PVC, SOLDÁVEL, DN 50 MM X 1 1/2\", INSTALADO EM RESERVAÇÃO PREDIAL DE ÁGUA - FORNECIMENTO E INSTALAÇÃO. AF_04/2024","UN",32.61]
[94707,"ADAPTADOR COM FLANGE E ANEL DE VEDAÇÃO, PVC, SOLDÁVEL, DN 60 MM X 2\", INSTALADO EM RESERVAÇÃO PREDIAL DE ÁGUA - FORNECIMENTO E INSTALAÇÃO. AF_04/2024","UN",51.46]
[94713,"ADAPTADOR COM FLANGES LIVRES, PVC, SOLDÁVEL, DN 75 MM X 2 1/2\", INSTALADO EM RESERVAÇÃO PREDIAL DE ÁGUA - FORNECIMENTO E INSTALAÇÃO. AF_04/2024","UN",212.81]
[94714,"ADAPTADOR COM FLANGES LIVRES, PVC, SOLDÁVEL, DN 85 MM X 3\", INSTALADO EM RESERVAÇÃO PREDIAL DE ÁGUA - FORNECIMENTO E INSTALAÇÃO. AF_04/2024","UN",298.67]
[94715,"ADAPTADOR COM FLANGES LIVRES, PVC, SOLDÁVEL, DN 110 MM X 4\", INSTALADO EM RESERVAÇÃO PREDIAL DE ÁGUA - FORNECIMENTO E INSTALAÇÃO. AF_04/2024","UN",265.84]
[94724,"CONECTOR, CPVC, SOLDÁVEL, DN 22 MM X 3/4\", INSTALADO EM RESERVAÇÃO PREDIAL DE ÁGUA - FORNECIMENTO E INSTALAÇÃO. AF_04/2024","UN",26.56]
[94725,"LUVA, CPVC, SOLDÁVEL, DN 22 MM, INSTALADO EM RESERVAÇÃO PREDIAL DE ÁGUA - FORNECIMENTO E INSTALAÇÃO. AF_04/2024","UN",7.25]
[94726,"CONECTOR, CPVC, SOLDÁVEL, DN 28 MM X 1\", INSTALADO EM RESERVAÇÃO PREDIAL DE ÁGUA - FORNECIMENTO E INSTALAÇÃO. AF_04/2024","UN",34.25]
[94727,"LUVA, CPVC, SOLDÁVEL, DN 28 MM, INSTALADO EM RESERVAÇÃO PREDIAL DE ÁGUA - FORNECIMENTO E INSTALAÇÃO. AF_04/2024","UN",11.79]
[94728,"CONECTOR, CPVC, SOLDÁVEL, DN 35 MM X 1 1/4\", INSTALADO EM RESERVAÇÃO PREDIAL DE ÁGUA - FORNECIMENTO E INSTALAÇÃO. AF_04/2024","UN",53.48]
[94729,"LUVA, CPVC, SOLDÁVEL, DN 35 MM, INSTALADO EM RESERVAÇÃO PREDIAL DE ÁGUA - FORNECIMENTO E INSTALAÇÃO. AF_04/2024","UN",20.35]
[94730,"CONECTOR, CPVC, SOLDÁVEL, DN 42 MM X 1 1/2\", INSTALADO EM RESERVAÇÃO PREDIAL DE ÁGUA - FORNECIMENTO E INSTALAÇÃO. AF_04/2024","UN",65.53]
[94731,"LUVA, CPVC, SOLDÁVEL, DN 42 MM, INSTALADO EM RESERVAÇÃO PREDIAL DE ÁGUA - FORNECIMENTO E INSTALAÇÃO. AF_04/2024","UN",26.93]
[94732,"CONECTOR, CPVC, SOLDÁVEL, DN 54 MM X 2\", INSTALADO EM RESERVAÇÃO PREDIAL DE ÁGUA - FORNECIMENTO E INSTALAÇÃO. AF_04/2024","UN",105.04]
[94733,"LUVA, CPVC, SOLDÁVEL, DN 54 MM, INSTALADO EM RESERVAÇÃO PREDIAL DE ÁGUA - FORNECIMENTO E INSTALAÇÃO. AF_04/2024","UN",47.07]
[94734,"CONECTOR, CPVC, SOLDÁVEL, DN 73 MM X 2 1/2\", INSTALADO EM RESERVAÇÃO PREDIAL DE ÁGUA - FORNECIMENTO E INSTALAÇÃO. AF_04/2024","UN",383.65]
[94736,"CONECTOR, CPVC, SOLDÁVEL, DN 89 MM X 3\", INSTALADO EM RESERVAÇÃO PREDIAL DE ÁGUA - FORNECIMENTO E INSTALAÇÃO. AF_04/2024","UN",557.94]
[94737,"LUVA, CPVC, SOLDÁVEL, DN 89 MM, INSTALADO EM RESERVAÇÃO PREDIAL DE ÁGUA - FORNECIMENTO E INSTALAÇÃO. AF_04/2024","UN",194.65]
[94738,"CONECTOR, CPVC, SOLDÁVEL, DN 114 MM X 4\", INSTALADO EM RESERVAÇÃO PREDIAL DE ÁGUA - FORNECIMENTO E INSTALAÇÃO. AF_04/2024","UN",{"v":1681.88,"d":"1,681.88"}]
[94739,"LUVA, CPVC, SOLDÁVEL, DN 114 MM, INSTALADO EM RESERVAÇÃO PREDIAL DE ÁGUA - FORNECIMENTO E INSTALAÇÃO. AF_04/2024","UN",239.31]
[94740,"JOELHO 90 GRAUS, CPVC, SOLDÁVEL, DN 22 MM, INSTALADO EM RESERVAÇÃO PREDIAL DE ÁGUA - FORNECIMENTO E INSTALAÇÃO. AF_04/2024","UN",10.07]
[94741,"CURVA 90 GRAUS, CPVC, SOLDÁVEL, DN 22 MM, INSTALADO EM RESERVAÇÃO PREDIAL DE ÁGUA - FORNECIMENTO E INSTALAÇÃO. AF_04/2024","UN",13.09]
[94742,"JOELHO 90 GRAUS, CPVC, SOLDÁVEL, DN 28 MM, INSTALADO EM RESERVAÇÃO PREDIAL DE ÁGUA - FORNECIMENTO E INSTALAÇÃO. AF_04/2024","UN",16.87]
[94743,"CURVA 90 GRAUS, CPVC, SOLDÁVEL, DN 28 MM, INSTALADO EM RESERVAÇÃO PREDIAL DE ÁGUA - FORNECIMENTO E INSTALAÇÃO. AF_04/2024","UN",21.41]
[94744,"JOELHO 90 GRAUS, CPVC, SOLDÁVEL, DN 35 MM, INSTALADO EM RESERVAÇÃO PREDIAL DE ÁGUA - FORNECIMENTO E INSTALAÇÃO. AF_04/2024","UN",26.62]
[94746,"JOELHO 90 GRAUS, CPVC, SOLDÁVEL, DN 42 MM, INSTALADO EM RESERVAÇÃO PREDIAL DE ÁGUA - FORNECIMENTO E INSTALAÇÃO. AF_04/2024","UN",38.22]
[94748,"JOELHO 90 GRAUS, CPVC, SOLDÁVEL, DN 54 MM, INSTALADO EM RESERVAÇÃO PREDIAL DE ÁGUA - FORNECIMENTO E INSTALAÇÃO. AF_04/2024","UN",84]
[94750,"JOELHO 90 GRAUS, CPVC, SOLDÁVEL, DN 73 MM, INSTALADO EM RESERVAÇÃO PREDIAL DE ÁGUA - FORNECIMENTO E INSTALAÇÃO. AF_04/2024","UN",169.52]
[94752,"JOELHO 90 GRAUS, CPVC, SOLDÁVEL, DN 89 MM, INSTALADO EM RESERVAÇÃO PREDIAL DE ÁGUA - FORNECIMENTO E INSTALAÇÃO. AF_04/2024","UN",203.74]
[94754,"JOELHO 90 GRAUS, CPVC, SOLDÁVEL, DN 114 MM, INSTALADO EM RESERVAÇÃO PREDIAL DE ÁGUA - FORNECIMENTO E INSTALAÇÃO. AF_04/2024","UN",291.76]
[94756,"TE, CPVC, SOLDÁVEL, DN 22 MM, INSTALADO EM RESERVAÇÃO PREDIAL DE ÁGUA - FORNECIMENTO E INSTALAÇÃO. AF_04/2024","UN",13.04]
[94757,"TE, CPVC, SOLDÁVEL, DN 28 MM, INSTALADO EM RESERVAÇÃO PREDIAL DE ÁGUA - FORNECIMENTO E INSTALAÇÃO. AF_04/2024","UN",20.58]
[94758,"TE, CPVC, SOLDÁVEL, DN 35 MM, INSTALADO EM RESERVAÇÃO PREDIAL DE ÁGUA - FORNECIMENTO E INSTALAÇÃO. AF_04/2024","UN",52.27]
[94759,"TE, CPVC, SOLDÁVEL, DN 42 MM, INSTALADO EM RESERVAÇÃO PREDIAL DE ÁGUA - FORNECIMENTO E INSTALAÇÃO. AF_04/2024","UN",66.47]
[94760,"TE, CPVC, SOLDÁVEL, DN 54 MM, INSTALADO EM RESERVAÇÃO PREDIAL DE ÁGUA - FORNECIMENTO E INSTALAÇÃO. AF_04/2024","UN",105.72]
[94761,"TE, CPVC, SOLDÁVEL, DN 73 MM, INSTALADO EM RESERVAÇÃO PREDIAL DE ÁGUA - FORNECIMENTO E INSTALAÇÃO. AF_04/2024","UN",228.26]
[94762,"TE, CPVC, SOLDÁVEL, DN 89 MM, INSTALADO EM RESERVAÇÃO PREDIAL DE ÁGUA - FORNECIMENTO E INSTALAÇÃO. AF_04/2024","UN",277]
[94763,"TE, CPVC, SOLDÁVEL, DN 114 MM, INSTALADO EM RESERVAÇÃO PREDIAL DE ÁGUA - FORNECIMENTO E INSTALAÇÃO. AF_04/2024","UN",363.85]
[94764,"ADAPTADOR COM FLANGE E ANEL DE VEDAÇÃO, CPVC, ROSCÁVEL, DN 15 MM, INSTALADO EM RESERVAÇÃO PREDIAL DE ÁGUA - FORNECIMENTO E INSTALAÇÃO. AF_04/2024","UN",37.05]
[94765,"ADAPTADOR COM FLANGE E ANEL DE VEDAÇÃO, CPVC, ROSCÁVEL, DN 22 MM, INSTALADO EM RESERVAÇÃO PREDIAL DE ÁGUA - FORNECIMENTO E INSTALAÇÃO. AF_04/2024","UN",40.94]
[94766,"ADAPTADOR COM FLANGE E ANEL DE VEDAÇÃO, CPVC, ROSCÁVEL, DN 28 MM, INSTALADO EM RESERVAÇÃO PREDIAL DE ÁGUA - FORNECIMENTO E INSTALAÇÃO. AF_04/2024","UN",45.9]
[94767,"ADAPTADOR COM FLANGE E ANEL DE VEDAÇÃO, CPVC, ROSCÁVEL, DN 35 MM, INSTALADO EM RESERVAÇÃO PREDIAL DE ÁGUA - FORNECIMENTO E INSTALAÇÃO. AF_04/2024","UN",68.5]
[94768,"ADAPTADOR COM FLANGE E ANEL DE VEDAÇÃO, CPVC, ROSCÁVEL, DN 42 MM, INSTALADO EM RESERVAÇÃO PREDIAL DE ÁGUA - FORNECIMENTO E INSTALAÇÃO. AF_04/2024","UN",77.72]
[94769,"ADAPTADOR COM FLANGE E ANEL DE VEDAÇÃO, CPVC, ROSCÁVEL, DN 54 MM, INSTALADO EM RESERVAÇÃO PREDIAL DE ÁGUA - FORNECIMENTO E INSTALAÇÃO. AF_04/2024","UN",104.1]
[94783,"ADAPTADOR COM FLANGE E ANEL DE VEDAÇÃO, PVC, SOLDÁVEL, DN  20 MM X 1/2\", INSTALADO EM RESERVAÇÃO PREDIAL DE ÁGUA - FORNECIMENTO E INSTALAÇÃO. AF_04/2024","UN",16.96]
[94863,"LUVA, CPVC, SOLDÁVEL, DN 73 MM, INSTALADO EM RESERVAÇÃO PREDIAL DE ÁGUA - FORNECIMENTO E INSTALAÇÃO. AF_04/2024","UN",163.16]
[95237,"LUVA COM BUCHA DE LATÃO, PVC, SOLDÁVEL, DN 32MM X 1 , INSTALADO EM RAMAL DE DISTRIBUIÇÃO DE ÁGUA   FORNECIMENTO E INSTALAÇÃO. AF_06/2022","UN",22.16]
[95693,"LUVA SIMPLES, PVC, SÉRIE NORMAL, ESGOTO PREDIAL, DN 150 MM, JUNTA ELÁSTICA, FORNECIDO E INSTALADO EM SUBCOLETOR AÉREO DE ESGOTO SANITÁRIO. AF_08/2022","UN",50.86]
[95694,"CURVA 90 GRAUS, PVC, SERIE R, ÁGUA PLUVIAL, DN 100 MM, JUNTA ELÁSTICA, FORNECIDO E INSTALADO EM RAMAL DE ENCAMINHAMENTO. AF_06/2022","UN",52.92]
[95695,"CURVA 90 GRAUS, PVC, SERIE R, ÁGUA PLUVIAL, DN 100 MM, JUNTA ELÁSTICA, FORNECIDO E INSTALADO EM CONDUTORES VERTICAIS DE ÁGUAS PLUVIAIS. AF_06/2022","UN",59.61]
[95696,"SPRINKLER TIPO PENDENTE, 68 °C, UNIÃO POR ROSCA DN 15 (1/2\") - FORNECIMENTO E INSTALAÇÃO. AF_10/2020","UN",40.52]
[96637,"JOELHO 90 GRAUS, PPR, DN 25 MM, CLASSE PN 25, INSTALADO EM RAMAL OU SUB-RAMAL DE ÁGUA   FORNECIMENTO E INSTALAÇÃO. AF_08/2022","UN",14.47]
[96638,"JOELHO 45 GRAUS, PPR, DN 25 MM, CLASSE PN 25, INSTALADO EM RAMAL OU SUB-RAMAL DE ÁGUA   FORNECIMENTO E INSTALAÇÃO. AF_08/2022","UN",14.81]
[96639,"LUVA, PPR, DN 25 MM, CLASSE PN 25, INSTALADO EM RAMAL OU SUB-RAMAL DE ÁGUA   FORNECIMENTO E INSTALAÇÃO. AF_08/2022","UN",10.06]
[96640,"CONECTOR MACHO, PPR, 25 X 1/2  , CLASSE PN 25, INSTALADO EM RAMAL OU SUB-RAMAL DE ÁGUA   FORNECIMENTO E INSTALAÇÃO. AF_08/2022","UN",22.76]
[96641,"CONECTOR FÊMEA, PPR, 25 X 1/2  , CLASSE PN 25, INSTALADO EM RAMAL OU SUB-RAMAL DE ÁGUA   FORNECIMENTO E INSTALAÇÃO. AF_08/2022","UN",15.28]
[96642,"TÊ NORMAL, PPR, DN 25 MM, CLASSE PN 25, INSTALADO EM RAMAL OU SUB-RAMAL DE ÁGUA   FORNECIMENTO E INSTALAÇÃO. AF_08/2022","UN",19.05]
[96643,"TÊ MISTURADOR, PPR, 25 X 3/4   , CLASSE PN 25, INSTALADO EM RAMAL OU SUB-RAMAL DE ÁGUA   FORNECIMENTO E INSTALAÇÃO. AF_08/2022","UN",39.97]
[96650,"JOELHO 90 GRAUS, PPR, DN 25 MM, CLASSE PN 25, INSTALADO EM RAMAL DE DISTRIBUIÇÃO   FORNECIMENTO E INSTALAÇÃO. AF_08/2022","UN",8.06]
[96651,"JOELHO 45 GRAUS, PPR, DN 25 MM, CLASSE PN 25, INSTALADO EM RAMAL DE DISTRIBUIÇÃO DE ÁGUA   FORNECIMENTO E INSTALAÇÃO. AF_08/2022","UN",8.4]
[96652,"JOELHO 90 GRAUS, PPR, DN 32 MM, CLASSE PN 25, INSTALADO EM RAMAL DE DISTRIBUIÇÃO - FORNECIMENTO E INSTALAÇÃO. AF_08/2022","UN",9.53]
[96653,"JOELHO 45 GRAUS, PPR, DN 32 MM, CLASSE PN 25, INSTALADO EM RAMAL DE DISTRIBUIÇÃO DE ÁGUA - FORNECIMENTO E INSTALAÇÃO. AF_08/2022","UN",12.43]
[96654,"JOELHO 90 GRAUS, PPR, DN 40 MM, CLASSE PN 25, INSTALADO EM RAMAL DE DISTRIBUIÇÃO - FORNECIMENTO E INSTALAÇÃO. AF_08/2022","UN",14.12]
[96655,"JOELHO 45 GRAUS, PPR, DN 40 MM, CLASSE PN 25, INSTALADO EM RAMAL DE DISTRIBUIÇÃO DE ÁGUA - FORNECIMENTO E INSTALAÇÃO. AF_08/2022","UN",18.85]
[96656,"LUVA, PPR, DN 25 MM, CLASSE PN 25, INSTALADO EM RAMAL DE DISTRIBUIÇÃO DE ÁGUA   FORNECIMENTO E INSTALAÇÃO. AF_08/2022","UN",5.79]
[96657,"CONECTOR MACHO, PPR, 25 X 1/2, CLASSE PN 25, INSTALADO EM RAMAL DE DISTRIBUIÇÃO DE ÁGUA   FORNECIMENTO E INSTALAÇÃO. AF_08/2022","UN",20.86]
[96658,"CONECTOR FÊMEA, PPR, 25 X 1/2  , CLASSE PN 25, INSTALADO EM RAMAL DE DISTRIBUIÇÃO DE ÁGUA   FORNECIMENTO E INSTALAÇÃO. AF_08/2022","UN",13.38]
[96659,"LUVA, PPR, DN 32 MM, CLASSE PN 25, INSTALADO EM RAMAL DE DISTRIBUIÇÃO DE ÁGUA   FORNECIMENTO E INSTALAÇÃO. AF_08/2022","UN",7.51]
[96660,"CONECTOR MACHO, PPR, 32 X 3/4\", CLASSE PN 25, INSTALADO EM RAMAL DE DISTRIBUIÇÃO DE ÁGUA   FORNECIMENTO E INSTALAÇÃO. AF_08/2022","UN",28.27]
[96661,"CONECTOR FÊMEA, PPR, 32 X 3/4\", CLASSE PN 25, INSTALADO EM RAMAL DE DISTRIBUIÇÃO DE ÁGUA   FORNECIMENTO E INSTALAÇÃO. AF_08/2022","UN",28]
[96662,"BUCHA DE REDUÇÃO, PPR, 32 X 25, CLASSE PN 25, INSTALADO EM RAMAL DE DISTRIBUIÇÃO DE ÁGUA   FORNECIMENTO E INSTALAÇÃO. AF_08/2022","UN",8.32]
[96663,"LUVA, PPR, DN 40 MM, CLASSE PN 25, INSTALADO EM RAMAL DE DISTRIBUIÇÃO DE ÁGUA   FORNECIMENTO E INSTALAÇÃO. AF_08/2022","UN",14.03]
[96664,"BUCHA DE REDUÇÃO, PPR, 40 X 25, CLASSE PN 25, INSTALADO EM RAMAL DE DISTRIBUIÇÃO DE ÁGUA   FORNECIMENTO E INSTALAÇÃO. AF_08/2022","UN",15.39]
[96665,"TÊ NORMAL, PPR, DN 25 MM, CLASSE PN 25, INSTALADO EM RAMAL DE DISTRIBUIÇÃO DE ÁGUA   FORNECIMENTO E INSTALAÇÃO. AF_08/2022","UN",10.5]
[96666,"TÊ NORMAL, PPR, DN 32 MM, CLASSE PN 25, INSTALADO EM RAMAL DE DISTRIBUIÇÃO DE ÁGUA   FORNECIMENTO E INSTALAÇÃO. AF_08/2022","UN",14.97]
[96667,"TÊ NORMAL, PPR, DN 40 MM, CLASSE PN 25, INSTALADO EM RAMAL DE DISTRIBUIÇÃO DE ÁGUA   FORNECIMENTO E INSTALAÇÃO. AF_08/2022","UN",21.01]
[96684,"JOELHO 90 GRAUS, PPR, DN 25 MM, CLASSE PN 25, INSTALADO EM PRUMADA DE ÁGUA   FORNECIMENTO E INSTALAÇÃO . AF_08/2022","UN",10.37]
[96685,"JOELHO 45 GRAUS, PPR, DN 25 MM, CLASSE PN 25, INSTALADO EM PRUMADA DE ÁGUA   FORNECIMENTO E INSTALAÇÃO . AF_08/2022","UN",10.71]
[96686,"JOELHO 90 GRAUS, PPR, DN 32 MM, CLASSE PN 25, INSTALADO EM PRUMADA DE ÁGUA   FORNECIMENTO E INSTALAÇÃO . AF_08/2022","UN",13.32]
[96687,"JOELHO 45 GRAUS, PPR, DN 32 MM, CLASSE PN 25, INSTALADO EM PRUMADA DE ÁGUA   FORNECIMENTO E INSTALAÇÃO . AF_08/2022","UN",16.22]
[96688,"JOELHO 90 GRAUS, PPR, DN 40 MM, CLASSE PN 25, INSTALADO EM PRUMADA DE ÁGUA   FORNECIMENTO E INSTALAÇÃO . AF_08/2022","UN",19.61]
[96689,"JOELHO 45 GRAUS, PPR, DN 40 MM, CLASSE PN 25, INSTALADO EM PRUMADA DE ÁGUA   FORNECIMENTO E INSTALAÇÃO . AF_08/2022","UN",24.34]
[96690,"JOELHO 90 GRAUS, PPR, DN 50 MM, CLASSE PN 25, INSTALADO EM PRUMADA DE ÁGUA   FORNECIMENTO E INSTALAÇÃO . AF_08/2022","UN",27.2]
[96691,"JOELHO 45 GRAUS, PPR, DN 50 MM, CLASSE PN 25, INSTALADO EM PRUMADA DE ÁGUA   FORNECIMENTO E INSTALAÇÃO . AF_08/2022","UN",34.69]
[96692,"JOELHO 90 GRAUS, PPR, DN 63 MM, CLASSE PN 25, INSTALADO EM PRUMADA DE ÁGUA   FORNECIMENTO E INSTALAÇÃO . AF_08/2022","UN",38.4]
[96693,"JOELHO 45 GRAUS, PPR, DN 63 MM, CLASSE PN 25, INSTALADO EM PRUMADA DE ÁGUA   FORNECIMENTO E INSTALAÇÃO . AF_08/2022","UN",51.76]
[96694,"JOELHO 90 GRAUS, PPR, DN 75 MM, CLASSE PN 25, INSTALADO EM PRUMADA DE ÁGUA   FORNECIMENTO E INSTALAÇÃO . AF_08/2022","UN",80.65]
[96695,"JOELHO 45 GRAUS, PPR, DN 75 MM, CLASSE PN 25, INSTALADO EM PRUMADA DE ÁGUA   FORNECIMENTO E INSTALAÇÃO . AF_08/2022","UN",88.8]
[96696,"JOELHO 90 GRAUS, PPR, DN 90 MM, CLASSE PN 25, INSTALADO EM PRUMADA DE ÁGUA   FORNECIMENTO E INSTALAÇÃO . AF_08/2022","UN",100.64]
[96697,"JOELHO 90 GRAUS, PPR, DN 110 MM, CLASSE PN 25, INSTALADO EM PRUMADA DE ÁGUA   FORNECIMENTO E INSTALAÇÃO . AF_08/2022","UN",295.83]
[96698,"LUVA, PPR, DN 25 MM, CLASSE PN 25, INSTALADO EM PRUMADA DE ÁGUA   FORNECIMENTO E INSTALAÇÃO . AF_08/2022","UN",7.33]
[96699,"CONECTOR MACHO, PPR, 25 X 1/2\", CLASSE PN 25, INSTALADO EM PRUMADA DE ÁGUA   FORNECIMENTO E INSTALAÇÃO . AF_08/2022","UN",22.4]
[96700,"CONECTOR FÊMEA, PPR, 25 X 1/2\", CLASSE PN 25, INSTALADO EM PRUMADA DE ÁGUA   FORNECIMENTO E INSTALAÇÃO . AF_08/2022","UN",14.92]
[96701,"LUVA, PPR, DN 32 MM, CLASSE PN 25, INSTALADO EM PRUMADA DE ÁGUA   FORNECIMENTO E INSTALAÇÃO. AF_08/2022","UN",10.03]
[96702,"BUCHA DE REDUÇÃO, PPR, 32 X 25, CLASSE PN 25, INSTALADO EM PRUMADA DE ÁGUA   FORNECIMENTO E INSTALAÇÃO . AF_08/2022","UN",10.36]
[96703,"LUVA, PPR, DN 40 MM, CLASSE PN 25, INSTALADO EM PRUMADA DE ÁGUA   FORNECIMENTO E INSTALAÇÃO. AF_08/2022","UN",17.7]
[96704,"BUCHA DE REDUÇÃO, PPR, 40 X 25, CLASSE PN 25, INSTALADO EM PRUMADA DE ÁGUA   FORNECIMENTO E INSTALAÇÃO . AF_08/2022","UN",17.99]
[96705,"LUVA, PPR, DN 50 MM, CLASSE PN 25, INSTALADO EM PRUMADA DE ÁGUA   FORNECIMENTO E INSTALAÇÃO. AF_08/2022","UN",21.47]
[96706,"LUVA, PPR, DN 63 MM, CLASSE PN 25, INSTALADO EM PRUMADA DE ÁGUA   FORNECIMENTO E INSTALAÇÃO. AF_08/2022","UN",31.71]
[96707,"LUVA, PPR, DN 75 MM, CLASSE PN 25, INSTALADO EM PRUMADA DE ÁGUA   FORNECIMENTO E INSTALAÇÃO. AF_08/2022","UN",50.74]
[96708,"LUVA, PPR, DN 90 MM, CLASSE PN 25, INSTALADO EM PRUMADA DE ÁGUA   FORNECIMENTO E INSTALAÇÃO. AF_08/2022","UN",76.7]
[96709,"LUVA, PPR, DN 110 MM, CLASSE PN 25, INSTALADO EM PRUMADA DE ÁGUA   FORNECIMENTO E INSTALAÇÃO. AF_08/2022","UN",97.81]
[96710,"TÊ NORMAL, PPR, DN 25 MM, CLASSE PN 25, INSTALADO EM PRUMADA DE ÁGUA   FORNECIMENTO E INSTALAÇÃO . AF_08/2022","UN",13.58]
[96711,"TÊ NORMAL, PPR, DN 32 MM, CLASSE PN 25, INSTALADO EM PRUMADA DE ÁGUA   FORNECIMENTO E INSTALAÇÃO . AF_08/2022","UN",20.03]
[96712,"TÊ NORMAL, PPR, DN 40 MM, CLASSE PN 25, INSTALADO EM PRUMADA DE ÁGUA   FORNECIMENTO E INSTALAÇÃO . AF_08/2022","UN",28.35]
[96713,"TÊ NORMAL, PPR, DN 50 MM, CLASSE PN 25, INSTALADO EM PRUMADA DE ÁGUA   FORNECIMENTO E INSTALAÇÃO . AF_08/2022","UN",43.22]
[96714,"TÊ NORMAL, PPR, DN 63 MM, CLASSE PN 25, INSTALADO EM PRUMADA DE ÁGUA   FORNECIMENTO E INSTALAÇÃO . AF_08/2022","UN",61.3]
[96715,"TÊ NORMAL, PPR, DN 75 MM, CLASSE PN 25, INSTALADO EM PRUMADA DE ÁGUA   FORNECIMENTO E INSTALAÇÃO . AF_08/2022","UN",108.47]
[96716,"TÊ NORMAL, PPR, DN 90 MM, CLASSE PN 25, INSTALADO EM PRUMADA DE ÁGUA   FORNECIMENTO E INSTALAÇÃO . AF_08/2022","UN",141.1]
[96717,"TÊ NORMAL, PPR, DN 110 MM, CLASSE PN 25, INSTALADO EM PRUMADA DE ÁGUA   FORNECIMENTO E INSTALAÇÃO . AF_08/2022","UN",269.78]
[96736,"LUVA, PPR, DN 20 MM, INSTALADO EM RESERVAÇÃO PREDIAL DE ÁGUA - FORNECIMENTO E INSTALAÇÃO. AF_04/2024","UN",5.24]
[96737,"LUVA, PPR, DN 25 MM, INSTALADO EM RESERVAÇÃO PREDIAL DE ÁGUA - FORNECIMENTO E INSTALAÇÃO. AF_04/2024","UN",5.37]
[96738,"CONECTOR MACHO, PPR, 25 MM X 1/2'', INSTALADO EM RESERVAÇÃO PREDIAL DE ÁGUA - FORNECIMENTO E INSTALAÇÃO. AF_04/2024","UN",20.48]
[96739,"LUVA, PPR, DN 32 MM, CLASSE PN 25, INSTALADO EM RESERVAÇÃO PREDIAL DE ÁGUA - FORNECIMENTO E INSTALAÇÃO. AF_04/2024","UN",7.43]
[96740,"CONECTOR MACHO, PPR, 32 MM X 3/4'', INSTALADO EM RESERVAÇÃO PREDIAL DE ÁGUA - FORNECIMENTO E INSTALAÇÃO. AF_04/2024","UN",28.34]
[96741,"LUVA, PPR, DN 40 MM, CLASSE PN 25, INSTALADO EM RESERVAÇÃO PREDIAL DE ÁGUA - FORNECIMENTO E INSTALAÇÃO. AF_04/2024","UN",14.53]
[96742,"LUVA, PPR, DN 50 MM, CLASSE PN 25, INSTALADO EM RESERVAÇÃO PREDIAL DE ÁGUA - FORNECIMENTO E INSTALAÇÃO. AF_04/2024","UN",17.84]
[96743,"LUVA, PPR, DN 63 MM, CLASSE PN 25, INSTALADO EM RESERVAÇÃO PREDIAL DE ÁGUA - FORNECIMENTO E INSTALAÇÃO. AF_04/2024","UN",27.89]
[96744,"LUVA, PPR, DN 75 MM, CLASSE PN 25, INSTALADO EM RESERVAÇÃO PREDIAL DE ÁGUA - FORNECIMENTO E INSTALAÇÃO. AF_04/2024","UN",47.15]
[96745,"LUVA, PPR, DN 90 MM, CLASSE PN 25, INSTALADO EM RESERVAÇÃO PREDIAL DE ÁGUA - FORNECIMENTO E INSTALAÇÃO. AF_04/2024","UN",73.98]
[96746,"LUVA, PPR, DN 110 MM, CLASSE PN 25, INSTALADO EM RESERVAÇÃO PREDIAL DE ÁGUA - FORNECIMENTO E INSTALAÇÃO. AF_04/2024","UN",97.22]
[96747,"JOELHO 90 GRAUS, PPR, DN 20 MM, INSTALADO EM RESERVAÇÃO PREDIAL DE ÁGUA - FORNECIMENTO E INSTALAÇÃO. AF_04/2024","UN",6.4]
[96748,"JOELHO 90 GRAUS, PPR, DN 25 MM, INSTALADO EM RESERVAÇÃO PREDIAL DE ÁGUA - FORNECIMENTO E INSTALAÇÃO. AF_04/2024","UN",7.43]
[96749,"JOELHO 90 GRAUS, PPR, DN 32 MM, INSTALADO EM RESERVAÇÃO PREDIAL DE ÁGUA - FORNECIMENTO E INSTALAÇÃO. AF_04/2024","UN",9.42]
[96750,"JOELHO 90 GRAUS, PPR, DN 40 MM, INSTALADO EM RESERVAÇÃO PREDIAL DE ÁGUA - FORNECIMENTO E INSTALAÇÃO. AF_04/2024","UN",14.86]
[96751,"JOELHO 90 GRAUS, PPR, DN 50 MM, INSTALADO EM RESERVAÇÃO PREDIAL DE ÁGUA - FORNECIMENTO E INSTALAÇÃO. AF_04/2024","UN",21.75]
[96752,"JOELHO 90 GRAUS, PPR, DN 63 MM, INSTALADO EM RESERVAÇÃO PREDIAL DE ÁGUA - FORNECIMENTO E INSTALAÇÃO. AF_04/2024","UN",32.68]
[96753,"JOELHO 90 GRAUS, PPR, DN 75 MM, INSTALADO EM RESERVAÇÃO PREDIAL DE ÁGUA - FORNECIMENTO E INSTALAÇÃO. AF_04/2024","UN",75.28]
[96754,"JOELHO 90 GRAUS, PPR, DN 90 MM, INSTALADO EM RESERVAÇÃO PREDIAL DE ÁGUA - FORNECIMENTO E INSTALAÇÃO. AF_04/2024","UN",96.56]
[96755,"JOELHO 90 GRAUS, PPR, DN 110 MM, INSTALADO EM RESERVAÇÃO PREDIAL DE ÁGUA - FORNECIMENTO E INSTALAÇÃO. AF_04/2024","UN",294.94]
[96758,"TÊ, PPR, DN 32 MM, INSTALADO EM RESERVAÇÃO PREDIAL DE ÁGUA - FORNECIMENTO E INSTALAÇÃO. AF_04/2024","UN",14.83]
[96759,"TÊ, PPR, DN 40 MM, INSTALADO EM RESERVAÇÃO PREDIAL DE ÁGUA - FORNECIMENTO E INSTALAÇÃO. AF_04/2024","UN",22.01]
[96760,"TÊ, PPR, DN 50 MM, INSTALADO EM RESERVAÇÃO PREDIAL DE ÁGUA - FORNECIMENTO E INSTALAÇÃO. AF_04/2024","UN",35.97]
[96761,"TÊ, PPR, DN 63 MM, INSTALADO EM RESERVAÇÃO PREDIAL DE ÁGUA - FORNECIMENTO E INSTALAÇÃO. AF_04/2024","UN",53.66]
[96762,"TÊ, PPR, DN 75 MM, INSTALADO EM RESERVAÇÃO PREDIAL DE ÁGUA - FORNECIMENTO E INSTALAÇÃO. AF_04/2024","UN",101.28]
[96763,"TÊ, PPR, DN 90 MM, INSTALADO EM RESERVAÇÃO PREDIAL DE ÁGUA - FORNECIMENTO E INSTALAÇÃO. AF_04/2024","UN",135.66]
[96764,"TÊ, PPR, DN 110 MM, INSTALADO EM RESERVAÇÃO PREDIAL DE ÁGUA - FORNECIMENTO E INSTALAÇÃO. AF_04/2024","UN",268.6]
[96802,"KIT CHASSI PEX, PRÉ-FABRICADO, PARA CHUVEIRO, INCLUSO QUADRO METÁLICO, TUBOS, REGISTROS DE PRESSÃO E CONEXÕES POR CRIMPAGEM - FORNECIMENTO E INSTALAÇÃO. AF_02/2023","UN",420.37]
[96803,"KIT CHASSI PEX, PRÉ-FABRICADO, PARA COZINHA COM CUBA SIMPLES, INCLUSO QUADRO METÁLICO, TUBOS E CONEXÕES POR CRIMPAGEM - FORNECIMENTO E INSTALAÇÃO. AF_02/2023","UN",74.71]
[96804,"KIT CHASSI PEX, PRÉ-FABRICADO, PARA ÁREA DE SERVIÇO COM TANQUE E MÁQUINA DE LAVAR ROUPA, INCLUSO QUADRO METÁLICO, TUBOS E CONEXÕES POR CRIMPAGEM - FORNECIMENTO E INSTALAÇÃO. AF_02/2023","UN",118.51]
[96805,"KIT CHASSI PEX, PRÉ-FABRICADO, PARA CHUVEIRO, INCLUSO QUADRO METÁLICO, TUBOS, REGISTROS DE PRESSÃO E CONEXÕES POR ANEL DESLIZANTE - FORNECIMENTO E INSTALAÇÃO. AF_02/2023","UN",214.92]
[96806,"KIT CHASSI PEX, PRÉ-FABRICADO, PARA COZINHA COM CUBA SIMPLES, INCLUSO QUADRO METÁLICO, TUBOS E CONEXÕES POR ANEL DESLIZANTE - FORNECIMENTO E INSTALAÇÃO. AF_02/2023","UN",80.86]
[96807,"KIT CHASSI PEX, PRÉ-FABRICADO, PARA ÁREA DE SERVIÇO COM TANQUE E MÁQUINA DE LAVAR ROUPA, INCLUSO QUADRO METÁLICO, TUBOS E CONEXÕES POR ANEL DESLIZANTE - FORNECIMENTO E INSTALAÇÃO. AF_02/2023","UN",128.61]
[96808,"UNIÃO METÁLICA PARA INSTALAÇÕES EM PEX ÁGUA, DN 16 MM, COM ANEL DESLIZANTE - FORNECIMENTO E INSTALAÇÃO. AF_02/2023","UN",15.98]
[96809,"CONEXÃO FIXA, ROSCA FÊMEA, METÁLICA, PARA INSTALAÇÕES EM PEX ÁGUA, DN 16 MM X 1/2\", COM ANEL DESLIZANTE. FORNECIMENTO E INSTALAÇÃO. AF_02/2023","UN",17.76]
[96810,"CONEXÃO MÓVEL, ROSCA FÊMEA, METÁLICA, PARA INSTALAÇÕES EM PEX ÁGUA, DN 16 MM X 3/4\", COM ANEL DESLIZANTE. FORNECIMENTO E INSTALAÇÃO. AF_02/2023","UN",19.25]
[96811,"UNIÃO METÁLICA PARA INSTALAÇÕES EM PEX ÁGUA, DN 20 MM, COM ANEL DESLIZANTE - FORNECIMENTO E INSTALAÇÃO. AF_02/2023","UN",20.28]
[96812,"CONEXÃO FIXA, ROSCA FÊMEA, METÁLICA, PARA INSTALAÇÕES EM PEX ÁGUA, DN 20 MM X 1/2\", COM ANEL DESLIZANTE. FORNECIMENTO E INSTALAÇÃO. AF_02/2023","UN",18.48]
[96813,"CONEXÃO FIXA, ROSCA FÊMEA, METÁLICA, PARA INSTALAÇÕES EM PEX ÁGUA, DN 20 MM X 3/4\", COM ANEL DESLIZANTE. FORNECIMENTO E INSTALAÇÃO. AF_02/2023","UN",21.11]
[96814,"UNIÃO DE REDUÇÃO, METÁLICA, PARA INSTALAÇÕES EM PEX ÁGUA, DN 20 X 16 MM, CONEXÃO POR ANEL DESLIZANTE - FORNECIMENTO E INSTALAÇÃO. AF_02/2023","UN",15.23]
[96815,"UNIÃO METÁLICA PARA INSTALAÇÕES EM PEX ÁGUA, DN 25 MM, COM ANEL DESLIZANTE - FORNECIMENTO E INSTALAÇÃO. AF_02/2023","UN",32.02]
[96816,"CONEXÃO FIXA, ROSCA FÊMEA, METÁLICA, PARA INSTALAÇÕES EM PEX ÁGUA, DN 25 MM X 3/4\", COM ANEL DESLIZANTE - FORNECIMENTO E INSTALAÇÃO. AF_02/2023","UN",23.93]
[96817,"CONEXÃO FIXA, ROSCA FÊMEA, METÁLICA, PARA INSTALAÇÕES EM PEX ÁGUA, DN 25 MM X 1\", COM ANEL DESLIZANTE - FORNECIMENTO E INSTALAÇÃO. AF_02/2023","UN",32.29]
[96818,"UNIÃO DE REDUÇÃO, METÁLICA, PARA INSTALAÇÕES EM PEX ÁGUA, DN 25 X 16 MM, CONEXÃO POR ANEL DESLIZANTE - FORNECIMENTO E INSTALAÇÃO. AF_02/2023","UN",20.73]
[96819,"UNIÃO DE REDUÇÃO, METÁLICA, PARA INSTALAÇÕES EM PEX ÁGUA, DN 25 X 20 MM, CONEXÃO POR ANEL DESLIZANTE - FORNECIMENTO E INSTALAÇÃO. AF_02/2023","UN",22.22]
[96820,"UNIÃO METÁLICA PARA INSTALAÇÕES EM PEX ÁGUA, DN 32 MM, COM ANEL DESLIZANTE - FORNECIMENTO E INSTALAÇÃO. AF_02/2023","UN",38.46]
[96821,"CONEXÃO FIXA, ROSCA FÊMEA, METÁLICA, PARA INSTALAÇÕES EM PEX ÁGUA, DN 32 MM X 1\", COM ANEL DESLIZANTE - FORNECIMENTO E INSTALAÇÃO. AF_02/2023","UN",35.99]
[96822,"UNIÃO DE REDUÇÃO, METÁLICA, PARA INSTALAÇÕES EM PEX ÁGUA, DN 32 X 25 MM, CONEXÃO POR ANEL DESLIZANTE - FORNECIMENTO E INSTALAÇÃO. AF_02/2023","UN",29.29]
[96823,"LUVA PARA INSTALAÇÕES EM PEX ÁGUA, DN 16 MM, CONEXÃO POR CRIMPAGEM - FORNECIMENTO E INSTALAÇÃO. AF_02/2023","UN",10.79]
[96824,"CONEXÃO FIXA, ROSCA FÊMEA, PARA INSTALAÇÕES EM PEX ÁGUA, DN 16MM X 1/2\", CONEXÃO POR CRIMPAGEM - FORNECIMENTO E INSTALAÇÃO. AF_02/2023","UN",16.72]
[96826,"LUVA PARA INSTALAÇÕES EM PEX ÁGUA, DN 20 MM, CONEXÃO POR CRIMPAGEM - FORNECIMENTO E INSTALAÇÃO. AF_02/2023","UN",12.48]
[96827,"CONEXÃO FIXA, ROSCA FÊMEA, PARA INSTALAÇÕES EM PEX ÁGUA, DN 20MM X 1/2\", CONEXÃO POR CRIMPAGEM - FORNECIMENTO E INSTALAÇÃO. AF_02/2023","UN",18.24]
[96828,"CONEXÃO FIXA, ROSCA FÊMEA, PARA INSTALAÇÕES EM PEX ÁGUA, DN 20MM X 3/4\", CONEXÃO POR CRIMPAGEM - FORNECIMENTO E INSTALAÇÃO. AF_02/2023","UN",22.63]
[96829,"LUVA DE REDUÇÃO PARA INSTALAÇÕES EM PEX ÁGUA, DN 20 X 16 MM, CONEXÃO POR CRIMPAGEM - FORNECIMENTO E INSTALAÇÃO. AF_02/2023","UN",17.87]
[96830,"LUVA PARA INSTALAÇÕES EM PEX ÁGUA, DN 25 MM, CONEXÃO POR CRIMPAGEM - FORNECIMENTO E INSTALAÇÃO. AF_02/2023","UN",19.97]
[96832,"CONEXÃO FIXA, ROSCA FÊMEA, PARA INSTALAÇÕES EM PEX ÁGUA, DN 25MM X 3/4\", CONEXÃO POR CRIMPAGEM - FORNECIMENTO E INSTALAÇÃO. AF_02/2023","UN",28.72]
[96833,"LUVA DE REDUÇÃO PARA INSTALAÇÕES EM PEX ÁGUA, DN 25 X 16 MM, CONEXÃO POR CRIMPAGEM - FORNECIMENTO E INSTALAÇÃO. AF_02/2023","UN",22.93]
[96834,"LUVA PARA INSTALAÇÕES EM PEX ÁGUA, DN 32 MM, CONEXÃO POR CRIMPAGEM - FORNECIMENTO E INSTALAÇÃO. AF_02/2023","UN",27.17]
[96836,"LUVA DE REDUÇÃO PARA INSTALAÇÕES EM PEX ÁGUA, DN 32 X 25 MM, CONEXÃO POR CRIMPAGEM - FORNECIMENTO E INSTALAÇÃO. AF_02/2023","UN",32.9]
[96837,"JOELHO 90 GRAUS, METÁLICO, PARA INSTALAÇÕES EM PEX ÁGUA, DN 16 MM, CONEXÃO POR ANEL DESLIZANTE - FORNECIMENTO E INSTALAÇÃO. AF_02/2023","UN",19.79]
[96838,"JOELHO 90 GRAUS, ROSCA FÊMEA TERMINAL, METÁLICO, PARA INSTALAÇÕES EM PEX ÁGUA, DN 16MM X 1/2\", CONEXÃO POR ANEL DESLIZANTE - FORNECIMENTO E INSTALAÇÃO. AF_02/2023","UN",23.63]
[96839,"JOELHO, ROSCA FÊMEA, COM BASE FIXA, METÁLICO, PARA INSTALAÇÕES EM PEX ÁGUA, DN 16MM X 1/2\", CONEXÃO POR ANEL DESLIZANTE - FORNECIMENTO E INSTALAÇÃO. AF_02/2023","UN",24.5]
[96840,"JOELHO 90 GRAUS, METÁLICO, PARA INSTALAÇÕES EM PEX ÁGUA, DN 20 MM, CONEXÃO POR ANEL DESLIZANTE - FORNECIMENTO E INSTALAÇÃO. AF_02/2023","UN",23.91]
[96841,"JOELHO 90 GRAUS, ROSCA FÊMEA TERMINAL, METÁLICO, PARA INSTALAÇÕES EM PEX ÁGUA, DN 20 MM X 1/2\", CONEXÃO POR ANEL DESLIZANTE - FORNECIMENTO E INSTALAÇÃO. AF_02/2023","UN",26.3]
[96842,"JOELHO 90 GRAUS, ROSCA FÊMEA TERMINAL, METÁLICO, PARA INSTALAÇÕES EM PEX ÁGUA, DN 20 MM X 3/4\", CONEXÃO POR ANEL DESLIZANTE - FORNECIMENTO E INSTALAÇÃO. AF_02/2023","UN",30.2]
[96843,"JOELHO ROSCA FÊMEA, COM BASE FIXA, METÁLICO, PARA INSTALAÇÕES EM PEX ÁGUA, DN 20MM X 1/2\", CONEXÃO POR ANEL DESLIZANTE - FORNECIMENTO E INSTALAÇÃO. AF_02/2023","UN",27.48]
[96844,"JOELHO ROSCA FÊMEA, MÓVEL, METÁLICO, PARA INSTALAÇÕES EM PEX ÁGUA, DN 20MM X 3/4\", CONEXÃO POR ANEL DESLIZANTE - FORNECIMENTO E INSTALAÇÃO. AF_02/2023","UN",31.72]
[96845,"JOELHO 90 GRAUS, METÁLICO, PARA INSTALAÇÕES EM PEX ÁGUA, DN 25 MM, CONEXÃO POR ANEL DESLIZANTE - FORNECIMENTO E INSTALAÇÃO. AF_02/2023","UN",38.27]
[96846,"JOELHO 90 GRAUS, ROSCA FÊMEA TERMINAL, METÁLICO, PARA INSTALAÇÕES EM PEX ÁGUA, DN 25 MM X 3/4\", CONEXÃO POR ANEL DESLIZANTE - FORNECIMENTO E INSTALAÇÃO. AF_02/2023","UN",35.43]
[96847,"JOELHO ROSCA FÊMEA, COM BASE FIXA, METÁLICO, PARA INSTALAÇÕES EM PEX ÁGUA, DN 25MM X 3/4\", CONEXÃO POR ANEL DESLIZANTE - FORNECIMENTO E INSTALAÇÃO. AF_02/2023","UN",34.91]
[96848,"JOELHO 90 GRAUS, METÁLICO, PARA INSTALAÇÕES EM PEX ÁGUA, DN 32 MM, CONEXÃO POR ANEL DESLIZANTE - FORNECIMENTO E INSTALAÇÃO. AF_02/2023","UN",50.99]
[96849,"JOELHO 90 GRAUS, PARA INSTALAÇÕES EM PEX ÁGUA, DN 16 MM, CONEXÃO POR CRIMPAGEM - FORNECIMENTO E INSTALAÇÃO. AF_02/2023","UN",15.91]
[96850,"JOELHO 90 GRAUS, ROSCA FÊMEA TERMINAL, PARA INSTALAÇÕES EM PEX ÁGUA, DN 16MM X 1/2\", CONEXÃO POR CRIMPAGEM - FORNECIMENTO E INSTALAÇÃO. AF_02/2023","UN",22.12]
[96852,"JOELHO 90 GRAUS, PARA INSTALAÇÕES EM PEX ÁGUA, DN 20 MM, CONEXÃO POR CRIMPAGEM - FORNECIMENTO E INSTALAÇÃO. AF_02/2023","UN",20.34]
[96853,"JOELHO 90 GRAUS, ROSCA FÊMEA TERMINAL, PARA INSTALAÇÕES EM PEX ÁGUA, DN 20MM X 1/2\", CONEXÃO POR CRIMPAGEM - FORNECIMENTO E INSTALAÇÃO. AF_02/2023","UN",23.8]
[96854,"JOELHO 90 GRAUS, ROSCA FÊMEA TERMINAL, PARA INSTALAÇÕES EM PEX ÁGUA, DN 20MM X 3/4\", CONEXÃO POR CRIMPAGEM - FORNECIMENTO E INSTALAÇÃO. AF_02/2023","UN",29.51]
[96855,"JOELHO 90 GRAUS, PARA INSTALAÇÕES EM PEX ÁGUA, DN 25 MM, CONEXÃO POR CRIMPAGEM - FORNECIMENTO E INSTALAÇÃO. AF_02/2023","UN",32.32]
[96856,"JOELHO 90 GRAUS, ROSCA FÊMEA TERMINAL, PARA INSTALAÇÕES EM PEX ÁGUA, DN 25MM X 1/2\", CONEXÃO POR CRIMPAGEM - FORNECIMENTO E INSTALAÇÃO. AF_02/2023","UN",34.23]
[96860,"TÊ, METÁLICO, PARA INSTALAÇÕES EM PEX ÁGUA, DN 16 MM, CONEXÃO POR ANEL DESLIZANTE - FORNECIMENTO E INSTALAÇÃO. AF_02/2023","UN",28.42]
[96861,"TÊ, ROSCA FÊMEA, METÁLICO, PARA INSTALAÇÕES EM PEX ÁGUA, DN 16 MM X ½\", CONEXÃO POR ANEL DESLIZANTE - FORNECIMENTO E INSTALAÇÃO. AF_02/2023","UN",36]
[96862,"TÊ, METÁLICO, PARA INSTALAÇÕES EM PEX ÁGUA, DN 20 MM, CONEXÃO POR ANEL DESLIZANTE - FORNECIMENTO E INSTALAÇÃO. AF_02/2023","UN",35.03]
[96863,"TÊ, ROSCA FÊMEA, METÁLICO, PARA INSTALAÇÕES EM PEX ÁGUA, DN 20 MM X 1/2\", CONEXÃO POR ANEL DESLIZANTE - FORNECIMENTO E INSTALAÇÃO. AF_02/2023","UN",36.72]
[96864,"TÊ, METÁLICO, PARA INSTALAÇÕES EM PEX ÁGUA, DN 25 MM, CONEXÃO POR ANEL DESLIZANTE - FORNECIMENTO E INSTALAÇÃO. AF_02/2023","UN",49.96]
[96865,"TÊ, ROSCA FÊMEA, METÁLICO, PARA INSTALAÇÕES EM PEX ÁGUA, DN 25 MM X 3/4\", CONEXÃO POR ANEL DESLIZANTE - FORNECIMENTO E INSTALAÇÃO. AF_02/2023","UN",43.29]
[96866,"TÊ, METÁLICO, PARA INSTALAÇÕES EM PEX ÁGUA, DN 32 MM, CONEXÃO POR ANEL DESLIZANTE - FORNECIMENTO E INSTALAÇÃO. AF_02/2023","UN",65.2]
[96868,"TÊ, PARA INSTALAÇÕES EM PEX ÁGUA, DN 16 MM, CONEXÃO POR CRIMPAGEM - FORNECIMENTO E INSTALAÇÃO. AF_02/2023","UN",18.48]
[96869,"TÊ, PARA INSTALAÇÕES EM PEX ÁGUA, DN 20 MM, CONEXÃO POR CRIMPAGEM - FORNECIMENTO E INSTALAÇÃO. AF_02/2023","UN",28.78]
[96870,"TÊ, PARA INSTALAÇÕES EM PEX ÁGUA, DN 25 MM, CONEXÃO POR CRIMPAGEM - FORNECIMENTO E INSTALAÇÃO. AF_02/2023","UN",43.68]
[96871,"TÊ, PARA INSTALAÇÕES EM PEX ÁGUA, DN 32 MM, CONEXÃO POR CRIMPAGEM - FORNECIMENTO E INSTALAÇÃO. AF_02/2023","UN",49.78]
[96872,"DISTRIBUIDOR 2 SAÍDAS, METÁLICO, PARA INSTALAÇÕES EM PEX ÁGUA, ENTRADA DE 3/4\" X 2 SAÍDAS DE 1/2\", CONEXÃO POR ANEL DESLIZANTE - FORNECIMENTO E INSTALAÇÃO. AF_02/2023","UN",45.63]
[96873,"DISTRIBUIDOR 2 SAÍDAS, METÁLICO, PARA INSTALAÇÕES EM PEX ÁGUA, ENTRADA DE 1\" X 2 SAÍDAS DE 1/2\", CONEXÃO POR ANEL DESLIZANTE - FORNECIMENTO E INSTALAÇÃO. AF_02/2023","UN",61.33]
[96874,"DISTRIBUIDOR 3 SAÍDAS, METÁLICO, PARA INSTALAÇÕES EM PEX ÁGUA, ENTRADA DE 3/4\" X 3 SAÍDAS DE 1/2\", CONEXÃO POR ANEL DESLIZANTE - FORNECIMENTO E INSTALAÇÃO. AF_02/2023","UN",55.58]
[96875,"DISTRIBUIDOR 3 SAÍDAS, METÁLICO, PARA INSTALAÇÕES EM PEX ÁGUA, ENTRADA DE 1\" X 3 SAÍDAS DE 1/2\", CONEXÃO POR ANEL DESLIZANTE - FORNECIMENTO E INSTALAÇÃO. AF_02/2023","UN",73.58]
[96876,"DISTRIBUIDOR 2 SAÍDAS, PARA INSTALAÇÕES EM PEX ÁGUA, ENTRADA DE 32 MM X 2 SAÍDAS DE 16 MM, CONEXÃO POR CRIMPAGEM FORNECIMENTO E INSTALAÇÃO. AF_02/2023","UN",172.01]
[96878,"DISTRIBUIDOR 2 SAÍDAS, PARA INSTALAÇÕES EM PEX ÁGUA, ENTRADA DE 32 MM X 2 SAÍDAS DE 25 MM, CONEXÃO POR CRIMPAGEM - FORNECIMENTO E INSTALAÇÃO. AF_02/2023","UN",193.67]
[96879,"DISTRIBUIDOR 3 SAÍDAS, PARA INSTALAÇÕES EM PEX ÁGUA, ENTRADA DE 32 MM X 3 SAÍDAS DE 16 MM, CONEXÃO POR CRIMPAGEM - FORNECIMENTO E INSTALAÇÃO. AF_02/2023","UN",187.4]
[96881,"DISTRIBUIDOR 3 SAÍDAS, PARA INSTALAÇÕES EM PEX ÁGUA, ENTRADA DE 32 MM X 3 SAÍDAS DE 25 MM, CONEXÃO POR CRIMPAGEM - FORNECIMENTO E INSTALAÇÃO. AF_02/2023","UN",223.17]
[97430,"ACOPLAMENTO RÍGIDO EM AÇO, CONEXÃO RANHURADA, DN 50 (2\"), INSTALADO EM PRUMADAS - FORNECIMENTO E INSTALAÇÃO. AF_10/2020","UN",39.1]
[97431,"ACOPLAMENTO RÍGIDO EM AÇO, CONEXÃO RANHURADA, DN 65 (2 1/2\"), INSTALADO EM PRUMADAS - FORNECIMENTO E INSTALAÇÃO. AF_10/2020","UN",43.63]
[97432,"ACOPLAMENTO RÍGIDO EM AÇO, CONEXÃO RANHURADA, DN 80 (3\"), INSTALADO EM PRUMADAS - FORNECIMENTO E INSTALAÇÃO. AF_10/2020","UN",49.23]
[97433,"CURVA 45 GRAUS, EM AÇO, CONEXÃO RANHURADA, DN 50 (2\"), INSTALADO EM PRUMADAS - FORNECIMENTO E INSTALAÇÃO. AF_10/2020","UN",89.4]
[97434,"CURVA 90 GRAUS, EM AÇO, CONEXÃO RANHURADA, DN 50 (2\"), INSTALADO EM PRUMADAS - FORNECIMENTO E INSTALAÇÃO. AF_10/2020","UN",91.09]
[97435,"CURVA 45 GRAUS, EM AÇO, CONEXÃO RANHURADA, DN 65 (2 1/2\"), INSTALADO EM PRUMADAS - FORNECIMENTO E INSTALAÇÃO. AF_10/2020","UN",104.61]
[97436,"CURVA 90 GRAUS, EM AÇO, CONEXÃO RANHURADA, DN 65 (2 1/2\"), INSTALADO EM PRUMADAS - FORNECIMENTO E INSTALAÇÃO. AF_10/2020","UN",107.84]
[97437,"CURVA 45 GRAUS, EM AÇO, CONEXÃO RANHURADA, DN 80 (3\"), INSTALADO EM PRUMADAS - FORNECIMENTO E INSTALAÇÃO. AF_10/2020","UN",119.73]
[97438,"CURVA 90 GRAUS, EM AÇO, CONEXÃO RANHURADA, DN 80 (3\"), INSTALADO EM PRUMADAS - FORNECIMENTO E INSTALAÇÃO. AF_10/2020","UN",123.19]
[97439,"TÊ, EM AÇO, CONEXÃO RANHURADA, DN 50 (2\"), INSTALADO EM PRUMADAS - FORNECIMENTO E INSTALAÇÃO. AF_10/2020","UN",135.33]
[97440,"TÊ, EM AÇO, CONEXÃO RANHURADA, DN 65 (2 1/2\"), INSTALADO EM PRUMADAS - FORNECIMENTO E INSTALAÇÃO. AF_10/2020","UN",162.29]
[97442,"TÊ, EM AÇO, CONEXÃO RANHURADA, DN 80 (3\"), INSTALADO EM PRUMADAS - FORNECIMENTO E INSTALAÇÃO. AF_10/2020","UN",179.16]
[97443,"LUVA, EM AÇO, CONEXÃO SOLDADA, DN 50 (2\"), INSTALADO EM PRUMADAS - FORNECIMENTO E INSTALAÇÃO. AF_10/2020","UN",110.75]
[97444,"LUVA COM REDUÇÃO, EM AÇO, CONEXÃO SOLDADA, DN 50 X 40 MM (2  X 1 1/2\"), INSTALADO EM PRUMADAS - FORNECIMENTO E INSTALAÇÃO. AF_10/2020","UN",131.14]
[97446,"LUVA, EM AÇO, CONEXÃO SOLDADA, DN 65 (2 1/2\"), INSTALADO EM PRUMADAS - FORNECIMENTO E INSTALAÇÃO. AF_10/2020","UN",229.7]
[97447,"LUVA COM REDUÇÃO, EM AÇO, CONEXÃO SOLDADA, DN 65 X 50 MM (2 1/2\" X 2\"), INSTALADO EM PRUMADAS - FORNECIMENTO E INSTALAÇÃO. AF_10/2020","UN",229.7]
[97449,"LUVA, EM AÇO, CONEXÃO SOLDADA, DN 80 (3\"), INSTALADO EM PRUMADAS - FORNECIMENTO E INSTALAÇÃO. AF_10/2020","UN",244.56]
[97450,"LUVA COM REDUÇÃO, EM AÇO, CONEXÃO SOLDADA, DN 80 X 65 MM (3\" X 2 1/2\"), INSTALADO EM PRUMADAS - FORNECIMENTO E INSTALAÇÃO. AF_10/2020","UN",300.08]
[97452,"CURVA 45 GRAUS, EM AÇO, CONEXÃO SOLDADA, DN 50 (2\"), INSTALADO EM PRUMADAS - FORNECIMENTO E INSTALAÇÃO. AF_10/2020","UN",182.75]
[97453,"CURVA 90 GRAUS, EM AÇO, CONEXÃO SOLDADA, DN 50 (2\"), INSTALADO EM PRUMADAS - FORNECIMENTO E INSTALAÇÃO. AF_10/2020","UN",194.39]
[97454,"CURVA 45 GRAUS, EM AÇO, CONEXÃO SOLDADA, DN 65 (2 1/2\"), INSTALADO EM PRUMADAS - FORNECIMENTO E INSTALAÇÃO. AF_10/2020","UN",315.01]
[97455,"CURVA 90 GRAUS, EM AÇO, CONEXÃO SOLDADA, DN 65 (2 1/2\"), INSTALADO EM PRUMADAS - FORNECIMENTO E INSTALAÇÃO. AF_10/2020","UN",333.62]
[97456,"CURVA 45 GRAUS, EM AÇO, CONEXÃO SOLDADA, DN 80 (3\"), INSTALADO EM PRUMADAS - FORNECIMENTO E INSTALAÇÃO. AF_10/2020","UN",721.8]
[97457,"CURVA 90 GRAUS, EM AÇO, CONEXÃO SOLDADA, DN 80 (3\"), INSTALADO EM PRUMADAS - FORNECIMENTO E INSTALAÇÃO. AF_10/2020","UN",638.31]
[97458,"TÊ, EM AÇO, CONEXÃO SOLDADA, DN 50 (2\"), INSTALADO EM PRUMADAS - FORNECIMENTO E INSTALAÇÃO. AF_10/2020","UN",290.45]
[97459,"TÊ, EM AÇO, CONEXÃO SOLDADA, DN 65 (2 1/2\"), INSTALADO EM PRUMADAS - FORNECIMENTO E INSTALAÇÃO. AF_10/2020","UN",503.65]
[97460,"TÊ, EM AÇO, CONEXÃO SOLDADA, DN 80 (3\"), INSTALADO EM PRUMADAS - FORNECIMENTO E INSTALAÇÃO. AF_10/2020","UN",778.29]
[97461,"LUVA, EM AÇO, CONEXÃO SOLDADA, DN 25 (1\"), INSTALADO EM REDE DE ALIMENTAÇÃO PARA HIDRANTE - FORNECIMENTO E INSTALAÇÃO. AF_10/2020","UN",35.04]
[97462,"LUVA COM REDUÇÃO, EM AÇO, CONEXÃO SOLDADA, DN 25 X 20 MM (1  X 3/4\"), INSTALADO EM REDE DE ALIMENTAÇÃO PARA HIDRANTE - FORNECIMENTO E INSTALAÇÃO. AF_10/2020","UN",29.07]
[97464,"LUVA, EM AÇO, CONEXÃO SOLDADA, DN 32 (1 1/4\"), INSTALADO EM REDE DE ALIMENTAÇÃO PARA HIDRANTE - FORNECIMENTO E INSTALAÇÃO. AF_10/2020","UN",50.65]
[97465,"LUVA COM REDUÇÃO, EM AÇO, CONEXÃO SOLDADA, DN 32 X 25 MM (1 1/4\"  X 1\"), INSTALADO EM REDE DE ALIMENTAÇÃO PARA HIDRANTE - FORNECIMENTO E INSTALAÇÃO. AF_10/2020","UN",60.72]
[97467,"LUVA, EM AÇO, CONEXÃO SOLDADA, DN 40 (1 1/2\"), INSTALADO EM REDE DE ALIMENTAÇÃO PARA HIDRANTE - FORNECIMENTO E INSTALAÇÃO. AF_10/2020","UN",64.3]
[97468,"LUVA COM REDUÇÃO, EM AÇO, CONEXÃO SOLDADA, DN 40  X 32 MM (1 1/2\" X 1 1/4\"), INSTALADO EM REDE DE ALIMENTAÇÃO PARA HIDRANTE - FORNECIMENTO E INSTALAÇÃO. AF_10/2020","UN",77.2]
[97470,"LUVA, EM AÇO, CONEXÃO SOLDADA, DN 50 (2\"), INSTALADO EM REDE DE ALIMENTAÇÃO PARA HIDRANTE - FORNECIMENTO E INSTALAÇÃO. AF_10/2020","UN",95.38]
[97471,"LUVA COM REDUÇÃO, EM AÇO, CONEXÃO SOLDADA, DN 50 X 40 MM (2\" X 1 1/2\"), INSTALADO EM REDE DE ALIMENTAÇÃO PARA HIDRANTE - FORNECIMENTO E INSTALAÇÃO. AF_10/2020","UN",115.77]
[97474,"LUVA, EM AÇO, CONEXÃO SOLDADA, DN 65 (2 1/2\"), INSTALADO EM REDE DE ALIMENTAÇÃO PARA HIDRANTE - FORNECIMENTO E INSTALAÇÃO. AF_10/2020","UN",175.75]
[97475,"LUVA COM REDUÇÃO, EM AÇO, CONEXÃO SOLDADA, DN 65 X 50 MM (2 1/2\" X 2\"), INSTALADO EM REDE DE ALIMENTAÇÃO PARA HIDRANTE - FORNECIMENTO E INSTALAÇÃO. AF_10/2020","UN",216.96]
[97477,"LUVA, EM AÇO, CONEXÃO SOLDADA, DN 80 (3\"), INSTALADO EM REDE DE ALIMENTAÇÃO PARA HIDRANTE - FORNECIMENTO E INSTALAÇÃO. AF_10/2020","UN",234.42]
[97478,"LUVA COM REDUÇÃO, EM AÇO, CONEXÃO SOLDADA, DN 80 X 65 MM (3\" X 2 1/2\"), INSTALADO EM REDE DE ALIMENTAÇÃO PARA HIDRANTE - FORNECIMENTO E INSTALAÇÃO. AF_10/2020","UN",289.94]
[97479,"CURVA 45 GRAUS, EM AÇO, CONEXÃO SOLDADA, DN 25 (1\"), INSTALADO EM REDE DE ALIMENTAÇÃO PARA HIDRANTE - FORNECIMENTO E INSTALAÇÃO. AF_10/2020","UN",56.59]
[97480,"CURVA 90 GRAUS, EM AÇO, CONEXÃO SOLDADA, DN 25 (1\"), INSTALADO EM REDE DE ALIMENTAÇÃO PARA HIDRANTE - FORNECIMENTO E INSTALAÇÃO. AF_10/2020","UN",56.59]
[97481,"CURVA 45 GRAUS, EM AÇO, CONEXÃO SOLDADA, DN 32 (1 1/4\"), INSTALADO EM REDE DE ALIMENTAÇÃO PARA HIDRANTE - FORNECIMENTO E INSTALAÇÃO. AF_10/2020","UN",82.3]
[97482,"CURVA 90 GRAUS, EM AÇO, CONEXÃO SOLDADA, DN 32 (1 1/4\"), INSTALADO EM REDE DE ALIMENTAÇÃO PARA HIDRANTE - FORNECIMENTO E INSTALAÇÃO. AF_10/2020","UN",82.3]
[97483,"CURVA 45 GRAUS, EM AÇO, CONEXÃO SOLDADA, DN 40 (1 1/2\"), INSTALADO EM REDE DE ALIMENTAÇÃO PARA HIDRANTE - FORNECIMENTO E INSTALAÇÃO. AF_10/2020","UN",115.57]
[97484,"CURVA 90 GRAUS, EM AÇO, CONEXÃO SOLDADA, DN 40 (1 1/2\"), INSTALADO EM REDE DE ALIMENTAÇÃO PARA HIDRANTE - FORNECIMENTO E INSTALAÇÃO. AF_10/2020","UN",115.57]
[97485,"CURVA 45 GRAUS, EM AÇO, CONEXÃO SOLDADA, DN 50 (2\"), INSTALADO EM REDE DE ALIMENTAÇÃO PARA HIDRANTE - FORNECIMENTO E INSTALAÇÃO. AF_10/2020","UN",159.73]
[97486,"CURVA 90 GRAUS, EM AÇO, CONEXÃO SOLDADA, DN 50 (2\"), INSTALADO EM REDE DE ALIMENTAÇÃO PARA HIDRANTE - FORNECIMENTO E INSTALAÇÃO. AF_10/2020","UN",171.37]
[97487,"CURVA 45 GRAUS, EM AÇO, CONEXÃO SOLDADA, DN 65 (2 1/2\"), INSTALADO EM REDE DE ALIMENTAÇÃO PARA HIDRANTE - FORNECIMENTO E INSTALAÇÃO. AF_10/2020","UN",295.92]
[97488,"CURVA 90 GRAUS, EM AÇO, CONEXÃO SOLDADA, DN 65 (2 1/2\"), INSTALADO EM REDE DE ALIMENTAÇÃO PARA HIDRANTE - FORNECIMENTO E INSTALAÇÃO. AF_10/2020","UN",314.53]
[97489,"CURVA 45 GRAUS, EM AÇO, CONEXÃO SOLDADA, DN 80 (3\"), INSTALADO EM REDE DE ALIMENTAÇÃO PARA HIDRANTE - FORNECIMENTO E INSTALAÇÃO. AF_10/2020","UN",706.58]
[97490,"CURVA 90 GRAUS, EM AÇO, CONEXÃO SOLDADA, DN 80 (3\"), INSTALADO EM REDE DE ALIMENTAÇÃO PARA HIDRANTE - FORNECIMENTO E INSTALAÇÃO. AF_10/2020","UN",623.09]
[97491,"TÊ, EM AÇO, CONEXÃO SOLDADA, DN 25 (1\"), INSTALADO EM REDE DE ALIMENTAÇÃO PARA HIDRANTE - FORNECIMENTO E INSTALAÇÃO. AF_10/2020","UN",87.8]
[97492,"TÊ, EM AÇO, CONEXÃO SOLDADA, DN 32 (1 1/4\"), INSTALADO EM REDE DE ALIMENTAÇÃO PARA HIDRANTE - FORNECIMENTO E INSTALAÇÃO. AF_10/2020","UN",129.23]
[97493,"TÊ, EM AÇO, CONEXÃO SOLDADA, DN 40 (1 1/2\"), INSTALADO EM REDE DE ALIMENTAÇÃO PARA HIDRANTE - FORNECIMENTO E INSTALAÇÃO. AF_10/2020","UN",166.75]
[97494,"TÊ, EM AÇO, CONEXÃO SOLDADA, DN 50 (2\"), INSTALADO EM REDE DE ALIMENTAÇÃO PARA HIDRANTE - FORNECIMENTO E INSTALAÇÃO. AF_10/2020","UN",259.72]
[97495,"TÊ, EM AÇO, CONEXÃO SOLDADA, DN 65 (2 1/2\"), INSTALADO EM REDE DE ALIMENTAÇÃO PARA HIDRANTE - FORNECIMENTO E INSTALAÇÃO. AF_10/2020","UN",478.15]
[97496,"TÊ, EM AÇO, CONEXÃO SOLDADA, DN 80 (3\"), INSTALADO EM REDE DE ALIMENTAÇÃO PARA HIDRANTE - FORNECIMENTO E INSTALAÇÃO. AF_10/2020","UN",758.03]
[97499,"LUVA, EM AÇO, CONEXÃO SOLDADA, DN 25 (1\"), INSTALADO EM REDE DE ALIMENTAÇÃO PARA SPRINKLER - FORNECIMENTO E INSTALAÇÃO. AF_10/2020","UN",32.56]
[97500,"LUVA COM REDUÇÃO, EM AÇO, CONEXÃO SOLDADA, DN 25 X 20 MM (1\" X 3/4\"), INSTALADO EM REDE DE ALIMENTAÇÃO PARA SPRINKLER - FORNECIMENTO E INSTALAÇÃO. AF_10/2020","UN",26.59]
[97502,"LUVA, EM AÇO, CONEXÃO SOLDADA, DN 32 (1 1/4\"), INSTALADO EM REDE DE ALIMENTAÇÃO PARA SPRINKLER - FORNECIMENTO E INSTALAÇÃO. AF_10/2020","UN",46.05]
[97503,"LUVA COM REDUÇÃO, EM AÇO, CONEXÃO SOLDADA, DN 32 X 25 MM (1 1/4\"  X 1\"), INSTALADO EM REDE DE ALIMENTAÇÃO PARA SPRINKLER - FORNECIMENTO E INSTALAÇÃO. AF_10/2020","UN",56.35]
[97505,"LUVA, EM AÇO, CONEXÃO SOLDADA, DN 40 (1 1/2\"), INSTALADO EM REDE DE ALIMENTAÇÃO PARA SPRINKLER - FORNECIMENTO E INSTALAÇÃO. AF_10/2020","UN",57.81]
[97506,"LUVA COM REDUÇÃO, EM AÇO, CONEXÃO SOLDADA, DN 40  X 32 MM (1 1/2\" X 1 1/4\"), INSTALADO EM REDE DE ALIMENTAÇÃO PARA SPRINKLER - FORNECIMENTO E INSTALAÇÃO. AF_10/2020","UN",70.71]
[97508,"LUVA, EM AÇO, CONEXÃO SOLDADA, DN 50 (2\"), INSTALADO EM REDE DE ALIMENTAÇÃO PARA SPRINKLER - FORNECIMENTO E INSTALAÇÃO. AF_10/2020","UN",86.21]
[97509,"LUVA COM REDUÇÃO, EM AÇO, CONEXÃO SOLDADA, DN 50 X 40 MM (2\" X 1 1/2\"), INSTALADO EM REDE DE ALIMENTAÇÃO PARA SPRINKLER - FORNECIMENTO E INSTALAÇÃO. AF_10/2020","UN",106.6]
[97511,"LUVA, EM AÇO, CONEXÃO SOLDADA, DN 65 (2 1/2\"), INSTALADO EM REDE DE ALIMENTAÇÃO PARA SPRINKLER - FORNECIMENTO E INSTALAÇÃO. AF_10/2020","UN",162.56]
[97512,"LUVA COM REDUÇÃO, EM AÇO, CONEXÃO SOLDADA, DN 65 X 50 MM (2 1/2\" X 2\"), INSTALADO EM REDE DE ALIMENTAÇÃO PARA SPRINKLER - FORNECIMENTO E INSTALAÇÃO. AF_10/2020","UN",203.77]
[97514,"LUVA, EM AÇO, CONEXÃO SOLDADA, DN 80 (3\"), INSTALADO EM REDE DE ALIMENTAÇÃO PARA SPRINKLER - FORNECIMENTO E INSTALAÇÃO. AF_10/2020","UN",217.09]
[97515,"LUVA COM REDUÇÃO, EM AÇO, CONEXÃO SOLDADA, DN 80 X 65 MM (3\" X 2 1/2\"), INSTALADO EM REDE DE ALIMENTAÇÃO PARA SPRINKLER - FORNECIMENTO E INSTALAÇÃO. AF_10/2020","UN",272.61]
[97517,"CURVA 45 GRAUS, EM AÇO, CONEXÃO SOLDADA, DN 25 (1\"), INSTALADO EM REDE DE ALIMENTAÇÃO PARA SPRINKLER - FORNECIMENTO E INSTALAÇÃO. AF_10/2020","UN",52.88]
[97518,"CURVA 90 GRAUS, EM AÇO, CONEXÃO SOLDADA, DN 25 (1\"), INSTALADO EM REDE DE ALIMENTAÇÃO PARA SPRINKLER - FORNECIMENTO E INSTALAÇÃO. AF_10/2020","UN",52.88]
[97519,"CURVA 45 GRAUS, EM AÇO, CONEXÃO SOLDADA, DN 32 (1 1/4\"), INSTALADO EM REDE DE ALIMENTAÇÃO PARA SPRINKLER - FORNECIMENTO E INSTALAÇÃO. AF_10/2020","UN",75.74]
[97520,"CURVA 90 GRAUS, EM AÇO, CONEXÃO SOLDADA, DN 32 (1 1/4\"), INSTALADO EM REDE DE ALIMENTAÇÃO PARA SPRINKLER - FORNECIMENTO E INSTALAÇÃO. AF_10/2020","UN",75.74]
[97521,"CURVA 45 GRAUS, EM AÇO, CONEXÃO SOLDADA, DN 40 (1 1/2\"), INSTALADO EM REDE DE ALIMENTAÇÃO PARA SPRINKLER - FORNECIMENTO E INSTALAÇÃO. AF_10/2020","UN",105.81]
[97522,"CURVA 90 GRAUS, EM AÇO, CONEXÃO SOLDADA, DN 40 (1 1/2\"), INSTALADO EM REDE DE ALIMENTAÇÃO PARA SPRINKLER - FORNECIMENTO E INSTALAÇÃO. AF_10/2020","UN",105.81]
[97523,"CURVA 45 GRAUS, EM AÇO, CONEXÃO SOLDADA, DN 50 (2\"), INSTALADO EM REDE DE ALIMENTAÇÃO PARA SPRINKLER - FORNECIMENTO E INSTALAÇÃO. AF_10/2020","UN",145.96]
[97524,"CURVA 90 GRAUS, EM AÇO, CONEXÃO SOLDADA, DN 50 (2\"), INSTALADO EM REDE DE ALIMENTAÇÃO PARA SPRINKLER - FORNECIMENTO E INSTALAÇÃO. AF_10/2020","UN",157.6]
[97525,"CURVA 45 GRAUS, EM AÇO, CONEXÃO SOLDADA, DN 65 (2 1/2\"), INSTALADO EM REDE DE ALIMENTAÇÃO PARA SPRINKLER - FORNECIMENTO E INSTALAÇÃO. AF_10/2020","UN",276.04]
[97526,"CURVA 90 GRAUS, EM AÇO, CONEXÃO SOLDADA, DN 65 (2 1/2\"), INSTALADO EM REDE DE ALIMENTAÇÃO PARA SPRINKLER - FORNECIMENTO E INSTALAÇÃO. AF_10/2020","UN",294.65]
[97527,"CURVA 45 GRAUS, EM AÇO, CONEXÃO SOLDADA, DN 80 (3\"), INSTALADO EM REDE DE ALIMENTAÇÃO PARA SPRINKLER - FORNECIMENTO E INSTALAÇÃO. AF_10/2020","UN",680.65]
[97528,"CURVA 90 GRAUS, EM AÇO, CONEXÃO SOLDADA, DN 80 (3\"), INSTALADO EM REDE DE ALIMENTAÇÃO PARA SPRINKLER - FORNECIMENTO E INSTALAÇÃO. AF_10/2020","UN",597.16]
[97529,"TÊ, EM AÇO, CONEXÃO SOLDADA, DN 25 (1\"), INSTALADO EM REDE DE ALIMENTAÇÃO PARA SPRINKLER - FORNECIMENTO E INSTALAÇÃO. AF_10/2020","UN",82.92]
[97530,"TÊ, EM AÇO, CONEXÃO SOLDADA, DN 32 (1 1/4\"), INSTALADO EM REDE DE ALIMENTAÇÃO PARA SPRINKLER - FORNECIMENTO E INSTALAÇÃO. AF_10/2020","UN",120.48]
[97531,"TÊ, EM AÇO, CONEXÃO SOLDADA, DN 40 (1 1/2\"), INSTALADO EM REDE DE ALIMENTAÇÃO PARA SPRINKLER - FORNECIMENTO E INSTALAÇÃO. AF_10/2020","UN",153.71]
[97532,"TÊ, EM AÇO, CONEXÃO SOLDADA, DN 50 (2\"), INSTALADO EM REDE DE ALIMENTAÇÃO PARA SPRINKLER - FORNECIMENTO E INSTALAÇÃO. AF_10/2020","UN",241.37]
[97533,"TÊ, EM AÇO, CONEXÃO SOLDADA, DN 65 (2 1/2\"), INSTALADO EM REDE DE ALIMENTAÇÃO PARA SPRINKLER - FORNECIMENTO E INSTALAÇÃO. AF_10/2020","UN",455.58]
[97534,"TÊ, EM AÇO, CONEXÃO SOLDADA, DN 80 (3\"), INSTALADO EM REDE DE ALIMENTAÇÃO PARA SPRINKLER - FORNECIMENTO E INSTALAÇÃO. AF_10/2020","UN",723.44]
[97537,"LUVA, EM AÇO, CONEXÃO SOLDADA, DN 15 (1/2\"), INSTALADO EM RAMAIS E SUB-RAMAIS DE GÁS - FORNECIMENTO E INSTALAÇÃO. AF_10/2020","UN",24.2]
[97540,"LUVA, EM AÇO, CONEXÃO SOLDADA, DN 20 (3/4\"), INSTALADO EM RAMAIS E SUB-RAMAIS DE GÁS - FORNECIMENTO E INSTALAÇÃO. AF_10/2020","UN",32.19]
[97541,"LUVA COM REDUÇÃO, EM AÇO, CONEXÃO SOLDADA, DN 20 X 15 MM (3/4\" X 1/2\"), INSTALADO EM RAMAIS E SUB-RAMAIS DE GÁS - FORNECIMENTO E INSTALAÇÃO. AF_10/2020","UN",27.23]
[97543,"LUVA, EM AÇO, CONEXÃO SOLDADA, DN 25 (1\"), INSTALADO EM RAMAIS E SUB-RAMAIS DE GÁS - FORNECIMENTO E INSTALAÇÃO. AF_10/2020","UN",51.87]
[97544,"LUVA COM REDUÇÃO, EM AÇO, CONEXÃO SOLDADA, DN 25 X 20 MM (1\" X 3/4\"), INSTALADO EM RAMAIS E SUB-RAMAIS DE GÁS - FORNECIMENTO E INSTALAÇÃO. AF_10/2020","UN",45.9]
[97546,"CURVA 45 GRAUS, EM AÇO, CONEXÃO SOLDADA, DN 15 (1/2\"), INSTALADO EM RAMAIS E SUB-RAMAIS DE GÁS - FORNECIMENTO E INSTALAÇÃO. AF_10/2020","UN",33.74]
[97547,"CURVA 90 GRAUS, EM AÇO, CONEXÃO SOLDADA, DN 15 (1/2\"), INSTALADO EM RAMAIS E SUB-RAMAIS DE GÁS - FORNECIMENTO E INSTALAÇÃO. AF_10/2020","UN",33.74]
[97548,"CURVA 45 GRAUS, EM AÇO, CONEXÃO SOLDADA, DN 20 (3/4\"), INSTALADO EM RAMAIS E SUB-RAMAIS DE GÁS - FORNECIMENTO E INSTALAÇÃO. AF_10/2020","UN",49.71]
[97549,"CURVA 90 GRAUS, EM AÇO, CONEXÃO SOLDADA, DN 20 (3/4\"), INSTALADO EM RAMAIS E SUB-RAMAIS DE GÁS - FORNECIMENTO E INSTALAÇÃO. AF_10/2020","UN",49.71]
[97550,"CURVA 45 GRAUS, EM AÇO, CONEXÃO SOLDADA, DN 25 (1\"), INSTALADO EM RAMAIS E SUB-RAMAIS DE GÁS - FORNECIMENTO E INSTALAÇÃO. AF_10/2020","UN",81.86]
[97551,"CURVA 90 GRAUS, EM AÇO, CONEXÃO SOLDADA, DN 25 (1\"), INSTALADO EM RAMAIS E SUB-RAMAIS DE GÁS - FORNECIMENTO E INSTALAÇÃO. AF_10/2020","UN",81.86]
[97552,"TÊ, EM AÇO, CONEXÃO SOLDADA, DN 15 (1/2\"), INSTALADO EM RAMAIS E SUB-RAMAIS DE GÁS - FORNECIMENTO E INSTALAÇÃO. AF_10/2020","UN",49.33]
[97553,"TÊ, EM AÇO, CONEXÃO SOLDADA, DN 20 (3/4\"), INSTALADO EM RAMAIS E SUB-RAMAIS DE GÁS - FORNECIMENTO E INSTALAÇÃO. AF_10/2020","UN",70.61]
[97554,"TÊ, EM AÇO, CONEXÃO SOLDADA, DN 25 (1\"), INSTALADO EM RAMAIS E SUB-RAMAIS DE GÁS - FORNECIMENTO E INSTALAÇÃO. AF_10/2020","UN",121.6]
[98602,"CONECTOR EM BRONZE/LATÃO, DN 22 MM X 1/2\", SEM ANEL DE SOLDA, BOLSA X ROSCA F, INSTALADO EM PRUMADA DE HIDRÁULICA PREDIAL - FORNECIMENTO E INSTALAÇÃO. AF_04/2022","UN",18.04]
[103805,"COTOVELO EM COBRE, DN 15 MM, 90 GRAUS, SEM ANEL DE SOLDA, INSTALADO EM RAMAL E SUB-RAMAL DE GÁS COMBUSTÍVEL - FORNECIMENTO E INSTALAÇÃO. AF_04/2022","UN",17.52]
[103806,"CURVA EM COBRE, DN 15 MM, 45 GRAUS, SEM ANEL DE SOLDA, BOLSA X BOLSA, INSTALADO EM RAMAL E SUB-RAMAL DE GÁS COMBUSTÍVEL - FORNECIMENTO E INSTALAÇÃO. AF_04/2022","UN",17.49]
[103807,"COTOVELO EM BRONZE/LATÃO, DN 15 MM X 1/2\", 90 GRAUS, SEM ANEL DE SOLDA, BOLSA X ROSCA F, INSTALADO EM RAMAL E SUB-RAMAL DE GÁS COMBUSTÍVEL - FORNECIMENTO E INSTALAÇÃO. AF_04/2022","UN",21.75]
[103808,"COTOVELO EM COBRE, DN 22 MM, 90 GRAUS, SEM ANEL DE SOLDA, INSTALADO EM RAMAL E SUB-RAMAL DE GÁS COMBUSTÍVEL - FORNECIMENTO E INSTALAÇÃO. AF_04/2022","UN",32.89]
[103809,"CURVA EM COBRE, DN 22 MM, 45 GRAUS, SEM ANEL DE SOLDA, BOLSA X BOLSA, INSTALADO EM RAMAL E SUB-RAMAL DE GÁS COMBUSTÍVEL - FORNECIMENTO E INSTALAÇÃO. AF_04/2022","UN",32.6]
[103810,"COTOVELO EM BRONZE/LATÃO, DN 22 MM X 1/2\", 90 GRAUS, SEM ANEL DE SOLDA, BOLSA X ROSCA F, INSTALADO EM RAMAL E SUB-RAMAL DE GÁS COMBUSTÍVEL - FORNECIMENTO E INSTALAÇÃO. AF_04/2022","UN",33.52]
[103811,"COTOVELO EM BRONZE/LATÃO, DN 22 MM X 3/4\", 90 GRAUS, SEM ANEL DE SOLDA, BOLSA X ROSCA F, INSTALADO EM RAMAL E SUB-RAMAL DE GÁS COMBUSTÍVEL - FORNECIMENTO E INSTALAÇÃO. AF_04/2022","UN",36.98]
[103812,"COTOVELO EM COBRE, DN 28 MM, 90 GRAUS, SEM ANEL DE SOLDA, INSTALADO EM RAMAL E SUB-RAMAL DE GÁS COMBUSTÍVEL - FORNECIMENTO E INSTALAÇÃO. AF_04/2022","UN",48.83]
[103813,"CURVA EM COBRE, DN 28 MM, 45 GRAUS, SEM ANEL DE SOLDA, BOLSA X BOLSA, INSTALADO EM RAMAL E SUB-RAMAL DE GÁS COMBUSTÍVEL - FORNECIMENTO E INSTALAÇÃO. AF_04/2022","UN",47.05]
[103814,"LUVA EM COBRE, DN 15 MM, SEM ANEL DE SOLDA, INSTALADO EM RAMAL E SUB-RAMAL DE GÁS COMBUSTÍVEL - FORNECIMENTO E INSTALAÇÃO. AF_04/2022","UN",11.46]
[103815,"LUVA PASSANTE EM COBRE, DN 15 MM, SEM ANEL DE SOLDA, INSTALADO EM RAMAL E SUB-RAMAL DE GÁS COMBUSTÍVEL - FORNECIMENTO E INSTALAÇÃO. AF_04/2022","UN",11.49]
[103816,"CURVA DE TRANSPOSIÇÃO EM BRONZE/LATÃO, DN 15 MM, SEM ANEL DE SOLDA, BOLSA X BOLSA, INSTALADO EM RAMAL E SUB-RAMAL DE GÁS COMBUSTÍVEL - FORNECIMENTO E INSTALAÇÃO. AF_04/2022","UN",26.93]
[103817,"JUNTA DE EXPANSÃO EM COBRE, DN 15 MM, PONTA X PONTA, INSTALADO EM RAMAL E SUB-RAMAL DE GÁS COMBUSTÍVEL - FORNECIMENTO E INSTALAÇÃO. AF_04/2022","UN",456.38]
[103818,"CONECTOR EM BRONZE/LATÃO, DN 15 MM X 1/2\", SEM ANEL DE SOLDA, BOLSA X ROSCA F, INSTALADO EM RAMAL E SUB-RAMAL DE GÁS COMBUSTÍVEL - FORNECIMENTO E INSTALAÇÃO. AF_04/2022","UN",19.96]
[103819,"LUVA EM COBRE, DN 22 MM, SEM ANEL DE SOLDA, INSTALADO EM RAMAL E SUB-RAMAL DE GÁS COMBUSTÍVEL - FORNECIMENTO E INSTALAÇÃO. AF_04/2022","UN",20.28]
[103820,"LUVA PASSANTE EM COBRE, DN 22 MM, SEM ANEL DE SOLDA, INSTALADO EM RAMAL E SUB-RAMAL DE GÁS COMBUSTÍVEL - FORNECIMENTO E INSTALAÇÃO. AF_04/2022","UN",21.61]
[103821,"JUNTA DE EXPANSÃO EM COBRE, DN 22 MM, PONTA X PONTA, INSTALADO EM RAMAL E SUB-RAMAL DE GÁS COMBUSTÍVEL - FORNECIMENTO E INSTALAÇÃO. AF_04/2022","UN",534.17]
[103822,"CURVA DE TRANSPOSIÇÃO EM BRONZE/LATÃO, DN 22 MM, SEM ANEL DE SOLDA, BOLSA X BOLSA, INSTALADO EM RAMAL E SUB-RAMAL DE GÁS COMBUSTÍVEL - FORNECIMENTO E INSTALAÇÃO. AF_04/2022","UN",55.56]
[103823,"BUCHA DE REDUÇÃO EM COBRE, DN 22 MM X 15 MM, SEM ANEL DE SOLDA, PONTA X BOLSA, INSTALADO EM RAMAL E SUB-RAMAL DE GÁS COMBUSTÍVEL - FORNECIMENTO E INSTALAÇÃO. AF_04/2022","UN",17.63]
[103824,"CONECTOR EM BRONZE/LATÃO, DN 22 MM X 1/2\", SEM ANEL DE SOLDA, BOLSA X ROSCA F, INSTALADO EM RAMAL E SUB-RAMAL DE GÁS COMBUSTÍVEL - FORNECIMENTO E INSTALAÇÃO. AF_04/2022","UN",23.25]
[103825,"CONECTOR EM BRONZE/LATÃO, DN 22 MM X 3/4\", SEM ANEL DE SOLDA, BOLSA X ROSCA F, INSTALADO EM RAMAL E SUB-RAMAL DE GÁS COMBUSTÍVEL - FORNECIMENTO E INSTALAÇÃO. AF_04/2022","UN",27.56]
[103826,"LUVA EM COBRE, DN 28 MM, SEM ANEL DE SOLDA, INSTALADO EM RAMAL E SUB-RAMAL DE GÁS COMBUSTÍVEL - FORNECIMENTO E INSTALAÇÃO. AF_04/2022","UN",30.6]
[103827,"LUVA PASSANTE EM COBRE, DN 28 MM, SEM ANEL DE SOLDA, INSTALADO EM RAMAL E SUB-RAMAL DE GÁS COMBUSTÍVEL - FORNECIMENTO E INSTALAÇÃO. AF_04/2022","UN",30.6]
[103828,"CURVA DE TRANSPOSIÇÃO EM BRONZE/LATÃO, DN 28 MM, SEM ANEL DE SOLDA, BOLSA X BOLSA, INSTALADO EM RAMAL E SUB-RAMAL DE GÁS COMBUSTÍVEL - FORNECIMENTO E INSTALAÇÃO. AF_04/2022","UN",93.01]
[103829,"JUNTA DE EXPANSÃO EM COBRE, DN 28 MM, PONTA X PONTA, INSTALADO EM RAMAL E SUB-RAMAL DE GÁS COMBUSTÍVEL - FORNECIMENTO E INSTALAÇÃO. AF_04/2022","UN",589.99]
[103830,"CONECTOR EM BRONZE/LATÃO, DN 28 MM X 1/2\", SEM ANEL DE SOLDA, BOLSA X ROSCA F, INSTALADO EM RAMAL E SUB-RAMAL DE GÁS COMBUSTÍVEL - FORNECIMENTO E INSTALAÇÃO. AF_04/2022","UN",36.22]
[103831,"BUCHA DE REDUÇÃO EM COBRE, DN 28 MM X 22 MM, SEM ANEL DE SOLDA, INSTALADO EM RAMAL E SUB-RAMAL DE GÁS COMBUSTÍVEL - FORNECIMENTO E INSTALAÇÃO. AF_04/2022","UN",26.29]
[103832,"TÊ EM COBRE, DN 15 MM, SEM ANEL DE SOLDA, INSTALADO EM RAMAL E SUB-RAMAL DE GÁS COMBUSTÍVEL - FORNECIMENTO E INSTALAÇÃO. AF_04/2022","UN",23.7]
[103833,"TE EM COBRE, DN 22 MM, SEM ANEL DE SOLDA, INSTALADO EM RAMAL E SUB-RAMAL DE GÁS COMBUSTÍVEL - FORNECIMENTO E INSTALAÇÃO. AF_04/2022","UN",43.6]
[103834,"TÊ EM COBRE, DN 28 MM, SEM ANEL DE SOLDA, INSTALADO EM RAMAL E SUB-RAMAL DE GÁS COMBUSTÍVEL - FORNECIMENTO E INSTALAÇÃO. AF_04/2022","UN",63.44]
[103838,"COTOVELO EM COBRE, DN 15 MM, 90 GRAUS, SEM ANEL DE SOLDA, INSTALADO EM RAMAL E SUB-RAMAL DE GÁS MEDICINAL - FORNECIMENTO E INSTALAÇÃO. AF_04/2022","UN",16.85]
[103839,"CURVA EM COBRE, DN 15 MM, 45 GRAUS, SEM ANEL DE SOLDA, BOLSA X BOLSA, INSTALADO EM RAMAL E SUB-RAMAL DE GÁS MEDICINAL - FORNECIMENTO E INSTALAÇÃO. AF_04/2022","UN",16.82]
[103840,"COTOVELO EM BRONZE/LATÃO, DN 15 MM X 1/2\", 90 GRAUS, SEM ANEL DE SOLDA, BOLSA X ROSCA F, INSTALADO EM RAMAL E SUB-RAMAL DE GÁS MEDICINAL - FORNECIMENTO E INSTALAÇÃO. AF_04/2022","UN",21.41]
[103841,"COTOVELO EM COBRE, DN 22 MM, 90 GRAUS, SEM ANEL DE SOLDA, INSTALADO EM RAMAL E SUB-RAMAL DE GÁS MEDICINAL - FORNECIMENTO E INSTALAÇÃO. AF_04/2022","UN",27.6]
[103842,"CURVA EM COBRE, DN 22 MM, 45 GRAUS, SEM ANEL DE SOLDA, BOLSA X BOLSA, INSTALADO EM RAMAL E SUB-RAMAL DE GÁS MEDICINAL - FORNECIMENTO E INSTALAÇÃO. AF_04/2022","UN",27.31]
[103843,"COTOVELO EM BRONZE/LATÃO, DN 22 MM X 1/2\", 90 GRAUS, SEM ANEL DE SOLDA, BOLSA X ROSCA F, INSTALADO EM RAMAL E SUB-RAMAL DE GÁS MEDICINAL - FORNECIMENTO E INSTALAÇÃO. AF_04/2022","UN",30.87]
[103844,"COTOVELO EM BRONZE/LATÃO, DN 22 MM X 3/4\", 90 GRAUS, SEM ANEL DE SOLDA, BOLSA X ROSCA F, INSTALADO EM RAMAL E SUB-RAMAL DE GÁS MEDICINAL - FORNECIMENTO E INSTALAÇÃO. AF_04/2022","UN",34.32]
[103845,"COTOVELO EM COBRE, DN 28 MM, 90 GRAUS, SEM ANEL DE SOLDA, INSTALADO EM RAMAL E SUB-RAMAL DE GÁS MEDICINAL - FORNECIMENTO E INSTALAÇÃO. AF_04/2022","UN",39.58]
[103846,"CURVA EM COBRE, DN 28 MM, 45 GRAUS, SEM ANEL DE SOLDA, BOLSA X BOLSA, INSTALADO EM RAMAL E SUB-RAMAL DE GÁS MEDICINAL - FORNECIMENTO E INSTALAÇÃO. AF_04/2022","UN",37.8]
[103847,"LUVA EM COBRE, DN 15 MM, SEM ANEL DE SOLDA, INSTALADO EM RAMAL E SUB-RAMAL DE GÁS MEDICINAL - FORNECIMENTO E INSTALAÇÃO. AF_04/2022","UN",11]
[103848,"LUVA PASSANTE EM COBRE, DN 15 MM, SEM ANEL DE SOLDA, INSTALADO EM RAMAL E SUB-RAMAL DE GÁS MEDICINAL - FORNECIMENTO E INSTALAÇÃO. AF_04/2022","UN",11.03]
[103849,"CURVA DE TRANSPOSIÇÃO EM BRONZE/LATÃO, DN 15 MM, SEM ANEL DE SOLDA, BOLSA X BOLSA, INSTALADO EM RAMAL E SUB-RAMAL DE GÁS MEDICINAL - FORNECIMENTO E INSTALAÇÃO. AF_04/2022","UN",26.47]
[103850,"JUNTA DE EXPANSÃO EM COBRE, DN 15 MM, PONTA X PONTA, INSTALADO EM RAMAL E SUB-RAMAL DE GÁS MEDICINAL - FORNECIMENTO E INSTALAÇÃO. AF_04/2022","UN",455.92]
[103851,"CONECTOR EM BRONZE/LATÃO, DN 15 MM X 1/2\", SEM ANEL DE SOLDA, BOLSA X ROSCA F, INSTALADO EM RAMAL E SUB-RAMAL DE GÁS MEDICINAL - FORNECIMENTO E INSTALAÇÃO. AF_04/2022","UN",19.73]
[103852,"LUVA EM COBRE, DN 22 MM, SEM ANEL DE SOLDA, INSTALADO EM RAMAL E SUB-RAMAL DE GÁS MEDICINAL - FORNECIMENTO E INSTALAÇÃO. AF_04/2022","UN",16.7]
[103853,"LUVA PASSANTE EM COBRE, DN 22 MM, SEM ANEL DE SOLDA, INSTALADO EM RAMAL E SUB-RAMAL DE GÁS MEDICINAL - FORNECIMENTO E INSTALAÇÃO. AF_04/2022","UN",18.03]
[103854,"JUNTA DE EXPANSÃO EM COBRE, DN 22 MM, PONTA X PONTA, INSTALADO EM RAMAL E SUB-RAMAL DE GÁS MEDICINAL - FORNECIMENTO E INSTALAÇÃO. AF_04/2022","UN",530.59]
[103855,"CURVA DE TRANSPOSIÇÃO EM BRONZE/LATÃO, DN 22 MM, SEM ANEL DE SOLDA, BOLSA X BOLSA, INSTALADO EM RAMAL E SUB-RAMAL DE GÁS MEDICINAL - FORNECIMENTO E INSTALAÇÃO. AF_04/2022","UN",51.98]
[103856,"BUCHA DE REDUÇÃO EM COBRE, DN 22 MM X 15 MM, SEM ANEL DE SOLDA, PONTA X BOLSA, INSTALADO EM RAMAL E SUB-RAMAL DE GÁS MEDICINAL - FORNECIMENTO E INSTALAÇÃO. AF_04/2022","UN",15.74]
[103857,"CONECTOR EM BRONZE/LATÃO, DN 22 MM X 1/2\", SEM ANEL DE SOLDA, BOLSA X ROSCA F, INSTALADO EM RAMAL E SUB-RAMAL DE GÁS MEDICINAL - FORNECIMENTO E INSTALAÇÃO. AF_04/2022","UN",21.46]
[103858,"CONECTOR EM BRONZE/LATÃO, DN 22 MM X 3/4\", SEM ANEL DE SOLDA, BOLSA X ROSCA F, INSTALADO EM RAMAL E SUB-RAMAL DE GÁS MEDICINAL - FORNECIMENTO E INSTALAÇÃO. AF_04/2022","UN",25.77]
[103859,"LUVA EM COBRE, DN 28 MM, SEM ANEL DE SOLDA, INSTALADO EM RAMAL E SUB-RAMAL DE GÁS MEDICINAL - FORNECIMENTO E INSTALAÇÃO. AF_04/2022","UN",24.86]
[103860,"LUVA PASSANTE EM COBRE, DN 28 MM, SEM ANEL DE SOLDA, INSTALADO EM RAMAL E SUB-RAMAL DE GÁS MEDICINAL - FORNECIMENTO E INSTALAÇÃO. AF_04/2022","UN",24.86]
[103861,"CURVA DE TRANSPOSIÇÃO EM BRONZE/LATÃO, DN 28 MM, SEM ANEL DE SOLDA, BOLSA X BOLSA, INSTALADO EM RAMAL E SUB-RAMAL DE GÁS MEDICINAL - FORNECIMENTO E INSTALAÇÃO. AF_04/2022","UN",87.27]
[103862,"JUNTA DE EXPANSÃO EM COBRE, DN 28 MM, PONTA X PONTA, INSTALADO EM RAMAL E SUB-RAMAL DE GÁS MEDICINAL - FORNECIMENTO E INSTALAÇÃO. AF_04/2022","UN",584.25]
[103863,"CONECTOR EM BRONZE/LATÃO, DN 28 MM X 1/2\", SEM ANEL DE SOLDA, BOLSA X ROSCA F, INSTALADO EM RAMAL E SUB-RAMAL DE GÁS MEDICINAL - FORNECIMENTO E INSTALAÇÃO. AF_04/2022","UN",33.34]
[103864,"BUCHA DE REDUÇÃO EM COBRE, DN 28 MM X 22 MM, SEM ANEL DE SOLDA, INSTALADO EM RAMAL E SUB-RAMAL DE GÁS MEDICINAL - FORNECIMENTO E INSTALAÇÃO. AF_04/2022","UN",21.56]
[103865,"TÊ EM COBRE, DN 15 MM, SEM ANEL DE SOLDA, INSTALADO EM RAMAL E SUB-RAMAL DE GÁS MEDICINAL - FORNECIMENTO E INSTALAÇÃO. AF_04/2022","UN",22.79]
[103866,"TÊ EM COBRE, DN 22 MM, SEM ANEL DE SOLDA, INSTALADO EM RAMAL E SUB-RAMAL DE GÁS MEDICINAL - FORNECIMENTO E INSTALAÇÃO. AF_04/2022","UN",36.51]
[103867,"TÊ EM COBRE, DN 28 MM, SEM ANEL DE SOLDA, INSTALADO EM RAMAL E SUB-RAMAL DE GÁS MEDICINAL - FORNECIMENTO E INSTALAÇÃO. AF_04/2022","UN",51.08]
[103874,"COTOVELO EM COBRE, DN 15 MM, 90 GRAUS, SEM ANEL DE SOLDA, INSTALADO EM RAMAL E SUB-RAMAL DE AQUECIMENTO SOLAR - FORNECIMENTO E INSTALAÇÃO. AF_04/2022","UN",17.55]
[103875,"CURVA EM COBRE, DN 15 MM, 45 GRAUS, SEM ANEL DE SOLDA, BOLSA X BOLSA, INSTALADO EM RAMAL E SUB-RAMAL DE AQUECIMENTO SOLAR - FORNECIMENTO E INSTALAÇÃO. AF_04/2022","UN",17.52]
[103876,"COTOVELO EM BRONZE/LATÃO, DN 15 MM X 1/2\", 90 GRAUS, SEM ANEL DE SOLDA, BOLSA X ROSCA F, INSTALADO EM RAMAL E SUB-RAMAL DE AQUECIMENTO SOLAR - FORNECIMENTO E INSTALAÇÃO. AF_04/2022","UN",21.76]
[103877,"COTOVELO EM COBRE, DN 22 MM, 90 GRAUS, SEM ANEL DE SOLDA, INSTALADO EM RAMAL E SUB-RAMAL DE AQUECIMENTO SOLAR - FORNECIMENTO E INSTALAÇÃO. AF_04/2022","UN",26.79]
[103878,"CURVA EM COBRE, DN 22 MM, 45 GRAUS, SEM ANEL DE SOLDA, BOLSA X BOLSA, INSTALADO EM RAMAL E SUB-RAMAL DE AQUECIMENTO SOLAR - FORNECIMENTO E INSTALAÇÃO. AF_04/2022","UN",26.5]
[103879,"COTOVELO EM BRONZE/LATÃO, DN 22 MM X 1/2\", 90 GRAUS, SEM ANEL DE SOLDA, BOLSA X ROSCA F, INSTALADO EM RAMAL E SUB-RAMAL DE AQUECIMENTO SOLAR - FORNECIMENTO E INSTALAÇÃO. AF_04/2022","UN",30.47]
[103880,"COTOVELO EM BRONZE/LATÃO, DN 22 MM X 3/4\", 90 GRAUS, SEM ANEL DE SOLDA, BOLSA X ROSCA F, INSTALADO EM RAMAL E SUB-RAMAL DE AQUECIMENTO SOLAR - FORNECIMENTO E INSTALAÇÃO. AF_04/2022","UN",33.93]
[103881,"COTOVELO EM COBRE, DN 28 MM, 90 GRAUS, SEM ANEL DE SOLDA, INSTALADO EM RAMAL E SUB-RAMAL DE AQUECIMENTO SOLAR - FORNECIMENTO E INSTALAÇÃO. AF_04/2022","UN",37.5]
[103882,"CURVA EM COBRE, DN 28 MM, 45 GRAUS, SEM ANEL DE SOLDA, BOLSA X BOLSA, INSTALADO EM RAMAL E SUB-RAMAL DE AQUECIMENTO SOLAR - FORNECIMENTO E INSTALAÇÃO. AF_04/2022","UN",35.72]
[103883,"LUVA EM COBRE, DN 15 MM, SEM ANEL DE SOLDA, INSTALADO EM RAMAL E SUB-RAMAL DE AQUECIMENTO SOLAR - FORNECIMENTO E INSTALAÇÃO. AF_04/2022","UN",11.46]
[103884,"LUVA PASSANTE EM COBRE, DN 15 MM, SEM ANEL DE SOLDA, INSTALADO EM RAMAL E SUB-RAMAL DE AQUECIMENTO SOLAR - FORNECIMENTO E INSTALAÇÃO. AF_04/2022","UN",11.49]
[103885,"CURVA DE TRANSPOSIÇÃO EM BRONZE/LATÃO, DN 15 MM, SEM ANEL DE SOLDA, BOLSA X BOLSA, INSTALADO EM RAMAL E SUB-RAMAL DE AQUECIMENTO SOLAR - FORNECIMENTO E INSTALAÇÃO. AF_04/2022","UN",26.93]
[103886,"JUNTA DE EXPANSÃO EM COBRE, DN 15 MM, PONTA X PONTA, INSTALADO EM RAMAL E SUB-RAMAL DE AQUECIMENTO SOLAR - FORNECIMENTO E INSTALAÇÃO. AF_04/2022","UN",456.38]
[103887,"CONECTOR EM BRONZE/LATÃO, DN 15 MM X 1/2\", SEM ANEL DE SOLDA, BOLSA X ROSCA F, INSTALADO EM RAMAL E SUB-RAMAL DE AQUECIMENTO SOLAR - FORNECIMENTO E INSTALAÇÃO. AF_04/2022","UN",19.96]
[103888,"LUVA EM COBRE, DN 22 MM, SEM ANEL DE SOLDA, INSTALADO EM RAMAL E SUB-RAMAL DE AQUECIMENTO SOLAR - FORNECIMENTO E INSTALAÇÃO. AF_04/2022","UN",16.14]
[103889,"LUVA PASSANTE EM COBRE, DN 22 MM, SEM ANEL DE SOLDA, INSTALADO EM RAMAL E SUB-RAMAL DE AQUECIMENTO SOLAR - FORNECIMENTO E INSTALAÇÃO. AF_04/2022","UN",17.47]
[103890,"JUNTA DE EXPANSÃO EM COBRE, DN 22 MM, PONTA X PONTA, INSTALADO EM RAMAL E SUB-RAMAL DE AQUECIMENTO SOLAR - FORNECIMENTO E INSTALAÇÃO. AF_04/2022","UN",530.03]
[103891,"CURVA DE TRANSPOSIÇÃO EM BRONZE/LATÃO, DN 22 MM, SEM ANEL DE SOLDA, BOLSA X BOLSA, INSTALADO EM RAMAL E SUB-RAMAL DE AQUECIMENTO SOLAR - FORNECIMENTO E INSTALAÇÃO. AF_04/2022","UN",51.42]
[103892,"BUCHA DE REDUÇÃO EM COBRE, DN 22 MM X 15 MM, SEM ANEL DE SOLDA, PONTA X BOLSA, INSTALADO EM RAMAL E SUB-RAMAL DE AQUECIMENTO SOLAR - FORNECIMENTO E INSTALAÇÃO. AF_04/2022","UN",15.72]
[103893,"CONECTOR EM BRONZE/LATÃO, DN 22 MM X 1/2\", SEM ANEL DE SOLDA, BOLSA X ROSCA F, INSTALADO EM RAMAL E SUB-RAMAL DE AQUECIMENTO SOLAR - FORNECIMENTO E INSTALAÇÃO. AF_04/2022","UN",21.18]
[103894,"CONECTOR EM BRONZE/LATÃO, DN 22 MM X 3/4\", SEM ANEL DE SOLDA, BOLSA X ROSCA F, INSTALADO EM RAMAL E SUB-RAMAL DE AQUECIMENTO SOLAR - FORNECIMENTO E INSTALAÇÃO. AF_04/2022","UN",25.49]
[103895,"LUVA EM COBRE, DN 28 MM, SEM ANEL DE SOLDA, INSTALADO EM RAMAL E SUB-RAMAL DE AQUECIMENTO SOLAR - FORNECIMENTO E INSTALAÇÃO. AF_04/2022","UN",23.43]
[103896,"LUVA PASSANTE EM COBRE, DN 28 MM, SEM ANEL DE SOLDA, INSTALADO EM RAMAL E SUB-RAMAL DE AQUECIMENTO SOLAR - FORNECIMENTO E INSTALAÇÃO. AF_04/2022","UN",23.43]
[103897,"CURVA DE TRANSPOSIÇÃO EM BRONZE/LATÃO, DN 28 MM, SEM ANEL DE SOLDA, BOLSA X BOLSA, INSTALADO EM RAMAL E SUB-RAMAL DE AQUECIMENTO SOLAR - FORNECIMENTO E INSTALAÇÃO. AF_04/2022","UN",85.84]
[103898,"JUNTA DE EXPANSÃO EM COBRE, DN 28 MM, PONTA X PONTA, INSTALADO EM RAMAL E SUB-RAMAL DE AQUECIMENTO SOLAR - FORNECIMENTO E INSTALAÇÃO. AF_04/2022","UN",582.82]
[103899,"CONECTOR EM BRONZE/LATÃO, DN 28 MM X 1/2\", SEM ANEL DE SOLDA, BOLSA X ROSCA F, INSTALADO EM RAMAL E SUB-RAMAL DE AQUECIMENTO SOLAR - FORNECIMENTO E INSTALAÇÃO. AF_04/2022","UN",32.62]
[103900,"BUCHA DE REDUÇÃO EM COBRE, DN 28 MM X 22 MM, SEM ANEL DE SOLDA, INSTALADO EM RAMAL E SUB-RAMAL DE AQUECIMENTO SOLAR - FORNECIMENTO E INSTALAÇÃO. AF_04/2022","UN",20.39]
[103901,"TÊ EM COBRE, DN 15 MM, SEM ANEL DE SOLDA, INSTALADO EM RAMAL E SUB-RAMAL DE AQUECIMENTO SOLAR - FORNECIMENTO E INSTALAÇÃO. AF_04/2022","UN",23.73]
[103902,"TÊ EM COBRE, DN 22 MM, SEM ANEL DE SOLDA, INSTALADO EM RAMAL E SUB-RAMAL DE AQUECIMENTO SOLAR - FORNECIMENTO E INSTALAÇÃO. AF_04/2022","UN",35.43]
[103903,"TÊ EM COBRE, DN 28 MM, SEM ANEL DE SOLDA, INSTALADO EM RAMAL E SUB-RAMAL DE AQUECIMENTO SOLAR - FORNECIMENTO E INSTALAÇÃO. AF_04/2022","UN",48.27]
[103947,"BUCHA DE REDUÇÃO, CURTA, PVC, SOLDÁVEL, DN 25 X 20 MM, INSTALADO EM RAMAL OU SUB-RAMAL DE ÁGUA - FORNECIMENTO E INSTALAÇÃO. AF_06/2022","UN",6.06]
[103948,"BUCHA DE REDUÇÃO, CURTA, PVC, SOLDÁVEL, DN 32 X 25 MM, INSTALADO EM RAMAL OU SUB-RAMAL DE ÁGUA - FORNECIMENTO E INSTALAÇÃO. AF_06/2022","UN",7.58]
[103949,"BUCHA DE REDUÇÃO, LONGA, PVC, SOLDÁVEL, DN 32 X 20 MM, INSTALADO EM RAMAL OU SUB-RAMAL DE ÁGUA - FORNECIMENTO E INSTALAÇÃO. AF_06/2022","UN",8.78]
[103950,"JOELHO DE REDUÇÃO, 90 GRAUS, PVC, SOLDÁVEL, DN 25 MM X 20 MM, INSTALADO EM RAMAL OU SUB-RAMAL DE ÁGUA - FORNECIMENTO E INSTALAÇÃO. AF_06/2022","UN",10.23]
[103951,"JOELHO DE REDUÇÃO, 90 GRAUS, PVC, SOLDÁVEL, DN 32 MM X 25 MM, INSTALADO EM RAMAL OU SUB-RAMAL DE ÁGUA - FORNECIMENTO E INSTALAÇÃO. AF_06/2022","UN",14.05]
[103952,"BUCHA DE REDUÇÃO, CURTA, PVC, SOLDÁVEL, DN 25 X 20 MM, INSTALADO EM RAMAL DE DISTRIBUIÇÃO DE ÁGUA - FORNECIMENTO E INSTALAÇÃO. AF_06/2022","UN",5.58]
[103953,"BUCHA DE REDUÇÃO, CURTA, PVC, SOLDÁVEL, DN 32 X 25 MM, INSTALADO EM RAMAL DE DISTRIBUIÇÃO DE ÁGUA - FORNECIMENTO E INSTALAÇÃO. AF_06/2022","UN",7.02]
[103954,"BUCHA DE REDUÇÃO, LONGA, PVC, SOLDÁVEL, DN 32 X 20 MM, INSTALADO EM RAMAL DE DISTRIBUIÇÃO DE ÁGUA - FORNECIMENTO E INSTALAÇÃO. AF_06/2022","UN",8.25]
[103955,"JOELHO DE REDUÇÃO, 90 GRAUS, PVC, SOLDÁVEL, DN 25 MM X 20 MM, INSTALADO EM RAMAL DE DISTRIBUIÇÃO DE ÁGUA - FORNECIMENTO E INSTALAÇÃO. AF_06/2022","UN",9.52]
[103956,"JOELHO DE REDUÇÃO, 90 GRAUS, PVC, SOLDÁVEL, DN 32 MM X 25 MM, INSTALADO EM RAMAL DE DISTRIBUIÇÃO DE ÁGUA - FORNECIMENTO E INSTALAÇÃO. AF_06/2022","UN",13.22]
[103957,"BUCHA DE REDUÇÃO, CURTA, PVC, SOLDÁVEL, DN 32 X 25 MM, INSTALADO EM PRUMADA DE ÁGUA - FORNECIMENTO E INSTALAÇÃO. AF_06/2022","UN",4.78]
[103958,"BUCHA DE REDUÇÃO, CURTA, PVC, SOLDÁVEL, DN 50 X 40 MM, INSTALADO EM PRUMADA DE ÁGUA - FORNECIMENTO E INSTALAÇÃO. AF_06/2022","UN",9.62]
[103959,"BUCHA DE REDUÇÃO, CURTA, PVC, SOLDÁVEL, DN 60 X 50 MM, INSTALADO EM PRUMADA DE ÁGUA - FORNECIMENTO E INSTALAÇÃO. AF_06/2022","UN",14.33]
[103962,"BUCHA DE REDUÇÃO, LONGA, PVC, SOLDÁVEL, DN 32 X 20 MM, INSTALADO EM PRUMADA DE ÁGUA - FORNECIMENTO E INSTALAÇÃO. AF_06/2022","UN",6.1]
[103964,"BUCHA DE REDUÇÃO, LONGA, PVC, SOLDÁVEL, DN 40 X 25 MM, INSTALADO EM PRUMADA DE ÁGUA - FORNECIMENTO E INSTALAÇÃO. AF_06/2022","UN",7.75]
[103966,"BUCHA DE REDUÇÃO, LONGA, PVC, SOLDÁVEL, DN 50 X 25 MM, INSTALADO EM PRUMADA DE ÁGUA - FORNECIMENTO E INSTALAÇÃO. AF_06/2022","UN",9.2]
[103967,"BUCHA DE REDUÇÃO , LONGA, PVC, SOLDÁVEL, DN 50 X 32 MM, INSTALADO EM PRUMADA DE ÁGUA - FORNECIMENTO E INSTALAÇÃO. AF_06/2022","UN",11.02]
[103968,"BUCHA DE REDUÇÃO, LONGA, PVC, SOLDÁVEL, DN 60 X 25 MM, INSTALADO EM PRUMADA DE ÁGUA - FORNECIMENTO E INSTALAÇÃO. AF_06/2022","UN",15.55]
[103969,"BUCHA DE REDUÇÃO, LONGA, PVC, SOLDÁVEL, DN 60 X 32 MM, INSTALADO EM PRUMADA DE ÁGUA - FORNECIMENTO E INSTALAÇÃO. AF_06/2022","UN",18.3]
[103971,"BUCHA DE REDUÇÃO, LONGA, PVC, SOLDÁVEL, DN 60 X 50 MM, INSTALADO EM PRUMADA DE ÁGUA - FORNECIMENTO E INSTALAÇÃO. AF_06/2022","UN",23.26]
[103972,"BUCHA DE REDUÇÃO, LONGA, PVC, SOLDÁVEL, DN 75 X 50 MM, INSTALADO EM PRUMADA DE ÁGUA - FORNECIMENTO E INSTALAÇÃO. AF_06/2022","UN",27.02]
[103974,"JOELHO DE REDUÇÃO, 90 GRAUS, PVC, SOLDÁVEL, DN 32 MM X 25 MM, INSTALADO EM PRUMADA DE ÁGUA - FORNECIMENTO E INSTALAÇÃO. AF_06/2022","UN",9.87]
[103975,"TE DE REDUÇÃO, 90 GRAUS, PVC, SOLDÁVEL, DN 50 MM X 20 MM, INSTALADO EM PRUMADA DE ÁGUA - FORNECIMENTO E INSTALAÇÃO. AF_06/2022","UN",16.75]
[103976,"TE DE REDUÇÃO, 90 GRAUS, PVC, SOLDÁVEL, DN 50 MM X 32 MM, INSTALADO EM PRUMADA DE ÁGUA - FORNECIMENTO E INSTALAÇÃO. AF_06/2022","UN",23.96]
[103980,"JOELHO 90 GRAUS, PVC, SOLDÁVEL, DN 40MM, INSTALADO EM RAMAL DE DISTRIBUIÇÃO DE ÁGUA - FORNECIMENTO E INSTALAÇÃO. AF_06/2022","UN",16.58]
[103981,"JOELHO 45 GRAUS, PVC, SOLDÁVEL, DN 40MM, INSTALADO EM RAMAL DE DISTRIBUIÇÃO DE ÁGUA - FORNECIMENTO E INSTALAÇÃO. AF_06/2022","UN",16.63]
[103982,"CURVA 90 GRAUS, PVC, SOLDÁVEL, DN 40MM, INSTALADO EM RAMAL DE DISTRIBUIÇÃO DE ÁGUA - FORNECIMENTO E INSTALAÇÃO. AF_06/2022","UN",22.23]
[103983,"CURVA 45 GRAUS, PVC, SOLDÁVEL, DN 40MM, INSTALADO EM RAMAL DE DISTRIBUIÇÃO DE ÁGUA - FORNECIMENTO E INSTALAÇÃO. AF_06/2022","UN",16.14]
[103984,"JOELHO 90 GRAUS, PVC, SOLDÁVEL, DN 50MM, INSTALADO EM RAMAL DE DISTRIBUIÇÃO DE ÁGUA - FORNECIMENTO E INSTALAÇÃO. AF_06/2022","UN",18.56]
[103985,"JOELHO 45 GRAUS, PVC, SOLDÁVEL, DN 50MM, INSTALADO EM RAMAL DE DISTRIBUIÇÃO DE ÁGUA - FORNECIMENTO E INSTALAÇÃO. AF_06/2022","UN",20.86]
[103986,"CURVA 90 GRAUS, PVC, SOLDÁVEL, DN 50MM, INSTALADO EM RAMAL DE DISTRIBUIÇÃO DE ÁGUA - FORNECIMENTO E INSTALAÇÃO. AF_06/2022","UN",25.99]
[103987,"CURVA 45 GRAUS, PVC, SOLDÁVEL, DN 50MM, INSTALADO EM RAMAL DE DISTRIBUIÇÃO DE ÁGUA - FORNECIMENTO E INSTALAÇÃO. AF_06/2022","UN",22.51]
[103988,"LUVA, PVC, SOLDÁVEL, DN 40MM, INSTALADO EM RAMAL DE DISTRIBUIÇÃO DE ÁGUA - FORNECIMENTO E INSTALAÇÃO. AF_06/2022","UN",12.09]
[103990,"UNIÃO, PVC, SOLDÁVEL, DN 40MM, INSTALADO EM RAMAL DE DISTRIBUIÇÃO DE ÁGUA - FORNECIMENTO E INSTALAÇÃO. AF_06/2022","UN",32.04]
[103991,"LUVA COM ROSCA, PVC, SOLDÁVEL, DN 40MM X 1.1/4\", INSTALADO EM RAMAL DE DISTRIBUIÇÃO DE ÁGUA - FORNECIMENTO E INSTALAÇÃO. AF_06/2022","UN",16.99]
[103992,"ADAPTADOR CURTO COM BOLSA E ROSCA PARA REGISTRO, PVC, SOLDÁVEL, DN 40MM X 1.1/4\", INSTALADO EM RAMAL DE DISTRIBUIÇÃO DE ÁGUA - FORNECIMENTO E INSTALAÇÃO. AF_06/2022","UN",10.89]
[103993,"BUCHA DE REDUÇÃO, PVC, SOLDÁVEL, DN 40MM X 32MM, INSTALADO EM RAMAL DE DISTRIBUIÇÃO DE ÁGUA - FORNECIMENTO E INSTALAÇÃO. AF_06/2022","UN",9.41]
[103994,"ADAPTADOR CURTO COM BOLSA E ROSCA PARA REGISTRO, PVC, SOLDÁVEL, DN 40MM X 1.1/2\", INSTALADO EM RAMAL DE DISTRIBUIÇÃO DE ÁGUA - FORNECIMENTO E INSTALAÇÃO. AF_06/2022","UN",13.33]
[103995,"LUVA, PVC, SOLDÁVEL, DN 50MM, INSTALADO EM RAMAL DE DISTRIBUIÇÃO DE ÁGUA - FORNECIMENTO E INSTALAÇÃO. AF_06/2022","UN",14.43]
[103996,"LUVA DE CORRER, PVC, SOLDÁVEL, DN 50MM, INSTALADO EM RAMAL DE DISTRIBUIÇÃO DE ÁGUA - FORNECIMENTO E INSTALAÇÃO. AF_06/2022","UN",36.75]
[103997,"UNIÃO, PVC, SOLDÁVEL, DN 50MM, INSTALADO EM RAMAL DE DISTRIBUIÇÃO DE ÁGUA - FORNECIMENTO E INSTALAÇÃO. AF_06/2022","UN",35.89]
[103998,"LUVA DE REDUÇÃO, PVC, SOLDÁVEL, DN 50MM X 25MM, INSTALADO EM RAMAL DE DISTRIBUIÇÃO DE ÁGUA   FORNECIMENTO E INSTALAÇÃO. AF_06/2022","UN",13.7]
[103999,"BUCHA DE REDUÇÃO, LONGA, PVC, SOLDÁVEL, DN 50 X 25 MM, INSTALADO EM RAMAL DE DISTRIBUIÇÃO DE ÁGUA - FORNECIMENTO E INSTALAÇÃO. AF_06/2022","UN",11.87]
[104000,"LUVA COM ROSCA, PVC, SOLDÁVEL, DN 50MM X 1.1/2\", INSTALADO EM RAMAL DE DISTRIBUIÇÃO DE ÁGUA - FORNECIMENTO E INSTALAÇÃO. AF_06/2022","UN",25.84]
[104001,"ADAPTADOR CURTO COM BOLSA E ROSCA PARA REGISTRO, PVC, SOLDÁVEL, DN 50MM X 1.1/2\", INSTALADO EM RAMAL DE DISTRIBUIÇÃO DE ÁGUA - FORNECIMENTO E INSTALAÇÃO. AF_06/2022","UN",13.1]
[104002,"ADAPTADOR CURTO COM BOLSA E ROSCA PARA REGISTRO, PVC, SOLDÁVEL, DN 50MM X 1.1/4\", INSTALADO EM RAMAL DE DISTRIBUIÇÃO DE ÁGUA - FORNECIMENTO E INSTALAÇÃO. AF_06/2022","UN",16.35]
[104003,"BUCHA DE REDUÇÃO , LONGA, PVC, SOLDÁVEL, DN 50 X 32 MM, INSTALADO EM RAMAL DE DISTRIBUIÇÃO DE ÁGUA - FORNECIMENTO E INSTALAÇÃO. AF_06/2022","UN",13.86]
[104004,"TE, PVC, SOLDÁVEL, DN 50MM, INSTALADO EM RAMAL DE DISTRIBUIÇÃO DE ÁGUA - FORNECIMENTO E INSTALAÇÃO. AF_06/2022","UN",28.07]
[104005,"TÊ DE REDUÇÃO, PVC, SOLDÁVEL, DN 50MM X 40MM, INSTALADO EM RAMAL DE DISTRIBUIÇÃO DE ÁGUA - FORNECIMENTO E INSTALAÇÃO. AF_06/2022","UN",33.89]
[104006,"TÊ DE REDUÇÃO, PVC, SOLDÁVEL, DN 50MM X 25MM, INSTALADO EM RAMAL DE DISTRIBUIÇÃO DE ÁGUA - FORNECIMENTO E INSTALAÇÃO. AF_06/2022","UN",23.61]
[104007,"TE DE REDUÇÃO, 90 GRAUS, PVC, SOLDÁVEL, DN 50 MM X 20 MM, INSTALADO EM RAMAL DE DISTRIBUIÇÃO DE ÁGUA - FORNECIMENTO E INSTALAÇÃO. AF_06/2022","UN",20.7]
[104008,"TE DE REDUÇÃO, 90 GRAUS, PVC, SOLDÁVEL, DN 50 MM X 32 MM, INSTALADO EM RAMAL DE DISTRIBUIÇÃO DE ÁGUA - FORNECIMENTO E INSTALAÇÃO. AF_06/2022","UN",29.59]
[104009,"BUCHA DE REDUÇÃO, CURTA, PVC, SOLDÁVEL, DN 50 X 40 MM, INSTALADO EM RAMAL DE DISTRIBUIÇÃO DE ÁGUA - FORNECIMENTO E INSTALAÇÃO. AF_06/2022","UN",12.64]
[104011,"TE, PVC, SOLDÁVEL, DN 40MM, INSTALADO EM RAMAL DE DISTRIBUIÇÃO DE ÁGUA - FORNECIMENTO E INSTALAÇÃO. AF_06/2022","UN",23.75]
[104012,"TÊ DE REDUÇÃO, PVC, SOLDÁVEL, DN 40MM X 32MM, INSTALADO EM RAMAL DE DISTRIBUIÇÃO DE ÁGUA - FORNECIMENTO E INSTALAÇÃO. AF_06/2022","UN",21.97]
[104014,"BUCHA DE REDUÇÃO, LONGA, PVC, SOLDÁVEL, DN 40 X 25 MM, INSTALADO EM RAMAL DE DISTRIBUIÇÃO DE ÁGUA - FORNECIMENTO E INSTALAÇÃO. AF_06/2022","UN",10.2]
[104015,"TE DE REDUÇÃO, CPVC, SOLDÁVEL, DN 22 X 15 MM, INSTALADO EM RAMAL OU SUB-RAMAL DE ÁGUA - FORNECIMENTO E INSTALAÇÃO. AF_06/2022","UN",17.03]
[104016,"TE DE REDUÇÃO, CPVC, SOLDÁVEL, DN 28 X 22 MM, INSTALADO EM RAMAL OU SUB-RAMAL DE ÁGUA - FORNECIMENTO E INSTALAÇÃO. AF_06/2022","UN",23.01]
[104017,"TE DE REDUÇÃO, CPVC, SOLDÁVEL, DN 35 X 28 MM, INSTALADO EM RAMAL OU SUB-RAMAL DE ÁGUA - FORNECIMENTO E INSTALAÇÃO. AF_06/2022","UN",47.17]
[104018,"TE DE REDUÇÃO, CPVC, SOLDÁVEL, DN 28 X 22 MM, INSTALADO EM RAMAL DE DISTRIBUIÇÃO DE ÁGUA - FORNECIMENTO E INSTALAÇÃO. AF_06/2022","UN",22.01]
[104019,"TE DE REDUÇÃO, CPVC, SOLDÁVEL, DN 35 X 28 MM, INSTALADO EM RAMAL DE DISTRIBUIÇÃO DE ÁGUA - FORNECIMENTO E INSTALAÇÃO. AF_06/2022","UN",46.01]
[104020,"TE DE REDUÇÃO, CPVC, SOLDÁVEL, DN 42 X 35 MM, INSTALADO EM PRUMADA DE ÁGUA - FORNECIMENTO E INSTALAÇÃO. AF_06/2022","UN",58.68]
[104022,"TE, CPVC, SOLDÁVEL, DN  42MM, INSTALADO EM RAMAL DE DISTRIBUIÇÃO DE ÁGUA - FORNECIMENTO E INSTALAÇÃO. AF_06/2022","UN",72.16]
[104023,"JOELHO 90 GRAUS, CPVC, SOLDÁVEL, DN 42MM, INSTALADO EM RAMAL DE DISTRIBUIÇÃO DE ÁGUA - FORNECIMENTO E INSTALAÇÃO. AF_06/2022","UN",42.48]
[104024,"JOELHO 45 GRAUS, CPVC, SOLDÁVEL, DN 42MM, INSTALADO EM RAMAL DE DISTRIBUIÇÃO DE ÁGUA - FORNECIMENTO E INSTALAÇÃO. AF_06/2022","UN",42.06]
[104025,"LUVA, CPVC, SOLDÁVEL, DN 42MM, INSTALADO EM RAMAL DE DISTRIBUIÇÃO DE ÁGUA - FORNECIMENTO E INSTALAÇÃO. AF_06/2022","UN",29.77]
[104026,"LUVA DE CORRER, CPVC, SOLDÁVEL, DN 42MM, INSTALADO EM RAMAL DE DISTRIBUIÇÃO DE ÁGUA - FORNECIMENTO E INSTALAÇÃO. AF_06/2022","UN",43.65]
[104027,"UNIÃO, CPVC, SOLDÁVEL, DN 42MM, INSTALADO EM RAMAL DE DISTRIBUIÇÃO DE ÁGUA   FORNECIMENTO E INSTALAÇÃO. AF_06/2022","UN",66.28]
[104028,"LUVA DE TRANSIÇÃO, CPVC, SOLDÁVEL, DN42MM X 1.1/2\", INSTALADO EM RAMAL DE DISTRIBUIÇÃO DE ÁGUA - FORNECIMENTO E INSTALAÇÃO. AF_06/2022","UN",135.54]
[104029,"CONECTOR, CPVC, SOLDÁVEL, DN 42MM X 1.1/2\", INSTALADO EM RAMAL DE DISTRIBUIÇÃO DE ÁGUA - FORNECIMENTO E INSTALAÇÃO. AF_06/2022","UN",70.47]
[104030,"TE DE REDUÇÃO, CPVC, SOLDÁVEL, DN 42 X 35 MM, INSTALADO EM RAMAL DE DISTRIBUIÇÃO DE ÁGUA - FORNECIMENTO E INSTALAÇÃO. AF_06/2022","UN",63.95]
[104159,"LUVA DE CORRER, PVC, SOLDÁVEL, DN 40MM, INSTALADO EM RAMAL DE DISTRIBUIÇÃO DE ÁGUA - FORNECIMENTO E INSTALAÇÃO. AF_06/2022","UN",34.29]
[104167,"JOELHO 90 GRAUS, PVC, SERIE R, ÁGUA PLUVIAL, DN 150 MM, JUNTA ELÁSTICA, FORNECIDO E INSTALADO EM RAMAL DE ENCAMINHAMENTO. AF_06/2022","UN",121.53]
[104168,"JOELHO 45 GRAUS, PVC, SERIE R, ÁGUA PLUVIAL, DN 150 MM, JUNTA ELÁSTICA, FORNECIDO E INSTALADO EM RAMAL DE ENCAMINHAMENTO. AF_06/2022","UN",118.37]
[104169,"CURVA 87 GRAUS E 30 MINUTOS, PVC, SERIE R, ÁGUA PLUVIAL, DN 150 MM, JUNTA ELÁSTICA, FORNECIDO E INSTALADO EM RAMAL DE ENCAMINHAMENTO. AF_06/2022","UN",146.1]
[104170,"LUVA SIMPLES, PVC, SERIE R, ÁGUA PLUVIAL, DN 150 MM, JUNTA ELÁSTICA, FORNECIDO E INSTALADO EM RAMAL DE ENCAMINHAMENTO. AF_06/2022","UN",70.08]
[104171,"LUVA DE CORRER, PVC, SERIE R, ÁGUA PLUVIAL, DN 150 MM, JUNTA ELÁSTICA, FORNECIDO E INSTALADO EM RAMAL DE ENCAMINHAMENTO. AF_06/2022","UN",94.59]
[104172,"TÊ DE INSPEÇÃO, PVC, SERIE R, ÁGUA PLUVIAL, DN 150 MM, JUNTA ELÁSTICA, FORNECIDO E INSTALADO EM RAMAL DE ENCAMINHAMENTO. AF_06/2022","UN",270.74]
[104173,"REDUÇÃO EXCÊNTRICA, PVC, SERIE R, ÁGUA PLUVIAL, DN 150 X 100 MM, JUNTA ELÁSTICA, FORNECIDO E INSTALADO EM RAMAL DE ENCAMINHAMENTO. AF_06/2022","UN",84.21]
[104174,"JUNÇÃO SIMPLES, PVC, SERIE R, ÁGUA PLUVIAL, DN 150 X 100 MM, JUNTA ELÁSTICA, FORNECIDO E INSTALADO EM RAMAL DE ENCAMINHAMENTO. AF_06/2022","UN",186.81]
[104175,"TÊ, PVC, SERIE R, ÁGUA PLUVIAL, DN 150 X 100 MM, JUNTA ELÁSTICA, FORNECIDO E INSTALADO EM RAMAL DE ENCAMINHAMENTO. AF_06/2022","UN",139.43]
[104176,"JUNÇÃO SIMPLES, PVC, SERIE R, ÁGUA PLUVIAL, DN 150 X 150 MM, JUNTA ELÁSTICA, FORNECIDO E INSTALADO EM RAMAL DE ENCAMINHAMENTO. AF_06/2022","UN",247.84]
[104177,"TÊ, PVC, SERIE R, ÁGUA PLUVIAL, DN 150 X 150 MM, JUNTA ELÁSTICA, FORNECIDO E INSTALADO EM RAMAL DE ENCAMINHAMENTO. AF_06/2022","UN",180.62]
[104178,"CAP, PVC, SERIE R, ÁGUA PLUVIAL, DN 100 MM, JUNTA ELÁSTICA, FORNECIDO E INSTALADO EM RAMAL DE ENCAMINHAMENTO. AF_06/2022","UN",21.56]
[104179,"CAP, PVC, SERIE R, ÁGUA PLUVIAL, DN 150 MM, JUNTA ELÁSTICA, FORNECIDO E INSTALADO EM RAMAL DE ENCAMINHAMENTO. AF_06/2022","UN",82.37]
[104191,"BUCHA DE REDUÇÃO, PPR, DN 25 X 20 MM, INSTALADO EM RAMAL OU SUB-RAMAL DE ÁGUA - FORNECIMENTO E INSTALAÇÃO. AF_08/2022","UN",9.35]
[104192,"TÊ MISTURADOR, PPR, F M M, DN 25 X 25 MM, INSTALADO EM RAMAL OU SUB-RAMAL DE ÁGUA - FORNECIMENTO E INSTALAÇÃO. AF_08/2022","UN",25.83]
[104193,"JOELHO 45 GRAUS, PPR, F/ F, DN 90 MM, INSTALADO EM PRUMADA DE ÁGUA - FORNECIMENTO E INSTALAÇÃO. AF_08/2022","UN",146.83]
[104196,"CURVA 90 GRAUS, PPR, DN 20 MM, INSTALADO EM RAMAL OU SUB-RAMAL DE ÁGUA - FORNECIMENTO E INSTALAÇÃO. AF_08/2022","UN",14.15]
[104197,"CURVA 90 GRAUS, PPR, DN 25 MM, INSTALADO EM RAMAL OU SUB-RAMAL DE ÁGUA - FORNECIMENTO E INSTALAÇÃO. AF_08/2022","UN",26.74]
[104198,"JOELHO 45 GRAUS, PPR, DN 20 MM, INSTALADO EM RAMAL OU SUB-RAMAL DE ÁGUA - FORNECIMENTO E INSTALAÇÃO. AF_08/2022","UN",6.99]
[104199,"JOELHO 90 GRAUS, PPR, DN 20 MM, INSTALADO EM RAMAL OU SUB-RAMAL DE ÁGUA - FORNECIMENTO E INSTALAÇÃO. AF_08/2022","UN",6.79]
[104200,"LUVA, PPR, DN 20 MM, INSTALADO EM RAMAL OU SUB-RAMAL DE ÁGUA - FORNECIMENTO E INSTALAÇÃO. AF_08/2022","UN",5.51]
[104201,"TÊ MISTURADOR, PPR, F M M, DN 20 X 20 MM, INSTALADO EM RAMAL OU SUB-RAMAL DE ÁGUA - FORNECIMENTO E INSTALAÇÃO. AF_08/2022","UN",17.49]
[104202,"TÊ NORMAL, PPR, 90 GRAUS, DN 20 X 20 X 20 MM, INSTALADO EM RAMAL OU SUB-RAMAL DE ÁGUA - FORNECIMENTO E INSTALAÇÃO. AF_08/2022","UN",10.02]
[104317,"JOELHO 90 GRAUS, PVC, SOLDÁVEL, DN 20 MM, INSTALADO EM DRENO DE AR CONDICIONADO - FORNECIMENTO E INSTALAÇÃO. AF_08/2022","UN",6.39]
[104318,"JOELHO 45 GRAUS, PVC, SOLDÁVEL, DN 20 MM, INSTALADO EM DRENO DE AR CONDICIONADO - FORNECIMENTO E INSTALAÇÃO. AF_08/2022","UN",6.89]
[104319,"JOELHO 90 GRAUS, PVC, SOLDÁVEL, DN 32 MM, INSTALADO EM DRENO DE AR CONDICIONADO - FORNECIMENTO E INSTALAÇÃO. AF_08/2022","UN",9.4]
[104320,"JOELHO 45 GRAUS, PVC, SOLDÁVEL, DN 32 MM, INSTALADO EM DRENO DE AR CONDICIONADO - FORNECIMENTO E INSTALAÇÃO. AF_08/2022","UN",10.99]
[104321,"LUVA, PVC, SOLDÁVEL, DN 20 MM, INSTALADO EM DRENO DE AR CONDICIONADO - FORNECIMENTO E INSTALAÇÃO. AF_08/2022","UN",4.94]
[104322,"LUVA, PVC, SOLDÁVEL, DN 32 MM, INSTALADO EM DRENO DE AR CONDICIONADO - FORNECIMENTO E INSTALAÇÃO. AF_08/2022","UN",7.17]
[104323,"TE, PVC, SOLDÁVEL, DN 20 MM, INSTALADO EM DRENO DE AR CONDICIONADO - FORNECIMENTO E INSTALAÇÃO. AF_08/2022","UN",8.95]
[104324,"TE, PVC, SOLDÁVEL, DN 32 MM, INSTALADO EM DRENO DE AR CONDICIONADO - FORNECIMENTO E INSTALAÇÃO. AF_08/2022","UN",13.32]
[104341,"BUCHA DE REDUÇÃO LONGA, PVC, SÉRIE NORMAL, ESGOTO PREDIAL, DN 50 X 40 MM, JUNTA SOLDÁVEL E ELÁSTICA, FORNECIDO E INSTALADO EM RAMAL DE DESCARGA OU RAMAL DE ESGOTO SANITÁRIO. AF_08/2022","UN",10.85]
[104343,"JUNÇÃO DE REDUÇÃO INVERTIDA, PVC, SÉRIE NORMAL, ESGOTO PREDIAL, DN 75 X 50 MM, JUNTA ELÁSTICA, FORNECIDO E INSTALADO EM RAMAL DE DESCARGA OU RAMAL DE ESGOTO SANITÁRIO. AF_08/2022","UN",33.77]
[104344,"TE, PVC, SÉRIE NORMAL, ESGOTO PREDIAL, DN 100 X 50 MM, JUNTA ELÁSTICA, FORNECIDO E INSTALADO EM RAMAL DE DESCARGA OU RAMAL DE ESGOTO SANITÁRIO. AF_08/2022","UN",40.68]
[104345,"JUNÇÃO DE REDUÇÃO INVERTIDA, PVC, SÉRIE NORMAL, ESGOTO PREDIAL, DN 100 X 50 MM, JUNTA ELÁSTICA, FORNECIDO E INSTALADO EM RAMAL DE DESCARGA OU RAMAL DE ESGOTO SANITÁRIO. AF_08/2022","UN",42.76]
[104346,"TE, PVC, SÉRIE NORMAL, ESGOTO PREDIAL, DN 100 X 75 MM, JUNTA ELÁSTICA, FORNECIDO E INSTALADO EM RAMAL DE DESCARGA OU RAMAL DE ESGOTO SANITÁRIO. AF_08/2022","UN",45.03]
[104347,"JUNÇÃO DE REDUCAO INVERTIDA, PVC, SÉRIE NORMAL, ESGOTO PREDIAL, DN 100 X 75 MM, JUNTA ELÁSTICA, FORNECIDO E INSTALADO EM RAMAL DE DESCARGA OU RAMAL DE ESGOTO SANITÁRIO. AF_08/2022","UN",47.71]
[104348,"TERMINAL DE VENTILAÇÃO, PVC, SÉRIE NORMAL, ESGOTO PREDIAL, DN 50 MM, JUNTA SOLDÁVEL, FORNECIDO E INSTALADO EM PRUMADA DE ESGOTO SANITÁRIO OU VENTILAÇÃO. AF_08/2022","UN",11.23]
[104350,"JUNÇÃO DE REDUÇÃO INVERTIDA, PVC, SÉRIE NORMAL, ESGOTO PREDIAL, DN 75 X 50 MM, JUNTA ELÁSTICA, FORNECIDO E INSTALADO EM PRUMADA DE ESGOTO SANITÁRIO OU VENTILAÇÃO. AF_08/2022","UN",30]
[104351,"TERMINAL DE VENTILAÇÃO, PVC, SÉRIE NORMAL, ESGOTO PREDIAL, DN 75 MM, JUNTA SOLDÁVEL, FORNECIDO E INSTALADO EM PRUMADA DE ESGOTO SANITÁRIO OU VENTILAÇÃO. AF_08/2022","UN",23.21]
[104352,"TE, PVC, SÉRIE NORMAL, ESGOTO PREDIAL, DN 100 X 50 MM, JUNTA ELÁSTICA, FORNECIDO E INSTALADO EM PRUMADA DE ESGOTO SANITÁRIO OU VENTILAÇÃO. AF_08/2022","UN",39.55]
[104353,"JUNÇÃO DE REDUÇÃO INVERTIDA, PVC, SÉRIE NORMAL, ESGOTO PREDIAL, DN 100 X 50 MM, JUNTA ELÁSTICA, FORNECIDO E INSTALADO EM PRUMADA DE ESGOTO SANITÁRIO OU VENTILAÇÃO. AF_08/2022","UN",41.63]
[104354,"TE, PVC, SÉRIE NORMAL, ESGOTO PREDIAL, DN 100 X 75 MM, JUNTA ELÁSTICA, FORNECIDO E INSTALADO EM PRUMADA DE ESGOTO SANITÁRIO OU VENTILAÇÃO. AF_08/2022","UN",45.23]
[104355,"JUNÇÃO DE REDUCAO INVERTIDA, PVC, SÉRIE NORMAL, ESGOTO PREDIAL, DN 100 X 75 MM, JUNTA ELÁSTICA, FORNECIDO E INSTALADO EM PRUMADA DE ESGOTO SANITÁRIO OU VENTILAÇÃO. AF_08/2022","UN",47.91]
[104356,"TERMINAL DE VENTILAÇÃO, PVC, SÉRIE NORMAL, ESGOTO PREDIAL, DN 100 MM, JUNTA SOLDÁVEL, FORNECIDO E INSTALADO EM PRUMADA DE ESGOTO SANITÁRIO OU VENTILAÇÃO. AF_08/2022","UN",30.78]
[104357,"CAP, PVC, SÉRIE NORMAL, ESGOTO PREDIAL, DN 100 MM, JUNTA ELÁSTICA, FORNECIDO E INSTALADO EM SUBCOLETOR AÉREO DE ESGOTO SANITÁRIO. AF_08/2022","UN",19.07]
[104576,"LUVA DE REDUÇÃO, PARA INSTALAÇÕES EM PEX ÁGUA, DN 20 X 16 MM, COM ANEL DESLIZANTE - FORNECIMENTO E INSTALAÇÃO. AF_02/2023","UN",15.23]
[104577,"LUVA DE REDUÇÃO, PARA INSTALAÇÕES EM PEX ÁGUA, DN 25 X 16 MM, COM ANEL DESLIZANTE - FORNECIMENTO E INSTALAÇÃO. AF_02/2023","UN",20.73]
[104578,"LUVA DE REDUÇÃO, PARA INSTALAÇÕES EM PEX ÁGUA, DN 25 X 20 MM, COM ANEL DESLIZANTE - FORNECIMENTO E INSTALAÇÃO. AF_02/2023","UN",22.22]
[104579,"LUVA DE REDUÇÃO, PARA INSTALAÇÕES EM PEX ÁGUA, DN 32 X 25 MM, COM ANEL DESLIZANTE - FORNECIMENTO E INSTALAÇÃO. AF_02/2023","UN",29.29]
[104581,"LUVA , PARA INSTALAÇÕES EM PEX ÁGUA, DN 16 MM, COM ANEL DESLIZANTE - FORNECIMENTO E INSTALAÇÃO. AF_02/2023","UN",13.91]
[104582,"LUVA , PARA INSTALAÇÕES EM PEX ÁGUA, DN 20 MM, COM ANEL DESLIZANTE - FORNECIMENTO E INSTALAÇÃO. AF_02/2023","UN",17.83]
[104583,"LUVA , PARA INSTALAÇÕES EM PEX ÁGUA, DN 25 MM, COM ANEL DESLIZANTE - FORNECIMENTO E INSTALAÇÃO. AF_02/2023","UN",29.09]
[104584,"LUVA , PARA INSTALAÇÕES EM PEX ÁGUA, DN 32 MM, COM ANEL DESLIZANTE - FORNECIMENTO E INSTALAÇÃO. AF_02/2023","UN",34.86]
[105146,"BUCHA DE REDUÇÃO, PPR, DN 50 X 32 MM, INSTALADO EM RESERVAÇÃO PREDIAL DE ÁGUA - FORNECIMENTO E INSTALAÇÃO. AF_04/2024","UN",19.75]
[105147,"CURVA PPR 90 GRAUS, DN 20 MM, INSTALADO EM RESERVAÇÃO PREDIAL DE ÁGUA - FORNECIMENTO E INSTALAÇÃO. AF_04/2024","UN",13.76]
[105148,"CURVA PPR 90 GRAUS, DN 25 MM, INSTALADO EM RESERVAÇÃO PREDIAL DE ÁGUA - FORNECIMENTO E INSTALAÇÃO. AF_04/2024","UN",19.7]
[105149,"JOELHO PPR 45 GRAUS, SOLDÁVEL, DN 20 MM, INSTALADO EM RESERVAÇÃO PREDIAL DE ÁGUA - FORNECIMENTO E INSTALAÇÃO. AF_04/2024","UN",6.6]
[105150,"JOELHO PPR 45 GRAUS, SOLDÁVEL, DN 25 MM, INSTALADO EM RESERVAÇÃO PREDIAL DE ÁGUA - FORNECIMENTO E INSTALAÇÃO. AF_04/2024","UN",7.77]
[105151,"JOELHO PPR 45 GRAUS, SOLDÁVEL, DN 40 MM, INSTALADO EM RESERVAÇÃO PREDIAL DE ÁGUA - FORNECIMENTO E INSTALAÇÃO. AF_04/2024","UN",19.59]
[105152,"JOELHO PPR 45 GRAUS, SOLDÁVEL, DN 50 MM, INSTALADO EM RESERVAÇÃO PREDIAL DE ÁGUA - FORNECIMENTO E INSTALAÇÃO. AF_04/2024","UN",29.24]
[105154,"CURVA PVC 45 GRAUS, SOLDÁVEL, DN 25 MM, INSTALADO EM RESERVAÇÃO PREDIAL DE ÁGUA - FORNECIMENTO E INSTALAÇÃO. AF_04/2024","UN",6.17]
[105155,"CURVA PVC 45 GRAUS, SOLDÁVEL, DN 32 MM, INSTALADO EM RESERVAÇÃO PREDIAL DE ÁGUA - FORNECIMENTO E INSTALAÇÃO. AF_04/2024","UN",9.29]
[105156,"CURVA PVC 45 GRAUS, SOLDÁVEL, DN 40 MM, INSTALADO EM RESERVAÇÃO PREDIAL DE ÁGUA - FORNECIMENTO E INSTALAÇÃO. AF_04/2024","UN",11.81]
[105157,"CURVA PVC 45 GRAUS, SOLDÁVEL, DN 50 MM, INSTALADO EM RESERVAÇÃO PREDIAL DE ÁGUA - FORNECIMENTO E INSTALAÇÃO. AF_04/2024","UN",18.26]
[105158,"CURVA PVC 45 GRAUS, SOLDÁVEL, DN 60 MM, INSTALADO EM RESERVAÇÃO PREDIAL DE ÁGUA - FORNECIMENTO E INSTALAÇÃO. AF_04/2024","UN",26.84]
[105159,"CURVA PVC 45 GRAUS, SOLDÁVEL, DN 75 MM, INSTALADO EM RESERVAÇÃO PREDIAL DE ÁGUA - FORNECIMENTO E INSTALAÇÃO. AF_04/2024","UN",47.86]
[105160,"CURVA PVC 45 GRAUS, SOLDÁVEL, DN 85 MM, INSTALADO EM RESERVAÇÃO PREDIAL DE ÁGUA - FORNECIMENTO E INSTALAÇÃO. AF_04/2024","UN",59.06]
[105161,"JOELHO PPR 45 GRAUS, SOLDÁVEL, DN 75 MM, INSTALADO EM RESERVAÇÃO PREDIAL DE ÁGUA - FORNECIMENTO E INSTALAÇÃO. AF_04/2024","UN",83.43]
[105162,"JOELHO PPR 45 GRAUS, SOLDÁVEL, DN 90 MM, INSTALADO EM RESERVAÇÃO PREDIAL DE ÁGUA - FORNECIMENTO E INSTALAÇÃO. AF_04/2024","UN",142.75]
[105163,"JOELHO PPR, 45 GRAUS, SOLDÁVEL, DN 32 MM, INSTALADO EM RESERVAÇÃO PREDIAL DE ÁGUA - FORNECIMENTO E INSTALAÇÃO. AF_04/2024","UN",12.32]
[105164,"TÊ, PPR, DN 20 MM, INSTALADO EM RESERVAÇÃO PREDIAL DE ÁGUA - FORNECIMENTO E INSTALAÇÃO. AF_04/2024","UN",9.49]
[105165,"TÊ, PPR, DN 25 MM, INSTALADO EM RESERVAÇÃO PREDIAL DE ÁGUA - FORNECIMENTO E INSTALAÇÃO. AF_04/2024","UN",9.66]
[105166,"JOELHO CPVC, SOLDÁVEL, 45 GRAUS, DN 42 MM, INSTALADO EM RESERVAÇÃO PREDIAL DE ÁGUA - FORNECIMENTO E INSTALAÇÃO. AF_04/2024","UN",37.8]
[105167,"UNIÃO FLANGE, PPR, COM PARAFUSOS, DN 40 MM, INSTALADO EM RESERVAÇÃO PREDIAL DE ÁGUA - FORNECIMENTO E INSTALAÇÃO. AF_04/2024","UN",188.94]
[105169,"BUCHA DE REDUÇÃO, EM FERRO GALVANIZADO, CONEXÃO ROSQUEADA, DN 80 MM X 65 MM (3\" X 2 1/2\"), INSTALADO EM RESERVAÇÃO PREDIAL DE ÁGUA - FORNECIMENTO E INSTALAÇÃO. AF_04/2024","UN",71.52]
[105170,"JOELHO PVC, SOLDÁVEL, 45 GRAUS, DN 25 MM, INSTALADO EM RESERVAÇÃO PREDIAL DE ÁGUA - FORNECIMENTO E INSTALAÇÃO. AF_04/2024","UN",5.29]
[105172,"BUCHA DE REDUÇÃO, EM FERRO GALVANIZADO, CONEXÃO ROSQUEADA, DN 80 MM X 50 MM (3\" X 2\"), INSTALADO EM RESERVAÇÃO PREDIAL DE ÁGUA - FORNECIMENTO E INSTALAÇÃO. AF_04/2024","UN",71.44]
[105173,"LUVA DE REDUÇÃO, EM FERRO GALVANIZADO, CONEXÃO ROSQUEADA, DN 65 MM X 50 MM (2 1/2\" X 2\"), INSTALADO EM RESERVAÇÃO PREDIAL DE ÁGUA - FORNECIMENTO E INSTALAÇÃO. AF_04/2024","UN",71.91]
[105174,"LUVA DE REDUÇÃO, EM FERRO GALVANIZADO, CONEXÃO ROSQUEADA, DN 80 MM X 65 MM (3\" X 2 1/2\"), INSTALADO EM RESERVAÇÃO PREDIAL DE ÁGUA - FORNECIMENTO E INSTALAÇÃO. AF_04/2024","UN",103.87]
[105175,"LUVA DE REDUÇÃO, EM FERRO GALVANIZADO, CONEXÃO ROSQUEADA, DN 80 MM X 50 MM (3\" X 2\"), INSTALADO EM RESERVAÇÃO PREDIAL DE ÁGUA - FORNECIMENTO E INSTALAÇÃO. AF_04/2024","UN",102.56]
[105176,"NIPLE DE REDUÇÃO, EM FERRO GALVANIZADO, CONEXÃO ROSQUEADA, DN 80 MM X 65 MM (3\" X 2 1/2\"), INSTALADO EM RESERVAÇÃO PREDIAL DE ÁGUA - FORNECIMENTO E INSTALAÇÃO. AF_04/2024","UN",129.72]
[105177,"NIPLE DE REDUÇÃO, EM FERRO GALVANIZADO, CONEXÃO ROSQUEADA, DN 80 MM X 50 MM (3\" X 2\"), INSTALADO EM RESERVAÇÃO PREDIAL DE ÁGUA - FORNECIMENTO E INSTALAÇÃO. AF_04/2024","UN",115.51]
[105178,"COTOVELO DE REDUÇÃO, 90 GRAUS, EM FERRO GALVANIZADO, CONEXÃO ROSQUEADA, DN 65 MM X 50 MM (2 1/2\" X 2\"), INSTALADO EM RESERVAÇÃO PREDIAL DE ÁGUA - FORNECIMENTO E INSTALAÇÃO. AF_04/2024","UN",111.74]
[105179,"JOELHO PVC, SOLDÁVEL, 45 GRAUS, DN 32 MM, INSTALADO EM RESERVAÇÃO PREDIAL DE ÁGUA - FORNECIMENTO E INSTALAÇÃO. AF_04/2024","UN",8.99]
[105180,"JOELHO PVC, SOLDÁVEL, 45 GRAUS, DN 40 MM, INSTALADO EM RESERVAÇÃO PREDIAL DE ÁGUA - FORNECIMENTO E INSTALAÇÃO. AF_04/2024","UN",12.3]
[105181,"JOELHO PVC, SOLDÁVEL, 45 GRAUS, DN 50 MM, INSTALADO EM RESERVAÇÃO PREDIAL DE ÁGUA - FORNECIMENTO E INSTALAÇÃO. AF_04/2024","UN",16.61]
[105182,"JOELHO PVC, SOLDÁVEL, 45 GRAUS, DN 60 MM, INSTALADO EM RESERVAÇÃO PREDIAL DE ÁGUA - FORNECIMENTO E INSTALAÇÃO. AF_04/2024","UN",38.12]
[105183,"JOELHO PVC, SOLDÁVEL, 45 GRAUS, DN 75 MM, INSTALADO EM RESERVAÇÃO PREDIAL DE ÁGUA - FORNECIMENTO E INSTALAÇÃO. AF_04/2024","UN",79.45]
[105184,"JOELHO PVC, SOLDÁVEL, 45 GRAUS, DN 85 MM, INSTALADO EM RESERVAÇÃO PREDIAL DE ÁGUA - FORNECIMENTO E INSTALAÇÃO. AF_04/2024","UN",98.43]
[105189,"TE DE REDUÇÃO, PVC, SOLDÁVEL, 90 GRAUS, DN 50 MM X 25 MM, INSTALADO EM RESERVAÇÃO PREDIAL DE ÁGUA - FORNECIMENTO E INSTALAÇÃO. AF_04/2024","UN",20.19]
[105190,"TE DE REDUÇÃO, PVC, SOLDÁVEL, 90 GRAUS, DN 50 MM X 32 MM, INSTALADO EM RESERVAÇÃO PREDIAL DE ÁGUA - FORNECIMENTO E INSTALAÇÃO. AF_04/2024","UN",25.04]
[105193,"COTOVELO, 90 GRAUS, EM FERRO GALVANIZADO, MACHO/FÊMEA, CONEXÃO ROSQUEADA, DN 65 MM (2 1/2\"), INSTALADO EM RESERVAÇÃO PREDIAL DE ÁGUA - FORNECIMENTO E INSTALAÇÃO. AF_04/2024","UN",122.29]
[105194,"COTOVELO 90 GRAUS, EM FERRO GALVANIZADO, MACHO/FÊMEA, CONEXÃO ROSQUEADA, DN 50 MM (2\"), INSTALADO EM RESERVAÇÃO PREDIAL DE ÁGUA - FORNECIMENTO E INSTALAÇÃO. AF_04/2024","UN",69.79]
[105195,"COTOVELO 90 GRAUS, EM FERRO GALVANIZADO, MACHO/FÊMEA, CONEXÃO ROSQUEADA, DN 80 MM (3\"), INSTALADO EM RESERVAÇÃO PREDIAL DE ÁGUA - FORNECIMENTO E INSTALAÇÃO. AF_04/2024","UN",177.08]
[105196,"CURVA 45 GRAUS, EM FERRO GALVANIZADO, FÊMEA, CONEXÃO ROSQUEADA, DN 65 MM (2 1/2\"), INSTALADO EM RESERVAÇÃO PREDIAL DE ÁGUA - FORNECIMENTO E INSTALAÇÃO. AF_04/2024","UN",188.62]
[105197,"CURVA 45 GRAUS, EM FERRO GALVANIZADO, FÊMEA, CONEXÃO ROSQUEADA, DN 50 MM (2\"), INSTALADO EM RESERVAÇÃO PREDIAL DE ÁGUA - FORNECIMENTO E INSTALAÇÃO. AF_04/2024","UN",130.18]
[105198,"CURVA 45 GRAUS, EM FERRO GALVANIZADO, FÊMEA, CONEXÃO ROSQUEADA, DN 80 MM (3\"), INSTALADO EM RESERVAÇÃO PREDIAL DE ÁGUA - FORNECIMENTO E INSTALAÇÃO. AF_04/2024","UN",267.14]
[105199,"CURVA 45 GRAUS, EM FERRO GALVANIZADO, MACHO/FÊMEA, CONEXÃO ROSQUEADA, DN 65 MM (2 1/2\"), INSTALADO EM RESERVAÇÃO PREDIAL DE ÁGUA - FORNECIMENTO E INSTALAÇÃO. AF_04/2024","UN",171.58]
[105200,"CURVA 45 GRAUS, EM FERRO GALVANIZADO, MACHO/FÊMEA, CONEXÃO ROSQUEADA, DN 50 MM (2\"), INSTALADO EM RESERVAÇÃO PREDIAL DE ÁGUA - FORNECIMENTO E INSTALAÇÃO. AF_04/2024","UN",103]
[105201,"CURVA 45 GRAUS, EM FERRO GALVANIZADO, MACHO/FÊMEA, CONEXÃO ROSQUEADA, DN 80 MM (3\"), INSTALADO EM RESERVAÇÃO PREDIAL DE ÁGUA - FORNECIMENTO E INSTALAÇÃO. AF_04/2024","UN",234.49]
[105202,"CURVA 90 GRAUS, EM FERRO GALVANIZADO, FÊMEA, CONEXÃO ROSQUEADA, DN 65 MM (2 1/2\"), INSTALADO EM RESERVAÇÃO PREDIAL DE ÁGUA - FORNECIMENTO E INSTALAÇÃO. AF_04/2024","UN",212.32]
[105203,"CURVA 90 GRAUS, EM FERRO GALVANIZADO, FÊMEA, CONEXÃO ROSQUEADA, DN 50 MM (2\"), INSTALADO EM RESERVAÇÃO PREDIAL DE ÁGUA - FORNECIMENTO E INSTALAÇÃO. AF_04/2024","UN",129.61]
[105204,"CURVA 90 GRAUS, EM FERRO GALVANIZADO, FÊMEA, CONEXÃO ROSQUEADA, DN 80 (3\"), INSTALADO EM RESERVAÇÃO PREDIAL DE ÁGUA - FORNECIMENTO E INSTALAÇÃO. AF_04/2024","UN",282.16]
[105205,"CURVA 90 GRAUS, EM FERRO GALVANIZADO, MACHO/FÊMEA, CONEXÃO ROSQUEADA, DN 65 MM (2 1/2\"), INSTALADO EM RESERVAÇÃO PREDIAL DE ÁGUA - FORNECIMENTO E INSTALAÇÃO. AF_04/2024","UN",196.25]
[105206,"CURVA 90 GRAUS, EM FERRO GALVANIZADO, MACHO/FÊMEA, CONEXÃO ROSQUEADA, DN 50 MM (2\"), INSTALADO EM RESERVAÇÃO PREDIAL DE ÁGUA - FORNECIMENTO E INSTALAÇÃO. AF_04/2024","UN",123.58]
[105207,"CURVA 90 GRAUS, EM FERRO GALVANIZADO, MACHO/FÊMEA, CONEXÃO ROSQUEADA, DN 80 MM (3\"), INSTALADO EM RESERVAÇÃO PREDIAL DE ÁGUA - FORNECIMENTO E INSTALAÇÃO. AF_04/2024","UN",274.12]
[105208,"CURVA 90 GRAUS, EM FERRO GALVANIZADO, CONEXÃO ROSQUEADA, DN 65 MM (2 1/2\"), INSTALADO EM RESERVAÇÃO PREDIAL DE ÁGUA - FORNECIMENTO E INSTALAÇÃO. AF_04/2024","UN",258.06]
[105209,"CURVA 90 GRAUS, EM FERRO GALVANIZADO, CONEXÃO ROSQUEADA, DN 50 MM (2\"), INSTALADO EM RESERVAÇÃO PREDIAL DE ÁGUA - FORNECIMENTO E INSTALAÇÃO. AF_04/2024","UN",126.11]
[105210,"CURVA 90 GRAUS, EM FERRO GALVANIZADO, CONEXÃO ROSQUEADA, DN 80 MM (3\"), INSTALADO EM RESERVAÇÃO PREDIAL DE ÁGUA - FORNECIMENTO E INSTALAÇÃO. AF_04/2024","UN",332.9]
[105211,"TE DE REDUÇÃO, EM FERRO GALVANIZADO, CONEXÃO ROSQUEADA, DN 80 MM X 65 MM (3\" X 2 1/2\"), INSTALADO EM RESERVAÇÃO PREDIAL DE ÁGUA - FORNECIMENTO E INSTALAÇÃO. AF_04/2024","UN",198.16]
[105212,"TE DE REDUÇÃO, EM FERRO GALVANIZADO, CONEXÃO ROSQUEADA, DN 80 MM X 50 MM (3\" X 2\"), INSTALADO EM RESERVAÇÃO PREDIAL DE ÁGUA - FORNECIMENTO E INSTALAÇÃO. AF_04/2024","UN",196.45]
[105213,"BUCHA DE REDUÇÃO EM COBRE, PONTA X BOLSA, 66 X 54 MM, INSTALADO EM RESERVAÇÃO PREDIAL DE ÁGUA - FORNECIMENTO E INSTALAÇÃO. AF_04/2024","UN",181.57]
[105214,"BUCHA DE REDUÇÃO CPVC, SOLDÁVEL, DN 54 X 28 MM, INSTALADO EM RESERVAÇÃO PREDIAL DE ÁGUA - FORNECIMENTO E INSTALAÇÃO. AF_04/2024","UN",42.66]
[105215,"BUCHA DE REDUÇÃO CPVC, SOLDÁVEL, DN 28 X 22 MM, INSTALADO EM RESERVAÇÃO PREDIAL DE ÁGUA - FORNECIMENTO E INSTALAÇÃO. AF_04/2024","UN",9.74]
[105216,"BUCHA DE REDUÇÃO CPVC, SOLDÁVEL, DN 35 X 28 MM, INSTALADO EM RESERVAÇÃO PREDIAL DE ÁGUA - FORNECIMENTO E INSTALAÇÃO. AF_04/2024","UN",36.27]
[105217,"BUCHA DE REDUÇÃO CPVC, SOLDÁVEL, DN 42 X 22 MM, INSTALADO EM RESERVAÇÃO PREDIAL DE ÁGUA - FORNECIMENTO E INSTALAÇÃO. AF_04/2024","UN",40.82]
[105218,"BUCHA DE REDUÇÃO CPVC, SOLDÁVEL, DN 54 X 35 MM, INSTALADO EM RESERVAÇÃO PREDIAL DE ÁGUA - FORNECIMENTO E INSTALAÇÃO. AF_04/2024","UN",70.71]
[105219,"JOELHO CPVC, SOLDÁVEL, 45 GRAUS, DN 22 MM, INSTALADO EM RESERVAÇÃO PREDIAL DE ÁGUA - FORNECIMENTO E INSTALAÇÃO. AF_04/2024","UN",11.75]
[105220,"JOELHO CPVC, SOLDÁVEL, 45 GRAUS, DN 28 MM, INSTALADO EM RESERVAÇÃO PREDIAL DE ÁGUA - FORNECIMENTO E INSTALAÇÃO. AF_04/2024","UN",16.18]
[105221,"JOELHO CPVC, SOLDÁVEL, 45 GRAUS, DN 35 MM, INSTALADO EM RESERVAÇÃO PREDIAL DE ÁGUA - FORNECIMENTO E INSTALAÇÃO. AF_04/2024","UN",24.9]
[105222,"JOELHO CPVC, SOLDÁVEL, 45 GRAUS, DN 54 MM, INSTALADO EM RESERVAÇÃO PREDIAL DE ÁGUA - FORNECIMENTO E INSTALAÇÃO. AF_04/2024","UN",71.48]
[105223,"JOELHO CPVC, SOLDÁVEL, 45 GRAUS, DN 73 MM, INSTALADO EM RESERVAÇÃO PREDIAL DE ÁGUA - FORNECIMENTO E INSTALAÇÃO. AF_04/2024","UN",163.86]
[105224,"JOELHO CPVC, SOLDÁVEL, 45 GRAUS, DN 89 MM, INSTALADO EM RESERVAÇÃO PREDIAL DE ÁGUA - FORNECIMENTO E INSTALAÇÃO. AF_04/2024","UN",238.98]
[105225,"TE DE REDUÇÃO, CPVC, DN 28 X 22 MM, INSTALADO EM RESERVAÇÃO PREDIAL DE ÁGUA - FORNECIMENTO E INSTALAÇÃO. AF_04/2024","UN",17.57]
[105226,"TE DE REDUÇÃO, CPVC, DN 35 X 28 MM, INSTALADO EM RESERVAÇÃO PREDIAL DE ÁGUA - FORNECIMENTO E INSTALAÇÃO. AF_04/2024","UN",41.13]
[105227,"TE DE REDUÇÃO, CPVC, DN 42 X 35 MM, INSTALADO EM RESERVAÇÃO PREDIAL DE ÁGUA - FORNECIMENTO E INSTALAÇÃO. AF_04/2024","UN",58.84]
[105228,"BUCHA DE REDUÇÃO PVC, SOLDÁVEL, LONGA, DN 50 X 32 MM, INSTALADO EM RESERVAÇÃO PREDIAL DE ÁGUA - FORNECIMENTO E INSTALAÇÃO. AF_04/2024","UN",11.06]
[105229,"BUCHA DE REDUÇÃO, PPR, DN 50 X 25 MM, INSTALADO EM RESERVAÇÃO PREDIAL DE ÁGUA - FORNECIMENTO E INSTALAÇÃO. AF_04/2024","UN",24.46]
[105230,"BUCHA DE REDUÇÃO, PPR, DN 25 X 20 MM, INSTALADO EM RESERVAÇÃO PREDIAL DE ÁGUA - FORNECIMENTO E INSTALAÇÃO. AF_04/2024","UN",6.88]
[105231,"BUCHA DE REDUÇÃO, PPR, DN 32 X 25 MM, INSTALADO EM RESERVAÇÃO PREDIAL DE ÁGUA - FORNECIMENTO E INSTALAÇÃO. AF_04/2024","UN",8.07]
[105232,"BUCHA DE REDUÇÃO, PPR, DN 40 X 25 MM, INSTALADO EM RESERVAÇÃO PREDIAL DE ÁGUA - FORNECIMENTO E INSTALAÇÃO. AF_04/2024","UN",15.43]
[105233,"BUCHA DE REDUÇÃO PVC, SOLDÁVEL, LONGA, DN 40 X 25 MM, INSTALADO EM RESERVAÇÃO PREDIAL DE ÁGUA - FORNECIMENTO E INSTALAÇÃO. AF_04/2024","UN",7.5]
[105234,"BUCHA DE REDUÇÃO PVC, SOLDÁVEL, LONGA, DN 50 X 25 MM, INSTALADO EM RESERVAÇÃO PREDIAL DE ÁGUA - FORNECIMENTO E INSTALAÇÃO. AF_04/2024","UN",9.19]
[97895,"CAIXA ENTERRADA HIDRÁULICA RETANGULAR, EM CONCRETO PRÉ-MOLDADO, DIMENSÕES INTERNAS: 0,3X0,3X0,3 M. AF_12/2020","UN",195.41]
[97896,"CAIXA ENTERRADA HIDRÁULICA RETANGULAR, EM CONCRETO PRÉ-MOLDADO, DIMENSÕES INTERNAS: 0,4X0,4X0,4 M. AF_12/2020","UN",361.59]
[97897,"CAIXA ENTERRADA HIDRÁULICA RETANGULAR, EM CONCRETO PRÉ-MOLDADO, DIMENSÕES INTERNAS: 0,6X0,6X0,5 M. AF_12/2020","UN",468.15]
[97898,"CAIXA ENTERRADA HIDRÁULICA RETANGULAR, EM CONCRETO PRÉ-MOLDADO, DIMENSÕES INTERNAS: 0,8X0,8X0,5 M. AF_12/2020","UN",898.28]
[97900,"CAIXA ENTERRADA HIDRÁULICA RETANGULAR EM ALVENARIA COM TIJOLOS CERÂMICOS MACIÇOS, DIMENSÕES INTERNAS: 0,3X0,3X0,3 M PARA REDE DE ESGOTO. AF_12/2020","UN",191.11]
[97901,"CAIXA ENTERRADA HIDRÁULICA RETANGULAR EM ALVENARIA COM TIJOLOS CERÂMICOS MACIÇOS, DIMENSÕES INTERNAS: 0,4X0,4X0,4 M PARA REDE DE ESGOTO. AF_12/2020","UN",300.16]
[97902,"CAIXA ENTERRADA HIDRÁULICA RETANGULAR EM ALVENARIA COM TIJOLOS CERÂMICOS MACIÇOS, DIMENSÕES INTERNAS: 0,6X0,6X0,6 M PARA REDE DE ESGOTO. AF_12/2020","UN",584.99]
[97903,"CAIXA ENTERRADA HIDRÁULICA RETANGULAR EM ALVENARIA COM TIJOLOS CERÂMICOS MACIÇOS, DIMENSÕES INTERNAS: 0,8X0,8X0,6 M PARA REDE DE ESGOTO. AF_12/2020","UN",814.74]
[97904,"CAIXA ENTERRADA HIDRÁULICA RETANGULAR EM ALVENARIA COM TIJOLOS CERÂMICOS MACIÇOS, DIMENSÕES INTERNAS: 1X1X0,6 M PARA REDE DE ESGOTO. AF_12/2020","UN",970.62]
[97905,"CAIXA ENTERRADA HIDRÁULICA RETANGULAR, EM ALVENARIA COM BLOCOS DE CONCRETO, DIMENSÕES INTERNAS: 0,4X0,4X0,4 M PARA REDE DE ESGOTO. AF_12/2020","UN",245.63]
[97906,"CAIXA ENTERRADA HIDRÁULICA RETANGULAR, EM ALVENARIA COM BLOCOS DE CONCRETO, DIMENSÕES INTERNAS: 0,6X0,6X0,6 M PARA REDE DE ESGOTO. AF_12/2020","UN",458.32]
[97907,"CAIXA ENTERRADA HIDRÁULICA RETANGULAR, EM ALVENARIA COM BLOCOS DE CONCRETO, DIMENSÕES INTERNAS: 0,8X0,8X0,6 M PARA REDE DE ESGOTO. AF_12/2020","UN",653.08]
[97908,"CAIXA ENTERRADA HIDRÁULICA RETANGULAR, EM ALVENARIA COM BLOCOS DE CONCRETO, DIMENSÕES INTERNAS: 1X1X0,6 M PARA REDE DE ESGOTO. AF_12/2020","UN",779.35]
[98102,"CAIXA DE GORDURA SIMPLES, CIRCULAR, EM CONCRETO PRÉ-MOLDADO, DIÂMETRO INTERNO = 0,4 M, ALTURA INTERNA = 0,4 M. AF_12/2020","UN",184.95]
[98104,"CAIXA DE GORDURA SIMPLES (CAPACIDADE: 36L), RETANGULAR, EM ALVENARIA COM TIJOLOS CERÂMICOS MACIÇOS, DIMENSÕES INTERNAS = 0,2X0,4 M, ALTURA INTERNA = 0,8 M. AF_12/2020","UN",376.25]
[98105,"CAIXA DE GORDURA DUPLA (CAPACIDADE: 126 L), RETANGULAR, EM ALVENARIA COM TIJOLOS CERÂMICOS MACIÇOS, DIMENSÕES INTERNAS = 0,4X0,7 M, ALTURA INTERNA = 0,8 M. AF_12/2020","UN",655.49]
[98106,"CAIXA DE GORDURA ESPECIAL (CAPACIDADE: 312 L - PARA ATÉ 146 PESSOAS SERVIDAS NO PICO), RETANGULAR, EM ALVENARIA COM TIJOLOS CERÂMICOS MACIÇOS, DIMENSÕES INTERNAS = 0,4X1,2 M, ALTURA INTERNA = 1 M. AF_12/2020","UN",{"v":1082.38,"d":"1,082.38"}]
[98107,"CAIXA DE GORDURA SIMPLES (CAPACIDADE: 36 L), RETANGULAR, EM ALVENARIA COM BLOCOS DE CONCRETO, DIMENSÕES INTERNAS = 0,2X0,4 M, ALTURA INTERNA = 0,8 M. AF_12/2020","UN",278.32]
[98108,"CAIXA DE GORDURA DUPLA (CAPACIDADE: 126 L), RETANGULAR, EM ALVENARIA COM BLOCOS DE CONCRETO, DIMENSÕES INTERNAS = 0,4X0,7 M, ALTURA INTERNA = 0,8 M. AF_12/2020","UN",497.31]
[99250,"CAIXA ENTERRADA HIDRÁULICA RETANGULAR EM ALVENARIA COM TIJOLOS CERÂMICOS MACIÇOS, DIMENSÕES INTERNAS: 0,3X0,3X0,3 M PARA REDE DE DRENAGEM. AF_12/2020","UN",186.37]
[99251,"CAIXA ENTERRADA HIDRÁULICA RETANGULAR EM ALVENARIA COM TIJOLOS CERÂMICOS MACIÇOS, DIMENSÕES INTERNAS: 0,4X0,4X0,4 M PARA REDE DE DRENAGEM. AF_12/2020","UN",292.03]
[99253,"CAIXA ENTERRADA HIDRÁULICA RETANGULAR EM ALVENARIA COM TIJOLOS CERÂMICOS MACIÇOS, DIMENSÕES INTERNAS: 0,6X0,6X0,6 M PARA REDE DE DRENAGEM. AF_12/2020","UN",566.76]
[99255,"CAIXA ENTERRADA HIDRÁULICA RETANGULAR EM ALVENARIA COM TIJOLOS CERÂMICOS MACIÇOS, DIMENSÕES INTERNAS: 0,8X0,8X0,6 M PARA REDE DE DRENAGEM. AF_12/2020","UN",789.74]
[99257,"CAIXA ENTERRADA HIDRÁULICA RETANGULAR EM ALVENARIA COM TIJOLOS CERÂMICOS MACIÇOS, DIMENSÕES INTERNAS: 1X1X0,6 M PARA REDE DE DRENAGEM. AF_12/2020","UN",938.29]
[99258,"CAIXA ENTERRADA HIDRÁULICA RETANGULAR, EM ALVENARIA COM BLOCOS DE CONCRETO, DIMENSÕES INTERNAS: 0,4X0,4X0,4 M PARA REDE DE DRENAGEM. AF_12/2020","UN",240.48]
[99260,"CAIXA ENTERRADA HIDRÁULICA RETANGULAR, EM ALVENARIA COM BLOCOS DE CONCRETO, DIMENSÕES INTERNAS: 0,6X0,6X0,6 M PARA REDE DE DRENAGEM. AF_12/2020","UN",446.84]
[99262,"CAIXA ENTERRADA HIDRÁULICA RETANGULAR, EM ALVENARIA COM BLOCOS DE CONCRETO, DIMENSÕES INTERNAS: 0,8X0,8X0,6 M PARA REDE DE DRENAGEM. AF_12/2020","UN",636.7]
[99264,"CAIXA ENTERRADA HIDRÁULICA RETANGULAR, EM ALVENARIA COM BLOCOS DE CONCRETO, DIMENSÕES INTERNAS: 1X1X0,6 M PARA REDE DE DRENAGEM. AF_12/2020","UN",757.21]
[102587,"FURO EM CAIXA D'ÁGUA COM ESPESSURA DE 2 ATÉ 5 MM E DIÂMETRO DE 15 MM. AF_06/2021","UN",3.24]
[102588,"FURO EM CAIXA D'ÁGUA COM ESPESSURA DE 6 ATÉ 8 MM E DIÂMETRO DE 15 MM. AF_06/2021","UN",4.69]
[102589,"FURO EM CAIXA D'ÁGUA COM ESPESSURA DE 2 ATÉ 5 MM E DIÂMETRO DE 20 MM. AF_06/2021","UN",3.6]
[102590,"FURO EM CAIXA D'ÁGUA COM ESPESSURA DE 6 ATÉ 8 MM E DIÂMETRO DE 20 MM. AF_06/2021","UN",5.06]
[102591,"FURO EM CAIXA D'ÁGUA COM ESPESSURA DE 2 ATÉ 5 MM E DIÂMETRO DE 25 MM. AF_06/2021","UN",3.97]
[102592,"FURO EM CAIXA D'ÁGUA COM ESPESSURA DE 6 ATÉ 8 MM E DIÂMETRO DE 25 MM. AF_06/2021","UN",5.42]
[102593,"FURO EM CAIXA D'ÁGUA COM ESPESSURA DE 2 ATÉ 5 MM E DIÂMETRO DE 32 MM. AF_06/2021","UN",4.49]
[102594,"FURO EM CAIXA D'ÁGUA COM ESPESSURA DE 6 ATÉ 8 MM E DIÂMETRO DE 32 MM. AF_06/2021","UN",5.94]
[102595,"FURO EM CAIXA D'ÁGUA COM ESPESSURA DE 2 ATÉ 5 MM E DIÂMETRO DE 40 MM. AF_06/2021","UN",5.07]
[102596,"FURO EM CAIXA D'ÁGUA COM ESPESSURA DE 6 ATÉ 8 MM E DIÂMETRO DE 40 MM. AF_06/2021","UN",6.53]
[102597,"FURO EM CAIXA D'ÁGUA COM ESPESSURA DE 2 ATÉ 5 MM E DIÂMETRO DE 50 MM. AF_06/2021","UN",5.8]
[102598,"FURO EM CAIXA D'ÁGUA COM ESPESSURA DE 6 ATÉ 8 MM E DIÂMETRO DE 50 MM. AF_06/2021","UN",7.25]
[102599,"FURO EM CAIXA D'ÁGUA COM ESPESSURA DE 2 ATÉ 5 MM E DIÂMETRO DE 60 MM. AF_06/2021","UN",6.53]
[102600,"FURO EM CAIXA D'ÁGUA COM ESPESSURA DE 6 ATÉ 8 MM E DIÂMETRO DE 60 MM. AF_06/2021","UN",7.99]
[102601,"FURO EM CAIXA D'ÁGUA COM ESPESSURA DE 2 ATÉ 5 MM E DIÂMETRO DE 75 MM. AF_06/2021","UN",7.64]
[102602,"FURO EM CAIXA D'ÁGUA COM ESPESSURA DE 6 ATÉ 8 MM E DIÂMETRO DE 75 MM. AF_06/2021","UN",9.09]
[102603,"FURO EM CAIXA D'ÁGUA COM ESPESSURA DE 2 ATÉ 5 MM E DIÂMETRO DE 100 MM. AF_06/2021","UN",9.46]
[102604,"FURO EM CAIXA D'ÁGUA COM ESPESSURA DE 6 ATÉ 8 MM E DIÂMETRO DE 100 MM. AF_06/2021","UN",10.91]
[102605,"CAIXA D´ÁGUA EM POLIETILENO, 500 LITROS - FORNECIMENTO E INSTALAÇÃO. AF_06/2021","UN",263.1]
[102606,"CAIXA D´ÁGUA EM POLIETILENO, 750 LITROS - FORNECIMENTO E INSTALAÇÃO. AF_06/2021","UN",405.45]
[102607,"CAIXA D´ÁGUA EM POLIETILENO, 1000 LITROS - FORNECIMENTO E INSTALAÇÃO. AF_06/2021","UN",434]
[102608,"CAIXA D´ÁGUA EM POLIETILENO, 1500 LITROS - FORNECIMENTO E INSTALAÇÃO. AF_06/2021","UN",994.92]
[102609,"CAIXA D´ÁGUA EM POLIETILENO, 2000 LITROS - FORNECIMENTO E INSTALAÇÃO. AF_06/2021","UN",{"v":1130.47,"d":"1,130.47"}]
[102610,"CAIXA D´ÁGUA EM POLIETILENO, 3000 LITROS - FORNECIMENTO E INSTALAÇÃO. AF_06/2021","UN",{"v":1943.02,"d":"1,943.02"}]
[102611,"CAIXA D´ÁGUA EM POLIÉSTER REFORÇADO COM FIBRA DE VIDRO, 500 LITROS - FORNECIMENTO E INSTALAÇÃO. AF_06/2021","UN",437.18]
[102612,"CAIXA D´ÁGUA EM POLIÉSTER REFORÇADO COM FIBRA DE VIDRO, 750 LITROS - FORNECIMENTO E INSTALAÇÃO. AF_06/2021","UN",627.68]
[102613,"CAIXA D´ÁGUA EM POLIÉSTER REFORÇADO COM FIBRA DE VIDRO, 1000 LITROS - FORNECIMENTO E INSTALAÇÃO. AF_06/2021","UN",608.43]
[102614,"CAIXA D´ÁGUA EM POLIÉSTER REFORÇADO COM FIBRA DE VIDRO, 1500 LITROS - FORNECIMENTO E INSTALAÇÃO. AF_06/2021","UN",935.57]
[102615,"CAIXA D´ÁGUA EM POLIÉSTER REFORÇADO COM FIBRA DE VIDRO, 2000 LITROS - FORNECIMENTO E INSTALAÇÃO. AF_06/2021","UN",{"v":1174.13,"d":"1,174.13"}]
[102616,"CAIXA D´ÁGUA EM POLIÉSTER REFORÇADO COM FIBRA DE VIDRO, 3000 LITROS - FORNECIMENTO E INSTALAÇÃO. AF_06/2021","UN",{"v":1738.11,"d":"1,738.11"}]
[102617,"CAIXA D´ÁGUA EM POLIÉSTER REFORÇADO COM FIBRA DE VIDRO, 5000 LITROS - FORNECIMENTO E INSTALAÇÃO. AF_06/2021","UN",{"v":3231.86,"d":"3,231.86"}]
[102618,"CAIXA D´ÁGUA EM POLIÉSTER REFORÇADO COM FIBRA DE VIDRO, 7000 LITROS - FORNECIMENTO E INSTALAÇÃO. AF_06/2021","UN",{"v":3883.89,"d":"3,883.89"}]
[102619,"CAIXA D´ÁGUA EM POLIÉSTER REFORÇADO COM FIBRA DE VIDRO, 10000 LITROS - FORNECIMENTO E INSTALAÇÃO. AF_06/2021","UN",{"v":5206.76,"d":"5,206.76"}]
[102620,"CAIXA D´ÁGUA EM POLIÉSTER REFORÇADO COM FIBRA DE VIDRO, 15000 LITROS - FORNECIMENTO E INSTALAÇÃO. AF_06/2021","UN",{"v":7555.13,"d":"7,555.13"}]
[102621,"CAIXA D´ÁGUA EM POLIÉSTER REFORÇADO COM FIBRA DE VIDRO, 20000 LITROS - FORNECIMENTO E INSTALAÇÃO. AF_06/2021","UN",{"v":11602,"d":"11,602.00"}]
[102622,"CAIXA D´ÁGUA EM POLIETILENO, 500 LITROS (INCLUSOS TUBOS, CONEXÕES E TORNEIRA DE BÓIA) - FORNECIMENTO E INSTALAÇÃO. AF_06/2021","UN",525.09]
[102623,"CAIXA D´ÁGUA EM POLIETILENO, 1000 LITROS (INCLUSOS TUBOS, CONEXÕES E TORNEIRA DE BÓIA) - FORNECIMENTO E INSTALAÇÃO. AF_06/2021","UN",738.85]
[89482,"CAIXA SIFONADA, PVC, DN 100 X 100 X 50 MM, FORNECIDA E INSTALADA EM RAMAIS DE ENCAMINHAMENTO DE ÁGUA PLUVIAL. AF_06/2022","UN",39.15]
[89491,"CAIXA SIFONADA, PVC, DN 150 X 185 X 75 MM, FORNECIDA E INSTALADA EM RAMAIS DE ENCAMINHAMENTO DE ÁGUA PLUVIAL. AF_06/2022","UN",99.58]
[89495,"RALO SIFONADO, PVC, DN 100 X 40 MM, JUNTA SOLDÁVEL, FORNECIDO E INSTALADO EM RAMAIS DE ENCAMINHAMENTO DE ÁGUA PLUVIAL. AF_06/2022","UN",17.76]
[89707,"CAIXA SIFONADA, PVC, DN 100 X 100 X 50 MM, JUNTA ELÁSTICA, FORNECIDA E INSTALADA EM RAMAL DE DESCARGA OU EM RAMAL DE ESGOTO SANITÁRIO. AF_08/2022","UN",47.6]
[89708,"CAIXA SIFONADA, PVC, DN 150 X 185 X 75 MM, JUNTA ELÁSTICA, FORNECIDA E INSTALADA EM RAMAL DE DESCARGA OU EM RAMAL DE ESGOTO SANITÁRIO. AF_08/2022","UN",102.26]
[89709,"RALO SIFONADO, PVC, DN 100 X 40 MM, JUNTA SOLDÁVEL, FORNECIDO E INSTALADO EM RAMAL DE DESCARGA OU EM RAMAL DE ESGOTO SANITÁRIO. AF_08/2022","UN",20.3]
[89710,"RALO SECO, PVC, DN 100 X 40 MM, JUNTA SOLDÁVEL, FORNECIDO E INSTALADO EM RAMAL DE DESCARGA OU EM RAMAL DE ESGOTO SANITÁRIO. AF_08/2022","UN",17.83]
[104326,"RALO SECO CÔNICO, PVC, DN 100 X 40 MM, JUNTA SOLDÁVEL, FORNECIDO E INSTALADO EM RAMAL DE DESCARGA OU EM RAMAL DE ESGOTO SANITÁRIO. AF_08/2022","UN",19.36]
[104327,"RALO SIFONADO REDONDO, PVC, DN 100 X 40 MM, JUNTA SOLDÁVEL, FORNECIDO E INSTALADO EM RAMAL DE DESCARGA OU EM RAMAL DE ESGOTO SANITÁRIO. AF_08/2022","UN",18.45]
[104328,"CAIXA SIFONADA, COM GRELHA QUADRADA, PVC, DN 150 X 150 X 50 MM, JUNTA SOLDÁVEL, FORNECIDA E INSTALADA EM RAMAL DE DESCARGA OU EM RAMAL DE ESGOTO SANITÁRIO. AF_08/2022","UN",68.76]
[104329,"CAIXA SIFONADA, COM GRELHA REDONDA, PVC, DN 150 X 150 X 50 MM, JUNTA SOLDÁVEL, FORNECIDA E INSTALADA EM RAMAL DE DESCARGA OU EM RAMAL DE ESGOTO SANITÁRIO. AF_08/2022","UN",77.59]
[86872,"TANQUE DE LOUÇA BRANCA COM COLUNA, 30L OU EQUIVALENTE - FORNECIMENTO E INSTALAÇÃO. AF_01/2020","UN",717.84]
[86874,"TANQUE DE LOUÇA BRANCA SUSPENSO, 18L OU EQUIVALENTE - FORNECIMENTO E INSTALAÇÃO. AF_01/2020","UN",502.49]
[86875,"TANQUE DE MÁRMORE SINTÉTICO COM COLUNA, 22L OU EQUIVALENTE   FORNECIMENTO E INSTALAÇÃO. AF_01/2020","UN",562.68]
[86876,"TANQUE DE MÁRMORE SINTÉTICO SUSPENSO, 22L OU EQUIVALENTE - FORNECIMENTO E INSTALAÇÃO. AF_01/2020","UN",320.36]
[86877,"VÁLVULA EM METAL CROMADO 1.1/2\" X 1.1/2\" PARA TANQUE OU LAVATÓRIO, COM OU SEM LADRÃO - FORNECIMENTO E INSTALAÇÃO. AF_01/2020","UN",68.49]
[86878,"VÁLVULA EM METAL CROMADO TIPO AMERICANA 3.1/2\" X 1.1/2\" PARA PIA - FORNECIMENTO E INSTALAÇÃO. AF_01/2020","UN",73.86]
[86879,"VÁLVULA EM PLÁSTICO 1\" PARA PIA, TANQUE OU LAVATÓRIO, COM OU SEM LADRÃO - FORNECIMENTO E INSTALAÇÃO. AF_01/2020","UN",10.81]
[86880,"VÁLVULA EM PLÁSTICO CROMADO TIPO AMERICANA 3.1/2\" X 1.1/2\" SEM ADAPTADOR PARA PIA - FORNECIMENTO E INSTALAÇÃO. AF_01/2020","UN",31.76]
[86881,"SIFÃO DO TIPO GARRAFA EM METAL CROMADO 1 X 1.1/2\" - FORNECIMENTO E INSTALAÇÃO. AF_01/2020","UN",208.36]
[86882,"SIFÃO DO TIPO GARRAFA/COPO EM PVC 1.1/4  X 1.1/2\" - FORNECIMENTO E INSTALAÇÃO. AF_01/2020","UN",26.59]
[86883,"SIFÃO DO TIPO FLEXÍVEL EM PVC 1  X 1.1/2  - FORNECIMENTO E INSTALAÇÃO. AF_01/2020","UN",14.32]
[86884,"ENGATE FLEXÍVEL EM PLÁSTICO BRANCO, 1/2\" X 30CM - FORNECIMENTO E INSTALAÇÃO. AF_01/2020","UN",11.9]
[86885,"ENGATE FLEXÍVEL EM PLÁSTICO BRANCO, 1/2\" X 40CM - FORNECIMENTO E INSTALAÇÃO. AF_01/2020","UN",13.71]
[86886,"ENGATE FLEXÍVEL EM INOX, 1/2  X 30CM - FORNECIMENTO E INSTALAÇÃO. AF_01/2020","UN",50.69]
[86887,"ENGATE FLEXÍVEL EM INOX, 1/2  X 40CM - FORNECIMENTO E INSTALAÇÃO. AF_01/2020","UN",55.01]
[86888,"VASO SANITÁRIO SIFONADO COM CAIXA ACOPLADA LOUÇA BRANCA - FORNECIMENTO E INSTALAÇÃO. AF_01/2020","UN",489.71]
[86889,"BANCADA DE GRANITO CINZA POLIDO, DE 1,50 X 0,60 M, PARA PIA DE COZINHA - FORNECIMENTO E INSTALAÇÃO. AF_01/2020","UN",923.85]
[86893,"BANCADA DE MÁRMORE BRANCO POLIDO, DE 1,50 X 0,60 M, PARA PIA DE COZINHA - FORNECIMENTO E INSTALAÇÃO. AF_01/2020","UN",681.98]
[86894,"BANCADA DE MÁRMORE SINTÉTICO, DE 120 X 60CM, COM CUBA INTEGRADA - FORNECIMENTO E INSTALAÇÃO. AF_01/2020","UN",318.36]
[86895,"BANCADA DE GRANITO CINZA POLIDO, DE 0,50 X 0,60 M, PARA LAVATÓRIO - FORNECIMENTO E INSTALAÇÃO. AF_01/2020","UN",423.74]
[86899,"BANCADA DE MÁRMORE BRANCO POLIDO, DE 0,50 X 0,60 M, PARA LAVATÓRIO - FORNECIMENTO E INSTALAÇÃO. AF_01/2020","UN",333.01]
[86900,"CUBA DE EMBUTIR RETANGULAR DE AÇO INOXIDÁVEL, 46 X 30 X 12 CM - FORNECIMENTO E INSTALAÇÃO. AF_01/2020","UN",232.01]
[86901,"CUBA DE EMBUTIR OVAL EM LOUÇA BRANCA, 35 X 50CM OU EQUIVALENTE - FORNECIMENTO E INSTALAÇÃO. AF_01/2020","UN",150.14]
[86902,"LAVATÓRIO LOUÇA BRANCA COM COLUNA, *44 X 35,5* CM, PADRÃO POPULAR - FORNECIMENTO E INSTALAÇÃO. AF_01/2020","UN",311.98]
[86903,"LAVATÓRIO LOUÇA BRANCA COM COLUNA, 45 X 55CM OU EQUIVALENTE, PADRÃO MÉDIO - FORNECIMENTO E INSTALAÇÃO. AF_01/2020","UN",352.67]
[86904,"LAVATÓRIO LOUÇA BRANCA SUSPENSO, 29,5 X 39CM OU EQUIVALENTE, PADRÃO POPULAR - FORNECIMENTO E INSTALAÇÃO. AF_01/2020","UN",147.04]
[86905,"APARELHO MISTURADOR DE MESA PARA LAVATÓRIO, PADRÃO MÉDIO - FORNECIMENTO E INSTALAÇÃO. AF_01/2020","UN",441.17]
[86906,"TORNEIRA CROMADA DE MESA, 1/2\" OU 3/4\", PARA LAVATÓRIO, PADRÃO POPULAR - FORNECIMENTO E INSTALAÇÃO. AF_01/2020","UN",81.58]
[86908,"APARELHO MISTURADOR DE MESA PARA PIA DE COZINHA, PADRÃO MÉDIO - FORNECIMENTO E INSTALAÇÃO. AF_01/2020","UN",529.46]
[86909,"TORNEIRA CROMADA TUBO MÓVEL, DE MESA, 1/2\" OU 3/4\", PARA PIA DE COZINHA, PADRÃO ALTO - FORNECIMENTO E INSTALAÇÃO. AF_01/2020","UN",141.66]
[86910,"TORNEIRA CROMADA TUBO MÓVEL, DE PAREDE, 1/2\" OU 3/4\", PARA PIA DE COZINHA, PADRÃO MÉDIO - FORNECIMENTO E INSTALAÇÃO. AF_01/2020","UN",139.64]
[86911,"TORNEIRA CROMADA LONGA, DE PAREDE, 1/2\" OU 3/4\", PARA PIA DE COZINHA, PADRÃO POPULAR - FORNECIMENTO E INSTALAÇÃO. AF_01/2020","UN",95.45]
[86913,"TORNEIRA CROMADA 1/2\" OU 3/4\" PARA TANQUE, PADRÃO POPULAR - FORNECIMENTO E INSTALAÇÃO. AF_01/2020","UN",59.5]
[86914,"TORNEIRA CROMADA 1/2\" OU 3/4\" PARA TANQUE, PADRÃO MÉDIO - FORNECIMENTO E INSTALAÇÃO. AF_01/2020","UN",107.1]
[86915,"TORNEIRA CROMADA DE MESA, 1/2\" OU 3/4\", PARA LAVATÓRIO, PADRÃO MÉDIO - FORNECIMENTO E INSTALAÇÃO. AF_01/2020","UN",156.47]
[86916,"TORNEIRA PLÁSTICA 3/4\" PARA TANQUE - FORNECIMENTO E INSTALAÇÃO. AF_01/2020","UN",27]
[86919,"TANQUE DE LOUÇA BRANCA COM COLUNA, 30L OU EQUIVALENTE, INCLUSO SIFÃO FLEXÍVEL EM PVC, VÁLVULA METÁLICA E TORNEIRA DE METAL CROMADO PADRÃO MÉDIO - FORNECIMENTO E INSTALAÇÃO. AF_01/2020","UN",907.75]
[86920,"TANQUE DE LOUÇA BRANCA COM COLUNA, 30L OU EQUIVALENTE, INCLUSO SIFÃO FLEXÍVEL EM PVC, VÁLVULA PLÁSTICA E TORNEIRA DE METAL CROMADO PADRÃO POPULAR - FORNECIMENTO E INSTALAÇÃO. AF_01/2020","UN",802.47]
[86921,"TANQUE DE LOUÇA BRANCA COM COLUNA, 30L OU EQUIVALENTE, INCLUSO SIFÃO FLEXÍVEL EM PVC, VÁLVULA PLÁSTICA E TORNEIRA DE PLÁSTICO - FORNECIMENTO E INSTALAÇÃO. AF_01/2020","UN",769.97]
[86922,"TANQUE DE LOUÇA BRANCA SUSPENSO, 18L OU EQUIVALENTE, INCLUSO SIFÃO TIPO GARRAFA EM METAL CROMADO, VÁLVULA METÁLICA E TORNEIRA DE METAL CROMADO PADRÃO MÉDIO - FORNECIMENTO E INSTALAÇÃO. AF_01/2020","UN",886.44]
[86923,"TANQUE DE LOUÇA BRANCA SUSPENSO, 18L OU EQUIVALENTE, INCLUSO SIFÃO TIPO GARRAFA EM PVC, VÁLVULA PLÁSTICA E TORNEIRA DE METAL CROMADO PADRÃO POPULAR - FORNECIMENTO E INSTALAÇÃO. AF_01/2020","UN",599.39]
[86924,"TANQUE DE LOUÇA BRANCA SUSPENSO, 18L OU EQUIVALENTE, INCLUSO SIFÃO TIPO GARRAFA EM PVC, VÁLVULA PLÁSTICA E TORNEIRA DE PLÁSTICO - FORNECIMENTO E INSTALAÇÃO. AF_01/2020","UN",566.89]
[86925,"TANQUE DE MÁRMORE SINTÉTICO COM COLUNA, 22L OU EQUIVALENTE, INCLUSO SIFÃO FLEXÍVEL EM PVC, VÁLVULA PLÁSTICA E TORNEIRA DE METAL CROMADO PADRÃO POPULAR - FORNECIMENTO E INSTALAÇÃO. AF_01/2020","UN",647.31]
[86926,"TANQUE DE MÁRMORE SINTÉTICO COM COLUNA, 22L OU EQUIVALENTE, INCLUSO SIFÃO FLEXÍVEL EM PVC, VÁLVULA PLÁSTICA E TORNEIRA DE PLÁSTICO - FORNECIMENTO E INSTALAÇÃO. AF_01/2020","UN",614.81]
[86927,"TANQUE DE MÁRMORE SINTÉTICO SUSPENSO, 22L OU EQUIVALENTE, INCLUSO SIFÃO TIPO GARRAFA EM PVC, VÁLVULA PLÁSTICA E TORNEIRA DE METAL CROMADO PADRÃO POPULAR - FORNEC. E INSTALAÇÃO. AF_01/2020","UN",417.26]
[86928,"TANQUE DE MÁRMORE SINTÉTICO SUSPENSO, 22L OU EQUIVALENTE, INCLUSO SIFÃO TIPO GARRAFA EM PVC, VÁLVULA PLÁSTICA E TORNEIRA DE PLÁSTICO - FORNECIMENTO E INSTALAÇÃO. AF_01/2020","UN",384.76]
[86929,"TANQUE DE MÁRMORE SINTÉTICO SUSPENSO, 22L OU EQUIVALENTE, INCLUSO SIFÃO FLEXÍVEL EM PVC, VÁLVULA PLÁSTICA E TORNEIRA DE METAL CROMADO PADRÃO POPULAR - FORNECIMENTO E INSTALAÇÃO. AF_01/2020","UN",404.99]
[86930,"TANQUE DE MÁRMORE SINTÉTICO SUSPENSO, 22L OU EQUIVALENTE, INCLUSO SIFÃO FLEXÍVEL EM PVC, VÁLVULA PLÁSTICA E TORNEIRA DE PLÁSTICO - FORNECIMENTO E INSTALAÇÃO. AF_01/2020","UN",372.49]
[86931,"VASO SANITÁRIO SIFONADO COM CAIXA ACOPLADA LOUÇA BRANCA, INCLUSO ENGATE FLEXÍVEL EM PLÁSTICO BRANCO, 1/2  X 40CM - FORNECIMENTO E INSTALAÇÃO. AF_01/2020","UN",503.42]
[86932,"VASO SANITÁRIO SIFONADO COM CAIXA ACOPLADA LOUÇA BRANCA - PADRÃO MÉDIO, INCLUSO ENGATE FLEXÍVEL EM METAL CROMADO, 1/2  X 40CM - FORNECIMENTO E INSTALAÇÃO. AF_01/2020","UN",544.72]
[86933,"BANCADA DE MÁRMORE SINTÉTICO 120 X 60CM, COM CUBA INTEGRADA, INCLUSO SIFÃO TIPO GARRAFA EM PVC, VÁLVULA EM PLÁSTICO CROMADO TIPO AMERICANA E TORNEIRA CROMADA LONGA, DE PAREDE, PADRÃO POPULAR - FORNECIMENTO E INSTALAÇÃO. AF_01/2020","UN",472.16]
[86934,"BANCADA DE MÁRMORE SINTÉTICO 120 X 60CM, COM CUBA INTEGRADA, INCLUSO SIFÃO TIPO FLEXÍVEL EM PVC, VÁLVULA EM PLÁSTICO CROMADO TIPO AMERICANA E TORNEIRA CROMADA LONGA, DE PAREDE, PADRÃO POPULAR - FORNECIMENTO E INSTALAÇÃO. AF_01/2020","UN",459.89]
[86935,"CUBA DE EMBUTIR DE AÇO INOXIDÁVEL MÉDIA, INCLUSO VÁLVULA TIPO AMERICANA EM METAL CROMADO E SIFÃO FLEXÍVEL EM PVC - FORNECIMENTO E INSTALAÇÃO. AF_01/2020","UN",320.19]
[86936,"CUBA DE EMBUTIR DE AÇO INOXIDÁVEL MÉDIA, INCLUSO VÁLVULA TIPO AMERICANA E SIFÃO TIPO GARRAFA EM METAL CROMADO - FORNECIMENTO E INSTALAÇÃO. AF_01/2020","UN",514.23]
[86937,"CUBA DE EMBUTIR OVAL EM LOUÇA BRANCA, 35 X 50CM OU EQUIVALENTE, INCLUSO VÁLVULA EM METAL CROMADO E SIFÃO FLEXÍVEL EM PVC - FORNECIMENTO E INSTALAÇÃO. AF_01/2020","UN",232.95]
[86938,"CUBA DE EMBUTIR OVAL EM LOUÇA BRANCA, 35 X 50CM OU EQUIVALENTE, INCLUSO VÁLVULA E SIFÃO TIPO GARRAFA EM METAL CROMADO - FORNECIMENTO E INSTALAÇÃO. AF_01/2020","UN",426.99]
[86939,"LAVATÓRIO LOUÇA BRANCA COM COLUNA, *44 X 35,5* CM, PADRÃO POPULAR, INCLUSO SIFÃO FLEXÍVEL EM PVC, VÁLVULA E ENGATE FLEXÍVEL 30CM EM PLÁSTICO E COM TORNEIRA CROMADA PADRÃO POPULAR - FORNECIMENTO E INSTALAÇÃO. AF_01/2020","UN",430.59]
[86940,"LAVATÓRIO LOUÇA BRANCA COM COLUNA, 45 X 55CM OU EQUIVALENTE, PADRÃO MÉDIO, INCLUSO SIFÃO TIPO GARRAFA, VÁLVULA E ENGATE FLEXÍVEL DE 40CM EM METAL CROMADO, COM APARELHO MISTURADOR PADRÃO MÉDIO - FORNECIMENTO E INSTALAÇÃO. AF_01/2020","UN",{"v":1180.71,"d":"1,180.71"}]
[86941,"LAVATÓRIO LOUÇA BRANCA COM COLUNA, 45 X 55CM OU EQUIVALENTE, PADRÃO MÉDIO, INCLUSO SIFÃO TIPO GARRAFA, VÁLVULA E ENGATE FLEXÍVEL DE 40CM EM METAL CROMADO, COM TORNEIRA CROMADA DE MESA, PADRÃO MÉDIO - FORNECIMENTO E INSTALAÇÃO. AF_01/2020","UN",841]
[86942,"LAVATÓRIO LOUÇA BRANCA SUSPENSO, 29,5 X 39CM OU EQUIVALENTE, PADRÃO POPULAR, INCLUSO SIFÃO TIPO GARRAFA EM PVC, VÁLVULA E ENGATE FLEXÍVEL 30CM EM PLÁSTICO E TORNEIRA CROMADA DE MESA, PADRÃO POPULAR - FORNECIMENTO E INSTALAÇÃO. AF_01/2020","UN",277.92]
[86943,"LAVATÓRIO LOUÇA BRANCA SUSPENSO, 29,5 X 39CM OU EQUIVALENTE, PADRÃO POPULAR, INCLUSO SIFÃO FLEXÍVEL EM PVC, VÁLVULA E ENGATE FLEXÍVEL 30CM EM PLÁSTICO E TORNEIRA CROMADA DE MESA, PADRÃO POPULAR - FORNECIMENTO E INSTALAÇÃO. AF_01/2020","UN",265.65]
[86947,"BANCADA MÁRMORE BRANCO, 50 X 60 CM, INCLUSO CUBA DE EMBUTIR OVAL EM LOUÇA BRANCA 35 X 50 CM, VÁLVULA, SIFÃO TIPO GARRAFA E ENGATE FLEXÍVEL 40 CM EM METAL CROMADO E APARELHO MISTURADOR DE MESA, PADRÃO MÉDIO - FORNEC. E INSTALAÇÃO. AF_01/2020","UN",{"v":1311.19,"d":"1,311.19"}]
[93396,"BANCADA GRANITO CINZA,  50 X 60 CM, INCL. CUBA DE EMBUTIR OVAL LOUÇA BRANCA 35 X 50 CM, VÁLVULA METAL CROMADO, SIFÃO FLEXÍVEL PVC, ENGATE 30 CM FLEXÍVEL PLÁSTICO E TORNEIRA CROMADA DE MESA, PADRÃO POPULAR - FORNEC. E INSTALAÇÃO. AF_01/2020","UN",750.17]
[93441,"BANCADA GRANITO CINZA  150 X 60 CM, COM CUBA DE EMBUTIR DE AÇO, VÁLVULA AMERICANA EM METAL, SIFÃO FLEXÍVEL EM PVC, ENGATE FLEXÍVEL 30 CM, TORNEIRA CROMADA LONGA, DE PAREDE, 1/2\" OU 3/4\", P/ COZINHA, PADRÃO POPULAR - FORNEC. E INSTALAÇÃO. AF_01/2020","UN",{"v":1351.39,"d":"1,351.39"}]
[93442,"BANCADA MÁRMORE BRANCO 150 X 60 CM, COM CUBA DE EMBUTIR DE AÇO, VÁLVULA AMERICANA E SIFÃO TIPO GARRAFA EM METAL , ENGATE FLEXÍVEL 30 CM, TORNEIRA CROMADA, DE MESA, 1/2\" OU 3/4\", PARA PIA COZINHA, PADRÃO ALTO - FORNEC. E INSTALAÇÃO. AF_01/2020","UN",{"v":1349.77,"d":"1,349.77"}]
[95469,"VASO SANITARIO SIFONADO CONVENCIONAL COM  LOUÇA BRANCA - FORNECIMENTO E INSTALAÇÃO. AF_01/2020","UN",299.04]
[95470,"VASO SANITARIO SIFONADO CONVENCIONAL COM LOUÇA BRANCA, INCLUSO CONJUNTO DE LIGAÇÃO PARA BACIA SANITÁRIA AJUSTÁVEL - FORNECIMENTO E INSTALAÇÃO. AF_01/2020","UN",306.59]
[95471,"VASO SANITARIO SIFONADO CONVENCIONAL PARA PCD SEM FURO FRONTAL COM  LOUÇA BRANCA SEM ASSENTO -  FORNECIMENTO E INSTALAÇÃO. AF_01/2020","UN",768.55]
[95472,"VASO SANITARIO SIFONADO CONVENCIONAL PARA PCD SEM FURO FRONTAL COM LOUÇA BRANCA SEM ASSENTO, INCLUSO CONJUNTO DE LIGAÇÃO PARA BACIA SANITÁRIA AJUSTÁVEL - FORNECIMENTO E INSTALAÇÃO. AF_01/2020","UN",776.1]
[95542,"PORTA TOALHA ROSTO EM METAL CROMADO, TIPO ARGOLA, INCLUSO FIXAÇÃO. AF_01/2020","UN",34.58]
[95543,"PORTA TOALHA BANHO EM METAL CROMADO, TIPO BARRA, INCLUSO FIXAÇÃO. AF_01/2020","UN",58.32]
[95544,"PAPELEIRA DE PAREDE EM METAL CROMADO SEM TAMPA, INCLUSO FIXAÇÃO. AF_01/2020","UN",42.14]
[95545,"SABONETEIRA DE PAREDE EM METAL CROMADO, INCLUSO FIXAÇÃO. AF_01/2020","UN",41.34]
[95546,"KIT DE ACESSORIOS PARA BANHEIRO EM METAL CROMADO, 5 PECAS, INCLUSO FIXAÇÃO. AF_01/2020","UN",142.98]
[95547,"SABONETEIRA PLASTICA TIPO DISPENSER PARA SABONETE LIQUIDO COM RESERVATORIO 800 A 1500 ML, INCLUSO FIXAÇÃO. AF_01/2020","UN",58.08]
[100848,"VASO SANITÁRIO INFANTIL LOUÇA BRANCA - FORNECIMENTO E INSTALACAO. AF_01/2020","UN",553.13]
[100849,"ASSENTO SANITÁRIO CONVENCIONAL - FORNECIMENTO E INSTALACAO. AF_01/2020","UN",41.55]
[100851,"ASSENTO SANITÁRIO INFANTIL - FORNECIMENTO E INSTALACAO. AF_01/2020","UN",82.89]
[100852,"CUBA DE EMBUTIR RETANGULAR DE AÇO INOXIDÁVEL, 56 X 33 X 12 CM - FORNECIMENTO E INSTALAÇÃO. AF_01/2020","UN",254.46]
[100853,"TORNEIRA CROMADA DE MESA PARA LAVATORIO, TIPO MONOCOMANDO. AF_01/2020","UN",374.69]
[100854,"TORNEIRA CROMADA DE MESA PARA LAVATÓRIO COM SENSOR DE PRESENCA. AF_01/2020","UN",{"v":1959.32,"d":"1,959.32"}]
[100856,"MANOPLA E CANOPLA CROMADA - FORNECIMENTO E INSTALAÇÃO. AF_01/2020","UN",41.23]
[100857,"ACABAMENTO MONOCOMANDO PARA CHUVEIRO - FORNECIMENTO E INSTALAÇÃO. AF_01/2020","UN",573.67]
[100858,"MICTÓRIO SIFONADO LOUÇA BRANCA - PADRÃO MÉDIO - FORNECIMENTO E INSTALAÇÃO. AF_01/2020","UN",585.53]
[100859,"MICTÓRIO SIFONADO LOUÇA BRANCA PARA ENTRADA DE ÁGUA EMBUTIDA - PADRÃO ALTO - FORNECIMENTO E INSTALAÇÃO. AF_01/2020","UN",{"v":1007.07,"d":"1,007.07"}]
[100860,"CHUVEIRO ELÉTRICO COMUM CORPO PLÁSTICO, TIPO DUCHA - FORNECIMENTO E INSTALAÇÃO. AF_01/2020","UN",110.94]
[100861,"SUPORTE MÃO FRANCESA EM AÇO, ABAS IGUAIS 30 CM, CAPACIDADE MINIMA 60 KG, BRANCO - FORNECIMENTO E INSTALAÇÃO. AF_01/2020","UN",33.29]
[100862,"SUPORTE MÃO FRANCESA EM ACO, ABAS IGUAIS 40 CM, CAPACIDADE MINIMA 70 KG, BRANCO - FORNECIMENTO E INSTALAÇÃO. AF_01/2020","UN",36.7]
[100863,"BARRA DE APOIO EM \"L\", EM ACO INOX POLIDO 70 X 70 CM, FIXADA NA PAREDE - FORNECIMENTO E INSTALACAO. AF_01/2020","UN",621.33]
[100864,"BARRA DE APOIO EM \"L\", EM ACO INOX POLIDO 80 X 80 CM, FIXADA NA PAREDE - FORNECIMENTO E INSTALACAO. AF_01/2020","UN",683.64]
[100865,"BARRA DE APOIO LATERAL ARTICULADA, COM TRAVA, EM ACO INOX POLIDO, FIXADA NA PAREDE - FORNECIMENTO E INSTALAÇÃO. AF_01/2020","UN",612.57]
[100866,"BARRA DE APOIO RETA, EM ACO INOX POLIDO, COMPRIMENTO 60CM, FIXADA NA PAREDE - FORNECIMENTO E INSTALAÇÃO. AF_01/2020","UN",318.68]
[100867,"BARRA DE APOIO RETA, EM ACO INOX POLIDO, COMPRIMENTO 70 CM,  FIXADA NA PAREDE - FORNECIMENTO E INSTALAÇÃO. AF_01/2020","UN",339.23]
[100868,"BARRA DE APOIO RETA, EM ACO INOX POLIDO, COMPRIMENTO 80 CM,  FIXADA NA PAREDE - FORNECIMENTO E INSTALAÇÃO. AF_01/2020","UN",352.9]
[100869,"BARRA DE APOIO RETA, EM ACO INOX POLIDO, COMPRIMENTO 90 CM,  FIXADA NA PAREDE - FORNECIMENTO E INSTALAÇÃO. AF_01/2020","UN",363.39]
[100870,"BARRA DE APOIO RETA, EM ALUMINIO, COMPRIMENTO 60 CM,  FIXADA NA PAREDE - FORNECIMENTO E INSTALAÇÃO. AF_01/2020","UN",295.32]
[100871,"BARRA DE APOIO RETA, EM ALUMINIO, COMPRIMENTO 70 CM,  FIXADA NA PAREDE - FORNECIMENTO E INSTALAÇÃO. AF_01/2020","UN",319.14]
[100872,"BARRA DE APOIO RETA, EM ALUMINIO, COMPRIMENTO 80 CM,  FIXADA NA PAREDE - FORNECIMENTO E INSTALAÇÃO. AF_01/2020","UN",334.35]
[100873,"BARRA DE APOIO RETA, EM ALUMINIO, COMPRIMENTO 90 CM,  FIXADA NA PAREDE - FORNECIMENTO E INSTALAÇÃO. AF_01/2020","UN",343.85]
[100874,"PUXADOR PARA PCD, FIXADO NA PORTA - FORNECIMENTO E INSTALAÇÃO. AF_01/2020","UN",318.68]
[100875,"BANCO ARTICULADO, EM ACO INOX, PARA PCD, FIXADO NA PAREDE - FORNECIMENTO E INSTALAÇÃO. AF_01/2020","UN",{"v":1129.9,"d":"1,129.90"}]
[100878,"VASO SANITÁRIO SIFONADO COM CAIXA ACOPLADA, LOUÇA BRANCA - PADRÃO ALTO - FORNECIMENTO E INSTALAÇÃO. AF_01/2020","UN",656.86]
[98052,"TANQUE SÉPTICO CIRCULAR, EM CONCRETO PRÉ-MOLDADO, DIÂMETRO INTERNO = 1,10 M, ALTURA INTERNA = 2,50 M, VOLUME ÚTIL: 2138,2 L (PARA 5 CONTRIBUINTES). AF_12/2020_PA","UN",{"v":2136.88,"d":"2,136.88"}]
[98053,"TANQUE SÉPTICO CIRCULAR, EM CONCRETO PRÉ-MOLDADO, DIÂMETRO INTERNO = 1,40 M, ALTURA INTERNA = 2,50 M, VOLUME ÚTIL: 3463,6 L (PARA 13 CONTRIBUINTES). AF_12/2020_PA","UN",{"v":2949.88,"d":"2,949.88"}]
[98054,"TANQUE SÉPTICO CIRCULAR, EM CONCRETO PRÉ-MOLDADO, DIÂMETRO INTERNO = 1,88 M, ALTURA INTERNA = 2,50 M, VOLUME ÚTIL: 6245,8 L (PARA 32 CONTRIBUINTES). AF_12/2020_PA","UN",{"v":4824.93,"d":"4,824.93"}]
[98055,"TANQUE SÉPTICO CIRCULAR, EM CONCRETO PRÉ-MOLDADO, DIÂMETRO INTERNO = 2,38 M, ALTURA INTERNA = 2,50 M, VOLUME ÚTIL: 10009,8 L (PARA 69 CONTRIBUINTES). AF_12/2020_PA","UN",{"v":6574.68,"d":"6,574.68"}]
[98056,"TANQUE SÉPTICO CIRCULAR, EM CONCRETO PRÉ-MOLDADO, DIÂMETRO INTERNO = 2,38 M, ALTURA INTERNA = 3,0 M, VOLUME ÚTIL: 12234,2 L (PARA 86 CONTRIBUINTES). AF_12/2020_PA","UN",{"v":7667.4,"d":"7,667.40"}]
[98057,"TANQUE SÉPTICO CIRCULAR, EM CONCRETO PRÉ-MOLDADO, DIÂMETRO INTERNO = 2,88 M, ALTURA INTERNA = 2,50 M, VOLUME ÚTIL: 14657,4 L (PARA 105 CONTRIBUINTES). AF_12/2020_PA","UN",{"v":9150.75,"d":"9,150.75"}]
[98058,"FILTRO ANAERÓBIO CIRCULAR, EM CONCRETO PRÉ-MOLDADO, DIÂMETRO INTERNO = 1,10 M, ALTURA INTERNA = 1,50 M, VOLUME ÚTIL: 1140,4 L (PARA 5 CONTRIBUINTES). AF_12/2020_PA","UN",{"v":1878,"d":"1,878.00"}]
[98059,"FILTRO ANAERÓBIO CIRCULAR, EM CONCRETO PRÉ-MOLDADO, DIÂMETRO INTERNO = 1,88 M, ALTURA INTERNA = 1,50 M, VOLUME ÚTIL: 3331,1 L (PARA 19 CONTRIBUINTES). AF_12/2020_PA","UN",{"v":4125.83,"d":"4,125.83"}]
[98060,"FILTRO ANAERÓBIO CIRCULAR, EM CONCRETO PRÉ-MOLDADO, DIÂMETRO INTERNO = 2,38 M, ALTURA INTERNA = 1,50 M, VOLUME ÚTIL: 5338,6 L (PARA 34 CONTRIBUINTES). AF_12/2020_PA","UN",{"v":5802.54,"d":"5,802.54"}]
[98061,"FILTRO ANAERÓBIO CIRCULAR, EM CONCRETO PRÉ-MOLDADO, DIÂMETRO INTERNO = 2,88 M, ALTURA INTERNA = 1,50 M, VOLUME ÚTIL: 7817,3 L (PARA 75 CONTRIBUINTES). AF_12/2020_PA","UN",{"v":8119.34,"d":"8,119.34"}]
[98062,"SUMIDOURO CIRCULAR, EM CONCRETO PRÉ-MOLDADO, DIÂMETRO INTERNO = 1,88 M, ALTURA INTERNA = 2,00 M, ÁREA DE INFILTRAÇÃO: 13,1 M² (PARA 5 CONTRIBUINTES). AF_12/2020_PA","UN",{"v":3209.02,"d":"3,209.02"}]
[98063,"SUMIDOURO CIRCULAR, EM CONCRETO PRÉ-MOLDADO, DIÂMETRO INTERNO = 2,38 M, ALTURA INTERNA = 2,50 M, ÁREA DE INFILTRAÇÃO: 21,3 M² (PARA 8 CONTRIBUINTES). AF_12/2020_PA","UN",{"v":4906.6,"d":"4,906.60"}]
[98064,"SUMIDOURO CIRCULAR, EM CONCRETO PRÉ-MOLDADO, DIÂMETRO INTERNO = 2,38 M, ALTURA INTERNA = 3,0 M, ÁREA DE INFILTRAÇÃO: 25 M² (PARA 10 CONTRIBUINTES). AF_12/2020_PA","UN",{"v":5666.79,"d":"5,666.79"}]
[98065,"SUMIDOURO CIRCULAR, EM CONCRETO PRÉ-MOLDADO, DIÂMETRO INTERNO = 2,88 M, ALTURA INTERNA = 3,0 M, ÁREA DE INFILTRAÇÃO: 31,4 M² (PARA 12 CONTRIBUINTES). AF_12/2020_PA","UN",{"v":7889.14,"d":"7,889.14"}]
[98066,"TANQUE SÉPTICO RETANGULAR, EM ALVENARIA COM TIJOLOS CERÂMICOS MACIÇOS, DIMENSÕES INTERNAS: 1,0 X 2,0 X H=1,4 M, VOLUME ÚTIL: 2000 L (PARA 5 CONTRIBUINTES). AF_12/2020","UN",{"v":4910.72,"d":"4,910.72"}]
[98067,"TANQUE SÉPTICO RETANGULAR, EM ALVENARIA COM TIJOLOS CERÂMICOS MACIÇOS, DIMENSÕES INTERNAS: 1,2 X 2,4 X H=1,6 M, VOLUME ÚTIL: 3456 L (PARA 13 CONTRIBUINTES). AF_12/2020","UN",{"v":6542.63,"d":"6,542.63"}]
[98068,"TANQUE SÉPTICO RETANGULAR, EM ALVENARIA COM TIJOLOS CERÂMICOS MACIÇOS, DIMENSÕES INTERNAS: 1,4 X 3,2 X H=1,8 M, VOLUME ÚTIL: 6272 L (PARA 32 CONTRIBUINTES). AF_12/2020","UN",{"v":9239.33,"d":"9,239.33"}]
[98069,"TANQUE SÉPTICO RETANGULAR, EM ALVENARIA COM TIJOLOS CERÂMICOS MACIÇOS, DIMENSÕES INTERNAS: 1,6 X 4,4 X H=1,8 M, VOLUME ÚTIL: 9856 L (PARA 68 CONTRIBUINTES). AF_12/2020","UN",{"v":12429.78,"d":"12,429.78"}]
[98070,"TANQUE SÉPTICO RETANGULAR, EM ALVENARIA COM TIJOLOS CERÂMICOS MACIÇOS, DIMENSÕES INTERNAS: 1,6 X 4,8 X H=2,0 M, VOLUME ÚTIL: 12288 L (PARA 86 CONTRIBUINTES). AF_12/2020","UN",{"v":14192.87,"d":"14,192.87"}]
[98071,"TANQUE SÉPTICO RETANGULAR, EM ALVENARIA COM TIJOLOS CERÂMICOS MACIÇOS, DIMENSÕES INTERNAS: 1,6 X 4,6 X H=2,4 M, VOLUME ÚTIL: 14720 L (PARA 105 CONTRIBUINTES). AF_12/2020","UN",{"v":15467.18,"d":"15,467.18"}]
[98072,"FILTRO ANAERÓBIO RETANGULAR, EM ALVENARIA COM TIJOLOS CERÂMICOS MACIÇOS, DIMENSÕES INTERNAS: 0,8 X 1,2 X H=1,67 M, VOLUME ÚTIL: 1152 L (PARA 5 CONTRIBUINTES). AF_12/2020","UN",{"v":4147.21,"d":"4,147.21"}]
[98073,"FILTRO ANAERÓBIO RETANGULAR, EM ALVENARIA COM TIJOLOS CERÂMICOS MACIÇOS, DIMENSÕES INTERNAS: 1,2 X 1,8 X H=1,67 M, VOLUME ÚTIL: 2592 L (PARA 13 CONTRIBUINTES). AF_12/2020","UN",{"v":6540.83,"d":"6,540.83"}]
[98074,"FILTRO ANAERÓBIO RETANGULAR, EM ALVENARIA COM TIJOLOS CERÂMICOS MACIÇOS, DIMENSÕES INTERNAS: 1,4 X 3,0 X H=1,67 M, VOLUME ÚTIL: 5040 L (PARA 32 CONTRIBUINTES). AF_12/2020","UN",{"v":10232.62,"d":"10,232.62"}]
[98075,"FILTRO ANAERÓBIO RETANGULAR, EM ALVENARIA COM TIJOLOS CERÂMICOS MACIÇOS, DIMENSÕES INTERNAS: 1,4 X 4,2 X H=1,67 M, VOLUME ÚTIL: 7056 L (PARA 67 CONTRIBUINTES). AF_12/2020","UN",{"v":13348.31,"d":"13,348.31"}]
[98076,"FILTRO ANAERÓBIO RETANGULAR, EM ALVENARIA COM TIJOLOS CERÂMICOS MACIÇOS, DIMENSÕES INTERNAS: 1,6 X 4,6 X H=1,67 M, VOLUME ÚTIL: 8832 L (PARA 84 CONTRIBUINTES). AF_12/2020","UN",{"v":15428.64,"d":"15,428.64"}]
[98077,"FILTRO ANAERÓBIO RETANGULAR, EM ALVENARIA COM TIJOLOS CERÂMICOS MACIÇOS, DIMENSÕES INTERNAS: 1,6 X 5,6 X H=1,67 M, VOLUME ÚTIL: 10752 L (PARA 103 CONTRIBUINTES). AF_12/2020","UN",{"v":18193.58,"d":"18,193.58"}]
[98078,"SUMIDOURO RETANGULAR, EM ALVENARIA COM TIJOLOS CERÂMICOS MACIÇOS, DIMENSÕES INTERNAS: 0,8 X 1,4 X H=3,0 M, ÁREA DE INFILTRAÇÃO: 13,2 M² (PARA 5 CONTRIBUINTES). AF_12/2020","UN",{"v":4536.84,"d":"4,536.84"}]
[98079,"SUMIDOURO RETANGULAR, EM ALVENARIA COM TIJOLOS CERÂMICOS MACIÇOS, DIMENSÕES INTERNAS: 1,0 X 3,0 X H=3,0 M, ÁREA DE INFILTRAÇÃO: 25 M² (PARA 10 CONTRIBUINTES). AF_12/2020","UN",{"v":7968.77,"d":"7,968.77"}]
[98080,"SUMIDOURO RETANGULAR, EM ALVENARIA COM TIJOLOS CERÂMICOS MACIÇOS, DIMENSÕES INTERNAS: 1,6 X 3,4 X H=3,0 M, ÁREA DE INFILTRAÇÃO: 32,9 M² (PARA 13 CONTRIBUINTES). AF_12/2020","UN",{"v":10273.74,"d":"10,273.74"}]
[98081,"SUMIDOURO RETANGULAR, EM ALVENARIA COM TIJOLOS CERÂMICOS MACIÇOS, DIMENSÕES INTERNAS: 1,6 X 5,8 X H=3,0 M, ÁREA DE INFILTRAÇÃO: 50 M² (PARA 20 CONTRIBUINTES). AF_12/2020","UN",{"v":15240.88,"d":"15,240.88"}]
[98082,"TANQUE SÉPTICO RETANGULAR, EM ALVENARIA COM BLOCOS DE CONCRETO, DIMENSÕES INTERNAS: 1,0 X 2,0 X H=1,4 M, VOLUME ÚTIL: 2000 L (PARA 5 CONTRIBUINTES). AF_12/2020","UN",{"v":3864.33,"d":"3,864.33"}]
[98083,"TANQUE SÉPTICO RETANGULAR, EM ALVENARIA COM BLOCOS DE CONCRETO, DIMENSÕES INTERNAS: 1,2 X 2,4 X H=1,6 M, VOLUME ÚTIL: 3456 L (PARA 13 CONTRIBUINTES). AF_12/2020","UN",{"v":5089.5,"d":"5,089.50"}]
[98084,"TANQUE SÉPTICO RETANGULAR, EM ALVENARIA COM BLOCOS DE CONCRETO, DIMENSÕES INTERNAS: 1,4 X 3,2 X H=1,8 M, VOLUME ÚTIL: 6272 L (PARA 32 CONTRIBUINTES). AF_12/2020","UN",{"v":7128.7,"d":"7,128.70"}]
[98085,"TANQUE SÉPTICO RETANGULAR, EM ALVENARIA COM BLOCOS DE CONCRETO, DIMENSÕES INTERNAS: 1,6 X 4,4 X H=1,8 M, VOLUME ÚTIL: 9856 L (PARA 68 CONTRIBUINTES). AF_12/2020","UN",{"v":9669.83,"d":"9,669.83"}]
[98086,"TANQUE SÉPTICO RETANGULAR, EM ALVENARIA COM BLOCOS DE CONCRETO, DIMENSÕES INTERNAS: 1,6 X 4,8 X H=2,0 M, VOLUME ÚTIL: 12288 L (PARA 86 CONTRIBUINTES). AF_12/2020","UN",{"v":10902.48,"d":"10,902.48"}]
[98087,"TANQUE SÉPTICO RETANGULAR, EM ALVENARIA COM BLOCOS DE CONCRETO, DIMENSÕES INTERNAS: 1,6 X 4,6 X H=2,4 M, VOLUME ÚTIL: 14720 L (PARA 105 CONTRIBUINTES). AF_12/2020","UN",{"v":11611.98,"d":"11,611.98"}]
[98088,"FILTRO ANAERÓBIO RETANGULAR, EM ALVENARIA COM BLOCOS DE CONCRETO, DIMENSÕES INTERNAS: 0,8 X 1,2 X H=1,67 M, VOLUME ÚTIL: 1152 L (PARA 5 CONTRIBUINTES). AF_12/2020","UN",{"v":3369.18,"d":"3,369.18"}]
[98089,"FILTRO ANAERÓBIO RETANGULAR, EM ALVENARIA COM BLOCOS DE CONCRETO, DIMENSÕES INTERNAS: 1,2 X 1,8 X H=1,67 M, VOLUME ÚTIL: 2592 L (PARA 13 CONTRIBUINTES). AF_12/2020","UN",{"v":5358.49,"d":"5,358.49"}]
[98090,"FILTRO ANAERÓBIO RETANGULAR, EM ALVENARIA COM BLOCOS DE CONCRETO, DIMENSÕES INTERNAS: 1,4 X 3,0 X H=1,67 M, VOLUME ÚTIL: 5040 L (PARA 32 CONTRIBUINTES). AF_12/2020","UN",{"v":8468.92,"d":"8,468.92"}]
[98091,"FILTRO ANAERÓBIO RETANGULAR, EM ALVENARIA COM BLOCOS DE CONCRETO, DIMENSÕES INTERNAS: 1,4 X 4,2 X H=1,67 M, VOLUME ÚTIL: 7056 L (PARA 67 CONTRIBUINTES). AF_12/2020","UN",{"v":11091.6,"d":"11,091.60"}]
[98092,"FILTRO ANAERÓBIO RETANGULAR, EM ALVENARIA COM BLOCOS DE CONCRETO, DIMENSÕES INTERNAS: 1,6 X 4,6 X H=1,67 M, VOLUME ÚTIL: 8832 L (PARA 84 CONTRIBUINTES). AF_12/2020","UN",{"v":12913.39,"d":"12,913.39"}]
[98093,"FILTRO ANAERÓBIO RETANGULAR, EM ALVENARIA COM BLOCOS DE CONCRETO, DIMENSÕES INTERNAS: 1,6 X 5,6 X H=1,67 M, VOLUME ÚTIL: 10752 L (PARA 103 CONTRIBUINTES). AF_12/2020","UN",{"v":15263.43,"d":"15,263.43"}]
[98094,"SUMIDOURO RETANGULAR, EM ALVENARIA COM BLOCOS DE CONCRETO, DIMENSÕES INTERNAS: 0,8 X 1,4 X H=3,0 M, ÁREA DE INFILTRAÇÃO: 13,2 M² (PARA 5 CONTRIBUINTES). AF_12/2020","UN",{"v":2784.65,"d":"2,784.65"}]
[98099,"SUMIDOURO RETANGULAR, EM ALVENARIA COM BLOCOS DE CONCRETO, DIMENSÕES INTERNAS: 1,0 X 3,0 X H=3,0 M, ÁREA DE INFILTRAÇÃO: 25 M² (PARA 10 CONTRIBUINTES). AF_12/2020","UN",{"v":4764.79,"d":"4,764.79"}]
[98100,"SUMIDOURO RETANGULAR, EM ALVENARIA COM BLOCOS DE CONCRETO, DIMENSÕES INTERNAS: 1,6 X 3,4 X H=3,0 M, ÁREA DE INFILTRAÇÃO: 32,9 M² (PARA 13 CONTRIBUINTES). . AF_12/2020","UN",{"v":6263.15,"d":"6,263.15"}]
[98101,"SUMIDOURO RETANGULAR, EM ALVENARIA COM BLOCOS DE CONCRETO, DIMENSÕES INTERNAS: 1,6 X 5,8 X H=3,0 M, ÁREA DE INFILTRAÇÃO: 50 M² (PARA 20 CONTRIBUINTES). . AF_12/2020","UN",{"v":9268.57,"d":"9,268.57"}]
[98109,"CAIXA DE GORDURA ESPECIAL (CAPACIDADE: 312 L - PARA ATÉ 146 PESSOAS SERVIDAS NO PICO), RETANGULAR, EM ALVENARIA COM BLOCOS DE CONCRETO, DIMENSÕES INTERNAS = 0,4X1,2 M, ALTURA INTERNA = 1 M. AF_12/2020","UN",808.09]
[98110,"CAIXA DE GORDURA PEQUENA (CAPACIDADE: 19 L), CIRCULAR, EM PVC, DIÂMETRO INTERNO= 0,3 M. AF_12/2020","UN",378.39]
[98111,"CAIXA DE INSPEÇÃO PARA ATERRAMENTO, CIRCULAR, EM POLIETILENO, DIÂMETRO INTERNO = 0,3 M. AF_12/2020","UN",51.21]
[98112,"TIL (TUBO DE INSPEÇÃO E LIMPEZA) CONDOMINIAL PARA ESGOTO, EM PVC, DN 100 X 100 MM. AF_12/2020","UN",94.55]
[98114,"TAMPA CIRCULAR PARA ESGOTO E DRENAGEM, EM FERRO FUNDIDO, DIÂMETRO INTERNO = 0,6 M. AF_12/2020","UN",471.12]
[98115,"TAMPA CIRCULAR PARA ESGOTO E DRENAGEM, EM CONCRETO PRÉ-MOLDADO, DIÂMETRO INTERNO = 0,60 M E ALTURA = 0,10 M. AF_12/2020","UN",100.62]
[89349,"REGISTRO DE PRESSÃO BRUTO, LATÃO, ROSCÁVEL, 1/2\" - FORNECIMENTO E INSTALAÇÃO. AF_08/2021","UN",23.55]
[89351,"REGISTRO DE PRESSÃO BRUTO, LATÃO,  ROSCÁVEL, 3/4'' - FORNECIMENTO E INSTALAÇÃO. AF_08/2021","UN",29.26]
[89352,"REGISTRO DE GAVETA BRUTO, LATÃO, ROSCÁVEL, 1/2\" - FORNECIMENTO E INSTALAÇÃO. AF_08/2021","UN",31.81]
[89353,"REGISTRO DE GAVETA BRUTO, LATÃO, ROSCÁVEL, 3/4\" - FORNECIMENTO E INSTALAÇÃO. AF_08/2021","UN",35.18]
[89354,"MISTURADOR MONOCOMANDO PARA CHUVEIRO, BASE BRUTA E ACABAMENTO CROMADO - FORNECIMENTO E INSTALAÇÃO. AF_08/2021","UN",591.71]
[89984,"REGISTRO DE PRESSÃO BRUTO, LATÃO, ROSCÁVEL, 1/2\", COM ACABAMENTO E CANOPLA CROMADOS - FORNECIMENTO E INSTALAÇÃO. AF_08/2021","UN",75.21]
[89985,"REGISTRO DE PRESSÃO BRUTO, LATÃO, ROSCÁVEL, 3/4\", COM ACABAMENTO E CANOPLA CROMADOS - FORNECIMENTO E INSTALAÇÃO. AF_08/2021","UN",79.26]
[89986,"REGISTRO DE GAVETA BRUTO, LATÃO, ROSCÁVEL, 1/2\", COM ACABAMENTO E CANOPLA CROMADOS - FORNECIMENTO E INSTALAÇÃO. AF_08/2021","UN",73.31]
[89987,"REGISTRO DE GAVETA BRUTO, LATÃO, ROSCÁVEL, 3/4\", COM ACABAMENTO E CANOPLA CROMADOS - FORNECIMENTO E INSTALAÇÃO. AF_08/2021","UN",83.41]
[90371,"REGISTRO DE ESFERA, PVC, ROSCÁVEL, COM VOLANTE, 3/4\" - FORNECIMENTO E INSTALAÇÃO. AF_08/2021","UN",21.58]
[94489,"REGISTRO DE ESFERA, PVC, SOLDÁVEL, COM VOLANTE, DN  25 MM - FORNECIMENTO E INSTALAÇÃO. AF_08/2021","UN",22.08]
[94490,"REGISTRO DE ESFERA, PVC, SOLDÁVEL, COM VOLANTE, DN  32 MM - FORNECIMENTO E INSTALAÇÃO. AF_08/2021","UN",31.81]
[94491,"REGISTRO DE ESFERA, PVC, SOLDÁVEL, COM VOLANTE, DN  40 MM - FORNECIMENTO E INSTALAÇÃO. AF_08/2021","UN",43.79]
[94492,"REGISTRO DE ESFERA, PVC, SOLDÁVEL, COM VOLANTE, DN  50 MM - FORNECIMENTO E INSTALAÇÃO. AF_08/2021","UN",44.94]
[94493,"REGISTRO DE ESFERA, PVC, SOLDÁVEL, COM VOLANTE, DN  60 MM - FORNECIMENTO E INSTALAÇÃO. AF_08/2021","UN",82.51]
[94495,"REGISTRO DE GAVETA BRUTO, LATÃO, ROSCÁVEL, 1\" - FORNECIMENTO E INSTALAÇÃO. AF_08/2021","UN",54.3]
[94496,"REGISTRO DE GAVETA BRUTO, LATÃO, ROSCÁVEL, 1 1/4\" - FORNECIMENTO E INSTALAÇÃO. AF_08/2021","UN",73.98]
[94497,"REGISTRO DE GAVETA BRUTO, LATÃO, ROSCÁVEL, 1 1/2\" - FORNECIMENTO E INSTALAÇÃO. AF_08/2021","UN",93.75]
[94498,"REGISTRO DE GAVETA BRUTO, LATÃO, ROSCÁVEL, 2\" - FORNECIMENTO E INSTALAÇÃO. AF_08/2021","UN",129.3]
[94499,"REGISTRO DE GAVETA BRUTO, LATÃO, ROSCÁVEL, 2 1/2\" - FORNECIMENTO E INSTALAÇÃO. AF_08/2021","UN",256.27]
[94500,"REGISTRO DE GAVETA BRUTO, LATÃO, ROSCÁVEL, 3\" - FORNECIMENTO E INSTALAÇÃO. AF_08/2021","UN",311.14]
[94501,"REGISTRO DE GAVETA BRUTO, LATÃO, ROSCÁVEL, 4\" - FORNECIMENTO E INSTALAÇÃO. AF_08/2021","UN",626.33]
[94792,"REGISTRO DE GAVETA BRUTO, LATÃO, ROSCÁVEL, 1\", COM ACABAMENTO E CANOPLA CROMADOS - FORNECIMENTO E INSTALAÇÃO. AF_08/2021","UN",101.59]
[94793,"REGISTRO DE GAVETA BRUTO, LATÃO, ROSCÁVEL, 1 1/4\", COM ACABAMENTO E CANOPLA CROMADOS - FORNECIMENTO E INSTALAÇÃO. AF_08/2021","UN",139]
[94794,"REGISTRO DE GAVETA BRUTO, LATÃO, ROSCÁVEL, 1 1/2\", COM ACABAMENTO E CANOPLA CROMADOS - FORNECIMENTO E INSTALAÇÃO. AF_08/2021","UN",147.59]
[94795,"TORNEIRA DE BOIA PARA CAIXA D'ÁGUA, ROSCÁVEL, 1/2\" - FORNECIMENTO E INSTALAÇÃO. AF_08/2021","UN",31.57]
[94796,"TORNEIRA DE BOIA PARA CAIXA D'ÁGUA, ROSCÁVEL, 3/4\" - FORNECIMENTO E INSTALAÇÃO. AF_08/2021","UN",36.72]
[94797,"TORNEIRA DE BOIA PARA CAIXA D'ÁGUA, ROSCÁVEL, 1\" - FORNECIMENTO E INSTALAÇÃO. AF_08/2021","UN",74.57]
[94798,"TORNEIRA DE BOIA PARA CAIXA D'ÁGUA, ROSCÁVEL, 1 1/4\" - FORNECIMENTO E INSTALAÇÃO. AF_08/2021","UN",122.89]
[94799,"TORNEIRA DE BOIA PARA CAIXA D'ÁGUA, ROSCÁVEL, 1 1/2\" - FORNECIMENTO E INSTALAÇÃO. AF_08/2021","UN",151.15]
[94800,"TORNEIRA DE BOIA PARA CAIXA D'ÁGUA, ROSCÁVEL, 2\" - FORNECIMENTO E INSTALAÇÃO. AF_08/2021","UN",194.09]
[95248,"VÁLVULA DE ESFERA BRUTA, BRONZE, ROSCÁVEL, 1/2\" - FORNECIMENTO E INSTALAÇÃO. AF_08/2021","UN",45.97]
[95249,"VÁLVULA DE ESFERA BRUTA, BRONZE, ROSCÁVEL, 3/4'' - FORNECIMENTO E INSTALAÇÃO. AF_08/2021","UN",54.34]
[95250,"VÁLVULA DE ESFERA BRUTA, BRONZE, ROSCÁVEL, 1'' - FORNECIMENTO E INSTALAÇÃO. AF_08/2021","UN",73.34]
[95251,"VÁLVULA DE ESFERA BRUTA, BRONZE, ROSCÁVEL, 1 1/4'' - FORNECIMENTO E INSTALAÇÃO. AF_08/2021","UN",108.37]
[95252,"VÁLVULA DE ESFERA BRUTA, BRONZE, ROSCÁVEL, 1 1/2'' - FORNECIMENTO E INSTALAÇÃO. AF_08/2021","UN",131.49]
[95253,"VÁLVULA DE ESFERA BRUTA, BRONZE, ROSCÁVEL, 2'' - FORNECIMENTO E INSTALAÇÃO. AF_08/2021","UN",199.62]
[99619,"VÁLVULA DE RETENÇÃO HORIZONTAL, DE BRONZE, ROSCÁVEL, 3/4\" - FORNECIMENTO E INSTALAÇÃO. AF_08/2021","UN",122.24]
[99620,"VÁLVULA DE RETENÇÃO HORIZONTAL, DE BRONZE, ROSCÁVEL, 1\" - FORNECIMENTO E INSTALAÇÃO. AF_08/2021","UN",166.07]
[99621,"VÁLVULA DE RETENÇÃO HORIZONTAL, DE BRONZE, ROSCÁVEL, 1 1/4\" - FORNECIMENTO E INSTALAÇÃO. AF_08/2021","UN",247.64]
[99622,"VÁLVULA DE RETENÇÃO HORIZONTAL, DE BRONZE, ROSCÁVEL, 1 1/2\"  - FORNECIMENTO E INSTALAÇÃO. AF_08/2021","UN",278.49]
[99623,"VÁLVULA DE RETENÇÃO HORIZONTAL, DE BRONZE, ROSCÁVEL, 2\"  - FORNECIMENTO E INSTALAÇÃO. AF_08/2021","UN",388.79]
[99624,"VÁLVULA DE RETENÇÃO HORIZONTAL, DE BRONZE, ROSCÁVEL, 2 1/2\" - FORNECIMENTO E INSTALAÇÃO. AF_08/2021","UN",554.49]
[99625,"VÁLVULA DE RETENÇÃO HORIZONTAL, DE BRONZE, ROSCÁVEL, 3\" - FORNECIMENTO E INSTALAÇÃO. AF_08/2021","UN",763.06]
[99626,"VÁLVULA DE RETENÇÃO HORIZONTAL, DE BRONZE, ROSCÁVEL, 4\" - FORNECIMENTO E INSTALAÇÃO. AF_08/2021","UN",{"v":1175.9,"d":"1,175.90"}]
[99627,"VÁLVULA DE RETENÇÃO VERTICAL, DE BRONZE, ROSCÁVEL, 1/2\" - FORNECIMENTO E INSTALAÇÃO. AF_08/2021","UN",73.72]
[99628,"VÁLVULA DE RETENÇÃO VERTICAL, DE BRONZE, ROSCÁVEL, 3/4\" - FORNECIMENTO E INSTALAÇÃO. AF_08/2021","UN",80.25]
[99629,"VÁLVULA DE RETENÇÃO VERTICAL, DE BRONZE, ROSCÁVEL, 1\" - FORNECIMENTO E INSTALAÇÃO. AF_08/2021","UN",89.01]
[99630,"VÁLVULA DE RETENÇÃO VERTICAL, DE BRONZE, ROSCÁVEL, 1 1/4\" - FORNECIMENTO E INSTALAÇÃO. AF_08/2021","UN",132.54]
[99631,"VÁLVULA DE RETENÇÃO VERTICAL, DE BRONZE, ROSCÁVEL, 1 1/2\" - FORNECIMENTO E INSTALAÇÃO. AF_08/2021","UN",154.1]
[99632,"VÁLVULA DE RETENÇÃO VERTICAL, DE BRONZE, ROSCÁVEL, 2\" - FORNECIMENTO E INSTALAÇÃO. AF_08/2021","UN",222.46]
[99633,"VÁLVULA DE RETENÇÃO VERTICAL, DE BRONZE, ROSCÁVEL, 3\" - FORNECIMENTO E INSTALAÇÃO. AF_08/2021","UN",478.48]
[99634,"VÁLVULA DE RETENÇÃO VERTICAL, DE BRONZE, ROSCÁVEL, 4\" - FORNECIMENTO E INSTALAÇÃO. AF_08/2021","UN",817.83]
[99635,"VÁLVULA DE DESCARGA METÁLICA, BASE 1 1/2\", ACABAMENTO METALICO CROMADO - FORNECIMENTO E INSTALAÇÃO. AF_08/2021","UN",214.64]
[103008,"VÁLVULA DE RETENÇÃO HORIZONTAL, DE BRONZE, ROSCÁVEL, 1/2\" - FORNECIMENTO E INSTALAÇÃO. AF_08/2021","UN",99.98]
[103009,"VÁLVULA DE RETENÇÃO VERTICAL, DE BRONZE, ROSCÁVEL, 2 1/2\" - FORNECIMENTO E INSTALAÇÃO. AF_08/2021","UN",352.19]
[103010,"VÁLVULA DE RETENÇÃO, DE BRONZE, PÉ COM CRIVOS, ROSCÁVEL, 3/4\" - FORNECIMENTO E INSTALAÇÃO. AF_08/2021","UN",75.81]
[103011,"VÁLVULA DE RETENÇÃO, DE BRONZE, PÉ COM CRIVOS, ROSCÁVEL, 1\" - FORNECIMENTO E INSTALAÇÃO. AF_08/2021","UN",84.46]
[103012,"VÁLVULA DE RETENÇÃO, DE BRONZE, PÉ COM CRIVOS, ROSCÁVEL, 1 1/4\" - FORNECIMENTO E INSTALAÇÃO. AF_08/2021","UN",133.28]
[103013,"VÁLVULA DE RETENÇÃO, DE BRONZE, PÉ COM CRIVOS, ROSCÁVEL, 1 1/2\" - FORNECIMENTO E INSTALAÇÃO. AF_08/2021","UN",143.34]
[103014,"VÁLVULA DE RETENÇÃO, DE BRONZE, PÉ COM CRIVOS, ROSCÁVEL, 2\" - FORNECIMENTO E INSTALAÇÃO. AF_08/2021","UN",215.73]
[103015,"VÁLVULA DE RETENÇÃO, DE BRONZE, PÉ COM CRIVOS, ROSCÁVEL, 2 1/2\" - FORNECIMENTO E INSTALAÇÃO. AF_08/2021","UN",381.87]
[103016,"VÁLVULA DE RETENÇÃO, DE BRONZE, PÉ COM CRIVOS, ROSCÁVEL, 3\" - FORNECIMENTO E INSTALAÇÃO. AF_08/2021","UN",522.23]
[103017,"VÁLVULA DE RETENÇÃO, DE BRONZE, PÉ COM CRIVOS, ROSCÁVEL, 4\" - FORNECIMENTO E INSTALAÇÃO. AF_08/2021","UN",912.46]
[103018,"VÁLVULA DE DESCARGA METÁLICA, BASE 1 1/4\", ACABAMENTO METALICO CROMADO - FORNECIMENTO E INSTALAÇÃO. AF_08/2021","UN",176.37]
[103019,"REGISTRO OU VÁLVULA GLOBO ANGULAR EM LATÃO, PARA HIDRANTES EM INSTALAÇÃO PREDIAL DE INCÊNDIO, 45 GRAUS, 2 1/2\" - FORNECIMENTO E INSTALAÇÃO. AF_08/2021","UN",181.5]
[103029,"REGISTRO OU REGULADOR DE GÁS DE COZINHA - FORNECIMENTO E INSTALAÇÃO. AF_08/2021","UN",40.12]
[103036,"REGISTRO DE ESFERA, PVC, ROSCÁVEL, COM VOLANTE, 1/2\" - FORNECIMENTO E INSTALAÇÃO. AF_08/2021","UN",17.07]
[103037,"REGISTRO DE ESFERA, PVC, ROSCÁVEL, COM VOLANTE, 1\" - FORNECIMENTO E INSTALAÇÃO. AF_08/2021","UN",33.71]
[103038,"REGISTRO DE ESFERA, PVC, ROSCÁVEL, COM VOLANTE, 1 1/4\" - FORNECIMENTO E INSTALAÇÃO. AF_08/2021","UN",45.19]
[103039,"REGISTRO DE ESFERA, PVC, ROSCÁVEL, COM VOLANTE, 1 1/2\" - FORNECIMENTO E INSTALAÇÃO. AF_08/2021","UN",49.84]
[103040,"REGISTRO DE ESFERA, PVC, ROSCÁVEL, COM VOLANTE, 2\" - FORNECIMENTO E INSTALAÇÃO. AF_08/2021","UN",73.28]
[103041,"REGISTRO DE ESFERA, PVC, ROSCÁVEL, COM BORBOLETA, 1/2\" - FORNECIMENTO E INSTALAÇÃO. AF_08/2021","UN",14.42]
[103042,"REGISTRO DE ESFERA, PVC, ROSCÁVEL, COM BORBOLETA, 3/4\" - FORNECIMENTO E INSTALAÇÃO. AF_08/2021","UN",18.15]
[103043,"REGISTRO DE ESFERA, PVC, ROSCÁVEL, COM CABEÇA QUADRADA, 1/2\" - FORNECIMENTO E INSTALAÇÃO. AF_08/2021","UN",16.47]
[103044,"REGISTRO DE ESFERA, PVC, ROSCÁVEL, COM CABEÇA QUADRADA, 3/4\" - FORNECIMENTO E INSTALAÇÃO. AF_08/2021","UN",22.43]
[103045,"REGISTRO DE PRESSÃO, PVC, ROSCÁVEL, VOLANTE SIMPLES, 1/2\" - FORNECIMENTO E INSTALAÇÃO. AF_08/2021","UN",7.66]
[103046,"REGISTRO DE PRESSÃO, PVC, ROSCÁVEL, VOLANTE SIMPLES, 3/4\" - FORNECIMENTO E INSTALAÇÃO. AF_08/2021","UN",17.29]
[103047,"REGISTRO DE ESFERA, PVC, SOLDÁVEL, COM VOLANTE, DN  20 MM - FORNECIMENTO E INSTALAÇÃO. AF_08/2021","UN",18.17]
[103048,"REGISTRO DE PRESSÃO, PVC, SOLDÁVEL, VOLANTE SIMPLES, DN  20 MM - FORNECIMENTO E INSTALAÇÃO. AF_08/2021","UN",14.09]
[103049,"REGISTRO DE PRESSÃO, PVC, SOLDÁVEL, VOLANTE SIMPLES, DN  25 MM - FORNECIMENTO E INSTALAÇÃO. AF_08/2021","UN",15.28]
[103050,"SUBSTITUIÇÃO DE REGISTRO OU VÁLVULA, ROSCÁVEL, DN  20 MM. AF_08/2021","UN",23.75]
[103051,"SUBSTITUIÇÃO DE REGISTRO OU VÁLVULA, ROSCÁVEL, DN  25 MM. AF_08/2021","UN",28.7]
[103052,"SUBSTITUIÇÃO DE REGISTRO OU VÁLVULA, ROSCÁVEL, DN  32 MM. AF_08/2021","UN",38.53]
[95634,"KIT CAVALETE PARA MEDIÇÃO DE ÁGUA - ENTRADA PRINCIPAL, EM PVC 20 MM (1/2\") - FORNECIMENTO E INSTALAÇÃO (EXCLUSIVE HIDRÔMETRO). AF_03/2024","UN",189.01]
[95635,"KIT CAVALETE PARA MEDIÇÃO DE ÁGUA - ENTRADA PRINCIPAL, EM PVC 25 MM (3/4\") - FORNECIMENTO E INSTALAÇÃO (EXCLUSIVE HIDRÔMETRO). AF_03/2024","UN",198.86]
[95636,"KIT CAVALETE PARA MEDIÇÃO DE ÁGUA - ENTRADA PRINCIPAL, EM AÇO GALVANIZADO DN 25 MM (1\") - FORNECIMENTO E INSTALAÇÃO (EXCLUSIVE HIDRÔMETRO). AF_03/2024","UN",348.79]
[95637,"KIT CAVALETE PARA MEDIÇÃO DE ÁGUA - ENTRADA PRINCIPAL, EM AÇO GALVANIZADO DN 32 MM (1 1/4\") - FORNECIMENTO E INSTALAÇÃO (EXCLUSIVE HIDRÔMETRO). AF_03/2024","UN",459.34]
[95638,"KIT CAVALETE PARA MEDIÇÃO DE ÁGUA - ENTRADA PRINCIPAL, EM AÇO GALVANIZADO DN 40 MM (1 1/2\") - FORNECIMENTO E INSTALAÇÃO (EXCLUSIVE HIDRÔMETRO). AF_03/2024","UN",565.47]
[95639,"KIT CAVALETE PARA MEDIÇÃO DE ÁGUA - ENTRADA PRINCIPAL, EM AÇO GALVANIZADO DN 50 MM (2\") - FORNECIMENTO E INSTALAÇÃO (EXCLUSIVE HIDRÔMETRO). AF_03/2024","UN",772.06]
[95641,"KIT CAVALETE PARA MEDIÇÃO DE ÁGUA - ENTRADA INDIVIDUALIZADA, EM PVC 25 MM (3/4\"), PARA 2 MEDIDORES - FORNECIMENTO E INSTALAÇÃO (EXCLUSIVE HIDRÔMETRO). AF_03/2024","UN",278.17]
[95642,"KIT CAVALETE PARA MEDIÇÃO DE ÁGUA - ENTRADA INDIVIDUALIZADA, EM PVC 25 MM (3/4\"), PARA 3 MEDIDORES - FORNECIMENTO E INSTALAÇÃO (EXCLUSIVE HIDRÔMETRO). AF_03/2024","UN",411.44]
[95643,"KIT CAVALETE PARA MEDIÇÃO DE ÁGUA - ENTRADA INDIVIDUALIZADA, EM PVC 25 MM (3/4\"), PARA 4 MEDIDORES - FORNECIMENTO E INSTALAÇÃO (EXCLUSIVE HIDRÔMETRO). AF_03/2024","UN",538.1]
[95644,"KIT CAVALETE PARA MEDIÇÃO DE ÁGUA - ENTRADA INDIVIDUALIZADA, EM PVC 32 MM (1\"), PARA 1 MEDIDOR - FORNECIMENTO E INSTALAÇÃO (EXCLUSIVE HIDRÔMETRO). AF_03/2024","UN",203.02]
[95645,"KIT CAVALETE PARA MEDIÇÃO DE ÁGUA - ENTRADA INDIVIDUALIZADA, EM PVC 32 MM (1\"), PARA 2 MEDIDORES - FORNECIMENTO E INSTALAÇÃO (EXCLUSIVE HIDRÔMETRO). AF_03/2024","UN",371.29]
[95646,"KIT CAVALETE PARA MEDIÇÃO DE ÁGUA - ENTRADA INDIVIDUALIZADA, EM PVC 32 MM (1\"), PARA 3 MEDIDORES - FORNECIMENTO E INSTALAÇÃO (EXCLUSIVE HIDRÔMETRO). AF_03/2024","UN",553.45]
[95647,"KIT CAVALETE PARA MEDIÇÃO DE ÁGUA - ENTRADA INDIVIDUALIZADA, EM PVC 32 MM (1\"), PARA 4 MEDIDORES - FORNECIMENTO E INSTALAÇÃO (EXCLUSIVE HIDRÔMETRO). AF_03/2024","UN",725.58]
[95648,"KIT CAVALETE PARA MEDIÇÃO DE ÁGUA - ENTRADA INDIVIDUALIZADA, EM CPVC DN 28 MM (1\"), PARA 1 MEDIDOR - FORNECIMENTO E INSTALAÇÃO (EXCLUSIVE HIDRÔMETRO). AF_03/2024","UN",597.48]
[95649,"KIT CAVALETE PARA MEDIÇÃO DE ÁGUA - ENTRADA INDIVIDUALIZADA, EM CPVC DN 28 MM (1\"), PARA 2 MEDIDORES - FORNECIMENTO E INSTALAÇÃO (EXCLUSIVE HIDRÔMETRO). AF_03/2024","UN",{"v":1030.4,"d":"1,030.40"}]
[95650,"KIT CAVALETE PARA MEDIÇÃO DE ÁGUA - ENTRADA INDIVIDUALIZADA, EM CPVC DN 28 MM (1\"), PARA 3 MEDIDORES - FORNECIMENTO E INSTALAÇÃO (EXCLUSIVE HIDRÔMETRO). AF_03/2024","UN",{"v":1504.57,"d":"1,504.57"}]
[95651,"KIT CAVALETE PARA MEDIÇÃO DE ÁGUA - ENTRADA INDIVIDUALIZADA, EM CPVC DN 28 MM (1\"), PARA 4 MEDIDORES - FORNECIMENTO E INSTALAÇÃO (EXCLUSIVE HIDRÔMETRO). AF_03/2024","UN",{"v":1954.3,"d":"1,954.30"}]
[95652,"KIT CAVALETE PARA MEDIÇÃO DE ÁGUA - ENTRADA INDIVIDUALIZADA, EM CPVC DN 35 MM (1 1/4\"), PARA 1 MEDIDOR - FORNECIMENTO E INSTALAÇÃO (EXCLUSIVE HIDRÔMETRO). AF_03/2024","UN",738.49]
[95653,"KIT CAVALETE PARA MEDIÇÃO DE ÁGUA - ENTRADA INDIVIDUALIZADA, EM CPVC DN 35 MM (1 1/4\"), PARA 2 MEDIDORES - FORNECIMENTO E INSTALAÇÃO (EXCLUSIVE HIDRÔMETRO). AF_03/2024","UN",{"v":1310.54,"d":"1,310.54"}]
[95654,"KIT CAVALETE PARA MEDIÇÃO DE ÁGUA - ENTRADA INDIVIDUALIZADA, EM CPVC DN 35 MM (1 1/4\"), PARA 3 MEDIDORES - FORNECIMENTO E INSTALAÇÃO (EXCLUSIVE HIDRÔMETRO). AF_03/2024","UN",{"v":1929.5,"d":"1,929.50"}]
[95655,"KIT CAVALETE PARA MEDIÇÃO DE ÁGUA - ENTRADA INDIVIDUALIZADA, EM CPVC DN 35 MM (1 1/4\"), PARA 4 MEDIDORES - FORNECIMENTO E INSTALAÇÃO (EXCLUSIVE HIDRÔMETRO). AF_03/2024","UN",{"v":2517.11,"d":"2,517.11"}]
[95657,"KIT CAVALETE PARA MEDIÇÃO DE ÁGUA - ENTRADA INDIVIDUALIZADA, EM PPR PN20 DN 25 MM (3/4\") PARA 1 MEDIDOR - FORNECIMENTO E INSTALAÇÃO (EXCLUSIVE HIDRÔMETRO). AF_03/2024","UN",277.98]
[95658,"KIT CAVALETE PARA MEDIÇÃO DE ÁGUA - ENTRADA INDIVIDUALIZADA, EM PPR PN20 DN 25 MM (3/4\") PARA 2 MEDIDORES - FORNECIMENTO E INSTALAÇÃO (EXCLUSIVE HIDRÔMETRO). AF_03/2024","UN",505.77]
[95659,"KIT CAVALETE PARA MEDIÇÃO DE ÁGUA - ENTRADA INDIVIDUALIZADA, EM PPR PN20 DN 25 MM (3/4\") PARA 3 MEDIDORES - FORNECIMENTO E INSTALAÇÃO (EXCLUSIVE HIDRÔMETRO). AF_03/2024","UN",752.6]
[95660,"KIT CAVALETE PARA MEDIÇÃO DE ÁGUA - ENTRADA INDIVIDUALIZADA, EM PPR PN20 DN 25 MM (3/4\") PARA 4 MEDIDORES - FORNECIMENTO E INSTALAÇÃO (EXCLUSIVE HIDRÔMETRO). AF_03/2024","UN",986.39]
[95661,"KIT CAVALETE PARA MEDIÇÃO DE ÁGUA - ENTRADA INDIVIDUALIZADA, EM PPR PN20 DN 32 MM (1\") PARA 1 MEDIDOR - FORNECIMENTO E INSTALAÇÃO (EXCLUSIVE HIDRÔMETRO). AF_03/2024","UN",344.16]
[95662,"KIT CAVALETE PARA MEDIÇÃO DE ÁGUA - ENTRADA INDIVIDUALIZADA, EM PPR PN20 DN 32 MM (1\") PARA 2 MEDIDORES - FORNECIMENTO E INSTALAÇÃO (EXCLUSIVE HIDRÔMETRO). AF_03/2024","UN",636.88]
[95663,"KIT CAVALETE PARA MEDIÇÃO DE ÁGUA - ENTRADA INDIVIDUALIZADA, EM PPR PN20 DN 32 MM (1\") PARA 3 MEDIDORES - FORNECIMENTO E INSTALAÇÃO (EXCLUSIVE HIDRÔMETRO). AF_03/2024","UN",952.42]
[95664,"KIT CAVALETE PARA MEDIÇÃO DE ÁGUA - ENTRADA INDIVIDUALIZADA, EM PPR PN20 DN 32 MM (1\") PARA 4 MEDIDORES - FORNECIMENTO E INSTALAÇÃO (EXCLUSIVE HIDRÔMETRO). AF_03/2024","UN",{"v":1250.28,"d":"1,250.28"}]
[95665,"KIT CAVALETE PARA MEDIÇÃO DE ÁGUA - ENTRADA INDIVIDUALIZADA, EM PPR PN25 DN 25 MM (3/4\") PARA 1 MEDIDOR - FORNECIMENTO E INSTALAÇÃO (EXCLUSIVE HIDRÔMETRO). AF_03/2024","UN",307.72]
[95666,"KIT CAVALETE PARA MEDIÇÃO DE ÁGUA - ENTRADA INDIVIDUALIZADA, EM PPR PN25 DN 25 MM (3/4\") PARA 2 MEDIDORES - FORNECIMENTO E INSTALAÇÃO (EXCLUSIVE HIDRÔMETRO). AF_03/2024","UN",544.41]
[95667,"KIT CAVALETE PARA MEDIÇÃO DE ÁGUA - ENTRADA INDIVIDUALIZADA, EM PPR PN25 DN 25 MM (3/4\") PARA 3 MEDIDORES - FORNECIMENTO E INSTALAÇÃO (EXCLUSIVE HIDRÔMETRO). AF_03/2024","UN",806.13]
[95668,"KIT CAVALETE PARA MEDIÇÃO DE ÁGUA - ENTRADA INDIVIDUALIZADA, EM PPR PN25 DN 25 MM (3/4\") PARA 4 MEDIDORES - FORNECIMENTO E INSTALAÇÃO (EXCLUSIVE HIDRÔMETRO). AF_03/2024","UN",{"v":1052.99,"d":"1,052.99"}]
[95669,"KIT CAVALETE PARA MEDIÇÃO DE ÁGUA - ENTRADA INDIVIDUALIZADA, EM PPR PN25 DN 32 MM (1\") PARA 1 MEDIDOR - FORNECIMENTO E INSTALAÇÃO (EXCLUSIVE HIDRÔMETRO). AF_03/2024","UN",370.46]
[95670,"KIT CAVALETE PARA MEDIÇÃO DE ÁGUA - ENTRADA INDIVIDUALIZADA, EM PPR PN25 DN 32 MM (1\") PARA 2 MEDIDORES - FORNECIMENTO E INSTALAÇÃO (EXCLUSIVE HIDRÔMETRO). AF_03/2024","UN",668.77]
[95671,"KIT CAVALETE PARA MEDIÇÃO DE ÁGUA - ENTRADA INDIVIDUALIZADA, EM PPR PN25 DN 32 MM (1\") PARA 3 MEDIDORES - FORNECIMENTO E INSTALAÇÃO (EXCLUSIVE HIDRÔMETRO). AF_03/2024","UN",995.4]
[95672,"KIT CAVALETE PARA MEDIÇÃO DE ÁGUA - ENTRADA INDIVIDUALIZADA, EM PPR PN25 DN 32 MM (1\") PARA 4 MEDIDORES - FORNECIMENTO E INSTALAÇÃO (EXCLUSIVE HIDRÔMETRO). AF_03/2024","UN",{"v":1303.22,"d":"1,303.22"}]
[95673,"HIDRÔMETRO DN 1/2\", 1,5 M3/H - FORNECIMENTO E INSTALAÇÃO. AF_03/2024","UN",112.35]
[95674,"HIDRÔMETRO DN 1/2\", 3,0 M3/H - FORNECIMENTO E INSTALAÇÃO. AF_03/2024","UN",119.12]
[95675,"HIDRÔMETRO DN 3/4\", 5,0 M3/H - FORNECIMENTO E INSTALAÇÃO. AF_03/2024","UN",146.98]
[95676,"CAIXA EM CONCRETO PRÉ-MOLDADO PARA ABRIGO DE HIDRÔMETRO COM DN 20 MM - FORNECIMENTO E INSTALAÇÃO. AF_03/2024","UN",137.29]
[97741,"KIT CAVALETE PARA MEDIÇÃO DE ÁGUA - ENTRADA INDIVIDUALIZADA, EM PVC 25 MM (3/4\"), PARA 1 MEDIDOR - FORNECIMENTO E INSTALAÇÃO (EXCLUSIVE HIDRÔMETRO). AF_03/2024","UN",156]
[104992,"HIDRÔMETRO DN 2\" , 30 M³/H - FORNECIMENTO E INSTALAÇÃO. AF_03/2024","UN",{"v":1164.88,"d":"1,164.88"}]
[104997,"HIDRÔMETRO DN 1\", 7 M³/H - FORNECIMENTO E INSTALAÇÃO. AF_03/2024","UN",382.71]
[104998,"HIDRÔMETRO DN 1\", 10 M³/H - FORNECIMENTO E INSTALAÇÃO. AF_03/2024","UN",511.46]
[105135,"HIDRÔMETRO DN 1 1/2\", 20 M³/H - FORNECIMENTO E INSTALAÇÃO. AF_03/2024","UN",834.77]
[90436,"FURO MANUAL EM ALVENARIA, PARA INSTALAÇÕES HIDRÁULICAS, DIÂMETROS MENORES OU IGUAIS A 40 MM. AF_09/2023","UN",13.73]
[90437,"FURO MANUAL EM ALVENARIA, PARA INSTALAÇÕES HIDRÁULICAS, DIÂMETROS MAIORES QUE 40 MM E MENORES OU IGUAIS A 75 MM. AF_09/2023","UN",36.6]
[90438,"FURO MANUAL EM ALVENARIA, PARA INSTALAÇÕES HIDRÁULICAS, DIÂMETROS MAIORES QUE 75 MM E MENORES OU IGUAIS A 100 MM. AF_09/2023","UN",53.45]
[90439,"FURO MECANIZADO EM CONCRETO, COM MARTELO DEMOLIDOR, PARA INSTALAÇÕES HIDRÁULICAS, DIÂMETROS MENORES OU IGUAIS A 40 MM. AF_09/2023","UN",7.87]
[90440,"FURO MECANIZADO EM CONCRETO, COM MARTELO DEMOLIDOR, PARA INSTALAÇÕES HIDRÁULICAS, DIÂMETROS MAIORES QUE 40 MM E MENORES OU IGUAIS A 75 MM. AF_09/2023","UN",21.01]
[90441,"FURO MECANIZADO EM CONCRETO, COM MARTELO DEMOLIDOR, PARA INSTALAÇÕES HIDRÁULICAS, DIÂMETROS MAIORES QUE 75 MM E MENORES OU IGUAIS A 150 MM. AF_09/2023","UN",30.69]
[90443,"RASGO LINEAR MANUAL EM ALVENARIA, PARA RAMAIS/ DISTRIBUIÇÃO DE INSTALAÇÕES HIDRÁULICAS, DIÂMETROS MENORES OU IGUAIS A 40 MM. AF_09/2023","M",7.37]
[90444,"RASGO LINEAR MECANIZADO EM CONTRAPISO, PARA RAMAIS/ DISTRIBUIÇÃO DE INSTALAÇÕES HIDRÁULICAS, DIÂMETROS MENORES OU IGUAIS A 40 MM. AF_09/2023_PS","M",10.54]
[90445,"RASGO LINEAR MECANIZADO EM CONTRAPISO, PARA RAMAIS/ DISTRIBUIÇÃO DE INSTALAÇÕES HIDRÁULICAS, DIÂMETROS MAIORES QUE 40 MM E MENORES OU IGUAIS A 75 MM. AF_09/2023_PS","M",13.99]
[90446,"RASGO LINEAR MECANIZADO EM CONTRAPISO, PARA RAMAIS/ DISTRIBUIÇÃO DE INSTALAÇÕES HIDRÁULICAS, DIÂMETROS MAIORES QUE 75 MM E MENORES OU IGUAIS A 100 MM. AF_09/2023_PS","M",18.58]
[90447,"RASGO LINEAR MANUAL EM ALVENARIA, PARA ELETRODUTOS, DIÂMETROS MENORES OU IGUAIS A 40 MM. AF_09/2023","M",7.7]
[90451,"PASSANTE TIPO PEÇA EM POLIESTIRENO (ISOPOR), FIXADO EM LAJE, PARA ABERTURA PARA PASSAGEM DE 1 TUBO DE ATÉ 50 MM DE DIÂMETRO. AF_09/2023","UN",6.04]
[90452,"PASSANTE TIPO PEÇA EM POLIESTIRENO (ISOPOR), FIXADO EM LAJE, PARA PASSAGEM DE NO MÁXIMO 5 TUBOS DE 50 MM DE DIÂMETRO. AF_09/2023","UN",22.58]
[90453,"PASSANTE TIPO TUBO COM DIÂMETRO DE 40 MM, FIXADO EM LAJE, PARA PASSAGEM DE TUBULAÇÕES COM NO MÁXIMO 32 MM DE DIÂMETRO. AF_09/2023","UN",3.82]
[90454,"PASSANTE TIPO TUBO COM DIÂMETRO DE 75 MM, FIXADO EM LAJE, PARA PASSAGEM DE TUBULAÇÕES COM NO MÁXIMO 50 MM DE DIÂMETRO. AF_09/2023","UN",6.1]
[90455,"PASSANTE TIPO TUBO COM DIÂMETRO DE 100 MM, FIXADO EM LAJE, PARA PASSAGEM DE TUBULAÇÕES COM NO MÁXIMO 75 MM DE DIÂMETRO. AF_09/2023","UN",7.74]
[90456,"QUEBRA EM ALVENARIA PARA INSTALAÇÃO DE CAIXA DE TOMADA (4X4 OU 4X2). AF_09/2023","UN",5.11]
[90457,"QUEBRA EM ALVENARIA PARA INSTALAÇÃO DE QUADRO DISTRIBUIÇÃO PEQUENO (19X25 CM). AF_09/2023","UN",11.66]
[90458,"QUEBRA EM ALVENARIA PARA INSTALAÇÃO DE QUADRO DISTRIBUIÇÃO GRANDE (76X40 CM). AF_09/2023","UN",33.25]
[90459,"QUEBRA EM ALVENARIA PARA INSTALAÇÃO DE ABRIGO PARA MANGUEIRAS (90X60 CM). AF_09/2023","UN",45.02]
[90460,"SUPORTE PARA 2 TUBOS HORIZONTAIS, ESPAÇADO A CADA 56 CM, EM PERFILADO COM COMPRIMENTO DE 25 CM FIXADO EM LAJE, POR METRO DE TUBULAÇÃO FIXADA. AF_09/2023","M",24.27]
[90461,"SUPORTE PARA 4 TUBOS HORIZONTAIS, ESPAÇADO A CADA 56 CM, EM PERFILADO COM COMPRIMENTO DE 42 CM FIXADO EM LAJE, POR METRO DE TUBULAÇÃO FIXADA. AF_09/2023","M",17.91]
[90462,"SUPORTE PARA 2 TUBOS VERTICAIS, ESPAÇADO A CADA 150 CM, EM PERFILADO COM COMPRIMENTO DE 25 CM FIXADO EM PAREDE, POR METRO DE TUBULAÇÃO FIXADA. AF_09/2023","M",4.33]
[90463,"SUPORTE PARA 4 TUBOS VERTICAIS, ESPAÇADO A CADA 150 CM, EM PERFILADO COM COMPRIMENTO DE 42 CM FIXADO EM PAREDE, POR METRO DE TUBULAÇÃO FIXADA. AF_09/2023","M",3.62]
[90466,"CHUMBAMENTO LINEAR EM ALVENARIA PARA RAMAIS/DISTRIBUIÇÃO DE INSTALAÇÕES HIDRÁULICAS COM DIÂMETROS MENORES OU IGUAIS A 40 MM. AF_09/2023","M",14.96]
[90467,"CHUMBAMENTO LINEAR EM ALVENARIA PARA RAMAIS/DISTRIBUIÇÃO DE INSTALAÇÕES HIDRÁULICAS COM DIÂMETROS MAIORES QUE 40 MM E MENORES OU IGUAIS A 75 MM. AF_09/2023","M",22.53]
[90468,"CHUMBAMENTO LINEAR EM CONTRAPISO PARA RAMAIS/DISTRIBUIÇÃO DE INSTALAÇÕES HIDRÁULICAS COM DIÂMETROS MENORES OU IGUAIS A 40 MM. AF_09/2023","M",7.77]
[90469,"CHUMBAMENTO LINEAR EM CONTRAPISO PARA RAMAIS/DISTRIBUIÇÃO DE INSTALAÇÕES HIDRÁULICAS COM DIÂMETROS MAIORES QUE 40 MM E MENORES OU IGUAIS A 75 MM. AF_09/2023","M",11.82]
[90470,"CHUMBAMENTO LINEAR EM CONTRAPISO PARA RAMAIS/DISTRIBUIÇÃO DE INSTALAÇÕES HIDRÁULICAS COM DIÂMETROS MAIORES QUE 75 MM E MENORES OU IGUAIS A 100 MM. AF_09/2023","M",15.82]
[91166,"FIXAÇÃO DE TUBOS HORIZONTAIS DE PEX OU MULTICAMADAS, DIÂMETROS IGUAIS OU INFERIORES A 40 MM, COM ABRAÇADEIRA PLÁSTICA FIXADA EM LAJE. AF_09/2023_PE","M",4.72]
[91167,"FIXAÇÃO DE TUBOS HORIZONTAIS DE PPR DIÂMETROS MENORES OU IGUAIS A 40 MM COM ABRAÇADEIRA METÁLICA RÍGIDA TIPO U PERFIL 1 1/4\", FIXADA EM PERFILADO EM LAJE. AF_09/2023_PS","M",10.07]
[91170,"FIXAÇÃO DE TUBOS HORIZONTAIS DE PVC ÁGUA, PVC ESGOTO, PVC ÁGUA PLUVIAL, CPVC, PPR, COBRE OU AÇO, DIÂMETROS MENORES OU IGUAIS A 40 MM, COM ABRAÇADEIRA METÁLICA RÍGIDA TIPO U PERFIL 1 1/4\", FIXADA EM PERFILADO EM LAJE. AF_09/2023_PS","M",10.07]
[91171,"FIXAÇÃO DE TUBOS HORIZONTAIS DE PVC ÁGUA, PVC ESGOTO, PVC ÁGUA PLUVIAL, CPVC, PPR, COBRE OU AÇO, DIÂMETROS MAIORES QUE 40 MM E MENORES OU IGUAIS A 75 MM, COM ABRAÇADEIRA METÁLICA RÍGIDA TIPO U PERFIL 2 1/2\", FIXADA EM PERFILADO EM LAJE. AF_09/2023_PS","M",16.56]
[91172,"FIXAÇÃO DE TUBOS HORIZONTAIS DE PVC ÁGUA, PVC ESGOTO, PVC ÁGUA PLUVIAL, CPVC, PPR, COBRE OU AÇO, DIÂMETROS MAIORES QUE 75 MM E MENORES OU IGUAIS A 100 MM, COM ABRAÇADEIRA METÁLICA RÍGIDA TIPO U PERFIL 4\", FIXADA EM PERFILADO EM LAJE. AF_09/2023_PS","M",19.12]
[91173,"FIXAÇÃO DE TUBOS VERTICAIS DE PVC ÁGUA, PVC ESGOTO, PVC ÁGUA PLUVIAL, CPVC, PPR, COBRE OU AÇO, DIÂMETROS MENORES OU IGUAIS A 40 MM, COM ABRAÇADEIRA METÁLICA RÍGIDA TIPO U PERFIL 1 1/4\", FIXADA EM PERFILADO EM PAREDE. AF_09/2023_PS","M",3.75]
[91174,"FIXAÇÃO DE TUBOS VERTICAIS DE PVC ÁGUA, PVC ESGOTO, PVC ÁGUA PLUVIAL, CPVC, PPR, COBRE OU AÇO, DIÂMETROS MAIORES QUE 40 MM E MENORES OU IGUAIS A 75 MM, COM ABRAÇADEIRA METÁLICA RÍGIDA TIPO U PERFIL 2 1/2\", FIXADA EM PERFILADO EM PAREDE. AF_09/2023_PS","M",6.61]
[91175,"FIXAÇÃO DE TUBOS VERTICAIS DE PVC ÁGUA, PVC ESGOTO, PVC ÁGUA PLUVIAL, CPVC, PPR, COBRE OU AÇO, DIÂMETROS MAIORES QUE 75 MM E MENORES OU IGUAIS A 100 MM, COM ABRAÇADEIRA METÁLICA RÍGIDA TIPO U PERFIL 4\", FIXADA EM PERFILADO EM PAREDE. AF_09/2023_PS","M",10.32]
[91176,"FIXAÇÃO DE TUBOS HORIZONTAIS DE PPR DIÂMETROS MENORES OU IGUAIS A 40 MM, COM ABRAÇADEIRA METÁLICA RÍGIDA TIPO  D  COM PARAFUSO DE FIXAÇÃO 1 1/4\", FIXADA DIRETAMENTE NA LAJE OU PAREDE. AF_09/2023","M",16.91]
[91179,"FIXAÇÃO DE TUBOS HORIZONTAIS DE PVC ÁGUA/PVC ESGOTO/PVC PLUVIAL/CPVC/PPR/COBRE OU AÇO, DIÂMETROS MENORES OU IGUAIS A 40 MM, COM ABRAÇADEIRA METÁLICA RÍGIDA TIPO  D  COM PARAFUSO DE FIXAÇÃO 1 1/4\", FIXADA DIRETAMENTE NA LAJE OU PAREDE. AF_09/2023","M",16.91]
[91180,"FIXAÇÃO DE TUBOS HORIZONTAIS DE PVC ÁGUA/PVC ESGOTO/PVC PLUVIAL/CPVC/PPR/COBRE OU AÇO, DIÂMETROS MAIORES QUE 40 MM E MENORES OU IGUAIS A 75 MM, COM ABRAÇADEIRA TIPO  D  COM PARAFUSO DE FIXAÇÃO 2 1/2\", FIXADA DIRETAMENTE NA LAJE OU PAREDE. AF_09/2023","M",22.63]
[91181,"FIXAÇÃO DE TUBOS HORIZONTAIS DE  PVC ÁGUA/PVC ESGOTO/PVC PLUVIAL/CPVC/PPR/COBRE OU AÇO, DIÂMETROS MAIORES QUE 75 MM E MENORES OU IGUAIS A 100 MM, COM ABRAÇADEIRA TIPO  D  COM PARAFUSO DE FIXAÇÃO 4\", FIXADA DIRETAMENTE NA LAJE OU PAREDE. AF_09/2023","M",23.78]
[91182,"FIXAÇÃO DE TUBOS HORIZONTAIS DE PPR, DIÂMETROS MENORES OU IGUAIS A 40 MM, COM ABRAÇADEIRA METÁLICA FLEXÍVEL 18 MM, FIXADA DIRETAMENTE NA LAJE. AF_09/2023","M",23.13]
[91185,"FIXAÇÃO DE TUBOS HORIZONTAIS DE PVC ÁGUA, PVC ESGOTO, PVC ÁGUA PLUVIAL, CPVC, PPR, COBRE OU AÇO, DIÂMETROS MENORES OU IGUAIS A 40 MM, COM ABRAÇADEIRA METÁLICA FLEXÍVEL 18 MM, FIXADA DIRETAMENTE NA LAJE. AF_09/2023","M",23.13]
[91186,"FIXAÇÃO DE TUBOS HORIZONTAIS DE PVC ÁGUA, PVC ESGOTO, PVC ÁGUA PLUVIAL, CPVC, PPR, COBRE OU AÇO, DIÂMETROS MAIORES QUE 40 MM E MENORES OU IGUAIS A 75 MM, COM ABRAÇADEIRA METÁLICA FLEXÍVEL 18 MM, FIXADA DIRETAMENTE NA LAJE. AF_09/2023","M",25.47]
[91187,"FIXAÇÃO DE TUBOS HORIZONTAIS DE PVC ÁGUA, PVC ESGOTO, PVC ÁGUA PLUVIAL, CPVC, PPR, COBRE OU AÇO, DIÂMETROS MAIORES QUE 75 MM E MENORES OU IGUAIS A 100 MM, COM ABRAÇADEIRA METÁLICA FLEXÍVEL 18 MM, FIXADA DIRETAMENTE NA LAJE. AF_09/2023","M",22.85]
[91188,"CHUMBAMENTO PONTUAL DE ABERTURA EM LAJE COM PASSAGEM DE 1 TUBO COM DIÂMETRO DE  50 MM. AF_09/2023","UN",13.22]
[91189,"CHUMBAMENTO PONTUAL DE ABERTURA EM LAJE COM PASSAGEM DE 5 TUBOS COM  DIÂMETROS DE  50 MM. AF_09/2023","UN",77.11]
[91190,"CHUMBAMENTO PONTUAL EM PASSAGEM DE TUBO COM DIÂMETRO MENOR OU IGUAL A 40 MM. AF_09/2023","UN",10.66]
[91191,"CHUMBAMENTO PONTUAL EM PASSAGEM DE TUBO COM DIÂMETROS ENTRE 40 MM E 75 MM. AF_09/2023","UN",15.23]
[91192,"CHUMBAMENTO PONTUAL EM PASSAGEM DE TUBO COM DIÂMETRO MAIOR QUE 75 MM E MENORES OU IGUAIS A 150 MM. AF_09/2023","UN",23.42]
[91222,"RASGO LINEAR MANUAL EM ALVENARIA, PARA RAMAIS/ DISTRIBUIÇÃO DE INSTALAÇÕES HIDRÁULICAS, DIÂMETROS MAIORES QUE 40 MM E MENORES OU IGUAIS A 75 MM. AF_09/2023","M",8.19]
[94480,"CONJUNTO HIDRÁULICO EM AÇO ROSCÁVEL PARA INSTALAÇÃO DE BOMBA, DN SUCÇÃO 65 MM (2½\") E DN RECALQUE 50 MM (2\"), PARA EDIFICAÇÃO COM 18 PAVIMENTOS - FORNECIMENTO E INSTALAÇÃO. AF_04/2024","UN",{"v":2440.94,"d":"2,440.94"}]
[94481,"CONJUNTO HIDRÁULICO EM AÇO ROSCÁVEL PARA INSTALAÇÃO DE BOMBA, DN SUCÇÃO 50 MM (2\") E DN RECALQUE 40 MM (1 1/2\"), PARA EDIFICAÇÃO COM 12 PAVIMENTOS - FORNECIMENTO E INSTALAÇÃO. AF_04/2024","UN",{"v":1723.02,"d":"1,723.02"}]
[94482,"CONJUNTO HIDRÁULICO EM AÇO ROSCÁVEL PARA INSTALAÇÃO DE BOMBA, DN SUCÇÃO 40 MM (1 1/2\") E DN RECALQUE 32 MM (1 1/4\"), PARA EDIFICAÇÃO COM 8 PAVIMENTOS - FORNECIMENTO E INSTALAÇÃO. AF_04/2024","UN",{"v":1353.02,"d":"1,353.02"}]
[94483,"CONJUNTO HIDRÁULICO EM AÇO ROSCÁVEL PARA INSTALAÇÃO DE BOMBA, DN SUCÇÃO 32 MM (1 1/4\") E DN RECALQUE 25 MM (1\"), PARA EDIFICAÇÃO COM 4 PAVIMENTOS - FORNECIMENTO E INSTALAÇÃO. AF_04/2024","UN",{"v":1134.58,"d":"1,134.58"}]
[95541,"FIXAÇÃO DE DUTOS FLEXÍVEIS CIRCULARES,  DIÂMETRO 109 MM OU 4\", COM ABRAÇADEIRA METÁLICA FLEXÍVEL FIXADA DIRETAMENTE NA LAJE, SOMENTE MÃO DE OBRA. AF_09/2023","UN",22.52]
[96559,"SUPORTE PARA DUTO EM CHAPA GALVANIZADA BITOLA 26, EM PERFILADO COM COMPRIMENTO DE 35 CM FIXADO EM LAJE, POR METRO DE DUTO FIXADO. AF_09/2023","M2",34.01]
[96560,"SUPORTE PARA DUTO EM CHAPA GALVANIZADA BITOLA 24, EM PERFILADO COM COMPRIMENTO DE 55 CM FIXADO EM LAJE, POR METRO DE DUTO FIXADO. AF_09/2023","M2",31.8]
[96562,"SUPORTE PARA ELETROCALHA LISA OU PERFURADA EM AÇO GALVANIZADO, LARGURA 400 MM, EM PERFILADO COM COMPRIMENTO DE 45 CM FIXADO EM LAJE, POR METRO DE ELETROCALHA FIXADA. AF_09/2023","M",48.72]
[96563,"SUPORTE PARA ELETROCALHA LISA OU PERFURADA EM AÇO GALVANIZADO, LARGURA 800 MM, EM PERFILADO COM COMPRIMENTO DE 85 CM FIXADO EM LAJE, POR METRO DE ELETROCALHA FIXADA. AF_09/2023","M",54.64]
[100128,"TIL (TUBO DE INSPEÇÃO E LIMPEZA) RADIAL PARA ESGOTO, EM PVC, DN 300X200 MM. AF_12/2020","UN",{"v":1572.83,"d":"1,572.83"}]
[101802,"CAIXA ENTERRADA RETENTORA DE AREIA RETANGULAR, EM ALVENARIA COM BLOCOS DE CONCRETO, DIMENSÕES INTERNAS: 1,00 X 1,00 X 1,20 M, EXCLUINDO TAMPÃO. AF_12/2020","UN",{"v":1800.96,"d":"1,800.96"}]
[101803,"CAIXA ENTERRADA SEPARADORA DE ÓLEO RETANGULAR, EM ALVENARIA COM BLOCOS DE CONCRETO, DIMENSÕES INTERNAS: 0,6 X 0,6 X 1,00 M, EXCLUINDO TAMPÃO. AF_12/2020","UN",{"v":1133.76,"d":"1,133.76"}]
[101804,"CAIXA ENTERRADA SEPARADORA DE ÓLEO RETANGULAR, EM ALVENARIA COM BLOCOS DE CONCRETO, DIMENSÕES INTERNAS: 0,8 X 0,8 X 1,00 M, EXCLUINDO TAMPÃO. AF_12/2020","UN",{"v":1435.51,"d":"1,435.51"}]
[101805,"CAIXA ENTERRADA SEPARADORA DE ÓLEO RETANGULAR, EM ALVENARIA COM BLOCOS DE CONCRETO, DIMENSÕES INTERNAS: 1,00 X 1,00 X 1,00 M, EXCLUINDO TAMPÃO. AF_12/2020","UN",{"v":1828.77,"d":"1,828.77"}]
[102111,"BOMBA CENTRÍFUGA, MONOFÁSICA, 0,5 CV OU 0,49 HP, HM 6 A 20 M, Q 1,2 A 8,3 M3/H - FORNECIMENTO E INSTALAÇÃO. AF_12/2020","UN",967.79]
[102112,"BOMBA CENTRÍFUGA, MONOFÁSICA, 0,5 CV OU 0,49 HP, HM 6 A 20 M, Q 1,2 A 8,3 M3/H (NÃO INCLUI O FORNECIMENTO DA BOMBA). AF_12/2020","UN",133.23]
[102113,"BOMBA CENTRÍFUGA, TRIFÁSICA, 1 CV OU 0,99 HP, HM 14 A 40 M, Q 0,6 A 8,4 M3/H - FORNECIMENTO E INSTALAÇÃO. AF_12/2020","UN",{"v":1543.37,"d":"1,543.37"}]
[102114,"BOMBA CENTRÍFUGA, TRIFÁSICA, 1 CV OU 0,99 HP, HM 14 A 40 M, Q 0,6 A 8,4 M3/H (NÃO INCLUI O FORNECIMENTO DA BOMBA). AF_12/2020","UN",136.58]
[102115,"BOMBA CENTRÍFUGA, TRIFÁSICA, 1,5 CV OU 1,48 HP, HM 10 A 70 M, Q 1,8 A 5,3 M3/H - FORNECIMENTO E INSTALAÇÃO. AF_12/2020","UN",{"v":2693.76,"d":"2,693.76"}]
[102116,"BOMBA CENTRÍFUGA, TRIFÁSICA, 1,5 CV OU 1,48 HP, HM 10 A 24 M, Q 6,1 A 21,9 M3/H - FORNECIMENTO E INSTALAÇÃO. AF_12/2020","UN",{"v":1648.72,"d":"1,648.72"}]
[102117,"BOMBA CENTRÍFUGA, TRIFÁSICA, 1,5 CV OU 1,48 HP (NÃO INCLUI O FORNECIMENTO DA BOMBA). AF_12/2020","UN",140.65]
[102118,"BOMBA CENTRÍFUGA, TRIFÁSICA, 3 CV OU 2,96 HP, HM 34 A 40 M, Q 8,6 A 14,8 M3/H - FORNECIMENTO E INSTALAÇÃO. AF_12/2020","UN",{"v":2248.39,"d":"2,248.39"}]
[102119,"BOMBA CENTRÍFUGA, TRIFÁSICA, 3 CV OU 2,96 HP, HM 34 A 40 M, Q 8,6 A 14,8 M3/H (NÃO INCLUI O FORNECIMENTO DA BOMBA). AF_12/2020","UN",144.15]
[102121,"MOTO BOMBA HORIZONTAL ATÉ 10 CV, HM 75 A 80 M, Q 25,4 A 48 (NÃO INCLUI O FORNECIMENTO DA BOMBA). AF_12/2020","UN",180.74]
[102122,"BOMBA CENTRÍFUGA, TRIFÁSICA, 10 CV OU 9,86 HP, HM 85 A 140 M, Q 4,2 A 14,9 M3/H - FORNECIMENTO E INSTALAÇÃO. AF_12/2020","UN",{"v":7612.5,"d":"7,612.50"}]
[102123,"BOMBA CENTRÍFUGA, TRIFÁSICA, 10 CV OU 9,86 HP, HM 85 A 140 M, Q 4,2 A 14,9 M3/H (NÃO INCLUI O FORNECIMENTO DA BOMBA). AF_12/2020","UN",191.16]
[102136,"INSTALAÇÃO DE QUADRO ELÉTRICO PARA BOMBAS TRIFÁSICAS ATÉ 25 CV (NÃO INCLUI O FORNECIMENTO DO QUADRO). AF_12/2020","UN",68.83]
[102137,"CHAVE DE BOIA AUTOMÁTICA SUPERIOR/INFERIOR 15A/250V - FORNECIMENTO E INSTALAÇÃO. AF_12/2020","UN",80.86]
[102138,"MOTO BOMBA HORIZONTAL DE 12,5 A 25 CV, HM 140 M (NÃO INCLUI O FORNECIMENTO DA BOMBA). AF_12/2020","UN",208.13]
[103517,"AQUECEDOR SOLAR COMPACTO, KIT PARA 1 COLETOR SOLAR EM VIDRO TEMPERADO E SERPENTINA EM TUBO DE COBRE COM SUPORTE, RESERVATÓRIO, FIXAÇÕES E TUBOS - FORNECIMENTO E INSTALAÇÃO. AF_12/2021","UN",{"v":3584.91,"d":"3,584.91"}]
[103519,"BLOCO CONCRETADO NO LOCAL, 20X20X15CM, PARA BASE DE FIXAÇÃO DA ESTRUTURA SOLAR PARA LAJE DE CONCRETO - FORNECIMENTO E INSTALAÇÃO. AF_12/2021","UN",12.66]
[103520,"RESERVATÓRIO TÉRMICO/BOILER SOLAR EM AÇO INOX 400 L COM 2 PLACAS COLETORAS EM VIDRO TEMPERADO COM SERPENTINA EM TUBO DE COBRE 2 X 1 M - FORNECIMENTO E INSTALAÇÃO. AF_12/2021","UN",{"v":5927.91,"d":"5,927.91"}]
[103521,"RESERVATÓRIO TÉRMICO/BOILER SOLAR EM AÇO INOX 600 L COM 3 PLACAS COLETORAS EM VIDRO TEMPERADO COM SERPENTINA EM TUBO DE COBRE 2 X 1 M - FORNECIMENTO E INSTALAÇÃO. AF_12/2021","UN",{"v":7870.67,"d":"7,870.67"}]
[103522,"RESERVATÓRIO TÉRMICO/BOILER SOLAR EM AÇO INOX 800 L COM 4 PLACAS COLETORAS EM VIDRO TEMPERADO COM SERPENTINA EM TUBO DE COBRE 2 X 1 M - FORNECIMENTO E INSTALAÇÃO. AF_12/2021","UN",{"v":7932.48,"d":"7,932.48"}]
[103523,"RESERVATÓRIO TÉRMICO/BOILER SOLAR EM AÇO INOX 1000 L COM 5 PLACAS COLETORAS EM VIDRO TEMPERADO COM SERPENTINA EM TUBO DE COBRE 2 X 1 M - FORNECIMENTO E INSTALAÇÃO. AF_12/2021","UN",{"v":11939.27,"d":"11,939.27"}]
[104767,"FURO MECANIZADO EM ALVENARIA, PARA INSTALAÇÕES HIDRÁULICAS, DIÂMETROS MENORES OU IGUAIS A 40 MM. AF_09/2023","UN",0.57]
[104769,"FURO MECANIZADO EM ALVENARIA, PARA INSTALAÇÕES HIDRÁULICAS, DIÂMETROS MAIORES QUE 40 MM E MENORES OU IGUAIS A 75 MM. AF_09/2023","UN",1.55]
[104771,"FURO MECANIZADO EM ALVENARIA, PARA INSTALAÇÕES HIDRÁULICAS, DIÂMETROS MAIORES QUE 75 MM E MENORES OU IGUAIS A 100 MM. AF_09/2023","UN",2.26]
[104773,"FURO MECANIZADO EM CONCRETO, COM PERFURATRIZ, PARA INSTALAÇÕES HIDRÁULICAS, DIÂMETROS MENORES OU IGUAIS A 40 MM. AF_09/2023","UN",2.08]
[104775,"FURO MECANIZADO EM CONCRETO, COM PERFURATRIZ, PARA INSTALAÇÕES HIDRÁULICAS, DIÂMETROS MAIORES QUE 40 MM E MENORES OU IGUAIS A 75 MM. AF_09/2023","UN",5.58]
[104777,"FURO MECANIZADO EM CONCRETO, COM PERFURATRIZ, PARA INSTALAÇÕES HIDRÁULICAS, DIÂMETROS MAIORES QUE 75 MM E MENORES OU IGUAIS A 150 MM. AF_09/2023","UN",8.15]
[104779,"RASGO LINEAR MECANIZADO EM ALVENARIA, PARA RAMAIS/ DISTRIBUIÇÃO DE INSTALAÇÕES HIDRÁULICAS, DIÂMETROS MENORES OU IGUAIS A 40 MM. AF_09/2023","M",4.74]
[104781,"RASGO LINEAR MECANIZADO EM ALVENARIA, PARA RAMAIS/ DISTRIBUIÇÃO DE INSTALAÇÕES HIDRÁULICAS, DIÂMETROS MAIORES QUE 40 MM E MENORES OU IGUAIS A 75 MM. AF_09/2023","M",5.48]
[104782,"PASSANTE TIPO PEÇA EM FÔRMA DE MADEIRA, FIXADO EM LAJE, PARA PASSAGEM DE NO MÁXIMO 5 TUBOS DE 50 MM DE DIÂMETRO. AF_09/2023","UN",87.75]
[104783,"PASSANTE TIPO TUBO COM DIÂMETRO DE 50 MM, FIXADO EM LAJE, PARA PASSAGEM DE TUBULAÇÕES COM NO MÁXIMO 40 MM DE DIÂMETRO. AF_09/2023","UN",4.85]
[104784,"PASSANTE TIPO TUBO COM DIÂMETRO DE 150 MM, FIXADO EM LAJE, PARA PASSAGEM DE TUBULAÇÕES COM NO MÁXIMO 100 MM DE DIÂMETRO. AF_09/2023","UN",13.27]
[104786,"RASGO LINEAR MECANIZADO EM CONCRETO, PARA RAMAIS/ DISTRIBUIÇÃO DE INSTALAÇÕES HIDRÁULICAS, DIÂMETROS MENORES OU IGUAIS A 40 MM. AF_09/2023","M",5.24]
[104787,"RASGO LINEAR MECANIZADO EM CONCRETO, PARA RAMAIS/ DISTRIBUIÇÃO DE INSTALAÇÕES HIDRÁULICAS, DIÂMETROS MAIORES QUE 40 MM E MENORES OU IGUAIS A 75 MM. AF_09/2023","M",6.95]
[104788,"RASGO LINEAR MECANIZADO EM CONCRETO, PARA RAMAIS/ DISTRIBUIÇÃO DE INSTALAÇÕES HIDRÁULICAS, DIÂMETROS MAIORES QUE 75 MM E MENORES OU IGUAIS A 100 MM. AF_09/2023","M",9.24]
[104031,"COLAR DE TOMADA, PVC, COM TRAVAS, DE 60 MM X 1/2\" OU 60 MM X 3/4\", PARA LIGAÇÃO PREDIAL DE ÁGUA. AF_06/2022","UN",14.99]
[104032,"COLAR DE TOMADA, PVC, COM TRAVAS, DE 75 MM X 1/2\" OU 75 MM X 3/4\", PARA LIGAÇÃO PREDIAL DE ÁGUA. AF_06/2022","UN",19.27]
[104033,"COLAR DE TOMADA, PVC, COM TRAVAS, DE 85 MM X 1/2\" OU 85 MM X 3/4\", PARA LIGAÇÃO PREDIAL DE ÁGUA. AF_06/2022","UN",17.4]
[104034,"COLAR DE TOMADA, PVC, COM TRAVAS, DE 110 MM X 1/2\" OU 110 MM X 3/4\", PARA LIGAÇÃO PREDIAL DE ÁGUA. AF_06/2022","UN",23.19]
[104035,"COLAR DE TOMADA, POLIPROPILENO, COM PARAFUSOS, 63 MM X 1/2\", PARA LIGAÇÃO PREDIAL DE ÁGUA. AF_06/2022","UN",30.62]
[104036,"COLAR DE TOMADA, POLIPROPILENO, COM PARAFUSOS, 63 MM X 3/4\", PARA LIGAÇÃO PREDIAL DE ÁGUA. AF_06/2022","UN",31.58]
[104039,"TÊ DE SERVIÇO INTEGRADO, POLIPROPILENO, PARA TUBOS EM PEAD, 63 MM X 20 MM, PARA LIGAÇÃO PREDIAL DE ÁGUA. AF_06/2022","UN",65.12]
[104043,"ADAPTADOR, POLIPROPILENO, PARA TUBOS EM PEAD, 20 MM X 1/2\", PARA LIGAÇÃO PREDIAL DE ÁGUA. AF_06/2022","UN",6.97]
[104044,"ADAPTADOR, POLIPROPILENO, PARA TUBOS EM PEAD, 20 MM X 3/4\", PARA LIGAÇÃO PREDIAL DE ÁGUA. AF_06/2022","UN",7.25]
[104045,"ADAPTADOR, POLIPROPILENO, PARA TUBOS EM PEAD, 32 MM X 1\", PARA LIGAÇÃO PREDIAL DE ÁGUA. AF_06/2022","UN",12.01]
[104046,"COTOVELO/JOELHO COM ADAPTADOR, POLIPROPILENO, PARA TUBOS EM PEAD, 20 MM X 1/2\", PARA LIGAÇÃO PREDIAL DE ÁGUA. AF_06/2022","UN",6.6]
[104047,"COTOVELO/JOELHO COM ADAPTADOR, POLIPROPILENO, PARA TUBOS EM PEAD, 20 MM X 3/4\", PARA LIGAÇÃO PREDIAL DE ÁGUA. AF_06/2022","UN",7.62]
[104048,"COTOVELO/JOELHO COM ADAPTADOR, POLIPROPILENO, PARA TUBOS EM PEAD, 32 MM X 1\", PARA LIGAÇÃO PREDIAL DE ÁGUA. AF_06/2022","UN",11.68]
[104049,"ADAPTADOR, PVC, CURTO COM BOLSA E ROSCA, 20 MM X 1/2\", PARA LIGAÇÃO PREDIAL DE ÁGUA. AF_06/2022","UN",4.2]
[104050,"ADAPTADOR, PVC, CURTO COM BOLSA E ROSCA, 32 MM X 1\", PARA LIGAÇÃO PREDIAL DE ÁGUA. AF_06/2022","UN",6.47]
[104051,"COTOVELO/JOELHO 90°, POLIPROPILENO, PARA TUBOS EM PEAD, 20 X 20 MM, PARA LIGAÇÃO PREDIAL DE ÁGUA. AF_06/2022","UN",6.15]
[104052,"COTOVELO/JOELHO 90°, POLIPROPILENO, PARA TUBOS EM PEAD, 32 X 32 MM, PARA LIGAÇÃO PREDIAL DE ÁGUA. AF_06/2022","UN",8.66]
[104053,"UNIÃO, POLIPROPILENO, PARA TUBOS EM PEAD, 20 MM, PARA LIGAÇÃO PREDIAL DE ÁGUA. AF_06/2022","UN",7.36]
[104054,"UNIÃO, POLIPROPILENO, PARA TUBOS EM PEAD, 32 MM, PARA LIGAÇÃO PREDIAL DE ÁGUA. AF_06/2022","UN",15.31]
[104055,"REGISTRO ESFERA, PVC, DE PASSEIO, PARA POLIETILENO, 20 MM, PARA LIGAÇÃO PREDIAL DE ÁGUA. AF_06/2022","UN",10.65]
[104056,"REGISTRO ESFERA, PVC, COM ROSCA, 1/2\", PARA LIGAÇÃO PREDIAL DE ÁGUA. AF_06/2022","UN",16.03]
[104058,"LUVA, PVC, ROSCÁVEL, 1/2\", PARA LIGAÇÃO PREDIAL DE ÁGUA. AF_06/2022","UN",6.03]
[104059,"LUVA, PVC, ROSCÁVEL, 1\", PARA LIGAÇÃO PREDIAL DE ÁGUA. AF_06/2022","UN",8.33]
[104060,"TUBO, PEAD, PE-80, DE = 20 MM X 2,3 MM, PARA LIGAÇÃO PREDIAL DE ÁGUA. AF_06/2022","M",7.51]
[104061,"TUBO, PEAD, PE-80, DE = 32 MM X 3,0 MM, PARA LIGAÇÃO PREDIAL DE ÁGUA. AF_06/2022","M",13.75]
[104062,"CURVA LONGA, 90 GRAUS, PVC OCRE, JUNTA ELÁSTICA, DN 100 MM, PARA COLETOR PREDIAL DE ESGOTO. AF_06/2022","UN",69.64]
[104063,"CURVA LONGA, 45 GRAUS, PVC OCRE, JUNTA ELÁSTICA, DN 100 MM, PARA COLETOR PREDIAL DE ESGOTO. AF_06/2022","UN",66.1]
[104064,"CURVA LONGA, 90 GRAUS, PVC OCRE, JUNTA ELÁSTICA, DN 150 MM, PARA COLETOR PREDIAL DE ESGOTO. AF_06/2022","UN",172.8]
[104065,"CURVA LONGA, 45 GRAUS, PVC OCRE, JUNTA ELÁSTICA, DN 150 MM, PARA COLETOR PREDIAL DE ESGOTO. AF_06/2022","UN",146.13]
[104072,"TÊ, PVC OCRE, JUNTA ELÁSTICA, DN 200 MM, PARA COLETOR PREDIAL DE ESGOTO. AF_06/2022","UN",271.71]
[104076,"SELIM, PVC OCRE, COM TRAVA, DN 125 X 100 MM OU 150 X 100 MM, PARA COLETOR PREDIAL DE ESGOTO. AF_06/2022","UN",41.66]
[104082,"PLUG, PVC OCRE, JUNTA ELÁSTICA, DN 100 MM, PARA COLETOR PREDIAL DE ESGOTO. AF_06/2022","UN",28.64]
[104083,"PLUG, PVC OCRE, JUNTA ELÁSTICA, DN 150 MM, PARA COLETOR PREDIAL DE ESGOTO. AF_06/2022","UN",71.03]
[104084,"CAP, PVC OCRE, JUNTA ELÁSTICA, DN 150 MM, PARA COLETOR PREDIAL DE ESGOTO. AF_06/2022","UN",81.08]
[104085,"TUBO, PVC OCRE, JUNTA ELÁSTICA, DN 100 MM, PARA COLETOR PREDIAL DE ESGOTO. AF_06/2022","M",50.41]
[104086,"TUBO, PVC OCRE, JUNTA ELÁSTICA, DN 150 MM, PARA COLETOR PREDIAL DE ESGOTO. AF_06/2022","M",92.37]
[104947,"DRAGAGEM DE MATERIAIS DE 1A CATEGORIA E COMPOSTOS ORGÂNICOS E INORGÂNICOS COM RETROESCAVADEIRA (CAÇAMBA: 0,26 M3/88 HP). AF_03/2024","M3",10.97]
[104948,"DRAGAGEM DE MATERIAIS DE 1A CATEGORIA E COMPOSTOS ORGÂNICOS E INORGÂNICOS COM ESCAVADEIRA HIDRÁULICA (CAÇAMBA: 0,80 M3/111 HP). AF_03/2024","M3",4.91]
[104949,"DRAGAGEM DE MATERIAIS DE 1A CATEGORIA E COMPOSTOS ORGÂNICOS E INORGÂNICOS COM ESCAVADEIRA HIDRÁULICA DE LONGO ALCANCE (CAÇAMBA: 0,52 M3/155 HP). AF_03/2024","M3",9.31]
[96520,"ESCAVAÇÃO MECANIZADA PARA BLOCO DE COROAMENTO OU SAPATA COM RETROESCAVADEIRA (SEM ESCAVAÇÃO PARA COLOCAÇÃO DE FÔRMAS). AF_01/2024","M3",85.21]
[96521,"ESCAVAÇÃO MECANIZADA PARA BLOCO DE COROAMENTO OU SAPATA COM RETROESCAVADEIRA (INCLUINDO ESCAVAÇÃO PARA COLOCAÇÃO DE FÔRMAS). AF_01/2024","M3",38.67]
[96522,"ESCAVAÇÃO MANUAL PARA BLOCO DE COROAMENTO OU SAPATA (SEM ESCAVAÇÃO PARA COLOCAÇÃO DE FÔRMAS). AF_01/2024","M3",133.35]
[96523,"ESCAVAÇÃO MANUAL PARA BLOCO DE COROAMENTO OU SAPATA (INCLUINDO ESCAVAÇÃO PARA COLOCAÇÃO DE FÔRMAS). AF_01/2024","M3",88.26]
[96524,"ESCAVAÇÃO MECANIZADA PARA VIGA BALDRAME OU SAPATA CORRIDA COM MINI-ESCAVADEIRA (SEM ESCAVAÇÃO PARA COLOCAÇÃO DE FÔRMAS). AF_01/2024","M3",145.69]
[96525,"ESCAVAÇÃO MECANIZADA PARA VIGA BALDRAME OU SAPATA CORRIDA COM MINI-ESCAVADEIRA (INCLUINDO ESCAVAÇÃO PARA COLOCAÇÃO DE FÔRMAS). AF_01/2024","M3",54.39]
[96526,"ESCAVAÇÃO MANUAL PARA VIGA BALDRAME OU SAPATA CORRIDA (SEM ESCAVAÇÃO PARA COLOCAÇÃO DE FÔRMAS). AF_01/2024","M3",190.65]
[96527,"ESCAVAÇÃO MANUAL PARA VIGA BALDRAME OU SAPATA CORRIDA (INCLUINDO ESCAVAÇÃO PARA COLOCAÇÃO DE FÔRMAS). AF_01/2024","M3",97.14]
[96528,"FABRICAÇÃO, MONTAGEM E DESMONTAGEM DE FÔRMA PARA BLOCO DE COROAMENTO, EM MADEIRA SERRADA, E=25 MM, 1 UTILIZAÇÃO. AF_01/2024","M2",185.67]
[101114,"ESCAVAÇÃO HORIZONTAL EM SOLO DE 1A CATEGORIA COM TRATOR DE ESTEIRAS (100HP/LÂMINA: 2,19M3). AF_07/2020","M3",4.22]
[101115,"ESCAVAÇÃO HORIZONTAL EM SOLO DE 1A CATEGORIA COM TRATOR DE ESTEIRAS (150HP/LÂMINA: 3,18M3). AF_07/2020","M3",3.61]
[101116,"ESCAVAÇÃO HORIZONTAL EM SOLO DE 1A CATEGORIA COM TRATOR DE ESTEIRAS (170HP/LÂMINA: 5,20M3). AF_07/2020","M3",2.24]
[101117,"ESCAVAÇÃO HORIZONTAL EM SOLO DE 1A CATEGORIA COM TRATOR DE ESTEIRAS (347HP/LÂMINA: 8,70M3). AF_07/2020","M3",3.31]
[101118,"ESCAVAÇÃO HORIZONTAL EM SOLO DE 1A CATEGORIA COM TRATOR DE ESTEIRAS (125HP/LÂMINA: 2,70M3). AF_07/2020","M3",3.66]
[101119,"ESCAVAÇÃO HORIZONTAL, INCLUINDO ESCARIFICAÇÃO EM SOLO DE 2A CATEGORIA COM TRATOR DE ESTEIRAS (100HP/LÂMINA: 2,19M3). AF_07/2020","M3",8.07]
[101120,"ESCAVAÇÃO HORIZONTAL, INCLUINDO ESCARIFICAÇÃO EM SOLO DE 2A CATEGORIA COM TRATOR DE ESTEIRAS (150HP/LÂMINA: 3,18M3). AF_07/2020","M3",6.9]
[101121,"ESCAVAÇÃO HORIZONTAL, INCLUINDO ESCARIFICAÇÃO EM SOLO DE 2A CATEGORIA COM TRATOR DE ESTEIRAS (170HP/LÂMINA: 5,20M3). AF_07/2020","M3",4.31]
[101122,"ESCAVAÇÃO HORIZONTAL, INCLUINDO ESCARIFICAÇÃO EM SOLO DE 2A CATEGORIA COM TRATOR DE ESTEIRAS (347HP/LÂMINA: 8,70M3). AF_07/2020","M3",6.32]
[101123,"ESCAVAÇÃO HORIZONTAL, INCLUINDO ESCARIFICAÇÃO EM SOLO DE 2A CATEGORIA COM TRATOR DE ESTEIRAS (125HP/LÂMINA: 2,70M3). AF_07/2020","M3",6.98]
[101124,"ESCAVAÇÃO HORIZONTAL, INCLUINDO CARGA E DESCARGA EM SOLO DE 1A CATEGORIA COM TRATOR DE ESTEIRAS (100HP/LÂMINA: 2,19M3). AF_07/2020","M3",14.99]
[101125,"ESCAVAÇÃO HORIZONTAL, INCLUINDO CARGA E DESCARGA EM SOLO DE 1A CATEGORIA COM TRATOR DE ESTEIRAS (150HP/LÂMINA: 3,18M3). AF_07/2020","M3",14.38]
[101126,"ESCAVAÇÃO HORIZONTAL, INCLUINDO CARGA E DESCARGA EM SOLO DE 1A CATEGORIA COM TRATOR DE ESTEIRAS (170HP/LÂMINA: 5,20M3). AF_07/2020","M3",13.01]
[101127,"ESCAVAÇÃO HORIZONTAL, INCLUINDO CARGA E DESCARGA EM SOLO DE 1A CATEGORIA COM TRATOR DE ESTEIRAS (347HP/LÂMINA: 8,70M3). AF_07/2020","M3",14.08]
[101128,"ESCAVAÇÃO HORIZONTAL, INCLUINDO CARGA E DESCARGA EM SOLO DE 1A CATEGORIA COM TRATOR DE ESTEIRAS (125HP/LÂMINA: 2,70M3). AF_07/2020","M3",14.43]
[101129,"ESCAVAÇÃO HORIZONTAL, INCLUINDO ESCARIFICAÇÃO, CARGA E DESCARGA EM SOLO DE 2A CATEGORIA COM TRATOR DE ESTEIRAS (100HP/LÂMINA: 2,19M3). AF_07/2020","M3",19.27]
[101130,"ESCAVAÇÃO HORIZONTAL, INCLUINDO ESCARIFICAÇÃO, CARGA E DESCARGA EM SOLO DE 2A CATEGORIA COM TRATOR DE ESTEIRAS (150HP/LÂMINA: 3,18M3). AF_07/2020","M3",18.1]
[101131,"ESCAVAÇÃO HORIZONTAL, INCLUINDO ESCARIFICAÇÃO, CARGA E DESCARGA EM SOLO DE 2A CATEGORIA COM TRATOR DE ESTEIRAS (170HP/LÂMINA: 5,20M3). AF_07/2020","M3",15.51]
[101132,"ESCAVAÇÃO HORIZONTAL, INCLUINDO ESCARIFICAÇÃO, CARGA E DESCARGA EM SOLO DE 2A CATEGORIA COM TRATOR DE ESTEIRAS (347HP/LÂMINA: 8,70M3). AF_07/2020","M3",17.52]
[101133,"ESCAVAÇÃO HORIZONTAL, INCLUINDO ESCARIFICAÇÃO, CARGA E DESCARGA EM SOLO DE 2A CATEGORIA COM TRATOR DE ESTEIRAS (125HP/LÂMINA: 2,70M3). AF_07/2020","M3",18.18]
[101134,"ESCAVAÇÃO HORIZONTAL, INCLUINDO CARGA, DESCARGA E TRANSPORTE EM SOLO DE 1A CATEGORIA COM TRATOR DE ESTEIRAS (100HP/LÂMINA: 2,19M3) E CAMINHÃO BASCULANTE DE 10M3, DMT ATÉ 200M. AF_07/2020","M3",15.69]
[101135,"ESCAVAÇÃO HORIZONTAL, INCLUINDO CARGA, DESCARGA E TRANSPORTE EM SOLO DE 1A CATEGORIA COM TRATOR DE ESTEIRAS (150HP/LÂMINA: 3,18M3) E CAMINHÃO BASCULANTE DE 10M3, DMT ATÉ 200M AF_07/2020","M3",15.08]
[101136,"ESCAVAÇÃO HORIZONTAL, INCLUINDO CARGA, DESCARGA E TRANSPORTE EM SOLO DE 1A CATEGORIA COM TRATOR DE ESTEIRAS (170HP/LÂMINA: 5,20M3) E CAMINHÃO BASCULANTE DE 10M3, DMT ATÉ 200M. AF_07/2020","M3",13.71]
[101137,"ESCAVAÇÃO HORIZONTAL, INCLUINDO CARGA, DESCARGA E TRANSPORTE EM SOLO DE 1A CATEGORIA COM TRATOR DE ESTEIRAS (347HP/LÂMINA: 8,70M3) E CAMINHÃO BASCULANTE DE 10M3, DMT ATÉ 200M. AF_07/2020","M3",14.78]
[101138,"ESCAVAÇÃO HORIZONTAL, INCLUINDO CARGA, DESCARGA E TRANSPORTE EM SOLO DE 1A CATEGORIA COM TRATOR DE ESTEIRAS (125HP/LÂMINA: 2,70M3) E CAMINHÃO BASCULANTE DE 10M3, DMT ATÉ 200M. AF_07/2020","M3",15.13]
[101139,"ESCAVAÇÃO HORIZONTAL, INCLUINDO  ESCARIFICAÇÃO, CARGA, DESCARGA E TRANSPORTE EM SOLO DE 2A CATEGORIA COM TRATOR DE ESTEIRAS (100HP/LÂMINA: 2,19M3) E CAMINHÃO BASCULANTE DE 10M3, DMT ATÉ 200M. AF_07/2020","M3",19.99]
[101140,"ESCAVAÇÃO HORIZONTAL, INCLUINDO ESCARIFICAÇÃO, CARGA, DESCARGA E TRANSPORTE EM SOLO DE 2A CATEGORIA COM TRATOR DE ESTEIRAS (150HP/LÂMINA: 3,18M3) E CAMINHÃO BASCULANTE DE 10M3, DMT ATÉ 200M. AF_07/2020","M3",18.82]
[101141,"ESCAVAÇÃO HORIZONTAL, INCLUINDO ESCARIFICAÇÃO, CARGA, DESCARGA E TRANSPORTE EM SOLO DE 2A CATEGORIA COM TRATOR DE ESTEIRAS (170HP/LÂMINA: 5,20M3) E CAMINHÃO BASCULANTE DE 10M3, DMT ATÉ 200M. AF_07/2020","M3",16.23]
[101142,"ESCAVAÇÃO HORIZONTAL, INCLUINDO ESCARIFICAÇÃO, CARGA, DESCARGA E TRANSPORTE EM SOLO DE 2A CATEGORIA COM TRATOR DE ESTEIRAS (347HP/LÂMINA: 8,70M3) E CAMINHÃO BASCULANTE DE 10M3, DMT ATÉ 200M. AF_07/2020","M3",18.24]
[101143,"ESCAVAÇÃO HORIZONTAL, INCLUINDO ESCARIFICAÇÃO, CARGA, DESCARGA E TRANSPORTE EM SOLO DE 2A CATEGORIA COM TRATOR DE ESTEIRAS (125HP/LÂMINA: 2,70M3) E CAMINHÃO BASCULANTE DE 10M3, DMT ATÉ 200M. AF_07/2020","M3",18.9]
[101144,"ESCAVAÇÃO HORIZONTAL, INCLUINDO CARGA, DESCARGA E TRANSPORTE EM SOLO DE 1A CATEGORIA COM TRATOR DE ESTEIRAS (100HP/LÂMINA: 2,19M3) E CAMINHÃO BASCULANTE DE 14M3, DMT ATÉ 200M. AF_07/2020","M3",15.8]
[101145,"ESCAVAÇÃO HORIZONTAL, INCLUINDO CARGA, DESCARGA E TRANSPORTE EM SOLO DE 1A CATEGORIA COM TRATOR DE ESTEIRAS (150HP/LÂMINA: 3,18M3) E CAMINHÃO BASCULANTE DE 14M3, DMT ATÉ 200M. AF_07/2020","M3",15.19]
[101146,"ESCAVAÇÃO HORIZONTAL, INCLUINDO CARGA, DESCARGA E TRANSPORTE EM SOLO DE 1A CATEGORIA COM TRATOR DE ESTEIRAS (170HP/LÂMINA: 5,20M3) E CAMINHÃO BASCULANTE DE 14M3, DMT ATÉ 200M. AF_07/2020","M3",13.82]
[101147,"ESCAVAÇÃO HORIZONTAL, INCLUINDO CARGA, DESCARGA E TRANSPORTE EM SOLO DE 1A CATEGORIA COM TRATOR DE ESTEIRAS (347HP/LÂMINA: 8,70M3) E CAMINHÃO BASCULANTE DE 14M3, DMT ATÉ 200M. AF_07/2020","M3",14.89]
[101148,"ESCAVAÇÃO HORIZONTAL, INCLUINDO CARGA, DESCARGA E TRANSPORTE EM SOLO DE 1A CATEGORIA COM TRATOR DE ESTEIRAS (125HP/LÂMINA: 2,70M3) E CAMINHÃO BASCULANTE DE 14M3, DMT ATÉ 200M. AF_07/2020","M3",15.24]
[101149,"ESCAVAÇÃO HORIZONTAL, INCLUINDO ESCARIFICAÇÃO, CARGA, DESCARGA E TRANSPORTE EM SOLO DE 2A CATEGORIA COM TRATOR DE ESTEIRAS (100HP/LÂMINA: 2,19M3) E CAMINHÃO BASCULANTE DE 14M3, DMT ATÉ 200M. AF_07/2020","M3",20.11]
[101150,"ESCAVAÇÃO HORIZONTAL, INCLUINDO ESCARIFICAÇÃO, CARGA, DESCARGA E TRANSPORTE EM SOLO DE 2A CATEGORIA COM TRATOR DE ESTEIRAS (150HP/LÂMINA: 3,18M3) E CAMINHÃO BASCULANTE DE 14M3, DMT ATÉ 200M. AF_07/2020","M3",18.94]
[101151,"ESCAVAÇÃO HORIZONTAL, INCLUINDO ESCARIFICAÇÃO, CARGA, DESCARGA E TRANSPORTE EM SOLO DE 2A CATEGORIA COM TRATOR DE ESTEIRAS (170HP/LÂMINA: 5,20M3) E CAMINHÃO BASCULANTE DE 14M3, DMT ATÉ 200M. AF_07/2020","M3",16.35]
[101152,"ESCAVAÇÃO HORIZONTAL, INCLUINDO ESCARIFICAÇÃO, CARGA, DESCARGA E TRANSPORTE EM SOLO DE 2A CATEGORIA COM TRATOR DE ESTEIRAS (347HP/LÂMINA: 8,70M3) E CAMINHÃO BASCULANTE DE 14M3, DMT ATÉ 200M. AF_07/2020","M3",18.36]
[101153,"ESCAVAÇÃO HORIZONTAL, INCLUINDO ESCARIFICAÇÃO, CARGA, DESCARGA E TRANSPORTE EM SOLO DE 2A CATEGORIA COM TRATOR DE ESTEIRAS (125HP/LÂMINA: 2,70M3) E CAMINHÃO BASCULANTE DE 14M3, DMT ATÉ 200M. AF_07/2020","M3",19.02]
[101206,"ESCAVAÇÃO VERTICAL PARA  EDIFICAÇÃO, COM CARGA, DESCARGA E TRANSPORTE DE SOLO DE 1ª CATEGORIA, COM ESCAVADEIRA HIDRÁULICA (CAÇAMBA: 0,8 M³ / 111 HP), FROTA DE 3 CAMINHÕES BASCULANTES DE 14 M³, DMT ATÉ 1 KM E VELOCIDADE MÉDIA 14 KM/H. AF_05/2020","M3",13.07]
[101207,"ESCAVAÇÃO VERTICAL PARA EDIFICAÇÃO, COM CARGA, DESCARGA E TRANSPORTE DE SOLO DE 1ª CATEGORIA, COM ESCAVADEIRA HIDRÁULICA (CAÇAMBA: 0,8 M³ / 111 HP), FROTA DE 2 CAMINHÕES BASCULANTES DE 18 M³, DMT ATÉ 1 KM E VELOCIDADE MÉDIA 14 KM/H. AF_05/2020","M3",11.23]
[101208,"ESCAVAÇÃO VERTICAL PARA  EDIFICAÇÃO, COM CARGA, DESCARGA E TRANSPORTE DE SOLO DE 1ª CATEGORIA, COM ESCAVADEIRA HIDRÁULICA (CAÇAMBA: 1,2 M³ / 155 HP), FROTA DE 3 CAMINHÕES BASCULANTES DE 14 M³, DMT ATÉ 1 KM E VELOCIDADE MÉDIA 14 KM/H. AF_05/2020","M3",11.03]
[101209,"ESCAVAÇÃO VERTICAL PARA  EDIFICAÇÃO, COM CARGA, DESCARGA E TRANSPORTE DE SOLO DE 1ª CATEGORIA, COM ESCAVADEIRA HIDRÁULICA (CAÇAMBA: 1,2 M³ / 155 HP), FROTA DE 3 CAMINHÕES BASCULANTES DE 18 M³, DMT ATÉ 1 KM E VELOCIDADE MÉDIA 14 KM/H. AF_05/2020","M3",10.25]
[101210,"ESCAVAÇÃO VERTICAL PARA  EDIFICAÇÃO, COM CARGA, DESCARGA E TRANSPORTE DE SOLO DE 1ª CATEGORIA, COM ESCAVADEIRA HIDRÁULICA (CAÇAMBA: 0,8 M³ / 111 HP), FROTA DE 4 CAMINHÕES BASCULANTES DE 14 M³, DMT DE 1,5 KM E VELOCIDADE MÉDIA 18 KM/H. AF_05/2020","M3",18.32]
[101211,"ESCAVAÇÃO VERTICAL PARA  EDIFICAÇÃO, COM CARGA, DESCARGA E TRANSPORTE DE SOLO DE 1ª CATEGORIA, COM ESCAVADEIRA HIDRÁULICA (CAÇAMBA: 0,8 M³ / 111 HP), FROTA DE 4 CAMINHÕES BASCULANTES DE 14 M³, DMT DE 2 KM E VELOCIDADE MÉDIA 19 KM/H. AF_05/2020","M3",19.68]
[101212,"ESCAVAÇÃO VERTICAL PARA  EDIFICAÇÃO, COM CARGA, DESCARGA E TRANSPORTE DE SOLO DE 1ª CATEGORIA, COM ESCAVADEIRA HIDRÁULICA (CAÇAMBA: 0,8 M³ / 111 HP), FROTA DE 5 CAMINHÕES BASCULANTES DE 14 M³, DMT DE 3 KM E VELOCIDADE MÉDIA 20 KM/H. AF_05/2020","M3",23.01]
[101213,"ESCAVAÇÃO VERTICAL PARA  EDIFICAÇÃO, COM CARGA, DESCARGA E TRANSPORTE DE SOLO DE 1ª CATEGORIA, COM ESCAVADEIRA HIDRÁULICA (CAÇAMBA: 0,8 M³ / 111 HP), FROTA DE 6 CAMINHÕES BASCULANTES DE 14 M³, DMT DE 4 KM E VELOCIDADE MÉDIA 22 KM/H. AF_05/2020","M3",25.78]
[101214,"ESCAVAÇÃO VERTICAL PARA  EDIFICAÇÃO, COM CARGA, DESCARGA E TRANSPORTE DE SOLO DE 1ª CATEGORIA, COM ESCAVADEIRA HIDRÁULICA (CAÇAMBA: 0,8 M³ / 111 HP), FROTA DE 7 CAMINHÕES BASCULANTES DE 14 M³, DMT DE 6 KM E VELOCIDADE MÉDIA 22 KM/H. AF_05/2020","M3",31.2]
[101215,"ESCAVAÇÃO VERTICAL PARA  EDIFICAÇÃO, COM CARGA, DESCARGA E TRANSPORTE DE SOLO DE 1ª CATEGORIA, COM ESCAVADEIRA HIDRÁULICA (CAÇAMBA: 0,8 M³ / 111 HP), FROTA DE 4 CAMINHÕES BASCULANTES DE 18 M³, DMT DE 1,5 KM E VELOCIDADE MÉDIA 18 KM/H. AF_05/2020","M3",17.62]
[101216,"ESCAVAÇÃO VERTICAL PARA  EDIFICAÇÃO, COM CARGA, DESCARGA E TRANSPORTE DE SOLO DE 1ª CATEGORIA, COM ESCAVADEIRA HIDRÁULICA (CAÇAMBA: 0,8 M³ / 111 HP), FROTA DE 4 CAMINHÕES BASCULANTES DE 18 M³, DMT DE 2 KM E VELOCIDADE MÉDIA 19 KM/H. AF_05/2020","M3",18.47]
[101217,"ESCAVAÇÃO VERTICAL PARA  EDIFICAÇÃO, COM CARGA, DESCARGA E TRANSPORTE DE SOLO DE 1ª CATEGORIA, COM ESCAVADEIRA HIDRÁULICA (CAÇAMBA: 0,8 M³ / 111 HP), FROTA DE 5 CAMINHÕES BASCULANTES DE 18 M³, DMT DE 3 KM E VELOCIDADE MÉDIA 20 KM/H. AF_05/2020","M3",21.55]
[101218,"ESCAVAÇÃO VERTICAL PARA  EDIFICAÇÃO, COM CARGA, DESCARGA E TRANSPORTE DE SOLO DE 1ª CATEGORIA, COM ESCAVADEIRA HIDRÁULICA (CAÇAMBA: 0,8 M³ / 111 HP), FROTA DE 5 CAMINHÕES BASCULANTES DE 18 M³, DMT DE 4 KM E VELOCIDADE MÉDIA 22 KM/H. AF_05/2020","M3",22.81]
[101219,"ESCAVAÇÃO VERTICAL PARA  EDIFICAÇÃO, COM CARGA, DESCARGA E TRANSPORTE DE SOLO DE 1ª CATEGORIA, COM ESCAVADEIRA HIDRÁULICA (CAÇAMBA: 0,8 M³ / 111 HP), FROTA DE 6 CAMINHÕES BASCULANTES DE 18 M³, DMT DE 6 KM E VELOCIDADE MÉDIA 22 KM/H. AF_05/2020","M3",27.7]
[101220,"ESCAVAÇÃO VERTICAL PARA  EDIFICAÇÃO, COM CARGA, DESCARGA E TRANSPORTE DE SOLO DE 1ª CATEGORIA, COM ESCAVADEIRA HIDRÁULICA (CAÇAMBA: 1,2 M³ / 155 HP), FROTA DE 5 CAMINHÕES BASCULANTES DE 14 M³, DMT DE 1,5 KM E VELOCIDADE MÉDIA 18 KM/H. AF_05/2020","M3",17.31]
[101221,"ESCAVAÇÃO VERTICAL PARA  EDIFICAÇÃO, COM CARGA, DESCARGA E TRANSPORTE DE SOLO DE 1ª CATEGORIA, COM ESCAVADEIRA HIDRÁULICA (CAÇAMBA: 1,2 M³ / 155 HP), FROTA DE 5 CAMINHÕES BASCULANTES DE 14 M³, DMT DE 2 KM E VELOCIDADE MÉDIA 19 KM/H. AF_05/2020","M3",18.3]
[101222,"ESCAVAÇÃO VERTICAL PARA  EDIFICAÇÃO, COM CARGA, DESCARGA E TRANSPORTE DE SOLO DE 1ª CATEGORIA, COM ESCAVADEIRA HIDRÁULICA (CAÇAMBA: 1,2 M³ / 155 HP), FROTA DE 6 CAMINHÕES BASCULANTES DE 14 M³, DMT DE 3 KM E VELOCIDADE MÉDIA 20 KM/H. AF_05/2020","M3",21.31]
[101223,"ESCAVAÇÃO VERTICAL PARA  EDIFICAÇÃO, COM CARGA, DESCARGA E TRANSPORTE DE SOLO DE 1ª CATEGORIA, COM ESCAVADEIRA HIDRÁULICA (CAÇAMBA: 1,2 M³ / 155 HP), FROTA DE 7 CAMINHÕES BASCULANTES DE 14 M³, DMT DE 4 KM E VELOCIDADE MÉDIA 22 KM/H. AF_05/2020","M3",23.76]
[101224,"ESCAVAÇÃO VERTICAL PARA  EDIFICAÇÃO, COM CARGA, DESCARGA E TRANSPORTE DE SOLO DE 1ª CATEGORIA, COM ESCAVADEIRA HIDRÁULICA (CAÇAMBA: 1,2 M³ / 155 HP), FROTA DE 9 CAMINHÕES BASCULANTES DE 14 M³, DMT DE 6 KM E VELOCIDADE MÉDIA 22 KM/H. AF_05/2020","M3",29.85]
[101225,"ESCAVAÇÃO VERTICAL PARA  EDIFICAÇÃO, COM CARGA, DESCARGA E TRANSPORTE DE SOLO DE 1ª CATEGORIA, COM ESCAVADEIRA HIDRÁULICA (CAÇAMBA: 1,2 M³ / 155 HP), FROTA DE 5 CAMINHÕES BASCULANTES DE 18 M³, DMT DE 1,5 KM E VELOCIDADE MÉDIA 18 KM/H. AF_05/2020","M3",15.91]
[101226,"ESCAVAÇÃO VERTICAL PARA  EDIFICAÇÃO, COM CARGA, DESCARGA E TRANSPORTE DE SOLO DE 1ª CATEGORIA, COM ESCAVADEIRA HIDRÁULICA (CAÇAMBA: 1,2 M³ / 155 HP), FROTA DE 5 CAMINHÕES BASCULANTES DE 18 M³, DMT DE 2 KM E VELOCIDADE MÉDIA 19 KM/H. AF_05/2020","M3",16.76]
[101227,"ESCAVAÇÃO VERTICAL PARA  EDIFICAÇÃO, COM CARGA, DESCARGA E TRANSPORTE DE SOLO DE 1ª CATEGORIA, COM ESCAVADEIRA HIDRÁULICA (CAÇAMBA: 1,2 M³ / 155 HP), FROTA DE 6 CAMINHÕES BASCULANTES DE 18 M³, DMT DE 3 KM E VELOCIDADE MÉDIA 20 KM/H. AF_05/2020","M3",19.47]
[101228,"ESCAVAÇÃO VERTICAL PARA  EDIFICAÇÃO, COM CARGA, DESCARGA E TRANSPORTE DE SOLO DE 1ª CATEGORIA, COM ESCAVADEIRA HIDRÁULICA (CAÇAMBA: 1,2 M³ / 155 HP), FROTA DE 6 CAMINHÕES BASCULANTES DE 18 M³, DMT DE 4 KM E VELOCIDADE MÉDIA 22 KM/H. AF_05/2020","M3",20.77]
[101229,"ESCAVAÇÃO VERTICAL PARA  EDIFICAÇÃO, COM CARGA, DESCARGA E TRANSPORTE DE SOLO DE 1ª CATEGORIA, COM ESCAVADEIRA HIDRÁULICA (CAÇAMBA: 1,2 M³ / 155 HP), FROTA DE 8 CAMINHÕES BASCULANTES DE 18 M³, DMT DE 6 KM E VELOCIDADE MÉDIA 22 KM/H. AF_05/2020","M3",26.23]
[101230,"ESCAVAÇÃO VERTICAL PARA INFRAESTRUTURA, COM CARGA, DESCARGA E TRANSPORTE DE SOLO DE 1ª CATEGORIA, COM ESCAVADEIRA HIDRÁULICA (CAÇAMBA: 0,8 M³ / 111 HP), FROTA DE 3 CAMINHÕES BASCULANTES DE 14 M³, DMT ATÉ 1 KM E VELOCIDADE MÉDIA14 KM/H. AF_05/2020","M3",11.51]
[101231,"ESCAVAÇÃO VERTICAL PARA INFRAESTRUTURA, COM CARGA, DESCARGA E TRANSPORTE DE SOLO DE 1ª CATEGORIA, COM ESCAVADEIRA HIDRÁULICA (CAÇAMBA: 0,8 M³ / 111 HP), FROTA DE 3 CAMINHÕES BASCULANTES DE 18 M³, DMT ATÉ 1 KM E VELOCIDADE MÉDIA14 KM/H. AF_05/2020","M3",10.95]
[101232,"ESCAVAÇÃO VERTICAL PARA INFRAESTRUTURA, COM CARGA, DESCARGA E TRANSPORTE DE SOLO DE 1ª CATEGORIA, COM ESCAVADEIRA HIDRÁULICA (CAÇAMBA: 1,2 M³ / 155 HP), FROTA DE 3 CAMINHÕES BASCULANTES DE 14 M³, DMT ATÉ 1 KM E VELOCIDADE MÉDIA14 KM/H. AF_05/2020","M3",9.86]
[101233,"ESCAVAÇÃO VERTICAL PARA INFRAESTRUTURA, COM CARGA, DESCARGA E TRANSPORTE DE SOLO DE 1ª CATEGORIA, COM ESCAVADEIRA HIDRÁULICA (CAÇAMBA: 1,2 M³ / 155 HP), FROTA DE 3 CAMINHÕES BASCULANTES DE 18 M³, DMT ATÉ 1 KM E VELOCIDADE MÉDIA14 KM/H. AF_05/2020","M3",9.1]
[101234,"ESCAVAÇÃO VERTICAL PARA INFRAESTRUTURA, COM CARGA, DESCARGA E TRANSPORTE DE SOLO DE 1ª CATEGORIA, COM ESCAVADEIRA HIDRÁULICA (CAÇAMBA: 0,8 M³ / 111HP), FROTA DE 5 CAMINHÕES BASCULANTES DE 14 M³, DMT DE 1,5 KM E VELOCIDADE MÉDIA18 KM/H. AF_05/2020","M3",18.02]
[101235,"ESCAVAÇÃO VERTICAL PARA INFRAESTRUTURA, COM CARGA, DESCARGA E TRANSPORTE DE SOLO DE 1ª CATEGORIA, COM ESCAVADEIRA HIDRÁULICA (CAÇAMBA: 0,8 M³ / 111HP), FROTA DE 5 CAMINHÕES BASCULANTES DE 14 M³, DMT DE 2 KM E VELOCIDADE MÉDIA 19 KM/H. AF_05/2020","M3",18.98]
[101236,"ESCAVAÇÃO VERTICAL PARA INFRAESTRUTURA, COM CARGA, DESCARGA E TRANSPORTE DE SOLO DE 1ª CATEGORIA, COM ESCAVADEIRA HIDRÁULICA (CAÇAMBA: 0,8 M³ / 111HP), FROTA DE 6 CAMINHÕES BASCULANTES DE 14 M³, DMT DE 3 KM E VELOCIDADE MÉDIA 20 KM/H. AF_05/2020","M3",22.14]
[101237,"ESCAVAÇÃO VERTICAL PARA INFRAESTRUTURA, COM CARGA, DESCARGA E TRANSPORTE DE SOLO DE 1ª CATEGORIA, COM ESCAVADEIRA HIDRÁULICA (CAÇAMBA: 0,8 M³ / 111HP), FROTA DE 6 CAMINHÕES BASCULANTES DE 14 M³, DMT DE 4 KM E VELOCIDADE MÉDIA 22 KM/H. AF_05/2020","M3",23.58]
[101238,"ESCAVAÇÃO VERTICAL PARA INFRAESTRUTURA, COM CARGA, DESCARGA E TRANSPORTE DE SOLO DE 1ª CATEGORIA, COM ESCAVADEIRA HIDRÁULICA (CAÇAMBA: 0,8 M³ / 111HP), FROTA DE 8 CAMINHÕES BASCULANTES DE 14 M³, DMT DE 6 KM E VELOCIDADE MÉDIA 22 KM/H. AF_05/2020","M3",29.89]
[101239,"ESCAVAÇÃO VERTICAL PARA INFRAESTRUTURA, COM CARGA, DESCARGA E TRANSPORTE DE SOLO DE 1ª CATEGORIA, COM ESCAVADEIRA HIDRÁULICA (CAÇAMBA: 0,8 M³ / 111HP), FROTA DE 4 CAMINHÕES BASCULANTES DE 18 M³, DMT DE 1,5 KM E VELOCIDADE MÉDIA18 KM/H. AF_05/2020","M3",15.79]
[101240,"ESCAVAÇÃO VERTICAL PARA INFRAESTRUTURA, COM CARGA, DESCARGA E TRANSPORTE DE SOLO DE 1ª CATEGORIA, COM ESCAVADEIRA HIDRÁULICA (CAÇAMBA: 0,8 M³ / 111HP), FROTA DE 4 CAMINHÕES BASCULANTES DE 18 M³, DMT DE 2 KM E VELOCIDADE MÉDIA 19 KM/H. AF_05/2020","M3",16.66]
[101241,"ESCAVAÇÃO VERTICAL PARA INFRAESTRUTURA, COM CARGA, DESCARGA E TRANSPORTE DE SOLO DE 1ª CATEGORIA, COM ESCAVADEIRA HIDRÁULICA (CAÇAMBA: 0,8 M³ / 111HP), FROTA DE 5 CAMINHÕES BASCULANTES DE 18 M³, DMT DE 3 KM E VELOCIDADE MÉDIA 20 KM/H. AF_05/2020","M3",19.53]
[101242,"ESCAVAÇÃO VERTICAL PARA INFRAESTRUTURA, COM CARGA, DESCARGA E TRANSPORTE DE SOLO DE 1ª CATEGORIA, COM ESCAVADEIRA HIDRÁULICA (CAÇAMBA: 0,8 M³ / 111HP), FROTA DE 6 CAMINHÕES BASCULANTES DE 18 M³, DMT DE 4 KM E VELOCIDADE MÉDIA 22 KM/H. AF_05/2020","M3",21.86]
[101243,"ESCAVAÇÃO VERTICAL PARA INFRAESTRUTURA, COM CARGA, DESCARGA E TRANSPORTE DE SOLO DE 1ª CATEGORIA, COM ESCAVADEIRA HIDRÁULICA (CAÇAMBA: 0,8 M³ / 111HP), FROTA DE 7 CAMINHÕES BASCULANTES DE 18 M³, DMT DE 6 KM E VELOCIDADE MÉDIA 22 KM/H. AF_05/2020","M3",26.52]
[101244,"ESCAVAÇÃO VERTICAL PARA INFRAESTRUTURA, COM CARGA, DESCARGA E TRANSPORTE DE SOLO DE 1ª CATEGORIA, COM ESCAVADEIRA HIDRÁULICA (CAÇAMBA: 1,2M³ / 155HP), FROTA DE 6 CAMINHÕES BASCULANTES DE 14 M³, DMT DE 1,5 KM E VELOCIDADE MÉDIA18 KM/H. AF_05/2020","M3",16.7]
[101245,"ESCAVAÇÃO VERTICAL PARA INFRAESTRUTURA, COM CARGA, DESCARGA E TRANSPORTE DE SOLO DE 1ª CATEGORIA, COM ESCAVADEIRA HIDRÁULICA (CAÇAMBA: 1,2 M³ / 155HP), FROTA DE 6 CAMINHÕES BASCULANTES DE 14 M³, DMT DE 2 KM E VELOCIDADE MÉDIA 19 KM/H. AF_05/2020","M3",17.66]
[101246,"ESCAVAÇÃO VERTICAL PARA INFRAESTRUTURA, COM CARGA, DESCARGA E TRANSPORTE DE SOLO DE 1ª CATEGORIA, COM ESCAVADEIRA HIDRÁULICA (CAÇAMBA: 1,2 M³ / 155HP), FROTA DE 7 CAMINHÕES BASCULANTES DE 14 M³, DMT DE 3 KM E VELOCIDADE MÉDIA 20 KM/H. AF_05/2020","M3",20.55]
[101247,"ESCAVAÇÃO VERTICAL PARA INFRAESTRUTURA, COM CARGA, DESCARGA E TRANSPORTE DE SOLO DE 1ª CATEGORIA, COM ESCAVADEIRA HIDRÁULICA (CAÇAMBA: 1,2 M³ / 155HP), FROTA DE 8 CAMINHÕES BASCULANTES DE 14 M³, DMT DE 4 KM E VELOCIDADE MÉDIA 22 KM/H. AF_05/2020","M3",22.82]
[101248,"ESCAVAÇÃO VERTICAL PARA INFRAESTRUTURA, COM CARGA, DESCARGA E TRANSPORTE DE SOLO DE 1ª CATEGORIA, COM ESCAVADEIRA HIDRÁULICA (CAÇAMBA: 1,2 M³ / 155HP), FROTA DE 10 CAMINHÕES BASCULANTES DE 14 M³, DMT DE 6 KM E VELOCIDADE MÉDIA22 KM/H. AF_05/2020","M3",28.61]
[101249,"ESCAVAÇÃO VERTICAL PARA INFRAESTRUTURA, COM CARGA, DESCARGA E TRANSPORTE DE SOLO DE 1ª CATEGORIA, COM ESCAVADEIRA HIDRÁULICA (CAÇAMBA: 1,2 M³ / 155HP), FROTA DE 5 CAMINHÕES BASCULANTES DE 18 M³, DMT DE 1,5 KM E VELOCIDADE MÉDIA18 KM/H. AF_05/2020","M3",14.48]
[101250,"ESCAVAÇÃO VERTICAL PARA INFRAESTRUTURA, COM CARGA, DESCARGA E TRANSPORTE DE SOLO DE 1ª CATEGORIA, COM ESCAVADEIRA HIDRÁULICA (CAÇAMBA: 1,2 M³ / 155HP), FROTA DE 6 CAMINHÕES BASCULANTES DE 18 M³, DMT DE 2 KM E VELOCIDADE MÉDIA 19 KM/H. AF_05/2020","M3",16.11]
[101251,"ESCAVAÇÃO VERTICAL PARA INFRAESTRUTURA, COM CARGA, DESCARGA E TRANSPORTE DE SOLO DE 1ª CATEGORIA, COM ESCAVADEIRA HIDRÁULICA (CAÇAMBA: 1,2 M³ / 155HP), FROTA DE 6 CAMINHÕES BASCULANTES DE 18 M³, DMT DE 3 KM E VELOCIDADE MÉDIA 20 KM/H. AF_05/2020","M3",18.28]
[101252,"ESCAVAÇÃO VERTICAL PARA INFRAESTRUTURA, COM CARGA, DESCARGA E TRANSPORTE DE SOLO DE 1ª CATEGORIA, COM ESCAVADEIRA HIDRÁULICA (CAÇAMBA: 1,2 M³ / 155HP), FROTA DE 7 CAMINHÕES BASCULANTES DE 18 M³, DMT DE 4 KM E VELOCIDADE MÉDIA 22 KM/H. AF_05/2020","M3",19.93]
[101253,"ESCAVAÇÃO VERTICAL PARA INFRAESTRUTURA, COM CARGA, DESCARGA E TRANSPORTE DE SOLO DE 1ª CATEGORIA, COM ESCAVADEIRA HIDRÁULICA (CAÇAMBA: 1,2 M³ / 155HP), FROTA DE 9 CAMINHÕES BASCULANTES DE 18 M³, DMT DE 6 KM E VELOCIDADE MÉDIA 22 KM/H. AF_05/2020","M3",25.14]
[101254,"ESCAVAÇÃO VERTICAL PARA  EDIFICAÇÃO, COM CARGA, DESCARGA E TRANSPORTE DE SOLO DE 1ª CATEGORIA, COM ESCAVADEIRA HIDRÁULICA (CAÇAMBA: 0,8 M³ / 111HP), FROTA DE 3 CAMINHÕES BASCULANTES DE 10 M³, DMT ATÉ 1 KM E VELOCIDADE MÉDIA 14 KM/H. AF_05/2020","M3",13.13]
[101255,"ESCAVAÇÃO VERTICAL PARA  EDIFICAÇÃO, COM CARGA, DESCARGA E TRANSPORTE DE SOLO DE 1ª CATEGORIA, COM ESCAVADEIRA HIDRÁULICA (CAÇAMBA: 1,2 M³ / 155HP), FROTA DE 3 CAMINHÕES BASCULANTES DE 10 M³, DMT ATÉ 1 KM E VELOCIDADE MÉDIA 14 KM/H. AF_05/2020","M3",11.62]
[101256,"ESCAVAÇÃO VERTICAL PARA  EDIFICAÇÃO, COM CARGA, DESCARGA E TRANSPORTE DE SOLO DE 1ª CATEGORIA, COM ESCAVADEIRA HIDRÁULICA (CAÇAMBA: 0,8 M³ / 111HP), FROTA DE 5 CAMINHÕES BASCULANTES DE 10 M³, DMT DE 1,5 KM E VELOCIDADE MÉDIA 18 KM/H. AF_05/2020","M3",20.39]
[101257,"ESCAVAÇÃO VERTICAL PARA  EDIFICAÇÃO, COM CARGA, DESCARGA E TRANSPORTE DE SOLO DE 1ª CATEGORIA, COM ESCAVADEIRA HIDRÁULICA (CAÇAMBA: 0,8 M³ / 111HP), FROTA DE 5 CAMINHÕES BASCULANTES DE 10 M³, DMT DE 2 KM E VELOCIDADE MÉDIA 19 KM/H. AF_05/2020","M3",21.49]
[101258,"ESCAVAÇÃO VERTICAL PARA  EDIFICAÇÃO, COM CARGA, DESCARGA E TRANSPORTE DE SOLO DE 1ª CATEGORIA, COM ESCAVADEIRA HIDRÁULICA (CAÇAMBA: 0,8 M³ / 111HP), FROTA DE 6 CAMINHÕES BASCULANTES DE 10 M³, DMT DE 3 KM E VELOCIDADE MÉDIA 20 KM/H. AF_05/2020","M3",24.96]
[101259,"ESCAVAÇÃO VERTICAL PARA  EDIFICAÇÃO, COM CARGA, DESCARGA E TRANSPORTE DE SOLO DE 1ª CATEGORIA, COM ESCAVADEIRA HIDRÁULICA (CAÇAMBA: 0,8 M³ / 111HP), FROTA DE 7 CAMINHÕES BASCULANTES DE 10 M³, DMT DE 4 KM E VELOCIDADE MÉDIA 22 KM/H. AF_05/2020","M3",27.77]
[101260,"ESCAVAÇÃO VERTICAL PARA  EDIFICAÇÃO, COM CARGA, DESCARGA E TRANSPORTE DE SOLO DE 1ª CATEGORIA, COM ESCAVADEIRA HIDRÁULICA (CAÇAMBA: 0,8 M³ / 111HP), FROTA DE 9 CAMINHÕES BASCULANTES DE 10 M³, DMT DE 6 KM E VELOCIDADE MÉDIA 22 KM/H. AF_05/2020","M3",34.77]
[101261,"ESCAVAÇÃO VERTICAL PARA  EDIFICAÇÃO, COM CARGA, DESCARGA E TRANSPORTE DE SOLO DE 1ª CATEGORIA, COM ESCAVADEIRA HIDRÁULICA (CAÇAMBA: 1,2 M³ / 155HP), FROTA DE 6 CAMINHÕES BASCULANTES DE 10 M³, DMT DE 1,5 KM E VELOCIDADE MÉDIA 18 KM/H. AF_05/2020","M3",19.33]
[101262,"ESCAVAÇÃO VERTICAL PARA  EDIFICAÇÃO, COM CARGA, DESCARGA E TRANSPORTE DE SOLO DE 1ª CATEGORIA, COM ESCAVADEIRA HIDRÁULICA (CAÇAMBA: 1,2 M³ / 155HP), FROTA DE 6 CAMINHÕES BASCULANTES DE 10 M³, DMT DE 2 KM E VELOCIDADE MÉDIA 19 KM/H. AF_05/2020","M3",20.42]
[101263,"ESCAVAÇÃO VERTICAL PARA  EDIFICAÇÃO, COM CARGA, DESCARGA E TRANSPORTE DE SOLO DE 1ª CATEGORIA, COM ESCAVADEIRA HIDRÁULICA (CAÇAMBA: 1,2 M³ / 155HP), FROTA DE 7 CAMINHÕES BASCULANTES DE 10 M³, DMT DE 3 KM E VELOCIDADE MÉDIA 20 KM/H. AF_05/2020","M3",23.63]
[101264,"ESCAVAÇÃO VERTICAL PARA  EDIFICAÇÃO, COM CARGA, DESCARGA E TRANSPORTE DE SOLO DE 1ª CATEGORIA, COM ESCAVADEIRA HIDRÁULICA (CAÇAMBA: 1,2 M³ / 155HP), FROTA DE 8 CAMINHÕES BASCULANTES DE 10 M³, DMT DE 4 KM E VELOCIDADE MÉDIA 22 KM/H. AF_05/2020","M3",26.22]
[101265,"ESCAVAÇÃO VERTICAL PARA  EDIFICAÇÃO, COM CARGA, DESCARGA E TRANSPORTE DE SOLO DE 1ª CATEGORIA, COM ESCAVADEIRA HIDRÁULICA (CAÇAMBA: 1,2 M³ / 155HP), FROTA DE 10 CAMINHÕES BASCULANTES DE 10 M³, DMT DE 6 KM E VELOCIDADE MÉDIA 22 KM/H. AF_05/2020","M3",32.71]
[101266,"ESCAVAÇÃO VERTICAL PARA INFRAESTRUTURA, COM CARGA, DESCARGA E TRANSPORTE DE SOLO DE 1ª CATEGORIA, COM ESCAVADEIRA HIDRÁULICA (CAÇAMBA: 0,8 M³ / 111HP), FROTA DE 3 CAMINHÕES BASCULANTES DE 10 M³, DMT ATÉ 1 KM E VELOCIDADE MÉDIA14 KM/H. AF_05/2020","M3",11.67]
[101267,"ESCAVAÇÃO VERTICAL PARA INFRAESTRUTURA, COM CARGA, DESCARGA E TRANSPORTE DE SOLO DE 1ª CATEGORIA, COM ESCAVADEIRA HIDRÁULICA (CAÇAMBA: 1,2 M³ / 155HP), FROTA DE 4 CAMINHÕES BASCULANTES DE 10 M³, DMT ATÉ 1 KM E VELOCIDADE MÉDIA14 KM/H. AF_05/2020","M3",11.27]
[101268,"ESCAVAÇÃO VERTICAL PARA INFRAESTRUTURA, COM CARGA, DESCARGA E TRANSPORTE DE SOLO DE 1ª CATEGORIA, COM ESCAVADEIRA HIDRÁULICA (CAÇAMBA: 0,8 M³ / 111HP), FROTA DE 5 CAMINHÕES BASCULANTES DE 10 M³, DMT DE 1,5 KM E VELOCIDADE MÉDIA18 KM/H. AF_05/2020","M3",18.52]
[101269,"ESCAVAÇÃO VERTICAL PARA INFRAESTRUTURA, COM CARGA, DESCARGA E TRANSPORTE DE SOLO DE 1ª CATEGORIA, COM ESCAVADEIRA HIDRÁULICA (CAÇAMBA: 0,8 M³ / 111HP), FROTA DE 6 CAMINHÕES BASCULANTES DE 10 M³, DMT DE 2 KM E VELOCIDADE MÉDIA 19 KM/H. AF_05/2020","M3",20.65]
[101270,"ESCAVAÇÃO VERTICAL PARA INFRAESTRUTURA, COM CARGA, DESCARGA E TRANSPORTE DE SOLO DE 1ª CATEGORIA, COM ESCAVADEIRA HIDRÁULICA (CAÇAMBA: 0,8 M³ / 111HP), FROTA DE 7 CAMINHÕES BASCULANTES DE 10 M³, DMT DE 3 KM E VELOCIDADE MÉDIA 20 KM/H. AF_05/2020","M3",23.95]
[101271,"ESCAVAÇÃO VERTICAL PARA INFRAESTRUTURA, COM CARGA, DESCARGA E TRANSPORTE DE SOLO DE 1ª CATEGORIA, COM ESCAVADEIRA HIDRÁULICA (CAÇAMBA: 0,8 M³ / 111HP), FROTA DE 8 CAMINHÕES BASCULANTES DE 10 M³, DMT DE 4 KM E VELOCIDADE MÉDIA 22 KM/H. AF_05/2020","M3",26.59]
[101272,"ESCAVAÇÃO VERTICAL PARA INFRAESTRUTURA, COM CARGA, DESCARGA E TRANSPORTE DE SOLO DE 1ª CATEGORIA, COM ESCAVADEIRA HIDRÁULICA (CAÇAMBA: 0,8 M³ / 111HP), FROTA DE 10 CAMINHÕES BASCULANTES DE 10 M³, DMT DE 6 KM E VELOCIDADE MÉDIA22 KM/H. AF_05/2020","M3",33.22]
[101273,"ESCAVAÇÃO VERTICAL PARA INFRAESTRUTURA, COM CARGA, DESCARGA E TRANSPORTE DE SOLO DE 1ª CATEGORIA, COM ESCAVADEIRA HIDRÁULICA (CAÇAMBA: 1,2 M³ / 155HP), FROTA DE 6 CAMINHÕES BASCULANTES DE 10 M³, DMT DE 1,5 KM E VELOCIDADE MÉDIA18 KM/H. AF_05/2020","M3",17.73]
[101274,"ESCAVAÇÃO VERTICAL PARA INFRAESTRUTURA, COM CARGA, DESCARGA E TRANSPORTE DE SOLO DE 1ª CATEGORIA, COM ESCAVADEIRA HIDRÁULICA (CAÇAMBA: 1,2 M³ / 155HP), FROTA DE 7 CAMINHÕES BASCULANTES DE 10 M³, DMT DE 2 KM E VELOCIDADE MÉDIA 19 KM/H. AF_05/2020","M3",19.62]
[101275,"ESCAVAÇÃO VERTICAL PARA INFRAESTRUTURA, COM CARGA, DESCARGA E TRANSPORTE DE SOLO DE 1ª CATEGORIA, COM ESCAVADEIRA HIDRÁULICA (CAÇAMBA: 1,2 M³ / 155HP), FROTA DE 8 CAMINHÕES BASCULANTES DE 10 M³, DMT DE 3 KM E VELOCIDADE MÉDIA 20 KM/H. AF_05/2020","M3",22.74]
[101276,"ESCAVAÇÃO VERTICAL PARA INFRAESTRUTURA, COM CARGA, DESCARGA E TRANSPORTE DE SOLO DE 1ª CATEGORIA, COM ESCAVADEIRA HIDRÁULICA (CAÇAMBA: 1,2 M³ / 155HP), FROTA DE 9 CAMINHÕES BASCULANTES DE 10 M³, DMT DE 4 KM E VELOCIDADE MÉDIA 22 KM/H. AF_05/2020","M3",25.15]
[101277,"ESCAVAÇÃO VERTICAL PARA INFRAESTRUTURA, COM CARGA, DESCARGA E TRANSPORTE DE SOLO DE 1ª CATEGORIA, COM ESCAVADEIRA HIDRÁULICA (CAÇAMBA: 1,2 M³ / 155HP), FROTA DE 12 CAMINHÕES BASCULANTES DE 10 M³, DMT DE 6 KM E VELOCIDADE MÉDIA22 KM/H. AF_05/2020","M3",32.19]
[102354,"DESMONTE DE MATERIAL DE 3ª CATEGORIA (BLOCOS DE ROCHAS OU MATACOS), COM MARTELETE PNEUMÁTICO MANUAL - EXCLUSIVE CARGA E TRANSPORTE. AF_03/2021","M3",149.15]
[102355,"DESMONTE DE MATERIAL DE 3ª CATEGORIA (BLOCOS DE ROCHAS OU MATACOS), EM VALA, COM MARTELETE PNEUMÁTICO MANUAL -  EXCLUSIVE RETIRADA, CARGA E TRANSPORTE. AF_03/2021","M3",172.91]
[102360,"RETIRADA DE MATERIAL DE 3ª CATEGORIA (APÓS ESCAVAÇÃO/DESMONTE) EM VALAS, COM ESCAVADEIRA HIDRÁULICA - EXCLUSIVE CARGA E TRANSPORTE. AF_03/2021","M3",22.94]
[102361,"RETIRADA DE MATERIAL DE 3ª CATEGORIA (APÓS ESCAVAÇÃO/DESMONTE) EM VALAS, COM RETROESCAVADEIRA - EXCLUSIVE CARGA E TRANSPORTE. AF_03/2021","M3",33.33]
[90082,"ESCAVAÇÃO MECANIZADA DE VALA COM PROF. ATÉ 1,5 M (MÉDIA MONTANTE E JUSANTE/UMA COMPOSIÇÃO POR TRECHO), ESCAVADEIRA (0,8 M3), LARG. DE 1,5 M A 2,5 M, EM SOLO DE 1A CATEGORIA, EM LOCAIS COM ALTO NÍVEL DE INTERFERÊNCIA. AF_09/2024","M3",9.13]
[90084,"ESCAVAÇÃO MECANIZADA DE VALA COM PROF. MAIOR QUE 1,5 M ATÉ 3,0 M (MÉDIA MONTANTE E JUSANTE/UMA COMPOSIÇÃO POR TRECHO), ESCAVADEIRA (0,8 M3), LARGURA ATÉ 1,5 M, EM SOLO DE 1A CATEGORIA, EM LOCAIS COM ALTO NÍVEL DE INTERFERÊNCIA. AF_09/2024","M3",8.83]
[90086,"ESCAVAÇÃO MECANIZADA DE VALA COM PROF. MAIOR QUE 3,0 M ATÉ 4,5 M(MÉDIA MONTANTE E JUSANTE/UMA COMPOSIÇÃO POR TRECHO), ESCAVADEIRA (0,8 M3), LARG. MENOR QUE 1,5 M, EM SOLO DE 1A CATEGORIA, EM LOCAIS COM ALTO NÍVEL DE INTERFERÊNCIA. AF_09/2024","M3",8.36]
[90087,"ESCAVAÇÃO MECANIZADA DE VALA COM PROF. DE 3,0 M ATÉ 4,5 M(MÉDIA MONTANTE E JUSANTE/UMA COMPOSIÇÃO POR TRECHO), ESCAVADEIRA (1,2 M3), LARG. DE 1,5 M A 2,5 M, EM SOLO DE 1A CATEGORIA, EM LOCAIS COM ALTO NÍVEL DE INTERFERÊNCIA. AF_09/2024","M3",8.3]
[90090,"ESCAVAÇÃO MECANIZADA DE VALA COM PROF. MAIOR QUE 4,5 M ATÉ 6,0 M(MÉDIA MONTANTE E JUSANTE/UMA COMPOSIÇÃO POR TRECHO), ESCAVADEIRA (1,2 M3), LARG. DE 1,5 M A 2,5 M, EM SOLO DE 1A CATEGORIA, EM LOCAIS COM ALTO NÍVEL DE INTERFERÊNCIA. AF_09/2024","M3",8.13]
[90091,"ESCAVAÇÃO MECANIZADA DE VALA COM PROF. ATÉ 1,5 M (MÉDIA MONTANTE E JUSANTE/UMA COMPOSIÇÃO POR TRECHO), ESCAVADEIRA (0,8 M3), LARG. DE 1,5 M A 2,5 M, EM SOLO DE 1A CATEGORIA, LOCAIS COM BAIXO NÍVEL DE INTERFERÊNCIA. AF_09/2024","M3",5.74]
[90092,"ESCAVAÇÃO MECANIZADA DE VALA COM PROF. MAIOR QUE 1,5 M E ATÉ 3,0 M(MÉDIA MONTANTE E JUSANTE/UMA COMPOSIÇÃO POR TRECHO), ESCAVADEIRA (0,8 M3), LARG. MENOR QUE 1,5 M, EM SOLO DE 1A CATEGORIA, LOCAIS COM BAIXO NÍVEL DE INTERFERÊNCIA. AF_09/2024","M3",5.56]
[90094,"ESCAVAÇÃO MECANIZADA DE VALA COM PROF. MAIOR QUE 3,0 M ATÉ 4,5 M (MÉDIA MONTANTE E JUSANTE/UMA COMPOSIÇÃO POR TRECHO), ESCAVADEIRA (0,8 M3), LARG. MENOR QUE 1,5 M, EM SOLO DE 1A CATEGORIA, LOCAIS COM BAIXO NÍVEL DE INTERFERÊNCIA. AF_09/2024","M3",5.26]
[90095,"ESCAVAÇÃO MECANIZADA DE VALA COM PROF. MAIOR QUE 3,0 M ATÉ 4,5 M (MÉDIA MONTANTE E JUSANTE/UMA COMPOSIÇÃO POR TRECHO), ESCAVADEIRA (1,2 M3), LARG. DE 1,5 M A 2,5 M, EM SOLO DE 1A CATEGORIA, LOCAIS COM BAIXO NÍVEL DE INTERFERÊNCIA. AF_09/2024","M3",5.23]
[90098,"ESCAVAÇÃO MECANIZADA DE VALA COM PROF. MAIOR QUE 4,5 M ATÉ 6,0 M (MÉDIA MONTANTE E JUSANTE/UMA COMPOSIÇÃO POR TRECHO), ESCAVADEIRA (1,2 M3), LARG. DE 1,5 M A 2,5 M, EM SOLO DE 1A CATEGORIA, LOCAIS COM BAIXO NÍVEL DE INTERFERÊNCIA. AF_09/2024","M3",5.13]
[90099,"ESCAVAÇÃO MECANIZADA DE VALA COM PROF. ATÉ 1,5 M (MÉDIA MONTANTE E JUSANTE/UMA COMPOSIÇÃO POR TRECHO), RETROESCAV. (0,26 M3), LARG. MENOR QUE 0,8 M, EM SOLO DE 1A CATEGORIA, EM LOCAIS COM ALTO NÍVEL DE INTERFERÊNCIA. AF_09/2024","M3",14.11]
[90100,"ESCAVAÇÃO MECANIZADA DE VALA COM PROF. ATÉ 1,5 M (MÉDIA MONTANTE E JUSANTE/UMA COMPOSIÇÃO POR TRECHO), RETROESCAV. (0,26 M3), LARG. DE 0,8 M A 1,5 M, EM SOLO DE 1A CATEGORIA, EM LOCAIS COM ALTO NÍVEL DE INTERFERÊNCIA. AF_09/2024","M3",12.09]
[90101,"ESCAVAÇÃO MECANIZADA DE VALA COM PROF. MAIOR QUE 1,5 M ATÉ 3,0 M (MÉDIA MONTANTE E JUSANTE/UMA COMPOSIÇÃO POR TRECHO), RETROESCAV. (0,26 M3), LARG. MENOR QUE 0,8 M, EM SOLO DE 1A CATEGORIA, EM LOCAIS COM ALTO NÍVEL DE INTERFERÊNCIA. AF_09/2024","M3",11.95]
[90102,"ESCAVAÇÃO MECANIZADA DE VALA COM PROF. MAIOR QUE 1,5 M ATÉ 3,0 M (MÉDIA MONTANTE E JUSANTE/UMA COMPOSIÇÃO POR TRECHO), RETROESCAV. (0,26 M3), LARGURA DE 0,8 M A 1,5 M, EM SOLO DE 1A CATEGORIA, EM LOCAIS COM ALTO NÍVEL DE INTERFERÊNCIA. AF_09/2024","M3",10.93]
[90105,"ESCAVAÇÃO MECANIZADA DE VALA COM PROFUNDIDADE ATÉ 1,5 M (MÉDIA MONTANTE E JUSANTE/UMA COMPOSIÇÃO POR TRECHO), RETROESCAV. (0,26 M3), LARGURA MENOR QUE 0,8 M, EM SOLO DE 1A CATEGORIA, LOCAIS COM BAIXO NÍVEL DE INTERFERÊNCIA. AF_09/2024","M3",8.36]
[90106,"ESCAVAÇÃO MECANIZADA DE VALA COM PROFUNDIDADE ATÉ 1,5 M (MÉDIA MONTANTE E JUSANTE/UMA COMPOSIÇÃO POR TRECHO), RETROESCAV. (0,26 M3), LARGURA DE 0,8 M A 1,5 M, EM SOLO DE 1A CATEGORIA, LOCAIS COM BAIXO NÍVEL DE INTERFERÊNCIA. AF_09/2024","M3",7.61]
[90107,"ESCAVAÇÃO MECANIZADA DE VALA COM PROFUNDIDADE MAIOR QUE 1,5 M ATÉ 3,0 M (MÉDIA MONTANTE E JUSANTE/UMA COMPOSIÇÃO POR TRECHO), RETROESCAV. (0,26 M3), LARGURA MENOR QUE 0,8 M, EM SOLO DE 1A CATEGORIA, LOCAIS COM BAIXO NÍVEL DE INTERFERÊNCIA. AF_09/2024","M3",7.53]
[90108,"ESCAVAÇÃO MECANIZADA DE VALA COM PROFUNDIDADE MAIOR QUE 1,5 M ATÉ 3,0 M (MÉDIA MONTANTE E JUSANTE/UMA COMPOSIÇÃO POR TRECHO), RETROESCAV (0,26 M3), LARGURA DE 0,8 M A 1,5 M, EM SOLO DE 1A CATEGORIA, LOCAIS COM BAIXO NÍVEL DE INTERFERÊNCIA. AF_09/2024","M3",6.89]
[93358,"ESCAVAÇÃO MANUAL DE VALA. AF_09/2024","M3",80.38]
[102276,"ESCAVAÇÃO MECANIZADA DE VALA COM PROF. ATÉ 1,5 M (MÉDIA MONTANTE E JUSANTE/UMA COMPOSIÇÃO POR TRECHO), ESCAVADEIRA (0,8 M3), LARG. MENOR QUE 1,5 M, EM SOLO DE 1A CATEGORIA, EM LOCAIS COM ALTO NÍVEL DE INTERFERÊNCIA. AF_09/2024","M3",10.27]
[102277,"ESCAVAÇÃO MECANIZADA DE VALA COM PROF. MAIOR QUE 4,5 M ATÉ 6,0 M (MÉDIA MONTANTE E JUSANTE/UMA COMPOSIÇÃO POR TRECHO), ESCAVADEIRA (0,8 M3), LARG. MENOR QUE 1,5 M, EM SOLO DE 1A CATEGORIA, EM LOCAIS COM ALTO NÍVEL DE INTERFERÊNCIA. AF_09/2024","M3",8.12]
[102278,"ESCAVAÇÃO MECANIZADA DE VALA COM PROF. MAIOR QUE 1,50 M ATÉ 3,0 M (MÉDIA MONTANTE E JUSANTE/UMA COMPOSIÇÃO POR TRECHO), ESCAVADEIRA (1,2 M3), LARG. DE 1,5 M A 2,5 M, EM SOLO DE 1A CATEGORIA, EM LOCAIS COM ALTO NÍVEL DE INTERFERÊNCIA. AF_09/2024","M3",8.63]
[102279,"ESCAVAÇÃO MECANIZADA DE VALA COM PROF. ATÉ 1,5 M (MÉDIA MONTANTE E JUSANTE/UMA COMPOSIÇÃO POR TRECHO), ESCAVADEIRA (0,8 M3),LARG. MENOR QUE 1,5 M, EM SOLO DE 1A CATEGORIA, LOCAIS COM BAIXO NÍVEL DE INTERFERÊNCIA. AF_09/2024","M3",6.47]
[102280,"ESCAVAÇÃO MECANIZADA DE VALA COM PROF. MAIOR QUE 4,5 M ATÉ 6,0 M (MÉDIA MONTANTE E JUSANTE/UMA COMPOSIÇÃO POR TRECHO),COM ESCAVADEIRA (0,8 M3), LARG. MENOR QUE 1,5 M, EM SOLO DE 1A CATEGORIA, LOCAIS COM BAIXO NÍVEL DE INTERFERÊNCIA. AF_09/2024","M3",5.12]
[102281,"ESCAVAÇÃO MECANIZADA DE VALA COM PROF. MAIOR QUE 1,5 M ATÉ 3,0 M (MÉDIA MONTANTE E JUSANTE/UMA COMPOSIÇÃO POR TRECHO),COM ESCAVADEIRA (1,2 M3),LARG. DE 1,5 M A 2,5 M, EM SOLO DE 1A CATEGORIA, LOCAIS COM BAIXO NÍVEL DE INTERFERÊNCIA. AF_09/2024","M3",5.44]
[102282,"ESCAVAÇÃO MECANIZADA DE VALA COM PROF. ATÉ 1,5 M (MÉDIA MONTANTE E JUSANTE/UMA COMPOSIÇÃO POR TRECHO), ESCAVADEIRA (0,8 M3),LARG. MENOR QUE 1,5 M, EM SOLO DE MOLE, EM LOCAIS COM ALTO NÍVEL DE INTERFERÊNCIA. AF_09/2024","M3",13.44]
[102283,"ESCAVAÇÃO MECANIZADA DE VALA COM PROF. ATÉ 1,5 M (MÉDIA MONTANTE E JUSANTE/UMA COMPOSIÇÃO POR TRECHO), ESCAVADEIRA (0,8 M3), LARG. DE 1,5 M A 2,5 M, EM SOLO MOLE, EM LOCAIS COM ALTO NÍVEL DE INTERFERÊNCIA. AF_09/2024","M3",11.94]
[102284,"ESCAVAÇÃO MECANIZADA DE VALA COM PROF. MAIOR QUE 1,5 M ATÉ 3,0 M (MÉDIA MONTANTE E JUSANTE/UMA COMPOSIÇÃO POR TRECHO), ESCAVADEIRA (0,8 M3), LARGURA ATÉ 1,5 M, EM SOLO MOLE, EM LOCAIS COM ALTO NÍVEL DE INTERFERÊNCIA. AF_09/2024","M3",11.56]
[102285,"ESCAVAÇÃO MECANIZADA DE VALA COM PROF. MAIOR QUE 3,0 M ATÉ 4,5 M (MÉDIA MONTANTE E JUSANTE/UMA COMPOSIÇÃO POR TRECHO), ESCAVADEIRA (0,8 M3), LARG. MENOR QUE 1,5 M, EM SOLO MOLE, EM LOCAIS COM ALTO NÍVEL DE INTERFERÊNCIA. AF_09/2024","M3",10.93]
[102286,"ESCAVAÇÃO MECANIZADA DE VALA COM PROF. MAIOR QUE 4,5 M ATÉ 6,0 M (MÉDIA MONTANTE E JUSANTE/UMA COMPOSIÇÃO POR TRECHO), ESCAVADEIRA (0,8 M3),LARG. MENOR QUE 1,5 M, EM SOLO DE MOLE, EM LOCAIS COM ALTO NÍVEL DE INTERFERÊNCIA. AF_09/2024","M3",10.62]
[102287,"ESCAVAÇÃO MECANIZADA DE VALA COM PROF. MAIOR QUE 1,5 M ATÉ 3,0 M (MÉDIA MONTANTE E JUSANTE/UMA COMPOSIÇÃO POR TRECHO),COM ESCAVADEIRA (1,2 M3),LARG. DE 1,5 M A 2,5 M, EM SOLO MOLE, EM LOCAIS COM ALTO NÍVEL DE INTERFERÊNCIA. AF_09/2024","M3",11.29]
[102288,"ESCAVAÇÃO MECANIZADA DE VALA COM PROF. DE 3,0 M ATÉ 4,5 M (MÉDIA MONTANTE E JUSANTE/UMA COMPOSIÇÃO POR TRECHO), ESCAVADEIRA (1,2 M3), LARG. DE 1,5 M A 2,5 M, EM SOLO MOLE, EM LOCAIS COM ALTO NÍVEL DE INTERFERÊNCIA. AF_09/2024","M3",10.87]
[102289,"ESCAVAÇÃO MECANIZADA DE VALA COM PROF. MAIOR QUE 4,5 M ATÉ 6,0 M (MÉDIA MONTANTE E JUSANTE/UMA COMPOSIÇÃO POR TRECHO), ESCAVADEIRA (1,2 M3), LARG. DE 1,5 M A 2,5 M, EM SOLO MOLE, EM LOCAIS COM ALTO NÍVEL DE INTERFERÊNCIA. AF_09/2024","M3",10.65]
[102290,"ESCAVAÇÃO MECANIZADA DE VALA COM PROF. ATÉ 1,5 M (MÉDIA MONTANTE E JUSANTE/UMA COMPOSIÇÃO POR TRECHO), ESCAVADEIRA (0,8 M3),LARG. MENOR QUE 1,5 M, EM SOLO MOLE, LOCAIS COM BAIXO NÍVEL DE INTERFERÊNCIA. AF_09/2024","M3",8.46]
[102291,"ESCAVAÇÃO MECANIZADA DE VALA COM PROF. ATÉ 1,5 M (MÉDIA MONTANTE E JUSANTE/UMA COMPOSIÇÃO POR TRECHO), ESCAVADEIRA (0,8 M3), LARG. DE 1,5 M A 2,5 M, EM SOLO MOLE, LOCAIS COM BAIXO NÍVEL DE INTERFERÊNCIA. AF_09/2024","M3",7.52]
[102292,"ESCAVAÇÃO MECANIZADA DE VALA COM PROF. MAIOR QUE 1,5 M E ATÉ 3,0 M (MÉDIA MONTANTE E JUSANTE/UMA COMPOSIÇÃO POR TRECHO), ESCAVADEIRA (0,8 M3), LARG. MENOR QUE 1,5 M, EM SOLO MOLE, LOCAIS COM BAIXO NÍVEL DE INTERFERÊNCIA. AF_09/2024","M3",7.28]
[102293,"ESCAVAÇÃO MECANIZADA DE VALA COM PROF.MAIOR QUE 3,0 M ATÉ 4,5 M (MÉDIA MONTANTE E JUSANTE/UMA COMPOSIÇÃO POR TRECHO), ESCAVADEIRA (0,8 M3), LARG. MENOR QUE 1,5 M, EM SOLO MOLE, LOCAIS COM BAIXO NÍVEL DE INTERFERÊNCIA. AF_09/2024","M3",6.89]
[102294,"ESCAVAÇÃO MECANIZADA DE VALA COM PROF. MAIOR QUE 4,5 M ATÉ 6,0 M (MÉDIA MONTANTE E JUSANTE/UMA COMPOSIÇÃO POR TRECHO),COM ESCAVADEIRA (0,8 M3), LARG. MENOR QUE 1,5 M, EM SOLO MOLE, LOCAIS COM BAIXO NÍVEL DE INTERFERÊNCIA. AF_09/2024","M3",6.69]
[102295,"ESCAVAÇÃO MECANIZADA DE VALA COM PROF. MAIOR QUE 1,5 M ATÉ 3,0 M (MÉDIA MONTANTE E JUSANTE/UMA COMPOSIÇÃO POR TRECHO),COM ESCAVADEIRA (1,2 M3), LARG. DE 1,5 M A 2,5 M, EM SOLO MOLE, LOCAIS COM BAIXO NÍVEL DE INTERFERÊNCIA. AF_09/2024","M3",7.12]
[102296,"ESCAVAÇÃO MECANIZADA DE VALA COM PROF. MAIOR QUE 3,0 M ATÉ 4,5 M (MÉDIA MONTANTE E JUSANTE/UMA COMPOSIÇÃO POR TRECHO), ESCAVADEIRA (1,2 M3), LARG. DE 1,5 M A 2,5 M, EM SOLO MOLE, LOCAIS COM BAIXO NÍVEL DE INTERFERÊNCIA. AF_09/2024","M3",6.84]
[102297,"ESCAVAÇÃO MECANIZADA DE VALA COM PROF. MAIOR QUE 4,5 M ATÉ 6,0 M (MÉDIA MONTANTE E JUSANTE/UMA COMPOSIÇÃO POR TRECHO), ESCAVADEIRA (1,2 M3), LARG. DE 1,5 M A 2,5 M, EM SOLO MOLE, LOCAIS COM BAIXO NÍVEL DE INTERFERÊNCIA. AF_09/2024","M3",6.71]
[102298,"ESCAVAÇÃO MECANIZADA DE VALA COM PROF. ATÉ 1,5 M (MÉDIA MONTANTE E JUSANTE/UMA COMPOSIÇÃO POR TRECHO), RETROESCAV. (0,26 M3), LARG. MENOR QUE 0,8 M, EM SOLO MOLE, EM LOCAIS COM ALTO NÍVEL DE INTERFERÊNCIA. AF_09/2024","M3",18.46]
[102299,"ESCAVAÇÃO MECANIZADA DE VALA COM PROF. ATÉ 1,5 M (MÉDIA MONTANTE E JUSANTE/UMA COMPOSIÇÃO POR TRECHO), RETROESCAV. (0,26 M3), LARG. DE 0,8 M A 1,5 M, EM SOLO MOLE, EM LOCAIS COM ALTO NÍVEL DE INTERFERÊNCIA. AF_09/2024","M3",15.82]
[102300,"ESCAVAÇÃO MECANIZADA DE VALA COM PROF. MAIOR QUE 1,5 M ATÉ 3,0 M (MÉDIA MONTANTE E JUSANTE/UMA COMPOSIÇÃO POR TRECHO), RETROESCAV. (0,26 M3), LARG. MENOR QUE 0,8 M, EM SOLO MOLE, EM LOCAIS COM ALTO NÍVEL DE INTERFERÊNCIA. AF_09/2024","M3",15.64]
[102301,"ESCAVAÇÃO MECANIZADA DE VALA COM PROF. MAIOR QUE 1,5 M ATÉ 3,0 M (MÉDIA MONTANTE E JUSANTE/UMA COMPOSIÇÃO POR TRECHO), RETROESCAV. (0,26 M3), LARG. DE 0,8 M A 1,5 M, EM SOLO MOLE, EM LOCAIS COM ALTO NÍVEL DE INTERFERÊNCIA. AF_09/2024","M3",14.32]
[102302,"ESCAVAÇÃO MECANIZADA DE VALA COM PROF. ATÉ 1,5 M (MÉDIA MONTANTE E JUSANTE/UMA COMPOSIÇÃO POR TRECHO), RETROESCAV. (0,26 M3), LARG. MENOR QUE 0,8 M, EM SOLO MOLE, LOCAIS COM BAIXO NÍVEL DE INTERFERÊNCIA. AF_09/2024","M3",11.63]
[102303,"ESCAVAÇÃO MECANIZADA DE VALA COM PROF. ATÉ 1,5 M (MÉDIA MONTANTE E JUSANTE/UMA COMPOSIÇÃO POR TRECHO), RETROESCAV. (0,26 M3), LARG. DE 0,8 M A 1,5 M, EM SOLO MOLE, LOCAIS COM BAIXO NÍVEL DE INTERFERÊNCIA. AF_09/2024","M3",9.96]
[102304,"ESCAVAÇÃO MECANIZADA DE VALA COM PROF. MAIOR QUE 1,5 M ATÉ 3,0 M (MÉDIA MONTANTE E JUSANTE/UMA COMPOSIÇÃO POR TRECHO), RETROESCAV. (0,26 M3),LARG. MENOR QUE 0,8 M, EM SOLO MOLE, LOCAIS COM BAIXO NÍVEL DE INTERFERÊNCIA. AF_09/2024","M3",9.84]
[102305,"ESCAVAÇÃO MECANIZADA DE VALA COM PROF. MAIOR QUE 1,5 M ATÉ 3,0 M (MÉDIA MONTANTE E JUSANTE/UMA COMPOSIÇÃO POR TRECHO), RETROESCAV. (0,26 M3), LARG. DE 0,8 M A 1,5 M, EM SOLO MOLE, LOCAIS COM BAIXO NÍVEL DE INTERFERÊNCIA. AF_09/2024","M3",9.02]
[102306,"ESCAVAÇÃO MECANIZADA DE VALA COM PROF. ATÉ 1,5 M (MÉDIA MONTANTE E JUSANTE/UMA COMPOSIÇÃO POR TRECHO), ESCAVADEIRA (0,8 M3),LARG. ATÉ 1,5 M, EM SOLO DE 2A CATEGORIA, EM LOCAIS COM ALTO NÍVEL DE INTERFERÊNCIA. AF_09/2024","M3",12.85]
[102307,"ESCAVAÇÃO MECANIZADA DE VALA COM PROF. ATÉ 1,5 M (MÉDIA MONTANTE E JUSANTE/UMA COMPOSIÇÃO POR TRECHO), ESCAVADEIRA (0,8 M3), LARG. DE 1,5 M A 2,5 M, EM SOLO DE 2A CATEGORIA, EM LOCAIS COM ALTO NÍVEL DE INTERFERÊNCIA. AF_09/2024","M3",11.41]
[102308,"ESCAVAÇÃO MECANIZADA DE VALA COM PROF. MAIOR QUE 1,5 M ATÉ 3,0 M (MÉDIA MONTANTE E JUSANTE/UMA COMPOSIÇÃO POR TRECHO), ESCAVADEIRA (0,8 M3), LARG. ATÉ 1,5 M, EM SOLO DE 2A CATEGORIA, EM LOCAIS COM ALTO NÍVEL DE INTERFERÊNCIA. AF_09/2024","M3",11.05]
[102309,"ESCAVAÇÃO MECANIZADA DE VALA COM PROF. MAIOR QUE 3,0 M ATÉ 4,5 M (MÉDIA MONTANTE E JUSANTE/UMA COMPOSIÇÃO POR TRECHO), ESCAVADEIRA (0,8 M3), LARG. MENOR QUE 1,5 M, EM SOLO DE 2A CATEGORIA, EM LOCAIS COM ALTO NÍVEL DE INTERFERÊNCIA. AF_09/2024","M3",10.45]
[102310,"ESCAVAÇÃO MECANIZADA DE VALA COM PROF.MAIOR QUE 4,5 M ATÉ 6,0 M (MÉDIA MONTANTE E JUSANTE/UMA COMPOSIÇÃO POR TRECHO),COM ESCAVADEIRA (0,8 M3), LARG. MENOR QUE 1,5 M, EM SOLO DE 2A CATEGORIA, EM LOCAIS COM ALTO NÍVEL DE INTERFERÊNCIA. AF_09/2024","M3",10.16]
[102311,"ESCAVAÇÃO MECANIZADA DE VALA COM PROF. MAIOR QUE 1,5 M ATÉ 3,0 M (MÉDIA MONTANTE E JUSANTE/UMA COMPOSIÇÃO POR TRECHO),COM ESCAVADEIRA (1,2 M3),LARG. DE 1,5 M A 2,5 M, EM SOLO DE 2A CATEGORIA, EM LOCAIS COM ALTO NÍVEL DE INTERFERÊNCIA. AF_09/2024","M3",10.79]
[102312,"ESCAVAÇÃO MECANIZADA DE VALA COM PROF. DE 3,0 M ATÉ 4,5 M (MÉDIA MONTANTE E JUSANTE/UMA COMPOSIÇÃO POR TRECHO), ESCAVADEIRA (1,2 M3), LARG. DE 1,5 M A 2,5 M, EM SOLO DE 2A CATEGORIA, EM LOCAIS COM ALTO NÍVEL DE INTERFERÊNCIA. AF_09/2024","M3",10.38]
[102313,"ESCAVAÇÃO MECANIZADA DE VALA COM PROF. MAIOR QUE 4,5 M ATÉ 6,0 M (MÉDIA MONTANTE E JUSANTE/UMA COMPOSIÇÃO POR TRECHO), ESCAVADEIRA (1,2 M3), LARG. DE 1,5 M A 2,5 M, EM SOLO DE 2A CATEGORIA, EM LOCAIS COM ALTO NÍVEL DE INTERFERÊNCIA. AF_09/2024","M3",10.18]
[102314,"ESCAVAÇÃO MECANIZADA DE VALA COM PROF. ATÉ 1,5 M (MÉDIA MONTANTE E JUSANTE/UMA COMPOSIÇÃO POR TRECHO),COM ESCAVADEIRA (0,8 M3), LARG. MENOR QUE 1,5 M, EM SOLO DE 2A CATEGORIA, LOCAIS COM BAIXO NÍVEL DE INTERFERÊNCIA. AF_09/2024","M3",8.09]
[102315,"ESCAVAÇÃO MECANIZADA DE VALA COM PROF. ATÉ 1,5 M (MÉDIA MONTANTE E JUSANTE/UMA COMPOSIÇÃO POR TRECHO), ESCAVADEIRA (0,8 M3), LARG. DE 1,5 M A 2,5 M, EM SOLO DE 2A CATEGORIA, LOCAIS COM BAIXO NÍVEL DE INTERFERÊNCIA. AF_09/2024","M3",7.18]
[102316,"ESCAVAÇÃO MECANIZADA DE VALA COM PROF. MAIOR QUE 1,5 M E ATÉ 3,0 M (MÉDIA MONTANTE E JUSANTE/UMA COMPOSIÇÃO POR TRECHO), ESCAVADEIRA (0,8 M3), LARG. MENOR QUE 1,5 M, EM SOLO DE 2A CATEGORIA, LOCAIS COM BAIXO NÍVEL DE INTERFERÊNCIA. AF_09/2024","M3",6.95]
[102317,"ESCAVAÇÃO MECANIZADA DE VALA COM PROF.MAIOR QUE 3,0 M ATÉ 4,5 M (MÉDIA MONTANTE E JUSANTE/UMA COMPOSIÇÃO POR TRECHO), ESCAVADEIRA (0,8 M3), LARG. MENOR QUE 1,5 M, EM SOLO DE 2A CATEGORIA, LOCAIS COM BAIXO NÍVEL DE INTERFERÊNCIA. AF_09/2024","M3",6.59]
[102318,"ESCAVAÇÃO MECANIZADA DE VALA COM PROF.MAIOR QUE 4,5 M ATÉ 6,0 M (MÉDIA MONTANTE E JUSANTE/UMA COMPOSIÇÃO POR TRECHO),COM ESCAVADEIRA (0,8 M3), LARG. MENOR QUE 1,5 M, EM SOLO DE 2A CATEGORIA, EM LOCAIS COM BAIXO NÍVEL DE INTERFERÊNCIA. AF_09/2024","M3",6.4]
[102319,"ESCAVAÇÃO MECANIZADA DE VALA COM PROF. MAIOR QUE 1,5 M ATÉ 3,0 M (MÉDIA MONTANTE E JUSANTE/UMA COMPOSIÇÃO POR TRECHO),COM ESCAVADEIRA (1,2 M3),LARG. DE 1,5 M A 2,5 M, EM SOLO DE 2A CATEGORIA, LOCAIS COM BAIXO NÍVEL DE INTERFERÊNCIA. AF_09/2024","M3",6.8]
[102320,"ESCAVAÇÃO MECANIZADA DE VALA COM PROF. MAIOR QUE 3,0 M ATÉ 4,5 M (MÉDIA MONTANTE E JUSANTE/UMA COMPOSIÇÃO POR TRECHO), ESCAVADEIRA (1,2 M3), LARG. DE 1,5 M A 2,5 M, EM SOLO DE 2A CATEGORIA, LOCAIS COM BAIXO NÍVEL DE INTERFERÊNCIA. AF_09/2024","M3",6.54]
[102321,"ESCAVAÇÃO MECANIZADA DE VALA COM PROF. MAIOR QUE 4,5 M ATÉ 6,0 M (MÉDIA MONTANTE E JUSANTE/UMA COMPOSIÇÃO POR TRECHO), ESCAVADEIRA (1,2 M3), LARG. DE 1,5 M A 2,5 M, EM SOLO DE 2A CATEGORIA, LOCAIS COM BAIXO NÍVEL DE INTERFERÊNCIA. AF_09/2024","M3",6.41]
[102322,"ESCAVAÇÃO MECANIZADA DE VALA COM PROF. ATÉ 1,5 M (MÉDIA MONTANTE E JUSANTE/UMA COMPOSIÇÃO POR TRECHO), RETROESCAV. (0,26 M3), LARG. MENOR QUE 0,8 M, EM SOLO DE 2A CATEGORIA, EM LOCAIS COM ALTO NÍVEL DE INTERFERÊNCIA. AF_09/2024","M3",17.65]
[102323,"ESCAVAÇÃO MECANIZADA DE VALA COM PROF. ATÉ 1,5 M (MÉDIA MONTANTE E JUSANTE/UMA COMPOSIÇÃO POR TRECHO), RETROESCAV. (0,26 M3), LARG. DE 0,8 M A 1,5 M, EM SOLO DE 2A CATEGORIA, EM LOCAIS COM ALTO NÍVEL DE INTERFERÊNCIA. AF_09/2024","M3",15.12]
[102324,"ESCAVAÇÃO MECANIZADA DE VALA COM PROF. MAIOR QUE 1,5 M ATÉ 3,0 M (MÉDIA MONTANTE E JUSANTE/UMA COMPOSIÇÃO POR TRECHO), RETROESCAV. (0,26 M3), LARG. MENOR QUE 0,8 M, EM SOLO DE 2A CATEGORIA, EM LOCAIS COM ALTO NÍVEL DE INTERFERÊNCIA. AF_09/2024","M3",14.94]
[102325,"ESCAVAÇÃO MECANIZADA DE VALA COM PROF. MAIOR QUE 1,5 M ATÉ 3,0 M (MÉDIA MONTANTE E JUSANTE/UMA COMPOSIÇÃO POR TRECHO), RETROESCAV. (0,26 M3), LARG. DE 0,8 M A 1,5 M, EM SOLO DE 2A CATEGORIA, EM LOCAIS COM ALTO NÍVEL DE INTERFERÊNCIA. AF_09/2024","M3",13.67]
[102326,"ESCAVAÇÃO MECANIZADA DE VALA COM PROF. ATÉ 1,5 M (MÉDIA MONTANTE E JUSANTE/UMA COMPOSIÇÃO POR TRECHO), RETROESCAV. (0,26 M3), LARGURA MENOR QUE 0,8 M, EM SOLO DE 2A CATEGORIA, EM LOCAIS COM BAIXO NÍVEL DE INTERFERÊNCIA. AF_09/2024","M3",11.12]
[102327,"ESCAVAÇÃO MECANIZADA DE VALA COM PROF. ATÉ 1,5 M (MÉDIA MONTANTE E JUSANTE/UMA COMPOSIÇÃO POR TRECHO), RETROESCAV. (0,26 M3), LARG. DE 0,8 M A 1,5 M, EM SOLO DE 2A CATEGORIA, EM LOCAIS COM BAIXO NÍVEL DE INTERFERÊNCIA. AF_09/2024","M3",9.52]
[102328,"ESCAVAÇÃO MECANIZADA DE VALA COM PROF. MAIOR QUE 1,5 M ATÉ 3,0 M (MÉDIA MONTANTE E JUSANTE/UMA COMPOSIÇÃO POR TRECHO), RETROESCAV. (0,26 M3),LARG. MENOR QUE 0,8 M, EM SOLO DE 2A CATEGORIA, EM LOCAIS COM BAIXO NÍVEL DE INTERFERÊNCIA. AF_09/2024","M3",9.4]
[102329,"ESCAVAÇÃO MECANIZADA DE VALA COM PROF. MAIOR QUE 1,5 M ATÉ 3,0 M (MÉDIA MONTANTE E JUSANTE/UMA COMPOSIÇÃO POR TRECHO), RETROESCAV. (0,26 M3), LARG. DE 0,8 M A 1,5 M, EM SOLO DE 2A CATEGORIA, EM LOCAIS COM BAIXO NÍVEL DE INTERFERÊNCIA. AF_09/2024","M3",8.62]
[94304,"ATERRO MECANIZADO DE VALA COM ESCAVADEIRA HIDRÁULICA (CAPACIDADE DA CAÇAMBA: 0,8 M³ / POTÊNCIA: 111 HP), LARGURA ATÉ 2,5 M, PROFUNDIDADE ATÉ 1,5 M, COM SOLO ARGILO-ARENOSO. AF_08/2023","M3",73.48]
[94306,"ATERRO MECANIZADO DE VALA COM ESCAVADEIRA HIDRÁULICA (CAPACIDADE DA CAÇAMBA: 0,8 M³ / POTÊNCIA: 111 HP), LARGURA ATÉ 2,5 M, PROFUNDIDADE DE 1,5 A 3,0 M, COM SOLO ARGILO-ARENOSO. AF_08/2023","M3",67.34]
[94310,"ATERRO MECANIZADO DE VALA COM ESCAVADEIRA HIDRÁULICA (CAPACIDADE DA CAÇAMBA: 0,8 M³/POTÊNCIA: 111 HP), LARGURA ATÉ 2,5 M, PROFUNDIDADE DE 3,0 A 6,0 M, COM SOLO ARGILO-ARENOSO. AF_08/2023","M3",64.53]
[94316,"ATERRO MECANIZADO DE VALA COM RETROESCAVADEIRA (CAPACIDADE DA CAÇAMBA DA RETRO: 0,26 M³ / POTÊNCIA: 88 HP), LARGURA ATÉ 1,5 M, PROFUNDIDADE ATÉ 1,5 M, COM SOLO ARGILO-ARENOSO. AF_08/2023","M3",68.19]
[94318,"ATERRO MECANIZADO DE VALA COM RETROESCAVADEIRA (CAPACIDADE DA CAÇAMBA DA RETRO: 0,26 M³ / POTÊNCIA: 88 HP), LARGURA ATÉ 1,5 M, PROFUNDIDADE DE 1,5 A 3,0 M, COM SOLO ARGILO-ARENOSO. AF_08/2023","M3",63.13]
[94319,"ATERRO MANUAL DE VALAS COM SOLO ARGILO-ARENOSO. AF_08/2023","M3",75.6]
[94327,"ATERRO MECANIZADO DE VALA COM ESCAVADEIRA HIDRÁULICA (CAPACIDADE DA CAÇAMBA: 0,8 M³/POTÊNCIA: 111 HP), LARGURA ATÉ 2,5 M, PROFUNDIDADE ATÉ 1,5 M, COM AREIA PARA ATERRO. AF_08/2023","M3",111.88]
[94329,"ATERRO MECANIZADO DE VALA COM ESCAVADEIRA HIDRÁULICA (CAPACIDADE DA CAÇAMBA: 0,8 M³/POTÊNCIA: 111 HP), LARGURA ATÉ 2,5 M, PROFUNDIDADE DE 1,5 A 3,0 M, COM AREIA PARA ATERRO. AF_08/2023","M3",105.74]
[94333,"ATERRO MECANIZADO DE VALA COM ESCAVADEIRA HIDRÁULICA (CAPACIDADE DA CAÇAMBA: 0,8 M³/POTÊNCIA: 111 HP), LARGURA ATÉ 2,5 M, PROFUNDIDADE DE 3,0 A 6,0 M, COM AREIA PARA ATERRO. AF_08/2023","M3",102.93]
[94339,"ATERRO MECANIZADO DE VALA COM RETROESCAVADEIRA (CAPACIDADE DA CAÇAMBA DA RETRO: 0,26 M³/POTÊNCIA: 88 HP), LARGURA ATÉ 1,5 M, PROFUNDIDADE ATÉ 1,5 M, COM AREIA PARA ATERRO. AF_08/2023","M3",106.59]
[94341,"ATERRO MECANIZADO DE VALA COM RETROESCAVADEIRA (CAPACIDADE DA CAÇAMBA DA RETRO: 0,26 M³/POTÊNCIA: 88 HP), LARGURA ATÉ 1,5 M, PROFUNDIDADE DE 1,5 A 3,0 M, COM AREIA PARA ATERRO. AF_08/2023","M3",101.53]
[94342,"ATERRO MANUAL DE VALAS COM AREIA PARA ATERRO. AF_08/2023","M3",114]
[96385,"EXECUÇÃO E COMPACTAÇÃO DE CORPO DE ATERRO DE ATERRO (95% DE ENERGIA DO PROCTOR NORMAL) COM SOLO PREDOMINANTEMENTE ARGILOSO ESPESSURA 15 CM - EXCLUSIVE MATERIAL, ESCAVAÇÃO, CARGA E TRANSPORTE. AF_09/2024","M3",11.81]
[96386,"EXECUÇÃO E COMPACTAÇÃO DE CORPO DE ATERRO (95% DE ENERGIA DO PROCTOR NORMAL) COM SOLO PREDOMINANTEMENTE ARENOSO ESPESSURA 15CM - EXCLUSIVE MATERIAL, ESCAVAÇÃO, CARGA E TRANSPORTE. AF_09/2024","M3",6.46]
[105556,"EXECUÇÃO E COMPACTAÇÃO DE CORPO DE ATERRO DE ATERRO (95% DE ENERGIA DO PROCTOR NORMAL) COM SOLO PREDOMINANTEMENTE ARGILOSO, EM CAMADAS COM ESPESSURA DE 10 CM - EXCLUSIVE ESCAVAÇÃO, CARGA E TRANSPORTE E SOLO. AF_09/2024","M3",13.29]
[105557,"EXECUÇÃO E COMPACTAÇÃO DE CAMADA FINAL DE ATERRO (100% DE ENERGIA DO PROCTOR NORMAL) COM SOLO PREDOMINANTEMENTE ARGILOSO, EM CAMADAS COM ESPESSURA DE 10 CM - EXCLUSIVE ESCAVAÇÃO, CARGA E TRANSPORTE E SOLO. AF_09/2024","M3",15.17]
[105558,"EXECUÇÃO E COMPACTAÇÃO DE CAMADA FINAL DE ATERRO (100% DE ENERGIA DO PROCTOR NORMAL) COM SOLO PREDOMINANTEMENTE ARGILOSO, EM CAMADAS COM ESPESSURA DE 15 CM - EXCLUSIVE ESCAVAÇÃO, CARGA E TRANSPORTE E SOLO. AF_09/2024","M3",13.08]
[105559,"EXECUÇÃO E COMPACTAÇÃO DE CORPO DE ATERRO DE ATERRO (95% DE ENERGIA DO PROCTOR NORMAL) COM SOLO PREDOMINANTEMENTE ARGILOSO, EM CAMADAS COM ESPESSURA DE 20 CM - EXCLUSIVE ESCAVAÇÃO, CARGA E TRANSPORTE E SOLO. AF_09/2024","M3",10.06]
[105560,"EXECUÇÃO E COMPACTAÇÃO DE CAMADA FINAL DE ATERRO (100% DE ENERGIA DO PROCTOR NORMAL) COM SOLO PREDOMINANTEMENTE ARGILOSO, EM CAMADAS COM ESPESSURA DE 20 CM - EXCLUSIVE ESCAVAÇÃO, CARGA E TRANSPORTE E SOLO. AF_09/2024","M3",11.93]
[105561,"EXECUÇÃO E COMPACTAÇÃO DE CORPO DE ATERRO DE ATERRO (95% DE ENERGIA DO PROCTOR NORMAL) COM SOLO PREDOMINANTEMENTE ARENOSO, EM CAMADAS COM ESPESSURA DE 10 CM - EXCLUSIVE ESCAVAÇÃO, CARGA E TRANSPORTE E SOLO. AF_09/2024","M3",7.89]
[105562,"EXECUÇÃO E COMPACTAÇÃO DE CAMADA FINAL DE ATERRO (100% DE ENERGIA DO PROCTOR NORMAL) COM SOLO PREDOMINANTEMENTE ARENOSO, EM CAMADAS COM ESPESSURA DE 10 CM - EXCLUSIVE ESCAVAÇÃO, CARGA E TRANSPORTE E SOLO. AF_09/2024","M3",8.07]
[105563,"EXECUÇÃO E COMPACTAÇÃO DE CAMADA FINAL DE ATERRO (100% DE ENERGIA DO PROCTOR NORMAL) COM SOLO PREDOMINANTEMENTE ARENOSO, EM CAMADAS COM ESPESSURA DE 15 CM - EXCLUSIVE ESCAVAÇÃO, CARGA E TRANSPORTE E SOLO. AF_09/2024","M3",6.52]
[105564,"EXECUÇÃO E COMPACTAÇÃO DE CORPO DE ATERRO (95% DE ENERGIA DO PROCTOR NORMAL) COM SOLO PREDOMINANTEMENTE ARENOSO, EM CAMADAS COM ESPESSURA DE 20 CM - EXCLUSIVE ESCAVAÇÃO, CARGA E TRANSPORTE E SOLO. AF_09/2024","M3",6.01]
[105565,"EXECUÇÃO E COMPACTAÇÃO DE CAMADA FINAL DE ATERRO (100% DE ENERGIA DO PROCTOR NORMAL) COM SOLO PREDOMINANTEMENTE ARENOSO, EM CAMADAS COM ESPESSURA DE 20 CM - EXCLUSIVE ESCAVAÇÃO, CARGA E TRANSPORTE E SOLO. AF_09/2024","M3",6.05]
[93367,"REATERRO MECANIZADO DE VALA COM ESCAVADEIRA HIDRÁULICA (CAPACIDADE DA CAÇAMBA: 0,8 M³/POTÊNCIA: 111 HP), LARGURA DE 1,5 A 2,5 M, PROFUNDIDADE ATÉ 1,5 M, COM SOLO (SEM SUBSTITUIÇÃO) DE 1ª CATEGORIA, COM COMPACTADOR DE SOLOS DE PERCUSSÃO. AF_08/2023","M3",21.61]
[93368,"REATERRO MECANIZADO DE VALA COM ESCAVADEIRA HIDRÁULICA (CAPACIDADE DA CAÇAMBA: 0,8 M³/POTÊNCIA: 111 HP), LARGURA ATÉ 1,5 M, PROFUNDIDADE DE 1,5 A 3,0 M, COM SOLO (SEM SUBSTITUIÇÃO) DE 1ª CATEGORIA, COM COMPACTADOR DE SOLOS DE PERCUSSÃO. AF_08/2023","M3",18.9]
[93369,"REATERRO MECANIZADO DE VALA COM ESCAVADEIRA HIDRÁULICA (CAPACIDADE DA CAÇAMBA: 0,8 M³/POTÊNCIA: 111 HP), LARGURA 1,5 A 2,5 M, PROFUNDIDADE 1,5 A 3,0 M, COM SOLO (SEM SUBSTITUIÇÃO) DE 1ª CATEGORIA, COM COMPACTADOR DE SOLOS DE PERCUSSÃO. AF_08/2023","M3",15.47]
[93372,"REATERRO MECANIZADO DE VALA COM ESCAVADEIRA HIDRÁULICA (CAPACIDADE DA CAÇAMBA: 0,8 M³/POTÊNCIA: 111 HP), LARGURA ATÉ 1,5 M, PROFUNDIDADE DE 3,0 A 6,0 M, COM SOLO (SEM SUBSTITUIÇÃO) DE 1ª CATEGORIA, COM COMPACTADOR DE SOLOS DE PERCUSSÃO. AF_08/2023","M3",14.85]
[93373,"REATERRO MECANIZADO DE VALA COM ESCAVADEIRA HIDRÁULICA (CAPACIDADE DA CAÇAMBA: 0,8 M³/POTÊNCIA: 111 HP), LARGURA 1,5 A 2,5 M, PROFUNDIDADE 3,0 A 6,0 M, COM SOLO (SEM SUBSTITUIÇÃO) DE 1ª CATEGORIA, COM COMPACTADOR DE SOLOS DE PERCUSSÃO. AF_08/2023","M3",12.66]
[93378,"REATERRO MECANIZADO DE VALA COM RETROESCAVADEIRA (CAPACIDADE DA CAÇAMBA   DA RETRO: 0,26 M³/POTÊNCIA: 88 HP), LARGURA ATÉ 0,8 M, PROFUNDIDADE ATÉ 1,5 M, COM SOLO (SEM SUBSTITUIÇÃO) DE 1ª CATEGORIA, COM COMPACTADOR DE SOLOS DE PERCUSSÃO. AF_08/2023","M3",21.25]
[93379,"REATERRO MECANIZADO DE VALA COM RETROESCAVADEIRA (CAPACIDADE DA CAÇAMBA   DA RETRO: 0,26 M³/POTÊNCIA: 88 HP), LARGURA 0,8 A 1,5 M, PROFUNDIDADE ATÉ 1,5 M, COM SOLO (SEM SUBSTITUIÇÃO) DE 1ª CATEGORIA, COM COMPACTADOR DE SOLOS DE PERCUSSÃO AF_08/2023","M3",16.32]
[93380,"REATERRO MECANIZADO DE VALA COM RETROESCAVADEIRA (CAPACIDADE DA CAÇAMBA   DA RETRO: 0,26 M³/POTÊNCIA: 88 HP), LARGURA ATÉ 0,8 M, PROFUNDIDADE 1,5 A 3,0 M, COM SOLO (SEM SUBSTITUIÇÃO) DE 1ª CATEGORIA, COM COMPACTADOR DE SOLOS DE PERCUSSÃO AF_08/2023","M3",13.9]
[93381,"REATERRO MECANIZADO DE VALA COM RETROESCAVADEIRA (CAPACIDADE DA CAÇAMBA   DA RETRO: 0,26 M³/POTÊNCIA: 88 HP), LARGURA 0,8 A 1,5 M, PROFUNDIDADE 1,5 A 3,0 M, COM SOLO (SEM SUBSTITUIÇÃO) DE 1ª CATEGORIA E COMPACTADOR DE SOLOS DE PERCUSSÃO. AF_08/2023","M3",11.26]
[93382,"REATERRO MANUAL DE VALAS, COM COMPACTADOR DE SOLOS DE PERCUSSÃO. AF_08/2023","M3",23.73]
[104728,"REATERRO MECANIZADO DE VALA COM ESCAVADEIRA HIDRÁULICA (CAPACIDADE DA CAÇAMBA: 0,8 M³/POTÊNCIA: 111 HP), LARGURA DE 1,5 A 2,5 M, PROFUNDIDADE ATÉ 1,5 M, COM SOLO (SEM SUBSTITUIÇÃO) DE 1ª CATEGORIA, COM PLACA VIBRATÓRIA. AF_08/2023","M3",18.54]
[104729,"REATERRO MECANIZADO DE VALA COM ESCAVADEIRA HIDRÁULICA (CAPACIDADE DA CAÇAMBA: 0,8 M³/POTÊNCIA: 111 HP), LARGURA ATÉ 1,5 M, PROFUNDIDADE DE 1,5 A 3,0 M, COM SOLO (SEM SUBSTITUIÇÃO) DE 1ª CATEGORIA, COM PLACA VIBRATÓRIA. AF_08/2023","M3",15.81]
[104730,"REATERRO MECANIZADO DE VALA COM ESCAVADEIRA HIDRÁULICA (CAPACIDADE DA CAÇAMBA: 0,8 M³/POTÊNCIA: 111 HP), LARGURA DE 1,5 A 2,5 M, PROFUNDIDADE DE 1,5 A 3,0 M, COM SOLO (SEM SUBSTITUIÇÃO) DE 1ª CATEGORIA, COM PLACA VIBRATÓRIA. AF_08/2023","M3",12.39]
[104731,"REATERRO MECANIZADO DE VALA COM ESCAVADEIRA HIDRÁULICA (CAPACIDADE DA CAÇAMBA: 0,8 M³/POTÊNCIA: 111 HP), LARGURA ATÉ 1,5 M, PROFUNDIDADE DE 3,0 A 6,0 M, COM SOLO (SEM SUBSTITUIÇÃO) DE 1ª CATEGORIA, COM PLACA VIBRATÓRIA. AF_08/2023","M3",11.76]
[104732,"REATERRO MECANIZADO DE VALA COM ESCAVADEIRA HIDRÁULICA (CAPACIDADE DA CAÇAMBA: 0,8 M³/POTÊNCIA: 111 HP), LARGURA DE 1,5 A 2,5 M, PROFUNDIDADE DE 3,0 A 6,0 M, COM SOLO (SEM SUBSTITUIÇÃO) DE 1ª CATEGORIA, COM PLACA VIBRATÓRIA. AF_08/2023","M3",9.58]
[104733,"REATERRO MECANIZADO DE VALA COM RETROESCAVADEIRA (CAPACIDADE   DA   CAÇAMBA   DA RETRO: 0,26 M³/POTÊNCIA: 88 HP), LARGURA ATÉ 0,8 M, PROFUNDIDADE ATÉ 1,5 M, COM SOLO (SEM SUBSTITUIÇÃO) DE 1ª CATEGORIA, COM PLACA VIBRATÓRIA. AF_08/2023","M3",18.19]
[104734,"REATERRO MECANIZADO DE VALA COM RETROESCAVADEIRA (CAPACIDADE   DA   CAÇAMBA   DA RETRO: 0,26 M³/POTÊNCIA: 88 HP), LARGURA DE 0,8 A 1,5 M, PROFUNDIDADE ATÉ 1,5 M, COM SOLO (SEM SUBSTITUIÇÃO) DE 1ª CATEGORIA, COM PLACA VIBRATÓRIA. AF_08/2023","M3",13.26]
[104735,"REATERRO MECANIZADO DE VALA COM RETROESCAVADEIRA (CAPACIDADE   DA   CAÇAMBA   DA RETRO: 0,26 M³/POTÊNCIA: 88 HP), LARGURA ATÉ 0,8 M, PROFUNDIDADE DE 1,5 A 3,0 M, COM SOLO (SEM SUBSTITUIÇÃO) DE 1ª CATEGORIA, COM PLACA VIBRATÓRIA. AF_08/2023","M3",10.84]
[104736,"REATERRO MECANIZADO DE VALA COM RETROESCAVADEIRA (CAPACIDADE   DA   CAÇAMBA   DA RETRO: 0,26 M³/POTÊNCIA: 88 HP), LARGURA DE 0,8 A 1,5 M, PROFUNDIDADE DE 1,5 A 3,0 M, COM SOLO (SEM SUBSTITUIÇÃO) DE 1ª CATEGORIA, COM PLACA VIBRATÓRIA. AF_08/2023","M3",8.18]
[104737,"REATERRO MANUAL DE VALAS, COM PLACA VIBRATÓRIA. AF_08/2023","M3",20.67]
[104738,"ATERRO MECANIZADO DE VALA COM MINICARREGADEIRA, COM SOLO ARGILO-ARENOSO. AF_08/2023","M3",77.54]
[104739,"ATERRO MECANIZADO DE VALA COM MINICARREGADEIRA, COM AREIA PARA ATERRO. AF_08/2023","M3",115.94]
[104740,"REATERRO MECANIZADO DE VALA COM MINICARREGADEIRA, COM COMPACTADOR DE SOLOS DE PERCUSSÃO. AF_08/2023","M3",25.67]
[104741,"REATERRO MECANIZADO DE VALA COM MINICARREGADEIRA, COM PLACA VIBRATÓRIA. AF_08/2023","M3",22.62]
[104742,"COMPACTAÇÃO DE VALAS COM ROLO COMPRESSOR. AF_08/2023","M2",8.15]
[97916,"TRANSPORTE COM CAMINHÃO BASCULANTE DE 6 M³, EM VIA URBANA EM LEITO NATURAL (UNIDADE: TXKM). AF_07/2020","TXKM",2.6]
[97917,"TRANSPORTE COM CAMINHÃO BASCULANTE DE 6 M³, EM VIA URBANA EM REVESTIMENTO PRIMÁRIO (UNIDADE: TXKM). AF_07/2020","TXKM",2.25]
[97918,"TRANSPORTE COM CAMINHÃO BASCULANTE DE 6 M³, EM VIA URBANA PAVIMENTADA, DMT ATÉ 30 KM (UNIDADE: TXKM). AF_07/2020","TXKM",2.07]
[97919,"TRANSPORTE COM CAMINHÃO BASCULANTE DE 6 M³, EM VIA URBANA PAVIMENTADA, ADICIONAL PARA DMT EXCEDENTE A 30 KM (UNIDADE: TXKM). AF_07/2020","TXKM",0.81]
[101616,"PREPARO DE FUNDO DE VALA COM LARGURA MENOR QUE 1,5 M (ACERTO DO SOLO NATURAL). AF_08/2020","M2",5.9]
[101617,"PREPARO DE FUNDO DE VALA COM LARGURA MAIOR OU IGUAL A 1,5 M E MENOR QUE 2,5 M (ACERTO DO SOLO NATURAL). AF_08/2020","M2",2.9]
[101618,"PREPARO DE FUNDO DE VALA COM LARGURA MENOR QUE 1,5 M, COM CAMADA DE AREIA, LANÇAMENTO MANUAL. AF_08/2020","M3",260.11]
[101619,"PREPARO DE FUNDO DE VALA COM LARGURA MENOR QUE 1,5 M, COM CAMADA DE BRITA, LANÇAMENTO MANUAL. AF_08/2020","M3",352.04]
[101620,"PREPARO DE FUNDO DE VALA COM LARGURA MAIOR OU IGUAL A 1,5 M E MENOR QUE 2,5 M, COM CAMADA DE AREIA, LANÇAMENTO MANUAL. AF_08/2020","M3",236.5]
[101621,"PREPARO DE FUNDO DE VALA COM LARGURA MAIOR OU IGUAL A 1,5 M E MENOR QUE 2,5 M, COM CAMADA DE BRITA, LANÇAMENTO MANUAL. AF_08/2020","M3",328.42]
[101622,"PREPARO DE FUNDO DE VALA COM LARGURA MENOR QUE 1,5 M, COM CAMADA DE AREIA, LANÇAMENTO MECANIZADO. AF_08/2020","M3",232.56]
[101623,"PREPARO DE FUNDO DE VALA COM LARGURA MENOR QUE 1,5 M, COM CAMADA DE BRITA, LANÇAMENTO MECANIZADO. AF_08/2020","M3",318.08]
[101624,"PREPARO DE FUNDO DE VALA COM LARGURA MAIOR OU IGUAL A 1,5 M E MENOR QUE 2,5 M, COM CAMADA DE BRITA, LANÇAMENTO MECANIZADO. AF_08/2020","M3",275.87]
[101625,"PREPARO DE FUNDO DE VALA COM LARGURA MAIOR OU IGUAL A 1,5 M E MENOR QUE 2,5 M, COM CAMADA DE AREIA, LANÇAMENTO MECANIZADO. AF_08/2020","M3",195.7]
[101159,"ALVENARIA DE VEDAÇÃO DE BLOCOS CERÂMICOS MACIÇOS DE 5X10X20CM (ESPESSURA 10CM) E ARGAMASSA DE ASSENTAMENTO COM PREPARO EM BETONEIRA. AF_05/2020","M2",141.31]
[103322,"ALVENARIA DE VEDAÇÃO DE BLOCOS CERÂMICOS FURADOS NA VERTICAL DE 9X19X39 CM (ESPESSURA 9 CM) E ARGAMASSA DE ASSENTAMENTO COM PREPARO EM BETONEIRA. AF_12/2021","M2",65.71]
[103323,"ALVENARIA DE VEDAÇÃO DE BLOCOS CERÂMICOS FURADOS NA VERTICAL DE 9X19X39 CM (ESPESSURA 9 CM) E ARGAMASSA DE ASSENTAMENTO COM PREPARO MANUAL. AF_12/2021","M2",67.01]
[103324,"ALVENARIA DE VEDAÇÃO DE BLOCOS CERÂMICOS FURADOS NA VERTICAL DE 14X19X39 CM (ESPESSURA 14 CM) E ARGAMASSA DE ASSENTAMENTO COM PREPARO EM BETONEIRA. AF_12/2021","M2",86.98]
[103325,"ALVENARIA DE VEDAÇÃO DE BLOCOS CERÂMICOS FURADOS NA VERTICAL DE 14X19X39 CM (ESPESSURA 14 CM) E ARGAMASSA DE ASSENTAMENTO COM PREPARO MANUAL. AF_12/2021","M2",88.45]
[103326,"ALVENARIA DE VEDAÇÃO DE BLOCOS CERÂMICOS FURADOS NA VERTICAL DE 19X19X39 CM (ESPESSURA 19 CM) E ARGAMASSA DE ASSENTAMENTO COM PREPARO EM BETONEIRA. AF_12/2021","M2",102.86]
[103327,"ALVENARIA DE VEDAÇÃO DE BLOCOS CERÂMICOS FURADOS NA VERTICAL DE 19X19X39 CM (ESPESSURA 19 CM) E ARGAMASSA DE ASSENTAMENTO COM PREPARO MANUAL. AF_12/2021","M2",104.58]
[103328,"ALVENARIA DE VEDAÇÃO DE BLOCOS CERÂMICOS FURADOS NA HORIZONTAL DE 9X19X19 CM (ESPESSURA 9 CM) E ARGAMASSA DE ASSENTAMENTO COM PREPARO EM BETONEIRA. AF_12/2021","M2",95.71]
[103329,"ALVENARIA DE VEDAÇÃO DE BLOCOS CERÂMICOS FURADOS NA HORIZONTAL DE 9X19X19 CM (ESPESSURA 9 CM) E ARGAMASSA DE ASSENTAMENTO COM PREPARO MANUAL. AF_12/2021","M2",96.85]
[103330,"ALVENARIA DE VEDAÇÃO DE BLOCOS CERÂMICOS FURADOS NA HORIZONTAL DE 11,5X19X19 CM (ESPESSURA 11,5 CM) E ARGAMASSA DE ASSENTAMENTO COM PREPARO EM BETONEIRA. AF_12/2021","M2",86.59]
[103331,"ALVENARIA DE VEDAÇÃO DE BLOCOS CERÂMICOS FURADOS NA HORIZONTAL DE 11,5X19X19 CM (ESPESSURA 11,5 CM) E ARGAMASSA DE ASSENTAMENTO COM PREPARO MANUAL. AF_12/2021","M2",87.82]
[103332,"ALVENARIA DE VEDAÇÃO DE BLOCOS CERÂMICOS FURADOS NA HORIZONTAL DE 9X14X19 CM (ESPESSURA 9 CM) E ARGAMASSA DE ASSENTAMENTO COM PREPARO EM BETONEIRA. AF_12/2021","M2",119.93]
[103333,"ALVENARIA DE VEDAÇÃO DE BLOCOS CERÂMICOS FURADOS NA HORIZONTAL DE 9X14X19 CM (ESPESSURA 9 CM) E ARGAMASSA DE ASSENTAMENTO COM PREPARO MANUAL. AF_12/2021","M2",121.25]
[103334,"ALVENARIA DE VEDAÇÃO DE BLOCOS CERÂMICOS FURADOS NA HORIZONTAL DE 14X9X19 CM (ESPESSURA 14 CM, BLOCO DEITADO) E ARGAMASSA DE ASSENTAMENTO COM PREPARO EM BETONEIRA. AF_12/2021","M2",148.03]
[103335,"ALVENARIA DE VEDAÇÃO DE BLOCOS CERÂMICOS FURADOS NA HORIZONTAL DE 14X9X19 CM (ESPESSURA 14 CM, BLOCO DEITADO) E ARGAMASSA DE ASSENTAMENTO COM PREPARO MANUAL. AF_12/2021","M2",150.32]
[103344,"ALVENARIA DE VEDAÇÃO DE BLOCOS CERÂMICOS FURADOS NA VERTICAL DE 11,5X19X29 CM (ESPESSURA 11,5 CM) E ARGAMASSA DE ASSENTAMENTO COM PREPARO EM BETONEIRA. AF_12/2021","M2",90.03]
[103345,"ALVENARIA DE VEDAÇÃO DE BLOCOS CERÂMICOS FURADOS NA VERTICAL DE 11,5X19X29 CM (ESPESSURA 11,5 CM) E ARGAMASSA DE ASSENTAMENTO COM PREPARO MANUAL. AF_12/2021","M2",91.55]
[103346,"ALVENARIA DE VEDAÇÃO DE BLOCOS CERÂMICOS FURADOS NA VERTICAL DE 14X19X29 CM (ESPESSURA 14 CM) E ARGAMASSA DE ASSENTAMENTO COM PREPARO EM BETONEIRA. AF_12/2021","M2",98.98]
[103347,"ALVENARIA DE VEDAÇÃO DE BLOCOS CERÂMICOS FURADOS NA VERTICAL DE 14X19X29 CM (ESPESSURA 14 CM) E ARGAMASSA DE ASSENTAMENTO COM PREPARO MANUAL. AF_12/2021","M2",100.6]
[103348,"ALVENARIA DE VEDAÇÃO DE BLOCOS CERÂMICOS FURADOS NA VERTICAL DE 11,5X19X39 CM (ESPESSURA 11,5 CM) E ARGAMASSA DE ASSENTAMENTO COM PREPARO EM BETONEIRA. AF_12/2021","M2",76.99]
[103349,"ALVENARIA DE VEDAÇÃO DE BLOCOS CERÂMICOS FURADOS NA VERTICAL DE 11,5X19X39 CM (ESPESSURA 11,5 CM) E ARGAMASSA DE ASSENTAMENTO COM PREPARO MANUAL. AF_12/2021","M2",78.37]
[103350,"ALVENARIA DE VEDAÇÃO DE BLOCOS CERÂMICOS FURADOS NA HORIZONTAL DE 9X9X19 CM (ESPESSURA 9 CM) E ARGAMASSA DE ASSENTAMENTO COM PREPARO EM BETONEIRA. AF_12/2021","M2",177.67]
[103351,"ALVENARIA DE VEDAÇÃO DE BLOCOS CERÂMICOS FURADOS NA HORIZONTAL DE 9X9X19 CM (ESPESSURA 9 CM) E ARGAMASSA DE ASSENTAMENTO COM PREPARO MANUAL. AF_12/2021","M2",179.34]
[103352,"ALVENARIA DE VEDAÇÃO DE BLOCOS CERÂMICOS FURADOS NA HORIZONTAL DE 9X14X24 CM (ESPESSURA 9 CM) E ARGAMASSA DE ASSENTAMENTO COM PREPARO EM BETONEIRA. AF_12/2021","M2",103.99]
[103353,"ALVENARIA DE VEDAÇÃO DE BLOCOS CERÂMICOS FURADOS NA HORIZONTAL DE 9X14X24 CM (ESPESSURA 9 CM) E ARGAMASSA DE ASSENTAMENTO COM PREPARO MANUAL. AF_12/2021","M2",105.21]
[103354,"ALVENARIA DE VEDAÇÃO DE BLOCOS CERÂMICOS FURADOS NA HORIZONTAL DE 11,5X14X24 CM (ESPESSURA 11,5 CM) E ARGAMASSA DE ASSENTAMENTO COM PREPARO EM BETONEIRA. AF_12/2021","M2",92.04]
[103355,"ALVENARIA DE VEDAÇÃO DE BLOCOS CERÂMICOS FURADOS NA HORIZONTAL DE 11,5X14X24 CM (ESPESSURA 11,5 CM) E ARGAMASSA DE ASSENTAMENTO COM PREPARO MANUAL. AF_12/2021","M2",93.34]
[103356,"ALVENARIA DE VEDAÇÃO DE BLOCOS CERÂMICOS FURADOS NA HORIZONTAL DE 9X19X29 CM (ESPESSURA 9 CM) E ARGAMASSA DE ASSENTAMENTO COM PREPARO EM BETONEIRA. AF_12/2021","M2",65.94]
[103357,"ALVENARIA DE VEDAÇÃO DE BLOCOS CERÂMICOS FURADOS NA HORIZONTAL DE 9X19X29 CM (ESPESSURA 9 CM) E ARGAMASSA DE ASSENTAMENTO COM PREPARO MANUAL. AF_12/2021","M2",66.9]
[103358,"ALVENARIA DE VEDAÇÃO DE BLOCOS CERÂMICOS FURADOS NA HORIZONTAL DE 11,5X19X29 CM (ESPESSURA 11,5 CM) E ARGAMASSA DE ASSENTAMENTO COM PREPARO EM BETONEIRA. AF_12/2021","M2",74.07]
[103359,"ALVENARIA DE VEDAÇÃO DE BLOCOS CERÂMICOS FURADOS NA HORIZONTAL DE 11,5X19X29 CM (ESPESSURA 11,5 CM) E ARGAMASSA DE ASSENTAMENTO COM PREPARO MANUAL. AF_12/2021","M2",75.11]
[103360,"ALVENARIA DE VEDAÇÃO DE BLOCOS CERÂMICOS FURADOS NA HORIZONTAL DE 14X19X29 CM (ESPESSURA 14 CM) E ARGAMASSA DE ASSENTAMENTO COM PREPARO EM BETONEIRA. AF_12/2021","M2",86.2]
[103361,"ALVENARIA DE VEDAÇÃO DE BLOCOS CERÂMICOS FURADOS NA HORIZONTAL DE 14X19X29 CM (ESPESSURA 14 CM) E ARGAMASSA DE ASSENTAMENTO COM PREPARO MANUAL. AF_12/2021","M2",87.52]
[103362,"ALVENARIA DE VEDAÇÃO DE BLOCOS CERÂMICOS FURADOS NA HORIZONTAL DE 19X19X29 CM (ESPESSURA 19 CM) E ARGAMASSA DE ASSENTAMENTO COM PREPARO EM BETONEIRA. AF_12/2021","M2",106.47]
[103363,"ALVENARIA DE VEDAÇÃO DE BLOCOS CERÂMICOS FURADOS NA HORIZONTAL DE 19X19X29 CM (ESPESSURA 19 CM) E ARGAMASSA DE ASSENTAMENTO COM PREPARO MANUAL. AF_12/2021","M2",107.94]
[103364,"ALVENARIA DE VEDAÇÃO DE BLOCOS CERÂMICOS FURADOS NA HORIZONTAL DE 9X19X39 CM (ESPESSURA 9 CM) E ARGAMASSA DE ASSENTAMENTO COM PREPARO EM BETONEIRA. AF_12/2021","M2",55.7]
[103365,"ALVENARIA DE VEDAÇÃO DE BLOCOS CERÂMICOS FURADOS NA HORIZONTAL DE 9X19X39 CM (ESPESSURA 9 CM) E ARGAMASSA DE ASSENTAMENTO COM PREPARO MANUAL. AF_12/2021","M2",56.34]
[103366,"ALVENARIA DE VEDAÇÃO DE BLOCOS CERÂMICOS FURADOS NA HORIZONTAL DE 11,5X19X39 CM (ESPESSURA 11,5 CM) E ARGAMASSA DE ASSENTAMENTO COM PREPARO EM BETONEIRA. AF_12/2021","M2",66.46]
[103367,"ALVENARIA DE VEDAÇÃO DE BLOCOS CERÂMICOS FURADOS NA HORIZONTAL DE 11,5X19X39 CM (ESPESSURA 11,5 CM) E ARGAMASSA DE ASSENTAMENTO COM PREPARO MANUAL. AF_12/2021","M2",67.4]
[103368,"ALVENARIA DE VEDAÇÃO DE BLOCOS CERÂMICOS FURADOS NA HORIZONTAL DE 14X19X39 CM (ESPESSURA 14 CM) E ARGAMASSA DE ASSENTAMENTO COM PREPARO EM BETONEIRA. AF_12/2021","M2",74.74]
[103369,"ALVENARIA DE VEDAÇÃO DE BLOCOS CERÂMICOS FURADOS NA HORIZONTAL DE 14X19X39 CM (ESPESSURA 14 CM) E ARGAMASSA DE ASSENTAMENTO COM PREPARO MANUAL. AF_12/2021","M2",75.93]
[103370,"ALVENARIA DE VEDAÇÃO DE BLOCOS CERÂMICOS FURADOS NA HORIZONTAL DE 19X19X39 CM (ESPESSURA 19 CM) E ARGAMASSA DE ASSENTAMENTO COM PREPARO EM BETONEIRA. AF_12/2021","M2",96.43]
[103371,"ALVENARIA DE VEDAÇÃO DE BLOCOS CERÂMICOS FURADOS NA HORIZONTAL DE 19X19X39 CM (ESPESSURA 19 CM) E ARGAMASSA DE ASSENTAMENTO COM PREPARO MANUAL. AF_12/2021","M2",97.77]
[89282,"ALVENARIA ESTRUTURAL DE BLOCOS CERÂMICOS 14X19X39, (ESPESSURA DE 14 CM), UTILIZANDO PALHETA E ARGAMASSA DE ASSENTAMENTO COM PREPARO EM BETONEIRA. AF_03/2023","M2",81.32]
[89283,"ALVENARIA ESTRUTURAL DE BLOCOS CERÂMICOS 14X19X39, (ESPESSURA DE 14 CM), UTILIZANDO PALHETA E ARGAMASSA DE ASSENTAMENTO COM PREPARO MANUAL. AF_03/2023","M2",82.85]
[89290,"ALVENARIA ESTRUTURAL DE BLOCOS CERÂMICOS 14X19X29, (ESPESSURA DE 14 CM), UTILIZANDO PALHETA E ARGAMASSA DE ASSENTAMENTO COM PREPARO EM BETONEIRA. AF_03/2023","M2",88.23]
[89291,"ALVENARIA ESTRUTURAL DE BLOCOS CERÂMICOS 14X19X29, (ESPESSURA DE 14 CM), UTILIZANDO PALHETA E ARGAMASSA DE ASSENTAMENTO COM PREPARO MANUAL. AF_03/2023","M2",89.93]
[89298,"ALVENARIA ESTRUTURAL DE BLOCOS CERÂMICOS 14X19X39, (ESPESSURA DE 14 CM), UTILIZANDO COLHER DE PEDREIRO E ARGAMASSA DE ASSENTAMENTO COM PREPARO EM BETONEIRA. AF_03/2023","M2",92.12]
[89299,"ALVENARIA ESTRUTURAL DE BLOCOS CERÂMICOS 14X19X39, (ESPESSURA DE 14 CM), UTILIZANDO COLHER DE PEDREIRO E ARGAMASSA DE ASSENTAMENTO COM PREPARO MANUAL. AF_03/2023","M2",94.17]
[89306,"ALVENARIA ESTRUTURAL DE BLOCOS CERÂMICOS 14X19X29, (ESPESSURA DE 14 CM), UTILIZANDO COLHER DE PEDREIRO E ARGAMASSA DE ASSENTAMENTO COM PREPARO EM BETONEIRA. AF_03/2023","M2",103.45]
[89307,"ALVENARIA ESTRUTURAL DE BLOCOS CERÂMICOS 14X19X29, (ESPESSURA DE 14 CM), UTILIZANDO COLHER DE PEDREIRO E ARGAMASSA DE ASSENTAMENTO COM PREPARO MANUAL. AF_03/2023","M2",105.73]
[101157,"ALVENARIA DE VEDAÇÃO DE BLOCOS DE GESSO DE 7X50X66CM (ESPESSURA 7CM). AF_05/2020","M2",69.96]
[101158,"ALVENARIA DE VEDAÇÃO DE BLOCOS DE GESSO DE 10X50X66CM (ESPESSURA 10CM). AF_05/2020","M2",92.08]
[101162,"ALVENARIA DE VEDAÇÃO COM ELEMENTO VAZADO DE CERÂMICA (COBOGÓ) DE 7X20X20CM E ARGAMASSA DE ASSENTAMENTO COM PREPARO EM BETONEIRA. AF_05/2020","M2",165.71]
[103316,"ALVENARIA DE VEDAÇÃO DE BLOCOS VAZADOS DE CONCRETO DE 9X19X39 CM (ESPESSURA 9 CM) E ARGAMASSA DE ASSENTAMENTO COM PREPARO EM BETONEIRA. AF_12/2021","M2",79.22]
[103317,"ALVENARIA DE VEDAÇÃO DE BLOCOS VAZADOS DE CONCRETO DE 9X19X39 CM (ESPESSURA 9 CM) E ARGAMASSA DE ASSENTAMENTO COM PREPARO MANUAL. AF_12/2021","M2",80.31]
[103318,"ALVENARIA DE VEDAÇÃO DE BLOCOS VAZADOS DE CONCRETO DE 14X19X39 CM (ESPESSURA 14 CM)  E ARGAMASSA DE ASSENTAMENTO COM PREPARO EM BETONEIRA. AF_12/2021","M2",102.32]
[103319,"ALVENARIA DE VEDAÇÃO DE BLOCOS VAZADOS DE CONCRETO DE 14X19X39 CM (ESPESSURA 14 CM) E ARGAMASSA DE ASSENTAMENTO COM PREPARO MANUAL. AF_12/2021","M2",103.6]
[103320,"ALVENARIA DE VEDAÇÃO DE BLOCOS VAZADOS DE CONCRETO DE 19X19X39 CM (ESPESSURA 19 CM) E ARGAMASSA DE ASSENTAMENTO COM PREPARO EM BETONEIRA. AF_12/2021","M2",123.73]
[103321,"ALVENARIA DE VEDAÇÃO DE BLOCOS VAZADOS DE CONCRETO DE 19X19X39 CM (ESPESSURA 19 CM) E ARGAMASSA DE ASSENTAMENTO COM PREPARO MANUAL. AF_12/2021","M2",125.33]
[103336,"ALVENARIA DE VEDAÇÃO DE BLOCOS  VAZADOS DE CONCRETO APARENTE DE 9X19X39 CM (ESPESSURA 9 CM) E ARGAMASSA DE ASSENTAMENTO COM PREPARO EM BETONEIRA. AF_12/2021","M2",87.91]
[103337,"ALVENARIA DE VEDAÇÃO DE BLOCOS  VAZADOS DE CONCRETO APARENTE DE 9X19X39 CM (ESPESSURA 9 CM) E ARGAMASSA DE ASSENTAMENTO COM PREPARO MANUAL. AF_12/2021","M2",89]
[103338,"ALVENARIA DE VEDAÇÃO DE BLOCOS  VAZADOS DE CONCRETO APARENTE DE 14X19X39 CM (ESPESSURA 14 CM) E ARGAMASSA DE ASSENTAMENTO COM PREPARO EM BETONEIRA. AF_12/2021","M2",115.35]
[103339,"ALVENARIA DE VEDAÇÃO DE BLOCOS  VAZADOS DE CONCRETO APARENTE DE 14X19X39 CM (ESPESSURA 14 CM) E ARGAMASSA DE ASSENTAMENTO COM PREPARO MANUAL. AF_12/2021","M2",116.63]
[103340,"ALVENARIA DE VEDAÇÃO DE BLOCOS  VAZADOS DE CONCRETO APARENTE DE 19X19X39 CM (ESPESSURA 19 CM) E ARGAMASSA DE ASSENTAMENTO COM PREPARO EM BETONEIRA. AF_12/2021","M2",140.52]
[103341,"ALVENARIA DE VEDAÇÃO DE BLOCOS  VAZADOS DE CONCRETO APARENTE DE 19X19X39 CM (ESPESSURA 19 CM) E ARGAMASSA DE ASSENTAMENTO COM PREPARO MANUAL. AF_12/2021","M2",142.12]
[103342,"ALVENARIA DE VEDAÇÃO DE BLOCOS  VAZADOS DE CONCRETO DE 14X19X29 CM (ESPESSURA 14 CM) E ARGAMASSA DE ASSENTAMENTO COM PREPARO EM BETONEIRA. AF_12/2021","M2",119.91]
[103343,"ALVENARIA DE VEDAÇÃO DE BLOCOS  VAZADOS DE CONCRETO DE 14X19X29 CM (ESPESSURA 14 CM) E ARGAMASSA DE ASSENTAMENTO COM PREPARO MANUAL. AF_12/2021","M2",121.32]
[89453,"ALVENARIA DE BLOCOS DE CONCRETO ESTRUTURAL 14X19X39 CM (ESPESSURA 14 CM), FBK = 4,5 MPA, UTILIZANDO PALHETA. AF_10/2022","M2",92.62]
[89455,"ALVENARIA DE BLOCOS DE CONCRETO ESTRUTURAL 14X19X39 CM (ESPESSURA 14 CM), FBK = 14 MPA, UTILIZANDO PALHETA. AF_10/2022","M2",113.76]
[89462,"ALVENARIA DE BLOCOS DE CONCRETO ESTRUTURAL 14X19X29 CM (ESPESSURA 14 CM), FBK = 4,5 MPA, UTILIZANDO PALHETA. AF_10/2022","M2",120.45]
[89464,"ALVENARIA DE BLOCOS DE CONCRETO ESTRUTURAL 14X19X29 CM (ESPESSURA 14 CM), FBK = 14,0 MPA, UTILIZANDO PALHETA. AF_10/2022","M2",143.37]
[89470,"ALVENARIA DE BLOCOS DE CONCRETO ESTRUTURAL 14X19X39 CM (ESPESSURA 14 CM), FBK = 4,5 MPA, UTILIZANDO COLHER DE PEDREIRO. AF_10/2022","M2",103.56]
[89472,"ALVENARIA DE BLOCOS DE CONCRETO ESTRUTURAL 14X19X39 CM (ESPESSURA 14 CM), FBK = 14 MPA, UTILIZANDO COLHER DE PEDREIRO. AF_10/2022","M2",125.9]
[89478,"ALVENARIA DE BLOCOS DE CONCRETO ESTRUTURAL 14X19X29 CM (ESPESSURA 14 CM), FBK = 4,5 MPA, UTILIZANDO COLHER DE PEDREIRO. AF_10/2022","M2",138.23]
[89480,"ALVENARIA DE BLOCOS DE CONCRETO ESTRUTURAL 14X19X29 CM (ESPESSURA 14 CM), FBK = 14 MPA, UTILIZANDO COLHER DE PEDREIRO. AF_10/2022","M2",162.38]
[101161,"ALVENARIA DE VEDAÇÃO COM ELEMENTO VAZADO DE CONCRETO (COBOGÓ) DE 7X50X50CM E ARGAMASSA DE ASSENTAMENTO COM PREPARO EM BETONEIRA. AF_05/2020","M2",238.18]
[101163,"ALVENARIA DE VEDAÇÃO COM BLOCO DE VIDRO VAZADO, TIPO VENEZIANA, DE 6X20X20CM E ARGAMASSA DE ASSENTAMENTO COM PREPARO EM BETONEIRA. AF_05/2020","M2",894.35]
[101164,"ALVENARIA DE VEDAÇÃO COM BLOCO DE VIDRO, TIPO CANELADO, DE 8X19X19CM E ARGAMASSA DE ASSENTAMENTO COM PREPARO EM BETONEIRA. AF_05/2020","M2",907.29]
[96358,"PAREDE COM SISTEMA EM CHAPAS DE GESSO PARA DRYWALL, USO INTERNO, COM DUAS FACES SIMPLES E ESTRUTURA METÁLICA COM GUIAS SIMPLES, SEM VÃOS. AF_07/2023_PS","M2",97.52]
[96359,"PAREDE COM SISTEMA EM CHAPAS DE GESSO PARA DRYWALL, USO INTERNO, COM DUAS FACES SIMPLES E ESTRUTURA METÁLICA COM GUIAS SIMPLES PARA PAREDES COM ÁREA LÍQUIDA MAIOR OU IGUAL A 6 M2, COM VÃOS. AF_07/2023_PS","M2",107.65]
[96360,"PAREDE COM SISTEMA EM CHAPAS DE GESSO PARA DRYWALL, USO INTERNO, COM DUAS FACES SIMPLES E ESTRUTURA METÁLICA COM GUIAS DUPLAS, SEM VÃOS. AF_07/2023_PS","M2",123.33]
[96361,"PAREDE COM SISTEMA EM CHAPAS DE GESSO PARA DRYWALL, USO INTERNO, COM DUAS FACES SIMPLES E ESTRUTURA METÁLICA COM GUIAS DUPLAS PARA PAREDES COM ÁREA LÍQUIDA MAIOR OU IGUAL A 6 M2, COM VÃOS. AF_07/2023_PS","M2",142.56]
[96362,"PAREDE COM SISTEMA EM CHAPAS DE GESSO PARA DRYWALL, USO INTERNO, COM UMA FACE SIMPLES E OUTRA FACE DUPLA E ESTRUTURA METÁLICA COM GUIAS SIMPLES, SEM VÃOS. AF_07/2023_PS","M2",128.29]
[96363,"PAREDE COM SISTEMA EM CHAPAS DE GESSO PARA DRYWALL, USO INTERNO, COM UMA FACE SIMPLES E OUTRA FACE DUPLA E ESTRUTURA METÁLICA COM GUIAS SIMPLES PARA PAREDES COM ÁREA LÍQUIDA MAIOR OU IGUAL A 6 M2, COM VÃOS. AF_07/2023_PS","M2",138.94]
[96364,"PAREDE COM SISTEMA EM CHAPAS DE GESSO PARA DRYWALL, USO INTERNO COM UMA FACE SIMPLES E OUTRA FACE DUPLA E ESTRUTURA METÁLICA COM GUIAS DUPLAS, SEM VÃOS. AF_07/2023_PS","M2",154.09]
[96365,"PAREDE COM SISTEMA EM CHAPAS DE GESSO PARA DRYWALL, USO INTERNO, COM UMA FACE SIMPLES E OUTRA FACE DUPLA E   ESTRUTURA METÁLICA COM GUIAS DUPLAS PARA PAREDES COM ÁREA LÍQUIDA MAIOR OU IGUAL A 6 M2, COM VÃOS. AF_07/2023_PS","M2",173.87]
[96366,"PAREDE COM SISTEMA EM CHAPAS DE GESSO PARA DRYWALL, USO INTERNO, COM DUAS FACES DUPLAS E ESTRUTURA METÁLICA COM GUIAS SIMPLES, SEM VÃOS. AF_07/2023_PS","M2",159.06]
[96367,"PAREDE COM SISTEMA EM CHAPAS DE GESSO PARA DRYWALL, USO INTERNO, COM DUAS FACES DUPLAS E ESTRUTURA METÁLICA COM GUIAS SIMPLES PARA PAREDES COM ÁREA LÍQUIDA MAIOR OU IGUAL A 6 M2, COM VÃOS. AF_07/2023_PS","M2",170.24]
[96368,"PAREDE COM SISTEMA EM CHAPAS DE GESSO PARA DRYWALL, USO INTERNO COM DUAS FACES DUPLAS E ESTRUTURA METÁLICA COM GUIAS DUPLAS, SEM VÃOS. AF_07/2023_PS","M2",184.89]
[96369,"PAREDE COM SISTEMA EM CHAPAS DE GESSO PARA DRYWALL, USO INTERNO, COM DUAS FACES DUPLAS E ESTRUTURA METÁLICA COM GUIAS DUPLAS PARA PAREDES COM ÁREA LÍQUIDA MAIOR OU IGUAL A 6 M2, COM VÃOS. AF_07/2023_PS","M2",205.17]
[96370,"PAREDE COM SISTEMA EM CHAPAS DE GESSO PARA DRYWALL, USO INTERNO, COM UMA FACE SIMPLES E ESTRUTURA METÁLICA COM GUIAS SIMPLES, SEM VÃOS. AF_07/2023_PS","M2",62.74]
[96371,"PAREDE COM SISTEMA EM CHAPAS DE GESSO PARA DRYWALL, USO INTERNO, COM UMA FACE SIMPLES E ESTRUTURA METÁLICA COM GUIAS SIMPLES PARA PAREDES COM ÁREA LÍQUIDA MAIOR OU IGUAL A 6 M2, COM VÃOS. AF_07/2023_PS","M2",72.33]
[96373,"INSTALAÇÃO DE REFORÇO METÁLICO EM PAREDE DRYWALL. AF_07/2023","M",10.31]
[96374,"INSTALAÇÃO DE REFORÇO DE MADEIRA EM PAREDE DRYWALL. AF_07/2023","M",26]
[102235,"DIVISÓRIA FIXA EM VIDRO TEMPERADO 10 MM, SEM ABERTURA. AF_01/2021_PS","M2",579.86]
[102253,"DIVISORIA SANITÁRIA, TIPO CABINE, EM GRANITO CINZA POLIDO, ESP = 3CM, ASSENTADO COM ARGAMASSA COLANTE AC III-E, EXCLUSIVE FERRAGENS. AF_01/2021","M2",{"v":1030.89,"d":"1,030.89"}]
[102254,"DIVISORIA SANITÁRIA, TIPO CABINE, EM MÁRMORE BRANCO POLIDO, ESP = 3CM, ASSENTADO COM ARGAMASSA COLANTE AC III-E, EXCLUSIVE FERRAGENS. AF_01/2021","M2",842.63]
[102255,"TAPA VISTA DE MICTÓRIO EM GRANITO CINZA POLIDO, ESP = 3CM, ASSENTADO COM ARGAMASSA COLANTE AC III-E . AF_01/2021","M2",{"v":1036.89,"d":"1,036.89"}]
[102256,"TAPA VISTA DE MICTÓRIO EM MÁRMORE BRANCO POLIDO, ESP = 3CM, ASSENTADO COM ARGAMASSA COLANTE AC III-E . AF_01/2021","M2",857.6]
[102257,"DIVISORIA SANITÁRIA, TIPO CABINE, EM PAINEL DE GRANILITE, ESP = 3CM, ASSENTADO COM ARGAMASSA COLANTE AC III-E, EXCLUSIVE FERRAGENS. AF_01/2021","M2",320.28]
[102258,"TAPA VISTA DE MICTÓRIO EM PAINEL DE GRANILITE, ESP = 3CM, ASSENTADO COM ARGAMASSA COLANTE AC III-E . AF_01/2021","M2",353.43]
[104718,"PAREDE COM SISTEMA EM CHAPAS DE GESSO PARA DRYWALL, USO INTERNO, COM DUAS FACES SIMPLES E ESTRUTURA METÁLICA COM GUIAS SIMPLES PARA PAREDES COM ÁREA LÍQUIDA MENOR QUE 6 M2, COM VÃOS. AF_07/2023_PS","M2",125.76]
[104719,"PAREDE COM SISTEMA EM CHAPAS DE GESSO PARA DRYWALL, USO INTERNO, COM DUAS FACES SIMPLES E ESTRUTURA METÁLICA COM GUIAS DUPLAS PARA PAREDES COM ÁREA LÍQUIDA MENOR QUE 6 M2, COM VÃOS. AF_07/2023_PS","M2",176.13]
[104720,"PAREDE COM SISTEMA EM CHAPAS DE GESSO PARA DRYWALL, USO INTERNO, COM UMA FACE SIMPLES E OUTRA FACE DUPLA E ESTRUTURA METÁLICA COM GUIAS SIMPLES PARA PAREDES COM ÁREA LÍQUIDA MENOR QUE 6 M2, COM VÃOS. AF_07/2023_PS","M2",158.11]
[104721,"PAREDE COM SISTEMA EM CHAPAS DE GESSO PARA DRYWALL, USO INTERNO, COM UMA FACE SIMPLES E OUTRA FACE DUPLA E ESTRUTURA METÁLICA COM GUIAS DUPLAS PARA PAREDES COM ÁREA LÍQUIDA MENOR QUE 6 M2, COM VÃOS. AF_07/2023_PS","M2",208.47]
[104722,"PAREDE COM SISTEMA EM CHAPAS DE GESSO PARA DRYWALL, USO INTERNO, COM DUAS FACES DUPLAS E ESTRUTURA METÁLICA COM GUIAS SIMPLES PARA PAREDES COM ÁREA LÍQUIDA MENOR QUE 6 M2, COM VÃOS. AF_07/2023_PS","M2",190.46]
[104723,"PAREDE COM SISTEMA EM CHAPAS DE GESSO PARA DRYWALL, USO INTERNO, COM DUAS FACES DUPLAS E ESTRUTURA METÁLICA COM GUIAS DUPLAS PARA PAREDES COM ÁREA LÍQUIDA MENOR QUE 6 M2, COM VÃOS. AF_07/2023_PS","M2",240.83]
[104724,"PAREDE COM SISTEMA EM CHAPAS DE GESSO PARA DRYWALL, USO INTERNO, COM UMA FACE SIMPLES E ESTRUTURA METÁLICA COM GUIAS SIMPLES PARA PAREDES COM ÁREA LÍQUIDA MENOR QUE 6 M2, COM VÃOS. AF_07/2023_PS","M2",89.4]
[101154,"ALVENARIA DE VEDAÇÃO DE BLOCOS DE CONCRETO CELULAR DE 10X30X60CM (ESPESSURA 10CM) E ARGAMASSA DE ASSENTAMENTO COM PREPARO EM BETONEIRA. AF_05/2020","M2",123.59]
[101155,"ALVENARIA DE VEDAÇÃO DE BLOCOS DE CONCRETO CELULAR DE 15X30X60CM (ESPESSURA 15CM) E ARGAMASSA DE ASSENTAMENTO COM PREPARO EM BETONEIRA. AF_05/2020","M2",173.46]
[101156,"ALVENARIA DE VEDAÇÃO DE BLOCOS DE CONCRETO CELULAR DE 20X30X60CM (ESPESSURA 20CM) E ARGAMASSA DE ASSENTAMENTO COM PREPARO EM BETONEIRA. AF_05/2020","M2",254.53]
[101814,"RECOMPOSIÇÃO DE PAVIMENTOS EM PEDRA POLIÉDRICA, REJUNTAMENTO COM PÓ DE PEDRA, COM REAPROVEITAMENTO DAS PEDRAS POLIÉDRICAS PARA O FECHAMENTO DE VALAS - INCLUSO RETIRADA E COLOCAÇÃO DO MATERIAL. AF_12/2020","M2",50.53]
[101816,"RECOMPOSIÇÃO DE PAVIMENTO EM PEDRAS POLIÉDRICAS, REJUNTAMENTO COM ARGAMASSA, COM REAPROVEITAMENTO DAS PEDRAS POLIÉDRICAS, PARA O FECHAMENTO DE VALAS - INCLUSO RETIRADA E COLOCAÇÃO DO MATERIAL. AF_12/2020","M2",77.08]
[101817,"RECOMPOSIÇÃO DE PAVIMENTO EM PARALELEPÍPEDOS, REJUNTAMENTO COM PÓ DE PEDRA, COM REAPROVEITAMENTO DOS PARALELEPÍPEDOS, PARA O FECHAMENTO DE VALAS - INCLUSO RETIRADA E COLOCAÇÃO DO MATERIAL. AF_12/2020","M2",53.08]
[101819,"RECOMPOSIÇÃO DE PAVIMENTO EM PARALELEPÍPEDOS, REJUNTAMENTO COM ARGAMASSA, COM REAPROVEITAMENTO DOS PARALELEPÍPEDOS, PARA O FECHAMENTO DE VALAS - INCLUSO RETIRADA E COLOCAÇÃO DO MATERIAL. AF_12/2020","M2",67.63]
[101820,"RECOMPOSIÇÃO DE PAVIMENTO EM PISO INTERTRAVADO SEXTAVADO, COM REAPROVEITAMENTO DOS BLOCOS SEXTAVADO, PARA O FECHAMENTO DE VALAS - INCLUSO RETIRADA E COLOCAÇÃO DO MATERIAL. AF_12/2020","M2",42.61]
[101822,"RECOMPOSIÇÃO DE BASE E OU SUB-BASE PARA REMENDO PROFUNDO DE SOLOS DE COMPORTAMENTO LATERÍTICO (ARENOSO) - INCLUSO RETIRADA E COLOCAÇÃO DO MATERIAL. AF_12/2020","M3",110.83]
[101823,"RECOMPOSIÇÃO DE BASE E OU SUB-BASE PARA REMENDO PROFUNDO DE SOLO MELHORADO COM CIMENTO (TEOR DE 2%) - INCLUSO RETIRADA E COLOCAÇÃO DO MATERIAL. AF_12/2020","M3",156.11]
[101824,"RECOMPOSIÇÃO DE BASE E OU SUB-BASE PARA REMENDO PROFUNDO DE SOLO MELHORADO COM CIMENTO (TEOR DE 4%) - INCLUSO RETIRADA E COLOCAÇÃO DO MATERIAL. AF_12/2020","M3",198.27]
[101825,"RECOMPOSIÇÃO DE BASE E OU SUB-BASE PARA REMENDO PROFUNDO DE SOLO COM CIMENTO (TEOR DE 6%) - INCLUSO RETIRADA E COLOCAÇÃO DO MATERIAL. AF_12/2020","M3",239.29]
[101826,"RECOMPOSIÇÃO DE BASE E OU SUB-BASE PARA REMENDO PROFUNDO DE SOLO COM CIMENTO (TEOR DE 8%) - INCLUSO RETIRADA E COLOCAÇÃO DO MATERIAL. AF_12/2020","M3",279.77]
[101827,"RECOMPOSIÇÃO DE BASE E OU SUB-BASE PARA REMENDO PROFUNDO DE SOLO BRITA (40/60) - INCLUSO RETIRADA E COLOCAÇÃO DO MATERIAL. AF_12/2020","M3",246.27]
[101828,"RECOMPOSIÇÃO DE BASE E OU SUB-BASE PARA REMENDO PROFUNDO DE SOLO BRITA (50/50) - INCLUSO RETIRADA E COLOCAÇÃO DO MATERIAL. AF_12/2020","M3",223.7]
[101829,"RECOMPOSIÇÃO DE BASE E OU SUB-BASE PARA REMENDO PROFUNDO DE SOLO BRITA (40/60) COM CIMENTO (TEOR DE 4%) - INCLUSO RETIRADA E COLOCAÇÃO DO MATERIAL. AF_12/2020","M3",328.29]
[101830,"RECOMPOSIÇÃO DE BASE E OU SUB-BASE PARA REMENDO PROFUNDO DE SOLO BRITA (40/60) COM CIMENTO (TEOR DE 6%) - INCLUSO RETIRADA E COLOCAÇÃO DO MATERIAL. AF_12/2020","M3",366.6]
[101831,"RECOMPOSIÇÃO DE BASE E OU SUB-BASE PARA REMENDO PROFUNDO DE SOLO BRITA (40/60) COM CIMENTO (TEOR DE 8%) - INCLUSO RETIRADA E COLOCAÇÃO DO MATERIAL. AF_12/2020","M3",404.37]
[101832,"RECOMPOSIÇÃO DE BASE E OU SUB-BASE PARA REMENDO PROFUNDO DE SOLO BRITA (50/50) COM CIMENTO (TEOR DE 4%) - INCLUSO RETIRADA E COLOCAÇÃO DO MATERIAL. AF_12/2020","M3",306.62]
[101833,"RECOMPOSIÇÃO DE BASE E OU SUB-BASE PARA REMENDO PROFUNDO DE SOLO BRITA (50/50) COM CIMENTO (TEOR DE 6%) - INCLUSO RETIRADA E COLOCAÇÃO DO MATERIAL. AF_12/2020","M3",345.38]
[101834,"RECOMPOSIÇÃO DE BASE E OU SUB-BASE PARA REMENDO PROFUNDO DE SOLO BRITA (50/50) COM CIMENTO (TEOR DE 8%) - INCLUSO RETIRADA E COLOCAÇÃO DO MATERIAL. AF_12/2020","M3",383.61]
[101835,"RECOMPOSIÇÃO DE BASE E OU SUB-BASE PARA REMENDO PROFUNDO DE BRITA GRADUADA SIMPLES - INCLUSO RETIRADA E COLOCAÇÃO DO MATERIAL. AF_12/2020","M3",366.92]
[101836,"RECOMPOSIÇÃO DE BASE E OU SUB-BASE PARA FECHAMENTO DE VALAS DE SOLOS DE COMPORTAMENTO LATERÍTICO (ARENOSO) - INCLUSO RETIRADA E COLOCAÇÃO DO MATERIAL. AF_12/2020","M3",25.19]
[101837,"RECOMPOSIÇÃO DE BASE E OU SUB-BASE PARA FECHAMENTO DE VALAS DE SOLO MELHORADO COM CIMENTO (TEOR DE 2%) - INCLUSO RETIRADA E COLOCAÇÃO DO MATERIAL. AF_12/2020","M3",70.47]
[101838,"RECOMPOSIÇÃO DE BASE E OU SUB-BASE PARA FECHAMENTO DE VALAS DE SOLO MELHORADO COM CIMENTO (TEOR DE 4%) - INCLUSO RETIRADA E COLOCAÇÃO DO MATERIAL. AF_12/2020","M3",112.63]
[101839,"RECOMPOSIÇÃO DE BASE E OU SUB-BASE PARA FECHAMENTO DE VALAS DE SOLO COM CIMENTO (TEOR DE 6%) - INCLUSO RETIRADA E COLOCAÇÃO DO MATERIAL. AF_12/2020","M3",153.65]
[101840,"RECOMPOSIÇÃO DE BASE E OU SUB-BASE PARA FECHAMENTO DE VALAS DE SOLO COM CIMENTO (TEOR DE 8%) - INCLUSO RETIRADA E COLOCAÇÃO DO MATERIAL. AF_12/2020","M3",237.51]
[101841,"RECOMPOSIÇÃO DE BASE E OU SUB-BASE PARA FECHAMENTO DE VALAS DE SOLO BRITA (40/60) - INCLUSO RETIRADA E COLOCAÇÃO DO MATERIAL. AF_12/2020","M3",160.63]
[101842,"RECOMPOSIÇÃO DE BASE E OU SUB-BASE PARA FECHAMENTO DE VALAS DE SOLO BRITA (50/50) - INCLUSO RETIRADA E COLOCAÇÃO DO MATERIAL. AF_12/2020","M3",138.06]
[101843,"RECOMPOSIÇÃO DE BASE E OU SUB-BASE PARA FECHAMENTO DE VALAS DE SOLO BRITA (40/60) COM CIMENTO (TEOR DE 4%) - INCLUSO RETIRADA E COLOCAÇÃO DO MATERIAL. AF_12/2020","M3",242.65]
[101844,"RECOMPOSIÇÃO DE BASE E OU SUB-BASE PARA FECHAMENTO DE VALAS DE SOLO BRITA (40/60) COM CIMENTO (TEOR DE 6%) - INCLUSO RETIRADA E COLOCAÇÃO DO MATERIAL. AF_12/2020","M3",280.96]
[101845,"RECOMPOSIÇÃO DE BASE E OU SUB-BASE PARA FECHAMENTO DE VALAS DE SOLO BRITA (40/60) COM CIMENTO (TEOR DE 8%) - INCLUSO RETIRADA E COLOCAÇÃO DO MATERIAL. AF_12/2020","M3",318.73]
[101846,"RECOMPOSIÇÃO DE BASE E OU SUB-BASE PARA FECHAMENTO DE VALAS DE SOLO BRITA (50/50) COM CIMENTO (TEOR DE 4%) - INCLUSO RETIRADA E COLOCAÇÃO DO MATERIAL. AF_12/2020","M3",220.98]
[101847,"RECOMPOSIÇÃO DE BASE E OU SUB-BASE PARA FECHAMENTO DE VALAS DE SOLO BRITA (50/50) COM CIMENTO (TEOR DE 6%) - INCLUSO RETIRADA E COLOCAÇÃO DO MATERIAL. AF_12/2020","M3",259.74]
[101848,"RECOMPOSIÇÃO DE BASE E OU SUB-BASE PARA FECHAMENTO DE VALAS DE SOLO BRITA (50/50) COM CIMENTO (TEOR DE 8%) - INCLUSO RETIRADA E COLOCAÇÃO DO MATERIAL. AF_12/2020","M3",297.97]
[101849,"RECOMPOSIÇÃO DE BASE E OU SUB-BASE PARA FECHAMENTO DE VALAS DE BRITA GRADUADA SIMPLES - INCLUSO RETIRADA E COLOCAÇÃO DO MATERIAL. AF_12/2020","M3",281.28]
[101850,"REASSENTAMENTO DE PARALELEPÍPEDOS, REJUNTAMENTO COM PÓ DE PEDRA, COM REAPROVEITAMENTO DOS PARALELEPÍPEDOS - INCLUSO RETIRADA E COLOCAÇÃO DO MATERIAL. AF_12/2020","M2",61.87]
[101852,"REASSENTAMENTO DE PARALELEPÍPEDOS, REJUNTAMENTO COM ARGAMASSA, COM REAPROVEITAMENTO DOS PARALELEPÍPEDOS - INCLUSO RETIRADA E COLOCAÇÃO DO MATERIAL. AF_12/2020","M2",76.82]
[101853,"REASSENTAMENTO DE PEDRAS POLIÉDRICAS, REJUNTAMENTO COM PÓ DE PEDRA, COM REAPROVEITAMENTO DAS PEDRAS POLIÉDRICAS - INCLUSO RETIRADA E COLOCAÇÃO DO MATERIAL.  AF_12/2020","M2",57.52]
[101855,"REASSENTAMENTO DE PEDRAS POLIÉDRICAS, REJUNTAMENTO COM ARGAMASSA, COM REAPROVEITAMENTO DAS PEDRAS POLIÉDRICAS - INCLUSO RETIRADA E COLOCAÇÃO DO MATERIAL. AF_12/2020","M2",84.36]
[101856,"REASSENTAMENTO DE BLOCOS PISOGRAMA PARA PISO INTERTRAVADO, COM REAPROVEITAMENTO DOS BLOCOS PISOGRAMA - INCLUSO RETIRADA E COLOCAÇÃO DO MATERIAL. AF_12/2020","M2",27.99]
[101857,"REASSENTAMENTO DE BLOCOS SEXTAVADO PARA PISO INTERTRAVADO, ESPESSURA DE 6 CM, EM CALÇADA, COM REAPROVEITAMENTO DOS BLOCOS SEXTAVADOS - INCLUSO RETIRADA E COLOCAÇÃO DO MATERIAL. AF_12/2020","M2",34.13]
[101858,"REASSENTAMENTO DE BLOCOS SEXTAVADO PARA PISO INTERTRAVADO, ESPESSURA DE 6 CM, EM VIA/ESTACIONAMENTO, COM REAPROVEITAMENTO DOS BLOCOS SEXTAVADO - INCLUSO RETIRADA E COLOCAÇÃO DO MATERIAL. AF_12/2020","M2",28.51]
[101859,"REASSENTAMENTO DE BLOCOS SEXTAVADO PARA PISO INTERTRAVADO, ESPESSURA DE 8 CM, EM VIA/ESTACIONAMENTO, COM REAPROVEITAMENTO DOS BLOCOS SEXTAVADO - INCLUSO RETIRADA E COLOCAÇÃO DO MATERIAL. AF_12/2020","M2",31.14]
[101860,"REASSENTAMENTO DE BLOCOS SEXTAVADO PARA PISO INTERTRAVADO, ESPESSURA DE 10 CM, EM VIA/ESTACIONAMENTO, COM REAPROVEITAMENTO DOS BLOCOS SEXTAVADO - INCLUSO RETIRADA E COLOCAÇÃO DO MATERIAL. AF_12/2020","M2",35.3]
[101861,"REASSENTAMENTO DE BLOCOS RETANGULAR PARA PISO INTERTRAVADO, ESPESSURA DE 4  CM, EM CALÇADA, COM REAPROVEITAMENTO DOS BLOCOS RETANGULAR - INCLUSO RETIRADA E COLOCAÇÃO DO MATERIAL. AF_12/2020","M2",33.22]
[101862,"REASSENTAMENTO DE BLOCOS RETANGULAR PARA PISO INTERTRAVADO, ESPESSURA DE 6 CM, EM CALÇADA, COM REAPROVEITAMENTO DOS BLOCOS RETANGULAR - INCLUSO RETIRADA E COLOCAÇÃO DO MATERIAL. AF_12/2020","M2",35.91]
[101863,"REASSENTAMENTO DE BLOCOS RETANGULAR PARA PISO INTERTRAVADO, ESPESSURA DE 6 CM, EM VIA/ESTACIONAMENTO, COM REAPROVEITAMENTO DOS BLOCOS RETANGULAR - INCLUSO RETIRADA E COLOCAÇÃO DO MATERIAL. AF_12/2020","M2",28.87]
[101864,"REASSENTAMENTO DE BLOCOS RETANGULAR PARA PISO INTERTRAVADO, ESPESSURA DE 8 CM, EM VIA/ESTACIONAMENTO, COM REAPROVEITAMENTO DOS BLOCOS RETANGULAR - INCLUSO RETIRADA E COLOCAÇÃO DO MATERIAL. AF_12/2020","M2",33.02]
[101865,"REASSENTAMENTO DE BLOCOS RETANGULAR PARA PISO INTERTRAVADO, ESPESSURA DE 10 CM, EM VIA/ESTACIONAMENTO, COM REAPROVEITAMENTO DOS BLOCOS RETANGULAR - INCLUSO RETIRADA E COLOCAÇÃO DO MATERIAL. AF_12/2020","M2",37.17]
[101866,"REASSENTAMENTO DE BLOCOS 16 FACES PARA PISO INTERTRAVADO, ESPESSURA DE 4  CM, EM CALÇADA, COM REAPROVEITAMENTO DOS BLOCOS 16 FACES - INCLUSO RETIRADA E COLOCAÇÃO DO MATERIAL. AF_12/2020","M2",33.42]
[101867,"REASSENTAMENTO DE BLOCOS 16 FACES PARA PISO INTERTRAVADO, ESPESSURA DE 6 CM, EM CALÇADA, COM REAPROVEITAMENTO DOS BLOCOS 16 FACES - INCLUSO RETIRADA E COLOCAÇÃO DO MATERIAL. AF_12/2020","M2",37.59]
[101868,"REASSENTAMENTO DE BLOCOS 16 FACES PARA PISO INTERTRAVADO, ESPESSURA DE 6 CM, EM VIA/ESTACIONAMENTO, COM REAPROVEITAMENTO DOS BLOCOS 16 FACES - INCLUSO RETIRADA E COLOCAÇÃO DO MATERIAL. AF_12/2020","M2",30.55]
[101869,"REASSENTAMENTO DE BLOCOS 16 FACES PARA PISO INTERTRAVADO, ESPESSURA DE 8 CM, EM VIA/ESTACIONAMENTO, COM REAPROVEITAMENTO DOS BLOCOS 16 FACES - INCLUSO RETIRADA E COLOCAÇÃO DO MATERIAL. AF_12/2020","M2",34.68]
[101870,"REASSENTAMENTO DE BLOCOS 16 FACES PARA PISO INTERTRAVADO, ESPESSURA DE 10 CM, EM VIA/ESTACIONAMENTO, COM REAPROVEITAMENTO DOS BLOCOS 16 FACES - INCLUSO RETIRADA E COLOCAÇÃO DO MATERIAL. AF_12/2020","M2",38.84]
[102098,"RECOMPOSIÇÃO DE REVESTIMENTO EM CONCRETO ASFÁLTICO (AQUISIÇÃO EM USINA), PARA O FECHAMENTO DE VALAS - INCLUSO DEMOLIÇÃO DO PAVIMENTO. AF_12/2020","M3",{"v":2532.82,"d":"2,532.82"}]
[102988,"RECOMPOSIÇÃO DE PAVIMENTO EM PISO INTERTRAVADO, COM REAPROVEITAMENTO DOS BLOCOS INTERTRAVADOS, PARA FECHAMENTO DE VALAS - INCLUSO RETIRADA E COLOCAÇÃO DO MATERIAL. AF_12/2020","M2",55.72]
[100576,"REGULARIZAÇÃO E COMPACTAÇÃO DE SUBLEITO DE SOLO PREDOMINANTEMENTE ARGILOSO, PARA OBRAS DE CONSTRUÇÃO DE PAVIMENTOS. AF_09/2024","M2",1.95]
[100577,"REGULARIZAÇÃO E COMPACTAÇÃO DE SUBLEITO DE SOLO PREDOMINANTEMENTE ARENOSO, PARA OBRAS DE CONSTRUÇÃO DE PAVIMENTOS. AF_09/2024","M2",0.44]
[105597,"REGULARIZAÇÃO E COMPACTAÇÃO DE SUBLEITO DE SOLO PREDOMINANTEMENTE ARGILOSO, PARA OBRAS DE RECONSTRUÇÃO DE PAVIMENTOS. AF_09/2024","M2",3.7]
[105598,"REGULARIZAÇÃO E COMPACTAÇÃO DE SUBLEITO DE SOLO PREDOMINANTEMENTE ARENOSO, PARA OBRAS DE RECONSTRUÇÃO DE PAVIMENTOS. AF_09/2024","M2",1.86]
[96388,"CONSTRUÇÃO DE BASE E SUB-BASE PARA PAVIMENTAÇÃO DE SOLO DE COMPORTAMENTO LATERÍTICO (ARENOSO), COM ESPESSURA DE 15 CM - EXCLUSIVE ESCAVAÇÃO, CARGA E TRANSPORTE E SOLO. AF_09/2024","M3",8.73]
[96389,"CONSTRUÇÃO DE BASE E SUB-BASE PARA PAVIMENTAÇÃO DE SOLO (PREDOMINANTEMENTE ARENOSO) MELHORADO COM CIMENTO - 2%, MISTURA EM PISTA, COM ESPESSURA DE 15 CM - EXCLUSIVE ESCAVAÇÃO, CARGA E TRANSPORTE E SOLO. AF_09/2024","M3",58.13]
[96390,"CONSTRUÇÃO DE BASE E SUB-BASE PARA PAVIMENTAÇÃO DE SOLO (PREDOMINANTEMENTE ARENOSO) MELHORADO COM CIMENTO - 4%, MISTURA EM PISTA, COM ESPESSURA DE 15 CM - EXCLUSIVE ESCAVAÇÃO, CARGA E TRANSPORTE E SOLO. AF_09/2024","M3",100.29]
[96391,"CONSTRUÇÃO DE BASE E SUB-BASE PARA PAVIMENTAÇÃO DE SOLO (PREDOMINANTEMENTE ARENOSO) COM CIMENTO - 6%, MISTURA EM PISTA, COM ESPESSURA DE 15 CM - EXCLUSIVE ESCAVAÇÃO, CARGA E TRANSPORTE E SOLO. AF_09/2024","M3",141.31]
[96392,"CONSTRUÇÃO DE BASE E SUB-BASE PARA PAVIMENTAÇÃO DE SOLO (PREDOMINANTEMENTE ARENOSO) COM CIMENTO - 8%, MISTURA EM PISTA, COM ESPESSURA DE 15 CM - EXCLUSIVE ESCAVAÇÃO, CARGA E TRANSPORTE E SOLO. AF_09/2024","M3",181.79]
[96396,"CONSTRUÇÃO DE BASE E SUB-BASE PARA PAVIMENTAÇÃO DE BRITA GRADUADA SIMPLES, COM ESPESSURA DE 15 CM - EXCLUSIVE CARGA E TRANSPORTE. AF_09/2024","M3",269.54]
[96397,"CONSTRUÇÃO DE BASE E SUB-BASE PARA PAVIMENTAÇÃO DE BRITA GRADUADA SIMPLES TRATADA COM CIMENTO, COM ESPESSURA DE 15 CM - EXCLUSIVE CARGA E TRANSPORTE. AF_09/2024","M3",348.9]
[96398,"CONSTRUÇÃO DE BASE E SUB-BASE PARA PAVIMENTAÇÃO DE CONCRETO COMPACTADO COM ROLO, COM ESPESSURA DE 15 CM - EXCLUSIVE CARGA E TRANSPORTE. AF_09/2024","M3",454.71]
[96399,"CONSTRUÇÃO DE BASE E SUB-BASE PARA PAVIMENTAÇÃO DE RACHÃO, COM ESPESSURA DE 40 CM - EXCLUSIVE CARGA E TRANSPORTE. AF_09/2024","M3",185.47]
[96400,"CONSTRUÇÃO DE BASE E SUB-BASE PARA PAVIMENTAÇÃO DE MACADAME SECO, COM ESPESSURA DE 15 CM - EXCLUSIVE CARGA E TRANSPORTE. AF_09/2024","M3",240.54]
[100564,"CONSTRUÇÃO DE BASE E SUB-BASE PARA PAVIMENTAÇÃO DE SOLO (PREDOMINANTEMENTE ARENOSO) BRITA - 40%-60%, MISTURA EM PISTA, COM ESPESSURA DE 15 CM - EXCLUSIVE ESCAVAÇÃO, CARGA E TRANSPORTE E SOLO. AF_09/2024","M3",158.2]
[100565,"CONSTRUÇÃO DE BASE E SUB-BASE PARA PAVIMENTAÇÃO DE SOLO (PREDOMINANTEMENTE ARENOSO) BRITA - 50%-50%, MISTURA EM PISTA, COM ESPESSURA DE 15 CM - EXCLUSIVE ESCAVAÇÃO, CARGA E TRANSPORTE E SOLO. AF_09/2024","M3",135.62]
[100566,"CONSTRUÇÃO DE BASE E SUB-BASE PARA PAVIMENTAÇÃO DE SOLO (PREDOMINANTEMENTE ARENOSO) BRITA - 40%-60% COM CIMENTO - 4%, MISTURA EM PISTA, COM ESPESSURA DE 15 CM - EXCLUSIVE ESCAVAÇÃO, CARGA E TRANSPORTE E SOLO. AF_09/2024","M3",240.12]
[100567,"CONSTRUÇÃO DE BASE E SUB-BASE PARA PAVIMENTAÇÃO DE SOLO (PREDOMINANTEMENTE ARENOSO) BRITA - 40%-60% COM CIMENTO - 6%, MISTURA EM PISTA, COM ESPESSURA DE 15 CM - EXCLUSIVE ESCAVAÇÃO, CARGA E TRANSPORTE E SOLO. AF_09/2024","M3",278.43]
[100568,"CONSTRUÇÃO DE BASE E SUB-BASE PARA PAVIMENTAÇÃO DE SOLO (PREDOMINANTEMENTE ARENOSO) BRITA - 40%-60% COM CIMENTO - 8%, MISTURA EM PISTA, COM ESPESSURA DE 15 CM - EXCLUSIVE ESCAVAÇÃO, CARGA E TRANSPORTE E SOLO. AF_09/2024","M3",316.2]
[100569,"CONSTRUÇÃO DE BASE E SUB-BASE PARA PAVIMENTAÇÃO DE SOLO (PREDOMINANTEMENTE ARENOSO) BRITA - 50%-50% COM CIMENTO - 4%, MISTURA EM PISTA, COM ESPESSURA DE 15 CM - EXCLUSIVE ESCAVAÇÃO, CARGA E TRANSPORTE E SOLO. AF_09/2024","M3",218.45]
[100570,"CONSTRUÇÃO DE BASE E SUB-BASE PARA PAVIMENTAÇÃO DE SOLO (PREDOMINANTEMENTE ARENOSO) BRITA - 50%-50% COM CIMENTO - 6%, MISTURA EM PISTA, COM ESPESSURA DE 15 CM - EXCLUSIVE ESCAVAÇÃO, CARGA E TRANSPORTE E SOLO. AF_09/2024","M3",257.21]
[100571,"CONSTRUÇÃO DE BASE E SUB-BASE PARA PAVIMENTAÇÃO DE SOLO (PREDOMINANTEMENTE ARENOSO) BRITA - 50%-50% COM CIMENTO - 8%, MISTURA EM PISTA, COM ESPESSURA DE 15 CM - EXCLUSIVE ESCAVAÇÃO, CARGA E TRANSPORTE E SOLO. AF_09/2024","M3",295.43]
[100572,"CONSTRUÇÃO DE BASE E SUB-BASE PARA PAVIMENTAÇÃO DE SOLO (PREDOMINANTEMENTE ARGILOSO) BRITA - 40%-60%, MISTURA EM PISTA, COM ESPESSURA DE 15 CM - EXCLUSIVE ESCAVAÇÃO, CARGA E TRANSPORTE E SOLO. AF_09/2024","M3",163.1]
[100573,"CONSTRUÇÃO DE BASE E SUB-BASE PARA PAVIMENTAÇÃO DE SOLO (PREDOMINANTEMENTE ARGILOSO) BRITA - 50%-50%, MISTURA EM PISTA, COM ESPESSURA DE 15 CM - EXCLUSIVE ESCAVAÇÃO, CARGA E TRANSPORTE E SOLO. AF_09/2024","M3",140.52]
[100574,"ESPALHAMENTO DE MATERIAL COM TRATOR DE ESTEIRAS. AF_09/2024","M3",1.33]
[100575,"REGULARIZAÇÃO DE SUPERFÍCIES COM MOTONIVELADORA. AF_09/2024","M2",1.86]
[101767,"CONSTRUÇÃO DE BASE E SUB-BASE PARA PAVIMENTAÇÃO DE SOLO ESTABILIZADO GRANULOMETRICAMENTE COM MISTURA DE SOLOS EM PISTA - EXCLUSIVE SOLO, ESCAVAÇÃO, CARGA E TRANSPORTE. AF_09/2024","M3",27.99]
[101768,"CONSTRUÇÃO DE BASE E SUB-BASE PARA PAVIMENTAÇÃO DE SOLO ESTABILIZADO GRANULOMETRICAMENTE SEM MISTURA DE SOLOS - EXCLUSIVE SOLO, ESCAVAÇÃO, CARGA E TRANSPORTE. AF_09/2024","M3",24.34]
[105566,"CONSTRUÇÃO DE BASE E SUB-BASE PARA PAVIMENTAÇÃO DE SOLO DE COMPORTAMENTO LATERÍTICO (ARENOSO), COM ESPESSURA DE 10 CM - EXCLUSIVE ESCAVAÇÃO, CARGA E TRANSPORTE E SOLO. AF_09/2024","M3",10.89]
[105567,"RECONSTRUÇÃO DE BASE E SUB-BASE PARA PAVIMENTAÇÃO DE SOLO DE COMPORTAMENTO LATERÍTICO (ARENOSO), COM ESPESSURA DE 10 CM - EXCLUSIVE ESCAVAÇÃO, CARGA E TRANSPORTE E SOLO. AF_09/2024","M3",14.33]
[105568,"RECONSTRUÇÃO DE BASE E SUB-BASE PARA PAVIMENTAÇÃO DE SOLO DE COMPORTAMENTO LATERÍTICO (ARENOSO), COM ESPESSURA DE 15 CM - EXCLUSIVE ESCAVAÇÃO, CARGA E TRANSPORTE E SOLO. AF_09/2024","M3",11.44]
[105569,"CONSTRUÇÃO DE BASE E SUB-BASE PARA PAVIMENTAÇÃO DE SOLO DE COMPORTAMENTO LATERÍTICO (ARENOSO), COM ESPESSURA DE 20 CM - EXCLUSIVE ESCAVAÇÃO, CARGA E TRANSPORTE E SOLO. AF_09/2024","M3",7.26]
[105570,"RECONSTRUÇÃO DE BASE E SUB-BASE PARA PAVIMENTAÇÃO DE SOLO DE COMPORTAMENTO LATERÍTICO (ARENOSO), COM ESPESSURA DE 20 CM - EXCLUSIVE ESCAVAÇÃO, CARGA E TRANSPORTE E SOLO. AF_09/2024","M3",9.45]
[105571,"CONSTRUÇÃO DE BASE E SUB-BASE PARA PAVIMENTAÇÃO DE SOLO (PREDOMINANTEMENTE ARENOSO) MELHORADO COM CIMENTO - 2%, MISTURA EM PISTA, COM ESPESSURA DE 10 CM - EXCLUSIVE ESCAVAÇÃO, CARGA E TRANSPORTE E SOLO. AF_09/2024","M3",63.47]
[105572,"RECONSTRUÇÃO DE BASE E SUB-BASE PARA PAVIMENTAÇÃO DE SOLO (PREDOMINANTEMENTE ARENOSO) MELHORADO COM CIMENTO - 2%, MISTURA EM PISTA, COM ESPESSURA DE 10 CM - EXCLUSIVE ESCAVAÇÃO, CARGA E TRANSPORTE E SOLO. AF_09/2024","M3",69.72]
[105573,"RECONSTRUÇÃO DE BASE E SUB-BASE PARA PAVIMENTAÇÃO DE SOLO (PREDOMINANTEMENTE ARENOSO) MELHORADO COM CIMENTO - 4%, MISTURA EM PISTA, COM ESPESSURA DE 10 CM - EXCLUSIVE ESCAVAÇÃO, CARGA E TRANSPORTE E SOLO. AF_09/2024","M3",111.88]
[105574,"RECONSTRUÇÃO DE BASE E SUB-BASE PARA PAVIMENTAÇÃO DE SOLO (PREDOMINANTEMENTE ARENOSO) MELHORADO COM CIMENTO - 2%, MISTURA EM PISTA, COM ESPESSURA DE 15 CM - EXCLUSIVE ESCAVAÇÃO, CARGA E TRANSPORTE E SOLO. AF_09/2024","M3",62.31]
[105575,"CONSTRUÇÃO DE BASE E SUB-BASE PARA PAVIMENTAÇÃO DE SOLO (PREDOMINANTEMENTE ARENOSO) MELHORADO COM CIMENTO - 2%, MISTURA EM PISTA, COM ESPESSURA DE 20 CM - EXCLUSIVE ESCAVAÇÃO, CARGA E TRANSPORTE E SOLO. AF_09/2024","M3",57.24]
[105576,"RECONSTRUÇÃO DE BASE E SUB-BASE PARA PAVIMENTAÇÃO DE SOLO (PREDOMINANTEMENTE ARENOSO) MELHORADO COM CIMENTO - 2%, MISTURA EM PISTA, COM ESPESSURA DE 20 CM - EXCLUSIVE ESCAVAÇÃO, CARGA E TRANSPORTE E SOLO. AF_09/2024","M3",61.21]
[105577,"RECONSTRUÇÃO DE BASE E SUB-BASE PARA PAVIMENTAÇÃO DE SOLO (PREDOMINANTEMENTE ARENOSO) BRITA - 40%-60%, MISTURA EM PISTA, COM ESPESSURA DE 10 CM - EXCLUSIVE ESCAVAÇÃO, CARGA E TRANSPORTE E SOLO. AF_09/2024","M3",175.78]
[105578,"RECONSTRUÇÃO DE BASE E SUB-BASE PARA PAVIMENTAÇÃO DE SOLO (PREDOMINANTEMENTE ARENOSO) BRITA - 40%-60%, MISTURA EM PISTA, COM ESPESSURA DE 15 CM - EXCLUSIVE ESCAVAÇÃO, CARGA E TRANSPORTE E SOLO. AF_09/2024","M3",166.55]
[105579,"RECONSTRUÇÃO DE BASE E SUB-BASE PARA PAVIMENTAÇÃO DE SOLO (PREDOMINANTEMENTE ARENOSO) BRITA - 50%-50%, MISTURA EM PISTA, COM ESPESSURA DE 10 CM - EXCLUSIVE ESCAVAÇÃO, CARGA E TRANSPORTE E SOLO. AF_09/2024","M3",153.2]
[105580,"RECONSTRUÇÃO DE BASE E SUB-BASE PARA PAVIMENTAÇÃO DE SOLO (PREDOMINANTEMENTE ARENOSO) BRITA - 50%-50%, MISTURA EM PISTA, COM ESPESSURA DE 15 CM - EXCLUSIVE ESCAVAÇÃO, CARGA E TRANSPORTE E SOLO. AF_09/2024","M3",143.97]
[105581,"CONSTRUÇÃO DE BASE E SUB-BASE PARA PAVIMENTAÇÃO DE SOLO (PREDOMINANTEMENTE ARENOSO) BRITA - 50%-50%, MISTURA EM PISTA, COM ESPESSURA DE 20 CM - EXCLUSIVE ESCAVAÇÃO, CARGA E TRANSPORTE E SOLO. AF_09/2024","M3",132.29]
[105582,"RECONSTRUÇÃO DE BASE E SUB-BASE PARA PAVIMENTAÇÃO DE SOLO (PREDOMINANTEMENTE ARENOSO) BRITA - 50%-50%, MISTURA EM PISTA, COM ESPESSURA DE 20 CM - EXCLUSIVE ESCAVAÇÃO, CARGA E TRANSPORTE E SOLO. AF_09/2024","M3",139.32]
[105585,"CONSTRUÇÃO DE BASE E SUB-BASE PARA PAVIMENTAÇÃO DE SOLO (PREDOMINANTEMENTE ARGILOSO) BRITA - 40%-60%, MISTURA EM PISTA, COM ESPESSURA DE 10 CM - EXCLUSIVE ESCAVAÇÃO, CARGA E TRANSPORTE E SOLO. AF_09/2024","M3",172.18]
[105586,"RECONSTRUÇÃO DE BASE E SUB-BASE PARA PAVIMENTAÇÃO DE SOLO (PREDOMINANTEMENTE ARGILOSO) BRITA - 40%-60%, MISTURA EM PISTA, COM ESPESSURA DE 10 CM - EXCLUSIVE ESCAVAÇÃO, CARGA E TRANSPORTE E SOLO. AF_09/2024","M3",186.31]
[105587,"RECONSTRUÇÃO DE BASE E SUB-BASE PARA PAVIMENTAÇÃO DE SOLO (PREDOMINANTEMENTE ARGILOSO) BRITA - 40%-60%, MISTURA EM PISTA, COM ESPESSURA DE 15 CM - EXCLUSIVE ESCAVAÇÃO, CARGA E TRANSPORTE E SOLO. AF_09/2024","M3",173.58]
[105588,"CONSTRUÇÃO DE BASE E SUB-BASE PARA PAVIMENTAÇÃO DE SOLO (PREDOMINANTEMENTE ARGILOSO) BRITA - 40%-60%, MISTURA EM PISTA, COM ESPESSURA DE 20 CM - EXCLUSIVE ESCAVAÇÃO, CARGA E TRANSPORTE E SOLO. AF_09/2024","M3",162.16]
[105589,"RECONSTRUÇÃO DE BASE E SUB-BASE PARA PAVIMENTAÇÃO DE SOLO (PREDOMINANTEMENTE ARGILOSO) BRITA - 40%-60%, MISTURA EM PISTA, COM ESPESSURA DE 20 CM - EXCLUSIVE ESCAVAÇÃO, CARGA E TRANSPORTE E SOLO. AF_09/2024","M3",172.37]
[105592,"CONSTRUÇÃO DE BASE E SUB-BASE PARA PAVIMENTAÇÃO DE SOLO (PREDOMINANTEMENTE ARGILOSO) BRITA - 50%-50%, MISTURA EM PISTA, COM ESPESSURA DE 10 CM - EXCLUSIVE ESCAVAÇÃO, CARGA E TRANSPORTE E SOLO. AF_09/2024","M3",149.6]
[105593,"RECONSTRUÇÃO DE BASE E SUB-BASE PARA PAVIMENTAÇÃO DE SOLO (PREDOMINANTEMENTE ARGILOSO) BRITA - 50%-50%, MISTURA EM PISTA, COM ESPESSURA DE 10 CM - EXCLUSIVE ESCAVAÇÃO, CARGA E TRANSPORTE E SOLO. AF_09/2024","M3",163.73]
[105594,"RECONSTRUÇÃO DE BASE E SUB-BASE PARA PAVIMENTAÇÃO DE SOLO (PREDOMINANTEMENTE ARGILOSO) BRITA - 50%-50%, MISTURA EM PISTA, COM ESPESSURA DE 15 CM - EXCLUSIVE ESCAVAÇÃO, CARGA E TRANSPORTE E SOLO. AF_09/2024","M3",151]
[105595,"CONSTRUÇÃO DE BASE E SUB-BASE PARA PAVIMENTAÇÃO DE SOLO (PREDOMINANTEMENTE ARGILOSO) BRITA - 50%-50%, MISTURA EM PISTA, COM ESPESSURA DE 20 CM - EXCLUSIVE ESCAVAÇÃO, CARGA E TRANSPORTE E SOLO. AF_09/2024","M3",139.58]
[105596,"RECONSTRUÇÃO DE BASE E SUB-BASE PARA PAVIMENTAÇÃO DE SOLO (PREDOMINANTEMENTE ARGILOSO) BRITA - 50%-50%, MISTURA EM PISTA, COM ESPESSURA DE 20 CM - EXCLUSIVE ESCAVAÇÃO, CARGA E TRANSPORTE E SOLO. AF_09/2024","M3",149.79]
[105623,"CONSTRUÇÃO DE BASE E SUB-BASE PARA PAVIMENTAÇÃO DE SOLO (PREDOMINANTEMENTE ARENOSO) MELHORADO COM CIMENTO - 4%, MISTURA EM PISTA, COM ESPESSURA DE 10 CM - EXCLUSIVE ESCAVAÇÃO, CARGA E TRANSPORTE E SOLO. AF_09/2024","M3",105.63]
[105624,"CONSTRUÇÃO DE BASE E SUB-BASE PARA PAVIMENTAÇÃO DE SOLO (PREDOMINANTEMENTE ARENOSO) COM CIMENTO - 6%, MISTURA EM PISTA, COM ESPESSURA DE 10 CM - EXCLUSIVE ESCAVAÇÃO, CARGA E TRANSPORTE E SOLO. AF_09/2024","M3",146.65]
[105625,"CONSTRUÇÃO DE BASE E SUB-BASE PARA PAVIMENTAÇÃO DE SOLO (PREDOMINANTEMENTE ARENOSO) COM CIMENTO - 8%, MISTURA EM PISTA, COM ESPESSURA DE 10 CM - EXCLUSIVE ESCAVAÇÃO, CARGA E TRANSPORTE E SOLO. AF_09/2024","M3",187.13]
[105626,"RECONSTRUÇÃO DE BASE E SUB-BASE PARA PAVIMENTAÇÃO DE SOLO (PREDOMINANTEMENTE ARENOSO) COM CIMENTO - 6%, MISTURA EM PISTA, COM ESPESSURA DE 10 CM - EXCLUSIVE ESCAVAÇÃO, CARGA E TRANSPORTE E SOLO. AF_09/2024","M3",152.9]
[105627,"RECONSTRUÇÃO DE BASE E SUB-BASE PARA PAVIMENTAÇÃO DE SOLO (PREDOMINANTEMENTE ARENOSO) COM CIMENTO - 8%, MISTURA EM PISTA, COM ESPESSURA DE 10 CM - EXCLUSIVE ESCAVAÇÃO, CARGA E TRANSPORTE E SOLO. AF_09/2024","M3",193.38]
[105628,"RECONSTRUÇÃO DE BASE E SUB-BASE PARA PAVIMENTAÇÃO DE SOLO (PREDOMINANTEMENTE ARENOSO) MELHORADO COM CIMENTO - 4%, MISTURA EM PISTA, COM ESPESSURA DE 15 CM - EXCLUSIVE ESCAVAÇÃO, CARGA E TRANSPORTE E SOLO. AF_09/2024","M3",104.47]
[105629,"RECONSTRUÇÃO DE BASE E SUB-BASE PARA PAVIMENTAÇÃO DE SOLO (PREDOMINANTEMENTE ARENOSO) COM CIMENTO - 6%, MISTURA EM PISTA, COM ESPESSURA DE 15 CM - EXCLUSIVE ESCAVAÇÃO, CARGA E TRANSPORTE E SOLO. AF_09/2024","M3",145.49]
[105630,"RECONSTRUÇÃO DE BASE E SUB-BASE PARA PAVIMENTAÇÃO DE SOLO (PREDOMINANTEMENTE ARENOSO) COM CIMENTO - 8%, MISTURA EM PISTA, COM ESPESSURA DE 15 CM - EXCLUSIVE ESCAVAÇÃO, CARGA E TRANSPORTE E SOLO. AF_09/2024","M3",185.97]
[105631,"CONSTRUÇÃO DE BASE E SUB-BASE PARA PAVIMENTAÇÃO DE SOLO (PREDOMINANTEMENTE ARENOSO) MELHORADO COM CIMENTO - 4%, MISTURA EM PISTA, COM ESPESSURA DE 20 CM - EXCLUSIVE ESCAVAÇÃO, CARGA E TRANSPORTE E SOLO. AF_09/2024","M3",99.4]
[105632,"CONSTRUÇÃO DE BASE E SUB-BASE PARA PAVIMENTAÇÃO DE SOLO (PREDOMINANTEMENTE ARENOSO) COM CIMENTO - 6%, MISTURA EM PISTA, COM ESPESSURA DE 20 CM - EXCLUSIVE ESCAVAÇÃO, CARGA E TRANSPORTE E SOLO. AF_09/2024","M3",140.42]
[105633,"CONSTRUÇÃO DE BASE E SUB-BASE PARA PAVIMENTAÇÃO DE SOLO (PREDOMINANTEMENTE ARENOSO) COM CIMENTO - 8%, MISTURA EM PISTA, COM ESPESSURA DE 20 CM - EXCLUSIVE ESCAVAÇÃO, CARGA E TRANSPORTE E SOLO. AF_09/2024","M3",180.9]
[105634,"RECONSTRUÇÃO DE BASE E SUB-BASE PARA PAVIMENTAÇÃO DE SOLO (PREDOMINANTEMENTE ARENOSO) MELHORADO COM CIMENTO - 4%, MISTURA EM PISTA, COM ESPESSURA DE 20 CM - EXCLUSIVE ESCAVAÇÃO, CARGA E TRANSPORTE E SOLO. AF_09/2024","M3",103.37]
[105635,"RECONSTRUÇÃO DE BASE E SUB-BASE PARA PAVIMENTAÇÃO DE SOLO (PREDOMINANTEMENTE ARENOSO) COM CIMENTO - 6%, MISTURA EM PISTA, COM ESPESSURA DE 20 CM - EXCLUSIVE ESCAVAÇÃO, CARGA E TRANSPORTE E SOLO. AF_09/2024","M3",144.39]
[105636,"RECONSTRUÇÃO DE BASE E SUB-BASE PARA PAVIMENTAÇÃO DE SOLO (PREDOMINANTEMENTE ARENOSO) COM CIMENTO - 8%, MISTURA EM PISTA, COM ESPESSURA DE 20 CM - EXCLUSIVE ESCAVAÇÃO, CARGA E TRANSPORTE E SOLO. AF_09/2024","M3",184.87]
[105657,"CONSTRUÇÃO DE BASE E SUB-BASE PARA PAVIMENTAÇÃO DE SOLO (PREDOMINANTEMENTE ARENOSO) BRITA - 40%-60% COM CIMENTO - 4%, MISTURA EM PISTA, COM ESPESSURA DE 10 CM - EXCLUSIVE ESCAVAÇÃO, CARGA E TRANSPORTE E SOLO. AF_09/2024","M3",246.76]
[105658,"CONSTRUÇÃO DE BASE E SUB-BASE PARA PAVIMENTAÇÃO DE SOLO (PREDOMINANTEMENTE ARENOSO) BRITA - 40%-60% COM CIMENTO - 6%, MISTURA EM PISTA, COM ESPESSURA DE 10 CM - EXCLUSIVE ESCAVAÇÃO, CARGA E TRANSPORTE E SOLO. AF_09/2024","M3",285.07]
[105659,"CONSTRUÇÃO DE BASE E SUB-BASE PARA PAVIMENTAÇÃO DE SOLO (PREDOMINANTEMENTE ARENOSO) BRITA - 40%-60% COM CIMENTO - 8%, MISTURA EM PISTA, COM ESPESSURA DE 10 CM - EXCLUSIVE ESCAVAÇÃO, CARGA E TRANSPORTE E SOLO. AF_09/2024","M3",322.84]
[105660,"RECONSTRUÇÃO DE BASE E SUB-BASE PARA PAVIMENTAÇÃO DE SOLO (PREDOMINANTEMENTE ARENOSO) BRITA - 40%-60% COM CIMENTO - 4%, MISTURA EM PISTA, COM ESPESSURA DE 10 CM - EXCLUSIVE ESCAVAÇÃO, CARGA E TRANSPORTE E SOLO. AF_09/2024","M3",257.71]
[105661,"RECONSTRUÇÃO DE BASE E SUB-BASE PARA PAVIMENTAÇÃO DE SOLO (PREDOMINANTEMENTE ARENOSO) BRITA - 40%-60% COM CIMENTO - 6%, MISTURA EM PISTA, COM ESPESSURA DE 10 CM - EXCLUSIVE ESCAVAÇÃO, CARGA E TRANSPORTE E SOLO. AF_09/2024","M3",296.02]
[105662,"RECONSTRUÇÃO DE BASE E SUB-BASE PARA PAVIMENTAÇÃO DE SOLO (PREDOMINANTEMENTE ARENOSO) BRITA - 40%-60% COM CIMENTO - 8%, MISTURA EM PISTA, COM ESPESSURA DE 10 CM - EXCLUSIVE ESCAVAÇÃO, CARGA E TRANSPORTE E SOLO. AF_09/2024","M3",333.79]
[105663,"RECONSTRUÇÃO DE BASE E SUB-BASE PARA PAVIMENTAÇÃO DE SOLO (PREDOMINANTEMENTE ARENOSO) BRITA - 40%-60% COM CIMENTO - 4%, MISTURA EM PISTA, COM ESPESSURA DE 15 CM - EXCLUSIVE ESCAVAÇÃO, CARGA E TRANSPORTE E SOLO. AF_09/2024","M3",248.48]
[105664,"RECONSTRUÇÃO DE BASE E SUB-BASE PARA PAVIMENTAÇÃO DE SOLO (PREDOMINANTEMENTE ARENOSO) BRITA - 40%-60% COM CIMENTO - 6%, MISTURA EM PISTA, COM ESPESSURA DE 15 CM - EXCLUSIVE ESCAVAÇÃO, CARGA E TRANSPORTE E SOLO. AF_09/2024","M3",286.79]
[105665,"RECONSTRUÇÃO DE BASE E SUB-BASE PARA PAVIMENTAÇÃO DE SOLO (PREDOMINANTEMENTE ARENOSO) BRITA - 40%-60% COM CIMENTO - 8%, MISTURA EM PISTA, COM ESPESSURA DE 15 CM - EXCLUSIVE ESCAVAÇÃO, CARGA E TRANSPORTE E SOLO. AF_09/2024","M3",324.56]
[105666,"CONSTRUÇÃO DE BASE E SUB-BASE PARA PAVIMENTAÇÃO DE SOLO (PREDOMINANTEMENTE ARENOSO) BRITA - 40%-60% COM CIMENTO - 4%, MISTURA EM PISTA, COM ESPESSURA DE 20 CM - EXCLUSIVE ESCAVAÇÃO, CARGA E TRANSPORTE E SOLO. AF_09/2024","M3",236.8]
[105667,"CONSTRUÇÃO DE BASE E SUB-BASE PARA PAVIMENTAÇÃO DE SOLO (PREDOMINANTEMENTE ARENOSO) BRITA - 40%-60% COM CIMENTO - 6%, MISTURA EM PISTA, COM ESPESSURA DE 20 CM - EXCLUSIVE ESCAVAÇÃO, CARGA E TRANSPORTE E SOLO. AF_09/2024","M3",275.11]
[105668,"CONSTRUÇÃO DE BASE E SUB-BASE PARA PAVIMENTAÇÃO DE SOLO (PREDOMINANTEMENTE ARENOSO) BRITA - 40%-60% COM CIMENTO - 8%, MISTURA EM PISTA, COM ESPESSURA DE 20 CM - EXCLUSIVE ESCAVAÇÃO, CARGA E TRANSPORTE E SOLO. AF_09/2024","M3",312.88]
[105669,"RECONSTRUÇÃO DE BASE E SUB-BASE PARA PAVIMENTAÇÃO DE SOLO (PREDOMINANTEMENTE ARENOSO) BRITA - 40%-60% COM CIMENTO - 4%, MISTURA EM PISTA, COM ESPESSURA DE 20 CM - EXCLUSIVE ESCAVAÇÃO, CARGA E TRANSPORTE E SOLO. AF_09/2024","M3",243.83]
[105670,"RECONSTRUÇÃO DE BASE E SUB-BASE PARA PAVIMENTAÇÃO DE SOLO (PREDOMINANTEMENTE ARENOSO) BRITA - 40%-60% COM CIMENTO - 6%, MISTURA EM PISTA, COM ESPESSURA DE 20 CM - EXCLUSIVE ESCAVAÇÃO, CARGA E TRANSPORTE E SOLO. AF_09/2024","M3",282.14]
[105671,"RECONSTRUÇÃO DE BASE E SUB-BASE PARA PAVIMENTAÇÃO DE SOLO (PREDOMINANTEMENTE ARENOSO) BRITA - 40%-60% COM CIMENTO - 8%, MISTURA EM PISTA, COM ESPESSURA DE 20 CM - EXCLUSIVE ESCAVAÇÃO, CARGA E TRANSPORTE E SOLO. AF_09/2024","M3",319.91]
[105690,"CONSTRUÇÃO DE BASE E SUB-BASE PARA PAVIMENTAÇÃO DE SOLO (PREDOMINANTEMENTE ARENOSO) BRITA - 50%-50% COM CIMENTO - 4%, MISTURA EM PISTA, COM ESPESSURA DE 10 CM - EXCLUSIVE ESCAVAÇÃO, CARGA E TRANSPORTE E SOLO. AF_09/2024","M3",225.09]
[105691,"CONSTRUÇÃO DE BASE E SUB-BASE PARA PAVIMENTAÇÃO DE SOLO (PREDOMINANTEMENTE ARENOSO) BRITA - 50%-50% COM CIMENTO - 6%, MISTURA EM PISTA, COM ESPESSURA DE 10 CM - EXCLUSIVE ESCAVAÇÃO, CARGA E TRANSPORTE E SOLO. AF_09/2024","M3",263.85]
[105692,"CONSTRUÇÃO DE BASE E SUB-BASE PARA PAVIMENTAÇÃO DE SOLO (PREDOMINANTEMENTE ARENOSO) BRITA - 50%-50% COM CIMENTO - 8%, MISTURA EM PISTA, COM ESPESSURA DE 10 CM - EXCLUSIVE ESCAVAÇÃO, CARGA E TRANSPORTE E SOLO. AF_09/2024","M3",302.07]
[105693,"RECONSTRUÇÃO DE BASE E SUB-BASE PARA PAVIMENTAÇÃO DE SOLO (PREDOMINANTEMENTE ARENOSO) BRITA - 50%-50% COM CIMENTO - 4%, MISTURA EM PISTA, COM ESPESSURA DE 10 CM - EXCLUSIVE ESCAVAÇÃO, CARGA E TRANSPORTE E SOLO. AF_09/2024","M3",236.04]
[105694,"RECONSTRUÇÃO DE BASE E SUB-BASE PARA PAVIMENTAÇÃO DE SOLO (PREDOMINANTEMENTE ARENOSO) BRITA - 50%-50% COM CIMENTO - 6%, MISTURA EM PISTA, COM ESPESSURA DE 10 CM - EXCLUSIVE ESCAVAÇÃO, CARGA E TRANSPORTE E SOLO. AF_09/2024","M3",274.8]
[105695,"RECONSTRUÇÃO DE BASE E SUB-BASE PARA PAVIMENTAÇÃO DE SOLO (PREDOMINANTEMENTE ARENOSO) BRITA - 50%-50% COM CIMENTO - 8%, MISTURA EM PISTA, COM ESPESSURA DE 10 CM - EXCLUSIVE ESCAVAÇÃO, CARGA E TRANSPORTE E SOLO. AF_09/2024","M3",313.02]
[105696,"RECONSTRUÇÃO DE BASE E SUB-BASE PARA PAVIMENTAÇÃO DE SOLO (PREDOMINANTEMENTE ARENOSO) BRITA - 50%-50% COM CIMENTO - 4%, MISTURA EM PISTA, COM ESPESSURA DE 15 CM - EXCLUSIVE ESCAVAÇÃO, CARGA E TRANSPORTE E SOLO. AF_09/2024","M3",226.81]
[105697,"RECONSTRUÇÃO DE BASE E SUB-BASE PARA PAVIMENTAÇÃO DE SOLO (PREDOMINANTEMENTE ARENOSO) BRITA - 50%-50% COM CIMENTO - 6%, MISTURA EM PISTA, COM ESPESSURA DE 15 CM - EXCLUSIVE ESCAVAÇÃO, CARGA E TRANSPORTE E SOLO. AF_09/2024","M3",265.57]
[105698,"RECONSTRUÇÃO DE BASE E SUB-BASE PARA PAVIMENTAÇÃO DE SOLO (PREDOMINANTEMENTE ARENOSO) BRITA - 50%-50% COM CIMENTO - 8%, MISTURA EM PISTA, COM ESPESSURA DE 15 CM - EXCLUSIVE ESCAVAÇÃO, CARGA E TRANSPORTE E SOLO. AF_09/2024","M3",303.79]
[105699,"CONSTRUÇÃO DE BASE E SUB-BASE PARA PAVIMENTAÇÃO DE SOLO (PREDOMINANTEMENTE ARENOSO) BRITA - 50%-50% COM CIMENTO - 4%, MISTURA EM PISTA, COM ESPESSURA DE 20 CM - EXCLUSIVE ESCAVAÇÃO, CARGA E TRANSPORTE E SOLO. AF_09/2024","M3",215.13]
[105700,"CONSTRUÇÃO DE BASE E SUB-BASE PARA PAVIMENTAÇÃO DE SOLO (PREDOMINANTEMENTE ARENOSO) BRITA - 50%-50% COM CIMENTO - 6%, MISTURA EM PISTA, COM ESPESSURA DE 20 CM - EXCLUSIVE ESCAVAÇÃO, CARGA E TRANSPORTE E SOLO. AF_09/2024","M3",253.89]
[105701,"CONSTRUÇÃO DE BASE E SUB-BASE PARA PAVIMENTAÇÃO DE SOLO (PREDOMINANTEMENTE ARENOSO) BRITA - 50%-50% COM CIMENTO - 8%, MISTURA EM PISTA, COM ESPESSURA DE 20 CM - EXCLUSIVE ESCAVAÇÃO, CARGA E TRANSPORTE E SOLO. AF_09/2024","M3",292.11]
[105702,"RECONSTRUÇÃO DE BASE E SUB-BASE PARA PAVIMENTAÇÃO DE SOLO (PREDOMINANTEMENTE ARENOSO) BRITA - 50%-50% COM CIMENTO - 4%, MISTURA EM PISTA, COM ESPESSURA DE 20 CM - EXCLUSIVE ESCAVAÇÃO, CARGA E TRANSPORTE E SOLO. AF_09/2024","M3",222.16]
[105703,"RECONSTRUÇÃO DE BASE E SUB-BASE PARA PAVIMENTAÇÃO DE SOLO (PREDOMINANTEMENTE ARENOSO) BRITA - 50%-50% COM CIMENTO - 6%, MISTURA EM PISTA, COM ESPESSURA DE 20 CM - EXCLUSIVE ESCAVAÇÃO, CARGA E TRANSPORTE E SOLO. AF_09/2024","M3",260.92]
[105704,"RECONSTRUÇÃO DE BASE E SUB-BASE PARA PAVIMENTAÇÃO DE SOLO (PREDOMINANTEMENTE ARENOSO) BRITA - 50%-50% COM CIMENTO - 8%, MISTURA EM PISTA, COM ESPESSURA DE 20 CM - EXCLUSIVE ESCAVAÇÃO, CARGA E TRANSPORTE E SOLO. AF_09/2024","M3",299.14]
[105710,"CONSTRUÇÃO DE BASE E SUB-BASE PARA PAVIMENTAÇÃO DE SOLO (PREDOMINANTEMENTE ARENOSO) BRITA - 40%-60%, MISTURA EM PISTA, COM ESPESSURA DE 10 CM - EXCLUSIVE ESCAVAÇÃO, CARGA E TRANSPORTE E SOLO. AF_09/2024","M3",164.83]
[105711,"CONSTRUÇÃO DE BASE E SUB-BASE PARA PAVIMENTAÇÃO DE SOLO (PREDOMINANTEMENTE ARENOSO) BRITA - 40%-60%, MISTURA EM PISTA, COM ESPESSURA DE 20 CM - EXCLUSIVE ESCAVAÇÃO, CARGA E TRANSPORTE E SOLO. AF_09/2024","M3",154.87]
[105712,"RECONSTRUÇÃO DE BASE E SUB-BASE PARA PAVIMENTAÇÃO DE SOLO (PREDOMINANTEMENTE ARENOSO) BRITA - 40%-60%, MISTURA EM PISTA, COM ESPESSURA DE 20 CM - EXCLUSIVE ESCAVAÇÃO, CARGA E TRANSPORTE E SOLO. AF_09/2024","M3",161.9]
[105718,"CONSTRUÇÃO DE BASE E SUB-BASE PARA PAVIMENTAÇÃO DE SOLO (PREDOMINANTEMENTE ARENOSO) BRITA - 50%-50%, MISTURA EM PISTA, COM ESPESSURA DE 10 CM - EXCLUSIVE ESCAVAÇÃO, CARGA E TRANSPORTE E SOLO. AF_09/2024","M3",142.25]
[105727,"CONSTRUÇÃO DE BASE E SUB-BASE PARA PAVIMENTAÇÃO DE BRITA GRADUADA SIMPLES, COM ESPESSURA DE 10 CM - EXCLUSIVE CARGA E TRANSPORTE. AF_09/2024","M3",272.82]
[105728,"RECONSTRUÇÃO DE BASE E SUB-BASE PARA PAVIMENTAÇÃO DE BRITA GRADUADA SIMPLES, COM ESPESSURA DE 10 CM - EXCLUSIVE CARGA E TRANSPORTE. AF_09/2024","M3",278.81]
[105729,"RECONSTRUÇÃO DE BASE E SUB-BASE PARA PAVIMENTAÇÃO DE BRITA GRADUADA SIMPLES, COM ESPESSURA DE 15 CM - EXCLUSIVE CARGA E TRANSPORTE. AF_09/2024","M3",274.33]
[105730,"CONSTRUÇÃO DE BASE E SUB-BASE PARA PAVIMENTAÇÃO DE BRITA GRADUADA SIMPLES, COM ESPESSURA DE 20 CM - EXCLUSIVE CARGA E TRANSPORTE. AF_09/2024","M3",267.87]
[105731,"RECONSTRUÇÃO DE BASE E SUB-BASE PARA PAVIMENTAÇÃO DE BRITA GRADUADA SIMPLES, COM ESPESSURA DE 20 CM - EXCLUSIVE CARGA E TRANSPORTE. AF_09/2024","M3",272.06]
[105732,"CONSTRUÇÃO DE BASE E SUB-BASE PARA PAVIMENTAÇÃO DE BRITA GRADUADA SIMPLES TRATADA COM CIMENTO, COM ESPESSURA DE 10 CM - EXCLUSIVE CARGA E TRANSPORTE. AF_09/2024","M3",353.14]
[105733,"RECONSTRUÇÃO DE BASE E SUB-BASE PARA PAVIMENTAÇÃO DE BRITA GRADUADA SIMPLES TRATADA COM CIMENTO, COM ESPESSURA DE 10 CM - EXCLUSIVE CARGA E TRANSPORTE. AF_09/2024","M3",360.33]
[105734,"RECONSTRUÇÃO DE BASE E SUB-BASE PARA PAVIMENTAÇÃO DE BRITA GRADUADA SIMPLES TRATADA COM CIMENTO, COM ESPESSURA DE 15 CM - EXCLUSIVE CARGA E TRANSPORTE. AF_09/2024","M3",354.48]
[105735,"CONSTRUÇÃO DE BASE E SUB-BASE PARA PAVIMENTAÇÃO DE BRITA GRADUADA SIMPLES TRATADA COM CIMENTO, COM ESPESSURA DE 20 CM - EXCLUSIVE CARGA E TRANSPORTE. AF_09/2024","M3",346.77]
[105736,"RECONSTRUÇÃO DE BASE E SUB-BASE PARA PAVIMENTAÇÃO DE BRITA GRADUADA SIMPLES TRATADA COM CIMENTO, COM ESPESSURA DE 20 CM - EXCLUSIVE CARGA E TRANSPORTE. AF_09/2024","M3",351.56]
[105737,"CONSTRUÇÃO DE BASE E SUB-BASE PARA PAVIMENTAÇÃO DE CONCRETO COMPACTADO COM ROLO, COM ESPESSURA DE 10 CM - EXCLUSIVE CARGA E TRANSPORTE. AF_09/2024","M3",457.89]
[105738,"RECONSTRUÇÃO DE BASE E SUB-BASE PARA PAVIMENTAÇÃO DE CONCRETO COMPACTADO COM ROLO, COM ESPESSURA DE 10 CM - EXCLUSIVE CARGA E TRANSPORTE. AF_09/2024","M3",463.88]
[105739,"RECONSTRUÇÃO DE BASE E SUB-BASE PARA PAVIMENTAÇÃO DE CONCRETO COMPACTADO COM ROLO, COM ESPESSURA DE 15 CM - EXCLUSIVE CARGA E TRANSPORTE. AF_09/2024","M3",459.5]
[105740,"CONSTRUÇÃO DE BASE E SUB-BASE PARA PAVIMENTAÇÃO DE CONCRETO COMPACTADO COM ROLO, COM ESPESSURA DE 20 CM - EXCLUSIVE CARGA E TRANSPORTE. AF_09/2024","M3",452.99]
[105741,"RECONSTRUÇÃO DE BASE E SUB-BASE PARA PAVIMENTAÇÃO DE CONCRETO COMPACTADO COM ROLO, COM ESPESSURA DE 20 CM - EXCLUSIVE CARGA E TRANSPORTE. AF_09/2024","M3",457.19]
[105742,"CONSTRUÇÃO DE BASE E SUB-BASE PARA PAVIMENTAÇÃO DE RACHÃO, COM ESPESSURA DE 30 CM - EXCLUSIVE CARGA E TRANSPORTE. AF_09/2024","M3",186.97]
[105743,"RECONSTRUÇÃO DE BASE E SUB-BASE PARA PAVIMENTAÇÃO DE RACHÃO, COM ESPESSURA DE 30 CM - EXCLUSIVE CARGA E TRANSPORTE. AF_09/2024","M3",193.38]
[105744,"RECONSTRUÇÃO DE BASE E SUB-BASE PARA PAVIMENTAÇÃO DE RACHÃO, COM ESPESSURA DE 40 CM - EXCLUSIVE CARGA E TRANSPORTE. AF_09/2024","M3",191.3]
[105745,"CONSTRUÇÃO DE BASE E SUB-BASE PARA PAVIMENTAÇÃO DE RACHÃO, COM ESPESSURA DE 50 CM - EXCLUSIVE CARGA E TRANSPORTE. AF_09/2024","M3",183.96]
[105746,"RECONSTRUÇÃO DE BASE E SUB-BASE PARA PAVIMENTAÇÃO DE RACHÃO, COM ESPESSURA DE 50 CM - EXCLUSIVE CARGA E TRANSPORTE. AF_09/2024","M3",189.2]
[105747,"CONSTRUÇÃO DE BASE E SUB-BASE PARA PAVIMENTAÇÃO DE RACHÃO, COM ESPESSURA DE 60 CM - EXCLUSIVE CARGA E TRANSPORTE. AF_09/2024","M3",182.43]
[105748,"RECONSTRUÇÃO DE BASE E SUB-BASE PARA PAVIMENTAÇÃO DE RACHÃO, COM ESPESSURA DE 60 CM - EXCLUSIVE CARGA E TRANSPORTE. AF_09/2024","M3",187.07]
[105749,"CONSTRUÇÃO DE BASE E SUB-BASE PARA PAVIMENTAÇÃO DE MACADAME SECO, COM ESPESSURA DE 10 CM - EXCLUSIVE CARGA E TRANSPORTE. AF_09/2024","M3",242.26]
[105750,"RECONSTRUÇÃO DE BASE E SUB-BASE PARA PAVIMENTAÇÃO DE MACADAME SECO, COM ESPESSURA DE 10 CM - EXCLUSIVE CARGA E TRANSPORTE. AF_09/2024","M3",251.48]
[105751,"RECONSTRUÇÃO DE BASE E SUB-BASE PARA PAVIMENTAÇÃO DE MACADAME SECO, COM ESPESSURA DE 15 CM - EXCLUSIVE CARGA E TRANSPORTE. AF_09/2024","M3",249.26]
[105752,"CONSTRUÇÃO DE BASE E SUB-BASE PARA PAVIMENTAÇÃO DE MACADAME SECO, COM ESPESSURA DE 20 CM - EXCLUSIVE CARGA E TRANSPORTE. AF_09/2024","M3",239.03]
[105753,"RECONSTRUÇÃO DE BASE E SUB-BASE PARA PAVIMENTAÇÃO DE MACADAME SECO, COM ESPESSURA DE 20 CM - EXCLUSIVE CARGA E TRANSPORTE. AF_09/2024","M3",247.25]
[105754,"CONSTRUÇÃO DE BASE E SUB-BASE PARA PAVIMENTAÇÃO DE MACADAME SECO, COM ESPESSURA DE 25 CM - EXCLUSIVE CARGA E TRANSPORTE. AF_09/2024","M3",237.61]
[105755,"RECONSTRUÇÃO DE BASE E SUB-BASE PARA PAVIMENTAÇÃO DE MACADAME SECO, COM ESPESSURA DE 25 CM - EXCLUSIVE CARGA E TRANSPORTE. AF_09/2024","M3",245.33]
[92391,"EXECUÇÃO DE PAVIMENTO EM PISO INTERTRAVADO, COM BLOCO PISOGRAMA DE 35 X 15 CM, ESPESSURA 6 CM. AF_10/2022","M2",92.53]
[92392,"EXECUÇÃO DE PAVIMENTO EM PISO INTERTRAVADO, COM BLOCO PISOGRAMA DE 35 X 15 CM, ESPESSURA 8 CM. AF_10/2022","M2",193.84]
[92393,"EXECUÇÃO DE PAVIMENTO EM PISO INTERTRAVADO, COM BLOCO SEXTAVADO DE 25 X 25 CM, ESPESSURA 6 CM. AF_10/2022","M2",90.61]
[92394,"EXECUÇÃO DE PAVIMENTO EM PISO INTERTRAVADO, COM BLOCO SEXTAVADO DE 25 X 25 CM, ESPESSURA 8 CM. AF_10/2022","M2",112.49]
[92395,"EXECUÇÃO DE PAVIMENTO EM PISO INTERTRAVADO, COM BLOCO SEXTAVADO DE 25 X 25 CM, ESPESSURA 10 CM. AF_10/2022","M2",134.59]
[92396,"EXECUÇÃO DE PASSEIO EM PISO INTERTRAVADO, COM BLOCO RETANGULAR COR NATURAL DE 20 X 10 CM, ESPESSURA 6 CM. AF_10/2022","M2",104.11]
[92397,"EXECUÇÃO DE PAVIMENTO EM PISO INTERTRAVADO, COM BLOCO RETANGULAR COR NATURAL DE 20 X 10 CM, ESPESSURA 6 CM. AF_10/2022","M2",94.05]
[92398,"EXECUÇÃO DE PAVIMENTO EM PISO INTERTRAVADO, COM BLOCO RETANGULAR COR NATURAL DE 20 X 10 CM, ESPESSURA 8 CM. AF_10/2022","M2",116.85]
[92400,"EXECUÇÃO DE PAVIMENTO EM PISO INTERTRAVADO, COM BLOCO RETANGULAR DE 20 X 10 CM, ESPESSURA 10 CM. AF_10/2022","M2",136.84]
[92402,"EXECUÇÃO DE PASSEIO EM PISO INTERTRAVADO, COM BLOCO 16 FACES DE 22 X 11 CM, ESPESSURA 6 CM. AF_10/2022","M2",102.3]
[92403,"EXECUÇÃO DE PAVIMENTO EM PISO INTERTRAVADO, COM BLOCO 16 FACES DE 22 X 11 CM, ESPESSURA 6 CM. AF_10/2022","M2",91.8]
[92404,"EXECUÇÃO DE PAVIMENTO EM PISO INTERTRAVADO, COM BLOCO 16 FACES DE 22 X 11 CM, ESPESSURA 8 CM. AF_10/2022","M2",114.59]
[92406,"EXECUÇÃO DE PAVIMENTO EM PISO INTERTRAVADO, COM BLOCO 16 FACES DE 22 X 11 CM, ESPESSURA 10 CM. AF_10/2022","M2",137.09]
[93679,"EXECUÇÃO DE PASSEIO EM PISO INTERTRAVADO, COM BLOCO RETANGULAR COLORIDO DE 20 X 10 CM, ESPESSURA 6 CM. AF_10/2022","M2",116.48]
[93680,"EXECUÇÃO DE PAVIMENTO EM PISO INTERTRAVADO, COM BLOCO RETANGULAR COLORIDO DE 20 X 10 CM, ESPESSURA 6 CM. AF_10/2022","M2",106.1]
[93681,"EXECUÇÃO DE PAVIMENTO EM PISO INTERTRAVADO, COM BLOCO RETANGULAR COLORIDO DE 20 X 10 CM, ESPESSURA 8 CM. AF_10/2022","M2",126.5]
[97104,"EXECUÇÃO DE PAVIMENTO DE CONCRETO SIMPLES (PCS), FCK = 40 MPA, ESPESSURA DE 15,0 CM. AF_04/2022","M2",168.84]
[97105,"EXECUÇÃO DE PAVIMENTO DE CONCRETO SIMPLES (PCS), FCK = 40 MPA, ESPESSURA DE 17,5 CM. AF_04/2022","M2",191.91]
[97106,"EXECUÇÃO DE PAVIMENTO DE CONCRETO SIMPLES (PCS), FCK = 40 MPA, ESPESSURA DE 20,0 CM. AF_04/2022","M2",214.27]
[97107,"EXECUÇÃO DE PAVIMENTO DE CONCRETO SIMPLES (PCS), FCK = 40 MPA, ESPESSURA DE 22,5 CM. AF_04/2022","M2",243.52]
[97108,"EXECUÇÃO DE PAVIMENTO DE CONCRETO SIMPLES (PCS), FCK = 40 MPA, ESPESSURA DE 25,0 CM. AF_04/2022","M2",277.07]
[97109,"EXECUÇÃO DE PAVIMENTO DE CONCRETO SIMPLES (PCS), FCK = 40 MPA, ESPESSURA DE 27,5 CM. AF_04/2022","M2",306.18]
[97111,"EXECUÇÃO DE PAVIMENTO DE CONCRETO ARMADO (PCA), FCK = 30 MPA, ESPESSURA DE 15,0 CM. AF_04/2022","M2",316]
[97112,"EXECUÇÃO DE PAVIMENTO DE CONCRETO ARMADO (PCA), FCK = 30 MPA, ESPESSURA DE 17,5 CM. AF_04/2022","M2",280.45]
[97113,"APLICAÇÃO DE LONA PLÁSTICA PARA EXECUÇÃO DE PAVIMENTOS DE CONCRETO. AF_04/2022","M2",3.1]
[97114,"EXECUÇÃO DE JUNTAS DE CONTRAÇÃO PARA PAVIMENTOS DE CONCRETO. AF_04/2022","M",0.35]
[97115,"APLICAÇÃO DE GRAXA EM BARRAS DE TRANSFERÊNCIA PARA EXECUÇÃO DE PAVIMENTO DE CONCRETO. AF_04/2022","KG",59.59]
[97116,"BARRAS DE TRANSFERÊNCIA, AÇO CA-25 DE 16,0 MM, PARA EXECUÇÃO DE PAVIMENTO DE CONCRETO - FORNECIMENTO E INSTALAÇÃO. AF_04/2022","KG",24.32]
[97117,"BARRAS DE TRANSFERÊNCIA, AÇO CA-25 DE 20,0 MM, PARA EXECUÇÃO DE PAVIMENTO DE CONCRETO - FORNECIMENTO E INSTALAÇÃO. AF_04/2022","KG",21.57]
[97118,"BARRAS DE TRANSFERÊNCIA, AÇO CA-25 DE 25,0 MM, PARA EXECUÇÃO DE PAVIMENTO DE CONCRETO - FORNECIMENTO E INSTALAÇÃO. AF_04/2022","KG",18.05]
[97119,"BARRAS DE TRANSFERÊNCIA, AÇO CA-25 DE 32,0 MM, PARA EXECUÇÃO DE PAVIMENTO DE CONCRETO - FORNECIMENTO E INSTALAÇÃO. AF_04/2022","KG",16.44]
[97120,"BARRAS DE LIGAÇÃO, AÇO CA-50 DE 10 MM, PARA EXECUÇÃO DE PAVIMENTO DE CONCRETO - FORNECIMENTO E INSTALAÇÃO. AF_04/2022","KG",10.6]
[101167,"EXECUÇÃO DE PAVIMENTO EM PARALELEPÍPEDOS, REJUNTAMENTO COM PÓ DE PEDRA. AF_05/2020","M2",305.19]
[101169,"EXECUÇÃO DE PAVIMENTO EM PARALELEPÍPEDOS, REJUNTAMENTO COM ARGAMASSA TRAÇO 1:3 (CIMENTO E AREIA). AF_05/2020","M2",320.18]
[101170,"EXECUÇÃO DE PAVIMENTO EM PEDRAS POLIÉDRICAS, REJUNTAMENTO COM PÓ DE PEDRA. AF_05/2020","M2",60.12]
[101172,"EXECUÇÃO DE PAVIMENTO EM PEDRAS POLIÉDRICAS, REJUNTAMENTO COM ARGAMASSA TRAÇO 1:3 (CIMENTO E AREIA). AF_05/2020","M2",87.1]
[103904,"EXECUÇÃO DE PAVIMENTO DE CONCRETO SIMPLES (PCS), FCK = 35 MPA, ESPESSURA DE 15,0 CM. AF_04/2022","M2",163.66]
[103905,"EXECUÇÃO DE PAVIMENTO DE CONCRETO SIMPLES (PCS), FCK = 35 MPA, ESPESSURA DE 16,0 CM. AF_04/2022","M2",172.93]
[103906,"EXECUÇÃO DE PAVIMENTO DE CONCRETO SIMPLES (PCS), FCK = 40 MPA, ESPESSURA DE 16,0 CM. AF_04/2022","M2",203.97]
[103907,"EXECUÇÃO DE PAVIMENTO DE CONCRETO SIMPLES (PCS), FCK = 35 MPA, ESPESSURA DE 17,5 CM. AF_04/2022","M2",182.91]
[103908,"EXECUÇÃO PAVIMENTO DE CONCRETO SIMPLES (PCS), FCK = 35 MPA, ESPESSURA DE 20,0 CM. AF_04/2022","M2",207.37]
[103909,"EXECUÇÃO PAVIMENTO DE CONCRETO SIMPLES (PCS), FCK = 35 MPA, ESPESSURA DE 22,5 CM. AF_04/2022","M2",235.76]
[103911,"EXECUÇÃO DE PAVIMENTO DE CONCRETO SIMPLES (PCS), FCK = 35 MPA, ESPESSURA DE 25,0 CM. AF_04/2022","M2",268.45]
[103912,"EXECUÇÃO PAVIMENTO DE CONCRETO SIMPLES (PCS), FCK = 35 MPA, ESPESSURA DE 27,5 CM. AF_04/2022","M2",296.69]
[103913,"EXECUÇÃO DE PISO INDUSTRIAL DE CONCRETO ARMADO, FCK = 20 MPA, ESPESSURA DE 12,0 CM. AF_04/2022","M2",155.7]
[103914,"EXECUÇÃO DE PISO INDUSTRIAL DE CONCRETO ARMADO, FCK = 20 MPA, ESPESSURA DE 14,0 CM. AF_04/2022","M2",181.37]
[103915,"EXECUÇÃO DE PISO INDUSTRIAL DE CONCRETO ARMADO, FCK = 20 MPA, ESPESSURA DE 15,0 CM. AF_04/2022","M2",198.03]
[103916,"EXECUÇÃO DE PISO INDUSTRIAL DE CONCRETO ARMADO, FCK = 20 MPA, ESPESSURA DE 18,0 CM. AF_04/2022","M2",227.52]
[103917,"EXECUÇÃO DE PISO INDUSTRIAL DE CONCRETO ARMADO, FCK = 20 MPA, ESPESSURA DE 20,0 CM. AF_04/2022","M2",261.98]
[103918,"EXECUÇÃO DE PISO INDUSTRIAL DE CONCRETO ARMADO, FCK = 20 MPA, ESPESSURA DE 22,0 CM. AF_04/2022","M2",277.88]
[104432,"EXECUÇÃO DE PASSEIO EM PISO INTERTRAVADO, COM BLOCO RAQUETE  22 X 13,5 CM, ESPESSURA 6 CM. AF_10/2022","M2",108.77]
[104433,"EXECUÇÃO DE PAVIMENTO EM PISO INTERTRAVADO, COM BLOCO RAQUETE  22 X 13,5 CM, ESPESSURA 6 CM. AF_10/2022","M2",97.5]
[103689,"FORNECIMENTO E INSTALAÇÃO DE PLACA DE OBRA COM CHAPA GALVANIZADA E ESTRUTURA DE MADEIRA. AF_03/2022_PS","M2",462.17]
[103694,"FORNECIMENTO E INSTALAÇÃO DE SUPORTE DE MADEIRA  PARA PLACAS DE SINALIZAÇÃO, EM SOLO, COM H= DE 2,5 M E SEÇÃO DE 7,5 X 7,5 CM. AF_03/2022","UN",118.66]
[103695,"FORNECIMENTO E INSTALAÇÃO DE SUPORTE DE MADEIRA PARA PLACAS DE SINALIZAÇÃO, EM SOLO, COM H= DE 2,0 M E SEÇÃO DE 7,5 X 7,5 CM. AF_03/2022","UN",106.26]
[103696,"FORNECIMENTO E INSTALAÇÃO DE SUPORTE DE MADEIRA PARA PLACAS DE SINALIZAÇÃO EM CONCRETO, COM H= DE 2,5 M E SEÇÃO DE 7,5 X 7,5 CM. AF_03/2022","UN",144.64]
[103697,"FORNECIMENTO E INSTALAÇÃO DE SUPORTE DE MADEIRA PARA PLACAS DE SINALIZAÇÃO, EM BASE DE CONCRETO, COM H= DE 2,0 M E SEÇÃO DE 7,5 X 7,5 CM. AF_03/2022","UN",132.24]
[95995,"EXECUÇÃO DE PAVIMENTO COM APLICAÇÃO DE CONCRETO ASFÁLTICO, CAMADA DE ROLAMENTO - EXCLUSIVE CARGA E TRANSPORTE. AF_11/2019","M3",{"v":2100.2,"d":"2,100.20"}]
[95996,"EXECUÇÃO DE PAVIMENTO COM APLICAÇÃO DE CONCRETO ASFÁLTICO, CAMADA DE BINDER - EXCLUSIVE CARGA E TRANSPORTE. AF_11/2019","M3",{"v":1822.95,"d":"1,822.95"}]
[96001,"FRESAGEM DE PAVIMENTO ASFÁLTICO (PROFUNDIDADE ATÉ 5,0 CM) - EXCLUSIVE TRANSPORTE. AF_11/2019","M2",7.34]
[96393,"USINAGEM DE BRITA GRADUADA SIMPLES. AF_03/2020","M3",256.09]
[96394,"USINAGEM DE BRITA GRADUADA TRATADA COM CIMENTO. AF_03/2020","M3",333.53]
[96395,"USINAGEM DE CONCRETO PARA COMPACTAÇÃO COM ROLO. AF_03/2020","M3",441.26]
[88411,"APLICAÇÃO MANUAL DE FUNDO SELADOR ACRÍLICO EM PANOS COM PRESENÇA DE VÃOS DE EDIFÍCIOS DE MÚLTIPLOS PAVIMENTOS. AF_03/2024","M2",3.49]
[88412,"APLICAÇÃO MANUAL DE FUNDO SELADOR ACRÍLICO EM PANOS CEGOS DE FACHADA (SEM PRESENÇA DE VÃOS) DE EDIFÍCIOS DE MÚLTIPLOS PAVIMENTOS. AF_03/2024","M2",2.75]
[88413,"APLICAÇÃO MANUAL DE FUNDO SELADOR ACRÍLICO EM SUPERFÍCIES EXTERNAS DE SACADA DE EDIFÍCIOS DE MÚLTIPLOS PAVIMENTOS. AF_03/2024","M2",4.55]
[88414,"APLICAÇÃO MANUAL DE FUNDO SELADOR ACRÍLICO EM SUPERFÍCIES INTERNAS DA SACADA DE EDIFÍCIOS DE MÚLTIPLOS PAVIMENTOS. AF_03/2024","M2",5.38]
[88415,"APLICAÇÃO MANUAL DE FUNDO SELADOR ACRÍLICO EM PAREDES EXTERNAS DE CASAS. AF_03/2024","M2",3.57]
[88416,"APLICAÇÃO MANUAL DE PINTURA COM TINTA TEXTURIZADA ACRÍLICA EM PANOS COM PRESENÇA DE VÃOS DE EDIFÍCIOS DE MÚLTIPLOS PAVIMENTOS, UMA COR. AF_03/2024","M2",20.51]
[88417,"APLICAÇÃO MANUAL DE PINTURA COM TINTA TEXTURIZADA ACRÍLICA EM PANOS CEGOS DE FACHADA (SEM PRESENÇA DE VÃOS) DE EDIFÍCIOS DE MÚLTIPLOS PAVIMENTOS, UMA COR. AF_03/2024","M2",17.51]
[88420,"APLICAÇÃO MANUAL DE PINTURA COM TINTA TEXTURIZADA ACRÍLICA EM SUPERFÍCIES EXTERNAS DE SACADA DE EDIFÍCIOS DE MÚLTIPLOS PAVIMENTOS, UMA COR. AF_03/2024","M2",23.2]
[88421,"APLICAÇÃO MANUAL DE PINTURA COM TINTA TEXTURIZADA ACRÍLICA EM SUPERFÍCIES INTERNAS DA SACADA DE EDIFÍCIOS DE MÚLTIPLOS PAVIMENTOS, UMA COR. AF_03/2024","M2",28.03]
[88423,"APLICAÇÃO MANUAL DE PINTURA COM TINTA TEXTURIZADA ACRÍLICA EM PAREDES EXTERNAS DE CASAS, UMA COR. AF_03/2024","M2",20.47]
[88424,"APLICAÇÃO MANUAL DE PINTURA COM TINTA TEXTURIZADA ACRÍLICA EM PANOS COM PRESENÇA DE VÃOS DE EDIFÍCIOS DE MÚLTIPLOS PAVIMENTOS, DUAS CORES. AF_03/2024","M2",23.74]
[88426,"APLICAÇÃO MANUAL DE PINTURA COM TINTA TEXTURIZADA ACRÍLICA EM PANOS CEGOS DE FACHADA (SEM PRESENÇA DE VÃOS) DE EDIFÍCIOS DE MÚLTIPLOS PAVIMENTOS, DUAS CORES. AF_03/2024","M2",19.24]
[88428,"APLICAÇÃO MANUAL DE PINTURA COM TINTA TEXTURIZADA ACRÍLICA EM SUPERFÍCIES EXTERNAS DE SACADA DE EDIFÍCIOS DE MÚLTIPLOS PAVIMENTOS, DUAS CORES. AF_03/2024","M2",29.39]
[88429,"APLICAÇÃO MANUAL DE PINTURA COM TINTA TEXTURIZADA ACRÍLICA EM SUPERFÍCIES INTERNAS DA SACADA DE EDIFÍCIOS DE MÚLTIPLOS PAVIMENTOS, DUAS CORES. AF_03/2024","M2",35.24]
[88431,"APLICAÇÃO MANUAL DE PINTURA COM TINTA TEXTURIZADA ACRÍLICA EM PAREDES EXTERNAS DE CASAS, DUAS CORES. AF_03/2024","M2",24.1]
[88432,"APLICAÇÃO MANUAL DE PINTURA COM TINTA TEXTURIZADA ACRÍLICA EM MOLDURAS DE EPS. AF_03/2024","M2",29.91]
[88484,"FUNDO SELADOR ACRÍLICO, APLICAÇÃO MANUAL EM TETO, UMA DEMÃO. AF_04/2023","M2",4.18]
[88485,"FUNDO SELADOR ACRÍLICO, APLICAÇÃO MANUAL EM PAREDE, UMA DEMÃO. AF_04/2023","M2",3.3]
[88488,"PINTURA LÁTEX ACRÍLICA PREMIUM, APLICAÇÃO MANUAL EM TETO, DUAS DEMÃOS. AF_04/2023","M2",14.39]
[88489,"PINTURA LÁTEX ACRÍLICA PREMIUM, APLICAÇÃO MANUAL EM PAREDES, DUAS DEMÃOS. AF_04/2023","M2",12.23]
[88494,"EMASSAMENTO COM MASSA LÁTEX, APLICAÇÃO EM TETO, UMA DEMÃO, LIXAMENTO MANUAL. AF_04/2023","M2",19.63]
[88495,"EMASSAMENTO COM MASSA LÁTEX, APLICAÇÃO EM PAREDE, UMA DEMÃO, LIXAMENTO MANUAL. AF_04/2023","M2",10.83]
[88496,"EMASSAMENTO COM MASSA LÁTEX, APLICAÇÃO EM TETO, DUAS DEMÃOS, LIXAMENTO MANUAL. AF_04/2023","M2",29.77]
[88497,"EMASSAMENTO COM MASSA LÁTEX, APLICAÇÃO EM PAREDE, DUAS DEMÃOS, LIXAMENTO MANUAL. AF_04/2023","M2",16.86]
[95305,"TEXTURA ACRÍLICA, APLICAÇÃO MANUAL EM PAREDE, UMA DEMÃO. AF_04/2023","M2",12.97]
[95306,"TEXTURA ACRÍLICA, APLICAÇÃO MANUAL EM TETO, UMA DEMÃO. AF_04/2023","M2",15.02]
[95622,"APLICAÇÃO MANUAL DE TINTA LÁTEX ACRÍLICA EM PANOS COM PRESENÇA DE VÃOS DE EDIFÍCIOS DE MÚLTIPLOS PAVIMENTOS, DUAS DEMÃOS. AF_03/2024","M2",13.99]
[95623,"APLICAÇÃO MANUAL DE TINTA LÁTEX ACRÍLICA EM PANOS SEM PRESENÇA DE VÃOS DE EDIFÍCIOS DE MÚLTIPLOS PAVIMENTOS, DUAS DEMÃOS. AF_03/2024","M2",9.94]
[95624,"APLICAÇÃO MANUAL DE TINTA LÁTEX ACRÍLICA EM SUPERFÍCIES EXTERNAS DE SACADA DE EDIFÍCIOS DE MÚLTIPLOS PAVIMENTOS, DUAS DEMÃOS. AF_03/2024","M2",20.83]
[95625,"APLICAÇÃO MANUAL DE TINTA LÁTEX ACRÍLICA EM SUPERFÍCIES INTERNAS DE SACADA DE EDIFÍCIOS DE MÚLTIPLOS PAVIMENTOS, DUAS DEMÃOS. AF_03/2024","M2",24.65]
[95626,"APLICAÇÃO MANUAL DE TINTA LÁTEX ACRÍLICA EM PAREDE EXTERNAS DE CASAS, DUAS DEMÃOS. AF_03/2024","M2",14.77]
[96126,"APLICAÇÃO MANUAL DE MASSA ACRÍLICA EM PANOS DE FACHADA COM PRESENÇA DE VÃOS, DE EDIFÍCIOS DE MÚLTIPLOS PAVIMENTOS, UMA DEMÃO. AF_03/2024","M2",16.47]
[96127,"APLICAÇÃO MANUAL DE MASSA ACRÍLICA EM PANOS DE FACHADA SEM PRESENÇA DE VÃOS, DE EDIFÍCIOS DE MÚLTIPLOS PAVIMENTOS, UMA DEMÃO. AF_03/2024","M2",10.67]
[96128,"APLICAÇÃO MANUAL DE MASSA ACRÍLICA EM SUPERFÍCIES EXTERNAS DE SACADA DE EDIFÍCIOS DE MÚLTIPLOS PAVIMENTOS, UMA DEMÃO. AF_03/2024","M2",27.08]
[96129,"APLICAÇÃO MANUAL DE MASSA ACRÍLICA EM SUPERFÍCIES INTERNAS DE SACADA DE EDIFÍCIOS DE MÚLTIPLOS PAVIMENTOS, UMA DEMÃO. AF_03/2024","M2",31.85]
[96130,"APLICAÇÃO MANUAL DE MASSA ACRÍLICA EM PAREDES EXTERNAS DE CASAS, UMA DEMÃO. AF_03/2024","M2",17.79]
[96131,"APLICAÇÃO MANUAL DE MASSA ACRÍLICA EM PANOS DE FACHADA COM PRESENÇA DE VÃOS, DE EDIFÍCIOS DE MÚLTIPLOS PAVIMENTOS, DUAS DEMÃOS. AF_03/2024","M2",25.97]
[96132,"APLICAÇÃO MANUAL DE MASSA ACRÍLICA EM PANOS DE FACHADA SEM PRESENÇA DE VÃOS, DE EDIFÍCIOS DE MÚLTIPLOS PAVIMENTOS, DUAS DEMÃOS. AF_03/2024","M2",17.34]
[96133,"APLICAÇÃO MANUAL DE MASSA ACRÍLICA EM SUPERFÍCIES EXTERNAS DE SACADA DE EDIFÍCIOS DE MÚLTIPLOS PAVIMENTOS, DUAS DEMÃOS. AF_03/2024","M2",41.44]
[96134,"APLICAÇÃO MANUAL DE MASSA ACRÍLICA EM SUPERFÍCIES INTERNAS DE SACADA DE EDIFÍCIOS DE MÚLTIPLOS PAVIMENTOS, DUAS DEMÃOS. AF_03/2024","M2",48.82]
[96135,"APLICAÇÃO MANUAL DE MASSA ACRÍLICA EM PAREDES EXTERNAS DE CASAS, DUAS DEMÃOS. AF_03/2024","M2",27.85]
[104639,"PINTURA LÁTEX ACRÍLICA ECONÔMICA, APLICAÇÃO MANUAL EM TETO, DUAS DEMÃOS. AF_04/2023","M2",10.96]
[104640,"PINTURA LÁTEX ACRÍLICA STANDARD, APLICAÇÃO MANUAL EM TETO, DUAS DEMÃOS. AF_04/2023","M2",12.23]
[104641,"PINTURA LÁTEX ACRÍLICA ECONÔMICA, APLICAÇÃO MANUAL EM PAREDES, DUAS DEMÃOS. AF_04/2023","M2",8.8]
[104642,"PINTURA LÁTEX ACRÍLICA STANDARD, APLICAÇÃO MANUAL EM PAREDES, DUAS DEMÃOS. AF_04/2023","M2",10.07]
[102193,"LIXAMENTO DE MADEIRA PARA APLICAÇÃO DE FUNDO OU PINTURA. AF_01/2021","M2",1.92]
[102194,"LIXAMENTO DE MASSA PARA MADEIRA. AF_01/2021","M2",7.63]
[102197,"PINTURA FUNDO NIVELADOR ALQUÍDICO BRANCO EM MADEIRA. AF_01/2021","M2",25.2]
[102200,"APLICAÇÃO MASSA ALQUÍDICA PARA MADEIRA, PARA PINTURA COM TINTA DE ACABAMENTO (PIGMENTADA). AF_01/2021","M2",19.62]
[102201,"APLICAÇÃO MASSA ACRÍLICA PARA MADEIRA, PARA PINTURA COM TINTA DE ACABAMENTO (PIGMENTADA). AF_01/2021","M2",17.96]
[102202,"APLICAÇÃO MASSA EPÓXI PARA MADEIRA, PARA PINTURA COM TINTA PU DE ACABAMENTO (PIGMENTADA). AF_01/2021","M2",48.14]
[102203,"PINTURA VERNIZ (INCOLOR) ALQUÍDICO EM MADEIRA, USO INTERNO E EXTERNO, 1 DEMÃO. AF_01/2021","M2",10.19]
[102204,"PINTURA VERNIZ (INCOLOR) ALQUÍDICO EM MADEIRA, USO INTERNO, 1 DEMÃO. AF_01/2021","M2",10.55]
[102205,"PINTURA VERNIZ (INCOLOR) POLIURETÂNICO (RESINA ALQUÍDICA MODIFICADA) EM MADEIRA, 1 DEMÃO. AF_01/2021","M2",9.44]
[102207,"PINTURA TINTA DE ACABAMENTO (PIGMENTADA) A ÓLEO EM MADEIRA, 1 DEMÃO. AF_01/2021","M2",7.85]
[102208,"PINTURA TINTA DE ACABAMENTO (PIGMENTADA) ESMALTE SINTÉTICO FOSCO EM MADEIRA, 1 DEMÃO. AF_01/2021","M2",7.49]
[102209,"PINTURA TINTA DE ACABAMENTO (PIGMENTADA) ESMALTE SINTÉTICO ACETINADO EM MADEIRA, 1 DEMÃO. AF_01/2021","M2",7.72]
[102210,"PINTURA TINTA DE ACABAMENTO (PIGMENTADA) ESMALTE SINTÉTICO BRILHANTE EM MADEIRA, 1 DEMÃO. AF_01/2021","M2",7.37]
[102213,"PINTURA VERNIZ (INCOLOR) ALQUÍDICO EM MADEIRA, USO INTERNO E EXTERNO, 2 DEMÃOS. AF_01/2021","M2",20.41]
[102214,"PINTURA VERNIZ (INCOLOR) ALQUÍDICO EM MADEIRA, USO INTERNO, 2 DEMÃOS. AF_01/2021","M2",21.11]
[102215,"PINTURA VERNIZ (INCOLOR) POLIURETÂNICO (RESINA ALQUÍDICA MODIFICADA) EM MADEIRA, 2 DEMÃOS. AF_01/2021","M2",18.91]
[102217,"PINTURA TINTA DE ACABAMENTO (PIGMENTADA) A ÓLEO EM MADEIRA, 2 DEMÃOS. AF_01/2021","M2",15.72]
[102218,"PINTURA TINTA DE ACABAMENTO (PIGMENTADA) ESMALTE SINTÉTICO FOSCO EM MADEIRA, 2 DEMÃOS. AF_01/2021","M2",14.99]
[102219,"PINTURA TINTA DE ACABAMENTO (PIGMENTADA) ESMALTE SINTÉTICO ACETINADO EM MADEIRA, 2 DEMÃOS. AF_01/2021","M2",15.45]
[102220,"PINTURA TINTA DE ACABAMENTO (PIGMENTADA) ESMALTE SINTÉTICO BRILHANTE EM MADEIRA, 2 DEMÃOS. AF_01/2021","M2",14.77]
[102223,"PINTURA VERNIZ (INCOLOR) ALQUÍDICO EM MADEIRA, USO INTERNO E EXTERNO, 3 DEMÃOS. AF_01/2021","M2",30.62]
[102224,"PINTURA VERNIZ (INCOLOR) ALQUÍDICO EM MADEIRA, USO INTERNO, 3 DEMÃOS. AF_01/2021","M2",31.66]
[102225,"PINTURA VERNIZ (INCOLOR) POLIURETÂNICO (RESINA ALQUÍDICA MODIFICADA) EM MADEIRA, 3 DEMÃOS. AF_01/2021","M2",28.36]
[102227,"PINTURA TINTA DE ACABAMENTO (PIGMENTADA) A ÓLEO EM MADEIRA, 3 DEMÃOS. AF_01/2021","M2",23.59]
[102228,"PINTURA TINTA DE ACABAMENTO (PIGMENTADA) ESMALTE SINTÉTICO FOSCO EM MADEIRA, 3 DEMÃOS. AF_01/2021","M2",22.52]
[102229,"PINTURA TINTA DE ACABAMENTO (PIGMENTADA) ESMALTE SINTÉTICO ACETINADO EM MADEIRA, 3 DEMÃOS. AF_01/2021","M2",23.2]
[102230,"PINTURA TINTA DE ACABAMENTO (PIGMENTADA) ESMALTE SINTÉTICO BRILHANTE EM MADEIRA, 3 DEMÃOS. AF_01/2021","M2",22.16]
[102233,"PINTURA IMUNIZANTE PARA MADEIRA, 1 DEMÃO. AF_01/2021","M2",10.56]
[102234,"PINTURA IMUNIZANTE PARA MADEIRA, 2 DEMÃOS. AF_01/2021","M2",21.11]
[100716,"JATEAMENTO ABRASIVO COM GRANALHA DE AÇO EM PERFIL METÁLICO EM FÁBRICA. AF_01/2020","M2",26.04]
[100717,"LIXAMENTO MANUAL EM SUPERFÍCIES METÁLICAS EM OBRA. AF_01/2020","M2",9.11]
[100718,"COLOCAÇÃO DE FITA PROTETORA PARA PINTURA. AF_01/2020","M",1.33]
[100719,"PINTURA COM TINTA ALQUÍDICA DE FUNDO (TIPO ZARCÃO) PULVERIZADA SOBRE PERFIL METÁLICO EXECUTADO EM FÁBRICA (POR DEMÃO). AF_01/2020_PE","M2",9.8]
[100720,"PINTURA COM TINTA ALQUÍDICA DE FUNDO (TIPO ZARCÃO) APLICADA A ROLO OU PINCEL SOBRE PERFIL METÁLICO EXECUTADO EM FÁBRICA (POR DEMÃO). AF_01/2020","M2",9.87]
[100721,"PINTURA COM TINTA ALQUÍDICA DE FUNDO (TIPO ZARCÃO) PULVERIZADA SOBRE SUPERFÍCIES METÁLICAS (EXCETO PERFIL) EXECUTADO EM OBRA (POR DEMÃO). AF_01/2020_PE","M2",23.04]
[100722,"PINTURA COM TINTA ALQUÍDICA DE FUNDO (TIPO ZARCÃO) APLICADA A ROLO OU PINCEL SOBRE SUPERFÍCIES METÁLICAS (EXCETO PERFIL) EXECUTADO EM OBRA (POR DEMÃO). AF_01/2020","M2",22.57]
[100723,"PINTURA COM TINTA ALQUÍDICA DE FUNDO E ACABAMENTO (ESMALTE SINTÉTICO GRAFITE) PULVERIZADA SOBRE PERFIL METÁLICO EXECUTADO EM FÁBRICA (POR DEMÃO). AF_01/2020_PE","M2",10.52]
[100724,"PINTURA COM TINTA ALQUÍDICA DE FUNDO E ACABAMENTO (ESMALTE SINTÉTICO GRAFITE) APLICADA A ROLO OU PINCEL SOBRE PERFIL METÁLICO EXECUTADO EM FÁBRICA (POR DEMÃO). AF_01/2020","M2",12.73]
[100725,"PINTURA COM TINTA ALQUÍDICA DE FUNDO E ACABAMENTO (ESMALTE SINTÉTICO GRAFITE) PULVERIZADA SOBRE SUPERFÍCIES METÁLICAS (EXCETO PERFIL) EXECUTADO EM OBRA (POR DEMÃO). AF_01/2020_PE","M2",23.27]
[100726,"PINTURA COM TINTA ALQUÍDICA DE FUNDO E ACABAMENTO (ESMALTE SINTÉTICO GRAFITE) APLICADA A ROLO OU PINCEL SOBRE SUPERFÍCIES METÁLICAS (EXCETO PERFIL) EXECUTADO EM OBRA (POR DEMÃO). AF_01/2020","M2",25.33]
[100727,"PINTURA COM TINTA EPOXÍDICA DE FUNDO PULVERIZADA SOBRE PERFIL METÁLICO EXECUTADO EM FÁBRICA (POR DEMÃO). AF_01/2020_PE","M2",23.69]
[100728,"PINTURA COM TINTA EPOXÍDICA DE FUNDO APLICADA A ROLO OU PINCEL SOBRE PERFIL METÁLICO EXECUTADO EM FÁBRICA (POR DEMÃO). AF_01/2020","M2",21.54]
[100729,"PINTURA COM TINTA EPOXÍDICA DE ACABAMENTO PULVERIZADA SOBRE PERFIL METÁLICO EXECUTADO EM FÁBRICA (POR DEMÃO). AF_01/2020_PE","M2",18.04]
[100730,"PINTURA COM TINTA EPOXÍDICA DE ACABAMENTO APLICADA A ROLO OU PINCEL SOBRE PERFIL METÁLICO EXECUTADO EM FÁBRICA (POR DEMÃO). AF_01/2020","M2",21.23]
[100733,"PINTURA COM TINTA ACRÍLICA DE FUNDO PULVERIZADA SOBRE SUPERFÍCIES METÁLICAS (EXCETO PERFIL) EXECUTADO EM OBRA (POR DEMÃO). AF_01/2020_PE","M2",10.57]
[100734,"PINTURA COM TINTA ACRÍLICA DE FUNDO APLICADA A ROLO OU PINCEL SOBRE SUPERFÍCIES METÁLICAS (EXCETO PERFIL) EXECUTADO EM OBRA (POR DEMÃO). AF_01/2020","M2",14.07]
[100735,"PINTURA COM TINTA ACRÍLICA DE ACABAMENTO PULVERIZADA SOBRE SUPERFÍCIES METÁLICAS (EXCETO PERFIL) EXECUTADO EM OBRA (POR DEMÃO). AF_01/2020_PE","M2",10.28]
[100736,"PINTURA COM TINTA ACRÍLICA DE ACABAMENTO APLICADA A ROLO OU PINCEL SOBRE SUPERFÍCIES METÁLICAS (EXCETO PERFIL) EXECUTADO EM OBRA (POR DEMÃO). AF_01/2020","M2",13.74]
[100739,"PINTURA COM TINTA ALQUÍDICA DE ACABAMENTO (ESMALTE SINTÉTICO ACETINADO) PULVERIZADA SOBRE PERFIL METÁLICO EXECUTADO EM FÁBRICA (POR DEMÃO). AF_01/2020_PE","M2",9.66]
[100740,"PINTURA COM TINTA ALQUÍDICA DE ACABAMENTO (ESMALTE SINTÉTICO ACETINADO) APLICADA A ROLO OU PINCEL SOBRE PERFIL METÁLICO EXECUTADO EM FÁBRICA (POR DEMÃO). AF_01/2020","M2",10.38]
[100741,"PINTURA COM TINTA ALQUÍDICA DE ACABAMENTO (ESMALTE SINTÉTICO ACETINADO) PULVERIZADA SOBRE SUPERFÍCIES METÁLICAS (EXCETO PERFIL) EXECUTADO EM OBRA (POR DEMÃO). AF_01/2020_PE","M2",22.71]
[100742,"PINTURA COM TINTA ALQUÍDICA DE ACABAMENTO (ESMALTE SINTÉTICO ACETINADO) APLICADA A ROLO OU PINCEL SOBRE SUPERFÍCIES METÁLICAS (EXCETO PERFIL) EXECUTADO EM OBRA (POR DEMÃO). AF_01/2020","M2",23.05]
[100743,"PINTURA COM TINTA ALQUÍDICA DE ACABAMENTO (ESMALTE SINTÉTICO BRILHANTE) PULVERIZADA SOBRE PERFIL METÁLICO EXECUTADO EM FÁBRICA  (POR DEMÃO). AF_01/2020_PE","M2",9.44]
[100744,"PINTURA COM TINTA ALQUÍDICA DE ACABAMENTO (ESMALTE SINTÉTICO BRILHANTE) APLICADA A ROLO OU PINCEL SOBRE PERFIL METÁLICO EXECUTADO EM FÁBRICA (POR DEMÃO). AF_01/2020","M2",10.24]
[100745,"PINTURA COM TINTA ALQUÍDICA DE ACABAMENTO (ESMALTE SINTÉTICO BRILHANTE) PULVERIZADA SOBRE SUPERFÍCIES METÁLICAS (EXCETO PERFIL) EXECUTADO EM OBRA  (POR DEMÃO). AF_01/2020_PE","M2",22.48]
[100746,"PINTURA COM TINTA ALQUÍDICA DE ACABAMENTO (ESMALTE SINTÉTICO BRILHANTE) APLICADA A ROLO OU PINCEL SOBRE SUPERFÍCIES METÁLICAS (EXCETO PERFIL) EXECUTADO EM OBRA (POR DEMÃO). AF_01/2020","M2",22.91]
[100747,"PINTURA COM TINTA ALQUÍDICA DE ACABAMENTO (ESMALTE SINTÉTICO FOSCO) PULVERIZADA SOBRE PERFIL METÁLICO EXECUTADO EM FÁBRICA (POR DEMÃO). AF_01/2020_PE","M2",9.53]
[100748,"PINTURA COM TINTA ALQUÍDICA DE ACABAMENTO (ESMALTE SINTÉTICO FOSCO) APLICADA A ROLO OU PINCEL SOBRE PERFIL METÁLICO EXECUTADO EM FÁBRICA (POR DEMÃO). AF_01/2020","M2",10.3]
[100749,"PINTURA COM TINTA ALQUÍDICA DE ACABAMENTO (ESMALTE SINTÉTICO FOSCO) PULVERIZADA SOBRE SUPERFÍCIES METÁLICAS (EXCETO PERFIL) EXECUTADO EM OBRA (POR DEMÃO). AF_01/2020_PE","M2",22.58]
[100750,"PINTURA COM TINTA ALQUÍDICA DE ACABAMENTO (ESMALTE SINTÉTICO FOSCO) APLICADA A ROLO OU PINCEL SOBRE SUPERFÍCIES METÁLICAS (EXCETO PERFIL) EXECUTADO EM OBRA (POR DEMÃO). AF_01/2020","M2",22.97]
[100751,"PINTURA COM TINTA EPOXÍDICA DE ACABAMENTO PULVERIZADA SOBRE PERFIL METÁLICO EXECUTADO EM FÁBRICA (02 DEMÃOS). AF_01/2020_PE","M2",36.08]
[100752,"PINTURA COM TINTA EPOXÍDICA DE ACABAMENTO APLICADA A ROLO OU PINCEL SOBRE PERFIL METÁLICO EXECUTADO EM FÁBRICA (02 DEMÃOS). AF_01/2020","M2",42.48]
[100753,"PINTURA COM TINTA ACRÍLICA DE ACABAMENTO PULVERIZADA SOBRE SUPERFÍCIES METÁLICAS (EXCETO PERFIL) EXECUTADO EM OBRA (02 DEMÃOS). AF_01/2020_PE","M2",20.57]
[100754,"PINTURA COM TINTA ACRÍLICA DE ACABAMENTO APLICADA A ROLO OU PINCEL SOBRE SUPERFÍCIES METÁLICAS (EXCETO PERFIL) EXECUTADO EM OBRA (02 DEMÃOS). AF_01/2020","M2",27.5]
[100757,"PINTURA COM TINTA ALQUÍDICA DE ACABAMENTO (ESMALTE SINTÉTICO ACETINADO) PULVERIZADA SOBRE SUPERFÍCIES METÁLICAS (EXCETO PERFIL) EXECUTADO EM OBRA (02 DEMÃOS). AF_01/2020_PE","M2",45.42]
[100758,"PINTURA COM TINTA ALQUÍDICA DE ACABAMENTO (ESMALTE SINTÉTICO ACETINADO) APLICADA A ROLO OU PINCEL SOBRE SUPERFÍCIES METÁLICAS (EXCETO PERFIL) EXECUTADO EM OBRA (02 DEMÃOS). AF_01/2020","M2",46.11]
[100759,"PINTURA COM TINTA ALQUÍDICA DE ACABAMENTO (ESMALTE SINTÉTICO BRILHANTE) PULVERIZADA SOBRE SUPERFÍCIES METÁLICAS (EXCETO PERFIL) EXECUTADO EM OBRA (02 DEMÃOS). AF_01/2020_PE","M2",44.97]
[100760,"PINTURA COM TINTA ALQUÍDICA DE ACABAMENTO (ESMALTE SINTÉTICO BRILHANTE) APLICADA A ROLO OU PINCEL SOBRE SUPERFÍCIES METÁLICAS (EXCETO PERFIL) EXECUTADO EM OBRA (02 DEMÃOS). AF_01/2020","M2",45.83]
[100761,"PINTURA COM TINTA ALQUÍDICA DE ACABAMENTO (ESMALTE SINTÉTICO FOSCO) PULVERIZADA SOBRE SUPERFÍCIES METÁLICAS (EXCETO PERFIL) EXECUTADO EM OBRA (02 DEMÃOS). AF_01/2020_PE","M2",45.16]
[100762,"PINTURA COM TINTA ALQUÍDICA DE ACABAMENTO (ESMALTE SINTÉTICO FOSCO) APLICADA A ROLO OU PINCEL SOBRE SUPERFÍCIES METÁLICAS (EXCETO PERFIL) EXECUTADO EM OBRA (02 DEMÃOS). AF_01/2020","M2",45.95]
[102488,"PREPARO DO PISO CIMENTADO PARA PINTURA - LIXAMENTO E LIMPEZA. AF_05/2021","M2",3.35]
[102489,"PINTURA HIDROFUGANTE COM SILICONE, APLICAÇÃO MANUAL, 2 DEMÃOS. AF_05/2021","M2",27.66]
[102491,"PINTURA DE PISO COM TINTA ACRÍLICA, APLICAÇÃO MANUAL, 2 DEMÃOS, INCLUSO FUNDO PREPARADOR. AF_05/2021","M2",19.32]
[102492,"PINTURA DE PISO COM TINTA ACRÍLICA, APLICAÇÃO MANUAL, 3 DEMÃOS, INCLUSO FUNDO PREPARADOR. AF_05/2021","M2",24.62]
[102494,"PINTURA DE PISO COM TINTA EPÓXI, APLICAÇÃO MANUAL, 2 DEMÃOS, INCLUSO PRIMER EPÓXI. AF_05/2021","M2",56.24]
[102496,"PINTURA DE RODAPÉ COM TINTA EPÓXI, APLICAÇÃO MANUAL, 2 DEMÃOS, INCLUSÃO PRIMER EPÓXI. AF_05/2021","M",12.01]
[102497,"PINTURA DE RODAPÉ EM PEDRA DECORATIVA COM VERNIZ DE POLIURETANO, APLICAÇÃO MANUAL, 3 DEMÃOS. AF_05/2021","M",4.95]
[102498,"PINTURA DE MEIO-FIO COM TINTA BRANCA A BASE DE CAL (CAIAÇÃO). AF_05/2021","M",1.49]
[102499,"ENCERAMENTO DE PISO EM MADEIRA. AF_05/2021","M2",3.13]
[102500,"PINTURA DE DEMARCAÇÃO DE VAGA COM TINTA ACRÍLICA, E = 10 CM, APLICAÇÃO MANUAL. AF_05/2021","M",4.25]
[102501,"PINTURA DE FAIXA DE PEDESTRE OU ZEBRADA COM TINTA ACRÍLICA, E  = 30 CM, APLICAÇÃO MANUAL. AF_05/2021","M2",23.91]
[102504,"PINTURA DE DEMARCAÇÃO DE QUADRA POLIESPORTIVA COM TINTA ACRÍLICA, E = 5 CM, APLICAÇÃO MANUAL. AF_05/2021","M",9.36]
[102505,"PINTURA DE DEMARCAÇÃO DE QUADRA POLIESPORTIVA COM BORRACHA CLORADA, E = 5 CM, APLICAÇÃO MANUAL. AF_05/2021","M",9.5]
[102506,"PINTURA DE DEMARCAÇÃO DE QUADRA POLIESPORTIVA COM TINTA EPÓXI, E = 5 CM, APLICAÇÃO MANUAL. AF_05/2021","M",10.19]
[102507,"PINTURA DE DEMARCAÇÃO DE VAGA COM TINTA EPÓXI, E = 10 CM, APLICAÇÃO MANUAL. AF_05/2021","M",5.9]
[102508,"PINTURA DE FAIXA DE PEDESTRE OU ZEBRADA COM TINTA EPÓXI, E  = 30 CM, APLICAÇÃO MANUAL. AF_05/2021","M2",40.8]
[102509,"PINTURA DE FAIXA DE PEDESTRE OU ZEBRADA TINTA RETRORREFLETIVA A BASE DE RESINA ACRÍLICA COM MICROESFERAS DE VIDRO, E = 30 CM, APLICAÇÃO MANUAL. AF_05/2021","M2",28.7]
[102512,"PINTURA DE EIXO VIÁRIO SOBRE ASFALTO COM TINTA RETRORREFLETIVA A BASE DE RESINA ACRÍLICA COM MICROESFERAS DE VIDRO, APLICAÇÃO MECÂNICA COM DEMARCADORA AUTOPROPELIDA. AF_05/2021","M",5.69]
[102513,"PINTURA DE SÍMBOLOS E TEXTOS COM TINTA ACRÍLICA, DEMARCAÇÃO COM FITA ADESIVA E APLICAÇÃO COM ROLO. AF_05/2021","M2",45.15]
[102520,"PINTURA DE SINALIZAÇÃO VERTICAL DE SEGURANÇA, FAIXAS AMARELA E PRETA, APLICAÇÃO MANUAL, 2 DEMÃOS. AF_05/2021","M2",77.07]
[101749,"PISO CIMENTADO, TRAÇO 1:3 (CIMENTO E AREIA), ACABAMENTO LISO, ESPESSURA 4,0 CM, PREPARO MECÂNICO DA ARGAMASSA. AF_09/2020","M2",59.74]
[101750,"PISO CIMENTADO, TRAÇO 1:3 (CIMENTO E AREIA), ACABAMENTO RÚSTICO, ESPESSURA 4,0 CM, PREPARO MECÂNICO DA ARGAMASSA. AF_09/2020","M2",57.27]
[101729,"PISO EM TACO DE MADEIRA 7X42CM, FIXADO COM COLA BASE DE PVA. AF_09/2020","M2",260.9]
[101746,"ASSOALHO DE MADEIRA. AF_09/2020","M2",411.44]
[101751,"PISO EM TACO DE MADEIRA 7X21CM, FIXADO COM COLA BASE DE PVA. AF_09/2020","M2",266.94]
[87246,"REVESTIMENTO CERÂMICO PARA PISO COM PLACAS TIPO ESMALTADA DE DIMENSÕES 35X35 CM APLICADA EM AMBIENTES DE ÁREA MENOR QUE 5 M2. AF_02/2023_PE","M2",76.97]
[87247,"REVESTIMENTO CERÂMICO PARA PISO COM PLACAS TIPO ESMALTADA DE DIMENSÕES 35X35 CM APLICADA EM AMBIENTES DE ÁREA ENTRE 5 M2 E 10 M2. AF_02/2023_PE","M2",70.39]
[87248,"REVESTIMENTO CERÂMICO PARA PISO COM PLACAS TIPO ESMALTADA DE DIMENSÕES 35X35 CM APLICADA EM AMBIENTES DE ÁREA MAIOR QUE 10 M2. AF_02/2023_PE","M2",63.63]
[87249,"REVESTIMENTO CERÂMICO PARA PISO COM PLACAS TIPO ESMALTADA DE DIMENSÕES 45X45 CM APLICADA EM AMBIENTES DE ÁREA MENOR QUE 5 M2. AF_02/2023_PE","M2",81.48]
[87250,"REVESTIMENTO CERÂMICO PARA PISO COM PLACAS TIPO ESMALTADA DE DIMENSÕES 45X45 CM APLICADA EM AMBIENTES DE ÁREA ENTRE 5 M2 E 10 M2. AF_02/2023_PE","M2",71.52]
[87251,"REVESTIMENTO CERÂMICO PARA PISO COM PLACAS TIPO ESMALTADA DE DIMENSÕES 45X45 CM APLICADA EM AMBIENTES DE ÁREA MAIOR QUE 10 M2. AF_02/2023_PE","M2",63.72]
[87255,"REVESTIMENTO CERÂMICO PARA PISO COM PLACAS TIPO ESMALTADA DE DIMENSÕES 60X60 CM APLICADA EM AMBIENTES DE ÁREA MENOR QUE 5 M2. AF_02/2023_PE","M2",95.33]
[87256,"REVESTIMENTO CERÂMICO PARA PISO COM PLACAS TIPO ESMALTADA DE DIMENSÕES 60X60 CM APLICADA EM AMBIENTES DE ÁREA ENTRE 5 M2 E 10 M2. AF_02/2023_PE","M2",84.27]
[87257,"REVESTIMENTO CERÂMICO PARA PISO COM PLACAS TIPO ESMALTADA DE DIMENSÕES 60X60 CM APLICADA EM AMBIENTES DE ÁREA MAIOR QUE 10 M2. AF_02/2023_PE","M2",75.39]
[87261,"REVESTIMENTO CERÂMICO PARA PISO COM PLACAS TIPO PORCELANATO DE DIMENSÕES 60X60 CM APLICADA EM AMBIENTES DE ÁREA MENOR QUE 5 M². AF_02/2023_PE","M2",161.4]
[87262,"REVESTIMENTO CERÂMICO PARA PISO COM PLACAS TIPO PORCELANATO DE DIMENSÕES 60X60 CM APLICADA EM AMBIENTES DE ÁREA ENTRE 5 M² E 10 M². AF_02/2023_PE","M2",148.84]
[87263,"REVESTIMENTO CERÂMICO PARA PISO COM PLACAS TIPO PORCELANATO DE DIMENSÕES 60X60 CM APLICADA EM AMBIENTES DE ÁREA MAIOR QUE 10 M². AF_02/2023_PE","M2",139.4]
[104593,"REVESTIMENTO CERÂMICO PARA PISO COM PLACAS TIPO ESMALTADA DE DIMENSÕES 80X80 CM APLICADA EM AMBIENTES DE ÁREA MENOR QUE 5 M². AF_02/2023_PE","M2",98.63]
[104594,"REVESTIMENTO CERÂMICO PARA PISO COM PLACAS TIPO ESMALTADA DE DIMENSÕES 80X80 CM APLICADA EM AMBIENTES DE ÁREA ENTRE 5 M² E 10 M². AF_02/2023_PE","M2",86.24]
[104595,"REVESTIMENTO CERÂMICO PARA PISO COM PLACAS TIPO ESMALTADA DE DIMENSÕES 80X80 CM APLICADA EM AMBIENTES DE ÁREA MAIOR QUE 10 M². AF_02/2023_PE","M2",75.74]
[104596,"REVESTIMENTO CERÂMICO PARA PISO COM PLACAS TIPO PORCELANATO DE DIMENSÕES 80X80 CM APLICADA EM AMBIENTES DE ÁREA MENOR QUE 5 M². AF_02/2023_PE","M2",165.41]
[104597,"REVESTIMENTO CERÂMICO PARA PISO COM PLACAS TIPO PORCELANATO DE DIMENSÕES 80X80 CM APLICADA EM AMBIENTES DE ÁREA ENTRE 5 M² E 10 M². AF_02/2023_PE","M2",151.25]
[104598,"REVESTIMENTO CERÂMICO PARA PISO COM PLACAS TIPO PORCELANATO DE DIMENSÕES 80X80 CM APLICADA EM AMBIENTES DE ÁREA MAIOR QUE 10 M². AF_02/2023_PE","M2",139.87]
[104599,"REVESTIMENTO CERÂMICO PARA PISO COM PLACAS TIPO ESMALTADA DE DIMENSÕES 35X35 CM APLICADA EM DIAGONAL EM AMBIENTES DE ÁREA MENOR QUE 5 M². AF_02/2023_PE","M2",89.75]
[104601,"REVESTIMENTO CERÂMICO PARA PISO COM PLACAS TIPO ESMALTADA DE DIMENSÕES 35X35 CM APLICADA EM DIAGONAL EM AMBIENTES DE ÁREA ENTRE 5 M² E 10 M². AF_02/2023_PE","M2",75.2]
[104603,"REVESTIMENTO CERÂMICO PARA PISO COM PLACAS TIPO ESMALTADA DE DIMENSÕES 35X35 CM APLICADA EM DIAGONAL EM AMBIENTES DE ÁREA MAIOR QUE 10 M². AF_02/2023_PE","M2",66.01]
[104605,"REVESTIMENTO CERÂMICO PARA PISO COM PLACAS TIPO ESMALTADA DE DIMENSÕES 45X45 CM APLICADA EM DIAGONAL EM AMBIENTES DE ÁREA MENOR QUE 5 M². AF_02/2023_PE","M2",108.51]
[104606,"REVESTIMENTO CERÂMICO PARA PISO COM PLACAS TIPO ESMALTADA DE DIMENSÕES 45X45 CM APLICADA EM DIAGONAL EM AMBIENTES DE ÁREA ENTRE 5 M² E 10 M². AF_02/2023_PE","M2",79.2]
[104607,"REVESTIMENTO CERÂMICO PARA PISO COM PLACAS TIPO ESMALTADA DE DIMENSÕES 45X45 CM APLICADA EM DIAGONAL EM AMBIENTES DE ÁREA MAIOR QUE 10 M². AF_02/2023_PE","M2",67.14]
[98671,"PISO EM GRANITO APLICADO EM AMBIENTES INTERNOS. AF_09/2020","M2",533.84]
[98672,"PISO EM MÁRMORE APLICADO EM AMBIENTES INTERNOS. AF_09/2020","M2",605.77]
[98678,"PISO ELEVADO COM ESTRUTURA EM AÇO, COMPOSTO POR PEDESTAIS E LONGARINAS. AF_09/2020","M2",403.51]
[98679,"PISO CIMENTADO, TRAÇO 1:3 (CIMENTO E AREIA), ACABAMENTO LISO, ESPESSURA 2,0 CM, PREPARO MECÂNICO DA ARGAMASSA. AF_09/2020","M2",39.97]
[98680,"PISO CIMENTADO, TRAÇO 1:3 (CIMENTO E AREIA), ACABAMENTO LISO, ESPESSURA 3,0 CM, PREPARO MECÂNICO DA ARGAMASSA. AF_09/2020","M2",50.85]
[98681,"PISO CIMENTADO, TRAÇO 1:3 (CIMENTO E AREIA), ACABAMENTO RÚSTICO, ESPESSURA 2,0 CM, PREPARO MECÂNICO DA ARGAMASSA. AF_09/2020","M2",37.5]
[98682,"PISO CIMENTADO, TRAÇO 1:3 (CIMENTO E AREIA), ACABAMENTO RÚSTICO, ESPESSURA 3,0 CM, PREPARO MECÂNICO DA ARGAMASSA. AF_09/2020","M2",48.38]
[98685,"RODAPÉ EM GRANITO, ALTURA 10 CM. AF_09/2020","M",95.76]
[98686,"RODAPÉ EM LADRILHO HIDRÁULICO, ALTURA 7 CM. AF_09/2020","M",43.58]
[98688,"RODAPÉ EM POLIESTIRENO, ALTURA 5 CM. AF_09/2020","M",91.22]
[98689,"SOLEIRA EM GRANITO, LARGURA 15 CM, ESPESSURA 2,0 CM. AF_09/2020","M",134.63]
[101090,"PISO EM PEDRA PORTUGUESA ASSENTADO SOBRE ARGAMASSA SECA DE CIMENTO E AREIA, TRAÇO 1:3, REJUNTADO COM CIMENTO COMUM. AF_05/2020","M2",238.17]
[101091,"PISO EM LADRILHO HIDRÁULICO APLICADO EM AMBIENTES EXTERNOS. AF_05/2020","M2",170.36]
[101725,"PISO EM LADRILHO HIDRÁULICO APLICADO EM AMBIENTES INTERNOS DE ÁREA MENOR QUE 5 M², INCLUSO APLICAÇÃO DE RESINA. AF_09/2020","M2",295.36]
[101726,"PISO EM LADRILHO HIDRÁULICO APLICADO EM AMBIENTES INTERNOS DE ÁREA ENTRE 5 E 15 M², INCLUSO APLICAÇÃO DE RESINA. AF_09/2020","M2",210.04]
[101731,"PISO EM PEDRA  ASSENTADO SOBRE ARGAMASSA 1:3 (CIMENTO E AREIA). AF_09/2020","M2",345.33]
[101732,"PISO EM PEDRA ARDÓSIA ASSENTADO SOBRE ARGAMASSA 1:3 (CIMENTO E AREIA). AF_09/2020","M2",103.75]
[101094,"PISO PODOTÁTIL DE ALERTA OU DIRECIONAL, DE BORRACHA, ASSENTADO SOBRE ARGAMASSA. AF_05/2020","M",185.06]
[101727,"PISO VINÍLICO SEMI-FLEXÍVEL EM PLACAS, PADRÃO LISO, ESPESSURA 3,2 MM, FIXADO COM COLA. AF_09/2020","M2",216.43]
[101733,"PISO DE BORRACHA PASTILHADO/FRISADO, ESPESSURA 7MM, ASSENTADO COM ARGAMASSA. AF_09/2020","M2",292.45]
[101734,"PISO DE BORRACHA PASTILHADO, ESPESSURA 15MM, ASSENTADO COM ARGAMASSA. AF_09/2020","M2",447.16]
[101735,"PISO DE BORRACHA ESPORTIVO, ESPESSURA 15MM, ASSENTADO COM ARGAMASSA. AF_09/2020","M2",458.39]
[101736,"PISO DE BORRACHA PASTILHADO, ESPESSURA 3,5MM, FIXADO COM ADESIVO ACRÍLICO. AF_09/2020","M2",102.44]
[101737,"PISO DE BORRACHA CANELADO, ESPESSURA 3,5MM, FIXADO COM ADESIVO ACRÍLICO. AF_09/2020","M2",124.65]
[101748,"PREPARO DE CONTRAPISO COM POLITRIZ. AF_09/2020","M2",3.37]
[104162,"PISO EM GRANILITE, MARMORITE OU GRANITINA EM AMBIENTES INTERNOS, COM ESPESSURA DE 8 MM, INCLUSO MISTURA EM BETONEIRA, COLOCAÇÃO DAS JUNTAS, APLICAÇÃO DO PISO, 4 POLIMENTOS COM POLITRIZ, ESTUCAMENTO, SELADOR E CERA. AF_06/2022","M2",104.56]
[101092,"PISO EM GRANITO APLICADO EM CALÇADAS OU PISOS EXTERNOS. AF_05/2020","M2",544.07]
[101093,"PISO EM MÁRMORE APLICADO EM CALÇADAS OU PISOS EXTERNOS. AF_05/2020","M2",616]
[98695,"SOLEIRA EM MÁRMORE, LARGURA 15 CM, ESPESSURA 2,0 CM. AF_09/2020","M",105.52]
[98697,"RODAPÉ EM MÁRMORE, ALTURA 7 CM. AF_09/2020","M",70.09]
[101738,"RODAPÉ EM MADEIRA, ALTURA 7CM, FIXADO COM COLA. AF_09/2020","M",35.25]
[101739,"RODAPÉ EM MADEIRA, ALTURA 7CM, FIXADO COM COLA E PARAFUSOS. AF_09/2020","M",37.76]
[88648,"RODAPÉ CERÂMICO DE 7CM DE ALTURA COM PLACAS TIPO ESMALTADA DE DIMENSÕES 35X35CM. AF_02/2023","M",8.71]
[88649,"RODAPÉ CERÂMICO DE 7CM DE ALTURA COM PLACAS TIPO ESMALTADA DE DIMENSÕES 45X45CM. AF_02/2023","M",9.92]
[88650,"RODAPÉ CERÂMICO DE 7CM DE ALTURA COM PLACAS TIPO ESMALTADA DE DIMENSÕES 60X60CM. AF_02/2023","M",13.6]
[101740,"RODAPÉ EM ARDÓSIA ALTURA 10CM. AF_09/2020","M",49.52]
[101741,"RODAPÉ EM MARMORITE, ALTURA 10CM. AF_09/2020","M",22.73]
[94990,"EXECUÇÃO DE PASSEIO (CALÇADA) OU PISO DE CONCRETO COM CONCRETO MOLDADO IN LOCO, FEITO EM OBRA, ACABAMENTO CONVENCIONAL, NÃO ARMADO. AF_08/2022","M3",891.69]
[94991,"EXECUÇÃO DE PASSEIO (CALÇADA) OU PISO DE CONCRETO COM CONCRETO MOLDADO IN LOCO, USINADO C20, ACABAMENTO CONVENCIONAL, NÃO ARMADO. AF_08/2022","M3",962.29]
[94992,"EXECUÇÃO DE PASSEIO (CALÇADA) OU PISO DE CONCRETO COM CONCRETO MOLDADO IN LOCO, FEITO EM OBRA, ACABAMENTO CONVENCIONAL, ESPESSURA 6 CM, ARMADO. AF_08/2022","M2",94.5]
[94993,"EXECUÇÃO DE PASSEIO (CALÇADA) OU PISO DE CONCRETO COM CONCRETO MOLDADO IN LOCO, USINADO, ACABAMENTO CONVENCIONAL, ESPESSURA 6 CM, ARMADO. AF_08/2022","M2",98.75]
[94994,"EXECUÇÃO DE PASSEIO (CALÇADA) OU PISO DE CONCRETO COM CONCRETO MOLDADO IN LOCO, FEITO EM OBRA, ACABAMENTO CONVENCIONAL, ESPESSURA 8 CM, ARMADO. AF_08/2022","M2",112.63]
[94995,"EXECUÇÃO DE PASSEIO (CALÇADA) OU PISO DE CONCRETO COM CONCRETO MOLDADO IN LOCO, USINADO, ACABAMENTO CONVENCIONAL, ESPESSURA 8 CM, ARMADO. AF_08/2022","M2",118.27]
[101747,"PISO EM CONCRETO 20 MPA PREPARO MECÂNICO, ESPESSURA 7CM. AF_09/2020","M2",97.19]
[104626,"EXECUÇÃO DE PASSEIO (CALÇADA) OU PISO DE CONCRETO COM CONCRETO MOLDADO IN LOCO, USINADO C25, ACABAMENTO CONVENCIONAL, NÃO ARMADO. AF_03/2023","M3",986.15]
[104658,"PISO PODOTÁTIL DE ALERTA OU DIRECIONAL, DE CONCRETO, ASSENTADO SOBRE ARGAMASSA. AF_03/2024","M2",192.38]
[87620,"CONTRAPISO EM ARGAMASSA TRAÇO 1:4 (CIMENTO E AREIA), PREPARO MECÂNICO COM BETONEIRA 400 L, APLICADO EM ÁREAS SECAS SOBRE LAJE, ADERIDO, ACABAMENTO NÃO REFORÇADO, ESPESSURA 2CM. AF_07/2021","M2",33.12]
[87622,"CONTRAPISO EM ARGAMASSA TRAÇO 1:4 (CIMENTO E AREIA), PREPARO MANUAL, APLICADO EM ÁREAS SECAS SOBRE LAJE, ADERIDO, ACABAMENTO NÃO REFORÇADO, ESPESSURA 2CM. AF_07/2021","M2",36.79]
[87623,"CONTRAPISO EM ARGAMASSA PRONTA, PREPARO MECÂNICO COM MISTURADOR 300 KG, APLICADO EM ÁREAS SECAS SOBRE LAJE, ADERIDO, ACABAMENTO NÃO REFORÇADO, ESPESSURA 2CM. AF_07/2021","M2",101.36]
[87624,"CONTRAPISO EM ARGAMASSA PRONTA, PREPARO MANUAL, APLICADO EM ÁREAS SECAS SOBRE LAJE, ADERIDO, ACABAMENTO NÃO REFORÇADO, ESPESSURA 2CM. AF_07/2021","M2",108.48]
[87630,"CONTRAPISO EM ARGAMASSA TRAÇO 1:4 (CIMENTO E AREIA), PREPARO MECÂNICO COM BETONEIRA 400 L, APLICADO EM ÁREAS SECAS SOBRE LAJE, ADERIDO, ACABAMENTO NÃO REFORÇADO, ESPESSURA 3CM. AF_07/2021","M2",42.79]
[87632,"CONTRAPISO EM ARGAMASSA TRAÇO 1:4 (CIMENTO E AREIA), PREPARO MANUAL, APLICADO EM ÁREAS SECAS SOBRE LAJE, ADERIDO, ACABAMENTO NÃO REFORÇADO, ESPESSURA 3CM. AF_07/2021","M2",47.91]
[87633,"CONTRAPISO EM ARGAMASSA PRONTA, PREPARO MECÂNICO COM MISTURADOR 300 KG, APLICADO EM ÁREAS SECAS SOBRE LAJE, ADERIDO, ACABAMENTO NÃO REFORÇADO, ESPESSURA 3CM. AF_07/2021","M2",137.68]
[87634,"CONTRAPISO EM ARGAMASSA PRONTA, PREPARO MANUAL, APLICADO EM ÁREAS SECAS SOBRE LAJE, ADERIDO, ACABAMENTO NÃO REFORÇADO, ESPESSURA 3CM. AF_07/2021","M2",147.58]
[87640,"CONTRAPISO EM ARGAMASSA TRAÇO 1:4 (CIMENTO E AREIA), PREPARO MECÂNICO COM BETONEIRA 400 L, APLICADO EM ÁREAS SECAS SOBRE LAJE, ADERIDO, ACABAMENTO NÃO REFORÇADO, ESPESSURA 4CM. AF_07/2021","M2",50.74]
[87642,"CONTRAPISO EM ARGAMASSA TRAÇO 1:4 (CIMENTO E AREIA), PREPARO MANUAL, APLICADO EM ÁREAS SECAS SOBRE LAJE, ADERIDO, ACABAMENTO NÃO REFORÇADO, ESPESSURA 4CM. AF_07/2021","M2",57.03]
[87643,"CONTRAPISO EM ARGAMASSA PRONTA, PREPARO MECÂNICO COM MISTURADOR 300 KG, APLICADO EM ÁREAS SECAS SOBRE LAJE, ADERIDO, ACABAMENTO NÃO REFORÇADO, ESPESSURA 4CM. AF_07/2021","M2",167.43]
[87644,"CONTRAPISO EM ARGAMASSA PRONTA, PREPARO MANUAL, APLICADO EM ÁREAS SECAS SOBRE LAJE, ADERIDO, ACABAMENTO NÃO REFORÇADO, ESPESSURA 4CM. AF_07/2021","M2",179.6]
[87680,"CONTRAPISO EM ARGAMASSA TRAÇO 1:4 (CIMENTO E AREIA), PREPARO MECÂNICO COM BETONEIRA 400 L, APLICADO EM ÁREAS SECAS SOBRE LAJE, NÃO ADERIDO, ACABAMENTO NÃO REFORÇADO, ESPESSURA 4CM. AF_07/2021","M2",46.38]
[87682,"CONTRAPISO EM ARGAMASSA TRAÇO 1:4 (CIMENTO E AREIA), PREPARO MANUAL, APLICADO EM ÁREAS SECAS SOBRE LAJE, NÃO ADERIDO, ACABAMENTO NÃO REFORÇADO, ESPESSURA 4CM. AF_07/2021","M2",52.67]
[87683,"CONTRAPISO EM ARGAMASSA PRONTA, PREPARO MECÂNICO COM MISTURADOR 300 KG, APLICADO EM ÁREAS SECAS SOBRE LAJE, NÃO ADERIDO, ACABAMENTO NÃO REFORÇADO, ESPESSURA 4CM. AF_07/2021","M2",163.07]
[87684,"CONTRAPISO EM ARGAMASSA PRONTA, PREPARO MANUAL, APLICADO EM ÁREAS SECAS SOBRE LAJE, NÃO ADERIDO, ACABAMENTO NÃO REFORÇADO, ESPESSURA 4CM. AF_07/2021","M2",175.24]
[87690,"CONTRAPISO EM ARGAMASSA TRAÇO 1:4 (CIMENTO E AREIA), PREPARO MECÂNICO COM BETONEIRA 400 L, APLICADO EM ÁREAS SECAS SOBRE LAJE, NÃO ADERIDO, ACABAMENTO NÃO REFORÇADO, ESPESSURA 5CM. AF_07/2021","M2",53.16]
[87692,"CONTRAPISO EM ARGAMASSA TRAÇO 1:4 (CIMENTO E AREIA), PREPARO MANUAL, APLICADO EM ÁREAS SECAS SOBRE LAJE, NÃO ADERIDO, ACABAMENTO NÃO REFORÇADO, ESPESSURA 5CM. AF_07/2021","M2",60.36]
[87693,"CONTRAPISO EM ARGAMASSA PRONTA, PREPARO MECÂNICO COM MISTURADOR 300 KG, APLICADO EM ÁREAS SECAS SOBRE LAJE, NÃO ADERIDO, ESPESSURA 5CM. AF_07/2021","M2",186.79]
[87694,"CONTRAPISO EM ARGAMASSA PRONTA, PREPARO MANUAL, APLICADO EM ÁREAS SECAS SOBRE LAJE, NÃO ADERIDO, ACABAMENTO NÃO REFORÇADO, ESPESSURA 5CM. AF_07/2021","M2",200.73]
[87700,"CONTRAPISO EM ARGAMASSA TRAÇO 1:4 (CIMENTO E AREIA), PREPARO MECÂNICO COM BETONEIRA 400 L, APLICADO EM ÁREAS SECAS SOBRE LAJE, NÃO ADERIDO, ACABAMENTO NÃO REFORÇADO, ESPESSURA 6CM. AF_07/2021","M2",57.48]
[87702,"CONTRAPISO EM ARGAMASSA TRAÇO 1:4 (CIMENTO E AREIA), PREPARO MANUAL, APLICADO EM ÁREAS SECAS SOBRE LAJE, NÃO ADERIDO, ACABAMENTO NÃO REFORÇADO, ESPESSURA 6CM. AF_07/2021","M2",65.32]
[87703,"CONTRAPISO EM ARGAMASSA PRONTA, PREPARO MECÂNICO COM MISTURADOR 300 KG, APLICADO EM ÁREAS SECAS SOBRE LAJE, NÃO ADERIDO, ACABAMENTO NÃO REFORÇADO, ESPESSURA 6CM. AF_07/2021","M2",203]
[87704,"CONTRAPISO EM ARGAMASSA PRONTA, PREPARO MANUAL, APLICADO EM ÁREAS SECAS SOBRE LAJE, NÃO ADERIDO, ACABAMENTO NÃO REFORÇADO, ESPESSURA 6CM. AF_07/2021","M2",218.18]
[87735,"CONTRAPISO EM ARGAMASSA TRAÇO 1:4 (CIMENTO E AREIA), PREPARO MECÂNICO COM BETONEIRA 400 L, APLICADO EM ÁREAS MOLHADAS SOBRE LAJE, ADERIDO, ACABAMENTO NÃO REFORÇADO, ESPESSURA 2CM. AF_07/2021","M2",44.4]
[87737,"CONTRAPISO EM ARGAMASSA TRAÇO 1:4 (CIMENTO E AREIA), PREPARO MANUAL, APLICADO EM ÁREAS MOLHADAS SOBRE LAJE, ADERIDO, ACABAMENTO NÃO REFORÇADO, ESPESSURA 2CM. AF_07/2021","M2",48.07]
[87738,"CONTRAPISO EM ARGAMASSA PRONTA, PREPARO MECÂNICO COM MISTURADOR 300 KG, APLICADO EM ÁREAS MOLHADAS SOBRE LAJE, ADERIDO, ACABAMENTO NÃO REFORÇADO, ESPESSURA 2CM. AF_07/2021","M2",112.64]
[87739,"CONTRAPISO EM ARGAMASSA PRONTA, PREPARO MANUAL, APLICADO EM ÁREAS MOLHADAS SOBRE LAJE, ADERIDO, ACABAMENTO NÃO REFORÇADO, ESPESSURA 2CM. AF_07/2021","M2",119.76]
[87745,"CONTRAPISO EM ARGAMASSA TRAÇO 1:4 (CIMENTO E AREIA), PREPARO MECÂNICO COM BETONEIRA 400 L, APLICADO EM ÁREAS MOLHADAS SOBRE LAJE, ADERIDO, ACABAMENTO NÃO REFORÇADO, ESPESSURA 3CM. AF_07/2021","M2",54.08]
[87747,"CONTRAPISO EM ARGAMASSA TRAÇO 1:4 (CIMENTO E AREIA), PREPARO MANUAL, APLICADO EM ÁREAS MOLHADAS SOBRE LAJE, ADERIDO, ACABAMENTO NÃO REFORÇADO, ESPESSURA 3CM. AF_07/2021","M2",59.2]
[87748,"CONTRAPISO EM ARGAMASSA PRONTA, PREPARO MECÂNICO COM MISTURADOR 300 KG, APLICADO EM ÁREAS MOLHADAS SOBRE LAJE, ADERIDO, ACABAMENTO NÃO REFORÇADO, ESPESSURA 3CM. AF_07/2021","M2",148.97]
[87749,"CONTRAPISO EM ARGAMASSA PRONTA, PREPARO MANUAL, APLICADO EM ÁREAS MOLHADAS SOBRE LAJE, ADERIDO, ACABAMENTO NÃO REFORÇADO, ESPESSURA 3CM. AF_07/2021","M2",158.87]
[87755,"CONTRAPISO EM ARGAMASSA TRAÇO 1:4 (CIMENTO E AREIA), PREPARO MECÂNICO COM BETONEIRA 400 L, APLICADO EM ÁREAS MOLHADAS SOBRE IMPERMEABILIZAÇÃO, ACABAMENTO NÃO REFORÇADO, ESPESSURA 3CM. AF_07/2021","M2",52.04]
[87757,"CONTRAPISO EM ARGAMASSA TRAÇO 1:4 (CIMENTO E AREIA), PREPARO MANUAL, APLICADO EM ÁREAS MOLHADAS SOBRE IMPERMEABILIZAÇÃO, ACABAMENTO NÃO REFORÇADO, ESPESSURA 3CM. AF_07/2021","M2",57.16]
[87758,"CONTRAPISO EM ARGAMASSA PRONTA, PREPARO MECÂNICO COM MISTURADOR 300 KG, APLICADO EM ÁREAS MOLHADAS SOBRE IMPERMEABILIZAÇÃO, ACABAMENTO NÃO REFORÇADO, ESPESSURA 3CM. AF_07/2021","M2",146.93]
[87759,"CONTRAPISO EM ARGAMASSA PRONTA, PREPARO MANUAL, APLICADO EM ÁREAS MOLHADAS SOBRE IMPERMEABILIZAÇÃO, ACABAMENTO NÃO REFORÇADO, ESPESSURA 3CM. AF_07/2021","M2",156.83]
[87765,"CONTRAPISO EM ARGAMASSA TRAÇO 1:4 (CIMENTO E AREIA), PREPARO MECÂNICO COM BETONEIRA 400 L, APLICADO EM ÁREAS MOLHADAS SOBRE IMPERMEABILIZAÇÃO, ACABAMENTO NÃO REFORÇADO, ESPESSURA 4CM. AF_07/2021","M2",60.02]
[87767,"CONTRAPISO EM ARGAMASSA TRAÇO 1:4 (CIMENTO E AREIA), PREPARO MANUAL, APLICADO EM ÁREAS MOLHADAS SOBRE IMPERMEABILIZAÇÃO, ACABAMENTO NÃO REFORÇADO, ESPESSURA 4CM. AF_07/2021","M2",66.31]
[87768,"CONTRAPISO EM ARGAMASSA PRONTA, PREPARO MECÂNICO COM MISTURADOR 300 KG, APLICADO EM ÁREAS MOLHADAS SOBRE IMPERMEABILIZAÇÃO, ACABAMENTO NÃO REFORÇADO, ESPESSURA 4CM. AF_07/2021","M2",176.71]
[87769,"CONTRAPISO EM ARGAMASSA PRONTA, PREPARO MANUAL, APLICADO EM ÁREAS MOLHADAS SOBRE IMPERMEABILIZAÇÃO, ACABAMENTO NÃO REFORÇADO, ESPESSURA 4CM. AF_07/2021","M2",188.88]
[88470,"CONTRAPISO COM ARGAMASSA AUTONIVELANTE, APLICADO SOBRE LAJE, NÃO ADERIDO, ESPESSURA 3CM. AF_07/2021","M2",35.22]
[88471,"CONTRAPISO COM ARGAMASSA AUTONIVELANTE, APLICADO SOBRE LAJE, NÃO ADERIDO, ESPESSURA 4CM. AF_07/2021","M2",43.86]
[88472,"CONTRAPISO COM ARGAMASSA AUTONIVELANTE, APLICADO SOBRE LAJE, NÃO ADERIDO, ESPESSURA 5CM. AF_07/2021","M2",50.75]
[88476,"CONTRAPISO COM ARGAMASSA AUTONIVELANTE, APLICADO SOBRE LAJE, ADERIDO, ESPESSURA 2CM. AF_07/2021","M2",28.17]
[88477,"CONTRAPISO COM ARGAMASSA AUTONIVELANTE, APLICADO SOBRE LAJE, ADERIDO, ESPESSURA 3CM. AF_07/2021","M2",38.87]
[88478,"CONTRAPISO COM ARGAMASSA AUTONIVELANTE, APLICADO SOBRE LAJE, ADERIDO, ESPESSURA 4CM. AF_07/2021","M2",47.73]
[90930,"CONTRAPISO ACÚSTICO EM ARGAMASSA TRAÇO 1:4 (CIMENTO E AREIA), PREPARO MECÂNICO COM BETONEIRA 400L, APLICADO EM ÁREAS SECAS, ACABAMENTO NÃO REFORÇADO, ESPESSURA 5CM. AF_07/2021","M2",83.17]
[90932,"CONTRAPISO ACÚSTICO EM ARGAMASSA TRAÇO 1:4 (CIMENTO E AREIA), PREPARO MANUAL, APLICADO EM ÁREAS SECAS, ACABAMENTO NÃO REFORÇADO, ESPESSURA 5CM. AF_07/2021","M2",90.37]
[90933,"CONTRAPISO ACÚSTICO EM ARGAMASSA PRONTA, PREPARO MECÂNICO COM MISTURADOR 300 KG, APLICADO EM ÁREAS SECAS, ACABAMENTO NÃO REFORÇADO, ESPESSURA 5CM. AF_07/2021","M2",216.8]
[90934,"CONTRAPISO ACÚSTICO EM ARGAMASSA PRONTA, PREPARO MANUAL, APLICADO EM ÁREAS SECAS, ACABAMENTO NÃO REFORÇADO, ESPESSURA 5CM. AF_07/2021","M2",230.74]
[90940,"CONTRAPISO ACÚSTICO EM ARGAMASSA TRAÇO 1:4 (CIMENTO E AREIA), PREPARO MECÂNICO COM BETONEIRA 400L, APLICADO EM ÁREAS SECAS, ACABAMENTO NÃO REFORÇADO, ESPESSURA 6CM. AF_07/2021","M2",88.71]
[90942,"CONTRAPISO ACÚSTICO EM ARGAMASSA TRAÇO 1:4 (CIMENTO E AREIA), PREPARO MANUAL, APLICADO EM ÁREAS SECAS, ACABAMENTO NÃO REFORÇADO, ESPESSURA 6CM. AF_07/2021","M2",96.55]
[90943,"CONTRAPISO ACÚSTICO EM ARGAMASSA PRONTA, PREPARO MECÂNICO COM MISTURADOR 300 KG, APLICADO EM ÁREAS SECAS, ACABAMENTO NÃO REFORÇADO, ESPESSURA 6CM. AF_07/2021","M2",234.23]
[90944,"CONTRAPISO ACÚSTICO EM ARGAMASSA PRONTA, PREPARO MANUAL, APLICADO EM ÁREAS SECA, ACABAMENTO NÃO REFORÇADO, ESPESSURA 6CM. AF_07/2021","M2",249.41]
[90950,"CONTRAPISO ACÚSTICO EM ARGAMASSA TRAÇO 1:4 (CIMENTO E AREIA), PREPARO MECÂNICO COM BETONEIRA 400L, APLICADO EM ÁREAS SECAS, ACABAMENTO NÃO REFORÇADO, ESPESSURA 7CM. AF_07/2021","M2",98.84]
[90952,"CONTRAPISO ACÚSTICO EM ARGAMASSA TRAÇO 1:4 (CIMENTO E AREIA), PREPARO MANUAL, APLICADO EM ÁREAS SECAS, ACABAMENTO NÃO REFORÇADO, ESPESSURA 7CM. AF_07/2021","M2",107.86]
[90953,"CONTRAPISO ACÚSTICO EM ARGAMASSA PRONTA, PREPARO MECÂNICO COM MISTURADOR 300 KG, APLICADO EM ÁREAS SECAS, ACABAMENTO NÃO REFORÇADO, ESPESSURA 7CM. AF_07/2021","M2",266.16]
[90954,"CONTRAPISO ACÚSTICO EM ARGAMASSA PRONTA, PREPARO MANUAL, APLICADO EM ÁREAS SECAS, ACABAMENTO NÃO REFORÇADO, ESPESSURA 7CM. AF_07/2021","M2",283.61]
[102803,"REFORÇO SUPERFICIAL PARA CONTRAPISOS DE ARGAMASSA SEMI-SECA. AF_07/2021","M2",2.32]
[101742,"RODAPÉ BORRACHA LISO, ALTURA = 7CM, ESPESSURA = 2 MM, PARA ARGAMASSA. AF_09/2020","M",62.56]
[87878,"CHAPISCO APLICADO EM ALVENARIAS E ESTRUTURAS DE CONCRETO INTERNAS, COM COLHER DE PEDREIRO.  ARGAMASSA TRAÇO 1:3 COM PREPARO MANUAL. AF_10/2022","M2",5]
[87879,"CHAPISCO APLICADO EM ALVENARIAS E ESTRUTURAS DE CONCRETO INTERNAS, COM COLHER DE PEDREIRO.  ARGAMASSA TRAÇO 1:3 COM PREPARO EM BETONEIRA 400L. AF_10/2022","M2",4.52]
[87881,"CHAPISCO APLICADO NO TETO OU EM ALVENARIA E ESTRUTURA, COM ROLO PARA TEXTURA ACRÍLICA. ARGAMASSA TRAÇO 1:4 E EMULSÃO POLIMÉRICA (ADESIVO) COM PREPARO MANUAL. AF_10/2022","M2",6.25]
[87882,"CHAPISCO APLICADO NO TETO OU EM ALVENARIA E ESTRUTURA, COM ROLO PARA TEXTURA ACRÍLICA. ARGAMASSA TRAÇO 1:4 E EMULSÃO POLIMÉRICA (ADESIVO) COM PREPARO EM BETONEIRA 400L. AF_10/2022","M2",6.08]
[87884,"CHAPISCO APLICADO NO TETO OU EM ALVENARIA E ESTRUTURA, COM ROLO PARA TEXTURA ACRÍLICA. ARGAMASSA INDUSTRIALIZADA COM PREPARO MANUAL. AF_10/2022","M2",13.55]
[87885,"CHAPISCO APLICADO NO TETO OU EM ALVENARIA E ESTRUTURA, COM ROLO PARA TEXTURA ACRÍLICA. ARGAMASSA INDUSTRIALIZADA COM PREPARO EM MISTURADOR 300 KG. AF_10/2022","M2",13.14]
[87886,"CHAPISCO APLICADO NO TETO OU EM ESTRUTURA, COM DESEMPENADEIRA DENTADA. ARGAMASSA INDUSTRIALIZADA COM PREPARO MANUAL. AF_10/2022","M2",21.99]
[87887,"CHAPISCO APLICADO NO TETO OU EM ESTRUTURA, COM DESEMPENADEIRA DENTADA. ARGAMASSA INDUSTRIALIZADA COM PREPARO EM MISTURADOR 300 KG. AF_10/2022","M2",21.14]
[87888,"CHAPISCO APLICADO EM ALVENARIA (SEM PRESENÇA DE VÃOS) E ESTRUTURAS DE CONCRETO DE FACHADA, COM ROLO PARA TEXTURA ACRÍLICA.  ARGAMASSA TRAÇO 1:4 E EMULSÃO POLIMÉRICA (ADESIVO) COM PREPARO MANUAL. AF_10/2022","M2",7.77]
[87889,"CHAPISCO APLICADO EM ALVENARIA (SEM PRESENÇA DE VÃOS) E ESTRUTURAS DE CONCRETO DE FACHADA, COM ROLO PARA TEXTURA ACRÍLICA.  ARGAMASSA TRAÇO 1:4 E EMULSÃO POLIMÉRICA (ADESIVO) COM PREPARO EM BETONEIRA 400L. AF_10/2022","M2",7.6]
[87891,"CHAPISCO APLICADO EM ALVENARIA (SEM PRESENÇA DE VÃOS) E ESTRUTURAS DE CONCRETO DE FACHADA, COM ROLO PARA TEXTURA ACRÍLICA. ARGAMASSA INDUSTRIALIZADA COM PREPARO MANUAL. AF_10/2022","M2",15.07]
[87892,"CHAPISCO APLICADO EM ALVENARIA (SEM PRESENÇA DE VÃOS) E ESTRUTURAS DE CONCRETO DE FACHADA, COM ROLO PARA TEXTURA ACRÍLICA.  ARGAMASSA INDUSTRIALIZADA COM PREPARO EM MISTURADOR 300 KG. AF_10/2022","M2",14.66]
[87893,"CHAPISCO APLICADO EM ALVENARIA (SEM PRESENÇA DE VÃOS) E ESTRUTURAS DE CONCRETO DE FACHADA, COM COLHER DE PEDREIRO.  ARGAMASSA TRAÇO 1:3 COM PREPARO MANUAL. AF_10/2022","M2",7.26]
[87894,"CHAPISCO APLICADO EM ALVENARIA (SEM PRESENÇA DE VÃOS) E ESTRUTURAS DE CONCRETO DE FACHADA, COM COLHER DE PEDREIRO.  ARGAMASSA TRAÇO 1:3 COM PREPARO EM BETONEIRA 400L. AF_10/2022","M2",6.78]
[87896,"CHAPISCO APLICADO EM ALVENARIA (SEM PRESENÇA DE VÃOS) E ESTRUTURAS DE CONCRETO DE FACHADA, COM EQUIPAMENTO DE PROJEÇÃO. ARGAMASSA TRAÇO 1:3 COM PREPARO MANUAL. AF_10/2022","M2",5.69]
[87897,"CHAPISCO APLICADO EM ALVENARIA (SEM PRESENÇA DE VÃOS) E ESTRUTURAS DE CONCRETO DE FACHADA, COM EQUIPAMENTO DE PROJEÇÃO.  ARGAMASSA TRAÇO 1:3 COM PREPARO EM BETONEIRA 400 L. AF_10/2022","M2",5.21]
[87899,"CHAPISCO APLICADO EM ALVENARIA (COM PRESENÇA DE VÃOS) E ESTRUTURAS DE CONCRETO DE FACHADA, COM ROLO PARA TEXTURA ACRÍLICA.  ARGAMASSA TRAÇO 1:4 E EMULSÃO POLIMÉRICA (ADESIVO) COM PREPARO MANUAL. AF_10/2022","M2",8.44]
[87900,"CHAPISCO APLICADO EM ALVENARIA (COM PRESENÇA DE VÃOS) E ESTRUTURAS DE CONCRETO DE FACHADA, COM ROLO PARA TEXTURA ACRÍLICA.  ARGAMASSA TRAÇO 1:4 E EMULSÃO POLIMÉRICA (ADESIVO) COM PREPARO EM BETONEIRA 400L. AF_10/2022","M2",8.27]
[87902,"CHAPISCO APLICADO EM ALVENARIA (COM PRESENÇA DE VÃOS) E ESTRUTURAS DE CONCRETO DE FACHADA, COM ROLO PARA TEXTURA ACRÍLICA.  ARGAMASSA INDUSTRIALIZADA COM PREPARO MANUAL. AF_10/2022","M2",15.74]
[87903,"CHAPISCO APLICADO EM ALVENARIA (COM PRESENÇA DE VÃOS) E ESTRUTURAS DE CONCRETO DE FACHADA, COM ROLO PARA TEXTURA ACRÍLICA.  ARGAMASSA INDUSTRIALIZADA COM PREPARO EM MISTURADOR 300 KG. AF_10/2022","M2",15.33]
[87904,"CHAPISCO APLICADO EM ALVENARIA (COM PRESENÇA DE VÃOS) E ESTRUTURAS DE CONCRETO DE FACHADA, COM COLHER DE PEDREIRO.  ARGAMASSA TRAÇO 1:3 COM PREPARO MANUAL. AF_10/2022","M2",8.32]
[87905,"CHAPISCO APLICADO EM ALVENARIA (COM PRESENÇA DE VÃOS) E ESTRUTURAS DE CONCRETO DE FACHADA, COM COLHER DE PEDREIRO.  ARGAMASSA TRAÇO 1:3 COM PREPARO EM BETONEIRA 400L. AF_10/2022","M2",7.84]
[87907,"CHAPISCO APLICADO EM ALVENARIA (COM PRESENÇA DE VÃOS) E ESTRUTURAS DE CONCRETO DE FACHADA, COM EQUIPAMENTO DE PROJEÇÃO.  ARGAMASSA TRAÇO 1:3 COM PREPARO MANUAL. AF_10/2022","M2",6.74]
[87908,"CHAPISCO APLICADO EM ALVENARIA (COM PRESENÇA DE VÃOS) E ESTRUTURAS DE CONCRETO DE FACHADA, COM EQUIPAMENTO DE PROJEÇÃO.  ARGAMASSA TRAÇO 1:3 COM PREPARO EM BETONEIRA 400 L. AF_10/2022","M2",6.26]
[87910,"CHAPISCO APLICADO SOMENTE NA ESTRUTURA DE CONCRETO DA FACHADA, COM DESEMPENADEIRA DENTADA. ARGAMASSA INDUSTRIALIZADA COM PREPARO MANUAL. AF_10/2022","M2",27.05]
[87911,"CHAPISCO APLICADO SOMENTE NA ESTRUTURA DE CONCRETO DA FACHADA, COM DESEMPENADEIRA DENTADA. ARGAMASSA INDUSTRIALIZADA COM PREPARO EM MISTURADOR 300 KG. AF_10/2022","M2",26.2]
[104410,"CHAPISCO APLICADO EM ALVENARIA E ESTRUTURAS DE CONCRETO INTERNAS, COM EQUIPAMENTO DE PROJEÇÃO.  ARGAMASSA TRAÇO 1:3 COM PREPARO MANUAL. AF_10/2022","M2",5.32]
[104411,"CHAPISCO APLICADO EM ALVENARIA E ESTRUTURAS DE CONCRETO INTERNAS, COM EQUIPAMENTO DE PROJEÇÃO.  ARGAMASSA TRAÇO 1:3 COM PREPARO EM BETONEIRA 400 L. AF_10/2022","M2",5.32]
[87411,"APLICAÇÃO MANUAL DE GESSO DESEMPENADO (SEM TALISCAS) EM TETO DE AMBIENTES DE ÁREA MAIOR QUE 10M², ESPESSURA DE 0,5CM. AF_03/2023","M2",17.21]
[87412,"APLICAÇÃO MANUAL DE GESSO DESEMPENADO (SEM TALISCAS) EM TETO DE AMBIENTES DE ÁREA ENTRE 5M² E 10M², ESPESSURA DE 0,5CM. AF_03/2023","M2",24.63]
[87413,"APLICAÇÃO MANUAL DE GESSO DESEMPENADO (SEM TALISCAS) EM TETO DE AMBIENTES DE ÁREA MENOR QUE 5M², ESPESSURA DE 0,5CM. AF_03/2023","M2",28.89]
[87414,"APLICAÇÃO MANUAL DE GESSO DESEMPENADO (SEM TALISCAS) EM TETO DE AMBIENTES DE ÁREA MAIOR QUE 10M², ESPESSURA DE 1,0CM. AF_03/2023","M2",27.81]
[87415,"APLICAÇÃO MANUAL DE GESSO DESEMPENADO (SEM TALISCAS) EM TETO DE AMBIENTES DE ÁREA ENTRE 5M² E 10M², ESPESSURA DE 1,0CM. AF_03/2023","M2",35.23]
[87416,"APLICAÇÃO MANUAL DE GESSO DESEMPENADO (SEM TALISCAS) EM TETO DE AMBIENTES DE ÁREA MENOR QUE 5M², ESPESSURA DE 1,0CM. AF_03/2023","M2",39.49]
[87418,"APLICAÇÃO MANUAL DE GESSO DESEMPENADO (SEM TALISCAS) EM PAREDES, ESPESSURA DE 0,5CM. AF_03/2023","M2",19.56]
[87421,"APLICAÇÃO MANUAL DE GESSO DESEMPENADO (SEM TALISCAS) EM PAREDES, ESPESSURA DE 1,0CM. AF_03/2023","M2",30.5]
[87424,"APLICAÇÃO MANUAL DE GESSO SARRAFEADO (COM TALISCAS) EM PAREDES, ESPESSURA DE 1,0CM. AF_03/2023","M2",38.78]
[87427,"APLICAÇÃO MANUAL DE GESSO SARRAFEADO (COM TALISCAS) EM PAREDES, ESPESSURA DE 1,5CM. AF_03/2023","M2",46.39]
[87430,"APLICAÇÃO DE GESSO PROJETADO COM EQUIPAMENTO DE PROJEÇÃO EM PAREDES, DESEMPENADO (SEM TALISCAS), ESPESSURA DE 0,5CM. AF_03/2023","M2",19.09]
[87433,"APLICAÇÃO DE GESSO PROJETADO COM EQUIPAMENTO DE PROJEÇÃO EM PAREDES, DESEMPENADO (SEM TALISCAS), ESPESSURA DE 1,0CM. AF_03/2023","M2",28.29]
[87436,"APLICAÇÃO DE GESSO PROJETADO COM EQUIPAMENTO DE PROJEÇÃO EM PAREDES, SARRAFEADO (COM TALISCAS), ESPESSURA DE 1,0CM. AF_03/2023","M2",31.65]
[87439,"APLICAÇÃO DE GESSO PROJETADO COM EQUIPAMENTO DE PROJEÇÃO EM PAREDES, SARRAFEADO (COM TALISCAS), ESPESSURA DE 1,5CM. AF_03/2023","M2",39.06]
[87527,"EMBOÇO, EM ARGAMASSA TRAÇO 1:2:8, PREPARO MECÂNICO, APLICADO MANUALMENTE EM PAREDES INTERNAS DE AMBIENTES COM ÁREA MENOR QUE 5M², E =17,5MM, COM TALISCAS. AF_03/2024","M2",37.98]
[87528,"EMBOÇO, EM ARGAMASSA TRAÇO 1:2:8, PREPARO MANUAL, APLICADO MANUALMENTE EM PAREDES INTERNAS DE AMBIENTES COM ÁREA MENOR QUE 5M², E = 17,5MM, COM TALISCAS. AF_03/2024","M2",41.78]
[87529,"MASSA ÚNICA, EM ARGAMASSA TRAÇO 1:2:8, PREPARO MECÂNICO, APLICADA MANUALMENTE EM PAREDES INTERNAS DE AMBIENTES COM ÁREA ENTRE 5M² E 10M², E = 17,5MM, COM TALISCAS. AF_03/2024","M2",35.15]
[87530,"MASSA ÚNICA, EM ARGAMASSA TRAÇO 1:2:8, PREPARO MANUAL, APLICADA MANUALMENTE EM PAREDES INTERNAS DE AMBIENTES COM ÁREA ENTRE 5M² E 10M², E = 17,5MM, COM TALISCAS. AF_03/2024","M2",38.95]
[87531,"EMBOÇO, EM ARGAMASSA TRAÇO 1:2:8, PREPARO MECÂNICO, APLICADO MANUALMENTE EM PAREDES INTERNAS DE AMBIENTES COM ÁREA ENTRE 5M² E 10M², E = 17,5MM, COM TALISCAS. AF_03/2024","M2",34]
[87532,"EMBOÇO, EM ARGAMASSA TRAÇO 1:2:8, PREPARO MANUAL, APLICADO MANUALMENTE EM PAREDES INTERNAS DE AMBIENTES COM ÁREA ENTRE 5M² E 10M², E = 17,5MM, COM TALISCAS. AF_03/2024","M2",37.8]
[87535,"EMBOÇO, EM ARGAMASSA TRAÇO 1:2:8, PREPARO MECÂNICO, APLICADO MANUALMENTE EM PAREDES INTERNAS DE AMBIENTES COM ÁREA MAIOR QUE 10M², E = 17,5MM, COM TALISCAS. AF_03/2024","M2",31.63]
[87536,"EMBOÇO, EM ARGAMASSA TRAÇO 1:2:8, PREPARO MANUAL, APLICADO MANUALMENTE EM PAREDES INTERNAS DE AMBIENTES COM ÁREA MAIOR QUE 10M², E = 17,5MM, COM TALISCAS. AF_03/2024","M2",35.43]
[87539,"EMBOÇO, EM ARGAMASSA INDUSTRIALIZADA, PREPARO MECÂNICO, APLICADO COM EQUIPAMENTO DE MISTURA E PROJEÇÃO DE ARGAMASSA EM PAREDES INTERNAS, E = 17,5MM, COM TALISCAS. AF_03/2024","M2",88.55]
[87543,"MASSA ÚNICA, EM ARGAMASSA INDUSTRIALIZADA, PREPARO MECÂNICO, APLICADA COM EQUIPAMENTO DE MISTURA E PROJEÇÃO DE ARGAMASSA EM PAREDES INTERNAS, E = 5MM, SEM TALISCAS. AF_03/2024","M2",32.65]
[87545,"EMBOÇO, EM ARGAMASSA TRAÇO 1:2:8, PREPARO MECÂNICO, APLICADO MANUALMENTE EM PAREDES INTERNAS, PARA AMBIENTES COM ÁREA MENOR QUE 5M², E = 10MM, COM TALISCAS. AF_03/2024","M2",28.03]
[87546,"EMBOÇO, EM ARGAMASSA TRAÇO 1:2:8, PREPARO MANUAL, APLICADO MANUALMENTE EM PAREDES INTERNAS, PARA AMBIENTES COM ÁREA MENOR QUE 5M², E = 10MM, COM TALISCAS. AF_03/2024","M2",30.46]
[87547,"MASSA ÚNICA, EM ARGAMASSA TRAÇO 1:2:8, PREPARO MECÂNICO, APLICADA MANUALMENTE EM PAREDES INTERNAS DE AMBIENTES COM ÁREA ENTRE 5M² E 10M², E = 10MM, COM TALISCAS. AF_03/2024","M2",25.19]
[87548,"MASSA ÚNICA, EM ARGAMASSA TRAÇO 1:2:8, PREPARO MANUAL, APLICADA MANUALMENTE EM PAREDES INTERNAS DE AMBIENTES COM ÁREA ENTRE 5M² E 10M², E = 10MM, COM TALISCAS. AF_03/2024","M2",27.62]
[87549,"EMBOÇO, EM ARGAMASSA TRAÇO 1:2:8, PREPARO MECÂNICO, APLICADO MANUALMENTE EM PAREDES INTERNAS DE AMBIENTES COM ÁREA ENTRE 5M² E 10M², E = 10MM, COM TALISCAS. AF_03/2024","M2",24.05]
[87550,"EMBOÇO, EM ARGAMASSA TRAÇO 1:2:8, PREPARO MANUAL, APLICADO MANUALMENTE EM PAREDES INTERNAS DE AMBIENTES COM ÁREA ENTRE 5M² E 10M², E = 10MM, COM TALISCAS. AF_03/2024","M2",26.48]
[87553,"EMBOÇO, EM ARGAMASSA TRAÇO 1:2:8, PREPARO MECÂNICO, APLICADO MANUALMENTE EM PAREDES INTERNAS DE AMBIENTES COM ÁREA MAIOR QUE 10M², E = 10MM, COM TALISCAS. AF_03/2024","M2",21.67]
[87554,"EMBOÇO, EM ARGAMASSA TRAÇO 1:2:8, PREPARO MANUAL, APLICADO MANUALMENTE EM PAREDES INTERNAS DE AMBIENTES COM ÁREA MAIOR QUE 10M², E = 10MM, COM TALISCAS. AF_03/2024","M2",24.1]
[87557,"EMBOÇO, EM ARGAMASSA INDUSTRIALIZADA, PREPARO MECÂNICO, APLICADO COM EQUIPAMENTO DE MISTURA E PROJEÇÃO DE ARGAMASSA EM PAREDES INTERNAS, E = 10MM, COM TALISCAS. AF_03/2024","M2",57.86]
[87561,"MASSA ÚNICA, EM ARGAMASSA INDUSTRIALIZADA, PREPARO MECÂNICO, APLICADA COM EQUIPAMENTO DE MISTURA E PROJEÇÃO DE ARGAMASSA EM PAREDES INTERNAS, E = 10MM, SEM TALISCAS. AF_03/2024","M2",57.34]
[87775,"EMBOÇO OU MASSA ÚNICA EM ARGAMASSA TRAÇO 1:2:8, PREPARO MECÂNICO COM BETONEIRA 400 L, APLICADA MANUALMENTE EM PANOS DE FACHADA COM PRESENÇA DE VÃOS, ESPESSURA DE 25 MM. AF_08/2022","M2",53.19]
[87777,"EMBOÇO OU MASSA ÚNICA EM ARGAMASSA TRAÇO 1:2:8, PREPARO MANUAL, APLICADA MANUALMENTE EM PANOS DE FACHADA COM PRESENÇA DE VÃOS, ESPESSURA DE 25 MM. AF_08/2022","M2",57.12]
[87778,"EMBOÇO OU MASSA ÚNICA EM ARGAMASSA INDUSTRIALIZADA, PREPARO MECÂNICO E APLICAÇÃO COM EQUIPAMENTO DE MISTURA E PROJEÇÃO DE 1,5 M3/H DE ARGAMASSA EM PANOS DE FACHADA COM PRESENÇA DE VÃOS, ESPESSURA DE 25 MM. AF_08/2022","M2",111.58]
[87779,"EMBOÇO OU MASSA ÚNICA EM ARGAMASSA TRAÇO 1:2:8, PREPARO MECÂNICO COM BETONEIRA 400 L, APLICADA MANUALMENTE EM PANOS DE FACHADA COM PRESENÇA DE VÃOS, ESPESSURA DE 35 MM. AF_08/2022","M2",68.35]
[87781,"EMBOÇO OU MASSA ÚNICA EM ARGAMASSA TRAÇO 1:2:8, PREPARO MANUAL, APLICADA MANUALMENTE EM PANOS DE FACHADA COM PRESENÇA DE VÃOS, ESPESSURA DE 35 MM. AF_08/2022","M2",73.61]
[87783,"EMBOÇO OU MASSA ÚNICA EM ARGAMASSA INDUSTRIALIZADA, PREPARO MECÂNICO E APLICAÇÃO COM EQUIPAMENTO DE MISTURA E PROJEÇÃO DE 1,5 M3/H DE ARGAMASSA EM PANOS DE FACHADA COM PRESENÇA DE VÃOS, ESPESSURA DE 35 MM. AF_08/2022","M2",146.88]
[87784,"EMBOÇO OU MASSA ÚNICA EM ARGAMASSA TRAÇO 1:2:8, PREPARO MECÂNICO COM BETONEIRA 400 L, APLICADA MANUALMENTE EM PANOS DE FACHADA COM PRESENÇA DE VÃOS, ESPESSURA DE 45 MM. AF_08/2022","M2",74.78]
[87786,"EMBOÇO OU MASSA ÚNICA EM ARGAMASSA TRAÇO 1:2:8, PREPARO MANUAL, APLICADA MANUALMENTE EM PANOS DE FACHADA COM PRESENÇA DE VÃOS, ESPESSURA DE 45 MM. AF_08/2022","M2",81.38]
[87787,"EMBOÇO OU MASSA ÚNICA EM ARGAMASSA INDUSTRIALIZADA, PREPARO MECÂNICO E APLICAÇÃO COM EQUIPAMENTO DE MISTURA E PROJEÇÃO DE 1,5 M3/H DE ARGAMASSA EM PANOS DE FACHADA COM PRESENÇA DE VÃOS, ESPESSURA DE 45 MM. AF_08/2022","M2",174.18]
[87788,"EMBOÇO OU MASSA ÚNICA EM ARGAMASSA TRAÇO 1:2:8, PREPARO MECÂNICO COM BETONEIRA 400 L, APLICADA MANUALMENTE EM PANOS DE FACHADA COM PRESENÇA DE VÃOS, ESPESSURA MAIOR OU IGUAL A 50 MM. AF_08/2022","M2",87.89]
[87791,"EMBOÇO OU MASSA ÚNICA EM ARGAMASSA INDUSTRIALIZADA, PREPARO MECÂNICO E APLICAÇÃO COM EQUIPAMENTO DE MISTURA E PROJEÇÃO DE 1,5 M3/H DE ARGAMASSA EM PANOS DE FACHADA COM PRESENÇA DE VÃOS, ESPESSURA MAIOR OU IGUAL A 50 MM. AF_08/2022","M2",191.79]
[87792,"EMBOÇO OU MASSA ÚNICA EM ARGAMASSA TRAÇO 1:2:8, PREPARO MECÂNICO COM BETONEIRA 400 L, APLICADA MANUALMENTE EM PANOS CEGOS DE FACHADA (SEM PRESENÇA DE VÃOS), ESPESSURA DE 25 MM. AF_08/2022","M2",39.96]
[87794,"EMBOÇO OU MASSA ÚNICA EM ARGAMASSA TRAÇO 1:2:8, PREPARO MANUAL, APLICADA MANUALMENTE EM PANOS CEGOS DE FACHADA (SEM PRESENÇA DE VÃOS), ESPESSURA DE 25 MM. AF_09/2022","M2",43.62]
[87795,"EMBOÇO OU MASSA ÚNICA EM ARGAMASSA INDUSTRIALIZADA, PREPARO MECÂNICO E APLICAÇÃO COM EQUIPAMENTO DE MISTURA E PROJEÇÃO DE 1,5 M3/H DE ARGAMASSA EM PANOS CEGOS DE FACHADA (SEM PRESENÇA DE VÃOS), ESPESSURA DE 25 MM. AF_08/2022","M2",95.41]
[87797,"EMBOÇO OU MASSA ÚNICA EM ARGAMASSA TRAÇO 1:2:8, PREPARO MECÂNICO COM BETONEIRA 400 L, APLICADA MANUALMENTE EM PANOS CEGOS DE FACHADA (SEM PRESENÇA DE VÃOS), ESPESSURA DE 35 MM. AF_08/2022","M2",54.75]
[87799,"EMBOÇO OU MASSA ÚNICA EM ARGAMASSA TRAÇO 1:2:8, PREPARO MANUAL, APLICADA MANUALMENTE EM PANOS CEGOS DE FACHADA (SEM PRESENÇA DE VÃOS), ESPESSURA DE 35 MM. AF_08/2022","M2",59.66]
[87800,"EMBOÇO OU MASSA ÚNICA EM ARGAMASSA INDUSTRIALIZADA, PREPARO MECÂNICO E APLICAÇÃO COM EQUIPAMENTO DE MISTURA E PROJEÇÃO DE 1,5 M3/H DE ARGAMASSA EM PANOS CEGOS DE FACHADA (SEM PRESENÇA DE VÃOS), ESPESSURA DE 35 MM. AF_08/2022","M2",128.87]
[87801,"EMBOÇO OU MASSA ÚNICA EM ARGAMASSA TRAÇO 1:2:8, PREPARO MECÂNICO COM BETONEIRA 400 L, APLICADA MANUALMENTE EM PANOS CEGOS DE FACHADA (SEM PRESENÇA DE VÃOS), ESPESSURA DE 45 MM. AF_08/2022","M2",60.76]
[87803,"EMBOÇO OU MASSA ÚNICA EM ARGAMASSA TRAÇO 1:2:8, PREPARO MANUAL, APLICADA MANUALMENTE EM PANOS CEGOS DE FACHADA (SEM PRESENÇA DE VÃOS), ESPESSURA DE 45 MM. AF_08/2022","M2",66.92]
[87804,"EMBOÇO OU MASSA ÚNICA EM ARGAMASSA INDUSTRIALIZADA, PREPARO MECÂNICO E APLICAÇÃO COM EQUIPAMENTO DE MISTURA E PROJEÇÃO DE 1,5 M3/H DE ARGAMASSA EM PANOS CEGOS DE FACHADA (SEM PRESENÇA DE VÃOS), ESPESSURA DE 45 MM. AF_08/2022","M2",154.38]
[87805,"EMBOÇO OU MASSA ÚNICA EM ARGAMASSA TRAÇO 1:2:8, PREPARO MECÂNICO COM BETONEIRA 400 L, APLICADA MANUALMENTE EM PANOS CEGOS DE FACHADA (SEM PRESENÇA DE VÃOS), ESPESSURA MAIOR OU IGUAL A 50 MM. AF_08/2022","M2",66.28]
[87807,"EMBOÇO OU MASSA ÚNICA EM ARGAMASSA TRAÇO 1:2:8, PREPARO MANUAL, APLICADA MANUALMENTE EM PANOS CEGOS DE FACHADA (SEM PRESENÇA DE VÃOS), ESPESSURA MAIOR OU IGUAL A 50 MM. AF_08/2022","M2",73.07]
[87808,"EMBOÇO OU MASSA ÚNICA EM ARGAMASSA INDUSTRIALIZADA, PREPARO MECÂNICO E APLICAÇÃO COM EQUIPAMENTO DE MISTURA E PROJEÇÃO DE 1,5 M3/H DE ARGAMASSA EM PANOS CEGOS DE FACHADA (SEM PRESENÇA DE VÃOS), ESPESSURA MAIOR OU IGUAL A 50 MM. AF_08/2022","M2",166.49]
[87809,"EMBOÇO OU MASSA ÚNICA EM ARGAMASSA TRAÇO 1:2:8, PREPARO MECÂNICO COM BETONEIRA 400 L, APLICADA MANUALMENTE EM SUPERFÍCIES EXTERNAS DA SACADA, ESPESSURA DE 25 MM, SEM USO DE TELA METÁLICA DE REFORÇO CONTRA FISSURAÇÃO. AF_08/2022","M2",73.45]
[87811,"EMBOÇO OU MASSA ÚNICA EM ARGAMASSA TRAÇO 1:2:8, PREPARO MANUAL, APLICADA MANUALMENTE EM SUPERFÍCIES EXTERNAS DA SACADA, ESPESSURA DE 25 MM, SEM USO DE TELA METÁLICA DE REFORÇO CONTRA FISSURAÇÃO. AF_08/2022","M2",77.11]
[87812,"EMBOÇO OU MASSA ÚNICA EM ARGAMASSA INDUSTRIALIZADA, PREPARO MECÂNICO E APLICAÇÃO COM EQUIPAMENTO DE MISTURA E PROJEÇÃO DE 1,5 M3/H EM SUPERFÍCIES EXTERNAS DA SACADA, ESPESSURA 25 MM, SEM USO DE TELA METÁLICA. AF_08/2022","M2",125.51]
[87813,"EMBOÇO OU MASSA ÚNICA EM ARGAMASSA TRAÇO 1:2:8, PREPARO MECÂNICO COM BETONEIRA 400 L, APLICADA MANUALMENTE EM SUPERFÍCIES EXTERNAS DA SACADA, ESPESSURA DE 35 MM, SEM USO DE TELA METÁLICA DE REFORÇO CONTRA FISSURAÇÃO. AF_08/2022","M2",88.24]
[87815,"EMBOÇO OU MASSA ÚNICA EM ARGAMASSA TRAÇO 1:2:8, PREPARO MANUAL, APLICADA MANUALMENTE EM SUPERFÍCIES EXTERNAS DA SACADA, ESPESSURA DE 35 MM, SEM USO DE TELA METÁLICA DE REFORÇO CONTRA FISSURAÇÃO. AF_08/2022","M2",93.15]
[87816,"EMBOÇO OU MASSA ÚNICA EM ARGAMASSA INDUSTRIALIZADA, PREPARO MECÂNICO E APLICAÇÃO COM EQUIPAMENTO DE MISTURA E PROJEÇÃO DE 1,5 M3/H EM SUPERFÍCIES EXTERNAS DA SACADA, ESPESSURA 35 MM, SEM USO DE TELA METÁLICA. AF_08/2022","M2",159]
[87817,"EMBOÇO OU MASSA ÚNICA EM ARGAMASSA TRAÇO 1:2:8, PREPARO MECÂNICO COM BETONEIRA 400 L, APLICADA MANUALMENTE EM SUPERFÍCIES EXTERNAS DA SACADA, ESPESSURA DE 45 MM, SEM USO DE TELA METÁLICA DE REFORÇO CONTRA FISSURAÇÃO. AF_08/2022","M2",94.25]
[87819,"EMBOÇO OU MASSA ÚNICA EM ARGAMASSA TRAÇO 1:2:8, PREPARO MANUAL, APLICADA MANUALMENTE EM SUPERFÍCIES EXTERNAS DA SACADA, ESPESSURA DE 45 MM, SEM USO DE TELA METÁLICA DE REFORÇO CONTRA FISSURAÇÃO. AF_08/2022","M2",100.41]
[87820,"EMBOÇO OU MASSA ÚNICA EM ARGAMASSA INDUSTRIALIZADA, PREPARO MECÂNICO E APLICAÇÃO COM EQUIPAMENTO DE MISTURA E PROJEÇÃO DE 1,5 M3/H EM SUPERFÍCIES EXTERNAS DA SACADA, ESPESSURA 45 MM, SEM USO DE TELA METÁLICA. AF_08/2022","M2",184.51]
[87821,"EMBOÇO OU MASSA ÚNICA EM ARGAMASSA TRAÇO 1:2:8, PREPARO MECÂNICO COM BETONEIRA 400 L, APLICADA MANUALMENTE EM SUPERFÍCIES EXTERNAS DA SACADA, ESPESSURA MAIOR OU IGUAL A 50 MM, SEM USO DE TELA METÁLICA DE REFORÇO CONTRA FISSURAÇÃO. AF_08/2022","M2",121.92]
[87823,"EMBOÇO OU MASSA ÚNICA EM ARGAMASSA TRAÇO 1:2:8, PREPARO MANUAL, APLICADA MANUALMENTE EM SUPERFÍCIES EXTERNAS DA SACADA, ESPESSURA MAIOR OU IGUAL A 50 MM, SEM USO DE TELA METÁLICA DE REFORÇO CONTRA FISSURAÇÃO. AF_08/2022","M2",128.71]
[87824,"EMBOÇO OU MASSA ÚNICA EM ARGAMASSA INDUSTRIALIZADA, PREPARO MECÂNICO E APLICAÇÃO COM EQUIPAMENTO DE MISTURA E PROJEÇÃO DE 1,5 M3/H EM SUPERFÍCIES EXTERNAS DA SACADA, ESPESSURA MAIOR OU IGUAL A 50 MM, SEM USO DE TELA METÁLICA. AF_08/2022","M2",210.97]
[87825,"EMBOÇO OU MASSA ÚNICA EM ARGAMASSA TRAÇO 1:2:8, PREPARO MECÂNICO COM BETONEIRA 400 L, APLICADA MANUALMENTE NAS PAREDES INTERNAS DA SACADA, ESPESSURA DE 25 MM, SEM USO DE TELA METÁLICA DE REFORÇO CONTRA FISSURAÇÃO. AF_08/2022","M2",69.2]
[87827,"EMBOÇO OU MASSA ÚNICA EM ARGAMASSA TRAÇO 1:2:8, PREPARO MANUAL, APLICADA MANUALMENTE NAS PAREDES INTERNAS DA SACADA, ESPESSURA DE 25 MM, SEM USO DE TELA METÁLICA DE REFORÇO CONTRA FISSURAÇÃO. AF_08/2022","M2",73.68]
[87828,"EMBOÇO OU MASSA ÚNICA EM ARGAMASSA INDUSTRIALIZADA, PREPARO MECÂNICO E APLICAÇÃO COM EQUIPAMENTO DE MISTURA E PROJEÇÃO DE 1,5 M3/H NAS PAREDES INTERNAS DA SACADA, ESPESSURA 25 MM, SEM USO DE TELA METÁLICA. AF_08/2022","M2",134.95]
[87829,"EMBOÇO OU MASSA ÚNICA EM ARGAMASSA TRAÇO 1:2:8, PREPARO MECÂNICO COM BETONEIRA 400 L, APLICADA MANUALMENTE NAS PAREDES INTERNAS DA SACADA, ESPESSURA DE 35 MM, SEM USO DE TELA METÁLICA DE REFORÇO CONTRA FISSURAÇÃO. AF_08/2022","M2",84.02]
[87831,"EMBOÇO OU MASSA ÚNICA EM ARGAMASSA TRAÇO 1:2:8, PREPARO MANUAL, APLICADA MANUALMENTE NAS PAREDES INTERNAS DA SACADA, ESPESSURA DE 35 MM, SEM USO DE TELA METÁLICA DE REFORÇO CONTRA FISSURAÇÃO. AF_08/2022","M2",90.03]
[87832,"EMBOÇO OU MASSA ÚNICA EM ARGAMASSA INDUSTRIALIZADA, PREPARO MECÂNICO E APLICAÇÃO COM EQUIPAMENTO DE MISTURA E PROJEÇÃO DE 1,5 M3/H DE ARGAMASSA NAS PAREDES INTERNAS DA SACADA, ESPESSURA 35 MM, SEM USO DE TELA METÁLICA. AF_08/2022","M2",172.86]
[87838,"REVESTIMENTO DECORATIVO MONOCAMADA EXECUTADO MANUALMENTE EM FACHADA DE UM EDIFÍCIO DE ESTRUTURA CONVENCIONAL E ACABAMENTO RASPADO. AF_03/2024","M2",274.25]
[87839,"REVESTIMENTO DECORATIVO MONOCAMADA EXECUTADO MANUALMENTE EM FACHADA DE UM EDIFÍCIO DE ALVENARIA ESTRUTURAL E ACABAMENTO RASPADO. AF_03/2024","M2",195.35]
[87840,"REVESTIMENTO DECORATIVO MONOCAMADA EXECUTADO COM EQUIPAMENTO DE PROJEÇÃO EM FACHADA DE UM EDIFÍCIO DE ESTRUTURA CONVENCIONAL E ACABAMENTO RASPADO. AF_03/2024","M2",267.33]
[87841,"REVESTIMENTO DECORATIVO MONOCAMADA EXECUTADO COM EQUIPAMENTO DE PROJEÇÃO EM FACHADA DE UM EDIFÍCIO DE ALVENARIA ESTRUTURAL E ACABAMENTO RASPADO. AF_03/2024","M2",189.18]
[87850,"REVESTIMENTO DECORATIVO MONOCAMADA EXECUTADO MANUALMENTE EM FACHADA DE UM EDIFÍCIO DE ESTRUTURA CONVENCIONAL E ACABAMENTO TRAVERTINO. AF_03/2024","M2",295.82]
[87851,"REVESTIMENTO DECORATIVO MONOCAMADA EXECUTADO MANUALMENTE EM FACHADA DE UM EDIFÍCIO DE ALVENARIA ESTRUTURAL E ACABAMENTO TRAVERTINO. AF_03/2024","M2",216.92]
[87852,"REVESTIMENTO DECORATIVO MONOCAMADA EXECUTADO COM EQUIPAMENTO DE PROJEÇÃO EM FACHADA DE UM EDIFÍCIO DE ESTRUTURA CONVENCIONAL E ACABAMENTO TRAVERTINO. AF_03/2024","M2",288.59]
[87853,"REVESTIMENTO DECORATIVO MONOCAMADA EXECUTADO COM EQUIPAMENTO DE PROJEÇÃO EM FACHADA DE UM EDIFÍCIO DE ALVENARIA ESTRUTURAL E ACABAMENTO TRAVERTINO. AF_03/2024","M2",210.44]
[90406,"MASSA ÚNICA, EM ARGAMASSA TRAÇO 1:2:8, PREPARO MECÂNICO, APLICADA MANUALMENTE EM TETO, E = 17,5MM, COM TALISCAS. AF_03/2024","M2",41.41]
[90408,"MASSA ÚNICA, EM ARGAMASSA TRAÇO 1:2:8, PREPARO MECÂNICO, APLICADA MANUALMENTE EM TETO, E = 10MM, COM TALISCAS. AF_03/2024","M2",30.69]
[104203,"EMBOÇO OU MASSA ÚNICA EM ARGAMASSA TRAÇO 1:2:8, PREPARO MECÂNICA COM BETONEIRA 400 L, APLICADA COM PROJETOR TIPO CANEQUINHA EM PANOS DE FACHADA COM PRESENÇA DE VÃOS, ESPESSURA DE 25 MM, ACESSO POR BALANCIM MANUAL. AF_08/2022","M2",57.68]
[104204,"EMBOÇO OU MASSA ÚNICA EM ARGAMASSA TRAÇO 1:2:8, PREPARO MECÂNICA COM BETONEIRA 400 L, APLICADA COM PROJETOR TIPO CANEQUINHA EM PANOS DE FACHADA COM PRESENÇA DE VÃOS, ESPESSURA DE 35 MM, ACESSO POR BALANCIM MANUAL. AF_08/2022","M2",74.38]
[104205,"EMBOÇO OU MASSA ÚNICA EM ARGAMASSA TRAÇO 1:2:8, PREPARO MECÂNICA COM BETONEIRA 400 L, APLICADA COM PROJETOR TIPO CANEQUINHA EM PANOS DE FACHADA COM PRESENÇA DE VÃOS, ESPESSURA DE 45 MM, ACESSO POR BALANCIM MANUAL. AF_08/2022","M2",81.52]
[104206,"EMBOÇO OU MASSA ÚNICA EM ARGAMASSA TRAÇO 1:2:8, PREPARO MECÂNICA COM BETONEIRA 400 L, APLICADA COM PROJETOR TIPO CANEQUINHA EM PANOS DE FACHADA COM PRESENÇA DE VÃOS, ESPESSURA DE 50 MM, ACESSO POR BALANCIM MANUAL. AF_08/2022","M2",89.96]
[104207,"EMBOÇO OU MASSA ÚNICA EM ARGAMASSA TRAÇO 1:2:8, PREPARO MECÂNICA COM BETONEIRA 400 L, APLICADA COM PROJETOR TIPO CANEQUINHA EM PANOS DE FACHADA SEM PRESENÇA DE VÃOS, ESPESSURA DE 25 MM, ACESSO POR BALANCIM MANUAL. AF_08/2022","M2",43.39]
[104208,"EMBOÇO OU MASSA ÚNICA EM ARGAMASSA TRAÇO 1:2:8, PREPARO MECÂNICA COM BETONEIRA 400 L, APLICADA COM PROJETOR TIPO CANEQUINHA EM PANOS DE FACHADA SEM PRESENÇA DE VÃOS, ESPESSURA DE 35 MM, ACESSO POR BALANCIM MANUAL. AF_08/2022","M2",59.61]
[104209,"EMBOÇO OU MASSA ÚNICA EM ARGAMASSA TRAÇO 1:2:8, PREPARO MECÂNICA COM BETONEIRA 400 L, APLICADA COM PROJETOR TIPO CANEQUINHA EM PANOS DE FACHADA SEM PRESENÇA DE VÃOS, ESPESSURA DE 45 MM, ACESSO POR BALANCIM MANUAL. AF_08/2022","M2",66.33]
[104210,"EMBOÇO OU MASSA ÚNICA EM ARGAMASSA TRAÇO 1:2:8, PREPARO MECÂNICA COM BETONEIRA 400 L, APLICADA COM PROJETOR TIPO CANEQUINHA EM PANOS DE FACHADA SEM PRESENÇA DE VÃOS, ESPESSURA DE 50 MM, ACESSO POR BALANCIM MANUAL. AF_08/2022","M2",68.9]
[104211,"EMBOÇO OU MASSA ÚNICA EM ARGAMASSA TRAÇO 1:2:8, PREPARO MECÂNICA COM BETONEIRA 400 L, APLICADA COM PROJETOR TIPO CANEQUINHA EM SUPERFÍCIES EXTERNAS DA SACADA, ESPESSURA DE 25 MM, ACESSO POR BALANCIM MANUAL, SEM USO DE TELA METÁLICA. AF_08/2022","M2",80.11]
[104212,"EMBOÇO OU MASSA ÚNICA EM ARGAMASSA TRAÇO 1:2:8, PREPARO MECÂNICA COM BETONEIRA 400 L, APLICADA COM PROJETOR TIPO CANEQUINHA EM SUPERFÍCIES EXTERNAS DA SACADA, ESPESSURA DE 35 MM, ACESSO POR BALANCIM MANUAL, SEM USO DE TELA METÁLICA. AF_08/2022","M2",96.38]
[104213,"EMBOÇO OU MASSA ÚNICA EM ARGAMASSA TRAÇO 1:2:8, PREPARO MECÂNICA COM BETONEIRA 400 L, APLICADA COM PROJETOR TIPO CANEQUINHA EM SUPERFÍCIES EXTERNAS DA SACADA, ESPESSURA DE 45 MM, ACESSO POR BALANCIM MANUAL, SEM USO DE TELA METÁLICA. AF_08/2022","M2",103.09]
[104214,"EMBOÇO OU MASSA ÚNICA EM ARGAMASSA TRAÇO 1:2:8, PREPARO MECÂNICA COM BETONEIRA 400 L, APLICADA COM PROJETOR TIPO CANEQUINHA EM SUPERFÍCIES EXTERNAS DA SACADA, ESPESSURA DE 50 MM, ACESSO POR BALANCIM MANUAL, SEM USO DE TELA METÁLICA. AF_08/2022","M2",122.84]
[104215,"EMBOÇO OU MASSA ÚNICA EM ARGAMASSA TRAÇO 1:2:8, PREPARO MECÂNICA COM BETONEIRA 400 L, APLICADA COM PROJETOR TIPO CANEQUINHA EM SUPERFÍCIES INTERNAS DA SACADA, ESPESSURA DE 25 MM,  SEM USO DE TELA METÁLICA. AF_08/2022","M2",75.23]
[104216,"EMBOÇO OU MASSA ÚNICA EM ARGAMASSA TRAÇO 1:2:8, PREPARO MECÂNICA COM BETONEIRA 400 L, APLICADA COM PROJETOR TIPO CANEQUINHA EM SUPERFÍCIES INTERNAS DA SACADA, ESPESSURA DE 35 MM, SEM USO DE TELA METÁLICA. AF_08/2022","M2",91.38]
[104217,"EMBOÇO OU MASSA ÚNICA EM ARGAMASSA TRAÇO 1:2:8, PREPARO MECÂNICA COM BETONEIRA 400 L, APLICADA MANUALMENTE EM PANOS DE FACHADA COM PRESENÇA DE VÃOS, ESPESSURA DE 25 MM, ACESSO POR ANDAIME. AF_08/2022","M2",49.61]
[104218,"EMBOÇO OU MASSA ÚNICA EM ARGAMASSA TRAÇO 1:2:8, PREPARO MANUAL, APLICADA MANUALMENTE EM PANOS DE FACHADA COM PRESENÇA DE VÃOS, ESPESSURA DE 25 MM, ACESSO POR ANDAIME. AF_08/2022","M2",53.54]
[104219,"EMBOÇO OU MASSA ÚNICA EM ARGAMASSA INDUSTRIALIZADA, PREPARO MECÂNICA E APLICAÇÃO COM EQUIPAMENTO DE MISTURA E PROJEÇÃO DE 1,5 M3/H DE ARGAMASSA EM PANOS DE FACHADA COM PRESENÇA DE VÃOS, ESPESSURA DE 25 MM, ACESSO POR ANDAIME. AF_08/2022","M2",108.37]
[104220,"EMBOÇO OU MASSA ÚNICA EM ARGAMASSA TRAÇO 1:2:8, PREPARO MECÂNICA COM BETONEIRA 400 L, APLICADA COM PROJETOR TIPO CANEQUINHA EM PANOS DE FACHADA COM PRESENÇA DE VÃOS, ESPESSURA DE 25 MM, ACESSO POR ANDAIME. AF_08/2022","M2",53.84]
[104221,"EMBOÇO OU MASSA ÚNICA EM ARGAMASSA TRAÇO 1:2:8, PREPARO MECÂNICA COM BETONEIRA 400 L, APLICADA MANUALMENTE EM PANOS DE FACHADA COM PRESENÇA DE VÃOS, ESPESSURA DE 35 MM, ACESSO POR ANDAIME. AF_08/2022","M2",63.76]
[104222,"EMBOÇO OU MASSA ÚNICA EM ARGAMASSA TRAÇO 1:2:8, PREPARO MANUAL, APLICADA MANUALMENTE EM PANOS DE FACHADA COM PRESENÇA DE VÃOS, ESPESSURA DE 35 MM, ACESSO POR ANDAIME. AF_08/2022","M2",69.02]
[104223,"EMBOÇO OU MASSA ÚNICA EM ARGAMASSA INDUSTRIALIZADA, PREPARO MECÂNICA E APLICAÇÃO COM EQUIPAMENTO DE MISTURA E PROJEÇÃO DE 1,5 M3/H DE ARGAMASSA EM PANOS DE FACHADA COM PRESENÇA DE VÃOS, ESPESSURA DE 35 MM, ACESSO POR ANDAIME. AF_08/2022","M2",142.7]
[104224,"EMBOÇO OU MASSA ÚNICA EM ARGAMASSA TRAÇO 1:2:8, PREPARO MECÂNICA COM BETONEIRA 400 L, APLICADA COM PROJETOR TIPO CANEQUINHA EM PANOS DE FACHADA COM PRESENÇA DE VÃOS, ESPESSURA DE 35 MM, ACESSO POR ANDAIME. AF_08/2022","M2",69.38]
[104225,"EMBOÇO OU MASSA ÚNICA EM ARGAMASSA TRAÇO 1:2:8, PREPARO MECÂNICA COM BETONEIRA 400 L, APLICADA MANUALMENTE EM PANOS DE FACHADA COM PRESENÇA DE VÃOS, ESPESSURA DE 45 MM, ACESSO POR ANDAIME. AF_08/2022","M2",70.19]
[104226,"EMBOÇO OU MASSA ÚNICA EM ARGAMASSA TRAÇO 1:2:8, PREPARO MANUAL, APLICADA MANUALMENTE EM PANOS DE FACHADA COM PRESENÇA DE VÃOS, ESPESSURA DE 45 MM, ACESSO POR ANDAIME. AF_08/2022","M2",76.79]
[104227,"EMBOÇO OU MASSA ÚNICA EM ARGAMASSA INDUSTRIALIZADA, PREPARO MECÂNICA E APLICAÇÃO COM EQUIPAMENTO DE MISTURA E PROJEÇÃO DE 1,5 M3/H DE ARGAMASSA EM PANOS DE FACHADA COM PRESENÇA DE VÃOS, ESPESSURA DE 45 MM, ACESSO POR ANDAIME. AF_08/2022","M2",170]
[104228,"EMBOÇO OU MASSA ÚNICA EM ARGAMASSA TRAÇO 1:2:8, PREPARO MECÂNICA COM BETONEIRA 400 L, APLICADA COM PROJETOR TIPO CANEQUINHA EM PANOS DE FACHADA COM PRESENÇA DE VÃOS, ESPESSURA DE 45 MM, ACESSO POR ANDAIME. AF_08/2022","M2",76.52]
[104229,"EMBOÇO OU MASSA ÚNICA EM ARGAMASSA TRAÇO 1:2:8, PREPARO MECÂNICA COM BETONEIRA 400 L, APLICADA MANUALMENTE EM PANOS DE FACHADA COM PRESENÇA DE VÃOS, ESPESSURA DE 50 MM, ACESSO POR ANDAIME. AF_08/2022","M2",82.2]
[104230,"EMBOÇO OU MASSA ÚNICA EM ARGAMASSA TRAÇO 1:2:8, PREPARO MANUAL, APLICADA MANUALMENTE EM PANOS DE FACHADA COM PRESENÇA DE VÃOS, ESPESSURA DE 50 MM, ACESSO POR ANDAIME. AF_08/2022","M2",89.46]
[104231,"EMBOÇO OU MASSA ÚNICA EM ARGAMASSA INDUSTRIALIZADA, PREPARO MECÂNICA E APLICAÇÃO COM EQUIPAMENTO DE MISTURA E PROJEÇÃO DE 1,5 M3/H DE ARGAMASSA EM PANOS DE FACHADA COM PRESENÇA DE VÃOS, ESPESSURA DE 50 MM, ACESSO POR ANDAIME. AF_08/2022","M2",187.19]
[104232,"EMBOÇO OU MASSA ÚNICA EM ARGAMASSA TRAÇO 1:2:8, PREPARO MECÂNICA COM BETONEIRA 400 L, APLICADA COM PROJETOR TIPO CANEQUINHA EM PANOS DE FACHADA COM PRESENÇA DE VÃOS, ESPESSURA DE 50 MM, ACESSO POR ANDAIME. AF_08/2022","M2",84.45]
[104233,"EMBOÇO OU MASSA ÚNICA EM ARGAMASSA TRAÇO 1:2:8, PREPARO MECÂNICA COM BETONEIRA 400 L, APLICADA MANUALMENTE EM PANOS DE FACHADA SEM PRESENÇA DE VÃOS, ESPESSURA DE 25 MM, ACESSO POR ANDAIME. AF_08/2022","M2",37.85]
[104234,"EMBOÇO OU MASSA ÚNICA EM ARGAMASSA TRAÇO 1:2:8, PREPARO MANUAL, APLICADA MANUALMENTE EM PANOS DE FACHADA SEM PRESENÇA DE VÃOS, ESPESSURA DE 25 MM, ACESSO POR ANDAIME. AF_08/2022","M2",41.51]
[104235,"EMBOÇO OU MASSA ÚNICA EM ARGAMASSA INDUSTRIALIZADA, PREPARO MECÂNICA E APLICAÇÃO COM EQUIPAMENTO DE MISTURA E PROJEÇÃO DE 1,5 M3/H DE ARGAMASSA EM PANOS DE FACHADA SEM PRESENÇA DE VÃOS, ESPESSURA DE 25 MM, ACESSO POR ANDAIME. AF_08/2022","M2",93.43]
[104236,"EMBOÇO OU MASSA ÚNICA EM ARGAMASSA TRAÇO 1:2:8, PREPARO MECÂNICA COM BETONEIRA 400 L, APLICADA COM PROJETOR TIPO CANEQUINHA EM PANOS DE FACHADA SEM PRESENÇA DE VÃOS, ESPESSURA DE 25 MM, ACESSO POR ANDAIME. AF_08/2022","M2",41.02]
[104237,"EMBOÇO OU MASSA ÚNICA EM ARGAMASSA TRAÇO 1:2:8, PREPARO MECÂNICA COM BETONEIRA 400 L, APLICADA MANUALMENTE EM PANOS DE FACHADA SEM PRESENÇA DE VÃOS, ESPESSURA DE 35 MM, ACESSO POR ANDAIME. AF_08/2022","M2",51.62]
[104238,"EMBOÇO OU MASSA ÚNICA EM ARGAMASSA TRAÇO 1:2:8, PREPARO MANUAL, APLICADA MANUALMENTE EM PANOS DE FACHADA SEM PRESENÇA DE VÃOS, ESPESSURA DE 35 MM, ACESSO POR ANDAIME. AF_08/2022","M2",56.53]
[104239,"EMBOÇO OU MASSA ÚNICA EM ARGAMASSA INDUSTRIALIZADA, PREPARO MECÂNICA E APLICAÇÃO COM EQUIPAMENTO DE MISTURA E PROJEÇÃO DE 1,5 M3/H DE ARGAMASSA EM PANOS DE FACHADA SEM PRESENÇA DE VÃOS, ESPESSURA DE 35 MM, ACESSO POR ANDAIME. AF_08/2022","M2",126.02]
[104240,"EMBOÇO OU MASSA ÚNICA EM ARGAMASSA TRAÇO 1:2:8, PREPARO MECÂNICA COM BETONEIRA 400 L, APLICADA COM PROJETOR TIPO CANEQUINHA EM PANOS DE FACHADA SEM PRESENÇA DE VÃOS, ESPESSURA DE 35 MM, ACESSO POR ANDAIME. AF_08/2022","M2",56.2]
[104241,"EMBOÇO OU MASSA ÚNICA EM ARGAMASSA TRAÇO 1:2:8, PREPARO MECÂNICA COM BETONEIRA 400 L, APLICADA MANUALMENTE EM PANOS DE FACHADA SEM PRESENÇA DE VÃOS, ESPESSURA DE 45 MM, ACESSO POR ANDAIME. AF_08/2022","M2",57.63]
[104242,"EMBOÇO OU MASSA ÚNICA EM ARGAMASSA TRAÇO 1:2:8, PREPARO MANUAL, APLICADA MANUALMENTE EM PANOS DE FACHADA SEM PRESENÇA DE VÃOS, ESPESSURA DE 45 MM, ACESSO POR ANDAIME. AF_08/2022","M2",63.79]
[104243,"EMBOÇO OU MASSA ÚNICA EM ARGAMASSA INDUSTRIALIZADA, PREPARO MECÂNICA E APLICAÇÃO COM EQUIPAMENTO DE MISTURA E PROJEÇÃO DE 1,5 M3/H DE ARGAMASSA EM PANOS DE FACHADA SEM PRESENÇA DE VÃOS, ESPESSURA DE 45 MM, ACESSO POR ANDAIME. AF_08/2022","M2",151.53]
[104244,"EMBOÇO OU MASSA ÚNICA EM ARGAMASSA TRAÇO 1:2:8, PREPARO MECÂNICA COM BETONEIRA 400 L, APLICADA COM PROJETOR TIPO CANEQUINHA EM PANOS DE FACHADA SEM PRESENÇA DE VÃOS, ESPESSURA DE 45 MM, ACESSO POR ANDAIME. AF_08/2022","M2",62.92]
[104245,"EMBOÇO OU MASSA ÚNICA EM ARGAMASSA TRAÇO 1:2:8, PREPARO MECÂNICA COM BETONEIRA 400 L, APLICADA MANUALMENTE EM PANOS DE FACHADA SEM PRESENÇA DE VÃOS, ESPESSURA DE 50 MM, ACESSO POR ANDAIME. AF_08/2022","M2",62.83]
[104246,"EMBOÇO OU MASSA ÚNICA EM ARGAMASSA TRAÇO 1:2:8, PREPARO MANUAL, APLICADA MANUALMENTE EM PANOS DE FACHADA SEM PRESENÇA DE VÃOS, ESPESSURA DE 50 MM, ACESSO POR ANDAIME. AF_08/2022","M2",69.62]
[104247,"EMBOÇO OU MASSA ÚNICA EM ARGAMASSA INDUSTRIALIZADA, PREPARO MECÂNICA E APLICAÇÃO COM EQUIPAMENTO DE MISTURA E PROJEÇÃO DE 1,5 M3/H DE ARGAMASSA EM PANOS DE FACHADA SEM PRESENÇA DE VÃOS, ESPESSURA DE 50 MM, ACESSO POR ANDAIME. AF_08/2022","M2",163.74]
[104248,"EMBOÇO OU MASSA ÚNICA EM ARGAMASSA TRAÇO 1:2:8, PREPARO MECÂNICA COM BETONEIRA 400 L, APLICADA COM PROJETOR TIPO CANEQUINHA EM PANOS DE FACHADA SEM PRESENÇA DE VÃOS, ESPESSURA DE 50 MM, ACESSO POR ANDAIME. AF_08/2022","M2",65.61]
[104249,"EMBOÇO OU MASSA ÚNICA EM ARGAMASSA TRAÇO 1:2:8, PREPARO MECÂNICA COM BETONEIRA 400 L, APLICADA MANUALMENTE EM SUPERFÍCIES EXTERNAS DA SACADA, ESPESSURA DE 25 MM, ACESSO POR ANDAIME, SEM USO DE TELA METÁLICA. AF_08/2022","M2",67.02]
[104250,"EMBOÇO OU MASSA ÚNICA EM ARGAMASSA TRAÇO 1:2:8, PREPARO MANUAL, APLICADA MANUALMENTE EM SUPERFÍCIES EXTERNAS DA SACADA, ESPESSURA DE 25 MM, ACESSO POR ANDAIME, SEM USO DE TELA METÁLICA. AF_08/2022","M2",70.68]
[104251,"EMBOÇO OU MASSA ÚNICA EM ARGAMASSA INDUSTRIALIZADA, PREPARO MECÂNICO E APLICAÇÃO COM EQUIPAMENTO DE MISTURA E PROJEÇÃO DE 1,5 M3/H, NAS SUPERFÍCIES EXTERNAS DA SACADA, ESPESSURA DE 25 MM, ACESSO POR ANDAIME, SEM USO DE TELA METÁLICA. AF_08/2022","M2",119.72]
[104252,"EMBOÇO OU MASSA ÚNICA EM ARGAMASSA TRAÇO 1:2:8, PREPARO MECÂNICA COM BETONEIRA 400 L, APLICADA COM PROJETOR TIPO CANEQUINHA EM SUPERFÍCIES EXTERNAS DA SACADA, ESPESSURA DE 25 MM, ACESSO POR ANDAIME, SEM USO DE TELA METÁLICA. AF_08/2022","M2",73.18]
[104253,"EMBOÇO OU MASSA ÚNICA EM ARGAMASSA TRAÇO 1:2:8, PREPARO MECÂNICA COM BETONEIRA 400 L, APLICADA MANUALMENTE EM SUPERFÍCIES EXTERNAS DA SACADA, ESPESSURA DE 35 MM, ACESSO POR ANDAIME, SEM USO DE TELA METÁLICA. AF_08/2022","M2",80.79]
[104254,"EMBOÇO OU MASSA ÚNICA EM ARGAMASSA TRAÇO 1:2:8, PREPARO MANUAL, APLICADA MANUALMENTE EM SUPERFÍCIES EXTERNAS DA SACADA, ESPESSURA DE 35 MM, ACESSO POR ANDAIME, SEM USO DE TELA METÁLICA. AF_08/2022","M2",85.7]
[104255,"EMBOÇO OU MASSA ÚNICA EM ARGAMASSA INDUSTRIALIZADA, PREPARO MECÂNICO E APLICAÇÃO COM EQUIPAMENTO DE MISTURA E PROJEÇÃO DE 1,5 M3/H, NAS SUPERFÍCIES EXTERNAS DA SACADA, ESPESSURA DE 35 MM, ACESSO POR ANDAIME, SEM USO DE TELA METÁLICA. AF_08/2022","M2",152.3]
[104256,"EMBOÇO OU MASSA ÚNICA EM ARGAMASSA TRAÇO 1:2:8, PREPARO MECÂNICO COM BETONEIRA 400 L, APLICADA COM PROJETOR TIPO CANEQUINHA EM SUPERFÍCIES EXTERNAS DA SACADA, ESPESSURA DE 35 MM, ACESSO POR ANDAIME, SEM USO DE TELA METÁLICA. AF_08/2022","M2",88.36]
[104257,"EMBOÇO OU MASSA ÚNICA EM ARGAMASSA TRAÇO 1:2:8, PREPARO MECÂNICO COM BETONEIRA 400 L, APLICADA MANUALMENTE EM SUPERFÍCIES EXTERNAS DA SACADA, ESPESSURA DE 45 MM, ACESSO POR ANDAIME, SEM USO DE TELA METÁLICA. AF_08/2022","M2",86.8]
[104258,"EMBOÇO OU MASSA ÚNICA EM ARGAMASSA TRAÇO 1:2:8, PREPARO MANUAL, APLICADA MANUALMENTE EM SUPERFÍCIES EXTERNAS DA SACADA, ESPESSURA DE 45 MM, ACESSO POR ANDAIME, SEM USO DE TELA METÁLICA. AF_08/2022","M2",92.96]
[104259,"EMBOÇO OU MASSA ÚNICA EM ARGAMASSA INDUSTRIALIZADA, PREPARO MECÂNICO E APLICAÇÃO COM EQUIPAMENTO DE MISTURA E PROJEÇÃO DE 1,5 M3/H, NAS SUPERFÍCIES EXTERNAS DA SACADA, ESPESSURA DE 45 MM, ACESSO POR ANDAIME, SEM USO DE TELA METÁLICA. AF_08/2022","M2",177.81]
[104260,"EMBOÇO OU MASSA ÚNICA EM ARGAMASSA TRAÇO 1:2:8, PREPARO MECÂNICO COM BETONEIRA 400 L, APLICADA COM PROJETOR TIPO CANEQUINHA EM SUPERFÍCIES EXTERNAS DA SACADA, ESPESSURA DE 45 MM, ACESSO POR ANDAIME, SEM USO DE TELA METÁLICA. AF_08/2022","M2",95.07]
[104261,"EMBOÇO OU MASSA ÚNICA EM ARGAMASSA TRAÇO 1:2:8, PREPARO MECÂNICO COM BETONEIRA 400 L, APLICADA MANUALMENTE EM SUPERFÍCIES EXTERNAS DA SACADA, ESPESSURA DE 50 MM, ACESSO POR ANDAIME, SEM USO DE TELA METÁLICA. AF_08/2022","M2",111.77]
[104262,"EMBOÇO OU MASSA ÚNICA EM ARGAMASSA TRAÇO 1:2:8, PREPARO MANUAL, APLICADA MANUALMENTE EM SUPERFÍCIES EXTERNAS DA SACADA, ESPESSURA DE 50 MM, ACESSO POR ANDAIME, SEM USO DE TELA METÁLICA. AF_08/2022","M2",118.56]
[104263,"EMBOÇO OU MASSA ÚNICA EM ARGAMASSA INDUSTRIALIZADA, PREPARO MECÂNICO E APLICAÇÃO COM EQUIPAMENTO DE MISTURA E PROJEÇÃO DE 1,5 M3/H, NAS SUPERFÍCIES EXTERNAS DA SACADA, ESPESSURA DE 50 MM, ACESSO POR ANDAIME, SEM USO DE TELA METÁLICA. AF_08/2022","M2",202.7]
[104264,"EMBOÇO OU MASSA ÚNICA EM ARGAMASSA TRAÇO 1:2:8, PREPARO MECÂNICO COM BETONEIRA 400 L, APLICADA COM PROJETOR TIPO CANEQUINHA EM SUPERFÍCIES EXTERNAS DA SACADA, ESPESSURA DE 50 MM, ACESSO POR ANDAIME, SEM USO DE TELA METÁLICA. AF_08/2022","M2",112.94]
[104627,"APLICAÇÃO MANUAL DE GESSO DESEMPENADO (SEM TALISCAS) EM TETO DE AMBIENTES COM PAREDES EM PÉ DIREITO DUPLO E ÁREA MAIOR QUE 10M², ESPESSURA DE 0,5CM. AF_03/2023","M2",19.55]
[104628,"APLICAÇÃO MANUAL DE GESSO DESEMPENADO (SEM TALISCAS) EM TETO DE AMBIENTES COM PAREDES EM PÉ DIREITO DUPLO E ÁREA ENTRE 5M² E 10M², ESPESSURA DE 0,5CM. AF_03/2023","M2",29.17]
[104629,"APLICAÇÃO MANUAL DE GESSO DESEMPENADO (SEM TALISCAS) EM TETO DE AMBIENTES COM PAREDES EM PÉ DIREITO DUPLO E ÁREA MENOR QUE 5M², ESPESSURA DE 0,5CM. AF_03/2023","M2",34.69]
[104630,"APLICAÇÃO MANUAL DE GESSO DESEMPENADO (SEM TALISCAS) EM TETO DE AMBIENTES COM PAREDES EM PÉ DIREITO DUPLO E ÁREA MAIOR QUE 10M², ESPESSURA DE 1,0CM. AF_03/2023","M2",31.16]
[104631,"APLICAÇÃO MANUAL DE GESSO DESEMPENADO (SEM TALISCAS) EM TETO DE AMBIENTES COM PAREDES EM PÉ DIREITO DUPLO E ÁREA ENTRE 5M² E 10M², ESPESSURA DE 1,0CM. AF_03/2023","M2",40.79]
[104632,"APLICAÇÃO MANUAL DE GESSO DESEMPENADO (SEM TALISCAS) EM TETO DE AMBIENTES COM PAREDES EM PÉ DIREITO DUPLO E ÁREA MENOR QUE 5M², ESPESSURA DE 1,0CM. AF_03/2023","M2",46.31]
[104633,"APLICAÇÃO MANUAL DE GESSO DESEMPENADO (SEM TALISCAS) EM PAREDES COM PÉ DIREITO DUPLO, ESPESSURA DE 0,5CM. AF_03/2023","M2",26.01]
[104634,"APLICAÇÃO MANUAL DE GESSO DESEMPENADO (SEM TALISCAS) EM PAREDES COM PÉ DIREITO DUPLO, ESPESSURA DE 1,0CM. AF_03/2023","M2",39.08]
[104635,"APLICAÇÃO MANUAL DE GESSO SARRAFEADO (COM TALISCAS) EM PAREDES COM PÉ DIREITO DUPLO, ESPESSURA DE 1,0CM. AF_03/2023","M2",52.48]
[104636,"APLICAÇÃO MANUAL DE GESSO SARRAFEADO (COM TALISCAS) EM PAREDES COM PÉ DIREITO DUPLO, ESPESSURA DE 1,5CM. AF_03/2023","M2",61.57]
[104951,"MASSA ÚNICA, EM ARGAMASSA TRAÇO 1:2:8, PREPARO MECÂNICO, APLICADA MANUALMENTE EM PAREDES INTERNAS DE AMBIENTES COM ÁREA MAIOR QUE 10M², E = 17,5MM, COM TALISCAS. AF_03/2024","M2",32.22]
[104952,"MASSA ÚNICA, EM ARGAMASSA TRAÇO 1:2:8, PREPARO MANUAL, APLICADA MANUALMENTE EM PAREDES INTERNAS DE AMBIENTES COM ÁREA MAIOR QUE 10M², E = 17,5MM, COM TALISCAS. AF_03/2024","M2",36.02]
[104953,"MASSA ÚNICA, EM ARGAMASSA INDUSTRIALIZADA, PREPARO MECÂNICO, APLICADA COM EQUIPAMENTO DE MISTURA E PROJEÇÃO DE ARGAMASSA EM PAREDES INTERNAS, E = 17,5MM, COM TALISCAS. AF_03/2024","M2",87.15]
[104954,"EMBOÇO, EM ARGAMASSA TRAÇO 1:2:8, PREPARO MANUAL, APLICADO MANUALMENTE EM PAREDES INTERNAS DE AMBIENTES COM PÉ-DIREITO DUPLO E ÁREA ENTRE 5M² E 10M², E = 17,5MM, COM TALISCAS. AF_03/2024","M2",46.45]
[104955,"MASSA ÚNICA, EM ARGAMASSA TRAÇO 1:2:8, PREPARO MECÂNICO, APLICADA MANUALMENTE EM PAREDES INTERNAS DE AMBIENTES COM PÉ-DIREITO DUPLO E ÁREA MAIOR QUE 10M², E = 17,5MM, COM TALISCAS. AF_03/2024","M2",39.9]
[104956,"MASSA ÚNICA, EM ARGAMASSA TRAÇO 1:2:8, PREPARO MANUAL, APLICADA MANUALMENTE EM PAREDES INTERNAS DE AMBIENTES COM PÉ-DIREITO DUPLO E ÁREA MAIOR QUE 10M², E = 17,5MM, COM TALISCAS. AF_03/2024","M2",43.7]
[104957,"EMBOÇO, EM ARGAMASSA TRAÇO 1:2:8, PREPARO MECÂNICO, APLICADO MANUALMENTE EM PAREDES INTERNAS DE AMBIENTES COM PÉ-DIREITO DUPLO E ÁREA MAIOR QUE 10M², E = 17,5MM, COM TALISCAS. AF_03/2024","M2",38.98]
[104958,"MASSA ÚNICA, EM ARGAMASSA TRAÇO 1:2:8 PREPARO MECÂNICO, APLICADA MANUALMENTE EM PAREDES INTERNAS DE AMBIENTES COM ÁREA MAIOR QUE 10M², E = 10MM, COM TALISCAS. AF_03/2024","M2",22.27]
[104959,"MASSA ÚNICA, EM ARGAMASSA TRAÇO 1:2:8 PREPARO MANUAL, APLICADA MANUALMENTE EM PAREDES INTERNAS DE AMBIENTES COM ÁREA MAIOR QUE 10M², E = 10MM, COM TALISCAS. AF_03/2024","M2",24.7]
[104960,"MASSA ÚNICA, EM ARGAMASSA INDUSTRIALIZADA, PREPARO MECÂNICO, APLICADA COM EQUIPAMENTO DE MISTURA E PROJEÇÃO DE ARGAMASSA EM PAREDES INTERNAS, E = 10MM, COM TALISCAS. AF_03/2024","M2",56.45]
[104961,"EMBOÇO, EM ARGAMASSA TRAÇO 1:2:8, PREPARO MECÂNICO, APLICADO MANUALMENTE EM PAREDES INTERNAS DE AMBIENTES COM PÉ-DIREITO DUPLO E ÁREA MENOR QUE 5M², E = 17,5MM, COM TALISCAS. AF_03/2024","M2",48.82]
[104962,"EMBOÇO, EM ARGAMASSA TRAÇO 1:2:8, PREPARO MANUAL, APLICADO MANUALMENTE EM PAREDES INTERNAS DE AMBIENTES COM PÉ-DIREITO DUPLO E ÁREA MENOR QUE 5M², E = 17,5MM, COM TALISCAS. AF_03/2024","M2",52.62]
[104963,"MASSA ÚNICA, EM ARGAMASSA TRAÇO 1:2:8, PREPARO MECÂNICO, APLICADA MANUALMENTE EM PAREDES INTERNAS DE AMBIENTES COM PÉ-DIREITO DUPLO E ÁREA ENTRE 5M² E 10M², E = 17,5MM, COM TALISCAS. AF_03/2024","M2",44.44]
[104964,"MASSA ÚNICA, EM ARGAMASSA TRAÇO 1:2:8, PREPARO MANUAL, APLICADA MANUALMENTE EM PAREDES INTERNAS DE AMBIENTES COM PÉ-DIREITO DUPLO E ÁREA ENTRE 5M² E 10M², E = 17,5MM, COM TALISCAS. AF_03/2024","M2",48.24]
[104965,"EMBOÇO, EM ARGAMASSA TRAÇO 1:2:8, PREPARO MECÂNICO, APLICADO MANUALMENTE EM PAREDES INTERNAS DE AMBIENTES COM PÉ-DIREITO DUPLO E ÁREA ENTRE 5M² E 10M², E = 17,5MM, COM TALISCAS. AF_03/2024","M2",42.65]
[104966,"EMBOÇO, EM ARGAMASSA TRAÇO 1:2:8, PREPARO MANUAL, APLICADO MANUALMENTE EM PAREDES INTERNAS DE AMBIENTES COM PÉ-DIREITO DUPLO E ÁREA MAIOR QUE 10M², E = 17,5MM, COM TALISCAS. AF_03/2024","M2",42.78]
[104967,"EMBOÇO, EM ARGAMASSA TRAÇO 1:2:8, PREPARO MECÂNICO, APLICADO MANUALMENTE EM PAREDES INTERNAS DE AMBIENTES COM PÉ-DIREITO DUPLO E ÁREA MENOR QUE 5M², E = 10MM, COM TALISCAS. AF_03/2024","M2",37.02]
[104968,"EMBOÇO, EM ARGAMASSA TRAÇO 1:2:8, PREPARO MANUAL, APLICADO MANUALMENTE EM PAREDES INTERNAS DE AMBIENTES COM PÉ-DIREITO DUPLO E ÁREA MENOR QUE 5M², E = 10MM, COM TALISCAS. AF_03/2024","M2",39.45]
[104969,"MASSA ÚNICA, EM ARGAMASSA TRAÇO 1:2:8, PREPARO MECÂNICO, APLICADA MANUALMENTE EM PAREDES INTERNAS DE AMBIENTES COM PÉ-DIREITO DUPLO E ÁREA ENTRE 5M² E 10M², E = 10MM, COM TALISCAS. AF_03/2024","M2",32.65]
[104970,"MASSA ÚNICA, EM ARGAMASSA TRAÇO 1:2:8, PREPARO MANUAL, APLICADA MANUALMENTE EM PAREDES INTERNAS DE AMBIENTES COM PÉ-DIREITO DUPLO E ÁREA ENTRE 5M² E 10M², E = 10MM, COM TALISCAS. AF_03/2024","M2",35.08]
[104971,"EMBOÇO, EM ARGAMASSA TRAÇO 1:2:8, PREPARO MECÂNICO, APLICADO MANUALMENTE EM PAREDES INTERNAS DE AMBIENTES COM PÉ-DIREITO DUPLO E ÁREA ENTRE 5M² E 10M², E = 10MM, COM TALISCAS. AF_03/2024","M2",30.86]
[104972,"EMBOÇO, EM ARGAMASSA TRAÇO 1:2:8, PREPARO MANUAL, APLICADO MANUALMENTE EM PAREDES INTERNAS DE AMBIENTES COM PÉ-DIREITO DUPLO E ÁREA ENTRE 5M² E 10M², E = 10MM, COM TALISCAS. AF_03/2024","M2",33.29]
[104973,"MASSA ÚNICA, EM ARGAMASSA TRAÇO 1:2:8, PREPARO MECÂNICO, APLICADA MANUALMENTE EM PAREDES INTERNAS DE AMBIENTES COM PÉ-DIREITO DUPLO ÁREA MAIOR QUE 10M², E = 10MM, COM TALISCAS. AF_03/2024","M2",28.11]
[104974,"MASSA ÚNICA, EM ARGAMASSA TRAÇO 1:2:8, PREPARO MANUAL, APLICADA MANUALMENTE EM PAREDES INTERNAS DE AMBIENTES COM PÉ-DIREITO DUPLO ÁREA MAIOR QUE 10M², E = 10MM, COM TALISCAS. AF_03/2024","M2",30.54]
[104975,"EMBOÇO, EM ARGAMASSA TRAÇO 1:2:8, PREPARO MECÂNICO, APLICADO MANUALMENTE EM PAREDES INTERNAS DE AMBIENTES COM PÉ-DIREITO DUPLO E ÁREA MAIOR QUE 10M², E = 10MM, COM TALISCAS. AF_03/2024","M2",27.19]
[104976,"EMBOÇO, EM ARGAMASSA TRAÇO 1:2:8, PREPARO MANUAL, APLICADO MANUALMENTE EM PAREDES INTERNAS DE AMBIENTES COM PÉ-DIREITO DUPLO E ÁREA MAIOR QUE 10M², E = 10MM, COM TALISCAS. AF_03/2024","M2",29.62]
[104977,"MASSA ÚNICA, EM ARGAMASSA TRAÇO 1:2:8, PREPARO MECÂNICO, APLICADA MANUALMENTE EM TETO DE AMBIENTES COM PAREDES EM PÉ-DIREITO DUPLO, E = 17,5MM, COM TALISCAS. AF_03/2024","M2",46.52]
[104978,"MASSA ÚNICA, EM ARGAMASSA TRAÇO 1:2:8, PREPARO MECÂNICO, APLICADA MANUALMENTE EM TETO DE AMBIENTES COM PAREDES EM PÉ-DIREITO DUPLO, E = 10MM, COM TALISCAS. AF_03/2024","M2",34.89]
[105185,"REVESTIMENTO DECORATIVO MONOCAMADA EXECUTADO MANUALMENTE EM FACHADA DE UM EDIFÍCIO DE ESTRUTURA CONVENCIONAL E ACABAMENTO CHAPISCADO/FLOCADO. AF_03/2024","M2",293.09]
[105186,"REVESTIMENTO DECORATIVO MONOCAMADA EXECUTADO MANUALMENTE EM FACHADA DE UM EDIFÍCIO DE ALVENARIA ESTRUTURAL E ACABAMENTO CHAPISCADO/FLOCADO. AF_03/2024","M2",214.25]
[105187,"REVESTIMENTO DECORATIVO MONOCAMADA EXECUTADO COM EQUIPAMENTO DE PROJEÇÃO EM FACHADA DE UM EDIFÍCIO DE ESTRUTURA CONVENCIONAL E ACABAMENTO CHAPISCADO/FLOCADO. AF_03/2024","M2",286.53]
[105188,"REVESTIMENTO DECORATIVO MONOCAMADA EXECUTADO COM EQUIPAMENTO DE PROJEÇÃO EM FACHADA DE UM EDIFÍCIO DE ALVENARIA ESTRUTURAL E ACABAMENTO CHAPISCADO/FLOCADO. AF_03/2024","M2",208.38]
[87244,"REVESTIMENTO CERÂMICO PARA PAREDES EXTERNAS EM PASTILHAS DE PORCELANA 5 X 5 CM (PLACAS DE 30 X 30 CM), ALINHADAS A PRUMO. AF_02/2023","M2",333.1]
[87245,"REVESTIMENTO CERÂMICO PARA PAREDES EXTERNAS EM PASTILHAS DE PORCELANA 5 X 5 CM (PLACAS DE 30 X 30 CM), ALINHADAS A PRUMO, APLICADO EM SUPERFÍCIES INTERNAS DE SACADA. AF_02/2023","M2",399.02]
[87265,"REVESTIMENTO CERÂMICO PARA PAREDES INTERNAS COM PLACAS TIPO ESMALTADA DE DIMENSÕES 20X20 CM APLICADAS NA ALTURA INTEIRA DAS PAREDES.  AF_02/2023_PE","M2",67.12]
[87267,"REVESTIMENTO CERÂMICO PARA PAREDES INTERNAS COM PLACAS TIPO ESMALTADA DE DIMENSÕES 20X20 CM APLICADAS A MEIA ALTURA DAS PAREDES. AF_02/2023_PE","M2",71.88]
[87269,"REVESTIMENTO CERÂMICO PARA PAREDES INTERNAS COM PLACAS TIPO ESMALTADA DE DIMENSÕES 25X35 CM APLICADAS NA ALTURA INTEIRA DAS PAREDES. AF_02/2023_PE","M2",70.4]
[87271,"REVESTIMENTO CERÂMICO PARA PAREDES INTERNAS COM PLACAS TIPO ESMALTADA DE DIMENSÕES 25X35 CM APLICADAS A MEIA ALTURA DAS PAREDES. AF_02/2023_PE","M2",75.22]
[87273,"REVESTIMENTO CERÂMICO PARA PAREDES INTERNAS COM PLACAS TIPO ESMALTADA DE DIMENSÕES 33X45 CM APLICADAS NA ALTURA INTEIRA DAS PAREDES. AF_02/2023_PE","M2",74.02]
[87275,"REVESTIMENTO CERÂMICO PARA PAREDES INTERNAS COM PLACAS TIPO ESMALTADA DE DIMENSÕES 33X45 CM APLICADAS A MEIA ALTURA DAS PAREDES. AF_02/2023_PE","M2",80.47]
[88788,"REVESTIMENTO CERÂMICO PARA PAREDES EXTERNAS EM PASTILHAS DE PORCELANA 2,5 X 2,5 CM (PLACAS DE 30 X 30 CM), ALINHADAS A PRUMO. AF_02/2023","M2",439.15]
[88789,"REVESTIMENTO CERÂMICO PARA PAREDES EXTERNAS EM PASTILHAS DE PORCELANA 2,5 X 2,5 CM (PLACAS DE 30 X 30 CM), ALINHADAS A PRUMO, APLICADO EM SUPERFÍCIES INTERNAS DE SACADA. AF_02/2023","M2",526.94]
[104588,"REVESTIMENTO CERÂMICO PARA PAREDES EXTERNAS, COM PLACAS TIPO GRÊS OU SEMIGRÊS, FORMATO MENOR OU IGUAL A 200 CM2, ALINHADAS A PRUMO. AF_02/2023","M2",273.51]
[104589,"REVESTIMENTO CERÂMICO PARA PAREDES EXTERNAS, COM PLACAS TIPO GRÊS OU SEMIGRÊS, FORMATO MENOR OU IGUAL A 200 CM2, ALINHADAS A PRUMO, APLICADO  EM SUPERFÍCIES INTERNAS DE SACADA. AF_02/2023","M2",326.79]
[104590,"REVESTIMENTO CERÂMICO PARA PAREDES EXTERNAS, COM PLACAS TIPO GRÊS OU SEMIGRÊS, FORMATO MENOR OU IGUAL A 200 CM2, DISPOSTAS EM AMARRAÇÃO. AF_02/2023","M2",297.06]
[104591,"REVESTIMENTO CERÂMICO PARA PAREDES EXTERNAS, COM PLACAS TIPO GRÊS OU SEMIGRÊS, FORMATO MENOR OU IGUAL A 200 CM2, DISPOSTAS EM AMARRAÇÃO, APLICADO  EM SUPERFÍCIES INTERNAS DE SACADA. AF_02/2023","M2",354.19]
[104611,"REVESTIMENTO CERÂMICO PARA PAREDES INTERNAS COM PLACAS TIPO ESMALTADA DE DIMENSÕES 60X60 CM APLICADAS NA ALTURA INTEIRA DAS PAREDES. AF_02/2023_PE","M2",106.35]
[104612,"REVESTIMENTO CERÂMICO PARA PAREDES INTERNAS COM PLACAS TIPO ESMALTADA DE DIMENSÕES 60X60 CM APLICADAS A MEIA ALTURA DAS PAREDES. AF_02/2023_PE","M2",106.8]
[104613,"REVESTIMENTO CERÂMICO PARA PAREDES INTERNAS COM PLACAS TIPO ESMALTADA DE DIMENSÕES 20X20 CM APLICADAS EM DIAGONAL, NA ALTURA INTEIRA DAS PAREDES. AF_02/2023_PE","M2",70.39]
[104614,"REVESTIMENTO CERÂMICO PARA PAREDES INTERNAS COM PLACAS TIPO ESMALTADA DE DIMENSÕES 20X20 CM APLICADAS EM DIAGONAL, A MEIA ALTURA DAS PAREDES. AF_02/2023_PE","M2",76.64]
[104615,"REVESTIMENTO CERÂMICO PARA PAREDES INTERNAS COM PLACAS TIPO PASTILHA DE DIMENSÕES 5 X 5 CM (PLACAS DE 30 X 30 CM) CM APLICADAS NA ALTURA INTEIRA DAS PAREDES. AF_02/2023","M2",333.95]
[104616,"REVESTIMENTO CERÂMICO PARA PAREDES INTERNAS COM PLACAS TIPO PASTILHA DE DIMENSÕES 2,5 X 2,5 CM (PLACAS DE 30 X 30 CM) CM APLICADAS NA ALTURA INTEIRA DAS PAREDES. AF_02/2023","M2",445.36]
[104617,"REVESTIMENTO CERÂMICO PARA PAREDES INTERNAS COM PLACAS TIPO PASTILHA DE DIMENSÕES 5 X 5 CM (PLACAS DE 30 X 30 CM) CM APLICADAS A MEIA ALTURA DAS PAREDES. AF_02/2023","M2",343.43]
[104618,"REVESTIMENTO CERÂMICO PARA PAREDES INTERNAS COM PLACAS TIPO PASTILHA DE DIMENSÕES 2,5 X 2,5 CM (PLACAS DE 30 X 30 CM) CM APLICADAS A MEIA ALTURA DAS PAREDES. AF_02/2023","M2",454.84]
[104619,"RODAPÉ CERÂMICO DE 7CM DE ALTURA COM PLACAS TIPO ESMALTADA DE DIMENSÕES 80X80CM. AF_02/2023","M",16.22]
[101965,"PEITORIL LINEAR EM GRANITO OU MÁRMORE, L = 15CM, COMPRIMENTO DE ATÉ 2M, ASSENTADO COM ARGAMASSA 1:6 COM ADITIVO. AF_11/2020","M",139.57]
[101966,"CHAPIM SOBRE MUROS LINEARES, EM GRANITO OU MÁRMORE, L = 25 CM, ASSENTADO COM ARGAMASSA 1:6 COM ADITIVO. AF_11/2020","M",181.18]
[101979,"CHAPIM (RUFO CAPA) EM AÇO GALVANIZADO, CORTE 33. AF_11/2020","M",48.99]
[96112,"FORRO EM MADEIRA PINUS, PARA AMBIENTES RESIDENCIAIS, INCLUSIVE ESTRUTURA UNIDIRECIONAL DE FIXAÇÃO. AF_08/2023","M2",127.86]
[96122,"ACABAMENTOS PARA FORRO (RODA-FORRO EM MADEIRA PINUS). AF_08/2023","M",39.08]
[104756,"FORRO EM MADEIRA PINUS, PARA AMBIENTES RESIDENCIAIS E COMERCIAIS, INCLUSIVE ESTRUTURA BIDIRECIONAL DE FIXAÇÃO. AF_08/2023","M2",168.67]
[96109,"FORRO EM PLACAS DE GESSO, PARA AMBIENTES RESIDENCIAIS. AF_08/2023_PS","M2",50.52]
[96110,"FORRO EM DRYWALL PARA AMBIENTES RESIDENCIAIS, INCLUSIVE ESTRUTURA UNIDIRECIONAL DE FIXAÇÃO. AF_08/2023_PS","M2",75.2]
[96113,"FORRO EM PLACAS DE GESSO, PARA AMBIENTES COMERCIAIS. AF_08/2023_PS","M2",45.97]
[96114,"FORRO EM DRYWALL, PARA AMBIENTES COMERCIAIS, INCLUSIVE ESTRUTURA BIRECIONAL DE FIXAÇÃO. AF_08/2023_PS","M2",76.04]
[96120,"ACABAMENTOS PARA FORRO (MOLDURA DE GESSO). AF_08/2023","M",3.05]
[96123,"ACABAMENTOS PARA FORRO (MOLDURA EM DRYWALL, COM LARGURA DE 15 CM). AF_08/2023_PS","M",27.36]
[99054,"ACABAMENTOS PARA FORRO (SANCA DE GESSO, MONTADA NA OBRA). AF_08/2023_PS","M2",57.23]
[96111,"FORRO EM RÉGUAS DE PVC, FRISADO, PARA AMBIENTES RESIDENCIAIS, INCLUSIVE ESTRUTURA UNIDIRECIONAL DE FIXAÇÃO. AF_08/2023_PS","M2",58.48]
[96116,"FORRO EM RÉGUAS DE PVC, FRISADO, PARA AMBIENTES COMERCIAIS, INCLUSIVE ESTRUTURA BIDIRECIONAL DE FIXAÇÃO. AF_08/2023_PS","M2",60.75]
[96121,"ACABAMENTOS PARA FORRO (RODA-FORRO EM PERFIL METÁLICO E PLÁSTICO). AF_08/2023","M",11.09]
[96485,"FORRO EM RÉGUAS DE PVC, LISO, PARA AMBIENTES RESIDENCIAIS, INCLUSIVE ESTRUTURA UNIDIRECIONAL DE FIXAÇÃO. AF_08/2023_PS","M2",68.34]
[96486,"FORRO EM RÉGUAS DE PVC, LISO, PARA AMBIENTES COMERCIAIS, INCLUSIVE ESTRUTURA BIDIRECIONAL DE FIXAÇÃO. AF_08/2023_PS","M2",70.61]
[91515,"ESTUCAMENTO DE DENSIDADE BAIXA DE PANOS DE FACHADA DO SISTEMA DE PAREDES DE CONCRETO EM EDIFICAÇÕES DE MÚLTIPLOS PAVIMENTOS, PAVIMENTOS SUPERIORES, UTILIZAÇÃO DE ARGAMASSA COLANTE. AF_12/2024","M2",4.51]
[91519,"ESTUCAMENTO DE DENSIDADE BAIXA DE PANOS DE FACHADA DO SISTEMA DE PAREDES DE CONCRETO EM UNIDADES HABITACIONAIS DE PAVIMENTO ÚNICO, UTILIZAÇÃO DE ARGAMASSA COLANTE. AF_12/2024","M2",1.96]
[91520,"ESTUCAMENTO DE DENSIDADE BAIXA NAS FACES INTERNAS DE PAREDES DO SISTEMA DE PAREDES DE CONCRETO, EM AMBIENTES COM ÁREA ENTRE 5 M² E 10 M², UTILIZAÇÃO DE ARGAMASSA COLANTE. AF_12/2024","M2",1.92]
[91522,"ESTUCAMENTO PARA QUALQUER REVESTIMENTO, EM TETO DO SISTEMA DE PAREDES DE CONCRETO, EM AMBIENTES COM ÁREA ENTRE 5 M² E 10 M², UTILIZAÇÃO DE ARGAMASSA COLANTE. AF_12/2024","M2",3.18]
[91525,"ESTUCAMENTO DE DENSIDADE ALTA NAS FACES INTERNAS DE PAREDES DO SISTEMA DE PAREDES DE CONCRETO, EM AMBIENTES COM ÁREA ENTRE 5 M² E 10 M², UTILIZAÇÃO DE ARGAMASSA COLANTE. AF_12/2024","M2",8.02]
[104412,"ESTUCAMENTO PARA QUALQUER REVESTIMENTO, EM TETO DO SISTEMA DE PAREDES DE CONCRETO, EM AMBIENTES COM ÁREA MAIOR OU IGUAL A 10 M², UTILIZAÇÃO DE ARGAMASSA COLANTE. AF_12/2024","M2",2.86]
[104413,"ESTUCAMENTO PARA QUALQUER REVESTIMENTO, EM TETO DO SISTEMA DE PAREDES DE CONCRETO, EM AMBIENTES COM ÁREA MENOR OU IGUAL A 5 M², UTILIZAÇÃO DE ARGAMASSA COLANTE. AF_12/2024","M2",4.82]
[104414,"ESTUCAMENTO DE DENSIDADE ALTA NAS FACES INTERNAS DE PAREDES DO SISTEMA DE PAREDES DE CONCRETO, EM AMBIENTES COM ÁREA MAIOR OU IGUAL A 10 M², UTILIZAÇÃO DE ARGAMASSA COLANTE. AF_12/2024","M2",7.28]
[104415,"ESTUCAMENTO DE DENSIDADE ALTA NAS FACES INTERNAS DE PAREDES DO SISTEMA DE PAREDES DE CONCRETO, EM AMBIENTES COM ÁREA MENOR OU IGUAL A 5 M², UTILIZAÇÃO DE ARGAMASSA COLANTE. AF_12/2024","M2",11.94]
[104416,"ESTUCAMENTO DE DENSIDADE BAIXA NAS FACES INTERNAS DE PAREDES DO SISTEMA DE PAREDES DE CONCRETO, EM AMBIENTES COM ÁREA MAIOR OU IGUAL A 10 M², UTILIZAÇÃO DE ARGAMASSA COLANTE. AF_12/2024","M2",1.6]
[104417,"ESTUCAMENTO DE DENSIDADE BAIXA NAS FACES INTERNAS DE PAREDES DO SISTEMA DE PAREDES DE CONCRETO, EM AMBIENTES COM ÁREA MENOR OU IGUAL A 5 M², UTILIZAÇÃO DE ARGAMASSA COLANTE. AF_12/2024","M2",3.52]
[104418,"ESTUCAMENTO DE DENSIDADE BAIXA DE PANOS DE FACHADA DO SISTEMA DE PAREDES DE CONCRETO EM EDIFICAÇÕES DE MÚLTIPLOS PAVIMENTOS, PAVIMENTO TÉRREO, UTILIZAÇÃO DE ARGAMASSA COLANTE. AF_12/2024","M2",2.52]
[104419,"ESTUCAMENTO DE DENSIDADE BAIXA DE PANOS DE FACHADA DO SISTEMA DE PAREDES DE CONCRETO EM UNIDADES HABITACIONAIS DE DOIS PAVIMENTOS (SOBRADO), ACESSO COM ANDAIME FACHADEIRO, UTILIZAÇÃO DE ARGAMASSA COLANTE. AF_12/2024","M2",3.93]
[104421,"ESTUCAMENTO DE DENSIDADE ALTA DE PANOS DE FACHADA DO SISTEMA DE PAREDES DE CONCRETO EM EDIFICAÇÕES DE MÚLTIPLOS PAVIMENTOS, PAVIMENTOS SUPERIORES, UTILIZAÇÃO DE ARGAMASSA COLANTE. AF_12/2024","M2",16.51]
[104422,"ESTUCAMENTO DE DENSIDADE ALTA DE PANOS DE FACHADA DO SISTEMA DE PAREDES DE CONCRETO EM EDIFICAÇÕES DE MÚLTIPLOS PAVIMENTOS, PAVIMENTO TÉRREO, UTILIZAÇÃO DE ARGAMASSA COLANTE. AF_12/2024","M2",11.77]
[104423,"ESTUCAMENTO DE DENSIDADE ALTA DE PANOS DE FACHADA DO SISTEMA DE PAREDES DE CONCRETO EM UNIDADES HABITACIONAIS DE DOIS PAVIMENTOS (SOBRADO), ACESSO COM ANDAIME FACHADEIRO, UTILIZAÇÃO DE ARGAMASSA COLANTE. AF_12/2024","M2",15.1]
[104425,"ESTUCAMENTO DE DENSIDADE ALTA DE PANOS DE FACHADA DO SISTEMA DE PAREDES DE CONCRETO EM UNIDADES HABITACIONAIS DE PAVIMENTO ÚNICO, UTILIZAÇÃO DE ARGAMASSA COLANTE. AF_12/2024","M2",10.33]
[105816,"ESTUCAMENTO DE DENSIDADE ALTA NAS FACES INTERNAS DE PAREDES DO SISTEMA DE PAREDES DE CONCRETO, EM AMBIENTES COM ÁREA MAIOR OU IGUAL A 10 M², UTILIZAÇÃO DE ARGAMASSA POLIMÉRICA. AF_12/2024","M2",10.91]
[105817,"ESTUCAMENTO DE DENSIDADE ALTA NAS FACES INTERNAS DE PAREDES DO SISTEMA DE PAREDES DE CONCRETO, EM AMBIENTES COM ÁREA MAIOR OU IGUAL A 10 M², UTILIZAÇÃO DE ARGAMASSA TRAÇO 1:1:6 (CIM:CAL:AREIA). AF_12/2024","M2",4.1]
[105818,"ESTUCAMENTO DE DENSIDADE ALTA NAS FACES INTERNAS DE PAREDES DO SISTEMA DE PAREDES DE CONCRETO, EM AMBIENTES COM ÁREA ENTRE 5 M² E 10 M², UTILIZAÇÃO DE ARGAMASSA POLIMÉRICA. AF_12/2024","M2",11.65]
[105819,"ESTUCAMENTO DE DENSIDADE ALTA NAS FACES INTERNAS DE PAREDES DO SISTEMA DE PAREDES DE CONCRETO, EM AMBIENTES COM ÁREA ENTRE 5 M² E 10 M², UTILIZAÇÃO DE ARGAMASSA TRAÇO 1:1:6 (CIM:CAL:AREIA). AF_12/2024","M2",4.84]
[105820,"ESTUCAMENTO DE DENSIDADE ALTA NAS FACES INTERNAS DE PAREDES DO SISTEMA DE PAREDES DE CONCRETO, EM AMBIENTES COM ÁREA MENOR OU IGUAL A 5 M², UTILIZAÇÃO DE ARGAMASSA POLIMÉRICA. AF_12/2024","M2",15.57]
[105821,"ESTUCAMENTO DE DENSIDADE ALTA NAS FACES INTERNAS DE PAREDES DO SISTEMA DE PAREDES DE CONCRETO, EM AMBIENTES COM ÁREA MENOR OU IGUAL A 5 M², UTILIZAÇÃO DE ARGAMASSA TRAÇO 1:1:6 (CIM:CAL:AREIA). AF_12/2024","M2",8.76]
[105822,"ESTUCAMENTO DE DENSIDADE ALTA DE PANOS DE FACHADA DO SISTEMA DE PAREDES DE CONCRETO EM EDIFICAÇÕES DE MÚLTIPLOS PAVIMENTOS, PAVIMENTOS SUPERIORES, UTILIZAÇÃO DE ARGAMASSA POLIMÉRICA. AF_12/2024","M2",17.6]
[105823,"ESTUCAMENTO DE DENSIDADE ALTA DE PANOS DE FACHADA DO SISTEMA DE PAREDES DE CONCRETO EM EDIFICAÇÕES DE MÚLTIPLOS PAVIMENTOS, PAVIMENTOS SUPERIORES, UTILIZAÇÃO DE ARGAMASSA TRAÇO 1:0,5:4,5 (CIM:CAL:AREIA). AF_12/2024","M2",10.78]
[105824,"ESTUCAMENTO DE DENSIDADE ALTA DE PANOS DE FACHADA DO SISTEMA DE PAREDES DE CONCRETO EM EDIFICAÇÕES DE MÚLTIPLOS PAVIMENTOS, PAVIMENTO TÉRREO, UTILIZAÇÃO DE ARGAMASSA POLIMÉRICA. AF_12/2024","M2",12.86]
[105825,"ESTUCAMENTO DE DENSIDADE ALTA DE PANOS DE FACHADA DO SISTEMA DE PAREDES DE CONCRETO EM EDIFICAÇÕES DE MÚLTIPLOS PAVIMENTOS, PAVIMENTO TÉRREO, UTILIZAÇÃO DE ARGAMASSA TRAÇO 1:0,5:4,5 (CIM:CAL:AREIA). AF_12/2024","M2",6.04]
[105826,"ESTUCAMENTO DE DENSIDADE ALTA DE PANOS DE FACHADA DO SISTEMA DE PAREDES DE CONCRETO EM UNIDADES HABITACIONAIS DE DOIS PAVIMENTOS (SOBRADO), ACESSO COM ANDAIME FACHADEIRO, UTILIZAÇÃO DE ARGAMASSA POLIMÉRICA. AF_12/2024","M2",16.19]
[105827,"ESTUCAMENTO DE DENSIDADE ALTA DE PANOS DE FACHADA DO SISTEMA DE PAREDES DE CONCRETO EM UNIDADES HABITACIONAIS DE DOIS PAVIMENTOS (SOBRADO), ACESSO COM ANDAIME FACHADEIRO, UTILIZAÇÃO DE ARGAMASSA TRAÇO 1:0,5:4,5 (CIM:CAL:AREIA). AF_12/2024","M2",9.37]
[105828,"ESTUCAMENTO DE DENSIDADE ALTA DE PANOS DE FACHADA DO SISTEMA DE PAREDES DE CONCRETO EM UNIDADES HABITACIONAIS DE PAVIMENTO ÚNICO, UTILIZAÇÃO DE ARGAMASSA POLIMÉRICA. AF_12/2024","M2",11.42]
[105829,"ESTUCAMENTO DE DENSIDADE ALTA DE PANOS DE FACHADA DO SISTEMA DE PAREDES DE CONCRETO EM UNIDADES HABITACIONAIS DE PAVIMENTO ÚNICO, UTILIZAÇÃO DE ARGAMASSA TRAÇO 1:0,5:4,5 (CIM:CAL:AREIA). AF_12/2024","M2",4.6]
[87280,"ARGAMASSA TRAÇO 1:7 (EM VOLUME DE CIMENTO E AREIA MÉDIA ÚMIDA) COM ADIÇÃO DE PLASTIFICANTE PARA EMBOÇO/MASSA ÚNICA/ASSENTAMENTO DE ALVENARIA DE VEDAÇÃO, PREPARO MECÂNICO COM BETONEIRA 400 L. AF_08/2019","M3",499.86]
[87281,"ARGAMASSA TRAÇO 1:7 (EM VOLUME DE CIMENTO E AREIA MÉDIA ÚMIDA) COM ADIÇÃO DE PLASTIFICANTE PARA EMBOÇO/MASSA ÚNICA/ASSENTAMENTO DE ALVENARIA DE VEDAÇÃO, PREPARO MECÂNICO COM BETONEIRA 600 L. AF_08/2019","M3",496.07]
[87283,"ARGAMASSA TRAÇO 1:6 (EM VOLUME DE CIMENTO E AREIA MÉDIA ÚMIDA) COM ADIÇÃO DE PLASTIFICANTE PARA EMBOÇO/MASSA ÚNICA/ASSENTAMENTO DE ALVENARIA DE VEDAÇÃO, PREPARO MECÂNICO COM BETONEIRA 400 L. AF_08/2019","M3",522.63]
[87284,"ARGAMASSA TRAÇO 1:6 (EM VOLUME DE CIMENTO E AREIA MÉDIA ÚMIDA) COM ADIÇÃO DE PLASTIFICANTE PARA EMBOÇO/MASSA ÚNICA/ASSENTAMENTO DE ALVENARIA DE VEDAÇÃO, PREPARO MECÂNICO COM BETONEIRA 600 L. AF_08/2019","M3",517.23]
[87286,"ARGAMASSA TRAÇO 1:1:6 (EM VOLUME DE CIMENTO, CAL E AREIA MÉDIA ÚMIDA) PARA EMBOÇO/MASSA ÚNICA/ASSENTAMENTO DE ALVENARIA DE VEDAÇÃO, PREPARO MECÂNICO COM BETONEIRA 400 L. AF_08/2019","M3",622.61]
[87287,"ARGAMASSA TRAÇO 1:1:6 (EM VOLUME DE CIMENTO, CAL E AREIA MÉDIA ÚMIDA) PARA EMBOÇO/MASSA ÚNICA/ASSENTAMENTO DE ALVENARIA DE VEDAÇÃO, PREPARO MECÂNICO COM BETONEIRA 600 L. AF_08/2019","M3",609.7]
[87289,"ARGAMASSA TRAÇO 1:1,5:7,5 (EM VOLUME DE CIMENTO, CAL E AREIA MÉDIA ÚMIDA) PARA EMBOÇO/MASSA ÚNICA/ASSENTAMENTO DE ALVENARIA DE VEDAÇÃO, PREPARO MECÂNICO COM BETONEIRA 400 L. AF_08/2019","M3",592.83]
[87290,"ARGAMASSA TRAÇO 1:1,5:7,5 (EM VOLUME DE CIMENTO, CAL E AREIA MÉDIA ÚMIDA) PARA EMBOÇO/MASSA ÚNICA/ASSENTAMENTO DE ALVENARIA DE VEDAÇÃO, PREPARO MECÂNICO COM BETONEIRA 600 L. AF_08/2019","M3",586.24]
[87292,"ARGAMASSA TRAÇO 1:2:8 (EM VOLUME DE CIMENTO, CAL E AREIA MÉDIA ÚMIDA) PARA EMBOÇO/MASSA ÚNICA/ASSENTAMENTO DE ALVENARIA DE VEDAÇÃO, PREPARO MECÂNICO COM BETONEIRA 400 L. AF_08/2019","M3",600.91]
[87294,"ARGAMASSA TRAÇO 1:2:9 (EM VOLUME DE CIMENTO, CAL E AREIA MÉDIA ÚMIDA) PARA EMBOÇO/MASSA ÚNICA/ASSENTAMENTO DE ALVENARIA DE VEDAÇÃO, PREPARO MECÂNICO COM BETONEIRA 600 L. AF_08/2019","M3",574.91]
[87295,"ARGAMASSA TRAÇO 1:3:12 (EM VOLUME DE CIMENTO, CAL E AREIA MÉDIA ÚMIDA) PARA EMBOÇO/MASSA ÚNICA/ASSENTAMENTO DE ALVENARIA DE VEDAÇÃO, PREPARO MECÂNICO COM BETONEIRA 400 L. AF_08/2019","M3",575.31]
[87296,"ARGAMASSA TRAÇO 1:3:12 (EM VOLUME DE CIMENTO, CAL E AREIA MÉDIA ÚMIDA) PARA EMBOÇO/MASSA ÚNICA/ASSENTAMENTO DE ALVENARIA DE VEDAÇÃO, PREPARO MECÂNICO COM BETONEIRA 600 L. AF_08/2019","M3",552.47]
[87298,"ARGAMASSA TRAÇO 1:3 (EM VOLUME DE CIMENTO E AREIA MÉDIA ÚMIDA) PARA CONTRAPISO, PREPARO MECÂNICO COM BETONEIRA 400 L. AF_08/2019","M3",794.56]
[87299,"ARGAMASSA TRAÇO 1:3 (EM VOLUME DE CIMENTO E AREIA MÉDIA ÚMIDA) PARA CONTRAPISO, PREPARO MECÂNICO COM BETONEIRA 600 L. AF_08/2019","M3",511.9]
[87301,"ARGAMASSA TRAÇO 1:4 (EM VOLUME DE CIMENTO E AREIA MÉDIA ÚMIDA) PARA CONTRAPISO, PREPARO MECÂNICO COM BETONEIRA 400 L. AF_08/2019","M3",708.1]
[87302,"ARGAMASSA TRAÇO 1:4 (EM VOLUME DE CIMENTO E AREIA MÉDIA ÚMIDA) PARA CONTRAPISO, PREPARO MECÂNICO COM BETONEIRA 600 L. AF_08/2019","M3",702.04]
[87304,"ARGAMASSA TRAÇO 1:5 (EM VOLUME DE CIMENTO E AREIA MÉDIA ÚMIDA) PARA CONTRAPISO, PREPARO MECÂNICO COM BETONEIRA 400 L. AF_08/2019","M3",639.73]
[87305,"ARGAMASSA TRAÇO 1:5 (EM VOLUME DE CIMENTO E AREIA MÉDIA ÚMIDA) PARA CONTRAPISO, PREPARO MECÂNICO COM BETONEIRA 600 L. AF_08/2019","M3",643.54]
[87307,"ARGAMASSA TRAÇO 1:6 (EM VOLUME DE CIMENTO E AREIA MÉDIA ÚMIDA) PARA CONTRAPISO, PREPARO MECÂNICO COM BETONEIRA 400 L. AF_08/2019","M3",603.89]
[87308,"ARGAMASSA TRAÇO 1:6 (EM VOLUME DE CIMENTO E AREIA MÉDIA ÚMIDA) PARA CONTRAPISO, PREPARO MECÂNICO COM BETONEIRA 600 L. AF_08/2019","M3",596.06]
[87310,"ARGAMASSA TRAÇO 1:5 (EM VOLUME DE CIMENTO E AREIA GROSSA ÚMIDA) PARA CHAPISCO CONVENCIONAL, PREPARO MECÂNICO COM BETONEIRA 400 L. AF_08/2019","M3",500.69]
[87311,"ARGAMASSA TRAÇO 1:5 (EM VOLUME DE CIMENTO E AREIA GROSSA ÚMIDA) PARA CHAPISCO CONVENCIONAL, PREPARO MECÂNICO COM BETONEIRA 600 L. AF_08/2019","M3",492.88]
[87313,"ARGAMASSA TRAÇO 1:3 (EM VOLUME DE CIMENTO E AREIA GROSSA ÚMIDA) PARA CHAPISCO CONVENCIONAL, PREPARO MECÂNICO COM BETONEIRA 400 L. AF_08/2019","M3",614.24]
[87314,"ARGAMASSA TRAÇO 1:3 (EM VOLUME DE CIMENTO E AREIA GROSSA ÚMIDA) PARA CHAPISCO CONVENCIONAL, PREPARO MECÂNICO COM BETONEIRA 600 L. AF_08/2019","M3",608.71]
[87316,"ARGAMASSA TRAÇO 1:4 (EM VOLUME DE CIMENTO E AREIA GROSSA ÚMIDA) PARA CHAPISCO CONVENCIONAL, PREPARO MECÂNICO COM BETONEIRA 400 L. AF_08/2019","M3",551.99]
[87317,"ARGAMASSA TRAÇO 1:4 (EM VOLUME DE CIMENTO E AREIA GROSSA ÚMIDA) PARA CHAPISCO CONVENCIONAL, PREPARO MECÂNICO COM BETONEIRA 600 L. AF_08/2019","M3",540.23]
[87319,"ARGAMASSA TRAÇO 1:5 (EM VOLUME DE CIMENTO E AREIA GROSSA ÚMIDA) COM ADIÇÃO DE EMULSÃO POLIMÉRICA PARA CHAPISCO ROLADO, PREPARO MECÂNICO COM BETONEIRA 400 L. AF_08/2019","M3",{"v":3168.36,"d":"3,168.36"}]
[87320,"ARGAMASSA TRAÇO 1:5 (EM VOLUME DE CIMENTO E AREIA GROSSA ÚMIDA) COM ADIÇÃO DE EMULSÃO POLIMÉRICA PARA CHAPISCO ROLADO, PREPARO MECÂNICO COM BETONEIRA 600 L. AF_08/2019","M3",{"v":3174.99,"d":"3,174.99"}]
[87322,"ARGAMASSA TRAÇO 1:3 (EM VOLUME DE CIMENTO E AREIA GROSSA ÚMIDA) COM ADIÇÃO DE EMULSÃO POLIMÉRICA PARA CHAPISCO ROLADO, PREPARO MECÂNICO COM BETONEIRA 400 L. AF_08/2019","M3",{"v":3290.76,"d":"3,290.76"}]
[87323,"ARGAMASSA TRAÇO 1:3 (EM VOLUME DE CIMENTO E AREIA GROSSA ÚMIDA) COM ADIÇÃO DE EMULSÃO POLIMÉRICA PARA CHAPISCO ROLADO, PREPARO MECÂNICO COM BETONEIRA 600 L. AF_08/2019","M3",{"v":3291.1,"d":"3,291.10"}]
[87325,"ARGAMASSA TRAÇO 1:4 (EM VOLUME DE CIMENTO E AREIA GROSSA ÚMIDA) COM ADIÇÃO DE EMULSÃO POLIMÉRICA PARA CHAPISCO ROLADO, PREPARO MECÂNICO COM BETONEIRA 400 L. AF_08/2019","M3",{"v":3202.81,"d":"3,202.81"}]
[87326,"ARGAMASSA TRAÇO 1:4 (EM VOLUME DE CIMENTO E AREIA GROSSA ÚMIDA) COM ADIÇÃO DE EMULSÃO POLIMÉRICA PARA CHAPISCO ROLADO, PREPARO MECÂNICO COM BETONEIRA 600 L. AF_08/2019","M3",{"v":3212.19,"d":"3,212.19"}]
[87327,"ARGAMASSA TRAÇO 1:7 (EM VOLUME DE CIMENTO E AREIA MÉDIA ÚMIDA) COM ADIÇÃO DE PLASTIFICANTE PARA EMBOÇO/MASSA ÚNICA/ASSENTAMENTO DE ALVENARIA DE VEDAÇÃO, PREPARO MECÂNICO COM MISTURADOR DE EIXO HORIZONTAL DE 300 KG. AF_08/2019","M3",519.53]
[87328,"ARGAMASSA TRAÇO 1:7 (EM VOLUME DE CIMENTO E AREIA MÉDIA ÚMIDA) COM ADIÇÃO DE PLASTIFICANTE PARA EMBOÇO/MASSA ÚNICA/ASSENTAMENTO DE ALVENARIA DE VEDAÇÃO, PREPARO MECÂNICO COM MISTURADOR DE EIXO HORIZONTAL DE 600 KG. AF_08/2019","M3",467.92]
[87329,"ARGAMASSA TRAÇO 1:6 (EM VOLUME DE CIMENTO E AREIA MÉDIA ÚMIDA) COM ADIÇÃO DE PLASTIFICANTE PARA EMBOÇO/MASSA ÚNICA/ASSENTAMENTO DE ALVENARIA DE VEDAÇÃO, PREPARO MECÂNICO COM MISTURADOR DE EIXO HORIZONTAL DE 300 KG. AF_08/2019","M3",557.53]
[87330,"ARGAMASSA TRAÇO 1:6 (EM VOLUME DE CIMENTO E AREIA MÉDIA ÚMIDA) COM ADIÇÃO DE PLASTIFICANTE PARA EMBOÇO/MASSA ÚNICA/ASSENTAMENTO DE ALVENARIA DE VEDAÇÃO, PREPARO MECÂNICO COM MISTURADOR DE EIXO HORIZONTAL DE 600 KG. AF_08/2019","M3",498.78]
[87331,"ARGAMASSA TRAÇO 1:1:6 (EM VOLUME DE CIMENTO, CAL E AREIA MÉDIA ÚMIDA) PARA EMBOÇO/MASSA ÚNICA/ASSENTAMENTO DE ALVENARIA DE VEDAÇÃO, PREPARO MECÂNICO COM MISTURADOR DE EIXO HORIZONTAL DE 300 KG. AF_08/2019","M3",641.57]
[87332,"ARGAMASSA TRAÇO 1:1:6 (EM VOLUME DE CIMENTO, CAL E AREIA MÉDIA ÚMIDA) PARA EMBOÇO/MASSA ÚNICA/ASSENTAMENTO DE ALVENARIA DE VEDAÇÃO, PREPARO MECÂNICO COM MISTURADOR DE EIXO HORIZONTAL DE 600 KG. AF_08/2019","M3",588.05]
[87333,"ARGAMASSA TRAÇO 1:1,5:7,5 (EM VOLUME DE CIMENTO, CAL E AREIA MÉDIA ÚMIDA) PARA EMBOÇO/MASSA ÚNICA/ASSENTAMENTO DE ALVENARIA DE VEDAÇÃO, PREPARO MECÂNICO COM MISTURADOR DE EIXO HORIZONTAL DE 300 KG. AF_08/2019","M3",594.98]
[87334,"ARGAMASSA TRAÇO 1:1,5:7,5 (EM VOLUME DE CIMENTO, CAL E AREIA MÉDIA ÚMIDA) PARA EMBOÇO/MASSA ÚNICA/ASSENTAMENTO DE ALVENARIA DE VEDAÇÃO, PREPARO MECÂNICO COM MISTURADOR DE EIXO HORIZONTAL DE 600 KG. AF_08/2019","M3",562.71]
[87335,"ARGAMASSA TRAÇO 1:2:8 (EM VOLUME DE CIMENTO, CAL E AREIA MÉDIA ÚMIDA) PARA EMBOÇO/MASSA ÚNICA/ASSENTAMENTO DE ALVENARIA DE VEDAÇÃO, PREPARO MECÂNICO COM MISTURADOR DE EIXO HORIZONTAL DE 300 KG. AF_08/2019","M3",589.01]
[87336,"ARGAMASSA TRAÇO 1:2:8 (EM VOLUME DE CIMENTO, CAL E AREIA MÉDIA ÚMIDA) PARA EMBOÇO/MASSA ÚNICA/ASSENTAMENTO DE ALVENARIA DE VEDAÇÃO, PREPARO MECÂNICO COM MISTURADOR DE EIXO HORIZONTAL DE 600 KG. AF_08/2019","M3",575]
[87337,"ARGAMASSA TRAÇO 1:2:9 (EM VOLUME DE CIMENTO, CAL E AREIA MÉDIA ÚMIDA) PARA EMBOÇO/MASSA ÚNICA/ASSENTAMENTO DE ALVENARIA DE VEDAÇÃO, PREPARO MECÂNICO COM MISTURADOR DE EIXO HORIZONTAL DE 300 KG. AF_08/2019","M3",574.72]
[87338,"ARGAMASSA TRAÇO 1:3:12 (EM VOLUME DE CIMENTO, CAL E AREIA MÉDIA ÚMIDA) PARA EMBOÇO/MASSA ÚNICA/ASSENTAMENTO DE ALVENARIA DE VEDAÇÃO, PREPARO MECÂNICO COM MISTURADOR DE EIXO HORIZONTAL DE 600 KG. AF_08/2019","M3",548.46]
[87339,"ARGAMASSA TRAÇO 1:3 (EM VOLUME DE CIMENTO E AREIA MÉDIA ÚMIDA) PARA CONTRAPISO, PREPARO MECÂNICO COM MISTURADOR DE EIXO HORIZONTAL DE 160 KG. AF_08/2019","M3",897.79]
[87340,"ARGAMASSA TRAÇO 1:3 (EM VOLUME DE CIMENTO E AREIA MÉDIA ÚMIDA) PARA CONTRAPISO, PREPARO MECÂNICO COM MISTURADOR DE EIXO HORIZONTAL DE 300 KG. AF_08/2019","M3",788.44]
[87341,"ARGAMASSA TRAÇO 1:3 (EM VOLUME DE CIMENTO E AREIA MÉDIA ÚMIDA) PARA CONTRAPISO, PREPARO MECÂNICO COM MISTURADOR DE EIXO HORIZONTAL DE 600 KG. AF_08/2019","M3",761.8]
[87342,"ARGAMASSA TRAÇO 1:4 (EM VOLUME DE CIMENTO E AREIA MÉDIA ÚMIDA) PARA CONTRAPISO, PREPARO MECÂNICO COM MISTURADOR DE EIXO HORIZONTAL DE 160 KG. AF_08/2019","M3",767.86]
[87343,"ARGAMASSA TRAÇO 1:4 (EM VOLUME DE CIMENTO E AREIA MÉDIA ÚMIDA) PARA CONTRAPISO, PREPARO MECÂNICO COM MISTURADOR DE EIXO HORIZONTAL DE 300 KG. AF_08/2019","M3",706.03]
[87344,"ARGAMASSA TRAÇO 1:4 (EM VOLUME DE CIMENTO E AREIA MÉDIA ÚMIDA) PARA CONTRAPISO, PREPARO MECÂNICO COM MISTURADOR DE EIXO HORIZONTAL DE 600 KG. AF_08/2019","M3",673.27]
[87345,"ARGAMASSA TRAÇO 1:5 (EM VOLUME DE CIMENTO E AREIA MÉDIA ÚMIDA) PARA CONTRAPISO, PREPARO MECÂNICO COM MISTURADOR DE EIXO HORIZONTAL DE 160 KG. AF_08/2019","M3",689.09]
[87346,"ARGAMASSA TRAÇO 1:5 (EM VOLUME DE CIMENTO E AREIA MÉDIA ÚMIDA) PARA CONTRAPISO, PREPARO MECÂNICO COM MISTURADOR DE EIXO HORIZONTAL DE 300 KG. AF_08/2019","M3",638.38]
[87347,"ARGAMASSA TRAÇO 1:5 (EM VOLUME DE CIMENTO E AREIA MÉDIA ÚMIDA) PARA CONTRAPISO, PREPARO MECÂNICO COM MISTURADOR DE EIXO HORIZONTAL DE 600 KG. AF_08/2019","M3",612.08]
[87348,"ARGAMASSA TRAÇO 1:6 (EM VOLUME DE CIMENTO E AREIA MÉDIA ÚMIDA) PARA CONTRAPISO, PREPARO MECÂNICO COM MISTURADOR DE EIXO HORIZONTAL DE 160 KG. AF_08/2019","M3",630.85]
[87349,"ARGAMASSA TRAÇO 1:6 (EM VOLUME DE CIMENTO E AREIA MÉDIA ÚMIDA) PARA CONTRAPISO, PREPARO MECÂNICO COM MISTURADOR DE EIXO HORIZONTAL DE 600 KG. AF_08/2019","M3",565.54]
[87350,"ARGAMASSA TRAÇO 1:5 (EM VOLUME DE CIMENTO E AREIA GROSSA ÚMIDA) PARA CHAPISCO CONVENCIONAL, PREPARO MECÂNICO COM MISTURADOR DE EIXO HORIZONTAL DE 300 KG. AF_08/2019","M3",539.85]
[87351,"ARGAMASSA TRAÇO 1:5 (EM VOLUME DE CIMENTO E AREIA GROSSA ÚMIDA) PARA CHAPISCO CONVENCIONAL, PREPARO MECÂNICO COM MISTURADOR DE EIXO HORIZONTAL DE 600 KG. AF_08/2019","M3",476.39]
[87352,"ARGAMASSA TRAÇO 1:3 (EM VOLUME DE CIMENTO E AREIA GROSSA ÚMIDA) PARA CHAPISCO CONVENCIONAL, PREPARO MECÂNICO COM MISTURADOR DE EIXO HORIZONTAL DE 160 KG. AF_08/2019","M3",683.83]
[87353,"ARGAMASSA TRAÇO 1:3 (EM VOLUME DE CIMENTO E AREIA GROSSA ÚMIDA) PARA CHAPISCO CONVENCIONAL, PREPARO MECÂNICO COM MISTURADOR DE EIXO HORIZONTAL DE 300 KG. AF_08/2019","M3",615.42]
[87354,"ARGAMASSA TRAÇO 1:3 (EM VOLUME DE CIMENTO E AREIA GROSSA ÚMIDA) PARA CHAPISCO CONVENCIONAL, PREPARO MECÂNICO COM MISTURADOR DE EIXO HORIZONTAL DE 600 KG. AF_08/2019","M3",586.56]
[87355,"ARGAMASSA TRAÇO 1:4 (EM VOLUME DE CIMENTO E AREIA GROSSA ÚMIDA) PARA CHAPISCO CONVENCIONAL, PREPARO MECÂNICO COM MISTURADOR DE EIXO HORIZONTAL DE 160 KG. AF_08/2019","M3",583.63]
[87356,"ARGAMASSA TRAÇO 1:4 (EM VOLUME DE CIMENTO E AREIA GROSSA ÚMIDA) PARA CHAPISCO CONVENCIONAL, PREPARO MECÂNICO COM MISTURADOR DE EIXO HORIZONTAL DE 300 KG. AF_08/2019","M3",538.27]
[87357,"ARGAMASSA TRAÇO 1:4 (EM VOLUME DE CIMENTO E AREIA GROSSA ÚMIDA) PARA CHAPISCO CONVENCIONAL, PREPARO MECÂNICO COM MISTURADOR DE EIXO HORIZONTAL DE 600 KG. AF_08/2019","M3",516.8]
[87358,"ARGAMASSA TRAÇO 1:5 (EM VOLUME DE CIMENTO E AREIA GROSSA ÚMIDA) COM ADIÇÃO DE EMULSÃO POLIMÉRICA PARA CHAPISCO ROLADO, PREPARO MECÂNICO COM MISTURADOR DE EIXO HORIZONTAL DE 300 KG. AF_08/2019","M3",{"v":3134.84,"d":"3,134.84"}]
[87359,"ARGAMASSA TRAÇO 1:5 (EM VOLUME DE CIMENTO E AREIA GROSSA ÚMIDA) COM ADIÇÃO DE EMULSÃO POLIMÉRICA PARA CHAPISCO ROLADO, PREPARO MECÂNICO COM MISTURADOR DE EIXO HORIZONTAL DE 600 KG. AF_08/2019","M3",{"v":3109.96,"d":"3,109.96"}]
[87360,"ARGAMASSA TRAÇO 1:3 (EM VOLUME DE CIMENTO E AREIA GROSSA ÚMIDA) COM ADIÇÃO DE EMULSÃO POLIMÉRICA PARA CHAPISCO ROLADO, PREPARO MECÂNICO COM MISTURADOR DE EIXO HORIZONTAL DE 160 KG. AF_08/2019","M3",{"v":3252.59,"d":"3,252.59"}]
[87361,"ARGAMASSA TRAÇO 1:3 (EM VOLUME DE CIMENTO E AREIA GROSSA ÚMIDA) COM ADIÇÃO DE EMULSÃO POLIMÉRICA PARA CHAPISCO ROLADO, PREPARO MECÂNICO COM MISTURADOR DE EIXO HORIZONTAL DE 300 KG. AF_08/2019","M3",{"v":3213.91,"d":"3,213.91"}]
[87362,"ARGAMASSA TRAÇO 1:3 (EM VOLUME DE CIMENTO E AREIA GROSSA ÚMIDA) COM ADIÇÃO DE EMULSÃO POLIMÉRICA PARA CHAPISCO ROLADO, PREPARO MECÂNICO COM MISTURADOR DE EIXO HORIZONTAL DE 600 KG. AF_08/2019","M3",{"v":3213.69,"d":"3,213.69"}]
[87363,"ARGAMASSA TRAÇO 1:4 (EM VOLUME DE CIMENTO E AREIA GROSSA ÚMIDA) COM ADIÇÃO DE EMULSÃO POLIMÉRICA PARA CHAPISCO ROLADO, PREPARO MECÂNICO COM MISTURADOR DE EIXO HORIZONTAL DE 300 KG. AF_08/2019","M3",{"v":3177.64,"d":"3,177.64"}]
[87364,"ARGAMASSA TRAÇO 1:4 (EM VOLUME DE CIMENTO E AREIA GROSSA ÚMIDA) COM ADIÇÃO DE EMULSÃO POLIMÉRICA PARA CHAPISCO ROLADO, PREPARO MECÂNICO COM MISTURADOR DE EIXO HORIZONTAL DE 600 KG. AF_08/2019","M3",{"v":3153.42,"d":"3,153.42"}]
[87365,"ARGAMASSA TRAÇO 1:7 (EM VOLUME DE CIMENTO E AREIA MÉDIA ÚMIDA) COM ADIÇÃO DE PLASTIFICANTE PARA EMBOÇO/MASSA ÚNICA/ASSENTAMENTO DE ALVENARIA DE VEDAÇÃO, PREPARO MANUAL. AF_08/2019","M3",618.02]
[87366,"ARGAMASSA TRAÇO 1:6 (EM VOLUME DE CIMENTO E AREIA MÉDIA ÚMIDA) COM ADIÇÃO DE PLASTIFICANTE PARA EMBOÇO/MASSA ÚNICA/ASSENTAMENTO DE ALVENARIA DE VEDAÇÃO, PREPARO MANUAL. AF_08/2019","M3",653.4]
[87367,"ARGAMASSA TRAÇO 1:1:6 (EM VOLUME DE CIMENTO, CAL E AREIA MÉDIA ÚMIDA) PARA EMBOÇO/MASSA ÚNICA/ASSENTAMENTO DE ALVENARIA DE VEDAÇÃO, PREPARO MANUAL. AF_08/2019","M3",741.56]
[87368,"ARGAMASSA TRAÇO 1:1,5:7,5 (EM VOLUME DE CIMENTO, CAL E AREIA MÉDIA ÚMIDA) PARA EMBOÇO/MASSA ÚNICA/ASSENTAMENTO DE ALVENARIA DE VEDAÇÃO, PREPARO MANUAL. AF_08/2019","M3",715.01]
[87369,"ARGAMASSA TRAÇO 1:2:8 (EM VOLUME DE CIMENTO, CAL E AREIA MÉDIA ÚMIDA) PARA EMBOÇO/MASSA ÚNICA/ASSENTAMENTO DE ALVENARIA DE VEDAÇÃO, PREPARO MANUAL. AF_08/2019","M3",725.84]
[87370,"ARGAMASSA TRAÇO 1:2:9 (EM VOLUME DE CIMENTO, CAL E AREIA MÉDIA ÚMIDA) PARA EMBOÇO/MASSA ÚNICA/ASSENTAMENTO DE ALVENARIA DE VEDAÇÃO, PREPARO MANUAL. AF_08/2019","M3",699.74]
[87371,"ARGAMASSA TRAÇO 1:3:12 (EM VOLUME DE CIMENTO, CAL E AREIA MÉDIA ÚMIDA) PARA EMBOÇO/MASSA ÚNICA/ASSENTAMENTO DE ALVENARIA DE VEDAÇÃO, PREPARO MANUAL. AF_08/2019","M3",679.13]
[87372,"ARGAMASSA TRAÇO 1:3 (EM VOLUME DE CIMENTO E AREIA MÉDIA ÚMIDA) PARA CONTRAPISO, PREPARO MANUAL. AF_08/2019","M3",928.99]
[87373,"ARGAMASSA TRAÇO 1:4 (EM VOLUME DE CIMENTO E AREIA MÉDIA ÚMIDA) PARA CONTRAPISO, PREPARO MANUAL. AF_08/2019","M3",826.72]
[87374,"ARGAMASSA TRAÇO 1:5 (EM VOLUME DE CIMENTO E AREIA MÉDIA ÚMIDA) PARA CONTRAPISO, PREPARO MANUAL. AF_08/2019","M3",766.89]
[87375,"ARGAMASSA TRAÇO 1:6 (EM VOLUME DE CIMENTO E AREIA MÉDIA ÚMIDA) PARA CONTRAPISO, PREPARO MANUAL. AF_08/2019","M3",727.72]
[87376,"ARGAMASSA TRAÇO 1:5 (EM VOLUME DE CIMENTO E AREIA GROSSA ÚMIDA) PARA CHAPISCO CONVENCIONAL, PREPARO MANUAL. AF_08/2019","M3",626.91]
[87377,"ARGAMASSA TRAÇO 1:3 (EM VOLUME DE CIMENTO E AREIA GROSSA ÚMIDA) PARA CHAPISCO CONVENCIONAL, PREPARO MANUAL. AF_08/2019","M3",744.97]
[87378,"ARGAMASSA TRAÇO 1:4 (EM VOLUME DE CIMENTO E AREIA GROSSA ÚMIDA) PARA CHAPISCO CONVENCIONAL, PREPARO MANUAL. AF_08/2019","M3",669.59]
[87379,"ARGAMASSA TRAÇO 1:5 (EM VOLUME DE CIMENTO E AREIA GROSSA ÚMIDA) COM ADIÇÃO DE EMULSÃO POLIMÉRICA PARA CHAPISCO ROLADO, PREPARO MANUAL. AF_08/2019","M3",{"v":3276.81,"d":"3,276.81"}]
[87380,"ARGAMASSA TRAÇO 1:3 (EM VOLUME DE CIMENTO E AREIA GROSSA ÚMIDA) COM ADIÇÃO DE EMULSÃO POLIMÉRICA PARA CHAPISCO ROLADO, PREPARO MANUAL. AF_08/2019","M3",{"v":3385.33,"d":"3,385.33"}]
[87381,"ARGAMASSA TRAÇO 1:4 (EM VOLUME DE CIMENTO E AREIA GROSSA ÚMIDA) COM ADIÇÃO DE EMULSÃO POLIMÉRICA PARA CHAPISCO ROLADO, PREPARO MANUAL. AF_08/2019","M3",{"v":3315.36,"d":"3,315.36"}]
[87382,"ARGAMASSA INDUSTRIALIZADA MULTIUSO PARA REVESTIMENTOS E ASSENTAMENTO DA ALVENARIA, PREPARO COM MISTURADOR DE EIXO HORIZONTAL DE 160 KG. AF_08/2019","M3",{"v":2505.21,"d":"2,505.21"}]
[87383,"ARGAMASSA INDUSTRIALIZADA MULTIUSO PARA REVESTIMENTOS E ASSENTAMENTO DA ALVENARIA, PREPARO COM MISTURADOR DE EIXO HORIZONTAL DE 300 KG. AF_08/2019","M3",{"v":2510.49,"d":"2,510.49"}]
[87384,"ARGAMASSA INDUSTRIALIZADA MULTIUSO PARA REVESTIMENTOS E ASSENTAMENTO DA ALVENARIA, PREPARO COM MISTURADOR DE EIXO HORIZONTAL DE 600 KG. AF_08/2019","M3",{"v":2509.85,"d":"2,509.85"}]
[87385,"ARGAMASSA PRONTA PARA CONTRAPISO, PREPARO COM MISTURADOR DE EIXO HORIZONTAL DE 160 KG. AF_08/2019","M3",{"v":2907.62,"d":"2,907.62"}]
[87386,"ARGAMASSA PRONTA PARA CONTRAPISO, PREPARO COM MISTURADOR DE EIXO HORIZONTAL DE 300 KG. AF_08/2019","M3",{"v":2909.67,"d":"2,909.67"}]
[87387,"ARGAMASSA PRONTA PARA CONTRAPISO, PREPARO COM MISTURADOR DE EIXO HORIZONTAL DE 600 KG. AF_08/2019","M3",{"v":2912.99,"d":"2,912.99"}]
[87388,"ARGAMASSA PARA REVESTIMENTO DECORATIVO MONOCAMADA (MONOCAPA), PREPARO COM MISTURADOR DE EIXO HORIZONTAL DE 160 KG. AF_08/2019","M3",{"v":7045.7,"d":"7,045.70"}]
[87389,"ARGAMASSA PARA REVESTIMENTO DECORATIVO MONOCAMADA (MONOCAPA), PREPARO COM MISTURADOR DE EIXO HORIZONTAL DE 300 KG. AF_08/2019","M3",{"v":7083.94,"d":"7,083.94"}]
[87390,"ARGAMASSA PARA REVESTIMENTO DECORATIVO MONOCAMADA (MONOCAPA), PREPARO COM MISTURADOR DE EIXO HORIZONTAL DE 600 KG. AF_08/2019","M3",{"v":7129.87,"d":"7,129.87"}]
[87391,"ARGAMASSA INDUSTRIALIZADA PARA CHAPISCO ROLADO, PREPARO COM MISTURADOR DE EIXO HORIZONTAL DE 160 KG. AF_08/2019","M3",{"v":7826.94,"d":"7,826.94"}]
[87393,"ARGAMASSA INDUSTRIALIZADA PARA CHAPISCO ROLADO, PREPARO COM MISTURADOR DE EIXO HORIZONTAL DE 300 KG. AF_08/2019","M3",{"v":7908.67,"d":"7,908.67"}]
[87394,"ARGAMASSA INDUSTRIALIZADA PARA CHAPISCO ROLADO, PREPARO COM MISTURADOR DE EIXO HORIZONTAL DE 600 KG. AF_08/2019","M3",{"v":7989.29,"d":"7,989.29"}]
[87395,"ARGAMASSA INDUSTRIALIZADA PARA CHAPISCO COLANTE, PREPARO COM MISTURADOR DE EIXO HORIZONTAL DE 160 KG. AF_08/2019","M3",{"v":4914.03,"d":"4,914.03"}]
[87396,"ARGAMASSA INDUSTRIALIZADA PARA CHAPISCO COLANTE, PREPARO COM MISTURADOR DE EIXO HORIZONTAL DE 300 KG. AF_08/2019","M3",{"v":4956.64,"d":"4,956.64"}]
[87397,"ARGAMASSA INDUSTRIALIZADA PARA CHAPISCO COLANTE, PREPARO COM MISTURADOR DE EIXO HORIZONTAL DE 600 KG. AF_08/2019","M3",{"v":4999.88,"d":"4,999.88"}]
[87398,"ARGAMASSA INDUSTRIALIZADA MULTIUSO PARA REVESTIMENTOS E ASSENTAMENTO DA ALVENARIA, PREPARO MANUAL. AF_08/2019","M3",{"v":2731.72,"d":"2,731.72"}]
[87399,"ARGAMASSA PRONTA PARA CONTRAPISO, PREPARO MANUAL. AF_08/2019","M3",{"v":3139.32,"d":"3,139.32"}]
[87401,"ARGAMASSA INDUSTRIALIZADA PARA CHAPISCO ROLADO, PREPARO MANUAL. AF_08/2019","M3",{"v":8180.94,"d":"8,180.94"}]
[87402,"ARGAMASSA INDUSTRIALIZADA PARA CHAPISCO COLANTE, PREPARO MANUAL. AF_08/2019","M3",{"v":5208.39,"d":"5,208.39"}]
[87404,"ARGAMASSA PARA REVESTIMENTO DECORATIVO MONOCAMADA (MONOCAPA), MISTURA E PROJEÇÃO DE 1,5 M3/H DE ARGAMASSA. AF_08/2019","M3",{"v":7292.74,"d":"7,292.74"}]
[87405,"ARGAMASSA PARA REVESTIMENTO DECORATIVO MONOCAMADA (MONOCAPA), MISTURA E PROJEÇÃO DE 2 M3/H DE ARGAMASSA. AF_08/2019","M3",{"v":7326.77,"d":"7,326.77"}]
[87407,"ARGAMASSA INDUSTRIALIZADA PARA REVESTIMENTOS, MISTURA E PROJEÇÃO DE 1,5 M³/H DE ARGAMASSA. AF_08/2019","M3",{"v":2551.27,"d":"2,551.27"}]
[87408,"ARGAMASSA INDUSTRIALIZADA PARA REVESTIMENTOS, MISTURA E PROJEÇÃO DE 2 M³/H DE ARGAMASSA. AF_08/2019","M3",{"v":2545.37,"d":"2,545.37"}]
[87410,"ARGAMASSA À BASE DE GESSO, MISTURA E PROJEÇÃO DE 1,5 M³/H DE ARGAMASSA. AF_08/2019","M3",983.95]
[88626,"ARGAMASSA TRAÇO 1:0,5:4,5 (EM VOLUME DE CIMENTO, CAL E AREIA MÉDIA ÚMIDA), PREPARO MECÂNICO COM BETONEIRA 400 L. AF_08/2019","M3",620.82]
[88627,"ARGAMASSA TRAÇO 1:0,5:4,5 (EM VOLUME DE CIMENTO, CAL E AREIA MÉDIA ÚMIDA) PARA ASSENTAMENTO DE ALVENARIA, PREPARO MANUAL. AF_08/2019","M3",720.01]
[88628,"ARGAMASSA TRAÇO 1:3 (EM VOLUME DE CIMENTO E AREIA MÉDIA ÚMIDA), PREPARO MECÂNICO COM BETONEIRA 400 L. AF_08/2019","M3",663.62]
[88629,"ARGAMASSA TRAÇO 1:3 (EM VOLUME DE CIMENTO E AREIA MÉDIA ÚMIDA), PREPARO MANUAL. AF_08/2019","M3",767.22]
[88630,"ARGAMASSA TRAÇO 1:4 (CIMENTO E AREIA MÉDIA), PREPARO MECÂNICO COM BETONEIRA 400 L. AF_08/2019","M3",562.24]
[88631,"ARGAMASSA TRAÇO 1:4 (EM VOLUME DE CIMENTO E AREIA MÉDIA ÚMIDA), PREPARO MANUAL. AF_08/2019","M3",684.11]
[88715,"ARGAMASSA TRAÇO 1:2:9 (EM VOLUME DE CIMENTO, CAL E AREIA MÉDIA ÚMIDA) PARA EMBOÇO/MASSA ÚNICA/ASSENTAMENTO DE ALVENARIA DE VEDAÇÃO, PREPARO MECÂNICO COM BETONEIRA 400 L. AF_08/2019","M3",568.73]
[100464,"ARGAMASSA TRAÇO 1:0,5:4,5  (EM VOLUME DE CIMENTO, CAL E AREIA MÉDIA ÚMIDA), PREPARO MECÂNICO COM MISTURADOR DE EIXO HORIZONTAL DE 160 KG. AF_08/2019","M3",641.16]
[100465,"ARGAMASSA TRAÇO 1:0,5:4,5  (EM VOLUME DE CIMENTO, CAL E AREIA MÉDIA ÚMIDA), PREPARO MECÂNICO COM MISTURADOR DE EIXO HORIZONTAL DE 300 KG. AF_08/2019","M3",607.84]
[100466,"ARGAMASSA TRAÇO 1:0,5:4,5  (EM VOLUME DE CIMENTO, CAL E AREIA MÉDIA ÚMIDA), PREPARO MECÂNICO COM MISTURADOR DE EIXO HORIZONTAL DE 600 KG. AF_08/2019","M3",592.14]
[100468,"ARGAMASSA TRAÇO 1:3 (EM VOLUME DE CIMENTO E AREIA MÉDIA ÚMIDA), PREPARO MECÂNICO COM MISTURADOR DE EIXO HORIZONTAL DE 160 KG. AF_08/2019","M3",772.12]
[100469,"ARGAMASSA TRAÇO 1:3 (EM VOLUME DE CIMENTO E AREIA MÉDIA ÚMIDA), PREPARO MECÂNICO COM MISTURADOR DE EIXO HORIZONTAL DE 300 KG. AF_08/2019","M3",652.26]
[100470,"ARGAMASSA TRAÇO 1:3 (EM VOLUME DE CIMENTO E AREIA MÉDIA ÚMIDA), PREPARO MECÂNICO COM MISTURADOR DE EIXO HORIZONTAL DE 600 KG. AF_08/2019","M3",587.96]
[100472,"ARGAMASSA TRAÇO 1:4 (EM VOLUME DE CIMENTO E AREIA MÉDIA ÚMIDA), PREPARO MECÂNICO COM MISTURADOR DE EIXO HORIZONTAL DE 160 KG. AF_08/2019","M3",624.48]
[100473,"ARGAMASSA TRAÇO 1:4 (EM VOLUME DE CIMENTO E AREIA MÉDIA ÚMIDA), PREPARO MECÂNICO COM MISTURADOR DE EIXO HORIZONTAL DE 300 KG. AF_08/2019","M3",581.59]
[100474,"ARGAMASSA TRAÇO 1:4 (EM VOLUME DE CIMENTO E AREIA MÉDIA ÚMIDA), PREPARO MECÂNICO COM MISTURADOR DE EIXO HORIZONTAL DE 600 KG. AF_08/2019","M3",564.32]
[100475,"ARGAMASSA TRAÇO 1:3 (EM VOLUME DE CIMENTO E AREIA MÉDIA ÚMIDA) COM ADIÇÃO DE IMPERMEABILIZANTE, PREPARO MECÂNICO COM BETONEIRA 400 L. AF_08/2019","M3",821.36]
[100477,"ARGAMASSA TRAÇO 1:3 (EM VOLUME DE CIMENTO E AREIA MÉDIA ÚMIDA) COM ADIÇÃO DE IMPERMEABILIZANTE, PREPARO MECÂNICO COM MISTURADOR DE EIXO HORIZONTAL DE 160 KG. AF_08/2019","M3",871.58]
[100478,"ARGAMASSA TRAÇO 1:3 (EM VOLUME DE CIMENTO E AREIA MÉDIA ÚMIDA) COM ADIÇÃO DE IMPERMEABILIZANTE, PREPARO MECÂNICO COM MISTURADOR DE EIXO HORIZONTAL DE 300 KG. AF_08/2019","M3",806.12]
[100479,"ARGAMASSA TRAÇO 1:3 (EM VOLUME DE CIMENTO E AREIA MÉDIA ÚMIDA) COM ADIÇÃO DE IMPERMEABILIZANTE, PREPARO MECÂNICO COM MISTURADOR DE EIXO HORIZONTAL DE 600 KG. AF_08/2019","M3",793.3]
[100480,"ARGAMASSA TRAÇO 1:3 (EM VOLUME DE CIMENTO E AREIA MÉDIA ÚMIDA) COM ADIÇÃO DE IMPERMEABILIZANTE, PREPARO MANUAL. AF_08/2019","M3",923.99]
[100481,"ARGAMASSA TRAÇO 1:4 (EM VOLUME DE CIMENTO E AREIA MÉDIA ÚMIDA) COM ADIÇÃO DE IMPERMEABILIZANTE, PREPARO MECÂNICO COM BETONEIRA 400 L. AF_08/2019","M3",708.1]
[100483,"ARGAMASSA TRAÇO 1:4 (EM VOLUME DE CIMENTO E AREIA MÉDIA ÚMIDA) COM ADIÇÃO DE IMPERMEABILIZANTE, PREPARO MECÂNICO COM MISTURADOR DE EIXO HORIZONTAL DE 160 KG. AF_08/2019","M3",745.71]
[100484,"ARGAMASSA TRAÇO 1:4 (EM VOLUME DE CIMENTO E AREIA MÉDIA ÚMIDA) COM ADIÇÃO DE IMPERMEABILIZANTE, PREPARO MECÂNICO COM MISTURADOR DE EIXO HORIZONTAL DE 300 KG. AF_08/2019","M3",704.01]
[100485,"ARGAMASSA TRAÇO 1:4 (EM VOLUME DE CIMENTO E AREIA MÉDIA ÚMIDA) COM ADIÇÃO DE IMPERMEABILIZANTE, PREPARO MECÂNICO COM MISTURADOR DE EIXO HORIZONTAL DE 600 KG. AF_08/2019","M3",689]
[100486,"ARGAMASSA TRAÇO 1:4 (EM VOLUME DE CIMENTO E AREIA MÉDIA ÚMIDA) COM ADIÇÃO DE IMPERMEABILIZANTE, PREPARO MANUAL. AF_08/2019","M3",816.73]
[100487,"ARGAMASSA TRAÇO 1:2:9 (EM VOLUME DE CIMENTO, CAL E AREIA MÉDIA ÚMIDA) PARA EMBOÇO/MASSA ÚNICA/ASSENTAMENTO DE ALVENARIA DE VEDAÇÃO, PREPARO MECÂNICO COM MISTURADOR DE EIXO HORIZONTAL DE 600 KG. AF_08/2019","M3",545.4]
[100488,"ARGAMASSA TRAÇO 1:0,5:4,5 (EM VOLUME DE CIMENTO, CAL E AREIA MÉDIA ÚMIDA), PREPARO MECÂNICO COM BETONEIRA 600 L. AF_08/2019","M3",615.39]
[100489,"ARGAMASSA TRAÇO 1:3 (EM VOLUME DE CIMENTO E AREIA MÉDIA ÚMIDA), PREPARO MECÂNICO COM BETONEIRA 600 L. AF_08/2019","M3",663.54]
[100490,"ARGAMASSA TRAÇO 1:4 (EM VOLUME DE CIMENTO E AREIA MÉDIA ÚMIDA), PREPARO MECÂNICO COM BETONEIRA 600 L. AF_08/2019","M3",583.36]
[100491,"ARGAMASSA TRAÇO 1:3 (EM VOLUME DE CIMENTO E AREIA MÉDIA ÚMIDA) COM ADIÇÃO DE IMPERMEABILIZANTE, PREPARO MECÂNICO COM BETONEIRA 600 L. AF_08/2019","M3",822.5]
[100492,"ARGAMASSA TRAÇO 1:4 (EM VOLUME DE CIMENTO E AREIA MÉDIA ÚMIDA) COM ADIÇÃO DE IMPERMEABILIZANTE, PREPARO MECÂNICO COM BETONEIRA 600 L. AF_08/2019","M3",709.94]
[105515,"ARGAMASSA TRAÇO 1:1,93 (EM VOLUME DE CIMENTO E AREIA MÉDIA ÚMIDA), FCK 20MPA, PREPARO MECÂNICO COM MISTURADOR DUPLO HORIZONTAL DE ALTA TURBULÊNCIA. AF_03/2020","M3",955.56]
[92121,"PENEIRAMENTO DE AREIA COM PENEIRA ELÉTRICA. AF_11/2015","M3",29.59]
[92122,"PENEIRAMENTO DE AREIA COM PENEIRA MANUAL. AF_11/2015","M3",48.72]
[92123,"ENSACAMENTO DE AREIA. AF_11/2015","M3",51.81]
[100195,"TRANSPORTE HORIZONTAL MANUAL, DE SACOS DE 50 KG (UNIDADE: KGXKM). AF_07/2019","KGXKM",0.74]
[100196,"TRANSPORTE HORIZONTAL MANUAL, DE SACOS DE 30 KG (UNIDADE: KGXKM). AF_07/2019","KGXKM",1.24]
[100197,"TRANSPORTE HORIZONTAL MANUAL, DE SACOS DE 20 KG (UNIDADE: KGXKM). AF_07/2019","KGXKM",1.86]
[100198,"TRANSPORTE HORIZONTAL COM CARRINHO PLATAFORMA, DE SACOS DE 50 KG (UNIDADE: KGXKM). AF_07/2019","KGXKM",0.26]
[100199,"TRANSPORTE HORIZONTAL COM CARRINHO PLATAFORMA, DE SACOS DE 30 KG (UNIDADE: KGXKM). AF_07/2019","KGXKM",0.31]
[100200,"TRANSPORTE HORIZONTAL COM CARRINHO PLATAFORMA, DE SACOS DE 20 KG (UNIDADE: KGXKM). AF_07/2019","KGXKM",0.38]
[100201,"TRANSPORTE HORIZONTAL COM CARRINHO DE MÃO, DE SACOS DE 50 KG (UNIDADE: KGXKM). AF_07/2019","KGXKM",0.75]
[100202,"TRANSPORTE HORIZONTAL COM CARRINHO DE MÃO, DE SACOS DE 30 KG (UNIDADE: KGXKM). AF_07/2019","KGXKM",0.88]
[100203,"TRANSPORTE HORIZONTAL COM CARRINHO DE MÃO, DE SACOS DE 20 KG (UNIDADE: KGXKM). AF_07/2019","KGXKM",1.04]
[100204,"TRANSPORTE HORIZONTAL COM MANIPULADOR TELESCÓPICO, DE PÁLETE DE SACOS (UNIDADE: KGXKM). AF_07/2019","KGXKM",0.11]
[100205,"TRANSPORTE HORIZONTAL COM JERICA DE 60 L, DE MASSA/ GRANEL (UNIDADE: M3XKM). AF_07/2019","M3XKM",{"v":1387.98,"d":"1,387.98"}]
[100206,"TRANSPORTE HORIZONTAL COM JERICA DE 90 L, DE MASSA/ GRANEL (UNIDADE: M3XKM). AF_07/2019","M3XKM",{"v":1003.27,"d":"1,003.27"}]
[100207,"TRANSPORTE HORIZONTAL COM CARREGADEIRA, DE MASSA/ GRANEL (UNIDADE: M3XKM). AF_07/2019","M3XKM",484.83]
[100208,"TRANSPORTE HORIZONTAL MANUAL, DE BLOCOS VAZADOS DE CONCRETO OU CERÂMICO DE 19X19X39CM (UNIDADE: BLOCOXKM). AF_07/2019","UNXKM",18.36]
[100209,"TRANSPORTE HORIZONTAL MANUAL, DE BLOCOS CERÂMICOS FURADOS NA HORIZONTAL DE 9X19X19CM (UNIDADE: BLOCOXKM). AF_07/2019","UNXKM",9.18]
[100210,"TRANSPORTE HORIZONTAL COM CARRINHO DE MÃO, DE BLOCOS VAZADOS DE CONCRETO OU CERÂMICO DE 19X19X39CM (UNIDADE: BLOCOXKM). AF_07/2019","UNXKM",16.91]
[100211,"TRANSPORTE HORIZONTAL COM CARRINHO DE MÃO, DE BLOCOS CERÂMICOS FURADOS NA HORIZONTAL DE 9X19X19CM (UNIDADE: BLOCOXKM). AF_07/2019","UNXKM",6.52]
[100212,"TRANSPORTE HORIZONTAL COM CARRINHO PLATAFORMA, DE BLOCOS VAZADOS DE CONCRETO OU CERÂMICO DE 19X19X39CM (UNIDADE: BLOCOXKM). AF_07/2019","UNXKM",7.2]
[100213,"TRANSPORTE HORIZONTAL COM CARRINHO PLATAFORMA, DE BLOCOS CERÂMICOS FURADOS NA HORIZONTAL DE 9X19X19CM (UNIDADE: BLOCOXKM). AF_07/2019","UNXKM",2.59]
[100214,"TRANSPORTE HORIZONTAL COM CARRINHO MINI PÁLETES, DE BLOCOS VAZADOS DE CONCRETO DE 19X19X39CM (UNIDADE: BLOCOXKM). AF_07/2019","UNXKM",3.97]
[100215,"TRANSPORTE HORIZONTAL COM CARRINHO MINI PÁLETES, DE BLOCOS CERÂMICOS FURADOS NA VERTICAL DE 19X19X39CM (UNIDADE: BLOCOXKM). AF_07/2019","UNXKM",3.4]
[100216,"TRANSPORTE HORIZONTAL COM CARRINHO MINI PÁLETES, DE BLOCOS CERÂMICOS FURADOS NA HORIZONTAL DE 9X19X19CM (UNIDADE: BLOCOXKM). AF_07/2019","UNXKM",0.91]
[100217,"TRANSPORTE HORIZONTAL COM MANIPULADOR TELESCÓPICO, DE BLOCOS VAZADOS DE CONCRETO DE 19X19X39CM (UNIDADE: BLOCOXKM). AF_07/2019","UNXKM",3.26]
[100218,"TRANSPORTE HORIZONTAL COM MANIPULADOR TELESCÓPICO, DE BLOCOS CERÂMICOS FURADOS NA VERTICAL DE 19X19X39CM (UNIDADE: BLOCOXKM). AF_07/2019","UNXKM",2.23]
[100219,"TRANSPORTE HORIZONTAL COM MANIPULADOR TELESCÓPICO, DE BLOCOS CERÂMICOS FURADOS NA HORIZONTAL DE 9X19X19CM (UNIDADE: BLOCOXKM). AF_07/2019","UNXKM",0.49]
[100220,"TRANSPORTE HORIZONTAL MANUAL, DE CAIXA COM REVESTIMENTO CERÂMICO (UNIDADE: M2XKM). AF_07/2019","M2XKM",26.37]
[100221,"TRANSPORTE HORIZONTAL COM CARRINHO DE MÃO, DE CAIXA COM REVESTIMENTO CERÂMICO (UNIDADE: M2XKM). AF_07/2019","M2XKM",29.9]
[100222,"TRANSPORTE HORIZONTAL COM CARRINHO PLATAFORMA, DE CAIXA COM REVESTIMENTO CERÂMICO (UNIDADE: M2XKM). AF_07/2019","M2XKM",11.32]
[100223,"TRANSPORTE HORIZONTAL COM CARRINHO MINI PÁLETES, DE CAIXA COM REVESTIMENTO CERÂMICO (UNIDADE: M2XKM). AF_07/2019","M2XKM",5.3]
[100224,"TRANSPORTE HORIZONTAL COM MANIPULADOR TELESCÓPICO, DE CAIXA COM REVESTIMENTO CERÂMICO (UNIDADE: M2XKM). AF_07/2019","M2XKM",3.26]
[100225,"TRANSPORTE HORIZONTAL MANUAL, DE LATA DE 18 LITROS (UNIDADE: LXKM). AF_07/2019","LXKM",2.07]
[100226,"TRANSPORTE HORIZONTAL COM CARRINHO PLATAFORMA, DE LATA DE 18 LITROS (UNIDADE: LXKM). AF_07/2019","LXKM",0.65]
[100227,"TRANSPORTE HORIZONTAL COM CARRINHO RACIONAL, DE LATA DE 18 LITROS (UNIDADE: LXKM). AF_07/2019","LXKM",0.96]
[100228,"TRANSPORTE HORIZONTAL COM MANIPULADOR TELESCÓPICO, DE LATA DE 18 LITROS (UNIDADE: LXKM). AF_07/2019","LXKM",0.32]
[100229,"TRANSPORTE VERTICAL MANUAL, 1 PAVIMENTO, DE SACOS DE 50 KG (UNIDADE: KG). AF_07/2019","KG",0.01]
[100230,"TRANSPORTE VERTICAL MANUAL, 1 PAVIMENTO, DE SACOS DE 30 KG (UNIDADE: KG). AF_07/2019","KG",0.02]
[100231,"TRANSPORTE VERTICAL MANUAL, 1 PAVIMENTO, DE SACOS DE 20 KG (UNIDADE: KG). AF_07/2019","KG",0.03]
[100232,"TRANSPORTE VERTICAL MANUAL, 1 PAVIMENTO, DE BLOCOS VAZADOS DE CONCRETO OU CERÂMICO DE 19X19X39CM (UNIDADE: BLOCO). AF_07/2019","UN",0.34]
[100233,"TRANSPORTE VERTICAL MANUAL, 1 PAVIMENTO, DE BLOCOS CERÂMICOS FURADOS NA HORIZONTAL DE 9X19X19CM (UNIDADE: BLOCO). AF_07/2019","UN",0.17]
[100234,"TRANSPORTE VERTICAL MANUAL, 1 PAVIMENTO, DE CAIXA COM REVESTIMENTO CERÂMICO (UNIDADE: M2). AF_07/2019","M2",0.52]
[100235,"TRANSPORTE VERTICAL MANUAL, 1 PAVIMENTO, DE LATA DE 18 LITROS (UNIDADE: L). AF_07/2019","L",0.04]
[100236,"TRANSPORTE HORIZONTAL MANUAL, DE TUBO DE PVC SOLDÁVEL COM DIÂMETRO MENOR OU IGUAL A 60 MM (UNIDADE: MXKM). AF_07/2019","MXKM",2.63]
[100237,"TRANSPORTE HORIZONTAL MANUAL, DE TUBO DE PVC SOLDÁVEL COM DIÂMETRO MAIOR QUE 60 MM E MENOR OU IGUAL A 85 MM (UNIDADE: MXKM). AF_07/2019","MXKM",3.15]
[100238,"TRANSPORTE HORIZONTAL MANUAL, DE TUBO DE CPVC COM DIÂMETRO MENOR OU IGUAL A 73 MM (UNIDADE: MXKM). AF_07/2019","MXKM",5.04]
[100239,"TRANSPORTE HORIZONTAL MANUAL, DE TUBO DE CPVC COM DIÂMETRO MAIOR QUE 73 MM E MENOR OU IGUAL A 89 MM (UNIDADE: MXKM). AF_07/2019","MXKM",6.31]
[100240,"TRANSPORTE HORIZONTAL MANUAL, DE TUBO DE PPR - PN12 OU PN25 - COM DIÂMETRO MENOR OU IGUAL A 50 MM (UNIDADE: MXKM). AF_07/2019","MXKM",3.78]
[100241,"TRANSPORTE HORIZONTAL MANUAL, DE TUBO DE PPR - PN12 OU PN25 - COM DIÂMETRO MAIOR QUE 50 MM E MENOR OU IGUAL A 75 MM (UNIDADE: MXKM). AF_07/2019","MXKM",6.31]
[100242,"TRANSPORTE HORIZONTAL MANUAL, DE TUBO DE PPR - PN12 OU PN25 - COM DIÂMETRO MAIOR QUE 75 MM E MENOR OU IGUAL A 110 MM (UNIDADE: MXKM). AF_07/2019","MXKM",18.64]
[100243,"TRANSPORTE HORIZONTAL MANUAL, DE TUBO DE COBRE - CLASSE E - COM DIÂMETRO MENOR OU IGUAL A 54 MM (UNIDADE: MXKM). AF_07/2019","MXKM",3.02]
[100244,"TRANSPORTE HORIZONTAL MANUAL, DE TUBO DE COBRE - CLASSE E - COM DIÂMETRO MAIOR QUE 54 MM E MENOR OU IGUAL A 79 MM (UNIDADE: MXKM). AF_07/2019","MXKM",3.78]
[100245,"TRANSPORTE HORIZONTAL MANUAL, DE TUBO DE COBRE - CLASSE E - COM DIÂMETRO MAIOR QUE 79 MM E MENOR OU IGUAL A 104 MM (UNIDADE: MXKM). AF_07/2019","MXKM",7.57]
[100246,"TRANSPORTE HORIZONTAL MANUAL, DE TUBO DE PVC SÉRIE NORMAL - ESGOTO PREDIAL, OU REFORÇADO PARA ESGOTO OU ÁGUAS PLUVIAIS PREDIAL, COM DIÂMETRO MENOR OU IGUAL A 75 MM (UNIDADE: MXKM). AF_07/2019","MXKM",2.52]
[100247,"TRANSPORTE HORIZONTAL MANUAL, DE TUBO DE PVC SÉRIE NORMAL - ESGOTO PREDIAL, OU REFORÇADO PARA ESGOTO OU ÁGUAS PLUVIAIS PREDIAL, COM DIÂMETRO MAIOR QUE 75 MM E MENOR OU IGUAL A 100 MM (UNIDADE: MXKM). AF_07/2019","MXKM",3.15]
[100248,"TRANSPORTE HORIZONTAL MANUAL, DE TUBO DE PVC SÉRIE NORMAL - ESGOTO PREDIAL, OU REFORÇADO PARA ESGOTO OU ÁGUAS PLUVIAIS PREDIAL, COM DIÂMETRO MAIOR QUE 100 MM E MENOR OU IGUAL A 150 MM (UNIDADE: MXKM). AF_07/2019","MXKM",12.43]
[100249,"TRANSPORTE HORIZONTAL MANUAL, DE TUBO DE AÇO CARBONO LEVE OU MÉDIO, PRETO OU GALVANIZADO, COM DIÂMETRO MENOR OU IGUAL A 20 MM (UNIDADE: MXKM). AF_07/2019","MXKM",2.52]
[100250,"TRANSPORTE HORIZONTAL MANUAL, DE TUBO DE AÇO CARBONO LEVE OU MÉDIO, PRETO OU GALVANIZADO, COM DIÂMETRO MAIOR QUE 20 MM E MENOR OU IGUAL A 32 MM (UNIDADE: MXKM). AF_07/2019","MXKM",4.2]
[100251,"TRANSPORTE HORIZONTAL MANUAL, DE TUBO DE AÇO CARBONO LEVE OU MÉDIO, PRETO OU GALVANIZADO, COM DIÂMETRO MAIOR QUE 32 MM E MENOR OU IGUAL A 65 MM (UNIDADE: MXKM). AF_07/2019","MXKM",12.43]
[100252,"TRANSPORTE HORIZONTAL MANUAL, DE TUBO DE AÇO CARBONO LEVE OU MÉDIO, PRETO OU GALVANIZADO, COM DIÂMETRO MAIOR QUE 65 MM E MENOR OU IGUAL A 90 MM (UNIDADE: MXKM). AF_07/2019","MXKM",18.64]
[100253,"TRANSPORTE HORIZONTAL MANUAL, DE TUBO DE AÇO CARBONO LEVE OU MÉDIO, PRETO OU GALVANIZADO, COM DIÂMETRO MAIOR QUE 90 MM E MENOR OU IGUAL A 125 MM (UNIDADE: MXKM). AF_07/2019","MXKM",24.86]
[100254,"TRANSPORTE HORIZONTAL MANUAL, DE TUBO DE AÇO CARBONO LEVE OU MÉDIO, PRETO OU GALVANIZADO, COM DIÂMETRO MAIOR QUE 125 MM E MENOR OU IGUAL A 150 MM (UNIDADE: MXKM). AF_07/2019","MXKM",37.29]
[100255,"TRANSPORTE HORIZONTAL MANUAL, DE TÁBUAS DE MADEIRA COM SEÇÃO TRANSVERSAL DE 2,5 X 25 CM E 2,5 X 30 CM (UNIDADE: MXKM). AF_07/2019","MXKM",12.62]
[100256,"TRANSPORTE HORIZONTAL MANUAL, DE CAIBROS DE MADEIRA COM SEÇÃO TRANSVERSAL DE 7,5 X 6 CM E 6 X 8 CM (UNIDADE: MXKM). AF_07/2019","MXKM",8.41]
[100257,"TRANSPORTE HORIZONTAL MANUAL, DE RIPAS DE MADEIRA COM SEÇÃO TRANSVERSAL DE 1 X 5 CM E 2 X 5 CM (UNIDADE: MXKM). AF_07/2019","MXKM",5.04]
[100258,"TRANSPORTE HORIZONTAL MANUAL, DE VIGAS DE MADEIRA COM SEÇÃO TRANSVERSAL DE 5 X 12 CM (UNIDADE: MXKM). AF_07/2019","MXKM",12.62]
[100259,"TRANSPORTE HORIZONTAL MANUAL, DE VIGAS DE MADEIRA COM SEÇÃO TRANSVERSAL DE 6 X 16 CM (UNIDADE: MXKM). AF_07/2019","MXKM",24.86]
[100260,"TRANSPORTE HORIZONTAL MANUAL, DE VERGALHÕES DE AÇO COM DIÂMETRO DE 5 MM (UNIDADE: KGXKM). AF_07/2019","KGXKM",8.19]
[100261,"TRANSPORTE HORIZONTAL MANUAL, DE VERGALHÕES DE AÇO COM DIÂMETRO DE 6,3 MM (UNIDADE: KGXKM). AF_07/2019","KGXKM",5.15]
[100262,"TRANSPORTE HORIZONTAL MANUAL, DE VERGALHÕES DE AÇO COM DIÂMETRO DE 8 MM (UNIDADE: KGXKM). AF_07/2019","KGXKM",3.19]
[100263,"TRANSPORTE HORIZONTAL MANUAL, DE VERGALHÕES DE AÇO COM DIÂMETRO DE 10 MM; 12,5 MM; 16 MM; 20 MM; 25 MM OU 32 MM (UNIDADE: KGXKM). AF_07/2019","KGXKM",2.04]
[100264,"TRANSPORTE HORIZONTAL MANUAL, DE JANELA (UNIDADE: M2XKM). AF_07/2019","M2XKM",37.23]
[100265,"TRANSPORTE VERTICAL MANUAL, 1 PAVIMENTO, DE JANELA (UNIDADE: M2). AF_07/2019","M2",0.78]
[100266,"TRANSPORTE HORIZONTAL MANUAL, DE PORTA (UNIDADE: UNIDXKM). AF_07/2019","UNXKM",79.13]
[100267,"TRANSPORTE VERTICAL MANUAL, 1 PAVIMENTO, DE PORTA (UNIDADE: UNID). AF_07/2019","UN",1.56]
[100268,"TRANSPORTE HORIZONTAL MANUAL, DE BANCADA DE MÁRMORE OU GRANITO PARA COZINHA/LAVATÓRIO OU MÁRMORE SINTÉTICO COM CUBA INTEGRADA (UNIDADE: UNIDXKM). AF_07/2019","UNXKM",79.13]
[100269,"TRANSPORTE VERTICAL, BANCADA DE MÁRMORE OU GRANITO PARA COZINHA/LAVATÓRIO OU MÁRMORE SINTÉTICO COM CUBA INTEGRADA, MANUAL, 1 PAVIMENTO, (UNIDADE: UNID). AF_07/2019","UN",1.56]
[100270,"TRANSPORTE HORIZONTAL COM CARRINHO PLATAFORMA, DE BANCADA DE MÁRMORE OU GRANITO PARA COZINHA/LAVATÓRIO OU MÁRMORE SINTÉTICO COM CUBA INTEGRADA (UNIDADE: UNIDXKM). AF_07/2019","UNXKM",59.32]
[100271,"TRANSPORTE HORIZONTAL MANUAL, DE VIDRO (UNIDADE: M2XKM). AF_07/2019","M2XKM",59.35]
[100272,"TRANSPORTE VERTICAL MANUAL, 1 PAVIMENTO, DE VIDRO (UNIDADE: M2). AF_07/2019","M2",1.17]
[100273,"TRANSPORTE HORIZONTAL MANUAL, DE TELA DE AÇO (UNIDADE: KGXKM). AF_07/2019","KGXKM",3.09]
[100274,"TRANSPORTE HORIZONTAL MANUAL, DE COMPENSADO DE MADEIRA (UNIDADE: M2XKM). AF_07/2019","M2XKM",26.39]
[100275,"TRANSPORTE HORIZONTAL MANUAL, DE TELHA TERMOACÚSTICA OU TELHA DE AÇO ZINCADO (UNIDADE: M2XKM). AF_07/2019","M2XKM",17.06]
[100276,"TRANSPORTE HORIZONTAL MANUAL, DE TELHA DE FIBROCIMENTO OU TELHA ESTRUTURAL DE FIBROCIMENTO, CANALETE 90 OU KALHETÃO (UNIDADE: M2XKM). AF_07/2019","M2XKM",31.14]
[100277,"TRANSPORTE HORIZONTAL COM MANIPULADOR TELESCÓPICO, DE TELHAS TERMOACÚSTICAS, FIBROCIMENTO, AÇO ZINCADO, FIBROCIMENTO ESTRUTURAL, CANALETE 90 OU KALHETÃO (UNIDADE: M2XKM). AF_07/2019","M2XKM",2.08]
[100278,"TRANSPORTE HORIZONTAL MANUAL, DE BACIA SANITÁRIA, CAIXA ACOPLADA, TANQUE OU PIA (UNIDADE: UNIDXKM). AF_07/2019","UNXKM",37.86]
[100279,"TRANSPORTE VERTICAL MANUAL, 1 PAVIMENTO, DE BACIA SANITÁRIA, CAIXA ACOPLADA, TANQUE OU PIA (UNIDADE: UNID). AF_07/2019","UN",0.73]
[100280,"TRANSPORTE HORIZONTAL COM CARRINHO PLATAFORMA, DE BACIA SANITÁRIA, CAIXA ACOPLADA, TANQUE OU PIA (UNIDADE: UNIDXKM). AF_07/2019","UNXKM",17.38]
[100281,"TRANSPORTE HORIZONTAL COM MANIPULADOR TELESCÓPICO, DE BACIA SANITÁRIA, CAIXA ACOPLADA, TANQUE OU PIA (UNIDADE: UNIDXKM). AF_07/2019","UNXKM",3.99]
[100282,"TRANSPORTE HORIZONTAL MANUAL, DE TELHA DE CONCRETO OU CERÂMICA (UNIDADE: M2XKM). AF_07/2019","M2XKM",148.26]
[100283,"TRANSPORTE HORIZONTAL COM CARRINHO PLATAFORMA, DE TELHA DE CONCRETO OU CERÂMICA (UNIDADE: M2XKM). AF_07/2019","M2XKM",23.95]
[100284,"TRANSPORTE HORIZONTAL COM MANIPULADOR TELESCÓPICO, DE TELHA DE CONCRETO OU CERÂMICA (UNIDADE: M2XKM). AF_07/2019","M2XKM",11.68]
[100285,"TRANSPORTE HORIZONTAL MANUAL, DE BARRAMENTO BLINDADO (UNIDADE: MXKM). AF_07/2019","MXKM",39.83]
[100286,"TRANSPORTE HORIZONTAL COM CARRINHO PLATAFORMA, DE BARRAMENTO BLINDADO (UNIDADE: MXKM). AF_07/2019","MXKM",12.98]
[100287,"TRANSPORTE HORIZONTAL MANUAL, DE CALHA QUADRADA NÚMERO 24 - CORTE 33 (UNIDADE: MXKM). AF_07/2019","MXKM",12.43]
[99802,"LIMPEZA DE PISO CERÂMICO OU PORCELANATO COM VASSOURA A SECO. AF_04/2019","M2",0.5]
[99803,"LIMPEZA DE PISO CERÂMICO OU PORCELANATO COM PANO ÚMIDO. AF_04/2019","M2",1.97]
[99804,"LIMPEZA DE PISO CERÂMICO OU PORCELANATO UTILIZANDO DETERGENTE NEUTRO E ESCOVAÇÃO MANUAL. AF_04/2019","M2",5.1]
[99805,"LIMPEZA DE PISO CERÂMICO OU COM PEDRAS RÚSTICAS UTILIZANDO ÁCIDO MURIÁTICO. AF_04/2019","M2",10.69]
[99806,"LIMPEZA DE REVESTIMENTO CERÂMICO EM PAREDE COM PANO ÚMIDO AF_04/2019","M2",0.81]
[99807,"LIMPEZA DE REVESTIMENTO CERÂMICO EM PAREDE UTILIZANDO DETERGENTE NEUTRO E ESCOVAÇÃO MANUAL. AF_04/2019","M2",1.55]
[99808,"LIMPEZA DE REVESTIMENTO CERÂMICO EM PAREDE UTILIZANDO ÁCIDO MURIÁTICO. AF_04/2019","M2",3.78]
[99809,"LIMPEZA DE PISO DE LADRILHO HIDRÁULICO COM PANO ÚMIDO. AF_04/2019","M2",5.6]
[99810,"LIMPEZA DE PISO DE MÁRMORE/GRANITO UTILIZANDO DETERGENTE NEUTRO E ESCOVAÇÃO MANUAL. AF_04/2019","M2",6.97]
[99811,"LIMPEZA DE CONTRAPISO COM VASSOURA A SECO. AF_04/2019","M2",3.35]
[99812,"LIMPEZA DE LADRILHO HIDRÁULICO EM PAREDE COM PANO ÚMIDO. AF_04/2019","M2",1.07]
[99813,"LIMPEZA DE MÁRMORE/GRANITO EM PAREDE UTILIZANDO DETERGENTE NEUTRO E ESCOVAÇÃO MANUAL. AF_04/2019","M2",0.92]
[99814,"LIMPEZA DE SUPERFÍCIE COM JATO DE ALTA PRESSÃO. AF_04/2019","M2",1.87]
[99815,"LIMPEZA DE PIA INOX COM BANCADA DE PEDRA, INCLUSIVE METAIS CORRESPONDENTES. AF_04/2019","UN",8.41]
[99816,"LIMPEZA DE TANQUE OU LAVATÓRIO DE LOUÇA ISOLADO, INCLUSIVE METAIS CORRESPONDENTES. AF_04/2019","UN",8.92]
[99817,"LIMPEZA DE LAVATÓRIO DE LOUÇA COM BANCADA DE PEDRA, INCLUSIVE METAIS CORRESPONDENTES. AF_04/2019","UN",5.38]
[99818,"LIMPEZA DE BACIA SANITÁRIA, BIDÊ OU MICTÓRIO EM LOUÇA, INCLUSIVE METAIS CORRESPONDENTES. AF_04/2019","UN",5.38]
[99819,"LIMPEZA DE BANCADA DE PEDRA (MÁRMORE OU GRANITO). AF_04/2019","M2",15.97]
[99820,"LIMPEZA DE JANELA INTEIRAMENTE DE VIDRO. AF_04/2019","M2",1.9]
[99821,"LIMPEZA DE JANELA DE VIDRO COM CAIXILHO EM AÇO/ALUMÍNIO/PVC. AF_04/2019","M2",2.95]
[99822,"LIMPEZA DE PORTA DE MADEIRA. AF_04/2019","M2",0.95]
[99823,"LIMPEZA DE PORTA INTEIRAMENTE DE VIDRO. AF_04/2019","M2",2.22]
[99824,"LIMPEZA DE PORTA EM AÇO/ALUMÍNIO. AF_04/2019","M2",2.42]
[99825,"LIMPEZA DE PORTA DE VIDRO COM CAIXILHO EM AÇO/ ALUMÍNIO/ PVC. AF_04/2019","M2",3.44]
[99826,"LIMPEZA DE FORRO REMOVÍVEL COM PANO ÚMIDO. AF_04/2019","M2",1.46]
[97013,"GUARDA-CORPO FIXADO EM FÔRMA DE MADEIRA COM MONTANTES E TRAVESSÕES EM MADEIRA E FECHAMENTO EM PLACA COMPENSADO PARA EDIFÍCIOS COM ATÉ 2 PAVIMENTOS. AF_03/2024","M",89.45]
[97014,"GUARDA-CORPO FIXADO EM FÔRMA DE MADEIRA COM MONTANTES E TRAVESSÕES EM MADEIRA E FECHAMENTO EM PLACA COMPENSADO PARA EDIFÍCIOS COM 3 PAVIMENTOS. AF_03/2024","M",65.59]
[97015,"GUARDA-CORPO FIXADO EM FÔRMA DE MADEIRA COM MONTANTES E TRAVESSÕES EM MADEIRA E FECHAMENTO EM PLACA COMPENSADO PARA EDIFÍCIOS COM ALTURA IGUAL OU SUPERIOR A 4 PAVIMENTOS. AF_03/2024","M",53.68]
[97016,"GUARDA-CORPO FIXADO EM FÔRMA DE MADEIRA COM MONTANTES E TRAVESSÕES EM MADEIRA PRÉ-MONTADOS PARA EDIFÍCIOS COM ATÉ 2 PAVIMENTOS. AF_03/2024","M",54.47]
[97017,"GUARDA-CORPO FIXADO EM FÔRMA DE MADEIRA COM MONTANTES E TRAVESSÕES EM MADEIRA PRÉ-MONTADOS PARA EDIFÍCIOS COM 3 PAVIMENTOS. AF_03/2024","M",40.77]
[97018,"GUARDA-CORPO FIXADO EM FÔRMA DE MADEIRA COM MONTANTES E TRAVESSÕES EM MADEIRA PRÉ-MONTADOS PARA EDIFÍCIOS COM ALTURA IGUAL OU SUPERIOR A 4 PAVIMENTOS. AF_03/2024","M",34]
[97031,"GUARDA-CORPO EM LAJE PÓS-DESFÔRMA COM ESCORAS DE MADEIRA ESTRONCADAS NA ESTRUTURA, TRAVESSÕES DE MADEIRA E FECHAMENTO EM TELA DE POLIPROPILENO PARA EDIFÍCIOS COM ATÉ 4 PAVIMENTOS (1 MONTAGEM). AF_03/2024","M",92]
[97032,"GUARDA-CORPO EM LAJE PÓS-DESFÔRMA COM ESCORAS DE MADEIRA ESTRONCADAS NA ESTRUTURA, TRAVESSÕES DE MADEIRA E FECHAMENTO EM TELA DE POLIPROPILENO PARA EDIFÍCIOS ACIMA DE 4 PAVIMENTOS (2 MONTAGENS). AF_03/2024","M",55.57]
[97033,"GUARDA-CORPO EM LAJE PÓS-DESFÔRMA COM ESCORAS METÁLICAS ESTRONCADAS NA ESTRUTURA, TRAVESSÕES DE MADEIRA E FECHAMENTO EM TELA DE POLIPROPILENO PARA EDIFÍCIOS COM ATÉ 4 PAVIMENTOS (1 MONTAGEM). AF_03/2024_PS","M",79.63]
[97034,"GUARDA-CORPO EM LAJE PÓS-DESFÔRMA COM ESCORAS METÁLICAS ESTRONCADAS NA ESTRUTURA, TRAVESSÕES DE MADEIRA E FECHAMENTO EM TELA DE POLIPROPILENO PARA EDIFÍCIOS ACIMA DE 4 PAVIMENTOS (2 MONTAGENS). AF_03/2024_PS","M",51.65]
[97039,"FECHAMENTO REMOVÍVEL DE VÃO DE PORTAS EM MADEIRA (VÃO DO ELEVADOR) - 1 MONTAGEM EM OBRA. AF_03/2024","M2",101.59]
[97040,"FECHAMENTO REMOVÍVEL DE ABERTURA DE CAIXILHO EM MADEIRA - 4 MONTAGENS EM OBRA. AF_03/2024","M2",18.72]
[97041,"FECHAMENTO REMOVÍVEL DE ABERTURA NO PISO EM MADEIRA - 1 MONTAGEM EM OBRA. AF_03/2024","M2",185.19]
[97046,"PONTEIRAS DE PROTEÇÃO DE PONTAS E VERGALHÕES EXPOSTOS EM FUNDAÇÕES. AF_03/2024","M2",0.32]
[97047,"PONTEIRAS DE PROTEÇÃO DE PONTAS E VERGALHÕES EXPOSTOS EM ESTRUTURAS DE CONCRETO ARMADO CONVENCIONAL. AF_03/2024","M2",0.13]
[97048,"PONTEIRAS DE PROTEÇÃO DE PONTAS E VERGALHÕES EXPOSTOS EM ALVENARIA ESTRUTURAL. AF_03/2024","M2",0.09]
[97054,"INSTALAÇÃO DE SINALIZADOR NOTURNO LED. AF_03/2024","UN",29.84]
[97062,"COLOCAÇÃO DE TELA EM ANDAIME FACHADEIRO. AF_03/2024","M2",6.82]
[97063,"MONTAGEM E DESMONTAGEM DE ANDAIME MODULAR FACHADEIRO, COM PISO METÁLICO, PARA EDIFÍCIOS COM MULTIPLOS PAVIMENTOS (EXCLUSIVE ANDAIME E LIMPEZA). AF_03/2024","M2",16.65]
[97064,"MONTAGEM E DESMONTAGEM DE ANDAIME TUBULAR TIPO \"TORRE\" (EXCLUSIVE ANDAIME E LIMPEZA). AF_03/2024","M",23.34]
[97065,"MONTAGEM E DESMONTAGEM DE ANDAIME MULTIDIRECIONAL (EXCLUSIVE ANDAIME E LIMPEZA). AF_03/2024","M3",11.2]
[97066,"PROTEÇÃO DE PEDESTRES, INCLUSIVE MONTAGEM E DESMONTAGEM. AF_03/2024_PS","M2",366.2]
[97067,"PLATAFORMA DE PROTEÇÃO PRINCIPAL PARA ALVENARIA ESTRUTURAL PARA SER APOIADA EM ANDAIME, INCLUSIVE MONTAGEM E DESMONTAGEM. AF_03/2024","M",560.87]
[104989,"PROTEÇÃO DE ACESSO A CREMALHEIRA, COM CANCELA FIXADA EM LAJE - 1 MONTAGEM (EXCLUSO CANCELA). AF_03/2024","UN",36.64]
[104990,"GUARDA-CORPO PARA POÇO DE CREMALHEIRA, COM MONTANTE METÁLICO FIXADO EM LAJE COM CHUMBADOR PARABOLT E FECHAMENTO EM PAINEL DE TELA METÁLICA (EXCLUSO PROTEÇÃO). AF_03/2024","M",10.49]
[105103,"ASCENSÃO E DESCIDA DE ELEVADOR DE CREMALHEIRA. AF_03/2024","M",65.79]
[105104,"MONTAGEM E DESMONTAGEM DE MINI GRUA. AF_03/2024","UN",{"v":4077.21,"d":"4,077.21"}]
[105105,"ASCENSÃO DE MINI GRUA. AF_03/2024","M",46.2]
[105106,"MONTAGEM E DESMONTAGEM DE TRECHO INICIAL DE ELEVADOR DE CREMALHEIRA, CABINE SIMPLES - EXCLUSO FUNDAÇÕES. AF_03/2024","UN",{"v":1497.63,"d":"1,497.63"}]
[105107,"MONTAGEM E DESMONTAGEM DE TRECHO INICIAL DE ELEVADOR DE CREMALHEIRA, CABINE DUPLA - EXCLUSO FUNDAÇÕES. AF_03/2024","UN",{"v":2211.39,"d":"2,211.39"}]
[105110,"ASCENSÃO DE GRUA ASCENSIONAL. AF_03/2024","M",145.94]
[105111,"MONTAGEM E DESMONTAGEM DO TRECHO INICIAL DE GRUA FIXA (ALTURA LIVRE) - EXCLUSO FUNDAÇÕES. AF_03/2024","UN",{"v":16043.65,"d":"16,043.65"}]
[105112,"ASCENSÃO E DESCIDA DE GRUA FIXA. AF_03/2024","M",121.85]
[97621,"DEMOLIÇÃO DE ALVENARIA DE BLOCO FURADO, DE FORMA MANUAL, COM REAPROVEITAMENTO. AF_09/2023","M3",110.14]
[97622,"DEMOLIÇÃO DE ALVENARIA DE BLOCO FURADO, DE FORMA MANUAL, SEM REAPROVEITAMENTO. AF_09/2023","M3",53.68]
[97623,"DEMOLIÇÃO DE ALVENARIA DE TIJOLO MACIÇO, DE FORMA MANUAL, COM REAPROVEITAMENTO. AF_09/2023","M3",164.45]
[97624,"DEMOLIÇÃO DE ALVENARIA DE TIJOLO MACIÇO, DE FORMA MANUAL, SEM REAPROVEITAMENTO. AF_09/2023","M3",100.92]
[97625,"DEMOLIÇÃO DE ALVENARIA PARA QUALQUER TIPO DE BLOCO, DE FORMA MECANIZADA, SEM REAPROVEITAMENTO. AF_09/2023","M3",48.58]
[97626,"DEMOLIÇÃO DE PILARES E VIGAS EM CONCRETO ARMADO, DE FORMA MANUAL, SEM REAPROVEITAMENTO. AF_09/2023","M3",539.5]
[97627,"DEMOLIÇÃO DE PILARES E VIGAS EM CONCRETO ARMADO, DE FORMA MECANIZADA COM MARTELETE, SEM REAPROVEITAMENTO. AF_09/2023","M3",156.02]
[97628,"DEMOLIÇÃO DE LAJES, EM CONCRETO ARMADO, DE FORMA MANUAL, SEM REAPROVEITAMENTO. AF_09/2023","M3",251.26]
[97629,"DEMOLIÇÃO DE LAJES, EM CONCRETO ARMADO, DE FORMA MECANIZADA COM MARTELETE, SEM REAPROVEITAMENTO. AF_09/2023","M3",72.65]
[97631,"DEMOLIÇÃO DE ARGAMASSAS, DE FORMA MANUAL, SEM REAPROVEITAMENTO. AF_09/2023","M2",10.8]
[97632,"DEMOLIÇÃO DE RODAPÉ CERÂMICO, DE FORMA MANUAL, SEM REAPROVEITAMENTO. AF_09/2023","M",2.47]
[97633,"DEMOLIÇÃO DE REVESTIMENTO CERÂMICO, DE FORMA MANUAL, SEM REAPROVEITAMENTO. AF_09/2023","M2",21.58]
[97634,"DEMOLIÇÃO DE REVESTIMENTO CERÂMICO, DE FORMA MECANIZADA COM MARTELETE, SEM REAPROVEITAMENTO. AF_09/2023","M2",6.04]
[97635,"REMOÇÃO DE PISO DE BLOCO INTERTRAVADO OU DE PEDRA PORTUGUESA, DE FORMA MANUAL, COM REAPROVEITAMENTO. AF_09/2023","M2",15.6]
[97636,"DEMOLIÇÃO PARCIAL DE PAVIMENTO ASFÁLTICO, DE FORMA MECANIZADA, SEM REAPROVEITAMENTO. AF_09/2023","M2",21.08]
[97637,"REMOÇÃO DE TAPUME/ CHAPAS METÁLICAS E DE MADEIRA, DE FORMA MANUAL, SEM REAPROVEITAMENTO. AF_09/2023","M2",2.68]
[97638,"REMOÇÃO DE CHAPAS E PERFIS DE DRYWALL, DE FORMA MANUAL, SEM REAPROVEITAMENTO. AF_09/2023","M2",7.81]
[97639,"REMOÇÃO DE PLACAS E PILARETES DE CONCRETO, DE FORMA MANUAL, SEM REAPROVEITAMENTO. AF_09/2023","M2",19.49]
[97640,"REMOÇÃO DE FORROS DE DRYWALL, PVC E FIBROMINERAL, DE FORMA MANUAL, SEM REAPROVEITAMENTO. AF_09/2023","M2",1.82]
[97641,"REMOÇÃO DE FORRO DE GESSO, DE FORMA MANUAL, SEM REAPROVEITAMENTO. AF_09/2023","M2",2.75]
[97642,"REMOÇÃO DE TRAMA METÁLICA OU DE MADEIRA PARA FORRO, DE FORMA MANUAL, SEM REAPROVEITAMENTO. AF_09/2023","M2",2.61]
[97643,"REMOÇÃO DE PISO DE MADEIRA (ASSOALHO E BARROTE), DE FORMA MANUAL, SEM REAPROVEITAMENTO. AF_09/2023","M2",23.9]
[97644,"REMOÇÃO DE PORTAS, DE FORMA MANUAL, SEM REAPROVEITAMENTO. AF_09/2023","M2",9.02]
[97645,"REMOÇÃO DE JANELAS, DE FORMA MANUAL, SEM REAPROVEITAMENTO. AF_09/2023","M2",23.31]
[97647,"REMOÇÃO DE TELHAS DE FIBROCIMENTO METÁLICA E CERÂMICA, DE FORMA MANUAL, SEM REAPROVEITAMENTO. AF_09/2023","M2",3.36]
[97648,"REMOÇÃO DE PROTEÇÃO TÉRMICA PARA COBERTURA EM EPS, DE FORMA MANUAL, SEM REAPROVEITAMENTO. AF_09/2023","M2",1.92]
[97649,"REMOÇÃO DE TELHAS DE FIBROCIMENTO, METÁLICA E CERÂMICA, DE FORMA MECANIZADA, COM USO DE GUINDASTE, SEM REAPROVEITAMENTO. AF_09/2023","M2",4.31]
[97650,"REMOÇÃO DE TRAMA DE MADEIRA PARA COBERTURA, DE FORMA MANUAL, SEM REAPROVEITAMENTO. AF_09/2023","M2",7.24]
[97651,"REMOÇÃO DE TESOURAS DE MADEIRA, COM VÃO MENOR QUE 8M, DE FORMA MANUAL, SEM REAPROVEITAMENTO. AF_09/2023","UN",78.92]
[97652,"REMOÇÃO DE TESOURAS DE MADEIRA, COM VÃO MAIOR OU IGUAL A 8M, DE FORMA MANUAL, SEM REAPROVEITAMENTO. AF_09/2023","UN",178.91]
[97653,"REMOÇÃO DE TESOURAS DE MADEIRA, COM VÃO MENOR QUE 8M, DE FORMA MECANIZADA, COM REAPROVEITAMENTO. AF_09/2023","UN",139.29]
[97654,"REMOÇÃO DE TESOURAS DE MADEIRA, COM VÃO MAIOR OU IGUAL A 8M, DE FORMA MECANIZADA, COM REAPROVEITAMENTO. AF_09/2023","UN",172.02]
[97655,"REMOÇÃO DE TRAMA METÁLICA PARA COBERTURA, DE FORMA MANUAL, SEM REAPROVEITAMENTO. AF_09/2023","M2",41.64]
[97656,"REMOÇÃO DE TESOURAS METÁLICAS, COM VÃO MENOR QUE 8M, DE FORMA MANUAL, SEM REAPROVEITAMENTO. AF_09/2023","UN",370.69]
[97657,"REMOÇÃO DE TESOURAS METÁLICAS, COM VÃO MAIOR OU IGUAL A 8M, DE FORMA MANUAL, SEM REAPROVEITAMENTO. AF_09/2023","UN",734.75]
[97658,"REMOÇÃO DE TESOURAS METÁLICAS, COM VÃO MENOR QUE 8M, DE FORMA MECANIZADA, COM REAPROVEITAMENTO. AF_09/2023","UN",227.37]
[97659,"REMOÇÃO DE TESOURAS METÁLICAS, COM VÃO MAIOR OU IGUAL A 8M, DE FORMA MECANIZADA, COM REAPROVEITAMENTO. AF_09/2023","UN",319.22]
[97660,"REMOÇÃO DE INTERRUPTORES/TOMADAS ELÉTRICAS, DE FORMA MANUAL, SEM REAPROVEITAMENTO. AF_09/2023","UN",0.63]
[97661,"REMOÇÃO DE CABOS ELÉTRICOS, COM SEÇÃO DE 10 MM², FORMA MANUAL, SEM REAPROVEITAMENTO. AF_09/2023","M",0.67]
[97662,"REMOÇÃO DE TUBULAÇÕES (TUBOS E CONEXÕES) DE ÁGUA FRIA, DE FORMA MANUAL, SEM REAPROVEITAMENTO. AF_09/2023","M",0.48]
[97663,"REMOÇÃO DE LOUÇAS, DE FORMA MANUAL, SEM REAPROVEITAMENTO. AF_09/2023","UN",12.01]
[97664,"REMOÇÃO DE ACESSÓRIOS, DE FORMA MANUAL, SEM REAPROVEITAMENTO. AF_09/2023","UN",1.5]
[97665,"REMOÇÃO DE LUMINÁRIAS, DE FORMA MANUAL, SEM REAPROVEITAMENTO. AF_09/2023","UN",1.71]
[97666,"REMOÇÃO DE METAIS SANITÁRIOS, DE FORMA MANUAL, SEM REAPROVEITAMENTO. AF_09/2023","UN",8.75]
[104789,"DEMOLIÇÃO DE PISO DE CONCRETO SIMPLES, DE FORMA MANUAL, SEM REAPROVEITAMENTO. AF_09/2023","M3",188.92]
[104790,"DEMOLIÇÃO DE PISO DE CONCRETO SIMPLES, DE FORMA MECANIZADA COM MARTELETE, SEM REAPROVEITAMENTO. AF_09/2023","M3",102.77]
[104791,"DEMOLIÇÃO DE ARGAMASSAS, DE FORMA DE FORMA MECANIZADA COM MARTELETE, SEM REAPROVEITAMENTO. AF_09/2023","M2",5.32]
[104792,"REMOÇÃO DE CABOS ELÉTRICOS, COM SEÇÃO DE ATÉ 2,5 MM², DE FORMA MANUAL, SEM REAPROVEITAMENTO. AF_09/2023","M",0.38]
[104793,"REMOÇÃO DE CABOS ELÉTRICOS, COM SEÇÃO MAIOR QUE 2,5 MM² E MENOR QUE 10 MM², DE FORMA MANUAL, SEM REAPROVEITAMENTO. AF_09/2023","M",0.51]
[104794,"REMOÇÃO DE CABOS ELÉTRICOS, COM SEÇÃO DE 16 MM², FORMA MANUAL, SEM REAPROVEITAMENTO. AF_09/2023","M",0.92]
[104795,"REMOÇÃO DE CABOS ELÉTRICOS, COM SEÇÃO DE 25 MM², FORMA MANUAL, SEM REAPROVEITAMENTO. AF_09/2023","M",1.29]
[104796,"DEMOLIÇÃO DE GUIAS, SARJETAS OU SARJETÕES, DE FORMA MECANIZADA, SEM REAPROVEITAMENTO. AF_09/2023","M",13.14]
[104797,"REMOÇAO DE GUIAS PRÉ-FABRICADAS DE CONCRETO, DE FORMA MECANIZADA, COM REAPROVEITAMENTO. AF_09/2023","M",16.44]
[104798,"REMOÇÃO DE SUPORTE METÁLICO OU DE MADEIRA PARA PLACAS DE SINALIZAÇÃO VIÁRIA, DE FORMA MANUAL, SEM REAPROVEITAMENTO. AF_09/2023","UN",12.84]
[104799,"REMOÇÃO DE PLACAS DE SINALIZAÇÃO VIÁRIA, DE FORMA MANUAL, SEM REAPROVEITAMENTO. AF_09/2023","M2",10.08]
[104800,"REMOÇÃO DE CERCAS E MOURÕES, DE FORMA MANUAL, SEM REAPROVEITAMENTO. AF_09/2023","M",8.8]
[104801,"REMOÇÃO DE ALAMBRADOS PARA QUADRAS POLIESPORTIVAS, ESTRUTURADO POR TUBOS DE AÇO GALVANIZADO, COM TELA DE ARAME GALVANIZADO, DE FORMA MANUAL, SEM REAPROVEITAMENTO. AF_09/2023","M2",13.35]
[104802,"REMOÇÃO DE TELA DE ARAME GALVANIZADO DE ALAMBRADOS PARA QUADRAS POLIESPORTIVAS, DE FORMA MANUAL, SEM REMOÇÃO DA ESTRUTURA DE SUSTENTAÇÃO, SEM REAPROVEITAMENTO. AF_09/2023","M2",8.89]
[104803,"REMOÇÃO CALHAS E RUFOS, DE FORMA MANUAL, SEM REAPROVEITAMENTO. AF_09/2023","M",4.32]
[95967,"SERVIÇOS TÉCNICOS ESPECIALIZADOS PARA ACOMPANHAMENTO DE EXECUÇÃO DE FUNDAÇÕES PROFUNDAS E ESTRUTURAS DE CONTENÇÃO","H",153.1]
[99059,"LOCAÇÃO CONVENCIONAL DE OBRA, UTILIZANDO GABARITO DE TÁBUAS CORRIDAS PONTALETADAS A CADA 2,00M -  2 UTILIZAÇÕES. AF_03/2024","M",60.77]
[99060,"LOCAÇÃO COM CAVALETE COM ALTURA DE 1,00 M - 2 UTILIZAÇÕES. AF_03/2024","UN",174.36]
[99061,"LOCAÇÃO COM CAVALETE COM ALTURA DE 0,50 M - 2 UTILIZAÇÕES. AF_03/2024","UN",109.12]
[99062,"MARCAÇÃO DE PONTOS EM GABARITO OU CAVALETE. AF_03/2024","UN",1.89]
[99063,"LOCAÇÃO DE REDE DE ÁGUA OU ESGOTO. AF_03/2024","M",8.5]
[105007,"LOCAÇÃO DE PRAÇAS EM PONTALETEAMENTO. AF_03/2024","UN",34.42]
[105009,"LOCAÇÃO CONVENCIONAL DE OBRA, UTILIZANDO GABARITO DE TÁBUAS CORRIDAS PONTALETADAS A CADA 1,50M -  2 UTILIZAÇÕES. AF_03/2024","M",73.76]
[105011,"EXECUÇÃO DE LINHAS DE REFERÊNCIA EM GABARITO OU CAVALETE. AF_03/2024","M",0.52]
[93588,"TRANSPORTE COM CAMINHÃO BASCULANTE DE 10 M³, EM VIA URBANA EM LEITO NATURAL (UNIDADE: M3XKM). AF_07/2020","M3XKM",3.25]
[93589,"TRANSPORTE COM CAMINHÃO BASCULANTE DE 10 M³, EM VIA URBANA EM REVESTIMENTO PRIMÁRIO (UNIDADE: M3XKM). AF_07/2020","M3XKM",2.8]
[93590,"TRANSPORTE COM CAMINHÃO BASCULANTE DE 10 M³, EM VIA URBANA PAVIMENTADA, ADICIONAL PARA DMT EXCEDENTE A 30 KM (UNIDADE: M3XKM). AF_07/2020","M3XKM",1.01]
[93591,"TRANSPORTE COM CAMINHÃO BASCULANTE DE 14 M³, EM VIA URBANA EM LEITO NATURAL (UNIDADE: M3XKM). AF_07/2020","M3XKM",2.88]
[93592,"TRANSPORTE COM CAMINHÃO BASCULANTE DE 14 M³, EM VIA URBANA EM REVESTIMENTO PRIMÁRIO (UNIDADE: M3XKM). AF_07/2020","M3XKM",2.49]
[93593,"TRANSPORTE COM CAMINHÃO BASCULANTE DE 14 M³, EM VIA URBANA PAVIMENTADA, ADICIONAL PARA DMT EXCEDENTE A 30 KM (UNIDADE: M3XKM). AF_07/2020","M3XKM",0.91]
[93594,"TRANSPORTE COM CAMINHÃO BASCULANTE DE 10 M³, EM VIA URBANA EM LEITO NATURAL (UNIDADE: TXKM). AF_07/2020","TXKM",2.17]
[93595,"TRANSPORTE COM CAMINHÃO BASCULANTE DE 10 M³, EM VIA URBANA EM REVESTIMENTO PRIMÁRIO (UNIDADE: TXKM). AF_07/2020","TXKM",1.89]
[93596,"TRANSPORTE COM CAMINHÃO BASCULANTE DE 10 M³, EM VIA URBANA PAVIMENTADA, ADICIONAL PARA DMT EXCEDENTE A 30 KM (UNIDADE: TXKM). AF_07/2020","TXKM",0.68]
[93597,"TRANSPORTE COM CAMINHÃO BASCULANTE DE 14 M³, EM VIA URBANA EM LEITO NATURAL (UNIDADE: TXKM). AF_07/2020","TXKM",1.91]
[93598,"TRANSPORTE COM CAMINHÃO BASCULANTE DE 14 M³, EM VIA URBANA EM REVESTIMENTO PRIMÁRIO (UNIDADE: TXKM). AF_07/2020","TXKM",1.65]
[93599,"TRANSPORTE COM CAMINHÃO BASCULANTE DE 14 M³, EM VIA URBANA PAVIMENTADA, ADICIONAL PARA DMT EXCEDENTE A 30 KM (UNIDADE: TXKM). AF_07/2020","TXKM",0.61]
[95425,"TRANSPORTE COM CAMINHÃO BASCULANTE DE 18 M³, EM VIA URBANA EM LEITO NATURAL (UNIDADE: M3XKM). AF_07/2020","M3XKM",2.45]
[95426,"TRANSPORTE COM CAMINHÃO BASCULANTE DE 18 M³, EM VIA URBANA EM REVESTIMENTO PRIMÁRIO (UNIDADE: M3XKM). AF_07/2020","M3XKM",2.11]
[95427,"TRANSPORTE COM CAMINHÃO BASCULANTE DE 18 M³, EM VIA URBANA PAVIMENTADA, ADICIONAL PARA DMT EXCEDENTE A 30 KM (UNIDADE: M3XKM). AF_07/2020","M3XKM",0.79]
[95428,"TRANSPORTE COM CAMINHÃO BASCULANTE DE 18 M³, EM VIA URBANA EM LEITO NATURAL (UNIDADE: TXKM). AF_07/2020","TXKM",1.64]
[95429,"TRANSPORTE COM CAMINHÃO BASCULANTE DE 18 M³, EM VIA URBANA EM REVESTIMENTO PRIMÁRIO (UNIDADE: TXKM). AF_07/2020","TXKM",1.42]
[95430,"TRANSPORTE COM CAMINHÃO BASCULANTE DE 18 M³, EM VIA URBANA PAVIMENTADA, ADICIONAL PARA DMT EXCEDENTE A 30 KM (UNIDADE: TXKM). AF_07/2020","TXKM",0.49]
[95875,"TRANSPORTE COM CAMINHÃO BASCULANTE DE 10 M³, EM VIA URBANA PAVIMENTADA, DMT ATÉ 30 KM (UNIDADE: M3XKM). AF_07/2020","M3XKM",2.57]
[95876,"TRANSPORTE COM CAMINHÃO BASCULANTE DE 14 M³, EM VIA URBANA PAVIMENTADA, DMT ATÉ 30 KM (UNIDADE: M3XKM). AF_07/2020","M3XKM",2.26]
[95877,"TRANSPORTE COM CAMINHÃO BASCULANTE DE 18 M³, EM VIA URBANA PAVIMENTADA, DMT ATÉ 30 KM (UNIDADE: M3XKM). AF_07/2020","M3XKM",1.94]
[95878,"TRANSPORTE COM CAMINHÃO BASCULANTE DE 10 M³, EM VIA URBANA PAVIMENTADA, DMT ATÉ 30 KM (UNIDADE: TXKM). AF_07/2020","TXKM",1.73]
[95879,"TRANSPORTE COM CAMINHÃO BASCULANTE DE 14 M³, EM VIA URBANA PAVIMENTADA, DMT ATÉ 30 KM (UNIDADE: TXKM). AF_07/2020","TXKM",1.53]
[95880,"TRANSPORTE COM CAMINHÃO BASCULANTE DE 18 M³, EM VIA URBANA PAVIMENTADA, DMT ATÉ 30 KM (UNIDADE: TXKM). AF_07/2020","TXKM",1.3]
[97912,"TRANSPORTE COM CAMINHÃO BASCULANTE DE 6 M³, EM VIA URBANA EM LEITO NATURAL (UNIDADE: M3XKM). AF_07/2020","M3XKM",3.89]
[97913,"TRANSPORTE COM CAMINHÃO BASCULANTE DE 6 M³, EM VIA URBANA EM REVESTIMENTO PRIMÁRIO (UNIDADE: M3XKM). AF_07/2020","M3XKM",3.39]
[97914,"TRANSPORTE COM CAMINHÃO BASCULANTE DE 6 M³, EM VIA URBANA PAVIMENTADA, DMT ATÉ 30 KM (UNIDADE: M3XKM). AF_07/2020","M3XKM",3.09]
[97915,"TRANSPORTE COM CAMINHÃO BASCULANTE DE 6 M³, EM VIA URBANA PAVIMENTADA, ADICIONAL PARA DMT EXCEDENTE A 30 KM (UNIDADE: M3XKM). AF_07/2020","M3XKM",1.24]
[100937,"TRANSPORTE COM CAMINHÃO BASCULANTE DE 6 M³, EM VIA INTERNA (DENTRO DO CANTEIRO - UNIDADE: M3XKM). AF_07/2020","M3XKM",9.3]
[100938,"TRANSPORTE COM CAMINHÃO BASCULANTE DE 10 M³, EM VIA INTERNA (DENTRO DO CANTEIRO - UNIDADE: M3XKM). AF_07/2020","M3XKM",7.76]
[100939,"TRANSPORTE COM CAMINHÃO BASCULANTE DE 14 M³, EM VIA INTERNA (DENTRO DO CANTEIRO - UNIDADE:M3XKM). AF_07/2020","M3XKM",6.89]
[100940,"TRANSPORTE COM CAMINHÃO BASCULANTE DE 18 M³, EM VIA INTERNA (DENTRO DO CANTEIRO - UNIDADE: M3XKM). AF_07/2020","M3XKM",5.87]
[100941,"TRANSPORTE COM CAMINHÃO BASCULANTE DE 6 M³, EM VIA INTERNA (DENTRO DO CANTEIRO - UNIDADE: TXKM). AF_07/2020","TXKM",6.19]
[100942,"TRANSPORTE COM CAMINHÃO BASCULANTE DE 10 M³, EM VIA INTERNA A OBRA (UNIDADE: TXKM). AF_07/2020","TXKM",5.19]
[100943,"TRANSPORTE COM CAMINHÃO BASCULANTE DE 14 M³, EM VIA INTERNA (DENTRO DO CANTEIRO - UNIDADE: TXKM). AF_07/2020","TXKM",4.57]
[100944,"TRANSPORTE COM CAMINHÃO BASCULANTE DE 18 M³, EM VIA INTERNA (DENTRO DO CANTEIRO - UNIDADE: TXKM). AF_07/2020","TXKM",3.92]
[100945,"TRANSPORTE COM CAMINHÃO CARROCERIA 9T, EM VIA URBANA EM LEITO NATURAL (UNIDADE: TXKM). AF_07/2020","TXKM",2.94]
[100946,"TRANSPORTE COM CAMINHÃO CARROCERIA 9T, EM VIA URBANA EM REVESTIMENTO PRIMÁRIO (UNIDADE: TXKM). AF_07/2020","TXKM",2.53]
[100947,"TRANSPORTE COM CAMINHÃO CARROCERIA 9T, EM VIA URBANA PAVIMENTADA, DMT ATÉ 30KM (UNIDADE: TXKM). AF_07/2020","TXKM",2.33]
[100948,"TRANSPORTE COM CAMINHÃO CARROCERIA 9T, EM VIA URBANA PAVIMENTADA, ADICIONAL PARA DMT EXCEDENTE A 30 KM (UNIDADE: TXKM). AF_07/2020","TXKM",0.93]
[100949,"TRANSPORTE COM CAMINHÃO CARROCERIA 9T, EM VIA INTERNA (DENTRO DO CANTEIRO - UNIDADE: TXKM). AF_07/2020","TXKM",6.99]
[100950,"TRANSPORTE COM CAMINHÃO CARROCERIA COM GUINDAUTO (MUNCK),  MOMENTO MÁXIMO DE CARGA 11,7 TM, EM VIA URBANA EM LEITO NATURAL (UNIDADE: TXKM). AF_07/2020","TXKM",3.74]
[100951,"TRANSPORTE COM CAMINHÃO CARROCERIA COM GUINDAUTO (MUNCK),  MOMENTO MÁXIMO DE CARGA 11,7 TM, EM VIA URBANA EM REVESTIMENTO PRIMÁRIO (UNIDADE: TXKM). AF_07/2020","TXKM",3.22]
[100952,"TRANSPORTE COM CAMINHÃO CARROCERIA COM GUINDAUTO (MUNCK),  MOMENTO MÁXIMO DE CARGA 11,7 TM, EM VIA URBANA PAVIMENTADA, DMT ATÉ 30KM (UNIDADE: TXKM). AF_07/2020","TXKM",2.97]
[100953,"TRANSPORTE COM CAMINHÃO CARROCERIA COM GUINDAUTO (MUNCK),  MOMENTO MÁXIMO DE CARGA 11,7 TM, EM VIA URBANA PAVIMENTADA, ADICIONAL PARA DMT EXCEDENTE A 30 KM (UNIDADE: TXKM). AF_07/2020","TXKM",1.18]
[100954,"TRANSPORTE COM CAMINHÃO CARROCERIA COM GUINDAUTO (MUNCK),  MOMENTO MÁXIMO DE CARGA 11,7 TM, EM VIA INTERNA (DENTRO DO CANTEIRO - UNIDADE: TXKM). AF_07/2020","TXKM",8.91]
[100955,"TRANSPORTE COM CAMINHÃO PIPA DE 6 M³, EM VIA URBANA EM LEITO NATURAL (UNIDADE: M3XKM). AF_07/2020","M3XKM",5.11]
[100956,"TRANSPORTE COM CAMINHÃO PIPA DE 6 M³, EM VIA URBANA EM REVESTIMENTO PRIMÁRIO (UNIDADE: M3XKM). AF_07/2020","M3XKM",4.44]
[100957,"TRANSPORTE COM CAMINHÃO PIPA DE 6 M³, EM VIA URBANA PAVIMENTADA, DMT ATÉ 30KM (UNIDADE: M3XKM). AF_07/2020","M3XKM",4.07]
[100958,"TRANSPORTE COM CAMINHÃO PIPA DE 6 M³, EM VIA URBANA PAVIMENTADA, ADICIONAL PARA DMT EXCEDENTE A 30 KM (UNIDADE: M3XKM). AF_07/2020","M3XKM",1.63]
[100959,"TRANSPORTE COM CAMINHÃO PIPA DE 6 M³, EM VIA INTERNA (DENTRO DO CANTEIRO - UNIDADE: M3XKM). AF_07/2020","M3XKM",12.21]
[100960,"TRANSPORTE COM CAMINHÃO PIPA DE 10 M³, EM VIA URBANA EM LEITO NATURAL (UNIDADE: M3XKM). AF_07/2020","M3XKM",3.79]
[100961,"TRANSPORTE COM CAMINHÃO PIPA DE 10 M³, EM VIA URBANA EM REVESTIMENTO PRIMÁRIO (UNIDADE: M3XKM). AF_07/2020","M3XKM",3.28]
[100962,"TRANSPORTE COM CAMINHÃO PIPA DE 10 M³, EM VIA URBANA PAVIMENTADA, DMT ATÉ 30KM (UNIDADE: M3XKM). AF_07/2020","M3XKM",2.99]
[100963,"TRANSPORTE COM CAMINHÃO PIPA DE 10 M³, EM VIA URBANA PAVIMENTADA, ADICIONAL PARA DMT EXCEDENTE A 30 KM (UNIDADE: M3XKM). AF_07/2020","M3XKM",1.18]
[100964,"TRANSPORTE COM CAMINHÃO PIPA DE 10 M³, EM VIA INTERNA (DENTRO DO CANTEIRO - UNIDADE: M3XKM). AF_07/2020","M3XKM",9.09]
[100973,"CARGA, MANOBRA E DESCARGA DE SOLOS E MATERIAIS GRANULARES EM CAMINHÃO BASCULANTE 6 M³ - CARGA COM PÁ CARREGADEIRA (CAÇAMBA DE 1,7 A 2,8 M³ / 128 HP) E DESCARGA LIVRE (UNIDADE: M3). AF_07/2020","M3",8.93]
[100974,"CARGA, MANOBRA E DESCARGA DE SOLOS E MATERIAIS GRANULARES EM CAMINHÃO BASCULANTE 10 M³ - CARGA COM PÁ CARREGADEIRA (CAÇAMBA DE 1,7 A 2,8 M³ / 128 HP) E DESCARGA LIVRE (UNIDADE: M3). AF_07/2020","M3",8.62]
[100975,"CARGA, MANOBRA E DESCARGA DE SOLOS E MATERIAIS GRANULARES EM CAMINHÃO BASCULANTE 14 M³ - CARGA COM PÁ CARREGADEIRA (CAÇAMBA DE 1,7 A 2,8 M³ / 128 HP) E DESCARGA LIVRE (UNIDADE: M3). AF_07/2020","M3",8.77]
[100965,"TRANSPORTE COM CAMINHÃO TANQUE DE TRANSPORTE DE MATERIAL ASFÁLTICO DE 30000 L, EM VIA URBANA EM  LEITO NATURAL (UNIDADE: TXKM). AF_07/2020","TXKM",1.87]
[100966,"TRANSPORTE COM CAMINHÃO TANQUE DE TRANSPORTE DE MATERIAL ASFÁLTICO DE 30000 L, EM VIA URBANA EM  REVESTIMENTO PRIMÁRIO (UNIDADE: TXKM). AF_07/2020","TXKM",1.6]
[100969,"TRANSPORTE COM CAMINHÃO TANQUE DE TRANSPORTE DE MATERIAL ASFÁLTICO DE 20000 L, EM VIA URBANA EM LEITO NATURAL (UNIDADE: TXKM). AF_07/2020","TXKM",2.45]
[100970,"TRANSPORTE COM CAMINHÃO TANQUE DE TRANSPORTE DE MATERIAL ASFÁLTICO DE 20000 L, EM VIA URBANA EM  REVESTIMENTO PRIMÁRIO (UNIDADE: TXKM). AF_07/2020","TXKM",2.08]
[102330,"TRANSPORTE COM CAMINHÃO TANQUE DE TRANSPORTE DE MATERIAL ASFÁLTICO DE 30000 L, EM VIA URBANA PAVIMENTADA, DMT ATÉ 30KM (UNIDADE: TXKM). AF_07/2020","TXKM",1.49]
[102331,"TRANSPORTE COM CAMINHÃO TANQUE DE TRANSPORTE DE MATERIAL ASFÁLTICO DE 30000 L, EM VIA URBANA PAVIMENTADA, ADICIONAL PARA DMT EXCEDENTE A 30 KM (UNIDADE: TXKM). AF_07/2020","TXKM",0.59]
[102332,"TRANSPORTE COM CAMINHÃO TANQUE DE TRANSPORTE DE MATERIAL ASFÁLTICO DE 20000 L, EM VIA URBANA PAVIMENTADA, DMT ATÉ 30KM (UNIDADE: TXKM). AF_07/2020","TXKM",1.94]
[102333,"TRANSPORTE COM CAMINHÃO TANQUE DE TRANSPORTE DE MATERIAL ASFÁLTICO DE 20000 L, EM VIA URBANA PAVIMENTADA, ADICIONAL PARA DMT EXCEDENTE A 30 KM (UNIDADE: TXKM). AF_07/2020","TXKM",0.77]
[101019,"CARGA, MANOBRA E DESCARGA MANUAL DE TUBOS PLÁSTICOS, DN MENOR OU IGUAL A 100 MM, EM CAMINHÃO CARROCERIA 9T. AF_07/2020","T",581.8]
[101479,"CARGA, MANOBRA E DESCARGA MANUAL DE TUBOS PLÁSTICOS, DN 200 MM, EM CAMINHÃO CARROCERIA 9T. AF_07/2020","T",169.51]
[102568,"CARGA, MANOBRA E DESCARGA MANUAL DE TUBOS PLÁSTICOS, DN 150 MM, EM CAMINHÃO CARROCERIA 9T. AF_06/2021","T",288.77]
[100976,"CARGA, MANOBRA E DESCARGA DE SOLOS E MATERIAIS GRANULARES EM CAMINHÃO BASCULANTE 18 M³ - CARGA COM PÁ CARREGADEIRA (CAÇAMBA DE 1,7 A 2,8 M³ / 128 HP) E DESCARGA LIVRE (UNIDADE: M3). AF_07/2020","M3",8.59]
[100977,"CARGA, MANOBRA E DESCARGA DE SOLOS E MATERIAIS GRANULARES EM CAMINHÃO BASCULANTE 6 M³ - CARGA COM ESCAVADEIRA HIDRÁULICA (CAÇAMBA DE 1,20 M³ / 155 HP) E DESCARGA LIVRE (UNIDADE: M3). AF_07/2020","M3",7.86]
[100978,"CARGA, MANOBRA E DESCARGA DE SOLOS E MATERIAIS GRANULARES EM CAMINHÃO BASCULANTE 10 M³ - CARGA COM ESCAVADEIRA HIDRÁULICA (CAÇAMBA DE 1,20 M³ / 155 HP) E DESCARGA LIVRE (UNIDADE: M3). AF_07/2020","M3",7.1]
[100979,"CARGA, MANOBRA E DESCARGA DE SOLOS E MATERIAIS GRANULARES EM CAMINHÃO BASCULANTE 14 M³ - CARGA COM ESCAVADEIRA HIDRÁULICA (CAÇAMBA DE 1,20 M³ / 155 HP) E DESCARGA LIVRE (UNIDADE: M3). AF_07/2020","M3",6.88]
[100980,"CARGA, MANOBRA E DESCARGA DE SOLOS E MATERIAIS GRANULARES EM CAMINHÃO BASCULANTE 18 M³ - CARGA COM ESCAVADEIRA HIDRÁULICA (CAÇAMBA DE 1,20 M³ / 155 HP) E DESCARGA LIVRE (UNIDADE: M3). AF_07/2020","M3",6.51]
[100981,"CARGA, MANOBRA E DESCARGA DE ENTULHO EM CAMINHÃO BASCULANTE 6 M³ - CARGA COM ESCAVADEIRA HIDRÁULICA  (CAÇAMBA DE 0,80 M³ / 111 HP) E DESCARGA LIVRE (UNIDADE: M3). AF_07/2020","M3",9.52]
[100982,"CARGA, MANOBRA E DESCARGA DE ENTULHO EM CAMINHÃO BASCULANTE 10 M³ - CARGA COM ESCAVADEIRA HIDRÁULICA  (CAÇAMBA DE 0,80 M³ / 111 HP) E DESCARGA LIVRE (UNIDADE: M3). AF_07/2020","M3",9.14]
[100983,"CARGA, MANOBRA E DESCARGA DE ENTULHO EM CAMINHÃO BASCULANTE 14 M³ - CARGA COM ESCAVADEIRA HIDRÁULICA  (CAÇAMBA DE 0,80 M³ / 111 HP) E DESCARGA LIVRE (UNIDADE: M3). AF_07/2020","M3",9.26]
[100984,"CARGA, MANOBRA E DESCARGA DE ENTULHO EM CAMINHÃO BASCULANTE 18 M³ - CARGA COM ESCAVADEIRA HIDRÁULICA  (CAÇAMBA DE 0,80 M³ / 111 HP) E DESCARGA LIVRE (UNIDADE: M3). AF_07/2020","M3",9.07]
[100985,"CARGA DE MISTURA ASFÁLTICA EM CAMINHÃO BASCULANTE 6 M³ (UNIDADE: M3). AF_07/2020","M3",7.85]
[100986,"CARGA DE MISTURA ASFÁLTICA EM CAMINHÃO BASCULANTE 10 M³ (UNIDADE: M3). AF_07/2020","M3",9.42]
[100987,"CARGA DE MISTURA ASFÁLTICA EM CAMINHÃO BASCULANTE 14 M³ (UNIDADE: M3). AF_07/2020","M3",10.93]
[100988,"CARGA DE MISTURA ASFÁLTICA EM CAMINHÃO BASCULANTE 18 M³ (UNIDADE: M3). AF_07/2020","M3",11.56]
[100989,"CARGA, MANOBRA E DESCARGA DE SOLOS E MATERIAIS GRANULARES EM CAMINHÃO BASCULANTE 6 M³ - CARGA COM PÁ CARREGADEIRA (CAÇAMBA DE 1,7 A 2,8 M³ / 128 HP) E DESCARGA LIVRE (UNIDADE: T). AF_07/2020","T",5.95]
[100990,"CARGA, MANOBRA E DESCARGA DE SOLOS E MATERIAIS GRANULARES EM CAMINHÃO BASCULANTE 10 M³ - CARGA COM PÁ CARREGADEIRA (CAÇAMBA DE 1,7 A 2,8 M³ / 128 HP) E DESCARGA LIVRE (UNIDADE: T). AF_07/2020","T",5.75]
[100991,"CARGA, MANOBRA E DESCARGA DE SOLOS E MATERIAIS GRANULARES EM CAMINHÃO BASCULANTE 14 M³ - CARGA COM PÁ CARREGADEIRA (CAÇAMBA DE 1,7 A 2,8 M³ / 128 HP) E DESCARGA LIVRE (UNIDADE: T). AF_07/2020","T",5.88]
[100992,"CARGA, MANOBRA E DESCARGA DE SOLOS E MATERIAIS GRANULARES EM CAMINHÃO BASCULANTE 18 M³ - CARGA COM PÁ CARREGADEIRA (CAÇAMBA DE 1,7 A 2,8 M³ / 128 HP) E DESCARGA LIVRE (UNIDADE: T). AF_07/2020","T",5.73]
[100993,"CARGA, MANOBRA E DESCARGA DE SOLOS E MATERIAIS GRANULARES EM CAMINHÃO BASCULANTE 6 M³ - CARGA COM ESCAVADEIRA HIDRÁULICA (CAÇAMBA DE 1,20 M³ / 155 HP) E DESCARGA LIVRE (UNIDADE: T). AF_07/2020","T",5.23]
[100994,"CARGA, MANOBRA E DESCARGA DE SOLOS E MATERIAIS GRANULARES EM CAMINHÃO BASCULANTE 10 M³ - CARGA COM ESCAVADEIRA HIDRÁULICA (CAÇAMBA DE 1,20 M³ / 155 HP) E DESCARGA LIVRE (UNIDADE: T). AF_07/2020","T",4.7]
[100995,"CARGA, MANOBRA E DESCARGA DE SOLOS E MATERIAIS GRANULARES EM CAMINHÃO BASCULANTE 14 M³ - CARGA COM ESCAVADEIRA HIDRÁULICA (CAÇAMBA DE 1,20 M³ / 155 HP) E DESCARGA LIVRE (UNIDADE: T). AF_07/2020","T",4.59]
[100996,"CARGA, MANOBRA E DESCARGA DE SOLOS E MATERIAIS GRANULARES EM CAMINHÃO BASCULANTE 18 M³ - CARGA COM ESCAVADEIRA HIDRÁULICA (CAÇAMBA DE 1,20 M³ / 155 HP) E DESCARGA LIVRE (UNIDADE: T). AF_07/2020","T",4.33]
[100997,"CARGA, MANOBRA E DESCARGA DE ENTULHO EM CAMINHÃO BASCULANTE 6 M³ - CARGA COM ESCAVADEIRA HIDRÁULICA  (CAÇAMBA DE 0,80 M³ / 111 HP) E DESCARGA LIVRE (UNIDADE: T). AF_07/2020","T",6.35]
[100998,"CARGA, MANOBRA E DESCARGA DE ENTULHO EM CAMINHÃO BASCULANTE 10 M³ - CARGA COM ESCAVADEIRA HIDRÁULICA  (CAÇAMBA DE 0,80 M³ / 111 HP) E DESCARGA LIVRE (UNIDADE: T). AF_07/2020","T",6.1]
[100999,"CARGA, MANOBRA E DESCARGA DE ENTULHO EM CAMINHÃO BASCULANTE 14 M³ - CARGA COM ESCAVADEIRA HIDRÁULICA  (CAÇAMBA DE 0,80 M³ / 111 HP) E DESCARGA LIVRE (UNIDADE: T). AF_07/2020","T",6.21]
[101000,"CARGA, MANOBRA E DESCARGA DE ENTULHO EM CAMINHÃO BASCULANTE 18 M³ - CARGA COM ESCAVADEIRA HIDRÁULICA  (CAÇAMBA DE 0,80 M³ / 111 HP) E DESCARGA LIVRE (UNIDADE: T). AF_07/2020","T",6.05]
[101001,"CARGA DE MISTURA ASFÁLTICA EM CAMINHÃO BASCULANTE 6 M³ (UNIDADE: T). AF_07/2020","T",5.24]
[101002,"CARGA DE MISTURA ASFÁLTICA EM CAMINHÃO BASCULANTE 10 M³ (UNIDADE: T). AF_07/2020","T",6.27]
[101003,"CARGA DE MISTURA ASFÁLTICA EM CAMINHÃO BASCULANTE 14 M³ (UNIDADE: T). AF_07/2020","T",7.28]
[101004,"CARGA DE MISTURA ASFÁLTICA EM CAMINHÃO BASCULANTE 18 M³ (UNIDADE: T). AF_07/2020","T",7.71]
[101005,"CARGA, MANOBRA E DESCARGA DE ÁGUA EM CAMINHÃO PIPA 6 M³. AF_07/2020","M3",19.46]
[101006,"CARGA, MANOBRA E DESCARGA DE ÁGUA EM CAMINHÃO PIPA 10 M³. AF_07/2020","M3",21.57]
[101007,"CARGA DE ÁGUA EM CAMINHÃO PIPA 6 M³. AF_07/2020","M3",5.64]
[101008,"CARGA DE ÁGUA EM CAMINHÃO PIPA 10 M³. AF_07/2020","M3",5.7]
[101009,"CARGA, MANOBRA E DESCARGA DE POSTE DE CONCRETO EM CAMINHÃO CARROCERIA COM GUINDAUTO (MUNCK) 11,7 TM. AF_07/2020","T",45.12]
[101010,"CARGA, MANOBRA E DESCARGA DE PERFIL METÁLICO EM CAMINHÃO CARROCERIA COM GUINDAUTO (MUNCK) 11,7 TM. AF_07/2020","T",28.41]
[101013,"CARGA, MANOBRA E DESCARGA DE TUBOS DE CONCRETO, DN MENOR OU IGUAL A 300 MM, EM CAMINHÃO CARROCERIA COM GUINDAUTO (MUNCK) 11,7 TM. AF_07/2020","T",46.55]
[101014,"CARGA, MANOBRA E DESCARGA DE TUBOS DE CONCRETO, DN 400 MM, EM CAMINHÃO CARROCERIA COM GUINDAUTO (MUNCK) 11,7 TM. AF_07/2020","T",42.64]
[101015,"CARGA, MANOBRA E DESCARGA DE TUBOS DE CONCRETO, DN 500 MM, EM CAMINHÃO CARROCERIA COM GUINDAUTO (MUNCK) 11,7 TM. AF_07/2020","T",35.04]
[101016,"CARGA, MANOBRA E DESCARGA DE TUBOS METÁLICOS, DN MENOR OU IGUAL A 150 MM, EM CAMINHÃO CARROCERIA COM GUINDAUTO (MUNCK) 11,7 TM. AF_07/2020","T",40.56]
[101017,"CARGA, MANOBRA E DESCARGA DE TUBOS METÁLICOS, DN 200 MM, EM CAMINHÃO CARROCERIA COM GUINDAUTO (MUNCK) 11,7 TM. AF_07/2020","T",30.75]
[101018,"CARGA, MANOBRA E DESCARGA DE TUBOS METÁLICOS, DN 250 MM, EM CAMINHÃO CARROCERIA COM GUINDAUTO (MUNCK) 11,7 TM. AF_07/2020","T",25.26]
[101463,"CARGA, MANOBRA E DESCARGA DE TUBOS DE CONCRETO, DN 600 MM, EM CAMINHÃO CARROCERIA COM GUINDAUTO (MUNCK) 11,7 TM. AF_07/2020","T",46.69]
[101464,"CARGA, MANOBRA E DESCARGA DE TUBOS DE CONCRETO, DN 700 MM, EM CAMINHÃO CARROCERIA COM GUINDAUTO (MUNCK) 11,7 TM. AF_07/2020","T",35.86]
[101465,"CARGA, MANOBRA E DESCARGA DE TUBOS DE CONCRETO, DN 800 MM, EM CAMINHÃO CARROCERIA COM GUINDAUTO (MUNCK) 11,7 TM. AF_07/2020","T",27.41]
[101466,"CARGA, MANOBRA E DESCARGA DE TUBOS DE CONCRETO, DN 900 MM, EM CAMINHÃO CARROCERIA COM GUINDAUTO (MUNCK) 11,7 TM. AF_07/2020","T",22.3]
[101467,"CARGA, MANOBRA E DESCARGA DE TUBOS DE CONCRETO, DN 1000 MM, EM CAMINHÃO CARROCERIA COM GUINDAUTO (MUNCK) 11,7 TM. AF_07/2020","T",18.66]
[101468,"CARGA, MANOBRA E DESCARGA DE TUBOS DE CONCRETO, DN 1200 MM, EM CAMINHÃO CARROCERIA COM GUINDAUTO (MUNCK) 11,7 TM. AF_07/2020","T",17.07]
[101469,"CARGA, MANOBRA E DESCARGA DE TUBOS METÁLICOS, DN 300 MM, EM CAMINHÃO CARROCERIA COM GUINDAUTO (MUNCK) 11,7 TM. AF_07/2020","T",38.2]
[101470,"CARGA, MANOBRA E DESCARGA DE TUBOS METÁLICOS, DN 350 MM, EM CAMINHÃO CARROCERIA COM GUINDAUTO (MUNCK) 11,7 TM. AF_07/2020","T",30.34]
[101471,"CARGA, MANOBRA E DESCARGA DE TUBOS METÁLICOS, DN 400 MM, EM CAMINHÃO CARROCERIA COM GUINDAUTO (MUNCK) 11,7 TM. AF_07/2020","T",26.02]
[101472,"CARGA, MANOBRA E DESCARGA DE TUBOS METÁLICOS, DN 500 MM, EM CAMINHÃO CARROCERIA COM GUINDAUTO (MUNCK) 11,7 TM. AF_07/2020","T",20.25]
[101473,"CARGA, MANOBRA E DESCARGA DE TUBOS METÁLICOS, DN 600 MM, EM CAMINHÃO CARROCERIA COM GUINDAUTO (MUNCK) 11,7 TM. AF_07/2020","T",29.16]
[101474,"CARGA, MANOBRA E DESCARGA DE TUBOS METÁLICOS, DN 700 MM, EM CAMINHÃO CARROCERIA COM GUINDAUTO (MUNCK) 11,7 TM. AF_07/2020","T",20.87]
[101475,"CARGA, MANOBRA E DESCARGA DE TUBOS METÁLICOS, DN 800 MM, EM CAMINHÃO CARROCERIA COM GUINDAUTO (MUNCK) 11,7 TM. AF_07/2020","T",18.5]
[101476,"CARGA, MANOBRA E DESCARGA DE TUBOS METÁLICOS, DN 900 MM, EM CAMINHÃO CARROCERIA COM GUINDAUTO (MUNCK) 11,7 TM. AF_07/2020","T",16.5]
[101477,"CARGA, MANOBRA E DESCARGA DE TUBOS METÁLICOS, DN 1000 MM, EM CAMINHÃO CARROCERIA COM GUINDAUTO (MUNCK) 11,7 TM. AF_07/2020","T",13.51]
[101478,"CARGA, MANOBRA E DESCARGA DE TUBOS METÁLICOS, DN 1200 MM, EM CAMINHÃO CARROCERIA COM GUINDAUTO (MUNCK) 11,7 TM. AF_07/2020","T",11.5]
[101480,"CARGA, MANOBRA E DESCARGA DE TUBOS PLÁSTICOS, DN 250 MM, EM CAMINHÃO CARROCERIA COM GUINDAUTO (MUNCK) 11,7 TM. AF_07/2020","T",68.33]
[101481,"CARGA, MANOBRA E DESCARGA DE TUBOS PLÁSTICOS, DN 300 MM, EM CAMINHÃO CARROCERIA COM GUINDAUTO (MUNCK) 11,7 TM. AF_07/2020","T",49.35]
[101482,"CARGA, MANOBRA E DESCARGA DE TUBOS PLÁSTICOS, DN 400 MM, EM CAMINHÃO CARROCERIA COM GUINDAUTO (MUNCK) 11,7 TM. AF_07/2020","T",36.89]
[101483,"CARGA, MANOBRA E DESCARGA DE TUBOS PLÁSTICOS, DN 500 MM, EM CAMINHÃO CARROCERIA COM GUINDAUTO (MUNCK) 11,7 TM. AF_07/2020","T",38.29]
[101484,"CARGA, MANOBRA E DESCARGA DE TUBOS PLÁSTICOS, DN 600 MM, EM CAMINHÃO CARROCERIA COM GUINDAUTO (MUNCK) 11,7 TM. AF_07/2020","T",198.42]
[101485,"CARGA, MANOBRA E DESCARGA DE TUBOS PLÁSTICOS, DN 750 MM, EM CAMINHÃO CARROCERIA COM GUINDAUTO (MUNCK) 11,7 TM. AF_07/2020","T",152.32]
[101486,"CARGA, MANOBRA E DESCARGA DE TUBOS PLÁSTICOS, DN 900 MM, EM CAMINHÃO CARROCERIA COM GUINDAUTO (MUNCK) 11,7 TM. AF_07/2020","T",137.2]
[101487,"CARGA, MANOBRA E DESCARGA DE TUBOS PLÁSTICOS, DN 1000 MM, EM CAMINHÃO CARROCERIA COM GUINDAUTO (MUNCK) 11,7 TM. AF_07/2020","T",100.46]
[101488,"CARGA, MANOBRA E DESCARGA DE TUBOS PLÁSTICOS, DN 1200 MM, EM CAMINHÃO CARROCERIA COM GUINDAUTO (MUNCK) 11,7 TM. AF_07/2020","T",86.93]
[101188,"RECOMPOSIÇÃO PARCIAL DE ARAME FARPADO Nº 14 CLASSE 250, FIXADO EM CERCA COM MOURÕES DE CONCRETO - FORNECIMENTO E INSTALAÇÃO. AF_05/2020","M",5.77]
[101189,"CERCA COM MOURÕES DE CONCRETO, RETO, H=3,00 M, ESPAÇAMENTO DE 2,5 M, CRAVADOS 0,5 M, COM 4 FIOS DE ARAME FARPADO Nº 14 CLASSE 250 - FORNECIMENTO E INSTALAÇÃO. AF_05/2020","M",76.63]
[101190,"CERCA COM MOURÕES DE CONCRETO, RETO, H=3,00 M, ESPAÇAMENTO DE 2,5 M, CRAVADOS 0,5 M, COM 4 FIOS DE ARAME DE AÇO OVALADO 15X17 - FORNECIMENTO E INSTALAÇÃO. AF_05/2020","M",75.93]
[101191,"CERCA COM MOURÕES DE CONCRETO, RETO, H=3,00 M, ESPAÇAMENTO DE 2,5 M, CRAVADOS 0,5 M, COM 4 FIOS DE ARAME MISTO - FORNECIMENTO E INSTALAÇÃO. AF_05/2020","M",76.28]
[101192,"CERCA COM MOURÕES DE CONCRETO, RETO, H=2,30 M, ESPAÇAMENTO DE 2,5 M, CRAVADOS 0,5 M, COM 4 FIOS DE ARAME FARPADO Nº 14 CLASSE 250 - FORNECIMENTO E INSTALAÇÃO. AF_05/2020","M",74.78]
[101193,"CERCA COM MOURÕES DE CONCRETO, RETO, H=2,30 M, ESPAÇAMENTO DE 2,5 M, CRAVADOS 0,5 M, COM 4 FIOS DE ARAME DE AÇO OVALADO 15X17 - FORNECIMENTO E INSTALAÇÃO. AF_05/2020","M",68.33]
[101194,"CERCA COM MOURÕES DE CONCRETO, RETO, H=2,30 M, ESPAÇAMENTO DE 2,5 M, CRAVADOS 0,5 M, COM 4 FIOS DE ARAME MISTO - FORNECIMENTO E INSTALAÇÃO. AF_05/2020","M",68.68]
[101197,"CERCA COM MOURÕES DE CONCRETO, SEÇÃO \"T\" PONTA INCLINADA, 10X10 CM, ESPAÇAMENTO DE 2,5 M, CRAVADOS 0,5 M, COM 11 FIOS DE ARAME FARPADO Nº 14 - FORNECIMENTO E INSTALAÇÃO. AF_05/2020","M",140.03]
[101198,"CERCA COM MOURÕES DE CONCRETO, SEÇÃO \"T\" PONTA INCLINADA, 10X10 CM, ESPAÇAMENTO DE 2,5 M, CRAVADOS 0,5 M, COM 11 FIOS DE ARAME DE AÇO OVALADO 15X17 - FORNECIMENTO E INSTALAÇÃO. AF_05/2020","M",99.22]
[101199,"CERCA COM MOURÕES DE CONCRETO, SEÇÃO \"T\" PONTA INCLINADA, 10X10CM, ESPAÇAMENTO DE 2,5M, CRAVADOS 0,5M, COM 11 FIOS DE ARAME MISTO - FORNECIMENTO E INSTALAÇÃO. AF_05/2020","M",100.09]
[101200,"CERCA COM MOURÕES DE MADEIRA, 7,5X7,5 CM, ESPAÇAMENTO DE 2,5 M, ALTURA LIVRE DE 2 M, CRAVADOS 0,5 M, COM 4 FIOS DE ARAME FARPADO Nº 14 CLASSE 250 - FORNECIMENTO E INSTALAÇÃO. AF_05/2020","M",51.2]
[101201,"CERCA COM MOURÕES DE MADEIRA, 7,5X7,5 CM, ESPAÇAMENTO DE 2,5 M, ALTURA LIVRE DE 2 M, CRAVADOS 0,5 M, COM 8 FIOS DE ARAME FARPADO Nº 14 CLASSE 250 - FORNECIMENTO E INSTALAÇÃO. AF_05/2020","M",63.71]
[101202,"CERCA COM MOURÕES DE MADEIRA ROLIÇA, DIÂMETRO 11 CM, ESPAÇAMENTO DE 2,5 M, ALTURA LIVRE DE 1,7 M, CRAVADOS 0,5 M, COM 5 FIOS DE ARAME FARPADO Nº 14 CLASSE 250 - FORNECIMENTO E INSTALAÇÃO. AF_05/2020","M",41.49]
[101203,"CERCA COM MOURÕES DE MADEIRA ROLIÇA, DIÂMETRO 11 CM, ESPAÇAMENTO DE 2,5 M, ALTURA LIVRE DE 1,7 M, CRAVADOS 0,5 M, COM 5 FIOS DE ARAME DE AÇO OVALADO 15X17 - FORNECIMENTO E INSTALAÇÃO. AF_05/2020","M",40.61]
[101204,"CERCA COM MOURÕES DE MADEIRA ROLIÇA, DIÂMETRO 11 CM, ESPAÇAMENTO DE 2,5 M, ALTURA LIVRE DE 1,7 M, CRAVADOS 0,5 M, COM 5 FIOS DE ARAME MISTO - FORNECIMENTO E INSTALAÇÃO. AF_05/2020","M",40.96]
[101205,"PORTÃO COM MOURÕES DE MADEIRA ROLIÇA, DIÂMETRO 11 CM, COM 5 FIOS DE ARAME FARPADO Nº 14 CLASSE 250, SEM DOBRADIÇAS - FORNECIMENTO E INSTALAÇÃO. AF_05/2020","M",41.49]
[102362,"ALAMBRADO PARA QUADRA POLIESPORTIVA, ESTRUTURADO POR TUBOS DE ACO GALVANIZADO, (MONTANTES COM DIAMETRO 2\", TRAVESSAS E ESCORAS COM DIÂMETRO 1 ¼\"), COM TELA DE ARAME GALVANIZADO, FIO 14 BWG E MALHA QUADRADA 5X5CM (EXCETO MURETA). AF_03/2021","M2",159.76]
[102363,"ALAMBRADO PARA QUADRA POLIESPORTIVA, ESTRUTURADO POR TUBOS DE ACO GALVANIZADO, (MONTANTES COM DIAMETRO 2\", TRAVESSAS E ESCORAS COM DIÂMETRO 1 ¼\"), COM TELA DE ARAME GALVANIZADO, FIO 12 BWG E MALHA QUADRADA 5X5CM (EXCETO MURETA). AF_03/2021","M2",171.44]
[102364,"ALAMBRADO PARA QUADRA POLIESPORTIVA, ESTRUTURADO POR TUBOS DE ACO GALVANIZADO, (MONTANTES COM DIAMETRO 2\", TRAVESSAS E ESCORAS COM DIÂMETRO 1 ¼\"), COM TELA DE ARAME GALVANIZADO, FIO 10 BWG E MALHA QUADRADA 5X5CM (EXCETO MURETA). AF_03/2021","M2",192.78]
[98509,"PLANTIO DE ARBUSTO OU  CERCA VIVA. AF_07/2024","UN",81.49]
[98510,"PLANTIO DE ÁRVORE ORNAMENTAL COM ALTURA DE MUDA MENOR OU IGUAL A 2,00 M . AF_07/2024","UN",121.64]
[98511,"PLANTIO DE ÁRVORE ORNAMENTAL COM ALTURA DE MUDA MAIOR QUE 2,00 M E MENOR OU IGUAL A 4,00 M . AF_07/2024","UN",226.25]
[98516,"PLANTIO DE PALMEIRA COM ALTURA DE MUDA MENOR OU IGUAL A 2,00 M . AF_07/2024","UN",389.47]
[98519,"REVOLVIMENTO E LIMPEZA MANUAL DE SOLO. AF_07/2024","M2",3.43]
[98520,"APLICAÇÃO DE ADUBO EM SOLO. AF_07/2024","M2",4.8]
[98521,"APLICAÇÃO DE CALCÁRIO PARA CORREÇÃO DO PH DO SOLO. AF_07/2024","M2",0.33]
[98522,"ALAMBRADO EM MOURÕES DE CONCRETO, COM TELA DE ARAME GALVANIZADO (INCLUSIVE MURETA EM CONCRETO). AF_05/2018","M",162.06]
[98524,"LIMPEZA MANUAL DE VEGETAÇÃO EM TERRENO COM ENXADA. AF_03/2024","M2",4.33]
[105521,"ESPALHAMENTO DE TERRA VEGETAL PARA O PLANTIO. AF_07/2024","M2",3.19]
[98503,"PLANTIO DE GRAMA EM PAVIMENTO CONCREGRAMA. AF_07/2024","M2",20.76]
[98504,"PLANTIO DE GRAMA BATATAIS EM PLACAS. AF_07/2024","M2",14.81]
[98505,"PLANTIO DE FORRAÇÃO. AF_07/2024","M2",118.71]
[103946,"PLANTIO DE GRAMA ESMERALDA OU SÃO CARLOS OU CURITIBANA, EM PLACAS. AF_07/2024","M2",19.39]
[105000,"RAMPA DE ACESSIBILIDADE PARA ACESSO A EDIFICAÇÕES COM INCLINAÇÃO DE 8,33% EM CONCRETO MOLDADO IN LOCO, COM LARGURA DE 1,20M, FCK 25MPA, NÃO ARMADA, COM JUNTA A CADA 2M COM CORTE À SECO. AF_03/2024_PA","M",{"v":1387.02,"d":"1,387.02"}]
[105001,"RAMPA DE ACESSIBILIDADE PARA ACESSO A EDIFICAÇÕES COM INCLINAÇÃO DE 8,33% EM CONCRETO MOLDADO IN LOCO, COM LARGURA DE 1,50M, FCK 25MPA, NÃO ARMADA, COM JUNTA A CADA 2M COM CORTE À SECO. AF_03/2024_PA","M",{"v":1428.91,"d":"1,428.91"}]
[105002,"RAMPA DE ACESSIBILIDADE EM CONCRETO MOLDADO IN LOCO, EM CALÇADA NOVA COM LARGURA MAIOR OU IGUAL À 3,00 M, FCK 25MPA, COM PISO PODOTÁTIL. AF_03/2024","UN",785.71]
[105003,"RAMPA DE ACESSIBILIDADE EM CONCRETO MOLDADO IN LOCO, EM CALÇADA PRÉ EXISTENTE COM LARGURA MAIOR OU IGUAL À 3,00 M, FCK 25MPA, COM PISO PODOTÁTIL. AF_03/2024","UN",{"v":1194.88,"d":"1,194.88"}]
[105004,"RAMPA DE ACESSIBILIDADE EM CONCRETO MOLDADO IN LOCO, EM CALÇADA NOVA COM LARGURA MENOR À 3,00 M, FCK 25MPA, COM PISO PODOTÁTIL. AF_03/2024","M2",133.18]
[105005,"RAMPA DE ACESSIBILIDADE EM CONCRETO MOLDADO IN LOCO, EM CALÇADA PRÉ EXISTENTE COM LARGURA MENOR À 3,00 M, FCK 25MPA, COM PISO PODOTÁTIL. AF_03/2024","M2",208.93]
[103185,"INSTALAÇÃO DE ESQUI TRIPLO, EM TUBO DE AÇO CARBONO - EQUIPAMENTO DE GINÁSTICA PARA ACADEMIA AO AR LIVRE / ACADEMIA DA TERCEIRA IDADE - ATI, INSTALADO SOBRE PISO DE CONCRETO EXISTENTE. AF_10/2021","UN",{"v":6145.05,"d":"6,145.05"}]
[103186,"INSTALAÇÃO DE MULTIEXERCITADOR COM SEIS FUNÇÕES, EM TUBO DE AÇO CARBONO - EQUIPAMENTO DE GINÁSTICA PARA ACADEMIA AO AR LIVRE / ACADEMIA DA TERCEIRA IDADE - ATI, INSTALADO SOBRE PISO DE CONCRETO EXISTENTE. AF_10/2021","UN",{"v":6483.36,"d":"6,483.36"}]
[103187,"INSTALAÇÃO DE SIMULADOR DE CAMINHADA TRIPLO, EM TUBO DE AÇO CARBONO - EQUIPAMENTO DE GINÁSTICA PARA ACADEMIA AO AR LIVRE / ACADEMIA DA TERCEIRA IDADE - ATI, INSTALADO SOBRE PISO DE CONCRETO EXISTENTE. AF_10/2021","UN",{"v":4871.23,"d":"4,871.23"}]
[103188,"INSTALAÇÃO DE SIMULADOR DE CAVALGADA TRIPLO, EM TUBO DE AÇO CARBONO - EQUIPAMENTO DE GINÁSTICA PARA ACADEMIA AO AR LIVRE / ACADEMIA DA TERCEIRA IDADE - ATI, INSTALADO SOBRE PISO DE CONCRETO EXISTENTE. AF_10/2021","UN",{"v":5238.5,"d":"5,238.50"}]
[103189,"INSTALAÇÃO DE SIMULADOR DE REMO INDIVIDUAL, EM TUBO DE AÇO CARBONO - EQUIPAMENTO DE GINÁSTICA PARA ACADEMIA AO AR LIVRE / ACADEMIA DA TERCEIRA IDADE - ATI, INSTALADO SOBRE PISO DE CONCRETO EXISTENTE. AF_10/2021","UN",{"v":2624.92,"d":"2,624.92"}]
[103190,"INSTALAÇÃO DE PRESSÃO DE PERNAS TRIPLO, EM TUBO DE AÇO CARBONO - EQUIPAMENTO DE GINÁSTICA PARA ACADEMIA AO AR LIVRE / ACADEMIA DA TERCEIRA IDADE - ATI, INSTALADO SOBRE SOLO. AF_10/2021","UN",{"v":4091.75,"d":"4,091.75"}]
[103191,"INSTALAÇÃO DE ALONGADOR COM TRÊS ALTURAS, EM TUBO DE AÇO CARBONO - EQUIPAMENTO DE GINASTICA PARA ACADEMIA AO AR LIVRE / ACADEMIA DA TERCEIRA IDADE - ATI, INSTALADO SOBRE SOLO. AF_10/2021","UN",{"v":2389.92,"d":"2,389.92"}]
[103192,"INSTALAÇÃO DE ROTAÇÃO DIAGONAL DUPLA, APARELHO TRIPLO, EM TUBO DE AÇO CARBONO - EQUIPAMENTO DE GINÁSTICA PARA ACADEMIA AO AR LIVRE / ACADEMIA DA TERCEIRA IDADE - ATI, INSTALADO SOBRE SOLO. AF_10/2021","UN",{"v":2543.56,"d":"2,543.56"}]
[103193,"INSTALAÇÃO DE ROTAÇÃO VERTICAL DUPLO, EM TUBO DE AÇO CARBONO - EQUIPAMENTO DE GINÁSTICA PARA ACADEMIA AO AR LIVRE / ACADEMIA DA TERCEIRA IDADE - ATI, INSTALADO SOBRE SOLO. AF_10/2021","UN",{"v":1962.29,"d":"1,962.29"}]
[103194,"INSTALAÇÃO DE SURF DUPLO, EM TUBO DE AÇO CARBONO - EQUIPAMENTO DE GINÁSTICA PARA ACADEMIA AO AR LIVRE / ACADEMIA DA TERCEIRA IDADE - ATI, INSTALADO SOBRE SOLO. AF_10/2021","UN",{"v":2820.26,"d":"2,820.26"}]
[103195,"INSTALAÇÃO DE PLACA ORIENTATIVA SOBRE EXERCÍCIOS, 2,00M X 1,00M, EM TUBO DE AÇO CARBONO - PARA ACADEMIA AO AR LIVRE / ACADEMIA DA TERCEIRA IDADE - ATI, INSTALADO SOBRE SOLO. AF_10/2021","UN",{"v":2201.33,"d":"2,201.33"}]
[103205,"INSTALAÇÃO DE PRESSÃO DE PERNAS TRIPLO, EM TUBO DE AÇO CARBONO - EQUIPAMENTO DE GINÁSTICA PARA ACADEMIA AO AR LIVRE / ACADEMIA DA TERCEIRA IDADE - ATI, INSTALADO SOBRE PISO DE CONCRETO EXISTENTE. AF_10/2021","UN",{"v":4098.14,"d":"4,098.14"}]
[103206,"INSTALAÇÃO DE ALONGADOR COM TRÊS ALTURAS, EM TUBO DE AÇO CARBONO - EQUIPAMENTO DE GINÁSTICA PARA ACADEMIA AO AR LIVRE / ACADEMIA DA TERCEIRA IDADE - ATI, INSTALADO SOBRE PISO DE CONCRETO EXISTENTE. AF_10/2021","UN",{"v":2396.32,"d":"2,396.32"}]
[103207,"INSTALAÇÃO DE ROTAÇÃO DIAGONAL DUPLA, APARELHO TRIPLO, EM TUBO DE AÇO CARBONO - EQUIPAMENTO DE GINÁSTICA PARA ACADEMIA AO AR LIVRE / ACADEMIA DA TERCEIRA IDADE - ATI, INSTALADO SOBRE PISO DE CONCRETO EXISTENTE. AF_10/2021","UN",{"v":2549.96,"d":"2,549.96"}]
[103208,"INSTALAÇÃO DE ROTAÇÃO VERTICAL DUPLO, EM TUBO DE ACO CARBONO - EQUIPAMENTO DE GINASTICA PARA ACADEMIA AO AR LIVRE / ACADEMIA DA TERCEIRA IDADE - ATI, INSTALADO SOBRE PISO DE CONCRETO EXISTENTE. AF_10/2021","UN",{"v":1968.69,"d":"1,968.69"}]
[103209,"INSTALAÇÃO DE SURF DUPLO, EM TUBO DE AÇO CARBONO - EQUIPAMENTO DE GINÁSTICA PARA ACADEMIA AO AR LIVRE / ACADEMIA DA TERCEIRA IDADE - ATI, INSTALADO SOBRE PISO DE CONCRETO EXISTENTE. AF_10/2021","UN",{"v":2826.66,"d":"2,826.66"}]
[103210,"INSTALAÇÃO DE PLACA ORIENTATIVA SOBRE EXERCÍCIOS, 2,00M X 1,00M, EM TUBO DE AÇO CARBONO - PARA ACADEMIA AO AR LIVRE / ACADEMIA DA TERCEIRA IDADE - ATI, INSTALADO SOBRE PISO DE CONCRETO EXISTENTE. AF_10/2021","UN",{"v":2295.81,"d":"2,295.81"}]
[103304,"INSTALAÇÃO DE BANCO METÁLICO COM ENCOSTO, 1,60 M DE COMPRIMENTO, EM TUBO DE AÇO CARBONO COM PINTURA ELETROSTÁTICA, SOBRE PISO DE CONCRETO EXISTENTE. AF_11/2021","UN",{"v":1245.81,"d":"1,245.81"}]
[103307,"INSTALAÇÃO DE LIXEIRA METÁLICA DUPLA, CAPACIDADE DE 60 L, EM TUBO DE AÇO CARBONO E CESTOS EM CHAPA DE AÇO COM PINTURA ELETROSTÁTICA, SOBRE PISO DE CONCRETO EXISTENTE. AF_11/2021","UN",{"v":1335.31,"d":"1,335.31"}]
[103310,"INSTALAÇÃO DE LIXEIRA METÁLICA DUPLA, CAPACIDADE DE 60 L, EM TUBO DE AÇO CARBONO E CESTOS EM CHAPA DE AÇO COM PINTURA ELETROSTÁTICA, SOBRE SOLO. AF_11/2021","UN",{"v":1288.34,"d":"1,288.34"}]
[103314,"INSTALAÇÃO DE PERGOLADO DE MADEIRA, EM MAÇARANDUBA, ANGELIM OU EQUIVALENTE DA REGIÃO, FIXADO COM CONCRETO SOBRE PISO DE CONCRETO EXISTENTE. AF_11/2021","M2",236.14]
[103315,"INSTALAÇÃO DE PERGOLADO DE MADEIRA, EM MAÇARANDUBA, ANGELIM OU EQUIVALENTE DA REGIÃO, FIXADO COM CONCRETO SOBRE SOLO. AF_11/2021","M2",228.2]
[103769,"PAR DE TABELAS DE BASQUETE DE COMPENSADO NAVAL, COM AROS E REDES - FORNECIMENTO E INSTALAÇÃO. AF_03/2022","UN",{"v":4862.97,"d":"4,862.97"}]
[98525,"LIMPEZA MECANIZADA DE CAMADA VEGETAL, VEGETAÇÃO E PEQUENAS ÁRVORES (DIÂMETRO DE TRONCO MENOR QUE 0,20 M), COM TRATOR DE ESTEIRAS. AF_03/2024","M2",0.62]
[98526,"REMOÇÃO DE RAÍZES REMANESCENTES DE TRONCO DE ÁRVORE COM DIÂMETRO MAIOR OU IGUAL A 0,20 M E MENOR QUE 0,40 M. AF_03/2024","UN",117.78]
[98527,"REMOÇÃO DE RAÍZES REMANESCENTES DE TRONCO DE ÁRVORE COM DIÂMETRO MAIOR OU IGUAL A 0,40 M E MENOR QUE 0,60 M. AF_03/2024","UN",195.47]
[98528,"REMOÇÃO DE RAÍZES REMANESCENTES DE TRONCO DE ÁRVORE COM DIÂMETRO MAIOR OU IGUAL A 0,60 M. AF_03/2024","UN",257.63]
[98529,"CORTE RASO E RECORTE DE ÁRVORE COM DIÂMETRO DE TRONCO MAIOR OU IGUAL A 0,20 M E MENOR QUE 0,40 M. AF_03/2024","UN",68.41]
[98530,"CORTE RASO E RECORTE DE ÁRVORE COM DIÂMETRO DE TRONCO MAIOR OU IGUAL A 0,40 M E MENOR QUE 0,60 M. AF_03/2024","UN",134.27]
[98531,"CORTE RASO E RECORTE DE ÁRVORE COM DIÂMETRO DE TRONCO MAIOR OU IGUAL A 0,60 M. AF_03/2024","UN",360.31]
[98532,"PODA EM ALTURA DE ÁRVORE COM DIÂMETRO DE TRONCO MENOR QUE 0,20 M. AF_03/2024","UN",30.63]
[98533,"PODA EM ALTURA DE ÁRVORE COM DIÂMETRO DE TRONCO MAIOR OU IGUAL A 0,20 M E MENOR QUE 0,40 M. AF_03/2024","UN",113.85]
[98534,"PODA EM ALTURA DE ÁRVORE COM DIÂMETRO DE TRONCO MAIOR OU IGUAL A 0,40 M E MENOR QUE 0,60 M. AF_03/2024","UN",315.44]
[98535,"PODA EM ALTURA DE ÁRVORE COM DIÂMETRO DE TRONCO MAIOR OU IGUAL A 0,60 M. AF_03/2024","UN",656.47]
[88238,"AJUDANTE DE ARMADOR COM ENCARGOS COMPLEMENTARES","H",21.5]
[88239,"AJUDANTE DE CARPINTEIRO COM ENCARGOS COMPLEMENTARES","H",21.42]
[88240,"AJUDANTE DE ESTRUTURA METÁLICA COM ENCARGOS COMPLEMENTARES","H",20.31]
[88241,"AJUDANTE DE OPERAÇÃO EM GERAL COM ENCARGOS COMPLEMENTARES","H",21.33]
[88242,"AJUDANTE DE PEDREIRO COM ENCARGOS COMPLEMENTARES","H",21.56]
[88243,"AJUDANTE ESPECIALIZADO COM ENCARGOS COMPLEMENTARES","H",21.21]
[88245,"ARMADOR COM ENCARGOS COMPLEMENTARES","H",25.4]
[88246,"ASSENTADOR DE TUBOS COM ENCARGOS COMPLEMENTARES","H",14.31]
[88247,"AUXILIAR DE ELETRICISTA COM ENCARGOS COMPLEMENTARES","H",21.96]
[88248,"AUXILIAR DE ENCANADOR OU BOMBEIRO HIDRÁULICO COM ENCARGOS COMPLEMENTARES","H",20.92]
[88249,"AUXILIAR DE LABORATÓRIO COM ENCARGOS COMPLEMENTARES","H",27.19]
[88250,"AUXILIAR DE MECÂNICO COM ENCARGOS COMPLEMENTARES","H",20.31]
[88251,"AUXILIAR DE SERRALHEIRO COM ENCARGOS COMPLEMENTARES","H",21.5]
[88252,"AUXILIAR DE SERVIÇOS GERAIS COM ENCARGOS COMPLEMENTARES","H",20.16]
[88253,"AUXILIAR DE TOPÓGRAFO COM ENCARGOS COMPLEMENTARES","H",11.13]
[88255,"AUXILIAR TÉCNICO DE ENGENHARIA COM ENCARGOS COMPLEMENTARES","H",27.22]
[88256,"AZULEJISTA OU LADRILHISTA COM ENCARGOS COMPLEMENTARES","H",25.47]
[88257,"BLASTER, DINAMITADOR OU CABO DE FOGO COM ENCARGOS COMPLEMENTARES","H",18.51]
[88260,"CALCETEIRO COM ENCARGOS COMPLEMENTARES","H",23.49]
[88261,"CARPINTEIRO DE ESQUADRIA COM ENCARGOS COMPLEMENTARES","H",24.15]
[88262,"CARPINTEIRO DE FORMAS COM ENCARGOS COMPLEMENTARES","H",25.26]
[88263,"CAVOUQUEIRO OU OPERADOR PERFURATRIZ/ROMPEDOR COM ENCARGOS COMPLEMENTARES","H",21.17]
[88264,"ELETRICISTA COM ENCARGOS COMPLEMENTARES","H",26.68]
[88266,"ELETROTÉCNICO COM ENCARGOS COMPLEMENTARES","H",32.85]
[88267,"ENCANADOR OU BOMBEIRO HIDRÁULICO COM ENCARGOS COMPLEMENTARES","H",25.55]
[88269,"GESSEIRO COM ENCARGOS COMPLEMENTARES","H",24.5]
[88270,"IMPERMEABILIZADOR COM ENCARGOS COMPLEMENTARES","H",23.14]
[88272,"MACARIQUEIRO COM ENCARGOS COMPLEMENTARES","H",25.97]
[88273,"MARCENEIRO COM ENCARGOS COMPLEMENTARES","H",23.84]
[88274,"MARMORISTA/GRANITEIRO COM ENCARGOS COMPLEMENTARES","H",25.47]
[88275,"MECÃNICO DE EQUIPAMENTOS PESADOS COM ENCARGOS COMPLEMENTARES","H",30.42]
[88277,"MONTADOR (TUBO AÇO/EQUIPAMENTOS) COM ENCARGOS COMPLEMENTARES","H",15.89]
[88278,"MONTADOR DE ESTRUTURA METÁLICA COM ENCARGOS COMPLEMENTARES","H",22.44]
[88279,"MONTADOR ELETROMECÃNICO COM ENCARGOS COMPLEMENTARES","H",19.34]
[88281,"MOTORISTA DE BASCULANTE COM ENCARGOS COMPLEMENTARES","H",32.57]
[88282,"MOTORISTA DE CAMINHÃO COM ENCARGOS COMPLEMENTARES","H",31.5]
[88283,"MOTORISTA DE CAMINHÃO E CARRETA COM ENCARGOS COMPLEMENTARES","H",38.16]
[88284,"MOTORISTA DE VEÍCULO LEVE COM ENCARGOS COMPLEMENTARES","H",26.93]
[88286,"MOTORISTA OPERADOR DE MUNCK COM ENCARGOS COMPLEMENTARES","H",35.34]
[88288,"NIVELADOR COM ENCARGOS COMPLEMENTARES","H",18.25]
[88291,"OPERADOR DE BETONEIRA (CAMINHÃO) COM ENCARGOS COMPLEMENTARES","H",21.38]
[88292,"OPERADOR DE COMPRESSOR OU COMPRESSORISTA COM ENCARGOS COMPLEMENTARES","H",21.21]
[88293,"OPERADOR DE DEMARCADORA DE FAIXAS COM ENCARGOS COMPLEMENTARES","H",21.38]
[88294,"OPERADOR DE ESCAVADEIRA COM ENCARGOS COMPLEMENTARES","H",24.21]
[88295,"OPERADOR DE GUINCHO COM ENCARGOS COMPLEMENTARES","H",20.99]
[88296,"OPERADOR DE GUINDASTE COM ENCARGOS COMPLEMENTARES","H",25.07]
[88297,"OPERADOR DE MÁQUINAS E EQUIPAMENTOS COM ENCARGOS COMPLEMENTARES","H",21.72]
[88298,"OPERADOR DE MARTELETE OU MARTELETEIRO COM ENCARGOS COMPLEMENTARES","H",19.1]
[88299,"OPERADOR DE MOTO-ESCREIPER COM ENCARGOS COMPLEMENTARES","H",28.79]
[88300,"OPERADOR DE MOTONIVELADORA COM ENCARGOS COMPLEMENTARES","H",28.79]
[88301,"OPERADOR DE PÁ CARREGADEIRA COM ENCARGOS COMPLEMENTARES","H",21.38]
[88302,"OPERADOR DE PAVIMENTADORA COM ENCARGOS COMPLEMENTARES","H",21.38]
[88303,"OPERADOR DE ROLO COMPACTADOR COM ENCARGOS COMPLEMENTARES","H",21.21]
[88304,"OPERADOR DE USINA DE ASFALTO, DE SOLOS OU DE CONCRETO COM ENCARGOS COMPLEMENTARES","H",28.79]
[88306,"OPERADOR JATO DE AREIA OU JATISTA COM ENCARGOS COMPLEMENTARES","H",18.78]
[88307,"OPERADOR PARA BATE ESTACAS COM ENCARGOS COMPLEMENTARES","H",20.69]
[88308,"PASTILHEIRO COM ENCARGOS COMPLEMENTARES","H",25.47]
[88309,"PEDREIRO COM ENCARGOS COMPLEMENTARES","H",25.62]
[88310,"PINTOR COM ENCARGOS COMPLEMENTARES","H",27.11]
[88311,"PINTOR DE LETREIROS COM ENCARGOS COMPLEMENTARES","H",26.52]
[88312,"PINTOR PARA TINTA EPÓXI COM ENCARGOS COMPLEMENTARES","H",27.11]
[88313,"POCEIRO COM ENCARGOS COMPLEMENTARES","H",20.89]
[88314,"RASTELEIRO COM ENCARGOS COMPLEMENTARES","H",22.17]
[88315,"SERRALHEIRO COM ENCARGOS COMPLEMENTARES","H",25.4]
[88316,"SERVENTE COM ENCARGOS COMPLEMENTARES","H",20.32]
[88317,"SOLDADOR COM ENCARGOS COMPLEMENTARES","H",26.36]
[88318,"SOLDADOR A (PARA SOLDA A SER TESTADA COM RAIOS \"X\") COM ENCARGOS COMPLEMENTARES","H",29.85]
[88321,"TÉCNICO DE LABORATÓRIO COM ENCARGOS COMPLEMENTARES","H",29.68]
[88322,"TÉCNICO DE SONDAGEM COM ENCARGOS COMPLEMENTARES","H",23.47]
[88323,"TELHADISTA COM ENCARGOS COMPLEMENTARES","H",25]
[88324,"TRATORISTA COM ENCARGOS COMPLEMENTARES","H",21.72]
[88325,"VIDRACEIRO COM ENCARGOS COMPLEMENTARES","H",22.69]
[88377,"OPERADOR DE BETONEIRA ESTACIONÁRIA/MISTURADOR COM ENCARGOS COMPLEMENTARES","H",19.6]
[88441,"JARDINEIRO COM ENCARGOS COMPLEMENTARES","H",21.11]
[90766,"ALMOXARIFE COM ENCARGOS COMPLEMENTARES","H",22.13]
[90767,"APONTADOR OU APROPRIADOR COM ENCARGOS COMPLEMENTARES","H",23.15]
[90768,"ARQUITETO DE OBRA JUNIOR COM ENCARGOS COMPLEMENTARES","H",113.92]
[90769,"ARQUITETO DE OBRA PLENO COM ENCARGOS COMPLEMENTARES","H",120.56]
[90770,"ARQUITETO DE OBRA SENIOR COM ENCARGOS COMPLEMENTARES","H",126.24]
[90772,"AUXILIAR DE ESCRITORIO COM ENCARGOS COMPLEMENTARES","H",17.7]
[90775,"DESENHISTA PROJETISTA COM ENCARGOS COMPLEMENTARES","H",22.54]
[90776,"ENCARREGADO GERAL COM ENCARGOS COMPLEMENTARES","H",29.84]
[90777,"ENGENHEIRO CIVIL DE OBRA JUNIOR COM ENCARGOS COMPLEMENTARES","H",116.87]
[90778,"ENGENHEIRO CIVIL DE OBRA PLENO COM ENCARGOS COMPLEMENTARES","H",123.26]
[90779,"ENGENHEIRO CIVIL DE OBRA SENIOR COM ENCARGOS COMPLEMENTARES","H",146.59]
[90780,"MESTRE DE OBRAS COM ENCARGOS COMPLEMENTARES","H",61.24]
[90781,"TOPOGRAFO COM ENCARGOS COMPLEMENTARES","H",22.13]
[93558,"MOTORISTA DE CAMINHAO COM ENCARGOS COMPLEMENTARES","MES",{"v":5588.33,"d":"5,588.33"}]
[93561,"DESENHISTA PROJETISTA COM ENCARGOS COMPLEMENTARES","MES",{"v":3989.46,"d":"3,989.46"}]
[93563,"ALMOXARIFE COM ENCARGOS COMPLEMENTARES","MES",{"v":3915.9,"d":"3,915.90"}]
[93564,"APONTADOR OU APROPRIADOR COM ENCARGOS COMPLEMENTARES","MES",{"v":4080.12,"d":"4,080.12"}]
[93565,"ENGENHEIRO CIVIL DE OBRA JUNIOR COM ENCARGOS COMPLEMENTARES","MES",{"v":20503.84,"d":"20,503.84"}]
[93566,"AUXILIAR DE ESCRITORIO COM ENCARGOS COMPLEMENTARES","MES",{"v":3139.44,"d":"3,139.44"}]
[93567,"ENGENHEIRO CIVIL DE OBRA PLENO COM ENCARGOS COMPLEMENTARES","MES",{"v":21625.07,"d":"21,625.07"}]
[93568,"ENGENHEIRO CIVIL DE OBRA SENIOR COM ENCARGOS COMPLEMENTARES","MES",{"v":25712.47,"d":"25,712.47"}]
[93569,"ARQUITETO JUNIOR COM ENCARGOS COMPLEMENTARES","MES",{"v":20024.18,"d":"20,024.18"}]
[93570,"ARQUITETO PLENO COM ENCARGOS COMPLEMENTARES","MES",{"v":21189.82,"d":"21,189.82"}]
[93571,"ARQUITETO SENIOR COM ENCARGOS COMPLEMENTARES","MES",{"v":22188.31,"d":"22,188.31"}]
[93572,"ENCARREGADO GERAL DE OBRAS COM ENCARGOS COMPLEMENTARES","MES",{"v":5256.98,"d":"5,256.98"}]
[94295,"MESTRE DE OBRAS COM ENCARGOS COMPLEMENTARES","MES",{"v":10750.39,"d":"10,750.39"}]
[94296,"TOPOGRAFO COM ENCARGOS COMPLEMENTARES","MES",{"v":3912.36,"d":"3,912.36"}]
[95308,"CURSO DE CAPACITAÇÃO PARA AJUDANTE DE ARMADOR (ENCARGOS COMPLEMENTARES) - HORISTA","H",0.21]
[95309,"CURSO DE CAPACITAÇÃO PARA AJUDANTE DE CARPINTEIRO (ENCARGOS COMPLEMENTARES) - HORISTA","H",0.27]
[95310,"CURSO DE CAPACITAÇÃO PARA AJUDANTE DE ESTRUTURA METÁLICA (ENCARGOS COMPLEMENTARES) - HORISTA","H",0.21]
[95311,"CURSO DE CAPACITAÇÃO PARA AJUDANTE DE OPERAÇÃO EM GERAL (ENCARGOS COMPLEMENTARES) - HORISTA","H",0.2]
[95312,"CURSO DE CAPACITAÇÃO PARA AJUDANTE DE PEDREIRO (ENCARGOS COMPLEMENTARES) - HORISTA","H",0.27]
[95313,"CURSO DE CAPACITAÇÃO PARA AJUDANTE ESPECIALIZADO (ENCARGOS COMPLEMENTARES) - HORISTA","H",0.2]
[95314,"CURSO DE CAPACITAÇÃO PARA ARMADOR (ENCARGOS COMPLEMENTARES) - HORISTA","H",0.26]
[95315,"CURSO DE CAPACITAÇÃO PARA ASSENTADOR DE TUBOS (ENCARGOS COMPLEMENTARES) - HORISTA","H",0.16]
[95316,"CURSO DE CAPACITAÇÃO PARA AUXILIAR DE ELETRICISTA (ENCARGOS COMPLEMENTARES) - HORISTA","H",0.68]
[95317,"CURSO DE CAPACITAÇÃO PARA AUXILIAR DE ENCANADOR OU BOMBEIRO HIDRÁULICO (ENCARGOS COMPLEMENTARES) - HORISTA","H",0.32]
[95318,"CURSO DE CAPACITAÇÃO PARA AUXILIAR DE LABORATÓRIO (ENCARGOS COMPLEMENTARES) - HORISTA","H",0.23]
[95319,"CURSO DE CAPACITAÇÃO PARA AUXILIAR DE MECÂNICO (ENCARGOS COMPLEMENTARES) - HORISTA","H",0.21]
[95320,"CURSO DE CAPACITAÇÃO PARA AUXILIAR DE SERRALHEIRO (ENCARGOS COMPLEMENTARES) - HORISTA","H",0.21]
[95321,"CURSO DE CAPACITAÇÃO PARA AUXILIAR DE SERVIÇOS GERAIS (ENCARGOS COMPLEMENTARES) - HORISTA","H",0.19]
[95322,"CURSO DE CAPACITAÇÃO PARA AUXILIAR DE TOPÓGRAFO (ENCARGOS COMPLEMENTARES) - HORISTA","H",0.08]
[95323,"CURSO DE CAPACITAÇÃO PARA AUXILIAR TÉCNICO DE ENGENHARIA (ENCARGOS COMPLEMENTARES) - HORISTA","H",0.23]
[95324,"CURSO DE CAPACITAÇÃO PARA AZULEJISTA OU LADRILHISTA (ENCARGOS COMPLEMENTARES) - HORISTA","H",0.33]
[95325,"CURSO DE CAPACITAÇÃO PARA BLASTER, DINAMITADOR OU CABO DE FOGO (ENCARGOS COMPLEMENTARES) - HORISTA","H",0.29]
[95328,"CURSO DE CAPACITAÇÃO PARA CALCETEIRO (ENCARGOS COMPLEMENTARES) - HORISTA","H",0.23]
[95329,"CURSO DE CAPACITAÇÃO PARA CARPINTEIRO DE ESQUADRIA (ENCARGOS COMPLEMENTARES) - HORISTA","H",0.31]
[95330,"CURSO DE CAPACITAÇÃO PARA CARPINTEIRO DE FÔRMAS (ENCARGOS COMPLEMENTARES) - HORISTA","H",0.26]
[95331,"CURSO DE CAPACITAÇÃO PARA CAVOUQUEIRO OU OPERADOR PERFURATRIZ/ROMPEDOR (ENCARGOS COMPLEMENTARES) - HORISTA","H",0.22]
[95332,"CURSO DE CAPACITAÇÃO PARA ELETRICISTA (ENCARGOS COMPLEMENTARES) - HORISTA","H",0.87]
[95334,"CURSO DE CAPACITAÇÃO PARA ELETROTÉCNICO (ENCARGOS COMPLEMENTARES) - HORISTA","H",0.94]
[95335,"CURSO DE CAPACITAÇÃO PARA ENCANADOR OU BOMBEIRO HIDRÁULICO (ENCARGOS COMPLEMENTARES) - HORISTA","H",0.42]
[95337,"CURSO DE CAPACITAÇÃO PARA GESSEIRO (ENCARGOS COMPLEMENTARES) - HORISTA","H",0.25]
[95338,"CURSO DE CAPACITAÇÃO PARA IMPERMEABILIZADOR (ENCARGOS COMPLEMENTARES) - HORISTA","H",0.42]
[95339,"CURSO DE CAPACITAÇÃO PARA MAÇARIQUEIRO (ENCARGOS COMPLEMENTARES) - HORISTA","H",0.39]
[95340,"CURSO DE CAPACITAÇÃO PARA MARCENEIRO (ENCARGOS COMPLEMENTARES) - HORISTA","H",0.31]
[95341,"CURSO DE CAPACITAÇÃO PARA MARMORISTA/GRANITEIRO (ENCARGOS COMPLEMENTARES) - HORISTA","H",0.33]
[95342,"CURSO DE CAPACITAÇÃO PARA MECÂNICO DE EQUIPAMENTOS PESADOS (ENCARGOS COMPLEMENTARES) - HORISTA","H",0.24]
[95343,"CURSO DE CAPACITAÇÃO PARA MONTADOR  DE TUBO AÇO/EQUIPAMENTOS (ENCARGOS COMPLEMENTARES) - HORISTA","H",0.19]
[95344,"CURSO DE CAPACITAÇÃO PARA MONTADOR DE ESTRUTURA METÁLICA (ENCARGOS COMPLEMENTARES) - HORISTA","H",0.23]
[95345,"CURSO DE CAPACITAÇÃO PARA MONTADOR ELETROMECÂNICO (ENCARGOS COMPLEMENTARES) - HORISTA","H",0.48]
[95346,"CURSO DE CAPACITAÇÃO PARA MOTORISTA DE BASCULANTE (ENCARGOS COMPLEMENTARES) - HORISTA","H",0.16]
[95347,"CURSO DE CAPACITAÇÃO PARA MOTORISTA DE CAMINHÃO (ENCARGOS COMPLEMENTARES) - HORISTA","H",0.15]
[95348,"CURSO DE CAPACITAÇÃO PARA MOTORISTA DE CAMINHÃO E CARRETA (ENCARGOS COMPLEMENTARES) - HORISTA","H",0.19]
[95349,"CURSO DE CAPACITAÇÃO PARA MOTORISTA DE VEÍCULO LEVE (ENCARGOS COMPLEMENTARES) - HORISTA","H",0.13]
[95351,"CURSO DE CAPACITAÇÃO PARA MOTORISTA OPERADOR DE MUNCK (ENCARGOS COMPLEMENTARES) - HORISTA","H",0.57]
[95352,"CURSO DE CAPACITAÇÃO PARA NIVELADOR (ENCARGOS COMPLEMENTARES) - HORISTA","H",0.15]
[95354,"CURSO DE CAPACITAÇÃO PARA OPERADOR DE BETONEIRA (CAMINHÃO) (ENCARGOS COMPLEMENTARES) - HORISTA","H",0.16]
[95355,"CURSO DE CAPACITAÇÃO PARA OPERADOR DE COMPRESSOR OU COMPRESSORISTA (ENCARGOS COMPLEMENTARES) - HORISTA","H",0.16]
[95356,"CURSO DE CAPACITAÇÃO PARA OPERADOR DE DEMARCADORA DE FAIXAS (ENCARGOS COMPLEMENTARES) - HORISTA","H",0.16]
[95357,"CURSO DE CAPACITAÇÃO PARA OPERADOR DE ESCAVADEIRA (ENCARGOS COMPLEMENTARES) - HORISTA","H",0.26]
[95358,"CURSO DE CAPACITAÇÃO PARA OPERADOR DE GUINCHO (ENCARGOS COMPLEMENTARES) - HORISTA","H",0.31]
[95359,"CURSO DE CAPACITAÇÃO PARA OPERADOR DE GUINDASTE (ENCARGOS COMPLEMENTARES) - HORISTA","H",0.38]
[95360,"CURSO DE CAPACITAÇÃO PARA OPERADOR DE MÁQUINAS E EQUIPAMENTOS (ENCARGOS COMPLEMENTARES) - HORISTA","H",0.23]
[95361,"CURSO DE CAPACITAÇÃO PARA OPERADOR DE MARTELETE OU MARTELETEIRO (ENCARGOS COMPLEMENTARES) - HORISTA","H",0.14]
[95362,"CURSO DE CAPACITAÇÃO PARA OPERADOR DE MOTO-ESCREIPER (ENCARGOS COMPLEMENTARES) - HORISTA","H",0.23]
[95363,"CURSO DE CAPACITAÇÃO PARA OPERADOR DE MOTONIVELADORA (ENCARGOS COMPLEMENTARES) - HORISTA","H",0.23]
[95364,"CURSO DE CAPACITAÇÃO PARA OPERADOR DE PÁ CARREGADEIRA (ENCARGOS COMPLEMENTARES) - HORISTA","H",0.16]
[95365,"CURSO DE CAPACITAÇÃO PARA OPERADOR DE PAVIMENTADORA (ENCARGOS COMPLEMENTARES) - HORISTA","H",0.16]
[95366,"CURSO DE CAPACITAÇÃO PARA OPERADOR DE ROLO COMPACTADOR (ENCARGOS COMPLEMENTARES) - HORISTA","H",0.16]
[95367,"CURSO DE CAPACITAÇÃO PARA OPERADOR DE USINA DE ASFALTO, DE SOLOS OU DE CONCRETO (ENCARGOS COMPLEMENTARES) - HORISTA","H",0.23]
[95368,"CURSO DE CAPACITAÇÃO PARA OPERADOR JATO DE AREIA OU JATISTA (ENCARGOS COMPLEMENTARES) - HORISTA","H",0.19]
[95369,"CURSO DE CAPACITAÇÃO PARA OPERADOR PARA BATE ESTACAS (ENCARGOS COMPLEMENTARES) - HORISTA","H",0.15]
[95370,"CURSO DE CAPACITAÇÃO PARA PASTILHEIRO (ENCARGOS COMPLEMENTARES) - HORISTA","H",0.33]
[95371,"CURSO DE CAPACITAÇÃO PARA PEDREIRO (ENCARGOS COMPLEMENTARES) - HORISTA","H",0.48]
[95372,"CURSO DE CAPACITAÇÃO PARA PINTOR (ENCARGOS COMPLEMENTARES) - HORISTA","H",0.33]
[95373,"CURSO DE CAPACITAÇÃO PARA PINTOR DE LETREIROS (ENCARGOS COMPLEMENTARES) - HORISTA","H",0.32]
[95374,"CURSO DE CAPACITAÇÃO PARA PINTOR PARA TINTA EPÓXI (ENCARGOS COMPLEMENTARES) - HORISTA","H",0.33]
[95375,"CURSO DE CAPACITAÇÃO PARA POCEIRO (ENCARGOS COMPLEMENTARES) - HORISTA","H",0.39]
[95376,"CURSO DE CAPACITAÇÃO PARA RASTELEIRO (ENCARGOS COMPLEMENTARES) - HORISTA","H",0.1]
[95377,"CURSO DE CAPACITAÇÃO PARA SERRALHEIRO (ENCARGOS COMPLEMENTARES) - HORISTA","H",0.26]
[95378,"CURSO DE CAPACITAÇÃO PARA SERVENTE (ENCARGOS COMPLEMENTARES) - HORISTA","H",0.35]
[95379,"CURSO DE CAPACITAÇÃO PARA SOLDADOR (ENCARGOS COMPLEMENTARES) - HORISTA","H",0.26]
[95380,"CURSO DE CAPACITAÇÃO PARA SOLDADOR A (PARA SOLDA A SER TESTADA COM RAIOS  X ) (ENCARGOS COMPLEMENTARES) - HORISTA","H",0.3]
[95383,"CURSO DE CAPACITAÇÃO PARA TÉCNICO DE LABORATÓRIO (ENCARGOS COMPLEMENTARES) - HORISTA","H",0.26]
[95384,"CURSO DE CAPACITAÇÃO PARA TÉCNICO DE SONDAGEM (ENCARGOS COMPLEMENTARES) - HORISTA","H",0.27]
[95385,"CURSO DE CAPACITAÇÃO PARA TELHADISTA (ENCARGOS COMPLEMENTARES) - HORISTA","H",0.25]
[95386,"CURSO DE CAPACITAÇÃO PARA TRATORISTA (ENCARGOS COMPLEMENTARES) - HORISTA","H",0.23]
[95387,"CURSO DE CAPACITAÇÃO PARA VIDRACEIRO (ENCARGOS COMPLEMENTARES) - HORISTA","H",0.28]
[95389,"CURSO DE CAPACITAÇÃO PARA OPERADOR DE BETONEIRA ESTACIONÁRIA/MISTURADOR (ENCARGOS COMPLEMENTARES) - HORISTA","H",0.14]
[95390,"CURSO DE CAPACITAÇÃO PARA JARDINEIRO (ENCARGOS COMPLEMENTARES) - HORISTA","H",0.09]
[95392,"CURSO DE CAPACITAÇÃO PARA ALMOXARIFE (ENCARGOS COMPLEMENTARES) - HORISTA","H",0.11]
[95393,"CURSO DE CAPACITAÇÃO PARA APONTADOR OU APROPRIADOR (ENCARGOS COMPLEMENTARES) - HORISTA","H",0.49]
[95394,"CURSO DE CAPACITAÇÃO PARA ARQUITETO DE OBRA JÚNIOR (ENCARGOS COMPLEMENTARES) - HORISTA","H",1.05]
[95395,"CURSO DE CAPACITAÇÃO PARA ARQUITETO DE OBRA PLENO (ENCARGOS COMPLEMENTARES) - HORISTA","H",1.12]
[95396,"CURSO DE CAPACITAÇÃO PARA ARQUITETO DE OBRA SÊNIOR (ENCARGOS COMPLEMENTARES) - HORISTA","H",1.17]
[95398,"CURSO DE CAPACITAÇÃO PARA AUXILIAR DE ESCRITÓRIO (ENCARGOS COMPLEMENTARES) - HORISTA","H",0.09]
[95400,"CURSO DE CAPACITAÇÃO PARA DESENHISTA PROJETISTA (ENCARGOS COMPLEMENTARES) - HORISTA","H",0.11]
[95401,"CURSO DE CAPACITAÇÃO PARA ENCARREGADO GERAL (ENCARGOS COMPLEMENTARES) - HORISTA","H",0.64]
[95402,"CURSO DE CAPACITAÇÃO PARA ENGENHEIRO CIVIL DE OBRA JÚNIOR (ENCARGOS COMPLEMENTARES) - HORISTA","H",1.91]
[95403,"CURSO DE CAPACITAÇÃO PARA ENGENHEIRO CIVIL DE OBRA PLENO (ENCARGOS COMPLEMENTARES) - HORISTA","H",2.02]
[95404,"CURSO DE CAPACITAÇÃO PARA ENGENHEIRO CIVIL DE OBRA SÊNIOR (ENCARGOS COMPLEMENTARES) - HORISTA","H",2.41]
[95405,"CURSO DE CAPACITAÇÃO PARA MESTRE DE OBRAS (ENCARGOS COMPLEMENTARES) - HORISTA","H",1.39]
[95406,"CURSO DE CAPACITAÇÃO PARA TOPÓGRAFO (ENCARGOS COMPLEMENTARES) - HORISTA","H",0.18]
[95408,"CURSO DE CAPACITAÇÃO  PARA MOTORISTA DE CAMINHÃO (ENCARGOS COMPLEMENTARES) - MENSALISTA","MES",20.95]
[95411,"CURSO DE CAPACITAÇÃO PARA DESENHISTA PROJETISTA (ENCARGOS COMPLEMENTARES) - MENSALISTA","MES",15.63]
[95413,"CURSO DE CAPACITAÇÃO PARA ALMOXARIFE (ENCARGOS COMPLEMENTARES) - MENSALISTA","MES",15.25]
[95414,"CURSO DE CAPACITAÇÃO PARA APONTADOR OU APROPRIADOR (ENCARGOS COMPLEMENTARES) - MENSALISTA","MES",65.66]
[95415,"CURSO DE CAPACITAÇÃO PARA ENGENHEIRO CIVIL DE OBRA JÚNIOR (ENCARGOS COMPLEMENTARES) - MENSALISTA","MES",252.28]
[95416,"CURSO DE CAPACITAÇÃO PARA AUXILIAR DE ESCRITÓRIO (ENCARGOS COMPLEMENTARES) - MENSALISTA","MES",11.86]
[95417,"CURSO DE CAPACITAÇÃO PARA ENGENHEIRO CIVIL DE OBRA PLENO (ENCARGOS COMPLEMENTARES) - MENSALISTA","MES",266.36]
[95418,"CURSO DE CAPACITAÇÃO PARA ENGENHEIRO CIVIL DE OBRA SÊNIOR (ENCARGOS COMPLEMENTARES) - MENSALISTA","MES",317.65]
[95419,"CURSO DE CAPACITAÇÃO PARA ARQUITETO JÚNIOR (ENCARGOS COMPLEMENTARES) - MENSALISTA","MES",139.49]
[95420,"CURSO DE CAPACITAÇÃO PARA ARQUITETO PLENO (ENCARGOS COMPLEMENTARES) - MENSALISTA","MES",147.78]
[95421,"CURSO DE CAPACITAÇÃO PARA ARQUITETO SÊNIOR (ENCARGOS COMPLEMENTARES) - MENSALISTA","MES",154.88]
[95422,"CURSO DE CAPACITAÇÃO PARA ENCARREGADO GERAL DE OBRAS (ENCARGOS COMPLEMENTARES) - MENSALISTA","MES",85.04]
[95423,"CURSO DE CAPACITAÇÃO PARA MESTRE DE OBRAS (ENCARGOS COMPLEMENTARES) - MENSALISTA","MES",183.55]
[95424,"CURSO DE CAPACITAÇÃO PARA TOPÓGRAFO (ENCARGOS COMPLEMENTARES) - MENSALISTA","MES",24.93]
[100288,"CURSO DE CAPACITAÇÃO PARA VIGIA DIURNO (ENCARGOS COMPLEMENTARES) - HORISTA","H",0.08]
[100289,"VIGIA DIURNO COM ENCARGOS COMPLEMENTARES","H",20.59]
[100291,"CURSO DE CAPACITAÇÃO PARA AJUDANTE DE PINTOR (ENCARGOS COMPLEMENTARES) - HORISTA","H",0.33]
[100293,"CURSO DE CAPACITAÇÃO PARA AUXILIAR DE AZULEJISTA (ENCARGOS COMPLEMENTARES) - HORISTA","H",0.25]
[100295,"CURSO DE CAPACITAÇÃO PARA MONTADOR DE ELETROELETRONICOS (ENCARGOS COMPLEMENTARES) - HORISTA","H",0.61]
[100298,"CURSO DE CAPACITAÇÃO PARA MECÂNICO DE REFRIGERAÇÃO (ENCARGOS COMPLEMENTARES) - HORISTA","H",0.69]
[100299,"CURSO DE CAPACITAÇÃO PARA TÉCNICO EM SEGURANÇA DO TRABALHO (ENCARGOS COMPLEMENTARES) - HORISTA","H",0.55]
[100301,"AJUDANTE DE PINTOR COM ENCARGOS COMPLEMENTARES","H",27.11]
[100303,"AUXILIAR DE AZULEJISTA COM ENCARGOS COMPLEMENTARES","H",20.32]
[100307,"MONTADOR DE ELETROELETRÔNICOS COM ENCARGOS COMPLEMENTARES","H",23.28]
[100308,"MECÂNICO DE REFRIGERAÇÃO COM ENCARGOS COMPLEMENTARES","H",27.83]
[100309,"TÉCNICO EM SEGURANÇA DO TRABALHO COM ENCARGOS COMPLEMENTARES","H",29.71]
[100315,"CURSO DE CAPACITAÇÃO PARA TÉCNICO EM SEGURANÇA DO TRABALHO (ENCARGOS COMPLEMENTARES) - MENSALISTA","MES",73.44]
[100321,"TÉCNICO EM SEGURANÇA DO TRABALHO COM ENCARGOS COMPLEMENTARES","MES",{"v":5233,"d":"5,233.00"}]
[100533,"TECNICO DE EDIFICACOES COM ENCARGOS COMPLEMENTARES","H",18.11]
[100534,"TECNICO DE EDIFICACOES COM ENCARGOS COMPLEMENTARES","MES",{"v":3212.41,"d":"3,212.41"}]
[100535,"CURSO DE CAPACITAÇÃO PARA TECNICO DE EDIFICACOES (ENCARGOS COMPLEMENTARES) - HORISTA","H",0.32]
[100536,"CURSO DE CAPACITAÇÃO PARA TECNICO DE EDIFICACOES (ENCARGOS COMPLEMENTARES) - MENSALISTA","MES",42.62]
[101286,"CURSO DE CAPACITAÇÃO PARA AJUDANTE DE ARMADOR (ENCARGOS COMPLEMENTARES) - MENSALISTA","MES",27.9]
[101287,"CURSO DE CAPACITAÇÃO PARA AJUDANTE DE ELETRICISTA (ENCARGOS COMPLEMENTARES) - MENSALISTA","MES",90.21]
[101288,"CURSO DE CAPACITAÇÃO PARA AJUDANTE DE ESTRUTURAS METÁLICAS(ENCARGOS COMPLEMENTARES) - MENSALISTA","MES",27.9]
[101289,"CURSO DE CAPACITAÇÃO PARA AJUDANTE DE OPERAÇÃO EM GERAL (ENCARGOS COMPLEMENTARES) - MENSALISTA","MES",27.61]
[101290,"CURSO DE CAPACITAÇÃO PARA AJUDANTE DE PINTOR (ENCARGOS COMPLEMENTARES) - MENSALISTA","MES",44.27]
[101291,"CURSO DE CAPACITAÇÃO PARA AJUDANTE DE SERRALHEIRO (ENCARGOS COMPLEMENTARES) - MENSALISTA","MES",27.9]
[101292,"CURSO DE CAPACITAÇÃO PARA AJUDANTE ESPECIALIZADO (ENCARGOS COMPLEMENTARES) - MENSALISTA","MES",27.61]
[101293,"CURSO DE CAPACITAÇÃO PARA ARMADOR (ENCARGOS COMPLEMENTARES) - MENSALISTA","MES",34.61]
[101294,"CURSO DE CAPACITAÇÃO PARA ASSENTADOR DE MANILHA (ENCARGOS COMPLEMENTARES) - MENSALISTA","MES",22.37]
[101295,"CURSO DE CAPACITAÇÃO PARA AUXILIAR DE AZULEJISTA (ENCARGOS COMPLEMENTARES) - MENSALISTA","MES",32.93]
[101296,"CURSO DE CAPACITAÇÃO PARA AUXILIAR DE ENCANADOR OU BOMBEIRO HIDRÁULICO (ENCARGOS COMPLEMENTARES) - MENSALISTA","MES",43.47]
[101297,"CURSO DE CAPACITAÇÃO PARA AUXILIAR DE LABORATORISTA (ENCARGOS COMPLEMENTARES) - MENSALISTA","MES",31.16]
[101298,"CURSO DE CAPACITAÇÃO PARA AUXILIAR DE MECANICO (ENCARGOS COMPLEMENTARES) - MENSALISTA","MES",27.9]
[101299,"CURSO DE CAPACITAÇÃO PARA AUXILIAR DE PEDREIRO (ENCARGOS COMPLEMENTARES) - MENSALISTA","MES",35.67]
[101300,"CURSO DE CAPACITAÇÃO PARA AUXILIAR DE SERVIÇOS GERAIS (ENCARGOS COMPLEMENTARES) - MENSALISTA","MES",25.78]
[101301,"CURSO DE CAPACITAÇÃO PARA AUXILIAR DE TOPÓGRAFO (ENCARGOS COMPLEMENTARES) - MENSALISTA","MES",11.22]
[101302,"CURSO DE CAPACITAÇÃO PARA AUXILIAR TÉCNICO DE ENGENHARIA (ENCARGOS COMPLEMENTARES) - MENSALISTA","MES",31.34]
[101303,"CURSO DE CAPACITAÇÃO PARA MONTADOR DE ELETROELETRONICOS(ENCARGOS COMPLEMENTARES) - MENSALISTA","MES",81.12]
[101304,"CURSO DE CAPACITAÇÃO PARA AZULEJISTA OU LADRILHISTA (ENCARGOS COMPLEMENTARES) - MENSALISTA","MES",44.26]
[101305,"CURSO DE CAPACITAÇÃO PARA BLASTER, DINAMITADOR OU CABO DE FORÇA (ENCARGOS COMPLEMENTARES) - MENSALISTA","MES",38.34]
[101307,"CURSO DE CAPACITAÇÃO PARA CALCETEIRO (ENCARGOS COMPLEMENTARES) - MENSALISTA","MES",31.35]
[101308,"CURSO DE CAPACITAÇÃO PARA MONTADOR DE ESTRUTURAS METALICAS (ENCARGOS COMPLEMENTARES) - MENSALISTA","MES",31.57]
[101309,"CURSO DE CAPACITAÇÃO PARA CARPINTEIRO AUXILIAR (ENCARGOS COMPLEMENTARES) - MENSALISTA","MES",35.67]
[101310,"CURSO DE CAPACITAÇÃO PARA CARPINTEIRO DE ESQUADRIAS (ENCARGOS COMPLEMENTARES) - MENSALISTA","MES",41.67]
[101311,"CURSO DE CAPACITAÇÃO PARA CARPINTEIRO DE FORMAS (ENCARGOS COMPLEMENTARES) - MENSALISTA","MES",34.61]
[101312,"CURSO DE CAPACITAÇÃO PARA CAVOUQUEIRO OU OPERADOR DE PERFURATRIZ (ENCARGOS COMPLEMENTARES) - MENSALISTA","MES",29.4]
[101313,"CURSO DE CAPACITAÇÃO PARA ELETRICISTA (ENCARGOS COMPLEMENTARES) - MENSALISTA","MES",115.78]
[101315,"CURSO DE CAPACITAÇÃO PARA ELETROTÉCNICO (ENCARGOS COMPLEMENTARES) - MENSALISTA","MES",124.35]
[101316,"CURSO DE CAPACITAÇÃO PARA ENCANADOR OU BOMBEIRO HIDRÁULICO (ENCARGOS COMPLEMENTARES) - MENSALISTA","MES",55.8]
[101320,"CURSO DE CAPACITAÇÃO PARA MONTADOR DE MAQUINAS (ENCARGOS COMPLEMENTARES) - MENSALISTA","MES",17.04]
[101322,"CURSO DE CAPACITAÇÃO PARA GESSEIRO (ENCARGOS COMPLEMENTARES) - MENSALISTA","MES",33.08]
[101323,"CURSO DE CAPACITAÇÃO PARA IMPERMEABILIZADOR (ENCARGOS COMPLEMENTARES) - MENSALISTA","MES",55.83]
[101324,"CURSO DE CAPACITAÇÃO PARA MOTORISTA DE CAMINHAO-BASCULANTE (ENCARGOS COMPLEMENTARES) - MENSALISTA","MES",21.78]
[101325,"CURSO DE CAPACITAÇÃO PARA INSTALADOR DE TUBULAÇÕES (ENCARGOS COMPLEMENTARES) - MENSALISTA","MES",25.8]
[101326,"CURSO DE CAPACITAÇÃO PARA JARDINEIRO (ENCARGOS COMPLEMENTARES) - MENSALISTA","MES",12.09]
[101328,"CURSO DE CAPACITAÇÃO PARA MOTORISTA DE CAMINHAO-CARRETA (ENCARGOS COMPLEMENTARES) - MENSALISTA","MES",26.06]
[101329,"CURSO DE CAPACITAÇÃO PARA MAÇARIQUEIRO (ENCARGOS COMPLEMENTARES) - MENSALISTA","MES",52.58]
[101330,"CURSO DE CAPACITAÇÃO PARA MARCENEIRO (ENCARGOS COMPLEMENTARES) - MENSALISTA","MES",41.01]
[101331,"CURSO DE CAPACITAÇÃO PARA MARMORISTA / GRANITEIRO (ENCARGOS COMPLEMENTARES) - MENSALISTA","MES",44.26]
[101332,"CURSO DE CAPACITAÇÃO PARA MOTORISTA DE CARRO DE PASSEIO (ENCARGOS COMPLEMENTARES) - MENSALISTA","MES",17.45]
[101333,"CURSO DE CAPACITAÇÃO PARA MECÂNICO DE EQUIPAMENTOS PESADOS (ENCARGOS COMPLEMENTARES) - MENSALISTA","MES",32.77]
[101334,"CURSO DE CAPACITAÇÃO PARA MECÂNICO DE REFRIGERAÇÃO (ENCARGOS COMPLEMENTARES) - MENSALISTA","MES",91.38]
[101336,"CURSO DE CAPACITAÇÃO PARA MOTORISTA OPERADOR DE CAMINHAO COM MUNCK (ENCARGOS COMPLEMENTARES) - MENSALISTA","MES",75.96]
[101337,"CURSO DE CAPACITAÇÃO PARA NIVELADOR (ENCARGOS COMPLEMENTARES) - MENSALISTA","MES",20.09]
[101338,"CURSO DE CAPACITAÇÃO PARA OPERADOR DE BATE-ESTACAS (ENCARGOS COMPLEMENTARES) - MENSALISTA","MES",20.65]
[101339,"CURSO DE CAPACITAÇÃO PARA OPERADOR DE BETONEIRA (ENCARGOS COMPLEMENTARES) - MENSALISTA","MES",21.51]
[101340,"CURSO DE CAPACITAÇÃO PARA OPERADOR DE BETONEIRA ESTACIONARIA / MISTURADOR (ENCARGOS COMPLEMENTARES) - MENSALISTA","MES",19.3]
[101341,"CURSO DE CAPACITAÇÃO PARA OPERADOR DE COMPRESSOR DE AR OU COMPRESSORISTA (ENCARGOS COMPLEMENTARES) - MENSALISTA","MES",21.3]
[101342,"CURSO DE CAPACITAÇÃO PARA OPERADOR DE DEMARCADORA DE FAIXAS DE TRAFEGO (ENCARGOS COMPLEMENTARES) - MENSALISTA","MES",21.51]
[101343,"CURSO DE CAPACITAÇÃO PARA OPERADOR DE ESCAVADEIRA (ENCARGOS COMPLEMENTARES) - MENSALISTA","MES",34.61]
[101344,"CURSO DE CAPACITAÇÃO PARA OPERADOR DE GUINCHO OU GUINCHEIRO (ENCARGOS COMPLEMENTARES) - MENSALISTA","MES",41.02]
[101345,"CURSO DE CAPACITAÇÃO PARA OPERADOR DE GUINDASTE (ENCARGOS COMPLEMENTARES) - MENSALISTA","MES",50.95]
[101346,"CURSO DE CAPACITAÇÃO PARA OPERADOR DE JATO ABRASIVO OU JATISTA (ENCARGOS COMPLEMENTARES) - MENSALISTA","MES",25.24]
[101347,"CURSO DE CAPACITAÇÃO PARA OPERADOR DE MAQUINAS E TRATORES DIVERSOS (ENCARGOS COMPLEMENTARES) - MENSALISTA","MES",30.33]
[101348,"CURSO DE CAPACITAÇÃO PARA OPERADOR DE MARTELETE OU MARTELETEIRO (ENCARGOS COMPLEMENTARES) - MENSALISTA","MES",18.65]
[101349,"CURSO DE CAPACITAÇÃO PARA OPERADOR DE MOTO SCRAPER (ENCARGOS COMPLEMENTARES) - MENSALISTA","MES",30.74]
[101350,"CURSO DE CAPACITAÇÃO PARA OPERADOR DE MOTONIVELADORA (ENCARGOS COMPLEMENTARES) - MENSALISTA","MES",30.74]
[101351,"CURSO DE CAPACITAÇÃO PARA OPERADOR DE PA CARREGADEIRA (ENCARGOS COMPLEMENTARES) - MENSALISTA","MES",21.51]
[101352,"CURSO DE CAPACITAÇÃO PARA OPERADOR DE PAVIMENTADORA / MESA VIBROACABADORA (ENCARGOS COMPLEMENTARES) - MENSALISTA","MES",21.51]
[101353,"CURSO DE CAPACITAÇÃO PARA OPERADOR DE ROLO COMPACTADOR (ENCARGOS COMPLEMENTARES) - MENSALISTA","MES",21.3]
[101355,"CURSO DE CAPACITAÇÃO PARA OPERADOR DE USINA DE ASFALTO, DE SOLOS OU DE CONCRETO (ENCARGOS COMPLEMENTARES) - MENSALISTA","MES",30.74]
[101356,"CURSO DE CAPACITAÇÃO PARA PASTILHEIRO (ENCARGOS COMPLEMENTARES) - MENSALISTA","MES",44.26]
[101357,"CURSO DE CAPACITAÇÃO PARA PEDREIRO (ENCARGOS COMPLEMENTARES) - MENSALISTA","MES",63.58]
[101358,"CURSO DE CAPACITAÇÃO PARA PINTOR (ENCARGOS COMPLEMENTARES) - MENSALISTA","MES",44.26]
[101359,"CURSO DE CAPACITAÇÃO PARA PINTOR DE LETREIROS (ENCARGOS COMPLEMENTARES) - MENSALISTA","MES",42.97]
[101360,"CURSO DE CAPACITAÇÃO PARA PINTOR PARA TINTA EPOXI (ENCARGOS COMPLEMENTARES) - MENSALISTA","MES",44.26]
[101361,"CURSO DE CAPACITAÇÃO PARA POCEIRO / ESCAVADOR DE VALAS E TUBULOES (ENCARGOS COMPLEMENTARES) - MENSALISTA","MES",52.55]
[101363,"CURSO DE CAPACITAÇÃO PARA SERRALHEIRO (ENCARGOS COMPLEMENTARES) - MENSALISTA","MES",34.61]
[101364,"CURSO DE CAPACITAÇÃO PARA SERVENTE DE OBRAS (ENCARGOS COMPLEMENTARES) - MENSALISTA","MES",47.37]
[101365,"CURSO DE CAPACITAÇÃO PARA SOLDADOR (ENCARGOS COMPLEMENTARES) - MENSALISTA","MES",34.61]
[101366,"CURSO DE CAPACITAÇÃO PARA SOLDADOR ELETRICO (ENCARGOS COMPLEMENTARES) - MENSALISTA","MES",40.67]
[101368,"CURSO DE CAPACITAÇÃO PARA TECNICO EM LABORATORIO E CAMPO DE CONSTRUCAO CIVIL (ENCARGOS COMPLEMENTARES) - MENSALISTA","MES",34.28]
[101369,"CURSO DE CAPACITAÇÃO PARA TECNICO EM SONDAGEM (ENCARGOS COMPLEMENTARES) - MENSALISTA","MES",36.64]
[101370,"CURSO DE CAPACITAÇÃO PARA TELHADOR (ENCARGOS COMPLEMENTARES) - MENSALISTA","MES",34.2]
[101371,"CURSO DE CAPACITAÇÃO PARA VIDRACEIRO (ENCARGOS COMPLEMENTARES) - MENSALISTA","MES",38.16]
[101372,"CURSO DE CAPACITAÇÃO PARA VIGIA DIURNO (ENCARGOS COMPLEMENTARES) - MENSALISTA","MES",11.79]
[101374,"AJUDANTE DE ARMADOR COM ENCARGOS COMPLEMENTARES","MES",{"v":3842.77,"d":"3,842.77"}]
[101375,"AJUDANTE DE ELETRICISTA COM ENCARGOS COMPLEMENTARES","MES",{"v":3902.66,"d":"3,902.66"}]
[101376,"AJUDANTE DE ESTRUTURAS METÁLICAS COM ENCARGOS COMPLEMENTARES","MES",{"v":3617.19,"d":"3,617.19"}]
[101377,"AJUDANTE DE OPERAÇÃO EM GERAL COM ENCARGOS COMPLEMENTARES","MES",{"v":3813.44,"d":"3,813.44"}]
[101378,"AJUDANTE DE PINTOR COM ENCARGOS COMPLEMENTARES","MES",{"v":4844.23,"d":"4,844.23"}]
[101379,"AJUDANTE DE SERRALHEIRO COM ENCARGOS COMPLEMENTARES","MES",{"v":3842.77,"d":"3,842.77"}]
[101380,"AJUDANTE ESPECIALIZADO COM ENCARGOS COMPLEMENTARES","MES",{"v":3789.84,"d":"3,789.84"}]
[101381,"ARMADOR COM ENCARGOS COMPLEMENTARES","MES",{"v":4524.88,"d":"4,524.88"}]
[101382,"ASSENTADOR DE MANILHAS COM ENCARGOS COMPLEMENTARES","MES",{"v":2565.14,"d":"2,565.14"}]
[101383,"AUXILIAR DE AZULEJISTA COM ENCARGOS COMPLEMENTARES","MES",{"v":3631.89,"d":"3,631.89"}]
[101384,"AUXILIAR DE ENCANADOR OU BOMBEIRO HIDRÁULICO COM ENCARGOS COMPLEMENTARES","MES",{"v":3728.26,"d":"3,728.26"}]
[101385,"AUXILIAR DE LABORATORISTA DE SOLOS E DE CONCRETO COM ENCARGOS COMPLEMENTARES","MES",{"v":4802.39,"d":"4,802.39"}]
[101386,"AUXILIAR DE MECÂNICO COM ENCARGOS COMPLEMENTARES","MES",{"v":3617.19,"d":"3,617.19"}]
[101387,"AUXILIAR DE PEDREIRO COM ENCARGOS COMPLEMENTARES","MES",{"v":3850.54,"d":"3,850.54"}]
[101388,"AUXILIAR DE SERVIÇOS GERAIS COM ENCARGOS COMPLEMENTARES","MES",{"v":3604.58,"d":"3,604.58"}]
[101389,"AUXILIAR DE TOPÓGRAFO COM ENCARGOS COMPLEMENTARES","MES",{"v":1983.46,"d":"1,983.46"}]
[101390,"AUXILIAR TÉCNICO / ASSISTENTE DE ENGENHARIA COM ENCARGOS COMPLEMENTARES","MES",{"v":4810.59,"d":"4,810.59"}]
[101391,"AZULEJISTA OU LADRILHEIRO COM ENCARGOS COMPLEMENTARES","MES",{"v":4534.53,"d":"4,534.53"}]
[101392,"BLASTER, DINAMITADOR OU CABO DE FORÇA COM ENCARGOS COMPLEMENTARES","MES",{"v":3296.35,"d":"3,296.35"}]
[101394,"CALCETEIRO COM ENCARGOS COMPLEMENTARES","MES",{"v":4193.36,"d":"4,193.36"}]
[101395,"CARPINTEIRO AUXILIAR COM ENCARGOS COMPLEMENTARES","MES",{"v":3824.21,"d":"3,824.21"}]
[101396,"CARPINTEIRO DE ESQUADRIAS COM ENCARGOS COMPLEMENTARES","MES",{"v":4302.41,"d":"4,302.41"}]
[101397,"CARPINTEIRO DE FORMAS COM ENCARGOS COMPLEMENTARES","MES",{"v":4498.55,"d":"4,498.55"}]
[101398,"CAVOUQUEIRO OU OPERADOR DE PERFURATRIZ COM ENCARGOS COMPLEMENTARES","MES",{"v":3769.87,"d":"3,769.87"}]
[101399,"ELETRICISTA COM ENCARGOS COMPLEMENTARES","MES",{"v":4723.71,"d":"4,723.71"}]
[101401,"ELETROTÉCNICO COM ENCARGOS COMPLEMENTARES","MES",{"v":5806.45,"d":"5,806.45"}]
[101402,"ENCANADOR OU BOMBEIRO HIDRÁULICO COM ENCARGOS COMPLEMENTARES","MES",{"v":4536.07,"d":"4,536.07"}]
[101407,"GESSEIRO COM ENCARGOS COMPLEMENTARES","MES",{"v":4369.56,"d":"4,369.56"}]
[101408,"IMPERMEABILIZADOR COM ENCARGOS COMPLEMENTARES","MES",{"v":4121.4,"d":"4,121.40"}]
[101409,"INSTALADOR DE TUBULAÇÕES COM ENCARGOS COMPLEMENTARES","MES",{"v":2838.77,"d":"2,838.77"}]
[101410,"JARDINEIRO COM ENCARGOS COMPLEMENTARES","MES",{"v":3780.93,"d":"3,780.93"}]
[101412,"MAÇARIQUEIRO COM ENCARGOS COMPLEMENTARES","MES",{"v":4636.84,"d":"4,636.84"}]
[101413,"MARCENEIRO COM ENCARGOS COMPLEMENTARES","MES",{"v":4250,"d":"4,250.00"}]
[101414,"MARMORISTA / GRANITEIRO COM ENCARGOS COMPLEMENTARES","MES",{"v":4534.53,"d":"4,534.53"}]
[101415,"MECÂNICO DE EQUIPAMENTOS PESADOS COM ENCARGOS COMPLEMENTARES","MES",{"v":5393.31,"d":"5,393.31"}]
[101416,"MECÂNICO DE REFRIGERAÇÃO COM ENCARGOS COMPLEMENTARES","MES",{"v":4933.4,"d":"4,933.40"}]
[101417,"MONTADOR DE ELETROELETRÔNICO COM ENCARGOS COMPLEMENTARES","MES",{"v":4137.52,"d":"4